{"text_format":"2","workbook":"xlsx","n_sheets":22,"sheets":["Resumo","Sítio Lambedor","Poço da Onça","Brejo","Boqueirão","Paus Grandes","CPU","BDI serv","BDI forn"," Cronograma Geral","Cronograma Sítio Lambedor","Cronograma Poço da Onça","Cronograma Brejo","Cronograma Boqueirão","Cronograma Paus Grandes","CPU HOSPEDAGEM","Cotação","Memorial de cálculo","CPU-VEICULO_PickUp (2)","Encargos Sociais","Ins SINAPI PE 06-2025 Onerado","Comp SINAPI PE 06-2025 Onerado"],"not_rendered":{"charts":0,"images":27,"macros":0,"external_links":50,"defined_names":9643,"comments":2,"pivot_tables":0},"unopened":[],"bounds":{"document_bytes":16777216,"sheet_cells":100000,"run_cost":"one","rows_first":2000,"rows_last":500,"rows_between":2000,"halvings":0,"cell_chars":16384,"cell_head_chars":4096},"cells_cut":0,"cells_raw":0,"read":"whole","date_system":"1900"}

{"sheet":"Resumo","index":0,"n_rows":21,"n_cols":7,"rows_kept":21,"cut":false,"hidden":false,"merged":[[9,7,10,7],[9,8,10,8],[9,0,10,0],[9,1,10,1],[9,2,10,2],[9,3,10,3],[9,4,10,4],[9,5,10,5],[9,6,10,6],[0,0,0,6],[1,0,1,6],[3,0,3,6],[6,2,6,4],[7,2,7,4],[4,1,4,3]]}
["Ministério da Integração e do Desenvolvimento Regional"]
["Companhia de Desenvolvimento dos Vales do São Francisco e do Parnaíba"]
[]
["PLANILHA RESUMO"]
["OBRA:","Execução de manutenção e obras civis nas barragens de Sitio Lambedor, Poço da Onça, Brejo, Boqueirão e Paus Grandes localizadas no estado de Pernambuco.",null,null,"BDI (serv.):",{"$f":"'BDI serv'!D23","v":0.2321},"Bancos de dados:"]
["LOCAL:","BARRAGENS DE PERNAMBUCO",null,null,"BDI (forn.):",{"$f":"'BDI forn'!D23","v":0.14149999999999999},"JUN/25 - SINAPI"]
["DATA BASE:","2025-07-01","Encargos sociais - Horistas:",null,null,{"$f":"'Encargos Sociais'!E48","v":1.1384000000000001},"JAN/25 - EMBASA"]
["PRAZO:","240 dias","Encargos sociais - Mensalista:",null,null,{"$f":"'Encargos Sociais'!F48","v":0.70110000000000006},"ABR/2025 - SICRO"]
[{"$nulls":4},"Desconto:",0]
["ITEM","DESCRIÇÃO","UNID.","QUANT.","CUSTO UNITÁRIO","PREÇO UNITÁRIO ","PREÇO TOTAL"]
[]
[1,"BARRAGENS PERNAMBUCO",{"$nulls":4},{"$f":"SUM(G13:G17)","v":1394058.26}]
["1.1","Sítio Lambedor","unid.",1,{"$f":"'Sítio Lambedor'!I61","v":198352.87},{"$f":"'Sítio Lambedor'!I63","v":244359.89},{"$f":"TRUNC(D13*F13,2)","v":244359.89}]
["1.2","Poço da Onça","unid.",1,{"$f":"'Poço da Onça'!I66","v":233457.94},{"$f":"'Poço da Onça'!I68","v":287608.52},{"$f":"TRUNC(D14*F14,2)","v":287608.52}]
["1.3","Brejo","unid.",1,{"$f":"Brejo!I78","v":327504.36},{"$f":"Brejo!I80","v":403473.79999999993},{"$f":"TRUNC(D15*F15,2)","v":403473.8}]
["1.4","Boqueirão","unid.",1,{"$f":"Boqueirão!I65","v":234984.54},{"$f":"Boqueirão!I67","v":289468.96999999997},{"$f":"TRUNC(D16*F16,2)","v":289468.96999999997}]
["1.5","Paus Grandes","unid.",1,{"$f":"'Paus Grandes'!I68","v":137292.15},{"$f":"'Paus Grandes'!I70","v":169147.08},{"$f":"TRUNC(D17*F17,2)","v":169147.08}]
[]
[null,"TOTAL (Custo):",{"$nulls":4},{"$f":"SUMPRODUCT(D12:D18,E12:E18)","v":1131591.8599999999}]
[null,"BDI e Encargos Sociais:",{"$nulls":4},{"$f":"G21-G19","v":262466.40000000014}]
[null,"TOTAL GERAL COM BDI:",{"$nulls":4},{"$f":"SUMPRODUCT(D12:D18,F12:F18)","v":1394058.26}]

{"sheet":"Sítio Lambedor","index":1,"n_rows":63,"n_cols":11,"rows_kept":63,"cut":false,"hidden":false,"merged":[[7,4,7,6],[0,0,0,8],[1,0,1,8],[3,0,3,8],[4,1,4,5],[6,4,6,6],[9,7,10,7],[9,8,10,8],[9,9,10,9],[9,10,10,10],[9,0,10,0],[9,1,9,2],[9,3,10,3],[9,4,10,4],[9,5,10,5],[9,6,10,6]]}
["Ministério da Integração e do Desenvolvimento Regional"]
["Companhia de Desenvolvimento dos Vales do São Francisco e do Parnaíba"]
[]
["PLANILHA ORÇAMENTÁRIA - ORÇAMENTO NÃO DESONERADO"]
["OBRA:",{"$f":"Resumo!B5","v":"Execução de manutenção e obras civis nas barragens de Sitio Lambedor, Poço da Onça, Brejo, Boqueirão e Paus Grandes localizadas no estado de Pernambuco."},{"$nulls":4},"BDI (serv.):",{"$f":"'BDI serv'!D23","v":0.2321},"Bancos de dados:"]
["LOCAL:",{"$f":"Resumo!B6","v":"BARRAGENS DE PERNAMBUCO"},{"$nulls":4},"BDI (forn.):",{"$f":"'BDI forn'!D23","v":0.14149999999999999},{"$f":"Resumo!G6","v":"JUN/25 - SINAPI"}]
["DATA BASE:",{"$f":"Resumo!B7","v":"2025-07-01"},null,null,"Encargos sociais - Horistas:",null,null,{"$f":"'Encargos Sociais'!E48","v":1.1384000000000001},{"$f":"Resumo!G7","v":"JAN/25 - EMBASA"}]
["PRAZO:","60 dias",null,null,"Encargos sociais - Mensalista:",null,null,{"$f":"'Encargos Sociais'!F48","v":0.70110000000000006},{"$f":"Resumo!G8","v":"ABR/2025 - SICRO"}]
[null,{"$f":"Resumo!B13","v":"Sítio Lambedor"},{"$nulls":4},"Desconto:",0]
["ITEM","REFERÊNCIA",null,"DESCRIÇÃO","UNID.","QUANT.","CUSTO UNITÁRIO","PREÇO UNITÁRIO ","PREÇO TOTAL"]
[null,"FONTE","CÓDIGO"]
[1,null,null,"ADMINISTRAÇÃO DA OBRA",{"$nulls":4},{"$f":"SUM(I13)","v":71611.820000000007}]
["1.1",null,null,"Administração da Obra",{"$nulls":4},{"$f":"SUM(I14:I14)","v":71611.820000000007}]
["1.1.1","PRÓPRIA","CPU.01","Administração Local","mês",2,{"$f":"TRUNC((1-$H$9)*(SUMIFS(CPU!$G:$G,CPU!$A:$A,'Sítio Lambedor'!$C14,CPU!$H:$H,\"ss\")+SUMIFS(CPU!$G:$G,CPU!$A:$A,'Sítio Lambedor'!$C14,CPU!$H:$H,\"mdo\")+SUMIF('Comp SINAPI PE 06-2025 Onerado'!B:B,'Sítio Lambedor'!C14,'Comp SINAPI PE 06-2025 Onerado'!E:E)+SUMIF('Ins SINAPI PE 06-2025 Onerado'!B:B,'Sítio Lambedor'!C14,'Ins SINAPI PE 06-2025 Onerado'!F:F)),2)","v":29060.880000000001},{"$f":"TRUNC(G14*(1+$H$5),2)","v":35805.910000000003},{"$f":"TRUNC(F14*H14,2)","v":71611.820000000007}]
[]
[2,null,null,"SERVIÇOS PRELIMINARES",{"$nulls":4},{"$f":"SUM(I17,I19,I21)","v":30081.100000000002}]
["2.1",null,null,"Mobilização e desmobilização",{"$nulls":4},{"$f":"SUM(I18)","v":2987.59}]
["2.1.1","PRÓPRIA","CPU.02","Mobilização e desmobilização de instalação do canteiro","un",1,{"$f":"TRUNC((1-$H$9)*(SUMIFS(CPU!$G:$G,CPU!$A:$A,'Sítio Lambedor'!$C18,CPU!$H:$H,\"ss\")+SUMIFS(CPU!$G:$G,CPU!$A:$A,'Sítio Lambedor'!$C18,CPU!$H:$H,\"mdo\")+SUMIF('Comp SINAPI PE 06-2025 Onerado'!B:B,'Sítio Lambedor'!C18,'Comp SINAPI PE 06-2025 Onerado'!E:E)+SUMIF('Ins SINAPI PE 06-2025 Onerado'!B:B,'Sítio Lambedor'!C18,'Ins SINAPI PE 06-2025 Onerado'!F:F)),2)","v":2424.8000000000002},{"$f":"TRUNC(G18*(1+$H$5),2)","v":2987.59},{"$f":"TRUNC(F18*H18,2)","v":2987.59}]
["2.2",null,null,"Canteiro de obras",{"$nulls":4},{"$f":"SUM(I20)","v":25940.13}]
["2.2.1","PRÓPRIA","CPU.03","Execução de canteiro de obras, inclusive, limpeza, refeitório, sanitários e central de formas","m2",28.5,{"$f":"TRUNC((1-$H$9)*(SUMIFS(CPU!$G:$G,CPU!$A:$A,'Sítio Lambedor'!$C20,CPU!$H:$H,\"ss\")+SUMIFS(CPU!$G:$G,CPU!$A:$A,'Sítio Lambedor'!$C20,CPU!$H:$H,\"mdo\")+SUMIF('Comp SINAPI PE 06-2025 Onerado'!B:B,'Sítio Lambedor'!C20,'Comp SINAPI PE 06-2025 Onerado'!E:E)+SUMIF('Ins SINAPI PE 06-2025 Onerado'!B:B,'Sítio Lambedor'!C20,'Ins SINAPI PE 06-2025 Onerado'!F:F)),2)","v":738.73},{"$f":"TRUNC(G20*(1+$H$5),2)","v":910.18},{"$f":"TRUNC(F20*H20,2)","v":25940.13}]
["2.3",null,null,"Sinalização",{"$nulls":4},{"$f":"SUM(I22:I22)","v":1153.3800000000001}]
["2.3.1","SINAPI",103689,{"$f":"IF(J22=\"ca\",VLOOKUP(C22,'Comp SINAPI PE 06-2025 Onerado'!$B$11:$C$9004,2,0),VLOOKUP(C22,'Ins SINAPI PE 06-2025 Onerado'!$B$10:$C$9004,2,0))","v":"FORNECIMENTO E INSTALAÇÃO DE PLACA DE OBRA COM CHAPA GALVANIZADA E ESTRUTURA DE MADEIRA. AF_03/2022_PS"},{"$f":"IF(J22=\"ca\",VLOOKUP(C22,'Comp SINAPI PE 06-2025 Onerado'!$B$11:$D$9004,3,0),VLOOKUP(C22,'Ins SINAPI PE 06-2025 Onerado'!$B$11:$D$9004,3,0))","v":"M2"},2,{"$f":"TRUNC((1-$H$9)*(SUMIFS(CPU!$G:$G,CPU!$A:$A,'Sítio Lambedor'!$C22,CPU!$H:$H,\"ss\")+SUMIFS(CPU!$G:$G,CPU!$A:$A,'Sítio Lambedor'!$C22,CPU!$H:$H,\"mdo\")+SUMIF('Comp SINAPI PE 06-2025 Onerado'!B:B,'Sítio Lambedor'!C22,'Comp SINAPI PE 06-2025 Onerado'!E:E)+SUMIF('Ins SINAPI PE 06-2025 Onerado'!B:B,'Sítio Lambedor'!C22,'Ins SINAPI PE 06-2025 Onerado'!F:F)),2)","v":468.06},{"$f":"TRUNC(G22*(1+$H$5),2)","v":576.69000000000005},{"$f":"TRUNC(F22*H22,2)","v":1153.3800000000001},"ca"]
[]
[3,null,null,"CORTE DA VEGETAÇÃO E REMOÇÃO DAS RAIZES",{"$nulls":4},{"$f":"SUM(I25)","v":43496.100000000006}]
["3.1",null,null,"Remoção da vegetação",{"$nulls":4},{"$f":"SUM(I26:I27)","v":43496.100000000006}]
["3.1.1","PRÓPRIA","CPU.04","Limpeza de vegetação",{"$f":"(VLOOKUP(C26,CPU!B2:D$306,3,0))","v":"m2"},3720,{"$f":"TRUNC((1-$H$9)*(SUMIFS(CPU!$G:$G,CPU!$A:$A,'Sítio Lambedor'!$C26,CPU!$H:$H,\"ss\")+SUMIFS(CPU!$G:$G,CPU!$A:$A,'Sítio Lambedor'!$C26,CPU!$H:$H,\"mdo\")+SUMIF('Comp SINAPI PE 06-2025 Onerado'!B:B,'Sítio Lambedor'!C26,'Comp SINAPI PE 06-2025 Onerado'!E:E)+SUMIF('Ins SINAPI PE 06-2025 Onerado'!B:B,'Sítio Lambedor'!C26,'Ins SINAPI PE 06-2025 Onerado'!F:F)),2)","v":7.87},{"$f":"TRUNC(G26*(1+$H$5),2)","v":9.69},{"$f":"TRUNC(F26*H26,2)","v":36046.800000000003}]
["3.1.2","PRÓPRIA","CPU.05","Corte de tronco e remoção de raiz",{"$f":"(VLOOKUP(C27,CPU!B3:D$306,3,0))","v":"un"},15,{"$f":"TRUNC((1-$H$9)*(SUMIFS(CPU!$G:$G,CPU!$A:$A,'Sítio Lambedor'!$C27,CPU!$H:$H,\"ss\")+SUMIFS(CPU!$G:$G,CPU!$A:$A,'Sítio Lambedor'!$C27,CPU!$H:$H,\"mdo\")+SUMIF('Comp SINAPI PE 06-2025 Onerado'!B:B,'Sítio Lambedor'!C27,'Comp SINAPI PE 06-2025 Onerado'!E:E)+SUMIF('Ins SINAPI PE 06-2025 Onerado'!B:B,'Sítio Lambedor'!C27,'Ins SINAPI PE 06-2025 Onerado'!F:F)),2)","v":403.07},{"$f":"TRUNC(G27*(1+$H$5),2)","v":496.62},{"$f":"TRUNC(F27*H27,2)","v":7449.3}]
[]
[4,null,null,"RECUPERAÇÃO DA CRISTA ",{"$nulls":4},{"$f":"SUM(I30,I33)","v":55180.639999999999}]
["4.1",null,null,"Crista",{"$nulls":4},{"$f":"SUM(I31:I32)","v":43780.23}]
["4.1.1","PRÓPRIA","CPU.10",{"$f":"(VLOOKUP(C31,CPU!B10:C200,2,0))","v":"Limpeza da superfície"},{"$f":"(VLOOKUP(C31,CPU!B10:D200,3,0))","v":"m2"},650,{"$f":"TRUNC((1-$H$9)*(SUMIFS(CPU!$G:$G,CPU!$A:$A,'Sítio Lambedor'!$C31,CPU!$H:$H,\"ss\")+SUMIFS(CPU!$G:$G,CPU!$A:$A,'Sítio Lambedor'!$C31,CPU!$H:$H,\"mdo\")+SUMIF('Comp SINAPI PE 06-2025 Onerado'!B:B,'Sítio Lambedor'!C31,'Comp SINAPI PE 06-2025 Onerado'!E:E)+SUMIF('Ins SINAPI PE 06-2025 Onerado'!B:B,'Sítio Lambedor'!C31,'Ins SINAPI PE 06-2025 Onerado'!F:F)),2)","v":5.99},{"$f":"TRUNC(G31*(1+$H$5),2)","v":7.38},{"$f":"TRUNC(F31*H31,2)","v":4797}]
["4.1.2","PRÓPRIA","CPU.07",{"$f":"(VLOOKUP(C32,CPU!B11:C201,2,0))","v":"Restauração com uso de concreto"},{"$f":"(VLOOKUP(C32,CPU!B11:D201,3,0))","v":"m3"},19.5,{"$f":"TRUNC((1-$H$9)*(SUMIFS(CPU!$G:$G,CPU!$A:$A,'Sítio Lambedor'!$C32,CPU!$H:$H,\"ss\")+SUMIFS(CPU!$G:$G,CPU!$A:$A,'Sítio Lambedor'!$C32,CPU!$H:$H,\"mdo\")+SUMIF('Comp SINAPI PE 06-2025 Onerado'!B:B,'Sítio Lambedor'!C32,'Comp SINAPI PE 06-2025 Onerado'!E:E)+SUMIF('Ins SINAPI PE 06-2025 Onerado'!B:B,'Sítio Lambedor'!C32,'Ins SINAPI PE 06-2025 Onerado'!F:F)),2)","v":1622.55},{"$f":"TRUNC(G32*(1+$H$5),2)","v":1999.14},{"$f":"TRUNC(F32*H32,2)","v":38983.230000000003}]
["4.2",null,null,"Recuperação de guarda corpo",{"$nulls":4},{"$f":"SUM(I34)","v":11400.41}]
["4.2.1","PRÓPRIA","CPU.17",{"$f":"(VLOOKUP(C34,CPU!B12:C202,2,0))","v":"Pintura esmalte, incl. base anticorrosiva e lixamento, em duas demãos"},{"$f":"(VLOOKUP(C34,CPU!B12:D202,3,0))","v":"m2"},81.7,{"$f":"TRUNC((1-$H$9)*(SUMIFS(CPU!$G:$G,CPU!$A:$A,'Sítio Lambedor'!$C34,CPU!$H:$H,\"ss\")+SUMIFS(CPU!$G:$G,CPU!$A:$A,'Sítio Lambedor'!$C34,CPU!$H:$H,\"mdo\")+SUMIF('Comp SINAPI PE 06-2025 Onerado'!B:B,'Sítio Lambedor'!C34,'Comp SINAPI PE 06-2025 Onerado'!E:E)+SUMIF('Ins SINAPI PE 06-2025 Onerado'!B:B,'Sítio Lambedor'!C34,'Ins SINAPI PE 06-2025 Onerado'!F:F)),2)","v":113.26},{"$f":"TRUNC(G34*(1+$H$5),2)","v":139.54},{"$f":"TRUNC(F34*H34,2)","v":11400.41}]
[]
[5,null,null,"MANUTENÇÃO NO PARAMENTO DE MONTANTE",{"$nulls":4},{"$f":"SUM(I37)","v":21945.3}]
["5.1",null,null,"Paramento de Montante",{"$nulls":4},{"$f":"SUM(I38:I39)","v":21945.3}]
["5.1.1","PRÓPRIA","CPU.10",{"$f":"(VLOOKUP(C38,CPU!B19:C209,2,0))","v":"Limpeza da superfície"},{"$f":"(VLOOKUP(C38,CPU!B19:D209,3,0))","v":"m2"},195,{"$f":"TRUNC((1-$H$9)*(SUMIFS(CPU!$G:$G,CPU!$A:$A,'Sítio Lambedor'!$C38,CPU!$H:$H,\"ss\")+SUMIFS(CPU!$G:$G,CPU!$A:$A,'Sítio Lambedor'!$C38,CPU!$H:$H,\"mdo\")+SUMIF('Comp SINAPI PE 06-2025 Onerado'!B:B,'Sítio Lambedor'!C38,'Comp SINAPI PE 06-2025 Onerado'!E:E)+SUMIF('Ins SINAPI PE 06-2025 Onerado'!B:B,'Sítio Lambedor'!C38,'Ins SINAPI PE 06-2025 Onerado'!F:F)),2)","v":5.99},{"$f":"TRUNC(G38*(1+$H$5),2)","v":7.38},{"$f":"TRUNC(F38*H38,2)","v":1439.1}]
["5.1.2","PRÓPRIA","CPU.14",{"$f":"(VLOOKUP(C39,CPU!B20:C210,2,0))","v":"Concreto projetado c/ aditivo impermeabilizante "},{"$f":"(VLOOKUP(C39,CPU!B20:D210,3,0))","v":"m3"},9.8000000000000007,{"$f":"TRUNC((1-$H$9)*(SUMIFS(CPU!$G:$G,CPU!$A:$A,'Sítio Lambedor'!$C39,CPU!$H:$H,\"ss\")+SUMIFS(CPU!$G:$G,CPU!$A:$A,'Sítio Lambedor'!$C39,CPU!$H:$H,\"mdo\")+SUMIF('Comp SINAPI PE 06-2025 Onerado'!B:B,'Sítio Lambedor'!C39,'Comp SINAPI PE 06-2025 Onerado'!E:E)+SUMIF('Ins SINAPI PE 06-2025 Onerado'!B:B,'Sítio Lambedor'!C39,'Ins SINAPI PE 06-2025 Onerado'!F:F)),2)","v":1698.3},{"$f":"TRUNC(G39*(1+$H$5),2)","v":2092.4699999999998},{"$f":"TRUNC(F39*H39,2)","v":20506.2}]
[]
[6,null,null,"MANUTENÇÃO DO PARAMENTO DE JUSANTE",{"$nulls":4},{"$f":"SUM(I42)","v":5209.7}]
["6.1",null,null,"Paramento de Jusante",{"$nulls":4},{"$f":"SUM(I43:I44)","v":5209.7}]
["6.1.1","PRÓPRIA","CPU.10",{"$f":"(VLOOKUP(C43,CPU!B26:C216,2,0))","v":"Limpeza da superfície"},{"$f":"(VLOOKUP(C43,CPU!B26:D304,3,0))","v":"m2"},195,{"$f":"TRUNC((1-$H$9)*(SUMIFS(CPU!$G:$G,CPU!$A:$A,'Sítio Lambedor'!$C43,CPU!$H:$H,\"ss\")+SUMIFS(CPU!$G:$G,CPU!$A:$A,'Sítio Lambedor'!$C43,CPU!$H:$H,\"mdo\")+SUMIF('Comp SINAPI PE 06-2025 Onerado'!B:B,'Sítio Lambedor'!C43,'Comp SINAPI PE 06-2025 Onerado'!E:E)+SUMIF('Ins SINAPI PE 06-2025 Onerado'!B:B,'Sítio Lambedor'!C43,'Ins SINAPI PE 06-2025 Onerado'!F:F)),2)","v":5.99},{"$f":"TRUNC(G43*(1+$H$5),2)","v":7.38},{"$f":"TRUNC(F43*H43,2)","v":1439.1}]
["6.1.2","PRÓPRIA","CPU.15",{"$f":"(VLOOKUP(C44,CPU!B27:C217,2,0))","v":"Preenchimento de espaços vazios com argamassa traço 1:3"},{"$f":"(VLOOKUP(C44,CPU!B27:D305,3,0))","v":"m3"},2.9,{"$f":"TRUNC((1-$H$9)*(SUMIFS(CPU!$G:$G,CPU!$A:$A,'Sítio Lambedor'!$C44,CPU!$H:$H,\"ss\")+SUMIFS(CPU!$G:$G,CPU!$A:$A,'Sítio Lambedor'!$C44,CPU!$H:$H,\"mdo\")+SUMIF('Comp SINAPI PE 06-2025 Onerado'!B:B,'Sítio Lambedor'!C44,'Comp SINAPI PE 06-2025 Onerado'!E:E)+SUMIF('Ins SINAPI PE 06-2025 Onerado'!B:B,'Sítio Lambedor'!C44,'Ins SINAPI PE 06-2025 Onerado'!F:F)),2)","v":1055.28},{"$f":"TRUNC(G44*(1+$H$5),2)","v":1300.21},{"$f":"TRUNC(F44*H44,2)","v":3770.6}]
[]
[7,null,null,"SERVIÇOS COMPLEMENTARES",{"$nulls":4},{"$f":"SUM(I47,I49)","v":3780.84}]
["7.1",null,null,"Instalação de placas de aviso",{"$nulls":4},{"$f":"SUM(I48:I48)","v":2306.7600000000002}]
["7.1.1","SINAPI",103689,{"$f":"IF(J48=\"ca\",VLOOKUP(C48,'Comp SINAPI PE 06-2025 Onerado'!$B$11:$C$9004,2,0),VLOOKUP(C48,'Ins SINAPI PE 06-2025 Onerado'!$B$10:$C$9004,2,0))","v":"FORNECIMENTO E INSTALAÇÃO DE PLACA DE OBRA COM CHAPA GALVANIZADA E ESTRUTURA DE MADEIRA. AF_03/2022_PS"},{"$f":"IF(J48=\"ca\",VLOOKUP(C48,'Comp SINAPI PE 06-2025 Onerado'!$B$11:$D$9004,3,0),VLOOKUP(C48,'Ins SINAPI PE 06-2025 Onerado'!$B$11:$D$9004,3,0))","v":"M2"},4,{"$f":"TRUNC((1-$H$9)*(SUMIFS(CPU!$G:$G,CPU!$A:$A,'Sítio Lambedor'!$C48,CPU!$H:$H,\"ss\")+SUMIFS(CPU!$G:$G,CPU!$A:$A,'Sítio Lambedor'!$C48,CPU!$H:$H,\"mdo\")+SUMIF('Comp SINAPI PE 06-2025 Onerado'!B:B,'Sítio Lambedor'!C48,'Comp SINAPI PE 06-2025 Onerado'!E:E)+SUMIF('Ins SINAPI PE 06-2025 Onerado'!B:B,'Sítio Lambedor'!C48,'Ins SINAPI PE 06-2025 Onerado'!F:F)),2)","v":468.06},{"$f":"TRUNC(G48*(1+$H$5),2)","v":576.69000000000005},{"$f":"TRUNC(F48*H48,2)","v":2306.7600000000002},"ca"]
["7.2",null,null,"Régua Linimétrica Padrão “ANA”, Aço Carbono - 2 X 70 X 1000 mm (Fornecimento e Instalação)",{"$nulls":4},{"$f":"SUM(I50:I50)","v":1474.08}]
["7.2.1","PRÓPRIA","CPU.08",{"$f":"(VLOOKUP(C50,CPU!B45:C235,2,0))","v":"Régua Linimétrica Padrão “ANA”, Aço Carbono - 2 X 70 X 1000 mm (Fornecimento e Instalação)"},"un",3,{"$f":"TRUNC((1-$H$9)*(SUMIFS(CPU!$G:$G,CPU!$A:$A,'Sítio Lambedor'!$C50,CPU!$H:$H,\"ss\")+SUMIFS(CPU!$G:$G,CPU!$A:$A,'Sítio Lambedor'!$C50,CPU!$H:$H,\"mdo\")+SUMIF('Comp SINAPI PE 06-2025 Onerado'!B:B,'Sítio Lambedor'!C50,'Comp SINAPI PE 06-2025 Onerado'!E:E)+SUMIF('Ins SINAPI PE 06-2025 Onerado'!B:B,'Sítio Lambedor'!C50,'Ins SINAPI PE 06-2025 Onerado'!F:F)),2)","v":398.8},{"$f":"TRUNC(G50*(1+$H$5),2)","v":491.36},{"$f":"TRUNC(F50*H50,2)","v":1474.08}]
[]
[8,null,null,"PROJETO \"AS IS\"",{"$nulls":4},{"$f":"SUM(I53)","v":12194.550000000001}]
["8.1",null,null,"Levantamento topógrafico e \"AS IS\"",{"$nulls":4},{"$f":"SUM(I54:I55)","v":12194.550000000001}]
["8.1.1","ORSE",9346,"Levantamento topográfico planimétrico cadastral","m2",{"$f":"F26","v":3720},{"$f":"TRUNC(0.35*(1-$H$9),2)","v":0.35},{"$f":"TRUNC(G54*(1+$H$5),2)","v":0.43},{"$f":"TRUNC(F54*H54,2)","v":1599.6}]
["8.1.2","PRÓPRIA","CPU.11",{"$f":"(VLOOKUP(C55,CPU!B50:C240,2,0))","v":"Projeto geométrico"},"un",1,{"$f":"TRUNC((1-$H$9)*(SUMIFS(CPU!$G:$G,CPU!$A:$A,'Sítio Lambedor'!$C55,CPU!$H:$H,\"ss\")+SUMIFS(CPU!$G:$G,CPU!$A:$A,'Sítio Lambedor'!$C55,CPU!$H:$H,\"mdo\")+SUMIF('Comp SINAPI PE 06-2025 Onerado'!B:B,'Sítio Lambedor'!C55,'Comp SINAPI PE 06-2025 Onerado'!E:E)+SUMIF('Ins SINAPI PE 06-2025 Onerado'!B:B,'Sítio Lambedor'!C55,'Ins SINAPI PE 06-2025 Onerado'!F:F)),2)","v":8599.1},{"$f":"TRUNC(G55*(1+$H$5),2)","v":10594.95},{"$f":"TRUNC(F55*H55,2)","v":10594.95}]
[]
[9,null,null,"FISCALIZAÇÃO E ACOMPANHAMENTO",{"$nulls":4},{"$f":"SUM(I58)","v":859.84}]
["9.1",null,null,"Disponibilidade de velículo para apoio a fiscalização",{"$nulls":4},{"$f":"SUM(I59:I60)","v":859.84}]
["9.1.1","PRÓPRIA","CPU.12",{"$f":"(VLOOKUP(C59,CPU!B54:C244,2,0))","v":"Disponibilidade de veículo para apoio a fiscalização, inclusive combustível"},"un",{"$f":"F14+2","v":4},{"$f":"TRUNC((1-$H$9)*(SUMIFS(CPU!$G:$G,CPU!$A:$A,'Sítio Lambedor'!$C59,CPU!$H:$H,\"ss\")+SUMIFS(CPU!$G:$G,CPU!$A:$A,'Sítio Lambedor'!$C59,CPU!$H:$H,\"mdo\")+SUMIF('Comp SINAPI PE 06-2025 Onerado'!B:B,'Sítio Lambedor'!C59,'Comp SINAPI PE 06-2025 Onerado'!E:E)+SUMIF('Ins SINAPI PE 06-2025 Onerado'!B:B,'Sítio Lambedor'!C59,'Ins SINAPI PE 06-2025 Onerado'!F:F)),2)","v":174.47},{"$f":"TRUNC(G59*(1+$H$5),2)","v":214.96},{"$f":"TRUNC(F59*H59,2)","v":859.84}]
[]
[null,null,null,"TOTAL (Custo):",{"$nulls":4},{"$f":"TRUNC(SUMPRODUCT(F13:F60,G13:G60),2)","v":198352.87}]
[null,null,null,"BDI e Encargos Sociais:",{"$nulls":4},{"$f":"I63-I61","v":46007.020000000019}]
[null,null,null,"TOTAL GERAL COM BDI:",{"$nulls":4},{"$f":"SUM(I12,I16,I24,I29,I36,I41,I46,I52,I57)","v":244359.89},{"$f":"TRUNC(SUMPRODUCT(F13:F60,H13:H60),2)","v":244359.91},"verificação"]

{"sheet":"Poço da Onça","index":2,"n_rows":68,"n_cols":11,"rows_kept":68,"cut":false,"hidden":false,"merged":[[7,4,7,6],[0,0,0,8],[1,0,1,8],[3,0,3,8],[4,1,4,5],[6,4,6,6],[9,7,10,7],[9,8,10,8],[9,9,10,9],[9,10,10,10],[9,0,10,0],[9,1,9,2],[9,3,10,3],[9,4,10,4],[9,5,10,5],[9,6,10,6]]}
["Ministério da Integração e do Desenvolvimento Regional"]
["Companhia de Desenvolvimento dos Vales do São Francisco e do Parnaíba"]
[]
["PLANILHA ORÇAMENTÁRIA - ORÇAMENTO NÃO DESONERADO"]
["OBRA:",{"$f":"Resumo!B5","v":"Execução de manutenção e obras civis nas barragens de Sitio Lambedor, Poço da Onça, Brejo, Boqueirão e Paus Grandes localizadas no estado de Pernambuco."},{"$nulls":4},"BDI (serv.):",{"$f":"'BDI serv'!D23","v":0.2321},"Bancos de dados:"]
["LOCAL:",{"$f":"Resumo!B6","v":"BARRAGENS DE PERNAMBUCO"},{"$nulls":4},"BDI (forn.):",{"$f":"'BDI forn'!D23","v":0.14149999999999999},{"$f":"Resumo!G6","v":"JUN/25 - SINAPI"}]
["DATA BASE:",{"$f":"Resumo!B7","v":"2025-07-01"},null,null,"Encargos sociais - Horistas:",null,null,{"$f":"'Encargos Sociais'!E48","v":1.1384000000000001},{"$f":"Resumo!G7","v":"JAN/25 - EMBASA"}]
["PRAZO:","90 dias",null,null,"Encargos sociais - Mensalista:",null,null,{"$f":"'Encargos Sociais'!F48","v":0.70110000000000006},{"$f":"Resumo!G8","v":"ABR/2025 - SICRO"}]
[null,{"$f":"Resumo!B14","v":"Poço da Onça"},{"$nulls":4},"Desconto:",0]
["ITEM","REFERÊNCIA",null,"DESCRIÇÃO","UNID.","QUANT.","CUSTO UNITÁRIO","PREÇO UNITÁRIO ","PREÇO TOTAL"]
[null,"FONTE","CÓDIGO"]
[1,null,null,"ADMINISTRAÇÃO DA OBRA",{"$nulls":4},{"$f":"SUM(I13)","v":107417.73}]
["1.1",null,null,"Administração da Obra",{"$nulls":4},{"$f":"SUM(I14:I14)","v":107417.73}]
["1.1.1","PRÓPRIA","CPU.01","Administração Local","mês",3,{"$f":"TRUNC((1-$H$9)*(SUMIFS(CPU!$G:$G,CPU!$A:$A,'Poço da Onça'!$C14,CPU!$H:$H,\"ss\")+SUMIFS(CPU!$G:$G,CPU!$A:$A,'Poço da Onça'!$C14,CPU!$H:$H,\"mdo\")+SUMIF('Comp SINAPI PE 06-2025 Onerado'!B:B,'Poço da Onça'!C14,'Comp SINAPI PE 06-2025 Onerado'!E:E)+SUMIF('Ins SINAPI PE 06-2025 Onerado'!B:B,'Poço da Onça'!C14,'Ins SINAPI PE 06-2025 Onerado'!F:F)),2)","v":29060.880000000001},{"$f":"TRUNC(G14*(1+$H$5),2)","v":35805.910000000003},{"$f":"TRUNC(F14*H14,2)","v":107417.73}]
[]
[2,null,null,"SERVIÇOS PRELIMINARES",{"$nulls":4},{"$f":"SUM(I17,I19,I21)","v":30081.100000000002}]
["2.1",null,null,"Mobilização e desmobilização",{"$nulls":4},{"$f":"SUM(I18)","v":2987.59}]
["2.1.1","PRÓPRIA","CPU.02","Mobilização e desmobilização de instalação do canteiro","un",1,{"$f":"TRUNC((1-$H$9)*(SUMIFS(CPU!$G:$G,CPU!$A:$A,'Poço da Onça'!$C18,CPU!$H:$H,\"ss\")+SUMIFS(CPU!$G:$G,CPU!$A:$A,'Poço da Onça'!$C18,CPU!$H:$H,\"mdo\")+SUMIF('Comp SINAPI PE 06-2025 Onerado'!B:B,'Poço da Onça'!C18,'Comp SINAPI PE 06-2025 Onerado'!E:E)+SUMIF('Ins SINAPI PE 06-2025 Onerado'!B:B,'Poço da Onça'!C18,'Ins SINAPI PE 06-2025 Onerado'!F:F)),2)","v":2424.8000000000002},{"$f":"TRUNC(G18*(1+$H$5),2)","v":2987.59},{"$f":"TRUNC(F18*H18,2)","v":2987.59}]
["2.2",null,null,"Canteiro de obras",{"$nulls":4},{"$f":"SUM(I20)","v":25940.13}]
["2.2.1","PRÓPRIA","CPU.03","Execução de canteiro de obras, inclusive, limpeza, refeitório, sanitários e central de formas","m2",28.5,{"$f":"TRUNC((1-$H$9)*(SUMIFS(CPU!$G:$G,CPU!$A:$A,'Poço da Onça'!$C20,CPU!$H:$H,\"ss\")+SUMIFS(CPU!$G:$G,CPU!$A:$A,'Poço da Onça'!$C20,CPU!$H:$H,\"mdo\")+SUMIF('Comp SINAPI PE 06-2025 Onerado'!B:B,'Poço da Onça'!C20,'Comp SINAPI PE 06-2025 Onerado'!E:E)+SUMIF('Ins SINAPI PE 06-2025 Onerado'!B:B,'Poço da Onça'!C20,'Ins SINAPI PE 06-2025 Onerado'!F:F)),2)","v":738.73},{"$f":"TRUNC(G20*(1+$H$5),2)","v":910.18},{"$f":"TRUNC(F20*H20,2)","v":25940.13}]
["2.3",null,null,"Sinalização",{"$nulls":4},{"$f":"SUM(I22:I22)","v":1153.3800000000001}]
["2.3.1","SINAPI",103689,{"$f":"IF(J22=\"ca\",VLOOKUP(C22,'Comp SINAPI PE 06-2025 Onerado'!$B$11:$C$9004,2,0),VLOOKUP(C22,'Ins SINAPI PE 06-2025 Onerado'!$B$10:$C$9004,2,0))","v":"FORNECIMENTO E INSTALAÇÃO DE PLACA DE OBRA COM CHAPA GALVANIZADA E ESTRUTURA DE MADEIRA. AF_03/2022_PS"},{"$f":"IF(J22=\"ca\",VLOOKUP(C22,'Comp SINAPI PE 06-2025 Onerado'!$B$11:$D$9004,3,0),VLOOKUP(C22,'Ins SINAPI PE 06-2025 Onerado'!$B$11:$D$9004,3,0))","v":"M2"},2,{"$f":"TRUNC((1-$H$9)*(SUMIFS(CPU!$G:$G,CPU!$A:$A,'Poço da Onça'!$C22,CPU!$H:$H,\"ss\")+SUMIFS(CPU!$G:$G,CPU!$A:$A,'Poço da Onça'!$C22,CPU!$H:$H,\"mdo\")+SUMIF('Comp SINAPI PE 06-2025 Onerado'!B:B,'Poço da Onça'!C22,'Comp SINAPI PE 06-2025 Onerado'!E:E)+SUMIF('Ins SINAPI PE 06-2025 Onerado'!B:B,'Poço da Onça'!C22,'Ins SINAPI PE 06-2025 Onerado'!F:F)),2)","v":468.06},{"$f":"TRUNC(G22*(1+$H$5),2)","v":576.69000000000005},{"$f":"TRUNC(F22*H22,2)","v":1153.3800000000001},"ca"]
[]
[3,null,null,"CORTE DA VEGETAÇÃO E REMOÇÃO DAS RAIZES",{"$nulls":4},{"$f":"SUM(I25)","v":47023.26}]
["3.1",null,null,"Remoção da vegetação",{"$nulls":4},{"$f":"SUM(I26:I27)","v":47023.26}]
["3.1.1","PRÓPRIA","CPU.04","Limpeza de vegetação",{"$f":"(VLOOKUP(C26,CPU!B2:D$306,3,0))","v":"m2"},4084,{"$f":"TRUNC((1-$H$9)*(SUMIFS(CPU!$G:$G,CPU!$A:$A,'Poço da Onça'!$C26,CPU!$H:$H,\"ss\")+SUMIFS(CPU!$G:$G,CPU!$A:$A,'Poço da Onça'!$C26,CPU!$H:$H,\"mdo\")+SUMIF('Comp SINAPI PE 06-2025 Onerado'!B:B,'Poço da Onça'!C26,'Comp SINAPI PE 06-2025 Onerado'!E:E)+SUMIF('Ins SINAPI PE 06-2025 Onerado'!B:B,'Poço da Onça'!C26,'Ins SINAPI PE 06-2025 Onerado'!F:F)),2)","v":7.87},{"$f":"TRUNC(G26*(1+$H$5),2)","v":9.69},{"$f":"TRUNC(F26*H26,2)","v":39573.96}]
["3.1.2","PRÓPRIA","CPU.05","Corte de tronco e remoção de raiz",{"$f":"(VLOOKUP(C27,CPU!B3:D$306,3,0))","v":"un"},15,{"$f":"TRUNC((1-$H$9)*(SUMIFS(CPU!$G:$G,CPU!$A:$A,'Poço da Onça'!$C27,CPU!$H:$H,\"ss\")+SUMIFS(CPU!$G:$G,CPU!$A:$A,'Poço da Onça'!$C27,CPU!$H:$H,\"mdo\")+SUMIF('Comp SINAPI PE 06-2025 Onerado'!B:B,'Poço da Onça'!C27,'Comp SINAPI PE 06-2025 Onerado'!E:E)+SUMIF('Ins SINAPI PE 06-2025 Onerado'!B:B,'Poço da Onça'!C27,'Ins SINAPI PE 06-2025 Onerado'!F:F)),2)","v":403.07},{"$f":"TRUNC(G27*(1+$H$5),2)","v":496.62},{"$f":"TRUNC(F27*H27,2)","v":7449.3}]
[]
[4,null,null,"RECUPERAÇÃO DA CRISTA ",{"$nulls":4},{"$f":"SUM(I30)","v":13246.099999999999}]
["4.1",null,null,"Crista",{"$nulls":4},{"$f":"SUM(I31:I34)","v":13246.099999999999}]
["4.1.1","PRÓPRIA","CPU.06",{"$f":"(VLOOKUP(C31,CPU!B10:C200,2,0))","v":"Apicoamento da superfície"},{"$f":"(VLOOKUP(C31,CPU!B10:D200,3,0))","v":"m2"},20,{"$f":"TRUNC((1-$H$9)*(SUMIFS(CPU!$G:$G,CPU!$A:$A,'Poço da Onça'!$C31,CPU!$H:$H,\"ss\")+SUMIFS(CPU!$G:$G,CPU!$A:$A,'Poço da Onça'!$C31,CPU!$H:$H,\"mdo\")+SUMIF('Comp SINAPI PE 06-2025 Onerado'!B:B,'Poço da Onça'!C31,'Comp SINAPI PE 06-2025 Onerado'!E:E)+SUMIF('Ins SINAPI PE 06-2025 Onerado'!B:B,'Poço da Onça'!C31,'Ins SINAPI PE 06-2025 Onerado'!F:F)),2)","v":33.97},{"$f":"TRUNC(G31*(1+$H$5),2)","v":41.85},{"$f":"TRUNC(F31*H31,2)","v":837}]
["4.1.2","PRÓPRIA","CPU.10",{"$f":"(VLOOKUP(C32,CPU!B11:C201,2,0))","v":"Limpeza da superfície"},{"$f":"(VLOOKUP(C32,CPU!B11:D201,3,0))","v":"m2"},185,{"$f":"TRUNC((1-$H$9)*(SUMIFS(CPU!$G:$G,CPU!$A:$A,'Poço da Onça'!$C32,CPU!$H:$H,\"ss\")+SUMIFS(CPU!$G:$G,CPU!$A:$A,'Poço da Onça'!$C32,CPU!$H:$H,\"mdo\")+SUMIF('Comp SINAPI PE 06-2025 Onerado'!B:B,'Poço da Onça'!C32,'Comp SINAPI PE 06-2025 Onerado'!E:E)+SUMIF('Ins SINAPI PE 06-2025 Onerado'!B:B,'Poço da Onça'!C32,'Ins SINAPI PE 06-2025 Onerado'!F:F)),2)","v":5.99},{"$f":"TRUNC(G32*(1+$H$5),2)","v":7.38},{"$f":"TRUNC(F32*H32,2)","v":1365.3}]
["4.1.3","PRÓPRIA","CPU.13",{"$f":"(VLOOKUP(C33,CPU!B12:C202,2,0))","v":"Selagem de fissuras com resina epóxi"},{"$f":"(VLOOKUP(C33,CPU!B12:D202,3,0))","v":"m"},150,{"$f":"TRUNC((1-$H$9)*(SUMIFS(CPU!$G:$G,CPU!$A:$A,'Poço da Onça'!$C33,CPU!$H:$H,\"ss\")+SUMIFS(CPU!$G:$G,CPU!$A:$A,'Poço da Onça'!$C33,CPU!$H:$H,\"mdo\")+SUMIF('Comp SINAPI PE 06-2025 Onerado'!B:B,'Poço da Onça'!C33,'Comp SINAPI PE 06-2025 Onerado'!E:E)+SUMIF('Ins SINAPI PE 06-2025 Onerado'!B:B,'Poço da Onça'!C33,'Ins SINAPI PE 06-2025 Onerado'!F:F)),2)","v":45.49},{"$f":"TRUNC(G33*(1+$H$5),2)","v":56.04},{"$f":"TRUNC(F33*H33,2)","v":8406}]
["4.1.4","PRÓPRIA","CPU.09",{"$f":"(VLOOKUP(C34,CPU!B13:C203,2,0))","v":"Emboço ou massa única em argamassa"},{"$f":"(VLOOKUP(C34,CPU!B12:D202,3,0))","v":"m2"},20,{"$f":"TRUNC((1-$H$9)*(SUMIFS(CPU!$G:$G,CPU!$A:$A,'Poço da Onça'!$C34,CPU!$H:$H,\"ss\")+SUMIFS(CPU!$G:$G,CPU!$A:$A,'Poço da Onça'!$C34,CPU!$H:$H,\"mdo\")+SUMIF('Comp SINAPI PE 06-2025 Onerado'!B:B,'Poço da Onça'!C34,'Comp SINAPI PE 06-2025 Onerado'!E:E)+SUMIF('Ins SINAPI PE 06-2025 Onerado'!B:B,'Poço da Onça'!C34,'Ins SINAPI PE 06-2025 Onerado'!F:F)),2)","v":107.05},{"$f":"TRUNC(G34*(1+$H$5),2)","v":131.88999999999999},{"$f":"TRUNC(F34*H34,2)","v":2637.8}]
[]
[5,null,null,"MANUTENÇÃO NO PARAMENTO DE MONTANTE",{"$nulls":4},{"$f":"SUM(I37)","v":51749.3}]
["5.1",null,null,"Paramento de Montante",{"$nulls":4},{"$f":"SUM(I38:I39)","v":51749.3}]
["5.1.1","PRÓPRIA","CPU.10",{"$f":"(VLOOKUP(C38,CPU!B19:C209,2,0))","v":"Limpeza da superfície"},{"$f":"(VLOOKUP(C38,CPU!B19:D209,3,0))","v":"m2"},462.5,{"$f":"TRUNC((1-$H$9)*(SUMIFS(CPU!$G:$G,CPU!$A:$A,'Poço da Onça'!$C38,CPU!$H:$H,\"ss\")+SUMIFS(CPU!$G:$G,CPU!$A:$A,'Poço da Onça'!$C38,CPU!$H:$H,\"mdo\")+SUMIF('Comp SINAPI PE 06-2025 Onerado'!B:B,'Poço da Onça'!C38,'Comp SINAPI PE 06-2025 Onerado'!E:E)+SUMIF('Ins SINAPI PE 06-2025 Onerado'!B:B,'Poço da Onça'!C38,'Ins SINAPI PE 06-2025 Onerado'!F:F)),2)","v":5.99},{"$f":"TRUNC(G38*(1+$H$5),2)","v":7.38},{"$f":"TRUNC(F38*H38,2)","v":3413.25}]
["5.1.2","PRÓPRIA","CPU.14",{"$f":"(VLOOKUP(C39,CPU!B20:C210,2,0))","v":"Concreto projetado c/ aditivo impermeabilizante "},{"$f":"(VLOOKUP(C39,CPU!B20:D210,3,0))","v":"m3"},23.1,{"$f":"TRUNC((1-$H$9)*(SUMIFS(CPU!$G:$G,CPU!$A:$A,'Poço da Onça'!$C39,CPU!$H:$H,\"ss\")+SUMIFS(CPU!$G:$G,CPU!$A:$A,'Poço da Onça'!$C39,CPU!$H:$H,\"mdo\")+SUMIF('Comp SINAPI PE 06-2025 Onerado'!B:B,'Poço da Onça'!C39,'Comp SINAPI PE 06-2025 Onerado'!E:E)+SUMIF('Ins SINAPI PE 06-2025 Onerado'!B:B,'Poço da Onça'!C39,'Ins SINAPI PE 06-2025 Onerado'!F:F)),2)","v":1698.3},{"$f":"TRUNC(G39*(1+$H$5),2)","v":2092.4699999999998},{"$f":"TRUNC(F39*H39,2)","v":48336.05}]
[]
[6,null,null,"MANUTENÇÃO DO PARAMENTO DE JUSANTE",{"$nulls":4},{"$f":"SUM(I42)","v":17902.46}]
["6.1",null,null,"Paramento de Jusante",{"$nulls":4},{"$f":"SUM(I43:I45)","v":17902.46}]
["6.1.1","PRÓPRIA","CPU.10",{"$f":"(VLOOKUP(C43,CPU!B26:C216,2,0))","v":"Limpeza da superfície"},{"$f":"(VLOOKUP(C43,CPU!B26:D304,3,0))","v":"m2"},462.5,{"$f":"TRUNC((1-$H$9)*(SUMIFS(CPU!$G:$G,CPU!$A:$A,'Poço da Onça'!$C43,CPU!$H:$H,\"ss\")+SUMIFS(CPU!$G:$G,CPU!$A:$A,'Poço da Onça'!$C43,CPU!$H:$H,\"mdo\")+SUMIF('Comp SINAPI PE 06-2025 Onerado'!B:B,'Poço da Onça'!C43,'Comp SINAPI PE 06-2025 Onerado'!E:E)+SUMIF('Ins SINAPI PE 06-2025 Onerado'!B:B,'Poço da Onça'!C43,'Ins SINAPI PE 06-2025 Onerado'!F:F)),2)","v":5.99},{"$f":"TRUNC(G43*(1+$H$5),2)","v":7.38},{"$f":"TRUNC(F43*H43,2)","v":3413.25}]
["6.1.2","PRÓPRIA","CPU.15",{"$f":"(VLOOKUP(C44,CPU!B27:C217,2,0))","v":"Preenchimento de espaços vazios com argamassa traço 1:3"},{"$f":"(VLOOKUP(C44,CPU!B27:D305,3,0))","v":"m3"},1,{"$f":"TRUNC((1-$H$9)*(SUMIFS(CPU!$G:$G,CPU!$A:$A,'Poço da Onça'!$C44,CPU!$H:$H,\"ss\")+SUMIFS(CPU!$G:$G,CPU!$A:$A,'Poço da Onça'!$C44,CPU!$H:$H,\"mdo\")+SUMIF('Comp SINAPI PE 06-2025 Onerado'!B:B,'Poço da Onça'!C44,'Comp SINAPI PE 06-2025 Onerado'!E:E)+SUMIF('Ins SINAPI PE 06-2025 Onerado'!B:B,'Poço da Onça'!C44,'Ins SINAPI PE 06-2025 Onerado'!F:F)),2)","v":1055.28},{"$f":"TRUNC(G44*(1+$H$5),2)","v":1300.21},{"$f":"TRUNC(F44*H44,2)","v":1300.21}]
["6.1.3","PRÓPRIA","CPU.09",{"$f":"(VLOOKUP(C45,CPU!B28:C218,2,0))","v":"Emboço ou massa única em argamassa"},{"$f":"(VLOOKUP(C45,CPU!B28:D306,3,0))","v":"m2"},100,{"$f":"TRUNC((1-$H$9)*(SUMIFS(CPU!$G:$G,CPU!$A:$A,'Poço da Onça'!$C45,CPU!$H:$H,\"ss\")+SUMIFS(CPU!$G:$G,CPU!$A:$A,'Poço da Onça'!$C45,CPU!$H:$H,\"mdo\")+SUMIF('Comp SINAPI PE 06-2025 Onerado'!B:B,'Poço da Onça'!C45,'Comp SINAPI PE 06-2025 Onerado'!E:E)+SUMIF('Ins SINAPI PE 06-2025 Onerado'!B:B,'Poço da Onça'!C45,'Ins SINAPI PE 06-2025 Onerado'!F:F)),2)","v":107.05},{"$f":"TRUNC(G45*(1+$H$5),2)","v":131.88999999999999},{"$f":"TRUNC(F45*H45,2)","v":13189}]
[]
[7,null,null,"RESTAURAÇÃO DO VERTEDOURO",{"$nulls":4},{"$f":"SUM(I48)","v":1999.14}]
["7.1",null,null,"Proteção de descalçamento do pé do vertedouro",{"$nulls":4},{"$f":"SUM(I49:I49)","v":1999.14}]
["7.1.1","PRÓPRIA","CPU.07",{"$f":"(VLOOKUP(C49,CPU!B32:C222,2,0))","v":"Restauração com uso de concreto"},{"$f":"(VLOOKUP(C49,CPU!B32:D318,3,0))","v":"m3"},1,{"$f":"TRUNC((1-$H$9)*(SUMIFS(CPU!$G:$G,CPU!$A:$A,'Poço da Onça'!$C49,CPU!$H:$H,\"ss\")+SUMIFS(CPU!$G:$G,CPU!$A:$A,'Poço da Onça'!$C49,CPU!$H:$H,\"mdo\")+SUMIF('Comp SINAPI PE 06-2025 Onerado'!B:B,'Poço da Onça'!C49,'Comp SINAPI PE 06-2025 Onerado'!E:E)+SUMIF('Ins SINAPI PE 06-2025 Onerado'!B:B,'Poço da Onça'!C49,'Ins SINAPI PE 06-2025 Onerado'!F:F)),2)","v":1622.55},{"$f":"TRUNC(G49*(1+$H$5),2)","v":1999.14},{"$f":"TRUNC(F49*H49,2)","v":1999.14}]
[]
[8,null,null,"SERVIÇOS COMPLEMENTARES",{"$nulls":4},{"$f":"SUM(I52,I54)","v":4763.5600000000004}]
["8.1",null,null,"Instalação de placas de aviso",{"$nulls":4},{"$f":"SUM(I53:I53)","v":2306.7600000000002}]
["8.1.1","SINAPI",103689,{"$f":"IF(J53=\"ca\",VLOOKUP(C53,'Comp SINAPI PE 06-2025 Onerado'!$B$11:$C$9004,2,0),VLOOKUP(C53,'Ins SINAPI PE 06-2025 Onerado'!$B$10:$C$9004,2,0))","v":"FORNECIMENTO E INSTALAÇÃO DE PLACA DE OBRA COM CHAPA GALVANIZADA E ESTRUTURA DE MADEIRA. AF_03/2022_PS"},{"$f":"IF(J53=\"ca\",VLOOKUP(C53,'Comp SINAPI PE 06-2025 Onerado'!$B$11:$D$9004,3,0),VLOOKUP(C53,'Ins SINAPI PE 06-2025 Onerado'!$B$11:$D$9004,3,0))","v":"M2"},4,{"$f":"TRUNC((1-$H$9)*(SUMIFS(CPU!$G:$G,CPU!$A:$A,'Poço da Onça'!$C53,CPU!$H:$H,\"ss\")+SUMIFS(CPU!$G:$G,CPU!$A:$A,'Poço da Onça'!$C53,CPU!$H:$H,\"mdo\")+SUMIF('Comp SINAPI PE 06-2025 Onerado'!B:B,'Poço da Onça'!C53,'Comp SINAPI PE 06-2025 Onerado'!E:E)+SUMIF('Ins SINAPI PE 06-2025 Onerado'!B:B,'Poço da Onça'!C53,'Ins SINAPI PE 06-2025 Onerado'!F:F)),2)","v":468.06},{"$f":"TRUNC(G53*(1+$H$5),2)","v":576.69000000000005},{"$f":"TRUNC(F53*H53,2)","v":2306.7600000000002},"ca"]
["8.2",null,null,"Régua Linimétrica Padrão “ANA”, Aço Carbono - 2 X 70 X 1000 mm (Fornecimento e Instalação)",{"$nulls":4},{"$f":"SUM(I55:I55)","v":2456.8000000000002}]
["8.2.1","PRÓPRIA","CPU.08",{"$f":"(VLOOKUP(C55,CPU!B45:C235,2,0))","v":"Régua Linimétrica Padrão “ANA”, Aço Carbono - 2 X 70 X 1000 mm (Fornecimento e Instalação)"},"un",5,{"$f":"TRUNC((1-$H$9)*(SUMIFS(CPU!$G:$G,CPU!$A:$A,'Poço da Onça'!$C55,CPU!$H:$H,\"ss\")+SUMIFS(CPU!$G:$G,CPU!$A:$A,'Poço da Onça'!$C55,CPU!$H:$H,\"mdo\")+SUMIF('Comp SINAPI PE 06-2025 Onerado'!B:B,'Poço da Onça'!C55,'Comp SINAPI PE 06-2025 Onerado'!E:E)+SUMIF('Ins SINAPI PE 06-2025 Onerado'!B:B,'Poço da Onça'!C55,'Ins SINAPI PE 06-2025 Onerado'!F:F)),2)","v":398.8},{"$f":"TRUNC(G55*(1+$H$5),2)","v":491.36},{"$f":"TRUNC(F55*H55,2)","v":2456.8000000000002}]
[]
[9,null,null,"PROJETO \"AS IS\"",{"$nulls":4},{"$f":"SUM(I58)","v":12351.07}]
["9.1",null,null,"Levantamento topógrafico e \"AS IS\"",{"$nulls":4},{"$f":"SUM(I59:I60)","v":12351.07}]
["9.1.1","ORSE",9346,"Levantamento topográfico planimétrico cadastral","m2",{"$f":"F26","v":4084},{"$f":"TRUNC(0.35*(1-$H$9),2)","v":0.35},{"$f":"TRUNC(G59*(1+$H$5),2)","v":0.43},{"$f":"TRUNC(F59*H59,2)","v":1756.12}]
["9.1.2","PRÓPRIA","CPU.11",{"$f":"(VLOOKUP(C60,CPU!B50:C240,2,0))","v":"Projeto geométrico"},"un",1,{"$f":"TRUNC((1-$H$9)*(SUMIFS(CPU!$G:$G,CPU!$A:$A,'Poço da Onça'!$C60,CPU!$H:$H,\"ss\")+SUMIFS(CPU!$G:$G,CPU!$A:$A,'Poço da Onça'!$C60,CPU!$H:$H,\"mdo\")+SUMIF('Comp SINAPI PE 06-2025 Onerado'!B:B,'Poço da Onça'!C60,'Comp SINAPI PE 06-2025 Onerado'!E:E)+SUMIF('Ins SINAPI PE 06-2025 Onerado'!B:B,'Poço da Onça'!C60,'Ins SINAPI PE 06-2025 Onerado'!F:F)),2)","v":8599.1},{"$f":"TRUNC(G60*(1+$H$5),2)","v":10594.95},{"$f":"TRUNC(F60*H60,2)","v":10594.95}]
[]
[10,null,null,"FISCALIZAÇÃO E ACOMPANHAMENTO",{"$nulls":4},{"$f":"SUM(I63)","v":1074.8}]
["10.1",null,null,"Disponibilidade de velículo para apoio a fiscalização",{"$nulls":4},{"$f":"SUM(I64:I65)","v":1074.8}]
["10.1.1","PRÓPRIA","CPU.12",{"$f":"(VLOOKUP(C64,CPU!B54:C244,2,0))","v":"Disponibilidade de veículo para apoio a fiscalização, inclusive combustível"},"un",{"$f":"F14+2","v":5},{"$f":"TRUNC((1-$H$9)*(SUMIFS(CPU!$G:$G,CPU!$A:$A,'Poço da Onça'!$C64,CPU!$H:$H,\"ss\")+SUMIFS(CPU!$G:$G,CPU!$A:$A,'Poço da Onça'!$C64,CPU!$H:$H,\"mdo\")+SUMIF('Comp SINAPI PE 06-2025 Onerado'!B:B,'Poço da Onça'!C64,'Comp SINAPI PE 06-2025 Onerado'!E:E)+SUMIF('Ins SINAPI PE 06-2025 Onerado'!B:B,'Poço da Onça'!C64,'Ins SINAPI PE 06-2025 Onerado'!F:F)),2)","v":174.47},{"$f":"TRUNC(G64*(1+$H$5),2)","v":214.96},{"$f":"TRUNC(F64*H64,2)","v":1074.8}]
[]
[null,null,null,"TOTAL (Custo):",{"$nulls":4},{"$f":"TRUNC(SUMPRODUCT(F13:F65,G13:G65),2)","v":233457.94}]
[null,null,null,"BDI e Encargos Sociais:",{"$nulls":4},{"$f":"I68-I66","v":54150.580000000016}]
[null,null,null,"TOTAL GERAL COM BDI:",{"$nulls":4},{"$f":"SUM(I12,I16,I24,I29,I36,I41,I47,I51,I57,I62)","v":287608.52},{"$f":"TRUNC(SUMPRODUCT(F13:F65,H13:H65),2)","v":287608.52},"verificação"]

{"sheet":"Brejo","index":3,"n_rows":80,"n_cols":11,"rows_kept":80,"cut":false,"hidden":false,"merged":[[7,4,7,6],[0,0,0,8],[1,0,1,8],[3,0,3,8],[4,1,4,5],[6,4,6,6],[9,7,10,7],[9,8,10,8],[9,9,10,9],[9,10,10,10],[9,0,10,0],[9,1,9,2],[9,3,10,3],[9,4,10,4],[9,5,10,5],[9,6,10,6]]}
["Ministério da Integração e do Desenvolvimento Regional"]
["Companhia de Desenvolvimento dos Vales do São Francisco e do Parnaíba"]
[]
["PLANILHA ORÇAMENTÁRIA - ORÇAMENTO NÃO DESONERADO"]
["OBRA:",{"$f":"Resumo!B5","v":"Execução de manutenção e obras civis nas barragens de Sitio Lambedor, Poço da Onça, Brejo, Boqueirão e Paus Grandes localizadas no estado de Pernambuco."},{"$nulls":4},"BDI (serv.):",{"$f":"'BDI serv'!D23","v":0.2321},"Bancos de dados:"]
["LOCAL:",{"$f":"Resumo!B6","v":"BARRAGENS DE PERNAMBUCO"},{"$nulls":4},"BDI (forn.):",{"$f":"'BDI forn'!D23","v":0.14149999999999999},{"$f":"Resumo!G6","v":"JUN/25 - SINAPI"}]
["DATA BASE:",{"$f":"Resumo!B7","v":"2025-07-01"},null,null,"Encargos sociais - Horistas:",null,null,{"$f":"'Encargos Sociais'!E48","v":1.1384000000000001},{"$f":"Resumo!G7","v":"JAN/25 - EMBASA"}]
["PRAZO:","90 dias",null,null,"Encargos sociais - Mensalista:",null,null,{"$f":"'Encargos Sociais'!F48","v":0.70110000000000006},{"$f":"Resumo!G8","v":"ABR/2025 - SICRO"}]
[null,{"$f":"Resumo!B15","v":"Brejo"},{"$nulls":4},"Desconto:",0]
["ITEM","REFERÊNCIA",null,"DESCRIÇÃO","UNID.","QUANT.","CUSTO UNITÁRIO","PREÇO UNITÁRIO ","PREÇO TOTAL"]
[null,"FONTE","CÓDIGO"]
[1,null,null,"ADMINISTRAÇÃO DA OBRA",{"$nulls":4},{"$f":"SUM(I13)","v":107417.73}]
["1.1",null,null,"Administração da Obra",{"$nulls":4},{"$f":"SUM(I14:I14)","v":107417.73}]
["1.1.1","PRÓPRIA","CPU.01","Administração Local","mês",3,{"$f":"TRUNC((1-$H$9)*(SUMIFS(CPU!$G:$G,CPU!$A:$A,Brejo!$C14,CPU!$H:$H,\"ss\")+SUMIFS(CPU!$G:$G,CPU!$A:$A,Brejo!$C14,CPU!$H:$H,\"mdo\")+SUMIF('Comp SINAPI PE 06-2025 Onerado'!B:B,Brejo!C14,'Comp SINAPI PE 06-2025 Onerado'!E:E)+SUMIF('Ins SINAPI PE 06-2025 Onerado'!B:B,Brejo!C14,'Ins SINAPI PE 06-2025 Onerado'!F:F)),2)","v":29060.880000000001},{"$f":"TRUNC(G14*(1+$H$5),2)","v":35805.910000000003},{"$f":"TRUNC(F14*H14,2)","v":107417.73}]
[]
[2,null,null,"SERVIÇOS PRELIMINARES",{"$nulls":4},{"$f":"SUM(I17,I19,I21)","v":30081.100000000002}]
["2.1",null,null,"Mobilização e desmobilização",{"$nulls":4},{"$f":"SUM(I18)","v":2987.59}]
["2.1.1","PRÓPRIA","CPU.02","Mobilização e desmobilização de instalação do canteiro","un",1,{"$f":"TRUNC((1-$H$9)*(SUMIFS(CPU!$G:$G,CPU!$A:$A,Brejo!$C18,CPU!$H:$H,\"ss\")+SUMIFS(CPU!$G:$G,CPU!$A:$A,Brejo!$C18,CPU!$H:$H,\"mdo\")+SUMIF('Comp SINAPI PE 06-2025 Onerado'!B:B,Brejo!C18,'Comp SINAPI PE 06-2025 Onerado'!E:E)+SUMIF('Ins SINAPI PE 06-2025 Onerado'!B:B,Brejo!C18,'Ins SINAPI PE 06-2025 Onerado'!F:F)),2)","v":2424.8000000000002},{"$f":"TRUNC(G18*(1+$H$5),2)","v":2987.59},{"$f":"TRUNC(F18*H18,2)","v":2987.59}]
["2.2",null,null,"Canteiro de obras",{"$nulls":4},{"$f":"SUM(I20)","v":25940.13}]
["2.2.1","PRÓPRIA","CPU.03","Execução de canteiro de obras, inclusive, limpeza, refeitório, sanitários e central de formas","m2",28.5,{"$f":"TRUNC((1-$H$9)*(SUMIFS(CPU!$G:$G,CPU!$A:$A,Brejo!$C20,CPU!$H:$H,\"ss\")+SUMIFS(CPU!$G:$G,CPU!$A:$A,Brejo!$C20,CPU!$H:$H,\"mdo\")+SUMIF('Comp SINAPI PE 06-2025 Onerado'!B:B,Brejo!C20,'Comp SINAPI PE 06-2025 Onerado'!E:E)+SUMIF('Ins SINAPI PE 06-2025 Onerado'!B:B,Brejo!C20,'Ins SINAPI PE 06-2025 Onerado'!F:F)),2)","v":738.73},{"$f":"TRUNC(G20*(1+$H$5),2)","v":910.18},{"$f":"TRUNC(F20*H20,2)","v":25940.13}]
["2.3",null,null,"Sinalização",{"$nulls":4},{"$f":"SUM(I22:I22)","v":1153.3800000000001}]
["2.3.1","SINAPI",103689,{"$f":"IF(J22=\"ca\",VLOOKUP(C22,'Comp SINAPI PE 06-2025 Onerado'!$B$11:$C$9004,2,0),VLOOKUP(C22,'Ins SINAPI PE 06-2025 Onerado'!$B$10:$C$9004,2,0))","v":"FORNECIMENTO E INSTALAÇÃO DE PLACA DE OBRA COM CHAPA GALVANIZADA E ESTRUTURA DE MADEIRA. AF_03/2022_PS"},{"$f":"IF(J22=\"ca\",VLOOKUP(C22,'Comp SINAPI PE 06-2025 Onerado'!$B$11:$D$9004,3,0),VLOOKUP(C22,'Ins SINAPI PE 06-2025 Onerado'!$B$11:$D$9004,3,0))","v":"M2"},2,{"$f":"TRUNC((1-$H$9)*(SUMIFS(CPU!$G:$G,CPU!$A:$A,Brejo!$C22,CPU!$H:$H,\"ss\")+SUMIFS(CPU!$G:$G,CPU!$A:$A,Brejo!$C22,CPU!$H:$H,\"mdo\")+SUMIF('Comp SINAPI PE 06-2025 Onerado'!B:B,Brejo!C22,'Comp SINAPI PE 06-2025 Onerado'!E:E)+SUMIF('Ins SINAPI PE 06-2025 Onerado'!B:B,Brejo!C22,'Ins SINAPI PE 06-2025 Onerado'!F:F)),2)","v":468.06},{"$f":"TRUNC(G22*(1+$H$5),2)","v":576.69000000000005},{"$f":"TRUNC(F22*H22,2)","v":1153.3800000000001},"ca"]
[]
[3,null,null,"CORTE DA VEGETAÇÃO E REMOÇÃO DAS RAIZES",{"$nulls":4},{"$f":"SUM(I25)","v":71619.09}]
["3.1",null,null,"Remoção da vegetação",{"$nulls":4},{"$f":"SUM(I26:I27)","v":71619.09}]
["3.1.1","PRÓPRIA","CPU.04","Limpeza de vegetação",{"$f":"(VLOOKUP(C26,CPU!B2:D$306,3,0))","v":"m2"},5341,{"$f":"TRUNC((1-$H$9)*(SUMIFS(CPU!$G:$G,CPU!$A:$A,Brejo!$C26,CPU!$H:$H,\"ss\")+SUMIFS(CPU!$G:$G,CPU!$A:$A,Brejo!$C26,CPU!$H:$H,\"mdo\")+SUMIF('Comp SINAPI PE 06-2025 Onerado'!B:B,Brejo!C26,'Comp SINAPI PE 06-2025 Onerado'!E:E)+SUMIF('Ins SINAPI PE 06-2025 Onerado'!B:B,Brejo!C26,'Ins SINAPI PE 06-2025 Onerado'!F:F)),2)","v":7.87},{"$f":"TRUNC(G26*(1+$H$5),2)","v":9.69},{"$f":"TRUNC(F26*H26,2)","v":51754.29}]
["3.1.2","PRÓPRIA","CPU.05","Corte de tronco e remoção de raiz",{"$f":"(VLOOKUP(C27,CPU!B3:D$306,3,0))","v":"un"},40,{"$f":"TRUNC((1-$H$9)*(SUMIFS(CPU!$G:$G,CPU!$A:$A,Brejo!$C27,CPU!$H:$H,\"ss\")+SUMIFS(CPU!$G:$G,CPU!$A:$A,Brejo!$C27,CPU!$H:$H,\"mdo\")+SUMIF('Comp SINAPI PE 06-2025 Onerado'!B:B,Brejo!C27,'Comp SINAPI PE 06-2025 Onerado'!E:E)+SUMIF('Ins SINAPI PE 06-2025 Onerado'!B:B,Brejo!C27,'Ins SINAPI PE 06-2025 Onerado'!F:F)),2)","v":403.07},{"$f":"TRUNC(G27*(1+$H$5),2)","v":496.62},{"$f":"TRUNC(F27*H27,2)","v":19864.8}]
[]
[4,null,null,"RECUPERAÇÃO DA CRISTA ",{"$nulls":4},{"$f":"SUM(I30)","v":9226.4000000000015}]
["4.1",null,null,"Crista",{"$nulls":4},{"$f":"SUM(I31:I34)","v":9226.4000000000015}]
["4.1.1","PRÓPRIA","CPU.06",{"$f":"(VLOOKUP(C31,CPU!B10:C200,2,0))","v":"Apicoamento da superfície"},{"$f":"(VLOOKUP(C31,CPU!B10:D200,3,0))","v":"m2"},20,{"$f":"TRUNC((1-$H$9)*(SUMIFS(CPU!$G:$G,CPU!$A:$A,Brejo!$C31,CPU!$H:$H,\"ss\")+SUMIFS(CPU!$G:$G,CPU!$A:$A,Brejo!$C31,CPU!$H:$H,\"mdo\")+SUMIF('Comp SINAPI PE 06-2025 Onerado'!B:B,Brejo!C31,'Comp SINAPI PE 06-2025 Onerado'!E:E)+SUMIF('Ins SINAPI PE 06-2025 Onerado'!B:B,Brejo!C31,'Ins SINAPI PE 06-2025 Onerado'!F:F)),2)","v":33.97},{"$f":"TRUNC(G31*(1+$H$5),2)","v":41.85},{"$f":"TRUNC(F31*H31,2)","v":837}]
["4.1.2","PRÓPRIA","CPU.10",{"$f":"(VLOOKUP(C32,CPU!B11:C201,2,0))","v":"Limpeza da superfície"},{"$f":"(VLOOKUP(C32,CPU!B11:D201,3,0))","v":"m2"},20,{"$f":"TRUNC((1-$H$9)*(SUMIFS(CPU!$G:$G,CPU!$A:$A,Brejo!$C32,CPU!$H:$H,\"ss\")+SUMIFS(CPU!$G:$G,CPU!$A:$A,Brejo!$C32,CPU!$H:$H,\"mdo\")+SUMIF('Comp SINAPI PE 06-2025 Onerado'!B:B,Brejo!C32,'Comp SINAPI PE 06-2025 Onerado'!E:E)+SUMIF('Ins SINAPI PE 06-2025 Onerado'!B:B,Brejo!C32,'Ins SINAPI PE 06-2025 Onerado'!F:F)),2)","v":5.99},{"$f":"TRUNC(G32*(1+$H$5),2)","v":7.38},{"$f":"TRUNC(F32*H32,2)","v":147.6}]
["4.1.3","PRÓPRIA","CPU.13",{"$f":"(VLOOKUP(C33,CPU!B12:C202,2,0))","v":"Selagem de fissuras com resina epóxi"},{"$f":"(VLOOKUP(C33,CPU!B12:D202,3,0))","v":"m"},100,{"$f":"TRUNC((1-$H$9)*(SUMIFS(CPU!$G:$G,CPU!$A:$A,Brejo!$C33,CPU!$H:$H,\"ss\")+SUMIFS(CPU!$G:$G,CPU!$A:$A,Brejo!$C33,CPU!$H:$H,\"mdo\")+SUMIF('Comp SINAPI PE 06-2025 Onerado'!B:B,Brejo!C33,'Comp SINAPI PE 06-2025 Onerado'!E:E)+SUMIF('Ins SINAPI PE 06-2025 Onerado'!B:B,Brejo!C33,'Ins SINAPI PE 06-2025 Onerado'!F:F)),2)","v":45.49},{"$f":"TRUNC(G33*(1+$H$5),2)","v":56.04},{"$f":"TRUNC(F33*H33,2)","v":5604}]
["4.1.4","PRÓPRIA","CPU.09",{"$f":"(VLOOKUP(C34,CPU!B13:C203,2,0))","v":"Emboço ou massa única em argamassa"},{"$f":"(VLOOKUP(C34,CPU!B12:D202,3,0))","v":"m2"},20,{"$f":"TRUNC((1-$H$9)*(SUMIFS(CPU!$G:$G,CPU!$A:$A,Brejo!$C34,CPU!$H:$H,\"ss\")+SUMIFS(CPU!$G:$G,CPU!$A:$A,Brejo!$C34,CPU!$H:$H,\"mdo\")+SUMIF('Comp SINAPI PE 06-2025 Onerado'!B:B,Brejo!C34,'Comp SINAPI PE 06-2025 Onerado'!E:E)+SUMIF('Ins SINAPI PE 06-2025 Onerado'!B:B,Brejo!C34,'Ins SINAPI PE 06-2025 Onerado'!F:F)),2)","v":107.05},{"$f":"TRUNC(G34*(1+$H$5),2)","v":131.88999999999999},{"$f":"TRUNC(F34*H34,2)","v":2637.8}]
[]
[5,null,null,"MANUTENÇÃO NO PARAMENTO DE MONTANTE",{"$nulls":4},{"$f":"SUM(I37)","v":151204.72}]
["5.1",null,null,"Paramento de Montante",{"$nulls":4},{"$f":"SUM(I38:I39)","v":151204.72}]
["5.1.1","PRÓPRIA","CPU.10",{"$f":"(VLOOKUP(C38,CPU!B19:C209,2,0))","v":"Limpeza da superfície"},{"$f":"(VLOOKUP(C38,CPU!B19:D209,3,0))","v":"m2"},1350,{"$f":"TRUNC((1-$H$9)*(SUMIFS(CPU!$G:$G,CPU!$A:$A,Brejo!$C38,CPU!$H:$H,\"ss\")+SUMIFS(CPU!$G:$G,CPU!$A:$A,Brejo!$C38,CPU!$H:$H,\"mdo\")+SUMIF('Comp SINAPI PE 06-2025 Onerado'!B:B,Brejo!C38,'Comp SINAPI PE 06-2025 Onerado'!E:E)+SUMIF('Ins SINAPI PE 06-2025 Onerado'!B:B,Brejo!C38,'Ins SINAPI PE 06-2025 Onerado'!F:F)),2)","v":5.99},{"$f":"TRUNC(G38*(1+$H$5),2)","v":7.38},{"$f":"TRUNC(F38*H38,2)","v":9963}]
["5.1.2","PRÓPRIA","CPU.14",{"$f":"(VLOOKUP(C39,CPU!B20:C210,2,0))","v":"Concreto projetado c/ aditivo impermeabilizante "},{"$f":"(VLOOKUP(C39,CPU!B20:D210,3,0))","v":"m3"},67.5,{"$f":"TRUNC((1-$H$9)*(SUMIFS(CPU!$G:$G,CPU!$A:$A,Brejo!$C39,CPU!$H:$H,\"ss\")+SUMIFS(CPU!$G:$G,CPU!$A:$A,Brejo!$C39,CPU!$H:$H,\"mdo\")+SUMIF('Comp SINAPI PE 06-2025 Onerado'!B:B,Brejo!C39,'Comp SINAPI PE 06-2025 Onerado'!E:E)+SUMIF('Ins SINAPI PE 06-2025 Onerado'!B:B,Brejo!C39,'Ins SINAPI PE 06-2025 Onerado'!F:F)),2)","v":1698.3},{"$f":"TRUNC(G39*(1+$H$5),2)","v":2092.4699999999998},{"$f":"TRUNC(F39*H39,2)","v":141241.72}]
[]
[6,null,null,"MANUTENÇÃO DO PARAMENTO DE JUSANTE",{"$nulls":4},{"$f":"SUM(I42)","v":5667.49}]
["6.1",null,null,"Paramento de Jusante",{"$nulls":4},{"$f":"SUM(I43:I45)","v":5667.49}]
["6.1.1","PRÓPRIA","CPU.10",{"$f":"(VLOOKUP(C43,CPU!B26:C216,2,0))","v":"Limpeza da superfície"},{"$f":"(VLOOKUP(C43,CPU!B26:D304,3,0))","v":"m2"},50,{"$f":"TRUNC((1-$H$9)*(SUMIFS(CPU!$G:$G,CPU!$A:$A,Brejo!$C43,CPU!$H:$H,\"ss\")+SUMIFS(CPU!$G:$G,CPU!$A:$A,Brejo!$C43,CPU!$H:$H,\"mdo\")+SUMIF('Comp SINAPI PE 06-2025 Onerado'!B:B,Brejo!C43,'Comp SINAPI PE 06-2025 Onerado'!E:E)+SUMIF('Ins SINAPI PE 06-2025 Onerado'!B:B,Brejo!C43,'Ins SINAPI PE 06-2025 Onerado'!F:F)),2)","v":5.99},{"$f":"TRUNC(G43*(1+$H$5),2)","v":7.38},{"$f":"TRUNC(F43*H43,2)","v":369}]
["6.1.2","PRÓPRIA","CPU.15",{"$f":"(VLOOKUP(C44,CPU!B27:C217,2,0))","v":"Preenchimento de espaços vazios com argamassa traço 1:3"},{"$f":"(VLOOKUP(C44,CPU!B27:D305,3,0))","v":"m3"},1,{"$f":"TRUNC((1-$H$9)*(SUMIFS(CPU!$G:$G,CPU!$A:$A,Brejo!$C44,CPU!$H:$H,\"ss\")+SUMIFS(CPU!$G:$G,CPU!$A:$A,Brejo!$C44,CPU!$H:$H,\"mdo\")+SUMIF('Comp SINAPI PE 06-2025 Onerado'!B:B,Brejo!C44,'Comp SINAPI PE 06-2025 Onerado'!E:E)+SUMIF('Ins SINAPI PE 06-2025 Onerado'!B:B,Brejo!C44,'Ins SINAPI PE 06-2025 Onerado'!F:F)),2)","v":1055.28},{"$f":"TRUNC(G44*(1+$H$5),2)","v":1300.21},{"$f":"TRUNC(F44*H44,2)","v":1300.21}]
["6.1.3","PRÓPRIA","CPU.07",{"$f":"(VLOOKUP(C45,CPU!B28:C218,2,0))","v":"Restauração com uso de concreto"},{"$f":"(VLOOKUP(C45,CPU!B28:D306,3,0))","v":"m3"},2,{"$f":"TRUNC((1-$H$9)*(SUMIFS(CPU!$G:$G,CPU!$A:$A,Brejo!$C45,CPU!$H:$H,\"ss\")+SUMIFS(CPU!$G:$G,CPU!$A:$A,Brejo!$C45,CPU!$H:$H,\"mdo\")+SUMIF('Comp SINAPI PE 06-2025 Onerado'!B:B,Brejo!C45,'Comp SINAPI PE 06-2025 Onerado'!E:E)+SUMIF('Ins SINAPI PE 06-2025 Onerado'!B:B,Brejo!C45,'Ins SINAPI PE 06-2025 Onerado'!F:F)),2)","v":1622.55},{"$f":"TRUNC(G45*(1+$H$5),2)","v":1999.14},{"$f":"TRUNC(F45*H45,2)","v":3998.28}]
[]
[7,null,null,"RESTAURAÇÃO DOS MUROS LATERAIS",{"$nulls":4},{"$f":"SUM(I48)","v":4110.3600000000006}]
["7.1",null,null,"Muros laterais",{"$nulls":4},{"$f":"SUM(I49:I50)","v":4110.3600000000006}]
["7.1.1","PRÓPRIA","CPU.07",{"$f":"(VLOOKUP(C49,CPU!B31:C221,2,0))","v":"Restauração com uso de concreto"},{"$f":"(VLOOKUP(C49,CPU!B31:D317,3,0))","v":"m3"},2,{"$f":"TRUNC((1-$H$9)*(SUMIFS(CPU!$G:$G,CPU!$A:$A,Brejo!$C49,CPU!$H:$H,\"ss\")+SUMIFS(CPU!$G:$G,CPU!$A:$A,Brejo!$C49,CPU!$H:$H,\"mdo\")+SUMIF('Comp SINAPI PE 06-2025 Onerado'!B:B,Brejo!C49,'Comp SINAPI PE 06-2025 Onerado'!E:E)+SUMIF('Ins SINAPI PE 06-2025 Onerado'!B:B,Brejo!C49,'Ins SINAPI PE 06-2025 Onerado'!F:F)),2)","v":1622.55},{"$f":"TRUNC(G49*(1+$H$5),2)","v":1999.14},{"$f":"TRUNC(F49*H49,2)","v":3998.28}]
["7.1.2","PRÓPRIA","CPU.13",{"$f":"(VLOOKUP(C50,CPU!B32:C222,2,0))","v":"Selagem de fissuras com resina epóxi"},{"$f":"(VLOOKUP(C50,CPU!B32:D318,3,0))","v":"m"},2,{"$f":"TRUNC((1-$H$9)*(SUMIFS(CPU!$G:$G,CPU!$A:$A,Brejo!$C50,CPU!$H:$H,\"ss\")+SUMIFS(CPU!$G:$G,CPU!$A:$A,Brejo!$C50,CPU!$H:$H,\"mdo\")+SUMIF('Comp SINAPI PE 06-2025 Onerado'!B:B,Brejo!C50,'Comp SINAPI PE 06-2025 Onerado'!E:E)+SUMIF('Ins SINAPI PE 06-2025 Onerado'!B:B,Brejo!C50,'Ins SINAPI PE 06-2025 Onerado'!F:F)),2)","v":45.49},{"$f":"TRUNC(G50*(1+$H$5),2)","v":56.04},{"$f":"TRUNC(F50*H50,2)","v":112.08}]
[]
[8,null,null,"MANUTENÇÃO DOS EQUIPAMENTOS HIDROMECÂNICOS",{"$nulls":4},{"$f":"SUM(I53,I55)","v":631.18999999999994}]
["8.1",null,null,"Troca do registro de gaveta, incluso registro DN 150 mm",{"$nulls":4},{"$f":"SUM(I54)","v":105.13}]
["8.1.1","PRÓPRIA","CPU.16",{"$f":"(VLOOKUP(C54,CPU!B36:C226,2,0))","v":"Troca do registro de gaveta, incluso registro DN 150 mm"},{"$f":"(VLOOKUP(C54,CPU!B36:D322,3,0))","v":"un"},1,{"$f":"TRUNC((1-$H$9)*(SUMIFS(CPU!$G:$G,CPU!$A:$A,Brejo!$C54,CPU!$H:$H,\"ss\")+SUMIFS(CPU!$G:$G,CPU!$A:$A,Brejo!$C54,CPU!$H:$H,\"mdo\")+SUMIF('Comp SINAPI PE 06-2025 Onerado'!B:B,Brejo!C54,'Comp SINAPI PE 06-2025 Onerado'!E:E)+SUMIF('Ins SINAPI PE 06-2025 Onerado'!B:B,Brejo!C54,'Ins SINAPI PE 06-2025 Onerado'!F:F)),2)","v":85.33},{"$f":"TRUNC(G54*(1+$H$5),2)","v":105.13},{"$f":"TRUNC(F54*H54,2)","v":105.13}]
["8.2",null,null,"Restauração da tubulação",{"$nulls":4},{"$f":"SUM(I56)","v":526.05999999999995}]
["8.2.1","PRÓPRIA","CPU.17",{"$f":"(VLOOKUP(C56,CPU!B37:C227,2,0))","v":"Pintura esmalte, incl. base anticorrosiva e lixamento, em duas demãos"},{"$f":"(VLOOKUP(C56,CPU!B37:D323,3,0))","v":"m2"},3.77,{"$f":"TRUNC((1-$H$9)*(SUMIFS(CPU!$G:$G,CPU!$A:$A,Brejo!$C56,CPU!$H:$H,\"ss\")+SUMIFS(CPU!$G:$G,CPU!$A:$A,Brejo!$C56,CPU!$H:$H,\"mdo\")+SUMIF('Comp SINAPI PE 06-2025 Onerado'!B:B,Brejo!C56,'Comp SINAPI PE 06-2025 Onerado'!E:E)+SUMIF('Ins SINAPI PE 06-2025 Onerado'!B:B,Brejo!C56,'Ins SINAPI PE 06-2025 Onerado'!F:F)),2)","v":113.26},{"$f":"TRUNC(G56*(1+$H$5),2)","v":139.54},{"$f":"TRUNC(F56*H56,2)","v":526.05999999999995}]
[]
[9,null,null,"CONSTRUÇÃO DE CAIXA DE CONCRETO PARA IMPLANTAÇÃO DA GRADE DE PROTEÇÃO DE PROTEÇÃO DO CONDUTO",{"$nulls":4},{"$f":"SUM(I59)","v":2328.98}]
["9.1",null,null,"Construção de caixa de concreto para implantação da grande proteção do conduto",{"$nulls":4},{"$f":"SUM(I60:I61)","v":2328.98}]
["9.1.1","PRÓPRIA","CPU.18",{"$f":"(VLOOKUP(C60,CPU!B41:C231,2,0))","v":"Caixa em concreto armado"},{"$f":"(VLOOKUP(C60,CPU!B41:D327,3,0))","v":"m3"},1,{"$f":"TRUNC((1-$H$9)*(SUMIFS(CPU!$G:$G,CPU!$A:$A,Brejo!$C60,CPU!$H:$H,\"ss\")+SUMIFS(CPU!$G:$G,CPU!$A:$A,Brejo!$C60,CPU!$H:$H,\"mdo\")+SUMIF('Comp SINAPI PE 06-2025 Onerado'!B:B,Brejo!C60,'Comp SINAPI PE 06-2025 Onerado'!E:E)+SUMIF('Ins SINAPI PE 06-2025 Onerado'!B:B,Brejo!C60,'Ins SINAPI PE 06-2025 Onerado'!F:F)),2)","v":1433.47},{"$f":"TRUNC(G60*(1+$H$5),2)","v":1766.17},{"$f":"TRUNC(F60*H60,2)","v":1766.17}]
["9.1.2","EMBASA","22.07.07","CONFECÇÃO E INSTALAÇÃO DE GRADE PARA RETENÇÃO DE SÓLIDOS GROSSEIROS EM AÇO GALVANIZADO A QUENTE, COM ESPAÇAMENTO ENTRE AS BARRAS DE 25 MM, BARRAS COM SECÇÃO DE 1.1/2 X 5/16 E BANDEJA COM RALO PARA RESÍDUOS.","m2",0.3,1522.64,{"$f":"TRUNC(G61*(1+$H$5),2)","v":1876.04},{"$f":"TRUNC(F61*H61,2)","v":562.80999999999995}]
[]
[10,null,null,"SERVIÇOS COMPLEMENTARES",{"$nulls":4},{"$f":"SUM(I64,I66)","v":7220.3600000000006}]
["10.1",null,null,"Instalação de placas de aviso",{"$nulls":4},{"$f":"SUM(I65:I65)","v":2306.7600000000002}]
["10.1.1","SINAPI",103689,{"$f":"IF(J65=\"ca\",VLOOKUP(C65,'Comp SINAPI PE 06-2025 Onerado'!$B$11:$C$9004,2,0),VLOOKUP(C65,'Ins SINAPI PE 06-2025 Onerado'!$B$10:$C$9004,2,0))","v":"FORNECIMENTO E INSTALAÇÃO DE PLACA DE OBRA COM CHAPA GALVANIZADA E ESTRUTURA DE MADEIRA. AF_03/2022_PS"},{"$f":"IF(J65=\"ca\",VLOOKUP(C65,'Comp SINAPI PE 06-2025 Onerado'!$B$11:$D$9004,3,0),VLOOKUP(C65,'Ins SINAPI PE 06-2025 Onerado'!$B$11:$D$9004,3,0))","v":"M2"},4,{"$f":"TRUNC((1-$H$9)*(SUMIFS(CPU!$G:$G,CPU!$A:$A,Brejo!$C65,CPU!$H:$H,\"ss\")+SUMIFS(CPU!$G:$G,CPU!$A:$A,Brejo!$C65,CPU!$H:$H,\"mdo\")+SUMIF('Comp SINAPI PE 06-2025 Onerado'!B:B,Brejo!C65,'Comp SINAPI PE 06-2025 Onerado'!E:E)+SUMIF('Ins SINAPI PE 06-2025 Onerado'!B:B,Brejo!C65,'Ins SINAPI PE 06-2025 Onerado'!F:F)),2)","v":468.06},{"$f":"TRUNC(G65*(1+$H$5),2)","v":576.69000000000005},{"$f":"TRUNC(F65*H65,2)","v":2306.7600000000002},"ca"]
["10.2",null,null,"Régua Linimétrica Padrão “ANA”, Aço Carbono - 2 X 70 X 1000 mm (Fornecimento e Instalação)",{"$nulls":4},{"$f":"SUM(I67:I67)","v":4913.6000000000004}]
["10.2.1","PRÓPRIA","CPU.08",{"$f":"(VLOOKUP(C67,CPU!B45:C235,2,0))","v":"Régua Linimétrica Padrão “ANA”, Aço Carbono - 2 X 70 X 1000 mm (Fornecimento e Instalação)"},"un",10,{"$f":"TRUNC((1-$H$9)*(SUMIFS(CPU!$G:$G,CPU!$A:$A,Brejo!$C67,CPU!$H:$H,\"ss\")+SUMIFS(CPU!$G:$G,CPU!$A:$A,Brejo!$C67,CPU!$H:$H,\"mdo\")+SUMIF('Comp SINAPI PE 06-2025 Onerado'!B:B,Brejo!C67,'Comp SINAPI PE 06-2025 Onerado'!E:E)+SUMIF('Ins SINAPI PE 06-2025 Onerado'!B:B,Brejo!C67,'Ins SINAPI PE 06-2025 Onerado'!F:F)),2)","v":398.8},{"$f":"TRUNC(G67*(1+$H$5),2)","v":491.36},{"$f":"TRUNC(F67*H67,2)","v":4913.6000000000004}]
[]
[11,null,null,"PROJETO \"AS IS\"",{"$nulls":4},{"$f":"SUM(I70)","v":12891.580000000002}]
["11.1",null,null,"Levantamento topógrafico e \"AS IS\"",{"$nulls":4},{"$f":"SUM(I71:I72)","v":12891.580000000002}]
["11.1.1","ORSE",9346,"Levantamento topográfico planimétrico cadastral","m2",{"$f":"F26","v":5341},{"$f":"TRUNC(0.35*(1-$H$9),2)","v":0.35},{"$f":"TRUNC(G71*(1+$H$5),2)","v":0.43},{"$f":"TRUNC(F71*H71,2)","v":2296.63}]
["11.1.2","PRÓPRIA","CPU.11",{"$f":"(VLOOKUP(C72,CPU!B50:C240,2,0))","v":"Projeto geométrico"},"un",1,{"$f":"TRUNC((1-$H$9)*(SUMIFS(CPU!$G:$G,CPU!$A:$A,Brejo!$C72,CPU!$H:$H,\"ss\")+SUMIFS(CPU!$G:$G,CPU!$A:$A,Brejo!$C72,CPU!$H:$H,\"mdo\")+SUMIF('Comp SINAPI PE 06-2025 Onerado'!B:B,Brejo!C72,'Comp SINAPI PE 06-2025 Onerado'!E:E)+SUMIF('Ins SINAPI PE 06-2025 Onerado'!B:B,Brejo!C72,'Ins SINAPI PE 06-2025 Onerado'!F:F)),2)","v":8599.1},{"$f":"TRUNC(G72*(1+$H$5),2)","v":10594.95},{"$f":"TRUNC(F72*H72,2)","v":10594.95}]
[]
[12,null,null,"FISCALIZAÇÃO E ACOMPANHAMENTO",{"$nulls":4},{"$f":"SUM(I75)","v":1074.8}]
["12.1",null,null,"Disponibilidade de velículo para apoio a fiscalização",{"$nulls":4},{"$f":"SUM(I76:I77)","v":1074.8}]
["12.1.1","PRÓPRIA","CPU.12",{"$f":"(VLOOKUP(C76,CPU!B54:C244,2,0))","v":"Disponibilidade de veículo para apoio a fiscalização, inclusive combustível"},"un",{"$f":"F14+2","v":5},{"$f":"TRUNC((1-$H$9)*(SUMIFS(CPU!$G:$G,CPU!$A:$A,Brejo!$C76,CPU!$H:$H,\"ss\")+SUMIFS(CPU!$G:$G,CPU!$A:$A,Brejo!$C76,CPU!$H:$H,\"mdo\")+SUMIF('Comp SINAPI PE 06-2025 Onerado'!B:B,Brejo!C76,'Comp SINAPI PE 06-2025 Onerado'!E:E)+SUMIF('Ins SINAPI PE 06-2025 Onerado'!B:B,Brejo!C76,'Ins SINAPI PE 06-2025 Onerado'!F:F)),2)","v":174.47},{"$f":"TRUNC(G76*(1+$H$5),2)","v":214.96},{"$f":"TRUNC(F76*H76,2)","v":1074.8}]
[]
[null,null,null,"TOTAL (Custo):",{"$nulls":4},{"$f":"TRUNC(SUMPRODUCT(F13:F77,G13:G77),2)","v":327504.36}]
[null,null,null,"BDI e Encargos Sociais:",{"$nulls":4},{"$f":"I80-I78","v":75969.439999999944}]
[null,null,null,"TOTAL GERAL COM BDI:",{"$nulls":4},{"$f":"SUM(I12,I16,I24,I29,I36,I41,I47,I52,I58,I63,I69,I74)","v":403473.79999999993},{"$f":"TRUNC(SUMPRODUCT(F13:F77,H13:H77),2)","v":403473.81},"verificação"]

{"sheet":"Boqueirão","index":4,"n_rows":67,"n_cols":11,"rows_kept":67,"cut":false,"hidden":false,"merged":[[7,4,7,6],[0,0,0,8],[1,0,1,8],[3,0,3,8],[4,1,4,5],[6,4,6,6],[9,7,10,7],[9,8,10,8],[9,9,10,9],[9,10,10,10],[9,0,10,0],[9,1,9,2],[9,3,10,3],[9,4,10,4],[9,5,10,5],[9,6,10,6]]}
["Ministério da Integração e do Desenvolvimento Regional"]
["Companhia de Desenvolvimento dos Vales do São Francisco e do Parnaíba"]
[]
["PLANILHA ORÇAMENTÁRIA - ORÇAMENTO NÃO DESONERADO"]
["OBRA:",{"$f":"Resumo!B5","v":"Execução de manutenção e obras civis nas barragens de Sitio Lambedor, Poço da Onça, Brejo, Boqueirão e Paus Grandes localizadas no estado de Pernambuco."},{"$nulls":4},"BDI (serv.):",{"$f":"'BDI serv'!D23","v":0.2321},"Bancos de dados:"]
["LOCAL:",{"$f":"Resumo!B6","v":"BARRAGENS DE PERNAMBUCO"},{"$nulls":4},"BDI (forn.):",{"$f":"'BDI forn'!D23","v":0.14149999999999999},{"$f":"Resumo!G6","v":"JUN/25 - SINAPI"}]
["DATA BASE:",{"$f":"Resumo!B7","v":"2025-07-01"},null,null,"Encargos sociais - Horistas:",null,null,{"$f":"'Encargos Sociais'!E48","v":1.1384000000000001},{"$f":"Resumo!G7","v":"JAN/25 - EMBASA"}]
["PRAZO:","90 dias",null,null,"Encargos sociais - Mensalista:",null,null,{"$f":"'Encargos Sociais'!F48","v":0.70110000000000006},{"$f":"Resumo!G8","v":"ABR/2025 - SICRO"}]
[null,{"$f":"Resumo!B16","v":"Boqueirão"},{"$nulls":4},"Desconto:",0]
["ITEM","REFERÊNCIA",null,"DESCRIÇÃO","UNID.","QUANT.","CUSTO UNITÁRIO","PREÇO UNITÁRIO ","PREÇO TOTAL"]
[null,"FONTE","CÓDIGO"]
[1,null,null,"ADMINISTRAÇÃO DA OBRA",{"$nulls":4},{"$f":"SUM(I13)","v":107417.73}]
["1.1",null,null,"Administração da Obra",{"$nulls":4},{"$f":"SUM(I14:I14)","v":107417.73}]
["1.1.1","PRÓPRIA","CPU.01","Administração Local","mês",3,{"$f":"TRUNC((1-$H$9)*(SUMIFS(CPU!$G:$G,CPU!$A:$A,Boqueirão!$C14,CPU!$H:$H,\"ss\")+SUMIFS(CPU!$G:$G,CPU!$A:$A,Boqueirão!$C14,CPU!$H:$H,\"mdo\")+SUMIF('Comp SINAPI PE 06-2025 Onerado'!B:B,Boqueirão!C14,'Comp SINAPI PE 06-2025 Onerado'!E:E)+SUMIF('Ins SINAPI PE 06-2025 Onerado'!B:B,Boqueirão!C14,'Ins SINAPI PE 06-2025 Onerado'!F:F)),2)","v":29060.880000000001},{"$f":"TRUNC(G14*(1+$H$5),2)","v":35805.910000000003},{"$f":"TRUNC(F14*H14,2)","v":107417.73}]
[]
[2,null,null,"SERVIÇOS PRELIMINARES",{"$nulls":4},{"$f":"SUM(I17,I19,I21)","v":30081.100000000002}]
["2.1",null,null,"Mobilização e desmobilização",{"$nulls":4},{"$f":"SUM(I18)","v":2987.59}]
["2.1.1","PRÓPRIA","CPU.02","Mobilização e desmobilização de instalação do canteiro","un",1,{"$f":"TRUNC((1-$H$9)*(SUMIFS(CPU!$G:$G,CPU!$A:$A,Boqueirão!$C18,CPU!$H:$H,\"ss\")+SUMIFS(CPU!$G:$G,CPU!$A:$A,Boqueirão!$C18,CPU!$H:$H,\"mdo\")+SUMIF('Comp SINAPI PE 06-2025 Onerado'!B:B,Boqueirão!C18,'Comp SINAPI PE 06-2025 Onerado'!E:E)+SUMIF('Ins SINAPI PE 06-2025 Onerado'!B:B,Boqueirão!C18,'Ins SINAPI PE 06-2025 Onerado'!F:F)),2)","v":2424.8000000000002},{"$f":"TRUNC(G18*(1+$H$5),2)","v":2987.59},{"$f":"TRUNC(F18*H18,2)","v":2987.59}]
["2.2",null,null,"Canteiro de obras",{"$nulls":4},{"$f":"SUM(I20)","v":25940.13}]
["2.2.1","PRÓPRIA","CPU.03","Execução de canteiro de obras, inclusive, limpeza, refeitório, sanitários e central de formas","m2",28.5,{"$f":"TRUNC((1-$H$9)*(SUMIFS(CPU!$G:$G,CPU!$A:$A,Boqueirão!$C20,CPU!$H:$H,\"ss\")+SUMIFS(CPU!$G:$G,CPU!$A:$A,Boqueirão!$C20,CPU!$H:$H,\"mdo\")+SUMIF('Comp SINAPI PE 06-2025 Onerado'!B:B,Boqueirão!C20,'Comp SINAPI PE 06-2025 Onerado'!E:E)+SUMIF('Ins SINAPI PE 06-2025 Onerado'!B:B,Boqueirão!C20,'Ins SINAPI PE 06-2025 Onerado'!F:F)),2)","v":738.73},{"$f":"TRUNC(G20*(1+$H$5),2)","v":910.18},{"$f":"TRUNC(F20*H20,2)","v":25940.13}]
["2.3",null,null,"Sinalização",{"$nulls":4},{"$f":"SUM(I22:I22)","v":1153.3800000000001}]
["2.3.1","SINAPI",103689,{"$f":"IF(J22=\"ca\",VLOOKUP(C22,'Comp SINAPI PE 06-2025 Onerado'!$B$11:$C$9004,2,0),VLOOKUP(C22,'Ins SINAPI PE 06-2025 Onerado'!$B$10:$C$9004,2,0))","v":"FORNECIMENTO E INSTALAÇÃO DE PLACA DE OBRA COM CHAPA GALVANIZADA E ESTRUTURA DE MADEIRA. AF_03/2022_PS"},{"$f":"IF(J22=\"ca\",VLOOKUP(C22,'Comp SINAPI PE 06-2025 Onerado'!$B$11:$D$9004,3,0),VLOOKUP(C22,'Ins SINAPI PE 06-2025 Onerado'!$B$11:$D$9004,3,0))","v":"M2"},2,{"$f":"TRUNC((1-$H$9)*(SUMIFS(CPU!$G:$G,CPU!$A:$A,Boqueirão!$C22,CPU!$H:$H,\"ss\")+SUMIFS(CPU!$G:$G,CPU!$A:$A,Boqueirão!$C22,CPU!$H:$H,\"mdo\")+SUMIF('Comp SINAPI PE 06-2025 Onerado'!B:B,Boqueirão!C22,'Comp SINAPI PE 06-2025 Onerado'!E:E)+SUMIF('Ins SINAPI PE 06-2025 Onerado'!B:B,Boqueirão!C22,'Ins SINAPI PE 06-2025 Onerado'!F:F)),2)","v":468.06},{"$f":"TRUNC(G22*(1+$H$5),2)","v":576.69000000000005},{"$f":"TRUNC(F22*H22,2)","v":1153.3800000000001},"ca"]
[]
[3,null,null,"CORTE DA VEGETAÇÃO E REMOÇÃO DAS RAIZES",{"$nulls":4},{"$f":"SUM(I25)","v":85059.12}]
["3.1",null,null,"Remoção da vegetação",{"$nulls":4},{"$f":"SUM(I26:I27)","v":85059.12}]
["3.1.1","PRÓPRIA","CPU.04","Limpeza de vegetação",{"$f":"(VLOOKUP(C26,CPU!B2:D$306,3,0))","v":"m2"},6728,{"$f":"TRUNC((1-$H$9)*(SUMIFS(CPU!$G:$G,CPU!$A:$A,Boqueirão!$C26,CPU!$H:$H,\"ss\")+SUMIFS(CPU!$G:$G,CPU!$A:$A,Boqueirão!$C26,CPU!$H:$H,\"mdo\")+SUMIF('Comp SINAPI PE 06-2025 Onerado'!B:B,Boqueirão!C26,'Comp SINAPI PE 06-2025 Onerado'!E:E)+SUMIF('Ins SINAPI PE 06-2025 Onerado'!B:B,Boqueirão!C26,'Ins SINAPI PE 06-2025 Onerado'!F:F)),2)","v":7.87},{"$f":"TRUNC(G26*(1+$H$5),2)","v":9.69},{"$f":"TRUNC(F26*H26,2)","v":65194.32}]
["3.1.2","PRÓPRIA","CPU.05","Corte de tronco e remoção de raiz",{"$f":"(VLOOKUP(C27,CPU!B3:D$306,3,0))","v":"un"},40,{"$f":"TRUNC((1-$H$9)*(SUMIFS(CPU!$G:$G,CPU!$A:$A,Boqueirão!$C27,CPU!$H:$H,\"ss\")+SUMIFS(CPU!$G:$G,CPU!$A:$A,Boqueirão!$C27,CPU!$H:$H,\"mdo\")+SUMIF('Comp SINAPI PE 06-2025 Onerado'!B:B,Boqueirão!C27,'Comp SINAPI PE 06-2025 Onerado'!E:E)+SUMIF('Ins SINAPI PE 06-2025 Onerado'!B:B,Boqueirão!C27,'Ins SINAPI PE 06-2025 Onerado'!F:F)),2)","v":403.07},{"$f":"TRUNC(G27*(1+$H$5),2)","v":496.62},{"$f":"TRUNC(F27*H27,2)","v":19864.8}]
[]
[4,null,null,"RECUPERAÇÃO DA CRISTA ",{"$nulls":4},{"$f":"SUM(I30)","v":1977.3600000000001}]
["4.1",null,null,"Crista",{"$nulls":4},{"$f":"SUM(I31:I32)","v":1977.3600000000001}]
["4.1.1","PRÓPRIA","CPU.10",{"$f":"(VLOOKUP(C31,CPU!B11:C201,2,0))","v":"Limpeza da superfície"},{"$f":"(VLOOKUP(C31,CPU!B11:D201,3,0))","v":"m2"},192,{"$f":"TRUNC((1-$H$9)*(SUMIFS(CPU!$G:$G,CPU!$A:$A,Boqueirão!$C31,CPU!$H:$H,\"ss\")+SUMIFS(CPU!$G:$G,CPU!$A:$A,Boqueirão!$C31,CPU!$H:$H,\"mdo\")+SUMIF('Comp SINAPI PE 06-2025 Onerado'!B:B,Boqueirão!C31,'Comp SINAPI PE 06-2025 Onerado'!E:E)+SUMIF('Ins SINAPI PE 06-2025 Onerado'!B:B,Boqueirão!C31,'Ins SINAPI PE 06-2025 Onerado'!F:F)),2)","v":5.99},{"$f":"TRUNC(G31*(1+$H$5),2)","v":7.38},{"$f":"TRUNC(F31*H31,2)","v":1416.96}]
["4.1.2","PRÓPRIA","CPU.13",{"$f":"(VLOOKUP(C32,CPU!B12:C202,2,0))","v":"Selagem de fissuras com resina epóxi"},{"$f":"(VLOOKUP(C32,CPU!B12:D202,3,0))","v":"m"},10,{"$f":"TRUNC((1-$H$9)*(SUMIFS(CPU!$G:$G,CPU!$A:$A,Boqueirão!$C32,CPU!$H:$H,\"ss\")+SUMIFS(CPU!$G:$G,CPU!$A:$A,Boqueirão!$C32,CPU!$H:$H,\"mdo\")+SUMIF('Comp SINAPI PE 06-2025 Onerado'!B:B,Boqueirão!C32,'Comp SINAPI PE 06-2025 Onerado'!E:E)+SUMIF('Ins SINAPI PE 06-2025 Onerado'!B:B,Boqueirão!C32,'Ins SINAPI PE 06-2025 Onerado'!F:F)),2)","v":45.49},{"$f":"TRUNC(G32*(1+$H$5),2)","v":56.04},{"$f":"TRUNC(F32*H32,2)","v":560.4}]
[]
[5,null,null,"MANUTENÇÃO NO PARAMENTO DE MONTANTE",{"$nulls":4},{"$f":"SUM(I35)","v":2461.4699999999998}]
["5.1",null,null,"Paramento de Montante",{"$nulls":4},{"$f":"SUM(I36:I37)","v":2461.4699999999998}]
["5.1.1","PRÓPRIA","CPU.10",{"$f":"(VLOOKUP(C36,CPU!B19:C209,2,0))","v":"Limpeza da superfície"},{"$f":"(VLOOKUP(C36,CPU!B19:D209,3,0))","v":"m2"},50,{"$f":"TRUNC((1-$H$9)*(SUMIFS(CPU!$G:$G,CPU!$A:$A,Boqueirão!$C36,CPU!$H:$H,\"ss\")+SUMIFS(CPU!$G:$G,CPU!$A:$A,Boqueirão!$C36,CPU!$H:$H,\"mdo\")+SUMIF('Comp SINAPI PE 06-2025 Onerado'!B:B,Boqueirão!C36,'Comp SINAPI PE 06-2025 Onerado'!E:E)+SUMIF('Ins SINAPI PE 06-2025 Onerado'!B:B,Boqueirão!C36,'Ins SINAPI PE 06-2025 Onerado'!F:F)),2)","v":5.99},{"$f":"TRUNC(G36*(1+$H$5),2)","v":7.38},{"$f":"TRUNC(F36*H36,2)","v":369}]
["5.1.2","PRÓPRIA","CPU.14",{"$f":"(VLOOKUP(C37,CPU!B20:C210,2,0))","v":"Concreto projetado c/ aditivo impermeabilizante "},{"$f":"(VLOOKUP(C37,CPU!B20:D210,3,0))","v":"m3"},1,{"$f":"TRUNC((1-$H$9)*(SUMIFS(CPU!$G:$G,CPU!$A:$A,Boqueirão!$C37,CPU!$H:$H,\"ss\")+SUMIFS(CPU!$G:$G,CPU!$A:$A,Boqueirão!$C37,CPU!$H:$H,\"mdo\")+SUMIF('Comp SINAPI PE 06-2025 Onerado'!B:B,Boqueirão!C37,'Comp SINAPI PE 06-2025 Onerado'!E:E)+SUMIF('Ins SINAPI PE 06-2025 Onerado'!B:B,Boqueirão!C37,'Ins SINAPI PE 06-2025 Onerado'!F:F)),2)","v":1698.3},{"$f":"TRUNC(G37*(1+$H$5),2)","v":2092.4699999999998},{"$f":"TRUNC(F37*H37,2)","v":2092.4699999999998}]
[]
[6,null,null,"MANUTENÇÃO DO PARAMENTO DE JUSANTE",{"$nulls":4},{"$f":"SUM(I40)","v":6935.64}]
["6.1",null,null,"Paramento de Jusante",{"$nulls":4},{"$f":"SUM(I41:I43)","v":6935.64}]
["6.1.1","PRÓPRIA","CPU.10",{"$f":"(VLOOKUP(C41,CPU!B26:C216,2,0))","v":"Limpeza da superfície"},{"$f":"(VLOOKUP(C41,CPU!B26:D304,3,0))","v":"m2"},555,{"$f":"TRUNC((1-$H$9)*(SUMIFS(CPU!$G:$G,CPU!$A:$A,Boqueirão!$C41,CPU!$H:$H,\"ss\")+SUMIFS(CPU!$G:$G,CPU!$A:$A,Boqueirão!$C41,CPU!$H:$H,\"mdo\")+SUMIF('Comp SINAPI PE 06-2025 Onerado'!B:B,Boqueirão!C41,'Comp SINAPI PE 06-2025 Onerado'!E:E)+SUMIF('Ins SINAPI PE 06-2025 Onerado'!B:B,Boqueirão!C41,'Ins SINAPI PE 06-2025 Onerado'!F:F)),2)","v":5.99},{"$f":"TRUNC(G41*(1+$H$5),2)","v":7.38},{"$f":"TRUNC(F41*H41,2)","v":4095.9}]
["6.1.2","PRÓPRIA","CPU.13",{"$f":"(VLOOKUP(C42,CPU!B27:C217,2,0))","v":"Selagem de fissuras com resina epóxi"},{"$f":"(VLOOKUP(C42,CPU!B27:D305,3,0))","v":"m"},15,{"$f":"TRUNC((1-$H$9)*(SUMIFS(CPU!$G:$G,CPU!$A:$A,Boqueirão!$C42,CPU!$H:$H,\"ss\")+SUMIFS(CPU!$G:$G,CPU!$A:$A,Boqueirão!$C42,CPU!$H:$H,\"mdo\")+SUMIF('Comp SINAPI PE 06-2025 Onerado'!B:B,Boqueirão!C42,'Comp SINAPI PE 06-2025 Onerado'!E:E)+SUMIF('Ins SINAPI PE 06-2025 Onerado'!B:B,Boqueirão!C42,'Ins SINAPI PE 06-2025 Onerado'!F:F)),2)","v":45.49},{"$f":"TRUNC(G42*(1+$H$5),2)","v":56.04},{"$f":"TRUNC(F42*H42,2)","v":840.6}]
["6.1.3","PRÓPRIA","CPU.07",{"$f":"(VLOOKUP(C43,CPU!B28:C218,2,0))","v":"Restauração com uso de concreto"},{"$f":"(VLOOKUP(C43,CPU!B28:D306,3,0))","v":"m3"},1,{"$f":"TRUNC((1-$H$9)*(SUMIFS(CPU!$G:$G,CPU!$A:$A,Boqueirão!$C43,CPU!$H:$H,\"ss\")+SUMIFS(CPU!$G:$G,CPU!$A:$A,Boqueirão!$C43,CPU!$H:$H,\"mdo\")+SUMIF('Comp SINAPI PE 06-2025 Onerado'!B:B,Boqueirão!C43,'Comp SINAPI PE 06-2025 Onerado'!E:E)+SUMIF('Ins SINAPI PE 06-2025 Onerado'!B:B,Boqueirão!C43,'Ins SINAPI PE 06-2025 Onerado'!F:F)),2)","v":1622.55},{"$f":"TRUNC(G43*(1+$H$5),2)","v":1999.14},{"$f":"TRUNC(F43*H43,2)","v":1999.14}]
[]
[7,null,null,"RESTAURAÇÃO DOS MUROS LATERAIS",{"$nulls":4},{"$f":"SUM(I46)","v":36210.200000000004}]
["7.1",null,null,"Muros laterais",{"$nulls":4},{"$f":"SUM(I47:I48)","v":36210.200000000004}]
["7.1.1","PRÓPRIA","CPU.10",{"$f":"(VLOOKUP(C47,CPU!B31:C221,2,0))","v":"Limpeza da superfície"},{"$f":"(VLOOKUP(C47,CPU!B31:D317,3,0))","v":"m2"},260,{"$f":"TRUNC((1-$H$9)*(SUMIFS(CPU!$G:$G,CPU!$A:$A,Boqueirão!$C47,CPU!$H:$H,\"ss\")+SUMIFS(CPU!$G:$G,CPU!$A:$A,Boqueirão!$C47,CPU!$H:$H,\"mdo\")+SUMIF('Comp SINAPI PE 06-2025 Onerado'!B:B,Boqueirão!C47,'Comp SINAPI PE 06-2025 Onerado'!E:E)+SUMIF('Ins SINAPI PE 06-2025 Onerado'!B:B,Boqueirão!C47,'Ins SINAPI PE 06-2025 Onerado'!F:F)),2)","v":5.99},{"$f":"TRUNC(G47*(1+$H$5),2)","v":7.38},{"$f":"TRUNC(F47*H47,2)","v":1918.8}]
["7.1.2","PRÓPRIA","CPU.09",{"$f":"(VLOOKUP(C48,CPU!B32:C222,2,0))","v":"Emboço ou massa única em argamassa"},{"$f":"(VLOOKUP(C48,CPU!B32:D318,3,0))","v":"m2"},260,{"$f":"TRUNC((1-$H$9)*(SUMIFS(CPU!$G:$G,CPU!$A:$A,Boqueirão!$C48,CPU!$H:$H,\"ss\")+SUMIFS(CPU!$G:$G,CPU!$A:$A,Boqueirão!$C48,CPU!$H:$H,\"mdo\")+SUMIF('Comp SINAPI PE 06-2025 Onerado'!B:B,Boqueirão!C48,'Comp SINAPI PE 06-2025 Onerado'!E:E)+SUMIF('Ins SINAPI PE 06-2025 Onerado'!B:B,Boqueirão!C48,'Ins SINAPI PE 06-2025 Onerado'!F:F)),2)","v":107.05},{"$f":"TRUNC(G48*(1+$H$5),2)","v":131.88999999999999},{"$f":"TRUNC(F48*H48,2)","v":34291.4}]
[]
[8,null,null,"SERVIÇOS COMPLEMENTARES",{"$nulls":4},{"$f":"SUM(I51,I53)","v":4763.5600000000004}]
["8.1",null,null,"Instalação de placas de aviso",{"$nulls":4},{"$f":"SUM(I52:I52)","v":2306.7600000000002}]
["8.1.1","SINAPI",103689,{"$f":"IF(J52=\"ca\",VLOOKUP(C52,'Comp SINAPI PE 06-2025 Onerado'!$B$11:$C$9004,2,0),VLOOKUP(C52,'Ins SINAPI PE 06-2025 Onerado'!$B$10:$C$9004,2,0))","v":"FORNECIMENTO E INSTALAÇÃO DE PLACA DE OBRA COM CHAPA GALVANIZADA E ESTRUTURA DE MADEIRA. AF_03/2022_PS"},{"$f":"IF(J52=\"ca\",VLOOKUP(C52,'Comp SINAPI PE 06-2025 Onerado'!$B$11:$D$9004,3,0),VLOOKUP(C52,'Ins SINAPI PE 06-2025 Onerado'!$B$11:$D$9004,3,0))","v":"M2"},4,{"$f":"TRUNC((1-$H$9)*(SUMIFS(CPU!$G:$G,CPU!$A:$A,Boqueirão!$C52,CPU!$H:$H,\"ss\")+SUMIFS(CPU!$G:$G,CPU!$A:$A,Boqueirão!$C52,CPU!$H:$H,\"mdo\")+SUMIF('Comp SINAPI PE 06-2025 Onerado'!B:B,Boqueirão!C52,'Comp SINAPI PE 06-2025 Onerado'!E:E)+SUMIF('Ins SINAPI PE 06-2025 Onerado'!B:B,Boqueirão!C52,'Ins SINAPI PE 06-2025 Onerado'!F:F)),2)","v":468.06},{"$f":"TRUNC(G52*(1+$H$5),2)","v":576.69000000000005},{"$f":"TRUNC(F52*H52,2)","v":2306.7600000000002},"ca"]
["8.2",null,null,"Régua Linimétrica Padrão “ANA”, Aço Carbono - 2 X 70 X 1000 mm (Fornecimento e Instalação)",{"$nulls":4},{"$f":"SUM(I54:I54)","v":2456.8000000000002}]
["8.2.1","PRÓPRIA","CPU.08",{"$f":"(VLOOKUP(C54,CPU!B45:C235,2,0))","v":"Régua Linimétrica Padrão “ANA”, Aço Carbono - 2 X 70 X 1000 mm (Fornecimento e Instalação)"},"un",5,{"$f":"TRUNC((1-$H$9)*(SUMIFS(CPU!$G:$G,CPU!$A:$A,Boqueirão!$C54,CPU!$H:$H,\"ss\")+SUMIFS(CPU!$G:$G,CPU!$A:$A,Boqueirão!$C54,CPU!$H:$H,\"mdo\")+SUMIF('Comp SINAPI PE 06-2025 Onerado'!B:B,Boqueirão!C54,'Comp SINAPI PE 06-2025 Onerado'!E:E)+SUMIF('Ins SINAPI PE 06-2025 Onerado'!B:B,Boqueirão!C54,'Ins SINAPI PE 06-2025 Onerado'!F:F)),2)","v":398.8},{"$f":"TRUNC(G54*(1+$H$5),2)","v":491.36},{"$f":"TRUNC(F54*H54,2)","v":2456.8000000000002}]
[]
[9,null,null,"PROJETO \"AS IS\"",{"$nulls":4},{"$f":"SUM(I57)","v":13487.990000000002}]
["9.1",null,null,"Levantamento topógrafico e \"AS IS\"",{"$nulls":4},{"$f":"SUM(I58:I59)","v":13487.990000000002}]
["9.1.1","ORSE",9346,"Levantamento topográfico planimétrico cadastral","m2",{"$f":"F26","v":6728},{"$f":"TRUNC(0.35*(1-$H$9),2)","v":0.35},{"$f":"TRUNC(G58*(1+$H$5),2)","v":0.43},{"$f":"TRUNC(F58*H58,2)","v":2893.04}]
["9.1.2","PRÓPRIA","CPU.11",{"$f":"(VLOOKUP(C59,CPU!B50:C240,2,0))","v":"Projeto geométrico"},"un",1,{"$f":"TRUNC((1-$H$9)*(SUMIFS(CPU!$G:$G,CPU!$A:$A,Boqueirão!$C59,CPU!$H:$H,\"ss\")+SUMIFS(CPU!$G:$G,CPU!$A:$A,Boqueirão!$C59,CPU!$H:$H,\"mdo\")+SUMIF('Comp SINAPI PE 06-2025 Onerado'!B:B,Boqueirão!C59,'Comp SINAPI PE 06-2025 Onerado'!E:E)+SUMIF('Ins SINAPI PE 06-2025 Onerado'!B:B,Boqueirão!C59,'Ins SINAPI PE 06-2025 Onerado'!F:F)),2)","v":8599.1},{"$f":"TRUNC(G59*(1+$H$5),2)","v":10594.95},{"$f":"TRUNC(F59*H59,2)","v":10594.95}]
[]
[10,null,null,"FISCALIZAÇÃO E ACOMPANHAMENTO",{"$nulls":4},{"$f":"SUM(I62)","v":1074.8}]
["10.1",null,null,"Disponibilidade de velículo para apoio a fiscalização",{"$nulls":4},{"$f":"SUM(I63:I64)","v":1074.8}]
["10.1.1","PRÓPRIA","CPU.12",{"$f":"(VLOOKUP(C63,CPU!B54:C244,2,0))","v":"Disponibilidade de veículo para apoio a fiscalização, inclusive combustível"},"un",{"$f":"F14+2","v":5},{"$f":"TRUNC((1-$H$9)*(SUMIFS(CPU!$G:$G,CPU!$A:$A,Boqueirão!$C63,CPU!$H:$H,\"ss\")+SUMIFS(CPU!$G:$G,CPU!$A:$A,Boqueirão!$C63,CPU!$H:$H,\"mdo\")+SUMIF('Comp SINAPI PE 06-2025 Onerado'!B:B,Boqueirão!C63,'Comp SINAPI PE 06-2025 Onerado'!E:E)+SUMIF('Ins SINAPI PE 06-2025 Onerado'!B:B,Boqueirão!C63,'Ins SINAPI PE 06-2025 Onerado'!F:F)),2)","v":174.47},{"$f":"TRUNC(G63*(1+$H$5),2)","v":214.96},{"$f":"TRUNC(F63*H63,2)","v":1074.8}]
[]
[null,null,null,"TOTAL (Custo):",{"$nulls":4},{"$f":"TRUNC(SUMPRODUCT(F13:F64,G13:G64),2)","v":234984.54}]
[null,null,null,"BDI e Encargos Sociais:",{"$nulls":4},{"$f":"I67-I65","v":54484.429999999964}]
[null,null,null,"TOTAL GERAL COM BDI:",{"$nulls":4},{"$f":"SUM(I12,I16,I24,I29,I34,I39,I45,I50,I56,I61)","v":289468.96999999997},{"$f":"TRUNC(SUMPRODUCT(F13:F64,H13:H64),2)","v":289468.96999999997},"verificação"]

{"sheet":"Paus Grandes","index":5,"n_rows":70,"n_cols":11,"rows_kept":70,"cut":false,"hidden":false,"merged":[[7,4,7,6],[0,0,0,8],[1,0,1,8],[3,0,3,8],[4,1,4,5],[6,4,6,6],[9,7,10,7],[9,8,10,8],[9,9,10,9],[9,10,10,10],[9,0,10,0],[9,1,9,2],[9,3,10,3],[9,4,10,4],[9,5,10,5],[9,6,10,6]]}
["Ministério da Integração e do Desenvolvimento Regional"]
["Companhia de Desenvolvimento dos Vales do São Francisco e do Parnaíba"]
[]
["PLANILHA ORÇAMENTÁRIA - ORÇAMENTO NÃO DESONERADO"]
["OBRA:",{"$f":"Resumo!B5","v":"Execução de manutenção e obras civis nas barragens de Sitio Lambedor, Poço da Onça, Brejo, Boqueirão e Paus Grandes localizadas no estado de Pernambuco."},{"$nulls":4},"BDI (serv.):",{"$f":"'BDI serv'!D23","v":0.2321},"Bancos de dados:"]
["LOCAL:",{"$f":"Resumo!B6","v":"BARRAGENS DE PERNAMBUCO"},{"$nulls":4},"BDI (forn.):",{"$f":"'BDI forn'!D23","v":0.14149999999999999},{"$f":"Resumo!G6","v":"JUN/25 - SINAPI"}]
["DATA BASE:",{"$f":"Resumo!B7","v":"2025-07-01"},null,null,"Encargos sociais - Horistas:",null,null,{"$f":"'Encargos Sociais'!E48","v":1.1384000000000001},{"$f":"Resumo!G7","v":"JAN/25 - EMBASA"}]
["PRAZO:","60 dias",null,null,"Encargos sociais - Mensalista:",null,null,{"$f":"'Encargos Sociais'!F48","v":0.70110000000000006},{"$f":"Resumo!G8","v":"ABR/2025 - SICRO"}]
[null,{"$f":"Resumo!B17","v":"Paus Grandes"},{"$nulls":4},"Desconto:",0]
["ITEM","REFERÊNCIA",null,"DESCRIÇÃO","UNID.","QUANT.","CUSTO UNITÁRIO","PREÇO UNITÁRIO ","PREÇO TOTAL"]
[null,"FONTE","CÓDIGO"]
[1,null,null,"ADMINISTRAÇÃO DA OBRA",{"$nulls":4},{"$f":"SUM(I13)","v":71611.820000000007}]
["1.1",null,null,"Administração da Obra",{"$nulls":4},{"$f":"SUM(I14:I14)","v":71611.820000000007}]
["1.1.1","PRÓPRIA","CPU.01","Administração Local","mês",2,{"$f":"TRUNC((1-$H$9)*(SUMIFS(CPU!$G:$G,CPU!$A:$A,'Paus Grandes'!$C14,CPU!$H:$H,\"ss\")+SUMIFS(CPU!$G:$G,CPU!$A:$A,'Paus Grandes'!$C14,CPU!$H:$H,\"mdo\")+SUMIF('Comp SINAPI PE 06-2025 Onerado'!B:B,'Paus Grandes'!C14,'Comp SINAPI PE 06-2025 Onerado'!E:E)+SUMIF('Ins SINAPI PE 06-2025 Onerado'!B:B,'Paus Grandes'!C14,'Ins SINAPI PE 06-2025 Onerado'!F:F)),2)","v":29060.880000000001},{"$f":"TRUNC(G14*(1+$H$5),2)","v":35805.910000000003},{"$f":"TRUNC(F14*H14,2)","v":71611.820000000007}]
[]
[2,null,null,"SERVIÇOS PRELIMINARES",{"$nulls":4},{"$f":"SUM(I17,I19,I21)","v":30081.100000000002}]
["2.1",null,null,"Mobilização e desmobilização",{"$nulls":4},{"$f":"SUM(I18)","v":2987.59}]
["2.1.1","PRÓPRIA","CPU.02","Mobilização e desmobilização de instalação do canteiro","un",1,{"$f":"TRUNC((1-$H$9)*(SUMIFS(CPU!$G:$G,CPU!$A:$A,'Paus Grandes'!$C18,CPU!$H:$H,\"ss\")+SUMIFS(CPU!$G:$G,CPU!$A:$A,'Paus Grandes'!$C18,CPU!$H:$H,\"mdo\")+SUMIF('Comp SINAPI PE 06-2025 Onerado'!B:B,'Paus Grandes'!C18,'Comp SINAPI PE 06-2025 Onerado'!E:E)+SUMIF('Ins SINAPI PE 06-2025 Onerado'!B:B,'Paus Grandes'!C18,'Ins SINAPI PE 06-2025 Onerado'!F:F)),2)","v":2424.8000000000002},{"$f":"TRUNC(G18*(1+$H$5),2)","v":2987.59},{"$f":"TRUNC(F18*H18,2)","v":2987.59}]
["2.2",null,null,"Canteiro de obras",{"$nulls":4},{"$f":"SUM(I20)","v":25940.13}]
["2.2.1","PRÓPRIA","CPU.03","Execução de canteiro de obras, inclusive, limpeza, refeitório, sanitários e central de formas","m2",28.5,{"$f":"TRUNC((1-$H$9)*(SUMIFS(CPU!$G:$G,CPU!$A:$A,'Paus Grandes'!$C20,CPU!$H:$H,\"ss\")+SUMIFS(CPU!$G:$G,CPU!$A:$A,'Paus Grandes'!$C20,CPU!$H:$H,\"mdo\")+SUMIF('Comp SINAPI PE 06-2025 Onerado'!B:B,'Paus Grandes'!C20,'Comp SINAPI PE 06-2025 Onerado'!E:E)+SUMIF('Ins SINAPI PE 06-2025 Onerado'!B:B,'Paus Grandes'!C20,'Ins SINAPI PE 06-2025 Onerado'!F:F)),2)","v":738.73},{"$f":"TRUNC(G20*(1+$H$5),2)","v":910.18},{"$f":"TRUNC(F20*H20,2)","v":25940.13}]
["2.3",null,null,"Sinalização",{"$nulls":4},{"$f":"SUM(I22:I22)","v":1153.3800000000001}]
["2.3.1","SINAPI",103689,{"$f":"IF(J22=\"ca\",VLOOKUP(C22,'Comp SINAPI PE 06-2025 Onerado'!$B$11:$C$9004,2,0),VLOOKUP(C22,'Ins SINAPI PE 06-2025 Onerado'!$B$10:$C$9004,2,0))","v":"FORNECIMENTO E INSTALAÇÃO DE PLACA DE OBRA COM CHAPA GALVANIZADA E ESTRUTURA DE MADEIRA. AF_03/2022_PS"},{"$f":"IF(J22=\"ca\",VLOOKUP(C22,'Comp SINAPI PE 06-2025 Onerado'!$B$11:$D$9004,3,0),VLOOKUP(C22,'Ins SINAPI PE 06-2025 Onerado'!$B$11:$D$9004,3,0))","v":"M2"},2,{"$f":"TRUNC((1-$H$9)*(SUMIFS(CPU!$G:$G,CPU!$A:$A,'Paus Grandes'!$C22,CPU!$H:$H,\"ss\")+SUMIFS(CPU!$G:$G,CPU!$A:$A,'Paus Grandes'!$C22,CPU!$H:$H,\"mdo\")+SUMIF('Comp SINAPI PE 06-2025 Onerado'!B:B,'Paus Grandes'!C22,'Comp SINAPI PE 06-2025 Onerado'!E:E)+SUMIF('Ins SINAPI PE 06-2025 Onerado'!B:B,'Paus Grandes'!C22,'Ins SINAPI PE 06-2025 Onerado'!F:F)),2)","v":468.06},{"$f":"TRUNC(G22*(1+$H$5),2)","v":576.69000000000005},{"$f":"TRUNC(F22*H22,2)","v":1153.3800000000001},"ca"]
[]
[3,null,null,"CORTE DA VEGETAÇÃO E REMOÇÃO DAS RAIZES",{"$nulls":4},{"$f":"SUM(I25)","v":21308.46}]
["3.1",null,null,"Remoção da vegetação",{"$nulls":4},{"$f":"SUM(I26:I27)","v":21308.46}]
["3.1.1","PRÓPRIA","CPU.04","Limpeza de vegetação",{"$f":"(VLOOKUP(C26,CPU!B2:D$306,3,0))","v":"m2"},1174,{"$f":"TRUNC((1-$H$9)*(SUMIFS(CPU!$G:$G,CPU!$A:$A,'Paus Grandes'!$C26,CPU!$H:$H,\"ss\")+SUMIFS(CPU!$G:$G,CPU!$A:$A,'Paus Grandes'!$C26,CPU!$H:$H,\"mdo\")+SUMIF('Comp SINAPI PE 06-2025 Onerado'!B:B,'Paus Grandes'!C26,'Comp SINAPI PE 06-2025 Onerado'!E:E)+SUMIF('Ins SINAPI PE 06-2025 Onerado'!B:B,'Paus Grandes'!C26,'Ins SINAPI PE 06-2025 Onerado'!F:F)),2)","v":7.87},{"$f":"TRUNC(G26*(1+$H$5),2)","v":9.69},{"$f":"TRUNC(F26*H26,2)","v":11376.06}]
["3.1.2","PRÓPRIA","CPU.05","Corte de tronco e remoção de raiz",{"$f":"(VLOOKUP(C27,CPU!B3:D$306,3,0))","v":"un"},20,{"$f":"TRUNC((1-$H$9)*(SUMIFS(CPU!$G:$G,CPU!$A:$A,'Paus Grandes'!$C27,CPU!$H:$H,\"ss\")+SUMIFS(CPU!$G:$G,CPU!$A:$A,'Paus Grandes'!$C27,CPU!$H:$H,\"mdo\")+SUMIF('Comp SINAPI PE 06-2025 Onerado'!B:B,'Paus Grandes'!C27,'Comp SINAPI PE 06-2025 Onerado'!E:E)+SUMIF('Ins SINAPI PE 06-2025 Onerado'!B:B,'Paus Grandes'!C27,'Ins SINAPI PE 06-2025 Onerado'!F:F)),2)","v":403.07},{"$f":"TRUNC(G27*(1+$H$5),2)","v":496.62},{"$f":"TRUNC(F27*H27,2)","v":9932.4}]
[]
[4,null,null,"RECUPERAÇÃO DA CRISTA ",{"$nulls":4},{"$f":"SUM(I30)","v":1090.94}]
["4.1",null,null,"Crista",{"$nulls":4},{"$f":"SUM(I31:I33)","v":1090.94}]
["4.1.1","PRÓPRIA","CPU.10",{"$f":"(VLOOKUP(C31,CPU!B11:C201,2,0))","v":"Limpeza da superfície"},{"$f":"(VLOOKUP(C31,CPU!B11:D201,3,0))","v":"m2"},20.5,{"$f":"TRUNC((1-$H$9)*(SUMIFS(CPU!$G:$G,CPU!$A:$A,'Paus Grandes'!$C31,CPU!$H:$H,\"ss\")+SUMIFS(CPU!$G:$G,CPU!$A:$A,'Paus Grandes'!$C31,CPU!$H:$H,\"mdo\")+SUMIF('Comp SINAPI PE 06-2025 Onerado'!B:B,'Paus Grandes'!C31,'Comp SINAPI PE 06-2025 Onerado'!E:E)+SUMIF('Ins SINAPI PE 06-2025 Onerado'!B:B,'Paus Grandes'!C31,'Ins SINAPI PE 06-2025 Onerado'!F:F)),2)","v":5.99},{"$f":"TRUNC(G31*(1+$H$5),2)","v":7.38},{"$f":"TRUNC(F31*H31,2)","v":151.29}]
["4.1.2","PRÓPRIA","CPU.13",{"$f":"(VLOOKUP(C32,CPU!B12:C202,2,0))","v":"Selagem de fissuras com resina epóxi"},{"$f":"(VLOOKUP(C32,CPU!B12:D202,3,0))","v":"m"},5,{"$f":"TRUNC((1-$H$9)*(SUMIFS(CPU!$G:$G,CPU!$A:$A,'Paus Grandes'!$C32,CPU!$H:$H,\"ss\")+SUMIFS(CPU!$G:$G,CPU!$A:$A,'Paus Grandes'!$C32,CPU!$H:$H,\"mdo\")+SUMIF('Comp SINAPI PE 06-2025 Onerado'!B:B,'Paus Grandes'!C32,'Comp SINAPI PE 06-2025 Onerado'!E:E)+SUMIF('Ins SINAPI PE 06-2025 Onerado'!B:B,'Paus Grandes'!C32,'Ins SINAPI PE 06-2025 Onerado'!F:F)),2)","v":45.49},{"$f":"TRUNC(G32*(1+$H$5),2)","v":56.04},{"$f":"TRUNC(F32*H32,2)","v":280.2}]
["4.1.3","PRÓPRIA","CPU.09",{"$f":"(VLOOKUP(C33,CPU!B13:C203,2,0))","v":"Emboço ou massa única em argamassa"},{"$f":"(VLOOKUP(C33,CPU!B12:D202,3,0))","v":"m2"},5,{"$f":"TRUNC((1-$H$9)*(SUMIFS(CPU!$G:$G,CPU!$A:$A,'Paus Grandes'!$C33,CPU!$H:$H,\"ss\")+SUMIFS(CPU!$G:$G,CPU!$A:$A,'Paus Grandes'!$C33,CPU!$H:$H,\"mdo\")+SUMIF('Comp SINAPI PE 06-2025 Onerado'!B:B,'Paus Grandes'!C33,'Comp SINAPI PE 06-2025 Onerado'!E:E)+SUMIF('Ins SINAPI PE 06-2025 Onerado'!B:B,'Paus Grandes'!C33,'Ins SINAPI PE 06-2025 Onerado'!F:F)),2)","v":107.05},{"$f":"TRUNC(G33*(1+$H$5),2)","v":131.88999999999999},{"$f":"TRUNC(F33*H33,2)","v":659.45}]
[]
[5,null,null,"MANUTENÇÃO NO PARAMENTO DE MONTANTE",{"$nulls":4},{"$f":"SUM(I36)","v":22130.28}]
["5.1",null,null,"Paramento de Montante",{"$nulls":4},{"$f":"SUM(I37:I39)","v":22130.28}]
["5.1.1","PRÓPRIA","CPU.06",{"$f":"(VLOOKUP(C37,CPU!B19:C209,2,0))","v":"Apicoamento da superfície"},{"$f":"(VLOOKUP(C37,CPU!B19:D209,3,0))","v":"m2"},143.5,{"$f":"TRUNC((1-$H$9)*(SUMIFS(CPU!$G:$G,CPU!$A:$A,'Paus Grandes'!$C37,CPU!$H:$H,\"ss\")+SUMIFS(CPU!$G:$G,CPU!$A:$A,'Paus Grandes'!$C37,CPU!$H:$H,\"mdo\")+SUMIF('Comp SINAPI PE 06-2025 Onerado'!B:B,'Paus Grandes'!C37,'Comp SINAPI PE 06-2025 Onerado'!E:E)+SUMIF('Ins SINAPI PE 06-2025 Onerado'!B:B,'Paus Grandes'!C37,'Ins SINAPI PE 06-2025 Onerado'!F:F)),2)","v":33.97},{"$f":"TRUNC(G37*(1+$H$5),2)","v":41.85},{"$f":"TRUNC(F37*H37,2)","v":6005.47}]
["5.1.2","PRÓPRIA","CPU.10",{"$f":"(VLOOKUP(C38,CPU!B20:C210,2,0))","v":"Limpeza da superfície"},{"$f":"(VLOOKUP(C38,CPU!B20:D210,3,0))","v":"m2"},143.5,{"$f":"TRUNC((1-$H$9)*(SUMIFS(CPU!$G:$G,CPU!$A:$A,'Paus Grandes'!$C38,CPU!$H:$H,\"ss\")+SUMIFS(CPU!$G:$G,CPU!$A:$A,'Paus Grandes'!$C38,CPU!$H:$H,\"mdo\")+SUMIF('Comp SINAPI PE 06-2025 Onerado'!B:B,'Paus Grandes'!C38,'Comp SINAPI PE 06-2025 Onerado'!E:E)+SUMIF('Ins SINAPI PE 06-2025 Onerado'!B:B,'Paus Grandes'!C38,'Ins SINAPI PE 06-2025 Onerado'!F:F)),2)","v":5.99},{"$f":"TRUNC(G38*(1+$H$5),2)","v":7.38},{"$f":"TRUNC(F38*H38,2)","v":1059.03}]
["5.1.3","PRÓPRIA","CPU.14",{"$f":"(VLOOKUP(C39,CPU!B20:C210,2,0))","v":"Concreto projetado c/ aditivo impermeabilizante "},{"$f":"(VLOOKUP(C39,CPU!B20:D210,3,0))","v":"m3"},7.2,{"$f":"TRUNC((1-$H$9)*(SUMIFS(CPU!$G:$G,CPU!$A:$A,'Paus Grandes'!$C39,CPU!$H:$H,\"ss\")+SUMIFS(CPU!$G:$G,CPU!$A:$A,'Paus Grandes'!$C39,CPU!$H:$H,\"mdo\")+SUMIF('Comp SINAPI PE 06-2025 Onerado'!B:B,'Paus Grandes'!C39,'Comp SINAPI PE 06-2025 Onerado'!E:E)+SUMIF('Ins SINAPI PE 06-2025 Onerado'!B:B,'Paus Grandes'!C39,'Ins SINAPI PE 06-2025 Onerado'!F:F)),2)","v":1698.3},{"$f":"TRUNC(G39*(1+$H$5),2)","v":2092.4699999999998},{"$f":"TRUNC(F39*H39,2)","v":15065.78}]
[]
[6,null,null,"MANUTENÇÃO DO PARAMENTO DE JUSANTE",{"$nulls":4},{"$f":"SUM(I42)","v":4543.95}]
["6.1",null,null,"Paramento de Jusante",{"$nulls":4},{"$f":"SUM(I43:I46)","v":4543.95}]
["6.1.1","PRÓPRIA","CPU.06",{"$f":"(VLOOKUP(C43,CPU!B26:C216,2,0))","v":"Apicoamento da superfície"},{"$f":"(VLOOKUP(C43,CPU!B26:D304,3,0))","v":"m2"},24.6,{"$f":"TRUNC((1-$H$9)*(SUMIFS(CPU!$G:$G,CPU!$A:$A,'Paus Grandes'!$C43,CPU!$H:$H,\"ss\")+SUMIFS(CPU!$G:$G,CPU!$A:$A,'Paus Grandes'!$C43,CPU!$H:$H,\"mdo\")+SUMIF('Comp SINAPI PE 06-2025 Onerado'!B:B,'Paus Grandes'!C43,'Comp SINAPI PE 06-2025 Onerado'!E:E)+SUMIF('Ins SINAPI PE 06-2025 Onerado'!B:B,'Paus Grandes'!C43,'Ins SINAPI PE 06-2025 Onerado'!F:F)),2)","v":33.97},{"$f":"TRUNC(G43*(1+$H$5),2)","v":41.85},{"$f":"TRUNC(F43*H43,2)","v":1029.51}]
["6.1.2","PRÓPRIA","CPU.10",{"$f":"(VLOOKUP(C44,CPU!B27:C217,2,0))","v":"Limpeza da superfície"},{"$f":"(VLOOKUP(C44,CPU!B27:D305,3,0))","v":"m2"},82,{"$f":"TRUNC((1-$H$9)*(SUMIFS(CPU!$G:$G,CPU!$A:$A,'Paus Grandes'!$C44,CPU!$H:$H,\"ss\")+SUMIFS(CPU!$G:$G,CPU!$A:$A,'Paus Grandes'!$C44,CPU!$H:$H,\"mdo\")+SUMIF('Comp SINAPI PE 06-2025 Onerado'!B:B,'Paus Grandes'!C44,'Comp SINAPI PE 06-2025 Onerado'!E:E)+SUMIF('Ins SINAPI PE 06-2025 Onerado'!B:B,'Paus Grandes'!C44,'Ins SINAPI PE 06-2025 Onerado'!F:F)),2)","v":5.99},{"$f":"TRUNC(G44*(1+$H$5),2)","v":7.38},{"$f":"TRUNC(F44*H44,2)","v":605.16}]
["6.1.3","PRÓPRIA","CPU.15",{"$f":"(VLOOKUP(C45,CPU!B27:C217,2,0))","v":"Preenchimento de espaços vazios com argamassa traço 1:3"},{"$f":"(VLOOKUP(C45,CPU!B27:D305,3,0))","v":"m3"},0.7,{"$f":"TRUNC((1-$H$9)*(SUMIFS(CPU!$G:$G,CPU!$A:$A,'Paus Grandes'!$C45,CPU!$H:$H,\"ss\")+SUMIFS(CPU!$G:$G,CPU!$A:$A,'Paus Grandes'!$C45,CPU!$H:$H,\"mdo\")+SUMIF('Comp SINAPI PE 06-2025 Onerado'!B:B,'Paus Grandes'!C45,'Comp SINAPI PE 06-2025 Onerado'!E:E)+SUMIF('Ins SINAPI PE 06-2025 Onerado'!B:B,'Paus Grandes'!C45,'Ins SINAPI PE 06-2025 Onerado'!F:F)),2)","v":1055.28},{"$f":"TRUNC(G45*(1+$H$5),2)","v":1300.21},{"$f":"TRUNC(F45*H45,2)","v":910.14}]
["6.1.4","PRÓPRIA","CPU.07",{"$f":"(VLOOKUP(C46,CPU!B28:C218,2,0))","v":"Restauração com uso de concreto"},{"$f":"(VLOOKUP(C46,CPU!B28:D306,3,0))","v":"m3"},1,{"$f":"TRUNC((1-$H$9)*(SUMIFS(CPU!$G:$G,CPU!$A:$A,'Paus Grandes'!$C46,CPU!$H:$H,\"ss\")+SUMIFS(CPU!$G:$G,CPU!$A:$A,'Paus Grandes'!$C46,CPU!$H:$H,\"mdo\")+SUMIF('Comp SINAPI PE 06-2025 Onerado'!B:B,'Paus Grandes'!C46,'Comp SINAPI PE 06-2025 Onerado'!E:E)+SUMIF('Ins SINAPI PE 06-2025 Onerado'!B:B,'Paus Grandes'!C46,'Ins SINAPI PE 06-2025 Onerado'!F:F)),2)","v":1622.55},{"$f":"TRUNC(G46*(1+$H$5),2)","v":1999.14},{"$f":"TRUNC(F46*H46,2)","v":1999.14}]
[]
[7,null,null,"MANUTENÇÃO NAS OMBREIRAS",{"$nulls":4},{"$f":"SUM(I49)","v":1657.36}]
["7.1",null,null,"Tratamento de erosão na ombreira c/ concreto",{"$nulls":4},{"$f":"SUM(I50:I51)","v":1657.36}]
["7.1.1","SINAPI",93358,{"$f":"IF(J50=\"ca\",VLOOKUP(C50,'Comp SINAPI PE 06-2025 Onerado'!$B$11:$C$9004,2,0),VLOOKUP(C50,'Ins SINAPI PE 06-2025 Onerado'!$B$10:$C$9004,2,0))","v":"ESCAVAÇÃO MANUAL DE VALA. AF_09/2024"},{"$f":"IF(J50=\"ca\",VLOOKUP(C50,'Comp SINAPI PE 06-2025 Onerado'!$B$11:$D$9004,3,0),VLOOKUP(C50,'Ins SINAPI PE 06-2025 Onerado'!$B$11:$D$9004,3,0))","v":"M3"},0.75,{"$f":"TRUNC((1-$H$9)*(SUMIFS(CPU!$G:$G,CPU!$A:$A,'Paus Grandes'!$C50,CPU!$H:$H,\"ss\")+SUMIFS(CPU!$G:$G,CPU!$A:$A,'Paus Grandes'!$C50,CPU!$H:$H,\"mdo\")+SUMIF('Comp SINAPI PE 06-2025 Onerado'!B:B,'Paus Grandes'!C50,'Comp SINAPI PE 06-2025 Onerado'!E:E)+SUMIF('Ins SINAPI PE 06-2025 Onerado'!B:B,'Paus Grandes'!C50,'Ins SINAPI PE 06-2025 Onerado'!F:F)),2)","v":95.25},{"$f":"TRUNC(G50*(1+$H$5),2)","v":117.35},{"$f":"TRUNC(F50*H50,2)","v":88.01},"ca"]
["7.1.2","PRÓPRIA","CPU.14",{"$f":"(VLOOKUP(C51,CPU!B32:C222,2,0))","v":"Concreto projetado c/ aditivo impermeabilizante "},{"$f":"(VLOOKUP(C51,CPU!B32:D318,3,0))","v":"m3"},0.75,{"$f":"TRUNC((1-$H$9)*(SUMIFS(CPU!$G:$G,CPU!$A:$A,'Paus Grandes'!$C51,CPU!$H:$H,\"ss\")+SUMIFS(CPU!$G:$G,CPU!$A:$A,'Paus Grandes'!$C51,CPU!$H:$H,\"mdo\")+SUMIF('Comp SINAPI PE 06-2025 Onerado'!B:B,'Paus Grandes'!C51,'Comp SINAPI PE 06-2025 Onerado'!E:E)+SUMIF('Ins SINAPI PE 06-2025 Onerado'!B:B,'Paus Grandes'!C51,'Ins SINAPI PE 06-2025 Onerado'!F:F)),2)","v":1698.3},{"$f":"TRUNC(G51*(1+$H$5),2)","v":2092.4699999999998},{"$f":"TRUNC(F51*H51,2)","v":1569.35}]
[]
[8,null,null,"SERVIÇOS COMPLEMENTARES",{"$nulls":4},{"$f":"SUM(I54,I56)","v":4763.5600000000004}]
["8.1",null,null,"Instalação de placas de aviso",{"$nulls":4},{"$f":"SUM(I55:I55)","v":2306.7600000000002}]
["8.1.1","SINAPI",103689,{"$f":"IF(J55=\"ca\",VLOOKUP(C55,'Comp SINAPI PE 06-2025 Onerado'!$B$11:$C$9004,2,0),VLOOKUP(C55,'Ins SINAPI PE 06-2025 Onerado'!$B$10:$C$9004,2,0))","v":"FORNECIMENTO E INSTALAÇÃO DE PLACA DE OBRA COM CHAPA GALVANIZADA E ESTRUTURA DE MADEIRA. AF_03/2022_PS"},{"$f":"IF(J55=\"ca\",VLOOKUP(C55,'Comp SINAPI PE 06-2025 Onerado'!$B$11:$D$9004,3,0),VLOOKUP(C55,'Ins SINAPI PE 06-2025 Onerado'!$B$11:$D$9004,3,0))","v":"M2"},4,{"$f":"TRUNC((1-$H$9)*(SUMIFS(CPU!$G:$G,CPU!$A:$A,'Paus Grandes'!$C55,CPU!$H:$H,\"ss\")+SUMIFS(CPU!$G:$G,CPU!$A:$A,'Paus Grandes'!$C55,CPU!$H:$H,\"mdo\")+SUMIF('Comp SINAPI PE 06-2025 Onerado'!B:B,'Paus Grandes'!C55,'Comp SINAPI PE 06-2025 Onerado'!E:E)+SUMIF('Ins SINAPI PE 06-2025 Onerado'!B:B,'Paus Grandes'!C55,'Ins SINAPI PE 06-2025 Onerado'!F:F)),2)","v":468.06},{"$f":"TRUNC(G55*(1+$H$5),2)","v":576.69000000000005},{"$f":"TRUNC(F55*H55,2)","v":2306.7600000000002},"ca"]
["8.2",null,null,"Régua Linimétrica Padrão “ANA”, Aço Carbono - 2 X 70 X 1000 mm (Fornecimento e Instalação)",{"$nulls":4},{"$f":"SUM(I57:I57)","v":2456.8000000000002}]
["8.2.1","PRÓPRIA","CPU.08",{"$f":"(VLOOKUP(C57,CPU!B45:C235,2,0))","v":"Régua Linimétrica Padrão “ANA”, Aço Carbono - 2 X 70 X 1000 mm (Fornecimento e Instalação)"},"un",5,{"$f":"TRUNC((1-$H$9)*(SUMIFS(CPU!$G:$G,CPU!$A:$A,'Paus Grandes'!$C57,CPU!$H:$H,\"ss\")+SUMIFS(CPU!$G:$G,CPU!$A:$A,'Paus Grandes'!$C57,CPU!$H:$H,\"mdo\")+SUMIF('Comp SINAPI PE 06-2025 Onerado'!B:B,'Paus Grandes'!C57,'Comp SINAPI PE 06-2025 Onerado'!E:E)+SUMIF('Ins SINAPI PE 06-2025 Onerado'!B:B,'Paus Grandes'!C57,'Ins SINAPI PE 06-2025 Onerado'!F:F)),2)","v":398.8},{"$f":"TRUNC(G57*(1+$H$5),2)","v":491.36},{"$f":"TRUNC(F57*H57,2)","v":2456.8000000000002}]
[]
[9,null,null,"PROJETO \"AS IS\"",{"$nulls":4},{"$f":"SUM(I60)","v":11099.77}]
["9.1",null,null,"Levantamento topógrafico e \"AS IS\"",{"$nulls":4},{"$f":"SUM(I61:I62)","v":11099.77}]
["9.1.1","ORSE",9346,"Levantamento topográfico planimétrico cadastral","m2",{"$f":"F26","v":1174},{"$f":"TRUNC(0.35*(1-$H$9),2)","v":0.35},{"$f":"TRUNC(G61*(1+$H$5),2)","v":0.43},{"$f":"TRUNC(F61*H61,2)","v":504.82}]
["9.1.2","PRÓPRIA","CPU.11",{"$f":"(VLOOKUP(C62,CPU!B50:C240,2,0))","v":"Projeto geométrico"},"un",1,{"$f":"TRUNC((1-$H$9)*(SUMIFS(CPU!$G:$G,CPU!$A:$A,'Paus Grandes'!$C62,CPU!$H:$H,\"ss\")+SUMIFS(CPU!$G:$G,CPU!$A:$A,'Paus Grandes'!$C62,CPU!$H:$H,\"mdo\")+SUMIF('Comp SINAPI PE 06-2025 Onerado'!B:B,'Paus Grandes'!C62,'Comp SINAPI PE 06-2025 Onerado'!E:E)+SUMIF('Ins SINAPI PE 06-2025 Onerado'!B:B,'Paus Grandes'!C62,'Ins SINAPI PE 06-2025 Onerado'!F:F)),2)","v":8599.1},{"$f":"TRUNC(G62*(1+$H$5),2)","v":10594.95},{"$f":"TRUNC(F62*H62,2)","v":10594.95}]
[]
[10,null,null,"FISCALIZAÇÃO E ACOMPANHAMENTO",{"$nulls":4},{"$f":"SUM(I65)","v":859.84}]
["10.1",null,null,"Disponibilidade de velículo para apoio a fiscalização",{"$nulls":4},{"$f":"SUM(I66:I67)","v":859.84}]
["10.1.1","PRÓPRIA","CPU.12",{"$f":"(VLOOKUP(C66,CPU!B54:C244,2,0))","v":"Disponibilidade de veículo para apoio a fiscalização, inclusive combustível"},"un",{"$f":"F14+2","v":4},{"$f":"TRUNC((1-$H$9)*(SUMIFS(CPU!$G:$G,CPU!$A:$A,'Paus Grandes'!$C66,CPU!$H:$H,\"ss\")+SUMIFS(CPU!$G:$G,CPU!$A:$A,'Paus Grandes'!$C66,CPU!$H:$H,\"mdo\")+SUMIF('Comp SINAPI PE 06-2025 Onerado'!B:B,'Paus Grandes'!C66,'Comp SINAPI PE 06-2025 Onerado'!E:E)+SUMIF('Ins SINAPI PE 06-2025 Onerado'!B:B,'Paus Grandes'!C66,'Ins SINAPI PE 06-2025 Onerado'!F:F)),2)","v":174.47},{"$f":"TRUNC(G66*(1+$H$5),2)","v":214.96},{"$f":"TRUNC(F66*H66,2)","v":859.84}]
[]
[null,null,null,"TOTAL (Custo):",{"$nulls":4},{"$f":"TRUNC(SUMPRODUCT(F13:F67,G13:G67),2)","v":137292.15}]
[null,null,null,"BDI e Encargos Sociais:",{"$nulls":4},{"$f":"I70-I68","v":31854.929999999993}]
[null,null,null,"TOTAL GERAL COM BDI:",{"$nulls":4},{"$f":"SUM(I12,I16,I24,I29,I35,I41,I48,I53,I59,I64)","v":169147.08},{"$f":"TRUNC(SUMPRODUCT(F13:F67,H13:H67),2)","v":169147.1},"verificação"]

{"sheet":"CPU","index":6,"n_rows":193,"n_cols":13,"rows_kept":193,"cut":false,"hidden":false,"merged":[[2,0,2,5],[3,0,3,6],[1,0,1,6],[0,0,0,6],[4,1,4,5]]}
["Ministério da Integração e do Desenvolvimento Regional"]
["Companhia de Desenvolvimento dos Vales do São Francisco e do Parnaíba"]
[]
[" COMPOSIÇÕES DE PREÇOS UNITÁRIOS - ORÇAMENTO NÃO DESONERADO"]
[{"$f":"Resumo!A5","v":"OBRA:"},{"$f":"Resumo!B5","v":"Execução de manutenção e obras civis nas barragens de Sitio Lambedor, Poço da Onça, Brejo, Boqueirão e Paus Grandes localizadas no estado de Pernambuco."}]
[{"$f":"Resumo!A6","v":"LOCAL:"},{"$f":"Resumo!B6","v":"BARRAGENS DE PERNAMBUCO"}]
[{"$f":"Resumo!A7","v":"DATA BASE:"},{"$f":"Resumo!B7","v":"2025-07-01"}]
[]
["REFERÊNCIA","CÓDIGO","DESCRIÇÃO","UNIDADE","ÍNDICE","CUSTO\nUNITÁRIO","CUSTO\n TOTAL"]
[null,"CPU.01","Administração Local","mês",1,null,{"$f":"SUM(G14,G13,G12,G11)","v":29060.880000000001},"S","COMENTÁRIOS"]
[{"$f":"B10","v":"CPU.01"},null,"MATERIAL",null,null,null,0,"ss"]
[{"$f":"B10","v":"CPU.01"},null," ",null,null,null,0,"ss"]
[{"$f":"B10","v":"CPU.01"},null,"SERVIÇOS",null,null,null,0,"ss"]
[{"$f":"B10","v":"CPU.01"},null,"MÃO DE OBRA",null,null,null,{"$f":"SUM(G15:G17)","v":29060.880000000001},"mdo"]
["SINAPI",90778,{"$f":"PROPER(IF(H15=\"i\",VLOOKUP(B15,'Ins SINAPI PE 06-2025 Onerado'!$B$11:$F$50003,2,0),VLOOKUP(B15,'Comp SINAPI PE 06-2025 Onerado'!$B$11:$C$50004,2,0)))","v":"Engenheiro Civil De Obra Pleno Com Encargos Complementares"},{"$f":"IF(H15=\"i\",VLOOKUP(B15,'Ins SINAPI PE 06-2025 Onerado'!$B$11:$F$50003,2,0),VLOOKUP(B15,'Comp SINAPI PE 06-2025 Onerado'!$B$11:$H$50004,3,0))","v":"H"},{"$f":"1.5*5*4","v":30},{"$f":"IF(H15=\"i\",VLOOKUP(B15,'Ins SINAPI PE 06-2025 Onerado'!$B$11:$F$50003,5,0),VLOOKUP(B15,'Comp SINAPI PE 06-2025 Onerado'!$B$11:$E$50004,4,0))","v":135.86000000000001},{"$f":"TRUNC(E15*F15,2)","v":4075.8},"ca"]
["SINAPI",93572,{"$f":"PROPER(IF(H16=\"i\",VLOOKUP(B16,'Ins SINAPI PE 06-2025 Onerado'!$B$11:$F$50003,2,0),VLOOKUP(B16,'Comp SINAPI PE 06-2025 Onerado'!$B$11:$C$50004,2,0)))","v":"Encarregado Geral De Obras Com Encargos Complementares"},{"$f":"IF(H16=\"i\",VLOOKUP(B16,'Ins SINAPI PE 06-2025 Onerado'!$B$11:$F$50003,2,0),VLOOKUP(B16,'Comp SINAPI PE 06-2025 Onerado'!$B$11:$H$50004,3,0))","v":"MES"},0.8,{"$f":"IF(H16=\"i\",VLOOKUP(B16,'Ins SINAPI PE 06-2025 Onerado'!$B$11:$F$50003,5,0),VLOOKUP(B16,'Comp SINAPI PE 06-2025 Onerado'!$B$11:$E$50004,4,0))","v":7847.41},{"$f":"TRUNC(E16*F16,2)","v":6277.92},"ca"]
["EMBASA","74.13.43","VIGIA - NA","MES",4,4676.79,{"$f":"TRUNC(E17*F17,2)","v":18707.16},"ca","considerando 4 vigias intercalando em dupla na jornada de 12/36"]
[]
[null,"CPU.02","Mobilização e desmobilização de instalação do canteiro","un",1,null,{"$f":"SUM(G27,G26,G21,G20)","v":2424.8000000000002},"S","mobilização e desmobilização de Petrolina a barragem",null,null,null,"2 dias"]
[{"$f":"B19","v":"CPU.02"},null,"MATERIAL",null,null,null,0,"ss"]
[{"$f":"B19","v":"CPU.02"},null,"EQUIPAMENTOS ",null,null,null,{"$f":"SUM(G22:G25)","v":2424.8000000000002},"ss"]
["PRÓPRIA","CODE","Veículo tipo pick-up, cabine dupla - 2.0 16V 4x4 diesel Aut.","dia",2,{"$f":"'CPU-VEICULO_PickUp (2)'!C11","v":174.4736184574264},{"$f":"TRUNC(E22*F22,2)","v":348.94},"ca"]
["SINAPI",100946,{"$f":"PROPER(IF(H23=\"i\",VLOOKUP(B23,'Ins SINAPI PE 06-2025 Onerado'!$B$11:$F$50003,2,0),VLOOKUP(B23,'Comp SINAPI PE 06-2025 Onerado'!$B$11:$C$50004,2,0)))","v":"Transporte Com Caminhão Carroceria 9T, Em Via Urbana Em Revestimento Primário (Unidade: Txkm). Af_07/2020"},{"$f":"IF(H23=\"i\",VLOOKUP(B23,'Ins SINAPI PE 06-2025 Onerado'!$B$11:$F$50003,2,0),VLOOKUP(B23,'Comp SINAPI PE 06-2025 Onerado'!$B$11:$H$50004,3,0))","v":"TXKM"},{"$f":"'Memorial de cálculo'!H18","v":106},{"$f":"IF(H23=\"i\",VLOOKUP(B23,'Ins SINAPI PE 06-2025 Onerado'!$B$11:$F$50003,5,0),VLOOKUP(B23,'Comp SINAPI PE 06-2025 Onerado'!$B$11:$E$50004,4,0))","v":2.4300000000000002},{"$f":"TRUNC(E23*F23,2)","v":257.58},"ca","considerando 5 toneladas de carga"]
["SINAPI",100947,{"$f":"PROPER(IF(H24=\"i\",VLOOKUP(B24,'Ins SINAPI PE 06-2025 Onerado'!$B$11:$F$50003,2,0),VLOOKUP(B24,'Comp SINAPI PE 06-2025 Onerado'!$B$11:$C$50004,2,0)))","v":"Transporte Com Caminhão Carroceria 9T, Em Via Urbana Pavimentada, Dmt Até 30Km (Unidade: Txkm). Af_07/2020"},{"$f":"IF(H24=\"i\",VLOOKUP(B24,'Ins SINAPI PE 06-2025 Onerado'!$B$11:$F$50003,2,0),VLOOKUP(B24,'Comp SINAPI PE 06-2025 Onerado'!$B$11:$H$50004,3,0))","v":"TXKM"},{"$f":"'Memorial de cálculo'!H21","v":300},{"$f":"IF(H24=\"i\",VLOOKUP(B24,'Ins SINAPI PE 06-2025 Onerado'!$B$11:$F$50003,5,0),VLOOKUP(B24,'Comp SINAPI PE 06-2025 Onerado'!$B$11:$E$50004,4,0))","v":2.23},{"$f":"TRUNC(E24*F24,2)","v":669},"ca"]
["SINAPI",100948,{"$f":"PROPER(IF(H25=\"i\",VLOOKUP(B25,'Ins SINAPI PE 06-2025 Onerado'!$B$11:$F$50003,2,0),VLOOKUP(B25,'Comp SINAPI PE 06-2025 Onerado'!$B$11:$C$50004,2,0)))","v":"Transporte Com Caminhão Carroceria 9T, Em Via Urbana Pavimentada, Adicional Para Dmt Excedente A 30 Km (Unidade: Txkm). Af_07/2020"},{"$f":"IF(H25=\"i\",VLOOKUP(B25,'Ins SINAPI PE 06-2025 Onerado'!$B$11:$F$50003,2,0),VLOOKUP(B25,'Comp SINAPI PE 06-2025 Onerado'!$B$11:$H$50004,3,0))","v":"TXKM"},{"$f":"'Memorial de cálculo'!H24","v":1306},{"$f":"IF(H25=\"i\",VLOOKUP(B25,'Ins SINAPI PE 06-2025 Onerado'!$B$11:$F$50003,5,0),VLOOKUP(B25,'Comp SINAPI PE 06-2025 Onerado'!$B$11:$E$50004,4,0))","v":0.88},{"$f":"TRUNC(E25*F25,2)","v":1149.28},"ca"]
[{"$f":"B19","v":"CPU.02"},null,"SERVIÇOS",null,null,null,0,"ss"]
[{"$f":"B19","v":"CPU.02"},null,"MÃO DE OBRA",null,null,null,0,"mdo"]
[]
[null,"CPU.03","Execução de canteiro de obras, inclusive, limpeza, refeitório, sanitários e central de formas","m2",1,null,{"$f":"SUM(G38,G32,G31,G30)","v":738.73},"S"]
[{"$f":"B29","v":"CPU.03"},null,"MATERIAL",null,null,null,0,"ss"]
[{"$f":"B29","v":"CPU.03"},null,"EQUIPAMENTOS ",null,null,null,0,"ss"]
[{"$f":"B29","v":"CPU.03"},null,"SERVIÇOS",null,null,null,{"$f":"SUM(G33:G37)","v":738.73},"ss"]
["SINAPI",98524,{"$f":"PROPER(IF(H33=\"i\",VLOOKUP(B33,'Ins SINAPI PE 06-2025 Onerado'!$B$11:$F$50003,2,0),VLOOKUP(B33,'Comp SINAPI PE 06-2025 Onerado'!$B$11:$C$50004,2,0)))","v":"Limpeza Manual De Vegetação Em Terreno Com Enxada. Af_03/2024"},{"$f":"IF(H33=\"i\",VLOOKUP(B33,'Ins SINAPI PE 06-2025 Onerado'!$B$11:$F$50003,2,0),VLOOKUP(B33,'Comp SINAPI PE 06-2025 Onerado'!$B$11:$H$50004,3,0))","v":"M2"},1,{"$f":"IF(H33=\"i\",VLOOKUP(B33,'Ins SINAPI PE 06-2025 Onerado'!$B$11:$F$50003,5,0),VLOOKUP(B33,'Comp SINAPI PE 06-2025 Onerado'!$B$11:$E$50004,4,0))","v":5.13},{"$f":"TRUNC(E33*F33,2)","v":5.13},"ca"]
["PRÓPRIA","93210-ADAPTADA","EXECUÇÃO DE REFEITÓRIO EM CANTEIRO DE OBRA EM CHAPA DE MADEIRA COMPENSADA, NÃO INCLUSO MOBILIÁRIO E EQUIPAMENTOS.  AF_02/2016","m2",{"$f":"'Memorial de cálculo'!H29/'Memorial de cálculo'!H28","v":0.26315789473684209},599.5,{"$f":"TRUNC(E34*F34,2)","v":157.76},"ca"]
["PRÓPRIA","93212-ADAPTADA","EXECUÇÃO DE SANITÁRIO E VESTIÁRIO EM CANTEIRO DE OBRA EM CHAPA DE MADEIRA COMPENSADA, NÃO INCLUSO MOBILIÁRIO. AF_02/2016","m2",{"$f":"'Memorial de cálculo'!H30/'Memorial de cálculo'!H28","v":0.31578947368421051},974.76,{"$f":"TRUNC(E35*F35,2)","v":307.81},"ca"]
["PRÓPRIA","93583-ADAPTADA","EXECUÇÃO DE CENTRAL DE FÔRMAS, PRODUÇÃO DE ARGAMASSA OU CONCRETO EM CANTEIRO DE OBRA, NÃO INCLUSO MOBILIÁRIO E EQUIPAMENTOS. AF_04/2016","m2",{"$f":"'Memorial de cálculo'!H31/'Memorial de cálculo'!H28","v":0.42105263157894735},571.86,{"$f":"TRUNC(E36*F36,2)","v":240.78},"ca"]
["PRÓPRIA","CODE","Hospedagem","un",{"$f":"'Memorial de cálculo'!D33*'Memorial de cálculo'!H33","v":0.13943749999999999},195.43,{"$f":"TRUNC(E37*F37,2)","v":27.25},"ca"]
[{"$f":"B29","v":"CPU.03"},null,"MÃO DE OBRA",null,null,null,0,"mdo"]
[]
[null,"CPU.04","Limpeza de vegetação","m2",1,null,{"$f":"SUM(G48,G43,G42,G41)","v":7.8699999999999992},"S",null,{"$f":"G40*14000","v":110179.99999999999}]
[{"$f":"B40","v":"CPU.04"},null,"MATERIAL",null,null,null,0,"ss"]
[{"$f":"B40","v":"CPU.04"},null,"EQUIPAMENTOS ",null,null,null,0,"ss"]
[{"$f":"B40","v":"CPU.04"},null,"SERVIÇOS",null,null,null,{"$f":"SUM(G44:G47)","v":7.8699999999999992},"ss"]
["SINAPI",98524,{"$f":"PROPER(IF(H44=\"i\",VLOOKUP(B44,'Ins SINAPI PE 06-2025 Onerado'!$B$11:$F$50003,2,0),VLOOKUP(B44,'Comp SINAPI PE 06-2025 Onerado'!$B$11:$C$50004,2,0)))","v":"Limpeza Manual De Vegetação Em Terreno Com Enxada. Af_03/2024"},{"$f":"IF(H44=\"i\",VLOOKUP(B44,'Ins SINAPI PE 06-2025 Onerado'!$B$11:$F$50003,2,0),VLOOKUP(B44,'Comp SINAPI PE 06-2025 Onerado'!$B$11:$H$50004,3,0))","v":"M2"},1,{"$f":"IF(H44=\"i\",VLOOKUP(B44,'Ins SINAPI PE 06-2025 Onerado'!$B$11:$F$50003,5,0),VLOOKUP(B44,'Comp SINAPI PE 06-2025 Onerado'!$B$11:$E$50004,4,0))","v":5.13},{"$f":"TRUNC(E44*F44,2)","v":5.13},"ca"]
["PRÓPRIA","CODE","Hospedagem","un",{"$f":"'Memorial de cálculo'!D37*'Memorial de cálculo'!H37","v":2.5000000000000001E-3},252.8,{"$f":"TRUNC(E45*F45,2)","v":0.63},"ca"]
["PRÓPRIA","CODE","Veículo tipo pick-up, cabine dupla - 2.0 16V 4x4 diesel Aut.","dia",{"$f":"'Memorial de cálculo'!H37","v":6.2500000000000001E-4},{"$f":"'CPU-VEICULO_PickUp (2)'!C11","v":174.4736184574264},{"$f":"TRUNC(E46*F46,2)","v":0.1},"ca"]
["SINAPI",93589,{"$f":"PROPER(IF(H47=\"i\",VLOOKUP(B47,'Ins SINAPI PE 06-2025 Onerado'!$B$11:$F$50003,2,0),VLOOKUP(B47,'Comp SINAPI PE 06-2025 Onerado'!$B$11:$C$50004,2,0)))","v":"Transporte Com Caminhão Basculante De 10 M³, Em Via Urbana Em Revestimento Primário (Unidade: M3Xkm). Af_07/2020"},{"$f":"IF(H47=\"i\",VLOOKUP(B47,'Ins SINAPI PE 06-2025 Onerado'!$B$11:$F$50003,2,0),VLOOKUP(B47,'Comp SINAPI PE 06-2025 Onerado'!$B$11:$H$50004,3,0))","v":"M3XKM"},{"$f":"15*0.05","v":0.75},{"$f":"IF(H47=\"i\",VLOOKUP(B47,'Ins SINAPI PE 06-2025 Onerado'!$B$11:$F$50003,5,0),VLOOKUP(B47,'Comp SINAPI PE 06-2025 Onerado'!$B$11:$E$50004,4,0))","v":2.69},{"$f":"TRUNC(E47*F47,2)","v":2.0099999999999998},"ca","considerando 5 cm de altura da vegetação e 15 km para bota-fora"]
[{"$f":"B40","v":"CPU.04"},null,"MÃO DE OBRA",null,null,null,0,"mdo"]
[]
[null,"CPU.05","Corte de tronco e remoção de raiz","un",1,null,{"$f":"SUM(G61,G53,G52,G51)","v":403.07},"S"]
[{"$f":"B50","v":"CPU.05"},null,"MATERIAL",null,null,null,0,"ss"]
[{"$f":"B50","v":"CPU.05"},null,"EQUIPAMENTOS ",null,null,null,0,"ss"]
[{"$f":"B50","v":"CPU.05"},null,"SERVIÇOS",null,null,null,{"$f":"SUM(G54:G60)","v":403.07},"ss"]
["SINAPI",98529,{"$f":"PROPER(IF(H54=\"i\",VLOOKUP(B54,'Ins SINAPI PE 06-2025 Onerado'!$B$11:$F$50003,2,0),VLOOKUP(B54,'Comp SINAPI PE 06-2025 Onerado'!$B$11:$C$50004,2,0)))","v":"Corte Raso E Recorte De Árvore Com Diâmetro De Tronco Maior Ou Igual A 0,20 M E Menor Que 0,40 M. Af_03/2024"},{"$f":"IF(H54=\"i\",VLOOKUP(B54,'Ins SINAPI PE 06-2025 Onerado'!$B$11:$F$50003,2,0),VLOOKUP(B54,'Comp SINAPI PE 06-2025 Onerado'!$B$11:$H$50004,3,0))","v":"UN"},1,{"$f":"IF(H54=\"i\",VLOOKUP(B54,'Ins SINAPI PE 06-2025 Onerado'!$B$11:$F$50003,5,0),VLOOKUP(B54,'Comp SINAPI PE 06-2025 Onerado'!$B$11:$E$50004,4,0))","v":81.17},{"$f":"TRUNC(E54*F54,2)","v":81.17},"ca"]
["SINAPI",98526,{"$f":"PROPER(IF(H55=\"i\",VLOOKUP(B55,'Ins SINAPI PE 06-2025 Onerado'!$B$11:$F$50003,2,0),VLOOKUP(B55,'Comp SINAPI PE 06-2025 Onerado'!$B$11:$C$50004,2,0)))","v":"Remoção De Raízes Remanescentes De Tronco De Árvore Com Diâmetro Maior Ou Igual A 0,20 M E Menor Que 0,40 M. Af_03/2024"},{"$f":"IF(H55=\"i\",VLOOKUP(B55,'Ins SINAPI PE 06-2025 Onerado'!$B$11:$F$50003,2,0),VLOOKUP(B55,'Comp SINAPI PE 06-2025 Onerado'!$B$11:$H$50004,3,0))","v":"UN"},1,{"$f":"IF(H55=\"i\",VLOOKUP(B55,'Ins SINAPI PE 06-2025 Onerado'!$B$11:$F$50003,5,0),VLOOKUP(B55,'Comp SINAPI PE 06-2025 Onerado'!$B$11:$E$50004,4,0))","v":130.79},130.79,"ca"]
["SINAPI",6081,{"$f":"PROPER(IF(H56=\"i\",VLOOKUP(B56,'Ins SINAPI PE 06-2025 Onerado'!$B$11:$F$50003,2,0),VLOOKUP(B56,'Comp SINAPI PE 06-2025 Onerado'!$G$11:$H$50004,2,0)))","v":"Argila Ou Barro Para Aterro/Reaterro (Com Transporte Ate 10 Km)"},{"$f":"IF(H56=\"i\",VLOOKUP(B56,'Ins SINAPI PE 06-2025 Onerado'!$B$11:$F$50003,3,0),VLOOKUP(B56,'Comp SINAPI PE 06-2025 Onerado'!$G$11:$H$50004,3,0))","v":"M3"},0.5,54.26,27.13,"i","considerando 0,5 m3 por árvore"]
["SINAPI",93382,{"$f":"PROPER(IF(H57=\"i\",VLOOKUP(B57,'Ins SINAPI PE 06-2025 Onerado'!$B$11:$F$50003,2,0),VLOOKUP(B57,'Comp SINAPI PE 06-2025 Onerado'!$B$11:$C$50004,2,0)))","v":"Reaterro Manual De Valas, Com Compactador De Solos De Percussão. Af_08/2023"},{"$f":"IF(H57=\"i\",VLOOKUP(B57,'Ins SINAPI PE 06-2025 Onerado'!$B$11:$F$50003,2,0),VLOOKUP(B57,'Comp SINAPI PE 06-2025 Onerado'!$B$11:$H$50004,3,0))","v":"M3"},0.5,{"$f":"IF(H57=\"i\",VLOOKUP(B57,'Ins SINAPI PE 06-2025 Onerado'!$B$11:$F$50003,5,0),VLOOKUP(B57,'Comp SINAPI PE 06-2025 Onerado'!$B$11:$E$50004,4,0))","v":27.38},13.69,"ca"]
["PRÓPRIA","CODE","Hospedagem","un",{"$f":"'Memorial de cálculo'!D41*'Memorial de cálculo'!H41+'Memorial de cálculo'!D42*'Memorial de cálculo'!H42","v":0.41525000000000001},252.8,104.97,"ca"]
["PRÓPRIA","CODE","Veículo tipo pick-up, cabine dupla - 2.0 16V 4x4 diesel Aut.","dia",{"$f":"LARGE('Memorial de cálculo'!H41:H42,1)","v":0.1441875},{"$f":"'CPU-VEICULO_PickUp (2)'!C11","v":174.4736184574264},25.15,"ca"]
["SINAPI",93589,{"$f":"PROPER(IF(H60=\"i\",VLOOKUP(B60,'Ins SINAPI PE 06-2025 Onerado'!$B$11:$F$50003,2,0),VLOOKUP(B60,'Comp SINAPI PE 06-2025 Onerado'!$B$11:$C$50004,2,0)))","v":"Transporte Com Caminhão Basculante De 10 M³, Em Via Urbana Em Revestimento Primário (Unidade: M3Xkm). Af_07/2020"},{"$f":"IF(H60=\"i\",VLOOKUP(B60,'Ins SINAPI PE 06-2025 Onerado'!$B$11:$F$50003,2,0),VLOOKUP(B60,'Comp SINAPI PE 06-2025 Onerado'!$B$11:$H$50004,3,0))","v":"M3XKM"},{"$f":"15*0.5","v":7.5},{"$f":"IF(H60=\"i\",VLOOKUP(B60,'Ins SINAPI PE 06-2025 Onerado'!$B$11:$F$50003,5,0),VLOOKUP(B60,'Comp SINAPI PE 06-2025 Onerado'!$B$11:$E$50004,4,0))","v":2.69},20.170000000000002,"ca","considerando 0,5 m3 por árvore e 15 km para bota-fora"]
[{"$f":"B50","v":"CPU.05"},null,"MÃO DE OBRA",null,null,null,0,"mdo"]
[]
[null,"CPU.06","Apicoamento da superfície","m2",1,null,{"$f":"SUM(G73,G66,G65,G64)","v":33.97},"S"]
["=B133",null,"MATERIAL",null,null,null,0,"ss"]
[{"$f":"B63","v":"CPU.06"},null,"EQUIPAMENTOS ",null,null,null,0,"ss"]
[{"$f":"B63","v":"CPU.06"},null,"SERVIÇOS",null,null,null,{"$f":"SUM(G67:G72)","v":33.97},"ss"]
["SINAPI",97631,{"$f":"PROPER(IF(H67=\"i\",VLOOKUP(B67,'Ins SINAPI PE 06-2025 Onerado'!$B$11:$F$50003,2,0),VLOOKUP(B67,'Comp SINAPI PE 06-2025 Onerado'!$B$11:$C$50004,2,0)))","v":"Demolição De Argamassas, De Forma Manual, Sem Reaproveitamento. Af_09/2023"},{"$f":"IF(H67=\"i\",VLOOKUP(B67,'Ins SINAPI PE 06-2025 Onerado'!$B$11:$F$50003,2,0),VLOOKUP(B67,'Comp SINAPI PE 06-2025 Onerado'!$B$11:$H$50004,3,0))","v":"M2"},{"$f":"0.05*15","v":0.75},{"$f":"IF(H67=\"i\",VLOOKUP(B67,'Ins SINAPI PE 06-2025 Onerado'!$B$11:$F$50003,5,0),VLOOKUP(B67,'Comp SINAPI PE 06-2025 Onerado'!$B$11:$E$50004,4,0))","v":12.75},{"$f":"TRUNC(E67*F67,2)","v":9.56},"ca"]
["SINAPI",93589,{"$f":"PROPER(IF(H68=\"i\",VLOOKUP(B68,'Ins SINAPI PE 06-2025 Onerado'!$B$11:$F$50003,2,0),VLOOKUP(B68,'Comp SINAPI PE 06-2025 Onerado'!$B$11:$C$50004,2,0)))","v":"Transporte Com Caminhão Basculante De 10 M³, Em Via Urbana Em Revestimento Primário (Unidade: M3Xkm). Af_07/2020"},{"$f":"IF(H68=\"i\",VLOOKUP(B68,'Ins SINAPI PE 06-2025 Onerado'!$B$11:$F$50003,2,0),VLOOKUP(B68,'Comp SINAPI PE 06-2025 Onerado'!$B$11:$H$50004,3,0))","v":"M3XKM"},{"$f":"0.05*15","v":0.75},{"$f":"IF(H68=\"i\",VLOOKUP(B68,'Ins SINAPI PE 06-2025 Onerado'!$B$11:$F$50003,5,0),VLOOKUP(B68,'Comp SINAPI PE 06-2025 Onerado'!$B$11:$E$50004,4,0))","v":2.69},2.0099999999999998,"ca","considerando 5 cm de entulho e 15 km para bota-fora"]
["SINAPI",95875,{"$f":"PROPER(IF(H69=\"i\",VLOOKUP(B69,'Ins SINAPI PE 06-2025 Onerado'!$B$11:$F$50003,2,0),VLOOKUP(B69,'Comp SINAPI PE 06-2025 Onerado'!$B$11:$C$50004,2,0)))","v":"Transporte Com Caminhão Basculante De 10 M³, Em Via Urbana Pavimentada, Dmt Até 30 Km (Unidade: M3Xkm). Af_07/2020"},{"$f":"IF(H69=\"i\",VLOOKUP(B69,'Ins SINAPI PE 06-2025 Onerado'!$B$11:$F$50003,2,0),VLOOKUP(B69,'Comp SINAPI PE 06-2025 Onerado'!$B$11:$H$50004,3,0))","v":"M3XKM"},{"$f":"0.05*15","v":0.75},{"$f":"IF(H69=\"i\",VLOOKUP(B69,'Ins SINAPI PE 06-2025 Onerado'!$B$11:$F$50003,5,0),VLOOKUP(B69,'Comp SINAPI PE 06-2025 Onerado'!$B$11:$E$50004,4,0))","v":2.48},1.86,"ca","considerando 5 cm de entulho e 15 km para bota-fora"]
["SINAPI",95875,{"$f":"PROPER(IF(H70=\"i\",VLOOKUP(B70,'Ins SINAPI PE 06-2025 Onerado'!$B$11:$F$50003,2,0),VLOOKUP(B70,'Comp SINAPI PE 06-2025 Onerado'!$B$11:$C$50004,2,0)))","v":"Transporte Com Caminhão Basculante De 10 M³, Em Via Urbana Pavimentada, Dmt Até 30 Km (Unidade: M3Xkm). Af_07/2020"},{"$f":"IF(H70=\"i\",VLOOKUP(B70,'Ins SINAPI PE 06-2025 Onerado'!$B$11:$F$50003,2,0),VLOOKUP(B70,'Comp SINAPI PE 06-2025 Onerado'!$B$11:$H$50004,3,0))","v":"M3XKM"},{"$f":"0.05*15","v":0.75},{"$f":"IF(H70=\"i\",VLOOKUP(B70,'Ins SINAPI PE 06-2025 Onerado'!$B$11:$F$50003,5,0),VLOOKUP(B70,'Comp SINAPI PE 06-2025 Onerado'!$B$11:$E$50004,4,0))","v":2.48},1.86,"ca","considerando 5 cm de entulho e 15 km para bota-fora"]
["PRÓPRIA","CODE","Hospedagem","un",{"$f":"'Memorial de cálculo'!D46*'Memorial de cálculo'!H46+'Memorial de cálculo'!D47*'Memorial de cálculo'!H47","v":6.2787499999999996E-2},252.8,15.87,"ca"]
["PRÓPRIA","CODE","Veículo tipo pick-up, cabine dupla - 2.0 16V 4x4 diesel Aut.","dia",{"$f":"LARGE('Memorial de cálculo'!H46:H47,1)","v":1.6133333333333333E-2},{"$f":"'CPU-VEICULO_PickUp (2)'!C11","v":174.4736184574264},2.81,"ca"]
[{"$f":"B63","v":"CPU.06"},null,"MÃO DE OBRA",null,null,null,0,"mdo"]
[]
[null,"CPU.07","Restauração com uso de concreto","m3",1,null,{"$f":"SUM(G86,G78,G77,G76)","v":1622.55},"S"]
[{"$f":"B75","v":"CPU.07"},null,"MATERIAL",null,null,null,0,"ss"]
[{"$f":"B75","v":"CPU.07"},null,"EQUIPAMENTOS ",null,null,null,0,"ss"]
[{"$f":"B75","v":"CPU.07"},null,"SERVIÇOS",null,null,null,{"$f":"SUM(G79:G85)","v":1622.55},"ss"]
["SINAPI",94975,{"$f":"PROPER(IF(H79=\"i\",VLOOKUP(B79,'Ins SINAPI PE 06-2025 Onerado'!$B$11:$F$50003,2,0),VLOOKUP(B79,'Comp SINAPI PE 06-2025 Onerado'!$B$11:$C$50004,2,0)))","v":"Concreto Fck = 15Mpa, Traço 1:3,4:3,5 (Em Massa Seca De Cimento/ Areia Média/ Brita 1) - Preparo Manual. Af_05/2021"},{"$f":"IF(H79=\"i\",VLOOKUP(B79,'Ins SINAPI PE 06-2025 Onerado'!$B$11:$F$50003,2,0),VLOOKUP(B79,'Comp SINAPI PE 06-2025 Onerado'!$B$11:$H$50004,3,0))","v":"M3"},1,{"$f":"IF(H79=\"i\",VLOOKUP(B79,'Ins SINAPI PE 06-2025 Onerado'!$B$11:$F$50003,5,0),VLOOKUP(B79,'Comp SINAPI PE 06-2025 Onerado'!$B$11:$E$50004,4,0))","v":515.38},{"$f":"TRUNC(E79*F79,2)","v":515.38},"ca"]
["SINAPI",93589,{"$f":"PROPER(IF(H80=\"i\",VLOOKUP(B80,'Ins SINAPI PE 06-2025 Onerado'!$B$11:$F$50003,2,0),VLOOKUP(B80,'Comp SINAPI PE 06-2025 Onerado'!$B$11:$C$50004,2,0)))","v":"Transporte Com Caminhão Basculante De 10 M³, Em Via Urbana Em Revestimento Primário (Unidade: M3Xkm). Af_07/2020"},{"$f":"IF(H80=\"i\",VLOOKUP(B80,'Ins SINAPI PE 06-2025 Onerado'!$B$11:$F$50003,2,0),VLOOKUP(B80,'Comp SINAPI PE 06-2025 Onerado'!$B$11:$H$50004,3,0))","v":"M3XKM"},{"$f":"'Memorial de cálculo'!$H$8","v":10.6},{"$f":"IF(H80=\"i\",VLOOKUP(B80,'Ins SINAPI PE 06-2025 Onerado'!$B$11:$F$50003,5,0),VLOOKUP(B80,'Comp SINAPI PE 06-2025 Onerado'!$B$11:$E$50004,4,0))","v":2.69},28.51,"ca"]
["SINAPI",95875,{"$f":"PROPER(IF(H81=\"i\",VLOOKUP(B81,'Ins SINAPI PE 06-2025 Onerado'!$B$11:$F$50003,2,0),VLOOKUP(B81,'Comp SINAPI PE 06-2025 Onerado'!$B$11:$C$50004,2,0)))","v":"Transporte Com Caminhão Basculante De 10 M³, Em Via Urbana Pavimentada, Dmt Até 30 Km (Unidade: M3Xkm). Af_07/2020"},{"$f":"IF(H81=\"i\",VLOOKUP(B81,'Ins SINAPI PE 06-2025 Onerado'!$B$11:$F$50003,2,0),VLOOKUP(B81,'Comp SINAPI PE 06-2025 Onerado'!$B$11:$H$50004,3,0))","v":"M3XKM"},{"$f":"30","v":30},{"$f":"IF(H81=\"i\",VLOOKUP(B81,'Ins SINAPI PE 06-2025 Onerado'!$B$11:$F$50003,5,0),VLOOKUP(B81,'Comp SINAPI PE 06-2025 Onerado'!$B$11:$E$50004,4,0))","v":2.48},74.400000000000006,"ca"]
["SINAPI",95875,{"$f":"PROPER(IF(H82=\"i\",VLOOKUP(B82,'Ins SINAPI PE 06-2025 Onerado'!$B$11:$F$50003,2,0),VLOOKUP(B82,'Comp SINAPI PE 06-2025 Onerado'!$B$11:$C$50004,2,0)))","v":"Transporte Com Caminhão Basculante De 10 M³, Em Via Urbana Pavimentada, Dmt Até 30 Km (Unidade: M3Xkm). Af_07/2020"},{"$f":"IF(H82=\"i\",VLOOKUP(B82,'Ins SINAPI PE 06-2025 Onerado'!$B$11:$F$50003,2,0),VLOOKUP(B82,'Comp SINAPI PE 06-2025 Onerado'!$B$11:$H$50004,3,0))","v":"M3XKM"},{"$f":"'Memorial de cálculo'!$H$7-30","v":130.6},{"$f":"IF(H82=\"i\",VLOOKUP(B82,'Ins SINAPI PE 06-2025 Onerado'!$B$11:$F$50003,5,0),VLOOKUP(B82,'Comp SINAPI PE 06-2025 Onerado'!$B$11:$E$50004,4,0))","v":2.48},323.88,"ca"]
["SINAPI",92268,{"$f":"PROPER(IF(H83=\"i\",VLOOKUP(B83,'Ins SINAPI PE 06-2025 Onerado'!$B$11:$F$50003,2,0),VLOOKUP(B83,'Comp SINAPI PE 06-2025 Onerado'!$B$11:$C$50004,2,0)))","v":"Fabricação De Fôrma Para Lajes, Em Chapa De Madeira Compensada Plastificada, E = 18 Mm. Af_09/2020"},{"$f":"IF(H83=\"i\",VLOOKUP(B83,'Ins SINAPI PE 06-2025 Onerado'!$B$11:$F$50003,2,0),VLOOKUP(B83,'Comp SINAPI PE 06-2025 Onerado'!$B$11:$H$50004,3,0))","v":"M2"},5.5,{"$f":"IF(H83=\"i\",VLOOKUP(B83,'Ins SINAPI PE 06-2025 Onerado'!$B$11:$F$50003,5,0),VLOOKUP(B83,'Comp SINAPI PE 06-2025 Onerado'!$B$11:$E$50004,4,0))","v":75.739999999999995},416.57,"ca"]
["PRÓPRIA","CODE","Hospedagem","un",{"$f":"'Memorial de cálculo'!D51*'Memorial de cálculo'!H51","v":0.77583749999999996},252.8,196.13,"ca"]
["PRÓPRIA","CODE","Veículo tipo pick-up, cabine dupla - 2.0 16V 4x4 diesel Aut.","dia",{"$f":"LARGE('Memorial de cálculo'!H51,1)","v":0.38791874999999998},{"$f":"'CPU-VEICULO_PickUp (2)'!C11","v":174.4736184574264},67.680000000000007,"ca"]
[{"$f":"B75","v":"CPU.07"},null,"MÃO DE OBRA",null,null,null,0,"mdo"]
[]
[null,"CPU.08","Régua Linimétrica Padrão “ANA”, Aço Carbono - 2 X 70 X 1000 mm (Fornecimento e Instalação)","un",1,null,{"$f":"SUM(G97,G93,G92,G89)","v":398.8},"S"]
[{"$f":"B88","v":"CPU.08"},null,"MATERIAL",null,null,null,{"$f":"SUM(G90:G91)","v":218.63},"ss"]
["2025-04-09","cotação","RÉGUA LINIMÉTRICA PADRÃO “ANA”, AÇO CARBONO - 2 X 70 X 1000MM","un",1,{"$f":"Cotação!O10","v":184.96666666666667},{"$f":"TRUNC(E90*F90,2)","v":184.96},"ca"]
["SINAPI",2747,{"$f":"PROPER(IF(H91=\"i\",VLOOKUP(B91,'Ins SINAPI PE 06-2025 Onerado'!$B$11:$F$50003,2,0),VLOOKUP(B91,'Comp SINAPI PE 06-2025 Onerado'!$G$11:$H$50004,2,0)))","v":"Mourao Rolico De Madeira Tratada, D = 16 A 20 Cm, H = 2,20 M, Em Eucalipto Ou Equivalente Da Regiao (Para Cerca)"},{"$f":"IF(H91=\"i\",VLOOKUP(B91,'Ins SINAPI PE 06-2025 Onerado'!$B$11:$F$50003,3,0),VLOOKUP(B91,'Comp SINAPI PE 06-2025 Onerado'!$G$11:$H$50004,3,0))","v":"M"},1.5,{"$f":"IF(H91=\"i\",VLOOKUP(B91,'Ins SINAPI PE 06-2025 Onerado'!$B$11:$F$50003,5,0),VLOOKUP(B91,'Comp SINAPI PE 06-2025 Onerado'!$G$11:$H$50004,5,0))","v":22.45},{"$f":"TRUNC(E91*F91,2)","v":33.67},"i"]
[{"$f":"B88","v":"CPU.08"},null,"EQUIPAMENTOS ",null,null,null,0,"ss"]
[{"$f":"B88","v":"CPU.08"},null,"SERVIÇOS",null,null,null,{"$f":"SUM(G94:G96)","v":115.88000000000001},"ss"]
["SINAPI",94975,{"$f":"PROPER(IF(H94=\"i\",VLOOKUP(B94,'Ins SINAPI PE 06-2025 Onerado'!$B$11:$F$50003,2,0),VLOOKUP(B94,'Comp SINAPI PE 06-2025 Onerado'!$B$11:$C$50004,2,0)))","v":"Concreto Fck = 15Mpa, Traço 1:3,4:3,5 (Em Massa Seca De Cimento/ Areia Média/ Brita 1) - Preparo Manual. Af_05/2021"},{"$f":"IF(H94=\"i\",VLOOKUP(B94,'Ins SINAPI PE 06-2025 Onerado'!$B$11:$F$50003,2,0),VLOOKUP(B94,'Comp SINAPI PE 06-2025 Onerado'!$B$11:$H$50004,3,0))","v":"M3"},0.01,{"$f":"IF(H94=\"i\",VLOOKUP(B94,'Ins SINAPI PE 06-2025 Onerado'!$B$11:$F$50003,5,0),VLOOKUP(B94,'Comp SINAPI PE 06-2025 Onerado'!$B$11:$E$50004,4,0))","v":515.38},{"$f":"TRUNC(E94*F94,2)","v":5.15},"ca"]
["PRÓPRIA","CODE","Hospedagem","un",{"$f":"'Memorial de cálculo'!D55*'Memorial de cálculo'!H55+'Memorial de cálculo'!D56*'Memorial de cálculo'!H56","v":0.30000000000000004},252.8,75.84,"ca"]
["PRÓPRIA","CODE","Veículo tipo pick-up, cabine dupla - 2.0 16V 4x4 diesel Aut.","dia",{"$f":"LARGE('Memorial de cálculo'!H55:H56,1)","v":0.2},{"$f":"'CPU-VEICULO_PickUp (2)'!C11","v":174.4736184574264},34.89,"ca"]
[{"$f":"B88","v":"CPU.08"},null,"MÃO DE OBRA",null,null,null,{"$f":"SUM(G98:G99)","v":64.290000000000006},"mdo"]
["SINAPI",90781,{"$f":"PROPER(IF(H98=\"i\",VLOOKUP(B98,'Ins SINAPI PE 06-2025 Onerado'!$B$11:$F$50003,2,0),VLOOKUP(B98,'Comp SINAPI PE 06-2025 Onerado'!$B$11:$C$50004,2,0)))","v":"Topografo Com Encargos Complementares"},{"$f":"IF(H98=\"i\",VLOOKUP(B98,'Ins SINAPI PE 06-2025 Onerado'!$B$11:$F$50003,2,0),VLOOKUP(B98,'Comp SINAPI PE 06-2025 Onerado'!$B$11:$H$50004,3,0))","v":"H"},0.8,{"$f":"IF(H98=\"i\",VLOOKUP(B98,'Ins SINAPI PE 06-2025 Onerado'!$B$11:$F$50003,5,0),VLOOKUP(B98,'Comp SINAPI PE 06-2025 Onerado'!$B$11:$E$50004,4,0))","v":32.22},25.77,"ca"]
["SINAPI",88316,{"$f":"PROPER(IF(H99=\"i\",VLOOKUP(B99,'Ins SINAPI PE 06-2025 Onerado'!$B$11:$F$50003,2,0),VLOOKUP(B99,'Comp SINAPI PE 06-2025 Onerado'!$B$11:$C$50004,2,0)))","v":"Servente Com Encargos Complementares"},{"$f":"IF(H99=\"i\",VLOOKUP(B99,'Ins SINAPI PE 06-2025 Onerado'!$B$11:$F$50003,2,0),VLOOKUP(B99,'Comp SINAPI PE 06-2025 Onerado'!$B$11:$H$50004,3,0))","v":"H"},1.6,{"$f":"IF(H99=\"i\",VLOOKUP(B99,'Ins SINAPI PE 06-2025 Onerado'!$B$11:$F$50003,5,0),VLOOKUP(B99,'Comp SINAPI PE 06-2025 Onerado'!$B$11:$E$50004,4,0))","v":24.08},38.520000000000003,"ca"]
[]
[null,"CPU.09","Emboço ou massa única em argamassa","m2",1,null,{"$f":"SUM(G108,G104,G103,G102)","v":107.05},"S"]
[{"$f":"B101","v":"CPU.09"},null,"MATERIAL",null,null,null,0,"ss"]
[{"$f":"B101","v":"CPU.09"},null,"EQUIPAMENTOS ",null,null,null,0,"ss"]
[{"$f":"B101","v":"CPU.09"},null,"SERVIÇOS",null,null,null,{"$f":"SUM(G105:G107)","v":107.05},"ss"]
["SINAPI",104208,{"$f":"PROPER(IF(H105=\"i\",VLOOKUP(B105,'Ins SINAPI PE 06-2025 Onerado'!$B$11:$F$50003,2,0),VLOOKUP(B105,'Comp SINAPI PE 06-2025 Onerado'!$B$11:$C$50004,2,0)))","v":"Emboço Ou Massa Única Em Argamassa Traço 1:2:8, Preparo Mecânica Com Betoneira 400 L, Aplicada Com Projetor Tipo Canequinha Em Panos De Fachada Sem Presença De Vãos, Espessura De 35 Mm, Acesso Por Balancim Manual. Af_08/2022"},{"$f":"IF(H105=\"i\",VLOOKUP(B105,'Ins SINAPI PE 06-2025 Onerado'!$B$11:$F$50003,2,0),VLOOKUP(B105,'Comp SINAPI PE 06-2025 Onerado'!$B$11:$H$50004,3,0))","v":"M2"},1,{"$f":"IF(H105=\"i\",VLOOKUP(B105,'Ins SINAPI PE 06-2025 Onerado'!$B$11:$F$50003,5,0),VLOOKUP(B105,'Comp SINAPI PE 06-2025 Onerado'!$B$11:$E$50004,4,0))","v":66.67},{"$f":"TRUNC(E105*F105,2)","v":66.67},"ca"]
["PRÓPRIA","CODE","Hospedagem","un",{"$f":"'Memorial de cálculo'!D60*'Memorial de cálculo'!H60+'Memorial de cálculo'!D61*'Memorial de cálculo'!H61","v":0.13625000000000001},252.8,{"$f":"TRUNC(E106*F106,2)","v":34.44},"ca"]
["PRÓPRIA","CODE","Veículo tipo pick-up, cabine dupla - 2.0 16V 4x4 diesel Aut.","dia",{"$f":"LARGE('Memorial de cálculo'!H60:H61,1)","v":3.4062500000000002E-2},{"$f":"'CPU-VEICULO_PickUp (2)'!C11","v":174.4736184574264},{"$f":"TRUNC(E107*F107,2)","v":5.94},"ca"]
[{"$f":"B101","v":"CPU.09"},null,"MÃO DE OBRA",null,null,null,0,"mdo"]
[]
[null,"CPU.10","Limpeza da superfície","m2",1,null,{"$f":"SUM(G117,G113,G112,G111)","v":5.9899999999999993},"S"]
[{"$f":"B110","v":"CPU.10"},null,"MATERIAL",null,null,null,0,"ss"]
[{"$f":"B110","v":"CPU.10"},null,"EQUIPAMENTOS ",null,null,null,0,"ss"]
[{"$f":"B110","v":"CPU.10"},null,"SERVIÇOS",null,null,null,{"$f":"SUM(G114:G116)","v":5.9899999999999993},"ss"]
["SINAPI",99814,{"$f":"PROPER(IF(H114=\"i\",VLOOKUP(B114,'Ins SINAPI PE 06-2025 Onerado'!$B$11:$F$50003,2,0),VLOOKUP(B114,'Comp SINAPI PE 06-2025 Onerado'!$B$11:$C$50004,2,0)))","v":"Limpeza De Superfície Com Jato De Alta Pressão. Af_04/2019"},{"$f":"IF(H114=\"i\",VLOOKUP(B114,'Ins SINAPI PE 06-2025 Onerado'!$B$11:$F$50003,2,0),VLOOKUP(B114,'Comp SINAPI PE 06-2025 Onerado'!$B$11:$H$50004,3,0))","v":"M2"},1,{"$f":"IF(H114=\"i\",VLOOKUP(B114,'Ins SINAPI PE 06-2025 Onerado'!$B$11:$F$50003,5,0),VLOOKUP(B114,'Comp SINAPI PE 06-2025 Onerado'!$B$11:$E$50004,4,0))","v":2.21},{"$f":"TRUNC(E114*F114,2)","v":2.21},"ca"]
["PRÓPRIA","CODE","Hospedagem","un",{"$f":"'Memorial de cálculo'!D65*'Memorial de cálculo'!H65","v":1.1124999999999999E-2},252.8,{"$f":"TRUNC(E115*F115,2)","v":2.81},"ca"]
["PRÓPRIA","CODE","Veículo tipo pick-up, cabine dupla - 2.0 16V 4x4 diesel Aut.","dia",{"$f":"LARGE('Memorial de cálculo'!H65,1)","v":5.5624999999999997E-3},{"$f":"'CPU-VEICULO_PickUp (2)'!C11","v":174.4736184574264},{"$f":"TRUNC(E116*F116,2)","v":0.97},"ca"]
[{"$f":"B110","v":"CPU.10"},null,"MÃO DE OBRA",null,null,null,0,"mdo"]
[]
[null,"CPU.11","Projeto geométrico","un",1,null,{"$f":"SUM(G123,G122,G121,G120)","v":8599.1},"S"]
[{"$f":"B119","v":"CPU.11"},null,"MATERIAL",null,null,null,0,"ss"]
[{"$f":"B119","v":"CPU.11"},null,"EQUIPAMENTOS ",null,null,null,0,"ss"]
[{"$f":"B119","v":"CPU.11"},null,"SERVIÇOS",null,null,null,0,"ss"]
[{"$f":"B119","v":"CPU.11"},null,"MÃO DE OBRA",null,null,null,{"$f":"SUM(G124:G126)","v":8599.1},"mdo"]
["SINAPI",90777,{"$f":"PROPER(IF(H124=\"i\",VLOOKUP(B124,'Ins SINAPI PE 06-2025 Onerado'!$B$11:$F$50003,2,0),VLOOKUP(B124,'Comp SINAPI PE 06-2025 Onerado'!$B$11:$C$50004,2,0)))","v":"Engenheiro Civil De Obra Junior Com Encargos Complementares"},{"$f":"IF(H124=\"i\",VLOOKUP(B124,'Ins SINAPI PE 06-2025 Onerado'!$B$11:$F$50003,2,0),VLOOKUP(B124,'Comp SINAPI PE 06-2025 Onerado'!$B$11:$H$50004,3,0))","v":"H"},30,{"$f":"IF(H124=\"i\",VLOOKUP(B124,'Ins SINAPI PE 06-2025 Onerado'!$B$11:$F$50003,5,0),VLOOKUP(B124,'Comp SINAPI PE 06-2025 Onerado'!$B$11:$E$50004,4,0))","v":129.55000000000001},{"$f":"TRUNC(E124*F124,2)","v":3886.5},"ca"]
["SINAPI",90779,{"$f":"PROPER(IF(H125=\"i\",VLOOKUP(B125,'Ins SINAPI PE 06-2025 Onerado'!$B$11:$F$50003,2,0),VLOOKUP(B125,'Comp SINAPI PE 06-2025 Onerado'!$B$11:$C$50004,2,0)))","v":"Engenheiro Civil De Obra Senior Com Encargos Complementares"},{"$f":"IF(H125=\"i\",VLOOKUP(B125,'Ins SINAPI PE 06-2025 Onerado'!$B$11:$F$50003,2,0),VLOOKUP(B125,'Comp SINAPI PE 06-2025 Onerado'!$B$11:$H$50004,3,0))","v":"H"},20,{"$f":"IF(H125=\"i\",VLOOKUP(B125,'Ins SINAPI PE 06-2025 Onerado'!$B$11:$F$50003,5,0),VLOOKUP(B125,'Comp SINAPI PE 06-2025 Onerado'!$B$11:$E$50004,4,0))","v":161.77000000000001},{"$f":"TRUNC(E125*F125,2)","v":3235.4},"ca"]
["SINAPI",90775,{"$f":"PROPER(IF(H126=\"i\",VLOOKUP(B126,'Ins SINAPI PE 06-2025 Onerado'!$B$11:$F$50003,2,0),VLOOKUP(B126,'Comp SINAPI PE 06-2025 Onerado'!$B$11:$C$50004,2,0)))","v":"Desenhista Projetista Com Encargos Complementares"},{"$f":"IF(H126=\"i\",VLOOKUP(B126,'Ins SINAPI PE 06-2025 Onerado'!$B$11:$F$50003,2,0),VLOOKUP(B126,'Comp SINAPI PE 06-2025 Onerado'!$B$11:$H$50004,3,0))","v":"H"},60,{"$f":"IF(H126=\"i\",VLOOKUP(B126,'Ins SINAPI PE 06-2025 Onerado'!$B$11:$F$50003,5,0),VLOOKUP(B126,'Comp SINAPI PE 06-2025 Onerado'!$B$11:$E$50004,4,0))","v":24.62},{"$f":"TRUNC(E126*F126,2)","v":1477.2},"ca"]
[]
[null,"CPU.12","Disponibilidade de veículo para apoio a fiscalização, inclusive combustível","un",1,null,{"$f":"SUM(G133,G131,G130,G129)","v":174.47},"S"]
[{"$f":"B128","v":"CPU.12"},null,"MATERIAL",null,null,null,0,"ss"]
[{"$f":"B128","v":"CPU.12"},null,"EQUIPAMENTOS ",null,null,null,0,"ss"]
[{"$f":"B128","v":"CPU.12"},null,"SERVIÇOS",null,null,null,{"$f":"SUM(G132:G132)","v":174.47},"ss"]
["PRÓPRIA","CODE","Veículo tipo pick-up, cabine dupla - 2.0 16V 4x4 diesel Aut.","dia",1,{"$f":"'CPU-VEICULO_PickUp (2)'!C11","v":174.4736184574264},{"$f":"TRUNC(E132*F132,2)","v":174.47},"ca"]
[{"$f":"B128","v":"CPU.12"},null,"MÃO DE OBRA",null,null,null,0,"mdo"]
[]
[null,"CPU.13","Selagem de fissuras com resina epóxi","m",1,null,{"$f":"SUM(G142,G138,G137,G136)","v":45.49},"S"]
[{"$f":"B135","v":"CPU.13"},null,"MATERIAL",null,null,null,0,"ss"]
[{"$f":"B135","v":"CPU.13"},null,"EQUIPAMENTOS ",null,null,null,0,"ss"]
[{"$f":"B135","v":"CPU.13"},null,"SERVIÇOS",null,null,null,{"$f":"SUM(G139:G141)","v":45.49},"ss"]
["SICRO",4915653,"Selagem superficial de fissuras com adesivo estrutural à base de resina epóxi de alta viscosidade, inclusive limpeza superficial - fornecimento e aplicação","kg",0.3,73.91,{"$f":"TRUNC(E139*F139,2)","v":22.17},"ca"]
["PRÓPRIA","CODE","Hospedagem","un",{"$f":"'Memorial de cálculo'!D75*'Memorial de cálculo'!H75","v":7.4999999999999997E-2},252.8,{"$f":"TRUNC(E140*F140,2)","v":18.96},"ca"]
["PRÓPRIA","CODE","Veículo tipo pick-up, cabine dupla - 2.0 16V 4x4 diesel Aut.","dia",{"$f":"LARGE('Memorial de cálculo'!H75:H75,1)","v":2.4999999999999998E-2},{"$f":"'CPU-VEICULO_PickUp (2)'!C11","v":174.4736184574264},{"$f":"TRUNC(E141*F141,2)","v":4.3600000000000003},"ca"]
[{"$f":"B135","v":"CPU.13"},null,"MÃO DE OBRA",null,null,null,0,"mdo"]
[]
[null,"CPU.14","Concreto projetado c/ aditivo impermeabilizante ","m3",1,null,{"$f":"SUM(G152,G148,G147,G145)","v":1698.3000000000002},"S"]
[{"$f":"B144","v":"CPU.14"},null,"MATERIAL",null,null,null,{"$f":"SUM(G146)","v":407.87},"ss"]
["SINAPI",45146,{"$f":"PROPER(IF(H146=\"i\",VLOOKUP(B146,'Ins SINAPI PE 06-2025 Onerado'!$B$11:$F$50003,2,0),VLOOKUP(B146,'Comp SINAPI PE 06-2025 Onerado'!$B$11:$C$50004,2,0)))","v":"Aditivo Impermeabilizante Cristalizante Para Concreto"},{"$f":"IF(H146=\"i\",VLOOKUP(B146,'Ins SINAPI PE 06-2025 Onerado'!$B$11:$F$50003,3,0),VLOOKUP(B146,'Comp SINAPI PE 06-2025 Onerado'!$B$11:$H$50004,3,0))","v":"KG"},{"$f":"'Memorial de cálculo'!$E$82","v":11.633515600000001},{"$f":"IF(H146=\"i\",VLOOKUP(B146,'Ins SINAPI PE 06-2025 Onerado'!$B$11:$F$50003,5,0),VLOOKUP(B146,'Comp SINAPI PE 06-2025 Onerado'!$B$11:$E$50004,4,0))","v":35.06},{"$f":"TRUNC(E146*F146,2)","v":407.87},"i"]
[{"$f":"B144","v":"CPU.14"},null,"EQUIPAMENTOS ",null,null,null,0,"ss"]
[{"$f":"B144","v":"CPU.14"},null,"SERVIÇOS",null,null,null,{"$f":"SUM(G149:G151)","v":1290.43},"ss"]
["SICRO",1207711,"Concreto projetado via seca fck = 20 MPa aplicado em superfícies inclinadas e verticais","m3",1,1110.6300000000001,{"$f":"TRUNC(E149*F149,2)","v":1110.6300000000001},"ca"]
["PRÓPRIA","CODE","Hospedagem","un",{"$f":"'Memorial de cálculo'!D79*'Memorial de cálculo'!H79+'Memorial de cálculo'!D80*'Memorial de cálculo'!H80","v":0.625},252.8,{"$f":"TRUNC(E150*F150,2)","v":158},"ca"]
["PRÓPRIA","CODE","Veículo tipo pick-up, cabine dupla - 2.0 16V 4x4 diesel Aut.","dia",{"$f":"LARGE('Memorial de cálculo'!H79:H80,1)","v":0.125},{"$f":"'CPU-VEICULO_PickUp (2)'!C11","v":174.4736184574264},{"$f":"TRUNC(E151*F151,2)","v":21.8},"ca"]
[{"$f":"B144","v":"CPU.14"},null,"MÃO DE OBRA",null,null,null,0,"mdo"]
[]
[null,"CPU.15","Preenchimento de espaços vazios com argamassa traço 1:3","m3",1,null,{"$f":"SUM(G161,G157,G156,G155)","v":1055.28},"S"]
[{"$f":"B154","v":"CPU.15"},null,"MATERIAL",null,null,null,0]
[{"$f":"B154","v":"CPU.15"},null,"EQUIPAMENTOS ",null,null,null,0,"ss"]
[{"$f":"B154","v":"CPU.15"},null,"SERVIÇOS",null,null,null,{"$f":"SUM(G158:G160)","v":1055.28},"ss"]
["SINAPI",88629,{"$f":"PROPER(IF(H158=\"i\",VLOOKUP(B158,'Ins SINAPI PE 06-2025 Onerado'!$B$11:$F$50003,2,0),VLOOKUP(B158,'Comp SINAPI PE 06-2025 Onerado'!$B$11:$C$50004,2,0)))","v":"Argamassa Traço 1:3 (Em Volume De Cimento E Areia Média Úmida), Preparo Manual. Af_08/2019"},{"$f":"IF(H158=\"i\",VLOOKUP(B158,'Ins SINAPI PE 06-2025 Onerado'!$B$11:$F$50003,3,0),VLOOKUP(B158,'Comp SINAPI PE 06-2025 Onerado'!$B$11:$H$50004,3,0))","v":"M3"},1,{"$f":"IF(H158=\"i\",VLOOKUP(B158,'Ins SINAPI PE 06-2025 Onerado'!$B$11:$F$50003,5,0),VLOOKUP(B158,'Comp SINAPI PE 06-2025 Onerado'!$B$11:$E$50004,4,0))","v":691.02},{"$f":"TRUNC(E158*F158,2)","v":691.02},"ca"]
["PRÓPRIA","CODE","Hospedagem","un",{"$f":"'Memorial de cálculo'!D86*'Memorial de cálculo'!H86","v":1.07125},252.8,{"$f":"TRUNC(E159*F159,2)","v":270.81},"ca"]
["PRÓPRIA","CODE","Veículo tipo pick-up, cabine dupla - 2.0 16V 4x4 diesel Aut.","dia",{"$f":"LARGE('Memorial de cálculo'!H86:H86,1)","v":0.53562500000000002},{"$f":"'CPU-VEICULO_PickUp (2)'!C11","v":174.4736184574264},{"$f":"TRUNC(E160*F160,2)","v":93.45},"ca"]
[{"$f":"B154","v":"CPU.15"},null,"MÃO DE OBRA",null,null,null,0,"mdo"]
[]
[null,"CPU.16","Troca do registro de gaveta, incluso registro DN 150 mm","un",1,null,{"$f":"SUM(G170,G166,G165,G164)","v":85.330000000000013},"S"]
[{"$f":"B163","v":"CPU.16"},null,"MATERIAL",null,null,null,0]
[{"$f":"B163","v":"CPU.16"},null,"EQUIPAMENTOS ",null,null,null,0,"ss"]
[{"$f":"B163","v":"CPU.16"},null,"SERVIÇOS",null,null,null,{"$f":"SUM(G167:G169)","v":85.330000000000013},"ss"]
["SINAPI",103530,{"$f":"PROPER(IF(H167=\"i\",VLOOKUP(B167,'Ins SINAPI PE 06-2025 Onerado'!$B$11:$F$50003,2,0),VLOOKUP(B167,'Comp SINAPI PE 06-2025 Onerado'!$B$11:$C$50004,2,0)))","v":"Registro De Gaveta De Ferro Fundido Para Rede De Água Ou Esgoto, Dn 150 Mm, Junta Flangeada. Af_01/2021"},{"$f":"IF(H167=\"i\",VLOOKUP(B167,'Ins SINAPI PE 06-2025 Onerado'!$B$11:$F$50003,3,0),VLOOKUP(B167,'Comp SINAPI PE 06-2025 Onerado'!$B$11:$H$50004,3,0))","v":"UN"},1,57.77,{"$f":"TRUNC(E167*F167,2)","v":57.77},"ca"]
["PRÓPRIA","CODE","Hospedagem","un",{"$f":"'Memorial de cálculo'!D90*'Memorial de cálculo'!H90+'Memorial de cálculo'!D91*'Memorial de cálculo'!H91","v":6.8637500000000004E-2},252.8,{"$f":"TRUNC(E168*F168,2)","v":17.350000000000001},"ca"]
["PRÓPRIA","CODE","Veículo tipo pick-up, cabine dupla - 2.0 16V 4x4 diesel Aut.","dia",{"$f":"LARGE('Memorial de cálculo'!H90:H91,1)","v":5.8575000000000002E-2},{"$f":"'CPU-VEICULO_PickUp (2)'!C11","v":174.4736184574264},{"$f":"TRUNC(E169*F169,2)","v":10.210000000000001},"ca"]
[{"$f":"B163","v":"CPU.16"},null,"MÃO DE OBRA",null,null,null,0,"mdo"]
[]
[null,"CPU.17","Pintura esmalte, incl. base anticorrosiva e lixamento, em duas demãos","m2",1,null,{"$f":"SUM(G179,G175,G174,G173)","v":113.25999999999999},"S"]
[{"$f":"B172","v":"CPU.17"},null,"MATERIAL",null,null,null,0]
[{"$f":"B172","v":"CPU.17"},null,"EQUIPAMENTOS ",null,null,null,0,"ss"]
[{"$f":"B172","v":"CPU.17"},null,"SERVIÇOS",null,null,null,{"$f":"SUM(G176:G178)","v":113.25999999999999},"ss"]
["EMBASA","15.07.34","PINTURA ESMALTE EM METAL, INCL. BASE ANTICORROSIVA E LIXAMENTO, EM DUAS DEMAOS","M2",1,45.26,{"$f":"TRUNC(E176*F176,2)","v":45.26},"ca"]
["PRÓPRIA","CODE","Hospedagem","un",{"$f":"'Memorial de cálculo'!D95*'Memorial de cálculo'!H95+'Memorial de cálculo'!D96*'Memorial de cálculo'!H96","v":0.2},252.8,{"$f":"TRUNC(E177*F177,2)","v":50.56},"ca"]
["PRÓPRIA","CODE","Veículo tipo pick-up, cabine dupla - 2.0 16V 4x4 diesel Aut.","dia",{"$f":"LARGE('Memorial de cálculo'!H95:H96,1)","v":0.1},{"$f":"'CPU-VEICULO_PickUp (2)'!C11","v":174.4736184574264},{"$f":"TRUNC(E178*F178,2)","v":17.440000000000001},"ca"]
[{"$f":"B172","v":"CPU.17"},null,"MÃO DE OBRA",null,null,null,0,"mdo"]
[]
[null,"CPU.18","Caixa em concreto armado","m3",1,null,{"$f":"SUM(G193,G184,G183,G182)","v":1433.47},"S"]
[{"$f":"B181","v":"CPU.18"},null,"MATERIAL",null,null,null,0,"ss"]
[{"$f":"B181","v":"CPU.18"},null,"EQUIPAMENTOS ",null,null,null,0,"ss"]
[{"$f":"B181","v":"CPU.18"},null,"SERVIÇOS",null,null,null,{"$f":"SUM(G185:G192)","v":1433.47},"ss"]
["SINAPI",94975,{"$f":"PROPER(IF(H185=\"i\",VLOOKUP(B185,'Ins SINAPI PE 06-2025 Onerado'!$B$11:$F$50003,2,0),VLOOKUP(B185,'Comp SINAPI PE 06-2025 Onerado'!$B$11:$C$50004,2,0)))","v":"Concreto Fck = 15Mpa, Traço 1:3,4:3,5 (Em Massa Seca De Cimento/ Areia Média/ Brita 1) - Preparo Manual. Af_05/2021"},{"$f":"IF(H185=\"i\",VLOOKUP(B185,'Ins SINAPI PE 06-2025 Onerado'!$B$11:$F$50003,2,0),VLOOKUP(B185,'Comp SINAPI PE 06-2025 Onerado'!$B$11:$H$50004,3,0))","v":"M3"},1,{"$f":"IF(H185=\"i\",VLOOKUP(B185,'Ins SINAPI PE 06-2025 Onerado'!$B$11:$F$50003,5,0),VLOOKUP(B185,'Comp SINAPI PE 06-2025 Onerado'!$B$11:$E$50004,4,0))","v":515.38},{"$f":"TRUNC(E185*F185,2)","v":515.38},"ca"]
["SINAPI",97120,{"$f":"PROPER(IF(H186=\"i\",VLOOKUP(B186,'Ins SINAPI PE 06-2025 Onerado'!$B$11:$F$50003,2,0),VLOOKUP(B186,'Comp SINAPI PE 06-2025 Onerado'!$B$11:$C$50004,2,0)))","v":"Barras De Ligação, Aço Ca-50 De 10 Mm, Para Execução De Pavimento De Concreto - Fornecimento E Instalação. Af_04/2022"},{"$f":"IF(H186=\"i\",VLOOKUP(B186,'Ins SINAPI PE 06-2025 Onerado'!$B$11:$F$50003,2,0),VLOOKUP(B186,'Comp SINAPI PE 06-2025 Onerado'!$B$11:$H$50004,3,0))","v":"KG"},0.6,{"$f":"IF(H186=\"i\",VLOOKUP(B186,'Ins SINAPI PE 06-2025 Onerado'!$B$11:$F$50003,5,0),VLOOKUP(B186,'Comp SINAPI PE 06-2025 Onerado'!$B$11:$E$50004,4,0))","v":9.92},{"$f":"TRUNC(E186*F186,2)","v":5.95},"ca"]
["SINAPI",93589,{"$f":"PROPER(IF(H187=\"i\",VLOOKUP(B187,'Ins SINAPI PE 06-2025 Onerado'!$B$11:$F$50003,2,0),VLOOKUP(B187,'Comp SINAPI PE 06-2025 Onerado'!$B$11:$C$50004,2,0)))","v":"Transporte Com Caminhão Basculante De 10 M³, Em Via Urbana Em Revestimento Primário (Unidade: M3Xkm). Af_07/2020"},{"$f":"IF(H187=\"i\",VLOOKUP(B187,'Ins SINAPI PE 06-2025 Onerado'!$B$11:$F$50003,2,0),VLOOKUP(B187,'Comp SINAPI PE 06-2025 Onerado'!$B$11:$H$50004,3,0))","v":"M3XKM"},{"$f":"'Memorial de cálculo'!$H$8","v":10.6},{"$f":"IF(H187=\"i\",VLOOKUP(B187,'Ins SINAPI PE 06-2025 Onerado'!$B$11:$F$50003,5,0),VLOOKUP(B187,'Comp SINAPI PE 06-2025 Onerado'!$B$11:$E$50004,4,0))","v":2.69},{"$f":"TRUNC(E187*F187,2)","v":28.51},"ca"]
["SINAPI",95875,{"$f":"PROPER(IF(H188=\"i\",VLOOKUP(B188,'Ins SINAPI PE 06-2025 Onerado'!$B$11:$F$50003,2,0),VLOOKUP(B188,'Comp SINAPI PE 06-2025 Onerado'!$B$11:$C$50004,2,0)))","v":"Transporte Com Caminhão Basculante De 10 M³, Em Via Urbana Pavimentada, Dmt Até 30 Km (Unidade: M3Xkm). Af_07/2020"},{"$f":"IF(H188=\"i\",VLOOKUP(B188,'Ins SINAPI PE 06-2025 Onerado'!$B$11:$F$50003,2,0),VLOOKUP(B188,'Comp SINAPI PE 06-2025 Onerado'!$B$11:$H$50004,3,0))","v":"M3XKM"},{"$f":"30","v":30},{"$f":"IF(H188=\"i\",VLOOKUP(B188,'Ins SINAPI PE 06-2025 Onerado'!$B$11:$F$50003,5,0),VLOOKUP(B188,'Comp SINAPI PE 06-2025 Onerado'!$B$11:$E$50004,4,0))","v":2.48},74.400000000000006,"ca"]
["SINAPI",95875,{"$f":"PROPER(IF(H189=\"i\",VLOOKUP(B189,'Ins SINAPI PE 06-2025 Onerado'!$B$11:$F$50003,2,0),VLOOKUP(B189,'Comp SINAPI PE 06-2025 Onerado'!$B$11:$C$50004,2,0)))","v":"Transporte Com Caminhão Basculante De 10 M³, Em Via Urbana Pavimentada, Dmt Até 30 Km (Unidade: M3Xkm). Af_07/2020"},{"$f":"IF(H189=\"i\",VLOOKUP(B189,'Ins SINAPI PE 06-2025 Onerado'!$B$11:$F$50003,2,0),VLOOKUP(B189,'Comp SINAPI PE 06-2025 Onerado'!$B$11:$H$50004,3,0))","v":"M3XKM"},{"$f":"'Memorial de cálculo'!$H$7-30","v":130.6},{"$f":"IF(H189=\"i\",VLOOKUP(B189,'Ins SINAPI PE 06-2025 Onerado'!$B$11:$F$50003,5,0),VLOOKUP(B189,'Comp SINAPI PE 06-2025 Onerado'!$B$11:$E$50004,4,0))","v":2.48},323.88,"ca"]
["SINAPI",92268,{"$f":"PROPER(IF(H190=\"i\",VLOOKUP(B190,'Ins SINAPI PE 06-2025 Onerado'!$B$11:$F$50003,2,0),VLOOKUP(B190,'Comp SINAPI PE 06-2025 Onerado'!$B$11:$C$50004,2,0)))","v":"Fabricação De Fôrma Para Lajes, Em Chapa De Madeira Compensada Plastificada, E = 18 Mm. Af_09/2020"},{"$f":"IF(H190=\"i\",VLOOKUP(B190,'Ins SINAPI PE 06-2025 Onerado'!$B$11:$F$50003,2,0),VLOOKUP(B190,'Comp SINAPI PE 06-2025 Onerado'!$B$11:$H$50004,3,0))","v":"M2"},5.5,{"$f":"IF(H190=\"i\",VLOOKUP(B190,'Ins SINAPI PE 06-2025 Onerado'!$B$11:$F$50003,5,0),VLOOKUP(B190,'Comp SINAPI PE 06-2025 Onerado'!$B$11:$E$50004,4,0))","v":75.739999999999995},416.57,"ca"]
["PRÓPRIA","CODE","Hospedagem","un",{"$f":"'Memorial de cálculo'!H100*'Memorial de cálculo'!H104","v":1.2122460937500001E-3},252.8,0.3,"ca"]
["PRÓPRIA","CODE","Veículo tipo pick-up, cabine dupla - 2.0 16V 4x4 diesel Aut.","dia",{"$f":"LARGE('Memorial de cálculo'!H100:H104,1)","v":0.39250000000000002},{"$f":"'CPU-VEICULO_PickUp (2)'!C11","v":174.4736184574264},68.48,"ca"]
[{"$f":"B181","v":"CPU.18"},null,"MÃO DE OBRA",null,null,null,0,"mdo"]

{"sheet":"BDI serv","index":7,"n_rows":177,"n_cols":8,"rows_kept":177,"cut":false,"hidden":false,"merged":[[0,0,0,6],[1,0,1,6],[2,0,2,6],[3,0,3,6],[8,4,8,6],[8,0,9,0],[8,1,9,1],[8,2,9,2],[8,3,9,3],[17,3,18,3],[17,4,18,4],[17,5,18,5],[17,6,18,6],[23,0,26,6]]}
[{"$f":"Resumo!A1","v":"Ministério da Integração e do Desenvolvimento Regional"}]
[{"$f":"Resumo!A2","v":"Companhia de Desenvolvimento dos Vales do São Francisco e do Parnaíba"}]
[]
["COMPOSIÇÃO DE BDI - SERVIÇOS - NÃO DESONERADO"]
["OBRA:",{"$f":"Resumo!B5","v":"Execução de manutenção e obras civis nas barragens de Sitio Lambedor, Poço da Onça, Brejo, Boqueirão e Paus Grandes localizadas no estado de Pernambuco."},null,"BDI (serv.):",{"$f":"D23","v":0.2321}]
["LOCAL:",{"$f":"Resumo!B6","v":"BARRAGENS DE PERNAMBUCO"},null,"BDI (forn.):",{"$f":"'BDI forn'!E6","v":0.14149999999999999}]
["DATA BASE:",{"$f":"Resumo!B7","v":"2025-07-01"}]
["PRAZO:",{"$f":"Resumo!B8","v":"240 dias"}]
["ITEM","DESCRIÇÃO","SIGLA","% APLICADO","REFERÊNCIA TCU\n(ACÓRDÃO Nº 2622/2013)"]
[{"$nulls":4},"1º QUARTIL","2º QUARTIL","3º QUARTIL"]
[1,"ADMINISTRAÇÃO CENTRAL","AC",{"$f":"E11","v":0.04},0.04,5.5199999999999999E-2,7.85E-2]
[2,"IMPOSTOS","T",{"$f":"SUM(D13:D16)","v":6.6500000000000004E-2}]
["2.1","ISS (*)",null,0.03,"-","-","-"]
["2.2","PIS",null,6.4999999999999997E-3,"-","-","-"]
["2.3","Cofins",null,0.03,"-","-","-"]
["2.4","Contribuição previdênciária sobre a receita bruta (CPRB)",null,null,"-","-","-"]
[3,"SEGURO, GARANTIA E RISCO",null,{"$f":"SUM(D18:D20)","v":2.2699999999999998E-2}]
["3.1","Seguro","S",{"$f":"E18","v":8.0999999999999996E-3},8.0999999999999996E-3,1.2200000000000001E-2,1.9900000000000001E-2]
["3.2","Garantia","G"]
["3.3","Risco","R",{"$f":"E20","v":1.46E-2},1.46E-2,2.3199999999999998E-2,3.1600000000000003E-2]
[4,"DESPESAS FINANCEIRAS","DF",{"$f":"F21","v":1.0200000000000001E-2},9.4000000000000004E-3,1.0200000000000001E-2,1.363E-2]
[5,"LUCRO","L",{"$f":"E22","v":7.1400000000000005E-2},7.1400000000000005E-2,8.4000000000000005E-2,0.1043]
[null,"BDI ADOTADO:",null,{"$f":"ROUND(((((1+D11+D17)*(1+D21)*(1+D22))/(1-D12))-1),4)","v":0.2321}]
["Considerações:\nO BDI foi calculado através da seguinte fórmula, regulamentada pelo Acórdão Nº 2622/2013 – TCU.\n\n\n\n\n"]
{"$rows_empty":148}
[{"$nulls":7},{"$f":"SUM(H174:H177)","v":0}]
[]
[]
[]
[null,null,null,"mec",null,2,128]

{"sheet":"BDI forn","index":8,"n_rows":177,"n_cols":8,"rows_kept":177,"cut":false,"hidden":false,"merged":[[0,0,0,6],[1,0,1,6],[2,0,2,6],[3,0,3,6],[8,4,8,6],[8,0,9,0],[8,1,9,1],[8,2,9,2],[8,3,9,3],[17,3,18,3],[17,4,18,4],[17,5,18,5],[17,6,18,6],[23,0,26,6]]}
[{"$f":"Resumo!A1","v":"Ministério da Integração e do Desenvolvimento Regional"}]
[{"$f":"Resumo!A2","v":"Companhia de Desenvolvimento dos Vales do São Francisco e do Parnaíba"}]
[]
["COMPOSIÇÃO DE BDI - FORNECIMENTO - NÃO DESONERADO"]
[{"$f":"Resumo!A5","v":"OBRA:"},{"$f":"Resumo!B5","v":"Execução de manutenção e obras civis nas barragens de Sitio Lambedor, Poço da Onça, Brejo, Boqueirão e Paus Grandes localizadas no estado de Pernambuco."},null,"BDI (serv.):",{"$f":"'BDI serv'!E5","v":0.2321}]
[{"$f":"Resumo!A6","v":"LOCAL:"},{"$f":"Resumo!B6","v":"BARRAGENS DE PERNAMBUCO"},null,"BDI (forn.):",{"$f":"D23","v":0.14149999999999999}]
[{"$f":"Resumo!A7","v":"DATA BASE:"},{"$f":"Resumo!B7","v":"2025-07-01"}]
[{"$f":"Resumo!A8","v":"PRAZO:"},{"$f":"Resumo!B8","v":"240 dias"}]
["ITEM","DESCRIÇÃO","SIGLA","% APLICADO","REFERÊNCIA TCU\n(ACÓRDÃO Nº 2622/2013)"]
[{"$nulls":4},"1º QUARTIL","2º QUARTIL","3º QUARTIL"]
[1,"ADMINISTRAÇÃO CENTRAL","AC",0.03,1.4999999999999999E-2,3.4500000000000003E-2,4.4900000000000002E-2]
[2,"IMPOSTOS","T",{"$f":"SUM(D13:D16)","v":3.6499999999999998E-2}]
["2.1","ISS (*)",null,null,"-","-","-"]
["2.2","PIS",null,6.4999999999999997E-3,"-","-","-"]
["2.3","Cofins",null,0.03,"-","-","-"]
["2.4","Contribuição previdênciária sobre a receita bruta (CPRB)",null,null,"-","-","-"]
[3,"SEGURO, GARANTIA E RISCO",null,{"$f":"SUM(D18:D20)","v":8.6E-3}]
["3.1","Seguro","S",{"$f":"E18","v":3.0000000000000001E-3},3.0000000000000001E-3,4.7999999999999996E-3,8.2000000000000007E-3]
["3.2","Garantia","G"]
["3.3","Risco","R",{"$f":"E20","v":5.5999999999999999E-3},5.5999999999999999E-3,8.5000000000000006E-3,8.8999999999999999E-3]
[4,"DESPESAS FINANCEIRAS","DF",{"$f":"F21","v":8.5000000000000006E-3},8.5000000000000006E-3,8.5000000000000006E-3,1.11E-2]
[5,"LUCRO","L",0.05,3.5000000000000003E-2,5.11E-2,6.2199999999999998E-2]
[null,"BDI ADOTADO:",null,{"$f":"ROUND(((((1+D11+D17)*(1+D21)*(1+D22))/(1-D12))-1),4)","v":0.14149999999999999}]
["Considerações:\nO BDI foi calculado através da seguinte fórmula, regulamentada pelo Acórdão Nº 2622/2013 – TCU.\n\n\n\n"]
{"$rows_empty":148}
[{"$nulls":7},{"$f":"SUM(H174:H177)","v":0}]
[]
[]
[]
[null,null,null,"mec",null,2,128]

{"sheet":" Cronograma Geral","index":9,"n_rows":24,"n_cols":15,"rows_kept":24,"cut":false,"hidden":false,"merged":[[18,0,19,0],[18,1,19,1],[10,0,11,0],[10,1,11,1],[14,0,15,0],[14,1,15,1],[16,0,17,0],[16,1,17,1],[12,0,13,0],[12,1,13,1],[0,0,0,11],[1,0,1,11],[2,0,2,11],[3,0,3,11],[8,0,9,0],[8,1,9,1],[8,2,9,2],[8,3,8,10],[8,11,9,11]]}
["Ministério da Integração e do Desenvolvimento Regional"]
["Companhia de Desenvolvimento dos Vales do São Francisco e do Parnaíba"]
[]
["CRONOGRAMA FÍSICO-FINANCEIRO NÃO DESONERADO"]
[{"$f":"Resumo!A5","v":"OBRA:"},{"$f":"Resumo!B5","v":"Execução de manutenção e obras civis nas barragens de Sitio Lambedor, Poço da Onça, Brejo, Boqueirão e Paus Grandes localizadas no estado de Pernambuco."}]
[{"$f":"Resumo!A6","v":"LOCAL:"},{"$f":"Resumo!B6","v":"BARRAGENS DE PERNAMBUCO"}]
[{"$f":"Resumo!A7","v":"DATA BASE:"},{"$f":"Resumo!B7","v":"2025-07-01"}]
[{"$f":"Resumo!A8","v":"PRAZO:"},{"$f":"Resumo!B8","v":"240 dias"}]
["ITEM","DESCRIÇÃO","TOTAL POR ETAPA","MESES",{"$nulls":7},"TOTAL"]
[null,null,null,1,2,3,4,5,6,7,8]
["1.1",{"$f":"VLOOKUP(A11,Resumo!A$10:I$1005,2)","v":"Sítio Lambedor"},{"$f":"VLOOKUP(A11,Resumo!A$10:I$1005,7)","v":244359.89},{"$f":"$C11*D12","v":131371.46545786384},{"$f":"$C11*E12","v":112988.4245421362},{"$nulls":6},{"$f":"SUM(D11:K11)","v":244359.89000000004},"R$"]
[null,null,{"$f":"C11/C11","v":1},{"$f":"'Cronograma Sítio Lambedor'!D32","v":0.53761468569110848},{"$f":"'Cronograma Sítio Lambedor'!E32","v":0.46238531430889168},{"$nulls":6},1.0000000000000002,"%"]
["1.2",{"$f":"VLOOKUP(A13,Resumo!A$10:I$1005,2)","v":"Poço da Onça"},{"$f":"VLOOKUP(A13,Resumo!A$10:I$1005,7)","v":287608.52},{"$f":"$C13*D14","v":106492.24117161064},{"$f":"$C13*E14","v":101859.89897565448},{"$f":"$C13*F14","v":79256.379852734884},{"$nulls":5},287608.52,"R$"]
[null,null,{"$f":"C13/C13","v":1},{"$f":"'Cronograma Poço da Onça'!D34","v":0.37026803368554811},{"$f":"'Cronograma Poço da Onça'!E34","v":0.35416161863234952},{"$f":"'Cronograma Poço da Onça'!F34","v":0.27557034768210231},{"$nulls":5},1,"%"]
["1.3",{"$f":"VLOOKUP(A15,Resumo!A$10:I$1005,2)","v":"Brejo"},{"$f":"VLOOKUP(A15,Resumo!A$10:I$1005,7)","v":403473.8},null,null,null,{"$f":"$C15*G16","v":141003.20211463622},{"$f":"$C15*H16","v":204113.50807393418},58357.089811429592,null,null,403473.80000000005,"R$"]
[null,null,{"$f":"C15/C15","v":1},null,null,null,{"$f":"'Cronograma Brejo'!D38","v":0.3494730069576667},{"$f":"'Cronograma Brejo'!E38","v":0.50589036530732401},{"$f":"'Cronograma Brejo'!F38","v":0.14463662773500929},null,null,1,"%"]
["1.4",{"$f":"VLOOKUP(A17,Resumo!A$10:I$1005,2)","v":"Boqueirão"},{"$f":"VLOOKUP(A17,Resumo!A$10:I$1005,7)","v":289468.96999999997},null,null,null,{"$f":"$C17*G18","v":100144.87826548729},99025.400686653928,{"$f":"$C17*I18","v":90298.691047858752},null,null,289468.96999999997,"R$"]
[null,null,{"$f":"C17/C17","v":1},null,null,null,{"$f":"'Cronograma Boqueirão'!D34","v":0.34596066813478249},{"$f":"'Cronograma Boqueirão'!E34","v":0.3420933189718191},{"$f":"'Cronograma Boqueirão'!F34","v":0.31194601289339841},null,null,1,"%"]
["1.5",{"$f":"VLOOKUP(A19,Resumo!A$10:I$1005,2)","v":"Paus Grandes"},{"$f":"VLOOKUP(A19,Resumo!A$10:I$1005,7)","v":169147.08},{"$nulls":6},{"$f":"$C19*J20","v":87910.942746010158},{"$f":"$C19*K20","v":81236.137253989829},169147.08,"R$"]
[null,null,{"$f":"C19/C19","v":1},{"$nulls":6},{"$f":"'Cronograma Paus Grandes'!D34","v":0.51973077363209674},{"$f":"'Cronograma Paus Grandes'!E34","v":0.48026922636790326},1,"%"]
[null,"VALOR TOTAL:",{"$f":"SUMIF($M$11:$M$20,\"R$\",C$11:C$20)","v":1394058.26},237863.70662947447,214848.32351779068,79256.379852734884,241148.08038012352,303138.90876058809,148655.78085928835,87910.942746010158,81236.137253989829,1394058.2600000002]
[null,"VALOR ACUMULADO:",null,{"$f":"D21","v":237863.70662947447},{"$f":"E21+D22","v":452712.03014726518},{"$f":"F21+E22","v":531968.41},773116.49038012349,1076255.3991407116,{"$f":"I21+H22","v":1224911.18},{"$f":"J21+I22","v":1312822.1227460101},1394058.26,{"$f":"K22","v":1394058.26},null,null,{"$f":"IF(L22=Resumo!G21,\"ok\",\"ERRO\")","v":"ok"}]
[null,"FÍSICO PARCIAL:",null,{"$f":"SUMIF($M$11:$M$20,\"R$\",D$11:D$20)/$C$21","v":0.17062680481479625},{"$f":"SUMIF($M$11:$M$20,\"R$\",E$11:E$20)/$C$21","v":0.15411717693763435},5.6852989668261703E-2,0.17298278508110809,0.21745067437898047,0.10663527136899455,6.3061168437831397E-2,5.8273129312393174E-2,{"$f":"SUMIF($M$11:$M$20,\"R$\",L$11:L$20)/$C$21","v":1.0000000000000002}]
[null,"AVANÇO FÍSICO:",null,{"$f":"D23","v":0.17062680481479625},{"$f":"E23+D24","v":0.32474398175243058},{"$f":"F23+E24","v":0.38159697142069227},0.55457975650180036,0.77203043088078083,{"$f":"I23+H24","v":0.87866570224977536},{"$f":"J23+I24","v":0.94172687068760674},0.99999999999999989]

{"sheet":"Cronograma Sítio Lambedor","index":10,"n_rows":33,"n_cols":9,"rows_kept":33,"cut":false,"hidden":false,"merged":[[0,0,0,5],[1,0,1,5],[2,0,2,5],[3,0,3,5],[9,0,10,0],[9,2,10,2],[9,5,10,5],[4,1,4,5],[9,3,9,4],[9,1,10,1],[11,1,12,1],[13,1,14,1],[15,1,16,1],[17,1,18,1],[23,0,24,0],[23,1,24,1],[19,0,20,0],[11,0,12,0],[13,0,14,0],[15,0,16,0],[17,0,18,0],[21,0,22,0],[25,0,26,0],[27,0,28,0],[19,1,20,1],[25,1,26,1],[27,1,28,1],[21,1,22,1]]}
["Ministério da Integração e do Desenvolvimento Regional"]
["Companhia de Desenvolvimento dos Vales do São Francisco e do Parnaíba"]
[]
["CRONOGRAMA FÍSICO-FINANCEIRO NÃO DESONERADO"]
[{"$f":"Resumo!A5","v":"OBRA:"},{"$f":"Resumo!B5","v":"Execução de manutenção e obras civis nas barragens de Sitio Lambedor, Poço da Onça, Brejo, Boqueirão e Paus Grandes localizadas no estado de Pernambuco."}]
[{"$f":"Resumo!A6","v":"LOCAL:"},{"$f":"Resumo!B6","v":"BARRAGENS DE PERNAMBUCO"}]
[{"$f":"Resumo!A7","v":"DATA BASE:"},{"$f":"Resumo!B7","v":"2025-07-01"}]
[{"$f":"Resumo!A8","v":"PRAZO:"},{"$f":"'Sítio Lambedor'!B8","v":"60 dias"}]
[null,{"$f":"'Sítio Lambedor'!B9","v":"Sítio Lambedor"}]
["ITEM","DESCRIÇÃO","TOTAL POR ETAPA","MESES",null,"TOTAL"]
[null,null,null,1,2]
[1,{"$f":"VLOOKUP(A12,'Sítio Lambedor'!A12:D63,4)","v":"ADMINISTRAÇÃO DA OBRA"},{"$f":"VLOOKUP(A12,'Sítio Lambedor'!A12:I63,9)","v":71611.820000000007},{"$f":"$C12*D13","v":29774.025457863816},{"$f":"$C12*E13","v":41837.794542136195},{"$f":"SUM(D12:E12)","v":71611.820000000007},"R$"]
[null,null,{"$f":"C12/C12","v":1},{"$f":"SUMIF($G$14:$G$29,\"R$\",D$14:D$29)/$C$30","v":0.41576970754079162},{"$f":"1-D13","v":0.58423029245920843},1,"%"]
[2,{"$f":"VLOOKUP(A14,'Sítio Lambedor'!A14:D65,4)","v":"SERVIÇOS PRELIMINARES"},{"$f":"VLOOKUP(A14,'Sítio Lambedor'!A14:I65,9)","v":30081.100000000002},{"$f":"$C14*D15","v":30081.100000000002},null,30081.100000000002,"R$"]
[null,null,{"$f":"C14/C14","v":1},1,null,1,"%"]
[3,{"$f":"VLOOKUP(A16,'Sítio Lambedor'!A16:D67,4)","v":"CORTE DA VEGETAÇÃO E REMOÇÃO DAS RAIZES"},{"$f":"VLOOKUP(A16,'Sítio Lambedor'!A16:I67,9)","v":43496.100000000006},{"$f":"$C16*D17","v":43496.100000000006},null,43496.100000000006,"R$"]
[null,null,{"$f":"C16/C16","v":1},1,null,1,"%"]
[4,{"$f":"VLOOKUP(A18,'Sítio Lambedor'!A18:D69,4)","v":"RECUPERAÇÃO DA CRISTA "},{"$f":"VLOOKUP(A18,'Sítio Lambedor'!A18:I69,9)","v":55180.639999999999},{"$f":"$C18*D19","v":27590.32},{"$f":"$C18*E19","v":27590.32},55180.639999999999,"R$"]
[null,null,{"$f":"C18/C18","v":1},0.5,0.5,1,"%"]
[5,{"$f":"VLOOKUP(A20,'Sítio Lambedor'!A20:D71,4)","v":"MANUTENÇÃO NO PARAMENTO DE MONTANTE"},{"$f":"VLOOKUP(A20,'Sítio Lambedor'!A20:I71,9)","v":21945.3},null,{"$f":"$C20*E21","v":21945.3},21945.3,"R$"]
[null,null,{"$f":"C20/C20","v":1},null,1,1,"%"]
[6,{"$f":"VLOOKUP(A22,'Sítio Lambedor'!A22:D73,4)","v":"MANUTENÇÃO DO PARAMENTO DE JUSANTE"},{"$f":"VLOOKUP(A22,'Sítio Lambedor'!A22:I73,9)","v":5209.7},null,{"$f":"$C22*E23","v":5209.7},5209.7,"R$"]
[null,null,{"$f":"C22/C22","v":1},null,1,1,"%"]
[7,{"$f":"VLOOKUP(A24,'Sítio Lambedor'!A24:D75,4)","v":"SERVIÇOS COMPLEMENTARES"},{"$f":"VLOOKUP(A24,'Sítio Lambedor'!A24:I75,9)","v":3780.84},null,{"$f":"$C24*E25","v":3780.84},3780.84,"R$"]
[null,null,{"$f":"C24/C24","v":1},null,1,1,"%"]
[8,{"$f":"VLOOKUP(A26,'Sítio Lambedor'!A26:D77,4)","v":"PROJETO \"AS IS\""},{"$f":"VLOOKUP(A26,'Sítio Lambedor'!A26:I77,9)","v":12194.550000000001},null,{"$f":"$C26*E27","v":12194.550000000001},12194.550000000001,"R$"]
[null,null,{"$f":"C26/C26","v":1},null,1,1,"%"]
[9,{"$f":"VLOOKUP(A28,'Sítio Lambedor'!A28:D79,4)","v":"FISCALIZAÇÃO E ACOMPANHAMENTO"},{"$f":"VLOOKUP(A28,'Sítio Lambedor'!A28:I79,9)","v":859.84},{"$f":"$C28*D29","v":429.92},{"$f":"$C28*E29","v":429.92},859.84,"R$"]
[null,null,{"$f":"C28/C28","v":1},0.5,0.5,1,"%"]
[null,"VALOR TOTAL:",{"$f":"SUMIF($G$12:$G$29,\"R$\",C$12:C$29)","v":244359.89},{"$f":"SUMIF($G$12:$G$29,\"R$\",D$12:D$29)","v":131371.46545786384},{"$f":"SUMIF($G$12:$G$29,\"R$\",E$12:E$29)","v":112988.4245421362},{"$f":"SUMIF($G$12:$G$29,\"R$\",F$12:F$29)","v":244359.89},null,null,"VERIFICAÇÃO"]
[null,"VALOR ACUMULADO:",null,{"$f":"D30","v":131371.46545786384},{"$f":"E30+D31","v":244359.89000000004},{"$f":"E31","v":244359.89000000004},null,null,{"$f":"IF(F31='Sítio Lambedor'!I63,\"OK\",\"ERRO\")","v":"OK"}]
[null,"FÍSICO PARCIAL:",null,{"$f":"SUMIF($G$12:$G$29,\"R$\",D$12:D$29)/$C$30","v":0.53761468569110848},{"$f":"SUMIF($G$12:$G$29,\"R$\",E$12:E$29)/$C$30","v":0.46238531430889168},{"$f":"F30/$C$30","v":1}]
[null,"AVANÇO FÍSICO:",null,{"$f":"D32","v":0.53761468569110848},{"$f":"E32+D33","v":1.0000000000000002}]

{"sheet":"Cronograma Poço da Onça","index":11,"n_rows":35,"n_cols":11,"rows_kept":35,"cut":false,"hidden":false,"merged":[[9,0,10,0],[9,1,10,1],[9,2,10,2],[9,3,9,5],[9,6,10,6],[0,0,0,6],[1,0,1,6],[2,0,2,6],[3,0,3,6],[4,1,4,6],[11,0,12,0],[11,1,12,1],[13,0,14,0],[13,1,14,1],[15,0,16,0],[15,1,16,1],[17,0,18,0],[17,1,18,1],[19,0,20,0],[19,1,20,1],[21,0,22,0],[21,1,22,1],[23,0,24,0],[23,1,24,1],[29,0,30,0],[29,1,30,1],[25,0,26,0],[25,1,26,1],[27,0,28,0],[27,1,28,1]]}
["Ministério da Integração e do Desenvolvimento Regional"]
["Companhia de Desenvolvimento dos Vales do São Francisco e do Parnaíba"]
[]
["CRONOGRAMA FÍSICO-FINANCEIRO NÃO DESONERADO"]
[{"$f":"Resumo!A5","v":"OBRA:"},{"$f":"Resumo!B5","v":"Execução de manutenção e obras civis nas barragens de Sitio Lambedor, Poço da Onça, Brejo, Boqueirão e Paus Grandes localizadas no estado de Pernambuco."}]
[{"$f":"Resumo!A6","v":"LOCAL:"},{"$f":"Resumo!B6","v":"BARRAGENS DE PERNAMBUCO"}]
[{"$f":"Resumo!A7","v":"DATA BASE:"},{"$f":"Resumo!B7","v":"2025-07-01"}]
[{"$f":"Resumo!A8","v":"PRAZO:"},{"$f":"'Poço da Onça'!B8","v":"90 dias"}]
[null,{"$f":"'Poço da Onça'!B9","v":"Poço da Onça"}]
["ITEM","DESCRIÇÃO","TOTAL POR ETAPA","MESES",null,null,"TOTAL"]
[null,null,null,1,2,3]
[1,{"$f":"VLOOKUP(A12,'Poço da Onça'!A:I,4)","v":"ADMINISTRAÇÃO DA OBRA"},{"$f":"VLOOKUP(A12,'Poço da Onça'!A$10:I$1018,9)","v":107417.73},{"$f":"$C12*D13","v":28957.96117161063},{"$f":"$C12*E13","v":27698.30897565448},{"$f":"$C12*F13","v":50761.459852734886},{"$f":"SUM(D12:F12)","v":107417.73},"R$"]
[null,null,{"$f":"C12/C12","v":1},{"$f":"SUMIF($H$14:$H$31,\"R$\",D$14:D$31)/$C$32","v":0.26958269525534223},{"$f":"SUMIF($H$14:$H$31,\"R$\",E$14:E$31)/$C$32","v":0.25785602596195695},{"$f":"1-SUM(D13:E13)","v":0.47256127878270082},1,"%"]
[2,{"$f":"VLOOKUP(A14,'Poço da Onça'!A:I,4)","v":"SERVIÇOS PRELIMINARES"},{"$f":"VLOOKUP(A14,'Poço da Onça'!A$10:I$1018,9)","v":30081.100000000002},{"$f":"$C14*D15","v":30081.100000000002},null,null,30081.100000000002,"R$"]
[null,null,{"$f":"C14/C14","v":1},1,null,null,1,"%"]
[3,{"$f":"VLOOKUP(A16,'Poço da Onça'!A:I,4)","v":"CORTE DA VEGETAÇÃO E REMOÇÃO DAS RAIZES"},{"$f":"VLOOKUP(A16,'Poço da Onça'!A$10:I$1018,9)","v":47023.26},{"$f":"$C16*D17","v":47023.26},null,null,47023.26,"R$"]
[null,null,{"$f":"C16/C16","v":1},1,null,null,1,"%"]
[4,{"$f":"VLOOKUP(A18,'Poço da Onça'!A:I,4)","v":"RECUPERAÇÃO DA CRISTA "},{"$f":"VLOOKUP(A18,'Poço da Onça'!A$10:I$1018,9)","v":13246.099999999999},null,{"$f":"$C18*E19","v":13246.099999999999},null,13246.099999999999,"R$"]
[null,null,{"$f":"C18/C18","v":1},null,1,null,1,"%"]
[5,{"$f":"VLOOKUP(A20,'Poço da Onça'!A:I,4)","v":"MANUTENÇÃO NO PARAMENTO DE MONTANTE"},{"$f":"VLOOKUP(A20,'Poço da Onça'!A$10:I$1018,9)","v":51749.3},null,{"$f":"$C20*E21","v":51749.3},null,51749.3,"R$"]
[null,null,{"$f":"C20/C20","v":1},null,1,null,1,"%"]
[6,{"$f":"VLOOKUP(A22,'Poço da Onça'!A:I,4)","v":"MANUTENÇÃO DO PARAMENTO DE JUSANTE"},{"$f":"VLOOKUP(A22,'Poço da Onça'!A$10:I$1018,9)","v":17902.46},null,{"$f":"$C22*E23","v":8951.23},{"$f":"$C22*F23","v":8951.23},17902.46,"R$"]
[null,null,{"$f":"C22/C22","v":1},null,0.5,0.5,1,"%"]
[7,{"$f":"VLOOKUP(A24,'Poço da Onça'!A:I,4)","v":"RESTAURAÇÃO DO VERTEDOURO"},{"$f":"VLOOKUP(A24,'Poço da Onça'!A$10:I$1018,9)","v":1999.14},null,null,{"$f":"$C24*F25","v":1999.14},1999.14,"R$"]
[null,null,{"$f":"C24/C24","v":1},null,null,1,1,"%"]
[8,{"$f":"VLOOKUP(A26,'Poço da Onça'!A:I,4)","v":"SERVIÇOS COMPLEMENTARES"},{"$f":"VLOOKUP(A26,'Poço da Onça'!A$10:I$1018,9)","v":4763.5600000000004},null,null,{"$f":"$C26*F27","v":4763.5600000000004},4763.5600000000004,"R$"]
[null,null,{"$f":"C26/C26","v":1},null,null,1,1,"%"]
[9,{"$f":"VLOOKUP(A28,'Poço da Onça'!A:I,4)","v":"PROJETO \"AS IS\""},{"$f":"VLOOKUP(A28,'Poço da Onça'!A$10:I$1018,9)","v":12351.07},null,null,{"$f":"$C28*F29","v":12351.07},12351.07,"R$"]
[null,null,{"$f":"C28/C28","v":1},null,null,1,1,"%"]
[10,{"$f":"VLOOKUP(A30,'Poço da Onça'!A:I,4)","v":"FISCALIZAÇÃO E ACOMPANHAMENTO"},{"$f":"VLOOKUP(A30,'Poço da Onça'!A$10:I$1018,9)","v":1074.8},{"$f":"C30/5*2","v":429.91999999999996},{"$f":"C30/5","v":214.95999999999998},{"$f":"C30/5*2","v":429.91999999999996},1074.7999999999997,"R$"]
[null,null,{"$f":"C30/C30","v":1},{"$f":"D30/$C$30","v":0.39999999999999997},{"$f":"E30/$C$30","v":0.19999999999999998},{"$f":"F30/$C$30","v":0.39999999999999997},1,"%"]
[null,"VALOR TOTAL:",{"$f":"SUMIF($H$12:$H$31,\"R$\",C$12:C$31)","v":287608.52},{"$f":"SUMIF($H$12:$H$31,\"R$\",D$12:D$31)","v":106492.24117161064},{"$f":"SUMIF($H$12:$H$31,\"R$\",E$12:E$31)","v":101859.89897565448},{"$f":"SUMIF($H$12:$H$31,\"R$\",F$12:F$31)","v":79256.37985273487},{"$f":"SUMIF($H$12:$H$31,\"R$\",G$12:G$31)","v":287608.52},null,null,null,"VERIFICAÇÃO"]
[null,"VALOR ACUMULADO:",null,{"$f":"D32","v":106492.24117161064},{"$f":"E32+D33","v":208352.14014726511},{"$f":"F32+E33","v":287608.51999999996},{"$f":"G32","v":287608.52},null,null,null,{"$f":"IF(G33='Poço da Onça'!I68,\"OK\",\"ERRO\")","v":"OK"}]
[null,"FÍSICO PARCIAL:",null,{"$f":"SUMIF($H$12:$H$31,\"R$\",D$12:D$31)/$C$32","v":0.37026803368554811},{"$f":"SUMIF($H$12:$H$31,\"R$\",E$12:E$31)/$C$32","v":0.35416161863234952},{"$f":"1-SUM(D34:E34)","v":0.27557034768210231},{"$f":"SUMIF($H$12:$H$31,\"R$\",G$12:G$31)/$C$32","v":1}]
[null,"AVANÇO FÍSICO:",null,{"$f":"D34","v":0.37026803368554811},{"$f":"E34+D35","v":0.72442965231789769},{"$f":"F34+E35","v":1}]

{"sheet":"Cronograma Brejo","index":12,"n_rows":39,"n_cols":11,"rows_kept":39,"cut":false,"hidden":false,"merged":[[31,0,32,0],[31,1,32,1],[29,0,30,0],[29,1,30,1],[33,0,34,0],[33,1,34,1],[17,0,18,0],[17,1,18,1],[25,0,26,0],[25,1,26,1],[27,0,28,0],[27,1,28,1],[19,0,20,0],[19,1,20,1],[21,0,22,0],[21,1,22,1],[23,0,24,0],[23,1,24,1],[11,0,12,0],[11,1,12,1],[13,0,14,0],[13,1,14,1],[15,0,16,0],[15,1,16,1],[0,0,0,6],[1,0,1,6],[2,0,2,6],[3,0,3,6],[9,0,10,0],[9,1,10,1],[9,2,10,2],[9,6,10,6],[4,1,4,6],[9,3,9,5]]}
["Ministério da Integração e do Desenvolvimento Regional"]
["Companhia de Desenvolvimento dos Vales do São Francisco e do Parnaíba"]
[]
["CRONOGRAMA FÍSICO-FINANCEIRO NÃO DESONERADO"]
[{"$f":"Resumo!A5","v":"OBRA:"},{"$f":"Resumo!B5","v":"Execução de manutenção e obras civis nas barragens de Sitio Lambedor, Poço da Onça, Brejo, Boqueirão e Paus Grandes localizadas no estado de Pernambuco."}]
[{"$f":"Resumo!A6","v":"LOCAL:"},{"$f":"Resumo!B6","v":"BARRAGENS DE PERNAMBUCO"}]
[{"$f":"Resumo!A7","v":"DATA BASE:"},{"$f":"Resumo!B7","v":"2025-07-01"}]
[{"$f":"Resumo!A8","v":"PRAZO:"},{"$f":"Brejo!B8","v":"90 dias"}]
[null,{"$f":"Brejo!B9","v":"Brejo"}]
["ITEM","DESCRIÇÃO","TOTAL POR ETAPA","MESES",null,null,"TOTAL"]
[null,null,null,1,2,3]
[1,{"$f":"VLOOKUP(A12,Brejo!A:I,4)","v":"ADMINISTRAÇÃO DA OBRA"},{"$f":"VLOOKUP(A12,Brejo!A$10:I$1018,9)","v":107417.73},{"$f":"$C12*D13","v":29646.692114636196},{"$f":"$C12*E13","v":42915.978073934173},{"$f":"$C12*F13","v":34855.059811429637},{"$f":"SUM(D12:F12)","v":107417.73000000001},"R$"]
[null,null,{"$f":"C12/C12","v":1},{"$f":"SUMIF($H$14:$H$35,\"R$\",D$14:D$35)/$C$36","v":0.27599440161913863},{"$f":"SUMIF($H$14:$H$35,\"R$\",E$14:E$35)/$C$36","v":0.39952415745458569},{"$f":"1-SUM(D13:E13)","v":0.32448144092627573},{"$f":"SUM(D13:F13)","v":1},"%"]
[2,{"$f":"VLOOKUP(A14,Brejo!A:I,4)","v":"SERVIÇOS PRELIMINARES"},{"$f":"VLOOKUP(A14,Brejo!A$10:I$1018,9)","v":30081.100000000002},{"$f":"$C14*D15","v":30081.100000000002},null,null,{"$f":"SUM(D14:F14)","v":30081.100000000002},"R$"]
[null,null,{"$f":"C14/C14","v":1},1,null,null,1,"%"]
[3,{"$f":"VLOOKUP(A16,Brejo!A:I,4)","v":"CORTE DA VEGETAÇÃO E REMOÇÃO DAS RAIZES"},{"$f":"VLOOKUP(A16,Brejo!A$10:I$1018,9)","v":71619.09},{"$f":"$C16*D17","v":71619.09},null,null,71619.09,"R$"]
[null,null,{"$f":"C16/C16","v":1},1,null,null,{"$f":"SUM(D17:F17)","v":1},"%"]
[4,{"$f":"VLOOKUP(A18,Brejo!A:I,4)","v":"RECUPERAÇÃO DA CRISTA "},{"$f":"VLOOKUP(A18,Brejo!A$10:I$1018,9)","v":9226.4000000000015},{"$f":"$C18*D19","v":9226.4000000000015},null,null,9226.4000000000015,"R$"]
[null,null,{"$f":"C18/C18","v":1},1,null,null,1,"%"]
[5,{"$f":"VLOOKUP(A20,Brejo!A:I,4)","v":"MANUTENÇÃO NO PARAMENTO DE MONTANTE"},{"$f":"VLOOKUP(A20,Brejo!A$10:I$1018,9)","v":151204.72},null,{"$f":"$C20*E21","v":151204.72},null,151204.72,"R$"]
[null,null,{"$f":"C20/C20","v":1},null,1,null,1,"%"]
[6,{"$f":"VLOOKUP(A22,Brejo!A:I,4)","v":"MANUTENÇÃO DO PARAMENTO DE JUSANTE"},{"$f":"VLOOKUP(A22,Brejo!A$10:I$1018,9)","v":5667.49},null,{"$f":"$C22*E23","v":5667.49},null,5667.49,"R$"]
[null,null,{"$f":"C22/C22","v":1},null,1,null,1,"%"]
[7,{"$f":"VLOOKUP(A24,Brejo!A:I,4)","v":"RESTAURAÇÃO DOS MUROS LATERAIS"},{"$f":"VLOOKUP(A24,Brejo!A$10:I$1018,9)","v":4110.3600000000006},null,{"$f":"$C24*E25","v":4110.3600000000006},null,4110.3600000000006,"R$"]
[null,null,{"$f":"C24/C24","v":1},null,1,null,1,"%"]
[8,{"$f":"VLOOKUP(A26,Brejo!A:I,4)","v":"MANUTENÇÃO DOS EQUIPAMENTOS HIDROMECÂNICOS"},{"$f":"VLOOKUP(A26,Brejo!A$10:I$1018,9)","v":631.18999999999994},null,null,{"$f":"$C26*F27","v":631.18999999999994},631.18999999999994,"R$"]
[null,null,{"$f":"C26/C26","v":1},null,null,1,1,"%"]
[9,{"$f":"VLOOKUP(A28,Brejo!A:I,4)","v":"CONSTRUÇÃO DE CAIXA DE CONCRETO PARA IMPLANTAÇÃO DA GRADE DE PROTEÇÃO DE PROTEÇÃO DO CONDUTO"},{"$f":"VLOOKUP(A28,Brejo!A$10:I$1018,9)","v":2328.98},null,null,{"$f":"$C28*F29","v":2328.98},2328.98,"R$"]
[null,null,{"$f":"C28/C28","v":1},null,null,1,1,"%"]
[10,{"$f":"VLOOKUP(A30,Brejo!A:I,4)","v":"SERVIÇOS COMPLEMENTARES"},{"$f":"VLOOKUP(A30,Brejo!A$10:I$1018,9)","v":7220.3600000000006},null,null,{"$f":"$C30*F31","v":7220.3600000000006},7220.3600000000006,"R$"]
[null,null,{"$f":"C30/C30","v":1},null,null,1,1,"%"]
[11,{"$f":"VLOOKUP(A32,Brejo!A:I,4)","v":"PROJETO \"AS IS\""},{"$f":"VLOOKUP(A32,Brejo!A$10:I$1018,9)","v":12891.580000000002},null,null,{"$f":"$C32*F33","v":12891.580000000002},12891.580000000002,"R$"]
[null,null,{"$f":"C32/C32","v":1},null,null,1,1,"%"]
[13,{"$f":"VLOOKUP(A34,Brejo!A:I,4)","v":"FISCALIZAÇÃO E ACOMPANHAMENTO"},{"$f":"VLOOKUP(A34,Brejo!A$10:I$1018,9)","v":1074.8},{"$f":"C34/5*2","v":429.91999999999996},{"$f":"C34/5","v":214.95999999999998},{"$f":"C34/5*2","v":429.91999999999996},1074.7999999999997,"R$"]
[null,null,{"$f":"C34/C34","v":1},{"$f":"D34/$C$34","v":0.39999999999999997},{"$f":"E34/$C$34","v":0.19999999999999998},{"$f":"F34/$C$34","v":0.39999999999999997},1,"%"]
[null,"VALOR TOTAL:",{"$f":"SUMIF($H$12:$H$35,\"R$\",C$12:C$35)","v":403473.79999999993},{"$f":"SUMIF($H$12:$H$35,\"R$\",D$12:D$35)","v":141003.20211463619},{"$f":"SUMIF($H$12:$H$35,\"R$\",E$12:E$35)","v":204113.50807393415},{"$f":"SUMIF($H$12:$H$35,\"R$\",F$12:F$35)","v":58357.089811429643},{"$f":"SUMIF($H$12:$H$35,\"R$\",G$12:G$35)","v":403473.8},null,null,null,"VERIFICAÇÃO"]
[null,"VALOR ACUMULADO:",null,{"$f":"D36","v":141003.20211463619},{"$f":"E36+D37","v":345116.71018857032},{"$f":"F36+E37","v":403473.79999999993},{"$f":"F37","v":403473.79999999993},null,null,null,{"$f":"IF(G37=Brejo!I80,\"OK\",\"ERRO\")","v":"OK"}]
[null,"FÍSICO PARCIAL:",null,{"$f":"SUMIF($H$12:$H$35,\"R$\",D$12:D$35)/$C$36","v":0.3494730069576667},{"$f":"SUMIF($H$12:$H$35,\"R$\",E$12:E$35)/$C$36","v":0.50589036530732401},{"$f":"1-SUM(D38:E38)","v":0.14463662773500929},{"$f":"G36/$C$36","v":1.0000000000000002}]
[null,"AVANÇO FÍSICO:",null,{"$f":"D38","v":0.3494730069576667},{"$f":"E38+D39","v":0.85536337226499071},{"$f":"F38+E39","v":1}]

{"sheet":"Cronograma Boqueirão","index":13,"n_rows":35,"n_cols":11,"rows_kept":35,"cut":false,"hidden":false,"merged":[[29,0,30,0],[29,1,30,1],[25,0,26,0],[25,1,26,1],[23,0,24,0],[23,1,24,1],[27,0,28,0],[27,1,28,1],[17,0,18,0],[17,1,18,1],[19,0,20,0],[19,1,20,1],[21,0,22,0],[21,1,22,1],[11,0,12,0],[11,1,12,1],[13,0,14,0],[13,1,14,1],[15,0,16,0],[15,1,16,1],[0,0,0,6],[1,0,1,6],[2,0,2,6],[3,0,3,6],[4,1,4,6],[9,0,10,0],[9,1,10,1],[9,2,10,2],[9,3,9,5],[9,6,10,6]]}
["Ministério da Integração e do Desenvolvimento Regional"]
["Companhia de Desenvolvimento dos Vales do São Francisco e do Parnaíba"]
[]
["CRONOGRAMA FÍSICO-FINANCEIRO NÃO DESONERADO"]
[{"$f":"Resumo!A5","v":"OBRA:"},{"$f":"Resumo!B5","v":"Execução de manutenção e obras civis nas barragens de Sitio Lambedor, Poço da Onça, Brejo, Boqueirão e Paus Grandes localizadas no estado de Pernambuco."}]
[{"$f":"Resumo!A6","v":"LOCAL:"},{"$f":"Resumo!B6","v":"BARRAGENS DE PERNAMBUCO"}]
[{"$f":"Resumo!A7","v":"DATA BASE:"},{"$f":"Resumo!B7","v":"2025-07-01"}]
[{"$f":"Resumo!A8","v":"PRAZO:"},{"$f":"Boqueirão!B8","v":"90 dias"}]
[null,{"$f":"Boqueirão!B9","v":"Boqueirão"}]
["ITEM","DESCRIÇÃO","TOTAL POR ETAPA","MESES",null,null,"TOTAL"]
[null,null,null,1,2,3]
[1,{"$f":"VLOOKUP(A12,Boqueirão!A12:D63,4)","v":"ADMINISTRAÇÃO DA OBRA"},{"$f":"VLOOKUP(A12,Boqueirão!A12:I63,9)","v":107417.73},{"$f":"$C12*D13","v":27104.298265487316},{"$f":"$C12*E13","v":26801.310686653916},{"$f":"$C12*F13","v":53512.12104785876},{"$f":"SUM(D12:F12)","v":107417.73},"R$"]
[null,null,{"$f":"C12/C12","v":1},{"$f":"SUMIF($H$14:$H$31,\"R$\",D$14:D$31)/$C$32","v":0.25232611288180562},{"$f":"SUMIF($H$14:$H$31,\"R$\",E$14:E$31)/$C$32","v":0.24950546512809307},{"$f":"1-SUM(D13:E13)","v":0.49816842199010125},1,"%"]
[2,{"$f":"VLOOKUP(A14,Boqueirão!A14:D65,4)","v":"SERVIÇOS PRELIMINARES"},{"$f":"VLOOKUP(A14,Boqueirão!A14:I65,9)","v":30081.100000000002},{"$f":"$C14*D15","v":30081.100000000002},null,null,30081.100000000002,"R$"]
[null,null,{"$f":"C14/C14","v":1},1,null,null,1,"%"]
[3,{"$f":"VLOOKUP(A16,Boqueirão!A16:D67,4)","v":"CORTE DA VEGETAÇÃO E REMOÇÃO DAS RAIZES"},{"$f":"VLOOKUP(A16,Boqueirão!A16:I67,9)","v":85059.12},{"$f":"$C16*D17","v":42529.56},{"$f":"$C16*E17","v":42529.56},null,85059.12,"R$"]
[null,null,{"$f":"C16/C16","v":1},0.5,0.5,null,1,"%"]
[4,{"$f":"VLOOKUP(A18,Boqueirão!A18:D69,4)","v":"RECUPERAÇÃO DA CRISTA "},{"$f":"VLOOKUP(A18,Boqueirão!A18:I69,9)","v":1977.3600000000001},null,{"$f":"$C18*E19","v":1977.3600000000001},null,1977.3600000000001,"R$"]
[null,null,{"$f":"C18/C18","v":1},null,1,null,1,"%"]
[5,{"$f":"VLOOKUP(A20,Boqueirão!A20:D71,4)","v":"MANUTENÇÃO NO PARAMENTO DE MONTANTE"},{"$f":"VLOOKUP(A20,Boqueirão!A20:I71,9)","v":2461.4699999999998},null,{"$f":"$C20*E21","v":2461.4699999999998},null,2461.4699999999998,"R$"]
[null,null,{"$f":"C20/C20","v":1},null,1,null,1,"%"]
[6,{"$f":"VLOOKUP(A22,Boqueirão!A22:D73,4)","v":"MANUTENÇÃO DO PARAMENTO DE JUSANTE"},{"$f":"VLOOKUP(A22,Boqueirão!A22:I73,9)","v":6935.64},null,{"$f":"$C22*E23","v":6935.64},null,6935.64,"R$"]
[null,null,{"$f":"C22/C22","v":1},null,1,null,1,"%"]
[7,{"$f":"VLOOKUP(A24,Boqueirão!A24:D75,4)","v":"RESTAURAÇÃO DOS MUROS LATERAIS"},{"$f":"VLOOKUP(A24,Boqueirão!A24:I75,9)","v":36210.200000000004},null,{"$f":"$C24*E25","v":18105.100000000002},{"$f":"$C24*F25","v":18105.100000000002},36210.200000000004,"R$"]
[null,null,{"$f":"C24/C24","v":1},null,0.5,0.5,1,"%"]
[8,{"$f":"VLOOKUP(A26,Boqueirão!A26:D77,4)","v":"SERVIÇOS COMPLEMENTARES"},{"$f":"VLOOKUP(A26,Boqueirão!A26:I77,9)","v":4763.5600000000004},null,null,{"$f":"$C26*F27","v":4763.5600000000004},4763.5600000000004,"R$"]
[null,null,{"$f":"C26/C26","v":1},null,null,1,1,"%"]
[9,{"$f":"VLOOKUP(A28,Boqueirão!A28:D79,4)","v":"PROJETO \"AS IS\""},{"$f":"VLOOKUP(A28,Boqueirão!A28:I79,9)","v":13487.990000000002},null,null,{"$f":"$C28*F29","v":13487.990000000002},13487.990000000002,"R$"]
[null,null,{"$f":"C28/C28","v":1},null,null,1,1,"%"]
[10,{"$f":"VLOOKUP(A30,Boqueirão!A30:D81,4)","v":"FISCALIZAÇÃO E ACOMPANHAMENTO"},{"$f":"VLOOKUP(A30,Boqueirão!A30:I81,9)","v":1074.8},{"$f":"C30/5*2","v":429.91999999999996},{"$f":"C30/5","v":214.95999999999998},{"$f":"C30/5*2","v":429.91999999999996},1074.7999999999997,"R$"]
[null,null,{"$f":"C30/C30","v":1},{"$f":"D30/$C$30","v":0.39999999999999997},{"$f":"E30/$C$30","v":0.19999999999999998},{"$f":"F30/$C$30","v":0.39999999999999997},1,"%"]
[null,"VALOR TOTAL:",{"$f":"SUMIF($H$12:$H$31,\"R$\",C$12:C$31)","v":289468.96999999997},{"$f":"SUMIF($H$12:$H$31,\"R$\",D$12:D$31)","v":100144.87826548731},{"$f":"SUMIF($H$12:$H$31,\"R$\",E$12:E$31)","v":99025.400686653928},{"$f":"SUMIF($H$12:$H$31,\"R$\",F$12:F$31)","v":90298.691047858767},{"$f":"SUMIF($H$12:$H$31,\"R$\",G$12:G$31)","v":289468.96999999997},null,null,null,"VERIFICAÇÃO"]
[null,"VALOR ACUMULADO:",null,{"$f":"D32","v":100144.87826548731},{"$f":"E32+D33","v":199170.27895214123},{"$f":"F32+E33","v":289468.96999999997},{"$f":"G32","v":289468.96999999997},null,null,null,{"$f":"IF(G33=Boqueirão!I67,\"OK\",\"ERRO\")","v":"OK"}]
[null,"FÍSICO PARCIAL:",null,{"$f":"SUMIF($H$12:$H$31,\"R$\",D$12:D$31)/$C$32","v":0.34596066813478249},{"$f":"SUMIF($H$12:$H$31,\"R$\",E$12:E$31)/$C$32","v":0.3420933189718191},{"$f":"1-SUM(D34:E34)","v":0.31194601289339841},{"$f":"SUMIF($H$12:$H$31,\"R$\",G$12:G$31)/$C$32","v":1}]
[null,"AVANÇO FÍSICO:",null,{"$f":"D34","v":0.34596066813478249},{"$f":"E34+D35","v":0.68805398710660159},{"$f":"F34+E35","v":1}]

{"sheet":"Cronograma Paus Grandes","index":14,"n_rows":35,"n_cols":10,"rows_kept":35,"cut":false,"hidden":false,"merged":[[9,0,10,0],[9,1,10,1],[9,2,10,2],[9,3,9,4],[9,5,10,5],[0,0,0,5],[1,0,1,5],[2,0,2,5],[3,0,3,5],[4,1,4,5],[11,0,12,0],[11,1,12,1],[13,0,14,0],[13,1,14,1],[15,0,16,0],[15,1,16,1],[17,0,18,0],[17,1,18,1],[19,0,20,0],[19,1,20,1],[25,0,26,0],[21,1,22,1],[21,0,22,0],[27,0,28,0],[29,0,30,0],[29,1,30,1],[23,0,24,0],[23,1,24,1],[27,1,28,1],[25,1,26,1]]}
["Ministério da Integração e do Desenvolvimento Regional"]
["Companhia de Desenvolvimento dos Vales do São Francisco e do Parnaíba"]
[]
["CRONOGRAMA FÍSICO-FINANCEIRO NÃO DESONERADO"]
[{"$f":"Resumo!A5","v":"OBRA:"},{"$f":"Resumo!B5","v":"Execução de manutenção e obras civis nas barragens de Sitio Lambedor, Poço da Onça, Brejo, Boqueirão e Paus Grandes localizadas no estado de Pernambuco."}]
[{"$f":"Resumo!A6","v":"LOCAL:"},{"$f":"Resumo!B6","v":"BARRAGENS DE PERNAMBUCO"}]
[{"$f":"Resumo!A7","v":"DATA BASE:"},{"$f":"Resumo!B7","v":"2025-07-01"}]
[{"$f":"Resumo!A8","v":"PRAZO:"},{"$f":"'Paus Grandes'!B8","v":"60 dias"}]
[null,{"$f":"'Paus Grandes'!B9","v":"Paus Grandes"}]
["ITEM","DESCRIÇÃO","TOTAL POR ETAPA","MESES",null,"TOTAL"]
[null,null,null,1,3]
[1,{"$f":"VLOOKUP(A12,'Paus Grandes'!A12:D63,4)","v":"ADMINISTRAÇÃO DA OBRA"},{"$f":"VLOOKUP(A12,'Paus Grandes'!A12:I63,9)","v":71611.820000000007},{"$f":"$C12*D13","v":26148.410746010162},{"$f":"$C12*E13","v":45463.409253989848},{"$f":"SUM(D12:E12)","v":71611.820000000007},"R$"]
[null,null,{"$f":"C12/C12","v":1},{"$f":"SUMIF($G$14:$G$31,\"R$\",D$14:D$31)/$C$32","v":0.36514098854086041},{"$f":"1-D13","v":0.63485901145913959},1,"%"]
[2,{"$f":"VLOOKUP(A14,'Paus Grandes'!A14:D65,4)","v":"SERVIÇOS PRELIMINARES"},{"$f":"VLOOKUP(A14,'Paus Grandes'!A14:I65,9)","v":30081.100000000002},{"$f":"$C14*D15","v":30081.100000000002},null,30081.100000000002,"R$"]
[null,null,{"$f":"C14/C14","v":1},1,null,1,"%"]
[3,{"$f":"VLOOKUP(A16,'Paus Grandes'!A16:D67,4)","v":"CORTE DA VEGETAÇÃO E REMOÇÃO DAS RAIZES"},{"$f":"VLOOKUP(A16,'Paus Grandes'!A16:I67,9)","v":21308.46},{"$f":"$C16*D17","v":21308.46},null,21308.46,"R$"]
[null,null,{"$f":"C16/C16","v":1},1,null,1,"%"]
[4,{"$f":"VLOOKUP(A18,'Paus Grandes'!A18:D69,4)","v":"RECUPERAÇÃO DA CRISTA "},{"$f":"VLOOKUP(A18,'Paus Grandes'!A18:I69,9)","v":1090.94},{"$f":"$C18*D19","v":1090.94},null,1090.94,"R$"]
[null,null,{"$f":"C18/C18","v":1},1,null,1,"%"]
[5,{"$f":"VLOOKUP(A20,'Paus Grandes'!A20:D71,4)","v":"MANUTENÇÃO NO PARAMENTO DE MONTANTE"},{"$f":"VLOOKUP(A20,'Paus Grandes'!A20:I71,9)","v":22130.28},{"$f":"$C20*D21","v":8852.1119999999992},{"$f":"$C20*E21","v":13278.168},22130.28,"R$"]
[null,null,{"$f":"C20/C20","v":1},0.4,0.6,1,"%"]
[6,{"$f":"VLOOKUP(A22,'Paus Grandes'!A28:D79,4)","v":"MANUTENÇÃO DO PARAMENTO DE JUSANTE"},{"$f":"VLOOKUP(A22,'Paus Grandes'!A22:I73,9)","v":4543.95},null,{"$f":"$C22*E23","v":4543.95},4543.95,"R$"]
[null,null,{"$f":"C22/C22","v":1},null,1,1,"%"]
[7,{"$f":"VLOOKUP(A24,'Paus Grandes'!A30:D81,4)","v":"MANUTENÇÃO NAS OMBREIRAS"},{"$f":"VLOOKUP(A24,'Paus Grandes'!A24:I75,9)","v":1657.36},null,{"$f":"$C24*E25","v":1657.36},1657.36,"R$"]
[null,null,{"$f":"C24/C24","v":1},null,1,1,"%"]
[8,{"$f":"VLOOKUP(A26,'Paus Grandes'!A32:D83,4)","v":"SERVIÇOS COMPLEMENTARES"},{"$f":"VLOOKUP(A26,'Paus Grandes'!A26:I77,9)","v":4763.5600000000004},null,{"$f":"$C26*E27","v":4763.5600000000004},4763.5600000000004,"R$"]
[null,null,{"$f":"C26/C26","v":1},null,1,1,"%"]
[9,{"$f":"VLOOKUP(A28,'Paus Grandes'!A34:D85,4)","v":"PROJETO \"AS IS\""},{"$f":"VLOOKUP(A28,'Paus Grandes'!A28:I79,9)","v":11099.77},null,{"$f":"$C28*E29","v":11099.77},11099.77,"R$"]
[null,null,{"$f":"C28/C28","v":1},null,1,1,"%"]
[10,{"$f":"VLOOKUP(A30,'Paus Grandes'!A36:D87,4)","v":"FISCALIZAÇÃO E ACOMPANHAMENTO"},{"$f":"VLOOKUP(A30,'Paus Grandes'!A30:I81,9)","v":859.84},{"$f":"C30*D31","v":429.92},{"$f":"C30*E31","v":429.92},859.84,"R$"]
[null,null,{"$f":"C30/C30","v":1},0.5,0.5,1,"%"]
[null,"VALOR TOTAL:",{"$f":"SUMIF($G$12:$G$31,\"R$\",C$12:C$31)","v":169147.08},{"$f":"SUMIF($G$12:$G$31,\"R$\",D$12:D$31)","v":87910.942746010158},{"$f":"SUMIF($G$12:$G$31,\"R$\",E$12:E$31)","v":81236.137253989844},{"$f":"SUMIF($G$12:$G$31,\"R$\",F$12:F$31)","v":169147.08},null,null,null,"VERIFICAÇÃO"]
[null,"VALOR ACUMULADO:",null,{"$f":"D32","v":87910.942746010158},{"$f":"D33+E32","v":169147.08000000002},{"$f":"F32","v":169147.08},null,null,null,{"$f":"IF(F33='Paus Grandes'!I70,\"OK\",\"ERRO\")","v":"OK"}]
[null,"FÍSICO PARCIAL:",null,{"$f":"SUMIF($G$12:$G$31,\"R$\",D$12:D$31)/$C$32","v":0.51973077363209674},{"$f":"1-SUM(D34:D34)","v":0.48026922636790326},{"$f":"F32/$C$32","v":1}]
[null,"AVANÇO FÍSICO:",null,{"$f":"D34","v":0.51973077363209674},{"$f":"D35+E34","v":1}]

{"sheet":"CPU HOSPEDAGEM","index":15,"n_rows":19,"n_cols":4,"rows_kept":19,"cut":false,"hidden":false,"merged":[[2,1,2,2]]}
[]
[null,"Engenharia Consultiva da Codevasf"]
[null,"CPU - HOSPEDAGEM EQUIPE DE CAMPO (4 PESSOAS/MÊS)",null,"Código/Referencia"]
[null,"ALUGUEL ",3074.56,"F020003334/EMBASA insumo"]
[null," Aquisição de Mobiliário",{"$f":"41.81*C16","v":167.24},"B8954/DNIT"]
[null,"Material de limpeza e diarista",{"$f":"129.46+(123*8)","v":1113.46},"10563/ORSE - E200300131/EMBASA"]
[null,"manutenção da casa alugada - Serviços Gerais/Vigia ",3043.76,"41096/SINAPI"]
[null,"Energia ",180,"10555/ORSE"]
[null,"Água",394.99,"10554/ORSE"]
[null,"telefone/Internet",{"$f":"154.99+89","v":243.99},"10557/10558/ORSE"]
[null,"IPTU (mês)",{"$f":"(C4*0.5)/12","v":128.10666666666665}]
[]
[null,"Custo Mensal:",{"$f":"SUM(C4:C12)","v":8346.1066666666666}]
[null,"Custo Mensal por pessoa:",{"$f":"C13/C16","v":2086.5266666666666}]
[null,"Custo diário por pessoa:",{"$f":"C14/22","v":94.842121212121214}]
[null,"número de pessoas:",4]
[null,"Alimentação:",100.59,"Tabela Diária Codevasf 2025"]
[]
[null,"Diária Total (alimentação + hospedagem):",{"$f":"C15+C17","v":195.43212121212122}]

{"sheet":"Cotação","index":16,"n_rows":10,"n_cols":15,"rows_kept":10,"cut":false,"hidden":false,"merged":[[2,10,3,10],[2,11,2,14],[2,0,3,0],[2,1,2,5],[2,6,3,6],[2,7,3,7],[2,8,3,8],[2,9,3,9]]}
[]
[]
["ITEM","EMPRESA",{"$nulls":4},"ORÇADO\nPOR","DESCRIÇÃO / OBSERVAÇÃO","UNID","QUANT","LINK OU LOCAL DO ARQUIVO","VALOR"]
[null,"DATA","EMPRESA / CNPJ","RESPONSÁVEL","ENDEREÇO","CONTATO",{"$nulls":5},"MAT","MDO","TRANSPORTE","TOTAL"]
[1,"2024-04-09","POLIMEDIÇÃO COMERCIAL","Preço na loja online","R. Arlete, 151 - Jardim Penha - São Paulo - SP","Tel: (11) 4328-3003\nWhatsApp: (11) 98575-6343\npolimedicao@gmail.com","Murilo","Régua linimétrica em alumínio 2 X 70 X 1000MM","un",1,"https://www.polimedicao.com.br/product-page/r%C3%A9gua-linim%C3%A9trica-em-chapa-de-aluminio-2-x-70-x-1000mm",160,null,null,{"$f":"SUM(L5:N5)","v":160}]
[2,"2024-04-09","Gravametal","Preço na loja online","Rua Uniflor, 1012 - Emiliano Perneta\nPinhais - Paraná - CEP: 83324-227","☎ (41) 3403-0144\n✆ (41) 99672-9692\n✉ gravametal@gmail.com","Murilo","Régua linimétrica em alumínio 2 X 70 X 1000MM","un",1,"https://www.gravametal.com.br/product-page/r%C3%A9gua-linim%C3%A9trica-fluviom%C3%A9trica-1000x70x2mm",209.9,null,null,{"$f":"SUM(L6:N6)","v":209.9}]
[4,"2024-04-09","Dualbase","Consulta via email","Av. Gentil Reinaldo Cordioli, 157 - CEP 88133-500 - Palhoça/SC ","Tel: (48) 3342 5202 adriano@dualbase.com.br","Murilo","Régua linimétrica em alumínio 2 X 70 X 1000MM","un",1,"www.dualbase.com.br",null,null,null,185]
[{"$nulls":13},"Média",{"$f":"AVERAGE(O5:O7)","v":184.96666666666667}]
[{"$nulls":13},"Mediana",{"$f":"MEDIAN(O5:O7)","v":185}]
[{"$nulls":13},"Menor",{"$f":"SMALL(O8:O9,1)","v":184.96666666666667}]

{"sheet":"Memorial de cálculo","index":17,"n_rows":275,"n_cols":15,"rows_kept":275,"cut":false,"hidden":false,"merged":[[7,1,7,2],[7,3,7,6],[4,1,4,2],[4,3,4,6],[5,1,5,2],[5,3,5,6],[6,1,6,2],[6,3,6,6],[0,0,0,7],[1,0,1,7],[2,0,2,7],[3,0,3,7],[1,8,1,13]]}
["Ministério da Integração e do Desenvolvimento Regional"]
["Companhia de desenvolvimento dos Vales do São Francisco e do Parnaíba",{"$nulls":7},"Quantitativos por Barragem"]
[]
[" MEMORIAL DE CÁLCULO",{"$nulls":7},"Sítio Lambedor","Poço da Onça","Brejo","Boqueirão","Paus Grandes","MÉDIA"]
["OBRA:",{"$f":"Resumo!B5","v":"Execução de manutenção e obras civis nas barragens de Sitio Lambedor, Poço da Onça, Brejo, Boqueirão e Paus Grandes localizadas no estado de Pernambuco."},null,"DESLOCAMENTO - Petrolina para Barragem (km):",null,null,null,{"$f":"N5","v":171.2},56,97,182,236,285,{"$f":"AVERAGE(I5:M5)","v":171.2}]
["LOCAL:",{"$f":"Resumo!B6","v":"BARRAGENS DE PERNAMBUCO"}]
["DATA BASE:",{"$f":"Resumo!B7","v":"2025-07-01"},null,"VIA URBANA PAVIMENTADA -  Petrolina para Barragem (km)",null,null,null,{"$f":"N7","v":160.6},{"$f":"I5-I8","v":53},80,181,218,271,{"$f":"AVERAGE(I7:M7)","v":160.6}]
["PRAZO:",{"$f":"Resumo!B8","v":"240 dias"},null,"REVESTIMENTO PRIMÁRIO - Petrolina para Barragem (km)",null,null,null,{"$f":"N8","v":10.6},3,17,1,18,14,{"$f":"AVERAGE(I8:M8)","v":10.6}]
["ITEM","DESCRIÇÃO","UNID.","PARÂMETRO 1","PARÂMETRO 2","PARÂMETRO 3","PARÂMETRO 4","TOTAL"]
[]
[{"$f":"CPU!B10","v":"CPU.01"},{"$f":"VLOOKUP(A11,CPU!$B$10:$G$5003,2,0)","v":"Administração Local"},{"$f":"VLOOKUP(A11,CPU!$B$10:$G$5003,3,0)","v":"mês"},"QUANT.PESSOAS","HORAS DIÁRIA","DIAS TRABALHADOS NO MÊS","MESES",3]
[null,{"$f":"CPU!C15","v":"Engenheiro Civil De Obra Pleno Com Encargos Complementares"},"h",1,1.5,{"$f":"4*5","v":20},null,{"$f":"D12*E12*F12","v":30}]
[null,{"$f":"CPU!C16","v":"Encarregado Geral De Obras Com Encargos Complementares"},"mês",1,null,null,0.8,{"$f":"D13*G13","v":0.8}]
[null,{"$f":"CPU!C17","v":"VIGIA - NA"},"h",4,12,15,null,{"$f":"D14*E14*F14","v":720}]
[null,"A escala de trabalho 12x36 para vigias noturnos consiste em trabalhar 12 horas seguidas e folgar 36 horas"]
[]
[{"$f":"CPU!B19","v":"CPU.02"},{"$f":"VLOOKUP(A17,CPU!$B$10:$G$5003,2,0)","v":"Mobilização e desmobilização de instalação do canteiro"},{"$f":"VLOOKUP(A17,CPU!$B$10:$G$5003,3,0)","v":"un"},{"$nulls":4},1]
[100946,{"$f":"IF(I18=\"ca\",VLOOKUP(A18,'Comp SINAPI PE 06-2025 Onerado'!B:C,2,0),VLOOKUP(A18,'Ins SINAPI PE 06-2025 Onerado'!B:C,2,0))","v":"TRANSPORTE COM CAMINHÃO CARROCERIA 9T, EM VIA URBANA EM REVESTIMENTO PRIMÁRIO (UNIDADE: TXKM). AF_07/2020"},{"$f":"IF(I18=\"ca\",VLOOKUP(A18,'Comp SINAPI PE 06-2025 Onerado'!B:D,3,0),VLOOKUP(A18,'Ins SINAPI PE 06-2025 Onerado'!B:D,3,0))","v":"TXKM"},{"$nulls":4},{"$f":"$C$20*$D$20*$E$20","v":106},"ca"]
[null,null,"T","km","N. viagens"]
[null,null,5,{"$f":"H8","v":10.6},2]
[100947,{"$f":"IF(I21=\"ca\",VLOOKUP(A21,'Comp SINAPI PE 06-2025 Onerado'!B:C,2,0),VLOOKUP(A21,'Ins SINAPI PE 06-2025 Onerado'!B:C,2,0))","v":"TRANSPORTE COM CAMINHÃO CARROCERIA 9T, EM VIA URBANA PAVIMENTADA, DMT ATÉ 30KM (UNIDADE: TXKM). AF_07/2020"},{"$f":"IF(I21=\"ca\",VLOOKUP(A21,'Comp SINAPI PE 06-2025 Onerado'!B:D,3,0),VLOOKUP(A21,'Ins SINAPI PE 06-2025 Onerado'!B:D,3,0))","v":"TXKM"},{"$nulls":4},{"$f":"$C$23*$D$23*$E$23","v":300},"ca"]
[null,null,"T","km","N. viagens"]
[null,null,5,30,2]
[100948,{"$f":"IF(I24=\"ca\",VLOOKUP(A24,'Comp SINAPI PE 06-2025 Onerado'!B:C,2,0),VLOOKUP(A24,'Ins SINAPI PE 06-2025 Onerado'!B:C,2,0))","v":"TRANSPORTE COM CAMINHÃO CARROCERIA 9T, EM VIA URBANA PAVIMENTADA, ADICIONAL PARA DMT EXCEDENTE A 30 KM (UNIDADE: TXKM). AF_07/2020"},{"$f":"IF(I24=\"ca\",VLOOKUP(A24,'Comp SINAPI PE 06-2025 Onerado'!B:D,3,0),VLOOKUP(A24,'Ins SINAPI PE 06-2025 Onerado'!B:D,3,0))","v":"TXKM"},{"$nulls":4},{"$f":"$C$26*$D$26*$E$26","v":1306},"ca"]
[null,null,"T","km","N. viagens"]
[null,null,5,{"$f":"H5-D23-D20","v":130.6},2]
[]
[{"$f":"CPU!B29","v":"CPU.03"},{"$f":"VLOOKUP(A28,CPU!$B$10:$G$5003,2,0)","v":"Execução de canteiro de obras, inclusive, limpeza, refeitório, sanitários e central de formas"},{"$f":"VLOOKUP(A28,CPU!$B$10:$G$5003,3,0)","v":"m2"},{"$nulls":4},{"$f":"SUM(H29:H31)","v":28.5}]
[null,"Área do Refeitório Em Canteiro De Obra","m2",1,3,2.5,null,{"$f":"D29*E29*F29","v":7.5}]
[null,"Área do Sanitário Em Canteiro De Obra","m2",1,4.5,2,null,{"$f":"D30*E30*F30","v":9}]
[null,"Área da Central de Fôrmas Em Canteiro De Obra","m2",1,4,3,null,{"$f":"D31*E31*F31","v":12}]
[null,"Mao de obra","m2","QUANT.PESSOAS","RENDIMENTO (H/M2)","m2","HORAS","DIAS","DIAS","DIAS","DIAS","DIAS","DIAS"]
[null,"Carpinteiro","h",2,{"$f":"1.1155/D33","v":0.55774999999999997},1,{"$f":"F33*(E33)","v":0.55774999999999997},{"$f":"G33/8","v":6.9718749999999996E-2},{"$f":"$H$28*$E$33/8","v":1.9869843749999998},{"$f":"$H$28*$E$33/8","v":1.9869843749999998},1.9869843749999998,1.9869843749999998,1.9869843749999998]
[]
[{"$f":"CPU!B40","v":"CPU.04"},{"$f":"VLOOKUP(A35,CPU!$B$10:$G$5003,2,0)","v":"Limpeza de vegetação"},{"$f":"VLOOKUP(A35,CPU!$B$10:$G$5003,3,0)","v":"m2"},{"$nulls":5},{"$f":"'Sítio Lambedor'!F26","v":3720},{"$f":"'Poço da Onça'!F26","v":4084},{"$f":"Brejo!F26","v":5341},{"$f":"Boqueirão!F26","v":6728},{"$f":"'Paus Grandes'!F26","v":1174}]
[null,"Mao de obra","m2","QUANT.PESSOAS","RENDIMENTO (H/M2)","m2","HORAS","DIAS","DIAS","DIAS","DIAS","DIAS","DIAS"]
[null,"Servente","h",4,{"$f":"20/1000/D37","v":5.0000000000000001E-3},1,{"$f":"F37*(E37)","v":5.0000000000000001E-3},{"$f":"G37/8","v":6.2500000000000001E-4},{"$f":"I35*$E$37/8","v":2.3250000000000002},{"$f":"J35*$E$37/8","v":2.5525000000000002},3.3381250000000002,4.2050000000000001,0.73375000000000001]
[null,"Rendimento 400 m² por dia por servente "]
[{"$f":"CPU!B50","v":"CPU.05"},{"$f":"VLOOKUP(A39,CPU!$B$10:$G$5003,2,0)","v":"Corte de tronco e remoção de raiz"},{"$f":"VLOOKUP(A39,CPU!$B$10:$G$5003,3,0)","v":"un"},{"$nulls":5},{"$f":"'Sítio Lambedor'!F27","v":15},{"$f":"'Poço da Onça'!F27","v":15},{"$f":"Brejo!F27","v":40},{"$f":"Boqueirão!F27","v":40},{"$f":"'Paus Grandes'!F27","v":20}]
[null,"Mão de obra",null,"QUANT.PESSOAS","RENDIMENTO (H/un)","un","HORAS","DIAS","DIAS","DIAS","DIAS","DIAS","DIAS"]
[null,"Servente","h",2,{"$f":"2.1685/D41","v":1.0842499999999999},1,{"$f":"F41*(E41)","v":1.0842499999999999},{"$f":"G41/8","v":0.13553124999999999},{"$f":"I39*$E$41/8","v":2.0329687499999998},{"$f":"J39*$E$41/8","v":2.0329687499999998},5.4212499999999997,5.4212499999999997,2.7106249999999998]
[null,"Jardineiro","h",1,{"$f":"1.1535/D42","v":1.1535},1,{"$f":"F42*(E42)","v":1.1535},{"$f":"G42/8","v":0.1441875},{"$f":"I39*$E$42/8","v":2.1628124999999998},{"$f":"J39*$E$42/8","v":2.1628124999999998},5.7675000000000001,5.7675000000000001,2.88375]
[]
[{"$f":"CPU!B63","v":"CPU.06"},{"$f":"VLOOKUP(A44,CPU!$B$10:$G$5003,2,0)","v":"Apicoamento da superfície"},{"$f":"VLOOKUP(A44,CPU!$B$10:$G$5003,3,0)","v":"m2"},{"$nulls":6},{"$f":"'Poço da Onça'!F31","v":20},{"$f":"Brejo!F31","v":20},null,{"$f":"'Paus Grandes'!F37+'Paus Grandes'!F43","v":168.1}]
[null,"Mao de obra",null,"QUANT.PESSOAS","RENDIMENTO (H/m2)","m2","HORAS","DIAS","DIAS","DIAS","DIAS","DIAS","DIAS"]
[null,"PEDREIRO",null,1,{"$f":"0.1151/D46","v":0.11509999999999999},1,{"$f":"F46*(E46)","v":0.11509999999999999},{"$f":"G46/8","v":1.4387499999999999E-2},null,{"$f":"J44*$E$46/8","v":0.28775000000000001},{"$f":"K44*$E$46/8","v":0.28775000000000001},null,{"$f":"M44*$E$46/8","v":2.4185387499999997}]
[null,"SERVENTE",null,3,{"$f":"0.3872/D47","v":0.12906666666666666},1,{"$f":"F47*(E47)","v":0.12906666666666666},{"$f":"G47/8","v":1.6133333333333333E-2},null,{"$f":"J44*$E$47/8","v":0.32266666666666666},{"$f":"K44*$E$47/8","v":0.32266666666666666},null,{"$f":"M44*$E$47/8","v":2.7120133333333332}]
[]
[{"$f":"CPU!B75","v":"CPU.07"},{"$f":"VLOOKUP(A49,CPU!$B$10:$G$5003,2,0)","v":"Restauração com uso de concreto"},{"$f":"VLOOKUP(A49,CPU!$B$10:$G$5003,3,0)","v":"m3"},{"$nulls":5},{"$f":"'Sítio Lambedor'!F32","v":19.5},{"$f":"'Poço da Onça'!F49","v":1},{"$f":"Brejo!F45+Brejo!F49","v":4},{"$f":"Boqueirão!F43","v":1},{"$f":"'Paus Grandes'!F46","v":1}]
[null,"Mao de obra","m3","QUANT.PESSOAS","RENDIMENTO (H/M3)","m3","HORAS","DIAS","DIAS","DIAS","DIAS","DIAS","DIAS"]
[null,"Servente","h",2,{"$f":"6.2067/D51","v":3.1033499999999998},1,{"$f":"F51*(E51)","v":3.1033499999999998},{"$f":"G51/8","v":0.38791874999999998},{"$f":"I49*$E$51/8","v":7.5644156249999996},{"$f":"J49*$E$51/8","v":0.38791874999999998},1.5516749999999999,0.38791874999999998,0.38791874999999998]
[]
[{"$f":"CPU!B88","v":"CPU.08"},{"$f":"VLOOKUP(A53,CPU!$B$10:$G$5003,2,0)","v":"Régua Linimétrica Padrão “ANA”, Aço Carbono - 2 X 70 X 1000 mm (Fornecimento e Instalação)"},{"$f":"VLOOKUP(A53,CPU!$B$10:$G$5003,3,0)","v":"un"},{"$nulls":5},{"$f":"'Sítio Lambedor'!F50","v":3},{"$f":"'Poço da Onça'!F55","v":5},{"$f":"Brejo!F67","v":10},{"$f":"Boqueirão!F54","v":5},{"$f":"'Paus Grandes'!F57","v":5}]
[null,"Mao de obra",null,"QUANT.PESSOAS","RENDIMENTO (H/UN)","un","HORAS","DIAS"]
[null,"Topógrafo",null,1,{"$f":"0.8/D55","v":0.8},1,{"$f":"F55*(E55)","v":0.8},{"$f":"G55/8","v":0.1},{"$f":"I53*$E$55/8","v":0.30000000000000004},{"$f":"J53*$E$55/8","v":0.5},1,0.5,0.5]
[null,"Servente",null,1,{"$f":"1.6/D56","v":1.6},1,{"$f":"F56*(E56)","v":1.6},{"$f":"G56/8","v":0.2},{"$f":"I53*$E$56/8","v":0.60000000000000009},{"$f":"J53*$E$56/8","v":1},2,1,1]
[]
[{"$f":"CPU!B101","v":"CPU.09"},{"$f":"VLOOKUP(A58,CPU!$B$10:$G$5003,2,0)","v":"Emboço ou massa única em argamassa"},{"$f":"VLOOKUP(A58,CPU!$B$10:$G$5003,3,0)","v":"m2"},{"$nulls":6},{"$f":"'Poço da Onça'!F34+'Poço da Onça'!F45","v":120},{"$f":"Brejo!F34","v":20},{"$f":"Boqueirão!F48","v":260},{"$f":"'Paus Grandes'!F33","v":5}]
[null,"Mao de obra",null,"QUANT.PESSOAS","RENDIMENTO (H/m2)","m2","HORAS","DIAS"]
[null,"Servente",null,2,{"$f":"0.545/D60","v":0.27250000000000002},1,{"$f":"F60*(E60)","v":0.27250000000000002},{"$f":"G60/8","v":3.4062500000000002E-2},null,{"$f":"J58*$E$60/8","v":4.0875000000000004},{"$f":"K58*$E$60/8","v":0.68125000000000002},8.8562500000000011,0.17031250000000001]
[null,"Pedreiro",null,2,{"$f":"0.545/D61","v":0.27250000000000002},1,{"$f":"F61*(E61)","v":0.27250000000000002},{"$f":"G61/8","v":3.4062500000000002E-2},null,{"$f":"J58*$E$61/8","v":4.0875000000000004},{"$f":"K58*$E$61/8","v":0.68125000000000002},8.8562500000000011,0.17031250000000001]
[]
[{"$f":"CPU!B110","v":"CPU.10"},{"$f":"VLOOKUP(A63,CPU!$B$10:$G$5003,2,0)","v":"Limpeza da superfície"},{"$f":"VLOOKUP(A63,CPU!$B$10:$G$5003,3,0)","v":"m2"},{"$nulls":5},{"$f":"'Sítio Lambedor'!F31+'Sítio Lambedor'!F38+'Sítio Lambedor'!F43","v":1040},{"$f":"'Poço da Onça'!F32+'Poço da Onça'!F38+'Poço da Onça'!F43","v":1110},{"$f":"Brejo!F32+Brejo!F38+Brejo!F43","v":1420},{"$f":"Boqueirão!F31+Boqueirão!F36+Boqueirão!F41+Boqueirão!F47","v":1057},{"$f":"'Paus Grandes'!F31+'Paus Grandes'!F38+'Paus Grandes'!F44","v":246}]
[null,"Mao de obra",null,"QUANT.PESSOAS","RENDIMENTO (H/m2)","m2","HORAS","DIAS"]
[null,"Servente",null,2,{"$f":"0.089/D65","v":4.4499999999999998E-2},1,{"$f":"F65*(E65)","v":4.4499999999999998E-2},{"$f":"G65/8","v":5.5624999999999997E-3},{"$f":"I63*$E$65/8","v":5.7850000000000001},{"$f":"J63*$E$65/8","v":6.1743749999999995},7.8987499999999997,5.8795624999999996,1.3683749999999999]
[]
[{"$f":"CPU!B119","v":"CPU.11"},{"$f":"VLOOKUP(A67,CPU!$B$10:$G$5003,2,0)","v":"Projeto geométrico"},{"$f":"VLOOKUP(A67,CPU!$B$10:$G$5003,3,0)","v":"un"},{"$nulls":5},1,1,1,1,1]
[null,"Mao de obra",null,"QUANT.PESSOAS","RENDIMENTO (H/un)","un","HORAS","DIAS"]
[null,"Engenheiro Civil De Obra Junior Com Encargos Complementares",null,1,{"$f":"CPU!E124/D69","v":30},1,{"$f":"F69*(E69)","v":30},{"$f":"G69/8","v":3.75},{"$f":"I67*$E$69/8","v":3.75},{"$f":"J67*$E$69/8","v":3.75},3.75,3.75,3.75]
[null,"Engenheiro Civil De Obra Senior Com Encargos Complementares",null,1,{"$f":"CPU!E125/D70","v":20},1,{"$f":"F70*(E70)","v":20},{"$f":"G70/8","v":2.5},{"$f":"I67*$E$70/8","v":2.5},{"$f":"J67*$E$70/8","v":2.5},2.5,2.5,2.5]
[null,"Desenhista Projetista Com Encargos Complementares",null,1,{"$f":"CPU!E126/D71","v":60},1,{"$f":"F71*(E71)","v":60},{"$f":"G71/8","v":7.5},{"$f":"I67*$E$71/8","v":7.5},{"$f":"J67*$E$71/8","v":7.5},7.5,7.5,7.5]
[]
[{"$f":"CPU!B135","v":"CPU.13"},{"$f":"VLOOKUP(A73,CPU!$B$10:$G$5003,2,0)","v":"Selagem de fissuras com resina epóxi"},{"$f":"VLOOKUP(A73,CPU!$B$10:$G$5003,3,0)","v":"m"},{"$nulls":6},{"$f":"'Poço da Onça'!F33","v":150},{"$f":"Brejo!F33+Brejo!F50","v":102},{"$f":"Boqueirão!F32+Boqueirão!F42","v":25},{"$f":"'Paus Grandes'!F32","v":5}]
[null,"Mao de obra",null,"QUANT.PESSOAS","RENDIMENTO (H/m)","m","HORAS","DIAS","DIAS","DIAS","DIAS","DIAS","DIAS"]
[null,"Servente",null,3,{"$f":"0.6/D75","v":0.19999999999999998},1,{"$f":"F75*(E75)","v":0.19999999999999998},{"$f":"G75/8","v":2.4999999999999998E-2},{"$f":"I73*$E$75/8","v":0},{"$f":"J73*$E$75/8","v":3.7499999999999996},2.5499999999999998,0.625,0.12499999999999999]
[]
[{"$f":"CPU!B144","v":"CPU.14"},{"$f":"VLOOKUP(A77,CPU!$B$10:$G$5003,2,0)","v":"Concreto projetado c/ aditivo impermeabilizante "},{"$f":"VLOOKUP(A77,CPU!$B$10:$G$5003,3,0)","v":"m3"},{"$nulls":5},{"$f":"'Sítio Lambedor'!F39","v":9.8000000000000007},{"$f":"'Poço da Onça'!F39","v":23.1},{"$f":"Brejo!F39","v":67.5},{"$f":"Boqueirão!F37","v":1},{"$f":"'Paus Grandes'!F39+'Paus Grandes'!F51","v":7.95}]
[null,"Mao de obra",null,"QUANT.PESSOAS","RENDIMENTO (H/m3)","m3","HORAS","DIAS","DIAS","DIAS","DIAS","DIAS","DIAS"]
[null," Ajudante especializado",null,1,{"$f":"1/D79","v":1},1,{"$f":"F79*(E79)","v":1},{"$f":"G79/8","v":0.125},{"$f":"I77*$E$79/8","v":1.2250000000000001},{"$f":"J77*$E$79/8","v":2.8875000000000002},8.4375,0.125,0.99375000000000002]
[null,"Servente",null,4,{"$f":"4/D80","v":1},1,{"$f":"F80*(E80)","v":1},{"$f":"G80/8","v":0.125},{"$f":"I77*$E$80/8","v":1.2250000000000001},{"$f":"J77*$E$80/8","v":2.8875000000000002},8.4375,0.125,0.99375000000000002]
[]
[null,"Utilização do aditivo: 4% massa de cimento",290.83789000000002,"Cimento (kg/m3)",{"$f":"0.04*C82","v":11.633515600000001},"Aditivo (kg/m3)",{"$nulls":8},"<<"]
[]
[{"$f":"CPU!B154","v":"CPU.15"},{"$f":"VLOOKUP(A84,CPU!$B$10:$G$5003,2,0)","v":"Preenchimento de espaços vazios com argamassa traço 1:3"},{"$f":"VLOOKUP(A84,CPU!$B$10:$G$5003,3,0)","v":"m3"},{"$nulls":5},{"$f":"'Sítio Lambedor'!F44","v":2.9},{"$f":"'Poço da Onça'!F44","v":1},{"$f":"Brejo!F44","v":1},null,{"$f":"'Paus Grandes'!F45","v":0.7}]
[null,"Mao de obra",null,"QUANT.PESSOAS","RENDIMENTO (H/m3)","m3","HORAS","DIAS","DIAS","DIAS","DIAS","DIAS","DIAS"]
[null,"Servente",null,2,{"$f":"8.57/D86","v":4.2850000000000001},1,{"$f":"F86*(E86)","v":4.2850000000000001},{"$f":"G86/8","v":0.53562500000000002},{"$f":"I84*$E$86/8","v":1.5533125000000001},{"$f":"J84*$E$86/8","v":0.53562500000000002},0.53562500000000002,0,0.37493749999999998]
[]
[{"$f":"CPU!B163","v":"CPU.16"},{"$f":"VLOOKUP(A88,CPU!$B$10:$G$5003,2,0)","v":"Troca do registro de gaveta, incluso registro DN 150 mm"},{"$f":"VLOOKUP(A88,CPU!$B$10:$G$5003,3,0)","v":"un"},{"$nulls":7},{"$f":"Brejo!F54","v":1}]
[null,"Mao de obra",null,"QUANT.PESSOAS","RENDIMENTO (H/un)","un","HORAS","DIAS","DIAS","DIAS","DIAS","DIAS","DIAS"]
[null,"AUXILIAR DE ENCANADOR OU BOMBEIRO HIDRÁULICO",null,1,{"$f":"0.0805/D90","v":8.0500000000000002E-2},1,{"$f":"F90*(E90)","v":8.0500000000000002E-2},{"$f":"G90/8","v":1.00625E-2},{"$f":"I88*$E$90/8","v":0},{"$f":"J88*$E$90/8","v":0},1.00625E-2,0,0]
[null,"ENCANADOR OU BOMBEIRO HIDRÁULICO",null,1,{"$f":"0.4686 /D91","v":0.46860000000000002},1,{"$f":"F91*(E91)","v":0.46860000000000002},{"$f":"G91/8","v":5.8575000000000002E-2},{"$f":"I88*$E$91/8","v":0},{"$f":"J88*$E$91/8","v":0},5.8575000000000002E-2,0,0]
[]
[{"$f":"CPU!B172","v":"CPU.17"},{"$f":"VLOOKUP(A93,CPU!$B$10:$G$5003,2,0)","v":"Pintura esmalte, incl. base anticorrosiva e lixamento, em duas demãos"},{"$f":"VLOOKUP(A93,CPU!$B$10:$G$5003,3,0)","v":"m2"},{"$nulls":5},{"$f":"'Sítio Lambedor'!F34","v":81.7},null,{"$f":"Brejo!F56","v":3.77}]
[null,"Mao de obra",null,"QUANT.PESSOAS","RENDIMENTO (H/m2)","m2","HORAS","DIAS","DIAS","DIAS","DIAS","DIAS","DIAS"]
[null,"AJUDANTE DE PINTOR",null,1,{"$f":"0.8/D95","v":0.8},1,{"$f":"F95*(E95)","v":0.8},{"$f":"G95/8","v":0.1},{"$f":"I93*$E$95/8","v":8.17},{"$f":"J93*$E$95/8","v":0},0.377,0,0]
[null,"PINTOR",null,1,{"$f":"0.8/D96","v":0.8},1,{"$f":"F96*(E96)","v":0.8},{"$f":"G96/8","v":0.1},{"$f":"I93*$E$96/8","v":8.17},{"$f":"J93*$E$96/8","v":0},0.377,0,0]
[]
[{"$f":"CPU!B181","v":"CPU.18"},{"$f":"VLOOKUP(A98,CPU!$B$10:$G$5003,2,0)","v":"Caixa em concreto armado"},{"$f":"VLOOKUP(A98,CPU!$B$10:$G$5003,3,0)","v":"m3"},{"$nulls":7},{"$f":"Brejo!F60","v":1}]
[null,"Mao de obra","m3","QUANT.PESSOAS","RENDIMENTO (H/M3)","m3","HORAS","DIAS","DIAS","DIAS","DIAS","DIAS","DIAS"]
[null,"Servente","h",2,{"$f":"6.2067/D100","v":3.1033499999999998},1,{"$f":"F100*(E100)","v":3.1033499999999998},{"$f":"G100/8","v":0.38791874999999998},{"$f":"I98*$E$100/8","v":0},{"$f":"J98*$E$100/8","v":0},0.38791874999999998,0,0]
[null,"ARMADOR","h",1,{"$f":"1.57/D101","v":1.57},2,{"$f":"F101*(E101)","v":3.14},{"$f":"G101/8","v":0.39250000000000002},{"$f":"I98*$E$101/8","v":0},{"$f":"J98*$E$101/8","v":0},0.19625000000000001,0,0]
[null,"SERVENTE","h",1,{"$f":"0.06/D102","v":0.06},3,{"$f":"F102*(E102)","v":0.18},{"$f":"G102/8","v":2.2499999999999999E-2},{"$f":"I98*$E$102/8","v":0},{"$f":"J98*$E$102/8","v":0},7.4999999999999997E-3,0,0]
[null,"AJUDANTE DE CARPINTEIRO","h",1,{"$f":"0.005/D103","v":5.0000000000000001E-3},4,{"$f":"F103*(E103)","v":0.02},{"$f":"G103/8","v":2.5000000000000001E-3},{"$f":"I98*$E$103/8","v":0},{"$f":"J98*$E$103/8","v":0},6.2500000000000001E-4,0,0]
[null,"CARPINTEIRO","h",1,{"$f":"0.005/D104","v":5.0000000000000001E-3},5,{"$f":"F104*(E104)","v":2.5000000000000001E-2},{"$f":"G104/8","v":3.1250000000000002E-3},{"$f":"I98*$E$104/8","v":0},{"$f":"J98*$E$104/8","v":0},6.2500000000000001E-4,0,0]
{"$rows_empty":170}
[{"$nulls":4},{"$f":"'Memorial de cálculo'!#REF!*'Memorial de cálculo'!E1603","v":{"$error":"#REF!"}}]

{"sheet":"CPU-VEICULO_PickUp (2)","index":18,"n_rows":61,"n_cols":33,"rows_kept":61,"cut":false,"hidden":false,"merged":[[52,19,52,26],[4,0,4,2],[6,0,6,2],[7,0,7,1],[7,4,7,7],[8,0,8,2],[52,8,52,18]]}
[]
[]
[]
[]
["Composição de Preços de Locação de Veículo tipo pick-up"]
[null,"Data de atualização:","2025-01-22",null,"CV","Média","Mediana",null,null,null,"CV","Média","Mediana",{"$nulls":8},"CV","Média","Mediana"]
["CODEVASF ",null,null,null,{"$f":"_xlfn.STDEV.S(E10:H10)/AVERAGE(E10:H10)","v":9.4618047486117282E-2},{"$f":"AVERAGE(E10:H10)","v":200477},{"$f":"MEDIAN(E10:H10)","v":205565.5},null,null,null,{"$f":"_xlfn.STDEV.S(L9:S9)/AVERAGE(L9:S9)","v":0.20491936834598948},{"$f":"AVERAGE(L9:S9)","v":34.548571428571428},{"$f":"MEDIAN(L9:S9)","v":30.91},{"$nulls":8},{"$f":"_xlfn.STDEV.S(W9:AD9)/AVERAGE(W9:AD9)","v":0.12410235614319021},{"$f":"AVERAGE(W9:AD9)","v":499.01906250000008},{"$f":"MEDIAN(W9:AD9)","v":499.45}]
["OBS:               Preço sem BDI e sem motorista                                                                   BDI=",null,null,null,"Preço FIPE ",{"$nulls":4},"PRODUTO ","MENOR (MÉDIA, MEDIANA)","COT. 1","COT. 2","COT. 3","COT. 4","COT. 5","COT. 6","COT. 7","COT. 8",null,"PRODUTO","MENOR (MÉDIA, MEDIANA)","COT. 1","COT. 2","COT. 3","COT. 4","COT. 5","COT. 6","COT. 7","COT. 8"]
["Veículo tipo pick-up, cabine dupla - 2.0 16V 4x4 diesel Aut.",null,null,null,"Toro Ultra 2.0 16V 4x4 TB Diesel Aut.","Toro Freedom 2.0 16V 4x4 TB Diesel Aut.","Toro Volcano 2.0 16V 4x4 TB Diesel Aut."," Toro Ranch 2.0 16V 4x4 TB Diesel Aut.\n",null,"LUBRIFICANTE 5W30",{"$f":"SMALL(L7:M7,1)","v":30.91},33.33,26.9,30.9,30.9,30.91,46,42.9,null,null,"Pneu 225/65 R17",{"$f":"SMALL(W7:X7,1)","v":499.01906250000008},499,479.9,565.25,393.38,449.9,{"$f":"2059.44/4","v":514.86},{"$f":"2359.85/4","v":589.96249999999998},499.9]
[null,"Custo Mensal (R$):",{"$f":"C51","v":3838.4196060633808},null,215525,175252,196485,214646]
[null,"Custo Diária (R$):",{"$f":"C10/22","v":174.4736184574264}]
[null,"Custo Horário (R$):",{"$f":"C10/176","v":21.8092023071783}]
["A","Depreciação mensal do equipamento"]
["A1","Preço de Aquisição ",{"$f":"SMALL(F7:G7,1)","v":200477}]
["A2","Tempo previsto de vida útil (meses)",36]
["A3","Previsão de recup. Na venda do bem usado",0.7]
["A4","Custo mensal [A1-(A3xA1)]/A2",{"$f":"(C14-(C16*C14))/C15","v":1670.6416666666669}]
["B","Juros pelo Capital empregado"]
["B1","Taxa mensal de Juros *",{"$f":"POWER(1+C56,1/12)-1","v":1.0348528288471437E-2}]
["B2","Juros s/depreciação/aluguel (B1xA4)",{"$f":"C19*C17","v":17.28868254739907}]
["C","Conservação e manutenção **",0.75]
["C1","Taxa de gastos s/a deprec. Inc. seguros (%)",{"$f":"C21","v":0.75},{"$nulls":28},"PREÇO DO DIESEL",6.1]
["C2","Incidência mensal (C1xA4)",{"$f":"C22*C17","v":1252.9812500000003},{"$nulls":28},"https://precos.petrobras.com.br/sele%C3%A7%C3%A3o-de-estados-diesel "]
["D","Combustível"]
["D1","Média mensal de quilômetro por veículo",{"$f":"60*22","v":1320}]
["D2","Preço do litro de combustível",{"$f":"AG22","v":6.1}]
["D3","Quilômetros rodados com um litro combustivel",10]
["D4","Combustivel    (D1/D3)*D2",{"$f":"(C25/C27)*C26","v":805.19999999999993}]
["E","Lubrificantes"]
["E1","Quilometragem do Contrato (D1*12)",{"$f":"C25*36","v":47520}]
["E2","Franquia por troca de óleo (km)",10000]
["E3","Preço do litro de óleo",{"$f":"K9","v":30.91}]
["E4","Quantidade de litros de óleo por troca",5]
["E5","Quantidade de dias do Contrato",{"$f":"365*3","v":1095}]
["E6","Lubrificantes  E = (E1*E3*E4*30)/E2*E5",{"$f":"(C30*C32*C33*30)/(C31*C34)","v":20.121139726027398}]
["F","Pneus"]
["F1","Quilometragem do Contrato ",{"$f":"C30","v":47520}]
["F2","Vida do Pneu em quilômetros",45000]
["F3","Quantidade de pneus",5]
["F4","Preço do Pneu",{"$f":"V9","v":499.01906250000008}]
["F5","Quantidade de dias do contrato ",{"$f":"C34","v":1095}]
["F6","Pneus = (F1*F3*F4*30)/(F2*F5)",{"$f":"(C37*C39*C40*30)/(C38*C41)","v":72.186867123287684}]
["G","Motorista"]
["G1","Salário com encargos sociais",0]
["H","Custo Mensal"," "]
[null,"Sem Motorista (A4+B2+C2+D4+E6+F6)",{"$f":"C17+C20+C23+C28+C35+C42","v":3838.4196060633808}]
[null,"Com Motorista (A4+B2+C2+D4+E6+F6+G1)",{"$f":"C17+C20+C23+C28+C35+C42+C44","v":3838.4196060633808}]
["I","Custo Direto p/ km Rodado"]
[null,"Sem Motorista",{"$f":"C46/C25","v":2.9078936409571066}]
[null,"Com Motorista",{"$f":"C47/C25","v":2.9078936409571066}]
["J","Preço cobrado sem BDI",{"$f":"C46*(1+C8)","v":3838.4196060633808}]
["J1","Sem Motorista",{"$f":"C51","v":3838.4196060633808}]
["J2","Com Motorista",{"$f":"C47","v":3838.4196060633808},{"$nulls":5},"https://www.google.com/search?q=lubrificante+5w30+1l&sa=X&sca_esv=c77f5342bf7e367a&tbm=shop&ei=e0uKZ-DcDNKp5OUPkOKj6QY&ved=0ahUKEwighoOy3_yKAxXSFLkGHRDxKG0Q4dUDCAg&uact=5&oq=lubrificante+5w30+1l&gs_lp=Egtwcm9kdWN0cy1jYyIUbHVicmlmaWNhbnRlIDV3MzAgMWxIgQ9Q4AlY8Q1wAHgAkAEAmAFroAGgA6oBAzEuM7gBA8gBAPgBAZgCAqAC0gHCAgUQABiABMICBhAAGAcYHsICBhAAGAgYHsICBhAAGBYYHpgDAIgGAZIHAzEuMaAHxQU&sclient=products-cc",{"$nulls":10},"https://www.google.com/search?q=pneu+225%2F65+R17&sa=X&biw=1600&bih=757&tbm=shop&sxsrf=AJOqlzWsb-d4PS1_OUOEhKmRc2RbtSg3RQ%3A1677092596279&ei=9Gb2Y9K5ENTa5OUPvLykGA&ved=0ahUKEwjSg9Pj6Kn9AhVULbkGHTweCQMQ4dUDCAg&uact=5&oq=pneu+225%2F65+R17&gs_lcp=Cgtwcm9kdWN0cy1jYxADMgsIABCABBCxAxCDATIFCAAQgAQyBwgAEIAEEAoyBwgAEIAEEAoyBwgAEIAEEAoyBwgAEIAEEAoyBwgAEIAEEAoyBQgAEIAEMgcIABCABBAKMgcIABCABBAKOgQIIxAnOgQIABBDSgQIQRgAUABYoTJgqUBoAHAAeACAAdIFiAGUKZIBDTAuMi42LjIuMi4yLjGYAQCgAQHAAQE&sclient=products-cc"]
[]
[null,"OBSERVAÇÕES:"]
["*","Calculado com base na taxa SELIC JANEIRO/2025:",0.13150000000000001]
[null," Taxa de Juros Selic — Português (Brasil) (www.gov.br) "]
["**","Conservação e manutenção - é calculado com o uso de um coeficiente multiplicador \"k\", conforme tabela abaixo, sobre a "]
[null,"depreciação mensal do equipamento (Item A da planilha de composição de preços). Os valores de K são fornecidos por"]
[null," fabricantes. "]
[null,"Metodologia conforme a bibliografia \"Como Preparar Orçamentos de Obras\", 3 edição, Aldo Dórea Mattos, 2019."]

{"sheet":"Encargos Sociais","index":19,"n_rows":49,"n_cols":6,"rows_kept":49,"cut":false,"hidden":false,"merged":[[0,0,0,5],[1,0,1,5],[2,0,2,5],[3,0,3,5],[9,0,9,5],[4,1,4,5],[10,0,10,5],[11,2,11,3],[11,4,11,5],[13,0,13,5],[24,0,24,5],[36,0,36,5],[43,0,43,5],[47,0,47,1],[48,0,48,1],[11,0,12,0],[11,1,12,1]]}
["Ministério da Integração e do Desenvolvimento Regional"]
["Companhia de Desenvolvimento dos Vales do São Francisco e do Parnaíba"]
[]
["COMPOSIÇÃO DE ENCARGOS SOCIAIS SOBRE A MÃO DE OBRA"]
[{"$f":"Resumo!A5","v":"OBRA:"},{"$f":"Resumo!B5","v":"Execução de manutenção e obras civis nas barragens de Sitio Lambedor, Poço da Onça, Brejo, Boqueirão e Paus Grandes localizadas no estado de Pernambuco."}]
[{"$f":"Resumo!A6","v":"LOCAL:"},{"$f":"Resumo!B6","v":"BARRAGENS DE PERNAMBUCO"}]
[{"$f":"Resumo!A7","v":"DATA BASE:"},{"$f":"Resumo!B7","v":"2025-07-01"}]
[{"$f":"Resumo!A8","v":"PRAZO:"},{"$f":"Resumo!B8","v":"240 dias"}]
["PERNAMBUCO"]
["Encargos Sociais – Pernambuco    VIGÊNCIA A PARTIR DE  01/2025"]
["ENCARGOS SOCIAIS SOBRE A MÃO DE OBRA"]
["CÓDIGO","DESCRIÇÃO","COM DESONERAÇÃO",null,"SEM DESONERAÇÃO"]
[null,null,"HORISTA\n%","MENSALISTA\n%","HORISTA\n%","MENSALISTA\n%"]
["GRUPO A"]
["A1","INSS",0.05,0.05,0.2,0.2]
["A2","SESI",1.4999999999999999E-2,1.4999999999999999E-2,1.4999999999999999E-2,1.4999999999999999E-2]
["A3","SENAI",0.01,0.01,0.01,0.01]
["A4","INCRA",2E-3,2E-3,2E-3,2E-3]
["A5","SEBRAE",6.0000000000000001E-3,6.0000000000000001E-3,6.0000000000000001E-3,6.0000000000000001E-3]
["A6","Salário Educação",2.5000000000000001E-2,2.5000000000000001E-2,2.5000000000000001E-2,2.5000000000000001E-2]
["A7","Seguro Contra Acidentes de Trabalho",0.03,0.03,0.03,0.03]
["A8","FGTS",0.08,0.08,0.08,0.08]
["A9","SECONCI",0,0,0,0]
["A","Total",{"$f":"SUM(C15:C23)","v":0.21800000000000003},{"$f":"SUM(D15:D23)","v":0.21800000000000003},{"$f":"SUM(E15:E23)","v":0.36800000000000005},{"$f":"SUM(F15:F23)","v":0.36800000000000005}]
["GRUPO B"]
["B1","Repouso Semanal Remunerado",0.18010000000000001,"Não incide",0.18010000000000001,"Não incide"]
["B2","Feriados",4.3200000000000002E-2,"Não incide",4.3200000000000002E-2,"Não incide"]
["B3","Auxílio - Enfermidade",8.6E-3,6.4999999999999997E-3,8.6E-3,6.4999999999999997E-3]
["B4","13º Salário",0.10970000000000001,8.3299999999999999E-2,0.10970000000000001,8.3299999999999999E-2]
["B5","Licença Paternidade",6.9999999999999999E-4,5.0000000000000001E-4,6.9999999999999999E-4,5.0000000000000001E-4]
["B6","Faltas Justificadas",7.3000000000000001E-3,5.5999999999999999E-3,7.3000000000000001E-3,5.5999999999999999E-3]
["B7","Dias de Chuvas",1.9599999999999999E-2,"Não incide",1.9599999999999999E-2,"Não incide"]
["B8","Auxílio Acidente de Trabalho",1E-3,6.9999999999999999E-4,1E-3,6.9999999999999999E-4]
["B9","Férias Gozadas",9.9500000000000005E-2,7.5600000000000001E-2,9.9500000000000005E-2,7.5600000000000001E-2]
["B10","Salário Maternidade",2.9999999999999997E-4,2.9999999999999997E-4,2.9999999999999997E-4,2.9999999999999997E-4]
["B","Total",{"$f":"SUM(C26:C35)","v":0.47000000000000003},{"$f":"SUM(D26:D35)","v":0.17250000000000001},{"$f":"SUM(E26:E35)","v":0.47000000000000003},{"$f":"SUM(F26:F35)","v":0.17250000000000001}]
["GRUPO C"]
["C1","Aviso Prévio Indenizado",4.7699999999999999E-2,3.6299999999999999E-2,4.7699999999999999E-2,3.6299999999999999E-2]
["C2","Aviso Prévio Trabalhado",1.1000000000000001E-3,8.9999999999999998E-4,1.1000000000000001E-3,8.9999999999999998E-4]
["C3","Férias Indenizadas",3.9800000000000002E-2,3.0300000000000001E-2,3.9800000000000002E-2,3.0300000000000001E-2]
["C4","Depósito Rescisão Sem Justa Causa",3.0599999999999999E-2,2.3300000000000001E-2,3.0599999999999999E-2,2.3300000000000001E-2]
["C5","Indenização Adicional",4.0000000000000001E-3,3.0999999999999999E-3,4.0000000000000001E-3,3.0999999999999999E-3]
["C","Total",{"$f":"SUM(C38:C42)","v":0.1232},{"$f":"SUM(D38:D42)","v":9.3900000000000011E-2},{"$f":"SUM(E38:E42)","v":0.1232},{"$f":"SUM(F38:F42)","v":9.3900000000000011E-2}]
["GRUPO D"]
["D1","Reincidência de Grupo A sobre Grupo B",9.7000000000000003E-2,3.3399999999999999E-2,0.17299999999999999,6.3500000000000001E-2]
["D2","Reincidência de Grupo A sobre Aviso Prévio Trabalhado e Reincidência do FGTS sobre Aviso\nPrévio Indenizado",4.1000000000000003E-3,3.0999999999999999E-3,4.1999999999999997E-3,3.2000000000000002E-3]
["D","Total",{"$f":"SUM(C45:C46)","v":0.10110000000000001},{"$f":"SUM(D45:D46)","v":3.6499999999999998E-2},{"$f":"SUM(E45:E46)","v":0.1772},{"$f":"SUM(F45:F46)","v":6.6699999999999995E-2}]
["TOTAL(A+B+C+D)",null,{"$f":"C24+C36+C43+C47","v":0.9123},{"$f":"D24+D36+D43+D47","v":0.52090000000000003},{"$f":"E24+E36+E43+E47","v":1.1384000000000001},{"$f":"F24+F36+F43+F47","v":0.70110000000000006}]
["Fonte: Informação Dias de Chuva – INMET"]

{"sheet":"Ins SINAPI PE 06-2025 Onerado","index":20,"n_rows":4907,"n_cols":6,"rows_kept":4907,"cut":false,"hidden":false,"merged":[]}
["SINAPI - Sistema Nacional de Pesquisa de Custos e Índices da Construção Civil"]
["RELATÓRIO DE PREÇOS DE INSUMOS - ENGARGOS SOCIAIS SEM DESONERAÇÃO"]
["Mês de Referência:","2025-06-01",null,null,"Encargos sociais sobre a mão de obra:"]
["Data de emissão:",null,null,null,"(SEM DESONERAÇÃO)","PE"]
[{"$nulls":4},"Localidade","RECIFE"]
["Origem de preço:","C = COLETADO","CR = COEFICIENTE DE REPRESENTATIVIDADE",null,"Horista",1.1384000000000001]
["Preço em branco para determinado estado significa que não houve coleta mínima de preços no mês de referência",null,null,null,"Mensalista",0.70109999999999995]
[]
["Acessar Fichas de Especificação Técnico dos Insumos",null,null,null,"Preços Medianos (R$):"]
["Classificação","Código do\nInsumo","Descrição do Insumo","Unidade","Origem de\nPreço","PE"]
["SERVIÇOS",45333,"ABERTURA PARA ENCAIXE DE CUBA OU LAVATORIO EM BANCADA DE MARMORE/ GRANITO OU OUTRO TIPO DE PEDRA NATURAL","UN","CR",168.81]
["MATERIAL",11270,"ABRACADEIRA DE LATAO PARA FIXACAO DE CABO PARA-RAIO, DIMENSOES 32 X 24 X 24 MM","UN","CR",4.05]
["MATERIAL",412,"ABRACADEIRA DE NYLON PARA AMARRACAO DE CABOS, COMPRIMENTO DE *230* X *7,6* MM","UN","CR",1.28]
["MATERIAL",414,"ABRACADEIRA DE NYLON PARA AMARRACAO DE CABOS, COMPRIMENTO DE 100 X 2,5 MM","UN","CR",0.08]
["MATERIAL",410,"ABRACADEIRA DE NYLON PARA AMARRACAO DE CABOS, COMPRIMENTO DE 150 X *3,6* MM","UN","CR",0.19]
["MATERIAL",411,"ABRACADEIRA DE NYLON PARA AMARRACAO DE CABOS, COMPRIMENTO DE 200 X *4,6* MM","UN","C",0.25]
["MATERIAL",408,"ABRACADEIRA DE NYLON PARA AMARRACAO DE CABOS, COMPRIMENTO DE 390 X *4,6* MM","UN","CR",1.24]
["MATERIAL",39131,"ABRACADEIRA EM ACO PARA AMARRACAO DE ELETRODUTOS, TIPO D, COM 1 1/2\" E CUNHA DE FIXACAO","UN","CR",4.93]
["MATERIAL",394,"ABRACADEIRA EM ACO PARA AMARRACAO DE ELETRODUTOS, TIPO D, COM 1 1/2\" E PARAFUSO DE FIXACAO","UN","CR",4.99]
["MATERIAL",39130,"ABRACADEIRA EM ACO PARA AMARRACAO DE ELETRODUTOS, TIPO D, COM 1 1/4\" E CUNHA DE FIXACAO","UN","CR",4.5]
["MATERIAL",395,"ABRACADEIRA EM ACO PARA AMARRACAO DE ELETRODUTOS, TIPO D, COM 1 1/4\" E PARAFUSO DE FIXACAO","UN","CR",4.8099999999999996]
["MATERIAL",39129,"ABRACADEIRA EM ACO PARA AMARRACAO DE ELETRODUTOS, TIPO D, COM 1\" E CUNHA DE FIXACAO","UN","CR",2.77]
["MATERIAL",393,"ABRACADEIRA EM ACO PARA AMARRACAO DE ELETRODUTOS, TIPO D, COM 1\" E PARAFUSO DE FIXACAO","UN","C",2.9]
["MATERIAL",39127,"ABRACADEIRA EM ACO PARA AMARRACAO DE ELETRODUTOS, TIPO D, COM 1/2\" E CUNHA DE FIXACAO","UN","CR",2.37]
["MATERIAL",392,"ABRACADEIRA EM ACO PARA AMARRACAO DE ELETRODUTOS, TIPO D, COM 1/2\" E PARAFUSO DE FIXACAO","UN","CR",2.4300000000000002]
["MATERIAL",39133,"ABRACADEIRA EM ACO PARA AMARRACAO DE ELETRODUTOS, TIPO D, COM 2 1/2\" E CUNHA DE FIXACAO","UN","CR",6.47]
["MATERIAL",397,"ABRACADEIRA EM ACO PARA AMARRACAO DE ELETRODUTOS, TIPO D, COM 2 1/2\" E PARAFUSO DE FIXACAO","UN","CR",7.15]
["MATERIAL",39132,"ABRACADEIRA EM ACO PARA AMARRACAO DE ELETRODUTOS, TIPO D, COM 2\" E CUNHA DE FIXACAO","UN","CR",5.18]
["MATERIAL",396,"ABRACADEIRA EM ACO PARA AMARRACAO DE ELETRODUTOS, TIPO D, COM 2\" E PARAFUSO DE FIXACAO","UN","CR",5.55]
["MATERIAL",39135,"ABRACADEIRA EM ACO PARA AMARRACAO DE ELETRODUTOS, TIPO D, COM 3 1/2\" E CUNHA DE FIXACAO","UN","CR",10.36]
["MATERIAL",39134,"ABRACADEIRA EM ACO PARA AMARRACAO DE ELETRODUTOS, TIPO D, COM 3\" E CUNHA DE FIXACAO","UN","CR",8.6300000000000008]
["MATERIAL",398,"ABRACADEIRA EM ACO PARA AMARRACAO DE ELETRODUTOS, TIPO D, COM 3\" E PARAFUSO DE FIXACAO","UN","CR",7.95]
["MATERIAL",39128,"ABRACADEIRA EM ACO PARA AMARRACAO DE ELETRODUTOS, TIPO D, COM 3/4\" E CUNHA DE FIXACAO","UN","CR",2.59]
["MATERIAL",400,"ABRACADEIRA EM ACO PARA AMARRACAO DE ELETRODUTOS, TIPO D, COM 3/4\" E PARAFUSO DE FIXACAO","UN","CR",2.52]
["MATERIAL",39125,"ABRACADEIRA EM ACO PARA AMARRACAO DE ELETRODUTOS, TIPO D, COM 3/8\" E PARAFUSO DE FIXACAO","UN","CR",2.59]
["MATERIAL",39126,"ABRACADEIRA EM ACO PARA AMARRACAO DE ELETRODUTOS, TIPO D, COM 4\" E CUNHA DE FIXACAO","UN","CR",11.66]
["MATERIAL",399,"ABRACADEIRA EM ACO PARA AMARRACAO DE ELETRODUTOS, TIPO D, COM 4\" E PARAFUSO DE FIXACAO","UN","CR",10.27]
["MATERIAL",39158,"ABRACADEIRA EM ACO PARA AMARRACAO DE ELETRODUTOS, TIPO ECONOMICA (GOTA), COM 8\"","UN","CR",27.58]
["MATERIAL",39141,"ABRACADEIRA EM ACO PARA AMARRACAO DE ELETRODUTOS, TIPO U SIMPLES, COM 1 1/2\"","UN","CR",2]
["MATERIAL",39140,"ABRACADEIRA EM ACO PARA AMARRACAO DE ELETRODUTOS, TIPO U SIMPLES, COM 1 1/4\"","UN","CR",1.82]
["MATERIAL",39139,"ABRACADEIRA EM ACO PARA AMARRACAO DE ELETRODUTOS, TIPO U SIMPLES, COM 1\"","UN","CR",1.51]
["MATERIAL",39137,"ABRACADEIRA EM ACO PARA AMARRACAO DE ELETRODUTOS, TIPO U SIMPLES, COM 1/2\"","UN","CR",1.04]
["MATERIAL",39143,"ABRACADEIRA EM ACO PARA AMARRACAO DE ELETRODUTOS, TIPO U SIMPLES, COM 2 1/2\"","UN","CR",4.13]
["MATERIAL",39142,"ABRACADEIRA EM ACO PARA AMARRACAO DE ELETRODUTOS, TIPO U SIMPLES, COM 2\"","UN","CR",2.96]
["MATERIAL",39144,"ABRACADEIRA EM ACO PARA AMARRACAO DE ELETRODUTOS, TIPO U SIMPLES, COM 3\"","UN","CR",4.8099999999999996]
["MATERIAL",39138,"ABRACADEIRA EM ACO PARA AMARRACAO DE ELETRODUTOS, TIPO U SIMPLES, COM 3/4\"","UN","CR",1.1100000000000001]
["MATERIAL",39136,"ABRACADEIRA EM ACO PARA AMARRACAO DE ELETRODUTOS, TIPO U SIMPLES, COM 3/8\"","UN","CR",0.74]
["MATERIAL",39145,"ABRACADEIRA EM ACO PARA AMARRACAO DE ELETRODUTOS, TIPO U SIMPLES, COM 4\"","UN","CR",7.92]
["MATERIAL",12615,"ABRACADEIRA PVC, PARA CALHA PLUVIAL, DIAMETRO ENTRE *80 E 100* MM, PARA DRENAGEM PLUVIAL PREDIAL","UN","CR",9.86]
["MATERIAL",11927,"ABRACADEIRA, GALVANIZADA/ZINCADA, ROSCA SEM FIM, PARAFUSO INOX, LARGURA FITA *12,6 A *14 MM, D = 2\" A 2 1/2\"","UN","CR",12.1]
["MATERIAL",11928,"ABRACADEIRA, GALVANIZADA/ZINCADA, ROSCA SEM FIM, PARAFUSO INOX, LARGURA FITA *12,6 A *14 MM, D = 3\" A 3 3/4\"","UN","CR",13.87]
["MATERIAL",11929,"ABRACADEIRA, GALVANIZADA/ZINCADA, ROSCA SEM FIM, PARAFUSO INOX, LARGURA FITA *12,6 A *14 MM, D = 4\" A 4 3/4\"","UN","CR",21.45]
["MATERIAL",36801,"ACABAMENTO DE METAL CROMADO PARA REGISTRO PEQUENO, DE PAREDE, 1/2\" OU 3/4\"","UN","CR",38.58]
["MATERIAL",36246,"ACABAMENTO SIMPLES/CONVENCIONAL PARA FORRO PVC, TIPO \"U\" OU \"C\", COR BRANCA, COMPRIMENTO 6 M","M","CR",3.99]
["MATERIAL",37600,"ACESSORIO DE LIGACAO NAO ELETRICO PARA CARGAS EXPLOSIVAS, TUBO DE 6 M","UN","CR"]
["MATERIAL",37599,"ACESSORIO INICIADOR NAO ELETRICO, TUBO DE 6 M, TEMPO DE RETARDO DE *160* MS","UN","CR"]
["MATERIAL",1,"ACETILENO - RECARGA DE GAS PARA CILINDRO (NAO INCLUI TROCA/MANUTENCAO DO CILINDRO)","KG","C"]
["MATERIAL",3,"ACIDO CLORIDRICO / ACIDO MURIATICO, DILUICAO 10% A 12% PARA USO EM LIMPEZA","L","CR",23.17]
["MATERIAL",43054,"ACO CA-25, 10,0 MM, OU 12,5 MM, OU 16,0 MM, OU 20,0 MM, OU 25,0 MM, VERGALHAO","KG","CR",8.81]
["MATERIAL",42402,"ACO CA-25, 16,0 MM, BARRA DE TRANSFERENCIA","KG","CR",8.42]
["MATERIAL",42403,"ACO CA-25, 20,0 MM, BARRA DE TRANSFERENCIA","KG","CR",10.8]
["MATERIAL",42404,"ACO CA-25, 25,0 MM, BARRA DE TRANSFERENCIA","KG","CR",10.74]
["MATERIAL",42405,"ACO CA-25, 32,0 MM, BARRA DE TRANSFERENCIA","KG","CR",11.43]
["MATERIAL",34341,"ACO CA-25, 32,0 MM, VERGALHAO","KG","CR",9.92]
["MATERIAL",43053,"ACO CA-25, 6,3 MM OU 8,0 MM, VERGALHAO","KG","CR",7.86]
["MATERIAL",43058,"ACO CA-50, 10,0 MM, OU 12,5 MM, OU 16,0 MM, OU 20,0 MM, DOBRADO E CORTADO","KG","CR",8.16]
["MATERIAL",34,"ACO CA-50, 10,0 MM, VERGALHAO","KG","CR",8.1999999999999993]
["MATERIAL",43055,"ACO CA-50, 12,5 MM OU 16,0 MM, VERGALHAO","KG","C",7.1]
["MATERIAL",43056,"ACO CA-50, 20,0 MM OU 25,0 MM, VERGALHAO","KG","CR",8.18]
["MATERIAL",43057,"ACO CA-50, 32,0 MM, VERGALHAO","KG","CR",8.99]
["MATERIAL",34449,"ACO CA-50, 6,3 MM, DOBRADO E CORTADO","KG","CR",9.6199999999999992]
["MATERIAL",32,"ACO CA-50, 6,3 MM, VERGALHAO","KG","CR",8.65]
["MATERIAL",33,"ACO CA-50, 8,0 MM, VERGALHAO","KG","CR",8.69]
["MATERIAL",43061,"ACO CA-60, 4,2 MM OU 5,0 MM, DOBRADO E CORTADO","KG","CR",8.1199999999999992]
["MATERIAL",43059,"ACO CA-60, 4,2 MM, OU 5,0 MM, OU 6,0 MM, OU 7,0 MM, VERGALHAO","KG","CR",7.75]
["MATERIAL",43062,"ACO CA-60, 6,0 MM OU 7,0 MM, DOBRADO E CORTADO","KG","CR",8.59]
["MATERIAL",43060,"ACO CA-60, 8,0 MM OU 9,5 MM, VERGALHAO","KG","CR",6.76]
["MATERIAL",40410,"ACOPLAMENTO RIGIDO EM FERRO FUNDIDO PARA SISTEMA DE TUBULACAO RANHURADA, DN 50 MM (2\")","UN","C"]
["MATERIAL",40411,"ACOPLAMENTO RIGIDO EM FERRO FUNDIDO PARA SISTEMA DE TUBULACAO RANHURADA, DN 65 MM (2 1/2\")","UN","CR"]
["MATERIAL",40412,"ACOPLAMENTO RIGIDO EM FERRO FUNDIDO PARA SISTEMA DE TUBULACAO RANHURADA, DN 80 MM (3\")","UN","CR"]
["MATERIAL",44254,"ADAPTADOR CPVC, ROSCAVEL, COM FLANGES E ANEL DE VEDACAO, 15 MM, CAIXA D'AGUA PARA AGUA QUENTE","UN","CR",28.93]
["MATERIAL",44255,"ADAPTADOR CPVC, ROSCAVEL, COM FLANGES E ANEL DE VEDACAO, 22 MM, CAIXA D'AGUA PARA AGUA QUENTE","UN","CR",32.06]
["MATERIAL",44256,"ADAPTADOR CPVC, ROSCAVEL, COM FLANGES E ANEL DE VEDACAO, 28 MM, CAIXA D'AGUA PARA AGUA QUENTE","UN","CR",36.21]
["MATERIAL",44257,"ADAPTADOR CPVC, ROSCAVEL, COM FLANGES E ANEL DE VEDACAO, 35 MM, CAIXA D'AGUA PARA AGUA QUENTE","UN","CR",57.29]
["MATERIAL",44258,"ADAPTADOR CPVC, ROSCAVEL, COM FLANGES E ANEL DE VEDACAO, 42 MM, CAIXA D'AGUA PARA AGUA QUENTE","UN","CR",65.47]
["MATERIAL",44259,"ADAPTADOR CPVC, ROSCAVEL, COM FLANGES E ANEL DE VEDACAO, 54 MM, CAIXA D'AGUA PARA AGUA QUENTE","UN","CR",89.87]
["MATERIAL",37997,"ADAPTADOR CPVC, SOLDAVEL, 15 MM, PARA AGUA QUENTE","UN","CR",17.239999999999998]
["MATERIAL",37998,"ADAPTADOR CPVC, SOLDAVEL, 22 MM, PARA AGUA QUENTE","UN","CR",23.07]
["MATERIAL",55,"ADAPTADOR DE COMPRESSAO EM POLIPROPILENO (PP), PARA TUBO EM PEAD, 20 MM X 1/2\", PARA LIGACAO PREDIAL DE AGUA (NTS 179)","UN","C"]
["MATERIAL",61,"ADAPTADOR DE COMPRESSAO EM POLIPROPILENO (PP), PARA TUBO EM PEAD, 20 MM X 3/4\", PARA LIGACAO PREDIAL DE AGUA (NTS 179)","UN","CR"]
["MATERIAL",62,"ADAPTADOR DE COMPRESSAO EM POLIPROPILENO (PP), PARA TUBO EM PEAD, 32 MM X 1\", PARA LIGACAO PREDIAL DE AGUA (NTS 179)","UN","CR"]
["MATERIAL",10899,"ADAPTADOR EM LATAO, ENGATE RAPIDO 2 1/2\" X ROSCA INTERNA 5 FIOS 2 1/2\", PARA INSTALACAO PREDIAL DE COMBATE A INCENDIO","UN","CR",100.76]
["MATERIAL",10900,"ADAPTADOR EM LATAO, ENGATE RAPIDO1 1/2\" X ROSCA INTERNA 5 FIOS 2 1/2\", PARA INSTALACAO PREDIAL DE COMBATE A INCENDIO","UN","CR",78.849999999999994]
["MATERIAL",47,"ADAPTADOR PVC PBA, BOLSA/ROSCA, JE, DN 100 / DE 110 MM","UN","CR"]
["MATERIAL",48,"ADAPTADOR PVC PBA, BOLSA/ROSCA, JE, DN 50 / DE 60 MM","UN","CR"]
["MATERIAL",46,"ADAPTADOR PVC PBA, BOLSA/ROSCA, JE, DN 75 / DE 85 MM","UN","CR"]
["MATERIAL",52,"ADAPTADOR PVC PBA, PONTA/ROSCA, JE, DN 50 / DE 60 MM","UN","CR"]
["MATERIAL",43,"ADAPTADOR PVC PBA, PONTA/ROSCA, JE, DN 75 / DE 85 MM","UN","CR"]
["MATERIAL",103,"ADAPTADOR PVC SOLDAVEL CURTO COM BOLSA E ROSCA, 110 MM X 4\", PARA AGUA FRIA","UN","CR",42.6]
["MATERIAL",107,"ADAPTADOR PVC SOLDAVEL CURTO COM BOLSA E ROSCA, 20 MM X 1/2\", PARA AGUA FRIA","UN","CR",0.8]
["MATERIAL",65,"ADAPTADOR PVC SOLDAVEL CURTO COM BOLSA E ROSCA, 25 MM X 3/4\", PARA AGUA FRIA","UN","CR",0.88]
["MATERIAL",108,"ADAPTADOR PVC SOLDAVEL CURTO COM BOLSA E ROSCA, 32 MM X 1\", PARA AGUA FRIA","UN","CR",1.76]
["MATERIAL",110,"ADAPTADOR PVC SOLDAVEL CURTO COM BOLSA E ROSCA, 40 MM X 1 1/2\", PARA AGUA FRIA","UN","CR",6.13]
["MATERIAL",109,"ADAPTADOR PVC SOLDAVEL CURTO COM BOLSA E ROSCA, 40 MM X 1 1/4\", PARA AGUA FRIA","UN","CR",3.65]
["MATERIAL",111,"ADAPTADOR PVC SOLDAVEL CURTO COM BOLSA E ROSCA, 50 MM X 1 1/4\", PARA AGUA FRIA","UN","CR",8.2899999999999991]
["MATERIAL",112,"ADAPTADOR PVC SOLDAVEL CURTO COM BOLSA E ROSCA, 50 MM X1 1/2\", PARA AGUA FRIA","UN","CR",4.3899999999999997]
["MATERIAL",113,"ADAPTADOR PVC SOLDAVEL CURTO COM BOLSA E ROSCA, 60 MM X 2\", PARA AGUA FRIA","UN","CR",11]
["MATERIAL",104,"ADAPTADOR PVC SOLDAVEL CURTO COM BOLSA E ROSCA, 75 MM X 2 1/2\", PARA AGUA FRIA","UN","CR",19.14]
["MATERIAL",102,"ADAPTADOR PVC SOLDAVEL CURTO COM BOLSA E ROSCA, 85 MM X 3\", PARA AGUA FRIA","UN","CR",26.39]
["MATERIAL",95,"ADAPTADOR PVC SOLDAVEL, COM FLANGE E ANEL DE VEDACAO, 20 MM X 1/2\", PARA CAIXA D'AGUA","UN","CR",11.15]
["MATERIAL",96,"ADAPTADOR PVC SOLDAVEL, COM FLANGE E ANEL DE VEDACAO, 25 MM X 3/4\", PARA CAIXA D'AGUA","UN","CR",12.13]
["MATERIAL",97,"ADAPTADOR PVC SOLDAVEL, COM FLANGE E ANEL DE VEDACAO, 32 MM X 1\", PARA CAIXA D'AGUA","UN","CR",18.25]
["MATERIAL",98,"ADAPTADOR PVC SOLDAVEL, COM FLANGE E ANEL DE VEDACAO, 40 MM X 1 1/4\", PARA CAIXA D'AGUA","UN","CR",27.32]
["MATERIAL",99,"ADAPTADOR PVC SOLDAVEL, COM FLANGE E ANEL DE VEDACAO, 50 MM X 1 1/2\", PARA CAIXA D'AGUA","UN","CR",25.82]
["MATERIAL",60,"ADAPTADOR PVC, COM REGISTRO, PARA PEAD, 20 MM X 3/4\", PARA LIGACAO PREDIAL DE AGUA","UN","CR"]
["MATERIAL",72,"ADAPTADOR PVC, ROSCAVEL, COM FLANGES E ANEL DE VEDACAO, 1 1/2\", PARA CAIXA D'AGUA","UN","CR",49.53]
["MATERIAL",71,"ADAPTADOR PVC, ROSCAVEL, COM FLANGES E ANEL DE VEDACAO, 1\", PARA CAIXA D'AGUA","UN","CR",30.59]
["MATERIAL",67,"ADAPTADOR PVC, ROSCAVEL, COM FLANGES E ANEL DE VEDACAO, 1/2\", PARA CAIXA D'AGUA","UN","CR",16.010000000000002]
["MATERIAL",73,"ADAPTADOR PVC, ROSCAVEL, COM FLANGES E ANEL DE VEDACAO, 3/4\", PARA CAIXA D'AGUA","UN","CR",15.32]
["MATERIAL",100,"ADAPTADOR PVC, SOLDAVEL, COM FLANGES E ANEL DE VEDACAO, 60 MM X 2\", PARA CAIXA D'AGUA","UN","CR",45.12]
["MATERIAL",75,"ADAPTADOR PVC, SOLDAVEL, COM FLANGES LIVRES, 110 MM X 4\", PARA CAIXA D'AGUA","UN","CR",263.07]
["MATERIAL",83,"ADAPTADOR PVC, SOLDAVEL, COM FLANGES LIVRES, 75 MM X 2 1/2\", PARA CAIXA D'AGUA","UN","CR",210.32]
["MATERIAL",74,"ADAPTADOR PVC, SOLDAVEL, COM FLANGES LIVRES, 85 MM X 3\", PARA CAIXA D'AGUA","UN","CR",300.69]
["MATERIAL",106,"ADAPTADOR PVC, SOLDAVEL, LONGO, COM FLANGE LIVRE, 110 MM X 4\", PARA CAIXA D'AGUA","UN","CR",380.24]
["MATERIAL",88,"ADAPTADOR PVC, SOLDAVEL, LONGO, COM FLANGE LIVRE, 32 MM X 1\", PARA CAIXA D'AGUA","UN","CR",10.68]
["MATERIAL",82,"ADAPTADOR PVC, SOLDAVEL, LONGO, COM FLANGE LIVRE, 75 MM X 2 1/2\", PARA CAIXA D'AGUA","UN","CR",200.1]
["MATERIAL",105,"ADAPTADOR PVC, SOLDAVEL, LONGO, COM FLANGE LIVRE, 85 MM X 3\", PARA CAIXA D'AGUA","UN","CR",283.54000000000002]
["MATERIAL",39719,"ADESIVO / COLA DE CONTATO LIQUIDO, A BASE DE RESINAS, PARA COLAGEM DE ESPUMA PARA ISOLAMENTO TERMICO FLEXIVEL","L","CR",170.13]
["MATERIAL",3410,"ADESIVO / COLA PARA EPS (ISOPOR) E OUTROS MATERIAIS","KG","CR",38.270000000000003]
["MATERIAL",4791,"ADESIVO ACRILICO DE BASE AQUOSA / COLA DE CONTATO","KG","CR",45.54]
["MATERIAL",157,"ADESIVO ESTRUTURAL A BASE DE RESINA EPOXI PARA INJECAO EM TRINCAS, BICOMPONENTE, BAIXA VISCOSIDADE","KG","CR",155.69999999999999]
["MATERIAL",156,"ADESIVO ESTRUTURAL A BASE DE RESINA EPOXI, BICOMPONENTE, FLUIDO","KG","CR",55.44]
["MATERIAL",131,"ADESIVO ESTRUTURAL A BASE DE RESINA EPOXI, BICOMPONENTE, PASTOSO (TIXOTROPICO)","KG","CR",47.41]
["MATERIAL",21114,"ADESIVO PARA TUBOS CPVC, *75* G","UN","CR",33.53]
["MATERIAL",119,"ADESIVO PLASTICO PARA PVC, BISNAGA COM 75 GR","UN","C",8.5]
["MATERIAL",122,"ADESIVO PLASTICO PARA PVC, FRASCO COM *850* GR","UN","CR",65.400000000000006]
["MATERIAL",20080,"ADESIVO PLASTICO PARA PVC, FRASCO COM 175 GR","UN","CR",21.34]
["MATERIAL",124,"ADITIVO ACELERADOR DE PEGA E ENDURECIMENTO PARA ARGAMASSAS E CONCRETOS, LIQUIDO E ISENTO DE CLORETOS","L","CR",18.28]
["MATERIAL",7334,"ADITIVO ADESIVO LIQUIDO PARA ARGAMASSAS DE REVESTIMENTOS CIMENTICIOS","L","CR",16.850000000000001]
["MATERIAL",45146,"ADITIVO IMPERMEABILIZANTE CRISTALIZANTE PARA CONCRETO","KG","CR",35.06]
["MATERIAL",123,"ADITIVO IMPERMEABILIZANTE DE PEGA NORMAL PARA ARGAMASSAS E CONCRETOS SEM ARMACAO, LIQUIDO E ISENTO DE CLORETOS","L","C",7.48]
["MATERIAL",127,"ADITIVO IMPERMEABILIZANTE DE PEGA ULTRARRAPIDA, LIQUIDO E ISENTO DE CLORETOS","L","CR",17.86]
["MATERIAL",133,"ADITIVO LIQUIDO INCORPORADOR DE AR PARA CONCRETO E ARGAMASSA, LIQUIDO E ISENTO DE CLORETOS","L","CR",7.41]
["MATERIAL",43617,"ADITIVO PLASTIFICANTE E ESTABILIZADOR PARA ARGAMASSAS DE ASSENTAMENTO E REBOCO, LIQUIDO E ISENTO DE CLORETOS","L","CR",8.2799999999999994]
["MATERIAL",132,"ADITIVO PLASTIFICANTE RETARDADOR DE PEGA E REDUTOR DE AGUA PARA CONCRETO, LIQUIDO E ISENTO DE CLORETOS","L","CR",7.69]
["MATERIAL",43618,"ADITIVO SUPERPLASTIFICANTE DE PEGA NORMAL PARA CONCRETO, LIQUIDO E ISENTO DE CLORETOS","KG","CR",19.36]
["MATERIAL",37476,"ADUELA/ GALERIA PRE-MOLDADA DE CONCRETO ARMADO, SECAO QUADRADA INTERNA DE 1,50 X 1,50 M (L X A), MISULA DE 20 X 20 CM, C = 1,00 M, ESPESSURA MIN = 15 CM, TB-45 E FCK DO CONCRETO = 30 MPA","UN","CR",3128.06]
["MATERIAL",37478,"ADUELA/ GALERIA PRE-MOLDADA DE CONCRETO ARMADO, SECAO RETANGULAR INTERNA DE 2,00 X 2,00 M (L X A), MISULA DE 20 X 20 CM, C = 1,00 M, ESPESSURA MIN = 15 CM, TB-45 E FCK DO CONCRETO = 30 MPA","UN","CR",3917.98]
["MATERIAL",37477,"ADUELA/ GALERIA PRE-MOLDADA DE CONCRETO ARMADO, SECAO RETANGULAR INTERNA DE 2,50 X 2,50 M (L X A), MISULA DE 20 X 20 CM, C = 1,00 M, ESPESSURA MIN = 15 CM, TB-45 E FCK DO CONCRETO = 30 MPA","UN","CR",5308.23]
["MATERIAL",37479,"ADUELA/ GALERIA PRE-MOLDADA DE CONCRETO ARMADO, SECAO RETANGULAR INTERNA DE 3,00 X 3,00 M (L X A), MISULA DE 20 X 20 CM, C = 1.00 M, ESPESSURA MIN = 20 CM, TB-45 E FCK DO CONCRETO = 30 MPA","UN","CR",6295.63]
["MATERIAL",4319,"AFASTADOR PARA TELHA DE FIBROCIMENTO CANALETE 90 OU KALHETAO","UN","CR",1.17]
["MATERIAL",42409,"AGENTE DE CURA, PROTETOR DA EVAPORACAO DA AGUA DE HIDRATACAO DO CONCRETO","KG","CR",12.19]
["MATERIAL",40553,"AGREGADO RECICLADO, TIPO RACHAO RECICLADO CINZA, CLASSE A","M3","C"]
["MAO DE OBRA",6114,"AJUDANTE DE ARMADOR (HORISTA)","H","CR",17.91]
["MAO DE OBRA",40912,"AJUDANTE DE ARMADOR (MENSALISTA)","MES","CR",3137.72]
["MAO DE OBRA",247,"AJUDANTE DE ELETRICISTA (HORISTA)","H","CR",17.91]
["MAO DE OBRA",40919,"AJUDANTE DE ELETRICISTA (MENSALISTA)","MES","CR",3137.72]
["MAO DE OBRA",44499,"AJUDANTE DE ESTRUTURAS METALICAS (HORISTA)","H","CR",17.91]
["MAO DE OBRA",40984,"AJUDANTE DE ESTRUTURAS METALICAS (MENSALISTA)","MES","CR",3137.72]
["MAO DE OBRA",248,"AJUDANTE DE OPERACAO EM GERAL (HORISTA)","H","CR",18.059999999999999]
["MAO DE OBRA",41086,"AJUDANTE DE OPERACAO EM GERAL (MENSALISTA)","MES","CR",3165.52]
["MAO DE OBRA",34466,"AJUDANTE DE PINTOR (HORISTA)","H","CR",17.91]
["MAO DE OBRA",41083,"AJUDANTE DE PINTOR (MENSALISTA)","MES","CR",3137.72]
["MAO DE OBRA",252,"AJUDANTE DE SERRALHEIRO (HORISTA)","H","CR",17.91]
["MAO DE OBRA",40909,"AJUDANTE DE SERRALHEIRO (MENSALISTA)","MES","CR",3137.72]
["MAO DE OBRA",242,"AJUDANTE ESPECIALIZADO (HORISTA)","H","CR",18.059999999999999]
["MAO DE OBRA",41085,"AJUDANTE ESPECIALIZADO (MENSALISTA)","MES","CR",3165.52]
["MATERIAL",427,"ALCA PREFORMADA DE CONTRA POSTE, EM ACO GALVANIZADO, PARA CABO 3/16\", COMPRIMENTO *860* MM","UN","CR"]
["MATERIAL",417,"ALCA PREFORMADA DE DISTRIBUICAO, EM ACO GALVANIZADO, PARA CABO DE ALUMINIO DIAMETRO 16 A 25 MM","UN","CR"]
["MATERIAL",11273,"ALCA PREFORMADA DE DISTRIBUICAO, EM ACO GALVANIZADO, PARA CONDUTORES DE ALUMINIO AWG 1/0 (CAA 6/1 OU CA 7 FIOS)","UN","CR"]
["MATERIAL",11272,"ALCA PREFORMADA DE DISTRIBUICAO, EM ACO GALVANIZADO, PARA CONDUTORES DE ALUMINIO AWG 2 (CAA 6/1 OU CA 7 FIOS)","UN","CR"]
["MATERIAL",11275,"ALCA PREFORMADA DE SERVICO, EM ACO GALVANIZADO, PARA CONDUTORES DE ALUMINIO AWG 4 (CAA 6/1)","UN","CR"]
["MATERIAL",11274,"ALCA PREFORMADA DE SERVICO, EM ACO GALVANIZADO, PARA CONDUTORES DE ALUMINIO AWG 6 (CAA 6/1)","UN","CR"]
["MATERIAL",45250,"ALICATE BICO LONGO (MEIA CANA) 6\", COM ISOLAMENTO ATE 1000 V","UN","CR",32.270000000000003]
["MATERIAL",38470,"ALICATE DE CORTE DIAGONAL 6\" COM ISOLAMENTO","UN","C",33.03]
["MATERIAL",38547,"ALICATE DE CRIMPAR RJ11, RJ12 E RJ45, COM CATRACA","UN","CR",219.3]
["MATERIAL",38467,"ALICATE DE PRESSAO 11\" PARA SOLDA, TIPO C","UN","CR",120.9]
["MATERIAL",38468,"ALICATE DE PRESSAO 11\" PARA SOLDA, TIPO U","UN","CR",150.91]
["MATERIAL",38469,"ALICATE DE PRESSAO PARA SOLDA DE CHAPA 18\"","UN","CR",209.4]
["MATERIAL",45197,"ALICATE DESENCAPADOR AUTOMATICO 8\"","UN","CR",167]
["MATERIAL",38471,"ALICATE PARA ANEIS DE PISTAO, CAPACIDADE *50* A 100 MM","UN","CR",223.96]
["MATERIAL",45206,"ALICATE PROFISSIONAL 8\", UNIVERSAL, COM ISOLAMENTO ATE 1000 V","UN","CR",44.25]
["MATERIAL",37370,"ALIMENTACAO - HORISTA (COLETADO CAIXA - ENCARGOS COMPLEMENTARES)","H","C",2.79]
["MATERIAL",40862,"ALIMENTACAO - MENSALISTA (COLETADO CAIXA - ENCARGOS COMPLEMENTARES)","MES","C",526.86]
["EQUIPAMENTO (AQUISIÇÃO)",10658,"ALISADORA DE CONCRETO COM MOTOR A GASOLINA DE 5,5 HP, PESO COM MOTOR DE 78 KG, 4 PAS","UN","C"]
["MAO DE OBRA",253,"ALMOXARIFE (HORISTA)","H","C",22.45]
["MAO DE OBRA",40809,"ALMOXARIFE (MENSALISTA)","MES","CR",3929.54]
["MATERIAL",42428,"ALONGADOR COM TRES ALTURAS, EM TUBO DE ACO CARBONO, PINTURA NO PROCESSO ELETROSTATICO - EQUIPAMENTO DE GINASTICA PARA ACADEMIA AO AR LIVRE / ACADEMIA DA TERCEIRA IDADE - ATI","UN","C"]
["MATERIAL",301,"ANEL BORRACHA PARA TUBO ESGOTO PREDIAL, DN 100 MM (NBR 5688)","UN","C",4]
["MATERIAL",296,"ANEL BORRACHA PARA TUBO ESGOTO PREDIAL, DN 50 MM (NBR 5688)","UN","CR",2.2599999999999998]
["MATERIAL",297,"ANEL BORRACHA PARA TUBO ESGOTO PREDIAL, DN 75 MM (NBR 5688)","UN","CR",3.32]
["MATERIAL",299,"ANEL BORRACHA, DN 100 MM, PARA TUBO SERIE REFORCADA ESGOTO PREDIAL","UN","CR",4.6900000000000004]
["MATERIAL",300,"ANEL BORRACHA, DN 150 MM, PARA TUBO SERIE REFORCADA ESGOTO PREDIAL","UN","CR",16.239999999999998]
["MATERIAL",20085,"ANEL BORRACHA, DN 50 MM, PARA TUBO SERIE REFORCADA ESGOTO PREDIAL","UN","CR",2.97]
["MATERIAL",298,"ANEL BORRACHA, DN 75 MM, PARA TUBO SERIE REFORCADA ESGOTO PREDIAL","UN","CR",3.61]
["MATERIAL",311,"ANEL BORRACHA, PARA TUBO PVC DEFOFO, DN 100 MM (NBR 7665)","UN","CR",13.39]
["MATERIAL",318,"ANEL BORRACHA, PARA TUBO PVC DEFOFO, DN 150 MM (NBR 7665)","UN","CR",26.97]
["MATERIAL",319,"ANEL BORRACHA, PARA TUBO PVC DEFOFO, DN 200 MM (NBR 7665)","UN","CR",42.28]
["MATERIAL",303,"ANEL BORRACHA, PARA TUBO PVC, REDE COLETOR ESGOTO, DN 100 MM (NBR 7362)","UN","CR",4.43]
["MATERIAL",305,"ANEL BORRACHA, PARA TUBO PVC, REDE COLETOR ESGOTO, DN 150 MM (NBR 7362)","UN","CR",13.94]
["MATERIAL",306,"ANEL BORRACHA, PARA TUBO PVC, REDE COLETOR ESGOTO, DN 200 MM (NBR 7362)","UN","CR",21.14]
["MATERIAL",307,"ANEL BORRACHA, PARA TUBO PVC, REDE COLETOR ESGOTO, DN 250 MM (NBR 7362)","UN","CR",53.41]
["MATERIAL",309,"ANEL BORRACHA, PARA TUBO PVC, REDE COLETOR ESGOTO, DN 350 MM (NBR 7362)","UN","CR",87.49]
["MATERIAL",310,"ANEL BORRACHA, PARA TUBO PVC, REDE COLETOR ESGOTO, DN 400 MM (NBR 7362)","UN","CR",121.26]
["MATERIAL",308,"ANEL BORRACHA, PARA TUBO, PVC REDE COLETOR ESGOTO, DN 300 MM (NBR 7362)","UN","CR",119.21]
["MATERIAL",328,"ANEL BORRACHA, PARA TUBO/CONEXAO PVC PBA, DN 100 MM, PARA REDE AGUA","UN","CR",10.6]
["MATERIAL",325,"ANEL BORRACHA, PARA TUBO/CONEXAO PVC PBA, DN 50 MM, PARA REDE AGUA","UN","CR",3.13]
["MATERIAL",20326,"ANEL BORRACHA, PARA TUBO/CONEXAO PVC PBA, DN 60 MM, PARA REDE AGUA","UN","CR",5.72]
["MATERIAL",329,"ANEL BORRACHA, PARA TUBO/CONEXAO PVC PBA, DN 75 MM, PARA REDE AGUA","UN","CR",8.86]
["MATERIAL",39642,"ANEL DE BORRACHA PARA VEDACAO DE DUTO PEAD CORRUGADO PARA ELETRICA, DN 1 1/2\" (NBR 15715)","UN","CR",3.93]
["MATERIAL",39641,"ANEL DE BORRACHA PARA VEDACAO DE DUTO PEAD CORRUGADO PARA ELETRICA, DN 1 1/4\" (NBR 15715)","UN","CR",3.45]
["MATERIAL",39643,"ANEL DE BORRACHA PARA VEDACAO DE DUTO PEAD CORRUGADO PARA ELETRICA, DN 2\" (NBR 15715)","UN","CR",4.6100000000000003]
["MATERIAL",39644,"ANEL DE BORRACHA PARA VEDACAO DE DUTO PEAD CORRUGADO PARA ELETRICA, DN 3\" (NBR 15715)","UN","CR",7.15]
["MATERIAL",39645,"ANEL DE BORRACHA PARA VEDACAO DE DUTO PEAD CORRUGADO PARA ELETRICA, DN 4\" (NBR 15715)","UN","CR",7.84]
["MATERIAL",41610,"ANEL DE CONCRETO ARMADO COM FUNDO, PARA FOSSA E POCO 1,50 X *0,50* M","UN","CR",580.33000000000004]
["MATERIAL",41611,"ANEL DE CONCRETO ARMADO COM FUNDO, PARA FOSSA E POCO 2,00 X *0,50* M","UN","CR",914.72]
["MATERIAL",41612,"ANEL DE CONCRETO ARMADO COM FUNDO, PARA FOSSA E POCO 2,50 X *0,50* M","UN","CR",1284.4000000000001]
["MATERIAL",41637,"ANEL DE CONCRETO ARMADO, COM FUROS/DRENO PARA SUMIDOURO, D = 0,80 M, H = 0,50 M","UN","CR",120.06]
["MATERIAL",41638,"ANEL DE CONCRETO ARMADO, COM FUROS/DRENO PARA SUMIDOURO, D = 1,00 M, H = 0,50M","UN","CR",156.4]
["MATERIAL",41639,"ANEL DE CONCRETO ARMADO, COM FUROS/DRENO PARA SUMIDOURO, D = 1,50 M, H = 0,50 M","UN","CR",378.36]
["MATERIAL",11789,"ANEL DE DISTRIBUICAO EM ACO GALVANIZADO PARA FIO FE-160","UN","CR"]
["MATERIAL",20975,"ANEL DE EXPANSAO EM COBRE, ENGATE RAPIDO 1 1/2\", PARA EMPATACAO MANGUEIRA DE COMBATE A INCENDIO PREDIAL","UN","CR",15.8]
["MATERIAL",20976,"ANEL DE EXPANSAO EM COBRE, ENGATE RAPIDO 2 1/2\", PARA EMPATACAO MANGUEIRA DE COMBATE A INCENDIO PREDIAL","UN","CR",23.87]
["MATERIAL",6138,"ANEL DE VEDACAO, PVC FLEXIVEL, 100 MM, PARA SAIDA DE BACIA / VASO SANITARIO","UN","CR",8.4600000000000009]
["MATERIAL",40340,"ANEL DE VEDACAO/JUNTA ELASTICA, H = *16* MM, PARA TUBO DE CONCRETO, DN 300 MM","UN","CR",29.42]
["MATERIAL",40341,"ANEL DE VEDACAO/JUNTA ELASTICA, H = *16* MM, PARA TUBO DE CONCRETO, DN 400 MM","UN","CR",35.119999999999997]
["MATERIAL",40342,"ANEL DE VEDACAO/JUNTA ELASTICA, H = *16* MM, PARA TUBO DE CONCRETO, DN 500 MM","UN","CR",41.88]
["MATERIAL",40343,"ANEL DE VEDACAO/JUNTA ELASTICA, H = *16* MM, PARA TUBO DE CONCRETO, DN 600 MM","UN","CR",49.68]
["MATERIAL",40344,"ANEL DE VEDACAO/JUNTA ELASTICA, H = *18* MM, PARA TUBO DE CONCRETO, DN 700 MM","UN","CR",67.72]
["MATERIAL",40345,"ANEL DE VEDACAO/JUNTA ELASTICA, H = *19* MM, PARA TUBO DE CONCRETO, DN 800 MM","UN","CR",83.45]
["MATERIAL",40346,"ANEL DE VEDACAO/JUNTA ELASTICA, H = *19* MM, PARA TUBO DE CONCRETO, DN 900 MM","UN","CR",96.8]
["MATERIAL",40347,"ANEL DE VEDACAO/JUNTA ELASTICA, H = *21* MM, PARA TUBO DE CONCRETO, DN 1000 MM","UN","CR",121.62]
["MATERIAL",43424,"ANEL EM CONCRETO ARMADO, LISO, PARA FOSSAS SEPTICAS E SUMIDOUROS, COM FUNDO, DIAMETRO INTERNO DE 1,20 M E ALTURA DE 0,50 M","UN","CR",486.22]
["MATERIAL",43426,"ANEL EM CONCRETO ARMADO, LISO, PARA FOSSAS SEPTICAS E SUMIDOUROS, COM FUNDO, DIAMETRO INTERNO DE 3,00 M E ALTURA DE 0,50 M","UN","CR",1676.99]
["MATERIAL",12565,"ANEL EM CONCRETO ARMADO, LISO, PARA FOSSAS SEPTICAS E SUMIDOUROS, SEM FUNDO, DIAMETRO INTERNO DE 2,00 M E ALTURA DE 0,50 M","UN","CR",588.1]
["MATERIAL",12567,"ANEL EM CONCRETO ARMADO, LISO, PARA FOSSAS SEPTICAS E SUMIDOUROS, SEM FUNDO, DIAMETRO INTERNO DE 2,50 M E ALTURA DE 0,50 M","UN","CR",789.91]
["MATERIAL",12568,"ANEL EM CONCRETO ARMADO, LISO, PARA FOSSAS SEPTICAS E SUMIDOUROS, SEM FUNDO, DIAMETRO INTERNO DE 3,00 M E ALTURA DE 0,50 M","UN","CR",1105.8800000000001]
["MATERIAL",43441,"ANEL EM CONCRETO ARMADO, LISO, PARA POCOS DE INSPECAO, COM FUNDO, DIAMETRO INTERNO DE 0,60 M E ALTURA DE 0,50 M","UN","CR",142.18]
["MATERIAL",43423,"ANEL EM CONCRETO ARMADO, LISO, PARA POCOS DE INSPECAO, SEM FUNDO, DIAMETRO INTERNO DE 0,60 M E ALTURA DE 0,20 M","UN","CR",66.349999999999994]
["MATERIAL",12532,"ANEL EM CONCRETO ARMADO, LISO, PARA POCOS DE INSPECAO, SEM FUNDO, DIAMETRO INTERNO DE 0,60 M E ALTURA DE 0,50 M","UN","CR",102.33]
["MATERIAL",43444,"ANEL EM CONCRETO ARMADO, LISO, PARA POCOS DE VISITA, POCOS DE INSPECAO, FOSSAS SEPTICAS E SUMIDOUROS, COM FUNDO, DIAMETRO INTERNO DE 1,20 M E ALTURA DE 0,75 M","UN","CR",343.61]
["MATERIAL",12551,"ANEL EM CONCRETO ARMADO, LISO, PARA POCOS DE VISITA, POCOS DE INSPECAO, FOSSAS SEPTICAS E SUMIDOUROS, SEM FUNDO, DIAMETRO INTERNO DE 1,20 M E ALTURA DE 0,50 M","UN","CR",245.15]
["MATERIAL",43442,"ANEL EM CONCRETO ARMADO, LISO, PARA POCOS DE VISITAS, POCOS DE INSPECAO, FOSSAS SEPTICAS E SUMIDOUROS, COM FUNDO, DIAMETRO INTERNO DE 0,80 M E ALTURA DE 0,50 M","UN","CR",189.57]
["MATERIAL",43443,"ANEL EM CONCRETO ARMADO, LISO, PARA POCOS DE VISITAS, POCOS DE INSPECAO, FOSSAS SEPTICAS E SUMIDOUROS, COM FUNDO, DIAMETRO INTERNO DE 1,00 M E ALTURA DE 0,50 M","UN","CR",248.82]
["MATERIAL",12544,"ANEL EM CONCRETO ARMADO, LISO, PARA POCOS DE VISITAS, POCOS DE INSPECAO, FOSSAS SEPTICAS E SUMIDOUROS, SEM FUNDO, DIAMETRO INTERNO DE 0,80 M E ALTURA DE 0,50 M","UN","CR",134.28]
["MATERIAL",12547,"ANEL EM CONCRETO ARMADO, LISO, PARA POCOS DE VISITAS, POCOS DE INSPECAO, FOSSAS SEPTICAS E SUMIDOUROS, SEM FUNDO, DIAMETRO INTERNO DE 1,00 M E ALTURA DE 0,50 M","UN","CR",180.6]
["MATERIAL",43445,"ANEL EM CONCRETO ARMADO, LISO, PARA, POCOS DE VISITA, POCOS DE INSPECAO, FOSSAS SEPTICAS E SUMIDOUROS, COM FUNDO, DIAMETRO INTERNO DE 1,50 M E ALTURA DE 1,00 M","UN","CR",473.94]
["MATERIAL",12563,"ANEL EM CONCRETO ARMADO, LISO, PARA, POCOS DE VISITA, POCOS DE INSPECAO, FOSSAS SEPTICAS E SUMIDOUROS, SEM FUNDO, DIAMETRO INTERNO DE 1,50 M E ALTURA DE 0,50 M","UN","CR",339.09]
["MATERIAL",43425,"ANEL EM CONCRETO ARMADO, PERFURADO, PARA FOSSAS SEPTICAS E SUMIDOUROS, SEM FUNDO, DIAMETRO INTERNO DE 1,20 M E ALTURA DE 0,50 M","UN","CR",213.27]
["MATERIAL",43446,"ANEL EM CONCRETO ARMADO, PERFURADO, PARA FOSSAS SEPTICAS E SUMIDOUROS, SEM FUNDO, DIAMETRO INTERNO DE 2,00 M E ALTURA DE 0,50 M","UN","CR",450.25]
["MATERIAL",43447,"ANEL EM CONCRETO ARMADO, PERFURADO, PARA FOSSAS SEPTICAS E SUMIDOUROS, SEM FUNDO, DIAMETRO INTERNO DE 2,50 M E ALTURA DE 0,50 M","UN","CR",552.94000000000005]
["MATERIAL",43448,"ANEL EM CONCRETO ARMADO, PERFURADO, PARA FOSSAS SEPTICAS E SUMIDOUROS, SEM FUNDO, DIAMETRO INTERNO DE 3,00 M E ALTURA DE 0,50 M","UN","CR",774.11]
["MATERIAL",13761,"APARELHO CORTE OXI-ACETILENO PARA SOLDA E CORTE CONTENDO MACARICO SOLDA, BICO DE CORTE, CILINDROS, REGULADORES, MANGUEIRAS E CARRINHO","UN","CR",3046.93]
["MATERIAL",4814,"APARELHO SINALIZADOR LUMINOSO COM LED, PARA SAIDA GARAGEM, COM 2 LENTES EM POLICARBONATO, BIVOLT (INCLUI SUPORTE DE FIXACAO)","UN","CR",76.28]
["EQUIPAMENTO (AQUISIÇÃO)",44473,"APOIO DO PORTA DENTE PARA FRESADORA DE  ASFALTO","UN","CR"]
["MAO DE OBRA",6122,"APONTADOR OU APROPRIADOR DE MAO DE OBRA (HORISTA)","H","CR",22.45]
["MAO DE OBRA",40810,"APONTADOR OU APROPRIADOR DE MAO DE OBRA (MENSALISTA)","MES","CR",3929.54]
["EQUIPAMENTO (AQUISIÇÃO)",21100,"AQUECEDOR DE AGUA A GAS GLP/GN COM CAPACIDADE DE ARMAZENAMENTO DE 50 A 80 L","UN","CR"]
["EQUIPAMENTO (AQUISIÇÃO)",11811,"AQUECEDOR DE AGUA ELETRICO HORIZONTAL, RESERVATORIO DE 200 L CILINDRICO EM COBRE, REFORCADO COM ACO CARBONO, MONOFASICO, TENSAO NOMINAL 220 V","UN","CR"]
["EQUIPAMENTO (AQUISIÇÃO)",11816,"AQUECEDOR DE AGUA ELETRICO RESERVATORIO DE 100 L CILINDRICO EM COBRE, REFORCADO COM ACO CARBONO, MONOFASICO, TENSAO NOMINAL 220 V","UN","C"]
["EQUIPAMENTO (AQUISIÇÃO)",11814,"AQUECEDOR DE AGUA ELETRICO RESERVATORIO DE 500 L CILINDRICO EM COBRE, REFORCADO COM ACO CARBONO, MONOFASICO, TENSAO NOMINAL 220 V","UN","CR"]
["EQUIPAMENTO (AQUISIÇÃO)",14186,"AQUECEDOR DE AGUA ELETRICO RESERVATORIO DE 500 L CILINDRICO EM COBRE, REFORCADO COM ACO CARBONO, TRIFASICO, TENSAO NOMINAL 220/380/400 V, POTENCIA 24 KW","UN","CR"]
["EQUIPAMENTO (AQUISIÇÃO)",14185,"AQUECEDOR DE AGUA ELETRICO RESERVATORIO DE 700 L CILINDRICO EM COBRE, REFORCADO COM ACO CARBONO, MONOFASICO, TENSAO NOMINAL 220 V","UN","CR"]
["EQUIPAMENTO (AQUISIÇÃO)",44498,"AQUECEDOR DE OLEO BPF (FLUIDO) TERMICO, CAPACIDADE DE 300.000  KCAL/H","UN","CR"]
["EQUIPAMENTO (AQUISIÇÃO)",34469,"AQUECEDOR SOLAR COM RESERVATORIO TERMICO DE 1000 L E *5* PLACAS COLETORAS DE *2,0* M2 (NAO INCLUI ACESSORIOS) (SEM INSTALACAO)","UN","CR"]
["EQUIPAMENTO (AQUISIÇÃO)",34476,"AQUECEDOR SOLAR COM RESERVATORIO TERMICO DE 400 L E *2* PLACAS COLETORAS DE *2,0* M2 (NAO INCLUI ACESSORIOS) (SEM INSTALACAO)","UN","CR"]
["EQUIPAMENTO (AQUISIÇÃO)",34477,"AQUECEDOR SOLAR COM RESERVATORIO TERMICO DE 600 L E *3* PLACAS COLETORAS DE *2,0* M2 (NAO INCLUI ACESSORIOS) (SEM INSTALACAO)","UN","CR"]
["EQUIPAMENTO (AQUISIÇÃO)",34482,"AQUECEDOR SOLAR COM RESERVATORIO TERMICO DE 800 L E *4* PLACAS COLETORAS DE *2,0* M2 (NAO INCLUI ACESSORIOS) (SEM INSTALACAO)","UN","CR"]
["EQUIPAMENTO (AQUISIÇÃO)",34472,"AQUECEDOR SOLAR DE INSTALACAO EXTERNA, KIT COMPACTO, CONJUNTO COM RESERVATORIO TERMICO DE 200 L, PLACA COLETORA DE *2,0* M2 E INCLUSO ACESSORIOS (RESIDENCIAS ATE 120,00 M2 E DE 4 A 5 BANHOS POR DIA) (SEM INSTALACAO)","UN","C"]
["EQUIPAMENTO (AQUISIÇÃO)",42425,"AR CONDICIONADO SPLIT INVERTER, HI-WALL (PAREDE), 12000 BTU/H, CICLO FRIO, 60HZ, CLASSIFICACAO A (SELO PROCEL), GAS HFC, CONTROLE S/FIO","UN","CR",2552.92]
["EQUIPAMENTO (AQUISIÇÃO)",42422,"AR CONDICIONADO SPLIT INVERTER, HI-WALL (PAREDE), 18000 BTU/H, CICLO FRIO, 60HZ, CLASSIFICACAO A (SELO PROCEL), GAS HFC, CONTROLE S/FIO","UN","C",3789.9]
["EQUIPAMENTO (AQUISIÇÃO)",43184,"AR CONDICIONADO SPLIT INVERTER, HI-WALL (PAREDE), 24000 BTU/H, CICLO FRIO, 60HZ, CLASSIFICACAO A (SELO PROCEL), GAS HFC, CONTROLE S/FIO","UN","CR",5238]
["EQUIPAMENTO (AQUISIÇÃO)",42424,"AR CONDICIONADO SPLIT INVERTER, HI-WALL (PAREDE), 9000 BTU/H, CICLO FRIO, 60HZ, CLASSIFICACAO A (SELO PROCEL), GAS HFC, CONTROLE S/FIO","UN","CR",2279.98]
["EQUIPAMENTO (AQUISIÇÃO)",42416,"AR CONDICIONADO SPLIT INVERTER, PISO TETO, 18000 BTU/H, CICLO FRIO, 60HZ, CLASSIFICACAO ENERGETICA A OU B (SELO PROCEL), GAS HFC, CONTROLE S/FIO","UN","CR",9828.74]
["EQUIPAMENTO (AQUISIÇÃO)",42417,"AR CONDICIONADO SPLIT INVERTER, PISO TETO, 24000 BTU/H, CICLO FRIO, 60HZ, CLASSIFICACAO ENERGETICA A OU B (SELO PROCEL), GAS HFC, CONTROLE S/FIO","UN","CR",11018.82]
["EQUIPAMENTO (AQUISIÇÃO)",42419,"AR CONDICIONADO SPLIT INVERTER, PISO TETO, 36000 BTU/H, CICLO FRIO, 60HZ, CLASSIFICACAO ENERGETICA A OU B (SELO PROCEL), GAS HFC, CONTROLE S/FIO","UN","CR",12448.93]
["EQUIPAMENTO (AQUISIÇÃO)",42420,"AR CONDICIONADO SPLIT INVERTER, PISO TETO, 48000 BTU/H, CICLO FRIO, 60HZ, CLASSIFICACAO ENERGETICA A OU B (SELO PROCEL), GAS HFC, CONTROLE S/FIO","UN","CR",17110.14]
["EQUIPAMENTO (AQUISIÇÃO)",42421,"AR CONDICIONADO SPLIT INVERTER, PISO TETO, APRESENTANDO ENTRE 54000 E 58000 BTU/H, CICLO FRIO, 60HZ, CLASSIFICACAO ENERGETICA A OU B (SELO PROCEL), GAS HFC, CONTROLE S/FIO","UN","CR",20758.990000000002]
["EQUIPAMENTO (AQUISIÇÃO)",39556,"AR CONDICIONADO SPLIT ON/OFF, CASSETE (TETO), 18000 BTUS/H, CICLO QUENTE/FRIO, 60 HZ, CLASSIFICACAO ENERGETICA C - SELO PROCEL, GAS HFC, CONTROLE S/ FIO","UN","CR",7209.13]
["EQUIPAMENTO (AQUISIÇÃO)",39557,"AR CONDICIONADO SPLIT ON/OFF, CASSETE (TETO), 24000 BTUS/H, CICLO QUENTE/FRIO, 60 HZ, CLASSIFICACAO ENERGETICA C - SELO PROCEL, GAS HFC, CONTROLE S/ FIO","UN","CR",7762.66]
["EQUIPAMENTO (AQUISIÇÃO)",39559,"AR CONDICIONADO SPLIT ON/OFF, CASSETE (TETO), 36000 BTUS/H, CICLO QUENTE/FRIO, 60 HZ, CLASSIFICACAO ENERGETICA A - SELO PROCEL, GAS HFC, CONTROLE S/ FIO","UN","CR",11471.72]
["EQUIPAMENTO (AQUISIÇÃO)",39560,"AR CONDICIONADO SPLIT ON/OFF, CASSETE (TETO), 48000 BTUS/H, CICLO QUENTE/FRIO, 60 HZ, CLASSIFICACAO ENERGETICA A - SELO PROCEL, GAS HFC, CONTROLE S/ FIO","UN","CR",13271.66]
["EQUIPAMENTO (AQUISIÇÃO)",39561,"AR CONDICIONADO SPLIT ON/OFF, CASSETE (TETO), 60000 BTUS/H, CICLO QUENTE/FRIO, 60 HZ, CLASSIFICACAO ENERGETICA A - SELO PROCEL, GAS HFC, CONTROLE S/ FIO","UN","CR",13883.85]
["EQUIPAMENTO (AQUISIÇÃO)",43195,"AR CONDICIONADO SPLIT ON/OFF, CASSETE (TETO), FRIO 4 VIAS 18000 BTUS/H, CLASSIFICACAO ENERGETICA C - SELO PROCEL, GAS HFC, CONTROLE S/ FIO","UN","CR",6024.72]
["EQUIPAMENTO (AQUISIÇÃO)",43196,"AR CONDICIONADO SPLIT ON/OFF, CASSETE (TETO), FRIO 4 VIAS 24000 BTUS/H, CLASSIFICACAO ENERGETICA C - SELO PROCEL, GAS HFC, CONTROLE S/ FIO","UN","CR",7466.78]
["EQUIPAMENTO (AQUISIÇÃO)",43198,"AR CONDICIONADO SPLIT ON/OFF, CASSETE (TETO), FRIO 4 VIAS 36000 BTUS/H, CLASSIFICACAO ENERGETICA C - SELO PROCEL, GAS HFC, CONTROLE S/ FIO","UN","CR",11095.45]
["EQUIPAMENTO (AQUISIÇÃO)",43199,"AR CONDICIONADO SPLIT ON/OFF, CASSETE (TETO), FRIO 4 VIAS 48000 BTUS/H, CLASSIFICACAO ENERGETICA C - SELO PROCEL, GAS HFC, CONTROLE S/ FIO","UN","CR",11502.03]
["EQUIPAMENTO (AQUISIÇÃO)",43200,"AR CONDICIONADO SPLIT ON/OFF, CASSETE (TETO), FRIO 4 VIAS 60000 BTUS/H, CLASSIFICACAO ENERGETICA C - SELO PROCEL, GAS HFC, CONTROLE S/ FIO","UN","CR",13199.42]
["EQUIPAMENTO (AQUISIÇÃO)",43190,"AR CONDICIONADO SPLIT ON/OFF, HI-WALL (PAREDE), 12000 BTUS/H, CICLO FRIO, 60 HZ, CLASSIFICACAO ENERGETICA A - SELO PROCEL, GAS HFC, CONTROLE S/ FIO","UN","CR",2048.89]
["EQUIPAMENTO (AQUISIÇÃO)",39555,"AR CONDICIONADO SPLIT ON/OFF, HI-WALL (PAREDE), 12000 BTUS/H, CICLO QUENTE/FRIO, 60 HZ, CLASSIFICACAO ENERGETICA A - SELO PROCEL, GAS HFC, CONTROLE S/ FIO","UN","CR",2216.37]
["EQUIPAMENTO (AQUISIÇÃO)",43191,"AR CONDICIONADO SPLIT ON/OFF, HI-WALL (PAREDE), 18000 BTUS/H, CICLO FRIO, 60 HZ, CLASSIFICACAO ENERGETICA A - SELO PROCEL, GAS HFC, CONTROLE S/ FIO","UN","CR",2948.08]
["EQUIPAMENTO (AQUISIÇÃO)",39548,"AR CONDICIONADO SPLIT ON/OFF, HI-WALL (PAREDE), 18000 BTUS/H, CICLO QUENTE/FRIO, 60 HZ, CLASSIFICACAO ENERGETICA A - SELO PROCEL, GAS HFC, CONTROLE S/ FIO","UN","CR",3287.56]
["EQUIPAMENTO (AQUISIÇÃO)",43192,"AR CONDICIONADO SPLIT ON/OFF, HI-WALL (PAREDE), 24000 BTUS/H, CICLO FRIO, 60 HZ, CLASSIFICACAO ENERGETICA A - SELO PROCEL, GAS HFC, CONTROLE S/ FIO","UN","CR",3861.72]
["EQUIPAMENTO (AQUISIÇÃO)",39554,"AR CONDICIONADO SPLIT ON/OFF, HI-WALL (PAREDE), 24000 BTUS/H, CICLO QUENTE/FRIO, 60 HZ, CLASSIFICACAO ENERGETICA A - SELO PROCEL, GAS HFC, CONTROLE S/ FIO","UN","CR",4347.3100000000004]
["EQUIPAMENTO (AQUISIÇÃO)",43194,"AR CONDICIONADO SPLIT ON/OFF, HI-WALL (PAREDE), 9000 BTUS/H, CICLO FRIO, 60 HZ, CLASSIFICACAO ENERGETICA A - SELO PROCEL, GAS HFC, CONTROLE S/ FIO","UN","CR",1755.22]
["EQUIPAMENTO (AQUISIÇÃO)",39551,"AR CONDICIONADO SPLIT ON/OFF, HI-WALL (PAREDE), 9000 BTUS/H, CICLO QUENTE/FRIO, 60 HZ, CLASSIFICACAO ENERGETICA A - SELO PROCEL, GAS HFC, CONTROLE S/ FIO","UN","CR",1932.69]
["EQUIPAMENTO (AQUISIÇÃO)",43185,"AR CONDICIONADO SPLIT ON/OFF, PISO TETO, 18.000 BTU/H, CICLO FRIO, 60HZ, CLASSIFICACAO ENERGETICA C - SELO PROCEL, GAS HFC, CONTROLE S/FIO","UN","CR",5492.35]
["EQUIPAMENTO (AQUISIÇÃO)",43186,"AR CONDICIONADO SPLIT ON/OFF, PISO TETO, 24.000 BTU/H, CICLO FRIO, 60HZ, CLASSIFICACAO ENERGETICA C - SELO PROCEL, GAS HFC, CONTROLE S/FIO","UN","CR",5793.32]
["EQUIPAMENTO (AQUISIÇÃO)",43187,"AR CONDICIONADO SPLIT ON/OFF, PISO TETO, 36.000 BTU/H, CICLO FRIO, 60HZ, CLASSIFICACAO ENERGETICA C - SELO PROCEL, GAS HFC, CONTROLE S/FIO","UN","CR",7687.79]
["EQUIPAMENTO (AQUISIÇÃO)",43188,"AR CONDICIONADO SPLIT ON/OFF, PISO TETO, 48.000 BTU/H, CICLO FRIO, 60HZ, CLASSIFICACAO ENERGETICA C - SELO PROCEL, GAS HFC, CONTROLE S/FIO","UN","CR",9314.7800000000007]
["EQUIPAMENTO (AQUISIÇÃO)",43189,"AR CONDICIONADO SPLIT ON/OFF, PISO TETO, 60.000 BTU/H, CICLO FRIO, 60HZ, CLASSIFICACAO ENERGETICA C - SELO PROCEL, GAS HFC, CONTROLE S/FIO","UN","CR",10477.58]
["EQUIPAMENTO (AQUISIÇÃO)",39580,"AR-CONDICIONADO FRIO SPLITAO INVERTER 30 TR","UN","CR",82567.59]
["EQUIPAMENTO (AQUISIÇÃO)",39577,"AR-CONDICIONADO FRIO SPLITAO MODULAR 10 TR","UN","CR",25843.48]
["EQUIPAMENTO (AQUISIÇÃO)",39578,"AR-CONDICIONADO FRIO SPLITAO MODULAR 15 TR","UN","CR",33351.519999999997]
["EQUIPAMENTO (AQUISIÇÃO)",39579,"AR-CONDICIONADO FRIO SPLITAO MODULAR 20 TR","UN","CR",48523.85]
["EQUIPAMENTO (AQUISIÇÃO)",39826,"AR-CONDICIONADO SPLIT INVERTER, PISO TETO, 24000 BTU/H, QUENTE/FRIO, 60HZ, CLASSIFICACAO ENERGETICA A - SELO PROCEL, GAS HFC, CONTROLE S/FIO","UN","CR",5959.61]
["EQUIPAMENTO (AQUISIÇÃO)",10700,"ARADO REVERSIVEL COM 3 DISCOS DE 26\" X 6MM REBOCAVEL","UN","CR"]
["MATERIAL",346,"ARAME DE ACO OVALADO 15 X 17 (45,7 KG, 700 KGF), ROLO 1000 M","KG","CR",19.95]
["MATERIAL",3312,"ARAME DE AMARRACAO PARA GABIAO GALVANIZADO, DIAMETRO 2,2 MM","KG","CR",17.66]
["MATERIAL",339,"ARAME FARPADO GALVANIZADO, 14 BWG (2,11 MM), CLASSE 250","M","CR",1.03]
["MATERIAL",340,"ARAME FARPADO GALVANIZADO, 16 BWG (1,65 MM), CLASSE 250","M","CR",0.93]
["MATERIAL",43130,"ARAME GALVANIZADO 12 BWG, D = 2,76 MM (0,048 KG/M) OU 14 BWG, D = 2,11 MM (0,026 KG/M)","KG","C",16.84]
["MATERIAL",344,"ARAME GALVANIZADO 16 BWG, D = 1,65MM (0,0166 KG/M)","KG","CR",22.13]
["MATERIAL",345,"ARAME GALVANIZADO 18 BWG, D = 1,24MM (0,009 KG/M)","KG","CR",24.02]
["MATERIAL",43131,"ARAME GALVANIZADO 6 BWG, D = 5,16 MM (0,157 KG/M), OU 8 BWG, D = 4,19 MM (0,101 KG/M), OU 10 BWG, D = 3,40 MM (0,0713 KG/M)","KG","CR",19.559999999999999]
["MATERIAL",3313,"ARAME PROTEGIDO COM POLIMERO PARA GABIAO, DIAMETRO 2,2 MM","KG","CR",22.73]
["MATERIAL",43132,"ARAME RECOZIDO 16 BWG, D = 1,65 MM (0,016 KG/M) OU 18 BWG, D = 1,25 MM (0,01 KG/M)","KG","CR",16.84]
["MATERIAL",45245,"ARCO DE SERRA REGULAVEL PARA LAMINAS DE 8\" A 12\"","UN","CR",35.479999999999997]
["MATERIAL",366,"AREIA FINA - POSTO JAZIDA/FORNECEDOR (RETIRADO NA JAZIDA, SEM TRANSPORTE)","M3","C",137]
["MATERIAL",367,"AREIA GROSSA - POSTO JAZIDA/FORNECEDOR (RETIRADO NA JAZIDA, SEM TRANSPORTE)","M3","CR",138.79]
["MATERIAL",370,"AREIA MEDIA - POSTO JAZIDA/FORNECEDOR (RETIRADO NA JAZIDA, SEM TRANSPORTE)","M3","CR",137]
["MATERIAL",368,"AREIA PARA ATERRO - POSTO JAZIDA/FORNECEDOR (RETIRADO NA JAZIDA, SEM TRANSPORTE)","M3","CR",68.5]
["MATERIAL",11075,"AREIA PARA LEITO FILTRANTE (0,42 A 1,68 MM) - POSTO JAZIDA/FORNECEDOR (RETIRADO NA JAZIDA, SEM TRANSPORTE)","M3","CR",1572.33]
["MATERIAL",1381,"ARGAMASSA COLANTE AC I PARA CERAMICAS","KG","C",1]
["MATERIAL",34353,"ARGAMASSA COLANTE AC II","KG","CR",1.86]
["MATERIAL",37595,"ARGAMASSA COLANTE TIPO AC III","KG","CR",3.07]
["MATERIAL",37596,"ARGAMASSA COLANTE TIPO AC III E","KG","CR",3.52]
["MATERIAL",371,"ARGAMASSA INDUSTRIALIZADA MULTIUSO, PARA REVESTIMENTO INTERNO E EXTERNO E ASSENTAMENTO DE BLOCOS DIVERSOS","KG","CR",1.0900000000000001]
["MATERIAL",37553,"ARGAMASSA INDUSTRIALIZADA PARA CHAPISCO COLANTE","KG","CR",2.04]
["MATERIAL",37552,"ARGAMASSA INDUSTRIALIZADA PARA CHAPISCO ROLADO","KG","CR",3.28]
["MATERIAL",36880,"ARGAMASSA PARA REVESTIMENTO DECORATIVO MONOCAMADA","KG","CR",3.33]
["MATERIAL",34355,"ARGAMASSA PISO SOBRE PISO","KG","CR",2.87]
["MATERIAL",130,"ARGAMASSA POLIMERICA DE REPARO ESTRUTURAL, BICOMPONENTE","KG","CR",4.26]
["MATERIAL",135,"ARGAMASSA POLIMERICA IMPERMEABILIZANTE SEMIFLEXIVEL, BICOMPONENTE, A BASE DE CIMENTO E ADITIVOS","KG","CR",3.43]
["MATERIAL",36886,"ARGAMASSA PRONTA PARA CONTRAPISO","KG","CR",1.03]
["MATERIAL",38546,"ARGAMASSA USINADA AUTOADENSAVEL E AUTONIVELANTE PARA CONTRAPISO, COM BOMBEAMENTO (DISPONIBILIZACAO DE BOMBA), SEM O LANCAMENTO","M3","CR",501.92]
["MATERIAL",34549,"ARGILA EXPANDIDA, GRANULOMETRIA 2215","M3","CR"]
["MATERIAL",6081,"ARGILA OU BARRO PARA ATERRO/REATERRO (COM TRANSPORTE ATE 10 KM)","M3","CR"]
["MATERIAL",6077,"ARGILA OU BARRO PARA ATERRO/REATERRO (RETIRADO NA JAZIDA, SEM TRANSPORTE)","M3","CR"]
["MATERIAL",6079,"ARGILA, ARGILA VERMELHA OU ARGILA ARENOSA (RETIRADA NA JAZIDA, SEM TRANSPORTE)","M3","CR"]
["MATERIAL",1091,"ARMACAO VERTICAL COM HASTE E CONTRA-PINO, EM CHAPA DE ACO GALVANIZADO 3/16\", COM 1 ESTRIBO E 1 ISOLADOR","UN","CR"]
["MATERIAL",1094,"ARMACAO VERTICAL COM HASTE E CONTRA-PINO, EM CHAPA DE ACO GALVANIZADO 3/16\", COM 1 ESTRIBO, SEM ISOLADOR","UN","CR"]
["MATERIAL",1095,"ARMACAO VERTICAL COM HASTE E CONTRA-PINO, EM CHAPA DE ACO GALVANIZADO 3/16\", COM 2 ESTRIBOS, E 2 ISOLADORES","UN","CR"]
["MATERIAL",1092,"ARMACAO VERTICAL COM HASTE E CONTRA-PINO, EM CHAPA DE ACO GALVANIZADO 3/16\", COM 2 ESTRIBOS, SEM ISOLADOR","UN","C"]
["MATERIAL",1093,"ARMACAO VERTICAL COM HASTE E CONTRA-PINO, EM CHAPA DE ACO GALVANIZADO 3/16\", COM 3 ESTRIBOS E 3 ISOLADORES","UN","CR"]
["MATERIAL",1090,"ARMACAO VERTICAL COM HASTE E CONTRA-PINO, EM CHAPA DE ACO GALVANIZADO 3/16\", COM 3 ESTRIBOS, SEM ISOLADOR","UN","CR"]
["MATERIAL",1096,"ARMACAO VERTICAL COM HASTE E CONTRA-PINO, EM CHAPA DE ACO GALVANIZADO 3/16\", COM 4 ESTRIBOS E 4 ISOLADORES","UN","CR"]
["MATERIAL",1097,"ARMACAO VERTICAL COM HASTE E CONTRA-PINO, EM CHAPA DE ACO GALVANIZADO 3/16\", COM 4 ESTRIBOS, SEM ISOLADOR","UN","CR"]
["MAO DE OBRA",378,"ARMADOR (HORISTA)","H","CR",22.45]
["MAO DE OBRA",40911,"ARMADOR (MENSALISTA)","MES","CR",3929.54]
["MAO DE OBRA",33939,"ARQUITETO JUNIOR (HORISTA)","H","CR",123.08]
["MAO DE OBRA",40815,"ARQUITETO JUNIOR (MENSALISTA)","MES","CR",21543.61]
["MAO DE OBRA",33952,"ARQUITETO PLENO (HORISTA)","H","CR",130.38999999999999]
["MAO DE OBRA",40816,"ARQUITETO PLENO (MENSALISTA)","MES","CR",22823.38]
["MAO DE OBRA",33953,"ARQUITETO SENIOR (HORISTA)","H","CR",136.66]
["MAO DE OBRA",40817,"ARQUITETO SENIOR (MENSALISTA)","MES","CR",23919.64]
["MATERIAL",13348,"ARRUELA EM ACO GALVANIZADO, DIAMETRO EXTERNO = 35MM, ESPESSURA = 3MM, DIAMETRO DO FURO= 18MM","UN","CR"]
["MATERIAL",39212,"ARRUELA EM ALUMINIO, COM ROSCA, DE 1 1/2\", PARA ELETRODUTO","UN","CR",2.0699999999999998]
["MATERIAL",39211,"ARRUELA EM ALUMINIO, COM ROSCA, DE 1 1/4\", PARA ELETRODUTO","UN","CR",1.86]
["MATERIAL",39210,"ARRUELA EM ALUMINIO, COM ROSCA, DE 1\", PARA ELETRODUTO","UN","CR",1.04]
["MATERIAL",39208,"ARRUELA EM ALUMINIO, COM ROSCA, DE 1/2\", PARA ELETRODUTO","UN","CR",0.56000000000000005]
["MATERIAL",39214,"ARRUELA EM ALUMINIO, COM ROSCA, DE 2 1/2\", PARA ELETRODUTO","UN","CR",3.83]
["MATERIAL",39213,"ARRUELA EM ALUMINIO, COM ROSCA, DE 2\", PARA ELETRODUTO","UN","CR",2.71]
["MATERIAL",39215,"ARRUELA EM ALUMINIO, COM ROSCA, DE 3\", PARA ELETRODUTO","UN","CR",6.99]
["MATERIAL",39209,"ARRUELA EM ALUMINIO, COM ROSCA, DE 3/4\", PARA ELETRODUTO","UN","CR",0.67]
["MATERIAL",39207,"ARRUELA EM ALUMINIO, COM ROSCA, DE 3/8\", PARA ELETRODUTO","UN","CR",1.04]
["MATERIAL",39216,"ARRUELA EM ALUMINIO, COM ROSCA, DE 4\", PARA ELETRODUTO","UN","CR",9.75]
["MATERIAL",11267,"ARRUELA LISA, REDONDA, DE LATAO POLIDO, DIAMETRO NOMINAL 5/8\", DIAMETRO EXTERNO = 34 MM, DIAMETRO DO FURO = 17 MM, ESPESSURA = *2,5* MM","UN","CR"]
["MATERIAL",379,"ARRUELA QUADRADA EM ACO GALVANIZADO, DIMENSAO = 38 MM, ESPESSURA = 3MM, DIAMETRO DO FURO= 18 MM","UN","CR"]
["MATERIAL",510,"ASFALTO MODIFICADO TIPO I - NBR 9910 (ASFALTO OXIDADO PARA IMPERMEABILIZACAO, COEFICIENTE DE PENETRACAO 25-40)","KG","CR",16.43]
["MATERIAL",516,"ASFALTO MODIFICADO TIPO II - NBR 9910 (ASFALTO OXIDADO PARA IMPERMEABILIZACAO, COEFICIENTE DE PENETRACAO 20-35)","KG","CR",19.47]
["MATERIAL",509,"ASFALTO MODIFICADO TIPO III - NBR 9910 (ASFALTO OXIDADO PARA IMPERMEABILIZACAO, COEFICIENTE DE PENETRACAO 15-25)","KG","CR",21.84]
["MAO DE OBRA",40331,"ASSENTADOR DE MANILHAS (HORISTA)","H","CR",12.8]
["MAO DE OBRA",40930,"ASSENTADOR DE MANILHAS (MENSALISTA)","MES","CR",2243.42]
["MATERIAL",377,"ASSENTO SANITARIO DE PLASTICO, TIPO CONVENCIONAL","UN","C",27.4]
["MATERIAL",11761,"ASSENTO VASO SANITARIO INFANTIL EM PLASTICO BRANCO","UN","CR",58.31]
["MATERIAL",7588,"AUTOMATICO DE BOIA SUPERIOR / INFERIOR, *15* A / 250 V","UN","C",53.99]
["MAO DE OBRA",34551,"AUXILIAR DE AZULEJISTA (HORISTA)","H","CR",16.87]
["MAO DE OBRA",41078,"AUXILIAR DE AZULEJISTA (MENSALISTA)","MES","CR",2954.02]
["MAO DE OBRA",246,"AUXILIAR DE ENCANADOR OU BOMBEIRO HIDRAULICO (HORISTA)","H","CR",17.91]
["MAO DE OBRA",40927,"AUXILIAR DE ENCANADOR OU BOMBEIRO HIDRAULICO (MENSALISTA)","MES","CR",3137.72]
["MAO DE OBRA",2350,"AUXILIAR DE ESCRITORIO (HORISTA)","H","CR",17.850000000000001]
["MAO DE OBRA",40812,"AUXILIAR DE ESCRITORIO (MENSALISTA)","MES","CR",3125.89]
["MAO DE OBRA",245,"AUXILIAR DE LABORATORISTA DE SOLOS E DE CONCRETO (HORISTA)","H","CR",20.25]
["MAO DE OBRA",41090,"AUXILIAR DE LABORATORISTA DE SOLOS E DE CONCRETO (MENSALISTA)","MES","CR",3547.25]
["MAO DE OBRA",251,"AUXILIAR DE MECANICO (HORISTA)","H","CR",17.91]
["MAO DE OBRA",40975,"AUXILIAR DE MECANICO (MENSALISTA)","MES","CR",3137.72]
["MAO DE OBRA",6127,"AUXILIAR DE PEDREIRO (HORISTA)","H","CR",17.91]
["MAO DE OBRA",41072,"AUXILIAR DE PEDREIRO (MENSALISTA)","MES","CR",3137.72]
["MAO DE OBRA",6121,"AUXILIAR DE SERVICOS GERAIS (HORISTA)","H","CR",16.89]
["MAO DE OBRA",41071,"AUXILIAR DE SERVICOS GERAIS (MENSALISTA)","MES","CR",2956.51]
["MAO DE OBRA",244,"AUXILIAR DE TOPOGRAFO (HORISTA)","H","CR",13.34]
["MAO DE OBRA",41093,"AUXILIAR DE TOPOGRAFO (MENSALISTA)","MES","CR",2337.66]
["MAO DE OBRA",532,"AUXILIAR TECNICO / ASSISTENTE DE ENGENHARIA (HORISTA)","H","CR",28.86]
["MAO DE OBRA",40931,"AUXILIAR TECNICO / ASSISTENTE DE ENGENHARIA (MENSALISTA)","MES","CR",5052.7700000000004]
["MATERIAL",36150,"AVENTAL DE SEGURANCA DE RASPA DE COURO 1,00 X 0,60 M","UN","CR",46.9]
["MATERIAL",45262,"AVENTAL EM PVC, FORRADO, *0,3* MM DE ESPESSURA, *1,15 X 0,70* M (COMPRIMENTO X LARGURA), 100% IMPERMEAVEL","UN","CR",13.96]
["MAO DE OBRA",4760,"AZULEJISTA OU LADRILHEIRO (HORISTA)","H","CR",22.45]
["MAO DE OBRA",41069,"AZULEJISTA OU LADRILHEIRO (MENSALISTA)","MES","CR",3929.54]
["MATERIAL",10422,"BACIA SANITARIA (VASO) COM CAIXA ACOPLADA, SIFAO APARENTE, DE LOUCA BRANCA (SEM ASSENTO)","UN","CR",383.09]
["MATERIAL",44019,"BACIA SANITARIA (VASO) COM CAIXA ACOPLADA, SIFAO OCULTO / CARENADO, DE LOUCA BRANCA (SEM ASSENTO) - PADRAO ALTO","UN","CR",530.29]
["MATERIAL",36520,"BACIA SANITARIA (VASO) CONVENCIONAL PARA PCD, SEM FURO FRONTAL, DE LOUCA BRANCA (SEM ASSENTO)","UN","CR",644.78]
["MATERIAL",42319,"BACIA SANITARIA (VASO) CONVENCIONAL PARA USO ESPECIFICO (HOSPITAIS, CLINICAS), COM FURO FRONTAL, DE LOUCA BRANCA, SEM ASSENTO","UN","CR",577.75]
["MATERIAL",10420,"BACIA SANITARIA (VASO) CONVENCIONAL, DE LOUCA BRANCA, SIFAO APARENTE, SAIDA VERTICAL (SEM ASSENTO)","UN","C",204.95]
["MATERIAL",10421,"BACIA SANITARIA (VASO) CONVENCIONAL, DE LOUCA COLORIDA, SIFAO APARENTE, SAIDA VERTICAL (SEM ASSENTO)","UN","CR",225.21]
["MATERIAL",11786,"BACIA SANITARIA (VASO) INFANTIL, SIFONADO, DE LOUCA BRANCA, (SEM ASSENTO)","UN","CR",454.12]
["MATERIAL",45195,"BALANCIM INDIVIDUAL, TIPO CADEIRA SUSPENSA SOBE E DESCE","UN","CR",4209.55]
["MATERIAL",4815,"BALDE VERMELHO PARA SINALIZACAO DE VIAS","UN","CR",13.35]
["MATERIAL",541,"BANCADA DE MARMORE SINTETICO COM UMA CUBA, 120 X *60* CM","UN","C",11.49]
["MATERIAL",542,"BANCADA DE MARMORE SINTETICO COM UMA CUBA, 150 X *60* CM","UN","CR",226]
["MATERIAL",540,"BANCADA DE MARMORE SINTETICO COM UMA CUBA, 200 X *60* CM","UN","CR",283.29000000000002]
["MATERIAL",38364,"BANCADA/ BANCA EM GRANITO, POLIDO, TIPO ANDORINHA/ QUARTZ/ CASTELO/ CORUMBA OU OUTROS EQUIVALENTES DA REGIAO, COM CUBA INOX, FORMATO *120 X 60* CM, E= *2* CM","UN","CR",638.4]
["MATERIAL",11692,"BANCADA/ BANCA/ BALCAO/ TAMPO EM MARMORE BRANCO COMUM, POLIDO, LISO, ACABAMENTO RETO, E= *3* CM (SEM FUROS)","M2","CR",1058.7]
["MATERIAL",1746,"BANCADA/BANCA/PIA DE ACO INOXIDAVEL (AISI 430) COM 1 CUBA CENTRAL, COM VALVULA, ESCORREDOR DUPLO, DE *0,55 X 1,20* M","UN","C",571.35]
["MATERIAL",1748,"BANCADA/BANCA/PIA DE ACO INOXIDAVEL (AISI 430) COM 1 CUBA CENTRAL, COM VALVULA, ESCORREDOR DUPLO, DE *0,55 X 1,40* M","UN","CR",274.89999999999998]
["MATERIAL",1749,"BANCADA/BANCA/PIA DE ACO INOXIDAVEL (AISI 430) COM 1 CUBA CENTRAL, COM VALVULA, ESCORREDOR DUPLO, DE *0,55 X 1,80* M","UN","CR",365.55]
["MATERIAL",37412,"BANCADA/BANCA/PIA DE ACO INOXIDAVEL (AISI 430) COM 1 CUBA CENTRAL, COM VALVULA, LISA (SEM ESCORREDOR), DE *0,55 X 1,20* M","UN","CR",529.62]
["MATERIAL",1745,"BANCADA/BANCA/PIA DE ACO INOXIDAVEL (AISI 430) COM 1 CUBA CENTRAL, SEM VALVULA, ESCORREDOR DUPLO, DE *0,55 X 1,60* M","UN","CR",268.70999999999998]
["MATERIAL",1750,"BANCADA/BANCA/PIA DE ACO INOXIDAVEL (AISI 430) COM 2 CUBAS, COM VALVULAS, ESCORREDOR DUPLO, DE *0,55 X 2,00* M","UN","CR",319.52999999999997]
["MATERIAL",11687,"BANCADA/TAMPO ACO INOX (AISI 304), LARGURA 60 CM, COM RODABANCA (NAO INCLUI PES DE APOIO)","M","CR",746.71]
["MATERIAL",11689,"BANCADA/TAMPO ACO INOX (AISI 304), LARGURA 70 CM, COM RODABANCA (NAO INCLUI PES DE APOIO)","M","CR",1189.74]
["MATERIAL",11693,"BANCADA/TAMPO LISO (SEM CUBA) EM MARMORE SINTETICO","M2","CR",1490.67]
["MATERIAL",36215,"BANCO ARTICULADO PARA BANHO, EM ACO INOX POLIDO, 70* CM X 45* CM","UN","CR",250.58]
["MATERIAL",42439,"BANCO COM ENCOSTO, 1,60M* DE COMPRIMENTO, EM TUBO DE ACO CARBONO E PINTURA NO PROCESSO ELETROSTATICO - PARA ACADEMIA AO AR LIVRE / ACADEMIA DA TERCEIRA IDADE - ATI","UN","CR",800.91]
["MATERIAL",38381,"BANDEJA DE PINTURA PARA ROLO 23 CM","UN","CR"]
["MATERIAL",39621,"BARRA ANTIPANICO DUPLA, CEGA EM LADO OPOSTO, COR CINZA","PAR","CR",10.68]
["MATERIAL",39624,"BARRA ANTIPANICO DUPLA, PARA PORTA DE VIDRO, COR CINZA","PAR","CR",1379.13]
["MATERIAL",39615,"BARRA ANTIPANICO SIMPLES, CEGA EM LADO OPOSTO, COR CINZA","UN","CR",1521.33]
["MATERIAL",39620,"BARRA ANTIPANICO SIMPLES, COM FECHADURA LADO OPOSTO, COR CINZA","UN","CR",614.76]
["MATERIAL",39623,"BARRA ANTIPANICO SIMPLES, PARA PORTA DE VIDRO, COR CINZA","UN","CR",938.9]
["MATERIAL",546,"BARRA DE ACO CHATA, RETANGULAR (QUALQUER BITOLA)","KG","C",1005.64]
["MATERIAL",566,"BARRA DE ACO CHATO, RETANGULAR, 19,05 MM X 3,17 MM (L X E), 0,47 KG/M","M","CR",8.4700000000000006]
["MATERIAL",565,"BARRA DE ACO CHATO, RETANGULAR, 25,4 MM X 4,76 MM (L X E), 0,94 KG/M","M","CR",4.0199999999999996]
["MATERIAL",555,"BARRA DE ACO CHATO, RETANGULAR, 25,4 MM X 6,35 MM (L X E), 1,2265 KG/M","M","CR",14.65]
["MATERIAL",557,"BARRA DE ACO CHATO, RETANGULAR, 38,1 MM X 12,7 MM (L X E), 3,79 KG/M","M","CR",10.38]
["MATERIAL",552,"BARRA DE ACO CHATO, RETANGULAR, 38,1 MM X 6,35 MM (L X E), 1,89 KG/M","M","CR",32.590000000000003]
["MATERIAL",563,"BARRA DE ACO CHATO, RETANGULAR, 38,1 MM X 9,53 MM (L X E), 2,84 KG/M","M","CR",16.170000000000002]
["MATERIAL",549,"BARRA DE ACO CHATO, RETANGULAR, 50,8 MM X 12,7 MM (L X E), 5,06 KG/M","M","CR",24.3]
["MATERIAL",551,"BARRA DE ACO CHATO, RETANGULAR, 50,8 MM X 25,4 MM (L X E), 10,12 KG/M","M","CR",43.73]
["MATERIAL",559,"BARRA DE ACO CHATO, RETANGULAR, 50,8 MM X 6,35 MM (L X E), 2,53 KG/M","M","CR",86.59]
["MATERIAL",560,"BARRA DE ACO CHATO, RETANGULAR, 50,8 MM X 7,94 MM (L X E), 3,162 KG/M","M","CR",21.64]
["MATERIAL",547,"BARRA DE ACO CHATO, RETANGULAR, 50,8 MM X 9,53 MM (L X E), 3,79KG/M","M","CR",27.08]
["MATERIAL",36207,"BARRA DE APOIO EM \"L\", EM ACO INOX POLIDO 70 X 70 CM, DIAMETRO MINIMO 3 CM","UN","CR",32.42]
["MATERIAL",36209,"BARRA DE APOIO EM \"L\", EM ACO INOX POLIDO 80 X 80 CM, DIAMETRO MINIMO 3 CM","UN","CR",354.75]
["MATERIAL",36210,"BARRA DE APOIO LATERAL ARTICULADA, COM TRAVA, EM ACO INOX POLIDO, 70 CM, DIAMETRO MINIMO 3 CM","UN","CR",407.13]
["MATERIAL",36204,"BARRA DE APOIO RETA, EM ACO INOX POLIDO, COMPRIMENTO 60CM, DIAMETRO MINIMO 3 CM","UN","CR",440.5]
["MATERIAL",36205,"BARRA DE APOIO RETA, EM ACO INOX POLIDO, COMPRIMENTO 70CM, DIAMETRO MINIMO 3 CM","UN","CR",156.18]
["MATERIAL",36081,"BARRA DE APOIO RETA, EM ACO INOX POLIDO, COMPRIMENTO 80CM, DIAMETRO MINIMO 3 CM","UN","C",173.46]
["MATERIAL",36206,"BARRA DE APOIO RETA, EM ACO INOX POLIDO, COMPRIMENTO 90 CM, DIAMETRO MINIMO 3 CM","UN","CR",184.95]
["MATERIAL",36218,"BARRA DE APOIO RETA, EM ALUMINIO, COMPRIMENTO 60CM, DIAMETRO MINIMO 3 CM","UN","CR",193.76]
["MATERIAL",36220,"BARRA DE APOIO RETA, EM ALUMINIO, COMPRIMENTO 70CM, DIAMETRO MINIMO 3 CM","UN","CR"]
["MATERIAL",36080,"BARRA DE APOIO RETA, EM ALUMINIO, COMPRIMENTO 80 CM, DIAMETRO MINIMO 3 CM","UN","C"]
["MATERIAL",36223,"BARRA DE APOIO RETA, EM ALUMINIO, COMPRIMENTO 90 CM, DIAMETRO MINIMO 3 CM","UN","CR"]
["MATERIAL",38127,"BASE DE MISTURADOR MONOCOMANDO PARA CHUVEIRO, DE PAREDE (NAO INCLUI ACABAMENTOS)","UN","CR"]
["MATERIAL",38060,"BASE PARA MASTRO DE PARA-RAIOS DIAMETRO NOMINAL 1 1/2\"","UN","CR",491.24]
["MATERIAL",10956,"BASE PARA MASTRO DE PARA-RAIOS DIAMETRO NOMINAL 2\"","UN","CR"]
["MATERIAL",39380,"BASE PARA RELE COM SUPORTE METALICO","UN","CR"]
["MATERIAL",44172,"BASTIDOR PARA BLOCO M10","UN","CR"]
["EQUIPAMENTO (AQUISIÇÃO)",37597,"BATE-ESTACAS POR GRAVIDADE, POTENCIA160 HP, PESO DO MARTELO ATE 3 TONELADAS","UN","CR",14.05]
["MATERIAL",183,"BATENTE / PORTAL / ADUELA / MARCO EM MADEIRA MACICA COM REBAIXO, E = *3* CM, L = *14* CM, PARA PORTAS DE GIRO DE *60 CM A 120* CM X *210* CM, CEDRINHO / ANGELIM COMERCIAL / TAURI / CURUPIXA / PEROBA / CUMARU OU EQUIVALENTE DA REGIAO (NAO INCLUI ALIZARES)","JG","C"]
["MATERIAL",184,"BATENTE / PORTAL / ADUELA / MARCO EM MADEIRA MACICA COM REBAIXO, E = *3* CM, L = *14* CM, PARA PORTAS DE GIRO DE *60 CM A 120* CM X *210* CM, PINUS / EUCALIPTO / VIROLA OU EQUIVALENTE DA REGIAO (NAO INCLUI ALIZARES)","JG","CR",200]
["MATERIAL",181,"BATENTE / PORTAL / ADUELA / MARCO EM MADEIRA MACICA COM REBAIXO, E = *3* CM, L = *16* CM, PARA PORTAS DE GIRO DE *60 CM A 120* CM X *210* CM, CEDRINHO / ANGELIM COMERCIAL / TAURI / CURUPIXA / PEROBA / CUMARU OU EQUIVALENTE DA REGIAO (NAO INCLUI ALIZARES)","JG","CR",123.87]
["MATERIAL",20001,"BATENTE / PORTAL / ADUELA / MARCO EM MADEIRA MACICA COM REBAIXO, E = *3* CM, L = *16* CM, PARA PORTAS DE GIRO DE *60 CM A 120* CM X *210* CM, PINUS / EUCALIPTO / VIROLA OU EQUIVALENTE DA REGIAO (NAO INCLUI ALIZARES)","JG","CR",267.08999999999997]
["MATERIAL",39837,"BATENTE/PORTAL/ADUELA/MARCO, EM MDF/PVC WOOD/POLIESTIRENO OU MADEIRA LAMINADA, L = *9,0* CM COM GUARNICAO REGULAVEL 2 FACES = *35* MM, PRIMER","JG","CR",154.83000000000001]
["MATERIAL",43366,"BENTONITA, ARGILA CONSTITUIDA POR  MONTMORILONITA","KG","CR"]
["EQUIPAMENTO (AQUISIÇÃO)",10535,"BETONEIRA CAPACIDADE NOMINAL 400 L, CAPACIDADE DE MISTURA 280 L, MOTOR ELETRICO TRIFASICO 220/380 V POTENCIA 2 CV, SEM CARREGADOR","UN","C"]
["EQUIPAMENTO (AQUISIÇÃO)",10537,"BETONEIRA CAPACIDADE NOMINAL 400 L, CAPACIDADE DE MISTURA 310 L, MOTOR A DIESEL POTENCIA 5 CV, SEM CARREGADOR","UN","CR",5200]
["EQUIPAMENTO (AQUISIÇÃO)",13891,"BETONEIRA CAPACIDADE NOMINAL 400 L, CAPACIDADE DE MISTURA 310 L, MOTOR A GASOLINA POTENCIA 5,5 CV, SEM CARREGADOR","UN","CR",7091.38]
["EQUIPAMENTO (AQUISIÇÃO)",44492,"BETONEIRA CAPACIDADE NOMINAL 600 L, CAPACIDADE DE MISTURA 440 L, MOTOR A GASOLINA POTENCIA 10 HP, COM  CARREGADOR","UN","CR",6504.4]
["EQUIPAMENTO (AQUISIÇÃO)",36396,"BETONEIRA, CAPACIDADE NOMINAL 400 L, CAPACIDADE DE MISTURA 310L, MOTOR ELETRICO TRIFASICO 220/380V POTENCIA 2 CV, SEM CARREGADOR","UN","CR",28291.52]
["EQUIPAMENTO (AQUISIÇÃO)",36397,"BETONEIRA, CAPACIDADE NOMINAL 600 L, CAPACIDADE DE MISTURA 360L, MOTOR ELETRICO TRIFASICO 220/380V, POTENCIA 4CV, EXCLUSO CARREGADOR","UN","CR",5949.15]
["EQUIPAMENTO (AQUISIÇÃO)",36398,"BETONEIRA, CAPACIDADE NOMINAL 600 L, CAPACIDADE DE MISTURA 440 L, MOTOR A DIESEL POTENCIA 10 CV, COM CARREGADOR","UN","CR",21152.54]
["MAO DE OBRA",647,"BLASTER, DINAMITADOR OU CABO DE FOGO (HORISTA)","H","CR",25709.15]
["MAO DE OBRA",40920,"BLASTER, DINAMITADOR OU CABO DE FOGO (MENSALISTA)","MES","CR",17.170000000000002]
["MATERIAL",715,"BLOCO / TIJOLO DE VIDRO INCOLOR, CANELADO / ONDULADO, *19 X 19 X 8* CM (A X L X E)","UN","C",3007.9]
["MATERIAL",716,"BLOCO / TIJOLO DE VIDRO INCOLOR, XADREZ, *20 X 20 X 10* CM (A X L X E)","UN","CR"]
["MATERIAL",7270,"BLOCO CERAMICO / TIJOLO VAZADO PARA ALVENARIA DE VEDACAO, 4 FUROS NA HORIZONTAL DE 9 X 9 X 19 CM (L X A X C)","UN","CR"]
["MATERIAL",44460,"BLOCO CERAMICO / TIJOLO VAZADO PARA ALVENARIA DE VEDACAO, 6 FUROS NA HORIZONTAL DE 11,5 X 19 X 29 CM (L X A X C)","UN","CR",0.6]
["MATERIAL",44461,"BLOCO CERAMICO / TIJOLO VAZADO PARA ALVENARIA DE VEDACAO, 6 FUROS NA HORIZONTAL DE 11,5 X 19 X 39 CM (L X A X C)","UN","CR",1.02]
["MATERIAL",7267,"BLOCO CERAMICO / TIJOLO VAZADO PARA ALVENARIA DE VEDACAO, 6 FUROS NA HORIZONTAL DE 9 X 14 X 19 CM (L X A X C)","UN","CR",1.39]
["MATERIAL",44458,"BLOCO CERAMICO / TIJOLO VAZADO PARA ALVENARIA DE VEDACAO, 6 FUROS NA HORIZONTAL DE 9 X 14 X 24 CM (L X A X C)","UN","CR",0.51]
["MATERIAL",44457,"BLOCO CERAMICO / TIJOLO VAZADO PARA ALVENARIA DE VEDACAO, 6 FUROS NA HORIZONTAL DE 9 X 19 X 39 CM (L X A X C)","UN","CR",0.62]
["MATERIAL",7271,"BLOCO CERAMICO / TIJOLO VAZADO PARA ALVENARIA DE VEDACAO, 8 FUROS NA HORIZONTAL DE 9 X 19 X 19 CM (L X A X C)","UN","C",1.2]
["MATERIAL",7268,"BLOCO CERAMICO / TIJOLO VAZADO PARA ALVENARIA DE VEDACAO, 8 FUROS NA HORIZONTAL DE 9 X 19 X 29 CM (L X A X C)","UN","CR",0.65]
["MATERIAL",44459,"BLOCO CERAMICO / TIJOLO VAZADO PARA ALVENARIA DE VEDACAO, 9 FUROS NA HORIZONTAL DE 11,5 X 14 X 24 CM (L X A X C)","UN","CR",1.01]
["MATERIAL",44462,"BLOCO CERAMICO / TIJOLO VAZADO PARA ALVENARIA DE VEDACAO, 9 FUROS NA HORIZONTAL DE 14 X 19 X 29 CM (L X A X C)","UN","CR",0.65]
["MATERIAL",44463,"BLOCO CERAMICO / TIJOLO VAZADO PARA ALVENARIA DE VEDACAO, 9 FUROS NA HORIZONTAL DE 14 X 19 X 39 CM (L X A X C)","UN","CR",1.1599999999999999]
["MATERIAL",44464,"BLOCO CERAMICO / TIJOLO VAZADO PARA ALVENARIA DE VEDACAO, 9 FUROS NA HORIZONTAL DE 19 X 19 X 29 CM (L X A X C)","UN","CR",1.49]
["MATERIAL",44465,"BLOCO CERAMICO / TIJOLO VAZADO PARA ALVENARIA DE VEDACAO, 9 FUROS NA HORIZONTAL DE 19 X 19 X 39 CM (L X A X C)","UN","CR",1.54]
["MATERIAL",38783,"BLOCO CERAMICO / TIJOLO VAZADO PARA ALVENARIA DE VEDACAO, FUROS NA HORIZONTAL DE 11,5 X 19 X 19 CM (L X A X C)","UN","CR",2.12]
["MATERIAL",44466,"BLOCO CERAMICO / TIJOLO VAZADO PARA ALVENARIA DE VEDACAO, FUROS NA VERTICAL DE 11,5 X 19 X 29 CM (L X A X C)","UN","CR",0.74]
["MATERIAL",44467,"BLOCO CERAMICO / TIJOLO VAZADO PARA ALVENARIA DE VEDACAO, FUROS NA VERTICAL DE 11,5 X 19 X 39 CM (L X A X C)","UN","CR",1.51]
["MATERIAL",44468,"BLOCO CERAMICO / TIJOLO VAZADO PARA ALVENARIA DE VEDACAO, FUROS NA VERTICAL DE 14 X 19 X 29 CM (L X A X C)","UN","CR",1.81]
["MATERIAL",37593,"BLOCO CERAMICO / TIJOLO VAZADO PARA ALVENARIA DE VEDACAO, FUROS NA VERTICAL DE 14 X 19 X 39 CM (L X A X C)","UN","CR",1.57]
["MATERIAL",37594,"BLOCO CERAMICO / TIJOLO VAZADO PARA ALVENARIA DE VEDACAO, FUROS NA VERTICAL DE 19 X 19 X 39 CM (L X A X C)","UN","CR",2.0299999999999998]
["MATERIAL",37592,"BLOCO CERAMICO / TIJOLO VAZADO PARA ALVENARIA DE VEDACAO, FUROS NA VERTICAL DE 9 X 19 X 39 CM (L X A X C)","UN","CR",2.41]
["MATERIAL",41372,"BLOCO CONCRETO CELULAR AUTOCLAVADO 12,5 X 30 X 60 CM (E X A X C)","M2","CR",1.6]
["MATERIAL",41371,"BLOCO CONCRETO CELULAR AUTOCLAVADO 7,5 X 30 X 60 CM (E X A X C)","M2","CR"]
["MATERIAL",34556,"BLOCO DE CONCRETO ESTRUTURAL 14 X 19 X 29 CM, FBK 10 MPA (NBR 6136)","UN","CR"]
["MATERIAL",37873,"BLOCO DE CONCRETO ESTRUTURAL 14 X 19 X 29 CM, FBK 12 MPA (NBR 6136)","UN","CR",4.6500000000000004]
["MATERIAL",34564,"BLOCO DE CONCRETO ESTRUTURAL 14 X 19 X 29 CM, FBK 14 MPA (NBR 6136)","UN","CR",4.7300000000000004]
["MATERIAL",34565,"BLOCO DE CONCRETO ESTRUTURAL 14 X 19 X 29 CM, FBK 16 MPA (NBR 6136)","UN","CR",4.95]
["MATERIAL",38590,"BLOCO DE CONCRETO ESTRUTURAL 14 X 19 X 29 CM, FBK 4,5 MPA (NBR 6136)","UN","CR",5.24]
["MATERIAL",34566,"BLOCO DE CONCRETO ESTRUTURAL 14 X 19 X 29 CM, FBK 6 MPA (NBR 6136)","UN","CR",3.87]
["MATERIAL",34567,"BLOCO DE CONCRETO ESTRUTURAL 14 X 19 X 29 CM, FBK 8 MPA (NBR 6136)","UN","CR",4.07]
["MATERIAL",38591,"BLOCO DE CONCRETO ESTRUTURAL 14 X 19 X 34 CM, FBK 4,5 MPA (NBR 6136)","UN","CR",4.3099999999999996]
["MATERIAL",34568,"BLOCO DE CONCRETO ESTRUTURAL 14 X 19 X 39 CM, FBK 10 MPA (NBR 6136)","UN","CR",3.91]
["MATERIAL",34569,"BLOCO DE CONCRETO ESTRUTURAL 14 X 19 X 39 CM, FBK 12 MPA (NBR 6136)","UN","CR",5.0999999999999996]
["MATERIAL",34570,"BLOCO DE CONCRETO ESTRUTURAL 14 X 19 X 39 CM, FBK 14 MPA (NBR 6136)","UN","CR",5.24]
["MATERIAL",25070,"BLOCO DE CONCRETO ESTRUTURAL 14 X 19 X 39 CM, FBK 4,5 MPA (NBR 6136)","UN","CR",5.69]
["MATERIAL",34571,"BLOCO DE CONCRETO ESTRUTURAL 14 X 19 X 39 CM, FBK 6 MPA (NBR 6136)","UN","CR",4.28]
["MATERIAL",34573,"BLOCO DE CONCRETO ESTRUTURAL 14 X 19 X 39 CM, FBK 8 MPA (NBR 6136)","UN","CR",4.32]
["MATERIAL",37107,"BLOCO DE CONCRETO ESTRUTURAL 14 X 19 X 39, FCK 16 MPA (NBR 6136)","UN","CR",4.55]
["MATERIAL",34576,"BLOCO DE CONCRETO ESTRUTURAL 19 X 19 X 39 CM, FBK 10 MPA (NBR 6136)","UN","CR",6.01]
["MATERIAL",34577,"BLOCO DE CONCRETO ESTRUTURAL 19 X 19 X 39 CM, FBK 12 MPA (NBR 6136)","UN","CR",6.63]
["MATERIAL",34578,"BLOCO DE CONCRETO ESTRUTURAL 19 X 19 X 39 CM, FBK 14 MPA (NBR 6136)","UN","CR",6.91]
["MATERIAL",34579,"BLOCO DE CONCRETO ESTRUTURAL 19 X 19 X 39 CM, FBK 16 MPA (NBR 6136)","UN","CR",7.5]
["MATERIAL",25067,"BLOCO DE CONCRETO ESTRUTURAL 19 X 19 X 39 CM, FBK 4,5 MPA (NBR 6136)","UN","CR",8]
["MATERIAL",34580,"BLOCO DE CONCRETO ESTRUTURAL 19 X 19 X 39 CM, FBK 8 MPA (NBR 6136)","UN","CR",5.35]
["MATERIAL",25071,"BLOCO DE CONCRETO ESTRUTURAL 9 X 19 X 39 CM, FBK 4,5 MPA (NBR 6136)","UN","CR",5.97]
["MATERIAL",44171,"BLOCO DE ENGATE RAPIDO PARA BASTIDOR TIPO M10","UN","CR",2.97]
["MATERIAL",38395,"BLOCO DE ESPUMA MULTIUSO *23X 13 X 8* CM","UN","CR",40.090000000000003]
["MATERIAL",34583,"BLOCO DE GESSO COMPACTO / MACICO, BRANCO, E = 10 CM, DIMENSOES *67 X 50* CM","M2","CR",7.48]
["MATERIAL",34584,"BLOCO DE GESSO VAZADO, BRANCO, E = *7* CM, DIMENSOES *67 X 50* CM","M2","CR",52.67]
["MATERIAL",709,"BLOCO DE POLIETILENO ALTA DENSIDADE, *27* X *30* X *100* CM, ACOMPANHADOS PLACAS TERMINAIS E LONGARINAS, PARA FUNDO DE FILTRO","M2","CR",38.619999999999997]
["MATERIAL",34592,"BLOCO DE VEDACAO CONCRETO 14 X 19 X 29 CM (CLASSE C - NBR 6136)","UN","CR"]
["MATERIAL",34599,"BLOCO DE VEDACAO CONCRETO APARENTE 9 X 19 X 39 CM (CLASSE C - NBR 6136)","UN","CR",3.4]
["MATERIAL",651,"BLOCO DE VEDACAO DE CONCRETO 14 X 19 X 39 CM (CLASSE C - NBR 6136)","UN","CR",3.06]
["MATERIAL",654,"BLOCO DE VEDACAO DE CONCRETO 19 X 19 X 39 CM (CLASSE C - NBR 6136)","UN","CR",3.75]
["MATERIAL",37103,"BLOCO DE VEDACAO DE CONCRETO APARENTE 14 X 19 X 39 CM (CLASSE C - NBR 6136)","UN","CR",4.6500000000000004]
["MATERIAL",34555,"BLOCO DE VEDACAO DE CONCRETO APARENTE 19 X 19 X 39 CM (CLASSE C - NBR 6136)","UN","CR",3.89]
["MATERIAL",674,"BLOCO DE VEDACAO DE CONCRETO CELULAR AUTOCLAVADO 10 X 30 X 60 CM (E X A X C)","M2","CR",4.9400000000000004]
["MATERIAL",34600,"BLOCO DE VEDACAO DE CONCRETO CELULAR AUTOCLAVADO 15 X 30 X 60 CM (E X A X C)","M2","C"]
["MATERIAL",652,"BLOCO DE VEDACAO DE CONCRETO CELULAR AUTOCLAVADO 20 X 30 X 60 CM (E X A X C)","M2","CR"]
["MATERIAL",650,"BLOCO DE VEDACAO DE CONCRETO, 9 X 19 X 39 CM (CLASSE C - NBR 6136)","UN","C"]
["MATERIAL",718,"BLOCO DE VIDRO / ELEMENTO VAZADO, INCOLOR, VENEZIANA, *20 X 20 X 6* CM (A X L X E)","UN","CR",3]
["MATERIAL",11981,"BLOCO DE VIDRO / ELEMENTO VAZADO, INCOLOR, VENEZIANA, DE *20 X 10 X 8* CM (A X L X E)","UN","CR"]
["MATERIAL",34586,"BLOCO ESTRUTURAL CERAMICO DE 14 X 19 X 29 CM (L X A X C) E 6,0 MPA","UN","CR"]
["MATERIAL",38603,"BLOCO ESTRUTURAL CERAMICO DE 14 X 19 X 34 CM (L X A X C) E 6,0 MPA","UN","CR",1.6]
["MATERIAL",34588,"BLOCO ESTRUTURAL CERAMICO DE 14 X 19 X 39 CM (L X A X C) E 6,0 MPA","UN","CR",1.9]
["MATERIAL",34590,"BLOCO ESTRUTURAL CERAMICO DE 19 X 19 X 29 CM (L X A X C) E 6,0 MPA","UN","CR",2.16]
["MATERIAL",34591,"BLOCO ESTRUTURAL CERAMICO DE 19 X 19 X 39 CM (L X A X C) E 6,0 MPA","UN","CR",2.14]
["MATERIAL",40517,"BLOQUETE/PISO DE CONCRETO - MODELO PISOGRAMA/CONCREGRAMA 2 FUROS, DIMENSOES APROX. DE *35 X 15* CM E ESPESSURA DE 7 CM (+/- 1 CM), COR NATURAL","M2","CR",2.61]
["MATERIAL",40515,"BLOQUETE/PISO DE CONCRETO - MODELO PISOGRAMA/CONCREGRAMA/PAVI-GRADE/GRAMEIRO, DIMENSOES APROXIMADAS DE *60 X 45* CM E ESPESSURA DE 8 CM (+/- 1 CM), COR NATURAL","M2","CR",61.38]
["MATERIAL",40524,"BLOQUETE/PISO INTERTRAVADO DE CONCRETO - MODELO ONDA/16 FACES/RETANGULAR/TIJOLINHO/PAVER/HOLANDES/PARALELEPIPEDO, *20 X 10* CM, E = 10 CM, RESISTENCIA DE 35 MPA, COR NATURAL","M2","CR",67.52]
["MATERIAL",40529,"BLOQUETE/PISO INTERTRAVADO DE CONCRETO - MODELO ONDA/16 FACES/RETANGULAR/TIJOLINHO/PAVER/HOLANDES/PARALELEPIPEDO, *20 X 10* CM, E = 10 CM, RESISTENCIA DE 50 MPA, COR NATURAL","M2","CR",70.150000000000006]
["MATERIAL",36156,"BLOQUETE/PISO INTERTRAVADO DE CONCRETO - MODELO ONDA/16 FACES/RETANGULAR/TIJOLINHO/PAVER/HOLANDES/PARALELEPIPEDO, *20 X 10* CM, E = 6 CM, RESISTENCIA DE 35 MPA, COLORIDO","M2","CR",111.23]
["MATERIAL",36155,"BLOQUETE/PISO INTERTRAVADO DE CONCRETO - MODELO ONDA/16 FACES/RETANGULAR/TIJOLINHO/PAVER/HOLANDES/PARALELEPIPEDO, *20 X 10* CM, E = 6 CM, RESISTENCIA DE 35 MPA, COR NATURAL","M2","CR",66.459999999999994]
["MATERIAL",36154,"BLOQUETE/PISO INTERTRAVADO DE CONCRETO - MODELO ONDA/16 FACES/RETANGULAR/TIJOLINHO/PAVER/HOLANDES/PARALELEPIPEDO, *20 X 10* CM, E = 8 CM, RESISTENCIA DE 35 MPA, COLORIDO","M2","CR",52.61]
["MATERIAL",36170,"BLOQUETE/PISO INTERTRAVADO DE CONCRETO - MODELO ONDA/16 FACES/RETANGULAR/TIJOLINHO/PAVER/HOLANDES/PARALELEPIPEDO, *20 X 10* CM, E = 8 CM, RESISTENCIA DE 35 MPA, COR NATURAL","M2","C",79.38]
["MATERIAL",695,"BLOQUETE/PISO INTERTRAVADO DE CONCRETO - MODELO RAQUETE, *22 X 13,5* CM, E = 6 CM, RESISTENCIA DE 35 MPA, COR NATURAL","M2","CR",60]
["MATERIAL",679,"BLOQUETE/PISO INTERTRAVADO DE CONCRETO - MODELO SEXTAVADO / HEXAGONAL, *25 X 25* CM, E = 10 CM, RESISTENCIA DE 35 MPA, COR NATURAL","M2","CR",66.69]
["MATERIAL",711,"BLOQUETE/PISO INTERTRAVADO DE CONCRETO - MODELO SEXTAVADO / HEXAGONAL, *25 X 25* CM, E = 6 CM, RESISTENCIA DE 35 MPA, COR NATURAL","M2","CR",95.16]
["MATERIAL",712,"BLOQUETE/PISO INTERTRAVADO DE CONCRETO - MODELO SEXTAVADO / HEXAGONAL, *25 X 25* CM, E = 8 CM, RESISTENCIA DE 35 MPA, COR NATURAL","M2","CR",60]
["MATERIAL",12614,"BOCAL PVC, PARA CALHA PLUVIAL, DIAMETRO DA SAIDA ENTRE *75 E 120* MM, PARA DRENAGEM PLUVIAL PREDIAL","UN","CR",72]
["MATERIAL",6140,"BOLSA DE LIGACAO EM PVC FLEXIVEL PARA VASO SANITARIO 40 MM (1 1/2\")","UN","CR",42.54]
["MATERIAL",38399,"BOLSA DE LONA PARA FERRAMENTAS *50 X 35 X 25* CM","UN","CR",3.73]
["EQUIPAMENTO (AQUISIÇÃO)",729,"BOMBA CENTRIFUGA COM MOTOR ELETRICO MONOFASICO, POTENCIA 0,33 HP, BOCAIS 1\" X 3/4\", DIAMETRO DO ROTOR 99 MM, HM/Q = 4 MCA / 8,5 M3/H A 18 MCA / 0,90 M3/H","UN","C",164.21]
["EQUIPAMENTO (AQUISIÇÃO)",39925,"BOMBA CENTRIFUGA MONOESTAGIO COM MOTOR ELETRICO MONOFASICO, POTENCIA 15 HP, DIAMETRO DO ROTOR *173* MM, HM/Q = *30* MCA / *90* M3/H A *45* MCA / *55* M3/H","UN","CR",632]
["EQUIPAMENTO (AQUISIÇÃO)",731,"BOMBA CENTRIFUGA MOTOR ELETRICO MONOFASICO 0,49 HP BOCAIS 1\" X 3/4\", DIAMETRO DO ROTOR 110 MM, HM/Q: 6 M / 8,3 M3/H A 20 M / 1,2 M3/H","UN","CR",9132.34]
["EQUIPAMENTO (AQUISIÇÃO)",10575,"BOMBA CENTRIFUGA MOTOR ELETRICO MONOFASICO 0,50 CV DIAMETRO DE SUCCAO X ELEVACAO 3/4\" X 3/4\", MONOESTAGIO, DIAMETRO DOS ROTORES 114 MM, HM/Q: 2 M / 2,99 M3/H A 24 M / 0,71 M3/H","UN","CR",615.09]
["EQUIPAMENTO (AQUISIÇÃO)",733,"BOMBA CENTRIFUGA MOTOR ELETRICO MONOFASICO 0,74HP DIAMETRO DE SUCCAO X ELEVACAO 1 1/4\" X 1\", DIAMETRO DO ROTOR 120 MM, HM/Q: 8 M / 7,70 M3/H A 24 M / 2,80 M3/H","UN","CR",959.89]
["EQUIPAMENTO (AQUISIÇÃO)",732,"BOMBA CENTRIFUGA MOTOR ELETRICO TRIFASICO 0,99HP DIAMETRO DE SUCCAO X ELEVACAO 1\" X 1\", DIAMETRO DO ROTOR 145 MM, HM/Q: 14 M / 8,4 M3/H A 40 M / 0,60 M3/H","UN","CR",1050.97]
["EQUIPAMENTO (AQUISIÇÃO)",735,"BOMBA CENTRIFUGA MOTOR ELETRICO TRIFASICO 1,48HP DIAMETRO DE SUCCAO X ELEVACAO 1\" X 1\", 4 ESTAGIOS, DIAMETRO DOS ROTORES 3 X 107 MM + 1 X 100 MM, HM/Q: 10 M / 5,3 M3/H A 70 M / 1,8 M3/H","UN","CR",1036.8399999999999]
["EQUIPAMENTO (AQUISIÇÃO)",737,"BOMBA CENTRIFUGA MOTOR ELETRICO TRIFASICO 14,8 HP, DIAMETRO DE SUCCAO X ELEVACAO 2 1/2\" X 2\", DIAMETRO DO ROTOR 195 MM, HM/Q: 62 M / 55,5 M3/H A 80 M / 31,50 M3/H","UN","CR",1844.48]
["EQUIPAMENTO (AQUISIÇÃO)",736,"BOMBA CENTRIFUGA MOTOR ELETRICO TRIFASICO 2,96HP, DIAMETRO DE SUCCAO X ELEVACAO 1 1/2\" X 1 1/4\", DIAMETRO DO ROTOR 148 MM, HM/Q: 34 M / 14,80 M3/H A 40 M / 8,60 M3/H","UN","CR",5814.29]
["EQUIPAMENTO (AQUISIÇÃO)",738,"BOMBA CENTRIFUGA MOTOR ELETRICO TRIFASICO 5HP, DIAMETRO DE SUCCAO X ELEVACAO 2\" X 1 1/2\", DIAMETRO DO ROTOR 155 MM, HM/Q: 40 M / 20,40 M3/H A 46 M / 9,20 M3/H","UN","CR",1550.88]
["EQUIPAMENTO (AQUISIÇÃO)",740,"BOMBA CENTRIFUGA MOTOR ELETRICO TRIFASICO 9,86 DIAMETRO DE SUCCAO X ELEVACAO 1\" X 1\", 4 ESTAGIOS, DIAMETRO DOS ROTORES 4 X 146 MM, HM/Q: 85 M / 14,9 M3/H A 140 M / 4,2 M3/H","UN","CR",2696.05]
["EQUIPAMENTO (AQUISIÇÃO)",734,"BOMBA CENTRIFUGA, MOTOR ELETRICO TRIFASICO 1,48HP DIAMETRO DE SUCCAO X ELEVACAO 1 1/2\" X 1\", DIAMETRO DO ROTOR 117 MM, HM/Q: 10 M / 21,9 M3/H A 24 M / 6,1 M3/H","UN","CR",5469.72]
["EQUIPAMENTO (AQUISIÇÃO)",39008,"BOMBA DE PROJECAO DE CONCRETO SECO, POTENCIA 10 CV, VAZAO 3 M3/H","UN","CR",1111.49]
["EQUIPAMENTO (AQUISIÇÃO)",39009,"BOMBA DE PROJECAO DE CONCRETO SECO, POTENCIA 10 CV, VAZAO 6 M3/H","UN","CR",63389.58]
["EQUIPAMENTO (AQUISIÇÃO)",10587,"BOMBA SUBMERSA PARA POCOS TUBULARES PROFUNDOS DIAMETRO DE 4 POLEGADAS, ELETRICA, MONOFASICA, POTENCIA 0,49 HP, 13 ESTAGIOS, BOCAL DE DESCARGA DIAMETRO DE UMA POLEGADA E MEIA, HM/Q = 18 M / 1,90 M3/H A 85 M / 0,60 M3/H","UN","CR",67914.080000000002]
["EQUIPAMENTO (AQUISIÇÃO)",759,"BOMBA SUBMERSA PARA POCOS TUBULARES PROFUNDOS DIAMETRO DE 4 POLEGADAS, ELETRICA, TRIFASICA, POTENCIA 1,97 HP, 20 ESTAGIOS, BOCAL DE DESCARGA DIAMETRO DE UMA POLEGADA E MEIA, HM/Q = 18 M / 5,40 M3/H A 164 M / 0,80 M3/H","UN","CR",2803.21]
["EQUIPAMENTO (AQUISIÇÃO)",761,"BOMBA SUBMERSA PARA POCOS TUBULARES PROFUNDOS DIAMETRO DE 4 POLEGADAS, ELETRICA, TRIFASICA, POTENCIA 5,42 HP, 15 ESTAGIOS, BOCAL DE DESCARGA DIAMETRO DE 2 POLEGADAS, HM/Q = 18 M / 18,10 M3/H A 121 M / 2,90 M3/H","UN","CR",4030.46]
["EQUIPAMENTO (AQUISIÇÃO)",750,"BOMBA SUBMERSA PARA POCOS TUBULARES PROFUNDOS DIAMETRO DE 4 POLEGADAS, ELETRICA, TRIFASICA, POTENCIA 5,42 HP, 29 ESTAGIOS, BOCAL DE DESCARGA DE UMA POLEGADA E MEIA, HM/Q = 18 M / 8,10 M3/H A 201 M / 3,2 M3/H","UN","CR",6831.97]
["EQUIPAMENTO (AQUISIÇÃO)",755,"BOMBA SUBMERSA PARA POCOS TUBULARES PROFUNDOS DIAMETRO DE 6 POLEGADAS, ELETRICA, TRIFASICA, POTENCIA 27,12 HP, 7 ESTAGIOS, BOCAL DE DESCARGA DIAMETRO DE 4 POLEGADAS, HM/Q = 13,9 M / 90 M3/H A 44,0 M / 25,0 M3/H","UN","CR",6486.41]
["EQUIPAMENTO (AQUISIÇÃO)",749,"BOMBA SUBMERSA PARA POCOS TUBULARES PROFUNDOS DIAMETRO DE 6 POLEGADAS, ELETRICA, TRIFASICA, POTENCIA 3,45 HP, 5 ESTAGIOS, BOCAL DE DESCARGA DIAMETRO DE 2 POLEGADAS, HM/Q = 68,5 M / 6,12 M3/H A 39,5 M / 14,04 M3/H","UN","CR",26617.09]
["EQUIPAMENTO (AQUISIÇÃO)",756,"BOMBA SUBMERSA PARA POCOS TUBULARES PROFUNDOS DIAMETRO DE 6 POLEGADAS, ELETRICA, TRIFASICA, POTENCIA 32 HP, 9 ESTAGIOS, BOCAL DE DESCARGA DIAMETRO DE 4 POLEGADAS, HM/Q = 114,0 M / 13,9 M3/H A 57,0 M / 25,0 M3/H","UN","CR",9789.27]
["EQUIPAMENTO (AQUISIÇÃO)",10588,"BOMBA SUBMERSIVEL, ELETRICA, TRIFASICA, POTENCIA 0,98 HP, DIAMETRO DO ROTOR 142 MM SEMIABERTO, BOCAL DE SAIDA DIAMETRO DE 2 POLEGADAS, HM/Q = 2 M / 32 M3/H A 8 M / 16 M3/H","UN","CR",29029.5]
["EQUIPAMENTO (AQUISIÇÃO)",10592,"BOMBA SUBMERSIVEL, ELETRICA, TRIFASICA, POTENCIA 0,99 HP, DIAMETRO ROTOR 98 MM SEMIABERTO, BOCAL DE SAIDA DIAMETRO 2 POLEGADAS, HM/Q = 2 M / 28,90 M3/H A 14 M / 7 M3/H","UN","C",2910.09]
["EQUIPAMENTO (AQUISIÇÃO)",10589,"BOMBA SUBMERSIVEL, ELETRICA, TRIFASICA, POTENCIA 1,97 HP, DIAMETRO DO ROTOR 144 MM SEMIABERTO, BOCAL DE SAIDA DIAMETRO DE 2 POLEGADAS, HM/Q = 2 M / 26,8 M3/H A 28 M / 4,6 M3/H","UN","CR",3515]
["EQUIPAMENTO (AQUISIÇÃO)",760,"BOMBA SUBMERSIVEL, ELETRICA, TRIFASICA, POTENCIA 13 HP, DIAMETRO DO ROTOR 170 MM, BOCAL DE SAIDA DIAMETRO DE 3 POLEGADAS, HM/Q = 11 M / 68,40 M3/H A 72 M / 3,6 M3/H","UN","CR",4722.18]
["EQUIPAMENTO (AQUISIÇÃO)",751,"BOMBA SUBMERSIVEL, ELETRICA, TRIFASICA, POTENCIA 2,96 HP, DIAMETRO DO ROTOR 144 MM SEMIABERTO, BOCAL DE SAIDA DIAMETRO DE DUAS POLEGADAS, HM/Q = 2 M / 38,8 M3/H A 28 M / 5 M3/H","UN","CR",26362.5]
["EQUIPAMENTO (AQUISIÇÃO)",754,"BOMBA SUBMERSIVEL, ELETRICA, TRIFASICA, POTENCIA 3,75 HP, DIAMETRO DO ROTOR 90 MM SEMIABERTO, BOCAL DE SAIDA DIAMETRO DE 2 POLEGADAS, HM/Q = 5 M / 61,2 M3/H A 25,5 M / 3,6 M3/H","UN","CR",4152.09]
["EQUIPAMENTO (AQUISIÇÃO)",757,"BOMBA SUBMERSIVEL, ELETRICA, TRIFASICA, POTENCIA 6 HP, DIAMETRO DO ROTOR 127 MM, BOCAL DE SAIDA DIAMETRO DE 3 POLEGADAS, HM/Q = 7 M / 66,90 M3/H A 26 M / 2,88 M3/H","UN","CR",6590.62]
["EQUIPAMENTO (AQUISIÇÃO)",44489,"BOMBA TRIPLEX COM MOTOR A DIESEL, NACIONAL, DIAMETRO DE SUCCAO DE 2 1/2\"","UN","CR",13181.25]
["EQUIPAMENTO (AQUISIÇÃO)",39917,"BOMBA TRIPLEX, PARA INJECAO DE CALDA DE CIMENTO, VAZAO MAXIMA DE *100* LITROS/MINUTO, PRESSAO MAXIMA DE *70* BAR, POTENCIA DE 15 CV","UN","CR",157114.91]
["MATERIAL",38167,"BORBOLETA PARA JANELA TIPO GUILHOTINA, EM ZAMAC CROMADO","PAR","CR",97370.98]
["MATERIAL",36145,"BOTA DE PVC PRETA, CANO MEDIO, SEM FORRO","PAR","CR",30.24]
["MATERIAL",12893,"BOTA DE SEGURANCA COM BIQUEIRA DE ACO E COLARINHO ACOLCHOADO","PAR","CR",50.25]
["MATERIAL",11685,"BRACO / CANO PARA CHUVEIRO ELETRICO, EM ALUMINIO, 30 CM X 1/2\"","UN","CR",88.44]
["MATERIAL",11680,"BRACO OU HASTE COM CANOPLA PLASTICA, 1/2 \", PARA CHUVEIRO SIMPLES","UN","CR",40.020000000000003]
["MATERIAL",11679,"BRACO OU HASTE RETA COM CANOPLA PLASTICA, 1/2 \", PARA CHUVEIRO ELETRICO","UN","CR",12.95]
["MATERIAL",2512,"BRACO P/ LUMINARIA PUBLICA 1 X 1,50M ROMAGNOLE OU EQUIV","UN","CR",17.559999999999999]
["MATERIAL",4374,"BUCHA DE NYLON SEM ABA S10","UN","CR"]
["MATERIAL",7568,"BUCHA DE NYLON SEM ABA S10, COM PARAFUSO DE 6,10 X 65 MM EM ACO ZINCADO COM ROSCA SOBERBA, CABECA CHATA E FENDA PHILLIPS","UN","CR",7.04]
["MATERIAL",7584,"BUCHA DE NYLON SEM ABA S12, COM PARAFUSO DE 5/16\" X 80 MM EM ACO ZINCADO COM ROSCA SOBERBA E CABECA SEXTAVADA","UN","CR",0.59]
["MATERIAL",11945,"BUCHA DE NYLON SEM ABA S4","UN","CR",0.98]
["MATERIAL",11946,"BUCHA DE NYLON SEM ABA S5","UN","CR",1.49]
["MATERIAL",4375,"BUCHA DE NYLON SEM ABA S6","UN","C",0.09]
["MATERIAL",11950,"BUCHA DE NYLON SEM ABA S6, COM PARAFUSO DE 4,20 X 40 MM EM ACO ZINCADO COM ROSCA SOBERBA, CABECA CHATA E FENDA PHILLIPS","UN","CR",0.11]
["MATERIAL",4376,"BUCHA DE NYLON SEM ABA S8","UN","CR",0.16]
["MATERIAL",7583,"BUCHA DE NYLON SEM ABA S8, COM PARAFUSO DE 4,80 X 50 MM EM ACO ZINCADO COM ROSCA SOBERBA, CABECA CHATA E FENDA PHILLIPS","UN","CR",0.33]
["MATERIAL",4350,"BUCHA DE NYLON, DIAMETRO DO FURO 8 MM, COMPRIMENTO 40 MM, COM PARAFUSO DE ROSCA SOBERBA, CABECA CHATA, FENDA SIMPLES, 4,8 X 50 MM","UN","CR",0.31]
["MATERIAL",44400,"BUCHA DE REDUCAO CPVC, SOLDAVEL, 54 X 28 MM, PARA AGUA QUENTE","UN","CR",0.67]
["MATERIAL",39886,"BUCHA DE REDUCAO DE COBRE SEM ANEL DE SOLDA, PONTA X BOLSA, 22 X 15 MM","UN","CR",0.99]
["MATERIAL",39887,"BUCHA DE REDUCAO DE COBRE SEM ANEL DE SOLDA, PONTA X BOLSA, 28 X 22 MM","UN","CR",31.94]
["MATERIAL",39888,"BUCHA DE REDUCAO DE COBRE SEM ANEL DE SOLDA, PONTA X BOLSA, 35 X 28 MM","UN","CR"]
["MATERIAL",39890,"BUCHA DE REDUCAO DE COBRE SEM ANEL DE SOLDA, PONTA X BOLSA, 42 X 35 MM","UN","CR"]
["MATERIAL",39891,"BUCHA DE REDUCAO DE COBRE SEM ANEL DE SOLDA, PONTA X BOLSA, 54 X 42 MM","UN","CR"]
["MATERIAL",39892,"BUCHA DE REDUCAO DE COBRE SEM ANEL DE SOLDA, PONTA X BOLSA, 66 X 54 MM","UN","CR"]
["MATERIAL",790,"BUCHA DE REDUCAO DE FERRO GALVANIZADO, COM ROSCA BSP, DE 1 1/2\" X 1 1/4\"","UN","CR"]
["MATERIAL",791,"BUCHA DE REDUCAO DE FERRO GALVANIZADO, COM ROSCA BSP, DE 1 1/2\" X 1\"","UN","CR"]
["MATERIAL",766,"BUCHA DE REDUCAO DE FERRO GALVANIZADO, COM ROSCA BSP, DE 1 1/2\" X 1/2\"","UN","CR"]
["MATERIAL",767,"BUCHA DE REDUCAO DE FERRO GALVANIZADO, COM ROSCA BSP, DE 1 1/2\" X 3/4\"","UN","CR"]
["MATERIAL",789,"BUCHA DE REDUCAO DE FERRO GALVANIZADO, COM ROSCA BSP, DE 1 1/4\" X 1\"","UN","CR"]
["MATERIAL",768,"BUCHA DE REDUCAO DE FERRO GALVANIZADO, COM ROSCA BSP, DE 1 1/4\" X 1/2\"","UN","CR"]
["MATERIAL",769,"BUCHA DE REDUCAO DE FERRO GALVANIZADO, COM ROSCA BSP, DE 1 1/4\" X 3/4\"","UN","CR"]
["MATERIAL",764,"BUCHA DE REDUCAO DE FERRO GALVANIZADO, COM ROSCA BSP, DE 1\" X 1/2\"","UN","C"]
["MATERIAL",765,"BUCHA DE REDUCAO DE FERRO GALVANIZADO, COM ROSCA BSP, DE 1\" X 3/4\"","UN","CR"]
["MATERIAL",770,"BUCHA DE REDUCAO DE FERRO GALVANIZADO, COM ROSCA BSP, DE 1/2\" X 1/4\"","UN","CR"]
["MATERIAL",12394,"BUCHA DE REDUCAO DE FERRO GALVANIZADO, COM ROSCA BSP, DE 1/2\" X 3/8\"","UN","CR"]
["MATERIAL",787,"BUCHA DE REDUCAO DE FERRO GALVANIZADO, COM ROSCA BSP, DE 2 1/2\" X 1 1/2\"","UN","CR"]
["MATERIAL",774,"BUCHA DE REDUCAO DE FERRO GALVANIZADO, COM ROSCA BSP, DE 2 1/2\" X 1 1/4\"","UN","CR"]
["MATERIAL",773,"BUCHA DE REDUCAO DE FERRO GALVANIZADO, COM ROSCA BSP, DE 2 1/2\" X 1\"","UN","CR"]
["MATERIAL",775,"BUCHA DE REDUCAO DE FERRO GALVANIZADO, COM ROSCA BSP, DE 2 1/2\" X 2\"","UN","CR"]
["MATERIAL",788,"BUCHA DE REDUCAO DE FERRO GALVANIZADO, COM ROSCA BSP, DE 2\" X 1 1/2\"","UN","CR"]
["MATERIAL",772,"BUCHA DE REDUCAO DE FERRO GALVANIZADO, COM ROSCA BSP, DE 2\" X 1 1/4\"","UN","CR"]
["MATERIAL",771,"BUCHA DE REDUCAO DE FERRO GALVANIZADO, COM ROSCA BSP, DE 2\" X 1\"","UN","CR"]
["MATERIAL",776,"BUCHA DE REDUCAO DE FERRO GALVANIZADO, COM ROSCA BSP, DE 3\" X 1 1/2\"","UN","CR"]
["MATERIAL",777,"BUCHA DE REDUCAO DE FERRO GALVANIZADO, COM ROSCA BSP, DE 3\" X 1 1/4\"","UN","CR"]
["MATERIAL",780,"BUCHA DE REDUCAO DE FERRO GALVANIZADO, COM ROSCA BSP, DE 3\" X 2 1/2\"","UN","CR"]
["MATERIAL",778,"BUCHA DE REDUCAO DE FERRO GALVANIZADO, COM ROSCA BSP, DE 3\" X 2\"","UN","CR"]
["MATERIAL",779,"BUCHA DE REDUCAO DE FERRO GALVANIZADO, COM ROSCA BSP, DE 3/4\" X 1/2\"","UN","CR"]
["MATERIAL",781,"BUCHA DE REDUCAO DE FERRO GALVANIZADO, COM ROSCA BSP, DE 4\" X 2 1/2\"","UN","CR"]
["MATERIAL",786,"BUCHA DE REDUCAO DE FERRO GALVANIZADO, COM ROSCA BSP, DE 4\" X 2\"","UN","CR"]
["MATERIAL",782,"BUCHA DE REDUCAO DE FERRO GALVANIZADO, COM ROSCA BSP, DE 4\" X 3\"","UN","CR"]
["MATERIAL",783,"BUCHA DE REDUCAO DE FERRO GALVANIZADO, COM ROSCA BSP, DE 5\" X 4\"","UN","CR"]
["MATERIAL",785,"BUCHA DE REDUCAO DE FERRO GALVANIZADO, COM ROSCA BSP, DE 6\" X 4\"","UN","CR"]
["MATERIAL",784,"BUCHA DE REDUCAO DE FERRO GALVANIZADO, COM ROSCA BSP, DE 6\" X 5\"","UN","CR"]
["MATERIAL",828,"BUCHA DE REDUCAO DE PVC, SOLDAVEL, CURTA, COM 25 X 20 MM, PARA AGUA FRIA PREDIAL","UN","CR"]
["MATERIAL",829,"BUCHA DE REDUCAO DE PVC, SOLDAVEL, CURTA, COM 32 X 25 MM, PARA AGUA FRIA PREDIAL","UN","CR"]
["MATERIAL",812,"BUCHA DE REDUCAO DE PVC, SOLDAVEL, CURTA, COM 40 X 32 MM, PARA AGUA FRIA PREDIAL","UN","CR",0.57999999999999996]
["MATERIAL",819,"BUCHA DE REDUCAO DE PVC, SOLDAVEL, CURTA, COM 50 X 40 MM, PARA AGUA FRIA PREDIAL","UN","CR",0.94]
["MATERIAL",818,"BUCHA DE REDUCAO DE PVC, SOLDAVEL, CURTA, COM 60 X 50 MM, PARA AGUA FRIA PREDIAL","UN","CR",2.0699999999999998]
["MATERIAL",20086,"BUCHA DE REDUCAO DE PVC, SOLDAVEL, LONGA, 50 X 40 MM, PARA ESGOTO PREDIAL","UN","CR",3.6]
["MATERIAL",832,"BUCHA DE REDUCAO DE PVC, SOLDAVEL, LONGA, COM 32 X 20 MM, PARA AGUA FRIA PREDIAL","UN","CR",6.71]
["MATERIAL",834,"BUCHA DE REDUCAO DE PVC, SOLDAVEL, LONGA, COM 40 X 25 MM, PARA AGUA FRIA PREDIAL","UN","CR",2.4300000000000002]
["MATERIAL",813,"BUCHA DE REDUCAO DE PVC, SOLDAVEL, LONGA, COM 50 X 25 MM, PARA AGUA FRIA PREDIAL","UN","CR",2.77]
["MATERIAL",820,"BUCHA DE REDUCAO DE PVC, SOLDAVEL, LONGA, COM 50 X 32 MM, PARA AGUA FRIA PREDIAL","UN","CR",3.59]
["MATERIAL",816,"BUCHA DE REDUCAO DE PVC, SOLDAVEL, LONGA, COM 60 X 25 MM, PARA AGUA FRIA PREDIAL","UN","CR",4.18]
["MATERIAL",814,"BUCHA DE REDUCAO DE PVC, SOLDAVEL, LONGA, COM 60 X 32 MM, PARA AGUA FRIA PREDIAL","UN","CR",5.62]
["MATERIAL",822,"BUCHA DE REDUCAO DE PVC, SOLDAVEL, LONGA, COM 60 X 50 MM, PARA AGUA FRIA PREDIAL","UN","CR",10.02]
["MATERIAL",821,"BUCHA DE REDUCAO DE PVC, SOLDAVEL, LONGA, COM 75 X 50 MM, PARA AGUA FRIA PREDIAL","UN","CR",12.45]
["MATERIAL",39191,"BUCHA DE REDUCAO EM ALUMINIO, COM ROSCA, DE 1 1/2\" X 1 1/4\", PARA ELETRODUTO","UN","CR",16.25]
["MATERIAL",39190,"BUCHA DE REDUCAO EM ALUMINIO, COM ROSCA, DE 1 1/2\" X 1\", PARA ELETRODUTO","UN","CR",18.59]
["MATERIAL",39189,"BUCHA DE REDUCAO EM ALUMINIO, COM ROSCA, DE 1 1/2\" X 3/4\", PARA ELETRODUTO","UN","CR",21.77]
["MATERIAL",39188,"BUCHA DE REDUCAO EM ALUMINIO, COM ROSCA, DE 1 1/4\" X 1\", PARA ELETRODUTO","UN","CR",22.74]
["MATERIAL",39186,"BUCHA DE REDUCAO EM ALUMINIO, COM ROSCA, DE 1 1/4\" X 1/2\", PARA ELETRODUTO","UN","CR",24.07]
["MATERIAL",39187,"BUCHA DE REDUCAO EM ALUMINIO, COM ROSCA, DE 1 1/4\" X 3/4\", PARA ELETRODUTO","UN","CR",17.72]
["MATERIAL",39184,"BUCHA DE REDUCAO EM ALUMINIO, COM ROSCA, DE 1\" X 1/2\", PARA ELETRODUTO","UN","CR",21.54]
["MATERIAL",39185,"BUCHA DE REDUCAO EM ALUMINIO, COM ROSCA, DE 1\" X 3/4\", PARA ELETRODUTO","UN","CR",18.57]
["MATERIAL",39198,"BUCHA DE REDUCAO EM ALUMINIO, COM ROSCA, DE 2 1/2\" X 1 1/2\", PARA ELETRODUTO","UN","CR",6.99]
["MATERIAL",39197,"BUCHA DE REDUCAO EM ALUMINIO, COM ROSCA, DE 2 1/2\" X 1 1/4\", PARA ELETRODUTO","UN","CR",6.37]
["MATERIAL",39196,"BUCHA DE REDUCAO EM ALUMINIO, COM ROSCA, DE 2 1/2\" X 1\", PARA ELETRODUTO","UN","CR",71.430000000000007]
["MATERIAL",39199,"BUCHA DE REDUCAO EM ALUMINIO, COM ROSCA, DE 2 1/2\" X 2\", PARA ELETRODUTO","UN","CR",74.62]
["MATERIAL",39195,"BUCHA DE REDUCAO EM ALUMINIO, COM ROSCA, DE 2\" X 1 1/2\", PARA ELETRODUTO","UN","CR",76.95]
["MATERIAL",39194,"BUCHA DE REDUCAO EM ALUMINIO, COM ROSCA, DE 2\" X 1 1/4\", PARA ELETRODUTO","UN","CR",68.739999999999995]
["MATERIAL",39193,"BUCHA DE REDUCAO EM ALUMINIO, COM ROSCA, DE 2\" X 1\", PARA ELETRODUTO","UN","CR",39.68]
["MATERIAL",39192,"BUCHA DE REDUCAO EM ALUMINIO, COM ROSCA, DE 2\" X 3/4\", PARA ELETRODUTO","UN","CR",42.46]
["MATERIAL",39201,"BUCHA DE REDUCAO EM ALUMINIO, COM ROSCA, DE 3\" X 1 1/2\", PARA ELETRODUTO","UN","CR",46.54]
["MATERIAL",39200,"BUCHA DE REDUCAO EM ALUMINIO, COM ROSCA, DE 3\" X 1 1/4\", PARA ELETRODUTO","UN","CR",48.41]
["MATERIAL",39203,"BUCHA DE REDUCAO EM ALUMINIO, COM ROSCA, DE 3\" X 2 1/2\", PARA ELETRODUTO","UN","CR",85.4]
["MATERIAL",39202,"BUCHA DE REDUCAO EM ALUMINIO, COM ROSCA, DE 3\" X 2\", PARA ELETRODUTO","UN","CR",86.09]
["MATERIAL",39920,"BUCHA DE REDUCAO EM ALUMINIO, COM ROSCA, DE 3/4\" X 1/2\",  PARA ELETRODUTO","UN","CR",69.510000000000005]
["MATERIAL",39205,"BUCHA DE REDUCAO EM ALUMINIO, COM ROSCA, DE 4\" X 2 1/2\", PARA ELETRODUTO","UN","CR",81.650000000000006]
["MATERIAL",39204,"BUCHA DE REDUCAO EM ALUMINIO, COM ROSCA, DE 4\" X 2\", PARA ELETRODUTO","UN","CR",5.86]
["MATERIAL",39206,"BUCHA DE REDUCAO EM ALUMINIO, COM ROSCA, DE 4\" X 3\", PARA ELETRODUTO","UN","CR",136.22999999999999]
["MATERIAL",798,"BUCHA DE REDUCAO PVC ROSCAVEL 3/4\" X 1/2\"","UN","CR",139.52000000000001]
["MATERIAL",797,"BUCHA DE REDUCAO PVC, ROSCAVEL 1 1/2\" X 1\"","UN","CR",132.36000000000001]
["MATERIAL",796,"BUCHA DE REDUCAO PVC, ROSCAVEL, 1 1/2\" X 3/4\"","UN","CR",1.1599999999999999]
["MATERIAL",799,"BUCHA DE REDUCAO PVC, ROSCAVEL, 1\" X 1/2\"","UN","CR",8.41]
["MATERIAL",792,"BUCHA DE REDUCAO PVC, ROSCAVEL, 1\" X 3/4\"","UN","CR",7.15]
["MATERIAL",38001,"BUCHA DE REDUCAO, CPVC, SOLDAVEL, 22 X 15 MM, PARA AGUA QUENTE","UN","CR",3.46]
["MATERIAL",38002,"BUCHA DE REDUCAO, CPVC, SOLDAVEL, 28 X 22 MM, PARA AGUA QUENTE","UN","CR",3.35]
["MATERIAL",38003,"BUCHA DE REDUCAO, CPVC, SOLDAVEL, 35 X 28 MM, PARA AGUA QUENTE","UN","CR",1.18]
["MATERIAL",38004,"BUCHA DE REDUCAO, CPVC, SOLDAVEL, 42 X 22 MM, PARA AGUA QUENTE","UN","CR",4.12]
["MATERIAL",44263,"BUCHA DE REDUCAO, CPVC, SOLDAVEL, 54 X 35 MM, PARA AGUA QUENTE","UN","CR",28.16]
["MATERIAL",36327,"BUCHA DE REDUCAO, PPR, DN 25 X 20 MM, PARA AGUA QUENTE PREDIAL","UN","CR",32.39]
["MATERIAL",38992,"BUCHA DE REDUCAO, PPR, DN 32 X 25 MM, PARA AGUA QUENTE E FRIA PREDIAL","UN","CR",58.15]
["MATERIAL",38993,"BUCHA DE REDUCAO, PPR, DN 40 X 25 MM, PARA AGUA QUENTE E FRIA PREDIAL","UN","CR"]
["MATERIAL",44175,"BUCHA DE REDUCAO, PPR, DN 50 X 25 MM, PARA AGUA QUENTE E FRIA PREDIAL","UN","CR"]
["MATERIAL",44177,"BUCHA DE REDUCAO, PPR, DN 50 X 32 MM, PARA AGUA QUENTE E FRIA PREDIAL","UN","CR"]
["MATERIAL",38418,"BUCHA DE REDUCAO, PVC, LONGA, SERIE R, DN 50 X 40 MM, PARA ESGOTO PREDIAL","UN","CR"]
["MATERIAL",39178,"BUCHA EM ALUMINIO, COM ROSCA, DE 1 1/2\", PARA ELETRODUTO","UN","CR"]
["MATERIAL",39177,"BUCHA EM ALUMINIO, COM ROSCA, DE 1 1/4\", PARA ELETRODUTO","UN","CR",4.18]
["MATERIAL",39176,"BUCHA EM ALUMINIO, COM ROSCA, DE 1\", PARA ELETRODUTO","UN","CR",2.35]
["MATERIAL",39174,"BUCHA EM ALUMINIO, COM ROSCA, DE 1/2\", PARA ELETRODUTO","UN","CR",2.13]
["MATERIAL",39180,"BUCHA EM ALUMINIO, COM ROSCA, DE 2 1/2\", PARA ELETRODUTO","UN","CR",1.39]
["MATERIAL",39179,"BUCHA EM ALUMINIO, COM ROSCA, DE 2\", PARA ELETRODUTO","UN","CR",1.06]
["MATERIAL",39181,"BUCHA EM ALUMINIO, COM ROSCA, DE 3\", PARA ELETRODUTO","UN","CR",6.39]
["MATERIAL",39175,"BUCHA EM ALUMINIO, COM ROSCA, DE 3/4\", PARA ELETRODUTO","UN","CR",5.66]
["MATERIAL",39217,"BUCHA EM ALUMINIO, COM ROSCA, DE 3/8\", PARA ELETRODUTO","UN","CR",8.57]
["MATERIAL",39182,"BUCHA EM ALUMINIO, COM ROSCA, DE 4\", PARA ELETRODUTO","UN","CR",1.3]
["MATERIAL",12616,"CABECEIRA DIREITA OU ESQUERDA, PVC, PARA CALHA PLUVIAL, DIAMETRO ENTRE *119 E 170* MM, PARA DRENAGEM PLUVIAL PREDIAL","UN","CR",1]
["MATERIAL",1049,"CABECOTE PARA ENTRADA DE LINHA DE ALIMENTACAO PARA ELETRODUTO, EM LIGA DE ALUMINIO COM ACABAMENTO ANTI CORROSIVO, COM FIXACAO POR ENCAIXE LISO DE 360 GRAUS, DE 1 1/2\"","UN","CR",12.06]
["MATERIAL",1099,"CABECOTE PARA ENTRADA DE LINHA DE ALIMENTACAO PARA ELETRODUTO, EM LIGA DE ALUMINIO COM ACABAMENTO ANTI CORROSIVO, COM FIXACAO POR ENCAIXE LISO DE 360 GRAUS, DE 1 1/4\"","UN","CR",12.9]
["MATERIAL",1050,"CABECOTE PARA ENTRADA DE LINHA DE ALIMENTACAO PARA ELETRODUTO, EM LIGA DE ALUMINIO COM ACABAMENTO ANTI CORROSIVO, COM FIXACAO POR ENCAIXE LISO DE 360 GRAUS, DE 1\"","UN","CR",10.09]
["MATERIAL",39678,"CABECOTE PARA ENTRADA DE LINHA DE ALIMENTACAO PARA ELETRODUTO, EM LIGA DE ALUMINIO COM ACABAMENTO ANTI CORROSIVO, COM FIXACAO POR ENCAIXE LISO DE 360 GRAUS, DE 1/2\"","UN","CR",7.72]
["MATERIAL",1101,"CABECOTE PARA ENTRADA DE LINHA DE ALIMENTACAO PARA ELETRODUTO, EM LIGA DE ALUMINIO COM ACABAMENTO ANTI CORROSIVO, COM FIXACAO POR ENCAIXE LISO DE 360 GRAUS, DE 2 1/2\"","UN","CR",5.28]
["MATERIAL",1100,"CABECOTE PARA ENTRADA DE LINHA DE ALIMENTACAO PARA ELETRODUTO, EM LIGA DE ALUMINIO COM ACABAMENTO ANTI CORROSIVO, COM FIXACAO POR ENCAIXE LISO DE 360 GRAUS, DE 2\"","UN","CR",3.11]
["MATERIAL",39679,"CABECOTE PARA ENTRADA DE LINHA DE ALIMENTACAO PARA ELETRODUTO, EM LIGA DE ALUMINIO COM ACABAMENTO ANTI CORROSIVO, COM FIXACAO POR ENCAIXE LISO DE 360 GRAUS, DE 3 1/2\"","UN","CR",33.29]
["MATERIAL",1102,"CABECOTE PARA ENTRADA DE LINHA DE ALIMENTACAO PARA ELETRODUTO, EM LIGA DE ALUMINIO COM ACABAMENTO ANTI CORROSIVO, COM FIXACAO POR ENCAIXE LISO DE 360 GRAUS, DE 3\"","UN","CR",17.18]
["MATERIAL",1098,"CABECOTE PARA ENTRADA DE LINHA DE ALIMENTACAO PARA ELETRODUTO, EM LIGA DE ALUMINIO COM ACABAMENTO ANTI CORROSIVO, COM FIXACAO POR ENCAIXE LISO DE 360 GRAUS, DE 3/4\"","UN","CR",66.349999999999994]
["MATERIAL",1051,"CABECOTE PARA ENTRADA DE LINHA DE ALIMENTACAO PARA ELETRODUTO, EM LIGA DE ALUMINIO COM ACABAMENTO ANTI CORROSIVO, COM FIXACAO POR ENCAIXE LISO DE 360 GRAUS, DE 4\"","UN","CR",49.64]
["MATERIAL",37399,"CABIDE/GANCHO DE BANHEIRO SIMPLES EM METAL CROMADO","UN","CR",4.12]
["MATERIAL",43834,"CABO COAXIAL RG11 95% DE MALHA","M","CR",72.150000000000006]
["MATERIAL",43835,"CABO COAXIAL RG59 95% DE MALHA","M","CR",48.37]
["MATERIAL",43833,"CABO COAXIAL RG6 95% DE MALHA","M","CR",18.579999999999998]
["MATERIAL",41955,"CABO DE ACO GALVANIZADO, DIAMETRO 12,7 MM (1/2\"), COM ALMA DE ACO CABO INDEPENDENTE 6 X 25 F","KG","CR",1.66]
["MATERIAL",41953,"CABO DE ACO GALVANIZADO, DIAMETRO 12,7 MM (1/2\"), COM ALMA DE FIBRA 6 X 25 F","KG","CR",1.73]
["MATERIAL",41954,"CABO DE ACO GALVANIZADO, DIAMETRO 9,53 MM (3/8\"), COM ALMA DE FIBRA 6 X 25 F","KG","CR",56.36]
["MATERIAL",25004,"CABO DE ALUMINIO NU COM ALMA DE ACO, BITOLA 1/0 AWG","KG","CR",53.78]
["MATERIAL",25002,"CABO DE ALUMINIO NU COM ALMA DE ACO, BITOLA 2 AWG","KG","CR",53.27]
["MATERIAL",37409,"CABO DE ALUMINIO NU COM ALMA DE ACO, BITOLA 2/0 AWG","KG","CR",51.21]
["MATERIAL",841,"CABO DE ALUMINIO NU COM ALMA DE ACO, BITOLA 4 AWG","KG","CR",51.21]
["MATERIAL",25005,"CABO DE ALUMINIO NU SEM ALMA DE ACO, BITOLA 1/0 AWG","KG","CR",51.21]
["MATERIAL",25003,"CABO DE ALUMINIO NU SEM ALMA DE ACO, BITOLA 2 AWG","KG","CR",51.83]
["MATERIAL",37410,"CABO DE ALUMINIO NU SEM ALMA DE ACO, BITOLA 2/0 AWG","KG","CR",56.19]
["MATERIAL",842,"CABO DE ALUMINIO NU SEM ALMA DE ACO, BITOLA 4 AWG","KG","CR",57.04]
["MATERIAL",44391,"CABO DE COBRE FLEXIVEL NAO HALOGENADO, SEM EMISSAO DE FUMACA, 750V, SECAO NOMINAL 120 MM","M","CR",56.19]
["MATERIAL",44388,"CABO DE COBRE FLEXIVEL NAO HALOGENADO, SEM EMISSAO DE FUMACA, 750V, SECAO NOMINAL 2,5 MM","M","CR",56.99]
["MATERIAL",44392,"CABO DE COBRE FLEXIVEL NAO HALOGENADO, SEM EMISSAO DE FUMACA, 750V, SECAO NOMINAL 240 MM","M","CR",121.43]
["MATERIAL",44390,"CABO DE COBRE FLEXIVEL NAO HALOGENADO, SEM EMISSAO DE FUMACA, 750V, SECAO NOMINAL 50 MM","M","CR",2.63]
["MATERIAL",44389,"CABO DE COBRE FLEXIVEL NAO HALOGENADO, SEM EMISSAO DE FUMACA, 750V, SECAO NOMINAL 6,0 MM","M","CR",241.79]
["MATERIAL",862,"CABO DE COBRE NU 10 MM2 MEIO-DURO","M","CR",51.23]
["MATERIAL",866,"CABO DE COBRE NU 120 MM2 MEIO-DURO","M","CR",6.05]
["MATERIAL",892,"CABO DE COBRE NU 150 MM2 MEIO-DURO","M","CR",11.08]
["MATERIAL",857,"CABO DE COBRE NU 16 MM2 MEIO-DURO","M","CR",140.79]
["MATERIAL",37404,"CABO DE COBRE NU 185 MM2 MEIO-DURO","M","CR",170.43]
["MATERIAL",868,"CABO DE COBRE NU 25 MM2 MEIO-DURO","M","CR",18.53]
["MATERIAL",863,"CABO DE COBRE NU 35 MM2 MEIO-DURO","M","CR",197.18]
["MATERIAL",867,"CABO DE COBRE NU 50 MM2 MEIO-DURO","M","CR",26.42]
["MATERIAL",864,"CABO DE COBRE NU 70 MM2 MEIO-DURO","M","CR",38.9]
["MATERIAL",865,"CABO DE COBRE NU 95 MM2 MEIO-DURO","M","CR",55.42]
["MATERIAL",39251,"CABO DE COBRE, FLEXIVEL, CLASSE 4 OU 5, ISOLACAO EM PVC/A, ANTICHAMA BWF-B, 1 CONDUTOR, 450/750 V, SECAO NOMINAL 0,5 MM2","M","CR",73.209999999999994]
["MATERIAL",1011,"CABO DE COBRE, FLEXIVEL, CLASSE 4 OU 5, ISOLACAO EM PVC/A, ANTICHAMA BWF-B, 1 CONDUTOR, 450/750 V, SECAO NOMINAL 0,75 MM2","M","CR",105.3]
["MATERIAL",39252,"CABO DE COBRE, FLEXIVEL, CLASSE 4 OU 5, ISOLACAO EM PVC/A, ANTICHAMA BWF-B, 1 CONDUTOR, 450/750 V, SECAO NOMINAL 1,0 MM2","M","CR",0.69]
["MATERIAL",1013,"CABO DE COBRE, FLEXIVEL, CLASSE 4 OU 5, ISOLACAO EM PVC/A, ANTICHAMA BWF-B, 1 CONDUTOR, 450/750 V, SECAO NOMINAL 1,5 MM2","M","CR",0.94]
["MATERIAL",980,"CABO DE COBRE, FLEXIVEL, CLASSE 4 OU 5, ISOLACAO EM PVC/A, ANTICHAMA BWF-B, 1 CONDUTOR, 450/750 V, SECAO NOMINAL 10 MM2","M","CR",1.24]
["MATERIAL",39237,"CABO DE COBRE, FLEXIVEL, CLASSE 4 OU 5, ISOLACAO EM PVC/A, ANTICHAMA BWF-B, 1 CONDUTOR, 450/750 V, SECAO NOMINAL 120 MM2","M","CR",1.48]
["MATERIAL",39238,"CABO DE COBRE, FLEXIVEL, CLASSE 4 OU 5, ISOLACAO EM PVC/A, ANTICHAMA BWF-B, 1 CONDUTOR, 450/750 V, SECAO NOMINAL 150 MM2","M","CR",10.71]
["MATERIAL",979,"CABO DE COBRE, FLEXIVEL, CLASSE 4 OU 5, ISOLACAO EM PVC/A, ANTICHAMA BWF-B, 1 CONDUTOR, 450/750 V, SECAO NOMINAL 16 MM2","M","CR",113.98]
["MATERIAL",39239,"CABO DE COBRE, FLEXIVEL, CLASSE 4 OU 5, ISOLACAO EM PVC/A, ANTICHAMA BWF-B, 1 CONDUTOR, 450/750 V, SECAO NOMINAL 185 MM2","M","CR",143.76]
["MATERIAL",1014,"CABO DE COBRE, FLEXIVEL, CLASSE 4 OU 5, ISOLACAO EM PVC/A, ANTICHAMA BWF-B, 1 CONDUTOR, 450/750 V, SECAO NOMINAL 2,5 MM2","M","CR",15.31]
["MATERIAL",39240,"CABO DE COBRE, FLEXIVEL, CLASSE 4 OU 5, ISOLACAO EM PVC/A, ANTICHAMA BWF-B, 1 CONDUTOR, 450/750 V, SECAO NOMINAL 240 MM2","M","CR",173.67]
["MATERIAL",39232,"CABO DE COBRE, FLEXIVEL, CLASSE 4 OU 5, ISOLACAO EM PVC/A, ANTICHAMA BWF-B, 1 CONDUTOR, 450/750 V, SECAO NOMINAL 25 MM2","M","CR",2.35]
["MATERIAL",39233,"CABO DE COBRE, FLEXIVEL, CLASSE 4 OU 5, ISOLACAO EM PVC/A, ANTICHAMA BWF-B, 1 CONDUTOR, 450/750 V, SECAO NOMINAL 35 MM2","M","CR",228.42]
["MATERIAL",981,"CABO DE COBRE, FLEXIVEL, CLASSE 4 OU 5, ISOLACAO EM PVC/A, ANTICHAMA BWF-B, 1 CONDUTOR, 450/750 V, SECAO NOMINAL 4 MM2","M","C",23.97]
["MATERIAL",39234,"CABO DE COBRE, FLEXIVEL, CLASSE 4 OU 5, ISOLACAO EM PVC/A, ANTICHAMA BWF-B, 1 CONDUTOR, 450/750 V, SECAO NOMINAL 50 MM2","M","CR",34.94]
["MATERIAL",982,"CABO DE COBRE, FLEXIVEL, CLASSE 4 OU 5, ISOLACAO EM PVC/A, ANTICHAMA BWF-B, 1 CONDUTOR, 450/750 V, SECAO NOMINAL 6 MM2","M","CR",3.9]
["MATERIAL",39235,"CABO DE COBRE, FLEXIVEL, CLASSE 4 OU 5, ISOLACAO EM PVC/A, ANTICHAMA BWF-B, 1 CONDUTOR, 450/750 V, SECAO NOMINAL 70 MM2","M","CR",48.64]
["MATERIAL",39236,"CABO DE COBRE, FLEXIVEL, CLASSE 4 OU 5, ISOLACAO EM PVC/A, ANTICHAMA BWF-B, 1 CONDUTOR, 450/750 V, SECAO NOMINAL 95 MM2","M","CR",5.61]
["MATERIAL",993,"CABO DE COBRE, FLEXIVEL, CLASSE 4 OU 5, ISOLACAO EM PVC/A, ANTICHAMA BWF-B, COBERTURA PVC-ST1, ANTICHAMA BWF-B, 1 CONDUTOR, 0,6/1 KV, SECAO NOMINAL 1,5 MM2","M","CR",71.73]
["MATERIAL",1020,"CABO DE COBRE, FLEXIVEL, CLASSE 4 OU 5, ISOLACAO EM PVC/A, ANTICHAMA BWF-B, COBERTURA PVC-ST1, ANTICHAMA BWF-B, 1 CONDUTOR, 0,6/1 KV, SECAO NOMINAL 10 MM2","M","CR",95.07]
["MATERIAL",1017,"CABO DE COBRE, FLEXIVEL, CLASSE 4 OU 5, ISOLACAO EM PVC/A, ANTICHAMA BWF-B, COBERTURA PVC-ST1, ANTICHAMA BWF-B, 1 CONDUTOR, 0,6/1 KV, SECAO NOMINAL 120 MM2","M","CR",2]
["MATERIAL",999,"CABO DE COBRE, FLEXIVEL, CLASSE 4 OU 5, ISOLACAO EM PVC/A, ANTICHAMA BWF-B, COBERTURA PVC-ST1, ANTICHAMA BWF-B, 1 CONDUTOR, 0,6/1 KV, SECAO NOMINAL 150 MM2","M","CR",10.210000000000001]
["MATERIAL",995,"CABO DE COBRE, FLEXIVEL, CLASSE 4 OU 5, ISOLACAO EM PVC/A, ANTICHAMA BWF-B, COBERTURA PVC-ST1, ANTICHAMA BWF-B, 1 CONDUTOR, 0,6/1 KV, SECAO NOMINAL 16 MM2","M","CR",125.2]
["MATERIAL",1000,"CABO DE COBRE, FLEXIVEL, CLASSE 4 OU 5, ISOLACAO EM PVC/A, ANTICHAMA BWF-B, COBERTURA PVC-ST1, ANTICHAMA BWF-B, 1 CONDUTOR, 0,6/1 KV, SECAO NOMINAL 185 MM2","M","CR",151.69]
["MATERIAL",1022,"CABO DE COBRE, FLEXIVEL, CLASSE 4 OU 5, ISOLACAO EM PVC/A, ANTICHAMA BWF-B, COBERTURA PVC-ST1, ANTICHAMA BWF-B, 1 CONDUTOR, 0,6/1 KV, SECAO NOMINAL 2,5 MM2","M","CR",16.27]
["MATERIAL",1015,"CABO DE COBRE, FLEXIVEL, CLASSE 4 OU 5, ISOLACAO EM PVC/A, ANTICHAMA BWF-B, COBERTURA PVC-ST1, ANTICHAMA BWF-B, 1 CONDUTOR, 0,6/1 KV, SECAO NOMINAL 240 MM2","M","CR",186.32]
["MATERIAL",996,"CABO DE COBRE, FLEXIVEL, CLASSE 4 OU 5, ISOLACAO EM PVC/A, ANTICHAMA BWF-B, COBERTURA PVC-ST1, ANTICHAMA BWF-B, 1 CONDUTOR, 0,6/1 KV, SECAO NOMINAL 25 MM2","M","CR",2.79]
["MATERIAL",1001,"CABO DE COBRE, FLEXIVEL, CLASSE 4 OU 5, ISOLACAO EM PVC/A, ANTICHAMA BWF-B, COBERTURA PVC-ST1, ANTICHAMA BWF-B, 1 CONDUTOR, 0,6/1 KV, SECAO NOMINAL 300 MM2","M","CR",247.59]
["MATERIAL",1019,"CABO DE COBRE, FLEXIVEL, CLASSE 4 OU 5, ISOLACAO EM PVC/A, ANTICHAMA BWF-B, COBERTURA PVC-ST1, ANTICHAMA BWF-B, 1 CONDUTOR, 0,6/1 KV, SECAO NOMINAL 35 MM2","M","CR",25.22]
["MATERIAL",1021,"CABO DE COBRE, FLEXIVEL, CLASSE 4 OU 5, ISOLACAO EM PVC/A, ANTICHAMA BWF-B, COBERTURA PVC-ST1, ANTICHAMA BWF-B, 1 CONDUTOR, 0,6/1 KV, SECAO NOMINAL 4 MM2","M","CR",321.24]
["MATERIAL",39249,"CABO DE COBRE, FLEXIVEL, CLASSE 4 OU 5, ISOLACAO EM PVC/A, ANTICHAMA BWF-B, COBERTURA PVC-ST1, ANTICHAMA BWF-B, 1 CONDUTOR, 0,6/1 KV, SECAO NOMINAL 400 MM2","M","CR",35.65]
["MATERIAL",1018,"CABO DE COBRE, FLEXIVEL, CLASSE 4 OU 5, ISOLACAO EM PVC/A, ANTICHAMA BWF-B, COBERTURA PVC-ST1, ANTICHAMA BWF-B, 1 CONDUTOR, 0,6/1 KV, SECAO NOMINAL 50 MM2","M","CR",4.28]
["MATERIAL",39250,"CABO DE COBRE, FLEXIVEL, CLASSE 4 OU 5, ISOLACAO EM PVC/A, ANTICHAMA BWF-B, COBERTURA PVC-ST1, ANTICHAMA BWF-B, 1 CONDUTOR, 0,6/1 KV, SECAO NOMINAL 500 MM2","M","CR",431.93]
["MATERIAL",994,"CABO DE COBRE, FLEXIVEL, CLASSE 4 OU 5, ISOLACAO EM PVC/A, ANTICHAMA BWF-B, COBERTURA PVC-ST1, ANTICHAMA BWF-B, 1 CONDUTOR, 0,6/1 KV, SECAO NOMINAL 6 MM2","M","CR",52.71]
["MATERIAL",977,"CABO DE COBRE, FLEXIVEL, CLASSE 4 OU 5, ISOLACAO EM PVC/A, ANTICHAMA BWF-B, COBERTURA PVC-ST1, ANTICHAMA BWF-B, 1 CONDUTOR, 0,6/1 KV, SECAO NOMINAL 70 MM2","M","CR",516.67999999999995]
["MATERIAL",998,"CABO DE COBRE, FLEXIVEL, CLASSE 4 OU 5, ISOLACAO EM PVC/A, ANTICHAMA BWF-B, COBERTURA PVC-ST1, ANTICHAMA BWF-B, 1 CONDUTOR, 0,6/1 KV, SECAO NOMINAL 95 MM2","M","CR",6.23]
["MATERIAL",1006,"CABO DE COBRE, RIGIDO, CLASSE 2, ISOLACAO EM PVC, ANTI-CHAMA BWF-B, 1 CONDUTOR, 450/750 V, DIAMETRO 120 MM2","M","CR",73.739999999999995]
["MATERIAL",990,"CABO DE COBRE, RIGIDO, CLASSE 2, ISOLACAO EM PVC/A, ANTICHAMA BWF-B, 1 CONDUTOR, 450/750 V, SECAO NOMINAL 150 MM2","M","CR",95.74]
["MATERIAL",39241,"CABO DE COBRE, RIGIDO, CLASSE 2, ISOLACAO EM PVC/A, ANTICHAMA BWF-B, 1 CONDUTOR, 450/750 V, SECAO NOMINAL 16 MM2","M","CR",126.86]
["MATERIAL",1005,"CABO DE COBRE, RIGIDO, CLASSE 2, ISOLACAO EM PVC/A, ANTICHAMA BWF-B, 1 CONDUTOR, 450/750 V, SECAO NOMINAL 185 MM2","M","CR",168.69]
["MATERIAL",991,"CABO DE COBRE, RIGIDO, CLASSE 2, ISOLACAO EM PVC/A, ANTICHAMA BWF-B, 1 CONDUTOR, 450/750 V, SECAO NOMINAL 240 MM2","M","CR",16.61]
["MATERIAL",986,"CABO DE COBRE, RIGIDO, CLASSE 2, ISOLACAO EM PVC/A, ANTICHAMA BWF-B, 1 CONDUTOR, 450/750 V, SECAO NOMINAL 25 MM2","M","CR",210.03]
["MATERIAL",987,"CABO DE COBRE, RIGIDO, CLASSE 2, ISOLACAO EM PVC/A, ANTICHAMA BWF-B, 1 CONDUTOR, 450/750 V, SECAO NOMINAL 35 MM2","M","CR",275.08999999999997]
["MATERIAL",1007,"CABO DE COBRE, RIGIDO, CLASSE 2, ISOLACAO EM PVC/A, ANTICHAMA BWF-B, 1 CONDUTOR, 450/750 V, SECAO NOMINAL 50 MM2","M","CR",26.24]
["MATERIAL",1008,"CABO DE COBRE, RIGIDO, CLASSE 2, ISOLACAO EM PVC/A, ANTICHAMA BWF-B, 1 CONDUTOR, 450/750 V, SECAO NOMINAL 6 MM2","M","CR",35.92]
["MATERIAL",988,"CABO DE COBRE, RIGIDO, CLASSE 2, ISOLACAO EM PVC/A, ANTICHAMA BWF-B, 1 CONDUTOR, 450/750 V, SECAO NOMINAL 70 MM2","M","CR",49.72]
["MATERIAL",989,"CABO DE COBRE, RIGIDO, CLASSE 2, ISOLACAO EM PVC/A, ANTICHAMA BWF-B, 1 CONDUTOR, 450/750 V, SECAO NOMINAL 95 MM2","M","CR",6.31]
["MATERIAL",43972,"CABO DE REDE, PAR TRANCADO U/UTP, 4 PARES, CATEGORIA 5E (CAT 5E), ISOLAMENTO PVC (CM)","M","CR",68.55]
["MATERIAL",43971,"CABO DE REDE, PAR TRANCADO U/UTP, 4 PARES, CATEGORIA 5E (CAT 5E), ISOLAMENTO PVC (CMX)","M","C",94.63]
["MATERIAL",39598,"CABO DE REDE, PAR TRANCADO U/UTP, 4 PARES, CATEGORIA 5E (CAT 5E), ISOLAMENTO PVC (LSZH)","M","CR",3.55]
["MATERIAL",43973,"CABO DE REDE, PAR TRANCADO U/UTP, 4 PARES, CATEGORIA 6 (CAT 6), ISOLAMENTO PVC (CM)","M","CR",2.71]
["MATERIAL",39599,"CABO DE REDE, PAR TRANCADO UTP, 4 PARES, CATEGORIA 6 (CAT 6), ISOLAMENTO PVC (LSZH)","M","CR",5.0199999999999996]
["MATERIAL",43832,"CABO ELETRONICO CATEGORIA 6A U/UTP 23AWG X 4P","M","CR",3.71]
["MATERIAL",34602,"CABO FLEXIVEL PVC 750 V, 2 CONDUTORES DE 1,5 MM2","M","CR",7.23]
["MATERIAL",34607,"CABO FLEXIVEL PVC 750 V, 2 CONDUTORES DE 4,0 MM2","M","CR",19.04]
["MATERIAL",34609,"CABO FLEXIVEL PVC 750 V, 2 CONDUTORES DE 6,0 MM2","M","CR",4.34]
["MATERIAL",34618,"CABO FLEXIVEL PVC 750 V, 3 CONDUTORES DE 1,5 MM2","M","CR",10.64]
["MATERIAL",34621,"CABO FLEXIVEL PVC 750 V, 3 CONDUTORES DE 4,0 MM2","M","CR",15.47]
["MATERIAL",34622,"CABO FLEXIVEL PVC 750 V, 3 CONDUTORES DE 6,0 MM2","M","CR",5.92]
["MATERIAL",34624,"CABO FLEXIVEL PVC 750 V, 4 CONDUTORES DE 1,5 MM2","M","CR",14.66]
["MATERIAL",34627,"CABO FLEXIVEL PVC 750 V, 4 CONDUTORES DE 4,0 MM2","M","CR",21.79]
["MATERIAL",34629,"CABO FLEXIVEL PVC 750 V, 4 CONDUTORES DE 6,0 MM2","M","CR",7.9]
["MATERIAL",39257,"CABO MULTIPOLAR DE COBRE, FLEXIVEL, CLASSE 4 OU 5, ISOLACAO EM HEPR, COBERTURA EM PVC-ST2, ANTICHAMA BWF-B, 0,6/1 KV, 3 CONDUTORES DE 1,5 MM2","M","CR",19.05]
["MATERIAL",39261,"CABO MULTIPOLAR DE COBRE, FLEXIVEL, CLASSE 4 OU 5, ISOLACAO EM HEPR, COBERTURA EM PVC-ST2, ANTICHAMA BWF-B, 0,6/1 KV, 3 CONDUTORES DE 10 MM2","M","CR",29.11]
["MATERIAL",39268,"CABO MULTIPOLAR DE COBRE, FLEXIVEL, CLASSE 4 OU 5, ISOLACAO EM HEPR, COBERTURA EM PVC-ST2, ANTICHAMA BWF-B, 0,6/1 KV, 3 CONDUTORES DE 120 MM2","M","CR",5.92]
["MATERIAL",39262,"CABO MULTIPOLAR DE COBRE, FLEXIVEL, CLASSE 4 OU 5, ISOLACAO EM HEPR, COBERTURA EM PVC-ST2, ANTICHAMA BWF-B, 0,6/1 KV, 3 CONDUTORES DE 16 MM2","M","CR",33.909999999999997]
["MATERIAL",39258,"CABO MULTIPOLAR DE COBRE, FLEXIVEL, CLASSE 4 OU 5, ISOLACAO EM HEPR, COBERTURA EM PVC-ST2, ANTICHAMA BWF-B, 0,6/1 KV, 3 CONDUTORES DE 2,5 MM2","M","CR",530.09]
["MATERIAL",39263,"CABO MULTIPOLAR DE COBRE, FLEXIVEL, CLASSE 4 OU 5, ISOLACAO EM HEPR, COBERTURA EM PVC-ST2, ANTICHAMA BWF-B, 0,6/1 KV, 3 CONDUTORES DE 25 MM2","M","CR",54]
["MATERIAL",39264,"CABO MULTIPOLAR DE COBRE, FLEXIVEL, CLASSE 4 OU 5, ISOLACAO EM HEPR, COBERTURA EM PVC-ST2, ANTICHAMA BWF-B, 0,6/1 KV, 3 CONDUTORES DE 35 MM2","M","CR",8.93]
["MATERIAL",39259,"CABO MULTIPOLAR DE COBRE, FLEXIVEL, CLASSE 4 OU 5, ISOLACAO EM HEPR, COBERTURA EM PVC-ST2, ANTICHAMA BWF-B, 0,6/1 KV, 3 CONDUTORES DE 4 MM2","M","CR",93.38]
["MATERIAL",39265,"CABO MULTIPOLAR DE COBRE, FLEXIVEL, CLASSE 4 OU 5, ISOLACAO EM HEPR, COBERTURA EM PVC-ST2, ANTICHAMA BWF-B, 0,6/1 KV, 3 CONDUTORES DE 50 MM2","M","CR",129.36000000000001]
["MATERIAL",39260,"CABO MULTIPOLAR DE COBRE, FLEXIVEL, CLASSE 4 OU 5, ISOLACAO EM HEPR, COBERTURA EM PVC-ST2, ANTICHAMA BWF-B, 0,6/1 KV, 3 CONDUTORES DE 6 MM2","M","CR",13.75]
["MATERIAL",39266,"CABO MULTIPOLAR DE COBRE, FLEXIVEL, CLASSE 4 OU 5, ISOLACAO EM HEPR, COBERTURA EM PVC-ST2, ANTICHAMA BWF-B, 0,6/1 KV, 3 CONDUTORES DE 70 MM2","M","CR",175.63]
["MATERIAL",39267,"CABO MULTIPOLAR DE COBRE, FLEXIVEL, CLASSE 4 OU 5, ISOLACAO EM HEPR, COBERTURA EM PVC-ST2, ANTICHAMA BWF-B, 0,6/1 KV, 3 CONDUTORES DE 95 MM2","M","CR",21.05]
["MATERIAL",11901,"CABO TELEFONICO CCI 50, 1 PAR, USO INTERNO, SEM BLINDAGEM","M","CR",265.02]
["MATERIAL",11902,"CABO TELEFONICO CCI 50, 2 PARES, USO INTERNO, SEM BLINDAGEM","M","CR",331.35]
["MATERIAL",11903,"CABO TELEFONICO CCI 50, 3 PARES, USO INTERNO, SEM BLINDAGEM","M","CR",0.65]
["MATERIAL",11904,"CABO TELEFONICO CCI 50, 4 PARES, USO INTERNO, SEM BLINDAGEM","M","CR",1.24]
["MATERIAL",11905,"CABO TELEFONICO CCI 50, 5 PARES, USO INTERNO, SEM BLINDAGEM","M","CR",1.32]
["MATERIAL",11906,"CABO TELEFONICO CCI 50, 6 PARES, USO INTERNO, SEM BLINDAGEM","M","CR",2]
["MATERIAL",11919,"CABO TELEFONICO CI 50, 10 PARES, USO INTERNO","M","CR",2.44]
["MATERIAL",11920,"CABO TELEFONICO CI 50, 20 PARES, USO INTERNO","M","CR",3.1]
["MATERIAL",11924,"CABO TELEFONICO CI 50, 200 PARES, USO INTERNO","M","CR",5.68]
["MATERIAL",11921,"CABO TELEFONICO CI 50, 30 PARES, USO INTERNO","M","CR",10.8]
["MATERIAL",11922,"CABO TELEFONICO CI 50, 50 PARES, USO INTERNO","M","CR",90.66]
["MATERIAL",11923,"CABO TELEFONICO CI 50, 75 PARES, USO INTERNO","M","CR",15.8]
["MATERIAL",11916,"CABO TELEFONICO CTP - APL - 50, 10 PARES, USO EXTERNO","M","CR",25.55]
["MATERIAL",11914,"CABO TELEFONICO CTP - APL - 50, 100 PARES, USO EXTERNO","M","CR",37.409999999999997]
["MATERIAL",11917,"CABO TELEFONICO CTP - APL - 50, 20 PARES, USO EXTERNO","M","CR",7.78]
["MATERIAL",11918,"CABO TELEFONICO CTP - APL - 50, 30 PARES, USO EXTERNO","M","CR",56.04]
["EQUIPAMENTO (AQUISIÇÃO)",37734,"CACAMBA METALICA BASCULANTE COM CAPACIDADE DE 10 M3 (INCLUI MONTAGEM, NAO INCLUI CAMINHAO)","UN","CR",13.7]
["EQUIPAMENTO (AQUISIÇÃO)",42251,"CACAMBA METALICA BASCULANTE COM CAPACIDADE DE 12 M3 (INCLUI MONTAGEM, NAO INCLUI CAMINHAO)","UN","CR",16.25]
["EQUIPAMENTO (AQUISIÇÃO)",37733,"CACAMBA METALICA BASCULANTE COM CAPACIDADE DE 6 M3 (INCLUI MONTAGEM, NAO INCLUI CAMINHAO)","UN","CR"]
["EQUIPAMENTO (AQUISIÇÃO)",37735,"CACAMBA METALICA BASCULANTE COM CAPACIDADE DE 8 M3 (INCLUI MONTAGEM, NAO INCLUI CAMINHAO)","UN","CR"]
["MATERIAL",5090,"CADEADO SIMPLES, CORPO EM LATAO MACICO, COM LARGURA DE 25 MM E ALTURA DE APROX 25 MM, HASTE CEMENTADA (NAO LONGA), EM ACO TEMPERADO COM DIAMETRO DE APROX 5,0 MM, INCLUINDO 2 CHAVES","UN","C"]
["MATERIAL",5085,"CADEADO SIMPLES, CORPO EM LATAO MACICO, COM LARGURA DE 35 MM E ALTURA DE APROX 30 MM, HASTE CEMENTADA (NAO LONGA), EM ACO TEMPERADO COM DIAMETRO DE APROX 6,0 MM, INCLUINDO 2 CHAVES","UN","CR"]
["MATERIAL",43603,"CADEADO SIMPLES, CORPO EM LATAO MACICO, COM LARGURA DE 50 MM E ALTURA DE APROX 40 MM, HASTE CEMENTADA EM ACO TEMPERADO COM DIAMETRO DE APROX 8,0 MM, INCLUINDO 2 CHAVES","UN","CR",22.2]
["MATERIAL",38374,"CADEIRA SUSPENSA MANUAL / BALANCIM INDIVIDUAL (NBR 14751)","UN","CR",33.049999999999997]
["MATERIAL",4513,"CAIBRO 5 X 5 CM EM PINUS, MISTA OU EQUIVALENTE DA REGIAO - BRUTA","M","CR",47.21]
["MATERIAL",20212,"CAIBRO APARELHADO *6 X 8* CM, EM MACARANDUBA/MASSARANDUBA, ANGELIM OU EQUIVALENTE DA REGIAO","M","CR",926.95]
["MATERIAL",20209,"CAIBRO APARELHADO *7,5 X 7,5* CM, EM MACARANDUBA/MASSARANDUBA, ANGELIM OU EQUIVALENTE DA REGIAO","M","CR",7.5]
["MATERIAL",4430,"CAIBRO NAO APARELHADO *5 X 6* CM, EM MACARANDUBA/MASSARANDUBA, ANGELIM OU EQUIVALENTE DA REGIAO - BRUTA","M","C",24.86]
["MATERIAL",4433,"CAIBRO NAO APARELHADO *6 X 6* CM, EM MACARANDUBA/MASSARANDUBA, ANGELIM OU EQUIVALENTE DA REGIAO - BRUTA","M","CR",29.7]
["MATERIAL",4400,"CAIBRO NAO APARELHADO, *6 X 8* CM, EM MACARANDUBA/MASSARANDUBA, ANGELIM OU EQUIVALENTE DA REGIAO - BRUTA","M","CR",14.55]
["MATERIAL",2729,"CAIBRO ROLICO DE MADEIRA TRATADA, D = 4 A 7 CM, H = 3,00 M, EM EUCALIPTO OU EQUIVALENTE DA REGIAO","UN","CR",28.45]
["MATERIAL",37106,"CAIXA D'AGUA / RESERVATORIO EM POLIESTER REFORCADO COM FIBRA DE VIDRO, 10000 LITROS, COM TAMPA","UN","CR",23.15]
["MATERIAL",11869,"CAIXA D'AGUA / RESERVATORIO EM POLIESTER REFORCADO COM FIBRA DE VIDRO, 1500 LITROS, COM TAMPA","UN","CR",38.08]
["MATERIAL",43981,"CAIXA D'AGUA / RESERVATORIO EM POLIESTER REFORCADO COM FIBRA DE VIDRO, 15000 LITROS, COM TAMPA","UN","CR",4554.9799999999996]
["MATERIAL",37104,"CAIXA D'AGUA / RESERVATORIO EM POLIESTER REFORCADO COM FIBRA DE VIDRO, 2000 LITROS, COM TAMPA","UN","CR",910.99]
["MATERIAL",43982,"CAIXA D'AGUA / RESERVATORIO EM POLIESTER REFORCADO COM FIBRA DE VIDRO, 20000 LITROS, COM TAMPA","UN","CR",6864.31]
["MATERIAL",43978,"CAIXA D'AGUA / RESERVATORIO EM POLIESTER REFORCADO COM FIBRA DE VIDRO, 3000 LITROS, COM TAMPA","UN","CR",1143.31]
["MATERIAL",11871,"CAIXA D'AGUA / RESERVATORIO EM POLIESTER REFORCADO COM FIBRA DE VIDRO, 500 LITROS, COM TAMPA","UN","CR",10843.88]
["MATERIAL",37105,"CAIXA D'AGUA / RESERVATORIO EM POLIESTER REFORCADO COM FIBRA DE VIDRO, 5000 LITROS, COM TAMPA","UN","CR",1694.37]
["MATERIAL",43980,"CAIXA D'AGUA / RESERVATORIO EM POLIESTER REFORCADO COM FIBRA DE VIDRO, 7000 LITROS, COM TAMPA","UN","CR",424.66]
["MATERIAL",43979,"CAIXA D'AGUA / RESERVATORIO EM POLIESTER REFORCADO COM FIBRA DE VIDRO, 750 LITROS, COM TAMPA","UN","CR",2612.91]
["MATERIAL",11868,"CAIXA D'AGUA / RESERVATORIO EM POLIESTER REFORCADO COM FIBRA DE VIDRO,1000 LITROS, COM TAMPA","UN","CR",3254.11]
["MATERIAL",34636,"CAIXA D'AGUA / RESERVATORIO EM POLIETILENO, 1000 LITROS, COM TAMPA","UN","C",611.41]
["MATERIAL",34639,"CAIXA D'AGUA / RESERVATORIO EM POLIETILENO, 1500 LITROS, COM TAMPA","UN","CR",591.29999999999995]
["MATERIAL",34640,"CAIXA D'AGUA / RESERVATORIO EM POLIETILENO, 2000 LITROS, COM TAMPA","UN","CR",419.9]
["MATERIAL",43977,"CAIXA D'AGUA / RESERVATORIO EM POLIETILENO, 3000 LITROS, COM TAMPA","UN","CR",969.2]
["MATERIAL",34637,"CAIXA D'AGUA / RESERVATORIO EM POLIETILENO, 500 LITROS, COM TAMPA","UN","CR",1099.4100000000001]
["MATERIAL",34638,"CAIXA D'AGUA / RESERVATORIO EM POLIETILENO, 750 LITROS, COM TAMPA","UN","CR",1895.31]
["MATERIAL",34641,"CAIXA DE ATERRAMENTO EM CONCRETO PRE-MOLDADO, DIAMETRO DE 0,30 M E ALTURA DE 0,35 M, SEM FUNDO E COM TAMPA","UN","CR",253.93]
["MATERIAL",43434,"CAIXA DE CONCRETO ARMADO PRE-MOLDADO, COM FUNDO E SEM TAMPA, DIMENSOES DE 0,30 X 0,30 X 0,30 M","UN","CR",392.78]
["MATERIAL",43435,"CAIXA DE CONCRETO ARMADO PRE-MOLDADO, COM FUNDO E SEM TAMPA, DIMENSOES DE 0,40 X 0,40 X 0,40 M","UN","CR",87.67]
["MATERIAL",43436,"CAIXA DE CONCRETO ARMADO PRE-MOLDADO, COM FUNDO E SEM TAMPA, DIMENSOES DE 0,60 X 0,60 X 0,50 M","UN","CR",94.78]
["MATERIAL",43437,"CAIXA DE CONCRETO ARMADO PRE-MOLDADO, COM FUNDO E SEM TAMPA, DIMENSOES DE 0,80 X 0,80 X 0,50 M","UN","CR",173.78]
["MATERIAL",43438,"CAIXA DE CONCRETO ARMADO PRE-MOLDADO, COM FUNDO E SEM TAMPA, DIMENSOES DE 1,00 X 1,00 X 0,50 M","UN","CR",304.11]
["MATERIAL",41627,"CAIXA DE CONCRETO ARMADO PRE-MOLDADO, COM FUNDO E TAMPA, DIMENSOES DE 0,30 X 0,30 X 0,30 M","UN","CR",551.36]
["MATERIAL",41628,"CAIXA DE CONCRETO ARMADO PRE-MOLDADO, COM FUNDO E TAMPA, DIMENSOES DE 0,40 X 0,40 X 0,40 M","UN","CR",987.39]
["MATERIAL",41629,"CAIXA DE CONCRETO ARMADO PRE-MOLDADO, COM FUNDO E TAMPA, DIMENSOES DE 0,60 X 0,60 X 0,50 M","UN","CR",146.13]
["MATERIAL",43429,"CAIXA DE CONCRETO ARMADO PRE-MOLDADO, SEM FUNDO, QUADRADA, DIMENSOES DE 0,30 X 0,30 X 0,30 M","UN","CR",268.57]
["MATERIAL",43430,"CAIXA DE CONCRETO ARMADO PRE-MOLDADO, SEM FUNDO, QUADRADA, DIMENSOES DE 0,40 X 0,40 X 0,40 M","UN","CR",341.24]
["MATERIAL",43431,"CAIXA DE CONCRETO ARMADO PRE-MOLDADO, SEM FUNDO, QUADRADA, DIMENSOES DE 0,60 X 0,60 X 0,50 M","UN","CR",75.61]
["MATERIAL",43432,"CAIXA DE CONCRETO ARMADO PRE-MOLDADO, SEM FUNDO, QUADRADA, DIMENSOES DE 0,80 X 0,80 X 0,50 M","UN","CR",125.59]
["MATERIAL",43433,"CAIXA DE CONCRETO ARMADO PRE-MOLDADO, SEM FUNDO, QUADRADA, DIMENSOES DE 1,00 X 1,00 X 0,50 M","UN","CR",243.29]
["MATERIAL",43094,"CAIXA DE DERIVACAO PARA MEDIDOR DE ENERGIA, COM BARRAMENTO MONOFASICO, EM POLICARBONATO / TERMOPLASTICO - MODULO (PADRAO CONCESSIONARIA LOCAL)","UN","CR",505.54]
["MATERIAL",43093,"CAIXA DE DERIVACAO PARA MEDIDOR DE ENERGIA, COM BARRAMENTO POLIFASICO, EM POLICARBONATO / TERMOPLASTICO - MODULO (PADRAO CONCESSIONARIA LOCAL)","UN","CR",797.02]
["MATERIAL",11694,"CAIXA DE DESCARGA PLASTICA PARA BACIA / VASO SANITARIO DE EMBUTIR, COM ESPELHO ACIONADOR EM PLASTICO, CAPACIDADE 6 A 10 LITROS, (COMPLETA - ACESSORIOS INCLUSOS)","UN","CR",371.68]
["MATERIAL",1030,"CAIXA DE DESCARGA PLASTICA PARA BACIA / VASO SANITARIO, EXTERNA, CAPACIDADE 9 LITROS, PUXADOR FIO DE NYLON, NAO INCLUSO CANO, BOLSA, ENGATE","UN","C",394.99]
["MATERIAL",11881,"CAIXA DE GORDURA CILINDRICA EM CONCRETO SIMPLES, PRE-MOLDADA, COM DIAMETRO DE 40 CM E ALTURA DE 45 CM, COM TAMPA","UN","CR",948.31]
["MATERIAL",35277,"CAIXA DE GORDURA EM PVC, DIAMETRO MINIMO 300 MM, DIAMETRO DE SAIDA 100 MM, CAPACIDADE APROXIMADA 18 LITROS, COM TAMPA E CESTO","UN","CR",42.9]
["MATERIAL",10521,"CAIXA DE INCENDIO/ABRIGO PARA MANGUEIRA, DE EMBUTIR/INTERNA, COM 75 X 45 X 17 CM, EM CHAPA DE ACO, PORTA COM VENTILACAO, VISOR COM A INSCRICAO \"INCENDIO\", SUPORTE/CESTA INTERNA PARA A MANGUEIRA, PINTURA ELETROSTATICA VERMELHA","UN","CR",134.28]
["MATERIAL",10885,"CAIXA DE INCENDIO/ABRIGO PARA MANGUEIRA, DE EMBUTIR/INTERNA, COM 90 X 60 X 17 CM, EM CHAPA DE ACO, PORTA COM VENTILACAO, VISOR COM A INSCRICAO \"INCENDIO\", SUPORTE/CESTA INTERNA PARA A MANGUEIRA, PINTURA ELETROSTATICA VERMELHA","UN","CR",277.75]
["MATERIAL",20962,"CAIXA DE INCENDIO/ABRIGO PARA MANGUEIRA, DE SOBREPOR/EXTERNA, COM 75 X 45 X 17 CM, EM CHAPA DE ACO, PORTA COM VENTILACAO, VISOR COM A INSCRICAO \"INCENDIO\", SUPORTE/CESTA INTERNA PARA A MANGUEIRA, PINTURA ELETROSTATICA VERMELHA","UN","C",396.13]
["MATERIAL",20963,"CAIXA DE INCENDIO/ABRIGO PARA MANGUEIRA, DE SOBREPOR/EXTERNA, COM 90 X 60 X 17 CM, EM CHAPA DE ACO, PORTA COM VENTILACAO, VISOR COM A INSCRICAO \"INCENDIO\", SUPORTE/CESTA INTERNA PARA A MANGUEIRA, PINTURA ELETROSTATICA VERMELHA","UN","CR",501.06]
["MATERIAL",34643,"CAIXA DE INSPECAO PARA ATERRAMENTO E PARA RAIOS, EM POLIPROPILENO, DIAMETRO = 300 MM X ALTURA = 400 MM (INCLUIDA TAMPA SEM ESCOTILHA)","UN","CR",415]
["MATERIAL",41480,"CAIXA DE INSPECAO PARA ATERRAMENTO OU OUTRO USO, EM PVC, DN = 250 X 250 MM (INCLUIDA TAMPA EM FERRO FUNDIDO SEM ESCOTILHA)","UN","CR",506.96]
["MATERIAL",41474,"CAIXA DE INSPECAO PARA ATERRAMENTO OU OUTRO USO, EM PVC, DN = 300 X *300* MM (INCLUIDA TAMPA EM FERRO FUNDIDO SEM ESCOTILHA)","UN","CR",31.98]
["MATERIAL",41475,"CAIXA DE INSPECAO PARA ATERRAMENTO OU OUTRO USO, EM PVC, DN = 300 X 250 MM (INCLUIDA TAMPA EM FERRO FUNDIDO SEM ESCOTILHA)","UN","CR",37.090000000000003]
["MATERIAL",41476,"CAIXA DE INSPECAO PARA ATERRAMENTO OU OUTRO USO, EM PVC, DN = 300 X 600 MM (INCLUIDA TAMPA EM FERRO FUNDIDO SEM ESCOTILHA)","UN","CR",59.24]
["MATERIAL",2555,"CAIXA DE LUZ \"3 X 3\" EM ACO ESMALTADA","UN","CR",50.55]
["MATERIAL",2556,"CAIXA DE LUZ \"4 X 2\" EM ACO ESMALTADA","UN","CR",110.68]
["MATERIAL",2557,"CAIXA DE LUZ \"4 X 4\" EM ACO ESMALTADA","UN","CR",1.32]
["MATERIAL",10569,"CAIXA DE PASSAGEM / DERIVACAO / LUZ, OCTOGONAL 4 X4, EM ACO ESMALTADA, COM FUNDO MOVEL SIMPLES (FMS)","UN","CR",1.36]
["MATERIAL",39810,"CAIXA DE PASSAGEM ELETRICA DE PAREDE, DE EMBUTIR, EM PVC, COM TAMPA APARAFUSADA, DIMENSOES 120 X 120 X *75* MM","UN","CR",2.88]
["MATERIAL",39811,"CAIXA DE PASSAGEM ELETRICA DE PAREDE, DE EMBUTIR, EM PVC, COM TAMPA APARAFUSADA, DIMENSOES 150 X 150 X *75* MM","UN","CR",2.88]
["MATERIAL",39812,"CAIXA DE PASSAGEM ELETRICA DE PAREDE, DE EMBUTIR, EM PVC, COM TAMPA APARAFUSADA, DIMENSOES 200 X 200 X *90* MM","UN","CR",50.16]
["MATERIAL",43096,"CAIXA DE PASSAGEM ELETRICA DE PAREDE, DE EMBUTIR, EM TERMOPLASTICO / PVC, COM TAMPA APARAFUSADA, DIMENSOES 400 X 400 X *120* MM","UN","CR",61.35]
["MATERIAL",43102,"CAIXA DE PASSAGEM ELETRICA DE PAREDE, DE SOBREPOR, EM PVC, COM TAMPA APARAFUSADA, DIMENSOES 300 X 300 X *100* MM","UN","CR",100.88]
["MATERIAL",43103,"CAIXA DE PASSAGEM ELETRICA DE PAREDE, DE SOBREPOR, EM PVC, COM TAMPA APARAFUSADA, DIMENSOES, 400 X 400 X *120* MM","UN","CR",334.4]
["MATERIAL",43098,"CAIXA DE PASSAGEM ELETRICA DE PAREDE, DE SOBREPOR, EM TERMOPLASTICO / PVC, COM TAMPA APARAFUSADA, DIMENSOES 200 X 200 X *100* MM","UN","CR",203.33]
["MATERIAL",43097,"CAIXA DE PASSAGEM ELETRICA DE PAREDE, DE SOBREPOR, EM TERMOPLASTICO / PVC, COM TAMPA APARAFUSADA, DIMENSOES, 150 X 150 X *100* MM","UN","CR",299.41000000000003]
["MATERIAL",43104,"CAIXA DE PASSAGEM ELETRICA, PARA PISO, EM PVC, DIMENSOES DE 3/4\" A 4\"","UN","CR",113.27]
["MATERIAL",39771,"CAIXA DE PASSAGEM METALICA DE SOBREPOR COM TAMPA PARAFUSADA, DIMENSOES 20 X 20 X 10 CM","UN","CR",67.11]
["MATERIAL",39772,"CAIXA DE PASSAGEM METALICA DE SOBREPOR COM TAMPA PARAFUSADA, DIMENSOES 30 X 30 X 10 CM","UN","CR",793.81]
["MATERIAL",39773,"CAIXA DE PASSAGEM METALICA DE SOBREPOR COM TAMPA PARAFUSADA, DIMENSOES 40 X 40 X 15 CM","UN","CR",27.72]
["MATERIAL",39774,"CAIXA DE PASSAGEM METALICA DE SOBREPOR COM TAMPA PARAFUSADA, DIMENSOES 50 X 50 X 15 CM","UN","CR",54.49]
["MATERIAL",39775,"CAIXA DE PASSAGEM METALICA DE SOBREPOR COM TAMPA PARAFUSADA, DIMENSOES 60 X 60 X 20 CM","UN","CR",87.58]
["MATERIAL",39776,"CAIXA DE PASSAGEM METALICA DE SOBREPOR COM TAMPA PARAFUSADA, DIMENSOES 70 X 70 X 20 CM","UN","CR",131]
["MATERIAL",39777,"CAIXA DE PASSAGEM METALICA DE SOBREPOR COM TAMPA PARAFUSADA, DIMENSOES 80 X 80 X 20 CM","UN","CR",174.83]
["MATERIAL",20254,"CAIXA DE PASSAGEM METALICA, DE SOBREPOR, COM TAMPA APARAFUSADA, DIMENSOES 15 X 15 X *10* CM","UN","CR",211.29]
["MATERIAL",20253,"CAIXA DE PASSAGEM METALICA, DE SOBREPOR, COM TAMPA APARAFUSADA, DIMENSOES 35 X 35 X *12* CM","UN","CR",267.8]
["MATERIAL",1872,"CAIXA DE PASSAGEM, EM PVC, DE 4\" X 2\", PARA ELETRODUTO FLEXIVEL CORRUGADO","UN","CR",19.440000000000001]
["MATERIAL",1873,"CAIXA DE PASSAGEM, EM PVC, DE 4\" X 4\", PARA ELETRODUTO FLEXIVEL CORRUGADO","UN","CR",63.83]
["MATERIAL",14055,"CAIXA DE PASSAGEM/ LUZ / TELEFONIA, DE EMBUTIR, EM CHAPA DE ACO GALVANIZADO, DIMENSOES 120 X 120 X *12* CM (PADRAO CONCESSIONARIA LOCAL)","UN","CR",3.5]
["MATERIAL",11247,"CAIXA DE PASSAGEM/ LUZ / TELEFONIA, DE EMBUTIR, EM CHAPA DE ACO GALVANIZADO, DIMENSOES 150 X 150 X 15 CM (PADRAO CONCESSIONARIA LOCAL)","UN","CR",6.95]
["MATERIAL",11250,"CAIXA DE PASSAGEM/ LUZ / TELEFONIA, DE EMBUTIR, EM CHAPA DE ACO GALVANIZADO, DIMENSOES 20 X 20 X *12* CM (PADRAO CONCESSIONARIA LOCAL)","UN","CR",583.28]
["MATERIAL",11249,"CAIXA DE PASSAGEM/ LUZ / TELEFONIA, DE EMBUTIR, EM CHAPA DE ACO GALVANIZADO, DIMENSOES 200 X 200 X 20 CM (PADRAO CONCESSIONARIA LOCAL)","UN","CR",1227.3499999999999]
["MATERIAL",11251,"CAIXA DE PASSAGEM/ LUZ / TELEFONIA, DE EMBUTIR, EM CHAPA DE ACO GALVANIZADO, DIMENSOES 40 X 40 X *12* CM (PADRAO CONCESSIONARIA LOCAL)","UN","CR",52.84]
["MATERIAL",11253,"CAIXA DE PASSAGEM/ LUZ / TELEFONIA, DE EMBUTIR, EM CHAPA DE ACO GALVANIZADO, DIMENSOES 60 X 60 X *12* CM (PADRAO CONCESSIONARIA LOCAL)","UN","CR",2397.4499999999998]
["MATERIAL",11255,"CAIXA DE PASSAGEM/ LUZ / TELEFONIA, DE EMBUTIR, EM CHAPA DE ACO GALVANIZADO, DIMENSOES 80 X 80 X *12* CM (PADRAO CONCESSIONARIA LOCAL)","UN","CR",117.04]
["MATERIAL",11256,"CAIXA DE PASSAGEM/ LUZ / TELEFONIA, DE SOBREPOR, EM CHAPA DE ACO GALVANIZADO, DIMENSOES 80 X 80 X *12* CM (PADRAO CONCESSIONARIA LOCAL)","UN","CR",193.95]
["MATERIAL",39693,"CAIXA DE PROTECAO EXTERNA PARA MEDIDOR HOROSAZONAL, DE BAIXA TENSAO, COM MODULO, EM CHAPA DE ACO (PADRAO DA CONCESSIONARIA LOCAL)","UN","CR",289.95]
["MATERIAL",39692,"CAIXA DE PROTECAO PARA TRANSFORMADOR CORRENTE, EM CHAPA DE ACO 18 USG (PADRAO DA CONCESSIONARIA LOCAL)","UN","CR",363.19]
["MATERIAL",1062,"CAIXA INTERNA/EXTERNA DE MEDICAO PARA 1 MEDIDOR TRIFASICO, COM VISOR, EM CHAPA DE ACO 18 USG (PADRAO DA CONCESSIONARIA LOCAL)","UN","CR",2281.0300000000002]
["MATERIAL",39686,"CAIXA INTERNA/EXTERNA DE MEDICAO PARA 4 MEDIDORES MONOFASICOS, COM VISOR, EM CHAPA DE ACO 18 USG (PADRAO DA CONCESSIONARIA LOCAL)","UN","CR",729.88]
["MATERIAL",43095,"CAIXA MODULAR PARA MEDIDOR DE ENERGIA AGRUPADA, EM POLICARBONATO / TERMOPLASTICO, COM SUPORTE PARA DISJUNTOR (PADRAO DA CONCESSIONARIA LOCAL)","UN","CR",231.31]
["MATERIAL",1871,"CAIXA OCTOGONAL DE FUNDO MOVEL, EM PVC, DE 3\" X 3\", PARA ELETRODUTO FLEXIVEL CORRUGADO","UN","CR",374.54]
["MATERIAL",12001,"CAIXA OCTOGONAL DE FUNDO MOVEL, EM PVC, DE 4\" X 4\", PARA ELETRODUTO FLEXIVEL CORRUGADO","UN","CR",220.35]
["MATERIAL",11882,"CAIXA PARA HIDROMETRO CONCRETO PRE MOLDADO, *0,24 M X 0,45 M X 0,30* M (L X C X A)","UN","CR",6.26]
["MATERIAL",1068,"CAIXA PARA MEDICAO COLETIVA TIPO L, PADRAO BIFASICO OU TRIFASICO, PARA ATE 4 MEDIDORES, SEM BARRAMENTO E COM PORTAS INFERIOR E SUPERIOR","UN","CR",9.0399999999999991]
["MATERIAL",39690,"CAIXA PARA MEDICAO COLETIVA TIPO M, PADRAO BIFASICO OU TRIFASICO, PARA ATE 8 MEDIDORES, SEM BARRAMENTO E COM PORTAS INFERIOR E SUPERIOR","UN","CR",96.36]
["MATERIAL",39691,"CAIXA PARA MEDICAO COLETIVA TIPO N, PADRAO BIFASICO OU TRIFASICO, PARA ATE 12 MEDIDORES, SEM BARRAMENTO E COM PORTAS INFERIOR E SUPERIOR","UN","CR",1525.73]
["MATERIAL",39808,"CAIXA PARA MEDIDOR MONOFASICO, EM POLICARBONATO / TERMOPLASTICO, PARA ALOJAR 1 DISJUNTOR (PADRAO DA CONCESSIONARIA LOCAL)","UN","CR",2559.6799999999998]
["MATERIAL",39809,"CAIXA PARA MEDIDOR POLIFASICO, EM POLICARBONATO / TERMOPLASTICO, PARA ALOJAR 1 DISJUNTOR (PADRAO DA CONCESSIONARIA LOCAL)","UN","CR",3219.36]
["MATERIAL",43439,"CAIXA PRE-MOLDADA PARA BOCA DE LOBO, EM CONCRETO ARMADO, COM FCK DE 25 MPA, COM DIMENSOES 1,10 X 0,65 X 1,00 M (COMPRIMENTO X LARGURA X ALTURA)","UN","CR",115.04]
["MATERIAL",5103,"CAIXA SIFONADA PVC, 100 X 100 X 50 MM, COM GRELHA REDONDA, BRANCA","UN","CR",272.86]
["MATERIAL",11880,"CAIXA SIFONADA PVC, 250 X 230 X 75 MM, COM TAMPA CEGA QUADRADA, BRANCA","UN","CR",442.35]
["MATERIAL",11714,"CAIXA SIFONADA, PVC, 150 X *185* X 75 MM, COM GRELHA QUADRADA, BRANCA","UN","CR",17.579999999999998]
["MATERIAL",11712,"CAIXA SIFONADA, PVC, 150 X 150 X 50 MM, COM GRELHA QUADRADA, BRANCA (NBR 5688)","UN","C",73.95]
["MATERIAL",11717,"CAIXA SIFONADA, PVC, 150 X 150 X 50 MM, COM GRELHA REDONDA, BRANCA","UN","CR",50.38]
["MATERIAL",1106,"CAL HIDRATADA CH-I PARA ARGAMASSAS","KG","C",32.9]
["MATERIAL",11161,"CAL HIDRATADA PARA PINTURA","KG","CR",39.659999999999997]
["MATERIAL",1107,"CAL VIRGEM COMUM PARA ARGAMASSAS (NBR 6453)","KG","CR",1.75]
["MATERIAL",44479,"CALCARIO DOLOMITICO A (POSTO PEDREIRA/FORNECEDOR,  SEM FRETE)","KG","CR",2.92]
["MAO DE OBRA",4759,"CALCETEIRO / RASTELEIRO (HORISTA)","H","CR",1.49]
["MAO DE OBRA",41068,"CALCETEIRO / RASTELEIRO (MENSALISTA)","MES","CR",0.15]
["MATERIAL",12618,"CALHA / PERFIL PLUVIAL DE PVC, DIAMETRO ENTRE *119 E 170* MM, COMPRIMENTO DE 3 M, PARA DRENAGEM PLUVIAL PREDIAL","UN","CR",22.45]
["MATERIAL",1108,"CALHA MOLDURA AMERICANA DE CHAPA DE ACO GALVANIZADA NUM 26, CORTE 33 CM","M","CR",3932.09]
["MATERIAL",1117,"CALHA PARA AGUA FURTADA DE CHAPA DE ACO GALVANIZADA NUM 26, CORTE 40 CM","M","CR",131.63999999999999]
["MATERIAL",1118,"CALHA PARA AGUA FURTADA DE CHAPA DE ACO GALVANIZADA NUM 26, CORTE 50 CM","M","CR",24.88]
["MATERIAL",1110,"CALHA PLATIBANDA DE CHAPA DE ACO GALVANIZADA NUM 26, CORTE 45 CM","M","CR",25.08]
["MATERIAL",40784,"CALHA QUADRADA DE CHAPA DE ACO GALVANIZADA NUM 24, CORTE 100 CM","M","CR",29.64]
["MATERIAL",40782,"CALHA QUADRADA DE CHAPA DE ACO GALVANIZADA NUM 24, CORTE 33 CM","M","CR",29.64]
["MATERIAL",40783,"CALHA QUADRADA DE CHAPA DE ACO GALVANIZADA NUM 24, CORTE 50 CM","M","CR",81.75]
["MATERIAL",1109,"CALHA QUADRADA DE CHAPA DE ACO GALVANIZADA NUM 26, CORTE 33 CM","M","CR",32.08]
["MATERIAL",1119,"CALHA QUADRADA DE CHAPA DE ACO GALVANIZADA NUM 28, CORTE 25 CM","M","CR",41.79]
["MATERIAL",13115,"CALHA/CANALETA DE CONCRETO SIMPLES, TIPO MEIA CANA, DIAMETRO DE 20 CM, PARA AGUA PLUVIAL","M","CR",24.88]
["MATERIAL",10541,"CALHA/CANALETA DE CONCRETO SIMPLES, TIPO MEIA CANA, DIAMETRO DE 30 CM, PARA AGUA PLUVIAL","M","CR",16.04]
["MATERIAL",10542,"CALHA/CANALETA DE CONCRETO SIMPLES, TIPO MEIA CANA, DIAMETRO DE 40 CM, PARA AGUA PLUVIAL","M","CR"]
["MATERIAL",10543,"CALHA/CANALETA DE CONCRETO SIMPLES, TIPO MEIA CANA, DIAMETRO DE 50 CM, PARA AGUA PLUVIAL","M","CR"]
["MATERIAL",10544,"CALHA/CANALETA DE CONCRETO SIMPLES, TIPO MEIA CANA, DIAMETRO DE 60 CM, PARA AGUA PLUVIAL","M","CR"]
["MATERIAL",10545,"CALHA/CANALETA DE CONCRETO SIMPLES, TIPO MEIA CANA, DIAMETRO DE 80 CM, PARA AGUA PLUVIAL","M","CR"]
["MATERIAL",38365,"CAMADA SEPARADORA DE FILME DE POLIETILENO 20 A 25 MICRA","M2","CR"]
["EQUIPAMENTO (AQUISIÇÃO)",44056,"CAMINHAO TOCO, PESO BRUTO TOTAL 10700 KG, CARGA UTIL MAXIMA 7400 KG, DISTANCIA ENTRE EIXOS 4,00 M, POTENCIA 175 CV (INCLUI CABINE E CHASSI, NAO INCLUI CARROCERIA)","UN","CR"]
["EQUIPAMENTO (AQUISIÇÃO)",44057,"CAMINHAO TOCO, PESO BRUTO TOTAL 13200 KG, CARGA UTIL MAXIMA 9200 KG, DISTANCIA ENTRE EIXOS 3,31 M, POTENCIA 175 CV (INCLUI CABINE E CHASSI, NAO INCLUI CARROCERIA)","UN","C",2.27]
["EQUIPAMENTO (AQUISIÇÃO)",37754,"CAMINHAO TOCO, PESO BRUTO TOTAL 14300 KG, CARGA UTIL MAXIMA 9480 KG, DISTANCIA ENTRE EIXOS 4,80 M, POTENCIA 185 CV (INCLUI CABINE E CHASSI, NAO INCLUI CARROCERIA)","UN","CR",482522.5]
["EQUIPAMENTO (AQUISIÇÃO)",37757,"CAMINHAO TOCO, PESO BRUTO TOTAL 16000 KG, CARGA UTIL MAXIMA 10600 KG, DISTANCIA ENTRE EIXOS 4,80 M, POTENCIA 277 CV (INCLUI CABINE E CHASSI, NAO INCLUI CARROCERIA)","UN","CR",515000]
["EQUIPAMENTO (AQUISIÇÃO)",44058,"CAMINHAO TOCO, PESO BRUTO TOTAL 16000 KG, CARGA UTIL MAXIMA 10830 KG, DISTANCIA ENTRE EIXOS 3,56 M, POTENCIA 226 CV (INCLUI CABINE E CHASSI, NAO INCLUI CARROCERIA)","UN","CR",532445.05000000005]
["EQUIPAMENTO (AQUISIÇÃO)",37752,"CAMINHAO TOCO, PESO BRUTO TOTAL 16000 KG, CARGA UTIL MAXIMA 11030 KG, DISTANCIA ENTRE EIXOS 5,41 M, POTENCIA 185 CV (INCLUI CABINE E CHASSI, NAO INCLUI CARROCERIA)","UN","CR",593873.89]
["EQUIPAMENTO (AQUISIÇÃO)",44059,"CAMINHAO TOCO, PESO BRUTO TOTAL 8500 KG, CARGA UTIL MAXIMA 5600 KG, DISTANCIA ENTRE EIXOS 3,40 M, POTENCIA 167 CV (INCLUI CABINE E CHASSI, NAO INCLUI CARROCERIA)","UN","CR",561396.4]
["EQUIPAMENTO (AQUISIÇÃO)",37750,"CAMINHAO TOCO, PESO BRUTO TOTAL 9600 KG, CARGA UTIL MAXIMA 6190 KG, DISTANCIA ENTRE EIXOS 3,70 M, POTENCIA 156 CV (INCLUI CABINE E CHASSI, NAO INCLUI CARROCERIA)","UN","CR",584594.56999999995]
["EQUIPAMENTO (AQUISIÇÃO)",37758,"CAMINHAO TRUCADO, PESO BRUTO TOTAL 23000 KG, CARGA UTIL MAXIMA 15285 KG, DISTANCIA ENTRE EIXOS 4,80 M, POTENCIA 326 CV (INCLUI CABINE E CHASSI, NAO INCLUI CARROCERIA)","UN","CR",462108.1]
["EQUIPAMENTO (AQUISIÇÃO)",44060,"CAMINHAO TRUCADO, PESO BRUTO TOTAL 23000 KG, CARGA UTIL MAXIMA 15460 KG, DISTANCIA ENTRE EIXOS 4,80 M, POTENCIA 286 CV (INCLUI CABINE E CHASSI, NAO INCLUI CARROCERIA)","UN","CR",463036.03]
["EQUIPAMENTO (AQUISIÇÃO)",37749,"CAMINHAO TRUCADO, PESO BRUTO TOTAL 23000 KG, CARGA UTIL MAXIMA 16360 KG, CABINE ESTENDIDA, DISTANCIA ENTRE EIXOS 3,56 M, POTENCIA 277 CV (INCLUI CABINE E CHASSI, NAO INCLUI CARROCERIA)","UN","CR",736774.75]
["EQUIPAMENTO (AQUISIÇÃO)",44061,"CAMINHAO TRUCADO, PESO BRUTO TOTAL 23000 KG, CARGA UTIL MAXIMA 16540 KG, DISTANCIA ENTRE EIXOS 4,80 M, POTENCIA 256 CV (INCLUI CABINE E CHASSI, NAO INCLUI CARROCERIA)","UN","CR",712648.65]
["EQUIPAMENTO (AQUISIÇÃO)",1159,"CAMINHONETE COM MOTOR A DIESEL, POTENCIA *160* CV, CABINE DUPLA, 4X4","UN","C",760900.91]
["MATERIAL",12114,"CAMPAINHA ALTA POTENCIA 110V / 220V, DIAMETRO 150 MM","UN","CR",698729.75]
["MATERIAL",38106,"CAMPAINHA CIGARRA 127 V / 220 V (APENAS MODULO)","UN","CR",278241.67]
["MATERIAL",38085,"CAMPAINHA CIGARRA 127 V / 220 V, CONJUNTO MONTADO PARA EMBUTIR 4\" X 2\" (PLACA + SUPORTE + MODULO)","UN","CR",131.24]
["MATERIAL",659,"CANALETA DE CONCRETO 14 X 19 X 19 CM (CLASSE C - NBR 6136)","UN","CR",17.829999999999998]
["MATERIAL",660,"CANALETA DE CONCRETO 19 X 19 X 19 CM (CLASSE C - NBR 6136)","UN","CR",21.07]
["MATERIAL",658,"CANALETA DE CONCRETO 9 X 19 X 19 CM (CLASSE C - NBR 6136)","UN","CR",2.77]
["MATERIAL",38599,"CANALETA DE CONCRETO ESTRUTURAL 14 X 19 X 29 CM, FBK 14 MPA (NBR 6136)","UN","CR",3.32]
["MATERIAL",38596,"CANALETA DE CONCRETO ESTRUTURAL 14 X 19 X 29 CM, FBK 4,5 MPA (NBR 6136)","UN","CR",1.87]
["MATERIAL",38600,"CANALETA DE CONCRETO ESTRUTURAL 14 X 19 X 39 CM, FBK 14 MPA (NBR 6136)","UN","CR",5.77]
["MATERIAL",38597,"CANALETA DE CONCRETO ESTRUTURAL 14 X 19 X 39 CM, FBK 4,5 MPA (NBR 6136)","UN","CR",4.79]
["MATERIAL",38548,"CANALETA ESTRUTURAL CERAMICA DE 14 X 19 X 19 CM (L X A X C) E 6,0 MPA","UN","CR",6.12]
["MATERIAL",34649,"CANALETA ESTRUTURAL CERAMICA DE 14 X 19 X 29 CM (L X A X C) E 6,0 MPA","UN","CR",4.82]
["MATERIAL",34655,"CANALETA ESTRUTURAL CERAMICA DE 14 X 19 X 39 CM (L X A X C) E 6,0 MPA","UN","CR",1.46]
["MATERIAL",40607,"CANOPLA ACABAMENTO CROMADO PARA INSTALACAO DE SPRINKLER, SOB FORRO, 15 MM","UN","CR",2.13]
["MATERIAL",567,"CANTONEIRA (ABAS IGUAIS) EM ACO CARBONO, 25,4 MM X 3,17 MM (L X E), 1,27KG/M","M","CR",3.14]
["MATERIAL",574,"CANTONEIRA (ABAS IGUAIS) EM ACO CARBONO, 38,1 MM X 3,17 MM (L X E), 3,48 KG/M","M","CR"]
["MATERIAL",568,"CANTONEIRA (ABAS IGUAIS) EM ACO CARBONO, 50,8 MM X 9,53 MM (L X E), 6,99 KG/M","M","CR",10.74]
["MATERIAL",4777,"CANTONEIRA ACO ABAS IGUAIS (QUALQUER BITOLA), ESPESSURA ENTRE 1/8\" E 1/4\"","KG","CR",28.24]
["MATERIAL",592,"CANTONEIRA EM ALUMINIO, ABAS IGUAIS, LARGURA DE 25,40 MM (1\"), ESPESSURA DE 3,17 MM (1/8\") E PESO LINEAR DE APROXIMADAMENTE 0,408 KG/M","KG","C",59.5]
["MATERIAL",586,"CANTONEIRA EM ALUMINIO, ABAS IGUAIS, LARGURA DE 25,40 MM (1\"), ESPESSURA DE 4,76 MM (3/16\") E PESO LINEAR DE APROXIMADAMENTE 0,593 KG/M","M","CR"]
["MATERIAL",588,"CANTONEIRA EM ALUMINIO, ABAS IGUAIS, LARGURA DE 31,75 MM (1 1/4\"), ESPESSURA DE 4,76 MM (3/16\") E PESO LINEAR DE APROXIMADAMENTE 0,755 KG/M","M","CR"]
["MATERIAL",591,"CANTONEIRA EM ALUMINIO, ABAS IGUAIS, LARGURA DE 38,10 MM (1 1/2\"), ESPESSURA DE 4,76 MM (3/16\") E PESO LINEAR DE APROXIMADAMENTE 0,915 KG/M","KG","CR"]
["MATERIAL",584,"CANTONEIRA EM ALUMINIO, ABAS IGUAIS, LARGURA DE 50,80 MM (2\"), ESPESSURA DE 3,17 MM (1/8\") E PESO LINEAR DE APROXIMADAMENTE 0,842 KG/M","M","CR"]
["MATERIAL",589,"CANTONEIRA EM ALUMINIO, ABAS IGUAIS, LARGURA DE 50,80 MM (2\"), ESPESSURA DE 6,35 MM (1/4\") E PESO LINEAR DE APROXIMADAMENTE 1,630 KG/M","M","CR"]
["MATERIAL",1165,"CAP OU TAMPAO DE FERRO GALVANIZADO, COM ROSCA BSP, DE 1 1/2\"","UN","CR"]
["MATERIAL",1164,"CAP OU TAMPAO DE FERRO GALVANIZADO, COM ROSCA BSP, DE 1 1/4\"","UN","CR"]
["MATERIAL",1170,"CAP OU TAMPAO DE FERRO GALVANIZADO, COM ROSCA BSP, DE 1\"","UN","CR"]
["MATERIAL",1162,"CAP OU TAMPAO DE FERRO GALVANIZADO, COM ROSCA BSP, DE 1/2\"","UN","CR"]
["MATERIAL",12395,"CAP OU TAMPAO DE FERRO GALVANIZADO, COM ROSCA BSP, DE 1/4\"","UN","CR"]
["MATERIAL",1169,"CAP OU TAMPAO DE FERRO GALVANIZADO, COM ROSCA BSP, DE 2 1/2\"","UN","CR"]
["MATERIAL",1166,"CAP OU TAMPAO DE FERRO GALVANIZADO, COM ROSCA BSP, DE 2\"","UN","CR"]
["MATERIAL",1168,"CAP OU TAMPAO DE FERRO GALVANIZADO, COM ROSCA BSP, DE 3\"","UN","CR"]
["MATERIAL",1163,"CAP OU TAMPAO DE FERRO GALVANIZADO, COM ROSCA BSP, DE 3/4\"","UN","CR"]
["MATERIAL",12396,"CAP OU TAMPAO DE FERRO GALVANIZADO, COM ROSCA BSP, DE 3/8\"","UN","CR"]
["MATERIAL",1167,"CAP OU TAMPAO DE FERRO GALVANIZADO, COM ROSCA BSP, DE 4\"","UN","CR"]
["MATERIAL",36331,"CAP PPR DN 20 MM, PARA AGUA QUENTE PREDIAL","UN","CR"]
["MATERIAL",36346,"CAP PPR DN 25 MM, PARA AGUA QUENTE PREDIAL","UN","CR"]
["MATERIAL",1202,"CAP PVC, ROSCAVEL, 1\", PARA AGUA FRIA PREDIAL","UN","CR"]
["MATERIAL",1197,"CAP PVC, ROSCAVEL, 1/2\", PARA AGUA FRIA PREDIAL","UN","CR"]
["MATERIAL",1198,"CAP PVC, ROSCAVEL, 3/4\", PARA AGUA FRIA PREDIAL","UN","CR",4.9000000000000004]
["MATERIAL",20088,"CAP PVC, SERIE R, DN 100 MM, PARA ESGOTO PREDIAL","UN","CR",1.73]
["MATERIAL",20089,"CAP PVC, SERIE R, DN 150 MM, PARA ESGOTO PREDIAL","UN","CR",2.2599999999999998]
["MATERIAL",20087,"CAP PVC, SERIE R, DN 75 MM, PARA ESGOTO PREDIAL","UN","CR",10.130000000000001]
["MATERIAL",1191,"CAP PVC, SOLDAVEL, 20 MM, PARA AGUA FRIA PREDIAL","UN","CR",49.65]
["MATERIAL",1185,"CAP PVC, SOLDAVEL, 25 MM, PARA AGUA FRIA PREDIAL","UN","CR",8.3800000000000008]
["MATERIAL",1189,"CAP PVC, SOLDAVEL, 32 MM, PARA AGUA FRIA PREDIAL","UN","CR",1.23]
["MATERIAL",1193,"CAP PVC, SOLDAVEL, 40 MM, PARA AGUA FRIA PREDIAL","UN","CR",1.23]
["MATERIAL",1194,"CAP PVC, SOLDAVEL, 50 MM, PARA AGUA FRIA PREDIAL","UN","CR",2.0099999999999998]
["MATERIAL",1195,"CAP PVC, SOLDAVEL, 60 MM, PARA AGUA FRIA PREDIAL","UN","CR",3.87]
["MATERIAL",1204,"CAP PVC, SOLDAVEL, 75 MM, PARA AGUA FRIA PREDIAL","UN","CR",6.99]
["MATERIAL",1200,"CAP PVC, SOLDAVEL, DN 100 MM, SERIE NORMAL, PARA ESGOTO PREDIAL","UN","CR",11.76]
["MATERIAL",12909,"CAP PVC, SOLDAVEL, DN 50 MM, SERIE NORMAL, PARA ESGOTO PREDIAL","UN","CR",20.57]
["MATERIAL",12910,"CAP PVC, SOLDAVEL, DN 75 MM, SERIE NORMAL, PARA ESGOTO PREDIAL","UN","CR",7.61]
["MATERIAL",1207,"CAP, PVC PBA, JE, DN 100 / DE 110 MM, PARA REDE DE AGUA (NBR 10351)","UN","CR",3.53]
["MATERIAL",1206,"CAP, PVC PBA, JE, DN 50 / DE 60 MM, PARA REDE DE AGUA (NBR 10351)","UN","CR",6.34]
["MATERIAL",1183,"CAP, PVC PBA, JE, DN 75 / DE 85 MM, PARA REDE DE AGUA (NBR 10351)","UN","CR"]
["MATERIAL",42685,"CAP, PVC, JE, OCRE, DN 150 MM (CONEXAO PARA TUBO COLETOR DE ESGOTO)","UN","CR"]
["MATERIAL",42686,"CAP, PVC, JE, OCRE, DN 200 MM (CONEXAO PARA TUBO COLETOR DE ESGOTO)","UN","CR"]
["MATERIAL",12894,"CAPA PARA CHUVA EM PVC COM FORRO DE POLIESTER, COM CAPUZ (AMARELA OU AZUL)","UN","CR",51.45]
["MATERIAL",12895,"CAPACETE DE SEGURANCA ABA FRONTAL COM SUSPENSAO DE POLIETILENO, SEM JUGULAR (CLASSE B)","UN","C",56.67]
["MATERIAL",1631,"CAPACITOR TRIFASICO, POTENCIA 2,5 KVAR, TENSAO 220 V, FORNECIDO COM CAPA PROTETORA, RESISTOR INTERNO A UNIDADE CAPACITIVA","UN","CR",24.05]
["MATERIAL",1633,"CAPACITOR TRIFASICO, POTENCIA 5 KVAR, TENSAO 220 V, FORNECIDO COM CAPA PROTETORA, RESISTOR INTERNO A UNIDADE CAPACITIVA","UN","CR",16.149999999999999]
["MATERIAL",10818,"CAPIM BRAQUIARIA DECUMBENS/ BRAQUIARINHA, VC *70*% MINIMO","KG","CR"]
["MATERIAL",41410,"CAPTOR FRANKLIN (4 PONTAS), EM LATAO CROMADO, H = 300 MM, DUAS DESCIDAS","UN","CR"]
["MATERIAL",41411,"CAPTOR FRANKLIN (4 PONTAS), EM LATAO CROMADO, H = 300 MM, UMA DESCIDA","UN","CR",72.28]
["MATERIAL",41412,"CAPTOR FRANKLIN (4 PONTAS), EM LATAO CROMADO, H = 350 MM, DUAS DESCIDAS","UN","CR"]
["MATERIAL",41413,"CAPTOR FRANKLIN (4 PONTAS), EM LATAO CROMADO, H=350 MM, UMA DESCIDA","UN","CR"]
["MATERIAL",39359,"CARENAGEM /TAMPA, EM PLASTICO, COR BRANCA, UTILIZADO EM KIT CHASSI METALICO PARA INSTAL. HIDRAULICA DE CUBA SIMPLES SEM MAQUINA DE LAVAR ROUPA, *355* X *670* MM (L X H) (COM FUROS E DEMAIS ENCAIXES)","UN","CR"]
["MATERIAL",39360,"CARENAGEM /TAMPA, EM PLASTICO, COR BRANCA, UTILIZADO EM KIT CHASSI METALICO PARA INSTAL. HIDRAULICA DE TANQUE COM MAQUINA DE LAVAR ROUPA, *360* X *470* MM (L X H) (COM FUROS E DEMAIS ENCAIXES)","UN","CR"]
["SERVIÇOS",10710,"CARPETE DE NYLON EM MANTA PARA TRAFEGO COMERCIAL PESADO, E = 6 A 7 MM (INSTALADO)","M2","C"]
["SERVIÇOS",10709,"CARPETE DE NYLON EM MANTA PARA TRAFEGO COMERCIAL PESADO, E = 9 A 10 MM (INSTALADO)","M2","CR"]
["SERVIÇOS",39636,"CARPETE DE NYLON EM PLACAS 50 X 50 CM PARA TRAFEGO COMERCIAL PESADO, E = 6,5 MM (INSTALADO)","M2","CR"]
["SERVIÇOS",10708,"CARPETE DE POLIESTER EM MANTA PARA TRAFEGO COMERCIAL PESADO, E = 4 A 5 MM (INSTALADO)","M2","CR"]
["SERVIÇOS",39635,"CARPETE DE POLIPROPILENO EM MANTA PARA TRAFEGO COMERCIAL MEDIO, E = 5 A 6 MM (INSTALADO)","M2","CR"]
["MAO DE OBRA",6117,"CARPINTEIRO AUXILIAR (HORISTA)","H","CR"]
["MAO DE OBRA",40913,"CARPINTEIRO AUXILIAR (MENSALISTA)","MES","CR"]
["MAO DE OBRA",1214,"CARPINTEIRO DE ESQUADRIAS (HORISTA)","H","CR",17.91]
["MAO DE OBRA",40915,"CARPINTEIRO DE ESQUADRIAS (MENSALISTA)","MES","CR",3137.72]
["MAO DE OBRA",40914,"CARPINTEIRO DE FORMAS OU OFICIAL (MENSALISTA)","MES","CR",21.38]
["MAO DE OBRA",1213,"CARPINTEIRO DE FORMAS PARA CONCRETO (HORISTA)","H","C",3743.83]
["MATERIAL",5091,"CARRANCA PARA JANELA VENEZIANA DE ABRIR, EM LATAO CROMADO, SIMPLES, PARA APARAFUSAR NA PAREDE","UN","CR",3929.54]
["EQUIPAMENTO (AQUISIÇÃO)",14615,"CARRINHO COM 2 PNEUS PARA TRANSPORTAR TUBO CONCRETO, ALTURA ATE 1,0 M E DIAMETRO ATE 1000MM, COM ESTRUTURA EM PERFIL OU TUBO METALICO","UN","CR",22.45]
["MATERIAL",2711,"CARRINHO DE MAO, EM ACO, COM CAPACIDADE DE *45 A 65* L / *100* KG, PNEU COM CAMARA","UN","C",21.67]
["EQUIPAMENTO (AQUISIÇÃO)",37727,"CARROCERIA FIXA ABERTA DE MADEIRA PARA TRANSPORTE GERAL DE CARGA SECA DIMENSOES APROXIMADAS 2,25 X 4,10 X 0,50 M (INCLUI MONTAGEM, NAO INCLUI CAMINHAO)","UN","C",4174.8]
["EQUIPAMENTO (AQUISIÇÃO)",37728,"CARROCERIA FIXA ABERTA DE MADEIRA PARA TRANSPORTE GERAL DE CARGA SECA DIMENSOES APROXIMADAS 2,5 X 5,5 X 0,50 M (INCLUI MONTAGEM, NAO INCLUI CAMINHAO)","UN","CR",189]
["EQUIPAMENTO (AQUISIÇÃO)",37729,"CARROCERIA FIXA ABERTA DE MADEIRA PARA TRANSPORTE GERAL DE CARGA SECA DIMENSOES APROXIMADAS 2,5 X 6,00 X 0,50 M (INCLUI MONTAGEM, NAO INCLUI CAMINHAO)","UN","CR",1217.68]
["EQUIPAMENTO (AQUISIÇÃO)",37730,"CARROCERIA FIXA ABERTA DE MADEIRA PARA TRANSPORTE GERAL DE CARGA SECA DIMENSOES APROXIMADAS 2,5 X 6,5 X 0,50 M (INCLUI MONTAGEM, NAO INCLUI CAMINHAO)","UN","CR"]
["EQUIPAMENTO (AQUISIÇÃO)",37731,"CARROCERIA FIXA ABERTA DE MADEIRA PARA TRANSPORTE GERAL DE CARGA SECA DIMENSOES APROXIMADAS 2,5 X 7,00 X 0,50 M (INCLUI MONTAGEM, NAO INCLUI CAMINHAO)","UN","CR"]
["EQUIPAMENTO (AQUISIÇÃO)",37732,"CARROCERIA FIXA ABERTA DE MADEIRA PARA TRANSPORTE GERAL DE CARGA SECA DIMENSOES APROXIMADAS 2,5 X 7,5 X 0,50 M (INCLUI MONTAGEM, NAO INCLUI CAMINHAO)","UN","CR"]
["MATERIAL",45194,"CAVALETE DE FERRO DOBRAVEL, ALTURA 80 CM","UN","CR"]
["EQUIPAMENTO (AQUISIÇÃO)",36496,"CAVALETE PARA TALHA COM ESTRUTURA EM TUBO METALICO ALTURA MINIMA 3,2 M EQUIPADO COM RODAS DE BORRACHA PARA MOVIMENTACAO DE TUBOS DE CONCRETO NA CENTRAL DE PREMOLDADOS COM CAPACIDADE DE CARGA DE 3 TONELADAS","UN","CR"]
["EQUIPAMENTO (AQUISIÇÃO)",37762,"CAVALO MECANICO TRACAO 4X2, PESO BRUTO TOTAL 16000 KG, CAPACIDADE MAXIMA DE TRACAO *36000* KG, DISTANCIA ENTRE EIXOS *3,56* M, POTENCIA *286* CV (INCLUI CABINE E CHASSI, NAO INCLUI SEMIRREBOQUE)","UN","CR"]
["EQUIPAMENTO (AQUISIÇÃO)",37763,"CAVALO MECANICO TRACAO 4X2, PESO BRUTO TOTAL 16000 KG, CAPACIDADE MAXIMA DE TRACAO *45000* KG, DISTANCIA ENTRE EIXOS *3,56* M, POTENCIA *330* CV (INCLUI CABINE E CHASSI, NAO INCLUI SEMIRREBOQUE)","UN","CR",177.28]
["EQUIPAMENTO (AQUISIÇÃO)",41992,"CAVALO MECANICO TRACAO 4X2, PESO BRUTO TOTAL 16000 KG, CAPACIDADE MAXIMA DE TRACAO *80000* KG, POTENCIA *380* CV (INCLUI CABINE E CHASSI, NAO INCLUI SEMIRREBOQUE)","UN","C",10599.73]
["EQUIPAMENTO (AQUISIÇÃO)",10630,"CAVALO MECANICO TRACAO 4X2, PESO BRUTO TOTAL COMBINADO 49000 KG, CAPACIDADE MAXIMA DE TRACAO *66000* KG, POTENCIA *360* CV (INCLUI CABINE E CHASSI, NAO INCLUI SEMIRREBOQUE)","UN","CR"]
["EQUIPAMENTO (AQUISIÇÃO)",13215,"CAVALO MECANICO TRACAO 6X2, PESO BRUTO TOTAL COMBINADO 56000 KG, CAPACIDADE MAXIMA DE TRACAO *66000* KG, POTENCIA *360* CV (INCLUI CABINE E CHASSI, NAO INCLUI SEMIRREBOQUE)","UN","CR"]
["MAO DE OBRA",4235,"CAVOUQUEIRO OU OPERADOR DE PERFURATRIZ / ROMPEDOR (HORISTA)","H","CR"]
["MAO DE OBRA",40976,"CAVOUQUEIRO OU OPERADOR DE PERFURATRIZ / ROMPEDOR (MENSALISTA)","MES","CR"]
["MATERIAL",43091,"CENTRO DE MEDICAO AGRUPADA, EM POLICARBONATO / PVC, COM 12 MEDIDORES E PROTECAO GERAL (INCLUI BARRAMENTO, DISJUNTORES E ACESSORIOS DE FIXACAO) (PADRAO CONCESSIONARIA LOCAL)","UN","CR"]
["MATERIAL",43092,"CENTRO DE MEDICAO AGRUPADA, EM POLICARBONATO / PVC, COM 16 MEDIDORES E PROTECAO GERAL (INCLUI BARRAMENTO, DISJUNTORES E ACESSORIOS DE FIXACAO) (PADRAO CONCESSIONARIA LOCAL)","UN","CR",18.68]
["MATERIAL",43089,"CENTRO DE MEDICAO AGRUPADA, EM POLICARBONATO / PVC, COM 4 MEDIDORES E PROTECAO GERAL (INCLUI BARRAMENTO, DISJUNTORES E ACESSORIOS DE FIXACAO) (PADRAO CONCESSIONARIA LOCAL)","UN","CR",3271.69]
["MATERIAL",43090,"CENTRO DE MEDICAO AGRUPADA, EM POLICARBONATO / PVC, COM 8 MEDIDORES E PROTECAO GERAL (INCLUI BARRAMENTO, DISJUNTORES E ACESSORIOS DE FIXACAO) (PADRAO CONCESSIONARIA LOCAL)","UN","CR",9203.68]
["MATERIAL",41967,"CERA LIQUIDA INCOLOR MULTIPISO","L","CR",12271.58]
["MATERIAL",12760,"CHAPA ACO INOX AISI 304 NUMERO 4 (E = 6 MM), ACABAMENTO NUMERO 1 (LAMINADO A QUENTE, FOSCO)","M2","CR",2138.67]
["MATERIAL",12759,"CHAPA ACO INOX AISI 304 NUMERO 9 (E = 4 MM), ACABAMENTO NUMERO 1 (LAMINADO A QUENTE, FOSCO)","M2","CR",4719.84]
["MATERIAL",43105,"CHAPA DE ACO CARBONO GALVANIZADA, PERFURADA (GRADE FUROS) E = 1,5 MM, DIAMETRO DO FURO = 9,52 MM (FUROS ALTERNADOS HORIZ.)","KG","CR",31.84]
["MATERIAL",40424,"CHAPA DE ACO CARBONO LAMINADO A QUENTE, QUALIDADE ESTRUTURAL, BITOLA 3/16\", E =4,75 MM (37,29 KG/M2)","KG","CR",1598.54]
["MATERIAL",1325,"CHAPA DE ACO FINA A FRIO BITOLA MSG 20, E = 0,90 MM (7,20 KG/M2)","KG","CR",1065.68]
["MATERIAL",1327,"CHAPA DE ACO FINA A FRIO BITOLA MSG 24, E = 0,60 MM (4,80 KG/M2)","KG","CR",32.36]
["MATERIAL",1328,"CHAPA DE ACO FINA A FRIO BITOLA MSG 26, E = 0,45 MM (3,60 KG/M2)","KG","CR",8.2200000000000006]
["MATERIAL",1321,"CHAPA DE ACO FINA A QUENTE BITOLA MSG 13, E = 2,25 MM (18,00 KG/M2)","KG","CR",9]
["MATERIAL",1318,"CHAPA DE ACO FINA A QUENTE BITOLA MSG 14, E = 2,00 MM (16,0 KG/M2)","KG","CR",9.59]
["MATERIAL",1322,"CHAPA DE ACO FINA A QUENTE BITOLA MSG 16, E = 1,50 MM (12,00 KG/M2)","KG","CR",9.02]
["MATERIAL",1323,"CHAPA DE ACO FINA A QUENTE BITOLA MSG 18, E = 1,20 MM (9,60 KG/M2)","KG","CR",8.36]
["MATERIAL",1319,"CHAPA DE ACO FINA A QUENTE BITOLA MSG 3/16\", E = 4,75 MM (38,00 KG/M2)","KG","CR",8.36]
["MATERIAL",11026,"CHAPA DE ACO GALVANIZADA BITOLA GSG 14, E = 1,95 MM (15,60 KG/M2)","KG","CR",8.83]
["MATERIAL",11027,"CHAPA DE ACO GALVANIZADA BITOLA GSG 16, E = 1,55 MM (12,40 KG/M2)","KG","CR",8.83]
["MATERIAL",11046,"CHAPA DE ACO GALVANIZADA BITOLA GSG 18, E = 1,25 MM (10,00 KG/M2)","KG","CR",7.44]
["MATERIAL",11047,"CHAPA DE ACO GALVANIZADA BITOLA GSG 19, E = 1,11 MM (8,88 KG/M2)","KG","CR",10.24]
["MATERIAL",43668,"CHAPA DE ACO GALVANIZADA BITOLA GSG 20, E = 0,95 MM (7,60 KG/M2)","KG","CR",10.66]
["MATERIAL",11049,"CHAPA DE ACO GALVANIZADA BITOLA GSG 22, E = 0,80 MM (6,40 KG/M2)","KG","C",10.210000000000001]
["MATERIAL",43106,"CHAPA DE ACO GALVANIZADA BITOLA GSG 24, E = 0,64 (5,12 KG/M2)","KG","CR",11.13]
["MATERIAL",11051,"CHAPA DE ACO GALVANIZADA BITOLA GSG 26, E = 0,50 MM (4,00 KG/M2)","KG","CR",9.82]
["MATERIAL",11061,"CHAPA DE ACO GALVANIZADA BITOLA GSG 30, E = 0,35 MM (2,80 KG/M2)","KG","CR",10.64]
["MATERIAL",43667,"CHAPA DE ACO GROSSA, ASTM A36, E = 1\" (25,40 MM) 199,18 KG/M2","KG","CR",10.7]
["MATERIAL",1333,"CHAPA DE ACO GROSSA, ASTM A36, E = 1/2\" (12,70 MM) 99,59 KG/M2","KG","CR",11.17]
["MATERIAL",1330,"CHAPA DE ACO GROSSA, ASTM A36, E = 1/4\" (6,35 MM) 49,79 KG/M2","KG","CR",13.4]
["MATERIAL",10957,"CHAPA DE ACO GROSSA, ASTM A36, E = 3/4\" (19,05 MM) 149,39 KG/M2","KG","CR",9.74]
["MATERIAL",1332,"CHAPA DE ACO GROSSA, ASTM A36, E = 3/8\" (9,53 MM) 74,69 KG/M2","KG","CR",8.11]
["MATERIAL",1334,"CHAPA DE ACO GROSSA, ASTM A36, E = 5/8\" (15,88 MM) 124,49 KG/M2","KG","CR",8.0399999999999991]
["MATERIAL",1335,"CHAPA DE ACO GROSSA, ASTM A36, E = 7/8\" (22,23 MM) 174,28 KG/M2","KG","CR",9.27]
["MATERIAL",40425,"CHAPA DE ACO GROSSA, SAE 1020, BITOLA 1/4\", E = 6,35 MM (49,85 KG/M2)","KG","CR",8.24]
["MATERIAL",1337,"CHAPA DE ACO XADREZ PARA PISOS, E = 1/4\" (6,30 MM) 54,53 KG/M2","KG","CR",9.14]
["MATERIAL",1338,"CHAPA DE LAMINADO MELAMINICO, LISO BRILHANTE, DE 1,25 X 3,08 METROS, ESPESSURA = 0,8 MILIMETROS","M2","C",9.44]
["MATERIAL",1340,"CHAPA DE LAMINADO MELAMINICO, LISO FOSCO, DE 1,25 X 3,08 METROS, ESPESSURA = 0,8 MILIMETROS","M2","CR",8.08]
["MATERIAL",1341,"CHAPA DE LAMINADO MELAMINICO, TEXTURIZADO, DE 1,25 X 3,08 METROS, ESPESSURA = 0,8 MILIMETROS","M2","CR",9.27]
["MATERIAL",34659,"CHAPA DE MDF BRANCO LISO 1 FACE, E = 12 MM, DE *2,75 X 1,85* M","M2","CR",40.24]
["MATERIAL",34514,"CHAPA DE MDF BRANCO LISO 1 FACE, E = 15 MM, DE *2,75 X 1,85* M","M2","C",46.52]
["MATERIAL",34660,"CHAPA DE MDF BRANCO LISO 1 FACE, E = 18 MM, DE *2,75 X 1,85* M","M2","CR",44.81]
["MATERIAL",34661,"CHAPA DE MDF BRANCO LISO 1 FACE, E = 25 MM, DE *2,75 X 1,85* M","M2","CR",41.55]
["MATERIAL",34667,"CHAPA DE MDF BRANCO LISO 1 FACE, E = 6 MM, DE *2,75 X 1,85* M","M2","CR",46.02]
["MATERIAL",34668,"CHAPA DE MDF BRANCO LISO 1 FACE, E = 9 MM, DE *2,75 X 1,85* M","M2","CR",58.4]
["MATERIAL",34741,"CHAPA DE MDF BRANCO LISO 2 FACES, E = 12 MM, DE *2,75 X 1,85* M","M2","CR",83.88]
["MATERIAL",34664,"CHAPA DE MDF BRANCO LISO 2 FACES, E = 15 MM, DE *2,75 X 1,85* M","M2","CR",30.37]
["MATERIAL",34665,"CHAPA DE MDF BRANCO LISO 2 FACES, E = 18 MM, DE *2,75 X 1,85* M","M2","CR",39.69]
["MATERIAL",34666,"CHAPA DE MDF BRANCO LISO 2 FACES, E = 25 MM, DE *2,75 X 1,85* M","M2","CR",43.67]
["MATERIAL",34669,"CHAPA DE MDF BRANCO LISO 2 FACES, E = 6 MM, DE *2,75 X 1,85* M","M2","CR",47.66]
["MATERIAL",34670,"CHAPA DE MDF BRANCO LISO 2 FACES, E = 9 MM, DE *2,75 X 1,85* M","M2","CR",59.17]
["MATERIAL",34671,"CHAPA DE MDF CRU, E = 12 MM, DE *2,75 X 1,85* M","M2","CR",89.37]
["MATERIAL",34672,"CHAPA DE MDF CRU, E = 15 MM, DE *2,75 X 1,85* M","M2","CR",32.770000000000003]
["MATERIAL",34673,"CHAPA DE MDF CRU, E = 18 MM, DE *2,75 X 1,85* M","M2","CR",40.08]
["MATERIAL",34674,"CHAPA DE MDF CRU, E = 20 MM, DE *2,75 X 1,85* M","M2","CR",33.450000000000003]
["MATERIAL",34675,"CHAPA DE MDF CRU, E = 25 MM, DE *2,75 X 1,85* M","M2","CR",35.270000000000003]
["MATERIAL",34676,"CHAPA DE MDF CRU, E = 6 MM, DE *2,75 X 1,85* M","M2","CR",43.04]
["MATERIAL",34677,"CHAPA DE MDF CRU, E = 9 MM, DE *2,75 X 1,85* M","M2","CR",57.23]
["MATERIAL",43126,"CHAPA EM ACO GALVANIZADO PARA STEEL DECK, COM NERVURAS TRAPEZOIDAIS, LARGURA UTIL DE 915 MM E ESPESSURA DE 0,80 MM","M2","CR",69.77]
["MATERIAL",43124,"CHAPA EM ACO GALVANIZADO PARA STEEL DECK, COM NERVURAS TRAPEZOIDAIS, LARGURA UTIL DE 915 MM E ESPESSURA DE 0,95 MM","M2","CR",20.079999999999998]
["MATERIAL",43125,"CHAPA EM ACO GALVANIZADO PARA STEEL DECK, COM NERVURAS TRAPEZOIDAIS, LARGURA UTIL DE 915 MM E ESPESSURA DE 1,25 MM","M2","CR",27]
["MATERIAL",40623,"CHAPA PARA EMENDA DE VIGA, EM ACO GROSSO, QUALIDADE ESTRUTURAL, BITOLA 3/16 \", E= 4,75 MM, 4 FUROS, LARGURA 45 MM, COMPRIMENTO 500 MM","PAR","CR"]
["MATERIAL",43701,"CHAPA/BOBINA LISA EM ALUMINIO, LIGA 1.200 - H14, QUALQUER ESPESSURA, QUALQUER LARGURA","KG","C"]
["MATERIAL",1345,"CHAPA/PAINEL DE MADEIRA COMPENSADA PLASTIFICADA (MADEIRITE PLASTIFICADO) PARA FORMA DE CONCRETO, DE 2200 X 1100 MM, E = *17* MM","M2","CR"]
["MATERIAL",1346,"CHAPA/PAINEL DE MADEIRA COMPENSADA PLASTIFICADA (MADEIRITE PLASTIFICADO) PARA FORMA DE CONCRETO, DE 2200 X 1100 MM, E = 10 MM","M2","CR",90.25]
["MATERIAL",1347,"CHAPA/PAINEL DE MADEIRA COMPENSADA PLASTIFICADA (MADEIRITE PLASTIFICADO) PARA FORMA DE CONCRETO, DE 2200 X 1100 MM, E = 12 MM","M2","CR",52.88]
["MATERIAL",43678,"CHAPA/PAINEL DE MADEIRA COMPENSADA PLASTIFICADA (MADEIRITE PLASTIFICADO) PARA FORMA DE CONCRETO, DE 2200 X 1100 MM, E = 14 MM","M2","CR",71.23]
["MATERIAL",43680,"CHAPA/PAINEL DE MADEIRA COMPENSADA PLASTIFICADA (MADEIRITE PLASTIFICADO) PARA FORMA DE CONCRETO, DE 2200 X 1100 MM, E = 20 MM","M2","CR",41.43]
["MATERIAL",43679,"CHAPA/PAINEL DE MADEIRA COMPENSADA PLASTIFICADA (MADEIRITE PLASTIFICADO) PARA FORMA DE CONCRETO, DE 2200 X 1100 MM, E = 6 MM","M2","CR",51.34]
["MATERIAL",1355,"CHAPA/PAINEL DE MADEIRA COMPENSADA RESINADA (MADEIRITE RESINADO ROSA) PARA FORMA DE CONCRETO, DE 2200 X 1100 MM, E = 14 MM","M2","CR",59.55]
["MATERIAL",1358,"CHAPA/PAINEL DE MADEIRA COMPENSADA RESINADA (MADEIRITE RESINADO ROSA) PARA FORMA DE CONCRETO, DE 2200 X 1100 MM, E = 17 MM","M2","CR",85.78]
["MATERIAL",43677,"CHAPA/PAINEL DE MADEIRA COMPENSADA RESINADA (MADEIRITE RESINADO ROSA) PARA FORMA DE CONCRETO, DE 2200 X 1100 MM, E = 20 MM","M2","CR",30.1]
["MATERIAL",43682,"CHAPA/PAINEL DE MADEIRA COMPENSADA RESINADA (MADEIRITE RESINADO ROSA) PARA FORMA DE CONCRETO, DE 2200 X 1100 MM, E = 6 MM","M2","CR",34.26]
["MATERIAL",43681,"CHAPA/PAINEL DE MADEIRA COMPENSADA RESINADA (MADEIRITE RESINADO ROSA) PARA FORMA DE CONCRETO, DE 2200 X 1100 MM, E = 8 A 12 MM","M2","C",42.06]
["MATERIAL",45248,"CHAVE AJUSTAVEL (INGLESA) 10\"","UN","CR",52.18]
["MATERIAL",45243,"CHAVE AJUSTAVEL (INGLESA) 15\"","UN","CR",15.99]
["MATERIAL",45252,"CHAVE AJUSTAVEL (INGLESA) 6\"","UN","CR",26.5]
["MATERIAL",45246,"CHAVE DE GRIFO DE 24\"","UN","CR",59.65]
["MATERIAL",20971,"CHAVE DUPLA PARA CONEXOES TIPO STORZ, ENGATE RAPIDO 1 1/2\" X 2 1/2\", EM LATAO, PARA INSTALACAO PREDIAL COMBATE A INCENDIO","UN","CR",192.89]
["MATERIAL",45247,"CHAVE FIXA 19 X 22 MM","UN","CR",33.83]
["MATERIAL",39746,"CHUMBADOR DE ACO GALVANIZADO, 1\" X 600 MM, PARA POSTES DE ACO COM BASE, INCLUSO PORCA E ARRUELA","UN","CR",156.78]
["MATERIAL",13279,"CHUMBADOR DE ACO TIPO PARABOLT, * 5/8\" X 200* MM, COM PORCA E ARRUELA","KG","CR",21.9]
["MATERIAL",11977,"CHUMBADOR DE ACO ZINCADO, DIAMETRO 1/2\", COMPRIMENTO 75 MM","UN","CR",22.74]
["MATERIAL",11976,"CHUMBADOR DE ACO ZINCADO, DIAMETRO 1/4\" COM PARAFUSO 1/4\" X 40 MM","UN","CR",127.68]
["MATERIAL",11975,"CHUMBADOR DE ACO ZINCADO, DIAMETRO 5/8\", COMPRIMENTO 6\", COM PORCA","UN","CR",32.33]
["MATERIAL",1368,"CHUVEIRO COMUM EM PLASTICO BRANCO, COM CANO, 3 TEMPERATURAS, 5500 W (110/220 V)","UN","C",16.75]
["MATERIAL",1367,"CHUVEIRO COMUM EM PLASTICO CROMADO, COM CANO, 4 TEMPERATURAS (110/220 V)","UN","CR",1.88]
["MATERIAL",1380,"CIMENTO BRANCO NAO ESTRUTURAL (CPB - NAO ESTRUTURAL)","KG","CR",36.700000000000003]
["MATERIAL",1375,"CIMENTO IMPERMEABILIZANTE DE PEGA ULTRARRAPIDA PARA TAMPONAMENTOS","KG","CR",106.4]
["MATERIAL",1379,"CIMENTO PORTLAND COMPOSTO CP II-32","KG","C",344.17]
["MATERIAL",13284,"CIMENTO PORTLAND DE ALTO FORNO (AF) CP III-40","KG","CR",4.68]
["MATERIAL",44528,"CIMENTO PORTLAND ESTRUTURAL BRANCO CPB - 32 OU CPB - 40","KG","CR",17.62]
["MATERIAL",34753,"CIMENTO PORTLAND POZOLANICO CP IV-32","KG","CR",0.7]
["MATERIAL",420,"CINTA CIRCULAR EM ACO GALVANIZADO DE 150 MM DE DIAMETRO PARA FIXACAO DE CAIXA MEDICAO, INCLUI PARAFUSOS E PORCAS","UN","CR",0.63]
["MATERIAL",12327,"CINTA CIRCULAR EM ACO GALVANIZADO DE 210 MM DE DIAMETRO PARA INSTALACAO DE TRANSFORMADOR EM POSTE DE CONCRETO","UN","CR",3.73]
["MATERIAL",36148,"CINTURAO DE SEGURANCA TIPO PARAQUEDISTA, FIVELA EM ACO, AJUSTE NO SUSPENSORIO, CINTURA E PERNAS","UN","CR",0.68]
["MATERIAL",12329,"COBRE ELETROLITICO EM BARRA OU CHAPA","KG","CR"]
["MATERIAL",1339,"COLA A BASE DE RESINA SINTETICA PARA CHAPA DE LAMINADO MELAMINICO E OUTROS","KG","CR"]
["MATERIAL",44396,"COLA BRANCA BASE PVA","KG","CR",177.97]
["MATERIAL",44327,"COLA PARA TUBOS E MANTAS ELASTOMERICAS, A BASE DE SOLVENTE","L","CR",133.97999999999999]
["MATERIAL",37418,"COLAR DE TOMADA EM POLIPROPILENO, PP, COM PARAFUSOS, PARA PEAD, 63 X 1/2\" - LIGACAO PREDIAL DE AGUA","UN","CR",40.340000000000003]
["MATERIAL",37419,"COLAR DE TOMADA EM POLIPROPILENO, PP, COM PARAFUSOS, PARA PEAD, 63 X 3/4\" - LIGACAO PREDIAL DE AGUA","UN","CR",41.16]
["MATERIAL",1427,"COLAR TOMADA PVC, COM TRAVAS, SAIDA COM ROSCA, DE 110 MM X 1/2\" OU 110 MM X 3/4\", PARA LIGACAO PREDIAL DE AGUA","UN","CR",139.97999999999999]
["MATERIAL",1402,"COLAR TOMADA PVC, COM TRAVAS, SAIDA COM ROSCA, DE 32 MM X 1/2\" OU 32 MM X 3/4\", PARA LIGACAO PREDIAL DE AGUA","UN","CR"]
["MATERIAL",1420,"COLAR TOMADA PVC, COM TRAVAS, SAIDA COM ROSCA, DE 40 MM X 1/2\" OU 40 MM X 3/4\", PARA LIGACAO PREDIAL DE AGUA","UN","CR"]
["MATERIAL",1419,"COLAR TOMADA PVC, COM TRAVAS, SAIDA COM ROSCA, DE 50 MM X 1/2\" OU 50 MM X 3/4\", PARA LIGACAO PREDIAL DE AGUA","UN","CR"]
["MATERIAL",1414,"COLAR TOMADA PVC, COM TRAVAS, SAIDA COM ROSCA, DE 60 MM X 1/2\" OU 60 MM X 3/4\", PARA LIGACAO PREDIAL DE AGUA","UN","CR"]
["MATERIAL",1413,"COLAR TOMADA PVC, COM TRAVAS, SAIDA COM ROSCA, DE 75 MM X 1/2\" OU 75 MM X 3/4\", PARA LIGACAO PREDIAL DE AGUA","UN","CR"]
["MATERIAL",1412,"COLAR TOMADA PVC, COM TRAVAS, SAIDA COM ROSCA, DE 85 MM X 1/2\" OU 85 MM X 3/4\", PARA LIGACAO PREDIAL DE AGUA","UN","CR"]
["MATERIAL",1406,"COLAR TOMADA PVC, COM TRAVAS, SAIDA ROSCAVEL COM BUCHA DE LATAO, DE 60 MM X 1/2\" OU 60 MM X 3/4\", PARA LIGACAO PREDIAL DE AGUA","UN","CR"]
["MATERIAL",45237,"COLHER DE PEDREIRO 9\", EM ACO, COM CANTOS REDONDOS E CABO DE MADEIRA OU PLASTICO","UN","CR"]
["EQUIPAMENTO (AQUISIÇÃO)",11281,"COMPACTADOR DE SOLO A PERCUSSAO (SOQUETE), A GASOLINA 4 TEMPOS, PESO 55 A 65 KG, FORCA DE IMPACTO 1.000 A 1.500 KGF, FREQ. 600 A 700 GOLPES P/ MINUTO, VELOCIDADE TRABALHO DE 10 A 15 M/MIN, POT. DE 2,00 A 3,00 HP","UN","C"]
["EQUIPAMENTO (AQUISIÇÃO)",1442,"COMPACTADOR DE SOLO TIPO PLACA VIBRATORIA REVERSIVEL, A GASOLINA 4 TEMPOS, PESO 125 A 150 KG, FORCA CENTRIF. 2500 A 2800 KGF, LARG. TRABALHO 400 A 450 MM, FREQ. VIBRACAO 4300 A 4500 RPM, VELOC. TRABALHO 15 A 20 M/MIN, POT. 5,5 A 6,0 HP","UN","CR"]
["EQUIPAMENTO (AQUISIÇÃO)",13457,"COMPACTADOR DE SOLO TIPO PLACA VIBRATORIA REVERSIVEL, A GASOLINA 4 TEMPOS, PESO 150 A 175 KG, FORCA CENTRIF. 2800 A 3100 KGF, LARG. TRABALHO DE 450 A 520 MM, FREQ. VIBRACAO 4000 A 4300 RPM, VELOC. TRABALHO DE 15 A 20 M/MIN, POT. DE 6,0 A 7,0 HP","UN","CR",18.14]
["EQUIPAMENTO (AQUISIÇÃO)",40699,"COMPACTADOR DE SOLO, TIPO PLACA VIBRATORIA NAO REVERSIVEL, A GASOLINA 4 TEMPOS, PESO 80 A 120 KG, FORCA CENTRIF. DE 1300 A 2000 KGF, LARG. TRABALHO DE 400 A 500 MM, FREQ. VIBRACAO DE 4800 A 6000 RPM, VELOCIDADE TRABALHO DE 20 A 30 M/MIN, POT. DE 5,0 A 6,0 HP","UN","CR"]
["EQUIPAMENTO (AQUISIÇÃO)",40701,"COMPACTADOR DE SOLO, TIPO PLACA VIBRATORIA REVERSIVEL, A DIESEL, PESO 700 A 820 KG, FORCA CENTRIF. DE 6.200 A 10.000 KGF, LARG. TRABALHO DE 650 A 720 MM, FREQ. VIBRACAO DE 3.000 A 3.500 RPM, VELOCIDADE TRABALHO DE 25 A 30 M/MIN, POT. DE 13,0 A 15,0 HP","UN","CR"]
["EQUIPAMENTO (AQUISIÇÃO)",40700,"COMPACTADOR DE SOLO, TIPO PLACA VIBRATORIA REVERSIVEL, A GASOLINA 4 TEMPOS, PESO 160 A 265 KG, FORCA CENTRIF. DE 2750 A 4000 KGF, LARG. TRABALHO DE 430 A 550 MM, FREQ. VIBRACAO DE 4000 A 5500 RPM, VELOCIDADE TRABALHO DE 20 A 25 M/MIN, POT. DE 7,5 A 9,0 HP","UN","CR"]
["EQUIPAMENTO (AQUISIÇÃO)",13458,"COMPACTADOR DE SOLOS DE PERCURSAO (SOQUETE) COM MOTOR A GASOLINA 4 TEMPOS DE 4 HP (4 CV)","UN","CR"]
["MATERIAL",11134,"COMPENSADO NAVAL - CHAPA/PAINEL EM MADEIRA COMPENSADA PRENSADA, DE 2200 X 1600 MM, E = 10 MM","M2","CR"]
["MATERIAL",11135,"COMPENSADO NAVAL - CHAPA/PAINEL EM MADEIRA COMPENSADA PRENSADA, DE 2200 X 1600 MM, E = 12 MM","M2","CR"]
["MATERIAL",11136,"COMPENSADO NAVAL - CHAPA/PAINEL EM MADEIRA COMPENSADA PRENSADA, DE 2200 X 1600 MM, E = 15 MM","M2","CR"]
["MATERIAL",34743,"COMPENSADO NAVAL - CHAPA/PAINEL EM MADEIRA COMPENSADA PRENSADA, DE 2200 X 1600 MM, E = 18 MM","M2","CR",59.02]
["MATERIAL",11137,"COMPENSADO NAVAL - CHAPA/PAINEL EM MADEIRA COMPENSADA PRENSADA, DE 2200 X 1600 MM, E = 20 MM","M2","CR",63.72]
["MATERIAL",34745,"COMPENSADO NAVAL - CHAPA/PAINEL EM MADEIRA COMPENSADA PRENSADA, DE 2200 X 1600 MM, E = 25 MM","M2","CR",72.97]
["MATERIAL",34746,"COMPENSADO NAVAL - CHAPA/PAINEL EM MADEIRA COMPENSADA PRENSADA, DE 2200 X 1600 MM, E = 4 MM","M2","CR",88.04]
["MATERIAL",1360,"COMPENSADO NAVAL - CHAPA/PAINEL EM MADEIRA COMPENSADA PRENSADA, DE 2200 X 1600 MM, E = 6 MM","M2","CR",99.99]
["EQUIPAMENTO (AQUISIÇÃO)",36524,"COMPRESSOR DE AR ESTACIONARIO, VAZAO 620 PCM, PRESSAO EFETIVA DE TRABALHO 109 PSI, MOTOR ELETRICO, POTENCIA 127 CV","UN","CR",118.91]
["EQUIPAMENTO (AQUISIÇÃO)",36526,"COMPRESSOR DE AR REBOCAVEL VAZAO 400 PCM, PRESSAO EFETIVA DE TRABALHO 102 PSI, MOTOR DIESEL, POTENCIA 110 CV","UN","CR",32.43]
["EQUIPAMENTO (AQUISIÇÃO)",36523,"COMPRESSOR DE AR REBOCAVEL VAZAO 748 PCM, PRESSAO EFETIVA DE TRABALHO 102 PSI, MOTOR DIESEL, POTENCIA 210 CV","UN","CR",37.83]
["EQUIPAMENTO (AQUISIÇÃO)",36527,"COMPRESSOR DE AR REBOCAVEL VAZAO 860 PCM, PRESSAO EFETIVA DE TRABALHO 102 PSI, MOTOR DIESEL, POTENCIA 250 CV","UN","CR"]
["EQUIPAMENTO (AQUISIÇÃO)",38642,"COMPRESSOR DE AR REBOCAVEL, VAZAO 152 PCM, PRESSAO EFETIVA DE TRABALHO 102 PSI, MOTOR DIESEL, POTENCIA 31,5 KW","UN","CR"]
["EQUIPAMENTO (AQUISIÇÃO)",36522,"COMPRESSOR DE AR REBOCAVEL, VAZAO 189 PCM, PRESSAO EFETIVA DE TRABALHO 102 PSI, MOTOR DIESEL, POTENCIA 63 CV","UN","CR"]
["EQUIPAMENTO (AQUISIÇÃO)",36525,"COMPRESSOR DE AR REBOCAVEL, VAZAO 250 PCM, PRESSAO EFETIVA DE TRABALHO 102 PSI, MOTOR DIESEL, POTENCIA 81 CV","UN","CR"]
["EQUIPAMENTO (AQUISIÇÃO)",13803,"COMPRESSOR DE AR REBOCAVEL, VAZAO 89 PCM, PRESSAO EFETIVA DE TRABALHO *102* PSI, MOTOR DIESEL, POTENCIA *20* CV","UN","C"]
["MATERIAL",34348,"CONCERTINA CLIPADA (DUPLA) EM ACO GALVANIZADO DE ALTA RESISTENCIA, COM ESPIRAL DE 300 MM, D = 2,76 MM","M","CR"]
["MATERIAL",34347,"CONCERTINA SIMPLES EM ACO GALVANIZADO DE ALTA RESISTENCIA, COM ESPIRAL DE 300 MM, D = 2,76 MM","M","CR"]
["MATERIAL",11146,"CONCRETO AUTOADENSAVEL (CAA) CLASSE DE RESISTENCIA C15, ESPALHAMENTO SF2, COM BOMBEAMENTO (DISPONIBILIZACAO DE BOMBA), SEM O LANCAMENTO (NBR 15823)","M3","CR"]
["MATERIAL",11147,"CONCRETO AUTOADENSAVEL (CAA) CLASSE DE RESISTENCIA C20, ESPALHAMENTO SF2, COM BOMBEAMENTO (DISPONIBILIZACAO DE BOMBA), SEM O LANCAMENTO (NBR 15823)","M3","CR",17.64]
["MATERIAL",34872,"CONCRETO AUTOADENSAVEL (CAA) CLASSE DE RESISTENCIA C25, ESPALHAMENTO SF2, COM BOMBEAMENTO (DISPONIBILIZACAO DE BOMBA), SEM O LANCAMENTO (NBR 15823)","M3","CR",12.61]
["MATERIAL",34491,"CONCRETO AUTOADENSAVEL (CAA) CLASSE DE RESISTENCIA C30, ESPALHAMENTO SF2, COM BOMBEAMENTO (DISPONIBILIZACAO DE BOMBA), SEM O LANCAMENTO (NBR 15823)","M3","CR",517.61]
["MATERIAL",34770,"CONCRETO BETUMINOSO USINADO A QUENTE (CBUQ) PARA PAVIMENTACAO ASFALTICA, PADRAO DNIT, FAIXA C, COM CAP 30/45 - AQUISICAO POSTO USINA","T","CR",537.87]
["MATERIAL",1518,"CONCRETO BETUMINOSO USINADO A QUENTE (CBUQ) PARA PAVIMENTACAO ASFALTICA, PADRAO DNIT, FAIXA C, COM CAP 50/70 - AQUISICAO POSTO USINA","T","C",543.91]
["MATERIAL",41965,"CONCRETO BETUMINOSO USINADO A QUENTE (CBUQ) PARA PAVIMENTACAO ASFALTICA, PADRAO DNIT, PARA BINDER, COM CAP 50/70 - AQUISICAO POSTO USINA","T","CR",559.66999999999996]
["MATERIAL",1524,"CONCRETO USINADO BOMBEAVEL, CLASSE DE RESISTENCIA C20, BRITA 0 E 1, SLUMP = 100 +/- 20 MM, COM BOMBEAMENTO (DISPONIBILIZACAO DE BOMBA), SEM O LANCAMENTO (NBR 8953)","M3","CR",811.19]
["MATERIAL",34492,"CONCRETO USINADO BOMBEAVEL, CLASSE DE RESISTENCIA C20, COM BRITA 0 E 1, SLUMP = 100 +/- 20 MM, EXCLUI SERVICO DE BOMBEAMENTO (NBR 8953)","M3","C",827]
["MATERIAL",38404,"CONCRETO USINADO BOMBEAVEL, CLASSE DE RESISTENCIA C20, COM BRITA 0 E 1, SLUMP = 130 +/- 20 MM, EXCLUI SERVICO DE BOMBEAMENTO (NBR 8953)","M3","CR",725.14]
["MATERIAL",39849,"CONCRETO USINADO BOMBEAVEL, CLASSE DE RESISTENCIA C20, COM BRITA 0 E 1, SLUMP = 190 +/- 20 MM, COM BOMBEAMENTO (DISPONIBILIZACAO DE BOMBA), SEM O LANCAMENTO (NBR 8953)","M3","CR",496.61]
["MATERIAL",38464,"CONCRETO USINADO BOMBEAVEL, CLASSE DE RESISTENCIA C20, COM BRITA 0, SLUMP = 220 +/- 20 MM, COM BOMBEAMENTO (DISPONIBILIZACAO DE BOMBA), SEM O LANCAMENTO (NBR 8953)","M3","CR",460]
["MATERIAL",1527,"CONCRETO USINADO BOMBEAVEL, CLASSE DE RESISTENCIA C25, BRITA 0 E 1, SLUMP = 100 +/- 20 MM, COM BOMBEAMENTO (DISPONIBILIZACAO DE BOMBA), SEM O LANCAMENTO (NBR 8953)","M3","CR",476.47]
["MATERIAL",34493,"CONCRETO USINADO BOMBEAVEL, CLASSE DE RESISTENCIA C25, COM BRITA 0 E 1, SLUMP = 100 +/- 20 MM, EXCLUI SERVICO DE BOMBEAMENTO (NBR 8953)","M3","CR",546.03]
["MATERIAL",38405,"CONCRETO USINADO BOMBEAVEL, CLASSE DE RESISTENCIA C25, COM BRITA 0 E 1, SLUMP = 130 +/- 20 MM, EXCLUI SERVICO DE BOMBEAMENTO (NBR 8953)","M3","CR",553.96]
["MATERIAL",38408,"CONCRETO USINADO BOMBEAVEL, CLASSE DE RESISTENCIA C25, COM BRITA 0 E 1, SLUMP = 190 +/- 20 MM, EXCLUI SERVICO DE BOMBEAMENTO (NBR 8953)","M3","CR",512.38]
["MATERIAL",1525,"CONCRETO USINADO BOMBEAVEL, CLASSE DE RESISTENCIA C30, BRITA 0 E 1, SLUMP = 100 +/- 20 MM, COM BOMBEAMENTO (DISPONIBILIZACAO DE BOMBA), SEM O LANCAMENTO (NBR 8953)","M3","CR",472.96]
["MATERIAL",34494,"CONCRETO USINADO BOMBEAVEL, CLASSE DE RESISTENCIA C30, COM BRITA 0 E 1, SLUMP = 100 +/- 20 MM, EXCLUI SERVICO DE BOMBEAMENTO (NBR 8953)","M3","CR",491.16]
["MATERIAL",38406,"CONCRETO USINADO BOMBEAVEL, CLASSE DE RESISTENCIA C30, COM BRITA 0 E 1, SLUMP = 130 +/- 20 MM, EXCLUI SERVICO DE BOMBEAMENTO (NBR 8953)","M3","CR",543.66999999999996]
["MATERIAL",38409,"CONCRETO USINADO BOMBEAVEL, CLASSE DE RESISTENCIA C30, COM BRITA 0 E 1, SLUMP = 190 +/- 20 MM, EXCLUI SERVICO DE BOMBEAMENTO (NBR 8953)","M3","CR",528.14]
["MATERIAL",43360,"CONCRETO USINADO BOMBEAVEL, CLASSE DE RESISTENCIA C30, COM BRITA 0 E 1, SLUMP = 220 +/- 30 MM, EXCLUI SERVICO DE BOMBEAMENTO (NBR 8953)","M3","CR",488.73]
["MATERIAL",11145,"CONCRETO USINADO BOMBEAVEL, CLASSE DE RESISTENCIA C35, BRITA 0 E 1, SLUMP = 100 +/- 20 MM, COM BOMBEAMENTO (DISPONIBILIZACAO DE BOMBA), SEM O LANCAMENTO (NBR 8953)","M3","CR",518.64]
["MATERIAL",34495,"CONCRETO USINADO BOMBEAVEL, CLASSE DE RESISTENCIA C35, COM BRITA 0 E 1, SLUMP = 100 +/- 20 MM, EXCLUI SERVICO DE BOMBEAMENTO (NBR 8953)","M3","CR",547.37]
["MATERIAL",34479,"CONCRETO USINADO BOMBEAVEL, CLASSE DE RESISTENCIA C40, BRITA 0 E 1, SLUMP = 100 +/- 20 MM, COM BOMBEAMENTO (DISPONIBILIZACAO DE BOMBA), SEM O LANCAMENTO (NBR 8953)","M3","CR",570.76]
["MATERIAL",34496,"CONCRETO USINADO BOMBEAVEL, CLASSE DE RESISTENCIA C40, COM BRITA 0 E 1, SLUMP = 100 +/- 20 MM, EXCLUI SERVICO DE BOMBEAMENTO (NBR 8953)","M3","CR",543.91]
["MATERIAL",34481,"CONCRETO USINADO BOMBEAVEL, CLASSE DE RESISTENCIA C45, BRITA 0 E 1, SLUMP = 100 +/- 20 MM, COM BOMBEAMENTO (DISPONIBILIZACAO DE BOMBA), SEM O LANCAMENTO (NBR 8953)","M3","CR",504.49]
["MATERIAL",34483,"CONCRETO USINADO BOMBEAVEL, CLASSE DE RESISTENCIA C50, BRITA 0 E 1, SLUMP = 100 +/- 20 MM, COM BOMBEAMENTO (DISPONIBILIZACAO DE BOMBA), SEM O LANCAMENTO (NBR 8953)","M3","CR",559.66999999999996]
["MATERIAL",34485,"CONCRETO USINADO BOMBEAVEL, CLASSE DE RESISTENCIA C60, COM BRITA 0 E 1, SLUMP = 100 +/- 20 MM, COM BOMBEAMENTO (DISPONIBILIZACAO DE BOMBA), SEM O LANCAMENTO (NBR 8953)","M3","CR",526.27]
["MATERIAL",14041,"CONCRETO USINADO CONVENCIONAL (NAO BOMBEAVEL) CLASSE DE RESISTENCIA C10, COM BRITA 1 E 2, SLUMP = 80 MM +/- 10 MM (NBR 8953)","M3","CR",584.79]
["MATERIAL",1523,"CONCRETO USINADO CONVENCIONAL (NAO BOMBEAVEL) CLASSE DE RESISTENCIA C15, COM BRITA 1 E 2, SLUMP = 80 MM +/- 10 MM (NBR 8953)","M3","CR",624.80999999999995]
["MATERIAL",14054,"CONDULETE DE ALUMINIO TIPO B, PARA ELETRODUTO ROSCAVEL DE 1\", COM TAMPA CEGA","UN","CR",668.16]
["MATERIAL",14052,"CONDULETE DE ALUMINIO TIPO B, PARA ELETRODUTO ROSCAVEL DE 1/2\", COM TAMPA CEGA","UN","CR",434.33]
["MATERIAL",14053,"CONDULETE DE ALUMINIO TIPO B, PARA ELETRODUTO ROSCAVEL DE 3/4\", COM TAMPA CEGA","UN","CR",441.43]
["MATERIAL",2560,"CONDULETE DE ALUMINIO TIPO C, PARA ELETRODUTO ROSCAVEL DE 1\", COM TAMPA CEGA","UN","CR",18.12]
["MATERIAL",2558,"CONDULETE DE ALUMINIO TIPO C, PARA ELETRODUTO ROSCAVEL DE 1/2\", COM TAMPA CEGA","UN","CR",13.94]
["MATERIAL",2559,"CONDULETE DE ALUMINIO TIPO C, PARA ELETRODUTO ROSCAVEL DE 3/4\", COM TAMPA CEGA","UN","C",14.15]
["MATERIAL",2592,"CONDULETE DE ALUMINIO TIPO C, PARA ELETRODUTO ROSCAVEL DE 4\", COM TAMPA CEGA","UN","CR",18.760000000000002]
["MATERIAL",2589,"CONDULETE DE ALUMINIO TIPO E, PARA ELETRODUTO ROSCAVEL DE 1 1/2\", COM TAMPA CEGA","UN","CR",10.66]
["MATERIAL",2566,"CONDULETE DE ALUMINIO TIPO E, PARA ELETRODUTO ROSCAVEL DE 1 1/4\", COM TAMPA CEGA","UN","CR",15]
["MATERIAL",2590,"CONDULETE DE ALUMINIO TIPO E, PARA ELETRODUTO ROSCAVEL DE 1\", COM TAMPA CEGA","UN","CR",248.66]
["MATERIAL",2591,"CONDULETE DE ALUMINIO TIPO E, PARA ELETRODUTO ROSCAVEL DE 1/2\", COM TAMPA CEGA","UN","CR",33.26]
["MATERIAL",2567,"CONDULETE DE ALUMINIO TIPO E, PARA ELETRODUTO ROSCAVEL DE 2\", COM TAMPA CEGA","UN","CR",25.02]
["MATERIAL",2568,"CONDULETE DE ALUMINIO TIPO E, PARA ELETRODUTO ROSCAVEL DE 3\", COM TAMPA CEGA","UN","CR",20.41]
["MATERIAL",2565,"CONDULETE DE ALUMINIO TIPO E, PARA ELETRODUTO ROSCAVEL DE 3/4\", COM TAMPA CEGA","UN","CR",12.13]
["MATERIAL",2594,"CONDULETE DE ALUMINIO TIPO E, PARA ELETRODUTO ROSCAVEL DE 4\", COM TAMPA CEGA","UN","CR",48.79]
["MATERIAL",2587,"CONDULETE DE ALUMINIO TIPO LR, PARA ELETRODUTO ROSCAVEL DE 1 1/2\", COM TAMPA CEGA","UN","CR",135.47999999999999]
["MATERIAL",2588,"CONDULETE DE ALUMINIO TIPO LR, PARA ELETRODUTO ROSCAVEL DE 1 1/4\", COM TAMPA CEGA","UN","CR",12.15]
["MATERIAL",2570,"CONDULETE DE ALUMINIO TIPO LR, PARA ELETRODUTO ROSCAVEL DE 1\", COM TAMPA CEGA","UN","CR",225.7]
["MATERIAL",2569,"CONDULETE DE ALUMINIO TIPO LR, PARA ELETRODUTO ROSCAVEL DE 1/2\", COM TAMPA CEGA","UN","CR",38.46]
["MATERIAL",2571,"CONDULETE DE ALUMINIO TIPO LR, PARA ELETRODUTO ROSCAVEL DE 2\", COM TAMPA CEGA","UN","CR",30.55]
["MATERIAL",2572,"CONDULETE DE ALUMINIO TIPO LR, PARA ELETRODUTO ROSCAVEL DE 3\", COM TAMPA CEGA","UN","CR",19.739999999999998]
["MATERIAL",2593,"CONDULETE DE ALUMINIO TIPO LR, PARA ELETRODUTO ROSCAVEL DE 3/4\", COM TAMPA CEGA","UN","CR",11.77]
["MATERIAL",2595,"CONDULETE DE ALUMINIO TIPO LR, PARA ELETRODUTO ROSCAVEL DE 4\", COM TAMPA CEGA","UN","CR",58.58]
["MATERIAL",2576,"CONDULETE DE ALUMINIO TIPO T, PARA ELETRODUTO ROSCAVEL DE 1 1/2\", COM TAMPA CEGA","UN","CR",173.25]
["MATERIAL",2575,"CONDULETE DE ALUMINIO TIPO T, PARA ELETRODUTO ROSCAVEL DE 1 1/4\", COM TAMPA CEGA","UN","CR",12.55]
["MATERIAL",2586,"CONDULETE DE ALUMINIO TIPO T, PARA ELETRODUTO ROSCAVEL DE 1\", COM TAMPA CEGA","UN","CR",270.31]
["MATERIAL",2573,"CONDULETE DE ALUMINIO TIPO T, PARA ELETRODUTO ROSCAVEL DE 1/2\", COM TAMPA CEGA","UN","CR",46.08]
["MATERIAL",2577,"CONDULETE DE ALUMINIO TIPO T, PARA ELETRODUTO ROSCAVEL DE 2\", COM TAMPA CEGA","UN","CR",34.64]
["MATERIAL",2578,"CONDULETE DE ALUMINIO TIPO T, PARA ELETRODUTO ROSCAVEL DE 3\", COM TAMPA CEGA","UN","CR",23.32]
["MATERIAL",2574,"CONDULETE DE ALUMINIO TIPO T, PARA ELETRODUTO ROSCAVEL DE 3/4\", COM TAMPA CEGA","UN","CR",14.38]
["MATERIAL",2585,"CONDULETE DE ALUMINIO TIPO T, PARA ELETRODUTO ROSCAVEL DE 4\", COM TAMPA CEGA","UN","CR",62.44]
["MATERIAL",12008,"CONDULETE DE ALUMINIO TIPO TB, PARA ELETRODUTO ROSCAVEL DE 3\", COM TAMPA CEGA","UN","CR",194.94]
["MATERIAL",2582,"CONDULETE DE ALUMINIO TIPO X, PARA ELETRODUTO ROSCAVEL DE 1 1/2\", COM TAMPA CEGA","UN","CR",14.48]
["MATERIAL",2597,"CONDULETE DE ALUMINIO TIPO X, PARA ELETRODUTO ROSCAVEL DE 1 1/4\", COM TAMPA CEGA","UN","CR",267.51]
["MATERIAL",2581,"CONDULETE DE ALUMINIO TIPO X, PARA ELETRODUTO ROSCAVEL DE 1\", COM TAMPA CEGA","UN","CR",143.53]
["MATERIAL",2579,"CONDULETE DE ALUMINIO TIPO X, PARA ELETRODUTO ROSCAVEL DE 1/2\", COM TAMPA CEGA","UN","CR",42.74]
["MATERIAL",2596,"CONDULETE DE ALUMINIO TIPO X, PARA ELETRODUTO ROSCAVEL DE 2\", COM TAMPA CEGA","UN","CR",36.630000000000003]
["MATERIAL",2583,"CONDULETE DE ALUMINIO TIPO X, PARA ELETRODUTO ROSCAVEL DE 3\", COM TAMPA CEGA","UN","CR",22.32]
["MATERIAL",2580,"CONDULETE DE ALUMINIO TIPO X, PARA ELETRODUTO ROSCAVEL DE 3/4\", COM TAMPA CEGA","UN","CR",17.440000000000001]
["MATERIAL",2584,"CONDULETE DE ALUMINIO TIPO X, PARA ELETRODUTO ROSCAVEL DE 4\", COM TAMPA CEGA","UN","CR",66]
["MATERIAL",39329,"CONDULETE EM PVC, TIPO \"B\", SEM TAMPA, DE 1\"","UN","CR",160.53]
["MATERIAL",12010,"CONDULETE EM PVC, TIPO \"B\", SEM TAMPA, DE 1/2\" OU 3/4\"","UN","CR",19.11]
["MATERIAL",39332,"CONDULETE EM PVC, TIPO \"C\", SEM TAMPA, DE 1\"","UN","CR",267.24]
["MATERIAL",39330,"CONDULETE EM PVC, TIPO \"C\", SEM TAMPA, DE 1/2\"","UN","CR",15.37]
["MATERIAL",39331,"CONDULETE EM PVC, TIPO \"C\", SEM TAMPA, DE 3/4\"","UN","CR",14.7]
["MATERIAL",39335,"CONDULETE EM PVC, TIPO \"E\", SEM TAMPA, DE 1\"","UN","CR",18.07]
["MATERIAL",39333,"CONDULETE EM PVC, TIPO \"E\", SEM TAMPA, DE 1/2\"","UN","CR",16.170000000000002]
["MATERIAL",39334,"CONDULETE EM PVC, TIPO \"E\", SEM TAMPA, DE 3/4\"","UN","CR",14.38]
["MATERIAL",12015,"CONDULETE EM PVC, TIPO \"LB\", SEM TAMPA, DE 1\"","UN","CR",16.23]
["MATERIAL",12016,"CONDULETE EM PVC, TIPO \"LB\", SEM TAMPA, DE 1/2\" OU 3/4\"","UN","CR",14.02]
["MATERIAL",12019,"CONDULETE EM PVC, TIPO \"LL\", SEM TAMPA, DE 1\"","UN","CR",12.9]
["MATERIAL",12020,"CONDULETE EM PVC, TIPO \"LL\", SEM TAMPA, DE 1/2\" OU 3/4\"","UN","CR",18.850000000000001]
["MATERIAL",39338,"CONDULETE EM PVC, TIPO \"LR\", SEM TAMPA, DE 1\"","UN","CR",16.190000000000001]
["MATERIAL",39336,"CONDULETE EM PVC, TIPO \"LR\", SEM TAMPA, DE 1/2\"","UN","CR",18.850000000000001]
["MATERIAL",39337,"CONDULETE EM PVC, TIPO \"LR\", SEM TAMPA, DE 3/4\"","UN","CR",16.190000000000001]
["MATERIAL",39341,"CONDULETE EM PVC, TIPO \"T\", SEM TAMPA, DE 1\"","UN","CR",18.07]
["MATERIAL",39340,"CONDULETE EM PVC, TIPO \"T\", SEM TAMPA, DE 3/4\"","UN","CR",16.170000000000002]
["MATERIAL",39342,"CONDULETE EM PVC, TIPO \"TB\", SEM TAMPA, DE 1\"","UN","CR",14.38]
["MATERIAL",12025,"CONDULETE EM PVC, TIPO \"TB\", SEM TAMPA, DE 1/2\" OU 3/4\"","UN","CR",23.55]
["MATERIAL",39345,"CONDULETE EM PVC, TIPO \"X\", SEM TAMPA, DE 1\"","UN","CR",17.29]
["MATERIAL",39343,"CONDULETE EM PVC, TIPO \"X\", SEM TAMPA, DE 1/2\"","UN","CR",23.55]
["MATERIAL",39344,"CONDULETE EM PVC, TIPO \"X\", SEM TAMPA, DE 3/4\"","UN","CR",17.86]
["MATERIAL",12623,"CONDUTOR PLUVIAL, PVC, CIRCULAR, DIAMETRO ENTRE 80 E 100 MM, PARA DRENAGEM PLUVIAL PREDIAL","M","CR",26.92]
["MATERIAL",34498,"CONE DE SINALIZACAO EM PVC FLEXIVEL, H = 70 / 76 CM (NBR 15071)","UN","CR",19.89]
["MATERIAL",13244,"CONE DE SINALIZACAO EM PVC RIGIDO COM FAIXA REFLETIVA, H = 70 / 76 CM","UN","C",19.23]
["MATERIAL",38998,"CONECTOR / ADAPTADOR F/F, COM INSERTO METALICO, PPR, DN 25 MM X 1/2\", PARA AGUA QUENTE E FRIA PREDIAL","UN","CR",34.700000000000003]
["MATERIAL",38999,"CONECTOR / ADAPTADOR F/F, COM INSERTO METALICO, PPR, DN 32 MM X 3/4\", PARA AGUA QUENTE E FRIA PREDIAL","UN","CR",148.36000000000001]
["MATERIAL",38996,"CONECTOR / ADAPTADOR F/M, COM INSERTO METALICO, PPR, DN 25 MM X 1/2\", PARA AGUA QUENTE E FRIA PREDIAL","UN","CR",62.45]
["MATERIAL",44173,"CONECTOR / ADAPTADOR F/M, COM INSERTO METALICO, PPR, DN 25 MM X 3/4\", PARA AGUA QUENTE E FRIA PREDIAL","UN","CR"]
["MATERIAL",44174,"CONECTOR / ADAPTADOR F/M, COM INSERTO METALICO, PPR, DN 32 MM X 1\", PARA AGUA QUENTE E FRIA PREDIAL","UN","CR"]
["MATERIAL",38997,"CONECTOR / ADAPTADOR F/M, COM INSERTO METALICO, PPR, DN 32 MM X 3/4\", PARA AGUA QUENTE E FRIA PREDIAL","UN","CR"]
["MATERIAL",39600,"CONECTOR / TOMADA FEMEA RJ 45, CATEGORIA 5 E (CAT 5E) PARA CABOS","UN","CR"]
["MATERIAL",39601,"CONECTOR / TOMADA FEMEA RJ 45, CATEGORIA 6 (CAT 6) PARA CABOS","UN","CR"]
["MATERIAL",39862,"CONECTOR BRONZE/LATAO SEM ANEL DE SOLDA, BOLSA X ROSCA F, 15 MM X 1/2\"","UN","CR"]
["MATERIAL",39863,"CONECTOR BRONZE/LATAO SEM ANEL DE SOLDA, BOLSA X ROSCA F, 22 MM X 1/2\"","UN","CR",14.21]
["MATERIAL",39864,"CONECTOR BRONZE/LATAO SEM ANEL DE SOLDA, BOLSA X ROSCA F, 22 MM X 3/4\"","UN","CR",30.14]
["MATERIAL",39865,"CONECTOR BRONZE/LATAO SEM ANEL DE SOLDA, BOLSA X ROSCA F, 28 MM X 1/2\"","UN","CR"]
["MATERIAL",2517,"CONECTOR CURVO 90 GRAUS DE ALUMINIO, BITOLA 1 1/2\", PARA ADAPTAR ENTRADA DE ELETRODUTO METALICO FLEXIVEL EM QUADROS","UN","CR"]
["MATERIAL",2522,"CONECTOR CURVO 90 GRAUS DE ALUMINIO, BITOLA 1 1/4\", PARA ADAPTAR ENTRADA DE ELETRODUTO METALICO FLEXIVEL EM QUADROS","UN","CR"]
["MATERIAL",2516,"CONECTOR CURVO 90 GRAUS DE ALUMINIO, BITOLA 1\", PARA ADAPTAR ENTRADA DE ELETRODUTO METALICO FLEXIVEL EM QUADROS","UN","CR"]
["MATERIAL",2548,"CONECTOR CURVO 90 GRAUS DE ALUMINIO, BITOLA 1/2\", PARA ADAPTAR ENTRADA DE ELETRODUTO METALICO FLEXIVEL EM QUADROS","UN","CR",26.62]
["MATERIAL",2518,"CONECTOR CURVO 90 GRAUS DE ALUMINIO, BITOLA 2 1/2\", PARA ADAPTAR ENTRADA DE ELETRODUTO METALICO FLEXIVEL EM QUADROS","UN","CR",17.21]
["MATERIAL",2521,"CONECTOR CURVO 90 GRAUS DE ALUMINIO, BITOLA 2\", PARA ADAPTAR ENTRADA DE ELETRODUTO METALICO FLEXIVEL EM QUADROS","UN","CR",13.82]
["MATERIAL",2519,"CONECTOR CURVO 90 GRAUS DE ALUMINIO, BITOLA 3\", PARA ADAPTAR ENTRADA DE ELETRODUTO METALICO FLEXIVEL EM QUADROS","UN","CR",10.58]
["MATERIAL",2515,"CONECTOR CURVO 90 GRAUS DE ALUMINIO, BITOLA 3/4\", PARA ADAPTAR ENTRADA DE ELETRODUTO METALICO FLEXIVEL EM QUADROS","UN","CR",126.74]
["MATERIAL",2520,"CONECTOR CURVO 90 GRAUS DE ALUMINIO, BITOLA 4\", PARA ADAPTAR ENTRADA DE ELETRODUTO METALICO FLEXIVEL EM QUADROS","UN","CR",53.95]
["MATERIAL",1602,"CONECTOR DE ALUMINIO TIPO PRENSA CABO, BITOLA 1 1/2\", PARA CABOS DE DIAMETRO DE 37 A 40 MM","UN","CR",152.82]
["MATERIAL",1601,"CONECTOR DE ALUMINIO TIPO PRENSA CABO, BITOLA 1 1/4\", PARA CABOS DE DIAMETRO DE 31 A 34 MM","UN","CR",11.5]
["MATERIAL",1600,"CONECTOR DE ALUMINIO TIPO PRENSA CABO, BITOLA 1\", PARA CABOS DE DIAMETRO DE 22,5 A 25 MM","UN","CR",281.27]
["MATERIAL",1598,"CONECTOR DE ALUMINIO TIPO PRENSA CABO, BITOLA 1/2\", PARA CABOS DE DIAMETRO DE 12,5 A 15 MM","UN","CR",56.2]
["MATERIAL",1603,"CONECTOR DE ALUMINIO TIPO PRENSA CABO, BITOLA 2\", PARA CABOS DE DIAMETRO DE 47,5 A 50 MM","UN","CR",50.09]
["MATERIAL",1599,"CONECTOR DE ALUMINIO TIPO PRENSA CABO, BITOLA 3/4\", PARA CABOS DE DIAMETRO DE 17,5 A 20 MM","UN","CR",21.88]
["MATERIAL",1597,"CONECTOR DE ALUMINIO TIPO PRENSA CABO, BITOLA 3/8\", PARA CABOS DE DIAMETRO DE 9 A 10 MM","UN","CR",14.82]
["MATERIAL",39602,"CONECTOR MACHO RJ 45, CATEGORIA 5 E (CAT 5E) PARA CABOS","UN","CR",84.86]
["MATERIAL",39603,"CONECTOR MACHO RJ 45, CATEGORIA 6 (CAT 6) PARA CABOS","UN","CR",17.2]
["MATERIAL",11821,"CONECTOR METALICO TIPO PARAFUSO FENDIDO (SPLIT BOLT), COM SEPARADOR DE CABOS BIMETALICOS, PARA CABOS ATE 25 MM2","UN","CR",13.94]
["MATERIAL",1562,"CONECTOR METALICO TIPO PARAFUSO FENDIDO (SPLIT BOLT), COM SEPARADOR DE CABOS BIMETALICOS, PARA CABOS ATE 50 MM2","UN","CR",1.5]
["MATERIAL",1563,"CONECTOR METALICO TIPO PARAFUSO FENDIDO (SPLIT BOLT), COM SEPARADOR DE CABOS BIMETALICOS, PARA CABOS ATE 70 MM2","UN","CR",3.21]
["MATERIAL",11856,"CONECTOR METALICO TIPO PARAFUSO FENDIDO (SPLIT BOLT), PARA CABOS ATE 10 MM2","UN","C",11.45]
["MATERIAL",11857,"CONECTOR METALICO TIPO PARAFUSO FENDIDO (SPLIT BOLT), PARA CABOS ATE 120 MM2","UN","CR",18.75]
["MATERIAL",11858,"CONECTOR METALICO TIPO PARAFUSO FENDIDO (SPLIT BOLT), PARA CABOS ATE 150 MM2","UN","CR",25.16]
["MATERIAL",1539,"CONECTOR METALICO TIPO PARAFUSO FENDIDO (SPLIT BOLT), PARA CABOS ATE 16 MM2","UN","CR",7.5]
["MATERIAL",11859,"CONECTOR METALICO TIPO PARAFUSO FENDIDO (SPLIT BOLT), PARA CABOS ATE 185 MM2","UN","CR",39.47]
["MATERIAL",1550,"CONECTOR METALICO TIPO PARAFUSO FENDIDO (SPLIT BOLT), PARA CABOS ATE 25 MM2","UN","CR",48.99]
["MATERIAL",11854,"CONECTOR METALICO TIPO PARAFUSO FENDIDO (SPLIT BOLT), PARA CABOS ATE 35 MM2","UN","CR",8.81]
["MATERIAL",11862,"CONECTOR METALICO TIPO PARAFUSO FENDIDO (SPLIT BOLT), PARA CABOS ATE 50 MM2","UN","CR",66.650000000000006]
["MATERIAL",11863,"CONECTOR METALICO TIPO PARAFUSO FENDIDO (SPLIT BOLT), PARA CABOS ATE 6 MM2","UN","CR",9.3000000000000007]
["MATERIAL",11855,"CONECTOR METALICO TIPO PARAFUSO FENDIDO (SPLIT BOLT), PARA CABOS ATE 70 MM2","UN","CR",11.62]
["MATERIAL",11864,"CONECTOR METALICO TIPO PARAFUSO FENDIDO (SPLIT BOLT), PARA CABOS ATE 95 MM2","UN","CR",16.3]
["MATERIAL",2527,"CONECTOR RETO DE ALUMINIO PARA ELETRODUTO DE 1 1/2\", PARA ADAPTAR ENTRADA DE ELETRODUTO METALICO FLEXIVEL EM QUADROS","UN","CR",6.58]
["MATERIAL",2526,"CONECTOR RETO DE ALUMINIO PARA ELETRODUTO DE 1 1/4\", PARA ADAPTAR ENTRADA DE ELETRODUTO METALICO FLEXIVEL EM QUADROS","UN","CR",24.33]
["MATERIAL",2483,"CONECTOR RETO DE ALUMINIO PARA ELETRODUTO DE 1\", PARA ADAPTAR ENTRADA DE ELETRODUTO METALICO FLEXIVEL EM QUADROS","UN","CR",36.78]
["MATERIAL",2487,"CONECTOR RETO DE ALUMINIO PARA ELETRODUTO DE 1/2\", PARA ADAPTAR ENTRADA DE ELETRODUTO METALICO FLEXIVEL EM QUADROS","UN","CR",9.5299999999999994]
["MATERIAL",2528,"CONECTOR RETO DE ALUMINIO PARA ELETRODUTO DE 2 1/2\", PARA ADAPTAR ENTRADA DE ELETRODUTO METALICO FLEXIVEL EM QUADROS","UN","CR",6.1]
["MATERIAL",2489,"CONECTOR RETO DE ALUMINIO PARA ELETRODUTO DE 2\", PARA ADAPTAR ENTRADA DE ELETRODUTO METALICO FLEXIVEL EM QUADROS","UN","CR",4.3499999999999996]
["MATERIAL",2484,"CONECTOR RETO DE ALUMINIO PARA ELETRODUTO DE 3\", PARA ADAPTAR ENTRADA DE ELETRODUTO METALICO FLEXIVEL EM QUADROS","UN","CR",2.08]
["MATERIAL",2488,"CONECTOR RETO DE ALUMINIO PARA ELETRODUTO DE 3/4\", PARA ADAPTAR ENTRADA DE ELETRODUTO METALICO FLEXIVEL EM QUADROS","UN","CR",23.98]
["MATERIAL",2485,"CONECTOR RETO DE ALUMINIO PARA ELETRODUTO DE 4\", PARA ADAPTAR ENTRADA DE ELETRODUTO METALICO FLEXIVEL EM QUADROS","UN","CR",10.56]
["MATERIAL",44247,"CONECTOR, CPVC, SOLDAVEL, 114 MM X 4\", PARA AGUA QUENTE","UN","CR",34.83]
["MATERIAL",38005,"CONECTOR, CPVC, SOLDAVEL, 15 MM X 1/2\", PARA AGUA QUENTE","UN","CR",2.44]
["MATERIAL",38006,"CONECTOR, CPVC, SOLDAVEL, 22 MM X 1/2\", PARA AGUA QUENTE","UN","CR",54.59]
["MATERIAL",38428,"CONECTOR, CPVC, SOLDAVEL, 22 MM X 3/4\", PARA AGUA QUENTE","UN","CR",1588.73]
["MATERIAL",38007,"CONECTOR, CPVC, SOLDAVEL, 28 MM X 1\", PARA AGUA QUENTE","UN","CR",18.89]
["MATERIAL",38008,"CONECTOR, CPVC, SOLDAVEL, 35 MM X 1 1/4\", PARA AGUA QUENTE","UN","CR",25.1]
["MATERIAL",38009,"CONECTOR, CPVC, SOLDAVEL, 42 MM X 1 1/2\", PARA AGUA QUENTE","UN","CR",22.48]
["MATERIAL",44248,"CONECTOR, CPVC, SOLDAVEL, 54 MM X 2\", PARA AGUA QUENTE","UN","CR",28.96]
["MATERIAL",44249,"CONECTOR, CPVC, SOLDAVEL, 73 MM X 2 1/2\", PARA AGUA QUENTE","UN","CR",46.34]
["MATERIAL",44250,"CONECTOR, CPVC, SOLDAVEL, 89 MM X 3\", PARA AGUA QUENTE","UN","CR",56.74]
["MATERIAL",39279,"CONECTOR/ADAPTADOR FIXO, ROSCA FEMEA, EM PLASTICO, DN 16 MM X 1/2\", PARA CONEXAO COM CRIMPAGEM, EM TUBO PEX PARA INST. AGUA QUENTE/FRIA","UN","CR",92.48]
["MATERIAL",39280,"CONECTOR/ADAPTADOR FIXO, ROSCA FEMEA, EM PLASTICO, DN 20 MM X 1/2\", PARA CONEXAO COM CRIMPAGEM, EM TUBO PEX PARA INST. AGUA QUENTE/FRIA","UN","CR",356.81]
["MATERIAL",39281,"CONECTOR/ADAPTADOR FIXO, ROSCA FEMEA, EM PLASTICO, DN 20 MM X 3/4\", PARA CONEXAO COM CRIMPAGEM, EM TUBO PEX PARA INST. AGUA QUENTE/FRIA","UN","CR",518.16]
["MATERIAL",39282,"CONECTOR/ADAPTADOR FIXO, ROSCA FEMEA, EM PLASTICO, DN 25 MM X 3/4\", PARA CONEXAO COM CRIMPAGEM, EM TUBO PEX PARA INST. AGUA QUENTE/FRIA","UN","CR"]
["MATERIAL",38844,"CONECTOR/ADAPTADOR FIXO, ROSCA FEMEA, METALICA, COM ANEL DESLIZANTE, DN 16 MM X 1/2\", PARA TUBO PEX PARA INST. AGUA QUENTE/FRIA","UN","C"]
["MATERIAL",38846,"CONECTOR/ADAPTADOR FIXO, ROSCA FEMEA, METALICA, COM ANEL DESLIZANTE, DN 20 MM X 1/2\", PARA TUBO PEX PARA INST. AGUA QUENTE/FRIA","UN","CR"]
["MATERIAL",38847,"CONECTOR/ADAPTADOR FIXO, ROSCA FEMEA, METALICA, COM ANEL DESLIZANTE, DN 20 MM X 3/4\", PARA TUBO PEX PARA INST. AGUA QUENTE/FRIA","UN","CR"]
["MATERIAL",38850,"CONECTOR/ADAPTADOR FIXO, ROSCA FEMEA, METALICA, COM ANEL DESLIZANTE, DN 25 MM X 1\", PARA TUBO PEX PARA INST. AGUA QUENTE/FRIA","UN","CR"]
["MATERIAL",38848,"CONECTOR/ADAPTADOR FIXO, ROSCA FEMEA, METALICA, COM ANEL DESLIZANTE, DN 25 MM X 3/4\", PARA TUBO PEX PARA INST. AGUA QUENTE/FRIA","UN","CR"]
["MATERIAL",38851,"CONECTOR/ADAPTADOR FIXO, ROSCA FEMEA, METALICA, COM ANEL DESLIZANTE, DN 32 MM X 1\", PARA TUBO PEX PARA INST. AGUA QUENTE/FRIA","UN","CR"]
["MATERIAL",38854,"CONECTOR/ADAPTADOR MOVEL, ROSCA FEMEA, METALICA, COM ANEL DESLIZANTE, DN 16 MM X 3/4\", PARA TUBO PEX PARA INST. AGUA QUENTE/FRIA","UN","CR"]
["MATERIAL",3104,"CONJ. DE FERRAGENS PARA PORTA DE VIDRO TEMPERADO, EM ZAMAC CROMADO, CONTEMPLANDO DOBRADICA INF., DOBRADICA SUP., PIVO PARA DOBRADICA INF., PIVO PARA DOBRADICA SUP., FECHADURA CENTRAL EM ZAMC. CROMADO, CONTRA FECHADURA DE PRESSAO","CJ","CR"]
["MATERIAL",1607,"CONJUNTO ARRUELAS DE VEDACAO 5/16\" PARA TELHA FIBROCIMENTO (UMA ARRUELA METALICA E UMA ARRUELA PVC - CONICAS)","CJ","CR"]
["MATERIAL",38169,"CONJUNTO DE FERRAGENS PIVO, PARA PORTA PIVOTANTE DE ATE 100 KG, REGULAVEL COM ESFERA, CROMADO - SUPERIOR E INFERIOR - COMPLETO","CJ","CR"]
["MATERIAL",6142,"CONJUNTO DE LIGACAO AJUSTAVEL, PARA VASO / BACIA SANITARIA, EM PLASTICO BRANCO, COM TUBO, CANOPLA E ESPUDE","UN","CR",182.98]
["MATERIAL",11686,"CONJUNTO DE LIGACAO PARA VASO / BACIA SANITARIA, EM PLASTICO BRANCO, COM TUBO, CANOPLA E ANEL DE EXPANSAO (TUBO 1.1/2\" X 20 CM)","UN","CR",0.17]
["MATERIAL",37598,"CONJUNTO MONTADO ESTOPIM COM ESPOLETA COMUM NUMERO 8, COM CABECA ACENDEDORA, 1,5 M","UN","CR",87.74]
["MATERIAL",25398,"CONJUNTO PARA FUTSAL COM PAR DE TRAVES OFICIAIS DE 3,00 X 2,00 M EM TUBO DE ACO GALVANIZADO 3\" COM REQUADROS EM TUBO DE 1\", PINTURA EM PRIMER COM TINTA ESMALTE SINTETICO E REDES DE POLIETILENO FIO 4 MM","UN","CR",8.11]
["MATERIAL",25399,"CONJUNTO PARA QUADRA DE VOLEI COM POSTES EM TUBO DE ACO GALVANIZADO 3\", H = *255* CM, PINTURA EM TINTA ESMALTE SINTETICO, REDE DE NYLON COM 2 MM, MALHA 10 X 10 CM E ANTENAS OFICIAIS EM FIBRA DE VIDRO","UN","CR",11.26]
["MATERIAL",43440,"CONJUNTO PRE-MOLDADO COMPOSTO POR GRELHA (0,99 X 0,45 M), QUADRO (1,10 X 0,52 M) E CANTONEIRA (1,10 X 0,35 M), EM CONCRETO ARMADO, COM FCK DE 21 MPA","UN","CR"]
["EQUIPAMENTO (AQUISIÇÃO)",10667,"CONTAINER ALMOXARIFADO, DE *2,40* X *6,00* M, PADRAO SIMPLES, SEM REVESTIMENTO E SEM DIVISORIAS INTERNOS E SEM SANITARIO, PARA USO EM CANTEIRO DE OBRAS","UN","C"]
["MATERIAL",1613,"CONTATOR TRIPOLAR, CORRENTE DE *110* A, TENSAO NOMINAL DE *500* V, CATEGORIA AC-2 E AC-3","UN","CR"]
["MATERIAL",1626,"CONTATOR TRIPOLAR, CORRENTE DE *185* A, TENSAO NOMINAL DE *500* V, CATEGORIA AC-2 E AC-3","UN","CR",381.52]
["MATERIAL",1625,"CONTATOR TRIPOLAR, CORRENTE DE *22* A, TENSAO NOMINAL DE *500* V, CATEGORIA AC-2 E AC-3","UN","CR"]
["MATERIAL",1622,"CONTATOR TRIPOLAR, CORRENTE DE *265* A, TENSAO NOMINAL DE *500* V, CATEGORIA AC-2 E AC-3","UN","CR"]
["MATERIAL",1620,"CONTATOR TRIPOLAR, CORRENTE DE *38* A, TENSAO NOMINAL DE *500* V, CATEGORIA AC-2 E AC-3","UN","CR"]
["MATERIAL",1629,"CONTATOR TRIPOLAR, CORRENTE DE *500* A, TENSAO NOMINAL DE *500* V, CATEGORIA AC-2 E AC-3","UN","CR"]
["MATERIAL",1627,"CONTATOR TRIPOLAR, CORRENTE DE *65* A, TENSAO NOMINAL DE *500* V, CATEGORIA AC-2 E AC-3","UN","CR"]
["MATERIAL",1623,"CONTATOR TRIPOLAR, CORRENTE DE 12 A, TENSAO NOMINAL DE *500* V, CATEGORIA AC-2 E AC-3","UN","CR"]
["MATERIAL",1619,"CONTATOR TRIPOLAR, CORRENTE DE 25 A, TENSAO NOMINAL DE *500* V, CATEGORIA AC-2 E AC-3","UN","CR"]
["MATERIAL",1630,"CONTATOR TRIPOLAR, CORRENTE DE 250 A, TENSAO NOMINAL DE *500* V, PARA ACIONAMENTO DE CAPACITORES","UN","CR"]
["MATERIAL",1616,"CONTATOR TRIPOLAR, CORRENTE DE 300 A, TENSAO NOMINAL DE *500* V, CATEGORIA AC-2 E AC-3","UN","CR"]
["MATERIAL",1614,"CONTATOR TRIPOLAR, CORRENTE DE 32 A, TENSAO NOMINAL DE *500* V, CATEGORIA AC-2 E AC-3","UN","CR"]
["MATERIAL",1617,"CONTATOR TRIPOLAR, CORRENTE DE 400 A, TENSAO NOMINAL DE *500* V, CATEGORIA AC-2 E AC-3","UN","CR"]
["MATERIAL",1621,"CONTATOR TRIPOLAR, CORRENTE DE 45 A, TENSAO NOMINAL DE *500* V, CATEGORIA AC-2 E AC-3","UN","CR"]
["MATERIAL",1624,"CONTATOR TRIPOLAR, CORRENTE DE 630 A, TENSAO NOMINAL DE *500* V, CATEGORIA AC-2 E AC-3","UN","CR"]
["MATERIAL",1615,"CONTATOR TRIPOLAR, CORRENTE DE 75 A, TENSAO NOMINAL DE *500* V, CATEGORIA AC-2 E AC-3","UN","CR"]
["MATERIAL",1612,"CONTATOR TRIPOLAR, CORRENTE DE 9 A, TENSAO NOMINAL DE *500* V, CATEGORIA AC-2 E AC-3","UN","C"]
["MATERIAL",1618,"CONTATOR TRIPOLAR, CORRENTE DE 95 A, TENSAO NOMINAL DE *500* V, CATEGORIA AC-2 E AC-3","UN","CR"]
["MATERIAL",14211,"CONTRA-PORCA SEXTAVADA, DIAMETRO NOMINAL 1 3/8\", ALTURA 35 MM","UN","CR"]
["MATERIAL",43657,"CONTRAMARCO DE ALUMINIO (PERFIL 25) PARA ESQUADRIAS, TIPO CONVENCIONAL / CADEIRINHA, 60 MM (CM-060), INCLUSO CONEXOES, GRAPAS E TRAVAMENTOS","M","CR"]
["MATERIAL",38200,"CORDA DE POLIAMIDA 12 MM TIPO BOMBEIRO, PARA TRABALHO EM ALTURA","100M","CR"]
["MATERIAL",39269,"CORDAO DE COBRE, FLEXIVEL, TORCIDO, CLASSE 4 OU 5, ISOLACAO EM PVC/D, 300 V, 2 CONDUTORES DE 0,5 MM2","M","CR",69.95]
["MATERIAL",11889,"CORDAO DE COBRE, FLEXIVEL, TORCIDO, CLASSE 4 OU 5, ISOLACAO EM PVC/D, 300 V, 2 CONDUTORES DE 0,75 MM2","M","CR",5.0599999999999996]
["MATERIAL",39270,"CORDAO DE COBRE, FLEXIVEL, TORCIDO, CLASSE 4 OU 5, ISOLACAO EM PVC/D, 300 V, 2 CONDUTORES DE 1,0 MM2","M","CR",459.42]
["MATERIAL",11890,"CORDAO DE COBRE, FLEXIVEL, TORCIDO, CLASSE 4 OU 5, ISOLACAO EM PVC/D, 300 V, 2 CONDUTORES DE 1,5 MM2","M","CR",1.41]
["MATERIAL",11891,"CORDAO DE COBRE, FLEXIVEL, TORCIDO, CLASSE 4 OU 5, ISOLACAO EM PVC/D, 300 V, 2 CONDUTORES DE 2,5 MM2","M","CR",1.94]
["MATERIAL",11892,"CORDAO DE COBRE, FLEXIVEL, TORCIDO, CLASSE 4 OU 5, ISOLACAO EM PVC/D, 300 V, 2 CONDUTORES DE 4 MM2","M","CR",2.52]
["MATERIAL",37601,"CORDEL DETONANTE, NP 05 G/M","M","CR",3.43]
["MATERIAL",1634,"CORDEL DETONANTE, NP 10 G/M","M","CR",5.56]
["EQUIPAMENTO (AQUISIÇÃO)",44274,"COROA PARA PERFURATRIZ T38, D = 2 1/2\", 6 X 4 BOTOES BALISTICOS, FACE PLANA","UN","CR",9.09]
["MATERIAL",5086,"CORRENTE DE ELO CURTO COMUM, SOLDADA, GALVANIZADA, ESPESSURA DO ELO = 1/2\" (12,5 MM)","KG","CR"]
["MATERIAL",45244,"CORTA-TUBOS COM CAPACIDADE DE 6 A 42 MM","UN","CR"]
["EQUIPAMENTO (AQUISIÇÃO)",11280,"CORTADEIRA DE PISO DE CONCRETO E ASFALTO, PARA DISCO PADRAO DE DIAMETRO 350 MM (14\") OU 450 MM (18\"), MOTOR A GASOLINA, POTENCIA 13 HP, SEM DISCO","UN","CR",685.66]
["EQUIPAMENTO (AQUISIÇÃO)",40519,"CORTADEIRA HIDRAULICA DE VERGALHAO, PARA ACO DE DIAMETRO ATE 50 MM, MOTOR ELETRICO TRIFASICO, POTENCIA DE 5,5 HP A 7,5 HP","UN","CR",36.32]
["MATERIAL",3446,"COTOVELO 45 GRAUS DE FERRO GALVANIZADO, COM ROSCA BSP, DE 1 1/2\"","UN","CR",89.56]
["MATERIAL",3445,"COTOVELO 45 GRAUS DE FERRO GALVANIZADO, COM ROSCA BSP, DE 1 1/4\"","UN","CR",13749.24]
["MATERIAL",3444,"COTOVELO 45 GRAUS DE FERRO GALVANIZADO, COM ROSCA BSP, DE 1\"","UN","CR",113344.08]
["MATERIAL",3441,"COTOVELO 45 GRAUS DE FERRO GALVANIZADO, COM ROSCA BSP, DE 1/2\"","UN","CR"]
["MATERIAL",12402,"COTOVELO 45 GRAUS DE FERRO GALVANIZADO, COM ROSCA BSP, DE 2 1/2\"","UN","CR"]
["MATERIAL",3447,"COTOVELO 45 GRAUS DE FERRO GALVANIZADO, COM ROSCA BSP, DE 2\"","UN","CR"]
["MATERIAL",3448,"COTOVELO 45 GRAUS DE FERRO GALVANIZADO, COM ROSCA BSP, DE 3\"","UN","CR"]
["MATERIAL",3442,"COTOVELO 45 GRAUS DE FERRO GALVANIZADO, COM ROSCA BSP, DE 3/4\"","UN","CR"]
["MATERIAL",3449,"COTOVELO 45 GRAUS DE FERRO GALVANIZADO, COM ROSCA BSP, DE 4\"","UN","CR"]
["MATERIAL",37438,"COTOVELO 45 GRAUS, PEAD PE 100, DE 125 MM, PARA ELETROFUSAO","UN","CR"]
["MATERIAL",37439,"COTOVELO 45 GRAUS, PEAD PE 100, DE 200 MM, PARA ELETROFUSAO","UN","CR"]
["MATERIAL",37435,"COTOVELO 45 GRAUS, PEAD PE 100, DE 32 MM, PARA ELETROFUSAO","UN","CR"]
["MATERIAL",37436,"COTOVELO 45 GRAUS, PEAD PE 100, DE 40 MM, PARA ELETROFUSAO","UN","CR"]
["MATERIAL",37437,"COTOVELO 45 GRAUS, PEAD PE 100, DE 63 MM, PARA ELETROFUSAO","UN","CR"]
["MATERIAL",3473,"COTOVELO 90 GRAUS DE FERRO GALVANIZADO, COM ROSCA BSP MACHO/FEMEA, DE 1 1/2\"","UN","CR"]
["MATERIAL",3474,"COTOVELO 90 GRAUS DE FERRO GALVANIZADO, COM ROSCA BSP MACHO/FEMEA, DE 1 1/4\"","UN","CR"]
["MATERIAL",3443,"COTOVELO 90 GRAUS DE FERRO GALVANIZADO, COM ROSCA BSP MACHO/FEMEA, DE 1\"","UN","CR"]
["MATERIAL",3450,"COTOVELO 90 GRAUS DE FERRO GALVANIZADO, COM ROSCA BSP MACHO/FEMEA, DE 1/2\"","UN","CR"]
["MATERIAL",3453,"COTOVELO 90 GRAUS DE FERRO GALVANIZADO, COM ROSCA BSP MACHO/FEMEA, DE 2 1/2\"","UN","CR"]
["MATERIAL",3452,"COTOVELO 90 GRAUS DE FERRO GALVANIZADO, COM ROSCA BSP MACHO/FEMEA, DE 2\"","UN","CR"]
["MATERIAL",3454,"COTOVELO 90 GRAUS DE FERRO GALVANIZADO, COM ROSCA BSP MACHO/FEMEA, DE 3\"","UN","CR"]
["MATERIAL",3451,"COTOVELO 90 GRAUS DE FERRO GALVANIZADO, COM ROSCA BSP MACHO/FEMEA, DE 3/4\"","UN","CR"]
["MATERIAL",3458,"COTOVELO 90 GRAUS DE FERRO GALVANIZADO, COM ROSCA BSP, DE 1 1/2\"","UN","CR"]
["MATERIAL",3457,"COTOVELO 90 GRAUS DE FERRO GALVANIZADO, COM ROSCA BSP, DE 1 1/4\"","UN","CR"]
["MATERIAL",3472,"COTOVELO 90 GRAUS DE FERRO GALVANIZADO, COM ROSCA BSP, DE 1\"","UN","CR"]
["MATERIAL",3455,"COTOVELO 90 GRAUS DE FERRO GALVANIZADO, COM ROSCA BSP, DE 1/2\"","UN","CR"]
["MATERIAL",3470,"COTOVELO 90 GRAUS DE FERRO GALVANIZADO, COM ROSCA BSP, DE 2 1/2\"","UN","CR"]
["MATERIAL",3471,"COTOVELO 90 GRAUS DE FERRO GALVANIZADO, COM ROSCA BSP, DE 2\"","UN","CR"]
["MATERIAL",3459,"COTOVELO 90 GRAUS DE FERRO GALVANIZADO, COM ROSCA BSP, DE 3\"","UN","CR"]
["MATERIAL",3456,"COTOVELO 90 GRAUS DE FERRO GALVANIZADO, COM ROSCA BSP, DE 3/4\"","UN","CR"]
["MATERIAL",3469,"COTOVELO 90 GRAUS DE FERRO GALVANIZADO, COM ROSCA BSP, DE 4\"","UN","CR"]
["MATERIAL",3460,"COTOVELO 90 GRAUS DE FERRO GALVANIZADO, COM ROSCA BSP, DE 5\"","UN","CR"]
["MATERIAL",3461,"COTOVELO 90 GRAUS DE FERRO GALVANIZADO, COM ROSCA BSP, DE 6\"","UN","CR"]
["MATERIAL",37433,"COTOVELO 90 GRAUS, PEAD PE 100, DE 125 MM, PARA ELETROFUSAO","UN","CR"]
["MATERIAL",37430,"COTOVELO 90 GRAUS, PEAD PE 100, DE 20 MM, PARA ELETROFUSAO","UN","CR"]
["MATERIAL",37434,"COTOVELO 90 GRAUS, PEAD PE 100, DE 200 MM, PARA ELETROFUSAO","UN","CR"]
["MATERIAL",37431,"COTOVELO 90 GRAUS, PEAD PE 100, DE 32 MM, PARA ELETROFUSAO","UN","CR"]
["MATERIAL",37432,"COTOVELO 90 GRAUS, PEAD PE 100, DE 63 MM, PARA ELETROFUSAO","UN","CR"]
["MATERIAL",39869,"COTOVELO BRONZE/LATAO SEM ANEL DE SOLDA, BOLSA X ROSCA F, 15MM X 1/2\"","UN","CR"]
["MATERIAL",39870,"COTOVELO BRONZE/LATAO SEM ANEL DE SOLDA, BOLSA X ROSCA F, 22MM X 1/2\"","UN","CR"]
["MATERIAL",39871,"COTOVELO BRONZE/LATAO SEM ANEL DE SOLDA, BOLSA X ROSCA F, 22MM X 3/4\"","UN","CR"]
["MATERIAL",12722,"COTOVELO DE COBRE 90 GRAUS SEM ANEL DE SOLDA, BOLSA X BOLSA, 104 MM","UN","CR"]
["MATERIAL",12714,"COTOVELO DE COBRE 90 GRAUS SEM ANEL DE SOLDA, BOLSA X BOLSA, 15 MM","UN","CR"]
["MATERIAL",12715,"COTOVELO DE COBRE 90 GRAUS SEM ANEL DE SOLDA, BOLSA X BOLSA, 22 MM","UN","CR"]
["MATERIAL",12716,"COTOVELO DE COBRE 90 GRAUS SEM ANEL DE SOLDA, BOLSA X BOLSA, 28 MM","UN","CR"]
["MATERIAL",12717,"COTOVELO DE COBRE 90 GRAUS SEM ANEL DE SOLDA, BOLSA X BOLSA, 35 MM","UN","CR"]
["MATERIAL",12718,"COTOVELO DE COBRE 90 GRAUS SEM ANEL DE SOLDA, BOLSA X BOLSA, 42 MM","UN","CR"]
["MATERIAL",12719,"COTOVELO DE COBRE 90 GRAUS SEM ANEL DE SOLDA, BOLSA X BOLSA, 54 MM","UN","CR"]
["MATERIAL",12720,"COTOVELO DE COBRE 90 GRAUS SEM ANEL DE SOLDA, BOLSA X BOLSA, 66 MM","UN","CR"]
["MATERIAL",12721,"COTOVELO DE COBRE 90 GRAUS SEM ANEL DE SOLDA, BOLSA X BOLSA, 79 MM","UN","CR"]
["MATERIAL",3468,"COTOVELO DE REDUCAO 90 GRAUS DE FERRO GALVANIZADO, COM ROSCA BSP, DE 1 1/2\" X 1\"","UN","CR"]
["MATERIAL",3465,"COTOVELO DE REDUCAO 90 GRAUS DE FERRO GALVANIZADO, COM ROSCA BSP, DE 1 1/2\" X 3/4\"","UN","CR"]
["MATERIAL",12403,"COTOVELO DE REDUCAO 90 GRAUS DE FERRO GALVANIZADO, COM ROSCA BSP, DE 1 1/4\" X 1\"","UN","CR"]
["MATERIAL",3463,"COTOVELO DE REDUCAO 90 GRAUS DE FERRO GALVANIZADO, COM ROSCA BSP, DE 1\" X 1/2\"","UN","CR"]
["MATERIAL",3464,"COTOVELO DE REDUCAO 90 GRAUS DE FERRO GALVANIZADO, COM ROSCA BSP, DE 1\" X 3/4\"","UN","CR"]
["MATERIAL",3466,"COTOVELO DE REDUCAO 90 GRAUS DE FERRO GALVANIZADO, COM ROSCA BSP, DE 2 1/2\" X 2\"","UN","CR"]
["MATERIAL",3467,"COTOVELO DE REDUCAO 90 GRAUS DE FERRO GALVANIZADO, COM ROSCA BSP, DE 2\" X 1 1/2\"","UN","CR"]
["MATERIAL",3462,"COTOVELO DE REDUCAO 90 GRAUS DE FERRO GALVANIZADO, COM ROSCA BSP, DE 3/4\" X 1/2\"","UN","CR"]
["MATERIAL",37416,"COTOVELO/JOELHO 90 GRAUS, EM POLIPROPILENO, PN 16, PARA TUBOS PEAD, 20 X 20 MM - LIGACAO PREDIAL DE AGUA","UN","CR"]
["MATERIAL",37417,"COTOVELO/JOELHO 90 GRAUS, EM POLIPROPILENO, PN 16, PARA TUBOS PEAD, 32 X 32 MM - LIGACAO PREDIAL DE AGUA","UN","CR"]
["MATERIAL",37413,"COTOVELO/JOELHO COM ADAPTADOR, 90 GRAUS, EM POLIPROPILENO, PN 16, PARA TUBOS PEAD, 20 MM X 1/2\" - LIGACAO PREDIAL DE AGUA","UN","CR"]
["MATERIAL",37414,"COTOVELO/JOELHO COM ADAPTADOR, 90 GRAUS, EM POLIPROPILENO, PN 16, PARA TUBOS PEAD, 20 MM X 3/4\" - LIGACAO PREDIAL DE AGUA","UN","CR"]
["MATERIAL",37415,"COTOVELO/JOELHO COM ADAPTADOR, 90 GRAUS, EM POLIPROPILENO, PN 16, PARA TUBOS PEAD, 32 MM X 1\" - LIGACAO PREDIAL DE AGUA","UN","CR"]
["MATERIAL",43590,"CREMONA RETANGULAR INJETADA LISA COM CHAVE, COM CASTANHA / ALCA, EM LATAO, COM ACABAMENTO CROMADO, DE SOBREPOR / EMBUTIR","UN","CR"]
["MATERIAL",43589,"CREMONA RETANGULAR INJETADA LISA, COM CASTANHA / ALCA, EM LATAO, COM ACABAMENTO CROMADO, DE SOBREPOR / EMBUTIR","UN","CR"]
["MATERIAL",34519,"CRUZETA DE CONCRETO LEVE, COMP. 2000 MM SECAO, 90 X 90 MM","UN","CR"]
["MATERIAL",1649,"CRUZETA DE FERRO GALVANIZADO, COM ROSCA BSP, DE 1 1/2\"","UN","CR",168.86]
["MATERIAL",1653,"CRUZETA DE FERRO GALVANIZADO, COM ROSCA BSP, DE 1 1/4\"","UN","CR",30.55]
["MATERIAL",1648,"CRUZETA DE FERRO GALVANIZADO, COM ROSCA BSP, DE 1\"","UN","CR"]
["MATERIAL",1647,"CRUZETA DE FERRO GALVANIZADO, COM ROSCA BSP, DE 1/2\"","UN","CR"]
["MATERIAL",1651,"CRUZETA DE FERRO GALVANIZADO, COM ROSCA BSP, DE 2 1/2\"","UN","CR"]
["MATERIAL",1650,"CRUZETA DE FERRO GALVANIZADO, COM ROSCA BSP, DE 2\"","UN","CR"]
["MATERIAL",1652,"CRUZETA DE FERRO GALVANIZADO, COM ROSCA BSP, DE 3\"","UN","CR"]
["MATERIAL",1654,"CRUZETA DE FERRO GALVANIZADO, COM ROSCA BSP, DE 3/4\"","UN","CR"]
["MATERIAL",10510,"CRUZETA DE MADEIRA TRATADA, *90 X 115 X 2400* MM, EM EUCALIPTO OU EQUIVALENTE DA REGIAO","UN","CR"]
["MATERIAL",1744,"CUBA ACO INOX (AISI 304) DE EMBUTIR COM VALVULA 3 1/2 \", DE *40 X 34 X 12* CM","UN","CR"]
["MATERIAL",1743,"CUBA ACO INOX (AISI 304) DE EMBUTIR COM VALVULA 3 1/2 \", DE *46 X 30 X 12* CM","UN","CR"]
["MATERIAL",1747,"CUBA ACO INOX (AISI 304) DE EMBUTIR COM VALVULA DE 3 1/2 \", DE *56 X 33 X 12* CM","UN","CR",197.21]
["MATERIAL",39640,"CUMEEIRA ARTICULADA (ABA INFERIOR) PARA TELHA ONDULADA DE FIBROCIMENTO E = 4 MM, ABA *330* MM, COMPRIMENTO 500 MM (SEM AMIANTO)","UN","CR",151.88999999999999]
["MATERIAL",7216,"CUMEEIRA NORMAL PARA TELHA ESTRUTURAL DE FIBROCIMENTO 2 ABAS, E = 6 MM, DE 1050 X 935 MM (SEM AMIANTO)","UN","CR",199.45]
["MATERIAL",20235,"CUMEEIRA NORMAL PARA TELHA ONDULADA DE FIBROCIMENTO, E = 6 MM, ABA 300 MM, COMPRIMENTO 1100 MM (SEM AMIANTO)","UN","CR",219.28]
["MATERIAL",7181,"CUMEEIRA PARA TELHA CERAMICA, COMPRIMENTO DE *41* CM, RENDIMENTO DE *3* TELHAS/M","UN","CR",15.91]
["MATERIAL",40742,"CUMEEIRA PARA TELHA DE CONCRETO, PARA 2 AGUAS DE TELHADO, COR CINZA, RENDIMENTO DE *3* TELHAS/M","UN","CR",85.45]
["MATERIAL",7214,"CUMEEIRA SHED PARA TELHA ONDULADA DE FIBROCIMENTO, E = 6 MM, ABA 280 MM, COMPRIMENTO 1100 MM (SEM AMIANTO)","UN","CR",68.7]
["MATERIAL",7219,"CUMEEIRA UNIVERSAL PARA TELHA ONDULADA DE FIBROCIMENTO, E = 6 MM, ABA 210 MM, COMPRIMENTO 1100 MM (SEM AMIANTO)","UN","CR",3.86]
["MATERIAL",2628,"CURVA 135 GRAUS PARA ELETRODUTO, EM ACO GALVANIZADO ELETROLITICO, COM ROSCA, DIAMETRO DE 100 MM (4\")","UN","CR",11.22]
["MATERIAL",2622,"CURVA 135 GRAUS PARA ELETRODUTO, EM ACO GALVANIZADO ELETROLITICO, COM ROSCA, DIAMETRO DE 15 MM (1/2\"), ESPESSURA DE 1,50 MM","UN","CR",83.45]
["MATERIAL",2623,"CURVA 135 GRAUS PARA ELETRODUTO, EM ACO GALVANIZADO ELETROLITICO, COM ROSCA, DIAMETRO DE 20 MM (3/4\"), ESPESSURA DE 1,50 MM","UN","CR",74.02]
["MATERIAL",2624,"CURVA 135 GRAUS PARA ELETRODUTO, EM ACO GALVANIZADO ELETROLITICO, COM ROSCA, DIAMETRO DE 25 MM (1\"), ESPESSURA DE 1,50 MM","UN","CR"]
["MATERIAL",2625,"CURVA 135 GRAUS PARA ELETRODUTO, EM ACO GALVANIZADO ELETROLITICO, COM ROSCA, DIAMETRO DE 32 MM (1 1/4\"), ESPESSURA DE 1,50 MM","UN","CR"]
["MATERIAL",2626,"CURVA 135 GRAUS PARA ELETRODUTO, EM ACO GALVANIZADO ELETROLITICO, COM ROSCA, DIAMETRO DE 40 MM (1 1/2\"), ESPESSURA DE 1,50 MM","UN","CR"]
["MATERIAL",2630,"CURVA 135 GRAUS PARA ELETRODUTO, EM ACO GALVANIZADO ELETROLITICO, COM ROSCA, DIAMETRO DE 50 MM (2\")","UN","CR"]
["MATERIAL",2627,"CURVA 135 GRAUS PARA ELETRODUTO, EM ACO GALVANIZADO ELETROLITICO, COM ROSCA, DIAMETRO DE 65 MM (2 1/2\")","UN","CR"]
["MATERIAL",2629,"CURVA 135 GRAUS PARA ELETRODUTO, EM ACO GALVANIZADO ELETROLITICO, COM ROSCA, DIAMETRO DE 80 MM (3\")","UN","CR"]
["MATERIAL",1880,"CURVA 135 GRAUS, DE PVC RIGIDO ROSCAVEL, DE 1\", PARA ELETRODUTO","UN","CR"]
["MATERIAL",39274,"CURVA 135 GRAUS, DE PVC RIGIDO ROSCAVEL, DE 3/4\", PARA ELETRODUTO","UN","CR"]
["MATERIAL",12033,"CURVA 180 GRAUS, DE PVC RIGIDO ROSCAVEL, DE 1 1/2\", PARA ELETRODUTO","UN","CR"]
["MATERIAL",40408,"CURVA 180 GRAUS, DE PVC RIGIDO ROSCAVEL, DE 1 1/4\", PARA ELETRODUTO","UN","CR",4.8099999999999996]
["MATERIAL",39276,"CURVA 180 GRAUS, DE PVC RIGIDO ROSCAVEL, DE 1\", PARA ELETRODUTO","UN","CR",3.73]
["MATERIAL",40409,"CURVA 180 GRAUS, DE PVC RIGIDO ROSCAVEL, DE 1/2\", PARA ELETRODUTO","UN","CR",15.35]
["MATERIAL",39277,"CURVA 180 GRAUS, DE PVC RIGIDO ROSCAVEL, DE 2\", PARA ELETRODUTO","UN","CR",10.08]
["MATERIAL",12034,"CURVA 180 GRAUS, DE PVC RIGIDO ROSCAVEL, DE 3/4\", PARA ELETRODUTO","UN","CR",9.08]
["MATERIAL",39879,"CURVA 45 GRAUS DE COBRE SEM ANEL DE SOLDA, BOLSA X BOLSA, 15 MM","UN","CR",3.57]
["MATERIAL",39880,"CURVA 45 GRAUS DE COBRE SEM ANEL DE SOLDA, BOLSA X BOLSA, 22 MM","UN","CR",24.53]
["MATERIAL",39881,"CURVA 45 GRAUS DE COBRE SEM ANEL DE SOLDA, BOLSA X BOLSA, 28 MM","UN","CR",6.95]
["MATERIAL",39882,"CURVA 45 GRAUS DE COBRE SEM ANEL DE SOLDA, BOLSA X BOLSA, 35 MM","UN","CR"]
["MATERIAL",39883,"CURVA 45 GRAUS DE COBRE SEM ANEL DE SOLDA, BOLSA X BOLSA, 42 MM","UN","CR"]
["MATERIAL",39884,"CURVA 45 GRAUS DE COBRE SEM ANEL DE SOLDA, BOLSA X BOLSA, 54 MM","UN","CR"]
["MATERIAL",39885,"CURVA 45 GRAUS DE COBRE SEM ANEL DE SOLDA, BOLSA X BOLSA, 66 MM","UN","CR"]
["MATERIAL",1777,"CURVA 45 GRAUS DE FERRO GALVANIZADO, COM ROSCA BSP FEMEA, DE 1 1/2\"","UN","CR"]
["MATERIAL",1819,"CURVA 45 GRAUS DE FERRO GALVANIZADO, COM ROSCA BSP FEMEA, DE 1 1/4\"","UN","CR"]
["MATERIAL",1776,"CURVA 45 GRAUS DE FERRO GALVANIZADO, COM ROSCA BSP FEMEA, DE 1\"","UN","CR"]
["MATERIAL",1775,"CURVA 45 GRAUS DE FERRO GALVANIZADO, COM ROSCA BSP FEMEA, DE 1/2\"","UN","CR"]
["MATERIAL",1778,"CURVA 45 GRAUS DE FERRO GALVANIZADO, COM ROSCA BSP FEMEA, DE 2 1/2\"","UN","CR"]
["MATERIAL",1818,"CURVA 45 GRAUS DE FERRO GALVANIZADO, COM ROSCA BSP FEMEA, DE 2\"","UN","CR"]
["MATERIAL",1779,"CURVA 45 GRAUS DE FERRO GALVANIZADO, COM ROSCA BSP FEMEA, DE 3\"","UN","CR"]
["MATERIAL",1820,"CURVA 45 GRAUS DE FERRO GALVANIZADO, COM ROSCA BSP FEMEA, DE 3/4\"","UN","CR"]
["MATERIAL",1780,"CURVA 45 GRAUS DE FERRO GALVANIZADO, COM ROSCA BSP FEMEA, DE 4\"","UN","CR"]
["MATERIAL",1783,"CURVA 45 GRAUS DE FERRO GALVANIZADO, COM ROSCA BSP MACHO/FEMEA, DE 1 1/2\"","UN","CR"]
["MATERIAL",1782,"CURVA 45 GRAUS DE FERRO GALVANIZADO, COM ROSCA BSP MACHO/FEMEA, DE 1 1/4\"","UN","CR"]
["MATERIAL",1781,"CURVA 45 GRAUS DE FERRO GALVANIZADO, COM ROSCA BSP MACHO/FEMEA, DE 1\"","UN","CR"]
["MATERIAL",1817,"CURVA 45 GRAUS DE FERRO GALVANIZADO, COM ROSCA BSP MACHO/FEMEA, DE 1/2\"","UN","CR"]
["MATERIAL",1784,"CURVA 45 GRAUS DE FERRO GALVANIZADO, COM ROSCA BSP MACHO/FEMEA, DE 2 1/2\"","UN","CR"]
["MATERIAL",1810,"CURVA 45 GRAUS DE FERRO GALVANIZADO, COM ROSCA BSP MACHO/FEMEA, DE 2\"","UN","CR"]
["MATERIAL",1812,"CURVA 45 GRAUS DE FERRO GALVANIZADO, COM ROSCA BSP MACHO/FEMEA, DE 3\"","UN","CR"]
["MATERIAL",1811,"CURVA 45 GRAUS DE FERRO GALVANIZADO, COM ROSCA BSP MACHO/FEMEA, DE 3/4\"","UN","CR"]
["MATERIAL",40386,"CURVA 45 GRAUS EM ACO CARBONO, SOLDAVEL, PRESSAO 3.000 LBS, DN 1 1/2\"","UN","CR"]
["MATERIAL",40384,"CURVA 45 GRAUS EM ACO CARBONO, SOLDAVEL, PRESSAO 3.000 LBS, DN 1 1/4\"","UN","CR"]
["MATERIAL",40423,"CURVA 45 GRAUS EM ACO CARBONO, SOLDAVEL, PRESSAO 3.000 LBS, DN 1\"","UN","CR"]
["MATERIAL",40379,"CURVA 45 GRAUS EM ACO CARBONO, SOLDAVEL, PRESSAO 3.000 LBS, DN 1/2\"","UN","CR"]
["MATERIAL",40389,"CURVA 45 GRAUS EM ACO CARBONO, SOLDAVEL, PRESSAO 3.000 LBS, DN 2 1/2\"","UN","CR"]
["MATERIAL",40388,"CURVA 45 GRAUS EM ACO CARBONO, SOLDAVEL, PRESSAO 3.000 LBS, DN 2\"","UN","CR"]
["MATERIAL",40391,"CURVA 45 GRAUS EM ACO CARBONO, SOLDAVEL, PRESSAO 3.000 LBS, DN 3\"","UN","CR"]
["MATERIAL",40381,"CURVA 45 GRAUS EM ACO CARBONO, SOLDAVEL, PRESSAO 3.000 LBS, DN 3/4\"","UN","CR"]
["MATERIAL",2609,"CURVA 45 GRAUS PARA ELETRODUTO, EM ACO GALVANIZADO ELETROLITICO, COM ROSCA, DIAMETRO DE 20 MM (3/4\"), ESPESSURA DE 1,50 MM","UN","CR"]
["MATERIAL",2634,"CURVA 45 GRAUS PARA ELETRODUTO, EM ACO GALVANIZADO ELETROLITICO, COM ROSCA, DIAMETRO DE 25 MM (1\"), ESPESSURA DE 1,50 MM","UN","CR"]
["MATERIAL",2611,"CURVA 45 GRAUS PARA ELETRODUTO, EM ACO GALVANIZADO ELETROLITICO, COM ROSCA, DIAMETRO DE 40 MM (1 1/2\"), ESPESSURA DE 1,50 MM","UN","CR"]
["MATERIAL",40414,"CURVA 45 GRAUS RANHURADA EM FERRO FUNDIDO, DN 50 MM (2\")","UN","CR"]
["MATERIAL",40416,"CURVA 45 GRAUS RANHURADA EM FERRO FUNDIDO, DN 65 MM (2 1/2\")","UN","CR"]
["MATERIAL",40418,"CURVA 45 GRAUS RANHURADA EM FERRO FUNDIDO, DN 80 MM (3\")","UN","CR"]
["MATERIAL",34359,"CURVA 90 GRAUS DE BARRA CHATA EM ALUMINIO 3/4\" X 1/4\" X 300 MM","UN","CR"]
["MATERIAL",1789,"CURVA 90 GRAUS DE FERRO GALVANIZADO, COM ROSCA BSP FEMEA, DE 1 1/2\"","UN","CR"]
["MATERIAL",1788,"CURVA 90 GRAUS DE FERRO GALVANIZADO, COM ROSCA BSP FEMEA, DE 1 1/4\"","UN","CR"]
["MATERIAL",1787,"CURVA 90 GRAUS DE FERRO GALVANIZADO, COM ROSCA BSP FEMEA, DE 1\"","UN","CR"]
["MATERIAL",1786,"CURVA 90 GRAUS DE FERRO GALVANIZADO, COM ROSCA BSP FEMEA, DE 1/2\"","UN","CR"]
["MATERIAL",1791,"CURVA 90 GRAUS DE FERRO GALVANIZADO, COM ROSCA BSP FEMEA, DE 2 1/2\"","UN","CR"]
["MATERIAL",1790,"CURVA 90 GRAUS DE FERRO GALVANIZADO, COM ROSCA BSP FEMEA, DE 2\"","UN","CR"]
["MATERIAL",1792,"CURVA 90 GRAUS DE FERRO GALVANIZADO, COM ROSCA BSP FEMEA, DE 3\"","UN","CR"]
["MATERIAL",1813,"CURVA 90 GRAUS DE FERRO GALVANIZADO, COM ROSCA BSP FEMEA, DE 3/4\"","UN","CR"]
["MATERIAL",1793,"CURVA 90 GRAUS DE FERRO GALVANIZADO, COM ROSCA BSP FEMEA, DE 4\"","UN","CR"]
["MATERIAL",1797,"CURVA 90 GRAUS DE FERRO GALVANIZADO, COM ROSCA BSP MACHO, DE 1 1/2\"","UN","CR"]
["MATERIAL",1796,"CURVA 90 GRAUS DE FERRO GALVANIZADO, COM ROSCA BSP MACHO, DE 1 1/4\"","UN","CR"]
["MATERIAL",1816,"CURVA 90 GRAUS DE FERRO GALVANIZADO, COM ROSCA BSP MACHO, DE 1\"","UN","CR"]
["MATERIAL",1794,"CURVA 90 GRAUS DE FERRO GALVANIZADO, COM ROSCA BSP MACHO, DE 1/2\"","UN","CR"]
["MATERIAL",1815,"CURVA 90 GRAUS DE FERRO GALVANIZADO, COM ROSCA BSP MACHO, DE 2 1/2\"","UN","CR"]
["MATERIAL",1798,"CURVA 90 GRAUS DE FERRO GALVANIZADO, COM ROSCA BSP MACHO, DE 2\"","UN","CR"]
["MATERIAL",1799,"CURVA 90 GRAUS DE FERRO GALVANIZADO, COM ROSCA BSP MACHO, DE 3\"","UN","CR"]
["MATERIAL",1795,"CURVA 90 GRAUS DE FERRO GALVANIZADO, COM ROSCA BSP MACHO, DE 3/4\"","UN","CR"]
["MATERIAL",1800,"CURVA 90 GRAUS DE FERRO GALVANIZADO, COM ROSCA BSP MACHO, DE 4\"","UN","CR"]
["MATERIAL",1802,"CURVA 90 GRAUS DE FERRO GALVANIZADO, COM ROSCA BSP MACHO, DE 6\"","UN","CR"]
["MATERIAL",1809,"CURVA 90 GRAUS DE FERRO GALVANIZADO, COM ROSCA BSP MACHO/FEMEA, DE 1 1/2\"","UN","CR"]
["MATERIAL",1814,"CURVA 90 GRAUS DE FERRO GALVANIZADO, COM ROSCA BSP MACHO/FEMEA, DE 1 1/4\"","UN","CR"]
["MATERIAL",1805,"CURVA 90 GRAUS DE FERRO GALVANIZADO, COM ROSCA BSP MACHO/FEMEA, DE 1\"","UN","CR"]
["MATERIAL",1803,"CURVA 90 GRAUS DE FERRO GALVANIZADO, COM ROSCA BSP MACHO/FEMEA, DE 1/2\"","UN","CR"]
["MATERIAL",1821,"CURVA 90 GRAUS DE FERRO GALVANIZADO, COM ROSCA BSP MACHO/FEMEA, DE 2 1/2\"","UN","CR"]
["MATERIAL",1806,"CURVA 90 GRAUS DE FERRO GALVANIZADO, COM ROSCA BSP MACHO/FEMEA, DE 2\"","UN","CR"]
["MATERIAL",1807,"CURVA 90 GRAUS DE FERRO GALVANIZADO, COM ROSCA BSP MACHO/FEMEA, DE 3\"","UN","CR"]
["MATERIAL",1804,"CURVA 90 GRAUS DE FERRO GALVANIZADO, COM ROSCA BSP MACHO/FEMEA, DE 3/4\"","UN","CR"]
["MATERIAL",1808,"CURVA 90 GRAUS DE FERRO GALVANIZADO, COM ROSCA BSP MACHO/FEMEA, DE 4\"","UN","CR"]
["MATERIAL",40385,"CURVA 90 GRAUS EM ACO CARBONO, RAIO CURTO, SOLDAVEL, PRESSAO 3.000 LBS, DN 1 1/2\"","UN","CR"]
["MATERIAL",40383,"CURVA 90 GRAUS EM ACO CARBONO, RAIO CURTO, SOLDAVEL, PRESSAO 3.000 LBS, DN 1 1/4\"","UN","CR"]
["MATERIAL",40382,"CURVA 90 GRAUS EM ACO CARBONO, RAIO CURTO, SOLDAVEL, PRESSAO 3.000 LBS, DN 1\"","UN","CR"]
["MATERIAL",40378,"CURVA 90 GRAUS EM ACO CARBONO, RAIO CURTO, SOLDAVEL, PRESSAO 3.000 LBS, DN 1/2\"","UN","CR"]
["MATERIAL",40422,"CURVA 90 GRAUS EM ACO CARBONO, RAIO CURTO, SOLDAVEL, PRESSAO 3.000 LBS, DN 2 1/2\"","UN","CR"]
["MATERIAL",40387,"CURVA 90 GRAUS EM ACO CARBONO, RAIO CURTO, SOLDAVEL, PRESSAO 3.000 LBS, DN 2\"","UN","CR"]
["MATERIAL",40390,"CURVA 90 GRAUS EM ACO CARBONO, RAIO CURTO, SOLDAVEL, PRESSAO 3.000 LBS, DN 3\"","UN","CR"]
["MATERIAL",40380,"CURVA 90 GRAUS EM ACO CARBONO, RAIO CURTO, SOLDAVEL, PRESSAO 3.000 LBS, DN 3/4\"","UN","CR"]
["MATERIAL",2621,"CURVA 90 GRAUS PARA ELETRODUTO, EM ACO GALVANIZADO ELETROLITICO, COM ROSCA, DIAMETRO DE 100 MM (4\")","UN","CR"]
["MATERIAL",2616,"CURVA 90 GRAUS PARA ELETRODUTO, EM ACO GALVANIZADO ELETROLITICO, COM ROSCA, DIAMETRO DE 15 MM (1/2\"), ESPESSURA DE 1,50 MM","UN","CR"]
["MATERIAL",2633,"CURVA 90 GRAUS PARA ELETRODUTO, EM ACO GALVANIZADO ELETROLITICO, COM ROSCA, DIAMETRO DE 20 MM (3/4\"), ESPESSURA DE 1,50 MM","UN","CR"]
["MATERIAL",2617,"CURVA 90 GRAUS PARA ELETRODUTO, EM ACO GALVANIZADO ELETROLITICO, COM ROSCA, DIAMETRO DE 25 MM (1\"), ESPESSURA DE 1,50 MM","UN","CR"]
["MATERIAL",2618,"CURVA 90 GRAUS PARA ELETRODUTO, EM ACO GALVANIZADO ELETROLITICO, COM ROSCA, DIAMETRO DE 32 MM (1 1/4\"), ESPESSURA DE 1,50 MM","UN","CR"]
["MATERIAL",2632,"CURVA 90 GRAUS PARA ELETRODUTO, EM ACO GALVANIZADO ELETROLITICO, COM ROSCA, DIAMETRO DE 40 MM (1 1/2\"), ESPESSURA DE 1,50 MM","UN","CR"]
["MATERIAL",2631,"CURVA 90 GRAUS PARA ELETRODUTO, EM ACO GALVANIZADO ELETROLITICO, COM ROSCA, DIAMETRO DE 50 MM (2\")","UN","CR"]
["MATERIAL",2619,"CURVA 90 GRAUS PARA ELETRODUTO, EM ACO GALVANIZADO ELETROLITICO, COM ROSCA, DIAMETRO DE 65 MM (2 1/2\")","UN","CR"]
["MATERIAL",2620,"CURVA 90 GRAUS PARA ELETRODUTO, EM ACO GALVANIZADO ELETROLITICO, COM ROSCA, DIAMETRO DE 80 MM (3\")","UN","CR"]
["MATERIAL",40413,"CURVA 90 GRAUS RANHURADA EM FERRO FUNDIDO, DN 50 MM (2\")","UN","CR"]
["MATERIAL",40415,"CURVA 90 GRAUS RANHURADA EM FERRO FUNDIDO, DN 65 MM (2 1/2\")","UN","CR"]
["MATERIAL",40417,"CURVA 90 GRAUS RANHURADA EM FERRO FUNDIDO, DN 80 MM (3\")","UN","CR"]
["MATERIAL",39273,"CURVA 90 GRAUS, CURTA, DE PVC RIGIDO ROSCAVEL, DE 1\", PARA ELETRODUTO","UN","CR"]
["MATERIAL",39271,"CURVA 90 GRAUS, CURTA, DE PVC RIGIDO ROSCAVEL, DE 1/2\", PARA ELETRODUTO","UN","CR"]
["MATERIAL",39272,"CURVA 90 GRAUS, CURTA, DE PVC RIGIDO ROSCAVEL, DE 3/4\", PARA ELETRODUTO","UN","CR"]
["MATERIAL",1875,"CURVA 90 GRAUS, LONGA, DE PVC RIGIDO ROSCAVEL, DE 1 1/2\", PARA ELETRODUTO","UN","CR",5.25]
["MATERIAL",1874,"CURVA 90 GRAUS, LONGA, DE PVC RIGIDO ROSCAVEL, DE 1 1/4\", PARA ELETRODUTO","UN","CR",3.09]
["MATERIAL",1884,"CURVA 90 GRAUS, LONGA, DE PVC RIGIDO ROSCAVEL, DE 1\", PARA ELETRODUTO","UN","CR",3.8]
["MATERIAL",1870,"CURVA 90 GRAUS, LONGA, DE PVC RIGIDO ROSCAVEL, DE 1/2\", PARA ELETRODUTO","UN","C",8.39]
["MATERIAL",1887,"CURVA 90 GRAUS, LONGA, DE PVC RIGIDO ROSCAVEL, DE 2 1/2\", PARA ELETRODUTO","UN","CR",6.93]
["MATERIAL",1876,"CURVA 90 GRAUS, LONGA, DE PVC RIGIDO ROSCAVEL, DE 2\", PARA ELETRODUTO","UN","CR",6.14]
["MATERIAL",1877,"CURVA 90 GRAUS, LONGA, DE PVC RIGIDO ROSCAVEL, DE 3\", PARA ELETRODUTO","UN","CR",4]
["MATERIAL",1879,"CURVA 90 GRAUS, LONGA, DE PVC RIGIDO ROSCAVEL, DE 3/4\", PARA ELETRODUTO","UN","CR",34.78]
["MATERIAL",1878,"CURVA 90 GRAUS, LONGA, DE PVC RIGIDO ROSCAVEL, DE 4\", PARA ELETRODUTO","UN","CR",13.63]
["MATERIAL",37971,"CURVA CPVC, 90 GRAUS, SOLDAVEL, 15 MM, PARA AGUA QUENTE","UN","CR",34.82]
["MATERIAL",37972,"CURVA CPVC, 90 GRAUS, SOLDAVEL, 22 MM, PARA AGUA QUENTE","UN","CR",4.05]
["MATERIAL",37973,"CURVA CPVC, 90 GRAUS, SOLDAVEL, 28 MM, PARA AGUA QUENTE","UN","CR",69.97]
["MATERIAL",1926,"CURVA DE PVC 45 GRAUS, SOLDAVEL, 20 MM, COR MARROM, PARA AGUA FRIA PREDIAL","UN","CR",5.13]
["MATERIAL",1927,"CURVA DE PVC 45 GRAUS, SOLDAVEL, 25 MM, COR MARROM, PARA AGUA FRIA PREDIAL","UN","CR",7.28]
["MATERIAL",1923,"CURVA DE PVC 45 GRAUS, SOLDAVEL, 32 MM, COR MARROM, PARA AGUA FRIA PREDIAL","UN","CR",13.68]
["MATERIAL",1929,"CURVA DE PVC 45 GRAUS, SOLDAVEL, 40 MM, COR MARROM, PARA AGUA FRIA PREDIAL","UN","CR",2.15]
["MATERIAL",1930,"CURVA DE PVC 45 GRAUS, SOLDAVEL, 50 MM, COR MARROM, PARA AGUA FRIA PREDIAL","UN","CR",2.41]
["MATERIAL",1924,"CURVA DE PVC 45 GRAUS, SOLDAVEL, 60 MM, COR MARROM, PARA AGUA FRIA PREDIAL","UN","CR",4.4000000000000004]
["MATERIAL",1922,"CURVA DE PVC 45 GRAUS, SOLDAVEL, 75 MM, COR MARROM, PARA AGUA FRIA PREDIAL","UN","CR",5.34]
["MATERIAL",1953,"CURVA DE PVC 45 GRAUS, SOLDAVEL, 85 MM, COR MARROM, PARA AGUA FRIA PREDIAL","UN","CR",9.1300000000000008]
["MATERIAL",1962,"CURVA DE PVC 90 GRAUS, SOLDAVEL, 110 MM, COR MARROM, PARA AGUA FRIA PREDIAL","UN","CR",14.74]
["MATERIAL",1955,"CURVA DE PVC 90 GRAUS, SOLDAVEL, 20 MM, COR MARROM, PARA AGUA FRIA PREDIAL","UN","CR",30.48]
["MATERIAL",1956,"CURVA DE PVC 90 GRAUS, SOLDAVEL, 25 MM, COR MARROM, PARA AGUA FRIA PREDIAL","UN","CR",37.21]
["MATERIAL",1957,"CURVA DE PVC 90 GRAUS, SOLDAVEL, 32 MM, COR MARROM, PARA AGUA FRIA PREDIAL","UN","CR",180.8]
["MATERIAL",1958,"CURVA DE PVC 90 GRAUS, SOLDAVEL, 40 MM, COR MARROM, PARA AGUA FRIA PREDIAL","UN","CR",2.08]
["MATERIAL",1959,"CURVA DE PVC 90 GRAUS, SOLDAVEL, 50 MM, COR MARROM, PARA AGUA FRIA PREDIAL","UN","CR",2.94]
["MATERIAL",1925,"CURVA DE PVC 90 GRAUS, SOLDAVEL, 60 MM, COR MARROM, PARA AGUA FRIA PREDIAL","UN","CR",6.36]
["MATERIAL",1960,"CURVA DE PVC 90 GRAUS, SOLDAVEL, 75 MM, COR MARROM, PARA AGUA FRIA PREDIAL","UN","CR",11.84]
["MATERIAL",1961,"CURVA DE PVC 90 GRAUS, SOLDAVEL, 85 MM, COR MARROM, PARA AGUA FRIA PREDIAL","UN","CR",12.85]
["MATERIAL",38423,"CURVA DE PVC, 90 GRAUS, SERIE R, DN 100 MM, PARA ESGOTO PREDIAL","UN","CR",33.57]
["MATERIAL",39866,"CURVA DE TRANSPOSICAO BRONZE/LATAO SEM ANEL DE SOLDA, BOLSA X BOLSA, 15 MM","UN","CR",51.56]
["MATERIAL",39867,"CURVA DE TRANSPOSICAO BRONZE/LATAO SEM ANEL DE SOLDA, BOLSA X BOLSA, 22 MM","UN","CR",66.05]
["MATERIAL",39868,"CURVA DE TRANSPOSICAO BRONZE/LATAO SEM ANEL DE SOLDA, BOLSA X BOLSA, 28 MM","UN","CR",27.96]
["MATERIAL",37999,"CURVA DE TRANSPOSICAO, CPVC, SOLDAVEL, 15 MM","UN","CR"]
["MATERIAL",38000,"CURVA DE TRANSPOSICAO, CPVC, SOLDAVEL, 22 MM","UN","CR"]
["MATERIAL",38129,"CURVA DE TRANSPOSICAO, PVC SOLDAVEL, 20 MM, COR MARROM, PARA AGUA FRIA PREDIAL","UN","CR"]
["MATERIAL",38025,"CURVA DE TRANSPOSICAO, PVC, SOLDAVEL, 25 MM, COR MARROM, PARA AGUA FRIA PREDIAL","UN","CR",8.65]
["MATERIAL",38026,"CURVA DE TRANSPOSICAO, PVC, SOLDAVEL, 32 MM, COR MARROM, PARA AGUA FRIA PREDIAL","UN","CR",10.1]
["MATERIAL",1858,"CURVA LONGA PVC, PB, JE, 45 GRAUS, DN 100 MM, PARA REDE COLETORA ESGOTO","UN","CR",4.8499999999999996]
["MATERIAL",1844,"CURVA LONGA PVC, PB, JE, 45 GRAUS, DN 150 MM, PARA REDE COLETORA ESGOTO","UN","CR",6.58]
["MATERIAL",1863,"CURVA LONGA PVC, PB, JE, 90 GRAUS, DN 100 MM, PARA REDE COLETORA ESGOTO","UN","CR",16.25]
["MATERIAL",1865,"CURVA LONGA PVC, PB, JE, 90 GRAUS, DN 150 MM, PARA REDE COLETORA ESGOTO","UN","CR",43.32]
["MATERIAL",36355,"CURVA PPR 90 GRAUS, F/F, DN 20 MM, PARA AGUA QUENTE PREDIAL","UN","CR",99.21]
["MATERIAL",36356,"CURVA PPR 90 GRAUS, F/F, DN 25 MM, PARA AGUA QUENTE PREDIAL","UN","CR",46.1]
["MATERIAL",1940,"CURVA PVC 90 GRAUS, ROSCAVEL, 1 1/4\", COR BRANCA, AGUA FRIA PREDIAL","UN","CR",120.12]
["MATERIAL",1939,"CURVA PVC 90 GRAUS, ROSCAVEL, 1\", COR BRANCA, AGUA FRIA PREDIAL","UN","CR"]
["MATERIAL",1937,"CURVA PVC 90 GRAUS, ROSCAVEL, 1/2\", COR BRANCA, AGUA FRIA PREDIAL","UN","CR"]
["MATERIAL",1938,"CURVA PVC 90 GRAUS, ROSCAVEL, 3/4\", COR BRANCA, AGUA FRIA PREDIAL","UN","CR",32.81]
["MATERIAL",1966,"CURVA PVC CURTA 90 GRAUS, DN 100 MM, PARA ESGOTO PREDIAL","UN","CR",9]
["MATERIAL",1933,"CURVA PVC CURTA 90 GRAUS, DN 40 MM, PARA ESGOTO PREDIAL","UN","CR",5.54]
["MATERIAL",1932,"CURVA PVC CURTA 90 GRAUS, DN 50 MM, PARA ESGOTO PREDIAL","UN","CR",6.29]
["MATERIAL",1951,"CURVA PVC CURTA 90 GRAUS, DN 75 MM, PARA ESGOTO PREDIAL","UN","CR",18.38]
["MATERIAL",1970,"CURVA PVC LONGA 90 GRAUS, DN 100 MM, PARA ESGOTO PREDIAL","UN","CR",3.96]
["MATERIAL",1967,"CURVA PVC LONGA 90 GRAUS, DN 40 MM, PARA ESGOTO PREDIAL","UN","CR",9.07]
["MATERIAL",1968,"CURVA PVC LONGA 90 GRAUS, DN 50 MM, PARA ESGOTO PREDIAL","UN","CR",18.91]
["MATERIAL",1969,"CURVA PVC LONGA 90 GRAUS, DN 75 MM, PARA ESGOTO PREDIAL","UN","CR",45.95]
["MATERIAL",1827,"CURVA PVC PBA, JE, PB, 45 GRAUS, DN 100 / DE 110 MM, PARA REDE DE AGUA","UN","CR",5.45]
["MATERIAL",1831,"CURVA PVC PBA, JE, PB, 45 GRAUS, DN 50 / DE 60 MM, PARA REDE DE AGUA","UN","CR",10.78]
["MATERIAL",1825,"CURVA PVC PBA, JE, PB, 45 GRAUS, DN 75 / DE 85 MM, PARA REDE DE AGUA","UN","CR",35.11]
["MATERIAL",1828,"CURVA PVC PBA, JE, PB, 90 GRAUS, DN 100 / DE 110 MM, PARA REDE DE AGUA","UN","CR"]
["MATERIAL",1845,"CURVA PVC PBA, JE, PB, 90 GRAUS, DN 50 / DE 60 MM, PARA REDE DE AGUA","UN","CR"]
["MATERIAL",1824,"CURVA PVC PBA, JE, PB, 90 GRAUS, DN 75 / DE 85 MM, PARA REDE DE AGUA","UN","CR"]
["MATERIAL",42693,"CURVA PVC, BB, JE, 45 GRAUS, DN 250 MM, PARA TUBO CORRUGADO E/OU LISO, REDE COLETORA ESGOTO","UN","CR"]
["MATERIAL",42695,"CURVA PVC, BB, JE, 90 GRAUS, DN 200 MM, PARA TUBO CORRUGADO E/OU LISO, REDE COLETORA ESGOTO","UN","CR"]
["MATERIAL",42694,"CURVA PVC, BB, JE, 90 GRAUS, DN 250 MM, PARA TUBO CORRUGADO E/OU LISO, REDE COLETORA ESGOTO","UN","CR"]
["MATERIAL",20097,"CURVA PVC, SERIE R, 87.30 GRAUS, CURTA, PARA PE-DE-COLUNA, DN 100 MM, PARA ESGOTO PREDIAL","UN","CR",337.44]
["MATERIAL",20098,"CURVA PVC, SERIE R, 87.30 GRAUS, CURTA, PARA PE-DE-COLUNA, DN 150 MM, PARA ESGOTO PREDIAL","UN","CR",235.75]
["MATERIAL",20096,"CURVA PVC, SERIE R, 87.30 GRAUS, CURTA, PARA PE-DE-COLUNA, DN 75 MM, PARA ESGOTO PREDIAL","UN","CR",451.56]
["EQUIPAMENTO (AQUISIÇÃO)",44472,"DENTE PARA  FRESADORA","UN","CR",19.579999999999998]
["MATERIAL",38369,"DESEMPENADEIRA DE ACO DENTADA 12 X *25* CM, DENTES 8 X 8 MM, CABO FECHADO DE MADEIRA","UN","CR",80.02]
["MATERIAL",38370,"DESEMPENADEIRA DE ACO LISA 12 X *25* CM COM CABO FECHADO DE MADEIRA","UN","CR",20.260000000000002]
["MATERIAL",38372,"DESEMPENADEIRA PLASTICA LISA *14 X 27* CM","UN","CR"]
["MAO DE OBRA",2358,"DESENHISTA PROJETISTA (HORISTA)","H","CR",17.64]
["MAO DE OBRA",40807,"DESENHISTA PROJETISTA (MENSALISTA)","MES","CR",11.9]
["MATERIAL",44330,"DESINFETANTE PRONTO USO","L","CR",25.83]
["MATERIAL",43144,"DESMOLDANTE PARA CONCRETO ESTAMPADO","KG","CR",10.06]
["MATERIAL",39397,"DESMOLDANTE PARA FORMAS METALICAS A BASE DE OLEO VEGETAL","L","CR",22.21]
["MATERIAL",2692,"DESMOLDANTE PROTETOR PARA FORMAS DE MADEIRA, DE BASE OLEOSA EMULSIONADA EM AGUA","L","CR",3889.07]
["MATERIAL",44329,"DETERGENTE NEUTRO USO GERAL, CONCENTRADO","L","CR",14.4]
["MATERIAL",5318,"DILUENTE AGUARRAS","L","C",39.090000000000003]
["MATERIAL",5330,"DILUENTE EPOXI","L","CR",17.809999999999999]
["MATERIAL",44532,"DISCO DE BORRACHA PARA LIXADEIRA RIGIDO 7\" COM ARRUELA CENTRAL","UN","CR",7.19]
["MATERIAL",44531,"DISCO DE CORTE DIAMANTADO SEGMENTADO DIAMETRO DE 180 MM PARA ESMERILHADEIRA 7\"","UN","CR",18.87]
["MATERIAL",13887,"DISCO DE CORTE DIAMANTADO SEGMENTADO PARA CONCRETO/ASFALTO, DIAMETRO DE *350* MM, FURO DE 25,40 MM","UN","CR",30.51]
["MATERIAL",38140,"DISCO DE CORTE DIAMANTADO SEGMENTADO, DIAMETRO DE *110* MM, FURO DE 20 MM","UN","C",69.540000000000006]
["MATERIAL",44495,"DISCO DE CORTE PARA METAL COM DUAS TELAS 12 X 1/8 X 3/4\" (300 X 3,2 X 19,05 MM)","UN","CR",18.09]
["MATERIAL",44533,"DISCO DE DESBASTE PARA METAL FERROSO EM GERAL, COM TRES TELAS, 9 X 1/4 X 7/8\" (228,6 X 6,4 X 22,2 MM)","UN","CR",62.03]
["MATERIAL",44534,"DISCO DE LIXA PARA METAL, DIAMETRO = 180 MM, GRAO  120","UN","CR",270.20999999999998]
["MATERIAL",34729,"DISJUNTOR TERMOMAGNETICO AJUSTAVEL, TRIPOLAR DE 100 ATE 250A, CAPACIDADE DE INTERRUPCAO DE 35KA","UN","CR",22.13]
["MATERIAL",34734,"DISJUNTOR TERMOMAGNETICO AJUSTAVEL, TRIPOLAR DE 300 ATE 400A, CAPACIDADE DE INTERRUPCAO DE 35KA","UN","CR",23.4]
["MATERIAL",34738,"DISJUNTOR TERMOMAGNETICO AJUSTAVEL, TRIPOLAR DE 450 ATE 600A, CAPACIDADE DE INTERRUPCAO DE 35KA","UN","CR",23.74]
["MATERIAL",34623,"DISJUNTOR TERMOMAGNETICO PARA TRILHO DIN (IEC), BIPOLAR, 40 - 50 A","UN","CR",4.6500000000000004]
["MATERIAL",34616,"DISJUNTOR TERMOMAGNETICO PARA TRILHO DIN (IEC), BIPOLAR, 6 - 32 A","UN","CR",1357.19]
["MATERIAL",34628,"DISJUNTOR TERMOMAGNETICO PARA TRILHO DIN (IEC), BIPOLAR, 63 A","UN","CR",2101.36]
["MATERIAL",34686,"DISJUNTOR TERMOMAGNETICO PARA TRILHO DIN (IEC), MONOPOLAR, 40 - 50 A","UN","CR",4909.43]
["MATERIAL",34653,"DISJUNTOR TERMOMAGNETICO PARA TRILHO DIN (IEC), MONOPOLAR, 6 - 32 A","UN","CR",58.83]
["MATERIAL",34688,"DISJUNTOR TERMOMAGNETICO PARA TRILHO DIN (IEC), MONOPOLAR, 63 A","UN","CR",59.75]
["MATERIAL",34709,"DISJUNTOR TERMOMAGNETICO PARA TRILHO DIN (IEC), TRIPOLAR, 10 - 50 A","UN","CR",84.27]
["MATERIAL",34714,"DISJUNTOR TERMOMAGNETICO PARA TRILHO DIN (IEC), TRIPOLAR, 63 A","UN","CR",15.45]
["MATERIAL",2391,"DISJUNTOR TERMOMAGNETICO TRIPOLAR 125 A / 425 V / ICC - 25 KA","UN","CR",10.42]
["MATERIAL",2374,"DISJUNTOR TERMOMAGNETICO TRIPOLAR 150 A / 600 V, TIPO FXD / ICC - 35 KA","UN","CR",18.89]
["MATERIAL",2377,"DISJUNTOR TERMOMAGNETICO TRIPOLAR 200 A / 600 V, TIPO FXD / ICC - 35 KA","UN","CR",73.2]
["MATERIAL",2393,"DISJUNTOR TERMOMAGNETICO TRIPOLAR 250 A / 600 V, TIPO FXD","UN","CR",87.43]
["MATERIAL",34705,"DISJUNTOR TERMOMAGNETICO TRIPOLAR 3 X 250 A/ICC - 25 KA","UN","CR",399.3]
["MATERIAL",34707,"DISJUNTOR TERMOMAGNETICO TRIPOLAR 3 X 350 A/ICC - 25 KA","UN","CR",452.99]
["MATERIAL",34544,"DISJUNTOR TERMOMAGNETICO TRIPOLAR 3 X 400 A / ICC - 25 KA","UN","CR",635.73]
["MATERIAL",2378,"DISJUNTOR TERMOMAGNETICO TRIPOLAR 300 A / 600 V, TIPO JXD / ICC - 40 KA","UN","CR",1064.6099999999999]
["MATERIAL",2379,"DISJUNTOR TERMOMAGNETICO TRIPOLAR 400 A / 600 V, TIPO JXD / ICC - 40 KA","UN","CR",931.15]
["MATERIAL",2376,"DISJUNTOR TERMOMAGNETICO TRIPOLAR 600 A / 600 V, TIPO LXD / ICC - 40 KA","UN","CR",1725.44]
["MATERIAL",2394,"DISJUNTOR TERMOMAGNETICO TRIPOLAR 800 A / 600 V, TIPO LMXD","UN","CR",1725.26]
["MATERIAL",2388,"DISJUNTOR TIPO NEMA, BIPOLAR 10 ATE 50 A, TENSAO MAXIMA 415 V","UN","CR",1462.38]
["MATERIAL",34606,"DISJUNTOR TIPO NEMA, BIPOLAR 60 ATE 100A, TENSAO MAXIMA 415 V","UN","CR",1462.38]
["MATERIAL",2370,"DISJUNTOR TIPO NEMA, MONOPOLAR 10 ATE 30A, TENSAO MAXIMA DE 240 V","UN","C",2408.5300000000002]
["MATERIAL",2386,"DISJUNTOR TIPO NEMA, MONOPOLAR 35 ATE 50 A, TENSAO MAXIMA DE 240 V","UN","CR",5149]
["MATERIAL",34689,"DISJUNTOR TIPO NEMA, MONOPOLAR DE 60 ATE 70A, TENSAO MAXIMA DE 240 V","UN","CR",72.650000000000006]
["MATERIAL",2392,"DISJUNTOR TIPO NEMA, TRIPOLAR 10 ATE 50A, TENSAO MAXIMA DE 415 V","UN","CR",111.45]
["MATERIAL",2373,"DISJUNTOR TIPO NEMA, TRIPOLAR 60 ATE 100 A, TENSAO MAXIMA DE 415 V","UN","CR",13.5]
["MATERIAL",39465,"DISPOSITIVO DPS CLASSE II, 1 POLO, TENSAO MAXIMA DE 175 V, CORRENTE MAXIMA DE *20* KA (TIPO AC)","UN","CR",22.64]
["MATERIAL",39466,"DISPOSITIVO DPS CLASSE II, 1 POLO, TENSAO MAXIMA DE 175 V, CORRENTE MAXIMA DE *30* KA (TIPO AC)","UN","CR",35.479999999999997]
["MATERIAL",39467,"DISPOSITIVO DPS CLASSE II, 1 POLO, TENSAO MAXIMA DE 175 V, CORRENTE MAXIMA DE *45* KA (TIPO AC)","UN","CR",90.62]
["MATERIAL",39468,"DISPOSITIVO DPS CLASSE II, 1 POLO, TENSAO MAXIMA DE 175 V, CORRENTE MAXIMA DE *90* KA (TIPO AC)","UN","CR",127.68]
["MATERIAL",39469,"DISPOSITIVO DPS CLASSE II, 1 POLO, TENSAO MAXIMA DE 275 V, CORRENTE MAXIMA DE *20* KA (TIPO AC)","UN","CR",78]
["MATERIAL",39470,"DISPOSITIVO DPS CLASSE II, 1 POLO, TENSAO MAXIMA DE 275 V, CORRENTE MAXIMA DE *30* KA (TIPO AC)","UN","CR",87.75]
["MATERIAL",39471,"DISPOSITIVO DPS CLASSE II, 1 POLO, TENSAO MAXIMA DE 275 V, CORRENTE MAXIMA DE *45* KA (TIPO AC)","UN","CR",112.24]
["MATERIAL",39472,"DISPOSITIVO DPS CLASSE II, 1 POLO, TENSAO MAXIMA DE 275 V, CORRENTE MAXIMA DE *90* KA (TIPO AC)","UN","CR",199.5]
["MATERIAL",39473,"DISPOSITIVO DPS CLASSE II, 1 POLO, TENSAO MAXIMA DE 385 V, CORRENTE MAXIMA DE *20* KA (TIPO AC)","UN","CR",81.27]
["MATERIAL",39474,"DISPOSITIVO DPS CLASSE II, 1 POLO, TENSAO MAXIMA DE 385 V, CORRENTE MAXIMA DE *30* KA (TIPO AC)","UN","CR",99.85]
["MATERIAL",39475,"DISPOSITIVO DPS CLASSE II, 1 POLO, TENSAO MAXIMA DE 385 V, CORRENTE MAXIMA DE *45* KA (TIPO AC)","UN","CR",120]
["MATERIAL",39476,"DISPOSITIVO DPS CLASSE II, 1 POLO, TENSAO MAXIMA DE 385 V, CORRENTE MAXIMA DE *90* KA (TIPO AC)","UN","CR",208.49]
["MATERIAL",39477,"DISPOSITIVO DPS CLASSE II, 1 POLO, TENSAO MAXIMA DE 460 V, CORRENTE MAXIMA DE *20* KA (TIPO AC)","UN","CR",134.69]
["MATERIAL",39478,"DISPOSITIVO DPS CLASSE II, 1 POLO, TENSAO MAXIMA DE 460 V, CORRENTE MAXIMA DE *30* KA (TIPO AC)","UN","CR",143.58000000000001]
["MATERIAL",39479,"DISPOSITIVO DPS CLASSE II, 1 POLO, TENSAO MAXIMA DE 460 V, CORRENTE MAXIMA DE *45* KA (TIPO AC)","UN","CR",162.91]
["MATERIAL",39480,"DISPOSITIVO DPS CLASSE II, 1 POLO, TENSAO MAXIMA DE 460 V, CORRENTE MAXIMA DE *90* KA (TIPO AC)","UN","CR",306.67]
["MATERIAL",39459,"DISPOSITIVO DR, 2 POLOS, SENSIBILIDADE DE 30 MA, CORRENTE DE 100 A, TIPO AC","UN","CR",150.26]
["MATERIAL",39445,"DISPOSITIVO DR, 2 POLOS, SENSIBILIDADE DE 30 MA, CORRENTE DE 25 A, TIPO AC","UN","CR",154.91]
["MATERIAL",39446,"DISPOSITIVO DR, 2 POLOS, SENSIBILIDADE DE 30 MA, CORRENTE DE 40 A, TIPO AC","UN","CR",182.52]
["MATERIAL",39447,"DISPOSITIVO DR, 2 POLOS, SENSIBILIDADE DE 30 MA, CORRENTE DE 63 A, TIPO AC","UN","CR",376.62]
["MATERIAL",39448,"DISPOSITIVO DR, 2 POLOS, SENSIBILIDADE DE 30 MA, CORRENTE DE 80 A, TIPO AC","UN","CR",319.64999999999998]
["MATERIAL",39450,"DISPOSITIVO DR, 2 POLOS, SENSIBILIDADE DE 300 MA, CORRENTE DE 25 A, TIPO AC","UN","CR",160.5]
["MATERIAL",39451,"DISPOSITIVO DR, 2 POLOS, SENSIBILIDADE DE 300 MA, CORRENTE DE 40 A, TIPO AC","UN","CR",163.35]
["MATERIAL",39452,"DISPOSITIVO DR, 2 POLOS, SENSIBILIDADE DE 300 MA, CORRENTE DE 63 A, TIPO AC","UN","CR",174.69]
["MATERIAL",39523,"DISPOSITIVO DR, 2 POLOS, SENSIBILIDADE DE 300 MA, CORRENTE DE 80 A, TIPO  AC","UN","CR",297.87]
["MATERIAL",39449,"DISPOSITIVO DR, 4 POLOS, SENSIBILIDADE DE 30 MA, CORRENTE DE 100 A, TIPO AC","UN","CR",181.73]
["MATERIAL",39455,"DISPOSITIVO DR, 4 POLOS, SENSIBILIDADE DE 30 MA, CORRENTE DE 25 A, TIPO AC","UN","CR",198.22]
["MATERIAL",39456,"DISPOSITIVO DR, 4 POLOS, SENSIBILIDADE DE 30 MA, CORRENTE DE 40 A, TIPO AC","UN","CR",199.4]
["MATERIAL",39457,"DISPOSITIVO DR, 4 POLOS, SENSIBILIDADE DE 30 MA, CORRENTE DE 63 A, TIPO AC","UN","CR",333.7]
["MATERIAL",39458,"DISPOSITIVO DR, 4 POLOS, SENSIBILIDADE DE 30 MA, CORRENTE DE 80 A, TIPO AC","UN","CR",369.55]
["MATERIAL",39464,"DISPOSITIVO DR, 4 POLOS, SENSIBILIDADE DE 300 MA, CORRENTE DE 100 A, TIPO AC","UN","CR",182.86]
["MATERIAL",39460,"DISPOSITIVO DR, 4 POLOS, SENSIBILIDADE DE 300 MA, CORRENTE DE 25 A, TIPO AC","UN","CR",183]
["MATERIAL",39461,"DISPOSITIVO DR, 4 POLOS, SENSIBILIDADE DE 300 MA, CORRENTE DE 40 A, TIPO AC","UN","CR",199.5]
["MATERIAL",39462,"DISPOSITIVO DR, 4 POLOS, SENSIBILIDADE DE 300 MA, CORRENTE DE 63 A, TIPO AC","UN","CR",372.27]
["MATERIAL",39463,"DISPOSITIVO DR, 4 POLOS, SENSIBILIDADE DE 300 MA, CORRENTE DE 80 A, TIPO AC","UN","CR",598.64]
["EQUIPAMENTO (AQUISIÇÃO)",26039,"DISTRIBUIDOR DE AGREGADOS AUTOPROPELIDO, CAP 3 M3, A DIESEL, 6 CC, 176 CV","UN","CR",227.05]
["EQUIPAMENTO (AQUISIÇÃO)",2401,"DISTRIBUIDOR DE AGREGADOS REBOCAVEL, CAPACIDADE 1,9 M3, LARGURA DE TRABALHO 3,66 M","UN","CR",266.05]
["MATERIAL",38870,"DISTRIBUIDOR METALICO, COM ROSCA, 2 SAIDAS, DN 1\" X 1/2\", PARA CONEXAO COM ANEL DESLIZANTE EM TUBO PEX PARA INST. AGUA QUENTE/FRIA","UN","CR",256.39999999999998]
["MATERIAL",38869,"DISTRIBUIDOR METALICO, COM ROSCA, 2 SAIDAS, DN 3/4\" X 1/2\", PARA CONEXAO COM ANEL DESLIZANTE EM TUBO PEX PARA INST. AGUA QUENTE/FRIA","UN","CR",594]
["MATERIAL",38872,"DISTRIBUIDOR METALICO, COM ROSCA, 3 SAIDAS, DN 1\" X 1/2\", PARA CONEXAO COM ANEL DESLIZANTE EM TUBO PEX PARA INST. AGUA QUENTE/FRIA","UN","CR"]
["MATERIAL",38871,"DISTRIBUIDOR METALICO, COM ROSCA, 3 SAIDAS, DN 3/4\" X 1/2\", PARA CONEXAO COM ANEL DESLIZANTE EM TUBO PEX PARA INST. AGUA QUENTE/FRIA","UN","CR"]
["MATERIAL",39283,"DISTRIBUIDOR, PLASTICO, 2 SAIDAS, DN 32 X 16 MM, PARA CONEXAO COM CRIMPAGEM, EM TUBO PEX PARA INST. AGUA QUENTE/FRIA","UN","CR"]
["MATERIAL",39285,"DISTRIBUIDOR, PLASTICO, 2 SAIDAS, DN 32 X 25 MM, PARA CONEXAO COM CRIMPAGEM, EM TUBO PEX PARA INST. AGUA QUENTE/FRIA","UN","CR"]
["MATERIAL",39286,"DISTRIBUIDOR, PLASTICO, 3 SAIDAS, DN 32 X 16 MM, PARA CONEXAO COM CRIMPAGEM, EM TUBO PEX PARA INST. AGUA QUENTE/FRIA","UN","CR"]
["MATERIAL",39288,"DISTRIBUIDOR, PLASTICO, 3 SAIDAS, DN 32 X 25 MM, PARA CONEXAO COM CRIMPAGEM, EM TUBO PEX PARA INST. AGUA QUENTE/FRIA","UN","CR"]
["MATERIAL",44476,"DIVISORIA EM GRANITO, COM DUAS FACES POLIDAS, TIPO ANDORINHA/ QUARTZ/ CASTELO/ CORUMBA OU OUTROS EQUIVALENTES DA REGIAO, E= *3,0* CM","M2","CR"]
["MATERIAL",10629,"DIVISORIA EM MARMORE, COM DUAS FACES POLIDAS, BRANCO COMUM, E= *3,0* CM","M2","CR"]
["MATERIAL",10698,"DIVISORIA, PLACA PRE-MOLDADA EM GRANILITE, MARMORITE OU GRANITINA, E = *3 CM","M2","CR"]
["EQUIPAMENTO (AQUISIÇÃO)",40521,"DOBRADEIRA ELETROMECANICA DE VERGALHAO, PARA ACO DE DIAMETRO ATE 1 1/2\", MOTOR ELETRICO TRIFASICO, POTENCIA DE 3 HP ATE 5 HP","UN","CR"]
["MATERIAL",2432,"DOBRADICA EM ACO/FERRO, 3 1/2\" X 3\", E= 1,9 A 2 MM, COM ANEL, CROMADO OU ZINCADO, TAMPA BOLA, COM PARAFUSOS","UN","CR",844.84]
["MATERIAL",2418,"DOBRADICA EM ACO/FERRO, 3\" X 2 1/2\", E= 1,2 A 1,8 MM, SEM ANEL, CROMADO OU ZINCADO, TAMPA BOLA, COM PARAFUSOS","UN","C",724.04]
["MATERIAL",2433,"DOBRADICA EM ACO/FERRO, 3\" X 2 1/2\", E= 1,2 A 1,8 MM, SEM ANEL, CROMADO OU ZINCADO, TAMPA CHATA, COM PARAFUSOS","UN","CR"]
["MATERIAL",2420,"DOBRADICA EM ACO/FERRO, 3\" X 2 1/2\", E= 1,9 A 2 MM, SEM ANEL, CROMADO OU ZINCADO, TAMPA BOLA, COM PARAFUSOS","UN","CR",120126.49]
["MATERIAL",11447,"DOBRADICA EM LATAO, 3\" X 2 1/2 \", E= 1,9 A 2 MM, COM ANEL, CROMADO, TAMPA BOLA, COM PARAFUSOS","UN","CR",38.799999999999997]
["MATERIAL",11451,"DOBRADICA TIPO VAI-E-VEM EM ACO/FERRO, TAMANHO 3\", GALVANIZADO, COM PARAFUSOS","UN","CR",18]
["MATERIAL",11116,"DOMOS / CLARABOIA INDIVIDUAL, EM ACRILICO BRANCO/LEITOSO, *95 X 95* CM, INCLUI ACESSORIOS DE FIXACAO, SEM INSTALACAO","UN","CR",13.14]
["EQUIPAMENTO (AQUISIÇÃO)",38411,"DOSADOR DE AREIA, CAPACIDADE DE *26* LITROS","UN","CR",22.58]
["MATERIAL",38189,"DUCHA / CHUVEIRO METALICO, DE PAREDE, ARTICULAVEL, COM BRACO/CANO, SEM DESVIADOR","UN","CR",44.62]
["MATERIAL",38190,"DUCHA / CHUVEIRO METALICO, DE PAREDE, ARTICULAVEL, COM DESVIADOR E DUCHA MANUAL","UN","CR",119.61]
["MATERIAL",7608,"DUCHA / CHUVEIRO PLASTICO SIMPLES, 5\", BRANCO, PARA ACOPLAR EM HASTE 1/2\", AGUA FRIA","UN","CR"]
["MATERIAL",1370,"DUCHA HIGIENICA PLASTICA COM REGISTRO METALICO 1/2\"","UN","CR",1722.8]
["EQUIPAMENTO (AQUISIÇÃO)",36516,"DUMPER COM CAPACIDADE DE CARGA DE 1700 KG, PARTIDA ELETRICA, MOTOR DIESEL COM POTENCIA DE 16 CV","UN","CR",191.49]
["MATERIAL",34777,"ELEMENTO VAZADO CERAMICO DIAGONAL (TIPO FLOR/QUADRADO/XIS) DE *7 X 18 X 25* CM (L X A X C)","UN","CR",403.43]
["MATERIAL",7272,"ELEMENTO VAZADO CERAMICO QUADRADO (TIPO RETO OU REDONDO) DE *7 A 9 X 20 X 20* CM (L X A X C)","UN","CR",9]
["MATERIAL",10605,"ELEMENTO VAZADO DE CONCRETO, QUADRICULADO, 1 FURO *10 X 10 X 10* CM","UN","CR",144.88999999999999]
["MATERIAL",10604,"ELEMENTO VAZADO DE CONCRETO, QUADRICULADO, 1 FURO *20 X 10 X 7* CM","UN","CR"]
["MATERIAL",672,"ELEMENTO VAZADO DE CONCRETO, QUADRICULADO, 1 FURO *20 X 20 X 6,5* CM","UN","CR",2.4]
["MATERIAL",668,"ELEMENTO VAZADO DE CONCRETO, QUADRICULADO, 16 FUROS *29 X 29 X 6* CM","UN","CR",1.8]
["MATERIAL",10578,"ELEMENTO VAZADO DE CONCRETO, QUADRICULADO, 16 FUROS *33 X 33 X 10* CM","UN","CR",5.25]
["MATERIAL",666,"ELEMENTO VAZADO DE CONCRETO, QUADRICULADO, 16 FUROS *40 X 40 X 7* CM","UN","CR",12.24]
["MATERIAL",665,"ELEMENTO VAZADO DE CONCRETO, QUADRICULADO, 16 FUROS *50 X 50 X 7* CM","UN","CR",16.829999999999998]
["MATERIAL",10577,"ELEMENTO VAZADO DE CONCRETO, QUADRICULADO, 25 FUROS *50 X 50 X 5* CM","UN","CR",20.32]
["MATERIAL",10583,"ELEMENTO VAZADO DE CONCRETO, VENEZIANA *39 X 22 X 15* CM","UN","CR",23.67]
["MATERIAL",10579,"ELEMENTO VAZADO DE CONCRETO, VENEZIANA *39 X 29 X 10* CM","UN","CR",26.32]
["MATERIAL",10582,"ELEMENTO VAZADO DE CONCRETO, VENEZIANA *40 X 10 X 10* CM","UN","CR",35.200000000000003]
["MAO DE OBRA",2436,"ELETRICISTA (HORISTA)","H","C",31.22]
["MAO DE OBRA",40918,"ELETRICISTA (MENSALISTA)","MES","CR",16.22]
["MATERIAL",10998,"ELETRODO REVESTIDO AWS - E-6010, DIAMETRO IGUAL A 4,00 MM","KG","CR",28.27]
["MATERIAL",11002,"ELETRODO REVESTIDO AWS - E6013, DIAMETRO IGUAL A 2,50 MM","KG","CR",14.28]
["MATERIAL",10999,"ELETRODO REVESTIDO AWS - E6013, DIAMETRO IGUAL A 4,00 MM","KG","CR",22.45]
["MATERIAL",10997,"ELETRODO REVESTIDO AWS - E7018, DIAMETRO IGUAL A 4,00 MM","KG","C",3929.54]
["MATERIAL",2685,"ELETRODUTO DE PVC RIGIDO ROSCAVEL DE 1 \", SEM LUVA","M","CR",31.44]
["MATERIAL",2680,"ELETRODUTO DE PVC RIGIDO ROSCAVEL DE 1 1/2 \", SEM LUVA","M","CR",28.81]
["MATERIAL",2684,"ELETRODUTO DE PVC RIGIDO ROSCAVEL DE 1 1/4 \", SEM LUVA","M","CR",27.68]
["MATERIAL",2673,"ELETRODUTO DE PVC RIGIDO ROSCAVEL DE 1/2 \", SEM LUVA","M","C",30]
["MATERIAL",2681,"ELETRODUTO DE PVC RIGIDO ROSCAVEL DE 2 \", SEM LUVA","M","CR",13.3]
["MATERIAL",2682,"ELETRODUTO DE PVC RIGIDO ROSCAVEL DE 2 1/2 \", SEM LUVA","M","CR",12.1]
["MATERIAL",2686,"ELETRODUTO DE PVC RIGIDO ROSCAVEL DE 3 \", SEM LUVA","M","CR",9.09]
["MATERIAL",2674,"ELETRODUTO DE PVC RIGIDO ROSCAVEL DE 3/4 \", SEM LUVA","M","CR",4.67]
["MATERIAL",2683,"ELETRODUTO DE PVC RIGIDO ROSCAVEL DE 4 \", SEM LUVA","M","CR",31.7]
["MATERIAL",2676,"ELETRODUTO DE PVC RIGIDO SOLDAVEL, CLASSE B, DE 20 MM","M","CR",21.73]
["MATERIAL",2678,"ELETRODUTO DE PVC RIGIDO SOLDAVEL, CLASSE B, DE 25 MM","M","CR",39.76]
["MATERIAL",2679,"ELETRODUTO DE PVC RIGIDO SOLDAVEL, CLASSE B, DE 32 MM","M","CR",5.81]
["MATERIAL",12070,"ELETRODUTO DE PVC RIGIDO SOLDAVEL, CLASSE B, DE 40 MM","M","CR",62.65]
["MATERIAL",2675,"ELETRODUTO DE PVC RIGIDO SOLDAVEL, CLASSE B, DE 50 MM","M","CR",2.71]
["MATERIAL",12067,"ELETRODUTO DE PVC RIGIDO SOLDAVEL, CLASSE B, DE 60 MM","M","CR",3.4]
["MATERIAL",21128,"ELETRODUTO EM ACO GALVANIZADO ELETROLITICO, LEVE, DIAMETRO 3/4\", PAREDE DE 0,90 MM","M","C",5.24]
["MATERIAL",40400,"ELETRODUTO FLEXIVEL PLANO EM PEAD, COR PRETA E LARANJA, DIAMETRO 25 MM","M","CR",7.3]
["MATERIAL",40401,"ELETRODUTO FLEXIVEL PLANO EM PEAD, COR PRETA E LARANJA, DIAMETRO 32 MM","M","CR",9.49]
["MATERIAL",40402,"ELETRODUTO FLEXIVEL PLANO EM PEAD, COR PRETA E LARANJA, DIAMETRO 40 MM","M","CR",12.87]
["MATERIAL",21137,"ELETRODUTO FLEXIVEL, EM FITA DE ACO GALVANIZADO, REVESTIDO COM PVC PRETO, DIAMETRO EXTERNO DE 15 MM, DN = 3/8\", TIPO SEALTUBO","M","CR"]
["MATERIAL",2504,"ELETRODUTO FLEXIVEL, EM FITA DE ACO GALVANIZADO, REVESTIDO COM PVC PRETO, DIAMETRO EXTERNO DE 25 MM, DN = 3/4\", TIPO SEALTUBO","M","CR"]
["MATERIAL",2501,"ELETRODUTO FLEXIVEL, EM FITA DE ACO GALVANIZADO, REVESTIDO COM PVC PRETO, DIAMETRO EXTERNO DE 32 MM, DN = 1\", TIPO SEALTUBO","M","CR"]
["MATERIAL",2502,"ELETRODUTO FLEXIVEL, EM FITA DE ACO GALVANIZADO, REVESTIDO COM PVC PRETO, DIAMETRO EXTERNO DE 40 MM, DN = 1 1/4\", TIPO SEALTUBO","M","CR"]
["MATERIAL",2503,"ELETRODUTO FLEXIVEL, EM FITA DE ACO GALVANIZADO, REVESTIDO COM PVC PRETO, DIAMETRO EXTERNO DE 50 MM, DN = 1 1/2\", TIPO SEALTUBO","M","CR"]
["MATERIAL",2500,"ELETRODUTO FLEXIVEL, EM FITA DE ACO GALVANIZADO, REVESTIDO COM PVC PRETO, DIAMETRO EXTERNO DE 60 MM, DN = 2\", TIPO SEALTUBO","M","CR"]
["MATERIAL",2505,"ELETRODUTO FLEXIVEL, EM FITA DE ACO GALVANIZADO, REVESTIDO COM PVC PRETO, DIAMETRO EXTERNO DE 75 MM, DN = 2 1/2\", TIPO SEALTUBO","M","CR"]
["MATERIAL",12056,"ELETRODUTO FLEXIVEL, EM FITA DE ACO GALVANIZADO, SEM REVESTIMENTO, DIAMETRO NOMINAL 1 1/2\"","M","CR"]
["MATERIAL",12057,"ELETRODUTO FLEXIVEL, EM FITA DE ACO GALVANIZADO, SEM REVESTIMENTO, DIAMETRO NOMINAL 1 1/4\"","M","CR"]
["MATERIAL",12058,"ELETRODUTO FLEXIVEL, EM FITA DE ACO GALVANIZADO, SEM REVESTIMENTO, DIAMETRO NOMINAL 1\"","M","CR"]
["MATERIAL",12059,"ELETRODUTO FLEXIVEL, EM FITA DE ACO GALVANIZADO, SEM REVESTIMENTO, DIAMETRO NOMINAL 1/2\"","M","CR"]
["MATERIAL",12060,"ELETRODUTO FLEXIVEL, EM FITA DE ACO GALVANIZADO, SEM REVESTIMENTO, DIAMETRO NOMINAL 2 1/2\"","M","CR"]
["MATERIAL",12061,"ELETRODUTO FLEXIVEL, EM FITA DE ACO GALVANIZADO, SEM REVESTIMENTO, DIAMETRO NOMINAL 2\"","M","CR"]
["MATERIAL",12062,"ELETRODUTO FLEXIVEL, EM FITA DE ACO GALVANIZADO, SEM REVESTIMENTO, DIAMETRO NOMINAL 3\"","M","CR"]
["MATERIAL",2687,"ELETRODUTO PVC FLEXIVEL CORRUGADO, COR AMARELA, DE 16 MM","M","CR"]
["MATERIAL",2689,"ELETRODUTO PVC FLEXIVEL CORRUGADO, COR AMARELA, DE 20 MM","M","CR"]
["MATERIAL",2688,"ELETRODUTO PVC FLEXIVEL CORRUGADO, COR AMARELA, DE 25 MM","M","CR"]
["MATERIAL",2690,"ELETRODUTO PVC FLEXIVEL CORRUGADO, COR AMARELA, DE 32 MM","M","CR"]
["MATERIAL",39243,"ELETRODUTO PVC FLEXIVEL CORRUGADO, REFORCADO, COR LARANJA, DE 20 MM, PARA LAJES E PISOS","M","CR",2.37]
["MATERIAL",39244,"ELETRODUTO PVC FLEXIVEL CORRUGADO, REFORCADO, COR LARANJA, DE 25 MM, PARA LAJES E PISOS","M","CR",2.82]
["MATERIAL",39245,"ELETRODUTO PVC FLEXIVEL CORRUGADO, REFORCADO, COR LARANJA, DE 32 MM, PARA LAJES E PISOS","M","CR",3.06]
["MATERIAL",39255,"ELETRODUTO/CONDULETE DE PVC RIGIDO, LISO, COR CINZA, DE 1\", PARA INSTALACOES APARENTES (NBR 5410)","M","CR",5.23]
["MATERIAL",39254,"ELETRODUTO/CONDULETE DE PVC RIGIDO, LISO, COR CINZA, DE 1/2\", PARA INSTALACOES APARENTES (NBR 5410)","M","CR",3.45]
["MATERIAL",39253,"ELETRODUTO/CONDULETE DE PVC RIGIDO, LISO, COR CINZA, DE 3/4\", PARA INSTALACOES APARENTES (NBR 5410)","M","CR",4.66]
["MATERIAL",39246,"ELETRODUTO/DUTO PEAD FLEXIVEL PAREDE SIMPLES, CORRUGACAO HELICOIDAL, COR PRETA, SEM ROSCA, DE 1 1/2\", CRC 680 N, PARA CABEAMENTO SUBTERRANEO (NBR 15715)","M","CR",8.9700000000000006]
["MATERIAL",39247,"ELETRODUTO/DUTO PEAD FLEXIVEL PAREDE SIMPLES, CORRUGACAO HELICOIDAL, COR PRETA, SEM ROSCA, DE 1 1/4\", CRC 680 N, PARA CABEAMENTO SUBTERRANEO (NBR 15715)","M","CR",24.82]
["MATERIAL",2446,"ELETRODUTO/DUTO PEAD FLEXIVEL PAREDE SIMPLES, CORRUGACAO HELICOIDAL, COR PRETA, SEM ROSCA, DE 2\", CRC 680 N, PARA CABEAMENTO SUBTERRANEO (NBR 15715)","M","C",13.41]
["MATERIAL",2442,"ELETRODUTO/DUTO PEAD FLEXIVEL PAREDE SIMPLES, CORRUGACAO HELICOIDAL, COR PRETA, SEM ROSCA, DE 3\", CRC 680 N, PARA CABEAMENTO SUBTERRANEO (NBR 15715)","M","CR",17.09]
["MATERIAL",39248,"ELETRODUTO/DUTO PEAD FLEXIVEL PAREDE SIMPLES, CORRUGACAO HELICOIDAL, COR PRETA, SEM ROSCA, DE 4\", CRC 680 N, PARA CABEAMENTO SUBTERRANEO (NBR 15715)","M","CR"]
["MAO DE OBRA",2438,"ELETROTECNICO (HORISTA)","H","CR"]
["MAO DE OBRA",40922,"ELETROTECNICO (MENSALISTA)","MES","CR"]
["EQUIPAMENTO (AQUISIÇÃO)",36486,"ELEVADOR DE CARGA A CABO, CABINE SEMI FECHADA 2,0 X 1,5 X 2,0 M, CAPACIDADE DE CARGA 1000 KG, TORRE 2,38 X 2,21 X 15 M, GUINCHO DE EMBREAGEM, FREIO DE SEGURANCA, LIMITADOR DE VELOCIDADE E CANCELA","UN","CR"]
["EQUIPAMENTO (AQUISIÇÃO)",37777,"ELEVADOR DE CREMALHEIRA CABINE FECHADA 1,5 X 2,5 X 2,35 M (UMA POR TORRE), CAPACIDADE DE CARGA 1200 KG (15 PESSOAS), TORRE 24 M (16 MODULOS), FREIO DE SEGURANCA, LIMITADOR DE CARGA","UN","CR"]
["MATERIAL",12624,"EMENDA PARA CALHA PLUVIAL, PVC, DIAMETRO ENTRE 119 E 170 MM, PARA DRENAGEM PLUVIAL PREDIAL","UN","CR",23.82]
["MATERIAL",517,"EMULSAO ASFALTICA ANIONICA","L","CR",4171.0200000000004]
["MATERIAL",37534,"EMULSAO EXPLOSIVA EM CARTUCHOS DE 1\" X 12\", DENSIDADE 1.15 G/CM3, INICIACAO ESPOLETA N. 8 / CORDEL","KG","CR"]
["MATERIAL",37535,"EMULSAO EXPLOSIVA EM CARTUCHOS DE 1\" X 24\", DENSIDADE 1.15 G/CM3, INICIACAO ESPOLETA N. 8 / CORDEL","KG","CR"]
["MATERIAL",37533,"EMULSAO EXPLOSIVA EM CARTUCHOS DE 1\" X 8\", DENSIDADE 1.15 G/CM3, INICIACAO ESPOLETA N. 8 / CORDEL","KG","CR",25.28]
["MATERIAL",37537,"EMULSAO EXPLOSIVA EM CARTUCHOS DE 2 1/2\" X 24\", DENSIDADE 1.15 G/CM3, INICIACAO ESPOLETA N. 8 / CORDEL","KG","CR",11.34]
["MATERIAL",37536,"EMULSAO EXPLOSIVA EM CARTUCHOS DE 2 1/4\" X 24\", DENSIDADE 1.15 G/CM3, INICIACAO ESPOLETA N. 8 / CORDEL","KG","CR"]
["MATERIAL",37532,"EMULSAO EXPLOSIVA EM CARTUCHOS DE 2\" X 24\", DENSIDADE 1.15 G/CM3, INICIACAO ESPOLETA N. 8 / CORDEL","KG","C"]
["MAO DE OBRA",2696,"ENCANADOR OU BOMBEIRO HIDRAULICO (HORISTA)","H","C"]
["MAO DE OBRA",40928,"ENCANADOR OU BOMBEIRO HIDRAULICO (MENSALISTA)","MES","CR"]
["MAO DE OBRA",4083,"ENCARREGADO GERAL DE OBRAS (HORISTA)","H","C"]
["MAO DE OBRA",40818,"ENCARREGADO GERAL DE OBRAS (MENSALISTA)","MES","CR"]
["MATERIAL",43146,"ENDURECEDOR MINERAL DE BASE CIMENTICIA PARA PISO DE CONCRETO","KG","CR",22.45]
["ESPECIAIS",2705,"ENERGIA ELETRICA ATE 2000 KWH INDUSTRIAL, SEM DEMANDA","KWH","CR",3929.54]
["ESPECIAIS",14250,"ENERGIA ELETRICA COMERCIAL, BAIXA TENSAO, RELATIVA AO CONSUMO DE ATE 100 KWH, INCLUINDO ICMS, PIS/PASEP E COFINS","KWH","C",41.07]
["MATERIAL",11683,"ENGATE / RABICHO FLEXIVEL INOX 1/2\" X 30 CM","UN","CR",7189.18]
["MATERIAL",11684,"ENGATE / RABICHO FLEXIVEL INOX 1/2\" X 40 CM","UN","CR",9.1999999999999993]
["MATERIAL",6141,"ENGATE/RABICHO FLEXIVEL PLASTICO (PVC OU ABS) BRANCO 1/2\" X 30 CM","UN","CR",1]
["MATERIAL",11681,"ENGATE/RABICHO FLEXIVEL PLASTICO (PVC OU ABS) BRANCO 1/2\" X 40 CM","UN","CR",1.02]
["MAO DE OBRA",2706,"ENGENHEIRO CIVIL DE OBRA JUNIOR (HORISTA)","H","C",56.75]
["MAO DE OBRA",40811,"ENGENHEIRO CIVIL DE OBRA JUNIOR (MENSALISTA)","MES","CR",62.12]
["MAO DE OBRA",2707,"ENGENHEIRO CIVIL DE OBRA PLENO (HORISTA)","H","CR",4.6900000000000004]
["MAO DE OBRA",40813,"ENGENHEIRO CIVIL DE OBRA PLENO (MENSALISTA)","MES","CR",5.91]
["MAO DE OBRA",2708,"ENGENHEIRO CIVIL DE OBRA SENIOR (HORISTA)","H","CR",125.41]
["MAO DE OBRA",40814,"ENGENHEIRO CIVIL DE OBRA SENIOR (MENSALISTA)","MES","CR",21949.29]
["MATERIAL",38403,"ENXADA ESTREITA, EM ACO, *25 X 23* CM, COM CABO DE MADEIRA DE *150* CM","UN","CR",131.63]
["MATERIAL",43482,"EPI - FAMILIA ALMOXARIFE - HORISTA (ENCARGOS COMPLEMENTARES - COLETADO CAIXA)","H","C",23040.71]
["MATERIAL",43494,"EPI - FAMILIA ALMOXARIFE - MENSALISTA (ENCARGOS COMPLEMENTARES - COLETADO CAIXA)","MES","C",157.16999999999999]
["MATERIAL",43483,"EPI - FAMILIA CARPINTEIRO DE FORMAS - HORISTA (ENCARGOS COMPLEMENTARES - COLETADO CAIXA)","H","C",27507.84]
["MATERIAL",43495,"EPI - FAMILIA CARPINTEIRO DE FORMAS - MENSALISTA (ENCARGOS COMPLEMENTARES - COLETADO CAIXA)","MES","C",60.68]
["MATERIAL",43484,"EPI - FAMILIA ELETRICISTA - HORISTA (ENCARGOS COMPLEMENTARES - COLETADO CAIXA)","H","C",0.81]
["MATERIAL",43496,"EPI - FAMILIA ELETRICISTA - MENSALISTA (ENCARGOS COMPLEMENTARES - COLETADO CAIXA)","MES","C",153.54]
["MATERIAL",43485,"EPI - FAMILIA ENCANADOR - HORISTA (ENCARGOS COMPLEMENTARES - COLETADO CAIXA)","H","C",1.43]
["MATERIAL",43497,"EPI - FAMILIA ENCANADOR - MENSALISTA (ENCARGOS COMPLEMENTARES - COLETADO CAIXA)","MES","C",270.51]
["MATERIAL",43487,"EPI - FAMILIA ENCARREGADO GERAL - HORISTA (ENCARGOS COMPLEMENTARES - COLETADO CAIXA)","H","C",1.26]
["MATERIAL",43499,"EPI - FAMILIA ENCARREGADO GERAL - MENSALISTA (ENCARGOS COMPLEMENTARES - COLETADO CAIXA)","MES","C",238.02]
["MATERIAL",43486,"EPI - FAMILIA ENGENHEIRO CIVIL - HORISTA (ENCARGOS COMPLEMENTARES - COLETADO CAIXA)","H","C",1.1299999999999999]
["MATERIAL",43498,"EPI - FAMILIA ENGENHEIRO CIVIL - MENSALISTA (ENCARGOS COMPLEMENTARES - COLETADO CAIXA)","MES","C",212.45]
["MATERIAL",43488,"EPI - FAMILIA OPERADOR ESCAVADEIRA - HORISTA (ENCARGOS COMPLEMENTARES - COLETADO CAIXA)","H","C",1.28]
["MATERIAL",43500,"EPI - FAMILIA OPERADOR ESCAVADEIRA - MENSALISTA (ENCARGOS COMPLEMENTARES - COLETADO CAIXA)","MES","C",241.99]
["MATERIAL",43489,"EPI - FAMILIA PEDREIRO - HORISTA (ENCARGOS COMPLEMENTARES - COLETADO CAIXA)","H","C",0.77]
["MATERIAL",43501,"EPI - FAMILIA PEDREIRO - MENSALISTA (ENCARGOS COMPLEMENTARES - COLETADO CAIXA)","MES","C",146]
["MATERIAL",43490,"EPI - FAMILIA PINTOR - HORISTA (ENCARGOS COMPLEMENTARES - COLETADO CAIXA)","H","C",0.89]
["MATERIAL",43502,"EPI - FAMILIA PINTOR - MENSALISTA (ENCARGOS COMPLEMENTARES - COLETADO CAIXA)","MES","C",167.95]
["MATERIAL",43491,"EPI - FAMILIA SERVENTE - HORISTA (ENCARGOS COMPLEMENTARES - COLETADO CAIXA)","H","C",1.31]
["MATERIAL",43503,"EPI - FAMILIA SERVENTE - MENSALISTA (ENCARGOS COMPLEMENTARES - COLETADO CAIXA)","MES","C",247.11]
["MATERIAL",43492,"EPI - FAMILIA SOLDADOR - HORISTA (ENCARGOS COMPLEMENTARES - COLETADO CAIXA)","H","C",1.85]
["MATERIAL",43504,"EPI - FAMILIA SOLDADOR - MENSALISTA (ENCARGOS COMPLEMENTARES - COLETADO CAIXA)","MES","C",348.39]
["MATERIAL",43493,"EPI - FAMILIA TOPOGRAFO - HORISTA (ENCARGOS COMPLEMENTARES - COLETADO CAIXA)","H","C",1.39]
["MATERIAL",43505,"EPI - FAMILIA TOPOGRAFO - MENSALISTA (ENCARGOS COMPLEMENTARES - COLETADO CAIXA)","MES","C",261.93]
["EQUIPAMENTO (AQUISIÇÃO)",37774,"EQUIPAMENTO DE LIMPEZA COMBINADO (VACUO/ALTA PRESSAO) 95% VACUO, TANQUE 7000 L, BOMBA 140 KGF/CM2 66 L/MIN COM MOTOR INDEPENDENTE A DIESEL DE 60 CV (INCLUI MONTAGEM, NAO INCLUI CAMINHAO)","UN","CR",1.82]
["EQUIPAMENTO (AQUISIÇÃO)",38629,"EQUIPAMENTO P/ DEMARCACAO DE FAIXAS DE TRAFEGO A QUENTE, A SER MONTADO SOBRE CAMINHAO DE PBT MIN. DE 17 T, DIST. MIN. ENTRE EIXOS 5,2 M, CAPACIDADE PARA 1.000 KG DE MATERIAL TERMOPLASTICO (INCLUI MONTAGEM, NAO INCLUI CAMINHAO, NEM COMPRESSOR DE AR)","UN","CR",342.83]
["EQUIPAMENTO (AQUISIÇÃO)",38630,"EQUIPAMENTO PARA DEMARCACAO DE FAIXAS DE TRAFEGO A FRIO, A SER MONTADO SOBRE CAMINHAO DE PBT MINIMO DE 9 T E DISTANCIA MINIMA ENTRE EIXOS DE 4,3 M, CAPACIDADE PARA 800 L DE TINTA (INCLUI MONTAGEM, NAO INCLUI CAMINHAO)","UN","CR",0.74]
["MATERIAL",38476,"ESCADA DUPLA DE ABRIR EM ALUMINIO, COM SAPATAS DE BORRACHA, *2,30* X *0,57* M (ALTURA UTIL X LARGURA MINIMA), MODELO PINTOR, 8 DEGRAUS, CAPACIDADE *100* KG","UN","CR",138.97999999999999]
["MATERIAL",38477,"ESCADA EXTENSIVEL EM ALUMINIO, COM SAPATAS DE BORRACHA, ALTURA FECHADA 3,60 M, ALTURA ESTENDIDA DE 6,0 A 6,30 M, LARGURA MINIMA DE 35 CM, CACIDADE *120* KG","UN","CR"]
["EQUIPAMENTO (AQUISIÇÃO)",45112,"ESCAVADEIRA HIDRAULICA DE BRACO LONGO (LONGO ALCANCE) SOBRE ESTEIRAS, CACAMBA 0,52 M3, PESO OPERACIONAL 24 T, POTENCIA LIQUIDA 155 HP","UN","CR"]
["EQUIPAMENTO (AQUISIÇÃO)",14525,"ESCAVADEIRA HIDRAULICA SOBRE ESTEIRAS COM CACAMBA DE 1,20 M3, PESO OPERACIONAL 21 T, POTENCIA BRUTA 155 HP","UN","CR"]
["EQUIPAMENTO (AQUISIÇÃO)",36408,"ESCAVADEIRA HIDRAULICA SOBRE ESTEIRAS, CACAMBA 0,4 A 1,70 M3, PESO OPERACIONAL 23,2 T, POTENCIA BRUTA 183 HP","UN","CR",232.22]
["EQUIPAMENTO (AQUISIÇÃO)",2723,"ESCAVADEIRA HIDRAULICA SOBRE ESTEIRAS, CACAMBA 0,62M3, PESO OPERACIONAL 12,61T, POTENCIA LIQUIDA 95HP","UN","CR",615.76]
["EQUIPAMENTO (AQUISIÇÃO)",10685,"ESCAVADEIRA HIDRAULICA SOBRE ESTEIRAS, CACAMBA 0,80M3, PESO OPERACIONAL 17T, POTENCIA BRUTA 111HP","UN","C",1080246.24]
["EQUIPAMENTO (AQUISIÇÃO)",40636,"ESCAVADEIRA HIDRAULICA SOBRE ESTEIRAS, CAPACIDADE DA CACAMBA ENTRE 1,20 E 1,50 M3, PESO OPERACIONAL ENTRE 20,00 E 22,00 TON, POTENCIA LIQUIDA ENTRE 150 E 155 HP, EQUIPADA COM CLAMSHELL","UN","CR",939171.14]
["MATERIAL",4111,"ESCORA PRE-MOLDADA EM CONCRETO, *10 X 10* CM, H = 2,30M","UN","CR",1146546.56]
["MATERIAL",44538,"ESCOVA CIRCULAR EM ACO LATONADO, 6 X 1\" (DIAMETRO X ESPESSURA), FURO DE 1 1/4 \", FIO ONDULADO *0,30* MM","UN","CR",697897.86]
["MATERIAL",12,"ESCOVA DE ACO, COM CABO, *4 X 15* FILEIRAS DE CERDAS","UN","C",830000]
["MATERIAL",37554,"ESGUICHO JATO REGULAVEL, TIPO ELKHART, ENGATE RAPIDO 1 1/2\", PARA COMBATE A INCENDIO","UN","CR",1149341.42]
["MATERIAL",37555,"ESGUICHO JATO REGULAVEL, TIPO ELKHART, ENGATE RAPIDO 2 1/2\", PARA COMBATE A INCENDIO","UN","CR",64.790000000000006]
["MATERIAL",10902,"ESGUICHO TIPO JATO SOLIDO, EM LATAO, ENGATE RAPIDO 1 1/2\" X 13 MM, PARA MANGUEIRA EM INSTALACAO PREDIAL COMBATE A INCENDIO","UN","CR",51.09]
["MATERIAL",20965,"ESGUICHO TIPO JATO SOLIDO, EM LATAO, ENGATE RAPIDO 1 1/2\" X 16 MM, PARA MANGUEIRA EM INSTALACAO PREDIAL COMBATE A INCENDIO","UN","CR",6.44]
["MATERIAL",20966,"ESGUICHO TIPO JATO SOLIDO, EM LATAO, ENGATE RAPIDO 1 1/2\" X 19 MM, PARA MANGUEIRA EM INSTALACAO PREDIAL COMBATE A INCENDIO","UN","CR",270.10000000000002]
["MATERIAL",10903,"ESGUICHO TIPO JATO SOLIDO, EM LATAO, ENGATE RAPIDO 2 1/2\" X 13 MM, PARA MANGUEIRA EM INSTALACAO PREDIAL COMBATE A INCENDIO","UN","CR",328.57]
["MATERIAL",20967,"ESGUICHO TIPO JATO SOLIDO, EM LATAO, ENGATE RAPIDO 2 1/2\" X 16 MM, PARA MANGUEIRA EM INSTALACAO PREDIAL COMBATE A INCENDIO","UN","CR",82.44]
["MATERIAL",20968,"ESGUICHO TIPO JATO SOLIDO, EM LATAO, ENGATE RAPIDO 2 1/2\" X 19 MM, PARA MANGUEIRA EM INSTALACAO PREDIAL COMBATE A INCENDIO","UN","CR",83.21]
["EQUIPAMENTO (AQUISIÇÃO)",11359,"ESMERILHADEIRA ANGULAR ELETRICA, DIAMETRO DO DISCO 7\" (180 MM), ROTACAO 8500 RPM, POTENCIA 2400 W","UN","C",89.6]
["MATERIAL",39017,"ESPACADOR / DISTANCIADOR CIRCULAR COM ENTRADA LATERAL, EM PLASTICO, PARA VERGALHAO *4,2 A 12,5* MM, COBRIMENTO 20 MM","UN","CR",135.80000000000001]
["MATERIAL",39315,"ESPACADOR / DISTANCIADOR TIPO GARRA DUPLA, EM PLASTICO, COBRIMENTO *20* MM, PARA FERRAGENS DE LAJES E FUNDO DE VIGAS","UN","CR",135.80000000000001]
["MATERIAL",39016,"ESPACADOR / DISTANCIADOR TIPO PINO EM PLASTICO, PARA VERGALHAO ATE 10 MM, PARA APOIO DE ARMADURA","UN","CR",148.94999999999999]
["MATERIAL",39481,"ESPACADOR OU DISTANCIADOR, EM PLASTICO, TIPO APOIO DE CORDOALHA (CARANGUEJO), PARA ARMADURA NEGATIVA E PROTENSAO, COBRIMENTO 50 MM","UN","CR",995.2]
["MATERIAL",39013,"ESPACADOR/SEPARADOR /CENTRALIZADOR DE BARRA DE ACO, PLASTICO, (CHUMBADOR TIPO CARAMBOLA - CB), DIAMETRO INTERNO ATE 20 MM","UN","CR"]
["MATERIAL",44919,"ESPACADOR/SEPARADOR /CENTRALIZADOR DE BARRA DE ACO, PLASTICO, (CHUMBADOR TIPO CARAMBOLA - CB), DIAMETRO INTERNO ENTRE 25 A 32 MM","UN","CR"]
["MATERIAL",40433,"ESPACADOR/SEPARADOR DE CORDOALHA TIPO DISCO 12 FUROS DE 14 MM, PARA TIRANTES","UN","CR"]
["EQUIPAMENTO (AQUISIÇÃO)",20219,"ESPARGIDOR DE ASFALTO PRESSURIZADO, REBOCAVEL, TANQUE DE 2500 L, PNEUMATICO, COM MOTOR A GASOLINA 3,4HP","UN","C"]
["EQUIPAMENTO (AQUISIÇÃO)",36484,"ESPARGIDOR DE ASFALTO PRESSURIZADO, TANQUE 6 M3 COM ISOLACAO TERMICA, AQUECIDO COM 2 MACARICOS, COM BARRA ESPARGIDORA 3,60 M, A SER MONTADO SOBRE CAMINHAO","UN","CR"]
["MATERIAL",38368,"ESPATULA DE PLASTICO LISA, LARGURA *10* CM","UN","CR"]
["MATERIAL",38367,"ESPATULA EM ACO INOX COM CABO DE MADEIRA E LARGURA DE *8* CM","UN","CR"]
["MATERIAL",38091,"ESPELHO / PLACA CEGA 4\" X 2\", PARA INSTALACAO DE TOMADAS E INTERRUPTORES","UN","CR"]
["MATERIAL",38095,"ESPELHO / PLACA CEGA 4\" X 4\", PARA INSTALACAO DE TOMADAS E INTERRUPTORES","UN","CR"]
["MATERIAL",38092,"ESPELHO / PLACA DE 1 POSTO 4\" X 2\", PARA INSTALACAO DE TOMADAS E INTERRUPTORES","UN","CR",5.93]
["MATERIAL",38093,"ESPELHO / PLACA DE 2 POSTOS 4\" X 2\", PARA INSTALACAO DE TOMADAS E INTERRUPTORES","UN","CR",11.5]
["MATERIAL",38096,"ESPELHO / PLACA DE 2 POSTOS 4\" X 4\", PARA INSTALACAO DE TOMADAS E INTERRUPTORES","UN","CR",2.35]
["MATERIAL",38094,"ESPELHO / PLACA DE 3 POSTOS 4\" X 2\", PARA INSTALACAO DE TOMADAS E INTERRUPTORES","UN","CR",4.97]
["MATERIAL",38097,"ESPELHO / PLACA DE 4 POSTOS 4\" X 4\", PARA INSTALACAO DE TOMADAS E INTERRUPTORES","UN","CR",2.2200000000000002]
["MATERIAL",38098,"ESPELHO / PLACA DE 6 POSTOS 4\" X 4\", PARA INSTALACAO DE TOMADAS E INTERRUPTORES","UN","CR",2.2999999999999998]
["MATERIAL",11186,"ESPELHO CRISTAL E = 4 MM","M2","CR",5.34]
["MATERIAL",11558,"ESPELHO, RETO OU CURVO, EM LATAO CROMADO, ESPESSURA ATE 6 MM, LARGURA *40*MM, ALTURA *180*MM - PARA FECHADURA DE EMBUTIR","PAR","CR",2.82]
["MATERIAL",11557,"ESPELHO, RETO OU CURVO, EM LATAO CROMADO, ESPESSURA MINIMA 6 MM, LARGURA *43*MM, ALTURA *230*MM - PARA FECHADURA DE EMBUTIR","PAR","CR",5.73]
["MATERIAL",2759,"ESPOLETA SIMPLES N 8.","UN","C",5.73]
["MATERIAL",38124,"ESPUMA EXPANSIVA DE POLIURETANO, APLICACAO MANUAL - 500 ML","UN","C",408.5]
["MATERIAL",38380,"ESQUADRO DE ACO 12\" (300 MM), CABO DE ALUMINIO","UN","CR",15.91]
["MATERIAL",42429,"ESQUI TRIPLO, EM TUBO DE ACO CARBONO, PINTURA NO PROCESSO ELETROSTATICO - EQUIPAMENTO DE GINASTICA PARA ACADEMIA AO AR LIVRE / ACADEMIA DA TERCEIRA IDADE - ATI","UN","CR",40.29]
["EQUIPAMENTO (AQUISIÇÃO)",39616,"ESTABILIZADOR BIVOLT AUTOMATICO, 1000 VA","UN","C"]
["EQUIPAMENTO (AQUISIÇÃO)",39618,"ESTABILIZADOR BIVOLT AUTOMATICO, 1500 VA","UN","CR",31]
["EQUIPAMENTO (AQUISIÇÃO)",39619,"ESTABILIZADOR BIVOLT AUTOMATICO, 2000 VA","UN","CR",19.13]
["EQUIPAMENTO (AQUISIÇÃO)",39613,"ESTABILIZADOR BIVOLT AUTOMATICO, 300 VA","UN","CR",95.47]
["EQUIPAMENTO (AQUISIÇÃO)",39614,"ESTABILIZADOR BIVOLT AUTOMATICO, 500 VA","UN","CR"]
["MATERIAL",38538,"ESTACA PRE-MOLDADA MACICA DE CONCRETO VIBRADO ARMADO, PARA CARGA DE 25 T, SECAO QUADRADA DE *16 X 16*, COM ANEL METALICO INCORPORADO A PECA (SOMENTE FORNECIMENTO)","M","C",488.7]
["MATERIAL",38539,"ESTACA PRE-MOLDADA MACICA DE CONCRETO VIBRADO ARMADO, PARA CARGA DE 50 T, SECAO QUADRADA, COM ANEL METALICO INCORPORADO A PECA (SOMENTE FORNECIMENTO)","M","CR",886.42]
["MATERIAL",38540,"ESTACA PRE-MOLDADA VAZADA DE CONCRETO CENTRIFUGADO, PARA CARGA DE 100 T, SECAO CIRCULAR, COM ANEL METALICO INCORPORADO A PECA (SOMENTE FORNECIMENTO)","M","CR",1214.03]
["MATERIAL",38384,"ESTILETE DE METAL, LAMINA 18 MM","UN","CR",194.12]
["MATERIAL",13,"ESTOPA","KG","CR",283.20999999999998]
["MATERIAL",2762,"ESTOPIM SIMPLES","M","CR"]
["MATERIAL",21142,"ESTRIBO COM PARAFUSO EM CHAPA DE FERRO FUNDIDO DE 2\" X 3/16\" X 35 CM, SECAO \"U\", PARA MADEIRAMENTO DE TELHADO","UN","CR"]
["MATERIAL",4223,"ETANOL","L","C"]
["MATERIAL",37372,"EXAMES - HORISTA (COLETADO CAIXA - ENCARGOS COMPLEMENTARES)","H","C",13.77]
["MATERIAL",40863,"EXAMES - MENSALISTA (COLETADO CAIXA - ENCARGOS COMPLEMENTARES)","MES","C",15.84]
["MATERIAL",38475,"EXTENSAO DE SOLDA 201 ACETILENO, E = *1,5 A 2,5* MM","UN","CR"]
["MATERIAL",38474,"EXTENSAO DE SOLDA 201 GLP, E = *2,5 A 4,0* MM","UN","CR",21.45]
["MATERIAL",10886,"EXTINTOR DE INCENDIO PORTATIL COM CARGA DE AGUA PRESSURIZADA DE 10 L, CLASSE A","UN","CR",4.93]
["MATERIAL",10888,"EXTINTOR DE INCENDIO PORTATIL COM CARGA DE GAS CARBONICO CO2 DE 4 KG, CLASSE BC","UN","CR",1.43]
["MATERIAL",10889,"EXTINTOR DE INCENDIO PORTATIL COM CARGA DE GAS CARBONICO CO2 DE 6 KG, CLASSE BC","UN","CR",270.51]
["MATERIAL",10890,"EXTINTOR DE INCENDIO PORTATIL COM CARGA DE PO QUIMICO SECO (PQS) DE 12 KG, CLASSE BC","UN","CR",50.41]
["MATERIAL",10891,"EXTINTOR DE INCENDIO PORTATIL COM CARGA DE PO QUIMICO SECO (PQS) DE 4 KG, CLASSE BC","UN","CR",51.11]
["MATERIAL",10892,"EXTINTOR DE INCENDIO PORTATIL COM CARGA DE PO QUIMICO SECO (PQS) DE 6 KG, CLASSE BC","UN","C",245]
["MATERIAL",20977,"EXTINTOR DE INCENDIO PORTATIL COM CARGA DE PO QUIMICO SECO (PQS) DE 8 KG, CLASSE BC","UN","CR",775.38]
["MATERIAL",3073,"EXTREMIDADE PVC PBA, BF, JE, DN 100/ DE 110 MM","UN","CR",840]
["MATERIAL",3074,"EXTREMIDADE PVC PBA, BF, JE, DN 75/ DE 85 MM","UN","CR",387.69]
["MATERIAL",3076,"EXTREMIDADE PVC PBA, PF, JE, DN 100 / DE 110 MM","UN","CR",236.92]
["MATERIAL",3075,"EXTREMIDADE PVC PBA, PF, JE, DN 75 / DE 85 MM","UN","CR",280]
["MATERIAL",10781,"EXTREMIDADE/TUBETE PARA HIDROMETRO PVC, COM ROSCA, CURTA, COM BUCHA LATAO, 3/4\" OU 1/2\"","UN","CR",333.84]
["MATERIAL",11480,"FECHADURA AUXILIAR DE SEGURANCA PARA PORTA EXTERNA, EM ACO INOX, BROCA DE 45 A 55 MM, LINGUETA COM 3 AVANCOS, INCLUINDO 2 CHAVES TIPO CILINDRO","CJ","CR"]
["MATERIAL",43612,"FECHADURA BICO DE PAPAGAIO PARA PORTA DE CORRER EXTERNA, EM ACO INOX COM ACABAMENTO CROMADO, MAQUINA COM 45 MM, INCLUINDO CHAVE TIPO CILINDRO","CJ","CR"]
["MATERIAL",43613,"FECHADURA BICO DE PAPAGAIO PARA PORTA DE CORRER INTERNA, EM ACO INOX COM ACABAMENTO CROMADO, MAQUINA COM 45 MM, INCLUINDO CHAVE TIPO BIPARTIDA","CJ","CR"]
["MATERIAL",11469,"FECHADURA DE EMBUTIR PARA GAVETA E MOVEIS DE MADEIRA, EM ACO INOX COM ACABAMENTO CROMADO, COM ABAS LATERAIS, CILINDRO COM 22 MM DE DIAMETRO, INCLUINDO CHAVE COM PERFIL METALICO E CAPA ESCAMOTEAVEL","UN","CR"]
["MATERIAL",11468,"FECHADURA DE SOBREPOR PARA GAVETAS E ARMARIOS, EM ACO INOX COM ACABAMENTO CROMADO, COM CILINDRO DE APROX 20 MM","UN","CR"]
["MATERIAL",11484,"FECHADURA DE SOBREPOR PARA PORTAO, EM ACO INOX COM ACABAMENTO CROMADO, CAIXA DE 100 MM, INCLUINDO CHAVE TIPO CILINDRO","UN","CR",146.84]
["MATERIAL",38155,"FECHADURA DE SOBREPOR PARA PORTAO, EM ACO INOX COM ACABAMENTO CROMADO, CAIXA DE 100 MM, INCLUINDO CHAVE TIPO TETRA","UN","CR",115.57]
["MATERIAL",11467,"FECHADURA DE SOBREPOR TIPO CAIXAO, EM FERRO COM ACABAMENTO RESINADO, SEM MACANETA, SEM CILINDRO, INCLUINDO CHAVE TIPO SIMPLES","UN","CR",95.68]
["MATERIAL",38153,"FECHADURA ESPELHO PARA PORTA DE BANHEIRO, EM ACO INOX (MAQUINA, TESTA E CONTRA-TESTA) E EM ZAMAC (MACANETA, LINGUETA E TRINCOS) COM ACABAMENTO CROMADO, MAQUINA DE 40 MM, INCLUINDO CHAVE TIPO TRANQUETA","CJ","CR",15.67]
["MATERIAL",43607,"FECHADURA ESPELHO PARA PORTA DE BANHEIRO, EM ACO INOX (MAQUINA, TESTA E CONTRA-TESTA) E EM ZAMAC (MACANETA, LINGUETA E TRINCOS) COM ACABAMENTO CROMADO, MAQUINA DE 55 MM, INCLUINDO CHAVE TIPO TRANQUETA (CONJUNTO DE FECHADURAS)","CJ","CR",15.68]
["MATERIAL",3080,"FECHADURA ESPELHO PARA PORTA EXTERNA, EM ACO INOX (MAQUINA, TESTA E CONTRA-TESTA) E EM ZAMAC (MACANETA, LINGUETA E TRINCOS) COM ACABAMENTO CROMADO, MAQUINA DE 40 MM, INCLUINDO CHAVE TIPO CILINDRO","CJ","C",68.89]
["MATERIAL",3081,"FECHADURA ESPELHO PARA PORTA EXTERNA, EM ACO INOX (MAQUINA, TESTA E CONTRA-TESTA) E EM ZAMAC (MACANETA, LINGUETA E TRINCOS) COM ACABAMENTO CROMADO, MAQUINA DE 55 MM, INCLUINDO CHAVE TIPO CILINDRO","CJ","CR",106.95]
["MATERIAL",3090,"FECHADURA ESPELHO PARA PORTA INTERNA, EM ACO INOX (MAQUINA, TESTA E CONTRA-TESTA) E EM ZAMAC (MACANETA, LINGUETA E TRINCOS) COM ACABAMENTO CROMADO, MAQUINA DE 40 MM, INCLUINDO CHAVE TIPO INTERNA","CJ","CR",24.44]
["MATERIAL",43611,"FECHADURA ESPELHO PARA PORTA INTERNA, EM ACO INOX (MAQUINA, TESTA E CONTRA-TESTA) E EM ZAMAC (MACANETA, LINGUETA E TRINCOS) COM ACABAMENTO CROMADO, MAQUINA DE 55 MM, INCLUINDO CHAVE TIPO INTERNA","CJ","CR",62.43]
["MATERIAL",3103,"FECHADURA PARA PORTA PIVOTANTE DE VIDRO TEMPERADO, EM ACO INOX COM ACABAMENTO CROMADO, RECORTE PADRAO SANTA MARINA, COM CILINDRO EM LATAO, INCLUINDO CHAVE TIPO CILINDRO","UN","CR",118.08]
["MATERIAL",3097,"FECHADURA ROSETA REDONDA PARA PORTA DE BANHEIRO, EM ACO INOX (MAQUINA, TESTA E CONTRA-TESTA) E EM ZAMAC (MACANETA, LINGUETA E TRINCOS) COM ACABAMENTO CROMADO, MAQUINA DE 40 MM, INCLUINDO CHAVE TIPO TRANQUETA","CJ","CR",79.39]
["MATERIAL",3099,"FECHADURA ROSETA REDONDA PARA PORTA DE BANHEIRO, EM ACO INOX (MAQUINA, TESTA E CONTRA-TESTA) E EM ZAMAC (MACANETA, LINGUETA E TRINCOS) COM ACABAMENTO CROMADO, MAQUINA DE 55 MM, INCLUINDO CHAVE TIPO TRANQUETA","CJ","CR",157.07]
["MATERIAL",38151,"FECHADURA ROSETA REDONDA PARA PORTA EXTERNA, EM ACO INOX (MAQUINA, TESTA E CONTRA-TESTA) E EM ZAMAC (MACANETA, LINGUETA E TRINCOS) COM ACABAMENTO CROMADO, MAQUINA DE 40 MM, INCLUINDO CHAVE TIPO CILINDRO","CJ","CR",70.86]
["MATERIAL",38152,"FECHADURA ROSETA REDONDA PARA PORTA EXTERNA, EM ACO INOX (MAQUINA, TESTA E CONTRA-TESTA) E EM ZAMAC (MACANETA, LINGUETA E TRINCOS) COM ACABAMENTO CROMADO, MAQUINA DE 55 MM, INCLUINDO CHAVE TIPO CILINDRO","CJ","CR",117.58]
["MATERIAL",43610,"FECHADURA ROSETA REDONDA PARA PORTA INTERNA, EM ACO INOX (MAQUINA, TESTA E CONTRA-TESTA) E EM ZAMAC (MACANETA, LINGUETA E TRINCOS) COM ACABAMENTO CROMADO, MAQUINA DE 40 MM, INCLUINDO CHAVE TIPO INTERNA (CONJUNTO DE FECHADURAS)","CJ","CR",58.75]
["MATERIAL",3093,"FECHADURA ROSETA REDONDA PARA PORTA INTERNA, EM ACO INOX (MAQUINA, TESTA E CONTRA-TESTA) E EM ZAMAC (MACANETA, LINGUETA E TRINCOS) COM ACABAMENTO CROMADO, MAQUINA DE 55 MM, INCLUINDO CHAVE TIPO INTERNA","CJ","CR",88.89]
["MATERIAL",38165,"FECHO / FECHADURA COM PUXADOR CONCHA, COM TRANCA TIPO TRAVA, PARA JANELA / PORTA DE CORRER (INCLUI TESTA, FECHADURA, PUXADOR) - COMPLETA","CJ","CR",142.33000000000001]
["MATERIAL",38177,"FECHO / TRINCO TIPO AVIAO, EM ZAMAC CROMADO, *60* MM, PARA JANELAS - INCLUI PARAFUSOS","UN","CR",103.18]
["MATERIAL",11458,"FECHO DE SEGURANCA, TIPO BATOM, EM LATAO / ZAMAC, CROMADO, PARA PORTAS E JANELAS - INCLUI PARAFUSOS","UN","CR",166.45]
["MATERIAL",3108,"FECHO QUEBRA UNHA, EM LATAO COM ACABAMENTO CROMADO, DE EMBUTIR, COM COMANDO ALAVANCA, ALTURA DE DE 22 CM, LARGURA MINIMA DE 1,90 CM E ESPESSURA MINIMA DE 1,90 MM, PARA PORTAS E JANELAS (INCLUI PARAFUSOS)","UN","CR",88.2]
["MATERIAL",3105,"FECHO QUEBRA UNHA, EM LATAO COM ACABAMENTO CROMADO, DE EMBUTIR, COM COMANDO ALAVANCA, ALTURA DE DE 40 CM, LARGURA MINIMA DE 1,90 CM E ESPESSURA MINIMA DE 1,90 MM, PARA PORTAS E JANELAS (INCLUI PARAFUSOS)","UN","CR",142.33000000000001]
["MATERIAL",38178,"FECHO QUEBRA UNHA, EM LATAO COM ACABAMENTO CROMADO, DE EMBUTIR, COM COMANDO DESLIZANTE, ALTURA DE 12 CM, LARGURA MINIMA DE 1,90 CM E ESPESSURA MINIMA DE 1,90 MM","UN","CR",76.56]
["MATERIAL",43575,"FECHO QUEBRA UNHA, EM LATAO COM ACABAMENTO CROMADO, DE EMBUTIR, COM COMANDO DESLIZANTE, ALTURA DE 22 CM, LARGURA MINIMA DE 1,90 CM E ESPESSURA MINIMA DE 1,90 MM","UN","CR",22.75]
["MATERIAL",43577,"FECHO QUEBRA UNHA, EM LATAO COM ACABAMENTO CROMADO, DE EMBUTIR, COM COMANDO DESLIZANTE, ALTURA DE 40 CM, LARGURA MINIMA DE 1,90 CM E ESPESSURA MINIMA DE 1,90 MM","UN","CR",27.16]
["MATERIAL",43458,"FERRAMENTAS - FAMILIA ALMOXARIFE - HORISTA (ENCARGOS COMPLEMENTARES - COLETADO CAIXA)","H","C",115.46]
["MATERIAL",43470,"FERRAMENTAS - FAMILIA ALMOXARIFE - MENSALISTA (ENCARGOS COMPLEMENTARES - COLETADO CAIXA)","MES","C",151.01]
["MATERIAL",43459,"FERRAMENTAS - FAMILIA CARPINTEIRO DE FORMAS - HORISTA (ENCARGOS COMPLEMENTARES - COLETADO CAIXA)","H","C",25.03]
["MATERIAL",43471,"FERRAMENTAS - FAMILIA CARPINTEIRO DE FORMAS - MENSALISTA (ENCARGOS COMPLEMENTARES - COLETADO CAIXA)","MES","C",54.23]
["MATERIAL",43460,"FERRAMENTAS - FAMILIA ELETRICISTA - HORISTA (ENCARGOS COMPLEMENTARES - COLETADO CAIXA)","H","C",94.29]
["MATERIAL",43472,"FERRAMENTAS - FAMILIA ELETRICISTA - MENSALISTA (ENCARGOS COMPLEMENTARES - COLETADO CAIXA)","MES","C",0.06]
["MATERIAL",43461,"FERRAMENTAS - FAMILIA ENCANADOR - HORISTA (ENCARGOS COMPLEMENTARES - COLETADO CAIXA)","H","C",11.14]
["MATERIAL",43473,"FERRAMENTAS - FAMILIA ENCANADOR - MENSALISTA (ENCARGOS COMPLEMENTARES - COLETADO CAIXA)","MES","C",0.44]
["MATERIAL",43463,"FERRAMENTAS - FAMILIA ENCARREGADO GERAL - HORISTA (ENCARGOS COMPLEMENTARES - COLETADO CAIXA)","H","C",82.31]
["MATERIAL",43475,"FERRAMENTAS - FAMILIA ENCARREGADO GERAL - MENSALISTA (ENCARGOS COMPLEMENTARES - COLETADO CAIXA)","MES","C",0.86]
["MATERIAL",43462,"FERRAMENTAS - FAMILIA ENGENHEIRO CIVIL - HORISTA (ENCARGOS COMPLEMENTARES - COLETADO CAIXA)","H","C",161.72999999999999]
["MATERIAL",43474,"FERRAMENTAS - FAMILIA ENGENHEIRO CIVIL - MENSALISTA (ENCARGOS COMPLEMENTARES - COLETADO CAIXA)","MES","C",0.31]
["MATERIAL",43464,"FERRAMENTAS - FAMILIA OPERADOR ESCAVADEIRA - HORISTA (ENCARGOS COMPLEMENTARES - COLETADO CAIXA)","H","C",59.01]
["MATERIAL",43476,"FERRAMENTAS - FAMILIA OPERADOR ESCAVADEIRA - MENSALISTA (ENCARGOS COMPLEMENTARES - COLETADO CAIXA)","MES","C",0.08]
["MATERIAL",43465,"FERRAMENTAS - FAMILIA PEDREIRO - HORISTA (ENCARGOS COMPLEMENTARES - COLETADO CAIXA)","H","C",15.46]
["MATERIAL",43477,"FERRAMENTAS - FAMILIA PEDREIRO - MENSALISTA (ENCARGOS COMPLEMENTARES - COLETADO CAIXA)","MES","C",0.01]
["MATERIAL",43466,"FERRAMENTAS - FAMILIA PINTOR - HORISTA (ENCARGOS COMPLEMENTARES - COLETADO CAIXA)","H","C",2.35]
["MATERIAL",43478,"FERRAMENTAS - FAMILIA PINTOR - MENSALISTA (ENCARGOS COMPLEMENTARES - COLETADO CAIXA)","MES","C",0.01]
["MATERIAL",43467,"FERRAMENTAS - FAMILIA SERVENTE - HORISTA (ENCARGOS COMPLEMENTARES - COLETADO CAIXA)","H","C",0.01]
["MATERIAL",43479,"FERRAMENTAS - FAMILIA SERVENTE - MENSALISTA (ENCARGOS COMPLEMENTARES - COLETADO CAIXA)","MES","C",0.78]
["MATERIAL",43468,"FERRAMENTAS - FAMILIA SOLDADOR - HORISTA (ENCARGOS COMPLEMENTARES - COLETADO CAIXA)","H","C",147.87]
["MATERIAL",43480,"FERRAMENTAS - FAMILIA SOLDADOR - MENSALISTA (ENCARGOS COMPLEMENTARES - COLETADO CAIXA)","MES","C",2.0499999999999998]
["MATERIAL",43469,"FERRAMENTAS - FAMILIA TOPOGRAFO - HORISTA (ENCARGOS COMPLEMENTARES - COLETADO CAIXA)","H","C",387.36]
["MATERIAL",43481,"FERRAMENTAS - FAMILIA TOPOGRAFO - MENSALISTA (ENCARGOS COMPLEMENTARES - COLETADO CAIXA)","MES","C",0.61]
["MATERIAL",3119,"FERROLHO COM FECHO / TRINCO REDONDO, EM ACO GALVANIZADO / ZINCADO, DE SOBREPOR, COM COMPRIMENTO DE 2\" E ESPESSURA MINIMA DA CHAPA DE 0,90 MM, PARA PORTAS E JANELAS","UN","CR",114.77]
["MATERIAL",3122,"FERROLHO COM FECHO / TRINCO REDONDO, EM ACO GALVANIZADO / ZINCADO, DE SOBREPOR, COM COMPRIMENTO DE 3\" A 4\" E ESPESSURA MINIMA DA CHAPA DE 0,90 MM","UN","CR",1.21]
["MATERIAL",3121,"FERROLHO COM FECHO / TRINCO REDONDO, EM ACO GALVANIZADO / ZINCADO, DE SOBREPOR, COM COMPRIMENTO DE 5\" E ESPESSURA MINIMA DA CHAPA DE 0,90 MM","UN","CR",228.92]
["MATERIAL",3120,"FERROLHO COM FECHO / TRINCO REDONDO, EM ACO GALVANIZADO / ZINCADO, DE SOBREPOR, COM COMPRIMENTO DE 6\" E ESPESSURA MINIMA DA CHAPA DE 1,50 MM","UN","CR",0.05]
["MATERIAL",11455,"FERROLHO COM FECHO / TRINCO REDONDO, EM ACO GALVANIZADO / ZINCADO, DE SOBREPOR, COM COMPRIMENTO DE 8\" E ESPESSURA MINIMA DA CHAPA DE 1,50 MM","UN","CR",9.89]
["MATERIAL",11456,"FERROLHO COM FECHO /TRINCO REDONDO, EM ACO GALVANIZADO / ZINCADO, DE SOBREPOR, COM COMPRIMENTO DE 10\" A 12\" E ESPESSURA MINIMA DA CHAPA DE 1,50 MM","UN","CR",37.299999999999997]
["MATERIAL",3107,"FERROLHO COM FECHO CHATO E PORTA CADEADO, EM ACO GALVANIZADO / ZINCADO, DE SOBREPOR, COM COMPRIMENTO DE 3\" A 4\", CHAPA COM ESPESSURA MINIMA DE 0,90 MM E LARGURA MINIMA DE 3,20 CM (FECHO SIMPLES / LEVE) (INCLUI PARAFUSOS)","UN","CR",2.94]
["MATERIAL",43583,"FERROLHO COM FECHO CHATO E PORTA CADEADO, EM ACO GALVANIZADO / ZINCADO, DE SOBREPOR, COM COMPRIMENTO DE 3\" A 4\", CHAPA COM ESPESSURA MINIMA DE 1,70 MM E LARGURA MINIMA DE 5,00 CM (FECHO REFORCADO)","UN","CR",5.98]
["MATERIAL",43586,"FERROLHO COM FECHO CHATO E PORTA CADEADO, EM ACO GALVANIZADO / ZINCADO, DE SOBREPOR, COM COMPRIMENTO DE 5\", CHAPA COM ESPESSURA MINIMA DE 0,90 MM E LARGURA MINIMA DE 3,20 CM (FECHO SIMPLES)","UN","CR",6.78]
["MATERIAL",11461,"FERROLHO COM FECHO CHATO E PORTA CADEADO, EM ACO GALVANIZADO / ZINCADO, DE SOBREPOR, COM COMPRIMENTO DE 5\", CHAPA COM ESPESSURA MINIMA DE 1,70 MM E LARGURA MINIMA DE 5,00 CM (FECHO REFORCADO)","UN","CR",12.85]
["MATERIAL",43587,"FERROLHO COM FECHO CHATO E PORTA CADEADO, EM ACO GALVANIZADO / ZINCADO, DE SOBREPOR, COM COMPRIMENTO DE 6\", CHAPA COM ESPESSURA MINIMA DE 0,90 MM E LARGURA MINIMA DE 3,80 CM (FECHO SIMPLES)","UN","CR",18.59]
["MATERIAL",3106,"FERROLHO COM FECHO CHATO E PORTA CADEADO, EM ACO GALVANIZADO / ZINCADO, DE SOBREPOR, COM COMPRIMENTO DE 6\", CHAPA COM ESPESSURA MINIMA DE 1,70 MM E LARGURA /MINIMA DE 5,00 CM (FECHO REFORCADO) (INCLUI PARAFUSOS)","UN","CR",22.22]
["MATERIAL",44539,"FERTILIZANTE NPK -  10:10:10","KG","CR",9.3699999999999992]
["MATERIAL",3123,"FERTILIZANTE NPK - 4: 14: 8","KG","C",10.57]
["MATERIAL",38125,"FERTILIZANTE ORGANICO COMPOSTO, CLASSE A","KG","CR",10.83]
["MATERIAL",39014,"FIBRA DE ACO PARA REFORCO DO CONCRETO, SOLTA, TIPO A-I, FATOR DE FORMA *50* L / D, COMPRIMENTO DE *30* MM E RESISTENCIA A TRACAO DO ACO MAIOR 1000 MPA","KG","CR",11.81]
["MATERIAL",39365,"FILTRO ANAEROBIO, EM POLIETILENO DE ALTA DENSIDADE (PEAD), CAPACIDADE *1100* LITROS (NBR 13969)","UN","CR",13.62]
["MATERIAL",39366,"FILTRO ANAEROBIO, EM POLIETILENO DE ALTA DENSIDADE (PEAD), CAPACIDADE *2800* LITROS (NBR 13969)","UN","CR",17.28]
["MATERIAL",39367,"FILTRO ANAEROBIO, EM POLIETILENO DE ALTA DENSIDADE (PEAD), CAPACIDADE *5000* LITROS (NBR 13969)","UN","CR"]
["MATERIAL",45263,"FILTRO QUIMICO PARA RESPIRADOR SEMI FACIAL, PROTECAO CONTRA VAPORES ORGANICOS E GASES ACIDOS","UN","CR"]
["MATERIAL",37394,"FINCAPINO CURTO CALIBRE 22, CARGA MEDIA POTENCIA 5 (PARA FERRAMENTA DE ACAO DIRETA) COR VERMELHA","CENTO","CR",1.0900000000000001]
["MATERIAL",14146,"FINCAPINO LONGO CALIBRE 22, CARGA FORTE POTENCIA 7 (PARA FERRAMENTA DE ACAO DIRETA), COR AMARELA","CENTO","C",12.38]
["MATERIAL",938,"FIO DE COBRE, SOLIDO, CLASSE 1, ISOLACAO EM PVC/A, ANTICHAMA BWF-B, 450/750V, SECAO NOMINAL 1,5 MM2","M","CR",1800.63]
["MATERIAL",937,"FIO DE COBRE, SOLIDO, CLASSE 1, ISOLACAO EM PVC/A, ANTICHAMA BWF-B, 450/750V, SECAO NOMINAL 10 MM2","M","CR",2731.86]
["MATERIAL",939,"FIO DE COBRE, SOLIDO, CLASSE 1, ISOLACAO EM PVC/A, ANTICHAMA BWF-B, 450/750V, SECAO NOMINAL 2,5 MM2","M","CR",4680.8599999999997]
["MATERIAL",944,"FIO DE COBRE, SOLIDO, CLASSE 1, ISOLACAO EM PVC/A, ANTICHAMA BWF-B, 450/750V, SECAO NOMINAL 4 MM2","M","CR",20.100000000000001]
["MATERIAL",940,"FIO DE COBRE, SOLIDO, CLASSE 1, ISOLACAO EM PVC/A, ANTICHAMA BWF-B, 450/750V, SECAO NOMINAL 6 MM2","M","CR"]
["MATERIAL",44397,"FITA / CINTA AUTOADESIVA ELASTOMERICA PARA VEDACAO, L= 50 MM, E = 3 MM","M","CR"]
["MATERIAL",406,"FITA ACO INOX PARA CINTAR POSTE, L = 19 MM, E = 0,5 MM (ROLO DE 30M)","UN","CR",1.62]
["MATERIAL",42529,"FITA ADESIVA ALUMINIZADA, PARA INSTALACAO DE MANTAS DE SUBCOBERTURA, L = *5* CM","M","CR",9.4600000000000009]
["MATERIAL",39634,"FITA ADESIVA ANTICORROSIVA DE PVC FLEXIVEL, COR PRETA, PARA PROTECAO TUBULACAO, 50 MM X 30 M (L X C), E= *0,25* MM","M","CR",2.62]
["MATERIAL",39701,"FITA ADESIVA ASFALTICA ALUMINIZADA MULTIUSO, L = 10 CM, ROLO DE 10 M","UN","CR",4.1500000000000004]
["MATERIAL",12815,"FITA CREPE ROLO DE *25* MM X 50 M","UN","CR",5.99]
["MATERIAL",39431,"FITA DE PAPEL MICROPERFURADO, 50 X 150 MM, PARA TRATAMENTO DE JUNTAS DE CHAPA DE GESSO PARA DRYWALL","M","CR",3.62]
["MATERIAL",39432,"FITA DE PAPEL REFORCADA COM LAMINA DE METAL PARA REFORCO DE CANTOS DE CHAPA DE GESSO PARA DRYWALL","M","CR",94.75]
["MATERIAL",20111,"FITA ISOLANTE ADESIVA ANTICHAMA, USO ATE 750 V, EM ROLO DE 19 MM X 20 M","UN","C"]
["MATERIAL",21127,"FITA ISOLANTE ADESIVA ANTICHAMA, USO ATE 750 V, EM ROLO DE 19 MM X 5 M","UN","CR",6.72]
["MATERIAL",404,"FITA ISOLANTE DE BORRACHA AUTOFUSAO, USO ATE 69 KV (ALTA TENSAO), LARGURA DE 19 MM","M","CR",105.39]
["MATERIAL",14151,"FITA METALICA GRAVADA, L = 17 MM, ROLO DE 25 M, CARGA RECOMENDADA = *120* KGF","UN","CR",11.14]
["MATERIAL",14153,"FITA METALICA PERFURADA, L = *18* MM, ROLO DE 30 M, CARGA RECOMENDADA = *30* KGF","UN","CR",0.28000000000000003]
["MATERIAL",14152,"FITA METALICA PERFURADA, L = 17 MM, ROLO DE 30 M, CARGA RECOMENDADA = *19* KGF","UN","CR",2.5499999999999998]
["MATERIAL",14154,"FITA METALICA PERFURADA, L = 25 MM, ROLO DE 30 M, CARGA RECOMENDADA = *222,5* KGF","UN","CR",18.78]
["MATERIAL",3143,"FITA VEDA ROSCA, EM PTFE, ROLO  DE 18 MM X 25 M (L X C)","UN","CR",7.1]
["MATERIAL",3146,"FITA VEDA ROSCA, EM PTFE, ROLO DE 18 MM X 10 M (L X C)","UN","C",2.56]
["MATERIAL",3148,"FITA VEDA ROSCA, EM PTFE, ROLO DE 18 MM X 50 M (L X C)","UN","CR"]
["MATERIAL",4310,"FIXADOR DE ABA AUTOTRAVANTE PARA TELHA DE FIBROCIMENTO, TIPO CANALETE 90 OU KALHETAO","UN","CR"]
["MATERIAL",4311,"FIXADOR DE ABA SIMPLES PARA TELHA DE FIBROCIMENTO, TIPO CANALETA 49 OU KALHETA","UN","CR"]
["MATERIAL",4312,"FIXADOR DE ABA SIMPLES PARA TELHA DE FIBROCIMENTO, TIPO CANALETA 90 OU KALHETAO","UN","CR"]
["MATERIAL",13261,"FLANELA *30 X 40* CM","UN","CR",3.45]
["MATERIAL",3272,"FLANGE SEXTAVADO DE FERRO GALVANIZADO, COM ROSCA BSP, DE 1 1/2\"","UN","CR",7.84]
["MATERIAL",3265,"FLANGE SEXTAVADO DE FERRO GALVANIZADO, COM ROSCA BSP, DE 1 1/4\"","UN","CR",12.72]
["MATERIAL",3264,"FLANGE SEXTAVADO DE FERRO GALVANIZADO, COM ROSCA BSP, DE 1\"","UN","CR",2.0499999999999998]
["MATERIAL",3262,"FLANGE SEXTAVADO DE FERRO GALVANIZADO, COM ROSCA BSP, DE 1/2\"","UN","CR",1.44]
["MATERIAL",3267,"FLANGE SEXTAVADO DE FERRO GALVANIZADO, COM ROSCA BSP, DE 2 1/2\"","UN","CR",2.02]
["MATERIAL",3266,"FLANGE SEXTAVADO DE FERRO GALVANIZADO, COM ROSCA BSP, DE 2\"","UN","CR",2.0099999999999998]
["MATERIAL",3268,"FLANGE SEXTAVADO DE FERRO GALVANIZADO, COM ROSCA BSP, DE 3\"","UN","CR"]
["MATERIAL",3263,"FLANGE SEXTAVADO DE FERRO GALVANIZADO, COM ROSCA BSP, DE 3/4\"","UN","CR"]
["MATERIAL",3271,"FLANGE SEXTAVADO DE FERRO GALVANIZADO, COM ROSCA BSP, DE 4\"","UN","CR"]
["MATERIAL",3270,"FLANGE SEXTAVADO DE FERRO GALVANIZADO, COM ROSCA BSP, DE 6\"","UN","CR"]
["MATERIAL",45256,"FORMAO CHANFRADO 1\", CABO DE MADEIRA","UN","CR"]
["SERVIÇOS",3275,"FORRO COMPOSTO POR PAINEIS DE LA DE VIDRO, REVESTIDOS EM PVC MICROPERFURADO, DE *1250 X 625* MM, ESPESSURA 15 MM (COM COLOCACAO)","M2","CR"]
["SERVIÇOS",39512,"FORRO DE FIBRA MINERAL EM PLACAS DE 1250 X 625 MM, E = 15 MM, BORDA RETA, COM PINTURA ANTIMOFO, APOIADO EM PERFIL DE ACO GALVANIZADO COM 24 MM DE BASE - INSTALADO","M2","CR"]
["SERVIÇOS",39511,"FORRO DE FIBRA MINERAL EM PLACAS DE 625 X 625 MM, E = 15 MM, BORDA RETA, COM PINTURA ANTIMOFO, APOIADO EM PERFIL DE ACO GALVANIZADO COM 24 MM DE BASE - INSTALADO","M2","CR"]
["SERVIÇOS",39513,"FORRO DE FIBRA MINERAL EM PLACAS DE 625 X 625 MM, E = 15/16 MM, BORDA REBAIXADA, COM PINTURA ANTIMOFO, APOIADO EM PERFIL DE ACO GALVANIZADO COM 24 MM DE BASE - INSTALADO","M2","CR"]
["MATERIAL",3286,"FORRO DE MADEIRA CEDRINHO OU EQUIVALENTE DA REGIAO, ENCAIXE MACHO/FEMEA COM FRISO, *10 X 1* CM (SEM COLOCACAO)","M2","CR"]
["MATERIAL",3287,"FORRO DE MADEIRA CUMARU/IPE CHAMPANHE OU EQUIVALENTE DA REGIAO, ENCAIXE MACHO/FEMEA COM FRISO, *10 X 1* CM (SEM COLOCACAO)","M2","CR",23.97]
["MATERIAL",3283,"FORRO DE MADEIRA PINUS OU EQUIVALENTE DA REGIAO, ENCAIXE MACHO/FEMEA COM FRISO, *10 X 1* CM (SEM COLOCACAO)","M2","CR",119.18]
["MATERIAL",11587,"FORRO DE PVC LISO, BRANCO, REGUA DE 10 CM, ESPESSURA APROXIMADA DE 8 MM (COM COLOCACAO / SEM ESTRUTURA METALICA)","M2","CR",89.72]
["MATERIAL",36225,"FORRO DE PVC LISO, BRANCO, REGUA DE 20 CM, ESPESSURA APROXIMADA DE 8 MM, COMPRIMENTO 6 M (SEM COLOCACAO)","M2","CR",97.86]
["MATERIAL",36230,"FORRO DE PVC, FRISADO, BRANCO, REGUA DE 10 CM, ESPESSURA APROXIMADA DE 8 MM E COMPRIMENTO 6 M (SEM COLOCACAO)","M2","C",104.97]
["MATERIAL",36238,"FORRO DE PVC, FRISADO, BRANCO, REGUA DE 20 CM, ESPESSURA APROXIMADA DE 8 MM E COMPRIMENTO 6 M (SEM COLOCACAO)","M2","CR"]
["MATERIAL",39363,"FOSSA SEPTICA, SEM FILTRO, EM POLIETILENO DE ALTA DENSIDADE (PEAD), PARA 15 A 30 CONTRIBUINTES, CILINDRICA, COM TAMPA, CAPACIDADE APROXIMADA DE *5500* LITROS (NBR 7229)","UN","CR"]
["MATERIAL",39361,"FOSSA SEPTICA, SEM FILTRO, EM POLIETILENO DE ALTA DENSIDADE (PEAD), PARA 4 A 7 CONTRIBUINTES, CILINDRICA, COM TAMPA, CAPACIDADE APROXIMADA DE *1100* LITROS (NBR 7229)","UN","CR"]
["MATERIAL",39362,"FOSSA SEPTICA, SEM FILTRO, EM POLIETILENO DE ALTA DENSIDADE (PEAD), PARA 8 A 14 CONTRIBUINTES, CILINDRICA, COM TAMPA, CAPACIDADE APROXIMADA DE *3000* LITROS (NBR 7229)","UN","CR",81.72]
["MATERIAL",39364,"FOSSA SEPTICA,SEM FILTRO, EM POLIETILENO DE ALTA DENSIDADE (PEAD), PARA 40 A 52 CONTRIBUINTES, CILINDRICA, COM TAMPA, CAPACIDADE APROXIMADA DE *10000* LITROS (NBR 7229)","UN","CR",33.200000000000003]
["EQUIPAMENTO (AQUISIÇÃO)",14576,"FRESADORA DE ASFALTO A FRIO SOBRE ESTEIRAS, LARG. FRESAGEM 2,00 M, POT. 410 KW/550 HP","UN","CR",24.39]
["EQUIPAMENTO (AQUISIÇÃO)",13877,"FRESADORA DE ASFALTO A FRIO SOBRE RODAS, LARG. FRESAGEM 1,00 M, POT. 155 KW/208 HP","UN","CR",23.83]
["MATERIAL",7307,"FUNDO ANTICORROSIVO PARA METAIS FERROSOS (ZARCAO)","L","CR",5307.66]
["MATERIAL",38122,"FUNDO PREPARADOR ACRILICO BASE AGUA","L","CR",1621.52]
["MATERIAL",43653,"FUNDO SINTETICO NIVELADOR BRANCO FOSCO PARA MADEIRA","L","CR",2864.51]
["SERVIÇOS",45334,"FURO PARA TORNEIRA OU OUTROS ACESSORIOS EM BANCADA DE MARMORE/ GRANITO OU OUTRO TIPO DE PEDRA NATURAL","UN","CR",11195.26]
["MATERIAL",12344,"FUSIVEL DIAZED 20 A TAMANHO DII, CAPACIDADE DE INTERRUPCAO DE 50 KA EM VCA E 8 KA EM VCC, TENSAO NOMINAL DE 500 V","UN","CR"]
["MATERIAL",12343,"FUSIVEL DIAZED 35 A TAMANHO DIII, CAPACIDADE DE INTERRUPCAO DE 50 KA EM VCA E 8 KA EM VCC, TENSAO NOMINAL DE 500 V","UN","CR"]
["MATERIAL",3295,"FUSIVEL NH *36* A 80 AMPERES, TAMANHO 00, CAPACIDADE DE INTERRUPCAO DE 120 KA, TENSAO NOMINAL DE 500 V","UN","CR",51.81]
["MATERIAL",3302,"FUSIVEL NH 100 A TAMANHO 00, CAPACIDADE DE INTERRUPCAO DE 120 KA, TENSAO NOMINAL DE 500 V","UN","CR",18.920000000000002]
["MATERIAL",3297,"FUSIVEL NH 125 A TAMANHO 00, CAPACIDADE DE INTERRUPCAO DE 120 KA, TENSAO NOMINAL DE 500 V","UN","CR",25.57]
["MATERIAL",3294,"FUSIVEL NH 160 A TAMANHO 00, CAPACIDADE DE INTERRUPCAO DE 120 KA, TENSAO NOMINAL DE 500 V","UN","CR",25.32]
["MATERIAL",3292,"FUSIVEL NH 20 A TAMANHO 000, CAPACIDADE DE INTERRUPCAO DE 120 KA, TENSAO NOMINAL DE 500 V","UN","C"]
["MATERIAL",3298,"FUSIVEL NH 200 A 250 AMPERES, TAMANHO 1, CAPACIDADE DE INTERRUPCAO DE 120 KA, TENSAO NOMINAL DE 500 V","UN","CR"]
["MATERIAL",34802,"GABIAO MANTA (COLCHAO) MALHA HEXAGONAL 6 X 8 CM (ZN/AL REVESTIDO COM POLIMERO), DIMENSOES 4,0 X 2,0 X 0,17 M (C X L X A) FIO 2 MM","UN","CR"]
["MATERIAL",11588,"GABIAO MANTA (COLCHAO) MALHA HEXAGONAL 6 X 8 CM (ZN/AL REVESTIDO COM POLIMERO), FIO 2 MM, DIMENSOES 4,0 X 2,0 X 0,23 M (C X L X A)","UN","CR"]
["MATERIAL",34383,"GABIAO MANTA (COLCHAO) MALHA HEXAGONAL 6 X 8 CM (ZN/AL REVESTIDO COM POLIMERO), FIO 2 MM, DIMENSOES 4,0 X 2,0 X 0,3 M (C X L X A)","UN","CR"]
["MATERIAL",40451,"GABIAO MANTA (COLCHAO) MALHA HEXAGONAL 6 X 8 CM (ZN/AL REVESTIDO COM POLIMERO), FIO 2,0 MM, DIMENSOES 5,0 X 2,0 X 0,17 M (C X L X A)","M2","CR"]
["MATERIAL",40453,"GABIAO MANTA (COLCHAO) MALHA HEXAGONAL 6 X 8 CM (ZN/AL REVESTIDO COM POLIMERO), FIO 2,0 MM, DIMENSOES 5,0 X 2,0 X 0,23 M (C X L X A)","M2","CR"]
["MATERIAL",40452,"GABIAO MANTA (COLCHAO) MALHA HEXAGONAL 6 X 8 CM (ZN/AL REVESTIDO COM POLIMERO), FIO 2,0 MM, DIMENSOES 5,0 X 2,0 X 0,30 M (C X L X A)","M2","CR"]
["MATERIAL",11594,"GABIAO SACO MALHA HEXAGONAL 8 X 10 CM (ZN/AL REVESTIDO COM POLIMERO), FIO 2,4 MM, DIMENSOES 3,0 X 0,65 M","UN","CR",981.84]
["MATERIAL",3311,"GABIAO SACO MALHA HEXAGONAL 8 X 10 CM (ZN/AL REVESTIDO COM POLIMERO), FIO 2,4 MM, H = 0,65 M","M3","CR",1059.25]
["MATERIAL",11599,"GABIAO SACO MALHA HEXAGONAL 8 X 10 CM (ZN/AL), FIO 2,7 MM, DIMENSOES 4,0 X 0,65 M","UN","CR",1165.25]
["MATERIAL",11593,"GABIAO TIPO CAIXA MALHA HEXAGONAL 8 X 10 CM (ZN/AL REVESTIDO COM POLIMERO), FIO 2,4 MM, DIMENSOES 2,0 X 1,0 X 1,0 M (C X L X A)","UN","CR",94.19]
["MATERIAL",3314,"GABIAO TIPO CAIXA MALHA HEXAGONAL 8 X 10 CM (ZN/AL REVESTIDO COM POLIMERO), FIO 2,4 MM, H = 0,50 M","M3","CR",101.91]
["MATERIAL",11597,"GABIAO TIPO CAIXA MALHA HEXAGONAL 8 X 10 CM (ZN/AL), FIO 2,7 MM, DIMENSOES 2,0 X 1,0 X 1,0 M (C X L X A)","UN","CR",111.79]
["MATERIAL",3309,"GABIAO TIPO CAIXA MALHA HEXAGONAL 8 X 10 CM (ZN/AL), FIO 2,7 MM, H = 0,50 M","M3","CR",337.61]
["MATERIAL",40440,"GABIAO TIPO CAIXA PARA SOLO REFORCADO, MALHA HEXAGONAL 8 X 10 CM (ZN/AL REVESTIDO COM POLIMERO), FIO 2,7 MM, DIMENSOES 2,0 X 1,0 X 0,5 M, COM CAUDA DE 4,0 M","M3","CR",337.61]
["MATERIAL",40441,"GABIAO TIPO CAIXA PARA SOLO REFORCADO, MALHA HEXAGONAL 8 X 10 CM (ZN/AL REVESTIDO COM POLIMERO), FIO 2,7 MM, DIMENSOES 2,0 X 1,0 X 1,0 M, COM CAUDA DE 4,0 M","M3","CR",448.99]
["MATERIAL",34612,"GABIAO TIPO CAIXA PARA SOLO REFORCADO, MALHA HEXAGONAL DE DUPLA TORCAO 8 X 10 CM (ZN/AL REVESTIDO COM POLIMERO), FIO 2,7 MM, DIMENSOES 2,0 X 1,0 X 0,5 M, COM CAUDA DE 3,0 M","UN","CR",629.45000000000005]
["MATERIAL",34635,"GABIAO TIPO CAIXA PARA SOLO REFORCADO, MALHA HEXAGONAL DE DUPLA TORCAO 8 X 10 CM (ZN/AL REVESTIDO COM POLIMERO), FIO 2,7 MM, DIMENSOES 2,0 X 1,0 X 1,0 M, COM CAUDA DE 3,0 M","UN","CR",450.19]
["MATERIAL",34633,"GABIAO TIPO CAIXA PARA SOLO REFORCADO, MALHA HEXAGONAL DE DUPLA TORCAO 8 X 10 CM (ZN/AL REVESTIDO COM POLIMERO), FIO 2,7 MM, DIMENSOES 2,0 X 1,0 X 1,0 M, COM CAUDA DE 4,0 M","UN","CR",523.51]
["MATERIAL",40449,"GABIAO TIPO CAIXA TRAPEZOIDAL, MALHA HEXAGONAL 10 X 12 CM (ZN/AL REVESTIDO COM POLIMERO) FIO 2,7 MM, FACE COM 65 GRAUS, COM GEOSSINTETICO, DIMENSOES 2,0 X 1,5 X 1,0 M (C X L X A)","M3","CR",357.51]
["MATERIAL",11592,"GABIAO TIPO CAIXA, MALHA HEXAGONAL 8 X 10 CM (ZN/AL REVESTIDO COM POLIMERO), FIO 2,4 MM, DIMENSOES 2,0 X 1,0 X 0,5 M (C X L X A)","UN","CR",468.91]
["MATERIAL",34800,"GABIAO TIPO CAIXA, MALHA HEXAGONAL 8 X 10 CM (ZN/AL REVESTIDO COM POLIMERO), FIO DE 2,4 MM, DIMENSOES 2,0 X 1,0 X 1,0 M (C X L X A)","M3","CR",299.37]
["MATERIAL",11596,"GABIAO TIPO CAIXA, MALHA HEXAGONAL 8 X 10 CM (ZN/AL), FIO 2,7 MM, DIMENSOES 2,0 X 1,0 X 0,5 M (C X L X A)","UN","CR",647.49]
["MATERIAL",40438,"GABIAO TIPO CAIXA, MALHA HEXAGONAL 8 X 10 CM (ZN/AL), FIO DE 2,7 MM, DIMENSOES 2,0 X 1,0 X 1,0 M (C X L X A)","M3","CR",832.64]
["MATERIAL",40436,"GABIAO TIPO CAIXA, MALHA HEXAGONAL 8 X 10 CM (ZN/AL), FIO DE 2,7 MM, DIMENSOES 5,0 X 1,0 X 1,0 M (C X L X A)","M3","CR",917.79]
["MATERIAL",4315,"GANCHO CHATO EM ACO GALVANIZADO, L = 110 MM, RECOBRIMENTO = 100MM, SECAO 1/8 X 1/2\" (3 MM X 12 MM), PARA FIXAR TELHA DE FIBROCIMENTO ONDULADA","UN","CR",251.67]
["MATERIAL",402,"GANCHO OLHAL EM ACO GALVANIZADO, ESPESSURA 16MM, ABERTURA 21MM","UN","CR",450.19]
["MATERIAL",4226,"GAS DE COZINHA - GLP","KG","C",314.72000000000003]
["MATERIAL",4222,"GASOLINA COMUM","L","C",357.51]
["MATERIAL",34804,"GEOGRELHA TECIDA COM FILAMENTOS DE POLIESTER + PVC, RESISTENCIA LONGITUDINAL: 90 KN/M, RESISTENCIA TRANSVERSAL: 30 KN/M, ALONGAMENTO = 12 POR CENTO","M2","CR",209.67]
["MATERIAL",4013,"GEOTEXTIL NAO TECIDO AGULHADO DE FILAMENTOS CONTINUOS 100% POLIESTER, RESITENCIA A TRACAO = 09 KN/M","M2","CR",261.44]
["MATERIAL",4011,"GEOTEXTIL NAO TECIDO AGULHADO DE FILAMENTOS CONTINUOS 100% POLIESTER, RESITENCIA A TRACAO = 10 KN/M","M2","CR",1.48]
["MATERIAL",4021,"GEOTEXTIL NAO TECIDO AGULHADO DE FILAMENTOS CONTINUOS 100% POLIESTER, RESITENCIA A TRACAO = 14 KN/M","M2","CR"]
["MATERIAL",4019,"GEOTEXTIL NAO TECIDO AGULHADO DE FILAMENTOS CONTINUOS 100% POLIESTER, RESITENCIA A TRACAO = 16 KN/M","M2","CR",7.45]
["MATERIAL",4012,"GEOTEXTIL NAO TECIDO AGULHADO DE FILAMENTOS CONTINUOS 100% POLIESTER, RESITENCIA A TRACAO = 21 KN/M","M2","CR",6.39]
["MATERIAL",4020,"GEOTEXTIL NAO TECIDO AGULHADO DE FILAMENTOS CONTINUOS 100% POLIESTER, RESITENCIA A TRACAO = 26 KN/M","M2","CR",38]
["MATERIAL",4018,"GEOTEXTIL NAO TECIDO AGULHADO DE FILAMENTOS CONTINUOS 100% POLIESTER, RESITENCIA A TRACAO = 31 KN/M","M2","CR",7.43]
["EQUIPAMENTO (AQUISIÇÃO)",36498,"GERADOR PORTATIL MONOFASICO, POTENCIA 5500 VA, MOTOR A GASOLINA, POTENCIA DO MOTOR 13 CV","UN","CR",8.3000000000000007]
["MAO DE OBRA",12872,"GESSEIRO (HORISTA)","H","CR",10.35]
["MAO DE OBRA",41075,"GESSEIRO (MENSALISTA)","MES","CR",12.43]
["MATERIAL",44324,"GESSO COLA, EM PO, PARA FIXACAO DE MOLDURAS, SANCAS E BLOCOS DE GESSO","KG","CR",16.66]
["MATERIAL",3315,"GESSO EM PO PARA REVESTIMENTOS/MOLDURAS/SANCAS E USO GERAL","KG","CR",20.86]
["MATERIAL",36870,"GESSO PROJETADO","KG","CR",24.99]
["MATERIAL",5092,"GONZO DE EMBUTIR, EM LATAO / ZAMAC, *20 X 48* MM, PARA JANELA BASCULANTE / PIVOTANTE, JOGO COM 4 PECAS (PAR) - INCLUI PARAFUSOS","PAR","CR",8553.9500000000007]
["MATERIAL",11462,"GONZO DE SOBREPOR, EM LATAO / ZAMAC, PARA JANELA PIVOTANTE - INCLUI PARAFUSOS","PAR","CR",22.45]
["EQUIPAMENTO (AQUISIÇÃO)",36529,"GRADE DE DISCOS COM CONTROLE REMOTO, REBOCAVEL, COM 24 DISCOS 24\" X 6 MM, COM PNEUS PARA TRANSPORTE","UN","CR",3929.54]
["EQUIPAMENTO (AQUISIÇÃO)",3318,"GRADE DE DISCOS MECANICA 20X24\" COM 20 DISCOS 24\" X 6MM COM PNEUS PARA TRANSPORTE","UN","C",2.5299999999999998]
["MATERIAL",3324,"GRAMA BATATAIS EM PLACAS, SEM PLANTIO","M2","CR",0.73]
["MATERIAL",3322,"GRAMA ESMERALDA OU SAO CARLOS OU CURITIBANA, EM PLACAS, SEM PLANTIO","M2","C",0.56000000000000005]
["MATERIAL",5076,"GRAMPO DE ACO POLIDO 1\" X 9","KG","CR",19.48]
["MATERIAL",5077,"GRAMPO DE ACO POLIDO 7/8\" X 9","KG","CR",19.920000000000002]
["MATERIAL",45242,"GRAMPO DE APERTO RAPIDO 18\"","UN","CR"]
["MATERIAL",11837,"GRAMPO LINHA VIVA DE LATAO ESTANHADO, DIAMETRO DO CONDUTOR PRINCIPAL DE 10 A 120 MM2, DIAMETRO DA DERIVACAO DE 10 A 70 MM2","UN","CR"]
["MATERIAL",415,"GRAMPO METALICO TIPO OLHAL PARA HASTE DE ATERRAMENTO DE 1\", CONDUTOR DE *10* A 50 MM2","UN","CR",15.71]
["MATERIAL",38055,"GRAMPO METALICO TIPO OLHAL PARA HASTE DE ATERRAMENTO DE 1/2\", CONDUTOR DE *10* A 50 MM2","UN","CR",22]
["MATERIAL",416,"GRAMPO METALICO TIPO OLHAL PARA HASTE DE ATERRAMENTO DE 3/4\", CONDUTOR DE *10* A 50 MM2","UN","CR",16.809999999999999]
["MATERIAL",425,"GRAMPO METALICO TIPO OLHAL PARA HASTE DE ATERRAMENTO DE 5/8\", CONDUTOR DE *10* A 50 MM2","UN","CR",18.579999999999998]
["MATERIAL",426,"GRAMPO METALICO TIPO U PARA HASTE DE ATERRAMENTO DE ATE 3/4\", CONDUTOR DE 10 A 25 MM2","UN","CR",55.92]
["MATERIAL",38056,"GRAMPO METALICO TIPO U PARA HASTE DE ATERRAMENTO DE ATE 5/8\", CONDUTOR DE 10 A 25 MM2","UN","CR",96.94]
["MATERIAL",1564,"GRAMPO PARALELO METALICO PARA CABO DE 6 A 50 MM2, COM 2 PARAFUSOS","UN","CR",39.75]
["MATERIAL",11032,"GRAMPO U DE 5/8\" N8 EM ACO GALVANIZADO","UN","CR",8.7899999999999991]
["MATERIAL",36786,"GRANALHA DE ACO, ANGULAR (GRIT), PARA JATEAMENTO, PENEIRA 0,117 A 1,00 MM, (SAE G-40 A G-80)","SC25KG","CR",14.55]
["MATERIAL",36785,"GRANALHA DE ACO, ANGULAR (GRIT), PARA JATEAMENTO, PENEIRA 1,41 A 1,19 MM (SAE G16)","SC25KG","CR",9.02]
["MATERIAL",36782,"GRANALHA DE ACO, ESFERICA (SHOT), PARA JATEAMENTO, PENEIRA 0,40 A 1,00 MM (SAE S-170 A S-280)","SC25KG","CR",49.68]
["MATERIAL",44481,"GRANALHA DE ACO, ESFERICA (SHOT), PARA JATEAMENTO, PENEIRA 1,19 A 1,00 MM  (SAE S390)","SC25KG","C",48.52]
["MATERIAL",4824,"GRANILHA/ GRANA/ PEDRISCO OU AGREGADO EM MARMORE/ GRANITO/ QUARTZO E CALCARIO, PRETO, CINZA, PALHA OU BRANCO","KG","CR",18.510000000000002]
["MATERIAL",11795,"GRANITO PARA BANCADA, POLIDO, TIPO ANDORINHA/ QUARTZ/ CASTELO/ CORUMBA OU OUTROS EQUIVALENTES DA REGIAO, E= *2,5* CM","M2","CR",8.3699999999999992]
["MATERIAL",134,"GRAUTE CIMENTICIO PARA USO GERAL","KG","CR"]
["MATERIAL",4229,"GRAXA LUBRIFICANTE A BASE DE LITIO, DE MULTIPLAS APLICACOES E CONTENDO ADITIVOS DE EXTREMA PRESSAO (GRAU DE VISCOSIDADE NLGI 2)","KG","CR"]
["MATERIAL",11731,"GRELHA FIXA, EM PVC BRANCA, QUADRADA, 150 X 150 MM, PARA RALOS E CAIXAS","UN","CR"]
["MATERIAL",11732,"GRELHA FIXA, PVC CROMADA, REDONDA, 150 MM, PARA RALOS E CAIXAS","UN","CR"]
["MATERIAL",11244,"GRELHA FOFO ARTICULADA, CARGA MAXIMA 1,5 T, *300 X 1000* MM, E= *15* MM","UN","CR",0.67]
["MATERIAL",11235,"GRELHA FOFO SIMPLES COM REQUADRO, CARGA MAXIMA 1,5 T, 150 X 1000 MM, E= *15* MM","UN","CR",762.26]
["MATERIAL",11236,"GRELHA FOFO SIMPLES COM REQUADRO, CARGA MAXIMA 1,5 T, 200 X 1000 MM, E= *15* MM","UN","CR",1.76]
["MATERIAL",11245,"GRELHA FOFO SIMPLES COM REQUADRO, CARGA MAXIMA 12,5 T, *300 X 1000* MM, E= *15* MM, AREA ESTACIONAMENTO CARRO PASSEIO","UN","CR",43.12]
["EQUIPAMENTO (AQUISIÇÃO)",36494,"GRUA ASCENCIONAL, LANCA DE 30 M, CAPACIDADE DE 1,0 T A 30 M, ALTURA ATE 39 M","UN","CR",7.51]
["EQUIPAMENTO (AQUISIÇÃO)",36493,"GRUA ASCENCIONAL, LANCA DE 42 M, CAPACIDADE DE 1,5 T A 30 M, ALTURA ATE 39 M","UN","CR",19.690000000000001]
["EQUIPAMENTO (AQUISIÇÃO)",36492,"GRUA ASCENCIONAL, LANCA DE 50 M, CAPACIDADE DE 2,33 T A 30 M, ALTURA ATE 48 M","UN","CR"]
["EQUIPAMENTO (AQUISIÇÃO)",36499,"GRUPO GERADOR A GASOLINA, POTENCIA NOMINAL 2,2 KW, TENSAO DE SAIDA 110/220 V, MOTOR POTENCIA 6,5 HP","UN","CR"]
["EQUIPAMENTO (AQUISIÇÃO)",13533,"GRUPO GERADOR DE SOLDA ELETRICA, COM MAQUINA DE SOLDA, ATE 400 AMPERES E GERADOR A DIESEL 30 CV, MOTOR 4 CILINDROS, TANQUE COMBUST., CARENAGEM DE PROTECAO SOBRE RODAS","UN","CR"]
["EQUIPAMENTO (AQUISIÇÃO)",13333,"GRUPO GERADOR DE SOLDA ELETRICA, COM MAQUINA DE SOLDA, ATE 400 AMPERES E GERADOR A DIESEL 60 CV, MOTOR 4 CILINDROS, TANQUE COMBUST., CARENAGEM DE PROTECAO SOBRE RODAS","UN","CR"]
["EQUIPAMENTO (AQUISIÇÃO)",39585,"GRUPO GERADOR DIESEL, COM CARENAGEM, POTENCIA STANDART ENTRE 100 E 110 KVA, VELOCIDADE DE 1800 RPM, FREQUENCIA DE 60 HZ","UN","CR"]
["EQUIPAMENTO (AQUISIÇÃO)",39586,"GRUPO GERADOR DIESEL, COM CARENAGEM, POTENCIA STANDART ENTRE 140 E 150 KVA, VELOCIDADE DE 1800 RPM, FREQUENCIA DE 60 HZ","UN","CR"]
["EQUIPAMENTO (AQUISIÇÃO)",39587,"GRUPO GERADOR DIESEL, COM CARENAGEM, POTENCIA STANDART ENTRE 210 E 220 KVA, VELOCIDADE DE 1800 RPM, FREQUENCIA DE 60 HZ","UN","CR"]
["EQUIPAMENTO (AQUISIÇÃO)",39588,"GRUPO GERADOR DIESEL, COM CARENAGEM, POTENCIA STANDART ENTRE 250 E 260 KVA, VELOCIDADE DE 1800 RPM, FREQUENCIA DE 60 HZ","UN","CR",4619.13]
["EQUIPAMENTO (AQUISIÇÃO)",39584,"GRUPO GERADOR DIESEL, COM CARENAGEM, POTENCIA STANDART ENTRE 50 E 55 KVA, VELOCIDADE DE 1800 RPM, FREQUENCIA DE 60 HZ","UN","CR",211743.09]
["EQUIPAMENTO (AQUISIÇÃO)",39590,"GRUPO GERADOR DIESEL, SEM CARENAGEM, POTENCIA STANDART ENTRE 100 E 110 KVA, VELOCIDADE DE 1800 RPM, FREQUENCIA DE 60 HZ","UN","CR",236878.53]
["EQUIPAMENTO (AQUISIÇÃO)",39592,"GRUPO GERADOR DIESEL, SEM CARENAGEM, POTENCIA STANDART ENTRE 210 E 220 KVA, VELOCIDADE DE 1800 RPM, FREQUENCIA DE 60 HZ","UN","CR",152952.46]
["EQUIPAMENTO (AQUISIÇÃO)",39593,"GRUPO GERADOR DIESEL, SEM CARENAGEM, POTENCIA STANDART ENTRE 250 E 260 KVA, VELOCIDADE DE 1800 RPM, FREQUENCIA DE 60 HZ","UN","CR",179402.88]
["EQUIPAMENTO (AQUISIÇÃO)",14254,"GRUPO GERADOR DIESEL, SEM CARENAGEM, POTENCIA STANDART ENTRE 80 E 90 KVA, VELOCIDADE DE 1800 RPM, FREQUENCIA DE 60 HZ","UN","C",218503.52]
["EQUIPAMENTO (AQUISIÇÃO)",44494,"GRUPO GERADOR ESTACIONARIO SILENCIADO, POTENCIA 50 KVA, MOTOR  DIESEL","UN","CR",253004.06]
["EQUIPAMENTO (AQUISIÇÃO)",25019,"GRUPO GERADOR ESTACIONARIO, MOTOR DIESEL POTENCIA 170 KVA","UN","CR",136208.19]
["EQUIPAMENTO (AQUISIÇÃO)",36501,"GRUPO GERADOR ESTACIONARIO, POTENCIA 150 KVA, MOTOR DIESEL","UN","CR",132942.14000000001]
["EQUIPAMENTO (AQUISIÇÃO)",44493,"GRUPO GERADOR ESTACIONARIO, SILENCIADO, POTENCIA 180 KVA, MOTOR  DIESEL","UN","CR",191041.07]
["EQUIPAMENTO (AQUISIÇÃO)",36500,"GRUPO GERADOR REBOCAVEL, POTENCIA *66* KVA, MOTOR A DIESEL","UN","CR",218503.52]
["MATERIAL",20017,"GUARNICAO / ALIZAR / VISTA LISA EM MADEIRA MACICA, PARA PORTA, E = *1* CM, L = *5* CM, CEDRINHO / ANGELIM COMERCIAL / TAURI/ CURUPIXA / PEROBA / CUMARU OU EQUIVALENTE DA REGIAO","M","CR",124202]
["MATERIAL",20007,"GUARNICAO / ALIZAR / VISTA LISA EM MADEIRA MACICA, PARA PORTA, E = *1* CM, L = *5* CM, PINUS /EUCALIPTO / VIROLA OU EQUIVALENTE DA REGIAO","M","CR",103718.58]
["MATERIAL",39831,"GUARNICAO / ALIZAR / VISTA, E = *1,5* CM, L = *5,0* CM, EM POLIESTIRENO, BRANCO (JOGO PARA 1 FACE)","JG","CR",177785.23]
["MATERIAL",36888,"GUARNICAO / MOLDURA / ARREMATE DE ACABAMENTO PARA ESQUADRIA, EM ALUMINIO PERFIL 25, ACABAMENTO ANODIZADO BRANCO OU BRILHANTE, PARA 1 FACE","M","CR",158290.13]
["MATERIAL",39836,"GUARNICAO/ALIZAR/VISTA, E = *1,3* CM, L = *5,0* CM HASTE REGULAVEL = *35* MM, EM MDF/PVC WOOD/ POLIESTIRENO OU MADEIRA LAMINADA, PRIMER BRANCO (JOGO PARA 1 FACE)","JG","CR",190295.06]
["MATERIAL",39830,"GUARNICAO/ALIZAR/VISTA, E = *1,3* CM, L = *7,0* CM, EM POLIESTIRENO, BRANCO (JOGO PARA 1 FACE)","JG","CR",111859.31]
["EQUIPAMENTO (AQUISIÇÃO)",36497,"GUINCHO DE ALAVANCA MANUAL, CAPACIDADE 3,2 T COM 20 M DE CABO DE ACO DIAMETRO 16,3 MM","UN","CR",7.27]
["EQUIPAMENTO (AQUISIÇÃO)",40527,"GUINCHO DE ALAVANCA MANUAL, CAPACIDADE DE 1,6 T, COM 20 M DE CABO DE ACO (AQUISICAO)","UN","CR",4.34]
["EQUIPAMENTO (AQUISIÇÃO)",36487,"GUINCHO ELETRICO DE COLUNA, CAPACIDADE 400 KG, COM MOTO FREIO, MOTOR TRIFASICO DE 1,25 CV","UN","CR"]
["EQUIPAMENTO (AQUISIÇÃO)",44475,"GUINDASTE HIDRAULICO AUTOPROPELIDO, COM LANCA TELESCOPICA 28,80 M, CAPACIDADE MAXIMA 30 T, POTENCIA 97 KW, TRACAO  4 X 4","UN","CR",19.28]
["EQUIPAMENTO (AQUISIÇÃO)",44474,"GUINDASTE HIDRAULICO AUTOPROPELIDO, COM LANCA TELESCOPICA 40 M, CAPACIDADE MAXIMA 60 T, POTENCIA 260 KW, TRACAO  6 X 6","UN","CR"]
["EQUIPAMENTO (AQUISIÇÃO)",44490,"GUINDASTE HIDRAULICO AUTOPROPELIDO, COM LANCA TELESCOPICA 50 M, CAPACIDADE MAXIMA 100 T, POTENCIA 350 KW,  TRACAO 10 X 6","UN","CR"]
["EQUIPAMENTO (AQUISIÇÃO)",37776,"GUINDAUTO HIDRAULICO, CAPACIDADE MAXIMA DE CARGA 10000 KG, MOMENTO MAXIMO DE CARGA 23 TM, ALCANCE MAXIMO HORIZONTAL 11,80 M, PARA MONTAGEM SOBRE CHASSI DE CAMINHAO PBT MINIMO 15000 KG (INCLUI MONTAGEM, NAO INCLUI CAMINHAO)","UN","CR",3110.81]
["EQUIPAMENTO (AQUISIÇÃO)",37775,"GUINDAUTO HIDRAULICO, CAPACIDADE MAXIMA DE CARGA 14340 KG, MOMENTO MAXIMO DE CARGA 42,3 TM, ALCANCE MAXIMO HORIZONTAL 16,80 M, PARA MONTAGEM SOBRE CHASSI DE CAMINHAO PBT MINIMO 23000 KG (INCLUI MONTAGEM, NAO INCLUI CAMINHAO)","UN","CR",2724.93]
["EQUIPAMENTO (AQUISIÇÃO)",36491,"GUINDAUTO HIDRAULICO, CAPACIDADE MAXIMA DE CARGA 30000 KG, MOMENTO MAXIMO DE CARGA 92,2 TM, ALCANCE MAXIMO HORIZONTAL 22,00 M, PARA MONTAGEM SOBRE CHASSI DE CAMINHAO PBT MINIMO 30000 KG (INCLUI MONTAGEM, NAO INCLUI CAMINHAO)","UN","CR",5416.39]
["EQUIPAMENTO (AQUISIÇÃO)",10712,"GUINDAUTO HIDRAULICO, CAPACIDADE MAXIMA DE CARGA 3300 KG, MOMENTO MAXIMO DE CARGA 5,8 TM, ALCANCE MAXIMO HORIZONTAL 7,60 M, PARA MONTAGEM SOBRE CHASSI DE CAMINHAO PBT MINIMO 8000 KG (INCLUI MONTAGEM, NAO INCLUI CAMINHAO)","UN","CR"]
["EQUIPAMENTO (AQUISIÇÃO)",3363,"GUINDAUTO HIDRAULICO, CAPACIDADE MAXIMA DE CARGA 6200 KG, MOMENTO MAXIMO DE CARGA 11,7 TM, ALCANCE MAXIMO HORIZONTAL 9,70 M, PARA MONTAGEM SOBRE CHASSI DE CAMINHAO PBT MINIMO 13000 KG (INCLUI MONTAGEM, NAO INCLUI CAMINHAO)","UN","C"]
["EQUIPAMENTO (AQUISIÇÃO)",3365,"GUINDAUTO HIDRAULICO, CAPACIDADE MAXIMA DE CARGA 8500 KG, MOMENTO MAXIMO DE CARGA 30,4 TM, ALCANCE MAXIMO HORIZONTAL 14,30 M, PARA MONTAGEM SOBRE CHASSI DE CAMINHAO PBT MINIMO 23000 KG (INCLUI MONTAGEM, NAO INCLUI CAMINHAO)","UN","CR"]
["MATERIAL",7569,"HASTE ANCORA EM ACO GALVANIZADO, DIMENSOES 16 MM X 2000 MM","UN","CR"]
["MATERIAL",3378,"HASTE DE ATERRAMENTO EM ACO COM 3,00 M DE COMPRIMENTO E DN = 3/4\", REVESTIDA COM BAIXA CAMADA DE COBRE, SEM CONECTOR","UN","CR"]
["MATERIAL",3380,"HASTE DE ATERRAMENTO EM ACO COM 3,00 M DE COMPRIMENTO E DN = 5/8\", REVESTIDA COM BAIXA CAMADA DE COBRE, COM CONECTOR TIPO GRAMPO","UN","C"]
["MATERIAL",3379,"HASTE DE ATERRAMENTO EM ACO COM 3,00 M DE COMPRIMENTO E DN = 5/8\", REVESTIDA COM BAIXA CAMADA DE COBRE, SEM CONECTOR","UN","CR"]
["MATERIAL",11991,"HASTE DE ATERRAMENTO EM ACO GALVANIZADO TIPO CANTONEIRA COM 2,00 M DE COMPRIMENTO, 25 X 25 MM E CHAPA DE 3/16\"","UN","CR"]
["EQUIPAMENTO (AQUISIÇÃO)",44305,"HASTE PARA PERFURATRIZ DE ESTEIRA T38, D= 1 1/2\" X *3 M*, PARA PROLONGAR BROCA","UN","CR"]
["MATERIAL",34349,"HASTE RETA DE ACO GALVANIZADO, H = *30* CM, BASE RETANGULAR, PARA FIXACAO DE CONCERTINA SIMPLES DE 30 CM (NAO INCLUI OS FIXADORES)","UN","CR"]
["MATERIAL",11029,"HASTE RETA PARA GANCHO DE FERRO GALVANIZADO, COM ROSCA 1/4\" X 30 CM PARA FIXACAO DE TELHA METALICA, INCLUI PORCA E ARRUELAS DE VEDACAO","CJ","CR",140.71]
["MATERIAL",4316,"HASTE RETA PARA GANCHO DE FERRO GALVANIZADO, COM ROSCA 1/4\" X 40 CM PARA FIXACAO DE TELHA DE FIBROCIMENTO, INCLUI PORCA SEXTAVADA DE ZINCO","UN","CR",98.5]
["MATERIAL",4313,"HASTE RETA PARA GANCHO DE FERRO GALVANIZADO, COM ROSCA 5/16\" X 35 CM PARA FIXACAO DE TELHA DE FIBROCIMENTO, INCLUI PORCA E ARRUELAS DE VEDACAO","CJ","CR",95.1]
["MATERIAL",4317,"HASTE RETA PARA GANCHO DE FERRO GALVANIZADO, COM ROSCA 5/16\" X 40 CM PARA FIXACAO DE TELHA DE FIBROCIMENTO, INCLUI PORCA SEXTAVADA DE ZINCO","UN","CR",110.42]
["MATERIAL",4314,"HASTE RETA PARA GANCHO DE FERRO GALVANIZADO, COM ROSCA 5/16\" X 45 CM PARA FIXACAO DE TELHA DE FIBROCIMENTO, INCLUI PORCA E ARRUELAS DE VEDACAO","CJ","CR",1866.42]
["MATERIAL",10921,"HIDRANTE DE COLUNA COMPLETO, EM FERRO FUNDIDO, DN = 100 MM, COM REGISTRO, CUNHA DE BORRACHA, CURVA DESSIMETRICA, EXTREMIDADE E TAMPAS (INCLUI KIT FIXACAO)","UN","C",21.59]
["MATERIAL",10922,"HIDRANTE DE COLUNA COMPLETO, EM FERRO FUNDIDO, DN = 75 MM, COM REGISTRO, CUNHA DE BORRACHA, CURVA DESSIMETRICA, EXTREMIDADE E TAMPAS (INCLUI KIT FIXACAO)","UN","CR",1.28]
["MATERIAL",10923,"HIDRANTE SUBTERRANEO, EM FERRO FUNDIDO, COM CURVA CURTA E CAIXA, DN 75 MM","UN","CR",1.29]
["MATERIAL",10924,"HIDRANTE SUBTERRANEO, EM FERRO FUNDIDO, COM CURVA LONGA E CAIXA, DN 75 MM","UN","CR",1.86]
["EQUIPAMENTO (AQUISIÇÃO)",37772,"HIDROJATEADORA PARA DESOBSTRUCAO DE REDES E GALERIAS, TANQUE 7000 L, BOMBA TRIPLEX 120 KGF/CM2 128 L/MIN (INCLUI MONTAGEM, NAO INCLUI CAMINHAO)","UN","CR",2.12]
["EQUIPAMENTO (AQUISIÇÃO)",37771,"HIDROJATEADORA PARA DESOBSTRUCAO DE REDES E GALERIAS, TANQUE 7000 L, BOMBA TRIPLEX 140 KGF/CM2 260 L/MIN ALIMENTADA POR MOTOR INDEPENDENTE A DIESEL POTENCIA 125 CV (INCLUI MONTAGEM, NAO INCLUI CAMINHAO)","UN","CR",2.48]
["MATERIAL",12772,"HIDROMETRO MULTIJATO / MEDIDOR DE AGUA, DN 1 1/2\", VAZAO MAXIMA DE 20 M3/H, PARA AGUA POTAVEL FRIA, RELOJOARIA PLANA, CLASSE B, HORIZONTAL (SEM CONEXOES)","UN","CR"]
["MATERIAL",12770,"HIDROMETRO MULTIJATO / MEDIDOR DE AGUA, DN 1\", VAZAO MAXIMA DE 10 M3/H, PARA AGUA POTAVEL FRIA, RELOJOARIA PLANA, CLASSE B, HORIZONTAL (SEM CONEXOES)","UN","CR"]
["MATERIAL",12775,"HIDROMETRO MULTIJATO / MEDIDOR DE AGUA, DN 1\", VAZAO MAXIMA DE 7 M3/H, PARA AGUA POTAVEL FRIA, RELOJOARIA PLANA, CLASSE B, HORIZONTAL (SEM CONEXOES)","UN","CR"]
["MATERIAL",12768,"HIDROMETRO MULTIJATO / MEDIDOR DE AGUA, DN 2\", VAZAO MAXIMA DE 30 M3/H, PARA AGUA POTAVEL FRIA, RELOJOARIA PLANA, CLASSE B, HORIZONTAL (SEM CONEXOES)","UN","CR"]
["MATERIAL",12769,"HIDROMETRO UNIJATO / MEDIDOR DE AGUA, DN 1/2\", VAZAO MAXIMA DE 1,5 M3/H, PARA AGUA POTAVEL FRIA, RELOJOARIA PLANA, CLASSE B, HORIZONTAL (SEM CONEXOES)","UN","C"]
["MATERIAL",12773,"HIDROMETRO UNIJATO / MEDIDOR DE AGUA, DN 1/2\", VAZAO MAXIMA DE 3 M3/H, PARA AGUA POTAVEL FRIA, RELOJOARIA PLANA, CLASSE B, HORIZONTAL (SEM CONEXOES)","UN","CR"]
["MATERIAL",12774,"HIDROMETRO UNIJATO / MEDIDOR DE AGUA, DN 3/4\", VAZAO MAXIMA DE 5 M3/H, PARA AGUA POTAVEL FRIA, RELOJOARIA PLANA, CLASSE B, HORIZONTAL (SEM CONEXOES)0,","UN","CR"]
["MATERIAL",12776,"HIDROMETRO WOLTMANN, DN 2\", VAZAO MAXIMA DE 50 M3/H, PARA AGUA POTAVEL FRIA, RELOJOARIA PLANA, TURBINA HORIZONTAL, EQUIPADO COM TELEMETRIA (SEM CONEXOES)","UN","CR"]
["MATERIAL",12777,"HIDROMETRO WOLTMANN, DN 3\", VAZAO MAXIMA DE 80 M3/H, PARA AGUA POTAVEL FRIA, RELOJOARIA PLANA, TURBINA HORIZONTAL, EQUIPADO COM TELEMETRIA (SEM CONEXOES)","UN","CR"]
["MAO DE OBRA",12873,"IMPERMEABILIZADOR (HORISTA)","H","CR"]
["MAO DE OBRA",41076,"IMPERMEABILIZADOR (MENSALISTA)","MES","CR"]
["MATERIAL",140,"IMPERMEABILIZANTE FLEXIVEL BRANCO DE BASE ACRILICA PARA COBERTURAS","KG","CR"]
["MATERIAL",151,"IMPERMEABILIZANTE INCOLOR, BASE SILICONE, PARA TRATAMENTO DE FACHADAS, TELHAS, PEDRAS E OUTRAS SUPERFICIES","L","CR"]
["MATERIAL",7340,"IMUNIZANTE PARA MADEIRA, INCOLOR","L","CR"]
["MAO DE OBRA",40929,"INSTALADOR DE TUBULACOES (TUBOS/EQUIPAMENTOS) (MENSALISTA)","MES","CR"]
["MAO DE OBRA",2701,"INSTALADOR DE TUBULACOES - TUBOS/EQUIPAMENTOS (HORISTA)","H","CR",22.45]
["MATERIAL",38064,"INTERRUPTOR BIPOLAR 10A, 250V, CONJUNTO MONTADO PARA EMBUTIR 4\" X 2\" (PLACA + SUPORTE + MODULO)","UN","CR",3929.54]
["MATERIAL",38114,"INTERRUPTOR BIPOLAR SIMPLES 10 A, 250 V (APENAS MODULO)","UN","CR",19.66]
["MATERIAL",38115,"INTERRUPTOR INTERMEDIARIO 10 A, 250 V (APENAS MODULO)","UN","CR",29.02]
["MATERIAL",38065,"INTERRUPTOR INTERMEDIARIO 10A, 250V, CONJUNTO MONTADO PARA EMBUTIR 4\" X 2\" (PLACA + SUPORTE + MODULO)","UN","CR",31.46]
["MATERIAL",38078,"INTERRUPTOR PARALELO + TOMADA 2P+T 10A, 250V, CONJUNTO MONTADO PARA EMBUTIR 4\" X 2\" (PLACA + SUPORTE + MODULOS)","UN","CR",3373.63]
["MATERIAL",38113,"INTERRUPTOR PARALELO 10A, 250V (APENAS MODULO)","UN","CR",19.260000000000002]
["MATERIAL",38063,"INTERRUPTOR PARALELO 10A, 250V, CONJUNTO MONTADO PARA EMBUTIR 4\" X 2\" (PLACA + SUPORTE + MODULO)","UN","CR",19.28]
["MATERIAL",38073,"INTERRUPTOR SIMPLES + 2 INTERRUPTORES PARALELOS 10A, 250V, CONJUNTO MONTADO PARA EMBUTIR 4\" X 2\" (PLACA + SUPORTE + MODULOS)","UN","CR",17.239999999999998]
["MATERIAL",38080,"INTERRUPTOR SIMPLES + INTERRUPTOR PARALELO + TOMADA 2P+T 10A, 250V, CONJUNTO MONTADO PARA EMBUTIR 4\" X 2\" (PLACA + SUPORTE + MODULOS)","UN","CR",18.41]
["MATERIAL",38069,"INTERRUPTOR SIMPLES + INTERRUPTOR PARALELO 10A, 250V, CONJUNTO MONTADO PARA EMBUTIR 4\" X 2\" (PLACA + SUPORTE + MODULOS)","UN","CR",27.35]
["MATERIAL",38077,"INTERRUPTOR SIMPLES + TOMADA 2P+T 10A, 250V, CONJUNTO MONTADO PARA EMBUTIR 4\" X 2\" (PLACA + SUPORTE + MODULOS)","UN","CR",15.96]
["MATERIAL",38112,"INTERRUPTOR SIMPLES 10A, 250V (APENAS MODULO)","UN","CR",8.67]
["MATERIAL",38062,"INTERRUPTOR SIMPLES 10A, 250V, CONJUNTO MONTADO PARA EMBUTIR 4\" X 2\" (PLACA + SUPORTE + MODULO)","UN","CR",9.3000000000000007]
["MATERIAL",12129,"INTERRUPTOR SIMPLES 10A, 250V, CONJUNTO MONTADO PARA SOBREPOR 4\" X 2\" (CAIXA + 2 MODULOS)","UN","CR",22.57]
["MATERIAL",12128,"INTERRUPTOR SIMPLES 10A, 250V, CONJUNTO MONTADO PARA SOBREPOR 4\" X 2\" (CAIXA + MODULO)","UN","CR",27.71]
["MATERIAL",38081,"INTERRUPTORES PARALELOS (2 MODULOS) + TOMADA 2P+T 10A, 250V, CONJUNTO MONTADO PARA EMBUTIR 4\" X 2\" (PLACA + SUPORTE + MODULOS)","UN","CR",15.16]
["MATERIAL",38070,"INTERRUPTORES PARALELOS (2 MODULOS) 10A, 250V, CONJUNTO MONTADO PARA EMBUTIR 4\" X 2\" (PLACA + SUPORTE + MODULOS)","UN","CR",14.81]
["MATERIAL",38074,"INTERRUPTORES PARALELOS (3 MODULOS) 10A, 250V, CONJUNTO MONTADO PARA EMBUTIR 4\" X 2\" (PLACA + SUPORTE + MODULO)","UN","CR",6.65]
["MATERIAL",38072,"INTERRUPTORES SIMPLES (2 MODULOS) + 1 INTERRUPTOR PARALELO 10A, 250V, CONJUNTO MONTADO PARA EMBUTIR 4\" X 2\" (PLACA + SUPORTE + MODULOS)","UN","CR",6.83]
["MATERIAL",38079,"INTERRUPTORES SIMPLES (2 MODULOS) + TOMADA 2P+T 10A, 250V, CONJUNTO MONTADO PARA EMBUTIR 4\" X 2\" (PLACA + SUPORTE + MODULOS)","UN","CR",12.07]
["MATERIAL",38068,"INTERRUPTORES SIMPLES (2 MODULOS) 10A, 250V, CONJUNTO MONTADO PARA EMBUTIR 4\" X 2\" (PLACA + SUPORTE + MODULOS)","UN","CR",9.1300000000000008]
["MATERIAL",38071,"INTERRUPTORES SIMPLES (3 MODULOS) 10A, 250V, CONJUNTO MONTADO PARA EMBUTIR 4\" X 2\" (PLACA + SUPORTE + MODULOS)","UN","CR",23.51]
["EQUIPAMENTO (AQUISIÇÃO)",38412,"INVERSOR DE SOLDA MONOFASICO DE 160 A, POTENCIA DE 5400 W, TENSAO DE 220 V, TURBO VENTILADO, PROTECAO POR FUSIVEL TERMICO, PARA ELETRODOS DE 2,0 A 4,0 MM","UN","C",16.2]
["MATERIAL",3405,"ISOLADOR DE PORCELANA SUSPENSO, DISCO TIPO GARFO OLHAL, DIAMETRO DE 152 MM, PARA TENSAO DE *15* KV","UN","CR",24.63]
["MATERIAL",3394,"ISOLADOR DE PORCELANA, TIPO BUCHA, PARA TENSAO DE *15* KV","UN","CR",20.309999999999999]
["MATERIAL",3393,"ISOLADOR DE PORCELANA, TIPO BUCHA, PARA TENSAO DE *35* KV","UN","CR",21.14]
["MATERIAL",3406,"ISOLADOR DE PORCELANA, TIPO PINO MONOCORPO, PARA TENSAO DE *15* KV","UN","C",14.02]
["MATERIAL",3395,"ISOLADOR DE PORCELANA, TIPO PINO MONOCORPO, PARA TENSAO DE *35* KV","UN","CR",16.77]
["MATERIAL",3398,"ISOLADOR DE PORCELANA, TIPO ROLDANA, DIMENSOES DE *72* X *72* MM, PARA USO EM BAIXA TENSAO","UN","CR",825.95]
["MATERIAL",40662,"JANELA BASCULANTE EM MADEIRA PINUS/ EUCALIPTO/ TAUARI/ VIROLA OU EQUIVALENTE DA REGIAO, *60 X 60*, CAIXA DO BATENTE/ MARCO E = *10* CM, 2 BASCULAS PARA VIDRO, COM FERRAGENS (SEM VIDRO, SEM GUARNICAO/ALIZAR E SEM ACABAMENTO)","UN","CR",825.95]
["MATERIAL",3437,"JANELA BASCULANTE EM MADEIRA PINUS/ EUCALIPTO/ TAUARI/ VIROLA OU EQUIVALENTE DA REGIAO, CAIXA DO BATENTE/ MARCO *10* CM, *2* FOLHAS BASCULANTES PARA VIDRO, COM FERRAGENS (SEM VIDRO, SEM GUARNICAO/ALIZAR E SEM ACABAMENTO)","M2","CR",2069.69]
["MATERIAL",11190,"JANELA BASCULANTE, ACO, COM BATENTE/REQUADRO, 60 X 60 CM (SEM VIDROS)","UN","C"]
["MATERIAL",34377,"JANELA BASCULANTE, EM ALUMINIO PERFIL 20, 80 X 60 CM (A X L), 4 FLS (1 FIXA E 3 MOVEIS), ACABAMENTO BRANCO OU BRILHANTE, BATENTE DE 3 A 4 CM, COM VIDRO 4 MM, SEM GUARNICAO","UN","CR"]
["MATERIAL",40659,"JANELA DE 6 FOLHAS DE CORRER EM MADEIRA CEDRINHO/ ANGELIM COMERCIAL/ CURUPIXA/ CUMARU OU EQUIVALENTE DA REGIAO, CAIXA DO BATENTE/MARCO *10* CM, 2 FOLHAS DE CORRER VENEZIANA, 2 FOLHAS FIXAS VENEZIANA E 2 FOLHAS DE CORRER PARA VIDRO, COM FERRAGENS (SEM VIDRO, SEM ACABAMENTO E SEM GUARNICAO/ALIZAR)","M2","CR"]
["MATERIAL",40660,"JANELA DE 6 FOLHAS DE CORRER EM MADEIRA IMBUIA/CEDRO ARANA/CEDRO ROSA OU EQUIVALENTE DA REGIAO, CAIXA DO BATENTE/MARCO *10* CM, 2 FOLHAS DE CORRER VENEZIANA, 2 FOLHAS FIXAS VENEZIANA E 2 FOLHAS DE CORRER PARA VIDRO, COM FERRAGENS (SEM VIDRO, SEM ACABAMENTO E SEM GUARNICAO/ALIZAR)","M2","CR"]
["MATERIAL",40661,"JANELA DE 6 FOLHAS DE CORRER EM MADEIRA PINUS/ EUCALIPTO/ TAUARI/ VIROLA OU EQUIVALENTE DA REGIAO, CAIXA DO BATENTE/MARCO *10* CM, 2 FOLHAS DE CORRER VENEZIANA, 2 FOLHAS FIXAS VENEZIANA E 2 FOLHAS DE CORRER PARA VIDRO, COM FERRAGENS (SEM VIDRO, SEM ACABAMENTO E SEM GUARNICAO/ALIZAR)","M2","CR"]
["MATERIAL",3428,"JANELA DE ABRIR EM MADEIRA IMBUIA/CEDRO ARANA/CEDRO ROSA OU EQUIVALENTE DA REGIAO, CAIXA DO BATENTE/MARCO *10* CM, 2 FOLHAS DE ABRIR TIPO VENEZIANA E 2 FOLHAS DE ABRIR PARA VIDRO, COM GUARNICAO/ALIZAR, COM FERRAGENS, (SEM VIDRO E SEM ACABAMENTO)","M2","C"]
["MATERIAL",3429,"JANELA DE ABRIR EM MADEIRA PINUS/EUCALIPTO/TAUARI/VIROLA OU EQUIVALENTE DA REGIAO, CAIXA DO BATENTE/MARCO *10* CM, 2 FOLHAS DE ABRIR TIPO VENEZIANA E 2 FOLHAS GUILHOTINA PARA VIDRO, COM FERRAGENS (SEM VIDRO, SEM GUARNICAO/ALIZAR E SEM ACABAMENTO)","M2","CR"]
["MATERIAL",11199,"JANELA DE CORRER, ACO, BATENTE/REQUADRO DE 6 A 14 CM, COM DIVISAO HORIZ, PINT ANTICORROSIVA, SEM VIDRO, BANDEIRA COM BASCULA, 4 FLS, 120 X 150 CM (A X L)","UN","CR"]
["MATERIAL",36896,"JANELA DE CORRER, EM ALUMINIO PERFIL 25, 100 X 120 CM (A X L), 2 FLS MOVEIS, SEM BANDEIRA, ACABAMENTO BRANCO OU BRILHANTE, BATENTE DE 6 A 7 CM, COM VIDRO 4 MM, SEM GUARNICAO","UN","C"]
["MATERIAL",34367,"JANELA DE CORRER, EM ALUMINIO PERFIL 25, 100 X 150 CM (A X L), 2 FLS MOVEIS, SEM BANDEIRA, ACABAMENTO BRANCO OU BRILHANTE, BATENTE DE 6 A 7 CM, COM VIDRO 4 MM, SEM GUARNICAO","UN","CR",135.79]
["MATERIAL",36897,"JANELA DE CORRER, EM ALUMINIO PERFIL 25, 100 X 150 CM (A X L), 4 FLS MOVEIS, SEM BANDEIRA, ACABAMENTO BRANCO OU BRILHANTE, BATENTE DE 6 A 7 CM, COM VIDRO 4 MM, SEM GUARNICAO/ALIZAR","UN","CR"]
["MATERIAL",34369,"JANELA DE CORRER, EM ALUMINIO PERFIL 25, 100 X 200 CM (A X L), 4 FLS, SEM BANDEIRA, ACABAMENTO BRANCO OU BRILHANTE, BATENTE DE 6 A 7 CM, COM VIDRO 4 MM, SEM GUARNICAO/ALIZAR","UN","CR"]
["MATERIAL",34364,"JANELA DE CORRER, EM ALUMINIO PERFIL 25, 120 X 150 CM (A X L), 4 FLS, BANDEIRA COM BASCULA, ACABAMENTO BRANCO OU BRILHANTE, BATENTE/REQUADRO DE 6 A 14 CM, COM VIDRO 4 MM, SEM GUARNICAO/ALIZAR","UN","CR"]
["MATERIAL",3421,"JANELA EM MADEIRA CEDRINHO/ ANGELIM COMERCIAL/ CURUPIXA/ CUMARU OU EQUIVALENTE DA REGIAO, CAIXA DO BATENTE/MARCO *10* CM, 2 FOLHAS DE ABRIR TIPO VENEZIANA E 2 FOLHAS GUILHOTINA PARA VIDRO, COM GUARNICAO/ALIZAR, COM FERRAGENS (SEM VIDRO E SEM ACABAMENTO)","M2","CR"]
["MATERIAL",599,"JANELA FIXA, EM ALUMINIO PERFIL 20, 60 X 80 CM (A X L), BATENTE/REQUADRO DE 3 A 14 CM, COM VIDRO 4 MM, SEM GUARNICAO/ALIZAR, ACABAMENTO ALUM BRANCO OU BRILHANTE","M2","CR"]
["MATERIAL",44053,"JANELA INTEGRADA VENEZIANA EM ALUMINIO PERFIL 25, 120 X 120 CM (A X L), 2 FLS (2 VIDROS) E VENEZIANA COM ACIONAMENTO MANUAL, SEM BANDEIRA, ACABAMENTO BRILHANTE, BATENTE DE 11,50 A 12,50 CM, COM VIDRO 4 MM, INCLUSO GUARNICAO","UN","CR"]
["MATERIAL",3423,"JANELA MAXIM-AR EM MADEIRA CEDRINHO/ ANGELIM COMERCIAL/ CURUPIXA/ CUMARU OU EQUIVALENTE DA REGIAO, CAIXA DO BATENTE/MARCO *10* CM, 1 FOLHA PARA VIDRO, COM GUARNICAO/ALIZAR, COM FERRAGENS, (SEM VIDRO E SEM ACABAMENTO)","M2","CR",263]
["MATERIAL",34797,"JANELA MAXIM-AR, ACO GALVANIZADO PINT. ANTICORROSIVA, COM BATENTE/REQUADRO DE 6 A 14 CM, SEM VIDRO, COM GRADE, 1 FL, 60 X 80 CM (A X L)","UN","CR",338.96]
["MATERIAL",34381,"JANELA MAXIM-AR, EM ALUMINIO PERFIL 25, 60 X 80 CM (A X L), ACABAMENTO BRANCO OU BRILHANTE, BATENTE DE 4 A 5 CM, COM VIDRO 4 MM, SEM GUARNICAO/ALIZAR","UN","CR",410.4]
["MATERIAL",44054,"JANELA VENEZIANA DE CORRER, EM ALUMINIO PERFIL 25, 100 X 120 CM (A X L), 3 FLS (2 VENEZIANAS E 1 VIDRO), SEM BANDEIRA, ACABAMENTO BRANCO OU BRILHANTE, BATENTE DE 8 A 9 CM, COM VIDRO 4 MM, SEM GUARNICAO/ALIZAR","UN","CR",472.3]
["MATERIAL",44399,"JANELA VENEZIANA DE CORRER, EM ALUMINIO PERFIL 25, 100 X 150 CM (A X L), 6 FLS (4 VENEZIANAS E 2 VIDROS), SEM BANDEIRA, ACABAMENTO BRANCO OU BRILHANTE, BATENTE DE 8 A 9 CM, COM VIDRO 4 MM, SEM GUARNICAO / ALIZAR","UN","CR",445.56]
["MAO DE OBRA",44503,"JARDINEIRO (HORISTA)","H","CR"]
["MAO DE OBRA",41077,"JARDINEIRO (MENSALISTA)","MES","CR",479.65]
["MATERIAL",37963,"JOELHO CPVC, SOLDAVEL, 45 GRAUS, 15 MM, PARA AGUA QUENTE","UN","CR",1064.6099999999999]
["MATERIAL",37964,"JOELHO CPVC, SOLDAVEL, 45 GRAUS, 22 MM, PARA AGUA QUENTE","UN","CR"]
["MATERIAL",37965,"JOELHO CPVC, SOLDAVEL, 45 GRAUS, 28 MM, PARA AGUA QUENTE","UN","CR"]
["MATERIAL",37966,"JOELHO CPVC, SOLDAVEL, 45 GRAUS, 35 MM, PARA AGUA QUENTE","UN","CR",193.67]
["MATERIAL",37967,"JOELHO CPVC, SOLDAVEL, 45 GRAUS, 42 MM, PARA AGUA QUENTE","UN","CR",381.91]
["MATERIAL",37968,"JOELHO CPVC, SOLDAVEL, 45 GRAUS, 54 MM, PARA AGUA QUENTE","UN","CR",521.82000000000005]
["MATERIAL",37969,"JOELHO CPVC, SOLDAVEL, 45 GRAUS, 73 MM, PARA AGUA QUENTE","UN","CR",18.09]
["MATERIAL",37970,"JOELHO CPVC, SOLDAVEL, 45 GRAUS, 89 MM, PARA AGUA QUENTE","UN","CR",3169.54]
["MATERIAL",44251,"JOELHO CPVC, SOLDAVEL, 90 GRAUS, 114 MM, PARA AGUA QUENTE","UN","CR",4.4800000000000004]
["MATERIAL",21118,"JOELHO CPVC, SOLDAVEL, 90 GRAUS, 15 MM, PARA AGUA QUENTE","UN","CR",5.99]
["MATERIAL",37956,"JOELHO CPVC, SOLDAVEL, 90 GRAUS, 22 MM, PARA AGUA QUENTE","UN","CR",8.64]
["MATERIAL",37957,"JOELHO CPVC, SOLDAVEL, 90 GRAUS, 28 MM, PARA AGUA QUENTE","UN","CR",15.18]
["MATERIAL",37958,"JOELHO CPVC, SOLDAVEL, 90 GRAUS, 35 MM, PARA AGUA QUENTE","UN","CR",25.51]
["MATERIAL",37959,"JOELHO CPVC, SOLDAVEL, 90 GRAUS, 42 MM, PARA AGUA QUENTE","UN","CR",54.16]
["MATERIAL",37960,"JOELHO CPVC, SOLDAVEL, 90 GRAUS, 54 MM, PARA AGUA QUENTE","UN","CR",136.86000000000001]
["MATERIAL",37961,"JOELHO CPVC, SOLDAVEL, 90 GRAUS, 73 MM, PARA AGUA QUENTE","UN","CR",198]
["MATERIAL",37962,"JOELHO CPVC, SOLDAVEL, 90 GRAUS, 89 MM, PARA AGUA QUENTE","UN","CR",228.71]
["MATERIAL",3533,"JOELHO DE REDUCAO, PVC SOLDAVEL, 90 GRAUS, 25 MM X 20 MM, COR MARROM, PARA AGUA FRIA PREDIAL","UN","CR",3.56]
["MATERIAL",3538,"JOELHO DE REDUCAO, PVC SOLDAVEL, 90 GRAUS, 32 MM X 25 MM, COR MARROM, PARA AGUA FRIA PREDIAL","UN","CR",4.38]
["MATERIAL",3498,"JOELHO DE REDUCAO, PVC, ROSCAVEL, 90 GRAUS, 1\" X 3/4\", COR BRANCA, PARA AGUA FRIA PREDIAL","UN","CR",9.31]
["MATERIAL",3496,"JOELHO DE REDUCAO, PVC, ROSCAVEL, 90 GRAUS, 3/4\" X 1/2\", COR BRANCA, PARA AGUA FRIA PREDIAL","UN","CR",16.829999999999998]
["MATERIAL",38429,"JOELHO DE TRANSICAO, CPVC, SOLDAVEL, 90 GRAUS, 15 MM X 1/2\", PARA AGUA QUENTE","UN","CR",25.92]
["MATERIAL",38431,"JOELHO DE TRANSICAO, CPVC, SOLDAVEL, 90 GRAUS, 22 MM X 1/2\", PARA AGUA QUENTE","UN","CR",66.22]
["MATERIAL",38430,"JOELHO DE TRANSICAO, CPVC, SOLDAVEL, 90 GRAUS, 22 MM X 3/4\", PARA AGUA QUENTE","UN","CR",142.31]
["MATERIAL",36348,"JOELHO PPR 45 GRAUS, SOLDAVEL, F/F, DN 20 MM, PARA AGUA QUENTE PREDIAL","UN","CR",164.07]
["MATERIAL",36349,"JOELHO PPR 45 GRAUS, SOLDAVEL, F/F, DN 25 MM, PARA AGUA QUENTE PREDIAL","UN","CR",2.69]
["MATERIAL",38987,"JOELHO PPR 45 GRAUS, SOLDAVEL, F/F, DN 40 MM, PARA AQUA QUENTE E FRIA PREDIAL","UN","CR",5.0999999999999996]
["MATERIAL",38988,"JOELHO PPR 45 GRAUS, SOLDAVEL, F/F, DN 50 MM, PARA AQUA QUENTE E FRIA PREDIAL","UN","CR",4.9400000000000004]
["MATERIAL",38989,"JOELHO PPR 45 GRAUS, SOLDAVEL, F/F, DN 63 MM, PARA AQUA QUENTE E FRIA PREDIAL","UN","CR",3.31]
["MATERIAL",38990,"JOELHO PPR 45 GRAUS, SOLDAVEL, F/F, DN 75 MM, PARA AQUA QUENTE E FRIA PREDIAL","UN","CR",12.12]
["MATERIAL",38991,"JOELHO PPR 45 GRAUS, SOLDAVEL, F/F, DN 90 MM, PARA AQUA QUENTE E FRIA PREDIAL","UN","CR",15.2]
["MATERIAL",38433,"JOELHO PPR, 45 GRAUS, SOLDAVEL, F/F, DN 32 MM, PARA AGUA QUENTE PREDIAL","UN","CR",23.57]
["MATERIAL",38440,"JOELHO PPR, 90 GRAUS, SOLDAVEL, F/F, DN 110 MM, PARA AGUA QUENTE PREDIAL","UN","CR"]
["MATERIAL",36359,"JOELHO PPR, 90 GRAUS, SOLDAVEL, F/F, DN 20 MM, PARA AGUA QUENTE PREDIAL","UN","CR"]
["MATERIAL",36360,"JOELHO PPR, 90 GRAUS, SOLDAVEL, F/F, DN 25 MM, PARA AGUA QUENTE PREDIAL","UN","CR"]
["MATERIAL",38434,"JOELHO PPR, 90 GRAUS, SOLDAVEL, F/F, DN 32 MM, PARA AGUA QUENTE PREDIAL","UN","CR"]
["MATERIAL",38435,"JOELHO PPR, 90 GRAUS, SOLDAVEL, F/F, DN 40 MM, PARA AGUA QUENTE PREDIAL","UN","CR"]
["MATERIAL",38436,"JOELHO PPR, 90 GRAUS, SOLDAVEL, F/F, DN 50 MM, PARA AGUA QUENTE PREDIAL","UN","CR"]
["MATERIAL",38437,"JOELHO PPR, 90 GRAUS, SOLDAVEL, F/F, DN 63 MM, PARA AGUA QUENTE PREDIAL","UN","CR"]
["MATERIAL",38438,"JOELHO PPR, 90 GRAUS, SOLDAVEL, F/F, DN 75 MM, PARA AGUA QUENTE PREDIAL","UN","CR"]
["MATERIAL",38439,"JOELHO PPR, 90 GRAUS, SOLDAVEL, F/F, DN 90 MM, PARA AGUA QUENTE PREDIAL","UN","CR"]
["MATERIAL",10836,"JOELHO PVC COM VISITA, 90 GRAUS, DN 100 X 50 MM, SERIE NORMAL, PARA ESGOTO PREDIAL","UN","CR"]
["MATERIAL",3510,"JOELHO PVC, 90 GRAUS, ROSCAVEL, 1 1/4\", COR BRANCA, AGUA FRIA PREDIAL","UN","CR"]
["MATERIAL",10835,"JOELHO PVC, COM BOLSA E ANEL, 90 GRAUS, DN 40 X *38* MM, SERIE NORMAL, PARA ESGOTO PREDIAL","UN","CR"]
["MATERIAL",3485,"JOELHO PVC, ROSCAVEL, 45 GRAUS, 1\", COR BRANCA, PARA AGUA FRIA PREDIAL","UN","CR"]
["MATERIAL",3475,"JOELHO PVC, ROSCAVEL, 45 GRAUS, 1/2\", COR BRANCA, PARA AGUA FRIA PREDIAL","UN","CR"]
["MATERIAL",3534,"JOELHO PVC, ROSCAVEL, 45 GRAUS, 3/4\", COR BRANCA, PARA AGUA FRIA PREDIAL","UN","CR"]
["MATERIAL",3482,"JOELHO PVC, ROSCAVEL, 90 GRAUS, 1\", COR BRANCA, PARA AGUA FRIA PREDIAL","UN","CR"]
["MATERIAL",3543,"JOELHO PVC, ROSCAVEL, 90 GRAUS, 1/2\", COR BRANCA, PARA AGUA FRIA PREDIAL","UN","CR"]
["MATERIAL",3505,"JOELHO PVC, ROSCAVEL, 90 GRAUS, 3/4\", COR BRANCA, PARA AGUA FRIA PREDIAL","UN","CR",16.010000000000002]
["MATERIAL",3521,"JOELHO PVC, SOLDAVEL COM ROSCA, 90 GRAUS, 20 MM X 1/2\", COR MARROM, PARA AGUA FRIA PREDIAL","UN","CR",12.41]
["MATERIAL",3531,"JOELHO PVC, SOLDAVEL COM ROSCA, 90 GRAUS, 25 MM X 1/2\", COR MARROM, PARA AGUA FRIA PREDIAL","UN","CR",4.47]
["MATERIAL",3522,"JOELHO PVC, SOLDAVEL COM ROSCA, 90 GRAUS, 25 MM X 3/4\", COR MARROM, PARA AGUA FRIA PREDIAL","UN","CR",13.05]
["MATERIAL",3527,"JOELHO PVC, SOLDAVEL COM ROSCA, 90 GRAUS, 32 MM X 3/4\", COR MARROM, PARA AGUA FRIA PREDIAL","UN","CR",4.72]
["MATERIAL",3530,"JOELHO PVC, SOLDAVEL, 90 GRAUS, 110 MM, COR MARROM, PARA AGUA FRIA PREDIAL","UN","CR",7.48]
["MATERIAL",3542,"JOELHO PVC, SOLDAVEL, 90 GRAUS, 20 MM, COR MARROM, PARA AGUA FRIA PREDIAL","UN","CR",5.35]
["MATERIAL",3529,"JOELHO PVC, SOLDAVEL, 90 GRAUS, 25 MM, COR MARROM, PARA AGUA FRIA PREDIAL","UN","CR",1.74]
["MATERIAL",3536,"JOELHO PVC, SOLDAVEL, 90 GRAUS, 32 MM, COR MARROM, PARA AGUA FRIA PREDIAL","UN","CR",2.58]
["MATERIAL",3535,"JOELHO PVC, SOLDAVEL, 90 GRAUS, 40 MM, COR MARROM, PARA AGUA FRIA PREDIAL","UN","CR",1.95]
["MATERIAL",3540,"JOELHO PVC, SOLDAVEL, 90 GRAUS, 50 MM, COR MARROM, PARA AGUA FRIA PREDIAL","UN","CR",3.71]
["MATERIAL",3539,"JOELHO PVC, SOLDAVEL, 90 GRAUS, 60 MM, COR MARROM, PARA AGUA FRIA PREDIAL","UN","CR",2.39]
["MATERIAL",3513,"JOELHO PVC, SOLDAVEL, 90 GRAUS, 85 MM, COR MARROM, PARA AGUA FRIA PREDIAL","UN","CR",12.58]
["MATERIAL",3516,"JOELHO PVC, SOLDAVEL, BB, 45 GRAUS, DN 40 MM, PARA ESGOTO PREDIAL","UN","CR",203.68]
["MATERIAL",3517,"JOELHO PVC, SOLDAVEL, BB, 90 GRAUS, SEM ANEL, DN 40 MM, PARA ESGOTO PREDIAL SECUNDARIO","UN","CR",0.57999999999999996]
["MATERIAL",3515,"JOELHO PVC, SOLDAVEL, COM BUCHA DE LATAO, 90 GRAUS, 20 MM X 1/2\", PARA AGUA FRIA PREDIAL","UN","CR",0.72]
["MATERIAL",20147,"JOELHO PVC, SOLDAVEL, COM BUCHA DE LATAO, 90 GRAUS, 25 MM X 1/2\", PARA AGUA FRIA PREDIAL","UN","CR",2.39]
["MATERIAL",3524,"JOELHO PVC, SOLDAVEL, COM BUCHA DE LATAO, 90 GRAUS, 25 MM X 3/4\", PARA AGUA FRIA PREDIAL","UN","CR",5.81]
["MATERIAL",3532,"JOELHO PVC, SOLDAVEL, COM BUCHA DE LATAO, 90 GRAUS, 32 MM X 3/4\", PARA AGUA FRIA PREDIAL","UN","CR",4.92]
["MATERIAL",3528,"JOELHO PVC, SOLDAVEL, PB, 45 GRAUS, DN 100 MM, PARA ESGOTO PREDIAL","UN","CR",28.51]
["MATERIAL",37952,"JOELHO PVC, SOLDAVEL, PB, 45 GRAUS, DN 150 MM, PARA ESGOTO PREDIAL","UN","CR",100.52]
["MATERIAL",37951,"JOELHO PVC, SOLDAVEL, PB, 45 GRAUS, DN 40 MM, PARA ESGOTO PREDIAL","UN","CR",1.84]
["MATERIAL",3518,"JOELHO PVC, SOLDAVEL, PB, 45 GRAUS, DN 50 MM, PARA ESGOTO PREDIAL","UN","CR",1.66]
["MATERIAL",3519,"JOELHO PVC, SOLDAVEL, PB, 45 GRAUS, DN 75 MM, PARA ESGOTO PREDIAL","UN","CR",6.41]
["MATERIAL",3520,"JOELHO PVC, SOLDAVEL, PB, 90 GRAUS, DN 100 MM, PARA ESGOTO PREDIAL","UN","CR",5.27]
["MATERIAL",37950,"JOELHO PVC, SOLDAVEL, PB, 90 GRAUS, DN 150 MM, PARA ESGOTO PREDIAL","UN","CR",7.94]
["MATERIAL",37949,"JOELHO PVC, SOLDAVEL, PB, 90 GRAUS, DN 40 MM, PARA ESGOTO PREDIAL","UN","CR",18.34]
["MATERIAL",3526,"JOELHO PVC, SOLDAVEL, PB, 90 GRAUS, DN 50 MM, PARA ESGOTO PREDIAL","UN","CR",7.21]
["MATERIAL",3509,"JOELHO PVC, SOLDAVEL, PB, 90 GRAUS, DN 75 MM, PARA ESGOTO PREDIAL","UN","CR",51.65]
["MATERIAL",20151,"JOELHO, PVC SERIE R, 45 GRAUS, DN 100 MM, PARA ESGOTO PREDIAL","UN","CR",1.94]
["MATERIAL",20152,"JOELHO, PVC SERIE R, 45 GRAUS, DN 150 MM, PARA ESGOTO PREDIAL","UN","CR",2.99]
["MATERIAL",20148,"JOELHO, PVC SERIE R, 45 GRAUS, DN 40 MM, PARA ESGOTO PREDIAL","UN","CR",6.25]
["MATERIAL",20149,"JOELHO, PVC SERIE R, 45 GRAUS, DN 50 MM, PARA ESGOTO PREDIAL","UN","CR",6.55]
["MATERIAL",20150,"JOELHO, PVC SERIE R, 45 GRAUS, DN 75 MM, PARA ESGOTO PREDIAL","UN","CR",47.55]
["MATERIAL",20157,"JOELHO, PVC SERIE R, 90 GRAUS, DN 100 MM, PARA ESGOTO PREDIAL","UN","CR",1.75]
["MATERIAL",20158,"JOELHO, PVC SERIE R, 90 GRAUS, DN 150 MM, PARA ESGOTO PREDIAL","UN","CR",2.41]
["MATERIAL",20154,"JOELHO, PVC SERIE R, 90 GRAUS, DN 40 MM, PARA ESGOTO PREDIAL","UN","CR",5.48]
["MATERIAL",20155,"JOELHO, PVC SERIE R, 90 GRAUS, DN 50 MM, PARA ESGOTO PREDIAL","UN","CR",16.11]
["MATERIAL",20156,"JOELHO, PVC SERIE R, 90 GRAUS, DN 75 MM, PARA ESGOTO PREDIAL","UN","CR",58.29]
["MATERIAL",3499,"JOELHO, PVC SOLDAVEL, 45 GRAUS, 20 MM, COR MARROM, PARA AGUA FRIA PREDIAL","UN","CR",3.17]
["MATERIAL",3500,"JOELHO, PVC SOLDAVEL, 45 GRAUS, 25 MM, COR MARROM, PARA AGUA FRIA PREDIAL","UN","CR",5.29]
["MATERIAL",3501,"JOELHO, PVC SOLDAVEL, 45 GRAUS, 32 MM, COR MARROM, PARA AGUA FRIA PREDIAL","UN","CR",13.63]
["MATERIAL",3502,"JOELHO, PVC SOLDAVEL, 45 GRAUS, 40 MM, COR MARROM, PARA AGUA FRIA PREDIAL","UN","CR",15.3]
["MATERIAL",3503,"JOELHO, PVC SOLDAVEL, 45 GRAUS, 50 MM, COR MARROM, PARA AGUA FRIA PREDIAL","UN","CR",60.76]
["MATERIAL",3477,"JOELHO, PVC SOLDAVEL, 45 GRAUS, 60 MM, COR MARROM, PARA AGUA FRIA PREDIAL","UN","CR",3.1]
["MATERIAL",3478,"JOELHO, PVC SOLDAVEL, 45 GRAUS, 75 MM, COR MARROM, PARA AGUA FRIA PREDIAL","UN","CR",4.72]
["MATERIAL",3525,"JOELHO, PVC SOLDAVEL, 45 GRAUS, 85 MM, COR MARROM, PARA AGUA FRIA PREDIAL","UN","CR",13.27]
["MATERIAL",3511,"JOELHO, PVC SOLDAVEL, 90 GRAUS, 75 MM, COR MARROM, PARA AGUA FRIA PREDIAL","UN","CR",1.1100000000000001]
["MATERIAL",38913,"JOELHO/COTOVELO 90 GRAUS, METALICO, PARA CONEXAO COM ANEL DESLIZANTE, DN 16 MM, EM TUBO PEX PARA INST. AGUA QUENTE/FRIA","UN","CR",1.48]
["MATERIAL",38914,"JOELHO/COTOVELO 90 GRAUS, METALICO, PARA CONEXAO COM ANEL DESLIZANTE, DN 20 MM, EM TUBO PEX PARA INST. AGUA QUENTE/FRIA","UN","CR",4.08]
["MATERIAL",38915,"JOELHO/COTOVELO 90 GRAUS, METALICO, PARA CONEXAO COM ANEL DESLIZANTE, DN 25 MM, EM TUBO PEX PARA INST. AGUA QUENTE/FRIA","UN","CR",5.87]
["MATERIAL",38916,"JOELHO/COTOVELO 90 GRAUS, METALICO, PARA CONEXAO COM ANEL DESLIZANTE, DN 32 MM, EM TUBO PEX PARA INST. AGUA QUENTE/FRIA","UN","CR",7.37]
["MATERIAL",39300,"JOELHO/COTOVELO 90 GRAUS, PLASTICO, PARA CONEXAO COM CRIMPAGEM, DN 16 MM, EM TUBO PEX PARA INST. AGUA QUENTE/FRIA","UN","CR",26.79]
["MATERIAL",39301,"JOELHO/COTOVELO 90 GRAUS, PLASTICO, PARA CONEXAO COM CRIMPAGEM, DN 20 MM, EM TUBO PEX PARA INST. AGUA QUENTE/FRIA","UN","CR",64.23]
["MATERIAL",39302,"JOELHO/COTOVELO 90 GRAUS, PLASTICO, PARA CONEXAO COM CRIMPAGEM, DN 25 MM, EM TUBO PEX PARA INST. AGUA QUENTE/FRIA","UN","CR",79.260000000000005]
["MATERIAL",38941,"JOELHO/COTOVELO 90 GRAUS, ROSCA FEMEA MOVEL, METALICO, PARA CONEXAO COM ANEL DESLIZANTE, DN 20 MM X 3/4\", EM TUBO PEX PARA INST. AGUA QUENTE/FRIA","UN","CR",84.07]
["MATERIAL",38923,"JOELHO/COTOVELO 90 GRAUS, ROSCA FEMEA TERMINAL, METALICO, PARA CONEXAO COM ANEL DESLIZANTE, DN 16 MM X 1/2\", EM TUBO PEX PARA INST. AGUA QUENTE/FRIA","UN","CR"]
["MATERIAL",38925,"JOELHO/COTOVELO 90 GRAUS, ROSCA FEMEA TERMINAL, METALICO, PARA CONEXAO COM ANEL DESLIZANTE, DN 20 MM X 1/2\", EM TUBO PEX PARA INST. AGUA QUENTE/FRIA","UN","CR"]
["MATERIAL",38926,"JOELHO/COTOVELO 90 GRAUS, ROSCA FEMEA TERMINAL, METALICO, PARA CONEXAO COM ANEL DESLIZANTE, DN 20 MM X 3/4\", EM TUBO PEX PARA INST. AGUA QUENTE/FRIA","UN","CR"]
["MATERIAL",38927,"JOELHO/COTOVELO 90 GRAUS, ROSCA FEMEA TERMINAL, METALICO, PARA CONEXAO COM ANEL DESLIZANTE, DN 25 MM X 3/4\", EM TUBO PEX PARA INST. AGUA QUENTE/FRIA","UN","CR"]
["MATERIAL",39304,"JOELHO/COTOVELO 90 GRAUS, ROSCA FEMEA TERMINAL, PLASTICO, PARA CONEXAO COM CRIMPAGEM, DN 16 MM X 1/2\", EM TUBO PEX PARA INST. AGUA QUENTE/FRIA","UN","CR"]
["MATERIAL",39305,"JOELHO/COTOVELO 90 GRAUS, ROSCA FEMEA TERMINAL, PLASTICO, PARA CONEXAO COM CRIMPAGEM, DN 20 MM X 1/2\", EM TUBO PEX PARA INST. AGUA QUENTE/FRIA","UN","CR"]
["MATERIAL",39306,"JOELHO/COTOVELO 90 GRAUS, ROSCA FEMEA TERMINAL, PLASTICO, PARA CONEXAO COM CRIMPAGEM, DN 20 MM X 3/4\", EM TUBO PEX PARA INST. AGUA QUENTE/FRIA","UN","CR"]
["MATERIAL",38928,"JOELHO/COTOVELO 90 GRAUS, ROSCA FEMEA TERMINAL, PLASTICO, PARA CONEXAO COM CRIMPAGEM, DN 25 MM X 1/2\", EM TUBO PEX PARA INST. AGUA QUENTE/FRIA","UN","CR"]
["MATERIAL",38917,"JOELHO/COTOVELO 90 GRAUS, ROSCA FEMEA, COM BASE FIXA, METALICO, PARA CONEXAO COM ANEL DESLIZANTE, DN 16 MM X 1/2\", EM TUBO PEX PARA INST. AGUA QUENTE/FRIA","UN","CR"]
["MATERIAL",38919,"JOELHO/COTOVELO 90 GRAUS, ROSCA FEMEA, COM BASE FIXA, METALICO, PARA CONEXAO COM ANEL DESLIZANTE, DN 20 MM X 1/2\", EM TUBO PEX PARA INST. AGUA QUENTE/FRIA","UN","CR"]
["MATERIAL",38922,"JOELHO/COTOVELO 90 GRAUS, ROSCA FEMEA, COM BASE FIXA, METALICO, PARA CONEXAO COM ANEL DESLIZANTE, DN 25 MM X 3/4\", EM TUBO PEX PARA INST. AGUA QUENTE/FRIA","UN","CR"]
["MATERIAL",45198,"JOGO DE CHAVES ALLEN LONGAS HEXAGONAIS DE 1,5 MM A 10 MM \u0096 9 PEÇAS","UN","CR"]
["MATERIAL",45196,"JOGO DE CHAVES DE FENDA E PHILLIPS ISOLADAS, 1000 V \u0096 *6* PEÇAS","UN","CR"]
["MATERIAL",12032,"JOGO DE TRANQUETA E ROSETA QUADRADA DE SOBREPOR SEM FUROS, EM LATAO CROMADO, *50 X 50* MM, PARA FECHADURA DE PORTA DE BANHEIRO","JG","CR"]
["MATERIAL",12030,"JOGO DE TRANQUETA E ROSETA REDONDA DE SOBREPOR SEM FUROS, EM LATAO CROMADO, DIAMETRO *50* MM, PARA FECHADURA DE PORTA DE BANHEIRO","JG","CR"]
["MATERIAL",45207,"JOGO SERRA COPO COM 6 SERRAS, DIAMETRO VARIANDO DE 15 MM A 60 MM","UN","CR"]
["MATERIAL",14157,"JUNCAO 2 GARRAS PARA FITA PERFURADA","UN","CR"]
["MATERIAL",10908,"JUNCAO DE REDUCAO INVERTIDA, PVC SOLDAVEL, 100 X 50 MM, SERIE NORMAL PARA ESGOTO PREDIAL","UN","CR"]
["MATERIAL",10909,"JUNCAO DE REDUCAO INVERTIDA, PVC SOLDAVEL, 100 X 75 MM, SERIE NORMAL PARA ESGOTO PREDIAL","UN","CR"]
["MATERIAL",3669,"JUNCAO DE REDUCAO INVERTIDA, PVC SOLDAVEL, 75 X 50 MM, SERIE NORMAL PARA ESGOTO PREDIAL","UN","CR",45.7]
["MATERIAL",20139,"JUNCAO DUPLA, PVC SERIE R, DN 100 X 100 X 100 MM, PARA ESGOTO PREDIAL","UN","CR",94.23]
["MATERIAL",3668,"JUNCAO DUPLA, PVC SOLDAVEL, DN 100 X 100 X 100 MM, SERIE NORMAL PARA ESGOTO PREDIAL","UN","CR",60.62]
["MATERIAL",10911,"JUNCAO INVERTIDA, PVC SOLDAVEL, 75 X 75 MM, SERIE NORMAL PARA ESGOTO PREDIAL","UN","CR",56.96]
["MATERIAL",3659,"JUNCAO SIMPLES DE REDUCAO, PVC, DN 100 X 50 MM, SERIE NORMAL PARA ESGOTO PREDIAL","UN","CR",301.01]
["MATERIAL",3660,"JUNCAO SIMPLES DE REDUCAO, PVC, DN 100 X 75 MM, SERIE NORMAL PARA ESGOTO PREDIAL","UN","CR"]
["MATERIAL",20144,"JUNCAO SIMPLES, PVC SERIE R, DN 100 X 100 MM, PARA ESGOTO PREDIAL","UN","CR",15.04]
["MATERIAL",20143,"JUNCAO SIMPLES, PVC SERIE R, DN 100 X 75 MM, PARA ESGOTO PREDIAL","UN","CR",17.489999999999998]
["MATERIAL",20145,"JUNCAO SIMPLES, PVC SERIE R, DN 150 X 100 MM, PARA ESGOTO PREDIAL","UN","CR",10.75]
["MATERIAL",20146,"JUNCAO SIMPLES, PVC SERIE R, DN 150 X 150 MM, PARA ESGOTO PREDIAL","UN","CR",92.44]
["MATERIAL",20140,"JUNCAO SIMPLES, PVC SERIE R, DN 40 X 40 MM, PARA ESGOTO PREDIAL","UN","CR",33.020000000000003]
["MATERIAL",20141,"JUNCAO SIMPLES, PVC SERIE R, DN 50 X 50 MM, PARA ESGOTO PREDIAL","UN","CR",14.47]
["MATERIAL",20142,"JUNCAO SIMPLES, PVC SERIE R, DN 75 X 75 MM, PARA ESGOTO PREDIAL","UN","CR",14.75]
["MATERIAL",3670,"JUNCAO SIMPLES, PVC, 45 GRAUS, DN 100 X 100 MM, SERIE NORMAL PARA ESGOTO PREDIAL","UN","CR",19.07]
["MATERIAL",3666,"JUNCAO SIMPLES, PVC, 45 GRAUS, DN 40 X 40 MM, SERIE NORMAL PARA ESGOTO PREDIAL","UN","CR",42.71]
["MATERIAL",3662,"JUNCAO SIMPLES, PVC, 45 GRAUS, DN 50 X 50 MM, SERIE NORMAL PARA ESGOTO PREDIAL","UN","CR",54.64]
["MATERIAL",3658,"JUNCAO SIMPLES, PVC, 45 GRAUS, DN 75 X 75 MM, SERIE NORMAL PARA ESGOTO PREDIAL","UN","CR",105.41]
["MATERIAL",42696,"JUNCAO, PVC, 45 GRAUS, JE, BBB, DN 150 MM, PARA TUBO CORRUGADO E/OU LISO, REDE COLETORA DE ESGOTO","UN","CR",144.09]
["MATERIAL",39875,"JUNTA DE EXPANSAO BRONZE/LATAO, PONTA X PONTA, 35 MM","UN","CR",6.76]
["MATERIAL",39876,"JUNTA DE EXPANSAO BRONZE/LATAO, PONTA X PONTA, 42 MM","UN","CR",16.55]
["MATERIAL",39877,"JUNTA DE EXPANSAO BRONZE/LATAO, PONTA X PONTA, 54 MM","UN","CR",29.12]
["MATERIAL",39878,"JUNTA DE EXPANSAO BRONZE/LATAO, PONTA X PONTA, 66 MM","UN","CR",18.940000000000001]
["MATERIAL",39872,"JUNTA DE EXPANSAO DE COBRE, PONTA X PONTA, 15 MM","UN","CR",2.98]
["MATERIAL",39873,"JUNTA DE EXPANSAO DE COBRE, PONTA X PONTA, 22 MM","UN","CR",7.77]
["MATERIAL",39874,"JUNTA DE EXPANSAO DE COBRE, PONTA X PONTA, 28 MM","UN","CR",14.72]
["MATERIAL",3674,"JUNTA DILATACAO ELASTICA PARA CONCRETO (FUGENBAND) O-12, ATE 5 MCA","M","CR",116.76]
["MATERIAL",3681,"JUNTA DILATACAO ELASTICA PARA CONCRETO (FUGENBAND) O-22, ATE 30 MCA","M","CR"]
["MATERIAL",3676,"JUNTA DILATACAO ELASTICA PARA CONCRETO (FUGENBAND) O-35/10, ATE 100 MCA","M","CR"]
["MATERIAL",3679,"JUNTA DILATACAO ELASTICA PARA CONCRETO (FUGENBAND) O-35/6, ATE 100 MCA","M","CR"]
["MATERIAL",3672,"JUNTA PLASTICA DE DILATACAO PARA PISOS, COR CINZA, 10 X 4,5 MM (ALTURA X ESPESSURA)","M","CR"]
["MATERIAL",3671,"JUNTA PLASTICA DE DILATACAO PARA PISOS, COR CINZA, 17 X 3 MM (ALTURA X ESPESSURA)","M","C"]
["MATERIAL",3673,"JUNTA PLASTICA DE DILATACAO PARA PISOS, COR CINZA, 27 X 3 MM (ALTURA X ESPESSURA)","M","CR"]
["MATERIAL",38394,"KIT ACESSORIOS PARA COMPRESSOR DE AR, 5 PECAS (PISTOLAS PINTURA, LIMPEZA E PULVERIZACAO, CALIBRADOR E MANGUEIRA)","UN","CR"]
["MATERIAL",3729,"KIT CAVALETE, PVC, COM REGISTRO, PARA HIDROMETRO, BITOLAS 1/2\" OU 3/4\" - COMPLETO","UN","CR"]
["MATERIAL",39357,"KIT CHASSI COZINHA, CUBA SIMPLES SEM MAQUINA LAVAR LOUCA, INSTAL. PEX, QUADRO METALICO C/ TRAVESSA C/ FURO P/ESGOTO DN 50 MM E FUROS SUPERIORES P/AGUA, *340* X *650* MM (L X H), P/ CONEXAO COM ANEL DESLIZANTE (CONJUNTO COMPLETO)","UN","CR"]
["MATERIAL",39358,"KIT CHASSI COZINHA, CUBA SIMPLES SEM MAQUINA LAVAR LOUCA, INSTAL. PEX, QUADRO METALICO C/ TRAVESSA COM FURO P/ESGOTO DN 50 MM E FUROS SUPERIORES P/AGUA, *340* X *650* MM (L X H), P/ CONEXAO COM CRIMPAGEM (CONJUNTO COMPLETO)","UN","CR"]
["MATERIAL",39355,"KIT CHASSI TANQUE E MAQUINA LAVAR ROUPA, INSTAL. PEX, QUADRO METALICO C/ TRAVESSA C/ FURO P/ ESGOTO DN 50 MM, FURO LATERAL P/ MAQUINA E FUROS SUPERIORES P/ AGUA, *344* X *442* MM (L X H), P/ CONEXAO COM ANEL DESLIZANTE (CONJUNTO COMPLETO)","UN","CR"]
["MATERIAL",39356,"KIT CHASSI TANQUE E MAQUINA LAVAR ROUPA, INSTAL. PEX, QUADRO METALICO C/ TRAVESSA C/ FURO P/ ESGOTO DN 50 MM, FURO LATERAL P/MAQUINA E FUROS SUPERIORES P/AGUA, *344* X *442* MM (L X H), P/ CONEXAO COM CRIMPAGEM (CONJUNTO COMPLETO)","UN","CR"]
["MATERIAL",39353,"KIT CHUVEIRO, INSTAL. PEX, QUADRO METALICO C/ 2 TRAVESSAS, SUPERIOR C/ ESPERA P/ CHUVEIRO, INFERIOR C/ 2 REGISTROS DE PRESSAO 1/2 \", *390* X *900* MM (L X H), CONEXAO COM ANEL DESLIZANTE (CONJUNTO COMPLETO)","UN","CR"]
["MATERIAL",39354,"KIT CHUVEIRO, INSTAL. PEX, QUADRO METALICO C/2 TRAVESSAS, SUPERIOR C/ ESPERA P/ CHUVEIRO E INFERIOR C/2 REGISTROS DE PRESSAO 1/2 \", *390* X *900* MM (L X H), CONEXAO COM CRIMPAGEM (CONJUNTO COMPLETO)","UN","CR"]
["MATERIAL",39398,"KIT DE ACESSORIOS PARA BANHEIRO EM METAL CROMADO, 5 PECAS","UN","CR",177.13]
["MATERIAL",13343,"KIT DE MATERIAIS PARA BRACADEIRA PARA FIXACAO EM POSTE CIRCULAR, CONTEM TRES FIXADORES E UM ROLO DE FITA DE 3 M EM ACO CARBONO","UN","CR",136.57]
["MATERIAL",12118,"KIT DE PROTECAO ARSTOP PARA AR CONDICIONADO, TOMADA PADRAO 2P+T 20 A, COM DISJUNTOR UNIPOLAR DIN 20A","UN","CR"]
["MATERIAL",39482,"KIT PORTA PRONTA DE MADEIRA, FOLHA LEVE (NBR 15930) DE 600 X 2100 MM OU 700 X 2100 MM, DE 35 MM A 40 MM DE ESPESSURA, COM MARCO EM ACO, NUCLEO COLMEIA, CAPA LISA EM HDF, ACABAMENTO MELAMINICO BRANCO (INCLUI MARCO, ALIZARES, DOBRADICAS E FECHADURA)","UN","CR"]
["MATERIAL",39486,"KIT PORTA PRONTA DE MADEIRA, FOLHA LEVE (NBR 15930) DE 600 X 2100 MM OU 700 X 2100 MM, DE 35 MM A 40 MM DE ESPESSURA, NUCLEO COLMEIA, ESTRUTURA USINADA PARA FECHADURA, CAPA LISA EM HDF, ACABAMENTO EM PRIMER PARA PINTURA (INCLUI MARCO, ALIZARES E DOBRADICAS)","UN","CR"]
["MATERIAL",39484,"KIT PORTA PRONTA DE MADEIRA, FOLHA LEVE (NBR 15930) DE 800 X 2100 MM, DE 35 MM A 40 MM DE ESPESSURA, COM MARCO EM ACO, NUCLEO COLMEIA, CAPA LISA EM HDF, ACABAMENTO MELAMINICO BRANCO (INCLUI MARCO, ALIZARES, DOBRADICAS E FECHADURA)","UN","CR"]
["MATERIAL",39488,"KIT PORTA PRONTA DE MADEIRA, FOLHA LEVE (NBR 15930) DE 800 X 2100 MM, DE 35 MM A 40 MM DE ESPESSURA, NUCLEO COLMEIA, ESTRUTURA USINADA PARA FECHADURA, CAPA LISA EM HDF, ACABAMENTO EM PRIMER PARA PINTURA (INCLUI MARCO, ALIZARES E DOBRADICAS)","UN","CR"]
["MATERIAL",39485,"KIT PORTA PRONTA DE MADEIRA, FOLHA LEVE (NBR 15930) DE 900 X 2100 MM, DE 35 MM A 40 MM DE ESPESSURA, COM MARCO EM ACO, NUCLEO COLMEIA, CAPA LISA EM HDF, ACABAMENTO MELAMINICO BRANCO (INCLUI MARCO, ALIZARES, DOBRADICAS E FECHADURA)","UN","CR"]
["MATERIAL",39489,"KIT PORTA PRONTA DE MADEIRA, FOLHA LEVE (NBR 15930) DE 900 X 2100 MM, DE 35 MM A 40 MM DE ESPESSURA, NUCLEO COLMEIA, ESTRUTURA USINADA PARA FECHADURA, CAPA LISA EM HDF, ACABAMENTO EM PRIMER PARA PINTURA (INCLUI MARCO, ALIZARES E DOBRADICAS)","UN","CR",187.71]
["MATERIAL",39490,"KIT PORTA PRONTA DE MADEIRA, FOLHA MEDIA (NBR 15930) DE 600 X 2100 MM OU 700 X 2100 MM, DE 35 MM A 40 MM DE ESPESSURA, NUCLEO SEMI-SOLIDO (SARRAFEADO), ESTRUTURA USINADA PARA FECHADURA, CAPA LISA EM HDF, ACABAMENTO MELAMINICO BRANCO (INCLUI MARCO, ALIZARES E DOBRADICAS)","UN","CR",69.650000000000006]
["MATERIAL",39494,"KIT PORTA PRONTA DE MADEIRA, FOLHA MEDIA (NBR 15930) DE 600 X 2100 MM, DE 35 MM A 40 MM DE ESPESSURA, NUCLEO SEMI-SOLIDO (SARRAFEADO), ESTRUTURA USINADA PARA FECHADURA, CAPA LISA EM HDF, ACABAMENTO EM PRIMER PARA PINTURA (INCLUI MARCO, ALIZARES E DOBRADICAS)","UN","CR",21.91]
["MATERIAL",39495,"KIT PORTA PRONTA DE MADEIRA, FOLHA MEDIA (NBR 15930) DE 700 X 2100 MM, DE 35 MM A 40 MM DE ESPESSURA, NUCLEO SEMI-SOLIDO (SARRAFEADO), ESTRUTURA USINADA PARA FECHADURA, CAPA LISA EM HDF, ACABAMENTO EM PRIMER PARA PINTURA (INCLUI MARCO, ALIZARES E DOBRADICAS)","UN","CR",540.17999999999995]
["MATERIAL",39496,"KIT PORTA PRONTA DE MADEIRA, FOLHA MEDIA (NBR 15930) DE 800 X 2100 MM, DE 35 MM A 40 MM DE ESPESSURA, NUCLEO SEMI-SOLIDO (SARRAFEADO), ESTRUTURA USINADA PARA FECHADURA, CAPA LISA EM HDF, ACABAMENTO EM PRIMER PARA PINTURA (INCLUI MARCO, ALIZARES E DOBRADICAS)","UN","CR",440.87]
["MATERIAL",39492,"KIT PORTA PRONTA DE MADEIRA, FOLHA MEDIA (NBR 15930) DE 800 X 2100 MM, DE 35 MM A 40 MM DE ESPESSURA, NUCLEO SEMI-SOLIDO (SARRAFEADO), ESTRUTURA USINADA PARA FECHADURA, CAPA LISA EM HDF, ACABAMENTO MELAMINICO BRANCO (INCLUI MARCO, ALIZARES E DOBRADICAS)","UN","CR",540.17999999999995]
["MATERIAL",39497,"KIT PORTA PRONTA DE MADEIRA, FOLHA MEDIA (NBR 15930) DE 900 X 2100 MM, DE 35 MM A 40 MM DE ESPESSURA, NUCLEO SEMI-SOLIDO (SARRAFEADO), ESTRUTURA USINADA PARA FECHADURA, CAPA LISA EM HDF, ACABAMENTO EM PRIMER PARA PINTURA (INCLUI MARCO, ALIZARES E DOBRADICAS)","UN","CR",448.08]
["MATERIAL",39493,"KIT PORTA PRONTA DE MADEIRA, FOLHA MEDIA (NBR 15930) DE 900 X 2100 MM, DE 35 MM A 40 MM DE ESPESSURA, NUCLEO SEMI-SOLIDO (SARRAFEADO), ESTRUTURA USINADA PARA FECHADURA, CAPA LISA EM HDF, ACABAMENTO MELAMINICO BRANCO (INCLUI MARCO, ALIZARES E DOBRADICAS)","UN","CR",540.17999999999995]
["MATERIAL",43628,"KIT PORTA PRONTA DE MADEIRA, FOLHA PESADA (NBR 15930) DE 800 X 2100 MM, DE 40 MM A 45 MM DE ESPESSURA, COM MARCO EM ACO, NUCLEO SOLIDO, CAPA LISA EM HDF, ACABAMENTO MELAMINICO BRANCO (INCLUI MARCO, ALIZARES, DOBRADICAS E FECHADURA)","UN","CR",455.68]
["MATERIAL",39500,"KIT PORTA PRONTA DE MADEIRA, FOLHA PESADA (NBR 15930) DE 800 X 2100 MM, DE 40 MM A 45 MM DE ESPESSURA, NUCLEO SOLIDO, CAPA LISA EM HDF, ACABAMENTO MELAMINICO BRANCO (INCLUI MARCO, ALIZARES, DOBRADICAS E FECHADURA EXTERNA)","UN","CR",679.02]
["MATERIAL",39498,"KIT PORTA PRONTA DE MADEIRA, FOLHA PESADA (NBR 15930) DE 800 X 2100 MM, DE 40 MM A 45 MM DE ESPESSURA, NUCLEO SOLIDO, ESTRUTURA USINADA PARA FECHADURA, CAPA LISA EM HDF, ACABAMENTO EM LAMINADO NATURAL COM VERNIZ (INCLUI MARCO, ALIZARES E DOBRADICAS)","UN","CR",487.59]
["MATERIAL",43621,"KIT PORTA PRONTA DE MADEIRA, FOLHA PESADA (NBR 15930) DE 900 X 2100 MM, DE 40 MM A 45 MM DE ESPESSURA, COM MARCO EM ACO, NUCLEO SOLIDO, CAPA LISA EM HDF, ACABAMENTO MELAMINICO BRANCO (INCLUI MARCO, ALIZARES, DOBRADICAS E FECHADURA)","UN","CR",549.46]
["MATERIAL",39501,"KIT PORTA PRONTA DE MADEIRA, FOLHA PESADA (NBR 15930) DE 900 X 2100 MM, DE 40 MM A 45 MM DE ESPESSURA, NUCLEO SOLIDO, CAPA LISA EM HDF, ACABAMENTO MELAMINICO BRANCO (INCLUI MARCO, ALIZARES, DOBRADICAS E FECHADURA EXTERNA)","UN","CR",604.4]
["MATERIAL",39499,"KIT PORTA PRONTA DE MADEIRA, FOLHA PESADA (NBR 15930) DE 900 X 2100 MM, DE 40 MM A 45 MM DE ESPESSURA, NUCLEO SOLIDO, ESTRUTURA USINADA PARA FECHADURA, CAPA LISA EM HDF, ACABAMENTO EM LAMINADO NATURAL COM VERNIZ (INCLUI MARCO, ALIZARES E DOBRADICAS)","UN","CR",699.73]
["MATERIAL",3733,"LADRILHO HIDRAULICO, *20 X 20* CM, E= 2 CM, PADRAO COPACABANA, 2 CORES (PRETO E BRANCO)","M2","CR",632.04]
["MATERIAL",3731,"LADRILHO HIDRAULICO, *20 X 20* CM, E= 2 CM, PADRAO DADOS, COR NATURAL","M2","CR",750.53]
["MATERIAL",38137,"LADRILHO HIDRAULICO, *25 X 25* CM, E= 2 CM, PADRAO RAMPA, COR NATURAL","M2","CR",796.06]
["MATERIAL",38138,"LADRILHO HIDRAULICO, *30 X 30* CM, E= 2 CM, PADRAO MILANO, COR NATURAL","M2","CR",818.89]
["MATERIAL",3745,"LAJE PRE-MOLDADA CONVENCIONAL (LAJOTAS + VIGOTAS) PARA FORRO, UNIDIRECIONAL, SOBRECARGA 100 KG/M2, VAO ATE 5,00 M (SEM COLOCACAO)","M2","CR",1009.96]
["MATERIAL",3736,"LAJE PRE-MOLDADA CONVENCIONAL (LAJOTAS + VIGOTAS) PARA FORRO, UNIDIRECIONAL, SOBRECARGA DE 100 KG/M2, VAO ATE 4,00 M (SEM COLOCACAO)","M2","C",845.82]
["MATERIAL",3741,"LAJE PRE-MOLDADA CONVENCIONAL (LAJOTAS + VIGOTAS) PARA FORRO, UNIDIRECIONAL, SOBRECARGA DE 100 KG/M2, VAO ATE 4,50 M (SEM COLOCACAO)","M2","CR",841.06]
["MATERIAL",3747,"LAJE PRE-MOLDADA CONVENCIONAL (LAJOTAS + VIGOTAS) PARA PISO, UNIDIRECIONAL, SOBRECARGA 350 KG/M2 VAO ATE 3,50 M (SEM COLOCACAO)","M2","CR",1024.3]
["MATERIAL",3743,"LAJE PRE-MOLDADA CONVENCIONAL (LAJOTAS + VIGOTAS) PARA PISO, UNIDIRECIONAL, SOBRECARGA DE 200 KG/M2, VAO ATE 3,50 M (SEM COLOCACAO)","M2","CR",78.92]
["MATERIAL",3744,"LAJE PRE-MOLDADA CONVENCIONAL (LAJOTAS + VIGOTAS) PARA PISO, UNIDIRECIONAL, SOBRECARGA DE 200 KG/M2, VAO ATE 4,50 M (SEM COLOCACAO)","M2","CR",70.61]
["MATERIAL",3739,"LAJE PRE-MOLDADA CONVENCIONAL (LAJOTAS + VIGOTAS) PARA PISO, UNIDIRECIONAL, SOBRECARGA DE 200 KG/M2, VAO ATE 5,00 M (SEM COLOCACAO)","M2","CR",84.46]
["MATERIAL",3737,"LAJE PRE-MOLDADA CONVENCIONAL (LAJOTAS + VIGOTAS) PARA PISO, UNIDIRECIONAL, SOBRECARGA DE 350 KG/M2, VAO ATE 4,50 M (SEM COLOCACAO)","M2","CR",87.69]
["MATERIAL",3738,"LAJE PRE-MOLDADA CONVENCIONAL (LAJOTAS + VIGOTAS) PARA PISO, UNIDIRECIONAL, SOBRECARGA DE 350 KG/M2, VAO ATE 5,00 M (SEM COLOCACAO)","M2","CR",79.8]
["MATERIAL",11649,"LAJE PRE-MOLDADA DE TRANSICAO EXCENTRICA EM CONCRETO ARMADO, DN 1200 MM, FURO CIRCULAR DN 600 MM, ESPESSURA 12 CM","UN","CR",71]
["MATERIAL",11650,"LAJE PRE-MOLDADA DE TRANSICAO EXCENTRICA EM CONCRETO ARMADO, DN 1500 MM, FURO CIRCULAR DN 530 MM, ESPESSURA 15 CM","UN","CR",74.010000000000005]
["MATERIAL",3742,"LAJE PRE-MOLDADA TRELICADA (LAJOTAS + VIGOTAS) PARA FORRO, UNIDIRECIONAL, SOBRECARGA DE 100 KG/M2, VAO ATE 6,00 M (SEM COLOCACAO)","M2","CR",81.180000000000007]
["MATERIAL",3746,"LAJE PRE-MOLDADA TRELICADA (LAJOTAS + VIGOTAS) PARA PISO, UNIDIRECIONAL, SOBRECARGA DE 200 KG/M2, VAO ATE 6,00 M (SEM COLOCACAO)","M2","CR",73.75]
["MATERIAL",21106,"LAMBRI EM ALUMINIO, DE APROXIMADAMENTE 0,6 KG/M, COM APROXIMADAMENTE 168,0 MM DE LARGURA, 6,0 MM DE ALTURA E 6,0 M DE EXTENSAO","KG","CR",81.180000000000007]
["MATERIAL",38194,"LAMPADA LED 10 W BIVOLT BRANCA, FORMATO TRADICIONAL (BASE E27)","UN","C",85.31]
["MATERIAL",38193,"LAMPADA LED 6 W BIVOLT BRANCA, FORMATO TRADICIONAL (BASE E27)","UN","CR",89.43]
["MATERIAL",39388,"LAMPADA LED TIPO DICROICA BIVOLT, LUZ BRANCA, 5 W (BASE GU10)","UN","CR",103.19]
["MATERIAL",39387,"LAMPADA LED TUBULAR BIVOLT 18/20 W, BASE G13","UN","CR",588.91]
["MATERIAL",39386,"LAMPADA LED TUBULAR BIVOLT 9/10 W, BASE G13","UN","CR",1003.76]
["EQUIPAMENTO (AQUISIÇÃO)",746,"LAVADORA DE ALTA PRESSAO (LAVA - JATO) PARA AGUA FRIA, PRESSAO DE OPERACAO ENTRE 1400 E 1900 LIB/POL2, VAZAO MAXIMA ENTRE 400 E 700 L/H, POTENCIA DE OPERACAO ENTRE 2,50 E 3,00 CV","UN","C",107.05]
["MATERIAL",20269,"LAVATORIO / CUBA DE EMBUTIR, OVAL, DE LOUCA BRANCA, SEM LADRAO, DIMENSOES *50 X 35* CM (L X C)","UN","CR",124.99]
["MATERIAL",20270,"LAVATORIO / CUBA DE EMBUTIR, OVAL, DE LOUCA COLORIDA, SEM LADRAO, DIMENSOES *50 X 35* CM (L X C)","UN","CR",52.27]
["MATERIAL",11696,"LAVATORIO / CUBA DE SOBREPOR, OVAL PEQUENA, DE LOUCA BRANCA, SEM LADRAO, DIMENSOES *44 X 31* CM (L X C)","UN","CR",6.9]
["MATERIAL",10427,"LAVATORIO / CUBA DE SOBREPOR, RETANGULAR, DE LOUCA BRANCA, COM LADRAO, DIMENSOES *52 X 45* CM (L X C)","UN","CR",5.99]
["MATERIAL",10428,"LAVATORIO / CUBA DE SOBREPOR, RETANGULAR, DE LOUCA COLORIDA, COM LADRAO, DIMENSOES *52 X 45* CM (L X C)","UN","CR",8.48]
["MATERIAL",36521,"LAVATORIO DE CANTO DE LOUCA BRANCA, SUSPENSO (SEM COLUNA), DIMENSOES *40 X 30* CM (L X C)","UN","CR",13.23]
["MATERIAL",36794,"LAVATORIO DE LOUCA BRANCA, COM COLUNA, DIMENSOES *44 X 35* CM (L X C)","UN","CR",9.2200000000000006]
["MATERIAL",10426,"LAVATORIO DE LOUCA BRANCA, COM COLUNA, DIMENSOES *54 X 44* CM (L X C)","UN","CR",2.02]
["MATERIAL",10425,"LAVATORIO DE LOUCA BRANCA, SUSPENSO (SEM COLUNA), DIMENSOES *40 X 30* CM","UN","CR",1999.9]
["MATERIAL",10431,"LAVATORIO DE LOUCA COLORIDA, COM COLUNA, DIMENSOES *54 X 44* CM (L X C)","UN","CR",96.42]
["MATERIAL",10429,"LAVATORIO DE LOUCA COLORIDA, SUSPENSO (SEM COLUNA), DIMENSOES *40 X 30* CM (L X C)","UN","CR",106.54]
["MATERIAL",10853,"LETRA ACO INOX (AISI 304), CHAPA NUM. 22, RECORTADO, H= 20 CM (SEM RELEVO)","UN","CR",170.55]
["MATERIAL",5093,"LEVANTADOR DE JANELA GUILHOTINA, EM LATAO CROMADO","PAR","CR",477.26]
["MATERIAL",45254,"LIMA QUADRADA BASTARDA 8\", COM CABO","UN","CR",491.73]
["MATERIAL",45253,"LIMA REDONDA BASTARDA 8\", COM CABO","UN","CR",153.43]
["MATERIAL",44331,"LIMPA VIDROS COM PULVERIZADOR","L","CR",163.33000000000001]
["EQUIPAMENTO (AQUISIÇÃO)",37768,"LIMPADORA A SUCCAO, TANQUE 12000 L, BASCULAMENTO HIDRAULICO, BOMBA 12 M3/MIN 95% VACUO (INCLUI MONTAGEM, NAO INCLUI CAMINHAO)","UN","C",182.9]
["EQUIPAMENTO (AQUISIÇÃO)",37773,"LIMPADORA DE SUCCAO TANQUE 7000 L, BOMBA 12 M3/MIN 95% VACUO (INCLUI MONTAGEM, NAO INCLUI CAMINHAO)","UN","CR",92.79]
["EQUIPAMENTO (AQUISIÇÃO)",37769,"LIMPADORA DE SUCCAO, TANQUE 11000 L, BOMBA 340 M3/MIN (INCLUI MONTAGEM, NAO INCLUI CAMINHAO)","UN","CR",317.67]
["EQUIPAMENTO (AQUISIÇÃO)",37770,"LIMPADORA DE SUCCAO, TANQUE 5500 L, BOMBA 60M3/MIN, VACUO 500 MBAR (INCLUI MONTAGEM, NAO INCLUI CAMINHAO)","UN","CR",156.71]
["MATERIAL",38382,"LINHA PARA PEDREIRO LISA, 0,8 MM X 100 M","UN","CR",111.97]
["MATERIAL",38383,"LIXA D'AGUA EM FOLHA, COR PRETA, GRAO 100","UN","CR",19.27]
["MATERIAL",3768,"LIXA EM FOLHA PARA FERRO, NUMERO 150","UN","CR",28.38]
["MATERIAL",3767,"LIXA EM FOLHA PARA PAREDE OU MADEIRA, NUMERO 120, COR VERMELHA","UN","CR",36.78]
["EQUIPAMENTO (AQUISIÇÃO)",13192,"LIXADEIRA ELETRICA ANGULAR PARA CONCRETO, POTENCIA 1.400 W, PRATO DIAMANTADO DE 5\"","UN","CR",75.16]
["EQUIPAMENTO (AQUISIÇÃO)",38413,"LIXADEIRA ELETRICA ANGULAR, PARA DISCO DE 7\" (180 MM), POTENCIA DE 2.200 W, *5.000* RPM, 220 V","UN","CR"]
["MATERIAL",42440,"LIXEIRA DUPLA, COM CAPACIDADE VOLUMETRICA DE 60L*, FABRICADA EM TUBO DE ACO CARBONO, CESTOS EM CHAPA DE ACO E PINTURA NO PROCESSO ELETROSTATICO - PARA ACADEMIA AO AR LIVRE / ACADEMIA DA TERCEIRA IDADE - ATI","UN","CR"]
["EQUIPAMENTO (LOCAÇÃO)",20193,"LOCACAO DE ANDAIME METALICO TIPO FACHADEIRO, PECAS COM APROXIMADAMENTE 1,20 M DE LARGURA E 2,0 M DE ALTURA, INCLUINDO DIAGONAIS EM X, BARRAS DE LIGACAO, SAPATAS E DEMAIS ITENS NECESSARIOS A MONTAGEM (NAO INCLUI INSTALACAO)","M2XMES","CR"]
["EQUIPAMENTO (LOCAÇÃO)",10527,"LOCACAO DE ANDAIME METALICO TUBULAR DE ENCAIXE, TIPO DE TORRE, CADA PAINEL COM LARGURA DE 1 ATE 1,5 M E ALTURA DE *1,00* M, INCLUINDO DIAGONAL, BARRAS DE LIGACAO, SAPATAS OU RODIZIOS E DEMAIS ITENS NECESSARIOS A MONTAGEM (NAO INCLUI INSTALACAO)","MXMES","C"]
["EQUIPAMENTO (LOCAÇÃO)",41805,"LOCACAO DE ANDAIME SUSPENSO OU BALANCIM MANUAL, CAPACIDADE DE CARGA TOTAL DE APROXIMADAMENTE 250 KG/M2, PLATAFORMA DE 1,50 M X 0,80 M (C X L), CABO DE 45 M","MES","CR",11.61]
["EQUIPAMENTO (LOCAÇÃO)",40271,"LOCACAO DE APRUMADOR METALICO DE PILAR, COM ALTURA E ANGULO REGULAVEIS, EXTENSAO DE *1,50* A *2,80* M","UNXMES","CR",1.84]
["EQUIPAMENTO (LOCAÇÃO)",40287,"LOCACAO DE BARRA DE ANCORAGEM DE 0,80 A 1,20 M DE EXTENSAO, COM ROSCA DE 5/8\", INCLUINDO PORCA E FLANGE","MES","CR",2.62]
["EQUIPAMENTO (LOCAÇÃO)",4084,"LOCACAO DE BOMBA SUBMERSIVEL PARA DRENAGEM E ESGOTAMENTO, MOTOR ELETRICO TRIFASICO, POTENCIA DE 1 CV, DIAMETRO DE RECALQUE DE 2\". FAIXA DE OPERACAO Q=25 M3/H (+ OU - 1 M3/H) E AMT=2 M, Q=12 M3/H (+ OU - 2 M3/H) E AMT = 12 M (+ OU - 2 M)","H","CR",0.88]
["EQUIPAMENTO (LOCAÇÃO)",743,"LOCACAO DE BOMBA SUBMERSIVEL PARA DRENAGEM E ESGOTAMENTO, MOTOR ELETRICO TRIFASICO, POTENCIA DE 2 CV, DIAMETRO DE RECALQUE DE 2\", FAIXA DE OPERACAO Q=35 M3/H (+ OU - 3 M3/H) E AMT=2 M, Q=13 M3/H (+ OU - 3 M3/H) E AMT = 17 M (+ OU - 3 M)","H","C",6203.95]
["EQUIPAMENTO (LOCAÇÃO)",40293,"LOCACAO DE BOMBA SUBMERSIVEL PARA DRENAGEM E ESGOTAMENTO, MOTOR ELETRICO TRIFASICO, POTENCIA DE 2 CV, DIAMETRO DE RECALQUE DE 3\". FAIXA DE OPERACAO Q=70 M3/H (+ OU - 2 M3/H) E AMT=2 M, Q=9,5 M3/H (+ OU - 3,5 M3/H) E AMT = 10 M (+ OU - 2 M)","H","CR",1026.04]
["EQUIPAMENTO (LOCAÇÃO)",40294,"LOCACAO DE BOMBA SUBMERSIVEL PARA DRENAGEM E ESGOTAMENTO, MOTOR ELETRICO TRIFASICO, POTENCIA DE 3 CV, DIAMETRO DE RECALQUE DE 2\", FAIXA DE OPERACAO Q=84 M3/H (+ OU - 2,5 M3/H) E AMT=2 M, Q=9,1 M3/H (+ OU - 2 M3/H) E AMT = 12 M (+ OU - 2 M)","H","CR"]
["EQUIPAMENTO (LOCAÇÃO)",4085,"LOCACAO DE BOMBA SUBMERSIVEL PARA DRENAGEM E ESGOTAMENTO, MOTOR ELETRICO TRIFASICO, POTENCIA DE 4 CV, DIAMETRO DE RECALQUE DE 3\". FAIXA DE OPERACAO Q=60 M3/H (+ OU - 1 M3/H) E AMT=2 M, Q=11 M3/H (+ OU - 1 M3/H) E AMT = 23 M (+ OU - 1 M)","H","CR",21]
["EQUIPAMENTO (LOCAÇÃO)",10779,"LOCACAO DE CONTAINER 2,30 X 4,30 M, ALT. 2,50 M, P/ SANITARIO, C/ 5 BACIAS, 1 LAVATORIO E 4 MICTORIOS (NAO INCLUI MOBILIZACAO/DESMOBILIZACAO)","MES","CR",28]
["EQUIPAMENTO (LOCAÇÃO)",10777,"LOCACAO DE CONTAINER 2,30 X 4,30 M, ALT. 2,50 M, PARA SANITARIO, COM 3 BACIAS, 4 CHUVEIROS, 1 LAVATORIO E 1 MICTORIO (NAO INCLUI MOBILIZACAO/DESMOBILIZACAO)","MES","CR",805]
["EQUIPAMENTO (LOCAÇÃO)",10775,"LOCACAO DE CONTAINER 2,30 X 6,00 M, ALT. 2,50 M, COM 1 SANITARIO, PARA ESCRITORIO, COMPLETO, SEM DIVISORIAS INTERNAS (NAO INCLUI MOBILIZACAO/DESMOBILIZACAO)","MES","C",21.43]
["EQUIPAMENTO (LOCAÇÃO)",10776,"LOCACAO DE CONTAINER 2,30 X 6,00 M, ALT. 2,50 M, PARA ESCRITORIO, SEM DIVISORIAS INTERNAS E SEM SANITARIO (NAO INCLUI MOBILIZACAO/DESMOBILIZACAO)","MES","CR",8.25]
["EQUIPAMENTO (LOCAÇÃO)",10778,"LOCACAO DE CONTAINER 2,30 X 6,00 M, ALT. 2,50 M, PARA SANITARIO, COM 4 BACIAS, 8 CHUVEIROS,1 LAVATORIO E 1 MICTORIO (NAO INCLUI MOBILIZACAO/DESMOBILIZACAO)","MES","CR",2.2200000000000002]
["EQUIPAMENTO (LOCAÇÃO)",40339,"LOCACAO DE CRUZETA, SIMPLES, PARA ESCORA METALICA, COMPRIMENTO ENTRE 50 A 60 CM, PARA ESCORA DE 1,80 A 3,20 METROS E TUBO EXTERNO ATE 48 MM DE DIAMETRO","UNXMES","CR",2.2200000000000002]
["EQUIPAMENTO (LOCAÇÃO)",10749,"LOCACAO DE ESCORA METALICA TELESCOPICA, COM ALTURA REGULAVEL DE *1,80* A *3,20* M, COM CAPACIDADE DE CARGA DE NO MINIMO 1000 KGF (10 KN), INCLUSO TRIPE E FORCADO","UNXMES","CR",2.66]
["EQUIPAMENTO (LOCAÇÃO)",40290,"LOCACAO DE FORMA PLASTICA PARA LAJE NERVURADA, DIMENSOES *60* X *60* X *16* CM","UNXMES","CR",2.2200000000000002]
["EQUIPAMENTO (LOCAÇÃO)",3346,"LOCACAO DE GRUPO GERADOR *80 A 125* KVA, MOTOR DIESEL, REBOCAVEL, ACIONAMENTO MANUAL","H","C",3.1]
["EQUIPAMENTO (LOCAÇÃO)",3348,"LOCACAO DE GRUPO GERADOR ACIMA DE * 125 ATE 180* KVA, MOTOR DIESEL, REBOCAVEL, ACIONAMENTO MANUAL","H","CR"]
["EQUIPAMENTO (LOCAÇÃO)",39833,"LOCACAO DE GRUPO GERADOR DE *260* KVA, DIESEL REBOCAVEL, ACIONAMENTO MANUAL","H","CR"]
["EQUIPAMENTO (LOCAÇÃO)",7252,"LOCACAO DE NIVEL OPTICO, COM PRECISAO DE 0,7 MM, AUMENTO DE 32X","H","CR"]
["EQUIPAMENTO (LOCAÇÃO)",7247,"LOCACAO DE TEODOLITO ELETRONICO, PRECISAO ANGULAR DE 5 A 7 SEGUNDOS, INCLUINDO TRIPE","H","C"]
["EQUIPAMENTO (LOCAÇÃO)",40291,"LOCACAO DE TORRE METALICA COMPLETA PARA UMA CARGA DE 8 TF (80 KN) E PE DIREITO DE 6 M, INCLUINDO MODULOS, DIAGONAIS, SAPATAS E FORCADOS","UNXMES","CR"]
["EQUIPAMENTO (LOCAÇÃO)",40275,"LOCACAO DE VIGA SANDUICHE METALICA VAZADA PARA TRAVAMENTO DE PILARES, ALTURA DE *8* CM, LARGURA DE *6* CM E EXTENSAO DE 2 M","UNXMES","CR",7.51]
["MATERIAL",42408,"LONA PLASTICA EXTRA FORTE PRETA, E = 200 MICRA","M2","CR",24.85]
["MATERIAL",3777,"LONA PLASTICA PESADA PRETA, E = 150 MICRA","M2","C",13.44]
["MATERIAL",44699,"LUBRIFICANTE REDUTOR DE TORQUE E ARRASTO DE ALTO DESEMPENHO, PARA PERFURACAO HORIZONTAL DIRECIONAL, HDD","KG","CR",24.75]
["MATERIAL",3798,"LUMINARIA ABERTA P/ ILUMINACAO PUBLICA, TIPO X-57 PETERCO OU EQUIV","UN","CR",29.61]
["MATERIAL",38769,"LUMINARIA ARANDELA TIPO MEIA-LUA COM VIDRO FOSCO *30 X 15* CM, PARA 1 LAMPADA, BASE E27, POTENCIA MAXIMA 40/60 W (NAO INCLUI LAMPADA)","UN","CR",40.549999999999997]
["MATERIAL",38774,"LUMINARIA DE EMERGENCIA 30 LEDS, POTENCIA 2 W, BATERIA DE LITIO, AUTONOMIA DE 6 HORAS","UN","CR"]
["MATERIAL",42247,"LUMINARIA DE LED PARA ILUMINACAO PUBLICA, DE 138 W ATE 180 W, INVOLUCRO EM ALUMINIO OU ACO INOX","UN","CR"]
["MATERIAL",42248,"LUMINARIA DE LED PARA ILUMINACAO PUBLICA, DE 181 W ATE 239 W, INVOLUCRO EM ALUMINIO OU ACO INOX","UN","CR",700]
["MATERIAL",42249,"LUMINARIA DE LED PARA ILUMINACAO PUBLICA, DE 240 W ATE 350 W, INVOLUCRO EM ALUMINIO OU ACO INOX","UN","CR",22.4]
["MATERIAL",42244,"LUMINARIA DE LED PARA ILUMINACAO PUBLICA, DE 33 W ATE 50 W, INVOLUCRO EM ALUMINIO OU ACO INOX","UN","CR",1.76]
["MATERIAL",42245,"LUMINARIA DE LED PARA ILUMINACAO PUBLICA, DE 51 W ATE 67 W, INVOLUCRO EM ALUMINIO OU ACO INOX","UN","CR",1.55]
["MATERIAL",42246,"LUMINARIA DE LED PARA ILUMINACAO PUBLICA, DE 68 W ATE 97 W, INVOLUCRO EM ALUMINIO OU ACO INOX","UN","CR",46.23]
["MATERIAL",42243,"LUMINARIA DE LED PARA ILUMINACAO PUBLICA, DE 98 W ATE 137 W, INVOLUCRO EM ALUMINIO OU ACO INOX","UN","CR"]
["MATERIAL",38889,"LUMINARIA DE SOBREPOR EM CHAPA DE ACO COM ALETAS PLASTICAS, PARA 1 LAMPADA, BASE E27, POTENCIA MAXIMA 40/60 W (NAO INCLUI LAMPADA)","UN","CR"]
["MATERIAL",38784,"LUMINARIA DE SOBREPOR EM CHAPA DE ACO COM ALETAS PLASTICAS, PARA 2 LAMPADAS, BASE E27, POTENCIA MAXIMA 40/60 W (NAO INCLUI LAMPADAS)","UN","CR",17.329999999999998]
["MATERIAL",3780,"LUMINARIA DE SOBREPOR EM CHAPA DE ACO PARA 1 LAMPADA FLUORESCENTE DE *36* W, ALETADA, COMPLETA (LAMPADA E REATOR INCLUSOS)","UN","C",591.66]
["MATERIAL",38773,"LUMINARIA DE TETO PLAFON/PLAFONIER EM PLASTICO COM BASE E27, POTENCIA MAXIMA 60 W (NAO INCLUI LAMPADA)","UN","CR",687.26]
["MATERIAL",12271,"LUMINARIA DUPLA P/SINALIZACAO, TIPO WETZEL AS-2/110 OU EQUIV","UN","CR",1138.55]
["MATERIAL",39385,"LUMINARIA LED PLAFON REDONDO DE SOBREPOR BIVOLT 12/13 W, D = *17* CM","UN","CR",177.81]
["MATERIAL",39389,"LUMINARIA LED REFLETOR RETANGULAR BIVOLT, LUZ BRANCA, 10 W","UN","CR",328.11]
["MATERIAL",39390,"LUMINARIA LED REFLETOR RETANGULAR BIVOLT, LUZ BRANCA, 30 W","UN","CR",363.2]
["MATERIAL",39391,"LUMINARIA LED REFLETOR RETANGULAR BIVOLT, LUZ BRANCA, 50 W","UN","CR",437.95]
["MATERIAL",3803,"LUMINARIA PLAFON REDONDO COM VIDRO FOSCO DIAMETRO *25* CM, PARA 1 LAMPADA, BASE E27, POTENCIA MAXIMA 40/60 W (NAO INCLUI LAMPADA)","UN","CR"]
["MATERIAL",38770,"LUMINARIA PLAFON REDONDO COM VIDRO FOSCO DIAMETRO *30* CM, PARA 2 LAMPADAS, BASE E27, POTENCIA MAXIMA 40/60 W (NAO INCLUI LAMPADAS)","UN","CR"]
["MATERIAL",12267,"LUMINARIA PROVA DE TEMPO PETERCO Y.31/1","UN","CR"]
["MATERIAL",43265,"LUMINARIA SOLAR LED EXTERNA, TIPO ARANDELA DE PAREDE, EM ALUMINIO, 16 LEDS, LUZ BRANCA, *180* LUMENS, CAPACIDADE DE ILUMINACAO ATE 36 H, RETANGULAR, *13 X 9 X 7* (C X L X A), COM SENSOR DE MOVIMENTO / PRESENCA, BATERIA RECARREGAVEL COM LUZ SOLAR, RESISTENTE AO CALOR, A PROVA DE AGUA E POEIRA/ IMPERMEAVEL, IP65","UN","CR"]
["MATERIAL",12266,"LUMINARIA SPOT DE SOBREPOR EM ALUMINIO COM ALETA PLASTICA PARA 1 LAMPADA, BASE E27, POTENCIA MAXIMA 40/60 W (NAO INCLUI LAMPADA)","UN","CR"]
["MATERIAL",39378,"LUMINARIA SPOT DE SOBREPOR EM ALUMINIO COM ALETA PLASTICA PARA 2 LAMPADAS, BASE E27, POTENCIA MAXIMA 40/60 W (NAO INCLUI LAMPADA)","UN","CR",15.85]
["MATERIAL",43543,"LUMINARIA TIPO TARTARUGA A PROVA DE TEMPO, GASES, VAPOR E PO, EM ALUMINIO, COM GRADE, BASE E27, POTENCIA MAXIMA 100 W (NAO INCLUI LAMPADA)","UN","CR",17.2]
["MATERIAL",38775,"LUMINARIA TIPO TARTARUGA PARA AREA EXTERNA EM ALUMINIO, COM GRADE, PARA 1 LAMPADA, BASE E27, POTENCIA MAXIMA 40/60 W (NAO INCLUI LAMPADA)","UN","CR",36.06]
["MATERIAL",44252,"LUVA CPVC, SOLDAVEL, 114 MM, PARA AGUA QUENTE PREDIAL","UN","CR",40.479999999999997]
["MATERIAL",21119,"LUVA CPVC, SOLDAVEL, 15 MM, PARA AGUA QUENTE PREDIAL","UN","CR"]
["MATERIAL",37974,"LUVA CPVC, SOLDAVEL, 22 MM, PARA AGUA QUENTE PREDIAL","UN","CR"]
["MATERIAL",37975,"LUVA CPVC, SOLDAVEL, 28 MM, PARA AGUA QUENTE PREDIAL","UN","CR"]
["MATERIAL",37976,"LUVA CPVC, SOLDAVEL, 35 MM, PARA AGUA QUENTE PREDIAL","UN","CR",49.58]
["MATERIAL",37977,"LUVA CPVC, SOLDAVEL, 42 MM, PARA AGUA QUENTE PREDIAL","UN","CR"]
["MATERIAL",37978,"LUVA CPVC, SOLDAVEL, 54 MM, PARA AGUA QUENTE PREDIAL","UN","CR"]
["MATERIAL",37979,"LUVA CPVC, SOLDAVEL, 73 MM, PARA AGUA QUENTE PREDIAL","UN","CR"]
["MATERIAL",37980,"LUVA CPVC, SOLDAVEL, 89 MM, PARA AGUA QUENTE PREDIAL","UN","CR"]
["MATERIAL",36147,"LUVA DE BORRACHA ISOLANTE PARA ALTA TENSAO, RESISTENTE A OZONIO, TENSAO DE ENSAIO 2,5 KV (PAR)","PAR","CR",187.18]
["MATERIAL",12731,"LUVA DE COBRE SEM ANEL DE SOLDA, BOLSA X BOLSA, 104 MM","UN","CR",1.88]
["MATERIAL",12723,"LUVA DE COBRE SEM ANEL DE SOLDA, BOLSA X BOLSA, 15 MM","UN","CR",2.4300000000000002]
["MATERIAL",12724,"LUVA DE COBRE SEM ANEL DE SOLDA, BOLSA X BOLSA, 22 MM","UN","CR",5.4]
["MATERIAL",12725,"LUVA DE COBRE SEM ANEL DE SOLDA, BOLSA X BOLSA, 28 MM","UN","CR",12.03]
["MATERIAL",12726,"LUVA DE COBRE SEM ANEL DE SOLDA, BOLSA X BOLSA, 35 MM","UN","CR",16.649999999999999]
["MATERIAL",12727,"LUVA DE COBRE SEM ANEL DE SOLDA, BOLSA X BOLSA, 42 MM","UN","CR",33.020000000000003]
["MATERIAL",12728,"LUVA DE COBRE SEM ANEL DE SOLDA, BOLSA X BOLSA, 54 MM","UN","CR",140.13]
["MATERIAL",12729,"LUVA DE COBRE SEM ANEL DE SOLDA, BOLSA X BOLSA, 66 MM","UN","CR",160.97]
["MATERIAL",12730,"LUVA DE COBRE SEM ANEL DE SOLDA, BOLSA X BOLSA, 79 MM","UN","CR",307.77999999999997]
["MATERIAL",3840,"LUVA DE CORRER COM TRAVAS DEFOFO, PVC, JE, DN 100 MM","UN","CR"]
["MATERIAL",3838,"LUVA DE CORRER COM TRAVAS DEFOFO, PVC, JE, DN 150 MM","UN","CR"]
["MATERIAL",3844,"LUVA DE CORRER COM TRAVAS DEFOFO, PVC, JE, DN 200 MM","UN","CR"]
["MATERIAL",3839,"LUVA DE CORRER COM TRAVAS DEFOFO, PVC, JE, DN 250 MM","UN","CR"]
["MATERIAL",3843,"LUVA DE CORRER COM TRAVAS DEFOFO, PVC, JE, DN 300 MM","UN","CR"]
["MATERIAL",3900,"LUVA DE CORRER PARA TUBO ROSCAVEL, PVC, 1 1/2\", PARA AGUA FRIA PREDIAL","UN","CR"]
["MATERIAL",3846,"LUVA DE CORRER PARA TUBO ROSCAVEL, PVC, 1/2\", PARA AGUA FRIA PREDIAL","UN","CR"]
["MATERIAL",3886,"LUVA DE CORRER PARA TUBO ROSCAVEL, PVC, 3/4\", PARA AGUA FRIA PREDIAL","UN","CR"]
["MATERIAL",3854,"LUVA DE CORRER PARA TUBO SOLDAVEL, PVC, 20 MM, PARA AGUA FRIA PREDIAL","UN","CR"]
["MATERIAL",3873,"LUVA DE CORRER PARA TUBO SOLDAVEL, PVC, 25 MM, PARA AGUA FRIA PREDIAL","UN","CR"]
["MATERIAL",38021,"LUVA DE CORRER PARA TUBO SOLDAVEL, PVC, 32 MM, PARA AGUA FRIA PREDIAL","UN","CR"]
["MATERIAL",43838,"LUVA DE CORRER PARA TUBO SOLDAVEL, PVC, 40 MM, PARA AGUA FRIA PREDIAL","UN","CR"]
["MATERIAL",3847,"LUVA DE CORRER PARA TUBO SOLDAVEL, PVC, 50 MM, PARA AGUA FRIA PREDIAL","UN","CR"]
["MATERIAL",38022,"LUVA DE CORRER PARA TUBO SOLDAVEL, PVC, 60 MM, PARA AGUA FRIA PREDIAL","UN","CR"]
["MATERIAL",3826,"LUVA DE CORRER PVC PBA, JE, DN 100 / DE 110 MM, PARA REDE DE AGUA","UN","CR",45.92]
["MATERIAL",3825,"LUVA DE CORRER PVC PBA, JE, DN 50 / DE 60 MM, PARA REDE DE AGUA","UN","CR",13.8]
["MATERIAL",3827,"LUVA DE CORRER PVC PBA, JE, DN 75 / DE 85 MM, PARA REDE DE AGUA","UN","CR",18.32]
["MATERIAL",3830,"LUVA DE CORRER PVC, JE, DN 250 MM, PARA REDE COLETORA DE ESGOTO","UN","CR",10.44]
["MATERIAL",37981,"LUVA DE CORRER, CPVC, SOLDAVEL, 15 MM, PARA AGUA QUENTE PREDIAL","UN","CR",12.15]
["MATERIAL",37982,"LUVA DE CORRER, CPVC, SOLDAVEL, 22 MM, PARA AGUA QUENTE PREDIAL","UN","CR",21.58]
["MATERIAL",37983,"LUVA DE CORRER, CPVC, SOLDAVEL, 28 MM, PARA AGUA QUENTE PREDIAL","UN","CR",27.89]
["MATERIAL",37984,"LUVA DE CORRER, CPVC, SOLDAVEL, 35 MM, PARA AGUA QUENTE PREDIAL","UN","CR",28.13]
["MATERIAL",37985,"LUVA DE CORRER, CPVC, SOLDAVEL, 42 MM, PARA AGUA QUENTE PREDIAL","UN","CR",38.659999999999997]
["MATERIAL",20165,"LUVA DE CORRER, PVC SERIE R, 100 MM, PARA ESGOTO PREDIAL","UN","CR"]
["MATERIAL",20166,"LUVA DE CORRER, PVC SERIE R, 150 MM, PARA ESGOTO PREDIAL","UN","CR"]
["MATERIAL",20164,"LUVA DE CORRER, PVC SERIE R, 75 MM, PARA ESGOTO PREDIAL","UN","CR"]
["MATERIAL",3893,"LUVA DE CORRER, PVC, DN 100 MM, PARA ESGOTO PREDIAL","UN","CR",155.84]
["MATERIAL",3848,"LUVA DE CORRER, PVC, DN 50 MM, PARA ESGOTO PREDIAL","UN","CR",7.01]
["MATERIAL",3895,"LUVA DE CORRER, PVC, DN 75 MM, PARA ESGOTO PREDIAL","UN","CR",10.17]
["MATERIAL",12404,"LUVA DE FERRO GALVANIZADO, COM ROSCA BSP MACHO/FEMEA, DE 3/4\"","UN","CR",15.04]
["MATERIAL",3939,"LUVA DE FERRO GALVANIZADO, COM ROSCA BSP, DE 1 1/2\"","UN","CR",21.13]
["MATERIAL",3911,"LUVA DE FERRO GALVANIZADO, COM ROSCA BSP, DE 1 1/4\"","UN","CR",30.02]
["MATERIAL",3910,"LUVA DE FERRO GALVANIZADO, COM ROSCA BSP, DE 1\"","UN","CR",19.32]
["MATERIAL",3908,"LUVA DE FERRO GALVANIZADO, COM ROSCA BSP, DE 1/2\"","UN","CR",59]
["MATERIAL",3913,"LUVA DE FERRO GALVANIZADO, COM ROSCA BSP, DE 2 1/2\"","UN","CR",9.2799999999999994]
["MATERIAL",3912,"LUVA DE FERRO GALVANIZADO, COM ROSCA BSP, DE 2\"","UN","CR",14.54]
["MATERIAL",3914,"LUVA DE FERRO GALVANIZADO, COM ROSCA BSP, DE 3\"","UN","CR",8.8699999999999992]
["MATERIAL",3909,"LUVA DE FERRO GALVANIZADO, COM ROSCA BSP, DE 3/4\"","UN","CR",9.85]
["MATERIAL",3915,"LUVA DE FERRO GALVANIZADO, COM ROSCA BSP, DE 4\"","UN","CR"]
["MATERIAL",3916,"LUVA DE FERRO GALVANIZADO, COM ROSCA BSP, DE 5\"","UN","CR"]
["MATERIAL",3917,"LUVA DE FERRO GALVANIZADO, COM ROSCA BSP, DE 6\"","UN","CR"]
["MATERIAL",1904,"LUVA DE PRESSAO, EM PVC, DE 20 MM, PARA ELETRODUTO FLEXIVEL","UN","CR"]
["MATERIAL",1899,"LUVA DE PRESSAO, EM PVC, DE 25 MM, PARA ELETRODUTO FLEXIVEL","UN","CR"]
["MATERIAL",1900,"LUVA DE PRESSAO, EM PVC, DE 32 MM, PARA ELETRODUTO FLEXIVEL","UN","CR"]
["MATERIAL",12407,"LUVA DE REDUCAO DE FERRO GALVANIZADO, COM ROSCA BSP MACHO/FEMEA, DE 1 1/2\" X 1\"","UN","CR"]
["MATERIAL",12408,"LUVA DE REDUCAO DE FERRO GALVANIZADO, COM ROSCA BSP MACHO/FEMEA, DE 1\" X 1/2\"","UN","CR"]
["MATERIAL",12409,"LUVA DE REDUCAO DE FERRO GALVANIZADO, COM ROSCA BSP MACHO/FEMEA, DE 1\" X 3/4\"","UN","CR"]
["MATERIAL",12410,"LUVA DE REDUCAO DE FERRO GALVANIZADO, COM ROSCA BSP MACHO/FEMEA, DE 3/4\" X 1/2\"","UN","CR"]
["MATERIAL",3936,"LUVA DE REDUCAO DE FERRO GALVANIZADO, COM ROSCA BSP, DE 1 1/2\" X 1 1/4\"","UN","CR"]
["MATERIAL",3924,"LUVA DE REDUCAO DE FERRO GALVANIZADO, COM ROSCA BSP, DE 1 1/2\" X 1\"","UN","CR"]
["MATERIAL",3922,"LUVA DE REDUCAO DE FERRO GALVANIZADO, COM ROSCA BSP, DE 1 1/2\" X 1/2\"","UN","CR",3.44]
["MATERIAL",3923,"LUVA DE REDUCAO DE FERRO GALVANIZADO, COM ROSCA BSP, DE 1 1/2\" X 3/4\"","UN","CR",1.39]
["MATERIAL",3921,"LUVA DE REDUCAO DE FERRO GALVANIZADO, COM ROSCA BSP, DE 1 1/4\" X 1\"","UN","CR",1.57]
["MATERIAL",3937,"LUVA DE REDUCAO DE FERRO GALVANIZADO, COM ROSCA BSP, DE 1 1/4\" X 1/2\"","UN","CR",2.5499999999999998]
["MATERIAL",3920,"LUVA DE REDUCAO DE FERRO GALVANIZADO, COM ROSCA BSP, DE 1 1/4\" X 3/4\"","UN","CR"]
["MATERIAL",3938,"LUVA DE REDUCAO DE FERRO GALVANIZADO, COM ROSCA BSP, DE 1\" X 1/2\"","UN","CR"]
["MATERIAL",3919,"LUVA DE REDUCAO DE FERRO GALVANIZADO, COM ROSCA BSP, DE 1\" X 3/4\"","UN","CR"]
["MATERIAL",3927,"LUVA DE REDUCAO DE FERRO GALVANIZADO, COM ROSCA BSP, DE 2 1/2\" X 1 1/2\"","UN","CR"]
["MATERIAL",3928,"LUVA DE REDUCAO DE FERRO GALVANIZADO, COM ROSCA BSP, DE 2 1/2\" X 2\"","UN","CR"]
["MATERIAL",3926,"LUVA DE REDUCAO DE FERRO GALVANIZADO, COM ROSCA BSP, DE 2\" X 1 1/2\"","UN","CR"]
["MATERIAL",3935,"LUVA DE REDUCAO DE FERRO GALVANIZADO, COM ROSCA BSP, DE 2\" X 1 1/4\"","UN","CR"]
["MATERIAL",3925,"LUVA DE REDUCAO DE FERRO GALVANIZADO, COM ROSCA BSP, DE 2\" X 1\"","UN","CR"]
["MATERIAL",3929,"LUVA DE REDUCAO DE FERRO GALVANIZADO, COM ROSCA BSP, DE 3\" X 1 1/2\"","UN","CR"]
["MATERIAL",3931,"LUVA DE REDUCAO DE FERRO GALVANIZADO, COM ROSCA BSP, DE 3\" X 2 1/2\"","UN","CR"]
["MATERIAL",3930,"LUVA DE REDUCAO DE FERRO GALVANIZADO, COM ROSCA BSP, DE 3\" X 2\"","UN","CR"]
["MATERIAL",12406,"LUVA DE REDUCAO DE FERRO GALVANIZADO, COM ROSCA BSP, DE 3/4\" X 1/2\"","UN","CR"]
["MATERIAL",3932,"LUVA DE REDUCAO DE FERRO GALVANIZADO, COM ROSCA BSP, DE 4\" X 2 1/2\"","UN","CR"]
["MATERIAL",3933,"LUVA DE REDUCAO DE FERRO GALVANIZADO, COM ROSCA BSP, DE 4\" X 2\"","UN","CR"]
["MATERIAL",3934,"LUVA DE REDUCAO DE FERRO GALVANIZADO, COM ROSCA BSP, DE 4\" X 3\"","UN","CR"]
["MATERIAL",40355,"LUVA DE REDUCAO EM ACO CARBONO, COM ENCAIXE PARA SOLDA DN SW, PRESSAO 3.000 LBS, 3/4\" X 1/2\"","UN","CR"]
["MATERIAL",40364,"LUVA DE REDUCAO EM ACO CARBONO, COM ENCAIXE PARA SOLDA DN SW, PRESSAO 3.000 LBS, DN 1 1/2\" X 1 1/4\"","UN","CR"]
["MATERIAL",40361,"LUVA DE REDUCAO EM ACO CARBONO, COM ENCAIXE PARA SOLDA DN SW, PRESSAO 3.000 LBS, DN 1 1/4\" X 1\"","UN","CR"]
["MATERIAL",40358,"LUVA DE REDUCAO EM ACO CARBONO, COM ENCAIXE PARA SOLDA DN SW, PRESSAO 3.000 LBS, DN 1\" X 3/4\"","UN","CR"]
["MATERIAL",40370,"LUVA DE REDUCAO EM ACO CARBONO, COM ENCAIXE PARA SOLDA DN SW, PRESSAO 3.000 LBS, DN 2 1/2\" X 2\"","UN","CR"]
["MATERIAL",40367,"LUVA DE REDUCAO EM ACO CARBONO, COM ENCAIXE PARA SOLDA DN SW, PRESSAO 3.000 LBS, DN 2\" X 1 1/2\"","UN","CR"]
["MATERIAL",40373,"LUVA DE REDUCAO EM ACO CARBONO, COM ENCAIXE PARA SOLDA DN SW, PRESSAO 3.000 LBS, DN 3\" X 2 1/2\"","UN","CR"]
["MATERIAL",3907,"LUVA DE REDUCAO ROSCAVEL, PVC, 1\" X 3/4\", PARA AGUA FRIA PREDIAL","UN","CR"]
["MATERIAL",3889,"LUVA DE REDUCAO ROSCAVEL, PVC, 3/4\" X 1/2\", PARA AGUA FRIA PREDIAL","UN","CR"]
["MATERIAL",3868,"LUVA DE REDUCAO SOLDAVEL, PVC, 25 MM X 20 MM, PARA AGUA FRIA PREDIAL","UN","CR"]
["MATERIAL",3869,"LUVA DE REDUCAO SOLDAVEL, PVC, 32 MM X 25 MM, PARA AGUA FRIA PREDIAL","UN","CR"]
["MATERIAL",3872,"LUVA DE REDUCAO SOLDAVEL, PVC, 40 MM X 32 MM, PARA AGUA FRIA PREDIAL","UN","CR"]
["MATERIAL",3850,"LUVA DE REDUCAO SOLDAVEL, PVC, 60 MM X 50 MM, PARA AGUA FRIA PREDIAL","UN","CR"]
["MATERIAL",38023,"LUVA DE REDUCAO, SOLDAVEL, PVC, 50 X 25 MM, PARA AGUA FRIA PREDIAL","UN","CR"]
["MATERIAL",37986,"LUVA DE TRANSICAO DE CPVC X PVC, SOLDAVEL, 22 X 25 MM, PARA AGUA QUENTE","UN","CR"]
["MATERIAL",21120,"LUVA DE TRANSICAO, CPVC, 15 MM X 1/2\", PARA AGUA QUENTE PREDIAL","UN","CR"]
["MATERIAL",39318,"LUVA DE TRANSICAO, CPVC, 22 MM X 1/2\", PARA AGUA QUENTE","UN","CR"]
["MATERIAL",37987,"LUVA DE TRANSICAO, CPVC, SOLDAVEL, 42 MM X 1 1/2\", PARA AGUA QUENTE","UN","CR",5.29]
["MATERIAL",37988,"LUVA DE TRANSICAO, CPVC, SOLDAVEL, 54 MM X 2\", PARA AGUA QUENTE PREDIAL","UN","CR",3.76]
["MATERIAL",40366,"LUVA EM ACO CARBONO, SOLDAVEL, PRESSAO 3.000 LBS, DN 1 1/2\"","UN","CR",1.38]
["MATERIAL",40363,"LUVA EM ACO CARBONO, SOLDAVEL, PRESSAO 3.000 LBS, DN 1 1/4\"","UN","CR",3.06]
["MATERIAL",40360,"LUVA EM ACO CARBONO, SOLDAVEL, PRESSAO 3.000 LBS, DN 1\"","UN","CR",5.22]
["MATERIAL",40354,"LUVA EM ACO CARBONO, SOLDAVEL, PRESSAO 3.000 LBS, DN 1/2\"","UN","C",12.04]
["MATERIAL",40372,"LUVA EM ACO CARBONO, SOLDAVEL, PRESSAO 3.000 LBS, DN 2 1/2\"","UN","CR",6.13]
["MATERIAL",40369,"LUVA EM ACO CARBONO, SOLDAVEL, PRESSAO 3.000 LBS, DN 2\"","UN","CR",2.39]
["MATERIAL",40375,"LUVA EM ACO CARBONO, SOLDAVEL, PRESSAO 3.000 LBS, DN 3\"","UN","CR",12.21]
["MATERIAL",40357,"LUVA EM ACO CARBONO, SOLDAVEL, PRESSAO 3.000 LBS, DN 3/4\"","UN","CR",11.36]
["MATERIAL",1893,"LUVA EM PVC RIGIDO ROSCAVEL, DE 1 1/2\", PARA ELETRODUTO","UN","CR",119.4]
["MATERIAL",1902,"LUVA EM PVC RIGIDO ROSCAVEL, DE 1 1/4\", PARA ELETRODUTO","UN","CR",189.74]
["MATERIAL",1892,"LUVA EM PVC RIGIDO ROSCAVEL, DE 1\", PARA ELETRODUTO","UN","CR"]
["MATERIAL",1901,"LUVA EM PVC RIGIDO ROSCAVEL, DE 1/2\", PARA ELETRODUTO","UN","CR"]
["MATERIAL",1907,"LUVA EM PVC RIGIDO ROSCAVEL, DE 2 1/2\", PARA ELETRODUTO","UN","CR"]
["MATERIAL",1894,"LUVA EM PVC RIGIDO ROSCAVEL, DE 2\", PARA ELETRODUTO","UN","CR"]
["MATERIAL",1896,"LUVA EM PVC RIGIDO ROSCAVEL, DE 3\", PARA ELETRODUTO","UN","CR"]
["MATERIAL",1891,"LUVA EM PVC RIGIDO ROSCAVEL, DE 3/4\", PARA ELETRODUTO","UN","CR"]
["MATERIAL",1895,"LUVA EM PVC RIGIDO ROSCAVEL, DE 4\", PARA ELETRODUTO","UN","CR"]
["MATERIAL",2641,"LUVA PARA ELETRODUTO, EM ACO GALVANIZADO ELETROLITICO, COM ROSCA, DIAMETRO DE 100 MM (4\")","UN","CR"]
["MATERIAL",2636,"LUVA PARA ELETRODUTO, EM ACO GALVANIZADO ELETROLITICO, COM ROSCA, DIAMETRO DE 15 MM (1/2\")","UN","CR",5.24]
["MATERIAL",2637,"LUVA PARA ELETRODUTO, EM ACO GALVANIZADO ELETROLITICO, COM ROSCA, DIAMETRO DE 20 MM (3/4\")","UN","CR",3.81]
["MATERIAL",2638,"LUVA PARA ELETRODUTO, EM ACO GALVANIZADO ELETROLITICO, COM ROSCA, DIAMETRO DE 25 MM (1\")","UN","CR",2.4500000000000002]
["MATERIAL",2639,"LUVA PARA ELETRODUTO, EM ACO GALVANIZADO ELETROLITICO, COM ROSCA, DIAMETRO DE 32 MM (1 1/4\")","UN","CR",1.19]
["MATERIAL",2644,"LUVA PARA ELETRODUTO, EM ACO GALVANIZADO ELETROLITICO, COM ROSCA, DIAMETRO DE 40 MM (1 1/2\")","UN","CR",16.850000000000001]
["MATERIAL",2640,"LUVA PARA ELETRODUTO, EM ACO GALVANIZADO ELETROLITICO, COM ROSCA, DIAMETRO DE 65 MM (2 1/2\")","UN","CR",7.58]
["MATERIAL",2642,"LUVA PARA ELETRODUTO, EM ACO GALVANIZADO ELETROLITICO, COM ROSCA, DIAMETRO DE 80 MM (3\")","UN","CR",22.63]
["MATERIAL",2643,"LUVA PARA ELETRODUTO, EM ACO GALVANIZADO ELETROLITICO, COM ROSCA,DIAMETRO DE 50 MM (2\")","UN","CR",1.76]
["EQUIPAMENTO (AQUISIÇÃO)",44281,"LUVA PARA PERFURATRIZ DE ESTEIRA T38, D = 1 1/2\"","UN","CR",39.76]
["MATERIAL",39855,"LUVA PASSANTE DE COBRE SEM ANEL DE SOLDA, BOLSA 15 MM","UN","CR"]
["MATERIAL",39856,"LUVA PASSANTE DE COBRE SEM ANEL DE SOLDA, BOLSA 22 MM","UN","CR"]
["MATERIAL",39857,"LUVA PASSANTE DE COBRE SEM ANEL DE SOLDA, BOLSA 28 MM","UN","CR"]
["MATERIAL",39858,"LUVA PASSANTE DE COBRE SEM ANEL DE SOLDA, BOLSA 35 MM","UN","CR"]
["MATERIAL",39859,"LUVA PASSANTE DE COBRE SEM ANEL DE SOLDA, BOLSA 42 MM","UN","CR"]
["MATERIAL",39860,"LUVA PASSANTE DE COBRE SEM ANEL DE SOLDA, BOLSA 54 MM","UN","CR"]
["MATERIAL",39861,"LUVA PASSANTE DE COBRE SEM ANEL DE SOLDA, BOLSA 66 MM","UN","CR"]
["MATERIAL",3867,"LUVA PVC SOLDAVEL, 110 MM, PARA AGUA FRIA PREDIAL","UN","CR"]
["MATERIAL",3861,"LUVA PVC SOLDAVEL, 20 MM, PARA AGUA FRIA PREDIAL","UN","CR"]
["MATERIAL",3904,"LUVA PVC SOLDAVEL, 25 MM, PARA AGUA FRIA PREDIAL","UN","CR",265.93]
["MATERIAL",3903,"LUVA PVC SOLDAVEL, 32 MM, PARA AGUA FRIA PREDIAL","UN","CR"]
["MATERIAL",3862,"LUVA PVC SOLDAVEL, 40 MM, PARA AGUA FRIA PREDIAL","UN","CR"]
["MATERIAL",3863,"LUVA PVC SOLDAVEL, 50 MM, PARA AGUA FRIA PREDIAL","UN","CR"]
["MATERIAL",3864,"LUVA PVC SOLDAVEL, 60 MM, PARA AGUA FRIA PREDIAL","UN","CR"]
["MATERIAL",3865,"LUVA PVC SOLDAVEL, 75 MM, PARA AGUA FRIA PREDIAL","UN","CR"]
["MATERIAL",3866,"LUVA PVC SOLDAVEL, 85 MM, PARA AGUA FRIA PREDIAL","UN","CR"]
["MATERIAL",3878,"LUVA PVC, ROSCAVEL, 1 1/2\", AGUA FRIA PREDIAL","UN","CR"]
["MATERIAL",3876,"LUVA PVC, ROSCAVEL, 1\", AGUA FRIA PREDIAL","UN","CR",73.34]
["MATERIAL",3883,"LUVA PVC, ROSCAVEL, 1/2\", AGUA FRIA PREDIAL","UN","CR",0.76]
["MATERIAL",3884,"LUVA PVC, ROSCAVEL, 3/4\", AGUA FRIA PREDIAL","UN","CR",0.81]
["MATERIAL",12892,"LUVA RASPA DE COURO, CANO CURTO (PUNHO *7* CM)","PAR","CR",1.97]
["MATERIAL",38447,"LUVA SIMPLES PPR, F/F, SOLDAVEL, DN 110 MM, PARA AGUA QUENTE PREDIAL","UN","CR",4.1900000000000004]
["MATERIAL",36320,"LUVA SIMPLES PPR, F/F, SOLDAVEL, DN 20 MM, PARA AGUA QUENTE PREDIAL","UN","CR",4.29]
["MATERIAL",36324,"LUVA SIMPLES PPR, F/F, SOLDAVEL, DN 25 MM, PARA AGUA QUENTE PREDIAL","UN","CR",13.15]
["MATERIAL",38441,"LUVA SIMPLES PPR, F/F, SOLDAVEL, DN 32 MM, PARA AGUA QUENTE PREDIAL","UN","CR",19.239999999999998]
["MATERIAL",38442,"LUVA SIMPLES PPR, F/F, SOLDAVEL, DN 40 MM, PARA AGUA QUENTE PREDIAL","UN","CR",43.19]
["MATERIAL",38443,"LUVA SIMPLES PPR, F/F, SOLDAVEL, DN 50 MM, PARA AGUA QUENTE PREDIAL","UN","CR",11.78]
["MATERIAL",38444,"LUVA SIMPLES PPR, F/F, SOLDAVEL, DN 63 MM, PARA AGUA QUENTE PREDIAL","UN","CR",4.6900000000000004]
["MATERIAL",38445,"LUVA SIMPLES PPR, F/F, SOLDAVEL, DN 75 MM, PARA AGUA QUENTE PREDIAL","UN","CR",1.51]
["MATERIAL",38446,"LUVA SIMPLES PPR, F/F, SOLDAVEL, DN 90 MM, PARA AGUA QUENTE PREDIAL","UN","CR",2.38]
["MATERIAL",3837,"LUVA SIMPLES PVC PBA, JE, DN 100 / DE 110 MM, PARA REDE DE AGUA","UN","CR",13.01]
["MATERIAL",3845,"LUVA SIMPLES PVC PBA, JE, DN 50 / DE 60 MM, PARA REDE DE AGUA","UN","CR"]
["MATERIAL",11045,"LUVA SIMPLES PVC PBA, JE, DN 75 / DE 85 MM, PARA REDE DE AGUA","UN","CR"]
["MATERIAL",20170,"LUVA SIMPLES, PVC SERIE R, 100 MM, PARA ESGOTO PREDIAL","UN","CR"]
["MATERIAL",20171,"LUVA SIMPLES, PVC SERIE R, 150 MM, PARA ESGOTO PREDIAL","UN","CR"]
["MATERIAL",20167,"LUVA SIMPLES, PVC SERIE R, 40 MM, PARA ESGOTO PREDIAL","UN","CR"]
["MATERIAL",20168,"LUVA SIMPLES, PVC SERIE R, 50 MM, PARA ESGOTO PREDIAL","UN","CR"]
["MATERIAL",20169,"LUVA SIMPLES, PVC SERIE R, 75 MM, PARA ESGOTO PREDIAL","UN","CR"]
["MATERIAL",3899,"LUVA SIMPLES, PVC, SOLDAVEL, DN 100 MM, SERIE NORMAL, PARA ESGOTO PREDIAL","UN","CR"]
["MATERIAL",38676,"LUVA SIMPLES, PVC, SOLDAVEL, DN 150 MM, SERIE NORMAL, PARA ESGOTO PREDIAL","UN","CR"]
["MATERIAL",3897,"LUVA SIMPLES, PVC, SOLDAVEL, DN 40 MM, SERIE NORMAL, PARA ESGOTO PREDIAL","UN","CR"]
["MATERIAL",3875,"LUVA SIMPLES, PVC, SOLDAVEL, DN 50 MM, SERIE NORMAL, PARA ESGOTO PREDIAL","UN","CR"]
["MATERIAL",3898,"LUVA SIMPLES, PVC, SOLDAVEL, DN 75 MM, SERIE NORMAL, PARA ESGOTO PREDIAL","UN","CR"]
["MATERIAL",3855,"LUVA SOLDAVEL COM BUCHA DE LATAO, PVC, 20 MM X 1/2\"","UN","CR",10.7]
["MATERIAL",3874,"LUVA SOLDAVEL COM BUCHA DE LATAO, PVC, 25 MM X 1/2\"","UN","CR",30.86]
["MATERIAL",3870,"LUVA SOLDAVEL COM BUCHA DE LATAO, PVC, 25 MM X 3/4\"","UN","CR",3.88]
["MATERIAL",38678,"LUVA SOLDAVEL COM BUCHA DE LATAO, PVC, 32 MM X 1\"","UN","CR",7.98]
["MATERIAL",3859,"LUVA SOLDAVEL COM ROSCA, PVC, 20 MM X 1/2\", PARA AGUA FRIA PREDIAL","UN","CR",9.32]
["MATERIAL",3856,"LUVA SOLDAVEL COM ROSCA, PVC, 25 MM X 1/2\", PARA AGUA FRIA PREDIAL","UN","CR",5.17]
["MATERIAL",3906,"LUVA SOLDAVEL COM ROSCA, PVC, 25 MM X 3/4\", PARA AGUA FRIA PREDIAL","UN","CR",25.86]
["MATERIAL",3860,"LUVA SOLDAVEL COM ROSCA, PVC, 32 MM X 1\", PARA AGUA FRIA PREDIAL","UN","CR",1.26]
["MATERIAL",3905,"LUVA SOLDAVEL COM ROSCA, PVC, 40 MM X 1 1/4\", PARA AGUA FRIA PREDIAL","UN","CR",2.6]
["MATERIAL",3871,"LUVA SOLDAVEL COM ROSCA, PVC, 50 MM X 1 1/2\", PARA AGUA FRIA PREDIAL","UN","CR",5.29]
["MATERIAL",37427,"LUVA, PEAD PE 100, DE 125 MM, PARA ELETROFUSAO","UN","CR",5.08]
["MATERIAL",37424,"LUVA, PEAD PE 100, DE 20 MM, PARA ELETROFUSAO","UN","CR",5.89]
["MATERIAL",37428,"LUVA, PEAD PE 100, DE 200 MM, PARA ELETROFUSAO","UN","CR",6.47]
["MATERIAL",37425,"LUVA, PEAD PE 100, DE 32 MM, PARA ELETROFUSAO","UN","CR",17.11]
["MATERIAL",37429,"LUVA, PEAD PE 100, DE 400 MM, PARA ELETROFUSAO","UN","CR",1.3]
["MATERIAL",37426,"LUVA, PEAD PE 100, DE 63 MM, PARA ELETROFUSAO","UN","CR",1.81]
["MATERIAL",39292,"LUVA/UNIAO DE REDUCAO METALICA, PARA CONEXAO COM ANEL DESLIZANTE, DN 20 X 16 MM, EM TUBO PEX PARA INST. AGUA QUENTE/FRIA","UN","CR",1.49]
["MATERIAL",39293,"LUVA/UNIAO DE REDUCAO METALICA, PARA CONEXAO COM ANEL DESLIZANTE, DN 25 X 16 MM, EM TUBO PEX PARA INST. AGUA QUENTE/FRIA","UN","CR",4.43]
["MATERIAL",39294,"LUVA/UNIAO DE REDUCAO METALICA, PARA CONEXAO COM ANEL DESLIZANTE, DN 25 X 20 MM, EM TUBO PEX PARA INST. AGUA QUENTE/FRIA","UN","CR",10.17]
["MATERIAL",39295,"LUVA/UNIAO DE REDUCAO METALICA, PARA CONEXAO COM ANEL DESLIZANTE, DN 32 X 25 MM, EM TUBO PEX PARA INST. AGUA QUENTE/FRIA","UN","CR",17.989999999999998]
["MATERIAL",39312,"LUVA/UNIAO DE REDUCAO, PLASTICA, PARA CONEXAO COM CRIMPAGEM, DN 20 X 16 MM, EM TUBO PEX PARA INST. AGUA QUENTE/FRIA","UN","CR"]
["MATERIAL",39313,"LUVA/UNIAO DE REDUCAO, PLASTICA, PARA CONEXAO COM CRIMPAGEM, DN 25 X 16 MM, EM TUBO PEX PARA INST. AGUA QUENTE/FRIA","UN","CR"]
["MATERIAL",39314,"LUVA/UNIAO DE REDUCAO, PLASTICA, PARA CONEXAO COM CRIMPAGEM, DN 32 X 25 MM, EM TUBO PEX PARA INST. AGUA QUENTE/FRIA","UN","CR"]
["MATERIAL",39296,"LUVA/UNIAO METALICA, PARA CONEXAO COM ANEL DESLIZANTE, DN 16 MM, EM TUBO PEX PARA INST. AGUA QUENTE/FRIA","UN","CR"]
["MATERIAL",39297,"LUVA/UNIAO METALICA, PARA CONEXAO COM ANEL DESLIZANTE, DN 20 MM, EM TUBO PEX PARA INST. AGUA QUENTE/FRIA","UN","CR"]
["MATERIAL",39298,"LUVA/UNIAO METALICA, PARA CONEXAO COM ANEL DESLIZANTE, DN 25 MM, EM TUBO PEX PARA INST. AGUA QUENTE/FRIA","UN","CR"]
["MATERIAL",39299,"LUVA/UNIAO METALICA, PARA CONEXAO COM ANEL DESLIZANTE, DN 32 MM, EM TUBO PEX PARA INST. AGUA QUENTE/FRIA","UN","CR"]
["MATERIAL",39308,"LUVA/UNIAO, PLASTICA, PARA CONEXAO COM CRIMPAGEM, DN 16 MM, EM TUBO PEX PARA INST. AGUA QUENTE/FRIA","UN","CR"]
["MATERIAL",39309,"LUVA/UNIAO, PLASTICA, PARA CONEXAO COM CRIMPAGEM, DN 20 MM, EM TUBO PEX PARA INST. AGUA QUENTE/FRIA","UN","CR"]
["MATERIAL",39310,"LUVA/UNIAO, PLASTICA, PARA CONEXAO COM CRIMPAGEM, DN 25 MM, EM TUBO PEX PARA INST. AGUA QUENTE/FRIA","UN","CR"]
["MATERIAL",39311,"LUVA/UNIAO, PLASTICA, PARA CONEXAO COM CRIMPAGEM, DN 32 MM, EM TUBO PEX PARA INST. AGUA QUENTE/FRIA","UN","CR"]
["MATERIAL",45261,"LUVAS DE PVC, COM COMPRIMENTO DE *35* CM, FORRADAS, ACABAMENTO ASPERO ANTIDERRAPANTE NA FACE PALMAR","PAR","CR"]
["MATERIAL",11519,"MACANETA ALAVANCA RETA OCA, EM ZAMAC COM ACABAMENTO CROMADO, COMPRIMENTO APROX DE 15 CM","PAR","CR"]
["MATERIAL",11520,"MACANETA ALAVANCA, RETA SIMPLES / OCA, CROMADA, COMPRIMENTO DE 10 A 16 CM, ACABAMENTO PADRAO POPULAR - SOMENTE MACANETAS","PAR","CR"]
["MATERIAL",11518,"MACANETA BOLA, EM ZAMAC COM ACABAMENTO CROMADO, DIAMETRO DE APROX 2 1/2\"","PAR","CR"]
["MATERIAL",38473,"MACARICO DE SOLDA 201 PARA EXTENSAO GLP OU ACETILENO","UN","CR"]
["MAO DE OBRA",4244,"MACARIQUEIRO (HORISTA)","H","CR"]
["MAO DE OBRA",40977,"MACARIQUEIRO (MENSALISTA)","MES","CR"]
["MATERIAL",4115,"MADEIRA ROLICA TRATADA, D = 12 A 15 CM, H = 3,00 M, EM EUCALIPTO OU EQUIVALENTE DA REGIAO","M","CR"]
["MATERIAL",4119,"MADEIRA ROLICA TRATADA, D = 16 A 20 CM, H = 6,00 M, EM EUCALIPTO OU EQUIVALENTE DA REGIAO","M","CR"]
["MATERIAL",2794,"MADEIRA ROLICA TRATADA, D = 25 A 29 CM, H = 6,50 M, EM EUCALIPTO OU EQUIVALENTE DA REGIAO","M","CR"]
["MATERIAL",2788,"MADEIRA ROLICA TRATADA, D = 30 A 34 CM, H = 6,50 M, EM EUCALIPTO OU EQUIVALENTE DA REGIAO","M","CR",22.71]
["MATERIAL",4006,"MADEIRA SERRADA EM PINUS, MISTA OU EQUIVALENTE DA REGIAO - BRUTA","M3","CR",59.41]
["MATERIAL",45395,"MANGOTE DE SEGURANCA EM RASPA DE COURO","PAR","CR",27.47]
["MATERIAL",37461,"MANGUEIRA CRISTAL TRANCADA, PVC COM REFORCO, COM PRESSAO DE TRABALHO (PT) 250 LBS/POL2, DE 3/4\" X *2,8* MM","M","CR",99.88]
["MATERIAL",37460,"MANGUEIRA CRISTAL TRANCADA, PVC COM REFORCO, PRESSAO DE TRABALHO (PT) 250 LBS/POL2, DE 1\" X *3,1* MM","M","CR",238.14]
["MATERIAL",37458,"MANGUEIRA CRISTAL, LISA, PVC TRANSPARENTE, 1/2\" X 2 MM","M","C",21.87]
["MATERIAL",37454,"MANGUEIRA CRISTAL, LISA, PVC TRANSPARENTE, 1/4\" X1 MM","M","CR",3830.65]
["MATERIAL",37455,"MANGUEIRA CRISTAL, LISA, PVC TRANSPARENTE, 1/4\" X1,5 MM","M","CR",37.270000000000003]
["MATERIAL",37459,"MANGUEIRA CRISTAL, LISA, PVC TRANSPARENTE, 3/4\" X 2 MM","M","CR",75.27]
["MATERIAL",37457,"MANGUEIRA CRISTAL, LISA, PVC TRANSPARENTE, 3/8\" X 1,5 MM","M","CR",199.67]
["MATERIAL",37456,"MANGUEIRA CRISTAL, LISA, PVC TRANSPARENTE, 5/16\" X 1 MM","M","CR",290.88]
["MATERIAL",21029,"MANGUEIRA DE INCENDIO, TIPO 1, DE 1 1/2\", COMPRIMENTO = 15 M, TECIDO EM FIO DE POLIESTER E TUBO INTERNO EM BORRACHA SINTETICA, COM UNIOES ENGATE RAPIDO","UN","C",2398.56]
["MATERIAL",21030,"MANGUEIRA DE INCENDIO, TIPO 1, DE 1 1/2\", COMPRIMENTO = 20 M, TECIDO EM FIO DE POLIESTER E TUBO INTERNO EM BORRACHA SINTETICA, COM UNIOES ENGATE RAPIDO","UN","CR",34.450000000000003]
["MATERIAL",21031,"MANGUEIRA DE INCENDIO, TIPO 1, DE 1 1/2\", COMPRIMENTO = 25 M, TECIDO EM FIO DE POLIESTER E TUBO INTERNO EM BORRACHA SINTETICA, COM UNIOES ENGATE RAPIDO","UN","CR",10.81]
["MATERIAL",21032,"MANGUEIRA DE INCENDIO, TIPO 1, DE 1 1/2\", COMPRIMENTO = 30 M, TECIDO EM FIO DE POLIESTER E TUBO INTERNO EM BORRACHA SINTETICA, COM UNIOES ENGATE RAPIDO","UN","CR",18.97]
["MATERIAL",37527,"MANGUEIRA DE INCENDIO, TIPO 2, DE 1 1/2\", COMPRIMENTO = 15 M, TECIDO EM FIO DE POLIESTER E TUBO INTERNO EM BORRACHA SINTETICA, COM UNIOES ENGATE RAPIDO","UN","CR",4.4000000000000004]
["MATERIAL",37528,"MANGUEIRA DE INCENDIO, TIPO 2, DE 1 1/2\", COMPRIMENTO = 20 M, TECIDO EM FIO DE POLIESTER E TUBO INTERNO EM BORRACHA SINTETICA, COM UNIOES","UN","CR",1.37]
["MATERIAL",37529,"MANGUEIRA DE INCENDIO, TIPO 2, DE 1 1/2\", COMPRIMENTO = 25 M, TECIDO EM FIO DE POLIESTER E TUBO INTERNO EM BORRACHA SINTETICA, COM UNIOES","UN","CR",2.29]
["MATERIAL",37530,"MANGUEIRA DE INCENDIO, TIPO 2, DE 1 1/2\", COMPRIMENTO = 30 M, TECIDO EM FIO DE POLIESTER E TUBO INTERNO EM BORRACHA SINTETICA, COM UNIOES","UN","CR",7.33]
["MATERIAL",21034,"MANGUEIRA DE INCENDIO, TIPO 2, DE 2 1/2\", COMPRIMENTO = 15 M, TECIDO EM FIO DE POLIESTER E TUBO INTERNO EM BORRACHA SINTETICA, COM UNIOES ENGATE RAPIDO","UN","CR",2.52]
["MATERIAL",37531,"MANGUEIRA DE INCENDIO, TIPO 2, DE 2 1/2\", COMPRIMENTO = 20 M, TECIDO EM FIO DE POLIESTER E TUBO INTERNO EM BORRACHA SINTETICA, COM UNIOES","UN","CR",1.73]
["MATERIAL",21036,"MANGUEIRA DE INCENDIO, TIPO 2, DE 2 1/2\", COMPRIMENTO = 25 M, TECIDO EM FIO DE POLIESTER E TUBO INTERNO EM BORRACHA SINTETICA, COM UNIOES ENGATE RAPIDO","UN","CR",419.99]
["MATERIAL",21037,"MANGUEIRA DE INCENDIO, TIPO 2, DE 2 1/2\", COMPRIMENTO = 30 M, TECIDO EM FIO DE POLIESTER E TUBO INTERNO EM BORRACHA SINTETICA, COM UNIOES ENGATE RAPIDO","UN","CR",517.71]
["MATERIAL",20185,"MANGUEIRA DE PVC FLEXIVEL, TIPO FLAT/ACHATADA, D = 1 1/2\" (40 MM), PARA CONDUCAO DE AGUA, SERVICOS LEVES E MEDIOS","M","CR",644.53]
["MATERIAL",20260,"MANGUEIRA PARA GAS - GLP, PVC, TRANCADA, DIAMETRO DE 3/8\", COMPRIMENTO DE 1M (NORMATIZADA)","UN","CR",688.2]
["EQUIPAMENTO (AQUISIÇÃO)",37523,"MANIPULADOR TELESCOPICO, POTENCIA DE 101 HP, CAPACIDADE DE CARGA DE 3.500 KG, ALTURA MAXIMA DE ELEVACAO DE 12 M","UN","CR",621.66]
["EQUIPAMENTO (AQUISIÇÃO)",37515,"MANIPULADOR TELESCOPICO, POTENCIA DE 85 HP, CAPACIDADE DE CARGA DE 3.500 KG, ALTURA MAXIMA DE ELEVACAO DE 12,3 M","UN","C",741.21]
["MATERIAL",12899,"MANOMETRO COM CAIXA EM ACO PINTADO, ESCALA *10* KGF/CM2 (*10* BAR), DIAMETRO NOMINAL DE *63* MM, CONEXAO DE 1/4\"","UN","CR",748.49]
["MATERIAL",12898,"MANOMETRO COM CAIXA EM ACO PINTADO, ESCALA *10* KGF/CM2 (*10* BAR), DIAMETRO NOMINAL DE 100 MM, CONEXAO DE 1/2\"","UN","C",977.2]
["MATERIAL",39699,"MANTA / LENCOL DE BORRACHA, SBR, ANTIRRUIDO, E = 5 MM","M2","CR",833.74]
["MATERIAL",39696,"MANTA ALUMINIZADA 1 FACE PARA SUBCOBERTURA, E = *1* MM","M2","C",1049.97]
["MATERIAL",42528,"MANTA ALUMINIZADA NAS DUAS FACES, PARA SUBCOBERTURA,  E = *2* MM","M2","CR",1276.5999999999999]
["MATERIAL",39700,"MANTA ANTIRRUIDO DE POLIESTER (PET) PARA CONTRAPISO E = *8* MM","M2","CR",1455.41]
["MATERIAL",4014,"MANTA ASFALTICA ELASTOMERICA EM POLIESTER 3 MM, TIPO III, CLASSE B, ACABAMENTO PP (NBR 9952)","M2","CR",11.66]
["MATERIAL",4015,"MANTA ASFALTICA ELASTOMERICA EM POLIESTER 4 MM, TIPO III, CLASSE B, ACABAMENTO PP (NBR 9952)","M2","CR",13.14]
["MATERIAL",4017,"MANTA ASFALTICA ELASTOMERICA EM POLIESTER 5 MM, TIPO III, CLASSE B, ACABAMENTO PP (NBR 9952)","M2","CR",24.18]
["MATERIAL",11621,"MANTA ASFALTICA ELASTOMERICA EM POLIESTER ALUMINIZADA 3 MM, TIPO III, CLASSE B (NBR 9952)","M2","CR",79.42]
["MATERIAL",4016,"MANTA ASFALTICA ELASTOMERICA TIPO GLASS 3 MM, TIPO II, CLASSE C, ACABAMENTO PP (NBR 9952)","M2","C",13.93]
["MATERIAL",38544,"MANTA DE POLIETILENO EXPANDIDO (PEBD) ANTICHAMAS, E = 8 MM","M2","CR",12.77]
["MATERIAL",38545,"MANTA DE POLIETILENO EXPANDIDO (PEBD), E = 5 MM","M2","CR"]
["MATERIAL",42527,"MANTA DE POLIETILENO EXPANDIDO, COM 1 FACE METALIZADA PARA SUBCOBERTURA, E = *5* MM","M2","CR"]
["MATERIAL",39323,"MANTA GEOTEXTIL TECIDO DE LAMINETES DE POLIPROPILENO, RESISTENCIA A TRACAO = *25* KN/M","M2","CR"]
["MATERIAL",626,"MANTA LIQUIDA DE BASE ASFALTICA MODIFICADA COM A ADICAO DE ELASTOMEROS DILUIDOS EM SOLVENTE ORGANICO, APLICACAO A FRIO (MEMBRANA DE EMULSAO ASFALTICA PARA IMPERMEABILIZACAO FLEXIVEL)","KG","C"]
["MATERIAL",44504,"MANTA TERMOPLASTICA, PEAD, GEOMEMBRANA LISA, E = 0,50 MM (NBR 15352)","M2","CR",22.85]
["MATERIAL",44505,"MANTA TERMOPLASTICA, PEAD, GEOMEMBRANA LISA, E = 0,75 MM (NBR 15352)","M2","CR"]
["MATERIAL",44506,"MANTA TERMOPLASTICA, PEAD, GEOMEMBRANA LISA, E = 0,80 MM (NBR 15352)","M2","CR"]
["MATERIAL",44507,"MANTA TERMOPLASTICA, PEAD, GEOMEMBRANA LISA, E = 1,00 MM (NBR 15352)","M2","CR",28.55]
["MATERIAL",44508,"MANTA TERMOPLASTICA, PEAD, GEOMEMBRANA LISA, E = 1,50 MM (NBR 15352)","M2","CR",58.79]
["MATERIAL",44509,"MANTA TERMOPLASTICA, PEAD, GEOMEMBRANA LISA, E = 2,00 MM (NBR 15352)","M2","CR",72.19]
["MATERIAL",44510,"MANTA TERMOPLASTICA, PEAD, GEOMEMBRANA LISA, E = 2,50 MM (NBR 15352)","M2","CR",105.04]
["MATERIAL",44512,"MANTA TERMOPLASTICA, PEAD, GEOMEMBRANA TEXTURIZADA EM AMBAS AS FACES, E = 0,50 MM ( NBR 15352)","M2","CR",56.82]
["MATERIAL",44513,"MANTA TERMOPLASTICA, PEAD, GEOMEMBRANA TEXTURIZADA EM AMBAS AS FACES, E = 0,75 MM ( NBR 15352)","M2","CR",41.49]
["MATERIAL",44514,"MANTA TERMOPLASTICA, PEAD, GEOMEMBRANA TEXTURIZADA EM AMBAS AS FACES, E = 0,80 MM ( NBR 15352)","M2","CR",10.64]
["MATERIAL",44515,"MANTA TERMOPLASTICA, PEAD, GEOMEMBRANA TEXTURIZADA EM AMBAS AS FACES, E = 1,00 MM ( NBR 15352)","M2","CR",6.84]
["MATERIAL",44511,"MANTA TERMOPLASTICA, PEAD, GEOMEMBRANA TEXTURIZADA EM AMBAS AS FACES, E = 1,50 MM ( NBR 15352)","M2","CR"]
["MATERIAL",44516,"MANTA TERMOPLASTICA, PEAD, GEOMEMBRANA TEXTURIZADA EM AMBAS AS FACES, E = 2,00 MM ( NBR 15352)","M2","CR",26.1]
["MATERIAL",44517,"MANTA TERMOPLASTICA, PEAD, GEOMEMBRANA TEXTURIZADA EM AMBAS AS FACES, E = 2,50 MM ( NBR 15352)","M2","CR",20.81]
["MATERIAL",11479,"MAQUINA DE 40 MM PARA FECHADURA DE EMBUTIR EXTERNA, EM ACO INOX","UN","CR"]
["MATERIAL",11481,"MAQUINA DE 40 MM PARA FECHADURA, PARA PORTA DE BANHEIRO, EM ACO INOX","UN","CR"]
["MATERIAL",43609,"MAQUINA DE 40 MM PARA FECHADURA, PARA PORTA INTERNA, EM ACO INOX","UN","CR"]
["MATERIAL",11478,"MAQUINA DE 55 MM PARA FECHADURA DE EMBUTIR EXTERNA, EM ACO INOX","UN","CR"]
["MATERIAL",43608,"MAQUINA DE 55 MM PARA FECHADURA, PARA PORTA DE BANHEIRO, EM ACO INOX","UN","CR"]
["MATERIAL",11476,"MAQUINA DE 55 MM PARA FECHADURA, PARA PORTA INTERNA, EM ACO INOX","UN","CR"]
["EQUIPAMENTO (AQUISIÇÃO)",40637,"MAQUINA DEMARCADORA DE FAIXA DE TRAFEGO A FRIO, AUTOPROPELIDA, MOTOR DIESEL 38 HP","UN","CR"]
["EQUIPAMENTO (AQUISIÇÃO)",13836,"MAQUINA EXTRUSORA DE CONCRETO PARA GUIAS E SARJETAS, COM MOTOR A DIESEL E POTENCIA DE 14 CV","UN","CR"]
["EQUIPAMENTO (AQUISIÇÃO)",14534,"MAQUINA MANUAL TIPO PRENSA PARA PRODUCAO DE BLOCOS E PAVIMENTOS DE CONCRETO, COM MOTOR ELETRICO TRIFASICO PARA VIBRACAO, POTENCIA TOTAL INSTALADA DE 1,5 KW","UN","CR"]
["EQUIPAMENTO (AQUISIÇÃO)",14619,"MAQUINA PARA CORTE COM DISCO ABRASIVO DE DIAMETRO DE 18\" (450 MM), COM MOTOR ELETRICO TRIFASICO DE 10 CV","UN","CR"]
["EQUIPAMENTO (AQUISIÇÃO)",14535,"MAQUINA TIPO PRENSA HIDRAULICA, PARA FABRICACAO DE TUBOS DE CONCRETO PARA AGUAS PLUVIAIS, DN 200 A DN 600 MM X 1000 MM DE COMPRIMENTO, COM MOTOR PRINCIPAL COM POTENCIA DE 20 CV","UN","CR"]
["EQUIPAMENTO (AQUISIÇÃO)",39813,"MAQUINA TIPO VASO/TANQUE/JATO DE PRESSAO PORTATIL P/ JATEAMENTO, CONTROLE AUTOMATICO E REMOTO, CAMARA DE 1 SAIDA, 280 L, DIAM. *670* MM, BICO JATO CURTO VENTURI 5/16\", MANGUEIRA 1\" DE 10 M, COMPLETA (VALVULAS POP UP E DOSADORA, FUNDO CONICO ETC)","UN","CR"]
["MAO DE OBRA",12868,"MARCENEIRO (HORISTA)","H","CR"]
["MAO DE OBRA",40916,"MARCENEIRO (MENSALISTA)","MES","CR"]
["MAO DE OBRA",4755,"MARMORISTA / GRANITEIRO (HORISTA)","H","CR",41.72]
["MAO DE OBRA",41067,"MARMORISTA / GRANITEIRO (MENSALISTA)","MES","CR",37.74]
["MATERIAL",45240,"MARRETA DE ACO, OITAVADA, 500 G, COM CABO DE MADEIRA","UN","CR",37.74]
["MATERIAL",45241,"MARTELO DE PEDREIRO, 1 CORTE, EM ACO, *500* G, COMPRIMENTO TOTAL DE *28* CM, COM CABO DE MADEIRA","UN","CR",71.58]
["MATERIAL",38463,"MARTELO DE SOLDADOR/PICADOR DE SOLDA","UN","CR",54.62]
["EQUIPAMENTO (AQUISIÇÃO)",40703,"MARTELO DEMOLIDOR ELETRICO, COM POTENCIA DE 2.000 W, FREQUENCIA DE 1.000 IMPACTOS POR MINUTO, FORCA DE IMPACTO ENTRE 60 E 65 J, PESO DE 30 KG","UN","C",54.62]
["EQUIPAMENTO (AQUISIÇÃO)",14531,"MARTELO DEMOLIDOR PNEUMATICO MANUAL, COM REDUCAO DE VIBRACAO, PESO DE 21 KG","UN","CR"]
["EQUIPAMENTO (AQUISIÇÃO)",36533,"MARTELO DEMOLIDOR PNEUMATICO MANUAL, COM REDUCAO DE VIBRACAO, PESO DE 31,5 KG","UN","CR"]
["EQUIPAMENTO (AQUISIÇÃO)",11616,"MARTELO DEMOLIDOR PNEUMATICO MANUAL, PADRAO, PESO DE 32 KG","UN","CR"]
["EQUIPAMENTO (AQUISIÇÃO)",41898,"MARTELO DEMOLIDOR PNEUMATICO MANUAL, PESO DE 28 KG, COM SILENCIADOR","UN","CR",17536.87]
["EQUIPAMENTO (AQUISIÇÃO)",13447,"MARTELO PERFURADOR PNEUMATICO MANUAL, DE SUPERFICIE, COM AVANCO DE COLUNA, PESO DE 22 KG","UN","CR"]
["EQUIPAMENTO (AQUISIÇÃO)",14529,"MARTELO PERFURADOR PNEUMATICO MANUAL, HASTE 25 X 75 MM, 21 KG","UN","CR"]
["EQUIPAMENTO (AQUISIÇÃO)",10747,"MARTELO PERFURADOR PNEUMATICO MANUAL, PESO DE 25 KG, COM SILENCIADOR","UN","CR",22.45]
["MATERIAL",36141,"MASCARA DE SEGURANCA PARA SOLDA COM ESCUDO DE CELERON E CARNEIRA DE PLASTICO COM REGULAGEM","UN","CR",3929.54]
["MATERIAL",43651,"MASSA ACRILICA PARA SUPERFICIES INTERNAS E EXTERNAS","KG","CR",22.45]
["MATERIAL",43626,"MASSA CORRIDA PARA SUPERFICIES DE AMBIENTES INTERNOS","KG","C",3929.54]
["MATERIAL",39434,"MASSA DE REJUNTE EM PO PARA DRYWALL, A BASE DE GESSO, SECAGEM RAPIDA, PARA TRATAMENTO DE JUNTAS DE CHAPA DE GESSO (NECESSITA ADICAO DE AGUA)","KG","CR",28.29]
["MATERIAL",39433,"MASSA DE REJUNTE PRONTA PARA TRATAMENTO DE JUNTAS DE CHAPA DE GESSO PARA DRYWALL, SEM ADICAO DE AGUA","KG","CR",24.17]
["MATERIAL",4049,"MASSA EPOXI BICOMPONENTE (MASSA + CATALISADOR)","L","CR",34.79]
["MATERIAL",38120,"MASSA EPOXI BICOMPONENTE PARA REPAROS","KG","CR",39.1]
["MATERIAL",43652,"MASSA PARA MADEIRA - INTERIOR E EXTERIOR","KG","CR"]
["MATERIAL",10498,"MASSA PARA VIDRO","KG","CR"]
["MATERIAL",4823,"MASSA PLASTICA PARA MARMORE/GRANITO","KG","CR"]
["MATERIAL",38877,"MASSA PREMIUM PARA TEXTURA LISA DE BASE ACRILICA, USO INTERNO E EXTERNO","KG","CR"]
["MATERIAL",34546,"MASSA PREMIUM PARA TEXTURA RUSTICA DE BASE ACRILICA, COR BRANCA, USO INTERNO E EXTERNO","KG","CR"]
["MATERIAL",41387,"MASTRO SIMPLES GALVANIZADO DIAMETRO NOMINAL 1 1/2\"","M","CR"]
["MATERIAL",41388,"MASTRO SIMPLES GALVANIZADO DIAMETRO NOMINAL 2\"","M","CR"]
["MATERIAL",41380,"MASTRO TELESCOPICO DE 4 METROS (3 M X DN= 2\" + 1 M X DN= 1 1/2\")","UN","CR"]
["MATERIAL",41381,"MASTRO TELESCOPICO GALVANIZADO 5 METROS (3 M X DN= 2\" + 2 M X DN= 1 1/2\")","UN","CR",108.24]
["MATERIAL",41382,"MASTRO TELESCOPICO GALVANIZADO 6 METROS (3 M X DN= 2\" + 3 M X DN= 1 1/2\")","UN","CR",98.38]
["MATERIAL",41383,"MASTRO TELESCOPICO GALVANIZADO 7 METROS (6 M X DN= 2\" + 1 M X DN= 1 1/2\")","UN","CR",4.67]
["MATERIAL",41385,"MASTRO TELESCOPICO GALVANIZADO 9 METROS (6 M X DN= 2\" + 3 M X DN= 1 1/2\")","UN","CR",2.6]
["MAO DE OBRA",4058,"MECANICO DE EQUIPAMENTOS PESADOS (HORISTA)","H","CR",3.19]
["MAO DE OBRA",40974,"MECANICO DE EQUIPAMENTOS PESADOS (MENSALISTA)","MES","CR",2.54]
["MAO DE OBRA",34794,"MECANICO DE REFRIGERACAO (HORISTA)","H","CR",52.18]
["MAO DE OBRA",40925,"MECANICO DE REFRIGERACAO (MENSALISTA)","MES","CR",148.09]
["MATERIAL",13741,"MEDIDOR DE NIVEL ESTATICO E DINAMICO PARA POCO, COMPRIMENTO DE 200 M","UN","CR",10.47]
["MATERIAL",3288,"MEIA CANA DE MADEIRA CEDRINHO OU EQUIVALENTE DA REGIAO, ACABAMENTO PARA FORRO PAULISTA, *2,5 X 2,5* CM","M","C",9.07]
["MATERIAL",13587,"MEIA CANA DE MADEIRA PINUS OU EQUIVALENTE DA REGIAO, ACABAMENTO PARA FORRO PAULISTA, *2,5 X 2,5* CM","M","CR",39.590000000000003]
["MATERIAL",38598,"MEIA CANALETA DE CONCRETO ESTRUTURAL 14 X 19 X 19 CM, FBK 14 MPA (NBR 6136)","UN","CR",8.8699999999999992]
["MATERIAL",38595,"MEIA CANALETA DE CONCRETO ESTRUTURAL 14 X 19 X 19 CM, FBK 4,5 MPA (NBR 6136)","UN","CR",9.1199999999999992]
["MATERIAL",38592,"MEIO BLOCO DE CONCRETO ESTRUTURAL 14 X 19 X 14 CM, FBK 14 MPA (NBR 6136)","UN","CR"]
["MATERIAL",38588,"MEIO BLOCO DE CONCRETO ESTRUTURAL 14 X 19 X 14 CM, FBK 4,5 MPA (NBR 6136)","UN","CR"]
["MATERIAL",38593,"MEIO BLOCO DE CONCRETO ESTRUTURAL 14 X 19 X 19 CM, FBK 14 MPA (NBR 6136)","UN","CR"]
["MATERIAL",38589,"MEIO BLOCO DE CONCRETO ESTRUTURAL 14 X 19 X 19 CM, FBK 4,5 MPA (NBR 6136)","UN","CR"]
["MATERIAL",38594,"MEIO BLOCO DE CONCRETO ESTRUTURAL 14 X 19 X 34 CM, FBK 14 MPA (NBR 6136)","UN","CR"]
["MATERIAL",34774,"MEIO BLOCO DE VEDACAO DE CONCRETO 14 X 19 X 19 CM (CLASSE C - NBR 6136)","UN","CR"]
["MATERIAL",34771,"MEIO BLOCO DE VEDACAO DE CONCRETO 19 X 19 X 19 CM (CLASSE C - NBR 6136)","UN","CR"]
["MATERIAL",34764,"MEIO BLOCO DE VEDACAO DE CONCRETO 9 X 19 X 19 CM (CLASSE C - NBR 6136)","UN","CR",26.85]
["MATERIAL",34773,"MEIO BLOCO DE VEDACAO DE CONCRETO APARENTE 14 X 19 X 19 CM (CLASSE C - NBR 6136)","UN","CR",4704.08]
["MATERIAL",34769,"MEIO BLOCO DE VEDACAO DE CONCRETO APARENTE 19 X 19 X 19 CM (CLASSE C - NBR 6136)","UN","CR",22.88]
["MATERIAL",34763,"MEIO BLOCO DE VEDACAO DE CONCRETO APARENTE 9 X 19 X 19 CM (CLASSE C - NBR 6136)","UN","CR",4004.66]
["MATERIAL",34788,"MEIO BLOCO ESTRUTURAL CERAMICO DE 14 X 19 X 14 CM (L X A X C) E 6,0 MPA","UN","CR",2877.4]
["MATERIAL",34781,"MEIO BLOCO ESTRUTURAL CERAMICO DE 14 X 19 X 19 CM (L X A X C) E 6,0 MPA","UN","CR"]
["MATERIAL",41682,"MEIO-FIO OU GUIA DE CONCRETO PRE MOLDADO, COMP 1 M, *30 X 10/12* CM (H X L1/L2)","UN","CR"]
["MATERIAL",41683,"MEIO-FIO OU GUIA DE CONCRETO PRE MOLDADO, COMP 80 CM, *30 X 10/10* (H X L1/L2)","UN","CR",3.4]
["MATERIAL",41680,"MEIO-FIO OU GUIA DE CONCRETO PRE-MOLDADO, COMP *39* CM, *19 X 6,5/6,5* CM (H X L1/L2)","UN","CR",2.88]
["MATERIAL",41679,"MEIO-FIO OU GUIA DE CONCRETO PRE-MOLDADO, COMP 1 M, *20 X 12/15* CM (H X L1/L2)","UN","CR",2.91]
["MATERIAL",41681,"MEIO-FIO OU GUIA DE CONCRETO PRE-MOLDADO, COMP 80 CM, *25 X 08/08* CM (H X L1/L2)","UN","CR",2.33]
["MATERIAL",43386,"MEIO-FIO OU GUIA DE CONCRETO PRE-MOLDADO, TIPO CHAPEU PARA BOCA DE LOBO,  DIMENSOES *1,20* X 0,15 X 0,30 M","UN","CR",3.22]
["MATERIAL",4059,"MEIO-FIO OU GUIA DE CONCRETO, PRE-MOLDADO, COMP 1 M, *30 X 12/15* CM (H X L1/L2)","M","CR",2.44]
["MATERIAL",4062,"MEIO-FIO OU GUIA DE CONCRETO, PRE-MOLDADO, COMP 1 M, *30 X 15* CM (H X L)","UN","CR",5.08]
["MATERIAL",4061,"MEIO-FIO OU GUIA DE CONCRETO, PRE-MOLDADO, COMP 80 CM, *45 X 12/18* CM (H X L1/L2)","UN","CR",2.2799999999999998]
["MATERIAL",41315,"MEMBRANA IMPERMEABILIZANTE A BASE DE POLIUREIA, BICOMPONENTE, APLICACAO A FRIO","KG","CR",2.75]
["MATERIAL",43148,"MEMBRANA IMPERMEABILIZANTE A BASE DE POLIURETANO","KG","CR",1.8]
["MATERIAL",43147,"MEMBRANA IMPERMEABILIZANTE ACRILICA MONOCOMPONENTE","KG","CR",2.4]
["EQUIPAMENTO (AQUISIÇÃO)",10608,"MESA VIBRATORIA COM DIMENSOES DE 2,0 X 1,0 M, COM MOTOR ELETRICO DE 2 POLOS E POTENCIA DE 3 CV","UN","C",2.97]
["MAO DE OBRA",4069,"MESTRE DE OBRAS (HORISTA)","H","CR",1.83]
["MAO DE OBRA",40819,"MESTRE DE OBRAS (MENSALISTA)","MES","CR",0.98]
["MATERIAL",34361,"METACAULIM DE ALTA REATIVIDADE/CAULIM CALCINADO","KG","CR",1.35]
["EQUIPAMENTO (AQUISIÇÃO)",36512,"MICRO-TRATOR CORTADOR DE GRAMA COM LARGURA DO CORTE DE 107 CM, COM 2 LAMINAS E DESCARTE LATERAL","UN","CR",40.130000000000003]
["MATERIAL",44478,"MICROESFERAS DE VIDRO PARA SINALIZACAO HORIZONTAL VIARIA, TIPO I-B (PREMIX) - NBR  16184","KG","CR",29.52]
["MATERIAL",44477,"MICROESFERAS DE VIDRO PARA SINALIZACAO HORIZONTAL VIARIA, TIPO II-A (DROP-ON) - NBR  16184","KG","CR",15.89]
["MATERIAL",11697,"MICTORIO COLETIVO ACO INOX (AISI 304), E = 0,8 MM, DE *100 X 40 X 30* CM (C X A X P)","UN","CR",36.33]
["MATERIAL",11698,"MICTORIO COLETIVO ACO INOX (AISI 304), E = 0,8 MM, DE *100 X 50 X 35* CM (C X A X P)","UN","CR",24.86]
["MATERIAL",11699,"MICTORIO INDIVIDUAL ACO INOX (AISI 304), E = 0,8 MM, DE *50 X 45 X 35* (C X A X P)","UN","CR",56.77]
["MATERIAL",10432,"MICTORIO INDIVIDUAL, SIFONADO, DE LOUCA BRANCA, SEM COMPLEMENTOS","UN","CR",40.130000000000003]
["MATERIAL",44020,"MICTORIO INDIVIDUAL, SIFONADO, VALVULA EMBUTIDA, DE LOUCA BRANCA, SEM COMPLEMENTOS - PADRAO ALTO","UN","CR",40.130000000000003]
["MATERIAL",41419,"MINICAPTOR, EM ACO GALVANIZADO A FOGO, FIXACAO COM ROSCA SOBERBA OU MECANICA, H=300 MM X DN=10 MM","UN","CR",49.96]
["MATERIAL",41420,"MINICAPTOR, EM ACO GALVANIZADO A FOGO, FIXACAO COM ROSCA SOBERBA OU MECANICA, H=600 MM X DN=10 MM","UN","CR",91.66]
["MATERIAL",41421,"MINICAPTOR, EM ACO GALVANIZADO A FOGO, FIXACAO HORIZONTAL COM BANDEIRA A 20 CM, H=300 MM E X DN=10 MM","UN","CR",62.22]
["MATERIAL",41422,"MINICAPTOR, EM ACO GALVANIZADO A FOGO, FIXACAO HORIZONTAL COM BANDEIRA A 20 CM, H=600 MM E X DN=10 MM","UN","CR",24.1]
["MATERIAL",41425,"MINICAPTOR, EM ACO GALVANIZADO A FOGO, FIXACAO HORIZONTAL DE 1 FUROS, SEM BANDEIRA, H=300 MM X DN=10 MM","UN","CR"]
["MATERIAL",41426,"MINICAPTOR, EM ACO GALVANIZADO A FOGO, FIXACAO HORIZONTAL DE 2 FUROS, SEM BANDEIRA, H=600 MM X DN=10 MM","UN","CR",64.08]
["MATERIAL",41414,"MINICAPTORES DE INSERCAO, EM ACO GALVANIZADO A FOGO, H=300 MM X DN=10 MM","UN","CR",11217.32]
["MATERIAL",41415,"MINICAPTORES DE INSERCAO, EM ACO GALVANIZADO A FOGO, H=600,MM X DN=10,MM","UN","CR",17.54]
["EQUIPAMENTO (AQUISIÇÃO)",37514,"MINICARREGADEIRA SOBRE RODAS, POTENCIA LIQUIDA DE *47* HP, CAPACIDADE NOMINAL DE OPERACAO DE *646* KG","UN","C"]
["EQUIPAMENTO (AQUISIÇÃO)",37519,"MINICARREGADEIRA SOBRE RODAS, POTENCIA LIQUIDA DE *72* HP, CAPACIDADE NOMINAL DE OPERACAO DE *1200* KG","UN","CR",11.87]
["EQUIPAMENTO (AQUISIÇÃO)",37520,"MINIESCAVADEIRA SOBRE ESTEIRAS, POTENCIA LIQUIDA DE *30* HP, PESO OPERACIONAL DE *3.500* KG","UN","CR",11.87]
["EQUIPAMENTO (AQUISIÇÃO)",37521,"MINIESCAVADEIRA SOBRE ESTEIRAS, POTENCIA LIQUIDA DE *42* HP, PESO OPERACIONAL DE *4.500* KG","UN","CR",766.12]
["EQUIPAMENTO (AQUISIÇÃO)",37522,"MINIESCAVADEIRA SOBRE ESTEIRAS, POTENCIA LIQUIDA DE *42* HP, PESO OPERACIONAL DE *5.300* KG","UN","CR",913.94]
["EQUIPAMENTO (AQUISIÇÃO)",37546,"MISTURADOR DE ARGAMASSA, EIXO HORIZONTAL, CAPACIDADE DE MISTURA 160 KG, MOTOR ELETRICO TRIFASICO 220/380 V, POTENCIA 3 CV","UN","CR",1010.11]
["EQUIPAMENTO (AQUISIÇÃO)",37544,"MISTURADOR DE ARGAMASSA, EIXO HORIZONTAL, CAPACIDADE DE MISTURA 300 KG, MOTOR ELETRICO TRIFASICO 220/380 V, POTENCIA 5 CV","UN","CR",356.83]
["EQUIPAMENTO (AQUISIÇÃO)",37545,"MISTURADOR DE ARGAMASSA, EIXO HORIZONTAL, CAPACIDADE DE MISTURA 600 KG, MOTOR ELETRICO TRIFASICO 220/380 V, POTENCIA 7,5 CV","UN","CR",880.35]
["MATERIAL",36793,"MISTURADOR DE METAL CROMADO DE PAREDE PARA LAVATORIO","UN","CR"]
["MATERIAL",11769,"MISTURADOR DE METAL CROMADO, DE MESA/BANCADA, COM BICA BAIXA, PARA LAVATORIO","UN","CR"]
["MATERIAL",11771,"MISTURADOR DE PAREDE, DE METAL CROMADO, PARA COZINHA, BICA ALTA MOVEL, COM AREJADOR ARTICULADO","UN","CR"]
["EQUIPAMENTO (AQUISIÇÃO)",39919,"MISTURADOR DUPLO HORIZONTAL DE ALTA TURBULENCIA, CAPACIDADE / VOLUME 2 X 500 LITROS, MOTORES ELETRICOS MINIMO 5 CV CADA, PARA NATA CIMENTO, ARGAMASSA E OUTROS","UN","CR"]
["MATERIAL",38385,"MISTURADOR MANUAL DE TINTAS PARA FURADEIRA, HASTE METALICA *60* CM, COM HELICE (MEXEDOR DE TINTA)","UN","CR"]
["MATERIAL",36800,"MISTURADOR METALICO, BASE PARA CHUVEIRO/BANHEIRA, 1/2\" OU 3/4 \", SOLDAVEL OU ROSCAVEL (NAO INCLUI ACABAMENTOS)","UN","CR"]
["MATERIAL",37587,"MISTURADOR MONOCOMANDO PARA CHUVEIRO, BASE BRUTA, METALICO COM ACABAMENTO CROMADO","UN","CR"]
["MATERIAL",11561,"MOLA HIDRAULICA AEREA, PARA PORTAS DE ATE 1.100 MM E PESO DE ATE 85 KG, COM CORPO EM ALUMINIO E BRACO EM ACO, SEM BRACO DE PARADA","UN","CR"]
["MATERIAL",43604,"MOLA HIDRAULICA AEREA, PARA PORTAS DE ATE 850 MM E PESO DE ATE 50 KG, COM CORPO EM ALUMINIO E BRACO EM ACO, SEM BRACO DE PARADA","UN","CR"]
["MATERIAL",11560,"MOLA HIDRAULICA AEREA, PARA PORTAS DE ATE 950 MM E PESO DE ATE 65 KG, COM CORPO EM ALUMINIO E BRACO EM ACO, SEM BRACO DE PARADA","UN","CR"]
["MATERIAL",11499,"MOLA HIDRAULICA DE PISO, PARA PORTAS DE ATE 1100 MM E PESO DE ATE 120 KG, COM CORPO EM ACO INOX","UN","CR"]
["MAO DE OBRA",34761,"MONTADOR DE ELETROELETRONICOS (HORISTA)","H","CR"]
["MAO DE OBRA",40924,"MONTADOR DE ELETROELETRONICOS (MENSALISTA)","MES","CR"]
["MAO DE OBRA",40983,"MONTADOR DE ESTRUTURAS METALICAS (MENSALISTA)","MES","CR",13031.04]
["MAO DE OBRA",44497,"MONTADOR DE ESTRUTURAS METALICAS HORISTA","H","CR",13782.52]
["MAO DE OBRA",2437,"MONTADOR DE MAQUINAS (HORISTA)","H","CR",16399.349999999999]
["MAO DE OBRA",40921,"MONTADOR DE MAQUINAS (MENSALISTA)","MES","CR",975.05]
["EQUIPAMENTO (AQUISIÇÃO)",14252,"MOTOBOMBA AUTOESCORVANTE MOTOR A GASOLINA, POTENCIA 6,0HP, BOCAIS 3\" X 3\", HM/Q = 5 MCA / 24 M3/H A 52,5 MCA / 5,0 M3/H","UN","CR",430.89]
["EQUIPAMENTO (AQUISIÇÃO)",730,"MOTOBOMBA AUTOESCORVANTE MOTOR ELETRICO TRIFASICO 7,4HP BOCA DIAMETRO DE SUCCAO X RECLAQUE: 2\"X2\", HM/ Q = 10 M / 73,5 M3/H A 28 M / 8,2 M3 /H","UN","CR",527.79]
["EQUIPAMENTO (AQUISIÇÃO)",723,"MOTOBOMBA AUTOESCORVANTE POTENCIA 5,42 HP, BOCAIS SUCCAO X RECALQUE 2\" X 2\", A GASOLINA, DIAMETRO DO ROTOR 122 MM HM/Q = 6 MCA / 33,0 M3/H A 28 MCA / 8,0 M3/H","UN","CR",65227.59]
["EQUIPAMENTO (AQUISIÇÃO)",36502,"MOTOBOMBA CENTRIFUGA, MOTOR A GASOLINA, POTENCIA 5,42 HP, BOCAIS 1 1/2\" X 1\", DIAMETRO ROTOR 143 MM HM/Q = 6 MCA / 16,8 M3/H A 38 MCA / 6,6 M3/H","UN","CR",32.97]
["EQUIPAMENTO (AQUISIÇÃO)",36503,"MOTOBOMBA TRASH (PARA AGUA SUJA) AUTO ESCORVANTE, MOTOR GASOLINA DE 6,41 HP, DIAMETROS DE SUCCAO X RECALQUE: 3\" X 3\", HM/Q: 10/60 A 23/0","UN","CR",258.91000000000003]
["EQUIPAMENTO (AQUISIÇÃO)",4090,"MOTONIVELADORA POTENCIA BASICA LIQUIDA (PRIMEIRA MARCHA) 125 HP, PESO BRUTO 13843 KG, LARGURA DA LAMINA DE 3,7 M","UN","C",568.84]
["EQUIPAMENTO (AQUISIÇÃO)",13227,"MOTONIVELADORA POTENCIA BASICA LIQUIDA (PRIMEIRA MARCHA) 171 HP, PESO BRUTO 14768 KG, LARGURA DA LAMINA DE 3,7 M","UN","CR",257.07]
["EQUIPAMENTO (AQUISIÇÃO)",10597,"MOTONIVELADORA POTENCIA BASICA LIQUIDA (PRIMEIRA MARCHA) 186 HP, PESO BRUTO 15785 KG, LARGURA DA LAMINA DE 4,3 M","UN","CR",137.05000000000001]
["EQUIPAMENTO (AQUISIÇÃO)",39628,"MOTOR A DIESEL PARA VIBRADOR DE IMERSAO, DE *4,7* CV","UN","CR",198.41]
["EQUIPAMENTO (AQUISIÇÃO)",39404,"MOTOR A GASOLINA PARA VIBRADOR DE IMERSAO, 4 TEMPOS, DE 5,5 CV","UN","CR",986.11]
["EQUIPAMENTO (AQUISIÇÃO)",39402,"MOTOR ELETRICO PARA VIBRADOR DE IMERSAO, DE 2 CV, MONOFASICO, 110/220 V","UN","CR",19.3]
["EQUIPAMENTO (AQUISIÇÃO)",39403,"MOTOR ELETRICO PARA VIBRADOR DE IMERSAO, DE 2 CV, TRIFASICO, 220/380 V","UN","CR",3382.79]
["MAO DE OBRA",4093,"MOTORISTA DE CAMINHAO (HORISTA)","H","C",2888.02]
["MAO DE OBRA",10512,"MOTORISTA DE CAMINHAO (MENSALISTA)","MES","CR",16.48]
["MAO DE OBRA",4243,"MOTORISTA DE CAMINHAO BETONEIRA (HORISTA)","H","CR",16.95]
["MAO DE OBRA",20020,"MOTORISTA DE CAMINHAO-BASCULANTE (HORISTA)","H","CR",2968.55]
["MAO DE OBRA",41038,"MOTORISTA DE CAMINHAO-BASCULANTE (MENSALISTA)","MES","CR",2091.2600000000002]
["MAO DE OBRA",4094,"MOTORISTA DE CAMINHAO-CARRETA (HORISTA)","H","CR",5587.45]
["MAO DE OBRA",40988,"MOTORISTA DE CAMINHAO-CARRETA (MENSALISTA)","MES","CR",2777.16]
["MAO DE OBRA",4095,"MOTORISTA DE CARRO DE PASSEIO (HORISTA)","H","CR",2610.1999999999998]
["MAO DE OBRA",40990,"MOTORISTA DE CARRO DE PASSEIO (MENSALISTA)","MES","CR",3218.68]
["MAO DE OBRA",4096,"MOTORISTA OPERADOR DE CAMINHAO COM MUNCK (HORISTA)","H","CR",1160000]
["MAO DE OBRA",40992,"MOTORISTA OPERADOR DE CAMINHAO COM MUNCK (MENSALISTA)","MES","CR",1441444.65]
["MATERIAL",4114,"MOURAO CONCRETO CURVO, SECAO \"T\", H = 2,80 M + CURVA COM 0,45 M, COM FUROS PARA FIOS","UN","CR",1517306.44]
["MATERIAL",36797,"MOURAO DE CONCRETO CURVO, *10 X 10* CM, H= *2,60* M + CURVA DE 0,40 M","UN","CR"]
["MATERIAL",4107,"MOURAO DE CONCRETO RETO, SECAO QUADRADA *10 X 10* CM, H= *2,30* M","UN","CR"]
["MATERIAL",4102,"MOURAO DE CONCRETO RETO, SECAO QUADRADA, *10 X 10* CM, H= 3,00 M","UN","C"]
["MATERIAL",36799,"MOURAO DE CONCRETO RETO, TIPO ESTICADOR, *10 X 10* CM, H= 2,50 M","UN","CR"]
["MATERIAL",2747,"MOURAO ROLICO DE MADEIRA TRATADA, D = 16 A 20 CM, H = 2,20 M, EM EUCALIPTO OU EQUIVALENTE DA REGIAO (PARA CERCA)","M","CR",22.45]
["MATERIAL",21138,"MOURAO ROLICO DE MADEIRA TRATADA, D = 8 A 11 CM, H = 2,20 M, EM EUCALIPTO OU EQUIVALENTE DA REGIAO (PARA CERCA)","M","C",3929.54]
["MATERIAL",10826,"MUDA DE ARBUSTO FLORIFERO, CLUSIA/GARDENIA/MOREIA BRANCA/ AZALEIA OU EQUIVALENTE DA REGIAO, H= *50 A 70* CM","UN","CR",20.69]
["MATERIAL",365,"MUDA DE ARBUSTO FOLHAGEM, SANSAO-DO-CAMPO OU EQUIVALENTE DA REGIAO, H= *50 A 70* CM","UN","CR",23.32]
["MATERIAL",38639,"MUDA DE ARBUSTO, BUXINHO, H= *50* CM","UN","CR",4083.59]
["MATERIAL",38640,"MUDA DE ARBUSTO, PINGO DE OURO/ VIOLETEIRA, H = *10 A 20* CM","UN","CR",27.92]
["MATERIAL",358,"MUDA DE ARVORE ORNAMENTAL, OITI/AROEIRA SALSA/ANGICO/IPE/JACARANDA OU EQUIVALENTE DA REGIAO, H= *1* M","UN","CR",4887.6499999999996]
["MATERIAL",359,"MUDA DE ARVORE ORNAMENTAL, OITI/AROEIRA SALSA/ANGICO/IPE/JACARANDA OU EQUIVALENTE DA REGIAO, H= *2* M","UN","CR",18.79]
["MATERIAL",38641,"MUDA DE PALMEIRA ARECA, H= *1,50* M","UN","CR",3291.91]
["MATERIAL",360,"MUDA DE RASTEIRA/FORRACAO, AMENDOIM RASTEIRO/ONZE HORAS/AZULZINHA/IMPATIENS OU EQUIVALENTE DA REGIAO","UN","C",25.16]
["MATERIAL",42430,"MULTIEXERCITADOR COM SEIS FUNCOES, EM TUBO DE ACO CARBONO, PINTURA NO PROCESSO ELETROSTATICO - EQUIPAMENTO DE GINASTICA PARA ACADEMIA AO AR LIVRE / ACADEMIA DA TERCEIRA IDADE - ATI","UN","CR",4406.47]
["MATERIAL",4209,"NIPLE DE FERRO GALVANIZADO, COM ROSCA BSP, DE 1 1/2\"","UN","CR",91.97]
["MATERIAL",4180,"NIPLE DE FERRO GALVANIZADO, COM ROSCA BSP, DE 1 1/4\"","UN","CR",81.89]
["MATERIAL",4179,"NIPLE DE FERRO GALVANIZADO, COM ROSCA BSP, DE 1\"","UN","CR",77.209999999999994]
["MATERIAL",4177,"NIPLE DE FERRO GALVANIZADO, COM ROSCA BSP, DE 1/2\"","UN","CR",94.25]
["MATERIAL",4208,"NIPLE DE FERRO GALVANIZADO, COM ROSCA BSP, DE 2 1/2\"","UN","CR",79.48]
["MATERIAL",4181,"NIPLE DE FERRO GALVANIZADO, COM ROSCA BSP, DE 2\"","UN","CR",42.24]
["MATERIAL",4182,"NIPLE DE FERRO GALVANIZADO, COM ROSCA BSP, DE 3\"","UN","CR",13.39]
["MATERIAL",4178,"NIPLE DE FERRO GALVANIZADO, COM ROSCA BSP, DE 3/4\"","UN","CR",114.94]
["MATERIAL",4183,"NIPLE DE FERRO GALVANIZADO, COM ROSCA BSP, DE 4\"","UN","CR",71.260000000000005]
["MATERIAL",4184,"NIPLE DE FERRO GALVANIZADO, COM ROSCA BSP, DE 5\"","UN","CR",275.86]
["MATERIAL",4185,"NIPLE DE FERRO GALVANIZADO, COM ROSCA BSP, DE 6\"","UN","CR",4.13]
["MATERIAL",4205,"NIPLE DE REDUCAO DE FERRO GALVANIZADO, COM ROSCA BSP, DE 1 1/2\" X 1 1/4\"","UN","CR",85.05]
["MATERIAL",4192,"NIPLE DE REDUCAO DE FERRO GALVANIZADO, COM ROSCA BSP, DE 1 1/2\" X 1\"","UN","CR",174.71]
["MATERIAL",4191,"NIPLE DE REDUCAO DE FERRO GALVANIZADO, COM ROSCA BSP, DE 1 1/2\" X 3/4\"","UN","CR",172.41]
["MATERIAL",4206,"NIPLE DE REDUCAO DE FERRO GALVANIZADO, COM ROSCA BSP, DE 1 1/4\" X 1\"","UN","CR",4]
["MATERIAL",4207,"NIPLE DE REDUCAO DE FERRO GALVANIZADO, COM ROSCA BSP, DE 1 1/4\" X 1/2\"","UN","CR"]
["MATERIAL",4190,"NIPLE DE REDUCAO DE FERRO GALVANIZADO, COM ROSCA BSP, DE 1 1/4\" X 3/4\"","UN","CR"]
["MATERIAL",4188,"NIPLE DE REDUCAO DE FERRO GALVANIZADO, COM ROSCA BSP, DE 1\" X 1/2\"","UN","CR"]
["MATERIAL",4189,"NIPLE DE REDUCAO DE FERRO GALVANIZADO, COM ROSCA BSP, DE 1\" X 3/4\"","UN","CR"]
["MATERIAL",4186,"NIPLE DE REDUCAO DE FERRO GALVANIZADO, COM ROSCA BSP, DE 1/2\" X 1/4\"","UN","CR"]
["MATERIAL",4197,"NIPLE DE REDUCAO DE FERRO GALVANIZADO, COM ROSCA BSP, DE 2 1/2\" X 2\"","UN","CR"]
["MATERIAL",4194,"NIPLE DE REDUCAO DE FERRO GALVANIZADO, COM ROSCA BSP, DE 2\" X 1 1/2\"","UN","CR"]
["MATERIAL",4193,"NIPLE DE REDUCAO DE FERRO GALVANIZADO, COM ROSCA BSP, DE 2\" X 1 1/4\"","UN","CR"]
["MATERIAL",4204,"NIPLE DE REDUCAO DE FERRO GALVANIZADO, COM ROSCA BSP, DE 2\" X 1\"","UN","CR"]
["MATERIAL",4202,"NIPLE DE REDUCAO DE FERRO GALVANIZADO, COM ROSCA BSP, DE 3\" X 2 1/2\"","UN","CR"]
["MATERIAL",4203,"NIPLE DE REDUCAO DE FERRO GALVANIZADO, COM ROSCA BSP, DE 3\" X 2\"","UN","CR"]
["MATERIAL",4187,"NIPLE DE REDUCAO DE FERRO GALVANIZADO, COM ROSCA BSP, DE 3/4\" X 1/2\"","UN","CR"]
["MATERIAL",40368,"NIPLE SEXTAVADO EM ACO CARBONO, COM ROSCA BSP, PRESSAO 3.000 LBS, DN 1 1/2\"","UN","CR"]
["MATERIAL",40365,"NIPLE SEXTAVADO EM ACO CARBONO, COM ROSCA BSP, PRESSAO 3.000 LBS, DN 1 1/4\"","UN","CR"]
["MATERIAL",40362,"NIPLE SEXTAVADO EM ACO CARBONO, COM ROSCA BSP, PRESSAO 3.000 LBS, DN 1\"","UN","CR"]
["MATERIAL",40356,"NIPLE SEXTAVADO EM ACO CARBONO, COM ROSCA BSP, PRESSAO 3.000 LBS, DN 1/2\"","UN","CR"]
["MATERIAL",40374,"NIPLE SEXTAVADO EM ACO CARBONO, COM ROSCA BSP, PRESSAO 3.000 LBS, DN 2 1/2\"","UN","CR"]
["MATERIAL",40371,"NIPLE SEXTAVADO EM ACO CARBONO, COM ROSCA BSP, PRESSAO 3.000 LBS, DN 2\"","UN","CR"]
["MATERIAL",40359,"NIPLE SEXTAVADO EM ACO CARBONO, COM ROSCA BSP, PRESSAO 3.000 LBS, DN 3/4\"","UN","CR"]
["MAO DE OBRA",7595,"NIVELADOR (HORISTA)","H","CR"]
["MAO DE OBRA",41094,"NIVELADOR (MENSALISTA)","MES","CR"]
["EQUIPAMENTO (AQUISIÇÃO)",39609,"NOBREAK TRIFASICO, DE 10 KVA FATOR DE POTENCIA DE 0,8, AUTONOMIA MINIMA DE 30 MINUTOS A PLENA CARGA","UN","CR"]
["EQUIPAMENTO (AQUISIÇÃO)",39610,"NOBREAK TRIFASICO, DE 15 KVA FATOR DE POTENCIA DE 0,8, AUTONOMIA MINIMA DE 30 MINUTOS A PLENA CARGA","UN","CR"]
["EQUIPAMENTO (AQUISIÇÃO)",39611,"NOBREAK TRIFASICO, DE 20 KVA FATOR DE POTENCIA DE 0,8, AUTONOMIA MINIMA DE 30 MINUTOS A PLENA CARGA","UN","CR"]
["EQUIPAMENTO (AQUISIÇÃO)",39612,"NOBREAK TRIFASICO, DE 25 KVA FATOR DE POTENCIA DE 0,8, AUTONOMIA MINIMA DE 30 MINUTOS A PLENA CARGA","UN","CR"]
["EQUIPAMENTO (AQUISIÇÃO)",39608,"NOBREAK TRIFASICO, DE 5 KVA FATOR DE POTENCIA DE 0,8, AUTONOMIA MINIMA DE 30 MINUTOS A PLENA CARGA","UN","CR"]
["MATERIAL",38175,"NUMERO / ALGARISMO PARA RESIDENCIA (FACHADA), EM ZAMAC, COM ALTURA DE APROX *45* MM, INCLUSIVE PARAFUSOS","UN","CR"]
["MATERIAL",38176,"NUMERO / ALGARISMO PARA RESIDENCIA (FACHADA), EM ZAMAC, COM ALTURA DE APROX 125 MM, INCLUSIVE PARAFUSOS","UN","CR"]
["MATERIAL",36152,"OCULOS DE SEGURANCA CONTRA IMPACTOS COM LENTE INCOLOR, ARMACAO NYLON, COM PROTECAO UVA E UVB","UN","CR"]
["MATERIAL",45212,"OCULOS DE SOLDA COM ESCURECIMENTO AUTOMATICO","UN","CR"]
["MATERIAL",4221,"OLEO DIESEL COMBUSTIVEL COMUM METROPOLITANO S-10 OU S-500","L","C"]
["MATERIAL",4227,"OLEO LUBRIFICANTE MINERAL MONOVISCOSO, SAE 40, PARA MOTORES DE EQUIPAMENTOS PESADOS (CAMINHOES, TRATORES, RETROS E ETC)","L","CR"]
["MATERIAL",38170,"OLHO MAGICO PARA PORTAS, EM LATAO, COM LENTE DE POLICARBONATO, ANGULO DE *200* GRAUS, ESPESSURA ENTRE *25 E 46* MM, INCLUINDO FECHO JANELA","UN","CR"]
["MAO DE OBRA",4252,"OPERADOR DE BATE-ESTACAS (HORISTA)","H","CR"]
["MAO DE OBRA",40980,"OPERADOR DE BATE-ESTACAS (MENSALISTA)","MES","CR"]
["MAO DE OBRA",41031,"OPERADOR DE BETONEIRA (CAMINHAO) (MENSALISTA)","MES","CR",53.51]
["MAO DE OBRA",37666,"OPERADOR DE BETONEIRA ESTACIONARIA / MISTURADOR (HORISTA)","H","CR",17.91]
["MAO DE OBRA",40986,"OPERADOR DE BETONEIRA ESTACIONARIA / MISTURADOR (MENSALISTA)","MES","CR",3137.72]
["MAO DE OBRA",4250,"OPERADOR DE COMPRESSOR DE AR OU COMPRESSORISTA (HORISTA)","H","CR",67690.52]
["MAO DE OBRA",40978,"OPERADOR DE COMPRESSOR DE AR OU COMPRESSORISTA (MENSALISTA)","MES","CR",98807.039999999994]
["MAO DE OBRA",44501,"OPERADOR DE DEMARCADORA DE FAIXAS DE TRAFEGO (HORISTA)","H","CR",119572.69]
["MAO DE OBRA",41043,"OPERADOR DE DEMARCADORA DE FAIXAS DE TRAFEGO (MENSALISTA)","MES","CR",187313.31]
["MAO DE OBRA",4234,"OPERADOR DE ESCAVADEIRA (HORISTA)","H","C",54124.62]
["MAO DE OBRA",40987,"OPERADOR DE ESCAVADEIRA (MENSALISTA)","MES","CR",5.15]
["MAO DE OBRA",4253,"OPERADOR DE GUINCHO OU GUINCHEIRO (HORISTA)","H","CR",15.16]
["MAO DE OBRA",40981,"OPERADOR DE GUINCHO OU GUINCHEIRO (MENSALISTA)","MES","CR",6.2]
["MAO DE OBRA",4254,"OPERADOR DE GUINDASTE (HORISTA)","H","CR",62.06]
["MAO DE OBRA",41036,"OPERADOR DE GUINDASTE (MENSALISTA)","MES","CR",5.79]
["MAO DE OBRA",4251,"OPERADOR DE JATO ABRASIVO OU JATISTA (HORISTA)","H","CR",27]
["MAO DE OBRA",40979,"OPERADOR DE JATO ABRASIVO OU JATISTA (MENSALISTA)","MES","CR",22.53]
["MAO DE OBRA",4230,"OPERADOR DE MAQUINAS E TRATORES DIVERSOS - TERRAPLANAGEM (HORISTA)","H","CR",16.760000000000002]
["MAO DE OBRA",40998,"OPERADOR DE MAQUINAS E TRATORES DIVERSOS - TERRAPLANAGEM (MENSALISTA)","MES","CR",2935.92]
["MAO DE OBRA",4257,"OPERADOR DE MARTELETE OU MARTELETEIRO (HORISTA)","H","CR",3622.88]
["MAO DE OBRA",40982,"OPERADOR DE MARTELETE OU MARTELETEIRO (MENSALISTA)","MES","CR",16.72]
["MAO DE OBRA",4240,"OPERADOR DE MOTO SCRAPER (HORISTA)","H","CR",2929.53]
["MAO DE OBRA",41026,"OPERADOR DE MOTO SCRAPER (MENSALISTA)","MES","CR",15.39]
["MAO DE OBRA",4239,"OPERADOR DE MOTONIVELADORA (HORISTA)","H","CR",2697.09]
["MAO DE OBRA",41024,"OPERADOR DE MOTONIVELADORA (MENSALISTA)","MES","CR",20.69]
["MAO DE OBRA",4248,"OPERADOR DE PA CARREGADEIRA (HORISTA)","H","CR",3622.88]
["MAO DE OBRA",41033,"OPERADOR DE PA CARREGADEIRA (MENSALISTA)","MES","CR",22.45]
["MAO DE OBRA",44500,"OPERADOR DE PAVIMENTADORA / MESA VIBROACABADORA (HORISTA)","H","CR",3929.54]
["MAO DE OBRA",41040,"OPERADOR DE PAVIMENTADORA / MESA VIBROACABADORA (MENSALISTA)","MES","CR",16.72]
["MAO DE OBRA",4238,"OPERADOR DE ROLO COMPACTADOR (HORISTA)","H","CR",2929.53]
["MAO DE OBRA",41012,"OPERADOR DE ROLO COMPACTADOR (MENSALISTA)","MES","CR",26.68]
["MAO DE OBRA",4233,"OPERADOR DE USINA DE ASFALTO, DE SOLOS OU DE CONCRETO (HORISTA)","H","CR",4673.1000000000004]
["MAO DE OBRA",41001,"OPERADOR DE USINA DE ASFALTO, DE SOLOS OU DE CONCRETO (MENSALISTA)","MES","CR",18.13]
["MATERIAL",2,"OXIGENIO - RECARGA DE GAS PARA CILINDRO (NAO INCLUI TROCA/MANUTENCAO DO CILINDRO)","M3","CR",3177.04]
["EQUIPAMENTO (AQUISIÇÃO)",14221,"PA CARREGADEIRA SOBRE RODAS, POTENCIA 152 HP, CAPACIDADE DA CACAMBA DE 1,53 A 2,30 M3, PESO OPERACIONAL MAXIMO DE 10216 KG","UN","CR",19.690000000000001]
["EQUIPAMENTO (AQUISIÇÃO)",36517,"PA CARREGADEIRA SOBRE RODAS, POTENCIA BRUTA *127* CV, CAPACIDADE DA CACAMBA DE 2,0 A 2,4 M3, PESO OPERACIONAL MAXIMO DE 10330 KG","UN","CR",3446.95]
["EQUIPAMENTO (AQUISIÇÃO)",4262,"PA CARREGADEIRA SOBRE RODAS, POTENCIA LIQUIDA 128 HP, CAPACIDADE DA CACAMBA DE 1,7 A 2,8 M3, PESO OPERACIONAL MAXIMO DE 11632 KG","UN","C",16.72]
["EQUIPAMENTO (AQUISIÇÃO)",4263,"PA CARREGADEIRA SOBRE RODAS, POTENCIA LIQUIDA 197 HP, CAPACIDADE DA CACAMBA DE 2,5 A 3,5 M3, PESO OPERACIONAL MAXIMO DE 18338 KG","UN","CR",2929.53]
["EQUIPAMENTO (AQUISIÇÃO)",36518,"PA CARREGADEIRA SOBRE RODAS, POTENCIA LIQUIDA 213 HP, CAPACIDADE DA CACAMBA DE 1,9 A 3,5 M3, PESO OPERACIONAL MAXIMO DE 19234 KG","UN","CR",24.8]
["MATERIAL",38402,"PA DE LIXO PLASTICA, CABO LONGO","UN","CR",4341.93]
["MATERIAL",3412,"PAINEL DE LA DE VIDRO SEM REVESTIMENTO PSI 20, E = 25 MM, DE 1200 X 600 MM","M2","CR",24.8]
["MATERIAL",3413,"PAINEL DE LA DE VIDRO SEM REVESTIMENTO PSI 20, E = 50 MM, DE 1200 X 600 MM","M2","CR",4341.93]
["MATERIAL",39744,"PAINEL DE LA DE VIDRO SEM REVESTIMENTO PSI 40, E = 25 MM, DE 1200 X 600 MM","M2","CR",20.69]
["MATERIAL",39745,"PAINEL DE LA DE VIDRO SEM REVESTIMENTO PSI 40, E = 50 MM, DE 1200 X 600 MM","M2","CR",3622.88]
["MATERIAL",39637,"PAINEL ESTRUTURAL PARA LAJE SECA REVESTIDO EM PLACA CIMENTICIA, DE 1,20 X 2,50 M, E = 23 MM","M2","CR",20.69]
["MATERIAL",39638,"PAINEL ESTRUTURAL PARA LAJE SECA REVESTIDO EM PLACA CIMENTICIA, DE 1,20 X 2,50 M, E = 40 MM","M2","CR",3622.88]
["MATERIAL",39639,"PAINEL ESTRUTURAL PARA LAJE SECA REVESTIDO EM PLACA CIMENTICIA, DE 1,20 X 2,50 M, E = 55 MM","M2","CR",19.920000000000002]
["MATERIAL",39517,"PAINEL TERMOISOLANTE PARA FECHAMENTOS VERTICAIS (INCLUI PARAFUSOS DE FIXACAO) REVESTIDO EM ACO GALVALUME, LARGURA UTIL DE 1100 MM, REVESTIMENTO COM ESPESSURA DE 0,50 MM, COM PRE-PINTURA NAS DUAS FACES, NUCLEO EM POLIURETANO (PUR) COM ESPESSURA 40/50 MM","M2","CR",3489.31]
["MATERIAL",39518,"PAINEL TERMOISOLANTE PARA FECHAMENTOS VERTICAIS (INCLUI PARAFUSOS DE FIXACAO) REVESTIDO EM ACO GALVALUME, LARGURA UTIL DE 1100 MM, REVESTIMENTO COM ESPESSURA DE 0,50 MM, COM PRE-PINTURA NAS DUAS FACES, NUCLEO EM POLIURETANO (PUR) COM ESPESSURA 70/80 MM","M2","CR",24.8]
["MATERIAL",38366,"PAPEL KRAFT BETUMADO","M2","CR",4341.93]
["MATERIAL",11703,"PAPELEIRA DE PAREDE EM METAL CROMADO SEM TAMPA","UN","CR"]
["MATERIAL",37400,"PAPELEIRA PLASTICA TIPO DISPENSER PARA PAPEL HIGIENICO ROLAO","UN","CR"]
["MATERIAL",25400,"PAR DE TABELAS DE BASQUETE EM COMPENSADO NAVAL, OFICIAL, 1800 X 1200 MM, INCLUINDO ARO DE METAL E REDE EM POLIPROPILENO 100% (SEM SUPORTE DE FIXACAO)","UN","CR"]
["MATERIAL",4276,"PARA-RAIOS DE DISTRIBUICAO, TENSAO NOMINAL 15 KV, CORRENTE NOMINAL DE DESCARGA 5 KA","UN","CR"]
["MATERIAL",4273,"PARA-RAIOS DE DISTRIBUICAO, TENSAO NOMINAL 30 KV, CORRENTE NOMINAL DE DESCARGA 10 KA","UN","CR"]
["MATERIAL",4274,"PARA-RAIOS TIPO FRANKLIN 350 MM, EM LATAO CROMADO, DUAS DESCIDAS, PARA PROTECAO DE EDIFICACOES CONTRA DESCARGAS ATMOSFERICAS","UN","C"]
["MATERIAL",39438,"PARAFUSO CABECA TROMBETA E PONTA AGULHA (GN55), COMPRIMENTO 55 MM, EM ACO FOSFATIZADO, PARA FIXAR CHAPA DE GESSO EM PERFIL DRYWALL METALICO MAXIMO 0,7 MM","UN","CR",33.06]
["MATERIAL",4379,"PARAFUSO DE ACO ZINCADO COM ROSCA SOBERBA, CABECA CHATA E FENDA SIMPLES, DIAMETRO 2,5 MM, COMPRIMENTO * 9,5 * MM","UN","CR",36.39]
["MATERIAL",4377,"PARAFUSO DE ACO ZINCADO COM ROSCA SOBERBA, CABECA CHATA E FENDA SIMPLES, DIAMETRO 4,2 MM, COMPRIMENTO * 32 * MM","UN","CR"]
["MATERIAL",4356,"PARAFUSO DE ACO ZINCADO COM ROSCA SOBERBA, CABECA CHATA E FENDA SIMPLES, DIAMETRO 4,8 MM, COMPRIMENTO 45 MM","UN","CR"]
["MATERIAL",13246,"PARAFUSO DE ACO ZINCADO, SEXTAVADO, COM ROSCA INTEIRA, DIAMETRO 5/16\", COMPRIMENTO 3/4\", COM PORCA E ARRUELA LISA LEVE","UN","CR"]
["MATERIAL",13294,"PARAFUSO DE ACO ZINCADO, SEXTAVADO, COM ROSCA SOBERBA, DIAMETRO 3/8\", COMPRIMENTO 80 MM","UN","CR"]
["MATERIAL",11963,"PARAFUSO DE ACO ZINCADO, TIPO CHUMBADOR PARABOLT, DIAMETRO 1/2\", COMPRIMENTO 75 MM","UN","CR",121.96]
["MATERIAL",11964,"PARAFUSO DE ACO ZINCADO, TIPO CHUMBADOR PARABOLT, DIAMETRO 3/8\", COMPRIMENTO 75 MM","UN","CR",138]
["MATERIAL",4346,"PARAFUSO DE FERRO POLIDO, SEXTAVADO, COM ROSCA PARCIAL, DIAMETRO 5/8\", COMPRIMENTO 6\", COM PORCA E ARRUELA DE PRESSAO MEDIA","UN","CR",208.21]
["MATERIAL",11955,"PARAFUSO DE LATAO COM ACABAMENTO CROMADO PARA FIXAR PECA SANITARIA, INCLUI PORCA CEGA, ARRUELA E BUCHA DE NYLON TAMANHO S-10","UN","CR"]
["MATERIAL",11960,"PARAFUSO DE LATAO COM ROSCA SOBERBA, CABECA CHATA E FENDA SIMPLES, DIAMETRO 2,5 MM, COMPRIMENTO 12 MM","UN","CR"]
["MATERIAL",4333,"PARAFUSO DE LATAO COM ROSCA SOBERBA, CABECA CHATA E FENDA SIMPLES, DIAMETRO 3,2 MM, COMPRIMENTO 16 MM","UN","CR",6.03]
["MATERIAL",4358,"PARAFUSO DE LATAO COM ROSCA SOBERBA, CABECA CHATA E FENDA SIMPLES, DIAMETRO 4,8 MM, COMPRIMENTO 65 MM","UN","CR",73.040000000000006]
["MATERIAL",39435,"PARAFUSO DRY WALL, EM ACO FOSFATIZADO, CABECA TROMBETA E PONTA AGULHA (TA), COMPRIMENTO 25 MM","UN","CR",88.39]
["MATERIAL",39436,"PARAFUSO DRY WALL, EM ACO FOSFATIZADO, CABECA TROMBETA E PONTA AGULHA (TA), COMPRIMENTO 35 MM","UN","CR",2587.67]
["MATERIAL",39437,"PARAFUSO DRY WALL, EM ACO FOSFATIZADO, CABECA TROMBETA E PONTA AGULHA (TA), COMPRIMENTO 45 MM","UN","CR"]
["MATERIAL",39439,"PARAFUSO DRY WALL, EM ACO FOSFATIZADO, CABECA TROMBETA E PONTA BROCA (TB), COMPRIMENTO 25 MM","UN","CR"]
["MATERIAL",39440,"PARAFUSO DRY WALL, EM ACO FOSFATIZADO, CABECA TROMBETA E PONTA BROCA (TB), COMPRIMENTO 35 MM","UN","CR"]
["MATERIAL",39441,"PARAFUSO DRY WALL, EM ACO FOSFATIZADO, CABECA TROMBETA E PONTA BROCA (TB), COMPRIMENTO 45 MM","UN","CR",0.41]
["MATERIAL",39442,"PARAFUSO DRY WALL, EM ACO ZINCADO, CABECA LENTILHA E PONTA AGULHA (LA), LARGURA 4,2 MM, COMPRIMENTO 13 MM","UN","CR",0.08]
["MATERIAL",39443,"PARAFUSO DRY WALL, EM ACO ZINCADO, CABECA LENTILHA E PONTA BROCA (LB), LARGURA 4,2 MM, COMPRIMENTO 13 MM","UN","CR",0.28999999999999998]
["MATERIAL",4329,"PARAFUSO EM ACO GALVANIZADO, TIPO MAQUINA, SEXTAVADO, SEM PORCA, DIAMETRO 1/2\", COMPRIMENTO 2\"","UN","C",0.41]
["MATERIAL",436,"PARAFUSO FRANCES M16 EM ACO GALVANIZADO, COMPRIMENTO = 150 MM, DIAMETRO = 16 MM, CABECA ABAULADA","UN","CR",0.7]
["MATERIAL",442,"PARAFUSO FRANCES M16 EM ACO GALVANIZADO, COMPRIMENTO = 45 MM, DIAMETRO = 16 MM, CABECA ABAULADA","UN","CR",2.35]
["MATERIAL",4383,"PARAFUSO FRANCES METRICO ZINCADO, DIAMETRO 12 MM, COMPRIMENTO 140MM, COM PORCA SEXTAVADA E ARRUELA DE PRESSAO MEDIA","UN","CR",14.78]
["MATERIAL",4344,"PARAFUSO FRANCES METRICO ZINCADO, DIAMETRO 12 MM, COMPRIMENTO 150 MM, COM PORCA SEXTAVADA E ARRUELA DE PRESSAO MEDIA","UN","CR",3.73]
["MATERIAL",4335,"PARAFUSO FRANCES ZINCADO, DIAMETRO 1/2\", COMPRIMENTO 12\", COM PORCA E ARRUELA LISA MEDIA","UN","CR",15.84]
["MATERIAL",4334,"PARAFUSO FRANCES ZINCADO, DIAMETRO 1/2\", COMPRIMENTO 15\", COM PORCA E ARRUELA LISA MEDIA","UN","CR",6.93]
["MATERIAL",11953,"PARAFUSO FRANCES ZINCADO, DIAMETRO 1/2\", COMPRIMENTO 2\", COM PORCA E ARRUELA","UN","CR",0.23]
["MATERIAL",4343,"PARAFUSO FRANCES ZINCADO, DIAMETRO 1/2\", COMPRIMENTO 4\", COM PORCA E ARRUELA","UN","CR",0.41]
["MATERIAL",430,"PARAFUSO M16 EM ACO GALVANIZADO, COMPRIMENTO = 125 MM, DIAMETRO = 16 MM, ROSCA MAQUINA, CABECA QUADRADA","UN","CR",3.17]
["MATERIAL",441,"PARAFUSO M16 EM ACO GALVANIZADO, COMPRIMENTO = 150 MM, DIAMETRO = 16 MM, ROSCA MAQUINA, CABECA QUADRADA","UN","CR",0.16]
["MATERIAL",431,"PARAFUSO M16 EM ACO GALVANIZADO, COMPRIMENTO = 200 MM, DIAMETRO = 16 MM, ROSCA MAQUINA, CABECA QUADRADA","UN","CR",0.27]
["MATERIAL",432,"PARAFUSO M16 EM ACO GALVANIZADO, COMPRIMENTO = 250 MM, DIAMETRO = 16 MM, ROSCA MAQUINA, CABECA QUADRADA","UN","CR",0.36]
["MATERIAL",429,"PARAFUSO M16 EM ACO GALVANIZADO, COMPRIMENTO = 300 MM, DIAMETRO = 16 MM, ROSCA DUPLA","UN","CR",0.24]
["MATERIAL",439,"PARAFUSO M16 EM ACO GALVANIZADO, COMPRIMENTO = 300 MM, DIAMETRO = 16 MM, ROSCA MAQUINA, CABECA QUADRADA","UN","CR",0.31]
["MATERIAL",433,"PARAFUSO M16 EM ACO GALVANIZADO, COMPRIMENTO = 350 MM, DIAMETRO = 16 MM, ROSCA MAQUINA, CABECA QUADRADA","UN","CR",0.4]
["MATERIAL",437,"PARAFUSO M16 EM ACO GALVANIZADO, COMPRIMENTO = 400 MM, DIAMETRO = 16 MM, ROSCA DUPLA","UN","CR",0.28999999999999998]
["MATERIAL",11790,"PARAFUSO M16 EM ACO GALVANIZADO, COMPRIMENTO = 450 MM, DIAMETRO = 16 MM, ROSCA MAQUINA, CABECA QUADRADA","UN","CR",0.38]
["MATERIAL",428,"PARAFUSO M16 EM ACO GALVANIZADO, COMPRIMENTO = 500 MM, DIAMETRO = 16 MM, ROSCA MAQUINA, COM CABECA SEXTAVADA E PORCA","UN","C",3.38]
["MATERIAL",4351,"PARAFUSO NIQUELADO 3 1/2\" COM ACABAMENTO CROMADO PARA FIXAR PECA SANITARIA, INCLUI PORCA CEGA, ARRUELA E BUCHA DE NYLON TAMANHO S-8","UN","CR"]
["MATERIAL",4384,"PARAFUSO NIQUELADO COM ACABAMENTO CROMADO PARA FIXAR PECA SANITARIA, INCLUI PORCA CEGA, ARRUELA E BUCHA DE NYLON TAMANHO S-10","UN","CR"]
["MATERIAL",11054,"PARAFUSO ROSCA SOBERBA ZINCADO CABECA CHATA FENDA SIMPLES 3,2 X 20 MM (3/4 \")","UN","CR",30.56]
["MATERIAL",11055,"PARAFUSO ROSCA SOBERBA ZINCADO CABECA CHATA FENDA SIMPLES 3,5 X 25 MM (1 \")","UN","CR",32.03]
["MATERIAL",11056,"PARAFUSO ROSCA SOBERBA ZINCADO CABECA CHATA FENDA SIMPLES 3,8 X 30 MM (1.1/4 \")","UN","CR",21.51]
["MATERIAL",11057,"PARAFUSO ROSCA SOBERBA ZINCADO CABECA CHATA FENDA SIMPLES 4,8 X 40 MM (1.1/2 \")","UN","CR",29.5]
["MATERIAL",11059,"PARAFUSO ROSCA SOBERBA ZINCADO CABECA CHATA FENDA SIMPLES 5,5 X 50 MM (2 \")","UN","CR",5.08]
["MATERIAL",11058,"PARAFUSO ROSCA SOBERBA ZINCADO CABECA CHATA FENDA SIMPLES 5,5 X 65 MM (2.1/2 \")","UN","CR",7.25]
["MATERIAL",4320,"PARAFUSO ZINCADO 5/16\" X 250 MM PARA FIXACAO DE TELHA DE FIBROCIMENTO CANALETE 49, INCLUI BUCHA NYLON S-10","UN","CR"]
["MATERIAL",4318,"PARAFUSO ZINCADO 5/16\" X 85 MM PARA FIXACAO DE TELHA DE FIBROCIMENTO CANALETE 90, INCLUI BUCHA NYLON S-10","UN","CR"]
["MATERIAL",4380,"PARAFUSO ZINCADO ROSCA SOBERBA 5/16\" X 120 MM PARA TELHA FIBROCIMENTO","UN","CR"]
["MATERIAL",4299,"PARAFUSO ZINCADO ROSCA SOBERBA, CABECA SEXTAVADA, 5/16\" X 110 MM, PARA FIXACAO DE TELHA EM MADEIRA","UN","C"]
["MATERIAL",4304,"PARAFUSO ZINCADO ROSCA SOBERBA, CABECA SEXTAVADA, 5/16\" X 150 MM, PARA FIXACAO DE TELHA EM MADEIRA","UN","CR"]
["MATERIAL",4305,"PARAFUSO ZINCADO ROSCA SOBERBA, CABECA SEXTAVADA, 5/16\" X 180 MM, PARA FIXACAO DE TELHA EM MADEIRA","UN","CR"]
["MATERIAL",4306,"PARAFUSO ZINCADO ROSCA SOBERBA, CABECA SEXTAVADA, 5/16\" X 200 MM, PARA FIXACAO DE TELHA EM MADEIRA","UN","CR"]
["MATERIAL",4308,"PARAFUSO ZINCADO ROSCA SOBERBA, CABECA SEXTAVADA, 5/16\" X 230 MM, PARA FIXACAO DE TELHA EM MADEIRA","UN","CR"]
["MATERIAL",4302,"PARAFUSO ZINCADO ROSCA SOBERBA, CABECA SEXTAVADA, 5/16\" X 250 MM, PARA FIXACAO DE TELHA EM MADEIRA","UN","CR"]
["MATERIAL",4300,"PARAFUSO ZINCADO ROSCA SOBERBA, CABECA SEXTAVADA, 5/16\" X 50 MM, PARA FIXACAO DE TELHA EM MADEIRA","UN","CR"]
["MATERIAL",4301,"PARAFUSO ZINCADO ROSCA SOBERBA, CABECA SEXTAVADA, 5/16\" X 85 MM, PARA FIXACAO DE TELHA EM MADEIRA","UN","CR",26.04]
["MATERIAL",40547,"PARAFUSO ZINCADO, AUTOBROCANTE, FLANGEADO, 4,2 MM X 19 MM","CENTO","CR",35.119999999999997]
["MATERIAL",11962,"PARAFUSO ZINCADO, SEXTAVADO, COM ROSCA INTEIRA, DIAMETRO 1/4\", COMPRIMENTO 1/2\"","UN","CR",0.03]
["MATERIAL",4332,"PARAFUSO ZINCADO, SEXTAVADO, COM ROSCA INTEIRA, DIAMETRO 3/8\", COMPRIMENTO 2\"","UN","CR",0.05]
["MATERIAL",4331,"PARAFUSO ZINCADO, SEXTAVADO, COM ROSCA INTEIRA, DIAMETRO 5/8\", COMPRIMENTO 2 1/4\"","UN","CR",0.05]
["MATERIAL",4336,"PARAFUSO ZINCADO, SEXTAVADO, COM ROSCA INTEIRA, DIAMETRO 5/8\", COMPRIMENTO 3\", COM PORCA E ARRUELA DE PRESSAO MEDIA","UN","CR",0.11]
["MATERIAL",11948,"PARAFUSO ZINCADO, SEXTAVADO, COM ROSCA SOBERBA, DIAMETRO 5/16\", COMPRIMENTO 40 MM","UN","CR",0.22]
["MATERIAL",4382,"PARAFUSO ZINCADO, SEXTAVADO, COM ROSCA SOBERBA, DIAMETRO 5/16\", COMPRIMENTO 80 MM","UN","CR",0.28000000000000003]
["MATERIAL",4354,"PARAFUSO ZINCADO, SEXTAVADO, GRAU 5, ROSCA INTEIRA, DIAMETRO 1 1/2\", COMPRIMENTO 4\"","UN","CR",2.29]
["MATERIAL",40839,"PARAFUSO, ASTM A307 - GRAU A, SEXTAVADO, ZINCADO, DIAMETRO 3/8\" (9,52 MM), COMPRIMENTO 1\" (25,4 MM)","CENTO","CR",1.1100000000000001]
["MATERIAL",40552,"PARAFUSO, AUTOATARRAXANTE, CABECA CHATA, FENDA SIMPLES, EM ACO ZINCADO, 1/4\" (6,35 MM) X 25 MM","CENTO","CR",0.96]
["MATERIAL",40549,"PARAFUSO, COMUM, ASTM A307, SEXTAVADO, DIAMETRO 1/2\" (12,7 MM), COMPRIMENTO 1\" (25,4 MM)","CENTO","CR",0.91]
["MATERIAL",4385,"PARALELEPIPEDO GRANITICO OU BASALTICO, PARA PAVIMENTACAO, SEM FRETE (VARIACAO REGIONAL DE PECAS POR M2)","MIL","CR",1.24]
["MATERIAL",20078,"PASTA LUBRIFICANTE PARA TUBOS E CONEXOES COM JUNTA ELASTICA, EMBALAGEM DE *400* GR (USO EM PVC, ACO, POLIETILENO E OUTROS)","UN","CR",1.44]
["MATERIAL",39897,"PASTA PARA SOLDA DE TUBOS E CONEXOES DE COBRE (EMBALAGEM COM 250 G)","UN","CR",1.67]
["MATERIAL",118,"PASTA VEDA JUNTAS/ROSCA, EMBALAGEM DE *500* G, PARA INSTALACOES DE AGUA, GAS E OUTROS","UN","CR",3.46]
["MATERIAL",4396,"PASTILHA CERAMICA/PORCELANA, REVEST INT/EXT E PISCINA, CORES BRANCA OU FRIAS, SOLIDAS, SEM MESCLAGEM/MISTURA, ACABAMENTO LISO *2,5 X 2,5* CM","M2","CR",2.6]
["MATERIAL",36881,"PASTILHA CERAMICA/PORCELANA, REVEST INT/EXT E PISCINA, CORES BRANCA OU FRIAS, SOLIDAS, SEM MESCLAGEM/MISTURA, ACABAMENTO LISO *5 X 5* CM","M2","CR",0.62]
["MATERIAL",4397,"PASTILHA CERAMICA/PORCELANA, REVEST INT/EXT E PISCINA, CORES LISAS/SOLIDAS, QUENTES, SEM MESCLAGEM/MISTURA, *2,5 X 2,5* CM","M2","CR",0.75]
["MATERIAL",36882,"PASTILHA CERAMICA/PORCELANA, REVEST INT/EXT E PISCINA, CORES LISAS/SOLIDAS, QUENTES, SEM MESCLAGEM/MISTURA, *5 X 5* CM","M2","CR",42.67]
["MAO DE OBRA",4751,"PASTILHEIRO (HORISTA)","H","CR",0.35]
["MAO DE OBRA",41066,"PASTILHEIRO (MENSALISTA)","MES","CR",1.7]
["MATERIAL",39604,"PATCH CORD (CABO DE REDE), CATEGORIA 5 E (CAT 5E) UTP, 24 AWG, 4 PARES, EXTENSAO DE 1,50 M","UN","CR",6.4]
["MATERIAL",39605,"PATCH CORD (CABO DE REDE), CATEGORIA 5 E (CAT 5E) UTP, 24 AWG, 4 PARES, EXTENSAO DE 2,50 M","UN","CR",8.1999999999999993]
["MATERIAL",39606,"PATCH CORD (CABO DE REDE), CATEGORIA 6 (CAT 6) UTP, 23 AWG, 4 PARES, EXTENSAO DE 1,50 M","UN","CR",1.05]
["MATERIAL",39607,"PATCH CORD (CABO DE REDE), CATEGORIA 6 (CAT 6) UTP, 23 AWG, 4 PARES, EXTENSAO DE 2,50 M","UN","CR",1.76]
["MATERIAL",39594,"PATCH PANEL, 24 PORTAS, CATEGORIA 5E, COM RACKS DE 19\" DE LARGURA E 1 U DE ALTURA","UN","C",73.47]
["MATERIAL",39596,"PATCH PANEL, 24 PORTAS, CATEGORIA 6, COM RACKS DE 19\" DE LARGURA E 1 U DE ALTURA","UN","CR",176.8]
["MATERIAL",39595,"PATCH PANEL, 48 PORTAS, CATEGORIA 5E, COM RACKS DE 19\" DE LARGURA E 2 U DE ALTURA","UN","CR",73.16]
["MATERIAL",39597,"PATCH PANEL, 48 PORTAS, CATEGORIA 6, COM RACKS DE 19\" DE LARGURA E 2 U DE ALTURA","UN","CR",289.58999999999997]
["MATERIAL",10731,"PEDRA ARDOSIA, CINZA, *40 X 40* CM, E= *1 CM","M2","C",938.65]
["MATERIAL",4704,"PEDRA ARDOSIA, CINZA, 20 X 40 CM, E= *1 CM","M2","CR",16.55]
["MATERIAL",10730,"PEDRA ARDOSIA, CINZA, 30 X 30, E= *1 CM","M2","CR",26.99]
["MATERIAL",4720,"PEDRA BRITADA N. 0, OU PEDRISCO (4,8 A 9,5 MM) POSTO PEDREIRA/FORNECEDOR, SEM FRETE","M3","CR"]
["MATERIAL",4721,"PEDRA BRITADA N. 1 (9,5 A 19 MM) POSTO PEDREIRA/FORNECEDOR, SEM FRETE","M3","CR",57.06]
["MATERIAL",4718,"PEDRA BRITADA N. 2 (19 A 38 MM) POSTO PEDREIRA/FORNECEDOR, SEM FRETE","M3","C",280.93]
["MATERIAL",4722,"PEDRA BRITADA N. 3 (38 A 50 MM) POSTO PEDREIRA/FORNECEDOR, SEM FRETE","M3","CR",205.09]
["MATERIAL",4730,"PEDRA DE MAO OU PEDRA RACHAO PARA ARRIMO/FUNDACAO (POSTO PEDREIRA/FORNECEDOR, SEM FRETE)","M3","CR",285.61]
["MATERIAL",13186,"PEDRA GRANITICA OU BASALTICA IRREGULAR, FAIXA GRANULOMETRICA 100 A 150 MM PARA PAVIMENTACAO OU CALCAMENTO POLIEDRICO, POSTO PEDREIRA / FORNECEDOR (SEM FRETE)","M3","CR",209.13]
["MATERIAL",10737,"PEDRA GRANITICA OU BASALTO, CACO, RETALHO, CAVACO, TIPO MIRACEMA, MADEIRA, PADUANA, RACHINHA, SANTA ISABEL OU OUTRAS SIMILARES, E= *1,0 A *2,0 CM","M2","CR",22.45]
["MATERIAL",10734,"PEDRA GRANITICA, SERRADA, TIPO MIRACEMA, MADEIRA, PADUANA, RACHINHA, SANTA ISABEL OU OUTRAS SIMILARES, *11,5 X *23 CM, E= *1,0 A *2,0 CM","M2","CR",3929.54]
["MATERIAL",4708,"PEDRA PORTUGUESA OU PETIT PAVE, BRANCA OU PRETA","M2","CR",12.01]
["MATERIAL",4712,"PEDRA QUARTZITO OU CALCARIO LAMINADO, CACO, TIPO CARIRI, ITACOLOMI, LAGOA SANTA, LUMINARIA, PIRENOPOLIS, SAO TOME OU OUTRAS SIMILARES DA REGIAO, E= *1,5 A *2,5 CM","M2","CR",13.04]
["MATERIAL",4710,"PEDRA QUARTZITO OU CALCARIO LAMINADO, SERRADA, TIPO CARIRI, ITACOLOMI, LAGOA SANTA, LUMINARIA, PIRENOPOLIS, SAO TOME OU OUTRAS SIMILARES DA REGIAO, *20 X *40 CM, E= *1,5 A *2,5 CM","M2","CR",22.84]
["MAO DE OBRA",4750,"PEDREIRO (HORISTA)","H","C",30.9]
["MAO DE OBRA",41065,"PEDREIRO (MENSALISTA)","MES","CR",611.80999999999995]
["MATERIAL",34747,"PEITORIL EM MARMORE, POLIDO, BRANCO COMUM, L= *15* CM, E= *2,0* CM, COM PINGADEIRA","M","CR",1638.48]
["MATERIAL",4826,"PEITORIL EM MARMORE, POLIDO, BRANCO COMUM, L= *15* CM, E= *3* CM, CORTE RETO","M","CR",3681.43]
["MATERIAL",41975,"PEITORIL PRE-MOLDADO EM GRANILITE, MARMORITE OU GRANITINA, L = *15* CM","M2","CR",5774.82]
["MATERIAL",4825,"PEITORIL/ SOLEIRA EM MARMORE, POLIDO, BRANCO COMUM, L= *25* CM, E= *3* CM, CORTE RETO","M","CR"]
["MATERIAL",34744,"PELICULA REFLETIVA, GT 7 ANOS PARA SINALIZACAO VERTICAL","M2","CR"]
["MATERIAL",39430,"PENDURAL OU PRESILHA REGULADORA, EM ACO GALVANIZADO, COM CORPO, MOLA E REBITE, PARA PERFIL TIPO CANALETA DE ESTRUTURA EM FORROS DRYWALL","UN","CR"]
["MATERIAL",39573,"PENDURAL OU REGULADOR, COM MOLA, EM ACO GALVANIZADO, PARA PERFIL TIPO T CLICADO DE FORROS REMOVIVEL","UN","CR",116.15]
["EQUIPAMENTO (AQUISIÇÃO)",38410,"PENEIRA ROTATIVA COM MOTOR ELETRICO TRIFASICO DE 2 CV, CILINDRO DE 1 M X 0,60 M, COM FUROS DE 3,17 MM","UN","CR",100.61]
["MATERIAL",43082,"PERFIL \"I\" OU \"W\" EM ACO LAMINADO, QUAISQUER DIMENSOES","KG","C",101.14]
["MATERIAL",43083,"PERFIL \"U\" ENRIJECIDO, EM CHAPA DOBRADA DE ACO LAMINADO, E = 3,75 MM, H = 200 MM, L = 75 MM (9,94 KG/M)","KG","CR",95.03]
["MATERIAL",40535,"PERFIL \"U\" SIMPLES, EM CHAPA DOBRADA DE ACO LAMINADO, E = 2,65 MM, H = 75 MM, L = 40 MM (3,04 KG/M)","KG","CR",94.56]
["MATERIAL",40598,"PERFIL \"U\" SIMPLES, EM CHAPA DOBRADA DE ACO LAMINADO, E = 3 MM, H = 125 MM, L = 50 MM (5,07 KG/M)","KG","CR",109.11]
["MATERIAL",43692,"PERFIL \"U\" SIMPLES, EM CHAPA DOBRADA DE ACO LAMINADO, E = 3 MM, H = 200 MM, L = 50 MM (6,83 KG/M)","KG","CR"]
["MATERIAL",43665,"PERFIL \"U\" SIMPLES, EM CHAPA DOBRADA DE ACO LAMINADO, E = 4,75 MM, H = 100 MM, L = 75 MM (8,74 KG/M)","KG","CR"]
["MATERIAL",10966,"PERFIL \"U\" SIMPLES, EM CHAPA DOBRADA DE ACO LAMINADO, E = 8 MM, H = 150 MM, L = 75 MM (16,97 KG/M)","KG","CR"]
["MATERIAL",39427,"PERFIL CANALETA, FORMATO C, EM ACO ZINCADO, PARA ESTRUTURA FORRO DRYWALL, E = 0,5 MM, *46 X 18* (L X H), COMPRIMENTO 3 M","M","CR"]
["MATERIAL",39424,"PERFIL CANTONEIRA L, LISA, EM ACO, 25 X 30 MM, E = 0,5 MM, PARA ESTRUTURA DRYWALL","M","CR"]
["MATERIAL",39425,"PERFIL CANTONEIRA L, PERFURADA, EM ACO, 23 X 23 MM, E = 0,5 MM, PARA ESTRUTURA DRYWALL","M","CR",22.45]
["MATERIAL",40664,"PERFIL CARTOLA DE ACO GALVANIZADO, *20 X 30 X 10* MM, E = 0,8 MM","KG","CR",3929.54]
["MATERIAL",34360,"PERFIL DE ALUMINIO ANODIZADO","KG","CR",112.17]
["MATERIAL",20259,"PERFIL DE BORRACHA EPDM MACICO *12 X 15* MM PARA ESQUADRIAS","M","CR",120.61]
["MATERIAL",14077,"PERFIL ELASTOMERICO PRE-FORMADO EM EPMD, PARA JUNTA DE DILATACAO DE PISOS COM POUCA SOLICITACAO, 15 MM DE LARGURA, MOVIMENTACAO DE *11 A 19* MM","M","CR"]
["MATERIAL",3678,"PERFIL ELASTOMERICO PRE-FORMADO EM EPMD, PARA JUNTA DE DILATACAO DE USO GERAL EM MEDIAS SOLICITACOES, 8 MM DE LARGURA, MOVIMENTACAO DE *5 A 11* MM","M","CR",166.95]
["MATERIAL",11552,"PERFIL EM ALUMINIO, FORMATO U, ABAS IGUAIS, LARGURA DE 12,70 MM (1/2 POL), ESPESSURA 1,58 MM (1/16 POL) E PESO LINEAR DE APROXIMADAMENTE 0,149 KG/M","M","CR"]
["MATERIAL",585,"PERFIL EM ALUMINIO, FORMATO U, ABAS IGUAIS, LARGURA DE 25,4 MM (1\"), ESPESSURA DE 2,38 MM (3/32\") E PESO LINEAR DE APROXIMADAMENTE 0,460 KG/M","KG","CR",1.94]
["MATERIAL",39418,"PERFIL GUIA, FORMATO U, EM ACO ZINCADO, PARA ESTRUTURA PAREDE DRYWALL, E = 0,5 MM, 48 X 3000 MM (L X C)","M","CR",1.91]
["MATERIAL",39419,"PERFIL GUIA, FORMATO U, EM ACO ZINCADO, PARA ESTRUTURA PAREDE DRYWALL, E = 0,5 MM, 70 X 3000 MM (L X C)","M","CR",15259.17]
["MATERIAL",39420,"PERFIL GUIA, FORMATO U, EM ACO ZINCADO, PARA ESTRUTURA PAREDE DRYWALL, E = 0,5 MM, 90 X 3000 MM (L X C)","M","CR"]
["MATERIAL",39571,"PERFIL LONGARINA (PRINCIPAL), T CLICADO, EM ACO, BRANCO NAS FACES APARENTES, PARA FORRO REMOVIVEL, 24 X 32 X 3750 MM (L X H X C","M","CR"]
["MATERIAL",39421,"PERFIL MONTANTE, FORMATO C, EM ACO ZINCADO, PARA ESTRUTURA PAREDE DRYWALL, E = 0,5 MM, 48 X 3000 MM (L X C)","M","CR"]
["MATERIAL",39422,"PERFIL MONTANTE, FORMATO C, EM ACO ZINCADO, PARA ESTRUTURA PAREDE DRYWALL, E = 0,5 MM, 70 X 3000 MM (L X C)","M","C"]
["MATERIAL",39423,"PERFIL MONTANTE, FORMATO C, EM ACO ZINCADO, PARA ESTRUTURA PAREDE DRYWALL, E = 0,5 MM, 90 X 3000 MM (L X C)","M","CR"]
["MATERIAL",39426,"PERFIL RODAPE DE IMPERMEABILIZACAO, FORMATO L, EM ACO ZINCADO, PARA ESTRUTURA DRYWALL, E = 0,5 MM, 220 X 3000 MM (H X C)","M","CR"]
["MATERIAL",39429,"PERFIL TABICA ABERTA, PERFURADA, FORMATO Z, EM ACO GALVANIZADO NATURAL, LARGURA APROXIMADA 40 MM, PARA ESTRUTURA FORRO DRYWALL","M","CR"]
["MATERIAL",39428,"PERFIL TABICA FECHADA, LISA, FORMATO Z, EM ACO GALVANIZADO NATURAL, LARGURA TOTAL NA HORIZONTAL *40* MM, PARA ESTRUTURA FORRO DRYWALL","M","CR",5.17]
["MATERIAL",39572,"PERFIL TIPO CANTONEIRA EM L, EM ACO GALVANIZADO, BRANCO, PARA FORRO REMOVIVEL, *23* X 3000 MM (L X C)","M","CR",3.07]
["MATERIAL",39570,"PERFIL TRAVESSA (SECUNDARIO), T CLICADO, EM ACO GALVANIZADO, BRANCO, PARA FORRO REMOVIVEL, 24 X 1250 MM (L X C)","M","CR",3.03]
["MATERIAL",39569,"PERFIL TRAVESSA (SECUNDARIO), T CLICADO, EM ACO GALVANIZADO, BRANCO, PARA FORRO REMOVIVEL, 24 X 625 MM (L X C)","M","CR"]
["MATERIAL",39328,"PERFILADO PERFURADO 19 X 38 MM, CHAPA 22","M","CR"]
["MATERIAL",39029,"PERFILADO PERFURADO DUPLO 38 X 76 MM, CHAPA 22","M","CR"]
["MATERIAL",39028,"PERFILADO PERFURADO SIMPLES 38 X 38 MM, CHAPA 22","M","CR"]
["EQUIPAMENTO (AQUISIÇÃO)",38541,"PERFURATRIZ COM TORRE METALICA PARA EXECUCAO DE ESTACA HELICE CONTINUA, PROFUNDIDADE MAXIMA DE 30 M, DIAMETRO MAXIMO DE 800 MM, POTENCIA INSTALADA DE 268 HP, MESA ROTATIVA COM TORQUE MAXIMO DE 170 KNM","UN","CR"]
["EQUIPAMENTO (AQUISIÇÃO)",38542,"PERFURATRIZ COM TORRE METALICA PARA EXECUCAO DE ESTACA HELICE CONTINUA, PROFUNDIDADE MAXIMA DE 32 M, DIAMETRO MAXIMO DE 1000 MM, POTENCIA INSTALADA DE 350 HP, MESA ROTATIVA COM TORQUE MAXIMO DE 263 KNM","UN","CR",7.95]
["EQUIPAMENTO (AQUISIÇÃO)",45080,"PERFURATRIZ DE COROA DIAMANTADA PARA CONCRETO, DIAMETRO ATE 250 MM, MOTOR ELETRICO 220 V, POTENCIA 2.500W","UN","CR"]
["EQUIPAMENTO (AQUISIÇÃO)",38543,"PERFURATRIZ HIDRAULICA COM TRADO CURTO ACOPLADO, PROFUNDIDADE MAXIMA DE 20 M, DIAMETRO MAXIMO DE 1500 MM, POTENCIA INSTALADA DE 137 HP, MESA ROTATIVA COM TORQUE MAXIMO DE 30 KNM (INCLUI MONTAGEM, NAO INCLUI CAMINHAO)","UN","CR",5.76]
["EQUIPAMENTO (AQUISIÇÃO)",44002,"PERFURATRIZ HIDRAULICA SOBRE ESTEIRA, TORQUE MAXIMO 161 KNM, PROFUNDIDADE MAXIMA 54 M, DIAMETRO MAXIMO 1500 MM, POTENCIA MOTOR 268 HP","UN","CR",7.02]
["EQUIPAMENTO (AQUISIÇÃO)",43886,"PERFURATRIZ HIDRAULICA SOBRE ESTEIRA, TORQUE MAXIMO 98 KNM, PROFUNDIDADE MAXIMA 25 M, DIAMETRO MAXIMO 115 MM, POTENCIA MOTOR 190 HP","UN","CR",7.75]
["EQUIPAMENTO (AQUISIÇÃO)",40406,"PERFURATRIZ MANUAL, TORQUE MAXIMO 55 KGF.M, POTENCIA 5 CV, COM DIAMETRO MAXIMO 8 1/2\" (INCLUI SUPORTE/CHASSI TIPO MESA)","UN","CR",4.68]
["EQUIPAMENTO (AQUISIÇÃO)",40789,"PERFURATRIZ MANUAL, TORQUE MAXIMO 83 N.M, POTENCIA 5 CV, COM DIAMETRO MAXIMO 4\" (NAO INCLUI SUPORTE / CHASSI)","UN","CR",6.82]
["EQUIPAMENTO (AQUISIÇÃO)",40791,"PERFURATRIZ MANUAL, TORQUE MAXIMO 83 N.M, POTENCIA 5 CV, COM DIAMETRO MAXIMO 4\", PARA SOLO GRAMPEADO (INCLUI SUPORTE OU CHASSI TIPO MESA)","UN","CR",7.97]
["EQUIPAMENTO (AQUISIÇÃO)",44003,"PERFURATRIZ PARA EXECUCAO DE ESTACAS SECANTES, TIPO HELICE CONTINUA COM CABECOTE DUPLO E TUBO METALICO 300 KW","UN","CR",9.25]
["EQUIPAMENTO (AQUISIÇÃO)",44548,"PERFURATRIZ PARA FURO DIRECIONAL HORIZONTAL (HDD) COM CAPACIDADE ATE 89 KN, POTENCIA 24,8 HP A 80 HP (INCLUSO FERRAMENTAS E LOCALIZADOR), PARA REDE SUBTERRANEA","UN","CR",20.8]
["EQUIPAMENTO (AQUISIÇÃO)",44550,"PERFURATRIZ PARA FURO DIRECIONAL HORIZONTAL (HDD) COM CAPACIDADE DE 201 KN A 560 KN, POTENCIA 200 HP A 260 HP (INCLUSO FERRAMENTAS E LOCALIZADOR), PARA REDE SUBTERRANEA","UN","CR",6.56]
["EQUIPAMENTO (AQUISIÇÃO)",44549,"PERFURATRIZ PARA FURO DIRECIONAL HORIZONTAL (HDD) COM CAPACIDADE DE 90 KN A 200 KN, POTENCIA 100 HP A 160 HP (INCLUSO FERRAMENTAS E LOCALIZADOR), PARA REDE SUBTERRANEA","UN","CR",5.01]
["EQUIPAMENTO (AQUISIÇÃO)",11651,"PERFURATRIZ PNEUMATICA MANUAL DE PESO MEDIO, 18KG, COMPRIMENTO DE CURSO DE 6 M, DIAMETRO DO PISTAO DE 5,5 CM","UN","CR",4.34]
["EQUIPAMENTO (AQUISIÇÃO)",41982,"PERFURATRIZ ROTATIVA SOBRE ESTEIRA, TORQUE MAXIMO 2500 KGM, POTENCIA 110 HP, MOTOR DIESEL","UN","CR",4.5999999999999996]
["EQUIPAMENTO (AQUISIÇÃO)",39012,"PERFURATRIZ SOBRE ESTEIRA, TORQUE MAXIMO 600 KGF, PESO MEDIO 1000 KG, POTENCIA 20 HP, DIAMETRO MAXIMO 10\"","UN","CR",4.55]
["EQUIPAMENTO (AQUISIÇÃO)",40435,"PERFURATRIZ SOBRE ESTEIRA, TORQUE MAXIMO DE 600 KGF, POTENCIA ENTRE 50 E 60 HP, DIAMETRO MAXIMO DE 10\"","UN","CR",4.7]
["MATERIAL",45265,"PERNEIRA DE RASPA COM VELCRO","PAR","CR",14.69]
["EQUIPAMENTO (AQUISIÇÃO)",13617,"PICAPE CABINE SIMPLES COM MOTOR 1.6 FLEX, CAMBIO MANUAL, POTENCIA 101/104 CV, 2 PORTAS","UN","CR",8.5500000000000007]
["MATERIAL",35274,"PILAR QUADRADO NAO APARELHADO *10 X 10* CM, EM MACARANDUBA/MASSARANDUBA, ANGELIM OU EQUIVALENTE DA REGIAO - BRUTA","M","CR",4486486.4800000004]
["MATERIAL",35275,"PILAR QUADRADO NAO APARELHADO *15 X 15* CM, EM MACARANDUBA/MASSARANDUBA, ANGELIM OU EQUIVALENTE DA REGIAO - BRUTA","M","CR",6879279.2800000003]
["MATERIAL",35276,"PILAR QUADRADO NAO APARELHADO *20 X 20* CM, EM MACARANDUBA/MASSARANDUBA, ANGELIM OU EQUIVALENTE DA REGIAO - BRUTA","M","CR",14898.33]
["MATERIAL",11091,"PINGADEIRA PLASTICA PARA TELHA DE FIBROCIMENTO CANALETE 49/KALHETA OU CANALETE 90/KALHETAO","UN","CR",1400786.51]
["MATERIAL",37586,"PINO DE ACO COM ARRUELA CONICA, DIAMETRO ARRUELA = *23* MM E COMP HASTE = *27* MM (ACAO INDIRETA)","CENTO","CR",6542992.1699999999]
["MATERIAL",37395,"PINO DE ACO COM FURO, HASTE = 27 MM (ACAO DIRETA)","CENTO","CR",3175438.4]
["MATERIAL",14147,"PINO DE ACO COM ROSCA 1/4 \", COMPRIMENTO DA HASTE = 30 MM E ROSCA = 20 MM (ACAO DIRETA)","CENTO","CR"]
["MATERIAL",37396,"PINO DE ACO LISO 1/4 \", HASTE = *36,5* MM (ACAO DIRETA)","CENTO","CR"]
["MATERIAL",37397,"PINO DE ACO LISO 1/4 \", HASTE = *53* MM (ACAO DIRETA)","CENTO","CR"]
["MATERIAL",43606,"PINO GUIA RETO, EM LATAO, CHAPA COM 3 MM DE ESPESSURA E GUIA COM ROLETE DE 9 MM","UN","CR",9092612.6500000004]
["MATERIAL",444,"PINO ROSCA EXTERNA, EM ACO GALVANIZADO, PARA ISOLADOR DE 15KV, DIAMETRO 25 MM, COMPRIMENTO *290* MM","UN","CR",2780734.3]
["MATERIAL",445,"PINO ROSCA EXTERNA, EM ACO GALVANIZADO, PARA ISOLADOR DE 25KV, DIAMETRO 35MM, COMPRIMENTO *320* MM","UN","CR",8724122.5299999993]
["MAO DE OBRA",4783,"PINTOR (HORISTA)","H","C",6379514.6200000001]
["MAO DE OBRA",41079,"PINTOR (MENSALISTA)","MES","CR"]
["MAO DE OBRA",12874,"PINTOR DE LETREIROS (HORISTA)","H","CR",1694894.86]
["MAO DE OBRA",41082,"PINTOR DE LETREIROS (MENSALISTA)","MES","CR",994504.5]
["MAO DE OBRA",4785,"PINTOR PARA TINTA EPOXI (HORISTA)","H","CR",1004231.19]
["MAO DE OBRA",41081,"PINTOR PARA TINTA EPOXI (MENSALISTA)","MES","CR",37.840000000000003]
["MATERIAL",4801,"PISO DE BORRACHA CANELADO EM PLACAS 50 X 50 CM, E = *3,5* MM, PARA COLA","M2","CR",101951.92]
["MATERIAL",4794,"PISO DE BORRACHA ESPORTIVO EM PLACAS 50 X 50 CM, E = 15 MM, PARA ARGAMASSA, PRETO","M2","CR",55.38]
["MATERIAL",4796,"PISO DE BORRACHA FRISADO OU PASTILHADO, PRETO, EM PLACAS 50 X 50 CM, E = 7 MM, PARA ARGAMASSA","M2","CR",117.54]
["MATERIAL",4800,"PISO DE BORRACHA PASTILHADO EM PLACAS 50 X 50 CM, E = *3,5* MM, PARA COLA, PRETO","M2","CR",204.52]
["MATERIAL",4795,"PISO DE BORRACHA PASTILHADO EM PLACAS 50 X 50 CM, E = 15 MM, PARA ARGAMASSA, PRETO","M2","CR",1.1100000000000001]
["SERVIÇOS",39694,"PISO ELEVADO COM 2 PLACAS DE ACO COM ENCHIMENTO DE CONCRETO CELULAR, INCLUSO BASE/HASTE/CRUZETAS, 60 X 60 CM, H = *28* CM, RESISTENCIA CARGA CONCENTRADA 496 KG (COM COLOCACAO)","M2","CR"]
["MATERIAL",1292,"PISO EM CERAMICA ESMALTADA, COR LISA, PEI MAIOR OU IGUAL A 4, FORMATO MAIOR QUE 2025 CM2","M2","CR"]
["MATERIAL",1287,"PISO EM CERAMICA ESMALTADA, COR LISA, PEI MAIOR OU IGUAL A 4, FORMATO MENOR OU IGUAL A 2025 CM2","M2","CR"]
["MATERIAL",4786,"PISO EM GRANILITE, MARMORITE OU GRANITINA, AGREGADO COR PRETO, CINZA, PALHA OU BRANCO, E= *8* MM (INCLUSO EXECUCAO)","M2","C"]
["MATERIAL",10840,"PISO EM GRANITO, POLIDO, TIPO AMENDOA/ AMARELO CAPRI/ AMARELO DOURADO CARIOCA OU OUTROS EQUIVALENTES DA REGIAO, FORMATO MENOR OU IGUAL A 3025 CM2, E= *2* CM","M2","C"]
["MATERIAL",10841,"PISO EM GRANITO, POLIDO, TIPO ANDORINHA/ QUARTZ/ CASTELO/ CORUMBA OU OUTROS EQUIVALENTES DA REGIAO, FORMATO MENOR OU IGUAL A 3025 CM2, E= *2* CM","M2","CR",9.5299999999999994]
["MATERIAL",44540,"PISO EM GRANITO, POLIDO, TIPO MARFIM, DALLAS, CARAVELAS OU OUTROS EQUIVALENTES DA REGIAO, FORMATO MENOR OU IGUAL A 3025 CM2, E= *2*CM","M2","CR"]
["MATERIAL",10842,"PISO EM GRANITO, POLIDO, TIPO PRETO SAO GABRIEL/ TIJUCA OU OUTROS EQUIVALENTES DA REGIAO, FORMATO MENOR OU IGUAL A 3025 CM2, E= *2* CM","M2","CR"]
["MATERIAL",45190,"PISO EM PORCELANATO, RETIFICADO, LISO, MONOCOLOR, ACETINADO OU POLIDO, FORMATO MAIOR QUE 2500 ATE 6400 CM2","M2","C",22.45]
["MATERIAL",45191,"PISO EM PORCELANATO,RETIFICADO, LISO, MONOCOLOR, ACETINADO OU POLIDO, FORMATO MAIOR QUE 6400 CM2","M2","CR",3929.54]
["MATERIAL",38180,"PISO EM REGUA VINILICA SEMIFLEXIVEL, ENCAIXE CLICADO, E = 4 MM (SEM COLOCACAO)","M2","CR",21.79]
["SERVIÇOS",40648,"PISO EPOXI AUTONIVELANTE, ESPESSURA *4* MM (INCLUSO EXECUCAO)","M2","CR",3815.83]
["SERVIÇOS",40649,"PISO EPOXI MULTILAYER, ESPESSURA *2* MM (INCLUSO EXECUCAO)","M2","CR",22.45]
["MATERIAL",40650,"PISO FULGET (GRANITO LAVADO) EM PLACAS DE *40 X 40* CM, E = 2,0 CM (SEM COLOCACAO)","M2","CR",3929.54]
["MATERIAL",40651,"PISO FULGET (GRANITO LAVADO) EM PLACAS DE *75 X 75* CM, E = 2,0 CM (SEM COLOCACAO)","M2","CR",108.91]
["SERVIÇOS",40652,"PISO FULGET (GRANITO LAVADO) MOLDADO IN LOCO (INCLUSO EXECUCAO)","M2","CR",496.02]
["SERVIÇOS",40647,"PISO INDUSTRIAL EM CONCRETO ARMADO DE ACABAMENTO POLIDO, ESPESSURA 12 CM (CIMENTO QUEIMADO) (INCLUSO EXECUCAO)","M2","CR",301.27999999999997]
["SERVIÇOS",40653,"PISO KORODUR (INCLUSO EXECUCAO)","M2","CR",82.85]
["MATERIAL",38135,"PISO TATIL / PODOTATIL, LADRILHO HIDRAULICO / CONCRETO, *25 X 25* CM, E= *2,5* CM, PADRAO TATIL ALERTA OU DIRECIONAL, COR AMARELA","M2","CR",482.85]
["MATERIAL",36178,"PISO TATIL / PODOTATIL, LADRILHO HIDRAULICO/CONCRETO, *40 X 40* CM, E= 2,5* CM, PADRAO TATIL ALERTA OU DIRECIONAL, COR NATURAL","UN","CR",383.08]
["MATERIAL",38181,"PISO TATIL ALERTA OU DIRECIONAL, DE BORRACHA, COLORIDO, 25 X 25 CM, E = 5 MM, PARA COLA","M2","CR",41.45]
["MATERIAL",38182,"PISO TATIL DE ALERTA OU DIRECIONAL DE BORRACHA, PRETO, 25 X 25 CM, E = 5 MM, PARA COLA","M2","CR",33.19]
["MATERIAL",38186,"PISO TATIL DE ALERTA OU DIRECIONAL, DE BORRACHA, COLORIDO, 25 X 25 CM, E = 12 MM, PARA ARGAMASSA","M2","CR"]
["MATERIAL",38185,"PISO TATIL DE ALERTA OU DIRECIONAL, DE BORRACHA, PRETO, 25 X 25 CM, E = 12 MM, PARA ARGAMASSA","M2","CR",505]
["SERVIÇOS",40654,"PISO URETANO, VERSAO REVESTIMENTO AUTONIVELANTE, ESPESSURA VARIAVEL DE 3 A 4 MM (INCLUSO EXECUCAO)","M2","CR",381.13]
["MATERIAL",44541,"PISO/ REVESTIMENTO EM GRANITO, POLIDO, TIPO ANDORINHA/ QUARTZ/ CASTELO/ CORUMBA OU OUTROS EQUIVALENTES DA REGIAO, FORMATO MAIOR OU IGUAL A 3025 CM2, E = *2*CM","M2","CR",487]
["MATERIAL",4822,"PISO/ REVESTIMENTO EM MARMORE, POLIDO, BRANCO COMUM, FORMATO MAIOR OU IGUAL A 3025 CM2, E = *2* CM","M2","CR",550.52]
["MATERIAL",4818,"PISO/ REVESTIMENTO EM MARMORE, POLIDO, BRANCO COMUM, FORMATO MENOR OU IGUAL A 3025 CM2, E = *2* CM","M2","C",68.45]
["MATERIAL",39567,"PLACA / CHAPA DE GESSO ACARTONADO, ACABAMENTO VINILICO LISO EM UMA DAS FACES, COR BRANCA, BORDA QUADRADA, E = 9,5 MM, *625 X 1250* MM (L X C), PARA FORRO REMOVIVEL","M2","CR",116.12]
["MATERIAL",39566,"PLACA / CHAPA DE GESSO ACARTONADO, ACABAMENTO VINILICO LISO EM UMA DAS FACES, COR BRANCA, BORDA QUADRADA, E = 9,5 MM, *625 X 625* MM (L X C), PARA FORRO REMOVIVEL","M2","CR",242.57]
["MATERIAL",39416,"PLACA / CHAPA DE GESSO ACARTONADO, RESISTENTE A UMIDADE (RU), COR VERDE, E = 12,5 MM, 1200 X 1800 MM (L X C)","M2","CR"]
["MATERIAL",39417,"PLACA / CHAPA DE GESSO ACARTONADO, RESISTENTE A UMIDADE (RU), COR VERDE, E = 12,5 MM, 1200 X 2400 MM (L X C)","M2","CR"]
["MATERIAL",43742,"PLACA / CHAPA DE GESSO ACARTONADO, RESISTENTE A UMIDADE (RU), COR VERDE, E = 15 MM, 1200 X 2400 MM (L X C)","M2","CR"]
["MATERIAL",39414,"PLACA / CHAPA DE GESSO ACARTONADO, RESISTENTE AO FOGO (RF), COR ROSA, E = 12,5 MM, 1200 X 1800 MM (L X C)","M2","CR"]
["MATERIAL",39415,"PLACA / CHAPA DE GESSO ACARTONADO, RESISTENTE AO FOGO (RF), COR ROSA, E = 12,5 MM, 1200 X 2400 MM (L X C)","M2","CR"]
["MATERIAL",43740,"PLACA / CHAPA DE GESSO ACARTONADO, RESISTENTE AO FOGO (RF), COR ROSA, E = 15 MM, 1200 X 2400 MM (L X C)","M2","CR"]
["MATERIAL",39412,"PLACA / CHAPA DE GESSO ACARTONADO, STANDARD (ST), COR BRANCA, E = 12,5 MM, 1200 X 1800 MM (L X C)","M2","C"]
["MATERIAL",39413,"PLACA / CHAPA DE GESSO ACARTONADO, STANDARD (ST), COR BRANCA, E = 12,5 MM, 1200 X 2400 MM (L X C)","M2","CR",79.16]
["MATERIAL",43741,"PLACA / CHAPA DE GESSO ACARTONADO, STANDARD (ST), COR BRANCA, E = 15 MM, 1200 X 2400 MM (L X C)","M2","CR",13.24]
["MATERIAL",11062,"PLACA CIMENTICIA LISA E = 10 MM, DE 1,20 X *2,50* M (SEM AMIANTO)","M2","CR",331.14]
["MATERIAL",11063,"PLACA CIMENTICIA LISA E = 6 MM, DE 1,20 X *2,50* M (SEM AMIANTO)","M2","CR",315.42]
["MATERIAL",13521,"PLACA DE ACO ESMALTADA PARA IDENTIFICACAO DE RUA, *45 CM X 20* CM","UN","CR",819.9]
["MATERIAL",10851,"PLACA DE ACRILICO TRANSPARENTE ADESIVADA PARA SINALIZACAO DE PORTAS, BORDA POLIDA, DE *25 X 8*, E = 6 MM (NAO INCLUI ACESSORIOS PARA FIXACAO)","UN","CR",729.99]
["MATERIAL",39515,"PLACA DE FIBRA MINERAL PARA FORRO, DE 1250 X 625 MM, E = 15 MM, BORDA RETA, COM PINTURA ANTIMOFO (NAO INCLUI PERFIS)","UN","CR"]
["MATERIAL",39516,"PLACA DE FIBRA MINERAL PARA FORRO, DE 625 X 625 MM, E = 15 MM, BORDA REBAIXADA PARA PERFIL 24 MM, COM PINTURA ANTIMOFO (NAO INCLUI PERFIS)","UN","CR",402.3]
["MATERIAL",39514,"PLACA DE FIBRA MINERAL PARA FORRO, DE 625 X 625 MM, E = 15 MM, BORDA RETA, COM PINTURA ANTIMOFO (NAO INCLUI PERFIS)","UN","C",462.12]
["MATERIAL",4812,"PLACA DE GESSO PARA FORRO, *60 X 60* CM, ESPESSURA DE 12 MM (SEM COLOCACAO)","M2","CR",475]
["MATERIAL",10849,"PLACA DE INAUGURACAO EM BRONZE *35X 50*CM","UN","CR",38.659999999999997]
["MATERIAL",10848,"PLACA DE INAUGURACAO METALICA, *40* CM X *60* CM","UN","CR",40.92]
["MATERIAL",4813,"PLACA DE OBRA (PARA CONSTRUCAO CIVIL) EM CHAPA GALVANIZADA *N. 22*, ADESIVADA, DE *2,4 X 1,2* M (SEM POSTES PARA FIXACAO)","M2","C",24.94]
["MATERIAL",37560,"PLACA DE SINALIZACAO DE SEGURANCA CONTRA INCENDIO - ALERTA, TRIANGULAR, BASE DE *30* CM, EM PVC *2* MM ANTI-CHAMAS (SIMBOLOS, CORES E PICTOGRAMAS CONFORME NBR 16820)","UN","CR",24.32]
["MATERIAL",37557,"PLACA DE SINALIZACAO DE SEGURANCA CONTRA INCENDIO, FOTOLUMINESCENTE, QUADRADA, *14 X 14* CM, EM PVC *2* MM ANTI-CHAMAS (SIMBOLOS, CORES E PICTOGRAMAS CONFORME NBR 16820)","UN","CR",26.23]
["MATERIAL",37556,"PLACA DE SINALIZACAO DE SEGURANCA CONTRA INCENDIO, FOTOLUMINESCENTE, QUADRADA, *20 X 20* CM, EM PVC *2* MM ANTI-CHAMAS (SIMBOLOS, CORES E PICTOGRAMAS CONFORME NBR 16820)","UN","CR",23.62]
["MATERIAL",37559,"PLACA DE SINALIZACAO DE SEGURANCA CONTRA INCENDIO, FOTOLUMINESCENTE, RETANGULAR, *12 X 40* CM, EM PVC *2* MM ANTI-CHAMAS (SIMBOLOS, CORES E PICTOGRAMAS CONFORME NBR 16820)","UN","CR",20.36]
["MATERIAL",37539,"PLACA DE SINALIZACAO DE SEGURANCA CONTRA INCENDIO, FOTOLUMINESCENTE, RETANGULAR, *13 X 26* CM, EM PVC *2* MM ANTI-CHAMAS (SIMBOLOS, CORES E PICTOGRAMAS CONFORME NBR 16820)","UN","C",24.86]
["MATERIAL",37558,"PLACA DE SINALIZACAO DE SEGURANCA CONTRA INCENDIO, FOTOLUMINESCENTE, RETANGULAR, *20 X 40* CM, EM PVC *2* MM ANTI-CHAMAS (SIMBOLOS, CORES E PICTOGRAMAS CONFORME NBR 16820)","UN","CR",17.05]
["MATERIAL",34723,"PLACA DE SINALIZACAO EM CHAPA DE ACO NUM 16 COM PINTURA REFLETIVA","M2","CR",18.43]
["MATERIAL",34721,"PLACA DE SINALIZACAO EM CHAPA DE ALUMINIO COM PINTURA REFLETIVA, E = 2 MM","M2","CR",19.649999999999999]
["MATERIAL",4309,"PLACA DE VENTILACAO PARA TELHA DE FIBROCIMENTO CANALETE 49 KALHETA","UN","CR",63.47]
["MATERIAL",4307,"PLACA DE VENTILACAO PARA TELHA DE FIBROCIMENTO, CANALETE 90 OU KALHETAO","UN","CR",38.85]
["MATERIAL",10850,"PLACA NUMERACAO RESIDENCIAL EM CHAPA GALVANIZADA ESMALTADA 12 X 18 CM","UN","CR"]
["MATERIAL",42438,"PLACA ORIENTATIVA SOBRE EXERCICIOS, 2,00 M X 1,00 M (CHAPA GALVANIZADA #20), ESTRUTURA EM TUBOS REDONDOS DE ACO CARBONO, PINTURA NO PROCESSO ELETROSTATICO, ADESIVO FRENTE E VERSO - PARA ACADEMIA AO AR LIVRE / ACADEMIA DA TERCEIRA IDADE - ATI","UN","CR"]
["MATERIAL",4792,"PLACA VINILICA SEMIFLEXIVEL PARA PISOS, E = 3,2 MM, 30 X 30 CM (SEM COLOCACAO)","M2","CR",41.56]
["MATERIAL",4790,"PLACA VINILICA SEMIFLEXIVEL PARA REVESTIMENTO DE PISOS E PAREDES, E = 2 MM (SEM COLOCACAO)","M2","C",35.04]
["MATERIAL",40671,"PLACA/PISO DE CONCRETO POROSO/ PAVIMENTO PERMEAVEL/BLOCO DRENANTE DE CONCRETO, *40 X 40* CM, E = 6 CM, COR NATURAL","M2","CR",21.8]
["MATERIAL",7552,"PLACA/TAMPA CEGA EM LATAO ESCOVADO PARA CONDULETE EM LIGA DE ALUMINIO 4 X 4\"","UN","CR",10.23]
["MATERIAL",4893,"PLUG OU BUJAO DE FERRO GALVANIZADO, DE 1 1/2\"","UN","CR"]
["MATERIAL",4894,"PLUG OU BUJAO DE FERRO GALVANIZADO, DE 1 1/4\"","UN","CR"]
["MATERIAL",4890,"PLUG OU BUJAO DE FERRO GALVANIZADO, DE 1\"","UN","CR"]
["MATERIAL",4888,"PLUG OU BUJAO DE FERRO GALVANIZADO, DE 1/2\"","UN","CR",54.14]
["MATERIAL",12411,"PLUG OU BUJAO DE FERRO GALVANIZADO, DE 2 1/2\"","UN","CR",16.440000000000001]
["MATERIAL",4891,"PLUG OU BUJAO DE FERRO GALVANIZADO, DE 2\"","UN","CR",31.8]
["MATERIAL",4892,"PLUG OU BUJAO DE FERRO GALVANIZADO, DE 3\"","UN","CR",39.01]
["MATERIAL",4889,"PLUG OU BUJAO DE FERRO GALVANIZADO, DE 3/4\"","UN","CR",27.5]
["MATERIAL",12412,"PLUG OU BUJAO DE FERRO GALVANIZADO, DE 4\"","UN","CR",51.27]
["MATERIAL",4907,"PLUG PVC, JE, DN 100 MM, PARA REDE COLETORA ESGOTO","UN","CR"]
["MATERIAL",4902,"PLUG PVC, JE, DN 150 MM, PARA REDE COLETORA ESGOTO","UN","CR"]
["MATERIAL",4741,"PO DE PEDRA (POSTO PEDREIRA/FORNECEDOR, SEM FRETE)","M3","CR",4.9800000000000004]
["MAO DE OBRA",4752,"POCEIRO / ESCAVADOR DE VALAS E TUBULOES (HORISTA)","H","CR",8.52]
["MAO DE OBRA",41091,"POCEIRO / ESCAVADOR DE VALAS E TUBULOES (MENSALISTA)","MES","CR"]
["EQUIPAMENTO (AQUISIÇÃO)",13954,"POLIDORA DE PISO (POLITRIZ) ELETRICA, MOTOR MONOFASICO DE 4 HP, PESO DE 100 KG, DIAMETRO DO TRABALHO DE 450 MM","UN","CR"]
["MATERIAL",3411,"POLIESTIRENO EXPANDIDO/EPS (ISOPOR), PEROLAS, PARA CONCRETO LEVE","KG","CR",232.85]
["MATERIAL",39995,"POLIESTIRENO EXPANDIDO/EPS (ISOPOR), TIPO 2F, BLOCO","M3","CR",140]
["MATERIAL",11615,"POLIESTIRENO EXPANDIDO/EPS (ISOPOR), TIPO 2F, PLACA, ISOLAMENTO TERMOACUSTICO, E = 10 MM, 1000 X 500 MM","M2","CR",82.52]
["MATERIAL",3408,"POLIESTIRENO EXPANDIDO/EPS (ISOPOR), TIPO 2F, PLACA, ISOLAMENTO TERMOACUSTICO, E = 20 MM, 1000 X 500 MM","M2","C"]
["MATERIAL",3409,"POLIESTIRENO EXPANDIDO/EPS (ISOPOR), TIPO 2F, PLACA, ISOLAMENTO TERMOACUSTICO, E = 50 MM, 1000 X 500 MM","M2","CR"]
["MATERIAL",11427,"POLVORA NEGRA","KG","CR"]
["MATERIAL",4491,"PONTALETE *7,5 X 7,5* CM EM PINUS, MISTA OU EQUIVALENTE DA REGIAO - BRUTA","M","CR"]
["MATERIAL",2745,"PONTALETE ROLICO SEM TRATAMENTO, D = 8 A 11 CM, H = 3 M, EM EUCALIPTO OU EQUIVALENTE DA REGIAO - BRUTA (PARA ESCORAMENTO)","M","CR"]
["MATERIAL",14439,"PONTALETE ROLICO SEM TRATAMENTO, D = 8 A 11 CM, H = 6 M, EM EUCALIPTO OU EQUIVALENTE DA REGIAO - BRUTA (PARA ESCORAMENTO)","M","CR"]
["MATERIAL",45238,"PONTEIRO DE ACO, LISO, REDONDO, 3/4\" X 10\"","UN","CR"]
["MATERIAL",44496,"PONTEIRO PARA MARTELO ROMPEDOR, DIAMETRO = *28* MM, COMPRIMENTO = *520* MM, ENCAIXE  SEXTAVADO","UN","CR"]
["MATERIAL",12362,"PORCA OLHAL EM ACO GALVANIZADO, ESPESSURA 16MM, ABERTURA 21MM","UN","CR"]
["MATERIAL",421,"PORCA OLHAL M 16, EM ACO GALVANIZADO, DIAMETRO = 16 MM","UN","CR"]
["MATERIAL",14148,"PORCA UNIAO/JUNCAO ZINCADA SEXTAVADA 1/4 \", CHAVE 7/16 \", COMPRIMENTO = 25 MM","UN","CR",16.8]
["MATERIAL",4341,"PORCA ZINCADA, QUADRADA, DIAMETRO 3/8\"","UN","CR",43.57]
["MATERIAL",4337,"PORCA ZINCADA, QUADRADA, DIAMETRO 5/8\"","UN","CR",95.03]
["MATERIAL",11971,"PORCA ZINCADA, SEXTAVADA, DIAMETRO 1\"","UN","CR",12.63]
["MATERIAL",4339,"PORCA ZINCADA, SEXTAVADA, DIAMETRO 1/2\"","UN","CR",2215.4699999999998]
["MATERIAL",39997,"PORCA ZINCADA, SEXTAVADA, DIAMETRO 1/4\"","UN","CR"]
["MATERIAL",4342,"PORCA ZINCADA, SEXTAVADA, DIAMETRO 3/8\"","UN","CR"]
["MATERIAL",4330,"PORCA ZINCADA, SEXTAVADA, DIAMETRO 5/16\"","UN","CR"]
["MATERIAL",4340,"PORCA ZINCADA, SEXTAVADA, DIAMETRO 5/8\"","UN","CR"]
["MATERIAL",5088,"PORTA CADEADO EM ACO GALVANIZADO, COMPRIMENTO DE 3 1/2\"","UN","CR"]
["MATERIAL",11154,"PORTA CORTA-FOGO SIMPLES PARA SAIDA DE EMERGENCIA, 1 FOLHA DE ABRIR, 5 CM, ACABAMENTO NATURAL / SEM PINTURA, COM FECHADURA TIPO TRINCO, DOBRADICAS E BATENTE, VAO LUZ DE 90 X 210 CM, CLASSE P-90 (NBR 11742)","UN","CR"]
["MATERIAL",4989,"PORTA DE ABRIR / GIRO, DE MADEIRA FOLHA MEDIA (NBR 15930) DE 1000 X 2100 MM, DE 35 MM A 40 MM DE ESPESSURA, NUCLEO SEMI-SOLIDO (SARRAFEADO), CAPA LISA EM HDF, ACABAMENTO EM LAMINADO NATURAL PARA VERNIZ","UN","CR"]
["MATERIAL",4982,"PORTA DE ABRIR / GIRO, DE MADEIRA FOLHA MEDIA (NBR 15930) DE 1000 X 2100 MM, DE 35 MM A 40 MM DE ESPESSURA, NUCLEO SEMI-SOLIDO (SARRAFEADO), CAPA LISA EM HDF, ACABAMENTO EM PRIMER PARA PINTURA","UN","CR",10.66]
["MATERIAL",4962,"PORTA DE ABRIR / GIRO, DE MADEIRA FOLHA MEDIA (NBR 15930) DE 700 X 2100 MM, DE 35 MM A 40 MM DE ESPESSURA, NUCLEO SEMI-SOLIDO (SARRAFEADO), CAPA FRISADA EM HDF, ACABAMENTO MELAMINICO EM PADRAO MADEIRA","UN","CR",4.93]
["MATERIAL",4981,"PORTA DE ABRIR / GIRO, DE MADEIRA FOLHA MEDIA (NBR 15930) DE 700 X 2100 MM, DE 35 MM A 40 MM DE ESPESSURA, NUCLEO SEMI-SOLIDO (SARRAFEADO), CAPA LISA EM HDF, ACABAMENTO EM LAMINADO NATURAL PARA VERNIZ","UN","C",6.11]
["MATERIAL",4964,"PORTA DE ABRIR / GIRO, DE MADEIRA FOLHA MEDIA (NBR 15930) DE 800 X 2100 MM, DE 35 MM A 40 MM DE ESPESSURA, NUCLEO SEMI-SOLIDO (SARRAFEADO), CAPA FRISADA EM HDF, ACABAMENTO MELAMINICO EM PADRAO MADEIRA","UN","CR",21.61]
["MATERIAL",4992,"PORTA DE ABRIR / GIRO, DE MADEIRA FOLHA MEDIA (NBR 15930) DE 800 X 2100 MM, DE 35 MM A 40 MM DE ESPESSURA, NUCLEO SEMI-SOLIDO (SARRAFEADO), CAPA LISA EM HDF, ACABAMENTO EM LAMINADO NATURAL PARA VERNIZ","UN","CR",147.76]
["MATERIAL",4987,"PORTA DE ABRIR / GIRO, DE MADEIRA FOLHA MEDIA (NBR 15930) DE 900 X 2100 MM, DE 35 MM A 40 MM DE ESPESSURA, NUCLEO SEMI-SOLIDO (SARRAFEADO), CAPA LISA EM HDF, ACABAMENTO EM LAMINADO NATURAL PARA VERNIZ","UN","CR"]
["MATERIAL",4930,"PORTA DE ABRIR / GIRO, EM GRADIL FERRO, COM BARRA CHATA 3 CM X 1/4\", COM REQUADRO E GUARNICAO - COMPLETO - ACABAMENTO NATURAL","M2","CR"]
["MATERIAL",4998,"PORTA DE ABRIR / GIRO, EM MADEIRA MACICA (ANGELIM OU EQUIVALENTE REGIONAL), QUALQUER DESENHO (VERTICAL/DIAGONAL/HORIZ.), E = *3,5* CM, DIMENSOES 2,10 X 0,70 (SOMENTE FOLHA DE PORTA, ACABAMENTO NATURAL)","M2","CR"]
["MATERIAL",39021,"PORTA DE ABRIR EM ACO, COM DIVISAO HORIZONTAL PARA VIDROS, 90 X 210 CM, COM FUNDO ANTICORROSIVO/PRIMER DE PROTECAO, INCLUI FECHADURA, MACANETA E PARAFUSO, SEM GUARNICAO/ALIZAR/VISTA, VIDROS NAO INCLUSOS","UN","CR",1.58]
["MATERIAL",39022,"PORTA DE ABRIR EM ACO, TIPO VENEZIANA, 90 X 210 CM, COM FUNDO ANTICORROSIVO / PRIMER DE PROTECAO, INCLUI FECHADURA, MACANETA E PARAFUSOS, SEM GUARNICAO/ALIZAR/VISTA","UN","C",3.99]
["MATERIAL",39024,"PORTA DE ABRIR EM ALUMINIO COM DIVISAO HORIZONTAL PARA VIDROS, ACABAMENTO ANODIZADO NATURAL, VIDROS INCLUSOS, SEM GUARNICAO/ALIZAR/VISTA, 87 CM X 210 CM","UN","CR",6.61]
["MATERIAL",4914,"PORTA DE ABRIR EM ALUMINIO COM LAMBRI HORIZONTAL/LAMINADA, ACABAMENTO ANODIZADO NATURAL, SEM GUARNICAO/ALIZAR/VISTA","M2","CR",0.85]
["MATERIAL",4917,"PORTA DE ABRIR EM ALUMINIO TIPO VENEZIANA, ACABAMENTO ANODIZADO NATURAL, SEM GUARNICAO/ALIZAR/VISTA","M2","C",0.47]
["MATERIAL",39025,"PORTA DE ABRIR, TIPO VENEZIANA, EM ALUMINIO, ACABAMENTO ANODIZADO NATURAL, 90 CM X 210 CM (LARGURA X ALTURA), SEM GUARNICAO/ALIZAR/VISTA","UN","CR",0.35]
["MATERIAL",4922,"PORTA DE CORRER EM ALUMINIO, DUAS FOLHAS MOVEIS COM VIDRO, FECHADURA E PUXADOR EMBUTIDO, ACABAMENTO ANODIZADO NATURAL, SEM GUARNICAO/ALIZAR/VISTA","M2","CR",0.23]
["MATERIAL",4911,"PORTA DE ENROLAR MANUAL COMPLETA, ARTICULADA RAIADA LARGA, EM ACO GALVANIZADO NATURAL, CHAPA NUMERO 24 (SEM INSTALACAO)","M2","CR",1.85]
["MATERIAL",37518,"PORTA DE ENROLAR MANUAL COMPLETA, PERFIL MEIA CANA CEGA, EM ACO GALVANIZADO COM PINTURA ELETROSTATICA, CHAPA NUMERO 24\" (SEM INSTALACAO)","M2","CR",7.43]
["MATERIAL",4910,"PORTA DE ENROLAR MANUAL COMPLETA, PERFIL MEIA CANA CEGA, EM ACO GALVANIZADO NATURAL, CHAPA NUMERO 24 (SEM INSTALACAO)","M2","CR"]
["MATERIAL",4943,"PORTA DE ENROLAR MANUAL COMPLETA, PERFIL MEIA CANA VAZADA TIJOLINHO, EM ACO GALVANIZADO NATURAL, CHAPA NUMERO 24 (SEM INSTALACAO)","M2","CR",285.49]
["MATERIAL",5002,"PORTA DE MADEIRA QUADRICULADA PARA VIDRO, DE CORRER (EUCALIPTO OU EQUIVALENTE REGIONAL), E = *3,5* CM","M2","CR",267.77999999999997]
["MATERIAL",4977,"PORTA DE MADEIRA TIPO VENEZIANA (EUCALIPTO OU EQUIVALENTE REGIONAL), E = *3,5* CM","M2","CR",211.17]
["MATERIAL",11364,"PORTA DE MADEIRA, FOLHA LEVE (NBR 15930) DE 600 X 2100 MM, DE 35 MM A 40 MM DE ESPESSURA, NUCLEO COLMEIA, CAPA LISA EM HDF, ACABAMENTO EM PRIMER PARA PINTURA","UN","CR",188]
["MATERIAL",11365,"PORTA DE MADEIRA, FOLHA LEVE (NBR 15930) DE 700 X 2100 MM, DE 35 MM A 40 MM DE ESPESSURA, NUCLEO COLMEIA, CAPA LISA EM HDF, ACABAMENTO EM PRIMER PARA PINTURA","UN","CR",238.5]
["MATERIAL",11366,"PORTA DE MADEIRA, FOLHA LEVE (NBR 15930) DE 800 X 2100 MM, DE 35 MM A 40 MM DE ESPESSURA, NUCLEO COLMEIA, CAPA LISA EM HDF, ACABAMENTO EM PRIMER PARA PINTURA","UN","CR",232.97]
["MATERIAL",43777,"PORTA DE MADEIRA, FOLHA LEVE (NBR 15930), DE 600 X 2100 MM, E = 35 MM, NUCLEO COLMEIA, CAPA LISA EM HDF, ACABAMENTO MELAMINICO EM PADRAO MADEIRA","UN","CR",266.54000000000002]
["MATERIAL",20322,"PORTA DE MADEIRA, FOLHA MEDIA (NBR 15930) DE 600 X 2100 MM, DE 35 MM A 40 MM DE ESPESSURA, NUCLEO SEMI-SOLIDO (SARRAFEADO), CAPA FRISADA EM HDF, ACABAMENTO MELAMINICO EM PADRAO MADEIRA","UN","CR"]
["MATERIAL",10553,"PORTA DE MADEIRA, FOLHA MEDIA (NBR 15930) DE 600 X 2100 MM, DE 35 MM A 40 MM DE ESPESSURA, NUCLEO SEMI-SOLIDO (SARRAFEADO), CAPA LISA EM HDF, ACABAMENTO EM PRIMER PARA PINTURA","UN","CR",868.41]
["MATERIAL",5020,"PORTA DE MADEIRA, FOLHA MEDIA (NBR 15930) DE 600 X 2100 MM, DE 35 MM A 40 MM DE ESPESSURA, NUCLEO SEMI-SOLIDO (SARRAFEADO), CAPA LISA EM HDF, ACABAMENTO LAMINADO NATURAL PARA VERNIZ","UN","CR"]
["MATERIAL",10554,"PORTA DE MADEIRA, FOLHA MEDIA (NBR 15930) DE 700 X 2100 MM, DE 35 MM A 40 MM DE ESPESSURA, NUCLEO SEMI-SOLIDO (SARRAFEADO), CAPA LISA EM HDF, ACABAMENTO EM PRIMER PARA PINTURA","UN","CR"]
["MATERIAL",10555,"PORTA DE MADEIRA, FOLHA MEDIA (NBR 15930) DE 800 X 2100 MM, DE 35 MM A 40 MM DE ESPESSURA, NUCLEO SEMI-SOLIDO (SARRAFEADO), CAPA LISA EM HDF, ACABAMENTO EM PRIMER PARA PINTURA","UN","CR",587.29999999999995]
["MATERIAL",10556,"PORTA DE MADEIRA, FOLHA MEDIA (NBR 15930) DE 900 X 2100 MM, DE 35 MM A 40 MM DE ESPESSURA, NUCLEO SEMI-SOLIDO (SARRAFEADO), CAPA LISA EM HDF, ACABAMENTO EM PRIMER PARA PINTURA","UN","CR",476.2]
["MATERIAL",39502,"PORTA DE MADEIRA, FOLHA PESADA (NBR 15930) DE 800 X 2100 MM, DE 40 MM A 45 MM DE ESPESSURA, NUCLEO SOLIDO, CAPA LISA EM HDF, ACABAMENTO EM LAMINADO NATURAL PARA VERNIZ","UN","CR",328.87]
["MATERIAL",39504,"PORTA DE MADEIRA, FOLHA PESADA (NBR 15930) DE 800 X 2100 MM, DE 40 MM A 45 MM DE ESPESSURA, NUCLEO SOLIDO, CAPA LISA EM HDF, ACABAMENTO EM PRIMER PARA PINTURA","UN","CR",602.22]
["MATERIAL",39503,"PORTA DE MADEIRA, FOLHA PESADA (NBR 15930) DE 900 X 2100 MM, DE 40 MM A 45 MM DE ESPESSURA, NUCLEO SOLIDO, CAPA LISA EM HDF, ACABAMENTO EM LAMINADO NATURAL PARA VERNIZ","UN","CR",305.05]
["MATERIAL",39505,"PORTA DE MADEIRA, FOLHA PESADA (NBR 15930) DE 900 X 2100 MM, DE 40 MM A 45 MM DE ESPESSURA, NUCLEO SOLIDO, CAPA LISA EM HDF, ACABAMENTO EM PRIMER PARA PINTURA","UN","CR",297.92]
["MATERIAL",5028,"PORTA DE MADEIRA-DE-LEI QUADRICULADA PARA VIDRO, DE CORRER (ANGELIM OU EQUIVALENTE REGIONAL), E = *3,5* CM","M2","CR",484.12]
["MATERIAL",4969,"PORTA DE MADEIRA-DE-LEI TIPO VENEZIANA (ANGELIM OU EQUIVALENTE REGIONAL), E = *3,5* CM","M2","C",408.12]
["EQUIPAMENTO (AQUISIÇÃO)",44471,"PORTA DENTE PARA  FRESADORA","UN","CR",607.99]
["MATERIAL",4944,"PORTA GRADE DE ENROLAR MANUAL COMPLETA, PERFIL TUBULAR TIJOLINHO 3/4 \", EM ACO GALVANIZADO NATURAL (SEM INSTALACAO)","M2","CR",633.04999999999995]
["MATERIAL",21102,"PORTA TOALHA BANHO EM METAL CROMADO, TIPO BARRA","UN","CR",427.33]
["MATERIAL",21101,"PORTA TOALHA ROSTO EM METAL CROMADO, TIPO ARGOLA","UN","CR",161.51]
["MATERIAL",34713,"PORTA VIDRO TEMPERADO INCOLOR, 2 FOLHAS DE CORRER, E = 10 MM (SEM FERRAGENS E SEM COLOCACAO)","M2","CR",167.6]
["MATERIAL",37563,"PORTAO BASCULANTE, MANUAL, EM ACO GALVANIZADO, CHAPA 26, TIPO LAMBRIL, COM REQUADRO, ACABAMENTO NATURAL","M2","CR",178.16]
["MATERIAL",4948,"PORTAO DE ABRIR / GIRO, EM GRADIL DE METALON REDONDO DE 3/4\" VERTICAL, COM REQUADRO, ACABAMENTO NATURAL - COMPLETO","M2","CR",209.28]
["MATERIAL",37561,"PORTAO DE CORRER EM CHAPA TIPO PAINEL LAMBRIL QUADRADO, COM PORTA SOCIAL COMPLETA INCLUIDA, COM REQUADRO, ACABAMENTO NATURAL, COM TRILHOS E ROLDANAS","M2","CR",194.27]
["MATERIAL",37562,"PORTAO DE CORRER EM GRADIL FIXO DE BARRA DE FERRO CHATA DE 3 X 1/4\" NA VERTICAL, SEM REQUADRO, ACABAMENTO NATURAL, COM TRILHOS E ROLDANAS","M2","CR",176.4]
["MATERIAL",14164,"POSTE CONICO CONTINUO EM ACO GALVANIZADO, CURVO, BRACO DUPLO, ENGASTADO, H = 9 M, DIAMETRO INFERIOR/BASE = *135* MM","UN","CR",185.98]
["MATERIAL",14163,"POSTE CONICO CONTINUO EM ACO GALVANIZADO, CURVO, BRACO DUPLO, FLANGEADO, H = 9 M, DIAMETRO INFERIOR = *135* MM","UN","CR",177.97]
["MATERIAL",5051,"POSTE CONICO CONTINUO EM ACO GALVANIZADO, CURVO, BRACO SIMPLES, ENGASTADO, H = 9 M, DIAMETRO INFERIOR = *135* MM","UN","CR",194.08]
["MATERIAL",5052,"POSTE CONICO CONTINUO EM ACO GALVANIZADO, CURVO, BRACO SIMPLES, FLANGEADO, H = 7 M, DIAMETRO INFERIOR = *125* MM","UN","C",258.05]
["MATERIAL",14162,"POSTE CONICO CONTINUO EM ACO GALVANIZADO, CURVO, BRACO SIMPLES, FLANGEADO, H = 9 M, DIAMETRO INFERIOR = *135* MM","UN","CR",362.36]
["MATERIAL",14166,"POSTE CONICO CONTINUO EM ACO GALVANIZADO, RETO, ENGASTADO, H = 7 M, DIAMETRO INFERIOR = *125* MM","UN","CR",400.7]
["MATERIAL",14165,"POSTE CONICO CONTINUO EM ACO GALVANIZADO, RETO, ENGASTADO, H = 9 M, DIAMETRO INFERIOR = *145* MM","UN","CR",421.72]
["MATERIAL",5050,"POSTE CONICO CONTINUO EM ACO GALVANIZADO, RETO, FLANGEADO, H = 3 M, DIAMETRO INFERIOR = *95* MM","UN","CR",454.46]
["MATERIAL",12366,"POSTE DE CONCRETO ARMADO DE SECAO CIRCULAR, EXTENSAO DE 10,00 M, RESISTENCIA DE 150 A 200 DAN, TIPO C-14","UN","CR",1045.6199999999999]
["MATERIAL",5045,"POSTE DE CONCRETO ARMADO DE SECAO CIRCULAR, EXTENSAO DE 11,00 M, RESISTENCIA DE 200 A 300 DAN, TIPO C-14","UN","CR",604.38]
["MATERIAL",5035,"POSTE DE CONCRETO ARMADO DE SECAO CIRCULAR, EXTENSAO DE 11,00 M, RESISTENCIA DE 300 A 400 DAN, TIPO C-17","UN","CR"]
["MATERIAL",41180,"POSTE DE CONCRETO ARMADO DE SECAO CIRCULAR, EXTENSAO DE 13,00 M, RESISTENCIA DE 1000 DAN, TIPO C-23","UN","CR",908.95]
["MATERIAL",41181,"POSTE DE CONCRETO ARMADO DE SECAO CIRCULAR, EXTENSAO DE 13,00 M, RESISTENCIA DE 1500 DAN, TIPO C-29","UN","CR",86.89]
["MATERIAL",41182,"POSTE DE CONCRETO ARMADO DE SECAO CIRCULAR, EXTENSAO DE 13,00 M, RESISTENCIA DE 2000 DAN, TIPO C-29","UN","CR",55.8]
["MATERIAL",41183,"POSTE DE CONCRETO ARMADO DE SECAO CIRCULAR, EXTENSAO DE 13,00 M, RESISTENCIA DE 2500 DAN, TIPO C-29","UN","CR",381.56]
["MATERIAL",41184,"POSTE DE CONCRETO ARMADO DE SECAO CIRCULAR, EXTENSAO DE 13,00 M, RESISTENCIA DE 3000 DAN, TIPO C-29","UN","CR"]
["MATERIAL",41185,"POSTE DE CONCRETO ARMADO DE SECAO CIRCULAR, EXTENSAO DE 14,00 M, RESISTENCIA DE 1000 DAN, TIPO C-23","UN","CR"]
["MATERIAL",41186,"POSTE DE CONCRETO ARMADO DE SECAO CIRCULAR, EXTENSAO DE 14,00 M, RESISTENCIA DE 1500 DAN, TIPO C-29","UN","CR"]
["MATERIAL",41187,"POSTE DE CONCRETO ARMADO DE SECAO CIRCULAR, EXTENSAO DE 14,00 M, RESISTENCIA DE 2000 DAN, TIPO C-29","UN","CR"]
["MATERIAL",41188,"POSTE DE CONCRETO ARMADO DE SECAO CIRCULAR, EXTENSAO DE 14,00 M, RESISTENCIA DE 2500 DAN, TIPO C-29","UN","CR"]
["MATERIAL",5036,"POSTE DE CONCRETO ARMADO DE SECAO CIRCULAR, EXTENSAO DE 14,00 M, RESISTENCIA DE 300 A 400 DAN, TIPO C-17","UN","CR"]
["MATERIAL",41189,"POSTE DE CONCRETO ARMADO DE SECAO CIRCULAR, EXTENSAO DE 14,00 M, RESISTENCIA DE 3000 DAN, TIPO C-29","UN","CR"]
["MATERIAL",41190,"POSTE DE CONCRETO ARMADO DE SECAO CIRCULAR, EXTENSAO DE 15,00 M, RESISTENCIA DE 1000 DAN, TIPO C-23","UN","CR"]
["MATERIAL",41191,"POSTE DE CONCRETO ARMADO DE SECAO CIRCULAR, EXTENSAO DE 15,00 M, RESISTENCIA DE 1500 DAN, TIPO C-29","UN","CR"]
["MATERIAL",41192,"POSTE DE CONCRETO ARMADO DE SECAO CIRCULAR, EXTENSAO DE 15,00 M, RESISTENCIA DE 2000 DAN, TIPO C-29","UN","CR"]
["MATERIAL",41193,"POSTE DE CONCRETO ARMADO DE SECAO CIRCULAR, EXTENSAO DE 15,00 M, RESISTENCIA DE 2500 DAN, TIPO C-29","UN","CR"]
["MATERIAL",41194,"POSTE DE CONCRETO ARMADO DE SECAO CIRCULAR, EXTENSAO DE 15,00 M, RESISTENCIA DE 3000 DAN, TIPO C-29","UN","CR"]
["MATERIAL",5044,"POSTE DE CONCRETO ARMADO DE SECAO CIRCULAR, EXTENSAO DE 9,00 M, RESISTENCIA DE 200 A 300 DAN, TIPO C-14","UN","CR"]
["MATERIAL",5059,"POSTE DE CONCRETO ARMADO DE SECAO CIRCULAR, EXTENSAO DE 9,00 M, RESISTENCIA DE 300 A 400 DAN, TIPO C-17","UN","CR"]
["MATERIAL",41201,"POSTE DE CONCRETO ARMADO DE SECAO DUPLO T, EXTENSAO DE 10,00 M, RESISTENCIA DE 1000 DAN, TIPO B-1,5","UN","CR"]
["MATERIAL",41199,"POSTE DE CONCRETO ARMADO DE SECAO DUPLO T, EXTENSAO DE 10,00 M, RESISTENCIA DE 150 DAN, TIPO D","UN","CR"]
["MATERIAL",5057,"POSTE DE CONCRETO ARMADO DE SECAO DUPLO T, EXTENSAO DE 10,00 M, RESISTENCIA DE 300 A 400 DAN, TIPO B OU D","UN","CR"]
["MATERIAL",41200,"POSTE DE CONCRETO ARMADO DE SECAO DUPLO T, EXTENSAO DE 10,00 M, RESISTENCIA DE 600 DAN, TIPO B","UN","CR"]
["MATERIAL",41205,"POSTE DE CONCRETO ARMADO DE SECAO DUPLO T, EXTENSAO DE 11,00 M, RESISTENCIA DE 1000 DAN, TIPO B-1,5","UN","CR"]
["MATERIAL",41202,"POSTE DE CONCRETO ARMADO DE SECAO DUPLO T, EXTENSAO DE 11,00 M, RESISTENCIA DE 150 DAN, TIPO D","UN","CR"]
["MATERIAL",41206,"POSTE DE CONCRETO ARMADO DE SECAO DUPLO T, EXTENSAO DE 11,00 M, RESISTENCIA DE 1500 DAN, TIPO B-3,0","UN","CR"]
["MATERIAL",12372,"POSTE DE CONCRETO ARMADO DE SECAO DUPLO T, EXTENSAO DE 11,00 M, RESISTENCIA DE 200 DAN, TIPO D","UN","CR"]
["MATERIAL",41207,"POSTE DE CONCRETO ARMADO DE SECAO DUPLO T, EXTENSAO DE 11,00 M, RESISTENCIA DE 2000 DAN, TIPO B-4,5","UN","CR"]
["MATERIAL",41203,"POSTE DE CONCRETO ARMADO DE SECAO DUPLO T, EXTENSAO DE 11,00 M, RESISTENCIA DE 300 DAN, TIPO B","UN","CR"]
["MATERIAL",41204,"POSTE DE CONCRETO ARMADO DE SECAO DUPLO T, EXTENSAO DE 11,00 M, RESISTENCIA DE 600 DAN, TIPO B","UN","CR"]
["MATERIAL",41210,"POSTE DE CONCRETO ARMADO DE SECAO DUPLO T, EXTENSAO DE 12,00 M, RESISTENCIA DE 1000 DAN, TIPO B-1,5","UN","CR"]
["MATERIAL",41208,"POSTE DE CONCRETO ARMADO DE SECAO DUPLO T, EXTENSAO DE 12,00 M, RESISTENCIA DE 150 DAN, TIPO D","UN","CR"]
["MATERIAL",41211,"POSTE DE CONCRETO ARMADO DE SECAO DUPLO T, EXTENSAO DE 12,00 M, RESISTENCIA DE 1500 DAN, TIPO B-3,0","UN","CR"]
["MATERIAL",13339,"POSTE DE CONCRETO ARMADO DE SECAO DUPLO T, EXTENSAO DE 12,00 M, RESISTENCIA DE 300 A 400 DAN, TIPO B OU D","UN","CR"]
["MATERIAL",41213,"POSTE DE CONCRETO ARMADO DE SECAO DUPLO T, EXTENSAO DE 12,00 M, RESISTENCIA DE 3000 DAN, TIPO B-6,0","UN","CR"]
["MATERIAL",41209,"POSTE DE CONCRETO ARMADO DE SECAO DUPLO T, EXTENSAO DE 12,00 M, RESISTENCIA DE 600 DAN, TIPO B","UN","CR"]
["MATERIAL",41216,"POSTE DE CONCRETO ARMADO DE SECAO DUPLO T, EXTENSAO DE 13,00 M, RESISTENCIA DE 1000 DAN, TIPO B-1,5","UN","CR"]
["MATERIAL",41217,"POSTE DE CONCRETO ARMADO DE SECAO DUPLO T, EXTENSAO DE 13,00 M, RESISTENCIA DE 1500 DAN, TIPO B-3,0","UN","CR"]
["MATERIAL",41218,"POSTE DE CONCRETO ARMADO DE SECAO DUPLO T, EXTENSAO DE 13,00 M, RESISTENCIA DE 2000 DAN, TIPO B-4,5","UN","CR"]
["MATERIAL",41214,"POSTE DE CONCRETO ARMADO DE SECAO DUPLO T, EXTENSAO DE 13,00 M, RESISTENCIA DE 300 DAN, TIPO B","UN","CR"]
["MATERIAL",41215,"POSTE DE CONCRETO ARMADO DE SECAO DUPLO T, EXTENSAO DE 13,00 M, RESISTENCIA DE 600 DAN, TIPO B","UN","CR"]
["MATERIAL",41221,"POSTE DE CONCRETO ARMADO DE SECAO DUPLO T, EXTENSAO DE 15,00 M, RESISTENCIA DE 1500 DAN, TIPO B-3,0","UN","CR"]
["MATERIAL",41222,"POSTE DE CONCRETO ARMADO DE SECAO DUPLO T, EXTENSAO DE 15,00 M, RESISTENCIA DE 2000 DAN, TIPO B-4,5","UN","CR"]
["MATERIAL",41195,"POSTE DE CONCRETO ARMADO DE SECAO DUPLO T, EXTENSAO DE 8,00 M, RESISTENCIA DE 150 DAN, TIPO D","UN","CR"]
["MATERIAL",41198,"POSTE DE CONCRETO ARMADO DE SECAO DUPLO T, EXTENSAO DE 9,00 M, RESISTENCIA DE 1000 DAN, TIPO B-1,5","UN","CR"]
["MATERIAL",41196,"POSTE DE CONCRETO ARMADO DE SECAO DUPLO T, EXTENSAO DE 9,00 M, RESISTENCIA DE 150 DAN, TIPO D","UN","CR"]
["MATERIAL",5033,"POSTE DE CONCRETO ARMADO DE SECAO DUPLO T, EXTENSAO DE 9,00 M, RESISTENCIA DE 300 A 400 DAN, TIPO B OU D","UN","C"]
["MATERIAL",41197,"POSTE DE CONCRETO ARMADO DE SECAO DUPLO T, EXTENSAO DE 9,00 M, RESISTENCIA DE 600 DAN, TIPO B","UN","CR"]
["MATERIAL",12388,"POSTE DECORATIVO PARA JARDIM EM ACO TUBULAR, SEM LUMINARIA, H = *2,5* M","UN","CR"]
["MATERIAL",2731,"POSTE ROLICO DE MADEIRA TRATADA, D = 20 A 25 CM, H = 12,00 M, EM EUCALIPTO OU EQUIVALENTE DA REGIAO","M","CR"]
["MATERIAL",41457,"POSTES METALICOS AUTOPORTANTES, CONICO OU TELESCOPICO, PARA SPDA, ALTURA 10 METROS LIVRES","UN","CR"]
["MATERIAL",41458,"POSTES METALICOS AUTOPORTANTES, CONICO OU TELESCOPICO, PARA SPDA, ALTURA 12 METROS LIVRES","UN","CR"]
["MATERIAL",41459,"POSTES METALICOS AUTOPORTANTES, CONICO OU TELESCOPICO, PARA SPDA, ALTURA 15 METROS LIVRES","UN","CR"]
["MATERIAL",41461,"POSTES METALICOS AUTOPORTANTES, CONICO OU TELESCOPICO, PARA SPDA, ALTURA 20 METROS LIVRES","UN","CR"]
["MATERIAL",44537,"POZOLANA DE CLASSE  C","T","CR"]
["MATERIAL",11844,"PRANCHA APARELHADA *4 X 30* CM, EM MACARANDUBA/MASSARANDUBA, ANGELIM OU EQUIVALENTE DA REGIAO","M","CR"]
["MATERIAL",4465,"PRANCHA NAO APARELHADA *6 X 25* CM, EM MACARANDUBA/MASSARANDUBA, ANGELIM OU EQUIVALENTE DA REGIAO - BRUTA","M","CR"]
["MATERIAL",35273,"PRANCHA NAO APARELHADA *6 X 30* CM, EM MACARANDUBA/MASSARANDUBA, ANGELIM OU EQUIVALENTE DA REGIAO - BRUTA","M","CR"]
["MATERIAL",4470,"PRANCHA NAO APARELHADA *6 X 40* CM, EM MACARANDUBA/MASSARANDUBA, ANGELIM OU EQUIVALENTE DA REGIAO - BRUTA","M","CR"]
["MATERIAL",20204,"PRANCHAO APARELHADO *7,5 X 23* CM, EM MACARANDUBA/MASSARANDUBA, ANGELIM OU EQUIVALENTE DA REGIAO","M","CR"]
["MATERIAL",20208,"PRANCHAO APARELHADO *8 X 30* CM, EM MACARANDUBA/MASSARANDUBA, ANGELIM OU EQUIVALENTE DA REGIAO","M","CR"]
["MATERIAL",4437,"PRANCHAO NAO APARELHADO *7,5 X 23* CM, EM MACARANDUBA/MASSARANDUBA, ANGELIM OU EQUIVALENTE DA REGIAO - BRUTA","M","CR"]
["MATERIAL",14580,"PRANCHAO NAO APARELHADO *8 X 30* CM, EM MACARANDUBA/MASSARANDUBA, ANGELIM OU EQUIVALENTE DA REGIAO - BRUTA","M","CR"]
["MATERIAL",5065,"PREGO DE ACO POLIDO COM CABECA 10 X 10 (7/8 X 17)","KG","CR"]
["MATERIAL",5072,"PREGO DE ACO POLIDO COM CABECA 10 X 11 (1 X 17)","KG","CR"]
["MATERIAL",5066,"PREGO DE ACO POLIDO COM CABECA 12 X 12","KG","CR"]
["MATERIAL",5063,"PREGO DE ACO POLIDO COM CABECA 14 X 18 (1 1/2 X 14)","KG","CR"]
["MATERIAL",20247,"PREGO DE ACO POLIDO COM CABECA 15 X 15 (1 1/4 X 13)","KG","CR"]
["MATERIAL",5074,"PREGO DE ACO POLIDO COM CABECA 15 X 18 (1 1/2 X 13)","KG","CR",140.69999999999999]
["MATERIAL",5067,"PREGO DE ACO POLIDO COM CABECA 16 X 24 (2 1/4 X 12)","KG","CR"]
["MATERIAL",5078,"PREGO DE ACO POLIDO COM CABECA 16 X 27 (2 1/2 X 12)","KG","CR"]
["MATERIAL",5068,"PREGO DE ACO POLIDO COM CABECA 17 X 21 (2 X 11)","KG","CR"]
["MATERIAL",5073,"PREGO DE ACO POLIDO COM CABECA 17 X 24 (2 1/4 X 11)","KG","CR"]
["MATERIAL",5069,"PREGO DE ACO POLIDO COM CABECA 17 X 27 (2 1/2 X 11)","KG","CR",364.28]
["MATERIAL",5070,"PREGO DE ACO POLIDO COM CABECA 17 X 30 (2 3/4 X 11)","KG","CR",57.99]
["MATERIAL",5071,"PREGO DE ACO POLIDO COM CABECA 18 X 24 (2 1/4 X 10)","KG","CR",48.19]
["MATERIAL",5061,"PREGO DE ACO POLIDO COM CABECA 18 X 27 (2 1/2 X 10)","KG","C",57.79]
["MATERIAL",5075,"PREGO DE ACO POLIDO COM CABECA 18 X 30 (2 3/4 X 10)","KG","CR",133.38]
["MATERIAL",39027,"PREGO DE ACO POLIDO COM CABECA 19  X 36 (3 1/4  X  9)","KG","CR",88.92]
["MATERIAL",5062,"PREGO DE ACO POLIDO COM CABECA 19 X 33 (3 X 9)","KG","CR",120.04]
["MATERIAL",40568,"PREGO DE ACO POLIDO COM CABECA 22 X 48 (4 1/4 X 5)","KG","CR",100.03]
["MATERIAL",40304,"PREGO DE ACO POLIDO COM CABECA DUPLA 17 X 27 (2 1/2 X 11)","KG","CR",100.03]
["MATERIAL",39026,"PREGO DE ACO POLIDO SEM CABECA 15 X 15 (1 1/4 X 13)","KG","CR",31.65]
["MATERIAL",42431,"PRESSAO DE PERNAS TRIPLO, EM TUBO DE ACO CARBONO, PINTURA NO PROCESSO ELETROSTATICO - EQUIPAMENTO DE GINASTICA PARA ACADEMIA AO AR LIVRE / ACADEMIA DA TERCEIRA IDADE - ATI","UN","CR",29.28]
["MATERIAL",44074,"PRIMER DE POLIURETANO","L","CR",21.93]
["MATERIAL",44072,"PRIMER EPOXI / EPOXIDICO","L","CR",19.86]
["MATERIAL",511,"PRIMER PARA MANTA ASFALTICA A BASE DE ASFALTO MODIFICADO DILUIDO EM SOLVENTE, APLICACAO A FRIO","L","C",18.43]
["EQUIPAMENTO (AQUISIÇÃO)",37540,"PROJETOR DE ARGAMASSA, CAPACIDADE DE PROJECAO 1,5 M3/H, ALCANCE DA PROJECAO 30 ATE 60 M, MOTOR ELETRICO TRIFASICO","UN","CR",18.64]
["EQUIPAMENTO (AQUISIÇÃO)",37548,"PROJETOR DE ARGAMASSA, CAPACIDADE DE PROJECAO 2,0 M3/H, ALCANCE DA PROJECAO ATE 50 M, MOTOR ELETRICO TRIFASICO","UN","CR",17.739999999999998]
["EQUIPAMENTO (AQUISIÇÃO)",39828,"PROJETOR PNEUMATICO DE ARGAMASSA PARA CHAPISCO E REBOCO COM RECIPIENTE ACOPLADO, TIPO CANEQUINHA, COM VOLUME DE 1,50 L, SEM COMPRESSOR","UN","CR",17.53]
["MATERIAL",38392,"PROLONGADOR/ EXTENSOR TELESCOPICO, EM CHAPA METALICA, COM 3 METROS, PARA ROLO DE PINTURA","UN","CR",16.64]
["MATERIAL",11735,"PROLONGAMENTO / PROLONGADOR PARA CAIXA SIFONADA, PVC, 100 MM X 200 MM (NBR 5688)","UN","CR",16.96]
["MATERIAL",11737,"PROLONGAMENTO / PROLONGADOR PARA CAIXA SIFONADA, PVC, 150 MM X 150 MM (NBR 5688)","UN","CR",16.96]
["MATERIAL",11738,"PROLONGAMENTO / PROLONGADOR PARA CAIXA SIFONADA, PVC, 150 MM X 200 MM (NBR 5688)","UN","CR",17.149999999999999]
["MATERIAL",36143,"PROTETOR AUDITIVO TIPO CONCHA COM ABAFADOR DE RUIDOS, ATENUACAO ACIMA DE 22 DB","UN","CR",16.64]
["MATERIAL",36142,"PROTETOR AUDITIVO TIPO PLUG DE INSERCAO COM CORDAO, ATENUACAO SUPERIOR A 15 DB","UN","CR",16.36]
["MATERIAL",45209,"PROTETOR FACIAL DE POLICARBONATO, 200 MM X *390* MM, COM COROA E CARNEIRA","UN","CR",16.64]
["MATERIAL",36146,"PROTETOR SOLAR FPS 30, EMBALAGEM 2 LITROS","UN","CR",16.86]
["MATERIAL",39015,"PROTETOR/PONTEIRA PLASTICA PARA PONTA DE VERGALHAO DE ATE 1\", TIPO PROTETOR DE ESPERA","UN","C",16.62]
["MATERIAL",38377,"PRUMO DE CENTRO EM ACO *400* G, COM CORDAO EM NYLON E CALCO GUIA EM ACO OU MADEIRA","UN","CR",16.760000000000002]
["MATERIAL",38376,"PRUMO DE PAREDE EM ACO 700 A 750 G, COM CORDAO EM NYLON E TACO","UN","CR",20.54]
["MATERIAL",38116,"PULSADOR CAMPAINHA 10A, 250V (APENAS MODULO)","UN","CR",18.71]
["MATERIAL",38066,"PULSADOR CAMPAINHA 10A, 250V, CONJUNTO MONTADO PARA EMBUTIR 4\" X 2\" (PLACA + SUPORTE + MODULO)","UN","CR"]
["MATERIAL",38117,"PULSADOR MINUTERIA 10A, 250V (APENAS MODULO)","UN","CR",581.87]
["MATERIAL",38067,"PULSADOR MINUTERIA 10A, 250V, CONJUNTO MONTADO PARA EMBUTIR 4\" X 2\" (PLACA + SUPORTE + MODULO)","UN","CR",149.19999999999999]
["EQUIPAMENTO (AQUISIÇÃO)",44313,"PUNHO PARA PERFURATRIZ DE ESTEIRA T38, D = 1 1/2\" (38 MM), C = 380 MM","UN","CR",24.05]
["MATERIAL",11522,"PUXADOR DE EMBUTIR TIPO CONCHA, COM FURO PARA CHAVE, EM LATAO CROMADO, COMPRIMENTO DE APROX *100* MM E LARGURA DE APROX *40* MM","UN","CR",84787.76]
["MATERIAL",43600,"PUXADOR TIPO ALCA, EM ZAMAC CROMADO, COM COMPRIMENTO DE APROX 150 MM, COM ROSETA PARA PORTAS DE MADEIRAS, INCLUINDO PARAFUSOS","UN","CR",112385.75]
["MATERIAL",5080,"PUXADOR TIPO ALCA, EM ZAMAC CROMADO, COM ROSETAS, COMPRIMENTO DE APROX *100* MM, PARA PORTAS E JANELAS DE MADEIRA, INCLUINDO PARAFUSOS","UN","CR",674.2]
["MATERIAL",38168,"PUXADOR TUBULAR RETO DUPLO, EM ALUMINIO CROMADO, COMPRIMENTO DE APROX 400 MM E DIAMETRO DE 25 MM (1\")","UN","CR",49.67]
["MATERIAL",43601,"PUXADOR TUBULAR RETO SIMPLES, EM ALUMINIO CROMADO, COM COMPRIMENTO DE APROX 400 MM E DIAMETRO DE 25 MM","UN","CR",6.92]
["MATERIAL",13393,"QUADRO DE DISTRIBUICAO COM BARRAMENTO TRIFASICO, DE EMBUTIR, EM CHAPA DE ACO GALVANIZADO, PARA 12 DISJUNTORES DIN, 100 A","UN","CR",9.81]
["MATERIAL",13395,"QUADRO DE DISTRIBUICAO COM BARRAMENTO TRIFASICO, DE EMBUTIR, EM CHAPA DE ACO GALVANIZADO, PARA 18 DISJUNTORES DIN, 100 A","UN","CR",12.37]
["MATERIAL",12039,"QUADRO DE DISTRIBUICAO COM BARRAMENTO TRIFASICO, DE EMBUTIR, EM CHAPA DE ACO GALVANIZADO, PARA 24 DISJUNTORES DIN, 100 A","UN","CR",97.55]
["MATERIAL",13396,"QUADRO DE DISTRIBUICAO COM BARRAMENTO TRIFASICO, DE EMBUTIR, EM CHAPA DE ACO GALVANIZADO, PARA 28 DISJUNTORES DIN, 100 A","UN","CR",2.41]
["MATERIAL",12041,"QUADRO DE DISTRIBUICAO COM BARRAMENTO TRIFASICO, DE EMBUTIR, EM CHAPA DE ACO GALVANIZADO, PARA 30 DISJUNTORES DIN, 150 A","UN","CR",929.54]
["MATERIAL",12043,"QUADRO DE DISTRIBUICAO COM BARRAMENTO TRIFASICO, DE EMBUTIR, EM CHAPA DE ACO GALVANIZADO, PARA 30 DISJUNTORES DIN, 225 A","UN","CR",40.71]
["MATERIAL",39762,"QUADRO DE DISTRIBUICAO COM BARRAMENTO TRIFASICO, DE EMBUTIR, EM CHAPA DE ACO GALVANIZADO, PARA 36 DISJUNTORES DIN, 100 A","UN","CR",258.13]
["MATERIAL",12042,"QUADRO DE DISTRIBUICAO COM BARRAMENTO TRIFASICO, DE EMBUTIR, EM CHAPA DE ACO GALVANIZADO, PARA 40 DISJUNTORES DIN, 100 A","UN","CR"]
["MATERIAL",39763,"QUADRO DE DISTRIBUICAO COM BARRAMENTO TRIFASICO, DE EMBUTIR, EM CHAPA DE ACO GALVANIZADO, PARA 48 DISJUNTORES DIN, 100 A","UN","CR",26.32]
["MATERIAL",39760,"QUADRO DE DISTRIBUICAO COM BARRAMENTO TRIFASICO, DE SOBREPOR, EM CHAPA DE ACO GALVANIZADO, PARA *42* DISJUNTORES DIN, 100 A","UN","CR",30.44]
["MATERIAL",39756,"QUADRO DE DISTRIBUICAO COM BARRAMENTO TRIFASICO, DE SOBREPOR, EM CHAPA DE ACO GALVANIZADO, PARA 12 DISJUNTORES DIN, 100 A","UN","CR",5.57]
["MATERIAL",12038,"QUADRO DE DISTRIBUICAO COM BARRAMENTO TRIFASICO, DE SOBREPOR, EM CHAPA DE ACO GALVANIZADO, PARA 18 DISJUNTORES DIN, 100 A","UN","CR",9.1999999999999993]
["MATERIAL",39757,"QUADRO DE DISTRIBUICAO COM BARRAMENTO TRIFASICO, DE SOBREPOR, EM CHAPA DE ACO GALVANIZADO, PARA 28 DISJUNTORES DIN, 100 A","UN","CR",9.49]
["MATERIAL",39758,"QUADRO DE DISTRIBUICAO COM BARRAMENTO TRIFASICO, DE SOBREPOR, EM CHAPA DE ACO GALVANIZADO, PARA 30 DISJUNTORES DIN, 100 A","UN","CR",12.96]
["MATERIAL",39759,"QUADRO DE DISTRIBUICAO COM BARRAMENTO TRIFASICO, DE SOBREPOR, EM CHAPA DE ACO GALVANIZADO, PARA 36 DISJUNTORES DIN, 100 A","UN","CR",953.42]
["MATERIAL",39761,"QUADRO DE DISTRIBUICAO COM BARRAMENTO TRIFASICO, DE SOBREPOR, EM CHAPA DE ACO GALVANIZADO, PARA 48 DISJUNTORES DIN, 100 A","UN","CR",14.41]
["MATERIAL",39805,"QUADRO DE DISTRIBUICAO, EM PVC, DE EMBUTIR, COM BARRAMENTO TERRA / NEUTRO, PARA 12 DISJUNTORES NEMA OU 16 DISJUNTORES DIN","UN","CR",57.74]
["MATERIAL",39806,"QUADRO DE DISTRIBUICAO, EM PVC, DE EMBUTIR, COM BARRAMENTO TERRA / NEUTRO, PARA 18 DISJUNTORES NEMA OU 24 DISJUNTORES DIN","UN","CR",22.51]
["MATERIAL",39807,"QUADRO DE DISTRIBUICAO, EM PVC, DE EMBUTIR, COM BARRAMENTO TERRA / NEUTRO, PARA 27 DISJUNTORES NEMA OU 36 DISJUNTORES DIN","UN","CR",157.19999999999999]
["MATERIAL",43100,"QUADRO DE DISTRIBUICAO, EM PVC, DE EMBUTIR, COM BARRAMENTO TERRA / NEUTRO, PARA 48 DISJUNTORES DIN","UN","CR",78.599999999999994]
["MATERIAL",39804,"QUADRO DE DISTRIBUICAO, EM PVC, DE EMBUTIR, COM BARRAMENTO TERRA / NEUTRO, PARA 6 DISJUNTORES NEMA OU 8 DISJUNTORES DIN","UN","CR",309.12]
["MATERIAL",39796,"QUADRO DE DISTRIBUICAO, SEM BARRAMENTO, EM PVC, DE EMBUTIR, PARA 12 DISJUNTORES NEMA OU 16 DISJUNTORES DIN","UN","CR",433.19]
["MATERIAL",39797,"QUADRO DE DISTRIBUICAO, SEM BARRAMENTO, EM PVC, DE EMBUTIR, PARA 18 DISJUNTORES NEMA OU 24 DISJUNTORES DIN","UN","C",455.24]
["MATERIAL",39798,"QUADRO DE DISTRIBUICAO, SEM BARRAMENTO, EM PVC, DE EMBUTIR, PARA 27 DISJUNTORES NEMA OU 36 DISJUNTORES DIN","UN","CR",639.36]
["MATERIAL",39794,"QUADRO DE DISTRIBUICAO, SEM BARRAMENTO, EM PVC, DE EMBUTIR, PARA 3 DISJUNTORES NEMA OU 4 DISJUNTORES DIN","UN","CR",522.08000000000004]
["MATERIAL",39795,"QUADRO DE DISTRIBUICAO, SEM BARRAMENTO, EM PVC, DE EMBUTIR, PARA 6 DISJUNTORES NEMA OU 8 DISJUNTORES DIN","UN","CR",1102.28]
["MATERIAL",39801,"QUADRO DE DISTRIBUICAO, SEM BARRAMENTO, EM PVC, DE SOBREPOR, PARA 12 DISJUNTORES NEMA OU 16 DISJUNTORES DIN","UN","CR",524.71]
["MATERIAL",39802,"QUADRO DE DISTRIBUICAO, SEM BARRAMENTO, EM PVC, DE SOBREPOR, PARA 18 DISJUNTORES NEMA OU 24 DISJUNTORES DIN","UN","CR",766.07]
["MATERIAL",39803,"QUADRO DE DISTRIBUICAO, SEM BARRAMENTO, EM PVC, DE SOBREPOR, PARA 27 DISJUNTORES NEMA OU 36 DISJUNTORES DIN","UN","CR",896.58]
["MATERIAL",39799,"QUADRO DE DISTRIBUICAO, SEM BARRAMENTO, EM PVC, DE SOBREPOR, PARA 3 DISJUNTORES NEMA OU 4 DISJUNTORES DIN","UN","CR",893.63]
["MATERIAL",39800,"QUADRO DE DISTRIBUICAO, SEM BARRAMENTO, EM PVC, DE SOBREPOR, PARA 6 DISJUNTORES NEMA OU 8 DISJUNTORES DIN","UN","CR",320.87]
["MATERIAL",43837,"RACK DE PISO PARA SERVIDOR, ABERTO, EM COLUNA, 44U X *570* MM","UN","CR",400.93]
["MATERIAL",43836,"RACK DE PISO PARA SERVIDOR, FECHADO, 44U, COM PORTA, 44U X *570* MM","UN","CR",370.74]
["MATERIAL",21059,"RALO FOFO COM REQUADRO, QUADRADO 150 X 150 MM","UN","CR",540.29999999999995]
["MATERIAL",11234,"RALO FOFO COM REQUADRO, QUADRADO 200 X 200 MM","UN","CR",667.27]
["MATERIAL",21060,"RALO FOFO COM REQUADRO, QUADRADO 250 X 250 MM","UN","CR",802.08]
["MATERIAL",21061,"RALO FOFO COM REQUADRO, QUADRADO 300 X 300 MM","UN","CR",209.38]
["MATERIAL",21062,"RALO FOFO COM REQUADRO, QUADRADO 400 X 400 MM","UN","CR",387.92]
["MATERIAL",11708,"RALO FOFO SEMIESFERICO, 100 MM, PARA LAJES/ CALHAS","UN","CR",840.72]
["MATERIAL",11709,"RALO FOFO SEMIESFERICO, 150 MM, PARA LAJES/ CALHAS","UN","CR",657.26]
["MATERIAL",11710,"RALO FOFO SEMIESFERICO, 200 MM, PARA LAJES/ CALHAS","UN","CR",122.95]
["MATERIAL",11707,"RALO FOFO SEMIESFERICO, 75 MM, PARA LAJES/ CALHAS","UN","CR",127.34]
["MATERIAL",5102,"RALO SECO / RALO DE PASSAGEM EM PVC, QUADRADO, 100 X 100 X 53 MM, SAIDA 40 MM, COM GRELHA BRANCA","UN","CR",199.9]
["MATERIAL",11711,"RALO SECO CONICO, PVC, 100 X 40 MM, COM GRELHA QUADRADA BRANCA","UN","CR",342.89]
["MATERIAL",11739,"RALO SECO CONICO, PVC, 100 X 40 MM, COM GRELHA REDONDA BRANCA","UN","CR",54.05]
["MATERIAL",11741,"RALO SIFONADO CILINDRICO, PVC, 100 X 40 MM, COM GRELHA REDONDA BRANCA","UN","CR",85.39]
["MATERIAL",11745,"RALO SIFONADO QUADRADO, PVC, 100 X 53 MM, SAIDA 40 MM, COM GRELHA QUADRADA BRANCA","UN","CR",180.32]
["MATERIAL",11743,"RALO SIFONADO REDONDO CONICO, PVC, 100 X 40 MM, COM GRELHA REDONDA BRANCA","UN","CR",264.32]
["MATERIAL",5104,"REBITE DE REPUXO EM ALUMINIO VAZADO, DIAMETRO 3,2 X 8 MM DE COMPRIMENTO (1KG = 1025 UNIDADES)","KG","CR",368.73]
["MATERIAL",44530,"REBOLO ABRASIVO RETO DE USO GERAL GRAO 36, DE 6 X 1\" (DIAMETRO X ESPESSURA)","UN","CR",63]
["MATERIAL",2710,"REBOLO ABRASIVO RETO DE USO GERAL GRAO 36, DE 6 X 3/4\" (DIAMETRO X ESPESSURA)","UN","CR",107.33]
["EQUIPAMENTO (AQUISIÇÃO)",14575,"RECICLADORA DE ASFALTO A FRIO SOBRE RODAS, LARG. FRESAGEM 2,00 M, POT. 315 KW/422 HP","UN","CR",2446.8000000000002]
["MATERIAL",20043,"REDUCAO EXCENTRICA PVC, DN 100 X 50 MM, PARA ESGOTO PREDIAL","UN","CR",4978.8]
["MATERIAL",20044,"REDUCAO EXCENTRICA PVC, DN 100 X 75 MM, PARA ESGOTO PREDIAL","UN","CR"]
["MATERIAL",20042,"REDUCAO EXCENTRICA PVC, DN 75 X 50 MM, PARA ESGOTO PREDIAL","UN","CR"]
["MATERIAL",20046,"REDUCAO EXCENTRICA PVC, SERIE R, DN 100 X 75 MM, PARA ESGOTO PREDIAL","UN","CR"]
["MATERIAL",20047,"REDUCAO EXCENTRICA PVC, SERIE R, DN 150 X 100 MM, PARA ESGOTO PREDIAL","UN","CR"]
["MATERIAL",20045,"REDUCAO EXCENTRICA PVC, SERIE R, DN 75 X 50 MM, PARA ESGOTO PREDIAL","UN","CR"]
["MATERIAL",20972,"REDUCAO FIXA TIPO STORZ, ENGATE RAPIDO 2.1/2\" X 1.1/2\", EM LATAO, PARA INSTALACAO PREDIAL COMBATE A INCENDIO PREDIAL","UN","CR"]
["MATERIAL",11321,"REDUCAO PVC PBA, JE, PB, DN 100 X 50 / DE 110 X 60 MM, PARA REDE DE AGUA","UN","CR"]
["MATERIAL",11323,"REDUCAO PVC PBA, JE, PB, DN 100 X 75 / DE 110 X 85 MM, PARA REDE DE AGUA","UN","CR"]
["MATERIAL",20327,"REDUCAO PVC PBA, JE, PB, DN 75 X 50 / DE 85 X 60 MM, PARA REDE DE AGUA","UN","CR"]
["MATERIAL",6034,"REGISTRO DE ESFERA DE PASSEIO, PVC PARA POLIETILENO, 20 MM","UN","CR",9.7200000000000006]
["MATERIAL",6036,"REGISTRO DE ESFERA PVC, COM BORBOLETA, COM ROSCA EXTERNA, DE 1/2\"","UN","CR",8.1]
["MATERIAL",6031,"REGISTRO DE ESFERA PVC, COM BORBOLETA, COM ROSCA EXTERNA, DE 3/4\"","UN","C",6.92]
["MATERIAL",6029,"REGISTRO DE ESFERA PVC, COM CABECA QUADRADA, COM ROSCA EXTERNA, 1/2\"","UN","CR",8.82]
["MATERIAL",6033,"REGISTRO DE ESFERA PVC, COM CABECA QUADRADA, COM ROSCA EXTERNA, 3/4\"","UN","CR",11.62]
["MATERIAL",11672,"REGISTRO DE ESFERA, PVC, COM VOLANTE, VS, ROSCAVEL, DN 1 1/2\", COM CORPO DIVIDIDO","UN","CR",7.4]
["MATERIAL",11669,"REGISTRO DE ESFERA, PVC, COM VOLANTE, VS, ROSCAVEL, DN 1 1/4\", COM CORPO DIVIDIDO","UN","CR"]
["MATERIAL",20055,"REGISTRO DE ESFERA, PVC, COM VOLANTE, VS, ROSCAVEL, DN 1\", COM CORPO DIVIDIDO","UN","CR",57.11]
["MATERIAL",11670,"REGISTRO DE ESFERA, PVC, COM VOLANTE, VS, ROSCAVEL, DN 1/2\", COM CORPO DIVIDIDO","UN","CR",49.29]
["MATERIAL",11671,"REGISTRO DE ESFERA, PVC, COM VOLANTE, VS, ROSCAVEL, DN 2\", COM CORPO DIVIDIDO","UN","CR"]
["MATERIAL",6032,"REGISTRO DE ESFERA, PVC, COM VOLANTE, VS, ROSCAVEL, DN 3/4\", COM CORPO DIVIDIDO","UN","CR",7.07]
["MATERIAL",11673,"REGISTRO DE ESFERA, PVC, COM VOLANTE, VS, SOLDAVEL, DN 20 MM, COM CORPO DIVIDIDO","UN","CR",8.1999999999999993]
["MATERIAL",11674,"REGISTRO DE ESFERA, PVC, COM VOLANTE, VS, SOLDAVEL, DN 25 MM, COM CORPO DIVIDIDO","UN","CR",6.14]
["MATERIAL",11675,"REGISTRO DE ESFERA, PVC, COM VOLANTE, VS, SOLDAVEL, DN 32 MM, COM CORPO DIVIDIDO","UN","CR",14.52]
["MATERIAL",11676,"REGISTRO DE ESFERA, PVC, COM VOLANTE, VS, SOLDAVEL, DN 40 MM, COM CORPO DIVIDIDO","UN","CR",43.56]
["MATERIAL",11677,"REGISTRO DE ESFERA, PVC, COM VOLANTE, VS, SOLDAVEL, DN 50 MM, COM CORPO DIVIDIDO","UN","CR",7.35]
["MATERIAL",11678,"REGISTRO DE ESFERA, PVC, COM VOLANTE, VS, SOLDAVEL, DN 60 MM, COM CORPO DIVIDIDO","UN","CR",164.28]
["MATERIAL",6038,"REGISTRO DE PRESSAO PVC, ROSCAVEL, VOLANTE SIMPLES, DE 1/2\"","UN","CR"]
["MATERIAL",11718,"REGISTRO DE PRESSAO PVC, ROSCAVEL, VOLANTE SIMPLES, DE 3/4\"","UN","CR"]
["MATERIAL",6037,"REGISTRO DE PRESSAO PVC, SOLDAVEL, VOLANTE SIMPLES, DE 20 MM","UN","CR"]
["MATERIAL",11719,"REGISTRO DE PRESSAO PVC, SOLDAVEL, VOLANTE SIMPLES, DE 25 MM","UN","CR",13.2]
["MATERIAL",6010,"REGISTRO GAVETA BRUTO EM LATAO FORJADO, BITOLA 1 1/2\"","UN","CR",17.98]
["MATERIAL",6017,"REGISTRO GAVETA BRUTO EM LATAO FORJADO, BITOLA 1 1/4\"","UN","CR",21.13]
["MATERIAL",6019,"REGISTRO GAVETA BRUTO EM LATAO FORJADO, BITOLA 1\"","UN","CR",21.35]
["MATERIAL",6020,"REGISTRO GAVETA BRUTO EM LATAO FORJADO, BITOLA 1/2\"","UN","CR",28.14]
["MATERIAL",6011,"REGISTRO GAVETA BRUTO EM LATAO FORJADO, BITOLA 2 1/2\"","UN","CR",61.22]
["MATERIAL",6028,"REGISTRO GAVETA BRUTO EM LATAO FORJADO, BITOLA 2\"","UN","CR",58.3]
["MATERIAL",6012,"REGISTRO GAVETA BRUTO EM LATAO FORJADO, BITOLA 3\"","UN","CR",43.66]
["MATERIAL",6016,"REGISTRO GAVETA BRUTO EM LATAO FORJADO, BITOLA 3/4\"","UN","CR",22.33]
["MATERIAL",6027,"REGISTRO GAVETA BRUTO EM LATAO FORJADO, BITOLA 4\"","UN","CR",93.7]
["MATERIAL",6015,"REGISTRO GAVETA COM ACABAMENTO E CANOPLA CROMADOS, SIMPLES, BITOLA 1 1/2\"","UN","CR",26.76]
["MATERIAL",6014,"REGISTRO GAVETA COM ACABAMENTO E CANOPLA CROMADOS, SIMPLES, BITOLA 1 1/4\"","UN","CR",21.07]
["MATERIAL",6013,"REGISTRO GAVETA COM ACABAMENTO E CANOPLA CROMADOS, SIMPLES, BITOLA 1\"","UN","CR",27.14]
["MATERIAL",6006,"REGISTRO GAVETA COM ACABAMENTO E CANOPLA CROMADOS, SIMPLES, BITOLA 1/2\"","UN","CR",43.09]
["MATERIAL",6005,"REGISTRO GAVETA COM ACABAMENTO E CANOPLA CROMADOS, SIMPLES, BITOLA 3/4\"","UN","C",57.62]
["MATERIAL",11756,"REGISTRO OU REGULADOR DE GAS COZINHA, VAZAO DE 2 KG/H, 2,8 KPA","UN","CR",59.51]
["MATERIAL",10904,"REGISTRO OU VALVULA GLOBO ANGULAR EM LATAO, PARA HIDRANTES EM INSTALACAO PREDIAL DE INCENDIO, 45 GRAUS, DIAMETRO DE 2 1/2\", COM VOLANTE, CLASSE DE PRESSAO DE ATE 200 PSI","UN","C",108.99]
["MATERIAL",11752,"REGISTRO PRESSAO BRUTO EM LATAO FORJADO, BITOLA 1/2\"","UN","CR",6.91]
["MATERIAL",11753,"REGISTRO PRESSAO BRUTO EM LATAO FORJADO, BITOLA 3/4\"","UN","CR",19.72]
["MATERIAL",6021,"REGISTRO PRESSAO COM ACABAMENTO E CANOPLA CROMADA, SIMPLES, BITOLA 1/2\"","UN","CR",14.38]
["MATERIAL",6024,"REGISTRO PRESSAO COM ACABAMENTO E CANOPLA CROMADA, SIMPLES, BITOLA 3/4\"","UN","CR",15.99]
["MATERIAL",45394,"REGUA DE ALUMINIO PARA PEDREIRO 2 M X *25,5* MM","UN","CR",108.38]
["EQUIPAMENTO (AQUISIÇÃO)",13897,"REGUA VIBRADORA DUPLA PARA CONCRETO A GASOLINA 5,5 HP, PESO DE 60 KG, COMPRIMENTO 4 M","UN","CR",85.84]
["EQUIPAMENTO (AQUISIÇÃO)",10640,"REGUA VIBRATORIA DE CONCRETO TRELICADA, EQUIPADA COM MOTOR A GASOLINA DE 9 HP","UN","CR",62.99]
["MATERIAL",34357,"REJUNTE CIMENTICIO, QUALQUER COR","KG","CR",37.83]
["MATERIAL",37329,"REJUNTE EPOXI, QUALQUER COR","KG","CR",313.06]
["MATERIAL",2510,"RELE FOTOELETRICO INTERNO E EXTERNO BIVOLT 1000 W, DE CONECTOR, SEM BASE","UN","CR",150.94999999999999]
["MATERIAL",12359,"RELE TERMICO BIMETAL PARA USO EM MOTORES TRIFASICOS, TENSAO 380 V, POTENCIA ATE 15 CV, CORRENTE NOMINAL MAXIMA 22 A","UN","CR",379.02]
["MATERIAL",7353,"RESINA ACRILICA PREMIUM BASE AGUA - COR BRANCA","L","CR",39.9]
["MATERIAL",45264,"RESPIRADOR / MASCARA SEMI FACIAL COM UMA VALVULA DE INALACAO E DUAS DE EXALACAO, PROTECAO CONTRA VAPORES ORGANICOS E GASES ACIDOS (1 FILTRO INCLUIDO)","UN","CR",789.74]
["MATERIAL",36144,"RESPIRADOR DESCARTAVEL SEM VALVULA DE EXALACAO, PFF 1","UN","CR",173.3]
["MATERIAL",10518,"RETARDO PARA CORDEL DETONANTE","UN","CR",165.69]
["EQUIPAMENTO (AQUISIÇÃO)",36530,"RETROESCAVADEIRA SOBRE RODAS COM CARREGADEIRA, TRACAO 4 X 2, POTENCIA LIQUIDA 79 HP, PESO OPERACIONAL MINIMO DE 6570 KG, CAPACIDADE DA CARREGADEIRA DE 1,00 M3 E DA RETROESCAVADEIRA MINIMA DE 0,20 M3, PROFUNDIDADE DE ESCAVACAO MAXIMA DE 4,37 M","UN","CR",119.17]
["EQUIPAMENTO (AQUISIÇÃO)",6046,"RETROESCAVADEIRA SOBRE RODAS COM CARREGADEIRA, TRACAO 4 X 4, POTENCIA LIQUIDA 72 HP, PESO OPERACIONAL MINIMO DE 7140 KG, CAPACIDADE MINIMA DA CARREGADEIRA DE 0,79 M3 E DA RETROESCAVADEIRA MINIMA DE 0,18 M3, PROFUNDIDADE DE ESCAVACAO MAXIMA DE 4,50 M","UN","C",86.3]
["EQUIPAMENTO (AQUISIÇÃO)",36531,"RETROESCAVADEIRA SOBRE RODAS COM CARREGADEIRA, TRACAO 4 X 4, POTENCIA LIQUIDA 88 HP, PESO OPERACIONAL MINIMO DE 6674 KG, CAPACIDADE DA CARREGADEIRA DE 1,00 M3 E DA RETROESCAVADEIRA MINIMA DE 0,26 M3, PROFUNDIDADE DE ESCAVACAO MAXIMA DE 4,37 M","UN","CR",97.35]
["SERVIÇOS",34684,"REVESTIMENTO DE PAREDE EM GRANILITE, MARMORITE OU GRANITINA - ESP = 5 MM (INCLUSO EXECUCAO)","M2","CR",46.49]
["SERVIÇOS",34683,"REVESTIMENTO DE PAREDE EM GRANILITE, MARMORITE OU GRANITINA COLORIDO - ESP = 5 MM (INCLUSO EXECUCAO)","M2","CR",230]
["MATERIAL",44954,"REVESTIMENTO EM CERAMICA ESMALTADA PARA FACHADAS, PECAS NO FORMATO APROX. *5 X 15* CM, FORNECIDAS EM PLACAS COM PECAS UNIDAS EM PONTOS","M2","CR",26.81]
["MATERIAL",44955,"REVESTIMENTO EM CERAMICA ESMALTADA PARA FACHADAS, PECAS NO FORMATO APROX. *7 X 26* CM, FORNECIDAS EM PLACAS COM PECAS UNIDAS EM PONTOS","M2","CR",32.01]
["MATERIAL",10515,"REVESTIMENTO EM CERAMICA ESMALTADA, FORMATO MAIOR A 2025 CM2","M2","CR",88.82]
["MATERIAL",153,"REVESTIMENTO EPOXI DE ALTA RESISTENCIA QUIMICA, ISENTO DE SOLVENTES, BICOMPONENTE","L","CR",91.82]
["SERVIÇOS",34682,"REVESTIMENTO PARA ESCADA EM GRANILITE, MARMORITE OU GRANITINA ESP = 8 MM (INCLUSO EXECUCAO)","M2","CR",33.51]
["MATERIAL",536,"REVESTIMENTO PARA PAREDE, EM CERAMICA ESMALTADA, FORMATO MENOR OU IGUAL A 2025 CM2","M2","CR"]
["MATERIAL",20205,"RIPA APARELHADA *1,5 X 5* CM, EM MACARANDUBA/MASSARANDUBA, ANGELIM OU EQUIVALENTE DA REGIAO","M","CR"]
["MATERIAL",4412,"RIPA NAO APARELHADA *1 X 3* CM, EM MACARANDUBA/MASSARANDUBA, ANGELIM OU EQUIVALENTE DA REGIAO - BRUTA","M","CR",5.87]
["MATERIAL",4408,"RIPA NAO APARELHADA, *1,5 X 5* CM, EM MACARANDUBA/MASSARANDUBA, ANGELIM OU EQUIVALENTE DA REGIAO - BRUTA","M","CR",123.67]
["MATERIAL",45213,"RISCADOR DE FORMICA COM COMPRIMENTO *16* CM E ALTURA *5* CM","UN","CR"]
["MATERIAL",36250,"RODAFORRO EM PVC, PARA FORRO DE PVC, COMPRIMENTO 6 M","M","CR"]
["MATERIAL",10857,"RODAPE ARDOSIA, CINZA, 10 CM, E= *1CM","M","CR",41.2]
["MATERIAL",4803,"RODAPE DE BORRACHA LISO, H = 70 MM, E = *2* MM, PARA ARGAMASSA, PRETO","M","CR",30.38]
["MATERIAL",6186,"RODAPE DE MADEIRA MACICA CUMARU/IPE CHAMPANHE OU EQUIVALENTE DA REGIAO, *1,5 X 7 CM","M","CR",1.89]
["MATERIAL",4829,"RODAPE EM MARMORE, POLIDO, BRANCO COMUM, L= *7* CM, E= *2* CM, CORTE RETO","M","CR"]
["MATERIAL",39829,"RODAPE EM POLIESTIRENO, BRANCO, H = *5* CM, E = *1,5* CM","M","C"]
["MATERIAL",20231,"RODAPE OU RODABANCADA EM GRANITO, POLIDO, TIPO ANDORINHA/ QUARTZ/ CASTELO/ CORUMBA OU OUTROS EQUIVALENTES DA REGIAO, H= 10 CM, E= *2,0* CM","M","CR"]
["MATERIAL",4804,"RODAPE PLANO PARA PISO VINILICO, H = 5 CM","M","CR"]
["MATERIAL",34680,"RODAPE PRE-MOLDADO DE GRANILITE, MARMORITE OU GRANITINA L = 10 CM","M","CR"]
["MATERIAL",11573,"RODIZIO TIPO NAPOLEAO PARA JANELAS DE CORRER, EM ZAMAC, COMPRIMENTO DE APROX 60 CM, COM ROLAMENTO EM ACO","UN","CR"]
["MATERIAL",38401,"RODO PARA CHAO 40 CM, COM BORRACHA DUPLA E CABO","UN","CR",110.4]
["MATERIAL",11575,"ROLDANA CONCAVA DUPLA, 4 RODAS, EM ZAMAC COM CHAPA DE LATAO, ROLAMENTOS EM ACO, PARA PORTAS E JANELAS DE CORRER","UN","CR",161.33000000000001]
["MATERIAL",38179,"ROLDANA CONCAVA DUPLA, 4 RODAS, PARA PORTA DE CORRER, EM ZAMAC COM CHAPA DE ACO, ROLAMENTO INTERNO BLINDADO DE ACO REVESTIDO EM NYLON","UN","CR",54.8]
["MATERIAL",20256,"ROLDANA PLASTICA COM PREGO, TAMANHO 30 X 30 MM, PARA INSTALACAO ELETRICA APARENTE","UN","CR",100.89]
["EQUIPAMENTO (AQUISIÇÃO)",14511,"ROLO COMPACTADOR DE PNEUS, ESTATICO, PRESSAO VARIAVEL, POTENCIA 110 HP, PESO SEM/COM LASTRO 10,8/27 T, LARGURA DE ROLAGEM 2,30 M","UN","CR"]
["EQUIPAMENTO (AQUISIÇÃO)",10642,"ROLO COMPACTADOR DE PNEUS, ESTATICO, PRESSAO VARIAVEL, POTENCIA 111 HP, PESO SEM/COM LASTRO 9,5/26,0 T, LARGURA DE ROLAGEM 1,90 M","UN","C",30.87]
["EQUIPAMENTO (AQUISIÇÃO)",14489,"ROLO COMPACTADOR PE DE CARNEIRO VIBRATORIO, POTENCIA 125 HP, PESO OPERACIONAL SEM/COM LASTRO 11,95/13,30 T, IMPACTO DINAMICO 38,5/22,5 T, LARGURA DE TRABALHO 2,15 M","UN","CR",3.7]
["EQUIPAMENTO (AQUISIÇÃO)",14513,"ROLO COMPACTADOR PE DE CARNEIRO VIBRATORIO, POTENCIA 80 HP, PESO OPERACIONAL SEM/COM LASTRO 7,4/8,8 T, LARGURA DE TRABALHO 1,68 M","UN","CR",2.2200000000000002]
["EQUIPAMENTO (AQUISIÇÃO)",13600,"ROLO COMPACTADOR VIBRATORIO DE UM CILINDRO LISO DE ACO, POTENCIA 125 HP, PESO SEM/COM LASTRO 10,75/12,92 T, IMPACTO DINAMICO 31,5/18,5 T, LARGURA TRABALHO 2,15 M","UN","CR",2.77]
["EQUIPAMENTO (AQUISIÇÃO)",10646,"ROLO COMPACTADOR VIBRATORIO DE UM CILINDRO, ACO LISO, POTENCIA 80 HP, PESO OPERACIONAL MAXIMO 8,1 T, IMPACTO DINAMICO 16,15/9,5 T, LARGURA TRABALHO 1,68 M","UN","CR",30.84]
["EQUIPAMENTO (AQUISIÇÃO)",6070,"ROLO COMPACTADOR VIBRATORIO PE DE CARNEIRO, COM CONTROLE REMOTO POR RADIO, POTENCIA 12,5 KW, PESO OPERACIONAL DE 1,675 T, LARGURA DE TRABALHO 0,85 M","UN","CR",4.53]
["EQUIPAMENTO (AQUISIÇÃO)",6069,"ROLO COMPACTADOR VIBRATORIO REBOCAVEL, CILINDRO DE ACO LISO, POTENCIA DE TRACAO DE 65 CV, PESO DE 4,7 T, IMPACTO DINAMICO TOTAL DE 18,3 T, LARGURA DO ROLO 1,67 M","UN","CR"]
["EQUIPAMENTO (AQUISIÇÃO)",14626,"ROLO COMPACTADOR VIBRATORIO TANDEM, ACO LISO, POTENCIA 125 HP, PESO SEM/COM LASTRO 10,20/11,65 T, LARGURA DE TRABALHO 1,73 M","UN","CR",44.28]
["EQUIPAMENTO (AQUISIÇÃO)",6067,"ROLO COMPACTADOR VIBRATORIO TANDEM, ACO LISO, POTENCIA 58 CV, PESO SEM/COM LASTRO 6,5/9,4 T, LARGURA DE TRABALHO 1,20 M","UN","CR"]
["MATERIAL",38393,"ROLO DE ESPUMA POLIESTER, 23 CM X 68 MM (COMPRIMENTO X DIAMETRO), SEM CABO","UN","C",56.55]
["MATERIAL",38390,"ROLO DE LA DE CARNEIRO 25 MM X 23 CM (ALTURA DA LA X COMPRIMENTO), SEM CABO","UN","CR"]
["MATERIAL",11578,"ROSETA QUADRADA, SEM FUROS, EM ACO INOX POLIDO, LARGURA APROXIMADA DE 50 MM, PARA FECHADURA DE PORTA - PARAFUSOS INCLUIDOS","UN","CR",75.16]
["MATERIAL",11577,"ROSETA REDONDA DE SOBREPOR, SEM FUROS, EM ACO INOX POLIDO, DIAMETRO APROXIMADO DE 50 MM, PARA FECHADURA DE PORTA - PARAFUSOS INCLUIDOS","UN","CR",33.99]
["MATERIAL",42432,"ROTACAO DIAGONAL DUPLA, APARELHO TRIPLO, EM TUBO DE ACO CARBONO, PINTURA NO PROCESSO ELETROSTATICO - EQUIPAMENTO DE GINASTICA PARA ACADEMIA AO AR LIVRE / ACADEMIA DA TERCEIRA IDADE - ATI","UN","CR"]
["MATERIAL",42437,"ROTACAO VERTICAL DUPLO, EM TUBO DE ACO CARBONO, PINTURA NO PROCESSO ELETROSTATICO - EQUIPAMENTO DE GINASTICA PARA ACADEMIA AO AR LIVRE / ACADEMIA DA TERCEIRA IDADE - ATI","UN","CR",6.45]
["MATERIAL",1116,"RUFO EXTERNO DE CHAPA DE ACO GALVANIZADA NUM 26, CORTE 25 CM","M","CR",45.26]
["MATERIAL",1115,"RUFO EXTERNO DE CHAPA DE ACO GALVANIZADA NUM 26, CORTE 28 CM","M","CR",62.18]
["MATERIAL",1113,"RUFO EXTERNO/INTERNO DE CHAPA DE ACO GALVANIZADA NUM 26, CORTE 33 CM","M","CR",51.41]
["MATERIAL",1114,"RUFO INTERNO DE CHAPA DE ACO GALVANIZADA NUM 26, CORTE 50 CM","M","CR",0.45]
["MATERIAL",40873,"RUFO INTERNO/EXTERNO DE CHAPA DE ACO GALVANIZADA NUM 24, CORTE 25 CM","M","CR",721831.15]
["MATERIAL",20214,"RUFO PARA TELHA ESTRUTURAL DE FIBROCIMENTO 1 ABA (SEM AMIANTO)","UN","CR",680000]
["MATERIAL",7237,"RUFO PARA TELHA ONDULADA DE FIBROCIMENTO, E = 6 MM, ABA *260* MM, COMPRIMENTO 1100 MM (SEM AMIANTO)","UN","CR",603147.35]
["MATERIAL",11757,"SABONETEIRA DE PAREDE EM METAL CROMADO","UN","C",452374.82]
["MATERIAL",11758,"SABONETEIRA PLASTICA TIPO DISPENSER PARA SABONETE LIQUIDO COM RESERVATORIO 800 A 1500 ML","UN","C",583690.92000000004]
["MATERIAL",37526,"SACO DE RAFIA PARA ENTULHO, NOVO, LISO (SEM CLICHE), *60 X 90* CM","UN","CR",435102.69]
["MATERIAL",6076,"SAIBRO PARA ARGAMASSA (COLETADO NO COMERCIO)","M3","C",594514.27]
["MATERIAL",13109,"SAPATA DE PVC ADITIVADO NERVURADO D = 6 POLEGADAS","UN","CR",131337.17000000001]
["MATERIAL",13110,"SAPATA DE PVC ADITIVADO NERVURADO D = 8 POLEGADAS","UN","CR",650857.17000000004]
["MATERIAL",7581,"SAPATILHA EM ACO GALVANIZADO PARA CABOS COM DIAMETRO NOMINAL ATE 5/8\"","UN","CR",534285.72]
["MATERIAL",4509,"SARRAFO *2,5 X 10* CM EM PINUS, MISTA OU EQUIVALENTE DA REGIAO - BRUTA","M","CR",15.9]
["MATERIAL",4512,"SARRAFO *2,5 X 5* CM EM PINUS, MISTA OU EQUIVALENTE DA REGIAO - BRUTA","M","CR",6.82]
["MATERIAL",4517,"SARRAFO *2,5 X 7,5* CM EM PINUS, MISTA OU EQUIVALENTE DA REGIAO - BRUTA","M","CR",39.06]
["MATERIAL",20206,"SARRAFO APARELHADO *2 X 10* CM, EM MACARANDUBA/MASSARANDUBA, ANGELIM OU EQUIVALENTE DA REGIAO","M","CR",13.42]
["MATERIAL",4460,"SARRAFO NAO APARELHADO *2,5 X 10* CM, EM MACARANDUBA/MASSARANDUBA, ANGELIM OU EQUIVALENTE DA REGIAO - BRUTA","M","CR",12.81]
["MATERIAL",4415,"SARRAFO NAO APARELHADO *2,5 X 5* CM, EM MACARANDUBA/MASSARANDUBA, ANGELIM, PEROBA-ROSA OU EQUIVALENTE DA REGIAO - BRUTA","M","CR"]
["MATERIAL",4417,"SARRAFO NAO APARELHADO *2,5 X 7* CM, EM MACARANDUBA/MASSARANDUBA, ANGELIM, PEROBA-ROSA OU EQUIVALENTE DA REGIAO - BRUTA","M","CR"]
["MATERIAL",37373,"SEGURO - HORISTA (COLETADO CAIXA - ENCARGOS COMPLEMENTARES)","H","C",17.760000000000002]
["MATERIAL",40864,"SEGURO - MENSALISTA (COLETADO CAIXA - ENCARGOS COMPLEMENTARES)","MES","C",21.28]
["MATERIAL",4734,"SEIXO ROLADO PARA APLICACAO EM CONCRETO (POSTO PEDREIRA/FORNECEDOR, SEM FRETE)","M3","CR",24.88]
["MATERIAL",6085,"SELADOR ACRILICO OPACO PREMIUM INTERIOR/EXTERIOR","L","C",29.64]
["MATERIAL",38396,"SELADOR HORIZONTAL PARA FITA DE ACO 1\" (25 MM)","UN","CR",23.19]
["MATERIAL",11622,"SELANTE A BASE DE ALCATRAO E POLIURETANO PARA JUNTAS HORIZONTAIS","KG","CR",71.19]
["MATERIAL",43143,"SELANTE ACRILICO PARA TRATAMENTO / ACABAMENTO SUPERFICIAL DE CONCRETO ESTAMPADO, APARENTE, PEDRAS E OUTROS","L","CR",69.7]
["MATERIAL",7317,"SELANTE DE BASE ASFALTICA PARA VEDACAO","KG","CR",71.2]
["MATERIAL",142,"SELANTE ELASTICO MONOCOMPONENTE A BASE DE POLIURETANO (PU) PARA JUNTAS DIVERSAS","310ML","CR",84.9]
["MATERIAL",43142,"SELANTE MONOCOMPONENTE A BASE DE SILICONE DE BAIXO MODULO, PARA JUNTAS DE PAVIMENTACAO","L","CR",2.66]
["MATERIAL",38123,"SELANTE TIPO VEDA CALHA PARA METAL E FIBROCIMENTO","KG","CR"]
["MATERIAL",42699,"SELIM PVC, COM TRAVA, JE, 90 GRAUS, DN 125 X 100 MM OU 150 X 100 MM, PARA REDE COLETORA ESGOTO","UN","CR"]
["EQUIPAMENTO (AQUISIÇÃO)",37743,"SEMIRREBOQUE COM DOIS EIXOS EM TANDEM TIPO BASCULANTE COM CACAMBA METALICA 14 M3 (INCLUI MONTAGEM, NAO INCLUI CAVALO MECANICO)","UN","CR"]
["EQUIPAMENTO (AQUISIÇÃO)",37744,"SEMIRREBOQUE COM TRES EIXOS EM TANDEM TIPO BASCULANTE COM CACAMBA METALICA 18 M3 (INCLUI MONTAGEM, NAO INCLUI CAVALO MECANICO)","UN","CR"]
["EQUIPAMENTO (AQUISIÇÃO)",37741,"SEMIRREBOQUE COM TRES EIXOS, PARA TRANSPORTE DE CARGA SECA, DIMENSOES APROXIMADAS 2,60 X 12,50 X 0,50 M (NAO INCLUI CAVALO MECANICO)","UN","CR",5.41]
["MATERIAL",39396,"SENSOR DE PRESENCA BIVOLT COM FOTOCELULA PARA QUALQUER TIPO DE LAMPADA, POTENCIA MAXIMA *1000* W, USO EXTERNO","UN","CR",2.58]
["MATERIAL",39392,"SENSOR DE PRESENCA BIVOLT DE PAREDE COM FOTOCELULA PARA QUALQUER TIPO DE LAMPADA POTENCIA MAXIMA *1000* W, USO INTERNO","UN","CR",3.73]
["MATERIAL",39393,"SENSOR DE PRESENCA BIVOLT DE PAREDE SEM FOTOCELULA PARA QUALQUER TIPO DE LAMPADA POTENCIA MAXIMA *1000* W, USO INTERNO","UN","CR",10]
["MATERIAL",39394,"SENSOR DE PRESENCA BIVOLT DE TETO COM FOTOCELULA PARA QUALQUER TIPO DE LAMPADA POTENCIA MAXIMA *1000* W, USO INTERNO","UN","CR",10.27]
["MATERIAL",39395,"SENSOR DE PRESENCA BIVOLT DE TETO SEM FOTOCELULA PARA QUALQUER TIPO DE LAMPADA POTENCIA MAXIMA *900* W, USO INTERNO","UN","CR",5.5]
["EQUIPAMENTO (AQUISIÇÃO)",14618,"SERRA CIRCULAR DE BANCADA COM MOTOR ELETRICO, POTENCIA DE *1600* W, PARA DISCO DE DIAMETRO DE 10\" (250 MM)","UN","CR",7.91]
["EQUIPAMENTO (AQUISIÇÃO)",40269,"SERRA CIRCULAR DE BANCADA, MODELO PICA-PAU, DIAMETRO DE 350 MM. CARACTERISTICAS DO MOTOR: TRIFASICO, POTENCIA DE 5 HP, FREQUENCIA DE 60 HZ","UN","CR",0.08]
["MAO DE OBRA",6110,"SERRALHEIRO (HORISTA)","H","CR",15.46]
["MAO DE OBRA",40910,"SERRALHEIRO (MENSALISTA)","MES","CR",330.73]
["MATERIAL",45255,"SERROTE PROFISSIONAL EM ACO TEMPERADO 20\", CABO DE MADEIRA","UN","CR",10.57]
["MAO DE OBRA",6111,"SERVENTE DE OBRAS (HORISTA)","H","C",756.17]
["MAO DE OBRA",41084,"SERVENTE DE OBRAS (MENSALISTA)","MES","CR",76.02]
["SERVIÇOS",44535,"SERVICO DE BOMBEAMENTO DE CONCRETO COM CONSUMO MINIMO DE 40 M3, (DISPONIBILIZACAO DE BOMBA), SEM O LANCAMENTO","M3","CR",28.71]
["MATERIAL",44945,"SIFAO / TUBO SINFONADO EXTENSIVEL/SANFONADO, UNIVERSAL/ SIMPLES, ENTRE *50 A 70* CM, DE PLASTICO BRANCO","UN","C",43.86]
["MATERIAL",38637,"SIFAO EM METAL CROMADO PARA PIA AMERICANA, 1.1/2 X 1.1/2\"","UN","CR",35.869999999999997]
["MATERIAL",6150,"SIFAO EM METAL CROMADO PARA PIA AMERICANA, 1.1/2 X 2\"","UN","CR",162.94999999999999]
["MATERIAL",6136,"SIFAO EM METAL CROMADO PARA PIA OU LAVATORIO, 1 X 1.1/2\"","UN","C",66.819999999999993]
["MATERIAL",38638,"SIFAO EM METAL CROMADO PARA TANQUE, 1.1/4 X 1.1/2\"","UN","CR",25.45]
["MATERIAL",20262,"SIFAO PLASTICO EXTENSIVEL UNIVERSAL, TIPO COPO","UN","CR"]
["MATERIAL",6145,"SIFAO PLASTICO TIPO COPO PARA PIA AMERICANA 1.1/2 X 1.1/2\"","UN","CR"]
["MATERIAL",6149,"SIFAO PLASTICO TIPO COPO PARA PIA OU LAVATORIO, 1 X 1.1/2\"","UN","CR"]
["MATERIAL",6146,"SIFAO PLASTICO TIPO COPO PARA TANQUE, 1.1/4 X 1.1/2\"","UN","CR"]
["MATERIAL",44536,"SILICA ATIVA PARA ADICAO EM CONCRETO E  ARGAMASSA","KG","CR"]
["MATERIAL",39961,"SILICONE ACETICO USO GERAL INCOLOR 280 G","UN","CR"]
["MATERIAL",42433,"SIMULADOR DE CAMINHADA TRIPLO, EM TUBO DE ACO CARBONO, PINTURA NO PROCESSO ELETROSTATICO - EQUIPAMENTO DE GINASTICA PARA ACADEMIA AO AR LIVRE / ACADEMIA DA TERCEIRA IDADE - ATI","UN","CR"]
["MATERIAL",42434,"SIMULADOR DE CAVALGADA TRIPLO, EM TUBO DE ACO CARBONO, PINTURA NO PROCESSO ELETROSTATICO - EQUIPAMENTO DE GINASTICA PARA ACADEMIA AO AR LIVRE / ACADEMIA DA TERCEIRA IDADE - ATI","UN","CR"]
["MATERIAL",42435,"SIMULADOR DE REMO INDIVIDUAL, EM TUBO DE ACO CARBONO, PINTURA NO PROCESSO ELETROSTATICO - EQUIPAMENTO DE GINASTICA PARA ACADEMIA AO AR LIVRE / ACADEMIA DA TERCEIRA IDADE - ATI","UN","CR",1497.5]
["MATERIAL",38061,"SINALIZADOR NOTURNO SIMPLES PARA PARA-RAIOS, SEM RELE FOTOELETRICO","UN","CR",6033.33]
["MATERIAL",20250,"SISAL EM FIBRA / ESTOPA SISAL PARA GESSO","KG","C",22.45]
["MATERIAL",13388,"SOLDA EM BARRA DE ESTANHO-CHUMBO 50/50","KG","CR",3929.54]
["MATERIAL",39914,"SOLDA EM VARETA FOSCOPER, D = *2,5* MM X COMPRIMENTO 500 MM","KG","CR",35.130000000000003]
["MATERIAL",12732,"SOLDA ESTANHO/COBRE PARA CONEXOES DE COBRE, FIO 2,5 MM, CARRETEL 500 GR (SEM CHUMBO)","UN","CR",16.89]
["MAO DE OBRA",6160,"SOLDADOR (HORISTA)","H","C",2956.51]
["MAO DE OBRA",41087,"SOLDADOR (MENSALISTA)","MES","CR",47.29]
["MAO DE OBRA",6166,"SOLDADOR ELETRICO (PARA SOLDA A SER TESTADA COM RAIOS \"X\") (HORISTA)","H","CR",7.75]
["MAO DE OBRA",41088,"SOLDADOR ELETRICO (PARA SOLDA A SER TESTADA COM RAIOS \"X\") (MENSALISTA)","MES","CR",311.05]
["MATERIAL",20232,"SOLEIRA EM GRANITO, POLIDO, TIPO ANDORINHA/ QUARTZ/ CASTELO/ CORUMBA OU OUTROS EQUIVALENTES DA REGIAO, L= *15* CM, E= *2,0* CM","M","CR",314.85000000000002]
["MATERIAL",10856,"SOLEIRA PRE-MOLDADA EM GRANILITE, MARMORITE OU GRANITINA, L = *15 CM","M","CR",247.49]
["MATERIAL",4828,"SOLEIRA/ PEITORIL EM MARMORE, POLIDO, BRANCO COMUM, L= *15* CM, E= *2* CM, CORTE RETO","M","CR",262.11]
["MATERIAL",20249,"SOLEIRA/ TABEIRA EM MARMORE, POLIDO, BRANCO COMUM, L= 5 CM, E= *2,0* CM","M","CR",14.19]
["MATERIAL",11609,"SOLUCAO ASFALTICA ELASTOMERICA PARA IMPRIMACAO, APLICACAO A FRIO","L","CR",15.68]
["MATERIAL",20083,"SOLUCAO PREPARADORA / LIMPADORA PARA PVC, FRASCO COM 1000 CM3","UN","CR",10.36]
["MATERIAL",10691,"SOLVENTE PARA COLA A BASE DE RESINA SINTETICA (PARA COLA DE LAMINADO MELAMINICO E OUTRAS SUPERFICIES)","L","CR",14.9]
["MATERIAL",12295,"SOQUETE DE BAQUELITE BASE E27, PARA LAMPADAS","UN","CR",3.01]
["MATERIAL",12296,"SOQUETE DE PORCELANA BASE E27, FIXO DE TETO, PARA LAMPADAS","UN","CR",23.7]
["MATERIAL",12294,"SOQUETE DE PORCELANA BASE E27, PARA USO AO TEMPO, PARA LAMPADAS","UN","CR"]
["MATERIAL",14543,"SOQUETE DE PVC / TERMOPLASTICO BASE E27, COM CHAVE, PARA LAMPADAS","UN","CR"]
["MATERIAL",13329,"SOQUETE DE PVC / TERMOPLASTICO BASE E27, COM RABICHO, PARA LAMPADAS","UN","C"]
["MATERIAL",21047,"SPRINKLER TIPO PENDENTE, BULBO AMARELO DE RESPOSTA RAPIDA, 79 GRAUS CELSIUS, ACABAMENTO CROMADO, D = 20 MM (3/4\")","UN","CR"]
["MATERIAL",21042,"SPRINKLER TIPO PENDENTE, BULBO AMARELO DE RESPOSTA RAPIDA, 79 GRAUS CELSIUS, ACABAMENTO NATURAL OU CROMADO, D = 15 MM (1/2\")","UN","CR",12]
["MATERIAL",21043,"SPRINKLER TIPO PENDENTE, BULBO AMARELO DE RESPOSTA RAPIDA, 79 GRAUS CELSIUS, ACABAMENTO NATURAL, D = 20 MM (3/4\")","UN","CR",145.99]
["MATERIAL",21044,"SPRINKLER TIPO PENDENTE, BULBO VERMELHO DE RESPOSTA RAPIDA, 68 GRAUS CELSIUS, ACABAMENTO CROMADO, D = 15 MM (1/2\")","UN","CR"]
["MATERIAL",21045,"SPRINKLER TIPO PENDENTE, BULBO VERMELHO DE RESPOSTA RAPIDA, 68 GRAUS CELSIUS, ACABAMENTO CROMADO, D = 20 MM (3/4\")","UN","CR"]
["MATERIAL",21041,"SPRINKLER TIPO PENDENTE, BULBO VERMELHO DE RESPOSTA RAPIDA, 68 GRAUS CELSIUS, ACABAMENTO NATURAL, D = 20 MM (3/4\")","UN","CR",22.45]
["MATERIAL",21040,"SPRINKLER TIPO PENDENTE, BULBO VERMELHO RESPOSTA RAPIDA, 68 GRAUS CELSIUS, ACABAMENTO NATURAL, D = 15 MM (1/2\")","UN","C",3929.54]
["MATERIAL",14149,"SUPORTE \"Y\" PARA FITA PERFURADA","CENTO","CR",26.36]
["MATERIAL",38099,"SUPORTE DE FIXACAO PARA ESPELHO / PLACA 4\" X 2\", PARA 3 MODULOS, PARA INSTALACAO DE TOMADAS E INTERRUPTORES (SOMENTE SUPORTE)","UN","CR",4617.7]
["MATERIAL",38100,"SUPORTE DE FIXACAO PARA ESPELHO / PLACA 4\" X 4\", PARA 6 MODULOS, PARA INSTALACAO DE TOMADAS E INTERRUPTORES (SOMENTE SUPORTE)","UN","CR",106.39]
["MATERIAL",7576,"SUPORTE EM ACO GALVANIZADO PARA TRANSFORMADOR PARA POSTE DUPLO T 185 X 95 MM, CHAPA DE 5/16\"","UN","CR"]
["MATERIAL",3384,"SUPORTE GUIA SIMPLES COM ROLDANA EM POLIPROPILENO PARA CHUMBAR, H = 20 CM","UN","CR",84.4]
["MATERIAL",7572,"SUPORTE ISOLADOR REFORCADO DIAMETRO NOMINAL 5/16\", COM ROSCA SOBERBA E BUCHA","UN","CR",46.22]
["MATERIAL",3396,"SUPORTE ISOLADOR SIMPLES DIAMETRO NOMINAL 5/16\", COM ROSCA SOBERBA E BUCHA","UN","CR",12.63]
["MATERIAL",37590,"SUPORTE MAO-FRANCESA EM ACO, ABAS IGUAIS 30 CM, CAPACIDADE MINIMA 60 KG, BRANCO","UN","CR",74.09]
["MATERIAL",37591,"SUPORTE MAO-FRANCESA EM ACO, ABAS IGUAIS 40 CM, CAPACIDADE MINIMA 70 KG, BRANCO","UN","CR",53.9]
["MATERIAL",12626,"SUPORTE METALICO PARA CALHA PLUVIAL, ZINCADO, DOBRADO, DIAMETRO ENTRE 119 E 170 MM, PARA DRENAGEM PLUVIAL PREDIAL","UN","CR",3.84]
["MATERIAL",11033,"SUPORTE PARA CALHA DE 150 MM EM ACO GALVANIZADO","UN","CR",4.97]
["MATERIAL",390,"SUPORTE PARA TUBO DIAMETRO NOMINAL 2\", COM ROSCA MECANICA","UN","CR",11.93]
["MATERIAL",42436,"SURF DUPLO, EM TUBO DE ACO CARBONO, PINTURA NO PROCESSO ELETROSTATICO - EQUIPAMENTO DE GINASTICA PARA ACADEMIA AO AR LIVRE / ACADEMIA DA TERCEIRA IDADE - ATI","UN","CR",8.52]
["MATERIAL",6194,"TABUA *2,5 X 15 CM EM PINUS, MISTA OU EQUIVALENTE DA REGIAO - BRUTA","M","CR",5]
["MATERIAL",10567,"TABUA *2,5 X 23* CM EM PINUS, MISTA OU EQUIVALENTE DA REGIAO - BRUTA","M","CR"]
["MATERIAL",6212,"TABUA *2,5 X 30 CM EM PINUS, MISTA OU EQUIVALENTE DA REGIAO - BRUTA","M","C"]
["MATERIAL",3993,"TABUA APARELHADA *2,5 X 15* CM, EM MACARANDUBA/MASSARANDUBA, ANGELIM OU EQUIVALENTE DA REGIAO","M2","CR"]
["MATERIAL",3990,"TABUA APARELHADA *2,5 X 25* CM, EM MACARANDUBA/MASSARANDUBA, ANGELIM OU EQUIVALENTE DA REGIAO","M","CR"]
["MATERIAL",3992,"TABUA APARELHADA *2,5 X 30* CM, EM MACARANDUBA/MASSARANDUBA, ANGELIM OU EQUIVALENTE DA REGIAO","M","CR"]
["MATERIAL",6178,"TABUA DE MADEIRA PARA PISO, CUMARU/IPE CHAMPANHE OU EQUIVALENTE DA REGIAO, ENCAIXE MACHO/FEMEA, *10 X 2* CM","M2","CR"]
["MATERIAL",6180,"TABUA DE MADEIRA PARA PISO, CUMARU/IPE CHAMPANHE OU EQUIVALENTE DA REGIAO, ENCAIXE MACHO/FEMEA, *15 X 2* CM","M2","C"]
["MATERIAL",6182,"TABUA DE MADEIRA PARA PISO, IPE (CERNE) OU EQUIVALENTE DA REGIAO, ENCAIXE MACHO/FEMEA, *20 X 2* CM","M2","CR"]
["MATERIAL",43614,"TABUA NAO APARELHADA *2,5 X 15* CM, EM MACARANDUBA/MASSARANDUBA, ANGELIM OU EQUIVALENTE DA REGIAO - BRUTA","M","CR",1.46]
["MATERIAL",6193,"TABUA NAO APARELHADA *2,5 X 20* CM, EM MACARANDUBA/MASSARANDUBA, ANGELIM OU EQUIVALENTE DA REGIAO - BRUTA","M","CR",2.39]
["MATERIAL",6189,"TABUA NAO APARELHADA *2,5 X 30* CM, EM MACARANDUBA/MASSARANDUBA, ANGELIM OU EQUIVALENTE DA REGIAO - BRUTA","M","CR"]
["MATERIAL",6214,"TACO DE MADEIRA PARA PISO, IPE (CERNE) OU EQUIVALENTE DA REGIAO, 7 X 42 CM, E = 2 CM","M2","CR",11.28]
["MATERIAL",36153,"TALABARTE DE SEGURANCA, 2 MOSQUETOES TRAVA DUPLA *53* MM DE ABERTURA, COM ABSORVEDOR DE ENERGIA","UN","CR"]
["EQUIPAMENTO (AQUISIÇÃO)",10740,"TALHA ELETRICA 3 T, VELOCIDADE 2,1 M / MIN, POTENCIA 1,3 KW","UN","CR"]
["EQUIPAMENTO (AQUISIÇÃO)",13914,"TALHA MANUAL DE CORRENTE, CAPACIDADE DE 1 T COM ELEVACAO DE 3 M","UN","CR",32.229999999999997]
["EQUIPAMENTO (AQUISIÇÃO)",10742,"TALHA MANUAL DE CORRENTE, CAPACIDADE DE 2 T COM ELEVACAO DE 3 M","UN","C"]
["MATERIAL",45239,"TALHADEIRA CHATA, DE ACO, 10\"","UN","CR"]
["MATERIAL",38465,"TALHADEIRA COM PUNHO DE PROTECAO *20 X 250* MM","UN","CR",32.200000000000003]
["MATERIAL",7543,"TAMPA CEGA EM PVC PARA CONDULETE 4 X 2\"","UN","CR",4.76]
["MATERIAL",43427,"TAMPA DE CONCRETO ARMADO PARA FOSSA SEPTICA, DIAMETRO NOMINAL DE 3,00 M E ESPESSURA MINIMA DE 100 MM","UN","CR"]
["MATERIAL",41613,"TAMPA DE CONCRETO ARMADO PARA FOSSA, D = *0,90* M, E = 0,05 M","UN","CR"]
["MATERIAL",41614,"TAMPA DE CONCRETO ARMADO PARA FOSSA, D = *1,10* M, E = 0,05 M","UN","CR",7.6]
["MATERIAL",41615,"TAMPA DE CONCRETO ARMADO PARA FOSSA, D = *1,35* M, E = 0,05 M","UN","CR",12.04]
["MATERIAL",41616,"TAMPA DE CONCRETO ARMADO PARA FOSSA, D = 1,50 M, E = 0,05 M","UN","CR",17.670000000000002]
["MATERIAL",41617,"TAMPA DE CONCRETO ARMADO PARA FOSSA, D = 2,00 M, E = 0,05 M","UN","CR",132.9]
["MATERIAL",41618,"TAMPA DE CONCRETO ARMADO PARA FOSSA, D = 2,50 M, E = 0,05 M","UN","CR",25]
["MATERIAL",43428,"TAMPA DE CONCRETO ARMADO PARA POCO DE INSPECAO, COM FURO E TAMPINHA, DIAMETRO NOMINAL DE 3,00 M E ESPESSURA MINIMA DE 100 MM","UN","CR",33.76]
["MATERIAL",41619,"TAMPA DE CONCRETO ARMADO PARA POCO, COM FURO E TAMPINHA, D = *0,90* M, E = 0,05 M","UN","CR"]
["MATERIAL",41620,"TAMPA DE CONCRETO ARMADO PARA POCO, COM FURO E TAMPINHA, D = *1,10* M, E = 0,05 M","UN","CR"]
["MATERIAL",41622,"TAMPA DE CONCRETO ARMADO PARA POCO, COM FURO E TAMPINHA, D = *1,35* M, E = 0,05 M","UN","CR"]
["MATERIAL",41623,"TAMPA DE CONCRETO ARMADO PARA POCO, COM FURO E TAMPINHA, D = 1,50 M, E = 0,05 M","UN","CR",16.89]
["MATERIAL",41624,"TAMPA DE CONCRETO ARMADO PARA POCO, COM FURO E TAMPINHA, D = 2,00 M, E = 0,05 M","UN","CR",20.56]
["MATERIAL",41625,"TAMPA DE CONCRETO ARMADO PARA POCO, COM FURO E TAMPINHA, D = 2,50 M, E = 0,05 M","UN","CR",30.01]
["MATERIAL",39346,"TAMPA PARA CONDULETE, EM PVC, PARA 1 INTERRUPTOR","UN","CR"]
["MATERIAL",39350,"TAMPA PARA CONDULETE, EM PVC, PARA 1 MODULO RJ","UN","CR",228.34]
["MATERIAL",39351,"TAMPA PARA CONDULETE, EM PVC, PARA 2 MODULOS RJ","UN","CR",12077.25]
["MATERIAL",39352,"TAMPA PARA CONDULETE, EM PVC, PARA TOMADA HEXAGONAL","UN","CR",873.83]
["MATERIAL",38837,"TAMPAO / CAP, ROSCA MACHO, DN 1\", PARA TUBO PEX PARA INST. AGUA QUENTE/FRIA","UN","CR",1274.5]
["MATERIAL",38836,"TAMPAO / CAP, ROSCA MACHO, DN 3/4\", PARA TUBO PEX PARA INST. AGUA QUENTE/FRIA","UN","CR",22.97]
["MATERIAL",2666,"TAMPAO / TERMINAL / PLUG, D = 1 1/4\", PARA DUTO CORRUGADO PEAD (CABEAMENTO SUBTERRANEO)","UN","CR",63.47]
["MATERIAL",2668,"TAMPAO / TERMINAL / PLUG, D = 2\", PARA DUTO CORRUGADO PEAD (CABEAMENTO SUBTERRANEO)","UN","CR",7.88]
["MATERIAL",2664,"TAMPAO / TERMINAL / PLUG, D = 3\", PARA DUTO CORRUGADO PEAD (CABEAMENTO SUBTERRANEO)","UN","CR",1523.74]
["MATERIAL",2662,"TAMPAO / TERMINAL / PLUG, D = 4\", PARA DUTO CORRUGADO PEAD (CABEAMENTO SUBTERRANEO)","UN","CR",97.94]
["MATERIAL",20964,"TAMPAO COM CORRENTE, EM LATAO, ENGATE RAPIDO 1 1/2\", PARA INSTALACAO PREDIAL DE COMBATE A INCENDIO","UN","CR",124.8]
["MATERIAL",10905,"TAMPAO COM CORRENTE, EM LATAO, ENGATE RAPIDO 2 1/2\", PARA INSTALACAO PREDIAL DE COMBATE A INCENDIO","UN","CR",192.89]
["MATERIAL",11289,"TAMPAO FOFO ARTICULADO P/ REGISTRO, COM BASE / REQUADRO, CLASSE A15 CARGA MAX 1,5 T, *200 X 200* MM (COM INSCRICAO EM RELEVO DO TIPO DE REDE)","UN","CR",288.20999999999998]
["MATERIAL",11241,"TAMPAO FOFO ARTICULADO P/ REGISTRO, COM BASE / REQUADRO, CLASSE A15 CARGA MAXIMA 1,5 T, *400 X 400* MM (COM INSCRICAO EM RELEVO DO TIPO DE REDE)","UN","CR",573.08000000000004]
["MATERIAL",11301,"TAMPAO FOFO ARTICULADO, COM BASE / REQUADRO, CLASSE B125 CARGA MAX 12,5 T, REDONDO, TAMPA 600 MM (COM INSCRICAO EM RELEVO DO TIPO DE REDE)","UN","CR",1055.01]
["MATERIAL",21090,"TAMPAO FOFO ARTICULADO, COM BASE / REQUADRO, CLASSE D400 CARGA MAX 40 T, REDONDO, TAMPA 600 MM (COM INSCRICAO EM RELEVO DO TIPO DE REDE)","UN","CR",1853.14]
["MATERIAL",11315,"TAMPAO FOFO SIMPLES COM BASE / REQUADRO, CLASSE A15 CARGA MAX. 1,5 T, 300 X 300 MM (COM INSCRICAO EM RELEVO DO TIPO DE REDE)","UN","CR",120.06]
["MATERIAL",21071,"TAMPAO FOFO SIMPLES COM BASE / REQUADRO, CLASSE A15 CARGA MAX. 1,5 T, 400 X 400 MM (COM INSCRICAO EM RELEVO DO TIPO DE REDE)","UN","CR",151.66]
["MATERIAL",14112,"TAMPAO FOFO SIMPLES COM BASE / REQUADRO, CLASSE A15 CARGA MAX. 1,5 T, 400 X 600 MM (COM INSCRICAO EM RELEVO DO TIPO DE REDE)","UN","CR",263.04000000000002]
["MATERIAL",11316,"TAMPAO FOFO SIMPLES COM BASE / REQUADRO, CLASSE B125 CARGA MAX. 12,5 T, REDONDO, TAMPA 500 MM (COM INSCRICAO EM RELEVO DO TIPO DE REDE)","UN","CR",404.43]
["MATERIAL",6243,"TAMPAO FOFO SIMPLES COM BASE / REQUADRO, CLASSE B125 CARGA MAX. 12,5 T, REDONDO, TAMPA 600 MM (COM INSCRICAO EM RELEVO DO TIPO DE REDE)","UN","C",758.31]
["MATERIAL",6240,"TAMPAO FOFO SIMPLES COM BASE / REQUADRO, CLASSE D400 CARGA MAX. 40 T, REDONDO, TAMPA 600 MM (COM INSCRICAO EM RELEVO DO TIPO DE REDE)","UN","CR",1166.7]
["MATERIAL",11296,"TAMPAO FOFO SIMPLES COM BASE / REQUADRO, CLASSE D400 CARGA MAX. 40 T, REDONDO, TAMPA 900 MM (COM INSCRICAO EM RELEVO DO TIPO DE REDE)","UN","CR",4.8600000000000003]
["MATERIAL",11299,"TAMPAO FOFO SIMPLES COM BASE / REQUADRO, R-2, CLASSE A15 CARGA MAX. 1,5 T, 550 X 1100 MM (COM INSCRICAO EM RELEVO DO TIPO DE REDE)","UN","CR",5.24]
["MATERIAL",11688,"TANQUE ACO INOXIDAVEL (ACO 304) COM ESFREGADOR E VALVULA, DE *50 X 40 X 22* CM","UN","CR",6.06]
["EQUIPAMENTO (AQUISIÇÃO)",37736,"TANQUE DE ACO CARBONO NAO REVESTIDO, PARA TRANSPORTE DE AGUA COM CAPACIDADE DE 10 M3, COM BOMBA CENTRIFUGA POR TOMADA DE FORCA, VAZAO MAXIMA *75* M3/H (INCLUI MONTAGEM, NAO INCLUI CAMINHAO)","UN","C",4.8600000000000003]
["EQUIPAMENTO (AQUISIÇÃO)",37739,"TANQUE DE ACO PARA TRANSPORTE DE AGUA COM CAPACIDADE DE 14 M3 (INCLUI MONTAGEM, NAO INCLUI CAMINHAO)","UN","CR"]
["EQUIPAMENTO (AQUISIÇÃO)",37740,"TANQUE DE ACO PARA TRANSPORTE DE AGUA COM CAPACIDADE DE 4 M3 (INCLUI MONTAGEM, NAO INCLUI CAMINHAO)","UN","CR"]
["EQUIPAMENTO (AQUISIÇÃO)",37738,"TANQUE DE ACO PARA TRANSPORTE DE AGUA COM CAPACIDADE DE 6 M3 (INCLUI MONTAGEM, NAO INCLUI CAMINHAO)","UN","CR"]
["EQUIPAMENTO (AQUISIÇÃO)",37737,"TANQUE DE ACO PARA TRANSPORTE DE AGUA COM CAPACIDADE DE 8 M3 (INCLUI MONTAGEM, NAO INCLUI CAMINHAO)","UN","CR"]
["EQUIPAMENTO (AQUISIÇÃO)",25014,"TANQUE DE ASFALTO ESTACIONARIO COM MACARICO, CAPACIDADE 20.000 L","UN","CR"]
["EQUIPAMENTO (AQUISIÇÃO)",25013,"TANQUE DE ASFALTO ESTACIONARIO COM SERPENTINA, CAPACIDADE 20.000 L","UN","CR"]
["EQUIPAMENTO (AQUISIÇÃO)",14405,"TANQUE DE ASFALTO ESTACIONARIO COM SERPENTINA, CAPACIDADE 30.000 L","UN","CR",89.8]
["MATERIAL",20271,"TANQUE DE LOUCA BRANCA, COM COLUNA, *30* L","UN","CR",120.47]
["MATERIAL",10423,"TANQUE DE LOUCA BRANCA, SUSPENSO, *20* L","UN","CR"]
["MATERIAL",36790,"TANQUE DUPLO EM MARMORE SINTETICO COM CUBA LISA E ESFREGADOR, *110 X 60* CM","UN","CR"]
["MATERIAL",37589,"TANQUE SIMPLES EM MARMORE SINTETICO COM COLUNA, CAPACIDADE *22* L, *60 X 46* CM","UN","CR"]
["MATERIAL",11690,"TANQUE SIMPLES EM MARMORE SINTETICO DE FIXAR NA PAREDE, CAPACIDADE *22* L, *60 X 46* CM","UN","CR"]
["MATERIAL",20234,"TANQUE SIMPLES EM MARMORE SINTETICO SUSPENSO, CAPACIDADE *38* L, *60 X 60* CM","UN","CR"]
["ESPECIAIS",44480,"TARIFA \"A\" ENTRE 0 E 20M3 FORNECIMENTO D'AGUA","M3","CR"]
["MATERIAL",11457,"TARJETA LIVRE / OCUPADO PARA PORTA DE BANHEIRO, CORPO EM ZAMAC E ESPELHO EM LATAO","UN","CR"]
["MATERIAL",44073,"TARUGO DELIMITADOR DE PROFUNDIDADE EM ESPUMA DE POLIETILENO DE BAIXA DENSIDADE 10 MM, CINZA","M","CR"]
["MATERIAL",3593,"TE 45 GRAUS DE FERRO GALVANIZADO, COM ROSCA BSP, DE 1 1/2\"","UN","CR"]
["MATERIAL",3588,"TE 45 GRAUS DE FERRO GALVANIZADO, COM ROSCA BSP, DE 1 1/4\"","UN","CR"]
["MATERIAL",3587,"TE 45 GRAUS DE FERRO GALVANIZADO, COM ROSCA BSP, DE 1\"","UN","CR"]
["MATERIAL",3585,"TE 45 GRAUS DE FERRO GALVANIZADO, COM ROSCA BSP, DE 1/2\"","UN","CR"]
["MATERIAL",3590,"TE 45 GRAUS DE FERRO GALVANIZADO, COM ROSCA BSP, DE 2 1/2\"","UN","CR",548.54]
["MATERIAL",3589,"TE 45 GRAUS DE FERRO GALVANIZADO, COM ROSCA BSP, DE 2\"","UN","CR"]
["MATERIAL",3592,"TE 45 GRAUS DE FERRO GALVANIZADO, COM ROSCA BSP, DE 3\"","UN","CR"]
["MATERIAL",3586,"TE 45 GRAUS DE FERRO GALVANIZADO, COM ROSCA BSP, DE 3/4\"","UN","CR"]
["MATERIAL",3591,"TE 45 GRAUS DE FERRO GALVANIZADO, COM ROSCA BSP, DE 4\"","UN","CR"]
["MATERIAL",40396,"TE 90 GRAUS EM ACO CARBONO, SOLDAVEL, PRESSAO 3.000 LBS, DN 1 1/2\"","UN","CR"]
["MATERIAL",40395,"TE 90 GRAUS EM ACO CARBONO, SOLDAVEL, PRESSAO 3.000 LBS, DN 1 1/4\"","UN","CR"]
["MATERIAL",40394,"TE 90 GRAUS EM ACO CARBONO, SOLDAVEL, PRESSAO 3.000 LBS, DN 1\"","UN","CR"]
["MATERIAL",40392,"TE 90 GRAUS EM ACO CARBONO, SOLDAVEL, PRESSAO 3.000 LBS, DN 1/2\"","UN","CR"]
["MATERIAL",40398,"TE 90 GRAUS EM ACO CARBONO, SOLDAVEL, PRESSAO 3.000 LBS, DN 2 1/2\"","UN","CR",534.63]
["MATERIAL",40397,"TE 90 GRAUS EM ACO CARBONO, SOLDAVEL, PRESSAO 3.000 LBS, DN 2\"","UN","CR",392.54]
["MATERIAL",40399,"TE 90 GRAUS EM ACO CARBONO, SOLDAVEL, PRESSAO 3.000 LBS, DN 3\"","UN","CR",340.27]
["MATERIAL",40393,"TE 90 GRAUS EM ACO CARBONO, SOLDAVEL, PRESSAO 3.000 LBS, DN 3/4\"","UN","CR",416.92]
["MATERIAL",44253,"TE CPVC, SOLDAVEL, 90 GRAUS, 114 MM, PARA AGUA QUENTE PREDIAL","UN","CR",221.48]
["MATERIAL",21121,"TE CPVC, SOLDAVEL, 90 GRAUS, 15 MM, PARA AGUA QUENTE PREDIAL","UN","CR",280.27999999999997]
["MATERIAL",38010,"TE CPVC, SOLDAVEL, 90 GRAUS, 22 MM, PARA AGUA QUENTE PREDIAL","UN","CR",19.3]
["MATERIAL",38011,"TE CPVC, SOLDAVEL, 90 GRAUS, 28 MM, PARA AGUA QUENTE PREDIAL","UN","CR",50.83]
["MATERIAL",38012,"TE CPVC, SOLDAVEL, 90 GRAUS, 35 MM, PARA AGUA QUENTE PREDIAL","UN","CR",1.07]
["MATERIAL",38013,"TE CPVC, SOLDAVEL, 90 GRAUS, 42 MM, PARA AGUA QUENTE PREDIAL","UN","CR"]
["MATERIAL",38014,"TE CPVC, SOLDAVEL, 90 GRAUS, 54 MM, PARA AGUA QUENTE PREDIAL","UN","CR"]
["MATERIAL",38015,"TE CPVC, SOLDAVEL, 90 GRAUS, 73 MM, PARA AGUA QUENTE PREDIAL","UN","CR"]
["MATERIAL",38016,"TE CPVC, SOLDAVEL, 90 GRAUS, 89 MM, PARA AGUA QUENTE PREDIAL","UN","CR"]
["MATERIAL",12741,"TE DE COBRE SEM ANEL DE SOLDA, BOLSA X BOLSA X BOLSA, 104 MM","UN","CR"]
["MATERIAL",12733,"TE DE COBRE SEM ANEL DE SOLDA, BOLSA X BOLSA X BOLSA, 15 MM","UN","CR"]
["MATERIAL",12734,"TE DE COBRE SEM ANEL DE SOLDA, BOLSA X BOLSA X BOLSA, 22 MM","UN","CR"]
["MATERIAL",12735,"TE DE COBRE SEM ANEL DE SOLDA, BOLSA X BOLSA X BOLSA, 28 MM","UN","CR"]
["MATERIAL",12736,"TE DE COBRE SEM ANEL DE SOLDA, BOLSA X BOLSA X BOLSA, 35 MM","UN","CR"]
["MATERIAL",12737,"TE DE COBRE SEM ANEL DE SOLDA, BOLSA X BOLSA X BOLSA, 42 MM","UN","CR"]
["MATERIAL",12738,"TE DE COBRE SEM ANEL DE SOLDA, BOLSA X BOLSA X BOLSA, 54 MM","UN","CR"]
["MATERIAL",12739,"TE DE COBRE SEM ANEL DE SOLDA, BOLSA X BOLSA X BOLSA, 66 MM","UN","CR"]
["MATERIAL",12740,"TE DE COBRE SEM ANEL DE SOLDA, BOLSA X BOLSA X BOLSA, 79 MM","UN","CR"]
["MATERIAL",6297,"TE DE FERRO GALVANIZADO, DE 1 1/2\"","UN","CR"]
["MATERIAL",6296,"TE DE FERRO GALVANIZADO, DE 1 1/4\"","UN","CR"]
["MATERIAL",6323,"TE DE FERRO GALVANIZADO, DE 1\"","UN","CR"]
["MATERIAL",6294,"TE DE FERRO GALVANIZADO, DE 1/2\"","UN","CR"]
["MATERIAL",6299,"TE DE FERRO GALVANIZADO, DE 2 1/2\"","UN","CR",276.5]
["MATERIAL",6298,"TE DE FERRO GALVANIZADO, DE 2\"","UN","CR",3.96]
["MATERIAL",6322,"TE DE FERRO GALVANIZADO, DE 3\"","UN","CR",4.9400000000000004]
["MATERIAL",6295,"TE DE FERRO GALVANIZADO, DE 3/4\"","UN","CR",9.9]
["MATERIAL",6300,"TE DE FERRO GALVANIZADO, DE 4\"","UN","CR",37.74]
["MATERIAL",6321,"TE DE FERRO GALVANIZADO, DE 5\"","UN","CR",48.49]
["MATERIAL",6301,"TE DE FERRO GALVANIZADO, DE 6\"","UN","CR",80.97]
["MATERIAL",7105,"TE DE INSPECAO, PVC, 100 X 75 MM, SERIE NORMAL PARA ESGOTO PREDIAL","UN","CR",190.36]
["MATERIAL",20183,"TE DE INSPECAO, PVC, SERIE R, 100 X 75 MM, PARA ESGOTO PREDIAL","UN","CR",221.37]
["MATERIAL",38448,"TE DE INSPECAO, PVC, SERIE R, 150 X 100 MM, PARA ESGOTO PREDIAL","UN","CR"]
["MATERIAL",20182,"TE DE INSPECAO, PVC, SERIE R, 75 X 75 MM, PARA ESGOTO PREDIAL","UN","CR"]
["MATERIAL",7119,"TE DE REDUCAO COM ROSCA, PVC, 90 GRAUS, 1 X 3/4\", PARA AGUA FRIA PREDIAL","UN","CR"]
["MATERIAL",7126,"TE DE REDUCAO COM ROSCA, PVC, 90 GRAUS, 1.1/2\" X 3/4\", AGUA FRIA PREDIAL","UN","CR"]
["MATERIAL",7120,"TE DE REDUCAO COM ROSCA, PVC, 90 GRAUS, 3/4 X 1/2\", PARA AGUA FRIA PREDIAL","UN","CR"]
["MATERIAL",6319,"TE DE REDUCAO DE FERRO GALVANIZADO, COM ROSCA BSP, DE 1 1/2\" X 1\"","UN","CR"]
["MATERIAL",6304,"TE DE REDUCAO DE FERRO GALVANIZADO, COM ROSCA BSP, DE 1 1/2\" X 3/4\"","UN","CR"]
["MATERIAL",21116,"TE DE REDUCAO DE FERRO GALVANIZADO, COM ROSCA BSP, DE 1 1/4\" X 3/4\"","UN","CR"]
["MATERIAL",6320,"TE DE REDUCAO DE FERRO GALVANIZADO, COM ROSCA BSP, DE 1\" X 1/2\"","UN","CR"]
["MATERIAL",6303,"TE DE REDUCAO DE FERRO GALVANIZADO, COM ROSCA BSP, DE 1\" X 3/4\"","UN","CR"]
["MATERIAL",6308,"TE DE REDUCAO DE FERRO GALVANIZADO, COM ROSCA BSP, DE 2 1/2\" X 1 1/2\"","UN","CR"]
["MATERIAL",6317,"TE DE REDUCAO DE FERRO GALVANIZADO, COM ROSCA BSP, DE 2 1/2\" X 1 1/4\"","UN","CR"]
["MATERIAL",6307,"TE DE REDUCAO DE FERRO GALVANIZADO, COM ROSCA BSP, DE 2 1/2\" X 1\"","UN","CR"]
["MATERIAL",6309,"TE DE REDUCAO DE FERRO GALVANIZADO, COM ROSCA BSP, DE 2 1/2\" X 2\"","UN","CR"]
["MATERIAL",6318,"TE DE REDUCAO DE FERRO GALVANIZADO, COM ROSCA BSP, DE 2\" X 1 1/2\"","UN","CR"]
["MATERIAL",6306,"TE DE REDUCAO DE FERRO GALVANIZADO, COM ROSCA BSP, DE 2\" X 1 1/4\"","UN","CR"]
["MATERIAL",6305,"TE DE REDUCAO DE FERRO GALVANIZADO, COM ROSCA BSP, DE 2\" X 1\"","UN","CR"]
["MATERIAL",6312,"TE DE REDUCAO DE FERRO GALVANIZADO, COM ROSCA BSP, DE 3\" X 1 1/2\"","UN","CR"]
["MATERIAL",6311,"TE DE REDUCAO DE FERRO GALVANIZADO, COM ROSCA BSP, DE 3\" X 1 1/4\"","UN","CR"]
["MATERIAL",6310,"TE DE REDUCAO DE FERRO GALVANIZADO, COM ROSCA BSP, DE 3\" X 1\"","UN","CR"]
["MATERIAL",6314,"TE DE REDUCAO DE FERRO GALVANIZADO, COM ROSCA BSP, DE 3\" X 2 1/2\"","UN","CR",32.35]
["MATERIAL",6313,"TE DE REDUCAO DE FERRO GALVANIZADO, COM ROSCA BSP, DE 3\" X 2\"","UN","CR",39.86]
["MATERIAL",6302,"TE DE REDUCAO DE FERRO GALVANIZADO, COM ROSCA BSP, DE 3/4\" X 1/2\"","UN","CR",180.88]
["MATERIAL",6315,"TE DE REDUCAO DE FERRO GALVANIZADO, COM ROSCA BSP, DE 4\" X 2\"","UN","CR",23.17]
["MATERIAL",6316,"TE DE REDUCAO DE FERRO GALVANIZADO, COM ROSCA BSP, DE 4\" X 3\"","UN","CR",11.1]
["MATERIAL",39324,"TE DE REDUCAO, CPVC, 22 X 15 MM, PARA AGUA QUENTE PREDIAL","UN","CR",22.66]
["MATERIAL",39325,"TE DE REDUCAO, CPVC, 28 X 22 MM, PARA AGUA QUENTE PREDIAL","UN","CR",8.52]
["MATERIAL",39326,"TE DE REDUCAO, CPVC, 35 X 28 MM, PARA AGUA QUENTE PREDIAL","UN","CR"]
["MATERIAL",39327,"TE DE REDUCAO, CPVC, 42 X 35 MM, PARA AGUA QUENTE PREDIAL","UN","CR"]
["MATERIAL",11378,"TE DE REDUCAO, PVC PBA, BBB, JE, DN 100 X 50 / DE 110 X 60 MM, PARA REDE DE AGUA","UN","CR"]
["MATERIAL",11379,"TE DE REDUCAO, PVC PBA, BBB, JE, DN 100 X 75 / DE 110 X 85 MM, PARA REDE DE AGUA","UN","CR"]
["MATERIAL",11493,"TE DE REDUCAO, PVC PBA, BBB, JE, DN 75 X 50 / DE 85 X 60 MM, PARA REDE DE AGUA","UN","CR"]
["MATERIAL",7106,"TE DE REDUCAO, PVC, SOLDAVEL, 90 GRAUS, 110 MM X 60 MM, PARA AGUA FRIA PREDIAL","UN","CR"]
["MATERIAL",7104,"TE DE REDUCAO, PVC, SOLDAVEL, 90 GRAUS, 25 MM X 20 MM, PARA AGUA FRIA PREDIAL","UN","CR"]
["MATERIAL",7136,"TE DE REDUCAO, PVC, SOLDAVEL, 90 GRAUS, 32 MM X 25 MM, PARA AGUA FRIA PREDIAL","UN","CR"]
["MATERIAL",7128,"TE DE REDUCAO, PVC, SOLDAVEL, 90 GRAUS, 40 MM X 32 MM, PARA AGUA FRIA PREDIAL","UN","CR"]
["MATERIAL",7108,"TE DE REDUCAO, PVC, SOLDAVEL, 90 GRAUS, 50 MM X 20 MM, PARA AGUA FRIA PREDIAL","UN","CR"]
["MATERIAL",7129,"TE DE REDUCAO, PVC, SOLDAVEL, 90 GRAUS, 50 MM X 25 MM, PARA AGUA FRIA PREDIAL","UN","CR"]
["MATERIAL",7130,"TE DE REDUCAO, PVC, SOLDAVEL, 90 GRAUS, 50 MM X 32 MM, PARA AGUA FRIA PREDIAL","UN","CR"]
["MATERIAL",7131,"TE DE REDUCAO, PVC, SOLDAVEL, 90 GRAUS, 50 MM X 40 MM, PARA AGUA FRIA PREDIAL","UN","CR"]
["MATERIAL",7132,"TE DE REDUCAO, PVC, SOLDAVEL, 90 GRAUS, 75 MM X 50 MM, PARA AGUA FRIA PREDIAL","UN","CR"]
["MATERIAL",7133,"TE DE REDUCAO, PVC, SOLDAVEL, 90 GRAUS, 85 MM X 60 MM, PARA AGUA FRIA PREDIAL","UN","CR"]
["MATERIAL",37422,"TE DE SERVICO INTEGRADO, EM POLIPROPILENO (PP), PARA TUBOS EM PEAD, 63 X 20 MM - LIGACAO PREDIAL DE AGUA","UN","CR"]
["MATERIAL",37420,"TE DE SERVICO INTEGRADO, EM POLIPROPILENO (PP), PARA TUBOS EM PEAD/PVC, 60 X 20 MM - LIGACAO PREDIAL DE AGUA","UN","CR"]
["MATERIAL",37421,"TE DE SERVICO INTEGRADO, EM POLIPROPILENO (PP), PARA TUBOS EM PEAD/PVC, 60 X 32 MM - LIGACAO PREDIAL DE AGUA","UN","CR"]
["MATERIAL",37443,"TE DE SERVICO, PEAD PE 100, DE 125 X 20 MM, PARA ELETROFUSAO","UN","CR"]
["MATERIAL",37444,"TE DE SERVICO, PEAD PE 100, DE 125 X 32 MM, PARA ELETROFUSAO","UN","CR"]
["MATERIAL",37445,"TE DE SERVICO, PEAD PE 100, DE 125 X 63 MM, PARA ELETROFUSAO","UN","CR",5.16]
["MATERIAL",37446,"TE DE SERVICO, PEAD PE 100, DE 200 X 20 MM, PARA ELETROFUSAO","UN","CR",7.78]
["MATERIAL",37447,"TE DE SERVICO, PEAD PE 100, DE 200 X 32 MM, PARA ELETROFUSAO","UN","CR",27.91]
["MATERIAL",37448,"TE DE SERVICO, PEAD PE 100, DE 200 X 63 MM, PARA ELETROFUSAO","UN","CR",42.11]
["MATERIAL",37440,"TE DE SERVICO, PEAD PE 100, DE 63 X 20 MM, PARA ELETROFUSAO","UN","CR"]
["MATERIAL",37441,"TE DE SERVICO, PEAD PE 100, DE 63 X 32 MM, PARA ELETROFUSAO","UN","CR"]
["MATERIAL",37442,"TE DE SERVICO, PEAD PE 100, DE 63 X 63 MM, PARA ELETROFUSAO","UN","CR"]
["MATERIAL",38017,"TE DE TRANSICAO, CPVC, SOLDAVEL, 15 MM X 1/2\", PARA AGUA QUENTE","UN","CR",140.22999999999999]
["MATERIAL",38018,"TE DE TRANSICAO, CPVC, SOLDAVEL, 22 MM X 1/2\", PARA AGUA QUENTE","UN","CR",3.78]
["MATERIAL",39895,"TE DUPLA CURVA BRONZE/LATAO SEM ANEL DE SOLDA, ROSCA F X BOLSA X ROSCA F, 1/2\" X 15 X 1/2\"","UN","CR",6.58]
["MATERIAL",39896,"TE DUPLA CURVA BRONZE/LATAO SEM ANEL DE SOLDA, ROSCA F X BOLSA X ROSCA F, 3/4\" X 22 X 3/4\"","UN","CR",8.5399999999999991]
["MATERIAL",38873,"TE METALICO, PARA CONEXAO COM ANEL DESLIZANTE, DN 16 MM, EM TUBO PEX PARA INST. AGUA QUENTE/FRIA","UN","CR",8.52]
["MATERIAL",38874,"TE METALICO, PARA CONEXAO COM ANEL DESLIZANTE, DN 20 MM, EM TUBO PEX PARA INST. AGUA QUENTE/FRIA","UN","CR",10.02]
["MATERIAL",38875,"TE METALICO, PARA CONEXAO COM ANEL DESLIZANTE, DN 25 MM, EM TUBO PEX PARA INST. AGUA QUENTE/FRIA","UN","CR",14.57]
["MATERIAL",38876,"TE METALICO, PARA CONEXAO COM ANEL DESLIZANTE, DN 32 MM, EM TUBO PEX PARA INST. AGUA QUENTE/FRIA","UN","CR",17.809999999999999]
["MATERIAL",39000,"TE MISTURADOR COM INSERTO METALICO, FEMEA, PPR, DN 25 MM X 3/4\", PARA AGUA QUENTE E FRIA PREDIAL","UN","CR",41.94]
["MATERIAL",38674,"TE MISTURADOR DE TRANSICAO, CPVC, COM ROSCA, 22 MM X 3/4\", PARA AGUA QUENTE","UN","CR",96.92]
["MATERIAL",38019,"TE MISTURADOR, CPVC, SOLDAVEL, 15 MM, PARA AGUA QUENTE","UN","CR"]
["MATERIAL",38020,"TE MISTURADOR, CPVC, SOLDAVEL, 22 MM, PARA AGUA QUENTE","UN","CR"]
["MATERIAL",38454,"TE MISTURADOR, PPR, F/M/M, DN 20 X 20 MM, PARA AGUA QUENTE PREDIAL","UN","CR"]
["MATERIAL",38455,"TE MISTURADOR, PPR, F/M/M, DN 25 X 25 MM, PARA AGUA QUENTE PREDIAL","UN","CR"]
["MATERIAL",38462,"TE NORMAL, PPR, F/F/F, SOLDAVEL, 90 GRAUS, DN 110 X 110 X 110 MM, PARA AGUA QUENTE PREDIAL","UN","CR"]
["MATERIAL",36362,"TE NORMAL, PPR, F/F/F, SOLDAVEL, 90 GRAUS, DN 20 X 20 X 20 MM, PARA AGUA QUENTE PREDIAL","UN","CR"]
["MATERIAL",36298,"TE NORMAL, PPR, F/F/F, SOLDAVEL, 90 GRAUS, DN 25 X 25 X 25 MM, PARA AGUA QUENTE PREDIAL","UN","CR"]
["MATERIAL",38456,"TE NORMAL, PPR, F/F/F, SOLDAVEL, 90 GRAUS, DN 32 X 32 X 32 MM, PARA AGUA QUENTE PREDIAL","UN","CR"]
["MATERIAL",38457,"TE NORMAL, PPR, F/F/F, SOLDAVEL, 90 GRAUS, DN 40 X 40 X 40 MM, PARA AGUA QUENTE PREDIAL","UN","CR"]
["MATERIAL",38458,"TE NORMAL, PPR, F/F/F, SOLDAVEL, 90 GRAUS, DN 50 X 50 X 50 MM, PARA AGUA QUENTE PREDIAL","UN","CR"]
["MATERIAL",38459,"TE NORMAL, PPR, F/F/F, SOLDAVEL, 90 GRAUS, DN 63 X 63 X 63 MM, PARA AGUA QUENTE PREDIAL","UN","CR"]
["MATERIAL",38460,"TE NORMAL, PPR, F/F/F, SOLDAVEL, 90 GRAUS, DN 75 X 75 X 75 MM, PARA AGUA QUENTE PREDIAL","UN","CR"]
["MATERIAL",38461,"TE NORMAL, PPR, F/F/F, SOLDAVEL, 90 GRAUS, DN 90 X 90 X 90 MM, PARA AGUA QUENTE PREDIAL","UN","CR",10.55]
["MATERIAL",7094,"TE PVC ROSCAVEL 90 GRAUS, 1\", PARA AGUA FRIA PREDIAL","UN","CR",11.86]
["MATERIAL",7116,"TE PVC SOLDAVEL, BBB, 90 GRAUS, DN 40 MM, PARA ESGOTO SECUNDARIO PREDIAL","UN","CR"]
["MATERIAL",7118,"TE PVC, ROSCAVEL, 90 GRAUS, 1 1/2\", AGUA FRIA PREDIAL","UN","CR"]
["MATERIAL",7098,"TE PVC, ROSCAVEL, 90 GRAUS, 1/2\", AGUA FRIA PREDIAL","UN","CR"]
["MATERIAL",7110,"TE PVC, ROSCAVEL, 90 GRAUS, 2\", AGUA FRIA PREDIAL","UN","CR"]
["MATERIAL",7123,"TE PVC, ROSCAVEL, 90 GRAUS, 3/4\", AGUA FRIA PREDIAL","UN","CR"]
["MATERIAL",7121,"TE PVC, SOLDAVEL, COM BUCHA DE LATAO NA BOLSA CENTRAL, 90 GRAUS, 20 MM X 1/2\", PARA AGUA FRIA PREDIAL","UN","CR"]
["MATERIAL",7137,"TE PVC, SOLDAVEL, COM BUCHA DE LATAO NA BOLSA CENTRAL, 90 GRAUS, 25 MM X 1/2\", PARA AGUA FRIA PREDIAL","UN","CR"]
["MATERIAL",7122,"TE PVC, SOLDAVEL, COM BUCHA DE LATAO NA BOLSA CENTRAL, 90 GRAUS, 25 MM X 3/4\", PARA AGUA FRIA PREDIAL","UN","CR",35.51]
["MATERIAL",7114,"TE PVC, SOLDAVEL, COM BUCHA DE LATAO NA BOLSA CENTRAL, 90 GRAUS, 32 MM X 3/4\", PARA AGUA FRIA PREDIAL","UN","CR",7.51]
["MATERIAL",7109,"TE PVC, SOLDAVEL, COM ROSCA NA BOLSA CENTRAL, 90 GRAUS, 20 MM X 1/2\", PARA AGUA FRIA PREDIAL","UN","CR",9.25]
["MATERIAL",7135,"TE PVC, SOLDAVEL, COM ROSCA NA BOLSA CENTRAL, 90 GRAUS, 25 MM X 1/2\", PARA AGUA FRIA PREDIAL","UN","CR"]
["MATERIAL",37947,"TE PVC, SOLDAVEL, COM ROSCA NA BOLSA CENTRAL, 90 GRAUS, 25 MM X 3/4\", PARA AGUA FRIA PREDIAL","UN","CR"]
["MATERIAL",7103,"TE PVC, SOLDAVEL, COM ROSCA NA BOLSA CENTRAL, 90 GRAUS, 32 MM X 3/4\", PARA AGUA FRIA PREDIAL","UN","CR"]
["MATERIAL",40419,"TE RANHURADO EM FERRO FUNDIDO, DN 50 (2\")","UN","CR"]
["MATERIAL",40420,"TE RANHURADO EM FERRO FUNDIDO, DN 65 (2 1/2\")","UN","CR"]
["MATERIAL",40421,"TE RANHURADO EM FERRO FUNDIDO, DN 80 (3\")","UN","CR"]
["MATERIAL",38905,"TE ROSCA FEMEA, METALICO, PARA CONEXAO COM ANEL DESLIZANTE, DN 16 MM X 1/2\", EM TUBO PEX PARA INST. AGUA QUENTE/FRIA","UN","CR"]
["MATERIAL",38907,"TE ROSCA FEMEA, METALICO, PARA CONEXAO COM ANEL DESLIZANTE, DN 20 MM X 1/2\", EM TUBO PEX PARA INST. AGUA QUENTE/FRIA","UN","CR"]
["MATERIAL",38910,"TE ROSCA FEMEA, METALICO, PARA CONEXAO COM ANEL DESLIZANTE, DN 25 MM X 3/4\", EM TUBO PEX PARA INST. AGUA QUENTE/FRIA","UN","CR"]
["MATERIAL",11655,"TE SANITARIO DE REDUCAO, PVC, DN 100 X 50 MM, SERIE NORMAL, PARA ESGOTO PREDIAL","UN","CR"]
["MATERIAL",11656,"TE SANITARIO DE REDUCAO, PVC, DN 100 X 75 MM, SERIE NORMAL PARA ESGOTO PREDIAL","UN","CR"]
["MATERIAL",7091,"TE SANITARIO, PVC, DN 100 X 100 MM, SERIE NORMAL, PARA ESGOTO PREDIAL","UN","CR",12.34]
["MATERIAL",37948,"TE SANITARIO, PVC, DN 40 X 40 MM, SERIE NORMAL, PARA ESGOTO PREDIAL","UN","CR",2.9]
["MATERIAL",7097,"TE SANITARIO, PVC, DN 50 X 50 MM, SERIE NORMAL, PARA ESGOTO PREDIAL","UN","CR",25.37]
["MATERIAL",11658,"TE SANITARIO, PVC, DN 75 X 75 MM, SERIE NORMAL PARA ESGOTO PREDIAL","UN","CR",3.77]
["MATERIAL",7146,"TE SOLDAVEL, PVC, 90 GRAUS, 110 MM, PARA AGUA FRIA PREDIAL (NBR 5648)","UN","CR",48.24]
["MATERIAL",7138,"TE SOLDAVEL, PVC, 90 GRAUS, 20 MM, PARA AGUA FRIA PREDIAL (NBR 5648)","UN","CR",4.5599999999999996]
["MATERIAL",7139,"TE SOLDAVEL, PVC, 90 GRAUS, 25 MM, PARA AGUA FRIA PREDIAL (NBR 5648)","UN","CR",9.02]
["MATERIAL",7140,"TE SOLDAVEL, PVC, 90 GRAUS, 32 MM, PARA AGUA FRIA PREDIAL (NBR 5648)","UN","CR",9.85]
["MATERIAL",7141,"TE SOLDAVEL, PVC, 90 GRAUS, 40 MM, PARA AGUA FRIA PREDIAL (NBR 5648)","UN","CR",10.85]
["MATERIAL",7143,"TE SOLDAVEL, PVC, 90 GRAUS, 60 MM, PARA AGUA FRIA PREDIAL (NBR 5648)","UN","CR",12.61]
["MATERIAL",7144,"TE SOLDAVEL, PVC, 90 GRAUS, 75 MM, PARA AGUA FRIA PREDIAL (NBR 5648)","UN","CR",2.5]
["MATERIAL",7145,"TE SOLDAVEL, PVC, 90 GRAUS, 85 MM, PARA AGUA FRIA PREDIAL (NBR 5648)","UN","CR",5.12]
["MATERIAL",7142,"TE SOLDAVEL, PVC, 90 GRAUS,50 MM, PARA AGUA FRIA PREDIAL (NBR 5648)","UN","CR",4.16]
["MATERIAL",39322,"TE, PLASTICO, DN 16 MM, PARA CONEXAO COM CRIMPAGEM, EM TUBO PEX PARA INST. AGUA QUENTE/FRIA","UN","CR",13.57]
["MATERIAL",39289,"TE, PLASTICO, DN 20 MM, PARA CONEXAO COM CRIMPAGEM, EM TUBO PEX PARA INST. AGUA QUENTE/FRIA","UN","CR"]
["MATERIAL",39290,"TE, PLASTICO, DN 25 MM, PARA CONEXAO COM CRIMPAGEM, EM TUBO PEX PARA INST. AGUA QUENTE/FRIA","UN","CR"]
["MATERIAL",39291,"TE, PLASTICO, DN 32 MM, PARA CONEXAO COM CRIMPAGEM, EM TUBO PEX PARA INST. AGUA QUENTE/FRIA","UN","CR"]
["MATERIAL",41892,"TE, PVC PBA, BBB, 90 GRAUS, DN 100 / DE 110 MM, PARA REDE DE AGUA","UN","CR"]
["MATERIAL",7048,"TE, PVC PBA, BBB, 90 GRAUS, DN 50 / DE 60 MM, PARA REDE DE AGUA","UN","CR"]
["MATERIAL",7088,"TE, PVC PBA, BBB, 90 GRAUS, DN 75 / DE 85 MM, PARA REDE DE AGUA","UN","CR"]
["MATERIAL",7070,"TE, PVC, 90 GRAUS, BBB, JE, DN 200 MM, PARA REDE COLETORA ESGOTO","UN","CR",13.41]
["MATERIAL",20179,"TE, PVC, SERIE R, 100 X 100 MM, PARA ESGOTO PREDIAL","UN","CR",15.39]
["MATERIAL",20178,"TE, PVC, SERIE R, 100 X 75 MM, PARA ESGOTO PREDIAL","UN","CR",12.61]
["MATERIAL",20180,"TE, PVC, SERIE R, 150 X 100 MM, PARA ESGOTO PREDIAL","UN","CR",2.92]
["MATERIAL",20181,"TE, PVC, SERIE R, 150 X 150 MM, PARA ESGOTO PREDIAL","UN","CR",5.92]
["MATERIAL",20177,"TE, PVC, SERIE R, 75 X 75 MM, PARA ESGOTO PREDIAL","UN","CR",13.09]
["MAO DE OBRA",40945,"TECNICO DE EDIFICACOES (HORISTA)","H","CR",165.13]
["MAO DE OBRA",40946,"TECNICO DE EDIFICACOES (MENSALISTA)","MES","CR",1.04]
["MAO DE OBRA",7153,"TECNICO EM LABORATORIO E CAMPO DE CONSTRUCAO CIVIL (HORISTA)","H","CR",1.18]
["MAO DE OBRA",41089,"TECNICO EM LABORATORIO E CAMPO DE CONSTRUCAO CIVIL (MENSALISTA)","MES","CR",3.71]
["MAO DE OBRA",40943,"TECNICO EM SEGURANCA DO TRABALHO (HORISTA)","H","CR",9.08]
["MAO DE OBRA",40944,"TECNICO EM SEGURANCA DO TRABALHO (MENSALISTA)","MES","CR",30.48]
["MAO DE OBRA",6175,"TECNICO EM SONDAGEM (HORISTA)","H","CR",56.56]
["MAO DE OBRA",41092,"TECNICO EM SONDAGEM (MENSALISTA)","MES","CR",76.900000000000006]
["MATERIAL",37712,"TELA ARAME GALVANIZADO REVESTIDO COM POLIMERO, MALHA HEXAGONAL DUPLA TORCAO, 8 X 10 CM (ZN/AL REVESTIDO COM POLIMERO), FIO *2,4* MM","M2","CR",9.5]
["MATERIAL",34558,"TELA DE ACO SOLDADA GALVANIZADA/ZINCADA PARA ALVENARIA, FIO D = *1,20 A 1,70* MM, MALHA 15 X 15 MM, (C X L) *50 X 10,5* CM","M","CR"]
["MATERIAL",34547,"TELA DE ACO SOLDADA GALVANIZADA/ZINCADA PARA ALVENARIA, FIO D = *1,20 A 1,70* MM, MALHA 15 X 15 MM, (C X L) *50 X 12* CM","M","CR"]
["MATERIAL",34548,"TELA DE ACO SOLDADA GALVANIZADA/ZINCADA PARA ALVENARIA, FIO D = *1,20 A 1,70* MM, MALHA 15 X 15 MM, (C X L) *50 X 17,5* CM","M","CR"]
["MATERIAL",34550,"TELA DE ACO SOLDADA GALVANIZADA/ZINCADA PARA ALVENARIA, FIO D = *1,20 A 1,70* MM, MALHA 15 X 15 MM, (C X L) *50 X 6* CM","M","CR"]
["MATERIAL",34557,"TELA DE ACO SOLDADA GALVANIZADA/ZINCADA PARA ALVENARIA, FIO D = *1,20 A 1,70* MM, MALHA 15 X 15 MM, (C X L) *50 X 7,5* CM","M","CR"]
["MATERIAL",37411,"TELA DE ACO SOLDADA GALVANIZADA/ZINCADA PARA ALVENARIA, FIO D = *1,24 MM, MALHA 25 X 25 MM","M2","CR"]
["MATERIAL",39508,"TELA DE ACO SOLDADA NERVURADA, CA-60, L-159, (1,69 KG/M2), DIAMETRO DO FIO = 4,5 MM, LARGURA = 2,45 M, ESPACAMENTO DA MALHA = 30 X 10 CM","M2","CR"]
["MATERIAL",39507,"TELA DE ACO SOLDADA NERVURADA, CA-60, Q-113, (1,8 KG/M2), DIAMETRO DO FIO = 3,8 MM, LARGURA = 2,45 M, ESPACAMENTO DA MALHA = 10 X 10 CM","M2","CR",162.25]
["MATERIAL",7155,"TELA DE ACO SOLDADA NERVURADA, CA-60, Q-138, (2,20 KG/M2), DIAMETRO DO FIO = 4,2 MM, LARGURA = 2,45 M, ESPACAMENTO DA MALHA = 10 X 10 CM","M2","CR",34.51]
["MATERIAL",42406,"TELA DE ACO SOLDADA NERVURADA, CA-60, Q-159, (2,52 KG/M2), DIAMETRO DO FIO = 4,5 MM, LARGURA = 2,45 M, ESPACAMENTO DA MALHA = 10 X 10 CM","M2","CR",41.36]
["MATERIAL",7156,"TELA DE ACO SOLDADA NERVURADA, CA-60, Q-196, (3,11 KG/M2), DIAMETRO DO FIO = 5,0 MM, LARGURA = 2,45 M, ESPACAMENTO DA MALHA = 10 X 10 CM","M2","C",68.27]
["MATERIAL",43127,"TELA DE ACO SOLDADA NERVURADA, CA-60, Q-283 (4,48 KG/M2), DIAMETRO DO FIO = 6,0 MM, LARGURA = 2,45 X 6,00 M DE COMPRIMENTO, ESPACAMENTO DA MALHA = 10 X 10 CM","M2","CR",91.41]
["MATERIAL",10917,"TELA DE ACO SOLDADA NERVURADA, CA-60, Q-61, (0,97 KG/M2), DIAMETRO DO FIO = 3,4 MM, LARGURA = 2,45 M, ESPACAMENTO DA MALHA = 15 X 15 CM","M2","CR",22.61]
["MATERIAL",21141,"TELA DE ACO SOLDADA NERVURADA, CA-60, Q-92, (1,48 KG/M2), DIAMETRO DO FIO = 4,2 MM, LARGURA = 2,45 X 60 M DE COMPRIMENTO, ESPACAMENTO DA MALHA = 15 X 15 CM","M2","CR",23.43]
["MATERIAL",39509,"TELA DE ACO SOLDADA NERVURADA, CA-60, T-196, (2,11 KG/M2), DIAMETRO DO FIO = 5,0 MM, LARGURA = 2,45 M, ESPACAMENTO DA MALHA = 30 X 10 CM","M2","CR",4104.29]
["MATERIAL",44529,"TELA DE ANIAGEM ( JUTA)","M2","CR",29.55]
["MATERIAL",7167,"TELA DE ARAME GALVANIZADA QUADRANGULAR / LOSANGULAR, FIO 2,11 MM (14 BWG), MALHA 5 X 5 CM, H = 2 M","M2","CR",5173.07]
["MATERIAL",10928,"TELA DE ARAME GALVANIZADA QUADRANGULAR / LOSANGULAR, FIO 2,11 MM (14 BWG), MALHA 8 X 8 CM, H = 2 M","M2","CR",28.22]
["MATERIAL",10933,"TELA DE ARAME GALVANIZADA QUADRANGULAR / LOSANGULAR, FIO 2,77 MM (12 BWG), MALHA 10 X 10 CM, H = 2 M","M2","CR",4940.9399999999996]
["MATERIAL",7158,"TELA DE ARAME GALVANIZADA QUADRANGULAR / LOSANGULAR, FIO 2,77 MM (12 BWG), MALHA 5 X 5 CM, H = 2 M","M2","C",33.82]
["MATERIAL",10927,"TELA DE ARAME GALVANIZADA QUADRANGULAR / LOSANGULAR, FIO 2,77 MM (12 BWG), MALHA 8 X 8 CM, H = 2 M","M2","CR",5922.02]
["MATERIAL",7162,"TELA DE ARAME GALVANIZADA QUADRANGULAR / LOSANGULAR, FIO 3,4 MM (10 BWG), MALHA 5 X 5 CM, H = 2 M","M2","CR",51.44]
["MATERIAL",10932,"TELA DE ARAME GALVANIZADA QUADRANGULAR / LOSANGULAR, FIO 4,19 MM (8 BWG), MALHA 5 X 5 CM, H = 2 M","M2","CR",2.96]
["MATERIAL",10937,"TELA DE ARAME GALVANIZADA REVESTIDA EM PVC, QUADRANGULAR / LOSANGULAR, FIO 2,11 MM (14 BWG), BITOLA FINAL = *2,8* MM, MALHA *8 X 8* CM, H = 2 M","M2","CR",3.64]
["MATERIAL",10935,"TELA DE ARAME GALVANIZADA REVESTIDA EM PVC, QUADRANGULAR / LOSANGULAR, FIO 2,77 MM (12 BWG), BITOLA FINAL = *3,8* MM, MALHA 7,5 X 7,5 CM, H = 2 M","M2","CR",5.97]
["MATERIAL",10931,"TELA DE ARAME GALVANIZADA, HEXAGONAL, FIO 0,56 MM (24 BWG), MALHA 1/2\", H = 1 M","M2","CR",1.57]
["MATERIAL",7164,"TELA DE ARAME ONDULADA, FIO *2,77* MM (12 BWG), MALHA 5 X 5 CM, H = 2 M","M2","CR",2.2999999999999998]
["MATERIAL",36887,"TELA DE FIBRA DE VIDRO, ACABAMENTO ANTI-ALCALINO, MALHA 10 X 10 MM","M2","CR",16.86]
["MATERIAL",34630,"TELA EM MALHA HEXAGONAL DE DUPLA TORCAO 8 X 10 CM (ZN/AL REVESTIDO COM POLIMERO), FIO 2,7 MM, COM GEOMANTA OU BIOMANTA, DIMENSOES 4,0 X 2,0 X 0,6 M, COM INCLINACAO DE 70 GRAUS, PARA SOLO REFORCADO","UN","CR",9.4700000000000006]
["MATERIAL",7161,"TELA EM METAL PARA ESTUQUE (DEPLOYE)","M2","CR",14.13]
["MATERIAL",7170,"TELA FACHADEIRA EM POLIETILENO, ROLO DE 3 X 100 M (L X C), COR BRANCA, SEM LOGOMARCA - PARA PROTECAO DE OBRAS","M2","CR",18.13]
["MATERIAL",37524,"TELA PLASTICA LARANJA, TIPO TAPUME PARA SINALIZACAO, MALHA RETANGULAR, ROLO 1.20 X 50 M (L X C)","M","C",20.79]
["MATERIAL",37525,"TELA PLASTICA TECIDA LISTRADA BRANCA E LARANJA, TIPO GUARDA CORPO, EM POLIETILENO MONOFILADO, ROLO 1,20 X 50 M (L X C)","M","CR",26.02]
["MATERIAL",36789,"TELHA CERAMICA TIPO AMERICANA, COMPRIMENTO DE *45* CM, RENDIMENTO DE *12* TELHAS/M2","UN","CR",37.24]
["MATERIAL",7173,"TELHA DE BARRO / CERAMICA, NAO ESMALTADA, TIPO COLONIAL, CANAL, PLAN, PAULISTA, COMPRIMENTO DE *44 A 50* CM, RENDIMENTO DE COBERTURA DE *26* TELHAS/M2","MIL","C",7.86]
["MATERIAL",7175,"TELHA DE BARRO / CERAMICA, NAO ESMALTADA, TIPO ROMANA, AMERICANA, PORTUGUESA, FRANCESA, COMPRIMENTO DE *41* CM, RENDIMENTO DE *16* TELHAS/M2","UN","CR",12.17]
["MATERIAL",40741,"TELHA DE CONCRETO TIPO CLASSICA, COR CINZA, COMPRIMENTO DE *42* CM, RENDIMENTO DE *10* TELHAS/M2","UN","CR",11.7]
["MATERIAL",7184,"TELHA DE FIBRA DE VIDRO ONDULADA, TRANSLUCIDA / INCOLOR, E = *0,6* MM, DE *0,50 X 2,44* M (L X C)","M2","C",10.77]
["MATERIAL",34458,"TELHA DE FIBROCIMENTO E = 6 MM, DE 3,00 X 1,06 M (SEM AMIANTO)","UN","CR",34.020000000000003]
["MATERIAL",34464,"TELHA DE FIBROCIMENTO E = 6 MM, DE 4,10 X 1,06 M (SEM AMIANTO)","UN","CR",19.55]
["MATERIAL",34468,"TELHA DE FIBROCIMENTO E = 6 MM, DE 4,60 X 1,06 M (SEM AMIANTO)","UN","CR",29.48]
["MATERIAL",34473,"TELHA DE FIBROCIMENTO E = 8 MM, DE 3,00 X 1,06 M (SEM AMIANTO)","UN","CR",50]
["MATERIAL",34480,"TELHA DE FIBROCIMENTO E = 8 MM, DE 4,10 X 1,06 M (SEM AMIANTO)","UN","CR",31.98]
["MATERIAL",34486,"TELHA DE FIBROCIMENTO E = 8 MM, DE 4,60 X 1,06 M (SEM AMIANTO)","UN","CR",78.239999999999995]
["MATERIAL",7190,"TELHA DE FIBROCIMENTO ONDULADA E = 4 MM, DE 1,22 X 0,50 M (SEM AMIANTO)","UN","CR",136.09]
["MATERIAL",34417,"TELHA DE FIBROCIMENTO ONDULADA E = 4 MM, DE 2,13 X 0,50 M (SEM AMIANTO)","UN","CR",34.979999999999997]
["MATERIAL",7213,"TELHA DE FIBROCIMENTO ONDULADA E = 4 MM, DE 2,44 X 0,50 M (SEM AMIANTO)","M2","CR",60.67]
["MATERIAL",7195,"TELHA DE FIBROCIMENTO ONDULADA E = 6 MM, DE 1,53 X 1,10 M (SEM AMIANTO)","UN","CR",17.059999999999999]
["MATERIAL",7186,"TELHA DE FIBROCIMENTO ONDULADA E = 6 MM, DE 1,83 X 1,10 M (SEM AMIANTO)","UN","C",56.47]
["MATERIAL",7194,"TELHA DE FIBROCIMENTO ONDULADA E = 6 MM, DE 2,44 X 1,10 M (SEM AMIANTO)","M2","CR",14.49]
["MATERIAL",7197,"TELHA DE FIBROCIMENTO ONDULADA E = 6 MM, DE 3,66 X 1,10 M (SEM AMIANTO)","UN","CR",836.07]
["MATERIAL",7192,"TELHA DE FIBROCIMENTO ONDULADA E = 8 MM, DE 1,53 X 1,10 M (SEM AMIANTO)","UN","CR",7.03]
["MATERIAL",7193,"TELHA DE FIBROCIMENTO ONDULADA E = 8 MM, DE 1,83 X 1,10 M (SEM AMIANTO)","UN","CR",3.5]
["MATERIAL",7189,"TELHA DE FIBROCIMENTO ONDULADA E = 8 MM, DE 2,44 X 1,10 M (SEM AMIANTO)","UN","CR",3.2]
["MATERIAL",34402,"TELHA DE FIBROCIMENTO ONDULADA E = 8 MM, DE 3,66 X 1,10 M (SEM AMIANTO)","UN","CR",4.38]
["MATERIAL",7245,"TELHA DE VIDRO TIPO FRANCESA, *39 X 23* CM","UN","CR",2.2999999999999998]
["MATERIAL",34425,"TELHA ESTRUTURAL DE FIBROCIMENTO 1 ABA, DE 0,52 X 2,00 M (SEM AMIANTO)","UN","CR",1490]
["MATERIAL",7223,"TELHA ESTRUTURAL DE FIBROCIMENTO 1 ABA, DE 0,52 X 2,50 M (SEM AMIANTO)","UN","CR",1.68]
["MATERIAL",7234,"TELHA ESTRUTURAL DE FIBROCIMENTO 1 ABA, DE 0,52 X 3,60 M (SEM AMIANTO)","UN","CR",3.11]
["MATERIAL",7224,"TELHA ESTRUTURAL DE FIBROCIMENTO 1 ABA, DE 0,52 X 4,00 M (SEM AMIANTO)","UN","CR"]
["MATERIAL",7225,"TELHA ESTRUTURAL DE FIBROCIMENTO 1 ABA, DE 0,52 X 5,00 M (SEM AMIANTO)","UN","CR",194.44]
["MATERIAL",7226,"TELHA ESTRUTURAL DE FIBROCIMENTO 1 ABA, DE 0,52 X 5,50 M (SEM AMIANTO)","UN","CR",289.43]
["MATERIAL",7227,"TELHA ESTRUTURAL DE FIBROCIMENTO 1 ABA, DE 0,52 X 6,50 M (SEM AMIANTO)","UN","CR",364.9]
["MATERIAL",7212,"TELHA ESTRUTURAL DE FIBROCIMENTO 1 ABA, DE 0,52 X 7,20 M (SEM AMIANTO)","UN","CR",221.36]
["MATERIAL",7229,"TELHA ESTRUTURAL DE FIBROCIMENTO 2 ABAS, DE 1,00 X 3,00 M (SEM AMIANTO)","UN","CR",409.07]
["MATERIAL",7230,"TELHA ESTRUTURAL DE FIBROCIMENTO 2 ABAS, DE 1,00 X 4,60 M (SEM AMIANTO)","UN","CR",484.33]
["MATERIAL",7231,"TELHA ESTRUTURAL DE FIBROCIMENTO 2 ABAS, DE 1,00 X 6,00 M (SEM AMIANTO)","UN","CR",16.170000000000002]
["MATERIAL",7220,"TELHA ESTRUTURAL DE FIBROCIMENTO 2 ABAS, DE 1,00 X 7,40 M (SEM AMIANTO)","UN","CR",25.88]
["MATERIAL",34447,"TELHA ESTRUTURAL DE FIBROCIMENTO 2 ABAS, DE 1,00 X 8,20 M (SEM AMIANTO)","UN","CR",23.73]
["MATERIAL",7233,"TELHA ESTRUTURAL DE FIBROCIMENTO 2 ABAS, DE 1,00 X 9,20 M (SEM AMIANTO)","UN","CR",69.680000000000007]
["MATERIAL",40740,"TELHA GALVALUME COM ISOLAMENTO TERMOACUSTICO EM ESPUMA RIGIDA DE POLIURETANO (PU) INJETADO, ESPESSURA DE 30 MM, DENSIDADE DE 35 KG/M3, REVESTIMENTO EM TELHA TRAPEZOIDAL NAS DUAS FACES COM ESPESSURA DE 0,50 MM CADA, ACABAMENTO NATURAL (NAO INCLUI ACESSORIOS DE FIXACAO)","M2","CR",75.900000000000006]
["MATERIAL",25007,"TELHA ONDULADA EM ACO ZINCADO, ALTURA DE 17 MM, ESPESSURA DE 0,50 MM, LARGURA UTIL DE APROXIMADAMENTE 985 MM, SEM PINTURA","M2","C",34.99]
["MATERIAL",43071,"TELHA TERMOISOLANTE REVESTIDA EM ACO GALVALUME, FACE SUPERIOR TRAPEZOIDAL E FACE INFERIOR PLANA (NAO INCLUI ACESSORIOS DE FIXACAO), REVEST COM ESPESSURA DE 0,50 MM, COM PRE-PINTURA DE COR BRANCA NAS DUAS FACES, NUCLEO EM POLIISOCIANURATO (PIR) COM ESPESSURA DE 50 MM","M2","CR",147.69999999999999]
["MATERIAL",39520,"TELHA TERMOISOLANTE REVESTIDA EM ACO GALVANIZADO, FACE SUPERIOR EM TELHA TRAPEZOIDAL E FACE INFERIOR EM CHAPA PLANA (SEM ACESSORIOS DE FIXACAO), REVESTIMENTO COM ESPESSURA DE 0,50 MM COM PRE-PINTURA NAS DUAS FACES, NUCLEO EM POLIESTIRENO (EPS) DE 30 MM","M2","CR",132.33000000000001]
["MATERIAL",39521,"TELHA TERMOISOLANTE REVESTIDA EM ACO GALVANIZADO, FACE SUPERIOR EM TELHA TRAPEZOIDAL E FACE INFERIOR EM CHAPA PLANA (SEM ACESSORIOS DE FIXACAO), REVESTIMENTO COM ESPESSURA DE 0,50 MM COM PRE-PINTURA NAS DUAS FACES, NUCLEO EM POLIESTIRENO (EPS) DE 50 MM","M2","CR",148.97999999999999]
["MATERIAL",39522,"TELHA TERMOISOLANTE REVESTIDA EM ACO GALVANIZADO, FACES SUPERIOR E INFERIOR EM TELHA TRAPEZOIDAL (SEM ACESSORIOS DE FIXACAO), REVESTIMENTO COM ESPESSURA DE 0,50 MM COM PRE-PINTURA NAS DUAS FACES, NUCLEO EM POLIESTIRENO (EPS) DE 50 MM","M2","CR",173.13]
["MATERIAL",7243,"TELHA TRAPEZOIDAL EM ACO ZINCADO, SEM PINTURA, ALTURA DE APROXIMADAMENTE 40 MM, ESPESSURA DE 0,50 MM E LARGURA UTIL DE 980 MM","M2","CR",244.43]
["MATERIAL",11067,"TELHA TRAPEZOIDAL EM ALUMINIO, ALTURA DE *38* MM E ESPESSURA DE 0,5 MM (LARGURA TOTAL DE 1056 MM E COMPRIMENTO DE 5000 MM)","UN","CR"]
["MATERIAL",11068,"TELHA TRAPEZOIDAL EM ALUMINIO, ALTURA DE *38* MM E ESPESSURA DE 0,7 MM (LARGURA TOTAL DE 1056 MM E COMPRIMENTO DE 5000 MM)","UN","CR",157.02000000000001]
["MATERIAL",7246,"TELHA VIDRO TIPO CANAL OU COLONIAL, C = 46 A 50 CM","UN","CR",174.98]
["MAO DE OBRA",12869,"TELHADOR / TELHADISTA (HORISTA)","H","CR",264.05]
["MAO DE OBRA",41097,"TELHADOR / TELHADISTA (MENSALISTA)","MES","CR",321.68]
["MATERIAL",1574,"TERMINAL A COMPRESSAO EM COBRE ESTANHADO PARA CABO 10 MM2, 1 FURO E 1 COMPRESSAO, PARA PARAFUSO DE FIXACAO M6","UN","CR",344.92]
["MATERIAL",1581,"TERMINAL A COMPRESSAO EM COBRE ESTANHADO PARA CABO 120 MM2, 1 FURO E 1 COMPRESSAO, PARA PARAFUSO DE FIXACAO M12","UN","CR",368.08]
["MATERIAL",1575,"TERMINAL A COMPRESSAO EM COBRE ESTANHADO PARA CABO 16 MM2, 1 FURO E 1 COMPRESSAO, PARA PARAFUSO DE FIXACAO M6","UN","CR",418.98]
["MATERIAL",1570,"TERMINAL A COMPRESSAO EM COBRE ESTANHADO PARA CABO 2,5 MM2, 1 FURO E 1 COMPRESSAO, PARA PARAFUSO DE FIXACAO M5","UN","CR",460.35]
["MATERIAL",1576,"TERMINAL A COMPRESSAO EM COBRE ESTANHADO PARA CABO 25 MM2, 1 FURO E 1 COMPRESSAO, PARA PARAFUSO DE FIXACAO M8","UN","CR",291.8]
["MATERIAL",1577,"TERMINAL A COMPRESSAO EM COBRE ESTANHADO PARA CABO 35 MM2, 1 FURO E 1 COMPRESSAO, PARA PARAFUSO DE FIXACAO M8","UN","CR",485.79]
["MATERIAL",1571,"TERMINAL A COMPRESSAO EM COBRE ESTANHADO PARA CABO 4 MM2, 1 FURO E 1 COMPRESSAO, PARA PARAFUSO DE FIXACAO M5","UN","CR",689.13]
["MATERIAL",1578,"TERMINAL A COMPRESSAO EM COBRE ESTANHADO PARA CABO 50 MM2, 1 FURO E 1 COMPRESSAO, PARA PARAFUSO DE FIXACAO M8","UN","CR",850.66]
["MATERIAL",1573,"TERMINAL A COMPRESSAO EM COBRE ESTANHADO PARA CABO 6 MM2, 1 FURO E 1 COMPRESSAO, PARA PARAFUSO DE FIXACAO M6","UN","CR",951.17]
["MATERIAL",1579,"TERMINAL A COMPRESSAO EM COBRE ESTANHADO PARA CABO 70 MM2, 1 FURO E 1 COMPRESSAO, PARA PARAFUSO DE FIXACAO M10","UN","CR",1091.1400000000001]
["MATERIAL",1580,"TERMINAL A COMPRESSAO EM COBRE ESTANHADO PARA CABO 95 MM2, 1 FURO E 1 COMPRESSAO, PARA PARAFUSO DE FIXACAO M12","UN","CR"]
["MATERIAL",39321,"TERMINAL DE VENTILACAO, 100 MM, SERIE NORMAL, ESGOTO PREDIAL","UN","CR"]
["MATERIAL",39319,"TERMINAL DE VENTILACAO, 50 MM, SERIE NORMAL, ESGOTO PREDIAL","UN","CR"]
["MATERIAL",39320,"TERMINAL DE VENTILACAO, 75 MM, SERIE NORMAL, ESGOTO PREDIAL","UN","CR"]
["MATERIAL",1542,"TERMINAL METALICO A PRESSAO 1 CABO, PARA CABOS DE 4 A 10 MM2, COM 2 FUROS PARA FIXACAO","UN","CR"]
["MATERIAL",1591,"TERMINAL METALICO A PRESSAO PARA 1 CABO DE 120 MM2, COM 1 FURO DE FIXACAO","UN","CR"]
["MATERIAL",1547,"TERMINAL METALICO A PRESSAO PARA 1 CABO DE 150 A 185 MM2, COM 2 FUROS PARA FIXACAO","UN","CR"]
["MATERIAL",38196,"TERMINAL METALICO A PRESSAO PARA 1 CABO DE 150 MM2, COM 1 FURO DE FIXACAO","UN","CR",532.38]
["MATERIAL",1543,"TERMINAL METALICO A PRESSAO PARA 1 CABO DE 16 A 25 MM2, COM 2 FUROS PARA FIXACAO","UN","CR",672.58]
["MATERIAL",1585,"TERMINAL METALICO A PRESSAO PARA 1 CABO DE 16 MM2, COM 1 FURO DE FIXACAO","UN","CR"]
["MATERIAL",1593,"TERMINAL METALICO A PRESSAO PARA 1 CABO DE 185 MM2, COM 1 FURO DE FIXACAO","UN","CR",22.17]
["MATERIAL",11838,"TERMINAL METALICO A PRESSAO PARA 1 CABO DE 240 MM2, COM 1 FURO DE FIXACAO","UN","CR",3882.82]
["MATERIAL",1594,"TERMINAL METALICO A PRESSAO PARA 1 CABO DE 25 A 35 MM2, COM 2 FUROS PARA FIXACAO","UN","CR",1.91]
["MATERIAL",1586,"TERMINAL METALICO A PRESSAO PARA 1 CABO DE 25 MM2, COM 1 FURO DE FIXACAO","UN","CR",13.28]
["MATERIAL",11839,"TERMINAL METALICO A PRESSAO PARA 1 CABO DE 300 MM2, COM 1 FURO DE FIXACAO","UN","CR",2.27]
["MATERIAL",1587,"TERMINAL METALICO A PRESSAO PARA 1 CABO DE 35 MM2, COM 1 FURO DE FIXACAO","UN","CR",1.1399999999999999]
["MATERIAL",1545,"TERMINAL METALICO A PRESSAO PARA 1 CABO DE 50 A 70 MM2, COM 2 FUROS PARA FIXACAO","UN","CR",3.14]
["MATERIAL",1588,"TERMINAL METALICO A PRESSAO PARA 1 CABO DE 50 MM2, COM 1 FURO DE FIXACAO","UN","CR",3.54]
["MATERIAL",1535,"TERMINAL METALICO A PRESSAO PARA 1 CABO DE 6 A 10 MM2, COM 1 FURO DE FIXACAO","UN","CR",1.48]
["MATERIAL",1589,"TERMINAL METALICO A PRESSAO PARA 1 CABO DE 70 MM2, COM 1 FURO DE FIXACAO","UN","CR",6.15]
["MATERIAL",1546,"TERMINAL METALICO A PRESSAO PARA 1 CABO DE 95 A 120 MM2, COM 2 FUROS PARA FIXACAO","UN","CR",1.77]
["MATERIAL",1590,"TERMINAL METALICO A PRESSAO PARA 1 CABO DE 95 MM2, COM 1 FURO DE FIXACAO","UN","CR",7.67]
["EQUIPAMENTO (AQUISIÇÃO)",38415,"TERMOFUSORA PARA TUBOS E CONEXOES EM PPR COM DIAMETROS DE 20 A 63 MM, POTENCIA DE 800 W, TENSAO 220 V","UN","CR",9.44]
["EQUIPAMENTO (AQUISIÇÃO)",38414,"TERMOFUSORA PARA TUBOS E CONEXOES EM PPR COM DIAMETROS DE 75 A 110 MM, POTENCIA DE *1100* W, TENSAO 220 V","UN","CR",17.29]
["MATERIAL",38128,"TERRA VEGETAL (ENSACADA)","KG","C",7.19]
["MATERIAL",7253,"TERRA VEGETAL (GRANEL)","M3","CR",13.83]
["MATERIAL",4806,"TESTEIRA ANTIDERRAPANTE PARA PISO VINILICO *5 X 2,5* CM, E = 2 MM","M","CR",26.16]
["MATERIAL",34401,"TIJOLO CERAMICO LAMINADO DE *5,5 X 11 X 23* CM (L X A X C), COM 21 FUROS","UN","CR",29.28]
["MATERIAL",7256,"TIJOLO CERAMICO MACICO APARENTE 2 FUROS DE *6,5 X 10 X 20* CM (L X A X C)","UN","CR",153.43]
["MATERIAL",7260,"TIJOLO CERAMICO MACICO APARENTE DE *6 X 12 X 24* CM (L X A X C)","UN","CR",29.88]
["MATERIAL",7258,"TIJOLO CERAMICO MACICO COMUM DE *5 X 10 X 20* CM (L X A X C)","UN","CR",31.76]
["MATERIAL",34400,"TIJOLO CERAMICO REFRATARIO DE *2,5 X 11,4 X 22,9* CM (L X A X C)","UN","CR",6.15]
["MATERIAL",10617,"TIJOLO CERAMICO REFRATARIO DE *6,3 X 11,4 X 22,9* CM (L X A X C)","UN","CR",32.659999999999997]
["MATERIAL",44261,"TIL CONDOMINIAL, PVC, DN 100 X 100 MM, PARA REDE COLETORA DE ESGOTO","UN","CR",43.09]
["MATERIAL",7274,"TIL PARA LIGACAO PREDIAL, EM PVC, JE, BBB, DN 100 X 100 MM, PARA REDE COLETORA ESGOTO","UN","CR",43.56]
["MATERIAL",44326,"TIL RADIAL, PVC, JE, BBB, DN 300 X 200 MM, PARA REDE COLETORA DE ESGOTO (NBR 10.569)","UN","CR",7.78]
["MATERIAL",154,"TINTA / REVESTIMENTO A BASE DE RESINA EPOXI COM ALCATRAO, BICOMPONENTE","L","CR",62.7]
["MATERIAL",38121,"TINTA A BASE DE RESINA ACRILICA EMULSIONADA EM AGUA, PARA SINALIZACAO HORIZONTAL VIARIA (NBR 13699:2012)","L","CR",7.92]
["MATERIAL",43776,"TINTA A OLEO BRILHANTE, PARA MADEIRAS E METAIS","L","CR",75.239999999999995]
["MATERIAL",7343,"TINTA ACRILICA A BASE DE SOLVENTE, PARA SINALIZACAO HORIZONTAL VIARIA (NBR 11862)","L","CR",10.87]
["MATERIAL",7348,"TINTA ACRILICA PREMIUM PARA PISO","L","CR",6.26]
["MATERIAL",7313,"TINTA ASFALTICA IMPERMEABILIZANTE DILUIDA EM SOLVENTE, PARA MATERIAIS CIMENTICIOS, METAL E MADEIRA","L","CR",11.22]
["MATERIAL",7319,"TINTA ASFALTICA IMPERMEABILIZANTE DISPERSA EM AGUA, PARA MATERIAIS CIMENTICIOS","L","CR",126.97]
["MATERIAL",7314,"TINTA BORRACHA CLORADA, ACABAMENTO SEMIBRILHO, QUALQUER COR","L","CR",19.75]
["MATERIAL",7304,"TINTA EPOXI BASE AGUA PREMIUM, BRANCA","L","CR",1110.46]
["MATERIAL",43649,"TINTA ESMALTE BASE AGUA PREMIUM ACETINADO","L","CR",1558.55]
["MATERIAL",43650,"TINTA ESMALTE BASE AGUA PREMIUM BRILHANTE","L","CR",0.64]
["MATERIAL",7311,"TINTA ESMALTE SINTETICO PREMIUM ACETINADO","L","CR",137.13999999999999]
["MATERIAL",7292,"TINTA ESMALTE SINTETICO PREMIUM BRILHANTE","L","C",25.71]
["MATERIAL",7293,"TINTA ESMALTE SINTETICO PREMIUM DE DUPLA ACAO GRAFITE FOSCO PARA SUPERFICIES METALICAS FERROSAS","L","CR",1.27]
["MATERIAL",7306,"TINTA ESMALTE SINTETICO PREMIUM DE EFEITO PROTETOR DE SUPERFICIE METALICA ALUMINIO","L","CR",0.9]
["MATERIAL",7288,"TINTA ESMALTE SINTETICO PREMIUM FOSCO","L","CR",1.71]
["MATERIAL",43625,"TINTA ESMALTE SINTETICO STANDARD ACETINADO","L","CR",0.44]
["MATERIAL",43647,"TINTA ESMALTE SINTETICO STANDARD BRILHANTE","L","CR",3.53]
["MATERIAL",43648,"TINTA ESMALTE SINTETICO STANDARD FOSCO","L","CR",4.55]
["MATERIAL",35693,"TINTA LATEX ACRILICA ECONOMICA, COR BRANCA","L","CR",114.87]
["MATERIAL",7356,"TINTA LATEX ACRILICA PREMIUM, COR BRANCO FOSCO","L","C",55.61]
["MATERIAL",35692,"TINTA LATEX ACRILICA STANDARD, COR BRANCA","L","CR",1201.1300000000001]
["MATERIAL",43624,"TINTA LATEX ACRILICA SUPER PREMIUM, COR BRANCO FOSCO","L","CR",75.84]
["MATERIAL",7342,"TINTA MINERAL IMPERMEAVEL EM PO, BRANCA","KG","CR",22.11]
["MATERIAL",7350,"TINTA/RESINA ACRILICA PREMIUM PARA CERAMICA, PEDRAS E OUTROS","L","CR",33.44]
["MATERIAL",39574,"TIRANTE COM ELO, EM ARAME GALVANIZADO RIGIDO, NUMERO 10, COMPRIMENTO 2000 MM, PARA PENDURAL DE FORRO REMOVIVEL","UN","CR",32.520000000000003]
["MATERIAL",11060,"TIRANTE EM FERRO GALVANIZADO PARA CONTRAVENTAMENTO DE TELHA CANALETE 90, 1/4\" X 400 MM","UN","CR",24.94]
["MATERIAL",37401,"TOALHEIRO PLASTICO TIPO DISPENSER PARA PAPEL TOALHA INTERFOLHADO","UN","CR",23.16]
["MATERIAL",38101,"TOMADA 2P+T 10A, 250V (APENAS MODULO)","UN","CR",13.25]
["MATERIAL",7528,"TOMADA 2P+T 10A, 250V, CONJUNTO MONTADO PARA EMBUTIR 4\" X 2\" (PLACA + SUPORTE + MODULO)","UN","C",77.290000000000006]
["MATERIAL",12147,"TOMADA 2P+T 10A, 250V, CONJUNTO MONTADO PARA SOBREPOR 4\" X 2\" (CAIXA + MODULO)","UN","CR",99.09]
["MATERIAL",38075,"TOMADA 2P+T 20A 250V, CONJUNTO MONTADO PARA EMBUTIR 4\" X 2\" (PLACA + SUPORTE + MODULO)","UN","CR",51.25]
["MATERIAL",38102,"TOMADA 2P+T 20A, 250V (APENAS MODULO)","UN","CR",48.43]
["MATERIAL",7525,"TOMADA INDUSTRIAL DE EMBUTIR 3P+T 30 A, 440 V, COM TRAVA, COM PLACA","UN","CR",49.61]
["MATERIAL",7524,"TOMADA INDUSTRIAL DE EMBUTIR 3P+T 30 A, 440 V, COM TRAVA, SEM PLACA","UN","CR",48.03]
["MATERIAL",38105,"TOMADA PARA ANTENA DE TV, CABO COAXIAL DE 9 MM (APENAS MODULO)","UN","CR",53.13]
["MATERIAL",38084,"TOMADA PARA ANTENA DE TV, CABO COAXIAL DE 9 MM, CONJUNTO MONTADO PARA EMBUTIR 4\" X 2\" (PLACA + SUPORTE + MODULO)","UN","CR",58.64]
["MATERIAL",38103,"TOMADA RJ11, 2 FIOS (APENAS MODULO)","UN","CR",48.69]
["MATERIAL",38082,"TOMADA RJ11, 2 FIOS, CONJUNTO MONTADO PARA EMBUTIR 4\" X 2\" (PLACA + SUPORTE + MODULO)","UN","CR",39.31]
["MATERIAL",38104,"TOMADA RJ45, 8 FIOS, CAT 5E (APENAS MODULO)","UN","CR",35.71]
["MATERIAL",38083,"TOMADA RJ45, 8 FIOS, CAT 5E, CONJUNTO MONTADO PARA EMBUTIR 4\" X 2\" (PLACA + SUPORTE + MODULO)","UN","CR",34.46]
["MATERIAL",38076,"TOMADAS (2 MODULOS) 2P+T 10A, 250V, CONJUNTO MONTADO PARA EMBUTIR 4\" X 2\" (PLACA + SUPORTE + MODULOS)","UN","CR",15.51]
["MAO DE OBRA",7592,"TOPOGRAFO (HORISTA)","H","C",37.18]
["MAO DE OBRA",40820,"TOPOGRAFO (MENSALISTA)","MES","CR",24.33]
["MATERIAL",11826,"TORNEIRA DE BOIA BALAO METALICO, VAZAO TOTAL, PARA CAIXA D'AGUA, AGUA QUENTE, ROSCA 1/2 \", COM HASTE, TORNEIRA E BALAO METALICOS","UN","CR",45.32]
["MATERIAL",7606,"TORNEIRA DE BOIA BALAO METALICO, VAZAO TOTAL, PARA CAIXA D'AGUA, AGUA QUENTE, ROSCA 3/4 \", COM HASTE, TORNEIRA E BALAO METALICOS","UN","CR",2.54]
["MATERIAL",11825,"TORNEIRA DE BOIA CONVENCIONAL PARA CAIXA D'AGUA, 1\", AGUA FRIA, COM HASTE E TORNEIRA METALICOS E BALAO PLASTICO","UN","CR",53.67]
["MATERIAL",11767,"TORNEIRA DE BOIA CONVENCIONAL PARA CAIXA D'AGUA, 2\", AGUA FRIA, COM HASTE E TORNEIRA METALICOS E BALAO PLASTICO","UN","CR",4.37]
["MATERIAL",11763,"TORNEIRA DE BOIA CONVENCIONAL PARA CAIXA D'AGUA, AGUA FRIA, 1.1/2\", COM HASTE E TORNEIRA METALICOS E BALAO PLASTICO","UN","CR",28.23]
["MATERIAL",11764,"TORNEIRA DE BOIA CONVENCIONAL PARA CAIXA D'AGUA, AGUA FRIA, 1.1/4\", COM HASTE E TORNEIRA METALICOS E BALAO PLASTICO","UN","CR",88.39]
["MATERIAL",11829,"TORNEIRA DE BOIA CONVENCIONAL PARA CAIXA D'AGUA, AGUA FRIA, 1/2\", COM HASTE E TORNEIRA METALICOS E BALAO PLASTICO","UN","CR",7.57]
["MATERIAL",11830,"TORNEIRA DE BOIA CONVENCIONAL PARA CAIXA D'AGUA, AGUA FRIA, 3/4\", COM HASTE E TORNEIRA METALICOS E BALAO PLASTICO","UN","CR",8.9]
["MATERIAL",11765,"TORNEIRA DE BOIA VAZAO TOTAL PARA CAIXA D'AGUA, AGUA FRIA, BITOLA 1\", COM HASTE E TORNEIRA METALICOS E BALAO PLASTICO","UN","CR",13.57]
["MATERIAL",11766,"TORNEIRA DE BOIA VAZAO TOTAL PARA CAIXA D'AGUA, AGUA FRIA, BITOLA 1/2\", COM HASTE E TORNEIRA METALICOS E BALAO PLASTICO","UN","CR",15.41]
["MATERIAL",11824,"TORNEIRA DE BOIA VAZAO TOTAL PARA CAIXA D'AGUA, AGUA FRIA, BITOLA 3/4\", COM HASTE E TORNEIRA METALICOS E BALAO PLASTICO","UN","CR",9.69]
["MATERIAL",44045,"TORNEIRA DE MESA PARA LAVATORIO, METALICA CROMADA, COM MISTURADOR MONOCOMANDO, BICA BAIXA","UN","CR",43.82]
["MATERIAL",39702,"TORNEIRA DE MESA PARA LAVATORIO, METALICA CROMADA, COM SENSOR DE APROXIMACAO ELETRICO, BIVOLT","UN","CR",41.29]
["MATERIAL",13415,"TORNEIRA DE MESA/BANCADA, PARA LAVATORIO, FIXA, METALICA CROMADA, PADRAO POPULAR, 1/2\" OU 3/4\"","UN","C",10.61]
["MATERIAL",7602,"TORNEIRA DE METAL AMARELO, PARA TANQUE / JARDIM, DE PAREDE, COM BICO PLASTICO, CANO CURTO, AREA EXTERNA, PADRAO POPULAR / USO GERAL, 1/2\" OU 3/4\"","UN","CR",15.06]
["MATERIAL",7603,"TORNEIRA DE METAL AMARELO, PARA TANQUE / JARDIM, DE PAREDE, SEM BICO, CANO CURTO, PADRAO POPULAR / USO GERAL, 1/2\" OU 3/4\"","UN","CR",15.92]
["MATERIAL",11777,"TORNEIRA ELETRICA DE PAREDE, PLASTICA, BICA ALTA, PARA COZINHA, 5500 W (110/220 V)","UN","CR",19.62]
["MATERIAL",13417,"TORNEIRA METALICA CROMADA CANO CURTO, SEM BICO, SEM AREJADOR, DE PAREDE, PARA TANQUE E USO GERAL, 1/2\" OU 3/4\"","UN","CR",31.18]
["MATERIAL",36791,"TORNEIRA METALICA CROMADA DE MESA PARA LAVATORIO, BICA ALTA, COM AREJADOR","UN","CR",34.619999999999997]
["MATERIAL",36795,"TORNEIRA METALICA CROMADA DE MESA PARA LAVATORIO, COM SENSOR DE PRESENCA A PILHA, COM AREJADOR EMBUTIDO","UN","CR",17.28]
["MATERIAL",36796,"TORNEIRA METALICA CROMADA DE MESA, PARA LAVATORIO, TEMPORIZADA PRESSAO FECHAMENTO AUTOMATICO, BICA BAIXA","UN","CR",29.68]
["MATERIAL",36792,"TORNEIRA METALICA CROMADA DE PAREDE LONGA PARA LAVATORIO, COM AREJADOR, ACIONAMENTO ALAVANCA, 1/4 DE VOLTA","UN","CR",5194.47]
["MATERIAL",11773,"TORNEIRA METALICA CROMADA DE PAREDE, PARA COZINHA, BICA MOVEL, COM AREJADOR, 1/2\" OU 3/4\"","UN","CR",42.59]
["MATERIAL",11762,"TORNEIRA METALICA CROMADA PARA JARDIM / TANQUE, COM BICO PLASTICO, CANO LONGO, DE PAREDE, PADRAO POPULAR / USO GERAL, 1/2\" OU 3/4\"","UN","CR",51.22]
["MATERIAL",7604,"TORNEIRA METALICA CROMADA PARA TANQUE / JARDIM, SEM BICO, CANO LONGO, DE PAREDE, PADRAO POPULAR / USO GERAL, 1/2\" OU 3/4\"","UN","CR",53.88]
["MATERIAL",13984,"TORNEIRA METALICA CROMADA, CANO CURTO, COM AREJADOR, SEM BICO PLASTICO, DE PAREDE, PARA USO GERAL, 1/2\" OU 3/4\"","UN","CR",143.52000000000001]
["MATERIAL",11772,"TORNEIRA METALICA CROMADA, DE MESA/BANCADA, PARA COZINHA, BICA MOVEL, COM AREJADOR, 1/2\" OU 3/4\"","UN","CR",111.86]
["MATERIAL",13983,"TORNEIRA METALICA CROMADA, RETA, DE PAREDE, PARA COZINHA, COM AREJADOR, PADRAO POPULAR, 1/2\" OU 3/4\"","UN","CR",91.77]
["MATERIAL",13416,"TORNEIRA METALICA CROMADA, RETA, DE PAREDE, PARA COZINHA, SEM BICO, SEM AREJADOR, PADRAO POPULAR, 1/2\" OU 3/4\"","UN","CR",22.18]
["MATERIAL",40329,"TORNEIRA PLASTICA DE BOIA CONVENCIONAL PARA CAIXA DE AGUA, AGUA FRIA, 3/4 \", COM HASTE METALICA E COM TORNEIRA E BALAO PLASTICOS (PADRAO POPULAR)","UN","C",23.95]
["MATERIAL",11823,"TORNEIRA PLASTICA DE BOIA PARA CAIXA DE DESCARGA, 1/2\", BALAO E TORNEIRA PLASTICOS, COM HASTE METALICA","UN","CR",61.16]
["MATERIAL",11822,"TORNEIRA PLASTICA DE MESA, BICA MOVEL, PARA COZINHA 1/2\"","UN","CR",33.450000000000003]
["MATERIAL",11831,"TORNEIRA PLASTICA PARA TANQUE 1/2\" OU 3/4\" COM BICO PARA MANGUEIRA","UN","CR",39.35]
["MATERIAL",45249,"TORNO/MORSA DE BANCADA NUMERO 4","UN","CR",363.69]
["MATERIAL",7613,"TRANSFORMADOR TRIFASICO DE DISTRIBUICAO, POTENCIA DE 1000 KVA, TENSAO NOMINAL DE 15 KV, TENSAO SECUNDARIA DE 220/127V, EM OLEO ISOLANTE TIPO MINERAL","UN","CR",2415.41]
["MATERIAL",7619,"TRANSFORMADOR TRIFASICO DE DISTRIBUICAO, POTENCIA DE 112,5 KVA, TENSAO NOMINAL DE 15 KV, TENSAO SECUNDARIA DE 220/127V, EM OLEO ISOLANTE TIPO MINERAL","UN","CR",79.3]
["MATERIAL",12076,"TRANSFORMADOR TRIFASICO DE DISTRIBUICAO, POTENCIA DE 15 KVA, TENSAO NOMINAL DE 15 KV, TENSAO SECUNDARIA DE 220/127V, EM OLEO ISOLANTE TIPO MINERAL","UN","CR",50.6]
["MATERIAL",7614,"TRANSFORMADOR TRIFASICO DE DISTRIBUICAO, POTENCIA DE 150 KVA, TENSAO NOMINAL DE 15 KV, TENSAO SECUNDARIA DE 220/127V, EM OLEO ISOLANTE TIPO MINERAL","UN","CR",42.93]
["MATERIAL",7618,"TRANSFORMADOR TRIFASICO DE DISTRIBUICAO, POTENCIA DE 1500 KVA, TENSAO NOMINAL DE 15 KV, TENSAO SECUNDARIA DE 220/127V, EM OLEO ISOLANTE TIPO MINERAL","UN","CR",230.72]
["MATERIAL",7620,"TRANSFORMADOR TRIFASICO DE DISTRIBUICAO, POTENCIA DE 225 KVA, TENSAO NOMINAL DE 15 KV, TENSAO SECUNDARIA DE 220/127V, EM OLEO ISOLANTE TIPO MINERAL","UN","CR",103.28]
["MATERIAL",7610,"TRANSFORMADOR TRIFASICO DE DISTRIBUICAO, POTENCIA DE 30 KVA, TENSAO NOMINAL DE 15 KV, TENSAO SECUNDARIA DE 220/127V, EM OLEO ISOLANTE TIPO MINERAL","UN","CR",155.01]
["MATERIAL",7615,"TRANSFORMADOR TRIFASICO DE DISTRIBUICAO, POTENCIA DE 300 KVA, TENSAO NOMINAL DE 15 KV, TENSAO SECUNDARIA DE 220/127V, EM OLEO ISOLANTE TIPO MINERAL","UN","CR",1959.89]
["MATERIAL",7617,"TRANSFORMADOR TRIFASICO DE DISTRIBUICAO, POTENCIA DE 45 KVA, TENSAO NOMINAL DE 15 KV, TENSAO SECUNDARIA DE 220/127V, EM OLEO ISOLANTE TIPO MINERAL","UN","CR",162.86000000000001]
["MATERIAL",7616,"TRANSFORMADOR TRIFASICO DE DISTRIBUICAO, POTENCIA DE 500 KVA, TENSAO NOMINAL DE 15 KV, TENSAO SECUNDARIA DE 220/127V, EM OLEO ISOLANTE TIPO MINERAL","UN","CR",206.31]
["MATERIAL",7611,"TRANSFORMADOR TRIFASICO DE DISTRIBUICAO, POTENCIA DE 75 KVA, TENSAO NOMINAL DE 15 KV, TENSAO SECUNDARIA DE 220/127V, EM OLEO ISOLANTE TIPO MINERAL","UN","C",137.33000000000001]
["MATERIAL",7612,"TRANSFORMADOR TRIFASICO DE DISTRIBUICAO, POTENCIA DE 750 KVA, TENSAO NOMINAL DE 15 KV, TENSAO SECUNDARIA DE 220/127V, EM OLEO ISOLANTE TIPO MINERAL","UN","CR",65.14]
["MATERIAL",37371,"TRANSPORTE - HORISTA (COLETADO CAIXA - ENCARGOS COMPLEMENTARES)","H","C",55.15]
["MATERIAL",40861,"TRANSPORTE - MENSALISTA (COLETADO CAIXA - ENCARGOS COMPLEMENTARES)","MES","C",80.16]
["EQUIPAMENTO (AQUISIÇÃO)",36509,"TRATOR DE ESTEIRAS, POTENCIA 125 HP, PESO OPERACIONAL DE 12,9 T, COM LAMINA COM CAPACIDADE DE 2,7 M3","UN","CR",137.77000000000001]
["EQUIPAMENTO (AQUISIÇÃO)",36510,"TRATOR DE ESTEIRAS, POTENCIA BRUTA DE 133 HP, PESO OPERACIONAL DE 14 T, COM LAMINA COM CAPACIDADE DE 3,00 M3","UN","CR",104.33]
["EQUIPAMENTO (AQUISIÇÃO)",25020,"TRATOR DE ESTEIRAS, POTENCIA BRUTA DE 347 HP, PESO OPERACIONAL DE 38,5 T, COM ESCARIFICADOR E LAMINA COM CAPACIDADE DE 4,70M3","UN","CR",92.67]
["EQUIPAMENTO (AQUISIÇÃO)",7622,"TRATOR DE ESTEIRAS, POTENCIA DE 100 HP, PESO OPERACIONAL DE 9,4 T, COM LAMINA COM CAPACIDADE DE 2,19 M3","UN","CR",13.9]
["EQUIPAMENTO (AQUISIÇÃO)",7624,"TRATOR DE ESTEIRAS, POTENCIA DE 150 HP, PESO OPERACIONAL DE 16,7 T, COM RODA MOTRIZ ELEVADA E LAMINA COM CONTATO DE 3,18M3","UN","C",5.85]
["EQUIPAMENTO (AQUISIÇÃO)",7625,"TRATOR DE ESTEIRAS, POTENCIA DE 170 HP, PESO OPERACIONAL DE 19 T, COM LAMINA COM CAPACIDADE DE 5,2 M3","UN","CR",24.64]
["EQUIPAMENTO (AQUISIÇÃO)",7623,"TRATOR DE ESTEIRAS, POTENCIA DE 347 HP, PESO OPERACIONAL DE 38,5 T, COM LAMINA COM CAPACIDADE DE 8,70M3","UN","CR",14.82]
["EQUIPAMENTO (AQUISIÇÃO)",36508,"TRATOR DE ESTEIRAS, POTENCIA NO VOLANTE DE 200 HP, PESO OPERACIONAL DE 20,1 T, COM RODA MOTRIZ ELEVADA E LAMINA COM CAPACIDADE DE 3,89 M3","UN","CR",150.6]
["EQUIPAMENTO (AQUISIÇÃO)",13238,"TRATOR DE PNEUS COM POTENCIA DE 105 CV, TRACAO 4 X 4, PESO COM LASTRO DE 5775 KG","UN","CR"]
["EQUIPAMENTO (AQUISIÇÃO)",36511,"TRATOR DE PNEUS COM POTENCIA DE 122 CV, TRACAO 4 X 4, PESO COM LASTRO DE 4510 KG","UN","CR"]
["EQUIPAMENTO (AQUISIÇÃO)",36515,"TRATOR DE PNEUS COM POTENCIA DE 15 CV, PESO COM LASTRO DE 1160 KG","UN","CR"]
["EQUIPAMENTO (AQUISIÇÃO)",10598,"TRATOR DE PNEUS COM POTENCIA DE 50 CV, TRACAO 4 X 2, PESO COM LASTRO DE 2714 KG","UN","CR"]
["EQUIPAMENTO (AQUISIÇÃO)",7640,"TRATOR DE PNEUS COM POTENCIA DE 85 CV, TRACAO 4 X 4, PESO COM LASTRO DE 4675 KG","UN","C"]
["EQUIPAMENTO (AQUISIÇÃO)",36513,"TRATOR DE PNEUS COM POTENCIA DE 85 CV, TURBO, PESO COM LASTRO DE 4900 KG","UN","CR"]
["EQUIPAMENTO (AQUISIÇÃO)",36514,"TRATOR DE PNEUS COM POTENCIA DE 95 CV, TRACAO 4 X 4, PESO MAXIMO DE 5225 KG","UN","CR"]
["MATERIAL",11572,"TRAVA / PRENDEDOR DE PORTA, EM LATAO CROMADO, MONTADO EM PISO","UN","CR"]
["MATERIAL",36149,"TRAVA-QUEDAS EM ACO PARA CORDA DE 12 MM, EXTENSOR DE 25 X 300 MM, COM MOSQUETAO TIPO GANCHO TRAVA DUPLA","UN","CR"]
["MATERIAL",42407,"TRELICA NERVURADA (ESPACADOR), ALTURA = 120,0 MM, DIAMETRO DOS BANZOS INFERIORES E SUPERIOR = 6,0 MM, DIAMETRO DA DIAGONAL = 4,2 MM","M","CR"]
["MATERIAL",11581,"TRILHO PANTOGRAFICO CONCAVO, TIPO U, EM ALUMINIO, COM DIMENSOES DE APROX *35 X 35* MM, PARA ROLDANA DE PORTA DE CORRER","M","CR"]
["MATERIAL",43605,"TRILHO PANTOGRAFICO RETO, EM ALUMINIO, TIPO U, COM DIMENSOES DE *38 X 38* MM PARA PORTA DE CORRER","M","CR"]
["MATERIAL",11580,"TRILHO QUADRADO FRISADO PARA RODIZIO (VERGALHAO MACICO), EM ALUMINIO, COM DIMENSOES DE *6 X 6* MM","M","CR",0.54]
["MATERIAL",38386,"TRINCHA CERDAS GRIS 1.1/2\" (38 MM)","UN","CR",101.2]
["EQUIPAMENTO (AQUISIÇÃO)",10743,"TROLEY MANUAL CAPACIDADE 1 T","UN","CR"]
["MATERIAL",39848,"TUBO / MANGUEIRA PRETA EM POLIETILENO, LINHA PESADA OU REFORCADA, TIPO ESPAGUETE, PARA INJECAO DE CALDA DE CIMENTO, D = 1/2\", ESPESSURA 1,5 MM","M","CR"]
["MATERIAL",7667,"TUBO 26\" EM CHAPA PRETA, E= 3/16\", 147 KG/6 M","M","CR"]
["MATERIAL",7660,"TUBO 30\" EM CHAPA PRETA, E= 1/4\", 175 KG/6 M","M","CR"]
["MATERIAL",7676,"TUBO 30\" EM CHAPA PRETA, E= 3/8\", 177 KG/6 M","M","CR"]
["MATERIAL",20999,"TUBO ACO CARBONO COM COSTURA, NBR 5580, CLASSE L, DN = 15 MM, E = 2,25 MM, 1,06 KG/M","M","CR"]
["MATERIAL",21001,"TUBO ACO CARBONO COM COSTURA, NBR 5580, CLASSE L, DN = 25 MM, E = 2,65 MM, 2,02 KG/M","M","C"]
["MATERIAL",21003,"TUBO ACO CARBONO COM COSTURA, NBR 5580, CLASSE L, DN = 40 MM, E = 3,0 MM, 3,34 KG/M","M","CR"]
["MATERIAL",21006,"TUBO ACO CARBONO COM COSTURA, NBR 5580, CLASSE L, DN = 80 MM, E = 3,35 MM, 7,07 KG/M","M","CR"]
["MATERIAL",21019,"TUBO ACO CARBONO COM COSTURA, NBR 5580, CLASSE M, DN = 25 MM, E = 3,35 MM, *2,50* KG//M","M","CR"]
["MATERIAL",21021,"TUBO ACO CARBONO COM COSTURA, NBR 5580, CLASSE M, DN = 40 MM, E = 3,35 MM, *3,71* KG//M","M","CR"]
["MATERIAL",21024,"TUBO ACO CARBONO COM COSTURA, NBR 5580, CLASSE M, DN = 80 MM, E = 4,05 MM, *8,47* KG/M","M","CR"]
["MATERIAL",40624,"TUBO ACO CARBONO SEM COSTURA 1 1/2\", E= *3,68 MM, SCHEDULE 40, 4,05 KG/M","M","CR"]
["MATERIAL",42575,"TUBO ACO CARBONO SEM COSTURA 1 1/4\", E= *3,56 MM, SCHEDULE 40, *3,38* KG/M","M","CR"]
["MATERIAL",42574,"TUBO ACO CARBONO SEM COSTURA 1\", E= *3,38 MM, SCHEDULE 40, *2,50* KG/M","M","CR"]
["MATERIAL",13127,"TUBO ACO CARBONO SEM COSTURA 1/2\", E= *2,77 MM, SCHEDULE 40, *1,27 KG/M","M","CR",34.549999999999997]
["MATERIAL",13137,"TUBO ACO CARBONO SEM COSTURA 1/2\", E= *3,73 MM, SCHEDULE 80, *1,62 KG/M","M","CR",200.24]
["MATERIAL",20989,"TUBO ACO CARBONO SEM COSTURA 14\", E= *11,13 MM, SCHEDULE 40, *94,55 KG/M","M","CR",5.94]
["MATERIAL",21147,"TUBO ACO CARBONO SEM COSTURA 2 1/2\", E = 5,16 MM, SCHEDULE 40 (8,62 KG/M)","M","CR",24.12]
["MATERIAL",21148,"TUBO ACO CARBONO SEM COSTURA 2\", E= *3,91* MM, SCHEDULE 40, *5,43* KG/M","M","C",22.81]
["MATERIAL",20984,"TUBO ACO CARBONO SEM COSTURA 20\", E= *12,70 MM, SCHEDULE 30, *154,97 KG/M","M","CR",46.66]
["MATERIAL",13042,"TUBO ACO CARBONO SEM COSTURA 20\", E= *6,35 MM, SCHEDULE 10, *78,46 KG/M","M","CR",9.15]
["MATERIAL",42576,"TUBO ACO CARBONO SEM COSTURA 3\", E= *5,49 MM, SCHEDULE 40, *11,28* KG/M","M","CR",4.84]
["MATERIAL",21150,"TUBO ACO CARBONO SEM COSTURA 3/4\", E= *2,87 MM, SCHEDULE 40, *1,69 KG/M","M","CR",4.42]
["MATERIAL",13141,"TUBO ACO CARBONO SEM COSTURA 3/4\", E= *3,91 MM, SCHEDULE 80, *2,19 KG/M.","M","CR",7.78]
["MATERIAL",21151,"TUBO ACO CARBONO SEM COSTURA 4\", E= *6,02 MM, SCHEDULE 40, *16,06 KG/M","M","CR",705.57]
["MATERIAL",13142,"TUBO ACO CARBONO SEM COSTURA 4\", E= *8,56 MM, SCHEDULE 80, *22,31 KG/M","M","CR"]
["MATERIAL",42577,"TUBO ACO CARBONO SEM COSTURA 5\", E= *6,55 MM, SCHEDULE 40, *21,75* KG/M","M","CR",3938.21]
["MATERIAL",20994,"TUBO ACO CARBONO SEM COSTURA 6\", E= *10,97 MM, SCHEDULE 80, *42,56 KG/M","M","CR",5020.28]
["MATERIAL",7672,"TUBO ACO CARBONO SEM COSTURA 6\", E= 7,11 MM, SCHEDULE 40, *28,26 KG/M","M","CR",5077.6499999999996]
["MATERIAL",20995,"TUBO ACO CARBONO SEM COSTURA 8\", E= *12,70 MM, SCHEDULE 80, *64,64 KG/M","M","CR",12.12]
["MATERIAL",7690,"TUBO ACO CARBONO SEM COSTURA 8\", E= *6,35 MM, SCHEDULE 20, *33,27 KG/M","M","CR",22.61]
["MATERIAL",20980,"TUBO ACO CARBONO SEM COSTURA 8\", E= *7,04 MM, SCHEDULE 30, *36,75 KG/M","M","CR",37.15]
["MATERIAL",7661,"TUBO ACO CARBONO SEM COSTURA 8\", E= *8,18 MM, SCHEDULE 40, *42,55 KG/M","M","CR",78.849999999999994]
["MATERIAL",21016,"TUBO ACO GALVANIZADO COM COSTURA, CLASSE LEVE, DN 100 MM (4\"), E = 3,75 MM, *10,55* KG/M (NBR 5580)","M","CR",27.41]
["MATERIAL",21008,"TUBO ACO GALVANIZADO COM COSTURA, CLASSE LEVE, DN 15 MM (1/2\"), E = 2,25 MM, *1,2* KG/M (NBR 5580)","M","CR",43.33]
["MATERIAL",21009,"TUBO ACO GALVANIZADO COM COSTURA, CLASSE LEVE, DN 20 MM (3/4\"), E = 2,25 MM, *1,3* KG/M (NBR 5580)","M","CR",92.83]
["MATERIAL",21010,"TUBO ACO GALVANIZADO COM COSTURA, CLASSE LEVE, DN 25 MM (1\"), E = 2,65 MM, *2,11* KG/M (NBR 5580)","M","C",108.73]
["MATERIAL",21011,"TUBO ACO GALVANIZADO COM COSTURA, CLASSE LEVE, DN 32 MM (1 1/4\"), E = 2,65 MM, *2,71* KG/M (NBR 5580)","M","CR",99.77]
["MATERIAL",21012,"TUBO ACO GALVANIZADO COM COSTURA, CLASSE LEVE, DN 40 MM (1 1/2\"), E = 3,00 MM, *3,48* KG/M (NBR 5580)","M","CR",74.45]
["MATERIAL",21013,"TUBO ACO GALVANIZADO COM COSTURA, CLASSE LEVE, DN 50 MM (2\"), E = 3,00 MM, *4,40* KG/M (NBR 5580)","M","CR",48.49]
["MATERIAL",21014,"TUBO ACO GALVANIZADO COM COSTURA, CLASSE LEVE, DN 65 MM (2 1/2\"), E = 3,35 MM, * 6,23* KG/M (NBR 5580)","M","CR",64.349999999999994]
["MATERIAL",21015,"TUBO ACO GALVANIZADO COM COSTURA, CLASSE LEVE, DN 80 MM (3\"), E = 3,35 MM, *7,32* KG/M (NBR 5580)","M","CR",2305.5300000000002]
["MATERIAL",40626,"TUBO ACO GALVANIZADO COM COSTURA, CLASSE MEDIA, DN 1\", E = 3,38 MM, PESO 2,50 KG/M (NBR 5580)","M","CR",216.17]
["MATERIAL",7697,"TUBO ACO GALVANIZADO COM COSTURA, CLASSE MEDIA, DN 1.1/2\", E = *3,25* MM, PESO *3,61* KG/M (NBR 5580)","M","CR",133.41999999999999]
["MATERIAL",7698,"TUBO ACO GALVANIZADO COM COSTURA, CLASSE MEDIA, DN 1.1/4\", E = *3,25* MM, PESO *3,14* KG/M (NBR 5580)","M","CR",4423.8599999999997]
["MATERIAL",7691,"TUBO ACO GALVANIZADO COM COSTURA, CLASSE MEDIA, DN 1/2\", E = *2,65* MM, PESO *1,22* KG/M (NBR 5580)","M","CR",2451.4699999999998]
["MATERIAL",7696,"TUBO ACO GALVANIZADO COM COSTURA, CLASSE MEDIA, DN 2\", E = *3,65* MM, PESO *5,10* KG/M (NBR 5580)","M","CR",272.16000000000003]
["MATERIAL",7701,"TUBO ACO GALVANIZADO COM COSTURA, CLASSE MEDIA, DN 2.1/2\", E = *3,65* MM, PESO *6,51* KG/M (NBR 5580)","M","CR",66.16]
["MATERIAL",7694,"TUBO ACO GALVANIZADO COM COSTURA, CLASSE MEDIA, DN 3\", E = *4,05* MM, PESO *8,47* KG/M (NBR 5580)","M","CR",83.35]
["MATERIAL",7700,"TUBO ACO GALVANIZADO COM COSTURA, CLASSE MEDIA, DN 3/4\", E = *2,65* MM, PESO *1,58* KG/M (NBR 5580)","M","CR",395.99]
["MATERIAL",7693,"TUBO ACO GALVANIZADO COM COSTURA, CLASSE MEDIA, DN 4\", E = 4,50* MM, PESO 12,10* KG/M (NBR 5580)","M","CR",566.1]
["MATERIAL",7692,"TUBO ACO GALVANIZADO COM COSTURA, CLASSE MEDIA, DN 5\", E = *5,40* MM, PESO *17,80* KG/M (NBR 5580)","M","CR",621.16]
["MATERIAL",7695,"TUBO ACO GALVANIZADO COM COSTURA, CLASSE MEDIA, DN 6\", E = 4,85* MM, PESO 19,68* KG/M (NBR 5580)","M","CR",1067.3399999999999]
["MATERIAL",13356,"TUBO ACO INDUSTRIAL DN 2\" (50,8 MM) E=1,50MM, PESO= 1,8237 KG/M","M","CR",699.22]
["MATERIAL",36365,"TUBO COLETOR DE ESGOTO PVC, JEI, DN 100 MM (NBR  7362)","M","CR",1402.69]
["MATERIAL",41930,"TUBO COLETOR DE ESGOTO PVC, JEI, DN 200 MM (NBR 7362)","M","CR",811.27]
["MATERIAL",41931,"TUBO COLETOR DE ESGOTO PVC, JEI, DN 250 MM (NBR 7362)","M","CR",885.02]
["MATERIAL",41932,"TUBO COLETOR DE ESGOTO PVC, JEI, DN 300 MM (NBR 7362)","M","CR",1052.8]
["MATERIAL",41933,"TUBO COLETOR DE ESGOTO PVC, JEI, DN 350 MM (NBR 7362)","M","CR",139.5]
["MATERIAL",41934,"TUBO COLETOR DE ESGOTO PVC, JEI, DN 400 MM (NBR 7362)","M","CR",16.3]
["MATERIAL",41936,"TUBO COLETOR DE ESGOTO, PVC, JEI, DN 150 MM (NBR 7362)","M","CR",21.22]
["MATERIAL",44812,"TUBO CORRUGADO PEAD, PAREDE DUPLA, INTERNA LISA, JEI DN/DI 500 MM (DRENAGEM/ESGOTO)","M","CR",28.49]
["MATERIAL",41785,"TUBO CORRUGADO PEAD, PAREDE DUPLA, INTERNA LISA, JEI, DN/DI *1000* MM, PARA SANEAMENTO (DRENAGEM/ESGOTO)","M","CR",41.52]
["MATERIAL",41781,"TUBO CORRUGADO PEAD, PAREDE DUPLA, INTERNA LISA, JEI, DN/DI *400* MM, PARA SANEAMENTO (DRENAGEM/ESGOTO)","M","CR",45.88]
["MATERIAL",41783,"TUBO CORRUGADO PEAD, PAREDE DUPLA, INTERNA LISA, JEI, DN/DI *800* MM, PARA SANEAMENTO (DRENAGEM/ESGOTO)","M","CR",59.88]
["MATERIAL",41786,"TUBO CORRUGADO PEAD, PAREDE DUPLA, INTERNA LISA, JEI, DN/DI 1200 MM, PARA SANEAMENTO (DRENAGEM/ESGOTO)","M","CR",83.78]
["MATERIAL",41779,"TUBO CORRUGADO PEAD, PAREDE DUPLA, INTERNA LISA, JEI, DN/DI 250 MM, PARA SANEAMENTO (DRENAGEM/ESGOTO)","M","CR",96.26]
["MATERIAL",41780,"TUBO CORRUGADO PEAD, PAREDE DUPLA, INTERNA LISA, JEI, DN/DI 300 MM, PARA SANEAMENTO (DRENAGEM/ESGOTO)","M","CR",31.35]
["MATERIAL",41782,"TUBO CORRUGADO PEAD, PAREDE DUPLA, INTERNA LISA, JEI, DN/DI 600 MM, PARA SANEAMENTO (DRENAGEM/ESGOTO)","M","CR",45.93]
["MATERIAL",38130,"TUBO CPVC SOLDAVEL, 35 MM, AGUA QUENTE PREDIAL (NBR 15884)","M","CR",39.54]
["MATERIAL",44260,"TUBO CPVC, SOLDAVEL, 114 MM, AGUA QUENTE (NBR 15884)","M","CR",16.7]
["MATERIAL",21123,"TUBO CPVC, SOLDAVEL, 15 MM, AGUA QUENTE PREDIAL (NBR 15884)","M","C",66.23]
["MATERIAL",21124,"TUBO CPVC, SOLDAVEL, 22 MM, AGUA QUENTE PREDIAL (NBR 15884)","M","CR",82.2]
["MATERIAL",21125,"TUBO CPVC, SOLDAVEL, 28 MM, AGUA QUENTE PREDIAL (NBR 15884)","M","CR",110.61]
["MATERIAL",38028,"TUBO CPVC, SOLDAVEL, 42 MM, AGUA QUENTE PREDIAL (NBR 15884)","M","CR",21.13]
["MATERIAL",38029,"TUBO CPVC, SOLDAVEL, 54 MM, AGUA QUENTE PREDIAL (NBR 15884)","M","CR",152.34]
["MATERIAL",38030,"TUBO CPVC, SOLDAVEL, 73 MM, AGUA QUENTE PREDIAL (NBR 15884)","M","CR",228.08]
["MATERIAL",38031,"TUBO CPVC, SOLDAVEL, 89 MM, AGUA QUENTE PREDIAL (NBR 15884)","M","CR",247.35]
["MATERIAL",39735,"TUBO DE BORRACHA ELASTOMERICA FLEXIVEL, PRETA, PARA ISOLAMENTO TERMICO DE TUBULACAO, DN 1 1/8\" (28 MM), E= 32 MM, COEFICIENTE DE CONDUTIVIDADE TERMICA 0,036W/MK, VAPOR DE AGUA MAIOR OU IGUAL A 10.000","M","CR",17.93]
["MATERIAL",39734,"TUBO DE BORRACHA ELASTOMERICA FLEXIVEL, PRETA, PARA ISOLAMENTO TERMICO DE TUBULACAO, DN 1 3/8\" (35 MM), E= 32 MM, COEFICIENTE DE CONDUTIVIDADE TERMICA 0,036W/MK, VAPOR DE AGUA MAIOR OU IGUAL A 10.000","M","CR",31.64]
["MATERIAL",39736,"TUBO DE BORRACHA ELASTOMERICA FLEXIVEL, PRETA, PARA ISOLAMENTO TERMICO DE TUBULACAO, DN 1 5/8\" (42 MM), E= 32 MM, COEFICIENTE DE CONDUTIVIDADE TERMICA 0,036W/MK, VAPOR DE AGUA MAIOR OU IGUAL A 10.000","M","CR",105.4]
["MATERIAL",39739,"TUBO DE BORRACHA ELASTOMERICA FLEXIVEL, PRETA, PARA ISOLAMENTO TERMICO DE TUBULACAO, DN 1\" (25 MM), E= 32 MM, COEFICIENTE DE CONDUTIVIDADE TERMICA 0,036W/MK, VAPOR DE AGUA MAIOR OU IGUAL A 10.000","M","CR",165.08]
["MATERIAL",39737,"TUBO DE BORRACHA ELASTOMERICA FLEXIVEL, PRETA, PARA ISOLAMENTO TERMICO DE TUBULACAO, DN 1/2\" (12 MM), E= 19 MM, COEFICIENTE DE CONDUTIVIDADE TERMICA 0,036W/MK, VAPOR DE AGUA MAIOR OU IGUAL A 10.000","M","CR",254.09]
["MATERIAL",39738,"TUBO DE BORRACHA ELASTOMERICA FLEXIVEL, PRETA, PARA ISOLAMENTO TERMICO DE TUBULACAO, DN 1/4\" (6 MM), E= 9 MM, COEFICIENTE DE CONDUTIVIDADE TERMICA 0,036W/MK, VAPOR DE AGUA MAIOR OU IGUAL A 10.000","M","CR",359.09]
["MATERIAL",39733,"TUBO DE BORRACHA ELASTOMERICA FLEXIVEL, PRETA, PARA ISOLAMENTO TERMICO DE TUBULACAO, DN 2 1/8\" (54 MM), E= 32 MM, COEFICIENTE DE CONDUTIVIDADE TERMICA 0,036W/MK, VAPOR DE AGUA MAIOR OU IGUAL A 10.000","M","CR",418.2]
["MATERIAL",39854,"TUBO DE BORRACHA ELASTOMERICA FLEXIVEL, PRETA, PARA ISOLAMENTO TERMICO DE TUBULACAO, DN 2 5/8\" (*64* MM), E= *32* MM, COEFICIENTE DE CONDUTIVIDADE TERMICA 0,036W/MK, VAPOR DE AGUA MAIOR OU IGUAL A 10.000","M","CR",62.06]
["MATERIAL",39740,"TUBO DE BORRACHA ELASTOMERICA FLEXIVEL, PRETA, PARA ISOLAMENTO TERMICO DE TUBULACAO, DN 3/4\" (18 MM), E= 32 MM, COEFICIENTE DE CONDUTIVIDADE TERMICA 0,036W/MK, VAPOR DE AGUA MAIOR OU IGUAL A 10.000","M","CR"]
["MATERIAL",39741,"TUBO DE BORRACHA ELASTOMERICA FLEXIVEL, PRETA, PARA ISOLAMENTO TERMICO DE TUBULACAO, DN 3/8\" (10 MM), E= 19 MM, COEFICIENTE DE CONDUTIVIDADE TERMICA 0,036W/MK, VAPOR DE AGUA MAIOR OU IGUAL A 10.000","M","CR"]
["MATERIAL",39853,"TUBO DE BORRACHA ELASTOMERICA FLEXIVEL, PRETA, PARA ISOLAMENTO TERMICO DE TUBULACAO, DN 5/8\" (15 MM), E= 19 MM, COEFICIENTE DE CONDUTIVIDADE TERMICA 0,036W/MK, VAPOR DE AGUA MAIOR OU IGUAL A 10.000","M","CR"]
["MATERIAL",39742,"TUBO DE BORRACHA ELASTOMERICA FLEXIVEL, PRETA, PARA ISOLAMENTO TERMICO DE TUBULACAO, DN 7/8\" (22 MM), E= 32 MM, COEFICIENTE DE CONDUTIVIDADE TERMICA 0,036W/MK, VAPOR DE AGUA MAIOR OU IGUAL A 10.000","M","CR"]
["MATERIAL",39751,"TUBO DE COBRE CLASSE \"A\", DN = 1 1/2\" (42 MM), PARA INSTALACOES DE MEDIA PRESSAO PARA GASES COMBUSTIVEIS E MEDICINAIS","M","CR"]
["MATERIAL",39750,"TUBO DE COBRE CLASSE \"A\", DN = 1 1/4\" (35 MM), PARA INSTALACOES DE MEDIA PRESSAO PARA GASES COMBUSTIVEIS E MEDICINAIS","M","CR"]
["MATERIAL",39749,"TUBO DE COBRE CLASSE \"A\", DN = 1\" (28 MM), PARA INSTALACOES DE MEDIA PRESSAO PARA GASES COMBUSTIVEIS E MEDICINAIS","M","CR"]
["MATERIAL",39747,"TUBO DE COBRE CLASSE \"A\", DN = 1/2\" (15 MM), PARA INSTALACOES DE MEDIA PRESSAO PARA GASES COMBUSTIVEIS E MEDICINAIS","M","CR"]
["MATERIAL",39753,"TUBO DE COBRE CLASSE \"A\", DN = 2 1/2\" (66 MM), PARA INSTALACOES DE MEDIA PRESSAO PARA GASES COMBUSTIVEIS E MEDICINAIS","M","CR",43.01]
["MATERIAL",39752,"TUBO DE COBRE CLASSE \"A\", DN = 2\" (54 MM), PARA INSTALACOES DE MEDIA PRESSAO PARA GASES COMBUSTIVEIS E MEDICINAIS","M","CR",407.1]
["MATERIAL",39754,"TUBO DE COBRE CLASSE \"A\", DN = 3\" (79 MM), PARA INSTALACOES DE MEDIA PRESSAO PARA GASES COMBUSTIVEIS E MEDICINAIS","M","CR",11.97]
["MATERIAL",39748,"TUBO DE COBRE CLASSE \"A\", DN = 3/4\" (22 MM), PARA INSTALACOES DE MEDIA PRESSAO PARA GASES COMBUSTIVEIS E MEDICINAIS","M","CR",19.12]
["MATERIAL",39755,"TUBO DE COBRE CLASSE \"A\", DN = 4\" (104 MM), PARA INSTALACOES DE MEDIA PRESSAO PARA GASES COMBUSTIVEIS E MEDICINAIS","M","CR",32.93]
["MATERIAL",12742,"TUBO DE COBRE CLASSE \"E\", DN = 104 MM, PARA INSTALACAO HIDRAULICA PREDIAL","M","CR",57.58]
["MATERIAL",12713,"TUBO DE COBRE CLASSE \"E\", DN = 15 MM, PARA INSTALACAO HIDRAULICA PREDIAL","M","C",84.28]
["MATERIAL",12743,"TUBO DE COBRE CLASSE \"E\", DN = 22 MM, PARA INSTALACAO HIDRAULICA PREDIAL","M","CR",136.28]
["MATERIAL",12744,"TUBO DE COBRE CLASSE \"E\", DN = 28 MM, PARA INSTALACAO HIDRAULICA PREDIAL","M","CR",213.91]
["MATERIAL",12745,"TUBO DE COBRE CLASSE \"E\", DN = 35 MM, PARA INSTALACAO HIDRAULICA PREDIAL","M","CR"]
["MATERIAL",12746,"TUBO DE COBRE CLASSE \"E\", DN = 42 MM, PARA INSTALACAO HIDRAULICA PREDIAL","M","CR"]
["MATERIAL",12747,"TUBO DE COBRE CLASSE \"E\", DN = 54 MM, PARA INSTALACAO HIDRAULICA PREDIAL","M","CR"]
["MATERIAL",12748,"TUBO DE COBRE CLASSE \"E\", DN = 66 MM, PARA INSTALACAO HIDRAULICA PREDIAL","M","CR"]
["MATERIAL",12749,"TUBO DE COBRE CLASSE \"E\", DN = 79 MM, PARA INSTALACAO HIDRAULICA PREDIAL","M","CR"]
["MATERIAL",39660,"TUBO DE COBRE FLEXIVEL, D = 1/2 \", E = 0,79 MM, PARA AR-CONDICIONADO/ INSTALACOES GAS RESIDENCIAIS E COMERCIAIS","M","CR"]
["MATERIAL",39662,"TUBO DE COBRE FLEXIVEL, D = 1/4 \", E = 0,79 MM, PARA AR-CONDICIONADO/ INSTALACOES GAS RESIDENCIAIS E COMERCIAIS","M","CR"]
["MATERIAL",39661,"TUBO DE COBRE FLEXIVEL, D = 3/16 \", E = 0,79 MM, PARA AR-CONDICIONADO/ INSTALACOES GAS RESIDENCIAIS E COMERCIAIS","M","CR"]
["MATERIAL",39666,"TUBO DE COBRE FLEXIVEL, D = 3/4 \", E = 0,79 MM, PARA AR-CONDICIONADO/ INSTALACOES GAS RESIDENCIAIS E COMERCIAIS","M","CR"]
["MATERIAL",39664,"TUBO DE COBRE FLEXIVEL, D = 3/8 \", E = 0,79 MM, PARA AR-CONDICIONADO/ INSTALACOES GAS RESIDENCIAIS E COMERCIAIS","M","CR"]
["MATERIAL",39663,"TUBO DE COBRE FLEXIVEL, D = 5/16 \", E = 0,79 MM, PARA AR-CONDICIONADO/ INSTALACOES GAS RESIDENCIAIS E COMERCIAIS","M","CR"]
["MATERIAL",39665,"TUBO DE COBRE FLEXIVEL, D = 5/8 \", E = 0,79 MM, PARA AR-CONDICIONADO/ INSTALACOES GAS RESIDENCIAIS E COMERCIAIS","M","CR"]
["MATERIAL",7753,"TUBO DE CONCRETO ARMADO PARA AGUAS PLUVIAIS, CLASSE PA-1, COM ENCAIXE PONTA E BOLSA, DIAMETRO NOMINAL DE 1000 MM","M","CR"]
["MATERIAL",13256,"TUBO DE CONCRETO ARMADO PARA AGUAS PLUVIAIS, CLASSE PA-1, COM ENCAIXE PONTA E BOLSA, DIAMETRO NOMINAL DE 1100 MM","M","CR"]
["MATERIAL",7757,"TUBO DE CONCRETO ARMADO PARA AGUAS PLUVIAIS, CLASSE PA-1, COM ENCAIXE PONTA E BOLSA, DIAMETRO NOMINAL DE 1200 MM","M","CR"]
["MATERIAL",7758,"TUBO DE CONCRETO ARMADO PARA AGUAS PLUVIAIS, CLASSE PA-1, COM ENCAIXE PONTA E BOLSA, DIAMETRO NOMINAL DE 1500 MM","M","CR"]
["MATERIAL",7759,"TUBO DE CONCRETO ARMADO PARA AGUAS PLUVIAIS, CLASSE PA-1, COM ENCAIXE PONTA E BOLSA, DIAMETRO NOMINAL DE 2000 MM","M","CR"]
["MATERIAL",40334,"TUBO DE CONCRETO ARMADO PARA AGUAS PLUVIAIS, CLASSE PA-1, COM ENCAIXE PONTA E BOLSA, DIAMETRO NOMINAL DE 300 MM","M","CR"]
["MATERIAL",7745,"TUBO DE CONCRETO ARMADO PARA AGUAS PLUVIAIS, CLASSE PA-1, COM ENCAIXE PONTA E BOLSA, DIAMETRO NOMINAL DE 400 MM","M","CR"]
["MATERIAL",7742,"TUBO DE CONCRETO ARMADO PARA AGUAS PLUVIAIS, CLASSE PA-1, COM ENCAIXE PONTA E BOLSA, DIAMETRO NOMINAL DE 700 MM","M","CR"]
["MATERIAL",7750,"TUBO DE CONCRETO ARMADO PARA AGUAS PLUVIAIS, CLASSE PA-1, COM ENCAIXE PONTA E BOLSA, DIAMETRO NOMINAL DE 800 MM","M","CR"]
["MATERIAL",7756,"TUBO DE CONCRETO ARMADO PARA AGUAS PLUVIAIS, CLASSE PA-1, COM ENCAIXE PONTA E BOLSA, DIAMETRO NOMINAL DE 900 MM","M","CR"]
["MATERIAL",7725,"TUBO DE CONCRETO ARMADO PARA AGUAS PLUVIAIS, CLASSE PA-1, COM ENCAIXE PONTA E BOLSA, DIAMETRO NOMINAL DE = 600 MM","M","C"]
["MATERIAL",7765,"TUBO DE CONCRETO ARMADO PARA AGUAS PLUVIAIS, CLASSE PA-2, COM ENCAIXE PONTA E BOLSA, DIAMETRO NOMINAL DE 1000 MM","M","CR"]
["MATERIAL",12569,"TUBO DE CONCRETO ARMADO PARA AGUAS PLUVIAIS, CLASSE PA-2, COM ENCAIXE PONTA E BOLSA, DIAMETRO NOMINAL DE 1100 MM","M","CR"]
["MATERIAL",7766,"TUBO DE CONCRETO ARMADO PARA AGUAS PLUVIAIS, CLASSE PA-2, COM ENCAIXE PONTA E BOLSA, DIAMETRO NOMINAL DE 1200 MM","M","CR"]
["MATERIAL",7767,"TUBO DE CONCRETO ARMADO PARA AGUAS PLUVIAIS, CLASSE PA-2, COM ENCAIXE PONTA E BOLSA, DIAMETRO NOMINAL DE 1500 MM","M","CR"]
["MATERIAL",7727,"TUBO DE CONCRETO ARMADO PARA AGUAS PLUVIAIS, CLASSE PA-2, COM ENCAIXE PONTA E BOLSA, DIAMETRO NOMINAL DE 2000 MM","M","CR"]
["MATERIAL",7760,"TUBO DE CONCRETO ARMADO PARA AGUAS PLUVIAIS, CLASSE PA-2, COM ENCAIXE PONTA E BOLSA, DIAMETRO NOMINAL DE 300 MM","M","CR"]
["MATERIAL",7761,"TUBO DE CONCRETO ARMADO PARA AGUAS PLUVIAIS, CLASSE PA-2, COM ENCAIXE PONTA E BOLSA, DIAMETRO NOMINAL DE 400 MM","M","CR"]
["MATERIAL",7752,"TUBO DE CONCRETO ARMADO PARA AGUAS PLUVIAIS, CLASSE PA-2, COM ENCAIXE PONTA E BOLSA, DIAMETRO NOMINAL DE 500 MM","M","CR"]
["MATERIAL",7762,"TUBO DE CONCRETO ARMADO PARA AGUAS PLUVIAIS, CLASSE PA-2, COM ENCAIXE PONTA E BOLSA, DIAMETRO NOMINAL DE 600 MM","M","CR"]
["MATERIAL",7722,"TUBO DE CONCRETO ARMADO PARA AGUAS PLUVIAIS, CLASSE PA-2, COM ENCAIXE PONTA E BOLSA, DIAMETRO NOMINAL DE 700 MM","M","CR"]
["MATERIAL",7763,"TUBO DE CONCRETO ARMADO PARA AGUAS PLUVIAIS, CLASSE PA-2, COM ENCAIXE PONTA E BOLSA, DIAMETRO NOMINAL DE 800 MM","M","CR"]
["MATERIAL",7764,"TUBO DE CONCRETO ARMADO PARA AGUAS PLUVIAIS, CLASSE PA-2, COM ENCAIXE PONTA E BOLSA, DIAMETRO NOMINAL DE 900 MM","M","CR"]
["MATERIAL",12572,"TUBO DE CONCRETO ARMADO PARA AGUAS PLUVIAIS, CLASSE PA-3, COM ENCAIXE PONTA E BOLSA, DIAMETRO NOMINAL DE 1000 MM","M","CR"]
["MATERIAL",12573,"TUBO DE CONCRETO ARMADO PARA AGUAS PLUVIAIS, CLASSE PA-3, COM ENCAIXE PONTA E BOLSA, DIAMETRO NOMINAL DE 1100 MM","M","CR"]
["MATERIAL",12574,"TUBO DE CONCRETO ARMADO PARA AGUAS PLUVIAIS, CLASSE PA-3, COM ENCAIXE PONTA E BOLSA, DIAMETRO NOMINAL DE 1200 MM","M","CR",366.52]
["MATERIAL",12575,"TUBO DE CONCRETO ARMADO PARA AGUAS PLUVIAIS, CLASSE PA-3, COM ENCAIXE PONTA E BOLSA, DIAMETRO NOMINAL DE 1500 MM","M","CR",513.44000000000005]
["MATERIAL",12576,"TUBO DE CONCRETO ARMADO PARA AGUAS PLUVIAIS, CLASSE PA-3, COM ENCAIXE PONTA E BOLSA, DIAMETRO NOMINAL DE 400 MM","M","CR",547.41]
["MATERIAL",12577,"TUBO DE CONCRETO ARMADO PARA AGUAS PLUVIAIS, CLASSE PA-3, COM ENCAIXE PONTA E BOLSA, DIAMETRO NOMINAL DE 500 MM","M","CR",793.07]
["MATERIAL",12578,"TUBO DE CONCRETO ARMADO PARA AGUAS PLUVIAIS, CLASSE PA-3, COM ENCAIXE PONTA E BOLSA, DIAMETRO NOMINAL DE 600 MM","M","CR",2197.6]
["MATERIAL",12579,"TUBO DE CONCRETO ARMADO PARA AGUAS PLUVIAIS, CLASSE PA-3, COM ENCAIXE PONTA E BOLSA, DIAMETRO NOMINAL DE 700 MM","M","CR",86.1]
["MATERIAL",12580,"TUBO DE CONCRETO ARMADO PARA AGUAS PLUVIAIS, CLASSE PA-3, COM ENCAIXE PONTA E BOLSA, DIAMETRO NOMINAL DE 800 MM","M","CR",97.15]
["MATERIAL",12581,"TUBO DE CONCRETO ARMADO PARA AGUAS PLUVIAIS, CLASSE PA-3, COM ENCAIXE PONTA E BOLSA, DIAMETRO NOMINAL DE 900 MM","M","CR",256.24]
["MATERIAL",7720,"TUBO DE CONCRETO ARMADO PARA ESGOTO SANITARIO, CLASSE EA-2, COM ENCAIXE PONTA E BOLSA, COM JUNTA ELASTICA, DIAMETRO NOMINAL DE 1000 MM","M","CR",312.8]
["MATERIAL",40335,"TUBO DE CONCRETO ARMADO PARA ESGOTO SANITARIO, CLASSE EA-2, COM ENCAIXE PONTA E BOLSA, COM JUNTA ELASTICA, DIAMETRO NOMINAL DE 300 MM","M","CR",359.41]
["MATERIAL",7740,"TUBO DE CONCRETO ARMADO PARA ESGOTO SANITARIO, CLASSE EA-2, COM ENCAIXE PONTA E BOLSA, COM JUNTA ELASTICA, DIAMETRO NOMINAL DE 400 MM","M","CR",188]
["MATERIAL",7741,"TUBO DE CONCRETO ARMADO PARA ESGOTO SANITARIO, CLASSE EA-2, COM ENCAIXE PONTA E BOLSA, COM JUNTA ELASTICA, DIAMETRO NOMINAL DE 500 MM","M","CR",402.85]
["MATERIAL",7774,"TUBO DE CONCRETO ARMADO PARA ESGOTO SANITARIO, CLASSE EA-2, COM ENCAIXE PONTA E BOLSA, COM JUNTA ELASTICA, DIAMETRO NOMINAL DE 600 MM","M","CR",556.1]
["MATERIAL",7744,"TUBO DE CONCRETO ARMADO PARA ESGOTO SANITARIO, CLASSE EA-2, COM ENCAIXE PONTA E BOLSA, COM JUNTA ELASTICA, DIAMETRO NOMINAL DE 700 MM","M","CR",590.85]
["MATERIAL",7773,"TUBO DE CONCRETO ARMADO PARA ESGOTO SANITARIO, CLASSE EA-2, COM ENCAIXE PONTA E BOLSA, COM JUNTA ELASTICA, DIAMETRO NOMINAL DE 800 MM","M","CR",848.36]
["MATERIAL",7754,"TUBO DE CONCRETO ARMADO PARA ESGOTO SANITARIO, CLASSE EA-2, COM ENCAIXE PONTA E BOLSA, COM JUNTA ELASTICA, DIAMETRO NOMINAL DE 900 MM","M","CR",2464.5300000000002]
["MATERIAL",7735,"TUBO DE CONCRETO ARMADO PARA ESGOTO SANITARIO, CLASSE EA-3, COM ENCAIXE PONTA E BOLSA, COM JUNTA ELASTICA, DIAMETRO NOMINAL DE 1000 MM","M","CR",97.94]
["MATERIAL",7755,"TUBO DE CONCRETO ARMADO PARA ESGOTO SANITARIO, CLASSE EA-3, COM ENCAIXE PONTA E BOLSA, COM JUNTA ELASTICA, DIAMETRO NOMINAL DE 400 MM","M","CR",102.68]
["MATERIAL",7776,"TUBO DE CONCRETO ARMADO PARA ESGOTO SANITARIO, CLASSE EA-3, COM ENCAIXE PONTA E BOLSA, COM JUNTA ELASTICA, DIAMETRO NOMINAL DE 500 MM","M","CR",124.8]
["MATERIAL",7743,"TUBO DE CONCRETO ARMADO PARA ESGOTO SANITARIO, CLASSE EA-3, COM ENCAIXE PONTA E BOLSA, COM JUNTA ELASTICA, DIAMETRO NOMINAL DE 600 MM","M","CR",163.11000000000001]
["MATERIAL",7733,"TUBO DE CONCRETO ARMADO PARA ESGOTO SANITARIO, CLASSE EA-3, COM ENCAIXE PONTA E BOLSA, COM JUNTA ELASTICA, DIAMETRO NOMINAL DE 700 MM","M","CR",249.61]
["MATERIAL",7775,"TUBO DE CONCRETO ARMADO PARA ESGOTO SANITARIO, CLASSE EA-3, COM ENCAIXE PONTA E BOLSA, COM JUNTA ELASTICA, DIAMETRO NOMINAL DE 800 MM","M","CR",304.11]
["MATERIAL",7734,"TUBO DE CONCRETO ARMADO PARA ESGOTO SANITARIO, CLASSE EA-3, COM ENCAIXE PONTA E BOLSA, COM JUNTA ELASTICA, DIAMETRO NOMINAL DE 900 MM","M","CR",363.36]
["MATERIAL",7714,"TUBO DE CONCRETO ARMADO, PRE MOLDADO PARA AGUAS PLUVIAIS, CLASSE PA-1, COM ENCAIXE PONTA E BOLSA, DIAMETRO NOMINAL DE 500 MM","M","CR",513.44000000000005]
["MATERIAL",37449,"TUBO DE CONCRETO SIMPLES PARA AGUAS PLUVIAIS, CLASSE PS1, COM ENCAIXE MACHO E FEMEA, DIAMETRO NOMINAL DE 200 MM","M","CR",675.37]
["MATERIAL",37450,"TUBO DE CONCRETO SIMPLES PARA AGUAS PLUVIAIS, CLASSE PS1, COM ENCAIXE MACHO E FEMEA, DIAMETRO NOMINAL DE 300 MM","M","CR",816.61]
["MATERIAL",37451,"TUBO DE CONCRETO SIMPLES PARA AGUAS PLUVIAIS, CLASSE PS1, COM ENCAIXE MACHO E FEMEA, DIAMETRO NOMINAL DE 400 MM","M","CR",1240.1600000000001]
["MATERIAL",37452,"TUBO DE CONCRETO SIMPLES PARA AGUAS PLUVIAIS, CLASSE PS1, COM ENCAIXE MACHO E FEMEA, DIAMETRO NOMINAL DE 500 MM","M","CR",150.08000000000001]
["MATERIAL",37453,"TUBO DE CONCRETO SIMPLES PARA AGUAS PLUVIAIS, CLASSE PS1, COM ENCAIXE MACHO E FEMEA, DIAMETRO NOMINAL DE 600 MM","M","CR",202.21]
["MATERIAL",7778,"TUBO DE CONCRETO SIMPLES PARA AGUAS PLUVIAIS, CLASSE PS1, COM ENCAIXE PONTA E BOLSA, DIAMETRO NOMINAL DE 200 MM","M","CR",244.87]
["MATERIAL",7796,"TUBO DE CONCRETO SIMPLES PARA AGUAS PLUVIAIS, CLASSE PS1, COM ENCAIXE PONTA E BOLSA, DIAMETRO NOMINAL DE 300 MM","M","C",421.81]
["MATERIAL",7781,"TUBO DE CONCRETO SIMPLES PARA AGUAS PLUVIAIS, CLASSE PS1, COM ENCAIXE PONTA E BOLSA, DIAMETRO NOMINAL DE 400 MM","M","CR",439.5]
["MATERIAL",7795,"TUBO DE CONCRETO SIMPLES PARA AGUAS PLUVIAIS, CLASSE PS1, COM ENCAIXE PONTA E BOLSA, DIAMETRO NOMINAL DE 500 MM","M","CR",470.78]
["MATERIAL",7791,"TUBO DE CONCRETO SIMPLES PARA AGUAS PLUVIAIS, CLASSE PS1, COM ENCAIXE PONTA E BOLSA, DIAMETRO NOMINAL DE 600 MM","M","CR",736.2]
["MATERIAL",7783,"TUBO DE CONCRETO SIMPLES PARA AGUAS PLUVIAIS, CLASSE PS2, COM ENCAIXE PONTA E BOLSA, DIAMETRO NOMINAL DE 200 MM","M","CR",154.03]
["MATERIAL",7790,"TUBO DE CONCRETO SIMPLES PARA AGUAS PLUVIAIS, CLASSE PS2, COM ENCAIXE PONTA E BOLSA, DIAMETRO NOMINAL DE 300 MM","M","CR",157.97999999999999]
["MATERIAL",7785,"TUBO DE CONCRETO SIMPLES PARA AGUAS PLUVIAIS, CLASSE PS2, COM ENCAIXE PONTA E BOLSA, DIAMETRO NOMINAL DE 400 MM","M","CR",292.26]
["MATERIAL",7792,"TUBO DE CONCRETO SIMPLES PARA AGUAS PLUVIAIS, CLASSE PS2, COM ENCAIXE PONTA E BOLSA, DIAMETRO NOMINAL DE 500 MM","M","CR",358.62]
["MATERIAL",7793,"TUBO DE CONCRETO SIMPLES PARA AGUAS PLUVIAIS, CLASSE PS2, COM ENCAIXE PONTA E BOLSA, DIAMETRO NOMINAL DE 600 MM","M","CR",468.42]
["MATERIAL",13159,"TUBO DE CONCRETO SIMPLES PARA ESGOTO SANITARIO, CLASSE ES, COM ENCAIXE PONTA E BOLSA, COM JUNTA ELASTICA, DIAMETRO NOMINAL DE 400 MM","M","CR",478.76]
["MATERIAL",13168,"TUBO DE CONCRETO SIMPLES PARA ESGOTO SANITARIO, CLASSE ES, COM ENCAIXE PONTA E BOLSA, COM JUNTA ELASTICA, DIAMETRO NOMINAL DE 500 MM","M","CR",725.93]
["MATERIAL",13173,"TUBO DE CONCRETO SIMPLES PARA ESGOTO SANITARIO, CLASSE ES, COM ENCAIXE PONTA E BOLSA, COM JUNTA ELASTICA, DIAMETRO NOMINAL DE 600 MM","M","CR",940]
["MATERIAL",12583,"TUBO DE CONCRETO SIMPLES POROSO PARA DRENAGEM (DRENO POROSO), COM ENCAIXE MACHO E FEMEA, DIAMETRO NOMINAL DE 200 MM","M","CR",186.42]
["MATERIAL",12584,"TUBO DE CONCRETO SIMPLES POROSO PARA DRENAGEM (DRENO POROSO), COM ENCAIXE MACHO E FEMEA, DIAMETRO NOMINAL DE 300 MM","M","CR",388.63]
["MATERIAL",12613,"TUBO DE DESCARGA, TIPO BENGALA, PARA LIGACAO CAIXA DE DESCARGA - EMBUTIR, PVC, 40 MM X 150 CM","UN","CR",411.54]
["MATERIAL",1031,"TUBO DE DESCIDA EXTERNO, DE PVC, PARA CAIXA DE DESCARGA EXTERNA ALTA - DIAMETRO DE 40 MM E ALTURA DE APROXIMADAMENTE 1,55 M","UN","CR",537.14]
["MATERIAL",39707,"TUBO DE ESPUMA DE POLIETILENO EXPANDIDO FLEXIVEL PARA ISOLAMENTO TERMICO DE TUBULACAO DE AR CONDICIONADO, AGUA QUENTE, DN 1 1/2\", E= 10 MM","M","CR",588.48]
["MATERIAL",39708,"TUBO DE ESPUMA DE POLIETILENO EXPANDIDO FLEXIVEL PARA ISOLAMENTO TERMICO DE TUBULACAO DE AR CONDICIONADO, AGUA QUENTE, DN 1 1/4\", E= 10 MM","M","CR",833.36]
["MATERIAL",39710,"TUBO DE ESPUMA DE POLIETILENO EXPANDIDO FLEXIVEL PARA ISOLAMENTO TERMICO DE TUBULACAO DE AR CONDICIONADO, AGUA QUENTE, DN 1 1/8\", E= 10 MM","M","CR",116.11]
["MATERIAL",39709,"TUBO DE ESPUMA DE POLIETILENO EXPANDIDO FLEXIVEL PARA ISOLAMENTO TERMICO DE TUBULACAO DE AR CONDICIONADO, AGUA QUENTE, DN 1 3/8\", E= 10 MM","M","CR"]
["MATERIAL",39711,"TUBO DE ESPUMA DE POLIETILENO EXPANDIDO FLEXIVEL PARA ISOLAMENTO TERMICO DE TUBULACAO DE AR CONDICIONADO, AGUA QUENTE, DN 1 5/8\", E= 10 MM","M","CR"]
["MATERIAL",39714,"TUBO DE ESPUMA DE POLIETILENO EXPANDIDO FLEXIVEL PARA ISOLAMENTO TERMICO DE TUBULACAO DE AR CONDICIONADO, AGUA QUENTE, DN 1\", E= 10 MM","M","CR"]
["MATERIAL",39712,"TUBO DE ESPUMA DE POLIETILENO EXPANDIDO FLEXIVEL PARA ISOLAMENTO TERMICO DE TUBULACAO DE AR CONDICIONADO, AGUA QUENTE, DN 1/2\", E= 10 MM","M","C"]
["MATERIAL",39713,"TUBO DE ESPUMA DE POLIETILENO EXPANDIDO FLEXIVEL PARA ISOLAMENTO TERMICO DE TUBULACAO DE AR CONDICIONADO, AGUA QUENTE, DN 1/4\", E= 10 MM","M","CR"]
["MATERIAL",39715,"TUBO DE ESPUMA DE POLIETILENO EXPANDIDO FLEXIVEL PARA ISOLAMENTO TERMICO DE TUBULACAO DE AR CONDICIONADO, AGUA QUENTE, DN 3/4\", E= 10 MM","M","CR"]
["MATERIAL",39716,"TUBO DE ESPUMA DE POLIETILENO EXPANDIDO FLEXIVEL PARA ISOLAMENTO TERMICO DE TUBULACAO DE AR CONDICIONADO, AGUA QUENTE, DN 3/8\", E= 10 MM","M","CR"]
["MATERIAL",39718,"TUBO DE ESPUMA DE POLIETILENO EXPANDIDO FLEXIVEL PARA ISOLAMENTO TERMICO DE TUBULACAO DE AR CONDICIONADO, AGUA QUENTE, DN 7/8\", E= 10 MM","M","CR"]
["MATERIAL",9813,"TUBO DE POLIETILENO DE ALTA DENSIDADE (PEAD), PE-80, DE = 20 MM X 2,3 MM DE PAREDE, PARA LIGACAO DE AGUA PREDIAL (NBR 15561)","M","C"]
["MATERIAL",9815,"TUBO DE POLIETILENO DE ALTA DENSIDADE (PEAD), PE-80, DE = 32 MM X 3,0 MM DE PAREDE, PARA LIGACAO DE AGUA PREDIAL (NBR 15561)","M","CR"]
["MATERIAL",44543,"TUBO DE POLIETILENO DE ALTA DENSIDADE, PEAD, PE-80, DE = 1000 MM X 38,5 MM PAREDE, (SDR 26 - PN 05) PARA REDE DE AGUA OU ESGOTO (NBR 15561)","M","CR"]
["MATERIAL",44526,"TUBO DE POLIETILENO DE ALTA DENSIDADE, PEAD, PE-80, DE = 110 MM X 10,0 MM PAREDE, (SDR 11 - PN 12,5) PARA REDE DE AGUA OU ESGOTO (NBR 15561)","M","CR"]
["MATERIAL",44545,"TUBO DE POLIETILENO DE ALTA DENSIDADE, PEAD, PE-80, DE = 160 MM X 14,6 MM PAREDE, (SDR 11 - PN 12,5) PARA REDE DE AGUA OU ESGOTO (NBR 15561)","M","CR"]
["MATERIAL",44525,"TUBO DE POLIETILENO DE ALTA DENSIDADE, PEAD, PE-80, DE = 900 MM X 34,7 MM PAREDE, (SDR 26 - PN 05) PARA REDE DE AGUA OU ESGOTO (NBR 15561)","M","CR"]
["MATERIAL",44547,"TUBO DE POLIETILENO DE ALTA DENSIDADE, PEAD, PE-80, DE= 200 MM X 18,2 MM PAREDE, (SDR 11 - PN 12,5) PARA REDE DE AGUA OU ESGOTO (NBR 15561)","M","CR"]
["MATERIAL",44519,"TUBO DE POLIETILENO DE ALTA DENSIDADE, PEAD, PE-80, DE= 315 MM X 28,7 MM PAREDE, (SDR 11 - PN 12,5) PARA REDE DE AGUA OU ESGOTO (NBR 15561)","M","CR"]
["MATERIAL",44520,"TUBO DE POLIETILENO DE ALTA DENSIDADE, PEAD, PE-80, DE= 400 MM X 36,4 MM PAREDE, (SDR 11 - PN 12,5) PARA REDE DE AGUA OU ESGOTO (NBR 15561)","M","CR"]
["MATERIAL",44521,"TUBO DE POLIETILENO DE ALTA DENSIDADE, PEAD, PE-80, DE= 50 MM X 4,6 MM PAREDE, (SDR 11 - PN 12,5) PARA REDE DE AGUA OU ESGOTO ( NBR 15561)","M","CR"]
["MATERIAL",44522,"TUBO DE POLIETILENO DE ALTA DENSIDADE, PEAD, PE-80, DE= 500 MM X 45,5 MM PAREDE, (SDR 11 - PN 12,5) PARA REDE DE AGUA OU ESGOTO (NBR 15561)","M","CR"]
["MATERIAL",44523,"TUBO DE POLIETILENO DE ALTA DENSIDADE, PEAD, PE-80, DE= 630 MM X 57,3 MM PAREDE (SDR 11 - PN 12,5) PARA REDE DE AGUA OU ESGOTO (NBR 15561)","M","CR"]
["MATERIAL",44527,"TUBO DE POLIETILENO DE ALTA DENSIDADE, PEAD, PE-80, DE= 730 MM X 34,1 MM PAREDE, (SDR 21 - PN 06) PARA REDE DE AGUA OU ESGOTO (NBR 15561)","M","CR",14.78]
["MATERIAL",44524,"TUBO DE POLIETILENO DE ALTA DENSIDADE, PEAD, PE-80, DE= 75 MM X 6,9 MM PAREDE, (SRD 11 - PN 12,5) PARA REDE DE AGUA OU ESGOTO (NBR 15561)","M","CR",13]
["MATERIAL",44542,"TUBO DE POLIETILENO DE ALTA DENSIDADE, PEAD, PE-80, DE= 800 MM X 30,8 MM PAREDE, (SDR 26 - PN 05) PARA REDE DE AGUA OU ESGOTO (NBR 15561)","M","CR"]
["MATERIAL",9877,"TUBO DE PVC, PBL, TIPO LEVE, DN = 250 MM, PARA VENTILACAO","M","CR"]
["MATERIAL",9878,"TUBO DE PVC, PBL, TIPO LEVE, DN = 300 MM, PARA VENTILACAO","M","CR"]
["MATERIAL",41986,"TUBO DE REVESTIMENTO, EM ACO, CORPO SCHEDULE 40, PONTEIRA SCHEDULE 80, ROSQUEAVEL E SEGMENTADO PARA PERFURACAO, DIAMETRO 10\" (273 MM)","M","CR"]
["MATERIAL",43422,"TUBO DE REVESTIMENTO, EM ACO, CORPO SCHEDULE 40, PONTEIRA SCHEDULE 80, ROSQUEAVEL E SEGMENTADO PARA PERFURACAO, DIAMETRO 12\" (320 MM)","M","CR"]
["MATERIAL",41987,"TUBO DE REVESTIMENTO, EM ACO, CORPO SCHEDULE 40, PONTEIRA SCHEDULE 80, ROSQUEAVEL E SEGMENTADO PARA PERFURACAO, DIAMETRO 14\" (400 MM)","M","CR"]
["MATERIAL",41988,"TUBO DE REVESTIMENTO, EM ACO, CORPO SCHEDULE 40, PONTEIRA SCHEDULE 80, ROSQUEAVEL E SEGMENTADO PARA PERFURACAO, DIAMETRO 16\" (450 MM)","M","CR"]
["MATERIAL",41697,"TUBO DE REVESTIMENTO, EM ACO, CORPO SCHEDULE 40, PONTEIRA SCHEDULE 80, ROSQUEAVEL E SEGMENTADO PARA PERFURACAO, DIAMETRO 4\" (450 MM)","M","CR"]
["MATERIAL",41985,"TUBO DE REVESTIMENTO, EM ACO, CORPO SCHEDULE 40, PONTEIRA SCHEDULE 80, ROSQUEAVEL E SEGMENTADO PARA PERFURACAO, DIAMETRO 6\" (200 MM)","M","CR"]
["MATERIAL",41699,"TUBO DE REVESTIMENTO, EM ACO, CORPO SCHEDULE 40, PONTEIRA SCHEDULE 80, ROSQUEAVEL E SEGMENTADO PARA PERFURACAO, DIAMETRO 8\" (200 MM)","M","CR"]
["MATERIAL",38053,"TUBO DRENO, CORRUGADO, ESPIRALADO, FLEXIVEL, PERFURADO, EM POLIETILENO DE ALTA DENSIDADE (PEAD), DN *160* MM, (6\") PARA DRENAGEM - EM BARRA (NORMA DNIT 093/2006 - EM)","M","CR"]
["MATERIAL",38054,"TUBO DRENO, CORRUGADO, ESPIRALADO, FLEXIVEL, PERFURADO, EM POLIETILENO DE ALTA DENSIDADE (PEAD), DN *200* MM, (8\") PARA DRENAGEM - EM BARRA (NORMA DNIT 093/2006 - EM)","M","CR"]
["MATERIAL",38052,"TUBO DRENO, CORRUGADO, ESPIRALADO, FLEXIVEL, PERFURADO, EM POLIETILENO DE ALTA DENSIDADE (PEAD), DN 100 MM, (4\") PARA DRENAGEM - EM ROLO (NORMA DNIT 093/2006 - E.M)","M","C"]
["MATERIAL",38051,"TUBO DRENO, CORRUGADO, ESPIRALADO, FLEXIVEL, PERFURADO, EM POLIETILENO DE ALTA DENSIDADE (PEAD), DN 65 MM, (2 1/2\") PARA DRENAGEM - EM ROLO (NORMA DNIT 093/2006 - EM)","M","CR"]
["MATERIAL",38787,"TUBO MONOCAMADA PEX, DN 16 MM, PARA AGUA QUENTE E FRIA","M","C"]
["MATERIAL",38825,"TUBO MONOCAMADA PEX, DN 20 MM, PARA AGUA QUENTE E FRIA","M","CR"]
["MATERIAL",38826,"TUBO MONOCAMADA PEX, DN 25 MM, PARA AGUA QUENTE E FRIA","M","CR"]
["MATERIAL",38827,"TUBO MONOCAMADA PEX, DN 32 MM, PARA AGUA QUENTE E FRIA","M","CR"]
["MATERIAL",38828,"TUBO MULTICAMADA PEX GAS, DN *16* MM","M","CR"]
["MATERIAL",38829,"TUBO MULTICAMADA PEX GAS, DN *20* MM","M","CR"]
["MATERIAL",38830,"TUBO MULTICAMADA PEX GAS, DN *26* MM","M","CR"]
["MATERIAL",38831,"TUBO MULTICAMADA PEX GAS, DN *32* MM","M","CR"]
["MATERIAL",36274,"TUBO PPR PN 20, DN 20 MM, PARA AGUA QUENTE PREDIAL","M","C"]
["MATERIAL",36278,"TUBO PPR PN 20, DN 25 MM, PARA AGUA QUENTE PREDIAL","M","CR"]
["MATERIAL",38977,"TUBO PPR, CLASSE PN 12, DN 110 MM","M","CR"]
["MATERIAL",38971,"TUBO PPR, CLASSE PN 12, DN 32 MM","M","CR"]
["MATERIAL",38972,"TUBO PPR, CLASSE PN 12, DN 40 MM","M","CR",97.5]
["MATERIAL",38973,"TUBO PPR, CLASSE PN 12, DN 50 MM","M","CR",120.02]
["MATERIAL",38974,"TUBO PPR, CLASSE PN 12, DN 63 MM","M","CR",4172.67]
["MATERIAL",38975,"TUBO PPR, CLASSE PN 12, DN 75 MM","M","CR",5117.37]
["MATERIAL",38976,"TUBO PPR, CLASSE PN 12, DN 90 MM","M","CR",5931.46]
["MATERIAL",44176,"TUBO PPR, CLASSE PN 20, SOLDAVEL, DN 32 MM PARA AGUA FRIA OU QUENTE PREDIAL","M","CR",7834.61]
["MATERIAL",38986,"TUBO PPR, CLASSE PN 25, DN 110 MM, PARA AGUA QUENTE E FRIA PREDIAL","M","CR",1388.66]
["MATERIAL",38978,"TUBO PPR, CLASSE PN 25, DN 20 MM, PARA AGUA QUENTE E FRIA PREDIAL","M","CR",1934.03]
["MATERIAL",38979,"TUBO PPR, CLASSE PN 25, DN 25 MM, PARA AGUA QUENTE E FRIA PREDIAL","M","CR",2753.97]
["MATERIAL",38980,"TUBO PPR, CLASSE PN 25, DN 32 MM, PARA AGUA QUENTE E FRIA PREDIAL","M","CR"]
["MATERIAL",38981,"TUBO PPR, CLASSE PN 25, DN 40 MM, PARA AGUA QUENTE E FRIA PREDIAL","M","CR"]
["MATERIAL",38982,"TUBO PPR, CLASSE PN 25, DN 50 MM, PARA AGUA QUENTE E FRIA PREDIAL","M","CR"]
["MATERIAL",38983,"TUBO PPR, CLASSE PN 25, DN 63 MM, PARA AGUA QUENTE E FRIA PREDIAL","M","CR"]
["MATERIAL",38984,"TUBO PPR, CLASSE PN 25, DN 75 MM, PARA AGUA QUENTE E FRIA PREDIAL","M","CR"]
["MATERIAL",38985,"TUBO PPR, CLASSE PN 25, DN 90 MM, PARA AGUA QUENTE E FRIA PREDIAL","M","CR"]
["MATERIAL",38032,"TUBO PVC CORRUGADO, PAREDE DUPLA, JE, DN 150 MM/ DE 160 MM, REDE COLETORA ESGOTO","M","CR"]
["MATERIAL",38033,"TUBO PVC CORRUGADO, PAREDE DUPLA, JE, DN 200 MM/ DE 200 MM, REDE COLETORA ESGOTO","M","CR"]
["MATERIAL",38034,"TUBO PVC CORRUGADO, PAREDE DUPLA, JE, DN 250 MM/ DE 250 MM, REDE COLETORA ESGOTO","M","CR"]
["MATERIAL",38035,"TUBO PVC CORRUGADO, PAREDE DUPLA, JE, DN 300 MM/ DE 315 MM, REDE COLETORA ESGOTO","M","CR"]
["MATERIAL",38036,"TUBO PVC CORRUGADO, PAREDE DUPLA, JE, DN 350 MM/ DE 355 MM, REDE COLETORA ESGOTO","M","CR"]
["MATERIAL",38037,"TUBO PVC CORRUGADO, PAREDE DUPLA, JE, DN 400 MM/ DE 400 MM, REDE COLETORA ESGOTO","M","CR"]
["MATERIAL",9850,"TUBO PVC DE REVESTIMENTO GEOMECANICO NERVURADO REFORCADO, DN = 150 MM, COMPRIMENTO = 2 M","M","C"]
["MATERIAL",9853,"TUBO PVC DE REVESTIMENTO GEOMECANICO NERVURADO REFORCADO, DN = 200 MM, COMPRIMENTO = 2 M","M","CR"]
["MATERIAL",9854,"TUBO PVC DE REVESTIMENTO GEOMECANICO NERVURADO STANDARD, DN = 154 MM, COMPRIMENTO = 2 M","M","CR"]
["MATERIAL",9851,"TUBO PVC DE REVESTIMENTO GEOMECANICO NERVURADO STANDARD, DN = 206 MM, COMPRIMENTO = 2 M","M","CR"]
["MATERIAL",9825,"TUBO PVC DEFOFO, JEI, 1 MPA, DN 100 MM, PARA REDE DE AGUA (NBR 7665)","M","CR"]
["MATERIAL",9828,"TUBO PVC DEFOFO, JEI, 1 MPA, DN 150 MM, PARA REDE DE AGUA (NBR 7665)","M","CR"]
["MATERIAL",9829,"TUBO PVC DEFOFO, JEI, 1 MPA, DN 200 MM, PARA REDE DE AGUA (NBR 7665)","M","CR"]
["MATERIAL",9826,"TUBO PVC DEFOFO, JEI, 1 MPA, DN 250 MM, PARA REDE DE AGUA (NBR 7665)","M","CR"]
["MATERIAL",9827,"TUBO PVC DEFOFO, JEI, 1 MPA, DN 300 MM, PARA REDE DE AGUA (NBR 7665)","M","CR"]
["MATERIAL",36374,"TUBO PVC PBA JEI, CLASSE 12, DN 100 MM, PARA REDE DE AGUA (NBR 5647)","M","CR"]
["MATERIAL",36084,"TUBO PVC PBA JEI, CLASSE 12, DN 50 MM, PARA REDE DE AGUA (NBR 5647)","M","C"]
["MATERIAL",36373,"TUBO PVC PBA JEI, CLASSE 12, DN 75 MM, PARA REDE DE AGUA (NBR 5647)","M","CR"]
["MATERIAL",36377,"TUBO PVC PBA JEI, CLASSE 15, DN 100 MM, PARA REDE DE AGUA (NBR 5647)","M","CR"]
["MATERIAL",36375,"TUBO PVC PBA JEI, CLASSE 15, DN 50 MM, PARA REDE DE AGUA (NBR 5647)","M","CR"]
["MATERIAL",36376,"TUBO PVC PBA JEI, CLASSE 15, DN 75 MM, PARA REDE DE AGUA (NBR 5647)","M","CR"]
["MATERIAL",36380,"TUBO PVC PBA JEI, CLASSE 20, DN 100 MM, PARA REDE DE AGUA (NBR 5647)","M","CR"]
["MATERIAL",36378,"TUBO PVC PBA JEI, CLASSE 20, DN 50 MM, PARA REDE DE AGUA (NBR 5647)","M","CR"]
["MATERIAL",36379,"TUBO PVC PBA JEI, CLASSE 20, DN 75 MM, PARA REDE DE AGUA (NBR 5647)","M","CR"]
["MATERIAL",9859,"TUBO PVC ROSCAVEL, 3/4\", AGUA FRIA PREDIAL","M","CR"]
["MATERIAL",9836,"TUBO PVC SERIE NORMAL, DN 100 MM, PARA ESGOTO PREDIAL (NBR 5688)","M","C",46.43]
["MATERIAL",20065,"TUBO PVC SERIE NORMAL, DN 150 MM, PARA ESGOTO PREDIAL (NBR 5688)","M","CR",78.92]
["MATERIAL",9835,"TUBO PVC SERIE NORMAL, DN 40 MM, PARA ESGOTO PREDIAL (NBR 5688)","M","CR",123.63]
["MATERIAL",9838,"TUBO PVC SERIE NORMAL, DN 50 MM, PARA ESGOTO PREDIAL (NBR 5688)","M","CR",181.88]
["MATERIAL",9837,"TUBO PVC SERIE NORMAL, DN 75 MM, PARA ESGOTO PREDIAL (NBR 5688)","M","CR",245.02]
["MATERIAL",44315,"TUBO PVC, RIGIDO, CORRUGADO, PERFURADO DN 100 MM, PARA DRENAGEM, SISTEMA IRRIGACAO","M","CR",323.63]
["MATERIAL",9862,"TUBO PVC, ROSCAVEL, 1 1/2\", AGUA FRIA PREDIAL","M","CR"]
["MATERIAL",9861,"TUBO PVC, ROSCAVEL, 1 1/4\", AGUA FRIA PREDIAL","M","CR"]
["MATERIAL",9866,"TUBO PVC, ROSCAVEL, 1\", AGUA FRIA PREDIAL","M","CR"]
["MATERIAL",9856,"TUBO PVC, ROSCAVEL, 1/2\", AGUA FRIA PREDIAL","M","CR"]
["MATERIAL",9863,"TUBO PVC, ROSCAVEL, 2 1/2\", AGUA FRIA PREDIAL","M","CR"]
["MATERIAL",9860,"TUBO PVC, ROSCAVEL, 2\", PARA AGUA FRIA PREDIAL","M","CR"]
["MATERIAL",9841,"TUBO PVC, SERIE R, DN 100 MM, PARA ESGOTO OU AGUAS PLUVIAIS PREDIAL (NBR 5688)","M","CR"]
["MATERIAL",9840,"TUBO PVC, SERIE R, DN 150 MM, PARA ESGOTO OU AGUAS PLUVIAIS PREDIAL (NBR 5688)","M","CR"]
["MATERIAL",20067,"TUBO PVC, SERIE R, DN 40 MM, PARA ESGOTO OU AGUAS PLUVIAIS PREDIAL (NBR 5688)","M","CR"]
["MATERIAL",20068,"TUBO PVC, SERIE R, DN 50 MM, PARA ESGOTO OU AGUAS PLUVIAIS PREDIAL (NBR 5688)","M","CR"]
["MATERIAL",9839,"TUBO PVC, SERIE R, DN 75 MM, PARA ESGOTO OU AGUAS PLUVIAIS PREDIAL (NBR 5688)","M","CR"]
["MATERIAL",9870,"TUBO PVC, SOLDAVEL, DE 110 MM, AGUA FRIA (NBR-5648)","M","CR"]
["MATERIAL",9867,"TUBO PVC, SOLDAVEL, DE 20 MM, AGUA FRIA (NBR-5648)","M","CR"]
["MATERIAL",9868,"TUBO PVC, SOLDAVEL, DE 25 MM, AGUA FRIA (NBR-5648)","M","C"]
["MATERIAL",9869,"TUBO PVC, SOLDAVEL, DE 32 MM, AGUA FRIA (NBR-5648)","M","CR"]
["MATERIAL",9874,"TUBO PVC, SOLDAVEL, DE 40 MM, AGUA FRIA (NBR-5648)","M","CR"]
["MATERIAL",9875,"TUBO PVC, SOLDAVEL, DE 50 MM, AGUA FRIA (NBR-5648)","M","CR"]
["MATERIAL",9873,"TUBO PVC, SOLDAVEL, DE 60 MM, AGUA FRIA (NBR-5648)","M","CR"]
["MATERIAL",9871,"TUBO PVC, SOLDAVEL, DE 75 MM, AGUA FRIA (NBR-5648)","M","CR",10.01]
["MATERIAL",9872,"TUBO PVC, SOLDAVEL, DE 85 MM, AGUA FRIA (NBR-5648)","M","CR",11.75]
["MATERIAL",12425,"UNIAO COM ASSENTO CONICO DE BRONZE, DIAMETRO 1\"","UN","CR",30.71]
["MATERIAL",12426,"UNIAO COM ASSENTO CONICO DE BRONZE, DIAMETRO 1/2\"","UN","CR",5.13]
["MATERIAL",12427,"UNIAO COM ASSENTO CONICO DE BRONZE, DIAMETRO 2 1/2\"","UN","CR",8.48]
["MATERIAL",12428,"UNIAO COM ASSENTO CONICO DE BRONZE, DIAMETRO 2\"","UN","CR",11.12]
["MATERIAL",12429,"UNIAO COM ASSENTO CONICO DE BRONZE, DIAMETRO 3\"","UN","CR",46]
["MATERIAL",12430,"UNIAO COM ASSENTO CONICO DE BRONZE, DIAMETRO 3/4\"","UN","CR",30.86]
["MATERIAL",12431,"UNIAO COM ASSENTO CONICO DE BRONZE, DIAMETRO 4\"","UN","CR",24.23]
["MATERIAL",12432,"UNIAO COM ASSENTO CONICO DE FERRO LONGO (MACHO-FEMEA), DIAMETRO 1 1/2\"","UN","CR",20.91]
["MATERIAL",12433,"UNIAO COM ASSENTO CONICO DE FERRO LONGO (MACHO-FEMEA), DIAMETRO 1\"","UN","CR",7.81]
["MATERIAL",12434,"UNIAO COM ASSENTO CONICO DE FERRO LONGO (MACHO-FEMEA), DIAMETRO 1/2\"","UN","CR",60.5]
["MATERIAL",12435,"UNIAO COM ASSENTO CONICO DE FERRO LONGO (MACHO-FEMEA), DIAMETRO 2 1/2\"","UN","CR",44.16]
["MATERIAL",12437,"UNIAO COM ASSENTO CONICO DE FERRO LONGO (MACHO-FEMEA), DIAMETRO 2\"","UN","CR",22.12]
["MATERIAL",12438,"UNIAO COM ASSENTO CONICO DE FERRO LONGO (MACHO-FEMEA), DIAMETRO 3\"","UN","CR",46.74]
["MATERIAL",12439,"UNIAO COM ASSENTO CONICO DE FERRO LONGO (MACHO-FEMEA), DIAMETRO 3/4\"","UN","CR",7.17]
["MATERIAL",12436,"UNIAO COM ASSENTO CONICO DE FERRO LONGO (MACHO-FEMEA), DIAMETRO 4\"","UN","CR",10.1]
["MATERIAL",36357,"UNIAO COM FLANGE PPR, COM PARAFUSOS, DN 40 MM, PARA AGUA QUENTE PREDIAL","UN","CR",18.329999999999998]
["MATERIAL",12424,"UNIAO DE FERRO GALVANIZADO, COM ASSENTO CONICO DE BRONZE, DE 1 1/2\"","UN","CR",90.23]
["MATERIAL",12440,"UNIAO DE FERRO GALVANIZADO, COM ASSENTO CONICO DE BRONZE, DE 1 1/4\"","UN","CR",3.62]
["MATERIAL",9884,"UNIAO DE FERRO GALVANIZADO, COM ROSCA BSP, COM ASSENTO PLANO, DE 1 1/2\"","UN","CR",4.09]
["MATERIAL",9888,"UNIAO DE FERRO GALVANIZADO, COM ROSCA BSP, COM ASSENTO PLANO, DE 1 1/4\"","UN","CR",8.83]
["MATERIAL",9886,"UNIAO DE FERRO GALVANIZADO, COM ROSCA BSP, COM ASSENTO PLANO, DE 1\"","UN","CR",13.86]
["MATERIAL",9883,"UNIAO DE FERRO GALVANIZADO, COM ROSCA BSP, COM ASSENTO PLANO, DE 1/2\"","UN","CR",15.2]
["MATERIAL",9889,"UNIAO DE FERRO GALVANIZADO, COM ROSCA BSP, COM ASSENTO PLANO, DE 2 1/2\"","UN","CR",25.01]
["MATERIAL",9887,"UNIAO DE FERRO GALVANIZADO, COM ROSCA BSP, COM ASSENTO PLANO, DE 2\"","UN","CR",41.44]
["MATERIAL",9890,"UNIAO DE FERRO GALVANIZADO, COM ROSCA BSP, COM ASSENTO PLANO, DE 3\"","UN","CR",57.66]
["MATERIAL",9885,"UNIAO DE FERRO GALVANIZADO, COM ROSCA BSP, COM ASSENTO PLANO, DE 3/4\"","UN","CR"]
["MATERIAL",9891,"UNIAO DE FERRO GALVANIZADO, COM ROSCA BSP, COM ASSENTO PLANO, DE 4\"","UN","CR"]
["MATERIAL",36316,"UNIAO DUPLA PPR DN 25 MM, PARA AGUA QUENTE PREDIAL","UN","CR"]
["MATERIAL",36313,"UNIAO DUPLA PPR, DN 20 MM, PARA AGUA QUENTE PREDIAL","UN","CR"]
["MATERIAL",64,"UNIAO EM POLIPROPILENO (PP), PARA TUBO EM PEAD, 20 MM - LIGACAO PREDIAL DE AGUA","UN","CR"]
["MATERIAL",37423,"UNIAO EM POLIPROPILENO (PP), PARA TUBO EM PEAD, 32 MM - LIGACAO PREDIAL DE AGUA","UN","CR"]
["MATERIAL",9892,"UNIAO PVC, ROSCAVEL 1/2\", AGUA FRIA PREDIAL","UN","CR"]
["MATERIAL",9901,"UNIAO PVC, ROSCAVEL, 1 1/2\", AGUA FRIA PREDIAL","UN","CR"]
["MATERIAL",9900,"UNIAO PVC, ROSCAVEL, 1\", AGUA FRIA PREDIAL","UN","CR"]
["MATERIAL",9899,"UNIAO PVC, ROSCAVEL, 3/4\", AGUA FRIA PREDIAL","UN","CR"]
["MATERIAL",9908,"UNIAO PVC, SOLDAVEL, 110 MM, PARA AGUA FRIA PREDIAL","UN","CR"]
["MATERIAL",9905,"UNIAO PVC, SOLDAVEL, 20 MM, PARA AGUA FRIA PREDIAL","UN","CR"]
["MATERIAL",9906,"UNIAO PVC, SOLDAVEL, 25 MM, PARA AGUA FRIA PREDIAL","UN","CR"]
["MATERIAL",9895,"UNIAO PVC, SOLDAVEL, 32 MM, PARA AGUA FRIA PREDIAL","UN","CR"]
["MATERIAL",9894,"UNIAO PVC, SOLDAVEL, 40 MM, PARA AGUA FRIA PREDIAL","UN","CR"]
["MATERIAL",9897,"UNIAO PVC, SOLDAVEL, 50 MM, PARA AGUA FRIA PREDIAL","UN","CR"]
["MATERIAL",9910,"UNIAO PVC, SOLDAVEL, 60 MM, PARA AGUA FRIA PREDIAL","UN","CR"]
["MATERIAL",9909,"UNIAO PVC, SOLDAVEL, 75 MM, PARA AGUA FRIA PREDIAL","UN","CR"]
["MATERIAL",9907,"UNIAO PVC, SOLDAVEL, 85 MM, PARA AGUA FRIA PREDIAL","UN","CR"]
["MATERIAL",20973,"UNIAO TIPO STORZ, COM EMPATACAO INTERNA TIPO ANEL DE EXPANSAO, ENGATE RAPIDO 1 1/2\", PARA MANGUEIRA DE COMBATE A INCENDIO PREDIAL","UN","CR"]
["MATERIAL",20974,"UNIAO TIPO STORZ, COM EMPATACAO INTERNA TIPO ANEL DE EXPANSAO, ENGATE RAPIDO 2 1/2\", PARA MANGUEIRA DE COMBATE A INCENDIO PREDIAL","UN","CR"]
["MATERIAL",37989,"UNIAO, CPVC, SOLDAVEL, 15 MM, PARA AGUA QUENTE PREDIAL","UN","CR"]
["MATERIAL",37990,"UNIAO, CPVC, SOLDAVEL, 22 MM, PARA AGUA QUENTE PREDIAL","UN","CR"]
["MATERIAL",37991,"UNIAO, CPVC, SOLDAVEL, 28 MM, PARA AGUA QUENTE PREDIAL","UN","CR"]
["MATERIAL",37992,"UNIAO, CPVC, SOLDAVEL, 35 MM, PARA AGUA QUENTE PREDIAL","UN","CR"]
["MATERIAL",37993,"UNIAO, CPVC, SOLDAVEL, 42 MM, PARA AGUA QUENTE PREDIAL","UN","CR"]
["MATERIAL",37994,"UNIAO, CPVC, SOLDAVEL, 54 MM, PARA AGUA QUENTE PREDIAL","UN","CR"]
["MATERIAL",37995,"UNIAO, CPVC, SOLDAVEL, 73 MM, PARA AGUA QUENTE PREDIAL","UN","CR"]
["MATERIAL",37996,"UNIAO, CPVC, SOLDAVEL, 89 MM, PARA AGUA QUENTE PREDIAL","UN","CR"]
["MATERIAL",45267,"UNIFORME PROFISSIONAL DE BRIM, CALCA E CAMISA MANGA LONGA COM FAIXA REFLETIVA","UN","CR"]
["EQUIPAMENTO (AQUISIÇÃO)",13883,"USINA DE ASFALTO A FRIO, CAPACIDADE DE 30 A 40 T/H, ELETRICA, POTENCIA DE 30 CV","UN","CR"]
["EQUIPAMENTO (AQUISIÇÃO)",38604,"USINA DE ASFALTO A FRIO, CAPACIDADE DE 40 A 60 T/H, ELETRICA, POTENCIA DE 30 CV","UN","CR",6.64]
["EQUIPAMENTO (AQUISIÇÃO)",10601,"USINA DE ASFALTO A QUENTE, FIXA, TIPO CONTRA FLUXO, CAPACIDADE DE 100 A 140 T/H, POTENCIA DE 280 KW, COM MISTURADOR EXTERNO ROTATIVO","UN","CR",32.11]
["EQUIPAMENTO (AQUISIÇÃO)",44469,"USINA DE ASFALTO, GRAVIMETRICA, CAPACIDADE DE 150 T/H, POTENCIA DE 400  KW","UN","CR",18.61]
["EQUIPAMENTO (AQUISIÇÃO)",13894,"USINA DE CONCRETO FIXA, CAPACIDADE NOMINAL DE 40 M3/H, SEM SILO","UN","CR",8.34]
["EQUIPAMENTO (AQUISIÇÃO)",13895,"USINA DE CONCRETO FIXA, CAPACIDADE NOMINAL DE 60 M3/H, SEM SILO","UN","CR",375.11]
["EQUIPAMENTO (AQUISIÇÃO)",13892,"USINA DE CONCRETO FIXA, CAPACIDADE NOMINAL DE 80 M3/H, SEM SILO","UN","CR",6.53]
["EQUIPAMENTO (AQUISIÇÃO)",9914,"USINA DE CONCRETO FIXA, CAPACIDADE NOMINAL DE 90 A 120 M3/H, SEM SILO","UN","C",7.87]
["EQUIPAMENTO (AQUISIÇÃO)",36485,"USINA DE LAMA ASFALTICA, PROD 30 A 50 T/H, SILO DE AGREGADO 7 M3, RESERVATORIOS PARA EMULSAO E AGUA DE 2,3 M3 CADA, MISTURADOR TIPO PUGG-MILL A SER MONTADO SOBRE CAMINHAO","UN","CR",13.25]
["EQUIPAMENTO (AQUISIÇÃO)",9912,"USINA DE MISTURAS ASFALTICAS A QUENTE, MOVEL, TIPO CONTRA FLUXO, CAPACIDADE DE 40 A 80 T/H","UN","C",25.49]
["EQUIPAMENTO (AQUISIÇÃO)",9921,"USINA MISTURADORA DE SOLOS, DOSADORES TRIPLOS, CALHA VIBRATORIA CAPACIDADE DE 200 A 500 T/H, POTENCIA DE 75 KW","UN","CR",27.21]
["MATERIAL",21112,"VALVULA DE DESCARGA EM METAL CROMADO PARA MICTORIO COM ACIONAMENTO POR PRESSAO E FECHAMENTO AUTOMATICO","UN","CR",70.8]
["MATERIAL",10228,"VALVULA DE DESCARGA METALICA, BASE 1 1/2\" E ACABAMENTO METALICO CROMADO","UN","C",144.19999999999999]
["MATERIAL",11781,"VALVULA DE DESCARGA METALICA, BASE 1 1/4\" E ACABAMENTO METALICO CROMADO","UN","CR",170.26]
["MATERIAL",37588,"VALVULA DE ESCOAMENTO PARA TANQUE, EM METAL CROMADO, 1.1/2 \", SEM LADRAO, COM TAMPAO PLASTICO","UN","CR",140.85]
["MATERIAL",11751,"VALVULA DE ESFERA BRUTA EM BRONZE, BITOLA 1 1/2\"","UN","CR",201.52]
["MATERIAL",11750,"VALVULA DE ESFERA BRUTA EM BRONZE, BITOLA 1 1/4\"","UN","CR",14.99]
["MATERIAL",11746,"VALVULA DE ESFERA BRUTA EM BRONZE, BITOLA 1\"","UN","CR",16.53]
["MATERIAL",11748,"VALVULA DE ESFERA BRUTA EM BRONZE, BITOLA 1/2\"","UN","CR",22.01]
["MATERIAL",11747,"VALVULA DE ESFERA BRUTA EM BRONZE, BITOLA 2\"","UN","CR",34.15]
["MATERIAL",11749,"VALVULA DE ESFERA BRUTA EM BRONZE, BITOLA 3/4\"","UN","CR",51.81]
["MATERIAL",10236,"VALVULA DE RETENCAO DE BRONZE, PE COM CRIVOS, EXTREMIDADE COM ROSCA, DE 1 1/2\", PARA FUNDO DE POCO","UN","CR",123.37]
["MATERIAL",10233,"VALVULA DE RETENCAO DE BRONZE, PE COM CRIVOS, EXTREMIDADE COM ROSCA, DE 1 1/4\", PARA FUNDO DE POCO","UN","CR",160.81]
["MATERIAL",10234,"VALVULA DE RETENCAO DE BRONZE, PE COM CRIVOS, EXTREMIDADE COM ROSCA, DE 1\", PARA FUNDO DE POCO","UN","CR",244.87]
["MATERIAL",10231,"VALVULA DE RETENCAO DE BRONZE, PE COM CRIVOS, EXTREMIDADE COM ROSCA, DE 2 1/2\", PARA FUNDO DE POCO","UN","CR",206.75]
["MATERIAL",10232,"VALVULA DE RETENCAO DE BRONZE, PE COM CRIVOS, EXTREMIDADE COM ROSCA, DE 2\", PARA FUNDO DE POCO","UN","CR"]
["MATERIAL",10235,"VALVULA DE RETENCAO DE BRONZE, PE COM CRIVOS, EXTREMIDADE COM ROSCA, DE 3\", PARA FUNDO DE POCO","UN","CR"]
["MATERIAL",10229,"VALVULA DE RETENCAO DE BRONZE, PE COM CRIVOS, EXTREMIDADE COM ROSCA, DE 3/4\", PARA FUNDO DE POCO","UN","C"]
["MATERIAL",10230,"VALVULA DE RETENCAO DE BRONZE, PE COM CRIVOS, EXTREMIDADE COM ROSCA, DE 4\", PARA FUNDO DE POCO","UN","CR"]
["MATERIAL",10409,"VALVULA DE RETENCAO HORIZONTAL, DE BRONZE (PN-25), 1 1/2\", 400 PSI, TAMPA DE PORCA DE UNIAO, EXTREMIDADES COM ROSCA","UN","CR"]
["MATERIAL",10411,"VALVULA DE RETENCAO HORIZONTAL, DE BRONZE (PN-25), 1 1/4\", 400 PSI, TAMPA DE PORCA DE UNIAO, EXTREMIDADES COM ROSCA","UN","CR"]
["MATERIAL",10410,"VALVULA DE RETENCAO HORIZONTAL, DE BRONZE (PN-25), 1\", 400 PSI, TAMPA DE PORCA DE UNIAO, EXTREMIDADES COM ROSCA","UN","CR"]
["MATERIAL",10404,"VALVULA DE RETENCAO HORIZONTAL, DE BRONZE (PN-25), 1/2\", 400 PSI, TAMPA DE PORCA DE UNIAO, EXTREMIDADES COM ROSCA","UN","CR"]
["MATERIAL",10405,"VALVULA DE RETENCAO HORIZONTAL, DE BRONZE (PN-25), 2 1/2\", 400 PSI, TAMPA DE PORCA DE UNIAO, EXTREMIDADES COM ROSCA","UN","CR"]
["MATERIAL",10408,"VALVULA DE RETENCAO HORIZONTAL, DE BRONZE (PN-25), 2\", 400 PSI, TAMPA DE PORCA DE UNIAO, EXTREMIDADES COM ROSCA","UN","CR"]
["MATERIAL",10406,"VALVULA DE RETENCAO HORIZONTAL, DE BRONZE (PN-25), 3\", 400 PSI, TAMPA DE PORCA DE UNIAO, EXTREMIDADES COM ROSCA","UN","CR"]
["MATERIAL",10412,"VALVULA DE RETENCAO HORIZONTAL, DE BRONZE (PN-25), 3/4\", 400 PSI, TAMPA DE PORCA DE UNIAO, EXTREMIDADES COM ROSCA","UN","CR",318.49]
["MATERIAL",10407,"VALVULA DE RETENCAO HORIZONTAL, DE BRONZE (PN-25), 4\", 400 PSI, TAMPA DE PORCA DE UNIAO, EXTREMIDADES COM ROSCA","UN","CR",369.99]
["MATERIAL",10416,"VALVULA DE RETENCAO VERTICAL, DE BRONZE (PN-16), 1 1/2\", 200 PSI, EXTREMIDADES COM ROSCA","UN","CR",299.74]
["MATERIAL",10419,"VALVULA DE RETENCAO VERTICAL, DE BRONZE (PN-16), 1 1/4\", 200 PSI, EXTREMIDADES COM ROSCA","UN","CR",77.86]
["MATERIAL",10418,"VALVULA DE RETENCAO VERTICAL, DE BRONZE (PN-16), 1\", 200 PSI, EXTREMIDADES COM ROSCA","UN","CR",158.72]
["MATERIAL",21092,"VALVULA DE RETENCAO VERTICAL, DE BRONZE (PN-16), 1/2\", 200 PSI, EXTREMIDADES COM ROSCA","UN","CR",131.71]
["MATERIAL",12657,"VALVULA DE RETENCAO VERTICAL, DE BRONZE (PN-16), 2 1/2\", 200 PSI, EXTREMIDADES COM ROSCA","UN","CR",88.37]
["MATERIAL",10417,"VALVULA DE RETENCAO VERTICAL, DE BRONZE (PN-16), 2\", 200 PSI, EXTREMIDADES COM ROSCA","UN","CR",56.71]
["MATERIAL",10414,"VALVULA DE RETENCAO VERTICAL, DE BRONZE (PN-16), 3\", 200 PSI, EXTREMIDADES COM ROSCA","UN","CR",244.74]
["MATERIAL",10413,"VALVULA DE RETENCAO VERTICAL, DE BRONZE (PN-16), 3/4\", 200 PSI, EXTREMIDADES COM ROSCA","UN","CR",65.459999999999994]
["MATERIAL",10415,"VALVULA DE RETENCAO VERTICAL, DE BRONZE (PN-16), 4\", 200 PSI, EXTREMIDADES COM ROSCA","UN","CR",159.22]
["MATERIAL",38643,"VALVULA EM METAL CROMADO PARA LAVATORIO, 1\" SEM LADRAO","UN","CR",149.19999999999999]
["MATERIAL",6157,"VALVULA EM METAL CROMADO PARA PIA AMERICANA 3.1/2 X 1.1/2\"","UN","CR",93.99]
["MATERIAL",6158,"VALVULA EM PLASTICO BRANCO PARA LAVATORIO 1 \", SEM UNHO, COM LADRAO","UN","CR",431]
["MATERIAL",6156,"VALVULA EM PLASTICO BRANCO PARA TANQUE 1.1/4\" X 1.1/2 \", SEM UNHO E SEM LADRAO","UN","CR",241.18]
["MATERIAL",6153,"VALVULA EM PLASTICO BRANCO PARA TANQUE OU LAVATORIO 1 \", SEM UNHO E SEM LADRAO","UN","CR",590.85]
["MATERIAL",6154,"VALVULA EM PLASTICO CROMADO PARA LAVATORIO 1 \", SEM UNHO, COM LADRAO","UN","CR",85]
["MATERIAL",6155,"VALVULA EM PLASTICO CROMADO TIPO AMERICANA PARA PIA DE COZINHA 3.1/2\" X 1.1/2 \", SEM ADAPTADOR","UN","CR",1039.8399999999999]
["MATERIAL",43595,"VARA FINA PARA CREMONA, EM FERRO ZINCADO BRANCO, COM DIAMETRO DE APROX 10 MM E COMPRIMENTO DE 1,20 M","UN","CR",308.93]
["MATERIAL",43596,"VARA FINA PARA CREMONA, EM FERRO ZINCADO BRANCO, COM DIAMETRO DE APROX 10 MM E COMPRIMENTO DE 1,50 M","UN","CR",276.43]
["MATERIAL",38108,"VARIADOR DE LUMINOSIDADE ROTATIVO (DIMMER) 127 V, 300 W (APENAS MODULO)","UN","CR",184.65]
["MATERIAL",38087,"VARIADOR DE LUMINOSIDADE ROTATIVO (DIMMER) 127V, 300W, CONJUNTO MONTADO PARA EMBUTIR 4\" X 2\" (PLACA + SUPORTE + MODULO)","UN","CR",112.1]
["MATERIAL",38109,"VARIADOR DE LUMINOSIDADE ROTATIVO (DIMMER) 220 V, 600 W (APENAS MODULO)","UN","CR",618.92999999999995]
["MATERIAL",38088,"VARIADOR DE LUMINOSIDADE ROTATIVO (DIMMER) 220V, 600W, CONJUNTO MONTADO PARA EMBUTIR 4\" X 2\" (PLACA + SUPORTE + MODULO)","UN","CR",432.81]
["MATERIAL",38110,"VARIADOR DE VELOCIDADE PARA VENTILADOR 127 V, 150 W (APENAS MODULO)","UN","CR",854.87]
["MATERIAL",38089,"VARIADOR DE VELOCIDADE PARA VENTILADOR 127V, 150W + 2 INTERRUPTORES PARALELOS, PARA REVERSAO E LAMPADA, CONJUNTO MONTADO PARA EMBUTIR 4\" X 2\" (PLACA + SUPORTE + MODULOS)","UN","CR",135.86000000000001]
["MATERIAL",38111,"VARIADOR DE VELOCIDADE PARA VENTILADOR 220 V, 250 W (APENAS MODULO)","UN","CR",1325.91]
["MATERIAL",38090,"VARIADOR DE VELOCIDADE PARA VENTILADOR 220V, 250W + 2 INTERRUPTORES PARALELOS, PARA REVERSAO E LAMPADA, CONJUNTO MONTADO PARA EMBUTIR 4\" X 2\" (PLACA + SUPORTE + MODULOS)","UN","CR",164.46]
["MATERIAL",38400,"VASSOURA 40 CM COM CABO","UN","CR",142.75]
["EQUIPAMENTO (AQUISIÇÃO)",13726,"VASSOURA MECANICA REBOCAVEL COM ESCOVA CILINDRICA LARGURA UTIL DE VARRIMENTO = 2,44M","UN","CR",95.15]
["MATERIAL",12627,"VEDACAO DE CALHA, EM BORRACHA COR PRETA, MEDIDA ENTRE 119 E 170 MM, PARA DRENAGEM PLUVIAL PREDIAL","UN","CR",81.61]
["MATERIAL",39996,"VERGALHAO ZINCADO ROSCA TOTAL, 1/4\" (6,3 MM)","M","CR",383.99]
["MATERIAL",10478,"VERNIZ A BASE RESINA ALQUIDICA COM POLIURETANO PARA MADEIRA, COM FILTRO SOLAR, BRILHANTE, USO INTERNO E EXTERNO","L","C",239.63]
["MATERIAL",10481,"VERNIZ MARITIMO PREMIUM PARA MADEIRA, COM FILTRO SOLAR, BRILHANTE, USO INTERNO E EXTERNO","L","CR",524.36]
["MATERIAL",10475,"VERNIZ TIPO COPAL PARA MADEIRA, BRILHANTE, USO INTERNO","L","CR",87.09]
["MATERIAL",4030,"VEU DE POLIESTER PARA IMPERMEABILIZACAO","M2","CR",910.06]
["MATERIAL",4031,"VEU DE VIDRO/VEU DE SUPERFICIE 30 A 35 G/M2","M2","CR",61.87]
["EQUIPAMENTO (AQUISIÇÃO)",39399,"VIBRADOR DE IMERSAO, COM PONTEIRA DE *35* MM, MANGOTE DE 5 M, SEM MOTOR","UN","CR",84.52]
["EQUIPAMENTO (AQUISIÇÃO)",39400,"VIBRADOR DE IMERSAO, COM PONTEIRA DE *45* MM, MANGOTE DE 5 M, SEM MOTOR.","UN","CR",6.62]
["EQUIPAMENTO (AQUISIÇÃO)",39401,"VIBRADOR DE IMERSAO, COM PONTEIRA DE *60* MM, MANGOTE DE 5 M, SEM MOTOR.","UN","CR",5.68]
["EQUIPAMENTO (AQUISIÇÃO)",11652,"VIBRADOR DE IMERSAO, DIAMETRO DA PONTEIRA DE *35* MM, COM MOTOR 4 TEMPOS A GASOLINA DE 5,5 HP (5,5 CV)","UN","C",4.5599999999999996]
["EQUIPAMENTO (AQUISIÇÃO)",13475,"VIBRADOR DE IMERSAO, DIAMETRO DA PONTEIRA DE *45* MM, COM MOTOR 4 TEMPOS A GASOLINA DE 5,5 HP (5,5 CV)","UN","CR",8.1]
["EQUIPAMENTO (AQUISIÇÃO)",13896,"VIBRADOR DE IMERSAO, DIAMETRO DA PONTEIRA DE *45* MM, COM MOTOR ELETRICO TRIFASICO DE 2 HP (2 CV)","UN","CR",18.64]
["EQUIPAMENTO (AQUISIÇÃO)",44470,"VIBROACABADORA DE ASFALTO SOBRE ESTEIRAS, LARG. PAVIM. 2,13 M A 4,55 M, POT. 74 KW/ 100 HP, CAP. 400  T/ H","UN","CR",20.66]
["EQUIPAMENTO (AQUISIÇÃO)",13476,"VIBROACABADORA DE ASFALTO SOBRE ESTEIRAS, LARG. PAVIM. 2,60 M A 5,75 M, POT. 110 HP, CAP. 450 T/ H","UN","CR",23.88]
["EQUIPAMENTO (AQUISIÇÃO)",44491,"VIBROACABADORA DE ASFALTO SOBRE ESTEIRAS, LARG. PAVIM. MAX. 8,00 M, POT. 100 KW/ 134 HP, CAP.  600 T/ H","UN","CR",46.35]
["EQUIPAMENTO (AQUISIÇÃO)",10488,"VIBROACABADORA DE ASFALTO SOBRE ESTEIRAS, LARG. PAVIMENT. 1,90 A 5,3 M, POT. 78 KW/105 HP, CAP. 450 T/H","UN","C",59.61]
["EQUIPAMENTO (AQUISIÇÃO)",13606,"VIBROACABADORA DE ASFALTO SOBRE RODAS, LARGURA DE PAVIMENTACAO DE 1,70 A 4,20 M, POTENCIA 78 KW/105 HP, CAPACIDADE 300 T/H","UN","CR",74.08]
["MAO DE OBRA",10489,"VIDRACEIRO (HORISTA)","H","CR",77.89]
["MAO DE OBRA",41073,"VIDRACEIRO (MENSALISTA)","MES","CR",28.49]
["MATERIAL",34391,"VIDRO COMUM LAMINADO LISO INCOLOR DUPLO, ESPESSURA TOTAL 8 MM (CADA CAMADA DE 4 MM) - COLOCADO","M2","CR",49.65]
["MATERIAL",10496,"VIDRO COMUM LAMINADO, LISO, INCOLOR, DUPLO, ESPESSURA TOTAL 6 MM (CADA CAMADA E= 3 MM) - COLOCADO","M2","CR",31.87]
["MATERIAL",10497,"VIDRO COMUM LAMINADO, LISO, INCOLOR, TRIPLO, ESPESSURA TOTAL 12 MM (CADA CAMADA E= 4 MM) - COLOCADO","M2","CR",51.32]
["MATERIAL",10504,"VIDRO COMUM LAMINADO, LISO, INCOLOR, TRIPLO, ESPESSURA TOTAL 15 MM (CADA CAMADA E = 5 MM) - COLOCADO","M2","CR",37.5]
["MATERIAL",34390,"VIDRO CRISTAL COLORIDO, 10 MM, PINTADO NA COR BRANCA","M2","CR"]
["MATERIAL",34389,"VIDRO CRISTAL COLORIDO, 4 MM, PINTADO NA COR BRANCA","M2","CR",1.01]
["MATERIAL",34388,"VIDRO CRISTAL COLORIDO, 6 MM, PINTADO NA COR BRANCA","M2","CR",4.07]
["MATERIAL",34387,"VIDRO CRISTAL COLORIDO, 8 MM, PINTADO NA COR BRANCA","M2","CR",41.72]
["MATERIAL",11188,"VIDRO LISO FUME E = 4MM - SEM COLOCACAO","M2","CR",37.1]
["MATERIAL",11189,"VIDRO LISO FUME E = 6MM - SEM COLOCACAO","M2","CR",35.9]
["MATERIAL",21107,"VIDRO LISO FUME, E = 5 MM - SEM COLOCACAO","M2","CR",7.7]
["MATERIAL",34386,"VIDRO LISO INCOLOR 10 MM - SEM COLOCACAO","M2","CR",36.21]
["MATERIAL",10490,"VIDRO LISO INCOLOR 2 A 3 MM - SEM COLOCACAO","M2","CR"]
["MATERIAL",10492,"VIDRO LISO INCOLOR 4MM - SEM COLOCACAO","M2","C"]
["MATERIAL",10493,"VIDRO LISO INCOLOR 5MM - SEM COLOCACAO","M2","CR"]
["MATERIAL",10491,"VIDRO LISO INCOLOR 6 MM - SEM COLOCACAO","M2","CR"]
["MATERIAL",34385,"VIDRO LISO INCOLOR 8MM  -  SEM COLOCACAO","M2","CR"]
["MATERIAL",10499,"VIDRO MARTELADO OU CANELADO, 4 MM - SEM COLOCACAO","M2","CR"]
["MATERIAL",34384,"VIDRO PLANO ARAMADO E = 6 MM - SEM COLOCACAO","M2","CR"]
["MATERIAL",11185,"VIDRO PLANO ARAMADO E = 7MM - SEM COLOCACAO","M2","CR"]
["MATERIAL",10507,"VIDRO TEMPERADO INCOLOR E = 10 MM, SEM COLOCACAO","M2","CR"]
["MATERIAL",10505,"VIDRO TEMPERADO INCOLOR E = 6 MM, SEM COLOCACAO","M2","CR"]
["MATERIAL",10506,"VIDRO TEMPERADO INCOLOR E = 8 MM, SEM COLOCACAO","M2","CR"]
["MATERIAL",5031,"VIDRO TEMPERADO INCOLOR PARA PORTA DE ABRIR, E = 10 MM (SEM FERRAGENS E SEM COLOCACAO)","M2","C",17.059999999999999]
["MATERIAL",10502,"VIDRO TEMPERADO VERDE E = 10 MM, SEM COLOCACAO","M2","CR",2989.85]
["MATERIAL",10501,"VIDRO TEMPERADO VERDE E = 6 MM, SEM COLOCACAO","M2","CR",682.21]
["MATERIAL",10503,"VIDRO TEMPERADO VERDE E = 8 MM, SEM COLOCACAO","M2","CR",593.75]
["MATERIAL",4500,"VIGA *7,5 X 10* CM EM PINUS, MISTA OU EQUIVALENTE DA REGIAO - BRUTA","M","CR",1543.74]
["MATERIAL",4448,"VIGA *7,5 X 15 CM EM PINUS, MISTA OU EQUIVALENTE DA REGIAO - BRUTA","M","CR",1805]
["MATERIAL",20213,"VIGA APARELHADA *6 X 12* CM, EM MACARANDUBA/MASSARANDUBA, ANGELIM OU EQUIVALENTE DA REGIAO","M","CR",531.99]
["MATERIAL",20211,"VIGA APARELHADA *6 X 16* CM, EM MACARANDUBA/MASSARANDUBA, ANGELIM OU EQUIVALENTE DA REGIAO","M","CR",166.25]
["MATERIAL",40270,"VIGA DE ESCORAMENTO H20, DE MADEIRA, PESO DE 5,00 A 5,20 KG/M, COM EXTREMIDADES PLASTICAS","M","C",236.28]
["MATERIAL",4425,"VIGA NAO APARELHADA *6 X 12* CM, EM MACARANDUBA/MASSARANDUBA, ANGELIM OU EQUIVALENTE DA REGIAO - BRUTA","M","CR",383.56]
["MATERIAL",4472,"VIGA NAO APARELHADA *6 X 16* CM, EM MACARANDUBA/MASSARANDUBA, ANGELIM OU EQUIVALENTE DA REGIAO - BRUTA","M","CR",189.99]
["MATERIAL",35272,"VIGA NAO APARELHADA *6 X 20* CM, EM MACARANDUBA/MASSARANDUBA, ANGELIM OU EQUIVALENTE DA REGIAO - BRUTA","M","CR",285]
["MATERIAL",4481,"VIGA NAO APARELHADA *8 X 16* CM EM MACARANDUBA/MASSARANDUBA, ANGELIM OU EQUIVALENTE DA REGIAO - BRUTA","M","CR",205.1]
["MAO DE OBRA",34345,"VIGIA DIURNO (HORISTA)","H","CR",356.25]
["MAO DE OBRA",41096,"VIGIA DIURNO (MENSALISTA)","MES","CR",124.68]
[{"$nulls":5},142.5]
[{"$nulls":5},166.25]
[{"$nulls":5},201.87]
[{"$nulls":5},294.5]
[{"$nulls":5},118.74]
[{"$nulls":5},356.25]
[{"$nulls":5},368.12]
[{"$nulls":5},372.13]
[{"$nulls":5},219.58]
[{"$nulls":5},286.64999999999998]
[{"$nulls":5},402.5]
[{"$nulls":5},469]
[{"$nulls":5},264.97000000000003]
[{"$nulls":5},357.98]
[{"$nulls":5},20.54]
[{"$nulls":5},28.22]
[{"$nulls":5},28.12]
[{"$nulls":5},37.229999999999997]
[]
[{"$nulls":5},30.77]
[{"$nulls":5},38.44]
[{"$nulls":5},55.57]
[{"$nulls":5},59.48]
[{"$nulls":5},17.38]
[{"$nulls":5},3043.76]

{"sheet":"Comp SINAPI PE 06-2025 Onerado","index":21,"n_rows":9733,"n_cols":6,"rows_kept":9733,"cut":false,"hidden":false,"merged":[]}
["SINAPI - Sistema Nacional de Pesquisa de Custos e Índices da Construção Civil"]
["RELATÓRIO DE CUSTOS DE COMPOSIÇÕES - ENCARGOS SOCIAIS SEM DESONERAÇÃO"]
["Mês de Referência:","2025-06-01",null,"Encargos sociais sobre a mão de obra:"]
["Data de emissão:",null,null,"(SEM DESONERAÇÃO)","PE"]
[null,null,null,"Localidade","RECIFE"]
["Observação:","%AS (porcentagem Atribuído São Paulo) corresponde a porcentagem do custo total da",null,"Horista",1.1384000000000001]
[null,"composição que foi obtida utilizando preços de insumos de São Paulo por indisponibilidade",null,"Mensalista",0.70109999999999995]
[null,"dos preços de insumos necessários à composição no estado em questão. Custo zerado (hífen)"]
[null,"indica que pelo menos um dos itens da composição não tem custo/preço.",null,null,"PE"]
["Grupo","Código da\nComposição","Descrição","Unidade","Custo (R$)","%AS"]
["Acessibilidade",104658,"PISO PODOTÁTIL DE ALERTA OU DIRECIONAL, DE CONCRETO, ASSENTADO SOBRE ARGAMASSA. AF_03/2024","M2",152.52000000000001,0]
["Acessibilidade",105002,"RAMPA DE ACESSIBILIDADE EM CONCRETO MOLDADO IN LOCO, EM CALÇADA NOVA COM LARGURA MAIOR OU IGUAL À 3,00 M, FCK 25MPA, COM PISO PODOTÁTIL. AF_03/2024","UN",732.7,0]
["Acessibilidade",105004,"RAMPA DE ACESSIBILIDADE EM CONCRETO MOLDADO IN LOCO, EM CALÇADA NOVA COM LARGURA MENOR À 3,00 M, FCK 25MPA, COM PISO PODOTÁTIL. AF_03/2024","M2",124.47,0]
["Acessibilidade",105003,"RAMPA DE ACESSIBILIDADE EM CONCRETO MOLDADO IN LOCO, EM CALÇADA PRÉ EXISTENTE COM LARGURA MAIOR OU IGUAL À 3,00 M, FCK 25MPA, COM PISO PODOTÁTIL. AF_03/2024","UN",1175.01,6.2600000000000003E-2]
["Acessibilidade",105005,"RAMPA DE ACESSIBILIDADE EM CONCRETO MOLDADO IN LOCO, EM CALÇADA PRÉ EXISTENTE COM LARGURA MENOR À 3,00 M, FCK 25MPA, COM PISO PODOTÁTIL. AF_03/2024","M2",206.37,6.59E-2]
["Acessibilidade",105006,"RAMPA DE ACESSIBILIDADE EM CONCRETO PRÉ MOLDADO, EM CALÇADA NOVA COM LARGURA MAIOR OU IGUAL À 3,00 M, FCK 25MPA, COM PISO PODOTÁTIL. AF_03/2024","UN",0]
["Acessibilidade",104999,"RAMPA DE ACESSIBILIDADE EM CONCRETO PRÉ MOLDADO, EM CALÇADA PRÉ EXISTENTE COM LARGURA MAIOR OU IGUAL À 3,00 M, FCK 25MPA, COM PISO PODOTÁTIL. AF_03/2024","UN",0]
["Acessibilidade",105000,"RAMPA DE ACESSIBILIDADE PARA ACESSO A EDIFICAÇÕES COM INCLINAÇÃO DE 8,33% EM CONCRETO MOLDADO IN LOCO, COM LARGURA DE 1,20M, FCK 25MPA, NÃO ARMADA, COM JUNTA A CADA 2M COM CORTE À SECO. AF_03/2024","M",1331.67,0]
["Acessibilidade",105001,"RAMPA DE ACESSIBILIDADE PARA ACESSO A EDIFICAÇÕES COM INCLINAÇÃO DE 8,33% EM CONCRETO MOLDADO IN LOCO, COM LARGURA DE 1,50M, FCK 25MPA, NÃO ARMADA, COM JUNTA A CADA 2M COM CORTE À SECO. AF_03/2024","M",1362.25,0]
["Alvenaria Estrutural - Blocos Cerâmicos",89306,"ALVENARIA ESTRUTURAL DE BLOCOS CERÂMICOS 14X19X29, (ESPESSURA DE 14 CM), UTILIZANDO COLHER DE PEDREIRO E ARGAMASSA DE ASSENTAMENTO COM PREPARO EM BETONEIRA. AF_03/2023","M2",91.78,0]
["Alvenaria Estrutural - Blocos Cerâmicos",89307,"ALVENARIA ESTRUTURAL DE BLOCOS CERÂMICOS 14X19X29, (ESPESSURA DE 14 CM), UTILIZANDO COLHER DE PEDREIRO E ARGAMASSA DE ASSENTAMENTO COM PREPARO MANUAL. AF_03/2023","M2",94.58,0]
["Alvenaria Estrutural - Blocos Cerâmicos",89290,"ALVENARIA ESTRUTURAL DE BLOCOS CERÂMICOS 14X19X29, (ESPESSURA DE 14 CM), UTILIZANDO PALHETA E ARGAMASSA DE ASSENTAMENTO COM PREPARO EM BETONEIRA. AF_03/2023","M2",74.25,0]
["Alvenaria Estrutural - Blocos Cerâmicos",89291,"ALVENARIA ESTRUTURAL DE BLOCOS CERÂMICOS 14X19X29, (ESPESSURA DE 14 CM), UTILIZANDO PALHETA E ARGAMASSA DE ASSENTAMENTO COM PREPARO MANUAL. AF_03/2023","M2",76.34,0]
["Alvenaria Estrutural - Blocos Cerâmicos",89298,"ALVENARIA ESTRUTURAL DE BLOCOS CERÂMICOS 14X19X39, (ESPESSURA DE 14 CM), UTILIZANDO COLHER DE PEDREIRO E ARGAMASSA DE ASSENTAMENTO COM PREPARO EM BETONEIRA. AF_03/2023","M2",77.78,0]
["Alvenaria Estrutural - Blocos Cerâmicos",89299,"ALVENARIA ESTRUTURAL DE BLOCOS CERÂMICOS 14X19X39, (ESPESSURA DE 14 CM), UTILIZANDO COLHER DE PEDREIRO E ARGAMASSA DE ASSENTAMENTO COM PREPARO MANUAL. AF_03/2023","M2",80.290000000000006,0]
["Alvenaria Estrutural - Blocos Cerâmicos",89282,"ALVENARIA ESTRUTURAL DE BLOCOS CERÂMICOS 14X19X39, (ESPESSURA DE 14 CM), UTILIZANDO PALHETA E ARGAMASSA DE ASSENTAMENTO COM PREPARO EM BETONEIRA. AF_03/2023","M2",65.39,0]
["Alvenaria Estrutural - Blocos Cerâmicos",89283,"ALVENARIA ESTRUTURAL DE BLOCOS CERÂMICOS 14X19X39, (ESPESSURA DE 14 CM), UTILIZANDO PALHETA E ARGAMASSA DE ASSENTAMENTO COM PREPARO MANUAL. AF_03/2023","M2",67.27,0]
["Alvenaria Estrutural - Blocos de Concreto",89480,"ALVENARIA DE BLOCOS DE CONCRETO ESTRUTURAL 14X19X29 CM (ESPESSURA 14 CM), FBK = 14 MPA, UTILIZANDO COLHER DE PEDREIRO. AF_10/2022","M2",159.37,0]
["Alvenaria Estrutural - Blocos de Concreto",89464,"ALVENARIA DE BLOCOS DE CONCRETO ESTRUTURAL 14X19X29 CM (ESPESSURA 14 CM), FBK = 14,0 MPA, UTILIZANDO PALHETA. AF_10/2022","M2",137.76,0]
["Alvenaria Estrutural - Blocos de Concreto",89478,"ALVENARIA DE BLOCOS DE CONCRETO ESTRUTURAL 14X19X29 CM (ESPESSURA 14 CM), FBK = 4,5 MPA, UTILIZANDO COLHER DE PEDREIRO. AF_10/2022","M2",138.87,0]
["Alvenaria Estrutural - Blocos de Concreto",89462,"ALVENARIA DE BLOCOS DE CONCRETO ESTRUTURAL 14X19X29 CM (ESPESSURA 14 CM), FBK = 4,5 MPA, UTILIZANDO PALHETA. AF_10/2022","M2",118.01,0]
["Alvenaria Estrutural - Blocos de Concreto",104444,"ALVENARIA DE BLOCOS DE CONCRETO ESTRUTURAL 14X19X29 CM (ESPESSURA 14 CM), FBK = 8 MPA, UTILIZANDO COLHER DE PEDREIRO. AF_10/2022","M2",0]
["Alvenaria Estrutural - Blocos de Concreto",104442,"ALVENARIA DE BLOCOS DE CONCRETO ESTRUTURAL 14X19X29 CM (ESPESSURA 14 CM), FBK = 8 MPA, UTILIZANDO PALHETA. AF_10/2022","M2",0]
["Alvenaria Estrutural - Blocos de Concreto",89472,"ALVENARIA DE BLOCOS DE CONCRETO ESTRUTURAL 14X19X39 CM (ESPESSURA 14 CM), FBK = 14 MPA, UTILIZANDO COLHER DE PEDREIRO. AF_10/2022","M2",120.96,0]
["Alvenaria Estrutural - Blocos de Concreto",89455,"ALVENARIA DE BLOCOS DE CONCRETO ESTRUTURAL 14X19X39 CM (ESPESSURA 14 CM), FBK = 14 MPA, UTILIZANDO PALHETA. AF_10/2022","M2",107.33,0]
["Alvenaria Estrutural - Blocos de Concreto",89470,"ALVENARIA DE BLOCOS DE CONCRETO ESTRUTURAL 14X19X39 CM (ESPESSURA 14 CM), FBK = 4,5 MPA, UTILIZANDO COLHER DE PEDREIRO. AF_10/2022","M2",102.2,0]
["Alvenaria Estrutural - Blocos de Concreto",89453,"ALVENARIA DE BLOCOS DE CONCRETO ESTRUTURAL 14X19X39 CM (ESPESSURA 14 CM), FBK = 4,5 MPA, UTILIZANDO PALHETA. AF_10/2022","M2",89.38,0]
["Alvenaria Estrutural - Blocos de Concreto",104443,"ALVENARIA DE BLOCOS DE CONCRETO ESTRUTURAL 14X19X39 CM (ESPESSURA 14 CM), FBK = 8 MPA, UTILIZANDO COLHER DE PEDREIRO. AF_10/2022","M2",0]
["Alvenaria Estrutural - Blocos de Concreto",104441,"ALVENARIA DE BLOCOS DE CONCRETO ESTRUTURAL 14X19X39 CM (ESPESSURA 14 CM), FBK = 8 MPA, UTILIZANDO PALHETA. AF_10/2022","M2",0]
["Alvenaria de Vedação",103354,"ALVENARIA DE VEDAÇÃO DE BLOCOS CERÂMICOS FURADOS NA HORIZONTAL DE 11,5X14X24 CM (ESPESSURA 11,5 CM) E ARGAMASSA DE ASSENTAMENTO COM PREPARO EM BETONEIRA. AF_12/2021","M2",87.09,7.1000000000000004E-3]
["Alvenaria de Vedação",103355,"ALVENARIA DE VEDAÇÃO DE BLOCOS CERÂMICOS FURADOS NA HORIZONTAL DE 11,5X14X24 CM (ESPESSURA 11,5 CM) E ARGAMASSA DE ASSENTAMENTO COM PREPARO MANUAL. AF_12/2021","M2",88.66,7.0000000000000001E-3]
["Alvenaria de Vedação",103330,"ALVENARIA DE VEDAÇÃO DE BLOCOS CERÂMICOS FURADOS NA HORIZONTAL DE 11,5X19X19 CM (ESPESSURA 11,5 CM) E ARGAMASSA DE ASSENTAMENTO COM PREPARO EM BETONEIRA. AF_12/2021","M2",79.790000000000006,5.4999999999999997E-3]
["Alvenaria de Vedação",103331,"ALVENARIA DE VEDAÇÃO DE BLOCOS CERÂMICOS FURADOS NA HORIZONTAL DE 11,5X19X19 CM (ESPESSURA 11,5 CM) E ARGAMASSA DE ASSENTAMENTO COM PREPARO MANUAL. AF_12/2021","M2",81.28,5.4000000000000003E-3]
["Alvenaria de Vedação",103358,"ALVENARIA DE VEDAÇÃO DE BLOCOS CERÂMICOS FURADOS NA HORIZONTAL DE 11,5X19X29 CM (ESPESSURA 11,5 CM) E ARGAMASSA DE ASSENTAMENTO COM PREPARO EM BETONEIRA. AF_12/2021","M2",66.97,6.6E-3]
["Alvenaria de Vedação",103359,"ALVENARIA DE VEDAÇÃO DE BLOCOS CERÂMICOS FURADOS NA HORIZONTAL DE 11,5X19X29 CM (ESPESSURA 11,5 CM) E ARGAMASSA DE ASSENTAMENTO COM PREPARO MANUAL. AF_12/2021","M2",68.23,6.4000000000000003E-3]
["Alvenaria de Vedação",103366,"ALVENARIA DE VEDAÇÃO DE BLOCOS CERÂMICOS FURADOS NA HORIZONTAL DE 11,5X19X39 CM (ESPESSURA 11,5 CM) E ARGAMASSA DE ASSENTAMENTO COM PREPARO EM BETONEIRA. AF_12/2021","M2",57.61,7.6E-3]
["Alvenaria de Vedação",103367,"ALVENARIA DE VEDAÇÃO DE BLOCOS CERÂMICOS FURADOS NA HORIZONTAL DE 11,5X19X39 CM (ESPESSURA 11,5 CM) E ARGAMASSA DE ASSENTAMENTO COM PREPARO MANUAL. AF_12/2021","M2",58.75,7.4999999999999997E-3]
["Alvenaria de Vedação",103360,"ALVENARIA DE VEDAÇÃO DE BLOCOS CERÂMICOS FURADOS NA HORIZONTAL DE 14X19X29 CM (ESPESSURA 14 CM) E ARGAMASSA DE ASSENTAMENTO COM PREPARO EM BETONEIRA. AF_12/2021","M2",78.58,5.5999999999999999E-3]
["Alvenaria de Vedação",103361,"ALVENARIA DE VEDAÇÃO DE BLOCOS CERÂMICOS FURADOS NA HORIZONTAL DE 14X19X29 CM (ESPESSURA 14 CM) E ARGAMASSA DE ASSENTAMENTO COM PREPARO MANUAL. AF_12/2021","M2",80.17,5.4999999999999997E-3]
["Alvenaria de Vedação",103368,"ALVENARIA DE VEDAÇÃO DE BLOCOS CERÂMICOS FURADOS NA HORIZONTAL DE 14X19X39 CM (ESPESSURA 14 CM) E ARGAMASSA DE ASSENTAMENTO COM PREPARO EM BETONEIRA. AF_12/2021","M2",65.760000000000005,6.7000000000000002E-3]
["Alvenaria de Vedação",103369,"ALVENARIA DE VEDAÇÃO DE BLOCOS CERÂMICOS FURADOS NA HORIZONTAL DE 14X19X39 CM (ESPESSURA 14 CM) E ARGAMASSA DE ASSENTAMENTO COM PREPARO MANUAL. AF_12/2021","M2",67.2,6.4999999999999997E-3]
["Alvenaria de Vedação",103334,"ALVENARIA DE VEDAÇÃO DE BLOCOS CERÂMICOS FURADOS NA HORIZONTAL DE 14X9X19 CM (ESPESSURA 14 CM, BLOCO DEITADO) E ARGAMASSA DE ASSENTAMENTO COM PREPARO EM BETONEIRA. AF_12/2021","M2",142.75,6.0000000000000001E-3]
["Alvenaria de Vedação",103335,"ALVENARIA DE VEDAÇÃO DE BLOCOS CERÂMICOS FURADOS NA HORIZONTAL DE 14X9X19 CM (ESPESSURA 14 CM, BLOCO DEITADO) E ARGAMASSA DE ASSENTAMENTO COM PREPARO MANUAL. AF_12/2021","M2",145.53,5.8999999999999999E-3]
["Alvenaria de Vedação",103362,"ALVENARIA DE VEDAÇÃO DE BLOCOS CERÂMICOS FURADOS NA HORIZONTAL DE 19X19X29 CM (ESPESSURA 19 CM) E ARGAMASSA DE ASSENTAMENTO COM PREPARO EM BETONEIRA. AF_12/2021","M2",94.34,4.7000000000000002E-3]
["Alvenaria de Vedação",103363,"ALVENARIA DE VEDAÇÃO DE BLOCOS CERÂMICOS FURADOS NA HORIZONTAL DE 19X19X29 CM (ESPESSURA 19 CM) E ARGAMASSA DE ASSENTAMENTO COM PREPARO MANUAL. AF_12/2021","M2",96.14,4.5999999999999999E-3]
["Alvenaria de Vedação",103370,"ALVENARIA DE VEDAÇÃO DE BLOCOS CERÂMICOS FURADOS NA HORIZONTAL DE 19X19X39 CM (ESPESSURA 19 CM) E ARGAMASSA DE ASSENTAMENTO COM PREPARO EM BETONEIRA. AF_12/2021","M2",81.94,5.4000000000000003E-3]
["Alvenaria de Vedação",103371,"ALVENARIA DE VEDAÇÃO DE BLOCOS CERÂMICOS FURADOS NA HORIZONTAL DE 19X19X39 CM (ESPESSURA 19 CM) E ARGAMASSA DE ASSENTAMENTO COM PREPARO MANUAL. AF_12/2021","M2",83.56,5.3E-3]
["Alvenaria de Vedação",103332,"ALVENARIA DE VEDAÇÃO DE BLOCOS CERÂMICOS FURADOS NA HORIZONTAL DE 9X14X19 CM (ESPESSURA 9 CM) E ARGAMASSA DE ASSENTAMENTO COM PREPARO EM BETONEIRA. AF_12/2021","M2",120.43,2.5000000000000001E-3]
["Alvenaria de Vedação",103333,"ALVENARIA DE VEDAÇÃO DE BLOCOS CERÂMICOS FURADOS NA HORIZONTAL DE 9X14X19 CM (ESPESSURA 9 CM) E ARGAMASSA DE ASSENTAMENTO COM PREPARO MANUAL. AF_12/2021","M2",122.02,2.5000000000000001E-3]
["Alvenaria de Vedação",103352,"ALVENARIA DE VEDAÇÃO DE BLOCOS CERÂMICOS FURADOS NA HORIZONTAL DE 9X14X24 CM (ESPESSURA 9 CM) E ARGAMASSA DE ASSENTAMENTO COM PREPARO EM BETONEIRA. AF_12/2021","M2",102.58,2.8999999999999998E-3]
["Alvenaria de Vedação",103353,"ALVENARIA DE VEDAÇÃO DE BLOCOS CERÂMICOS FURADOS NA HORIZONTAL DE 9X14X24 CM (ESPESSURA 9 CM) E ARGAMASSA DE ASSENTAMENTO COM PREPARO MANUAL. AF_12/2021","M2",104.05,2.8999999999999998E-3]
["Alvenaria de Vedação",103328,"ALVENARIA DE VEDAÇÃO DE BLOCOS CERÂMICOS FURADOS NA HORIZONTAL DE 9X19X19 CM (ESPESSURA 9 CM) E ARGAMASSA DE ASSENTAMENTO COM PREPARO EM BETONEIRA. AF_12/2021","M2",93.43,2.3999999999999998E-3]
["Alvenaria de Vedação",103329,"ALVENARIA DE VEDAÇÃO DE BLOCOS CERÂMICOS FURADOS NA HORIZONTAL DE 9X19X19 CM (ESPESSURA 9 CM) E ARGAMASSA DE ASSENTAMENTO COM PREPARO MANUAL. AF_12/2021","M2",94.81,2.3E-3]
["Alvenaria de Vedação",103356,"ALVENARIA DE VEDAÇÃO DE BLOCOS CERÂMICOS FURADOS NA HORIZONTAL DE 9X19X29 CM (ESPESSURA 9 CM) E ARGAMASSA DE ASSENTAMENTO COM PREPARO EM BETONEIRA. AF_12/2021","M2",57.91,3.8E-3]
["Alvenaria de Vedação",103357,"ALVENARIA DE VEDAÇÃO DE BLOCOS CERÂMICOS FURADOS NA HORIZONTAL DE 9X19X29 CM (ESPESSURA 9 CM) E ARGAMASSA DE ASSENTAMENTO COM PREPARO MANUAL. AF_12/2021","M2",59.08,3.7000000000000002E-3]
["Alvenaria de Vedação",103364,"ALVENARIA DE VEDAÇÃO DE BLOCOS CERÂMICOS FURADOS NA HORIZONTAL DE 9X19X39 CM (ESPESSURA 9 CM) E ARGAMASSA DE ASSENTAMENTO COM PREPARO EM BETONEIRA. AF_12/2021","M2",47.96,9.1999999999999998E-3]
["Alvenaria de Vedação",103365,"ALVENARIA DE VEDAÇÃO DE BLOCOS CERÂMICOS FURADOS NA HORIZONTAL DE 9X19X39 CM (ESPESSURA 9 CM) E ARGAMASSA DE ASSENTAMENTO COM PREPARO MANUAL. AF_12/2021","M2",48.78,4.4999999999999997E-3]
["Alvenaria de Vedação",103350,"ALVENARIA DE VEDAÇÃO DE BLOCOS CERÂMICOS FURADOS NA HORIZONTAL DE 9X9X19 CM (ESPESSURA 9 CM) E ARGAMASSA DE ASSENTAMENTO COM PREPARO EM BETONEIRA. AF_12/2021","M2",172.62,2.5000000000000001E-3]
["Alvenaria de Vedação",103351,"ALVENARIA DE VEDAÇÃO DE BLOCOS CERÂMICOS FURADOS NA HORIZONTAL DE 9X9X19 CM (ESPESSURA 9 CM) E ARGAMASSA DE ASSENTAMENTO COM PREPARO MANUAL. AF_12/2021","M2",174.66,2.5000000000000001E-3]
["Alvenaria de Vedação",103344,"ALVENARIA DE VEDAÇÃO DE BLOCOS CERÂMICOS FURADOS NA VERTICAL DE 11,5X19X29 CM (ESPESSURA 11,5 CM) E ARGAMASSA DE ASSENTAMENTO COM PREPARO EM BETONEIRA. AF_12/2021","M2",77.88,5.5999999999999999E-3]
["Alvenaria de Vedação",103345,"ALVENARIA DE VEDAÇÃO DE BLOCOS CERÂMICOS FURADOS NA VERTICAL DE 11,5X19X29 CM (ESPESSURA 11,5 CM) E ARGAMASSA DE ASSENTAMENTO COM PREPARO MANUAL. AF_12/2021","M2",79.73,5.4999999999999997E-3]
["Alvenaria de Vedação",103348,"ALVENARIA DE VEDAÇÃO DE BLOCOS CERÂMICOS FURADOS NA VERTICAL DE 11,5X19X39 CM (ESPESSURA 11,5 CM) E ARGAMASSA DE ASSENTAMENTO COM PREPARO EM BETONEIRA. AF_12/2021","M2",65.099999999999994,6.7999999999999996E-3]
["Alvenaria de Vedação",103349,"ALVENARIA DE VEDAÇÃO DE BLOCOS CERÂMICOS FURADOS NA VERTICAL DE 11,5X19X39 CM (ESPESSURA 11,5 CM) E ARGAMASSA DE ASSENTAMENTO COM PREPARO MANUAL. AF_12/2021","M2",66.790000000000006,6.6E-3]
["Alvenaria de Vedação",103346,"ALVENARIA DE VEDAÇÃO DE BLOCOS CERÂMICOS FURADOS NA VERTICAL DE 14X19X29 CM (ESPESSURA 14 CM) E ARGAMASSA DE ASSENTAMENTO COM PREPARO EM BETONEIRA. AF_12/2021","M2",86.93,5.1000000000000004E-3]
["Alvenaria de Vedação",103347,"ALVENARIA DE VEDAÇÃO DE BLOCOS CERÂMICOS FURADOS NA VERTICAL DE 14X19X29 CM (ESPESSURA 14 CM) E ARGAMASSA DE ASSENTAMENTO COM PREPARO MANUAL. AF_12/2021","M2",88.9,4.8999999999999998E-3]
["Alvenaria de Vedação",103324,"ALVENARIA DE VEDAÇÃO DE BLOCOS CERÂMICOS FURADOS NA VERTICAL DE 14X19X39 CM (ESPESSURA 14 CM) E ARGAMASSA DE ASSENTAMENTO COM PREPARO EM BETONEIRA. AF_12/2021","M2",73.900000000000006,6.0000000000000001E-3]
["Alvenaria de Vedação",103325,"ALVENARIA DE VEDAÇÃO DE BLOCOS CERÂMICOS FURADOS NA VERTICAL DE 14X19X39 CM (ESPESSURA 14 CM) E ARGAMASSA DE ASSENTAMENTO COM PREPARO MANUAL. AF_12/2021","M2",75.7,5.7999999999999996E-3]
["Alvenaria de Vedação",103326,"ALVENARIA DE VEDAÇÃO DE BLOCOS CERÂMICOS FURADOS NA VERTICAL DE 19X19X39 CM (ESPESSURA 19 CM) E ARGAMASSA DE ASSENTAMENTO COM PREPARO EM BETONEIRA. AF_12/2021","M2",86.91,5.1000000000000004E-3]
["Alvenaria de Vedação",103327,"ALVENARIA DE VEDAÇÃO DE BLOCOS CERÂMICOS FURADOS NA VERTICAL DE 19X19X39 CM (ESPESSURA 19 CM) E ARGAMASSA DE ASSENTAMENTO COM PREPARO MANUAL. AF_12/2021","M2",89,4.8999999999999998E-3]
["Alvenaria de Vedação",103322,"ALVENARIA DE VEDAÇÃO DE BLOCOS CERÂMICOS FURADOS NA VERTICAL DE 9X19X39 CM (ESPESSURA 9 CM) E ARGAMASSA DE ASSENTAMENTO COM PREPARO EM BETONEIRA. AF_12/2021","M2",54.99,4.0000000000000001E-3]
["Alvenaria de Vedação",103323,"ALVENARIA DE VEDAÇÃO DE BLOCOS CERÂMICOS FURADOS NA VERTICAL DE 9X19X39 CM (ESPESSURA 9 CM) E ARGAMASSA DE ASSENTAMENTO COM PREPARO MANUAL. AF_12/2021","M2",56.56,3.8999999999999998E-3]
["Alvenaria de Vedação",103338,"ALVENARIA DE VEDAÇÃO DE BLOCOS VAZADOS DE CONCRETO APARENTE DE 14X19X39 CM (ESPESSURA 14 CM) E ARGAMASSA DE ASSENTAMENTO COM PREPARO EM BETONEIRA. AF_12/2021","M2",116.5,3.8E-3]
["Alvenaria de Vedação",103339,"ALVENARIA DE VEDAÇÃO DE BLOCOS VAZADOS DE CONCRETO APARENTE DE 14X19X39 CM (ESPESSURA 14 CM) E ARGAMASSA DE ASSENTAMENTO COM PREPARO MANUAL. AF_12/2021","M2",118.05,3.7000000000000002E-3]
["Alvenaria de Vedação",103340,"ALVENARIA DE VEDAÇÃO DE BLOCOS VAZADOS DE CONCRETO APARENTE DE 19X19X39 CM (ESPESSURA 19 CM) E ARGAMASSA DE ASSENTAMENTO COM PREPARO EM BETONEIRA. AF_12/2021","M2",140.71,3.0999999999999999E-3]
["Alvenaria de Vedação",103341,"ALVENARIA DE VEDAÇÃO DE BLOCOS VAZADOS DE CONCRETO APARENTE DE 19X19X39 CM (ESPESSURA 19 CM) E ARGAMASSA DE ASSENTAMENTO COM PREPARO MANUAL. AF_12/2021","M2",142.65,3.0999999999999999E-3]
["Alvenaria de Vedação",103336,"ALVENARIA DE VEDAÇÃO DE BLOCOS VAZADOS DE CONCRETO APARENTE DE 9X19X39 CM (ESPESSURA 9 CM) E ARGAMASSA DE ASSENTAMENTO COM PREPARO EM BETONEIRA. AF_12/2021","M2",88.71,2.5000000000000001E-3]
["Alvenaria de Vedação",103337,"ALVENARIA DE VEDAÇÃO DE BLOCOS VAZADOS DE CONCRETO APARENTE DE 9X19X39 CM (ESPESSURA 9 CM) E ARGAMASSA DE ASSENTAMENTO COM PREPARO MANUAL. AF_12/2021","M2",90.03,2.3999999999999998E-3]
["Alvenaria de Vedação",103342,"ALVENARIA DE VEDAÇÃO DE BLOCOS VAZADOS DE CONCRETO DE 14X19X29 CM (ESPESSURA 14 CM) E ARGAMASSA DE ASSENTAMENTO COM PREPARO EM BETONEIRA. AF_12/2021","M2",118.93,3.7000000000000002E-3]
["Alvenaria de Vedação",103343,"ALVENARIA DE VEDAÇÃO DE BLOCOS VAZADOS DE CONCRETO DE 14X19X29 CM (ESPESSURA 14 CM) E ARGAMASSA DE ASSENTAMENTO COM PREPARO MANUAL. AF_12/2021","M2",120.65,3.5999999999999999E-3]
["Alvenaria de Vedação",103318,"ALVENARIA DE VEDAÇÃO DE BLOCOS VAZADOS DE CONCRETO DE 14X19X39 CM (ESPESSURA 14 CM) E ARGAMASSA DE ASSENTAMENTO COM PREPARO EM BETONEIRA. AF_12/2021","M2",102.04,4.3E-3]
["Alvenaria de Vedação",103319,"ALVENARIA DE VEDAÇÃO DE BLOCOS VAZADOS DE CONCRETO DE 14X19X39 CM (ESPESSURA 14 CM) E ARGAMASSA DE ASSENTAMENTO COM PREPARO MANUAL. AF_12/2021","M2",103.59,4.1999999999999997E-3]
["Alvenaria de Vedação",103320,"ALVENARIA DE VEDAÇÃO DE BLOCOS VAZADOS DE CONCRETO DE 19X19X39 CM (ESPESSURA 19 CM) E ARGAMASSA DE ASSENTAMENTO COM PREPARO EM BETONEIRA. AF_12/2021","M2",122.54,3.5999999999999999E-3]
["Alvenaria de Vedação",103321,"ALVENARIA DE VEDAÇÃO DE BLOCOS VAZADOS DE CONCRETO DE 19X19X39 CM (ESPESSURA 19 CM) E ARGAMASSA DE ASSENTAMENTO COM PREPARO MANUAL. AF_12/2021","M2",124.48,3.5000000000000001E-3]
["Alvenaria de Vedação",103316,"ALVENARIA DE VEDAÇÃO DE BLOCOS VAZADOS DE CONCRETO DE 9X19X39 CM (ESPESSURA 9 CM) E ARGAMASSA DE ASSENTAMENTO COM PREPARO EM BETONEIRA. AF_12/2021","M2",78.69,2.8E-3]
["Alvenaria de Vedação",103317,"ALVENARIA DE VEDAÇÃO DE BLOCOS VAZADOS DE CONCRETO DE 9X19X39 CM (ESPESSURA 9 CM) E ARGAMASSA DE ASSENTAMENTO COM PREPARO MANUAL. AF_12/2021","M2",80.010000000000005,2.7000000000000001E-3]
["Alvenarias Diversas",101166,"ALVENARIA DE EMBASAMENTO COM BLOCO ESTRUTURAL DE CERÂMICA, DE 14X19X29CM E ARGAMASSA DE ASSENTAMENTO COM PREPARO EM BETONEIRA. AF_05/2020","M3",636.9,0]
["Alvenarias Diversas",101165,"ALVENARIA DE EMBASAMENTO COM BLOCO ESTRUTURAL DE CONCRETO, DE 14X19X29CM E ARGAMASSA DE ASSENTAMENTO COM PREPARO EM BETONEIRA. AF_05/2020","M3",1019.3,0]
["Alvenarias Diversas",101163,"ALVENARIA DE VEDAÇÃO COM BLOCO DE VIDRO VAZADO, TIPO VENEZIANA, DE 6X20X20CM E ARGAMASSA DE ASSENTAMENTO COM PREPARO EM BETONEIRA. AF_05/2020","M2",657.11,0.71519999999999995]
["Alvenarias Diversas",101164,"ALVENARIA DE VEDAÇÃO COM BLOCO DE VIDRO, TIPO CANELADO, DE 8X19X19CM E ARGAMASSA DE ASSENTAMENTO COM PREPARO EM BETONEIRA. AF_05/2020","M2",667.7,0.71230000000000004]
["Alvenarias Diversas",101162,"ALVENARIA DE VEDAÇÃO COM ELEMENTO VAZADO DE CERÂMICA (COBOGÓ) DE 7X20X20CM E ARGAMASSA DE ASSENTAMENTO COM PREPARO EM BETONEIRA. AF_05/2020","M2",147.88,0]
["Alvenarias Diversas",101161,"ALVENARIA DE VEDAÇÃO COM ELEMENTO VAZADO DE CONCRETO (COBOGÓ) DE 7X50X50CM E ARGAMASSA DE ASSENTAMENTO COM PREPARO EM BETONEIRA. AF_05/2020","M2",230.77,0]
["Alvenarias Diversas",101160,"ALVENARIA DE VEDAÇÃO DE BLOCO DE SOLO-CIMENTO (TIJOLO ECOLÓGICO) DE 7X15X30CM (ESPESSURA 15CM). AF_05/2020","M2",0]
["Alvenarias Diversas",101159,"ALVENARIA DE VEDAÇÃO DE BLOCOS CERÂMICOS MACIÇOS DE 5X10X20CM (ESPESSURA 10CM) E ARGAMASSA DE ASSENTAMENTO COM PREPARO EM BETONEIRA. AF_05/2020","M2",133.31,0]
["Alvenarias Diversas",101154,"ALVENARIA DE VEDAÇÃO DE BLOCOS DE CONCRETO CELULAR DE 10X30X60CM (ESPESSURA 10CM) E ARGAMASSA DE ASSENTAMENTO COM PREPARO EM BETONEIRA. AF_05/2020","M2",141.72999999999999,0.67559999999999998]
["Alvenarias Diversas",101155,"ALVENARIA DE VEDAÇÃO DE BLOCOS DE CONCRETO CELULAR DE 15X30X60CM (ESPESSURA 15CM) E ARGAMASSA DE ASSENTAMENTO COM PREPARO EM BETONEIRA. AF_05/2020","M2",198.63,0.70809999999999995]
["Alvenarias Diversas",101156,"ALVENARIA DE VEDAÇÃO DE BLOCOS DE CONCRETO CELULAR DE 20X30X60CM (ESPESSURA 20CM) E ARGAMASSA DE ASSENTAMENTO COM PREPARO EM BETONEIRA. AF_05/2020","M2",290.99,0.74039999999999995]
["Alvenarias Diversas",101158,"ALVENARIA DE VEDAÇÃO DE BLOCOS DE GESSO DE 10X50X66CM (ESPESSURA 10CM). AF_05/2020","M2",77.86,0]
["Alvenarias Diversas",101157,"ALVENARIA DE VEDAÇÃO DE BLOCOS DE GESSO DE 7X50X66CM (ESPESSURA 7CM). AF_05/2020","M2",59.94,0]
["Argamassas",87382,"ARGAMASSA INDUSTRIALIZADA MULTIUSO PARA REVESTIMENTOS E ASSENTAMENTO DA ALVENARIA, PREPARO COM MISTURADOR DE EIXO HORIZONTAL DE 160 KG. AF_08/2019","M3",2113.39,0]
["Argamassas",87383,"ARGAMASSA INDUSTRIALIZADA MULTIUSO PARA REVESTIMENTOS E ASSENTAMENTO DA ALVENARIA, PREPARO COM MISTURADOR DE EIXO HORIZONTAL DE 300 KG. AF_08/2019","M3",2111.7199999999998,0]
["Argamassas",87384,"ARGAMASSA INDUSTRIALIZADA MULTIUSO PARA REVESTIMENTOS E ASSENTAMENTO DA ALVENARIA, PREPARO COM MISTURADOR DE EIXO HORIZONTAL DE 600 KG. AF_08/2019","M3",2106.1999999999998,0]
["Argamassas",87398,"ARGAMASSA INDUSTRIALIZADA MULTIUSO PARA REVESTIMENTOS E ASSENTAMENTO DA ALVENARIA, PREPARO MANUAL. AF_08/2019","M3",2363.2600000000002,0]
["Argamassas",87395,"ARGAMASSA INDUSTRIALIZADA PARA CHAPISCO COLANTE, PREPARO COM MISTURADOR DE EIXO HORIZONTAL DE 160 KG. AF_08/2019","M3",4129.32,0]
["Argamassas",87396,"ARGAMASSA INDUSTRIALIZADA PARA CHAPISCO COLANTE, PREPARO COM MISTURADOR DE EIXO HORIZONTAL DE 300 KG. AF_08/2019","M3",4157.8999999999996,0]
["Argamassas",87397,"ARGAMASSA INDUSTRIALIZADA PARA CHAPISCO COLANTE, PREPARO COM MISTURADOR DE EIXO HORIZONTAL DE 600 KG. AF_08/2019","M3",4189.01,0]
["Argamassas",87402,"ARGAMASSA INDUSTRIALIZADA PARA CHAPISCO COLANTE, PREPARO MANUAL. AF_08/2019","M3",4449.78,0]
["Argamassas",87391,"ARGAMASSA INDUSTRIALIZADA PARA CHAPISCO ROLADO, PREPARO COM MISTURADOR DE EIXO HORIZONTAL DE 160 KG. AF_08/2019","M3",6553.49,0]
["Argamassas",87393,"ARGAMASSA INDUSTRIALIZADA PARA CHAPISCO ROLADO, PREPARO COM MISTURADOR DE EIXO HORIZONTAL DE 300 KG. AF_08/2019","M3",6614.63,0]
["Argamassas",87394,"ARGAMASSA INDUSTRIALIZADA PARA CHAPISCO ROLADO, PREPARO COM MISTURADOR DE EIXO HORIZONTAL DE 600 KG. AF_08/2019","M3",6676.83,0]
["Argamassas",87401,"ARGAMASSA INDUSTRIALIZADA PARA CHAPISCO ROLADO, PREPARO MANUAL. AF_08/2019","M3",6923.58,0]
["Argamassas",87407,"ARGAMASSA INDUSTRIALIZADA PARA REVESTIMENTOS, MISTURA E PROJEÇÃO DE 1,5 M³/H DE ARGAMASSA. AF_08/2019","M3",2153.5,0]
["Argamassas",87408,"ARGAMASSA INDUSTRIALIZADA PARA REVESTIMENTOS, MISTURA E PROJEÇÃO DE 2 M³/H DE ARGAMASSA. AF_08/2019","M3",2141.89,0]
["Argamassas",87404,"ARGAMASSA PARA REVESTIMENTO DECORATIVO MONOCAMADA (MONOCAPA), MISTURA E PROJEÇÃO DE 1,5 M3/H DE ARGAMASSA. AF_08/2019","M3",6116.25,0]
["Argamassas",87405,"ARGAMASSA PARA REVESTIMENTO DECORATIVO MONOCAMADA (MONOCAPA), MISTURA E PROJEÇÃO DE 2 M3/H DE ARGAMASSA. AF_08/2019","M3",6134.7,0]
["Argamassas",87388,"ARGAMASSA PARA REVESTIMENTO DECORATIVO MONOCAMADA (MONOCAPA), PREPARO COM MISTURADOR DE EIXO HORIZONTAL DE 160 KG. AF_08/2019","M3",5894.59,0]
["Argamassas",87389,"ARGAMASSA PARA REVESTIMENTO DECORATIVO MONOCAMADA (MONOCAPA), PREPARO COM MISTURADOR DE EIXO HORIZONTAL DE 300 KG. AF_08/2019","M3",5919.98,0]
["Argamassas",87390,"ARGAMASSA PARA REVESTIMENTO DECORATIVO MONOCAMADA (MONOCAPA), PREPARO COM MISTURADOR DE EIXO HORIZONTAL DE 600 KG. AF_08/2019","M3",5953.44,0]
["Argamassas",87385,"ARGAMASSA PRONTA PARA CONTRAPISO, PREPARO COM MISTURADOR DE EIXO HORIZONTAL DE 160 KG. AF_08/2019","M3",2449.84,0]
["Argamassas",87386,"ARGAMASSA PRONTA PARA CONTRAPISO, PREPARO COM MISTURADOR DE EIXO HORIZONTAL DE 300 KG. AF_08/2019","M3",2443.2600000000002,0]
["Argamassas",87387,"ARGAMASSA PRONTA PARA CONTRAPISO, PREPARO COM MISTURADOR DE EIXO HORIZONTAL DE 600 KG. AF_08/2019","M3",2440.6999999999998,0]
["Argamassas",87399,"ARGAMASSA PRONTA PARA CONTRAPISO, PREPARO MANUAL. AF_08/2019","M3",2705.1,0]
["Argamassas",88627,"ARGAMASSA TRAÇO 1:0,5:4,5 (EM VOLUME DE CIMENTO, CAL E AREIA MÉDIA ÚMIDA) PARA ASSENTAMENTO DE ALVENARIA, PREPARO MANUAL. AF_08/2019","M3",736.03,0]
["Argamassas",100463,"ARGAMASSA TRAÇO 1:0,5:4,5 (EM VOLUME DE CIMENTO, CAL E AREIA MÉDIA ÚMIDA), PREPARO MECÂNICO COM BETONEIRA 250 L. AF_08/2019","M3",0]
["Argamassas",88626,"ARGAMASSA TRAÇO 1:0,5:4,5 (EM VOLUME DE CIMENTO, CAL E AREIA MÉDIA ÚMIDA), PREPARO MECÂNICO COM BETONEIRA 400 L. AF_08/2019","M3",615.23,0]
["Argamassas",100488,"ARGAMASSA TRAÇO 1:0,5:4,5 (EM VOLUME DE CIMENTO, CAL E AREIA MÉDIA ÚMIDA), PREPARO MECÂNICO COM BETONEIRA 600 L. AF_08/2019","M3",608.37,0]
["Argamassas",100464,"ARGAMASSA TRAÇO 1:0,5:4,5 (EM VOLUME DE CIMENTO, CAL E AREIA MÉDIA ÚMIDA), PREPARO MECÂNICO COM MISTURADOR DE EIXO HORIZONTAL DE 160 KG. AF_08/2019","M3",639.99,0]
["Argamassas",100465,"ARGAMASSA TRAÇO 1:0,5:4,5 (EM VOLUME DE CIMENTO, CAL E AREIA MÉDIA ÚMIDA), PREPARO MECÂNICO COM MISTURADOR DE EIXO HORIZONTAL DE 300 KG. AF_08/2019","M3",601.28,0]
["Argamassas",100466,"ARGAMASSA TRAÇO 1:0,5:4,5 (EM VOLUME DE CIMENTO, CAL E AREIA MÉDIA ÚMIDA), PREPARO MECÂNICO COM MISTURADOR DE EIXO HORIZONTAL DE 600 KG. AF_08/2019","M3",583.39,0]
["Argamassas",87368,"ARGAMASSA TRAÇO 1:1,5:7,5 (EM VOLUME DE CIMENTO, CAL E AREIA MÉDIA ÚMIDA) PARA EMBOÇO/MASSA ÚNICA/ASSENTAMENTO DE ALVENARIA DE VEDAÇÃO, PREPARO MANUAL. AF_08/2019","M3",819.77,0]
["Argamassas",100450,"ARGAMASSA TRAÇO 1:1,5:7,5 (EM VOLUME DE CIMENTO, CAL E AREIA MÉDIA ÚMIDA) PARA EMBOÇO/MASSA ÚNICA/ASSENTAMENTO DE ALVENARIA DE VEDAÇÃO, PREPARO MECÂNICO COM BETONEIRA 250 L. AF_08/2019","M3",0]
["Argamassas",87289,"ARGAMASSA TRAÇO 1:1,5:7,5 (EM VOLUME DE CIMENTO, CAL E AREIA MÉDIA ÚMIDA) PARA EMBOÇO/MASSA ÚNICA/ASSENTAMENTO DE ALVENARIA DE VEDAÇÃO, PREPARO MECÂNICO COM BETONEIRA 400 L. AF_08/2019","M3",670.42,0]
["Argamassas",87290,"ARGAMASSA TRAÇO 1:1,5:7,5 (EM VOLUME DE CIMENTO, CAL E AREIA MÉDIA ÚMIDA) PARA EMBOÇO/MASSA ÚNICA/ASSENTAMENTO DE ALVENARIA DE VEDAÇÃO, PREPARO MECÂNICO COM BETONEIRA 600 L. AF_08/2019","M3",662.23,0]
["Argamassas",87333,"ARGAMASSA TRAÇO 1:1,5:7,5 (EM VOLUME DE CIMENTO, CAL E AREIA MÉDIA ÚMIDA) PARA EMBOÇO/MASSA ÚNICA/ASSENTAMENTO DE ALVENARIA DE VEDAÇÃO, PREPARO MECÂNICO COM MISTURADOR DE EIXO HORIZONTAL DE 300 KG. AF_08/2019","M3",671.82,0]
["Argamassas",87334,"ARGAMASSA TRAÇO 1:1,5:7,5 (EM VOLUME DE CIMENTO, CAL E AREIA MÉDIA ÚMIDA) PARA EMBOÇO/MASSA ÚNICA/ASSENTAMENTO DE ALVENARIA DE VEDAÇÃO, PREPARO MECÂNICO COM MISTURADOR DE EIXO HORIZONTAL DE 600 KG. AF_08/2019","M3",635.52,0]
["Argamassas",105515,"ARGAMASSA TRAÇO 1:1,93 (EM VOLUME DE CIMENTO E AREIA MÉDIA ÚMIDA), FCK 20MPA, PREPARO MECÂNICO COM MISTURADOR DUPLO HORIZONTAL DE ALTA TURBULÊNCIA. AF_03/2020","M3",825.47,0]
["Argamassas",87367,"ARGAMASSA TRAÇO 1:1:6 (EM VOLUME DE CIMENTO, CAL E AREIA MÉDIA ÚMIDA) PARA EMBOÇO/MASSA ÚNICA/ASSENTAMENTO DE ALVENARIA DE VEDAÇÃO, PREPARO MANUAL. AF_08/2019","M3",816.35,0]
["Argamassas",100449,"ARGAMASSA TRAÇO 1:1:6 (EM VOLUME DE CIMENTO, CAL E AREIA MÉDIA ÚMIDA) PARA EMBOÇO/MASSA ÚNICA/ASSENTAMENTO DE ALVENARIA DE VEDAÇÃO, PREPARO MECÂNICO COM BETONEIRA 250 L. AF_08/2019","M3",0]
["Argamassas",87286,"ARGAMASSA TRAÇO 1:1:6 (EM VOLUME DE CIMENTO, CAL E AREIA MÉDIA ÚMIDA) PARA EMBOÇO/MASSA ÚNICA/ASSENTAMENTO DE ALVENARIA DE VEDAÇÃO, PREPARO MECÂNICO COM BETONEIRA 400 L. AF_08/2019","M3",670.58,0]
["Argamassas",87287,"ARGAMASSA TRAÇO 1:1:6 (EM VOLUME DE CIMENTO, CAL E AREIA MÉDIA ÚMIDA) PARA EMBOÇO/MASSA ÚNICA/ASSENTAMENTO DE ALVENARIA DE VEDAÇÃO, PREPARO MECÂNICO COM BETONEIRA 600 L. AF_08/2019","M3",654.71,0]
["Argamassas",87331,"ARGAMASSA TRAÇO 1:1:6 (EM VOLUME DE CIMENTO, CAL E AREIA MÉDIA ÚMIDA) PARA EMBOÇO/MASSA ÚNICA/ASSENTAMENTO DE ALVENARIA DE VEDAÇÃO, PREPARO MECÂNICO COM MISTURADOR DE EIXO HORIZONTAL DE 300 KG. AF_08/2019","M3",691.53,0]
["Argamassas",87332,"ARGAMASSA TRAÇO 1:1:6 (EM VOLUME DE CIMENTO, CAL E AREIA MÉDIA ÚMIDA) PARA EMBOÇO/MASSA ÚNICA/ASSENTAMENTO DE ALVENARIA DE VEDAÇÃO, PREPARO MECÂNICO COM MISTURADOR DE EIXO HORIZONTAL DE 600 KG. AF_08/2019","M3",630.89,0]
["Argamassas",87369,"ARGAMASSA TRAÇO 1:2:8 (EM VOLUME DE CIMENTO, CAL E AREIA MÉDIA ÚMIDA) PARA EMBOÇO/MASSA ÚNICA/ASSENTAMENTO DE ALVENARIA DE VEDAÇÃO, PREPARO MANUAL. AF_08/2019","M3",857.69,0]
["Argamassas",100451,"ARGAMASSA TRAÇO 1:2:8 (EM VOLUME DE CIMENTO, CAL E AREIA MÉDIA ÚMIDA) PARA EMBOÇO/MASSA ÚNICA/ASSENTAMENTO DE ALVENARIA DE VEDAÇÃO, PREPARO MECÂNICO COM BETONEIRA 250 L. AF_08/2019","M3",0]
["Argamassas",87292,"ARGAMASSA TRAÇO 1:2:8 (EM VOLUME DE CIMENTO, CAL E AREIA MÉDIA ÚMIDA) PARA EMBOÇO/MASSA ÚNICA/ASSENTAMENTO DE ALVENARIA DE VEDAÇÃO, PREPARO MECÂNICO COM BETONEIRA 400 L. AF_08/2019","M3",705.83,0]
["Argamassas",87335,"ARGAMASSA TRAÇO 1:2:8 (EM VOLUME DE CIMENTO, CAL E AREIA MÉDIA ÚMIDA) PARA EMBOÇO/MASSA ÚNICA/ASSENTAMENTO DE ALVENARIA DE VEDAÇÃO, PREPARO MECÂNICO COM MISTURADOR DE EIXO HORIZONTAL DE 300 KG. AF_08/2019","M3",664.98,0]
["Argamassas",87336,"ARGAMASSA TRAÇO 1:2:8 (EM VOLUME DE CIMENTO, CAL E AREIA MÉDIA ÚMIDA) PARA EMBOÇO/MASSA ÚNICA/ASSENTAMENTO DE ALVENARIA DE VEDAÇÃO, PREPARO MECÂNICO COM MISTURADOR DE EIXO HORIZONTAL DE 600 KG. AF_08/2019","M3",675.2,0]
["Argamassas",87370,"ARGAMASSA TRAÇO 1:2:9 (EM VOLUME DE CIMENTO, CAL E AREIA MÉDIA ÚMIDA) PARA EMBOÇO/MASSA ÚNICA/ASSENTAMENTO DE ALVENARIA DE VEDAÇÃO, PREPARO MANUAL. AF_08/2019","M3",824.74,0]
["Argamassas",100452,"ARGAMASSA TRAÇO 1:2:9 (EM VOLUME DE CIMENTO, CAL E AREIA MÉDIA ÚMIDA) PARA EMBOÇO/MASSA ÚNICA/ASSENTAMENTO DE ALVENARIA DE VEDAÇÃO, PREPARO MECÂNICO COM BETONEIRA 250 L. AF_08/2019","M3",0]
["Argamassas",88715,"ARGAMASSA TRAÇO 1:2:9 (EM VOLUME DE CIMENTO, CAL E AREIA MÉDIA ÚMIDA) PARA EMBOÇO/MASSA ÚNICA/ASSENTAMENTO DE ALVENARIA DE VEDAÇÃO, PREPARO MECÂNICO COM BETONEIRA 400 L. AF_08/2019","M3",665.87,0]
["Argamassas",87294,"ARGAMASSA TRAÇO 1:2:9 (EM VOLUME DE CIMENTO, CAL E AREIA MÉDIA ÚMIDA) PARA EMBOÇO/MASSA ÚNICA/ASSENTAMENTO DE ALVENARIA DE VEDAÇÃO, PREPARO MECÂNICO COM BETONEIRA 600 L. AF_08/2019","M3",672.06,0]
["Argamassas",87337,"ARGAMASSA TRAÇO 1:2:9 (EM VOLUME DE CIMENTO, CAL E AREIA MÉDIA ÚMIDA) PARA EMBOÇO/MASSA ÚNICA/ASSENTAMENTO DE ALVENARIA DE VEDAÇÃO, PREPARO MECÂNICO COM MISTURADOR DE EIXO HORIZONTAL DE 300 KG. AF_08/2019","M3",671,0]
["Argamassas",100487,"ARGAMASSA TRAÇO 1:2:9 (EM VOLUME DE CIMENTO, CAL E AREIA MÉDIA ÚMIDA) PARA EMBOÇO/MASSA ÚNICA/ASSENTAMENTO DE ALVENARIA DE VEDAÇÃO, PREPARO MECÂNICO COM MISTURADOR DE EIXO HORIZONTAL DE 600 KG. AF_08/2019","M3",638.33000000000004,0]
["Argamassas",87380,"ARGAMASSA TRAÇO 1:3 (EM VOLUME DE CIMENTO E AREIA GROSSA ÚMIDA) COM ADIÇÃO DE EMULSÃO POLIMÉRICA PARA CHAPISCO ROLADO, PREPARO MANUAL. AF_08/2019","M3",3789.06,0]
["Argamassas",100461,"ARGAMASSA TRAÇO 1:3 (EM VOLUME DE CIMENTO E AREIA GROSSA ÚMIDA) COM ADIÇÃO DE EMULSÃO POLIMÉRICA PARA CHAPISCO ROLADO, PREPARO MECÂNICO COM BETONEIRA 250 L. AF_08/2019","M3",0]
["Argamassas",87322,"ARGAMASSA TRAÇO 1:3 (EM VOLUME DE CIMENTO E AREIA GROSSA ÚMIDA) COM ADIÇÃO DE EMULSÃO POLIMÉRICA PARA CHAPISCO ROLADO, PREPARO MECÂNICO COM BETONEIRA 400 L. AF_08/2019","M3",3670.82,0]
["Argamassas",87323,"ARGAMASSA TRAÇO 1:3 (EM VOLUME DE CIMENTO E AREIA GROSSA ÚMIDA) COM ADIÇÃO DE EMULSÃO POLIMÉRICA PARA CHAPISCO ROLADO, PREPARO MECÂNICO COM BETONEIRA 600 L. AF_08/2019","M3",3670.29,0]
["Argamassas",87360,"ARGAMASSA TRAÇO 1:3 (EM VOLUME DE CIMENTO E AREIA GROSSA ÚMIDA) COM ADIÇÃO DE EMULSÃO POLIMÉRICA PARA CHAPISCO ROLADO, PREPARO MECÂNICO COM MISTURADOR DE EIXO HORIZONTAL DE 160 KG. AF_08/2019","M3",3628.67,0]
["Argamassas",87361,"ARGAMASSA TRAÇO 1:3 (EM VOLUME DE CIMENTO E AREIA GROSSA ÚMIDA) COM ADIÇÃO DE EMULSÃO POLIMÉRICA PARA CHAPISCO ROLADO, PREPARO MECÂNICO COM MISTURADOR DE EIXO HORIZONTAL DE 300 KG. AF_08/2019","M3",3584.02,0]
["Argamassas",87362,"ARGAMASSA TRAÇO 1:3 (EM VOLUME DE CIMENTO E AREIA GROSSA ÚMIDA) COM ADIÇÃO DE EMULSÃO POLIMÉRICA PARA CHAPISCO ROLADO, PREPARO MECÂNICO COM MISTURADOR DE EIXO HORIZONTAL DE 600 KG. AF_08/2019","M3",3583.68,0]
["Argamassas",87377,"ARGAMASSA TRAÇO 1:3 (EM VOLUME DE CIMENTO E AREIA GROSSA ÚMIDA) PARA CHAPISCO CONVENCIONAL, PREPARO MANUAL. AF_08/2019","M3",691.66,0]
["Argamassas",100458,"ARGAMASSA TRAÇO 1:3 (EM VOLUME DE CIMENTO E AREIA GROSSA ÚMIDA) PARA CHAPISCO CONVENCIONAL, PREPARO MECÂNICO COM BETONEIRA 250 L. AF_08/2019","M3",0]
["Argamassas",87313,"ARGAMASSA TRAÇO 1:3 (EM VOLUME DE CIMENTO E AREIA GROSSA ÚMIDA) PARA CHAPISCO CONVENCIONAL, PREPARO MECÂNICO COM BETONEIRA 400 L. AF_08/2019","M3",531.32000000000005,0]
["Argamassas",87314,"ARGAMASSA TRAÇO 1:3 (EM VOLUME DE CIMENTO E AREIA GROSSA ÚMIDA) PARA CHAPISCO CONVENCIONAL, PREPARO MECÂNICO COM BETONEIRA 600 L. AF_08/2019","M3",523.95000000000005,0]
["Argamassas",87352,"ARGAMASSA TRAÇO 1:3 (EM VOLUME DE CIMENTO E AREIA GROSSA ÚMIDA) PARA CHAPISCO CONVENCIONAL, PREPARO MECÂNICO COM MISTURADOR DE EIXO HORIZONTAL DE 160 KG. AF_08/2019","M3",614.57000000000005,0]
["Argamassas",87353,"ARGAMASSA TRAÇO 1:3 (EM VOLUME DE CIMENTO E AREIA GROSSA ÚMIDA) PARA CHAPISCO CONVENCIONAL, PREPARO MECÂNICO COM MISTURADOR DE EIXO HORIZONTAL DE 300 KG. AF_08/2019","M3",535.86,0]
["Argamassas",87354,"ARGAMASSA TRAÇO 1:3 (EM VOLUME DE CIMENTO E AREIA GROSSA ÚMIDA) PARA CHAPISCO CONVENCIONAL, PREPARO MECÂNICO COM MISTURADOR DE EIXO HORIZONTAL DE 600 KG. AF_08/2019","M3",501.66,0]
["Argamassas",100480,"ARGAMASSA TRAÇO 1:3 (EM VOLUME DE CIMENTO E AREIA MÉDIA ÚMIDA) COM ADIÇÃO DE IMPERMEABILIZANTE, PREPARO MANUAL. AF_08/2019","M3",846.56,0]
["Argamassas",100476,"ARGAMASSA TRAÇO 1:3 (EM VOLUME DE CIMENTO E AREIA MÉDIA ÚMIDA) COM ADIÇÃO DE IMPERMEABILIZANTE, PREPARO MECÂNICO COM BETONEIRA 250 L. AF_08/2019","M3",0]
["Argamassas",100475,"ARGAMASSA TRAÇO 1:3 (EM VOLUME DE CIMENTO E AREIA MÉDIA ÚMIDA) COM ADIÇÃO DE IMPERMEABILIZANTE, PREPARO MECÂNICO COM BETONEIRA 400 L. AF_08/2019","M3",721.17,0]
["Argamassas",100491,"ARGAMASSA TRAÇO 1:3 (EM VOLUME DE CIMENTO E AREIA MÉDIA ÚMIDA) COM ADIÇÃO DE IMPERMEABILIZANTE, PREPARO MECÂNICO COM BETONEIRA 600 L. AF_08/2019","M3",722.2,0]
["Argamassas",100477,"ARGAMASSA TRAÇO 1:3 (EM VOLUME DE CIMENTO E AREIA MÉDIA ÚMIDA) COM ADIÇÃO DE IMPERMEABILIZANTE, PREPARO MECÂNICO COM MISTURADOR DE EIXO HORIZONTAL DE 160 KG. AF_08/2019","M3",784.63,0]
["Argamassas",100478,"ARGAMASSA TRAÇO 1:3 (EM VOLUME DE CIMENTO E AREIA MÉDIA ÚMIDA) COM ADIÇÃO DE IMPERMEABILIZANTE, PREPARO MECÂNICO COM MISTURADOR DE EIXO HORIZONTAL DE 300 KG. AF_08/2019","M3",707.79,0]
["Argamassas",100479,"ARGAMASSA TRAÇO 1:3 (EM VOLUME DE CIMENTO E AREIA MÉDIA ÚMIDA) COM ADIÇÃO DE IMPERMEABILIZANTE, PREPARO MECÂNICO COM MISTURADOR DE EIXO HORIZONTAL DE 600 KG. AF_08/2019","M3",692.49,0]
["Argamassas",87372,"ARGAMASSA TRAÇO 1:3 (EM VOLUME DE CIMENTO E AREIA MÉDIA ÚMIDA) PARA CONTRAPISO, PREPARO MANUAL. AF_08/2019","M3",846.29,0]
["Argamassas",100453,"ARGAMASSA TRAÇO 1:3 (EM VOLUME DE CIMENTO E AREIA MÉDIA ÚMIDA) PARA CONTRAPISO, PREPARO MECÂNICO COM BETONEIRA 250 L. AF_08/2019","M3",0]
["Argamassas",87298,"ARGAMASSA TRAÇO 1:3 (EM VOLUME DE CIMENTO E AREIA MÉDIA ÚMIDA) PARA CONTRAPISO, PREPARO MECÂNICO COM BETONEIRA 400 L. AF_08/2019","M3",678.77,0]
["Argamassas",87299,"ARGAMASSA TRAÇO 1:3 (EM VOLUME DE CIMENTO E AREIA MÉDIA ÚMIDA) PARA CONTRAPISO, PREPARO MECÂNICO COM BETONEIRA 600 L. AF_08/2019","M3",467.48,0]
["Argamassas",87339,"ARGAMASSA TRAÇO 1:3 (EM VOLUME DE CIMENTO E AREIA MÉDIA ÚMIDA) PARA CONTRAPISO, PREPARO MECÂNICO COM MISTURADOR DE EIXO HORIZONTAL DE 160 KG. AF_08/2019","M3",803.99,0]
["Argamassas",87340,"ARGAMASSA TRAÇO 1:3 (EM VOLUME DE CIMENTO E AREIA MÉDIA ÚMIDA) PARA CONTRAPISO, PREPARO MECÂNICO COM MISTURADOR DE EIXO HORIZONTAL DE 300 KG. AF_08/2019","M3",677.28,0]
["Argamassas",87341,"ARGAMASSA TRAÇO 1:3 (EM VOLUME DE CIMENTO E AREIA MÉDIA ÚMIDA) PARA CONTRAPISO, PREPARO MECÂNICO COM MISTURADOR DE EIXO HORIZONTAL DE 600 KG. AF_08/2019","M3",646.17999999999995,0]
["Argamassas",88629,"ARGAMASSA TRAÇO 1:3 (EM VOLUME DE CIMENTO E AREIA MÉDIA ÚMIDA), PREPARO MANUAL. AF_08/2019","M3",691.02,0]
["Argamassas",100467,"ARGAMASSA TRAÇO 1:3 (EM VOLUME DE CIMENTO E AREIA MÉDIA ÚMIDA), PREPARO MECÂNICO COM BETONEIRA 250 L. AF_08/2019","M3",0]
["Argamassas",88628,"ARGAMASSA TRAÇO 1:3 (EM VOLUME DE CIMENTO E AREIA MÉDIA ÚMIDA), PREPARO MECÂNICO COM BETONEIRA 400 L. AF_08/2019","M3",565.07000000000005,0]
["Argamassas",100489,"ARGAMASSA TRAÇO 1:3 (EM VOLUME DE CIMENTO E AREIA MÉDIA ÚMIDA), PREPARO MECÂNICO COM BETONEIRA 600 L. AF_08/2019","M3",564.66999999999996,0]
["Argamassas",100468,"ARGAMASSA TRAÇO 1:3 (EM VOLUME DE CIMENTO E AREIA MÉDIA ÚMIDA), PREPARO MECÂNICO COM MISTURADOR DE EIXO HORIZONTAL DE 160 KG. AF_08/2019","M3",683.58,0]
["Argamassas",100469,"ARGAMASSA TRAÇO 1:3 (EM VOLUME DE CIMENTO E AREIA MÉDIA ÚMIDA), PREPARO MECÂNICO COM MISTURADOR DE EIXO HORIZONTAL DE 300 KG. AF_08/2019","M3",555.30999999999995,0]
["Argamassas",100470,"ARGAMASSA TRAÇO 1:3 (EM VOLUME DE CIMENTO E AREIA MÉDIA ÚMIDA), PREPARO MECÂNICO COM MISTURADOR DE EIXO HORIZONTAL DE 600 KG. AF_08/2019","M3",511.86,0]
["Argamassas",87371,"ARGAMASSA TRAÇO 1:3:12 (EM VOLUME DE CIMENTO, CAL E AREIA MÉDIA ÚMIDA) PARA EMBOÇO/MASSA ÚNICA/ASSENTAMENTO DE ALVENARIA DE VEDAÇÃO, PREPARO MANUAL. AF_08/2019","M3",829.78,0]
["Argamassas",87295,"ARGAMASSA TRAÇO 1:3:12 (EM VOLUME DE CIMENTO, CAL E AREIA MÉDIA ÚMIDA) PARA EMBOÇO/MASSA ÚNICA/ASSENTAMENTO DE ALVENARIA DE VEDAÇÃO, PREPARO MECÂNICO COM BETONEIRA 400 L. AF_08/2019","M3",702.38,0]
["Argamassas",87296,"ARGAMASSA TRAÇO 1:3:12 (EM VOLUME DE CIMENTO, CAL E AREIA MÉDIA ÚMIDA) PARA EMBOÇO/MASSA ÚNICA/ASSENTAMENTO DE ALVENARIA DE VEDAÇÃO, PREPARO MECÂNICO COM BETONEIRA 600 L. AF_08/2019","M3",676.08,0]
["Argamassas",87338,"ARGAMASSA TRAÇO 1:3:12 (EM VOLUME DE CIMENTO, CAL E AREIA MÉDIA ÚMIDA) PARA EMBOÇO/MASSA ÚNICA/ASSENTAMENTO DE ALVENARIA DE VEDAÇÃO, PREPARO MECÂNICO COM MISTURADOR DE EIXO HORIZONTAL DE 600 KG. AF_08/2019","M3",670.06,0]
["Argamassas",88630,"ARGAMASSA TRAÇO 1:4 (CIMENTO E AREIA MÉDIA), PREPARO MECÂNICO COM BETONEIRA 400 L. AF_08/2019","M3",495.52,0]
["Argamassas",87381,"ARGAMASSA TRAÇO 1:4 (EM VOLUME DE CIMENTO E AREIA GROSSA ÚMIDA) COM ADIÇÃO DE EMULSÃO POLIMÉRICA PARA CHAPISCO ROLADO, PREPARO MANUAL. AF_08/2019","M3",3731.92,0]
["Argamassas",100462,"ARGAMASSA TRAÇO 1:4 (EM VOLUME DE CIMENTO E AREIA GROSSA ÚMIDA) COM ADIÇÃO DE EMULSÃO POLIMÉRICA PARA CHAPISCO ROLADO, PREPARO MECÂNICO COM BETONEIRA 250 L. AF_08/2019","M3",0]
["Argamassas",87325,"ARGAMASSA TRAÇO 1:4 (EM VOLUME DE CIMENTO E AREIA GROSSA ÚMIDA) COM ADIÇÃO DE EMULSÃO POLIMÉRICA PARA CHAPISCO ROLADO, PREPARO MECÂNICO COM BETONEIRA 400 L. AF_08/2019","M3",3594.3,0]
["Argamassas",87326,"ARGAMASSA TRAÇO 1:4 (EM VOLUME DE CIMENTO E AREIA GROSSA ÚMIDA) COM ADIÇÃO DE EMULSÃO POLIMÉRICA PARA CHAPISCO ROLADO, PREPARO MECÂNICO COM BETONEIRA 600 L. AF_08/2019","M3",3603.77,0]
["Argamassas",87363,"ARGAMASSA TRAÇO 1:4 (EM VOLUME DE CIMENTO E AREIA GROSSA ÚMIDA) COM ADIÇÃO DE EMULSÃO POLIMÉRICA PARA CHAPISCO ROLADO, PREPARO MECÂNICO COM MISTURADOR DE EIXO HORIZONTAL DE 300 KG. AF_08/2019","M3",3565.23,0]
["Argamassas",87364,"ARGAMASSA TRAÇO 1:4 (EM VOLUME DE CIMENTO E AREIA GROSSA ÚMIDA) COM ADIÇÃO DE EMULSÃO POLIMÉRICA PARA CHAPISCO ROLADO, PREPARO MECÂNICO COM MISTURADOR DE EIXO HORIZONTAL DE 600 KG. AF_08/2019","M3",3537.73,0]
["Argamassas",87378,"ARGAMASSA TRAÇO 1:4 (EM VOLUME DE CIMENTO E AREIA GROSSA ÚMIDA) PARA CHAPISCO CONVENCIONAL, PREPARO MANUAL. AF_08/2019","M3",635.14,0]
["Argamassas",100459,"ARGAMASSA TRAÇO 1:4 (EM VOLUME DE CIMENTO E AREIA GROSSA ÚMIDA) PARA CHAPISCO CONVENCIONAL, PREPARO MECÂNICO COM BETONEIRA 250 L. AF_08/2019","M3",0]
["Argamassas",87316,"ARGAMASSA TRAÇO 1:4 (EM VOLUME DE CIMENTO E AREIA GROSSA ÚMIDA) PARA CHAPISCO CONVENCIONAL, PREPARO MECÂNICO COM BETONEIRA 400 L. AF_08/2019","M3",490.42,0]
["Argamassas",87317,"ARGAMASSA TRAÇO 1:4 (EM VOLUME DE CIMENTO E AREIA GROSSA ÚMIDA) PARA CHAPISCO CONVENCIONAL, PREPARO MECÂNICO COM BETONEIRA 600 L. AF_08/2019","M3",475.79,0]
["Argamassas",87355,"ARGAMASSA TRAÇO 1:4 (EM VOLUME DE CIMENTO E AREIA GROSSA ÚMIDA) PARA CHAPISCO CONVENCIONAL, PREPARO MECÂNICO COM MISTURADOR DE EIXO HORIZONTAL DE 160 KG. AF_08/2019","M3",529.61,0]
["Argamassas",87356,"ARGAMASSA TRAÇO 1:4 (EM VOLUME DE CIMENTO E AREIA GROSSA ÚMIDA) PARA CHAPISCO CONVENCIONAL, PREPARO MECÂNICO COM MISTURADOR DE EIXO HORIZONTAL DE 300 KG. AF_08/2019","M3",476.79,0]
["Argamassas",87357,"ARGAMASSA TRAÇO 1:4 (EM VOLUME DE CIMENTO E AREIA GROSSA ÚMIDA) PARA CHAPISCO CONVENCIONAL, PREPARO MECÂNICO COM MISTURADOR DE EIXO HORIZONTAL DE 600 KG. AF_08/2019","M3",451.88,0]
["Argamassas",100486,"ARGAMASSA TRAÇO 1:4 (EM VOLUME DE CIMENTO E AREIA MÉDIA ÚMIDA) COM ADIÇÃO DE IMPERMEABILIZANTE, PREPARO MANUAL. AF_08/2019","M3",760.59,0]
["Argamassas",100482,"ARGAMASSA TRAÇO 1:4 (EM VOLUME DE CIMENTO E AREIA MÉDIA ÚMIDA) COM ADIÇÃO DE IMPERMEABILIZANTE, PREPARO MECÂNICO COM BETONEIRA 250 L. AF_08/2019","M3",0]
["Argamassas",100481,"ARGAMASSA TRAÇO 1:4 (EM VOLUME DE CIMENTO E AREIA MÉDIA ÚMIDA) COM ADIÇÃO DE IMPERMEABILIZANTE, PREPARO MECÂNICO COM BETONEIRA 400 L. AF_08/2019","M3",631.1,0]
["Argamassas",100492,"ARGAMASSA TRAÇO 1:4 (EM VOLUME DE CIMENTO E AREIA MÉDIA ÚMIDA) COM ADIÇÃO DE IMPERMEABILIZANTE, PREPARO MECÂNICO COM BETONEIRA 600 L. AF_08/2019","M3",632.44000000000005,0]
["Argamassas",100483,"ARGAMASSA TRAÇO 1:4 (EM VOLUME DE CIMENTO E AREIA MÉDIA ÚMIDA) COM ADIÇÃO DE IMPERMEABILIZANTE, PREPARO MECÂNICO COM MISTURADOR DE EIXO HORIZONTAL DE 160 KG. AF_08/2019","M3",678.23,0]
["Argamassas",100484,"ARGAMASSA TRAÇO 1:4 (EM VOLUME DE CIMENTO E AREIA MÉDIA ÚMIDA) COM ADIÇÃO DE IMPERMEABILIZANTE, PREPARO MECÂNICO COM MISTURADOR DE EIXO HORIZONTAL DE 300 KG. AF_08/2019","M3",629.61,0]
["Argamassas",100485,"ARGAMASSA TRAÇO 1:4 (EM VOLUME DE CIMENTO E AREIA MÉDIA ÚMIDA) COM ADIÇÃO DE IMPERMEABILIZANTE, PREPARO MECÂNICO COM MISTURADOR DE EIXO HORIZONTAL DE 600 KG. AF_08/2019","M3",611.24,0]
["Argamassas",87373,"ARGAMASSA TRAÇO 1:4 (EM VOLUME DE CIMENTO E AREIA MÉDIA ÚMIDA) PARA CONTRAPISO, PREPARO MANUAL. AF_08/2019","M3",768.51,0]
["Argamassas",100454,"ARGAMASSA TRAÇO 1:4 (EM VOLUME DE CIMENTO E AREIA MÉDIA ÚMIDA) PARA CONTRAPISO, PREPARO MECÂNICO COM BETONEIRA 250 L. AF_08/2019","M3",0]
["Argamassas",87301,"ARGAMASSA TRAÇO 1:4 (EM VOLUME DE CIMENTO E AREIA MÉDIA ÚMIDA) PARA CONTRAPISO, PREPARO MECÂNICO COM BETONEIRA 400 L. AF_08/2019","M3",621.52,0]
["Argamassas",87302,"ARGAMASSA TRAÇO 1:4 (EM VOLUME DE CIMENTO E AREIA MÉDIA ÚMIDA) PARA CONTRAPISO, PREPARO MECÂNICO COM BETONEIRA 600 L. AF_08/2019","M3",613.44000000000005,0]
["Argamassas",87342,"ARGAMASSA TRAÇO 1:4 (EM VOLUME DE CIMENTO E AREIA MÉDIA ÚMIDA) PARA CONTRAPISO, PREPARO MECÂNICO COM MISTURADOR DE EIXO HORIZONTAL DE 160 KG. AF_08/2019","M3",694.56,0]
["Argamassas",87343,"ARGAMASSA TRAÇO 1:4 (EM VOLUME DE CIMENTO E AREIA MÉDIA ÚMIDA) PARA CONTRAPISO, PREPARO MECÂNICO COM MISTURADOR DE EIXO HORIZONTAL DE 300 KG. AF_08/2019","M3",622.88,0]
["Argamassas",87344,"ARGAMASSA TRAÇO 1:4 (EM VOLUME DE CIMENTO E AREIA MÉDIA ÚMIDA) PARA CONTRAPISO, PREPARO MECÂNICO COM MISTURADOR DE EIXO HORIZONTAL DE 600 KG. AF_08/2019","M3",584.21,0]
["Argamassas",88631,"ARGAMASSA TRAÇO 1:4 (EM VOLUME DE CIMENTO E AREIA MÉDIA ÚMIDA), PREPARO MANUAL. AF_08/2019","M3",629.84,0]
["Argamassas",100471,"ARGAMASSA TRAÇO 1:4 (EM VOLUME DE CIMENTO E AREIA MÉDIA ÚMIDA), PREPARO MECÂNICO COM BETONEIRA 250 L. AF_08/2019","M3",0]
["Argamassas",100490,"ARGAMASSA TRAÇO 1:4 (EM VOLUME DE CIMENTO E AREIA MÉDIA ÚMIDA), PREPARO MECÂNICO COM BETONEIRA 600 L. AF_08/2019","M3",507.03,0]
["Argamassas",100472,"ARGAMASSA TRAÇO 1:4 (EM VOLUME DE CIMENTO E AREIA MÉDIA ÚMIDA), PREPARO MECÂNICO COM MISTURADOR DE EIXO HORIZONTAL DE 160 KG. AF_08/2019","M3",557.95000000000005,0]
["Argamassas",100473,"ARGAMASSA TRAÇO 1:4 (EM VOLUME DE CIMENTO E AREIA MÉDIA ÚMIDA), PREPARO MECÂNICO COM MISTURADOR DE EIXO HORIZONTAL DE 300 KG. AF_08/2019","M3",508.26,0]
["Argamassas",100474,"ARGAMASSA TRAÇO 1:4 (EM VOLUME DE CIMENTO E AREIA MÉDIA ÚMIDA), PREPARO MECÂNICO COM MISTURADOR DE EIXO HORIZONTAL DE 600 KG. AF_08/2019","M3",487.66,0]
["Argamassas",87379,"ARGAMASSA TRAÇO 1:5 (EM VOLUME DE CIMENTO E AREIA GROSSA ÚMIDA) COM ADIÇÃO DE EMULSÃO POLIMÉRICA PARA CHAPISCO ROLADO, PREPARO MANUAL. AF_08/2019","M3",3703.51,0]
["Argamassas",100460,"ARGAMASSA TRAÇO 1:5 (EM VOLUME DE CIMENTO E AREIA GROSSA ÚMIDA) COM ADIÇÃO DE EMULSÃO POLIMÉRICA PARA CHAPISCO ROLADO, PREPARO MECÂNICO COM BETONEIRA 250 L. AF_08/2019","M3",0]
["Argamassas",87319,"ARGAMASSA TRAÇO 1:5 (EM VOLUME DE CIMENTO E AREIA GROSSA ÚMIDA) COM ADIÇÃO DE EMULSÃO POLIMÉRICA PARA CHAPISCO ROLADO, PREPARO MECÂNICO COM BETONEIRA 400 L. AF_08/2019","M3",3570.25,0]
["Argamassas",87320,"ARGAMASSA TRAÇO 1:5 (EM VOLUME DE CIMENTO E AREIA GROSSA ÚMIDA) COM ADIÇÃO DE EMULSÃO POLIMÉRICA PARA CHAPISCO ROLADO, PREPARO MECÂNICO COM BETONEIRA 600 L. AF_08/2019","M3",3576.96,0]
["Argamassas",87358,"ARGAMASSA TRAÇO 1:5 (EM VOLUME DE CIMENTO E AREIA GROSSA ÚMIDA) COM ADIÇÃO DE EMULSÃO POLIMÉRICA PARA CHAPISCO ROLADO, PREPARO MECÂNICO COM MISTURADOR DE EIXO HORIZONTAL DE 300 KG. AF_08/2019","M3",3531.57,0]
["Argamassas",87359,"ARGAMASSA TRAÇO 1:5 (EM VOLUME DE CIMENTO E AREIA GROSSA ÚMIDA) COM ADIÇÃO DE EMULSÃO POLIMÉRICA PARA CHAPISCO ROLADO, PREPARO MECÂNICO COM MISTURADOR DE EIXO HORIZONTAL DE 600 KG. AF_08/2019","M3",3503.61,0]
["Argamassas",87376,"ARGAMASSA TRAÇO 1:5 (EM VOLUME DE CIMENTO E AREIA GROSSA ÚMIDA) PARA CHAPISCO CONVENCIONAL, PREPARO MANUAL. AF_08/2019","M3",606.64,0]
["Argamassas",100457,"ARGAMASSA TRAÇO 1:5 (EM VOLUME DE CIMENTO E AREIA GROSSA ÚMIDA) PARA CHAPISCO CONVENCIONAL, PREPARO MECÂNICO COM BETONEIRA 250 L. AF_08/2019","M3",0]
["Argamassas",87310,"ARGAMASSA TRAÇO 1:5 (EM VOLUME DE CIMENTO E AREIA GROSSA ÚMIDA) PARA CHAPISCO CONVENCIONAL, PREPARO MECÂNICO COM BETONEIRA 400 L. AF_08/2019","M3",451.49,0]
["Argamassas",87311,"ARGAMASSA TRAÇO 1:5 (EM VOLUME DE CIMENTO E AREIA GROSSA ÚMIDA) PARA CHAPISCO CONVENCIONAL, PREPARO MECÂNICO COM BETONEIRA 600 L. AF_08/2019","M3",442.41,0]
["Argamassas",87350,"ARGAMASSA TRAÇO 1:5 (EM VOLUME DE CIMENTO E AREIA GROSSA ÚMIDA) PARA CHAPISCO CONVENCIONAL, PREPARO MECÂNICO COM MISTURADOR DE EIXO HORIZONTAL DE 300 KG. AF_08/2019","M3",498.4,0]
["Argamassas",87351,"ARGAMASSA TRAÇO 1:5 (EM VOLUME DE CIMENTO E AREIA GROSSA ÚMIDA) PARA CHAPISCO CONVENCIONAL, PREPARO MECÂNICO COM MISTURADOR DE EIXO HORIZONTAL DE 600 KG. AF_08/2019","M3",425.82,0]
["Argamassas",87374,"ARGAMASSA TRAÇO 1:5 (EM VOLUME DE CIMENTO E AREIA MÉDIA ÚMIDA) PARA CONTRAPISO, PREPARO MANUAL. AF_08/2019","M3",727.08,0]
["Argamassas",100455,"ARGAMASSA TRAÇO 1:5 (EM VOLUME DE CIMENTO E AREIA MÉDIA ÚMIDA) PARA CONTRAPISO, PREPARO MECÂNICO COM BETONEIRA 250 L. AF_08/2019","M3",0]
["Argamassas",87304,"ARGAMASSA TRAÇO 1:5 (EM VOLUME DE CIMENTO E AREIA MÉDIA ÚMIDA) PARA CONTRAPISO, PREPARO MECÂNICO COM BETONEIRA 400 L. AF_08/2019","M3",569.75,0]
["Argamassas",87305,"ARGAMASSA TRAÇO 1:5 (EM VOLUME DE CIMENTO E AREIA MÉDIA ÚMIDA) PARA CONTRAPISO, PREPARO MECÂNICO COM BETONEIRA 600 L. AF_08/2019","M3",573.58000000000004,0]
["Argamassas",87345,"ARGAMASSA TRAÇO 1:5 (EM VOLUME DE CIMENTO E AREIA MÉDIA ÚMIDA) PARA CONTRAPISO, PREPARO MECÂNICO COM MISTURADOR DE EIXO HORIZONTAL DE 160 KG. AF_08/2019","M3",630.72,0]
["Argamassas",87346,"ARGAMASSA TRAÇO 1:5 (EM VOLUME DE CIMENTO E AREIA MÉDIA ÚMIDA) PARA CONTRAPISO, PREPARO MECÂNICO COM MISTURADOR DE EIXO HORIZONTAL DE 300 KG. AF_08/2019","M3",571.63,0]
["Argamassas",87347,"ARGAMASSA TRAÇO 1:5 (EM VOLUME DE CIMENTO E AREIA MÉDIA ÚMIDA) PARA CONTRAPISO, PREPARO MECÂNICO COM MISTURADOR DE EIXO HORIZONTAL DE 600 KG. AF_08/2019","M3",541.21,0]
["Argamassas",87366,"ARGAMASSA TRAÇO 1:6 (EM VOLUME DE CIMENTO E AREIA MÉDIA ÚMIDA) COM ADIÇÃO DE PLASTIFICANTE PARA EMBOÇO/MASSA ÚNICA/ASSENTAMENTO DE ALVENARIA DE VEDAÇÃO, PREPARO MANUAL. AF_08/2019","M3",636.62,0]
["Argamassas",100448,"ARGAMASSA TRAÇO 1:6 (EM VOLUME DE CIMENTO E AREIA MÉDIA ÚMIDA) COM ADIÇÃO DE PLASTIFICANTE PARA EMBOÇO/MASSA ÚNICA/ASSENTAMENTO DE ALVENARIA DE VEDAÇÃO, PREPARO MECÂNICO COM BETONEIRA 250 L. AF_08/2019","M3",0]
["Argamassas",87283,"ARGAMASSA TRAÇO 1:6 (EM VOLUME DE CIMENTO E AREIA MÉDIA ÚMIDA) COM ADIÇÃO DE PLASTIFICANTE PARA EMBOÇO/MASSA ÚNICA/ASSENTAMENTO DE ALVENARIA DE VEDAÇÃO, PREPARO MECÂNICO COM BETONEIRA 400 L. AF_08/2019","M3",476.48,0]
["Argamassas",87284,"ARGAMASSA TRAÇO 1:6 (EM VOLUME DE CIMENTO E AREIA MÉDIA ÚMIDA) COM ADIÇÃO DE PLASTIFICANTE PARA EMBOÇO/MASSA ÚNICA/ASSENTAMENTO DE ALVENARIA DE VEDAÇÃO, PREPARO MECÂNICO COM BETONEIRA 600 L. AF_08/2019","M3",469.27,0]
["Argamassas",87329,"ARGAMASSA TRAÇO 1:6 (EM VOLUME DE CIMENTO E AREIA MÉDIA ÚMIDA) COM ADIÇÃO DE PLASTIFICANTE PARA EMBOÇO/MASSA ÚNICA/ASSENTAMENTO DE ALVENARIA DE VEDAÇÃO, PREPARO MECÂNICO COM MISTURADOR DE EIXO HORIZONTAL DE 300 KG. AF_08/2019","M3",517.99,0]
["Argamassas",87330,"ARGAMASSA TRAÇO 1:6 (EM VOLUME DE CIMENTO E AREIA MÉDIA ÚMIDA) COM ADIÇÃO DE PLASTIFICANTE PARA EMBOÇO/MASSA ÚNICA/ASSENTAMENTO DE ALVENARIA DE VEDAÇÃO, PREPARO MECÂNICO COM MISTURADOR DE EIXO HORIZONTAL DE 600 KG. AF_08/2019","M3",450.62,0]
["Argamassas",87375,"ARGAMASSA TRAÇO 1:6 (EM VOLUME DE CIMENTO E AREIA MÉDIA ÚMIDA) PARA CONTRAPISO, PREPARO MANUAL. AF_08/2019","M3",701.8,0]
["Argamassas",100456,"ARGAMASSA TRAÇO 1:6 (EM VOLUME DE CIMENTO E AREIA MÉDIA ÚMIDA) PARA CONTRAPISO, PREPARO MECÂNICO COM BETONEIRA 250 L. AF_08/2019","M3",0]
["Argamassas",87307,"ARGAMASSA TRAÇO 1:6 (EM VOLUME DE CIMENTO E AREIA MÉDIA ÚMIDA) PARA CONTRAPISO, PREPARO MECÂNICO COM BETONEIRA 400 L. AF_08/2019","M3",548.74,0]
["Argamassas",87308,"ARGAMASSA TRAÇO 1:6 (EM VOLUME DE CIMENTO E AREIA MÉDIA ÚMIDA) PARA CONTRAPISO, PREPARO MECÂNICO COM BETONEIRA 600 L. AF_08/2019","M3",539.57000000000005,0]
["Argamassas",87348,"ARGAMASSA TRAÇO 1:6 (EM VOLUME DE CIMENTO E AREIA MÉDIA ÚMIDA) PARA CONTRAPISO, PREPARO MECÂNICO COM MISTURADOR DE EIXO HORIZONTAL DE 160 KG. AF_08/2019","M3",583.17999999999995,0]
["Argamassas",87349,"ARGAMASSA TRAÇO 1:6 (EM VOLUME DE CIMENTO E AREIA MÉDIA ÚMIDA) PARA CONTRAPISO, PREPARO MECÂNICO COM MISTURADOR DE EIXO HORIZONTAL DE 600 KG. AF_08/2019","M3",506.85,0]
["Argamassas",87365,"ARGAMASSA TRAÇO 1:7 (EM VOLUME DE CIMENTO E AREIA MÉDIA ÚMIDA) COM ADIÇÃO DE PLASTIFICANTE PARA EMBOÇO/MASSA ÚNICA/ASSENTAMENTO DE ALVENARIA DE VEDAÇÃO, PREPARO MANUAL. AF_08/2019","M3",608.41999999999996,0]
["Argamassas",100447,"ARGAMASSA TRAÇO 1:7 (EM VOLUME DE CIMENTO E AREIA MÉDIA ÚMIDA) COM ADIÇÃO DE PLASTIFICANTE PARA EMBOÇO/MASSA ÚNICA/ASSENTAMENTO DE ALVENARIA DE VEDAÇÃO, PREPARO MECÂNICO COM BETONEIRA 250 L. AF_08/2019","M3",0]
["Argamassas",87280,"ARGAMASSA TRAÇO 1:7 (EM VOLUME DE CIMENTO E AREIA MÉDIA ÚMIDA) COM ADIÇÃO DE PLASTIFICANTE PARA EMBOÇO/MASSA ÚNICA/ASSENTAMENTO DE ALVENARIA DE VEDAÇÃO, PREPARO MECÂNICO COM BETONEIRA 400 L. AF_08/2019","M3",463.49,0]
["Argamassas",87281,"ARGAMASSA TRAÇO 1:7 (EM VOLUME DE CIMENTO E AREIA MÉDIA ÚMIDA) COM ADIÇÃO DE PLASTIFICANTE PARA EMBOÇO/MASSA ÚNICA/ASSENTAMENTO DE ALVENARIA DE VEDAÇÃO, PREPARO MECÂNICO COM BETONEIRA 600 L. AF_08/2019","M3",458.05,0]
["Argamassas",87327,"ARGAMASSA TRAÇO 1:7 (EM VOLUME DE CIMENTO E AREIA MÉDIA ÚMIDA) COM ADIÇÃO DE PLASTIFICANTE PARA EMBOÇO/MASSA ÚNICA/ASSENTAMENTO DE ALVENARIA DE VEDAÇÃO, PREPARO MECÂNICO COM MISTURADOR DE EIXO HORIZONTAL DE 300 KG. AF_08/2019","M3",486.85,0]
["Argamassas",87328,"ARGAMASSA TRAÇO 1:7 (EM VOLUME DE CIMENTO E AREIA MÉDIA ÚMIDA) COM ADIÇÃO DE PLASTIFICANTE PARA EMBOÇO/MASSA ÚNICA/ASSENTAMENTO DE ALVENARIA DE VEDAÇÃO, PREPARO MECÂNICO COM MISTURADOR DE EIXO HORIZONTAL DE 600 KG. AF_08/2019","M3",427.54,0]
["Argamassas",87410,"ARGAMASSA À BASE DE GESSO, MISTURA E PROJEÇÃO DE 1,5 M³/H DE ARGAMASSA. AF_08/2019","M3",791.11,0]
["Armação de Estacas",95577,"MONTAGEM DE ARMADURA DE ESTACAS, DIÂMETRO = 10,0 MM. AF_09/2021_PS","KG",10.88,1.01E-2]
["Armação de Estacas",95578,"MONTAGEM DE ARMADURA DE ESTACAS, DIÂMETRO = 12,5 MM. AF_09/2021_PS","KG",9.02,8.8999999999999999E-3]
["Armação de Estacas",95579,"MONTAGEM DE ARMADURA DE ESTACAS, DIÂMETRO = 16,0 MM. AF_09/2021_PS","KG",8.68,4.5999999999999999E-3]
["Armação de Estacas",95580,"MONTAGEM DE ARMADURA DE ESTACAS, DIÂMETRO = 20,0 MM. AF_09/2021_PS","KG",9.99,2E-3]
["Armação de Estacas",95581,"MONTAGEM DE ARMADURA DE ESTACAS, DIÂMETRO = 25,0 MM. AF_09/2021_PS","KG",9.94,1E-3]
["Armação de Estacas",95582,"MONTAGEM DE ARMADURA DE ESTACAS, DIÂMETRO = 32,0 MM. AF_09/2021_PS","KG",10.82,0]
["Armação de Estacas",95576,"MONTAGEM DE ARMADURA DE ESTACAS, DIÂMETRO = 8,0 MM. AF_09/2021_PS","KG",12.9,1.24E-2]
["Armação de Estacas",95583,"MONTAGEM DE ARMADURA TRANSVERSAL DE ESTACAS DE SEÇÃO CIRCULAR, DIÂMETRO = 5,0 MM. AF_09/2021_PS","KG",16.54,1.5699999999999999E-2]
["Armação de Estacas",95584,"MONTAGEM DE ARMADURA TRANSVERSAL DE ESTACAS DE SEÇÃO CIRCULAR, DIÂMETRO = 6,30 MM. AF_09/2021_PS","KG",14.42,1.46E-2]
["Armação de Estacas",95593,"MONTAGEM DE ARMADURA TRANSVERSAL DE ESTACAS DE SEÇÃO RETANGULAR, DIÂMETRO = 6,30 MM. AF_09/2021_PS","KG",14.42,1.46E-2]
["Armação de Estacas",95592,"MONTAGEM DE ARMADURA TRANVERSAL DE ESTACAS DE SEÇÃO RETANGULAR, DIÂMETRO = 5,0 MM. AF_09/2021_PS","KG",16.54,1.5699999999999999E-2]
["Armação para Estruturas de Concreto Armado",92919,"ARMAÇÃO DE ESTRUTURAS DIVERSAS DE CONCRETO ARMADO, EXCETO VIGAS, PILARES, LAJES E FUNDAÇÕES, UTILIZANDO AÇO CA-50 DE 10,0 MM - MONTAGEM. AF_06/2022","KG",12.31,8.8999999999999999E-3]
["Armação para Estruturas de Concreto Armado",92921,"ARMAÇÃO DE ESTRUTURAS DIVERSAS DE CONCRETO ARMADO, EXCETO VIGAS, PILARES, LAJES E FUNDAÇÕES, UTILIZANDO AÇO CA-50 DE 12,5 MM - MONTAGEM. AF_06/2022","KG",10.1,7.9000000000000008E-3]
["Armação para Estruturas de Concreto Armado",92922,"ARMAÇÃO DE ESTRUTURAS DIVERSAS DE CONCRETO ARMADO, EXCETO VIGAS, PILARES, LAJES E FUNDAÇÕES, UTILIZANDO AÇO CA-50 DE 16,0 MM - MONTAGEM. AF_06/2022","KG",9.59,4.1999999999999997E-3]
["Armação para Estruturas de Concreto Armado",92923,"ARMAÇÃO DE ESTRUTURAS DIVERSAS DE CONCRETO ARMADO, EXCETO VIGAS, PILARES, LAJES E FUNDAÇÕES, UTILIZANDO AÇO CA-50 DE 20,0 MM - MONTAGEM. AF_06/2022","KG",10.71,1.9E-3]
["Armação para Estruturas de Concreto Armado",92924,"ARMAÇÃO DE ESTRUTURAS DIVERSAS DE CONCRETO ARMADO, EXCETO VIGAS, PILARES, LAJES E FUNDAÇÕES, UTILIZANDO AÇO CA-50 DE 25,0 MM - MONTAGEM. AF_06/2022","KG",10.5,1E-3]
["Armação para Estruturas de Concreto Armado",104104,"ARMAÇÃO DE ESTRUTURAS DIVERSAS DE CONCRETO ARMADO, EXCETO VIGAS, PILARES, LAJES E FUNDAÇÕES, UTILIZANDO AÇO CA-50 DE 32,0 MM - MONTAGEM. AF_06/2022","KG",10.96,0]
["Armação para Estruturas de Concreto Armado",92916,"ARMAÇÃO DE ESTRUTURAS DIVERSAS DE CONCRETO ARMADO, EXCETO VIGAS, PILARES, LAJES E FUNDAÇÕES, UTILIZANDO AÇO CA-50 DE 6,3 MM - MONTAGEM. AF_06/2022","KG",15.72,1.34E-2]
["Armação para Estruturas de Concreto Armado",92917,"ARMAÇÃO DE ESTRUTURAS DIVERSAS DE CONCRETO ARMADO, EXCETO VIGAS, PILARES, LAJES E FUNDAÇÕES, UTILIZANDO AÇO CA-50 DE 8,0 MM - MONTAGEM. AF_06/2022","KG",14.17,1.1299999999999999E-2]
["Armação para Estruturas de Concreto Armado",92915,"ARMAÇÃO DE ESTRUTURAS DIVERSAS DE CONCRETO ARMADO, EXCETO VIGAS, PILARES, LAJES E FUNDAÇÕES, UTILIZANDO AÇO CA-60 DE 5,0 MM - MONTAGEM. AF_06/2022","KG",17.43,1.49E-2]
["Armação para Estruturas de Concreto Armado",92771,"ARMAÇÃO DE LAJE DE ESTRUTURA CONVENCIONAL DE CONCRETO ARMADO UTILIZANDO AÇO CA-50 DE 10,0 MM - MONTAGEM. AF_06/2022","KG",10.74,6.4999999999999997E-3]
["Armação para Estruturas de Concreto Armado",92772,"ARMAÇÃO DE LAJE DE ESTRUTURA CONVENCIONAL DE CONCRETO ARMADO UTILIZANDO AÇO CA-50 DE 12,5 MM - MONTAGEM. AF_06/2022","KG",8.9600000000000009,3.3E-3]
["Armação para Estruturas de Concreto Armado",92773,"ARMAÇÃO DE LAJE DE ESTRUTURA CONVENCIONAL DE CONCRETO ARMADO UTILIZANDO AÇO CA-50 DE 16,0 MM - MONTAGEM. AF_06/2022","KG",8.77,0]
["Armação para Estruturas de Concreto Armado",92774,"ARMAÇÃO DE LAJE DE ESTRUTURA CONVENCIONAL DE CONCRETO ARMADO UTILIZANDO AÇO CA-50 DE 20,0 MM - MONTAGEM. AF_06/2022","KG",10.130000000000001,0]
["Armação para Estruturas de Concreto Armado",92769,"ARMAÇÃO DE LAJE DE ESTRUTURA CONVENCIONAL DE CONCRETO ARMADO UTILIZANDO AÇO CA-50 DE 6,3 MM - MONTAGEM. AF_06/2022","KG",12.99,2.23E-2]
["Armação para Estruturas de Concreto Armado",92770,"ARMAÇÃO DE LAJE DE ESTRUTURA CONVENCIONAL DE CONCRETO ARMADO UTILIZANDO AÇO CA-50 DE 8,0 MM - MONTAGEM. AF_06/2022","KG",12.11,1.32E-2]
["Armação para Estruturas de Concreto Armado",92767,"ARMAÇÃO DE LAJE DE ESTRUTURA CONVENCIONAL DE CONCRETO ARMADO UTILIZANDO AÇO CA-60 DE 4,2 MM - MONTAGEM. AF_06/2022","KG",16.010000000000002,3.8100000000000002E-2]
["Armação para Estruturas de Concreto Armado",92768,"ARMAÇÃO DE LAJE DE ESTRUTURA CONVENCIONAL DE CONCRETO ARMADO UTILIZANDO AÇO CA-60 DE 5,0 MM - MONTAGEM. AF_06/2022","KG",13.93,3.3000000000000002E-2]
["Armação para Estruturas de Concreto Armado",92762,"ARMAÇÃO DE PILAR OU VIGA DE ESTRUTURA CONVENCIONAL DE CONCRETO ARMADO UTILIZANDO AÇO CA-50 DE 10,0 MM - MONTAGEM. AF_06/2022","KG",11.24,9.7999999999999997E-3]
["Armação para Estruturas de Concreto Armado",92763,"ARMAÇÃO DE PILAR OU VIGA DE ESTRUTURA CONVENCIONAL DE CONCRETO ARMADO UTILIZANDO AÇO CA-50 DE 12,5 MM - MONTAGEM. AF_06/2022","KG",9.4,8.5000000000000006E-3]
["Armação para Estruturas de Concreto Armado",92764,"ARMAÇÃO DE PILAR OU VIGA DE ESTRUTURA CONVENCIONAL DE CONCRETO ARMADO UTILIZANDO AÇO CA-50 DE 16,0 MM - MONTAGEM. AF_06/2022","KG",9.06,4.4000000000000003E-3]
["Armação para Estruturas de Concreto Armado",92765,"ARMAÇÃO DE PILAR OU VIGA DE ESTRUTURA CONVENCIONAL DE CONCRETO ARMADO UTILIZANDO AÇO CA-50 DE 20,0 MM - MONTAGEM. AF_06/2022","KG",10.3,1.9E-3]
["Armação para Estruturas de Concreto Armado",92766,"ARMAÇÃO DE PILAR OU VIGA DE ESTRUTURA CONVENCIONAL DE CONCRETO ARMADO UTILIZANDO AÇO CA-50 DE 25,0 MM - MONTAGEM. AF_06/2022","KG",10.18,1E-3]
["Armação para Estruturas de Concreto Armado",104105,"ARMAÇÃO DE PILAR OU VIGA DE ESTRUTURA CONVENCIONAL DE CONCRETO ARMADO UTILIZANDO AÇO CA-50 DE 32,0 MM. AF_06/2022","KG",10.97,0]
["Armação para Estruturas de Concreto Armado",92760,"ARMAÇÃO DE PILAR OU VIGA DE ESTRUTURA CONVENCIONAL DE CONCRETO ARMADO UTILIZANDO AÇO CA-50 DE 6,3 MM - MONTAGEM. AF_06/2022","KG",13.57,1.55E-2]
["Armação para Estruturas de Concreto Armado",92761,"ARMAÇÃO DE PILAR OU VIGA DE ESTRUTURA CONVENCIONAL DE CONCRETO ARMADO UTILIZANDO AÇO CA-50 DE 8,0 MM - MONTAGEM. AF_06/2022","KG",12.65,1.26E-2]
["Armação para Estruturas de Concreto Armado",92759,"ARMAÇÃO DE PILAR OU VIGA DE ESTRUTURA CONVENCIONAL DE CONCRETO ARMADO UTILIZANDO AÇO CA-60 DE 5,0 MM - MONTAGEM. AF_06/2022","KG",14.51,1.7899999999999999E-2]
["Armação para Estruturas de Concreto Armado",104108,"ARMAÇÃO DE PILAR OU VIGA DE ESTRUTURA DE CONCRETO ARMADO EMBUTIDA EM ALVENARIA DE VEDAÇÃO UTILIZANDO AÇO CA-50 DE 10,0 MM - MONTAGEM. AF_06/2022","KG",13.14,8.3999999999999995E-3]
["Armação para Estruturas de Concreto Armado",104107,"ARMAÇÃO DE PILAR OU VIGA DE ESTRUTURA DE CONCRETO ARMADO EMBUTIDA EM ALVENARIA DE VEDAÇÃO UTILIZANDO AÇO CA-50 DE 12,5 MM - MONTAGEM. AF_06/2022","KG",11.04,7.1999999999999998E-3]
["Armação para Estruturas de Concreto Armado",104106,"ARMAÇÃO DE PILAR OU VIGA DE ESTRUTURA DE CONCRETO ARMADO EMBUTIDA EM ALVENARIA DE VEDAÇÃO UTILIZANDO AÇO CA-50 DE 16,0 MM - MONTAGEM. AF_06/2022","KG",10.3,3.8999999999999998E-3]
["Armação para Estruturas de Concreto Armado",104110,"ARMAÇÃO DE PILAR OU VIGA DE ESTRUTURA DE CONCRETO ARMADO EMBUTIDA EM ALVENARIA DE VEDAÇÃO UTILIZANDO AÇO CA-50 DE 6,3 MM - MONTAGEM. AF_06/2022","KG",18.61,1.1299999999999999E-2]
["Armação para Estruturas de Concreto Armado",104109,"ARMAÇÃO DE PILAR OU VIGA DE ESTRUTURA DE CONCRETO ARMADO EMBUTIDA EM ALVENARIA DE VEDAÇÃO UTILIZANDO AÇO CA-50 DE 8,0 MM - MONTAGEM. AF_06/2022","KG",16.23,9.9000000000000008E-3]
["Armação para Estruturas de Concreto Armado",104111,"ARMAÇÃO DE PILAR OU VIGA DE ESTRUTURA DE CONCRETO ARMADO EMBUTIDA EM ALVENARIA DE VEDAÇÃO UTILIZANDO AÇO CA-60 DE 5,0 MM - MONTAGEM. AF_06/2022","KG",21.34,1.2200000000000001E-2]
["Armação para Estruturas de Concreto Armado",92884,"ARMAÇÃO UTILIZANDO AÇO CA-25 DE 10,0 MM - MONTAGEM. AF_06/2022","KG",12.48,8.8000000000000005E-3]
["Armação para Estruturas de Concreto Armado",92885,"ARMAÇÃO UTILIZANDO AÇO CA-25 DE 12,5 MM - MONTAGEM. AF_06/2022","KG",11.78,6.7999999999999996E-3]
["Armação para Estruturas de Concreto Armado",92886,"ARMAÇÃO UTILIZANDO AÇO CA-25 DE 16,0 MM - MONTAGEM. AF_06/2022","KG",11.2,3.5999999999999999E-3]
["Armação para Estruturas de Concreto Armado",92887,"ARMAÇÃO UTILIZANDO AÇO CA-25 DE 20,0 MM - MONTAGEM. AF_06/2022","KG",11.1,1.8E-3]
["Armação para Estruturas de Concreto Armado",92888,"ARMAÇÃO UTILIZANDO AÇO CA-25 DE 25,0 MM - MONTAGEM. AF_06/2022","KG",10.82,0]
["Armação para Estruturas de Concreto Armado",92882,"ARMAÇÃO UTILIZANDO AÇO CA-25 DE 6,3 MM - MONTAGEM. AF_06/2022","KG",13.6,1.54E-2]
["Armação para Estruturas de Concreto Armado",92883,"ARMAÇÃO UTILIZANDO AÇO CA-25 DE 8,0 MM - MONTAGEM. AF_06/2022","KG",12.41,1.29E-2]
["Armação para Estruturas de Concreto Armado",92877,"CORTE E DOBRA DE AÇO CA-25, DIÂMETRO DE 10,0 MM. AF_06/2022","KG",10.18,0]
["Armação para Estruturas de Concreto Armado",92878,"CORTE E DOBRA DE AÇO CA-25, DIÂMETRO DE 12,5 MM. AF_06/2022","KG",9.99,0]
["Armação para Estruturas de Concreto Armado",92879,"CORTE E DOBRA DE AÇO CA-25, DIÂMETRO DE 16,0 MM. AF_06/2022","KG",9.8699999999999992,0]
["Armação para Estruturas de Concreto Armado",92880,"CORTE E DOBRA DE AÇO CA-25, DIÂMETRO DE 20,0 MM. AF_06/2022","KG",10.09,0]
["Armação para Estruturas de Concreto Armado",92881,"CORTE E DOBRA DE AÇO CA-25, DIÂMETRO DE 25,0 MM. AF_06/2022","KG",10.07,0]
["Armação para Estruturas de Concreto Armado",92875,"CORTE E DOBRA DE AÇO CA-25, DIÂMETRO DE 6,3 MM. AF_06/2022","KG",9.7899999999999991,0]
["Armação para Estruturas de Concreto Armado",92876,"CORTE E DOBRA DE AÇO CA-25, DIÂMETRO DE 8,0 MM. AF_06/2022","KG",9.4600000000000009,0]
["Armação para Estruturas de Concreto Armado",92803,"CORTE E DOBRA DE AÇO CA-50, DIÂMETRO DE 10,0 MM. AF_06/2022","KG",9.39,0]
["Armação para Estruturas de Concreto Armado",92804,"CORTE E DOBRA DE AÇO CA-50, DIÂMETRO DE 12,5 MM. AF_06/2022","KG",8.0399999999999991,0]
["Armação para Estruturas de Concreto Armado",92805,"CORTE E DOBRA DE AÇO CA-50, DIÂMETRO DE 16,0 MM. AF_06/2022","KG",7.95,0]
["Armação para Estruturas de Concreto Armado",92806,"CORTE E DOBRA DE AÇO CA-50, DIÂMETRO DE 20,0 MM. AF_06/2022","KG",9.35,0]
["Armação para Estruturas de Concreto Armado",92798,"CORTE E DOBRA DE AÇO CA-50, DIÂMETRO DE 25,0 MM. AF_06/2022","KG",9.35,0]
["Armação para Estruturas de Concreto Armado",95448,"CORTE E DOBRA DE AÇO CA-50, DIÂMETRO DE 32 MM. AF_06/2022","KG",10.25,0]
["Armação para Estruturas de Concreto Armado",92801,"CORTE E DOBRA DE AÇO CA-50, DIÂMETRO DE 6,3 MM. AF_06/2022","KG",10.28,0]
["Armação para Estruturas de Concreto Armado",92802,"CORTE E DOBRA DE AÇO CA-50, DIÂMETRO DE 8,0 MM. AF_06/2022","KG",10.18,0]
["Armação para Estruturas de Concreto Armado",92799,"CORTE E DOBRA DE AÇO CA-60, DIÂMETRO DE 4,2 MM. AF_06/2022","KG",11.43,0]
["Armação para Estruturas de Concreto Armado",92800,"CORTE E DOBRA DE AÇO CA-60, DIÂMETRO DE 5,0 MM. AF_06/2022","KG",10.24,0]
["Arrasamento de Estacas",95605,"ARRASAMENTO MECANICO DE ESTACA DE CONCRETO ARMADO, DIAMETROS DE 101 CM A 150 CM. AF_05/2021","UN",137.30000000000001,2.4799999999999999E-2]
["Arrasamento de Estacas",95602,"ARRASAMENTO MECANICO DE ESTACA DE CONCRETO ARMADO, DIAMETROS DE 41 CM A 60 CM. AF_05/2021","UN",28.23,2.4400000000000002E-2]
["Arrasamento de Estacas",95603,"ARRASAMENTO MECANICO DE ESTACA DE CONCRETO ARMADO, DIAMETROS DE 61 CM A 80 CM. AF_05/2021","UN",48.18,2.47E-2]
["Arrasamento de Estacas",95604,"ARRASAMENTO MECANICO DE ESTACA DE CONCRETO ARMADO, DIAMETROS DE 81 CM A 100 CM. AF_05/2021","UN",74.77,2.47E-2]
["Arrasamento de Estacas",95601,"ARRASAMENTO MECANICO DE ESTACA DE CONCRETO ARMADO, DIAMETROS DE ATÉ 40 CM. AF_05/2021","UN",17.649999999999999,2.4400000000000002E-2]
["Arrasamento de Estacas",102521,"ARRASAMENTO MECÂNICO DE ESTACA BARRETE DE CONCRETO ARMADO, SEÇÃO DE 0,40 X 2,50 M. AF_05/2021","UN",113.26,2.4799999999999999E-2]
["Arrasamento de Estacas",102522,"ARRASAMENTO MECÂNICO DE ESTACA BARRETE DE CONCRETO ARMADO, SEÇÃO DE 0,60 X 2,50 M. AF_05/2021","UN",166.17,2.4899999999999999E-2]
["Arrasamento de Estacas",102523,"ARRASAMENTO MECÂNICO DE ESTACA BARRETE DE CONCRETO ARMADO, SEÇÃO DE 0,80 X 2,50 M. AF_05/2021","UN",219.05,2.4899999999999999E-2]
["Arrasamento de Estacas",95608,"ARRASAMENTO MECÂNICO DE ESTACA METÁLICA, PERFIL LAMINADO TIPO H - FAMÍLIA 250. AF_05/2021","UN",36.54,0.47070000000000001]
["Arrasamento de Estacas",95609,"ARRASAMENTO MECÂNICO DE ESTACA METÁLICA, PERFIL LAMINADO TIPO H - FAMÍLIA 310. AF_05/2021","UN",46.34,0.47070000000000001]
["Arrasamento de Estacas",95607,"ARRASAMENTO MECÂNICO DE ESTACA METÁLICA, PERFIL LAMINADO TIPO I FAMÍLIA 250. AF_05/2021","UN",25.2,0.47020000000000001]
["Asfalto",95996,"EXECUÇÃO DE PAVIMENTO COM APLICAÇÃO DE CONCRETO ASFÁLTICO, CAMADA DE BINDER - EXCLUSIVE CARGA E TRANSPORTE. AF_11/2019","M3",1938.72,9.9000000000000008E-3]
["Asfalto",95995,"EXECUÇÃO DE PAVIMENTO COM APLICAÇÃO DE CONCRETO ASFÁLTICO, CAMADA DE ROLAMENTO - EXCLUSIVE CARGA E TRANSPORTE. AF_11/2019","M3",2232.31,1.2E-2]
["Asfalto",104372,"EXECUÇÃO DE PAVIMENTO COM APLICAÇÃO DE PRÉ-MISTURADO A FRIO, CAMADA DE BINDER - EXCLUSIVE CARGA E TRANSPORTE. AF_11/2019","M3",0]
["Asfalto",104371,"EXECUÇÃO DE PAVIMENTO COM APLICAÇÃO DE PRÉ-MISTURADO A FRIO, CAMADA DE ROLAMENTO - EXCLUSIVE CARGA E TRANSPORTE. AF_11/2019","M3",0]
["Asfalto",96001,"FRESAGEM DE PAVIMENTO ASFÁLTICO (PROFUNDIDADE ATÉ 5,0 CM) - EXCLUSIVE TRANSPORTE. AF_11/2019","M2",7.29,0.65839999999999999]
["Assentamento de Tubos de Esgoto em PVC e PEAD",94880,"ASSENTAMENTO DE TUBO DE PEAD CORRUGADO DE DUPLA PAREDE PARA REDE COLETORA DE ESGOTO, DN 1000 MM, JUNTA ELÁSTICA INTEGRADA (NÃO INCLUI FORNECIMENTO). AF_01/2021","M",41.73,0]
["Assentamento de Tubos de Esgoto em PVC e PEAD",94882,"ASSENTAMENTO DE TUBO DE PEAD CORRUGADO DE DUPLA PAREDE PARA REDE COLETORA DE ESGOTO, DN 1200 MM, JUNTA ELÁSTICA INTEGRADA (NÃO INCLUI FORNECIMENTO). AF_01/2021","M",48.45,0]
["Assentamento de Tubos de Esgoto em PVC e PEAD",94884,"ASSENTAMENTO DE TUBO DE PEAD CORRUGADO DE DUPLA PAREDE PARA REDE COLETORA DE ESGOTO, DN 1500 MM, JUNTA ELÁSTICA INTEGRADA (NÃO INCLUI FORNECIMENTO). AF_01/2021","M",62.08,0]
["Assentamento de Tubos de Esgoto em PVC e PEAD",94870,"ASSENTAMENTO DE TUBO DE PEAD CORRUGADO DE DUPLA PAREDE PARA REDE COLETORA DE ESGOTO, DN 250 MM, JUNTA ELÁSTICA INTEGRADA (NÃO INCLUI FORNECIMENTO). AF_01/2021","M",1.87,0]
["Assentamento de Tubos de Esgoto em PVC e PEAD",94872,"ASSENTAMENTO DE TUBO DE PEAD CORRUGADO DE DUPLA PAREDE PARA REDE COLETORA DE ESGOTO, DN 300 MM, JUNTA ELÁSTICA INTEGRADA (NÃO INCLUI FORNECIMENTO). AF_01/2021","M",2.61,0]
["Assentamento de Tubos de Esgoto em PVC e PEAD",90746,"ASSENTAMENTO DE TUBO DE PEAD CORRUGADO DE DUPLA PAREDE PARA REDE COLETORA DE ESGOTO, DN 450 MM, JUNTA ELÁSTICA INTEGRADA (NÃO INCLUI FORNECIMENTO). AF_01/2021","M",3.48,0]
["Assentamento de Tubos de Esgoto em PVC e PEAD",90747,"ASSENTAMENTO DE TUBO DE PEAD CORRUGADO DE DUPLA PAREDE PARA REDE COLETORA DE ESGOTO, DN 600 MM, JUNTA ELÁSTICA INTEGRADA (NÃO INCLUI FORNECIMENTO). AF_01/2021","M",16.600000000000001,0]
["Assentamento de Tubos de Esgoto em PVC e PEAD",94876,"ASSENTAMENTO DE TUBO DE PEAD CORRUGADO DE DUPLA PAREDE PARA REDE COLETORA DE ESGOTO, DN 800 MM, JUNTA ELÁSTICA INTEGRADA (NÃO INCLUI FORNECIMENTO). AF_01/2021","M",27.93,0]
["Assentamento de Tubos de Esgoto em PVC e PEAD",94878,"ASSENTAMENTO DE TUBO DE PEAD CORRUGADO DE DUPLA PAREDE PARA REDE COLETORA DE ESGOTO, DN 900 MM, JUNTA ELÁSTICA INTEGRADA (NÃO INCLUI FORNECIMENTO). AF_01/2021","M",32.299999999999997,0]
["Assentamento de Tubos de Esgoto em PVC e PEAD",90740,"ASSENTAMENTO DE TUBO DE PVC CORRUGADO DE DUPLA PAREDE PARA REDE COLETORA DE ESGOTO, DN 150 MM, JUNTA ELÁSTICA (NÃO INCLUI FORNECIMENTO). AF_01/2021","M",4.24,0]
["Assentamento de Tubos de Esgoto em PVC e PEAD",90741,"ASSENTAMENTO DE TUBO DE PVC CORRUGADO DE DUPLA PAREDE PARA REDE COLETORA DE ESGOTO, DN 200 MM, JUNTA ELÁSTICA (NÃO INCLUI FORNECIMENTO). AF_01/2021","M",4.83,0]
["Assentamento de Tubos de Esgoto em PVC e PEAD",90742,"ASSENTAMENTO DE TUBO DE PVC CORRUGADO DE DUPLA PAREDE PARA REDE COLETORA DE ESGOTO, DN 250 MM, JUNTA ELÁSTICA (NÃO INCLUI FORNECIMENTO). AF_01/2021","M",5.43,0]
["Assentamento de Tubos de Esgoto em PVC e PEAD",90743,"ASSENTAMENTO DE TUBO DE PVC CORRUGADO DE DUPLA PAREDE PARA REDE COLETORA DE ESGOTO, DN 300 MM, JUNTA ELÁSTICA (NÃO INCLUI FORNECIMENTO). AF_01/2021","M",6.02,0]
["Assentamento de Tubos de Esgoto em PVC e PEAD",90744,"ASSENTAMENTO DE TUBO DE PVC CORRUGADO DE DUPLA PAREDE PARA REDE COLETORA DE ESGOTO, DN 350 MM, JUNTA ELÁSTICA (NÃO INCLUI FORNECIMENTO). AF_01/2021","M",6.61,0]
["Assentamento de Tubos de Esgoto em PVC e PEAD",90745,"ASSENTAMENTO DE TUBO DE PVC CORRUGADO DE DUPLA PAREDE PARA REDE COLETORA DE ESGOTO, DN 400 MM, JUNTA ELÁSTICA (NÃO INCLUI FORNECIMENTO). AF_01/2021","M",9.89,0.27400000000000002]
["Assentamento de Tubos de Esgoto em PVC e PEAD",90733,"ASSENTAMENTO DE TUBO DE PVC PARA REDE COLETORA DE ESGOTO DE PAREDE MACIÇA, DN 100 MM, JUNTA ELÁSTICA (NÃO INCLUI FORNECIMENTO). AF_01/2021","M",3.21,0]
["Assentamento de Tubos de Esgoto em PVC e PEAD",90734,"ASSENTAMENTO DE TUBO DE PVC PARA REDE COLETORA DE ESGOTO DE PAREDE MACIÇA, DN 150 MM, JUNTA ELÁSTICA, (NÃO INCLUI FORNECIMENTO). AF_01/2021","M",3.8,0]
["Assentamento de Tubos de Esgoto em PVC e PEAD",90735,"ASSENTAMENTO DE TUBO DE PVC PARA REDE COLETORA DE ESGOTO DE PAREDE MACIÇA, DN 200 MM, JUNTA ELÁSTICA (NÃO INCLUI FORNECIMENTO). AF_01/2021","M",4.4000000000000004,0]
["Assentamento de Tubos de Esgoto em PVC e PEAD",90736,"ASSENTAMENTO DE TUBO DE PVC PARA REDE COLETORA DE ESGOTO DE PAREDE MACIÇA, DN 250 MM, JUNTA ELÁSTICA (NÃO INCLUI FORNECIMENTO). AF_01/2021","M",4.99,0]
["Assentamento de Tubos de Esgoto em PVC e PEAD",90737,"ASSENTAMENTO DE TUBO DE PVC PARA REDE COLETORA DE ESGOTO DE PAREDE MACIÇA, DN 300 MM, JUNTA ELÁSTICA (NÃO INCLUI FORNECIMENTO). AF_01/2021","M",5.58,0]
["Assentamento de Tubos de Esgoto em PVC e PEAD",90738,"ASSENTAMENTO DE TUBO DE PVC PARA REDE COLETORA DE ESGOTO DE PAREDE MACIÇA, DN 350 MM, JUNTA ELÁSTICA (NÃO INCLUI FORNECIMENTO). AF_01/2021","M",6.18,0]
["Assentamento de Tubos de Esgoto em PVC e PEAD",90739,"ASSENTAMENTO DE TUBO DE PVC PARA REDE COLETORA DE ESGOTO DE PAREDE MACIÇA, DN 400 MM, JUNTA ELÁSTICA (NÃO INCLUI FORNECIMENTO). AF_01/2021","M",8.8699999999999992,0.27400000000000002]
["Assentamento de Tubos de Esgoto em PVC e PEAD",90724,"JUNTA ARGAMASSADA ENTRE TUBO DN 100 MM E O POÇO DE VISITA/ CAIXA DE CONCRETO OU ALVENARIA EM REDES DE ESGOTO. AF_01/2021","UN",23,0]
["Assentamento de Tubos de Esgoto em PVC e PEAD",102267,"JUNTA ARGAMASSADA ENTRE TUBO DN 1000 MM E O POÇO DE VISITA/ CAIXA DE CONCRETO OU ALVENARIA EM REDES DE ESGOTO. AF_01/2021","UN",124.3,0]
["Assentamento de Tubos de Esgoto em PVC e PEAD",102268,"JUNTA ARGAMASSADA ENTRE TUBO DN 1200 MM E O POÇO DE VISITA/ CAIXA DE CONCRETO OU ALVENARIA EM REDES DE ESGOTO. AF_01/2021","UN",140.28,0]
["Assentamento de Tubos de Esgoto em PVC e PEAD",90725,"JUNTA ARGAMASSADA ENTRE TUBO DN 150 MM E O POÇO DE VISITA/ CAIXA DE CONCRETO OU ALVENARIA EM REDES DE ESGOTO. AF_01/2021","UN",28.32,0]
["Assentamento de Tubos de Esgoto em PVC e PEAD",102269,"JUNTA ARGAMASSADA ENTRE TUBO DN 1500 MM E O POÇO DE VISITA/ CAIXA DE CONCRETO OU ALVENARIA EM REDES DE ESGOTO. AF_01/2021","UN",172.22,0]
["Assentamento de Tubos de Esgoto em PVC e PEAD",90726,"JUNTA ARGAMASSADA ENTRE TUBO DN 200 MM E O POÇO/ CAIXA DE CONCRETO OU ALVENARIA EM REDES DE ESGOTO. AF_01/2021","UN",33.72,0]
["Assentamento de Tubos de Esgoto em PVC e PEAD",90727,"JUNTA ARGAMASSADA ENTRE TUBO DN 250 MM E O POÇO DE VISITA/ CAIXA DE CONCRETO OU ALVENARIA EM REDES DE ESGOTO. AF_01/2021","UN",39.04,0]
["Assentamento de Tubos de Esgoto em PVC e PEAD",90728,"JUNTA ARGAMASSADA ENTRE TUBO DN 300 MM E O POÇO DE VISITA/ CAIXA DE CONCRETO OU ALVENARIA EM REDES DE ESGOTO. AF_01/2021","UN",44.36,0]
["Assentamento de Tubos de Esgoto em PVC e PEAD",90729,"JUNTA ARGAMASSADA ENTRE TUBO DN 350 MM E O POÇO DE VISITA/ CAIXA DE CONCRETO OU ALVENARIA EM REDES DE ESGOTO. AF_01/2021","UN",49.69,0]
["Assentamento de Tubos de Esgoto em PVC e PEAD",90730,"JUNTA ARGAMASSADA ENTRE TUBO DN 400 MM E O POÇO DE VISITA/ CAIXA DE CONCRETO OU ALVENARIA EM REDES DE ESGOTO. AF_01/2021","UN",55.01,0]
["Assentamento de Tubos de Esgoto em PVC e PEAD",90731,"JUNTA ARGAMASSADA ENTRE TUBO DN 450 MM E O POÇO DE VISITA/ CAIXA DE CONCRETO OU ALVENARIA EM REDES DE ESGOTO. AF_01/2021","UN",60.34,0]
["Assentamento de Tubos de Esgoto em PVC e PEAD",90732,"JUNTA ARGAMASSADA ENTRE TUBO DN 600 MM E O POÇO DE VISITA/ CAIXA DE CONCRETO OU ALVENARIA EM REDES DE ESGOTO. AF_01/2021","UN",76.319999999999993,0]
["Assentamento de Tubos de Esgoto em PVC e PEAD",102265,"JUNTA ARGAMASSADA ENTRE TUBO DN 800 MM E O POÇO DE VISITA/ CAIXA DE CONCRETO OU ALVENARIA EM REDES DE ESGOTO. AF_01/2021","UN",97.61,0]
["Assentamento de Tubos de Esgoto em PVC e PEAD",102266,"JUNTA ARGAMASSADA ENTRE TUBO DN 900 MM E O POÇO DE VISITA/ CAIXA DE CONCRETO OU ALVENARIA EM REDES DE ESGOTO. AF_01/2021","UN",108.26,0]
["Assentamento de Tubos de Esgoto em PVC e PEAD",94879,"TUBO DE PEAD CORRUGADO DE DUPLA PAREDE PARA REDE COLETORA DE ESGOTO, DN 1000 MM, JUNTA ELÁSTICA INTEGRADA - FORNECIMENTO E ASSENTAMENTO. AF_01/2021","M",1723.83,0.9758]
["Assentamento de Tubos de Esgoto em PVC e PEAD",94881,"TUBO DE PEAD CORRUGADO DE DUPLA PAREDE PARA REDE COLETORA DE ESGOTO, DN 1200 MM, JUNTA ELÁSTICA INTEGRADA - FORNECIMENTO E ASSENTAMENTO. AF_01/2021","M",2373.2199999999998,0.97960000000000003]
["Assentamento de Tubos de Esgoto em PVC e PEAD",94869,"TUBO DE PEAD CORRUGADO DE DUPLA PAREDE PARA REDE COLETORA DE ESGOTO, DN 250 MM, JUNTA ELÁSTICA INTEGRADA - FORNECIMENTO E ASSENTAMENTO. AF_01/2021","M",121.48,0.98460000000000003]
["Assentamento de Tubos de Esgoto em PVC e PEAD",94871,"TUBO DE PEAD CORRUGADO DE DUPLA PAREDE PARA REDE COLETORA DE ESGOTO, DN 300 MM, JUNTA ELÁSTICA INTEGRADA - FORNECIMENTO E ASSENTAMENTO. AF_01/2021","M",190.01,0.98629999999999995]
["Assentamento de Tubos de Esgoto em PVC e PEAD",90708,"TUBO DE PEAD CORRUGADO DE DUPLA PAREDE PARA REDE COLETORA DE ESGOTO, DN 600 MM, JUNTA ELÁSTICA INTEGRADA - FORNECIMENTO E ASSENTAMENTO. AF_01/2021","M",689.79,0.97319999999999995]
["Assentamento de Tubos de Esgoto em PVC e PEAD",94875,"TUBO DE PEAD CORRUGADO DE DUPLA PAREDE PARA REDE COLETORA DE ESGOTO, DN 800 MM, JUNTA ELÁSTICA INTEGRADA - FORNECIMENTO E ASSENTAMENTO. AF_01/2021","M",1119.8599999999999,0.97509999999999997]
["Assentamento de Tubos de Esgoto em PVC e PEAD",102264,"TUBO DE PVC BRANCO PARA REDE COLETORA DE ESGOTO CONDOMINIAL DE PAREDE MACIÇA, DN 100 MM, JUNTA ELÁSTICA - FORNECIMENTO E ASSENTAMENTO. AF_01/2021","M",16.55,0]
["Assentamento de Tubos de Esgoto em PVC e PEAD",90701,"TUBO DE PVC CORRUGADO DE DUPLA PAREDE PARA REDE COLETORA DE ESGOTO, DN 150 MM, JUNTA ELÁSTICA - FORNECIMENTO E ASSENTAMENTO. AF_01/2021","M",55.7,0]
["Assentamento de Tubos de Esgoto em PVC e PEAD",90702,"TUBO DE PVC CORRUGADO DE DUPLA PAREDE PARA REDE COLETORA DE ESGOTO, DN 200 MM, JUNTA ELÁSTICA - FORNECIMENTO E ASSENTAMENTO. AF_01/2021","M",91.66,0]
["Assentamento de Tubos de Esgoto em PVC e PEAD",90703,"TUBO DE PVC CORRUGADO DE DUPLA PAREDE PARA REDE COLETORA DE ESGOTO, DN 250 MM, JUNTA ELÁSTICA - FORNECIMENTO E ASSENTAMENTO. AF_01/2021","M",144.63999999999999,0]
["Assentamento de Tubos de Esgoto em PVC e PEAD",90704,"TUBO DE PVC CORRUGADO DE DUPLA PAREDE PARA REDE COLETORA DE ESGOTO, DN 300 MM, JUNTA ELÁSTICA - FORNECIMENTO E ASSENTAMENTO. AF_01/2021","M",217.42,0]
["Assentamento de Tubos de Esgoto em PVC e PEAD",90705,"TUBO DE PVC CORRUGADO DE DUPLA PAREDE PARA REDE COLETORA DE ESGOTO, DN 350 MM, JUNTA ELÁSTICA - FORNECIMENTO E ASSENTAMENTO. AF_01/2021","M",279.07,0]
["Assentamento de Tubos de Esgoto em PVC e PEAD",90706,"TUBO DE PVC CORRUGADO DE DUPLA PAREDE PARA REDE COLETORA DE ESGOTO, DN 400 MM, JUNTA ELÁSTICA - FORNECIMENTO E ASSENTAMENTO. AF_01/2021","M",370.58,7.3000000000000001E-3]
["Assentamento de Tubos de Esgoto em PVC e PEAD",90694,"TUBO DE PVC PARA REDE COLETORA DE ESGOTO DE PAREDE MACIÇA, DN 100 MM, JUNTA ELÁSTICA - FORNECIMENTO E ASSENTAMENTO. AF_01/2021","M",36.71,0]
["Assentamento de Tubos de Esgoto em PVC e PEAD",90695,"TUBO DE PVC PARA REDE COLETORA DE ESGOTO DE PAREDE MACIÇA, DN 150 MM, JUNTA ELÁSTICA - FORNECIMENTO E ASSENTAMENTO. AF_01/2021","M",69.349999999999994,0]
["Assentamento de Tubos de Esgoto em PVC e PEAD",90696,"TUBO DE PVC PARA REDE COLETORA DE ESGOTO DE PAREDE MACIÇA, DN 200 MM, JUNTA ELÁSTICA - FORNECIMENTO E ASSENTAMENTO. AF_01/2021","M",115.52,0]
["Assentamento de Tubos de Esgoto em PVC e PEAD",90697,"TUBO DE PVC PARA REDE COLETORA DE ESGOTO DE PAREDE MACIÇA, DN 250 MM, JUNTA ELÁSTICA - FORNECIMENTO E ASSENTAMENTO. AF_01/2021","M",178.88,0]
["Assentamento de Tubos de Esgoto em PVC e PEAD",90698,"TUBO DE PVC PARA REDE COLETORA DE ESGOTO DE PAREDE MACIÇA, DN 300 MM, JUNTA ELÁSTICA, FORNECIMENTO E ASSENTAMENTO. AF_01/2021","M",273.04000000000002,0]
["Assentamento de Tubos de Esgoto em PVC e PEAD",90699,"TUBO DE PVC PARA REDE COLETORA DE ESGOTO DE PAREDE MACIÇA, DN 350 MM, JUNTA ELÁSTICA - FORNECIMENTO E ASSENTAMENTO. AF_01/2021","M",384,0]
["Assentamento de Tubos de Esgoto em PVC e PEAD",90700,"TUBO DE PVC PARA REDE COLETORA DE ESGOTO DE PAREDE MACIÇA, DN 400 MM, JUNTA ELÁSTICA FORNECIMENTO E ASSENTAMENTO. AF_01/2021","M",448.87,5.4000000000000003E-3]
["Assentamento de Tubos de PVC e Metálicos em Redes de Água",105378,"ASSENTAMENTO DE CONEXÃO 2 ACESSOS ALINHADOS DE FERRO FUNDIDO PARA REDE DE ÁGUA, DN 100, JUNTA ELÁSTICA, INSTALADO EM LOCAL COM NÍVEL ALTO DE INTERFERÊNCIAS (NÃO INCLUI FORNECIMENTO). AF_05/2024","UN",11.34,0.27689999999999998]
["Assentamento de Tubos de PVC e Metálicos em Redes de Água",105373,"ASSENTAMENTO DE CONEXÃO 2 ACESSOS ALINHADOS DE FERRO FUNDIDO PARA REDE DE ÁGUA, DN 100, JUNTA ELÁSTICA, INSTALADO EM LOCAL COM NÍVEL BAIXO DE INTERFERÊNCIAS (NÃO INCLUI FORNECIMENTO). AF_05/2024","UN",8.8699999999999992,0.23]
["Assentamento de Tubos de PVC e Metálicos em Redes de Água",105380,"ASSENTAMENTO DE CONEXÃO 2 ACESSOS ALINHADOS DE FERRO FUNDIDO PARA REDE DE ÁGUA, DN 1000, JUNTA ELÁSTICA, INSTALADO EM LOCAL COM NÍVEL ALTO DE INTERFERÊNCIAS (NÃO INCLUI FORNECIMENTO). AF_05/2024","UN",91.16,0]
["Assentamento de Tubos de PVC e Metálicos em Redes de Água",105267,"ASSENTAMENTO DE CONEXÃO 2 ACESSOS ALINHADOS DE FERRO FUNDIDO PARA REDE DE ÁGUA, DN 1000, JUNTA ELÁSTICA, INSTALADO EM LOCAL COM NÍVEL BAIXO DE INTERFERÊNCIAS (NÃO INCLUI FORNECIMENTO). AF_05/2024","UN",73.98,0]
["Assentamento de Tubos de PVC e Metálicos em Redes de Água",105249,"ASSENTAMENTO DE CONEXÃO 2 ACESSOS ALINHADOS DE FERRO FUNDIDO PARA REDE DE ÁGUA, DN 1200, JUNTA ELÁSTICA, INSTALADO EM LOCAL COM NÍVEL ALTO DE INTERFERÊNCIAS (NÃO INCLUI FORNECIMENTO). AF_05/2024","UN",111.45,0]
["Assentamento de Tubos de PVC e Metálicos em Redes de Água",105268,"ASSENTAMENTO DE CONEXÃO 2 ACESSOS ALINHADOS DE FERRO FUNDIDO PARA REDE DE ÁGUA, DN 1200, JUNTA ELÁSTICA, INSTALADO EM LOCAL COM NÍVEL BAIXO DE INTERFERÊNCIAS (NÃO INCLUI FORNECIMENTO). AF_05/2024","UN",91.18,0]
["Assentamento de Tubos de PVC e Metálicos em Redes de Água",105379,"ASSENTAMENTO DE CONEXÃO 2 ACESSOS ALINHADOS DE FERRO FUNDIDO PARA REDE DE ÁGUA, DN 150, JUNTA ELÁSTICA, INSTALADO EM LOCAL COM NÍVEL ALTO DE INTERFERÊNCIAS (NÃO INCLUI FORNECIMENTO). AF_05/2024","UN",15.02,0.249]
["Assentamento de Tubos de PVC e Metálicos em Redes de Água",105388,"ASSENTAMENTO DE CONEXÃO 2 ACESSOS ALINHADOS DE FERRO FUNDIDO PARA REDE DE ÁGUA, DN 150, JUNTA ELÁSTICA, INSTALADO EM LOCAL COM NÍVEL BAIXO DE INTERFERÊNCIAS (NÃO INCLUI FORNECIMENTO). AF_05/2024","UN",11.93,0.20280000000000001]
["Assentamento de Tubos de PVC e Metálicos em Redes de Água",105392,"ASSENTAMENTO DE CONEXÃO 2 ACESSOS ALINHADOS DE FERRO FUNDIDO PARA REDE DE ÁGUA, DN 200, JUNTA ELÁSTICA, INSTALADO EM LOCAL COM NÍVEL ALTO DE INTERFERÊNCIAS (NÃO INCLUI FORNECIMENTO). AF_05/2024","UN",18.71,0.23200000000000001]
["Assentamento de Tubos de PVC e Metálicos em Redes de Água",105389,"ASSENTAMENTO DE CONEXÃO 2 ACESSOS ALINHADOS DE FERRO FUNDIDO PARA REDE DE ÁGUA, DN 200, JUNTA ELÁSTICA, INSTALADO EM LOCAL COM NÍVEL BAIXO DE INTERFERÊNCIAS (NÃO INCLUI FORNECIMENTO). AF_05/2024","UN",15.02,0.18709999999999999]
["Assentamento de Tubos de PVC e Metálicos em Redes de Água",105393,"ASSENTAMENTO DE CONEXÃO 2 ACESSOS ALINHADOS DE FERRO FUNDIDO PARA REDE DE ÁGUA, DN 250, JUNTA ELÁSTICA, INSTALADO EM LOCAL COM NÍVEL ALTO DE INTERFERÊNCIAS (NÃO INCLUI FORNECIMENTO). AF_05/2024","UN",22.54,0.21920000000000001]
["Assentamento de Tubos de PVC e Metálicos em Redes de Água",105316,"ASSENTAMENTO DE CONEXÃO 2 ACESSOS ALINHADOS DE FERRO FUNDIDO PARA REDE DE ÁGUA, DN 250, JUNTA ELÁSTICA, INSTALADO EM LOCAL COM NÍVEL BAIXO DE INTERFERÊNCIAS (NÃO INCLUI FORNECIMENTO). AF_05/2024","UN",18.25,0.1759]
["Assentamento de Tubos de PVC e Metálicos em Redes de Água",105394,"ASSENTAMENTO DE CONEXÃO 2 ACESSOS ALINHADOS DE FERRO FUNDIDO PARA REDE DE ÁGUA, DN 300, JUNTA ELÁSTICA, INSTALADO EM LOCAL COM NÍVEL ALTO DE INTERFERÊNCIAS (NÃO INCLUI FORNECIMENTO). AF_05/2024","UN",26.36,0.20979999999999999]
["Assentamento de Tubos de PVC e Metálicos em Redes de Água",105317,"ASSENTAMENTO DE CONEXÃO 2 ACESSOS ALINHADOS DE FERRO FUNDIDO PARA REDE DE ÁGUA, DN 300, JUNTA ELÁSTICA, INSTALADO EM LOCAL COM NÍVEL BAIXO DE INTERFERÊNCIAS (NÃO INCLUI FORNECIMENTO). AF_05/2024","UN",21.45,0.16739999999999999]
["Assentamento de Tubos de PVC e Metálicos em Redes de Água",105395,"ASSENTAMENTO DE CONEXÃO 2 ACESSOS ALINHADOS DE FERRO FUNDIDO PARA REDE DE ÁGUA, DN 350, JUNTA ELÁSTICA, INSTALADO EM LOCAL COM NÍVEL ALTO DE INTERFERÊNCIAS (NÃO INCLUI FORNECIMENTO). AF_05/2024","UN",30.17,0.20319999999999999]
["Assentamento de Tubos de PVC e Metálicos em Redes de Água",105318,"ASSENTAMENTO DE CONEXÃO 2 ACESSOS ALINHADOS DE FERRO FUNDIDO PARA REDE DE ÁGUA, DN 350, JUNTA ELÁSTICA, INSTALADO EM LOCAL COM NÍVEL BAIXO DE INTERFERÊNCIAS (NÃO INCLUI FORNECIMENTO). AF_05/2024","UN",24.67,0.16089999999999999]
["Assentamento de Tubos de PVC e Metálicos em Redes de Água",105396,"ASSENTAMENTO DE CONEXÃO 2 ACESSOS ALINHADOS DE FERRO FUNDIDO PARA REDE DE ÁGUA, DN 400, JUNTA ELÁSTICA, INSTALADO EM LOCAL COM NÍVEL ALTO DE INTERFERÊNCIAS (NÃO INCLUI FORNECIMENTO). AF_05/2024","UN",33.979999999999997,0.1981]
["Assentamento de Tubos de PVC e Metálicos em Redes de Água",105258,"ASSENTAMENTO DE CONEXÃO 2 ACESSOS ALINHADOS DE FERRO FUNDIDO PARA REDE DE ÁGUA, DN 400, JUNTA ELÁSTICA, INSTALADO EM LOCAL COM NÍVEL BAIXO DE INTERFERÊNCIAS (NÃO INCLUI FORNECIMENTO). AF_05/2024","UN",27.88,0.15670000000000001]
["Assentamento de Tubos de PVC e Metálicos em Redes de Água",105397,"ASSENTAMENTO DE CONEXÃO 2 ACESSOS ALINHADOS DE FERRO FUNDIDO PARA REDE DE ÁGUA, DN 450, JUNTA ELÁSTICA, INSTALADO EM LOCAL COM NÍVEL ALTO DE INTERFERÊNCIAS (NÃO INCLUI FORNECIMENTO). AF_05/2024","UN",37.93,0.193]
["Assentamento de Tubos de PVC e Metálicos em Redes de Água",105261,"ASSENTAMENTO DE CONEXÃO 2 ACESSOS ALINHADOS DE FERRO FUNDIDO PARA REDE DE ÁGUA, DN 450, JUNTA ELÁSTICA, INSTALADO EM LOCAL COM NÍVEL BAIXO DE INTERFERÊNCIAS (NÃO INCLUI FORNECIMENTO). AF_05/2024","UN",31.21,0.1522]
["Assentamento de Tubos de PVC e Metálicos em Redes de Água",105398,"ASSENTAMENTO DE CONEXÃO 2 ACESSOS ALINHADOS DE FERRO FUNDIDO PARA REDE DE ÁGUA, DN 500, JUNTA ELÁSTICA, INSTALADO EM LOCAL COM NÍVEL ALTO DE INTERFERÊNCIAS (NÃO INCLUI FORNECIMENTO). AF_05/2024","UN",48.44,0]
["Assentamento de Tubos de PVC e Metálicos em Redes de Água",105262,"ASSENTAMENTO DE CONEXÃO 2 ACESSOS ALINHADOS DE FERRO FUNDIDO PARA REDE DE ÁGUA, DN 500, JUNTA ELÁSTICA, INSTALADO EM LOCAL COM NÍVEL BAIXO DE INTERFERÊNCIAS (NÃO INCLUI FORNECIMENTO). AF_05/2024","UN",38.950000000000003,0]
["Assentamento de Tubos de PVC e Metálicos em Redes de Água",105399,"ASSENTAMENTO DE CONEXÃO 2 ACESSOS ALINHADOS DE FERRO FUNDIDO PARA REDE DE ÁGUA, DN 600, JUNTA ELÁSTICA, INSTALADO EM LOCAL COM NÍVEL ALTO DE INTERFERÊNCIAS (NÃO INCLUI FORNECIMENTO). AF_05/2024","UN",57.31,0]
["Assentamento de Tubos de PVC e Metálicos em Redes de Água",105263,"ASSENTAMENTO DE CONEXÃO 2 ACESSOS ALINHADOS DE FERRO FUNDIDO PARA REDE DE ÁGUA, DN 600, JUNTA ELÁSTICA, INSTALADO EM LOCAL COM NÍVEL BAIXO DE INTERFERÊNCIAS (NÃO INCLUI FORNECIMENTO). AF_05/2024","UN",46.27,0]
["Assentamento de Tubos de PVC e Metálicos em Redes de Água",105400,"ASSENTAMENTO DE CONEXÃO 2 ACESSOS ALINHADOS DE FERRO FUNDIDO PARA REDE DE ÁGUA, DN 700, JUNTA ELÁSTICA, INSTALADO EM LOCAL COM NÍVEL ALTO DE INTERFERÊNCIAS (NÃO INCLUI FORNECIMENTO). AF_05/2024","UN",65.44,0]
["Assentamento de Tubos de PVC e Metálicos em Redes de Água",105264,"ASSENTAMENTO DE CONEXÃO 2 ACESSOS ALINHADOS DE FERRO FUNDIDO PARA REDE DE ÁGUA, DN 700, JUNTA ELÁSTICA, INSTALADO EM LOCAL COM NÍVEL BAIXO DE INTERFERÊNCIAS (NÃO INCLUI FORNECIMENTO). AF_05/2024","UN",52.87,0]
["Assentamento de Tubos de PVC e Metálicos em Redes de Água",105297,"ASSENTAMENTO DE CONEXÃO 2 ACESSOS ALINHADOS DE FERRO FUNDIDO PARA REDE DE ÁGUA, DN 80, JUNTA ELÁSTICA, INSTALADO EM LOCAL COM NÍVEL ALTO DE INTERFERÊNCIAS (NÃO INCLUI FORNECIMENTO). AF_05/2024","UN",9.85,0.2954]
["Assentamento de Tubos de PVC e Metálicos em Redes de Água",105372,"ASSENTAMENTO DE CONEXÃO 2 ACESSOS ALINHADOS DE FERRO FUNDIDO PARA REDE DE ÁGUA, DN 80, JUNTA ELÁSTICA, INSTALADO EM LOCAL COM NÍVEL BAIXO DE INTERFERÊNCIAS (NÃO INCLUI FORNECIMENTO). AF_05/2024","UN",7.61,0.24840000000000001]
["Assentamento de Tubos de PVC e Metálicos em Redes de Água",105401,"ASSENTAMENTO DE CONEXÃO 2 ACESSOS ALINHADOS DE FERRO FUNDIDO PARA REDE DE ÁGUA, DN 800, JUNTA ELÁSTICA, INSTALADO EM LOCAL COM NÍVEL ALTO DE INTERFERÊNCIAS (NÃO INCLUI FORNECIMENTO). AF_05/2024","UN",73.849999999999994,0]
["Assentamento de Tubos de PVC e Metálicos em Redes de Água",105265,"ASSENTAMENTO DE CONEXÃO 2 ACESSOS ALINHADOS DE FERRO FUNDIDO PARA REDE DE ÁGUA, DN 800, JUNTA ELÁSTICA, INSTALADO EM LOCAL COM NÍVEL BAIXO DE INTERFERÊNCIAS (NÃO INCLUI FORNECIMENTO). AF_05/2024","UN",59.73,0]
["Assentamento de Tubos de PVC e Metálicos em Redes de Água",105402,"ASSENTAMENTO DE CONEXÃO 2 ACESSOS ALINHADOS DE FERRO FUNDIDO PARA REDE DE ÁGUA, DN 900, JUNTA ELÁSTICA, INSTALADO EM LOCAL COM NÍVEL ALTO DE INTERFERÊNCIAS (NÃO INCLUI FORNECIMENTO). AF_05/2024","UN",82.47,0]
["Assentamento de Tubos de PVC e Metálicos em Redes de Água",105266,"ASSENTAMENTO DE CONEXÃO 2 ACESSOS ALINHADOS DE FERRO FUNDIDO PARA REDE DE ÁGUA, DN 900, JUNTA ELÁSTICA, INSTALADO EM LOCAL COM NÍVEL BAIXO DE INTERFERÊNCIAS (NÃO INCLUI FORNECIMENTO). AF_05/2024","UN",66.819999999999993,0]
["Assentamento de Tubos de PVC e Metálicos em Redes de Água",105361,"ASSENTAMENTO DE CONEXÃO 2 ACESSOS ALINHADOS DE PVC PBA PARA REDE DE ÁGUA, DN 100, JUNTA ELÁSTICA INTEGRADA, INSTALADO EM LOCAL COM NÍVEL ALTO DE INTERFERÊNCIAS (NÃO INCLUI FORNECIMENTO). AF_05/2024","UN",16.579999999999998,0]
["Assentamento de Tubos de PVC e Metálicos em Redes de Água",105382,"ASSENTAMENTO DE CONEXÃO 2 ACESSOS ALINHADOS DE PVC PBA PARA REDE DE ÁGUA, DN 100, JUNTA ELÁSTICA INTEGRADA, INSTALADO EM LOCAL COM NÍVEL BAIXO DE INTERFERÊNCIAS (NÃO INCLUI FORNECIMENTO). AF_05/2024","UN",13.74,0]
["Assentamento de Tubos de PVC e Metálicos em Redes de Água",105359,"ASSENTAMENTO DE CONEXÃO 2 ACESSOS ALINHADOS DE PVC PBA PARA REDE DE ÁGUA, DN 50, JUNTA ELÁSTICA INTEGRADA, INSTALADO EM LOCAL COM NÍVEL ALTO DE INTERFERÊNCIAS (NÃO INCLUI FORNECIMENTO). AF_05/2024","UN",11.72,0]
["Assentamento de Tubos de PVC e Metálicos em Redes de Água",105315,"ASSENTAMENTO DE CONEXÃO 2 ACESSOS ALINHADOS DE PVC PBA PARA REDE DE ÁGUA, DN 50, JUNTA ELÁSTICA INTEGRADA, INSTALADO EM LOCAL COM NÍVEL BAIXO DE INTERFERÊNCIAS (NÃO INCLUI FORNECIMENTO). AF_05/2024","UN",9.6300000000000008,0]
["Assentamento de Tubos de PVC e Metálicos em Redes de Água",105360,"ASSENTAMENTO DE CONEXÃO 2 ACESSOS ALINHADOS DE PVC PBA PARA REDE DE ÁGUA, DN 75, JUNTA ELÁSTICA INTEGRADA, INSTALADO EM LOCAL COM NÍVEL ALTO DE INTERFERÊNCIAS (NÃO INCLUI FORNECIMENTO). AF_05/2024","UN",14.24,0]
["Assentamento de Tubos de PVC e Metálicos em Redes de Água",105381,"ASSENTAMENTO DE CONEXÃO 2 ACESSOS ALINHADOS DE PVC PBA PARA REDE DE ÁGUA, DN 75, JUNTA ELÁSTICA INTEGRADA, INSTALADO EM LOCAL COM NÍVEL BAIXO DE INTERFERÊNCIAS (NÃO INCLUI FORNECIMENTO). AF_05/2024","UN",11.77,0]
["Assentamento de Tubos de PVC e Metálicos em Redes de Água",105251,"ASSENTAMENTO DE CONEXÃO 2 ACESSOS INCLINADOS DE FERRO FUNDIDO PARA REDE DE ÁGUA, DN 100, JUNTA ELÁSTICA, INSTALADO EM LOCAL COM NÍVEL ALTO DE INTERFERÊNCIAS (NÃO INCLUI FORNECIMENTO). AF_05/2024","UN",16.59,0.28449999999999998]
["Assentamento de Tubos de PVC e Metálicos em Redes de Água",105282,"ASSENTAMENTO DE CONEXÃO 2 ACESSOS INCLINADOS DE FERRO FUNDIDO PARA REDE DE ÁGUA, DN 100, JUNTA ELÁSTICA, INSTALADO EM LOCAL COM NÍVEL BAIXO DE INTERFERÊNCIAS (NÃO INCLUI FORNECIMENTO). AF_05/2024","UN",12.88,0.23760000000000001]
["Assentamento de Tubos de PVC e Metálicos em Redes de Água",105276,"ASSENTAMENTO DE CONEXÃO 2 ACESSOS INCLINADOS DE FERRO FUNDIDO PARA REDE DE ÁGUA, DN 1000, JUNTA ELÁSTICA, INSTALADO EM LOCAL COM NÍVEL ALTO DE INTERFERÊNCIAS (NÃO INCLUI FORNECIMENTO). AF_05/2024","UN",132.97,0]
["Assentamento de Tubos de PVC e Metálicos em Redes de Água",105341,"ASSENTAMENTO DE CONEXÃO 2 ACESSOS INCLINADOS DE FERRO FUNDIDO PARA REDE DE ÁGUA, DN 1000, JUNTA ELÁSTICA, INSTALADO EM LOCAL COM NÍVEL BAIXO DE INTERFERÊNCIAS (NÃO INCLUI FORNECIMENTO). AF_05/2024","UN",107.18,0]
["Assentamento de Tubos de PVC e Metálicos em Redes de Água",105277,"ASSENTAMENTO DE CONEXÃO 2 ACESSOS INCLINADOS DE FERRO FUNDIDO PARA REDE DE ÁGUA, DN 1200, JUNTA ELÁSTICA, INSTALADO EM LOCAL COM NÍVEL ALTO DE INTERFERÊNCIAS (NÃO INCLUI FORNECIMENTO). AF_05/2024","UN",161.06,0]
["Assentamento de Tubos de PVC e Metálicos em Redes de Água",105342,"ASSENTAMENTO DE CONEXÃO 2 ACESSOS INCLINADOS DE FERRO FUNDIDO PARA REDE DE ÁGUA, DN 1200, JUNTA ELÁSTICA, INSTALADO EM LOCAL COM NÍVEL BAIXO DE INTERFERÊNCIAS (NÃO INCLUI FORNECIMENTO). AF_05/2024","UN",130.66,0]
["Assentamento de Tubos de PVC e Metálicos em Redes de Água",105252,"ASSENTAMENTO DE CONEXÃO 2 ACESSOS INCLINADOS DE FERRO FUNDIDO PARA REDE DE ÁGUA, DN 150, JUNTA ELÁSTICA, INSTALADO EM LOCAL COM NÍVEL ALTO DE INTERFERÊNCIAS (NÃO INCLUI FORNECIMENTO). AF_05/2024","UN",21.98,0.25519999999999998]
["Assentamento de Tubos de PVC e Metálicos em Redes de Água",105298,"ASSENTAMENTO DE CONEXÃO 2 ACESSOS INCLINADOS DE FERRO FUNDIDO PARA REDE DE ÁGUA, DN 150, JUNTA ELÁSTICA, INSTALADO EM LOCAL COM NÍVEL BAIXO DE INTERFERÊNCIAS (NÃO INCLUI FORNECIMENTO). AF_05/2024","UN",17.36,0.2097]
["Assentamento de Tubos de PVC e Metálicos em Redes de Água",105253,"ASSENTAMENTO DE CONEXÃO 2 ACESSOS INCLINADOS DE FERRO FUNDIDO PARA REDE DE ÁGUA, DN 200, JUNTA ELÁSTICA, INSTALADO EM LOCAL COM NÍVEL ALTO DE INTERFERÊNCIAS (NÃO INCLUI FORNECIMENTO). AF_05/2024","UN",27.37,0.2382]
["Assentamento de Tubos de PVC e Metálicos em Redes de Água",105299,"ASSENTAMENTO DE CONEXÃO 2 ACESSOS INCLINADOS DE FERRO FUNDIDO PARA REDE DE ÁGUA, DN 200, JUNTA ELÁSTICA, INSTALADO EM LOCAL COM NÍVEL BAIXO DE INTERFERÊNCIAS (NÃO INCLUI FORNECIMENTO). AF_05/2024","UN",21.83,0.1938]
["Assentamento de Tubos de PVC e Metálicos em Redes de Água",105254,"ASSENTAMENTO DE CONEXÃO 2 ACESSOS INCLINADOS DE FERRO FUNDIDO PARA REDE DE ÁGUA, DN 250, JUNTA ELÁSTICA, INSTALADO EM LOCAL COM NÍVEL ALTO DE INTERFERÊNCIAS (NÃO INCLUI FORNECIMENTO). AF_05/2024","UN",32.89,0.2253]
["Assentamento de Tubos de PVC e Metálicos em Redes de Água",105300,"ASSENTAMENTO DE CONEXÃO 2 ACESSOS INCLINADOS DE FERRO FUNDIDO PARA REDE DE ÁGUA, DN 250, JUNTA ELÁSTICA, INSTALADO EM LOCAL COM NÍVEL BAIXO DE INTERFERÊNCIAS (NÃO INCLUI FORNECIMENTO). AF_05/2024","UN",26.45,0.18190000000000001]
["Assentamento de Tubos de PVC e Metálicos em Redes de Água",105255,"ASSENTAMENTO DE CONEXÃO 2 ACESSOS INCLINADOS DE FERRO FUNDIDO PARA REDE DE ÁGUA, DN 300, JUNTA ELÁSTICA, INSTALADO EM LOCAL COM NÍVEL ALTO DE INTERFERÊNCIAS (NÃO INCLUI FORNECIMENTO). AF_05/2024","UN",38.44,0.2162]
["Assentamento de Tubos de PVC e Metálicos em Redes de Água",105301,"ASSENTAMENTO DE CONEXÃO 2 ACESSOS INCLINADOS DE FERRO FUNDIDO PARA REDE DE ÁGUA, DN 300, JUNTA ELÁSTICA, INSTALADO EM LOCAL COM NÍVEL BAIXO DE INTERFERÊNCIAS (NÃO INCLUI FORNECIMENTO). AF_05/2024","UN",31.08,0.1734]
["Assentamento de Tubos de PVC e Metálicos em Redes de Água",105256,"ASSENTAMENTO DE CONEXÃO 2 ACESSOS INCLINADOS DE FERRO FUNDIDO PARA REDE DE ÁGUA, DN 350, JUNTA ELÁSTICA, INSTALADO EM LOCAL COM NÍVEL ALTO DE INTERFERÊNCIAS (NÃO INCLUI FORNECIMENTO). AF_05/2024","UN",43.95,0.20930000000000001]
["Assentamento de Tubos de PVC e Metálicos em Redes de Água",105302,"ASSENTAMENTO DE CONEXÃO 2 ACESSOS INCLINADOS DE FERRO FUNDIDO PARA REDE DE ÁGUA, DN 350, JUNTA ELÁSTICA, INSTALADO EM LOCAL COM NÍVEL BAIXO DE INTERFERÊNCIAS (NÃO INCLUI FORNECIMENTO). AF_05/2024","UN",35.69,0.1673]
["Assentamento de Tubos de PVC e Metálicos em Redes de Água",105257,"ASSENTAMENTO DE CONEXÃO 2 ACESSOS INCLINADOS DE FERRO FUNDIDO PARA REDE DE ÁGUA, DN 400, JUNTA ELÁSTICA, INSTALADO EM LOCAL COM NÍVEL ALTO DE INTERFERÊNCIAS (NÃO INCLUI FORNECIMENTO). AF_05/2024","UN",49.46,0.20419999999999999]
["Assentamento de Tubos de PVC e Metálicos em Redes de Água",105303,"ASSENTAMENTO DE CONEXÃO 2 ACESSOS INCLINADOS DE FERRO FUNDIDO PARA REDE DE ÁGUA, DN 400, JUNTA ELÁSTICA, INSTALADO EM LOCAL COM NÍVEL BAIXO DE INTERFERÊNCIAS (NÃO INCLUI FORNECIMENTO). AF_05/2024","UN",40.299999999999997,0.1628]
["Assentamento de Tubos de PVC e Metálicos em Redes de Água",105270,"ASSENTAMENTO DE CONEXÃO 2 ACESSOS INCLINADOS DE FERRO FUNDIDO PARA REDE DE ÁGUA, DN 450, JUNTA ELÁSTICA, INSTALADO EM LOCAL COM NÍVEL ALTO DE INTERFERÊNCIAS (NÃO INCLUI FORNECIMENTO). AF_05/2024","UN",55.12,0.19939999999999999]
["Assentamento de Tubos de PVC e Metálicos em Redes de Água",105304,"ASSENTAMENTO DE CONEXÃO 2 ACESSOS INCLINADOS DE FERRO FUNDIDO PARA REDE DE ÁGUA, DN 450, JUNTA ELÁSTICA, INSTALADO EM LOCAL COM NÍVEL BAIXO DE INTERFERÊNCIAS (NÃO INCLUI FORNECIMENTO). AF_05/2024","UN",45.05,0.1585]
["Assentamento de Tubos de PVC e Metálicos em Redes de Água",105271,"ASSENTAMENTO DE CONEXÃO 2 ACESSOS INCLINADOS DE FERRO FUNDIDO PARA REDE DE ÁGUA, DN 500, JUNTA ELÁSTICA, INSTALADO EM LOCAL COM NÍVEL ALTO DE INTERFERÊNCIAS (NÃO INCLUI FORNECIMENTO). AF_05/2024","UN",70.650000000000006,0]
["Assentamento de Tubos de PVC e Metálicos em Redes de Água",105305,"ASSENTAMENTO DE CONEXÃO 2 ACESSOS INCLINADOS DE FERRO FUNDIDO PARA REDE DE ÁGUA, DN 500, JUNTA ELÁSTICA, INSTALADO EM LOCAL COM NÍVEL BAIXO DE INTERFERÊNCIAS (NÃO INCLUI FORNECIMENTO). AF_05/2024","UN",56.41,0]
["Assentamento de Tubos de PVC e Metálicos em Redes de Água",105272,"ASSENTAMENTO DE CONEXÃO 2 ACESSOS INCLINADOS DE FERRO FUNDIDO PARA REDE DE ÁGUA, DN 600, JUNTA ELÁSTICA, INSTALADO EM LOCAL COM NÍVEL ALTO DE INTERFERÊNCIAS (NÃO INCLUI FORNECIMENTO). AF_05/2024","UN",83.44,0]
["Assentamento de Tubos de PVC e Metálicos em Redes de Água",105306,"ASSENTAMENTO DE CONEXÃO 2 ACESSOS INCLINADOS DE FERRO FUNDIDO PARA REDE DE ÁGUA, DN 600, JUNTA ELÁSTICA, INSTALADO EM LOCAL COM NÍVEL BAIXO DE INTERFERÊNCIAS (NÃO INCLUI FORNECIMENTO). AF_05/2024","UN",66.89,0]
["Assentamento de Tubos de PVC e Metálicos em Redes de Água",105273,"ASSENTAMENTO DE CONEXÃO 2 ACESSOS INCLINADOS DE FERRO FUNDIDO PARA REDE DE ÁGUA, DN 700, JUNTA ELÁSTICA, INSTALADO EM LOCAL COM NÍVEL ALTO DE INTERFERÊNCIAS (NÃO INCLUI FORNECIMENTO). AF_05/2024","UN",95.48,0]
["Assentamento de Tubos de PVC e Metálicos em Redes de Água",105307,"ASSENTAMENTO DE CONEXÃO 2 ACESSOS INCLINADOS DE FERRO FUNDIDO PARA REDE DE ÁGUA, DN 700, JUNTA ELÁSTICA, INSTALADO EM LOCAL COM NÍVEL BAIXO DE INTERFERÊNCIAS (NÃO INCLUI FORNECIMENTO). AF_05/2024","UN",76.61,0]
["Assentamento de Tubos de PVC e Metálicos em Redes de Água",105250,"ASSENTAMENTO DE CONEXÃO 2 ACESSOS INCLINADOS DE FERRO FUNDIDO PARA REDE DE ÁGUA, DN 80, JUNTA ELÁSTICA, INSTALADO EM LOCAL COM NÍVEL ALTO DE INTERFERÊNCIAS (NÃO INCLUI FORNECIMENTO). AF_05/2024","UN",14.41,0.30330000000000001]
["Assentamento de Tubos de PVC e Metálicos em Redes de Água",105269,"ASSENTAMENTO DE CONEXÃO 2 ACESSOS INCLINADOS DE FERRO FUNDIDO PARA REDE DE ÁGUA, DN 80, JUNTA ELÁSTICA, INSTALADO EM LOCAL COM NÍVEL BAIXO DE INTERFERÊNCIAS (NÃO INCLUI FORNECIMENTO). AF_05/2024","UN",11.06,0.25590000000000002]
["Assentamento de Tubos de PVC e Metálicos em Redes de Água",105274,"ASSENTAMENTO DE CONEXÃO 2 ACESSOS INCLINADOS DE FERRO FUNDIDO PARA REDE DE ÁGUA, DN 800, JUNTA ELÁSTICA, INSTALADO EM LOCAL COM NÍVEL ALTO DE INTERFERÊNCIAS (NÃO INCLUI FORNECIMENTO). AF_05/2024","UN",107.8,0]
["Assentamento de Tubos de PVC e Metálicos em Redes de Água",105340,"ASSENTAMENTO DE CONEXÃO 2 ACESSOS INCLINADOS DE FERRO FUNDIDO PARA REDE DE ÁGUA, DN 800, JUNTA ELÁSTICA, INSTALADO EM LOCAL COM NÍVEL BAIXO DE INTERFERÊNCIAS (NÃO INCLUI FORNECIMENTO). AF_05/2024","UN",86.64,0]
["Assentamento de Tubos de PVC e Metálicos em Redes de Água",105275,"ASSENTAMENTO DE CONEXÃO 2 ACESSOS INCLINADOS DE FERRO FUNDIDO PARA REDE DE ÁGUA, DN 900, JUNTA ELÁSTICA, INSTALADO EM LOCAL COM NÍVEL ALTO DE INTERFERÊNCIAS (NÃO INCLUI FORNECIMENTO). AF_05/2024","UN",120.34,0]
["Assentamento de Tubos de PVC e Metálicos em Redes de Água",105390,"ASSENTAMENTO DE CONEXÃO 2 ACESSOS INCLINADOS DE FERRO FUNDIDO PARA REDE DE ÁGUA, DN 900, JUNTA ELÁSTICA, INSTALADO EM LOCAL COM NÍVEL BAIXO DE INTERFERÊNCIAS (NÃO INCLUI FORNECIMENTO). AF_05/2024","UN",96.85,0]
["Assentamento de Tubos de PVC e Metálicos em Redes de Água",105364,"ASSENTAMENTO DE CONEXÃO 2 ACESSOS INCLINADOS DE PVC PBA PARA REDE DE ÁGUA, DN 100, JUNTA ELÁSTICA INTEGRADA, INSTALADO EM LOCAL COM NÍVEL ALTO DE INTERFERÊNCIAS (NÃO INCLUI FORNECIMENTO). AF_05/2024","UN",24.12,0]
["Assentamento de Tubos de PVC e Metálicos em Redes de Água",105385,"ASSENTAMENTO DE CONEXÃO 2 ACESSOS INCLINADOS DE PVC PBA PARA REDE DE ÁGUA, DN 100, JUNTA ELÁSTICA INTEGRADA, INSTALADO EM LOCAL COM NÍVEL BAIXO DE INTERFERÊNCIAS (NÃO INCLUI FORNECIMENTO). AF_05/2024","UN",19.850000000000001,0]
["Assentamento de Tubos de PVC e Metálicos em Redes de Água",105362,"ASSENTAMENTO DE CONEXÃO 2 ACESSOS INCLINADOS DE PVC PBA PARA REDE DE ÁGUA, DN 50, JUNTA ELÁSTICA INTEGRADA, INSTALADO EM LOCAL COM NÍVEL ALTO DE INTERFERÊNCIAS (NÃO INCLUI FORNECIMENTO). AF_05/2024","UN",17.25,0]
["Assentamento de Tubos de PVC e Metálicos em Redes de Água",105383,"ASSENTAMENTO DE CONEXÃO 2 ACESSOS INCLINADOS DE PVC PBA PARA REDE DE ÁGUA, DN 50, JUNTA ELÁSTICA INTEGRADA, INSTALADO EM LOCAL COM NÍVEL BAIXO DE INTERFERÊNCIAS (NÃO INCLUI FORNECIMENTO). AF_05/2024","UN",14.12,0]
["Assentamento de Tubos de PVC e Metálicos em Redes de Água",105363,"ASSENTAMENTO DE CONEXÃO 2 ACESSOS INCLINADOS DE PVC PBA PARA REDE DE ÁGUA, DN 75, JUNTA ELÁSTICA INTEGRADA, INSTALADO EM LOCAL COM NÍVEL ALTO DE INTERFERÊNCIAS (NÃO INCLUI FORNECIMENTO). AF_05/2024","UN",20.77,0]
["Assentamento de Tubos de PVC e Metálicos em Redes de Água",105384,"ASSENTAMENTO DE CONEXÃO 2 ACESSOS INCLINADOS DE PVC PBA PARA REDE DE ÁGUA, DN 75, JUNTA ELÁSTICA INTEGRADA, INSTALADO EM LOCAL COM NÍVEL BAIXO DE INTERFERÊNCIAS (NÃO INCLUI FORNECIMENTO). AF_05/2024","UN",17.07,0]
["Assentamento de Tubos de PVC e Metálicos em Redes de Água",105279,"ASSENTAMENTO DE CONEXÃO 3 ACESSOS DE FERRO FUNDIDO PARA REDE DE ÁGUA, DN 100, JUNTA ELÁSTICA, INSTALADO EM LOCAL COM NÍVEL ALTO DE INTERFERÊNCIAS (NÃO INCLUI FORNECIMENTO). AF_05/2024","UN",22.72,0.27729999999999999]
["Assentamento de Tubos de PVC e Metálicos em Redes de Água",105259,"ASSENTAMENTO DE CONEXÃO 3 ACESSOS DE FERRO FUNDIDO PARA REDE DE ÁGUA, DN 100, JUNTA ELÁSTICA, INSTALADO EM LOCAL COM NÍVEL BAIXO DE INTERFERÊNCIAS (NÃO INCLUI FORNECIMENTO). AF_05/2024","UN",17.77,0.23019999999999999]
["Assentamento de Tubos de PVC e Metálicos em Redes de Água",105357,"ASSENTAMENTO DE CONEXÃO 3 ACESSOS DE FERRO FUNDIDO PARA REDE DE ÁGUA, DN 1000, JUNTA ELÁSTICA, INSTALADO EM LOCAL COM NÍVEL ALTO DE INTERFERÊNCIAS (NÃO INCLUI FORNECIMENTO). AF_05/2024","UN",182.38,0]
["Assentamento de Tubos de PVC e Metálicos em Redes de Água",105346,"ASSENTAMENTO DE CONEXÃO 3 ACESSOS DE FERRO FUNDIDO PARA REDE DE ÁGUA, DN 1000, JUNTA ELÁSTICA, INSTALADO EM LOCAL COM NÍVEL BAIXO DE INTERFERÊNCIAS (NÃO INCLUI FORNECIMENTO). AF_05/2024","UN",148,0]
["Assentamento de Tubos de PVC e Metálicos em Redes de Água",105358,"ASSENTAMENTO DE CONEXÃO 3 ACESSOS DE FERRO FUNDIDO PARA REDE DE ÁGUA, DN 1200, JUNTA ELÁSTICA, INSTALADO EM LOCAL COM NÍVEL ALTO DE INTERFERÊNCIAS (NÃO INCLUI FORNECIMENTO). AF_05/2024","UN",222.9,0]
["Assentamento de Tubos de PVC e Metálicos em Redes de Água",105347,"ASSENTAMENTO DE CONEXÃO 3 ACESSOS DE FERRO FUNDIDO PARA REDE DE ÁGUA, DN 1200, JUNTA ELÁSTICA, INSTALADO EM LOCAL COM NÍVEL BAIXO DE INTERFERÊNCIAS (NÃO INCLUI FORNECIMENTO). AF_05/2024","UN",182.36,0]
["Assentamento de Tubos de PVC e Metálicos em Redes de Água",105280,"ASSENTAMENTO DE CONEXÃO 3 ACESSOS DE FERRO FUNDIDO PARA REDE DE ÁGUA, DN 150, JUNTA ELÁSTICA, INSTALADO EM LOCAL COM NÍVEL ALTO DE INTERFERÊNCIAS (NÃO INCLUI FORNECIMENTO). AF_05/2024","UN",30.09,0.24890000000000001]
["Assentamento de Tubos de PVC e Metálicos em Redes de Água",105283,"ASSENTAMENTO DE CONEXÃO 3 ACESSOS DE FERRO FUNDIDO PARA REDE DE ÁGUA, DN 150, JUNTA ELÁSTICA, INSTALADO EM LOCAL COM NÍVEL BAIXO DE INTERFERÊNCIAS (NÃO INCLUI FORNECIMENTO). AF_05/2024","UN",23.91,0.20330000000000001]
["Assentamento de Tubos de PVC e Metálicos em Redes de Água",105281,"ASSENTAMENTO DE CONEXÃO 3 ACESSOS DE FERRO FUNDIDO PARA REDE DE ÁGUA, DN 200, JUNTA ELÁSTICA, INSTALADO EM LOCAL COM NÍVEL ALTO DE INTERFERÊNCIAS (NÃO INCLUI FORNECIMENTO). AF_05/2024","UN",37.43,0.2319]
["Assentamento de Tubos de PVC e Metálicos em Redes de Água",105319,"ASSENTAMENTO DE CONEXÃO 3 ACESSOS DE FERRO FUNDIDO PARA REDE DE ÁGUA, DN 200, JUNTA ELÁSTICA, INSTALADO EM LOCAL COM NÍVEL BAIXO DE INTERFERÊNCIAS (NÃO INCLUI FORNECIMENTO). AF_05/2024","UN",30.07,0.18759999999999999]
["Assentamento de Tubos de PVC e Metálicos em Redes de Água",105284,"ASSENTAMENTO DE CONEXÃO 3 ACESSOS DE FERRO FUNDIDO PARA REDE DE ÁGUA, DN 250, JUNTA ELÁSTICA, INSTALADO EM LOCAL COM NÍVEL ALTO DE INTERFERÊNCIAS (NÃO INCLUI FORNECIMENTO). AF_05/2024","UN",45.11,0.21920000000000001]
["Assentamento de Tubos de PVC e Metálicos em Redes de Água",105320,"ASSENTAMENTO DE CONEXÃO 3 ACESSOS DE FERRO FUNDIDO PARA REDE DE ÁGUA, DN 250, JUNTA ELÁSTICA, INSTALADO EM LOCAL COM NÍVEL BAIXO DE INTERFERÊNCIAS (NÃO INCLUI FORNECIMENTO). AF_05/2024","UN",36.53,0.1757]
["Assentamento de Tubos de PVC e Metálicos em Redes de Água",105348,"ASSENTAMENTO DE CONEXÃO 3 ACESSOS DE FERRO FUNDIDO PARA REDE DE ÁGUA, DN 300, JUNTA ELÁSTICA, INSTALADO EM LOCAL COM NÍVEL ALTO DE INTERFERÊNCIAS (NÃO INCLUI FORNECIMENTO). AF_05/2024","UN",52.76,0.21]
["Assentamento de Tubos de PVC e Metálicos em Redes de Água",105321,"ASSENTAMENTO DE CONEXÃO 3 ACESSOS DE FERRO FUNDIDO PARA REDE DE ÁGUA, DN 300, JUNTA ELÁSTICA, INSTALADO EM LOCAL COM NÍVEL BAIXO DE INTERFERÊNCIAS (NÃO INCLUI FORNECIMENTO). AF_05/2024","UN",42.94,0.16769999999999999]
["Assentamento de Tubos de PVC e Metálicos em Redes de Água",105349,"ASSENTAMENTO DE CONEXÃO 3 ACESSOS DE FERRO FUNDIDO PARA REDE DE ÁGUA, DN 350, JUNTA ELÁSTICA, INSTALADO EM LOCAL COM NÍVEL ALTO DE INTERFERÊNCIAS (NÃO INCLUI FORNECIMENTO). AF_05/2024","UN",60.38,0.20319999999999999]
["Assentamento de Tubos de PVC e Metálicos em Redes de Água",105322,"ASSENTAMENTO DE CONEXÃO 3 ACESSOS DE FERRO FUNDIDO PARA REDE DE ÁGUA, DN 350, JUNTA ELÁSTICA, INSTALADO EM LOCAL COM NÍVEL BAIXO DE INTERFERÊNCIAS (NÃO INCLUI FORNECIMENTO). AF_05/2024","UN",49.36,0.1613]
["Assentamento de Tubos de PVC e Metálicos em Redes de Água",105350,"ASSENTAMENTO DE CONEXÃO 3 ACESSOS DE FERRO FUNDIDO PARA REDE DE ÁGUA, DN 400, JUNTA ELÁSTICA, INSTALADO EM LOCAL COM NÍVEL ALTO DE INTERFERÊNCIAS (NÃO INCLUI FORNECIMENTO). AF_05/2024","UN",68,0.1981]
["Assentamento de Tubos de PVC e Metálicos em Redes de Água",105323,"ASSENTAMENTO DE CONEXÃO 3 ACESSOS DE FERRO FUNDIDO PARA REDE DE ÁGUA, DN 400, JUNTA ELÁSTICA, INSTALADO EM LOCAL COM NÍVEL BAIXO DE INTERFERÊNCIAS (NÃO INCLUI FORNECIMENTO). AF_05/2024","UN",55.78,0.15690000000000001]
["Assentamento de Tubos de PVC e Metálicos em Redes de Água",105351,"ASSENTAMENTO DE CONEXÃO 3 ACESSOS DE FERRO FUNDIDO PARA REDE DE ÁGUA, DN 450, JUNTA ELÁSTICA, INSTALADO EM LOCAL COM NÍVEL ALTO DE INTERFERÊNCIAS (NÃO INCLUI FORNECIMENTO). AF_05/2024","UN",75.900000000000006,0.1933]
["Assentamento de Tubos de PVC e Metálicos em Redes de Água",105324,"ASSENTAMENTO DE CONEXÃO 3 ACESSOS DE FERRO FUNDIDO PARA REDE DE ÁGUA, DN 450, JUNTA ELÁSTICA, INSTALADO EM LOCAL COM NÍVEL BAIXO DE INTERFERÊNCIAS (NÃO INCLUI FORNECIMENTO). AF_05/2024","UN",62.45,0.15260000000000001]
["Assentamento de Tubos de PVC e Metálicos em Redes de Água",105352,"ASSENTAMENTO DE CONEXÃO 3 ACESSOS DE FERRO FUNDIDO PARA REDE DE ÁGUA, DN 500, JUNTA ELÁSTICA, INSTALADO EM LOCAL COM NÍVEL ALTO DE INTERFERÊNCIAS (NÃO INCLUI FORNECIMENTO). AF_05/2024","UN",96.9,0]
["Assentamento de Tubos de PVC e Metálicos em Redes de Água",105325,"ASSENTAMENTO DE CONEXÃO 3 ACESSOS DE FERRO FUNDIDO PARA REDE DE ÁGUA, DN 500, JUNTA ELÁSTICA, INSTALADO EM LOCAL COM NÍVEL BAIXO DE INTERFERÊNCIAS (NÃO INCLUI FORNECIMENTO). AF_05/2024","UN",77.900000000000006,0]
["Assentamento de Tubos de PVC e Metálicos em Redes de Água",105353,"ASSENTAMENTO DE CONEXÃO 3 ACESSOS DE FERRO FUNDIDO PARA REDE DE ÁGUA, DN 600, JUNTA ELÁSTICA, INSTALADO EM LOCAL COM NÍVEL ALTO DE INTERFERÊNCIAS (NÃO INCLUI FORNECIMENTO). AF_05/2024","UN",114.66,0]
["Assentamento de Tubos de PVC e Metálicos em Redes de Água",105326,"ASSENTAMENTO DE CONEXÃO 3 ACESSOS DE FERRO FUNDIDO PARA REDE DE ÁGUA, DN 600, JUNTA ELÁSTICA, INSTALADO EM LOCAL COM NÍVEL BAIXO DE INTERFERÊNCIAS (NÃO INCLUI FORNECIMENTO). AF_05/2024","UN",92.58,0]
["Assentamento de Tubos de PVC e Metálicos em Redes de Água",105354,"ASSENTAMENTO DE CONEXÃO 3 ACESSOS DE FERRO FUNDIDO PARA REDE DE ÁGUA, DN 700, JUNTA ELÁSTICA, INSTALADO EM LOCAL COM NÍVEL ALTO DE INTERFERÊNCIAS (NÃO INCLUI FORNECIMENTO). AF_05/2024","UN",130.91,0]
["Assentamento de Tubos de PVC e Metálicos em Redes de Água",105344,"ASSENTAMENTO DE CONEXÃO 3 ACESSOS DE FERRO FUNDIDO PARA REDE DE ÁGUA, DN 700, JUNTA ELÁSTICA, INSTALADO EM LOCAL COM NÍVEL BAIXO DE INTERFERÊNCIAS (NÃO INCLUI FORNECIMENTO). AF_05/2024","UN",105.75,0]
["Assentamento de Tubos de PVC e Metálicos em Redes de Água",105278,"ASSENTAMENTO DE CONEXÃO 3 ACESSOS DE FERRO FUNDIDO PARA REDE DE ÁGUA, DN 80, JUNTA ELÁSTICA, INSTALADO EM LOCAL COM NÍVEL ALTO DE INTERFERÊNCIAS (NÃO INCLUI FORNECIMENTO). AF_05/2024","UN",19.72,0.29509999999999997]
["Assentamento de Tubos de PVC e Metálicos em Redes de Água",105343,"ASSENTAMENTO DE CONEXÃO 3 ACESSOS DE FERRO FUNDIDO PARA REDE DE ÁGUA, DN 80, JUNTA ELÁSTICA, INSTALADO EM LOCAL COM NÍVEL BAIXO DE INTERFERÊNCIAS (NÃO INCLUI FORNECIMENTO). AF_05/2024","UN",15.25,0.2472]
["Assentamento de Tubos de PVC e Metálicos em Redes de Água",105355,"ASSENTAMENTO DE CONEXÃO 3 ACESSOS DE FERRO FUNDIDO PARA REDE DE ÁGUA, DN 800, JUNTA ELÁSTICA, INSTALADO EM LOCAL COM NÍVEL ALTO DE INTERFERÊNCIAS (NÃO INCLUI FORNECIMENTO). AF_05/2024","UN",147.71,0]
["Assentamento de Tubos de PVC e Metálicos em Redes de Água",105391,"ASSENTAMENTO DE CONEXÃO 3 ACESSOS DE FERRO FUNDIDO PARA REDE DE ÁGUA, DN 800, JUNTA ELÁSTICA, INSTALADO EM LOCAL COM NÍVEL BAIXO DE INTERFERÊNCIAS (NÃO INCLUI FORNECIMENTO). AF_05/2024","UN",119.48,0]
["Assentamento de Tubos de PVC e Metálicos em Redes de Água",105356,"ASSENTAMENTO DE CONEXÃO 3 ACESSOS DE FERRO FUNDIDO PARA REDE DE ÁGUA, DN 900, JUNTA ELÁSTICA, INSTALADO EM LOCAL COM NÍVEL ALTO DE INTERFERÊNCIAS (NÃO INCLUI FORNECIMENTO). AF_05/2024","UN",164.93,0]
["Assentamento de Tubos de PVC e Metálicos em Redes de Água",105345,"ASSENTAMENTO DE CONEXÃO 3 ACESSOS DE FERRO FUNDIDO PARA REDE DE ÁGUA, DN 900, JUNTA ELÁSTICA, INSTALADO EM LOCAL COM NÍVEL BAIXO DE INTERFERÊNCIAS (NÃO INCLUI FORNECIMENTO). AF_05/2024","UN",133.62,0]
["Assentamento de Tubos de PVC e Metálicos em Redes de Água",105367,"ASSENTAMENTO DE CONEXÃO 3 ACESSOS DE PVC PBA PARA REDE DE ÁGUA, DN 100, JUNTA ELÁSTICA INTEGRADA, INSTALADO EM LOCAL COM NÍVEL ALTO DE INTERFERÊNCIAS (NÃO INCLUI FORNECIMENTO). AF_05/2024","UN",33.17,0]
["Assentamento de Tubos de PVC e Metálicos em Redes de Água",105371,"ASSENTAMENTO DE CONEXÃO 3 ACESSOS DE PVC PBA PARA REDE DE ÁGUA, DN 100, JUNTA ELÁSTICA INTEGRADA, INSTALADO EM LOCAL COM NÍVEL BAIXO DE INTERFERÊNCIAS (NÃO INCLUI FORNECIMENTO). AF_05/2024","UN",27.49,0]
["Assentamento de Tubos de PVC e Metálicos em Redes de Água",105365,"ASSENTAMENTO DE CONEXÃO 3 ACESSOS DE PVC PBA PARA REDE DE ÁGUA, DN 50, JUNTA ELÁSTICA INTEGRADA, INSTALADO EM LOCAL COM NÍVEL ALTO DE INTERFERÊNCIAS (NÃO INCLUI FORNECIMENTO). AF_05/2024","UN",23.45,0]
["Assentamento de Tubos de PVC e Metálicos em Redes de Água",105386,"ASSENTAMENTO DE CONEXÃO 3 ACESSOS DE PVC PBA PARA REDE DE ÁGUA, DN 50, JUNTA ELÁSTICA INTEGRADA, INSTALADO EM LOCAL COM NÍVEL BAIXO DE INTERFERÊNCIAS (NÃO INCLUI FORNECIMENTO). AF_05/2024","UN",19.28,0]
["Assentamento de Tubos de PVC e Metálicos em Redes de Água",105366,"ASSENTAMENTO DE CONEXÃO 3 ACESSOS DE PVC PBA PARA REDE DE ÁGUA, DN 75, JUNTA ELÁSTICA INTEGRADA, INSTALADO EM LOCAL COM NÍVEL ALTO DE INTERFERÊNCIAS (NÃO INCLUI FORNECIMENTO). AF_05/2024","UN",28.49,0]
["Assentamento de Tubos de PVC e Metálicos em Redes de Água",105387,"ASSENTAMENTO DE CONEXÃO 3 ACESSOS DE PVC PBA PARA REDE DE ÁGUA, DN 75, JUNTA ELÁSTICA INTEGRADA, INSTALADO EM LOCAL COM NÍVEL BAIXO DE INTERFERÊNCIAS (NÃO INCLUI FORNECIMENTO). AF_05/2024","UN",23.56,0]
["Assentamento de Tubos de PVC e Metálicos em Redes de Água",97177,"ASSENTAMENTO DE TUBO DE AÇO CARBONO PARA REDE DE ÁGUA, DN 1000 MM (40\") OU DN 1100 MM (44\"), JUNTA SOLDADA, INSTALADO EM LOCAL COM NÍVEL ALTO DE INTERFERÊNCIAS (NÃO INCLUI FORNECIMENTO). AF_05/2024","M",70.44,0]
["Assentamento de Tubos de PVC e Metálicos em Redes de Água",97187,"ASSENTAMENTO DE TUBO DE AÇO CARBONO PARA REDE DE ÁGUA, DN 1000 MM (40\") OU DN 1100 MM (44\"), JUNTA SOLDADA, INSTALADO EM LOCAL COM NÍVEL BAIXO DE INTERFERÊNCIAS (NÃO INCLUI FORNECIMENTO). AF_05/2024","M",63.07,0]
["Assentamento de Tubos de PVC e Metálicos em Redes de Água",97178,"ASSENTAMENTO DE TUBO DE AÇO CARBONO PARA REDE DE ÁGUA, DN 1200 MM (48\") OU DN 1300 MM (52\"), JUNTA SOLDADA, INSTALADO EM LOCAL COM NÍVEL ALTO DE INTERFERÊNCIAS (NÃO INCLUI FORNECIMENTO). AF_05/2024","M",85.68,0]
["Assentamento de Tubos de PVC e Metálicos em Redes de Água",97188,"ASSENTAMENTO DE TUBO DE AÇO CARBONO PARA REDE DE ÁGUA, DN 1200 MM (48\") OU DN 1300 MM (52\"), JUNTA SOLDADA, INSTALADO EM LOCAL COM NÍVEL BAIXO DE INTERFERÊNCIAS (NÃO INCLUI FORNECIMENTO). AF_05/2024","M",76.83,0]
["Assentamento de Tubos de PVC e Metálicos em Redes de Água",97179,"ASSENTAMENTO DE TUBO DE AÇO CARBONO PARA REDE DE ÁGUA, DN 1400 MM (56'') OU DN 1500 MM (60\"), JUNTA SOLDADA, INSTALADO EM LOCAL COM NÍVEL ALTO DE INTERFERÊNCIAS (NÃO INCLUI FORNECIMENTO). AF_05/2024","M",100.94,0]
["Assentamento de Tubos de PVC e Metálicos em Redes de Água",97189,"ASSENTAMENTO DE TUBO DE AÇO CARBONO PARA REDE DE ÁGUA, DN 1400 MM (56'') OU DN 1500 MM (60\"), JUNTA SOLDADA, INSTALADO EM LOCAL COM NÍVEL BAIXO DE INTERFERÊNCIAS (NÃO INCLUI FORNECIMENTO). AF_05/2024","M",90.58,0]
["Assentamento de Tubos de PVC e Metálicos em Redes de Água",97180,"ASSENTAMENTO DE TUBO DE AÇO CARBONO PARA REDE DE ÁGUA, DN 1600 MM (64\") OU DN 1700 MM (68\"), JUNTA SOLDADA, INSTALADO EM LOCAL COM NÍVEL ALTO DE INTERFERÊNCIAS (NÃO INCLUI FORNECIMENTO). AF_05/2024","M",116.18,0]
["Assentamento de Tubos de PVC e Metálicos em Redes de Água",97190,"ASSENTAMENTO DE TUBO DE AÇO CARBONO PARA REDE DE ÁGUA, DN 1600 MM (64\") OU DN 1700 MM (68\"), JUNTA SOLDADA, INSTALADO EM LOCAL COM NÍVEL BAIXO DE INTERFERÊNCIAS (NÃO INCLUI FORNECIMENTO). AF_05/2024","M",104.32,0]
["Assentamento de Tubos de PVC e Metálicos em Redes de Água",97181,"ASSENTAMENTO DE TUBO DE AÇO CARBONO PARA REDE DE ÁGUA, DN 1800 MM (72\") OU DN 1900 MM (76\"), JUNTA SOLDADA, INSTALADO EM LOCAL COM NÍVEL ALTO DE INTERFERÊNCIAS (NÃO INCLUI FORNECIMENTO). AF_05/2024","M",131.43,0]
["Assentamento de Tubos de PVC e Metálicos em Redes de Água",97191,"ASSENTAMENTO DE TUBO DE AÇO CARBONO PARA REDE DE ÁGUA, DN 1800 MM (72\") OU DN 1900 MM (76\"), JUNTA SOLDADA, INSTALADO EM LOCAL COM NÍVEL BAIXO DE INTERFERÊNCIAS (NÃO INCLUI FORNECIMENTO). AF_05/2024","M",118.08,0]
["Assentamento de Tubos de PVC e Metálicos em Redes de Água",97182,"ASSENTAMENTO DE TUBO DE AÇO CARBONO PARA REDE DE ÁGUA, DN 2000 MM (80\") OU DN 2100 MM (84\"), JUNTA SOLDADA, INSTALADO EM LOCAL COM NÍVEL ALTO DE INTERFERÊNCIAS (NÃO INCLUI FORNECIMENTO). AF_05/2024","M",150.91,0]
["Assentamento de Tubos de PVC e Metálicos em Redes de Água",97192,"ASSENTAMENTO DE TUBO DE AÇO CARBONO PARA REDE DE ÁGUA, DN 2000 MM (80\") OU DN 2100 MM (84\"), JUNTA SOLDADA, INSTALADO EM LOCAL COM NÍVEL BAIXO DE INTERFERÊNCIAS (NÃO INCLUI FORNECIMENTO). AF_05/2024","M",135.05000000000001,0]
["Assentamento de Tubos de PVC e Metálicos em Redes de Água",97173,"ASSENTAMENTO DE TUBO DE AÇO CARBONO PARA REDE DE ÁGUA, DN 600 MM (24\"), JUNTA SOLDADA, INSTALADO EM LOCAL COM NÍVEL ALTO DE INTERFERÊNCIAS (NÃO INCLUI FORNECIMENTO). AF_05/2024","M",39.94,0]
["Assentamento de Tubos de PVC e Metálicos em Redes de Água",97183,"ASSENTAMENTO DE TUBO DE AÇO CARBONO PARA REDE DE ÁGUA, DN 600 MM (24\"), JUNTA SOLDADA, INSTALADO EM LOCAL COM NÍVEL BAIXO DE INTERFERÊNCIAS (NÃO INCLUI FORNECIMENTO). AF_05/2024","M",35.590000000000003,0]
["Assentamento de Tubos de PVC e Metálicos em Redes de Água",97174,"ASSENTAMENTO DE TUBO DE AÇO CARBONO PARA REDE DE ÁGUA, DN 700 MM (28\"), JUNTA SOLDADA, INSTALADO EM LOCAL COM NÍVEL ALTO DE INTERFERÊNCIAS (NÃO INCLUI FORNECIMENTO). AF_05/2024","M",47.56,0]
["Assentamento de Tubos de PVC e Metálicos em Redes de Água",97184,"ASSENTAMENTO DE TUBO DE AÇO CARBONO PARA REDE DE ÁGUA, DN 700 MM (28\"), JUNTA SOLDADA, INSTALADO EM LOCAL COM NÍVEL BAIXO DE INTERFERÊNCIAS (NÃO INCLUI FORNECIMENTO). AF_05/2024","M",42.45,0]
["Assentamento de Tubos de PVC e Metálicos em Redes de Água",97175,"ASSENTAMENTO DE TUBO DE AÇO CARBONO PARA REDE DE ÁGUA, DN 800 MM (32\"), JUNTA SOLDADA, INSTALADO EM LOCAL COM NÍVEL ALTO DE INTERFERÊNCIAS (NÃO INCLUI FORNECIMENTO). AF_05/2024","M",55.17,0]
["Assentamento de Tubos de PVC e Metálicos em Redes de Água",97185,"ASSENTAMENTO DE TUBO DE AÇO CARBONO PARA REDE DE ÁGUA, DN 800 MM (32\"), JUNTA SOLDADA, INSTALADO EM LOCAL COM NÍVEL BAIXO DE INTERFERÊNCIAS (NÃO INCLUI FORNECIMENTO). AF_05/2024","M",49.33,0]
["Assentamento de Tubos de PVC e Metálicos em Redes de Água",97176,"ASSENTAMENTO DE TUBO DE AÇO CARBONO PARA REDE DE ÁGUA, DN 900 MM (36\"), JUNTA SOLDADA, INSTALADO EM LOCAL COM NÍVEL ALTO DE INTERFERÊNCIAS (NÃO INCLUI FORNECIMENTO). AF_05/2024","M",62.81,0]
["Assentamento de Tubos de PVC e Metálicos em Redes de Água",97186,"ASSENTAMENTO DE TUBO DE AÇO CARBONO PARA REDE DE ÁGUA, DN 900 MM (36\"), JUNTA SOLDADA, INSTALADO EM LOCAL COM NÍVEL BAIXO DE INTERFERÊNCIAS (NÃO INCLUI FORNECIMENTO). AF_05/2024","M",56.2,0]
["Assentamento de Tubos de PVC e Metálicos em Redes de Água",97142,"ASSENTAMENTO DE TUBO DE FERRO FUNDIDO PARA REDE DE ÁGUA, DN 100 MM, JUNTA ELÁSTICA, INSTALADO EM LOCAL COM NÍVEL ALTO DE INTERFERÊNCIAS (NÃO INCLUI FORNECIMENTO). AF_05/2024","M",5.25,0.29139999999999999]
["Assentamento de Tubos de PVC e Metálicos em Redes de Água",97158,"ASSENTAMENTO DE TUBO DE FERRO FUNDIDO PARA REDE DE ÁGUA, DN 100 MM, JUNTA ELÁSTICA, INSTALADO EM LOCAL COM NÍVEL BAIXO DE INTERFERÊNCIAS (NÃO INCLUI FORNECIMENTO). AF_05/2024","M",4.04,0.245]
["Assentamento de Tubos de PVC e Metálicos em Redes de Água",97155,"ASSENTAMENTO DE TUBO DE FERRO FUNDIDO PARA REDE DE ÁGUA, DN 1000 MM, JUNTA ELÁSTICA, INSTALADO EM LOCAL COM NÍVEL ALTO DE INTERFERÊNCIAS (NÃO INCLUI FORNECIMENTO). AF_05/2024","M",41.82,0]
["Assentamento de Tubos de PVC e Metálicos em Redes de Água",97171,"ASSENTAMENTO DE TUBO DE FERRO FUNDIDO PARA REDE DE ÁGUA, DN 1000 MM, JUNTA ELÁSTICA, INSTALADO EM LOCAL COM NÍVEL BAIXO DE INTERFERÊNCIAS (NÃO INCLUI FORNECIMENTO). AF_05/2024","M",33.44,0]
["Assentamento de Tubos de PVC e Metálicos em Redes de Água",97156,"ASSENTAMENTO DE TUBO DE FERRO FUNDIDO PARA REDE DE ÁGUA, DN 1200 MM, JUNTA ELÁSTICA, INSTALADO EM LOCAL COM NÍVEL ALTO DE INTERFERÊNCIAS (NÃO INCLUI FORNECIMENTO). AF_05/2024","M",50.11,0]
["Assentamento de Tubos de PVC e Metálicos em Redes de Água",97172,"ASSENTAMENTO DE TUBO DE FERRO FUNDIDO PARA REDE DE ÁGUA, DN 1200 MM, JUNTA ELÁSTICA, INSTALADO EM LOCAL COM NÍVEL BAIXO DE INTERFERÊNCIAS (NÃO INCLUI FORNECIMENTO). AF_05/2024","M",40.229999999999997,0]
["Assentamento de Tubos de PVC e Metálicos em Redes de Água",97143,"ASSENTAMENTO DE TUBO DE FERRO FUNDIDO PARA REDE DE ÁGUA, DN 150 MM, JUNTA ELÁSTICA, INSTALADO EM LOCAL COM NÍVEL ALTO DE INTERFERÊNCIAS (NÃO INCLUI FORNECIMENTO). AF_05/2024","M",6.95,0.26190000000000002]
["Assentamento de Tubos de PVC e Metálicos em Redes de Água",97159,"ASSENTAMENTO DE TUBO DE FERRO FUNDIDO PARA REDE DE ÁGUA, DN 150 MM, JUNTA ELÁSTICA, INSTALADO EM LOCAL COM NÍVEL BAIXO DE INTERFERÊNCIAS (NÃO INCLUI FORNECIMENTO). AF_05/2024","M",5.45,0.2165]
["Assentamento de Tubos de PVC e Metálicos em Redes de Água",97144,"ASSENTAMENTO DE TUBO DE FERRO FUNDIDO PARA REDE DE ÁGUA, DN 200 MM, JUNTA ELÁSTICA, INSTALADO EM LOCAL COM NÍVEL ALTO DE INTERFERÊNCIAS (NÃO INCLUI FORNECIMENTO). AF_05/2024","M",8.67,0.24340000000000001]
["Assentamento de Tubos de PVC e Metálicos em Redes de Água",97160,"ASSENTAMENTO DE TUBO DE FERRO FUNDIDO PARA REDE DE ÁGUA, DN 200 MM, JUNTA ELÁSTICA, INSTALADO EM LOCAL COM NÍVEL BAIXO DE INTERFERÊNCIAS (NÃO INCLUI FORNECIMENTO). AF_05/2024","M",6.86,0.19969999999999999]
["Assentamento de Tubos de PVC e Metálicos em Redes de Água",97145,"ASSENTAMENTO DE TUBO DE FERRO FUNDIDO PARA REDE DE ÁGUA, DN 250 MM, JUNTA ELÁSTICA, INSTALADO EM LOCAL COM NÍVEL ALTO DE INTERFERÊNCIAS (NÃO INCLUI FORNECIMENTO). AF_05/2024","M",10.39,0.23100000000000001]
["Assentamento de Tubos de PVC e Metálicos em Redes de Água",97161,"ASSENTAMENTO DE TUBO DE FERRO FUNDIDO PARA REDE DE ÁGUA, DN 250 MM, JUNTA ELÁSTICA, INSTALADO EM LOCAL COM NÍVEL BAIXO DE INTERFERÊNCIAS (NÃO INCLUI FORNECIMENTO). AF_05/2024","M",8.2899999999999991,0.187]
["Assentamento de Tubos de PVC e Metálicos em Redes de Água",97146,"ASSENTAMENTO DE TUBO DE FERRO FUNDIDO PARA REDE DE ÁGUA, DN 300 MM, JUNTA ELÁSTICA, INSTALADO EM LOCAL COM NÍVEL ALTO DE INTERFERÊNCIAS (NÃO INCLUI FORNECIMENTO). AF_05/2024","M",12.12,0.2228]
["Assentamento de Tubos de PVC e Metálicos em Redes de Água",97162,"ASSENTAMENTO DE TUBO DE FERRO FUNDIDO PARA REDE DE ÁGUA, DN 300 MM, JUNTA ELÁSTICA, INSTALADO EM LOCAL COM NÍVEL BAIXO DE INTERFERÊNCIAS (NÃO INCLUI FORNECIMENTO). AF_05/2024","M",9.74,0.1797]
["Assentamento de Tubos de PVC e Metálicos em Redes de Água",97147,"ASSENTAMENTO DE TUBO DE FERRO FUNDIDO PARA REDE DE ÁGUA, DN 350 MM, JUNTA ELÁSTICA, INSTALADO EM LOCAL COM NÍVEL ALTO DE INTERFERÊNCIAS (NÃO INCLUI FORNECIMENTO). AF_05/2024","M",13.84,0.21529999999999999]
["Assentamento de Tubos de PVC e Metálicos em Redes de Água",97163,"ASSENTAMENTO DE TUBO DE FERRO FUNDIDO PARA REDE DE ÁGUA, DN 350 MM, JUNTA ELÁSTICA, INSTALADO EM LOCAL COM NÍVEL BAIXO DE INTERFERÊNCIAS (NÃO INCLUI FORNECIMENTO). AF_05/2024","M",11.16,0.1729]
["Assentamento de Tubos de PVC e Metálicos em Redes de Água",97148,"ASSENTAMENTO DE TUBO DE FERRO FUNDIDO PARA REDE DE ÁGUA, DN 400 MM, JUNTA ELÁSTICA, INSTALADO EM LOCAL COM NÍVEL ALTO DE INTERFERÊNCIAS (NÃO INCLUI FORNECIMENTO). AF_05/2024","M",15.58,0.21049999999999999]
["Assentamento de Tubos de PVC e Metálicos em Redes de Água",97164,"ASSENTAMENTO DE TUBO DE FERRO FUNDIDO PARA REDE DE ÁGUA, DN 400 MM, JUNTA ELÁSTICA, INSTALADO EM LOCAL COM NÍVEL BAIXO DE INTERFERÊNCIAS (NÃO INCLUI FORNECIMENTO). AF_05/2024","M",12.6,0.16900000000000001]
["Assentamento de Tubos de PVC e Metálicos em Redes de Água",97149,"ASSENTAMENTO DE TUBO DE FERRO FUNDIDO PARA REDE DE ÁGUA, DN 450 MM, JUNTA ELÁSTICA, INSTALADO EM LOCAL COM NÍVEL ALTO DE INTERFERÊNCIAS (NÃO INCLUI FORNECIMENTO). AF_05/2024","M",17.329999999999998,0.20599999999999999]
["Assentamento de Tubos de PVC e Metálicos em Redes de Água",97165,"ASSENTAMENTO DE TUBO DE FERRO FUNDIDO PARA REDE DE ÁGUA, DN 450 MM, JUNTA ELÁSTICA, INSTALADO EM LOCAL COM NÍVEL BAIXO DE INTERFERÊNCIAS (NÃO INCLUI FORNECIMENTO). AF_05/2024","M",14.06,0.16500000000000001]
["Assentamento de Tubos de PVC e Metálicos em Redes de Água",97150,"ASSENTAMENTO DE TUBO DE FERRO FUNDIDO PARA REDE DE ÁGUA, DN 500 MM, JUNTA ELÁSTICA, INSTALADO EM LOCAL COM NÍVEL ALTO DE INTERFERÊNCIAS (NÃO INCLUI FORNECIMENTO). AF_05/2024","M",22.32,0]
["Assentamento de Tubos de PVC e Metálicos em Redes de Água",97166,"ASSENTAMENTO DE TUBO DE FERRO FUNDIDO PARA REDE DE ÁGUA, DN 500 MM, JUNTA ELÁSTICA, INSTALADO EM LOCAL COM NÍVEL BAIXO DE INTERFERÊNCIAS (NÃO INCLUI FORNECIMENTO). AF_05/2024","M",17.68,0]
["Assentamento de Tubos de PVC e Metálicos em Redes de Água",97151,"ASSENTAMENTO DE TUBO DE FERRO FUNDIDO PARA REDE DE ÁGUA, DN 600 MM, JUNTA ELÁSTICA, INSTALADO EM LOCAL COM NÍVEL ALTO DE INTERFERÊNCIAS (NÃO INCLUI FORNECIMENTO). AF_05/2024","M",26.32,0]
["Assentamento de Tubos de PVC e Metálicos em Redes de Água",97167,"ASSENTAMENTO DE TUBO DE FERRO FUNDIDO PARA REDE DE ÁGUA, DN 600 MM, JUNTA ELÁSTICA, INSTALADO EM LOCAL COM NÍVEL BAIXO DE INTERFERÊNCIAS (NÃO INCLUI FORNECIMENTO). AF_05/2024","M",20.93,0]
["Assentamento de Tubos de PVC e Metálicos em Redes de Água",97152,"ASSENTAMENTO DE TUBO DE FERRO FUNDIDO PARA REDE DE ÁGUA, DN 700 MM, JUNTA ELÁSTICA, INSTALADO EM LOCAL COM NÍVEL ALTO DE INTERFERÊNCIAS (NÃO INCLUI FORNECIMENTO). AF_05/2024","M",30.05,0]
["Assentamento de Tubos de PVC e Metálicos em Redes de Água",97168,"ASSENTAMENTO DE TUBO DE FERRO FUNDIDO PARA REDE DE ÁGUA, DN 700 MM, JUNTA ELÁSTICA, INSTALADO EM LOCAL COM NÍVEL BAIXO DE INTERFERÊNCIAS (NÃO INCLUI FORNECIMENTO). AF_05/2024","M",23.91,0]
["Assentamento de Tubos de PVC e Metálicos em Redes de Água",97141,"ASSENTAMENTO DE TUBO DE FERRO FUNDIDO PARA REDE DE ÁGUA, DN 80 MM, JUNTA ELÁSTICA, INSTALADO EM LOCAL COM NÍVEL ALTO DE INTERFERÊNCIAS (NÃO INCLUI FORNECIMENTO). AF_05/2024","M",4.54,0.31059999999999999]
["Assentamento de Tubos de PVC e Metálicos em Redes de Água",97157,"ASSENTAMENTO DE TUBO DE FERRO FUNDIDO PARA REDE DE ÁGUA, DN 80 MM, JUNTA ELÁSTICA, INSTALADO EM LOCAL COM NÍVEL BAIXO DE INTERFERÊNCIAS (NÃO INCLUI FORNECIMENTO). AF_05/2024","M",3.46,0.26300000000000001]
["Assentamento de Tubos de PVC e Metálicos em Redes de Água",97153,"ASSENTAMENTO DE TUBO DE FERRO FUNDIDO PARA REDE DE ÁGUA, DN 800 MM, JUNTA ELÁSTICA, INSTALADO EM LOCAL COM NÍVEL ALTO DE INTERFERÊNCIAS (NÃO INCLUI FORNECIMENTO). AF_05/2024","M",33.950000000000003,0]
["Assentamento de Tubos de PVC e Metálicos em Redes de Água",97169,"ASSENTAMENTO DE TUBO DE FERRO FUNDIDO PARA REDE DE ÁGUA, DN 800 MM, JUNTA ELÁSTICA, INSTALADO EM LOCAL COM NÍVEL BAIXO DE INTERFERÊNCIAS (NÃO INCLUI FORNECIMENTO). AF_05/2024","M",27.06,0]
["Assentamento de Tubos de PVC e Metálicos em Redes de Água",97154,"ASSENTAMENTO DE TUBO DE FERRO FUNDIDO PARA REDE DE ÁGUA, DN 900 MM, JUNTA ELÁSTICA, INSTALADO EM LOCAL COM NÍVEL ALTO DE INTERFERÊNCIAS (NÃO INCLUI FORNECIMENTO). AF_05/2024","M",37.869999999999997,0]
["Assentamento de Tubos de PVC e Metálicos em Redes de Água",97170,"ASSENTAMENTO DE TUBO DE FERRO FUNDIDO PARA REDE DE ÁGUA, DN 900 MM, JUNTA ELÁSTICA, INSTALADO EM LOCAL COM NÍVEL BAIXO DE INTERFERÊNCIAS (NÃO INCLUI FORNECIMENTO). AF_05/2024","M",30.23,0]
["Assentamento de Tubos de PVC e Metálicos em Redes de Água",105311,"ASSENTAMENTO DE TUBO DE PVC DEFOFO OU PRFV OU RPVC PARA REDE DE ÁGUA, DN 100, JUNTA ELÁSTICA INTEGRADA, INSTALADO EM LOCAL COM NÍVEL ALTO DE INTERFERÊNCIAS (NÃO INCLUI FORNECIMENTO). AF_05/2024","M",3.69,0]
["Assentamento de Tubos de PVC e Metálicos em Redes de Água",105339,"ASSENTAMENTO DE TUBO DE PVC DEFOFO OU PRFV OU RPVC PARA REDE DE ÁGUA, DN 100, JUNTA ELÁSTICA INTEGRADA, INSTALADO EM LOCAL COM NÍVEL BAIXO DE INTERFERÊNCIAS (NÃO INCLUI FORNECIMENTO). AF_05/2024","M",3.04,0]
["Assentamento de Tubos de PVC e Metálicos em Redes de Água",97127,"ASSENTAMENTO DE TUBO DE PVC DEFOFO OU PRFV OU RPVC PARA REDE DE ÁGUA, DN 150 MM, JUNTA ELÁSTICA INTEGRADA, INSTALADO EM LOCAL COM NÍVEL ALTO DE INTERFERÊNCIAS (NÃO INCLUI FORNECIMENTO). AF_05/2024","M",4.82,0]
["Assentamento de Tubos de PVC e Metálicos em Redes de Água",97134,"ASSENTAMENTO DE TUBO DE PVC DEFOFO OU PRFV OU RPVC PARA REDE DE ÁGUA, DN 150 MM, JUNTA ELÁSTICA INTEGRADA, INSTALADO EM LOCAL COM NÍVEL BAIXO DE INTERFERÊNCIAS (NÃO INCLUI FORNECIMENTO). AF_05/2024","M",3.98,0]
["Assentamento de Tubos de PVC e Metálicos em Redes de Água",97128,"ASSENTAMENTO DE TUBO DE PVC DEFOFO OU PRFV OU RPVC PARA REDE DE ÁGUA, DN 200 MM, JUNTA ELÁSTICA INTEGRADA, INSTALADO EM LOCAL COM NÍVEL ALTO DE INTERFERÊNCIAS (NÃO INCLUI FORNECIMENTO). AF_05/2024","M",9.4499999999999993,0.1905]
["Assentamento de Tubos de PVC e Metálicos em Redes de Água",97135,"ASSENTAMENTO DE TUBO DE PVC DEFOFO OU PRFV OU RPVC PARA REDE DE ÁGUA, DN 200 MM, JUNTA ELÁSTICA INTEGRADA, INSTALADO EM LOCAL COM NÍVEL BAIXO DE INTERFERÊNCIAS (NÃO INCLUI FORNECIMENTO). AF_05/2024","M",7.25,0.16139999999999999]
["Assentamento de Tubos de PVC e Metálicos em Redes de Água",97129,"ASSENTAMENTO DE TUBO DE PVC DEFOFO OU PRFV OU RPVC PARA REDE DE ÁGUA, DN 250 MM, JUNTA ELÁSTICA INTEGRADA, INSTALADO EM LOCAL COM NÍVEL ALTO DE INTERFERÊNCIAS (NÃO INCLUI FORNECIMENTO). AF_05/2024","M",11.2,0.19020000000000001]
["Assentamento de Tubos de PVC e Metálicos em Redes de Água",97136,"ASSENTAMENTO DE TUBO DE PVC DEFOFO OU PRFV OU RPVC PARA REDE DE ÁGUA, DN 250 MM, JUNTA ELÁSTICA INTEGRADA, INSTALADO EM LOCAL COM NÍVEL BAIXO DE INTERFERÊNCIAS (NÃO INCLUI FORNECIMENTO). AF_05/2024","M",8.59,0.16070000000000001]
["Assentamento de Tubos de PVC e Metálicos em Redes de Água",97130,"ASSENTAMENTO DE TUBO DE PVC DEFOFO OU PRFV OU RPVC PARA REDE DE ÁGUA, DN 300 MM, JUNTA ELÁSTICA INTEGRADA, INSTALADO EM LOCAL COM NÍVEL ALTO DE INTERFERÊNCIAS (NÃO INCLUI FORNECIMENTO). AF_05/2024","M",12.96,0.1898]
["Assentamento de Tubos de PVC e Metálicos em Redes de Água",97137,"ASSENTAMENTO DE TUBO DE PVC DEFOFO OU PRFV OU RPVC PARA REDE DE ÁGUA, DN 300 MM, JUNTA ELÁSTICA INTEGRADA, INSTALADO EM LOCAL COM NÍVEL BAIXO DE INTERFERÊNCIAS (NÃO INCLUI FORNECIMENTO). AF_05/2024","M",9.9499999999999993,0.1608]
["Assentamento de Tubos de PVC e Metálicos em Redes de Água",97131,"ASSENTAMENTO DE TUBO DE PVC DEFOFO OU PRFV OU RPVC PARA REDE DE ÁGUA, DN 350 MM, JUNTA ELÁSTICA INTEGRADA, INSTALADO EM LOCAL COM NÍVEL ALTO DE INTERFERÊNCIAS (NÃO INCLUI FORNECIMENTO). AF_05/2024","M",14.72,0.1895]
["Assentamento de Tubos de PVC e Metálicos em Redes de Água",97138,"ASSENTAMENTO DE TUBO DE PVC DEFOFO OU PRFV OU RPVC PARA REDE DE ÁGUA, DN 350 MM, JUNTA ELÁSTICA INTEGRADA, INSTALADO EM LOCAL COM NÍVEL BAIXO DE INTERFERÊNCIAS (NÃO INCLUI FORNECIMENTO). AF_05/2024","M",11.3,0.16020000000000001]
["Assentamento de Tubos de PVC e Metálicos em Redes de Água",97132,"ASSENTAMENTO DE TUBO DE PVC DEFOFO OU PRFV OU RPVC PARA REDE DE ÁGUA, DN 400 MM, JUNTA ELÁSTICA INTEGRADA, INSTALADO EM LOCAL COM NÍVEL ALTO DE INTERFERÊNCIAS (NÃO INCLUI FORNECIMENTO). AF_05/2024","M",16.46,0.18959999999999999]
["Assentamento de Tubos de PVC e Metálicos em Redes de Água",97139,"ASSENTAMENTO DE TUBO DE PVC DEFOFO OU PRFV OU RPVC PARA REDE DE ÁGUA, DN 400 MM, JUNTA ELÁSTICA INTEGRADA, INSTALADO EM LOCAL COM NÍVEL BAIXO DE INTERFERÊNCIAS (NÃO INCLUI FORNECIMENTO). AF_05/2024","M",12.64,0.1598]
["Assentamento de Tubos de PVC e Metálicos em Redes de Água",97133,"ASSENTAMENTO DE TUBO DE PVC DEFOFO OU PRFV OU RPVC PARA REDE DE ÁGUA, DN 500 MM, JUNTA ELÁSTICA INTEGRADA, INSTALADO EM LOCAL COM NÍVEL ALTO DE INTERFERÊNCIAS (NÃO INCLUI FORNECIMENTO). AF_05/2024","M",19.98,0.18920000000000001]
["Assentamento de Tubos de PVC e Metálicos em Redes de Água",97140,"ASSENTAMENTO DE TUBO DE PVC DEFOFO OU PRFV OU RPVC PARA REDE DE ÁGUA, DN 500 MM, JUNTA ELÁSTICA INTEGRADA, INSTALADO EM LOCAL COM NÍVEL BAIXO DE INTERFERÊNCIAS (NÃO INCLUI FORNECIMENTO). AF_05/2024","M",15.35,0.15959999999999999]
["Assentamento de Tubos de PVC e Metálicos em Redes de Água",97123,"ASSENTAMENTO DE TUBO DE PVC PBA PARA REDE DE ÁGUA, DN 100 MM, JUNTA ELÁSTICA INTEGRADA, INSTALADO EM LOCAL COM NÍVEL ALTO DE INTERFERÊNCIAS (NÃO INCLUI FORNECIMENTO). AF_05/2024","M",3.97,0]
["Assentamento de Tubos de PVC e Metálicos em Redes de Água",97126,"ASSENTAMENTO DE TUBO DE PVC PBA PARA REDE DE ÁGUA, DN 100 MM, JUNTA ELÁSTICA INTEGRADA, INSTALADO EM LOCAL COM NÍVEL BAIXO DE INTERFERÊNCIAS (NÃO INCLUI FORNECIMENTO). AF_05/2024","M",3.27,0]
["Assentamento de Tubos de PVC e Metálicos em Redes de Água",105308,"ASSENTAMENTO DE TUBO DE PVC PBA PARA REDE DE ÁGUA, DN 125, JUNTA ELÁSTICA INTEGRADA, INSTALADO EM LOCAL COM NÍVEL ALTO DE INTERFERÊNCIAS (NÃO INCLUI FORNECIMENTO). AF_05/2024","M",4.57,0]
["Assentamento de Tubos de PVC e Metálicos em Redes de Água",105312,"ASSENTAMENTO DE TUBO DE PVC PBA PARA REDE DE ÁGUA, DN 125, JUNTA ELÁSTICA INTEGRADA, INSTALADO EM LOCAL COM NÍVEL BAIXO DE INTERFERÊNCIAS (NÃO INCLUI FORNECIMENTO). AF_05/2024","M",3.79,0]
["Assentamento de Tubos de PVC e Metálicos em Redes de Água",105309,"ASSENTAMENTO DE TUBO DE PVC PBA PARA REDE DE ÁGUA, DN 140, JUNTA ELÁSTICA INTEGRADA, INSTALADO EM LOCAL COM NÍVEL ALTO DE INTERFERÊNCIAS (NÃO INCLUI FORNECIMENTO). AF_05/2024","M",4.93,0]
["Assentamento de Tubos de PVC e Metálicos em Redes de Água",105313,"ASSENTAMENTO DE TUBO DE PVC PBA PARA REDE DE ÁGUA, DN 140, JUNTA ELÁSTICA INTEGRADA, INSTALADO EM LOCAL COM NÍVEL BAIXO DE INTERFERÊNCIAS (NÃO INCLUI FORNECIMENTO). AF_05/2024","M",4.07,0]
["Assentamento de Tubos de PVC e Metálicos em Redes de Água",105310,"ASSENTAMENTO DE TUBO DE PVC PBA PARA REDE DE ÁGUA, DN 180, JUNTA ELÁSTICA INTEGRADA, INSTALADO EM LOCAL COM NÍVEL ALTO DE INTERFERÊNCIAS (NÃO INCLUI FORNECIMENTO). AF_05/2024","M",5.81,0]
["Assentamento de Tubos de PVC e Metálicos em Redes de Água",105314,"ASSENTAMENTO DE TUBO DE PVC PBA PARA REDE DE ÁGUA, DN 180, JUNTA ELÁSTICA INTEGRADA, INSTALADO EM LOCAL COM NÍVEL BAIXO DE INTERFERÊNCIAS (NÃO INCLUI FORNECIMENTO). AF_05/2024","M",4.8,0]
["Assentamento de Tubos de PVC e Metálicos em Redes de Água",97121,"ASSENTAMENTO DE TUBO DE PVC PBA PARA REDE DE ÁGUA, DN 50 MM, JUNTA ELÁSTICA INTEGRADA, INSTALADO EM LOCAL COM NÍVEL ALTO DE INTERFERÊNCIAS (NÃO INCLUI FORNECIMENTO). AF_05/2024","M",2.84,0]
["Assentamento de Tubos de PVC e Metálicos em Redes de Água",97124,"ASSENTAMENTO DE TUBO DE PVC PBA PARA REDE DE ÁGUA, DN 50 MM, JUNTA ELÁSTICA INTEGRADA, INSTALADO EM LOCAL COM NÍVEL BAIXO DE INTERFERÊNCIAS (NÃO INCLUI FORNECIMENTO). AF_05/2024","M",2.3199999999999998,0]
["Assentamento de Tubos de PVC e Metálicos em Redes de Água",97122,"ASSENTAMENTO DE TUBO DE PVC PBA PARA REDE DE ÁGUA, DN 75 MM, JUNTA ELÁSTICA INTEGRADA, INSTALADO EM LOCAL COM NÍVEL ALTO DE INTERFERÊNCIAS (NÃO INCLUI FORNECIMENTO). AF_05/2024","M",3.42,0]
["Assentamento de Tubos de PVC e Metálicos em Redes de Água",97125,"ASSENTAMENTO DE TUBO DE PVC PBA PARA REDE DE ÁGUA, DN 75 MM, JUNTA ELÁSTICA INTEGRADA, INSTALADO EM LOCAL COM NÍVEL BAIXO DE INTERFERÊNCIAS (NÃO INCLUI FORNECIMENTO). AF_05/2024","M",2.8,0]
["Assentamento de Tubos de PVC e Metálicos em Redes de Água",105296,"ASSENTAMENTO E FORNECIMENTO DE CURVA PVC PBA, JE, PB, 45 GRAUS, DN 100 / DE 110 MM, PARA REDE AGUA, JUNTA ELÁSTICA INTEGRADA, INSTALADO EM LOCAL COM NÍVEL ALTO DE INTERFERÊNCIAS (INCLUI FORNECIMENTO). AF_05/2024","UN",173.71,0.86109999999999998]
["Assentamento de Tubos de PVC e Metálicos em Redes de Água",105374,"ASSENTAMENTO E FORNECIMENTO DE CURVA PVC PBA, JE, PB, 45 GRAUS, DN 100 / DE 110 MM, PARA REDE AGUA, JUNTA ELÁSTICA INTEGRADA, INSTALADO EM LOCAL COM NÍVEL BAIXO DE INTERFERÊNCIAS (INCLUI FORNECIMENTO). AF_05/2024","UN",169.44,0.88280000000000003]
["Assentamento de Tubos de PVC e Metálicos em Redes de Água",105292,"ASSENTAMENTO E FORNECIMENTO DE CURVA PVC PBA, JE, PB, 45 GRAUS, DN 50 / DE 60 MM, PARA REDE AGUA, JUNTA ELÁSTICA INTEGRADA, INSTALADO EM LOCAL COM NÍVEL ALTO DE INTERFERÊNCIAS (INCLUI FORNECIMENTO). AF_05/2024","UN",49.9,0.65429999999999999]
["Assentamento de Tubos de PVC e Metálicos em Redes de Água",105293,"ASSENTAMENTO E FORNECIMENTO DE CURVA PVC PBA, JE, PB, 45 GRAUS, DN 50 / DE 60 MM, PARA REDE AGUA, JUNTA ELÁSTICA INTEGRADA, INSTALADO EM LOCAL COM NÍVEL BAIXO DE INTERFERÊNCIAS (INCLUI FORNECIMENTO). AF_05/2024","UN",46.77,0.69810000000000005]
["Assentamento de Tubos de PVC e Metálicos em Redes de Água",105294,"ASSENTAMENTO E FORNECIMENTO DE CURVA PVC PBA, JE, PB, 45 GRAUS, DN 75 / DE 85 MM, PARA REDE AGUA, JUNTA ELÁSTICA INTEGRADA, INSTALADO EM LOCAL COM NÍVEL ALTO DE INTERFERÊNCIAS (INCLUI FORNECIMENTO). AF_05/2024","UN",101.36,0.79510000000000003]
["Assentamento de Tubos de PVC e Metálicos em Redes de Água",105295,"ASSENTAMENTO E FORNECIMENTO DE CURVA PVC PBA, JE, PB, 45 GRAUS, DN 75 / DE 85 MM, PARA REDE AGUA, JUNTA ELÁSTICA INTEGRADA, INSTALADO EM LOCAL COM NÍVEL BAIXO DE INTERFERÊNCIAS (INCLUI FORNECIMENTO). AF_05/2024","UN",97.66,0.82520000000000004]
["Assentamento de Tubos de PVC e Metálicos em Redes de Água",105290,"ASSENTAMENTO E FORNECIMENTO DE LUVA SIMPLES, PVC PBA, JE, DN 100 / DE 110 MM, PARA REDE AGUA, JUNTA ELÁSTICA INTEGRADA, INSTALADO EM LOCAL COM NÍVEL ALTO DE INTERFERÊNCIAS (INCLUI FORNECIMENTO). AF_05/2024","UN",66.400000000000006,0.75029999999999997]
["Assentamento de Tubos de PVC e Metálicos em Redes de Água",105291,"ASSENTAMENTO E FORNECIMENTO DE LUVA SIMPLES, PVC PBA, JE, DN 100 / DE 110 MM, PARA REDE AGUA, JUNTA ELÁSTICA INTEGRADA, INSTALADO EM LOCAL COM NÍVEL BAIXO DE INTERFERÊNCIAS (INCLUI FORNECIMENTO). AF_05/2024","UN",63.56,0.78380000000000005]
["Assentamento de Tubos de PVC e Metálicos em Redes de Água",105286,"ASSENTAMENTO E FORNECIMENTO DE LUVA SIMPLES, PVC PBA, JE, DN 50 / DE 60 MM, PARA REDE AGUA, JUNTA ELÁSTICA INTEGRADA, INSTALADO EM LOCAL COM NÍVEL ALTO DE INTERFERÊNCIAS (INCLUI FORNECIMENTO). AF_05/2024","UN",29.92,0.60829999999999995]
["Assentamento de Tubos de PVC e Metálicos em Redes de Água",105287,"ASSENTAMENTO E FORNECIMENTO DE LUVA SIMPLES, PVC PBA, JE, DN 50 / DE 60 MM, PARA REDE AGUA, JUNTA ELÁSTICA INTEGRADA, INSTALADO EM LOCAL COM NÍVEL BAIXO DE INTERFERÊNCIAS (INCLUI FORNECIMENTO). AF_05/2024","UN",27.83,0.65400000000000003]
["Assentamento de Tubos de PVC e Metálicos em Redes de Água",105288,"ASSENTAMENTO E FORNECIMENTO DE LUVA SIMPLES, PVC PBA, JE, DN 75 / DE 85 MM, PARA REDE AGUA, JUNTA ELÁSTICA INTEGRADA, INSTALADO EM LOCAL COM NÍVEL ALTO DE INTERFERÊNCIAS (INCLUI FORNECIMENTO). AF_05/2024","UN",49.34,0.71140000000000003]
["Assentamento de Tubos de PVC e Metálicos em Redes de Água",105289,"ASSENTAMENTO E FORNECIMENTO DE LUVA SIMPLES, PVC PBA, JE, DN 75 / DE 85 MM, PARA REDE AGUA, JUNTA ELÁSTICA INTEGRADA, INSTALADO EM LOCAL COM NÍVEL BAIXO DE INTERFERÊNCIAS (INCLUI FORNECIMENTO). AF_05/2024","UN",46.87,0.74890000000000001]
["Assentamento de Tubos de PVC e Metálicos em Redes de Água",105375,"ASSENTAMENTO E FORNECIMENTO DE TE DE REDUCAO, PVC PBA, BBB, JE, DN 100 X 50 / DE 110 X 60 MM, PARA REDE AGUA, JUNTA ELÁSTICA INTEGRADA, INSTALADO EM LOCAL COM NÍVEL ALTO DE INTERFERÊNCIAS (INCLUI FORNECIMENTO). AF_05/2024","UN",134.44999999999999,0.75329999999999997]
["Assentamento de Tubos de PVC e Metálicos em Redes de Água",105376,"ASSENTAMENTO E FORNECIMENTO DE TE DE REDUCAO, PVC PBA, BBB, JE, DN 100 X 50 / DE 110 X 60 MM, PARA REDE AGUA, JUNTA ELÁSTICA INTEGRADA, INSTALADO EM LOCAL COM NÍVEL BAIXO DE INTERFERÊNCIAS (INCLUI FORNECIMENTO). AF_05/2024","UN",128.77000000000001,0.78649999999999998]
["Assentamento de Tubos de PVC e Metálicos em Redes de Água",105331,"ASSENTAMENTO E FORNECIMENTO DE TUBO DE PVC DEFOFO OU PRFV OU RPVC PARA REDE DE ÁGUA, DN 100, JUNTA ELÁSTICA INTEGRADA, INSTALADO EM LOCAL COM NÍVEL ALTO DE INTERFERÊNCIAS (INCLUI FORNECIMENTO). AF_05/2024","M",56.63,0.93479999999999996]
["Assentamento de Tubos de PVC e Metálicos em Redes de Água",105332,"ASSENTAMENTO E FORNECIMENTO DE TUBO DE PVC DEFOFO OU PRFV OU RPVC PARA REDE DE ÁGUA, DN 100, JUNTA ELÁSTICA INTEGRADA, INSTALADO EM LOCAL COM NÍVEL BAIXO DE INTERFERÊNCIAS (INCLUI FORNECIMENTO). AF_05/2024","M",55.98,0.94569999999999999]
["Assentamento de Tubos de PVC e Metálicos em Redes de Água",105333,"ASSENTAMENTO E FORNECIMENTO DE TUBO DE PVC DEFOFO PARA REDE DE ÁGUA, DN 200, JUNTA ELÁSTICA INTEGRADA, INSTALADO EM LOCAL COM NÍVEL ALTO DE INTERFERÊNCIAS (INCLUI FORNECIMENTO). AF_05/2024","M",250.91,0.96950000000000003]
["Assentamento de Tubos de PVC e Metálicos em Redes de Água",105334,"ASSENTAMENTO E FORNECIMENTO DE TUBO DE PVC DEFOFO PARA REDE DE ÁGUA, DN 200, JUNTA ELÁSTICA INTEGRADA, INSTALADO EM LOCAL COM NÍVEL BAIXO DE INTERFERÊNCIAS (INCLUI FORNECIMENTO). AF_05/2024","M",248.71,0.97560000000000002]
["Assentamento de Tubos de PVC e Metálicos em Redes de Água",105335,"ASSENTAMENTO E FORNECIMENTO DE TUBO DE PVC DEFOFO PARA REDE DE ÁGUA, DN 250, JUNTA ELÁSTICA INTEGRADA, INSTALADO EM LOCAL COM NÍVEL ALTO DE INTERFERÊNCIAS (INCLUI FORNECIMENTO). AF_05/2024","M",378.79,0.97609999999999997]
["Assentamento de Tubos de PVC e Metálicos em Redes de Água",105336,"ASSENTAMENTO E FORNECIMENTO DE TUBO DE PVC DEFOFO PARA REDE DE ÁGUA, DN 250, JUNTA ELÁSTICA INTEGRADA, INSTALADO EM LOCAL COM NÍVEL BAIXO DE INTERFERÊNCIAS (INCLUI FORNECIMENTO). AF_05/2024","M",376.18,0.98080000000000001]
["Assentamento de Tubos de PVC e Metálicos em Redes de Água",105337,"ASSENTAMENTO E FORNECIMENTO DE TUBO DE PVC DEFOFO PARA REDE DE ÁGUA, DN 300, JUNTA ELÁSTICA INTEGRADA, INSTALADO EM LOCAL COM NÍVEL ALTO DE INTERFERÊNCIAS (INCLUI FORNECIMENTO). AF_05/2024","M",534.95000000000005,0.98040000000000005]
["Assentamento de Tubos de PVC e Metálicos em Redes de Água",105338,"ASSENTAMENTO E FORNECIMENTO DE TUBO DE PVC DEFOFO PARA REDE DE ÁGUA, DN 300, JUNTA ELÁSTICA INTEGRADA, INSTALADO EM LOCAL COM NÍVEL BAIXO DE INTERFERÊNCIAS (INCLUI FORNECIMENTO). AF_05/2024","M",531.94000000000005,0.98429999999999995]
["Assentamento de Tubos de PVC e Metálicos em Redes de Água",105329,"ASSENTAMENTO E FORNECIMENTO DE TUBO DE PVC PBA PARA REDE DE ÁGUA, DN 100, JUNTA ELÁSTICA INTEGRADA, INSTALADO EM LOCAL COM NÍVEL ALTO DE INTERFERÊNCIAS (INCLUI FORNECIMENTO). AF_05/2024","UN",80.08,0.95040000000000002]
["Assentamento de Tubos de PVC e Metálicos em Redes de Água",105330,"ASSENTAMENTO E FORNECIMENTO DE TUBO DE PVC PBA PARA REDE DE ÁGUA, DN 100, JUNTA ELÁSTICA INTEGRADA, INSTALADO EM LOCAL COM NÍVEL BAIXO DE INTERFERÊNCIAS (INCLUI FORNECIMENTO). AF_05/2024","UN",79.38,0.95879999999999999]
["Assentamento de Tubos de PVC e Metálicos em Redes de Água",105260,"ASSENTAMENTO E FORNECIMENTO DE TUBO DE PVC PBA PARA REDE DE ÁGUA, DN 50, JUNTA ELÁSTICA INTEGRADA, INSTALADO EM LOCAL COM NÍVEL ALTO DE INTERFERÊNCIAS (INCLUI FORNECIMENTO). AF_05/2024","UN",26.03,0.89090000000000003]
["Assentamento de Tubos de PVC e Metálicos em Redes de Água",105285,"ASSENTAMENTO E FORNECIMENTO DE TUBO DE PVC PBA PARA REDE DE ÁGUA, DN 50, JUNTA ELÁSTICA INTEGRADA, INSTALADO EM LOCAL COM NÍVEL BAIXO DE INTERFERÊNCIAS (INCLUI FORNECIMENTO). AF_05/2024","UN",25.51,0.90910000000000002]
["Assentamento de Tubos de PVC e Metálicos em Redes de Água",105327,"ASSENTAMENTO E FORNECIMENTO DE TUBO DE PVC PBA PARA REDE DE ÁGUA, DN 75, JUNTA ELÁSTICA INTEGRADA, INSTALADO EM LOCAL COM NÍVEL ALTO DE INTERFERÊNCIAS (INCLUI FORNECIMENTO). AF_05/2024","UN",48.97,0.93020000000000003]
["Assentamento de Tubos de PVC e Metálicos em Redes de Água",105328,"ASSENTAMENTO E FORNECIMENTO DE TUBO DE PVC PBA PARA REDE DE ÁGUA, DN 75, JUNTA ELÁSTICA INTEGRADA, INSTALADO EM LOCAL COM NÍVEL BAIXO DE INTERFERÊNCIAS (INCLUI FORNECIMENTO). AF_05/2024","UN",48.35,0.94210000000000005]
["Assentamento de Tubos de PVC e Metálicos em Redes de Água",105377,"FORNECIMENTO E ASSENTAMENTO DE CURVA 45 GRAUS RANHURADA EM FERRO FUNDIDO, DN 80 MM (3\") PARA REDE DE ÁGUA, INSTALADO EM LOCAL COM NÍVEL ALTO DE INTERFERÊNCIAS (INCLUI FORNECIMENTO). AF_05/2024","UN",43.98,0.77170000000000005]
["Assentamento de Tubos de PVC e Metálicos em Redes de Água",105368,"FORNECIMENTO E ASSENTAMENTO DE CURVA 45 GRAUS RANHURADA EM FERRO FUNDIDO, DN 80 MM (3\") PARA REDE DE ÁGUA, INSTALADO EM LOCAL COM NÍVEL BAIXO DE INTERFERÊNCIAS (INCLUI FORNECIMENTO). AF_05/2024","UN",40.630000000000003,0.7974]
["Assentamento de Tubos de PVC e Metálicos em Redes de Água",105369,"FORNECIMENTO E ASSENTAMENTO DE TE RANHURADO EM FERRO FUNDIDO, DN 80 (3\") PARA REDE DE ÁGUA, INSTALADO EM LOCAL COM NÍVEL ALTO DE INTERFERÊNCIAS (INCLUI FORNECIMENTO). AF_05/2024","UN",69.290000000000006,0.7994]
["Assentamento de Tubos de PVC e Metálicos em Redes de Água",105370,"FORNECIMENTO E ASSENTAMENTO DE TE RANHURADO EM FERRO FUNDIDO, DN 80 (3\") PARA REDE DE ÁGUA, INSTALADO EM LOCAL COM NÍVEL BAIXO DE INTERFERÊNCIAS (INCLUI FORNECIMENTO). AF_05/2024","UN",64.819999999999993,0.82289999999999996]
["Assentamento de tubos de esgoto ou drenagem pluvial em concreto",92864,"ASSENTAMENTO DE TUBO DE CONCRETO PARA REDES COLETORAS DE ESGOTO SANITÁRIO, DIÂMETRO DE 1000 MM, JUNTA ELÁSTICA, INSTALADO EM LOCAL COM ALTO NÍVEL DE INTERFERÊNCIAS (NÃO INCLUI FORNECIMENTO). AF_03/2024","M",101.35,0]
["Assentamento de tubos de esgoto ou drenagem pluvial em concreto",92848,"ASSENTAMENTO DE TUBO DE CONCRETO PARA REDES COLETORAS DE ESGOTO SANITÁRIO, DIÂMETRO DE 1000 MM, JUNTA ELÁSTICA, INSTALADO EM LOCAL COM BAIXO NÍVEL DE INTERFERÊNCIAS (NÃO INCLUI FORNECIMENTO). AF_03/2024","M",91.73,0]
["Assentamento de tubos de esgoto ou drenagem pluvial em concreto",104937,"ASSENTAMENTO DE TUBO DE CONCRETO PARA REDES COLETORAS DE ESGOTO SANITÁRIO, DIÂMETRO DE 1200 MM, JUNTA ELÁSTICA, INSTALADO EM LOCAL COM ALTO NÍVEL DE INTERFERÊNCIAS (NÃO INCLUI FORNECIMENTO). AF_03/2024","M",0]
["Assentamento de tubos de esgoto ou drenagem pluvial em concreto",104933,"ASSENTAMENTO DE TUBO DE CONCRETO PARA REDES COLETORAS DE ESGOTO SANITÁRIO, DIÂMETRO DE 1200 MM, JUNTA ELÁSTICA, INSTALADO EM LOCAL COM BAIXO NÍVEL DE INTERFERÊNCIAS (NÃO INCLUI FORNECIMENTO). AF_03/2024","M",0]
["Assentamento de tubos de esgoto ou drenagem pluvial em concreto",104939,"ASSENTAMENTO DE TUBO DE CONCRETO PARA REDES COLETORAS DE ESGOTO SANITÁRIO, DIÂMETRO DE 1500 MM, JUNTA ELÁSTICA, INSTALADO EM LOCAL COM ALTO NÍVEL DE INTERFERÊNCIAS (NÃO INCLUI FORNECIMENTO). AF_03/2024","M",0]
["Assentamento de tubos de esgoto ou drenagem pluvial em concreto",104935,"ASSENTAMENTO DE TUBO DE CONCRETO PARA REDES COLETORAS DE ESGOTO SANITÁRIO, DIÂMETRO DE 1500 MM, JUNTA ELÁSTICA, INSTALADO EM LOCAL COM BAIXO NÍVEL DE INTERFERÊNCIAS (NÃO INCLUI FORNECIMENTO). AF_03/2024","M",0]
["Assentamento de tubos de esgoto ou drenagem pluvial em concreto",92850,"ASSENTAMENTO DE TUBO DE CONCRETO PARA REDES COLETORAS DE ESGOTO SANITÁRIO, DIÂMETRO DE 300 MM, JUNTA ELÁSTICA, INSTALADO EM LOCAL COM ALTO NÍVEL DE INTERFERÊNCIAS (NÃO INCLUI FORNECIMENTO). AF_03/2024","M",24.97,0]
["Assentamento de tubos de esgoto ou drenagem pluvial em concreto",92834,"ASSENTAMENTO DE TUBO DE CONCRETO PARA REDES COLETORAS DE ESGOTO SANITÁRIO, DIÂMETRO DE 300 MM, JUNTA ELÁSTICA, INSTALADO EM LOCAL COM BAIXO NÍVEL DE INTERFERÊNCIAS (NÃO INCLUI FORNECIMENTO). AF_03/2024","M",22.56,0]
["Assentamento de tubos de esgoto ou drenagem pluvial em concreto",92852,"ASSENTAMENTO DE TUBO DE CONCRETO PARA REDES COLETORAS DE ESGOTO SANITÁRIO, DIÂMETRO DE 400 MM, JUNTA ELÁSTICA, INSTALADO EM LOCAL COM ALTO NÍVEL DE INTERFERÊNCIAS (NÃO INCLUI FORNECIMENTO). AF_03/2024","M",32.89,0]
["Assentamento de tubos de esgoto ou drenagem pluvial em concreto",92836,"ASSENTAMENTO DE TUBO DE CONCRETO PARA REDES COLETORAS DE ESGOTO SANITÁRIO, DIÂMETRO DE 400 MM, JUNTA ELÁSTICA, INSTALADO EM LOCAL COM BAIXO NÍVEL DE INTERFERÊNCIAS (NÃO INCLUI FORNECIMENTO). AF_03/2024","M",29.45,0]
["Assentamento de tubos de esgoto ou drenagem pluvial em concreto",92854,"ASSENTAMENTO DE TUBO DE CONCRETO PARA REDES COLETORAS DE ESGOTO SANITÁRIO, DIÂMETRO DE 500 MM, JUNTA ELÁSTICA, INSTALADO EM LOCAL COM ALTO NÍVEL DE INTERFERÊNCIAS (NÃO INCLUI FORNECIMENTO). AF_03/2024","M",41.24,0]
["Assentamento de tubos de esgoto ou drenagem pluvial em concreto",92838,"ASSENTAMENTO DE TUBO DE CONCRETO PARA REDES COLETORAS DE ESGOTO SANITÁRIO, DIÂMETRO DE 500 MM, JUNTA ELÁSTICA, INSTALADO EM LOCAL COM BAIXO NÍVEL DE INTERFERÊNCIAS (NÃO INCLUI FORNECIMENTO). AF_03/2024","M",36.79,0]
["Assentamento de tubos de esgoto ou drenagem pluvial em concreto",92856,"ASSENTAMENTO DE TUBO DE CONCRETO PARA REDES COLETORAS DE ESGOTO SANITÁRIO, DIÂMETRO DE 600 MM, JUNTA ELÁSTICA, INSTALADO EM LOCAL COM ALTO NÍVEL DE INTERFERÊNCIAS (NÃO INCLUI FORNECIMENTO). AF_03/2024","M",50.01,0]
["Assentamento de tubos de esgoto ou drenagem pluvial em concreto",92840,"ASSENTAMENTO DE TUBO DE CONCRETO PARA REDES COLETORAS DE ESGOTO SANITÁRIO, DIÂMETRO DE 600 MM, JUNTA ELÁSTICA, INSTALADO EM LOCAL COM BAIXO NÍVEL DE INTERFERÊNCIAS (NÃO INCLUI FORNECIMENTO). AF_03/2024","M",44.51,0]
["Assentamento de tubos de esgoto ou drenagem pluvial em concreto",92858,"ASSENTAMENTO DE TUBO DE CONCRETO PARA REDES COLETORAS DE ESGOTO SANITÁRIO, DIÂMETRO DE 700 MM, JUNTA ELÁSTICA, INSTALADO EM LOCAL COM ALTO NÍVEL DE INTERFERÊNCIAS (NÃO INCLUI FORNECIMENTO). AF_03/2024","M",62.88,0]
["Assentamento de tubos de esgoto ou drenagem pluvial em concreto",92842,"ASSENTAMENTO DE TUBO DE CONCRETO PARA REDES COLETORAS DE ESGOTO SANITÁRIO, DIÂMETRO DE 700 MM, JUNTA ELÁSTICA, INSTALADO EM LOCAL COM BAIXO NÍVEL DE INTERFERÊNCIAS (NÃO INCLUI FORNECIMENTO). AF_03/2024","M",56.34,0]
["Assentamento de tubos de esgoto ou drenagem pluvial em concreto",92860,"ASSENTAMENTO DE TUBO DE CONCRETO PARA REDES COLETORAS DE ESGOTO SANITÁRIO, DIÂMETRO DE 800 MM, JUNTA ELÁSTICA, INSTALADO EM LOCAL COM ALTO NÍVEL DE INTERFERÊNCIAS (NÃO INCLUI FORNECIMENTO). AF_03/2024","M",74.81,0]
["Assentamento de tubos de esgoto ou drenagem pluvial em concreto",92844,"ASSENTAMENTO DE TUBO DE CONCRETO PARA REDES COLETORAS DE ESGOTO SANITÁRIO, DIÂMETRO DE 800 MM, JUNTA ELÁSTICA, INSTALADO EM LOCAL COM BAIXO NÍVEL DE INTERFERÊNCIAS (NÃO INCLUI FORNECIMENTO). AF_03/2024","M",67.239999999999995,0]
["Assentamento de tubos de esgoto ou drenagem pluvial em concreto",92862,"ASSENTAMENTO DE TUBO DE CONCRETO PARA REDES COLETORAS DE ESGOTO SANITÁRIO, DIÂMETRO DE 900 MM, JUNTA ELÁSTICA, INSTALADO EM LOCAL COM ALTO NÍVEL DE INTERFERÊNCIAS (NÃO INCLUI FORNECIMENTO). AF_03/2024","M",85.8,0]
["Assentamento de tubos de esgoto ou drenagem pluvial em concreto",92846,"ASSENTAMENTO DE TUBO DE CONCRETO PARA REDES COLETORAS DE ESGOTO SANITÁRIO, DIÂMETRO DE 900 MM, JUNTA ELÁSTICA, INSTALADO EM LOCAL COM BAIXO NÍVEL DE INTERFERÊNCIAS (NÃO INCLUI FORNECIMENTO). AF_03/2024","M",77.209999999999994,0]
["Assentamento de tubos de esgoto ou drenagem pluvial em concreto",92828,"ASSENTAMENTO DE TUBO DE CONCRETO PARA REDES COLETORAS DE ÁGUAS PLUVIAIS, DIÂMETRO DE 1000 MM, JUNTA RÍGIDA, INSTALADO EM LOCAL COM ALTO NÍVEL DE INTERFERÊNCIAS (NÃO INCLUI FORNECIMENTO). AF_03/2024","M",105.82,0]
["Assentamento de tubos de esgoto ou drenagem pluvial em concreto",92815,"ASSENTAMENTO DE TUBO DE CONCRETO PARA REDES COLETORAS DE ÁGUAS PLUVIAIS, DIÂMETRO DE 1000 MM, JUNTA RÍGIDA, INSTALADO EM LOCAL COM BAIXO NÍVEL DE INTERFERÊNCIAS (NÃO INCLUI FORNECIMENTO). AF_03/2024","M",96.19,0]
["Assentamento de tubos de esgoto ou drenagem pluvial em concreto",92830,"ASSENTAMENTO DE TUBO DE CONCRETO PARA REDES COLETORAS DE ÁGUAS PLUVIAIS, DIÂMETRO DE 1200 MM, JUNTA RÍGIDA, INSTALADO EM LOCAL COM ALTO NÍVEL DE INTERFERÊNCIAS (NÃO INCLUI FORNECIMENTO). AF_03/2024","M",130.81,0]
["Assentamento de tubos de esgoto ou drenagem pluvial em concreto",92817,"ASSENTAMENTO DE TUBO DE CONCRETO PARA REDES COLETORAS DE ÁGUAS PLUVIAIS, DIÂMETRO DE 1200 MM, JUNTA RÍGIDA, INSTALADO EM LOCAL COM BAIXO NÍVEL DE INTERFERÊNCIAS (NÃO INCLUI FORNECIMENTO). AF_03/2024","M",119.13,0]
["Assentamento de tubos de esgoto ou drenagem pluvial em concreto",92832,"ASSENTAMENTO DE TUBO DE CONCRETO PARA REDES COLETORAS DE ÁGUAS PLUVIAIS, DIÂMETRO DE 1500 MM, JUNTA RÍGIDA, INSTALADO EM LOCAL COM ALTO NÍVEL DE INTERFERÊNCIAS (NÃO INCLUI FORNECIMENTO). AF_03/2024","M",170.23,0]
["Assentamento de tubos de esgoto ou drenagem pluvial em concreto",92819,"ASSENTAMENTO DE TUBO DE CONCRETO PARA REDES COLETORAS DE ÁGUAS PLUVIAIS, DIÂMETRO DE 1500 MM, JUNTA RÍGIDA, INSTALADO EM LOCAL COM BAIXO NÍVEL DE INTERFERÊNCIAS (NÃO INCLUI FORNECIMENTO). AF_03/2024","M",155.44999999999999,0]
["Assentamento de tubos de esgoto ou drenagem pluvial em concreto",92820,"ASSENTAMENTO DE TUBO DE CONCRETO PARA REDES COLETORAS DE ÁGUAS PLUVIAIS, DIÂMETRO DE 300 MM, JUNTA RÍGIDA, INSTALADO EM LOCAL COM ALTO NÍVEL DE INTERFERÊNCIAS (NÃO INCLUI FORNECIMENTO). AF_03/2024","M",26.57,0]
["Assentamento de tubos de esgoto ou drenagem pluvial em concreto",92808,"ASSENTAMENTO DE TUBO DE CONCRETO PARA REDES COLETORAS DE ÁGUAS PLUVIAIS, DIÂMETRO DE 300 MM, JUNTA RÍGIDA, INSTALADO EM LOCAL COM BAIXO NÍVEL DE INTERFERÊNCIAS (NÃO INCLUI FORNECIMENTO). AF_03/2024","M",24.13,0]
["Assentamento de tubos de esgoto ou drenagem pluvial em concreto",92821,"ASSENTAMENTO DE TUBO DE CONCRETO PARA REDES COLETORAS DE ÁGUAS PLUVIAIS, DIÂMETRO DE 400 MM, JUNTA RÍGIDA, INSTALADO EM LOCAL COM ALTO NÍVEL DE INTERFERÊNCIAS (NÃO INCLUI FORNECIMENTO). AF_03/2024","M",37.04,0]
["Assentamento de tubos de esgoto ou drenagem pluvial em concreto",92809,"ASSENTAMENTO DE TUBO DE CONCRETO PARA REDES COLETORAS DE ÁGUAS PLUVIAIS, DIÂMETRO DE 400 MM, JUNTA RÍGIDA, INSTALADO EM LOCAL COM BAIXO NÍVEL DE INTERFERÊNCIAS (NÃO INCLUI FORNECIMENTO). AF_03/2024","M",33.590000000000003,0]
["Assentamento de tubos de esgoto ou drenagem pluvial em concreto",92822,"ASSENTAMENTO DE TUBO DE CONCRETO PARA REDES COLETORAS DE ÁGUAS PLUVIAIS, DIÂMETRO DE 500 MM, JUNTA RÍGIDA, INSTALADO EM LOCAL COM ALTO NÍVEL DE INTERFERÊNCIAS (NÃO INCLUI FORNECIMENTO). AF_03/2024","M",47.88,0]
["Assentamento de tubos de esgoto ou drenagem pluvial em concreto",92810,"ASSENTAMENTO DE TUBO DE CONCRETO PARA REDES COLETORAS DE ÁGUAS PLUVIAIS, DIÂMETRO DE 500 MM, JUNTA RÍGIDA, INSTALADO EM LOCAL COM BAIXO NÍVEL DE INTERFERÊNCIAS (NÃO INCLUI FORNECIMENTO). AF_03/2024","M",43.4,0]
["Assentamento de tubos de esgoto ou drenagem pluvial em concreto",92824,"ASSENTAMENTO DE TUBO DE CONCRETO PARA REDES COLETORAS DE ÁGUAS PLUVIAIS, DIÂMETRO DE 600 MM, JUNTA RÍGIDA, INSTALADO EM LOCAL COM ALTO NÍVEL DE INTERFERÊNCIAS (NÃO INCLUI FORNECIMENTO). AF_03/2024","M",58.93,0]
["Assentamento de tubos de esgoto ou drenagem pluvial em concreto",92811,"ASSENTAMENTO DE TUBO DE CONCRETO PARA REDES COLETORAS DE ÁGUAS PLUVIAIS, DIÂMETRO DE 600 MM, JUNTA RÍGIDA, INSTALADO EM LOCAL COM BAIXO NÍVEL DE INTERFERÊNCIAS (NÃO INCLUI FORNECIMENTO). AF_03/2024","M",53.42,0]
["Assentamento de tubos de esgoto ou drenagem pluvial em concreto",92825,"ASSENTAMENTO DE TUBO DE CONCRETO PARA REDES COLETORAS DE ÁGUAS PLUVIAIS, DIÂMETRO DE 700 MM, JUNTA RÍGIDA, INSTALADO EM LOCAL COM ALTO NÍVEL DE INTERFERÊNCIAS (NÃO INCLUI FORNECIMENTO). AF_03/2024","M",70.239999999999995,0]
["Assentamento de tubos de esgoto ou drenagem pluvial em concreto",92812,"ASSENTAMENTO DE TUBO DE CONCRETO PARA REDES COLETORAS DE ÁGUAS PLUVIAIS, DIÂMETRO DE 700 MM, JUNTA RÍGIDA, INSTALADO EM LOCAL COM BAIXO NÍVEL DE INTERFERÊNCIAS (NÃO INCLUI FORNECIMENTO). AF_03/2024","M",63.72,0]
["Assentamento de tubos de esgoto ou drenagem pluvial em concreto",92826,"ASSENTAMENTO DE TUBO DE CONCRETO PARA REDES COLETORAS DE ÁGUAS PLUVIAIS, DIÂMETRO DE 800 MM, JUNTA RÍGIDA, INSTALADO EM LOCAL COM ALTO NÍVEL DE INTERFERÊNCIAS (NÃO INCLUI FORNECIMENTO). AF_03/2024","M",81.849999999999994,0]
["Assentamento de tubos de esgoto ou drenagem pluvial em concreto",92813,"ASSENTAMENTO DE TUBO DE CONCRETO PARA REDES COLETORAS DE ÁGUAS PLUVIAIS, DIÂMETRO DE 800 MM, JUNTA RÍGIDA, INSTALADO EM LOCAL COM BAIXO NÍVEL DE INTERFERÊNCIAS (NÃO INCLUI FORNECIMENTO). AF_03/2024","M",74.3,0]
["Assentamento de tubos de esgoto ou drenagem pluvial em concreto",92827,"ASSENTAMENTO DE TUBO DE CONCRETO PARA REDES COLETORAS DE ÁGUAS PLUVIAIS, DIÂMETRO DE 900 MM, JUNTA RÍGIDA, INSTALADO EM LOCAL COM ALTO NÍVEL DE INTERFERÊNCIAS (NÃO INCLUI FORNECIMENTO). AF_03/2024","M",93.75,0]
["Assentamento de tubos de esgoto ou drenagem pluvial em concreto",92814,"ASSENTAMENTO DE TUBO DE CONCRETO PARA REDES COLETORAS DE ÁGUAS PLUVIAIS, DIÂMETRO DE 900 MM, JUNTA RÍGIDA, INSTALADO EM LOCAL COM BAIXO NÍVEL DE INTERFERÊNCIAS (NÃO INCLUI FORNECIMENTO). AF_03/2024","M",85.12,0]
["Assentamento de tubos de esgoto ou drenagem pluvial em concreto",95570,"TUBO DE CONCRETO (SIMPLES) PARA REDES COLETORAS DE ÁGUAS PLUVIAIS, DIÂMETRO DE 300 MM, JUNTA RÍGIDA, INSTALADO EM LOCAL COM ALTO NÍVEL DE INTERFERÊNCIAS - FORNECIMENTO E ASSENTAMENTO. AF_03/2024","M",96.61,0.72499999999999998]
["Assentamento de tubos de esgoto ou drenagem pluvial em concreto",95567,"TUBO DE CONCRETO (SIMPLES) PARA REDES COLETORAS DE ÁGUAS PLUVIAIS, DIÂMETRO DE 300 MM, JUNTA RÍGIDA, INSTALADO EM LOCAL COM BAIXO NÍVEL DE INTERFERÊNCIAS - FORNECIMENTO E ASSENTAMENTO. AF_03/2024","M",94.17,0.74380000000000002]
["Assentamento de tubos de esgoto ou drenagem pluvial em concreto",95571,"TUBO DE CONCRETO (SIMPLES) PARA REDES COLETORAS DE ÁGUAS PLUVIAIS, DIÂMETRO DE 400 MM, JUNTA RÍGIDA, INSTALADO EM LOCAL COM ALTO NÍVEL DE INTERFERÊNCIAS - FORNECIMENTO E ASSENTAMENTO. AF_03/2024","M",119.8,0.69079999999999997]
["Assentamento de tubos de esgoto ou drenagem pluvial em concreto",95568,"TUBO DE CONCRETO (SIMPLES) PARA REDES COLETORAS DE ÁGUAS PLUVIAIS, DIÂMETRO DE 400 MM, JUNTA RÍGIDA, INSTALADO EM LOCAL COM BAIXO NÍVEL DE INTERFERÊNCIAS - FORNECIMENTO E ASSENTAMENTO. AF_03/2024","M",116.35,0.71130000000000004]
["Assentamento de tubos de esgoto ou drenagem pluvial em concreto",95572,"TUBO DE CONCRETO (SIMPLES) PARA REDES COLETORAS DE ÁGUAS PLUVIAIS, DIÂMETRO DE 500 MM, JUNTA RÍGIDA, INSTALADO EM LOCAL COM ALTO NÍVEL DE INTERFERÊNCIAS - FORNECIMENTO E ASSENTAMENTO. AF_03/2024","M",171.05,0.72009999999999996]
["Assentamento de tubos de esgoto ou drenagem pluvial em concreto",95569,"TUBO DE CONCRETO (SIMPLES) PARA REDES COLETORAS DE ÁGUAS PLUVIAIS, DIÂMETRO DE 500 MM, JUNTA RÍGIDA, INSTALADO EM LOCAL COM BAIXO NÍVEL DE INTERFERÊNCIAS - FORNECIMENTO E ASSENTAMENTO. AF_03/2024","M",166.57,0.73939999999999995]
["Assentamento de tubos de esgoto ou drenagem pluvial em concreto",92863,"TUBO DE CONCRETO PARA REDES COLETORAS DE ESGOTO SANITÁRIO, DIÂMETRO DE 1000 MM, JUNTA ELÁSTICA, INSTALADO EM LOCAL COM ALTO NÍVEL DE INTERFERÊNCIAS - FORNECIMENTO E ASSENTAMENTO. AF_03/2024","M",859.63,0]
["Assentamento de tubos de esgoto ou drenagem pluvial em concreto",92847,"TUBO DE CONCRETO PARA REDES COLETORAS DE ESGOTO SANITÁRIO, DIÂMETRO DE 1000 MM, JUNTA ELÁSTICA, INSTALADO EM LOCAL COM BAIXO NÍVEL DE INTERFERÊNCIAS - FORNECIMENTO E ASSENTAMENTO. AF_03/2024","M",850.01,0]
["Assentamento de tubos de esgoto ou drenagem pluvial em concreto",104936,"TUBO DE CONCRETO PARA REDES COLETORAS DE ESGOTO SANITÁRIO, DIÂMETRO DE 1200 MM, JUNTA ELÁSTICA, INSTALADO EM LOCAL COM ALTO NÍVEL DE INTERFERÊNCIAS - FORNECIMENTO E ASSENTAMENTO. AF_03/2024","M",0]
["Assentamento de tubos de esgoto ou drenagem pluvial em concreto",104932,"TUBO DE CONCRETO PARA REDES COLETORAS DE ESGOTO SANITÁRIO, DIÂMETRO DE 1200 MM, JUNTA ELÁSTICA, INSTALADO EM LOCAL COM BAIXO NÍVEL DE INTERFERÊNCIAS - FORNECIMENTO E ASSENTAMENTO. AF_03/2024","M",0]
["Assentamento de tubos de esgoto ou drenagem pluvial em concreto",104938,"TUBO DE CONCRETO PARA REDES COLETORAS DE ESGOTO SANITÁRIO, DIÂMETRO DE 1500 MM, JUNTA ELÁSTICA, INSTALADO EM LOCAL COM ALTO NÍVEL DE INTERFERÊNCIAS - FORNECIMENTO E ASSENTAMENTO. AF_03/2024","M",0]
["Assentamento de tubos de esgoto ou drenagem pluvial em concreto",104934,"TUBO DE CONCRETO PARA REDES COLETORAS DE ESGOTO SANITÁRIO, DIÂMETRO DE 1500 MM, JUNTA ELÁSTICA, INSTALADO EM LOCAL COM BAIXO NÍVEL DE INTERFERÊNCIAS - FORNECIMENTO E ASSENTAMENTO. AF_03/2024","M",0]
["Assentamento de tubos de esgoto ou drenagem pluvial em concreto",92849,"TUBO DE CONCRETO PARA REDES COLETORAS DE ESGOTO SANITÁRIO, DIÂMETRO DE 300 MM, JUNTA ELÁSTICA, INSTALADO EM LOCAL COM ALTO NÍVEL DE INTERFERÊNCIAS - FORNECIMENTO E ASSENTAMENTO. AF_03/2024","M",183.62,0]
["Assentamento de tubos de esgoto ou drenagem pluvial em concreto",92833,"TUBO DE CONCRETO PARA REDES COLETORAS DE ESGOTO SANITÁRIO, DIÂMETRO DE 300 MM, JUNTA ELÁSTICA, INSTALADO EM LOCAL COM BAIXO NÍVEL DE INTERFERÊNCIAS - FORNECIMENTO E ASSENTAMENTO. AF_03/2024","M",181.21,0]
["Assentamento de tubos de esgoto ou drenagem pluvial em concreto",92851,"TUBO DE CONCRETO PARA REDES COLETORAS DE ESGOTO SANITÁRIO, DIÂMETRO DE 400 MM, JUNTA ELÁSTICA, INSTALADO EM LOCAL COM ALTO NÍVEL DE INTERFERÊNCIAS - FORNECIMENTO E ASSENTAMENTO. AF_03/2024","M",195.6,0]
["Assentamento de tubos de esgoto ou drenagem pluvial em concreto",92835,"TUBO DE CONCRETO PARA REDES COLETORAS DE ESGOTO SANITÁRIO, DIÂMETRO DE 400 MM, JUNTA ELÁSTICA, INSTALADO EM LOCAL COM BAIXO NÍVEL DE INTERFERÊNCIAS - FORNECIMENTO E ASSENTAMENTO. AF_03/2024","M",192.16,0]
["Assentamento de tubos de esgoto ou drenagem pluvial em concreto",92853,"TUBO DE CONCRETO PARA REDES COLETORAS DE ESGOTO SANITÁRIO, DIÂMETRO DE 500 MM, JUNTA ELÁSTICA, INSTALADO EM LOCAL COM ALTO NÍVEL DE INTERFERÊNCIAS - FORNECIMENTO E ASSENTAMENTO. AF_03/2024","M",342.26,0]
["Assentamento de tubos de esgoto ou drenagem pluvial em concreto",92837,"TUBO DE CONCRETO PARA REDES COLETORAS DE ESGOTO SANITÁRIO, DIÂMETRO DE 500 MM, JUNTA ELÁSTICA, INSTALADO EM LOCAL COM BAIXO NÍVEL DE INTERFERÊNCIAS - FORNECIMENTO E ASSENTAMENTO. AF_03/2024","M",337.81,0]
["Assentamento de tubos de esgoto ou drenagem pluvial em concreto",92855,"TUBO DE CONCRETO PARA REDES COLETORAS DE ESGOTO SANITÁRIO, DIÂMETRO DE 600 MM, JUNTA ELÁSTICA, INSTALADO EM LOCAL COM ALTO NÍVEL DE INTERFERÊNCIAS - FORNECIMENTO E ASSENTAMENTO. AF_03/2024","M",419.38,0]
["Assentamento de tubos de esgoto ou drenagem pluvial em concreto",92839,"TUBO DE CONCRETO PARA REDES COLETORAS DE ESGOTO SANITÁRIO, DIÂMETRO DE 600 MM, JUNTA ELÁSTICA, INSTALADO EM LOCAL COM BAIXO NÍVEL DE INTERFERÊNCIAS - FORNECIMENTO E ASSENTAMENTO. AF_03/2024","M",413.88,0]
["Assentamento de tubos de esgoto ou drenagem pluvial em concreto",92857,"TUBO DE CONCRETO PARA REDES COLETORAS DE ESGOTO SANITÁRIO, DIÂMETRO DE 700 MM, JUNTA ELÁSTICA, INSTALADO EM LOCAL COM ALTO NÍVEL DE INTERFERÊNCIAS - FORNECIMENTO E ASSENTAMENTO. AF_03/2024","M",545.35,0]
["Assentamento de tubos de esgoto ou drenagem pluvial em concreto",92841,"TUBO DE CONCRETO PARA REDES COLETORAS DE ESGOTO SANITÁRIO, DIÂMETRO DE 700 MM, JUNTA ELÁSTICA, INSTALADO EM LOCAL COM BAIXO NÍVEL DE INTERFERÊNCIAS - FORNECIMENTO E ASSENTAMENTO. AF_03/2024","M",538.80999999999995,0]
["Assentamento de tubos de esgoto ou drenagem pluvial em concreto",92859,"TUBO DE CONCRETO PARA REDES COLETORAS DE ESGOTO SANITÁRIO, DIÂMETRO DE 800 MM, JUNTA ELÁSTICA, INSTALADO EM LOCAL COM ALTO NÍVEL DE INTERFERÊNCIAS - FORNECIMENTO E ASSENTAMENTO. AF_03/2024","M",567.92999999999995,0]
["Assentamento de tubos de esgoto ou drenagem pluvial em concreto",92843,"TUBO DE CONCRETO PARA REDES COLETORAS DE ESGOTO SANITÁRIO, DIÂMETRO DE 800 MM, JUNTA ELÁSTICA, INSTALADO EM LOCAL COM BAIXO NÍVEL DE INTERFERÊNCIAS - FORNECIMENTO E ASSENTAMENTO. AF_03/2024","M",560.36,0]
["Assentamento de tubos de esgoto ou drenagem pluvial em concreto",92861,"TUBO DE CONCRETO PARA REDES COLETORAS DE ESGOTO SANITÁRIO, DIÂMETRO DE 900 MM, JUNTA ELÁSTICA, INSTALADO EM LOCAL COM ALTO NÍVEL DE INTERFERÊNCIAS - FORNECIMENTO E ASSENTAMENTO. AF_03/2024","M",833.5,0]
["Assentamento de tubos de esgoto ou drenagem pluvial em concreto",92845,"TUBO DE CONCRETO PARA REDES COLETORAS DE ESGOTO SANITÁRIO, DIÂMETRO DE 900 MM, JUNTA ELÁSTICA, INSTALADO EM LOCAL COM BAIXO NÍVEL DE INTERFERÊNCIAS - FORNECIMENTO E ASSENTAMENTO. AF_03/2024","M",824.91,0]
["Assentamento de tubos de esgoto ou drenagem pluvial em concreto",92226,"TUBO DE CONCRETO PARA REDES COLETORAS DE ÁGUAS PLUVIAIS, DIÂMETRO DE 1000 MM, JUNTA RÍGIDA, INSTALADO EM LOCAL COM ALTO NÍVEL DE INTERFERÊNCIAS - FORNECIMENTO E ASSENTAMENTO. AF_03/2024","M",483.33,0]
["Assentamento de tubos de esgoto ou drenagem pluvial em concreto",92216,"TUBO DE CONCRETO PARA REDES COLETORAS DE ÁGUAS PLUVIAIS, DIÂMETRO DE 1000 MM, JUNTA RÍGIDA, INSTALADO EM LOCAL COM BAIXO NÍVEL DE INTERFERÊNCIAS - FORNECIMENTO E ASSENTAMENTO. AF_03/2024","M",473.7,0]
["Assentamento de tubos de esgoto ou drenagem pluvial em concreto",92829,"TUBO DE CONCRETO PARA REDES COLETORAS DE ÁGUAS PLUVIAIS, DIÂMETRO DE 1200 MM, JUNTA RÍGIDA, INSTALADO EM LOCAL COM ALTO NÍVEL DE INTERFERÊNCIAS - FORNECIMENTO E ASSENTAMENTO. AF_03/2024","M",694.64,0]
["Assentamento de tubos de esgoto ou drenagem pluvial em concreto",92816,"TUBO DE CONCRETO PARA REDES COLETORAS DE ÁGUAS PLUVIAIS, DIÂMETRO DE 1200 MM, JUNTA RÍGIDA, INSTALADO EM LOCAL COM BAIXO NÍVEL DE INTERFERÊNCIAS - FORNECIMENTO E ASSENTAMENTO. AF_03/2024","M",682.96,0]
["Assentamento de tubos de esgoto ou drenagem pluvial em concreto",92831,"TUBO DE CONCRETO PARA REDES COLETORAS DE ÁGUAS PLUVIAIS, DIÂMETRO DE 1500 MM, JUNTA RÍGIDA, INSTALADO EM LOCAL COM ALTO NÍVEL DE INTERFERÊNCIAS - FORNECIMENTO E ASSENTAMENTO. AF_03/2024","M",987.09,0]
["Assentamento de tubos de esgoto ou drenagem pluvial em concreto",92818,"TUBO DE CONCRETO PARA REDES COLETORAS DE ÁGUAS PLUVIAIS, DIÂMETRO DE 1500 MM, JUNTA RÍGIDA, INSTALADO EM LOCAL COM BAIXO NÍVEL DE INTERFERÊNCIAS - FORNECIMENTO E ASSENTAMENTO. AF_03/2024","M",972.31,0]
["Assentamento de tubos de esgoto ou drenagem pluvial em concreto",95566,"TUBO DE CONCRETO PARA REDES COLETORAS DE ÁGUAS PLUVIAIS, DIÂMETRO DE 300MM, JUNTA RÍGIDA, INSTALADO EM LOCAL COM ALTO NÍVEL DE INTERFERÊNCIAS - FORNECIMENTO E ASSENTAMENTO. AF_03/2024","M",115.25,0]
["Assentamento de tubos de esgoto ou drenagem pluvial em concreto",95565,"TUBO DE CONCRETO PARA REDES COLETORAS DE ÁGUAS PLUVIAIS, DIÂMETRO DE 300MM, JUNTA RÍGIDA, INSTALADO EM LOCAL COM BAIXO NÍVEL DE INTERFERÊNCIAS - FORNECIMENTO E ASSENTAMENTO. AF_03/2024","M",112.81,0]
["Assentamento de tubos de esgoto ou drenagem pluvial em concreto",92219,"TUBO DE CONCRETO PARA REDES COLETORAS DE ÁGUAS PLUVIAIS, DIÂMETRO DE 400 MM, JUNTA RÍGIDA, INSTALADO EM LOCAL COM ALTO NÍVEL DE INTERFERÊNCIAS - FORNECIMENTO E ASSENTAMENTO. AF_03/2024","M",137.1,0]
["Assentamento de tubos de esgoto ou drenagem pluvial em concreto",92210,"TUBO DE CONCRETO PARA REDES COLETORAS DE ÁGUAS PLUVIAIS, DIÂMETRO DE 400 MM, JUNTA RÍGIDA, INSTALADO EM LOCAL COM BAIXO NÍVEL DE INTERFERÊNCIAS - FORNECIMENTO E ASSENTAMENTO. AF_03/2024","M",133.65,0]
["Assentamento de tubos de esgoto ou drenagem pluvial em concreto",92220,"TUBO DE CONCRETO PARA REDES COLETORAS DE ÁGUAS PLUVIAIS, DIÂMETRO DE 500 MM, JUNTA RÍGIDA, INSTALADO EM LOCAL COM ALTO NÍVEL DE INTERFERÊNCIAS - FORNECIMENTO E ASSENTAMENTO. AF_03/2024","M",167.47,0]
["Assentamento de tubos de esgoto ou drenagem pluvial em concreto",92211,"TUBO DE CONCRETO PARA REDES COLETORAS DE ÁGUAS PLUVIAIS, DIÂMETRO DE 500 MM, JUNTA RÍGIDA, INSTALADO EM LOCAL COM BAIXO NÍVEL DE INTERFERÊNCIAS - FORNECIMENTO E ASSENTAMENTO. AF_03/2024","M",162.99,0]
["Assentamento de tubos de esgoto ou drenagem pluvial em concreto",92221,"TUBO DE CONCRETO PARA REDES COLETORAS DE ÁGUAS PLUVIAIS, DIÂMETRO DE 600 MM, JUNTA RÍGIDA, INSTALADO EM LOCAL COM ALTO NÍVEL DE INTERFERÊNCIAS - FORNECIMENTO E ASSENTAMENTO. AF_03/2024","M",252.57,0]
["Assentamento de tubos de esgoto ou drenagem pluvial em concreto",92212,"TUBO DE CONCRETO PARA REDES COLETORAS DE ÁGUAS PLUVIAIS, DIÂMETRO DE 600 MM, JUNTA RÍGIDA, INSTALADO EM LOCAL COM BAIXO NÍVEL DE INTERFERÊNCIAS - FORNECIMENTO E ASSENTAMENTO. AF_03/2024","M",247.06,0]
["Assentamento de tubos de esgoto ou drenagem pluvial em concreto",92222,"TUBO DE CONCRETO PARA REDES COLETORAS DE ÁGUAS PLUVIAIS, DIÂMETRO DE 700 MM, JUNTA RÍGIDA, INSTALADO EM LOCAL COM ALTO NÍVEL DE INTERFERÊNCIAS - FORNECIMENTO E ASSENTAMENTO. AF_03/2024","M",334.16,0]
["Assentamento de tubos de esgoto ou drenagem pluvial em concreto",92213,"TUBO DE CONCRETO PARA REDES COLETORAS DE ÁGUAS PLUVIAIS, DIÂMETRO DE 700 MM, JUNTA RÍGIDA, INSTALADO EM LOCAL COM BAIXO NÍVEL DE INTERFERÊNCIAS - FORNECIMENTO E ASSENTAMENTO. AF_03/2024","M",327.64,0]
["Assentamento de tubos de esgoto ou drenagem pluvial em concreto",92223,"TUBO DE CONCRETO PARA REDES COLETORAS DE ÁGUAS PLUVIAIS, DIÂMETRO DE 800 MM, JUNTA RÍGIDA, INSTALADO EM LOCAL COM ALTO NÍVEL DE INTERFERÊNCIAS - FORNECIMENTO E ASSENTAMENTO. AF_03/2024","M",404.03,0]
["Assentamento de tubos de esgoto ou drenagem pluvial em concreto",92214,"TUBO DE CONCRETO PARA REDES COLETORAS DE ÁGUAS PLUVIAIS, DIÂMETRO DE 800 MM, JUNTA RÍGIDA, INSTALADO EM LOCAL COM BAIXO NÍVEL DE INTERFERÊNCIAS - FORNECIMENTO E ASSENTAMENTO. AF_03/2024","M",396.48,0]
["Assentamento de tubos de esgoto ou drenagem pluvial em concreto",92224,"TUBO DE CONCRETO PARA REDES COLETORAS DE ÁGUAS PLUVIAIS, DIÂMETRO DE 900 MM, JUNTA RÍGIDA, INSTALADO EM LOCAL COM ALTO NÍVEL DE INTERFERÊNCIAS - FORNECIMENTO E ASSENTAMENTO. AF_03/2024","M",463.94,0]
["Assentamento de tubos de esgoto ou drenagem pluvial em concreto",92215,"TUBO DE CONCRETO PARA REDES COLETORAS DE ÁGUAS PLUVIAIS, DIÂMETRO DE 900 MM, JUNTA RÍGIDA, INSTALADO EM LOCAL COM BAIXO NÍVEL DE INTERFERÊNCIAS - FORNECIMENTO E ASSENTAMENTO. AF_03/2024","M",455.31,0]
["Aterro e Reaterro de Valas",94342,"ATERRO MANUAL DE VALAS COM AREIA PARA ATERRO. AF_08/2023","M3",122.51,3.7000000000000002E-3]
["Aterro e Reaterro de Valas",94319,"ATERRO MANUAL DE VALAS COM SOLO ARGILO-ARENOSO. AF_08/2023","M3",81.209999999999994,0.66839999999999999]
["Aterro e Reaterro de Valas",94304,"ATERRO MECANIZADO DE VALA COM ESCAVADEIRA HIDRÁULICA (CAPACIDADE DA CAÇAMBA: 0,8 M³ / POTÊNCIA: 111 HP), LARGURA ATÉ 2,5 M, PROFUNDIDADE ATÉ 1,5 M, COM SOLO ARGILO-ARENOSO. AF_08/2023","M3",76.38,0.70899999999999996]
["Aterro e Reaterro de Valas",94306,"ATERRO MECANIZADO DE VALA COM ESCAVADEIRA HIDRÁULICA (CAPACIDADE DA CAÇAMBA: 0,8 M³ / POTÊNCIA: 111 HP), LARGURA ATÉ 2,5 M, PROFUNDIDADE DE 1,5 A 3,0 M, COM SOLO ARGILO-ARENOSO. AF_08/2023","M3",70.02,0.77310000000000001]
["Aterro e Reaterro de Valas",94327,"ATERRO MECANIZADO DE VALA COM ESCAVADEIRA HIDRÁULICA (CAPACIDADE DA CAÇAMBA: 0,8 M³/POTÊNCIA: 111 HP), LARGURA ATÉ 2,5 M, PROFUNDIDADE ATÉ 1,5 M, COM AREIA PARA ATERRO. AF_08/2023","M3",117.68,2.7000000000000001E-3]
["Aterro e Reaterro de Valas",94329,"ATERRO MECANIZADO DE VALA COM ESCAVADEIRA HIDRÁULICA (CAPACIDADE DA CAÇAMBA: 0,8 M³/POTÊNCIA: 111 HP), LARGURA ATÉ 2,5 M, PROFUNDIDADE DE 1,5 A 3,0 M, COM AREIA PARA ATERRO. AF_08/2023","M3",111.32,2.7000000000000001E-3]
["Aterro e Reaterro de Valas",94333,"ATERRO MECANIZADO DE VALA COM ESCAVADEIRA HIDRÁULICA (CAPACIDADE DA CAÇAMBA: 0,8 M³/POTÊNCIA: 111 HP), LARGURA ATÉ 2,5 M, PROFUNDIDADE DE 3,0 A 6,0 M, COM AREIA PARA ATERRO. AF_08/2023","M3",108.43,2.8E-3]
["Aterro e Reaterro de Valas",94310,"ATERRO MECANIZADO DE VALA COM ESCAVADEIRA HIDRÁULICA (CAPACIDADE DA CAÇAMBA: 0,8 M³/POTÊNCIA: 111 HP), LARGURA ATÉ 2,5 M, PROFUNDIDADE DE 3,0 A 6,0 M, COM SOLO ARGILO-ARENOSO. AF_08/2023","M3",67.13,0.80630000000000002]
["Aterro e Reaterro de Valas",104739,"ATERRO MECANIZADO DE VALA COM MINICARREGADEIRA, COM AREIA PARA ATERRO. AF_08/2023","M3",121.92,7.1300000000000002E-2]
["Aterro e Reaterro de Valas",104738,"ATERRO MECANIZADO DE VALA COM MINICARREGADEIRA, COM SOLO ARGILO-ARENOSO. AF_08/2023","M3",80.62,0.77549999999999997]
["Aterro e Reaterro de Valas",94316,"ATERRO MECANIZADO DE VALA COM RETROESCAVADEIRA (CAPACIDADE DA CAÇAMBA DA RETRO: 0,26 M³ / POTÊNCIA: 88 HP), LARGURA ATÉ 1,5 M, PROFUNDIDADE ATÉ 1,5 M, COM SOLO ARGILO-ARENOSO. AF_08/2023","M3",71.260000000000005,0.82120000000000004]
["Aterro e Reaterro de Valas",94318,"ATERRO MECANIZADO DE VALA COM RETROESCAVADEIRA (CAPACIDADE DA CAÇAMBA DA RETRO: 0,26 M³ / POTÊNCIA: 88 HP), LARGURA ATÉ 1,5 M, PROFUNDIDADE DE 1,5 A 3,0 M, COM SOLO ARGILO-ARENOSO. AF_08/2023","M3",65.819999999999993,0.86050000000000004]
["Aterro e Reaterro de Valas",94339,"ATERRO MECANIZADO DE VALA COM RETROESCAVADEIRA (CAPACIDADE DA CAÇAMBA DA RETRO: 0,26 M³/POTÊNCIA: 88 HP), LARGURA ATÉ 1,5 M, PROFUNDIDADE ATÉ 1,5 M, COM AREIA PARA ATERRO. AF_08/2023","M3",112.56,4.1700000000000001E-2]
["Aterro e Reaterro de Valas",94341,"ATERRO MECANIZADO DE VALA COM RETROESCAVADEIRA (CAPACIDADE DA CAÇAMBA DA RETRO: 0,26 M³/POTÊNCIA: 88 HP), LARGURA ATÉ 1,5 M, PROFUNDIDADE DE 1,5 A 3,0 M, COM AREIA PARA ATERRO. AF_08/2023","M3",107.12,2.6200000000000001E-2]
["Aterro e Reaterro de Valas",104742,"COMPACTAÇÃO DE VALAS COM ROLO COMPRESSOR. AF_08/2023","M2",7.06,0]
["Aterro e Reaterro de Valas",93382,"REATERRO MANUAL DE VALAS, COM COMPACTADOR DE SOLOS DE PERCUSSÃO. AF_08/2023","M3",27.38,1.6400000000000001E-2]
["Aterro e Reaterro de Valas",104737,"REATERRO MANUAL DE VALAS, COM PLACA VIBRATÓRIA. AF_08/2023","M3",23.93,7.4999999999999997E-3]
["Aterro e Reaterro de Valas",93369,"REATERRO MECANIZADO DE VALA COM ESCAVADEIRA HIDRÁULICA (CAPACIDADE DA CAÇAMBA: 0,8 M³/POTÊNCIA: 111 HP), LARGURA 1,5 A 2,5 M, PROFUNDIDADE 1,5 A 3,0 M, COM SOLO (SEM SUBSTITUIÇÃO) DE 1ª CATEGORIA, COM COMPACTADOR DE SOLOS DE PERCUSSÃO. AF_08/2023","M3",16.190000000000001,1.8499999999999999E-2]
["Aterro e Reaterro de Valas",93373,"REATERRO MECANIZADO DE VALA COM ESCAVADEIRA HIDRÁULICA (CAPACIDADE DA CAÇAMBA: 0,8 M³/POTÊNCIA: 111 HP), LARGURA 1,5 A 2,5 M, PROFUNDIDADE 3,0 A 6,0 M, COM SOLO (SEM SUBSTITUIÇÃO) DE 1ª CATEGORIA, COM COMPACTADOR DE SOLOS DE PERCUSSÃO. AF_08/2023","M3",13.3,2.2599999999999999E-2]
["Aterro e Reaterro de Valas",93368,"REATERRO MECANIZADO DE VALA COM ESCAVADEIRA HIDRÁULICA (CAPACIDADE DA CAÇAMBA: 0,8 M³/POTÊNCIA: 111 HP), LARGURA ATÉ 1,5 M, PROFUNDIDADE DE 1,5 A 3,0 M, COM SOLO (SEM SUBSTITUIÇÃO) DE 1ª CATEGORIA, COM COMPACTADOR DE SOLOS DE PERCUSSÃO. AF_08/2023","M3",19.739999999999998,1.5699999999999999E-2]
["Aterro e Reaterro de Valas",104729,"REATERRO MECANIZADO DE VALA COM ESCAVADEIRA HIDRÁULICA (CAPACIDADE DA CAÇAMBA: 0,8 M³/POTÊNCIA: 111 HP), LARGURA ATÉ 1,5 M, PROFUNDIDADE DE 1,5 A 3,0 M, COM SOLO (SEM SUBSTITUIÇÃO) DE 1ª CATEGORIA, COM PLACA VIBRATÓRIA. AF_08/2023","M3",16.25,5.4999999999999997E-3]
["Aterro e Reaterro de Valas",93372,"REATERRO MECANIZADO DE VALA COM ESCAVADEIRA HIDRÁULICA (CAPACIDADE DA CAÇAMBA: 0,8 M³/POTÊNCIA: 111 HP), LARGURA ATÉ 1,5 M, PROFUNDIDADE DE 3,0 A 6,0 M, COM SOLO (SEM SUBSTITUIÇÃO) DE 1ª CATEGORIA, COM COMPACTADOR DE SOLOS DE PERCUSSÃO. AF_08/2023","M3",15.54,1.9300000000000001E-2]
["Aterro e Reaterro de Valas",104731,"REATERRO MECANIZADO DE VALA COM ESCAVADEIRA HIDRÁULICA (CAPACIDADE DA CAÇAMBA: 0,8 M³/POTÊNCIA: 111 HP), LARGURA ATÉ 1,5 M, PROFUNDIDADE DE 3,0 A 6,0 M, COM SOLO (SEM SUBSTITUIÇÃO) DE 1ª CATEGORIA, COM PLACA VIBRATÓRIA. AF_08/2023","M3",12.06,7.4999999999999997E-3]
["Aterro e Reaterro de Valas",93367,"REATERRO MECANIZADO DE VALA COM ESCAVADEIRA HIDRÁULICA (CAPACIDADE DA CAÇAMBA: 0,8 M³/POTÊNCIA: 111 HP), LARGURA DE 1,5 A 2,5 M, PROFUNDIDADE ATÉ 1,5 M, COM SOLO (SEM SUBSTITUIÇÃO) DE 1ª CATEGORIA, COM COMPACTADOR DE SOLOS DE PERCUSSÃO. AF_08/2023","M3",22.55,1.4200000000000001E-2]
["Aterro e Reaterro de Valas",104728,"REATERRO MECANIZADO DE VALA COM ESCAVADEIRA HIDRÁULICA (CAPACIDADE DA CAÇAMBA: 0,8 M³/POTÊNCIA: 111 HP), LARGURA DE 1,5 A 2,5 M, PROFUNDIDADE ATÉ 1,5 M, COM SOLO (SEM SUBSTITUIÇÃO) DE 1ª CATEGORIA, COM PLACA VIBRATÓRIA. AF_08/2023","M3",19.07,5.1999999999999998E-3]
["Aterro e Reaterro de Valas",104730,"REATERRO MECANIZADO DE VALA COM ESCAVADEIRA HIDRÁULICA (CAPACIDADE DA CAÇAMBA: 0,8 M³/POTÊNCIA: 111 HP), LARGURA DE 1,5 A 2,5 M, PROFUNDIDADE DE 1,5 A 3,0 M, COM SOLO (SEM SUBSTITUIÇÃO) DE 1ª CATEGORIA, COM PLACA VIBRATÓRIA. AF_08/2023","M3",12.71,7.1000000000000004E-3]
["Aterro e Reaterro de Valas",104732,"REATERRO MECANIZADO DE VALA COM ESCAVADEIRA HIDRÁULICA (CAPACIDADE DA CAÇAMBA: 0,8 M³/POTÊNCIA: 111 HP), LARGURA DE 1,5 A 2,5 M, PROFUNDIDADE DE 3,0 A 6,0 M, COM SOLO (SEM SUBSTITUIÇÃO) DE 1ª CATEGORIA, COM PLACA VIBRATÓRIA. AF_08/2023","M3",9.82,8.0999999999999996E-3]
["Aterro e Reaterro de Valas",104740,"REATERRO MECANIZADO DE VALA COM MINICARREGADEIRA, COM COMPACTADOR DE SOLOS DE PERCUSSÃO. AF_08/2023","M3",26.79,0.32440000000000002]
["Aterro e Reaterro de Valas",104741,"REATERRO MECANIZADO DE VALA COM MINICARREGADEIRA, COM PLACA VIBRATÓRIA. AF_08/2023","M3",23.34,0.36080000000000001]
["Aterro e Reaterro de Valas",93381,"REATERRO MECANIZADO DE VALA COM RETROESCAVADEIRA (CAPACIDADE DA CAÇAMBA DA RETRO: 0,26 M³/POTÊNCIA: 88 HP), LARGURA 0,8 A 1,5 M, PROFUNDIDADE 1,5 A 3,0 M, COM SOLO (SEM SUBSTITUIÇÃO) DE 1ª CATEGORIA E COMPACTADOR DE SOLOS DE PERCUSSÃO. AF_08/2023","M3",11.99,0.2344]
["Aterro e Reaterro de Valas",93379,"REATERRO MECANIZADO DE VALA COM RETROESCAVADEIRA (CAPACIDADE DA CAÇAMBA DA RETRO: 0,26 M³/POTÊNCIA: 88 HP), LARGURA 0,8 A 1,5 M, PROFUNDIDADE ATÉ 1,5 M, COM SOLO (SEM SUBSTITUIÇÃO) DE 1ª CATEGORIA, COM COMPACTADOR DE SOLOS DE PERCUSSÃO AF_08/2023","M3",17.43,0.26910000000000001]
["Aterro e Reaterro de Valas",93380,"REATERRO MECANIZADO DE VALA COM RETROESCAVADEIRA (CAPACIDADE DA CAÇAMBA DA RETRO: 0,26 M³/POTÊNCIA: 88 HP), LARGURA ATÉ 0,8 M, PROFUNDIDADE 1,5 A 3,0 M, COM SOLO (SEM SUBSTITUIÇÃO) DE 1ª CATEGORIA, COM COMPACTADOR DE SOLOS DE PERCUSSÃO AF_08/2023","M3",14.83,0.26029999999999998]
["Aterro e Reaterro de Valas",93378,"REATERRO MECANIZADO DE VALA COM RETROESCAVADEIRA (CAPACIDADE DA CAÇAMBA DA RETRO: 0,26 M³/POTÊNCIA: 88 HP), LARGURA ATÉ 0,8 M, PROFUNDIDADE ATÉ 1,5 M, COM SOLO (SEM SUBSTITUIÇÃO) DE 1ª CATEGORIA, COM COMPACTADOR DE SOLOS DE PERCUSSÃO. AF_08/2023","M3",22.68,0.28839999999999999]
["Aterro e Reaterro de Valas",104733,"REATERRO MECANIZADO DE VALA COM RETROESCAVADEIRA (CAPACIDADE DA CAÇAMBA DA RETRO: 0,26 M³/POTÊNCIA: 88 HP), LARGURA ATÉ 0,8 M, PROFUNDIDADE ATÉ 1,5 M, COM SOLO (SEM SUBSTITUIÇÃO) DE 1ª CATEGORIA, COM PLACA VIBRATÓRIA. AF_08/2023","M3",19.23,0.3261]
["Aterro e Reaterro de Valas",104735,"REATERRO MECANIZADO DE VALA COM RETROESCAVADEIRA (CAPACIDADE DA CAÇAMBA DA RETRO: 0,26 M³/POTÊNCIA: 88 HP), LARGURA ATÉ 0,8 M, PROFUNDIDADE DE 1,5 A 3,0 M, COM SOLO (SEM SUBSTITUIÇÃO) DE 1ª CATEGORIA, COM PLACA VIBRATÓRIA. AF_08/2023","M3",11.35,0.31979999999999997]
["Aterro e Reaterro de Valas",104734,"REATERRO MECANIZADO DE VALA COM RETROESCAVADEIRA (CAPACIDADE DA CAÇAMBA DA RETRO: 0,26 M³/POTÊNCIA: 88 HP), LARGURA DE 0,8 A 1,5 M, PROFUNDIDADE ATÉ 1,5 M, COM SOLO (SEM SUBSTITUIÇÃO) DE 1ª CATEGORIA, COM PLACA VIBRATÓRIA. AF_08/2023","M3",13.96,0.31879999999999997]
["Aterro e Reaterro de Valas",104736,"REATERRO MECANIZADO DE VALA COM RETROESCAVADEIRA (CAPACIDADE DA CAÇAMBA DA RETRO: 0,26 M³/POTÊNCIA: 88 HP), LARGURA DE 0,8 A 1,5 M, PROFUNDIDADE DE 1,5 A 3,0 M, COM SOLO (SEM SUBSTITUIÇÃO) DE 1ª CATEGORIA, COM PLACA VIBRATÓRIA. AF_08/2023","M3",8.51,0.30430000000000001]
["Aterros, Bases, Sub bases e Imprimações",105732,"CONSTRUÇÃO DE BASE E SUB-BASE PARA PAVIMENTAÇÃO DE BRITA GRADUADA SIMPLES TRATADA COM CIMENTO, COM ESPESSURA DE 10 CM - EXCLUSIVE CARGA E TRANSPORTE. AF_09/2024","M3",236.54,1.23E-2]
["Aterros, Bases, Sub bases e Imprimações",96397,"CONSTRUÇÃO DE BASE E SUB-BASE PARA PAVIMENTAÇÃO DE BRITA GRADUADA SIMPLES TRATADA COM CIMENTO, COM ESPESSURA DE 15 CM - EXCLUSIVE CARGA E TRANSPORTE. AF_09/2024","M3",232.55,1.2200000000000001E-2]
["Aterros, Bases, Sub bases e Imprimações",105735,"CONSTRUÇÃO DE BASE E SUB-BASE PARA PAVIMENTAÇÃO DE BRITA GRADUADA SIMPLES TRATADA COM CIMENTO, COM ESPESSURA DE 20 CM - EXCLUSIVE CARGA E TRANSPORTE. AF_09/2024","M3",230.53,1.21E-2]
["Aterros, Bases, Sub bases e Imprimações",105727,"CONSTRUÇÃO DE BASE E SUB-BASE PARA PAVIMENTAÇÃO DE BRITA GRADUADA SIMPLES, COM ESPESSURA DE 10 CM - EXCLUSIVE CARGA E TRANSPORTE. AF_09/2024","M3",175.49,1.6400000000000001E-2]
["Aterros, Bases, Sub bases e Imprimações",96396,"CONSTRUÇÃO DE BASE E SUB-BASE PARA PAVIMENTAÇÃO DE BRITA GRADUADA SIMPLES, COM ESPESSURA DE 15 CM - EXCLUSIVE CARGA E TRANSPORTE. AF_09/2024","M3",172.39,1.6400000000000001E-2]
["Aterros, Bases, Sub bases e Imprimações",105730,"CONSTRUÇÃO DE BASE E SUB-BASE PARA PAVIMENTAÇÃO DE BRITA GRADUADA SIMPLES, COM ESPESSURA DE 20 CM - EXCLUSIVE CARGA E TRANSPORTE. AF_09/2024","M3",170.84,1.6400000000000001E-2]
["Aterros, Bases, Sub bases e Imprimações",105737,"CONSTRUÇÃO DE BASE E SUB-BASE PARA PAVIMENTAÇÃO DE CONCRETO COMPACTADO COM ROLO, COM ESPESSURA DE 10 CM - EXCLUSIVE CARGA E TRANSPORTE. AF_09/2024","M3",315.08,8.2000000000000007E-3]
["Aterros, Bases, Sub bases e Imprimações",96398,"CONSTRUÇÃO DE BASE E SUB-BASE PARA PAVIMENTAÇÃO DE CONCRETO COMPACTADO COM ROLO, COM ESPESSURA DE 15 CM - EXCLUSIVE CARGA E TRANSPORTE. AF_09/2024","M3",312.06,8.0999999999999996E-3]
["Aterros, Bases, Sub bases e Imprimações",105740,"CONSTRUÇÃO DE BASE E SUB-BASE PARA PAVIMENTAÇÃO DE CONCRETO COMPACTADO COM ROLO, COM ESPESSURA DE 20 CM - EXCLUSIVE CARGA E TRANSPORTE. AF_09/2024","M3",310.47000000000003,8.0999999999999996E-3]
["Aterros, Bases, Sub bases e Imprimações",105749,"CONSTRUÇÃO DE BASE E SUB-BASE PARA PAVIMENTAÇÃO DE MACADAME SECO, COM ESPESSURA DE 10 CM - EXCLUSIVE CARGA E TRANSPORTE. AF_09/2024","M3",158.41999999999999,0]
["Aterros, Bases, Sub bases e Imprimações",96400,"CONSTRUÇÃO DE BASE E SUB-BASE PARA PAVIMENTAÇÃO DE MACADAME SECO, COM ESPESSURA DE 15 CM - EXCLUSIVE CARGA E TRANSPORTE. AF_09/2024","M3",156.75,0]
["Aterros, Bases, Sub bases e Imprimações",105752,"CONSTRUÇÃO DE BASE E SUB-BASE PARA PAVIMENTAÇÃO DE MACADAME SECO, COM ESPESSURA DE 20 CM - EXCLUSIVE CARGA E TRANSPORTE. AF_09/2024","M3",155.29,0]
["Aterros, Bases, Sub bases e Imprimações",105754,"CONSTRUÇÃO DE BASE E SUB-BASE PARA PAVIMENTAÇÃO DE MACADAME SECO, COM ESPESSURA DE 25 CM - EXCLUSIVE CARGA E TRANSPORTE. AF_09/2024","M3",153.88999999999999,0]
["Aterros, Bases, Sub bases e Imprimações",105742,"CONSTRUÇÃO DE BASE E SUB-BASE PARA PAVIMENTAÇÃO DE RACHÃO, COM ESPESSURA DE 30 CM - EXCLUSIVE CARGA E TRANSPORTE. AF_09/2024","M3",120.73,0]
["Aterros, Bases, Sub bases e Imprimações",96399,"CONSTRUÇÃO DE BASE E SUB-BASE PARA PAVIMENTAÇÃO DE RACHÃO, COM ESPESSURA DE 40 CM - EXCLUSIVE CARGA E TRANSPORTE. AF_09/2024","M3",119.27,0]
["Aterros, Bases, Sub bases e Imprimações",105745,"CONSTRUÇÃO DE BASE E SUB-BASE PARA PAVIMENTAÇÃO DE RACHÃO, COM ESPESSURA DE 50 CM - EXCLUSIVE CARGA E TRANSPORTE. AF_09/2024","M3",117.8,0]
["Aterros, Bases, Sub bases e Imprimações",105747,"CONSTRUÇÃO DE BASE E SUB-BASE PARA PAVIMENTAÇÃO DE RACHÃO, COM ESPESSURA DE 60 CM - EXCLUSIVE CARGA E TRANSPORTE. AF_09/2024","M3",116.32,0]
["Aterros, Bases, Sub bases e Imprimações",105657,"CONSTRUÇÃO DE BASE E SUB-BASE PARA PAVIMENTAÇÃO DE SOLO (PREDOMINANTEMENTE ARENOSO) BRITA - 40%-60% COM CIMENTO - 4%, MISTURA EM PISTA, COM ESPESSURA DE 10 CM - EXCLUSIVE ESCAVAÇÃO, CARGA E TRANSPORTE E SOLO. AF_09/2024","M3",173.44,9.1999999999999998E-3]
["Aterros, Bases, Sub bases e Imprimações",100566,"CONSTRUÇÃO DE BASE E SUB-BASE PARA PAVIMENTAÇÃO DE SOLO (PREDOMINANTEMENTE ARENOSO) BRITA - 40%-60% COM CIMENTO - 4%, MISTURA EM PISTA, COM ESPESSURA DE 15 CM - EXCLUSIVE ESCAVAÇÃO, CARGA E TRANSPORTE E SOLO. AF_09/2024","M3",166.95,7.4000000000000003E-3]
["Aterros, Bases, Sub bases e Imprimações",105666,"CONSTRUÇÃO DE BASE E SUB-BASE PARA PAVIMENTAÇÃO DE SOLO (PREDOMINANTEMENTE ARENOSO) BRITA - 40%-60% COM CIMENTO - 4%, MISTURA EM PISTA, COM ESPESSURA DE 20 CM - EXCLUSIVE ESCAVAÇÃO, CARGA E TRANSPORTE E SOLO. AF_09/2024","M3",163.66,6.4999999999999997E-3]
["Aterros, Bases, Sub bases e Imprimações",105639,"CONSTRUÇÃO DE BASE E SUB-BASE PARA PAVIMENTAÇÃO DE SOLO (PREDOMINANTEMENTE ARENOSO) BRITA - 40%-60% COM CIMENTO - 4%, MISTURA EM USINA, COM ESPESSURA DE 10 CM - EXCLUSIVE CARGA E TRANSPORTE. AF_09/2024","M3",0]
["Aterros, Bases, Sub bases e Imprimações",105645,"CONSTRUÇÃO DE BASE E SUB-BASE PARA PAVIMENTAÇÃO DE SOLO (PREDOMINANTEMENTE ARENOSO) BRITA - 40%-60% COM CIMENTO - 4%, MISTURA EM USINA, COM ESPESSURA DE 15 CM - EXCLUSIVE CARGA E TRANSPORTE. AF_09/2024","M3",0]
["Aterros, Bases, Sub bases e Imprimações",105651,"CONSTRUÇÃO DE BASE E SUB-BASE PARA PAVIMENTAÇÃO DE SOLO (PREDOMINANTEMENTE ARENOSO) BRITA - 40%-60% COM CIMENTO - 4%, MISTURA EM USINA, COM ESPESSURA DE 20 CM - EXCLUSIVE CARGA E TRANSPORTE. AF_09/2024","M3",0]
["Aterros, Bases, Sub bases e Imprimações",105658,"CONSTRUÇÃO DE BASE E SUB-BASE PARA PAVIMENTAÇÃO DE SOLO (PREDOMINANTEMENTE ARENOSO) BRITA - 40%-60% COM CIMENTO - 6%, MISTURA EM PISTA, COM ESPESSURA DE 10 CM - EXCLUSIVE ESCAVAÇÃO, CARGA E TRANSPORTE E SOLO. AF_09/2024","M3",202.33,7.9000000000000008E-3]
["Aterros, Bases, Sub bases e Imprimações",100567,"CONSTRUÇÃO DE BASE E SUB-BASE PARA PAVIMENTAÇÃO DE SOLO (PREDOMINANTEMENTE ARENOSO) BRITA - 40%-60% COM CIMENTO - 6%, MISTURA EM PISTA, COM ESPESSURA DE 15 CM - EXCLUSIVE ESCAVAÇÃO, CARGA E TRANSPORTE E SOLO. AF_09/2024","M3",195.84,6.3E-3]
["Aterros, Bases, Sub bases e Imprimações",105667,"CONSTRUÇÃO DE BASE E SUB-BASE PARA PAVIMENTAÇÃO DE SOLO (PREDOMINANTEMENTE ARENOSO) BRITA - 40%-60% COM CIMENTO - 6%, MISTURA EM PISTA, COM ESPESSURA DE 20 CM - EXCLUSIVE ESCAVAÇÃO, CARGA E TRANSPORTE E SOLO. AF_09/2024","M3",192.55,5.4999999999999997E-3]
["Aterros, Bases, Sub bases e Imprimações",105640,"CONSTRUÇÃO DE BASE E SUB-BASE PARA PAVIMENTAÇÃO DE SOLO (PREDOMINANTEMENTE ARENOSO) BRITA - 40%-60% COM CIMENTO - 6%, MISTURA EM USINA, COM ESPESSURA DE 10 CM - EXCLUSIVE CARGA E TRANSPORTE. AF_09/2024","M3",0]
["Aterros, Bases, Sub bases e Imprimações",105646,"CONSTRUÇÃO DE BASE E SUB-BASE PARA PAVIMENTAÇÃO DE SOLO (PREDOMINANTEMENTE ARENOSO) BRITA - 40%-60% COM CIMENTO - 6%, MISTURA EM USINA, COM ESPESSURA DE 15 CM - EXCLUSIVE CARGA E TRANSPORTE. AF_09/2024","M3",0]
["Aterros, Bases, Sub bases e Imprimações",105652,"CONSTRUÇÃO DE BASE E SUB-BASE PARA PAVIMENTAÇÃO DE SOLO (PREDOMINANTEMENTE ARENOSO) BRITA - 40%-60% COM CIMENTO - 6%, MISTURA EM USINA, COM ESPESSURA DE 20 CM - EXCLUSIVE CARGA E TRANSPORTE. AF_09/2024","M3",0]
["Aterros, Bases, Sub bases e Imprimações",105659,"CONSTRUÇÃO DE BASE E SUB-BASE PARA PAVIMENTAÇÃO DE SOLO (PREDOMINANTEMENTE ARENOSO) BRITA - 40%-60% COM CIMENTO - 8%, MISTURA EM PISTA, COM ESPESSURA DE 10 CM - EXCLUSIVE ESCAVAÇÃO, CARGA E TRANSPORTE E SOLO. AF_09/2024","M3",230.82,6.8999999999999999E-3]
["Aterros, Bases, Sub bases e Imprimações",100568,"CONSTRUÇÃO DE BASE E SUB-BASE PARA PAVIMENTAÇÃO DE SOLO (PREDOMINANTEMENTE ARENOSO) BRITA - 40%-60% COM CIMENTO - 8%, MISTURA EM PISTA, COM ESPESSURA DE 15 CM - EXCLUSIVE ESCAVAÇÃO, CARGA E TRANSPORTE E SOLO. AF_09/2024","M3",224.33,5.4999999999999997E-3]
["Aterros, Bases, Sub bases e Imprimações",105668,"CONSTRUÇÃO DE BASE E SUB-BASE PARA PAVIMENTAÇÃO DE SOLO (PREDOMINANTEMENTE ARENOSO) BRITA - 40%-60% COM CIMENTO - 8%, MISTURA EM PISTA, COM ESPESSURA DE 20 CM - EXCLUSIVE ESCAVAÇÃO, CARGA E TRANSPORTE E SOLO. AF_09/2024","M3",221.04,4.7999999999999996E-3]
["Aterros, Bases, Sub bases e Imprimações",105641,"CONSTRUÇÃO DE BASE E SUB-BASE PARA PAVIMENTAÇÃO DE SOLO (PREDOMINANTEMENTE ARENOSO) BRITA - 40%-60% COM CIMENTO - 8%, MISTURA EM USINA, COM ESPESSURA DE 10 CM - EXCLUSIVE CARGA E TRANSPORTE. AF_09/2024","M3",0]
["Aterros, Bases, Sub bases e Imprimações",105647,"CONSTRUÇÃO DE BASE E SUB-BASE PARA PAVIMENTAÇÃO DE SOLO (PREDOMINANTEMENTE ARENOSO) BRITA - 40%-60% COM CIMENTO - 8%, MISTURA EM USINA, COM ESPESSURA DE 15 CM - EXCLUSIVE CARGA E TRANSPORTE. AF_09/2024","M3",0]
["Aterros, Bases, Sub bases e Imprimações",105653,"CONSTRUÇÃO DE BASE E SUB-BASE PARA PAVIMENTAÇÃO DE SOLO (PREDOMINANTEMENTE ARENOSO) BRITA - 40%-60% COM CIMENTO - 8%, MISTURA EM USINA, COM ESPESSURA DE 20 CM - EXCLUSIVE CARGA E TRANSPORTE. AF_09/2024","M3",0]
["Aterros, Bases, Sub bases e Imprimações",105710,"CONSTRUÇÃO DE BASE E SUB-BASE PARA PAVIMENTAÇÃO DE SOLO (PREDOMINANTEMENTE ARENOSO) BRITA - 40%-60%, MISTURA EM PISTA, COM ESPESSURA DE 10 CM - EXCLUSIVE ESCAVAÇÃO, CARGA E TRANSPORTE E SOLO. AF_09/2024","M3",111.74,1.44E-2]
["Aterros, Bases, Sub bases e Imprimações",100564,"CONSTRUÇÃO DE BASE E SUB-BASE PARA PAVIMENTAÇÃO DE SOLO (PREDOMINANTEMENTE ARENOSO) BRITA - 40%-60%, MISTURA EM PISTA, COM ESPESSURA DE 15 CM - EXCLUSIVE ESCAVAÇÃO, CARGA E TRANSPORTE E SOLO. AF_09/2024","M3",105.25,1.1900000000000001E-2]
["Aterros, Bases, Sub bases e Imprimações",105711,"CONSTRUÇÃO DE BASE E SUB-BASE PARA PAVIMENTAÇÃO DE SOLO (PREDOMINANTEMENTE ARENOSO) BRITA - 40%-60%, MISTURA EM PISTA, COM ESPESSURA DE 20 CM - EXCLUSIVE ESCAVAÇÃO, CARGA E TRANSPORTE E SOLO. AF_09/2024","M3",101.96,1.0500000000000001E-2]
["Aterros, Bases, Sub bases e Imprimações",105705,"CONSTRUÇÃO DE BASE E SUB-BASE PARA PAVIMENTAÇÃO DE SOLO (PREDOMINANTEMENTE ARENOSO) BRITA - 40%-60%, MISTURA EM USINA, COM ESPESSURA DE 10 CM - EXCLUSIVE CARGA E TRANSPORTE. AF_09/2024","M3",0]
["Aterros, Bases, Sub bases e Imprimações",105706,"CONSTRUÇÃO DE BASE E SUB-BASE PARA PAVIMENTAÇÃO DE SOLO (PREDOMINANTEMENTE ARENOSO) BRITA - 40%-60%, MISTURA EM USINA, COM ESPESSURA DE 15 CM - EXCLUSIVE CARGA E TRANSPORTE. AF_09/2024","M3",0]
["Aterros, Bases, Sub bases e Imprimações",105708,"CONSTRUÇÃO DE BASE E SUB-BASE PARA PAVIMENTAÇÃO DE SOLO (PREDOMINANTEMENTE ARENOSO) BRITA - 40%-60%, MISTURA EM USINA, COM ESPESSURA DE 20 CM - EXCLUSIVE CARGA E TRANSPORTE. AF_09/2024","M3",0]
["Aterros, Bases, Sub bases e Imprimações",105690,"CONSTRUÇÃO DE BASE E SUB-BASE PARA PAVIMENTAÇÃO DE SOLO (PREDOMINANTEMENTE ARENOSO) BRITA - 50%-50% COM CIMENTO - 4%, MISTURA EM PISTA, COM ESPESSURA DE 10 CM - EXCLUSIVE ESCAVAÇÃO, CARGA E TRANSPORTE E SOLO. AF_09/2024","M3",160.15,0.01]
["Aterros, Bases, Sub bases e Imprimações",100569,"CONSTRUÇÃO DE BASE E SUB-BASE PARA PAVIMENTAÇÃO DE SOLO (PREDOMINANTEMENTE ARENOSO) BRITA - 50%-50% COM CIMENTO - 4%, MISTURA EM PISTA, COM ESPESSURA DE 15 CM - EXCLUSIVE ESCAVAÇÃO, CARGA E TRANSPORTE E SOLO. AF_09/2024","M3",153.66,8.0999999999999996E-3]
["Aterros, Bases, Sub bases e Imprimações",105699,"CONSTRUÇÃO DE BASE E SUB-BASE PARA PAVIMENTAÇÃO DE SOLO (PREDOMINANTEMENTE ARENOSO) BRITA - 50%-50% COM CIMENTO - 4%, MISTURA EM PISTA, COM ESPESSURA DE 20 CM - EXCLUSIVE ESCAVAÇÃO, CARGA E TRANSPORTE E SOLO. AF_09/2024","M3",150.37,7.0000000000000001E-3]
["Aterros, Bases, Sub bases e Imprimações",105672,"CONSTRUÇÃO DE BASE E SUB-BASE PARA PAVIMENTAÇÃO DE SOLO (PREDOMINANTEMENTE ARENOSO) BRITA - 50%-50% COM CIMENTO - 4%, MISTURA EM USINA, COM ESPESSURA DE 10 CM - EXCLUSIVE CARGA E TRANSPORTE. AF_09/2024","M3",0]
["Aterros, Bases, Sub bases e Imprimações",105678,"CONSTRUÇÃO DE BASE E SUB-BASE PARA PAVIMENTAÇÃO DE SOLO (PREDOMINANTEMENTE ARENOSO) BRITA - 50%-50% COM CIMENTO - 4%, MISTURA EM USINA, COM ESPESSURA DE 15 CM - EXCLUSIVE CARGA E TRANSPORTE. AF_09/2024","M3",0]
["Aterros, Bases, Sub bases e Imprimações",105684,"CONSTRUÇÃO DE BASE E SUB-BASE PARA PAVIMENTAÇÃO DE SOLO (PREDOMINANTEMENTE ARENOSO) BRITA - 50%-50% COM CIMENTO - 4%, MISTURA EM USINA, COM ESPESSURA DE 20 CM - EXCLUSIVE CARGA E TRANSPORTE. AF_09/2024","M3",0]
["Aterros, Bases, Sub bases e Imprimações",105691,"CONSTRUÇÃO DE BASE E SUB-BASE PARA PAVIMENTAÇÃO DE SOLO (PREDOMINANTEMENTE ARENOSO) BRITA - 50%-50% COM CIMENTO - 6%, MISTURA EM PISTA, COM ESPESSURA DE 10 CM - EXCLUSIVE ESCAVAÇÃO, CARGA E TRANSPORTE E SOLO. AF_09/2024","M3",189.32,8.5000000000000006E-3]
["Aterros, Bases, Sub bases e Imprimações",100570,"CONSTRUÇÃO DE BASE E SUB-BASE PARA PAVIMENTAÇÃO DE SOLO (PREDOMINANTEMENTE ARENOSO) BRITA - 50%-50% COM CIMENTO - 6%, MISTURA EM PISTA, COM ESPESSURA DE 15 CM - EXCLUSIVE ESCAVAÇÃO, CARGA E TRANSPORTE E SOLO. AF_09/2024","M3",182.83,6.7999999999999996E-3]
["Aterros, Bases, Sub bases e Imprimações",105700,"CONSTRUÇÃO DE BASE E SUB-BASE PARA PAVIMENTAÇÃO DE SOLO (PREDOMINANTEMENTE ARENOSO) BRITA - 50%-50% COM CIMENTO - 6%, MISTURA EM PISTA, COM ESPESSURA DE 20 CM - EXCLUSIVE ESCAVAÇÃO, CARGA E TRANSPORTE E SOLO. AF_09/2024","M3",179.54,5.8999999999999999E-3]
["Aterros, Bases, Sub bases e Imprimações",105673,"CONSTRUÇÃO DE BASE E SUB-BASE PARA PAVIMENTAÇÃO DE SOLO (PREDOMINANTEMENTE ARENOSO) BRITA - 50%-50% COM CIMENTO - 6%, MISTURA EM USINA, COM ESPESSURA DE 10 CM - EXCLUSIVE CARGA E TRANSPORTE. AF_09/2024","M3",0]
["Aterros, Bases, Sub bases e Imprimações",105679,"CONSTRUÇÃO DE BASE E SUB-BASE PARA PAVIMENTAÇÃO DE SOLO (PREDOMINANTEMENTE ARENOSO) BRITA - 50%-50% COM CIMENTO - 6%, MISTURA EM USINA, COM ESPESSURA DE 15 CM - EXCLUSIVE CARGA E TRANSPORTE. AF_09/2024","M3",0]
["Aterros, Bases, Sub bases e Imprimações",105685,"CONSTRUÇÃO DE BASE E SUB-BASE PARA PAVIMENTAÇÃO DE SOLO (PREDOMINANTEMENTE ARENOSO) BRITA - 50%-50% COM CIMENTO - 6%, MISTURA EM USINA, COM ESPESSURA DE 20 CM - EXCLUSIVE CARGA E TRANSPORTE. AF_09/2024","M3",0]
["Aterros, Bases, Sub bases e Imprimações",105692,"CONSTRUÇÃO DE BASE E SUB-BASE PARA PAVIMENTAÇÃO DE SOLO (PREDOMINANTEMENTE ARENOSO) BRITA - 50%-50% COM CIMENTO - 8%, MISTURA EM PISTA, COM ESPESSURA DE 10 CM - EXCLUSIVE ESCAVAÇÃO, CARGA E TRANSPORTE E SOLO. AF_09/2024","M3",218.09,7.3000000000000001E-3]
["Aterros, Bases, Sub bases e Imprimações",100571,"CONSTRUÇÃO DE BASE E SUB-BASE PARA PAVIMENTAÇÃO DE SOLO (PREDOMINANTEMENTE ARENOSO) BRITA - 50%-50% COM CIMENTO - 8%, MISTURA EM PISTA, COM ESPESSURA DE 15 CM - EXCLUSIVE ESCAVAÇÃO, CARGA E TRANSPORTE E SOLO. AF_09/2024","M3",211.6,5.8999999999999999E-3]
["Aterros, Bases, Sub bases e Imprimações",105701,"CONSTRUÇÃO DE BASE E SUB-BASE PARA PAVIMENTAÇÃO DE SOLO (PREDOMINANTEMENTE ARENOSO) BRITA - 50%-50% COM CIMENTO - 8%, MISTURA EM PISTA, COM ESPESSURA DE 20 CM - EXCLUSIVE ESCAVAÇÃO, CARGA E TRANSPORTE E SOLO. AF_09/2024","M3",208.31,5.1000000000000004E-3]
["Aterros, Bases, Sub bases e Imprimações",105674,"CONSTRUÇÃO DE BASE E SUB-BASE PARA PAVIMENTAÇÃO DE SOLO (PREDOMINANTEMENTE ARENOSO) BRITA - 50%-50% COM CIMENTO - 8%, MISTURA EM USINA, COM ESPESSURA DE 10 CM - EXCLUSIVE CARGA E TRANSPORTE. AF_09/2024","M3",0]
["Aterros, Bases, Sub bases e Imprimações",105680,"CONSTRUÇÃO DE BASE E SUB-BASE PARA PAVIMENTAÇÃO DE SOLO (PREDOMINANTEMENTE ARENOSO) BRITA - 50%-50% COM CIMENTO - 8%, MISTURA EM USINA, COM ESPESSURA DE 15 CM - EXCLUSIVE CARGA E TRANSPORTE. AF_09/2024","M3",0]
["Aterros, Bases, Sub bases e Imprimações",105686,"CONSTRUÇÃO DE BASE E SUB-BASE PARA PAVIMENTAÇÃO DE SOLO (PREDOMINANTEMENTE ARENOSO) BRITA - 50%-50% COM CIMENTO - 8%, MISTURA EM USINA, COM ESPESSURA DE 20 CM - EXCLUSIVE CARGA E TRANSPORTE. AF_09/2024","M3",0]
["Aterros, Bases, Sub bases e Imprimações",105718,"CONSTRUÇÃO DE BASE E SUB-BASE PARA PAVIMENTAÇÃO DE SOLO (PREDOMINANTEMENTE ARENOSO) BRITA - 50%-50%, MISTURA EM PISTA, COM ESPESSURA DE 10 CM - EXCLUSIVE ESCAVAÇÃO, CARGA E TRANSPORTE E SOLO. AF_09/2024","M3",97.9,1.6400000000000001E-2]
["Aterros, Bases, Sub bases e Imprimações",100565,"CONSTRUÇÃO DE BASE E SUB-BASE PARA PAVIMENTAÇÃO DE SOLO (PREDOMINANTEMENTE ARENOSO) BRITA - 50%-50%, MISTURA EM PISTA, COM ESPESSURA DE 15 CM - EXCLUSIVE ESCAVAÇÃO, CARGA E TRANSPORTE E SOLO. AF_09/2024","M3",91.41,1.37E-2]
["Aterros, Bases, Sub bases e Imprimações",105581,"CONSTRUÇÃO DE BASE E SUB-BASE PARA PAVIMENTAÇÃO DE SOLO (PREDOMINANTEMENTE ARENOSO) BRITA - 50%-50%, MISTURA EM PISTA, COM ESPESSURA DE 20 CM - EXCLUSIVE ESCAVAÇÃO, CARGA E TRANSPORTE E SOLO. AF_09/2024","M3",88.12,1.21E-2]
["Aterros, Bases, Sub bases e Imprimações",105713,"CONSTRUÇÃO DE BASE E SUB-BASE PARA PAVIMENTAÇÃO DE SOLO (PREDOMINANTEMENTE ARENOSO) BRITA - 50%-50%, MISTURA EM USINA, COM ESPESSURA DE 10 CM - EXCLUSIVE CARGA E TRANSPORTE. AF_09/2024","M3",0]
["Aterros, Bases, Sub bases e Imprimações",105714,"CONSTRUÇÃO DE BASE E SUB-BASE PARA PAVIMENTAÇÃO DE SOLO (PREDOMINANTEMENTE ARENOSO) BRITA - 50%-50%, MISTURA EM USINA, COM ESPESSURA DE 15 CM - EXCLUSIVE CARGA E TRANSPORTE. AF_09/2024","M3",0]
["Aterros, Bases, Sub bases e Imprimações",105716,"CONSTRUÇÃO DE BASE E SUB-BASE PARA PAVIMENTAÇÃO DE SOLO (PREDOMINANTEMENTE ARENOSO) BRITA - 50%-50%, MISTURA EM USINA, COM ESPESSURA DE 20 CM - EXCLUSIVE CARGA E TRANSPORTE. AF_09/2024","M3",0]
["Aterros, Bases, Sub bases e Imprimações",105624,"CONSTRUÇÃO DE BASE E SUB-BASE PARA PAVIMENTAÇÃO DE SOLO (PREDOMINANTEMENTE ARENOSO) COM CIMENTO - 6%, MISTURA EM PISTA, COM ESPESSURA DE 10 CM - EXCLUSIVE ESCAVAÇÃO, CARGA E TRANSPORTE E SOLO. AF_09/2024","M3",113.35,8.3999999999999995E-3]
["Aterros, Bases, Sub bases e Imprimações",96391,"CONSTRUÇÃO DE BASE E SUB-BASE PARA PAVIMENTAÇÃO DE SOLO (PREDOMINANTEMENTE ARENOSO) COM CIMENTO - 6%, MISTURA EM PISTA, COM ESPESSURA DE 15 CM - EXCLUSIVE ESCAVAÇÃO, CARGA E TRANSPORTE E SOLO. AF_09/2024","M3",108.12,6.1000000000000004E-3]
["Aterros, Bases, Sub bases e Imprimações",105632,"CONSTRUÇÃO DE BASE E SUB-BASE PARA PAVIMENTAÇÃO DE SOLO (PREDOMINANTEMENTE ARENOSO) COM CIMENTO - 6%, MISTURA EM PISTA, COM ESPESSURA DE 20 CM - EXCLUSIVE ESCAVAÇÃO, CARGA E TRANSPORTE E SOLO. AF_09/2024","M3",107.27,6.0000000000000001E-3]
["Aterros, Bases, Sub bases e Imprimações",105601,"CONSTRUÇÃO DE BASE E SUB-BASE PARA PAVIMENTAÇÃO DE SOLO (PREDOMINANTEMENTE ARENOSO) COM CIMENTO - 6%, MISTURA EM USINA, COM ESPESSURA DE 10 CM - EXCLUSIVE CARGA E TRANSPORTE. AF_09/2024","M3",0]
["Aterros, Bases, Sub bases e Imprimações",105609,"CONSTRUÇÃO DE BASE E SUB-BASE PARA PAVIMENTAÇÃO DE SOLO (PREDOMINANTEMENTE ARENOSO) COM CIMENTO - 6%, MISTURA EM USINA, COM ESPESSURA DE 15 CM - EXCLUSIVE CARGA E TRANSPORTE. AF_09/2024","M3",0]
["Aterros, Bases, Sub bases e Imprimações",105617,"CONSTRUÇÃO DE BASE E SUB-BASE PARA PAVIMENTAÇÃO DE SOLO (PREDOMINANTEMENTE ARENOSO) COM CIMENTO - 6%, MISTURA EM USINA, COM ESPESSURA DE 20 CM - EXCLUSIVE CARGA E TRANSPORTE. AF_09/2024","M3",0]
["Aterros, Bases, Sub bases e Imprimações",105625,"CONSTRUÇÃO DE BASE E SUB-BASE PARA PAVIMENTAÇÃO DE SOLO (PREDOMINANTEMENTE ARENOSO) COM CIMENTO - 8%, MISTURA EM PISTA, COM ESPESSURA DE 10 CM - EXCLUSIVE ESCAVAÇÃO, CARGA E TRANSPORTE E SOLO. AF_09/2024","M3",143.5,6.6E-3]
["Aterros, Bases, Sub bases e Imprimações",96392,"CONSTRUÇÃO DE BASE E SUB-BASE PARA PAVIMENTAÇÃO DE SOLO (PREDOMINANTEMENTE ARENOSO) COM CIMENTO - 8%, MISTURA EM PISTA, COM ESPESSURA DE 15 CM - EXCLUSIVE ESCAVAÇÃO, CARGA E TRANSPORTE E SOLO. AF_09/2024","M3",138.27000000000001,4.7999999999999996E-3]
["Aterros, Bases, Sub bases e Imprimações",105633,"CONSTRUÇÃO DE BASE E SUB-BASE PARA PAVIMENTAÇÃO DE SOLO (PREDOMINANTEMENTE ARENOSO) COM CIMENTO - 8%, MISTURA EM PISTA, COM ESPESSURA DE 20 CM - EXCLUSIVE ESCAVAÇÃO, CARGA E TRANSPORTE E SOLO. AF_09/2024","M3",137.41999999999999,4.7000000000000002E-3]
["Aterros, Bases, Sub bases e Imprimações",105602,"CONSTRUÇÃO DE BASE E SUB-BASE PARA PAVIMENTAÇÃO DE SOLO (PREDOMINANTEMENTE ARENOSO) COM CIMENTO - 8%, MISTURA EM USINA, COM ESPESSURA DE 10 CM - EXCLUSIVE CARGA E TRANSPORTE. AF_09/2024","M3",0]
["Aterros, Bases, Sub bases e Imprimações",105610,"CONSTRUÇÃO DE BASE E SUB-BASE PARA PAVIMENTAÇÃO DE SOLO (PREDOMINANTEMENTE ARENOSO) COM CIMENTO - 8%, MISTURA EM USINA, COM ESPESSURA DE 15 CM - EXCLUSIVE CARGA E TRANSPORTE. AF_09/2024","M3",0]
["Aterros, Bases, Sub bases e Imprimações",105618,"CONSTRUÇÃO DE BASE E SUB-BASE PARA PAVIMENTAÇÃO DE SOLO (PREDOMINANTEMENTE ARENOSO) COM CIMENTO - 8%, MISTURA EM USINA, COM ESPESSURA DE 20 CM - EXCLUSIVE CARGA E TRANSPORTE. AF_09/2024","M3",0]
["Aterros, Bases, Sub bases e Imprimações",105571,"CONSTRUÇÃO DE BASE E SUB-BASE PARA PAVIMENTAÇÃO DE SOLO (PREDOMINANTEMENTE ARENOSO) MELHORADO COM CIMENTO - 2%, MISTURA EM PISTA, COM ESPESSURA DE 10 CM - EXCLUSIVE ESCAVAÇÃO, CARGA E TRANSPORTE E SOLO. AF_09/2024","M3",51.41,1.8499999999999999E-2]
["Aterros, Bases, Sub bases e Imprimações",96389,"CONSTRUÇÃO DE BASE E SUB-BASE PARA PAVIMENTAÇÃO DE SOLO (PREDOMINANTEMENTE ARENOSO) MELHORADO COM CIMENTO - 2%, MISTURA EM PISTA, COM ESPESSURA DE 15 CM - EXCLUSIVE ESCAVAÇÃO, CARGA E TRANSPORTE E SOLO. AF_09/2024","M3",46.18,1.43E-2]
["Aterros, Bases, Sub bases e Imprimações",105575,"CONSTRUÇÃO DE BASE E SUB-BASE PARA PAVIMENTAÇÃO DE SOLO (PREDOMINANTEMENTE ARENOSO) MELHORADO COM CIMENTO - 2%, MISTURA EM PISTA, COM ESPESSURA DE 20 CM - EXCLUSIVE ESCAVAÇÃO, CARGA E TRANSPORTE E SOLO. AF_09/2024","M3",45.33,1.41E-2]
["Aterros, Bases, Sub bases e Imprimações",105599,"CONSTRUÇÃO DE BASE E SUB-BASE PARA PAVIMENTAÇÃO DE SOLO (PREDOMINANTEMENTE ARENOSO) MELHORADO COM CIMENTO - 2%, MISTURA EM USINA, COM ESPESSURA DE 10 CM - EXCLUSIVE CARGA E TRANSPORTE. AF_09/2024","M3",0]
["Aterros, Bases, Sub bases e Imprimações",105607,"CONSTRUÇÃO DE BASE E SUB-BASE PARA PAVIMENTAÇÃO DE SOLO (PREDOMINANTEMENTE ARENOSO) MELHORADO COM CIMENTO - 2%, MISTURA EM USINA, COM ESPESSURA DE 15 CM - EXCLUSIVE CARGA E TRANSPORTE. AF_09/2024","M3",0]
["Aterros, Bases, Sub bases e Imprimações",105615,"CONSTRUÇÃO DE BASE E SUB-BASE PARA PAVIMENTAÇÃO DE SOLO (PREDOMINANTEMENTE ARENOSO) MELHORADO COM CIMENTO - 2%, MISTURA EM USINA, COM ESPESSURA DE 20 CM - EXCLUSIVE CARGA E TRANSPORTE. AF_09/2024","M3",0]
["Aterros, Bases, Sub bases e Imprimações",105623,"CONSTRUÇÃO DE BASE E SUB-BASE PARA PAVIMENTAÇÃO DE SOLO (PREDOMINANTEMENTE ARENOSO) MELHORADO COM CIMENTO - 4%, MISTURA EM PISTA, COM ESPESSURA DE 10 CM - EXCLUSIVE ESCAVAÇÃO, CARGA E TRANSPORTE E SOLO. AF_09/2024","M3",82.8,1.15E-2]
["Aterros, Bases, Sub bases e Imprimações",96390,"CONSTRUÇÃO DE BASE E SUB-BASE PARA PAVIMENTAÇÃO DE SOLO (PREDOMINANTEMENTE ARENOSO) MELHORADO COM CIMENTO - 4%, MISTURA EM PISTA, COM ESPESSURA DE 15 CM - EXCLUSIVE ESCAVAÇÃO, CARGA E TRANSPORTE E SOLO. AF_09/2024","M3",77.569999999999993,8.5000000000000006E-3]
["Aterros, Bases, Sub bases e Imprimações",105631,"CONSTRUÇÃO DE BASE E SUB-BASE PARA PAVIMENTAÇÃO DE SOLO (PREDOMINANTEMENTE ARENOSO) MELHORADO COM CIMENTO - 4%, MISTURA EM PISTA, COM ESPESSURA DE 20 CM - EXCLUSIVE ESCAVAÇÃO, CARGA E TRANSPORTE E SOLO. AF_09/2024","M3",76.72,8.3000000000000001E-3]
["Aterros, Bases, Sub bases e Imprimações",105600,"CONSTRUÇÃO DE BASE E SUB-BASE PARA PAVIMENTAÇÃO DE SOLO (PREDOMINANTEMENTE ARENOSO) MELHORADO COM CIMENTO - 4%, MISTURA EM USINA, COM ESPESSURA DE 10 CM - EXCLUSIVE CARGA E TRANSPORTE. AF_09/2024","M3",0]
["Aterros, Bases, Sub bases e Imprimações",105608,"CONSTRUÇÃO DE BASE E SUB-BASE PARA PAVIMENTAÇÃO DE SOLO (PREDOMINANTEMENTE ARENOSO) MELHORADO COM CIMENTO - 4%, MISTURA EM USINA, COM ESPESSURA DE 15 CM - EXCLUSIVE CARGA E TRANSPORTE. AF_09/2024","M3",0]
["Aterros, Bases, Sub bases e Imprimações",105616,"CONSTRUÇÃO DE BASE E SUB-BASE PARA PAVIMENTAÇÃO DE SOLO (PREDOMINANTEMENTE ARENOSO) MELHORADO COM CIMENTO - 4%, MISTURA EM USINA, COM ESPESSURA DE 20 CM - EXCLUSIVE CARGA E TRANSPORTE. AF_09/2024","M3",0]
["Aterros, Bases, Sub bases e Imprimações",105585,"CONSTRUÇÃO DE BASE E SUB-BASE PARA PAVIMENTAÇÃO DE SOLO (PREDOMINANTEMENTE ARGILOSO) BRITA - 40%-60%, MISTURA EM PISTA, COM ESPESSURA DE 10 CM - EXCLUSIVE ESCAVAÇÃO, CARGA E TRANSPORTE E SOLO. AF_09/2024","M3",118.98,1.7100000000000001E-2]
["Aterros, Bases, Sub bases e Imprimações",100572,"CONSTRUÇÃO DE BASE E SUB-BASE PARA PAVIMENTAÇÃO DE SOLO (PREDOMINANTEMENTE ARGILOSO) BRITA - 40%-60%, MISTURA EM PISTA, COM ESPESSURA DE 15 CM - EXCLUSIVE ESCAVAÇÃO, CARGA E TRANSPORTE E SOLO. AF_09/2024","M3",110.07,1.4E-2]
["Aterros, Bases, Sub bases e Imprimações",105588,"CONSTRUÇÃO DE BASE E SUB-BASE PARA PAVIMENTAÇÃO DE SOLO (PREDOMINANTEMENTE ARGILOSO) BRITA - 40%-60%, MISTURA EM PISTA, COM ESPESSURA DE 20 CM - EXCLUSIVE ESCAVAÇÃO, CARGA E TRANSPORTE E SOLO. AF_09/2024","M3",109.18,1.37E-2]
["Aterros, Bases, Sub bases e Imprimações",105583,"CONSTRUÇÃO DE BASE E SUB-BASE PARA PAVIMENTAÇÃO DE SOLO (PREDOMINANTEMENTE ARGILOSO) BRITA - 40%-60%, MISTURA EM USINA, COM ESPESSURA DE 10 CM - EXCLUSIVE CARGA E TRANSPORTE. AF_09/2024","M3",0]
["Aterros, Bases, Sub bases e Imprimações",105719,"CONSTRUÇÃO DE BASE E SUB-BASE PARA PAVIMENTAÇÃO DE SOLO (PREDOMINANTEMENTE ARGILOSO) BRITA - 40%-60%, MISTURA EM USINA, COM ESPESSURA DE 15 CM - EXCLUSIVE CARGA E TRANSPORTE. AF_09/2024","M3",0]
["Aterros, Bases, Sub bases e Imprimações",105721,"CONSTRUÇÃO DE BASE E SUB-BASE PARA PAVIMENTAÇÃO DE SOLO (PREDOMINANTEMENTE ARGILOSO) BRITA - 40%-60%, MISTURA EM USINA, COM ESPESSURA DE 20 CM - EXCLUSIVE CARGA E TRANSPORTE. AF_09/2024","M3",0]
["Aterros, Bases, Sub bases e Imprimações",105592,"CONSTRUÇÃO DE BASE E SUB-BASE PARA PAVIMENTAÇÃO DE SOLO (PREDOMINANTEMENTE ARGILOSO) BRITA - 50%-50%, MISTURA EM PISTA, COM ESPESSURA DE 10 CM - EXCLUSIVE ESCAVAÇÃO, CARGA E TRANSPORTE E SOLO. AF_09/2024","M3",105.14,1.9400000000000001E-2]
["Aterros, Bases, Sub bases e Imprimações",100573,"CONSTRUÇÃO DE BASE E SUB-BASE PARA PAVIMENTAÇÃO DE SOLO (PREDOMINANTEMENTE ARGILOSO) BRITA - 50%-50%, MISTURA EM PISTA, COM ESPESSURA DE 15 CM - EXCLUSIVE ESCAVAÇÃO, CARGA E TRANSPORTE E SOLO. AF_09/2024","M3",96.23,1.6E-2]
["Aterros, Bases, Sub bases e Imprimações",105595,"CONSTRUÇÃO DE BASE E SUB-BASE PARA PAVIMENTAÇÃO DE SOLO (PREDOMINANTEMENTE ARGILOSO) BRITA - 50%-50%, MISTURA EM PISTA, COM ESPESSURA DE 20 CM - EXCLUSIVE ESCAVAÇÃO, CARGA E TRANSPORTE E SOLO. AF_09/2024","M3",95.34,1.5699999999999999E-2]
["Aterros, Bases, Sub bases e Imprimações",105590,"CONSTRUÇÃO DE BASE E SUB-BASE PARA PAVIMENTAÇÃO DE SOLO (PREDOMINANTEMENTE ARGILOSO) BRITA - 50%-50%, MISTURA EM USINA, COM ESPESSURA DE 10 CM - EXCLUSIVE CARGA E TRANSPORTE. AF_09/2024","M3",0]
["Aterros, Bases, Sub bases e Imprimações",105723,"CONSTRUÇÃO DE BASE E SUB-BASE PARA PAVIMENTAÇÃO DE SOLO (PREDOMINANTEMENTE ARGILOSO) BRITA - 50%-50%, MISTURA EM USINA, COM ESPESSURA DE 15 CM - EXCLUSIVE CARGA E TRANSPORTE. AF_09/2024","M3",0]
["Aterros, Bases, Sub bases e Imprimações",105725,"CONSTRUÇÃO DE BASE E SUB-BASE PARA PAVIMENTAÇÃO DE SOLO (PREDOMINANTEMENTE ARGILOSO) BRITA - 50%-50%, MISTURA EM USINA, COM ESPESSURA DE 20 CM - EXCLUSIVE CARGA E TRANSPORTE. AF_09/2024","M3",0]
["Aterros, Bases, Sub bases e Imprimações",105566,"CONSTRUÇÃO DE BASE E SUB-BASE PARA PAVIMENTAÇÃO DE SOLO DE COMPORTAMENTO LATERÍTICO (ARENOSO), COM ESPESSURA DE 10 CM - EXCLUSIVE ESCAVAÇÃO, CARGA E TRANSPORTE E SOLO. AF_09/2024","M3",10.220000000000001,1.5699999999999999E-2]
["Aterros, Bases, Sub bases e Imprimações",96388,"CONSTRUÇÃO DE BASE E SUB-BASE PARA PAVIMENTAÇÃO DE SOLO DE COMPORTAMENTO LATERÍTICO (ARENOSO), COM ESPESSURA DE 15 CM - EXCLUSIVE ESCAVAÇÃO, CARGA E TRANSPORTE E SOLO. AF_09/2024","M3",8.1999999999999993,1.5900000000000001E-2]
["Aterros, Bases, Sub bases e Imprimações",105569,"CONSTRUÇÃO DE BASE E SUB-BASE PARA PAVIMENTAÇÃO DE SOLO DE COMPORTAMENTO LATERÍTICO (ARENOSO), COM ESPESSURA DE 20 CM - EXCLUSIVE ESCAVAÇÃO, CARGA E TRANSPORTE E SOLO. AF_09/2024","M3",6.8,1.6199999999999999E-2]
["Aterros, Bases, Sub bases e Imprimações",101767,"CONSTRUÇÃO DE BASE E SUB-BASE PARA PAVIMENTAÇÃO DE SOLO ESTABILIZADO GRANULOMETRICAMENTE COM MISTURA DE SOLOS EM PISTA - EXCLUSIVE SOLO, ESCAVAÇÃO, CARGA E TRANSPORTE. AF_09/2024","M3",27.36,5.67E-2]
["Aterros, Bases, Sub bases e Imprimações",101768,"CONSTRUÇÃO DE BASE E SUB-BASE PARA PAVIMENTAÇÃO DE SOLO ESTABILIZADO GRANULOMETRICAMENTE SEM MISTURA DE SOLOS - EXCLUSIVE SOLO, ESCAVAÇÃO, CARGA E TRANSPORTE. AF_09/2024","M3",23.15,6.5699999999999995E-2]
["Aterros, Bases, Sub bases e Imprimações",100574,"ESPALHAMENTO DE MATERIAL COM TRATOR DE ESTEIRAS. AF_09/2024","M3",1.37,0.53280000000000005]
["Aterros, Bases, Sub bases e Imprimações",102470,"EXECUÇÃO DE IMPRIMAÇÃO COM ASFALTO DILUÍDO CM-30, PARA OBRAS DE CONSTRUÇÃO DE PAVIMENTOS. AF_09/2024","M2",0]
["Aterros, Bases, Sub bases e Imprimações",105756,"EXECUÇÃO DE IMPRIMAÇÃO COM ASFALTO DILUÍDO CM-30, PARA OBRAS DE RECONSTRUÇÃO DE PAVIMENTOS. AF_09/2024","M2",0]
["Aterros, Bases, Sub bases e Imprimações",104375,"EXECUÇÃO DE PINTURA DE LIGAÇÃO COM EMULSÃO ASFÁLTICA RR-2C, PARA OBRAS DE CONSTRUÇÃO DE PAVIMENTOS. AF_09/2024","M2",0]
["Aterros, Bases, Sub bases e Imprimações",105757,"EXECUÇÃO DE PINTURA DE LIGAÇÃO COM EMULSÃO ASFÁLTICA RR-2C, PARA OBRAS DE RECONSTRUÇÃO DE PAVIMENTOS. AF_09/2024","M2",0]
["Aterros, Bases, Sub bases e Imprimações",105562,"EXECUÇÃO E COMPACTAÇÃO DE CAMADA FINAL DE ATERRO (100% DE ENERGIA DO PROCTOR NORMAL) COM SOLO PREDOMINANTEMENTE ARENOSO, EM CAMADAS COM ESPESSURA DE 10 CM - EXCLUSIVE ESCAVAÇÃO, CARGA E TRANSPORTE E SOLO. AF_09/2024","M3",7.66,1.83E-2]
["Aterros, Bases, Sub bases e Imprimações",105563,"EXECUÇÃO E COMPACTAÇÃO DE CAMADA FINAL DE ATERRO (100% DE ENERGIA DO PROCTOR NORMAL) COM SOLO PREDOMINANTEMENTE ARENOSO, EM CAMADAS COM ESPESSURA DE 15 CM - EXCLUSIVE ESCAVAÇÃO, CARGA E TRANSPORTE E SOLO. AF_09/2024","M3",6.21,1.9300000000000001E-2]
["Aterros, Bases, Sub bases e Imprimações",105565,"EXECUÇÃO E COMPACTAÇÃO DE CAMADA FINAL DE ATERRO (100% DE ENERGIA DO PROCTOR NORMAL) COM SOLO PREDOMINANTEMENTE ARENOSO, EM CAMADAS COM ESPESSURA DE 20 CM - EXCLUSIVE ESCAVAÇÃO, CARGA E TRANSPORTE E SOLO. AF_09/2024","M3",5.75,1.9099999999999999E-2]
["Aterros, Bases, Sub bases e Imprimações",105557,"EXECUÇÃO E COMPACTAÇÃO DE CAMADA FINAL DE ATERRO (100% DE ENERGIA DO PROCTOR NORMAL) COM SOLO PREDOMINANTEMENTE ARGILOSO, EM CAMADAS COM ESPESSURA DE 10 CM - EXCLUSIVE ESCAVAÇÃO, CARGA E TRANSPORTE E SOLO. AF_09/2024","M3",14.68,2.18E-2]
["Aterros, Bases, Sub bases e Imprimações",105558,"EXECUÇÃO E COMPACTAÇÃO DE CAMADA FINAL DE ATERRO (100% DE ENERGIA DO PROCTOR NORMAL) COM SOLO PREDOMINANTEMENTE ARGILOSO, EM CAMADAS COM ESPESSURA DE 15 CM - EXCLUSIVE ESCAVAÇÃO, CARGA E TRANSPORTE E SOLO. AF_09/2024","M3",12.66,2.2100000000000002E-2]
["Aterros, Bases, Sub bases e Imprimações",105560,"EXECUÇÃO E COMPACTAÇÃO DE CAMADA FINAL DE ATERRO (100% DE ENERGIA DO PROCTOR NORMAL) COM SOLO PREDOMINANTEMENTE ARGILOSO, EM CAMADAS COM ESPESSURA DE 20 CM - EXCLUSIVE ESCAVAÇÃO, CARGA E TRANSPORTE E SOLO. AF_09/2024","M3",11.55,2.1600000000000001E-2]
["Aterros, Bases, Sub bases e Imprimações",96386,"EXECUÇÃO E COMPACTAÇÃO DE CORPO DE ATERRO (95% DE ENERGIA DO PROCTOR NORMAL) COM SOLO PREDOMINANTEMENTE ARENOSO ESPESSURA 15CM - EXCLUSIVE MATERIAL, ESCAVAÇÃO, CARGA E TRANSPORTE. AF_09/2024","M3",6.16,1.95E-2]
["Aterros, Bases, Sub bases e Imprimações",105564,"EXECUÇÃO E COMPACTAÇÃO DE CORPO DE ATERRO (95% DE ENERGIA DO PROCTOR NORMAL) COM SOLO PREDOMINANTEMENTE ARENOSO, EM CAMADAS COM ESPESSURA DE 20 CM - EXCLUSIVE ESCAVAÇÃO, CARGA E TRANSPORTE E SOLO. AF_09/2024","M3",5.71,1.9300000000000001E-2]
["Aterros, Bases, Sub bases e Imprimações",105561,"EXECUÇÃO E COMPACTAÇÃO DE CORPO DE ATERRO DE ATERRO (95% DE ENERGIA DO PROCTOR NORMAL) COM SOLO PREDOMINANTEMENTE ARENOSO, EM CAMADAS COM ESPESSURA DE 10 CM - EXCLUSIVE ESCAVAÇÃO, CARGA E TRANSPORTE E SOLO. AF_09/2024","M3",7.51,1.8599999999999998E-2]
["Aterros, Bases, Sub bases e Imprimações",96385,"EXECUÇÃO E COMPACTAÇÃO DE CORPO DE ATERRO DE ATERRO (95% DE ENERGIA DO PROCTOR NORMAL) COM SOLO PREDOMINANTEMENTE ARGILOSO ESPESSURA 15 CM - EXCLUSIVE MATERIAL, ESCAVAÇÃO, CARGA E TRANSPORTE. AF_09/2024","M3",11.45,2.18E-2]
["Aterros, Bases, Sub bases e Imprimações",105556,"EXECUÇÃO E COMPACTAÇÃO DE CORPO DE ATERRO DE ATERRO (95% DE ENERGIA DO PROCTOR NORMAL) COM SOLO PREDOMINANTEMENTE ARGILOSO, EM CAMADAS COM ESPESSURA DE 10 CM - EXCLUSIVE ESCAVAÇÃO, CARGA E TRANSPORTE E SOLO. AF_09/2024","M3",12.86,2.18E-2]
["Aterros, Bases, Sub bases e Imprimações",105559,"EXECUÇÃO E COMPACTAÇÃO DE CORPO DE ATERRO DE ATERRO (95% DE ENERGIA DO PROCTOR NORMAL) COM SOLO PREDOMINANTEMENTE ARGILOSO, EM CAMADAS COM ESPESSURA DE 20 CM - EXCLUSIVE ESCAVAÇÃO, CARGA E TRANSPORTE E SOLO. AF_09/2024","M3",9.7200000000000006,2.1600000000000001E-2]
["Aterros, Bases, Sub bases e Imprimações",105733,"RECONSTRUÇÃO DE BASE E SUB-BASE PARA PAVIMENTAÇÃO DE BRITA GRADUADA SIMPLES TRATADA COM CIMENTO, COM ESPESSURA DE 10 CM - EXCLUSIVE CARGA E TRANSPORTE. AF_09/2024","M3",243.36,1.2500000000000001E-2]
["Aterros, Bases, Sub bases e Imprimações",105734,"RECONSTRUÇÃO DE BASE E SUB-BASE PARA PAVIMENTAÇÃO DE BRITA GRADUADA SIMPLES TRATADA COM CIMENTO, COM ESPESSURA DE 15 CM - EXCLUSIVE CARGA E TRANSPORTE. AF_09/2024","M3",237.85,1.24E-2]
["Aterros, Bases, Sub bases e Imprimações",105736,"RECONSTRUÇÃO DE BASE E SUB-BASE PARA PAVIMENTAÇÃO DE BRITA GRADUADA SIMPLES TRATADA COM CIMENTO, COM ESPESSURA DE 20 CM - EXCLUSIVE CARGA E TRANSPORTE. AF_09/2024","M3",235.07,1.23E-2]
["Aterros, Bases, Sub bases e Imprimações",105728,"RECONSTRUÇÃO DE BASE E SUB-BASE PARA PAVIMENTAÇÃO DE BRITA GRADUADA SIMPLES, COM ESPESSURA DE 10 CM - EXCLUSIVE CARGA E TRANSPORTE. AF_09/2024","M3",181.16,1.6500000000000001E-2]
["Aterros, Bases, Sub bases e Imprimações",105729,"RECONSTRUÇÃO DE BASE E SUB-BASE PARA PAVIMENTAÇÃO DE BRITA GRADUADA SIMPLES, COM ESPESSURA DE 15 CM - EXCLUSIVE CARGA E TRANSPORTE. AF_09/2024","M3",176.94,1.6400000000000001E-2]
["Aterros, Bases, Sub bases e Imprimações",105731,"RECONSTRUÇÃO DE BASE E SUB-BASE PARA PAVIMENTAÇÃO DE BRITA GRADUADA SIMPLES, COM ESPESSURA DE 20 CM - EXCLUSIVE CARGA E TRANSPORTE. AF_09/2024","M3",174.8,1.6500000000000001E-2]
["Aterros, Bases, Sub bases e Imprimações",105738,"RECONSTRUÇÃO DE BASE E SUB-BASE PARA PAVIMENTAÇÃO DE CONCRETO COMPACTADO COM ROLO, COM ESPESSURA DE 10 CM - EXCLUSIVE CARGA E TRANSPORTE. AF_09/2024","M3",320.75,8.3999999999999995E-3]
["Aterros, Bases, Sub bases e Imprimações",105739,"RECONSTRUÇÃO DE BASE E SUB-BASE PARA PAVIMENTAÇÃO DE CONCRETO COMPACTADO COM ROLO, COM ESPESSURA DE 15 CM - EXCLUSIVE CARGA E TRANSPORTE. AF_09/2024","M3",316.61,8.3000000000000001E-3]
["Aterros, Bases, Sub bases e Imprimações",105741,"RECONSTRUÇÃO DE BASE E SUB-BASE PARA PAVIMENTAÇÃO DE CONCRETO COMPACTADO COM ROLO, COM ESPESSURA DE 20 CM - EXCLUSIVE CARGA E TRANSPORTE. AF_09/2024","M3",314.43,8.2000000000000007E-3]
["Aterros, Bases, Sub bases e Imprimações",105750,"RECONSTRUÇÃO DE BASE E SUB-BASE PARA PAVIMENTAÇÃO DE MACADAME SECO, COM ESPESSURA DE 10 CM - EXCLUSIVE CARGA E TRANSPORTE. AF_09/2024","M3",167.75,0]
["Aterros, Bases, Sub bases e Imprimações",105751,"RECONSTRUÇÃO DE BASE E SUB-BASE PARA PAVIMENTAÇÃO DE MACADAME SECO, COM ESPESSURA DE 15 CM - EXCLUSIVE CARGA E TRANSPORTE. AF_09/2024","M3",165.57,0]
["Aterros, Bases, Sub bases e Imprimações",105753,"RECONSTRUÇÃO DE BASE E SUB-BASE PARA PAVIMENTAÇÃO DE MACADAME SECO, COM ESPESSURA DE 20 CM - EXCLUSIVE CARGA E TRANSPORTE. AF_09/2024","M3",163.59,0]
["Aterros, Bases, Sub bases e Imprimações",105755,"RECONSTRUÇÃO DE BASE E SUB-BASE PARA PAVIMENTAÇÃO DE MACADAME SECO, COM ESPESSURA DE 25 CM - EXCLUSIVE CARGA E TRANSPORTE. AF_09/2024","M3",161.69,0]
["Aterros, Bases, Sub bases e Imprimações",105743,"RECONSTRUÇÃO DE BASE E SUB-BASE PARA PAVIMENTAÇÃO DE RACHÃO, COM ESPESSURA DE 30 CM - EXCLUSIVE CARGA E TRANSPORTE. AF_09/2024","M3",126.98,0]
["Aterros, Bases, Sub bases e Imprimações",105744,"RECONSTRUÇÃO DE BASE E SUB-BASE PARA PAVIMENTAÇÃO DE RACHÃO, COM ESPESSURA DE 40 CM - EXCLUSIVE CARGA E TRANSPORTE. AF_09/2024","M3",124.95,0]
["Aterros, Bases, Sub bases e Imprimações",105746,"RECONSTRUÇÃO DE BASE E SUB-BASE PARA PAVIMENTAÇÃO DE RACHÃO, COM ESPESSURA DE 50 CM - EXCLUSIVE CARGA E TRANSPORTE. AF_09/2024","M3",122.89,0]
["Aterros, Bases, Sub bases e Imprimações",105748,"RECONSTRUÇÃO DE BASE E SUB-BASE PARA PAVIMENTAÇÃO DE RACHÃO, COM ESPESSURA DE 60 CM - EXCLUSIVE CARGA E TRANSPORTE. AF_09/2024","M3",120.84,0]
["Aterros, Bases, Sub bases e Imprimações",105660,"RECONSTRUÇÃO DE BASE E SUB-BASE PARA PAVIMENTAÇÃO DE SOLO (PREDOMINANTEMENTE ARENOSO) BRITA - 40%-60% COM CIMENTO - 4%, MISTURA EM PISTA, COM ESPESSURA DE 10 CM - EXCLUSIVE ESCAVAÇÃO, CARGA E TRANSPORTE E SOLO. AF_09/2024","M3",184.31,1.24E-2]
["Aterros, Bases, Sub bases e Imprimações",105663,"RECONSTRUÇÃO DE BASE E SUB-BASE PARA PAVIMENTAÇÃO DE SOLO (PREDOMINANTEMENTE ARENOSO) BRITA - 40%-60% COM CIMENTO - 4%, MISTURA EM PISTA, COM ESPESSURA DE 15 CM - EXCLUSIVE ESCAVAÇÃO, CARGA E TRANSPORTE E SOLO. AF_09/2024","M3",175.25,0.01]
["Aterros, Bases, Sub bases e Imprimações",105669,"RECONSTRUÇÃO DE BASE E SUB-BASE PARA PAVIMENTAÇÃO DE SOLO (PREDOMINANTEMENTE ARENOSO) BRITA - 40%-60% COM CIMENTO - 4%, MISTURA EM PISTA, COM ESPESSURA DE 20 CM - EXCLUSIVE ESCAVAÇÃO, CARGA E TRANSPORTE E SOLO. AF_09/2024","M3",170.66,8.8000000000000005E-3]
["Aterros, Bases, Sub bases e Imprimações",105642,"RECONSTRUÇÃO DE BASE E SUB-BASE PARA PAVIMENTAÇÃO DE SOLO (PREDOMINANTEMENTE ARENOSO) BRITA - 40%-60% COM CIMENTO - 4%, MISTURA EM USINA, COM ESPESSURA DE 10 CM - EXCLUSIVE CARGA E TRANSPORTE. AF_09/2024","M3",0]
["Aterros, Bases, Sub bases e Imprimações",105648,"RECONSTRUÇÃO DE BASE E SUB-BASE PARA PAVIMENTAÇÃO DE SOLO (PREDOMINANTEMENTE ARENOSO) BRITA - 40%-60% COM CIMENTO - 4%, MISTURA EM USINA, COM ESPESSURA DE 15 CM - EXCLUSIVE CARGA E TRANSPORTE. AF_09/2024","M3",0]
["Aterros, Bases, Sub bases e Imprimações",105654,"RECONSTRUÇÃO DE BASE E SUB-BASE PARA PAVIMENTAÇÃO DE SOLO (PREDOMINANTEMENTE ARENOSO) BRITA - 40%-60% COM CIMENTO - 4%, MISTURA EM USINA, COM ESPESSURA DE 20 CM - EXCLUSIVE CARGA E TRANSPORTE. AF_09/2024","M3",0]
["Aterros, Bases, Sub bases e Imprimações",105661,"RECONSTRUÇÃO DE BASE E SUB-BASE PARA PAVIMENTAÇÃO DE SOLO (PREDOMINANTEMENTE ARENOSO) BRITA - 40%-60% COM CIMENTO - 6%, MISTURA EM PISTA, COM ESPESSURA DE 10 CM - EXCLUSIVE ESCAVAÇÃO, CARGA E TRANSPORTE E SOLO. AF_09/2024","M3",213.2,1.0699999999999999E-2]
["Aterros, Bases, Sub bases e Imprimações",105664,"RECONSTRUÇÃO DE BASE E SUB-BASE PARA PAVIMENTAÇÃO DE SOLO (PREDOMINANTEMENTE ARENOSO) BRITA - 40%-60% COM CIMENTO - 6%, MISTURA EM PISTA, COM ESPESSURA DE 15 CM - EXCLUSIVE ESCAVAÇÃO, CARGA E TRANSPORTE E SOLO. AF_09/2024","M3",204.14,8.6E-3]
["Aterros, Bases, Sub bases e Imprimações",105670,"RECONSTRUÇÃO DE BASE E SUB-BASE PARA PAVIMENTAÇÃO DE SOLO (PREDOMINANTEMENTE ARENOSO) BRITA - 40%-60% COM CIMENTO - 6%, MISTURA EM PISTA, COM ESPESSURA DE 20 CM - EXCLUSIVE ESCAVAÇÃO, CARGA E TRANSPORTE E SOLO. AF_09/2024","M3",199.55,7.6E-3]
["Aterros, Bases, Sub bases e Imprimações",105643,"RECONSTRUÇÃO DE BASE E SUB-BASE PARA PAVIMENTAÇÃO DE SOLO (PREDOMINANTEMENTE ARENOSO) BRITA - 40%-60% COM CIMENTO - 6%, MISTURA EM USINA, COM ESPESSURA DE 10 CM - EXCLUSIVE CARGA E TRANSPORTE. AF_09/2024","M3",0]
["Aterros, Bases, Sub bases e Imprimações",105649,"RECONSTRUÇÃO DE BASE E SUB-BASE PARA PAVIMENTAÇÃO DE SOLO (PREDOMINANTEMENTE ARENOSO) BRITA - 40%-60% COM CIMENTO - 6%, MISTURA EM USINA, COM ESPESSURA DE 15 CM - EXCLUSIVE CARGA E TRANSPORTE. AF_09/2024","M3",0]
["Aterros, Bases, Sub bases e Imprimações",105655,"RECONSTRUÇÃO DE BASE E SUB-BASE PARA PAVIMENTAÇÃO DE SOLO (PREDOMINANTEMENTE ARENOSO) BRITA - 40%-60% COM CIMENTO - 6%, MISTURA EM USINA, COM ESPESSURA DE 20 CM - EXCLUSIVE CARGA E TRANSPORTE. AF_09/2024","M3",0]
["Aterros, Bases, Sub bases e Imprimações",105662,"RECONSTRUÇÃO DE BASE E SUB-BASE PARA PAVIMENTAÇÃO DE SOLO (PREDOMINANTEMENTE ARENOSO) BRITA - 40%-60% COM CIMENTO - 8%, MISTURA EM PISTA, COM ESPESSURA DE 10 CM - EXCLUSIVE ESCAVAÇÃO, CARGA E TRANSPORTE E SOLO. AF_09/2024","M3",241.69,9.4000000000000004E-3]
["Aterros, Bases, Sub bases e Imprimações",105665,"RECONSTRUÇÃO DE BASE E SUB-BASE PARA PAVIMENTAÇÃO DE SOLO (PREDOMINANTEMENTE ARENOSO) BRITA - 40%-60% COM CIMENTO - 8%, MISTURA EM PISTA, COM ESPESSURA DE 15 CM - EXCLUSIVE ESCAVAÇÃO, CARGA E TRANSPORTE E SOLO. AF_09/2024","M3",232.63,7.6E-3]
["Aterros, Bases, Sub bases e Imprimações",105671,"RECONSTRUÇÃO DE BASE E SUB-BASE PARA PAVIMENTAÇÃO DE SOLO (PREDOMINANTEMENTE ARENOSO) BRITA - 40%-60% COM CIMENTO - 8%, MISTURA EM PISTA, COM ESPESSURA DE 20 CM - EXCLUSIVE ESCAVAÇÃO, CARGA E TRANSPORTE E SOLO. AF_09/2024","M3",228.04,6.6E-3]
["Aterros, Bases, Sub bases e Imprimações",105644,"RECONSTRUÇÃO DE BASE E SUB-BASE PARA PAVIMENTAÇÃO DE SOLO (PREDOMINANTEMENTE ARENOSO) BRITA - 40%-60% COM CIMENTO - 8%, MISTURA EM USINA, COM ESPESSURA DE 10 CM - EXCLUSIVE CARGA E TRANSPORTE. AF_09/2024","M3",0]
["Aterros, Bases, Sub bases e Imprimações",105650,"RECONSTRUÇÃO DE BASE E SUB-BASE PARA PAVIMENTAÇÃO DE SOLO (PREDOMINANTEMENTE ARENOSO) BRITA - 40%-60% COM CIMENTO - 8%, MISTURA EM USINA, COM ESPESSURA DE 15 CM - EXCLUSIVE CARGA E TRANSPORTE. AF_09/2024","M3",0]
["Aterros, Bases, Sub bases e Imprimações",105656,"RECONSTRUÇÃO DE BASE E SUB-BASE PARA PAVIMENTAÇÃO DE SOLO (PREDOMINANTEMENTE ARENOSO) BRITA - 40%-60% COM CIMENTO - 8%, MISTURA EM USINA, COM ESPESSURA DE 20 CM - EXCLUSIVE CARGA E TRANSPORTE. AF_09/2024","M3",0]
["Aterros, Bases, Sub bases e Imprimações",105577,"RECONSTRUÇÃO DE BASE E SUB-BASE PARA PAVIMENTAÇÃO DE SOLO (PREDOMINANTEMENTE ARENOSO) BRITA - 40%-60%, MISTURA EM PISTA, COM ESPESSURA DE 10 CM - EXCLUSIVE ESCAVAÇÃO, CARGA E TRANSPORTE E SOLO. AF_09/2024","M3",122.61,1.8700000000000001E-2]
["Aterros, Bases, Sub bases e Imprimações",105578,"RECONSTRUÇÃO DE BASE E SUB-BASE PARA PAVIMENTAÇÃO DE SOLO (PREDOMINANTEMENTE ARENOSO) BRITA - 40%-60%, MISTURA EM PISTA, COM ESPESSURA DE 15 CM - EXCLUSIVE ESCAVAÇÃO, CARGA E TRANSPORTE E SOLO. AF_09/2024","M3",113.55,1.5599999999999999E-2]
["Aterros, Bases, Sub bases e Imprimações",105712,"RECONSTRUÇÃO DE BASE E SUB-BASE PARA PAVIMENTAÇÃO DE SOLO (PREDOMINANTEMENTE ARENOSO) BRITA - 40%-60%, MISTURA EM PISTA, COM ESPESSURA DE 20 CM - EXCLUSIVE ESCAVAÇÃO, CARGA E TRANSPORTE E SOLO. AF_09/2024","M3",108.96,1.4E-2]
["Aterros, Bases, Sub bases e Imprimações",105637,"RECONSTRUÇÃO DE BASE E SUB-BASE PARA PAVIMENTAÇÃO DE SOLO (PREDOMINANTEMENTE ARENOSO) BRITA - 40%-60%, MISTURA EM USINA, COM ESPESSURA DE 10 CM - EXCLUSIVE CARGA E TRANSPORTE. AF_09/2024","M3",0]
["Aterros, Bases, Sub bases e Imprimações",105707,"RECONSTRUÇÃO DE BASE E SUB-BASE PARA PAVIMENTAÇÃO DE SOLO (PREDOMINANTEMENTE ARENOSO) BRITA - 40%-60%, MISTURA EM USINA, COM ESPESSURA DE 15 CM - EXCLUSIVE CARGA E TRANSPORTE. AF_09/2024","M3",0]
["Aterros, Bases, Sub bases e Imprimações",105709,"RECONSTRUÇÃO DE BASE E SUB-BASE PARA PAVIMENTAÇÃO DE SOLO (PREDOMINANTEMENTE ARENOSO) BRITA - 40%-60%, MISTURA EM USINA, COM ESPESSURA DE 20 CM - EXCLUSIVE CARGA E TRANSPORTE. AF_09/2024","M3",0]
["Aterros, Bases, Sub bases e Imprimações",105693,"RECONSTRUÇÃO DE BASE E SUB-BASE PARA PAVIMENTAÇÃO DE SOLO (PREDOMINANTEMENTE ARENOSO) BRITA - 50%-50% COM CIMENTO - 4%, MISTURA EM PISTA, COM ESPESSURA DE 10 CM - EXCLUSIVE ESCAVAÇÃO, CARGA E TRANSPORTE E SOLO. AF_09/2024","M3",171.02,1.3299999999999999E-2]
["Aterros, Bases, Sub bases e Imprimações",105696,"RECONSTRUÇÃO DE BASE E SUB-BASE PARA PAVIMENTAÇÃO DE SOLO (PREDOMINANTEMENTE ARENOSO) BRITA - 50%-50% COM CIMENTO - 4%, MISTURA EM PISTA, COM ESPESSURA DE 15 CM - EXCLUSIVE ESCAVAÇÃO, CARGA E TRANSPORTE E SOLO. AF_09/2024","M3",161.96,1.09E-2]
["Aterros, Bases, Sub bases e Imprimações",105702,"RECONSTRUÇÃO DE BASE E SUB-BASE PARA PAVIMENTAÇÃO DE SOLO (PREDOMINANTEMENTE ARENOSO) BRITA - 50%-50% COM CIMENTO - 4%, MISTURA EM PISTA, COM ESPESSURA DE 20 CM - EXCLUSIVE ESCAVAÇÃO, CARGA E TRANSPORTE E SOLO. AF_09/2024","M3",157.37,9.5999999999999992E-3]
["Aterros, Bases, Sub bases e Imprimações",105675,"RECONSTRUÇÃO DE BASE E SUB-BASE PARA PAVIMENTAÇÃO DE SOLO (PREDOMINANTEMENTE ARENOSO) BRITA - 50%-50% COM CIMENTO - 4%, MISTURA EM USINA, COM ESPESSURA DE 10 CM - EXCLUSIVE CARGA E TRANSPORTE. AF_09/2024","M3",0]
["Aterros, Bases, Sub bases e Imprimações",105681,"RECONSTRUÇÃO DE BASE E SUB-BASE PARA PAVIMENTAÇÃO DE SOLO (PREDOMINANTEMENTE ARENOSO) BRITA - 50%-50% COM CIMENTO - 4%, MISTURA EM USINA, COM ESPESSURA DE 15 CM - EXCLUSIVE CARGA E TRANSPORTE. AF_09/2024","M3",0]
["Aterros, Bases, Sub bases e Imprimações",105687,"RECONSTRUÇÃO DE BASE E SUB-BASE PARA PAVIMENTAÇÃO DE SOLO (PREDOMINANTEMENTE ARENOSO) BRITA - 50%-50% COM CIMENTO - 4%, MISTURA EM USINA, COM ESPESSURA DE 20 CM - EXCLUSIVE CARGA E TRANSPORTE. AF_09/2024","M3",0]
["Aterros, Bases, Sub bases e Imprimações",105694,"RECONSTRUÇÃO DE BASE E SUB-BASE PARA PAVIMENTAÇÃO DE SOLO (PREDOMINANTEMENTE ARENOSO) BRITA - 50%-50% COM CIMENTO - 6%, MISTURA EM PISTA, COM ESPESSURA DE 10 CM - EXCLUSIVE ESCAVAÇÃO, CARGA E TRANSPORTE E SOLO. AF_09/2024","M3",200.19,1.14E-2]
["Aterros, Bases, Sub bases e Imprimações",105697,"RECONSTRUÇÃO DE BASE E SUB-BASE PARA PAVIMENTAÇÃO DE SOLO (PREDOMINANTEMENTE ARENOSO) BRITA - 50%-50% COM CIMENTO - 6%, MISTURA EM PISTA, COM ESPESSURA DE 15 CM - EXCLUSIVE ESCAVAÇÃO, CARGA E TRANSPORTE E SOLO. AF_09/2024","M3",191.13,9.1999999999999998E-3]
["Aterros, Bases, Sub bases e Imprimações",105703,"RECONSTRUÇÃO DE BASE E SUB-BASE PARA PAVIMENTAÇÃO DE SOLO (PREDOMINANTEMENTE ARENOSO) BRITA - 50%-50% COM CIMENTO - 6%, MISTURA EM PISTA, COM ESPESSURA DE 20 CM - EXCLUSIVE ESCAVAÇÃO, CARGA E TRANSPORTE E SOLO. AF_09/2024","M3",186.54,8.0999999999999996E-3]
["Aterros, Bases, Sub bases e Imprimações",105676,"RECONSTRUÇÃO DE BASE E SUB-BASE PARA PAVIMENTAÇÃO DE SOLO (PREDOMINANTEMENTE ARENOSO) BRITA - 50%-50% COM CIMENTO - 6%, MISTURA EM USINA, COM ESPESSURA DE 10 CM - EXCLUSIVE CARGA E TRANSPORTE. AF_09/2024","M3",0]
["Aterros, Bases, Sub bases e Imprimações",105682,"RECONSTRUÇÃO DE BASE E SUB-BASE PARA PAVIMENTAÇÃO DE SOLO (PREDOMINANTEMENTE ARENOSO) BRITA - 50%-50% COM CIMENTO - 6%, MISTURA EM USINA, COM ESPESSURA DE 15 CM - EXCLUSIVE CARGA E TRANSPORTE. AF_09/2024","M3",0]
["Aterros, Bases, Sub bases e Imprimações",105688,"RECONSTRUÇÃO DE BASE E SUB-BASE PARA PAVIMENTAÇÃO DE SOLO (PREDOMINANTEMENTE ARENOSO) BRITA - 50%-50% COM CIMENTO - 6%, MISTURA EM USINA, COM ESPESSURA DE 20 CM - EXCLUSIVE CARGA E TRANSPORTE. AF_09/2024","M3",0]
["Aterros, Bases, Sub bases e Imprimações",105695,"RECONSTRUÇÃO DE BASE E SUB-BASE PARA PAVIMENTAÇÃO DE SOLO (PREDOMINANTEMENTE ARENOSO) BRITA - 50%-50% COM CIMENTO - 8%, MISTURA EM PISTA, COM ESPESSURA DE 10 CM - EXCLUSIVE ESCAVAÇÃO, CARGA E TRANSPORTE E SOLO. AF_09/2024","M3",228.96,0.01]
["Aterros, Bases, Sub bases e Imprimações",105698,"RECONSTRUÇÃO DE BASE E SUB-BASE PARA PAVIMENTAÇÃO DE SOLO (PREDOMINANTEMENTE ARENOSO) BRITA - 50%-50% COM CIMENTO - 8%, MISTURA EM PISTA, COM ESPESSURA DE 15 CM - EXCLUSIVE ESCAVAÇÃO, CARGA E TRANSPORTE E SOLO. AF_09/2024","M3",219.9,8.0000000000000002E-3]
["Aterros, Bases, Sub bases e Imprimações",105704,"RECONSTRUÇÃO DE BASE E SUB-BASE PARA PAVIMENTAÇÃO DE SOLO (PREDOMINANTEMENTE ARENOSO) BRITA - 50%-50% COM CIMENTO - 8%, MISTURA EM PISTA, COM ESPESSURA DE 20 CM - EXCLUSIVE ESCAVAÇÃO, CARGA E TRANSPORTE E SOLO. AF_09/2024","M3",215.31,7.0000000000000001E-3]
["Aterros, Bases, Sub bases e Imprimações",105677,"RECONSTRUÇÃO DE BASE E SUB-BASE PARA PAVIMENTAÇÃO DE SOLO (PREDOMINANTEMENTE ARENOSO) BRITA - 50%-50% COM CIMENTO - 8%, MISTURA EM USINA, COM ESPESSURA DE 10 CM - EXCLUSIVE CARGA E TRANSPORTE. AF_09/2024","M3",0]
["Aterros, Bases, Sub bases e Imprimações",105683,"RECONSTRUÇÃO DE BASE E SUB-BASE PARA PAVIMENTAÇÃO DE SOLO (PREDOMINANTEMENTE ARENOSO) BRITA - 50%-50% COM CIMENTO - 8%, MISTURA EM USINA, COM ESPESSURA DE 15 CM - EXCLUSIVE CARGA E TRANSPORTE. AF_09/2024","M3",0]
["Aterros, Bases, Sub bases e Imprimações",105689,"RECONSTRUÇÃO DE BASE E SUB-BASE PARA PAVIMENTAÇÃO DE SOLO (PREDOMINANTEMENTE ARENOSO) BRITA - 50%-50% COM CIMENTO - 8%, MISTURA EM USINA, COM ESPESSURA DE 20 CM - EXCLUSIVE CARGA E TRANSPORTE. AF_09/2024","M3",0]
["Aterros, Bases, Sub bases e Imprimações",105579,"RECONSTRUÇÃO DE BASE E SUB-BASE PARA PAVIMENTAÇÃO DE SOLO (PREDOMINANTEMENTE ARENOSO) BRITA - 50%-50%, MISTURA EM PISTA, COM ESPESSURA DE 10 CM - EXCLUSIVE ESCAVAÇÃO, CARGA E TRANSPORTE E SOLO. AF_09/2024","M3",108.77,2.1100000000000001E-2]
["Aterros, Bases, Sub bases e Imprimações",105580,"RECONSTRUÇÃO DE BASE E SUB-BASE PARA PAVIMENTAÇÃO DE SOLO (PREDOMINANTEMENTE ARENOSO) BRITA - 50%-50%, MISTURA EM PISTA, COM ESPESSURA DE 15 CM - EXCLUSIVE ESCAVAÇÃO, CARGA E TRANSPORTE E SOLO. AF_09/2024","M3",99.71,1.78E-2]
["Aterros, Bases, Sub bases e Imprimações",105582,"RECONSTRUÇÃO DE BASE E SUB-BASE PARA PAVIMENTAÇÃO DE SOLO (PREDOMINANTEMENTE ARENOSO) BRITA - 50%-50%, MISTURA EM PISTA, COM ESPESSURA DE 20 CM - EXCLUSIVE ESCAVAÇÃO, CARGA E TRANSPORTE E SOLO. AF_09/2024","M3",95.12,1.6E-2]
["Aterros, Bases, Sub bases e Imprimações",105638,"RECONSTRUÇÃO DE BASE E SUB-BASE PARA PAVIMENTAÇÃO DE SOLO (PREDOMINANTEMENTE ARENOSO) BRITA - 50%-50%, MISTURA EM USINA, COM ESPESSURA DE 10 CM - EXCLUSIVE CARGA E TRANSPORTE. AF_09/2024","M3",0]
["Aterros, Bases, Sub bases e Imprimações",105715,"RECONSTRUÇÃO DE BASE E SUB-BASE PARA PAVIMENTAÇÃO DE SOLO (PREDOMINANTEMENTE ARENOSO) BRITA - 50%-50%, MISTURA EM USINA, COM ESPESSURA DE 15 CM - EXCLUSIVE CARGA E TRANSPORTE. AF_09/2024","M3",0]
["Aterros, Bases, Sub bases e Imprimações",105717,"RECONSTRUÇÃO DE BASE E SUB-BASE PARA PAVIMENTAÇÃO DE SOLO (PREDOMINANTEMENTE ARENOSO) BRITA - 50%-50%, MISTURA EM USINA, COM ESPESSURA DE 20 CM - EXCLUSIVE CARGA E TRANSPORTE. AF_09/2024","M3",0]
["Aterros, Bases, Sub bases e Imprimações",105626,"RECONSTRUÇÃO DE BASE E SUB-BASE PARA PAVIMENTAÇÃO DE SOLO (PREDOMINANTEMENTE ARENOSO) COM CIMENTO - 6%, MISTURA EM PISTA, COM ESPESSURA DE 10 CM - EXCLUSIVE ESCAVAÇÃO, CARGA E TRANSPORTE E SOLO. AF_09/2024","M3",119.57,1.12E-2]
["Aterros, Bases, Sub bases e Imprimações",105629,"RECONSTRUÇÃO DE BASE E SUB-BASE PARA PAVIMENTAÇÃO DE SOLO (PREDOMINANTEMENTE ARENOSO) COM CIMENTO - 6%, MISTURA EM PISTA, COM ESPESSURA DE 15 CM - EXCLUSIVE ESCAVAÇÃO, CARGA E TRANSPORTE E SOLO. AF_09/2024","M3",112.26,8.3000000000000001E-3]
["Aterros, Bases, Sub bases e Imprimações",105635,"RECONSTRUÇÃO DE BASE E SUB-BASE PARA PAVIMENTAÇÃO DE SOLO (PREDOMINANTEMENTE ARENOSO) COM CIMENTO - 6%, MISTURA EM PISTA, COM ESPESSURA DE 20 CM - EXCLUSIVE ESCAVAÇÃO, CARGA E TRANSPORTE E SOLO. AF_09/2024","M3",111.24,8.0000000000000002E-3]
["Aterros, Bases, Sub bases e Imprimações",105605,"RECONSTRUÇÃO DE BASE E SUB-BASE PARA PAVIMENTAÇÃO DE SOLO (PREDOMINANTEMENTE ARENOSO) COM CIMENTO - 6%, MISTURA EM USINA, COM ESPESSURA DE 10 CM - EXCLUSIVE CARGA E TRANSPORTE. AF_09/2024","M3",0]
["Aterros, Bases, Sub bases e Imprimações",105613,"RECONSTRUÇÃO DE BASE E SUB-BASE PARA PAVIMENTAÇÃO DE SOLO (PREDOMINANTEMENTE ARENOSO) COM CIMENTO - 6%, MISTURA EM USINA, COM ESPESSURA DE 15 CM - EXCLUSIVE CARGA E TRANSPORTE. AF_09/2024","M3",0]
["Aterros, Bases, Sub bases e Imprimações",105621,"RECONSTRUÇÃO DE BASE E SUB-BASE PARA PAVIMENTAÇÃO DE SOLO (PREDOMINANTEMENTE ARENOSO) COM CIMENTO - 6%, MISTURA EM USINA, COM ESPESSURA DE 20 CM - EXCLUSIVE CARGA E TRANSPORTE. AF_09/2024","M3",0]
["Aterros, Bases, Sub bases e Imprimações",105627,"RECONSTRUÇÃO DE BASE E SUB-BASE PARA PAVIMENTAÇÃO DE SOLO (PREDOMINANTEMENTE ARENOSO) COM CIMENTO - 8%, MISTURA EM PISTA, COM ESPESSURA DE 10 CM - EXCLUSIVE ESCAVAÇÃO, CARGA E TRANSPORTE E SOLO. AF_09/2024","M3",149.72,8.9999999999999993E-3]
["Aterros, Bases, Sub bases e Imprimações",105630,"RECONSTRUÇÃO DE BASE E SUB-BASE PARA PAVIMENTAÇÃO DE SOLO (PREDOMINANTEMENTE ARENOSO) COM CIMENTO - 8%, MISTURA EM PISTA, COM ESPESSURA DE 15 CM - EXCLUSIVE ESCAVAÇÃO, CARGA E TRANSPORTE E SOLO. AF_09/2024","M3",142.41,6.4999999999999997E-3]
["Aterros, Bases, Sub bases e Imprimações",105636,"RECONSTRUÇÃO DE BASE E SUB-BASE PARA PAVIMENTAÇÃO DE SOLO (PREDOMINANTEMENTE ARENOSO) COM CIMENTO - 8%, MISTURA EM PISTA, COM ESPESSURA DE 20 CM - EXCLUSIVE ESCAVAÇÃO, CARGA E TRANSPORTE E SOLO. AF_09/2024","M3",141.38999999999999,6.3E-3]
["Aterros, Bases, Sub bases e Imprimações",105606,"RECONSTRUÇÃO DE BASE E SUB-BASE PARA PAVIMENTAÇÃO DE SOLO (PREDOMINANTEMENTE ARENOSO) COM CIMENTO - 8%, MISTURA EM USINA, COM ESPESSURA DE 10 CM - EXCLUSIVE CARGA E TRANSPORTE. AF_09/2024","M3",0]
["Aterros, Bases, Sub bases e Imprimações",105614,"RECONSTRUÇÃO DE BASE E SUB-BASE PARA PAVIMENTAÇÃO DE SOLO (PREDOMINANTEMENTE ARENOSO) COM CIMENTO - 8%, MISTURA EM USINA, COM ESPESSURA DE 15 CM - EXCLUSIVE CARGA E TRANSPORTE. AF_09/2024","M3",0]
["Aterros, Bases, Sub bases e Imprimações",105622,"RECONSTRUÇÃO DE BASE E SUB-BASE PARA PAVIMENTAÇÃO DE SOLO (PREDOMINANTEMENTE ARENOSO) COM CIMENTO - 8%, MISTURA EM USINA, COM ESPESSURA DE 20 CM - EXCLUSIVE CARGA E TRANSPORTE. AF_09/2024","M3",0]
["Aterros, Bases, Sub bases e Imprimações",105572,"RECONSTRUÇÃO DE BASE E SUB-BASE PARA PAVIMENTAÇÃO DE SOLO (PREDOMINANTEMENTE ARENOSO) MELHORADO COM CIMENTO - 2%, MISTURA EM PISTA, COM ESPESSURA DE 10 CM - EXCLUSIVE ESCAVAÇÃO, CARGA E TRANSPORTE E SOLO. AF_09/2024","M3",57.63,2.3300000000000001E-2]
["Aterros, Bases, Sub bases e Imprimações",105574,"RECONSTRUÇÃO DE BASE E SUB-BASE PARA PAVIMENTAÇÃO DE SOLO (PREDOMINANTEMENTE ARENOSO) MELHORADO COM CIMENTO - 2%, MISTURA EM PISTA, COM ESPESSURA DE 15 CM - EXCLUSIVE ESCAVAÇÃO, CARGA E TRANSPORTE E SOLO. AF_09/2024","M3",50.32,1.8499999999999999E-2]
["Aterros, Bases, Sub bases e Imprimações",105576,"RECONSTRUÇÃO DE BASE E SUB-BASE PARA PAVIMENTAÇÃO DE SOLO (PREDOMINANTEMENTE ARENOSO) MELHORADO COM CIMENTO - 2%, MISTURA EM PISTA, COM ESPESSURA DE 20 CM - EXCLUSIVE ESCAVAÇÃO, CARGA E TRANSPORTE E SOLO. AF_09/2024","M3",49.3,1.8100000000000002E-2]
["Aterros, Bases, Sub bases e Imprimações",105603,"RECONSTRUÇÃO DE BASE E SUB-BASE PARA PAVIMENTAÇÃO DE SOLO (PREDOMINANTEMENTE ARENOSO) MELHORADO COM CIMENTO - 2%, MISTURA EM USINA, COM ESPESSURA DE 10 CM - EXCLUSIVE CARGA E TRANSPORTE. AF_09/2024","M3",0]
["Aterros, Bases, Sub bases e Imprimações",105611,"RECONSTRUÇÃO DE BASE E SUB-BASE PARA PAVIMENTAÇÃO DE SOLO (PREDOMINANTEMENTE ARENOSO) MELHORADO COM CIMENTO - 2%, MISTURA EM USINA, COM ESPESSURA DE 15 CM - EXCLUSIVE CARGA E TRANSPORTE. AF_09/2024","M3",0]
["Aterros, Bases, Sub bases e Imprimações",105619,"RECONSTRUÇÃO DE BASE E SUB-BASE PARA PAVIMENTAÇÃO DE SOLO (PREDOMINANTEMENTE ARENOSO) MELHORADO COM CIMENTO - 2%, MISTURA EM USINA, COM ESPESSURA DE 20 CM - EXCLUSIVE CARGA E TRANSPORTE. AF_09/2024","M3",0]
["Aterros, Bases, Sub bases e Imprimações",105573,"RECONSTRUÇÃO DE BASE E SUB-BASE PARA PAVIMENTAÇÃO DE SOLO (PREDOMINANTEMENTE ARENOSO) MELHORADO COM CIMENTO - 4%, MISTURA EM PISTA, COM ESPESSURA DE 10 CM - EXCLUSIVE ESCAVAÇÃO, CARGA E TRANSPORTE E SOLO. AF_09/2024","M3",89.02,1.5100000000000001E-2]
["Aterros, Bases, Sub bases e Imprimações",105628,"RECONSTRUÇÃO DE BASE E SUB-BASE PARA PAVIMENTAÇÃO DE SOLO (PREDOMINANTEMENTE ARENOSO) MELHORADO COM CIMENTO - 4%, MISTURA EM PISTA, COM ESPESSURA DE 15 CM - EXCLUSIVE ESCAVAÇÃO, CARGA E TRANSPORTE E SOLO. AF_09/2024","M3",81.709999999999994,1.14E-2]
["Aterros, Bases, Sub bases e Imprimações",105634,"RECONSTRUÇÃO DE BASE E SUB-BASE PARA PAVIMENTAÇÃO DE SOLO (PREDOMINANTEMENTE ARENOSO) MELHORADO COM CIMENTO - 4%, MISTURA EM PISTA, COM ESPESSURA DE 20 CM - EXCLUSIVE ESCAVAÇÃO, CARGA E TRANSPORTE E SOLO. AF_09/2024","M3",80.69,1.0999999999999999E-2]
["Aterros, Bases, Sub bases e Imprimações",105604,"RECONSTRUÇÃO DE BASE E SUB-BASE PARA PAVIMENTAÇÃO DE SOLO (PREDOMINANTEMENTE ARENOSO) MELHORADO COM CIMENTO - 4%, MISTURA EM USINA, COM ESPESSURA DE 10 CM - EXCLUSIVE CARGA E TRANSPORTE. AF_09/2024","M3",0]
["Aterros, Bases, Sub bases e Imprimações",105612,"RECONSTRUÇÃO DE BASE E SUB-BASE PARA PAVIMENTAÇÃO DE SOLO (PREDOMINANTEMENTE ARENOSO) MELHORADO COM CIMENTO - 4%, MISTURA EM USINA, COM ESPESSURA DE 15 CM - EXCLUSIVE CARGA E TRANSPORTE. AF_09/2024","M3",0]
["Aterros, Bases, Sub bases e Imprimações",105620,"RECONSTRUÇÃO DE BASE E SUB-BASE PARA PAVIMENTAÇÃO DE SOLO (PREDOMINANTEMENTE ARENOSO) MELHORADO COM CIMENTO - 4%, MISTURA EM USINA, COM ESPESSURA DE 20 CM - EXCLUSIVE CARGA E TRANSPORTE. AF_09/2024","M3",0]
["Aterros, Bases, Sub bases e Imprimações",105586,"RECONSTRUÇÃO DE BASE E SUB-BASE PARA PAVIMENTAÇÃO DE SOLO (PREDOMINANTEMENTE ARGILOSO) BRITA - 40%-60%, MISTURA EM PISTA, COM ESPESSURA DE 10 CM - EXCLUSIVE ESCAVAÇÃO, CARGA E TRANSPORTE E SOLO. AF_09/2024","M3",133.02000000000001,2.1999999999999999E-2]
["Aterros, Bases, Sub bases e Imprimações",105587,"RECONSTRUÇÃO DE BASE E SUB-BASE PARA PAVIMENTAÇÃO DE SOLO (PREDOMINANTEMENTE ARGILOSO) BRITA - 40%-60%, MISTURA EM PISTA, COM ESPESSURA DE 15 CM - EXCLUSIVE ESCAVAÇÃO, CARGA E TRANSPORTE E SOLO. AF_09/2024","M3",120.48,1.83E-2]
["Aterros, Bases, Sub bases e Imprimações",105589,"RECONSTRUÇÃO DE BASE E SUB-BASE PARA PAVIMENTAÇÃO DE SOLO (PREDOMINANTEMENTE ARGILOSO) BRITA - 40%-60%, MISTURA EM PISTA, COM ESPESSURA DE 20 CM - EXCLUSIVE ESCAVAÇÃO, CARGA E TRANSPORTE E SOLO. AF_09/2024","M3",119.32,1.7899999999999999E-2]
["Aterros, Bases, Sub bases e Imprimações",105584,"RECONSTRUÇÃO DE BASE E SUB-BASE PARA PAVIMENTAÇÃO DE SOLO (PREDOMINANTEMENTE ARGILOSO) BRITA - 40%-60%, MISTURA EM USINA, COM ESPESSURA DE 10 CM - EXCLUSIVE CARGA E TRANSPORTE. AF_09/2024","M3",0]
["Aterros, Bases, Sub bases e Imprimações",105720,"RECONSTRUÇÃO DE BASE E SUB-BASE PARA PAVIMENTAÇÃO DE SOLO (PREDOMINANTEMENTE ARGILOSO) BRITA - 40%-60%, MISTURA EM USINA, COM ESPESSURA DE 15 CM - EXCLUSIVE CARGA E TRANSPORTE. AF_09/2024","M3",0]
["Aterros, Bases, Sub bases e Imprimações",105722,"RECONSTRUÇÃO DE BASE E SUB-BASE PARA PAVIMENTAÇÃO DE SOLO (PREDOMINANTEMENTE ARGILOSO) BRITA - 40%-60%, MISTURA EM USINA, COM ESPESSURA DE 20 CM - EXCLUSIVE CARGA E TRANSPORTE. AF_09/2024","M3",0]
["Aterros, Bases, Sub bases e Imprimações",105593,"RECONSTRUÇÃO DE BASE E SUB-BASE PARA PAVIMENTAÇÃO DE SOLO (PREDOMINANTEMENTE ARGILOSO) BRITA - 50%-50%, MISTURA EM PISTA, COM ESPESSURA DE 10 CM - EXCLUSIVE ESCAVAÇÃO, CARGA E TRANSPORTE E SOLO. AF_09/2024","M3",119.18,2.46E-2]
["Aterros, Bases, Sub bases e Imprimações",105594,"RECONSTRUÇÃO DE BASE E SUB-BASE PARA PAVIMENTAÇÃO DE SOLO (PREDOMINANTEMENTE ARGILOSO) BRITA - 50%-50%, MISTURA EM PISTA, COM ESPESSURA DE 15 CM - EXCLUSIVE ESCAVAÇÃO, CARGA E TRANSPORTE E SOLO. AF_09/2024","M3",106.64,2.06E-2]
["Aterros, Bases, Sub bases e Imprimações",105596,"RECONSTRUÇÃO DE BASE E SUB-BASE PARA PAVIMENTAÇÃO DE SOLO (PREDOMINANTEMENTE ARGILOSO) BRITA - 50%-50%, MISTURA EM PISTA, COM ESPESSURA DE 20 CM - EXCLUSIVE ESCAVAÇÃO, CARGA E TRANSPORTE E SOLO. AF_09/2024","M3",105.48,2.0199999999999999E-2]
["Aterros, Bases, Sub bases e Imprimações",105591,"RECONSTRUÇÃO DE BASE E SUB-BASE PARA PAVIMENTAÇÃO DE SOLO (PREDOMINANTEMENTE ARGILOSO) BRITA - 50%-50%, MISTURA EM USINA, COM ESPESSURA DE 10 CM - EXCLUSIVE CARGA E TRANSPORTE. AF_09/2024","M3",0]
["Aterros, Bases, Sub bases e Imprimações",105724,"RECONSTRUÇÃO DE BASE E SUB-BASE PARA PAVIMENTAÇÃO DE SOLO (PREDOMINANTEMENTE ARGILOSO) BRITA - 50%-50%, MISTURA EM USINA, COM ESPESSURA DE 15 CM - EXCLUSIVE CARGA E TRANSPORTE. AF_09/2024","M3",0]
["Aterros, Bases, Sub bases e Imprimações",105726,"RECONSTRUÇÃO DE BASE E SUB-BASE PARA PAVIMENTAÇÃO DE SOLO (PREDOMINANTEMENTE ARGILOSO) BRITA - 50%-50%, MISTURA EM USINA, COM ESPESSURA DE 20 CM - EXCLUSIVE CARGA E TRANSPORTE. AF_09/2024","M3",0]
["Aterros, Bases, Sub bases e Imprimações",105567,"RECONSTRUÇÃO DE BASE E SUB-BASE PARA PAVIMENTAÇÃO DE SOLO DE COMPORTAMENTO LATERÍTICO (ARENOSO), COM ESPESSURA DE 10 CM - EXCLUSIVE ESCAVAÇÃO, CARGA E TRANSPORTE E SOLO. AF_09/2024","M3",13.48,1.7100000000000001E-2]
["Aterros, Bases, Sub bases e Imprimações",105568,"RECONSTRUÇÃO DE BASE E SUB-BASE PARA PAVIMENTAÇÃO DE SOLO DE COMPORTAMENTO LATERÍTICO (ARENOSO), COM ESPESSURA DE 15 CM - EXCLUSIVE ESCAVAÇÃO, CARGA E TRANSPORTE E SOLO. AF_09/2024","M3",10.76,1.67E-2]
["Aterros, Bases, Sub bases e Imprimações",105570,"RECONSTRUÇÃO DE BASE E SUB-BASE PARA PAVIMENTAÇÃO DE SOLO DE COMPORTAMENTO LATERÍTICO (ARENOSO), COM ESPESSURA DE 20 CM - EXCLUSIVE ESCAVAÇÃO, CARGA E TRANSPORTE E SOLO. AF_09/2024","M3",8.8800000000000008,1.6899999999999998E-2]
["Aterros, Bases, Sub bases e Imprimações",100575,"REGULARIZAÇÃO DE SUPERFÍCIES COM MOTONIVELADORA. AF_09/2024","M2",0.49,0]
["Aterros, Bases, Sub bases e Imprimações",100577,"REGULARIZAÇÃO E COMPACTAÇÃO DE SUBLEITO DE SOLO PREDOMINANTEMENTE ARENOSO, PARA OBRAS DE CONSTRUÇÃO DE PAVIMENTOS. AF_09/2024","M2",1.32,1.52E-2]
["Aterros, Bases, Sub bases e Imprimações",105598,"REGULARIZAÇÃO E COMPACTAÇÃO DE SUBLEITO DE SOLO PREDOMINANTEMENTE ARENOSO, PARA OBRAS DE RECONSTRUÇÃO DE PAVIMENTOS. AF_09/2024","M2",1.75,1.7100000000000001E-2]
["Aterros, Bases, Sub bases e Imprimações",100576,"REGULARIZAÇÃO E COMPACTAÇÃO DE SUBLEITO DE SOLO PREDOMINANTEMENTE ARGILOSO, PARA OBRAS DE CONSTRUÇÃO DE PAVIMENTOS. AF_09/2024","M2",2.62,1.9099999999999999E-2]
["Aterros, Bases, Sub bases e Imprimações",105597,"REGULARIZAÇÃO E COMPACTAÇÃO DE SUBLEITO DE SOLO PREDOMINANTEMENTE ARGILOSO, PARA OBRAS DE RECONSTRUÇÃO DE PAVIMENTOS. AF_09/2024","M2",3.59,2.23E-2]
["Bocas para Bueiros",102730,"ARMAÇÃO DE MURO ALA E MURO TESTA UTILIZANDO AÇO CA-50 DE 10 MM - MONTAGEM. AF_07/2021","KG",12.18,8.9999999999999993E-3]
["Bocas para Bueiros",102731,"ARMAÇÃO DE MURO ALA E MURO TESTA UTILIZANDO AÇO CA-50 DE 12,5 MM - MONTAGEM. AF_07/2021","KG",10.19,7.9000000000000008E-3]
["Bocas para Bueiros",102732,"ARMAÇÃO DE MURO ALA E MURO TESTA UTILIZANDO AÇO CA-50 DE 16 MM - MONTAGEM. AF_07/2021","KG",9.52,4.1999999999999997E-3]
["Bocas para Bueiros",102733,"ARMAÇÃO DE MURO ALA E MURO TESTA UTILIZANDO AÇO CA-50 DE 20 MM - MONTAGEM. AF_07/2021","KG",10.52,1.9E-3]
["Bocas para Bueiros",102728,"ARMAÇÃO DE MURO ALA E MURO TESTA UTILIZANDO AÇO CA-50 DE 6,3 MM - MONTAGEM. AF_07/2021","KG",14.97,1.4E-2]
["Bocas para Bueiros",102729,"ARMAÇÃO DE MURO ALA E MURO TESTA UTILIZANDO AÇO CA-50 DE 8 MM - MONTAGEM. AF_07/2021","KG",13.78,1.1599999999999999E-2]
["Bocas para Bueiros",102734,"ARMAÇÃO DE SOLEIRA UTILIZANDO AÇO CA-50 DE 6,3 MM - MONTAGEM. AF_07/2021","KG",13.95,3.5099999999999999E-2]
["Bocas para Bueiros",102735,"ARMAÇÃO DE SOLEIRA UTILIZANDO AÇO CA-50 DE 8 MM - MONTAGEM. AF_07/2021","KG",12.89,2.0199999999999999E-2]
["Bocas para Bueiros",102765,"BOCA PARA BUEIRO DUPLO CELULAR 150 X 150 CM EM CONCRETO, ALAS COM ESCONSIDADE DE 30°, INCLUINDO FÔRMAS E MATERIAIS. AF_07/2021","UN",16069.16,5.7999999999999996E-3]
["Bocas para Bueiros",102795,"BOCA PARA BUEIRO DUPLO CELULAR 150 X 150 CM EM GABIÃO, ALAS COM ESCONSIDADE DE 45°, INCLUINDO FÔRMAS E MATERIAIS. AF_07/2021","UN",28256.63,0]
["Bocas para Bueiros",102766,"BOCA PARA BUEIRO DUPLO CELULAR 200 X 200 CM EM CONCRETO, ALAS COM ESCONSIDADE DE 30°, INCLUINDO FÔRMAS E MATERIAIS. AF_07/2021","UN",24145.66,6.4000000000000003E-3]
["Bocas para Bueiros",102796,"BOCA PARA BUEIRO DUPLO CELULAR 200 X 200 CM EM GABIÃO, ALAS COM ESCONSIDADE DE 45°, INCLUINDO FÔRMAS E MATERIAIS. AF_07/2021","UN",45315.55,0]
["Bocas para Bueiros",102767,"BOCA PARA BUEIRO DUPLO CELULAR 250 X 250 CM EM CONCRETO, ALAS COM ESCONSIDADE DE 30°, INCLUINDO FÔRMAS E MATERIAIS. AF_07/2021","UN",33751.43,6.6E-3]
["Bocas para Bueiros",102797,"BOCA PARA BUEIRO DUPLO CELULAR 250 X 250 CM EM GABIÃO, ALAS COM ESCONSIDADE DE 45°, INCLUINDO FÔRMAS E MATERIAIS. AF_07/2021","UN",64086.080000000002,0]
["Bocas para Bueiros",102768,"BOCA PARA BUEIRO DUPLO CELULAR 300 X 300 CM EM CONCRETO, ALAS COM ESCONSIDADE DE 30°, INCLUINDO FÔRMAS E MATERIAIS. AF_07/2021","UN",47051.86,5.4000000000000003E-3]
["Bocas para Bueiros",102798,"BOCA PARA BUEIRO DUPLO CELULAR 300 X 300 CM EM GABIÃO, ALAS COM ESCONSIDADE DE 45°, INCLUINDO FÔRMAS E MATERIAIS. AF_07/2021","UN",78352.69,0]
["Bocas para Bueiros",102744,"BOCA PARA BUEIRO DUPLO TUBULAR D = 100 CM EM CONCRETO, ALAS COM ESCONSIDADE DE 0°, INCLUINDO FÔRMAS E MATERIAIS. AF_07/2021","UN",6726.59,6.7999999999999996E-3]
["Bocas para Bueiros",102755,"BOCA PARA BUEIRO DUPLO TUBULAR D = 100 CM EM CONCRETO, ALAS COM ESCONSIDADE DE 30°, INCLUINDO FÔRMAS E MATERIAIS. AF_07/2021","UN",10382.14,7.4000000000000003E-3]
["Bocas para Bueiros",102782,"BOCA PARA BUEIRO DUPLO TUBULAR D = 100 CM EM GABIÃO, ALAS COM ESCONSIDADE DE 45°, INCLUINDO FÔRMAS E MATERIAIS. AF_07/2021","UN",13806.68,0]
["Bocas para Bueiros",102745,"BOCA PARA BUEIRO DUPLO TUBULAR D = 120 CM EM CONCRETO, ALAS COM ESCONSIDADE DE 0°, INCLUINDO FÔRMAS E MATERIAIS. AF_07/2021","UN",9438.11,7.0000000000000001E-3]
["Bocas para Bueiros",102756,"BOCA PARA BUEIRO DUPLO TUBULAR D = 120 CM EM CONCRETO, ALAS COM ESCONSIDADE DE 30°, INCLUINDO FÔRMAS E MATERIAIS. AF_07/2021","UN",15385.47,7.7000000000000002E-3]
["Bocas para Bueiros",102783,"BOCA PARA BUEIRO DUPLO TUBULAR D = 120 CM EM GABIÃO, ALAS COM ESCONSIDADE DE 45°, INCLUINDO FÔRMAS E MATERIAIS. AF_07/2021","UN",18333.61,0]
["Bocas para Bueiros",102746,"BOCA PARA BUEIRO DUPLO TUBULAR D = 150 CM EM CONCRETO, ALAS COM ESCONSIDADE DE 0°, INCLUINDO FÔRMAS E MATERIAIS. AF_07/2021","UN",16337.4,7.1999999999999998E-3]
["Bocas para Bueiros",102757,"BOCA PARA BUEIRO DUPLO TUBULAR D = 150 CM EM CONCRETO, ALAS COM ESCONSIDADE DE 30°, INCLUINDO FÔRMAS E MATERIAIS. AF_07/2021","UN",28581.82,8.0000000000000002E-3]
["Bocas para Bueiros",102784,"BOCA PARA BUEIRO DUPLO TUBULAR D = 150 CM EM GABIÃO, ALAS COM ESCONSIDADE DE 45°, INCLUINDO FÔRMAS E MATERIAIS. AF_07/2021","UN",27756.6,0]
["Bocas para Bueiros",102779,"BOCA PARA BUEIRO DUPLO TUBULAR D = 40 CM EM GABIÃO, ALAS COM ESCONSIDADE DE 45°, INCLUINDO FÔRMAS E MATERIAIS. AF_07/2021","UN",7326.42,0]
["Bocas para Bueiros",102780,"BOCA PARA BUEIRO DUPLO TUBULAR D = 60 CM EM GABIÃO, ALAS COM ESCONSIDADE DE 45°, INCLUINDO FÔRMAS E MATERIAIS. AF_07/2021","UN",8429.5499999999993,0]
["Bocas para Bueiros",102743,"BOCA PARA BUEIRO DUPLO TUBULAR D = 80 CM EM CONCRETO, ALAS COM ESCONSIDADE DE 0°, INCLUINDO FÔRMAS E MATERIAIS. AF_07/2021","UN",4499.32,6.4999999999999997E-3]
["Bocas para Bueiros",102781,"BOCA PARA BUEIRO DUPLO TUBULAR D = 80 CM EM GABIÃO, ALAS COM ESCONSIDADE DE 45°, INCLUINDO FÔRMAS E MATERIAIS. AF_07/2021","UN",12503.78,0]
["Bocas para Bueiros",102761,"BOCA PARA BUEIRO SIMPLES CELULAR 150 X 150 CM EM CONCRETO, ALAS COM ESCONSIDADE DE 30°, INCLUINDO FÔRMAS E MATERIAIS. AF_07/2021","UN",12884.36,5.7999999999999996E-3]
["Bocas para Bueiros",102791,"BOCA PARA BUEIRO SIMPLES CELULAR 150 X 150 CM EM GABIÃO, ALAS COM ESCONSIDADE DE 45°, INCLUINDO FÔRMAS E MATERIAIS. AF_07/2021","UN",26487.83,0]
["Bocas para Bueiros",102762,"BOCA PARA BUEIRO SIMPLES CELULAR 200 X 200 CM EM CONCRETO, ALAS COM ESCONSIDADE DE 30°, INCLUINDO FÔRMAS E MATERIAIS. AF_07/2021","UN",19848.04,6.1000000000000004E-3]
["Bocas para Bueiros",102792,"BOCA PARA BUEIRO SIMPLES CELULAR 200 X 200 CM EM GABIÃO, ALAS COM ESCONSIDADE DE 45°, INCLUINDO FÔRMAS E MATERIAIS. AF_07/2021","UN",42871.88,0]
["Bocas para Bueiros",102763,"BOCA PARA BUEIRO SIMPLES CELULAR 250 X 250 CM EM CONCRETO, ALAS COM ESCONSIDADE DE 30°, INCLUINDO FÔRMAS E MATERIAIS. AF_07/2021","UN",27568.94,6.1999999999999998E-3]
["Bocas para Bueiros",102793,"BOCA PARA BUEIRO SIMPLES CELULAR 250 X 250 CM EM GABIÃO, ALAS COM ESCONSIDADE DE 45°, INCLUINDO FÔRMAS E MATERIAIS. AF_07/2021","UN",57366.43,0]
["Bocas para Bueiros",102764,"BOCA PARA BUEIRO SIMPLES CELULAR 300 X 300 CM EM CONCRETO, ALAS COM ESCONSIDADE DE 30°, INCLUINDO FÔRMAS E MATERIAIS. AF_07/2021","UN",38777.78,5.3E-3]
["Bocas para Bueiros",102794,"BOCA PARA BUEIRO SIMPLES CELULAR 300 X 300 CM EM GABIÃO, ALAS COM ESCONSIDADE DE 45°, INCLUINDO FÔRMAS E MATERIAIS. AF_07/2021","UN",82055.92,0]
["Bocas para Bueiros",102740,"BOCA PARA BUEIRO SIMPLES TUBULAR D = 100 CM EM CONCRETO, ALAS COM ESCONSIDADE DE 0°, INCLUINDO FÔRMAS E MATERIAIS. AF_07/2021","UN",5542.27,6.4999999999999997E-3]
["Bocas para Bueiros",102752,"BOCA PARA BUEIRO SIMPLES TUBULAR D = 100 CM EM CONCRETO, ALAS COM ESCONSIDADE DE 30°, INCLUINDO FÔRMAS E MATERIAIS. AF_07/2021","UN",7432.6,7.0000000000000001E-3]
["Bocas para Bueiros",102776,"BOCA PARA BUEIRO SIMPLES TUBULAR D = 100 CM EM GABIÃO, ALAS COM ESCONSIDADE DE 45°, INCLUINDO FÔRMAS E MATERIAIS. AF_07/2021","UN",10947.96,0]
["Bocas para Bueiros",102741,"BOCA PARA BUEIRO SIMPLES TUBULAR D = 120 CM EM CONCRETO, ALAS COM ESCONSIDADE DE 0°, INCLUINDO FÔRMAS E MATERIAIS. AF_07/2021","UN",7767.09,6.7000000000000002E-3]
["Bocas para Bueiros",102753,"BOCA PARA BUEIRO SIMPLES TUBULAR D = 120 CM EM CONCRETO, ALAS COM ESCONSIDADE DE 30°, INCLUINDO FÔRMAS E MATERIAIS. AF_07/2021","UN",10980.41,7.1999999999999998E-3]
["Bocas para Bueiros",102777,"BOCA PARA BUEIRO SIMPLES TUBULAR D = 120 CM EM GABIÃO, ALAS COM ESCONSIDADE DE 45°, INCLUINDO FÔRMAS E MATERIAIS. AF_07/2021","UN",16578.009999999998,0]
["Bocas para Bueiros",102742,"BOCA PARA BUEIRO SIMPLES TUBULAR D = 150 CM EM CONCRETO, ALAS COM ESCONSIDADE DE 0°, INCLUINDO FÔRMAS E MATERIAIS. AF_07/2021","UN",13430,7.0000000000000001E-3]
["Bocas para Bueiros",102754,"BOCA PARA BUEIRO SIMPLES TUBULAR D = 150 CM EM CONCRETO, ALAS COM ESCONSIDADE DE 30°, INCLUINDO FÔRMAS E MATERIAIS. AF_07/2021","UN",20845.849999999999,7.4999999999999997E-3]
["Bocas para Bueiros",102778,"BOCA PARA BUEIRO SIMPLES TUBULAR D = 150 CM EM GABIÃO, ALAS COM ESCONSIDADE DE 45°, INCLUINDO FÔRMAS E MATERIAIS. AF_07/2021","UN",24030.400000000001,0]
["Bocas para Bueiros",102737,"BOCA PARA BUEIRO SIMPLES TUBULAR D = 40 CM EM CONCRETO, ALAS COM ESCONSIDADE DE 0°, INCLUINDO FÔRMAS E MATERIAIS. AF_07/2021","UN",1085.46,5.5999999999999999E-3]
["Bocas para Bueiros",102773,"BOCA PARA BUEIRO SIMPLES TUBULAR D = 40 CM EM GABIÃO, ALAS COM ESCONSIDADE DE 45°, INCLUINDO FÔRMAS E MATERIAIS. AF_07/2021","UN",7326.42,0]
["Bocas para Bueiros",102738,"BOCA PARA BUEIRO SIMPLES TUBULAR D = 60 CM EM CONCRETO, ALAS COM ESCONSIDADE DE 0°, INCLUINDO FÔRMAS E MATERIAIS. AF_07/2021","UN",2216.94,6.0000000000000001E-3]
["Bocas para Bueiros",102750,"BOCA PARA BUEIRO SIMPLES TUBULAR D = 60 CM EM CONCRETO, ALAS COM ESCONSIDADE DE 30°, INCLUINDO FÔRMAS E MATERIAIS. AF_07/2021","UN",2700.37,6.1999999999999998E-3]
["Bocas para Bueiros",102774,"BOCA PARA BUEIRO SIMPLES TUBULAR D = 60 CM EM GABIÃO, ALAS COM ESCONSIDADE DE 45°, INCLUINDO FÔRMAS E MATERIAIS. AF_07/2021","UN",7326.42,0]
["Bocas para Bueiros",102739,"BOCA PARA BUEIRO SIMPLES TUBULAR D = 80 CM EM CONCRETO, ALAS COM ESCONSIDADE DE 0°, INCLUINDO FÔRMAS E MATERIAIS. AF_07/2021","UN",3704.2,6.3E-3]
["Bocas para Bueiros",102751,"BOCA PARA BUEIRO SIMPLES TUBULAR D = 80 CM EM CONCRETO, ALAS COM ESCONSIDADE DE 30°, INCLUINDO FÔRMAS E MATERIAIS. AF_07/2021","UN",4676.21,6.6E-3]
["Bocas para Bueiros",102775,"BOCA PARA BUEIRO SIMPLES TUBULAR D = 80 CM EM GABIÃO, ALAS COM ESCONSIDADE DE 45°, INCLUINDO FÔRMAS E MATERIAIS. AF_07/2021","UN",10947.96,0]
["Bocas para Bueiros",102769,"BOCA PARA BUEIRO TRIPLO CELULAR 150 X 150 CM EM CONCRETO, ALAS COM ESCONSIDADE DE 30°, INCLUINDO FÔRMAS E MATERIAIS. AF_07/2021","UN",18600.59,6.0000000000000001E-3]
["Bocas para Bueiros",102799,"BOCA PARA BUEIRO TRIPLO CELULAR 150 X 150 CM EM GABIÃO, ALAS COM ESCONSIDADE DE 45°, INCLUINDO FÔRMAS E MATERIAIS. AF_07/2021","UN",28860.22,0]
["Bocas para Bueiros",102770,"BOCA PARA BUEIRO TRIPLO CELULAR 200 X 200 CM EM CONCRETO, ALAS COM ESCONSIDADE DE 30°, INCLUINDO FÔRMAS E MATERIAIS. AF_07/2021","UN",28495.23,6.7000000000000002E-3]
["Bocas para Bueiros",102800,"BOCA PARA BUEIRO TRIPLO CELULAR 200 X 200 CM EM GABIÃO, ALAS COM ESCONSIDADE DE 45°, INCLUINDO FÔRMAS E MATERIAIS. AF_07/2021","UN",49752.51,0]
["Bocas para Bueiros",102771,"BOCA PARA BUEIRO TRIPLO CELULAR 250 X 250 CM EM CONCRETO, ALAS COM ESCONSIDADE DE 30°, INCLUINDO FÔRMAS E MATERIAIS. AF_07/2021","UN",39814.06,6.7999999999999996E-3]
["Bocas para Bueiros",102801,"BOCA PARA BUEIRO TRIPLO CELULAR 250 X 250 CM EM GABIÃO, ALAS COM ESCONSIDADE DE 45°, INCLUINDO FÔRMAS E MATERIAIS. AF_07/2021","UN",69436.479999999996,0]
["Bocas para Bueiros",102772,"BOCA PARA BUEIRO TRIPLO CELULAR 300 X 300 CM EM CONCRETO, ALAS COM ESCONSIDADE DE 30°, INCLUINDO FÔRMAS E MATERIAIS. AF_07/2021","UN",55875.13,5.4999999999999997E-3]
["Bocas para Bueiros",102802,"BOCA PARA BUEIRO TRIPLO CELULAR 300 X 300 CM EM GABIÃO, ALAS COM ESCONSIDADE DE 45°, INCLUINDO FÔRMAS E MATERIAIS. AF_07/2021","UN",83215.600000000006,0]
["Bocas para Bueiros",102747,"BOCA PARA BUEIRO TRIPLO TUBULAR D = 100 CM EM CONCRETO, ALAS COM ESCONSIDADE DE 0°, INCLUINDO FÔRMAS E MATERIAIS. AF_07/2021","UN",8355.8799999999992,7.1000000000000004E-3]
["Bocas para Bueiros",102758,"BOCA PARA BUEIRO TRIPLO TUBULAR D = 100 CM EM CONCRETO, ALAS COM ESCONSIDADE DE 30°, INCLUINDO FÔRMAS E MATERIAIS. AF_07/2021","UN",13345.95,7.7999999999999996E-3]
["Bocas para Bueiros",102788,"BOCA PARA BUEIRO TRIPLO TUBULAR D = 100 CM EM GABIÃO, ALAS COM ESCONSIDADE DE 45°, INCLUINDO FÔRMAS E MATERIAIS. AF_07/2021","UN",15062.16,0]
["Bocas para Bueiros",102748,"BOCA PARA BUEIRO TRIPLO TUBULAR D = 120 CM EM CONCRETO, ALAS COM ESCONSIDADE DE 0°, INCLUINDO FÔRMAS E MATERIAIS. AF_07/2021","UN",11673.75,7.3000000000000001E-3]
["Bocas para Bueiros",102759,"BOCA PARA BUEIRO TRIPLO TUBULAR D = 120 CM EM CONCRETO, ALAS COM ESCONSIDADE DE 30°, INCLUINDO FÔRMAS E MATERIAIS. AF_07/2021","UN",19812.169999999998,8.0999999999999996E-3]
["Bocas para Bueiros",102789,"BOCA PARA BUEIRO TRIPLO TUBULAR D = 120 CM EM GABIÃO, ALAS COM ESCONSIDADE DE 45°, INCLUINDO FÔRMAS E MATERIAIS. AF_07/2021","UN",19804.669999999998,0]
["Bocas para Bueiros",102749,"BOCA PARA BUEIRO TRIPLO TUBULAR D = 150 CM EM CONCRETO, ALAS COM ESCONSIDADE DE 0°, INCLUINDO FÔRMAS E MATERIAIS. AF_07/2021","UN",20014.55,7.6E-3]
["Bocas para Bueiros",102760,"BOCA PARA BUEIRO TRIPLO TUBULAR D = 150 CM EM CONCRETO, ALAS COM ESCONSIDADE DE 30°, INCLUINDO FÔRMAS E MATERIAIS. AF_07/2021","UN",36466.129999999997,8.3999999999999995E-3]
["Bocas para Bueiros",102790,"BOCA PARA BUEIRO TRIPLO TUBULAR D = 150 CM EM GABIÃO, ALAS COM ESCONSIDADE DE 45°, INCLUINDO FÔRMAS E MATERIAIS. AF_07/2021","UN",32273.17,0]
["Bocas para Bueiros",102785,"BOCA PARA BUEIRO TRIPLO TUBULAR D = 40 CM EM GABIÃO, ALAS COM ESCONSIDADE DE 45°, INCLUINDO FÔRMAS E MATERIAIS. AF_07/2021","UN",8429.5499999999993,0]
["Bocas para Bueiros",102786,"BOCA PARA BUEIRO TRIPLO TUBULAR D = 60 CM EM GABIÃO, ALAS COM ESCONSIDADE DE 45°, INCLUINDO FÔRMAS E MATERIAIS. AF_07/2021","UN",9279.76,0]
["Bocas para Bueiros",102787,"BOCA PARA BUEIRO TRIPLO TUBULAR D = 80 CM EM GABIÃO, ALAS COM ESCONSIDADE DE 45°, INCLUINDO FÔRMAS E MATERIAIS. AF_07/2021","UN",13806.68,0]
["Bocas para Bueiros",102736,"CONCRETAGEM DE BOCA PARA BUEIRO, FCK = 20 MPA, COM USO DE BOMBA - LANÇAMENTO, ADENSAMENTO E ACABAMENTO. AF_07/2021","M3",598.37,2.0000000000000001E-4]
["Bocas para Bueiros",102727,"FABRICAÇÃO, MONTAGEM E DESMONTAGEM DE FÔRMA PARA BOCA PARA BUEIRO, EM CHAPA DE MADEIRA COMPENSADA RESINADA, E = 17 MM, 2 UTILIZAÇÕES. AF_07/2021","M2",100.56,0]
["Bombas Hidráulicas - Centrífugas, Horizontais e Submersíveis",102112,"BOMBA CENTRÍFUGA, MONOFÁSICA, 0,5 CV OU 0,49 HP, HM 6 A 20 M, Q 1,2 A 8,3 M3/H (NÃO INCLUI O FORNECIMENTO DA BOMBA). AF_12/2020","UN",153.22,3.7100000000000001E-2]
["Bombas Hidráulicas - Centrífugas, Horizontais e Submersíveis",102111,"BOMBA CENTRÍFUGA, MONOFÁSICA, 0,5 CV OU 0,49 HP, HM 6 A 20 M, Q 1,2 A 8,3 M3/H - FORNECIMENTO E INSTALAÇÃO. AF_12/2020","UN",768.31,7.4000000000000003E-3]
["Bombas Hidráulicas - Centrífugas, Horizontais e Submersíveis",102114,"BOMBA CENTRÍFUGA, TRIFÁSICA, 1 CV OU 0,99 HP, HM 14 A 40 M, Q 0,6 A 8,4 M3/H (NÃO INCLUI O FORNECIMENTO DA BOMBA). AF_12/2020","UN",157.08000000000001,3.6200000000000003E-2]
["Bombas Hidráulicas - Centrífugas, Horizontais e Submersíveis",102113,"BOMBA CENTRÍFUGA, TRIFÁSICA, 1 CV OU 0,99 HP, HM 14 A 40 M, Q 0,6 A 8,4 M3/H - FORNECIMENTO E INSTALAÇÃO. AF_12/2020","UN",1193.92,4.7999999999999996E-3]
["Bombas Hidráulicas - Centrífugas, Horizontais e Submersíveis",102117,"BOMBA CENTRÍFUGA, TRIFÁSICA, 1,5 CV OU 1,48 HP (NÃO INCLUI O FORNECIMENTO DA BOMBA). AF_12/2020","UN",161.78,3.5099999999999999E-2]
["Bombas Hidráulicas - Centrífugas, Horizontais e Submersíveis",102116,"BOMBA CENTRÍFUGA, TRIFÁSICA, 1,5 CV OU 1,48 HP, HM 10 A 24 M, Q 6,1 A 21,9 M3/H - FORNECIMENTO E INSTALAÇÃO. AF_12/2020","UN",1273.27,4.4999999999999997E-3]
["Bombas Hidráulicas - Centrífugas, Horizontais e Submersíveis",102132,"BOMBA CENTRÍFUGA, TRIFÁSICA, 1,5 CV OU 1,48 HP, HM 10 A 24 M, Q 6,1 A 21,9 M3/H, 2 UNIDADES, INCLUSO QUADRO ELÉTRICO - FORNECIMENTO E INSTALAÇÃO. AF_12/2020","UN",0]
["Bombas Hidráulicas - Centrífugas, Horizontais e Submersíveis",102115,"BOMBA CENTRÍFUGA, TRIFÁSICA, 1,5 CV OU 1,48 HP, HM 10 A 70 M, Q 1,8 A 5,3 M3/H - FORNECIMENTO E INSTALAÇÃO. AF_12/2020","UN",2064.56,2.8E-3]
["Bombas Hidráulicas - Centrífugas, Horizontais e Submersíveis",102123,"BOMBA CENTRÍFUGA, TRIFÁSICA, 10 CV OU 9,86 HP, HM 85 A 140 M, Q 4,2 A 14,9 M3/H (NÃO INCLUI O FORNECIMENTO DA BOMBA). AF_12/2020","UN",220.08,2.58E-2]
["Bombas Hidráulicas - Centrífugas, Horizontais e Submersíveis",102122,"BOMBA CENTRÍFUGA, TRIFÁSICA, 10 CV OU 9,86 HP, HM 85 A 140 M, Q 4,2 A 14,9 M3/H - FORNECIMENTO E INSTALAÇÃO. AF_12/2020","UN",5689.8,1E-3]
["Bombas Hidráulicas - Centrífugas, Horizontais e Submersíveis",102119,"BOMBA CENTRÍFUGA, TRIFÁSICA, 3 CV OU 2,96 HP, HM 34 A 40 M, Q 8,6 A 14,8 M3/H (NÃO INCLUI O FORNECIMENTO DA BOMBA). AF_12/2020","UN",165.82,3.4299999999999997E-2]
["Bombas Hidráulicas - Centrífugas, Horizontais e Submersíveis",102118,"BOMBA CENTRÍFUGA, TRIFÁSICA, 3 CV OU 2,96 HP, HM 34 A 40 M, Q 8,6 A 14,8 M3/H - FORNECIMENTO E INSTALAÇÃO. AF_12/2020","UN",1716.7,3.3E-3]
["Bombas Hidráulicas - Centrífugas, Horizontais e Submersíveis",102133,"BOMBA CENTRÍFUGA, TRIFÁSICA, 3 CV OU 2,96 HP, HM 34 A 40 M, Q 8,6 A 14,8 M3/H, 2 UNIDADES, INCLUSO QUADRO ELÉTRICO - FORNECIMENTO E INSTALAÇÃO. AF_12/2020","UN",0]
["Bombas Hidráulicas - Centrífugas, Horizontais e Submersíveis",102127,"BOMBA SUBMERSÍVEL, TRIFÁSICA, 3,80 CV OU 3,75 HP, HM 5 A 25,5 M, Q 3,6 A 61,2 M3/H (NÃO INCLUI O FORNECIMENTO DA BOMBA). AF_12/2020","UN",692.12,0]
["Bombas Hidráulicas - Centrífugas, Horizontais e Submersíveis",102126,"BOMBA SUBMERSÍVEL, TRIFÁSICA, 3,80 CV OU 3,75 HP, HM 5 A 25,5 M, Q 3,6 A 61,2 M3/H - FORNECIMENTO E INSTALAÇÃO. AF_12/2020","UN",7282.74,0]
["Bombas Hidráulicas - Centrífugas, Horizontais e Submersíveis",102137,"CHAVE DE BOIA AUTOMÁTICA SUPERIOR/INFERIOR 15A/250V - FORNECIMENTO E INSTALAÇÃO. AF_12/2020","UN",89.29,0]
["Bombas Hidráulicas - Centrífugas, Horizontais e Submersíveis",102136,"INSTALAÇÃO DE QUADRO ELÉTRICO PARA BOMBAS TRIFÁSICAS ATÉ 25 CV (NÃO INCLUI O FORNECIMENTO DO QUADRO). AF_12/2020","UN",79.59,0]
["Bombas Hidráulicas - Centrífugas, Horizontais e Submersíveis",102121,"MOTO BOMBA HORIZONTAL ATÉ 10 CV, HM 75 A 80 M, Q 25,4 A 48 (NÃO INCLUI O FORNECIMENTO DA BOMBA). AF_12/2020","UN",208.05,2.7300000000000001E-2]
["Bombas Hidráulicas - Centrífugas, Horizontais e Submersíveis",102120,"MOTO BOMBA HORIZONTAL ATÉ 10 CV, HM 75 A 80 M, Q 25,4 A 48 - FORNECIMENTO E INSTALAÇÃO. AF_12/2020","UN",0]
["Bombas Hidráulicas - Centrífugas, Horizontais e Submersíveis",102138,"MOTO BOMBA HORIZONTAL DE 12,5 A 25 CV, HM 140 M (NÃO INCLUI O FORNECIMENTO DA BOMBA). AF_12/2020","UN",239.67,2.3699999999999999E-2]
["Bombas Hidráulicas - Centrífugas, Horizontais e Submersíveis",102334,"MOTO BOMBA HORIZONTAL DE 12,5 A 25CV, HM 140 M - FORNECIMENTO E INSTALAÇÃO. AF_12/2020","UN",0]
["Bombas Hidráulicas - Centrífugas, Horizontais e Submersíveis",102129,"MOTO BOMBA SUBMERSÍVEL ATÉ 10 CV, HM 21 M (NÃO INCLUI O FORNECIMENTO DA BOMBA). AF_12/2020","UN",980.85,0]
["Bombas Hidráulicas - Centrífugas, Horizontais e Submersíveis",102128,"MOTO BOMBA SUBMERSÍVEL ATÉ 10 CV, HM 21 M - FORNECIMENTO E INSTALAÇÃO. AF_12/2020","UN",0]
["Bombas Hidráulicas - Centrífugas, Horizontais e Submersíveis",102131,"MOTO BOMBA SUBMERSÍVEL DE 11 A 25 CV, HM 33 M (NÃO INCLUI O FORNECIMENTO DA BOMBA). AF_12/2020","UN",980.85,0]
["Bombas Hidráulicas - Centrífugas, Horizontais e Submersíveis",102130,"MOTO BOMBA SUBMERSÍVEL DE 11 A 25 CV, HM 33 M - FORNECIMENTO E INSTALAÇÃO. AF_12/2020","UN",0]
["Bombas Hidráulicas - Centrífugas, Horizontais e Submersíveis",102134,"QUADRO ELÉTRICO PARA 2 BOMBAS CENTRÍFUGAS TRIFÁSICAS 1,5 CV - FORNECIMENTO E INSTALAÇÃO. AF_12/2020","UN",0]
["Bombas Hidráulicas - Centrífugas, Horizontais e Submersíveis",102135,"QUADRO ELÉTRICO PARA 2 BOMBAS CENTRÍFUGAS TRIFÁSICAS 3 CV - FORNECIMENTO E INSTALAÇÃO. AF_12/2020","UN",0]
["Brises",104941,"FORNECIMENTO E INSTALAÇÃO DE BRISE DE ALUMÍNIO B57, COM PINTURA ELETROSTÁTICA BRANCA, ACABAMENTO LISO, FIXADO EM PORTA-PAINEL RANHURADO. AF_03/2024","M2",0]
["Brises",104942,"FORNECIMENTO E INSTALAÇÃO DE BRISE DE ALUZINC SL4, COM PINTURA ELETROSTÁTICA BRANCA, INCLINAÇÃO DE 45°, ACABAMENTO LISO, FIXADO EM PORTA-PAINEL RANHURADO. AF_03/2024","M2",0]
["Brises",104940,"FORNECIMENTO E INSTALAÇÃO DE CAIXA DE ALUMÍNIO PROTETORA PARA CONDENSADORA DE AR-CONDICIONADO, PINTURA ELETROSTÁTICA BRANCA, DIMENSÕES 100 CM X 78 CM X 50 CM. AF_03/2024","UN",0]
["Brises",104943,"FORNECIMENTO E INSTALAÇÃO DE CONJUNTO DE BRISE EM REQUADRO DE ALUMÍNIO DESLIZANTE, COM PERFIS INTERNOS TUBULARES FIXOS, COM PINTURA ELETROSTÁTICA BRANCA, ACABAMENTO, 150 CM X 265 CM. AF_03/2024","M2",0]
["Caixas Enterradas",101801,"CAIXA COM GRELHA RETANGULAR DE FERRO FUNDIDO, EM ALVENARIA COM BLOCOS DE CONCRETO, DIMENSÕES INTERNAS: 0,30 X 1,00 X 1,00. AF_12/2020","UN",1069.47,0.3216]
["Caixas Enterradas",101800,"CAIXA COM GRELHA RETANGULAR DE FERRO FUNDIDO, EM ALVENARIA COM TIJOLOS CERÂMICOS MACIÇOS, DIMENSÕES INTERNAS: 0,30 X 1,00 X 1,00. AF_12/2020","UN",1416.31,0.24279999999999999]
["Caixas Enterradas",98108,"CAIXA DE GORDURA DUPLA (CAPACIDADE: 126 L), RETANGULAR, EM ALVENARIA COM BLOCOS DE CONCRETO, DIMENSÕES INTERNAS = 0,4X0,7 M, ALTURA INTERNA = 0,8 M. AF_12/2020","UN",508.86,2E-3]
["Caixas Enterradas",98105,"CAIXA DE GORDURA DUPLA (CAPACIDADE: 126 L), RETANGULAR, EM ALVENARIA COM TIJOLOS CERÂMICOS MACIÇOS, DIMENSÕES INTERNAS = 0,4X0,7 M, ALTURA INTERNA = 0,8 M. AF_12/2020","UN",634.91999999999996,1.6000000000000001E-3]
["Caixas Enterradas",98109,"CAIXA DE GORDURA ESPECIAL (CAPACIDADE: 312 L - PARA ATÉ 146 PESSOAS SERVIDAS NO PICO), RETANGULAR, EM ALVENARIA COM BLOCOS DE CONCRETO, DIMENSÕES INTERNAS = 0,4X1,2 M, ALTURA INTERNA = 1 M. AF_12/2020","UN",826.32,2.8999999999999998E-3]
["Caixas Enterradas",98106,"CAIXA DE GORDURA ESPECIAL (CAPACIDADE: 312 L - PARA ATÉ 146 PESSOAS SERVIDAS NO PICO), RETANGULAR, EM ALVENARIA COM TIJOLOS CERÂMICOS MACIÇOS, DIMENSÕES INTERNAS = 0,4X1,2 M, ALTURA INTERNA = 1 M. AF_12/2020","UN",1045.01,2.3E-3]
["Caixas Enterradas",98110,"CAIXA DE GORDURA PEQUENA (CAPACIDADE: 19 L), CIRCULAR, EM PVC, DIÂMETRO INTERNO= 0,3 M. AF_12/2020","UN",295.64999999999998,0]
["Caixas Enterradas",98107,"CAIXA DE GORDURA SIMPLES (CAPACIDADE: 36 L), RETANGULAR, EM ALVENARIA COM BLOCOS DE CONCRETO, DIMENSÕES INTERNAS = 0,2X0,4 M, ALTURA INTERNA = 0,8 M. AF_12/2020","UN",284.66000000000003,1.9E-3]
["Caixas Enterradas",98104,"CAIXA DE GORDURA SIMPLES (CAPACIDADE: 36L), RETANGULAR, EM ALVENARIA COM TIJOLOS CERÂMICOS MACIÇOS, DIMENSÕES INTERNAS = 0,2X0,4 M, ALTURA INTERNA = 0,8 M. AF_12/2020","UN",362.69,1.5E-3]
["Caixas Enterradas",98102,"CAIXA DE GORDURA SIMPLES, CIRCULAR, EM CONCRETO PRÉ-MOLDADO, DIÂMETRO INTERNO = 0,4 M, ALTURA INTERNA = 0,4 M. AF_12/2020","UN",145.97,1.4E-2]
["Caixas Enterradas",98111,"CAIXA DE INSPEÇÃO PARA ATERRAMENTO, CIRCULAR, EM POLIETILENO, DIÂMETRO INTERNO = 0,3 M. AF_12/2020","UN",42.78,0]
["Caixas Enterradas",97891,"CAIXA ENTERRADA ELÉTRICA RETANGULAR, EM ALVENARIA COM BLOCOS DE CONCRETO, FUNDO COM BRITA, DIMENSÕES INTERNAS: 0,4X0,4X0,4 M. AF_12/2020","UN",211.62,3.8999999999999998E-3]
["Caixas Enterradas",97892,"CAIXA ENTERRADA ELÉTRICA RETANGULAR, EM ALVENARIA COM BLOCOS DE CONCRETO, FUNDO COM BRITA, DIMENSÕES INTERNAS: 0,6X0,6X0,6 M. AF_12/2020","UN",396.45,6.1999999999999998E-3]
["Caixas Enterradas",97893,"CAIXA ENTERRADA ELÉTRICA RETANGULAR, EM ALVENARIA COM BLOCOS DE CONCRETO, FUNDO COM BRITA, DIMENSÕES INTERNAS: 0,8X0,8X0,6 M. AF_12/2020","UN",547.75,7.0000000000000001E-3]
["Caixas Enterradas",97894,"CAIXA ENTERRADA ELÉTRICA RETANGULAR, EM ALVENARIA COM BLOCOS DE CONCRETO, FUNDO COM BRITA, DIMENSÕES INTERNAS: 1X1X0,6 M. AF_12/2020","UN",604.96,2.8899999999999999E-2]
["Caixas Enterradas",97886,"CAIXA ENTERRADA ELÉTRICA RETANGULAR, EM ALVENARIA COM TIJOLOS CERÂMICOS MACIÇOS, FUNDO COM BRITA, DIMENSÕES INTERNAS: 0,3X0,3X0,3 M. AF_12/2020","UN",165.62,3.3999999999999998E-3]
["Caixas Enterradas",97887,"CAIXA ENTERRADA ELÉTRICA RETANGULAR, EM ALVENARIA COM TIJOLOS CERÂMICOS MACIÇOS, FUNDO COM BRITA, DIMENSÕES INTERNAS: 0,4X0,4X0,4 M. AF_12/2020","UN",260.45,3.0999999999999999E-3]
["Caixas Enterradas",97888,"CAIXA ENTERRADA ELÉTRICA RETANGULAR, EM ALVENARIA COM TIJOLOS CERÂMICOS MACIÇOS, FUNDO COM BRITA, DIMENSÕES INTERNAS: 0,6X0,6X0,6 M. AF_12/2020","UN",499.68,4.8999999999999998E-3]
["Caixas Enterradas",97889,"CAIXA ENTERRADA ELÉTRICA RETANGULAR, EM ALVENARIA COM TIJOLOS CERÂMICOS MACIÇOS, FUNDO COM BRITA, DIMENSÕES INTERNAS: 0,8X0,8X0,6 M. AF_12/2020","UN",679.42,5.5999999999999999E-3]
["Caixas Enterradas",97890,"CAIXA ENTERRADA ELÉTRICA RETANGULAR, EM ALVENARIA COM TIJOLOS CERÂMICOS MACIÇOS, FUNDO COM BRITA, DIMENSÕES INTERNAS: 1X1X0,6 M. AF_12/2020","UN",764.49,2.29E-2]
["Caixas Enterradas",97881,"CAIXA ENTERRADA ELÉTRICA RETANGULAR, EM CONCRETO PRÉ-MOLDADO, FUNDO COM BRITA, DIMENSÕES INTERNAS: 0,3X0,3X0,3 M. AF_12/2020","UN",119.39,3.0999999999999999E-3]
["Caixas Enterradas",97882,"CAIXA ENTERRADA ELÉTRICA RETANGULAR, EM CONCRETO PRÉ-MOLDADO, FUNDO COM BRITA, DIMENSÕES INTERNAS: 0,4X0,4X0,4 M. AF_12/2020","UN",187.35,2.5999999999999999E-3]
["Caixas Enterradas",97883,"CAIXA ENTERRADA ELÉTRICA RETANGULAR, EM CONCRETO PRÉ-MOLDADO, FUNDO COM BRITA, DIMENSÕES INTERNAS: 0,6X0,6X0,5 M. AF_12/2020","UN",360.97,1.46E-2]
["Caixas Enterradas",97884,"CAIXA ENTERRADA ELÉTRICA RETANGULAR, EM CONCRETO PRÉ-MOLDADO, FUNDO COM BRITA, DIMENSÕES INTERNAS: 0,8X0,8X0,5 M. AF_12/2020","UN",701.58,1.12E-2]
["Caixas Enterradas",97885,"CAIXA ENTERRADA ELÉTRICA RETANGULAR, EM CONCRETO PRÉ-MOLDADO, FUNDO COM BRITA, DIMENSÕES INTERNAS: 1X1X0,5 M. AF_12/2020","UN",1074.43,1.4200000000000001E-2]
["Caixas Enterradas",99250,"CAIXA ENTERRADA HIDRÁULICA RETANGULAR EM ALVENARIA COM TIJOLOS CERÂMICOS MACIÇOS, DIMENSÕES INTERNAS: 0,3X0,3X0,3 M PARA REDE DE DRENAGEM. AF_12/2020","UN",182.02,3.0999999999999999E-3]
["Caixas Enterradas",97900,"CAIXA ENTERRADA HIDRÁULICA RETANGULAR EM ALVENARIA COM TIJOLOS CERÂMICOS MACIÇOS, DIMENSÕES INTERNAS: 0,3X0,3X0,3 M PARA REDE DE ESGOTO. AF_12/2020","UN",186.7,3.0999999999999999E-3]
["Caixas Enterradas",99251,"CAIXA ENTERRADA HIDRÁULICA RETANGULAR EM ALVENARIA COM TIJOLOS CERÂMICOS MACIÇOS, DIMENSÕES INTERNAS: 0,4X0,4X0,4 M PARA REDE DE DRENAGEM. AF_12/2020","UN",284.37,2.8999999999999998E-3]
["Caixas Enterradas",97901,"CAIXA ENTERRADA HIDRÁULICA RETANGULAR EM ALVENARIA COM TIJOLOS CERÂMICOS MACIÇOS, DIMENSÕES INTERNAS: 0,4X0,4X0,4 M PARA REDE DE ESGOTO. AF_12/2020","UN",292.41000000000003,2.8E-3]
["Caixas Enterradas",99253,"CAIXA ENTERRADA HIDRÁULICA RETANGULAR EM ALVENARIA COM TIJOLOS CERÂMICOS MACIÇOS, DIMENSÕES INTERNAS: 0,6X0,6X0,6 M PARA REDE DE DRENAGEM. AF_12/2020","UN",546.27,4.4000000000000003E-3]
["Caixas Enterradas",97902,"CAIXA ENTERRADA HIDRÁULICA RETANGULAR EM ALVENARIA COM TIJOLOS CERÂMICOS MACIÇOS, DIMENSÕES INTERNAS: 0,6X0,6X0,6 M PARA REDE DE ESGOTO. AF_12/2020","UN",564.30999999999995,4.3E-3]
["Caixas Enterradas",99255,"CAIXA ENTERRADA HIDRÁULICA RETANGULAR EM ALVENARIA COM TIJOLOS CERÂMICOS MACIÇOS, DIMENSÕES INTERNAS: 0,8X0,8X0,6 M PARA REDE DE DRENAGEM. AF_12/2020","UN",763,5.0000000000000001E-3]
["Caixas Enterradas",97903,"CAIXA ENTERRADA HIDRÁULICA RETANGULAR EM ALVENARIA COM TIJOLOS CERÂMICOS MACIÇOS, DIMENSÕES INTERNAS: 0,8X0,8X0,6 M PARA REDE DE ESGOTO. AF_12/2020","UN",787.74,4.7999999999999996E-3]
["Caixas Enterradas",99257,"CAIXA ENTERRADA HIDRÁULICA RETANGULAR EM ALVENARIA COM TIJOLOS CERÂMICOS MACIÇOS, DIMENSÕES INTERNAS: 1X1X0,6 M PARA REDE DE DRENAGEM. AF_12/2020","UN",892.75,1.4E-2]
["Caixas Enterradas",97904,"CAIXA ENTERRADA HIDRÁULICA RETANGULAR EM ALVENARIA COM TIJOLOS CERÂMICOS MACIÇOS, DIMENSÕES INTERNAS: 1X1X0,6 M PARA REDE DE ESGOTO. AF_12/2020","UN",924.75,1.35E-2]
["Caixas Enterradas",99258,"CAIXA ENTERRADA HIDRÁULICA RETANGULAR, EM ALVENARIA COM BLOCOS DE CONCRETO, DIMENSÕES INTERNAS: 0,4X0,4X0,4 M PARA REDE DE DRENAGEM. AF_12/2020","UN",244.86,3.3E-3]
["Caixas Enterradas",97905,"CAIXA ENTERRADA HIDRÁULICA RETANGULAR, EM ALVENARIA COM BLOCOS DE CONCRETO, DIMENSÕES INTERNAS: 0,4X0,4X0,4 M PARA REDE DE ESGOTO. AF_12/2020","UN",249.97,3.3E-3]
["Caixas Enterradas",99260,"CAIXA ENTERRADA HIDRÁULICA RETANGULAR, EM ALVENARIA COM BLOCOS DE CONCRETO, DIMENSÕES INTERNAS: 0,6X0,6X0,6 M PARA REDE DE DRENAGEM. AF_12/2020","UN",451.94,5.4000000000000003E-3]
["Caixas Enterradas",97906,"CAIXA ENTERRADA HIDRÁULICA RETANGULAR, EM ALVENARIA COM BLOCOS DE CONCRETO, DIMENSÕES INTERNAS: 0,6X0,6X0,6 M PARA REDE DE ESGOTO. AF_12/2020","UN",463.31,5.1999999999999998E-3]
["Caixas Enterradas",99262,"CAIXA ENTERRADA HIDRÁULICA RETANGULAR, EM ALVENARIA COM BLOCOS DE CONCRETO, DIMENSÕES INTERNAS: 0,8X0,8X0,6 M PARA REDE DE DRENAGEM. AF_12/2020","UN",642.65,5.8999999999999999E-3]
["Caixas Enterradas",97907,"CAIXA ENTERRADA HIDRÁULICA RETANGULAR, EM ALVENARIA COM BLOCOS DE CONCRETO, DIMENSÕES INTERNAS: 0,8X0,8X0,6 M PARA REDE DE ESGOTO. AF_12/2020","UN",658.86,5.7999999999999996E-3]
["Caixas Enterradas",99264,"CAIXA ENTERRADA HIDRÁULICA RETANGULAR, EM ALVENARIA COM BLOCOS DE CONCRETO, DIMENSÕES INTERNAS: 1X1X0,6 M PARA REDE DE DRENAGEM. AF_12/2020","UN",750.34,1.66E-2]
["Caixas Enterradas",97908,"CAIXA ENTERRADA HIDRÁULICA RETANGULAR, EM ALVENARIA COM BLOCOS DE CONCRETO, DIMENSÕES INTERNAS: 1X1X0,6 M PARA REDE DE ESGOTO. AF_12/2020","UN",772.26,1.6199999999999999E-2]
["Caixas Enterradas",97895,"CAIXA ENTERRADA HIDRÁULICA RETANGULAR, EM CONCRETO PRÉ-MOLDADO, DIMENSÕES INTERNAS: 0,3X0,3X0,3 M. AF_12/2020","UN",152.57,0]
["Caixas Enterradas",97896,"CAIXA ENTERRADA HIDRÁULICA RETANGULAR, EM CONCRETO PRÉ-MOLDADO, DIMENSÕES INTERNAS: 0,4X0,4X0,4 M. AF_12/2020","UN",282.85000000000002,8.3999999999999995E-3]
["Caixas Enterradas",97897,"CAIXA ENTERRADA HIDRÁULICA RETANGULAR, EM CONCRETO PRÉ-MOLDADO, DIMENSÕES INTERNAS: 0,6X0,6X0,5 M. AF_12/2020","UN",368.79,1.5699999999999999E-2]
["Caixas Enterradas",97898,"CAIXA ENTERRADA HIDRÁULICA RETANGULAR, EM CONCRETO PRÉ-MOLDADO, DIMENSÕES INTERNAS: 0,8X0,8X0,5 M. AF_12/2020","UN",738.69,1.55E-2]
["Caixas Enterradas",97899,"CAIXA ENTERRADA HIDRÁULICA RETANGULAR, EM CONCRETO PRÉ-MOLDADO, DIMENSÕES INTERNAS: 1X1X0,5 M. AF_12/2020","UN",0]
["Caixas Enterradas",101795,"CAIXA ENTERRADA PARA INSTALAÇÕES TELEFÔNICAS TIPO R1, EM ALVENARIA COM BLOCOS DE CONCRETO, DIMENSÕES INTERNAS: 0,35X0,60X0,60 M, EXCLUINDO TAMPÃO. AF_12/2020","UN",601.30999999999995,1.06E-2]
["Caixas Enterradas",101796,"CAIXA ENTERRADA PARA INSTALAÇÕES TELEFÔNICAS TIPO R2, EM ALVENARIA COM BLOCOS DE CONCRETO, DIMENSÕES INTERNAS: 0,52X1,07X0,60 M, EXCLUINDO TAMPÃO. AF_12/2020","UN",0]
["Caixas Enterradas",101797,"CAIXA ENTERRADA PARA INSTALAÇÕES TELEFÔNICAS TIPO R3, EM ALVENARIA COM BLOCOS DE CONCRETO, DIMENSÕES INTERNAS: 1,2X1,5X1,40 M, EXCLUINDO TAMPÃO. AF_12/2020","UN",0]
["Caixas Enterradas",101802,"CAIXA ENTERRADA RETENTORA DE AREIA RETANGULAR, EM ALVENARIA COM BLOCOS DE CONCRETO, DIMENSÕES INTERNAS: 1,00 X 1,00 X 1,20 M, EXCLUINDO TAMPÃO. AF_12/2020","UN",1757.31,1.4500000000000001E-2]
["Caixas Enterradas",101803,"CAIXA ENTERRADA SEPARADORA DE ÓLEO RETANGULAR, EM ALVENARIA COM BLOCOS DE CONCRETO, DIMENSÕES INTERNAS: 0,6 X 0,6 X 1,00 M, EXCLUINDO TAMPÃO. AF_12/2020","UN",1124.6500000000001,6.4000000000000003E-3]
["Caixas Enterradas",101804,"CAIXA ENTERRADA SEPARADORA DE ÓLEO RETANGULAR, EM ALVENARIA COM BLOCOS DE CONCRETO, DIMENSÕES INTERNAS: 0,8 X 0,8 X 1,00 M, EXCLUINDO TAMPÃO. AF_12/2020","UN",1410.16,1.35E-2]
["Caixas Enterradas",101805,"CAIXA ENTERRADA SEPARADORA DE ÓLEO RETANGULAR, EM ALVENARIA COM BLOCOS DE CONCRETO, DIMENSÕES INTERNAS: 1,00 X 1,00 X 1,00 M, EXCLUINDO TAMPÃO. AF_12/2020","UN",1794.3,1.4500000000000001E-2]
["Caixas Enterradas",98115,"TAMPA CIRCULAR PARA ESGOTO E DRENAGEM, EM CONCRETO PRÉ-MOLDADO, DIÂMETRO INTERNO = 0,60 M E ALTURA = 0,10 M. AF_12/2020","UN",102.04,1.0800000000000001E-2]
["Caixas Enterradas",98114,"TAMPA CIRCULAR PARA ESGOTO E DRENAGEM, EM FERRO FUNDIDO, DIÂMETRO INTERNO = 0,6 M. AF_12/2020","UN",630.69000000000005,0.8901]
["Caixas Enterradas",98112,"TIL (TUBO DE INSPEÇÃO E LIMPEZA) CONDOMINIAL PARA ESGOTO, EM PVC, DN 100 X 100 MM. AF_12/2020","UN",82.92,0]
["Caixas Enterradas",100128,"TIL (TUBO DE INSPEÇÃO E LIMPEZA) RADIAL PARA ESGOTO, EM PVC, DN 300X200 MM. AF_12/2020","UN",1247.33,0]
["Caixas de Água para Edificações",102623,"CAIXA D´ÁGUA EM POLIETILENO, 1000 LITROS (INCLUSOS TUBOS, CONEXÕES E TORNEIRA DE BÓIA) - FORNECIMENTO E INSTALAÇÃO. AF_06/2021","UN",790.53,0]
["Caixas de Água para Edificações",102607,"CAIXA D´ÁGUA EM POLIETILENO, 1000 LITROS - FORNECIMENTO E INSTALAÇÃO. AF_06/2021","UN",427.99,0]
["Caixas de Água para Edificações",102608,"CAIXA D´ÁGUA EM POLIETILENO, 1500 LITROS - FORNECIMENTO E INSTALAÇÃO. AF_06/2021","UN",979.96,0]
["Caixas de Água para Edificações",102609,"CAIXA D´ÁGUA EM POLIETILENO, 2000 LITROS - FORNECIMENTO E INSTALAÇÃO. AF_06/2021","UN",1113.81,0]
["Caixas de Água para Edificações",102610,"CAIXA D´ÁGUA EM POLIETILENO, 3000 LITROS - FORNECIMENTO E INSTALAÇÃO. AF_06/2021","UN",1913.37,0]
["Caixas de Água para Edificações",102622,"CAIXA D´ÁGUA EM POLIETILENO, 500 LITROS (INCLUSOS TUBOS, CONEXÕES E TORNEIRA DE BÓIA) - FORNECIMENTO E INSTALAÇÃO. AF_06/2021","UN",571.34,0]
["Caixas de Água para Edificações",102605,"CAIXA D´ÁGUA EM POLIETILENO, 500 LITROS - FORNECIMENTO E INSTALAÇÃO. AF_06/2021","UN",259.56,0]
["Caixas de Água para Edificações",102606,"CAIXA D´ÁGUA EM POLIETILENO, 750 LITROS - FORNECIMENTO E INSTALAÇÃO. AF_06/2021","UN",399.72,0]
["Caixas de Água para Edificações",102613,"CAIXA D´ÁGUA EM POLIÉSTER REFORÇADO COM FIBRA DE VIDRO, 1000 LITROS - FORNECIMENTO E INSTALAÇÃO. AF_06/2021","UN",599.53,0]
["Caixas de Água para Edificações",102619,"CAIXA D´ÁGUA EM POLIÉSTER REFORÇADO COM FIBRA DE VIDRO, 10000 LITROS - FORNECIMENTO E INSTALAÇÃO. AF_06/2021","UN",5157.2,8.4000000000000005E-2]
["Caixas de Água para Edificações",102614,"CAIXA D´ÁGUA EM POLIÉSTER REFORÇADO COM FIBRA DE VIDRO, 1500 LITROS - FORNECIMENTO E INSTALAÇÃO. AF_06/2021","UN",921.58,0]
["Caixas de Água para Edificações",102620,"CAIXA D´ÁGUA EM POLIÉSTER REFORÇADO COM FIBRA DE VIDRO, 15000 LITROS - FORNECIMENTO E INSTALAÇÃO. AF_06/2021","UN",7466.53,5.8000000000000003E-2]
["Caixas de Água para Edificações",102615,"CAIXA D´ÁGUA EM POLIÉSTER REFORÇADO COM FIBRA DE VIDRO, 2000 LITROS - FORNECIMENTO E INSTALAÇÃO. AF_06/2021","UN",1156.57,0]
["Caixas de Água para Edificações",102621,"CAIXA D´ÁGUA EM POLIÉSTER REFORÇADO COM FIBRA DE VIDRO, 20000 LITROS - FORNECIMENTO E INSTALAÇÃO. AF_06/2021","UN",11446.1,3.78E-2]
["Caixas de Água para Edificações",102616,"CAIXA D´ÁGUA EM POLIÉSTER REFORÇADO COM FIBRA DE VIDRO, 3000 LITROS - FORNECIMENTO E INSTALAÇÃO. AF_06/2021","UN",1711.79,0]
["Caixas de Água para Edificações",102611,"CAIXA D´ÁGUA EM POLIÉSTER REFORÇADO COM FIBRA DE VIDRO, 500 LITROS - FORNECIMENTO E INSTALAÇÃO. AF_06/2021","UN",430.83,0]
["Caixas de Água para Edificações",102617,"CAIXA D´ÁGUA EM POLIÉSTER REFORÇADO COM FIBRA DE VIDRO, 5000 LITROS - FORNECIMENTO E INSTALAÇÃO. AF_06/2021","UN",3215.13,0.13469999999999999]
["Caixas de Água para Edificações",102618,"CAIXA D´ÁGUA EM POLIÉSTER REFORÇADO COM FIBRA DE VIDRO, 7000 LITROS - FORNECIMENTO E INSTALAÇÃO. AF_06/2021","UN",3856.33,0.1123]
["Caixas de Água para Edificações",102612,"CAIXA D´ÁGUA EM POLIÉSTER REFORÇADO COM FIBRA DE VIDRO, 750 LITROS - FORNECIMENTO E INSTALAÇÃO. AF_06/2021","UN",618.26,0]
["Caixas de Água para Edificações",102603,"FURO EM CAIXA D'ÁGUA COM ESPESSURA DE 2 ATÉ 5 MM E DIÂMETRO DE 100 MM. AF_06/2021","UN",10.92,0]
["Caixas de Água para Edificações",102587,"FURO EM CAIXA D'ÁGUA COM ESPESSURA DE 2 ATÉ 5 MM E DIÂMETRO DE 15 MM. AF_06/2021","UN",3.74,0]
["Caixas de Água para Edificações",102589,"FURO EM CAIXA D'ÁGUA COM ESPESSURA DE 2 ATÉ 5 MM E DIÂMETRO DE 20 MM. AF_06/2021","UN",4.16,0]
["Caixas de Água para Edificações",102591,"FURO EM CAIXA D'ÁGUA COM ESPESSURA DE 2 ATÉ 5 MM E DIÂMETRO DE 25 MM. AF_06/2021","UN",4.59,0]
["Caixas de Água para Edificações",102593,"FURO EM CAIXA D'ÁGUA COM ESPESSURA DE 2 ATÉ 5 MM E DIÂMETRO DE 32 MM. AF_06/2021","UN",5.18,0]
["Caixas de Água para Edificações",102595,"FURO EM CAIXA D'ÁGUA COM ESPESSURA DE 2 ATÉ 5 MM E DIÂMETRO DE 40 MM. AF_06/2021","UN",5.85,0]
["Caixas de Água para Edificações",102597,"FURO EM CAIXA D'ÁGUA COM ESPESSURA DE 2 ATÉ 5 MM E DIÂMETRO DE 50 MM. AF_06/2021","UN",6.7,0]
["Caixas de Água para Edificações",102599,"FURO EM CAIXA D'ÁGUA COM ESPESSURA DE 2 ATÉ 5 MM E DIÂMETRO DE 60 MM. AF_06/2021","UN",7.55,0]
["Caixas de Água para Edificações",102601,"FURO EM CAIXA D'ÁGUA COM ESPESSURA DE 2 ATÉ 5 MM E DIÂMETRO DE 75 MM. AF_06/2021","UN",8.82,0]
["Caixas de Água para Edificações",102604,"FURO EM CAIXA D'ÁGUA COM ESPESSURA DE 6 ATÉ 8 MM E DIÂMETRO DE 100 MM. AF_06/2021","UN",12.6,0]
["Caixas de Água para Edificações",102588,"FURO EM CAIXA D'ÁGUA COM ESPESSURA DE 6 ATÉ 8 MM E DIÂMETRO DE 15 MM. AF_06/2021","UN",5.42,0]
["Caixas de Água para Edificações",102590,"FURO EM CAIXA D'ÁGUA COM ESPESSURA DE 6 ATÉ 8 MM E DIÂMETRO DE 20 MM. AF_06/2021","UN",5.84,0]
["Caixas de Água para Edificações",102592,"FURO EM CAIXA D'ÁGUA COM ESPESSURA DE 6 ATÉ 8 MM E DIÂMETRO DE 25 MM. AF_06/2021","UN",6.26,0]
["Caixas de Água para Edificações",102594,"FURO EM CAIXA D'ÁGUA COM ESPESSURA DE 6 ATÉ 8 MM E DIÂMETRO DE 32 MM. AF_06/2021","UN",6.85,0]
["Caixas de Água para Edificações",102596,"FURO EM CAIXA D'ÁGUA COM ESPESSURA DE 6 ATÉ 8 MM E DIÂMETRO DE 40 MM. AF_06/2021","UN",7.53,0]
["Caixas de Água para Edificações",102598,"FURO EM CAIXA D'ÁGUA COM ESPESSURA DE 6 ATÉ 8 MM E DIÂMETRO DE 50 MM. AF_06/2021","UN",8.3800000000000008,0]
["Caixas de Água para Edificações",102600,"FURO EM CAIXA D'ÁGUA COM ESPESSURA DE 6 ATÉ 8 MM E DIÂMETRO DE 60 MM. AF_06/2021","UN",9.2200000000000006,0]
["Caixas de Água para Edificações",102602,"FURO EM CAIXA D'ÁGUA COM ESPESSURA DE 6 ATÉ 8 MM E DIÂMETRO DE 75 MM. AF_06/2021","UN",10.49,0]
["Canaletas, Grelhas e Caixas com Grelha para Drenagem",103005,"CAIXA COM GRELHA RETANGULAR DE FERRO FUNDIDO, EM ALVENARIA COM TIJOLOS CERÂMICOS MACIÇOS, DIMENSÕES INTERNAS: 0,15 X 1,00 X 0,3 M. AF_05/2025","UN",612.58000000000004,0.30980000000000002]
["Canaletas, Grelhas e Caixas com Grelha para Drenagem",103006,"CAIXA COM GRELHA RETANGULAR DE FERRO FUNDIDO, EM ALVENARIA COM TIJOLOS CERÂMICOS MACIÇOS, DIMENSÕES INTERNAS: 0,20 X 1,00 X 0,4 M. AF_05/2025","UN",771.9,0.31240000000000001]
["Canaletas, Grelhas e Caixas com Grelha para Drenagem",103007,"CAIXA COM GRELHA RETANGULAR DE FERRO FUNDIDO, EM ALVENARIA COM TIJOLOS CERÂMICOS MACIÇOS, DIMENSÕES INTERNAS: 0,30 X 1,00 X 0,5 M. AF_05/2025","UN",1017.89,0.33789999999999998]
["Canaletas, Grelhas e Caixas com Grelha para Drenagem",103004,"CANALETA DE CONCRETO POLIMÉRICO COM GRELHA, LARGURA DE 13 CM - FORNECIMENTO E INSTALAÇÃO. AF_05/2025","M",0]
["Canaletas, Grelhas e Caixas com Grelha para Drenagem",102989,"CANALETA MEIA CANA PRÉ-MOLDADA DE CONCRETO (D = 20 CM) - FORNECIMENTO E INSTALAÇÃO. AF_05/2025","M",42.43,0.66890000000000005]
["Canaletas, Grelhas e Caixas com Grelha para Drenagem",102990,"CANALETA MEIA CANA PRÉ-MOLDADA DE CONCRETO (D = 30 CM) - FORNECIMENTO E INSTALAÇÃO. AF_05/2025","M",53.26,0.65129999999999999]
["Canaletas, Grelhas e Caixas com Grelha para Drenagem",102991,"CANALETA MEIA CANA PRÉ-MOLDADA DE CONCRETO (D = 40 CM) - FORNECIMENTO E INSTALAÇÃO. AF_05/2025","M",70.08,0.64739999999999998]
["Canaletas, Grelhas e Caixas com Grelha para Drenagem",102992,"CANALETA MEIA CANA PRÉ-MOLDADA DE CONCRETO (D = 50 CM) - FORNECIMENTO E INSTALAÇÃO. AF_05/2025","M",103.57,0.7107]
["Canaletas, Grelhas e Caixas com Grelha para Drenagem",102993,"CANALETA MEIA CANA PRÉ-MOLDADA DE CONCRETO (D = 60 CM) - FORNECIMENTO E INSTALAÇÃO. AF_05/2025","M",134.63999999999999,0.70709999999999995]
["Canaletas, Grelhas e Caixas com Grelha para Drenagem",102994,"CANALETA MEIA CANA PRÉ-MOLDADA DE CONCRETO (D = 80 CM) - FORNECIMENTO E INSTALAÇÃO. AF_05/2025","M",251.39,0.70779999999999998]
["Canaletas, Grelhas e Caixas com Grelha para Drenagem",106017,"CANALETA PRÉ-MOLDADA DE CONCRETO, COM GRELHA PERFURADA DE CONCRETO, GEOMETRIA RETANGULAR, COM DIMENSÕES INTERNAS: L=0,20 M; H=0,20 M; C=*0,60* M - FORNECIMENTO E INSTALAÇÃO. AF_05/2025","UN",0]
["Canaletas, Grelhas e Caixas com Grelha para Drenagem",105944,"CONCRETAGEM DE VALETA/ CANALETA MOLDADA IN LOCO. AF_05/2025","M3",792.78,0]
["Canaletas, Grelhas e Caixas com Grelha para Drenagem",106004,"EXECUÇÃO DE CANALETA DE CONCRETO ARMADO MOLDADA IN LOCO, ESPESSURA DE 0,1 M, GEOMETRIA QUADRADA, COM DIMENSÕES INTERNAS: L=0,20 M; H=0,20 M. AF_05/2025","M",184.79,3.7000000000000002E-3]
["Canaletas, Grelhas e Caixas com Grelha para Drenagem",106005,"EXECUÇÃO DE CANALETA DE CONCRETO ARMADO MOLDADA IN LOCO, ESPESSURA DE 0,1 M, GEOMETRIA QUADRADA, COM DIMENSÕES INTERNAS: L=0,25 M; H=0,25 M. AF_05/2025","M",218.53,3.5999999999999999E-3]
["Canaletas, Grelhas e Caixas com Grelha para Drenagem",106006,"EXECUÇÃO DE CANALETA DE CONCRETO ARMADO MOLDADA IN LOCO, ESPESSURA DE 0,1 M, GEOMETRIA QUADRADA, COM DIMENSÕES INTERNAS: L=0,30 M; H=0,30 M. AF_05/2025","M",260.33,3.8E-3]
["Canaletas, Grelhas e Caixas com Grelha para Drenagem",106007,"EXECUÇÃO DE CANALETA DE CONCRETO ARMADO MOLDADA IN LOCO, ESPESSURA DE 0,1 M, GEOMETRIA QUADRADA, COM DIMENSÕES INTERNAS: L=0,35 M; H=0,35 M. AF_05/2025","M",296.76,3.8E-3]
["Canaletas, Grelhas e Caixas com Grelha para Drenagem",106008,"EXECUÇÃO DE CANALETA DE CONCRETO ARMADO MOLDADA IN LOCO, ESPESSURA DE 0,1 M, GEOMETRIA QUADRADA, COM DIMENSÕES INTERNAS: L=0,40 M; H=0,40 M. AF_05/2025","M",333.19,3.8E-3]
["Canaletas, Grelhas e Caixas com Grelha para Drenagem",106009,"EXECUÇÃO DE CANALETA DE CONCRETO ARMADO MOLDADA IN LOCO, ESPESSURA DE 0,1 M, GEOMETRIA QUADRADA, COM DIMENSÕES INTERNAS: L=0,50 M; H=0,50 M. AF_05/2025","M",411.44,4.0000000000000001E-3]
["Canaletas, Grelhas e Caixas com Grelha para Drenagem",106010,"EXECUÇÃO DE CANALETA DE CONCRETO ARMADO MOLDADA IN LOCO, ESPESSURA DE 0,1 M, GEOMETRIA QUADRADA, COM DIMENSÕES INTERNAS: L=0,60 M; H=0,60 M. AF_05/2025","M",481.61,3.8999999999999998E-3]
["Canaletas, Grelhas e Caixas com Grelha para Drenagem",106011,"EXECUÇÃO DE CANALETA DE CONCRETO MOLDADO IN LOCO, COM GRELHA DE CONCRETO; ESPESSURA DE 0,15 M, GEOMETRIA RETANGULAR, COM DIMENSÕES INTERNAS: L=0,4 M; H=*0,3*M. AF_05/2025","M",867.2,5.4999999999999997E-3]
["Canaletas, Grelhas e Caixas com Grelha para Drenagem",106013,"EXECUÇÃO DE CANALETA DE CONCRETO MOLDADO IN LOCO, COM GRELHA DE CONCRETO; ESPESSURA DE 0,15 M, GEOMETRIA RETANGULAR, COM DIMENSÕES INTERNAS: L=0,60 M; H=0,50 M. AF_05/2025","M",1084.31,5.1999999999999998E-3]
["Canaletas, Grelhas e Caixas com Grelha para Drenagem",106012,"EXECUÇÃO DE CANALETA DE CONCRETO MOLDADO IN LOCO, COM GRELHA DE CONCRETO; ESPESSURA DE 0,15 M, GEOMETRIA RETANGULAR, COM DIMENSÕES INTERNAS:L=*0,6* M; H=* 0,3* M. AF_05/2025","M",957.11,5.7000000000000002E-3]
["Canaletas, Grelhas e Caixas com Grelha para Drenagem",106014,"EXECUÇÃO DE CANALETA DE CONCRETO MOLDADO IN LOCO, COM GRELHA DE CONCRETO; ESPESSURA DE 0,20 M, GEOMETRIA RETANGULAR, COM DIMENSÕES INTERNAS: L=0,80 M; H=0,30 M. AF_05/2025","M",1242.78,7.1000000000000004E-3]
["Canaletas, Grelhas e Caixas com Grelha para Drenagem",106015,"EXECUÇÃO DE CANALETA DE CONCRETO MOLDADO IN LOCO, COM GRELHA DE CONCRETO; ESPESSURA DE 0,20 M, GEOMETRIA RETANGULAR, COM DIMENSÕES INTERNAS: L=0,80 M; H=0,60 M. AF_05/2025","M",1480.81,6.3E-3]
["Canaletas, Grelhas e Caixas com Grelha para Drenagem",106016,"EXECUÇÃO DE CANALETA DE CONCRETO MOLDADO IN LOCO, COM GRELHA DE CONCRETO; ESPESSURA DE 0,20 M, GEOMETRIA RETANGULAR, COM DIMENSÕES INTERNAS: L=0,80 M; H=0,90 M. AF_05/2025","M",1734.05,5.8999999999999999E-3]
["Canaletas, Grelhas e Caixas com Grelha para Drenagem",106003,"EXECUÇÃO DE VALETA DE CONCRETO ARMADO MOLDADO IN LOCO, ESPESSURA DE 0,08 M, GEOMETRIA TRAPEIZOIDAL, COM DIMENSÕES INTERNAS: B=*1,20* M; B=*0,4* M; H=0,4 M. AF_05/2025","M",174.9,0]
["Canaletas, Grelhas e Caixas com Grelha para Drenagem",105997,"EXECUÇÃO DE VALETA DE CONCRETO ARMADO MOLDADO IN LOCO, ESPESSURA DE 0,08 M, GEOMETRIA TRAPEIZOIDAL, COM DIMENSÕES INTERNAS: B=0,6 M; B=0,20 M; H=0,20 M. AF_05/2025","M",95.7,0]
["Canaletas, Grelhas e Caixas com Grelha para Drenagem",105998,"EXECUÇÃO DE VALETA DE CONCRETO ARMADO MOLDADO IN LOCO, ESPESSURA DE 0,08 M, GEOMETRIA TRAPEIZOIDAL, COM DIMENSÕES INTERNAS: B=0,7 M; B=0,30 M; H=0,20 M. AF_05/2025","M",106.04,0]
["Canaletas, Grelhas e Caixas com Grelha para Drenagem",105999,"EXECUÇÃO DE VALETA DE CONCRETO ARMADO MOLDADO IN LOCO, ESPESSURA DE 0,08 M, GEOMETRIA TRAPEIZOIDAL, COM DIMENSÕES INTERNAS: B=0,8 M; B=0,30 M; H=0,25 M. AF_05/2025","M",120.67,0]
["Canaletas, Grelhas e Caixas com Grelha para Drenagem",106000,"EXECUÇÃO DE VALETA DE CONCRETO ARMADO MOLDADO IN LOCO, ESPESSURA DE 0,08 M, GEOMETRIA TRAPEIZOIDAL, COM DIMENSÕES INTERNAS: B=0,9 M; B=0,30 M; H=0,30 M. AF_05/2025","M",135.30000000000001,0]
["Canaletas, Grelhas e Caixas com Grelha para Drenagem",106001,"EXECUÇÃO DE VALETA DE CONCRETO ARMADO MOLDADO IN LOCO, ESPESSURA DE 0,08 M, GEOMETRIA TRAPEIZOIDAL, COM DIMENSÕES INTERNAS: B=1,0 M; B=0,40 M; H=0,30 M. AF_05/2025","M",145.63999999999999,0]
["Canaletas, Grelhas e Caixas com Grelha para Drenagem",106002,"EXECUÇÃO DE VALETA DE CONCRETO ARMADO MOLDADO IN LOCO, ESPESSURA DE 0,08 M, GEOMETRIA TRAPEIZOIDAL, COM DIMENSÕES INTERNAS: B=1,1 M; B=0,40 M; H=0,35 M. AF_05/2025","M",160.27000000000001,0]
["Canaletas, Grelhas e Caixas com Grelha para Drenagem",105992,"EXECUÇÃO DE VALETA DE CONCRETO MOLDADO IN LOCO, ESPESSURA DE 0,08 M, GEOMETRIA TRAPEIZOIDAL, COM DIMENSÕES INTERNAS: B=*1,0* M; B=0,40 M; H=*0,30* M. AF_05/2025","M",102.32,0]
["Canaletas, Grelhas e Caixas com Grelha para Drenagem",105993,"EXECUÇÃO DE VALETA DE CONCRETO MOLDADO IN LOCO, ESPESSURA DE 0,08 M, GEOMETRIA TRAPEIZOIDAL, COM DIMENSÕES INTERNAS: B=*1,2* M; B=*0,4* M; H= 0,4 M. AF_05/2025","M",122.79,0]
["Canaletas, Grelhas e Caixas com Grelha para Drenagem",105994,"EXECUÇÃO DE VALETA DE CONCRETO MOLDADO IN LOCO, ESPESSURA DE 0,08 M, GEOMETRIA TRAPEIZOIDAL, COM DIMENSÕES INTERNAS: B=*1,5* M; B=*0,50* M; H=*0,50* M. AF_05/2025","M",150.49,0]
["Canaletas, Grelhas e Caixas com Grelha para Drenagem",105995,"EXECUÇÃO DE VALETA DE CONCRETO MOLDADO IN LOCO, ESPESSURA DE 0,08 M, GEOMETRIA TRAPEIZOIDAL, COM DIMENSÕES INTERNAS: B=*1,8* M; B=*0,60* M; H=*0,6* M. AF_05/2025","M",178.26,0]
["Canaletas, Grelhas e Caixas com Grelha para Drenagem",105996,"EXECUÇÃO DE VALETA DE CONCRETO MOLDADO IN LOCO, ESPESSURA DE 0,08 M, GEOMETRIA TRAPEIZOIDAL, COM DIMENSÕES INTERNAS: B=*2,0* M; B=*0,8* M; H=0,6 M. AF_05/2025","M",192.75,0]
["Canaletas, Grelhas e Caixas com Grelha para Drenagem",105988,"EXECUÇÃO DE VALETA DE CONCRETO MOLDADO IN LOCO, ESPESSURA DE 0,08 M, GEOMETRIA TRAPEIZOIDAL, COM DIMENSÕES INTERNAS: B=0,6M; B=0,20 M; H=0,20 M. AF_05/2025","M",67.38,0]
["Canaletas, Grelhas e Caixas com Grelha para Drenagem",105989,"EXECUÇÃO DE VALETA DE CONCRETO MOLDADO IN LOCO, ESPESSURA DE 0,08 M, GEOMETRIA TRAPEIZOIDAL, COM DIMENSÕES INTERNAS: B=0,7 M; B=0,30 M; H=0,20 M. AF_05/2025","M",74.61,0]
["Canaletas, Grelhas e Caixas com Grelha para Drenagem",105990,"EXECUÇÃO DE VALETA DE CONCRETO MOLDADO IN LOCO, ESPESSURA DE 0,08 M, GEOMETRIA TRAPEIZOIDAL, COM DIMENSÕES INTERNAS: B=0,8 M; B=0,30 M; H=0,25 M. AF_05/2025","M",84.85,0]
["Canaletas, Grelhas e Caixas com Grelha para Drenagem",105991,"EXECUÇÃO DE VALETA DE CONCRETO MOLDADO IN LOCO, ESPESSURA DE 0,08 M, GEOMETRIA TRAPEIZOIDAL, COM DIMENSÕES INTERNAS: B=0,9 M; B=0,30 M; H=0,30 M. AF_05/2025","M",95.08,0]
["Canaletas, Grelhas e Caixas com Grelha para Drenagem",105987,"EXECUÇÃO DE VALETA DE CONCRETO MOLDADO IN LOCO, ESPESSURA DE 0,08 M, GEOMETRIA TRAPEIZOIDAL, COM DIMENSÕES INTERNAS: B=1,2 M; B=0,6 M; H=0,3 M. AF_05/2025","M",116.79,0]
["Canaletas, Grelhas e Caixas com Grelha para Drenagem",105986,"EXECUÇÃO DE VALETA DE CONCRETO MOLDADO IN LOCO, ESPESSURA DE 0,08 M, GEOMETRIA TRAPEIZOIDAL, COM DIMENSÕES INTERNAS: B=1,6 M; B=1,0 M; H=0,3 M. AF_05/2025","M",145.76,0]
["Canaletas, Grelhas e Caixas com Grelha para Drenagem",106019,"GRELHA ARTICULADA PARA CALHA DE PISO 20X50 CM - FORNECIMENTO E INSTALAÇÃO. AF_05/2025","UN",0]
["Canaletas, Grelhas e Caixas com Grelha para Drenagem",103001,"GRELHA DE FERRO FUNDIDO SIMPLES COM REQUADRO, 150 X 1000 MM, ASSENTADA COM ARGAMASSA 1 : 3 CIMENTO: AREIA - FORNECIMENTO E INSTALAÇÃO. AF_05/2025","UN",206.57,0.91859999999999997]
["Canaletas, Grelhas e Caixas com Grelha para Drenagem",103002,"GRELHA DE FERRO FUNDIDO SIMPLES COM REQUADRO, 200 X 1000 MM, ASSENTADA COM ARGAMASSA 1 : 3 CIMENTO: AREIA - FORNECIMENTO E INSTALAÇÃO. AF_05/2025","UN",258.67,0.93230000000000002]
["Canaletas, Grelhas e Caixas com Grelha para Drenagem",103003,"GRELHA DE FERRO FUNDIDO SIMPLES COM REQUADRO, 300 X 1000 MM, ASSENTADA COM ARGAMASSA 1 : 3 CIMENTO: AREIA - FORNECIMENTO E INSTALAÇÃO. AF_05/2025","UN",362.86,0.94789999999999996]
["Canaletas, Grelhas e Caixas com Grelha para Drenagem",106018,"GRELHA PARA CALHA DE PISO 20X50 CM - FORNECIMENTO E INSTALAÇÃO. AF_05/2025","UN",0]
["Canaletas, Grelhas e Caixas com Grelha para Drenagem",105945,"PREPARO DE SOLO E GABARITO DE MADEIRA PARA VALETA MOLDADA IN LOCO COM GEOMETRIA TRAPEZOIDAL. AF_05/2025","M2",8.9600000000000009,0]
["Cercas, Protetores e Alambrados",98522,"ALAMBRADO EM MOURÕES DE CONCRETO, COM TELA DE ARAME GALVANIZADO (INCLUSIVE MURETA EM CONCRETO). AF_05/2018","M",188.74,0]
["Cercas, Protetores e Alambrados",98523,"ALAMBRADO EM PERFIS METÁLICOS RETANGULARES COM GRADIL METÁLICO (EXCLUSIVE MURETA EM CONCRETO).AF_05/2018","M",0]
["Cercas, Protetores e Alambrados",102364,"ALAMBRADO PARA QUADRA POLIESPORTIVA, ESTRUTURADO POR TUBOS DE ACO GALVANIZADO, (MONTANTES COM DIAMETRO 2\", TRAVESSAS E ESCORAS COM DIÂMETRO 1 ¼\"), COM TELA DE ARAME GALVANIZADO, FIO 10 BWG E MALHA QUADRADA 5X5CM (EXCETO MURETA). AF_03/2021","M2",210.4,0]
["Cercas, Protetores e Alambrados",102363,"ALAMBRADO PARA QUADRA POLIESPORTIVA, ESTRUTURADO POR TUBOS DE ACO GALVANIZADO, (MONTANTES COM DIAMETRO 2\", TRAVESSAS E ESCORAS COM DIÂMETRO 1 ¼\"), COM TELA DE ARAME GALVANIZADO, FIO 12 BWG E MALHA QUADRADA 5X5CM (EXCETO MURETA). AF_03/2021","M2",181.59,0]
["Cercas, Protetores e Alambrados",102362,"ALAMBRADO PARA QUADRA POLIESPORTIVA, ESTRUTURADO POR TUBOS DE ACO GALVANIZADO, (MONTANTES COM DIAMETRO 2\", TRAVESSAS E ESCORAS COM DIÂMETRO 1 ¼\"), COM TELA DE ARAME GALVANIZADO, FIO 14 BWG E MALHA QUADRADA 5X5CM (EXCETO MURETA). AF_03/2021","M2",165.77,0]
["Cercas, Protetores e Alambrados",101196,"CERCA COM MOURÕES DE CONCRETO, RETO, 15X15 CM, ESPAÇAMENTO DE 2,5 M, CRAVADOS 0,5 M, ESCORAS DE 10X10 CM A CADA 50 M, COM 12 FIOS DE ARAME DE AÇO OVALADO 15X17 - FORNECIMENTO E INSTALAÇÃO. AF_05/2020","M",0]
["Cercas, Protetores e Alambrados",101195,"CERCA COM MOURÕES DE CONCRETO, RETO, 15X15 CM, ESPAÇAMENTO DE 2,5 M, CRAVADOS 0,5 M, ESCORAS DE 10X10 CM A CADA 50 M, COM 9 FIOS DE ARAME DE AÇO OVALADO 15X17 - FORNECIMENTO E INSTALAÇÃO. AF_05/2020","M",0]
["Cercas, Protetores e Alambrados",101193,"CERCA COM MOURÕES DE CONCRETO, RETO, H=2,30 M, ESPAÇAMENTO DE 2,5 M, CRAVADOS 0,5 M, COM 4 FIOS DE ARAME DE AÇO OVALADO 15X17 - FORNECIMENTO E INSTALAÇÃO. AF_05/2020","M",67.12,0]
["Cercas, Protetores e Alambrados",101192,"CERCA COM MOURÕES DE CONCRETO, RETO, H=2,30 M, ESPAÇAMENTO DE 2,5 M, CRAVADOS 0,5 M, COM 4 FIOS DE ARAME FARPADO Nº 14 CLASSE 250 - FORNECIMENTO E INSTALAÇÃO. AF_05/2020","M",72,0]
["Cercas, Protetores e Alambrados",101194,"CERCA COM MOURÕES DE CONCRETO, RETO, H=2,30 M, ESPAÇAMENTO DE 2,5 M, CRAVADOS 0,5 M, COM 4 FIOS DE ARAME MISTO - FORNECIMENTO E INSTALAÇÃO. AF_05/2020","M",67.38,0]
["Cercas, Protetores e Alambrados",101190,"CERCA COM MOURÕES DE CONCRETO, RETO, H=3,00 M, ESPAÇAMENTO DE 2,5 M, CRAVADOS 0,5 M, COM 4 FIOS DE ARAME DE AÇO OVALADO 15X17 - FORNECIMENTO E INSTALAÇÃO. AF_05/2020","M",73.94,0]
["Cercas, Protetores e Alambrados",101189,"CERCA COM MOURÕES DE CONCRETO, RETO, H=3,00 M, ESPAÇAMENTO DE 2,5 M, CRAVADOS 0,5 M, COM 4 FIOS DE ARAME FARPADO Nº 14 CLASSE 250 - FORNECIMENTO E INSTALAÇÃO. AF_05/2020","M",74.47,0]
["Cercas, Protetores e Alambrados",101191,"CERCA COM MOURÕES DE CONCRETO, RETO, H=3,00 M, ESPAÇAMENTO DE 2,5 M, CRAVADOS 0,5 M, COM 4 FIOS DE ARAME MISTO - FORNECIMENTO E INSTALAÇÃO. AF_05/2020","M",74.2,0]
["Cercas, Protetores e Alambrados",101198,"CERCA COM MOURÕES DE CONCRETO, SEÇÃO \"T\" PONTA INCLINADA, 10X10 CM, ESPAÇAMENTO DE 2,5 M, CRAVADOS 0,5 M, COM 11 FIOS DE ARAME DE AÇO OVALADO 15X17 - FORNECIMENTO E INSTALAÇÃO. AF_05/2020","M",97.61,0]
["Cercas, Protetores e Alambrados",101197,"CERCA COM MOURÕES DE CONCRETO, SEÇÃO \"T\" PONTA INCLINADA, 10X10 CM, ESPAÇAMENTO DE 2,5 M, CRAVADOS 0,5 M, COM 11 FIOS DE ARAME FARPADO Nº 14 - FORNECIMENTO E INSTALAÇÃO. AF_05/2020","M",132.4,0]
["Cercas, Protetores e Alambrados",101199,"CERCA COM MOURÕES DE CONCRETO, SEÇÃO \"T\" PONTA INCLINADA, 10X10CM, ESPAÇAMENTO DE 2,5M, CRAVADOS 0,5M, COM 11 FIOS DE ARAME MISTO - FORNECIMENTO E INSTALAÇÃO. AF_05/2020","M",98.27,0]
["Cercas, Protetores e Alambrados",101203,"CERCA COM MOURÕES DE MADEIRA ROLIÇA, DIÂMETRO 11 CM, ESPAÇAMENTO DE 2,5 M, ALTURA LIVRE DE 1,7 M, CRAVADOS 0,5 M, COM 5 FIOS DE ARAME DE AÇO OVALADO 15X17 - FORNECIMENTO E INSTALAÇÃO. AF_05/2020","M",45.26,0]
["Cercas, Protetores e Alambrados",101202,"CERCA COM MOURÕES DE MADEIRA ROLIÇA, DIÂMETRO 11 CM, ESPAÇAMENTO DE 2,5 M, ALTURA LIVRE DE 1,7 M, CRAVADOS 0,5 M, COM 5 FIOS DE ARAME FARPADO Nº 14 CLASSE 250 - FORNECIMENTO E INSTALAÇÃO. AF_05/2020","M",45.93,0]
["Cercas, Protetores e Alambrados",101204,"CERCA COM MOURÕES DE MADEIRA ROLIÇA, DIÂMETRO 11 CM, ESPAÇAMENTO DE 2,5 M, ALTURA LIVRE DE 1,7 M, CRAVADOS 0,5 M, COM 5 FIOS DE ARAME MISTO - FORNECIMENTO E INSTALAÇÃO. AF_05/2020","M",45.53,0]
["Cercas, Protetores e Alambrados",101200,"CERCA COM MOURÕES DE MADEIRA, 7,5X7,5 CM, ESPAÇAMENTO DE 2,5 M, ALTURA LIVRE DE 2 M, CRAVADOS 0,5 M, COM 4 FIOS DE ARAME FARPADO Nº 14 CLASSE 250 - FORNECIMENTO E INSTALAÇÃO. AF_05/2020","M",59.53,0]
["Cercas, Protetores e Alambrados",101201,"CERCA COM MOURÕES DE MADEIRA, 7,5X7,5 CM, ESPAÇAMENTO DE 2,5 M, ALTURA LIVRE DE 2 M, CRAVADOS 0,5 M, COM 8 FIOS DE ARAME FARPADO Nº 14 CLASSE 250 - FORNECIMENTO E INSTALAÇÃO. AF_05/2020","M",71.8,0]
["Cercas, Protetores e Alambrados",101205,"PORTÃO COM MOURÕES DE MADEIRA ROLIÇA, DIÂMETRO 11 CM, COM 5 FIOS DE ARAME FARPADO Nº 14 CLASSE 250, SEM DOBRADIÇAS - FORNECIMENTO E INSTALAÇÃO. AF_05/2020","M",45.93,0]
["Cercas, Protetores e Alambrados",101188,"RECOMPOSIÇÃO PARCIAL DE ARAME FARPADO Nº 14 CLASSE 250, FIXADO EM CERCA COM MOURÕES DE CONCRETO - FORNECIMENTO E INSTALAÇÃO. AF_05/2020","M",6.13,0]
["Chapisco",87905,"CHAPISCO APLICADO EM ALVENARIA (COM PRESENÇA DE VÃOS) E ESTRUTURAS DE CONCRETO DE FACHADA, COM COLHER DE PEDREIRO. ARGAMASSA TRAÇO 1:3 COM PREPARO EM BETONEIRA 400L. AF_10/2022","M2",8.48,0]
["Chapisco",87904,"CHAPISCO APLICADO EM ALVENARIA (COM PRESENÇA DE VÃOS) E ESTRUTURAS DE CONCRETO DE FACHADA, COM COLHER DE PEDREIRO. ARGAMASSA TRAÇO 1:3 COM PREPARO MANUAL. AF_10/2022","M2",9.07,0]
["Chapisco",87908,"CHAPISCO APLICADO EM ALVENARIA (COM PRESENÇA DE VÃOS) E ESTRUTURAS DE CONCRETO DE FACHADA, COM EQUIPAMENTO DE PROJEÇÃO. ARGAMASSA TRAÇO 1:3 COM PREPARO EM BETONEIRA 400 L. AF_10/2022","M2",6.42,0.12620000000000001]
["Chapisco",87907,"CHAPISCO APLICADO EM ALVENARIA (COM PRESENÇA DE VÃOS) E ESTRUTURAS DE CONCRETO DE FACHADA, COM EQUIPAMENTO DE PROJEÇÃO. ARGAMASSA TRAÇO 1:3 COM PREPARO MANUAL. AF_10/2022","M2",7.01,0.11550000000000001]
["Chapisco",87903,"CHAPISCO APLICADO EM ALVENARIA (COM PRESENÇA DE VÃOS) E ESTRUTURAS DE CONCRETO DE FACHADA, COM ROLO PARA TEXTURA ACRÍLICA. ARGAMASSA INDUSTRIALIZADA COM PREPARO EM MISTURADOR 300 KG. AF_10/2022","M2",13.98,0]
["Chapisco",87902,"CHAPISCO APLICADO EM ALVENARIA (COM PRESENÇA DE VÃOS) E ESTRUTURAS DE CONCRETO DE FACHADA, COM ROLO PARA TEXTURA ACRÍLICA. ARGAMASSA INDUSTRIALIZADA COM PREPARO MANUAL. AF_10/2022","M2",14.44,0]
["Chapisco",87900,"CHAPISCO APLICADO EM ALVENARIA (COM PRESENÇA DE VÃOS) E ESTRUTURAS DE CONCRETO DE FACHADA, COM ROLO PARA TEXTURA ACRÍLICA. ARGAMASSA TRAÇO 1:4 E EMULSÃO POLIMÉRICA (ADESIVO) COM PREPARO EM BETONEIRA 400L. AF_10/2022","M2",9.4499999999999993,0]
["Chapisco",87899,"CHAPISCO APLICADO EM ALVENARIA (COM PRESENÇA DE VÃOS) E ESTRUTURAS DE CONCRETO DE FACHADA, COM ROLO PARA TEXTURA ACRÍLICA. ARGAMASSA TRAÇO 1:4 E EMULSÃO POLIMÉRICA (ADESIVO) COM PREPARO MANUAL. AF_10/2022","M2",9.65,0]
["Chapisco",87894,"CHAPISCO APLICADO EM ALVENARIA (SEM PRESENÇA DE VÃOS) E ESTRUTURAS DE CONCRETO DE FACHADA, COM COLHER DE PEDREIRO. ARGAMASSA TRAÇO 1:3 COM PREPARO EM BETONEIRA 400L. AF_10/2022","M2",7.23,0]
["Chapisco",87893,"CHAPISCO APLICADO EM ALVENARIA (SEM PRESENÇA DE VÃOS) E ESTRUTURAS DE CONCRETO DE FACHADA, COM COLHER DE PEDREIRO. ARGAMASSA TRAÇO 1:3 COM PREPARO MANUAL. AF_10/2022","M2",7.82,0]
["Chapisco",87897,"CHAPISCO APLICADO EM ALVENARIA (SEM PRESENÇA DE VÃOS) E ESTRUTURAS DE CONCRETO DE FACHADA, COM EQUIPAMENTO DE PROJEÇÃO. ARGAMASSA TRAÇO 1:3 COM PREPARO EM BETONEIRA 400 L. AF_10/2022","M2",5.25,0.1143]
["Chapisco",87896,"CHAPISCO APLICADO EM ALVENARIA (SEM PRESENÇA DE VÃOS) E ESTRUTURAS DE CONCRETO DE FACHADA, COM EQUIPAMENTO DE PROJEÇÃO. ARGAMASSA TRAÇO 1:3 COM PREPARO MANUAL. AF_10/2022","M2",5.84,0.1027]
["Chapisco",87892,"CHAPISCO APLICADO EM ALVENARIA (SEM PRESENÇA DE VÃOS) E ESTRUTURAS DE CONCRETO DE FACHADA, COM ROLO PARA TEXTURA ACRÍLICA. ARGAMASSA INDUSTRIALIZADA COM PREPARO EM MISTURADOR 300 KG. AF_10/2022","M2",13.2,0]
["Chapisco",87891,"CHAPISCO APLICADO EM ALVENARIA (SEM PRESENÇA DE VÃOS) E ESTRUTURAS DE CONCRETO DE FACHADA, COM ROLO PARA TEXTURA ACRÍLICA. ARGAMASSA INDUSTRIALIZADA COM PREPARO MANUAL. AF_10/2022","M2",13.66,0]
["Chapisco",87889,"CHAPISCO APLICADO EM ALVENARIA (SEM PRESENÇA DE VÃOS) E ESTRUTURAS DE CONCRETO DE FACHADA, COM ROLO PARA TEXTURA ACRÍLICA. ARGAMASSA TRAÇO 1:4 E EMULSÃO POLIMÉRICA (ADESIVO) COM PREPARO EM BETONEIRA 400L. AF_10/2022","M2",8.67,0]
["Chapisco",87888,"CHAPISCO APLICADO EM ALVENARIA (SEM PRESENÇA DE VÃOS) E ESTRUTURAS DE CONCRETO DE FACHADA, COM ROLO PARA TEXTURA ACRÍLICA. ARGAMASSA TRAÇO 1:4 E EMULSÃO POLIMÉRICA (ADESIVO) COM PREPARO MANUAL. AF_10/2022","M2",8.8699999999999992,0]
["Chapisco",104411,"CHAPISCO APLICADO EM ALVENARIA E ESTRUTURAS DE CONCRETO INTERNAS, COM EQUIPAMENTO DE PROJEÇÃO. ARGAMASSA TRAÇO 1:3 COM PREPARO EM BETONEIRA 400 L. AF_10/2022","M2",5.35,8.2199999999999995E-2]
["Chapisco",104410,"CHAPISCO APLICADO EM ALVENARIA E ESTRUTURAS DE CONCRETO INTERNAS, COM EQUIPAMENTO DE PROJEÇÃO. ARGAMASSA TRAÇO 1:3 COM PREPARO MANUAL. AF_10/2022","M2",5.35,8.2199999999999995E-2]
["Chapisco",87879,"CHAPISCO APLICADO EM ALVENARIAS E ESTRUTURAS DE CONCRETO INTERNAS, COM COLHER DE PEDREIRO. ARGAMASSA TRAÇO 1:3 COM PREPARO EM BETONEIRA 400L. AF_10/2022","M2",4.5999999999999996,0]
["Chapisco",87878,"CHAPISCO APLICADO EM ALVENARIAS E ESTRUTURAS DE CONCRETO INTERNAS, COM COLHER DE PEDREIRO. ARGAMASSA TRAÇO 1:3 COM PREPARO MANUAL. AF_10/2022","M2",5.19,0]
["Chapisco",87885,"CHAPISCO APLICADO NO TETO OU EM ALVENARIA E ESTRUTURA, COM ROLO PARA TEXTURA ACRÍLICA. ARGAMASSA INDUSTRIALIZADA COM PREPARO EM MISTURADOR 300 KG. AF_10/2022","M2",11.43,0]
["Chapisco",87884,"CHAPISCO APLICADO NO TETO OU EM ALVENARIA E ESTRUTURA, COM ROLO PARA TEXTURA ACRÍLICA. ARGAMASSA INDUSTRIALIZADA COM PREPARO MANUAL. AF_10/2022","M2",11.89,0]
["Chapisco",87882,"CHAPISCO APLICADO NO TETO OU EM ALVENARIA E ESTRUTURA, COM ROLO PARA TEXTURA ACRÍLICA. ARGAMASSA TRAÇO 1:4 E EMULSÃO POLIMÉRICA (ADESIVO) COM PREPARO EM BETONEIRA 400L. AF_10/2022","M2",6.9,0]
["Chapisco",87881,"CHAPISCO APLICADO NO TETO OU EM ALVENARIA E ESTRUTURA, COM ROLO PARA TEXTURA ACRÍLICA. ARGAMASSA TRAÇO 1:4 E EMULSÃO POLIMÉRICA (ADESIVO) COM PREPARO MANUAL. AF_10/2022","M2",7.1,0]
["Chapisco",87887,"CHAPISCO APLICADO NO TETO OU EM ESTRUTURA, COM DESEMPENADEIRA DENTADA. ARGAMASSA INDUSTRIALIZADA COM PREPARO EM MISTURADOR 300 KG. AF_10/2022","M2",19.16,0]
["Chapisco",87886,"CHAPISCO APLICADO NO TETO OU EM ESTRUTURA, COM DESEMPENADEIRA DENTADA. ARGAMASSA INDUSTRIALIZADA COM PREPARO MANUAL. AF_10/2022","M2",20.149999999999999,0]
["Chapisco",87911,"CHAPISCO APLICADO SOMENTE NA ESTRUTURA DE CONCRETO DA FACHADA, COM DESEMPENADEIRA DENTADA. ARGAMASSA INDUSTRIALIZADA COM PREPARO EM MISTURADOR 300 KG. AF_10/2022","M2",25.08,0]
["Chapisco",87910,"CHAPISCO APLICADO SOMENTE NA ESTRUTURA DE CONCRETO DA FACHADA, COM DESEMPENADEIRA DENTADA. ARGAMASSA INDUSTRIALIZADA COM PREPARO MANUAL. AF_10/2022","M2",26.07,0]
["Concretagem para Estruturas de Concreto Armado",103686,"CONCRETAGEM DE ESCADAS, FCK=25 MPA, COM USO DE BOMBA - LANÇAMENTO, ADENSAMENTO E ACABAMENTO. AF_02/2022_PS","M3",681.58,5.9999999999999995E-4]
["Concretagem para Estruturas de Concreto Armado",103685,"CONCRETAGEM DE MURETAS, FCK=25 MPA, COM USO DE BOMBA - LANÇAMENTO, ADENSAMENTO E ACABAMENTO. AF_02/2022_PS","M3",616.41999999999996,2.0000000000000001E-4]
["Concretagem para Estruturas de Concreto Armado",103669,"CONCRETAGEM DE PILARES, FCK = 25 MPA, COM USO DE BALDES - LANÇAMENTO, ADENSAMENTO E ACABAMENTO. AF_02/2022","M3",925.21,1.8E-3]
["Concretagem para Estruturas de Concreto Armado",103672,"CONCRETAGEM DE PILARES, FCK = 25 MPA, COM USO DE BOMBA - LANÇAMENTO, ADENSAMENTO E ACABAMENTO. AF_02/2022_PS","M3",610.99,2.0000000000000001E-4]
["Concretagem para Estruturas de Concreto Armado",103671,"CONCRETAGEM DE PILARES, FCK = 25 MPA, COM USO DE GRUA - LANÇAMENTO, ADENSAMENTO E ACABAMENTO. AF_02/2022","M3",652.45000000000005,4.0000000000000002E-4]
["Concretagem para Estruturas de Concreto Armado",103688,"CONCRETAGEM DE PILARES, FCK=25 MPA, COM USO DE JERICAS EM CREMALHEIRA - LANÇAMENTO, ADENSAMENTO E ACABAMENTO. AF_02/2022","M3",793.58,6.9999999999999999E-4]
["Concretagem para Estruturas de Concreto Armado",103687,"CONCRETAGEM DE PILARES, FCK=25 MPA, COM USO DE JERICAS EM ELEVADOR DE CABO - LANÇAMENTO, ADENSAMENTO E ACABAMENTO. AF_02/2022","M3",1060.97,1E-3]
["Concretagem para Estruturas de Concreto Armado",103684,"CONCRETAGEM DE RESERVATÓRIOS, FCK=25 MPA, COM USO DE BOMBA - LANÇAMENTO, ADENSAMENTO E ACABAMENTO. AF_02/2022_PS","M3",630.16999999999996,2.0000000000000001E-4]
["Concretagem para Estruturas de Concreto Armado",103681,"CONCRETAGEM DE VIGAS E LAJES, FCK=25 MPA, PARA LAJES MACIÇAS OU NERVURADAS COM GRUA DE CAÇAMBA DE 500 L EM EDIFICAÇÃO DE MULTIPAVIMENTOS ATÉ 16 ANDARES - LANÇAMENTO, ADENSAMENTO E ACABAMENTO. AF_02/2022","M3",680.7,4.0000000000000002E-4]
["Concretagem para Estruturas de Concreto Armado",103679,"CONCRETAGEM DE VIGAS E LAJES, FCK=25 MPA, PARA LAJES MACIÇAS OU NERVURADAS COM JERICAS EM CREMALHEIRA EM EDIFICAÇÃO DE MULTIPAVIMENTOS ATÉ 16 ANDARES - LANÇAMENTO, ADENSAMENTO E ACABAMENTO. AF_02/2022","M3",754.5,5.9999999999999995E-4]
["Concretagem para Estruturas de Concreto Armado",103677,"CONCRETAGEM DE VIGAS E LAJES, FCK=25 MPA, PARA LAJES MACIÇAS OU NERVURADAS COM JERICAS EM ELEVADOR DE CABO EM EDIFICAÇÃO DE MULTIPAVIMENTOS ATÉ 16 ANDARES - LANÇAMENTO, ADENSAMENTO E ACABAMENTO. AF_02/2022","M3",800.84,5.0000000000000001E-4]
["Concretagem para Estruturas de Concreto Armado",103675,"CONCRETAGEM DE VIGAS E LAJES, FCK=25 MPA, PARA LAJES MACIÇAS OU NERVURADAS COM USO DE BOMBA - LANÇAMENTO, ADENSAMENTO E ACABAMENTO. AF_02/2022_PS","M3",611.41,2.9999999999999997E-4]
["Concretagem para Estruturas de Concreto Armado",103680,"CONCRETAGEM DE VIGAS E LAJES, FCK=25 MPA, PARA LAJES PREMOLDADAS COM GRUA DE CAÇAMBA DE 350 L EM EDIFICAÇÃO DE MULTIPAVIMENTOS ATÉ 16 ANDARES - LANÇAMENTO, ADENSAMENTO E ACABAMENTO. AF_02/2022","M3",805.46,8.0000000000000004E-4]
["Concretagem para Estruturas de Concreto Armado",103678,"CONCRETAGEM DE VIGAS E LAJES, FCK=25 MPA, PARA LAJES PREMOLDADAS COM JERICAS EM CREMALHEIRA EM EDIFICAÇÃO DE MULTIPAVIMENTOS ATÉ 16 ANDARES - LANÇAMENTO, ADENSAMENTO E ACABAMENTO. AF_02/2022","M3",883.33,1E-3]
["Concretagem para Estruturas de Concreto Armado",103676,"CONCRETAGEM DE VIGAS E LAJES, FCK=25 MPA, PARA LAJES PREMOLDADAS COM JERICAS EM ELEVADOR DE CABO EM EDIFICAÇÃO DE MULTIPAVIMENTOS ATÉ 16 ANDARES - LANÇAMENTO, ADENSAMENTO E ACABAMENTO. AF_02/2022","M3",987.76,8.9999999999999998E-4]
["Concretagem para Estruturas de Concreto Armado",103674,"CONCRETAGEM DE VIGAS E LAJES, FCK=25 MPA, PARA LAJES PREMOLDADAS COM USO DE BOMBA - LANÇAMENTO, ADENSAMENTO E ACABAMENTO. AF_02/2022_PS","M3",633.08000000000004,4.0000000000000002E-4]
["Concretagem para Estruturas de Concreto Armado",103683,"CONCRETAGEM DE VIGAS E LAJES, FCK=25 MPA, PARA QUALQUER TIPO DE LAJE COM BALDES EM EDIFICAÇÃO DE MULTIPAVIMENTOS ATÉ 04 ANDARES - LANÇAMENTO, ADENSAMENTO E ACABAMENTO. AF_02/2022","M3",1261.4000000000001,1.5E-3]
["Concretagem para Estruturas de Concreto Armado",103682,"CONCRETAGEM DE VIGAS E LAJES, FCK=25 MPA, PARA QUALQUER TIPO DE LAJE COM BALDES EM EDIFICAÇÃO TÉRREA - LANÇAMENTO, ADENSAMENTO E ACABAMENTO. AF_02/2022","M3",945.12,1E-3]
["Concretagem para Estruturas de Concreto Armado",103670,"LANÇAMENTO COM USO DE BALDES, ADENSAMENTO E ACABAMENTO DE CONCRETO EM ESTRUTURAS. AF_02/2022","M3",325.55,5.1000000000000004E-3]
["Concretagem para Estruturas de Concreto Armado",103673,"LANÇAMENTO COM USO DE BOMBA, ADENSAMENTO E ACABAMENTO DE CONCRETO EM ESTRUTURAS. AF_02/2022","M3",45.84,3.3E-3]
["Concreto Projetado",91084,"EXECUÇÃO DE REVESTIMENTO DE CONCRETO PROJETADO COM ESPESSURA DE 10 CM, ARMADO COM FIBRAS DE AÇO, INCLINAÇÃO DE 90°, APLICAÇÃO CONTÍNUA, UTILIZANDO EQUIPAMENTO DE PROJEÇÃO COM 3 M³/H DE CAPACIDADE. AF_07/2024","M2",292.69,8.0600000000000005E-2]
["Concreto Projetado",91080,"EXECUÇÃO DE REVESTIMENTO DE CONCRETO PROJETADO COM ESPESSURA DE 10 CM, ARMADO COM FIBRAS DE AÇO, INCLINAÇÃO DE 90°, APLICAÇÃO CONTÍNUA, UTILIZANDO EQUIPAMENTO DE PROJEÇÃO COM 6 M³/H DE CAPACIDADE. AF_07/2024","M2",232.95,6.1199999999999997E-2]
["Concreto Projetado",91101,"EXECUÇÃO DE REVESTIMENTO DE CONCRETO PROJETADO COM ESPESSURA DE 10 CM, ARMADO COM FIBRAS DE AÇO, INCLINAÇÃO DE 90°, APLICAÇÃO DESCONTÍNUA, UTILIZANDO EQUIPAMENTO DE PROJEÇÃO COM 3 M³/H DE CAPACIDADE. AF_07/2024","M2",272.58,7.5399999999999995E-2]
["Concreto Projetado",91097,"EXECUÇÃO DE REVESTIMENTO DE CONCRETO PROJETADO COM ESPESSURA DE 10 CM, ARMADO COM FIBRAS DE AÇO, INCLINAÇÃO DE 90°, APLICAÇÃO DESCONTÍNUA, UTILIZANDO EQUIPAMENTO DE PROJEÇÃO COM 6 M³/H DE CAPACIDADE. AF_07/2024","M2",225.38,5.8000000000000003E-2]
["Concreto Projetado",91082,"EXECUÇÃO DE REVESTIMENTO DE CONCRETO PROJETADO COM ESPESSURA DE 10 CM, ARMADO COM FIBRAS DE AÇO, INCLINAÇÃO MENOR QUE 90°, APLICAÇÃO CONTÍNUA, UTILIZANDO EQUIPAMENTO DE PROJEÇÃO COM 3 M³/H DE CAPACIDADE. AF_07/2024","M2",264.92,7.7600000000000002E-2]
["Concreto Projetado",91078,"EXECUÇÃO DE REVESTIMENTO DE CONCRETO PROJETADO COM ESPESSURA DE 10 CM, ARMADO COM FIBRAS DE AÇO, INCLINAÇÃO MENOR QUE 90°, APLICAÇÃO CONTÍNUA, UTILIZANDO EQUIPAMENTO DE PROJEÇÃO COM 6 M³/H DE CAPACIDADE. AF_07/2024","M2",220.16,5.9499999999999997E-2]
["Concreto Projetado",91099,"EXECUÇÃO DE REVESTIMENTO DE CONCRETO PROJETADO COM ESPESSURA DE 10 CM, ARMADO COM FIBRAS DE AÇO, INCLINAÇÃO MENOR QUE 90°, APLICAÇÃO DESCONTÍNUA, UTILIZANDO EQUIPAMENTO DE PROJEÇÃO COM 3 M³/H DE CAPACIDADE. AF_07/2024","M2",250.75,7.2599999999999998E-2]
["Concreto Projetado",91095,"EXECUÇÃO DE REVESTIMENTO DE CONCRETO PROJETADO COM ESPESSURA DE 10 CM, ARMADO COM FIBRAS DE AÇO, INCLINAÇÃO MENOR QUE 90°, APLICAÇÃO DESCONTÍNUA, UTILIZANDO EQUIPAMENTO DE PROJEÇÃO COM 6 M³/H DE CAPACIDADE. AF_07/2024","M2",214.16,5.6500000000000002E-2]
["Concreto Projetado",91076,"EXECUÇÃO DE REVESTIMENTO DE CONCRETO PROJETADO COM ESPESSURA DE 10 CM, ARMADO COM TELA, INCLINAÇÃO DE 90°, APLICAÇÃO CONTÍNUA, UTILIZANDO EQUIPAMENTO DE PROJEÇÃO COM 3 M³/H DE CAPACIDADE. AF_07/2024","M2",385.34,5.2999999999999999E-2]
["Concreto Projetado",91072,"EXECUÇÃO DE REVESTIMENTO DE CONCRETO PROJETADO COM ESPESSURA DE 10 CM, ARMADO COM TELA, INCLINAÇÃO DE 90°, APLICAÇÃO CONTÍNUA, UTILIZANDO EQUIPAMENTO DE PROJEÇÃO COM 6 M³/H DE CAPACIDADE. AF_07/2024","M2",338.14,3.85E-2]
["Concreto Projetado",91093,"EXECUÇÃO DE REVESTIMENTO DE CONCRETO PROJETADO COM ESPESSURA DE 10 CM, ARMADO COM TELA, INCLINAÇÃO DE 90°, APLICAÇÃO DESCONTÍNUA, UTILIZANDO EQUIPAMENTO DE PROJEÇÃO COM 3 M³/H DE CAPACIDADE. AF_07/2024","M2",401.05,4.5100000000000001E-2]
["Concreto Projetado",91089,"EXECUÇÃO DE REVESTIMENTO DE CONCRETO PROJETADO COM ESPESSURA DE 10 CM, ARMADO COM TELA, INCLINAÇÃO DE 90°, APLICAÇÃO DESCONTÍNUA, UTILIZANDO EQUIPAMENTO DE PROJEÇÃO COM 6 M³/H DE CAPACIDADE. AF_07/2024","M2",362.43,3.32E-2]
["Concreto Projetado",91074,"EXECUÇÃO DE REVESTIMENTO DE CONCRETO PROJETADO COM ESPESSURA DE 10 CM, ARMADO COM TELA, INCLINAÇÃO MENOR QUE 90°, APLICAÇÃO CONTÍNUA, UTILIZANDO EQUIPAMENTO DE PROJEÇÃO COM 3 M³/H DE CAPACIDADE. AF_07/2024","M2",248.01,7.2999999999999995E-2]
["Concreto Projetado",91070,"EXECUÇÃO DE REVESTIMENTO DE CONCRETO PROJETADO COM ESPESSURA DE 10 CM, ARMADO COM TELA, INCLINAÇÃO MENOR QUE 90°, APLICAÇÃO CONTÍNUA, UTILIZANDO EQUIPAMENTO DE PROJEÇÃO COM 6 M³/H DE CAPACIDADE. AF_07/2024","M2",211.76,5.6899999999999999E-2]
["Concreto Projetado",91091,"EXECUÇÃO DE REVESTIMENTO DE CONCRETO PROJETADO COM ESPESSURA DE 10 CM, ARMADO COM TELA, INCLINAÇÃO MENOR QUE 90°, APLICAÇÃO DESCONTÍNUA, UTILIZANDO EQUIPAMENTO DE PROJEÇÃO COM 3 M³/H DE CAPACIDADE. AF_07/2024","M2",265.02,6.1400000000000003E-2]
["Concreto Projetado",91087,"EXECUÇÃO DE REVESTIMENTO DE CONCRETO PROJETADO COM ESPESSURA DE 10 CM, ARMADO COM TELA, INCLINAÇÃO MENOR QUE 90°, APLICAÇÃO DESCONTÍNUA, UTILIZANDO EQUIPAMENTO DE PROJEÇÃO COM 6 M³/H DE CAPACIDADE. AF_07/2024","M2",234.77,4.7699999999999999E-2]
["Concreto Projetado",91083,"EXECUÇÃO DE REVESTIMENTO DE CONCRETO PROJETADO COM ESPESSURA DE 7 CM, ARMADO COM FIBRAS DE AÇO, INCLINAÇÃO DE 90°, APLICAÇÃO CONTÍNUA, UTILIZANDO EQUIPAMENTO DE PROJEÇÃO COM 3 M³/H DE CAPACIDADE. AF_07/2024","M2",357.33,0.1031]
["Concreto Projetado",91079,"EXECUÇÃO DE REVESTIMENTO DE CONCRETO PROJETADO COM ESPESSURA DE 7 CM, ARMADO COM FIBRAS DE AÇO, INCLINAÇÃO DE 90°, APLICAÇÃO CONTÍNUA, UTILIZANDO EQUIPAMENTO DE PROJEÇÃO COM 6 M³/H DE CAPACIDADE. AF_07/2024","M2",217.16,6.8900000000000003E-2]
["Concreto Projetado",91100,"EXECUÇÃO DE REVESTIMENTO DE CONCRETO PROJETADO COM ESPESSURA DE 7 CM, ARMADO COM FIBRAS DE AÇO, INCLINAÇÃO DE 90°, APLICAÇÃO DESCONTÍNUA, UTILIZANDO EQUIPAMENTO DE PROJEÇÃO COM 3 M³/H DE CAPACIDADE. AF_07/2024","M2",298.49,9.2700000000000005E-2]
["Concreto Projetado",91096,"EXECUÇÃO DE REVESTIMENTO DE CONCRETO PROJETADO COM ESPESSURA DE 7 CM, ARMADO COM FIBRAS DE AÇO, INCLINAÇÃO DE 90°, APLICAÇÃO DESCONTÍNUA, UTILIZANDO EQUIPAMENTO DE PROJEÇÃO COM 6 M³/H DE CAPACIDADE. AF_07/2024","M2",205.72,6.4100000000000004E-2]
["Concreto Projetado",91081,"EXECUÇÃO DE REVESTIMENTO DE CONCRETO PROJETADO COM ESPESSURA DE 7 CM, ARMADO COM FIBRAS DE AÇO, INCLINAÇÃO MENOR QUE 90°, APLICAÇÃO CONTÍNUA, UTILIZANDO EQUIPAMENTO DE PROJEÇÃO COM 3 M³/H DE CAPACIDADE. AF_07/2024","M2",287.58,9.64E-2]
["Concreto Projetado",91077,"EXECUÇÃO DE REVESTIMENTO DE CONCRETO PROJETADO COM ESPESSURA DE 7 CM, ARMADO COM FIBRAS DE AÇO, INCLINAÇÃO MENOR QUE 90°, APLICAÇÃO CONTÍNUA, UTILIZANDO EQUIPAMENTO DE PROJEÇÃO COM 6 M³/H DE CAPACIDADE. AF_07/2024","M2",200.48,6.5799999999999997E-2]
["Concreto Projetado",91098,"EXECUÇÃO DE REVESTIMENTO DE CONCRETO PROJETADO COM ESPESSURA DE 7 CM, ARMADO COM FIBRAS DE AÇO, INCLINAÇÃO MENOR QUE 90°, APLICAÇÃO DESCONTÍNUA, UTILIZANDO EQUIPAMENTO DE PROJEÇÃO COM 3 M³/H DE CAPACIDADE. AF_07/2024","M2",254.32,8.7300000000000003E-2]
["Concreto Projetado",91094,"EXECUÇÃO DE REVESTIMENTO DE CONCRETO PROJETADO COM ESPESSURA DE 7 CM, ARMADO COM FIBRAS DE AÇO, INCLINAÇÃO MENOR QUE 90°, APLICAÇÃO DESCONTÍNUA, UTILIZANDO EQUIPAMENTO DE PROJEÇÃO COM 6 M³/H DE CAPACIDADE. AF_07/2024","M2",192.02,6.1499999999999999E-2]
["Concreto Projetado",91075,"EXECUÇÃO DE REVESTIMENTO DE CONCRETO PROJETADO COM ESPESSURA DE 7 CM, ARMADO COM TELA, INCLINAÇÃO DE 90°, APLICAÇÃO CONTÍNUA, UTILIZANDO EQUIPAMENTO DE PROJEÇÃO COM 3 M³/H DE CAPACIDADE. AF_07/2024","M2",420.64,6.5000000000000002E-2]
["Concreto Projetado",91071,"EXECUÇÃO DE REVESTIMENTO DE CONCRETO PROJETADO COM ESPESSURA DE 7 CM, ARMADO COM TELA, INCLINAÇÃO DE 90°, APLICAÇÃO CONTÍNUA, UTILIZANDO EQUIPAMENTO DE PROJEÇÃO COM 6 M³/H DE CAPACIDADE. AF_07/2024","M2",329.47,3.9800000000000002E-2]
["Concreto Projetado",91092,"EXECUÇÃO DE REVESTIMENTO DE CONCRETO PROJETADO COM ESPESSURA DE 7 CM, ARMADO COM TELA, INCLINAÇÃO DE 90°, APLICAÇÃO DESCONTÍNUA, UTILIZANDO EQUIPAMENTO DE PROJEÇÃO COM 3 M³/H DE CAPACIDADE. AF_07/2024","M2",416.62,5.2699999999999997E-2]
["Concreto Projetado",91088,"EXECUÇÃO DE REVESTIMENTO DE CONCRETO PROJETADO COM ESPESSURA DE 7 CM, ARMADO COM TELA, INCLINAÇÃO DE 90°, APLICAÇÃO DESCONTÍNUA, UTILIZANDO EQUIPAMENTO DE PROJEÇÃO COM 6 M³/H DE CAPACIDADE. AF_07/2024","M2",351.23,3.3399999999999999E-2]
["Concreto Projetado",91073,"EXECUÇÃO DE REVESTIMENTO DE CONCRETO PROJETADO COM ESPESSURA DE 7 CM, ARMADO COM TELA, INCLINAÇÃO MENOR QUE 90°, APLICAÇÃO CONTÍNUA, UTILIZANDO EQUIPAMENTO DE PROJEÇÃO COM 3 M³/H DE CAPACIDADE. AF_07/2024","M2",262.12,8.3900000000000002E-2]
["Concreto Projetado",91069,"EXECUÇÃO DE REVESTIMENTO DE CONCRETO PROJETADO COM ESPESSURA DE 7 CM, ARMADO COM TELA, INCLINAÇÃO MENOR QUE 90°, APLICAÇÃO CONTÍNUA, UTILIZANDO EQUIPAMENTO DE PROJEÇÃO COM 6 M³/H DE CAPACIDADE. AF_07/2024","M2",200.71,5.8500000000000003E-2]
["Concreto Projetado",91090,"EXECUÇÃO DE REVESTIMENTO DE CONCRETO PROJETADO COM ESPESSURA DE 7 CM, ARMADO COM TELA, INCLINAÇÃO MENOR QUE 90°, APLICAÇÃO DESCONTÍNUA, UTILIZANDO EQUIPAMENTO DE PROJEÇÃO COM 3 M³/H DE CAPACIDADE. AF_07/2024","M2",268.42,6.8400000000000002E-2]
["Concreto Projetado",91086,"EXECUÇÃO DE REVESTIMENTO DE CONCRETO PROJETADO COM ESPESSURA DE 7 CM, ARMADO COM TELA, INCLINAÇÃO MENOR QUE 90°, APLICAÇÃO DESCONTÍNUA, UTILIZANDO EQUIPAMENTO DE PROJEÇÃO COM 6 M³/H DE CAPACIDADE. AF_07/2024","M2",222.08,4.7800000000000002E-2]
["Concreto Projetado",105522,"REVESTIMENTO VEGETAL PARA SOLO GRAMPEADO VERDE, ATRAVÉS DE HIDROSSEMEADURA. AF_07/2024","M2",0]
["Concreto Protendido",104281,"ANCORAGEM ATIVA PARA CABO COM 1 CORDOALHA DE DIÂMETRO NOMINAL DE 12,7 MM. AF_08/2022","UN",0]
["Concreto Protendido",104287,"ANCORAGEM ATIVA PARA CABO COM 1 CORDOALHA DE DIÂMETRO NOMINAL DE 15,2 MM. AF_08/2022","UN",0]
["Concreto Protendido",104286,"ANCORAGEM ATIVA PARA CABO COM 12 CORDOALHAS DE DIÂMETRO NOMINAL DE 12,7 MM. AF_08/2022","UN",0]
["Concreto Protendido",104292,"ANCORAGEM ATIVA PARA CABO COM 12 CORDOALHAS DE DIÂMETRO NOMINAL DE 15,2 MM. AF_08/2022","UN",0]
["Concreto Protendido",104282,"ANCORAGEM ATIVA PARA CABO COM 2 CORDOALHAS DE DIÂMETRO NOMINAL DE 12,7 MM. AF_08/2022","UN",0]
["Concreto Protendido",104288,"ANCORAGEM ATIVA PARA CABO COM 2 CORDOALHAS DE DIÂMETRO NOMINAL DE 15,2 MM. AF_08/2022","UN",0]
["Concreto Protendido",104283,"ANCORAGEM ATIVA PARA CABO COM 4 CORDOALHAS DE DIÂMETRO NOMINAL DE 12,7 MM. AF_08/2022","UN",0]
["Concreto Protendido",104289,"ANCORAGEM ATIVA PARA CABO COM 4 CORDOALHAS DE DIÂMETRO NOMINAL DE 15,2 MM. AF_08/2022","UN",0]
["Concreto Protendido",104284,"ANCORAGEM ATIVA PARA CABO COM 6 CORDOALHAS DE DIÂMETRO NOMINAL DE 12,7 MM. AF_08/2022","UN",0]
["Concreto Protendido",104290,"ANCORAGEM ATIVA PARA CABO COM 6 CORDOALHAS DE DIÂMETRO NOMINAL DE 15,2 MM. AF_08/2022","UN",0]
["Concreto Protendido",104285,"ANCORAGEM ATIVA PARA CABO COM 7 CORDOALHAS DE DIÂMETRO NOMINAL DE 12,7 MM. AF_08/2022","UN",0]
["Concreto Protendido",104291,"ANCORAGEM ATIVA PARA CABO COM 7 CORDOALHAS DE DIÂMETRO NOMINAL DE 15,2 MM. AF_08/2022","UN",0]
["Concreto Protendido",104267,"ANCORAGEM ATIVA PARA CORDOALHA COM 7 FIOS E DIÂMETRO NOMINAL DE 12,7 MM. AF_08/2022","UN",0]
["Concreto Protendido",104268,"ANCORAGEM ATIVA PARA CORDOALHA COM 7 FIOS E DIÂMETRO NOMINAL DE 15,2 MM. AF_08/2022","UN",0]
["Concreto Protendido",104269,"ANCORAGEM PASSIVA PARA CABO COM 1 CORDOALHA DE DIÂMETRO NOMINAL DE 12,7 MM. AF_08/2022","UN",0]
["Concreto Protendido",104270,"ANCORAGEM PASSIVA PARA CABO COM 1 CORDOALHA DE DIÂMETRO NOMINAL DE 15,2 MM. AF_08/2022","UN",0]
["Concreto Protendido",104276,"ANCORAGEM PASSIVA PARA CABO COM 12 CORDOALHAS DE DIÂMETRO NOMINAL DE 12,7 MM. AF_08/2022","UN",0]
["Concreto Protendido",104280,"ANCORAGEM PASSIVA PARA CABO COM 12 CORDOALHAS DE DIÂMETRO NOMINAL DE 15,2 MM. AF_08/2022","UN",0]
["Concreto Protendido",104271,"ANCORAGEM PASSIVA PARA CABO COM 2 CORDOALHAS DE DIÂMETRO NOMINAL DE 12,7 MM. AF_08/2022","UN",0]
["Concreto Protendido",104272,"ANCORAGEM PASSIVA PARA CABO COM 2 CORDOALHAS DE DIÂMETRO NOMINAL DE 15,2 MM. AF_08/2022","UN",0]
["Concreto Protendido",104273,"ANCORAGEM PASSIVA PARA CABO COM 4 CORDOALHAS DE DIÂMETRO NOMINAL DE 12,7 MM. AF_08/2022","UN",0]
["Concreto Protendido",104277,"ANCORAGEM PASSIVA PARA CABO COM 4 CORDOALHAS DE DIÂMETRO NOMINAL DE 15,2 MM. AF_08/2022","UN",0]
["Concreto Protendido",104274,"ANCORAGEM PASSIVA PARA CABO COM 6 CORDOALHAS DE DIÂMETRO NOMINAL DE 12,7 MM. AF_08/2022","UN",0]
["Concreto Protendido",104278,"ANCORAGEM PASSIVA PARA CABO COM 6 CORDOALHAS DE DIÂMETRO NOMINAL DE 15,2 MM. AF_08/2022","UN",0]
["Concreto Protendido",104275,"ANCORAGEM PASSIVA PARA CABO COM 7 CORDOALHAS DE DIÂMETRO NOMINAL DE 12,7 MM. AF_08/2022","UN",0]
["Concreto Protendido",104279,"ANCORAGEM PASSIVA PARA CABO COM 7 CORDOALHAS DE DIÂMETRO NOMINAL DE 15,2 MM. AF_08/2022","UN",0]
["Concreto Protendido",104265,"ANCORAGEM PASSIVA PARA CORDOALHA COM 7 FIOS E DIÂMETRO NOMINAL DE 12,7 MM. AF_08/2022","UN",0]
["Concreto Protendido",104266,"ANCORAGEM PASSIVA PARA CORDOALHA COM 7 FIOS E DIÂMETRO NOMINAL DE 15,2 MM. AF_08/2022","UN",0]
["Concreto Protendido",104305,"FORNECIMENTO E INSTALAÇÃO DE BAINHA CIRCULAR COM DIÂMETRO NOMINAL DE 35 MM, INCLUSIVE INJEÇÃO DE NATA DE CIMENTO. AF_08/2022","M",0]
["Concreto Protendido",104306,"FORNECIMENTO E INSTALAÇÃO DE BAINHA CIRCULAR COM DIÂMETRO NOMINAL DE 40 MM, INCLUSIVE INJEÇÃO DE NATA DE CIMENTO. AF_08/2022","M",0]
["Concreto Protendido",104307,"FORNECIMENTO E INSTALAÇÃO DE BAINHA CIRCULAR COM DIÂMETRO NOMINAL DE 50 MM, INCLUSIVE INJEÇÃO DE NATA DE CIMENTO. AF_08/2022","M",0]
["Concreto Protendido",104308,"FORNECIMENTO E INSTALAÇÃO DE BAINHA CIRCULAR COM DIÂMETRO NOMINAL DE 55 MM, INCLUSIVE INJEÇÃO DE NATA DE CIMENTO. AF_08/2022","M",0]
["Concreto Protendido",104309,"FORNECIMENTO E INSTALAÇÃO DE BAINHA CIRCULAR COM DIÂMETRO NOMINAL DE 60 MM, INCLUSIVE INJEÇÃO DE NATA DE CIMENTO. AF_08/2022","M",0]
["Concreto Protendido",104310,"FORNECIMENTO E INSTALAÇÃO DE BAINHA CIRCULAR COM DIÂMETRO NOMINAL DE 65 MM, INCLUSIVE INJEÇÃO DE NATA DE CIMENTO. AF_08/2022","M",0]
["Concreto Protendido",104311,"FORNECIMENTO E INSTALAÇÃO DE BAINHA CIRCULAR COM DIÂMETRO NOMINAL DE 80 MM, INCLUSIVE INJEÇÃO DE NATA DE CIMENTO. AF_08/2022","M",0]
["Concreto Protendido",104301,"FORNECIMENTO E INSTALAÇÃO DE CABO COM CORDOALHA NUA, RESISTÊNCIA À TRAÇÃO DE 190 KGF/MM² E DIÂMETRO NOMINAL DE 12,7 MM, EM VIGA. AF_08/2022","KG",0]
["Concreto Protendido",104302,"FORNECIMENTO E INSTALAÇÃO DE CABO COM CORDOALHA NUA, RESISTÊNCIA À TRAÇÃO DE 190 KGF/MM² E DIÂMETRO NOMINAL DE 15,2 MM, EM VIGA. AF_08/2022","KG",0]
["Concreto Protendido",104303,"FORNECIMENTO E INSTALAÇÃO DE CABO COM CORDOALHA NUA, RESISTÊNCIA À TRAÇÃO DE 210 KGF/MM² E DIÂMETRO NOMINAL DE 12,7 MM, EM VIGA. AF_08/2022","KG",0]
["Concreto Protendido",104304,"FORNECIMENTO E INSTALAÇÃO DE CABO COM CORDOALHA NUA, RESISTÊNCIA À TRAÇÃO DE 210 KGF/MM² E DIÂMETRO NOMINAL DE 15,2 MM, EM VIGA. AF_08/2022","KG",0]
["Concreto Protendido",104293,"FORNECIMENTO E INSTALAÇÃO DE CORDOALHA COM 7 FIOS, RESISTÊNCIA À TRAÇÃO DE 190 KGF/MM² E DIÂMETRO NOMINAL DE 12,7 MM, EM LAJE. AF_08/2022","KG",0]
["Concreto Protendido",104297,"FORNECIMENTO E INSTALAÇÃO DE CORDOALHA COM 7 FIOS, RESISTÊNCIA À TRAÇÃO DE 190 KGF/MM² E DIÂMETRO NOMINAL DE 12,7 MM, EM VIGA. AF_08/2022","KG",0]
["Concreto Protendido",104295,"FORNECIMENTO E INSTALAÇÃO DE CORDOALHA COM 7 FIOS, RESISTÊNCIA À TRAÇÃO DE 190 KGF/MM² E DIÂMETRO NOMINAL DE 15,2 MM, EM LAJE. AF_08/2022","KG",0]
["Concreto Protendido",104299,"FORNECIMENTO E INSTALAÇÃO DE CORDOALHA COM 7 FIOS, RESISTÊNCIA À TRAÇÃO DE 190 KGF/MM² E DIÂMETRO NOMINAL DE 15,2 MM, EM VIGA. AF_08/2022","KG",0]
["Concreto Protendido",104294,"FORNECIMENTO E INSTALAÇÃO DE CORDOALHA COM 7 FIOS, RESISTÊNCIA À TRAÇÃO DE 210 KGF/MM² E DIÂMETRO NOMINAL DE 12,7 MM, EM LAJE. AF_08/2022","KG",0]
["Concreto Protendido",104298,"FORNECIMENTO E INSTALAÇÃO DE CORDOALHA COM 7 FIOS, RESISTÊNCIA À TRAÇÃO DE 210 KGF/MM² E DIÂMETRO NOMINAL DE 12,7 MM, EM VIGA. AF_08/2022","KG",0]
["Concreto Protendido",104296,"FORNECIMENTO E INSTALAÇÃO DE CORDOALHA COM 7 FIOS, RESISTÊNCIA À TRAÇÃO DE 210 KGF/MM² E DIÂMETRO NOMINAL DE 15,2 MM, EM LAJE. AF_08/2022","KG",0]
["Concreto Protendido",104300,"FORNECIMENTO E INSTALAÇÃO DE CORDOALHA COM 7 FIOS, RESISTÊNCIA À TRAÇÃO DE 210 KGF/MM² E DIÂMETRO NOMINAL DE 15,2 MM, EM VIGA. AF_08/2022","KG",0]
["Contrapiso",90944,"CONTRAPISO ACÚSTICO EM ARGAMASSA PRONTA, PREPARO MANUAL, APLICADO EM ÁREAS SECA, ACABAMENTO NÃO REFORÇADO, ESPESSURA 6CM. AF_07/2021","M2",229.12,0]
["Contrapiso",90934,"CONTRAPISO ACÚSTICO EM ARGAMASSA PRONTA, PREPARO MANUAL, APLICADO EM ÁREAS SECAS, ACABAMENTO NÃO REFORÇADO, ESPESSURA 5CM. AF_07/2021","M2",212.5,0]
["Contrapiso",90954,"CONTRAPISO ACÚSTICO EM ARGAMASSA PRONTA, PREPARO MANUAL, APLICADO EM ÁREAS SECAS, ACABAMENTO NÃO REFORÇADO, ESPESSURA 7CM. AF_07/2021","M2",259.56,0]
["Contrapiso",90933,"CONTRAPISO ACÚSTICO EM ARGAMASSA PRONTA, PREPARO MECÂNICO COM MISTURADOR 300 KG, APLICADO EM ÁREAS SECAS, ACABAMENTO NÃO REFORÇADO, ESPESSURA 5CM. AF_07/2021","M2",196.61,0]
["Contrapiso",90943,"CONTRAPISO ACÚSTICO EM ARGAMASSA PRONTA, PREPARO MECÂNICO COM MISTURADOR 300 KG, APLICADO EM ÁREAS SECAS, ACABAMENTO NÃO REFORÇADO, ESPESSURA 6CM. AF_07/2021","M2",211.81,0]
["Contrapiso",90953,"CONTRAPISO ACÚSTICO EM ARGAMASSA PRONTA, PREPARO MECÂNICO COM MISTURADOR 300 KG, APLICADO EM ÁREAS SECAS, ACABAMENTO NÃO REFORÇADO, ESPESSURA 7CM. AF_07/2021","M2",239.66,0]
["Contrapiso",90932,"CONTRAPISO ACÚSTICO EM ARGAMASSA TRAÇO 1:4 (CIMENTO E AREIA), PREPARO MANUAL, APLICADO EM ÁREAS SECAS, ACABAMENTO NÃO REFORÇADO, ESPESSURA 5CM. AF_07/2021","M2",94.95,0]
["Contrapiso",90942,"CONTRAPISO ACÚSTICO EM ARGAMASSA TRAÇO 1:4 (CIMENTO E AREIA), PREPARO MANUAL, APLICADO EM ÁREAS SECAS, ACABAMENTO NÃO REFORÇADO, ESPESSURA 6CM. AF_07/2021","M2",101.11,0]
["Contrapiso",90952,"CONTRAPISO ACÚSTICO EM ARGAMASSA TRAÇO 1:4 (CIMENTO E AREIA), PREPARO MANUAL, APLICADO EM ÁREAS SECAS, ACABAMENTO NÃO REFORÇADO, ESPESSURA 7CM. AF_07/2021","M2",112.38,0]
["Contrapiso",90930,"CONTRAPISO ACÚSTICO EM ARGAMASSA TRAÇO 1:4 (CIMENTO E AREIA), PREPARO MECÂNICO COM BETONEIRA 400L, APLICADO EM ÁREAS SECAS, ACABAMENTO NÃO REFORÇADO, ESPESSURA 5CM. AF_07/2021","M2",86.03,0]
["Contrapiso",90940,"CONTRAPISO ACÚSTICO EM ARGAMASSA TRAÇO 1:4 (CIMENTO E AREIA), PREPARO MECÂNICO COM BETONEIRA 400L, APLICADO EM ÁREAS SECAS, ACABAMENTO NÃO REFORÇADO, ESPESSURA 6CM. AF_07/2021","M2",91.4,0]
["Contrapiso",90950,"CONTRAPISO ACÚSTICO EM ARGAMASSA TRAÇO 1:4 (CIMENTO E AREIA), PREPARO MECÂNICO COM BETONEIRA 400L, APLICADO EM ÁREAS SECAS, ACABAMENTO NÃO REFORÇADO, ESPESSURA 7CM. AF_07/2021","M2",101.21,0]
["Contrapiso",88476,"CONTRAPISO COM ARGAMASSA AUTONIVELANTE, APLICADO SOBRE LAJE, ADERIDO, ESPESSURA 2CM. AF_07/2021","M2",21.28,0]
["Contrapiso",88477,"CONTRAPISO COM ARGAMASSA AUTONIVELANTE, APLICADO SOBRE LAJE, ADERIDO, ESPESSURA 3CM. AF_07/2021","M2",29.29,0]
["Contrapiso",88478,"CONTRAPISO COM ARGAMASSA AUTONIVELANTE, APLICADO SOBRE LAJE, ADERIDO, ESPESSURA 4CM. AF_07/2021","M2",35.9,0]
["Contrapiso",88470,"CONTRAPISO COM ARGAMASSA AUTONIVELANTE, APLICADO SOBRE LAJE, NÃO ADERIDO, ESPESSURA 3CM. AF_07/2021","M2",25.06,0]
["Contrapiso",88471,"CONTRAPISO COM ARGAMASSA AUTONIVELANTE, APLICADO SOBRE LAJE, NÃO ADERIDO, ESPESSURA 4CM. AF_07/2021","M2",31.42,0]
["Contrapiso",88472,"CONTRAPISO COM ARGAMASSA AUTONIVELANTE, APLICADO SOBRE LAJE, NÃO ADERIDO, ESPESSURA 5CM. AF_07/2021","M2",36.46,0]
["Contrapiso",87759,"CONTRAPISO EM ARGAMASSA PRONTA, PREPARO MANUAL, APLICADO EM ÁREAS MOLHADAS SOBRE IMPERMEABILIZAÇÃO, ACABAMENTO NÃO REFORÇADO, ESPESSURA 3CM. AF_07/2021","M2",141.58000000000001,0]
["Contrapiso",87769,"CONTRAPISO EM ARGAMASSA PRONTA, PREPARO MANUAL, APLICADO EM ÁREAS MOLHADAS SOBRE IMPERMEABILIZAÇÃO, ACABAMENTO NÃO REFORÇADO, ESPESSURA 4CM. AF_07/2021","M2",169.51,0]
["Contrapiso",87739,"CONTRAPISO EM ARGAMASSA PRONTA, PREPARO MANUAL, APLICADO EM ÁREAS MOLHADAS SOBRE LAJE, ADERIDO, ACABAMENTO NÃO REFORÇADO, ESPESSURA 2CM. AF_07/2021","M2",109.9,0]
["Contrapiso",87749,"CONTRAPISO EM ARGAMASSA PRONTA, PREPARO MANUAL, APLICADO EM ÁREAS MOLHADAS SOBRE LAJE, ADERIDO, ACABAMENTO NÃO REFORÇADO, ESPESSURA 3CM. AF_07/2021","M2",143.94,0]
["Contrapiso",87624,"CONTRAPISO EM ARGAMASSA PRONTA, PREPARO MANUAL, APLICADO EM ÁREAS SECAS SOBRE LAJE, ADERIDO, ACABAMENTO NÃO REFORÇADO, ESPESSURA 2CM. AF_07/2021","M2",96.68,0]
["Contrapiso",87634,"CONTRAPISO EM ARGAMASSA PRONTA, PREPARO MANUAL, APLICADO EM ÁREAS SECAS SOBRE LAJE, ADERIDO, ACABAMENTO NÃO REFORÇADO, ESPESSURA 3CM. AF_07/2021","M2",130.72999999999999,0]
["Contrapiso",87644,"CONTRAPISO EM ARGAMASSA PRONTA, PREPARO MANUAL, APLICADO EM ÁREAS SECAS SOBRE LAJE, ADERIDO, ACABAMENTO NÃO REFORÇADO, ESPESSURA 4CM. AF_07/2021","M2",158.6,0]
["Contrapiso",87684,"CONTRAPISO EM ARGAMASSA PRONTA, PREPARO MANUAL, APLICADO EM ÁREAS SECAS SOBRE LAJE, NÃO ADERIDO, ACABAMENTO NÃO REFORÇADO, ESPESSURA 4CM. AF_07/2021","M2",153.75,0]
["Contrapiso",87694,"CONTRAPISO EM ARGAMASSA PRONTA, PREPARO MANUAL, APLICADO EM ÁREAS SECAS SOBRE LAJE, NÃO ADERIDO, ACABAMENTO NÃO REFORÇADO, ESPESSURA 5CM. AF_07/2021","M2",176.1,0]
["Contrapiso",87704,"CONTRAPISO EM ARGAMASSA PRONTA, PREPARO MANUAL, APLICADO EM ÁREAS SECAS SOBRE LAJE, NÃO ADERIDO, ACABAMENTO NÃO REFORÇADO, ESPESSURA 6CM. AF_07/2021","M2",191.3,0]
["Contrapiso",87758,"CONTRAPISO EM ARGAMASSA PRONTA, PREPARO MECÂNICO COM MISTURADOR 300 KG, APLICADO EM ÁREAS MOLHADAS SOBRE IMPERMEABILIZAÇÃO, ACABAMENTO NÃO REFORÇADO, ESPESSURA 3CM. AF_07/2021","M2",130.30000000000001,0]
["Contrapiso",87768,"CONTRAPISO EM ARGAMASSA PRONTA, PREPARO MECÂNICO COM MISTURADOR 300 KG, APLICADO EM ÁREAS MOLHADAS SOBRE IMPERMEABILIZAÇÃO, ACABAMENTO NÃO REFORÇADO, ESPESSURA 4CM. AF_07/2021","M2",155.63,0]
["Contrapiso",87738,"CONTRAPISO EM ARGAMASSA PRONTA, PREPARO MECÂNICO COM MISTURADOR 300 KG, APLICADO EM ÁREAS MOLHADAS SOBRE LAJE, ADERIDO, ACABAMENTO NÃO REFORÇADO, ESPESSURA 2CM. AF_07/2021","M2",101.79,0]
["Contrapiso",87748,"CONTRAPISO EM ARGAMASSA PRONTA, PREPARO MECÂNICO COM MISTURADOR 300 KG, APLICADO EM ÁREAS MOLHADAS SOBRE LAJE, ADERIDO, ACABAMENTO NÃO REFORÇADO, ESPESSURA 3CM. AF_07/2021","M2",132.66,0]
["Contrapiso",87623,"CONTRAPISO EM ARGAMASSA PRONTA, PREPARO MECÂNICO COM MISTURADOR 300 KG, APLICADO EM ÁREAS SECAS SOBRE LAJE, ADERIDO, ACABAMENTO NÃO REFORÇADO, ESPESSURA 2CM. AF_07/2021","M2",88.57,0]
["Contrapiso",87633,"CONTRAPISO EM ARGAMASSA PRONTA, PREPARO MECÂNICO COM MISTURADOR 300 KG, APLICADO EM ÁREAS SECAS SOBRE LAJE, ADERIDO, ACABAMENTO NÃO REFORÇADO, ESPESSURA 3CM. AF_07/2021","M2",119.45,0]
["Contrapiso",87643,"CONTRAPISO EM ARGAMASSA PRONTA, PREPARO MECÂNICO COM MISTURADOR 300 KG, APLICADO EM ÁREAS SECAS SOBRE LAJE, ADERIDO, ACABAMENTO NÃO REFORÇADO, ESPESSURA 4CM. AF_07/2021","M2",144.72,0]
["Contrapiso",87683,"CONTRAPISO EM ARGAMASSA PRONTA, PREPARO MECÂNICO COM MISTURADOR 300 KG, APLICADO EM ÁREAS SECAS SOBRE LAJE, NÃO ADERIDO, ACABAMENTO NÃO REFORÇADO, ESPESSURA 4CM. AF_07/2021","M2",139.87,0]
["Contrapiso",87703,"CONTRAPISO EM ARGAMASSA PRONTA, PREPARO MECÂNICO COM MISTURADOR 300 KG, APLICADO EM ÁREAS SECAS SOBRE LAJE, NÃO ADERIDO, ACABAMENTO NÃO REFORÇADO, ESPESSURA 6CM. AF_07/2021","M2",173.99,0]
["Contrapiso",87693,"CONTRAPISO EM ARGAMASSA PRONTA, PREPARO MECÂNICO COM MISTURADOR 300 KG, APLICADO EM ÁREAS SECAS SOBRE LAJE, NÃO ADERIDO, ESPESSURA 5CM. AF_07/2021","M2",160.21,0]
["Contrapiso",87757,"CONTRAPISO EM ARGAMASSA TRAÇO 1:4 (CIMENTO E AREIA), PREPARO MANUAL, APLICADO EM ÁREAS MOLHADAS SOBRE IMPERMEABILIZAÇÃO, ACABAMENTO NÃO REFORÇADO, ESPESSURA 3CM. AF_07/2021","M2",58.12,0]
["Contrapiso",87767,"CONTRAPISO EM ARGAMASSA TRAÇO 1:4 (CIMENTO E AREIA), PREPARO MANUAL, APLICADO EM ÁREAS MOLHADAS SOBRE IMPERMEABILIZAÇÃO, ACABAMENTO NÃO REFORÇADO, ESPESSURA 4CM. AF_07/2021","M2",66.87,0]
["Contrapiso",87737,"CONTRAPISO EM ARGAMASSA TRAÇO 1:4 (CIMENTO E AREIA), PREPARO MANUAL, APLICADO EM ÁREAS MOLHADAS SOBRE LAJE, ADERIDO, ACABAMENTO NÃO REFORÇADO, ESPESSURA 2CM. AF_07/2021","M2",49.87,0]
["Contrapiso",87747,"CONTRAPISO EM ARGAMASSA TRAÇO 1:4 (CIMENTO E AREIA), PREPARO MANUAL, APLICADO EM ÁREAS MOLHADAS SOBRE LAJE, ADERIDO, ACABAMENTO NÃO REFORÇADO, ESPESSURA 3CM. AF_07/2021","M2",60.48,0]
["Contrapiso",87622,"CONTRAPISO EM ARGAMASSA TRAÇO 1:4 (CIMENTO E AREIA), PREPARO MANUAL, APLICADO EM ÁREAS SECAS SOBRE LAJE, ADERIDO, ACABAMENTO NÃO REFORÇADO, ESPESSURA 2CM. AF_07/2021","M2",36.65,0]
["Contrapiso",87632,"CONTRAPISO EM ARGAMASSA TRAÇO 1:4 (CIMENTO E AREIA), PREPARO MANUAL, APLICADO EM ÁREAS SECAS SOBRE LAJE, ADERIDO, ACABAMENTO NÃO REFORÇADO, ESPESSURA 3CM. AF_07/2021","M2",47.27,0]
["Contrapiso",87642,"CONTRAPISO EM ARGAMASSA TRAÇO 1:4 (CIMENTO E AREIA), PREPARO MANUAL, APLICADO EM ÁREAS SECAS SOBRE LAJE, ADERIDO, ACABAMENTO NÃO REFORÇADO, ESPESSURA 4CM. AF_07/2021","M2",55.96,0]
["Contrapiso",87682,"CONTRAPISO EM ARGAMASSA TRAÇO 1:4 (CIMENTO E AREIA), PREPARO MANUAL, APLICADO EM ÁREAS SECAS SOBRE LAJE, NÃO ADERIDO, ACABAMENTO NÃO REFORÇADO, ESPESSURA 4CM. AF_07/2021","M2",51.11,0]
["Contrapiso",87692,"CONTRAPISO EM ARGAMASSA TRAÇO 1:4 (CIMENTO E AREIA), PREPARO MANUAL, APLICADO EM ÁREAS SECAS SOBRE LAJE, NÃO ADERIDO, ACABAMENTO NÃO REFORÇADO, ESPESSURA 5CM. AF_07/2021","M2",58.55,0]
["Contrapiso",87702,"CONTRAPISO EM ARGAMASSA TRAÇO 1:4 (CIMENTO E AREIA), PREPARO MANUAL, APLICADO EM ÁREAS SECAS SOBRE LAJE, NÃO ADERIDO, ACABAMENTO NÃO REFORÇADO, ESPESSURA 6CM. AF_07/2021","M2",63.29,0]
["Contrapiso",87755,"CONTRAPISO EM ARGAMASSA TRAÇO 1:4 (CIMENTO E AREIA), PREPARO MECÂNICO COM BETONEIRA 400 L, APLICADO EM ÁREAS MOLHADAS SOBRE IMPERMEABILIZAÇÃO, ACABAMENTO NÃO REFORÇADO, ESPESSURA 3CM. AF_07/2021","M2",51.78,0]
["Contrapiso",87765,"CONTRAPISO EM ARGAMASSA TRAÇO 1:4 (CIMENTO E AREIA), PREPARO MECÂNICO COM BETONEIRA 400 L, APLICADO EM ÁREAS MOLHADAS SOBRE IMPERMEABILIZAÇÃO, ACABAMENTO NÃO REFORÇADO, ESPESSURA 4CM. AF_07/2021","M2",59.08,0]
["Contrapiso",87735,"CONTRAPISO EM ARGAMASSA TRAÇO 1:4 (CIMENTO E AREIA), PREPARO MECÂNICO COM BETONEIRA 400 L, APLICADO EM ÁREAS MOLHADAS SOBRE LAJE, ADERIDO, ACABAMENTO NÃO REFORÇADO, ESPESSURA 2CM. AF_07/2021","M2",45.31,0]
["Contrapiso",87745,"CONTRAPISO EM ARGAMASSA TRAÇO 1:4 (CIMENTO E AREIA), PREPARO MECÂNICO COM BETONEIRA 400 L, APLICADO EM ÁREAS MOLHADAS SOBRE LAJE, ADERIDO, ACABAMENTO NÃO REFORÇADO, ESPESSURA 3CM. AF_07/2021","M2",54.14,0]
["Contrapiso",87620,"CONTRAPISO EM ARGAMASSA TRAÇO 1:4 (CIMENTO E AREIA), PREPARO MECÂNICO COM BETONEIRA 400 L, APLICADO EM ÁREAS SECAS SOBRE LAJE, ADERIDO, ACABAMENTO NÃO REFORÇADO, ESPESSURA 2CM. AF_07/2021","M2",32.090000000000003,0]
["Contrapiso",87630,"CONTRAPISO EM ARGAMASSA TRAÇO 1:4 (CIMENTO E AREIA), PREPARO MECÂNICO COM BETONEIRA 400 L, APLICADO EM ÁREAS SECAS SOBRE LAJE, ADERIDO, ACABAMENTO NÃO REFORÇADO, ESPESSURA 3CM. AF_07/2021","M2",40.93,0]
["Contrapiso",87640,"CONTRAPISO EM ARGAMASSA TRAÇO 1:4 (CIMENTO E AREIA), PREPARO MECÂNICO COM BETONEIRA 400 L, APLICADO EM ÁREAS SECAS SOBRE LAJE, ADERIDO, ACABAMENTO NÃO REFORÇADO, ESPESSURA 4CM. AF_07/2021","M2",48.17,0]
["Contrapiso",87680,"CONTRAPISO EM ARGAMASSA TRAÇO 1:4 (CIMENTO E AREIA), PREPARO MECÂNICO COM BETONEIRA 400 L, APLICADO EM ÁREAS SECAS SOBRE LAJE, NÃO ADERIDO, ACABAMENTO NÃO REFORÇADO, ESPESSURA 4CM. AF_07/2021","M2",43.32,0]
["Contrapiso",87690,"CONTRAPISO EM ARGAMASSA TRAÇO 1:4 (CIMENTO E AREIA), PREPARO MECÂNICO COM BETONEIRA 400 L, APLICADO EM ÁREAS SECAS SOBRE LAJE, NÃO ADERIDO, ACABAMENTO NÃO REFORÇADO, ESPESSURA 5CM. AF_07/2021","M2",49.63,0]
["Contrapiso",87700,"CONTRAPISO EM ARGAMASSA TRAÇO 1:4 (CIMENTO E AREIA), PREPARO MECÂNICO COM BETONEIRA 400 L, APLICADO EM ÁREAS SECAS SOBRE LAJE, NÃO ADERIDO, ACABAMENTO NÃO REFORÇADO, ESPESSURA 6CM. AF_07/2021","M2",53.58,0]
["Contrapiso",102803,"REFORÇO SUPERFICIAL PARA CONTRAPISOS DE ARGAMASSA SEMI-SECA. AF_07/2021","M2",2.52,0]
["Custos Horários Produtivo e Improdutivo dos Equipamentos",92717,"APARELHO PARA CORTE E SOLDA OXI-ACETILENO SOBRE RODAS, INCLUSIVE CILINDROS E MAÇARICOS - CHI DIURNO. AF_05/2023","CHI",0.23,0]
["Custos Horários Produtivo e Improdutivo dos Equipamentos",92716,"APARELHO PARA CORTE E SOLDA OXI-ACETILENO SOBRE RODAS, INCLUSIVE CILINDROS E MAÇARICOS - CHP DIURNO. AF_05/2023","CHP",109.47,0.99570000000000003]
["Custos Horários Produtivo e Improdutivo dos Equipamentos",103668,"BATE ESTACA PARA INSTALAÇÃO DE DEFENSAS METÁLICAS (GUARD RAIL) FIXO, INCLUSIVE CAMINHÃO TOCO PBT 9.700 KG, POTÊNCIA DE 160 CV - CHI DIURNO. AF_05/2023","CHI",0]
["Custos Horários Produtivo e Improdutivo dos Equipamentos",103667,"BATE ESTACA PARA INSTALAÇÃO DE DEFENSAS METÁLICAS (GUARD RAIL) FIXO, INCLUSIVE CAMINHÃO TOCO PBT 9.700 KG, POTÊNCIA DE 160 CV - CHP DIURNO. AF_05/2023","CHP",0]
["Custos Horários Produtivo e Improdutivo dos Equipamentos",89218,"BATE-ESTACAS POR GRAVIDADE, POTÊNCIA DE 160 HP, PESO DO MARTELO ATÉ 3 TONELADAS - CHI DIURNO. AF_11/2014","CHI",84.2,0.46250000000000002]
["Custos Horários Produtivo e Improdutivo dos Equipamentos",89843,"BATE-ESTACAS POR GRAVIDADE, POTÊNCIA DE 160 HP, PESO DO MARTELO ATÉ 3 TONELADAS - CHP DIURNO. AF_11/2014","CHP",202,0.33110000000000001]
["Custos Horários Produtivo e Improdutivo dos Equipamentos",87446,"BETONEIRA CAPACIDADE NOMINAL 400 L, CAPACIDADE DE MISTURA 310 L, MOTOR A DIESEL POTÊNCIA 5,0 HP, SEM CARREGADOR - CHI DIURNO. AF_05/2023","CHI",0.55000000000000004,0]
["Custos Horários Produtivo e Improdutivo dos Equipamentos",87445,"BETONEIRA CAPACIDADE NOMINAL 400 L, CAPACIDADE DE MISTURA 310 L, MOTOR A DIESEL POTÊNCIA 5,0 HP, SEM CARREGADOR - CHP DIURNO. AF_05/2023","CHP",5.16,0]
["Custos Horários Produtivo e Improdutivo dos Equipamentos",93234,"BETONEIRA CAPACIDADE NOMINAL 400 L, CAPACIDADE DE MISTURA 310 L, MOTOR A GASOLINA POTÊNCIA 5,5 HP, SEM CARREGADOR - CHI DIURNO. AF_02/2016","CHI",0.5,0]
["Custos Horários Produtivo e Improdutivo dos Equipamentos",93233,"BETONEIRA CAPACIDADE NOMINAL 400 L, CAPACIDADE DE MISTURA 310 L, MOTOR A GASOLINA POTÊNCIA 5,5 HP, SEM CARREGADOR - CHP DIURNO. AF_02/2016","CHP",5.94,0]
["Custos Horários Produtivo e Improdutivo dos Equipamentos",102953,"BETONEIRA CAPACIDADE NOMINAL DE 250 L, CAPACIDADE DE MISTURA DE 175 L, MOTOR ELÉTRICO MONOFÁSICO POTÊNCIA 1CV - CHI DIURNO. AF_05/2023","CHI",0]
["Custos Horários Produtivo e Improdutivo dos Equipamentos",102952,"BETONEIRA CAPACIDADE NOMINAL DE 250 L, CAPACIDADE DE MISTURA DE 175 L, MOTOR ELÉTRICO MONOFÁSICO POTÊNCIA 1CV - CHP DIURNO. AF_05/2023","CHP",0]
["Custos Horários Produtivo e Improdutivo dos Equipamentos",88831,"BETONEIRA CAPACIDADE NOMINAL DE 400 L, CAPACIDADE DE MISTURA 280 L, MOTOR ELÉTRICO TRIFÁSICO POTÊNCIA DE 2 CV, SEM CARREGADOR - CHI DIURNO. AF_05/2023","CHI",0.4,0]
["Custos Horários Produtivo e Improdutivo dos Equipamentos",88830,"BETONEIRA CAPACIDADE NOMINAL DE 400 L, CAPACIDADE DE MISTURA 280 L, MOTOR ELÉTRICO TRIFÁSICO POTÊNCIA DE 2 CV, SEM CARREGADOR - CHP DIURNO. AF_05/2023","CHP",2.0099999999999998,0]
["Custos Horários Produtivo e Improdutivo dos Equipamentos",89226,"BETONEIRA CAPACIDADE NOMINAL DE 600 L, CAPACIDADE DE MISTURA 360 L, MOTOR ELÉTRICO TRIFÁSICO POTÊNCIA DE 4 CV, SEM CARREGADOR - CHI DIURNO. AF_05/2023","CHI",1.66,0]
["Custos Horários Produtivo e Improdutivo dos Equipamentos",89225,"BETONEIRA CAPACIDADE NOMINAL DE 600 L, CAPACIDADE DE MISTURA 360 L, MOTOR ELÉTRICO TRIFÁSICO POTÊNCIA DE 4 CV, SEM CARREGADOR - CHP DIURNO. AF_05/2023","CHP",5.64,0]
["Custos Horários Produtivo e Improdutivo dos Equipamentos",89279,"BETONEIRA CAPACIDADE NOMINAL DE 600 L, CAPACIDADE DE MISTURA 440 L, MOTOR A DIESEL POTÊNCIA 10 HP, COM CARREGADOR - CHI DIURNO. AF_05/2023","CHI",2.02,0]
["Custos Horários Produtivo e Improdutivo dos Equipamentos",89278,"BETONEIRA CAPACIDADE NOMINAL DE 600 L, CAPACIDADE DE MISTURA 440 L, MOTOR A DIESEL POTÊNCIA 10 HP, COM CARREGADOR - CHP DIURNO. AF_05/2023","CHP",12.17,0]
["Custos Horários Produtivo e Improdutivo dos Equipamentos",90651,"BOMBA CENTRÍFUGA MONOESTÁGIO COM MOTOR ELÉTRICO MONOFÁSICO, POTÊNCIA 15 HP, DIÂMETRO DO ROTOR 173 MM, HM/Q = 30 MCA / 90 M3/H A 45 MCA / 55 M3/H - CHI DIURNO. AF_06/2015","CHI",0.71,0]
["Custos Horários Produtivo e Improdutivo dos Equipamentos",90650,"BOMBA CENTRÍFUGA MONOESTÁGIO COM MOTOR ELÉTRICO MONOFÁSICO, POTÊNCIA 15 HP, DIÂMETRO DO ROTOR 173 MM, HM/Q = 30 MCA / 90 M3/H A 45 MCA / 55 M3/H - CHP DIURNO. AF_06/2015","CHP",11.04,0]
["Custos Horários Produtivo e Improdutivo dos Equipamentos",90657,"BOMBA DE PROJEÇÃO DE CONCRETO SECO, POTÊNCIA 10 CV, VAZÃO 3 M3/H - CHI DIURNO. AF_06/2015","CHI",4.9800000000000004,0]
["Custos Horários Produtivo e Improdutivo dos Equipamentos",90656,"BOMBA DE PROJEÇÃO DE CONCRETO SECO, POTÊNCIA 10 CV, VAZÃO 3 M3/H - CHP DIURNO. AF_06/2015","CHP",15.79,0]
["Custos Horários Produtivo e Improdutivo dos Equipamentos",90663,"BOMBA DE PROJEÇÃO DE CONCRETO SECO, POTÊNCIA 10 CV, VAZÃO 6 M3/H - CHI DIURNO. AF_06/2015","CHI",5.34,0]
["Custos Horários Produtivo e Improdutivo dos Equipamentos",90662,"BOMBA DE PROJEÇÃO DE CONCRETO SECO, POTÊNCIA 10 CV, VAZÃO 6 M3/H - CHP DIURNO. AF_06/2015","CHP",16.47,0]
["Custos Horários Produtivo e Improdutivo dos Equipamentos",89022,"BOMBA SUBMERSÍVEL ELÉTRICA TRIFÁSICA, POTÊNCIA 2,96 HP, Ø ROTOR 144 MM SEMI-ABERTO, BOCAL DE SAÍDA Ø 2\", HM/Q = 2 MCA / 38,8 M3/H A 28 MCA / 5 M3/H - CHI DIURNO. AF_06/2014","CHI",0.32,0]
["Custos Horários Produtivo e Improdutivo dos Equipamentos",89021,"BOMBA SUBMERSÍVEL ELÉTRICA TRIFÁSICA, POTÊNCIA 2,96 HP, Ø ROTOR 144 MM SEMI-ABERTO, BOCAL DE SAÍDA Ø 2\", HM/Q = 2 MCA / 38,8 M3/H A 28 MCA / 5 M3/H - CHP DIURNO. AF_06/2014","CHP",2.52,0]
["Custos Horários Produtivo e Improdutivo dos Equipamentos",90644,"BOMBA TRIPLEX, PARA INJEÇÃO DE NATA DE CIMENTO, VAZÃO MÁXIMA DE 100 LITROS/MINUTO, PRESSÃO MÁXIMA DE 70 BAR - CHI DIURNO. AF_06/2015","CHI",7.67,0]
["Custos Horários Produtivo e Improdutivo dos Equipamentos",90643,"BOMBA TRIPLEX, PARA INJEÇÃO DE NATA DE CIMENTO, VAZÃO MÁXIMA DE 100 LITROS/MINUTO, PRESSÃO MÁXIMA DE 70 BAR - CHP DIURNO. AF_06/2015","CHP",26.63,0]
["Custos Horários Produtivo e Improdutivo dos Equipamentos",102811,"CALDEIRA A GÁS COM TERMOSTATO, CAPACIDADE 100 LITROS - CHI DIURNO. AF_05/2023","CHI",0]
["Custos Horários Produtivo e Improdutivo dos Equipamentos",102810,"CALDEIRA A GÁS COM TERMOSTATO, CAPACIDADE 100 LITROS - CHP DIURNO. AF_05/2023","CHP",0]
["Custos Horários Produtivo e Improdutivo dos Equipamentos",92146,"CAMINHONETE CABINE SIMPLES COM MOTOR 1.6 FLEX, CÂMBIO MANUAL, POTÊNCIA 101/104 CV, 2 PORTAS - CHI DIURNO. AF_11/2015","CHI",31.62,0]
["Custos Horários Produtivo e Improdutivo dos Equipamentos",92145,"CAMINHONETE CABINE SIMPLES COM MOTOR 1.6 FLEX, CÂMBIO MANUAL, POTÊNCIA 101/104 CV, 2 PORTAS - CHP DIURNO. AF_11/2015","CHP",80.47,0]
["Custos Horários Produtivo e Improdutivo dos Equipamentos",92139,"CAMINHONETE COM MOTOR A DIESEL, POTÊNCIA 180 CV, CABINE DUPLA, 4X4 - CHI DIURNO. AF_11/2015","CHI",43.74,0]
["Custos Horários Produtivo e Improdutivo dos Equipamentos",92138,"CAMINHONETE COM MOTOR A DIESEL, POTÊNCIA 180 CV, CABINE DUPLA, 4X4 - CHP DIURNO. AF_11/2015","CHP",94.53,0]
["Custos Horários Produtivo e Improdutivo dos Equipamentos",91387,"CAMINHÃO BASCULANTE 10 M3, TRUCADO CABINE SIMPLES, PESO BRUTO TOTAL 23.000 KG, CARGA ÚTIL MÁXIMA 15.935 KG, DISTÂNCIA ENTRE EIXOS 4,80 M, POTÊNCIA 230 CV INCLUSIVE CAÇAMBA METÁLICA - CHI DIURNO. AF_06/2014","CHI",75.52,8.7300000000000003E-2]
["Custos Horários Produtivo e Improdutivo dos Equipamentos",91386,"CAMINHÃO BASCULANTE 10 M3, TRUCADO CABINE SIMPLES, PESO BRUTO TOTAL 23.000 KG, CARGA ÚTIL MÁXIMA 15.935 KG, DISTÂNCIA ENTRE EIXOS 4,80 M, POTÊNCIA 230 CV INCLUSIVE CAÇAMBA METÁLICA - CHP DIURNO. AF_06/2014","CHP",266.97000000000003,5.0599999999999999E-2]
["Custos Horários Produtivo e Improdutivo dos Equipamentos",96036,"CAMINHÃO BASCULANTE 10 M3, TRUCADO, POTÊNCIA 230 CV, INCLUSIVE CAÇAMBA METÁLICA, COM DISTRIBUIDOR DE AGREGADOS ACOPLADO - CHI DIURNO. AF_02/2017","CHI",84.16,0.18099999999999999]
["Custos Horários Produtivo e Improdutivo dos Equipamentos",96035,"CAMINHÃO BASCULANTE 10 M3, TRUCADO, POTÊNCIA 230 CV, INCLUSIVE CAÇAMBA METÁLICA, COM DISTRIBUIDOR DE AGREGADOS ACOPLADO - CHP DIURNO. AF_02/2017","CHP",281.22000000000003,9.8699999999999996E-2]
["Custos Horários Produtivo e Improdutivo dos Equipamentos",89877,"CAMINHÃO BASCULANTE 14 M3, COM CAVALO MECÂNICO DE CAPACIDADE MÁXIMA DE TRAÇÃO COMBINADO DE 36000 KG, POTÊNCIA 286 CV, INCLUSIVE SEMIREBOQUE COM CAÇAMBA METÁLICA - CHI DIURNO. AF_12/2014","CHI",88.43,0.67010000000000003]
["Custos Horários Produtivo e Improdutivo dos Equipamentos",89876,"CAMINHÃO BASCULANTE 14 M3, COM CAVALO MECÂNICO DE CAPACIDADE MÁXIMA DE TRAÇÃO COMBINADO DE 36000 KG, POTÊNCIA 286 CV, INCLUSIVE SEMIREBOQUE COM CAÇAMBA METÁLICA - CHP DIURNO. AF_12/2014","CHP",326.88,0.38879999999999998]
["Custos Horários Produtivo e Improdutivo dos Equipamentos",89884,"CAMINHÃO BASCULANTE 18 M3, COM CAVALO MECÂNICO DE CAPACIDADE MÁXIMA DE TRAÇÃO COMBINADO DE 45000 KG, POTÊNCIA 330 CV, INCLUSIVE SEMIREBOQUE COM CAÇAMBA METÁLICA - CHI DIURNO. AF_12/2014","CHI",92.29,0.68389999999999995]
["Custos Horários Produtivo e Improdutivo dos Equipamentos",89883,"CAMINHÃO BASCULANTE 18 M3, COM CAVALO MECÂNICO DE CAPACIDADE MÁXIMA DE TRAÇÃO COMBINADO DE 45000 KG, POTÊNCIA 330 CV, INCLUSIVE SEMIREBOQUE COM CAÇAMBA METÁLICA - CHP DIURNO. AF_12/2014","CHP",361.1,0.37409999999999999]
["Custos Horários Produtivo e Improdutivo dos Equipamentos",67827,"CAMINHÃO BASCULANTE 6 M3 TOCO, PESO BRUTO TOTAL 16.000 KG, CARGA ÚTIL MÁXIMA 11.130 KG, DISTÂNCIA ENTRE EIXOS 5,36 M, POTÊNCIA 185 CV, INCLUSIVE CAÇAMBA METÁLICA - CHI DIURNO. AF_06/2014","CHI",65.67,7.5200000000000003E-2]
["Custos Horários Produtivo e Improdutivo dos Equipamentos",67826,"CAMINHÃO BASCULANTE 6 M3 TOCO, PESO BRUTO TOTAL 16.000 KG, CARGA ÚTIL MÁXIMA 11.130 KG, DISTÂNCIA ENTRE EIXOS 5,36 M, POTÊNCIA 185 CV, INCLUSIVE CAÇAMBA METÁLICA - CHP DIURNO. AF_06/2014","CHP",187.25,5.4199999999999998E-2]
["Custos Horários Produtivo e Improdutivo dos Equipamentos",5961,"CAMINHÃO BASCULANTE 6 M3, PESO BRUTO TOTAL 16.000 KG, CARGA ÚTIL MÁXIMA 13.071 KG, DISTÂNCIA ENTRE EIXOS 4,80 M, POTÊNCIA 230 CV INCLUSIVE CAÇAMBA METÁLICA - CHI DIURNO. AF_06/2014","CHI",64.400000000000006,7.6700000000000004E-2]
["Custos Horários Produtivo e Improdutivo dos Equipamentos",5811,"CAMINHÃO BASCULANTE 6 M3, PESO BRUTO TOTAL 16.000 KG, CARGA ÚTIL MÁXIMA 13.071 KG, DISTÂNCIA ENTRE EIXOS 4,80 M, POTÊNCIA 230 CV INCLUSIVE CAÇAMBA METÁLICA - CHP DIURNO. AF_06/2014","CHP",203.71,4.9799999999999997E-2]
["Custos Horários Produtivo e Improdutivo dos Equipamentos",92243,"CAMINHÃO DE TRANSPORTE DE MATERIAL ASFÁLTICO 20.000 L, COM CAVALO MECÂNICO DE CAPACIDADE MÁXIMA DE TRAÇÃO COMBINADO DE 45.000 KG, POTÊNCIA 330 CV, INCLUSIVE TANQUE DE ASFALTO COM MAÇARICO - CHI DIURNO. AF_12/2015","CHI",80.08,0.57789999999999997]
["Custos Horários Produtivo e Improdutivo dos Equipamentos",92242,"CAMINHÃO DE TRANSPORTE DE MATERIAL ASFÁLTICO 20.000 L, COM CAVALO MECÂNICO DE CAPACIDADE MÁXIMA DE TRAÇÃO COMBINADO DE 45.000 KG, POTÊNCIA 330 CV, INCLUSIVE TANQUE DE ASFALTO COM MAÇARICO - CHP DIURNO. AF_12/2015","CHP",400.34,0.24809999999999999]
["Custos Horários Produtivo e Improdutivo dos Equipamentos",91646,"CAMINHÃO DE TRANSPORTE DE MATERIAL ASFÁLTICO 30.000 L, COM CAVALO MECÂNICO DE CAPACIDADE MÁXIMA DE TRAÇÃO COMBINADO DE 66.000 KG, POTÊNCIA 360 CV, INCLUSIVE TANQUE DE ASFALTO COM SERPENTINA - CHI DIURNO. AF_08/2015","CHI",97.41,0.65300000000000002]
["Custos Horários Produtivo e Improdutivo dos Equipamentos",91645,"CAMINHÃO DE TRANSPORTE DE MATERIAL ASFÁLTICO 30.000 L, COM CAVALO MECÂNICO DE CAPACIDADE MÁXIMA DE TRAÇÃO COMBINADO DE 66.000 KG, POTÊNCIA 360 CV, INCLUSIVE TANQUE DE ASFALTO COM SERPENTINA - CHP DIURNO. AF_08/2015","CHP",462.06,0.29609999999999997]
["Custos Horários Produtivo e Improdutivo dos Equipamentos",92107,"CAMINHÃO PARA EQUIPAMENTO DE LIMPEZA A SUCÇÃO COM CAMINHÃO TRUCADO DE PESO BRUTO TOTAL 23000 KG, CARGA ÚTIL MÁXIMA 15935 KG, DISTÂNCIA ENTRE EIXOS 4,80 M, POTÊNCIA 230 CV, INCLUSIVE LIMPADORA A SUCÇÃO, TANQUE 12000 L - CHI DIURNO. AF_05/2023","CHI",94.21,0.29049999999999998]
["Custos Horários Produtivo e Improdutivo dos Equipamentos",92106,"CAMINHÃO PARA EQUIPAMENTO DE LIMPEZA A SUCÇÃO, COM CAMINHÃO TRUCADO DE PESO BRUTO TOTAL 23000 KG, CARGA ÚTIL MÁXIMA 15935 KG, DISTÂNCIA ENTRE EIXOS 4,80 M, POTÊNCIA 230 CV, INCLUSIVE LIMPADORA A SUCÇÃO, TANQUE 12000 L - CHP DIURNO. AF_05/2023","CHP",352.78,0.15279999999999999]
["Custos Horários Produtivo e Improdutivo dos Equipamentos",5903,"CAMINHÃO PIPA 10.000 L TRUCADO, PESO BRUTO TOTAL 23.000 KG, CARGA ÚTIL MÁXIMA 15.935 KG, DISTÂNCIA ENTRE EIXOS 4,8 M, POTÊNCIA 230 CV, INCLUSIVE TANQUE DE AÇO PARA TRANSPORTE DE ÁGUA - CHI DIURNO. AF_06/2014","CHI",74.59,8.6499999999999994E-2]
["Custos Horários Produtivo e Improdutivo dos Equipamentos",5901,"CAMINHÃO PIPA 10.000 L TRUCADO, PESO BRUTO TOTAL 23.000 KG, CARGA ÚTIL MÁXIMA 15.935 KG, DISTÂNCIA ENTRE EIXOS 4,8 M, POTÊNCIA 230 CV, INCLUSIVE TANQUE DE AÇO PARA TRANSPORTE DE ÁGUA - CHP DIURNO. AF_06/2014","CHP",314.08,3.9399999999999998E-2]
["Custos Horários Produtivo e Improdutivo dos Equipamentos",6260,"CAMINHÃO PIPA 6.000 L, PESO BRUTO TOTAL 13.000 KG, DISTÂNCIA ENTRE EIXOS 4,80 M, POTÊNCIA 189 CV INCLUSIVE TANQUE DE AÇO PARA TRANSPORTE DE ÁGUA, CAPACIDADE 6 M3 - CHI DIURNO. AF_06/2014","CHI",61.54,8.7599999999999997E-2]
["Custos Horários Produtivo e Improdutivo dos Equipamentos",6259,"CAMINHÃO PIPA 6.000 L, PESO BRUTO TOTAL 13.000 KG, DISTÂNCIA ENTRE EIXOS 4,80 M, POTÊNCIA 189 CV INCLUSIVE TANQUE DE AÇO PARA TRANSPORTE DE ÁGUA, CAPACIDADE 6 M3 - CHP DIURNO. AF_06/2014","CHP",252.61,4.0899999999999999E-2]
["Custos Horários Produtivo e Improdutivo dos Equipamentos",104705,"CAMINHÃO TANQUE PARA HIDROSSEMEADURA, COM CAPACIDADE DE 8.000 LITROS, INCLUINDO BOMBA PARA LANÇAMENTO COM MOTOR DIESEL COM POTÊNCIA DE 105 CV - CHI DIURNO. AF_06/2023","CHI",0]
["Custos Horários Produtivo e Improdutivo dos Equipamentos",104704,"CAMINHÃO TANQUE PARA HIDROSSEMEADURA, COM CAPACIDADE DE 8.000 LITROS, INCLUINDO BOMBA PARA LANÇAMENTO COM MOTOR DIESEL COM POTÊNCIA DE 105 CV - CHP DIURNO. AF_06/2023","CHP",0]
["Custos Horários Produtivo e Improdutivo dos Equipamentos",91395,"CAMINHÃO TOCO, PBT 14.300 KG, CARGA ÚTIL MÁX. 9.710 KG, DIST. ENTRE EIXOS 3,56 M, POTÊNCIA 185 CV, INCLUSIVE CARROCERIA FIXA ABERTA DE MADEIRA P/ TRANSPORTE GERAL DE CARGA SECA, DIMEN. APROX. 2,50 X 6,50 X 0,50 M - CHI DIURNO. AF_06/2014","CHI",59.34,3.7900000000000003E-2]
["Custos Horários Produtivo e Improdutivo dos Equipamentos",73467,"CAMINHÃO TOCO, PBT 14.300 KG, CARGA ÚTIL MÁX. 9.710 KG, DIST. ENTRE EIXOS 3,56 M, POTÊNCIA 185 CV, INCLUSIVE CARROCERIA FIXA ABERTA DE MADEIRA P/ TRANSPORTE GERAL DE CARGA SECA, DIMEN. APROX. 2,50 X 6,50 X 0,50 M - CHP DIURNO. AF_06/2014","CHP",245.42,1.7600000000000001E-2]
["Custos Horários Produtivo e Improdutivo dos Equipamentos",5826,"CAMINHÃO TOCO, PBT 16.000 KG, CARGA ÚTIL MÁX. 10.685 KG, DIST. ENTRE EIXOS 4,8 M, POTÊNCIA 189 CV, INCLUSIVE CARROCERIA FIXA ABERTA DE MADEIRA P/ TRANSPORTE GERAL DE CARGA SECA, DIMEN. APROX. 2,5 X 7,00 X 0,50 M - CHI DIURNO. AF_06/2014","CHI",62.33,3.8699999999999998E-2]
["Custos Horários Produtivo e Improdutivo dos Equipamentos",5824,"CAMINHÃO TOCO, PBT 16.000 KG, CARGA ÚTIL MÁX. 10.685 KG, DIST. ENTRE EIXOS 4,8 M, POTÊNCIA 189 CV, INCLUSIVE CARROCERIA FIXA ABERTA DE MADEIRA P/ TRANSPORTE GERAL DE CARGA SECA, DIMEN. APROX. 2,5 X 7,00 X 0,50 M - CHP DIURNO. AF_06/2014","CHP",214.86,2.1499999999999998E-2]
["Custos Horários Produtivo e Improdutivo dos Equipamentos",5892,"CAMINHÃO TOCO, PESO BRUTO TOTAL 14.300 KG, CARGA ÚTIL MÁXIMA 9590 KG, DISTÂNCIA ENTRE EIXOS 4,76 M, POTÊNCIA 185 CV (NÃO INCLUI CARROCERIA) - CHI DIURNO. AF_06/2014","CHI",57.09,0]
["Custos Horários Produtivo e Improdutivo dos Equipamentos",5890,"CAMINHÃO TOCO, PESO BRUTO TOTAL 14.300 KG, CARGA ÚTIL MÁXIMA 9590 KG, DISTÂNCIA ENTRE EIXOS 4,76 M, POTÊNCIA 185 CV (NÃO INCLUI CARROCERIA) - CHP DIURNO. AF_06/2014","CHP",201.67,0]
["Custos Horários Produtivo e Improdutivo dos Equipamentos",5896,"CAMINHÃO TOCO, PESO BRUTO TOTAL 16.000 KG, CARGA ÚTIL MÁXIMA DE 10.685 KG, DISTÂNCIA ENTRE EIXOS 4,80 M, POTÊNCIA 189 CV EXCLUSIVE CARROCERIA - CHI DIURNO. AF_06/2014","CHI",59.92,0]
["Custos Horários Produtivo e Improdutivo dos Equipamentos",5894,"CAMINHÃO TOCO, PESO BRUTO TOTAL 16.000 KG, CARGA ÚTIL MÁXIMA DE 10.685 KG, DISTÂNCIA ENTRE EIXOS 4,80 M, POTÊNCIA 189 CV EXCLUSIVE CARROCERIA - CHP DIURNO. AF_06/2014","CHP",210.23,0]
["Custos Horários Produtivo e Improdutivo dos Equipamentos",91032,"CAMINHÃO TRUCADO (C/ TERCEIRO EIXO) ELETRÔNICO - POTÊNCIA 231CV - PBT = 22000KG - DIST. ENTRE EIXOS 5170 MM - INCLUI CARROCERIA FIXA ABERTA DE MADEIRA - CHI DIURNO. AF_06/2015","CHI",68.34,3.2899999999999999E-2]
["Custos Horários Produtivo e Improdutivo dos Equipamentos",91031,"CAMINHÃO TRUCADO (C/ TERCEIRO EIXO) ELETRÔNICO - POTÊNCIA 231CV - PBT = 22000KG - DIST. ENTRE EIXOS 5170 MM - INCLUI CARROCERIA FIXA ABERTA DE MADEIRA - CHP DIURNO. AF_06/2015","CHP",257.3,1.6799999999999999E-2]
["Custos Horários Produtivo e Improdutivo dos Equipamentos",102817,"CENTRAL DE LAMA BENTONÍTICA (DEPÓSITO DE BENTONITA, MISTURADOR DE ALTA TURBULÊNCIA, SILOS DE ARMAZENAMENTO DE LAMA E ÁGUA, LABORATÓRIO DE CONTROLE DE QUALIDADE DA LAMA) - CHI DIURNO. AF_04/2019","CHI",0]
["Custos Horários Produtivo e Improdutivo dos Equipamentos",102816,"CENTRAL DE LAMA BENTONÍTICA (DEPÓSITO DE BENTONITA, MISTURADOR DE ALTA TURBULÊNCIA, SILOS DE ARMAZENAMENTO DE LAMA E ÁGUA, LABORATÓRIO DE CONTROLE DE QUALIDADE DA LAMA) - CHP DIURNO. AF_04/2019","CHP",0]
["Custos Horários Produtivo e Improdutivo dos Equipamentos",91534,"COMPACTADOR DE SOLOS DE PERCUSSÃO (SOQUETE) COM MOTOR A GASOLINA 4 TEMPOS, POTÊNCIA 4 CV - CHI DIURNO. AF_08/2015","CHI",26.65,3.7499999999999999E-2]
["Custos Horários Produtivo e Improdutivo dos Equipamentos",91533,"COMPACTADOR DE SOLOS DE PERCUSSÃO (SOQUETE) COM MOTOR A GASOLINA 4 TEMPOS, POTÊNCIA 4 CV - CHP DIURNO. AF_08/2015","CHP",34.22,5.8200000000000002E-2]
["Custos Horários Produtivo e Improdutivo dos Equipamentos",95265,"COMPACTADOR DE SOLOS DE PERCUSÃO (SOQUETE) COM MOTOR A GASOLINA, POTÊNCIA 3 CV - CHI DIURNO. AF_09/2016","CHI",0.81,1]
["Custos Horários Produtivo e Improdutivo dos Equipamentos",95264,"COMPACTADOR DE SOLOS DE PERCUSÃO (SOQUETE) COM MOTOR A GASOLINA, POTÊNCIA 3 CV - CHP DIURNO. AF_09/2016","CHP",6.59,0.24429999999999999]
["Custos Horários Produtivo e Improdutivo dos Equipamentos",90973,"COMPRESSOR DE AR REBOCAVEL, VAZÃO 250 PCM, PRESSAO DE TRABALHO 102 PSI, MOTOR A DIESEL POTÊNCIA 81 CV - CHI DIURNO. AF_06/2015","CHI",8.44,1]
["Custos Horários Produtivo e Improdutivo dos Equipamentos",90972,"COMPRESSOR DE AR REBOCAVEL, VAZÃO 250 PCM, PRESSAO DE TRABALHO 102 PSI, MOTOR A DIESEL POTÊNCIA 81 CV - CHP DIURNO. AF_06/2015","CHP",75.430000000000007,0.2225]
["Custos Horários Produtivo e Improdutivo dos Equipamentos",91001,"COMPRESSOR DE AR REBOCAVEL, VAZÃO 400 PCM, PRESSAO DE TRABALHO 102 PSI, MOTOR A DIESEL POTÊNCIA 110 CV - CHI DIURNO. AF_06/2015","CHI",10.02,1]
["Custos Horários Produtivo e Improdutivo dos Equipamentos",90999,"COMPRESSOR DE AR REBOCAVEL, VAZÃO 400 PCM, PRESSAO DE TRABALHO 102 PSI, MOTOR A DIESEL POTÊNCIA 110 CV - CHP DIURNO. AF_06/2015","CHP",99.58,0.19989999999999999]
["Custos Horários Produtivo e Improdutivo dos Equipamentos",5954,"COMPRESSOR DE AR REBOCÁVEL, VAZÃO 189 PCM, PRESSÃO EFETIVA DE TRABALHO 102 PSI, MOTOR DIESEL, POTÊNCIA 63 CV - CHI DIURNO. AF_06/2015","CHI",6.3,1]
["Custos Horários Produtivo e Improdutivo dos Equipamentos",5953,"COMPRESSOR DE AR REBOCÁVEL, VAZÃO 189 PCM, PRESSÃO EFETIVA DE TRABALHO 102 PSI, MOTOR DIESEL, POTÊNCIA 63 CV - CHP DIURNO. AF_06/2015","CHP",58.14,0.21529999999999999]
["Custos Horários Produtivo e Improdutivo dos Equipamentos",90982,"COMPRESSOR DE AR REBOCÁVEL, VAZÃO 748 PCM, PRESSÃO EFETIVA DE TRABALHO 102 PSI, MOTOR DIESEL, POTÊNCIA 210 CV - CHI DIURNO. AF_06/2015","CHI",21.46,1]
["Custos Horários Produtivo e Improdutivo dos Equipamentos",90979,"COMPRESSOR DE AR REBOCÁVEL, VAZÃO 748 PCM, PRESSÃO EFETIVA DE TRABALHO 102 PSI, MOTOR DIESEL, POTÊNCIA 210 CV - CHP DIURNO. AF_06/2015","CHP",194.79,0.21890000000000001]
["Custos Horários Produtivo e Improdutivo dos Equipamentos",90965,"COMPRESSOR DE AR REBOCÁVEL, VAZÃO 89 PCM, PRESSÃO EFETIVA DE TRABALHO 102 PSI, MOTOR DIESEL, POTÊNCIA 20 CV - CHI DIURNO. AF_06/2015","CHI",8.42,1]
["Custos Horários Produtivo e Improdutivo dos Equipamentos",90964,"COMPRESSOR DE AR REBOCÁVEL, VAZÃO 89 PCM, PRESSÃO EFETIVA DE TRABALHO 102 PSI, MOTOR DIESEL, POTÊNCIA 20 CV - CHP DIURNO. AF_06/2015","CHP",31.2,0.53620000000000001]
["Custos Horários Produtivo e Improdutivo dos Equipamentos",102970,"COMPRESSOR DE AR, VAZAO DE 10 PCM, RESERVATORIO 100 L, PRESSAO DE TRABALHO ENTRE 6,9 E 9,7 BAR POTENCIA 2 HP, TENSAO 110/220 V - CHI DIURNO. AF_05/2023","CHI",0]
["Custos Horários Produtivo e Improdutivo dos Equipamentos",102971,"COMPRESSOR DE AR, VAZAO DE 10 PCM, RESERVATORIO 100 L, PRESSAO DE TRABALHO ENTRE 6,9 E 9,7 BAR, POTENCIA 2 HP, TENSAO 110/220 V - CHP DIURNO. AF_05/2023","CHP",0]
["Custos Horários Produtivo e Improdutivo dos Equipamentos",102822,"CONJUNTO CILINDRO E BOMBA HIDRÁULICA PARA PROTENSÃO DE MONOBARRAS PARA TIRANTES, ESFORÇO MÁXIMO DE 30 TONELADAS - CHI DIURNO. AF_05/2023","CHI",0]
["Custos Horários Produtivo e Improdutivo dos Equipamentos",102821,"CONJUNTO CILINDRO E BOMBA HIDRÁULICA PARA PROTENSÃO DE MONOBARRAS PARA TIRANTES, ESFORÇO MÁXIMO DE 30 TONELADAS - CHP DIURNO. AF_05/2023","CHP",0]
["Custos Horários Produtivo e Improdutivo dos Equipamentos",102828,"CONJUNTO MACACO E BOMBA HIDRÁULICA PARA PROTENSAO DE CORDOALHAS, ESFORÇO MAXIMO DE 115 TONELADAS - CHI DIURNO. AF_05/2023","CHI",0]
["Custos Horários Produtivo e Improdutivo dos Equipamentos",102827,"CONJUNTO MACACO E BOMBA HIDRÁULICA PARA PROTENSAO DE CORDOALHAS, ESFORÇO MAXIMO DE 115 TONELADAS - CHP DIURNO. AF_05/2023","CHP",0]
["Custos Horários Produtivo e Improdutivo dos Equipamentos",103939,"CONJUNTO MACACO HIDRÁULICO E CENTRAL DE BOMBEAMENTO MOTORIZADO 1,8 KW PARA PROTENSÃO DE MONOCABOS PARA CONCRETO PROTENDIDO, ESFORÇO MÁXIMO DE 20 TONELADAS - CHI DIURNO. AF_05/2022","CHI",0]
["Custos Horários Produtivo e Improdutivo dos Equipamentos",103938,"CONJUNTO MACACO HIDRÁULICO E CENTRAL DE BOMBEAMENTO MOTORIZADO 1,8 KW PARA PROTENSÃO DE MONOCABOS PARA CONCRETO PROTENDIDO, ESFORÇO MÁXIMO DE 20 TONELADAS - CHP DIURNO. AF_05/2022","CHP",0]
["Custos Horários Produtivo e Improdutivo dos Equipamentos",103945,"CONJUNTO MACACO HIDRÁULICO E CENTRAL DE BOMBEAMENTO MOTORIZADO 1,8 KW PARA PROTENSÃO DE MONOCABOS PARA CONCRETO PROTENDIDO, ESFORÇO MÁXIMO DE 30 TONELADAS - CHI DIURNO. AF_05/2022","CHI",0]
["Custos Horários Produtivo e Improdutivo dos Equipamentos",103944,"CONJUNTO MACACO HIDRÁULICO E CENTRAL DE BOMBEAMENTO MOTORIZADO 1,8 KW PARA PROTENSÃO DE MONOCABOS PARA CONCRETO PROTENDIDO, ESFORÇO MÁXIMO DE 30 TONELADAS - CHP DIURNO. AF_05/2022","CHP",0]
["Custos Horários Produtivo e Improdutivo dos Equipamentos",91285,"CORTADORA DE PISO COM MOTOR 4 TEMPOS A GASOLINA, POTÊNCIA DE 13 HP, COM DISCO DE CORTE DIAMANTADO SEGMENTADO PARA CONCRETO, DIÂMETRO DE 350 MM, FURO DE 1\" (14 X 1\") - CHI DIURNO. AF_08/2015","CHI",1.08,0]
["Custos Horários Produtivo e Improdutivo dos Equipamentos",91283,"CORTADORA DE PISO COM MOTOR 4 TEMPOS A GASOLINA, POTÊNCIA DE 13 HP, COM DISCO DE CORTE DIAMANTADO SEGMENTADO PARA CONCRETO, DIÂMETRO DE 350 MM, FURO DE 1\" (14 X 1\") - CHP DIURNO. AF_08/2015","CHP",11.45,0]
["Custos Horários Produtivo e Improdutivo dos Equipamentos",95283,"DESEMPENADEIRA DE CONCRETO, PESO DE 78 KG, 4 PÁS, MOTOR A GASOLINA, POTÊNCIA 5,5 HP - CHI DIURNO. AF_05/2023","CHI",0.91,1]
["Custos Horários Produtivo e Improdutivo dos Equipamentos",95282,"DESEMPENADEIRA DE CONCRETO, PESO DE 78 KG, 4 PÁS, MOTOR A GASOLINA, POTÊNCIA 5,5 HP - CHP DIURNO. AF_05/2023","CHP",10.85,0.15210000000000001]
["Custos Horários Produtivo e Improdutivo dos Equipamentos",95128,"DISTRIBUIDOR DE AGREGADOS AUTOPROPELIDO, CAP 3 M3, A DIESEL, POTÊNCIA 176CV - CHI DIURNO. AF_07/2016","CHI",49.96,0.48659999999999998]
["Custos Horários Produtivo e Improdutivo dos Equipamentos",95127,"DISTRIBUIDOR DE AGREGADOS AUTOPROPELIDO, CAP 3 M3, A DIESEL, POTÊNCIA 176CV - CHP DIURNO. AF_07/2016","CHP",212.78,0.20979999999999999]
["Custos Horários Produtivo e Improdutivo dos Equipamentos",92044,"DISTRIBUIDOR DE AGREGADOS REBOCAVEL, CAPACIDADE 1,9 M³, LARGURA DE TRABALHO 3,66 M - CHI DIURNO. AF_11/2015","CHI",8.11,1]
["Custos Horários Produtivo e Improdutivo dos Equipamentos",92043,"DISTRIBUIDOR DE AGREGADOS REBOCAVEL, CAPACIDADE 1,9 M³, LARGURA DE TRABALHO 3,66 M - CHP DIURNO. AF_11/2015","CHP",13.72,1]
["Custos Horários Produtivo e Improdutivo dos Equipamentos",102834,"DOBRADEIRA TDC, ESPESSURA 1,5MM - CHI DIURNO. AF_05/2023","CHI",0]
["Custos Horários Produtivo e Improdutivo dos Equipamentos",102833,"DOBRADEIRA TDC, ESPESSURA 1,5MM - CHP DIURNO. AF_05/2023","CHP",0]
["Custos Horários Produtivo e Improdutivo dos Equipamentos",92119,"DOSADOR DE AREIA, CAPACIDADE DE 26 LITROS - CHI DIURNO. AF_05/2023","CHI",0.28999999999999998,0]
["Custos Horários Produtivo e Improdutivo dos Equipamentos",92118,"DOSADOR DE AREIA, CAPACIDADE DE 26 LITROS - CHP DIURNO. AF_05/2023","CHP",0.46,0]
["Custos Horários Produtivo e Improdutivo dos Equipamentos",102917,"ENCERADEIRA INDUSTRIAL, 400 MM, 220V, 1 HP - CHI DIURNO. AF_05/2023","CHI",0]
["Custos Horários Produtivo e Improdutivo dos Equipamentos",102916,"ENCERADEIRA INDUSTRIAL, 400 MM, 220V, 1 HP - CHP DIURNO. AF_05/2023","CHP",0]
["Custos Horários Produtivo e Improdutivo dos Equipamentos",95721,"ESCAVADEIRA HIDRAULICA SOBRE ESTEIRA, EQUIPADA COM CLAMSHELL, COM CAPACIDADE DA CAÇAMBA ENTRE 1,20 E 1,50 M3, PESO OPERACIONAL ENTRE 20,00 E 22,00 TON, POTENCIA LIQUIDA ENTRE 150 E 160 HP - CHI DIURNO. AF_11/2016","CHI",109.81,0]
["Custos Horários Produtivo e Improdutivo dos Equipamentos",95720,"ESCAVADEIRA HIDRAULICA SOBRE ESTEIRA, EQUIPADA COM CLAMSHELL, COM CAPACIDADE DA CAÇAMBA ENTRE 1,20 E 1,50 M3, PESO OPERACIONAL ENTRE 20,00 E 22,00 TON, POTENCIA LIQUIDA ENTRE 150 E 160 HP - CHP DIURNO. AF_11/2016","CHP",277.27999999999997,0]
["Custos Horários Produtivo e Improdutivo dos Equipamentos",104717,"ESCAVADEIRA HIDRÁULICA DE BRAÇO LONGO (LONGO ALCANCE) SOBRE ESTEIRAS, CAÇAMBA 0,52 M3, PESO OPERACIONAL 24 T, POTÊNCIA LÍQUIDA 155 HP - CHI DIURNO. AF_06/2023","CHI",104.91,0]
["Custos Horários Produtivo e Improdutivo dos Equipamentos",104716,"ESCAVADEIRA HIDRÁULICA DE BRAÇO LONGO (LONGO ALCANCE) SOBRE ESTEIRAS, CAÇAMBA 0,52 M3, PESO OPERACIONAL 24 T, POTÊNCIA LÍQUIDA 155 HP - CHP DIURNO. AF_06/2023","CHP",267.54000000000002,0]
["Custos Horários Produtivo e Improdutivo dos Equipamentos",102899,"ESCAVADEIRA HIDRÁULICA SOBRE ESTEIRA, PESO OPERACIONAL ENTRE 22,00 E 23,50 T, POTÊNCIA NOMINAL 139 HP, COM MARTELO ROMPEDOR HIDRÁULICO 1700 KG - CHI DIURNO. AF_04/2019","CHI",0]
["Custos Horários Produtivo e Improdutivo dos Equipamentos",102898,"ESCAVADEIRA HIDRÁULICA SOBRE ESTEIRA, PESO OPERACIONAL ENTRE 22,00 E 23,50 T, POTÊNCIA NOMINAL 139 HP, COM MARTELO ROMPEDOR HIDRÁULICO 1700 KG - CHP DIURNO. AF_04/2019","CHP",0]
["Custos Horários Produtivo e Improdutivo dos Equipamentos",5632,"ESCAVADEIRA HIDRÁULICA SOBRE ESTEIRAS, CAÇAMBA 0,80 M3, PESO OPERACIONAL 17 T, POTENCIA BRUTA 111 HP - CHI DIURNO. AF_06/2014","CHI",87.2,0]
["Custos Horários Produtivo e Improdutivo dos Equipamentos",5631,"ESCAVADEIRA HIDRÁULICA SOBRE ESTEIRAS, CAÇAMBA 0,80 M3, PESO OPERACIONAL 17 T, POTENCIA BRUTA 111 HP - CHP DIURNO. AF_06/2014","CHP",207.65,0]
["Custos Horários Produtivo e Improdutivo dos Equipamentos",88908,"ESCAVADEIRA HIDRÁULICA SOBRE ESTEIRAS, CAÇAMBA 1,20 M3, PESO OPERACIONAL 21 T, POTÊNCIA BRUTA 155 HP - CHI DIURNO. AF_06/2014","CHI",94.92,0]
["Custos Horários Produtivo e Improdutivo dos Equipamentos",88907,"ESCAVADEIRA HIDRÁULICA SOBRE ESTEIRAS, CAÇAMBA 1,20 M3, PESO OPERACIONAL 21 T, POTÊNCIA BRUTA 155 HP - CHP DIURNO. AF_06/2014","CHP",247.68,0]
["Custos Horários Produtivo e Improdutivo dos Equipamentos",5911,"ESPARGIDOR DE ASFALTO PRESSURIZADO COM TANQUE DE 2500 L, REBOCÁVEL COM MOTOR A GASOLINA POTÊNCIA 3,4 HP - CHI DIURNO. AF_07/2014","CHI",29.26,0.17699999999999999]
["Custos Horários Produtivo e Improdutivo dos Equipamentos",5909,"ESPARGIDOR DE ASFALTO PRESSURIZADO COM TANQUE DE 2500 L, REBOCÁVEL COM MOTOR A GASOLINA POTÊNCIA 3,4 HP - CHP DIURNO. AF_07/2014","CHP",37.14,0.26929999999999998]
["Custos Horários Produtivo e Improdutivo dos Equipamentos",91486,"ESPARGIDOR DE ASFALTO PRESSURIZADO, TANQUE 6 M3 COM ISOLAÇÃO TÉRMICA, AQUECIDO COM 2 MAÇARICOS, COM BARRA ESPARGIDORA 3,60 M, MONTADO SOBRE CAMINHÃO TOCO, PBT 14.300 KG, POTÊNCIA 185 CV - CHI DIURNO. AF_05/2023","CHI",69.260000000000005,0.1757]
["Custos Horários Produtivo e Improdutivo dos Equipamentos",83362,"ESPARGIDOR DE ASFALTO PRESSURIZADO, TANQUE 6 M3 COM ISOLAÇÃO TÉRMICA, AQUECIDO COM 2 MAÇARICOS, COM BARRA ESPARGIDORA 3,60 M, MONTADO SOBRE CAMINHÃO TOCO, PBT 14.300 KG, POTÊNCIA 185 CV - CHP DIURNO. AF_05/2023","CHP",263.45,8.5000000000000006E-2]
["Custos Horários Produtivo e Improdutivo dos Equipamentos",102839,"ESTABILIZADOR DE LINHA E PRESSÃO, CAPACIDADE DE 120 BAR, COM MANÔMETRO DE LEITURA, REGISTRO DE 1 COM RETORNO E LINHA - CHI DIURNO. AF_05/2023","CHI",0]
["Custos Horários Produtivo e Improdutivo dos Equipamentos",102838,"ESTABILIZADOR DE LINHA E PRESSÃO, CAPACIDADE DE 120 BAR, COM MANÔMETRO DE LEITURA, REGISTRO DE 1 COM RETORNO E LINHA - CHP DIURNO. AF_05/2023","CHP",0]
["Custos Horários Produtivo e Improdutivo dos Equipamentos",89235,"FRESADORA DE ASFALTO A FRIO SOBRE RODAS, LARGURA FRESAGEM DE 1,0 M, POTÊNCIA 208 HP - CHI DIURNO. AF_11/2014","CHI",179.57,0.85189999999999999]
["Custos Horários Produtivo e Improdutivo dos Equipamentos",89234,"FRESADORA DE ASFALTO A FRIO SOBRE RODAS, LARGURA FRESAGEM DE 1,0 M, POTÊNCIA 208 HP - CHP DIURNO. AF_11/2014","CHP",550.17999999999995,0.65769999999999995]
["Custos Horários Produtivo e Improdutivo dos Equipamentos",89243,"FRESADORA DE ASFALTO A FRIO SOBRE RODAS, LARGURA FRESAGEM DE 2,0 M, POTÊNCIA 550 HP - CHI DIURNO. AF_11/2014","CHI",383.95,0.93069999999999997]
["Custos Horários Produtivo e Improdutivo dos Equipamentos",89242,"FRESADORA DE ASFALTO A FRIO SOBRE RODAS, LARGURA FRESAGEM DE 2,0 M, POTÊNCIA 550 HP - CHP DIURNO. AF_11/2014","CHP",1299.5899999999999,0.65049999999999997]
["Custos Horários Produtivo e Improdutivo dos Equipamentos",102935,"FURADEIRA ELETROMAGNÉTICA, VELOCIDADE (SEM CARGA/ COM CARGA) 450/ 270 RPM, ESPESSURA MÁXIMA DA CHAPA A SER FURADA 50 MM, PORÇA DE ADESÃO MAGNÉTICA 17000 N, POTÊNCIA 1100 W, ALIMENTÇÃO 220 - 60 HZ, MONOFÁSICA - CHI DIURNO. AF_08/2019","CHI",0]
["Custos Horários Produtivo e Improdutivo dos Equipamentos",102934,"FURADEIRA ELETROMAGNÉTICA, VELOCIDADE (SEM CARGA/ COM CARGA) 450/ 270 RPM, ESPESSURA MÁXIMA DA CHAPA A SER FURADA 50 MM, PORÇA DE ADESÃO MAGNÉTICA 17000 N, POTÊNCIA 1100 W, ALIMENTÇÃO 220 - 60 HZ, MONOFÁSICA - CHP DIURNO. AF_08/2019","CHP",0]
["Custos Horários Produtivo e Improdutivo dos Equipamentos",93416,"GERADOR PORTÁTIL MONOFÁSICO, POTÊNCIA 5500 VA, MOTOR A GASOLINA, POTÊNCIA DO MOTOR 13 CV - CHI DIURNO. AF_03/2016","CHI",0.46,0]
["Custos Horários Produtivo e Improdutivo dos Equipamentos",93415,"GERADOR PORTÁTIL MONOFÁSICO, POTÊNCIA 5500 VA, MOTOR A GASOLINA, POTÊNCIA DO MOTOR 13 CV - CHP DIURNO. AF_03/2016","CHP",12.38,0]
["Custos Horários Produtivo e Improdutivo dos Equipamentos",5689,"GRADE DE DISCO CONTROLE REMOTO REBOCÁVEL, COM 24 DISCOS 24 X 6 MM COM PNEUS PARA TRANSPORTE - CHP DIURNO. AF_06/2014","CHP",6.55,1]
["Custos Horários Produtivo e Improdutivo dos Equipamentos",5690,"GRADE DE DISCO CONTROLE REMOTO REBOCÁVEL, COM 24 DISCOS 24\" X 6 MM COM PNEUS PARA TRANSPORTE - CHI DIURNO. AF_06/2014","CHI",4.24,1]
["Custos Horários Produtivo e Improdutivo dos Equipamentos",5923,"GRADE DE DISCO REBOCÁVEL COM 20 DISCOS 24\" X 6 MM COM PNEUS PARA TRANSPORTE - CHI DIURNO. AF_06/2014","CHI",3.32,1]
["Custos Horários Produtivo e Improdutivo dos Equipamentos",5921,"GRADE DE DISCO REBOCÁVEL COM 20 DISCOS 24\" X 6 MM COM PNEUS PARA TRANSPORTE - CHP DIURNO. AF_06/2014","CHP",5.13,1]
["Custos Horários Produtivo e Improdutivo dos Equipamentos",95212,"GRUA ASCENCIONAL, LANCA DE 42 M, CAPACIDADE DE 1,5 T A 30 M, ALTURA ATE 39 M - CHP DIURNO. AF_05/2023","CHP",167.07,0.74739999999999995]
["Custos Horários Produtivo e Improdutivo dos Equipamentos",95213,"GRUA ASCENCIONAL, LANÇA DE 42 M, CAPACIDADE DE 1,5 T A 30 M, ALTURA ATÉ 39 M - CHI DIURNO. AF_05/2023","CHI",98.98,0.66810000000000003]
["Custos Horários Produtivo e Improdutivo dos Equipamentos",93272,"GRUA ASCENSIONAL, LANCA DE 30 M, CAPACIDADE DE 1,0 T A 30 M, ALTURA ATE 39 M - CHP DIURNO. AF_05/2023","CHP",104.78,0.59730000000000005]
["Custos Horários Produtivo e Improdutivo dos Equipamentos",93274,"GRUA ASCENSIONAL, LANÇA DE 30 M, CAPACIDADE DE 1,0 T A 30 M, ALTURA ATÉ 39 M - CHI DIURNO. AF_05/2023","CHI",69.510000000000005,0.52739999999999998]
["Custos Horários Produtivo e Improdutivo dos Equipamentos",83766,"GRUPO DE SOLDAGEM COM GERADOR A DIESEL 60 CV PARA SOLDA ELÉTRICA, SOBRE 04 RODAS, COM MOTOR 4 CILINDROS 600 A - CHI DIURNO. AF_02/2016","CHI",43.37,0]
["Custos Horários Produtivo e Improdutivo dos Equipamentos",83765,"GRUPO DE SOLDAGEM COM GERADOR A DIESEL 60 CV PARA SOLDA ELÉTRICA, SOBRE 04 RODAS, COM MOTOR 4 CILINDROS 600 A - CHP DIURNO. AF_02/2016","CHP",100.39,0]
["Custos Horários Produtivo e Improdutivo dos Equipamentos",95873,"GRUPO GERADOR COM CARENAGEM, MOTOR DIESEL POTÊNCIA STANDART ENTRE 250 E 260 KVA - CHI DIURNO. AF_12/2016","CHI",13.68,0]
["Custos Horários Produtivo e Improdutivo dos Equipamentos",95872,"GRUPO GERADOR COM CARENAGEM, MOTOR DIESEL POTÊNCIA STANDART ENTRE 250 E 260 KVA - CHP DIURNO. AF_12/2016","CHP",286.95999999999998,0]
["Custos Horários Produtivo e Improdutivo dos Equipamentos",104689,"GRUPO GERADOR DIESEL, COM CARENAGEM, POTÊNCIA STANDART ENTRE 400 E 460 KVA, VELOCIDADE DE 1800 RPM, FREQUÊNCIA DE 60 HZ - CHI DIURNO. AF_05/2023","CHI",0]
["Custos Horários Produtivo e Improdutivo dos Equipamentos",104688,"GRUPO GERADOR DIESEL, COM CARENAGEM, POTÊNCIA STANDART ENTRE 400 E 460 KVA, VELOCIDADE DE 1800 RPM, FREQUÊNCIA DE 60 HZ - CHP DIURNO. AF_05/2023","CHP",0]
["Custos Horários Produtivo e Improdutivo dos Equipamentos",73395,"GRUPO GERADOR ESTACIONÁRIO, MOTOR DIESEL POTÊNCIA 170 KVA - CHI DIURNO. AF_02/2016","CHI",9.61,0]
["Custos Horários Produtivo e Improdutivo dos Equipamentos",73417,"GRUPO GERADOR ESTACIONÁRIO, MOTOR DIESEL POTÊNCIA 170 KVA - CHP DIURNO. AF_02/2016","CHP",185.81,0]
["Custos Horários Produtivo e Improdutivo dos Equipamentos",93428,"GRUPO GERADOR ESTACIONÁRIO, POTÊNCIA 150 KVA, MOTOR A DIESEL- CHI DIURNO. AF_03/2016","CHI",8.56,0]
["Custos Horários Produtivo e Improdutivo dos Equipamentos",93427,"GRUPO GERADOR ESTACIONÁRIO, POTÊNCIA 150 KVA, MOTOR A DIESEL- CHP DIURNO. AF_03/2016","CHP",169.32,0]
["Custos Horários Produtivo e Improdutivo dos Equipamentos",93422,"GRUPO GERADOR REBOCÁVEL, POTÊNCIA 66 KVA, MOTOR A DIESEL - CHI DIURNO. AF_03/2016","CHI",6.04,0]
["Custos Horários Produtivo e Improdutivo dos Equipamentos",93421,"GRUPO GERADOR REBOCÁVEL, POTÊNCIA 66 KVA, MOTOR A DIESEL - CHP DIURNO. AF_03/2016","CHP",74.930000000000007,0]
["Custos Horários Produtivo e Improdutivo dos Equipamentos",93282,"GUINCHO ELÉTRICO DE COLUNA, CAPACIDADE 400 KG, COM MOTO FREIO, MOTOR TRIFÁSICO DE 1,25 CV - CHI DIURNO. AF_03/2016","CHI",23.15,0]
["Custos Horários Produtivo e Improdutivo dos Equipamentos",93281,"GUINCHO ELÉTRICO DE COLUNA, CAPACIDADE 400 KG, COM MOTO FREIO, MOTOR TRIFÁSICO DE 1,25 CV - CHP DIURNO. AF_03/2016","CHP",24.25,0]
["Custos Horários Produtivo e Improdutivo dos Equipamentos",104914,"GUINDASTE DERRICK, LANÇA DE *20* M, CARGA MÁXIMA 10T, POTÊNCIA 45 KW - CHI DIURNO. AF_01/2024","CHI",0]
["Custos Horários Produtivo e Improdutivo dos Equipamentos",104913,"GUINDASTE DERRICK, LANÇA DE *20* M, CARGA MÁXIMA 10T, POTÊNCIA 45 KW - CHP DIURNO. AF_01/2024","CHP",0]
["Custos Horários Produtivo e Improdutivo dos Equipamentos",102845,"GUINDASTE HIDRAULICO AUTOPROPELIDO, COM LANÇA TRELIÇADA 40 M, CAPACIDADE MÁXIMA 75 T, EQUIPADO COM CLAMSHELL - CHI DIURNO. AF_04/2019","CHI",0]
["Custos Horários Produtivo e Improdutivo dos Equipamentos",102844,"GUINDASTE HIDRAULICO AUTOPROPELIDO, COM LANÇA TRELIÇADA 40 M, CAPACIDADE MÁXIMA 75 T, EQUIPADO COM CLAMSHELL - CHP DIURNO. AF_04/2019","CHP",0]
["Custos Horários Produtivo e Improdutivo dos Equipamentos",89273,"GUINDASTE HIDRÁULICO AUTOPROPELIDO, COM LANÇA TELESCÓPICA 28,80 M, CAPACIDADE MÁXIMA 30 T, POTÊNCIA 97 KW, TRAÇÃO 4 X 4 - CHI DIURNO. AF_11/2014","CHI",110.3,0.70220000000000005]
["Custos Horários Produtivo e Improdutivo dos Equipamentos",89272,"GUINDASTE HIDRÁULICO AUTOPROPELIDO, COM LANÇA TELESCÓPICA 28,80 M, CAPACIDADE MÁXIMA 30 T, POTÊNCIA 97 KW, TRAÇÃO 4 X 4 - CHP DIURNO. AF_11/2014","CHP",221.67,0.72509999999999997]
["Custos Horários Produtivo e Improdutivo dos Equipamentos",93288,"GUINDASTE HIDRÁULICO AUTOPROPELIDO, COM LANÇA TELESCÓPICA 40 M, CAPACIDADE MÁXIMA 60 T, POTÊNCIA 260 KW - CHI DIURNO. AF_03/2016","CHI",181.8,0.81930000000000003]
["Custos Horários Produtivo e Improdutivo dos Equipamentos",93287,"GUINDASTE HIDRÁULICO AUTOPROPELIDO, COM LANÇA TELESCÓPICA 40 M, CAPACIDADE MÁXIMA 60 T, POTÊNCIA 260 KW - CHP DIURNO. AF_03/2016","CHP",354.97,0.87080000000000002]
["Custos Horários Produtivo e Improdutivo dos Equipamentos",104711,"GUINDASTE HIDRÁULICO AUTOPROPELIDO, COM LANÇA TRELICADA 41 M, CAPACIDADE MÁXIMA DE ELEVAÇÃO 43 T, POTÊNCIA 230 KW, EQUIPADO COM CAÇAMBA DE ARRASTO (DRAGLINE) DE 0,76 M3 - CHI DIURNO. AF_06/2023","CHI",0]
["Custos Horários Produtivo e Improdutivo dos Equipamentos",104710,"GUINDASTE HIDRÁULICO AUTOPROPELIDO, COM LANÇA TRELICADA 41 M, CAPACIDADE MÁXIMA DE ELEVAÇÃO 43 T, POTÊNCIA 230 KW, EQUIPADO COM CAÇAMBA DE ARRASTO (DRAGLINE) DE 0,76 M3 - CHP DIURNO. AF_06/2023","CHP",0]
["Custos Horários Produtivo e Improdutivo dos Equipamentos",104908,"GUINDASTE HIDRÁULICO RODOVIÁRIO, LANCA TELESCÓPICA DE *50+20* M, CAPACIDADE MÁXIMA DE 90T, 4 EIXOS, POTÊNCIA 330 KW, MOTOR DIESEL - CHI DIURNO. AF_01/2024","CHI",0]
["Custos Horários Produtivo e Improdutivo dos Equipamentos",104907,"GUINDASTE HIDRÁULICO RODOVIÁRIO, LANCA TELESCÓPICA DE *50+20* M, CAPACIDADE MÁXIMA DE 90T, 4 EIXOS, POTÊNCIA 330 KW, MOTOR DIESEL - CHP DIURNO. AF_01/2024","CHP",0]
["Custos Horários Produtivo e Improdutivo dos Equipamentos",102851,"GUINDASTE SOBRE ESTEIRAS, COM LANÇA TRELIÇADA 40 M, CAPACIDADE MÁXIMA 75 T - CHI DIURNO. AF_04/2019","CHI",0]
["Custos Horários Produtivo e Improdutivo dos Equipamentos",102850,"GUINDASTE SOBRE ESTEIRAS, COM LANÇA TRELIÇADA 40 M, CAPACIDADE MÁXIMA 75 T - CHP DIURNO. AF_04/2019","CHP",0]
["Custos Horários Produtivo e Improdutivo dos Equipamentos",102857,"GUINDASTE SOBRE ESTEIRAS, COM LANÇA TRELIÇADA 40 M, CAPACIDADE MÁXIMA 75 T, EQUIPADO COM CLAMSHELL - CHI DIURNO. AF_04/2019","CHI",0]
["Custos Horários Produtivo e Improdutivo dos Equipamentos",102856,"GUINDASTE SOBRE ESTEIRAS, COM LANÇA TRELIÇADA 40 M, CAPACIDADE MÁXIMA 75 T, EQUIPADO COM CLAMSHELL - CHP DIURNO. AF_04/2019","CHP",0]
["Custos Horários Produtivo e Improdutivo dos Equipamentos",93403,"GUINDAUTO HIDRÁULICO, CAPACIDADE MÁXIMA DE CARGA 3300 KG, MOMENTO MÁXIMO DE CARGA 5,8 TM, ALCANCE MÁXIMO HORIZONTAL 7,60 M, INCLUSIVE CAMINHÃO TOCO PBT 16.000 KG, POTÊNCIA DE 189 CV - CHI DIURNO. AF_03/2016","CHI",70.62,0.1089]
["Custos Horários Produtivo e Improdutivo dos Equipamentos",93402,"GUINDAUTO HIDRÁULICO, CAPACIDADE MÁXIMA DE CARGA 3300 KG, MOMENTO MÁXIMO DE CARGA 5,8 TM, ALCANCE MÁXIMO HORIZONTAL 7,60 M, INCLUSIVE CAMINHÃO TOCO PBT 16.000 KG, POTÊNCIA DE 189 CV - CHP DIURNO. AF_03/2016","CHP",268.26,5.4899999999999997E-2]
["Custos Horários Produtivo e Improdutivo dos Equipamentos",5930,"GUINDAUTO HIDRÁULICO, CAPACIDADE MÁXIMA DE CARGA 6200 KG, MOMENTO MÁXIMO DE CARGA 11,7 TM, ALCANCE MÁXIMO HORIZONTAL 9,70 M, INCLUSIVE CAMINHÃO TOCO PBT 16.000 KG, POTÊNCIA DE 189 CV - CHI DIURNO. AF_06/2014","CHI",73.75,0.1467]
["Custos Horários Produtivo e Improdutivo dos Equipamentos",5928,"GUINDAUTO HIDRÁULICO, CAPACIDADE MÁXIMA DE CARGA 6200 KG, MOMENTO MÁXIMO DE CARGA 11,7 TM, ALCANCE MÁXIMO HORIZONTAL 9,70 M, INCLUSIVE CAMINHÃO TOCO PBT 16.000 KG, POTÊNCIA DE 189 CV - CHP DIURNO. AF_06/2014","CHP",274.25,7.5600000000000001E-2]
["Custos Horários Produtivo e Improdutivo dos Equipamentos",105845,"GUINDAUTO HIDRÁULICO, CAPACIDADE MÁXIMA DE CARGA 6200 KG, MOMENTO MÁXIMO DE CARGA 11,7 TM, ALCANCE MÁXIMO HORIZONTAL 9,70 M, INCLUSIVE CAMINHÃO TOCO PBT 16.000 KG, POTÊNCIA DE 189 CV E CESTA AÉREA COM ISOLAMENTO CLASSE C - CHI DIURNO. AF_01/2025","CHI",0]
["Custos Horários Produtivo e Improdutivo dos Equipamentos",105844,"GUINDAUTO HIDRÁULICO, CAPACIDADE MÁXIMA DE CARGA 6200 KG, MOMENTO MÁXIMO DE CARGA 11,7 TM, ALCANCE MÁXIMO HORIZONTAL 9,70 M, INCLUSIVE CAMINHÃO TOCO PBT 16.000 KG, POTÊNCIA DE 189 CV E CESTA AÉREA COM ISOLAMENTO CLASSE C - CHP DIURNO. AF_01/2025","CHP",0]
["Custos Horários Produtivo e Improdutivo dos Equipamentos",91635,"GUINDAUTO HIDRÁULICO, CAPACIDADE MÁXIMA DE CARGA 6500 KG, MOMENTO MÁXIMO DE CARGA 5,8 TM, ALCANCE MÁXIMO HORIZONTAL 7,60 M, INCLUSIVE CAMINHÃO TOCO PBT 9.700 KG, POTÊNCIA DE 160 CV - CHI DIURNO. AF_08/2015","CHI",65.099999999999994,0.1181]
["Custos Horários Produtivo e Improdutivo dos Equipamentos",91634,"GUINDAUTO HIDRÁULICO, CAPACIDADE MÁXIMA DE CARGA 6500 KG, MOMENTO MÁXIMO DE CARGA 5,8 TM, ALCANCE MÁXIMO HORIZONTAL 7,60 M, INCLUSIVE CAMINHÃO TOCO PBT 9.700 KG, POTÊNCIA DE 160 CV - CHP DIURNO. AF_08/2015","CHP",232.68,6.3299999999999995E-2]
["Custos Horários Produtivo e Improdutivo dos Equipamentos",105985,"GUINDAUTO HIDRÁULICO, CAPACIDADE MÁXIMA DE CARGA 8500 KG, MOMENTO MÁXIMO DE CARGA 30,4 TM, ALCANCE MÁXIMO HORIZONTAL 14,30 M, INCLUSIVE CAMINHÃO TRUCADO PBT 23.000 KG, POTÊNCIA DE 256 CV E CARROCERIA FIXA ABERTA DE MADEIRA - CHI DIURNO. AF_05/2025","CHI",97.25,0.28949999999999998]
["Custos Horários Produtivo e Improdutivo dos Equipamentos",105984,"GUINDAUTO HIDRÁULICO, CAPACIDADE MÁXIMA DE CARGA 8500 KG, MOMENTO MÁXIMO DE CARGA 30,4 TM, ALCANCE MÁXIMO HORIZONTAL 14,30 M, INCLUSIVE CAMINHÃO TRUCADO PBT 23.000 KG, POTÊNCIA DE 256 CV E CARROCERIA FIXA ABERTA DE MADEIRA - CHP DIURNO. AF_05/2025","CHP",320.62,0.16800000000000001]
["Custos Horários Produtivo e Improdutivo dos Equipamentos",98765,"INVERSOR DE SOLDA MONOFÁSICO DE 160 A, POTÊNCIA DE 5400 W, TENSÃO DE 220 V, PARA SOLDA COM ELETRODOS DE 2,0 A 4,0 MM E PROCESSO TIG - CHI DIURNO. AF_06/2018","CHI",0.06,0]
["Custos Horários Produtivo e Improdutivo dos Equipamentos",98764,"INVERSOR DE SOLDA MONOFÁSICO DE 160 A, POTÊNCIA DE 5400 W, TENSÃO DE 220 V, PARA SOLDA COM ELETRODOS DE 2,0 A 4,0 MM E PROCESSO TIG - CHP DIURNO. AF_06/2018","CHP",4.71,0]
["Custos Horários Produtivo e Improdutivo dos Equipamentos",99834,"LAVADORA DE ALTA PRESSAO (LAVA-JATO) PARA AGUA FRIA, PRESSAO DE OPERACAO ENTRE 1400 E 1900 LIB/POL2, VAZAO MAXIMA ENTRE 400 E 700 L/H - CHI DIURNO. AF_05/2023","CHI",0.16,0]
["Custos Horários Produtivo e Improdutivo dos Equipamentos",99833,"LAVADORA DE ALTA PRESSAO (LAVA-JATO) PARA AGUA FRIA, PRESSAO DE OPERACAO ENTRE 1400 E 1900 LIB/POL2, VAZAO MAXIMA ENTRE 400 E 700 L/H - CHP DIURNO. AF_05/2023","CHP",4.67,0]
["Custos Horários Produtivo e Improdutivo dos Equipamentos",104521,"LIXADEIRA DE PAREDE, COM LED, POTÊNCIA 750 W, FREQUÊNCIA 60 HZ, VELOCIDADE 1000 A 2100 RPM, DIÂMETRO DA LIXA 225 MM - CHI DIURNO AF_12/2022","CHI",0]
["Custos Horários Produtivo e Improdutivo dos Equipamentos",104520,"LIXADEIRA DE PAREDE, COM LED, POTÊNCIA 750 W, FREQUÊNCIA 60 HZ, VELOCIDADE 1000 A 2100 RPM, DIÂMETRO DA LIXA 225 MM - CHP DIURNO. AF_12/2022","CHP",0]
["Custos Horários Produtivo e Improdutivo dos Equipamentos",90687,"MANIPULADOR TELESCÓPICO, POTÊNCIA DE 85 HP, CAPACIDADE DE CARGA DE 3.500 KG, ALTURA MÁXIMA DE ELEVAÇÃO DE 12,3 M - CHI DIURNO. AF_05/2023","CHI",75.45,0.64739999999999998]
["Custos Horários Produtivo e Improdutivo dos Equipamentos",90686,"MANIPULADOR TELESCÓPICO, POTÊNCIA DE 85 HP, CAPACIDADE DE CARGA DE 3.500 KG, ALTURA MÁXIMA DE ELEVAÇÃO DE 12,3 M - CHP DIURNO. AF_05/2023","CHP",173.91,0.53039999999999998]
["Custos Horários Produtivo e Improdutivo dos Equipamentos",5952,"MARTELETE OU ROMPEDOR PNEUMÁTICO MANUAL, 28 KG, COM SILENCIADOR - CHI DIURNO. AF_07/2016","CHI",24.49,7.7600000000000002E-2]
["Custos Horários Produtivo e Improdutivo dos Equipamentos",5795,"MARTELETE OU ROMPEDOR PNEUMÁTICO MANUAL, 28 KG, COM SILENCIADOR - CHP DIURNO. AF_07/2016","CHP",26.43,0.14530000000000001]
["Custos Horários Produtivo e Improdutivo dos Equipamentos",104657,"MARTELETE PERFURADOR/ ROMPEDOR ELÉTRICO, POTÊNCIA 800 W, 220 V - CHI DIURNO. AF_05/2023","CHI",0]
["Custos Horários Produtivo e Improdutivo dos Equipamentos",104656,"MARTELETE PERFURADOR/ ROMPEDOR ELÉTRICO, POTÊNCIA 800 W, 220 V - CHP DIURNO. AF_05/2023","CHP",0]
["Custos Horários Produtivo e Improdutivo dos Equipamentos",102274,"MARTELO DEMOLIDOR ELÉTRICO, COM POTÊNCIA DE 2.000 W, 1.000 IMPACTOS POR MINUTO, PESO DE 30 KG - CHI DIURNO. AF_01/2021","CHI",23.42,3.5400000000000001E-2]
["Custos Horários Produtivo e Improdutivo dos Equipamentos",102275,"MARTELO DEMOLIDOR ELÉTRICO, COM POTÊNCIA DE 2.000 W, 1.000 IMPACTOS POR MINUTO, PESO DE 30 KG - CHP DIURNO. AF_01/2021","CHP",25.97,6.4699999999999994E-2]
["Custos Horários Produtivo e Improdutivo dos Equipamentos",95259,"MARTELO DEMOLIDOR PNEUMÁTICO MANUAL, 32 KG - CHI DIURNO. AF_09/2016","CHI",24.28,6.9599999999999995E-2]
["Custos Horários Produtivo e Improdutivo dos Equipamentos",95258,"MARTELO DEMOLIDOR PNEUMÁTICO MANUAL, 32 KG - CHP DIURNO. AF_09/2016","CHP",26,0.13120000000000001]
["Custos Horários Produtivo e Improdutivo dos Equipamentos",105917,"MARTELO PERFURADOR PNEUMÁTICO MANUAL, HASTE 19 X 108 MM, *11* KG - CHI DIURNO. AF_02/2025","CHI",0]
["Custos Horários Produtivo e Improdutivo dos Equipamentos",105916,"MARTELO PERFURADOR PNEUMÁTICO MANUAL, HASTE 19 X 108 MM, *11* KG - CHP DIURNO. AF_02/2025","CHP",0]
["Custos Horários Produtivo e Improdutivo dos Equipamentos",92967,"MARTELO PERFURADOR PNEUMÁTICO MANUAL, HASTE 25 X 75 MM, 21 KG - CHI DIURNO. AF_12/2015","CHI",24.54,7.9500000000000001E-2]
["Custos Horários Produtivo e Improdutivo dos Equipamentos",92966,"MARTELO PERFURADOR PNEUMÁTICO MANUAL, HASTE 25 X 75 MM, 21 KG - CHP DIURNO. AF_12/2015","CHP",26.53,0.14849999999999999]
["Custos Horários Produtivo e Improdutivo dos Equipamentos",103794,"MINI GUINDASTE ARANHA SOBRE ESTEIRAS E LANCA TELESCÓPICA, CAPACIDADE MÁXIMA DE CARGA 3,0 TON, RAIO MÁXIMO DE TRABALHO 8,25 M, ALTURA DE LANÇA DO SOLO 9,2 M, 55 M DE CABO DE AÇO 8 MM, MOTOR ELÉTRICO 220/380 VOLTS TRIFÁSICO - CHI DIURNO. AF_03/2022","CHI",0]
["Custos Horários Produtivo e Improdutivo dos Equipamentos",103793,"MINI GUINDASTE ARANHA SOBRE ESTEIRAS E LANCA TELESCÓPICA, CAPACIDADE MÁXIMA DE CARGA 3,0 TON, RAIO MÁXIMO DE TRABALHO 8,25 M, ALTURA DE LANÇA DO SOLO 9,2 M, 55 M DE CABO DE AÇO 8 MM, MOTOR ELÉTRICO 220/380 VOLTS TRIFÁSICO - CHP DIURNO. AF_03/2022","CHP",0]
["Custos Horários Produtivo e Improdutivo dos Equipamentos",96156,"MINICARREGADEIRA SOBRE RODAS POTENCIA 47HP CAPACIDADE OPERACAO 646 KG, COM VASSOURA MECÂNICA ACOPLADA - CHI DIURNO. AF_03/2017","CHI",63.3,0.57979999999999998]
["Custos Horários Produtivo e Improdutivo dos Equipamentos",96158,"MINICARREGADEIRA SOBRE RODAS POTENCIA 47HP CAPACIDADE OPERACAO 646 KG, COM VASSOURA MECÂNICA ACOPLADA - CHP DIURNO. AF_03/2017","CHP",139.91,0.5343]
["Custos Horários Produtivo e Improdutivo dos Equipamentos",90693,"MINICARREGADEIRA SOBRE RODAS, POTÊNCIA LÍQUIDA DE 47 HP, CAPACIDADE NOMINAL DE OPERAÇÃO DE 646 KG - CHI DIURNO. AF_06/2015","CHI",58.45,0.54490000000000005]
["Custos Horários Produtivo e Improdutivo dos Equipamentos",90692,"MINICARREGADEIRA SOBRE RODAS, POTÊNCIA LÍQUIDA DE 47 HP, CAPACIDADE NOMINAL DE OPERAÇÃO DE 646 KG - CHP DIURNO. AF_06/2015","CHP",130.26,0.49980000000000002]
["Custos Horários Produtivo e Improdutivo dos Equipamentos",96246,"MINIESCAVADEIRA SOBRE ESTEIRAS, POTÊNCIA LÍQUIDA DE *30* HP, PESO OPERACIONAL DE *3.500* KG - CHI DIURNO. AF_04/2017","CHI",64.17,0.55679999999999996]
["Custos Horários Produtivo e Improdutivo dos Equipamentos",96245,"MINIESCAVADEIRA SOBRE ESTEIRAS, POTÊNCIA LÍQUIDA DE *30* HP, PESO OPERACIONAL DE *3.500* KG - CHP DIURNO. AF_04/2017","CHP",116.34,0.61080000000000001]
["Custos Horários Produtivo e Improdutivo dos Equipamentos",88404,"MISTURADOR DE ARGAMASSA, EIXO HORIZONTAL, CAPACIDADE DE MISTURA 160 KG, MOTOR ELÉTRICO POTÊNCIA 3 CV - CHI DIURNO. AF_05/2023","CHI",1.02,0]
["Custos Horários Produtivo e Improdutivo dos Equipamentos",88399,"MISTURADOR DE ARGAMASSA, EIXO HORIZONTAL, CAPACIDADE DE MISTURA 160 KG, MOTOR ELÉTRICO POTÊNCIA 3 CV - CHP DIURNO. AF_05/2023","CHP",3.81,0]
["Custos Horários Produtivo e Improdutivo dos Equipamentos",88392,"MISTURADOR DE ARGAMASSA, EIXO HORIZONTAL, CAPACIDADE DE MISTURA 300 KG, MOTOR ELÉTRICO POTÊNCIA 5 CV - CHI DIURNO. AF_05/2023","CHI",1.08,0]
["Custos Horários Produtivo e Improdutivo dos Equipamentos",88386,"MISTURADOR DE ARGAMASSA, EIXO HORIZONTAL, CAPACIDADE DE MISTURA 300 KG, MOTOR ELÉTRICO POTÊNCIA 5 CV - CHP DIURNO. AF_05/2023","CHP",5.17,0]
["Custos Horários Produtivo e Improdutivo dos Equipamentos",88398,"MISTURADOR DE ARGAMASSA, EIXO HORIZONTAL, CAPACIDADE DE MISTURA 600 KG, MOTOR ELÉTRICO POTÊNCIA 7,5 CV - CHI DIURNO. AF_05/2023","CHI",1.28,0]
["Custos Horários Produtivo e Improdutivo dos Equipamentos",88393,"MISTURADOR DE ARGAMASSA, EIXO HORIZONTAL, CAPACIDADE DE MISTURA 600 KG, MOTOR ELÉTRICO POTÊNCIA 7,5 CV - CHP DIURNO. AF_05/2023","CHP",7.11,0]
["Custos Horários Produtivo e Improdutivo dos Equipamentos",90638,"MISTURADOR DUPLO HORIZONTAL DE ALTA TURBULÊNCIA, CAPACIDADE / VOLUME 2 X 500 LITROS, MOTORES ELÉTRICOS MÍNIMO 5 CV CADA, PARA NATA CIMENTO, ARGAMASSA E OUTROS - CHI DIURNO. AF_06/2015","CHI",5.13,0]
["Custos Horários Produtivo e Improdutivo dos Equipamentos",90637,"MISTURADOR DUPLO HORIZONTAL DE ALTA TURBULÊNCIA, CAPACIDADE / VOLUME 2 X 500 LITROS, MOTORES ELÉTRICOS MÍNIMO 5 CV CADA, PARA NATA CIMENTO, ARGAMASSA E OUTROS - CHP DIURNO. AF_06/2015","CHP",15.95,0]
["Custos Horários Produtivo e Improdutivo dos Equipamentos",103243,"MISTURADOR PARA PREPARO DE LAMA ESTABILIZANTE COM CAPACIDADE DE *4000* L, COM BOMBA CENTRÍFUGA 5,5 HP A 23,07 HP, PARA SISTEMA DE FURO DIRECIONAL - CHI DIURNO. AF_05/2023","CHI",0]
["Custos Horários Produtivo e Improdutivo dos Equipamentos",103242,"MISTURADOR PARA PREPARO DE LAMA ESTABILIZANTE COM CAPACIDADE DE *4000* L, COM BOMBA CENTRÍFUGA 5,5 HP A 23,07 HP, PARA SISTEMA DE FURO DIRECIONAL - CHP DIURNO. AF_05/2023","CHP",0]
["Custos Horários Produtivo e Improdutivo dos Equipamentos",5806,"MOTOBOMBA CENTRÍFUGA, MOTOR A GASOLINA, POTÊNCIA 5,42 HP, BOCAIS 1 1/2\" X 1\", DIÂMETRO ROTOR 143 MM HM/Q = 6 MCA / 16,8 M3/H A 38 MCA / 6,6 M3/H - CHI DIURNO. AF_06/2014","CHI",0.19,0]
["Custos Horários Produtivo e Improdutivo dos Equipamentos",73536,"MOTOBOMBA CENTRÍFUGA, MOTOR A GASOLINA, POTÊNCIA 5,42 HP, BOCAIS 1 1/2\" X 1\", DIÂMETRO ROTOR 143 MM HM/Q = 6 MCA / 16,8 M3/H A 38 MCA / 6,6 M3/H - CHP DIURNO. AF_06/2014","CHP",22.35,0]
["Custos Horários Produtivo e Improdutivo dos Equipamentos",7043,"MOTOBOMBA TRASH (PARA ÁGUA SUJA) AUTO ESCORVANTE, MOTOR GASOLINA DE 6,41 HP, DIÂMETROS DE SUCÇÃO X RECALQUE: 3\" X 3\", HM/Q = 10 MCA / 60 M3/H A 23 MCA / 0 M3/H - CHI DIURNO. AF_10/2014","CHI",0.24,0]
["Custos Horários Produtivo e Improdutivo dos Equipamentos",7042,"MOTOBOMBA TRASH (PARA ÁGUA SUJA) AUTO ESCORVANTE, MOTOR GASOLINA DE 6,41 HP, DIÂMETROS DE SUCÇÃO X RECALQUE: 3\" X 3\", HM/Q = 10 MCA / 60 M3/H A 23 MCA / 0 M3/H - CHP DIURNO. AF_10/2014","CHP",26.4,0]
["Custos Horários Produtivo e Improdutivo dos Equipamentos",5934,"MOTONIVELADORA POTÊNCIA BÁSICA LÍQUIDA (PRIMEIRA MARCHA) 125 HP, PESO BRUTO 13032 KG, LARGURA DA LÂMINA DE 3,7 M - CHI DIURNO. AF_06/2014","CHI",93.49,0]
["Custos Horários Produtivo e Improdutivo dos Equipamentos",5932,"MOTONIVELADORA POTÊNCIA BÁSICA LÍQUIDA (PRIMEIRA MARCHA) 125 HP, PESO BRUTO 13032 KG, LARGURA DA LÂMINA DE 3,7 M - CHP DIURNO. AF_06/2014","CHP",249.07,0]
["Custos Horários Produtivo e Improdutivo dos Equipamentos",96159,"MÁQUINA DEMARCADORA DE FAIXA DE TRÁFEGO À FRIO, AUTOPROPELIDA, POTÊNCIA 38 HP - CHI DIURNO. AF_07/2016","CHI",94.43,0.71830000000000005]
["Custos Horários Produtivo e Improdutivo dos Equipamentos",95133,"MÁQUINA DEMARCADORA DE FAIXA DE TRÁFEGO À FRIO, AUTOPROPELIDA, POTÊNCIA 38 HP - CHP DIURNO. AF_07/2016","CHP",184.23,0.68630000000000002]
["Custos Horários Produtivo e Improdutivo dos Equipamentos",102986,"MÁQUINA DEMARCADORA DE FAIXA DE TRÁFEGO À FRIO, TRAÇÃO MANUAL, 4 CV, PRESSÃO MAX 3300 PSI, TANQUE 20 L - CHI DIURNO. AF_06/2021","CHI",0]
["Custos Horários Produtivo e Improdutivo dos Equipamentos",102987,"MÁQUINA DEMARCADORA DE FAIXA DE TRÁFEGO À FRIO, TRAÇÃO MANUAL, 4 CV, PRESSÃO MAX 3300 PSI, TANQUE 20 L - CHP DIURNO. AF_06/2021","CHP",0]
["Custos Horários Produtivo e Improdutivo dos Equipamentos",92961,"MÁQUINA EXTRUSORA DE CONCRETO PARA GUIAS E SARJETAS, MOTOR A DIESEL, POTÊNCIA 14 CV - CHI DIURNO. AF_12/2015","CHI",5.38,1]
["Custos Horários Produtivo e Improdutivo dos Equipamentos",92960,"MÁQUINA EXTRUSORA DE CONCRETO PARA GUIAS E SARJETAS, MOTOR A DIESEL, POTÊNCIA 14 CV - CHP DIURNO. AF_12/2015","CHP",19.14,0.53129999999999999]
["Custos Horários Produtivo e Improdutivo dos Equipamentos",102863,"MÁQUINA FORMER DOBRAS DIVERSAS: 220V/380V TRIFÁSICO OU MONOFÁSICO, CAPACIDADE 0,5-1,27MM, MOTOR 2CV - CHI DIURNO. AF_05/2023","CHI",0]
["Custos Horários Produtivo e Improdutivo dos Equipamentos",102862,"MÁQUINA FORMER DOBRAS DIVERSAS: 220V/380V TRIFÁSICO OU MONOFÁSICO, CAPACIDADE 0,5-1,27MM, MOTOR 2CV - CHP DIURNO. AF_05/2023","CHP",0]
["Custos Horários Produtivo e Improdutivo dos Equipamentos",93409,"MÁQUINA JATO DE PRESSAO PORTÁTIL, CAMARA DE 1 SAIDA, CAPACIDADE 280 L, DIAMETRO 670 MM, BICO DE JATO CURTO VENTURI DE 5/16\", MANGUEIRA DE 1\" COM COMPRESSOR DE AR REBOCÁVEL 189 PCM E MOTOR DIESEL 63 CV - CHI DIURNO. AF_05/2023","CHI",33.270000000000003,0.27650000000000002]
["Custos Horários Produtivo e Improdutivo dos Equipamentos",93408,"MÁQUINA JATO DE PRESSAO PORTÁTIL, CAMARA DE 1 SAIDA, CAPACIDADE 280 L, DIAMETRO 670 MM, BICO DE JATO CURTO VENTURI DE 5/16\", MANGUEIRA DE 1\" COM COMPRESSOR DE AR REBOCÁVEL 189 PCM E MOTOR DIESEL 63 CV - CHP DIURNO. AF_05/2023","CHP",87.69,0.20530000000000001]
["Custos Horários Produtivo e Improdutivo dos Equipamentos",102941,"MÁQUINA METALEIRA UNIVERSAL MODELO IW 110/180 BTD - CHI DIURNO. AF_05/2023","CHI",0]
["Custos Horários Produtivo e Improdutivo dos Equipamentos",102940,"MÁQUINA METALEIRA UNIVERSAL MODELO IW 110/180 BTD - CHP DIURNO. AF_05/2023","CHP",0]
["Custos Horários Produtivo e Improdutivo dos Equipamentos",103164,"MÁQUINA PARA SOLDA POR ELETROFUSÃO PARA TUBOS DE POLIETILENO DE ALTA DENSIDADE (PEAD) COM DIÂMETRO EXTERNO DE 20 A 1600 MM, POTÊNCIA DE 3500 W - CHI DIURNO. AF_05/2023","CHI",0]
["Custos Horários Produtivo e Improdutivo dos Equipamentos",103163,"MÁQUINA PARA SOLDA POR ELETROFUSÃO PARA TUBOS DE POLIETILENO DE ALTA DENSIDADE (PEAD) COM DIÂMETRO EXTERNO DE 20 A 1600 MM, POTÊNCIA DE 3500 W - CHP DIURNO. AF_05/2023","CHP",0]
["Custos Horários Produtivo e Improdutivo dos Equipamentos",103158,"MÁQUINA PARA SOLDA POR ELETROFUSÃO PARA TUBOS DE POLIETILENO DE ALTA DENSIDADE (PEAD) COM DIÂMETRO EXTERNO DE 20 A 800 MM, POTÊNCIA ENTRE 2750 E 3000 W - CHI DIURNO. AF_05/2023","CHI",0]
["Custos Horários Produtivo e Improdutivo dos Equipamentos",103157,"MÁQUINA PARA SOLDA POR ELETROFUSÃO PARA TUBOS DE POLIETILENO DE ALTA DENSIDADE (PEAD) COM DIÂMETRO EXTERNO DE 20 A 800 MM, POTÊNCIA ENTRE 2750 E 3000 W - CHP DIURNO. AF_05/2023","CHP",0]
["Custos Horários Produtivo e Improdutivo dos Equipamentos",103176,"MÁQUINA PARA SOLDA POR TERMOFUSÃO PARA TUBOS DE POLIETILENO DE ALTA DENSIDADE (PEAD) COM DIÂMETRO EXTERNO DE 315 A 630 MM, POTÊNCIA ENTRE 8000 E 12350 W - CHI DIURNO. AF_05/2023","CHI",0]
["Custos Horários Produtivo e Improdutivo dos Equipamentos",103175,"MÁQUINA PARA SOLDA POR TERMOFUSÃO PARA TUBOS DE POLIETILENO DE ALTA DENSIDADE (PEAD) COM DIÂMETRO EXTERNO DE 315 A 630 MM, POTÊNCIA ENTRE 8000 E 12350 W - CHP DIURNO. AF_05/2023","CHP",0]
["Custos Horários Produtivo e Improdutivo dos Equipamentos",103182,"MÁQUINA PARA SOLDA POR TERMOFUSÃO PARA TUBOS DE POLIETILENO DE ALTA DENSIDADE (PEAD) COM DIÂMETRO EXTERNO DE 710 A 1200 MM, POTÊNCIA ENTRE 16000 E 29500 W - CHI DIURNO. AF_05/2023","CHI",0]
["Custos Horários Produtivo e Improdutivo dos Equipamentos",103181,"MÁQUINA PARA SOLDA POR TERMOFUSÃO PARA TUBOS DE POLIETILENO DE ALTA DENSIDADE (PEAD) COM DIÂMETRO EXTERNO DE 710 A 1200 MM, POTÊNCIA ENTRE 16000 E 29500 W - CHP DIURNO. AF_05/2023","CHP",0]
["Custos Horários Produtivo e Improdutivo dos Equipamentos",103170,"MÁQUINA PARA SOLDA POR TERMOFUSÃO PARA TUBOS DE POLIETILENO DE ALTA DENSIDADE (PEAD) COM DIÂMETRO EXTERNO DE 90 A 315 MM, POTÊNCIA ENTRE 2500 E 5350 W - CHI DIURNO. AF_05/2023","CHI",0]
["Custos Horários Produtivo e Improdutivo dos Equipamentos",103169,"MÁQUINA PARA SOLDA POR TERMOFUSÃO PARA TUBOS DE POLIETILENO DE ALTA DENSIDADE (PEAD) COM DIÂMETRO EXTERNO DE 90 A 315 MM, POTÊNCIA ENTRE 2500 E 5350 W - CHP DIURNO. AF_05/2023","CHP",0]
["Custos Horários Produtivo e Improdutivo dos Equipamentos",102869,"MÁQUINA SOLDA ARCO COM PISTOLA DE SOLDAGEM PARA STUD BOLT DE 5 MM A 22 MM - CHI DIURNO. AF_05/2023","CHI",0]
["Custos Horários Produtivo e Improdutivo dos Equipamentos",102868,"MÁQUINA SOLDA ARCO COM PISTOLA DE SOLDAGEM PARA STUD BOLT DE 5 MM A 22 MM - CHP DIURNO. AF_05/2023","CHP",0]
["Custos Horários Produtivo e Improdutivo dos Equipamentos",92113,"PENEIRA ROTATIVA COM MOTOR ELÉTRICO TRIFÁSICO DE 2 CV, CILINDRO DE 1 M X 0,60 M, COM FUROS DE 3,17 MM - CHI DIURNO. AF_05/2023","CHI",1.19,0]
["Custos Horários Produtivo e Improdutivo dos Equipamentos",92112,"PENEIRA ROTATIVA COM MOTOR ELÉTRICO TRIFÁSICO DE 2 CV, CILINDRO DE 1 M X 0,60 M, COM FUROS DE 3,17 MM - CHP DIURNO. AF_05/2023","CHP",3.66,0]
["Custos Horários Produtivo e Improdutivo dos Equipamentos",90675,"PERFURATRIZ COM TORRE METÁLICA PARA EXECUÇÃO DE ESTACA HÉLICE CONTÍNUA, PROFUNDIDADE MÁXIMA DE 30 M, DIÂMETRO MÁXIMO DE 800 MM, POTÊNCIA INSTALADA DE 268 HP, MESA ROTATIVA COM TORQUE MÁXIMO DE 170 KNM - CHI DIURNO. AF_06/2015","CHI",328.92,0]
["Custos Horários Produtivo e Improdutivo dos Equipamentos",90674,"PERFURATRIZ COM TORRE METÁLICA PARA EXECUÇÃO DE ESTACA HÉLICE CONTÍNUA, PROFUNDIDADE MÁXIMA DE 30 M, DIÂMETRO MÁXIMO DE 800 MM, POTÊNCIA INSTALADA DE 268 HP, MESA ROTATIVA COM TORQUE MÁXIMO DE 170 KNM - CHP DIURNO. AF_06/2015","CHP",743.9,0]
["Custos Horários Produtivo e Improdutivo dos Equipamentos",93225,"PERFURATRIZ COM TORRE METÁLICA PARA EXECUÇÃO DE ESTACA HÉLICE CONTÍNUA, PROFUNDIDADE MÁXIMA DE 32 M, DIÂMETRO MÁXIMO DE 1000 MM, POTÊNCIA INSTALADA DE 350 HP, MESA ROTATIVA COM TORQUE MÁXIMO DE 263 KNM - CHI DIURNO. AF_01/2016","CHI",490.68,0]
["Custos Horários Produtivo e Improdutivo dos Equipamentos",93224,"PERFURATRIZ COM TORRE METÁLICA PARA EXECUÇÃO DE ESTACA HÉLICE CONTÍNUA, PROFUNDIDADE MÁXIMA DE 32 M, DIÂMETRO MÁXIMO DE 1000 MM, POTÊNCIA INSTALADA DE 350 HP, MESA ROTATIVA COM TORQUE MÁXIMO DE 263 KNM - CHP DIURNO. AF_01/2016","CHP",1100.69,0]
["Custos Horários Produtivo e Improdutivo dos Equipamentos",104696,"PERFURATRIZ DE COROA DIAMANTADA PARA CONCRETO, DIÂMETRO ATÉ 250 MM, MOTOR ELÉTRICO 220 V, POTÊNCIA 2.500 W - CHI DIURNO. AF_05/2023","CHI",26.82,0]
["Custos Horários Produtivo e Improdutivo dos Equipamentos",104695,"PERFURATRIZ DE COROA DIAMANTADA PARA CONCRETO, DIÂMETRO ATÉ 250 MM, MOTOR ELÉTRICO 220 V, POTÊNCIA 2.500 W - CHP DIURNO. AF_05/2023","CHP",30.14,0]
["Custos Horários Produtivo e Improdutivo dos Equipamentos",90681,"PERFURATRIZ HIDRÁULICA SOBRE CAMINHÃO COM TRADO CURTO ACOPLADO, PROFUNDIDADE MÁXIMA DE 20 M, DIÂMETRO MÁXIMO DE 1500 MM, POTÊNCIA INSTALADA DE 137 HP, MESA ROTATIVA COM TORQUE MÁXIMO DE 30 KNM - CHI DIURNO. AF_06/2015","CHI",166.18,0]
["Custos Horários Produtivo e Improdutivo dos Equipamentos",90680,"PERFURATRIZ HIDRÁULICA SOBRE CAMINHÃO COM TRADO CURTO ACOPLADO, PROFUNDIDADE MÁXIMA DE 20 M, DIÂMETRO MÁXIMO DE 1500 MM, POTÊNCIA INSTALADA DE 137 HP, MESA ROTATIVA COM TORQUE MÁXIMO DE 30 KNM - CHP DIURNO. AF_06/2015","CHP",393.22,0]
["Custos Horários Produtivo e Improdutivo dos Equipamentos",102875,"PERFURATRIZ HIDRÁULICA SOBRE ESTEIRA, TORQUE MÁXIMO 161 KNM, PROFUNDIDADE MÁXIMA 54 M, DIÂMETRO MÁXIMO 1500 MM, POTÊNCIA MOTOR 268 HP - CHI DIURNO. AF_04/2019","CHI",468.6,0]
["Custos Horários Produtivo e Improdutivo dos Equipamentos",102874,"PERFURATRIZ HIDRÁULICA SOBRE ESTEIRA, TORQUE MÁXIMO 161 KNM, PROFUNDIDADE MÁXIMA 54 M, DIÂMETRO MÁXIMO 1500 MM, POTÊNCIA MOTOR 268 HP - CHP DIURNO. AF_04/2019","CHP",1020.75,0]
["Custos Horários Produtivo e Improdutivo dos Equipamentos",102965,"PERFURATRIZ HIDRÁULICA SOBRE ESTEIRA, TORQUE MÁXIMO 98 KNM, PROFUNDIDADE MÁXIMA 25 M, DIÂMETRO MÁXIMO 115 MM, POTÊNCIA MOTOR 190 HP - CHI DIURNO. AF_02/2021","CHI",240.62,0]
["Custos Horários Produtivo e Improdutivo dos Equipamentos",102964,"PERFURATRIZ HIDRÁULICA SOBRE ESTEIRA, TORQUE MÁXIMO 98 KNM, PROFUNDIDADE MÁXIMA 25 M, DIÂMETRO MÁXIMO 115 MM, POTÊNCIA MOTOR 190 HP - CHP DIURNO. AF_02/2021","CHP",481.43,0]
["Custos Horários Produtivo e Improdutivo dos Equipamentos",95703,"PERFURATRIZ MANUAL, TORQUE MAXIMO 55 KGF.M, POTENCIA 5 CV, COM DIAMETRO MAXIMO 8 1/2\" - CHI DIURNO. AF_11/2016","CHI",31.29,0.1802]
["Custos Horários Produtivo e Improdutivo dos Equipamentos",95702,"PERFURATRIZ MANUAL, TORQUE MAXIMO 55 KGF.M, POTENCIA 5 CV, COM DIAMETRO MAXIMO 8 1/2\" - CHP DIURNO. AF_11/2016","CHP",40.15,0.28320000000000001]
["Custos Horários Produtivo e Improdutivo dos Equipamentos",90626,"PERFURATRIZ MANUAL, TORQUE MÁXIMO 83 N.M, POTÊNCIA 5 CV, COM DIÂMETRO MÁXIMO 4\" - CHI DIURNO. AF_06/2015","CHI",2.5299999999999998,1]
["Custos Horários Produtivo e Improdutivo dos Equipamentos",90625,"PERFURATRIZ MANUAL, TORQUE MÁXIMO 83 N.M, POTÊNCIA 5 CV, COM DIÂMETRO MÁXIMO 4\" - CHP DIURNO. AF_06/2015","CHP",8.24,0.62009999999999998]
["Custos Horários Produtivo e Improdutivo dos Equipamentos",102881,"PERFURATRIZ PARA EXECUÇÃO DE ESTACAS SECANTES, TIPO HÉLICE CONTÍNUA COM CABEÇOTE DUPLO E TUBO METÁLICO - CHI DIURNO. AF_04/2019","CHI",641.21,0]
["Custos Horários Produtivo e Improdutivo dos Equipamentos",102880,"PERFURATRIZ PARA EXECUÇÃO DE ESTACAS SECANTES, TIPO HÉLICE CONTÍNUA COM CABEÇOTE DUPLO E TUBO METÁLICO - CHP DIURNO. AF_04/2019","CHP",1421.38,0]
["Custos Horários Produtivo e Improdutivo dos Equipamentos",103225,"PERFURATRIZ PARA FURO DIRECIONAL HORIZONTAL (HDD) COM CAPACIDADE ATÉ 89 KN, POTÊNCIA 24,8 HP A 80 HP (INCLUSO FERRAMENTAS E LOCALIZADOR) - CHI DIURNO. AF_05/2023","CHI",213.9,0]
["Custos Horários Produtivo e Improdutivo dos Equipamentos",103224,"PERFURATRIZ PARA FURO DIRECIONAL HORIZONTAL (HDD) COM CAPACIDADE ATÉ 89 KN, POTÊNCIA 24,8 HP A 80 HP (INCLUSO FERRAMENTAS E LOCALIZADOR) - CHP DIURNO. AF_05/2023","CHP",433.29,0]
["Custos Horários Produtivo e Improdutivo dos Equipamentos",103237,"PERFURATRIZ PARA FURO DIRECIONAL HORIZONTAL (HDD) COM CAPACIDADE DE 201 KN A 560 KN, POTÊNCIA 200 HP A 260 HP (INCLUSO FERRAMENTAS E LOCALIZADOR) - CHI DIURNO. AF_05/2023","CHI",616.26,0]
["Custos Horários Produtivo e Improdutivo dos Equipamentos",103236,"PERFURATRIZ PARA FURO DIRECIONAL HORIZONTAL (HDD) COM CAPACIDADE DE 201 KN A 560 KN, POTÊNCIA 200 HP A 260 HP (INCLUSO FERRAMENTAS E LOCALIZADOR) - CHP DIURNO. AF_05/2023","CHP",1326.28,0]
["Custos Horários Produtivo e Improdutivo dos Equipamentos",103231,"PERFURATRIZ PARA FURO DIRECIONAL HORIZONTAL (HDD) COM CAPACIDADE DE 90 KN A 200 KN, POTÊNCIA 100 HP A 160 HP (INCLUSO FERRAMENTAS E LOCALIZADOR) - CHI DIURNO. AF_05/2023","CHI",457.53,0]
["Custos Horários Produtivo e Improdutivo dos Equipamentos",103230,"PERFURATRIZ PARA FURO DIRECIONAL HORIZONTAL (HDD) COM CAPACIDADE DE 90 KN A 200 KN, POTÊNCIA 100 HP A 160 HP (INCLUSO FERRAMENTAS E LOCALIZADOR) - CHP DIURNO. AF_05/2023","CHP",967.28,0]
["Custos Horários Produtivo e Improdutivo dos Equipamentos",95621,"PERFURATRIZ PNEUMATICA MANUAL DE PESO MEDIO, MARTELETE, 18KG, COMPRIMENTO MÁXIMO DE CURSO DE 6 M, DIAMETRO DO PISTAO DE 5,5 CM - CHI DIURNO. AF_11/2016","CHI",23.98,5.8000000000000003E-2]
["Custos Horários Produtivo e Improdutivo dos Equipamentos",95620,"PERFURATRIZ PNEUMATICA MANUAL DE PESO MEDIO, MARTELETE, 18KG, COMPRIMENTO MÁXIMO DE CURSO DE 6 M, DIAMETRO DO PISTAO DE 5,5 CM - CHP DIURNO. AF_11/2016","CHP",25.39,0.1103]
["Custos Horários Produtivo e Improdutivo dos Equipamentos",102975,"PERFURATRIZ ROTATIVA SOBRE ESTEIRA, TORQUE MAXIMO 2500 KGM, POTENCIA 110 HP, MOTOR DIESEL - CHI DIURNO. AF_05/2017","CHI",141.06,0]
["Custos Horários Produtivo e Improdutivo dos Equipamentos",102976,"PERFURATRIZ ROTATIVA SOBRE ESTEIRA, TORQUE MAXIMO 2500 KGM, POTENCIA 110 HP, MOTOR DIESEL- CHP DIURNO. AF_05/2017","CHP",273.33,0]
["Custos Horários Produtivo e Improdutivo dos Equipamentos",90632,"PERFURATRIZ SOBRE ESTEIRA, TORQUE MÁXIMO 600 KGF, PESO MÉDIO 1000 KG, POTÊNCIA 20 HP, DIÂMETRO MÁXIMO 10\" - CHI DIURNO. AF_06/2015","CHI",92.87,0]
["Custos Horários Produtivo e Improdutivo dos Equipamentos",90631,"PERFURATRIZ SOBRE ESTEIRA, TORQUE MÁXIMO 600 KGF, PESO MÉDIO 1000 KG, POTÊNCIA 20 HP, DIÂMETRO MÁXIMO 10\" - CHP DIURNO. AF_06/2015","CHP",160.69,0]
["Custos Horários Produtivo e Improdutivo dos Equipamentos",95709,"PERFURATRIZ SOBRE ESTEIRA, TORQUE MÁXIMO 600 KGF, POTÊNCIA ENTRE 50 E 60 HP, DIÂMETRO MÁXIMO 10\" - CHI DIURNO. AF_11/2016","CHI",93.53,0]
["Custos Horários Produtivo e Improdutivo dos Equipamentos",95708,"PERFURATRIZ SOBRE ESTEIRA, TORQUE MÁXIMO 600 KGF, POTÊNCIA ENTRE 50 E 60 HP, DIÂMETRO MÁXIMO 10\" - CHP DIURNO. AF_11/2016","CHP",164.61,0]
["Custos Horários Produtivo e Improdutivo dos Equipamentos",91278,"PLACA VIBRATÓRIA REVERSÍVEL COM MOTOR 4 TEMPOS A GASOLINA, FORÇA CENTRÍFUGA DE 25 KN (2500 KGF), POTÊNCIA 5,5 CV - CHI DIURNO. AF_08/2015","CHI",0.67,1]
["Custos Horários Produtivo e Improdutivo dos Equipamentos",91277,"PLACA VIBRATÓRIA REVERSÍVEL COM MOTOR 4 TEMPOS A GASOLINA, FORÇA CENTRÍFUGA DE 25 KN (2500 KGF), POTÊNCIA 5,5 CV - CHP DIURNO. AF_08/2015","CHP",10.54,0.12709999999999999]
["Custos Horários Produtivo e Improdutivo dos Equipamentos",102887,"PLATAFORMA ELEVATÓRIA - CHI DIURNO. AF_04/2019","CHI",0]
["Custos Horários Produtivo e Improdutivo dos Equipamentos",102886,"PLATAFORMA ELEVATÓRIA - CHP DIURNO. AF_04/2019","CHP",0]
["Custos Horários Produtivo e Improdutivo dos Equipamentos",95277,"POLIDORA DE PISO (POLITRIZ), PESO DE 100KG, DIÂMETRO 450 MM, MOTOR ELÉTRICO, POTÊNCIA 4 HP - CHI DIURNO. AF_05/2023","CHI",0.76,1]
["Custos Horários Produtivo e Improdutivo dos Equipamentos",95276,"POLIDORA DE PISO (POLITRIZ), PESO DE 100KG, DIÂMETRO 450 MM, MOTOR ELÉTRICO, POTÊNCIA 4 HP - CHP DIURNO. AF_05/2023","CHP",3.78,0.32800000000000001]
["Custos Horários Produtivo e Improdutivo dos Equipamentos",88430,"PROJETOR DE ARGAMASSA, CAPACIDADE DE PROJEÇÃO 1,5 M3/H, ALCANCE DE 30 ATÉ 60 M, MOTOR ELÉTRICO POTÊNCIA 7,5 HP - CHI DIURNO. AF_06/2014","CHI",6.67,0]
["Custos Horários Produtivo e Improdutivo dos Equipamentos",88418,"PROJETOR DE ARGAMASSA, CAPACIDADE DE PROJEÇÃO 1,5 M3/H, ALCANCE DE 30 ATÉ 60 M, MOTOR ELÉTRICO POTÊNCIA 7,5 HP - CHP DIURNO. AF_06/2014","CHP",14.51,0]
["Custos Horários Produtivo e Improdutivo dos Equipamentos",88438,"PROJETOR DE ARGAMASSA, CAPACIDADE DE PROJEÇÃO 2 M3/H, ALCANCE ATÉ 50 M, MOTOR ELÉTRICO POTÊNCIA 7,5 HP - CHI DIURNO. AF_06/2014","CHI",8.85,0]
["Custos Horários Produtivo e Improdutivo dos Equipamentos",88433,"PROJETOR DE ARGAMASSA, CAPACIDADE DE PROJEÇÃO 2 M3/H, ALCANCE ATÉ 50 M, MOTOR ELÉTRICO POTÊNCIA 7,5 HP - CHP DIURNO. AF_06/2014","CHP",18.899999999999999,0]
["Custos Horários Produtivo e Improdutivo dos Equipamentos",90669,"PROJETOR PNEUMÁTICO DE ARGAMASSA PARA CHAPISCO E REBOCO COM RECIPIENTE ACOPLADO, TIPO CANEQUINHA, COM COMPRESSOR DE AR REBOCÁVEL VAZÃO 89 PCM E MOTOR DIESEL DE 20 CV - CHI DIURNO. AF_05/2023","CHI",8.4600000000000009,0.99529999999999996]
["Custos Horários Produtivo e Improdutivo dos Equipamentos",90668,"PROJETOR PNEUMÁTICO DE ARGAMASSA PARA CHAPISCO E REBOCO COM RECIPIENTE ACOPLADO, TIPO CANEQUINHA, COM COMPRESSOR DE AR REBOCÁVEL VAZÃO 89 PCM E MOTOR DIESEL DE 20 CV - CHP DIURNO. AF_05/2023","CHP",31.29,0.53469999999999995]
["Custos Horários Produtivo e Improdutivo dos Equipamentos",102980,"PULVERIZADOR DE TINTA ELÉTRICO/MÁQUINA DE PINTURA AIRLESS, VAZÃO 2 L/MIN - CHI DIURNO. AF_05/2023","CHI",0]
["Custos Horários Produtivo e Improdutivo dos Equipamentos",102981,"PULVERIZADOR DE TINTA ELÉTRICO/MÁQUINA DE PINTURA AIRLESS, VAZÃO 2 L/MIN - CHP DIURNO. AF_05/2023","CHP",0]
["Custos Horários Produtivo e Improdutivo dos Equipamentos",5946,"PÁ CARREGADEIRA SOBRE RODAS, POTÊNCIA 197 HP, CAPACIDADE DA CAÇAMBA 2,5 A 3,5 M3, PESO OPERACIONAL 18338 KG - CHI DIURNO. AF_06/2014","CHI",91.87,0.71050000000000002]
["Custos Horários Produtivo e Improdutivo dos Equipamentos",5944,"PÁ CARREGADEIRA SOBRE RODAS, POTÊNCIA 197 HP, CAPACIDADE DA CAÇAMBA 2,5 A 3,5 M3, PESO OPERACIONAL 18338 KG - CHP DIURNO. AF_06/2014","CHP",224.5,0.57820000000000005]
["Custos Horários Produtivo e Improdutivo dos Equipamentos",5942,"PÁ CARREGADEIRA SOBRE RODAS, POTÊNCIA LÍQUIDA 128 HP, CAPACIDADE DA CAÇAMBA 1,7 A 2,8 M3, PESO OPERACIONAL 11632 KG - CHI DIURNO. AF_06/2014","CHI",73.680000000000007,0.63900000000000001]
["Custos Horários Produtivo e Improdutivo dos Equipamentos",5940,"PÁ CARREGADEIRA SOBRE RODAS, POTÊNCIA LÍQUIDA 128 HP, CAPACIDADE DA CAÇAMBA 1,7 A 2,8 M3, PESO OPERACIONAL 11632 KG - CHP DIURNO. AF_06/2014","CHP",164.46,0.56930000000000003]
["Custos Horários Produtivo e Improdutivo dos Equipamentos",102893,"PÓRTICO ROLANTE MONOVIGA, PERFIL I, 4 PERNAS, CAPACIDADE 5 T - CHI DIURNO. AF_04/2019","CHI",0]
["Custos Horários Produtivo e Improdutivo dos Equipamentos",102892,"PÓRTICO ROLANTE MONOVIGA, PERFIL I, 4 PERNAS, CAPACIDADE 5 T - CHP DIURNO. AF_04/2019","CHP",0]
["Custos Horários Produtivo e Improdutivo dos Equipamentos",89251,"RECICLADORA DE ASFALTO A FRIO SOBRE RODAS, LARGURA FRESAGEM DE 2,0 M, POTÊNCIA 422 HP - CHI DIURNO. AF_11/2014","CHI",337.12,0.92110000000000003]
["Custos Horários Produtivo e Improdutivo dos Equipamentos",89250,"RECICLADORA DE ASFALTO A FRIO SOBRE RODAS, LARGURA FRESAGEM DE 2,0 M, POTÊNCIA 422 HP - CHP DIURNO. AF_11/2014","CHP",1125.69,0.65249999999999997]
["Custos Horários Produtivo e Improdutivo dos Equipamentos",102959,"RETROESCAVADEIRA SOBRE RODAS COM CARREGADEIRA, PESO OPERACIONAL MÍN. 6,674, POTÊNCIA LÍQ 88 HP, COM MARTELO ROMPEDOR HIDRÁULICO ENTRE 275 A 362 KG - CHI DIURNO. AF_02/2021","CHI",0]
["Custos Horários Produtivo e Improdutivo dos Equipamentos",102958,"RETROESCAVADEIRA SOBRE RODAS COM CARREGADEIRA, PESO OPERACIONAL MÍN. 6,674, POTÊNCIA LÍQ 88 HP, COM MARTELO ROMPEDOR HIDRÁULICO ENTRE 275 A 362 KG - CHP DIURNO. AF_02/2021","CHP",0]
["Custos Horários Produtivo e Improdutivo dos Equipamentos",5681,"RETROESCAVADEIRA SOBRE RODAS COM CARREGADEIRA, TRAÇÃO 4X2, POTÊNCIA LÍQ. 79 HP, CAÇAMBA CARREG. CAP. MÍN. 1 M3, CAÇAMBA RETRO CAP. 0,20 M3, PESO OPERACIONAL MÍN. 6.570 KG, PROFUNDIDADE ESCAVAÇÃO MÁX. 4,37 M - CHI DIURNO. AF_06/2014","CHI",57.81,0.50800000000000001]
["Custos Horários Produtivo e Improdutivo dos Equipamentos",5680,"RETROESCAVADEIRA SOBRE RODAS COM CARREGADEIRA, TRAÇÃO 4X2, POTÊNCIA LÍQ. 79 HP, CAÇAMBA CARREG. CAP. MÍN. 1 M3, CAÇAMBA RETRO CAP. 0,20 M3, PESO OPERACIONAL MÍN. 6.570 KG, PROFUNDIDADE ESCAVAÇÃO MÁX. 4,37 M - CHP DIURNO. AF_06/2014","CHP",131.19999999999999,0.44519999999999998]
["Custos Horários Produtivo e Improdutivo dos Equipamentos",5877,"RETROESCAVADEIRA SOBRE RODAS COM CARREGADEIRA, TRAÇÃO 4X4, POTÊNCIA LÍQ. 72 HP, CAÇAMBA CARREG. CAP. MÍN. 0,79 M3, CAÇAMBA RETRO CAP. 0,18 M3, PESO OPERACIONAL MÍN. 7.140 KG, PROFUNDIDADE ESCAVAÇÃO MÁX. 4,50 M - CHI DIURNO. AF_06/2014","CHI",60.3,0.52839999999999998]
["Custos Horários Produtivo e Improdutivo dos Equipamentos",5875,"RETROESCAVADEIRA SOBRE RODAS COM CARREGADEIRA, TRAÇÃO 4X4, POTÊNCIA LÍQ. 72 HP, CAÇAMBA CARREG. CAP. MÍN. 0,79 M3, CAÇAMBA RETRO CAP. 0,18 M3, PESO OPERACIONAL MÍN. 7.140 KG, PROFUNDIDADE ESCAVAÇÃO MÁX. 4,50 M - CHP DIURNO. AF_06/2014","CHP",132.21,0.47920000000000001]
["Custos Horários Produtivo e Improdutivo dos Equipamentos",5679,"RETROESCAVADEIRA SOBRE RODAS COM CARREGADEIRA, TRAÇÃO 4X4, POTÊNCIA LÍQ. 88 HP, CAÇAMBA CARREG. CAP. MÍN. 1 M3, CAÇAMBA RETRO CAP. 0,26 M3, PESO OPERACIONAL MÍN. 6.674 KG, PROFUNDIDADE ESCAVAÇÃO MÁX. 4,37 M - CHI DIURNO. AF_06/2014","CHI",61.46,0.5373]
["Custos Horários Produtivo e Improdutivo dos Equipamentos",5678,"RETROESCAVADEIRA SOBRE RODAS COM CARREGADEIRA, TRAÇÃO 4X4, POTÊNCIA LÍQ. 88 HP, CAÇAMBA CARREG. CAP. MÍN. 1 M3, CAÇAMBA RETRO CAP. 0,26 M3, PESO OPERACIONAL MÍN. 6.674 KG, PROFUNDIDADE ESCAVAÇÃO MÁX. 4,37 M - CHP DIURNO. AF_06/2014","CHP",143.49,0.4577]
["Custos Horários Produtivo e Improdutivo dos Equipamentos",6880,"ROLO COMPACTADOR DE PNEUS ESTÁTICO, PRESSÃO VARIÁVEL, POTÊNCIA 111 HP, PESO SEM/COM LASTRO 9,5 / 26 T, LARGURA DE TRABALHO 1,90 M - CHI DIURNO. AF_07/2014","CHI",71.78,0]
["Custos Horários Produtivo e Improdutivo dos Equipamentos",6879,"ROLO COMPACTADOR DE PNEUS ESTÁTICO, PRESSÃO VARIÁVEL, POTÊNCIA 111 HP, PESO SEM/COM LASTRO 9,5 / 26 T, LARGURA DE TRABALHO 1,90 M - CHP DIURNO. AF_07/2014","CHP",179.48,0]
["Custos Horários Produtivo e Improdutivo dos Equipamentos",96464,"ROLO COMPACTADOR DE PNEUS, ESTÁTICO, PRESSÃO VARIÁVEL, POTÊNCIA 110 HP, PESO SEM/COM LASTRO 10,8/27 T, LARGURA DE ROLAGEM 2,30 M - CHI DIURNO. AF_06/2017","CHI",74.61,0]
["Custos Horários Produtivo e Improdutivo dos Equipamentos",96463,"ROLO COMPACTADOR DE PNEUS, ESTÁTICO, PRESSÃO VARIÁVEL, POTÊNCIA 110 HP, PESO SEM/COM LASTRO 10,8/27 T, LARGURA DE ROLAGEM 2,30 M - CHP DIURNO. AF_06/2017","CHP",184.52,0]
["Custos Horários Produtivo e Improdutivo dos Equipamentos",7050,"ROLO COMPACTADOR PE DE CARNEIRO VIBRATORIO, POTENCIA 125 HP, PESO OPERACIONAL SEM/COM LASTRO 11,95 / 13,30 T, IMPACTO DINAMICO 38,5 / 22,5 T, LARGURA DE TRABALHO 2,15 M - CHI DIURNO. AF_06/2014","CHI",66.64,0]
["Custos Horários Produtivo e Improdutivo dos Equipamentos",7049,"ROLO COMPACTADOR PE DE CARNEIRO VIBRATORIO, POTENCIA 125 HP, PESO OPERACIONAL SEM/COM LASTRO 11,95 / 13,30 T, IMPACTO DINAMICO 38,5 / 22,5 T, LARGURA DE TRABALHO 2,15 M - CHP DIURNO. AF_06/2014","CHP",193.24,0]
["Custos Horários Produtivo e Improdutivo dos Equipamentos",95632,"ROLO COMPACTADOR VIBRATORIO TANDEM, ACO LISO, POTENCIA 125 HP, PESO SEM/COM LASTRO 10,20/11,65 T, LARGURA DE TRABALHO 1,73 M - CHI DIURNO. AF_11/2016","CHI",69.81,0]
["Custos Horários Produtivo e Improdutivo dos Equipamentos",95631,"ROLO COMPACTADOR VIBRATORIO TANDEM, ACO LISO, POTENCIA 125 HP, PESO SEM/COM LASTRO 10,20/11,65 T, LARGURA DE TRABALHO 1,73 M - CHP DIURNO. AF_11/2016","CHP",199.6,0]
["Custos Horários Produtivo e Improdutivo dos Equipamentos",5685,"ROLO COMPACTADOR VIBRATÓRIO DE UM CILINDRO AÇO LISO, POTÊNCIA 80 HP, PESO OPERACIONAL MÁXIMO 8,1 T, IMPACTO DINÂMICO 16,15 / 9,5 T, LARGURA DE TRABALHO 1,68 M - CHI DIURNO. AF_06/2014","CHI",55.23,0]
["Custos Horários Produtivo e Improdutivo dos Equipamentos",5684,"ROLO COMPACTADOR VIBRATÓRIO DE UM CILINDRO AÇO LISO, POTÊNCIA 80 HP, PESO OPERACIONAL MÁXIMO 8,1 T, IMPACTO DINÂMICO 16,15 / 9,5 T, LARGURA DE TRABALHO 1,68 M - CHP DIURNO. AF_06/2014","CHP",139.54,0]
["Custos Horários Produtivo e Improdutivo dos Equipamentos",93244,"ROLO COMPACTADOR VIBRATÓRIO PÉ DE CARNEIRO PARA SOLOS, POTÊNCIA 80 HP, PESO OPERACIONAL SEM/COM LASTRO 7,4 / 8,8 T, LARGURA DE TRABALHO 1,68 M - CHI DIURNO. AF_02/2016","CHI",56.44,0]
["Custos Horários Produtivo e Improdutivo dos Equipamentos",73436,"ROLO COMPACTADOR VIBRATÓRIO PÉ DE CARNEIRO PARA SOLOS, POTÊNCIA 80 HP, PESO OPERACIONAL SEM/COM LASTRO 7,4 / 8,8 T, LARGURA DE TRABALHO 1,68 M - CHP DIURNO. AF_02/2016","CHP",141.9,0]
["Custos Horários Produtivo e Improdutivo dos Equipamentos",5881,"ROLO COMPACTADOR VIBRATÓRIO PÉ DE CARNEIRO, OPERADO POR CONTROLE REMOTO, POTÊNCIA 12,5 KW, PESO OPERACIONAL 1,675 T, LARGURA DE TRABALHO 0,85 M - CHI DIURNO. AF_02/2016","CHI",66,0]
["Custos Horários Produtivo e Improdutivo dos Equipamentos",5879,"ROLO COMPACTADOR VIBRATÓRIO PÉ DE CARNEIRO, OPERADO POR CONTROLE REMOTO, POTÊNCIA 12,5 KW, PESO OPERACIONAL 1,675 T, LARGURA DE TRABALHO 0,85 M - CHP DIURNO. AF_02/2016","CHP",117.23,0]
["Custos Horários Produtivo e Improdutivo dos Equipamentos",5865,"ROLO COMPACTADOR VIBRATÓRIO REBOCÁVEL, CILINDRO DE AÇO LISO, POTÊNCIA DE TRAÇÃO DE 65 CV, PESO 4,7 T, IMPACTO DINÂMICO 18,3 T, LARGURA DE TRABALHO 1,67 M - CHI DIURNO. AF_02/2016","CHI",8.8699999999999992,0]
["Custos Horários Produtivo e Improdutivo dos Equipamentos",5863,"ROLO COMPACTADOR VIBRATÓRIO REBOCÁVEL, CILINDRO DE AÇO LISO, POTÊNCIA DE TRAÇÃO DE 65 CV, PESO 4,7 T, IMPACTO DINÂMICO 18,3 T, LARGURA DE TRABALHO 1,67 M - CHP DIURNO. AF_02/2016","CHP",17.63,0]
["Custos Horários Produtivo e Improdutivo dos Equipamentos",5869,"ROLO COMPACTADOR VIBRATÓRIO TANDEM AÇO LISO, POTÊNCIA 58 HP, PESO SEM/COM LASTRO 6,5 / 9,4 T, LARGURA DE TRABALHO 1,2 M - CHI DIURNO. AF_06/2014","CHI",61.93,0]
["Custos Horários Produtivo e Improdutivo dos Equipamentos",5867,"ROLO COMPACTADOR VIBRATÓRIO TANDEM AÇO LISO, POTÊNCIA 58 HP, PESO SEM/COM LASTRO 6,5 / 9,4 T, LARGURA DE TRABALHO 1,2 M - CHP DIURNO. AF_06/2014","CHP",137.1,0]
["Custos Horários Produtivo e Improdutivo dos Equipamentos",95271,"RÉGUA VIBRATÓRIA DUPLA PARA CONCRETO, PESO DE 60KG, COMPRIMENTO 4 M, COM MOTOR A GASOLINA, POTÊNCIA 5,5 HP - CHI DIURNO. AF_09/2016","CHI",0.77,1]
["Custos Horários Produtivo e Improdutivo dos Equipamentos",95270,"RÉGUA VIBRATÓRIA DUPLA PARA CONCRETO, PESO DE 60KG, COMPRIMENTO 4 M, COM MOTOR A GASOLINA, POTÊNCIA 5,5 HP - CHP DIURNO. AF_09/2016","CHP",10.59,0.1313]
["Custos Horários Produtivo e Improdutivo dos Equipamentos",91693,"SERRA CIRCULAR DE BANCADA COM MOTOR ELÉTRICO POTÊNCIA DE 5HP, COM COIFA PARA DISCO 10\" - CHI DIURNO. AF_08/2015","CHI",25.77,0]
["Custos Horários Produtivo e Improdutivo dos Equipamentos",91692,"SERRA CIRCULAR DE BANCADA COM MOTOR ELÉTRICO POTÊNCIA DE 5HP, COM COIFA PARA DISCO 10\" - CHP DIURNO. AF_08/2015","CHP",27.2,0]
["Custos Horários Produtivo e Improdutivo dos Equipamentos",102929,"SERRA FITA HORIZONTAL, ELÉTRICA, COM CONTROLE HIDRÁULICO, PAINEL DE COMANDO EM 24 V, MOTOR ELÉTRICO 1,5 CV, DIMENSÕES DA FITA 3880 X 27 X 0,9 MM, TRIFÁSICA - CHI DIURNO. AF_05/2023","CHI",0]
["Custos Horários Produtivo e Improdutivo dos Equipamentos",102928,"SERRA FITA HORIZONTAL, ELÉTRICA, COM CONTROLE HIDRÁULICO, PAINEL DE COMANDO EM 24 V, MOTOR ELÉTRICO 1,5 CV, DIMENSÕES DA FITA 3880 X 27 X 0,9 MM, TRIFÁSICA - CHP DIURNO. AF_05/2023","CHP",0]
["Custos Horários Produtivo e Improdutivo dos Equipamentos",95140,"TALHA MANUAL DE CORRENTE, CAPACIDADE DE 2 TON. COM ELEVAÇÃO DE 3 M - CHI DIURNO. AF_07/2016","CHI",0.05,0]
["Custos Horários Produtivo e Improdutivo dos Equipamentos",95139,"TALHA MANUAL DE CORRENTE, CAPACIDADE DE 2 TON. COM ELEVAÇÃO DE 3 M - CHP DIURNO. AF_07/2016","CHP",0.08,0]
["Custos Horários Produtivo e Improdutivo dos Equipamentos",89027,"TANQUE DE ASFALTO ESTACIONÁRIO COM MAÇARICO, CAPACIDADE 20.000 L - CHI DIURNO. AF_05/2023","CHI",5.14,1]
["Custos Horários Produtivo e Improdutivo dos Equipamentos",89028,"TANQUE DE ASFALTO ESTACIONÁRIO COM MAÇARICO, CAPACIDADE 20.000 L - CHP DIURNO. AF_05/2023","CHP",175.36,5.6599999999999998E-2]
["Custos Horários Produtivo e Improdutivo dos Equipamentos",7031,"TANQUE DE ASFALTO ESTACIONÁRIO COM SERPENTINA, CAPACIDADE 30.000 L - CHI DIURNO. AF_05/2023","CHI",6.33,1]
["Custos Horários Produtivo e Improdutivo dos Equipamentos",7030,"TANQUE DE ASFALTO ESTACIONÁRIO COM SERPENTINA, CAPACIDADE 30.000 L - CHP DIURNO. AF_05/2023","CHP",260.38,4.6899999999999997E-2]
["Custos Horários Produtivo e Improdutivo dos Equipamentos",102947,"TARTARUGA DE OXICORTE CG1, MONOFÁSICA, 220 V, FREQUÊNCIA 50 HZ, VELOCIDADE DE CORTE (MM/MIN) 50 A 750, DIÂMETRO MÍNIMO DO COMPASSO MM 200 - CHI DIURNO. AF_05/2023","CHI",0]
["Custos Horários Produtivo e Improdutivo dos Equipamentos",102946,"TARTARUGA DE OXICORTE CG1, MONOFÁSICA, 220 V, FREQUÊNCIA 50 HZ, VELOCIDADE DE CORTE (MM/MIN) 50 A 750, DIÂMETRO MÍNIMO DO COMPASSO MM 200 - CHP DIURNO. AF_05/2023","CHP",0]
["Custos Horários Produtivo e Improdutivo dos Equipamentos",104092,"TERMOFUSORA PARA TUBOS E CONEXÕES EM PPR COM DIÂMETROS DE 20 A 63 MM, POTÊNCIA DE 800 W, TENSAO 220 V - CHI DIURNO. AF_05/2022","CHI",0.08,0]
["Custos Horários Produtivo e Improdutivo dos Equipamentos",104091,"TERMOFUSORA PARA TUBOS E CONEXÕES EM PPR COM DIÂMETROS DE 20 A 63 MM, POTÊNCIA DE 800 W, TENSAO 220 V - CHP DIURNO. AF_05/2022","CHP",0.84,0]
["Custos Horários Produtivo e Improdutivo dos Equipamentos",104098,"TERMOFUSORA PARA TUBOS E CONEXÕES EM PPR COM DIÂMETROS DE 75 A 110 MM, POTÊNCIA DE *1100* W, TENSÃO 220 V - CHI DIURNO. AF_05/2022","CHI",0.11,0]
["Custos Horários Produtivo e Improdutivo dos Equipamentos",104097,"TERMOFUSORA PARA TUBOS E CONEXÕES EM PPR COM DIÂMETROS DE 75 A 110 MM, POTÊNCIA DE *1100* W, TENSÃO 220 V - CHP DIURNO. AF_05/2022","CHP",1.17,0]
["Custos Horários Produtivo e Improdutivo dos Equipamentos",102905,"TORRE, COMPOSTA POR GUINCHO MECÂNICO, GUINCHO MANUAL, CABOS DE AÇO, PITEIRA E SOQUETE - CHI DIURNO. AF_05/2023","CHI",0]
["Custos Horários Produtivo e Improdutivo dos Equipamentos",102904,"TORRE, COMPOSTA POR GUINCHO MECÂNICO, GUINCHO MANUAL, CABOS DE AÇO, PITEIRA E SOQUETE - CHP DIURNO. AF_05/2023","CHP",0]
["Custos Horários Produtivo e Improdutivo dos Equipamentos",89031,"TRATOR DE ESTEIRAS, POTÊNCIA 100 HP, PESO OPERACIONAL 9,4 T, COM LÂMINA 2,19 M3 - CHI DIURNO. AF_06/2014","CHI",74.02,0.65349999999999997]
["Custos Horários Produtivo e Improdutivo dos Equipamentos",89032,"TRATOR DE ESTEIRAS, POTÊNCIA 100 HP, PESO OPERACIONAL 9,4 T, COM LÂMINA 2,19 M3 - CHP DIURNO. AF_06/2014","CHP",194.5,0.55740000000000001]
["Custos Horários Produtivo e Improdutivo dos Equipamentos",88844,"TRATOR DE ESTEIRAS, POTÊNCIA 125 HP, PESO OPERACIONAL 12,9 T, COM LÂMINA 2,7 M3 - CHI DIURNO. AF_10/2014","CHI",76.28,0.66369999999999996]
["Custos Horários Produtivo e Improdutivo dos Equipamentos",88843,"TRATOR DE ESTEIRAS, POTÊNCIA 125 HP, PESO OPERACIONAL 12,9 T, COM LÂMINA 2,7 M3 - CHP DIURNO. AF_10/2014","CHP",214.73,0.52839999999999998]
["Custos Horários Produtivo e Improdutivo dos Equipamentos",5853,"TRATOR DE ESTEIRAS, POTÊNCIA 150 HP, PESO OPERACIONAL 16,7 T, COM RODA MOTRIZ ELEVADA E LÂMINA 3,18 M3 - CHI DIURNO. AF_06/2014","CHI",88.37,0.7097]
["Custos Horários Produtivo e Improdutivo dos Equipamentos",5851,"TRATOR DE ESTEIRAS, POTÊNCIA 150 HP, PESO OPERACIONAL 16,7 T, COM RODA MOTRIZ ELEVADA E LÂMINA 3,18 M3 - CHP DIURNO. AF_06/2014","CHP",256.93,0.54710000000000003]
["Custos Horários Produtivo e Improdutivo dos Equipamentos",5849,"TRATOR DE ESTEIRAS, POTÊNCIA 170 HP, PESO OPERACIONAL 19 T, CAÇAMBA 5,2 M3 - CHI DIURNO. AF_06/2014","CHI",87.98,0.70850000000000002]
["Custos Horários Produtivo e Improdutivo dos Equipamentos",5847,"TRATOR DE ESTEIRAS, POTÊNCIA 170 HP, PESO OPERACIONAL 19 T, CAÇAMBA 5,2 M3 - CHP DIURNO. AF_06/2014","CHP",268.17,0.52090000000000003]
["Custos Horários Produtivo e Improdutivo dos Equipamentos",5857,"TRATOR DE ESTEIRAS, POTÊNCIA 347 HP, PESO OPERACIONAL 38,5 T, COM LÂMINA 8,70 M3 - CHI DIURNO. AF_06/2014","CHI",231.08,0.88900000000000001]
["Custos Horários Produtivo e Improdutivo dos Equipamentos",5855,"TRATOR DE ESTEIRAS, POTÊNCIA 347 HP, PESO OPERACIONAL 38,5 T, COM LÂMINA 8,70 M3 - CHP DIURNO. AF_06/2014","CHP",695.86,0.66159999999999997]
["Custos Horários Produtivo e Improdutivo dos Equipamentos",96021,"TRATOR DE PNEUS COM POTÊNCIA DE 122 CV, TRAÇÃO 4X4, COM GRADE DE DISCOS ACOPLADA - CHI DIURNO. AF_02/2017","CHI",54.46,0.52900000000000003]
["Custos Horários Produtivo e Improdutivo dos Equipamentos",96020,"TRATOR DE PNEUS COM POTÊNCIA DE 122 CV, TRAÇÃO 4X4, COM GRADE DE DISCOS ACOPLADA - CHP DIURNO. AF_02/2017","CHP",172.87,0.31040000000000001]
["Custos Horários Produtivo e Improdutivo dos Equipamentos",96014,"TRATOR DE PNEUS COM POTÊNCIA DE 122 CV, TRAÇÃO 4X4, COM VASSOURA MECÂNICA ACOPLADA - CHI DIURNO. AF_02/2017","CHI",54.73,0.53129999999999999]
["Custos Horários Produtivo e Improdutivo dos Equipamentos",96013,"TRATOR DE PNEUS COM POTÊNCIA DE 122 CV, TRAÇÃO 4X4, COM VASSOURA MECÂNICA ACOPLADA - CHP DIURNO. AF_02/2017","CHP",173.37,0.31240000000000001]
["Custos Horários Produtivo e Improdutivo dos Equipamentos",96029,"TRATOR DE PNEUS COM POTÊNCIA DE 85 CV, TRAÇÃO 4X4, COM GRADE DE DISCOS ACOPLADA - CHI DIURNO. AF_02/2017","CHI",47.92,0.4647]
["Custos Horários Produtivo e Improdutivo dos Equipamentos",96028,"TRATOR DE PNEUS COM POTÊNCIA DE 85 CV, TRAÇÃO 4X4, COM GRADE DE DISCOS ACOPLADA - CHP DIURNO. AF_02/2017","CHP",132.32,0.3135]
["Custos Horários Produtivo e Improdutivo dos Equipamentos",96155,"TRATOR DE PNEUS COM POTÊNCIA DE 85 CV, TRAÇÃO 4X4, COM VASSOURA MECÂNICA ACOPLADA - CHI DIURNO. AF_02/2017","CHI",48.19,0.4677]
["Custos Horários Produtivo e Improdutivo dos Equipamentos",96157,"TRATOR DE PNEUS COM POTÊNCIA DE 85 CV, TRAÇÃO 4X4, COM VASSOURA MECÂNICA ACOPLADA - CHP DIURNO. AF_03/2017","CHP",132.82,0.31609999999999999]
["Custos Horários Produtivo e Improdutivo dos Equipamentos",5845,"TRATOR DE PNEUS, POTÊNCIA 122 CV, TRAÇÃO 4X4, PESO COM LASTRO DE 4.510 KG - CHI DIURNO. AF_06/2014","CHI",50.12,0.48820000000000002]
["Custos Horários Produtivo e Improdutivo dos Equipamentos",5843,"TRATOR DE PNEUS, POTÊNCIA 122 CV, TRAÇÃO 4X4, PESO COM LASTRO DE 4.510 KG - CHP DIURNO. AF_06/2014","CHP",164.76,0.27650000000000002]
["Custos Horários Produtivo e Improdutivo dos Equipamentos",89036,"TRATOR DE PNEUS, POTÊNCIA 85 CV, TRAÇÃO 4X4, PESO COM LASTRO DE 4.675 KG - CHI DIURNO. AF_06/2014","CHI",43.55,0.41099999999999998]
["Custos Horários Produtivo e Improdutivo dos Equipamentos",89035,"TRATOR DE PNEUS, POTÊNCIA 85 CV, TRAÇÃO 4X4, PESO COM LASTRO DE 4.675 KG - CHP DIURNO. AF_06/2014","CHP",124.18,0.26850000000000002]
["Custos Horários Produtivo e Improdutivo dos Equipamentos",102911,"UNIDADE DOSADORA AIRLESS TIPO HOT SPRAY - CHI DIURNO. AF_05/2023","CHI",0]
["Custos Horários Produtivo e Improdutivo dos Equipamentos",102910,"UNIDADE DOSADORA AIRLESS TIPO HOT SPRAY - CHP DIURNO. AF_05/2023","CHP",0]
["Custos Horários Produtivo e Improdutivo dos Equipamentos",93440,"USINA DE ASFALTO À FRIO, CAPACIDADE DE 40 A 60 TON/HORA, ELÉTRICA POTÊNCIA 30 CV - CHI DIURNO. AF_05/2023","CHI",139.19,8.7099999999999997E-2]
["Custos Horários Produtivo e Improdutivo dos Equipamentos",93439,"USINA DE ASFALTO À FRIO, CAPACIDADE DE 40 A 60 TON/HORA, ELÉTRICA POTÊNCIA 30 CV - CHP DIURNO. AF_05/2023","CHP",258,8.6300000000000002E-2]
["Custos Horários Produtivo e Improdutivo dos Equipamentos",100648,"USINA DE ASFALTO, TIPO GRAVIMÉTRICA, PROD 150 TON/HORA - CHI DIURNO. AF_12/2019","CHI",592.89,0.94820000000000004]
["Custos Horários Produtivo e Improdutivo dos Equipamentos",100647,"USINA DE ASFALTO, TIPO GRAVIMÉTRICA, PROD 150 TON/HORA - CHP DIURNO. AF_12/2019","CHP",6472.04,0.19009999999999999]
["Custos Horários Produtivo e Improdutivo dos Equipamentos",5829,"USINA DE CONCRETO FIXA, CAPACIDADE NOMINAL DE 90 A 120 M3/H, SEM SILO - CHI DIURNO. AF_07/2016","CHI",169.65,0.251]
["Custos Horários Produtivo e Improdutivo dos Equipamentos",5823,"USINA DE CONCRETO FIXA, CAPACIDADE NOMINAL DE 90 A 120 M3/H, SEM SILO - CHP DIURNO. AF_07/2016","CHP",229.07,0.34139999999999998]
["Custos Horários Produtivo e Improdutivo dos Equipamentos",5884,"USINA DE LAMA ASFÁLTICA, PROD 30 A 50 T/H, SILO DE AGREGADO 7 M3, RESERVATÓRIOS PARA EMULSÃO E ÁGUA DE 2,3 M3 CADA, MISTURADOR TIPO PUG MILL A SER MONTADO SOBRE CAMINHÃO - CHI DIURNO. AF_10/2014","CHI",57.54,0.58150000000000002]
["Custos Horários Produtivo e Improdutivo dos Equipamentos",5882,"USINA DE LAMA ASFÁLTICA, PROD 30 A 50 T/H, SILO DE AGREGADO 7 M3, RESERVATÓRIOS PARA EMULSÃO E ÁGUA DE 2,3 M3 CADA, MISTURADOR TIPO PUG MILL A SER MONTADO SOBRE CAMINHÃO - CHP DIURNO. AF_10/2014","CHP",128.69,0.60550000000000004]
["Custos Horários Produtivo e Improdutivo dos Equipamentos",100642,"USINA DE MISTURA ASFÁLTICA À QUENTE, TIPO CONTRA FLUXO, PROD 100 A 140 TON/HORA - CHI DIURNO. AF_12/2019","CHI",295.94,0.89610000000000001]
["Custos Horários Produtivo e Improdutivo dos Equipamentos",100641,"USINA DE MISTURA ASFÁLTICA À QUENTE, TIPO CONTRA FLUXO, PROD 100 A 140 TON/HORA - CHP DIURNO. AF_12/2019","CHP",4718.5,0.11]
["Custos Horários Produtivo e Improdutivo dos Equipamentos",93434,"USINA DE MISTURA ASFÁLTICA À QUENTE, TIPO CONTRA FLUXO, PROD 40 A 80 TON/HORA - CHI DIURNO. AF_05/2023","CHI",342.96,0.62949999999999995]
["Custos Horários Produtivo e Improdutivo dos Equipamentos",93433,"USINA DE MISTURA ASFÁLTICA À QUENTE, TIPO CONTRA FLUXO, PROD 40 A 80 TON/HORA - CHP DIURNO. AF_05/2023","CHP",2633.95,0.16039999999999999]
["Custos Horários Produtivo e Improdutivo dos Equipamentos",95122,"USINA MISTURADORA DE SOLOS, CAPACIDADE DE 200 A 500 TON/H, POTENCIA 75KW - CHI DIURNO. AF_07/2016","CHI",226.16,0.43819999999999998]
["Custos Horários Produtivo e Improdutivo dos Equipamentos",95121,"USINA MISTURADORA DE SOLOS, CAPACIDADE DE 200 A 500 TON/H, POTENCIA 75KW - CHP DIURNO. AF_07/2016","CHP",372.77,0.48809999999999998]
["Custos Horários Produtivo e Improdutivo dos Equipamentos",103662,"VARREDEIRA DE GRAMA SINTÉTICA A GASOLINA, 2,4 CV, 4 TEMPOS - CHI DIURNO. AF_05/2023","CHI",0]
["Custos Horários Produtivo e Improdutivo dos Equipamentos",103661,"VARREDEIRA DE GRAMA SINTÉTICA A GASOLINA, 2,4 CV, 4 TEMPOS - CHP DIURNO. AF_05/2023","CHP",0]
["Custos Horários Produtivo e Improdutivo dos Equipamentos",5841,"VASSOURA MECÂNICA REBOCÁVEL COM ESCOVA CILÍNDRICA, LARGURA ÚTIL DE VARRIMENTO DE 2,44 M - CHI DIURNO. AF_06/2014","CHI",4.8499999999999996,1]
["Custos Horários Produtivo e Improdutivo dos Equipamentos",5839,"VASSOURA MECÂNICA REBOCÁVEL COM ESCOVA CILÍNDRICA, LARGURA ÚTIL DE VARRIMENTO DE 2,44 M - CHP DIURNO. AF_06/2014","CHP",9.65,1]
["Custos Horários Produtivo e Improdutivo dos Equipamentos",90587,"VIBRADOR DE IMERSÃO, DIÂMETRO DE PONTEIRA 45MM, MOTOR ELÉTRICO TRIFÁSICO POTÊNCIA DE 2 CV - CHI DIURNO. AF_06/2015","CHI",0.54,1]
["Custos Horários Produtivo e Improdutivo dos Equipamentos",90586,"VIBRADOR DE IMERSÃO, DIÂMETRO DE PONTEIRA 45MM, MOTOR ELÉTRICO TRIFÁSICO POTÊNCIA DE 2 CV - CHP DIURNO. AF_06/2015","CHP",1.4,0.62860000000000005]
["Custos Horários Produtivo e Improdutivo dos Equipamentos",5837,"VIBROACABADORA DE ASFALTO SOBRE ESTEIRAS, LARGURA DE PAVIMENTAÇÃO 1,90 M A 5,30 M, POTÊNCIA 105 HP CAPACIDADE 450 T/H - CHI DIURNO. AF_11/2014","CHI",140.15,0.81020000000000003]
["Custos Horários Produtivo e Improdutivo dos Equipamentos",5835,"VIBROACABADORA DE ASFALTO SOBRE ESTEIRAS, LARGURA DE PAVIMENTAÇÃO 1,90 M A 5,30 M, POTÊNCIA 105 HP CAPACIDADE 450 T/H - CHP DIURNO. AF_11/2014","CHP",361.26,0.68789999999999996]
["Custos Horários Produtivo e Improdutivo dos Equipamentos",89257,"VIBROACABADORA DE ASFALTO SOBRE ESTEIRAS, LARGURA DE PAVIMENTAÇÃO 2,13 M A 4,55 M, POTÊNCIA 100 HP CAPACIDADE 400 T/H - CHP DIURNO. AF_11/2014","CHP",312.29000000000002,0.65210000000000001]
["Custos Horários Produtivo e Improdutivo dos Equipamentos",89258,"VIBROACABADORA DE ASFALTO SOBRE ESTEIRAS, LARGURA DE PAVIMENTAÇÃO 2,13 M A 4,55 M, POTÊNCIA 100 HP, CAPACIDADE 400 T/H - CHI DIURNO. AF_11/2014","CHI",119.65,0.77769999999999995]
["Demolições e Remoções",97621,"DEMOLIÇÃO DE ALVENARIA DE BLOCO FURADO, DE FORMA MANUAL, COM REAPROVEITAMENTO. AF_09/2023","M3",130.15,0]
["Demolições e Remoções",97622,"DEMOLIÇÃO DE ALVENARIA DE BLOCO FURADO, DE FORMA MANUAL, SEM REAPROVEITAMENTO. AF_09/2023","M3",63.43,0]
["Demolições e Remoções",97623,"DEMOLIÇÃO DE ALVENARIA DE TIJOLO MACIÇO, DE FORMA MANUAL, COM REAPROVEITAMENTO. AF_09/2023","M3",194.31,0]
["Demolições e Remoções",97624,"DEMOLIÇÃO DE ALVENARIA DE TIJOLO MACIÇO, DE FORMA MANUAL, SEM REAPROVEITAMENTO. AF_09/2023","M3",119.26,0]
["Demolições e Remoções",97625,"DEMOLIÇÃO DE ALVENARIA PARA QUALQUER TIPO DE BLOCO, DE FORMA MECANIZADA, SEM REAPROVEITAMENTO. AF_09/2023","M3",49.74,0.58360000000000001]
["Demolições e Remoções",104791,"DEMOLIÇÃO DE ARGAMASSAS, DE FORMA DE FORMA MECANIZADA COM MARTELETE, SEM REAPROVEITAMENTO. AF_09/2023","M2",6.17,2.92E-2]
["Demolições e Remoções",97631,"DEMOLIÇÃO DE ARGAMASSAS, DE FORMA MANUAL, SEM REAPROVEITAMENTO. AF_09/2023","M2",12.75,0]
["Demolições e Remoções",97630,"DEMOLIÇÃO DE ESTRUTURAS DE CONCRETO ARMADO EM GERAL, DE FORMA MECANIZADA COM ROMPEDOR ACOPLADO EM ESCAVADEIRA HIDRÁULICA, SEM REAPROVEITAMENTO. AF_09/2023","M3",0]
["Demolições e Remoções",104796,"DEMOLIÇÃO DE GUIAS, SARJETAS OU SARJETÕES, DE FORMA MECANIZADA, SEM REAPROVEITAMENTO. AF_09/2023","M",14.35,0.1721]
["Demolições e Remoções",97628,"DEMOLIÇÃO DE LAJES, EM CONCRETO ARMADO, DE FORMA MANUAL, SEM REAPROVEITAMENTO. AF_09/2023","M3",296.91000000000003,0]
["Demolições e Remoções",97629,"DEMOLIÇÃO DE LAJES, EM CONCRETO ARMADO, DE FORMA MECANIZADA COM MARTELETE, SEM REAPROVEITAMENTO. AF_09/2023","M3",83.54,4.19E-2]
["Demolições e Remoções",97626,"DEMOLIÇÃO DE PILARES E VIGAS EM CONCRETO ARMADO, DE FORMA MANUAL, SEM REAPROVEITAMENTO. AF_09/2023","M3",637.51,0]
["Demolições e Remoções",97627,"DEMOLIÇÃO DE PILARES E VIGAS EM CONCRETO ARMADO, DE FORMA MECANIZADA COM MARTELETE, SEM REAPROVEITAMENTO. AF_09/2023","M3",179.38,4.19E-2]
["Demolições e Remoções",104789,"DEMOLIÇÃO DE PISO DE CONCRETO SIMPLES, DE FORMA MANUAL, SEM REAPROVEITAMENTO. AF_09/2023","M3",223.24,0]
["Demolições e Remoções",104790,"DEMOLIÇÃO DE PISO DE CONCRETO SIMPLES, DE FORMA MECANIZADA COM MARTELETE, SEM REAPROVEITAMENTO. AF_09/2023","M3",107.06,0.30220000000000002]
["Demolições e Remoções",97633,"DEMOLIÇÃO DE REVESTIMENTO CERÂMICO, DE FORMA MANUAL, SEM REAPROVEITAMENTO. AF_09/2023","M2",25.46,0]
["Demolições e Remoções",97634,"DEMOLIÇÃO DE REVESTIMENTO CERÂMICO, DE FORMA MECANIZADA COM MARTELETE, SEM REAPROVEITAMENTO. AF_09/2023","M2",7.01,2.5700000000000001E-2]
["Demolições e Remoções",97632,"DEMOLIÇÃO DE RODAPÉ CERÂMICO, DE FORMA MANUAL, SEM REAPROVEITAMENTO. AF_09/2023","M",2.91,0]
["Demolições e Remoções",97636,"DEMOLIÇÃO PARCIAL DE PAVIMENTO ASFÁLTICO, DE FORMA MECANIZADA, SEM REAPROVEITAMENTO. AF_09/2023","M2",22.51,0]
["Demolições e Remoções",104797,"REMOÇAO DE GUIAS PRÉ-FABRICADAS DE CONCRETO, DE FORMA MECANIZADA, COM REAPROVEITAMENTO. AF_09/2023","M",17.95,0.17269999999999999]
["Demolições e Remoções",104803,"REMOÇÃO CALHAS E RUFOS, DE FORMA MANUAL, SEM REAPROVEITAMENTO. AF_09/2023","M",5.08,0]
["Demolições e Remoções",97664,"REMOÇÃO DE ACESSÓRIOS, DE FORMA MANUAL, SEM REAPROVEITAMENTO. AF_09/2023","UN",1.75,0]
["Demolições e Remoções",104801,"REMOÇÃO DE ALAMBRADOS PARA QUADRAS POLIESPORTIVAS, ESTRUTURADO POR TUBOS DE AÇO GALVANIZADO, COM TELA DE ARAME GALVANIZADO, DE FORMA MANUAL, SEM REAPROVEITAMENTO. AF_09/2023","M2",15.69,0]
["Demolições e Remoções",97661,"REMOÇÃO DE CABOS ELÉTRICOS, COM SEÇÃO DE 10 MM², FORMA MANUAL, SEM REAPROVEITAMENTO. AF_09/2023","M",0.79,0]
["Demolições e Remoções",104794,"REMOÇÃO DE CABOS ELÉTRICOS, COM SEÇÃO DE 16 MM², FORMA MANUAL, SEM REAPROVEITAMENTO. AF_09/2023","M",1.08,0]
["Demolições e Remoções",104795,"REMOÇÃO DE CABOS ELÉTRICOS, COM SEÇÃO DE 25 MM², FORMA MANUAL, SEM REAPROVEITAMENTO. AF_09/2023","M",1.5,0]
["Demolições e Remoções",104792,"REMOÇÃO DE CABOS ELÉTRICOS, COM SEÇÃO DE ATÉ 2,5 MM², DE FORMA MANUAL, SEM REAPROVEITAMENTO. AF_09/2023","M",0.43,0]
["Demolições e Remoções",104793,"REMOÇÃO DE CABOS ELÉTRICOS, COM SEÇÃO MAIOR QUE 2,5 MM² E MENOR QUE 10 MM², DE FORMA MANUAL, SEM REAPROVEITAMENTO. AF_09/2023","M",0.6,0]
["Demolições e Remoções",104800,"REMOÇÃO DE CERCAS E MOURÕES, DE FORMA MANUAL, SEM REAPROVEITAMENTO. AF_09/2023","M",10.33,0]
["Demolições e Remoções",97638,"REMOÇÃO DE CHAPAS E PERFIS DE DRYWALL, DE FORMA MANUAL, SEM REAPROVEITAMENTO. AF_09/2023","M2",8.85,0]
["Demolições e Remoções",97641,"REMOÇÃO DE FORRO DE GESSO, DE FORMA MANUAL, SEM REAPROVEITAMENTO. AF_09/2023","M2",3.28,0]
["Demolições e Remoções",97640,"REMOÇÃO DE FORROS DE DRYWALL, PVC E FIBROMINERAL, DE FORMA MANUAL, SEM REAPROVEITAMENTO. AF_09/2023","M2",2.06,0]
["Demolições e Remoções",97660,"REMOÇÃO DE INTERRUPTORES/TOMADAS ELÉTRICAS, DE FORMA MANUAL, SEM REAPROVEITAMENTO. AF_09/2023","UN",0.73,0]
["Demolições e Remoções",97645,"REMOÇÃO DE JANELAS, DE FORMA MANUAL, SEM REAPROVEITAMENTO. AF_09/2023","M2",27.47,0]
["Demolições e Remoções",97663,"REMOÇÃO DE LOUÇAS, DE FORMA MANUAL, SEM REAPROVEITAMENTO. AF_09/2023","UN",14.07,0]
["Demolições e Remoções",97665,"REMOÇÃO DE LUMINÁRIAS, DE FORMA MANUAL, SEM REAPROVEITAMENTO. AF_09/2023","UN",2,0]
["Demolições e Remoções",97666,"REMOÇÃO DE METAIS SANITÁRIOS, DE FORMA MANUAL, SEM REAPROVEITAMENTO. AF_09/2023","UN",10.26,0]
["Demolições e Remoções",97635,"REMOÇÃO DE PISO DE BLOCO INTERTRAVADO OU DE PEDRA PORTUGUESA, DE FORMA MANUAL, COM REAPROVEITAMENTO. AF_09/2023","M2",19.34,0]
["Demolições e Remoções",97643,"REMOÇÃO DE PISO DE MADEIRA (ASSOALHO E BARROTE), DE FORMA MANUAL, SEM REAPROVEITAMENTO. AF_09/2023","M2",28.16,0]
["Demolições e Remoções",104799,"REMOÇÃO DE PLACAS DE SINALIZAÇÃO VIÁRIA, DE FORMA MANUAL, SEM REAPROVEITAMENTO. AF_09/2023","M2",11.44,0]
["Demolições e Remoções",97639,"REMOÇÃO DE PLACAS E PILARETES DE CONCRETO, DE FORMA MANUAL, SEM REAPROVEITAMENTO. AF_09/2023","M2",22.97,0]
["Demolições e Remoções",97644,"REMOÇÃO DE PORTAS, DE FORMA MANUAL, SEM REAPROVEITAMENTO. AF_09/2023","M2",10.64,0]
["Demolições e Remoções",97648,"REMOÇÃO DE PROTEÇÃO TÉRMICA PARA COBERTURA EM EPS, DE FORMA MANUAL, SEM REAPROVEITAMENTO. AF_09/2023","M2",2.27,0]
["Demolições e Remoções",104798,"REMOÇÃO DE SUPORTE METÁLICO OU DE MADEIRA PARA PLACAS DE SINALIZAÇÃO VIÁRIA, DE FORMA MANUAL, SEM REAPROVEITAMENTO. AF_09/2023","UN",14.58,0]
["Demolições e Remoções",97637,"REMOÇÃO DE TAPUME/ CHAPAS METÁLICAS E DE MADEIRA, DE FORMA MANUAL, SEM REAPROVEITAMENTO. AF_09/2023","M2",3.04,0]
["Demolições e Remoções",104802,"REMOÇÃO DE TELA DE ARAME GALVANIZADO DE ALAMBRADOS PARA QUADRAS POLIESPORTIVAS, DE FORMA MANUAL, SEM REMOÇÃO DA ESTRUTURA DE SUSTENTAÇÃO, SEM REAPROVEITAMENTO. AF_09/2023","M2",10.44,0]
["Demolições e Remoções",97647,"REMOÇÃO DE TELHAS DE FIBROCIMENTO METÁLICA E CERÂMICA, DE FORMA MANUAL, SEM REAPROVEITAMENTO. AF_09/2023","M2",3.95,0]
["Demolições e Remoções",97649,"REMOÇÃO DE TELHAS DE FIBROCIMENTO, METÁLICA E CERÂMICA, DE FORMA MECANIZADA, COM USO DE GUINDASTE, SEM REAPROVEITAMENTO. AF_09/2023","M2",4.96,0.129]
["Demolições e Remoções",97652,"REMOÇÃO DE TESOURAS DE MADEIRA, COM VÃO MAIOR OU IGUAL A 8M, DE FORMA MANUAL, SEM REAPROVEITAMENTO. AF_09/2023","UN",210.94,0]
["Demolições e Remoções",97654,"REMOÇÃO DE TESOURAS DE MADEIRA, COM VÃO MAIOR OU IGUAL A 8M, DE FORMA MECANIZADA, COM REAPROVEITAMENTO. AF_09/2023","UN",186.05,0.52380000000000004]
["Demolições e Remoções",97651,"REMOÇÃO DE TESOURAS DE MADEIRA, COM VÃO MENOR QUE 8M, DE FORMA MANUAL, SEM REAPROVEITAMENTO. AF_09/2023","UN",93.05,0]
["Demolições e Remoções",97653,"REMOÇÃO DE TESOURAS DE MADEIRA, COM VÃO MENOR QUE 8M, DE FORMA MECANIZADA, COM REAPROVEITAMENTO. AF_09/2023","UN",147.46,0.66090000000000004]
["Demolições e Remoções",97657,"REMOÇÃO DE TESOURAS METÁLICAS, COM VÃO MAIOR OU IGUAL A 8M, DE FORMA MANUAL, SEM REAPROVEITAMENTO. AF_09/2023","UN",719.16,0.4345]
["Demolições e Remoções",97659,"REMOÇÃO DE TESOURAS METÁLICAS, COM VÃO MAIOR OU IGUAL A 8M, DE FORMA MECANIZADA, COM REAPROVEITAMENTO. AF_09/2023","UN",325.72000000000003,0.5212]
["Demolições e Remoções",97656,"REMOÇÃO DE TESOURAS METÁLICAS, COM VÃO MENOR QUE 8M, DE FORMA MANUAL, SEM REAPROVEITAMENTO. AF_09/2023","UN",362.83,0.4345]
["Demolições e Remoções",97658,"REMOÇÃO DE TESOURAS METÁLICAS, COM VÃO MENOR QUE 8M, DE FORMA MECANIZADA, COM REAPROVEITAMENTO. AF_09/2023","UN",232.55,0.59179999999999999]
["Demolições e Remoções",97650,"REMOÇÃO DE TRAMA DE MADEIRA PARA COBERTURA, DE FORMA MANUAL, SEM REAPROVEITAMENTO. AF_09/2023","M2",8.5399999999999991,0]
["Demolições e Remoções",97642,"REMOÇÃO DE TRAMA METÁLICA OU DE MADEIRA PARA FORRO, DE FORMA MANUAL, SEM REAPROVEITAMENTO. AF_09/2023","M2",2.96,0]
["Demolições e Remoções",97655,"REMOÇÃO DE TRAMA METÁLICA PARA COBERTURA, DE FORMA MANUAL, SEM REAPROVEITAMENTO. AF_09/2023","M2",39.67,0.50539999999999996]
["Demolições e Remoções",97662,"REMOÇÃO DE TUBULAÇÕES (TUBOS E CONEXÕES) DE ÁGUA FRIA, DE FORMA MANUAL, SEM REAPROVEITAMENTO. AF_09/2023","M",0.56000000000000005,0]
["Demolições e Remoções",97646,"REMOÇÃO DE VIDRO, EM FACHADAS DE VIDRO, DE FORMA MECANIZADA, COM USO DE PLATAFORMA ELEVATÓRIA, SEM REAPROVEITAMENTO. AF_09/2023","M2",0]
["Depreciação, Juros, Impostos e Seguros, Manutenção e Materiais na Operação dos Equipamentos",92712,"APARELHO PARA CORTE E SOLDA OXI-ACETILENO SOBRE RODAS, INCLUSIVE CILINDROS E MAÇARICOS - DEPRECIAÇÃO. AF_05/2023","H",0.19,0]
["Depreciação, Juros, Impostos e Seguros, Manutenção e Materiais na Operação dos Equipamentos",92713,"APARELHO PARA CORTE E SOLDA OXI-ACETILENO SOBRE RODAS, INCLUSIVE CILINDROS E MAÇARICOS - JUROS. AF_05/2023","H",0.04,0]
["Depreciação, Juros, Impostos e Seguros, Manutenção e Materiais na Operação dos Equipamentos",92714,"APARELHO PARA CORTE E SOLDA OXI-ACETILENO SOBRE RODAS, INCLUSIVE CILINDROS E MAÇARICOS - MANUTENÇÃO. AF_05/2023","H",0.24,0]
["Depreciação, Juros, Impostos e Seguros, Manutenção e Materiais na Operação dos Equipamentos",92715,"APARELHO PARA CORTE E SOLDA OXI-ACETILENO SOBRE RODAS, INCLUSIVE CILINDROS E MAÇARICOS - MATERIAIS NA OPERAÇÃO. AF_05/2023","H",109,1]
["Depreciação, Juros, Impostos e Seguros, Manutenção e Materiais na Operação dos Equipamentos",103663,"BATE ESTACA PARA INSTALAÇÃO DE DEFENSAS METÁLICAS (GUARD RAIL) FIXO, INCLUSIVE CAMINHÃO TOCO PBT 9.700 KG, POTÊNCIA DE 160 CV - DEPRECIAÇÃO. AF_05/2023","H",0]
["Depreciação, Juros, Impostos e Seguros, Manutenção e Materiais na Operação dos Equipamentos",104390,"BATE ESTACA PARA INSTALAÇÃO DE DEFENSAS METÁLICAS (GUARD RAIL) FIXO, INCLUSIVE CAMINHÃO TOCO PBT 9.700 KG, POTÊNCIA DE 160 CV - IMPOSTOS E SEGUROS. AF_05/2023","H",0]
["Depreciação, Juros, Impostos e Seguros, Manutenção e Materiais na Operação dos Equipamentos",103664,"BATE ESTACA PARA INSTALAÇÃO DE DEFENSAS METÁLICAS (GUARD RAIL) FIXO, INCLUSIVE CAMINHÃO TOCO PBT 9.700 KG, POTÊNCIA DE 160 CV - JUROS. AF_05/2023","H",0]
["Depreciação, Juros, Impostos e Seguros, Manutenção e Materiais na Operação dos Equipamentos",104451,"BATE ESTACA PARA INSTALAÇÃO DE DEFENSAS METÁLICAS (GUARD RAIL) FIXO, INCLUSIVE CAMINHÃO TOCO PBT 9.700 KG, POTÊNCIA DE 160 CV - MANUTENÇÃO. AF_05/2023","H",0]
["Depreciação, Juros, Impostos e Seguros, Manutenção e Materiais na Operação dos Equipamentos",103666,"BATE ESTACA PARA INSTALAÇÃO DE DEFENSAS METÁLICAS (GUARD RAIL) FIXO, INCLUSIVE CAMINHÃO TOCO PBT 9.700 KG, POTÊNCIA DE 160 CV - MATERIAIS NA OPERAÇÃO. AF_05/2023","H",131.31,0]
["Depreciação, Juros, Impostos e Seguros, Manutenção e Materiais na Operação dos Equipamentos",89212,"BATE-ESTACAS POR GRAVIDADE, POTÊNCIA DE 160 HP, PESO DO MARTELO ATÉ 3 TONELADAS - DEPRECIAÇÃO. AF_11/2014","H",29.76,1]
["Depreciação, Juros, Impostos e Seguros, Manutenção e Materiais na Operação dos Equipamentos",89213,"BATE-ESTACAS POR GRAVIDADE, POTÊNCIA DE 160 HP, PESO DO MARTELO ATÉ 3 TONELADAS - JUROS. AF_11/2014","H",9.18,1]
["Depreciação, Juros, Impostos e Seguros, Manutenção e Materiais na Operação dos Equipamentos",89214,"BATE-ESTACAS POR GRAVIDADE, POTÊNCIA DE 160 HP, PESO DO MARTELO ATÉ 3 TONELADAS - MANUTENÇÃO. AF_11/2014","H",27.94,1]
["Depreciação, Juros, Impostos e Seguros, Manutenção e Materiais na Operação dos Equipamentos",89215,"BATE-ESTACAS POR GRAVIDADE, POTÊNCIA DE 160 HP, PESO DO MARTELO ATÉ 3 TONELADAS - MATERIAIS NA OPERAÇÃO. AF_11/2014","H",89.86,0]
["Depreciação, Juros, Impostos e Seguros, Manutenção e Materiais na Operação dos Equipamentos",87441,"BETONEIRA CAPACIDADE NOMINAL 400 L, CAPACIDADE DE MISTURA 310 L, MOTOR A DIESEL POTÊNCIA 5,0 CV, SEM CARREGADOR - DEPRECIAÇÃO. AF_05/2023","H",0.45,0]
["Depreciação, Juros, Impostos e Seguros, Manutenção e Materiais na Operação dos Equipamentos",87442,"BETONEIRA CAPACIDADE NOMINAL 400 L, CAPACIDADE DE MISTURA 310 L, MOTOR A DIESEL POTÊNCIA 5,0 CV, SEM CARREGADOR - JUROS. AF_05/2023","H",0.1,0]
["Depreciação, Juros, Impostos e Seguros, Manutenção e Materiais na Operação dos Equipamentos",87443,"BETONEIRA CAPACIDADE NOMINAL 400 L, CAPACIDADE DE MISTURA 310 L, MOTOR A DIESEL POTÊNCIA 5,0 CV, SEM CARREGADOR - MANUTENÇÃO. AF_05/2023","H",0.56000000000000005,0]
["Depreciação, Juros, Impostos e Seguros, Manutenção e Materiais na Operação dos Equipamentos",87444,"BETONEIRA CAPACIDADE NOMINAL 400 L, CAPACIDADE DE MISTURA 310 L, MOTOR A DIESEL POTÊNCIA 5,0 CV, SEM CARREGADOR - MATERIAIS NA OPERAÇÃO. AF_05/2023","H",4.05,0]
["Depreciação, Juros, Impostos e Seguros, Manutenção e Materiais na Operação dos Equipamentos",93229,"BETONEIRA CAPACIDADE NOMINAL 400 L, CAPACIDADE DE MISTURA 310 L, MOTOR A GASOLINA POTÊNCIA 5,5 CV, SEM CARREGADOR - DEPRECIAÇÃO. AF_02/2016","H",0.41,0]
["Depreciação, Juros, Impostos e Seguros, Manutenção e Materiais na Operação dos Equipamentos",93230,"BETONEIRA CAPACIDADE NOMINAL 400 L, CAPACIDADE DE MISTURA 310 L, MOTOR A GASOLINA POTÊNCIA 5,5 CV, SEM CARREGADOR - JUROS. AF_02/2016","H",0.09,0]
["Depreciação, Juros, Impostos e Seguros, Manutenção e Materiais na Operação dos Equipamentos",93231,"BETONEIRA CAPACIDADE NOMINAL 400 L, CAPACIDADE DE MISTURA 310 L, MOTOR A GASOLINA POTÊNCIA 5,5 CV, SEM CARREGADOR - MANUTENÇÃO. AF_02/2016","H",0.52,0]
["Depreciação, Juros, Impostos e Seguros, Manutenção e Materiais na Operação dos Equipamentos",93232,"BETONEIRA CAPACIDADE NOMINAL 400 L, CAPACIDADE DE MISTURA 310 L, MOTOR A GASOLINA POTÊNCIA 5,5 CV, SEM CARREGADOR - MATERIAIS NA OPERAÇÃO. AF_02/2016","H",4.92,0]
["Depreciação, Juros, Impostos e Seguros, Manutenção e Materiais na Operação dos Equipamentos",102948,"BETONEIRA CAPACIDADE NOMINAL DE 250 L, CAPACIDADE DE MISTURA DE 175 L, MOTOR ELÉTRICO MONOFÁSICO POTÊNCIA 1CV - DEPRECIAÇÃO. AF_05/2023","H",0]
["Depreciação, Juros, Impostos e Seguros, Manutenção e Materiais na Operação dos Equipamentos",102949,"BETONEIRA CAPACIDADE NOMINAL DE 250 L, CAPACIDADE DE MISTURA DE 175 L, MOTOR ELÉTRICO MONOFÁSICO POTÊNCIA 1CV - JUROS. AF_05/2023","H",0]
["Depreciação, Juros, Impostos e Seguros, Manutenção e Materiais na Operação dos Equipamentos",102950,"BETONEIRA CAPACIDADE NOMINAL DE 250 L, CAPACIDADE DE MISTURA DE 175 L, MOTOR ELÉTRICO MONOFÁSICO POTÊNCIA 1CV - MANUTENÇÃO. AF_05/2023","H",0]
["Depreciação, Juros, Impostos e Seguros, Manutenção e Materiais na Operação dos Equipamentos",102951,"BETONEIRA CAPACIDADE NOMINAL DE 250 L, CAPACIDADE DE MISTURA DE 175 L, MOTOR ELÉTRICO MONOFÁSICO POTÊNCIA 1CV - MATERIAIS NA OPERAÇÃO. AF_05/2023","H",0.63,0]
["Depreciação, Juros, Impostos e Seguros, Manutenção e Materiais na Operação dos Equipamentos",88826,"BETONEIRA CAPACIDADE NOMINAL DE 400 L, CAPACIDADE DE MISTURA 280 L, MOTOR ELÉTRICO TRIFÁSICO POTÊNCIA DE 2 CV, SEM CARREGADOR - DEPRECIAÇÃO. AF_05/2023","H",0.33,0]
["Depreciação, Juros, Impostos e Seguros, Manutenção e Materiais na Operação dos Equipamentos",88827,"BETONEIRA CAPACIDADE NOMINAL DE 400 L, CAPACIDADE DE MISTURA 280 L, MOTOR ELÉTRICO TRIFÁSICO POTÊNCIA DE 2 CV, SEM CARREGADOR - JUROS. AF_05/2023","H",7.0000000000000007E-2,0]
["Depreciação, Juros, Impostos e Seguros, Manutenção e Materiais na Operação dos Equipamentos",88828,"BETONEIRA CAPACIDADE NOMINAL DE 400 L, CAPACIDADE DE MISTURA 280 L, MOTOR ELÉTRICO TRIFÁSICO POTÊNCIA DE 2 CV, SEM CARREGADOR - MANUTENÇÃO. AF_05/2023","H",0.36,0]
["Depreciação, Juros, Impostos e Seguros, Manutenção e Materiais na Operação dos Equipamentos",88829,"BETONEIRA CAPACIDADE NOMINAL DE 400 L, CAPACIDADE DE MISTURA 280 L, MOTOR ELÉTRICO TRIFÁSICO POTÊNCIA DE 2 CV, SEM CARREGADOR - MATERIAIS NA OPERAÇÃO. AF_05/2023","H",1.25,0]
["Depreciação, Juros, Impostos e Seguros, Manutenção e Materiais na Operação dos Equipamentos",89221,"BETONEIRA CAPACIDADE NOMINAL DE 600 L, CAPACIDADE DE MISTURA 360 L, MOTOR ELÉTRICO TRIFÁSICO POTÊNCIA DE 4 CV, SEM CARREGADOR - DEPRECIAÇÃO. AF_05/2023","H",1.35,0]
["Depreciação, Juros, Impostos e Seguros, Manutenção e Materiais na Operação dos Equipamentos",89222,"BETONEIRA CAPACIDADE NOMINAL DE 600 L, CAPACIDADE DE MISTURA 360 L, MOTOR ELÉTRICO TRIFÁSICO POTÊNCIA DE 4 CV, SEM CARREGADOR - JUROS. AF_05/2023","H",0.31,0]
["Depreciação, Juros, Impostos e Seguros, Manutenção e Materiais na Operação dos Equipamentos",89223,"BETONEIRA CAPACIDADE NOMINAL DE 600 L, CAPACIDADE DE MISTURA 360 L, MOTOR ELÉTRICO TRIFÁSICO POTÊNCIA DE 4 CV, SEM CARREGADOR - MANUTENÇÃO. AF_05/2023","H",1.48,0]
["Depreciação, Juros, Impostos e Seguros, Manutenção e Materiais na Operação dos Equipamentos",89224,"BETONEIRA CAPACIDADE NOMINAL DE 600 L, CAPACIDADE DE MISTURA 360 L, MOTOR ELÉTRICO TRIFÁSICO POTÊNCIA DE 4 CV, SEM CARREGADOR - MATERIAIS NA OPERAÇÃO. AF_05/2023","H",2.5,0]
["Depreciação, Juros, Impostos e Seguros, Manutenção e Materiais na Operação dos Equipamentos",89274,"BETONEIRA CAPACIDADE NOMINAL DE 600 L, CAPACIDADE DE MISTURA 440 L, MOTOR A DIESEL POTÊNCIA 10 CV, COM CARREGADOR - DEPRECIAÇÃO. AF_05/2023","H",1.64,0]
["Depreciação, Juros, Impostos e Seguros, Manutenção e Materiais na Operação dos Equipamentos",89275,"BETONEIRA CAPACIDADE NOMINAL DE 600 L, CAPACIDADE DE MISTURA 440 L, MOTOR A DIESEL POTÊNCIA 10 CV, COM CARREGADOR - JUROS. AF_05/2023","H",0.38,0]
["Depreciação, Juros, Impostos e Seguros, Manutenção e Materiais na Operação dos Equipamentos",89276,"BETONEIRA CAPACIDADE NOMINAL DE 600 L, CAPACIDADE DE MISTURA 440 L, MOTOR A DIESEL POTÊNCIA 10 CV, COM CARREGADOR - MANUTENÇÃO. AF_05/2023","H",2.0499999999999998,0]
["Depreciação, Juros, Impostos e Seguros, Manutenção e Materiais na Operação dos Equipamentos",89277,"BETONEIRA CAPACIDADE NOMINAL DE 600 L, CAPACIDADE DE MISTURA 440 L, MOTOR A DIESEL POTÊNCIA 10 CV, COM CARREGADOR - MATERIAIS NA OPERAÇÃO. AF_05/2023","H",8.1,0]
["Depreciação, Juros, Impostos e Seguros, Manutenção e Materiais na Operação dos Equipamentos",90646,"BOMBA CENTRÍFUGA MONOESTÁGIO COM MOTOR ELÉTRICO MONOFÁSICO, POTÊNCIA 15 HP, DIÂMETRO DO ROTOR 173 MM, HM/Q = 30 MCA / 90 M3/H A 45 MCA / 55 M3/H - DEPRECIAÇÃO. AF_06/2015","H",0.57999999999999996,0]
["Depreciação, Juros, Impostos e Seguros, Manutenção e Materiais na Operação dos Equipamentos",90647,"BOMBA CENTRÍFUGA MONOESTÁGIO COM MOTOR ELÉTRICO MONOFÁSICO, POTÊNCIA 15 HP, DIÂMETRO DO ROTOR 173 MM, HM/Q = 30 MCA / 90 M3/H A 45 MCA / 55 M3/H - JUROS. AF_06/2015","H",0.13,0]
["Depreciação, Juros, Impostos e Seguros, Manutenção e Materiais na Operação dos Equipamentos",90648,"BOMBA CENTRÍFUGA MONOESTÁGIO COM MOTOR ELÉTRICO MONOFÁSICO, POTÊNCIA 15 HP, DIÂMETRO DO ROTOR 173 MM, HM/Q = 30 MCA / 90 M3/H A 45 MCA / 55 M3/H - MANUTENÇÃO. AF_06/2015","H",0.63,0]
["Depreciação, Juros, Impostos e Seguros, Manutenção e Materiais na Operação dos Equipamentos",90649,"BOMBA CENTRÍFUGA MONOESTÁGIO COM MOTOR ELÉTRICO MONOFÁSICO, POTÊNCIA 15 HP, DIÂMETRO DO ROTOR 173 MM, HM/Q = 30 MCA / 90 M3/H A 45 MCA / 55 M3/H - MATERIAIS NA OPERAÇÃO. AF_06/2015","H",9.6999999999999993,0]
["Depreciação, Juros, Impostos e Seguros, Manutenção e Materiais na Operação dos Equipamentos",90652,"BOMBA DE PROJEÇÃO DE CONCRETO SECO, POTÊNCIA 10 CV, VAZÃO 3 M3/H - DEPRECIAÇÃO. AF_06/2015","H",4.05,0]
["Depreciação, Juros, Impostos e Seguros, Manutenção e Materiais na Operação dos Equipamentos",90653,"BOMBA DE PROJEÇÃO DE CONCRETO SECO, POTÊNCIA 10 CV, VAZÃO 3 M3/H - JUROS. AF_06/2015","H",0.93,0]
["Depreciação, Juros, Impostos e Seguros, Manutenção e Materiais na Operação dos Equipamentos",90654,"BOMBA DE PROJEÇÃO DE CONCRETO SECO, POTÊNCIA 10 CV, VAZÃO 3 M3/H - MANUTENÇÃO. AF_06/2015","H",4.43,0]
["Depreciação, Juros, Impostos e Seguros, Manutenção e Materiais na Operação dos Equipamentos",90655,"BOMBA DE PROJEÇÃO DE CONCRETO SECO, POTÊNCIA 10 CV, VAZÃO 3 M3/H - MATERIAIS NA OPERAÇÃO. AF_06/2015","H",6.38,0]
["Depreciação, Juros, Impostos e Seguros, Manutenção e Materiais na Operação dos Equipamentos",90658,"BOMBA DE PROJEÇÃO DE CONCRETO SECO, POTÊNCIA 10 CV, VAZÃO 6 M3/H - DEPRECIAÇÃO. AF_06/2015","H",4.34,0]
["Depreciação, Juros, Impostos e Seguros, Manutenção e Materiais na Operação dos Equipamentos",90659,"BOMBA DE PROJEÇÃO DE CONCRETO SECO, POTÊNCIA 10 CV, VAZÃO 6 M3/H - JUROS. AF_06/2015","H",1,0]
["Depreciação, Juros, Impostos e Seguros, Manutenção e Materiais na Operação dos Equipamentos",90660,"BOMBA DE PROJEÇÃO DE CONCRETO SECO, POTÊNCIA 10 CV, VAZÃO 6 M3/H - MANUTENÇÃO. AF_06/2015","H",4.75,0]
["Depreciação, Juros, Impostos e Seguros, Manutenção e Materiais na Operação dos Equipamentos",90661,"BOMBA DE PROJEÇÃO DE CONCRETO SECO, POTÊNCIA 10 CV, VAZÃO 6 M3/H - MATERIAIS NA OPERAÇÃO. AF_06/2015","H",6.38,0]
["Depreciação, Juros, Impostos e Seguros, Manutenção e Materiais na Operação dos Equipamentos",89019,"BOMBA SUBMERSÍVEL ELÉTRICA TRIFÁSICA, POTÊNCIA 2,96 HP, Ø ROTOR 144 MM SEMI-ABERTO, BOCAL DE SAÍDA Ø 2\", HM/Q = 2 MCA / 38,8 M3/H A 28 MCA / 5 M3/H - DEPRECIAÇÃO. AF_06/2014","H",0.26,0]
["Depreciação, Juros, Impostos e Seguros, Manutenção e Materiais na Operação dos Equipamentos",89020,"BOMBA SUBMERSÍVEL ELÉTRICA TRIFÁSICA, POTÊNCIA 2,96 HP, Ø ROTOR 144 MM SEMI-ABERTO, BOCAL DE SAÍDA Ø 2\", HM/Q = 2 MCA / 38,8 M3/H A 28 MCA / 5 M3/H - JUROS. AF_06/2014","H",0.06,0]
["Depreciação, Juros, Impostos e Seguros, Manutenção e Materiais na Operação dos Equipamentos",5800,"BOMBA SUBMERSÍVEL ELÉTRICA TRIFÁSICA, POTÊNCIA 2,96 HP, Ø ROTOR 144 MM SEMI-ABERTO, BOCAL DE SAÍDA Ø 2\", HM/Q = 2 MCA / 38,8 M3/H A 28 MCA / 5 M3/H - MANUTENÇÃO. AF_06/2014","H",0.28999999999999998,0]
["Depreciação, Juros, Impostos e Seguros, Manutenção e Materiais na Operação dos Equipamentos",53866,"BOMBA SUBMERSÍVEL ELÉTRICA TRIFÁSICA, POTÊNCIA 2,96 HP, Ø ROTOR 144 MM SEMI-ABERTO, BOCAL DE SAÍDA Ø 2\", HM/Q = 2 MCA / 38,8 M3/H A 28 MCA / 5 M3/H - MATERIAIS NA OPERAÇÃO. AF_06/2014","H",1.91,0]
["Depreciação, Juros, Impostos e Seguros, Manutenção e Materiais na Operação dos Equipamentos",90639,"BOMBA TRIPLEX, PARA INJEÇÃO DE NATA DE CIMENTO, VAZÃO MÁXIMA DE 100 LITROS/MINUTO, PRESSÃO MÁXIMA DE 70 BAR - DEPRECIAÇÃO. AF_06/2015","H",6.23,0]
["Depreciação, Juros, Impostos e Seguros, Manutenção e Materiais na Operação dos Equipamentos",90640,"BOMBA TRIPLEX, PARA INJEÇÃO DE NATA DE CIMENTO, VAZÃO MÁXIMA DE 100 LITROS/MINUTO, PRESSÃO MÁXIMA DE 70 BAR - JUROS. AF_06/2015","H",1.44,0]
["Depreciação, Juros, Impostos e Seguros, Manutenção e Materiais na Operação dos Equipamentos",90641,"BOMBA TRIPLEX, PARA INJEÇÃO DE NATA DE CIMENTO, VAZÃO MÁXIMA DE 100 LITROS/MINUTO, PRESSÃO MÁXIMA DE 70 BAR - MANUTENÇÃO. AF_06/2015","H",6.81,0]
["Depreciação, Juros, Impostos e Seguros, Manutenção e Materiais na Operação dos Equipamentos",90642,"BOMBA TRIPLEX, PARA INJEÇÃO DE NATA DE CIMENTO, VAZÃO MÁXIMA DE 100 LITROS/MINUTO, PRESSÃO MÁXIMA DE 70 BAR - MATERIAIS NA OPERAÇÃO. AF_06/2015","H",12.15,0]
["Depreciação, Juros, Impostos e Seguros, Manutenção e Materiais na Operação dos Equipamentos",102806,"CALDEIRA A GÁS COM TERMOSTATO, CAPACIDADE 100 LITROS - DEPRECIAÇÃO. AF_05/2023","H",0]
["Depreciação, Juros, Impostos e Seguros, Manutenção e Materiais na Operação dos Equipamentos",102807,"CALDEIRA A GÁS COM TERMOSTATO, CAPACIDADE 100 LITROS - JUROS. AF_05/2023","H",0]
["Depreciação, Juros, Impostos e Seguros, Manutenção e Materiais na Operação dos Equipamentos",102808,"CALDEIRA A GÁS COM TERMOSTATO, CAPACIDADE 100 LITROS - MANUTENÇÃO. AF_05/2023","H",0]
["Depreciação, Juros, Impostos e Seguros, Manutenção e Materiais na Operação dos Equipamentos",102809,"CALDEIRA A GÁS COM TERMOSTATO, CAPACIDADE 100 LITROS - MATERIAIS NA OPERAÇÃO. AF_05/2023","H",15.83,0]
["Depreciação, Juros, Impostos e Seguros, Manutenção e Materiais na Operação dos Equipamentos",92140,"CAMINHONETE CABINE SIMPLES COM MOTOR 1.6 FLEX, CÂMBIO MANUAL, POTÊNCIA 101/104 CV, 2 PORTAS - DEPRECIAÇÃO. AF_11/2015","H",4.8899999999999997,0]
["Depreciação, Juros, Impostos e Seguros, Manutenção e Materiais na Operação dos Equipamentos",92142,"CAMINHONETE CABINE SIMPLES COM MOTOR 1.6 FLEX, CÂMBIO MANUAL, POTÊNCIA 101/104 CV, 2 PORTAS - IMPOSTOS E SEGUROS. AF_11/2015","H",0.61,0]
["Depreciação, Juros, Impostos e Seguros, Manutenção e Materiais na Operação dos Equipamentos",92141,"CAMINHONETE CABINE SIMPLES COM MOTOR 1.6 FLEX, CÂMBIO MANUAL, POTÊNCIA 101/104 CV, 2 PORTAS - JUROS. AF_11/2015","H",1.5,0]
["Depreciação, Juros, Impostos e Seguros, Manutenção e Materiais na Operação dos Equipamentos",92143,"CAMINHONETE CABINE SIMPLES COM MOTOR 1.6 FLEX, CÂMBIO MANUAL, POTÊNCIA 101/104 CV, 2 PORTAS - MANUTENÇÃO. AF_11/2015","H",6.11,0]
["Depreciação, Juros, Impostos e Seguros, Manutenção e Materiais na Operação dos Equipamentos",92144,"CAMINHONETE CABINE SIMPLES COM MOTOR 1.6 FLEX, CÂMBIO MANUAL, POTÊNCIA 101/104 CV, 2 PORTAS - MATERIAIS NA OPERAÇÃO. AF_11/2015","H",42.74,0]
["Depreciação, Juros, Impostos e Seguros, Manutenção e Materiais na Operação dos Equipamentos",92133,"CAMINHONETE COM MOTOR A DIESEL, POTÊNCIA 180 CV, CABINE DUPLA, 4X4 - DEPRECIAÇÃO. AF_11/2015","H",13.35,0]
["Depreciação, Juros, Impostos e Seguros, Manutenção e Materiais na Operação dos Equipamentos",92135,"CAMINHONETE COM MOTOR A DIESEL, POTÊNCIA 180 CV, CABINE DUPLA, 4X4 - IMPOSTOS E SEGUROS. AF_11/2015","H",1.66,0]
["Depreciação, Juros, Impostos e Seguros, Manutenção e Materiais na Operação dos Equipamentos",92134,"CAMINHONETE COM MOTOR A DIESEL, POTÊNCIA 180 CV, CABINE DUPLA, 4X4 - JUROS. AF_11/2015","H",4.1100000000000003,0]
["Depreciação, Juros, Impostos e Seguros, Manutenção e Materiais na Operação dos Equipamentos",92136,"CAMINHONETE COM MOTOR A DIESEL, POTÊNCIA 180 CV, CABINE DUPLA, 4X4 - MANUTENÇÃO. AF_11/2015","H",16.690000000000001,0]
["Depreciação, Juros, Impostos e Seguros, Manutenção e Materiais na Operação dos Equipamentos",92137,"CAMINHONETE COM MOTOR A DIESEL, POTÊNCIA 180 CV, CABINE DUPLA, 4X4 - MATERIAIS NA OPERAÇÃO. AF_11/2015","H",34.1,0]
["Depreciação, Juros, Impostos e Seguros, Manutenção e Materiais na Operação dos Equipamentos",91380,"CAMINHÃO BASCULANTE 10 M3, TRUCADO CABINE SIMPLES, PESO BRUTO TOTAL 23.000 KG, CARGA ÚTIL MÁXIMA 15.935 KG, DISTÂNCIA ENTRE EIXOS 4,80 M, POTÊNCIA 230 CV INCLUSIVE CAÇAMBA METÁLICA - DEPRECIAÇÃO. AF_06/2014","H",30.11,0.16339999999999999]
["Depreciação, Juros, Impostos e Seguros, Manutenção e Materiais na Operação dos Equipamentos",91382,"CAMINHÃO BASCULANTE 10 M3, TRUCADO CABINE SIMPLES, PESO BRUTO TOTAL 23.000 KG, CARGA ÚTIL MÁXIMA 15.935 KG, DISTÂNCIA ENTRE EIXOS 4,80 M, POTÊNCIA 230 CV INCLUSIVE CAÇAMBA METÁLICA - IMPOSTOS E SEGUROS. AF_06/2014","H",4.67,0.1028]
["Depreciação, Juros, Impostos e Seguros, Manutenção e Materiais na Operação dos Equipamentos",91381,"CAMINHÃO BASCULANTE 10 M3, TRUCADO CABINE SIMPLES, PESO BRUTO TOTAL 23.000 KG, CARGA ÚTIL MÁXIMA 15.935 KG, DISTÂNCIA ENTRE EIXOS 4,80 M, POTÊNCIA 230 CV INCLUSIVE CAÇAMBA METÁLICA - JUROS. AF_06/2014","H",11.57,0.10290000000000001]
["Depreciação, Juros, Impostos e Seguros, Manutenção e Materiais na Operação dos Equipamentos",91383,"CAMINHÃO BASCULANTE 10 M3, TRUCADO CABINE SIMPLES, PESO BRUTO TOTAL 23.000 KG, CARGA ÚTIL MÁXIMA 15.935 KG, DISTÂNCIA ENTRE EIXOS 4,80 M, POTÊNCIA 230 CV INCLUSIVE CAÇAMBA METÁLICA - MANUTENÇÃO. AF_06/2014","H",54.23,0.1278]
["Depreciação, Juros, Impostos e Seguros, Manutenção e Materiais na Operação dos Equipamentos",91384,"CAMINHÃO BASCULANTE 10 M3, TRUCADO CABINE SIMPLES, PESO BRUTO TOTAL 23.000 KG, CARGA ÚTIL MÁXIMA 15.935 KG, DISTÂNCIA ENTRE EIXOS 4,80 M, POTÊNCIA 230 CV INCLUSIVE CAÇAMBA METÁLICA - MATERIAIS NA OPERAÇÃO. AF_06/2014","H",137.22,0]
["Depreciação, Juros, Impostos e Seguros, Manutenção e Materiais na Operação dos Equipamentos",96030,"CAMINHÃO BASCULANTE 10 M3, TRUCADO, POTÊNCIA 230 CV, INCLUSIVE CAÇAMBA METÁLICA, COM DISTRIBUIDOR DE AGREGADOS ACOPLADO - DEPRECIAÇÃO. AF_02/2017","H",36.840000000000003,0.31619999999999998]
["Depreciação, Juros, Impostos e Seguros, Manutenção e Materiais na Operação dos Equipamentos",96032,"CAMINHÃO BASCULANTE 10 M3, TRUCADO, POTÊNCIA 230 CV, INCLUSIVE CAÇAMBA METÁLICA, COM DISTRIBUIDOR DE AGREGADOS ACOPLADO - IMPOSTOS E SEGUROS. AF_02/2017","H",5.2,0.19420000000000001]
["Depreciação, Juros, Impostos e Seguros, Manutenção e Materiais na Operação dos Equipamentos",96031,"CAMINHÃO BASCULANTE 10 M3, TRUCADO, POTÊNCIA 230 CV, INCLUSIVE CAÇAMBA METÁLICA, COM DISTRIBUIDOR DE AGREGADOS ACOPLADO - JUROS. AF_02/2017","H",12.95,0.19850000000000001]
["Depreciação, Juros, Impostos e Seguros, Manutenção e Materiais na Operação dos Equipamentos",96033,"CAMINHÃO BASCULANTE 10 M3, TRUCADO, POTÊNCIA 230 CV, INCLUSIVE CAÇAMBA METÁLICA, COM DISTRIBUIDOR DE AGREGADOS ACOPLADO - MANUTENÇÃO. AF_02/2017","H",59.84,0.20960000000000001]
["Depreciação, Juros, Impostos e Seguros, Manutenção e Materiais na Operação dos Equipamentos",96034,"CAMINHÃO BASCULANTE 10 M3, TRUCADO, POTÊNCIA 230 CV, INCLUSIVE CAÇAMBA METÁLICA, COM DISTRIBUIDOR DE AGREGADOS ACOPLADO - MATERIAIS NA OPERAÇÃO. AF_02/2017","H",137.22,0]
["Depreciação, Juros, Impostos e Seguros, Manutenção e Materiais na Operação dos Equipamentos",89870,"CAMINHÃO BASCULANTE 14 M3, COM CAVALO MECÂNICO DE CAPACIDADE MÁXIMA DE TRAÇÃO COMBINADO DE 36000 KG, POTÊNCIA 286 CV, INCLUSIVE SEMIREBOQUE COM CAÇAMBA METÁLICA - DEPRECIAÇÃO. AF_12/2014","H",39.71,1]
["Depreciação, Juros, Impostos e Seguros, Manutenção e Materiais na Operação dos Equipamentos",89872,"CAMINHÃO BASCULANTE 14 M3, COM CAVALO MECÂNICO DE CAPACIDADE MÁXIMA DE TRAÇÃO COMBINADO DE 36000 KG, POTÊNCIA 286 CV, INCLUSIVE SEMIREBOQUE COM CAÇAMBA METÁLICA - IMPOSTOS E SEGUROS. AF_12/2014","H",5.62,1]
["Depreciação, Juros, Impostos e Seguros, Manutenção e Materiais na Operação dos Equipamentos",89871,"CAMINHÃO BASCULANTE 14 M3, COM CAVALO MECÂNICO DE CAPACIDADE MÁXIMA DE TRAÇÃO COMBINADO DE 36000 KG, POTÊNCIA 286 CV, INCLUSIVE SEMIREBOQUE COM CAÇAMBA METÁLICA - JUROS. AF_12/2014","H",13.93,1]
["Depreciação, Juros, Impostos e Seguros, Manutenção e Materiais na Operação dos Equipamentos",89873,"CAMINHÃO BASCULANTE 14 M3, COM CAVALO MECÂNICO DE CAPACIDADE MÁXIMA DE TRAÇÃO COMBINADO DE 36000 KG, POTÊNCIA 286 CV, INCLUSIVE SEMIREBOQUE COM CAÇAMBA METÁLICA - MANUTENÇÃO. AF_12/2014","H",67.819999999999993,1]
["Depreciação, Juros, Impostos e Seguros, Manutenção e Materiais na Operação dos Equipamentos",89874,"CAMINHÃO BASCULANTE 14 M3, COM CAVALO MECÂNICO DE CAPACIDADE MÁXIMA DE TRAÇÃO COMBINADO DE 36000 KG, POTÊNCIA 286 CV, INCLUSIVE SEMIREBOQUE COM CAÇAMBA METÁLICA - MATERIAIS NA OPERAÇÃO. AF_12/2014","H",170.63,0]
["Depreciação, Juros, Impostos e Seguros, Manutenção e Materiais na Operação dos Equipamentos",89878,"CAMINHÃO BASCULANTE 18 M3, COM CAVALO MECÂNICO DE CAPACIDADE MÁXIMA DE TRAÇÃO COMBINADO DE 45000 KG, POTÊNCIA 330 CV, INCLUSIVE SEMIREBOQUE COM CAÇAMBA METÁLICA - DEPRECIAÇÃO. AF_12/2014","H",42.54,1]
["Depreciação, Juros, Impostos e Seguros, Manutenção e Materiais na Operação dos Equipamentos",89880,"CAMINHÃO BASCULANTE 18 M3, COM CAVALO MECÂNICO DE CAPACIDADE MÁXIMA DE TRAÇÃO COMBINADO DE 45000 KG, POTÊNCIA 330 CV, INCLUSIVE SEMIREBOQUE COM CAÇAMBA METÁLICA - IMPOSTOS E SEGUROS. AF_12/2014","H",5.92,1]
["Depreciação, Juros, Impostos e Seguros, Manutenção e Materiais na Operação dos Equipamentos",89879,"CAMINHÃO BASCULANTE 18 M3, COM CAVALO MECÂNICO DE CAPACIDADE MÁXIMA DE TRAÇÃO COMBINADO DE 45000 KG, POTÊNCIA 330 CV, INCLUSIVE SEMIREBOQUE COM CAÇAMBA METÁLICA - JUROS. AF_12/2014","H",14.66,1]
["Depreciação, Juros, Impostos e Seguros, Manutenção e Materiais na Operação dos Equipamentos",89881,"CAMINHÃO BASCULANTE 18 M3, COM CAVALO MECÂNICO DE CAPACIDADE MÁXIMA DE TRAÇÃO COMBINADO DE 45000 KG, POTÊNCIA 330 CV, INCLUSIVE SEMIREBOQUE COM CAÇAMBA METÁLICA - MANUTENÇÃO. AF_12/2014","H",71.95,1]
["Depreciação, Juros, Impostos e Seguros, Manutenção e Materiais na Operação dos Equipamentos",89882,"CAMINHÃO BASCULANTE 18 M3, COM CAVALO MECÂNICO DE CAPACIDADE MÁXIMA DE TRAÇÃO COMBINADO DE 45000 KG, POTÊNCIA 330 CV, INCLUSIVE SEMIREBOQUE COM CAÇAMBA METÁLICA - MATERIAIS NA OPERAÇÃO. AF_12/2014","H",196.86,0]
["Depreciação, Juros, Impostos e Seguros, Manutenção e Materiais na Operação dos Equipamentos",7058,"CAMINHÃO BASCULANTE 6 M3 TOCO, PESO BRUTO TOTAL 16.000 KG, CARGA ÚTIL MÁXIMA 11.130 KG, DISTÂNCIA ENTRE EIXOS 5,36 M, POTÊNCIA 185 CV, INCLUSIVE CAÇAMBA METÁLICA - DEPRECIAÇÃO. AF_06/2014","H",23.68,0.15579999999999999]
["Depreciação, Juros, Impostos e Seguros, Manutenção e Materiais na Operação dos Equipamentos",91402,"CAMINHÃO BASCULANTE 6 M3 TOCO, PESO BRUTO TOTAL 16.000 KG, CARGA ÚTIL MÁXIMA 11.130 KG, DISTÂNCIA ENTRE EIXOS 5,36 M, POTÊNCIA 185 CV, INCLUSIVE CAÇAMBA METÁLICA - IMPOSTOS E SEGUROS. AF_06/2014","H",3.69,9.7600000000000006E-2]
["Depreciação, Juros, Impostos e Seguros, Manutenção e Materiais na Operação dos Equipamentos",7059,"CAMINHÃO BASCULANTE 6 M3 TOCO, PESO BRUTO TOTAL 16.000 KG, CARGA ÚTIL MÁXIMA 11.130 KG, DISTÂNCIA ENTRE EIXOS 5,36 M, POTÊNCIA 185 CV, INCLUSIVE CAÇAMBA METÁLICA - JUROS. AF_06/2014","H",9.1300000000000008,9.7500000000000003E-2]
["Depreciação, Juros, Impostos e Seguros, Manutenção e Materiais na Operação dos Equipamentos",7060,"CAMINHÃO BASCULANTE 6 M3 TOCO, PESO BRUTO TOTAL 16.000 KG, CARGA ÚTIL MÁXIMA 11.130 KG, DISTÂNCIA ENTRE EIXOS 5,36 M, POTÊNCIA 185 CV, INCLUSIVE CAÇAMBA METÁLICA - MANUTENÇÃO. AF_06/2014","H",42.73,0.1217]
["Depreciação, Juros, Impostos e Seguros, Manutenção e Materiais na Operação dos Equipamentos",7061,"CAMINHÃO BASCULANTE 6 M3 TOCO, PESO BRUTO TOTAL 16.000 KG, CARGA ÚTIL MÁXIMA 11.130 KG, DISTÂNCIA ENTRE EIXOS 5,36 M, POTÊNCIA 185 CV, INCLUSIVE CAÇAMBA METÁLICA - MATERIAIS NA OPERAÇÃO. AF_06/2014","H",78.849999999999994,0]
["Depreciação, Juros, Impostos e Seguros, Manutenção e Materiais na Operação dos Equipamentos",91367,"CAMINHÃO BASCULANTE 6 M3, PESO BRUTO TOTAL 16.000 KG, CARGA ÚTIL MÁXIMA 13.071 KG, DISTÂNCIA ENTRE EIXOS 4,80 M, POTÊNCIA 230 CV INCLUSIVE CAÇAMBA METÁLICA - DEPRECIAÇÃO. AF_06/2014","H",22.88,0.1613]
["Depreciação, Juros, Impostos e Seguros, Manutenção e Materiais na Operação dos Equipamentos",91369,"CAMINHÃO BASCULANTE 6 M3, PESO BRUTO TOTAL 16.000 KG, CARGA ÚTIL MÁXIMA 13.071 KG, DISTÂNCIA ENTRE EIXOS 4,80 M, POTÊNCIA 230 CV INCLUSIVE CAÇAMBA METÁLICA - IMPOSTOS E SEGUROS. AF_06/2014","H",3.55,0.1014]
["Depreciação, Juros, Impostos e Seguros, Manutenção e Materiais na Operação dos Equipamentos",91368,"CAMINHÃO BASCULANTE 6 M3, PESO BRUTO TOTAL 16.000 KG, CARGA ÚTIL MÁXIMA 13.071 KG, DISTÂNCIA ENTRE EIXOS 4,80 M, POTÊNCIA 230 CV INCLUSIVE CAÇAMBA METÁLICA - JUROS. AF_06/2014","H",8.8000000000000007,0.1011]
["Depreciação, Juros, Impostos e Seguros, Manutenção e Materiais na Operação dos Equipamentos",5695,"CAMINHÃO BASCULANTE 6 M3, PESO BRUTO TOTAL 16.000 KG, CARGA ÚTIL MÁXIMA 13.071 KG, DISTÂNCIA ENTRE EIXOS 4,80 M, POTÊNCIA 230 CV INCLUSIVE CAÇAMBA METÁLICA - MANUTENÇÃO. AF_06/2014","H",41.29,0.12590000000000001]
["Depreciação, Juros, Impostos e Seguros, Manutenção e Materiais na Operação dos Equipamentos",53792,"CAMINHÃO BASCULANTE 6 M3, PESO BRUTO TOTAL 16.000 KG, CARGA ÚTIL MÁXIMA 13.071 KG, DISTÂNCIA ENTRE EIXOS 4,80 M, POTÊNCIA 230 CV INCLUSIVE CAÇAMBA METÁLICA - MATERIAIS NA OPERAÇÃO. AF_06/2014","H",98.02,0]
["Depreciação, Juros, Impostos e Seguros, Manutenção e Materiais na Operação dos Equipamentos",92237,"CAMINHÃO DE TRANSPORTE DE MATERIAL ASFÁLTICO 20.000 L, COM CAVALO MECÂNICO DE CAPACIDADE MÁXIMA DE TRAÇÃO COMBINADO DE 45.000 KG, POTÊNCIA 330 CV, INCLUSIVE TANQUE DE ASFALTO COM MAÇARICO - DEPRECIAÇÃO. AF_12/2015","H",29.57,1]
["Depreciação, Juros, Impostos e Seguros, Manutenção e Materiais na Operação dos Equipamentos",92239,"CAMINHÃO DE TRANSPORTE DE MATERIAL ASFÁLTICO 20.000 L, COM CAVALO MECÂNICO DE CAPACIDADE MÁXIMA DE TRAÇÃO COMBINADO DE 45.000 KG, POTÊNCIA 330 CV, INCLUSIVE TANQUE DE ASFALTO COM MAÇARICO - IMPOSTOS E SEGUROS. AF_12/2015","H",4.8099999999999996,1]
["Depreciação, Juros, Impostos e Seguros, Manutenção e Materiais na Operação dos Equipamentos",92238,"CAMINHÃO DE TRANSPORTE DE MATERIAL ASFÁLTICO 20.000 L, COM CAVALO MECÂNICO DE CAPACIDADE MÁXIMA DE TRAÇÃO COMBINADO DE 45.000 KG, POTÊNCIA 330 CV, INCLUSIVE TANQUE DE ASFALTO COM MAÇARICO - JUROS. AF_12/2015","H",11.9,1]
["Depreciação, Juros, Impostos e Seguros, Manutenção e Materiais na Operação dos Equipamentos",92240,"CAMINHÃO DE TRANSPORTE DE MATERIAL ASFÁLTICO 20.000 L, COM CAVALO MECÂNICO DE CAPACIDADE MÁXIMA DE TRAÇÃO COMBINADO DE 45.000 KG, POTÊNCIA 330 CV, INCLUSIVE TANQUE DE ASFALTO COM MAÇARICO - MANUTENÇÃO. AF_12/2015","H",53.06,1]
["Depreciação, Juros, Impostos e Seguros, Manutenção e Materiais na Operação dos Equipamentos",92241,"CAMINHÃO DE TRANSPORTE DE MATERIAL ASFÁLTICO 20.000 L, COM CAVALO MECÂNICO DE CAPACIDADE MÁXIMA DE TRAÇÃO COMBINADO DE 45.000 KG, POTÊNCIA 330 CV, INCLUSIVE TANQUE DE ASFALTO COM MAÇARICO - MATERIAIS NA OPERAÇÃO. AF_12/2015","H",267.2,0]
["Depreciação, Juros, Impostos e Seguros, Manutenção e Materiais na Operação dos Equipamentos",91640,"CAMINHÃO DE TRANSPORTE DE MATERIAL ASFÁLTICO 30.000 L, COM CAVALO MECÂNICO DE CAPACIDADE MÁXIMA DE TRAÇÃO COMBINADO DE 66.000 KG, POTÊNCIA 360 CV, INCLUSIVE TANQUE DE ASFALTO COM SERPENTINA - DEPRECIAÇÃO. AF_08/2015","H",40.6,1]
["Depreciação, Juros, Impostos e Seguros, Manutenção e Materiais na Operação dos Equipamentos",91642,"CAMINHÃO DE TRANSPORTE DE MATERIAL ASFÁLTICO 30.000 L, COM CAVALO MECÂNICO DE CAPACIDADE MÁXIMA DE TRAÇÃO COMBINADO DE 66.000 KG, POTÊNCIA 360 CV, INCLUSIVE TANQUE DE ASFALTO COM SERPENTINA - IMPOSTOS E SEGUROS. AF_08/2015","H",6.62,1]
["Depreciação, Juros, Impostos e Seguros, Manutenção e Materiais na Operação dos Equipamentos",91641,"CAMINHÃO DE TRANSPORTE DE MATERIAL ASFÁLTICO 30.000 L, COM CAVALO MECÂNICO DE CAPACIDADE MÁXIMA DE TRAÇÃO COMBINADO DE 66.000 KG, POTÊNCIA 360 CV, INCLUSIVE TANQUE DE ASFALTO COM SERPENTINA - JUROS. AF_08/2015","H",16.39,1]
["Depreciação, Juros, Impostos e Seguros, Manutenção e Materiais na Operação dos Equipamentos",91643,"CAMINHÃO DE TRANSPORTE DE MATERIAL ASFÁLTICO 30.000 L, COM CAVALO MECÂNICO DE CAPACIDADE MÁXIMA DE TRAÇÃO COMBINADO DE 66.000 KG, POTÊNCIA 360 CV, INCLUSIVE TANQUE DE ASFALTO COM SERPENTINA - MANUTENÇÃO. AF_08/2015","H",73.19,1]
["Depreciação, Juros, Impostos e Seguros, Manutenção e Materiais na Operação dos Equipamentos",91644,"CAMINHÃO DE TRANSPORTE DE MATERIAL ASFÁLTICO 30.000 L, COM CAVALO MECÂNICO DE CAPACIDADE MÁXIMA DE TRAÇÃO COMBINADO DE 66.000 KG, POTÊNCIA 360 CV, INCLUSIVE TANQUE DE ASFALTO COM SERPENTINA - MATERIAIS NA OPERAÇÃO. AF_08/2015","H",291.45999999999998,0]
["Depreciação, Juros, Impostos e Seguros, Manutenção e Materiais na Operação dos Equipamentos",92105,"CAMINHÃO PARA EQUIPAMENTO DE LIMPEZA A SUCÇÃO COM CAMINHÃO TRUCADO DE PESO BRUTO TOTAL 23000 KG, CARGA ÚTIL MÁX. 15935 KG, DISTÂNCIA ENTRE EIXOS 4,80 M, POTÊNCIA 230 CV, INCLUSIVE LIMPADORA A SUCÇÃO, TANQUE 12000 L - MATERIAIS NA OPERAÇÃO. AF_05/2023","H",186.2,0]
["Depreciação, Juros, Impostos e Seguros, Manutenção e Materiais na Operação dos Equipamentos",92101,"CAMINHÃO PARA EQUIPAMENTO DE LIMPEZA A SUCÇÃO COM CAMINHÃO TRUCADO DE PESO BRUTO TOTAL 23000 KG, CARGA ÚTIL MÁXIMA 15935 KG, DISTÂNCIA ENTRE EIXOS 4,80 M, POTÊNCIA 230 CV, INCLUSIVE LIMPADORA A SUCÇÃO, TANQUE 12000 L - DEPRECIAÇÃO. AF_05/2023","H",45.68,0.46500000000000002]
["Depreciação, Juros, Impostos e Seguros, Manutenção e Materiais na Operação dos Equipamentos",92103,"CAMINHÃO PARA EQUIPAMENTO DE LIMPEZA A SUCÇÃO COM CAMINHÃO TRUCADO DE PESO BRUTO TOTAL 23000 KG, CARGA ÚTIL MÁXIMA 15935 KG, DISTÂNCIA ENTRE EIXOS 4,80 M, POTÊNCIA 230 CV, INCLUSIVE LIMPADORA A SUCÇÃO, TANQUE 12000 L - IMPOSTOS E SEGUROS. AF_05/2023","H",5.83,0.30359999999999998]
["Depreciação, Juros, Impostos e Seguros, Manutenção e Materiais na Operação dos Equipamentos",92102,"CAMINHÃO PARA EQUIPAMENTO DE LIMPEZA A SUCÇÃO COM CAMINHÃO TRUCADO DE PESO BRUTO TOTAL 23000 KG, CARGA ÚTIL MÁXIMA 15935 KG, DISTÂNCIA ENTRE EIXOS 4,80 M, POTÊNCIA 230 CV, INCLUSIVE LIMPADORA A SUCÇÃO, TANQUE 12000 L - JUROS. AF_05/2023","H",14.4,0.30280000000000001]
["Depreciação, Juros, Impostos e Seguros, Manutenção e Materiais na Operação dos Equipamentos",92104,"CAMINHÃO PARA EQUIPAMENTO DE LIMPEZA A SUCÇÃO COM CAMINHÃO TRUCADO DE PESO BRUTO TOTAL 23000 KG, CARGA ÚTIL MÁXIMA 15935 KG, DISTÂNCIA ENTRE EIXOS 4,80 M, POTÊNCIA 230 CV, INCLUSIVE LIMPADORA A SUCÇÃO, TANQUE 12000 L - MANUTENÇÃO. AF_05/2023","H",72.37,0.3669]
["Depreciação, Juros, Impostos e Seguros, Manutenção e Materiais na Operação dos Equipamentos",91396,"CAMINHÃO PIPA 10.000 L TRUCADO, PESO BRUTO TOTAL 23.000 KG, CARGA ÚTIL MÁXIMA 15.935 KG, DISTÂNCIA ENTRE EIXOS 4,8 M, POTÊNCIA 230 CV, INCLUSIVE TANQUE DE AÇO PARA TRANSPORTE DE ÁGUA - DEPRECIAÇÃO. AF_06/2014","H",30,0.15770000000000001]
["Depreciação, Juros, Impostos e Seguros, Manutenção e Materiais na Operação dos Equipamentos",91398,"CAMINHÃO PIPA 10.000 L TRUCADO, PESO BRUTO TOTAL 23.000 KG, CARGA ÚTIL MÁXIMA 15.935 KG, DISTÂNCIA ENTRE EIXOS 4,8 M, POTÊNCIA 230 CV, INCLUSIVE TANQUE DE AÇO PARA TRANSPORTE DE ÁGUA - IMPOSTOS E SEGUROS. AF_06/2014","H",4.68,0.1047]
["Depreciação, Juros, Impostos e Seguros, Manutenção e Materiais na Operação dos Equipamentos",91397,"CAMINHÃO PIPA 10.000 L TRUCADO, PESO BRUTO TOTAL 23.000 KG, CARGA ÚTIL MÁXIMA 15.935 KG, DISTÂNCIA ENTRE EIXOS 4,8 M, POTÊNCIA 230 CV, INCLUSIVE TANQUE DE AÇO PARA TRANSPORTE DE ÁGUA - JUROS. AF_06/2014","H",11.61,0.10589999999999999]
["Depreciação, Juros, Impostos e Seguros, Manutenção e Materiais na Operação dos Equipamentos",5763,"CAMINHÃO PIPA 10.000 L TRUCADO, PESO BRUTO TOTAL 23.000 KG, CARGA ÚTIL MÁXIMA 15.935 KG, DISTÂNCIA ENTRE EIXOS 4,8 M, POTÊNCIA 230 CV, INCLUSIVE TANQUE DE AÇO PARA TRANSPORTE DE ÁGUA - MANUTENÇÃO. AF_06/2014","H",53.29,0.1111]
["Depreciação, Juros, Impostos e Seguros, Manutenção e Materiais na Operação dos Equipamentos",53831,"CAMINHÃO PIPA 10.000 L TRUCADO, PESO BRUTO TOTAL 23.000 KG, CARGA ÚTIL MÁXIMA 15.935 KG, DISTÂNCIA ENTRE EIXOS 4,8 M, POTÊNCIA 230 CV, INCLUSIVE TANQUE DE AÇO PARA TRANSPORTE DE ÁGUA - MATERIAIS NA OPERAÇÃO. AF_06/2014","H",186.2,0]
["Depreciação, Juros, Impostos e Seguros, Manutenção e Materiais na Operação dos Equipamentos",91359,"CAMINHÃO PIPA 6.000 L, PESO BRUTO TOTAL 13.000 KG, DISTÂNCIA ENTRE EIXOS 4,80 M, POTÊNCIA 189 CV INCLUSIVE TANQUE DE AÇO PARA TRANSPORTE DE ÁGUA, CAPACIDADE 6 M3 - DEPRECIAÇÃO. AF_06/2014","H",21.61,0.18279999999999999]
["Depreciação, Juros, Impostos e Seguros, Manutenção e Materiais na Operação dos Equipamentos",91361,"CAMINHÃO PIPA 6.000 L, PESO BRUTO TOTAL 13.000 KG, DISTÂNCIA ENTRE EIXOS 4,80 M, POTÊNCIA 189 CV INCLUSIVE TANQUE DE AÇO PARA TRANSPORTE DE ÁGUA, CAPACIDADE 6 M3 - IMPOSTOS E SEGUROS. AF_06/2014","H",3.34,0.12280000000000001]
["Depreciação, Juros, Impostos e Seguros, Manutenção e Materiais na Operação dos Equipamentos",91360,"CAMINHÃO PIPA 6.000 L, PESO BRUTO TOTAL 13.000 KG, DISTÂNCIA ENTRE EIXOS 4,80 M, POTÊNCIA 189 CV INCLUSIVE TANQUE DE AÇO PARA TRANSPORTE DE ÁGUA, CAPACIDADE 6 M3 - JUROS. AF_06/2014","H",8.2899999999999991,0.1242]
["Depreciação, Juros, Impostos e Seguros, Manutenção e Materiais na Operação dos Equipamentos",53882,"CAMINHÃO PIPA 6.000 L, PESO BRUTO TOTAL 13.000 KG, DISTÂNCIA ENTRE EIXOS 4,80 M, POTÊNCIA 189 CV INCLUSIVE TANQUE DE AÇO PARA TRANSPORTE DE ÁGUA, CAPACIDADE 6 M3 - MANUTENÇÃO. AF_06/2014","H",38.049999999999997,0.1298]
["Depreciação, Juros, Impostos e Seguros, Manutenção e Materiais na Operação dos Equipamentos",5747,"CAMINHÃO PIPA 6.000 L, PESO BRUTO TOTAL 13.000 KG, DISTÂNCIA ENTRE EIXOS 4,80 M, POTÊNCIA 189 CV INCLUSIVE TANQUE DE AÇO PARA TRANSPORTE DE ÁGUA, CAPACIDADE 6 M3 - MATERIAIS NA OPERAÇÃO. AF_06/2014","H",153.02000000000001,0]
["Depreciação, Juros, Impostos e Seguros, Manutenção e Materiais na Operação dos Equipamentos",104699,"CAMINHÃO TANQUE PARA HIDROSSEMEADURA, COM CAPACIDADE DE 8.000 LITROS, INCLUINDO BOMBA PARA LANÇAMENTO COM MOTOR DIESEL COM POTÊNCIA DE 105 CV - DEPRECIAÇÃO. AF_06/2023","H",0]
["Depreciação, Juros, Impostos e Seguros, Manutenção e Materiais na Operação dos Equipamentos",104702,"CAMINHÃO TANQUE PARA HIDROSSEMEADURA, COM CAPACIDADE DE 8.000 LITROS, INCLUINDO BOMBA PARA LANÇAMENTO COM MOTOR DIESEL COM POTÊNCIA DE 105 CV - IMPOSTOS E SEGUROS. AF_06/2023","H",0]
["Depreciação, Juros, Impostos e Seguros, Manutenção e Materiais na Operação dos Equipamentos",104700,"CAMINHÃO TANQUE PARA HIDROSSEMEADURA, COM CAPACIDADE DE 8.000 LITROS, INCLUINDO BOMBA PARA LANÇAMENTO COM MOTOR DIESEL COM POTÊNCIA DE 105 CV - JUROS. AF_06/2023","H",0]
["Depreciação, Juros, Impostos e Seguros, Manutenção e Materiais na Operação dos Equipamentos",104701,"CAMINHÃO TANQUE PARA HIDROSSEMEADURA, COM CAPACIDADE DE 8.000 LITROS, INCLUINDO BOMBA PARA LANÇAMENTO COM MOTOR DIESEL COM POTÊNCIA DE 105 CV - MANUTENÇÃO. AF_06/2023","H",0]
["Depreciação, Juros, Impostos e Seguros, Manutenção e Materiais na Operação dos Equipamentos",104703,"CAMINHÃO TANQUE PARA HIDROSSEMEADURA, COM CAPACIDADE DE 8.000 LITROS, INCLUINDO BOMBA PARA LANÇAMENTO COM MOTOR DIESEL COM POTÊNCIA DE 105 CV - MATERIAIS NA OPERAÇÃO. AF_06/2023","H",89.51,0]
["Depreciação, Juros, Impostos e Seguros, Manutenção e Materiais na Operação dos Equipamentos",91390,"CAMINHÃO TOCO, PBT 14.300 KG, CARGA ÚTIL MÁX. 9.710 KG, DIST. ENTRE EIXOS 3,56 M, POTÊNCIA 185 CV, INCLUSIVE CARROCERIA FIXA ABERTA DE MADEIRA P/ TRANSPORTE GERAL DE CARGA SECA, DIMEN. APROX. 2,50 X 6,50 X 0,50 M - DEPRECIAÇÃO. AF_06/2014","H",19.91,8.2900000000000001E-2]
["Depreciação, Juros, Impostos e Seguros, Manutenção e Materiais na Operação dos Equipamentos",91392,"CAMINHÃO TOCO, PBT 14.300 KG, CARGA ÚTIL MÁX. 9.710 KG, DIST. ENTRE EIXOS 3,56 M, POTÊNCIA 185 CV, INCLUSIVE CARROCERIA FIXA ABERTA DE MADEIRA P/ TRANSPORTE GERAL DE CARGA SECA, DIMEN. APROX. 2,50 X 6,50 X 0,50 M - IMPOSTOS E SEGUROS. AF_06/2014","H",3.2,5.3100000000000001E-2]
["Depreciação, Juros, Impostos e Seguros, Manutenção e Materiais na Operação dos Equipamentos",91391,"CAMINHÃO TOCO, PBT 14.300 KG, CARGA ÚTIL MÁX. 9.710 KG, DIST. ENTRE EIXOS 3,56 M, POTÊNCIA 185 CV, INCLUSIVE CARROCERIA FIXA ABERTA DE MADEIRA P/ TRANSPORTE GERAL DE CARGA SECA, DIMEN. APROX. 2,50 X 6,50 X 0,50 M - JUROS. AF_06/2014","H",7.93,5.4199999999999998E-2]
["Depreciação, Juros, Impostos e Seguros, Manutenção e Materiais na Operação dos Equipamentos",73335,"CAMINHÃO TOCO, PBT 14.300 KG, CARGA ÚTIL MÁX. 9.710 KG, DIST. ENTRE EIXOS 3,56 M, POTÊNCIA 185 CV, INCLUSIVE CARROCERIA FIXA ABERTA DE MADEIRA P/ TRANSPORTE GERAL DE CARGA SECA, DIMEN. APROX. 2,50 X 6,50 X 0,50 M - MANUTENÇÃO. AF_06/2014","H",36.299999999999997,5.7000000000000002E-2]
["Depreciação, Juros, Impostos e Seguros, Manutenção e Materiais na Operação dos Equipamentos",73340,"CAMINHÃO TOCO, PBT 14.300 KG, CARGA ÚTIL MÁX. 9.710 KG, DIST. ENTRE EIXOS 3,56 M, POTÊNCIA 185 CV, INCLUSIVE CARROCERIA FIXA ABERTA DE MADEIRA P/ TRANSPORTE GERAL DE CARGA SECA, DIMEN. APROX. 2,50 X 6,50 X 0,50 M - MATERIAIS NA OPERAÇÃO. AF_06/2014","H",149.78,0]
["Depreciação, Juros, Impostos e Seguros, Manutenção e Materiais na Operação dos Equipamentos",89264,"CAMINHÃO TOCO, PBT 16.000 KG, CARGA ÚTIL MÁX. 10.685 KG, DIST. ENTRE EIXOS 4,8 M, POTÊNCIA 189 CV, INCLUSIVE CARROCERIA FIXA ABERTA DE MADEIRA P/ TRANSPORTE GERAL DE CARGA SECA, DIMEN. APROX. 2,5 X 7,00 X 0,50 M - DEPRECIAÇÃO. AF_06/2014","H",21.82,8.1100000000000005E-2]
["Depreciação, Juros, Impostos e Seguros, Manutenção e Materiais na Operação dos Equipamentos",89266,"CAMINHÃO TOCO, PBT 16.000 KG, CARGA ÚTIL MÁX. 10.685 KG, DIST. ENTRE EIXOS 4,8 M, POTÊNCIA 189 CV, INCLUSIVE CARROCERIA FIXA ABERTA DE MADEIRA P/ TRANSPORTE GERAL DE CARGA SECA, DIMEN. APROX. 2,5 X 7,00 X 0,50 M - IMPOSTOS E SEGUROS. AF_06/2014","H",3.51,5.1299999999999998E-2]
["Depreciação, Juros, Impostos e Seguros, Manutenção e Materiais na Operação dos Equipamentos",89265,"CAMINHÃO TOCO, PBT 16.000 KG, CARGA ÚTIL MÁX. 10.685 KG, DIST. ENTRE EIXOS 4,8 M, POTÊNCIA 189 CV, INCLUSIVE CARROCERIA FIXA ABERTA DE MADEIRA P/ TRANSPORTE GERAL DE CARGA SECA, DIMEN. APROX. 2,5 X 7,00 X 0,50 M - JUROS. AF_06/2014","H",8.6999999999999993,5.2900000000000003E-2]
["Depreciação, Juros, Impostos e Seguros, Manutenção e Materiais na Operação dos Equipamentos",5705,"CAMINHÃO TOCO, PBT 16.000 KG, CARGA ÚTIL MÁX. 10.685 KG, DIST. ENTRE EIXOS 4,8 M, POTÊNCIA 189 CV, INCLUSIVE CARROCERIA FIXA ABERTA DE MADEIRA P/ TRANSPORTE GERAL DE CARGA SECA, DIMEN. APROX. 2,5 X 7,00 X 0,50 M - MANUTENÇÃO. AF_06/2014","H",39.799999999999997,5.5800000000000002E-2]
["Depreciação, Juros, Impostos e Seguros, Manutenção e Materiais na Operação dos Equipamentos",53797,"CAMINHÃO TOCO, PBT 16.000 KG, CARGA ÚTIL MÁX. 10.685 KG, DIST. ENTRE EIXOS 4,8 M, POTÊNCIA 189 CV, INCLUSIVE CARROCERIA FIXA ABERTA DE MADEIRA P/ TRANSPORTE GERAL DE CARGA SECA, DIMEN. APROX. 2,5 X 7,00 X 0,50 M - MATERIAIS NA OPERAÇÃO. AF_06/2014","H",112.73,0]
["Depreciação, Juros, Impostos e Seguros, Manutenção e Materiais na Operação dos Equipamentos",91354,"CAMINHÃO TOCO, PESO BRUTO TOTAL 14.300 KG, CARGA ÚTIL MÁXIMA 9590 KG, DISTÂNCIA ENTRE EIXOS 4,76 M, POTÊNCIA 185 CV (NÃO INCLUI CARROCERIA) - DEPRECIAÇÃO. AF_06/2014","H",18.260000000000002,0]
["Depreciação, Juros, Impostos e Seguros, Manutenção e Materiais na Operação dos Equipamentos",91356,"CAMINHÃO TOCO, PESO BRUTO TOTAL 14.300 KG, CARGA ÚTIL MÁXIMA 9590 KG, DISTÂNCIA ENTRE EIXOS 4,76 M, POTÊNCIA 185 CV (NÃO INCLUI CARROCERIA) - IMPOSTOS E SEGUROS. AF_06/2014","H",3.03,0]
["Depreciação, Juros, Impostos e Seguros, Manutenção e Materiais na Operação dos Equipamentos",91355,"CAMINHÃO TOCO, PESO BRUTO TOTAL 14.300 KG, CARGA ÚTIL MÁXIMA 9590 KG, DISTÂNCIA ENTRE EIXOS 4,76 M, POTÊNCIA 185 CV (NÃO INCLUI CARROCERIA) - JUROS. AF_06/2014","H",7.5,0]
["Depreciação, Juros, Impostos e Seguros, Manutenção e Materiais na Operação dos Equipamentos",5751,"CAMINHÃO TOCO, PESO BRUTO TOTAL 14.300 KG, CARGA ÚTIL MÁXIMA 9590 KG, DISTÂNCIA ENTRE EIXOS 4,76 M, POTÊNCIA 185 CV (NÃO INCLUI CARROCERIA) - MANUTENÇÃO. AF_06/2014","H",34.229999999999997,0]
["Depreciação, Juros, Impostos e Seguros, Manutenção e Materiais na Operação dos Equipamentos",53827,"CAMINHÃO TOCO, PESO BRUTO TOTAL 14.300 KG, CARGA ÚTIL MÁXIMA 9590 KG, DISTÂNCIA ENTRE EIXOS 4,76 M, POTÊNCIA 185 CV (NÃO INCLUI CARROCERIA) - MATERIAIS NA OPERAÇÃO. AF_06/2014","H",110.35,0]
["Depreciação, Juros, Impostos e Seguros, Manutenção e Materiais na Operação dos Equipamentos",91375,"CAMINHÃO TOCO, PESO BRUTO TOTAL 16.000 KG, CARGA ÚTIL MÁXIMA DE 10.685 KG, DISTÂNCIA ENTRE EIXOS 4,80 M, POTÊNCIA 189 CV EXCLUSIVE CARROCERIA - DEPRECIAÇÃO. AF_06/2014","H",20.05,0]
["Depreciação, Juros, Impostos e Seguros, Manutenção e Materiais na Operação dos Equipamentos",91377,"CAMINHÃO TOCO, PESO BRUTO TOTAL 16.000 KG, CARGA ÚTIL MÁXIMA DE 10.685 KG, DISTÂNCIA ENTRE EIXOS 4,80 M, POTÊNCIA 189 CV EXCLUSIVE CARROCERIA - IMPOSTOS E SEGUROS. AF_06/2014","H",3.33,0]
["Depreciação, Juros, Impostos e Seguros, Manutenção e Materiais na Operação dos Equipamentos",91376,"CAMINHÃO TOCO, PESO BRUTO TOTAL 16.000 KG, CARGA ÚTIL MÁXIMA DE 10.685 KG, DISTÂNCIA ENTRE EIXOS 4,80 M, POTÊNCIA 189 CV EXCLUSIVE CARROCERIA - JUROS. AF_06/2014","H",8.24,0]
["Depreciação, Juros, Impostos e Seguros, Manutenção e Materiais na Operação dos Equipamentos",5754,"CAMINHÃO TOCO, PESO BRUTO TOTAL 16.000 KG, CARGA ÚTIL MÁXIMA DE 10.685 KG, DISTÂNCIA ENTRE EIXOS 4,80 M, POTÊNCIA 189 CV EXCLUSIVE CARROCERIA - MANUTENÇÃO. AF_06/2014","H",37.58,0]
["Depreciação, Juros, Impostos e Seguros, Manutenção e Materiais na Operação dos Equipamentos",53829,"CAMINHÃO TOCO, PESO BRUTO TOTAL 16.000 KG, CARGA ÚTIL MÁXIMA DE 10.685 KG, DISTÂNCIA ENTRE EIXOS 4,80 M, POTÊNCIA 189 CV EXCLUSIVE CARROCERIA - MATERIAIS NA OPERAÇÃO. AF_06/2014","H",112.73,0]
["Depreciação, Juros, Impostos e Seguros, Manutenção e Materiais na Operação dos Equipamentos",91026,"CAMINHÃO TRUCADO (C/ TERCEIRO EIXO) ELETRÔNICO - POTÊNCIA 231CV - PBT = 22000KG - DIST. ENTRE EIXOS 5170 MM - INCLUI CARROCERIA FIXA ABERTA DE MADEIRA - DEPRECIAÇÃO. AF_06/2015","H",25.61,6.4399999999999999E-2]
["Depreciação, Juros, Impostos e Seguros, Manutenção e Materiais na Operação dos Equipamentos",91028,"CAMINHÃO TRUCADO (C/ TERCEIRO EIXO) ELETRÔNICO - POTÊNCIA 231CV - PBT = 22000KG - DIST. ENTRE EIXOS 5170 MM - INCLUI CARROCERIA FIXA ABERTA DE MADEIRA - IMPOSTOS E SEGUROS. AF_06/2015","H",4.1500000000000004,4.1000000000000002E-2]
["Depreciação, Juros, Impostos e Seguros, Manutenção e Materiais na Operação dos Equipamentos",91027,"CAMINHÃO TRUCADO (C/ TERCEIRO EIXO) ELETRÔNICO - POTÊNCIA 231CV - PBT = 22000KG - DIST. ENTRE EIXOS 5170 MM - INCLUI CARROCERIA FIXA ABERTA DE MADEIRA - JUROS. AF_06/2015","H",10.28,4.1799999999999997E-2]
["Depreciação, Juros, Impostos e Seguros, Manutenção e Materiais na Operação dos Equipamentos",91029,"CAMINHÃO TRUCADO (C/ TERCEIRO EIXO) ELETRÔNICO - POTÊNCIA 231CV - PBT = 22000KG - DIST. ENTRE EIXOS 5170 MM - INCLUI CARROCERIA FIXA ABERTA DE MADEIRA - MANUTENÇÃO. AF_06/2015","H",46.99,4.41E-2]
["Depreciação, Juros, Impostos e Seguros, Manutenção e Materiais na Operação dos Equipamentos",91030,"CAMINHÃO TRUCADO (C/ TERCEIRO EIXO) ELETRÔNICO - POTÊNCIA 231CV - PBT = 22000KG - DIST. ENTRE EIXOS 5170 MM - INCLUI CARROCERIA FIXA ABERTA DE MADEIRA - MATERIAIS NA OPERAÇÃO. AF_06/2015","H",141.97,0]
["Depreciação, Juros, Impostos e Seguros, Manutenção e Materiais na Operação dos Equipamentos",102812,"CENTRAL DE LAMA BENTONÍTICA (DEPÓSITO DE BENTONITA, MISTURADOR DE ALTA TURBULÊNCIA, SILOS DE ARMAZENAMENTO DE LAMA E ÁGUA, LABORATÓRIO DE CONTROLE DE QUALIDADE DA LAMA) - DEPRECIAÇÃO. AF_04/2019","H",0]
["Depreciação, Juros, Impostos e Seguros, Manutenção e Materiais na Operação dos Equipamentos",102813,"CENTRAL DE LAMA BENTONÍTICA (DEPÓSITO DE BENTONITA, MISTURADOR DE ALTA TURBULÊNCIA, SILOS DE ARMAZENAMENTO DE LAMA E ÁGUA, LABORATÓRIO DE CONTROLE DE QUALIDADE DA LAMA) - JUROS. AF_04/2019","H",0]
["Depreciação, Juros, Impostos e Seguros, Manutenção e Materiais na Operação dos Equipamentos",102814,"CENTRAL DE LAMA BENTONÍTICA (DEPÓSITO DE BENTONITA, MISTURADOR DE ALTA TURBULÊNCIA, SILOS DE ARMAZENAMENTO DE LAMA E ÁGUA, LABORATÓRIO DE CONTROLE DE QUALIDADE DA LAMA) - MANUTENÇÃO. AF_04/2019","H",0]
["Depreciação, Juros, Impostos e Seguros, Manutenção e Materiais na Operação dos Equipamentos",102815,"CENTRAL DE LAMA BENTONÍTICA (DEPÓSITO DE BENTONITA, MISTURADOR DE ALTA TURBULÊNCIA, SILOS DE ARMAZENAMENTO DE LAMA E ÁGUA, LABORATÓRIO DE CONTROLE DE QUALIDADE DA LAMA) - MATERIAIS NA OPERAÇÃO. AF_04/2019","H",3.4,0]
["Depreciação, Juros, Impostos e Seguros, Manutenção e Materiais na Operação dos Equipamentos",91529,"COMPACTADOR DE SOLOS DE PERCUSSÃO (SOQUETE) COM MOTOR A GASOLINA 4 TEMPOS, POTÊNCIA 4 CV - DEPRECIAÇÃO. AF_08/2015","H",0.79,1]
["Depreciação, Juros, Impostos e Seguros, Manutenção e Materiais na Operação dos Equipamentos",91530,"COMPACTADOR DE SOLOS DE PERCUSSÃO (SOQUETE) COM MOTOR A GASOLINA 4 TEMPOS, POTÊNCIA 4 CV - JUROS. AF_08/2015","H",0.21,1]
["Depreciação, Juros, Impostos e Seguros, Manutenção e Materiais na Operação dos Equipamentos",91531,"COMPACTADOR DE SOLOS DE PERCUSSÃO (SOQUETE) COM MOTOR A GASOLINA 4 TEMPOS, POTÊNCIA 4 CV - MANUTENÇÃO. AF_08/2015","H",0.99,1]
["Depreciação, Juros, Impostos e Seguros, Manutenção e Materiais na Operação dos Equipamentos",91532,"COMPACTADOR DE SOLOS DE PERCUSSÃO (SOQUETE) COM MOTOR A GASOLINA 4 TEMPOS, POTÊNCIA 4 CV - MATERIAIS NA OPERAÇÃO. AF_08/2015","H",6.58,0]
["Depreciação, Juros, Impostos e Seguros, Manutenção e Materiais na Operação dos Equipamentos",95260,"COMPACTADOR DE SOLOS DE PERCUSÃO (SOQUETE) COM MOTOR A GASOLINA, POTÊNCIA 3 CV - DEPRECIAÇÃO. AF_09/2016","H",0.64,1]
["Depreciação, Juros, Impostos e Seguros, Manutenção e Materiais na Operação dos Equipamentos",95261,"COMPACTADOR DE SOLOS DE PERCUSÃO (SOQUETE) COM MOTOR A GASOLINA, POTÊNCIA 3 CV - JUROS. AF_09/2016","H",0.17,1]
["Depreciação, Juros, Impostos e Seguros, Manutenção e Materiais na Operação dos Equipamentos",95262,"COMPACTADOR DE SOLOS DE PERCUSÃO (SOQUETE) COM MOTOR A GASOLINA, POTÊNCIA 3 CV - MANUTENÇÃO. AF_09/2016","H",0.8,1]
["Depreciação, Juros, Impostos e Seguros, Manutenção e Materiais na Operação dos Equipamentos",95263,"COMPACTADOR DE SOLOS DE PERCUSÃO (SOQUETE) COM MOTOR A GASOLINA, POTÊNCIA 3 CV - MATERIAIS NA OPERAÇÃO. AF_09/2016","H",4.9800000000000004,0]
["Depreciação, Juros, Impostos e Seguros, Manutenção e Materiais na Operação dos Equipamentos",90968,"COMPRESSOR DE AR REBOCAVEL, VAZÃO 250 PCM, PRESSAO DE TRABALHO 102 PSI, MOTOR A DIESEL POTÊNCIA 81 CV - DEPRECIAÇÃO. AF_06/2015","H",6.66,1]
["Depreciação, Juros, Impostos e Seguros, Manutenção e Materiais na Operação dos Equipamentos",90969,"COMPRESSOR DE AR REBOCAVEL, VAZÃO 250 PCM, PRESSAO DE TRABALHO 102 PSI, MOTOR A DIESEL POTÊNCIA 81 CV - JUROS. AF_06/2015","H",1.78,1]
["Depreciação, Juros, Impostos e Seguros, Manutenção e Materiais na Operação dos Equipamentos",90970,"COMPRESSOR DE AR REBOCAVEL, VAZÃO 250 PCM, PRESSAO DE TRABALHO 102 PSI, MOTOR A DIESEL POTÊNCIA 81 CV - MANUTENÇÃO. AF_06/2015","H",8.34,1]
["Depreciação, Juros, Impostos e Seguros, Manutenção e Materiais na Operação dos Equipamentos",90971,"COMPRESSOR DE AR REBOCAVEL, VAZÃO 250 PCM, PRESSAO DE TRABALHO 102 PSI, MOTOR A DIESEL POTÊNCIA 81 CV - MATERIAIS NA OPERAÇÃO. AF_06/2015","H",58.65,0]
["Depreciação, Juros, Impostos e Seguros, Manutenção e Materiais na Operação dos Equipamentos",90992,"COMPRESSOR DE AR REBOCAVEL, VAZÃO 400 PCM, PRESSAO DE TRABALHO 102 PSI, MOTOR A DIESEL POTÊNCIA 110 CV - DEPRECIAÇÃO. AF_06/2015","H",7.9,1]
["Depreciação, Juros, Impostos e Seguros, Manutenção e Materiais na Operação dos Equipamentos",90993,"COMPRESSOR DE AR REBOCAVEL, VAZÃO 400 PCM, PRESSAO DE TRABALHO 102 PSI, MOTOR A DIESEL POTÊNCIA 110 CV - JUROS. AF_06/2015","H",2.12,1]
["Depreciação, Juros, Impostos e Seguros, Manutenção e Materiais na Operação dos Equipamentos",90994,"COMPRESSOR DE AR REBOCAVEL, VAZÃO 400 PCM, PRESSAO DE TRABALHO 102 PSI, MOTOR A DIESEL POTÊNCIA 110 CV - MANUTENÇÃO. AF_06/2015","H",9.89,1]
["Depreciação, Juros, Impostos e Seguros, Manutenção e Materiais na Operação dos Equipamentos",90995,"COMPRESSOR DE AR REBOCAVEL, VAZÃO 400 PCM, PRESSAO DE TRABALHO 102 PSI, MOTOR A DIESEL POTÊNCIA 110 CV - MATERIAIS NA OPERAÇÃO. AF_06/2015","H",79.67,0]
["Depreciação, Juros, Impostos e Seguros, Manutenção e Materiais na Operação dos Equipamentos",90957,"COMPRESSOR DE AR REBOCÁVEL, VAZÃO 189 PCM, PRESSÃO EFETIVA DE TRABALHO 102 PSI, MOTOR DIESEL, POTÊNCIA 63 CV - DEPRECIAÇÃO. AF_06/2015","H",4.97,1]
["Depreciação, Juros, Impostos e Seguros, Manutenção e Materiais na Operação dos Equipamentos",90958,"COMPRESSOR DE AR REBOCÁVEL, VAZÃO 189 PCM, PRESSÃO EFETIVA DE TRABALHO 102 PSI, MOTOR DIESEL, POTÊNCIA 63 CV - JUROS. AF_06/2015","H",1.33,1]
["Depreciação, Juros, Impostos e Seguros, Manutenção e Materiais na Operação dos Equipamentos",5797,"COMPRESSOR DE AR REBOCÁVEL, VAZÃO 189 PCM, PRESSÃO EFETIVA DE TRABALHO 102 PSI, MOTOR DIESEL, POTÊNCIA 63 CV - MANUTENÇÃO. AF_06/2015","H",6.22,1]
["Depreciação, Juros, Impostos e Seguros, Manutenção e Materiais na Operação dos Equipamentos",53865,"COMPRESSOR DE AR REBOCÁVEL, VAZÃO 189 PCM, PRESSÃO EFETIVA DE TRABALHO 102 PSI, MOTOR DIESEL, POTÊNCIA 63 CV - MATERIAIS NA OPERAÇÃO. AF_06/2015","H",45.62,0]
["Depreciação, Juros, Impostos e Seguros, Manutenção e Materiais na Operação dos Equipamentos",90975,"COMPRESSOR DE AR REBOCÁVEL, VAZÃO 748 PCM, PRESSÃO EFETIVA DE TRABALHO 102 PSI, MOTOR DIESEL, POTÊNCIA 210 CV - DEPRECIAÇÃO. AF_06/2015","H",16.920000000000002,1]
["Depreciação, Juros, Impostos e Seguros, Manutenção e Materiais na Operação dos Equipamentos",90976,"COMPRESSOR DE AR REBOCÁVEL, VAZÃO 748 PCM, PRESSÃO EFETIVA DE TRABALHO 102 PSI, MOTOR DIESEL, POTÊNCIA 210 CV - JUROS. AF_06/2015","H",4.54,1]
["Depreciação, Juros, Impostos e Seguros, Manutenção e Materiais na Operação dos Equipamentos",90977,"COMPRESSOR DE AR REBOCÁVEL, VAZÃO 748 PCM, PRESSÃO EFETIVA DE TRABALHO 102 PSI, MOTOR DIESEL, POTÊNCIA 210 CV - MANUTENÇÃO. AF_06/2015","H",21.17,1]
["Depreciação, Juros, Impostos e Seguros, Manutenção e Materiais na Operação dos Equipamentos",90978,"COMPRESSOR DE AR REBOCÁVEL, VAZÃO 748 PCM, PRESSÃO EFETIVA DE TRABALHO 102 PSI, MOTOR DIESEL, POTÊNCIA 210 CV - MATERIAIS NA OPERAÇÃO. AF_06/2015","H",152.16,0]
["Depreciação, Juros, Impostos e Seguros, Manutenção e Materiais na Operação dos Equipamentos",90960,"COMPRESSOR DE AR REBOCÁVEL, VAZÃO 89 PCM, PRESSÃO EFETIVA DE TRABALHO 102 PSI, MOTOR DIESEL, POTÊNCIA 20 CV - DEPRECIAÇÃO. AF_06/2015","H",6.64,1]
["Depreciação, Juros, Impostos e Seguros, Manutenção e Materiais na Operação dos Equipamentos",90961,"COMPRESSOR DE AR REBOCÁVEL, VAZÃO 89 PCM, PRESSÃO EFETIVA DE TRABALHO 102 PSI, MOTOR DIESEL, POTÊNCIA 20 CV - JUROS. AF_06/2015","H",1.78,1]
["Depreciação, Juros, Impostos e Seguros, Manutenção e Materiais na Operação dos Equipamentos",90962,"COMPRESSOR DE AR REBOCÁVEL, VAZÃO 89 PCM, PRESSÃO EFETIVA DE TRABALHO 102 PSI, MOTOR DIESEL, POTÊNCIA 20 CV - MANUTENÇÃO. AF_06/2015","H",8.31,1]
["Depreciação, Juros, Impostos e Seguros, Manutenção e Materiais na Operação dos Equipamentos",90963,"COMPRESSOR DE AR REBOCÁVEL, VAZÃO 89 PCM, PRESSÃO EFETIVA DE TRABALHO 102 PSI, MOTOR DIESEL, POTÊNCIA 20 CV - MATERIAIS NA OPERAÇÃO. AF_06/2015","H",14.47,0]
["Depreciação, Juros, Impostos e Seguros, Manutenção e Materiais na Operação dos Equipamentos",102966,"COMPRESSOR DE AR, VAZAO DE 10 PCM, RESERVATORIO 100 L, PRESSAO DE TRABALHO ENTRE 6,9 E 9,7 BAR, POTENCIA 2 HP, TENSAO 110/220 V - DEPRECIAÇÃO. AF_05/2023","H",0]
["Depreciação, Juros, Impostos e Seguros, Manutenção e Materiais na Operação dos Equipamentos",102967,"COMPRESSOR DE AR, VAZAO DE 10 PCM, RESERVATORIO 100 L, PRESSAO DE TRABALHO ENTRE 6,9 E 9,7 BAR, POTENCIA 2 HP, TENSAO 110/220 V - JUROS. AF_05/2023","H",0]
["Depreciação, Juros, Impostos e Seguros, Manutenção e Materiais na Operação dos Equipamentos",102968,"COMPRESSOR DE AR, VAZAO DE 10 PCM, RESERVATORIO 100 L, PRESSAO DE TRABALHO ENTRE 6,9 E 9,7 BAR, POTENCIA 2 HP, TENSAO 110/220 V - MANUTENÇÃO. AF_05/2023","H",0]
["Depreciação, Juros, Impostos e Seguros, Manutenção e Materiais na Operação dos Equipamentos",102969,"COMPRESSOR DE AR, VAZAO DE 10 PCM, RESERVATORIO 100 L, PRESSAO DE TRABALHO ENTRE 6,9 E 9,7 BAR, POTENCIA 2 HP, TENSAO 110/220 V - MATERIAIS NA OPERAÇÃO. AF_05/2023","H",0.15,0]
["Depreciação, Juros, Impostos e Seguros, Manutenção e Materiais na Operação dos Equipamentos",102818,"CONJUNTO CILINDRO E BOMBA HIDRÁULICA PARA PROTENSÃO DE MONOBARRAS PARA TIRANTES, ESFORÇO MÁXIMO DE 30 TONELADAS - DEPRECIAÇÃO. AF_05/2023","H",0]
["Depreciação, Juros, Impostos e Seguros, Manutenção e Materiais na Operação dos Equipamentos",102819,"CONJUNTO CILINDRO E BOMBA HIDRÁULICA PARA PROTENSÃO DE MONOBARRAS PARA TIRANTES, ESFORÇO MÁXIMO DE 30 TONELADAS - JUROS. AF_05/2023","H",0]
["Depreciação, Juros, Impostos e Seguros, Manutenção e Materiais na Operação dos Equipamentos",102820,"CONJUNTO CILINDRO E BOMBA HIDRÁULICA PARA PROTENSÃO DE MONOBARRAS PARA TIRANTES, ESFORÇO MÁXIMO DE 30 TONELADAS - MANUTENÇÃO. AF_05/2023","H",0]
["Depreciação, Juros, Impostos e Seguros, Manutenção e Materiais na Operação dos Equipamentos",102832,"CONJUNTO CILINDRO E BOMBA HIDRÁULICA PARA PROTENSÃO DE MONOBARRAS PARA TIRANTES, ESFORÇO MÁXIMO DE 30 TONELADAS - MATERIAIS NA OPERAÇÃO. AF_05/2023","H",8.5,0]
["Depreciação, Juros, Impostos e Seguros, Manutenção e Materiais na Operação dos Equipamentos",102823,"CONJUNTO MACACO E BOMBA HIDRÁULICA PARA PROTENSAO DE CORDOALHAS, ESFORÇO MAXIMO DE 115 TONELADAS - DEPRECIAÇÃO. AF_05/2023","H",0]
["Depreciação, Juros, Impostos e Seguros, Manutenção e Materiais na Operação dos Equipamentos",102824,"CONJUNTO MACACO E BOMBA HIDRÁULICA PARA PROTENSAO DE CORDOALHAS, ESFORÇO MAXIMO DE 115 TONELADAS - JUROS. AF_05/2023","H",0]
["Depreciação, Juros, Impostos e Seguros, Manutenção e Materiais na Operação dos Equipamentos",102825,"CONJUNTO MACACO E BOMBA HIDRÁULICA PARA PROTENSAO DE CORDOALHAS, ESFORÇO MAXIMO DE 115 TONELADAS - MANUTENÇÃO. AF_05/2023","H",0]
["Depreciação, Juros, Impostos e Seguros, Manutenção e Materiais na Operação dos Equipamentos",102826,"CONJUNTO MACACO E BOMBA HIDRÁULICA PARA PROTENSAO DE CORDOALHAS, ESFORÇO MAXIMO DE 115 TONELADAS - MATERIAIS NA OPERAÇÃO. AF_05/2023","H",6.38,0]
["Depreciação, Juros, Impostos e Seguros, Manutenção e Materiais na Operação dos Equipamentos",103934,"CONJUNTO MACACO HIDRÁULICO E CENTRAL DE BOMBEAMENTO MOTORIZADO 1,8 KW PARA PROTENSÃO DE MONOCABOS PARA CONCRETO PROTENDIDO, ESFORÇO MÁXIMO DE 20 TONELADAS - DEPRECIAÇÃO. AF_05/2022","H",0]
["Depreciação, Juros, Impostos e Seguros, Manutenção e Materiais na Operação dos Equipamentos",103935,"CONJUNTO MACACO HIDRÁULICO E CENTRAL DE BOMBEAMENTO MOTORIZADO 1,8 KW PARA PROTENSÃO DE MONOCABOS PARA CONCRETO PROTENDIDO, ESFORÇO MÁXIMO DE 20 TONELADAS - JUROS. AF_05/2022","H",0]
["Depreciação, Juros, Impostos e Seguros, Manutenção e Materiais na Operação dos Equipamentos",103936,"CONJUNTO MACACO HIDRÁULICO E CENTRAL DE BOMBEAMENTO MOTORIZADO 1,8 KW PARA PROTENSÃO DE MONOCABOS PARA CONCRETO PROTENDIDO, ESFORÇO MÁXIMO DE 20 TONELADAS - MANUTENÇÃO. AF_05/2022","H",0]
["Depreciação, Juros, Impostos e Seguros, Manutenção e Materiais na Operação dos Equipamentos",103937,"CONJUNTO MACACO HIDRÁULICO E CENTRAL DE BOMBEAMENTO MOTORIZADO 1,8 KW PARA PROTENSÃO DE MONOCABOS PARA CONCRETO PROTENDIDO, ESFORÇO MÁXIMO DE 20 TONELADAS - MATERIAIS NA OPERAÇÃO. AF_05/2022","H",1.53,0]
["Depreciação, Juros, Impostos e Seguros, Manutenção e Materiais na Operação dos Equipamentos",103940,"CONJUNTO MACACO HIDRÁULICO E CENTRAL DE BOMBEAMENTO MOTORIZADO 1,8 KW PARA PROTENSÃO DE MONOCABOS PARA CONCRETO PROTENDIDO, ESFORÇO MÁXIMO DE 30 TONELADAS - DEPRECIAÇÃO. AF_05/2022","H",0]
["Depreciação, Juros, Impostos e Seguros, Manutenção e Materiais na Operação dos Equipamentos",103941,"CONJUNTO MACACO HIDRÁULICO E CENTRAL DE BOMBEAMENTO MOTORIZADO 1,8 KW PARA PROTENSÃO DE MONOCABOS PARA CONCRETO PROTENDIDO, ESFORÇO MÁXIMO DE 30 TONELADAS - JUROS. AF_05/2022","H",0]
["Depreciação, Juros, Impostos e Seguros, Manutenção e Materiais na Operação dos Equipamentos",103942,"CONJUNTO MACACO HIDRÁULICO E CENTRAL DE BOMBEAMENTO MOTORIZADO 1,8 KW PARA PROTENSÃO DE MONOCABOS PARA CONCRETO PROTENDIDO, ESFORÇO MÁXIMO DE 30 TONELADAS - MANUTENÇÃO. AF_05/2022","H",0]
["Depreciação, Juros, Impostos e Seguros, Manutenção e Materiais na Operação dos Equipamentos",103943,"CONJUNTO MACACO HIDRÁULICO E CENTRAL DE BOMBEAMENTO MOTORIZADO 1,8 KW PARA PROTENSÃO DE MONOCABOS PARA CONCRETO PROTENDIDO, ESFORÇO MÁXIMO DE 30 TONELADAS - MATERIAIS NA OPERAÇÃO. AF_05/2022","H",1.53,0]
["Depreciação, Juros, Impostos e Seguros, Manutenção e Materiais na Operação dos Equipamentos",91279,"CORTADORA DE PISO COM MOTOR 4 TEMPOS A GASOLINA, POTÊNCIA DE 13 HP, COM DISCO DE CORTE DIAMANTADO SEGMENTADO PARA CONCRETO, DIÂMETRO DE 350 MM, FURO DE 1\" (14 X 1\") - DEPRECIAÇÃO. AF_08/2015","H",0.88,0]
["Depreciação, Juros, Impostos e Seguros, Manutenção e Materiais na Operação dos Equipamentos",91280,"CORTADORA DE PISO COM MOTOR 4 TEMPOS A GASOLINA, POTÊNCIA DE 13 HP, COM DISCO DE CORTE DIAMANTADO SEGMENTADO PARA CONCRETO, DIÂMETRO DE 350 MM, FURO DE 1\" (14 X 1\") - JUROS. AF_08/2015","H",0.2,0]
["Depreciação, Juros, Impostos e Seguros, Manutenção e Materiais na Operação dos Equipamentos",91281,"CORTADORA DE PISO COM MOTOR 4 TEMPOS A GASOLINA, POTÊNCIA DE 13 HP, COM DISCO DE CORTE DIAMANTADO SEGMENTADO PARA CONCRETO, DIÂMETRO DE 350 MM, FURO DE 1\" (14 X 1\") - MANUTENÇÃO. AF_08/2015","H",1.1100000000000001,0]
["Depreciação, Juros, Impostos e Seguros, Manutenção e Materiais na Operação dos Equipamentos",91282,"CORTADORA DE PISO COM MOTOR 4 TEMPOS A GASOLINA, POTÊNCIA DE 13 HP, COM DISCO DE CORTE DIAMANTADO SEGMENTADO PARA CONCRETO, DIÂMETRO DE 350 MM, FURO DE 1\" (14 X 1\") - MATERIAIS NA OPERAÇÃO. AF_08/2015","H",9.26,0]
["Depreciação, Juros, Impostos e Seguros, Manutenção e Materiais na Operação dos Equipamentos",95278,"DESEMPENADEIRA DE CONCRETO, PESO DE 78 KG, 4 PÁS, MOTOR A GASOLINA, POTÊNCIA 5,5 HP - DEPRECIAÇÃO. AF_05/2023","H",0.76,1]
["Depreciação, Juros, Impostos e Seguros, Manutenção e Materiais na Operação dos Equipamentos",95279,"DESEMPENADEIRA DE CONCRETO, PESO DE 78 KG, 4 PÁS, MOTOR A GASOLINA, POTÊNCIA 5,5 HP - JUROS. AF_05/2023","H",0.15,1]
["Depreciação, Juros, Impostos e Seguros, Manutenção e Materiais na Operação dos Equipamentos",95280,"DESEMPENADEIRA DE CONCRETO, PESO DE 78 KG, 4 PÁS, MOTOR A GASOLINA, POTÊNCIA 5,5 HP - MANUTENÇÃO. AF_05/2023","H",0.74,1]
["Depreciação, Juros, Impostos e Seguros, Manutenção e Materiais na Operação dos Equipamentos",95281,"DESEMPENADEIRA DE CONCRETO, PESO DE 78 KG, 4 PÁS, MOTOR A GASOLINA, POTÊNCIA 5,5 HP MATERIAIS NA OPERAÇÃO. AF_05/2023","H",9.1999999999999993,0]
["Depreciação, Juros, Impostos e Seguros, Manutenção e Materiais na Operação dos Equipamentos",95124,"DISTRIBUIDOR DE AGREGADOS AUTOPROPELIDO, C/AP 3 M3, A DIESEL, POTÊNCIA 176CV - JUROS. AF_07/2016","H",5.73,1]
["Depreciação, Juros, Impostos e Seguros, Manutenção e Materiais na Operação dos Equipamentos",95123,"DISTRIBUIDOR DE AGREGADOS AUTOPROPELIDO, CAP 3 M3, A DIESEL, POTÊNCIA 176CV - DEPRECIAÇÃO. AF_07/2016","H",18.579999999999998,1]
["Depreciação, Juros, Impostos e Seguros, Manutenção e Materiais na Operação dos Equipamentos",95125,"DISTRIBUIDOR DE AGREGADOS AUTOPROPELIDO, CAP 3 M3, A DIESEL, POTÊNCIA 176CV - MANUTENÇÃO. AF_07/2016","H",20.329999999999998,1]
["Depreciação, Juros, Impostos e Seguros, Manutenção e Materiais na Operação dos Equipamentos",95126,"DISTRIBUIDOR DE AGREGADOS AUTOPROPELIDO, CAP 3 M3, A DIESEL, POTÊNCIA 176CV - MATERIAIS NA OPERAÇÃO. AF_07/2016","H",142.49,0]
["Depreciação, Juros, Impostos e Seguros, Manutenção e Materiais na Operação dos Equipamentos",92040,"DISTRIBUIDOR DE AGREGADOS REBOCAVEL, CAPACIDADE 1,9 M³, LARGURA DE TRABALHO 3,66 M - DEPRECIAÇÃO. AF_11/2015","H",6.73,1]
["Depreciação, Juros, Impostos e Seguros, Manutenção e Materiais na Operação dos Equipamentos",92041,"DISTRIBUIDOR DE AGREGADOS REBOCAVEL, CAPACIDADE 1,9 M³, LARGURA DE TRABALHO 3,66 M - JUROS. AF_11/2015","H",1.38,1]
["Depreciação, Juros, Impostos e Seguros, Manutenção e Materiais na Operação dos Equipamentos",92042,"DISTRIBUIDOR DE AGREGADOS REBOCAVEL, CAPACIDADE 1,9 M³, LARGURA DE TRABALHO 3,66 M - MANUTENÇÃO. AF_11/2015","H",5.61,1]
["Depreciação, Juros, Impostos e Seguros, Manutenção e Materiais na Operação dos Equipamentos",102829,"DOBRADEIRA TDC, ESPESSURA 1,5MM - DEPRECIAÇÃO. AF_05/2023","H",0]
["Depreciação, Juros, Impostos e Seguros, Manutenção e Materiais na Operação dos Equipamentos",102830,"DOBRADEIRA TDC, ESPESSURA 1,5MM - JUROS. AF_05/2023","H",0]
["Depreciação, Juros, Impostos e Seguros, Manutenção e Materiais na Operação dos Equipamentos",102831,"DOBRADEIRA TDC, ESPESSURA 1,5MM - MANUTENÇÃO. AF_05/2023","H",0]
["Depreciação, Juros, Impostos e Seguros, Manutenção e Materiais na Operação dos Equipamentos",92114,"DOSADOR DE AREIA, CAPACIDADE DE 26 LITROS - DEPRECIAÇÃO. AF_05/2023","H",0.24,0]
["Depreciação, Juros, Impostos e Seguros, Manutenção e Materiais na Operação dos Equipamentos",92115,"DOSADOR DE AREIA, CAPACIDADE DE 26 LITROS - JUROS. AF_05/2023","H",0.05,0]
["Depreciação, Juros, Impostos e Seguros, Manutenção e Materiais na Operação dos Equipamentos",92116,"DOSADOR DE AREIA, CAPACIDADE DE 26 LITROS - MANUTENÇÃO. AF_05/2023","H",0.17,0]
["Depreciação, Juros, Impostos e Seguros, Manutenção e Materiais na Operação dos Equipamentos",102912,"ENCERADEIRA INDUSTRIAL, 400 MM, 220V, 1 HP - DEPRECIAÇÃO. AF_05/2023","H",0]
["Depreciação, Juros, Impostos e Seguros, Manutenção e Materiais na Operação dos Equipamentos",102913,"ENCERADEIRA INDUSTRIAL, 400 MM, 220V, 1 HP - JUROS. AF_05/2023","H",0]
["Depreciação, Juros, Impostos e Seguros, Manutenção e Materiais na Operação dos Equipamentos",102914,"ENCERADEIRA INDUSTRIAL, 400 MM, 220V, 1 HP - MANUTENÇÃO. AF_05/2023","H",0]
["Depreciação, Juros, Impostos e Seguros, Manutenção e Materiais na Operação dos Equipamentos",102915,"ENCERADEIRA INDUSTRIAL, 400 MM, 220V, 1 HP - MATERIAIS NA OPERAÇÃO. AF_05/2023","H",0.63,0]
["Depreciação, Juros, Impostos e Seguros, Manutenção e Materiais na Operação dos Equipamentos",95716,"ESCAVADEIRA HIDRAULICA SOBRE ESTEIRA, EQUIPADA COM CLAMSHELL, COM CAPACIDADE DA CAÇAMBA ENTRE 1,20 E 1,50 M3, PESO OPERACIONAL ENTRE 20,00 E 22,00 TON, POTENCIA LIQUIDA ENTRE 150 E 160 HP - DEPRECIAÇÃO. AF_11/2016","H",64.36,0]
["Depreciação, Juros, Impostos e Seguros, Manutenção e Materiais na Operação dos Equipamentos",95717,"ESCAVADEIRA HIDRAULICA SOBRE ESTEIRA, EQUIPADA COM CLAMSHELL, COM CAPACIDADE DA CAÇAMBA ENTRE 1,20 E 1,50 M3, PESO OPERACIONAL ENTRE 20,00 E 22,00 TON, POTENCIA LIQUIDA ENTRE 150 E 160 HP - JUROS. AF_11/2016","H",17.010000000000002,0]
["Depreciação, Juros, Impostos e Seguros, Manutenção e Materiais na Operação dos Equipamentos",95718,"ESCAVADEIRA HIDRAULICA SOBRE ESTEIRA, EQUIPADA COM CLAMSHELL, COM CAPACIDADE DA CAÇAMBA ENTRE 1,20 E 1,50 M3, PESO OPERACIONAL ENTRE 20,00 E 22,00 TON, POTENCIA LIQUIDA ENTRE 150 E 160 HP - MANUTENÇÃO. AF_11/2016","H",80.45,0]
["Depreciação, Juros, Impostos e Seguros, Manutenção e Materiais na Operação dos Equipamentos",95719,"ESCAVADEIRA HIDRAULICA SOBRE ESTEIRA, EQUIPADA COM CLAMSHELL, COM CAPACIDADE DA CAÇAMBA ENTRE 1,20 E 1,50 M3, PESO OPERACIONAL ENTRE 20,00 E 22,00 TON, POTENCIA LIQUIDA ENTRE 150 E 160 HP - MATERIAIS NA OPERAÇÃO. AF_11/2016","H",87.02,0]
["Depreciação, Juros, Impostos e Seguros, Manutenção e Materiais na Operação dos Equipamentos",104712,"ESCAVADEIRA HIDRÁULICA DE BRAÇO LONGO (LONGO ALCANCE) SOBRE ESTEIRAS, CAÇAMBA 0,52 M3, PESO OPERACIONAL 24 T, POTÊNCIA LÍQUIDA 155 HP - DEPRECIAÇÃO. AF_06/2023","H",60.49,0]
["Depreciação, Juros, Impostos e Seguros, Manutenção e Materiais na Operação dos Equipamentos",104713,"ESCAVADEIRA HIDRÁULICA DE BRAÇO LONGO (LONGO ALCANCE) SOBRE ESTEIRAS, CAÇAMBA 0,52 M3, PESO OPERACIONAL 24 T, POTÊNCIA LÍQUIDA 155 HP - JUROS. AF_06/2023","H",15.98,0]
["Depreciação, Juros, Impostos e Seguros, Manutenção e Materiais na Operação dos Equipamentos",104714,"ESCAVADEIRA HIDRÁULICA DE BRAÇO LONGO (LONGO ALCANCE) SOBRE ESTEIRAS, CAÇAMBA 0,52 M3, PESO OPERACIONAL 24 T, POTÊNCIA LÍQUIDA 155 HP - MANUTENÇÃO. AF_06/2023","H",75.61,0]
["Depreciação, Juros, Impostos e Seguros, Manutenção e Materiais na Operação dos Equipamentos",104715,"ESCAVADEIRA HIDRÁULICA DE BRAÇO LONGO (LONGO ALCANCE) SOBRE ESTEIRAS, CAÇAMBA 0,52 M3, PESO OPERACIONAL 24 T, POTÊNCIA LÍQUIDA 155 HP - MATERIAIS NA OPERAÇÃO. AF_06/2023","H",87.02,0]
["Depreciação, Juros, Impostos e Seguros, Manutenção e Materiais na Operação dos Equipamentos",102894,"ESCAVADEIRA HIDRÁULICA SOBRE ESTEIRA, PESO OPERACIONAL ENTRE 22,00 E 23,50 T, POTÊNCIA NOMINAL 139 HP, COM MARTELO ROMPEDOR HIDRÁULICO 1700 KG - DEPRECIAÇÃO. AF_04/2019","H",0]
["Depreciação, Juros, Impostos e Seguros, Manutenção e Materiais na Operação dos Equipamentos",104161,"ESCAVADEIRA HIDRÁULICA SOBRE ESTEIRA, PESO OPERACIONAL ENTRE 22,00 E 23,50 T, POTÊNCIA NOMINAL 139 HP, COM MARTELO ROMPEDOR HIDRÁULICO 1700 KG - JUROS. AF_04/2019","H",0]
["Depreciação, Juros, Impostos e Seguros, Manutenção e Materiais na Operação dos Equipamentos",102896,"ESCAVADEIRA HIDRÁULICA SOBRE ESTEIRA, PESO OPERACIONAL ENTRE 22,00 E 23,50 T, POTÊNCIA NOMINAL 139 HP, COM MARTELO ROMPEDOR HIDRÁULICO 1700 KG - MANUTENÇÃO. AF_04/2019","H",0]
["Depreciação, Juros, Impostos e Seguros, Manutenção e Materiais na Operação dos Equipamentos",102897,"ESCAVADEIRA HIDRÁULICA SOBRE ESTEIRA, PESO OPERACIONAL ENTRE 22,00 E 23,50 T, POTÊNCIA NOMINAL 139 HP, COM MARTELO ROMPEDOR HIDRÁULICO 1700 KG - MATERIAIS NA OPERAÇÃO. AF_04/2019","H",87.02,0]
["Depreciação, Juros, Impostos e Seguros, Manutenção e Materiais na Operação dos Equipamentos",5627,"ESCAVADEIRA HIDRÁULICA SOBRE ESTEIRAS, CAÇAMBA 0,80 M3, PESO OPERACIONAL 17 T, POTENCIA BRUTA 111 HP - DEPRECIAÇÃO. AF_06/2014","H",46.48,0]
["Depreciação, Juros, Impostos e Seguros, Manutenção e Materiais na Operação dos Equipamentos",5628,"ESCAVADEIRA HIDRÁULICA SOBRE ESTEIRAS, CAÇAMBA 0,80 M3, PESO OPERACIONAL 17 T, POTENCIA BRUTA 111 HP - JUROS. AF_06/2014","H",12.28,0]
["Depreciação, Juros, Impostos e Seguros, Manutenção e Materiais na Operação dos Equipamentos",5629,"ESCAVADEIRA HIDRÁULICA SOBRE ESTEIRAS, CAÇAMBA 0,80 M3, PESO OPERACIONAL 17 T, POTENCIA BRUTA 111 HP - MANUTENÇÃO. AF_06/2014","H",58.1,0]
["Depreciação, Juros, Impostos e Seguros, Manutenção e Materiais na Operação dos Equipamentos",5630,"ESCAVADEIRA HIDRÁULICA SOBRE ESTEIRAS, CAÇAMBA 0,80 M3, PESO OPERACIONAL 17 T, POTENCIA BRUTA 111 HP - MATERIAIS NA OPERAÇÃO. AF_06/2014","H",62.35,0]
["Depreciação, Juros, Impostos e Seguros, Manutenção e Materiais na Operação dos Equipamentos",88900,"ESCAVADEIRA HIDRÁULICA SOBRE ESTEIRAS, CAÇAMBA 1,20 M3, PESO OPERACIONAL 21 T, POTÊNCIA BRUTA 155 HP - DEPRECIAÇÃO. AF_06/2014","H",52.59,0]
["Depreciação, Juros, Impostos e Seguros, Manutenção e Materiais na Operação dos Equipamentos",88902,"ESCAVADEIRA HIDRÁULICA SOBRE ESTEIRAS, CAÇAMBA 1,20 M3, PESO OPERACIONAL 21 T, POTÊNCIA BRUTA 155 HP - JUROS. AF_06/2014","H",13.89,0]
["Depreciação, Juros, Impostos e Seguros, Manutenção e Materiais na Operação dos Equipamentos",88903,"ESCAVADEIRA HIDRÁULICA SOBRE ESTEIRAS, CAÇAMBA 1,20 M3, PESO OPERACIONAL 21 T, POTÊNCIA BRUTA 155 HP - MANUTENÇÃO. AF_06/2014","H",65.739999999999995,0]
["Depreciação, Juros, Impostos e Seguros, Manutenção e Materiais na Operação dos Equipamentos",88904,"ESCAVADEIRA HIDRÁULICA SOBRE ESTEIRAS, CAÇAMBA 1,20 M3, PESO OPERACIONAL 21 T, POTÊNCIA BRUTA 155 HP - MATERIAIS NA OPERAÇÃO. AF_06/2014","H",87.02,0]
["Depreciação, Juros, Impostos e Seguros, Manutenção e Materiais na Operação dos Equipamentos",88569,"ESPARGIDOR DE ASFALTO PRESSURIZADO COM TANQUE DE 2500 L, REBOCÁVEL COM MOTOR A GASOLINA POTÊNCIA 3,4 HP - DEPRECIAÇÃO. AF_07/2014","H",3.85,1]
["Depreciação, Juros, Impostos e Seguros, Manutenção e Materiais na Operação dos Equipamentos",88570,"ESPARGIDOR DE ASFALTO PRESSURIZADO COM TANQUE DE 2500 L, REBOCÁVEL COM MOTOR A GASOLINA POTÊNCIA 3,4 HP - JUROS. AF_07/2014","H",1.33,1]
["Depreciação, Juros, Impostos e Seguros, Manutenção e Materiais na Operação dos Equipamentos",5765,"ESPARGIDOR DE ASFALTO PRESSURIZADO COM TANQUE DE 2500 L, REBOCÁVEL COM MOTOR A GASOLINA POTÊNCIA 3,4 HP - MANUTENÇÃO. AF_07/2014","H",4.82,1]
["Depreciação, Juros, Impostos e Seguros, Manutenção e Materiais na Operação dos Equipamentos",5766,"ESPARGIDOR DE ASFALTO PRESSURIZADO COM TANQUE DE 2500 L, REBOCÁVEL COM MOTOR A GASOLINA POTÊNCIA 3,4 HP - MATERIAIS NA OPERAÇÃO. AF_07/2014","H",3.06,0]
["Depreciação, Juros, Impostos e Seguros, Manutenção e Materiais na Operação dos Equipamentos",91468,"ESPARGIDOR DE ASFALTO PRESSURIZADO, TANQUE 6 M3 COM ISOLAÇÃO TÉRMICA, AQUECIDO COM 2 MAÇARICOS, COM BARRA ESPARGIDORA 3,60 M, MONTADO SOBRE CAMINHÃO TOCO, PBT 14.300 KG, POTÊNCIA 185 CV - DEPRECIAÇÃO. AF_05/2023","H",26.44,0.30940000000000001]
["Depreciação, Juros, Impostos e Seguros, Manutenção e Materiais na Operação dos Equipamentos",91484,"ESPARGIDOR DE ASFALTO PRESSURIZADO, TANQUE 6 M3 COM ISOLAÇÃO TÉRMICA, AQUECIDO COM 2 MAÇARICOS, COM BARRA ESPARGIDORA 3,60 M, MONTADO SOBRE CAMINHÃO TOCO, PBT 14.300 KG, POTÊNCIA 185 CV - IMPOSTOS E SEGUROS. AF_05/2023","H",4.18,0.27510000000000001]
["Depreciação, Juros, Impostos e Seguros, Manutenção e Materiais na Operação dos Equipamentos",91469,"ESPARGIDOR DE ASFALTO PRESSURIZADO, TANQUE 6 M3 COM ISOLAÇÃO TÉRMICA, AQUECIDO COM 2 MAÇARICOS, COM BARRA ESPARGIDORA 3,60 M, MONTADO SOBRE CAMINHÃO TOCO, PBT 14.300 KG, POTÊNCIA 185 CV - JUROS. AF_05/2023","H",10.34,0.2747]
["Depreciação, Juros, Impostos e Seguros, Manutenção e Materiais na Operação dos Equipamentos",83361,"ESPARGIDOR DE ASFALTO PRESSURIZADO, TANQUE 6 M3 COM ISOLAÇÃO TÉRMICA, AQUECIDO COM 2 MAÇARICOS, COM BARRA ESPARGIDORA 3,60 M, MONTADO SOBRE CAMINHÃO TOCO, PBT 14.300 KG, POTÊNCIA 185 CV - MANUTENÇÃO. AF_08/2015","H",44.41,0.23039999999999999]
["Depreciação, Juros, Impostos e Seguros, Manutenção e Materiais na Operação dos Equipamentos",91485,"ESPARGIDOR DE ASFALTO PRESSURIZADO, TANQUE 6 M3 COM ISOLAÇÃO TÉRMICA, AQUECIDO COM 2 MAÇARICOS, COM BARRA ESPARGIDORA 3,60 M, MONTADO SOBRE CAMINHÃO TOCO, PBT 14.300 KG, POTÊNCIA 185 CV - MATERIAIS NA OPERAÇÃO. AF_05/2023","H",149.78,0]
["Depreciação, Juros, Impostos e Seguros, Manutenção e Materiais na Operação dos Equipamentos",102835,"ESTABILIZADOR DE LINHA E PRESSÃO, CAPACIDADE DE 120 BAR, COM MANÔMETRO DE LEITURA, REGISTRO DE 1 COM RETORNO E LINHA - DEPRECIAÇÃO. AF_05/2023","H",0]
["Depreciação, Juros, Impostos e Seguros, Manutenção e Materiais na Operação dos Equipamentos",102836,"ESTABILIZADOR DE LINHA E PRESSÃO, CAPACIDADE DE 120 BAR, COM MANÔMETRO DE LEITURA, REGISTRO DE 1 COM RETORNO E LINHA - JUROS. AF_05/2023","H",0]
["Depreciação, Juros, Impostos e Seguros, Manutenção e Materiais na Operação dos Equipamentos",102837,"ESTABILIZADOR DE LINHA E PRESSÃO, CAPACIDADE DE 120 BAR, COM MANÔMETRO DE LEITURA, REGISTRO DE 1 COM RETORNO E LINHA - MANUTENÇÃO. AF_05/2023","H",0]
["Depreciação, Juros, Impostos e Seguros, Manutenção e Materiais na Operação dos Equipamentos",89230,"FRESADORA DE ASFALTO A FRIO SOBRE RODAS, LARGURA FRESAGEM DE 1,0 M, POTÊNCIA 208 HP - DEPRECIAÇÃO. AF_11/2014","H",117.11,1]
["Depreciação, Juros, Impostos e Seguros, Manutenção e Materiais na Operação dos Equipamentos",89231,"FRESADORA DE ASFALTO A FRIO SOBRE RODAS, LARGURA FRESAGEM DE 1,0 M, POTÊNCIA 208 HP - JUROS. AF_11/2014","H",35.86,1]
["Depreciação, Juros, Impostos e Seguros, Manutenção e Materiais na Operação dos Equipamentos",89232,"FRESADORA DE ASFALTO A FRIO SOBRE RODAS, LARGURA FRESAGEM DE 1,0 M, POTÊNCIA 208 HP - MANUTENÇÃO. AF_11/2014","H",208.9,1]
["Depreciação, Juros, Impostos e Seguros, Manutenção e Materiais na Operação dos Equipamentos",89233,"FRESADORA DE ASFALTO A FRIO SOBRE RODAS, LARGURA FRESAGEM DE 1,0 M, POTÊNCIA 208 HP - MATERIAIS NA OPERAÇÃO. AF_11/2014","H",161.71,0]
["Depreciação, Juros, Impostos e Seguros, Manutenção e Materiais na Operação dos Equipamentos",89236,"FRESADORA DE ASFALTO A FRIO SOBRE RODAS, LARGURA FRESAGEM DE 2,0 M, POTÊNCIA 550 HP - DEPRECIAÇÃO. AF_11/2014","H",273.58,1]
["Depreciação, Juros, Impostos e Seguros, Manutenção e Materiais na Operação dos Equipamentos",89237,"FRESADORA DE ASFALTO A FRIO SOBRE RODAS, LARGURA FRESAGEM DE 2,0 M, POTÊNCIA 550 HP - JUROS. AF_11/2014","H",83.77,1]
["Depreciação, Juros, Impostos e Seguros, Manutenção e Materiais na Operação dos Equipamentos",89238,"FRESADORA DE ASFALTO A FRIO SOBRE RODAS, LARGURA FRESAGEM DE 2,0 M, POTÊNCIA 550 HP - MANUTENÇÃO. AF_11/2014","H",488,1]
["Depreciação, Juros, Impostos e Seguros, Manutenção e Materiais na Operação dos Equipamentos",89239,"FRESADORA DE ASFALTO A FRIO SOBRE RODAS, LARGURA FRESAGEM DE 2,0 M, POTÊNCIA 550 HP - MATERIAIS NA OPERAÇÃO. AF_11/2014","H",427.64,0]
["Depreciação, Juros, Impostos e Seguros, Manutenção e Materiais na Operação dos Equipamentos",102930,"FURADEIRA ELETROMAGNÉTICA, VELOCIDADE (SEM CARGA/ COM CARGA) 450/ 270 RPM, ESPESSURA MÁXIMA DA CHAPA A SER FURADA 50 MM, PORÇA DE ADESÃO MAGNÉTICA 17000 N, POTÊNCIA 1100 W, ALIMENTÇÃO 220 - 60 HZ, MONOFÁSICA - DEPRECIAÇÃO. AF_08/2019","H",0]
["Depreciação, Juros, Impostos e Seguros, Manutenção e Materiais na Operação dos Equipamentos",102931,"FURADEIRA ELETROMAGNÉTICA, VELOCIDADE (SEM CARGA/ COM CARGA) 450/ 270 RPM, ESPESSURA MÁXIMA DA CHAPA A SER FURADA 50 MM, PORÇA DE ADESÃO MAGNÉTICA 17000 N, POTÊNCIA 1100 W, ALIMENTÇÃO 220 - 60 HZ, MONOFÁSICA - JUROS. AF_08/2019","H",0]
["Depreciação, Juros, Impostos e Seguros, Manutenção e Materiais na Operação dos Equipamentos",102932,"FURADEIRA ELETROMAGNÉTICA, VELOCIDADE (SEM CARGA/ COM CARGA) 450/ 270 RPM, ESPESSURA MÁXIMA DA CHAPA A SER FURADA 50 MM, PORÇA DE ADESÃO MAGNÉTICA 17000 N, POTÊNCIA 1100 W, ALIMENTÇÃO 220 - 60 HZ, MONOFÁSICA - MANUTENÇÃO. AF_08/2019","H",0]
["Depreciação, Juros, Impostos e Seguros, Manutenção e Materiais na Operação dos Equipamentos",102933,"FURADEIRA ELETROMAGNÉTICA, VELOCIDADE (SEM CARGA/ COM CARGA) 450/ 270 RPM, ESPESSURA MÁXIMA DA CHAPA A SER FURADA 50 MM, PORÇA DE ADESÃO MAGNÉTICA 17000 N, POTÊNCIA 1100 W, ALIMENTÇÃO 220 - 60 HZ, MONOFÁSICA - MATERIAIS NA OPERAÇÃO. AF_08/2019","H",0.94,0]
["Depreciação, Juros, Impostos e Seguros, Manutenção e Materiais na Operação dos Equipamentos",93411,"GERADOR PORTÁTIL MONOFÁSICO, POTÊNCIA 5500 VA, MOTOR A GASOLINA, POTÊNCIA DO MOTOR 13 CV - DEPRECIAÇÃO. AF_03/2016","H",0.34,0]
["Depreciação, Juros, Impostos e Seguros, Manutenção e Materiais na Operação dos Equipamentos",93412,"GERADOR PORTÁTIL MONOFÁSICO, POTÊNCIA 5500 VA, MOTOR A GASOLINA, POTÊNCIA DO MOTOR 13 CV - JUROS. AF_03/2016","H",0.12,0]
["Depreciação, Juros, Impostos e Seguros, Manutenção e Materiais na Operação dos Equipamentos",93413,"GERADOR PORTÁTIL MONOFÁSICO, POTÊNCIA 5500 VA, MOTOR A GASOLINA, POTÊNCIA DO MOTOR 13 CV - MANUTENÇÃO. AF_03/2016","H",0.3,0]
["Depreciação, Juros, Impostos e Seguros, Manutenção e Materiais na Operação dos Equipamentos",93414,"GERADOR PORTÁTIL MONOFÁSICO, POTÊNCIA 5500 VA, MOTOR A GASOLINA, POTÊNCIA DO MOTOR 13 CV - MATERIAIS NA OPERAÇÃO. AF_03/2016","H",11.62,0]
["Depreciação, Juros, Impostos e Seguros, Manutenção e Materiais na Operação dos Equipamentos",88855,"GRADE DE DISCO CONTROLE REMOTO REBOCÁVEL, COM 24 DISCOS 24\" X 6 MM COM PNEUS PARA TRANSPORTE - DEPRECIAÇÃO. AF_06/2014","H",3.33,1]
["Depreciação, Juros, Impostos e Seguros, Manutenção e Materiais na Operação dos Equipamentos",88856,"GRADE DE DISCO CONTROLE REMOTO REBOCÁVEL, COM 24 DISCOS 24\" X 6 MM COM PNEUS PARA TRANSPORTE - JUROS. AF_06/2014","H",0.91,1]
["Depreciação, Juros, Impostos e Seguros, Manutenção e Materiais na Operação dos Equipamentos",5658,"GRADE DE DISCO CONTROLE REMOTO REBOCÁVEL, COM 24 DISCOS 24\" X 6 MM COM PNEUS PARA TRANSPORTE - MANUTENÇÃO. AF_06/2014","H",2.31,1]
["Depreciação, Juros, Impostos e Seguros, Manutenção e Materiais na Operação dos Equipamentos",53840,"GRADE DE DISCO REBOCÁVEL COM 20 DISCOS 24\" X 6 MM COM PNEUS PARA TRANSPORTE - DEPRECIAÇÃO. AF_06/2014","H",2.61,1]
["Depreciação, Juros, Impostos e Seguros, Manutenção e Materiais na Operação dos Equipamentos",87026,"GRADE DE DISCO REBOCÁVEL COM 20 DISCOS 24\" X 6 MM COM PNEUS PARA TRANSPORTE - JUROS. AF_06/2014","H",0.71,1]
["Depreciação, Juros, Impostos e Seguros, Manutenção e Materiais na Operação dos Equipamentos",53841,"GRADE DE DISCO REBOCÁVEL COM 20 DISCOS 24\" X 6 MM COM PNEUS PARA TRANSPORTE - MANUTENÇÃO. AF_06/2014","H",1.81,1]
["Depreciação, Juros, Impostos e Seguros, Manutenção e Materiais na Operação dos Equipamentos",95209,"GRUA ASCENCIONAL, LANCA DE 42 M, CAPACIDADE DE 1,5 T A 30 M, ALTURA ATE 39 M JUROS. AF_05/2023","H",12.42,1]
["Depreciação, Juros, Impostos e Seguros, Manutenção e Materiais na Operação dos Equipamentos",95210,"GRUA ASCENCIONAL, LANCA DE 42 M, CAPACIDADE DE 1,5 T A 30 M, ALTURA ATE 39 M MANUTENÇÃO. AF_05/2023","H",58.74,1]
["Depreciação, Juros, Impostos e Seguros, Manutenção e Materiais na Operação dos Equipamentos",95211,"GRUA ASCENCIONAL, LANCA DE 42 M, CAPACIDADE DE 1,5 T A 30 M, ALTURA ATE 39 M MATERIAIS NA OPERAÇÃO. AF_05/2023","H",9.35,0]
["Depreciação, Juros, Impostos e Seguros, Manutenção e Materiais na Operação dos Equipamentos",93267,"GRUA ASCENCIONAL, LANÇA DE 30 M, CAPACIDADE DE 1,0 T A 30 M, ALTURA ATÉ 39 M DEPRECIAÇÃO. AF_05/2023","H",26.66,1]
["Depreciação, Juros, Impostos e Seguros, Manutenção e Materiais na Operação dos Equipamentos",93269,"GRUA ASCENCIONAL, LANÇA DE 30 M, CAPACIDADE DE 1,0 T A 30 M, ALTURA ATÉ 39 M JUROS. AF_05/2023","H",10,1]
["Depreciação, Juros, Impostos e Seguros, Manutenção e Materiais na Operação dos Equipamentos",93270,"GRUA ASCENCIONAL, LANÇA DE 30 M, CAPACIDADE DE 1,0 T A 30 M, ALTURA ATÉ 39 M MANUTENÇÃO. AF_05/2023","H",25.92,1]
["Depreciação, Juros, Impostos e Seguros, Manutenção e Materiais na Operação dos Equipamentos",93271,"GRUA ASCENCIONAL, LANÇA DE 30 M, CAPACIDADE DE 1,0 T A 30 M, ALTURA ATÉ 39 M MATERIAIS NA OPERAÇÃO. AF_05/2023","H",9.35,0]
["Depreciação, Juros, Impostos e Seguros, Manutenção e Materiais na Operação dos Equipamentos",95208,"GRUA ASCENCIONAL, LANÇA DE 42 M, CAPACIDADE DE 1,5 T A 30 M, ALTURA ATÉ 39 M DEPRECIAÇÃO. AF_05/2023","H",53.71,1]
["Depreciação, Juros, Impostos e Seguros, Manutenção e Materiais na Operação dos Equipamentos",83761,"GRUPO DE SOLDAGEM COM GERADOR A DIESEL 60 CV PARA SOLDA ELÉTRICA, SOBRE 04 RODAS, COM MOTOR 4 CILINDROS 600 A - DEPRECIAÇÃO. AF_02/2016","H",9.4700000000000006,0]
["Depreciação, Juros, Impostos e Seguros, Manutenção e Materiais na Operação dos Equipamentos",83764,"GRUPO DE SOLDAGEM COM GERADOR A DIESEL 60 CV PARA SOLDA ELÉTRICA, SOBRE 04 RODAS, COM MOTOR 4 CILINDROS 600 A - JUROS. AF_02/2016","H",3.33,0]
["Depreciação, Juros, Impostos e Seguros, Manutenção e Materiais na Operação dos Equipamentos",83762,"GRUPO DE SOLDAGEM COM GERADOR A DIESEL 60 CV PARA SOLDA ELÉTRICA, SOBRE 04 RODAS, COM MOTOR 4 CILINDROS 600 A - MANUTENÇÃO. AF_02/2016","H",8.4499999999999993,0]
["Depreciação, Juros, Impostos e Seguros, Manutenção e Materiais na Operação dos Equipamentos",83763,"GRUPO DE SOLDAGEM COM GERADOR A DIESEL 60 CV PARA SOLDA ELÉTRICA, SOBRE 04 RODAS, COM MOTOR 4 CILINDROS 600 A - MATERIAIS NA OPERAÇÃO. AF_02/2016","H",48.57,0]
["Depreciação, Juros, Impostos e Seguros, Manutenção e Materiais na Operação dos Equipamentos",95874,"GRUPO GERADOR COM CARENAGEM, MOTOR DIESEL POTÊNCIA STANDART ENTRE 250 E 260 KVA - DEPRECIAÇÃO. AF_12/2016","H",10.119999999999999,0]
["Depreciação, Juros, Impostos e Seguros, Manutenção e Materiais na Operação dos Equipamentos",95869,"GRUPO GERADOR COM CARENAGEM, MOTOR DIESEL POTÊNCIA STANDART ENTRE 250 E 260 KVA - JUROS. AF_12/2016","H",3.56,0]
["Depreciação, Juros, Impostos e Seguros, Manutenção e Materiais na Operação dos Equipamentos",95870,"GRUPO GERADOR COM CARENAGEM, MOTOR DIESEL POTÊNCIA STANDART ENTRE 250 E 260 KVA - MANUTENÇÃO. AF_12/2016","H",9.0299999999999994,0]
["Depreciação, Juros, Impostos e Seguros, Manutenção e Materiais na Operação dos Equipamentos",95871,"GRUPO GERADOR COM CARENAGEM, MOTOR DIESEL POTÊNCIA STANDART ENTRE 250 E 260 KVA - MATERIAIS NA OPERAÇÃO. AF_12/2016","H",264.25,0]
["Depreciação, Juros, Impostos e Seguros, Manutenção e Materiais na Operação dos Equipamentos",104684,"GRUPO GERADOR DIESEL, COM CARENAGEM, POTÊNCIA STANDART ENTRE 400 E 460 KVA, VELOCIDADE DE 1800 RPM, FREQUÊNCIA DE 60 HZ - DEPRECIAÇÃO. AF_05/2023","H",0]
["Depreciação, Juros, Impostos e Seguros, Manutenção e Materiais na Operação dos Equipamentos",104685,"GRUPO GERADOR DIESEL, COM CARENAGEM, POTÊNCIA STANDART ENTRE 400 E 460 KVA, VELOCIDADE DE 1800 RPM, FREQUÊNCIA DE 60 HZ - JUROS. AF_05/2023","H",0]
["Depreciação, Juros, Impostos e Seguros, Manutenção e Materiais na Operação dos Equipamentos",104686,"GRUPO GERADOR DIESEL, COM CARENAGEM, POTÊNCIA STANDART ENTRE 400 E 460 KVA, VELOCIDADE DE 1800 RPM, FREQUÊNCIA DE 60 HZ - MANUTENÇÃO. AF_05/2023","H",0]
["Depreciação, Juros, Impostos e Seguros, Manutenção e Materiais na Operação dos Equipamentos",104687,"GRUPO GERADOR DIESEL, COM CARENAGEM, POTÊNCIA STANDART ENTRE 400 E 460 KVA, VELOCIDADE DE 1800 RPM, FREQUÊNCIA DE 60 HZ - MATERIAIS NA OPERAÇÃO. AF_05/2023","H",434.94,0]
["Depreciação, Juros, Impostos e Seguros, Manutenção e Materiais na Operação dos Equipamentos",73303,"GRUPO GERADOR ESTACIONÁRIO, MOTOR DIESEL POTÊNCIA 170 KVA - DEPRECIAÇÃO. AF_02/2016","H",7.11,0]
["Depreciação, Juros, Impostos e Seguros, Manutenção e Materiais na Operação dos Equipamentos",93235,"GRUPO GERADOR ESTACIONÁRIO, MOTOR DIESEL POTÊNCIA 170 KVA - JUROS. AF_02/2016","H",2.5,0]
["Depreciação, Juros, Impostos e Seguros, Manutenção e Materiais na Operação dos Equipamentos",73307,"GRUPO GERADOR ESTACIONÁRIO, MOTOR DIESEL POTÊNCIA 170 KVA - MANUTENÇÃO. AF_02/2016","H",6.34,0]
["Depreciação, Juros, Impostos e Seguros, Manutenção e Materiais na Operação dos Equipamentos",73311,"GRUPO GERADOR ESTACIONÁRIO, MOTOR DIESEL POTÊNCIA 170 KVA - MATERIAIS NA OPERAÇÃO. AF_02/2016","H",172.36,0]
["Depreciação, Juros, Impostos e Seguros, Manutenção e Materiais na Operação dos Equipamentos",93423,"GRUPO GERADOR ESTACIONÁRIO, POTÊNCIA 150 KVA, MOTOR A DIESEL- DEPRECIAÇÃO. AF_03/2016","H",6.33,0]
["Depreciação, Juros, Impostos e Seguros, Manutenção e Materiais na Operação dos Equipamentos",93424,"GRUPO GERADOR ESTACIONÁRIO, POTÊNCIA 150 KVA, MOTOR A DIESEL- JUROS. AF_03/2016","H",2.23,0]
["Depreciação, Juros, Impostos e Seguros, Manutenção e Materiais na Operação dos Equipamentos",93425,"GRUPO GERADOR ESTACIONÁRIO, POTÊNCIA 150 KVA, MOTOR A DIESEL- MANUTENÇÃO. AF_03/2016","H",5.65,0]
["Depreciação, Juros, Impostos e Seguros, Manutenção e Materiais na Operação dos Equipamentos",93426,"GRUPO GERADOR ESTACIONÁRIO, POTÊNCIA 150 KVA, MOTOR A DIESEL- MATERIAIS NA OPERAÇÃO. AF_03/2016","H",155.11000000000001,0]
["Depreciação, Juros, Impostos e Seguros, Manutenção e Materiais na Operação dos Equipamentos",93417,"GRUPO GERADOR REBOCÁVEL, POTÊNCIA 66 KVA, MOTOR A DIESEL - DEPRECIAÇÃO. AF_03/2016","H",4.47,0]
["Depreciação, Juros, Impostos e Seguros, Manutenção e Materiais na Operação dos Equipamentos",93418,"GRUPO GERADOR REBOCÁVEL, POTÊNCIA 66 KVA, MOTOR A DIESEL - JUROS. AF_03/2016","H",1.57,0]
["Depreciação, Juros, Impostos e Seguros, Manutenção e Materiais na Operação dos Equipamentos",93419,"GRUPO GERADOR REBOCÁVEL, POTÊNCIA 66 KVA, MOTOR A DIESEL - MANUTENÇÃO. AF_03/2016","H",3.99,0]
["Depreciação, Juros, Impostos e Seguros, Manutenção e Materiais na Operação dos Equipamentos",93420,"GRUPO GERADOR REBOCÁVEL, POTÊNCIA 66 KVA, MOTOR A DIESEL - MATERIAIS NA OPERAÇÃO. AF_03/2016","H",64.900000000000006,0]
["Depreciação, Juros, Impostos e Seguros, Manutenção e Materiais na Operação dos Equipamentos",93277,"GUINCHO ELÉTRICO DE COLUNA, CAPACIDADE 400 KG, COM MOTO FREIO, MOTOR TRIFÁSICO DE 1,25 CV - DEPRECIAÇÃO. AF_03/2016","H",0.34,0]
["Depreciação, Juros, Impostos e Seguros, Manutenção e Materiais na Operação dos Equipamentos",93278,"GUINCHO ELÉTRICO DE COLUNA, CAPACIDADE 400 KG, COM MOTO FREIO, MOTOR TRIFÁSICO DE 1,25 CV - JUROS. AF_03/2016","H",0.08,0]
["Depreciação, Juros, Impostos e Seguros, Manutenção e Materiais na Operação dos Equipamentos",93279,"GUINCHO ELÉTRICO DE COLUNA, CAPACIDADE 400 KG, COM MOTO FREIO, MOTOR TRIFÁSICO DE 1,25 CV - MANUTENÇÃO. AF_03/2016","H",0.32,0]
["Depreciação, Juros, Impostos e Seguros, Manutenção e Materiais na Operação dos Equipamentos",93280,"GUINCHO ELÉTRICO DE COLUNA, CAPACIDADE 400 KG, COM MOTO FREIO, MOTOR TRIFÁSICO DE 1,25 CV - MATERIAIS NA OPERAÇÃO. AF_03/2016","H",0.78,0]
["Depreciação, Juros, Impostos e Seguros, Manutenção e Materiais na Operação dos Equipamentos",104909,"GUINDASTE DERRICK, LANÇA DE *20* M, CARGA MÁXIMA 10T, POTÊNCIA 45 KW - DEPRECIAÇÃO. AF_01/2024","H",0]
["Depreciação, Juros, Impostos e Seguros, Manutenção e Materiais na Operação dos Equipamentos",104910,"GUINDASTE DERRICK, LANÇA DE *20* M, CARGA MÁXIMA 10T, POTÊNCIA 45 KW - JUROS. AF_01/2024","H",0]
["Depreciação, Juros, Impostos e Seguros, Manutenção e Materiais na Operação dos Equipamentos",104911,"GUINDASTE DERRICK, LANÇA DE *20* M, CARGA MÁXIMA 10T, POTÊNCIA 45 KW - MANUTENÇÃO. AF_01/2024","H",0]
["Depreciação, Juros, Impostos e Seguros, Manutenção e Materiais na Operação dos Equipamentos",104912,"GUINDASTE DERRICK, LANÇA DE *20* M, CARGA MÁXIMA 10T, POTÊNCIA 45 KW - MATERIAIS NA OPERAÇÃO. AF_01/2024","H",38.25,0]
["Depreciação, Juros, Impostos e Seguros, Manutenção e Materiais na Operação dos Equipamentos",102840,"GUINDASTE HIDRAULICO AUTOPROPELIDO, COM LANÇA TRELIÇADA 40 M, CAPACIDADE MÁXIMA 75 T, EQUIPADO COM CLAMSHELL - DEPRECIAÇÃO. AF_04/2019","H",0]
["Depreciação, Juros, Impostos e Seguros, Manutenção e Materiais na Operação dos Equipamentos",102841,"GUINDASTE HIDRAULICO AUTOPROPELIDO, COM LANÇA TRELIÇADA 40 M, CAPACIDADE MÁXIMA 75 T, EQUIPADO COM CLAMSHELL - JUROS. AF_04/2019","H",0]
["Depreciação, Juros, Impostos e Seguros, Manutenção e Materiais na Operação dos Equipamentos",102842,"GUINDASTE HIDRAULICO AUTOPROPELIDO, COM LANÇA TRELIÇADA 40 M, CAPACIDADE MÁXIMA 75 T, EQUIPADO COM CLAMSHELL - MANUTENÇÃO. AF_04/2019","H",0]
["Depreciação, Juros, Impostos e Seguros, Manutenção e Materiais na Operação dos Equipamentos",102843,"GUINDASTE HIDRAULICO AUTOPROPELIDO, COM LANÇA TRELIÇADA 40 M, CAPACIDADE MÁXIMA 75 T, EQUIPADO COM CLAMSHELL - MATERIAIS NA OPERAÇÃO. AF_04/2019","H",130.27000000000001,0]
["Depreciação, Juros, Impostos e Seguros, Manutenção e Materiais na Operação dos Equipamentos",89267,"GUINDASTE HIDRÁULICO AUTOPROPELIDO, COM LANÇA TELESCÓPICA 28,80 M, CAPACIDADE MÁXIMA 30 T, POTÊNCIA 97 KW, TRAÇÃO 4 X 4 - DEPRECIAÇÃO. AF_11/2014","H",51.81,1]
["Depreciação, Juros, Impostos e Seguros, Manutenção e Materiais na Operação dos Equipamentos",89269,"GUINDASTE HIDRÁULICO AUTOPROPELIDO, COM LANÇA TELESCÓPICA 28,80 M, CAPACIDADE MÁXIMA 30 T, POTÊNCIA 97 KW, TRAÇÃO 4 X 4 - IMPOSTOS E SEGUROS. AF_11/2014","H",7.38,1]
["Depreciação, Juros, Impostos e Seguros, Manutenção e Materiais na Operação dos Equipamentos",89268,"GUINDASTE HIDRÁULICO AUTOPROPELIDO, COM LANÇA TELESCÓPICA 28,80 M, CAPACIDADE MÁXIMA 30 T, POTÊNCIA 97 KW, TRAÇÃO 4 X 4 - JUROS. AF_11/2014","H",18.260000000000002,1]
["Depreciação, Juros, Impostos e Seguros, Manutenção e Materiais na Operação dos Equipamentos",89270,"GUINDASTE HIDRÁULICO AUTOPROPELIDO, COM LANÇA TELESCÓPICA 28,80 M, CAPACIDADE MÁXIMA 30 T, POTÊNCIA 97 KW, TRAÇÃO 4 X 4 - MANUTENÇÃO. AF_11/2014","H",83.29,1]
["Depreciação, Juros, Impostos e Seguros, Manutenção e Materiais na Operação dos Equipamentos",89271,"GUINDASTE HIDRÁULICO AUTOPROPELIDO, COM LANÇA TELESCÓPICA 28,80 M, CAPACIDADE MÁXIMA 30 T, POTÊNCIA 97 KW, TRAÇÃO 4 X 4 - MATERIAIS NA OPERAÇÃO. AF_11/2014","H",28.08,0]
["Depreciação, Juros, Impostos e Seguros, Manutenção e Materiais na Operação dos Equipamentos",93283,"GUINDASTE HIDRÁULICO AUTOPROPELIDO, COM LANÇA TELESCÓPICA 40 M, CAPACIDADE MÁXIMA 60 T, POTÊNCIA 260 KW - DEPRECIAÇÃO. AF_03/2016","H",99.64,1]
["Depreciação, Juros, Impostos e Seguros, Manutenção e Materiais na Operação dos Equipamentos",93296,"GUINDASTE HIDRÁULICO AUTOPROPELIDO, COM LANÇA TELESCÓPICA 40 M, CAPACIDADE MÁXIMA 60 T, POTÊNCIA 260 KW - IMPOSTOS E SEGUROS. AF_03/2016","H",14.19,1]
["Depreciação, Juros, Impostos e Seguros, Manutenção e Materiais na Operação dos Equipamentos",93284,"GUINDASTE HIDRÁULICO AUTOPROPELIDO, COM LANÇA TELESCÓPICA 40 M, CAPACIDADE MÁXIMA 60 T, POTÊNCIA 260 KW - JUROS. AF_03/2016","H",35.119999999999997,1]
["Depreciação, Juros, Impostos e Seguros, Manutenção e Materiais na Operação dos Equipamentos",93285,"GUINDASTE HIDRÁULICO AUTOPROPELIDO, COM LANÇA TELESCÓPICA 40 M, CAPACIDADE MÁXIMA 60 T, POTÊNCIA 260 KW - MANUTENÇÃO. AF_03/2016","H",160.16999999999999,1]
["Depreciação, Juros, Impostos e Seguros, Manutenção e Materiais na Operação dos Equipamentos",93286,"GUINDASTE HIDRÁULICO AUTOPROPELIDO, COM LANÇA TELESCÓPICA 40 M, CAPACIDADE MÁXIMA 60 T, POTÊNCIA 260 KW - MATERIAIS NA OPERAÇÃO. AF_03/2016","H",13,0]
["Depreciação, Juros, Impostos e Seguros, Manutenção e Materiais na Operação dos Equipamentos",104706,"GUINDASTE HIDRÁULICO AUTOPROPELIDO, COM LANÇA TRELICADA 41 M, CAPACIDADE MÁXIMA DE ELEVAÇÃO 43 T, POTÊNCIA 230 KW, EQUIPADO COM CAÇAMBA DE ARRASTO (DRAGLINE) DE 0,76 M3 - DEPRECIAÇÃO. AF_06/2023","H",0]
["Depreciação, Juros, Impostos e Seguros, Manutenção e Materiais na Operação dos Equipamentos",104707,"GUINDASTE HIDRÁULICO AUTOPROPELIDO, COM LANÇA TRELICADA 41 M, CAPACIDADE MÁXIMA DE ELEVAÇÃO 43 T, POTÊNCIA 230 KW, EQUIPADO COM CAÇAMBA DE ARRASTO (DRAGLINE) DE 0,76 M3 - JUROS. AF_06/2023","H",0]
["Depreciação, Juros, Impostos e Seguros, Manutenção e Materiais na Operação dos Equipamentos",104708,"GUINDASTE HIDRÁULICO AUTOPROPELIDO, COM LANÇA TRELICADA 41 M, CAPACIDADE MÁXIMA DE ELEVAÇÃO 43 T, POTÊNCIA 230 KW, EQUIPADO COM CAÇAMBA DE ARRASTO (DRAGLINE) DE 0,76 M3 - MANUTENÇÃO. AF_06/2023","H",0]
["Depreciação, Juros, Impostos e Seguros, Manutenção e Materiais na Operação dos Equipamentos",104709,"GUINDASTE HIDRÁULICO AUTOPROPELIDO, COM LANÇA TRELICADA 41 M, CAPACIDADE MÁXIMA DE ELEVAÇÃO 43 T, POTÊNCIA 230 KW, EQUIPADO COM CAÇAMBA DE ARRASTO (DRAGLINE) DE 0,76 M3 - MATERIAIS NA OPERAÇÃO. AF_06/2023","H",1131.94,0]
["Depreciação, Juros, Impostos e Seguros, Manutenção e Materiais na Operação dos Equipamentos",104903,"GUINDASTE HIDRÁULICO RODOVIÁRIO, LANCA TELESCÓPICA DE *50+20* M, CAPACIDADE MÁXIMA DE 90T, 4 EIXOS, POTÊNCIA 330 KW, MOTOR DIESEL - DEPRECIAÇÃO. AF_01/2024","H",0]
["Depreciação, Juros, Impostos e Seguros, Manutenção e Materiais na Operação dos Equipamentos",104904,"GUINDASTE HIDRÁULICO RODOVIÁRIO, LANCA TELESCÓPICA DE *50+20* M, CAPACIDADE MÁXIMA DE 90T, 4 EIXOS, POTÊNCIA 330 KW, MOTOR DIESEL - JUROS. AF_01/2024","H",0]
["Depreciação, Juros, Impostos e Seguros, Manutenção e Materiais na Operação dos Equipamentos",104905,"GUINDASTE HIDRÁULICO RODOVIÁRIO, LANCA TELESCÓPICA DE *50+20* M, CAPACIDADE MÁXIMA DE 90T, 4 EIXOS, POTÊNCIA 330 KW, MOTOR DIESEL - MANUTENÇÃO. AF_01/2024","H",0]
["Depreciação, Juros, Impostos e Seguros, Manutenção e Materiais na Operação dos Equipamentos",104906,"GUINDASTE HIDRÁULICO RODOVIÁRIO, LANCA TELESCÓPICA DE *50+20* M, CAPACIDADE MÁXIMA DE 90T, 4 EIXOS, POTÊNCIA 330 KW, MOTOR DIESEL - MATERIAIS NA OPERAÇÃO. AF_01/2024","H",95.53,0]
["Depreciação, Juros, Impostos e Seguros, Manutenção e Materiais na Operação dos Equipamentos",102846,"GUINDASTE SOBRE ESTEIRAS, COM LANÇA TRELIÇADA 40 M, CAPACIDADE MÁXIMA 75 T - DEPRECIAÇÃO. AF_04/2019","H",0]
["Depreciação, Juros, Impostos e Seguros, Manutenção e Materiais na Operação dos Equipamentos",102847,"GUINDASTE SOBRE ESTEIRAS, COM LANÇA TRELIÇADA 40 M, CAPACIDADE MÁXIMA 75 T - JUROS. AF_04/2019","H",0]
["Depreciação, Juros, Impostos e Seguros, Manutenção e Materiais na Operação dos Equipamentos",102848,"GUINDASTE SOBRE ESTEIRAS, COM LANÇA TRELIÇADA 40 M, CAPACIDADE MÁXIMA 75 T - MANUTENÇÃO. AF_04/2019","H",0]
["Depreciação, Juros, Impostos e Seguros, Manutenção e Materiais na Operação dos Equipamentos",102849,"GUINDASTE SOBRE ESTEIRAS, COM LANÇA TRELIÇADA 40 M, CAPACIDADE MÁXIMA 75 T - MATERIAIS NA OPERAÇÃO. AF_04/2019","H",63.69,0]
["Depreciação, Juros, Impostos e Seguros, Manutenção e Materiais na Operação dos Equipamentos",102852,"GUINDASTE SOBRE ESTEIRAS, COM LANÇA TRELIÇADA 40 M, CAPACIDADE MÁXIMA 75 T, EQUIPADO COM CLAMSHELL - DEPRECIAÇÃO. AF_04/2019","H",0]
["Depreciação, Juros, Impostos e Seguros, Manutenção e Materiais na Operação dos Equipamentos",102853,"GUINDASTE SOBRE ESTEIRAS, COM LANÇA TRELIÇADA 40 M, CAPACIDADE MÁXIMA 75 T, EQUIPADO COM CLAMSHELL - JUROS. AF_04/2019","H",0]
["Depreciação, Juros, Impostos e Seguros, Manutenção e Materiais na Operação dos Equipamentos",102854,"GUINDASTE SOBRE ESTEIRAS, COM LANÇA TRELIÇADA 40 M, CAPACIDADE MÁXIMA 75 T, EQUIPADO COM CLAMSHELL - MANUTENÇÃO. AF_04/2019","H",0]
["Depreciação, Juros, Impostos e Seguros, Manutenção e Materiais na Operação dos Equipamentos",102855,"GUINDASTE SOBRE ESTEIRAS, COM LANÇA TRELIÇADA 40 M, CAPACIDADE MÁXIMA 75 T, EQUIPADO COM CLAMSHELL - MATERIAIS NA OPERAÇÃO. AF_04/2019","H",63.69,0]
["Depreciação, Juros, Impostos e Seguros, Manutenção e Materiais na Operação dos Equipamentos",93397,"GUINDAUTO HIDRÁULICO, CAPACIDADE MÁXIMA DE CARGA 3300 KG, MOMENTO MÁXIMO DE CARGA 5,8 TM, ALCANCE MÁXIMO HORIZONTAL 7,60 M, INCLUSIVE CAMINHÃO TOCO PBT 16.000 KG, POTÊNCIA DE 189 CV - DEPRECIAÇÃO. AF_03/2016","H",25.68,0.21920000000000001]
["Depreciação, Juros, Impostos e Seguros, Manutenção e Materiais na Operação dos Equipamentos",93399,"GUINDAUTO HIDRÁULICO, CAPACIDADE MÁXIMA DE CARGA 3300 KG, MOMENTO MÁXIMO DE CARGA 5,8 TM, ALCANCE MÁXIMO HORIZONTAL 7,60 M, INCLUSIVE CAMINHÃO TOCO PBT 16.000 KG, POTÊNCIA DE 189 CV - IMPOSTOS E SEGUROS. AF_03/2016","H",3.92,0.15049999999999999]
["Depreciação, Juros, Impostos e Seguros, Manutenção e Materiais na Operação dos Equipamentos",93398,"GUINDAUTO HIDRÁULICO, CAPACIDADE MÁXIMA DE CARGA 3300 KG, MOMENTO MÁXIMO DE CARGA 5,8 TM, ALCANCE MÁXIMO HORIZONTAL 7,60 M, INCLUSIVE CAMINHÃO TOCO PBT 16.000 KG, POTÊNCIA DE 189 CV - JUROS. AF_03/2016","H",9.7100000000000009,0.15140000000000001]
["Depreciação, Juros, Impostos e Seguros, Manutenção e Materiais na Operação dos Equipamentos",93400,"GUINDAUTO HIDRÁULICO, CAPACIDADE MÁXIMA DE CARGA 3300 KG, MOMENTO MÁXIMO DE CARGA 5,8 TM, ALCANCE MÁXIMO HORIZONTAL 7,60 M, INCLUSIVE CAMINHÃO TOCO PBT 16.000 KG, POTÊNCIA DE 189 CV - MANUTENÇÃO. AF_03/2016","H",44.62,0.1578]
["Depreciação, Juros, Impostos e Seguros, Manutenção e Materiais na Operação dos Equipamentos",93401,"GUINDAUTO HIDRÁULICO, CAPACIDADE MÁXIMA DE CARGA 3300 KG, MOMENTO MÁXIMO DE CARGA 5,8 TM, ALCANCE MÁXIMO HORIZONTAL 7,60 M, INCLUSIVE CAMINHÃO TOCO PBT 16.000 KG, POTÊNCIA DE 189 CV - MATERIAIS NA OPERAÇÃO. AF_03/2016","H",153.02000000000001,0]
["Depreciação, Juros, Impostos e Seguros, Manutenção e Materiais na Operação dos Equipamentos",89259,"GUINDAUTO HIDRÁULICO, CAPACIDADE MÁXIMA DE CARGA 6200 KG, MOMENTO MÁXIMO DE CARGA 11,7 TM, ALCANCE MÁXIMO HORIZONTAL 9,70 M, INCLUSIVE CAMINHÃO TOCO PBT 16.000 KG, POTÊNCIA DE 189 CV - DEPRECIAÇÃO. AF_06/2014","H",27.97,0.28320000000000001]
["Depreciação, Juros, Impostos e Seguros, Manutenção e Materiais na Operação dos Equipamentos",91466,"GUINDAUTO HIDRÁULICO, CAPACIDADE MÁXIMA DE CARGA 6200 KG, MOMENTO MÁXIMO DE CARGA 11,7 TM, ALCANCE MÁXIMO HORIZONTAL 9,70 M, INCLUSIVE CAMINHÃO TOCO PBT 16.000 KG, POTÊNCIA DE 189 CV - IMPOSTOS E SEGUROS. AF_08/2015","H",4.16,0.19950000000000001]
["Depreciação, Juros, Impostos e Seguros, Manutenção e Materiais na Operação dos Equipamentos",89260,"GUINDAUTO HIDRÁULICO, CAPACIDADE MÁXIMA DE CARGA 6200 KG, MOMENTO MÁXIMO DE CARGA 11,7 TM, ALCANCE MÁXIMO HORIZONTAL 9,70 M, INCLUSIVE CAMINHÃO TOCO PBT 16.000 KG, POTÊNCIA DE 189 CV - JUROS. AF_06/2014","H",10.31,0.20080000000000001]
["Depreciação, Juros, Impostos e Seguros, Manutenção e Materiais na Operação dos Equipamentos",89262,"GUINDAUTO HIDRÁULICO, CAPACIDADE MÁXIMA DE CARGA 6200 KG, MOMENTO MÁXIMO DE CARGA 11,7 TM, ALCANCE MÁXIMO HORIZONTAL 9,70 M, INCLUSIVE CAMINHÃO TOCO PBT 16.000 KG, POTÊNCIA DE 189 CV - MANUTENÇÃO. AF_06/2014","H",47.48,0.20849999999999999]
["Depreciação, Juros, Impostos e Seguros, Manutenção e Materiais na Operação dos Equipamentos",91467,"GUINDAUTO HIDRÁULICO, CAPACIDADE MÁXIMA DE CARGA 6200 KG, MOMENTO MÁXIMO DE CARGA 11,7 TM, ALCANCE MÁXIMO HORIZONTAL 9,70 M, INCLUSIVE CAMINHÃO TOCO PBT 16.000 KG, POTÊNCIA DE 189 CV - MATERIAIS NA OPERAÇÃO. AF_08/2015","H",153.02000000000001,0]
["Depreciação, Juros, Impostos e Seguros, Manutenção e Materiais na Operação dos Equipamentos",105839,"GUINDAUTO HIDRÁULICO, CAPACIDADE MÁXIMA DE CARGA 6200 KG, MOMENTO MÁXIMO DE CARGA 11,7 TM, ALCANCE MÁXIMO HORIZONTAL 9,70 M, INCLUSIVE CAMINHÃO TOCO PBT 16.000 KG, POTÊNCIA DE 189 CV E CESTA AÉREA COM ISOLAMENTO CLASSE C - DEPRECIAÇÃO. AF_01/2025","H",0]
["Depreciação, Juros, Impostos e Seguros, Manutenção e Materiais na Operação dos Equipamentos",105842,"GUINDAUTO HIDRÁULICO, CAPACIDADE MÁXIMA DE CARGA 6200 KG, MOMENTO MÁXIMO DE CARGA 11,7 TM, ALCANCE MÁXIMO HORIZONTAL 9,70 M, INCLUSIVE CAMINHÃO TOCO PBT 16.000 KG, POTÊNCIA DE 189 CV E CESTA AÉREA COM ISOLAMENTO CLASSE C - IMPOSTOS E SEGUROS. AF_01/2025","H",0]
["Depreciação, Juros, Impostos e Seguros, Manutenção e Materiais na Operação dos Equipamentos",105840,"GUINDAUTO HIDRÁULICO, CAPACIDADE MÁXIMA DE CARGA 6200 KG, MOMENTO MÁXIMO DE CARGA 11,7 TM, ALCANCE MÁXIMO HORIZONTAL 9,70 M, INCLUSIVE CAMINHÃO TOCO PBT 16.000 KG, POTÊNCIA DE 189 CV E CESTA AÉREA COM ISOLAMENTO CLASSE C - JUROS. AF_01/2025","H",0]
["Depreciação, Juros, Impostos e Seguros, Manutenção e Materiais na Operação dos Equipamentos",105841,"GUINDAUTO HIDRÁULICO, CAPACIDADE MÁXIMA DE CARGA 6200 KG, MOMENTO MÁXIMO DE CARGA 11,7 TM, ALCANCE MÁXIMO HORIZONTAL 9,70 M, INCLUSIVE CAMINHÃO TOCO PBT 16.000 KG, POTÊNCIA DE 189 CV E CESTA AÉREA COM ISOLAMENTO CLASSE C - MANUTENÇÃO. AF_01/2025","H",0]
["Depreciação, Juros, Impostos e Seguros, Manutenção e Materiais na Operação dos Equipamentos",105843,"GUINDAUTO HIDRÁULICO, CAPACIDADE MÁXIMA DE CARGA 6200 KG, MOMENTO MÁXIMO DE CARGA 11,7 TM, ALCANCE MÁXIMO HORIZONTAL 9,70 M, INCLUSIVE CAMINHÃO TOCO PBT 16.000 KG, POTÊNCIA DE 189 CV E CESTA AÉREA COM ISOLAMENTO CLASSE C - MATERIAIS NA OPERAÇÃO. AF_01/2025","H",80.53,0]
["Depreciação, Juros, Impostos e Seguros, Manutenção e Materiais na Operação dos Equipamentos",91629,"GUINDAUTO HIDRÁULICO, CAPACIDADE MÁXIMA DE CARGA 6500 KG, MOMENTO MÁXIMO DE CARGA 5,8 TM, ALCANCE MÁXIMO HORIZONTAL 7,60 M, INCLUSIVE CAMINHÃO TOCO PBT 9.700 KG, POTÊNCIA DE 160 CV - DEPRECIAÇÃO. AF_08/2015","H",22.18,0.25380000000000003]
["Depreciação, Juros, Impostos e Seguros, Manutenção e Materiais na Operação dos Equipamentos",91631,"GUINDAUTO HIDRÁULICO, CAPACIDADE MÁXIMA DE CARGA 6500 KG, MOMENTO MÁXIMO DE CARGA 5,8 TM, ALCANCE MÁXIMO HORIZONTAL 7,60 M, INCLUSIVE CAMINHÃO TOCO PBT 9.700 KG, POTÊNCIA DE 160 CV - IMPOSTOS E SEGUROS. AF_08/2015","H",3.34,0.17660000000000001]
["Depreciação, Juros, Impostos e Seguros, Manutenção e Materiais na Operação dos Equipamentos",91630,"GUINDAUTO HIDRÁULICO, CAPACIDADE MÁXIMA DE CARGA 6500 KG, MOMENTO MÁXIMO DE CARGA 5,8 TM, ALCANCE MÁXIMO HORIZONTAL 7,60 M, INCLUSIVE CAMINHÃO TOCO PBT 9.700 KG, POTÊNCIA DE 160 CV - JUROS. AF_08/2015","H",8.27,0.17780000000000001]
["Depreciação, Juros, Impostos e Seguros, Manutenção e Materiais na Operação dos Equipamentos",91632,"GUINDAUTO HIDRÁULICO, CAPACIDADE MÁXIMA DE CARGA 6500 KG, MOMENTO MÁXIMO DE CARGA 5,8 TM, ALCANCE MÁXIMO HORIZONTAL 7,60 M, INCLUSIVE CAMINHÃO TOCO PBT 9.700 KG, POTÊNCIA DE 160 CV - MANUTENÇÃO. AF_08/2015","H",38.06,0.185]
["Depreciação, Juros, Impostos e Seguros, Manutenção e Materiais na Operação dos Equipamentos",91633,"GUINDAUTO HIDRÁULICO, CAPACIDADE MÁXIMA DE CARGA 6500 KG, MOMENTO MÁXIMO DE CARGA 5,8 TM, ALCANCE MÁXIMO HORIZONTAL 7,60 M, INCLUSIVE CAMINHÃO TOCO PBT 9.700 KG, POTÊNCIA DE 160 CV - MATERIAIS NA OPERAÇÃO. AF_08/2015","H",129.52000000000001,0]
["Depreciação, Juros, Impostos e Seguros, Manutenção e Materiais na Operação dos Equipamentos",105979,"GUINDAUTO HIDRÁULICO, CAPACIDADE MÁXIMA DE CARGA 8500 KG, MOMENTO MÁXIMO DE CARGA 30,4 TM, ALCANCE MÁXIMO HORIZONTAL 14,30 M, INCLUSIVE CAMINHÃO TRUCADO PBT 23.000 KG, POTÊNCIA DE 256 CV E CARROCERIA FIXA ABERTA DE MADEIRA - DEPRECIAÇÃO. AF_05/2025","H",44.52,0.46179999999999999]
["Depreciação, Juros, Impostos e Seguros, Manutenção e Materiais na Operação dos Equipamentos",105982,"GUINDAUTO HIDRÁULICO, CAPACIDADE MÁXIMA DE CARGA 8500 KG, MOMENTO MÁXIMO DE CARGA 30,4 TM, ALCANCE MÁXIMO HORIZONTAL 14,30 M, INCLUSIVE CAMINHÃO TRUCADO PBT 23.000 KG, POTÊNCIA DE 256 CV E CARROCERIA FIXA ABERTA DE MADEIRA - IMPOSTOS E SEGUROS. AF_05/2025","H",6.17,0.35489999999999999]
["Depreciação, Juros, Impostos e Seguros, Manutenção e Materiais na Operação dos Equipamentos",105980,"GUINDAUTO HIDRÁULICO, CAPACIDADE MÁXIMA DE CARGA 8500 KG, MOMENTO MÁXIMO DE CARGA 30,4 TM, ALCANCE MÁXIMO HORIZONTAL 14,30 M, INCLUSIVE CAMINHÃO TRUCADO PBT 23.000 KG, POTÊNCIA DE 256 CV E CARROCERIA FIXA ABERTA DE MADEIRA - JUROS. AF_05/2025","H",15.25,0.35410000000000003]
["Depreciação, Juros, Impostos e Seguros, Manutenção e Materiais na Operação dos Equipamentos",105981,"GUINDAUTO HIDRÁULICO, CAPACIDADE MÁXIMA DE CARGA 8500 KG, MOMENTO MÁXIMO DE CARGA 30,4 TM, ALCANCE MÁXIMO HORIZONTAL 14,30 M, INCLUSIVE CAMINHÃO TRUCADO PBT 23.000 KG, POTÊNCIA DE 256 CV E CARROCERIA FIXA ABERTA DE MADEIRA - MANUTENÇÃO. AF_05/2025","H",70.63,0.36399999999999999]
["Depreciação, Juros, Impostos e Seguros, Manutenção e Materiais na Operação dos Equipamentos",105983,"GUINDAUTO HIDRÁULICO, CAPACIDADE MÁXIMA DE CARGA 8500 KG, MOMENTO MÁXIMO DE CARGA 30,4 TM, ALCANCE MÁXIMO HORIZONTAL 14,30 M, INCLUSIVE CAMINHÃO TRUCADO PBT 23.000 KG, POTÊNCIA DE 256 CV E CARROCERIA FIXA ABERTA DE MADEIRA - MATERIAIS NA OPERAÇÃO. AF_05/2025","H",152.74,0]
["Depreciação, Juros, Impostos e Seguros, Manutenção e Materiais na Operação dos Equipamentos",98760,"INVERSOR DE SOLDA MONOFÁSICO DE 160 A, POTÊNCIA DE 5400 W, TENSÃO DE 220 V, PARA SOLDA COM ELETRODOS DE 2,0 A 4,0 MM E PROCESSO TIG - DEPRECIAÇÃO. AF_06/2018","H",0.05,0]
["Depreciação, Juros, Impostos e Seguros, Manutenção e Materiais na Operação dos Equipamentos",98761,"INVERSOR DE SOLDA MONOFÁSICO DE 160 A, POTÊNCIA DE 5400 W, TENSÃO DE 220 V, PARA SOLDA COM ELETRODOS DE 2,0 A 4,0 MM E PROCESSO TIG - JUROS. AF_06/2018","H",0.01,0]
["Depreciação, Juros, Impostos e Seguros, Manutenção e Materiais na Operação dos Equipamentos",98762,"INVERSOR DE SOLDA MONOFÁSICO DE 160 A, POTÊNCIA DE 5400 W, TENSÃO DE 220 V, PARA SOLDA COM ELETRODOS DE 2,0 A 4,0 MM E PROCESSO TIG - MANUTENÇÃO. AF_06/2018","H",0.06,0]
["Depreciação, Juros, Impostos e Seguros, Manutenção e Materiais na Operação dos Equipamentos",98763,"INVERSOR DE SOLDA MONOFÁSICO DE 160 A, POTÊNCIA DE 5400 W, TENSÃO DE 220 V, PARA SOLDA COM ELETRODOS DE 2,0 A 4,0 MM E PROCESSO TIG - MATERIAIS NA OPERAÇÃO. AF_06/2018","H",4.59,0]
["Depreciação, Juros, Impostos e Seguros, Manutenção e Materiais na Operação dos Equipamentos",99829,"LAVADORA DE ALTA PRESSAO (LAVA-JATO) PARA AGUA FRIA, PRESSAO DE OPERACAO ENTRE 1400 E 1900 LIB/POL2, VAZAO MAXIMA ENTRE 400 E 700 L/H - DEPRECIAÇÃO. AF_05/2023","H",0.14000000000000001,0]
["Depreciação, Juros, Impostos e Seguros, Manutenção e Materiais na Operação dos Equipamentos",99830,"LAVADORA DE ALTA PRESSAO (LAVA-JATO) PARA AGUA FRIA, PRESSAO DE OPERACAO ENTRE 1400 E 1900 LIB/POL2, VAZAO MAXIMA ENTRE 400 E 700 L/H - JUROS. AF_05/2023","H",0.02,0]
["Depreciação, Juros, Impostos e Seguros, Manutenção e Materiais na Operação dos Equipamentos",99831,"LAVADORA DE ALTA PRESSAO (LAVA-JATO) PARA AGUA FRIA, PRESSAO DE OPERACAO ENTRE 1400 E 1900 LIB/POL2, VAZAO MAXIMA ENTRE 400 E 700 L/H - MANUTENÇÃO. AF_05/2023","H",0.09,0]
["Depreciação, Juros, Impostos e Seguros, Manutenção e Materiais na Operação dos Equipamentos",99832,"LAVADORA DE ALTA PRESSAO (LAVA-JATO) PARA AGUA FRIA, PRESSAO DE OPERACAO ENTRE 1400 E 1900 LIB/POL2, VAZAO MAXIMA ENTRE 400 E 700 L/H - MATERIAIS NA OPERAÇÃO. AF_05/2023","H",4.42,0]
["Depreciação, Juros, Impostos e Seguros, Manutenção e Materiais na Operação dos Equipamentos",104516,"LIXADEIRA DE PAREDE, COM LED, POTÊNCIA 750 W, FREQUÊNCIA 60 HZ, VELOCIDADE 1000 A 2100 RPM, DIÂMETRO DA LIXA 225 MM - DEPRECIAÇÃO. AF_12/2022","H",0]
["Depreciação, Juros, Impostos e Seguros, Manutenção e Materiais na Operação dos Equipamentos",104517,"LIXADEIRA DE PAREDE, COM LED, POTÊNCIA 750 W, FREQUÊNCIA 60 HZ, VELOCIDADE 1000 A 2100 RPM, DIÂMETRO DA LIXA 225 MM - JUROS. AF_12/2022","H",0]
["Depreciação, Juros, Impostos e Seguros, Manutenção e Materiais na Operação dos Equipamentos",104518,"LIXADEIRA DE PAREDE, COM LED, POTÊNCIA 750 W, FREQUÊNCIA 60 HZ, VELOCIDADE 1000 A 2100 RPM, DIÂMETRO DA LIXA 225 MM - MANUTENÇÃO. AF_12/2022","H",0]
["Depreciação, Juros, Impostos e Seguros, Manutenção e Materiais na Operação dos Equipamentos",104519,"LIXADEIRA DE PAREDE, COM LED, POTÊNCIA 750 W, FREQUÊNCIA 60 HZ, VELOCIDADE 1000 A 2100 RPM, DIÂMETRO DA LIXA 225 MM - MATERIAIS NA OPERAÇÃO. AF_12/2022","H",0.64,0]
["Depreciação, Juros, Impostos e Seguros, Manutenção e Materiais na Operação dos Equipamentos",90682,"MANIPULADOR TELESCÓPICO, POTÊNCIA DE 85 HP, CAPACIDADE DE CARGA DE 3.500 KG, ALTURA MÁXIMA DE ELEVAÇÃO DE 12,3 M - DEPRECIAÇÃO. AF_05/2023","H",39.68,1]
["Depreciação, Juros, Impostos e Seguros, Manutenção e Materiais na Operação dos Equipamentos",90683,"MANIPULADOR TELESCÓPICO, POTÊNCIA DE 85 HP, CAPACIDADE DE CARGA DE 3.500 KG, ALTURA MÁXIMA DE ELEVAÇÃO DE 12,3 M - JUROS. AF_05/2023","H",9.17,1]
["Depreciação, Juros, Impostos e Seguros, Manutenção e Materiais na Operação dos Equipamentos",90684,"MANIPULADOR TELESCÓPICO, POTÊNCIA DE 85 HP, CAPACIDADE DE CARGA DE 3.500 KG, ALTURA MÁXIMA DE ELEVAÇÃO DE 12,3 M - MANUTENÇÃO. AF_05/2023","H",43.4,1]
["Depreciação, Juros, Impostos e Seguros, Manutenção e Materiais na Operação dos Equipamentos",90685,"MANIPULADOR TELESCÓPICO, POTÊNCIA DE 85 HP, CAPACIDADE DE CARGA DE 3.500 KG, ALTURA MÁXIMA DE ELEVAÇÃO DE 12,3 M - MATERIAIS NA OPERAÇÃO. AF_05/2023","H",55.06,0]
["Depreciação, Juros, Impostos e Seguros, Manutenção e Materiais na Operação dos Equipamentos",95114,"MARTELETE OU ROMPEDOR PNEUMÁTICO MANUAL, 28 KG, COM SILENCIADOR - DEPRECIAÇÃO. AF_07/2016","H",1.55,1]
["Depreciação, Juros, Impostos e Seguros, Manutenção e Materiais na Operação dos Equipamentos",95115,"MARTELETE OU ROMPEDOR PNEUMÁTICO MANUAL, 28 KG, COM SILENCIADOR - JUROS. AF_07/2016","H",0.35,1]
["Depreciação, Juros, Impostos e Seguros, Manutenção e Materiais na Operação dos Equipamentos",53863,"MARTELETE OU ROMPEDOR PNEUMÁTICO MANUAL, 28 KG, COM SILENCIADOR - MANUTENÇÃO. AF_07/2016","H",1.94,1]
["Depreciação, Juros, Impostos e Seguros, Manutenção e Materiais na Operação dos Equipamentos",104652,"MARTELETE PERFURADOR/ ROMPEDOR ELÉTRICO, POTÊNCIA 800 W, 220 V - DEPRECIAÇÃO. AF_05/2023","H",0]
["Depreciação, Juros, Impostos e Seguros, Manutenção e Materiais na Operação dos Equipamentos",104653,"MARTELETE PERFURADOR/ ROMPEDOR ELÉTRICO, POTÊNCIA 800 W, 220 V - JUROS. AF_05/2023","H",0]
["Depreciação, Juros, Impostos e Seguros, Manutenção e Materiais na Operação dos Equipamentos",104654,"MARTELETE PERFURADOR/ ROMPEDOR ELÉTRICO, POTÊNCIA 800 W, 220 V - MANUTENÇÃO. AF_05/2023","H",0]
["Depreciação, Juros, Impostos e Seguros, Manutenção e Materiais na Operação dos Equipamentos",104655,"MARTELETE PERFURADOR/ ROMPEDOR ELÉTRICO, POTÊNCIA 800 W, 220 V - MATERIAIS NA OPERAÇÃO. AF_05/2023","H",0.68,0]
["Depreciação, Juros, Impostos e Seguros, Manutenção e Materiais na Operação dos Equipamentos",102270,"MARTELO DEMOLIDOR ELÉTRICO, COM POTÊNCIA DE 2.000 W, 1.000 IMPACTOS POR MINUTO, PESO DE 30 KG - DEPRECIAÇÃO. AF_01/2021","H",0.68,1]
["Depreciação, Juros, Impostos e Seguros, Manutenção e Materiais na Operação dos Equipamentos",102271,"MARTELO DEMOLIDOR ELÉTRICO, COM POTÊNCIA DE 2.000 W, 1.000 IMPACTOS POR MINUTO, PESO DE 30 KG - JUROS. AF_01/2021","H",0.15,1]
["Depreciação, Juros, Impostos e Seguros, Manutenção e Materiais na Operação dos Equipamentos",102272,"MARTELO DEMOLIDOR ELÉTRICO, COM POTÊNCIA DE 2.000 W, 1.000 IMPACTOS POR MINUTO, PESO DE 30 KG - MANUTENÇÃO. AF_01/2021","H",0.85,1]
["Depreciação, Juros, Impostos e Seguros, Manutenção e Materiais na Operação dos Equipamentos",102273,"MARTELO DEMOLIDOR ELÉTRICO, COM POTÊNCIA DE 2.000 W, 1.000 IMPACTOS POR MINUTO, PESO DE 30 KG - MATERIAIS NA OPERAÇÃO. AF_01/2021","H",1.7,0]
["Depreciação, Juros, Impostos e Seguros, Manutenção e Materiais na Operação dos Equipamentos",95255,"MARTELO DEMOLIDOR PNEUMÁTICO MANUAL, 32 KG - DEPRECIAÇÃO. AF_09/2016","H",1.38,1]
["Depreciação, Juros, Impostos e Seguros, Manutenção e Materiais na Operação dos Equipamentos",95256,"MARTELO DEMOLIDOR PNEUMÁTICO MANUAL, 32 KG - JUROS. AF_09/2016","H",0.31,1]
["Depreciação, Juros, Impostos e Seguros, Manutenção e Materiais na Operação dos Equipamentos",95257,"MARTELO DEMOLIDOR PNEUMÁTICO MANUAL, 32 KG - MANUTENÇÃO. AF_09/2016","H",1.72,1]
["Depreciação, Juros, Impostos e Seguros, Manutenção e Materiais na Operação dos Equipamentos",105913,"MARTELO PERFURADOR PNEUMÁTICO MANUAL, HASTE 19 X 108 MM, *11* KG - DEPRECIAÇÃO. AF_02/2025","H",0]
["Depreciação, Juros, Impostos e Seguros, Manutenção e Materiais na Operação dos Equipamentos",105914,"MARTELO PERFURADOR PNEUMÁTICO MANUAL, HASTE 19 X 108 MM, *11* KG - JUROS. AF_02/2025","H",0]
["Depreciação, Juros, Impostos e Seguros, Manutenção e Materiais na Operação dos Equipamentos",105915,"MARTELO PERFURADOR PNEUMÁTICO MANUAL, HASTE 19 X 108 MM, *11* KG - MANUTENÇÃO. AF_02/2025","H",0]
["Depreciação, Juros, Impostos e Seguros, Manutenção e Materiais na Operação dos Equipamentos",92963,"MARTELO PERFURADOR PNEUMÁTICO MANUAL, HASTE 25 X 75 MM, 21 KG - DEPRECIAÇÃO. AF_12/2015","H",1.59,1]
["Depreciação, Juros, Impostos e Seguros, Manutenção e Materiais na Operação dos Equipamentos",92964,"MARTELO PERFURADOR PNEUMÁTICO MANUAL, HASTE 25 X 75 MM, 21 KG - JUROS. AF_12/2015","H",0.36,1]
["Depreciação, Juros, Impostos e Seguros, Manutenção e Materiais na Operação dos Equipamentos",92965,"MARTELO PERFURADOR PNEUMÁTICO MANUAL, HASTE 25 X 75 MM, 21 KG - MANUTENÇÃO. AF_12/2015","H",1.99,1]
["Depreciação, Juros, Impostos e Seguros, Manutenção e Materiais na Operação dos Equipamentos",103792,"MINI GUINDASTE ARANHA SOBRE ESTEIRAS E LANCA TELESCÓPICA, CAPACIDADE MÁXIMA DE CARGA 3,0 TON, RAIO MÁXIMO DE TRABALHO 8,25 M, ALTURA DE LANÇA DO SOLO 9,2 M, 55 M DE CABO DE AÇO 8 MM, MOTOR ELÉTRICO 220/380 VOLTS - MATERIAIS NA OPERAÇÃO. AF_03/2022","H",4.68,0]
["Depreciação, Juros, Impostos e Seguros, Manutenção e Materiais na Operação dos Equipamentos",103789,"MINI GUINDASTE ARANHA SOBRE ESTEIRAS E LANCA TELESCÓPICA, CAPACIDADE MÁXIMA DE CARGA 3,0 TON, RAIO MÁXIMO DE TRABALHO 8,25 M, ALTURA DE LANÇA DO SOLO 9,2 M, 55 M DE CABO DE AÇO 8 MM, MOTOR ELÉTRICO 220/380 VOLTS TRIFÁSICO - DEPRECIAÇÃO. AF_03/2022","H",0]
["Depreciação, Juros, Impostos e Seguros, Manutenção e Materiais na Operação dos Equipamentos",103790,"MINI GUINDASTE ARANHA SOBRE ESTEIRAS E LANCA TELESCÓPICA, CAPACIDADE MÁXIMA DE CARGA 3,0 TON, RAIO MÁXIMO DE TRABALHO 8,25 M, ALTURA DE LANÇA DO SOLO 9,2 M, 55 M DE CABO DE AÇO 8 MM, MOTOR ELÉTRICO 220/380 VOLTS TRIFÁSICO - JUROS. AF_03/2022","H",0]
["Depreciação, Juros, Impostos e Seguros, Manutenção e Materiais na Operação dos Equipamentos",103791,"MINI GUINDASTE ARANHA SOBRE ESTEIRAS E LANCA TELESCÓPICA, CAPACIDADE MÁXIMA DE CARGA 3,0 TON, RAIO MÁXIMO DE TRABALHO 8,25 M, ALTURA DE LANÇA DO SOLO 9,2 M, 55 M DE CABO DE AÇO 8 MM, MOTOR ELÉTRICO 220/380 VOLTS TRIFÁSICO - MANUTENÇÃO. AF_03/2022","H",0]
["Depreciação, Juros, Impostos e Seguros, Manutenção e Materiais na Operação dos Equipamentos",96054,"MINICARREGADEIRA SOBRE RODAS POTENCIA 47HP CAPACIDADE OPERACAO 646 KG, COM VASSOURA MECÂNICA ACOPLADA - DEPRECIAÇÃO. AF_03/2017","H",30.44,1]
["Depreciação, Juros, Impostos e Seguros, Manutenção e Materiais na Operação dos Equipamentos",96060,"MINICARREGADEIRA SOBRE RODAS POTENCIA 47HP CAPACIDADE OPERACAO 646 KG, COM VASSOURA MECÂNICA ACOPLADA - JUROS. AF_03/2017","H",6.26,1]
["Depreciação, Juros, Impostos e Seguros, Manutenção e Materiais na Operação dos Equipamentos",96061,"MINICARREGADEIRA SOBRE RODAS POTENCIA 47HP CAPACIDADE OPERACAO 646 KG, COM VASSOURA MECÂNICA ACOPLADA - MANUTENÇÃO. AF_03/2017","H",38.049999999999997,1]
["Depreciação, Juros, Impostos e Seguros, Manutenção e Materiais na Operação dos Equipamentos",96062,"MINICARREGADEIRA SOBRE RODAS POTENCIA 47HP CAPACIDADE OPERACAO 646 KG, COM VASSOURA MECÂNICA ACOPLADA - MATERIAIS NA OPERAÇÃO. AF_03/2017","H",38.56,0]
["Depreciação, Juros, Impostos e Seguros, Manutenção e Materiais na Operação dos Equipamentos",90688,"MINICARREGADEIRA SOBRE RODAS, POTÊNCIA LÍQUIDA DE 47 HP, CAPACIDADE NOMINAL DE OPERAÇÃO DE 646 KG - DEPRECIAÇÃO. AF_06/2015","H",26.6,1]
["Depreciação, Juros, Impostos e Seguros, Manutenção e Materiais na Operação dos Equipamentos",90689,"MINICARREGADEIRA SOBRE RODAS, POTÊNCIA LÍQUIDA DE 47 HP, CAPACIDADE NOMINAL DE OPERAÇÃO DE 646 KG - JUROS. AF_06/2015","H",5.25,1]
["Depreciação, Juros, Impostos e Seguros, Manutenção e Materiais na Operação dos Equipamentos",90690,"MINICARREGADEIRA SOBRE RODAS, POTÊNCIA LÍQUIDA DE 47 HP, CAPACIDADE NOMINAL DE OPERAÇÃO DE 646 KG - MANUTENÇÃO. AF_06/2015","H",33.25,1]
["Depreciação, Juros, Impostos e Seguros, Manutenção e Materiais na Operação dos Equipamentos",90691,"MINICARREGADEIRA SOBRE RODAS, POTÊNCIA LÍQUIDA DE 47 HP, CAPACIDADE NOMINAL DE OPERAÇÃO DE 646 KG - MATERIAIS NA OPERAÇÃO. AF_06/2015","H",38.56,0]
["Depreciação, Juros, Impostos e Seguros, Manutenção e Materiais na Operação dos Equipamentos",96241,"MINIESCAVADEIRA SOBRE ESTEIRAS, POTÊNCIA LÍQUIDA DE *30* HP, PESO OPERACIONAL DE *3.500* KG - DEPRECIAÇÃO. AF_04/2017","H",28.26,1]
["Depreciação, Juros, Impostos e Seguros, Manutenção e Materiais na Operação dos Equipamentos",96242,"MINIESCAVADEIRA SOBRE ESTEIRAS, POTÊNCIA LÍQUIDA DE *30* HP, PESO OPERACIONAL DE *3.500* KG - JUROS. AF_04/2017","H",7.47,1]
["Depreciação, Juros, Impostos e Seguros, Manutenção e Materiais na Operação dos Equipamentos",96243,"MINIESCAVADEIRA SOBRE ESTEIRAS, POTÊNCIA LÍQUIDA DE *30* HP, PESO OPERACIONAL DE *3.500* KG - MANUTENÇÃO. AF_04/2017","H",35.33,1]
["Depreciação, Juros, Impostos e Seguros, Manutenção e Materiais na Operação dos Equipamentos",96244,"MINIESCAVADEIRA SOBRE ESTEIRAS, POTÊNCIA LÍQUIDA DE *30* HP, PESO OPERACIONAL DE *3.500* KG - MATERIAIS NA OPERAÇÃO. AF_04/2017","H",16.84,0]
["Depreciação, Juros, Impostos e Seguros, Manutenção e Materiais na Operação dos Equipamentos",88400,"MISTURADOR DE ARGAMASSA, EIXO HORIZONTAL, CAPACIDADE DE MISTURA 160 KG, MOTOR ELÉTRICO POTÊNCIA 3 CV - DEPRECIAÇÃO. AF_05/2023","H",0.83,0]
["Depreciação, Juros, Impostos e Seguros, Manutenção e Materiais na Operação dos Equipamentos",88401,"MISTURADOR DE ARGAMASSA, EIXO HORIZONTAL, CAPACIDADE DE MISTURA 160 KG, MOTOR ELÉTRICO POTÊNCIA 3 CV - JUROS. AF_05/2023","H",0.19,0]
["Depreciação, Juros, Impostos e Seguros, Manutenção e Materiais na Operação dos Equipamentos",88402,"MISTURADOR DE ARGAMASSA, EIXO HORIZONTAL, CAPACIDADE DE MISTURA 160 KG, MOTOR ELÉTRICO POTÊNCIA 3 CV - MANUTENÇÃO. AF_05/2023","H",0.91,0]
["Depreciação, Juros, Impostos e Seguros, Manutenção e Materiais na Operação dos Equipamentos",88403,"MISTURADOR DE ARGAMASSA, EIXO HORIZONTAL, CAPACIDADE DE MISTURA 160 KG, MOTOR ELÉTRICO POTÊNCIA 3 CV - MATERIAIS NA OPERAÇÃO. AF_05/2023","H",1.88,0]
["Depreciação, Juros, Impostos e Seguros, Manutenção e Materiais na Operação dos Equipamentos",88387,"MISTURADOR DE ARGAMASSA, EIXO HORIZONTAL, CAPACIDADE DE MISTURA 300 KG, MOTOR ELÉTRICO POTÊNCIA 5 CV - DEPRECIAÇÃO. AF_05/2023","H",0.88,0]
["Depreciação, Juros, Impostos e Seguros, Manutenção e Materiais na Operação dos Equipamentos",88389,"MISTURADOR DE ARGAMASSA, EIXO HORIZONTAL, CAPACIDADE DE MISTURA 300 KG, MOTOR ELÉTRICO POTÊNCIA 5 CV - JUROS. AF_05/2023","H",0.2,0]
["Depreciação, Juros, Impostos e Seguros, Manutenção e Materiais na Operação dos Equipamentos",88390,"MISTURADOR DE ARGAMASSA, EIXO HORIZONTAL, CAPACIDADE DE MISTURA 300 KG, MOTOR ELÉTRICO POTÊNCIA 5 CV - MANUTENÇÃO. AF_05/2023","H",0.96,0]
["Depreciação, Juros, Impostos e Seguros, Manutenção e Materiais na Operação dos Equipamentos",88391,"MISTURADOR DE ARGAMASSA, EIXO HORIZONTAL, CAPACIDADE DE MISTURA 300 KG, MOTOR ELÉTRICO POTÊNCIA 5 CV - MATERIAIS NA OPERAÇÃO. AF_05/2023","H",3.13,0]
["Depreciação, Juros, Impostos e Seguros, Manutenção e Materiais na Operação dos Equipamentos",88394,"MISTURADOR DE ARGAMASSA, EIXO HORIZONTAL, CAPACIDADE DE MISTURA 600 KG, MOTOR ELÉTRICO POTÊNCIA 7,5 CV - DEPRECIAÇÃO. AF_05/2023","H",1.04,0]
["Depreciação, Juros, Impostos e Seguros, Manutenção e Materiais na Operação dos Equipamentos",88395,"MISTURADOR DE ARGAMASSA, EIXO HORIZONTAL, CAPACIDADE DE MISTURA 600 KG, MOTOR ELÉTRICO POTÊNCIA 7,5 CV - JUROS. AF_05/2023","H",0.24,0]
["Depreciação, Juros, Impostos e Seguros, Manutenção e Materiais na Operação dos Equipamentos",88396,"MISTURADOR DE ARGAMASSA, EIXO HORIZONTAL, CAPACIDADE DE MISTURA 600 KG, MOTOR ELÉTRICO POTÊNCIA 7,5 CV - MANUTENÇÃO. AF_05/2023","H",1.1399999999999999,0]
["Depreciação, Juros, Impostos e Seguros, Manutenção e Materiais na Operação dos Equipamentos",88397,"MISTURADOR DE ARGAMASSA, EIXO HORIZONTAL, CAPACIDADE DE MISTURA 600 KG, MOTOR ELÉTRICO POTÊNCIA 7,5 CV - MATERIAIS NA OPERAÇÃO. AF_05/2023","H",4.6900000000000004,0]
["Depreciação, Juros, Impostos e Seguros, Manutenção e Materiais na Operação dos Equipamentos",90633,"MISTURADOR DUPLO HORIZONTAL DE ALTA TURBULÊNCIA, CAPACIDADE / VOLUME 2 X 500 LITROS, MOTORES ELÉTRICOS MÍNIMO 5 CV CADA, PARA NATA CIMENTO, ARGAMASSA E OUTROS - DEPRECIAÇÃO. AF_06/2015","H",4.17,0]
["Depreciação, Juros, Impostos e Seguros, Manutenção e Materiais na Operação dos Equipamentos",90634,"MISTURADOR DUPLO HORIZONTAL DE ALTA TURBULÊNCIA, CAPACIDADE / VOLUME 2 X 500 LITROS, MOTORES ELÉTRICOS MÍNIMO 5 CV CADA, PARA NATA CIMENTO, ARGAMASSA E OUTROS - JUROS. AF_06/2015","H",0.96,0]
["Depreciação, Juros, Impostos e Seguros, Manutenção e Materiais na Operação dos Equipamentos",90635,"MISTURADOR DUPLO HORIZONTAL DE ALTA TURBULÊNCIA, CAPACIDADE / VOLUME 2 X 500 LITROS, MOTORES ELÉTRICOS MÍNIMO 5 CV CADA, PARA NATA CIMENTO, ARGAMASSA E OUTROS - MANUTENÇÃO. AF_06/2015","H",4.5599999999999996,0]
["Depreciação, Juros, Impostos e Seguros, Manutenção e Materiais na Operação dos Equipamentos",90636,"MISTURADOR DUPLO HORIZONTAL DE ALTA TURBULÊNCIA, CAPACIDADE / VOLUME 2 X 500 LITROS, MOTORES ELÉTRICOS MÍNIMO 5 CV CADA, PARA NATA CIMENTO, ARGAMASSA E OUTROS - MATERIAIS NA OPERAÇÃO. AF_06/2015","H",6.26,0]
["Depreciação, Juros, Impostos e Seguros, Manutenção e Materiais na Operação dos Equipamentos",103238,"MISTURADOR PARA PREPARO DE LAMA ESTABILIZANTE COM CAPACIDADE DE *4000* L, COM BOMBA CENTRÍFUGA 5,5 HP A 23,07 HP, PARA SISTEMA DE FURO DIRECIONAL - DEPRECIAÇÃO. AF_05/2023","H",0]
["Depreciação, Juros, Impostos e Seguros, Manutenção e Materiais na Operação dos Equipamentos",103239,"MISTURADOR PARA PREPARO DE LAMA ESTABILIZANTE COM CAPACIDADE DE *4000* L, COM BOMBA CENTRÍFUGA 5,5 HP A 23,07 HP, PARA SISTEMA DE FURO DIRECIONAL - JUROS. AF_05/2023","H",0]
["Depreciação, Juros, Impostos e Seguros, Manutenção e Materiais na Operação dos Equipamentos",103240,"MISTURADOR PARA PREPARO DE LAMA ESTABILIZANTE COM CAPACIDADE DE *4000* L, COM BOMBA CENTRÍFUGA 5,5 HP A 23,07 HP, PARA SISTEMA DE FURO DIRECIONAL - MANUTENÇÃO. AF_05/2023","H",0]
["Depreciação, Juros, Impostos e Seguros, Manutenção e Materiais na Operação dos Equipamentos",103241,"MISTURADOR PARA PREPARO DE LAMA ESTABILIZANTE COM CAPACIDADE DE *4000* L, COM BOMBA CENTRÍFUGA 5,5 HP A 23,07 HP, PARA SISTEMA DE FURO DIRECIONAL - MATERIAIS NA OPERAÇÃO. AF_05/2023","H",11.73,0]
["Depreciação, Juros, Impostos e Seguros, Manutenção e Materiais na Operação dos Equipamentos",88853,"MOTOBOMBA CENTRÍFUGA, MOTOR A GASOLINA, POTÊNCIA 5,42 HP, BOCAIS 1 1/2\" X 1\", DIÂMETRO ROTOR 143 MM HM/Q = 6 MCA / 16,8 M3/H A 38 MCA / 6,6 M3/H - DEPRECIAÇÃO. AF_06/2014","H",0.16,0]
["Depreciação, Juros, Impostos e Seguros, Manutenção e Materiais na Operação dos Equipamentos",88854,"MOTOBOMBA CENTRÍFUGA, MOTOR A GASOLINA, POTÊNCIA 5,42 HP, BOCAIS 1 1/2\" X 1\", DIÂMETRO ROTOR 143 MM HM/Q = 6 MCA / 16,8 M3/H A 38 MCA / 6,6 M3/H - JUROS. AF_06/2014","H",0.03,0]
["Depreciação, Juros, Impostos e Seguros, Manutenção e Materiais na Operação dos Equipamentos",5692,"MOTOBOMBA CENTRÍFUGA, MOTOR A GASOLINA, POTÊNCIA 5,42 HP, BOCAIS 1 1/2\" X 1\", DIÂMETRO ROTOR 143 MM HM/Q = 6 MCA / 16,8 M3/H A 38 MCA / 6,6 M3/H - MANUTENÇÃO. AF_06/2014","H",0.18,0]
["Depreciação, Juros, Impostos e Seguros, Manutenção e Materiais na Operação dos Equipamentos",5693,"MOTOBOMBA CENTRÍFUGA, MOTOR A GASOLINA, POTÊNCIA 5,42 HP, BOCAIS 1 1/2\" X 1\", DIÂMETRO ROTOR 143 MM HM/Q = 6 MCA / 16,8 M3/H A 38 MCA / 6,6 M3/H - MATERIAIS NA OPERAÇÃO. AF_06/2014","H",21.98,0]
["Depreciação, Juros, Impostos e Seguros, Manutenção e Materiais na Operação dos Equipamentos",7044,"MOTOBOMBA TRASH (PARA ÁGUA SUJA) AUTO ESCORVANTE, MOTOR GASOLINA DE 6,41 HP, DIÂMETROS DE SUCÇÃO X RECALQUE: 3\" X 3\", HM/Q = 10 MCA / 60 M3/H A 23 MCA / 0 M3/H - DEPRECIAÇÃO. AF_10/2014","H",0.2,0]
["Depreciação, Juros, Impostos e Seguros, Manutenção e Materiais na Operação dos Equipamentos",7045,"MOTOBOMBA TRASH (PARA ÁGUA SUJA) AUTO ESCORVANTE, MOTOR GASOLINA DE 6,41 HP, DIÂMETROS DE SUCÇÃO X RECALQUE: 3\" X 3\", HM/Q = 10 MCA / 60 M3/H A 23 MCA / 0 M3/H - JUROS. AF_10/2014","H",0.04,0]
["Depreciação, Juros, Impostos e Seguros, Manutenção e Materiais na Operação dos Equipamentos",7046,"MOTOBOMBA TRASH (PARA ÁGUA SUJA) AUTO ESCORVANTE, MOTOR GASOLINA DE 6,41 HP, DIÂMETROS DE SUCÇÃO X RECALQUE: 3\" X 3\", HM/Q = 10 MCA / 60 M3/H A 23 MCA / 0 M3/H - MANUTENÇÃO. AF_10/2014","H",0.22,0]
["Depreciação, Juros, Impostos e Seguros, Manutenção e Materiais na Operação dos Equipamentos",7047,"MOTOBOMBA TRASH (PARA ÁGUA SUJA) AUTO ESCORVANTE, MOTOR GASOLINA DE 6,41 HP, DIÂMETROS DE SUCÇÃO X RECALQUE: 3\" X 3\", HM/Q = 10 MCA / 60 M3/H A 23 MCA / 0 M3/H - MATERIAIS NA OPERAÇÃO. AF_10/2014","H",25.94,0]
["Depreciação, Juros, Impostos e Seguros, Manutenção e Materiais na Operação dos Equipamentos",89228,"MOTONIVELADORA POTÊNCIA BÁSICA LÍQUIDA (PRIMEIRA MARCHA) 125 HP, PESO BRUTO 13032 KG, LARGURA DA LÂMINA DE 3,7 M - DEPRECIAÇÃO. AF_06/2014","H",46.4,0]
["Depreciação, Juros, Impostos e Seguros, Manutenção e Materiais na Operação dos Equipamentos",89229,"MOTONIVELADORA POTÊNCIA BÁSICA LÍQUIDA (PRIMEIRA MARCHA) 125 HP, PESO BRUTO 13032 KG, LARGURA DA LÂMINA DE 3,7 M - JUROS. AF_06/2014","H",16.350000000000001,0]
["Depreciação, Juros, Impostos e Seguros, Manutenção e Materiais na Operação dos Equipamentos",5779,"MOTONIVELADORA POTÊNCIA BÁSICA LÍQUIDA (PRIMEIRA MARCHA) 125 HP, PESO BRUTO 13032 KG, LARGURA DA LÂMINA DE 3,7 M - MANUTENÇÃO. AF_06/2014","H",74.58,0]
["Depreciação, Juros, Impostos e Seguros, Manutenção e Materiais na Operação dos Equipamentos",53849,"MOTONIVELADORA POTÊNCIA BÁSICA LÍQUIDA (PRIMEIRA MARCHA) 125 HP, PESO BRUTO 13032 KG, LARGURA DA LÂMINA DE 3,7 M - MATERIAIS NA OPERAÇÃO. AF_06/2014","H",81,0]
["Depreciação, Juros, Impostos e Seguros, Manutenção e Materiais na Operação dos Equipamentos",95129,"MÁQUINA DEMARCADORA DE FAIXA DE TRÁFEGO À FRIO, AUTOPROPELIDA, POTÊNCIA 38 HP - DEPRECIAÇÃO. AF_07/2016","H",49.78,1]
["Depreciação, Juros, Impostos e Seguros, Manutenção e Materiais na Operação dos Equipamentos",95130,"MÁQUINA DEMARCADORA DE FAIXA DE TRÁFEGO À FRIO, AUTOPROPELIDA, POTÊNCIA 38 HP - JUROS. AF_07/2016","H",18.05,1]
["Depreciação, Juros, Impostos e Seguros, Manutenção e Materiais na Operação dos Equipamentos",95131,"MÁQUINA DEMARCADORA DE FAIXA DE TRÁFEGO À FRIO, AUTOPROPELIDA, POTÊNCIA 38 HP - MANUTENÇÃO. AF_07/2016","H",58.6,1]
["Depreciação, Juros, Impostos e Seguros, Manutenção e Materiais na Operação dos Equipamentos",95132,"MÁQUINA DEMARCADORA DE FAIXA DE TRÁFEGO À FRIO, AUTOPROPELIDA, POTÊNCIA 38 HP - MATERIAIS NA OPERAÇÃO. AF_07/2016","H",31.2,0]
["Depreciação, Juros, Impostos e Seguros, Manutenção e Materiais na Operação dos Equipamentos",102982,"MÁQUINA DEMARCADORA DE FAIXA DE TRÁFEGO À FRIO, TRAÇÃO MANUAL, 4 CV, PRESSÃO MAX 3300 PSI, TANQUE 20 L - DEPRECIAÇÃO. AF_06/2021","H",0]
["Depreciação, Juros, Impostos e Seguros, Manutenção e Materiais na Operação dos Equipamentos",102983,"MÁQUINA DEMARCADORA DE FAIXA DE TRÁFEGO À FRIO, TRAÇÃO MANUAL, 4 CV, PRESSÃO MAX 3300 PSI, TANQUE 20 L - JUROS. AF_06/2021","H",0]
["Depreciação, Juros, Impostos e Seguros, Manutenção e Materiais na Operação dos Equipamentos",102984,"MÁQUINA DEMARCADORA DE FAIXA DE TRÁFEGO À FRIO, TRAÇÃO MANUAL, 4 CV, PRESSÃO MAX 3300 PSI, TANQUE 20 L - MANUTENÇÃO. AF_06/2021","H",0]
["Depreciação, Juros, Impostos e Seguros, Manutenção e Materiais na Operação dos Equipamentos",102985,"MÁQUINA DEMARCADORA DE FAIXA DE TRÁFEGO À FRIO, TRAÇÃO MANUAL, 4 CV, PRESSÃO MAX 3300 PSI, TANQUE 20 L - MATERIAIS NA OPERAÇÃO. AF_06/2021","H",14.47,0]
["Depreciação, Juros, Impostos e Seguros, Manutenção e Materiais na Operação dos Equipamentos",92956,"MÁQUINA EXTRUSORA DE CONCRETO PARA GUIAS E SARJETAS, MOTOR A DIESEL, POTÊNCIA 14 CV - DEPRECIAÇÃO. AF_12/2015","H",4.37,1]
["Depreciação, Juros, Impostos e Seguros, Manutenção e Materiais na Operação dos Equipamentos",92957,"MÁQUINA EXTRUSORA DE CONCRETO PARA GUIAS E SARJETAS, MOTOR A DIESEL, POTÊNCIA 14 CV - JUROS. AF_12/2015","H",1.01,1]
["Depreciação, Juros, Impostos e Seguros, Manutenção e Materiais na Operação dos Equipamentos",92958,"MÁQUINA EXTRUSORA DE CONCRETO PARA GUIAS E SARJETAS, MOTOR A DIESEL, POTÊNCIA 14 CV - MANUTENÇÃO. AF_12/2015","H",4.79,1]
["Depreciação, Juros, Impostos e Seguros, Manutenção e Materiais na Operação dos Equipamentos",92959,"MÁQUINA EXTRUSORA DE CONCRETO PARA GUIAS E SARJETAS, MOTOR A DIESEL, POTÊNCIA 14 CV - MATERIAIS NA OPERAÇÃO. AF_12/2015","H",8.9700000000000006,0]
["Depreciação, Juros, Impostos e Seguros, Manutenção e Materiais na Operação dos Equipamentos",102858,"MÁQUINA FORMER DOBRAS DIVERSAS: 220V/380V TRIFÁSICO OU MONOFÁSICO, CAPACIDADE 0,5-1,27MM, MOTOR 2CV - DEPRECIAÇÃO. AF_05/2023","H",0]
["Depreciação, Juros, Impostos e Seguros, Manutenção e Materiais na Operação dos Equipamentos",102859,"MÁQUINA FORMER DOBRAS DIVERSAS: 220V/380V TRIFÁSICO OU MONOFÁSICO, CAPACIDADE 0,5-1,27MM, MOTOR 2CV - JUROS. AF_05/2023","H",0]
["Depreciação, Juros, Impostos e Seguros, Manutenção e Materiais na Operação dos Equipamentos",102860,"MÁQUINA FORMER DOBRAS DIVERSAS: 220V/380V TRIFÁSICO OU MONOFÁSICO, CAPACIDADE 0,5-1,27MM, MOTOR 2CV - MANUTENÇÃO. AF_05/2023","H",0]
["Depreciação, Juros, Impostos e Seguros, Manutenção e Materiais na Operação dos Equipamentos",102861,"MÁQUINA FORMER DOBRAS DIVERSAS: 220V/380V TRIFÁSICO OU MONOFÁSICO, CAPACIDADE 0,5-1,27MM, MOTOR 2CV - MATERIAIS NA OPERAÇÃO. AF_05/2023","H",1.25,0]
["Depreciação, Juros, Impostos e Seguros, Manutenção e Materiais na Operação dos Equipamentos",93404,"MÁQUINA JATO DE PRESSAO PORTÁTIL, CAMARA DE 1 SAIDA, CAPACIDADE 280 L, DIAMETRO 670 MM, BICO DE JATO CURTO VENTURI DE 5/16\", MANGUEIRA DE 1\" COM COMPRESSOR DE AR REBOCÁVEL 189 PCM E MOTOR DIESEL 63 CV - DEPRECIAÇÃO. AF_05/2023","H",7.33,1]
["Depreciação, Juros, Impostos e Seguros, Manutenção e Materiais na Operação dos Equipamentos",93405,"MÁQUINA JATO DE PRESSAO PORTÁTIL, CAMARA DE 1 SAIDA, CAPACIDADE 280 L, DIAMETRO 670 MM, BICO DE JATO CURTO VENTURI DE 5/16\", MANGUEIRA DE 1\" COM COMPRESSOR DE AR REBOCÁVEL 189 PCM E MOTOR DIESEL 63 CV - JUROS. AF_05/2023","H",1.87,1]
["Depreciação, Juros, Impostos e Seguros, Manutenção e Materiais na Operação dos Equipamentos",93406,"MÁQUINA JATO DE PRESSAO PORTÁTIL, CAMARA DE 1 SAIDA, CAPACIDADE 280 L, DIAMETRO 670 MM, BICO DE JATO CURTO VENTURI DE 5/16\", MANGUEIRA DE 1\" COM COMPRESSOR DE AR REBOCÁVEL 189 PCM E MOTOR DIESEL 63 CV - MANUTENÇÃO. AF_05/2023","H",8.8000000000000007,1]
["Depreciação, Juros, Impostos e Seguros, Manutenção e Materiais na Operação dos Equipamentos",93407,"MÁQUINA JATO DE PRESSAO PORTÁTIL, CAMARA DE 1 SAIDA, CAPACIDADE 280 L, DIAMETRO 670 MM, BICO DE JATO CURTO VENTURI DE 5/16\", MANGUEIRA DE 1\" COM COMPRESSOR DE AR REBOCÁVEL 189 PCM E MOTOR DIESEL 63 CV - MATERIAIS NA OPERAÇÃO. AF_05/2023","H",45.62,0]
["Depreciação, Juros, Impostos e Seguros, Manutenção e Materiais na Operação dos Equipamentos",102936,"MÁQUINA METALEIRA UNIVERSAL MODELO IW 110/180 BTD - DEPRECIAÇÃO. AF_05/2023","H",0]
["Depreciação, Juros, Impostos e Seguros, Manutenção e Materiais na Operação dos Equipamentos",102937,"MÁQUINA METALEIRA UNIVERSAL MODELO IW 110/180 BTD - JUROS. AF_05/2023","H",0]
["Depreciação, Juros, Impostos e Seguros, Manutenção e Materiais na Operação dos Equipamentos",102938,"MÁQUINA METALEIRA UNIVERSAL MODELO IW 110/180 BTD - MANUTENÇÃO. AF_05/2023","H",0]
["Depreciação, Juros, Impostos e Seguros, Manutenção e Materiais na Operação dos Equipamentos",102939,"MÁQUINA METALEIRA UNIVERSAL MODELO IW 110/180 BTD - MATERIAIS NA OPERAÇÃO. AF_05/2023","H",9.35,0]
["Depreciação, Juros, Impostos e Seguros, Manutenção e Materiais na Operação dos Equipamentos",103159,"MÁQUINA PARA SOLDA POR ELETROFUSÃO PARA TUBOS DE POLIETILENO DE ALTA DENSIDADE (PEAD) COM DIÂMETRO EXTERNO DE 20 A 1600 MM, POTÊNCIA DE 3500 W - DEPRECIAÇÃO. AF_05/2023","H",0]
["Depreciação, Juros, Impostos e Seguros, Manutenção e Materiais na Operação dos Equipamentos",103160,"MÁQUINA PARA SOLDA POR ELETROFUSÃO PARA TUBOS DE POLIETILENO DE ALTA DENSIDADE (PEAD) COM DIÂMETRO EXTERNO DE 20 A 1600 MM, POTÊNCIA DE 3500 W - JUROS. AF_05/2023","H",0]
["Depreciação, Juros, Impostos e Seguros, Manutenção e Materiais na Operação dos Equipamentos",103161,"MÁQUINA PARA SOLDA POR ELETROFUSÃO PARA TUBOS DE POLIETILENO DE ALTA DENSIDADE (PEAD) COM DIÂMETRO EXTERNO DE 20 A 1600 MM, POTÊNCIA DE 3500 W - MANUTENÇÃO. AF_05/2023","H",0]
["Depreciação, Juros, Impostos e Seguros, Manutenção e Materiais na Operação dos Equipamentos",103162,"MÁQUINA PARA SOLDA POR ELETROFUSÃO PARA TUBOS DE POLIETILENO DE ALTA DENSIDADE (PEAD) COM DIÂMETRO EXTERNO DE 20 A 1600 MM, POTÊNCIA DE 3500 W - MATERIAIS NA OPERAÇÃO. AF_05/2023","H",0.67,0]
["Depreciação, Juros, Impostos e Seguros, Manutenção e Materiais na Operação dos Equipamentos",103153,"MÁQUINA PARA SOLDA POR ELETROFUSÃO PARA TUBOS DE POLIETILENO DE ALTA DENSIDADE (PEAD) COM DIÂMETRO EXTERNO DE 20 A 800 MM, POTÊNCIA ENTRE 2750 E 3000 W - DEPRECIAÇÃO. AF_05/2023","H",0]
["Depreciação, Juros, Impostos e Seguros, Manutenção e Materiais na Operação dos Equipamentos",103154,"MÁQUINA PARA SOLDA POR ELETROFUSÃO PARA TUBOS DE POLIETILENO DE ALTA DENSIDADE (PEAD) COM DIÂMETRO EXTERNO DE 20 A 800 MM, POTÊNCIA ENTRE 2750 E 3000 W - JUROS. AF_05/2023","H",0]
["Depreciação, Juros, Impostos e Seguros, Manutenção e Materiais na Operação dos Equipamentos",103155,"MÁQUINA PARA SOLDA POR ELETROFUSÃO PARA TUBOS DE POLIETILENO DE ALTA DENSIDADE (PEAD) COM DIÂMETRO EXTERNO DE 20 A 800 MM, POTÊNCIA ENTRE 2750 E 3000 W - MANUTENÇÃO. AF_05/2023","H",0]
["Depreciação, Juros, Impostos e Seguros, Manutenção e Materiais na Operação dos Equipamentos",103156,"MÁQUINA PARA SOLDA POR ELETROFUSÃO PARA TUBOS DE POLIETILENO DE ALTA DENSIDADE (PEAD) COM DIÂMETRO EXTERNO DE 20 A 800 MM, POTÊNCIA ENTRE 2750 E 3000 W - MATERIAIS NA OPERAÇÃO. AF_05/2023","H",2.38,0]
["Depreciação, Juros, Impostos e Seguros, Manutenção e Materiais na Operação dos Equipamentos",103171,"MÁQUINA PARA SOLDA POR TERMOFUSÃO PARA TUBOS DE POLIETILENO DE ALTA DENSIDADE (PEAD) COM DIÂMETRO EXTERNO DE 315 A 630 MM, POTÊNCIA ENTRE 8000 E 12350 W - DEPRECIAÇÃO. AF_05/2023","H",0]
["Depreciação, Juros, Impostos e Seguros, Manutenção e Materiais na Operação dos Equipamentos",103172,"MÁQUINA PARA SOLDA POR TERMOFUSÃO PARA TUBOS DE POLIETILENO DE ALTA DENSIDADE (PEAD) COM DIÂMETRO EXTERNO DE 315 A 630 MM, POTÊNCIA ENTRE 8000 E 12350 W - JUROS. AF_05/2023","H",0]
["Depreciação, Juros, Impostos e Seguros, Manutenção e Materiais na Operação dos Equipamentos",103173,"MÁQUINA PARA SOLDA POR TERMOFUSÃO PARA TUBOS DE POLIETILENO DE ALTA DENSIDADE (PEAD) COM DIÂMETRO EXTERNO DE 315 A 630 MM, POTÊNCIA ENTRE 8000 E 12350 W - MANUTENÇÃO. AF_05/2023","H",0]
["Depreciação, Juros, Impostos e Seguros, Manutenção e Materiais na Operação dos Equipamentos",103174,"MÁQUINA PARA SOLDA POR TERMOFUSÃO PARA TUBOS DE POLIETILENO DE ALTA DENSIDADE (PEAD) COM DIÂMETRO EXTERNO DE 315 A 630 MM, POTÊNCIA ENTRE 8000 E 12350 W - MATERIAIS NA OPERAÇÃO. AF_05/2023","H",1.9,0]
["Depreciação, Juros, Impostos e Seguros, Manutenção e Materiais na Operação dos Equipamentos",103177,"MÁQUINA PARA SOLDA POR TERMOFUSÃO PARA TUBOS DE POLIETILENO DE ALTA DENSIDADE (PEAD) COM DIÂMETRO EXTERNO DE 710 A 1200 MM, POTÊNCIA ENTRE 16000 E 29500 W - DEPRECIAÇÃO. AF_05/2023","H",0]
["Depreciação, Juros, Impostos e Seguros, Manutenção e Materiais na Operação dos Equipamentos",103178,"MÁQUINA PARA SOLDA POR TERMOFUSÃO PARA TUBOS DE POLIETILENO DE ALTA DENSIDADE (PEAD) COM DIÂMETRO EXTERNO DE 710 A 1200 MM, POTÊNCIA ENTRE 16000 E 29500 W - JUROS. AF_05/2023","H",0]
["Depreciação, Juros, Impostos e Seguros, Manutenção e Materiais na Operação dos Equipamentos",103179,"MÁQUINA PARA SOLDA POR TERMOFUSÃO PARA TUBOS DE POLIETILENO DE ALTA DENSIDADE (PEAD) COM DIÂMETRO EXTERNO DE 710 A 1200 MM, POTÊNCIA ENTRE 16000 E 29500 W - MANUTENÇÃO. AF_05/2023","H",0]
["Depreciação, Juros, Impostos e Seguros, Manutenção e Materiais na Operação dos Equipamentos",103180,"MÁQUINA PARA SOLDA POR TERMOFUSÃO PARA TUBOS DE POLIETILENO DE ALTA DENSIDADE (PEAD) COM DIÂMETRO EXTERNO DE 710 A 1200 MM, POTÊNCIA ENTRE 16000 E 29500 W - MATERIAIS NA OPERAÇÃO. AF_05/2023","H",4.37,0]
["Depreciação, Juros, Impostos e Seguros, Manutenção e Materiais na Operação dos Equipamentos",103165,"MÁQUINA PARA SOLDA POR TERMOFUSÃO PARA TUBOS DE POLIETILENO DE ALTA DENSIDADE (PEAD) COM DIÂMETRO EXTERNO DE 90 A 315 MM, POTÊNCIA ENTRE 2500 E 5350 W - DEPRECIAÇÃO. AF_05/2023","H",0]
["Depreciação, Juros, Impostos e Seguros, Manutenção e Materiais na Operação dos Equipamentos",103166,"MÁQUINA PARA SOLDA POR TERMOFUSÃO PARA TUBOS DE POLIETILENO DE ALTA DENSIDADE (PEAD) COM DIÂMETRO EXTERNO DE 90 A 315 MM, POTÊNCIA ENTRE 2500 E 5350 W - JUROS. AF_05/2023","H",0]
["Depreciação, Juros, Impostos e Seguros, Manutenção e Materiais na Operação dos Equipamentos",103167,"MÁQUINA PARA SOLDA POR TERMOFUSÃO PARA TUBOS DE POLIETILENO DE ALTA DENSIDADE (PEAD) COM DIÂMETRO EXTERNO DE 90 A 315 MM, POTÊNCIA ENTRE 2500 E 5350 W - MANUTENÇÃO. AF_05/2023","H",0]
["Depreciação, Juros, Impostos e Seguros, Manutenção e Materiais na Operação dos Equipamentos",103168,"MÁQUINA PARA SOLDA POR TERMOFUSÃO PARA TUBOS DE POLIETILENO DE ALTA DENSIDADE (PEAD) COM DIÂMETRO EXTERNO DE 90 A 315 MM, POTÊNCIA ENTRE 2500 E 5350 W - MATERIAIS NA OPERAÇÃO. AF_05/2023","H",0.76,0]
["Depreciação, Juros, Impostos e Seguros, Manutenção e Materiais na Operação dos Equipamentos",102864,"MÁQUINA SOLDA ARCO COM PISTOLA DE SOLDAGEM PARA STUD BOLT DE 5 MM A 22 MM - DEPRECIAÇÃO. AF_05/2023","H",0]
["Depreciação, Juros, Impostos e Seguros, Manutenção e Materiais na Operação dos Equipamentos",102865,"MÁQUINA SOLDA ARCO COM PISTOLA DE SOLDAGEM PARA STUD BOLT DE 5 MM A 22 MM - JUROS. AF_05/2023","H",0]
["Depreciação, Juros, Impostos e Seguros, Manutenção e Materiais na Operação dos Equipamentos",102866,"MÁQUINA SOLDA ARCO COM PISTOLA DE SOLDAGEM PARA STUD BOLT DE 5 MM A 22 MM - MANUTENÇÃO. AF_05/2023","H",0]
["Depreciação, Juros, Impostos e Seguros, Manutenção e Materiais na Operação dos Equipamentos",102867,"MÁQUINA SOLDA ARCO COM PISTOLA DE SOLDAGEM PARA STUD BOLT DE 5 MM A 22 MM - MATERIAIS NA OPERAÇÃO. AF_05/2023","H",0.68,0]
["Depreciação, Juros, Impostos e Seguros, Manutenção e Materiais na Operação dos Equipamentos",92108,"PENEIRA ROTATIVA COM MOTOR ELÉTRICO TRIFÁSICO DE 2 CV, CILINDRO DE 1 M X 0,60 M, COM FUROS DE 3,17 MM - DEPRECIAÇÃO. AF_05/2023","H",0.97,0]
["Depreciação, Juros, Impostos e Seguros, Manutenção e Materiais na Operação dos Equipamentos",92109,"PENEIRA ROTATIVA COM MOTOR ELÉTRICO TRIFÁSICO DE 2 CV, CILINDRO DE 1 M X 0,60 M, COM FUROS DE 3,17 MM - JUROS. AF_05/2023","H",0.22,0]
["Depreciação, Juros, Impostos e Seguros, Manutenção e Materiais na Operação dos Equipamentos",92110,"PENEIRA ROTATIVA COM MOTOR ELÉTRICO TRIFÁSICO DE 2 CV, CILINDRO DE 1 M X 0,60 M, COM FUROS DE 3,17 MM - MANUTENÇÃO. AF_05/2023","H",1.22,0]
["Depreciação, Juros, Impostos e Seguros, Manutenção e Materiais na Operação dos Equipamentos",92111,"PENEIRA ROTATIVA COM MOTOR ELÉTRICO TRIFÁSICO DE 2 CV, CILINDRO DE 1 M X 0,60 M, COM FUROS DE 3,17 MM - MATERIAIS NA OPERAÇÃO. AF_05/2023","H",1.25,0]
["Depreciação, Juros, Impostos e Seguros, Manutenção e Materiais na Operação dos Equipamentos",90670,"PERFURATRIZ COM TORRE METÁLICA PARA EXECUÇÃO DE ESTACA HÉLICE CONTÍNUA, PROFUNDIDADE MÁXIMA DE 30 M, DIÂMETRO MÁXIMO DE 800 MM, POTÊNCIA INSTALADA DE 268 HP, MESA ROTATIVA COM TORQUE MÁXIMO DE 170 KNM - DEPRECIAÇÃO. AF_06/2015","H",239.12,0]
["Depreciação, Juros, Impostos e Seguros, Manutenção e Materiais na Operação dos Equipamentos",90671,"PERFURATRIZ COM TORRE METÁLICA PARA EXECUÇÃO DE ESTACA HÉLICE CONTÍNUA, PROFUNDIDADE MÁXIMA DE 30 M, DIÂMETRO MÁXIMO DE 800 MM, POTÊNCIA INSTALADA DE 268 HP, MESA ROTATIVA COM TORQUE MÁXIMO DE 170 KNM - JUROS. AF_06/2015","H",64.150000000000006,0]
["Depreciação, Juros, Impostos e Seguros, Manutenção e Materiais na Operação dos Equipamentos",90672,"PERFURATRIZ COM TORRE METÁLICA PARA EXECUÇÃO DE ESTACA HÉLICE CONTÍNUA, PROFUNDIDADE MÁXIMA DE 30 M, DIÂMETRO MÁXIMO DE 800 MM, POTÊNCIA INSTALADA DE 268 HP, MESA ROTATIVA COM TORQUE MÁXIMO DE 170 KNM - MANUTENÇÃO. AF_06/2015","H",299.24,0]
["Depreciação, Juros, Impostos e Seguros, Manutenção e Materiais na Operação dos Equipamentos",90673,"PERFURATRIZ COM TORRE METÁLICA PARA EXECUÇÃO DE ESTACA HÉLICE CONTÍNUA, PROFUNDIDADE MÁXIMA DE 30 M, DIÂMETRO MÁXIMO DE 800 MM, POTÊNCIA INSTALADA DE 268 HP, MESA ROTATIVA COM TORQUE MÁXIMO DE 170 KNM - MATERIAIS NA OPERAÇÃO. AF_06/2015","H",115.74,0]
["Depreciação, Juros, Impostos e Seguros, Manutenção e Materiais na Operação dos Equipamentos",93220,"PERFURATRIZ COM TORRE METÁLICA PARA EXECUÇÃO DE ESTACA HÉLICE CONTÍNUA, PROFUNDIDADE MÁXIMA DE 32 M, DIÂMETRO MÁXIMO DE 1000 MM, POTÊNCIA INSTALADA DE 350 HP, MESA ROTATIVA COM TORQUE MÁXIMO DE 263 KNM - DEPRECIAÇÃO. AF_01/2016","H",366.66,0]
["Depreciação, Juros, Impostos e Seguros, Manutenção e Materiais na Operação dos Equipamentos",93221,"PERFURATRIZ COM TORRE METÁLICA PARA EXECUÇÃO DE ESTACA HÉLICE CONTÍNUA, PROFUNDIDADE MÁXIMA DE 32 M, DIÂMETRO MÁXIMO DE 1000 MM, POTÊNCIA INSTALADA DE 350 HP, MESA ROTATIVA COM TORQUE MÁXIMO DE 263 KNM - JUROS. AF_01/2016","H",98.37,0]
["Depreciação, Juros, Impostos e Seguros, Manutenção e Materiais na Operação dos Equipamentos",93222,"PERFURATRIZ COM TORRE METÁLICA PARA EXECUÇÃO DE ESTACA HÉLICE CONTÍNUA, PROFUNDIDADE MÁXIMA DE 32 M, DIÂMETRO MÁXIMO DE 1000 MM, POTÊNCIA INSTALADA DE 350 HP, MESA ROTATIVA COM TORQUE MÁXIMO DE 263 KNM - MANUTENÇÃO. AF_01/2016","H",458.84,0]
["Depreciação, Juros, Impostos e Seguros, Manutenção e Materiais na Operação dos Equipamentos",93223,"PERFURATRIZ COM TORRE METÁLICA PARA EXECUÇÃO DE ESTACA HÉLICE CONTÍNUA, PROFUNDIDADE MÁXIMA DE 32 M, DIÂMETRO MÁXIMO DE 1000 MM, POTÊNCIA INSTALADA DE 350 HP, MESA ROTATIVA COM TORQUE MÁXIMO DE 263 KNM - MATERIAIS NA OPERAÇÃO. AF_01/2016","H",151.16999999999999,0]
["Depreciação, Juros, Impostos e Seguros, Manutenção e Materiais na Operação dos Equipamentos",104691,"PERFURATRIZ DE COROA DIAMANTADA PARA CONCRETO, DIÂMETRO ATÉ 250 MM, MOTOR ELÉTRICO 220 V, POTÊNCIA 2.500 W - DEPRECIAÇÃO. AF_05/2023","H",0.95,0]
["Depreciação, Juros, Impostos e Seguros, Manutenção e Materiais na Operação dos Equipamentos",104692,"PERFURATRIZ DE COROA DIAMANTADA PARA CONCRETO, DIÂMETRO ATÉ 250 MM, MOTOR ELÉTRICO 220 V, POTÊNCIA 2.500 W - JUROS. AF_05/2023","H",0.22,0]
["Depreciação, Juros, Impostos e Seguros, Manutenção e Materiais na Operação dos Equipamentos",104693,"PERFURATRIZ DE COROA DIAMANTADA PARA CONCRETO, DIÂMETRO ATÉ 250 MM, MOTOR ELÉTRICO 220 V, POTÊNCIA 2.500 W - MANUTENÇÃO. AF_05/2023","H",1.19,0]
["Depreciação, Juros, Impostos e Seguros, Manutenção e Materiais na Operação dos Equipamentos",104694,"PERFURATRIZ DE COROA DIAMANTADA PARA CONCRETO, DIÂMETRO ATÉ 250 MM, MOTOR ELÉTRICO 220 V, POTÊNCIA 2.500 W - MATERIAIS NA OPERAÇÃO. AF_05/2023","H",2.13,0]
["Depreciação, Juros, Impostos e Seguros, Manutenção e Materiais na Operação dos Equipamentos",90676,"PERFURATRIZ HIDRÁULICA SOBRE CAMINHÃO COM TRADO CURTO ACOPLADO, PROFUNDIDADE MÁXIMA DE 20 M, DIÂMETRO MÁXIMO DE 1500 MM, POTÊNCIA INSTALADA DE 137 HP, MESA ROTATIVA COM TORQUE MÁXIMO DE 30 KNM - DEPRECIAÇÃO. AF_06/2015","H",98.55,0]
["Depreciação, Juros, Impostos e Seguros, Manutenção e Materiais na Operação dos Equipamentos",91021,"PERFURATRIZ HIDRÁULICA SOBRE CAMINHÃO COM TRADO CURTO ACOPLADO, PROFUNDIDADE MÁXIMA DE 20 M, DIÂMETRO MÁXIMO DE 1500 MM, POTÊNCIA INSTALADA DE 137 HP, MESA ROTATIVA COM TORQUE MÁXIMO DE 30 KNM - IMPOSTOS E SEGUROS. AF_06/2015","H",12.1,0]
["Depreciação, Juros, Impostos e Seguros, Manutenção e Materiais na Operação dos Equipamentos",90677,"PERFURATRIZ HIDRÁULICA SOBRE CAMINHÃO COM TRADO CURTO ACOPLADO, PROFUNDIDADE MÁXIMA DE 20 M, DIÂMETRO MÁXIMO DE 1500 MM, POTÊNCIA INSTALADA DE 137 HP, MESA ROTATIVA COM TORQUE MÁXIMO DE 30 KNM - JUROS. AF_06/2015","H",29.88,0]
["Depreciação, Juros, Impostos e Seguros, Manutenção e Materiais na Operação dos Equipamentos",90678,"PERFURATRIZ HIDRÁULICA SOBRE CAMINHÃO COM TRADO CURTO ACOPLADO, PROFUNDIDADE MÁXIMA DE 20 M, DIÂMETRO MÁXIMO DE 1500 MM, POTÊNCIA INSTALADA DE 137 HP, MESA ROTATIVA COM TORQUE MÁXIMO DE 30 KNM - MANUTENÇÃO. AF_06/2015","H",138.28,0]
["Depreciação, Juros, Impostos e Seguros, Manutenção e Materiais na Operação dos Equipamentos",90679,"PERFURATRIZ HIDRÁULICA SOBRE CAMINHÃO COM TRADO CURTO ACOPLADO, PROFUNDIDADE MÁXIMA DE 20 M, DIÂMETRO MÁXIMO DE 1500 MM, POTÊNCIA INSTALADA DE 137 HP, MESA ROTATIVA COM TORQUE MÁXIMO DE 30 KNM - MATERIAIS NA OPERAÇÃO. AF_06/2015","H",88.76,0]
["Depreciação, Juros, Impostos e Seguros, Manutenção e Materiais na Operação dos Equipamentos",102870,"PERFURATRIZ HIDRÁULICA SOBRE ESTEIRA, TORQUE MÁXIMO 161 KNM, PROFUNDIDADE MÁXIMA 54 M, DIÂMETRO MÁXIMO 1500 MM, POTÊNCIA MOTOR 268 HP - DEPRECIAÇÃO. AF_04/2019","H",348.74,0]
["Depreciação, Juros, Impostos e Seguros, Manutenção e Materiais na Operação dos Equipamentos",102871,"PERFURATRIZ HIDRÁULICA SOBRE ESTEIRA, TORQUE MÁXIMO 161 KNM, PROFUNDIDADE MÁXIMA 54 M, DIÂMETRO MÁXIMO 1500 MM, POTÊNCIA MOTOR 268 HP - JUROS. AF_04/2019","H",94.21,0]
["Depreciação, Juros, Impostos e Seguros, Manutenção e Materiais na Operação dos Equipamentos",102872,"PERFURATRIZ HIDRÁULICA SOBRE ESTEIRA, TORQUE MÁXIMO 161 KNM, PROFUNDIDADE MÁXIMA 54 M, DIÂMETRO MÁXIMO 1500 MM, POTÊNCIA MOTOR 268 HP - MANUTENÇÃO. AF_04/2019","H",436.41,0]
["Depreciação, Juros, Impostos e Seguros, Manutenção e Materiais na Operação dos Equipamentos",102873,"PERFURATRIZ HIDRÁULICA SOBRE ESTEIRA, TORQUE MÁXIMO 161 KNM, PROFUNDIDADE MÁXIMA 54 M, DIÂMETRO MÁXIMO 1500 MM, POTÊNCIA MOTOR 268 HP - MATERIAIS NA OPERAÇÃO. AF_04/2019","H",115.74,0]
["Depreciação, Juros, Impostos e Seguros, Manutenção e Materiais na Operação dos Equipamentos",102960,"PERFURATRIZ HIDRÁULICA SOBRE ESTEIRA, TORQUE MÁXIMO 98 KNM, PROFUNDIDADE MÁXIMA 25 M, DIÂMETRO MÁXIMO 115 MM, POTÊNCIA MOTOR 190 HP - DEPRECIAÇÃO. AF_02/2021","H",169.25,0]
["Depreciação, Juros, Impostos e Seguros, Manutenção e Materiais na Operação dos Equipamentos",102961,"PERFURATRIZ HIDRÁULICA SOBRE ESTEIRA, TORQUE MÁXIMO 98 KNM, PROFUNDIDADE MÁXIMA 25 M, DIÂMETRO MÁXIMO 115 MM, POTÊNCIA MOTOR 190 HP - JUROS. AF_02/2021","H",45.72,0]
["Depreciação, Juros, Impostos e Seguros, Manutenção e Materiais na Operação dos Equipamentos",102962,"PERFURATRIZ HIDRÁULICA SOBRE ESTEIRA, TORQUE MÁXIMO 98 KNM, PROFUNDIDADE MÁXIMA 25 M, DIÂMETRO MÁXIMO 115 MM, POTÊNCIA MOTOR 190 HP - MANUTENÇÃO. AF_02/2021","H",158.77000000000001,0]
["Depreciação, Juros, Impostos e Seguros, Manutenção e Materiais na Operação dos Equipamentos",102963,"PERFURATRIZ HIDRÁULICA SOBRE ESTEIRA, TORQUE MÁXIMO 98 KNM, PROFUNDIDADE MÁXIMA 25 M, DIÂMETRO MÁXIMO 115 MM, POTÊNCIA MOTOR 190 HP - MATERIAIS NA OPERAÇÃO. AF_02/2021","H",82.04,0]
["Depreciação, Juros, Impostos e Seguros, Manutenção e Materiais na Operação dos Equipamentos",95698,"PERFURATRIZ MANUAL, TORQUE MAXIMO 55 KGF.M, POTENCIA 5 CV, COM DIAMETRO MAXIMO 8 1/2\" - DEPRECIAÇÃO. AF_11/2016","H",4.58,1]
["Depreciação, Juros, Impostos e Seguros, Manutenção e Materiais na Operação dos Equipamentos",95699,"PERFURATRIZ MANUAL, TORQUE MAXIMO 55 KGF.M, POTENCIA 5 CV, COM DIAMETRO MAXIMO 8 1/2\" - JUROS. AF_11/2016","H",1.06,1]
["Depreciação, Juros, Impostos e Seguros, Manutenção e Materiais na Operação dos Equipamentos",95700,"PERFURATRIZ MANUAL, TORQUE MAXIMO 55 KGF.M, POTENCIA 5 CV, COM DIAMETRO MAXIMO 8 1/2\" - MANUTENÇÃO. AF_11/2016","H",5.73,1]
["Depreciação, Juros, Impostos e Seguros, Manutenção e Materiais na Operação dos Equipamentos",95701,"PERFURATRIZ MANUAL, TORQUE MAXIMO 55 KGF.M, POTENCIA 5 CV, COM DIAMETRO MAXIMO 8 1/2\" - MATERIAIS NA OPERAÇÃO. AF_11/2016","H",3.13,0]
["Depreciação, Juros, Impostos e Seguros, Manutenção e Materiais na Operação dos Equipamentos",90621,"PERFURATRIZ MANUAL, TORQUE MÁXIMO 83 N.M, POTÊNCIA 5 CV, COM DIÂMETRO MÁXIMO 4\" - DEPRECIAÇÃO. AF_06/2015","H",2.06,1]
["Depreciação, Juros, Impostos e Seguros, Manutenção e Materiais na Operação dos Equipamentos",90622,"PERFURATRIZ MANUAL, TORQUE MÁXIMO 83 N.M, POTÊNCIA 5 CV, COM DIÂMETRO MÁXIMO 4\" - JUROS. AF_06/2015","H",0.47,1]
["Depreciação, Juros, Impostos e Seguros, Manutenção e Materiais na Operação dos Equipamentos",90623,"PERFURATRIZ MANUAL, TORQUE MÁXIMO 83 N.M, POTÊNCIA 5 CV, COM DIÂMETRO MÁXIMO 4\" - MANUTENÇÃO. AF_06/2015","H",2.58,1]
["Depreciação, Juros, Impostos e Seguros, Manutenção e Materiais na Operação dos Equipamentos",90624,"PERFURATRIZ MANUAL, TORQUE MÁXIMO 83 N.M, POTÊNCIA 5 CV, COM DIÂMETRO MÁXIMO 4\" - MATERIAIS NA OPERAÇÃO. AF_06/2015","H",3.13,0]
["Depreciação, Juros, Impostos e Seguros, Manutenção e Materiais na Operação dos Equipamentos",102876,"PERFURATRIZ PARA EXECUÇÃO DE ESTACAS SECANTES, TIPO HÉLICE CONTÍNUA COM CABEÇOTE DUPLO E TUBO METÁLICO - DEPRECIAÇÃO. AF_04/2019","H",484.63,0]
["Depreciação, Juros, Impostos e Seguros, Manutenção e Materiais na Operação dos Equipamentos",102877,"PERFURATRIZ PARA EXECUÇÃO DE ESTACAS SECANTES, TIPO HÉLICE CONTÍNUA COM CABEÇOTE DUPLO E TUBO METÁLICO - JUROS. AF_04/2019","H",130.93,0]
["Depreciação, Juros, Impostos e Seguros, Manutenção e Materiais na Operação dos Equipamentos",102878,"PERFURATRIZ PARA EXECUÇÃO DE ESTACAS SECANTES, TIPO HÉLICE CONTÍNUA COM CABEÇOTE DUPLO E TUBO METÁLICO - MANUTENÇÃO. AF_04/2019","H",606.47,0]
["Depreciação, Juros, Impostos e Seguros, Manutenção e Materiais na Operação dos Equipamentos",102879,"PERFURATRIZ PARA EXECUÇÃO DE ESTACAS SECANTES, TIPO HÉLICE CONTÍNUA COM CABEÇOTE DUPLO E TUBO METÁLICO - MATERIAIS NA OPERAÇÃO. AF_04/2019","H",173.7,0]
["Depreciação, Juros, Impostos e Seguros, Manutenção e Materiais na Operação dos Equipamentos",103220,"PERFURATRIZ PARA FURO DIRECIONAL HORIZONTAL (HDD) COM CAPACIDADE ATÉ 89 KN, POTÊNCIA 24,8 HP A 80 HP (INCLUSO FERRAMENTAS E LOCALIZADOR) - DEPRECIAÇÃO. AF_05/2023","H",148.21,0]
["Depreciação, Juros, Impostos e Seguros, Manutenção e Materiais na Operação dos Equipamentos",103221,"PERFURATRIZ PARA FURO DIRECIONAL HORIZONTAL (HDD) COM CAPACIDADE ATÉ 89 KN, POTÊNCIA 24,8 HP A 80 HP (INCLUSO FERRAMENTAS E LOCALIZADOR) - JUROS. AF_05/2023","H",40.04,0]
["Depreciação, Juros, Impostos e Seguros, Manutenção e Materiais na Operação dos Equipamentos",103222,"PERFURATRIZ PARA FURO DIRECIONAL HORIZONTAL (HDD) COM CAPACIDADE ATÉ 89 KN, POTÊNCIA 24,8 HP A 80 HP (INCLUSO FERRAMENTAS E LOCALIZADOR) - MANUTENÇÃO. AF_05/2023","H",185.47,0]
["Depreciação, Juros, Impostos e Seguros, Manutenção e Materiais na Operação dos Equipamentos",103223,"PERFURATRIZ PARA FURO DIRECIONAL HORIZONTAL (HDD) COM CAPACIDADE ATÉ 89 KN, POTÊNCIA 24,8 HP A 80 HP (INCLUSO FERRAMENTAS E LOCALIZADOR) - MATERIAIS NA OPERAÇÃO. AF_05/2023","H",33.92,0]
["Depreciação, Juros, Impostos e Seguros, Manutenção e Materiais na Operação dos Equipamentos",103232,"PERFURATRIZ PARA FURO DIRECIONAL HORIZONTAL (HDD) COM CAPACIDADE DE 201 KN A 560 KN, POTÊNCIA 200 HP A 260 HP (INCLUSO FERRAMENTAS E LOCALIZADOR) - DEPRECIAÇÃO. AF_05/2023","H",464.99,0]
["Depreciação, Juros, Impostos e Seguros, Manutenção e Materiais na Operação dos Equipamentos",103233,"PERFURATRIZ PARA FURO DIRECIONAL HORIZONTAL (HDD) COM CAPACIDADE DE 201 KN A 560 KN, POTÊNCIA 200 HP A 260 HP (INCLUSO FERRAMENTAS E LOCALIZADOR) - JUROS. AF_05/2023","H",125.62,0]
["Depreciação, Juros, Impostos e Seguros, Manutenção e Materiais na Operação dos Equipamentos",103234,"PERFURATRIZ PARA FURO DIRECIONAL HORIZONTAL (HDD) COM CAPACIDADE DE 201 KN A 560 KN, POTÊNCIA 200 HP A 260 HP (INCLUSO FERRAMENTAS E LOCALIZADOR) - MANUTENÇÃO. AF_05/2023","H",610.67999999999995,0]
["Depreciação, Juros, Impostos e Seguros, Manutenção e Materiais na Operação dos Equipamentos",103235,"PERFURATRIZ PARA FURO DIRECIONAL HORIZONTAL (HDD) COM CAPACIDADE DE 201 KN A 560 KN, POTÊNCIA 200 HP A 260 HP (INCLUSO FERRAMENTAS E LOCALIZADOR) - MATERIAIS NA OPERAÇÃO. AF_05/2023","H",99.34,0]
["Depreciação, Juros, Impostos e Seguros, Manutenção e Materiais na Operação dos Equipamentos",103228,"PERFURATRIZ PARA FURO DIRECIONAL HORIZONTAL (HDD) COM CAPACIDADE DE 90 KN A 200 KN, POTÊNCIA 100 HP A 160 HP (INCLUSO FERRAMENTAS E LOCALIZADOR - MANUTENÇÃO. AF_05/2023","H",425.51,0]
["Depreciação, Juros, Impostos e Seguros, Manutenção e Materiais na Operação dos Equipamentos",103226,"PERFURATRIZ PARA FURO DIRECIONAL HORIZONTAL (HDD) COM CAPACIDADE DE 90 KN A 200 KN, POTÊNCIA 100 HP A 160 HP (INCLUSO FERRAMENTAS E LOCALIZADOR) - DEPRECIAÇÃO. AF_05/2023","H",340.02,0]
["Depreciação, Juros, Impostos e Seguros, Manutenção e Materiais na Operação dos Equipamentos",103227,"PERFURATRIZ PARA FURO DIRECIONAL HORIZONTAL (HDD) COM CAPACIDADE DE 90 KN A 200 KN, POTÊNCIA 100 HP A 160 HP (INCLUSO FERRAMENTAS E LOCALIZADOR) - JUROS. AF_05/2023","H",91.86,0]
["Depreciação, Juros, Impostos e Seguros, Manutenção e Materiais na Operação dos Equipamentos",103229,"PERFURATRIZ PARA FURO DIRECIONAL HORIZONTAL (HDD) COM CAPACIDADE DE 90 KN A 200 KN, POTÊNCIA 100 HP A 160 HP (INCLUSO FERRAMENTAS E LOCALIZADOR) - MATERIAIS NA OPERAÇÃO. AF_05/2023","H",84.24,0]
["Depreciação, Juros, Impostos e Seguros, Manutenção e Materiais na Operação dos Equipamentos",95617,"PERFURATRIZ PNEUMATICA MANUAL DE PESO MEDIO, MARTELETE, 18KG, COMPRIMENTO MÁXIMO DE CURSO DE 6 M, DIAMETRO DO PISTAO DE 5,5 CM - DEPRECIAÇÃO. AF_11/2016","H",1.1299999999999999,1]
["Depreciação, Juros, Impostos e Seguros, Manutenção e Materiais na Operação dos Equipamentos",95618,"PERFURATRIZ PNEUMATICA MANUAL DE PESO MEDIO, MARTELETE, 18KG, COMPRIMENTO MÁXIMO DE CURSO DE 6 M, DIAMETRO DO PISTAO DE 5,5 CM - JUROS. AF_11/2016","H",0.26,1]
["Depreciação, Juros, Impostos e Seguros, Manutenção e Materiais na Operação dos Equipamentos",95619,"PERFURATRIZ PNEUMATICA MANUAL DE PESO MEDIO, MARTELETE, 18KG, COMPRIMENTO MÁXIMO DE CURSO DE 6 M, DIAMETRO DO PISTAO DE 5,5 CM - MANUTENÇÃO. AF_11/2016","H",1.41,1]
["Depreciação, Juros, Impostos e Seguros, Manutenção e Materiais na Operação dos Equipamentos",102972,"PERFURATRIZ ROTATIVA SOBRE ESTEIRA, TORQUE MAXIMO 2500 KGM, POTENCIA 110 HP, MOTOR DIESEL - DEPRECIAÇÃO. AF_05/2017","H",90.33,0]
["Depreciação, Juros, Impostos e Seguros, Manutenção e Materiais na Operação dos Equipamentos",102973,"PERFURATRIZ ROTATIVA SOBRE ESTEIRA, TORQUE MAXIMO 2500 KGM, POTENCIA 110 HP, MOTOR DIESEL - JUROS. AF_05/2017","H",25.08,0]
["Depreciação, Juros, Impostos e Seguros, Manutenção e Materiais na Operação dos Equipamentos",102974,"PERFURATRIZ ROTATIVA SOBRE ESTEIRA, TORQUE MAXIMO 2500 KGM, POTENCIA 110 HP, MOTOR DIESEL - MANUTENÇÃO. AF_05/2017","H",84.74,0]
["Depreciação, Juros, Impostos e Seguros, Manutenção e Materiais na Operação dos Equipamentos",96301,"PERFURATRIZ ROTATIVA SOBRE ESTEIRA, TORQUE MAXIMO 2500 KGM, POTENCIA 110 HP, MOTOR DIESEL - MATERIAIS NA OPERAÇÃO. AF_05/2017","H",47.53,0]
["Depreciação, Juros, Impostos e Seguros, Manutenção e Materiais na Operação dos Equipamentos",90627,"PERFURATRIZ SOBRE ESTEIRA, TORQUE MÁXIMO 600 KGF, PESO MÉDIO 1000 KG, POTÊNCIA 20 HP, DIÂMETRO MÁXIMO 10\" - DEPRECIAÇÃO. AF_06/2015","H",53,0]
["Depreciação, Juros, Impostos e Seguros, Manutenção e Materiais na Operação dos Equipamentos",90628,"PERFURATRIZ SOBRE ESTEIRA, TORQUE MÁXIMO 600 KGF, PESO MÉDIO 1000 KG, POTÊNCIA 20 HP, DIÂMETRO MÁXIMO 10\" - JUROS. AF_06/2015","H",14.22,0]
["Depreciação, Juros, Impostos e Seguros, Manutenção e Materiais na Operação dos Equipamentos",90629,"PERFURATRIZ SOBRE ESTEIRA, TORQUE MÁXIMO 600 KGF, PESO MÉDIO 1000 KG, POTÊNCIA 20 HP, DIÂMETRO MÁXIMO 10\" - MANUTENÇÃO. AF_06/2015","H",66.33,0]
["Depreciação, Juros, Impostos e Seguros, Manutenção e Materiais na Operação dos Equipamentos",90630,"PERFURATRIZ SOBRE ESTEIRA, TORQUE MÁXIMO 600 KGF, PESO MÉDIO 1000 KG, POTÊNCIA 20 HP, DIÂMETRO MÁXIMO 10\" - MATERIAIS NA OPERAÇÃO. AF_06/2015","H",1.49,0]
["Depreciação, Juros, Impostos e Seguros, Manutenção e Materiais na Operação dos Equipamentos",95704,"PERFURATRIZ SOBRE ESTEIRA, TORQUE MÁXIMO 600 KGF, POTÊNCIA ENTRE 50 E 60 HP, DIÂMETRO MÁXIMO 10\" - DEPRECIAÇÃO. AF_11/2016","H",53.52,0]
["Depreciação, Juros, Impostos e Seguros, Manutenção e Materiais na Operação dos Equipamentos",95705,"PERFURATRIZ SOBRE ESTEIRA, TORQUE MÁXIMO 600 KGF, POTÊNCIA ENTRE 50 E 60 HP, DIÂMETRO MÁXIMO 10\" - JUROS. AF_11/2016","H",14.36,0]
["Depreciação, Juros, Impostos e Seguros, Manutenção e Materiais na Operação dos Equipamentos",95706,"PERFURATRIZ SOBRE ESTEIRA, TORQUE MÁXIMO 600 KGF, POTÊNCIA ENTRE 50 E 60 HP, DIÂMETRO MÁXIMO 10\" - MANUTENÇÃO. AF_11/2016","H",66.98,0]
["Depreciação, Juros, Impostos e Seguros, Manutenção e Materiais na Operação dos Equipamentos",95707,"PERFURATRIZ SOBRE ESTEIRA, TORQUE MÁXIMO 600 KGF, POTÊNCIA ENTRE 50 E 60 HP, DIÂMETRO MÁXIMO 10\" - MATERIAIS NA OPERAÇÃO. AF_11/2016","H",4.0999999999999996,0]
["Depreciação, Juros, Impostos e Seguros, Manutenção e Materiais na Operação dos Equipamentos",91273,"PLACA VIBRATÓRIA REVERSÍVEL COM MOTOR 4 TEMPOS A GASOLINA, FORÇA CENTRÍFUGA DE 25 KN (2500 KGF), POTÊNCIA 5,5 CV - DEPRECIAÇÃO. AF_08/2015","H",0.53,1]
["Depreciação, Juros, Impostos e Seguros, Manutenção e Materiais na Operação dos Equipamentos",91274,"PLACA VIBRATÓRIA REVERSÍVEL COM MOTOR 4 TEMPOS A GASOLINA, FORÇA CENTRÍFUGA DE 25 KN (2500 KGF), POTÊNCIA 5,5 CV - JUROS. AF_08/2015","H",0.14000000000000001,1]
["Depreciação, Juros, Impostos e Seguros, Manutenção e Materiais na Operação dos Equipamentos",91275,"PLACA VIBRATÓRIA REVERSÍVEL COM MOTOR 4 TEMPOS A GASOLINA, FORÇA CENTRÍFUGA DE 25 KN (2500 KGF), POTÊNCIA 5,5 CV - MANUTENÇÃO. AF_08/2015","H",0.67,1]
["Depreciação, Juros, Impostos e Seguros, Manutenção e Materiais na Operação dos Equipamentos",91276,"PLACA VIBRATÓRIA REVERSÍVEL COM MOTOR 4 TEMPOS A GASOLINA, FORÇA CENTRÍFUGA DE 25 KN (2500 KGF), POTÊNCIA 5,5 CV - MATERIAIS NA OPERAÇÃO. AF_08/2015","H",9.1999999999999993,0]
["Depreciação, Juros, Impostos e Seguros, Manutenção e Materiais na Operação dos Equipamentos",102882,"PLATAFORMA ELEVATÓRIA - DEPRECIAÇÃO. AF_04/2019","H",0]
["Depreciação, Juros, Impostos e Seguros, Manutenção e Materiais na Operação dos Equipamentos",102883,"PLATAFORMA ELEVATÓRIA - JUROS. AF_04/2019","H",0]
["Depreciação, Juros, Impostos e Seguros, Manutenção e Materiais na Operação dos Equipamentos",102884,"PLATAFORMA ELEVATÓRIA - MANUTENÇÃO. AF_04/2019","H",0]
["Depreciação, Juros, Impostos e Seguros, Manutenção e Materiais na Operação dos Equipamentos",102885,"PLATAFORMA ELEVATÓRIA - MATERIAIS NA OPERAÇÃO. AF_04/2019","H",1.28,0]
["Depreciação, Juros, Impostos e Seguros, Manutenção e Materiais na Operação dos Equipamentos",95272,"POLIDORA DE PISO (POLITRIZ), PESO DE 100KG, DIÂMETRO 450 MM, MOTOR ELÉTRICO, POTÊNCIA 4 HP - DEPRECIAÇÃO. AF_05/2023","H",0.62,1]
["Depreciação, Juros, Impostos e Seguros, Manutenção e Materiais na Operação dos Equipamentos",95273,"POLIDORA DE PISO (POLITRIZ), PESO DE 100KG, DIÂMETRO 450 MM, MOTOR ELÉTRICO, POTÊNCIA 4 HP - JUROS. AF_05/2023","H",0.14000000000000001,1]
["Depreciação, Juros, Impostos e Seguros, Manutenção e Materiais na Operação dos Equipamentos",95274,"POLIDORA DE PISO (POLITRIZ), PESO DE 100KG, DIÂMETRO 450 MM, MOTOR ELÉTRICO, POTÊNCIA 4 HP - MANUTENÇÃO. AF_05/2023","H",0.48,1]
["Depreciação, Juros, Impostos e Seguros, Manutenção e Materiais na Operação dos Equipamentos",95275,"POLIDORA DE PISO (POLITRIZ), PESO DE 100KG, DIÂMETRO 450 MM, MOTOR ELÉTRICO, POTÊNCIA 4 HP - MATERIAIS NA OPERAÇÃO. AF_05/2023","H",2.54,0]
["Depreciação, Juros, Impostos e Seguros, Manutenção e Materiais na Operação dos Equipamentos",88419,"PROJETOR DE ARGAMASSA, CAPACIDADE DE PROJEÇÃO 1,5 M3/H, ALCANCE DE 30 ATÉ 60 M, MOTOR ELÉTRICO POTÊNCIA 7,5 HP - DEPRECIAÇÃO. AF_06/2014","H",5.42,0]
["Depreciação, Juros, Impostos e Seguros, Manutenção e Materiais na Operação dos Equipamentos",88422,"PROJETOR DE ARGAMASSA, CAPACIDADE DE PROJEÇÃO 1,5 M3/H, ALCANCE DE 30 ATÉ 60 M, MOTOR ELÉTRICO POTÊNCIA 7,5 HP - JUROS. AF_06/2014","H",1.25,0]
["Depreciação, Juros, Impostos e Seguros, Manutenção e Materiais na Operação dos Equipamentos",88425,"PROJETOR DE ARGAMASSA, CAPACIDADE DE PROJEÇÃO 1,5 M3/H, ALCANCE DE 30 ATÉ 60 M, MOTOR ELÉTRICO POTÊNCIA 7,5 HP - MANUTENÇÃO. AF_06/2014","H",6.78,0]
["Depreciação, Juros, Impostos e Seguros, Manutenção e Materiais na Operação dos Equipamentos",88427,"PROJETOR DE ARGAMASSA, CAPACIDADE DE PROJEÇÃO 1,5 M3/H, ALCANCE DE 30 ATÉ 60 M, MOTOR ELÉTRICO POTÊNCIA 7,5 HP - MATERIAIS NA OPERAÇÃO. AF_06/2014","H",1.06,0]
["Depreciação, Juros, Impostos e Seguros, Manutenção e Materiais na Operação dos Equipamentos",88434,"PROJETOR DE ARGAMASSA, CAPACIDADE DE PROJEÇÃO 2 M3/H, ALCANCE ATÉ 50 M, MOTOR ELÉTRICO POTÊNCIA 7,5 HP - DEPRECIAÇÃO. AF_06/2014","H",7.19,0]
["Depreciação, Juros, Impostos e Seguros, Manutenção e Materiais na Operação dos Equipamentos",88435,"PROJETOR DE ARGAMASSA, CAPACIDADE DE PROJEÇÃO 2 M3/H, ALCANCE ATÉ 50 M, MOTOR ELÉTRICO POTÊNCIA 7,5 HP - JUROS. AF_06/2014","H",1.66,0]
["Depreciação, Juros, Impostos e Seguros, Manutenção e Materiais na Operação dos Equipamentos",88436,"PROJETOR DE ARGAMASSA, CAPACIDADE DE PROJEÇÃO 2 M3/H, ALCANCE ATÉ 50 M, MOTOR ELÉTRICO POTÊNCIA 7,5 HP - MANUTENÇÃO. AF_06/2014","H",8.99,0]
["Depreciação, Juros, Impostos e Seguros, Manutenção e Materiais na Operação dos Equipamentos",88437,"PROJETOR DE ARGAMASSA, CAPACIDADE DE PROJEÇÃO 2 M3/H, ALCANCE ATÉ 50 M, MOTOR ELÉTRICO POTÊNCIA 7,5 HP - MATERIAIS NA OPERAÇÃO. AF_06/2014","H",1.06,0]
["Depreciação, Juros, Impostos e Seguros, Manutenção e Materiais na Operação dos Equipamentos",90664,"PROJETOR PNEUMÁTICO DE ARGAMASSA PARA CHAPISCO E REBOCO COM RECIPIENTE ACOPLADO, TIPO CANEQUINHA, COM COMPRESSOR DE AR REBOCÁVEL VAZÃO 89 PCM E MOTOR DIESEL DE 20 CV - DEPRECIAÇÃO. AF_05/2023","H",6.68,0.99399999999999999]
["Depreciação, Juros, Impostos e Seguros, Manutenção e Materiais na Operação dos Equipamentos",90665,"PROJETOR PNEUMÁTICO DE ARGAMASSA PARA CHAPISCO E REBOCO COM RECIPIENTE ACOPLADO, TIPO CANEQUINHA, COM COMPRESSOR DE AR REBOCÁVEL VAZÃO 89 PCM E MOTOR DIESEL DE 20 CV - JUROS. AF_05/2023","H",1.78,1]
["Depreciação, Juros, Impostos e Seguros, Manutenção e Materiais na Operação dos Equipamentos",90666,"PROJETOR PNEUMÁTICO DE ARGAMASSA PARA CHAPISCO E REBOCO COM RECIPIENTE ACOPLADO, TIPO CANEQUINHA, COM COMPRESSOR DE AR REBOCÁVEL VAZÃO 89 PCM E MOTOR DIESEL DE 20 CV - MANUTENÇÃO. AF_05/2023","H",8.36,0.99399999999999999]
["Depreciação, Juros, Impostos e Seguros, Manutenção e Materiais na Operação dos Equipamentos",90667,"PROJETOR PNEUMÁTICO DE ARGAMASSA PARA CHAPISCO E REBOCO COM RECIPIENTE ACOPLADO, TIPO CANEQUINHA, COM COMPRESSOR DE AR REBOCÁVEL VAZÃO 89 PCM E MOTOR DIESEL DE 20 CV - MATERIAIS NA OPERAÇÃO. AF_05/2023","H",14.47,0]
["Depreciação, Juros, Impostos e Seguros, Manutenção e Materiais na Operação dos Equipamentos",102977,"PULVERIZADOR DE TINTA ELÉTRICO/MÁQUINA DE PINTURA AIRLESS, VAZÃO 2 L/MIN - DEPRECIAÇÃO. AF_05/2023","H",0]
["Depreciação, Juros, Impostos e Seguros, Manutenção e Materiais na Operação dos Equipamentos",102978,"PULVERIZADOR DE TINTA ELÉTRICO/MÁQUINA DE PINTURA AIRLESS, VAZÃO 2 L/MIN - JUROS. AF_05/2023","H",0]
["Depreciação, Juros, Impostos e Seguros, Manutenção e Materiais na Operação dos Equipamentos",102979,"PULVERIZADOR DE TINTA ELÉTRICO/MÁQUINA DE PINTURA AIRLESS, VAZÃO 2 L/MIN - MANUTENÇÃO. AF_05/2023","H",0]
["Depreciação, Juros, Impostos e Seguros, Manutenção e Materiais na Operação dos Equipamentos",95217,"PULVERIZADOR DE TINTA ELÉTRICO/MÁQUINA DE PINTURA AIRLESS, VAZÃO 2 L/MIN - MATERIAIS NA OPERAÇÃO. AF_05/2023","H",0.63,0]
["Depreciação, Juros, Impostos e Seguros, Manutenção e Materiais na Operação dos Equipamentos",89130,"PÁ CARREGADEIRA SOBRE RODAS, POTÊNCIA 197 HP, CAPACIDADE DA CAÇAMBA 2,5 A 3,5 M3, PESO OPERACIONAL 18338 KG - DEPRECIAÇÃO. AF_06/2014","H",51.63,1]
["Depreciação, Juros, Impostos e Seguros, Manutenção e Materiais na Operação dos Equipamentos",89131,"PÁ CARREGADEIRA SOBRE RODAS, POTÊNCIA 197 HP, CAPACIDADE DA CAÇAMBA 2,5 A 3,5 M3, PESO OPERACIONAL 18338 KG - JUROS. AF_06/2014","H",13.64,1]
["Depreciação, Juros, Impostos e Seguros, Manutenção e Materiais na Operação dos Equipamentos",53861,"PÁ CARREGADEIRA SOBRE RODAS, POTÊNCIA 197 HP, CAPACIDADE DA CAÇAMBA 2,5 A 3,5 M3, PESO OPERACIONAL 18338 KG - MANUTENÇÃO. AF_06/2014","H",64.540000000000006,1]
["Depreciação, Juros, Impostos e Seguros, Manutenção e Materiais na Operação dos Equipamentos",5787,"PÁ CARREGADEIRA SOBRE RODAS, POTÊNCIA 197 HP, CAPACIDADE DA CAÇAMBA 2,5 A 3,5 M3, PESO OPERACIONAL 18338 KG - MATERIAIS NA OPERAÇÃO. AF_06/2014","H",68.09,0]
["Depreciação, Juros, Impostos e Seguros, Manutenção e Materiais na Operação dos Equipamentos",89128,"PÁ CARREGADEIRA SOBRE RODAS, POTÊNCIA LÍQUIDA 128 HP, CAPACIDADE DA CAÇAMBA 1,7 A 2,8 M3, PESO OPERACIONAL 11632 KG - DEPRECIAÇÃO. AF_06/2014","H",37.24,1]
["Depreciação, Juros, Impostos e Seguros, Manutenção e Materiais na Operação dos Equipamentos",89129,"PÁ CARREGADEIRA SOBRE RODAS, POTÊNCIA LÍQUIDA 128 HP, CAPACIDADE DA CAÇAMBA 1,7 A 2,8 M3, PESO OPERACIONAL 11632 KG - JUROS. AF_06/2014","H",9.84,1]
["Depreciação, Juros, Impostos e Seguros, Manutenção e Materiais na Operação dos Equipamentos",53857,"PÁ CARREGADEIRA SOBRE RODAS, POTÊNCIA LÍQUIDA 128 HP, CAPACIDADE DA CAÇAMBA 1,7 A 2,8 M3, PESO OPERACIONAL 11632 KG - MANUTENÇÃO. AF_06/2014","H",46.55,1]
["Depreciação, Juros, Impostos e Seguros, Manutenção e Materiais na Operação dos Equipamentos",53858,"PÁ CARREGADEIRA SOBRE RODAS, POTÊNCIA LÍQUIDA 128 HP, CAPACIDADE DA CAÇAMBA 1,7 A 2,8 M3, PESO OPERACIONAL 11632 KG - MATERIAIS NA OPERAÇÃO. AF_06/2014","H",44.23,0]
["Depreciação, Juros, Impostos e Seguros, Manutenção e Materiais na Operação dos Equipamentos",102888,"PÓRTICO ROLANTE MONOVIGA, PERFIL I, 4 PERNAS, CAPACIDADE 5 T - DEPRECIAÇÃO. AF_04/2019","H",0]
["Depreciação, Juros, Impostos e Seguros, Manutenção e Materiais na Operação dos Equipamentos",102889,"PÓRTICO ROLANTE MONOVIGA, PERFIL I, 4 PERNAS, CAPACIDADE 5 T - JUROS. AF_04/2019","H",0]
["Depreciação, Juros, Impostos e Seguros, Manutenção e Materiais na Operação dos Equipamentos",102890,"PÓRTICO ROLANTE MONOVIGA, PERFIL I, 4 PERNAS, CAPACIDADE 5 T - MANUTENÇÃO. AF_04/2019","H",0]
["Depreciação, Juros, Impostos e Seguros, Manutenção e Materiais na Operação dos Equipamentos",102891,"PÓRTICO ROLANTE MONOVIGA, PERFIL I, 4 PERNAS, CAPACIDADE 5 T - MATERIAIS NA OPERAÇÃO. AF_04/2019","H",1.28,0]
["Depreciação, Juros, Impostos e Seguros, Manutenção e Materiais na Operação dos Equipamentos",89246,"RECICLADORA DE ASFALTO A FRIO SOBRE RODAS, LARGURA FRESAGEM DE 2,0 M, POTÊNCIA 422 HP - DEPRECIAÇÃO. AF_11/2014","H",237.73,1]
["Depreciação, Juros, Impostos e Seguros, Manutenção e Materiais na Operação dos Equipamentos",89247,"RECICLADORA DE ASFALTO A FRIO SOBRE RODAS, LARGURA FRESAGEM DE 2,0 M, POTÊNCIA 422 HP - JUROS. AF_11/2014","H",72.790000000000006,1]
["Depreciação, Juros, Impostos e Seguros, Manutenção e Materiais na Operação dos Equipamentos",89248,"RECICLADORA DE ASFALTO A FRIO SOBRE RODAS, LARGURA FRESAGEM DE 2,0 M, POTÊNCIA 422 HP - MANUTENÇÃO. AF_11/2014","H",424.04,1]
["Depreciação, Juros, Impostos e Seguros, Manutenção e Materiais na Operação dos Equipamentos",89249,"RECICLADORA DE ASFALTO A FRIO SOBRE RODAS, LARGURA FRESAGEM DE 2,0 M, POTÊNCIA 422 HP - MATERIAIS NA OPERAÇÃO. AF_11/2014","H",364.53,0]
["Depreciação, Juros, Impostos e Seguros, Manutenção e Materiais na Operação dos Equipamentos",102954,"RETROESCAVADEIRA SOBRE RODAS COM CARREGADEIRA, PESO OPERACIONAL MÍN. 6,674, POTÊNCIA LÍQ 88 HP, COM MARTELO ROMPEDOR HIDRÁULICO ENTRE 275 A 362 KG - DEPRECIAÇÃO. AF_02/2021","H",0]
["Depreciação, Juros, Impostos e Seguros, Manutenção e Materiais na Operação dos Equipamentos",104727,"RETROESCAVADEIRA SOBRE RODAS COM CARREGADEIRA, PESO OPERACIONAL MÍN. 6,674, POTÊNCIA LÍQ 88 HP, COM MARTELO ROMPEDOR HIDRÁULICO ENTRE 275 A 362 KG - JUROS. AF_02/2021","H",0]
["Depreciação, Juros, Impostos e Seguros, Manutenção e Materiais na Operação dos Equipamentos",102956,"RETROESCAVADEIRA SOBRE RODAS COM CARREGADEIRA, PESO OPERACIONAL MÍN. 6,674, POTÊNCIA LÍQ 88 HP, COM MARTELO ROMPEDOR HIDRÁULICO ENTRE 275 A 362 KG - MANUTENÇÃO. AF_02/2021","H",0]
["Depreciação, Juros, Impostos e Seguros, Manutenção e Materiais na Operação dos Equipamentos",102957,"RETROESCAVADEIRA SOBRE RODAS COM CARREGADEIRA, PESO OPERACIONAL MÍN. 6,674, POTÊNCIA LÍQ 88 HP, COM MARTELO ROMPEDOR HIDRÁULICO ENTRE 275 A 362 KG - MATERIAIS NA OPERAÇÃO. AF_02/2021","H",38.04,0]
["Depreciação, Juros, Impostos e Seguros, Manutenção e Materiais na Operação dos Equipamentos",88859,"RETROESCAVADEIRA SOBRE RODAS COM CARREGADEIRA, TRAÇÃO 4X2, POTÊNCIA LÍQ. 79 HP, CAÇAMBA CARREG. CAP. MÍN. 1 M3, CAÇAMBA RETRO CAP. 0,20 M3, PESO OPERACIONAL MÍN. 6.570 KG, PROFUNDIDADE ESCAVAÇÃO MÁX. 4,37 M - DEPRECIAÇÃO. AF_06/2014","H",23.23,1]
["Depreciação, Juros, Impostos e Seguros, Manutenção e Materiais na Operação dos Equipamentos",88860,"RETROESCAVADEIRA SOBRE RODAS COM CARREGADEIRA, TRAÇÃO 4X2, POTÊNCIA LÍQ. 79 HP, CAÇAMBA CARREG. CAP. MÍN. 1 M3, CAÇAMBA RETRO CAP. 0,20 M3, PESO OPERACIONAL MÍN. 6.570 KG, PROFUNDIDADE ESCAVAÇÃO MÁX. 4,37 M - JUROS. AF_06/2014","H",6.14,1]
["Depreciação, Juros, Impostos e Seguros, Manutenção e Materiais na Operação dos Equipamentos",5667,"RETROESCAVADEIRA SOBRE RODAS COM CARREGADEIRA, TRAÇÃO 4X2, POTÊNCIA LÍQ. 79 HP, CAÇAMBA CARREG. CAP. MÍN. 1 M3, CAÇAMBA RETRO CAP. 0,20 M3, PESO OPERACIONAL MÍN. 6.570 KG, PROFUNDIDADE ESCAVAÇÃO MÁX. 4,37 M - MANUTENÇÃO. AF_06/2014","H",29.04,1]
["Depreciação, Juros, Impostos e Seguros, Manutenção e Materiais na Operação dos Equipamentos",5668,"RETROESCAVADEIRA SOBRE RODAS COM CARREGADEIRA, TRAÇÃO 4X2, POTÊNCIA LÍQ. 79 HP, CAÇAMBA CARREG. CAP. MÍN. 1 M3, CAÇAMBA RETRO CAP. 0,20 M3, PESO OPERACIONAL MÍN. 6.570 KG, PROFUNDIDADE ESCAVAÇÃO MÁX. 4,37 M - MATERIAIS NA OPERAÇÃO. AF_06/2014","H",44.35,0]
["Depreciação, Juros, Impostos e Seguros, Manutenção e Materiais na Operação dos Equipamentos",89011,"RETROESCAVADEIRA SOBRE RODAS COM CARREGADEIRA, TRAÇÃO 4X4, POTÊNCIA LÍQ. 72 HP, CAÇAMBA CARREG. CAP. MÍN. 0,79 M3, CAÇAMBA RETRO CAP. 0,18 M3, PESO OPERACIONAL MÍN. 7.140 KG, PROFUNDIDADE ESCAVAÇÃO MÁX. 4,50 M - DEPRECIAÇÃO. AF_06/2014","H",25.2,1]
["Depreciação, Juros, Impostos e Seguros, Manutenção e Materiais na Operação dos Equipamentos",89012,"RETROESCAVADEIRA SOBRE RODAS COM CARREGADEIRA, TRAÇÃO 4X4, POTÊNCIA LÍQ. 72 HP, CAÇAMBA CARREG. CAP. MÍN. 0,79 M3, CAÇAMBA RETRO CAP. 0,18 M3, PESO OPERACIONAL MÍN. 7.140 KG, PROFUNDIDADE ESCAVAÇÃO MÁX. 4,50 M - JUROS. AF_06/2014","H",6.66,1]
["Depreciação, Juros, Impostos e Seguros, Manutenção e Materiais na Operação dos Equipamentos",5735,"RETROESCAVADEIRA SOBRE RODAS COM CARREGADEIRA, TRAÇÃO 4X4, POTÊNCIA LÍQ. 72 HP, CAÇAMBA CARREG. CAP. MÍN. 0,79 M3, CAÇAMBA RETRO CAP. 0,18 M3, PESO OPERACIONAL MÍN. 7.140 KG, PROFUNDIDADE ESCAVAÇÃO MÁX. 4,50 M - MANUTENÇÃO. AF_06/2014","H",31.5,1]
["Depreciação, Juros, Impostos e Seguros, Manutenção e Materiais na Operação dos Equipamentos",5736,"RETROESCAVADEIRA SOBRE RODAS COM CARREGADEIRA, TRAÇÃO 4X4, POTÊNCIA LÍQ. 72 HP, CAÇAMBA CARREG. CAP. MÍN. 0,79 M3, CAÇAMBA RETRO CAP. 0,18 M3, PESO OPERACIONAL MÍN. 7.140 KG, PROFUNDIDADE ESCAVAÇÃO MÁX. 4,50 M - MATERIAIS NA OPERAÇÃO. AF_06/2014","H",40.409999999999997,0]
["Depreciação, Juros, Impostos e Seguros, Manutenção e Materiais na Operação dos Equipamentos",88857,"RETROESCAVADEIRA SOBRE RODAS COM CARREGADEIRA, TRAÇÃO 4X4, POTÊNCIA LÍQ. 88 HP, CAÇAMBA CARREG. CAP. MÍN. 1 M3, CAÇAMBA RETRO CAP. 0,26 M3, PESO OPERACIONAL MÍN. 6.674 KG, PROFUNDIDADE ESCAVAÇÃO MÁX. 4,37 M - DEPRECIAÇÃO. AF_06/2014","H",26.12,1]
["Depreciação, Juros, Impostos e Seguros, Manutenção e Materiais na Operação dos Equipamentos",88858,"RETROESCAVADEIRA SOBRE RODAS COM CARREGADEIRA, TRAÇÃO 4X4, POTÊNCIA LÍQ. 88 HP, CAÇAMBA CARREG. CAP. MÍN. 1 M3, CAÇAMBA RETRO CAP. 0,26 M3, PESO OPERACIONAL MÍN. 6.674 KG, PROFUNDIDADE ESCAVAÇÃO MÁX. 4,37 M - JUROS. AF_06/2014","H",6.9,1]
["Depreciação, Juros, Impostos e Seguros, Manutenção e Materiais na Operação dos Equipamentos",5664,"RETROESCAVADEIRA SOBRE RODAS COM CARREGADEIRA, TRAÇÃO 4X4, POTÊNCIA LÍQ. 88 HP, CAÇAMBA CARREG. CAP. MÍN. 1 M3, CAÇAMBA RETRO CAP. 0,26 M3, PESO OPERACIONAL MÍN. 6.674 KG, PROFUNDIDADE ESCAVAÇÃO MÁX. 4,37 M - MANUTENÇÃO. AF_06/2014","H",32.65,1]
["Depreciação, Juros, Impostos e Seguros, Manutenção e Materiais na Operação dos Equipamentos",53786,"RETROESCAVADEIRA SOBRE RODAS COM CARREGADEIRA, TRAÇÃO 4X4, POTÊNCIA LÍQ. 88 HP, CAÇAMBA CARREG. CAP. MÍN. 1 M3, CAÇAMBA RETRO CAP. 0,26 M3, PESO OPERACIONAL MÍN. 6.674 KG, PROFUNDIDADE ESCAVAÇÃO MÁX. 4,37 M - MATERIAIS NA OPERAÇÃO. AF_06/2014","H",49.38,0]
["Depreciação, Juros, Impostos e Seguros, Manutenção e Materiais na Operação dos Equipamentos",7038,"ROLO COMPACTADOR DE PNEUS ESTÁTICO, PRESSÃO VARIÁVEL, POTÊNCIA 111 HP, PESO SEM/COM LASTRO 9,5 / 26 T, LARGURA DE TRABALHO 1,90 M - DEPRECIAÇÃO. AF_07/2014","H",36.24,0]
["Depreciação, Juros, Impostos e Seguros, Manutenção e Materiais na Operação dos Equipamentos",7039,"ROLO COMPACTADOR DE PNEUS ESTÁTICO, PRESSÃO VARIÁVEL, POTÊNCIA 111 HP, PESO SEM/COM LASTRO 9,5 / 26 T, LARGURA DE TRABALHO 1,90 M - JUROS. AF_07/2014","H",9.7200000000000006,0]
["Depreciação, Juros, Impostos e Seguros, Manutenção e Materiais na Operação dos Equipamentos",7040,"ROLO COMPACTADOR DE PNEUS ESTÁTICO, PRESSÃO VARIÁVEL, POTÊNCIA 111 HP, PESO SEM/COM LASTRO 9,5 / 26 T, LARGURA DE TRABALHO 1,90 M - MANUTENÇÃO. AF_07/2014","H",45.35,0]
["Depreciação, Juros, Impostos e Seguros, Manutenção e Materiais na Operação dos Equipamentos",55263,"ROLO COMPACTADOR DE PNEUS ESTÁTICO, PRESSÃO VARIÁVEL, POTÊNCIA 111 HP, PESO SEM/COM LASTRO 9,5 / 26 T, LARGURA DE TRABALHO 1,90 M - MATERIAIS NA OPERAÇÃO. AF_07/2014","H",62.35,0]
["Depreciação, Juros, Impostos e Seguros, Manutenção e Materiais na Operação dos Equipamentos",96460,"ROLO COMPACTADOR DE PNEUS, ESTÁTICO, PRESSÃO VARIÁVEL, POTÊNCIA 110 HP, PESO SEM/COM LASTRO 10,8/27 T, LARGURA DE ROLAGEM 2,30 M - DEPRECIAÇÃO. AF_06/2017","H",38.47,0]
["Depreciação, Juros, Impostos e Seguros, Manutenção e Materiais na Operação dos Equipamentos",96459,"ROLO COMPACTADOR DE PNEUS, ESTÁTICO, PRESSÃO VARIÁVEL, POTÊNCIA 110 HP, PESO SEM/COM LASTRO 10,8/27 T, LARGURA DE ROLAGEM 2,30 M - JUROS. AF_06/2017","H",10.32,0]
["Depreciação, Juros, Impostos e Seguros, Manutenção e Materiais na Operação dos Equipamentos",96458,"ROLO COMPACTADOR DE PNEUS, ESTÁTICO, PRESSÃO VARIÁVEL, POTÊNCIA 110 HP, PESO SEM/COM LASTRO 10,8/27 T, LARGURA DE ROLAGEM 2,30 M - MANUTENÇÃO. AF_06/2017","H",48.14,0]
["Depreciação, Juros, Impostos e Seguros, Manutenção e Materiais na Operação dos Equipamentos",96457,"ROLO COMPACTADOR DE PNEUS, ESTÁTICO, PRESSÃO VARIÁVEL, POTÊNCIA 110 HP, PESO SEM/COM LASTRO 10,8/27 T, LARGURA DE ROLAGEM 2,30 M - MATERIAIS NA OPERAÇÃO. AF_06/2017","H",61.77,0]
["Depreciação, Juros, Impostos e Seguros, Manutenção e Materiais na Operação dos Equipamentos",7051,"ROLO COMPACTADOR PE DE CARNEIRO VIBRATORIO, POTENCIA 125 HP, PESO OPERACIONAL SEM/COM LASTRO 11,95 / 13,30 T, IMPACTO DINAMICO 38,5 / 22,5 T, LARGURA DE TRABALHO 2,15 M - DEPRECIAÇÃO. AF_06/2014","H",32.14,0]
["Depreciação, Juros, Impostos e Seguros, Manutenção e Materiais na Operação dos Equipamentos",7052,"ROLO COMPACTADOR PE DE CARNEIRO VIBRATORIO, POTENCIA 125 HP, PESO OPERACIONAL SEM/COM LASTRO 11,95 / 13,30 T, IMPACTO DINAMICO 38,5 / 22,5 T, LARGURA DE TRABALHO 2,15 M - JUROS. AF_06/2014","H",8.68,0]
["Depreciação, Juros, Impostos e Seguros, Manutenção e Materiais na Operação dos Equipamentos",7053,"ROLO COMPACTADOR PE DE CARNEIRO VIBRATORIO, POTENCIA 125 HP, PESO OPERACIONAL SEM/COM LASTRO 11,95 / 13,30 T, IMPACTO DINAMICO 38,5 / 22,5 T, LARGURA DE TRABALHO 2,15 M - MANUTENÇÃO. AF_06/2014","H",40.22,0]
["Depreciação, Juros, Impostos e Seguros, Manutenção e Materiais na Operação dos Equipamentos",7054,"ROLO COMPACTADOR PE DE CARNEIRO VIBRATORIO, POTENCIA 125 HP, PESO OPERACIONAL SEM/COM LASTRO 11,95 / 13,30 T, IMPACTO DINAMICO 38,5 / 22,5 T, LARGURA DE TRABALHO 2,15 M - MATERIAIS NA OPERAÇÃO. AF_06/2014","H",86.38,0]
["Depreciação, Juros, Impostos e Seguros, Manutenção e Materiais na Operação dos Equipamentos",95627,"ROLO COMPACTADOR VIBRATORIO TANDEM, ACO LISO, POTENCIA 125 HP, PESO SEM/COM LASTRO 10,20/11,65 T, LARGURA DE TRABALHO 1,73 M - DEPRECIAÇÃO. AF_11/2016","H",34.69,0]
["Depreciação, Juros, Impostos e Seguros, Manutenção e Materiais na Operação dos Equipamentos",95628,"ROLO COMPACTADOR VIBRATORIO TANDEM, ACO LISO, POTENCIA 125 HP, PESO SEM/COM LASTRO 10,20/11,65 T, LARGURA DE TRABALHO 1,73 M - JUROS. AF_11/2016","H",9.3000000000000007,0]
["Depreciação, Juros, Impostos e Seguros, Manutenção e Materiais na Operação dos Equipamentos",95629,"ROLO COMPACTADOR VIBRATORIO TANDEM, ACO LISO, POTENCIA 125 HP, PESO SEM/COM LASTRO 10,20/11,65 T, LARGURA DE TRABALHO 1,73 M - MANUTENÇÃO. AF_11/2016","H",43.41,0]
["Depreciação, Juros, Impostos e Seguros, Manutenção e Materiais na Operação dos Equipamentos",95630,"ROLO COMPACTADOR VIBRATORIO TANDEM, ACO LISO, POTENCIA 125 HP, PESO SEM/COM LASTRO 10,20/11,65 T, LARGURA DE TRABALHO 1,73 M - MATERIAIS NA OPERAÇÃO. AF_11/2016","H",86.38,0]
["Depreciação, Juros, Impostos e Seguros, Manutenção e Materiais na Operação dos Equipamentos",89210,"ROLO COMPACTADOR VIBRATÓRIO DE UM CILINDRO AÇO LISO, POTÊNCIA 80 HP, PESO OPERACIONAL MÁXIMO 8,1 T, IMPACTO DINÂMICO 16,15 / 9,5 T, LARGURA DE TRABALHO 1,68 M - DEPRECIAÇÃO. AF_06/2014","H",23.19,0]
["Depreciação, Juros, Impostos e Seguros, Manutenção e Materiais na Operação dos Equipamentos",89211,"ROLO COMPACTADOR VIBRATÓRIO DE UM CILINDRO AÇO LISO, POTÊNCIA 80 HP, PESO OPERACIONAL MÁXIMO 8,1 T, IMPACTO DINÂMICO 16,15 / 9,5 T, LARGURA DE TRABALHO 1,68 M - JUROS. AF_06/2014","H",6.22,0]
["Depreciação, Juros, Impostos e Seguros, Manutenção e Materiais na Operação dos Equipamentos",5674,"ROLO COMPACTADOR VIBRATÓRIO DE UM CILINDRO AÇO LISO, POTÊNCIA 80 HP, PESO OPERACIONAL MÁXIMO 8,1 T, IMPACTO DINÂMICO 16,15 / 9,5 T, LARGURA DE TRABALHO 1,68 M - MANUTENÇÃO. AF_06/2014","H",29.02,0]
["Depreciação, Juros, Impostos e Seguros, Manutenção e Materiais na Operação dos Equipamentos",53788,"ROLO COMPACTADOR VIBRATÓRIO DE UM CILINDRO AÇO LISO, POTÊNCIA 80 HP, PESO OPERACIONAL MÁXIMO 8,1 T, IMPACTO DINÂMICO 16,15 / 9,5 T, LARGURA DE TRABALHO 1,68 M - MATERIAIS NA OPERAÇÃO. AF_06/2014","H",55.29,0]
["Depreciação, Juros, Impostos e Seguros, Manutenção e Materiais na Operação dos Equipamentos",73309,"ROLO COMPACTADOR VIBRATÓRIO PÉ DE CARNEIRO PARA SOLOS, POTÊNCIA 80 HP, PESO OPERACIONAL SEM/COM LASTRO 7,4 / 8,8 T, LARGURA DE TRABALHO 1,68 M - DEPRECIAÇÃO. AF_02/2016","H",24.11,0]
["Depreciação, Juros, Impostos e Seguros, Manutenção e Materiais na Operação dos Equipamentos",73313,"ROLO COMPACTADOR VIBRATÓRIO PÉ DE CARNEIRO PARA SOLOS, POTÊNCIA 80 HP, PESO OPERACIONAL SEM/COM LASTRO 7,4 / 8,8 T, LARGURA DE TRABALHO 1,68 M - JUROS. AF_02/2016","H",6.51,0]
["Depreciação, Juros, Impostos e Seguros, Manutenção e Materiais na Operação dos Equipamentos",5089,"ROLO COMPACTADOR VIBRATÓRIO PÉ DE CARNEIRO PARA SOLOS, POTÊNCIA 80 HP, PESO OPERACIONAL SEM/COM LASTRO 7,4 / 8,8 T, LARGURA DE TRABALHO 1,68 M - MANUTENÇÃO. AF_02/2016","H",30.17,0]
["Depreciação, Juros, Impostos e Seguros, Manutenção e Materiais na Operação dos Equipamentos",73315,"ROLO COMPACTADOR VIBRATÓRIO PÉ DE CARNEIRO PARA SOLOS, POTÊNCIA 80 HP, PESO OPERACIONAL SEM/COM LASTRO 7,4 / 8,8 T, LARGURA DE TRABALHO 1,68 M - MATERIAIS NA OPERAÇÃO. AF_02/2016","H",55.29,0]
["Depreciação, Juros, Impostos e Seguros, Manutenção e Materiais na Operação dos Equipamentos",5738,"ROLO COMPACTADOR VIBRATÓRIO PÉ DE CARNEIRO, OPERADO POR CONTROLE REMOTO, POTÊNCIA 12,5 KW, PESO OPERACIONAL 1,675 T, LARGURA DE TRABALHO 0,85 M - DEPRECIAÇÃO. AF_02/2016","H",31.68,0]
["Depreciação, Juros, Impostos e Seguros, Manutenção e Materiais na Operação dos Equipamentos",93239,"ROLO COMPACTADOR VIBRATÓRIO PÉ DE CARNEIRO, OPERADO POR CONTROLE REMOTO, POTÊNCIA 12,5 KW, PESO OPERACIONAL 1,675 T, LARGURA DE TRABALHO 0,85 M - JUROS. AF_02/2016","H",8.5,0]
["Depreciação, Juros, Impostos e Seguros, Manutenção e Materiais na Operação dos Equipamentos",5739,"ROLO COMPACTADOR VIBRATÓRIO PÉ DE CARNEIRO, OPERADO POR CONTROLE REMOTO, POTÊNCIA 12,5 KW, PESO OPERACIONAL 1,675 T, LARGURA DE TRABALHO 0,85 M - MANUTENÇÃO. AF_02/2016","H",39.65,0]
["Depreciação, Juros, Impostos e Seguros, Manutenção e Materiais na Operação dos Equipamentos",93240,"ROLO COMPACTADOR VIBRATÓRIO PÉ DE CARNEIRO, OPERADO POR CONTROLE REMOTO, POTÊNCIA 12,5 KW, PESO OPERACIONAL 1,675 T, LARGURA DE TRABALHO 0,85 M - MATERIAIS NA OPERAÇÃO. AF_02/2016","H",11.58,0]
["Depreciação, Juros, Impostos e Seguros, Manutenção e Materiais na Operação dos Equipamentos",53818,"ROLO COMPACTADOR VIBRATÓRIO REBOCÁVEL, CILINDRO DE AÇO LISO, POTÊNCIA DE TRAÇÃO DE 65 CV, PESO 4,7 T, IMPACTO DINÂMICO 18,3 T, LARGURA DE TRABALHO 1,67 M - DEPRECIAÇÃO. AF_02/2016","H",7,0]
["Depreciação, Juros, Impostos e Seguros, Manutenção e Materiais na Operação dos Equipamentos",93238,"ROLO COMPACTADOR VIBRATÓRIO REBOCÁVEL, CILINDRO DE AÇO LISO, POTÊNCIA DE TRAÇÃO DE 65 CV, PESO 4,7 T, IMPACTO DINÂMICO 18,3 T, LARGURA DE TRABALHO 1,67 M - JUROS. AF_02/2016","H",1.87,0]
["Depreciação, Juros, Impostos e Seguros, Manutenção e Materiais na Operação dos Equipamentos",5727,"ROLO COMPACTADOR VIBRATÓRIO REBOCÁVEL, CILINDRO DE AÇO LISO, POTÊNCIA DE TRAÇÃO DE 65 CV, PESO 4,7 T, IMPACTO DINÂMICO 18,3 T, LARGURA DE TRABALHO 1,67 M - MANUTENÇÃO. AF_02/2016","H",8.76,0]
["Depreciação, Juros, Impostos e Seguros, Manutenção e Materiais na Operação dos Equipamentos",89280,"ROLO COMPACTADOR VIBRATÓRIO TANDEM AÇO LISO, POTÊNCIA 58 HP, PESO SEM/COM LASTRO 6,5 / 9,4 T, LARGURA DE TRABALHO 1,2 M - DEPRECIAÇÃO. AF_06/2014","H",28.47,0]
["Depreciação, Juros, Impostos e Seguros, Manutenção e Materiais na Operação dos Equipamentos",89281,"ROLO COMPACTADOR VIBRATÓRIO TANDEM AÇO LISO, POTÊNCIA 58 HP, PESO SEM/COM LASTRO 6,5 / 9,4 T, LARGURA DE TRABALHO 1,2 M - JUROS. AF_06/2014","H",7.64,0]
["Depreciação, Juros, Impostos e Seguros, Manutenção e Materiais na Operação dos Equipamentos",5729,"ROLO COMPACTADOR VIBRATÓRIO TANDEM AÇO LISO, POTÊNCIA 58 HP, PESO SEM/COM LASTRO 6,5 / 9,4 T, LARGURA DE TRABALHO 1,2 M - MANUTENÇÃO. AF_06/2014","H",35.630000000000003,0]
["Depreciação, Juros, Impostos e Seguros, Manutenção e Materiais na Operação dos Equipamentos",5730,"ROLO COMPACTADOR VIBRATÓRIO TANDEM AÇO LISO, POTÊNCIA 58 HP, PESO SEM/COM LASTRO 6,5 / 9,4 T, LARGURA DE TRABALHO 1,2 M - MATERIAIS NA OPERAÇÃO. AF_06/2014","H",39.54,0]
["Depreciação, Juros, Impostos e Seguros, Manutenção e Materiais na Operação dos Equipamentos",95266,"RÉGUA VIBRATÓRIA DUPLA PARA CONCRETO, PESO DE 60KG, COMPRIMENTO 4 M, COM MOTOR A GASOLINA, POTÊNCIA 5,5 HP - DEPRECIAÇÃO. AF_09/2016","H",0.64,1]
["Depreciação, Juros, Impostos e Seguros, Manutenção e Materiais na Operação dos Equipamentos",95267,"RÉGUA VIBRATÓRIA DUPLA PARA CONCRETO, PESO DE 60KG, COMPRIMENTO 4 M, COM MOTOR A GASOLINA, POTÊNCIA 5,5 HP - JUROS. AF_09/2016","H",0.13,1]
["Depreciação, Juros, Impostos e Seguros, Manutenção e Materiais na Operação dos Equipamentos",95268,"RÉGUA VIBRATÓRIA DUPLA PARA CONCRETO, PESO DE 60KG, COMPRIMENTO 4 M, COM MOTOR A GASOLINA, POTÊNCIA 5,5 HP - MANUTENÇÃO. AF_09/2016","H",0.62,1]
["Depreciação, Juros, Impostos e Seguros, Manutenção e Materiais na Operação dos Equipamentos",95269,"RÉGUA VIBRATÓRIA DUPLA PARA CONCRETO, PESO DE 60KG, COMPRIMENTO 4 M, COM MOTOR A GASOLINA, POTÊNCIA 5,5 HP - MATERIAIS NA OPERAÇÃO. AF_09/2016","H",9.1999999999999993,0]
["Depreciação, Juros, Impostos e Seguros, Manutenção e Materiais na Operação dos Equipamentos",91688,"SERRA CIRCULAR DE BANCADA COM MOTOR ELÉTRICO POTÊNCIA DE 5HP, COM COIFA PARA DISCO 10\" - DEPRECIAÇÃO. AF_08/2015","H",0.1,0]
["Depreciação, Juros, Impostos e Seguros, Manutenção e Materiais na Operação dos Equipamentos",91689,"SERRA CIRCULAR DE BANCADA COM MOTOR ELÉTRICO POTÊNCIA DE 5HP, COM COIFA PARA DISCO 10\" - JUROS. AF_08/2015","H",0.02,0]
["Depreciação, Juros, Impostos e Seguros, Manutenção e Materiais na Operação dos Equipamentos",91690,"SERRA CIRCULAR DE BANCADA COM MOTOR ELÉTRICO POTÊNCIA DE 5HP, COM COIFA PARA DISCO 10\" - MANUTENÇÃO. AF_08/2015","H",7.0000000000000007E-2,0]
["Depreciação, Juros, Impostos e Seguros, Manutenção e Materiais na Operação dos Equipamentos",91691,"SERRA CIRCULAR DE BANCADA COM MOTOR ELÉTRICO POTÊNCIA DE 5HP, COM COIFA PARA DISCO 10\" - MATERIAIS NA OPERAÇÃO. AF_08/2015","H",1.36,0]
["Depreciação, Juros, Impostos e Seguros, Manutenção e Materiais na Operação dos Equipamentos",102924,"SERRA FITA HORIZONTAL, ELÉTRICA, COM CONTROLE HIDRÁULICO, PAINEL DE COMANDO EM 24 V, MOTOR ELÉTRICO 1,5 CV, DIMENSÕES DA FITA 3880 X 27 X 0,9 MM, TRIFÁSICA - DEPRECIAÇÃO. AF_05/2023","H",0]
["Depreciação, Juros, Impostos e Seguros, Manutenção e Materiais na Operação dos Equipamentos",102925,"SERRA FITA HORIZONTAL, ELÉTRICA, COM CONTROLE HIDRÁULICO, PAINEL DE COMANDO EM 24 V, MOTOR ELÉTRICO 1,5 CV, DIMENSÕES DA FITA 3880 X 27 X 0,9 MM, TRIFÁSICA - JUROS. AF_05/2023","H",0]
["Depreciação, Juros, Impostos e Seguros, Manutenção e Materiais na Operação dos Equipamentos",102926,"SERRA FITA HORIZONTAL, ELÉTRICA, COM CONTROLE HIDRÁULICO, PAINEL DE COMANDO EM 24 V, MOTOR ELÉTRICO 1,5 CV, DIMENSÕES DA FITA 3880 X 27 X 0,9 MM, TRIFÁSICA - MANUTENÇÃO. AF_05/2023","H",0]
["Depreciação, Juros, Impostos e Seguros, Manutenção e Materiais na Operação dos Equipamentos",102927,"SERRA FITA HORIZONTAL, ELÉTRICA, COM CONTROLE HIDRÁULICO, PAINEL DE COMANDO EM 24 V, MOTOR ELÉTRICO 1,5 CV, DIMENSÕES DA FITA 3880 X 27 X 0,9 MM, TRIFÁSICA - MATERIAIS NA OPERAÇÃO. AF_05/2023","H",0.94,0]
["Depreciação, Juros, Impostos e Seguros, Manutenção e Materiais na Operação dos Equipamentos",95136,"TALHA MANUAL DE CORRENTE, CAPACIDADE DE 2 TON. COM ELEVAÇÃO DE 3 M - DEPRECIAÇÃO. AF_07/2016","H",0.04,0]
["Depreciação, Juros, Impostos e Seguros, Manutenção e Materiais na Operação dos Equipamentos",95137,"TALHA MANUAL DE CORRENTE, CAPACIDADE DE 2 TON. COM ELEVAÇÃO DE 3 M - JUROS. AF_07/2016","H",0.01,0]
["Depreciação, Juros, Impostos e Seguros, Manutenção e Materiais na Operação dos Equipamentos",95138,"TALHA MANUAL DE CORRENTE, CAPACIDADE DE 2 TON. COM ELEVAÇÃO DE 3 M - MANUTENÇÃO. AF_07/2016","H",0.03,0]
["Depreciação, Juros, Impostos e Seguros, Manutenção e Materiais na Operação dos Equipamentos",89023,"TANQUE DE ASFALTO ESTACIONÁRIO COM MAÇARICO, CAPACIDADE 20.000 L - DEPRECIAÇÃO. AF_05/2023","H",3.82,1]
["Depreciação, Juros, Impostos e Seguros, Manutenção e Materiais na Operação dos Equipamentos",89024,"TANQUE DE ASFALTO ESTACIONÁRIO COM MAÇARICO, CAPACIDADE 20.000 L - JUROS. AF_05/2023","H",1.32,1]
["Depreciação, Juros, Impostos e Seguros, Manutenção e Materiais na Operação dos Equipamentos",89025,"TANQUE DE ASFALTO ESTACIONÁRIO COM MAÇARICO, CAPACIDADE 20.000 L - MANUTENÇÃO. AF_05/2023","H",4.78,1]
["Depreciação, Juros, Impostos e Seguros, Manutenção e Materiais na Operação dos Equipamentos",89026,"TANQUE DE ASFALTO ESTACIONÁRIO COM MAÇARICO, CAPACIDADE 20.000 L - MATERIAIS NA OPERAÇÃO. AF_05/2023","H",165.44,0]
["Depreciação, Juros, Impostos e Seguros, Manutenção e Materiais na Operação dos Equipamentos",7032,"TANQUE DE ASFALTO ESTACIONÁRIO COM SERPENTINA, CAPACIDADE 30.000 L - DEPRECIAÇÃO. AF_05/2023","H",4.7,1]
["Depreciação, Juros, Impostos e Seguros, Manutenção e Materiais na Operação dos Equipamentos",7033,"TANQUE DE ASFALTO ESTACIONÁRIO COM SERPENTINA, CAPACIDADE 30.000 L - JUROS. AF_05/2023","H",1.63,1]
["Depreciação, Juros, Impostos e Seguros, Manutenção e Materiais na Operação dos Equipamentos",7034,"TANQUE DE ASFALTO ESTACIONÁRIO COM SERPENTINA, CAPACIDADE 30.000 L - MANUTENÇÃO. AF_05/2023","H",5.88,1]
["Depreciação, Juros, Impostos e Seguros, Manutenção e Materiais na Operação dos Equipamentos",7035,"TANQUE DE ASFALTO ESTACIONÁRIO COM SERPENTINA, CAPACIDADE 30.000 L - MATERIAIS NA OPERAÇÃO. AF_05/2023","H",248.17,0]
["Depreciação, Juros, Impostos e Seguros, Manutenção e Materiais na Operação dos Equipamentos",102942,"TARTARUGA DE OXICORTE CG1, MONOFÁSICA, 220 V, FREQUÊNCIA 50 HZ, VELOCIDADE DE CORTE (MM/MIN) 50 A 750, DIÂMETRO MÍNIMO DO COMPASSO MM 200 - DEPRECIAÇÃO. AF_05/2023","H",0]
["Depreciação, Juros, Impostos e Seguros, Manutenção e Materiais na Operação dos Equipamentos",102943,"TARTARUGA DE OXICORTE CG1, MONOFÁSICA, 220 V, FREQUÊNCIA 50 HZ, VELOCIDADE DE CORTE (MM/MIN) 50 A 750, DIÂMETRO MÍNIMO DO COMPASSO MM 200 - JUROS. AF_05/2023","H",0]
["Depreciação, Juros, Impostos e Seguros, Manutenção e Materiais na Operação dos Equipamentos",102944,"TARTARUGA DE OXICORTE CG1, MONOFÁSICA, 220 V, FREQUÊNCIA 50 HZ, VELOCIDADE DE CORTE (MM/MIN) 50 A 750, DIÂMETRO MÍNIMO DO COMPASSO MM 200 - MANUTENÇÃO. AF_05/2023","H",0]
["Depreciação, Juros, Impostos e Seguros, Manutenção e Materiais na Operação dos Equipamentos",102945,"TARTARUGA DE OXICORTE CG1, MONOFÁSICA, 220 V, FREQUÊNCIA 50 HZ, VELOCIDADE DE CORTE (MM/MIN) 50 A 750, DIÂMETRO MÍNIMO DO COMPASSO MM 200 - MATERIAIS NA OPERAÇÃO. AF_05/2023","H",0.02,0]
["Depreciação, Juros, Impostos e Seguros, Manutenção e Materiais na Operação dos Equipamentos",104087,"TERMOFUSORA PARA TUBOS E CONEXÕES EM PPR COM DIÂMETROS DE 20 A 63 MM, POTÊNCIA DE 800 W, TENSAO 220 V - DEPRECIAÇÃO. AF_05/2022","H",7.0000000000000007E-2,0]
["Depreciação, Juros, Impostos e Seguros, Manutenção e Materiais na Operação dos Equipamentos",104088,"TERMOFUSORA PARA TUBOS E CONEXÕES EM PPR COM DIÂMETROS DE 20 A 63 MM, POTÊNCIA DE 800 W, TENSAO 220 V - JUROS. AF_05/2022","H",0.01,0]
["Depreciação, Juros, Impostos e Seguros, Manutenção e Materiais na Operação dos Equipamentos",104089,"TERMOFUSORA PARA TUBOS E CONEXÕES EM PPR COM DIÂMETROS DE 20 A 63 MM, POTÊNCIA DE 800 W, TENSAO 220 V - MANUTENÇÃO. AF_05/2022","H",0.08,0]
["Depreciação, Juros, Impostos e Seguros, Manutenção e Materiais na Operação dos Equipamentos",104090,"TERMOFUSORA PARA TUBOS E CONEXÕES EM PPR COM DIÂMETROS DE 20 A 63 MM, POTÊNCIA DE 800 W, TENSAO 220 V - MATERIAIS NA OPERAÇÃO. AF_05/2022","H",0.68,0]
["Depreciação, Juros, Impostos e Seguros, Manutenção e Materiais na Operação dos Equipamentos",104093,"TERMOFUSORA PARA TUBOS E CONEXÕES EM PPR COM DIÂMETROS DE 75 A 110 MM, POTÊNCIA DE *1100* W, TENSÃO 220 V - DEPRECIAÇÃO. AF_05/2022","H",0.09,0]
["Depreciação, Juros, Impostos e Seguros, Manutenção e Materiais na Operação dos Equipamentos",104094,"TERMOFUSORA PARA TUBOS E CONEXÕES EM PPR COM DIÂMETROS DE 75 A 110 MM, POTÊNCIA DE *1100* W, TENSÃO 220 V - JUROS. AF_05/2022","H",0.02,0]
["Depreciação, Juros, Impostos e Seguros, Manutenção e Materiais na Operação dos Equipamentos",104095,"TERMOFUSORA PARA TUBOS E CONEXÕES EM PPR COM DIÂMETROS DE 75 A 110 MM, POTÊNCIA DE *1100* W, TENSÃO 220 V - MANUTENÇÃO. AF_05/2022","H",0.12,0]
["Depreciação, Juros, Impostos e Seguros, Manutenção e Materiais na Operação dos Equipamentos",104096,"TERMOFUSORA PARA TUBOS E CONEXÕES EM PPR COM DIÂMETROS DE 75 A 110 MM, POTÊNCIA DE *1100* W, TENSÃO 220 V - MATERIAIS NA OPERAÇÃO. AF_05/2022","H",0.94,0]
["Depreciação, Juros, Impostos e Seguros, Manutenção e Materiais na Operação dos Equipamentos",102900,"TORRE, COMPOSTA POR GUINCHO MECÂNICO, GUINCHO MANUAL, CABOS DE AÇO, PITEIRA E SOQUETE - DEPRECIAÇÃO. AF_05/2023","H",0]
["Depreciação, Juros, Impostos e Seguros, Manutenção e Materiais na Operação dos Equipamentos",102901,"TORRE, COMPOSTA POR GUINCHO MECÂNICO, GUINCHO MANUAL, CABOS DE AÇO, PITEIRA E SOQUETE - JUROS. AF_05/2023","H",0]
["Depreciação, Juros, Impostos e Seguros, Manutenção e Materiais na Operação dos Equipamentos",102902,"TORRE, COMPOSTA POR GUINCHO MECÂNICO, GUINCHO MANUAL, CABOS DE AÇO, PITEIRA E SOQUETE - MANUTENÇÃO. AF_05/2023","H",0]
["Depreciação, Juros, Impostos e Seguros, Manutenção e Materiais na Operação dos Equipamentos",102903,"TORRE, COMPOSTA POR GUINCHO MECÂNICO, GUINCHO MANUAL, CABOS DE AÇO, PITEIRA E SOQUETE - MATERIAIS NA OPERAÇÃO. AF_05/2023","H",11.29,0]
["Depreciação, Juros, Impostos e Seguros, Manutenção e Materiais na Operação dos Equipamentos",89029,"TRATOR DE ESTEIRAS, POTÊNCIA 100 HP, PESO OPERACIONAL 9,4 T, COM LÂMINA 2,19 M3 - DEPRECIAÇÃO. AF_06/2014","H",33.58,1]
["Depreciação, Juros, Impostos e Seguros, Manutenção e Materiais na Operação dos Equipamentos",89030,"TRATOR DE ESTEIRAS, POTÊNCIA 100 HP, PESO OPERACIONAL 9,4 T, COM LÂMINA 2,19 M3 - JUROS. AF_06/2014","H",14.79,1]
["Depreciação, Juros, Impostos e Seguros, Manutenção e Materiais na Operação dos Equipamentos",5724,"TRATOR DE ESTEIRAS, POTÊNCIA 100 HP, PESO OPERACIONAL 9,4 T, COM LÂMINA 2,19 M3 - MANUTENÇÃO. AF_06/2014","H",60.04,1]
["Depreciação, Juros, Impostos e Seguros, Manutenção e Materiais na Operação dos Equipamentos",53817,"TRATOR DE ESTEIRAS, POTÊNCIA 100 HP, PESO OPERACIONAL 9,4 T, COM LÂMINA 2,19 M3 - MATERIAIS NA OPERAÇÃO. AF_06/2014","H",60.44,0]
["Depreciação, Juros, Impostos e Seguros, Manutenção e Materiais na Operação dos Equipamentos",88839,"TRATOR DE ESTEIRAS, POTÊNCIA 125 HP, PESO OPERACIONAL 12,9 T, COM LÂMINA 2,7 M3 - DEPRECIAÇÃO. AF_10/2014","H",35.15,1]
["Depreciação, Juros, Impostos e Seguros, Manutenção e Materiais na Operação dos Equipamentos",88840,"TRATOR DE ESTEIRAS, POTÊNCIA 125 HP, PESO OPERACIONAL 12,9 T, COM LÂMINA 2,7 M3 - JUROS. AF_10/2014","H",15.48,1]
["Depreciação, Juros, Impostos e Seguros, Manutenção e Materiais na Operação dos Equipamentos",88841,"TRATOR DE ESTEIRAS, POTÊNCIA 125 HP, PESO OPERACIONAL 12,9 T, COM LÂMINA 2,7 M3 - MANUTENÇÃO. AF_10/2014","H",62.84,1]
["Depreciação, Juros, Impostos e Seguros, Manutenção e Materiais na Operação dos Equipamentos",88842,"TRATOR DE ESTEIRAS, POTÊNCIA 125 HP, PESO OPERACIONAL 12,9 T, COM LÂMINA 2,7 M3 - MATERIAIS NA OPERAÇÃO. AF_10/2014","H",75.61,0]
["Depreciação, Juros, Impostos e Seguros, Manutenção e Materiais na Operação dos Equipamentos",89009,"TRATOR DE ESTEIRAS, POTÊNCIA 150 HP, PESO OPERACIONAL 16,7 T, COM RODA MOTRIZ ELEVADA E LÂMINA 3,18 M3 - DEPRECIAÇÃO. AF_06/2014","H",43.54,1]
["Depreciação, Juros, Impostos e Seguros, Manutenção e Materiais na Operação dos Equipamentos",89010,"TRATOR DE ESTEIRAS, POTÊNCIA 150 HP, PESO OPERACIONAL 16,7 T, COM RODA MOTRIZ ELEVADA E LÂMINA 3,18 M3 - JUROS. AF_06/2014","H",19.18,1]
["Depreciação, Juros, Impostos e Seguros, Manutenção e Materiais na Operação dos Equipamentos",53810,"TRATOR DE ESTEIRAS, POTÊNCIA 150 HP, PESO OPERACIONAL 16,7 T, COM RODA MOTRIZ ELEVADA E LÂMINA 3,18 M3 - MANUTENÇÃO. AF_06/2014","H",77.84,1]
["Depreciação, Juros, Impostos e Seguros, Manutenção e Materiais na Operação dos Equipamentos",5721,"TRATOR DE ESTEIRAS, POTÊNCIA 150 HP, PESO OPERACIONAL 16,7 T, COM RODA MOTRIZ ELEVADA E LÂMINA 3,18 M3 - MATERIAIS NA OPERAÇÃO. AF_06/2014","H",90.72,0]
["Depreciação, Juros, Impostos e Seguros, Manutenção e Materiais na Operação dos Equipamentos",89017,"TRATOR DE ESTEIRAS, POTÊNCIA 170 HP, PESO OPERACIONAL 19 T, CAÇAMBA 5,2 M3 - DEPRECIAÇÃO. AF_06/2014","H",43.27,1]
["Depreciação, Juros, Impostos e Seguros, Manutenção e Materiais na Operação dos Equipamentos",89018,"TRATOR DE ESTEIRAS, POTÊNCIA 170 HP, PESO OPERACIONAL 19 T, CAÇAMBA 5,2 M3 - JUROS. AF_06/2014","H",19.059999999999999,1]
["Depreciação, Juros, Impostos e Seguros, Manutenção e Materiais na Operação dos Equipamentos",53806,"TRATOR DE ESTEIRAS, POTÊNCIA 170 HP, PESO OPERACIONAL 19 T, CAÇAMBA 5,2 M3 - MANUTENÇÃO. AF_06/2014","H",77.36,1]
["Depreciação, Juros, Impostos e Seguros, Manutenção e Materiais na Operação dos Equipamentos",5718,"TRATOR DE ESTEIRAS, POTÊNCIA 170 HP, PESO OPERACIONAL 19 T, CAÇAMBA 5,2 M3 - MATERIAIS NA OPERAÇÃO. AF_06/2014","H",102.83,0]
["Depreciação, Juros, Impostos e Seguros, Manutenção e Materiais na Operação dos Equipamentos",89013,"TRATOR DE ESTEIRAS, POTÊNCIA 347 HP, PESO OPERACIONAL 38,5 T, COM LÂMINA 8,70 M3 - DEPRECIAÇÃO. AF_06/2014","H",142.61000000000001,1]
["Depreciação, Juros, Impostos e Seguros, Manutenção e Materiais na Operação dos Equipamentos",89014,"TRATOR DE ESTEIRAS, POTÊNCIA 347 HP, PESO OPERACIONAL 38,5 T, COM LÂMINA 8,70 M3 - JUROS. AF_06/2014","H",62.82,1]
["Depreciação, Juros, Impostos e Seguros, Manutenção e Materiais na Operação dos Equipamentos",53814,"TRATOR DE ESTEIRAS, POTÊNCIA 347 HP, PESO OPERACIONAL 38,5 T, COM LÂMINA 8,70 M3 - MANUTENÇÃO. AF_06/2014","H",254.96,1]
["Depreciação, Juros, Impostos e Seguros, Manutenção e Materiais na Operação dos Equipamentos",5722,"TRATOR DE ESTEIRAS, POTÊNCIA 347 HP, PESO OPERACIONAL 38,5 T, COM LÂMINA 8,70 M3 - MATERIAIS NA OPERAÇÃO. AF_06/2014","H",209.82,0]
["Depreciação, Juros, Impostos e Seguros, Manutenção e Materiais na Operação dos Equipamentos",96015,"TRATOR DE PNEUS COM POTÊNCIA DE 122 CV, TRAÇÃO 4X4, COM GRADE DE DISCOS ACOPLADA - DEPRECIAÇÃO. AF_02/2017","H",22.72,1]
["Depreciação, Juros, Impostos e Seguros, Manutenção e Materiais na Operação dos Equipamentos",96016,"TRATOR DE PNEUS COM POTÊNCIA DE 122 CV, TRAÇÃO 4X4, COM GRADE DE DISCOS ACOPLADA - JUROS. AF_02/2017","H",6.09,1]
["Depreciação, Juros, Impostos e Seguros, Manutenção e Materiais na Operação dos Equipamentos",96018,"TRATOR DE PNEUS COM POTÊNCIA DE 122 CV, TRAÇÃO 4X4, COM GRADE DE DISCOS ACOPLADA - MANUTENÇÃO. AF_02/2017","H",24.85,1]
["Depreciação, Juros, Impostos e Seguros, Manutenção e Materiais na Operação dos Equipamentos",96019,"TRATOR DE PNEUS COM POTÊNCIA DE 122 CV, TRAÇÃO 4X4, COM GRADE DE DISCOS ACOPLADA - MATERIAIS NA OPERAÇÃO. AF_02/2017","H",93.56,0]
["Depreciação, Juros, Impostos e Seguros, Manutenção e Materiais na Operação dos Equipamentos",96008,"TRATOR DE PNEUS COM POTÊNCIA DE 122 CV, TRAÇÃO 4X4, COM VASSOURA MECÂNICA ACOPLADA - DEPRECIAÇÃO. AF_02/2017","H",22.93,1]
["Depreciação, Juros, Impostos e Seguros, Manutenção e Materiais na Operação dos Equipamentos",96009,"TRATOR DE PNEUS COM POTÊNCIA DE 122 CV, TRAÇÃO 4X4, COM VASSOURA MECÂNICA ACOPLADA - JUROS. AF_02/2017","H",6.15,1]
["Depreciação, Juros, Impostos e Seguros, Manutenção e Materiais na Operação dos Equipamentos",96011,"TRATOR DE PNEUS COM POTÊNCIA DE 122 CV, TRAÇÃO 4X4, COM VASSOURA MECÂNICA ACOPLADA - MANUTENÇÃO. AF_02/2017","H",25.08,1]
["Depreciação, Juros, Impostos e Seguros, Manutenção e Materiais na Operação dos Equipamentos",96012,"TRATOR DE PNEUS COM POTÊNCIA DE 122 CV, TRAÇÃO 4X4, COM VASSOURA MECÂNICA ACOPLADA - MATERIAIS NA OPERAÇÃO. AF_02/2017","H",93.56,0]
["Depreciação, Juros, Impostos e Seguros, Manutenção e Materiais na Operação dos Equipamentos",96023,"TRATOR DE PNEUS COM POTÊNCIA DE 85 CV, TRAÇÃO 4X4, COM GRADE DE DISCOS ACOPLADA - DEPRECIAÇÃO. AF_02/2017","H",17.57,1]
["Depreciação, Juros, Impostos e Seguros, Manutenção e Materiais na Operação dos Equipamentos",96024,"TRATOR DE PNEUS COM POTÊNCIA DE 85 CV, TRAÇÃO 4X4, COM GRADE DE DISCOS ACOPLADA - JUROS. AF_02/2017","H",4.7,1]
["Depreciação, Juros, Impostos e Seguros, Manutenção e Materiais na Operação dos Equipamentos",96026,"TRATOR DE PNEUS COM POTÊNCIA DE 85 CV, TRAÇÃO 4X4, COM GRADE DE DISCOS ACOPLADA - MANUTENÇÃO. AF_02/2017","H",19.21,1]
["Depreciação, Juros, Impostos e Seguros, Manutenção e Materiais na Operação dos Equipamentos",96027,"TRATOR DE PNEUS COM POTÊNCIA DE 85 CV, TRAÇÃO 4X4, COM GRADE DE DISCOS ACOPLADA - MATERIAIS NA OPERAÇÃO. AF_02/2017","H",65.19,0]
["Depreciação, Juros, Impostos e Seguros, Manutenção e Materiais na Operação dos Equipamentos",96053,"TRATOR DE PNEUS COM POTÊNCIA DE 85 CV, TRAÇÃO 4X4, COM VASSOURA MECÂNICA ACOPLADA - DEPRECIAÇÃO. AF_03/2017","H",17.78,1]
["Depreciação, Juros, Impostos e Seguros, Manutenção e Materiais na Operação dos Equipamentos",96055,"TRATOR DE PNEUS COM POTÊNCIA DE 85 CV, TRAÇÃO 4X4, COM VASSOURA MECÂNICA ACOPLADA - JUROS. AF_03/2017","H",4.76,1]
["Depreciação, Juros, Impostos e Seguros, Manutenção e Materiais na Operação dos Equipamentos",96056,"TRATOR DE PNEUS COM POTÊNCIA DE 85 CV, TRAÇÃO 4X4, COM VASSOURA MECÂNICA ACOPLADA - MANUTENÇÃO. AF_03/2017","H",19.440000000000001,1]
["Depreciação, Juros, Impostos e Seguros, Manutenção e Materiais na Operação dos Equipamentos",96057,"TRATOR DE PNEUS COM POTÊNCIA DE 85 CV, TRAÇÃO 4X4, COM VASSOURA MECÂNICA ACOPLADA - MATERIAIS NA OPERAÇÃO. AF_03/2017","H",65.19,0]
["Depreciação, Juros, Impostos e Seguros, Manutenção e Materiais na Operação dos Equipamentos",7063,"TRATOR DE PNEUS, POTÊNCIA 122 CV, TRAÇÃO 4X4, PESO COM LASTRO DE 4.510 KG - DEPRECIAÇÃO. AF_06/2014","H",19.27,1]
["Depreciação, Juros, Impostos e Seguros, Manutenção e Materiais na Operação dos Equipamentos",7064,"TRATOR DE PNEUS, POTÊNCIA 122 CV, TRAÇÃO 4X4, PESO COM LASTRO DE 4.510 KG - JUROS. AF_06/2014","H",5.2,1]
["Depreciação, Juros, Impostos e Seguros, Manutenção e Materiais na Operação dos Equipamentos",7065,"TRATOR DE PNEUS, POTÊNCIA 122 CV, TRAÇÃO 4X4, PESO COM LASTRO DE 4.510 KG - MANUTENÇÃO. AF_06/2014","H",21.08,1]
["Depreciação, Juros, Impostos e Seguros, Manutenção e Materiais na Operação dos Equipamentos",7066,"TRATOR DE PNEUS, POTÊNCIA 122 CV, TRAÇÃO 4X4, PESO COM LASTRO DE 4.510 KG - MATERIAIS NA OPERAÇÃO. AF_06/2014","H",93.56,0]
["Depreciação, Juros, Impostos e Seguros, Manutenção e Materiais na Operação dos Equipamentos",89033,"TRATOR DE PNEUS, POTÊNCIA 85 CV, TRAÇÃO 4X4, PESO COM LASTRO DE 4.675 KG - DEPRECIAÇÃO. AF_06/2014","H",14.12,1]
["Depreciação, Juros, Impostos e Seguros, Manutenção e Materiais na Operação dos Equipamentos",89034,"TRATOR DE PNEUS, POTÊNCIA 85 CV, TRAÇÃO 4X4, PESO COM LASTRO DE 4.675 KG - JUROS. AF_06/2014","H",3.78,1]
["Depreciação, Juros, Impostos e Seguros, Manutenção e Materiais na Operação dos Equipamentos",5714,"TRATOR DE PNEUS, POTÊNCIA 85 CV, TRAÇÃO 4X4, PESO COM LASTRO DE 4.675 KG - MANUTENÇÃO. AF_06/2014","H",15.44,1]
["Depreciação, Juros, Impostos e Seguros, Manutenção e Materiais na Operação dos Equipamentos",5715,"TRATOR DE PNEUS, POTÊNCIA 85 CV, TRAÇÃO 4X4, PESO COM LASTRO DE 4.675 KG - MATERIAIS NA OPERAÇÃO. AF_06/2014","H",65.19,0]
["Depreciação, Juros, Impostos e Seguros, Manutenção e Materiais na Operação dos Equipamentos",102906,"UNIDADE DOSADORA AIRLESS TIPO HOT SPRAY - DEPRECIAÇÃO. AF_05/2023","H",0]
["Depreciação, Juros, Impostos e Seguros, Manutenção e Materiais na Operação dos Equipamentos",102907,"UNIDADE DOSADORA AIRLESS TIPO HOT SPRAY - JUROS. AF_05/2023","H",0]
["Depreciação, Juros, Impostos e Seguros, Manutenção e Materiais na Operação dos Equipamentos",102908,"UNIDADE DOSADORA AIRLESS TIPO HOT SPRAY - MANUTENÇÃO. AF_05/2023","H",0]
["Depreciação, Juros, Impostos e Seguros, Manutenção e Materiais na Operação dos Equipamentos",102909,"UNIDADE DOSADORA AIRLESS TIPO HOT SPRAY - MATERIAIS NA OPERAÇÃO. AF_05/2023","H",4.08,0]
["Depreciação, Juros, Impostos e Seguros, Manutenção e Materiais na Operação dos Equipamentos",93435,"USINA DE ASFALTO À FRIO, CAPACIDADE DE 40 A 60 TON/HORA, ELÉTRICA POTÊNCIA 30 CV - DEPRECIAÇÃO. AF_05/2023","H",9.27,1]
["Depreciação, Juros, Impostos e Seguros, Manutenção e Materiais na Operação dos Equipamentos",93436,"USINA DE ASFALTO À FRIO, CAPACIDADE DE 40 A 60 TON/HORA, ELÉTRICA POTÊNCIA 30 CV - JUROS. AF_05/2023","H",2.86,1]
["Depreciação, Juros, Impostos e Seguros, Manutenção e Materiais na Operação dos Equipamentos",93437,"USINA DE ASFALTO À FRIO, CAPACIDADE DE 40 A 60 TON/HORA, ELÉTRICA POTÊNCIA 30 CV - MANUTENÇÃO. AF_05/2023","H",10.14,1]
["Depreciação, Juros, Impostos e Seguros, Manutenção e Materiais na Operação dos Equipamentos",93438,"USINA DE ASFALTO À FRIO, CAPACIDADE DE 40 A 60 TON/HORA, ELÉTRICA POTÊNCIA 30 CV - MATERIAIS NA OPERAÇÃO. AF_05/2023","H",108.67,0]
["Depreciação, Juros, Impostos e Seguros, Manutenção e Materiais na Operação dos Equipamentos",100643,"USINA DE ASFALTO, TIPO GRAVIMÉTRICA, PROD 150 TON/HORA - DEPRECIAÇÃO. AF_12/2019","H",415.64,1]
["Depreciação, Juros, Impostos e Seguros, Manutenção e Materiais na Operação dos Equipamentos",100644,"USINA DE ASFALTO, TIPO GRAVIMÉTRICA, PROD 150 TON/HORA - JUROS. AF_12/2019","H",146.51,1]
["Depreciação, Juros, Impostos e Seguros, Manutenção e Materiais na Operação dos Equipamentos",100645,"USINA DE ASFALTO, TIPO GRAVIMÉTRICA, PROD 150 TON/HORA - MANUTENÇÃO. AF_12/2019","H",668.15,1]
["Depreciação, Juros, Impostos e Seguros, Manutenção e Materiais na Operação dos Equipamentos",100646,"USINA DE ASFALTO, TIPO GRAVIMÉTRICA, PROD 150 TON/HORA - MATERIAIS NA OPERAÇÃO. AF_12/2019","H",5211,0]
["Depreciação, Juros, Impostos e Seguros, Manutenção e Materiais na Operação dos Equipamentos",95116,"USINA DE CONCRETO FIXA, CAPACIDADE NOMINAL DE 90 A 120 M3/H, SEM SILO - DEPRECIAÇÃO. AF_07/2016","H",32.549999999999997,1]
["Depreciação, Juros, Impostos e Seguros, Manutenção e Materiais na Operação dos Equipamentos",95117,"USINA DE CONCRETO FIXA, CAPACIDADE NOMINAL DE 90 A 120 M3/H, SEM SILO - JUROS. AF_07/2016","H",10.039999999999999,1]
["Depreciação, Juros, Impostos e Seguros, Manutenção e Materiais na Operação dos Equipamentos",53794,"USINA DE CONCRETO FIXA, CAPACIDADE NOMINAL DE 90 A 120 M3/H, SEM SILO - MANUTENÇÃO. AF_07/2016","H",35.619999999999997,1]
["Depreciação, Juros, Impostos e Seguros, Manutenção e Materiais na Operação dos Equipamentos",5703,"USINA DE CONCRETO FIXA, CAPACIDADE NOMINAL DE 90 A 120 M3/H, SEM SILO - MATERIAIS NA OPERAÇÃO. AF_07/2016","H",23.8,0]
["Depreciação, Juros, Impostos e Seguros, Manutenção e Materiais na Operação dos Equipamentos",88847,"USINA DE LAMA ASFÁLTICA, PROD 30 A 50 T/H, SILO DE AGREGADO 7 M3, RESERVATÓRIOS PARA EMULSÃO E ÁGUA DE 2,3 M3 CADA, MISTURADOR TIPO PUG MILL A SER MONTADO SOBRE CAMINHÃO - DEPRECIAÇÃO. AF_10/2014","H",23.71,1]
["Depreciação, Juros, Impostos e Seguros, Manutenção e Materiais na Operação dos Equipamentos",88848,"USINA DE LAMA ASFÁLTICA, PROD 30 A 50 T/H, SILO DE AGREGADO 7 M3, RESERVATÓRIOS PARA EMULSÃO E ÁGUA DE 2,3 M3 CADA, MISTURADOR TIPO PUG MILL A SER MONTADO SOBRE CAMINHÃO - JUROS. AF_10/2014","H",9.75,1]
["Depreciação, Juros, Impostos e Seguros, Manutenção e Materiais na Operação dos Equipamentos",5741,"USINA DE LAMA ASFÁLTICA, PROD 30 A 50 T/H, SILO DE AGREGADO 7 M3, RESERVATÓRIOS PARA EMULSÃO E ÁGUA DE 2,3 M3 CADA, MISTURADOR TIPO PUG MILL A SER MONTADO SOBRE CAMINHÃO - MANUTENÇÃO. AF_10/2014","H",44.46,1]
["Depreciação, Juros, Impostos e Seguros, Manutenção e Materiais na Operação dos Equipamentos",5742,"USINA DE LAMA ASFÁLTICA, PROD 30 A 50 T/H, SILO DE AGREGADO 7 M3, RESERVATÓRIOS PARA EMULSÃO E ÁGUA DE 2,3 M3 CADA, MISTURADOR TIPO PUG MILL A SER MONTADO SOBRE CAMINHÃO - MATERIAIS NA OPERAÇÃO. AF_10/2014","H",26.69,0]
["Depreciação, Juros, Impostos e Seguros, Manutenção e Materiais na Operação dos Equipamentos",100637,"USINA DE MISTURA ASFÁLTICA À QUENTE, TIPO CONTRA FLUXO, PROD 100 A 140 TON/HORA - DEPRECIAÇÃO. AF_12/2019","H",202.85,1]
["Depreciação, Juros, Impostos e Seguros, Manutenção e Materiais na Operação dos Equipamentos",100638,"USINA DE MISTURA ASFÁLTICA À QUENTE, TIPO CONTRA FLUXO, PROD 100 A 140 TON/HORA - JUROS. AF_12/2019","H",62.35,1]
["Depreciação, Juros, Impostos e Seguros, Manutenção e Materiais na Operação dos Equipamentos",100639,"USINA DE MISTURA ASFÁLTICA À QUENTE, TIPO CONTRA FLUXO, PROD 100 A 140 TON/HORA - MANUTENÇÃO. AF_12/2019","H",253.76,1]
["Depreciação, Juros, Impostos e Seguros, Manutenção e Materiais na Operação dos Equipamentos",100640,"USINA DE MISTURA ASFÁLTICA À QUENTE, TIPO CONTRA FLUXO, PROD 100 A 140 TON/HORA - MATERIAIS NA OPERAÇÃO. AF_12/2019","H",4168.8,0]
["Depreciação, Juros, Impostos e Seguros, Manutenção e Materiais na Operação dos Equipamentos",93429,"USINA DE MISTURA ASFÁLTICA À QUENTE, TIPO CONTRA FLUXO, PROD 40 A 80 TON/HORA - DEPRECIAÇÃO. AF_05/2023","H",165.14,1]
["Depreciação, Juros, Impostos e Seguros, Manutenção e Materiais na Operação dos Equipamentos",93430,"USINA DE MISTURA ASFÁLTICA À QUENTE, TIPO CONTRA FLUXO, PROD 40 A 80 TON/HORA - JUROS. AF_05/2023","H",50.76,1]
["Depreciação, Juros, Impostos e Seguros, Manutenção e Materiais na Operação dos Equipamentos",93431,"USINA DE MISTURA ASFÁLTICA À QUENTE, TIPO CONTRA FLUXO, PROD 40 A 80 TON/HORA - MANUTENÇÃO. AF_05/2023","H",206.59,1]
["Depreciação, Juros, Impostos e Seguros, Manutenção e Materiais na Operação dos Equipamentos",93432,"USINA DE MISTURA ASFÁLTICA À QUENTE, TIPO CONTRA FLUXO, PROD 40 A 80 TON/HORA - MATERIAIS NA OPERAÇÃO. AF_05/2023","H",2084.4,0]
["Depreciação, Juros, Impostos e Seguros, Manutenção e Materiais na Operação dos Equipamentos",95118,"USINA MISTURADORA DE SOLOS, CAPACIDADE DE 200 A 500 TON/H, POTENCIA 75KW - DEPRECIAÇÃO. AF_07/2016","H",75.739999999999995,1]
["Depreciação, Juros, Impostos e Seguros, Manutenção e Materiais na Operação dos Equipamentos",95119,"USINA MISTURADORA DE SOLOS, CAPACIDADE DE 200 A 500 TON/H, POTENCIA 75KW - JUROS. AF_07/2016","H",23.36,1]
["Depreciação, Juros, Impostos e Seguros, Manutenção e Materiais na Operação dos Equipamentos",5707,"USINA MISTURADORA DE SOLOS, CAPACIDADE DE 200 A 500 TON/H, POTENCIA 75KW - MANUTENÇÃO. AF_07/2016","H",82.86,1]
["Depreciação, Juros, Impostos e Seguros, Manutenção e Materiais na Operação dos Equipamentos",95120,"USINA MISTURADORA DE SOLOS, CAPACIDADE DE 200 A 500 TON/H, POTENCIA 75KW - MATERIAIS NA OPERAÇÃO. AF_07/2016","H",63.75,0]
["Depreciação, Juros, Impostos e Seguros, Manutenção e Materiais na Operação dos Equipamentos",103657,"VARREDEIRA DE GRAMA SINTÉTICA A GASOLINA, 2,4 CV, 4 TEMPOS - DEPRECIAÇÃO. AF_05/2023","H",0]
["Depreciação, Juros, Impostos e Seguros, Manutenção e Materiais na Operação dos Equipamentos",103658,"VARREDEIRA DE GRAMA SINTÉTICA A GASOLINA, 2,4 CV, 4 TEMPOS - JUROS. AF_05/2023","H",0]
["Depreciação, Juros, Impostos e Seguros, Manutenção e Materiais na Operação dos Equipamentos",103659,"VARREDEIRA DE GRAMA SINTÉTICA A GASOLINA, 2,4 CV, 4 TEMPOS - MANUTENÇÃO. AF_05/2023","H",0]
["Depreciação, Juros, Impostos e Seguros, Manutenção e Materiais na Operação dos Equipamentos",103660,"VARREDEIRA DE GRAMA SINTÉTICA A GASOLINA, 2,4 CV, 4 TEMPOS - MATERIAIS NA OPERAÇÃO. AF_05/2023","H",12.39,0]
["Depreciação, Juros, Impostos e Seguros, Manutenção e Materiais na Operação dos Equipamentos",89015,"VASSOURA MECÂNICA REBOCÁVEL COM ESCOVA CILÍNDRICA, LARGURA ÚTIL DE VARRIMENTO DE 2,44 M - DEPRECIAÇÃO. AF_06/2014","H",3.84,1]
["Depreciação, Juros, Impostos e Seguros, Manutenção e Materiais na Operação dos Equipamentos",89016,"VASSOURA MECÂNICA REBOCÁVEL COM ESCOVA CILÍNDRICA, LARGURA ÚTIL DE VARRIMENTO DE 2,44 M - JUROS. AF_06/2014","H",1.01,1]
["Depreciação, Juros, Impostos e Seguros, Manutenção e Materiais na Operação dos Equipamentos",53804,"VASSOURA MECÂNICA REBOCÁVEL COM ESCOVA CILÍNDRICA, LARGURA ÚTIL DE VARRIMENTO DE 2,44 M - MANUTENÇÃO. AF_06/2014","H",4.8,1]
["Depreciação, Juros, Impostos e Seguros, Manutenção e Materiais na Operação dos Equipamentos",90582,"VIBRADOR DE IMERSÃO, DIÂMETRO DE PONTEIRA 45MM, MOTOR ELÉTRICO TRIFÁSICO POTÊNCIA DE 2 CV - DEPRECIAÇÃO. AF_06/2015","H",0.44,1]
["Depreciação, Juros, Impostos e Seguros, Manutenção e Materiais na Operação dos Equipamentos",90583,"VIBRADOR DE IMERSÃO, DIÂMETRO DE PONTEIRA 45MM, MOTOR ELÉTRICO TRIFÁSICO POTÊNCIA DE 2 CV - JUROS. AF_06/2015","H",0.1,1]
["Depreciação, Juros, Impostos e Seguros, Manutenção e Materiais na Operação dos Equipamentos",90584,"VIBRADOR DE IMERSÃO, DIÂMETRO DE PONTEIRA 45MM, MOTOR ELÉTRICO TRIFÁSICO POTÊNCIA DE 2 CV - MANUTENÇÃO. AF_06/2015","H",0.34,1]
["Depreciação, Juros, Impostos e Seguros, Manutenção e Materiais na Operação dos Equipamentos",90585,"VIBRADOR DE IMERSÃO, DIÂMETRO DE PONTEIRA 45MM, MOTOR ELÉTRICO TRIFÁSICO POTÊNCIA DE 2 CV - MATERIAIS NA OPERAÇÃO. AF_06/2015","H",0.52,0]
["Depreciação, Juros, Impostos e Seguros, Manutenção e Materiais na Operação dos Equipamentos",89240,"VIBROACABADORA DE ASFALTO SOBRE ESTEIRAS, LARGURA DE PAVIMENTAÇÃO 1,90 M A 5,30 M, POTÊNCIA 105 HP CAPACIDADE 450 T/H - DEPRECIAÇÃO. AF_11/2014","H",83.96,1]
["Depreciação, Juros, Impostos e Seguros, Manutenção e Materiais na Operação dos Equipamentos",89241,"VIBROACABADORA DE ASFALTO SOBRE ESTEIRAS, LARGURA DE PAVIMENTAÇÃO 1,90 M A 5,30 M, POTÊNCIA 105 HP CAPACIDADE 450 T/H - JUROS. AF_11/2014","H",29.59,1]
["Depreciação, Juros, Impostos e Seguros, Manutenção e Materiais na Operação dos Equipamentos",5710,"VIBROACABADORA DE ASFALTO SOBRE ESTEIRAS, LARGURA DE PAVIMENTAÇÃO 1,90 M A 5,30 M, POTÊNCIA 105 HP CAPACIDADE 450 T/H - MANUTENÇÃO. AF_11/2014","H",134.96,1]
["Depreciação, Juros, Impostos e Seguros, Manutenção e Materiais na Operação dos Equipamentos",5711,"VIBROACABADORA DE ASFALTO SOBRE ESTEIRAS, LARGURA DE PAVIMENTAÇÃO 1,90 M A 5,30 M, POTÊNCIA 105 HP CAPACIDADE 450 T/H - MATERIAIS NA OPERAÇÃO. AF_11/2014","H",86.15,0]
["Depreciação, Juros, Impostos e Seguros, Manutenção e Materiais na Operação dos Equipamentos",89253,"VIBROACABADORA DE ASFALTO SOBRE ESTEIRAS, LARGURA DE PAVIMENTAÇÃO 2,13 M A 4,55 M, POTÊNCIA 100 HP, CAPACIDADE 400 T/H - DEPRECIAÇÃO. AF_11/2014","H",68.8,1]
["Depreciação, Juros, Impostos e Seguros, Manutenção e Materiais na Operação dos Equipamentos",89254,"VIBROACABADORA DE ASFALTO SOBRE ESTEIRAS, LARGURA DE PAVIMENTAÇÃO 2,13 M A 4,55 M, POTÊNCIA 100 HP, CAPACIDADE 400 T/H - JUROS. AF_11/2014","H",24.25,1]
["Depreciação, Juros, Impostos e Seguros, Manutenção e Materiais na Operação dos Equipamentos",89255,"VIBROACABADORA DE ASFALTO SOBRE ESTEIRAS, LARGURA DE PAVIMENTAÇÃO 2,13 M A 4,55 M, POTÊNCIA 100 HP, CAPACIDADE 400 T/H - MANUTENÇÃO. AF_11/2014","H",110.6,1]
["Depreciação, Juros, Impostos e Seguros, Manutenção e Materiais na Operação dos Equipamentos",89256,"VIBROACABADORA DE ASFALTO SOBRE ESTEIRAS, LARGURA DE PAVIMENTAÇÃO 2,13 M A 4,55 M, POTÊNCIA 100 HP, CAPACIDADE 400 T/H - MATERIAIS NA OPERAÇÃO. AF_11/2014","H",82.04,0]
["Dissipadores de Energia",103797,"ARMAÇÃO DE DESCIDA D'ÁGUA UTILIZANDO AÇO CA-60 DE 5 MM - MONTAGEM. AF_08/2022","KG",16.809999999999999,0]
["Dissipadores de Energia",103930,"BACIA DE DISSIPAÇÃO, LARGURA ATÉ 1 M, TIPO BACIA EM PEDRA DE MÃO FIXADA COM CONCRETO (DEB 01, 02), COM PREPARO MANUAL, FCK = 20 MPA, LANÇADO MANUALMENTE, INCLUINDO MATERIAIS E FÔRMAS (2 UTILIZAÇÕES). AF_08/2022","M3",829.94,4.0000000000000002E-4]
["Dissipadores de Energia",103931,"BACIA DE DISSIPAÇÃO, LARGURA DE 1 A 4 M, TIPO BACIA EM PEDRA DE MÃO FIXADA COM CONCRETO (DEB 03, 04, 05, 06), COM PREPARO MANUAL, FCK = 20 MPA, LANÇADO MANUALMENTE, INCLUINDO MATERIAIS E FÔRMAS (2 UTILIZAÇÕES). AF_08/2022","M3",596.62,4.0000000000000002E-4]
["Dissipadores de Energia",103932,"BACIA DE DISSIPAÇÃO, LARGURA DE 4 A 9,2 M, TIPO BACIA EM PEDRA DE MÃO FIXADA COM CONCRETO (DEB 07, 08, 09, 10, 11, 12, 13), COM PREPARO MANUAL, FCK = 20 MPA, LANÇADO MANUALMENTE, INCLUINDO MATERIAIS E FÔRMAS (2 UTILIZAÇÕES). AF_08/2022","M3",562.42999999999995,4.0000000000000002E-4]
["Dissipadores de Energia",103929,"BACIA DE DISSIPAÇÃO, TIPO BACIA COM DENTES DE CONCRETO (01), COM PREPARO MANUAL, FCK = 20 MPA, LANÇADO MANUALMENTE, INCLUINDO MATERIAIS E FÔRMAS (2 UTILIZAÇÕES). AF_08/2022","M3",1364.38,5.9999999999999995E-4]
["Dissipadores de Energia",103928,"BACIA DE DISSIPAÇÃO, TIPO BACIA EM PEDRA DE MÃO ARGAMASSADA (DES 01, 02, 03, 04), LANÇADO MANUALMENTE, INCLUINDO MATERIAIS E FÔRMAS (2 UTILIZAÇÕES). AF_08/2022","M3",531.61,0]
["Dissipadores de Energia",103798,"CONCRETAGEM DE DISSIPADOR DE ENERGIA, CONCRETO USINADO, FCK = 20 MPA, COM USO DE BOMBA - LANÇAMENTO, ADENSAMENTO E ACABAMENTO. AF_08/2022","M3",617.63,2.9999999999999997E-4]
["Dissipadores de Energia",103801,"CONCRETAGEM DE DISSIPADOR DE ENERGIA, FCK = 20 MPA, COM USO DE JERICAS E PREPARO EM BETONEIRA DE 600 L - AREIA E BRITA COMERCIAIS - LANÇAMENTO, ADENSAMENTO E ACABAMENTO. AF_08/2022","M3",667.21,1.1999999999999999E-3]
["Dissipadores de Energia",103933,"DESCIDA D'ÁGUA RÁPIDA (DAR 03), EM CONCRETO USINADO, FCK = 20 MPA, LANÇADO COM BOMBA, INCLUINDO ARMAÇÃO, MATERIAIS E FÔRMAS (2 UTILIZAÇÕES). AF_08/2022","M3",1598.1,1E-4]
["Dissipadores de Energia",103925,"ESCADA HIDRÁULICA, LARGURA ATÉ 1M, TIPO DESCIDA D'ÁGUA DE CORTE OU ATERRO EM DEGRAUS (DCD 02, 04 E DAD 02), EM CONCRETO USINADO, FCK = 20 MPA, LANÇADO COM BOMBA, INCLUINDO ARMAÇÃO, MATERIAIS E FÔRMAS (3 UTILIZAÇÕES). AF_08/2022","M3",1693.88,1E-4]
["Dissipadores de Energia",103926,"ESCADA HIDRÁULICA, LARGURA DE 1 A 4,1 M, TIPO DESCIDA D'ÁGUA DE ATERRO EM DEGRAUS (DAD 04, 06, 08, 10, 12, 14, 16, 18), EM CONCRETO USINADO, FCK = 20 MPA, LANÇADO COM BOMBA, INCLUINDO ARMAÇÃO, MATERIAIS E FÔRMAS (3 UTILIZAÇÕES). AF_08/2022","M3",1359.47,1E-4]
["Dissipadores de Energia",103796,"FABRICAÇÃO, MONTAGEM E DESMONTAGEM DE FÔRMA PARA BACIA DE DISSIPAÇÃO, EM MADEIRA SERRADA, E = 25 MM, 2 UTILIZAÇÕES. AF_08/2022","M2",69.709999999999994,0]
["Dissipadores de Energia",103795,"FABRICAÇÃO, MONTAGEM E DESMONTAGEM DE FÔRMA PARA ESCADA HIDRÁULICA, EM CHAPA DE MADEIRA COMPENSADA RESINADA, E = 17 MM, 3 UTILIZAÇÕES. AF_08/2022","M2",87.56,0]
["Dissipadores de Energia",103800,"PEDRA ARGAMASSADA COM CIMENTO E AREIA 1:3, 40% DE ARGAMASSA EM VOLUME - AREIA E PEDRA DE MÃO COMERCIAIS - FORNECIMENTO E ASSENTAMENTO. AF_08/2022","M3",531.61,0]
["Dissipadores de Energia",103799,"PEDRA DE MÃO FIXADA COM CONCRETO PARA BACIA DE DISSIPAÇÃO, 40% DE CONCRETO EM VOLUME, FCK = 20 MPA, COM USO DE JERICA E PREPARO EM BETONEIRA DE 600 L - AREIA, BRITA E PEDRA DE MÃO COMERCIAIS - LANÇAMENTO, ADENSAMENTO E ACABAMENTO. AF_08/2022","M3",435.73,0]
["Dragagem",104950,"DRAGAGEM DE MATERIAIS DE 1A CATEGORIA E COMPOSTOS ORGÂNICOS E INORGÂNICOS COM DRAGLINE (CAÇAMBA: 0,76 M3/ 43 T). AF_03/2024","M3",0]
["Dragagem",104948,"DRAGAGEM DE MATERIAIS DE 1A CATEGORIA E COMPOSTOS ORGÂNICOS E INORGÂNICOS COM ESCAVADEIRA HIDRÁULICA (CAÇAMBA: 0,80 M3/111 HP). AF_03/2024","M3",5.12,0]
["Dragagem",104949,"DRAGAGEM DE MATERIAIS DE 1A CATEGORIA E COMPOSTOS ORGÂNICOS E INORGÂNICOS COM ESCAVADEIRA HIDRÁULICA DE LONGO ALCANCE (CAÇAMBA: 0,52 M3/155 HP). AF_03/2024","M3",9.6,0]
["Dragagem",104947,"DRAGAGEM DE MATERIAIS DE 1A CATEGORIA E COMPOSTOS ORGÂNICOS E INORGÂNICOS COM RETROESCAVADEIRA (CAÇAMBA: 0,26 M3/88 HP). AF_03/2024","M3",11.72,0.3891]
["Drenagem de ar condicionado",104325,"CAIXA DE PASSAGEM PARA AR CONDICIONADO - FORNECIMENTO E INSTALAÇÃO. AF_08/2022","UN",0]
["Drenagem de ar condicionado",104318,"JOELHO 45 GRAUS, PVC, SOLDÁVEL, DN 20 MM, INSTALADO EM DRENO DE AR CONDICIONADO - FORNECIMENTO E INSTALAÇÃO. AF_08/2022","UN",7.57,0]
["Drenagem de ar condicionado",89867,"JOELHO 45 GRAUS, PVC, SOLDÁVEL, DN 25MM, INSTALADO EM DRENO DE AR-CONDICIONADO - FORNECIMENTO E INSTALAÇÃO. AF_08/2022","UN",8.4700000000000006,0]
["Drenagem de ar condicionado",104320,"JOELHO 45 GRAUS, PVC, SOLDÁVEL, DN 32 MM, INSTALADO EM DRENO DE AR CONDICIONADO - FORNECIMENTO E INSTALAÇÃO. AF_08/2022","UN",11.84,0]
["Drenagem de ar condicionado",104317,"JOELHO 90 GRAUS, PVC, SOLDÁVEL, DN 20 MM, INSTALADO EM DRENO DE AR CONDICIONADO - FORNECIMENTO E INSTALAÇÃO. AF_08/2022","UN",7.04,0]
["Drenagem de ar condicionado",89866,"JOELHO 90 GRAUS, PVC, SOLDÁVEL, DN 25MM, INSTALADO EM DRENO DE AR-CONDICIONADO - FORNECIMENTO E INSTALAÇÃO. AF_08/2022","UN",7.71,0]
["Drenagem de ar condicionado",104319,"JOELHO 90 GRAUS, PVC, SOLDÁVEL, DN 32 MM, INSTALADO EM DRENO DE AR CONDICIONADO - FORNECIMENTO E INSTALAÇÃO. AF_08/2022","UN",10.15,0]
["Drenagem de ar condicionado",104321,"LUVA, PVC, SOLDÁVEL, DN 20 MM, INSTALADO EM DRENO DE AR CONDICIONADO - FORNECIMENTO E INSTALAÇÃO. AF_08/2022","UN",5.34,0]
["Drenagem de ar condicionado",89868,"LUVA, PVC, SOLDÁVEL, DN 25MM, INSTALADO EM DRENO DE AR-CONDICIONADO - FORNECIMENTO E INSTALAÇÃO. AF_08/2022","UN",5.81,0]
["Drenagem de ar condicionado",104322,"LUVA, PVC, SOLDÁVEL, DN 32 MM, INSTALADO EM DRENO DE AR CONDICIONADO - FORNECIMENTO E INSTALAÇÃO. AF_08/2022","UN",7.62,0]
["Drenagem de ar condicionado",104323,"TE, PVC, SOLDÁVEL, DN 20 MM, INSTALADO EM DRENO DE AR CONDICIONADO - FORNECIMENTO E INSTALAÇÃO. AF_08/2022","UN",9.7899999999999991,0]
["Drenagem de ar condicionado",89869,"TE, PVC, SOLDÁVEL, DN 25MM, INSTALADO EM DRENO DE AR-CONDICIONADO - FORNECIMENTO E INSTALAÇÃO. AF_08/2022","UN",10.66,0]
["Drenagem de ar condicionado",104324,"TE, PVC, SOLDÁVEL, DN 32 MM, INSTALADO EM DRENO DE AR CONDICIONADO - FORNECIMENTO E INSTALAÇÃO. AF_08/2022","UN",14.31,0]
["Drenagem de ar condicionado",104315,"TUBO, PVC, SOLDÁVEL, DE 20MM, INSTALADO EM DRENO DE AR CONDICIONADO - FORNECIMENTO E INSTALAÇÃO. AF_08/2022","M",16.829999999999998,0]
["Drenagem de ar condicionado",89865,"TUBO, PVC, SOLDÁVEL, DE 25MM, INSTALADO EM DRENO DE AR-CONDICIONADO - FORNECIMENTO E INSTALAÇÃO. AF_08/2022","M",18.010000000000002,0]
["Drenagem de ar condicionado",104316,"TUBO, PVC, SOLDÁVEL, DE 32MM, INSTALADO EM DRENO DE AR CONDICIONADO - FORNECIMENTO E INSTALAÇÃO. AF_08/2022","M",23.95,0]
["Drenos",102724,"DRENO BARBACÃ, DN 100 MM, COM MATERIAL DRENANTE. AF_07/2021","UN",29.4,0]
["Drenos",102726,"DRENO BARBACÃ, DN 50 MM, COM MATERIAL DRENANTE. AF_07/2021","UN",27.35,0]
["Drenos",102725,"DRENO BARBACÃ, DN 75 MM, COM MATERIAL DRENANTE. AF_07/2021","UN",28.89,0]
["Drenos",102722,"DRENO EM MURO DE CONTENÇÃO, EXECUTADO NO PÉ DO MURO, COM TUBO DE PEAD CORRUGADO FLEXÍVEL PERFURADO, ENCHIMENTO COM BRITA, ENVOLVIDO COM MANTA GEOTÊXTIL. AF_07/2021","M",56.94,0.21360000000000001]
["Drenos",102721,"DRENO EM MURO DE CONTENÇÃO, EXECUTADO NO PÉ DO MURO, COM TUBO DE PEAD CORRUGADO FLEXÍVEL PERFURADO, ENVOLVIDO COM GEOCOMPOSTO DRENANTE. AF_07/2021","M",0]
["Drenos",102723,"DRENO EM MURO DE CONTENÇÃO, EXECUTADO NO PÉ DO MURO, COM TUBO DE PVC CORRUGADO RÍGIDO PERFURADO, ENCHIMENTO COM BRITA, ENVOLVIDO COM MANTA GEOTÊXTIL. AF_07/2021","M",93.08,0]
["Drenos",102690,"DRENO ESPINHA DE PEIXE (SEÇÃO (0,40 X 0,40 M), COM TUBO DE PEAD CORRUGADO PERFURADO, DN 100 MM, ENCHIMENTO COM BRITA, ENVOLVIDO COM MANTA GEOTÊXTIL, INCLUSIVE CONEXÕES. AF_07/2021","M",67.150000000000006,0.1885]
["Drenos",102688,"DRENO ESPINHA DE PEIXE (SEÇÃO 0,40 X 0,40 M), COM TUBO DE PEAD CORRUGADO PERFURADO, DN 100 MM, ENCHIMENTO COM AREIA, INCLUSIVE CONEXÕES. AF_07/2021","M",49.14,0.2576]
["Drenos",102689,"DRENO ESPINHA DE PEIXE (SEÇÃO 0,40 X 0,40 M), COM TUBO DE PVC CORRUGADO RÍGIDO PERFURADO, DN 100 MM, ENCHIMENTO COM AREIA, INCLUSIVE CONEXÕES. AF_07/2021","M",86.45,5.7999999999999996E-3]
["Drenos",102693,"DRENO ESPINHA DE PEIXE (SEÇÃO 0,40 X 0,40 M), COM TUBO DE PVC CORRUGADO RÍGIDO PERFURADO, DN 100 MM, ENCHIMENTO COM BRITA, ENVOLVIDO COM MANTA GEOTÊXTIL, INCLUSIVE CONEXÕES. AF_07/2021","M",104.45,4.7999999999999996E-3]
["Drenos",102694,"DRENO ESPINHA DE PEIXE (SEÇÃO 0,50 X 0,80 M), COM TUBO DE PEAD CORRUGADO PERFURADO, DN 100 MM, ENCHIMENTO COM AREIA, INCLUSIVE CONEXÕES. AF_07/2021","M",95.05,0.1976]
["Drenos",102697,"DRENO ESPINHA DE PEIXE (SEÇÃO 0,50 X 0,80 M), COM TUBO DE PEAD CORRUGADO PERFURADO, DN 100 MM, ENCHIMENTO COM BRITA, ENVOLVIDO COM MANTA GEOTÊXTIL, INCLUSIVE CONEXÕES. AF_07/2021","M",112.1,0.1704]
["Drenos",102696,"DRENO ESPINHA DE PEIXE (SEÇÃO 0,50 X 0,80 M), COM TUBO DE PVC CORRUGADO RÍGIDO PERFURADO, DN 100 MM, ENCHIMENTO COM AREIA, INCLUSIVE CONEXÕES. AF_07/2021","M",132.56,5.45E-2]
["Drenos",102703,"DRENO ESPINHA DE PEIXE (SEÇÃO 0,50 X 0,80 M), COM TUBO DE PVC CORRUGADO RÍGIDO PERFURADO, DN 100 MM, ENCHIMENTO COM BRITA, ENVOLVIDO COM MANTA GEOTÊXTIL, INCLUSIVE CONEXÕES. AF_07/2021","M",149.62,5.04E-2]
["Drenos",102678,"DRENO PROFUNDO (SEÇÃO 0,50 X 1,50 M), CEGO, ENCHIMENTO DE BRITA, ENVOLVIDO COM MANTA GEOTÊXTIL, COM SELO DE ARGILA. AF_07/2021","M",139.59,4.6199999999999998E-2]
["Drenos",102679,"DRENO PROFUNDO (SEÇÃO 0,50 X 1,50 M), CEGO, ENCHIMENTO DE BRITA, ENVOLVIDO COM MANTA GEOTÊXTIL. AF_07/2021","M",152.47,4.6899999999999997E-2]
["Drenos",102673,"DRENO PROFUNDO (SEÇÃO 0,50 X 1,50 M), COM TUBO DE CONCRETO SIMPLES POROSO, DN 200 MM, ENCHIMENTO COM AREIA, COM SELO DE ARGILA. AF_07/2021","M",192.46,0.31090000000000001]
["Drenos",102677,"DRENO PROFUNDO (SEÇÃO 0,50 X 1,50 M), COM TUBO DE CONCRETO SIMPLES POROSO, DN 200 MM, ENCHIMENTO COM AREIA. AF_07/2021","M",185.66,0.28949999999999998]
["Drenos",102683,"DRENO PROFUNDO (SEÇÃO 0,50 X 1,50 M), COM TUBO DE CONCRETO SIMPLES POROSO, DN 200 MM, ENCHIMENTO COM BRITA, ENVOLVIDO COM MANTA GEOTÊXTIL, COM SELO DE ARGILA. AF_07/2021","M",196.75,0.27129999999999999]
["Drenos",102687,"DRENO PROFUNDO (SEÇÃO 0,50 X 1,50 M), COM TUBO DE CONCRETO SIMPLES POROSO, DN 200 MM, ENCHIMENTO COM BRITA, ENVOLVIDO COM MANTA GEOTÊXTIL. AF_07/2021","M",204.64,0.26419999999999999]
["Drenos",102670,"DRENO PROFUNDO (SEÇÃO 0,50 X 1,50 M), COM TUBO DE PEAD CORRUGADO PERFURADO, DN 100 MM, ENCHIMENTO COM AREIA, COM SELO DE ARGILA. AF_07/2021","M",133.16,0.1424]
["Drenos",102674,"DRENO PROFUNDO (SEÇÃO 0,50 X 1,50 M), COM TUBO DE PEAD CORRUGADO PERFURADO, DN 100 MM, ENCHIMENTO COM AREIA. AF_07/2021","M",147.61000000000001,0.13220000000000001]
["Drenos",102680,"DRENO PROFUNDO (SEÇÃO 0,50 X 1,50 M), COM TUBO DE PEAD CORRUGADO PERFURADO, DN 100 MM, ENCHIMENTO COM BRITA, ENVOLVIDO COM MANTA GEOTÊXTIL, COM SELO DE ARGILA. AF_07/2021","M",152.72999999999999,0.12540000000000001]
["Drenos",102684,"DRENO PROFUNDO (SEÇÃO 0,50 X 1,50 M), COM TUBO DE PEAD CORRUGADO PERFURADO, DN 100 MM, ENCHIMENTO COM BRITA, ENVOLVIDO COM MANTA GEOTÊXTIL. AF_07/2021","M",165.58,0.1198]
["Drenos",102672,"DRENO PROFUNDO (SEÇÃO 0,50 X 1,50 M), COM TUBO DE PVC CORRUGADO RÍGIDO PERFURADO, DN 100 MM, ENCHIMENTO COM AREIA, COM SELO DE ARGILA. AF_07/2021","M",187.14,5.2400000000000002E-2]
["Drenos",102676,"DRENO PROFUNDO (SEÇÃO 0,50 X 1,50 M), COM TUBO DE PVC CORRUGADO RÍGIDO PERFURADO, DN 100 MM, ENCHIMENTO COM AREIA. AF_07/2021","M",190.9,4.82E-2]
["Drenos",102681,"DRENO PROFUNDO (SEÇÃO 0,50 X 1,50 M), COM TUBO DE PVC CORRUGADO RÍGIDO PERFURADO, DN 100 MM, ENCHIMENTO COM BRITA, ENVOLVIDO COM MANTA GEOTÊXTIL, COM SELO DE ARGILA. AF_07/2021","M",196.03,4.5100000000000001E-2]
["Drenos",102685,"DRENO PROFUNDO (SEÇÃO 0,50 X 1,50 M), COM TUBO DE PVC CORRUGADO RÍGIDO PERFURADO, DN 100 MM, ENCHIMENTO COM BRITA, ENVOLVIDO COM MANTA GEOTÊXTIL. AF_07/2021","M",208.9,4.5600000000000002E-2]
["Drenos",102664,"DRENO SUBSUPERFICIAL (SEÇÃO 0,40 X 0,40 M), CEGO, ENCHIMENTO DE BRITA, ENVOLVIDO COM MANTA GEOTÊXTIL. AF_07/2021","M",49.44,1.01E-2]
["Drenos",102665,"DRENO SUBSUPERFICIAL (SEÇÃO 0,40 X 0,40 M), CEGO, ENCHIMENTO DE BRITA. AF_07/2021","M",25.14,1.9900000000000001E-2]
["Drenos",102663,"DRENO SUBSUPERFICIAL (SEÇÃO 0,40 X 0,40 M), COM TUBO DE CONCRETO SIMPLES POROSO, DN 200 MM, ENCHIMENTO COM AREIA. AF_07/2021","M",75.38,0.58409999999999995]
["Drenos",102669,"DRENO SUBSUPERFICIAL (SEÇÃO 0,40 X 0,40 M), COM TUBO DE CONCRETO SIMPLES POROSO, DN 200 MM, ENCHIMENTO COM BRITA, ENVOLVIDO COM MANTA GEOTÊXTIL. AF_07/2021","M",94.36,0.46660000000000001]
["Drenos",102661,"DRENO SUBSUPERFICIAL (SEÇÃO 0,40 X 0,40 M), COM TUBO DE PEAD CORRUGADO PERFURADO, DN 100 MM, ENCHIMENTO COM AREIA. AF_07/2021","M",43.33,0.29220000000000002]
["Drenos",102666,"DRENO SUBSUPERFICIAL (SEÇÃO 0,40 X 0,40 M), COM TUBO DE PEAD CORRUGADO PERFURADO, DN 100 MM, ENCHIMENTO COM BRITA, ENVOLVIDO COM MANTA GEOTÊXTIL. AF_07/2021","M",61.33,0.2064]
["Drenos",102662,"DRENO SUBSUPERFICIAL (SEÇÃO 0,40 X 0,40 M), COM TUBO DE PVC CORRUGADO RÍGIDO PERFURADO, DN 100 MM, ENCHIMENTO COM AREIA. AF_07/2021","M",83.19,6.0000000000000001E-3]
["Drenos",102668,"DRENO SUBSUPERFICIAL (SEÇÃO 0,40 X 0,40 M), COM TUBO DE PVC CORRUGADO RÍGIDO PERFURADO, DN 100 MM, ENCHIMENTO COM BRITA, ENVOLVIDO COM MANTA GEOTÊXTIL. AF_07/2021","M",101.2,4.8999999999999998E-3]
["Drenos",102718,"ENCHIMENTO DE AREIA PARA DRENO, LANÇAMENTO MANUAL. AF_07/2021","M3",190.54,0]
["Drenos",102716,"ENCHIMENTO DE AREIA PARA DRENO, LANÇAMENTO MECANIZADO. AF_07/2021","M3",177.61,5.1499999999999997E-2]
["Drenos",102719,"ENCHIMENTO DE BRITA PARA DRENO, LANÇAMENTO MANUAL. AF_07/2021","M3",149.13,0]
["Drenos",102717,"ENCHIMENTO DE BRITA PARA DRENO, LANÇAMENTO MECANIZADO. AF_07/2021","M3",136.19999999999999,6.7100000000000007E-2]
["Drenos",102720,"GEOCOMPOSTO DRENANTE, INSTALADO EM MURO DE CONTENÇÃO - EXCLUSIVE DRENO NO PÉ DO MURO. AF_07/2021","M2",0]
["Drenos",102713,"GEOTÊXTIL NÃO TECIDO 100% POLIÉSTER, RESISTÊNCIA A TRAÇÃO DE 14 KN/M (RT - 14), INSTALADO EM DRENO - FORNECIMENTO E INSTALAÇÃO. AF_07/2021","M2",13.01,0]
["Drenos",102715,"GEOTÊXTIL NÃO TECIDO 100% POLIÉSTER, RESISTÊNCIA A TRAÇÃO DE 26 KN/M (RT - 26), INSTALADO EM DRENO - FORNECIMENTO E INSTALAÇÃO. AF_07/2021","M2",25.74,0]
["Drenos",103653,"GEOTÊXTIL NÃO TECIDO 100% POLIÉSTER, RESISTÊNCIA A TRAÇÃO DE 31 KN/M (RT-31), INSTALADO EM DRENO - FORNECIMENTO E INSTALAÇÃO. AF_07/2021","M2",30.74,0]
["Drenos",102712,"GEOTÊXTIL NÃO TECIDO 100% POLIÉSTER, RESISTÊNCIA A TRAÇÃO DE 9 KN/M (RT - 9), INSTALADO EM DRENO - FORNECIMENTO E INSTALAÇÃO. AF_07/2021","M2",9.48,0]
["Drenos",102711,"JUNÇÃO DUPLA DE PVC, SÉRIE NORMAL, PARA ESGOTO PREDIAL, DN 100 X 100 X 100 MM, INSTALADA EM DRENO - FORNECIMENTO E INSTALAÇÃO. AF_07/2021","UN",72.03,0]
["Drenos",102710,"JUNÇÃO SIMPLES DE PVC, 45 GRAUS, SÉRIE NORMAL, PARA ESGOTO PREDIAL, DN 100 MM, INSTALADA EM DRENO - FORNECIMENTO E INSTALAÇÃO. AF_07/2021","UN",57.95,0]
["Drenos",102709,"LUVA DE PEAD, DN 100 MM, INSTALADA EM DRENO - FORNECIMENTO E INSTALAÇÃO. AF_07/2021","UN",0]
["Drenos",102708,"LUVA DE PVC, SÉRIE NORMAL, PARA ESGOTO PREDIAL, DN 100 MM, INSTALADA EM DRENO - FORNECIMENTO E INSTALAÇÃO. AF_07/2021","UN",24.67,0]
["Drenos",102707,"TUBO DE CONCRETO SIMPLES POROSO, DN 200 MM, PARA DRENO - FORNECIMENTO E ASSENTAMENTO. AF_07/2021","M",49.6,0.87760000000000005]
["Drenos",102704,"TUBO DE PEAD CORRUGADO PERFURADO, DN 100 MM, PARA DRENO - FORNECIMENTO E ASSENTAMENTO. AF_07/2021","M",12.65,0.96130000000000004]
["Drenos",102705,"TUBO DE PVC CORRUGADO RÍGIDO PERFURADO, DN 100 MM, PARA DRENO - FORNECIMENTO E ASSENTAMENTO. AF_07/2021","M",48.79,0]
["Dutos para ar condicionado",98333,"FABRICAÇÃO DE CURVA, REDUÇÃO OU TÊ PARA DUTO PARA AR CONDICIONADO EM CHAPA GALVANIZADA BITOLA 22. AF_03/2024","M2",0]
["Dutos para ar condicionado",98332,"FABRICAÇÃO DE CURVA, REDUÇÃO OU TÊ PARA DUTO PARA AR CONDICIONADO EM CHAPA GALVANIZADA BITOLA 24. AF_03/2024","M2",0]
["Dutos para ar condicionado",98331,"FABRICAÇÃO DE CURVA, REDUÇÃO OU TÊ PARA DUTO PARA AR CONDICIONADO EM CHAPA GALVANIZADA BITOLA 26. AF_03/2024","M2",0]
["Dutos para ar condicionado",98327,"FABRICAÇÃO DE DUTO RETANGULAR PARA AR CONDICIONADO (TRECHO RETO) EM CHAPA GALVANIZADA BITOLA 22. AF_03/2024","M2",0]
["Dutos para ar condicionado",98326,"FABRICAÇÃO DE DUTO RETANGULAR PARA AR CONDICIONADO (TRECHO RETO) EM CHAPA GALVANIZADA BITOLA 24. AF_03/2024","M2",0]
["Dutos para ar condicionado",98325,"FABRICAÇÃO DE DUTO RETANGULAR PARA AR CONDICIONADO (TRECHO RETO) EM CHAPA GALVANIZADA BITOLA 26. AF_03/2024","M2",0]
["Dutos para ar condicionado",98370,"FABRICAÇÃO DE DUTO RETANGULAR PARA AR CONDICIONADO EM PAINEL PRÉ-ISOLADO. AF_03/2024","M2",0]
["Dutos para ar condicionado",98389,"INSTALAÇÃO DE COLARINHO DE AÇO GALVANIZADO DN 109 MM (4\") PARA DUTO FLEXÍVEL CIRCULAR PARA AR CONDICIONADO. AF_03/2024","UN",0]
["Dutos para ar condicionado",98390,"INSTALAÇÃO DE COLARINHO DE AÇO GALVANIZADO DN 131 MM (5\") PARA DUTO FLEXÍVEL CIRCULAR PARA AR CONDICIONADO. AF_03/2024","UN",0]
["Dutos para ar condicionado",98391,"INSTALAÇÃO DE COLARINHO DE AÇO GALVANIZADO DN 161 MM (6\") PARA DUTO FLEXÍVEL CIRCULAR PARA AR CONDICIONADO. AF_03/2024","UN",0]
["Dutos para ar condicionado",98392,"INSTALAÇÃO DE COLARINHO DE AÇO GALVANIZADO DN 185 MM (7\") PARA DUTO FLEXÍVEL CIRCULAR PARA AR CONDICIONADO. AF_03/2024","UN",0]
["Dutos para ar condicionado",98393,"INSTALAÇÃO DE COLARINHO DE AÇO GALVANIZADO DN 209 MM (8\") PARA DUTO FLEXÍVEL CIRCULAR PARA AR CONDICIONADO. AF_03/2024","UN",0]
["Dutos para ar condicionado",98394,"INSTALAÇÃO DE COLARINHO DE AÇO GALVANIZADO DN 263 MM (10\") PARA DUTO FLEXÍVEL CIRCULAR PARA AR CONDICIONADO. AF_03/2024","UN",0]
["Dutos para ar condicionado",98395,"INSTALAÇÃO DE COLARINHO DE AÇO GALVANIZADO DN 314 MM (12\") PARA DUTO FLEXÍVEL CIRCULAR PARA AR CONDICIONADO. AF_03/2024","UN",0]
["Dutos para ar condicionado",98396,"INSTALAÇÃO DE COLARINHO DE AÇO GALVANIZADO DN 364 MM (14\") PARA DUTO FLEXÍVEL CIRCULAR PARA AR CONDICIONADO. AF_03/2024","UN",0]
["Dutos para ar condicionado",98369,"INSTALAÇÃO DE CURVA, REDUÇÃO OU TÊ DE DUTO PARA AR CONDICIONADO EM CHAPA GALVANIZADA BITOLA 22 - COM ISOLAMENTO DE MANTA FIXADA NA CHAPA COM CLAVO, INCLUSO FABRICAÇÃO. AF_03/2024","M2",0]
["Dutos para ar condicionado",98360,"INSTALAÇÃO DE CURVA, REDUÇÃO OU TÊ DE DUTO PARA AR CONDICIONADO EM CHAPA GALVANIZADA BITOLA 22 - COM ISOLAMENTO DE MANTA FIXADA NA CHAPA COM FITA PLÁSTICA, INCLUSO FABRICAÇÃO. AF_03/2024","M2",0]
["Dutos para ar condicionado",98368,"INSTALAÇÃO DE CURVA, REDUÇÃO OU TÊ DE DUTO PARA AR CONDICIONADO EM CHAPA GALVANIZADA BITOLA 24 - COM ISOLAMENTO DE MANTA FIXADA NA CHAPA COM CLAVO, INCLUSO FABRICAÇÃO. AF_03/2024","M2",0]
["Dutos para ar condicionado",98359,"INSTALAÇÃO DE CURVA, REDUÇÃO OU TÊ DE DUTO PARA AR CONDICIONADO EM CHAPA GALVANIZADA BITOLA 24 - COM ISOLAMENTO DE MANTA FIXADA NA CHAPA COM FITA PLÁSTICA, INCLUSO FABRICAÇÃO. AF_03/2024","M2",0]
["Dutos para ar condicionado",98367,"INSTALAÇÃO DE CURVA, REDUÇÃO OU TÊ DE DUTO PARA AR CONDICIONADO EM CHAPA GALVANIZADA BITOLA 26 - COM ISOLAMENTO DE MANTA FIXADA NA CHAPA COM CLAVO, INCLUSO FABRICAÇÃO. AF_03/2024","M2",0]
["Dutos para ar condicionado",98358,"INSTALAÇÃO DE CURVA, REDUÇÃO OU TÊ DE DUTO PARA AR CONDICIONADO EM CHAPA GALVANIZADA BITOLA 26 - COM ISOLAMENTO DE MANTA FIXADA NA CHAPA COM FITA PLÁSTICA, INCLUSO FABRICAÇÃO. AF_03/2024","M2",0]
["Dutos para ar condicionado",98352,"INSTALAÇÃO DE CURVA, REDUÇÃO OU TÊ PARA DUTO PARA AR CONDICIONADO EM CHAPA GALVANIZADA BITOLA 22 - COM ISOLAMENTO DE MANTA COLADA NA CHAPA, INCLUSO FABRICAÇÃO. AF_03/2024","M2",0]
["Dutos para ar condicionado",98343,"INSTALAÇÃO DE CURVA, REDUÇÃO OU TÊ PARA DUTO PARA AR CONDICIONADO EM CHAPA GALVANIZADA BITOLA 22 - SEM ISOLAMENTO, INCLUSO FABRICAÇÃO. AF_03/2024","M2",0]
["Dutos para ar condicionado",98351,"INSTALAÇÃO DE CURVA, REDUÇÃO OU TÊ PARA DUTO PARA AR CONDICIONADO EM CHAPA GALVANIZADA BITOLA 24 - COM ISOLAMENTO DE MANTA COLADA NA CHAPA, INCLUSO FABRICAÇÃO. AF_03/2024","M2",0]
["Dutos para ar condicionado",98342,"INSTALAÇÃO DE CURVA, REDUÇÃO OU TÊ PARA DUTO PARA AR CONDICIONADO EM CHAPA GALVANIZADA BITOLA 24 - SEM ISOLAMENTO, INCLUSO FABRICAÇÃO. AF_03/2024","M2",0]
["Dutos para ar condicionado",98350,"INSTALAÇÃO DE CURVA, REDUÇÃO OU TÊ PARA DUTO PARA AR CONDICIONADO EM CHAPA GALVANIZADA BITOLA 26 - COM ISOLAMENTO DE MANTA COLADA NA CHAPA, INCLUSO FABRICAÇÃO. AF_03/2024","M2",0]
["Dutos para ar condicionado",98341,"INSTALAÇÃO DE CURVA, REDUÇÃO OU TÊ PARA DUTO PARA AR CONDICIONADO EM CHAPA GALVANIZADA BITOLA 26 - SEM ISOLAMENTO, INCLUSO FABRICAÇÃO. AF_03/2024","M2",0]
["Dutos para ar condicionado",98381,"INSTALAÇÃO DE DUTO FLEXÍVEL CIRCULAR PARA AR CONDICIONADO EM ALUMÍNIO ISOLADO - DN 109 MM (4\"). AF_03/2024","M",0]
["Dutos para ar condicionado",98382,"INSTALAÇÃO DE DUTO FLEXÍVEL CIRCULAR PARA AR CONDICIONADO EM ALUMÍNIO ISOLADO - DN 131 MM (5\"). AF_03/2024","M",0]
["Dutos para ar condicionado",98383,"INSTALAÇÃO DE DUTO FLEXÍVEL CIRCULAR PARA AR CONDICIONADO EM ALUMÍNIO ISOLADO - DN 161 MM (6\"). AF_03/2024","M",0]
["Dutos para ar condicionado",98384,"INSTALAÇÃO DE DUTO FLEXÍVEL CIRCULAR PARA AR CONDICIONADO EM ALUMÍNIO ISOLADO - DN 185 MM (7\"). AF_03/2024","M",0]
["Dutos para ar condicionado",98385,"INSTALAÇÃO DE DUTO FLEXÍVEL CIRCULAR PARA AR CONDICIONADO EM ALUMÍNIO ISOLADO - DN 209 MM (8\"). AF_03/2024","M",0]
["Dutos para ar condicionado",98386,"INSTALAÇÃO DE DUTO FLEXÍVEL CIRCULAR PARA AR CONDICIONADO EM ALUMÍNIO ISOLADO - DN 263 MM (10\"). AF_03/2024","M",0]
["Dutos para ar condicionado",98387,"INSTALAÇÃO DE DUTO FLEXÍVEL CIRCULAR PARA AR CONDICIONADO EM ALUMÍNIO ISOLADO - DN 314 MM (12\"). AF_03/2024","M",0]
["Dutos para ar condicionado",98388,"INSTALAÇÃO DE DUTO FLEXÍVEL CIRCULAR PARA AR CONDICIONADO EM ALUMÍNIO ISOLADO - DN 364 MM (14\"). AF_03/2024","M",0]
["Dutos para ar condicionado",98346,"INSTALAÇÃO DE DUTO RETANGULAR PARA AR CONDICIONADO (TRECHO RETO) EM CHAPA GALVANIZADA BITOLA 22 - COM ISOLAMENTO DE MANTA COLADA NA CHAPA, INCLUSO FABRICAÇÃO. AF_03/2024","M2",0]
["Dutos para ar condicionado",98363,"INSTALAÇÃO DE DUTO RETANGULAR PARA AR CONDICIONADO (TRECHO RETO) EM CHAPA GALVANIZADA BITOLA 22 - COM ISOLAMENTO DE MANTA FIXADA NA CHAPA COM CLAVO, INCLUSO FABRICAÇÃO. AF_03/2024","M2",0]
["Dutos para ar condicionado",98354,"INSTALAÇÃO DE DUTO RETANGULAR PARA AR CONDICIONADO (TRECHO RETO) EM CHAPA GALVANIZADA BITOLA 22 - COM ISOLAMENTO DE MANTA FIXADA NA CHAPA COM FITA PLÁSTICA, INCLUSO FABRICAÇÃO. AF_03/2024","M2",0]
["Dutos para ar condicionado",98337,"INSTALAÇÃO DE DUTO RETANGULAR PARA AR CONDICIONADO (TRECHO RETO) EM CHAPA GALVANIZADA BITOLA 22 - SEM ISOLAMENTO, INCLUSO FABRICAÇÃO. AF_03/2024","M2",0]
["Dutos para ar condicionado",98345,"INSTALAÇÃO DE DUTO RETANGULAR PARA AR CONDICIONADO (TRECHO RETO) EM CHAPA GALVANIZADA BITOLA 24 - COM ISOLAMENTO DE MANTA COLADA NA CHAPA, INCLUSO FABRICAÇÃO. AF_03/2024","M2",0]
["Dutos para ar condicionado",98362,"INSTALAÇÃO DE DUTO RETANGULAR PARA AR CONDICIONADO (TRECHO RETO) EM CHAPA GALVANIZADA BITOLA 24 - COM ISOLAMENTO DE MANTA FIXADA NA CHAPA COM CLAVO, INCLUSO FABRICAÇÃO. AF_03/2024","M2",0]
["Dutos para ar condicionado",98403,"INSTALAÇÃO DE DUTO RETANGULAR PARA AR CONDICIONADO (TRECHO RETO) EM CHAPA GALVANIZADA BITOLA 24 - COM ISOLAMENTO DE MANTA FIXADA NA CHAPA COM FITA PLÁSTICA, INCLUSO FABRICAÇÃO. AF_03/2024","M2",0]
["Dutos para ar condicionado",98335,"INSTALAÇÃO DE DUTO RETANGULAR PARA AR CONDICIONADO (TRECHO RETO) EM CHAPA GALVANIZADA BITOLA 24 - SEM ISOLAMENTO, INCLUSO FABRICAÇÃO. AF_03/2024","M2",0]
["Dutos para ar condicionado",98344,"INSTALAÇÃO DE DUTO RETANGULAR PARA AR CONDICIONADO (TRECHO RETO) EM CHAPA GALVANIZADA BITOLA 26 - COM ISOLAMENTO DE MANTA COLADA NA CHAPA, INCLUSO FABRICAÇÃO. AF_03/2024","M2",0]
["Dutos para ar condicionado",98361,"INSTALAÇÃO DE DUTO RETANGULAR PARA AR CONDICIONADO (TRECHO RETO) EM CHAPA GALVANIZADA BITOLA 26 - COM ISOLAMENTO DE MANTA FIXADA NA CHAPA COM CLAVO, INCLUSO FABRICAÇÃO. AF_03/2024","M2",0]
["Dutos para ar condicionado",98353,"INSTALAÇÃO DE DUTO RETANGULAR PARA AR CONDICIONADO (TRECHO RETO) EM CHAPA GALVANIZADA BITOLA 26 - COM ISOLAMENTO DE MANTA FIXADA NA CHAPA COM FITA PLÁSTICA, INCLUSO FABRICAÇÃO. AF_03/2024","M2",0]
["Dutos para ar condicionado",98334,"INSTALAÇÃO DE DUTO RETANGULAR PARA AR CONDICIONADO (TRECHO RETO) EM CHAPA GALVANIZADA BITOLA 26 - SEM ISOLAMENTO, INCLUSO FABRICAÇÃO. AF_03/2024","M2",0]
["Dutos para ar condicionado",98371,"INSTALAÇÃO DE DUTO RETANGULAR PARA AR CONDICIONADO EM PAINEL PRÉ-ISOLADO, INCLUSO FABRICAÇÃO. AF_03/2024","M2",0]
["Dutos para ar condicionado",98397,"PINTURA ANTICORROSIVA DE DUTO METÁLICO. AF_03/2024","M2",12.7,0]
["Eletrocalhas",97280,"COTOVELO HORIZONTAL 90º PARA ELETROCALHA, LISA OU PERFURADA EM AÇO GALVANIZADO, LARGURA DE 100MM E ALTURA DE 50MM - FORNECIMENTO E INSTALAÇÃO. AF_04/2023","UN",0]
["Eletrocalhas",97275,"COTOVELO HORIZONTAL 90º PARA ELETROCALHA, LISA OU PERFURADA EM AÇO GALVANIZADO, LARGURA DE 50MM E ALTURA DE 50MM - FORNECIMENTO E INSTALAÇÃO. AF_04/2023","UN",0]
["Eletrocalhas",97279,"COTOVELO HORIZONTAL 90º PARA ELETROCALHA, LISA OU PERFURADA EM AÇO GALVANIZADO, LARGURA DE 75MM E ALTURA DE 50MM - FORNECIMENTO E INSTALAÇÃO. AF_04/2023","UN",0]
["Eletrocalhas",97285,"COTOVELO HORIZONTAL 90º, PARA ELETROCALHA, LISA OU PERFURADA EM AÇO GALVANIZADO, LARGURA DE 125MM E ALTURA DE 50MM - FORNECIMENTO E INSTALAÇÃO. AF_04/2023","UN",0]
["Eletrocalhas",97286,"COTOVELO HORIZONTAL 90º, PARA ELETROCALHA, LISA OU PERFURADA EM AÇO GALVANIZADO, LARGURA DE 150MM E ALTURA DE 50MM - FORNECIMENTO E INSTALAÇÃO. AF_04/2023","UN",0]
["Eletrocalhas",97291,"COTOVELO HORIZONTAL 90º, PARA ELETROCALHA, LISA OU PERFURADA EM AÇO GALVANIZADO, LARGURA DE 200MM E ALTURA DE 50MM - FORNECIMENTO E INSTALAÇÃO. AF_04/2023","UN",0]
["Eletrocalhas",97292,"COTOVELO HORIZONTAL 90º, PARA ELETROCALHA, LISA OU PERFURADA EM AÇO GALVANIZADO, LARGURA DE 250MM E ALTURA DE 50MM - FORNECIMENTO E INSTALAÇÃO. AF_04/2023","UN",0]
["Eletrocalhas",97297,"COTOVELO HORIZONTAL 90º, PARA ELETROCALHA, LISA OU PERFURADA EM AÇO GALVANIZADO, LARGURA DE 300MM E ALTURA DE 50MM - FORNECIMENTO E INSTALAÇÃO. AF_04/2023","UN",0]
["Eletrocalhas",97298,"COTOVELO HORIZONTAL 90º, PARA ELETROCALHA, LISA OU PERFURADA EM AÇO GALVANIZADO, LARGURA DE 400MM E ALTURA DE 50MM - FORNECIMENTO E INSTALAÇÃO. AF_04/2023","UN",0]
["Eletrocalhas",97303,"COTOVELO HORIZONTAL 90º, PARA ELETROCALHA, LISA OU PERFURADA EM AÇO GALVANIZADO, LARGURA DE 500MM E ALTURA DE 50MM - FORNECIMENTO E INSTALAÇÃO. AF_04/2023","UN",0]
["Eletrocalhas",97304,"COTOVELO HORIZONTAL 90º, PARA ELETROCALHA, LISA OU PERFURADA EM AÇO GALVANIZADO, LARGURA DE 600MM E ALTURA DE 50MM - FORNECIMENTO E INSTALAÇÃO. AF_04/2023","UN",0]
["Eletrocalhas",97309,"COTOVELO HORIZONTAL 90º, PARA ELETROCALHA, LISA OU PERFURADA EM AÇO GALVANIZADO, LARGURA DE 700MM E ALTURA DE 50MM - FORNECIMENTO E INSTALAÇÃO. AF_04/2023","UN",0]
["Eletrocalhas",97310,"COTOVELO HORIZONTAL 90º, PARA ELETROCALHA, LISA OU PERFURADA EM AÇO GALVANIZADO, LARGURA DE 800MM E ALTURA DE 50MM - FORNECIMENTO E INSTALAÇÃO. AF_04/2023","UN",0]
["Eletrocalhas",97282,"COTOVELO RETO 90º PARA ELETROCALHA, LISA OU PERFURADA EM AÇO GALVANIZADO, LARGURA DE 100MM E ALTURA DE 50MM - FORNECIMENTO E INSTALAÇÃO. AF_04/2023","UN",0]
["Eletrocalhas",97276,"COTOVELO RETO 90º PARA ELETROCALHA, LISA OU PERFURADA EM AÇO GALVANIZADO, LARGURA DE 50MM E ALTURA DE 50MM - FORNECIMENTO E INSTALAÇÃO. AF_04/2023","UN",0]
["Eletrocalhas",97281,"COTOVELO RETO 90º PARA ELETROCALHA, LISA OU PERFURADA EM AÇO GALVANIZADO, LARGURA DE 75MM E ALTURA DE 50MM - FORNECIMENTO E INSTALAÇÃO. AF_04/2023","UN",0]
["Eletrocalhas",97287,"COTOVELO RETO 90º, PARA ELETROCALHA, LISA OU PERFURADA EM AÇO GALVANIZADO, LARGURA DE 125MM E ALTURA DE 50MM - FORNECIMENTO E INSTALAÇÃO. AF_04/2023","UN",0]
["Eletrocalhas",97288,"COTOVELO RETO 90º, PARA ELETROCALHA, LISA OU PERFURADA EM AÇO GALVANIZADO, LARGURA DE 150MM E ALTURA DE 50MM - FORNECIMENTO E INSTALAÇÃO. AF_04/2023","UN",0]
["Eletrocalhas",97293,"COTOVELO RETO 90º, PARA ELETROCALHA, LISA OU PERFURADA EM AÇO GALVANIZADO, LARGURA DE 200MM E ALTURA DE 50MM - FORNECIMENTO E INSTALAÇÃO. AF_04/2023","UN",0]
["Eletrocalhas",97294,"COTOVELO RETO 90º, PARA ELETROCALHA, LISA OU PERFURADA EM AÇO GALVANIZADO, LARGURA DE 250MM E ALTURA DE 50MM - FORNECIMENTO E INSTALAÇÃO. AF_04/2023","UN",0]
["Eletrocalhas",97299,"COTOVELO RETO 90º, PARA ELETROCALHA, LISA OU PERFURADA EM AÇO GALVANIZADO, LARGURA DE 300MM E ALTURA DE 50MM - FORNECIMENTO E INSTALAÇÃO. AF_04/2023","UN",0]
["Eletrocalhas",97300,"COTOVELO RETO 90º, PARA ELETROCALHA, LISA OU PERFURADA EM AÇO GALVANIZADO, LARGURA DE 400MM E ALTURA DE 50MM - FORNECIMENTO E INSTALAÇÃO. AF_04/2023","UN",0]
["Eletrocalhas",97305,"COTOVELO RETO 90º, PARA ELETROCALHA, LISA OU PERFURADA EM AÇO GALVANIZADO, LARGURA DE 500MM E ALTURA DE 50MM - FORNECIMENTO E INSTALAÇÃO. AF_04/2023","UN",0]
["Eletrocalhas",97306,"COTOVELO RETO 90º, PARA ELETROCALHA, LISA OU PERFURADA EM AÇO GALVANIZADO, LARGURA DE 600MM E ALTURA DE 50MM - FORNECIMENTO E INSTALAÇÃO. AF_04/2023","UN",0]
["Eletrocalhas",97311,"COTOVELO RETO 90º, PARA ELETROCALHA, LISA OU PERFURADA EM AÇO GALVANIZADO, LARGURA DE 700MM E ALTURA DE 50MM - FORNECIMENTO E INSTALAÇÃO. AF_04/2023","UN",0]
["Eletrocalhas",97312,"COTOVELO RETO 90º, PARA ELETROCALHA, LISA OU PERFURADA EM AÇO GALVANIZADO, LARGURA DE 800MM E ALTURA DE 50MM - FORNECIMENTO E INSTALAÇÃO. AF_04/2023","UN",0]
["Eletrocalhas",97278,"CURVA HORIZONTAL 90º PARA ELETROCALHA, LISA OU PERFURADA EM AÇO GALVANIZADO, LARGURA DE 100MM E ALTURA DE 50MM - FORNECIMENTO E INSTALAÇÃO. AF_04/2023","UN",0]
["Eletrocalhas",97274,"CURVA HORIZONTAL 90º PARA ELETROCALHA, LISA OU PERFURADA EM AÇO GALVANIZADO, LARGURA DE 50MM E ALTURA DE 50MM - FORNECIMENTO E INSTALAÇÃO. AF_04/2023","UN",0]
["Eletrocalhas",97283,"CURVA HORIZONTAL 90º, PARA ELETROCALHA, LISA OU PERFURADA EM AÇO GALVANIZADO, LARGURA DE 125MM E ALTURA DE 50MM - FORNECIMENTO E INSTALAÇÃO. AF_04/2023","UN",0]
["Eletrocalhas",97284,"CURVA HORIZONTAL 90º, PARA ELETROCALHA, LISA OU PERFURADA EM AÇO GALVANIZADO, LARGURA DE 150MM E ALTURA DE 50MM - FORNECIMENTO E INSTALAÇÃO. AF_04/2023","UN",0]
["Eletrocalhas",97289,"CURVA HORIZONTAL 90º, PARA ELETROCALHA, LISA OU PERFURADA EM AÇO GALVANIZADO, LARGURA DE 200MM E ALTURA DE 50MM - FORNECIMENTO E INSTALAÇÃO. AF_04/2023","UN",0]
["Eletrocalhas",97290,"CURVA HORIZONTAL 90º, PARA ELETROCALHA, LISA OU PERFURADA EM AÇO GALVANIZADO, LARGURA DE 250MM E ALTURA DE 50MM - FORNECIMENTO E INSTALAÇÃO. AF_04/2023","UN",0]
["Eletrocalhas",97295,"CURVA HORIZONTAL 90º, PARA ELETROCALHA, LISA OU PERFURADA EM AÇO GALVANIZADO, LARGURA DE 300MM E ALTURA DE 50MM - FORNECIMENTO E INSTALAÇÃO. AF_04/2023","UN",0]
["Eletrocalhas",97296,"CURVA HORIZONTAL 90º, PARA ELETROCALHA, LISA OU PERFURADA EM AÇO GALVANIZADO, LARGURA DE 400MM E ALTURA DE 50MM - FORNECIMENTO E INSTALAÇÃO. AF_04/2023","UN",0]
["Eletrocalhas",97301,"CURVA HORIZONTAL 90º, PARA ELETROCALHA, LISA OU PERFURADA EM AÇO GALVANIZADO, LARGURA DE 500MM E ALTURA DE 50MM - FORNECIMENTO E INSTALAÇÃO. AF_04/2023","UN",0]
["Eletrocalhas",97302,"CURVA HORIZONTAL 90º, PARA ELETROCALHA, LISA OU PERFURADA EM AÇO GALVANIZADO, LARGURA DE 600MM E ALTURA DE 50MM - FORNECIMENTO E INSTALAÇÃO. AF_04/2023","UN",0]
["Eletrocalhas",97307,"CURVA HORIZONTAL 90º, PARA ELETROCALHA, LISA OU PERFURADA EM AÇO GALVANIZADO, LARGURA DE 700MM E ALTURA DE 50MM - FORNECIMENTO E INSTALAÇÃO. AF_04/2023","UN",0]
["Eletrocalhas",97277,"CURVA HORIZONTAL 90º, PARA ELETROCALHA, LISA OU PERFURADA EM AÇO GALVANIZADO, LARGURA DE 75MM E ALTURA DE 50MM - FORNECIMENTO E INSTALAÇÃO. AF_04/2023","UN",0]
["Eletrocalhas",97308,"CURVA HORIZONTAL 90º, PARA ELETROCALHA, LISA OU PERFURADA EM AÇO GALVANIZADO, LARGURA DE 800MM E ALTURA DE 50MM - FORNECIMENTO E INSTALAÇÃO. AF_04/2023","UN",0]
["Eletrocalhas",97238,"ELETROCALHA LISA OU PERFURADA EM AÇO GALVANIZADO, LARGURA 100MM E ALTURA 50MM, INCLUSIVE EMENDA E FIXAÇÃO - FORNECIMENTO E INSTALAÇÃO. AF_04/2023","M",0]
["Eletrocalhas",97239,"ELETROCALHA LISA OU PERFURADA EM AÇO GALVANIZADO, LARGURA 125MM E ALTURA 50MM, INCLUSIVE EMENDA E FIXAÇÃO - FORNECIMENTO E INSTALAÇÃO. AF_04/2023","M",0]
["Eletrocalhas",97240,"ELETROCALHA LISA OU PERFURADA EM AÇO GALVANIZADO, LARGURA 150MM E ALTURA 50MM, INCLUSIVE EMENDA E FIXAÇÃO - FORNECIMENTO E INSTALAÇÃO. AF_04/2023","M",0]
["Eletrocalhas",97241,"ELETROCALHA LISA OU PERFURADA EM AÇO GALVANIZADO, LARGURA 200MM E ALTURA 50MM, INCLUSIVE EMENDA E FIXAÇÃO - FORNECIMENTO E INSTALAÇÃO. AF_04/2023","M",0]
["Eletrocalhas",97242,"ELETROCALHA LISA OU PERFURADA EM AÇO GALVANIZADO, LARGURA 250MM E ALTURA 50MM, INCLUSIVE EMENDA E FIXAÇÃO - FORNECIMENTO E INSTALAÇÃO. AF_04/2023","M",0]
["Eletrocalhas",97243,"ELETROCALHA LISA OU PERFURADA EM AÇO GALVANIZADO, LARGURA 300MM E ALTURA 50MM, INCLUSIVE EMENDA E FIXAÇÃO - FORNECIMENTO E INSTALAÇÃO. AF_04/2023","M",0]
["Eletrocalhas",97244,"ELETROCALHA LISA OU PERFURADA EM AÇO GALVANIZADO, LARGURA 400MM E ALTURA 50MM, INCLUSIVE EMENDA E FIXAÇÃO - FORNECIMENTO E INSTALAÇÃO. AF_04/2023","M",0]
["Eletrocalhas",97245,"ELETROCALHA LISA OU PERFURADA EM AÇO GALVANIZADO, LARGURA 500MM E ALTURA 50MM, INCLUSIVE EMENDA E FIXAÇÃO - FORNECIMENTO E INSTALAÇÃO. AF_04/2023","M",0]
["Eletrocalhas",97236,"ELETROCALHA LISA OU PERFURADA EM AÇO GALVANIZADO, LARGURA 50MM E ALTURA 50MM, INCLUSIVE EMENDA E FIXAÇÃO - FORNECIMENTO E INSTALAÇÃO. AF_04/2023","M",0]
["Eletrocalhas",97246,"ELETROCALHA LISA OU PERFURADA EM AÇO GALVANIZADO, LARGURA 600MM E ALTURA 50MM, INCLUSIVE EMENDA E FIXAÇÃO - FORNECIMENTO E INSTALAÇÃO. AF_04/2023","M",0]
["Eletrocalhas",97247,"ELETROCALHA LISA OU PERFURADA EM AÇO GALVANIZADO, LARGURA 700MM E ALTURA 50MM, INCLUSIVE EMENDA E FIXAÇÃO - FORNECIMENTO E INSTALAÇÃO. AF_04/2023","M",0]
["Eletrocalhas",97237,"ELETROCALHA LISA OU PERFURADA EM AÇO GALVANIZADO, LARGURA 75MM E ALTURA 50MM, INCLUSIVE EMENDA E FIXAÇÃO - FORNECIMENTO E INSTALAÇÃO. AF_04/2023","M",0]
["Eletrocalhas",97248,"ELETROCALHA LISA OU PERFURADA EM AÇO GALVANIZADO, LARGURA 800MM E ALTURA 50MM, INCLUSIVE EMENDA E FIXAÇÃO - FORNECIMENTO E INSTALAÇÃO. AF_04/2023","M",0]
["Eletrocalhas",97251,"EMENDA PARA ELETROCALHA, LISA OU PERFURADA EM AÇO GALVANIZADO, LARGURA 100MM E ALTURA 50MM - FORNECIMENTO E INSTALAÇÃO. AF_04/2023","UN",0]
["Eletrocalhas",97254,"EMENDA PARA ELETROCALHA, LISA OU PERFURADA EM AÇO GALVANIZADO, LARGURA 125MM E ALTURA 50MM - FORNECIMENTO E INSTALAÇÃO. AF_04/2023","UN",0]
["Eletrocalhas",97255,"EMENDA PARA ELETROCALHA, LISA OU PERFURADA EM AÇO GALVANIZADO, LARGURA 150MM E ALTURA 50MM - FORNECIMENTO E INSTALAÇÃO. AF_04/2023","UN",0]
["Eletrocalhas",97249,"EMENDA PARA ELETROCALHA, LISA OU PERFURADA EM AÇO GALVANIZADO, LARGURA 50MM E ALTURA 50MM - FORNECIMENTO E INSTALAÇÃO. AF_04/2023","UN",0]
["Eletrocalhas",97250,"EMENDA PARA ELETROCALHA, LISA OU PERFURADA EM AÇO GALVANIZADO, LARGURA 75MM E ALTURA 50MM - FORNECIMENTO E INSTALAÇÃO. AF_04/2023","UN",0]
["Eletrocalhas",97258,"EMENDA PARA ELETROCALHA, LISA OU PERFURADA EM AÇO GALVANIZADO, LARGURA DE 200MM E ALTURA DE 50MM - FORNECIMENTO E INSTALAÇÃO. AF_04/2023","UN",0]
["Eletrocalhas",97259,"EMENDA PARA ELETROCALHA, LISA OU PERFURADA EM AÇO GALVANIZADO, LARGURA DE 250MM E ALTURA DE 50MM - FORNECIMENTO E INSTALAÇÃO. AF_04/2023","UN",0]
["Eletrocalhas",97262,"EMENDA PARA ELETROCALHA, LISA OU PERFURADA EM AÇO GALVANIZADO, LARGURA DE 300MM E ALTURA DE 50MM - FORNECIMENTO E INSTALAÇÃO. AF_04/2023","UN",0]
["Eletrocalhas",97263,"EMENDA PARA ELETROCALHA, LISA OU PERFURADA EM AÇO GALVANIZADO, LARGURA DE 400MM E ALTURA DE 50MM - FORNECIMENTO E INSTALAÇÃO. AF_04/2023","UN",0]
["Eletrocalhas",97266,"EMENDA PARA ELETROCALHA, LISA OU PERFURADA EM AÇO GALVANIZADO, LARGURA DE 500MM E ALTURA DE 50MM - FORNECIMENTO E INSTALAÇÃO. AF_04/2023","UN",0]
["Eletrocalhas",97267,"EMENDA PARA ELETROCALHA, LISA OU PERFURADA EM AÇO GALVANIZADO, LARGURA DE 600MM E ALTURA DE 50MM - FORNECIMENTO E INSTALAÇÃO. AF_04/2023","UN",0]
["Eletrocalhas",97270,"EMENDA PARA ELETROCALHA, LISA OU PERFURADA EM AÇO GALVANIZADO, LARGURA DE 700MM E ALTURA DE 50MM - FORNECIMENTO E INSTALAÇÃO. AF_04/2023","UN",0]
["Eletrocalhas",97271,"EMENDA PARA ELETROCALHA, LISA OU PERFURADA EM AÇO GALVANIZADO, LARGURA DE 800MM E ALTURA DE 50MM - FORNECIMENTO E INSTALAÇÃO. AF_04/2023","UN",0]
["Eletrocalhas",97252,"REDUÇÃO PARA ELETROCALHA, LISA OU PERFURADA EM AÇO GALVANIZADO, 100X75MM E ALTURA 50MM - FORNECIMENTO E INSTALAÇÃO. AF_04/2023","UN",0]
["Eletrocalhas",97257,"REDUÇÃO PARA ELETROCALHA, LISA OU PERFURADA EM AÇO GALVANIZADO, 125X100MM E ALTURA DE 50MM - FORNECIMENTO E INSTALAÇÃO. AF_04/2023","UN",0]
["Eletrocalhas",97256,"REDUÇÃO PARA ELETROCALHA, LISA OU PERFURADA EM AÇO GALVANIZADO, 150X125MM E ALTURA DE 50MM - FORNECIMENTO E INSTALAÇÃO. AF_04/2023","UN",0]
["Eletrocalhas",97253,"REDUÇÃO PARA ELETROCALHA, LISA OU PERFURADA EM AÇO GALVANIZADO, 75X50MM E ALTURA 50MM - FORNECIMENTO E INSTALAÇÃO. AF_04/2023","UN",0]
["Eletrocalhas",97261,"REDUÇÃO PARA ELETROCALHA, LISA OU PERFURADA EM AÇO GALVANIZADO, LARGURA DE 200X150MM E ALTURA DE 50MM - FORNECIMENTO E INSTALAÇÃO. AF_04/2023","UN",0]
["Eletrocalhas",97260,"REDUÇÃO PARA ELETROCALHA, LISA OU PERFURADA EM AÇO GALVANIZADO, LARGURA DE 250X200MM E ALTURA DE 50MM - FORNECIMENTO E INSTALAÇÃO. AF_04/2023","UN",0]
["Eletrocalhas",97265,"REDUÇÃO PARA ELETROCALHA, LISA OU PERFURADA EM AÇO GALVANIZADO, LARGURA DE 300X250MM E ALTURA DE 50MM - FORNECIMENTO E INSTALAÇÃO. AF_04/2023","UN",0]
["Eletrocalhas",97264,"REDUÇÃO PARA ELETROCALHA, LISA OU PERFURADA EM AÇO GALVANIZADO, LARGURA DE 400X300MM E ALTURA DE 50MM - FORNECIMENTO E INSTALAÇÃO. AF_04/2023","UN",0]
["Eletrocalhas",97269,"REDUÇÃO PARA ELETROCALHA, LISA OU PERFURADA EM AÇO GALVANIZADO, LARGURA DE 500X400MM E ALTURA DE 50MM - FORNECIMENTO E INSTALAÇÃO. AF_04/2023","UN",0]
["Eletrocalhas",97268,"REDUÇÃO PARA ELETROCALHA, LISA OU PERFURADA EM AÇO GALVANIZADO, LARGURA DE 600X500MM E ALTURA DE 50MM - FORNECIMENTO E INSTALAÇÃO. AF_04/2023","UN",0]
["Eletrocalhas",97273,"REDUÇÃO PARA ELETROCALHA, LISA OU PERFURADA EM AÇO GALVANIZADO, LARGURA DE 700X600MM E ALTURA DE 50MM - FORNECIMENTO E INSTALAÇÃO. AF_04/2023","UN",0]
["Eletrocalhas",97272,"REDUÇÃO PARA ELETROCALHA, LISA OU PERFURADA EM AÇO GALVANIZADO, LARGURA DE 800X700MM E ALTURA DE 50MM - FORNECIMENTO E INSTALAÇÃO. AF_04/2023","UN",0]
["Eletrocalhas",97315,"TÊ HORIZONTAL 90º, PARA ELETROCALHA, LISA OU PERFURADA EM AÇO GALVANIZADO, LARGURA DE 100MM E ALTURA DE 50MM - FORNECIMENTO E INSTALAÇÃO. AF_04/2023","UN",0]
["Eletrocalhas",97316,"TÊ HORIZONTAL 90º, PARA ELETROCALHA, LISA OU PERFURADA EM AÇO GALVANIZADO, LARGURA DE 125MM E ALTURA DE 50MM - FORNECIMENTO E INSTALAÇÃO. AF_04/2023","UN",0]
["Eletrocalhas",97317,"TÊ HORIZONTAL 90º, PARA ELETROCALHA, LISA OU PERFURADA EM AÇO GALVANIZADO, LARGURA DE 150MM E ALTURA DE 50MM - FORNECIMENTO E INSTALAÇÃO. AF_04/2023","UN",0]
["Eletrocalhas",97318,"TÊ HORIZONTAL 90º, PARA ELETROCALHA, LISA OU PERFURADA EM AÇO GALVANIZADO, LARGURA DE 200MM E ALTURA DE 50MM - FORNECIMENTO E INSTALAÇÃO. AF_04/2023","UN",0]
["Eletrocalhas",97319,"TÊ HORIZONTAL 90º, PARA ELETROCALHA, LISA OU PERFURADA EM AÇO GALVANIZADO, LARGURA DE 250MM E ALTURA DE 50MM - FORNECIMENTO E INSTALAÇÃO. AF_04/2023","UN",0]
["Eletrocalhas",97320,"TÊ HORIZONTAL 90º, PARA ELETROCALHA, LISA OU PERFURADA EM AÇO GALVANIZADO, LARGURA DE 300MM E ALTURA DE 50MM - FORNECIMENTO E INSTALAÇÃO. AF_04/2023","UN",0]
["Eletrocalhas",97321,"TÊ HORIZONTAL 90º, PARA ELETROCALHA, LISA OU PERFURADA EM AÇO GALVANIZADO, LARGURA DE 400MM E ALTURA DE 50MM - FORNECIMENTO E INSTALAÇÃO. AF_04/2023","UN",0]
["Eletrocalhas",97322,"TÊ HORIZONTAL 90º, PARA ELETROCALHA, LISA OU PERFURADA EM AÇO GALVANIZADO, LARGURA DE 500MM E ALTURA DE 50MM - FORNECIMENTO E INSTALAÇÃO. AF_04/2023","UN",0]
["Eletrocalhas",97313,"TÊ HORIZONTAL 90º, PARA ELETROCALHA, LISA OU PERFURADA EM AÇO GALVANIZADO, LARGURA DE 50MM E ALTURA DE 50MM - FORNECIMENTO E INSTALAÇÃO. AF_04/2023","UN",0]
["Eletrocalhas",97323,"TÊ HORIZONTAL 90º, PARA ELETROCALHA, LISA OU PERFURADA EM AÇO GALVANIZADO, LARGURA DE 600MM E ALTURA DE 50MM - FORNECIMENTO E INSTALAÇÃO. AF_04/2023","UN",0]
["Eletrocalhas",97324,"TÊ HORIZONTAL 90º, PARA ELETROCALHA, LISA OU PERFURADA EM AÇO GALVANIZADO, LARGURA DE 700MM E ALTURA DE 50MM - FORNECIMENTO E INSTALAÇÃO. AF_04/2023","UN",0]
["Eletrocalhas",97314,"TÊ HORIZONTAL 90º, PARA ELETROCALHA, LISA OU PERFURADA EM AÇO GALVANIZADO, LARGURA DE 75MM E ALTURA DE 50MM - FORNECIMENTO E INSTALAÇÃO. AF_04/2023","UN",0]
["Eletrocalhas",97325,"TÊ HORIZONTAL 90º, PARA ELETROCALHA, LISA OU PERFURADA EM AÇO GALVANIZADO, LARGURA DE 800MM E ALTURA DE 50MM - FORNECIMENTO E INSTALAÇÃO. AF_04/2023","UN",0]
["Energia Solar para Edificações",103517,"AQUECEDOR SOLAR COMPACTO, KIT PARA 1 COLETOR SOLAR EM VIDRO TEMPERADO E SERPENTINA EM TUBO DE COBRE COM SUPORTE, RESERVATÓRIO, FIXAÇÕES E TUBOS - FORNECIMENTO E INSTALAÇÃO. AF_12/2021","UN",3121.09,0.96120000000000005]
["Energia Solar para Edificações",103518,"AQUECEDOR SOLAR COMPACTO, KIT PARA 1 COLETOR SOLAR À VÁCUO COM SUPORTE, RESERVATÓRIO, FIXAÇÕES E TUBOS - FORNECIMENTO E INSTALAÇÃO. AF_12/2021","UN",0]
["Energia Solar para Edificações",103519,"BLOCO CONCRETADO NO LOCAL, 20X20X15CM, PARA BASE DE FIXAÇÃO DA ESTRUTURA SOLAR PARA LAJE DE CONCRETO - FORNECIMENTO E INSTALAÇÃO. AF_12/2021","UN",11.45,8.9999999999999998E-4]
["Energia Solar para Edificações",103515,"BOMBA DE CIRCULACAO DE ÁGUA QUENTE, 93 ATÉ 150 W - FORNECIMENTO E INSTALAÇÃO. AF_12/2021","UN",0]
["Energia Solar para Edificações",103502,"CABO FOTOVOLTAICO 4 MM² INSTALADO EM ELETRODUTO - FORNECIMENTO E INSTALAÇÃO. AF_12/2021","M",0]
["Energia Solar para Edificações",103504,"CABO FOTOVOLTAICO 4 MM² INSTALADO SOLTO NO TELHADO - FORNECIMENTO E INSTALAÇÃO. AF_12/2021","M",0]
["Energia Solar para Edificações",103503,"CABO FOTOVOLTAICO 6 MM² INSTALADO EM ELETRODUTO - FORNECIMENTO E INSTALAÇÃO. AF_12/2021","M",0]
["Energia Solar para Edificações",103505,"CABO FOTOVOLTAICO 6 MM² INSTALADO SOLTO NO TELHADO - FORNECIMENTO E INSTALAÇÃO. AF_12/2021","M",0]
["Energia Solar para Edificações",103499,"COLETOR PARA AQUECIMENTO SOLAR A VÁCUO, COM SUPORTE PARA LAJE DE CONCRETO - FORNECIMENTO E INSTALAÇÃO. AF_12/2021","UN",0]
["Energia Solar para Edificações",103501,"COLETOR PARA AQUECIMENTO SOLAR A VÁCUO, COM SUPORTE PARA TELHA CERÂMICA - FORNECIMENTO E INSTALAÇÃO. AF_12/2021","UN",0]
["Energia Solar para Edificações",103500,"COLETOR PARA AQUECIMENTO SOLAR A VÁCUO, COM SUPORTE PARA TELHA METÁLICA - FORNECIMENTO E INSTALAÇÃO. AF_12/2021","UN",0]
["Energia Solar para Edificações",103496,"COLETOR PARA AQUECIMENTO SOLAR, EM VIDRO TEMPERADO E SERPENTINA EM TUBO DE COBRE, COM SUPORTE PARA LAJE DE CONCRETO - FORNECIMENTO E INSTALAÇÃO. AF_12/2021","UN",0]
["Energia Solar para Edificações",103498,"COLETOR PARA AQUECIMENTO SOLAR, EM VIDRO TEMPERADO E SERPENTINA EM TUBO DE COBRE, COM SUPORTE PARA TELHA CERÂMICA - FORNECIMENTO E INSTALAÇÃO. AF_12/2021","UN",0]
["Energia Solar para Edificações",103497,"COLETOR PARA AQUECIMENTO SOLAR, EM VIDRO TEMPERADO E SERPENTINA EM TUBO DE COBRE, COM SUPORTE PARA TELHA METÁLICA - FORNECIMENTO E INSTALAÇÃO. AF_12/2021","UN",0]
["Energia Solar para Edificações",103516,"CONTROLADOR POR DIFERENCIAL DE TEMPERATURA COM 2 SENSORES - FORNECIMENTO E INSTALAÇÃO. AF_12/2021","UN",0]
["Energia Solar para Edificações",103506,"INVERSOR SOLAR FOTOVOLTAICO - FORNECIMENTO E INSTALAÇÃO. AF_12/2021","UN",0]
["Energia Solar para Edificações",103507,"MICRO INVERSOR SOLAR FOTOVOLTAICO - FORNECIMENTO E INSTALAÇÃO. AF_12/2021","UN",0]
["Energia Solar para Edificações",103493,"PAINEL SOLAR FOTOVOLTAICO, 2 X 1 M, COM SUPORTE PARA LAJE DE CONCRETO - FORNECIMENTO E INSTALAÇÃO. AF_12/2021","UN",0]
["Energia Solar para Edificações",103495,"PAINEL SOLAR FOTOVOLTAICO, 2 X 1 M, COM SUPORTE PARA TELHA CERÂMICA - FORNECIMENTO E INSTALAÇÃO. AF_12/2021","UN",0]
["Energia Solar para Edificações",103494,"PAINEL SOLAR FOTOVOLTAICO, 2 X 1 M, COM SUPORTE PARA TELHA METÁLICA - FORNECIMENTO E INSTALAÇÃO. AF_12/2021","UN",0]
["Energia Solar para Edificações",103513,"RESERVATÓRIO TÉRMICO/BOILER SOLAR EM AÇO INOX 1000 L - FORNECIMENTO E INSTALAÇÃO. AF_12/2021","UN",0]
["Energia Solar para Edificações",103523,"RESERVATÓRIO TÉRMICO/BOILER SOLAR EM AÇO INOX 1000 L COM 5 PLACAS COLETORAS EM VIDRO TEMPERADO COM SERPENTINA EM TUBO DE COBRE 2 X 1 M - FORNECIMENTO E INSTALAÇÃO. AF_12/2021","UN",10414.870000000001,0.9778]
["Energia Solar para Edificações",103509,"RESERVATÓRIO TÉRMICO/BOILER SOLAR EM AÇO INOX 200 L - FORNECIMENTO E INSTALAÇÃO. AF_12/2021","UN",0]
["Energia Solar para Edificações",103514,"RESERVATÓRIO TÉRMICO/BOILER SOLAR EM AÇO INOX 3000 L - FORNECIMENTO E INSTALAÇÃO. AF_12/2021","UN",0]
["Energia Solar para Edificações",103510,"RESERVATÓRIO TÉRMICO/BOILER SOLAR EM AÇO INOX 400 L - FORNECIMENTO E INSTALAÇÃO. AF_12/2021","UN",0]
["Energia Solar para Edificações",103520,"RESERVATÓRIO TÉRMICO/BOILER SOLAR EM AÇO INOX 400 L COM 2 PLACAS COLETORAS EM VIDRO TEMPERADO COM SERPENTINA EM TUBO DE COBRE 2 X 1 M - FORNECIMENTO E INSTALAÇÃO. AF_12/2021","UN",5118.6899999999996,0.99350000000000005]
["Energia Solar para Edificações",103511,"RESERVATÓRIO TÉRMICO/BOILER SOLAR EM AÇO INOX 600 L - FORNECIMENTO E INSTALAÇÃO. AF_12/2021","UN",0]
["Energia Solar para Edificações",103521,"RESERVATÓRIO TÉRMICO/BOILER SOLAR EM AÇO INOX 600 L COM 3 PLACAS COLETORAS EM VIDRO TEMPERADO COM SERPENTINA EM TUBO DE COBRE 2 X 1 M - FORNECIMENTO E INSTALAÇÃO. AF_12/2021","UN",6797.18,0.99299999999999999]
["Energia Solar para Edificações",103512,"RESERVATÓRIO TÉRMICO/BOILER SOLAR EM AÇO INOX 800 L - FORNECIMENTO E INSTALAÇÃO. AF_12/2021","UN",0]
["Energia Solar para Edificações",103522,"RESERVATÓRIO TÉRMICO/BOILER SOLAR EM AÇO INOX 800 L COM 4 PLACAS COLETORAS EM VIDRO TEMPERADO COM SERPENTINA EM TUBO DE COBRE 2 X 1 M - FORNECIMENTO E INSTALAÇÃO. AF_12/2021","UN",6958.4,0.96809999999999996]
["Energia Solar para Edificações",103508,"STRING BOX PARA SISTEMA FOTOVOLTAICO - FORNECIMENTO E INSTALAÇÃO. AF_12/2021","UN",0]
["Energia Solar para Edificações",103524,"SUPORTE DE 1 COLETOR SOLAR PARA LAJE DE CONCRETO - FORNECIMENTO E INSTALAÇÃO. AF_12/2021","UN",0]
["Energia Solar para Edificações",103526,"SUPORTE DE 1 COLETOR SOLAR PARA TELHA CERÂMICA - FORNECIMENTO E INSTALAÇÃO. AF_12/2021","UN",0]
["Energia Solar para Edificações",103525,"SUPORTE DE 1 COLETOR SOLAR PARA TELHA METÁLICA - FORNECIMENTO E INSTALAÇÃO. AF_12/2021","UN",0]
["Equipamentos de Proteção Coletiva",97062,"COLOCAÇÃO DE TELA EM ANDAIME FACHADEIRO. AF_03/2024","M2",7.95,0]
["Equipamentos de Proteção Coletiva",97061,"COLOCAÇÃO DE TELA FACHADEIRA PERIMETRAL. AF_03/2024","M2",0]
["Equipamentos de Proteção Coletiva",104988,"FECHAMENTO METÁLICO REMOVÍVEL DE ABERTURA DE CAIXILHO (PROTEÇÃO DE GESSEIRO) - 4 MONTAGENS EM OBRA. AF_03/2024","M2",0]
["Equipamentos de Proteção Coletiva",104979,"FECHAMENTO METÁLICO REMOVÍVEL DE VÃO DE PORTAS (VÃO DO ELEVADOR) - 1 MONTAGEM EM OBRA. AF_03/2024","M2",0]
["Equipamentos de Proteção Coletiva",97040,"FECHAMENTO REMOVÍVEL DE ABERTURA DE CAIXILHO EM MADEIRA - 4 MONTAGENS EM OBRA. AF_03/2024","M2",19.8,0]
["Equipamentos de Proteção Coletiva",97041,"FECHAMENTO REMOVÍVEL DE ABERTURA NO PISO EM MADEIRA - 1 MONTAGEM EM OBRA. AF_03/2024","M2",177.34,0]
["Equipamentos de Proteção Coletiva",97039,"FECHAMENTO REMOVÍVEL DE VÃO DE PORTAS EM MADEIRA (VÃO DO ELEVADOR) - 1 MONTAGEM EM OBRA. AF_03/2024","M2",77.34,0]
["Equipamentos de Proteção Coletiva",102655,"FITA DE SINALIZAÇÃO FIXADA NA ESTRUTURA. AF_03/2024","M",0]
["Equipamentos de Proteção Coletiva",104987,"GUARDA-CORPO DE CONCRETAGEM COM MONTANTES METÁLICOS FIXADOS EM BARROTES (VIGAMENTO) DE FORMA DE MADEIRA COM FECHAMENTO EM PAINEL DE TELA METÁLICA. AF_03/2024","M",0]
["Equipamentos de Proteção Coletiva",104986,"GUARDA-CORPO DE CONCRETAGEM COM MONTANTES METÁLICOS FIXADOS NOS GARFOS DE FORMA DE MADEIRA COM FECHAMENTO EM PAINEL DE TELA METÁLICA. AF_03/2024","M",0]
["Equipamentos de Proteção Coletiva",104984,"GUARDA-CORPO EM LAJE PÓS DESFÔRMA COM MONTANTE METÁLICO FIXADO EM LAJE COM PARABOLT E FECHAMENTO EM PAINEL DE TELA METÁLICA. AF_03/2024","M",0]
["Equipamentos de Proteção Coletiva",104985,"GUARDA-CORPO EM LAJE PÓS DESFÔRMA COM MONTANTE METÁLICO FIXADO EM LAJE COM SARGENTO E FECHAMENTO EM PAINEL DE TELA METÁLICA. AF_03/2024","M",0]
["Equipamentos de Proteção Coletiva",97026,"GUARDA-CORPO EM LAJE PÓS-DESFÔRMA COM CABOS DE AÇO E FECHAMENTO EM TELA DE POLIPROPILENO (SISTEMA DE BARREIRA COM REDE) PARA EDIFÍCIOS ACIMA DE 4 PAVIMENTOS (2 MONTAGENS). AF_03/2024","M",0]
["Equipamentos de Proteção Coletiva",97025,"GUARDA-CORPO EM LAJE PÓS-DESFÔRMA COM CABOS DE AÇO E FECHAMENTO EM TELA DE POLIPROPILENO (SISTEMA DE BARREIRA COM REDE) PARA EDIFÍCIOS COM ATÉ 4 PAVIMENTOS (1 MONTAGEM). AF_03/2024","M",0]
["Equipamentos de Proteção Coletiva",97032,"GUARDA-CORPO EM LAJE PÓS-DESFÔRMA COM ESCORAS DE MADEIRA ESTRONCADAS NA ESTRUTURA, TRAVESSÕES DE MADEIRA E FECHAMENTO EM TELA DE POLIPROPILENO PARA EDIFÍCIOS ACIMA DE 4 PAVIMENTOS (2 MONTAGENS). AF_03/2024","M",63.89,0]
["Equipamentos de Proteção Coletiva",97031,"GUARDA-CORPO EM LAJE PÓS-DESFÔRMA COM ESCORAS DE MADEIRA ESTRONCADAS NA ESTRUTURA, TRAVESSÕES DE MADEIRA E FECHAMENTO EM TELA DE POLIPROPILENO PARA EDIFÍCIOS COM ATÉ 4 PAVIMENTOS (1 MONTAGEM). AF_03/2024","M",105.74,0]
["Equipamentos de Proteção Coletiva",97036,"GUARDA-CORPO EM LAJE PÓS-DESFÔRMA COM ESCORAS METÁLICAS ESTRONCADAS NA ESTRUTURA E FECHAMENTO EM PAINEL DE TELA METÁLICA PARA EDIFÍCIOS ACIMA DE 4 PAVIMENTOS (2 MONTAGENS). AF_03/2024","M",0]
["Equipamentos de Proteção Coletiva",97035,"GUARDA-CORPO EM LAJE PÓS-DESFÔRMA COM ESCORAS METÁLICAS ESTRONCADAS NA ESTRUTURA E FECHAMENTO EM PAINEL DE TELA METÁLICA PARA EDIFÍCIOS COM ATÉ 4 PAVIMENTOS (1 MONTAGEM). AF_03/2024","M",0]
["Equipamentos de Proteção Coletiva",97034,"GUARDA-CORPO EM LAJE PÓS-DESFÔRMA COM ESCORAS METÁLICAS ESTRONCADAS NA ESTRUTURA, TRAVESSÕES DE MADEIRA E FECHAMENTO EM TELA DE POLIPROPILENO PARA EDIFÍCIOS ACIMA DE 4 PAVIMENTOS (2 MONTAGENS). AF_03/2024_PS","M",61.27,0]
["Equipamentos de Proteção Coletiva",97033,"GUARDA-CORPO EM LAJE PÓS-DESFÔRMA COM ESCORAS METÁLICAS ESTRONCADAS NA ESTRUTURA, TRAVESSÕES DE MADEIRA E FECHAMENTO EM TELA DE POLIPROPILENO PARA EDIFÍCIOS COM ATÉ 4 PAVIMENTOS (1 MONTAGEM). AF_03/2024_PS","M",94.88,0]
["Equipamentos de Proteção Coletiva",97030,"GUARDA-CORPO EM LAJE PÓS-DESFÔRMA COM MONTANTE METÁLICO FIXADO COM BARRAS DE AÇO ENGASTADAS NA LAJE, CABOS DE AÇO E FECHAMENTO EM TELA DE POLIPROPILENO PARA EDIFÍCIOS ACIMA DE 4 PAVIMENTOS (2 MONTAGENS). AF_03/2024","M",0]
["Equipamentos de Proteção Coletiva",97029,"GUARDA-CORPO EM LAJE PÓS-DESFÔRMA COM MONTANTE METÁLICO FIXADO COM BARRAS DE AÇO ENGASTADAS NA LAJE, CABOS DE AÇO E FECHAMENTO EM TELA DE POLIPROPILENO PARA EDIFÍCIOS COM ATÉ 4 PAVIMENTOS (1 MONTAGEM). AF_03/2024","M",0]
["Equipamentos de Proteção Coletiva",97028,"GUARDA-CORPO EM LAJE PÓS-DESFÔRMA COM MONTANTE METÁLICO FIXADO COM BARRAS DE AÇO ENGASTADAS NA LAJE, TRAVESSÃO EM MADEIRA E FECHAMENTO EM TELA DE POLIPROPILENO PARA EDIFÍCIOS ACIMA DE 4 PAVIMENTOS (2 MONTAGENS). AF_03/2024","M",0]
["Equipamentos de Proteção Coletiva",97027,"GUARDA-CORPO EM LAJE PÓS-DESFÔRMA COM MONTANTE METÁLICO FIXADO COM BARRAS DE AÇO ENGASTADAS NA LAJE, TRAVESSÃO EM MADEIRA E FECHAMENTO EM TELA DE POLIPROPILENO PARA EDIFÍCIOS COM ATÉ 4 PAVIMENTOS (1 MONTAGEM). AF_03/2024","M",0]
["Equipamentos de Proteção Coletiva",97038,"GUARDA-CORPO EM LAJE PÓS-DESFÔRMA COM MONTANTE METÁLICO FIXADO EM VIGA DE BORDA E FECHAMENTO EM PAINEL DE TELA METÁLICA PARA EDIFÍCIOS ACIMA DE 4 PAVIMENTOS (2 MONTAGENS). AF_03/2024","M",0]
["Equipamentos de Proteção Coletiva",97037,"GUARDA-CORPO EM LAJE PÓS-DESFÔRMA, PARA ESTRUTURAS EM CONCRETO, COM MONTANTE METÁLICO FIXADO EM VIGA DE BORDA E FECHAMENTO EM PAINEL DE TELA METÁLICA PARA EDIFÍCIOS COM ATÉ 4 PAVIMENTOS (1 MONTAGEM). AF_03/2024","M",0]
["Equipamentos de Proteção Coletiva",97014,"GUARDA-CORPO FIXADO EM FÔRMA DE MADEIRA COM MONTANTES E TRAVESSÕES EM MADEIRA E FECHAMENTO EM PLACA COMPENSADO PARA EDIFÍCIOS COM 3 PAVIMENTOS. AF_03/2024","M",63.14,0]
["Equipamentos de Proteção Coletiva",97015,"GUARDA-CORPO FIXADO EM FÔRMA DE MADEIRA COM MONTANTES E TRAVESSÕES EM MADEIRA E FECHAMENTO EM PLACA COMPENSADO PARA EDIFÍCIOS COM ALTURA IGUAL OU SUPERIOR A 4 PAVIMENTOS. AF_03/2024","M",52.51,0]
["Equipamentos de Proteção Coletiva",97013,"GUARDA-CORPO FIXADO EM FÔRMA DE MADEIRA COM MONTANTES E TRAVESSÕES EM MADEIRA E FECHAMENTO EM PLACA COMPENSADO PARA EDIFÍCIOS COM ATÉ 2 PAVIMENTOS. AF_03/2024","M",84.46,0]
["Equipamentos de Proteção Coletiva",97017,"GUARDA-CORPO FIXADO EM FÔRMA DE MADEIRA COM MONTANTES E TRAVESSÕES EM MADEIRA PRÉ-MONTADOS PARA EDIFÍCIOS COM 3 PAVIMENTOS. AF_03/2024","M",50.08,0]
["Equipamentos de Proteção Coletiva",97018,"GUARDA-CORPO FIXADO EM FÔRMA DE MADEIRA COM MONTANTES E TRAVESSÕES EM MADEIRA PRÉ-MONTADOS PARA EDIFÍCIOS COM ALTURA IGUAL OU SUPERIOR A 4 PAVIMENTOS. AF_03/2024","M",41.57,0]
["Equipamentos de Proteção Coletiva",97016,"GUARDA-CORPO FIXADO EM FÔRMA DE MADEIRA COM MONTANTES E TRAVESSÕES EM MADEIRA PRÉ-MONTADOS PARA EDIFÍCIOS COM ATÉ 2 PAVIMENTOS. AF_03/2024","M",67.260000000000005,0]
["Equipamentos de Proteção Coletiva",97024,"GUARDA-CORPO PARA ALVENARIA ESTRUTURAL, COM MONTANTE METÁLICO PARA DOIS NÍVEIS DE PROTEÇÃO E FECHAMENTO EM PAINEL DE TELA METÁLICA PARA EDIFÍCIOS ACIMA DE 8 PAVIMENTOS. AF_03/2024","M",0]
["Equipamentos de Proteção Coletiva",97023,"GUARDA-CORPO PARA ALVENARIA ESTRUTURAL, COM MONTANTE METÁLICO PARA DOIS NÍVEIS DE PROTEÇÃO E FECHAMENTO EM PAINEL DE TELA METÁLICA PARA EDIFÍCIOS COM ALTURA DE 5 A 8 PAVIMENTOS. AF_03/2024","M",0]
["Equipamentos de Proteção Coletiva",105804,"GUARDA-CORPO PARA ALVENARIA ESTRUTURAL, COM MONTANTE METÁLICO PARA DOIS NÍVEIS DE PROTEÇÃO E FECHAMENTO EM PAINEL DE TELA METÁLICA PARA EDIFÍCIOS COM ATÉ 4 PAVIMENTOS. AF_03/2024","M",0]
["Equipamentos de Proteção Coletiva",104990,"GUARDA-CORPO PARA POÇO DE CREMALHEIRA, COM MONTANTE METÁLICO FIXADO EM LAJE COM CHUMBADOR PARABOLT E FECHAMENTO EM PAINEL DE TELA METÁLICA (EXCLUSO PROTEÇÃO). AF_03/2024","M",14.14,0]
["Equipamentos de Proteção Coletiva",97052,"INSTALAÇÃO DE GAMBIARRA PARA SINALIZAÇÃO, INCLUINDO LÂMPADA, E SINALIZADOR. AF_03/2024","UN",0]
["Equipamentos de Proteção Coletiva",97054,"INSTALAÇÃO DE SINALIZADOR NOTURNO LED. AF_03/2024","UN",29.47,0.60740000000000005]
["Equipamentos de Proteção Coletiva",104981,"LINHA DE VIDA INSTALADA JUNTO AO PISO PARA EDIFÍCIOS ACIMA DE 8 PAVIMENTOS. AF_03/2024","M",0]
["Equipamentos de Proteção Coletiva",104980,"LINHA DE VIDA INSTALADA JUNTO AO PISO PARA EDIFÍCIOS DE 5 A 8 PAVIMENTOS. AF_03/2024","M",0]
["Equipamentos de Proteção Coletiva",97042,"LINHA DE VIDA INSTALADA JUNTO AO PISO PARA EDIFÍCIOS DE ATÉ 4 PAVIMENTOS. AF_03/2024","M",0]
["Equipamentos de Proteção Coletiva",97045,"LINHA DE VIDA TIPO VARAL DE SEGURANÇA COM CABO DE AÇO PARA PROTEÇÃO DE PERIFERIA PARA EDIFÍCIOS ACIMA DE 8 PAVIMENTOS. AF_03/2024","M",0]
["Equipamentos de Proteção Coletiva",97044,"LINHA DE VIDA TIPO VARAL DE SEGURANÇA COM CABO DE AÇO PARA PROTEÇÃO DE PERIFERIA PARA EDIFÍCIOS DE 5 A 8 PAVIMENTOS. AF_03/2024","M",0]
["Equipamentos de Proteção Coletiva",97043,"LINHA DE VIDA TIPO VARAL DE SEGURANÇA COM CABO DE AÇO PARA PROTEÇÃO DE PERIFERIA PARA EDIFÍCIOS DE ATÉ 4 PAVIMENTOS. AF_03/2024","M",0]
["Equipamentos de Proteção Coletiva",97063,"MONTAGEM E DESMONTAGEM DE ANDAIME MODULAR FACHADEIRO, COM PISO METÁLICO, PARA EDIFÍCIOS COM MULTIPLOS PAVIMENTOS (EXCLUSIVE ANDAIME E LIMPEZA). AF_03/2024","M2",17.420000000000002,0]
["Equipamentos de Proteção Coletiva",97065,"MONTAGEM E DESMONTAGEM DE ANDAIME MULTIDIRECIONAL (EXCLUSIVE ANDAIME E LIMPEZA). AF_03/2024","M3",11.96,0]
["Equipamentos de Proteção Coletiva",97064,"MONTAGEM E DESMONTAGEM DE ANDAIME TUBULAR TIPO \"TORRE\" (EXCLUSIVE ANDAIME E LIMPEZA). AF_03/2024","M",24.75,0]
["Equipamentos de Proteção Coletiva",97049,"PLACA INDICATIVA FIXADA DIRETAMENTE NA ESTRUTURA ATRAVÉS DE PREGOS. AF_03/2024","M2",0]
["Equipamentos de Proteção Coletiva",96997,"PLATAFORMA DE PROTEÇÃO PRINCIPAL (PRIMÁRIA) PARA COLETA DE RESÍDUOS COM ESTRUTURA METÁLICA E FORRAÇÃO EM TÁBUA DE MADEIRA SERRADA - 1 MONTAGEM POR OBRA. AF_03/2024","M",0]
["Equipamentos de Proteção Coletiva",96999,"PLATAFORMA DE PROTEÇÃO PRINCIPAL (PRIMÁRIA) PARA COLETA DE RESÍDUOS COM ESTRUTURA METÁLICA E FORRAÇÃO EM TÁBUA DE MADEIRA SERRADA - 2 MONTAGENS POR OBRA. AF_03/2024","M",0]
["Equipamentos de Proteção Coletiva",96996,"PLATAFORMA DE PROTEÇÃO PRINCIPAL (PRIMÁRIA) PARA COLETA DE RESÍDUOS COM ESTRUTURA METÁLICA E TRAMA DE MADEIRA FORRADA EM PAINEL COMPENSADO - 1 MONTAGEM POR OBRA. AF_03/2024","M",0]
["Equipamentos de Proteção Coletiva",96998,"PLATAFORMA DE PROTEÇÃO PRINCIPAL (PRIMÁRIA) PARA COLETA DE RESÍDUOS COM ESTRUTURA METÁLICA E TRAMA DE MADEIRA FORRADA EM PAINEL COMPENSADO - 2 MONTAGENS POR OBRA. AF_03/2024","M",0]
["Equipamentos de Proteção Coletiva",97067,"PLATAFORMA DE PROTEÇÃO PRINCIPAL PARA ALVENARIA ESTRUTURAL PARA SER APOIADA EM ANDAIME, INCLUSIVE MONTAGEM E DESMONTAGEM. AF_03/2024","M",681.77,0]
["Equipamentos de Proteção Coletiva",97001,"PLATAFORMA DE PROTEÇÃO SECUNDÁRIA PARA COLETA DE RESÍDUOS COM ESTRUTURA METÁLICA E FORRAÇÃO EM TÁBUA DE MADEIRA SERRADA - 1 MONTAGEM POR OBRA. AF_03/2024","M",0]
["Equipamentos de Proteção Coletiva",97003,"PLATAFORMA DE PROTEÇÃO SECUNDÁRIA PARA COLETA DE RESÍDUOS COM ESTRUTURA METÁLICA E FORRAÇÃO EM TÁBUA DE MADEIRA SERRADA - 2 MONTAGENS POR OBRA. AF_03/2024","M",0]
["Equipamentos de Proteção Coletiva",97005,"PLATAFORMA DE PROTEÇÃO SECUNDÁRIA PARA COLETA DE RESÍDUOS COM ESTRUTURA METÁLICA E FORRAÇÃO EM TÁBUA DE MADEIRA SERRADA - 3 MONTAGENS POR OBRA. AF_03/2024","M",0]
["Equipamentos de Proteção Coletiva",97000,"PLATAFORMA DE PROTEÇÃO SECUNDÁRIA PARA COLETA DE RESÍDUOS COM ESTRUTURA METÁLICA E TRAMA DE MADEIRA FORRADA EM PAINEL COMPENSADO - 1 MONTAGEM POR OBRA. AF_03/2024","M",0]
["Equipamentos de Proteção Coletiva",97002,"PLATAFORMA DE PROTEÇÃO SECUNDÁRIA PARA COLETA DE RESÍDUOS COM ESTRUTURA METÁLICA E TRAMA DE MADEIRA FORRADA EM PAINEL COMPENSADO - 2 MONTAGENS POR OBRA. AF_03/2024","M",0]
["Equipamentos de Proteção Coletiva",97004,"PLATAFORMA DE PROTEÇÃO SECUNDÁRIA PARA COLETA DE RESÍDUOS COM ESTRUTURA METÁLICA E TRAMA DE MADEIRA FORRADA EM PAINEL COMPENSADO - 3 MONTAGENS POR OBRA. AF_03/2024","M",0]
["Equipamentos de Proteção Coletiva",97007,"PLATAFORMA DE PROTEÇÃO TERCIÁRIA PARA COLETA DE RESÍDUOS COM ESTRUTURA METÁLICA E FORRAÇÃO EM TÁBUA DE MADEIRA SERRADA - 1 MONTAGEM POR OBRA. AF_03/2024","M",0]
["Equipamentos de Proteção Coletiva",97009,"PLATAFORMA DE PROTEÇÃO TERCIÁRIA PARA COLETA DE RESÍDUOS COM ESTRUTURA METÁLICA E FORRAÇÃO EM TÁBUA DE MADEIRA SERRADA - 2 MONTAGENS POR OBRA. AF_03/2024","M",0]
["Equipamentos de Proteção Coletiva",97006,"PLATAFORMA DE PROTEÇÃO TERCIÁRIA PARA COLETA DE RESÍDUOS COM ESTRUTURA METÁLICA E TRAMA DE MADEIRA FORRADA EM PAINEL COMPENSADO - 1 MONTAGEM POR OBRA. AF_03/2024","M",0]
["Equipamentos de Proteção Coletiva",97008,"PLATAFORMA DE PROTEÇÃO TERCIÁRIA PARA COLETA DE RESÍDUOS COM ESTRUTURA METÁLICA E TRAMA DE MADEIRA FORRADA EM PAINEL COMPENSADO - 2 MONTAGENS POR OBRA. AF_03/2024","M",0]
["Equipamentos de Proteção Coletiva",97048,"PONTEIRAS DE PROTEÇÃO DE PONTAS E VERGALHÕES EXPOSTOS EM ALVENARIA ESTRUTURAL. AF_03/2024","M2",0.09,0.77780000000000005]
["Equipamentos de Proteção Coletiva",97047,"PONTEIRAS DE PROTEÇÃO DE PONTAS E VERGALHÕES EXPOSTOS EM ESTRUTURAS DE CONCRETO ARMADO CONVENCIONAL. AF_03/2024","M2",0.13,0.76919999999999999]
["Equipamentos de Proteção Coletiva",97046,"PONTEIRAS DE PROTEÇÃO DE PONTAS E VERGALHÕES EXPOSTOS EM FUNDAÇÕES. AF_03/2024","M2",0.35,0.7429]
["Equipamentos de Proteção Coletiva",104989,"PROTEÇÃO DE ACESSO A CREMALHEIRA, COM CANCELA FIXADA EM LAJE - 1 MONTAGEM (EXCLUSO CANCELA). AF_03/2024","UN",46.51,0]
["Equipamentos de Proteção Coletiva",97066,"PROTEÇÃO DE PEDESTRES, INCLUSIVE MONTAGEM E DESMONTAGEM. AF_03/2024_PS","M2",317.45999999999998,0]
["Equipamentos de Proteção Coletiva",104982,"REDE DE PROTEÇÃO PISO A PISO (SISTEMA U). AF_03/2024","M",0]
["Equipamentos de Proteção Coletiva",97060,"REDE DE PROTEÇÃO TIPO SLQA INTERMEDIÁRIO PARA EDIFÍCIOS ACIMA DE 8 PAVIMENTOS. AF_03/2024","M",0]
["Equipamentos de Proteção Coletiva",97059,"REDE DE PROTEÇÃO TIPO SLQA INTERMEDIÁRIO PARA EDIFÍCIOS DE 5 A 8 PAVIMENTOS. AF_03/2024","M",0]
["Equipamentos de Proteção Coletiva",97058,"REDE DE PROTEÇÃO TIPO SLQA INTERMEDIÁRIO PARA EDIFÍCIOS DE ATÉ 4 PAVIMENTOS. AF_03/2024","M",0]
["Equipamentos de Proteção Coletiva",97056,"REDE DE PROTEÇÃO TIPO SLQA PESADO COM SUPORTES METÁLICOS TIPO FORCA PARA EDIFÍCIOS DE 5 A 8 PAVIMENTOS. AF_03/2024","M",0]
["Equipamentos de Proteção Coletiva",97057,"REDE DE PROTEÇÃO TIPO SLQA PESADO COM SUPORTES METÁLICOS TIPO FORCA PARA EDIFÍCIOS DE ACIMA DE 8 PAVIMENTOS. AF_03/2024","M",0]
["Equipamentos de Proteção Coletiva",97055,"REDE DE PROTEÇÃO TIPO SLQA PESADO COM SUPORTES METÁLICOS TIPO FORCA PARA EDIFÍCIOS DE ATÉ 4 PAVIMENTOS. AF_03/2024","M",0]
["Equipamentos de Proteção Coletiva",102656,"SINALIZAÇÃO COM FITA FIXADA EM CONE PLÁSTICO, INCLUINDO CONE. AF_03/2024","M",0]
["Equipamentos de Proteção Coletiva",104983,"SISTEMA DE PROTEÇÃO PARA PILARES DE PERIFERIA. AF_03/2024","UN",0]
["Equipamentos de Proteção Coletiva",97050,"TOTEN EM MADEIRA COM PLACA INDICATIVA POSICIONADA NO TERRENO. AF_03/2024","M2",0]
["Escadas",95946,"ARMAÇÃO DE ESCADA, DE UMA ESTRUTURA CONVENCIONAL DE CONCRETO ARMADO UTILIZANDO AÇO CA-50 DE 10,0 MM - MONTAGEM. AF_11/2020","KG",13.05,6.8999999999999999E-3]
["Escadas",95947,"ARMAÇÃO DE ESCADA, DE UMA ESTRUTURA CONVENCIONAL DE CONCRETO ARMADO UTILIZANDO AÇO CA-50 DE 12,5 MM - MONTAGEM. AF_11/2020","KG",9.93,6.0000000000000001E-3]
["Escadas",95948,"ARMAÇÃO DE ESCADA, DE UMA ESTRUTURA CONVENCIONAL DE CONCRETO ARMADO UTILIZANDO AÇO CA-50 DE 16,0 MM - MONTAGEM. AF_11/2020","KG",8.6199999999999992,3.5000000000000001E-3]
["Escadas",95944,"ARMAÇÃO DE ESCADA, DE UMA ESTRUTURA CONVENCIONAL DE CONCRETO ARMADO UTILIZANDO AÇO CA-50 DE 6,3 MM - MONTAGEM. AF_11/2020","KG",20.85,8.6E-3]
["Escadas",95945,"ARMAÇÃO DE ESCADA, DE UMA ESTRUTURA CONVENCIONAL DE CONCRETO ARMADO UTILIZANDO AÇO CA-50 DE 8,0 MM - MONTAGEM. AF_11/2020","KG",16.61,7.7999999999999996E-3]
["Escadas",95943,"ARMAÇÃO DE ESCADA, DE UMA ESTRUTURA CONVENCIONAL DE CONCRETO ARMADO UTILIZANDO AÇO CA-60 DE 5,0 MM - MONTAGEM. AF_11/2020","KG",23.17,9.4999999999999998E-3]
["Escadas",102077,"ESCADA EM CONCRETO ARMADO MOLDADO IN LOCO, FCK 25 MPA, COM 1 LANCE E LAJE CASCATA, FÔRMA EM CHAPA DE MADEIRA COMPENSADA RESINADA. AF_11/2020","M3",5187.6899999999996,2.7000000000000001E-3]
["Escadas",102073,"ESCADA EM CONCRETO ARMADO MOLDADO IN LOCO, FCK 25 MPA, COM 1 LANCE E LAJE PLANA, FÔRMA EM CHAPA DE MADEIRA COMPENSADA RESINADA. AF_11/2020","M3",3820.9,1.8E-3]
["Escadas",102079,"ESCADA EM CONCRETO ARMADO MOLDADO IN LOCO, FCK 25 MPA, COM 2 LANCES EM L E LAJE CASCATA, FÔRMA EM CHAPA DE MADEIRA COMPENSADA RESINADA. AF_11/2020","M3",5109.28,2.7000000000000001E-3]
["Escadas",102075,"ESCADA EM CONCRETO ARMADO MOLDADO IN LOCO, FCK 25 MPA, COM 2 LANCES EM L E LAJE PLANA, FÔRMA EM CHAPA DE MADEIRA COMPENSADA RESINADA. AF_11/2020","M3",4728.37,2.8E-3]
["Escadas",102078,"ESCADA EM CONCRETO ARMADO MOLDADO IN LOCO, FCK 25 MPA, COM 2 LANCES EM U E LAJE CASCATA, FÔRMA EM CHAPA DE MADEIRA COMPENSADA RESINADA. AF_11/2020","M3",5332.93,2.3E-3]
["Escadas",102074,"ESCADA EM CONCRETO ARMADO MOLDADO IN LOCO, FCK 25 MPA, COM 2 LANCES EM U E LAJE PLANA, FÔRMA EM CHAPA DE MADEIRA COMPENSADA RESINADA. AF_11/2020","M3",4562.4399999999996,2.5000000000000001E-3]
["Escadas",102080,"ESCADA EM CONCRETO ARMADO MOLDADO IN LOCO, FCK 25 MPA, COM 2 LANCES EM X E LAJE CASCATA, FÔRMA EM CHAPA DE MADEIRA COMPENSADA RESINADA. AF_11/2020","M3",4456.8500000000004,3.0999999999999999E-3]
["Escadas",102076,"ESCADA EM CONCRETO ARMADO MOLDADO IN LOCO, FCK 25 MPA, COM 2 LANCES EM X E LAJE PLANA, FÔRMA EM CHAPA DE MADEIRA COMPENSADA RESINADA. AF_11/2020","M3",4858.66,2.7000000000000001E-3]
["Escadas",102084,"ESCADA HELICOIDAL EM AÇO GALVANIZADO, DIAMETRO DE 1,2 M, DOTADA DE GUARDA-CORPO, FIXADA COM CHUMBADOR MECÂNICO. AF_11/2020","M",0]
["Escadas",102082,"ESCADA TIPO MARINHEIRO EM TUBO ACO GALVANIZADO 1 1/2\", COM GUARDA-CORPO, PARA ALTURAS MAIORES QUE 3 M, FIXADA COM CHUMBADOR MECÂNICO. AF_11/2020","M",0]
["Escadas",102081,"ESCADA TIPO MARINHEIRO EM TUBO ACO GALVANIZADO 1 1/2\", SEM GUARDA-CORPO, FIXADA COM CHUMBADOR MECÂNICO. AF_11/2020","M",0]
["Escadas",102092,"ESCADA TIPO MARINHEIRO EM TUBO AÇO GALVANIZADO 1 1/2\", COM GUARDA-CORPO, PARA ALTURAS DE ATÉ 3 M, FIXADA COM CHUMBADOR MECÂNICO. AF_11/2020","M",0]
["Escadas",102089,"FABRICAÇÃO DE FÔRMA PARA ESCADA DUPLA COM 2 LANCES EM \"X\" E LAJE CASCATA, EM CHAPA DE MADEIRA COMPENSADA PLASTIFICADA, E=18 MM. AF_11/2020","M2",181.55,0]
["Escadas",102090,"FABRICAÇÃO DE FÔRMA PARA ESCADA DUPLA COM 2 LANCES EM \"X\" E LAJE CASCATA, EM CHAPA DE MADEIRA COMPENSADA RESINADA, E= 17 MM. AF_11/2020","M2",140.44999999999999,0]
["Escadas",102086,"FABRICAÇÃO DE FÔRMA PARA ESCADA DUPLA COM 2 LANCES EM \"X\" E LAJE PLANA, EM CHAPA DE MADEIRA COMPENSADA PLASTIFICADA, E=18 MM. AF_11/2020","M2",204.41,0]
["Escadas",102087,"FABRICAÇÃO DE FÔRMA PARA ESCADA DUPLA COM 2 LANCES EM \"X\" E LAJE PLANA, EM CHAPA DE MADEIRA COMPENSADA RESINADA, E= 17 MM. AF_11/2020","M2",168.18,0]
["Escadas",102091,"FABRICAÇÃO DE FÔRMA PARA ESCADA DUPLA COM 2 LANCES EM X E LAJE CASCATA, EM MADEIRA SERRADA, E=25 MM. AF_11/2020","M2",284.18,0]
["Escadas",102088,"FABRICAÇÃO DE FÔRMA PARA ESCADA DUPLA COM 2 LANCES EM X E LAJE PLANA, EM MADEIRA SERRADA, E=25 MM. AF_11/2020","M2",246.7,0]
["Escadas",101997,"FABRICAÇÃO DE FÔRMA PARA ESCADAS, COM 1 LANCE E LAJE CASCATA, EM CHAPA DE MADEIRA COMPENSADA PLASTIFICADA, E=18 MM. AF_11/2020","M2",190.67,0]
["Escadas",101998,"FABRICAÇÃO DE FÔRMA PARA ESCADAS, COM 1 LANCE E LAJE CASCATA, EM CHAPA DE MADEIRA COMPENSADA RESINADA, E= 17 MM. AF_11/2020","M2",147.22999999999999,0]
["Escadas",101999,"FABRICAÇÃO DE FÔRMA PARA ESCADAS, COM 1 LANCE E LAJE CASCATA, EM MADEIRA SERRADA, E=25 MM. AF_11/2020","M2",335.05,0]
["Escadas",101994,"FABRICAÇÃO DE FÔRMA PARA ESCADAS, COM 1 LANCE E LAJE PLANA, EM CHAPA DE MADEIRA COMPENSADA PLASTIFICADA, E=18 MM. AF_11/2020","M2",212.2,0]
["Escadas",101995,"FABRICAÇÃO DE FÔRMA PARA ESCADAS, COM 1 LANCE E LAJE PLANA, EM CHAPA DE MADEIRA COMPENSADA RESINADA, E= 17 MM. AF_11/2020","M2",173.46,0]
["Escadas",101996,"FABRICAÇÃO DE FÔRMA PARA ESCADAS, COM 1 LANCE E LAJE PLANA, EM MADEIRA SERRADA, E=25 MM. AF_11/2020","M2",264.64999999999998,0]
["Escadas",101991,"FABRICAÇÃO DE FÔRMA PARA ESCADAS, COM 2 LANCES EM \"L\" E LAJE CASCATA, EM CHAPA DE MADEIRA COMPENSADA PLASTIFICADA, E=18 MM. AF_11/2020","M2",192.24,0]
["Escadas",101992,"FABRICAÇÃO DE FÔRMA PARA ESCADAS, COM 2 LANCES EM \"L\" E LAJE CASCATA, EM CHAPA DE MADEIRA COMPENSADA RESINADA, E= 17 MM. AF_11/2020","M2",149.76,0]
["Escadas",101993,"FABRICAÇÃO DE FÔRMA PARA ESCADAS, COM 2 LANCES EM \"L\" E LAJE CASCATA, EM MADEIRA SERRADA, E=25 MM. AF_11/2020","M2",312.99,0]
["Escadas",101988,"FABRICAÇÃO DE FÔRMA PARA ESCADAS, COM 2 LANCES EM \"L\" E LAJE PLANA, EM CHAPA DE MADEIRA COMPENSADA PLASTIFICADA, E=18 MM. AF_11/2020","M2",201.73,0]
["Escadas",101989,"FABRICAÇÃO DE FÔRMA PARA ESCADAS, COM 2 LANCES EM \"L\" E LAJE PLANA, EM CHAPA DE MADEIRA COMPENSADA RESINADA, E= 17 MM. AF_11/2020","M2",167.22,0]
["Escadas",101990,"FABRICAÇÃO DE FÔRMA PARA ESCADAS, COM 2 LANCES EM \"L\" E LAJE PLANA, EM MADEIRA SERRADA, E=25 MM. AF_11/2020","M2",246.48,0]
["Escadas",101985,"FABRICAÇÃO DE FÔRMA PARA ESCADAS, COM 2 LANCES EM \"U\" E LAJE CASCATA, EM CHAPA DE MADEIRA COMPENSADA PLASTIFICADA, E=18 MM. AF_11/2020","M2",190.39,0]
["Escadas",101986,"FABRICAÇÃO DE FÔRMA PARA ESCADAS, COM 2 LANCES EM \"U\" E LAJE CASCATA, EM CHAPA DE MADEIRA COMPENSADA RESINADA, E= 17 MM. AF_11/2020","M2",145.96,0]
["Escadas",101987,"FABRICAÇÃO DE FÔRMA PARA ESCADAS, COM 2 LANCES EM \"U\" E LAJE CASCATA, EM MADEIRA SERRADA, E=25 MM. AF_11/2020","M2",267.2,0]
["Escadas",101969,"FABRICAÇÃO DE FÔRMA PARA ESCADAS, COM 2 LANCES EM \"U\" E LAJE PLANA, EM CHAPA DE MADEIRA COMPENSADA PLASTIFICADA, E=18 MM. AF_11/2020","M2",192.92,0]
["Escadas",101971,"FABRICAÇÃO DE FÔRMA PARA ESCADAS, COM 2 LANCES EM \"U\" E LAJE PLANA, EM CHAPA DE MADEIRA COMPENSADA RESINADA, E= 17 MM. AF_11/2020","M2",157.97,0]
["Escadas",101973,"FABRICAÇÃO DE FÔRMA PARA ESCADAS, COM 2 LANCES EM \"U\" E LAJE PLANA, EM MADEIRA SERRADA, E=25 MM. AF_11/2020","M2",229.17,0]
["Escadas",102072,"MONTAGEM E DESMONTAGEM DE FÔRMA PARA ESCADA DUPLA COM 2 LANCES EM \"X\" E LAJE CASCATA, EM CHAPA DE MADEIRA COMPENSADA PLASTIFICADA, 10 UTILIZAÇÕES. AF_11/2020","M2",189.5,0]
["Escadas",102070,"MONTAGEM E DESMONTAGEM DE FÔRMA PARA ESCADA DUPLA COM 2 LANCES EM \"X\" E LAJE CASCATA, EM CHAPA DE MADEIRA COMPENSADA PLASTIFICADA, 6 UTILIZAÇÕES. AF_11/2020","M2",219.64,0]
["Escadas",102071,"MONTAGEM E DESMONTAGEM DE FÔRMA PARA ESCADA DUPLA COM 2 LANCES EM \"X\" E LAJE CASCATA, EM CHAPA DE MADEIRA COMPENSADA PLASTIFICADA, 8 UTILIZAÇÕES. AF_11/2020","M2",194.72,0]
["Escadas",102068,"MONTAGEM E DESMONTAGEM DE FÔRMA PARA ESCADA DUPLA COM 2 LANCES EM \"X\" E LAJE CASCATA, EM CHAPA DE MADEIRA COMPENSADA RESINADA, 2 UTILIZAÇÕES. AF_11/2020","M2",276.95,0]
["Escadas",102069,"MONTAGEM E DESMONTAGEM DE FÔRMA PARA ESCADA DUPLA COM 2 LANCES EM \"X\" E LAJE CASCATA, EM CHAPA DE MADEIRA COMPENSADA RESINADA, 4 UTILIZAÇÕES. AF_11/2020","M2",255.69,0]
["Escadas",102066,"MONTAGEM E DESMONTAGEM DE FÔRMA PARA ESCADA DUPLA COM 2 LANCES EM \"X\" E LAJE CASCATA, EM MADEIRA SERRADA, 1 UTILIZAÇÃO. AF_11/2020","M2",531.57000000000005,0]
["Escadas",102067,"MONTAGEM E DESMONTAGEM DE FÔRMA PARA ESCADA DUPLA COM 2 LANCES EM \"X\" E LAJE CASCATA, EM MADEIRA SERRADA, 2 UTILIZAÇÕES. AF_11/2020","M2",455.22,0]
["Escadas",102065,"MONTAGEM E DESMONTAGEM DE FÔRMA PARA ESCADA DUPLA COM 2 LANCES EM \"X\" E LAJE PLANA, EM CHAPA DE MADEIRA COMPENSADA PLASTIFICADA, 10 UTILIZAÇÕES. AF_11/2020","M2",199.08,0]
["Escadas",102063,"MONTAGEM E DESMONTAGEM DE FÔRMA PARA ESCADA DUPLA COM 2 LANCES EM \"X\" E LAJE PLANA, EM CHAPA DE MADEIRA COMPENSADA PLASTIFICADA, 6 UTILIZAÇÕES. AF_11/2020","M2",241.75,0]
["Escadas",102064,"MONTAGEM E DESMONTAGEM DE FÔRMA PARA ESCADA DUPLA COM 2 LANCES EM \"X\" E LAJE PLANA, EM CHAPA DE MADEIRA COMPENSADA PLASTIFICADA, 8 UTILIZAÇÕES. AF_11/2020","M2",214.31,0]
["Escadas",102061,"MONTAGEM E DESMONTAGEM DE FÔRMA PARA ESCADA DUPLA COM 2 LANCES EM \"X\" E LAJE PLANA, EM CHAPA DE MADEIRA COMPENSADA RESINADA, 2 UTILIZAÇÕES. AF_11/2020","M2",308.14,0]
["Escadas",102062,"MONTAGEM E DESMONTAGEM DE FÔRMA PARA ESCADA DUPLA COM 2 LANCES EM \"X\" E LAJE PLANA, EM CHAPA DE MADEIRA COMPENSADA RESINADA, 4 UTILIZAÇÕES. AF_11/2020","M2",287.58999999999997,0]
["Escadas",102059,"MONTAGEM E DESMONTAGEM DE FÔRMA PARA ESCADA DUPLA COM 2 LANCES EM \"X\" E LAJE PLANA, EM MADEIRA SERRADA, 1 UTILIZAÇÃO. AF_11/2020","M2",513.42999999999995,0]
["Escadas",102060,"MONTAGEM E DESMONTAGEM DE FÔRMA PARA ESCADA DUPLA COM 2 LANCES EM \"X\" E LAJE PLANA, EM MADEIRA SERRADA, 2 UTILIZAÇÕES. AF_11/2020","M2",431.59,0]
["Escadas",102052,"MONTAGEM E DESMONTAGEM DE FÔRMA PARA ESCADAS, COM 1 LANCE E LAJE CASCATA, EM CHAPA DE MADEIRA COMPENSADA PLASTIFICADA, 10 UTILIZAÇÕES. AF_11/2020","M2",189.37,0]
["Escadas",102050,"MONTAGEM E DESMONTAGEM DE FÔRMA PARA ESCADAS, COM 1 LANCE E LAJE CASCATA, EM CHAPA DE MADEIRA COMPENSADA PLASTIFICADA, 6 UTILIZAÇÕES. AF_11/2020","M2",231.21,0]
["Escadas",102051,"MONTAGEM E DESMONTAGEM DE FÔRMA PARA ESCADAS, COM 1 LANCE E LAJE CASCATA, EM CHAPA DE MADEIRA COMPENSADA PLASTIFICADA, 8 UTILIZAÇÕES. AF_11/2020","M2",204.35,0]
["Escadas",102048,"MONTAGEM E DESMONTAGEM DE FÔRMA PARA ESCADAS, COM 1 LANCE E LAJE CASCATA, EM CHAPA DE MADEIRA COMPENSADA RESINADA, 2 UTILIZAÇÕES. AF_11/2020","M2",300.38,0]
["Escadas",102049,"MONTAGEM E DESMONTAGEM DE FÔRMA PARA ESCADAS, COM 1 LANCE E LAJE CASCATA, EM CHAPA DE MADEIRA COMPENSADA RESINADA, 4 UTILIZAÇÕES. AF_11/2020","M2",269.23,0]
["Escadas",102046,"MONTAGEM E DESMONTAGEM DE FÔRMA PARA ESCADAS, COM 1 LANCE E LAJE CASCATA, EM MADEIRA SERRADA, 1 UTILIZAÇÃO. AF_11/2020","M2",595.46,0]
["Escadas",102047,"MONTAGEM E DESMONTAGEM DE FÔRMA PARA ESCADAS, COM 1 LANCE E LAJE CASCATA, EM MADEIRA SERRADA, 2 UTILIZAÇÕES. AF_11/2020","M2",507.43,0]
["Escadas",102045,"MONTAGEM E DESMONTAGEM DE FÔRMA PARA ESCADAS, COM 1 LANCE E LAJE PLANA, EM CHAPA DE MADEIRA COMPENSADA PLASTIFICADA, 10 UTILIZAÇÕES. AF_11/2020","M2",210.95,0]
["Escadas",102043,"MONTAGEM E DESMONTAGEM DE FÔRMA PARA ESCADAS, COM 1 LANCE E LAJE PLANA, EM CHAPA DE MADEIRA COMPENSADA PLASTIFICADA, 6 UTILIZAÇÕES. AF_11/2020","M2",254.33,0]
["Escadas",102044,"MONTAGEM E DESMONTAGEM DE FÔRMA PARA ESCADAS, COM 1 LANCE E LAJE PLANA, EM CHAPA DE MADEIRA COMPENSADA PLASTIFICADA, 8 UTILIZAÇÕES. AF_11/2020","M2",227.22,0]
["Escadas",102041,"MONTAGEM E DESMONTAGEM DE FÔRMA PARA ESCADAS, COM 1 LANCE E LAJE PLANA, EM CHAPA DE MADEIRA COMPENSADA RESINADA, 2 UTILIZAÇÕES. AF_11/2020","M2",331.07,0]
["Escadas",102042,"MONTAGEM E DESMONTAGEM DE FÔRMA PARA ESCADAS, COM 1 LANCE E LAJE PLANA, EM CHAPA DE MADEIRA COMPENSADA RESINADA, 4 UTILIZAÇÕES. AF_11/2020","M2",301.54000000000002,0]
["Escadas",102039,"MONTAGEM E DESMONTAGEM DE FÔRMA PARA ESCADAS, COM 1 LANCE E LAJE PLANA, EM MADEIRA SERRADA, 1 UTILIZAÇÃO. AF_11/2020","M2",550.51,0]
["Escadas",102040,"MONTAGEM E DESMONTAGEM DE FÔRMA PARA ESCADAS, COM 1 LANCE E LAJE PLANA, EM MADEIRA SERRADA, 2 UTILIZAÇÕES. AF_11/2020","M2",458.7,0]
["Escadas",102038,"MONTAGEM E DESMONTAGEM DE FÔRMA PARA ESCADAS, COM 2 LANCES EM \"L\" E LAJE CASCATA, EM CHAPA DE MADEIRA COMPENSADA PLASTIFICADA, 10 UTILIZAÇÕES. AF_11/2020","M2",200.55,0]
["Escadas",102036,"MONTAGEM E DESMONTAGEM DE FÔRMA PARA ESCADAS, COM 2 LANCES EM \"L\" E LAJE CASCATA, EM CHAPA DE MADEIRA COMPENSADA PLASTIFICADA, 6 UTILIZAÇÕES. AF_11/2020","M2",242.66,0]
["Escadas",102037,"MONTAGEM E DESMONTAGEM DE FÔRMA PARA ESCADAS, COM 2 LANCES EM \"L\" E LAJE CASCATA, EM CHAPA DE MADEIRA COMPENSADA PLASTIFICADA, 8 UTILIZAÇÕES. AF_11/2020","M2",215.62,0]
["Escadas",102016,"MONTAGEM E DESMONTAGEM DE FÔRMA PARA ESCADAS, COM 2 LANCES EM \"L\" E LAJE CASCATA, EM CHAPA DE MADEIRA COMPENSADA RESINADA, 2 UTILIZAÇÕES. AF_11/2020","M2",310.14999999999998,0]
["Escadas",102017,"MONTAGEM E DESMONTAGEM DE FÔRMA PARA ESCADAS, COM 2 LANCES EM \"L\" E LAJE CASCATA, EM CHAPA DE MADEIRA COMPENSADA RESINADA, 4 UTILIZAÇÕES. AF_11/2020","M2",283.14,0]
["Escadas",102014,"MONTAGEM E DESMONTAGEM DE FÔRMA PARA ESCADAS, COM 2 LANCES EM \"L\" E LAJE CASCATA, EM MADEIRA SERRADA, 1 UTILIZAÇÃO. AF_11/2020","M2",585.74,0]
["Escadas",102015,"MONTAGEM E DESMONTAGEM DE FÔRMA PARA ESCADAS, COM 2 LANCES EM \"L\" E LAJE CASCATA, EM MADEIRA SERRADA, 2 UTILIZAÇÕES. AF_11/2020","M2",490.82,0]
["Escadas",102013,"MONTAGEM E DESMONTAGEM DE FÔRMA PARA ESCADAS, COM 2 LANCES EM \"L\" E LAJE PLANA, EM CHAPA DE MADEIRA COMPENSADA PLASTIFICADA, 10 UTILIZAÇÕES. AF_11/2020","M2",213.59,0]
["Escadas",102011,"MONTAGEM E DESMONTAGEM DE FÔRMA PARA ESCADAS, COM 2 LANCES EM \"L\" E LAJE PLANA, EM CHAPA DE MADEIRA COMPENSADA PLASTIFICADA, 6 UTILIZAÇÕES. AF_11/2020","M2",257.31,0]
["Escadas",102012,"MONTAGEM E DESMONTAGEM DE FÔRMA PARA ESCADAS, COM 2 LANCES EM \"L\" E LAJE PLANA, EM CHAPA DE MADEIRA COMPENSADA PLASTIFICADA, 8 UTILIZAÇÕES. AF_11/2020","M2",229.23,0]
["Escadas",102009,"MONTAGEM E DESMONTAGEM DE FÔRMA PARA ESCADAS, COM 2 LANCES EM \"L\" E LAJE PLANA, EM CHAPA DE MADEIRA COMPENSADA RESINADA, 2 UTILIZAÇÕES. AF_11/2020","M2",331.98,0]
["Escadas",102010,"MONTAGEM E DESMONTAGEM DE FÔRMA PARA ESCADAS, COM 2 LANCES EM \"L\" E LAJE PLANA, EM CHAPA DE MADEIRA COMPENSADA RESINADA, 4 UTILIZAÇÕES. AF_11/2020","M2",305.70999999999998,0]
["Escadas",102007,"MONTAGEM E DESMONTAGEM DE FÔRMA PARA ESCADAS, COM 2 LANCES EM \"L\" E LAJE PLANA, EM MADEIRA SERRADA, 1 UTILIZAÇÃO. AF_11/2020","M2",526.59,0]
["Escadas",102008,"MONTAGEM E DESMONTAGEM DE FÔRMA PARA ESCADAS, COM 2 LANCES EM \"L\" E LAJE PLANA, EM MADEIRA SERRADA, 2 UTILIZAÇÕES. AF_11/2020","M2",440.1,0]
["Escadas",102006,"MONTAGEM E DESMONTAGEM DE FÔRMA PARA ESCADAS, COM 2 LANCES EM \"U\" E LAJE CASCATA, EM CHAPA DE MADEIRA COMPENSADA PLASTIFICADA, 10 UTILIZAÇÕES. AF_11/2020","M2",204.24,0]
["Escadas",102004,"MONTAGEM E DESMONTAGEM DE FÔRMA PARA ESCADAS, COM 2 LANCES EM \"U\" E LAJE CASCATA, EM CHAPA DE MADEIRA COMPENSADA PLASTIFICADA, 6 UTILIZAÇÕES. AF_11/2020","M2",247.94,0]
["Escadas",102005,"MONTAGEM E DESMONTAGEM DE FÔRMA PARA ESCADAS, COM 2 LANCES EM \"U\" E LAJE CASCATA, EM CHAPA DE MADEIRA COMPENSADA PLASTIFICADA, 8 UTILIZAÇÕES. AF_11/2020","M2",221.11,0]
["Escadas",102002,"MONTAGEM E DESMONTAGEM DE FÔRMA PARA ESCADAS, COM 2 LANCES EM \"U\" E LAJE CASCATA, EM CHAPA DE MADEIRA COMPENSADA RESINADA, 2 UTILIZAÇÕES. AF_11/2020","M2",311.32,0]
["Escadas",102003,"MONTAGEM E DESMONTAGEM DE FÔRMA PARA ESCADAS, COM 2 LANCES EM \"U\" E LAJE CASCATA, EM CHAPA DE MADEIRA COMPENSADA RESINADA, 4 UTILIZAÇÕES. AF_11/2020","M2",286.57,0]
["Escadas",102000,"MONTAGEM E DESMONTAGEM DE FÔRMA PARA ESCADAS, COM 2 LANCES EM \"U\" E LAJE CASCATA, EM MADEIRA SERRADA, 1 UTILIZAÇÃO. AF_11/2020","M2",540.24,0]
["Escadas",102001,"MONTAGEM E DESMONTAGEM DE FÔRMA PARA ESCADAS, COM 2 LANCES EM \"U\" E LAJE CASCATA, EM MADEIRA SERRADA, 2 UTILIZAÇÕES. AF_11/2020","M2",465.09,0]
["Escadas",101983,"MONTAGEM E DESMONTAGEM DE FÔRMA PARA ESCADAS, COM 2 LANCES EM \"U\" E LAJE PLANA, EM CHAPA DE MADEIRA COMPENSADA PLASTIFICADA, 10 UTILIZAÇÕES. AF_11/2020","M2",216.87,0]
["Escadas",101981,"MONTAGEM E DESMONTAGEM DE FÔRMA PARA ESCADAS, COM 2 LANCES EM \"U\" E LAJE PLANA, EM CHAPA DE MADEIRA COMPENSADA PLASTIFICADA, 6 UTILIZAÇÕES. AF_11/2020","M2",261.02999999999997,0]
["Escadas",101982,"MONTAGEM E DESMONTAGEM DE FÔRMA PARA ESCADAS, COM 2 LANCES EM \"U\" E LAJE PLANA, EM CHAPA DE MADEIRA COMPENSADA PLASTIFICADA, 8 UTILIZAÇÕES. AF_11/2020","M2",233.92,0]
["Escadas",101977,"MONTAGEM E DESMONTAGEM DE FÔRMA PARA ESCADAS, COM 2 LANCES EM \"U\" E LAJE PLANA, EM CHAPA DE MADEIRA COMPENSADA RESINADA, 2 UTILIZAÇÕES. AF_11/2020","M2",330.08,0]
["Escadas",101980,"MONTAGEM E DESMONTAGEM DE FÔRMA PARA ESCADAS, COM 2 LANCES EM \"U\" E LAJE PLANA, EM CHAPA DE MADEIRA COMPENSADA RESINADA, 4 UTILIZAÇÕES. AF_11/2020","M2",307.02,0]
["Escadas",101974,"MONTAGEM E DESMONTAGEM DE FÔRMA PARA ESCADAS, COM 2 LANCES EM \"U\" E LAJE PLANA, EM MADEIRA SERRADA, 1 UTILIZAÇÃO. AF_11/2020","M2",534.52,0]
["Escadas",101975,"MONTAGEM E DESMONTAGEM DE FÔRMA PARA ESCADAS, COM 2 LANCES EM \"U\" E LAJE PLANA, EM MADEIRA SERRADA, 2 UTILIZAÇÕES. AF_11/2020","M2",454.8,0]
["Escavação Horizontal",101114,"ESCAVAÇÃO HORIZONTAL EM SOLO DE 1A CATEGORIA COM TRATOR DE ESTEIRAS (100HP/LÂMINA: 2,19M3). AF_07/2020","M3",4.41,0.49430000000000002]
["Escavação Horizontal",101118,"ESCAVAÇÃO HORIZONTAL EM SOLO DE 1A CATEGORIA COM TRATOR DE ESTEIRAS (125HP/LÂMINA: 2,70M3). AF_07/2020","M3",3.79,0.48549999999999999]
["Escavação Horizontal",101115,"ESCAVAÇÃO HORIZONTAL EM SOLO DE 1A CATEGORIA COM TRATOR DE ESTEIRAS (150HP/LÂMINA: 3,18M3). AF_07/2020","M3",3.71,0.52559999999999996]
["Escavação Horizontal",101116,"ESCAVAÇÃO HORIZONTAL EM SOLO DE 1A CATEGORIA COM TRATOR DE ESTEIRAS (170HP/LÂMINA: 5,20M3). AF_07/2020","M3",2.31,0.51080000000000003]
["Escavação Horizontal",101117,"ESCAVAÇÃO HORIZONTAL EM SOLO DE 1A CATEGORIA COM TRATOR DE ESTEIRAS (347HP/LÂMINA: 8,70M3). AF_07/2020","M3",3.32,0.70179999999999998]
["Escavação Horizontal",101124,"ESCAVAÇÃO HORIZONTAL, INCLUINDO CARGA E DESCARGA EM SOLO DE 1A CATEGORIA COM TRATOR DE ESTEIRAS (100HP/LÂMINA: 2,19M3). AF_07/2020","M3",14.97,0.27989999999999998]
["Escavação Horizontal",101128,"ESCAVAÇÃO HORIZONTAL, INCLUINDO CARGA E DESCARGA EM SOLO DE 1A CATEGORIA COM TRATOR DE ESTEIRAS (125HP/LÂMINA: 2,70M3). AF_07/2020","M3",14.35,0.26829999999999998]
["Escavação Horizontal",101125,"ESCAVAÇÃO HORIZONTAL, INCLUINDO CARGA E DESCARGA EM SOLO DE 1A CATEGORIA COM TRATOR DE ESTEIRAS (150HP/LÂMINA: 3,18M3). AF_07/2020","M3",14.27,0.27750000000000002]
["Escavação Horizontal",101126,"ESCAVAÇÃO HORIZONTAL, INCLUINDO CARGA E DESCARGA EM SOLO DE 1A CATEGORIA COM TRATOR DE ESTEIRAS (170HP/LÂMINA: 5,20M3). AF_07/2020","M3",12.87,0.24790000000000001]
["Escavação Horizontal",101127,"ESCAVAÇÃO HORIZONTAL, INCLUINDO CARGA E DESCARGA EM SOLO DE 1A CATEGORIA COM TRATOR DE ESTEIRAS (347HP/LÂMINA: 8,70M3). AF_07/2020","M3",13.88,0.31269999999999998]
["Escavação Horizontal",101134,"ESCAVAÇÃO HORIZONTAL, INCLUINDO CARGA, DESCARGA E TRANSPORTE EM SOLO DE 1A CATEGORIA COM TRATOR DE ESTEIRAS (100HP/LÂMINA: 2,19M3) E CAMINHÃO BASCULANTE DE 10M3, DMT ATÉ 200M. AF_07/2020","M3",15.64,0.26979999999999998]
["Escavação Horizontal",101144,"ESCAVAÇÃO HORIZONTAL, INCLUINDO CARGA, DESCARGA E TRANSPORTE EM SOLO DE 1A CATEGORIA COM TRATOR DE ESTEIRAS (100HP/LÂMINA: 2,19M3) E CAMINHÃO BASCULANTE DE 14M3, DMT ATÉ 200M. AF_07/2020","M3",15.58,0.47299999999999998]
["Escavação Horizontal",101138,"ESCAVAÇÃO HORIZONTAL, INCLUINDO CARGA, DESCARGA E TRANSPORTE EM SOLO DE 1A CATEGORIA COM TRATOR DE ESTEIRAS (125HP/LÂMINA: 2,70M3) E CAMINHÃO BASCULANTE DE 10M3, DMT ATÉ 200M. AF_07/2020","M3",15.02,0.25829999999999997]
["Escavação Horizontal",101148,"ESCAVAÇÃO HORIZONTAL, INCLUINDO CARGA, DESCARGA E TRANSPORTE EM SOLO DE 1A CATEGORIA COM TRATOR DE ESTEIRAS (125HP/LÂMINA: 2,70M3) E CAMINHÃO BASCULANTE DE 14M3, DMT ATÉ 200M. AF_07/2020","M3",14.96,0.46989999999999998]
["Escavação Horizontal",101135,"ESCAVAÇÃO HORIZONTAL, INCLUINDO CARGA, DESCARGA E TRANSPORTE EM SOLO DE 1A CATEGORIA COM TRATOR DE ESTEIRAS (150HP/LÂMINA: 3,18M3) E CAMINHÃO BASCULANTE DE 10M3, DMT ATÉ 200M AF_07/2020","M3",14.94,0.2671]
["Escavação Horizontal",101145,"ESCAVAÇÃO HORIZONTAL, INCLUINDO CARGA, DESCARGA E TRANSPORTE EM SOLO DE 1A CATEGORIA COM TRATOR DE ESTEIRAS (150HP/LÂMINA: 3,18M3) E CAMINHÃO BASCULANTE DE 14M3, DMT ATÉ 200M. AF_07/2020","M3",14.88,0.4798]
["Escavação Horizontal",101136,"ESCAVAÇÃO HORIZONTAL, INCLUINDO CARGA, DESCARGA E TRANSPORTE EM SOLO DE 1A CATEGORIA COM TRATOR DE ESTEIRAS (170HP/LÂMINA: 5,20M3) E CAMINHÃO BASCULANTE DE 10M3, DMT ATÉ 200M. AF_07/2020","M3",13.54,0.23780000000000001]
["Escavação Horizontal",101146,"ESCAVAÇÃO HORIZONTAL, INCLUINDO CARGA, DESCARGA E TRANSPORTE EM SOLO DE 1A CATEGORIA COM TRATOR DE ESTEIRAS (170HP/LÂMINA: 5,20M3) E CAMINHÃO BASCULANTE DE 14M3, DMT ATÉ 200M. AF_07/2020","M3",13.48,0.47260000000000002]
["Escavação Horizontal",101137,"ESCAVAÇÃO HORIZONTAL, INCLUINDO CARGA, DESCARGA E TRANSPORTE EM SOLO DE 1A CATEGORIA COM TRATOR DE ESTEIRAS (347HP/LÂMINA: 8,70M3) E CAMINHÃO BASCULANTE DE 10M3, DMT ATÉ 200M. AF_07/2020","M3",14.55,0.30030000000000001]
["Escavação Horizontal",101147,"ESCAVAÇÃO HORIZONTAL, INCLUINDO CARGA, DESCARGA E TRANSPORTE EM SOLO DE 1A CATEGORIA COM TRATOR DE ESTEIRAS (347HP/LÂMINA: 8,70M3) E CAMINHÃO BASCULANTE DE 14M3, DMT ATÉ 200M. AF_07/2020","M3",14.49,0.51900000000000002]
["Escavação Horizontal",101119,"ESCAVAÇÃO HORIZONTAL, INCLUINDO ESCARIFICAÇÃO EM SOLO DE 2A CATEGORIA COM TRATOR DE ESTEIRAS (100HP/LÂMINA: 2,19M3). AF_07/2020","M3",8.42,0.49409999999999998]
["Escavação Horizontal",101123,"ESCAVAÇÃO HORIZONTAL, INCLUINDO ESCARIFICAÇÃO EM SOLO DE 2A CATEGORIA COM TRATOR DE ESTEIRAS (125HP/LÂMINA: 2,70M3). AF_07/2020","M3",7.25,0.48549999999999999]
["Escavação Horizontal",101120,"ESCAVAÇÃO HORIZONTAL, INCLUINDO ESCARIFICAÇÃO EM SOLO DE 2A CATEGORIA COM TRATOR DE ESTEIRAS (150HP/LÂMINA: 3,18M3). AF_07/2020","M3",7.11,0.5232]
["Escavação Horizontal",101121,"ESCAVAÇÃO HORIZONTAL, INCLUINDO ESCARIFICAÇÃO EM SOLO DE 2A CATEGORIA COM TRATOR DE ESTEIRAS (170HP/LÂMINA: 5,20M3). AF_07/2020","M3",4.43,0.50790000000000002]
["Escavação Horizontal",101122,"ESCAVAÇÃO HORIZONTAL, INCLUINDO ESCARIFICAÇÃO EM SOLO DE 2A CATEGORIA COM TRATOR DE ESTEIRAS (347HP/LÂMINA: 8,70M3). AF_07/2020","M3",6.34,0.70350000000000001]
["Escavação Horizontal",101129,"ESCAVAÇÃO HORIZONTAL, INCLUINDO ESCARIFICAÇÃO, CARGA E DESCARGA EM SOLO DE 2A CATEGORIA COM TRATOR DE ESTEIRAS (100HP/LÂMINA: 2,19M3). AF_07/2020","M3",19.399999999999999,0.32219999999999999]
["Escavação Horizontal",101133,"ESCAVAÇÃO HORIZONTAL, INCLUINDO ESCARIFICAÇÃO, CARGA E DESCARGA EM SOLO DE 2A CATEGORIA COM TRATOR DE ESTEIRAS (125HP/LÂMINA: 2,70M3). AF_07/2020","M3",18.23,0.30769999999999997]
["Escavação Horizontal",101130,"ESCAVAÇÃO HORIZONTAL, INCLUINDO ESCARIFICAÇÃO, CARGA E DESCARGA EM SOLO DE 2A CATEGORIA COM TRATOR DE ESTEIRAS (150HP/LÂMINA: 3,18M3). AF_07/2020","M3",18.09,0.32119999999999999]
["Escavação Horizontal",101131,"ESCAVAÇÃO HORIZONTAL, INCLUINDO ESCARIFICAÇÃO, CARGA E DESCARGA EM SOLO DE 2A CATEGORIA COM TRATOR DE ESTEIRAS (170HP/LÂMINA: 5,20M3). AF_07/2020","M3",15.41,0.28160000000000002]
["Escavação Horizontal",101132,"ESCAVAÇÃO HORIZONTAL, INCLUINDO ESCARIFICAÇÃO, CARGA E DESCARGA EM SOLO DE 2A CATEGORIA COM TRATOR DE ESTEIRAS (347HP/LÂMINA: 8,70M3). AF_07/2020","M3",17.32,0.37819999999999998]
["Escavação Horizontal",101139,"ESCAVAÇÃO HORIZONTAL, INCLUINDO ESCARIFICAÇÃO, CARGA, DESCARGA E TRANSPORTE EM SOLO DE 2A CATEGORIA COM TRATOR DE ESTEIRAS (100HP/LÂMINA: 2,19M3) E CAMINHÃO BASCULANTE DE 10M3, DMT ATÉ 200M. AF_07/2020","M3",20.09,0.31259999999999999]
["Escavação Horizontal",101149,"ESCAVAÇÃO HORIZONTAL, INCLUINDO ESCARIFICAÇÃO, CARGA, DESCARGA E TRANSPORTE EM SOLO DE 2A CATEGORIA COM TRATOR DE ESTEIRAS (100HP/LÂMINA: 2,19M3) E CAMINHÃO BASCULANTE DE 14M3, DMT ATÉ 200M. AF_07/2020","M3",20.04,0.47649999999999998]
["Escavação Horizontal",101143,"ESCAVAÇÃO HORIZONTAL, INCLUINDO ESCARIFICAÇÃO, CARGA, DESCARGA E TRANSPORTE EM SOLO DE 2A CATEGORIA COM TRATOR DE ESTEIRAS (125HP/LÂMINA: 2,70M3) E CAMINHÃO BASCULANTE DE 10M3, DMT ATÉ 200M. AF_07/2020","M3",18.920000000000002,0.29809999999999998]
["Escavação Horizontal",101153,"ESCAVAÇÃO HORIZONTAL, INCLUINDO ESCARIFICAÇÃO, CARGA, DESCARGA E TRANSPORTE EM SOLO DE 2A CATEGORIA COM TRATOR DE ESTEIRAS (125HP/LÂMINA: 2,70M3) E CAMINHÃO BASCULANTE DE 14M3, DMT ATÉ 200M. AF_07/2020","M3",18.87,0.47220000000000001]
["Escavação Horizontal",101140,"ESCAVAÇÃO HORIZONTAL, INCLUINDO ESCARIFICAÇÃO, CARGA, DESCARGA E TRANSPORTE EM SOLO DE 2A CATEGORIA COM TRATOR DE ESTEIRAS (150HP/LÂMINA: 3,18M3) E CAMINHÃO BASCULANTE DE 10M3, DMT ATÉ 200M. AF_07/2020","M3",18.78,0.311]
["Escavação Horizontal",101150,"ESCAVAÇÃO HORIZONTAL, INCLUINDO ESCARIFICAÇÃO, CARGA, DESCARGA E TRANSPORTE EM SOLO DE 2A CATEGORIA COM TRATOR DE ESTEIRAS (150HP/LÂMINA: 3,18M3) E CAMINHÃO BASCULANTE DE 14M3, DMT ATÉ 200M. AF_07/2020","M3",18.73,0.4864]
["Escavação Horizontal",101141,"ESCAVAÇÃO HORIZONTAL, INCLUINDO ESCARIFICAÇÃO, CARGA, DESCARGA E TRANSPORTE EM SOLO DE 2A CATEGORIA COM TRATOR DE ESTEIRAS (170HP/LÂMINA: 5,20M3) E CAMINHÃO BASCULANTE DE 10M3, DMT ATÉ 200M. AF_07/2020","M3",16.100000000000001,0.27139999999999997]
["Escavação Horizontal",101151,"ESCAVAÇÃO HORIZONTAL, INCLUINDO ESCARIFICAÇÃO, CARGA, DESCARGA E TRANSPORTE EM SOLO DE 2A CATEGORIA COM TRATOR DE ESTEIRAS (170HP/LÂMINA: 5,20M3) E CAMINHÃO BASCULANTE DE 14M3, DMT ATÉ 200M. AF_07/2020","M3",16.05,0.47599999999999998]
["Escavação Horizontal",101142,"ESCAVAÇÃO HORIZONTAL, INCLUINDO ESCARIFICAÇÃO, CARGA, DESCARGA E TRANSPORTE EM SOLO DE 2A CATEGORIA COM TRATOR DE ESTEIRAS (347HP/LÂMINA: 8,70M3) E CAMINHÃO BASCULANTE DE 10M3, DMT ATÉ 200M. AF_07/2020","M3",18.010000000000002,0.3654]
["Escavação Horizontal",101152,"ESCAVAÇÃO HORIZONTAL, INCLUINDO ESCARIFICAÇÃO, CARGA, DESCARGA E TRANSPORTE EM SOLO DE 2A CATEGORIA COM TRATOR DE ESTEIRAS (347HP/LÂMINA: 8,70M3) E CAMINHÃO BASCULANTE DE 14M3, DMT ATÉ 200M. AF_07/2020","M3",17.96,0.5484]
["Escavação Vertical a Céu Aberto",101207,"ESCAVAÇÃO VERTICAL PARA EDIFICAÇÃO, COM CARGA, DESCARGA E TRANSPORTE DE SOLO DE 1ª CATEGORIA, COM ESCAVADEIRA HIDRÁULICA (CAÇAMBA: 0,8 M³ / 111 HP), FROTA DE 2 CAMINHÕES BASCULANTES DE 18 M³, DMT ATÉ 1 KM E VELOCIDADE MÉDIA 14 KM/H. AF_05/2020","M3",10.84,0.29339999999999999]
["Escavação Vertical a Céu Aberto",101206,"ESCAVAÇÃO VERTICAL PARA EDIFICAÇÃO, COM CARGA, DESCARGA E TRANSPORTE DE SOLO DE 1ª CATEGORIA, COM ESCAVADEIRA HIDRÁULICA (CAÇAMBA: 0,8 M³ / 111 HP), FROTA DE 3 CAMINHÕES BASCULANTES DE 14 M³, DMT ATÉ 1 KM E VELOCIDADE MÉDIA 14 KM/H. AF_05/2020","M3",12.59,0.33279999999999998]
["Escavação Vertical a Céu Aberto",101210,"ESCAVAÇÃO VERTICAL PARA EDIFICAÇÃO, COM CARGA, DESCARGA E TRANSPORTE DE SOLO DE 1ª CATEGORIA, COM ESCAVADEIRA HIDRÁULICA (CAÇAMBA: 0,8 M³ / 111 HP), FROTA DE 4 CAMINHÕES BASCULANTES DE 14 M³, DMT DE 1,5 KM E VELOCIDADE MÉDIA 18 KM/H. AF_05/2020","M3",17.55,0.33960000000000001]
["Escavação Vertical a Céu Aberto",101211,"ESCAVAÇÃO VERTICAL PARA EDIFICAÇÃO, COM CARGA, DESCARGA E TRANSPORTE DE SOLO DE 1ª CATEGORIA, COM ESCAVADEIRA HIDRÁULICA (CAÇAMBA: 0,8 M³ / 111 HP), FROTA DE 4 CAMINHÕES BASCULANTES DE 14 M³, DMT DE 2 KM E VELOCIDADE MÉDIA 19 KM/H. AF_05/2020","M3",18.84,0.34289999999999998]
["Escavação Vertical a Céu Aberto",101215,"ESCAVAÇÃO VERTICAL PARA EDIFICAÇÃO, COM CARGA, DESCARGA E TRANSPORTE DE SOLO DE 1ª CATEGORIA, COM ESCAVADEIRA HIDRÁULICA (CAÇAMBA: 0,8 M³ / 111 HP), FROTA DE 4 CAMINHÕES BASCULANTES DE 18 M³, DMT DE 1,5 KM E VELOCIDADE MÉDIA 18 KM/H. AF_05/2020","M3",16.89,0.34460000000000002]
["Escavação Vertical a Céu Aberto",101216,"ESCAVAÇÃO VERTICAL PARA EDIFICAÇÃO, COM CARGA, DESCARGA E TRANSPORTE DE SOLO DE 1ª CATEGORIA, COM ESCAVADEIRA HIDRÁULICA (CAÇAMBA: 0,8 M³ / 111 HP), FROTA DE 4 CAMINHÕES BASCULANTES DE 18 M³, DMT DE 2 KM E VELOCIDADE MÉDIA 19 KM/H. AF_05/2020","M3",17.7,0.3412]
["Escavação Vertical a Céu Aberto",101212,"ESCAVAÇÃO VERTICAL PARA EDIFICAÇÃO, COM CARGA, DESCARGA E TRANSPORTE DE SOLO DE 1ª CATEGORIA, COM ESCAVADEIRA HIDRÁULICA (CAÇAMBA: 0,8 M³ / 111 HP), FROTA DE 5 CAMINHÕES BASCULANTES DE 14 M³, DMT DE 3 KM E VELOCIDADE MÉDIA 20 KM/H. AF_05/2020","M3",22,0.35639999999999999]
["Escavação Vertical a Céu Aberto",101217,"ESCAVAÇÃO VERTICAL PARA EDIFICAÇÃO, COM CARGA, DESCARGA E TRANSPORTE DE SOLO DE 1ª CATEGORIA, COM ESCAVADEIRA HIDRÁULICA (CAÇAMBA: 0,8 M³ / 111 HP), FROTA DE 5 CAMINHÕES BASCULANTES DE 18 M³, DMT DE 3 KM E VELOCIDADE MÉDIA 20 KM/H. AF_05/2020","M3",20.62,0.35599999999999998]
["Escavação Vertical a Céu Aberto",101218,"ESCAVAÇÃO VERTICAL PARA EDIFICAÇÃO, COM CARGA, DESCARGA E TRANSPORTE DE SOLO DE 1ª CATEGORIA, COM ESCAVADEIRA HIDRÁULICA (CAÇAMBA: 0,8 M³ / 111 HP), FROTA DE 5 CAMINHÕES BASCULANTES DE 18 M³, DMT DE 4 KM E VELOCIDADE MÉDIA 22 KM/H. AF_05/2020","M3",21.81,0.3508]
["Escavação Vertical a Céu Aberto",101213,"ESCAVAÇÃO VERTICAL PARA EDIFICAÇÃO, COM CARGA, DESCARGA E TRANSPORTE DE SOLO DE 1ª CATEGORIA, COM ESCAVADEIRA HIDRÁULICA (CAÇAMBA: 0,8 M³ / 111 HP), FROTA DE 6 CAMINHÕES BASCULANTES DE 14 M³, DMT DE 4 KM E VELOCIDADE MÉDIA 22 KM/H. AF_05/2020","M3",24.63,0.36870000000000003]
["Escavação Vertical a Céu Aberto",101219,"ESCAVAÇÃO VERTICAL PARA EDIFICAÇÃO, COM CARGA, DESCARGA E TRANSPORTE DE SOLO DE 1ª CATEGORIA, COM ESCAVADEIRA HIDRÁULICA (CAÇAMBA: 0,8 M³ / 111 HP), FROTA DE 6 CAMINHÕES BASCULANTES DE 18 M³, DMT DE 6 KM E VELOCIDADE MÉDIA 22 KM/H. AF_05/2020","M3",26.43,0.35599999999999998]
["Escavação Vertical a Céu Aberto",101214,"ESCAVAÇÃO VERTICAL PARA EDIFICAÇÃO, COM CARGA, DESCARGA E TRANSPORTE DE SOLO DE 1ª CATEGORIA, COM ESCAVADEIRA HIDRÁULICA (CAÇAMBA: 0,8 M³ / 111 HP), FROTA DE 7 CAMINHÕES BASCULANTES DE 14 M³, DMT DE 6 KM E VELOCIDADE MÉDIA 22 KM/H. AF_05/2020","M3",29.74,0.3705]
["Escavação Vertical a Céu Aberto",101254,"ESCAVAÇÃO VERTICAL PARA EDIFICAÇÃO, COM CARGA, DESCARGA E TRANSPORTE DE SOLO DE 1ª CATEGORIA, COM ESCAVADEIRA HIDRÁULICA (CAÇAMBA: 0,8 M³ / 111HP), FROTA DE 3 CAMINHÕES BASCULANTES DE 10 M³, DMT ATÉ 1 KM E VELOCIDADE MÉDIA 14 KM/H. AF_05/2020","M3",12.82,4.0599999999999997E-2]
["Escavação Vertical a Céu Aberto",101256,"ESCAVAÇÃO VERTICAL PARA EDIFICAÇÃO, COM CARGA, DESCARGA E TRANSPORTE DE SOLO DE 1ª CATEGORIA, COM ESCAVADEIRA HIDRÁULICA (CAÇAMBA: 0,8 M³ / 111HP), FROTA DE 5 CAMINHÕES BASCULANTES DE 10 M³, DMT DE 1,5 KM E VELOCIDADE MÉDIA 18 KM/H. AF_05/2020","M3",19.8,4.5499999999999999E-2]
["Escavação Vertical a Céu Aberto",101257,"ESCAVAÇÃO VERTICAL PARA EDIFICAÇÃO, COM CARGA, DESCARGA E TRANSPORTE DE SOLO DE 1ª CATEGORIA, COM ESCAVADEIRA HIDRÁULICA (CAÇAMBA: 0,8 M³ / 111HP), FROTA DE 5 CAMINHÕES BASCULANTES DE 10 M³, DMT DE 2 KM E VELOCIDADE MÉDIA 19 KM/H. AF_05/2020","M3",20.85,4.4600000000000001E-2]
["Escavação Vertical a Céu Aberto",101258,"ESCAVAÇÃO VERTICAL PARA EDIFICAÇÃO, COM CARGA, DESCARGA E TRANSPORTE DE SOLO DE 1ª CATEGORIA, COM ESCAVADEIRA HIDRÁULICA (CAÇAMBA: 0,8 M³ / 111HP), FROTA DE 6 CAMINHÕES BASCULANTES DE 10 M³, DMT DE 3 KM E VELOCIDADE MÉDIA 20 KM/H. AF_05/2020","M3",24.2,4.5900000000000003E-2]
["Escavação Vertical a Céu Aberto",101259,"ESCAVAÇÃO VERTICAL PARA EDIFICAÇÃO, COM CARGA, DESCARGA E TRANSPORTE DE SOLO DE 1ª CATEGORIA, COM ESCAVADEIRA HIDRÁULICA (CAÇAMBA: 0,8 M³ / 111HP), FROTA DE 7 CAMINHÕES BASCULANTES DE 10 M³, DMT DE 4 KM E VELOCIDADE MÉDIA 22 KM/H. AF_05/2020","M3",26.9,4.7199999999999999E-2]
["Escavação Vertical a Céu Aberto",101260,"ESCAVAÇÃO VERTICAL PARA EDIFICAÇÃO, COM CARGA, DESCARGA E TRANSPORTE DE SOLO DE 1ª CATEGORIA, COM ESCAVADEIRA HIDRÁULICA (CAÇAMBA: 0,8 M³ / 111HP), FROTA DE 9 CAMINHÕES BASCULANTES DE 10 M³, DMT DE 6 KM E VELOCIDADE MÉDIA 22 KM/H. AF_05/2020","M3",33.64,4.8800000000000003E-2]
["Escavação Vertical a Céu Aberto",101208,"ESCAVAÇÃO VERTICAL PARA EDIFICAÇÃO, COM CARGA, DESCARGA E TRANSPORTE DE SOLO DE 1ª CATEGORIA, COM ESCAVADEIRA HIDRÁULICA (CAÇAMBA: 1,2 M³ / 155 HP), FROTA DE 3 CAMINHÕES BASCULANTES DE 14 M³, DMT ATÉ 1 KM E VELOCIDADE MÉDIA 14 KM/H. AF_05/2020","M3",10.63,0.31890000000000002]
["Escavação Vertical a Céu Aberto",101209,"ESCAVAÇÃO VERTICAL PARA EDIFICAÇÃO, COM CARGA, DESCARGA E TRANSPORTE DE SOLO DE 1ª CATEGORIA, COM ESCAVADEIRA HIDRÁULICA (CAÇAMBA: 1,2 M³ / 155 HP), FROTA DE 3 CAMINHÕES BASCULANTES DE 18 M³, DMT ATÉ 1 KM E VELOCIDADE MÉDIA 14 KM/H. AF_05/2020","M3",9.86,0.31740000000000002]
["Escavação Vertical a Céu Aberto",101220,"ESCAVAÇÃO VERTICAL PARA EDIFICAÇÃO, COM CARGA, DESCARGA E TRANSPORTE DE SOLO DE 1ª CATEGORIA, COM ESCAVADEIRA HIDRÁULICA (CAÇAMBA: 1,2 M³ / 155 HP), FROTA DE 5 CAMINHÕES BASCULANTES DE 14 M³, DMT DE 1,5 KM E VELOCIDADE MÉDIA 18 KM/H. AF_05/2020","M3",16.59,0.35020000000000001]
["Escavação Vertical a Céu Aberto",101221,"ESCAVAÇÃO VERTICAL PARA EDIFICAÇÃO, COM CARGA, DESCARGA E TRANSPORTE DE SOLO DE 1ª CATEGORIA, COM ESCAVADEIRA HIDRÁULICA (CAÇAMBA: 1,2 M³ / 155 HP), FROTA DE 5 CAMINHÕES BASCULANTES DE 14 M³, DMT DE 2 KM E VELOCIDADE MÉDIA 19 KM/H. AF_05/2020","M3",17.52,0.34649999999999997]
["Escavação Vertical a Céu Aberto",101225,"ESCAVAÇÃO VERTICAL PARA EDIFICAÇÃO, COM CARGA, DESCARGA E TRANSPORTE DE SOLO DE 1ª CATEGORIA, COM ESCAVADEIRA HIDRÁULICA (CAÇAMBA: 1,2 M³ / 155 HP), FROTA DE 5 CAMINHÕES BASCULANTES DE 18 M³, DMT DE 1,5 KM E VELOCIDADE MÉDIA 18 KM/H. AF_05/2020","M3",15.24,0.34839999999999999]
["Escavação Vertical a Céu Aberto",101226,"ESCAVAÇÃO VERTICAL PARA EDIFICAÇÃO, COM CARGA, DESCARGA E TRANSPORTE DE SOLO DE 1ª CATEGORIA, COM ESCAVADEIRA HIDRÁULICA (CAÇAMBA: 1,2 M³ / 155 HP), FROTA DE 5 CAMINHÕES BASCULANTES DE 18 M³, DMT DE 2 KM E VELOCIDADE MÉDIA 19 KM/H. AF_05/2020","M3",16.03,0.34499999999999997]
["Escavação Vertical a Céu Aberto",101222,"ESCAVAÇÃO VERTICAL PARA EDIFICAÇÃO, COM CARGA, DESCARGA E TRANSPORTE DE SOLO DE 1ª CATEGORIA, COM ESCAVADEIRA HIDRÁULICA (CAÇAMBA: 1,2 M³ / 155 HP), FROTA DE 6 CAMINHÕES BASCULANTES DE 14 M³, DMT DE 3 KM E VELOCIDADE MÉDIA 20 KM/H. AF_05/2020","M3",20.38,0.35570000000000002]
["Escavação Vertical a Céu Aberto",101227,"ESCAVAÇÃO VERTICAL PARA EDIFICAÇÃO, COM CARGA, DESCARGA E TRANSPORTE DE SOLO DE 1ª CATEGORIA, COM ESCAVADEIRA HIDRÁULICA (CAÇAMBA: 1,2 M³ / 155 HP), FROTA DE 6 CAMINHÕES BASCULANTES DE 18 M³, DMT DE 3 KM E VELOCIDADE MÉDIA 20 KM/H. AF_05/2020","M3",18.600000000000001,0.3543]
["Escavação Vertical a Céu Aberto",101228,"ESCAVAÇÃO VERTICAL PARA EDIFICAÇÃO, COM CARGA, DESCARGA E TRANSPORTE DE SOLO DE 1ª CATEGORIA, COM ESCAVADEIRA HIDRÁULICA (CAÇAMBA: 1,2 M³ / 155 HP), FROTA DE 6 CAMINHÕES BASCULANTES DE 18 M³, DMT DE 4 KM E VELOCIDADE MÉDIA 22 KM/H. AF_05/2020","M3",19.809999999999999,0.3488]
["Escavação Vertical a Céu Aberto",101223,"ESCAVAÇÃO VERTICAL PARA EDIFICAÇÃO, COM CARGA, DESCARGA E TRANSPORTE DE SOLO DE 1ª CATEGORIA, COM ESCAVADEIRA HIDRÁULICA (CAÇAMBA: 1,2 M³ / 155 HP), FROTA DE 7 CAMINHÕES BASCULANTES DE 14 M³, DMT DE 4 KM E VELOCIDADE MÉDIA 22 KM/H. AF_05/2020","M3",22.69,0.3649]
["Escavação Vertical a Céu Aberto",101229,"ESCAVAÇÃO VERTICAL PARA EDIFICAÇÃO, COM CARGA, DESCARGA E TRANSPORTE DE SOLO DE 1ª CATEGORIA, COM ESCAVADEIRA HIDRÁULICA (CAÇAMBA: 1,2 M³ / 155 HP), FROTA DE 8 CAMINHÕES BASCULANTES DE 18 M³, DMT DE 6 KM E VELOCIDADE MÉDIA 22 KM/H. AF_05/2020","M3",25,0.3624]
["Escavação Vertical a Céu Aberto",101224,"ESCAVAÇÃO VERTICAL PARA EDIFICAÇÃO, COM CARGA, DESCARGA E TRANSPORTE DE SOLO DE 1ª CATEGORIA, COM ESCAVADEIRA HIDRÁULICA (CAÇAMBA: 1,2 M³ / 155 HP), FROTA DE 9 CAMINHÕES BASCULANTES DE 14 M³, DMT DE 6 KM E VELOCIDADE MÉDIA 22 KM/H. AF_05/2020","M3",28.46,0.37419999999999998]
["Escavação Vertical a Céu Aberto",101265,"ESCAVAÇÃO VERTICAL PARA EDIFICAÇÃO, COM CARGA, DESCARGA E TRANSPORTE DE SOLO DE 1ª CATEGORIA, COM ESCAVADEIRA HIDRÁULICA (CAÇAMBA: 1,2 M³ / 155HP), FROTA DE 10 CAMINHÕES BASCULANTES DE 10 M³, DMT DE 6 KM E VELOCIDADE MÉDIA 22 KM/H. AF_05/2020","M3",31.61,4.7800000000000002E-2]
["Escavação Vertical a Céu Aberto",101255,"ESCAVAÇÃO VERTICAL PARA EDIFICAÇÃO, COM CARGA, DESCARGA E TRANSPORTE DE SOLO DE 1ª CATEGORIA, COM ESCAVADEIRA HIDRÁULICA (CAÇAMBA: 1,2 M³ / 155HP), FROTA DE 3 CAMINHÕES BASCULANTES DE 10 M³, DMT ATÉ 1 KM E VELOCIDADE MÉDIA 14 KM/H. AF_05/2020","M3",11.33,3.8800000000000001E-2]
["Escavação Vertical a Céu Aberto",101261,"ESCAVAÇÃO VERTICAL PARA EDIFICAÇÃO, COM CARGA, DESCARGA E TRANSPORTE DE SOLO DE 1ª CATEGORIA, COM ESCAVADEIRA HIDRÁULICA (CAÇAMBA: 1,2 M³ / 155HP), FROTA DE 6 CAMINHÕES BASCULANTES DE 10 M³, DMT DE 1,5 KM E VELOCIDADE MÉDIA 18 KM/H. AF_05/2020","M3",18.760000000000002,4.53E-2]
["Escavação Vertical a Céu Aberto",101262,"ESCAVAÇÃO VERTICAL PARA EDIFICAÇÃO, COM CARGA, DESCARGA E TRANSPORTE DE SOLO DE 1ª CATEGORIA, COM ESCAVADEIRA HIDRÁULICA (CAÇAMBA: 1,2 M³ / 155HP), FROTA DE 6 CAMINHÕES BASCULANTES DE 10 M³, DMT DE 2 KM E VELOCIDADE MÉDIA 19 KM/H. AF_05/2020","M3",19.79,4.4999999999999998E-2]
["Escavação Vertical a Céu Aberto",101263,"ESCAVAÇÃO VERTICAL PARA EDIFICAÇÃO, COM CARGA, DESCARGA E TRANSPORTE DE SOLO DE 1ª CATEGORIA, COM ESCAVADEIRA HIDRÁULICA (CAÇAMBA: 1,2 M³ / 155HP), FROTA DE 7 CAMINHÕES BASCULANTES DE 10 M³, DMT DE 3 KM E VELOCIDADE MÉDIA 20 KM/H. AF_05/2020","M3",22.89,4.5900000000000003E-2]
["Escavação Vertical a Céu Aberto",101264,"ESCAVAÇÃO VERTICAL PARA EDIFICAÇÃO, COM CARGA, DESCARGA E TRANSPORTE DE SOLO DE 1ª CATEGORIA, COM ESCAVADEIRA HIDRÁULICA (CAÇAMBA: 1,2 M³ / 155HP), FROTA DE 8 CAMINHÕES BASCULANTES DE 10 M³, DMT DE 4 KM E VELOCIDADE MÉDIA 22 KM/H. AF_05/2020","M3",25.37,4.6899999999999997E-2]
["Escavação Vertical a Céu Aberto",101230,"ESCAVAÇÃO VERTICAL PARA INFRAESTRUTURA, COM CARGA, DESCARGA E TRANSPORTE DE SOLO DE 1ª CATEGORIA, COM ESCAVADEIRA HIDRÁULICA (CAÇAMBA: 0,8 M³ / 111 HP), FROTA DE 3 CAMINHÕES BASCULANTES DE 14 M³, DMT ATÉ 1 KM E VELOCIDADE MÉDIA14 KM/H. AF_05/2020","M3",11.08,0.33119999999999999]
["Escavação Vertical a Céu Aberto",101231,"ESCAVAÇÃO VERTICAL PARA INFRAESTRUTURA, COM CARGA, DESCARGA E TRANSPORTE DE SOLO DE 1ª CATEGORIA, COM ESCAVADEIRA HIDRÁULICA (CAÇAMBA: 0,8 M³ / 111 HP), FROTA DE 3 CAMINHÕES BASCULANTES DE 18 M³, DMT ATÉ 1 KM E VELOCIDADE MÉDIA14 KM/H. AF_05/2020","M3",10.54,0.33110000000000001]
["Escavação Vertical a Céu Aberto",101272,"ESCAVAÇÃO VERTICAL PARA INFRAESTRUTURA, COM CARGA, DESCARGA E TRANSPORTE DE SOLO DE 1ª CATEGORIA, COM ESCAVADEIRA HIDRÁULICA (CAÇAMBA: 0,8 M³ / 111HP), FROTA DE 10 CAMINHÕES BASCULANTES DE 10 M³, DMT DE 6 KM E VELOCIDADE MÉDIA22 KM/H. AF_05/2020","M3",32.130000000000003,4.8899999999999999E-2]
["Escavação Vertical a Céu Aberto",101266,"ESCAVAÇÃO VERTICAL PARA INFRAESTRUTURA, COM CARGA, DESCARGA E TRANSPORTE DE SOLO DE 1ª CATEGORIA, COM ESCAVADEIRA HIDRÁULICA (CAÇAMBA: 0,8 M³ / 111HP), FROTA DE 3 CAMINHÕES BASCULANTES DE 10 M³, DMT ATÉ 1 KM E VELOCIDADE MÉDIA14 KM/H. AF_05/2020","M3",11.39,4.0399999999999998E-2]
["Escavação Vertical a Céu Aberto",101239,"ESCAVAÇÃO VERTICAL PARA INFRAESTRUTURA, COM CARGA, DESCARGA E TRANSPORTE DE SOLO DE 1ª CATEGORIA, COM ESCAVADEIRA HIDRÁULICA (CAÇAMBA: 0,8 M³ / 111HP), FROTA DE 4 CAMINHÕES BASCULANTES DE 18 M³, DMT DE 1,5 KM E VELOCIDADE MÉDIA18 KM/H. AF_05/2020","M3",15.11,0.3402]
["Escavação Vertical a Céu Aberto",101240,"ESCAVAÇÃO VERTICAL PARA INFRAESTRUTURA, COM CARGA, DESCARGA E TRANSPORTE DE SOLO DE 1ª CATEGORIA, COM ESCAVADEIRA HIDRÁULICA (CAÇAMBA: 0,8 M³ / 111HP), FROTA DE 4 CAMINHÕES BASCULANTES DE 18 M³, DMT DE 2 KM E VELOCIDADE MÉDIA 19 KM/H. AF_05/2020","M3",15.93,0.33650000000000002]
["Escavação Vertical a Céu Aberto",101268,"ESCAVAÇÃO VERTICAL PARA INFRAESTRUTURA, COM CARGA, DESCARGA E TRANSPORTE DE SOLO DE 1ª CATEGORIA, COM ESCAVADEIRA HIDRÁULICA (CAÇAMBA: 0,8 M³ / 111HP), FROTA DE 5 CAMINHÕES BASCULANTES DE 10 M³, DMT DE 1,5 KM E VELOCIDADE MÉDIA18 KM/H. AF_05/2020","M3",17.97,4.4499999999999998E-2]
["Escavação Vertical a Céu Aberto",101234,"ESCAVAÇÃO VERTICAL PARA INFRAESTRUTURA, COM CARGA, DESCARGA E TRANSPORTE DE SOLO DE 1ª CATEGORIA, COM ESCAVADEIRA HIDRÁULICA (CAÇAMBA: 0,8 M³ / 111HP), FROTA DE 5 CAMINHÕES BASCULANTES DE 14 M³, DMT DE 1,5 KM E VELOCIDADE MÉDIA18 KM/H. AF_05/2020","M3",17.239999999999998,0.3619]
["Escavação Vertical a Céu Aberto",101235,"ESCAVAÇÃO VERTICAL PARA INFRAESTRUTURA, COM CARGA, DESCARGA E TRANSPORTE DE SOLO DE 1ª CATEGORIA, COM ESCAVADEIRA HIDRÁULICA (CAÇAMBA: 0,8 M³ / 111HP), FROTA DE 5 CAMINHÕES BASCULANTES DE 14 M³, DMT DE 2 KM E VELOCIDADE MÉDIA 19 KM/H. AF_05/2020","M3",18.149999999999999,0.35809999999999997]
["Escavação Vertical a Céu Aberto",101241,"ESCAVAÇÃO VERTICAL PARA INFRAESTRUTURA, COM CARGA, DESCARGA E TRANSPORTE DE SOLO DE 1ª CATEGORIA, COM ESCAVADEIRA HIDRÁULICA (CAÇAMBA: 0,8 M³ / 111HP), FROTA DE 5 CAMINHÕES BASCULANTES DE 18 M³, DMT DE 3 KM E VELOCIDADE MÉDIA 20 KM/H. AF_05/2020","M3",18.649999999999999,0.34960000000000002]
["Escavação Vertical a Céu Aberto",101269,"ESCAVAÇÃO VERTICAL PARA INFRAESTRUTURA, COM CARGA, DESCARGA E TRANSPORTE DE SOLO DE 1ª CATEGORIA, COM ESCAVADEIRA HIDRÁULICA (CAÇAMBA: 0,8 M³ / 111HP), FROTA DE 6 CAMINHÕES BASCULANTES DE 10 M³, DMT DE 2 KM E VELOCIDADE MÉDIA 19 KM/H. AF_05/2020","M3",20.03,4.6399999999999997E-2]
["Escavação Vertical a Céu Aberto",101236,"ESCAVAÇÃO VERTICAL PARA INFRAESTRUTURA, COM CARGA, DESCARGA E TRANSPORTE DE SOLO DE 1ª CATEGORIA, COM ESCAVADEIRA HIDRÁULICA (CAÇAMBA: 0,8 M³ / 111HP), FROTA DE 6 CAMINHÕES BASCULANTES DE 14 M³, DMT DE 3 KM E VELOCIDADE MÉDIA 20 KM/H. AF_05/2020","M3",21.14,0.36709999999999998]
["Escavação Vertical a Céu Aberto",101237,"ESCAVAÇÃO VERTICAL PARA INFRAESTRUTURA, COM CARGA, DESCARGA E TRANSPORTE DE SOLO DE 1ª CATEGORIA, COM ESCAVADEIRA HIDRÁULICA (CAÇAMBA: 0,8 M³ / 111HP), FROTA DE 6 CAMINHÕES BASCULANTES DE 14 M³, DMT DE 4 KM E VELOCIDADE MÉDIA 22 KM/H. AF_05/2020","M3",22.51,0.36159999999999998]
["Escavação Vertical a Céu Aberto",101242,"ESCAVAÇÃO VERTICAL PARA INFRAESTRUTURA, COM CARGA, DESCARGA E TRANSPORTE DE SOLO DE 1ª CATEGORIA, COM ESCAVADEIRA HIDRÁULICA (CAÇAMBA: 0,8 M³ / 111HP), FROTA DE 6 CAMINHÕES BASCULANTES DE 18 M³, DMT DE 4 KM E VELOCIDADE MÉDIA 22 KM/H. AF_05/2020","M3",20.86,0.36149999999999999]
["Escavação Vertical a Céu Aberto",101270,"ESCAVAÇÃO VERTICAL PARA INFRAESTRUTURA, COM CARGA, DESCARGA E TRANSPORTE DE SOLO DE 1ª CATEGORIA, COM ESCAVADEIRA HIDRÁULICA (CAÇAMBA: 0,8 M³ / 111HP), FROTA DE 7 CAMINHÕES BASCULANTES DE 10 M³, DMT DE 3 KM E VELOCIDADE MÉDIA 20 KM/H. AF_05/2020","M3",23.2,4.7399999999999998E-2]
["Escavação Vertical a Céu Aberto",101243,"ESCAVAÇÃO VERTICAL PARA INFRAESTRUTURA, COM CARGA, DESCARGA E TRANSPORTE DE SOLO DE 1ª CATEGORIA, COM ESCAVADEIRA HIDRÁULICA (CAÇAMBA: 0,8 M³ / 111HP), FROTA DE 7 CAMINHÕES BASCULANTES DE 18 M³, DMT DE 6 KM E VELOCIDADE MÉDIA 22 KM/H. AF_05/2020","M3",25.27,0.36209999999999998]
["Escavação Vertical a Céu Aberto",101271,"ESCAVAÇÃO VERTICAL PARA INFRAESTRUTURA, COM CARGA, DESCARGA E TRANSPORTE DE SOLO DE 1ª CATEGORIA, COM ESCAVADEIRA HIDRÁULICA (CAÇAMBA: 0,8 M³ / 111HP), FROTA DE 8 CAMINHÕES BASCULANTES DE 10 M³, DMT DE 4 KM E VELOCIDADE MÉDIA 22 KM/H. AF_05/2020","M3",25.75,4.82E-2]
["Escavação Vertical a Céu Aberto",101238,"ESCAVAÇÃO VERTICAL PARA INFRAESTRUTURA, COM CARGA, DESCARGA E TRANSPORTE DE SOLO DE 1ª CATEGORIA, COM ESCAVADEIRA HIDRÁULICA (CAÇAMBA: 0,8 M³ / 111HP), FROTA DE 8 CAMINHÕES BASCULANTES DE 14 M³, DMT DE 6 KM E VELOCIDADE MÉDIA 22 KM/H. AF_05/2020","M3",28.49,0.3745]
["Escavação Vertical a Céu Aberto",101232,"ESCAVAÇÃO VERTICAL PARA INFRAESTRUTURA, COM CARGA, DESCARGA E TRANSPORTE DE SOLO DE 1ª CATEGORIA, COM ESCAVADEIRA HIDRÁULICA (CAÇAMBA: 1,2 M³ / 155 HP), FROTA DE 3 CAMINHÕES BASCULANTES DE 14 M³, DMT ATÉ 1 KM E VELOCIDADE MÉDIA14 KM/H. AF_05/2020","M3",9.49,0.31609999999999999]
["Escavação Vertical a Céu Aberto",101233,"ESCAVAÇÃO VERTICAL PARA INFRAESTRUTURA, COM CARGA, DESCARGA E TRANSPORTE DE SOLO DE 1ª CATEGORIA, COM ESCAVADEIRA HIDRÁULICA (CAÇAMBA: 1,2 M³ / 155 HP), FROTA DE 3 CAMINHÕES BASCULANTES DE 18 M³, DMT ATÉ 1 KM E VELOCIDADE MÉDIA14 KM/H. AF_05/2020","M3",8.74,0.31459999999999999]
["Escavação Vertical a Céu Aberto",101248,"ESCAVAÇÃO VERTICAL PARA INFRAESTRUTURA, COM CARGA, DESCARGA E TRANSPORTE DE SOLO DE 1ª CATEGORIA, COM ESCAVADEIRA HIDRÁULICA (CAÇAMBA: 1,2 M³ / 155HP), FROTA DE 10 CAMINHÕES BASCULANTES DE 14 M³, DMT DE 6 KM E VELOCIDADE MÉDIA22 KM/H. AF_05/2020","M3",27.23,0.37569999999999998]
["Escavação Vertical a Céu Aberto",101277,"ESCAVAÇÃO VERTICAL PARA INFRAESTRUTURA, COM CARGA, DESCARGA E TRANSPORTE DE SOLO DE 1ª CATEGORIA, COM ESCAVADEIRA HIDRÁULICA (CAÇAMBA: 1,2 M³ / 155HP), FROTA DE 12 CAMINHÕES BASCULANTES DE 10 M³, DMT DE 6 KM E VELOCIDADE MÉDIA22 KM/H. AF_05/2020","M3",31.1,4.8899999999999999E-2]
["Escavação Vertical a Céu Aberto",101267,"ESCAVAÇÃO VERTICAL PARA INFRAESTRUTURA, COM CARGA, DESCARGA E TRANSPORTE DE SOLO DE 1ª CATEGORIA, COM ESCAVADEIRA HIDRÁULICA (CAÇAMBA: 1,2 M³ / 155HP), FROTA DE 4 CAMINHÕES BASCULANTES DE 10 M³, DMT ATÉ 1 KM E VELOCIDADE MÉDIA14 KM/H. AF_05/2020","M3",10.98,4.19E-2]
["Escavação Vertical a Céu Aberto",101249,"ESCAVAÇÃO VERTICAL PARA INFRAESTRUTURA, COM CARGA, DESCARGA E TRANSPORTE DE SOLO DE 1ª CATEGORIA, COM ESCAVADEIRA HIDRÁULICA (CAÇAMBA: 1,2 M³ / 155HP), FROTA DE 5 CAMINHÕES BASCULANTES DE 18 M³, DMT DE 1,5 KM E VELOCIDADE MÉDIA18 KM/H. AF_05/2020","M3",13.84,0.34320000000000001]
["Escavação Vertical a Céu Aberto",101273,"ESCAVAÇÃO VERTICAL PARA INFRAESTRUTURA, COM CARGA, DESCARGA E TRANSPORTE DE SOLO DE 1ª CATEGORIA, COM ESCAVADEIRA HIDRÁULICA (CAÇAMBA: 1,2 M³ / 155HP), FROTA DE 6 CAMINHÕES BASCULANTES DE 10 M³, DMT DE 1,5 KM E VELOCIDADE MÉDIA18 KM/H. AF_05/2020","M3",17.18,4.4200000000000003E-2]
["Escavação Vertical a Céu Aberto",101245,"ESCAVAÇÃO VERTICAL PARA INFRAESTRUTURA, COM CARGA, DESCARGA E TRANSPORTE DE SOLO DE 1ª CATEGORIA, COM ESCAVADEIRA HIDRÁULICA (CAÇAMBA: 1,2 M³ / 155HP), FROTA DE 6 CAMINHÕES BASCULANTES DE 14 M³, DMT DE 2 KM E VELOCIDADE MÉDIA 19 KM/H. AF_05/2020","M3",16.86,0.35770000000000002]
["Escavação Vertical a Céu Aberto",101250,"ESCAVAÇÃO VERTICAL PARA INFRAESTRUTURA, COM CARGA, DESCARGA E TRANSPORTE DE SOLO DE 1ª CATEGORIA, COM ESCAVADEIRA HIDRÁULICA (CAÇAMBA: 1,2 M³ / 155HP), FROTA DE 6 CAMINHÕES BASCULANTES DE 18 M³, DMT DE 2 KM E VELOCIDADE MÉDIA 19 KM/H. AF_05/2020","M3",15.39,0.35539999999999999]
["Escavação Vertical a Céu Aberto",101251,"ESCAVAÇÃO VERTICAL PARA INFRAESTRUTURA, COM CARGA, DESCARGA E TRANSPORTE DE SOLO DE 1ª CATEGORIA, COM ESCAVADEIRA HIDRÁULICA (CAÇAMBA: 1,2 M³ / 155HP), FROTA DE 6 CAMINHÕES BASCULANTES DE 18 M³, DMT DE 3 KM E VELOCIDADE MÉDIA 20 KM/H. AF_05/2020","M3",17.48,0.3387]
["Escavação Vertical a Céu Aberto",101274,"ESCAVAÇÃO VERTICAL PARA INFRAESTRUTURA, COM CARGA, DESCARGA E TRANSPORTE DE SOLO DE 1ª CATEGORIA, COM ESCAVADEIRA HIDRÁULICA (CAÇAMBA: 1,2 M³ / 155HP), FROTA DE 7 CAMINHÕES BASCULANTES DE 10 M³, DMT DE 2 KM E VELOCIDADE MÉDIA 19 KM/H. AF_05/2020","M3",19.02,4.6300000000000001E-2]
["Escavação Vertical a Céu Aberto",101246,"ESCAVAÇÃO VERTICAL PARA INFRAESTRUTURA, COM CARGA, DESCARGA E TRANSPORTE DE SOLO DE 1ª CATEGORIA, COM ESCAVADEIRA HIDRÁULICA (CAÇAMBA: 1,2 M³ / 155HP), FROTA DE 7 CAMINHÕES BASCULANTES DE 14 M³, DMT DE 3 KM E VELOCIDADE MÉDIA 20 KM/H. AF_05/2020","M3",19.59,0.36349999999999999]
["Escavação Vertical a Céu Aberto",101252,"ESCAVAÇÃO VERTICAL PARA INFRAESTRUTURA, COM CARGA, DESCARGA E TRANSPORTE DE SOLO DE 1ª CATEGORIA, COM ESCAVADEIRA HIDRÁULICA (CAÇAMBA: 1,2 M³ / 155HP), FROTA DE 7 CAMINHÕES BASCULANTES DE 18 M³, DMT DE 4 KM E VELOCIDADE MÉDIA 22 KM/H. AF_05/2020","M3",19.010000000000002,0.35560000000000003]
["Escavação Vertical a Céu Aberto",101275,"ESCAVAÇÃO VERTICAL PARA INFRAESTRUTURA, COM CARGA, DESCARGA E TRANSPORTE DE SOLO DE 1ª CATEGORIA, COM ESCAVADEIRA HIDRÁULICA (CAÇAMBA: 1,2 M³ / 155HP), FROTA DE 8 CAMINHÕES BASCULANTES DE 10 M³, DMT DE 3 KM E VELOCIDADE MÉDIA 20 KM/H. AF_05/2020","M3",22,4.6800000000000001E-2]
["Escavação Vertical a Céu Aberto",101247,"ESCAVAÇÃO VERTICAL PARA INFRAESTRUTURA, COM CARGA, DESCARGA E TRANSPORTE DE SOLO DE 1ª CATEGORIA, COM ESCAVADEIRA HIDRÁULICA (CAÇAMBA: 1,2 M³ / 155HP), FROTA DE 8 CAMINHÕES BASCULANTES DE 14 M³, DMT DE 4 KM E VELOCIDADE MÉDIA 22 KM/H. AF_05/2020","M3",21.76,0.36990000000000001]
["Escavação Vertical a Céu Aberto",101276,"ESCAVAÇÃO VERTICAL PARA INFRAESTRUTURA, COM CARGA, DESCARGA E TRANSPORTE DE SOLO DE 1ª CATEGORIA, COM ESCAVADEIRA HIDRÁULICA (CAÇAMBA: 1,2 M³ / 155HP), FROTA DE 9 CAMINHÕES BASCULANTES DE 10 M³, DMT DE 4 KM E VELOCIDADE MÉDIA 22 KM/H. AF_05/2020","M3",24.33,4.7300000000000002E-2]
["Escavação Vertical a Céu Aberto",101253,"ESCAVAÇÃO VERTICAL PARA INFRAESTRUTURA, COM CARGA, DESCARGA E TRANSPORTE DE SOLO DE 1ª CATEGORIA, COM ESCAVADEIRA HIDRÁULICA (CAÇAMBA: 1,2 M³ / 155HP), FROTA DE 9 CAMINHÕES BASCULANTES DE 18 M³, DMT DE 6 KM E VELOCIDADE MÉDIA 22 KM/H. AF_05/2020","M3",23.94,0.36380000000000001]
["Escavação Vertical a Céu Aberto",101244,"ESCAVAÇÃO VERTICAL PARA INFRAESTRUTURA, COM CARGA, DESCARGA E TRANSPORTE DE SOLO DE 1ª CATEGORIA, COM ESCAVADEIRA HIDRÁULICA (CAÇAMBA: 1,2M³ / 155HP), FROTA DE 6 CAMINHÕES BASCULANTES DE 14 M³, DMT DE 1,5 KM E VELOCIDADE MÉDIA18 KM/H. AF_05/2020","M3",15.95,0.36180000000000001]
["Escavação de Valas",93358,"ESCAVAÇÃO MANUAL DE VALA. AF_09/2024","M3",95.25,0]
["Escavação de Valas",90082,"ESCAVAÇÃO MECANIZADA DE VALA COM PROF. ATÉ 1,5 M (MÉDIA MONTANTE E JUSANTE/UMA COMPOSIÇÃO POR TRECHO), ESCAVADEIRA (0,8 M3), LARG. DE 1,5 M A 2,5 M, EM SOLO DE 1A CATEGORIA, EM LOCAIS COM ALTO NÍVEL DE INTERFERÊNCIA. AF_09/2024","M3",9.42,0]
["Escavação de Valas",90091,"ESCAVAÇÃO MECANIZADA DE VALA COM PROF. ATÉ 1,5 M (MÉDIA MONTANTE E JUSANTE/UMA COMPOSIÇÃO POR TRECHO), ESCAVADEIRA (0,8 M3), LARG. DE 1,5 M A 2,5 M, EM SOLO DE 1A CATEGORIA, LOCAIS COM BAIXO NÍVEL DE INTERFERÊNCIA. AF_09/2024","M3",5.93,0]
["Escavação de Valas",102307,"ESCAVAÇÃO MECANIZADA DE VALA COM PROF. ATÉ 1,5 M (MÉDIA MONTANTE E JUSANTE/UMA COMPOSIÇÃO POR TRECHO), ESCAVADEIRA (0,8 M3), LARG. DE 1,5 M A 2,5 M, EM SOLO DE 2A CATEGORIA, EM LOCAIS COM ALTO NÍVEL DE INTERFERÊNCIA. AF_09/2024","M3",11.77,0]
["Escavação de Valas",102315,"ESCAVAÇÃO MECANIZADA DE VALA COM PROF. ATÉ 1,5 M (MÉDIA MONTANTE E JUSANTE/UMA COMPOSIÇÃO POR TRECHO), ESCAVADEIRA (0,8 M3), LARG. DE 1,5 M A 2,5 M, EM SOLO DE 2A CATEGORIA, LOCAIS COM BAIXO NÍVEL DE INTERFERÊNCIA. AF_09/2024","M3",7.42,0]
["Escavação de Valas",102283,"ESCAVAÇÃO MECANIZADA DE VALA COM PROF. ATÉ 1,5 M (MÉDIA MONTANTE E JUSANTE/UMA COMPOSIÇÃO POR TRECHO), ESCAVADEIRA (0,8 M3), LARG. DE 1,5 M A 2,5 M, EM SOLO MOLE, EM LOCAIS COM ALTO NÍVEL DE INTERFERÊNCIA. AF_09/2024","M3",12.33,0]
["Escavação de Valas",102291,"ESCAVAÇÃO MECANIZADA DE VALA COM PROF. ATÉ 1,5 M (MÉDIA MONTANTE E JUSANTE/UMA COMPOSIÇÃO POR TRECHO), ESCAVADEIRA (0,8 M3), LARG. DE 1,5 M A 2,5 M, EM SOLO MOLE, LOCAIS COM BAIXO NÍVEL DE INTERFERÊNCIA. AF_09/2024","M3",7.76,0]
["Escavação de Valas",102276,"ESCAVAÇÃO MECANIZADA DE VALA COM PROF. ATÉ 1,5 M (MÉDIA MONTANTE E JUSANTE/UMA COMPOSIÇÃO POR TRECHO), ESCAVADEIRA (0,8 M3), LARG. MENOR QUE 1,5 M, EM SOLO DE 1A CATEGORIA, EM LOCAIS COM ALTO NÍVEL DE INTERFERÊNCIA. AF_09/2024","M3",10.61,0]
["Escavação de Valas",102306,"ESCAVAÇÃO MECANIZADA DE VALA COM PROF. ATÉ 1,5 M (MÉDIA MONTANTE E JUSANTE/UMA COMPOSIÇÃO POR TRECHO), ESCAVADEIRA (0,8 M3),LARG. ATÉ 1,5 M, EM SOLO DE 2A CATEGORIA, EM LOCAIS COM ALTO NÍVEL DE INTERFERÊNCIA. AF_09/2024","M3",13.25,0]
["Escavação de Valas",102279,"ESCAVAÇÃO MECANIZADA DE VALA COM PROF. ATÉ 1,5 M (MÉDIA MONTANTE E JUSANTE/UMA COMPOSIÇÃO POR TRECHO), ESCAVADEIRA (0,8 M3),LARG. MENOR QUE 1,5 M, EM SOLO DE 1A CATEGORIA, LOCAIS COM BAIXO NÍVEL DE INTERFERÊNCIA. AF_09/2024","M3",6.68,0]
["Escavação de Valas",102282,"ESCAVAÇÃO MECANIZADA DE VALA COM PROF. ATÉ 1,5 M (MÉDIA MONTANTE E JUSANTE/UMA COMPOSIÇÃO POR TRECHO), ESCAVADEIRA (0,8 M3),LARG. MENOR QUE 1,5 M, EM SOLO DE MOLE, EM LOCAIS COM ALTO NÍVEL DE INTERFERÊNCIA. AF_09/2024","M3",13.87,0]
["Escavação de Valas",102290,"ESCAVAÇÃO MECANIZADA DE VALA COM PROF. ATÉ 1,5 M (MÉDIA MONTANTE E JUSANTE/UMA COMPOSIÇÃO POR TRECHO), ESCAVADEIRA (0,8 M3),LARG. MENOR QUE 1,5 M, EM SOLO MOLE, LOCAIS COM BAIXO NÍVEL DE INTERFERÊNCIA. AF_09/2024","M3",8.74,0]
["Escavação de Valas",90100,"ESCAVAÇÃO MECANIZADA DE VALA COM PROF. ATÉ 1,5 M (MÉDIA MONTANTE E JUSANTE/UMA COMPOSIÇÃO POR TRECHO), RETROESCAV. (0,26 M3), LARG. DE 0,8 M A 1,5 M, EM SOLO DE 1A CATEGORIA, EM LOCAIS COM ALTO NÍVEL DE INTERFERÊNCIA. AF_09/2024","M3",12.84,0.38940000000000002]
["Escavação de Valas",102323,"ESCAVAÇÃO MECANIZADA DE VALA COM PROF. ATÉ 1,5 M (MÉDIA MONTANTE E JUSANTE/UMA COMPOSIÇÃO POR TRECHO), RETROESCAV. (0,26 M3), LARG. DE 0,8 M A 1,5 M, EM SOLO DE 2A CATEGORIA, EM LOCAIS COM ALTO NÍVEL DE INTERFERÊNCIA. AF_09/2024","M3",16.05,0.38940000000000002]
["Escavação de Valas",102327,"ESCAVAÇÃO MECANIZADA DE VALA COM PROF. ATÉ 1,5 M (MÉDIA MONTANTE E JUSANTE/UMA COMPOSIÇÃO POR TRECHO), RETROESCAV. (0,26 M3), LARG. DE 0,8 M A 1,5 M, EM SOLO DE 2A CATEGORIA, EM LOCAIS COM BAIXO NÍVEL DE INTERFERÊNCIA. AF_09/2024","M3",10.11,0.38869999999999999]
["Escavação de Valas",102299,"ESCAVAÇÃO MECANIZADA DE VALA COM PROF. ATÉ 1,5 M (MÉDIA MONTANTE E JUSANTE/UMA COMPOSIÇÃO POR TRECHO), RETROESCAV. (0,26 M3), LARG. DE 0,8 M A 1,5 M, EM SOLO MOLE, EM LOCAIS COM ALTO NÍVEL DE INTERFERÊNCIA. AF_09/2024","M3",16.809999999999999,0.3896]
["Escavação de Valas",102303,"ESCAVAÇÃO MECANIZADA DE VALA COM PROF. ATÉ 1,5 M (MÉDIA MONTANTE E JUSANTE/UMA COMPOSIÇÃO POR TRECHO), RETROESCAV. (0,26 M3), LARG. DE 0,8 M A 1,5 M, EM SOLO MOLE, LOCAIS COM BAIXO NÍVEL DE INTERFERÊNCIA. AF_09/2024","M3",10.59,0.38900000000000001]
["Escavação de Valas",90099,"ESCAVAÇÃO MECANIZADA DE VALA COM PROF. ATÉ 1,5 M (MÉDIA MONTANTE E JUSANTE/UMA COMPOSIÇÃO POR TRECHO), RETROESCAV. (0,26 M3), LARG. MENOR QUE 0,8 M, EM SOLO DE 1A CATEGORIA, EM LOCAIS COM ALTO NÍVEL DE INTERFERÊNCIA. AF_09/2024","M3",14.99,0.3896]
["Escavação de Valas",102322,"ESCAVAÇÃO MECANIZADA DE VALA COM PROF. ATÉ 1,5 M (MÉDIA MONTANTE E JUSANTE/UMA COMPOSIÇÃO POR TRECHO), RETROESCAV. (0,26 M3), LARG. MENOR QUE 0,8 M, EM SOLO DE 2A CATEGORIA, EM LOCAIS COM ALTO NÍVEL DE INTERFERÊNCIA. AF_09/2024","M3",18.739999999999998,0.38950000000000001]
["Escavação de Valas",102298,"ESCAVAÇÃO MECANIZADA DE VALA COM PROF. ATÉ 1,5 M (MÉDIA MONTANTE E JUSANTE/UMA COMPOSIÇÃO POR TRECHO), RETROESCAV. (0,26 M3), LARG. MENOR QUE 0,8 M, EM SOLO MOLE, EM LOCAIS COM ALTO NÍVEL DE INTERFERÊNCIA. AF_09/2024","M3",19.61,0.3896]
["Escavação de Valas",102302,"ESCAVAÇÃO MECANIZADA DE VALA COM PROF. ATÉ 1,5 M (MÉDIA MONTANTE E JUSANTE/UMA COMPOSIÇÃO POR TRECHO), RETROESCAV. (0,26 M3), LARG. MENOR QUE 0,8 M, EM SOLO MOLE, LOCAIS COM BAIXO NÍVEL DE INTERFERÊNCIA. AF_09/2024","M3",12.36,0.38919999999999999]
["Escavação de Valas",102326,"ESCAVAÇÃO MECANIZADA DE VALA COM PROF. ATÉ 1,5 M (MÉDIA MONTANTE E JUSANTE/UMA COMPOSIÇÃO POR TRECHO), RETROESCAV. (0,26 M3), LARGURA MENOR QUE 0,8 M, EM SOLO DE 2A CATEGORIA, EM LOCAIS COM BAIXO NÍVEL DE INTERFERÊNCIA. AF_09/2024","M3",11.81,0.38869999999999999]
["Escavação de Valas",102314,"ESCAVAÇÃO MECANIZADA DE VALA COM PROF. ATÉ 1,5 M (MÉDIA MONTANTE E JUSANTE/UMA COMPOSIÇÃO POR TRECHO),COM ESCAVADEIRA (0,8 M3), LARG. MENOR QUE 1,5 M, EM SOLO DE 2A CATEGORIA, LOCAIS COM BAIXO NÍVEL DE INTERFERÊNCIA. AF_09/2024","M3",8.34,0]
["Escavação de Valas",102312,"ESCAVAÇÃO MECANIZADA DE VALA COM PROF. DE 3,0 M ATÉ 4,5 M (MÉDIA MONTANTE E JUSANTE/UMA COMPOSIÇÃO POR TRECHO), ESCAVADEIRA (1,2 M3), LARG. DE 1,5 M A 2,5 M, EM SOLO DE 2A CATEGORIA, EM LOCAIS COM ALTO NÍVEL DE INTERFERÊNCIA. AF_09/2024","M3",10.62,0]
["Escavação de Valas",102288,"ESCAVAÇÃO MECANIZADA DE VALA COM PROF. DE 3,0 M ATÉ 4,5 M (MÉDIA MONTANTE E JUSANTE/UMA COMPOSIÇÃO POR TRECHO), ESCAVADEIRA (1,2 M3), LARG. DE 1,5 M A 2,5 M, EM SOLO MOLE, EM LOCAIS COM ALTO NÍVEL DE INTERFERÊNCIA. AF_09/2024","M3",11.11,0]
["Escavação de Valas",90087,"ESCAVAÇÃO MECANIZADA DE VALA COM PROF. DE 3,0 M ATÉ 4,5 M(MÉDIA MONTANTE E JUSANTE/UMA COMPOSIÇÃO POR TRECHO), ESCAVADEIRA (1,2 M3), LARG. DE 1,5 M A 2,5 M, EM SOLO DE 1A CATEGORIA, EM LOCAIS COM ALTO NÍVEL DE INTERFERÊNCIA. AF_09/2024","M3",8.49,0]
["Escavação de Valas",102308,"ESCAVAÇÃO MECANIZADA DE VALA COM PROF. MAIOR QUE 1,5 M ATÉ 3,0 M (MÉDIA MONTANTE E JUSANTE/UMA COMPOSIÇÃO POR TRECHO), ESCAVADEIRA (0,8 M3), LARG. ATÉ 1,5 M, EM SOLO DE 2A CATEGORIA, EM LOCAIS COM ALTO NÍVEL DE INTERFERÊNCIA. AF_09/2024","M3",11.4,0]
["Escavação de Valas",90084,"ESCAVAÇÃO MECANIZADA DE VALA COM PROF. MAIOR QUE 1,5 M ATÉ 3,0 M (MÉDIA MONTANTE E JUSANTE/UMA COMPOSIÇÃO POR TRECHO), ESCAVADEIRA (0,8 M3), LARGURA ATÉ 1,5 M, EM SOLO DE 1A CATEGORIA, EM LOCAIS COM ALTO NÍVEL DE INTERFERÊNCIA. AF_09/2024","M3",9.1199999999999992,0]
["Escavação de Valas",102284,"ESCAVAÇÃO MECANIZADA DE VALA COM PROF. MAIOR QUE 1,5 M ATÉ 3,0 M (MÉDIA MONTANTE E JUSANTE/UMA COMPOSIÇÃO POR TRECHO), ESCAVADEIRA (0,8 M3), LARGURA ATÉ 1,5 M, EM SOLO MOLE, EM LOCAIS COM ALTO NÍVEL DE INTERFERÊNCIA. AF_09/2024","M3",11.93,0]
["Escavação de Valas",102325,"ESCAVAÇÃO MECANIZADA DE VALA COM PROF. MAIOR QUE 1,5 M ATÉ 3,0 M (MÉDIA MONTANTE E JUSANTE/UMA COMPOSIÇÃO POR TRECHO), RETROESCAV. (0,26 M3), LARG. DE 0,8 M A 1,5 M, EM SOLO DE 2A CATEGORIA, EM LOCAIS COM ALTO NÍVEL DE INTERFERÊNCIA. AF_09/2024","M3",14.53,0.38950000000000001]
["Escavação de Valas",102329,"ESCAVAÇÃO MECANIZADA DE VALA COM PROF. MAIOR QUE 1,5 M ATÉ 3,0 M (MÉDIA MONTANTE E JUSANTE/UMA COMPOSIÇÃO POR TRECHO), RETROESCAV. (0,26 M3), LARG. DE 0,8 M A 1,5 M, EM SOLO DE 2A CATEGORIA, EM LOCAIS COM BAIXO NÍVEL DE INTERFERÊNCIA. AF_09/2024","M3",9.15,0.3891]
["Escavação de Valas",102301,"ESCAVAÇÃO MECANIZADA DE VALA COM PROF. MAIOR QUE 1,5 M ATÉ 3,0 M (MÉDIA MONTANTE E JUSANTE/UMA COMPOSIÇÃO POR TRECHO), RETROESCAV. (0,26 M3), LARG. DE 0,8 M A 1,5 M, EM SOLO MOLE, EM LOCAIS COM ALTO NÍVEL DE INTERFERÊNCIA. AF_09/2024","M3",15.2,0.38950000000000001]
["Escavação de Valas",102305,"ESCAVAÇÃO MECANIZADA DE VALA COM PROF. MAIOR QUE 1,5 M ATÉ 3,0 M (MÉDIA MONTANTE E JUSANTE/UMA COMPOSIÇÃO POR TRECHO), RETROESCAV. (0,26 M3), LARG. DE 0,8 M A 1,5 M, EM SOLO MOLE, LOCAIS COM BAIXO NÍVEL DE INTERFERÊNCIA. AF_09/2024","M3",9.58,0.38940000000000002]
["Escavação de Valas",90101,"ESCAVAÇÃO MECANIZADA DE VALA COM PROF. MAIOR QUE 1,5 M ATÉ 3,0 M (MÉDIA MONTANTE E JUSANTE/UMA COMPOSIÇÃO POR TRECHO), RETROESCAV. (0,26 M3), LARG. MENOR QUE 0,8 M, EM SOLO DE 1A CATEGORIA, EM LOCAIS COM ALTO NÍVEL DE INTERFERÊNCIA. AF_09/2024","M3",12.69,0.38929999999999998]
["Escavação de Valas",102324,"ESCAVAÇÃO MECANIZADA DE VALA COM PROF. MAIOR QUE 1,5 M ATÉ 3,0 M (MÉDIA MONTANTE E JUSANTE/UMA COMPOSIÇÃO POR TRECHO), RETROESCAV. (0,26 M3), LARG. MENOR QUE 0,8 M, EM SOLO DE 2A CATEGORIA, EM LOCAIS COM ALTO NÍVEL DE INTERFERÊNCIA. AF_09/2024","M3",15.87,0.38940000000000002]
["Escavação de Valas",102300,"ESCAVAÇÃO MECANIZADA DE VALA COM PROF. MAIOR QUE 1,5 M ATÉ 3,0 M (MÉDIA MONTANTE E JUSANTE/UMA COMPOSIÇÃO POR TRECHO), RETROESCAV. (0,26 M3), LARG. MENOR QUE 0,8 M, EM SOLO MOLE, EM LOCAIS COM ALTO NÍVEL DE INTERFERÊNCIA. AF_09/2024","M3",16.61,0.38950000000000001]
["Escavação de Valas",90102,"ESCAVAÇÃO MECANIZADA DE VALA COM PROF. MAIOR QUE 1,5 M ATÉ 3,0 M (MÉDIA MONTANTE E JUSANTE/UMA COMPOSIÇÃO POR TRECHO), RETROESCAV. (0,26 M3), LARGURA DE 0,8 M A 1,5 M, EM SOLO DE 1A CATEGORIA, EM LOCAIS COM ALTO NÍVEL DE INTERFERÊNCIA. AF_09/2024","M3",11.62,0.38979999999999998]
["Escavação de Valas",102328,"ESCAVAÇÃO MECANIZADA DE VALA COM PROF. MAIOR QUE 1,5 M ATÉ 3,0 M (MÉDIA MONTANTE E JUSANTE/UMA COMPOSIÇÃO POR TRECHO), RETROESCAV. (0,26 M3),LARG. MENOR QUE 0,8 M, EM SOLO DE 2A CATEGORIA, EM LOCAIS COM BAIXO NÍVEL DE INTERFERÊNCIA. AF_09/2024","M3",9.99,0.38940000000000002]
["Escavação de Valas",102304,"ESCAVAÇÃO MECANIZADA DE VALA COM PROF. MAIOR QUE 1,5 M ATÉ 3,0 M (MÉDIA MONTANTE E JUSANTE/UMA COMPOSIÇÃO POR TRECHO), RETROESCAV. (0,26 M3),LARG. MENOR QUE 0,8 M, EM SOLO MOLE, LOCAIS COM BAIXO NÍVEL DE INTERFERÊNCIA. AF_09/2024","M3",10.47,0.38869999999999999]
["Escavação de Valas",102295,"ESCAVAÇÃO MECANIZADA DE VALA COM PROF. MAIOR QUE 1,5 M ATÉ 3,0 M (MÉDIA MONTANTE E JUSANTE/UMA COMPOSIÇÃO POR TRECHO),COM ESCAVADEIRA (1,2 M3), LARG. DE 1,5 M A 2,5 M, EM SOLO MOLE, LOCAIS COM BAIXO NÍVEL DE INTERFERÊNCIA. AF_09/2024","M3",7.28,0]
["Escavação de Valas",102281,"ESCAVAÇÃO MECANIZADA DE VALA COM PROF. MAIOR QUE 1,5 M ATÉ 3,0 M (MÉDIA MONTANTE E JUSANTE/UMA COMPOSIÇÃO POR TRECHO),COM ESCAVADEIRA (1,2 M3),LARG. DE 1,5 M A 2,5 M, EM SOLO DE 1A CATEGORIA, LOCAIS COM BAIXO NÍVEL DE INTERFERÊNCIA. AF_09/2024","M3",5.56,0]
["Escavação de Valas",102311,"ESCAVAÇÃO MECANIZADA DE VALA COM PROF. MAIOR QUE 1,5 M ATÉ 3,0 M (MÉDIA MONTANTE E JUSANTE/UMA COMPOSIÇÃO POR TRECHO),COM ESCAVADEIRA (1,2 M3),LARG. DE 1,5 M A 2,5 M, EM SOLO DE 2A CATEGORIA, EM LOCAIS COM ALTO NÍVEL DE INTERFERÊNCIA. AF_09/2024","M3",11.05,0]
["Escavação de Valas",102319,"ESCAVAÇÃO MECANIZADA DE VALA COM PROF. MAIOR QUE 1,5 M ATÉ 3,0 M (MÉDIA MONTANTE E JUSANTE/UMA COMPOSIÇÃO POR TRECHO),COM ESCAVADEIRA (1,2 M3),LARG. DE 1,5 M A 2,5 M, EM SOLO DE 2A CATEGORIA, LOCAIS COM BAIXO NÍVEL DE INTERFERÊNCIA. AF_09/2024","M3",6.96,0]
["Escavação de Valas",102287,"ESCAVAÇÃO MECANIZADA DE VALA COM PROF. MAIOR QUE 1,5 M ATÉ 3,0 M (MÉDIA MONTANTE E JUSANTE/UMA COMPOSIÇÃO POR TRECHO),COM ESCAVADEIRA (1,2 M3),LARG. DE 1,5 M A 2,5 M, EM SOLO MOLE, EM LOCAIS COM ALTO NÍVEL DE INTERFERÊNCIA. AF_09/2024","M3",11.56,0]
["Escavação de Valas",102316,"ESCAVAÇÃO MECANIZADA DE VALA COM PROF. MAIOR QUE 1,5 M E ATÉ 3,0 M (MÉDIA MONTANTE E JUSANTE/UMA COMPOSIÇÃO POR TRECHO), ESCAVADEIRA (0,8 M3), LARG. MENOR QUE 1,5 M, EM SOLO DE 2A CATEGORIA, LOCAIS COM BAIXO NÍVEL DE INTERFERÊNCIA. AF_09/2024","M3",7.17,0]
["Escavação de Valas",102292,"ESCAVAÇÃO MECANIZADA DE VALA COM PROF. MAIOR QUE 1,5 M E ATÉ 3,0 M (MÉDIA MONTANTE E JUSANTE/UMA COMPOSIÇÃO POR TRECHO), ESCAVADEIRA (0,8 M3), LARG. MENOR QUE 1,5 M, EM SOLO MOLE, LOCAIS COM BAIXO NÍVEL DE INTERFERÊNCIA. AF_09/2024","M3",7.51,0]
["Escavação de Valas",90092,"ESCAVAÇÃO MECANIZADA DE VALA COM PROF. MAIOR QUE 1,5 M E ATÉ 3,0 M(MÉDIA MONTANTE E JUSANTE/UMA COMPOSIÇÃO POR TRECHO), ESCAVADEIRA (0,8 M3), LARG. MENOR QUE 1,5 M, EM SOLO DE 1A CATEGORIA, LOCAIS COM BAIXO NÍVEL DE INTERFERÊNCIA. AF_09/2024","M3",5.74,0]
["Escavação de Valas",102278,"ESCAVAÇÃO MECANIZADA DE VALA COM PROF. MAIOR QUE 1,50 M ATÉ 3,0 M (MÉDIA MONTANTE E JUSANTE/UMA COMPOSIÇÃO POR TRECHO), ESCAVADEIRA (1,2 M3), LARG. DE 1,5 M A 2,5 M, EM SOLO DE 1A CATEGORIA, EM LOCAIS COM ALTO NÍVEL DE INTERFERÊNCIA. AF_09/2024","M3",8.83,0]
["Escavação de Valas",90094,"ESCAVAÇÃO MECANIZADA DE VALA COM PROF. MAIOR QUE 3,0 M ATÉ 4,5 M (MÉDIA MONTANTE E JUSANTE/UMA COMPOSIÇÃO POR TRECHO), ESCAVADEIRA (0,8 M3), LARG. MENOR QUE 1,5 M, EM SOLO DE 1A CATEGORIA, LOCAIS COM BAIXO NÍVEL DE INTERFERÊNCIA. AF_09/2024","M3",5.44,0]
["Escavação de Valas",102309,"ESCAVAÇÃO MECANIZADA DE VALA COM PROF. MAIOR QUE 3,0 M ATÉ 4,5 M (MÉDIA MONTANTE E JUSANTE/UMA COMPOSIÇÃO POR TRECHO), ESCAVADEIRA (0,8 M3), LARG. MENOR QUE 1,5 M, EM SOLO DE 2A CATEGORIA, EM LOCAIS COM ALTO NÍVEL DE INTERFERÊNCIA. AF_09/2024","M3",10.79,0]
["Escavação de Valas",102285,"ESCAVAÇÃO MECANIZADA DE VALA COM PROF. MAIOR QUE 3,0 M ATÉ 4,5 M (MÉDIA MONTANTE E JUSANTE/UMA COMPOSIÇÃO POR TRECHO), ESCAVADEIRA (0,8 M3), LARG. MENOR QUE 1,5 M, EM SOLO MOLE, EM LOCAIS COM ALTO NÍVEL DE INTERFERÊNCIA. AF_09/2024","M3",11.29,0]
["Escavação de Valas",90095,"ESCAVAÇÃO MECANIZADA DE VALA COM PROF. MAIOR QUE 3,0 M ATÉ 4,5 M (MÉDIA MONTANTE E JUSANTE/UMA COMPOSIÇÃO POR TRECHO), ESCAVADEIRA (1,2 M3), LARG. DE 1,5 M A 2,5 M, EM SOLO DE 1A CATEGORIA, LOCAIS COM BAIXO NÍVEL DE INTERFERÊNCIA. AF_09/2024","M3",5.35,0]
["Escavação de Valas",102320,"ESCAVAÇÃO MECANIZADA DE VALA COM PROF. MAIOR QUE 3,0 M ATÉ 4,5 M (MÉDIA MONTANTE E JUSANTE/UMA COMPOSIÇÃO POR TRECHO), ESCAVADEIRA (1,2 M3), LARG. DE 1,5 M A 2,5 M, EM SOLO DE 2A CATEGORIA, LOCAIS COM BAIXO NÍVEL DE INTERFERÊNCIA. AF_09/2024","M3",6.69,0]
["Escavação de Valas",102296,"ESCAVAÇÃO MECANIZADA DE VALA COM PROF. MAIOR QUE 3,0 M ATÉ 4,5 M (MÉDIA MONTANTE E JUSANTE/UMA COMPOSIÇÃO POR TRECHO), ESCAVADEIRA (1,2 M3), LARG. DE 1,5 M A 2,5 M, EM SOLO MOLE, LOCAIS COM BAIXO NÍVEL DE INTERFERÊNCIA. AF_09/2024","M3",7,0]
["Escavação de Valas",90086,"ESCAVAÇÃO MECANIZADA DE VALA COM PROF. MAIOR QUE 3,0 M ATÉ 4,5 M(MÉDIA MONTANTE E JUSANTE/UMA COMPOSIÇÃO POR TRECHO), ESCAVADEIRA (0,8 M3), LARG. MENOR QUE 1,5 M, EM SOLO DE 1A CATEGORIA, EM LOCAIS COM ALTO NÍVEL DE INTERFERÊNCIA. AF_09/2024","M3",8.6199999999999992,0]
["Escavação de Valas",102277,"ESCAVAÇÃO MECANIZADA DE VALA COM PROF. MAIOR QUE 4,5 M ATÉ 6,0 M (MÉDIA MONTANTE E JUSANTE/UMA COMPOSIÇÃO POR TRECHO), ESCAVADEIRA (0,8 M3), LARG. MENOR QUE 1,5 M, EM SOLO DE 1A CATEGORIA, EM LOCAIS COM ALTO NÍVEL DE INTERFERÊNCIA. AF_09/2024","M3",8.3800000000000008,0]
["Escavação de Valas",102286,"ESCAVAÇÃO MECANIZADA DE VALA COM PROF. MAIOR QUE 4,5 M ATÉ 6,0 M (MÉDIA MONTANTE E JUSANTE/UMA COMPOSIÇÃO POR TRECHO), ESCAVADEIRA (0,8 M3),LARG. MENOR QUE 1,5 M, EM SOLO DE MOLE, EM LOCAIS COM ALTO NÍVEL DE INTERFERÊNCIA. AF_09/2024","M3",10.96,0]
["Escavação de Valas",90098,"ESCAVAÇÃO MECANIZADA DE VALA COM PROF. MAIOR QUE 4,5 M ATÉ 6,0 M (MÉDIA MONTANTE E JUSANTE/UMA COMPOSIÇÃO POR TRECHO), ESCAVADEIRA (1,2 M3), LARG. DE 1,5 M A 2,5 M, EM SOLO DE 1A CATEGORIA, LOCAIS COM BAIXO NÍVEL DE INTERFERÊNCIA. AF_09/2024","M3",5.24,0]
["Escavação de Valas",102313,"ESCAVAÇÃO MECANIZADA DE VALA COM PROF. MAIOR QUE 4,5 M ATÉ 6,0 M (MÉDIA MONTANTE E JUSANTE/UMA COMPOSIÇÃO POR TRECHO), ESCAVADEIRA (1,2 M3), LARG. DE 1,5 M A 2,5 M, EM SOLO DE 2A CATEGORIA, EM LOCAIS COM ALTO NÍVEL DE INTERFERÊNCIA. AF_09/2024","M3",10.41,0]
["Escavação de Valas",102321,"ESCAVAÇÃO MECANIZADA DE VALA COM PROF. MAIOR QUE 4,5 M ATÉ 6,0 M (MÉDIA MONTANTE E JUSANTE/UMA COMPOSIÇÃO POR TRECHO), ESCAVADEIRA (1,2 M3), LARG. DE 1,5 M A 2,5 M, EM SOLO DE 2A CATEGORIA, LOCAIS COM BAIXO NÍVEL DE INTERFERÊNCIA. AF_09/2024","M3",6.56,0]
["Escavação de Valas",102289,"ESCAVAÇÃO MECANIZADA DE VALA COM PROF. MAIOR QUE 4,5 M ATÉ 6,0 M (MÉDIA MONTANTE E JUSANTE/UMA COMPOSIÇÃO POR TRECHO), ESCAVADEIRA (1,2 M3), LARG. DE 1,5 M A 2,5 M, EM SOLO MOLE, EM LOCAIS COM ALTO NÍVEL DE INTERFERÊNCIA. AF_09/2024","M3",10.89,0]
["Escavação de Valas",102297,"ESCAVAÇÃO MECANIZADA DE VALA COM PROF. MAIOR QUE 4,5 M ATÉ 6,0 M (MÉDIA MONTANTE E JUSANTE/UMA COMPOSIÇÃO POR TRECHO), ESCAVADEIRA (1,2 M3), LARG. DE 1,5 M A 2,5 M, EM SOLO MOLE, LOCAIS COM BAIXO NÍVEL DE INTERFERÊNCIA. AF_09/2024","M3",6.85,0]
["Escavação de Valas",102280,"ESCAVAÇÃO MECANIZADA DE VALA COM PROF. MAIOR QUE 4,5 M ATÉ 6,0 M (MÉDIA MONTANTE E JUSANTE/UMA COMPOSIÇÃO POR TRECHO),COM ESCAVADEIRA (0,8 M3), LARG. MENOR QUE 1,5 M, EM SOLO DE 1A CATEGORIA, LOCAIS COM BAIXO NÍVEL DE INTERFERÊNCIA. AF_09/2024","M3",5.27,0]
["Escavação de Valas",102294,"ESCAVAÇÃO MECANIZADA DE VALA COM PROF. MAIOR QUE 4,5 M ATÉ 6,0 M (MÉDIA MONTANTE E JUSANTE/UMA COMPOSIÇÃO POR TRECHO),COM ESCAVADEIRA (0,8 M3), LARG. MENOR QUE 1,5 M, EM SOLO MOLE, LOCAIS COM BAIXO NÍVEL DE INTERFERÊNCIA. AF_09/2024","M3",6.9,0]
["Escavação de Valas",90090,"ESCAVAÇÃO MECANIZADA DE VALA COM PROF. MAIOR QUE 4,5 M ATÉ 6,0 M(MÉDIA MONTANTE E JUSANTE/UMA COMPOSIÇÃO POR TRECHO), ESCAVADEIRA (1,2 M3), LARG. DE 1,5 M A 2,5 M, EM SOLO DE 1A CATEGORIA, EM LOCAIS COM ALTO NÍVEL DE INTERFERÊNCIA. AF_09/2024","M3",8.32,0]
["Escavação de Valas",102317,"ESCAVAÇÃO MECANIZADA DE VALA COM PROF.MAIOR QUE 3,0 M ATÉ 4,5 M (MÉDIA MONTANTE E JUSANTE/UMA COMPOSIÇÃO POR TRECHO), ESCAVADEIRA (0,8 M3), LARG. MENOR QUE 1,5 M, EM SOLO DE 2A CATEGORIA, LOCAIS COM BAIXO NÍVEL DE INTERFERÊNCIA. AF_09/2024","M3",6.79,0]
["Escavação de Valas",102293,"ESCAVAÇÃO MECANIZADA DE VALA COM PROF.MAIOR QUE 3,0 M ATÉ 4,5 M (MÉDIA MONTANTE E JUSANTE/UMA COMPOSIÇÃO POR TRECHO), ESCAVADEIRA (0,8 M3), LARG. MENOR QUE 1,5 M, EM SOLO MOLE, LOCAIS COM BAIXO NÍVEL DE INTERFERÊNCIA. AF_09/2024","M3",7.12,0]
["Escavação de Valas",102310,"ESCAVAÇÃO MECANIZADA DE VALA COM PROF.MAIOR QUE 4,5 M ATÉ 6,0 M (MÉDIA MONTANTE E JUSANTE/UMA COMPOSIÇÃO POR TRECHO),COM ESCAVADEIRA (0,8 M3), LARG. MENOR QUE 1,5 M, EM SOLO DE 2A CATEGORIA, EM LOCAIS COM ALTO NÍVEL DE INTERFERÊNCIA. AF_09/2024","M3",10.48,0]
["Escavação de Valas",102318,"ESCAVAÇÃO MECANIZADA DE VALA COM PROF.MAIOR QUE 4,5 M ATÉ 6,0 M (MÉDIA MONTANTE E JUSANTE/UMA COMPOSIÇÃO POR TRECHO),COM ESCAVADEIRA (0,8 M3), LARG. MENOR QUE 1,5 M, EM SOLO DE 2A CATEGORIA, EM LOCAIS COM BAIXO NÍVEL DE INTERFERÊNCIA. AF_09/2024","M3",6.6,0]
["Escavação de Valas",90106,"ESCAVAÇÃO MECANIZADA DE VALA COM PROFUNDIDADE ATÉ 1,5 M (MÉDIA MONTANTE E JUSANTE/UMA COMPOSIÇÃO POR TRECHO), RETROESCAV. (0,26 M3), LARGURA DE 0,8 M A 1,5 M, EM SOLO DE 1A CATEGORIA, LOCAIS COM BAIXO NÍVEL DE INTERFERÊNCIA. AF_09/2024","M3",8.09,0.38940000000000002]
["Escavação de Valas",90105,"ESCAVAÇÃO MECANIZADA DE VALA COM PROFUNDIDADE ATÉ 1,5 M (MÉDIA MONTANTE E JUSANTE/UMA COMPOSIÇÃO POR TRECHO), RETROESCAV. (0,26 M3), LARGURA MENOR QUE 0,8 M, EM SOLO DE 1A CATEGORIA, LOCAIS COM BAIXO NÍVEL DE INTERFERÊNCIA. AF_09/2024","M3",8.9,0.3831]
["Escavação de Valas",90108,"ESCAVAÇÃO MECANIZADA DE VALA COM PROFUNDIDADE MAIOR QUE 1,5 M ATÉ 3,0 M (MÉDIA MONTANTE E JUSANTE/UMA COMPOSIÇÃO POR TRECHO), RETROESCAV (0,26 M3), LARGURA DE 0,8 M A 1,5 M, EM SOLO DE 1A CATEGORIA, LOCAIS COM BAIXO NÍVEL DE INTERFERÊNCIA. AF_09/2024","M3",7.32,0.38929999999999998]
["Escavação de Valas",90107,"ESCAVAÇÃO MECANIZADA DE VALA COM PROFUNDIDADE MAIOR QUE 1,5 M ATÉ 3,0 M (MÉDIA MONTANTE E JUSANTE/UMA COMPOSIÇÃO POR TRECHO), RETROESCAV. (0,26 M3), LARGURA MENOR QUE 0,8 M, EM SOLO DE 1A CATEGORIA, LOCAIS COM BAIXO NÍVEL DE INTERFERÊNCIA. AF_09/2024","M3",8,0.38879999999999998]
["Escavação em Material de 3ª Categoria",102354,"DESMONTE DE MATERIAL DE 3ª CATEGORIA (BLOCOS DE ROCHAS OU MATACOS), COM MARTELETE PNEUMÁTICO MANUAL - EXCLUSIVE CARGA E TRANSPORTE. AF_03/2021","M3",149.5,0.2109]
["Escavação em Material de 3ª Categoria",102355,"DESMONTE DE MATERIAL DE 3ª CATEGORIA (BLOCOS DE ROCHAS OU MATACOS), EM VALA, COM MARTELETE PNEUMÁTICO MANUAL - EXCLUSIVE RETIRADA, CARGA E TRANSPORTE. AF_03/2021","M3",175.4,0.21909999999999999]
["Escavação em Material de 3ª Categoria",102356,"DESMONTE DE MATERIAL DE 3ª CATEGORIA, COM USO DE ARGAMASSA EXPANSIVA - EXCLUSIVE CARGA E TRANSPORTE. AF_03/2021","M3",0]
["Escavação em Material de 3ª Categoria",102357,"DESMONTE DE MATERIAL DE 3ª CATEGORIA, COM USO DE ARGAMASSA EXPANSIVA, EM VALA - EXCLUSIVE RETIRADA, CARGA E TRANSPORTE. AF_03/2021","M3",0]
["Escavação em Material de 3ª Categoria",102358,"DESMONTE DE MATERIAL DE 3ª CATEGORIA, COM USO DE EMULSÃO EXPLOSIVA ENCARTUCHADA - EXCLUSIVE CARGA E TRANSPORTE. AF_03/2021","M3",0]
["Escavação em Material de 3ª Categoria",102359,"DESMONTE DE MATERIAL DE 3ª CATEGORIA, EM VALA, COM USO DE EMULSÃO EXPLOSIVA ENCARTUCHADA - EXCLUSIVE RETIRADA, CARGA E TRANSPORTE. AF_03/2021","M3",0]
["Escavação em Material de 3ª Categoria",102348,"ESCAVAÇÃO DE VALA EM MATERIAL DE 3ª CATEGORIA, RESISTÊNCIA À COMPRESSÃO MAIOR OU IGUAL A 50 MPA, COM ROMPEDOR ACOPLADO EM ESCAVADEIRA HIDRÁULICA - EXCLUSIVE RETIRADA, CARGA E TRANSPORTE. AF_03/2021","M3",0]
["Escavação em Material de 3ª Categoria",102346,"ESCAVAÇÃO DE VALA EM MATERIAL DE 3ª CATEGORIA, RESISTÊNCIA À COMPRESSÃO MENOR QUE 50 MPA, COM ROMPEDOR ACOPLADO EM ESCAVADEIRA HIDRÁULICA - EXCLUSIVE RETIRADA, CARGA E TRANSPORTE. AF_03/2021","M3",0]
["Escavação em Material de 3ª Categoria",102347,"ESCAVAÇÃO DE VALA EM MATERIAL DE 3ª CATEGORIA, RESISTÊNCIA À COMPRESSÃO MENOR QUE 50 MPA, COM ROMPEDOR ACOPLADO EM RETROESCAVADEIRA - EXCLUSIVE RETIRADA CARGA E TRANSPORTE. AF_03/2021","M3",0]
["Escavação em Material de 3ª Categoria",102350,"ESCAVAÇÃO EM MATERIAL DE 3ª CATEGORIA, RESISTÊNCIA À COMPRESSÃO MAIOR OU IGUAL A 50 MPA E MENOR QUE 70 MPA, COM ROMPEDOR ACOPLADO EM ESCAVADEIRA HIDRÁULICA - EXCLUSIVE CARGA E TRANSPORTE. AF_03/2021","M3",0]
["Escavação em Material de 3ª Categoria",102351,"ESCAVAÇÃO EM MATERIAL DE 3ª CATEGORIA, RESISTÊNCIA À COMPRESSÃO MAIOR OU IGUAL A 70 MPA E MENOR QUE 90 MPA, COM ROMPEDOR ACOPLADO EM ESCAVADEIRA HIDRÁULICA - EXCLUSIVE CARGA E TRANSPORTE. AF_03/2021","M3",0]
["Escavação em Material de 3ª Categoria",102352,"ESCAVAÇÃO EM MATERIAL DE 3ª CATEGORIA, RESISTÊNCIA À COMPRESSÃO MAIOR OU IGUAL A 90 MPA E MENOR QUE 110 MPA, COM ROMPEDOR ACOPLADO EM ESCAVADEIRA HIDRÁULICA - EXCLUSIVE CARGA E TRANSPORTE. AF_03/2021","M3",0]
["Escavação em Material de 3ª Categoria",102353,"ESCAVAÇÃO EM MATERIAL DE 3ª CATEGORIA, RESISTÊNCIA À COMPRESSÃO MAIOR QUE 110 MPA, COM ROMPEDOR ACOPLADO EM ESCAVADEIRA HIDRÁULICA - EXCLUSIVE CARGA E TRANSPORTE. AF_03/2021","M3",0]
["Escavação em Material de 3ª Categoria",102349,"ESCAVAÇÃO EM MATERIAL DE 3ª CATEGORIA, RESISTÊNCIA À COMPRESSÃO MENOR QUE 50 MPA, COM ROMPEDOR ACOPLADO EM ESCAVADEIRA HIDRÁULICA - EXCLUSIVE CARGA E TRANSPORTE. AF_03/2021","M3",0]
["Escavação em Material de 3ª Categoria",102360,"RETIRADA DE MATERIAL DE 3ª CATEGORIA (APÓS ESCAVAÇÃO/DESMONTE) EM VALAS, COM ESCAVADEIRA HIDRÁULICA - EXCLUSIVE CARGA E TRANSPORTE. AF_03/2021","M3",23.88,0]
["Escavação em Material de 3ª Categoria",102361,"RETIRADA DE MATERIAL DE 3ª CATEGORIA (APÓS ESCAVAÇÃO/DESMONTE) EM VALAS, COM RETROESCAVADEIRA - EXCLUSIVE CARGA E TRANSPORTE. AF_03/2021","M3",35.72,0.52039999999999997]
["Escoramento e Preparo de Fundo de Valas",101595,"ESCORAMENTO DE VALA, TIPO BLINDADEM, COM PROFUNDIDADE DE 0 A 1,5 M, LARGURA MAIOR OU IGUAL A 1,5 M E MENOR QUE 2,5 M - EXECUÇÃO E FORNECIMENTO, INCLUI MATERIAL. AF_08/2020","M2",0]
["Escoramento e Preparo de Fundo de Valas",101601,"ESCORAMENTO DE VALA, TIPO BLINDAGEM COM PROFUNDIDADE DE 0 A 1,5 M, LARGURA MAIOR OU IGUAL A 1,5 M E MENOR QUE 2,5 M - EXECUÇÃO, NÃO INCLUI MATERIAL. AF_08/2020","M2",26.57,0]
["Escoramento e Preparo de Fundo de Valas",101594,"ESCORAMENTO DE VALA, TIPO BLINDAGEM, COM PROFUNDIDADE DE 0 A 1,5 M, LARGURA MENOR QUE 1,5 M - EXECUÇÃO E FORNECIMENTO, INCLUI MATERIAL. AF_08/2020","M2",0]
["Escoramento e Preparo de Fundo de Valas",101600,"ESCORAMENTO DE VALA, TIPO BLINDAGEM, COM PROFUNDIDADE DE 0 A 1,5 M, LARGURA MENOR QUE 1,5 M - EXECUÇÃO, NÃO INCLUI MATERIAL. AF_08/2020","M2",17.96,0]
["Escoramento e Preparo de Fundo de Valas",101597,"ESCORAMENTO DE VALA, TIPO BLINDAGEM, COM PROFUNDIDADE DE 1,5 A 3,0 M, LARGURA MAIOR OU IGUAL A 1,5 M E MENOR QUE 2,5 M - EXECUÇÃO E FORNECIMENTO, INCLUI MATERIAL. AF_08/2020","M2",0]
["Escoramento e Preparo de Fundo de Valas",101603,"ESCORAMENTO DE VALA, TIPO BLINDAGEM, COM PROFUNDIDADE DE 1,5 A 3,0 M, LARGURA MAIOR OU IGUAL A 1,5 M E MENOR QUE 2,5 M - EXECUÇÃO, NÃO INCLUI MATERIAL. AF_08/2020","M2",21.94,0]
["Escoramento e Preparo de Fundo de Valas",101596,"ESCORAMENTO DE VALA, TIPO BLINDAGEM, COM PROFUNDIDADE DE 1,5 A 3,0 M, LARGURA MENOR QUE 1,5 M - EXECUÇÃO E FORNECIMENTO, INCLUI MATERIAL. AF_08/2020","M2",0]
["Escoramento e Preparo de Fundo de Valas",101602,"ESCORAMENTO DE VALA, TIPO BLINDAGEM, COM PROFUNDIDADE DE 1,5 A 3,0 M, LARGURA MENOR QUE 1,5 M - EXECUÇÃO, NÃO INCLUI MATERIAL. AF_08/2020","M2",13.32,0]
["Escoramento e Preparo de Fundo de Valas",101599,"ESCORAMENTO DE VALA, TIPO BLINDAGEM, COM PROFUNDIDADE DE 3,0 A 4,5 M, LARGURA MAIOR OU IGUAL A 1,5 M E MENOR QUE 2,5 M - EXECUÇÃO E FORNECIMENTO, INCLUI MATERIAL. AF_08/2020","M2",0]
["Escoramento e Preparo de Fundo de Valas",101605,"ESCORAMENTO DE VALA, TIPO BLINDAGEM, COM PROFUNDIDADE DE 3,0 A 4,5 M, LARGURA MAIOR OU IGUAL A 1,5 M E MENOR QUE 2,5 M - EXECUÇÃO, NÃO INCLUI MATERIAL. AF_08/2020","M2",17.34,0]
["Escoramento e Preparo de Fundo de Valas",101598,"ESCORAMENTO DE VALA, TIPO BLINDAGEM, COM PROFUNDIDADE DE 3,0 A 4,5 M, LARGURA MENOR QUE 1,5 M - EXECUÇÃO E FORNECIMENTO, INCLUI MATERIAL. AF_08/2020","M2",0]
["Escoramento e Preparo de Fundo de Valas",101604,"ESCORAMENTO DE VALA, TIPO BLINDAGEM, COM PROFUNDIDADE DE 3,0 A 4,5 M, LARGURA MENOR QUE 1,5 M - EXECUÇÃO, NÃO INCLUI MATERIAL. AF_08/2020","M2",8.6999999999999993,0]
["Escoramento e Preparo de Fundo de Valas",101588,"ESCORAMENTO DE VALA, TIPO CONTÍNUO COM PERFIL METÁLICO \"U\", COM PROFUNDIDADE DE 0 A 1,5 M, LARGURA MENOR QUE 1,5 M. AF_08/2020","M2",96.06,6.4000000000000003E-3]
["Escoramento e Preparo de Fundo de Valas",101591,"ESCORAMENTO DE VALA, TIPO CONTÍNUO COM PERFIL METÁLICO \"U\", COM PROFUNDIDADE DE 1,5 A 3,0 M, LARGURA MAIOR OU IGUAL 1,5 M E MENOR QUE 2,5 M. AF_08/2020","M2",116.84,4.7000000000000002E-3]
["Escoramento e Preparo de Fundo de Valas",101590,"ESCORAMENTO DE VALA, TIPO CONTÍNUO COM PERFIL METÁLICO \"U\", COM PROFUNDIDADE DE 1,5 A 3,0 M, LARGURA MENOR QUE 1,5 M. AF_08/2020","M2",72.790000000000006,7.6E-3]
["Escoramento e Preparo de Fundo de Valas",101593,"ESCORAMENTO DE VALA, TIPO CONTÍNUO COM PERFIL METÁLICO \"U\", COM PROFUNDIDADE DE 3,0 A 4,5 M, LARGURA MAIOR OU IGUAL A 1,5 M E MENOR QUE 2,5 M. AF_08/2020","M2",95.59,5.4000000000000003E-3]
["Escoramento e Preparo de Fundo de Valas",101592,"ESCORAMENTO DE VALA, TIPO CONTÍNUO COM PERFIL METÁLICO \"U\", COM PROFUNDIDADE DE 3,0 A 4,5 M, LARGURA MENOR QUE 1,5 M. AF_08/2020","M2",51.33,1.01E-2]
["Escoramento e Preparo de Fundo de Valas",101583,"ESCORAMENTO DE VALA, TIPO CONTÍNUO, COM PROFUNDIDADE DE 0 A 1,5 M, LARGURA MAIOR OU IGUAL A 1,5 M E MENOR QUE 2,5 M. AF_08/2020","M2",92.52,0]
["Escoramento e Preparo de Fundo de Valas",101582,"ESCORAMENTO DE VALA, TIPO CONTÍNUO, COM PROFUNDIDADE DE 0 A 1,5 M, LARGURA MENOR QUE 1,5 M. AF_08/2020","M2",73.819999999999993,0]
["Escoramento e Preparo de Fundo de Valas",101585,"ESCORAMENTO DE VALA, TIPO CONTÍNUO, COM PROFUNDIDADE DE 1,5 A 3,0 M, LARGURA MAIOR OU IGUAL A 1,5 M E MENOR QUE 2,5 M. AF_08/2020","M2",79.22,0]
["Escoramento e Preparo de Fundo de Valas",101584,"ESCORAMENTO DE VALA, TIPO CONTÍNUO, COM PROFUNDIDADE DE 1,5 M A 3,0 M, LARGURA MENOR QUE 1,5 M. AF_08/2020","M2",60.51,0]
["Escoramento e Preparo de Fundo de Valas",101587,"ESCORAMENTO DE VALA, TIPO CONTÍNUO, COM PROFUNDIDADE DE 3,0 A 4,5 M, LARGURA MAIOR OU IGUAL A 1,5 E MENOR QUE 2,5 M. AF_08/2020","M2",70.959999999999994,0]
["Escoramento e Preparo de Fundo de Valas",101586,"ESCORAMENTO DE VALA, TIPO CONTÍNUO, COM PROFUNDIDADE DE 3,0 A 4,5 M, LARGURA MENOR QUE 1,5 M. AF_08/2020","M2",52.01,0]
["Escoramento e Preparo de Fundo de Valas",101577,"ESCORAMENTO DE VALA, TIPO DESCONTÍNUO, COM PROFUNDIDADE DE 0 A 1,5 M, LARGURA MAIOR OU IGUAL A 1,5 M E MENOR QUE 2,5 M. AF_08/2020","M2",57.18,0]
["Escoramento e Preparo de Fundo de Valas",101576,"ESCORAMENTO DE VALA, TIPO DESCONTÍNUO, COM PROFUNDIDADE DE 0 A 1,5 M, LARGURA MENOR QUE 1,5 M. AF_08/2020","M2",45.09,0]
["Escoramento e Preparo de Fundo de Valas",101579,"ESCORAMENTO DE VALA, TIPO DESCONTÍNUO, COM PROFUNDIDADE DE 1,5 A 3,0 M, LARGURA MAIOR OU IGUAL A 1,5 M E MENOR QUE 2,5 M. AF_08/2020","M2",49.25,0]
["Escoramento e Preparo de Fundo de Valas",101578,"ESCORAMENTO DE VALA, TIPO DESCONTÍNUO, COM PROFUNDIDADE DE 1,5 M A 3,0 M, LARGURA MENOR QUE 1,5 M. AF_08/2020","M2",37.159999999999997,0]
["Escoramento e Preparo de Fundo de Valas",101581,"ESCORAMENTO DE VALA, TIPO DESCONTÍNUO, COM PROFUNDIDADE DE 3,0 A 4,5 M, LARGURA MAIOR OU IGUAL A 1,5 E MENOR QUE 2,5 M. AF_08/2020","M2",45.06,0]
["Escoramento e Preparo de Fundo de Valas",101580,"ESCORAMENTO DE VALA, TIPO DESCONTÍNUO, COM PROFUNDIDADE DE 3,0 A 4,5 M, LARGURA MENOR QUE 1,5 M. AF_08/2020","M2",32.729999999999997,0]
["Escoramento e Preparo de Fundo de Valas",101606,"ESCORAMENTO DE VALA, TIPO ESTACA PRANCHA METÁLICA CRAVADA, COM PROFUNDIDADE DE 0 A 1,5 M. AF_08/2020","M2",0]
["Escoramento e Preparo de Fundo de Valas",101607,"ESCORAMENTO DE VALA, TIPO ESTACA PRANCHA METÁLICA CRAVADA, COM PROFUNDIDADE DE 1,5 A 3 M. AF_08/2020","M2",0]
["Escoramento e Preparo de Fundo de Valas",101608,"ESCORAMENTO DE VALA, TIPO ESTACA PRANCHA METÁLICA CRAVADA, COM PROFUNDIDADE DE 3 A 4,5 M. AF_08/2020","M2",0]
["Escoramento e Preparo de Fundo de Valas",101571,"ESCORAMENTO DE VALA, TIPO PONTALETEAMENTO, COM PROFUNDIDADE DE 0 A 1,5 M, LARGURA MAIOR OU IGUAL A 1,5 M E MENOR QUE 2,5 M. AF_08/2020","M2",35.11,0]
["Escoramento e Preparo de Fundo de Valas",101570,"ESCORAMENTO DE VALA, TIPO PONTALETEAMENTO, COM PROFUNDIDADE DE 0 A 1,5 M, LARGURA MENOR QUE 1,5 M. AF_08/2020","M2",25.62,0]
["Escoramento e Preparo de Fundo de Valas",101573,"ESCORAMENTO DE VALA, TIPO PONTALETEAMENTO, COM PROFUNDIDADE DE 1,5 A 3,0 M, LARGURA MAIOR OU IGUAL A 1,5 M E MENOR QUE 2,5 M. AF_08/2020","M2",29.59,0]
["Escoramento e Preparo de Fundo de Valas",101572,"ESCORAMENTO DE VALA, TIPO PONTALETEAMENTO, COM PROFUNDIDADE DE 1,5 A 3,0 M, LARGURA MENOR QUE 1,5 M. AF_08/2020","M2",20.100000000000001,0]
["Escoramento e Preparo de Fundo de Valas",101575,"ESCORAMENTO DE VALA, TIPO PONTALETEAMENTO, COM PROFUNDIDADE DE 3,0 A 4,5 M, LARGURA MAIOR OU IGUAL A 1,5 M E MENOR QUE 2,5 M. AF_08/2020","M2",25.17,0]
["Escoramento e Preparo de Fundo de Valas",101574,"ESCORAMENTO DE VALA, TIPO PONTALETEAMENTO, COM PROFUNDIDADE DE 3,0 A 4,5 M, LARGURA MENOR QUE 1,5 M. AF_08/2020","M2",15.43,0]
["Escoramento e Preparo de Fundo de Valas",101589,"ESCORAMENTO DE VALA,TIPO CONTÍNUO COM PERFIL METÁLICO \"U\", COM PROFUNDIDADE DE 0 A 1,5 M, LARGURA MAIOR OU IGUAL A 1,5 E MENOR QUE 2,5 M. AF_08/2020","M2",140.11000000000001,4.4000000000000003E-3]
["Escoramento e Preparo de Fundo de Valas",101610,"FABRICAÇÃO DE CONJUNTO DE MÓDULO METÁLICO, COMPRIMENTO DE 3,0 M E ALTURA DE 1,8 M (ESTRONCAS DE 1,00 M). AF_08/2020","UN",0]
["Escoramento e Preparo de Fundo de Valas",101613,"FABRICAÇÃO DE CONJUNTO DE MÓDULO METÁLICO, COMPRIMENTO DE 3,0 M E ALTURA DE 1,8 M (ESTRONCAS DE 2,00 M). AF_08/2020","UN",0]
["Escoramento e Preparo de Fundo de Valas",101611,"FABRICAÇÃO DE CONJUNTO DE MÓDULO METÁLICO, COMPRIMENTO DE 3,0 M E ALTURA DE 2,4 M (ESTRONCAS DE 1,00 M). AF_08/2020","UN",0]
["Escoramento e Preparo de Fundo de Valas",101614,"FABRICAÇÃO DE CONJUNTO DE MÓDULO METÁLICO, COMPRIMENTO DE 3,0 M E ALTURA DE 2,4 M (ESTRONCAS DE 2,00 M). AF_08/2020","UN",0]
["Escoramento e Preparo de Fundo de Valas",101612,"FABRICAÇÃO DE CONJUNTO DE MÓDULO METÁLICO, COMPRIMENTO DE 3,6 M E ALTURA DE 3,0 M (ESTRONCAS DE 1,00 M). AF_08/2020","UN",0]
["Escoramento e Preparo de Fundo de Valas",101615,"FABRICAÇÃO DE CONJUNTO DE MÓDULO METÁLICO, COMPRIMENTO DE 3,6 M E ALTURA DE 3,0 M (ESTRONCAS DE 2,00 M). AF_08/2020","UN",0]
["Escoramento e Preparo de Fundo de Valas",101617,"PREPARO DE FUNDO DE VALA COM LARGURA MAIOR OU IGUAL A 1,5 M E MENOR QUE 2,5 M (ACERTO DO SOLO NATURAL). AF_08/2020","M2",3.43,0]
["Escoramento e Preparo de Fundo de Valas",101620,"PREPARO DE FUNDO DE VALA COM LARGURA MAIOR OU IGUAL A 1,5 M E MENOR QUE 2,5 M, COM CAMADA DE AREIA, LANÇAMENTO MANUAL. AF_08/2020","M3",260.62,2.9999999999999997E-4]
["Escoramento e Preparo de Fundo de Valas",101625,"PREPARO DE FUNDO DE VALA COM LARGURA MAIOR OU IGUAL A 1,5 M E MENOR QUE 2,5 M, COM CAMADA DE AREIA, LANÇAMENTO MECANIZADO. AF_08/2020","M3",209.68,6.83E-2]
["Escoramento e Preparo de Fundo de Valas",101621,"PREPARO DE FUNDO DE VALA COM LARGURA MAIOR OU IGUAL A 1,5 M E MENOR QUE 2,5 M, COM CAMADA DE BRITA, LANÇAMENTO MANUAL. AF_08/2020","M3",268.8,2.9999999999999997E-4]
["Escoramento e Preparo de Fundo de Valas",101624,"PREPARO DE FUNDO DE VALA COM LARGURA MAIOR OU IGUAL A 1,5 M E MENOR QUE 2,5 M, COM CAMADA DE BRITA, LANÇAMENTO MECANIZADO. AF_08/2020","M3",203.19,9.06E-2]
["Escoramento e Preparo de Fundo de Valas",101616,"PREPARO DE FUNDO DE VALA COM LARGURA MENOR QUE 1,5 M (ACERTO DO SOLO NATURAL). AF_08/2020","M2",6.93,0]
["Escoramento e Preparo de Fundo de Valas",101618,"PREPARO DE FUNDO DE VALA COM LARGURA MENOR QUE 1,5 M, COM CAMADA DE AREIA, LANÇAMENTO MANUAL. AF_08/2020","M3",288.3,6.9999999999999999E-4]
["Escoramento e Preparo de Fundo de Valas",101622,"PREPARO DE FUNDO DE VALA COM LARGURA MENOR QUE 1,5 M, COM CAMADA DE AREIA, LANÇAMENTO MECANIZADO. AF_08/2020","M3",250.92,9.6100000000000005E-2]
["Escoramento e Preparo de Fundo de Valas",101619,"PREPARO DE FUNDO DE VALA COM LARGURA MENOR QUE 1,5 M, COM CAMADA DE BRITA, LANÇAMENTO MANUAL. AF_08/2020","M3",296.48,6.9999999999999999E-4]
["Escoramento e Preparo de Fundo de Valas",101623,"PREPARO DE FUNDO DE VALA COM LARGURA MENOR QUE 1,5 M, COM CAMADA DE BRITA, LANÇAMENTO MECANIZADO. AF_08/2020","M3",250.43,0.1187]
["Esgotamento de Vala e Rebaixamento do Lençol Freático",104482,"ESGOTAMENTO DE VALA COM BOMBA SUBMERSÍVEL. AF_12/2022","H",31.11,0]
["Esgotamento de Vala e Rebaixamento do Lençol Freático",104189,"INSTALAÇÃO DE MATERIAL GRANULAR FILTRANTE PARA SISTEMA DE REBAIXAMENTO DE LENÇOL FREÁTICO POR POÇOS PROFUNDOSA, DIÂMETRO DO POÇO DE 400 MM. AF_12/2022","M3",194.87,0]
["Esgotamento de Vala e Rebaixamento do Lençol Freático",104465,"INSTALAÇÃO DE SISTEMA DE REBAIXAMENTO DE LENÇOL FREÁTICO POR POÇOS PROFUNDOS, DIÂMETRO DO POÇO DE 400 MM (EXCLUI O FORNECIMENTO E FUNCIONAMENTO DE BOMBAS). AF_12/2022","M",0]
["Esgotamento de Vala e Rebaixamento do Lençol Freático",104188,"INSTALAÇÃO DE TUBULAÇÃO (GEOMECÂNICA E DE SUCÇÃO) PARA SISTEMA DE REBAIXAMENTO DE LENÇOL FREÁTICO POR POÇOS PROFUNDOS COM BOMBA SUBMERSA, DIÂMETRO DO POÇO DE 400 MM. AF_12/2022","M",0]
["Esgotamento de Vala e Rebaixamento do Lençol Freático",104185,"INSTALAÇÃO E DESINSTALAÇÃO DE CONJUNTO DE BOMBAS, À VÁCUO E CENTRÍFUGA, PARA SISTEMA DE REBAIXAMENTO DE LENÇOL FREÁTICO POR PONTEIRAS FILTRANTES (EXCLUI O FORNECIMENTO DE BOMBAS). AF_12/2022","UN",26.51,0]
["Esgotamento de Vala e Rebaixamento do Lençol Freático",104182,"INSTALAÇÃO E DESINSTALAÇÃO DE MANGOTES PARA SISTEMA DE REBAIXAMENTO DE LENÇOL FREÁTICO POR PONTEIRAS FILTRANTES. AF_12/2022","M",0]
["Esgotamento de Vala e Rebaixamento do Lençol Freático",104184,"INSTALAÇÃO E DESINSTALAÇÃO DE REGISTRO DE PVC PARA SISTEMA DE REBAIXAMENTO DE LENÇOL FREÁTICO POR PONTEIRAS FILTRANTES. AF_12/2022","UN",35.69,0]
["Esgotamento de Vala e Rebaixamento do Lençol Freático",104190,"INSTALAÇÃO E DESINSTALAÇÃO DE SISTEMA DE BOMBA PARA SISTEMA DE REBAIXAMENTO DE LENÇOL FREÁTICO POR POÇOS PROFUNDOS (EXCLUI O FORNECIMENTO DE BOMBA). AF_12/2022","UN",718.29,0]
["Esgotamento de Vala e Rebaixamento do Lençol Freático",104463,"INSTALAÇÃO E DESINSTALAÇÃO DE SISTEMA DE REBAIXAMENTO DE LENÇOL FREÁTICO POR PONTEIRAS FILTRANTES PARA OBRAS ESTACIONÁRIAS (EXCLUI O FORNECIMENTO E FUNCIONAMENTO DE BOMBAS). AF_12/2022","UN",0]
["Esgotamento de Vala e Rebaixamento do Lençol Freático",104464,"INSTALAÇÃO E DESINSTALAÇÃO DE SISTEMA DE REBAIXAMENTO DE LENÇOL FREÁTICO POR PONTEIRAS FILTRANTES PARA OBRAS ITINERANTES (EXCLUI O FORNECIMENTO E FUNCIONAMENTO DE BOMBAS). AF_12/2022","UN",0]
["Esgotamento de Vala e Rebaixamento do Lençol Freático",104183,"INSTALAÇÃO E DESINSTALAÇÃO DE TUBO COLETOR DE PVC, DIÂMETRO DE 100 MM, PARA SISTEMA DE REBAIXAMENTO DE LENÇOL FREÁTICO POR PONTEIRAS FILTRANTES. AF_12/2022","M",219.2,0]
["Esgotamento de Vala e Rebaixamento do Lençol Freático",104187,"INSTALAÇÃO E RETIRADA DE REVESTIMENTO METÁLICO PARA PERFURAÇÃO DE SOLO PARA SISTEMA DE REBAIXAMENTO DE LENÇOL FREÁTICO POR PORÇOS PROFUNDOS, DIÂMETRO DO POÇO DE 400 MM. AF_12/2022","M",1825.16,0]
["Esgotamento de Vala e Rebaixamento do Lençol Freático",104186,"PERFURAÇÃO DE SOLO PARA SISTEMA DE REBAIXAMENTO DE LENÇOL FREÁTICO POR POÇOS PROFUNDOS, DIÂMETRO DO POÇO DE 400 MM. AF_12/2022","M",271.14999999999998,0]
["Esgotamento de Vala e Rebaixamento do Lençol Freático",104180,"PERFURAÇÃO DE SOLO, INSTALAÇÃO E DESINSTALAÇÃO DE PONTEIRAS PARA SISTEMA DE REBAIXAMENTO DE LENÇOL FREÁTICO POR PONTEIRAS FILTRANTES EM OBRAS ESTACIONÁRIAS. AF_12/2022","M",0]
["Esgotamento de Vala e Rebaixamento do Lençol Freático",104181,"PERFURAÇÃO DE SOLO, INSTALAÇÃO E DESINSTALAÇÃO DE PONTEIRAS PARA SISTEMA DE REBAIXAMENTO DE LENÇOL FREÁTICO POR PONTEIRAS FILTRANTES EM OBRAS ITINERANTES. AF_12/2022","M",0]
["Esquadrias - Janelas",100674,"CAIXILHO FIXO DE ALUMÍNIO PARA VIDRO (VIDRO INCLUSO), BATENTE/ REQUADRO DE 4 A 14 CM, SEM GUARNIÇÃO/ ALIZAR, FIXAÇÃO COM PARAFUSOS, VEDAÇÃO COM SILICONE, EXCLUSIVE CONTRAMARCO - FORNECIMENTO E INSTALAÇÃO. AF_11/2024","M2",543.47,0]
["Esquadrias - Janelas",100664,"CAIXILHO FIXO DE PVC BRANCO PARA VIDRO (VIDRO INCLUSO), BATENTE/ REQUADRO DE 4 A 14 CM, SEM GUARNIÇÃO/ ALIZAR, COM FERRAGENS, FIXAÇÃO COM PARAFUSOS, VEDAÇÃO COM SILICONE, EXCLUSIVE CONTRAMARCO - FORNECIMENTO E INSTALAÇÃO. AF_11/2024","M2",0]
["Esquadrias - Janelas",94589,"CONTRAMARCO DE ALUMÍNIO, FIXAÇÃO COM ARGAMASSA - FORNECIMENTO E INSTALAÇÃO. AF_11/2024","M",18.97,0]
["Esquadrias - Janelas",94590,"CONTRAMARCO DE ALUMÍNIO, FIXAÇÃO COM PARAFUSO - FORNECIMENTO E INSTALAÇÃO. AF_11/2024","M",26.74,0]
["Esquadrias - Janelas",94587,"CONTRAMARCO DE AÇO, FIXAÇÃO COM ARGAMASSA - FORNECIMENTO E INSTALAÇÃO. AF_11/2024","M",66.900000000000006,0.54779999999999995]
["Esquadrias - Janelas",94588,"CONTRAMARCO DE AÇO, FIXAÇÃO COM PARAFUSO - FORNECIMENTO E INSTALAÇÃO. AF_11/2024","M",79.27,0.46229999999999999]
["Esquadrias - Janelas",105812,"GUARNIÇÃO DE ALUMÍNIO. AF_11/2024","M",21.97,0]
["Esquadrias - Janelas",94571,"JANELA DE ALUMÍNIO DE CORRER COM 2 FOLHAS PARA VIDROS (VIDROS INCLUSOS) E PERSIANA INTEGRADA, BATENTE/ REQUADRO 6 A 14 CM, ACABAMENTO COM ACETATO OU BRILHANTE, FIXAÇÃO COM PARAFUSO, SEM GUARNIÇÃO/ ALIZAR, DIMENSÕES 120X120 CM, VEDAÇÃO COM SILICONE, EXCLUSIVE CONTRAMARCO - FORNECIMENTO E INSTALAÇÃO. AF_11/2024","M2",0]
["Esquadrias - Janelas",94570,"JANELA DE ALUMÍNIO DE CORRER COM 2 FOLHAS PARA VIDROS (VIDROS INCLUSOS), BATENTE/ REQUADRO 6 A 14 CM, ACABAMENTO COM ACETATO OU BRILHANTE, FIXAÇÃO COM PARAFUSO, SEM GUARNIÇÃO/ ALIZAR, DIMENSÕES 100X120 CM, VEDAÇÃO COM SILICONE, EXCLUSIVE CONTRAMARCO - FORNECIMENTO E INSTALAÇÃO. AF_11/2024","M2",250.73,0]
["Esquadrias - Janelas",105811,"JANELA DE ALUMÍNIO DE CORRER COM 2 FOLHAS PARA VIDROS (VIDROS INCLUSOS), COM BANDEIRA, BATENTE/ REQUADRO 6 A 14 CM, ACABAMENTO COM ACETATO OU BRILHANTE, FIXAÇÃO COM PARAFUSO, SEM GUARNIÇÃO/ ALIZAR, DIMENSÕES 100X120 CM, VEDAÇÃO COM SILICONE, EXCLUSIVE CONTRAMARCO - FORNECIMENTO E INSTALAÇÃO. AF_11/2024","M2",0]
["Esquadrias - Janelas",94572,"JANELA DE ALUMÍNIO DE CORRER COM 3 FOLHAS (2 VENEZIANAS E 1 FOLHA PARA VIDRO,VIDRO INCLUSO), BATENTE/ REQUADRO 6 A 14 CM, SEM ACABAMENTO, FIXAÇÃO COM PARAFUSO, SEM GUARNIÇÃO/ ALIZAR, DIMENSÕES 100X120 CM, VEDAÇÃO COM SILICONE, EXCLUSIVE CONTRAMARCO - FORNECIMENTO E INSTALAÇÃO. AF_11/2024","M2",355.99,0]
["Esquadrias - Janelas",94573,"JANELA DE ALUMÍNIO DE CORRER COM 4 FOLHAS PARA VIDROS (VIDROS INCLUSOS), COM BANDEIRA, BATENTE/ REQUADRO 6 A 14 CM, ACABAMENTO COM ACETATO OU BRILHANTE, FIXAÇÃO COM PARAFUSO, SEM GUARNIÇÃO/ ALIZAR, DIMENSÕES 150X120 CM, VEDAÇÃO COM SILICONE, EXCLUSIVE CONTRAMARCO - FORNECIMENTO E INSTALAÇÃO. AF_11/2024","M2",277.13,0]
["Esquadrias - Janelas",105809,"JANELA DE ALUMÍNIO DE CORRER COM 4 FOLHAS PARA VIDROS (VIDROS INCLUSOS), SEM BANDEIRA, BATENTE/ REQUADRO 6 A 14 CM, ACABAMENTO COM ACETATO OU BRILHANTE, FIXAÇÃO COM PARAFUSO, SEM GUARNIÇÃO/ ALIZAR, DIMENSÕES 150X120 CM, VEDAÇÃO COM SILICONE, EXCLUSIVE CONTRAMARCO - FORNECIMENTO E INSTALAÇÃO. AF_11/2024","M2",0]
["Esquadrias - Janelas",94569,"JANELA DE ALUMÍNIO TIPO MAXIM-AR, BATENTE/ REQUADRO 3 A 14 CM, VIDRO INCLUSO, FIXAÇÃO COM PARAFUSO, SEM GUARNIÇÃO/ ALIZAR, DIMENSÕES 60X80 (A X L) CM, SEM ACABAMENTO, VEDAÇÃO COM SILICONE, EXCLUSIVE CONTRAMARCO - FORNECIMENTO E INSTALAÇÃO. AF_11/2024","M2",480.55,0]
["Esquadrias - Janelas",105810,"JANELA DE ALUMÍNIO TIPO MAXIM-AR, VIDRO INCLUSO, COM BANDEIRA, FIXAÇÃO COM PARAFUSO, SEM GUARNIÇÃO/ ALIZAR, DIMENSÕES 100X80 (A X L) CM, SEM ACABAMENTO, VEDAÇÃO COM SILICONE, EXCLUSIVE CONTRAMARCO - FORNECIMENTO E INSTALAÇÃO. AF_11/2024","M2",0]
["Esquadrias - Janelas",94561,"JANELA DE AÇO DE CORRER COM 3 FOLHAS (2 VENEZIANAS E 1 PARA VIDRO - VIDRO INCLUSO), BATENTE/ REQUADRO INCLUSO (6 A 14 CM), FIXAÇÃO COM ARGAMASSA, COM PINTURA ANTICORROSIVA E PINTURA DE ACABAMENTO, COM FERRAGENS, FIXAÇÃO COM ARGAMASSA, EXCLUSIVE CONTRAMARCO - FORNECIMENTO E INSTALAÇÃO. AF_11/2024","M2",0]
["Esquadrias - Janelas",94562,"JANELA DE AÇO DE CORRER COM 4 FOLHAS PARA VIDRO (VIDROS NÃO INCLUSOS), BATENTE/ REQUADRO INCLUSO (6 A 14 CM), FIXAÇÃO COM ARGAMASSA, COM PINTURA ANTICORROSIVA, COM FERRAGENS, FIXAÇÃO COM ARGAMASSA, EXCLUSIVE CONTRAMARCO - FORNECIMENTO E INSTALAÇÃO. AF_11/2024","M2",629.99,0.89990000000000003]
["Esquadrias - Janelas",105813,"JANELA DE AÇO GALVANIZADO TIPO MAXIMO-AR, PINT. ANTICORROSIVA, COM BATENTE/REQUADRO DE 6 A 14 CM, SEM VIDRO, COM GRADE, 1 FL, 60 X 80 CM (A X L), FIXAÇÃO COM ARGAMASSA, EXCLUSIVE CONTRAMARCO - FORNECIMENTO E INSTALAÇÃO. AF_11/2024","M2",1064.1199999999999,0.78759999999999997]
["Esquadrias - Janelas",94559,"JANELA DE AÇO TIPO BASCULANTE, PARA VIDROS (VIDROS NÃO INCLUSOS), BATENTE/ REQUADRO INCLUSO (6,5 A 14 CM), DIMENSÕES 60X60 CM, COM COM PINTURA ANTICORROSIVA, SEM ACABAMENTO, COM FERRAGENS, FIXAÇÃO COM ARGAMASSA, EXCLUSIVE CONTRAMARCO - FORNECIMENTO E INSTALAÇÃO. AF_11/2024","M2",741.11,0.69230000000000003]
["Esquadrias - Janelas",100668,"JANELA DE MADEIRA CEDRINHO/ ANGELIM COMERCIAL/ CURUPIXA/ CUMARU OU EQUIVALENTE DA REGIÃO, TIPO MAXIMA AR, PARA VIDRO (VIDRO NÃO INCLUSO), CAIXA DO BATENTE/ MARCO DE 10 CM, COM GUARNIÇÕES/ ALIZAR E FERRAGENS, SEM ACABAMENTO, FIXAÇÃO COM PARAFUSOS E ESPUMA EXPANSIVA, EXCLUSIVE CONTRAMARCO - FORNECIMENTO E INSTALAÇÃO. AF_11/2024","M2",1290.9100000000001,0.72950000000000004]
["Esquadrias - Janelas",100670,"JANELA DE MADEIRA CEDRINHO/ ANGELIM COMERCIAL/ CURUPIXA/ CUMARU OU EQUIVALENTE, CAIXA DO BATENTE/ MARCO 10 CM, COM 6 FOLHAS (2 VENEZIANAS FIXAS, 2 VENEZIANAS DE CORRER E 2 FOLHAS DE CORRER PARA VIDRO, VIDROS NÃO INCLUSOS), SEM GUARNIÇÃO/ ALIZAR, COM FERRAGENS, FIXAÇÃO COM PARAFUSOS E ESPUMA EXPANSIVA, EXCLUSIVE CONTRAMARCO - FORNECIMENTO E INSTALAÇÃO. AF_11/2024","M2",980.32,0.86760000000000004]
["Esquadrias - Janelas",100665,"JANELA DE MADEIRA CEDRINHO/ ANGELIM COMERCIAL/ CURUPIXA/ CUMARU OU EQUIVALENTE, CAIXA DO BATENTE/ MARCO 10 CM, COM DUAS FOLHAS DE ABRIR TIPO VENEZIANAS E 2 FOLHAS GUILHOTINAS PARA VIDRO (VIDROS NÃO INCLUSOS), COM GUARNIÇÃO/ ALIZAR E FERRAGENS, FIXAÇÃO COM PARAFUSOS E ESPUMA EXPANSIVA, EXCLUSIVE CONTRAMARCO - FORNECIMENTO E INSTALAÇÃO. AF_11/2024","M2",818.3,0.81610000000000005]
["Esquadrias - Janelas",100924,"JANELA DE MADEIRA CEDRINHO/ ANGELIM COMERCIAL/ CURUPIXA/ CUMARU OU EQUIVALENTE, VENEZIANAS PANTOGRÁFICAS DE CORRER E 2 FOLHAS PARA VIDROS DE CORRER (VIDROS NÃO INCLUSOS), GUARNIÇÕES/ MARCO INCLUSOS, FERRAGENS INCLUSAS, FIXAÇÃO COM PARAFUSOS E ESPUMA EXPANSIVA, EXCLUSIVE CONTRAMARCO - FORNECIMENTO E INSTALAÇÃO. AF_11/2024","M2",0]
["Esquadrias - Janelas",100671,"JANELA DE MADEIRA IMBUIA/CEDRO ARANA/CEDRO OU EQUIVALENTE, CAIXA DO BATENTE/ MARCO 10 CM, COM 6 FOLHAS (2 VENEZIANAS FIXAS, 2 VENEZIANAS DE CORRER E 2 FOLHAS DE CORRER PARA VIDRO, VIDROS NÃO INCLUSOS), SEM GUARNIÇÃO/ ALIZAR, COM FERRAGENS, FIXAÇÃO COM PARAFUSOS E ESPUMA EXPANSIVA, EXCLUSIVE CONTRAMARCO - FORNECIMENTO E INSTALAÇÃO. AF_11/2024","M2",1207.73,0.89249999999999996]
["Esquadrias - Janelas",100667,"JANELA DE MADEIRA IMBUIA/CEDRO ARANA/CEDRO ROSAOU EQUIVALENTE, CAIXA DO BATENTE/ MARCO 10 CM, COM DUAS FOLHAS DE ABRIR TIPO VENEZIANAS E 2 FOLHAS GUILHOTINAS PARA VIDRO (VIDROS NÃO INCLUSOS), COM GUARNIÇÃO/ ALIZAR E FERRAGENS, FIXAÇÃO COM PARAFUSOS E ESPUMA EXPANSIVA, EXCLUSIVE CONTRAMARCO - FORNECIMENTO E INSTALAÇÃO. AF_11/2024","M2",1042.17,0.85560000000000003]
["Esquadrias - Janelas",100669,"JANELA DE MADEIRA PINUS/ EUCALIPTO/ TAUARI/ VIROLA OU EQUIVALENTE DA REGIÃO, TIPO BASCULANTE, 2 FOLHAS PARA (VIDROS NÃO INCLUSOS), CAIXA DO BATENTE/ MARCO DE 10 CM, SEM GUARNIÇÕES/ ALIZAR, COM FERRAGENS, FIXAÇÃO COM PARAFUSOS E ESPUMA EXPANSIVA, EXCLUSIVE CONTRAMARCO - FORNECIMENTO E INSTALAÇÃO. AF_11/2024","M2",950.28,0.63260000000000005]
["Esquadrias - Janelas",100672,"JANELA DE MADEIRA PINUS/ EUCALIPTO/ TAUARI/ VIROLA OU EQUIVALENTE, CAIXA DO BATENTE/ MARCO 10 CM, COM 6 FOLHAS (2 VENEZIANAS FIXAS, 2 VENEZIANAS DE CORRER E 2 FOLHAS DE CORRER PARA VIDRO, VIDROS NÃO INCLUSOS), SEM GUARNIÇÃO/ ALIZAR, COM FERRAGENS, FIXAÇÃO COM PARAFUSOS E ESPUMA EXPANSIVA, EXCLUSIVE CONTRAMARCO - FORNECIMENTO E INSTALAÇÃO. AF_11/2024","M2",792.54,0.83620000000000005]
["Esquadrias - Janelas",100666,"JANELA DE MADEIRA PINUS/EUCALIPTO/ TAUARI/ VIROLA OU EQUIVALENTE, CAIXA DO BATENTE/ MARCO 10 CM, COM DUAS FOLHAS DE ABRIR TIPO VENEZIANAS E 2 FOLHAS GUILHOTINAS PARA VIDRO (VIDROS NÃO INCLUSOS), COM GUARNIÇÃO/ ALIZAR E FERRAGENS, FIXAÇÃO COM PARAFUSOS E ESPUMA EXPANSIVA, EXCLUSIVE CONTRAMARCO - FORNECIMENTO E INSTALAÇÃO. AF_11/2024","M2",659.95,0.77200000000000002]
["Esquadrias - Janelas",100663,"JANELA DE PVC BRANCO DE CORRER COM 2 FOLHAS PARA VIDRO (VIDROS INCLUSOS) E PERSIANA INTEGRADA, BATENTE/ REQUADRO DE 4 A 14 CM, DIMENSÕES 120X120 CM, COM GUARNIÇÃO/ ALIZAR, COM FERRAGENS, FIXAÇÃO COM PARAFUSOS, VEDAÇÃO COM SILICONE, EXCLUSIVE CONTRAMARCO - FORNECIMENTO E INSTALAÇÃO. AF_11/2024","M2",0]
["Esquadrias - Janelas",100662,"JANELA DE PVC BRANCO DE CORRER COM 3 FOLHAS (2 VENEZIANAS E 1 PARA VIDRO, VIDRO INCLUSO), BATENTE/ REQUADRO DE 4 A 14 CM, DIMENSÕES 100X200 CM, COM GUARNIÇÃO/ ALIZAR, COM FERRAGENS, FIXAÇÃO COM PARAFUSOS, VEDAÇÃO COM SILICONE, EXCLUSIVE CONTRAMARCO - FORNECIMENTO E INSTALAÇÃO. AF_11/2024","M2",0]
["Esquadrias - Janelas",100661,"JANELA DE PVC BRANCO TIPO MAXIM-AR (VIDRO INCLUSO), BATENTE/ REQUADRO DE 4 A 14 CM, DIMENSÕES 60X60 CM, COM GUARNIÇÃO/ ALIZAR, COM FERRAGENS, FIXAÇÃO COM PARAFUSOS, VEDAÇÃO COM SILICONE, EXCLUSIVE CONTRAMARCO - FORNECIMENTO E INSTALAÇÃO. AF_11/2024","M2",0]
["Esquadrias - Portas",100659,"ALIZAR DE 5X1,5CM PARA PORTA FIXADO COM PREGOS, PADRÃO MÉDIO - FORNECIMENTO E INSTALAÇÃO. AF_12/2019","M",11.3,0]
["Esquadrias - Portas",100660,"ALIZAR DE 5X1,5CM PARA PORTA FIXADO COM PREGOS, PADRÃO POPULAR - FORNECIMENTO E INSTALAÇÃO. AF_12/2019","M",7.89,0]
["Esquadrias - Portas",100711,"BATENTE DE AÇO GALVANIZADO, COM PERFIL PRÉ-FABRICADO, FIXADO COM ARGAMASSA, COM SOLDA, GRAPAS E FUROS PARA FERRAGENS INCLUSOS. AF_12/2019","M",0]
["Esquadrias - Portas",100676,"BATENTE PARA PORTA COM BANDEIRA, FIXAÇÃO COM PARAFUSO E BUCHA. AF_12/2019","UN",198.72,0]
["Esquadrias - Portas",90806,"BATENTE PARA PORTA DE MADEIRA, FIXAÇÃO COM ARGAMASSA, PADRÃO MÉDIO - FORNECIMENTO E INSTALAÇÃO. AF_12/2019","UN",411.43,0]
["Esquadrias - Portas",91292,"BATENTE PARA PORTA DE MADEIRA, FIXAÇÃO COM ARGAMASSA, PADRÃO POPULAR. FORNECIMENTO E INSTALAÇÃO. AF_12/2019","UN",335.74,0]
["Esquadrias - Portas",90801,"BATENTE PARA PORTA DE MADEIRA, PADRÃO MÉDIO - FORNECIMENTO E MONTAGEM. AF_12/2019","UN",311.14,0]
["Esquadrias - Portas",91287,"BATENTE PARA PORTA DE MADEIRA, PADRÃO POPULAR - FORNECIMENTO E MONTAGEM. AF_12/2019","UN",235.45,0]
["Esquadrias - Portas",100706,"CREMONA EM LATÃO CROMADO OU POLIDO, COMPLETA. AF_12/2019","UN",78.47,0]
["Esquadrias - Portas",100709,"DOBRADIÇA EM AÇO/FERRO, 3\" X 21/2\", E=1,9 A 2MM, SEN ANEL, CROMADO OU ZINCADO, TAMPA BOLA, COM PARAFUSOS. AF_12/2019","UN",59.61,0]
["Esquadrias - Portas",100710,"DOBRADIÇA TIPO VAI E VEM EM LATÃO POLIDO 3\". AF_12/2019","UN",169.02,0]
["Esquadrias - Portas",90830,"FECHADURA DE EMBUTIR COM CILINDRO, EXTERNA, COMPLETA, ACABAMENTO PADRÃO MÉDIO, INCLUSO EXECUÇÃO DE FURO - FORNECIMENTO E INSTALAÇÃO. AF_12/2019","UN",197.58,0]
["Esquadrias - Portas",91304,"FECHADURA DE EMBUTIR COM CILINDRO, EXTERNA, COMPLETA, ACABAMENTO PADRÃO POPULAR, INCLUSO EXECUÇÃO DE FURO - FORNECIMENTO E INSTALAÇÃO. AF_12/2019","UN",119.9,0]
["Esquadrias - Portas",90831,"FECHADURA DE EMBUTIR PARA PORTA DE BANHEIRO, COMPLETA, ACABAMENTO PADRÃO MÉDIO, INCLUSO EXECUÇÃO DE FURO - FORNECIMENTO E INSTALAÇÃO. AF_12/2019","UN",173.35,0]
["Esquadrias - Portas",91305,"FECHADURA DE EMBUTIR PARA PORTA DE BANHEIRO, COMPLETA, ACABAMENTO PADRÃO POPULAR, INCLUSO EXECUÇÃO DE FURO - FORNECIMENTO E INSTALAÇÃO. AF_12/2019","UN",119.91,0]
["Esquadrias - Portas",91306,"FECHADURA DE EMBUTIR PARA PORTAS INTERNAS, COMPLETA, ACABAMENTO PADRÃO MÉDIO, COM EXECUÇÃO DE FURO - FORNECIMENTO E INSTALAÇÃO. AF_12/2019","UN",173.35,0]
["Esquadrias - Portas",91307,"FECHADURA DE EMBUTIR PARA PORTAS INTERNAS, COMPLETA, ACABAMENTO PADRÃO POPULAR, COM EXECUÇÃO DE FURO - FORNECIMENTO E INSTALAÇÃO. AF_12/2019","UN",101.88,0]
["Esquadrias - Portas",100707,"FECHO DE EMBUTIR TIPO UNHA 22CM. AF_12/2019","UN",160.97999999999999,0]
["Esquadrias - Portas",100708,"FECHO DE EMBUTIR TIPO UNHA 40CM. AF_12/2019","UN",201.5,0]
["Esquadrias - Portas",91328,"KIT DE PORTA DE MADEIRA FRISADA, SEMI-OCA (LEVE OU MÉDIA), PADRÃO MÉDIO 60X210CM, ESPESSURA DE 3CM, ITENS INCLUSOS: DOBRADIÇAS, MONTAGEM E INSTALAÇÃO DO BATENTE, SEM FECHADURA - FORNECIMENTO E INSTALAÇÃO. AF_12/2019","UN",883.4,0]
["Esquadrias - Portas",100687,"KIT DE PORTA DE MADEIRA FRISADA, SEMI-OCA (LEVE OU MÉDIA), PADRÃO MÉDIO, 60X210CM, ESPESSURA DE 3,5CM, ITENS INCLUSOS: DOBRADIÇAS, MONTAGEM E INSTALAÇÃO DE BATENTE, FECHADURA COM EXECUÇÃO DO FURO - FORNECIMENTO E INSTALAÇÃO. AF_12/2019","UN",1056.75,0]
["Esquadrias - Portas",100681,"KIT DE PORTA DE MADEIRA FRISADA, SEMI-OCA (LEVE OU MÉDIA), PADRÃO MÉDIO, 70X210CM, ESPESSURA DE 3CM, ITENS INCLUSOS: DOBRADIÇAS, MONTAGEM E INSTALAÇÃO DE BATENTE, FECHADURA COM EXECUÇÃO DO FURO - FORNECIMENTO E INSTALAÇÃO. AF_12/2019","UN",1081.25,0]
["Esquadrias - Portas",91330,"KIT DE PORTA DE MADEIRA FRISADA, SEMI-OCA (LEVE OU MÉDIA), PADRÃO MÉDIO, 70X210CM, ESPESSURA DE 3CM, ITENS INCLUSOS: DOBRADIÇAS, MONTAGEM E INSTALAÇÃO DO BATENTE, SEM FECHADURA - FORNECIMENTO E INSTALAÇÃO. AF_12/2019","UN",907.9,0]
["Esquadrias - Portas",100689,"KIT DE PORTA DE MADEIRA FRISADA, SEMI-OCA (LEVE OU MÉDIA), PADRÃO MÉDIO, 80X210CM, ESPESSURA DE 3,5CM, ITENS INCLUSOS: DOBRADIÇAS, MONTAGEM E INSTALAÇÃO DE BATENTE, FECHADURA COM EXECUÇÃO DO FURO - FORNECIMENTO E INSTALAÇÃO. AF_12/2019","UN",1140.4100000000001,0]
["Esquadrias - Portas",91332,"KIT DE PORTA DE MADEIRA FRISADA, SEMI-OCA (LEVE OU MÉDIA), PADRÃO MÉDIO, 80X210CM, ESPESSURA DE 3,5CM, ITENS INCLUSOS: DOBRADIÇAS, MONTAGEM E INSTALAÇÃO DO BATENTE, SEM FECHADURA - FORNECIMENTO E INSTALAÇÃO. AF_12/2019","UN",942.83,0]
["Esquadrias - Portas",100688,"KIT DE PORTA DE MADEIRA FRISADA, SEMI-OCA (LEVE OU MÉDIA), PADRÃO POPULAR, 60X210CM, ESPESSURA DE 3CM, ITENS INCLUSOS: DOBRADIÇAS, MONTAGEM E INSTALAÇÃO DE BATENTE, FECHADURA COM EXECUÇÃO DO FURO - FORNECIMENTO E INSTALAÇÃO. AF_12/2019","UN",894.88,0]
["Esquadrias - Portas",91329,"KIT DE PORTA DE MADEIRA FRISADA, SEMI-OCA (LEVE OU MÉDIA), PADRÃO POPULAR, 60X210CM, ESPESSURA DE 3CM, ITENS INCLUSOS: DOBRADIÇAS, MONTAGEM E INSTALAÇÃO DO BATENTE, SEM FECHADURA - FORNECIMENTO E INSTALAÇÃO. AF_12/2019","UN",774.97,0]
["Esquadrias - Portas",100682,"KIT DE PORTA DE MADEIRA FRISADA, SEMI-OCA (LEVE OU MÉDIA), PADRÃO POPULAR, 70X210CM, ESPESSURA DE 3CM, ITENS INCLUSOS: DOBRADIÇAS, MONTAGEM E INSTALAÇÃO DE BATENTE, FECHADURA COM EXECUÇÃO DO FURO - FORNECIMENTO E INSTALAÇÃO. AF_12/2019","UN",900.67,0]
["Esquadrias - Portas",91331,"KIT DE PORTA DE MADEIRA FRISADA, SEMI-OCA (LEVE OU MÉDIA), PADRÃO POPULAR, 70X210CM, ESPESSURA DE 3CM, ITENS INCLUSOS: DOBRADIÇAS, MONTAGEM E INSTALAÇÃO DO BATENTE, SEM FECHADURA - FORNECIMENTO E INSTALAÇÃO. AF_12/2019","UN",798.79,0]
["Esquadrias - Portas",100690,"KIT DE PORTA DE MADEIRA FRISADA, SEMI-OCA (LEVE OU MÉDIA), PADRÃO POPULAR, 80X210CM, ESPESSURA DE 3,5CM, ITENS INCLUSOS: DOBRADIÇAS, MONTAGEM E INSTALAÇÃO DE BATENTE, FECHADURA COM EXECUÇÃO DO FURO - FORNECIMENTO E INSTALAÇÃO. AF_12/2019","UN",952.94,0]
["Esquadrias - Portas",91333,"KIT DE PORTA DE MADEIRA FRISADA, SEMI-OCA (LEVE OU MÉDIA), PADRÃO POPULAR, 80X210CM, ESPESSURA DE 3,5CM, ITENS INCLUSOS: DOBRADIÇAS, MONTAGEM E INSTALAÇÃO DO BATENTE, SEM FECHADURA - FORNECIMENTO E INSTALAÇÃO. AF_12/2019","UN",833.04,0]
["Esquadrias - Portas",90841,"KIT DE PORTA DE MADEIRA PARA PINTURA, SEMI-OCA (LEVE OU MÉDIA), PADRÃO MÉDIO, 60X210CM, ESPESSURA DE 3,5CM, ITENS INCLUSOS: DOBRADIÇAS, MONTAGEM E INSTALAÇÃO DO BATENTE, FECHADURA COM EXECUÇÃO DO FURO - FORNECIMENTO E INSTALAÇÃO. AF_12/2019","UN",1038.8800000000001,0]
["Esquadrias - Portas",90847,"KIT DE PORTA DE MADEIRA PARA PINTURA, SEMI-OCA (LEVE OU MÉDIA), PADRÃO MÉDIO, 60X210CM, ESPESSURA DE 3,5CM, ITENS INCLUSOS: DOBRADIÇAS, MONTAGEM E INSTALAÇÃO DO BATENTE, SEM FECHADURA - FORNECIMENTO E INSTALAÇÃO. AF_12/2019","UN",865.53,0]
["Esquadrias - Portas",90842,"KIT DE PORTA DE MADEIRA PARA PINTURA, SEMI-OCA (LEVE OU MÉDIA), PADRÃO MÉDIO, 70X210CM, ESPESSURA DE 3,5CM, ITENS INCLUSOS: DOBRADIÇAS, MONTAGEM E INSTALAÇÃO DO BATENTE, FECHADURA COM EXECUÇÃO DO FURO - FORNECIMENTO E INSTALAÇÃO. AF_12/2019","UN",1048.05,0]
["Esquadrias - Portas",90848,"KIT DE PORTA DE MADEIRA PARA PINTURA, SEMI-OCA (LEVE OU MÉDIA), PADRÃO MÉDIO, 70X210CM, ESPESSURA DE 3,5CM, ITENS INCLUSOS: DOBRADIÇAS, MONTAGEM E INSTALAÇÃO DO BATENTE, SEM FECHADURA - FORNECIMENTO E INSTALAÇÃO. AF_12/2019","UN",874.7,0]
["Esquadrias - Portas",90843,"KIT DE PORTA DE MADEIRA PARA PINTURA, SEMI-OCA (LEVE OU MÉDIA), PADRÃO MÉDIO, 80X210CM, ESPESSURA DE 3,5CM, ITENS INCLUSOS: DOBRADIÇAS, MONTAGEM E INSTALAÇÃO DO BATENTE, FECHADURA COM EXECUÇÃO DO FURO - FORNECIMENTO E INSTALAÇÃO. AF_12/2019","UN",1095.99,0]
["Esquadrias - Portas",90849,"KIT DE PORTA DE MADEIRA PARA PINTURA, SEMI-OCA (LEVE OU MÉDIA), PADRÃO MÉDIO, 80X210CM, ESPESSURA DE 3,5CM, ITENS INCLUSOS: DOBRADIÇAS, MONTAGEM E INSTALAÇÃO DO BATENTE, SEM FECHADURA - FORNECIMENTO E INSTALAÇÃO. AF_12/2019","UN",898.41,0]
["Esquadrias - Portas",90844,"KIT DE PORTA DE MADEIRA PARA PINTURA, SEMI-OCA (LEVE OU MÉDIA), PADRÃO MÉDIO, 90X210CM, ESPESSURA DE 3,5CM, ITENS INCLUSOS: DOBRADIÇAS, MONTAGEM E INSTALAÇÃO DO BATENTE, FECHADURA COM EXECUÇÃO DO FURO - FORNECIMENTO E INSTALAÇÃO. AF_12/2019","UN",1167.56,0]
["Esquadrias - Portas",90850,"KIT DE PORTA DE MADEIRA PARA PINTURA, SEMI-OCA (LEVE OU MÉDIA), PADRÃO MÉDIO, 90X210CM, ESPESSURA DE 3,5CM, ITENS INCLUSOS: DOBRADIÇAS, MONTAGEM E INSTALAÇÃO DO BATENTE, SEM FECHADURA - FORNECIMENTO E INSTALAÇÃO. AF_12/2019","UN",969.98,0]
["Esquadrias - Portas",91312,"KIT DE PORTA DE MADEIRA PARA PINTURA, SEMI-OCA (LEVE OU MÉDIA), PADRÃO POPULAR, 60X210CM, ESPESSURA DE 3,5CM, ITENS INCLUSOS: DOBRADIÇAS, MONTAGEM E INSTALAÇÃO DO BATENTE, FECHADURA COM EXECUÇÃO DO FURO - FORNECIMENTO E INSTALAÇÃO. AF_12/2019","UN",877.01,0]
["Esquadrias - Portas",91318,"KIT DE PORTA DE MADEIRA PARA PINTURA, SEMI-OCA (LEVE OU MÉDIA), PADRÃO POPULAR, 60X210CM, ESPESSURA DE 3,5CM, ITENS INCLUSOS: DOBRADIÇAS, MONTAGEM E INSTALAÇÃO DO BATENTE, SEM FECHADURA - FORNECIMENTO E INSTALAÇÃO. AF_12/2019","UN",757.1,0]
["Esquadrias - Portas",91313,"KIT DE PORTA DE MADEIRA PARA PINTURA, SEMI-OCA (LEVE OU MÉDIA), PADRÃO POPULAR, 70X210CM, ESPESSURA DE 3,5CM, ITENS INCLUSOS: DOBRADIÇAS, MONTAGEM E INSTALAÇÃO DO BATENTE, FECHADURA COM EXECUÇÃO DO FURO - FORNECIMENTO E INSTALAÇÃO. AF_12/2019","UN",867.47,0]
["Esquadrias - Portas",91319,"KIT DE PORTA DE MADEIRA PARA PINTURA, SEMI-OCA (LEVE OU MÉDIA), PADRÃO POPULAR, 70X210CM, ESPESSURA DE 3,5CM, ITENS INCLUSOS: DOBRADIÇAS, MONTAGEM E INSTALAÇÃO DO BATENTE, SEM FECHADURA - FORNECIMENTO E INSTALAÇÃO. AF_12/2019","UN",765.59,0]
["Esquadrias - Portas",91314,"KIT DE PORTA DE MADEIRA PARA PINTURA, SEMI-OCA (LEVE OU MÉDIA), PADRÃO POPULAR, 80X210CM, ESPESSURA DE 3,5CM, ITENS INCLUSOS: DOBRADIÇAS, MONTAGEM E INSTALAÇÃO DO BATENTE, FECHADURA COM EXECUÇÃO DO FURO - FORNECIMENTO E INSTALAÇÃO. AF_12/2019","UN",908.52,0]
["Esquadrias - Portas",91320,"KIT DE PORTA DE MADEIRA PARA PINTURA, SEMI-OCA (LEVE OU MÉDIA), PADRÃO POPULAR, 80X210CM, ESPESSURA DE 3,5CM, ITENS INCLUSOS: DOBRADIÇAS, MONTAGEM E INSTALAÇÃO DO BATENTE, SEM FECHADURA - FORNECIMENTO E INSTALAÇÃO. AF_12/2019","UN",788.62,0]
["Esquadrias - Portas",91315,"KIT DE PORTA DE MADEIRA PARA PINTURA, SEMI-OCA (LEVE OU MÉDIA), PADRÃO POPULAR, 90X210CM, ESPESSURA DE 3,5CM, ITENS INCLUSOS: DOBRADIÇAS, MONTAGEM E INSTALAÇÃO DO BATENTE, FECHADURA COM EXECUÇÃO DO FURO - FORNECIMENTO E INSTALAÇÃO. AF_12/2019","UN",979.4,0]
["Esquadrias - Portas",91321,"KIT DE PORTA DE MADEIRA PARA PINTURA, SEMI-OCA (LEVE OU MÉDIA), PADRÃO POPULAR, 90X210CM, ESPESSURA DE 3,5CM, ITENS INCLUSOS: DOBRADIÇAS, MONTAGEM E INSTALAÇÃO DO BATENTE, SEM FECHADURA - FORNECIMENTO E INSTALAÇÃO. AF_12/2019","UN",859.5,0]
["Esquadrias - Portas",90845,"KIT DE PORTA DE MADEIRA PARA PINTURA, SEMI-OCA (PESADA OU SUPERPESADA), PADRÃO MÉDIO, 80X210CM, ESPESSURA DE 3,5CM, ITENS INCLUSOS: DOBRADIÇAS, MONTAGEM E INSTALAÇÃO DO BATENTE, FECHADURA COM EXECUÇÃO DO FURO - FORNECIMENTO E INSTALAÇÃO. AF_12/2019","UN",1326.84,0]
["Esquadrias - Portas",90851,"KIT DE PORTA DE MADEIRA PARA PINTURA, SEMI-OCA (PESADA OU SUPERPESADA), PADRÃO MÉDIO, 80X210CM, ESPESSURA DE 3,5CM, ITENS INCLUSOS: DOBRADIÇAS, MONTAGEM E INSTALAÇÃO DO BATENTE, SEM FECHADURA - FORNECIMENTO E INSTALAÇÃO. AF_12/2019","UN",1129.26,0]
["Esquadrias - Portas",90846,"KIT DE PORTA DE MADEIRA PARA PINTURA, SEMI-OCA (PESADA OU SUPERPESADA), PADRÃO MÉDIO, 90X210CM, ESPESSURA DE 3,5CM, ITENS INCLUSOS: DOBRADIÇAS, MONTAGEM E INSTALAÇÃO DO BATENTE, FECHADURA COM EXECUÇÃO DO FURO - FORNECIMENTO E INSTALAÇÃO. AF_12/2019","UN",1390.25,0]
["Esquadrias - Portas",90852,"KIT DE PORTA DE MADEIRA PARA PINTURA, SEMI-OCA (PESADA OU SUPERPESADA), PADRÃO MÉDIO, 90X210CM, ESPESSURA DE 3,5CM, ITENS INCLUSOS: DOBRADIÇAS, MONTAGEM E INSTALAÇÃO DO BATENTE, SEM FECHADURA - FORNECIMENTO E INSTALAÇÃO. AF_12/2019","UN",1192.67,0]
["Esquadrias - Portas",91316,"KIT DE PORTA DE MADEIRA PARA PINTURA, SEMI-OCA (PESADA OU SUPERPESADA), PADRÃO POPULAR, 80X210CM, ESPESSURA DE 3,5CM, ITENS INCLUSOS: DOBRADIÇAS, MONTAGEM E INSTALAÇÃO DO BATENTE, FECHADURA COM EXECUÇÃO DO FURO - FORNECIMENTO E INSTALAÇÃO. AF_12/2019","UN",1139.3699999999999,0]
["Esquadrias - Portas",91322,"KIT DE PORTA DE MADEIRA PARA PINTURA, SEMI-OCA (PESADA OU SUPERPESADA), PADRÃO POPULAR, 80X210CM, ESPESSURA DE 3,5CM, ITENS INCLUSOS: DOBRADIÇAS, MONTAGEM E INSTALAÇÃO DO BATENTE, SEM FECHADURA - FORNECIMENTO E INSTALAÇÃO. AF_12/2019","UN",1019.47,0]
["Esquadrias - Portas",91317,"KIT DE PORTA DE MADEIRA PARA PINTURA, SEMI-OCA (PESADA OU SUPERPESADA), PADRÃO POPULAR, 90X210CM, ESPESSURA DE 3,5CM, ITENS INCLUSOS: DOBRADIÇAS, MONTAGEM E INSTALAÇÃO DO BATENTE, FECHADURA COM EXECUÇÃO DO FURO - FORNECIMENTO E INSTALAÇÃO. AF_12/2019","UN",1202.0899999999999,0]
["Esquadrias - Portas",91323,"KIT DE PORTA DE MADEIRA PARA PINTURA, SEMI-OCA (PESADA OU SUPERPESADA), PADRÃO POPULAR, 90X210CM, ESPESSURA DE 3,5CM, ITENS INCLUSOS: DOBRADIÇAS, MONTAGEM E INSTALAÇÃO DO BATENTE, SEM FECHADURA - FORNECIMENTO E INSTALAÇÃO. AF_12/2019","UN",1082.19,0]
["Esquadrias - Portas",100678,"KIT DE PORTA DE MADEIRA PARA VERNIZ, SEMI-OCA (LEVE OU MÉDIA), PADRÃO MÉDIO, 60X210CM, ESPESSURA DE 3,5CM, ITENS INCLUSOS: DOBRADIÇAS, MONTAGEM E INSTALAÇÃO DE BATENTE, FECHADURA COM EXECUÇÃO DO FURO - FORNECIMENTO E INSTALAÇÃO. AF_12/2019","UN",1048.46,0]
["Esquadrias - Portas",91013,"KIT DE PORTA DE MADEIRA PARA VERNIZ, SEMI-OCA (LEVE OU MÉDIA), PADRÃO MÉDIO, 60X210CM, ESPESSURA DE 3,5CM, ITENS INCLUSOS: DOBRADIÇAS, MONTAGEM E INSTALAÇÃO DO BATENTE, SEM FECHADURA - FORNECIMENTO E INSTALAÇÃO. AF_12/2019","UN",875.11,0]
["Esquadrias - Portas",100680,"KIT DE PORTA DE MADEIRA PARA VERNIZ, SEMI-OCA (LEVE OU MÉDIA), PADRÃO MÉDIO, 70X210CM, ESPESSURA DE 3,5CM, ITENS INCLUSOS: DOBRADIÇAS, MONTAGEM E INSTALAÇÃO DE BATENTE, FECHADURA COM EXECUÇÃO DO FURO - FORNECIMENTO E INSTALAÇÃO. AF_12/2019","UN",1058.08,0]
["Esquadrias - Portas",91014,"KIT DE PORTA DE MADEIRA PARA VERNIZ, SEMI-OCA (LEVE OU MÉDIA), PADRÃO MÉDIO, 70X210CM, ESPESSURA DE 3,5CM, ITENS INCLUSOS: DOBRADIÇAS, MONTAGEM E INSTALAÇÃO DO BATENTE, SEM FECHADURA - FORNECIMENTO E INSTALAÇÃO. AF_12/2019","UN",884.73,0]
["Esquadrias - Portas",100683,"KIT DE PORTA DE MADEIRA PARA VERNIZ, SEMI-OCA (LEVE OU MÉDIA), PADRÃO MÉDIO, 80X210CM, ESPESSURA DE 3,5CM, ITENS INCLUSOS: DOBRADIÇAS, MONTAGEM E INSTALAÇÃO DE BATENTE, FECHADURA COM EXECUÇÃO DO FURO - FORNECIMENTO E INSTALAÇÃO. AF_12/2019","UN",1134.8800000000001,0]
["Esquadrias - Portas",91015,"KIT DE PORTA DE MADEIRA PARA VERNIZ, SEMI-OCA (LEVE OU MÉDIA), PADRÃO MÉDIO, 80X210CM, ESPESSURA DE 3,5CM, ITENS INCLUSOS: DOBRADIÇAS, MONTAGEM E INSTALAÇÃO DO BATENTE, SEM FECHADURA - FORNECIMENTO E INSTALAÇÃO. AF_12/2019","UN",937.3,0]
["Esquadrias - Portas",100685,"KIT DE PORTA DE MADEIRA PARA VERNIZ, SEMI-OCA (LEVE OU MÉDIA), PADRÃO MÉDIO, 90X210CM, ESPESSURA DE 3,5CM, ITENS INCLUSOS: DOBRADIÇAS, MONTAGEM E INSTALAÇÃO DE BATENTE, FECHADURA COM EXECUÇÃO DO FURO - FORNECIMENTO E INSTALAÇÃO. AF_12/2019","UN",1176.05,0]
["Esquadrias - Portas",91016,"KIT DE PORTA DE MADEIRA PARA VERNIZ, SEMI-OCA (LEVE OU MÉDIA), PADRÃO MÉDIO, 90X210CM, ESPESSURA DE 3,5CM, ITENS INCLUSOS: DOBRADIÇAS, MONTAGEM E INSTALAÇÃO DO BATENTE, SEM FECHADURA - FORNECIMENTO E INSTALAÇÃO. AF_12/2019","UN",978.47,0]
["Esquadrias - Portas",100679,"KIT DE PORTA DE MADEIRA PARA VERNIZ, SEMI-OCA (LEVE OU MÉDIA), PADRÃO POPULAR, 60X210CM, ESPESSURA DE 3,5CM, ITENS INCLUSOS: DOBRADIÇAS, MONTAGEM E INSTALAÇÃO DE BATENTE, FECHADURA COM EXECUÇÃO DO FURO - FORNECIMENTO E INSTALAÇÃO. AF_12/2019","UN",886.59,0]
["Esquadrias - Portas",91324,"KIT DE PORTA DE MADEIRA PARA VERNIZ, SEMI-OCA (LEVE OU MÉDIA), PADRÃO POPULAR, 60X210CM, ESPESSURA DE 3,5CM, ITENS INCLUSOS: DOBRADIÇAS, MONTAGEM E INSTALAÇÃO DO BATENTE, SEM FECHADURA - FORNECIMENTO E INSTALAÇÃO. AF_12/2019","UN",766.68,0]
["Esquadrias - Portas",100712,"KIT DE PORTA DE MADEIRA PARA VERNIZ, SEMI-OCA (LEVE OU MÉDIA), PADRÃO POPULAR, 70X210CM, ESPESSURA DE 3,5CM, ITENS INCLUSOS: DOBRADIÇAS, MONTAGEM E INSTALAÇÃO DE BATENTE, FECHADURA COM EXECUÇÃO DO FURO - FORNECIMENTO E INSTALAÇÃO. AF_12/2019","UN",877.5,0]
["Esquadrias - Portas",91325,"KIT DE PORTA DE MADEIRA PARA VERNIZ, SEMI-OCA (LEVE OU MÉDIA), PADRÃO POPULAR, 70X210CM, ESPESSURA DE 3,5CM, ITENS INCLUSOS: DOBRADIÇAS, MONTAGEM E INSTALAÇÃO DO BATENTE, SEM FECHADURA - FORNECIMENTO E INSTALAÇÃO. AF_12/2019","UN",775.62,0]
["Esquadrias - Portas",100684,"KIT DE PORTA DE MADEIRA PARA VERNIZ, SEMI-OCA (LEVE OU MÉDIA), PADRÃO POPULAR, 80X210CM, ESPESSURA DE 3,5CM, ITENS INCLUSOS: DOBRADIÇAS, MONTAGEM E INSTALAÇÃO DE BATENTE, FECHADURA COM EXECUÇÃO DO FURO - FORNECIMENTO E INSTALAÇÃO. AF_12/2019","UN",947.41,0]
["Esquadrias - Portas",91326,"KIT DE PORTA DE MADEIRA PARA VERNIZ, SEMI-OCA (LEVE OU MÉDIA), PADRÃO POPULAR, 80X210CM, ESPESSURA DE 3,5CM, ITENS INCLUSOS: DOBRADIÇAS, MONTAGEM E INSTALAÇÃO DO BATENTE, SEM FECHADURA - FORNECIMENTO E INSTALAÇÃO. AF_12/2019","UN",827.51,0]
["Esquadrias - Portas",91327,"KIT DE PORTA DE MADEIRA PARA VERNIZ, SEMI-OCA (LEVE OU MÉDIA), PADRÃO POPULAR, 90X210CM, ESPESSURA DE 3,5CM, ITENS INCLUSOS: DOBRADIÇAS, MONTAGEM E INSTALAÇÃO DO BATENTE, SEM FECHADURA - FORNECIMENTO E INSTALAÇÃO. AF_12/2019","UN",867.99,0]
["Esquadrias - Portas",100686,"KIT DE PORTA DE MADEIRA PARA VERNIZ, SEMI-OCA (LEVE OU MÉDIA), PADRÃO POPULAR, 90X210CM, ESPESSURA DE 3CM, ITENS INCLUSOS: DOBRADIÇAS, MONTAGEM E INSTALAÇÃO DE BATENTE, FECHADURA COM EXECUÇÃO DO FURO - FORNECIMENTO E INSTALAÇÃO. AF_12/2019","UN",987.89,0]
["Esquadrias - Portas",100693,"KIT DE PORTA DE MADEIRA TIPO MEXICANA, MACIÇA (PESADA OU SUPERPESADA), PADRÃO MÉDIO, 80X210CM, ESPESSURA DE 3,5CM, ITENS INCLUSOS: DOBRADIÇAS, MONTAGEM E INSTALAÇÃO DE BATENTE, FECHADURA COM EXECUÇÃO DO FURO - FORNECIMENTO E INSTALAÇÃO. AF_12/2019","UN",2385.06,0]
["Esquadrias - Portas",91336,"KIT DE PORTA DE MADEIRA TIPO MEXICANA, MACIÇA (PESADA OU SUPERPESADA), PADRÃO MÉDIO, 80X210CM, ESPESSURA DE 3CM, ITENS INCLUSOS: DOBRADIÇAS, MONTAGEM E INSTALAÇÃO DO BATENTE, SEM FECHADURA - FORNECIMENTO E INSTALAÇÃO. AF_12/2019","UN",2187.48,0]
["Esquadrias - Portas",100694,"KIT DE PORTA DE MADEIRA TIPO MEXICANA, MACIÇA (PESADA OU SUPERPESADA), PADRÃO POPULAR, 80X210CM, ESPESSURA DE 3,5CM, ITENS INCLUSOS: DOBRADIÇAS, MONTAGEM E INSTALAÇÃO DE BATENTE, FECHADURA COM EXECUÇÃO DO FURO - FORNECIMENTO E INSTALAÇÃO. AF_12/2019","UN",2197.59,0]
["Esquadrias - Portas",91337,"KIT DE PORTA DE MADEIRA TIPO MEXICANA, MACIÇA (PESADA OU SUPERPESADA), PADRÃO POPULAR, 80X210CM, ESPESSURA DE 3CM, ITENS INCLUSOS: DOBRADIÇAS, MONTAGEM E INSTALAÇÃO DO BATENTE, SEM FECHADURA - FORNECIMENTO E INSTALAÇÃO. AF_12/2019","UN",2077.69,0]
["Esquadrias - Portas",100691,"KIT DE PORTA DE MADEIRA TIPO VENEZIANA, 80X210CM (ESPESSURA DE 3CM), PADRÃO MÉDIO, ITENS INCLUSOS: DOBRADIÇAS, MONTAGEM E INSTALAÇÃO DE BATENTE, FECHADURA COM EXECUÇÃO DO FURO - FORNECIMENTO E INSTALAÇÃO. AF_12/2019","UN",1917.26,0]
["Esquadrias - Portas",100692,"KIT DE PORTA DE MADEIRA TIPO VENEZIANA, 80X210CM (ESPESSURA DE 3CM), PADRÃO POPULAR, ITENS INCLUSOS: DOBRADIÇAS, MONTAGEM E INSTALAÇÃO DE BATENTE, FECHADURA COM EXECUÇÃO DO FURO - FORNECIMENTO E INSTALAÇÃO. AF_12/2019","UN",1729.79,0]
["Esquadrias - Portas",91334,"KIT DE PORTA DE MADEIRA TIPO VENEZIANA, PADRÃO MÉDIO, 80X210CM, ESPESSURA DE 3CM, ITENS INCLUSOS: DOBRADIÇAS, MONTAGEM E INSTALAÇÃO DO BATENTE, SEM FECHADURA - FORNECIMENTO E INSTALAÇÃO. AF_12/2019","UN",1719.68,0]
["Esquadrias - Portas",91335,"KIT DE PORTA DE MADEIRA TIPO VENEZIANA, PADRÃO POPULAR, 80X210CM, ESPESSURA DE 3CM, ITENS INCLUSOS: DOBRADIÇAS, MONTAGEM E INSTALAÇÃO DO BATENTE, SEM FECHADURA - FORNECIMENTO E INSTALAÇÃO. AF_12/2019","UN",1609.89,0]
["Esquadrias - Portas",90788,"KIT DE PORTA-PRONTA DE MADEIRA EM ACABAMENTO MELAMÍNICO BRANCO, FOLHA LEVE OU MÉDIA, 60X210CM, EXCLUSIVE FECHADURA, FIXAÇÃO COM PREENCHIMENTO PARCIAL DE ESPUMA EXPANSIVA - FORNECIMENTO E INSTALAÇÃO. AF_12/2019","UN",709.57,0]
["Esquadrias - Portas",90789,"KIT DE PORTA-PRONTA DE MADEIRA EM ACABAMENTO MELAMÍNICO BRANCO, FOLHA LEVE OU MÉDIA, 70X210CM, EXCLUSIVE FECHADURA, FIXAÇÃO COM PREENCHIMENTO PARCIAL DE ESPUMA EXPANSIVA - FORNECIMENTO E INSTALAÇÃO. AF_12/2019","UN",711.51,0]
["Esquadrias - Portas",90790,"KIT DE PORTA-PRONTA DE MADEIRA EM ACABAMENTO MELAMÍNICO BRANCO, FOLHA LEVE OU MÉDIA, 80X210CM, EXCLUSIVE FECHADURA, FIXAÇÃO COM PREENCHIMENTO PARCIAL DE ESPUMA EXPANSIVA - FORNECIMENTO E INSTALAÇÃO. AF_12/2019","UN",734.14,0]
["Esquadrias - Portas",100675,"KIT DE PORTA-PRONTA DE MADEIRA EM ACABAMENTO MELAMÍNICO BRANCO, FOLHA LEVE OU MÉDIA, 90X210, EXCLUSIVE FECHADURA, FIXAÇÃO COM PREENCHIMENTO TOTAL DE ESPUMA EXPANSIVA - FORNECIMENTO E INSTALAÇÃO. AF_12/2019","UN",814.1,0]
["Esquadrias - Portas",90794,"KIT DE PORTA-PRONTA DE MADEIRA EM ACABAMENTO MELAMÍNICO BRANCO, FOLHA LEVE OU MÉDIA, E BATENTE METÁLICO, 60X210CM, FIXAÇÃO COM ARGAMASSA - FORNECIMENTO E INSTALAÇÃO. AF_12/2019","UN",629.30999999999995,0]
["Esquadrias - Portas",90795,"KIT DE PORTA-PRONTA DE MADEIRA EM ACABAMENTO MELAMÍNICO BRANCO, FOLHA LEVE OU MÉDIA, E BATENTE METÁLICO, 70X210CM, FIXAÇÃO COM ARGAMASSA - FORNECIMENTO E INSTALAÇÃO. AF_12/2019","UN",637.54999999999995,0]
["Esquadrias - Portas",90796,"KIT DE PORTA-PRONTA DE MADEIRA EM ACABAMENTO MELAMÍNICO BRANCO, FOLHA LEVE OU MÉDIA, E BATENTE METÁLICO, 80X210CM, FIXAÇÃO COM ARGAMASSA - FORNECIMENTO E INSTALAÇÃO. AF_12/2019","UN",645.78,0]
["Esquadrias - Portas",90797,"KIT DE PORTA-PRONTA DE MADEIRA EM ACABAMENTO MELAMÍNICO BRANCO, FOLHA LEVE OU MÉDIA, E BATENTE METÁLICO, 90X210CM, FIXAÇÃO COM ARGAMASSA - FORNECIMENTO E INSTALAÇÃO. AF_12/2019","UN",654,0]
["Esquadrias - Portas",90791,"KIT DE PORTA-PRONTA DE MADEIRA EM ACABAMENTO MELAMÍNICO BRANCO, FOLHA PESADA OU SUPERPESADA, 80X210CM, FIXAÇÃO COM PREENCHIMENTO PARCIAL DE ESPUMA EXPANSIVA - FORNECIMENTO E INSTALAÇÃO. AF_12/2019","UN",861.2,0]
["Esquadrias - Portas",90793,"KIT DE PORTA-PRONTA DE MADEIRA EM ACABAMENTO MELAMÍNICO BRANCO, FOLHA PESADA OU SUPERPESADA, 90X210CM, FIXAÇÃO COM PREENCHIMENTO TOTAL DE ESPUMA EXPANSIVA - FORNECIMENTO E INSTALAÇÃO. AF_12/2019","UN",914.65,0]
["Esquadrias - Portas",90798,"KIT DE PORTA-PRONTA DE MADEIRA EM ACABAMENTO MELAMÍNICO BRANCO, FOLHA PESADA OU SUPERPESADA, E BATENTE METÁLICO, 80X210CM, FIXAÇÃO COM ARGAMASSA - FORNECIMENTO E INSTALAÇÃO. AF_12/2019","UN",936.35,0]
["Esquadrias - Portas",90799,"KIT DE PORTA-PRONTA DE MADEIRA EM ACABAMENTO MELAMÍNICO BRANCO, FOLHA PESADA OU SUPERPESADA, E BATENTE METÁLICO, 90X210CM, FIXAÇÃO COM ARGAMASSA - FORNECIMENTO E INSTALAÇÃO. AF_12/2019","UN",967.77,0]
["Esquadrias - Portas",100704,"PORTA CADEADO ZINCADO OXIDADO PRETO COM CADEADO DE AÇO INOX, LARGURA DE *50* MM. AF_12/2019","UN",76.099999999999994,0]
["Esquadrias - Portas",90838,"PORTA CORTA-FOGO 90X210X4CM - FORNECIMENTO E INSTALAÇÃO. AF_12/2019","UN",1842.3,0.90539999999999998]
["Esquadrias - Portas",91338,"PORTA DE ALUMÍNIO DE ABRIR COM LAMBRI, COM GUARNIÇÃO, FIXAÇÃO COM PARAFUSOS - FORNECIMENTO E INSTALAÇÃO. AF_12/2019","M2",659.56,0]
["Esquadrias - Portas",94805,"PORTA DE ALUMÍNIO DE ABRIR PARA VIDRO SEM GUARNIÇÃO, 87X210CM, FIXAÇÃO COM PARAFUSOS, INCLUSIVE VIDROS - FORNECIMENTO E INSTALAÇÃO. AF_12/2019","UN",681.02,0]
["Esquadrias - Portas",100702,"PORTA DE CORRER DE ALUMÍNIO, COM DUAS FOLHAS PARA VIDRO, INCLUSO VIDRO LISO INCOLOR, FECHADURA E PUXADOR, SEM ALIZAR. AF_12/2019","M2",366.2,0]
["Esquadrias - Portas",100701,"PORTA DE FERRO, DE ABRIR, TIPO GRADE COM CHAPA, COM GUARNIÇÕES. AF_12/2019","M2",734.5,0.96189999999999998]
["Esquadrias - Portas",100700,"PORTA DE MADEIRA COMPENSADA LISA PARA PINTURA, 120X210X3,5CM, 2 FOLHAS, INCLUSO ADUELA 2A, ALIZAR 2A E DOBRADIÇAS. AF_12/2019","UN",824.02,0]
["Esquadrias - Portas",91295,"PORTA DE MADEIRA FRISADA, SEMI-OCA (LEVE OU MÉDIA), 60X210CM, ESPESSURA DE 3CM, INCLUSO DOBRADIÇAS - FORNECIMENTO E INSTALAÇÃO. AF_12/2019","UN",363.49,0]
["Esquadrias - Portas",91296,"PORTA DE MADEIRA FRISADA, SEMI-OCA (LEVE OU MÉDIA), 70X210CM, ESPESSURA DE 3CM, INCLUSO DOBRADIÇAS - FORNECIMENTO E INSTALAÇÃO. AF_12/2019","UN",385.73,0]
["Esquadrias - Portas",91297,"PORTA DE MADEIRA FRISADA, SEMI-OCA (LEVE OU MÉDIA), 80X210CM, ESPESSURA DE 3,5CM, INCLUSO DOBRADIÇAS - FORNECIMENTO E INSTALAÇÃO. AF_12/2019","UN",418.4,0]
["Esquadrias - Portas",90820,"PORTA DE MADEIRA PARA PINTURA, SEMI-OCA (LEVE OU MÉDIA), 60X210CM, ESPESSURA DE 3,5CM, INCLUSO DOBRADIÇAS - FORNECIMENTO E INSTALAÇÃO. AF_12/2019","UN",345.62,0]
["Esquadrias - Portas",90821,"PORTA DE MADEIRA PARA PINTURA, SEMI-OCA (LEVE OU MÉDIA), 70X210CM, ESPESSURA DE 3,5CM, INCLUSO DOBRADIÇAS - FORNECIMENTO E INSTALAÇÃO. AF_12/2019","UN",352.53,0]
["Esquadrias - Portas",90822,"PORTA DE MADEIRA PARA PINTURA, SEMI-OCA (LEVE OU MÉDIA), 80X210CM, ESPESSURA DE 3,5CM, INCLUSO DOBRADIÇAS - FORNECIMENTO E INSTALAÇÃO. AF_12/2019","UN",373.98,0]
["Esquadrias - Portas",90823,"PORTA DE MADEIRA PARA PINTURA, SEMI-OCA (LEVE OU MÉDIA), 90X210CM, ESPESSURA DE 3,5CM, INCLUSO DOBRADIÇAS - FORNECIMENTO E INSTALAÇÃO. AF_12/2019","UN",443.29,0]
["Esquadrias - Portas",90824,"PORTA DE MADEIRA PARA PINTURA, SEMI-OCA (PESADA OU SUPERPESADA), 80X210CM, ESPESSURA DE 3,5CM, INCLUSO DOBRADIÇAS - FORNECIMENTO E INSTALAÇÃO. AF_12/2019","UN",604.83000000000004,0]
["Esquadrias - Portas",91009,"PORTA DE MADEIRA PARA VERNIZ, SEMI-OCA (LEVE OU MÉDIA), 60X210CM, ESPESSURA DE 3,5CM, INCLUSO DOBRADIÇAS - FORNECIMENTO E INSTALAÇÃO. AF_12/2019","UN",355.2,0]
["Esquadrias - Portas",91010,"PORTA DE MADEIRA PARA VERNIZ, SEMI-OCA (LEVE OU MÉDIA), 70X210CM, ESPESSURA DE 3,5CM, INCLUSO DOBRADIÇAS - FORNECIMENTO E INSTALAÇÃO. AF_12/2019","UN",362.56,0]
["Esquadrias - Portas",91011,"PORTA DE MADEIRA PARA VERNIZ, SEMI-OCA (LEVE OU MÉDIA), 80X210CM, ESPESSURA DE 3,5CM, INCLUSO DOBRADIÇAS - FORNECIMENTO E INSTALAÇÃO. AF_12/2019","UN",412.87,0]
["Esquadrias - Portas",91012,"PORTA DE MADEIRA PARA VERNIZ, SEMI-OCA (LEVE OU MÉDIA), 90X210CM, ESPESSURA DE 3,5CM, INCLUSO DOBRADIÇAS - FORNECIMENTO E INSTALAÇÃO. AF_12/2019","UN",451.78,0]
["Esquadrias - Portas",91298,"PORTA DE MADEIRA TIPO VENEZIANA, 80X210CM, ESPESSURA DE 3CM, INCLUSO DOBRADIÇAS - FORNECIMENTO E INSTALAÇÃO. AF_12/2019","UN",1195.25,0]
["Esquadrias - Portas",90825,"PORTA DE MADEIRA, MACIÇA (PESADA OU SUPERPESADA), 90X210CM, ESPESSURA DE 3,5CM, INCLUSO DOBRADIÇAS - FORNECIMENTO E INSTALAÇÃO. AF_12/2019","UN",665.98,0]
["Esquadrias - Portas",91299,"PORTA DE MADEIRA, TIPO MEXICANA, MACIÇA (PESADA OU SUPERPESADA), 80X210CM, ESPESSURA DE 3,5CM, INCLUSO DOBRADIÇAS - FORNECIMENTO E INSTALAÇÃO. AF_12/2019","UN",1663.05,0]
["Esquadrias - Portas",91341,"PORTA EM ALUMÍNIO DE ABRIR TIPO VENEZIANA COM GUARNIÇÃO, FIXAÇÃO COM PARAFUSOS - FORNECIMENTO E INSTALAÇÃO. AF_12/2019","M2",514.04999999999995,0]
["Esquadrias - Portas",94806,"PORTA EM AÇO DE ABRIR PARA VIDRO SEM GUARNIÇÃO, 87X210CM, FIXAÇÃO COM PARAFUSOS, EXCLUSIVE VIDROS - FORNECIMENTO E INSTALAÇÃO. AF_12/2019","UN",856.18,0.87739999999999996]
["Esquadrias - Portas",94807,"PORTA EM AÇO DE ABRIR TIPO VENEZIANA SEM GUARNIÇÃO, 87X210CM, FIXAÇÃO COM PARAFUSOS - FORNECIMENTO E INSTALAÇÃO. AF_12/2019","UN",779.89,0.86280000000000001]
["Esquadrias - Portas",100703,"PUXADOR CENTRAL PARA ESQUADRIA DE MADEIRA. AF_12/2019","UN",35.92,0]
["Esquadrias - Portas",100695,"RECOLOCAÇÃO DE FOLHAS DE PORTA DE MADEIRA LEVE OU MÉDIA DE 60CM DE LARGURA, CONSIDERANDO REAPROVEITAMENTO DO MATERIAL. AF_12/2019","UN",65.599999999999994,0]
["Esquadrias - Portas",100696,"RECOLOCAÇÃO DE FOLHAS DE PORTA DE MADEIRA LEVE OU MÉDIA DE 70CM DE LARGURA, CONSIDERANDO REAPROVEITAMENTO DO MATERIAL. AF_12/2019","UN",73.05,0]
["Esquadrias - Portas",100697,"RECOLOCAÇÃO DE FOLHAS DE PORTA DE MADEIRA LEVE OU MÉDIA DE 80CM DE LARGURA, CONSIDERANDO REAPROVEITAMENTO DO MATERIAL. AF_12/2019","UN",80.540000000000006,0]
["Esquadrias - Portas",100698,"RECOLOCAÇÃO DE FOLHAS DE PORTA DE MADEIRA LEVE OU MÉDIA DE 90CM DE LARGURA, CONSIDERANDO REAPROVEITAMENTO DO MATERIAL. AF_12/2019","UN",88.02,0]
["Esquadrias - Portas",100699,"RECOLOCAÇÃO DE FOLHAS DE PORTA DE MADEIRA PESADA OU SUPERPESADA DE 80CM DE LARGURA, CONSIDERANDO REAPROVEITAMENTO DO MATERIAL. AF_12/2019","UN",104.75,0]
["Esquadrias - Portas",100705,"TARJETA TIPO LIVRE/OCUPADO PARA PORTA DE BANHEIRO. AF_12/2019","UN",87.78,0]
["Estacas Broca, Strauss e Escavada com Fluido Estabilizante",101173,"ESTACA BROCA DE CONCRETO, DIÂMETRO DE 20CM, ESCAVAÇÃO MANUAL COM TRADO CONCHA, COM ARMADURA DE ARRANQUE. AF_05/2020","M",63.64,0]
["Estacas Broca, Strauss e Escavada com Fluido Estabilizante",101174,"ESTACA BROCA DE CONCRETO, DIÂMETRO DE 25CM, ESCAVAÇÃO MANUAL COM TRADO CONCHA, COM ARMADURA DE ARRANQUE. AF_05/2020","M",89.89,0]
["Estacas Broca, Strauss e Escavada com Fluido Estabilizante",101175,"ESTACA BROCA DE CONCRETO, DIÂMETRO DE 30CM, ESCAVAÇÃO MANUAL COM TRADO CONCHA, COM ARMADURA DE ARRANQUE. AF_05/2020","M",122.73,0]
["Estacas Broca, Strauss e Escavada com Fluido Estabilizante",101176,"ESTACA BROCA DE CONCRETO, DIÂMETRO DE 30CM, ESCAVAÇÃO MANUAL COM TRADO CONCHA, INTEIRAMENTE ARMADA. AF_05/2020","M",150.87,3.0000000000000001E-3]
["Estacas Broca, Strauss e Escavada com Fluido Estabilizante",101183,"ESTACA CIRCULAR ESCAVADA COM FLUIDO ESTABILIZANTE (ESTACÃO), DIÂMETRO DE 110CM (EXCLUSIVE MOBILIZAÇÃO E DESMOBILIZAÇÃO). AF_05/2020","M",0]
["Estacas Broca, Strauss e Escavada com Fluido Estabilizante",101184,"ESTACA CIRCULAR ESCAVADA COM FLUIDO ESTABILIZANTE (ESTACÃO), DIÂMETRO DE 140CM (EXCLUSIVE MOBILIZAÇÃO E DESMOBILIZAÇÃO). AF_05/2020","M",0]
["Estacas Broca, Strauss e Escavada com Fluido Estabilizante",101182,"ESTACA CIRCULAR ESCAVADA COM FLUIDO ESTABILIZANTE (ESTACÃO), DIÂMETRO DE 80CM (EXCLUSIVE MOBILIZAÇÃO E DESMOBILIZAÇÃO). AF_05/2020","M",0]
["Estacas Broca, Strauss e Escavada com Fluido Estabilizante",101185,"ESTACA RETANGULAR ESCAVADA COM FLUIDO ESTABILIZANTE (BARRETE), 40 X 250CM (EXCLUSIVE MOBILIZAÇÃO E DESMOBILIZAÇÃO). AF_05/2020","M",0]
["Estacas Broca, Strauss e Escavada com Fluido Estabilizante",101186,"ESTACA RETANGULAR ESCAVADA COM FLUIDO ESTABILIZANTE (BARRETE), 60 X 250CM (EXCLUSIVE MOBILIZAÇÃO E DESMOBILIZAÇÃO). AF_05/2020","M",0]
["Estacas Broca, Strauss e Escavada com Fluido Estabilizante",101187,"ESTACA RETANGULAR ESCAVADA COM FLUIDO ESTABILIZANTE (BARRETE), 80 X 250CM (EXCLUSIVE MOBILIZAÇÃO E DESMOBILIZAÇÃO). AF_05/2020","M",0]
["Estacas Broca, Strauss e Escavada com Fluido Estabilizante",101177,"ESTACA STRAUSS, DIÂMETRO DE 25CM, COM ARMADURA DE ARRANQUE (EXCLUSIVE MOBILIZAÇÃO E DESMOBILIZAÇÃO). AF_05/2020","M",0]
["Estacas Broca, Strauss e Escavada com Fluido Estabilizante",101178,"ESTACA STRAUSS, DIÂMETRO DE 32CM, COM ARMADURA DE ARRANQUE (EXCLUSIVE MOBILIZAÇÃO E DESMOBILIZAÇÃO). AF_05/2020","M",0]
["Estacas Broca, Strauss e Escavada com Fluido Estabilizante",101180,"ESTACA STRAUSS, DIÂMETRO DE 32CM, INTEIRAMENTE ARMADA (EXCLUSIVE MOBILIZAÇÃO E DESMOBILIZAÇÃO). AF_05/2020","M",0]
["Estacas Broca, Strauss e Escavada com Fluido Estabilizante",101179,"ESTACA STRAUSS, DIÂMETRO DE 38CM, COM ARMADURA DE ARRANQUE (EXCLUSIVE MOBILIZAÇÃO E DESMOBILIZAÇÃO). AF_05/2020","M",0]
["Estacas Broca, Strauss e Escavada com Fluido Estabilizante",101181,"ESTACA STRAUSS, DIÂMETRO DE 38CM, INTEIRAMENTE ARMADA (EXCLUSIVE MOBILIZAÇÃO E DESMOBILIZAÇÃO). AF_05/2020","M",0]
["Estacas Escavadas Sem Fluido Estabilizante",100899,"ESTACA ESCAVADA MECANICAMENTE, SEM FLUIDO ESTABILIZANTE, COM 25CM DE DIÂMETRO, CONCRETO LANÇADO MANUALMENTE (EXCLUSIVE MOBILIZAÇÃO E DESMOBILIZAÇÃO). AF_01/2020","M",87.02,2E-3]
["Estacas Escavadas Sem Fluido Estabilizante",100896,"ESTACA ESCAVADA MECANICAMENTE, SEM FLUIDO ESTABILIZANTE, COM 25CM DE DIÂMETRO, CONCRETO LANÇADO POR CAMINHÃO BETONEIRA (EXCLUSIVE MOBILIZAÇÃO E DESMOBILIZAÇÃO). AF_01/2020","M",59.57,2.8999999999999998E-3]
["Estacas Escavadas Sem Fluido Estabilizante",100897,"ESTACA ESCAVADA MECANICAMENTE, SEM FLUIDO ESTABILIZANTE, COM 40CM DE DIÂMETRO, CONCRETO LANÇADO POR CAMINHÃO BETONEIRA (EXCLUSIVE MOBILIZAÇÃO E DESMOBILIZAÇÃO). AF_01/2020","M",114.85,3.0000000000000001E-3]
["Estacas Escavadas Sem Fluido Estabilizante",100900,"ESTACA ESCAVADA MECANICAMENTE, SEM FLUIDO ESTABILIZANTE, COM 60CM DE DIÂMETRO, CONCRETO LANÇADO POR BOMBA LANÇA (EXCLUSIVE BOMBEAMENTO, MOBILIZAÇÃO E DESMOBILIZAÇÃO). AF_01/2020","M",252.96,2.8E-3]
["Estacas Escavadas Sem Fluido Estabilizante",100898,"ESTACA ESCAVADA MECANICAMENTE, SEM FLUIDO ESTABILIZANTE, COM 60CM DE DIÂMETRO, CONCRETO LANÇADO POR CAMINHÃO BETONEIRA (EXCLUSIVE MOBILIZAÇÃO E DESMOBILIZAÇÃO). AF_01/2020","M",219.84,3.2000000000000002E-3]
["Estacas Metálicas",100892,"ESTACA METÁLICA PARA CONTENÇÃO, UTILIZANDO PERFIL LAMINADO W250X32,7 (EXCLUSIVE MOBILIZAÇÃO E DESMOBILIZAÇÃO). AF_01/2020","KG",12.42,0.91869999999999996]
["Estacas Metálicas",100893,"ESTACA METÁLICA PARA CONTENÇÃO, UTILIZANDO PERFIL LAMINADO W250X38,5 (EXCLUSIVE MOBILIZAÇÃO E DESMOBILIZAÇÃO). AF_01/2020","KG",12.24,0.92889999999999995]
["Estacas Metálicas",100894,"ESTACA METÁLICA PARA CONTENÇÃO, UTILIZANDO PERFIL LAMINADO W250X44,8 (EXCLUSIVE MOBILIZAÇÃO E DESMOBILIZAÇÃO). AF_01/2020","KG",12.1,0.93640000000000001]
["Estacas Metálicas",100889,"ESTACA METÁLICA PARA FUNDAÇÃO, UTILIZANDO PERFIL LAMINADO HP250X62 (EXCLUSIVE MOBILIZAÇÃO E DESMOBILIZAÇÃO). AF_01/2020","KG",11.96,0.94569999999999999]
["Estacas Metálicas",100891,"ESTACA METÁLICA PARA FUNDAÇÃO, UTILIZANDO PERFIL LAMINADO HP310X125 (EXCLUSIVE MOBILIZAÇÃO E DESMOBILIZAÇÃO). AF_01/2020","KG",0]
["Estacas Metálicas",100890,"ESTACA METÁLICA PARA FUNDAÇÃO, UTILIZANDO PERFIL LAMINADO HP310X79 (EXCLUSIVE MOBILIZAÇÃO E DESMOBILIZAÇÃO). AF_01/2020","KG",11.79,0.95589999999999997]
["Estacas Pré-Moldadas",100658,"ESTACA PRÉ-MOLDADA DE CONCRETO CENTRIFUGADO, SEÇÃO CIRCULAR, CAPACIDADE DE 100 TONELADAS, INCLUSO EMENDA (EXCLUSIVE MOBILIZAÇÃO E DESMOBILIZAÇÃO). AF_12/2019","M",363.37,0.91769999999999996]
["Estacas Pré-Moldadas",100657,"ESTACA PRÉ-MOLDADA DE CONCRETO SEÇÃO QUADRADA, CAPACIDADE DE 50 TONELADAS, INCLUSO EMENDA (EXCLUSIVE MOBILIZAÇÃO E DESMOBILIZAÇÃO). AF_12/2019","M",155.86000000000001,0.85870000000000002]
["Estacas Pré-Moldadas",100656,"ESTACA PRÉ-MOLDADA DE CONCRETO, SEÇÃO QUADRADA, CAPACIDADE DE 25 TONELADAS, INCLUSO EMENDA (EXCLUSIVE MOBILIZAÇÃO E DESMOBILIZAÇÃO). AF_12/2019","M",120.29,0.83009999999999995]
["Estacas Raiz",102649,"ESTACA RAIZ, DIÂMETRO DE 20 CM, PERFURADA EM ROCHA (EXCLUSIVE MOBILIZAÇÃO E DESMOBILIZAÇÃO). AF_03/2020","M",0]
["Estacas Raiz",102645,"ESTACA RAIZ, DIÂMETRO DE 20 CM, SEM PRESENÇA DE ROCHA (EXCLUSIVE MOBILIZAÇÃO E DESMOBILIZAÇÃO). AF_03/2020","M",0]
["Estacas Raiz",102650,"ESTACA RAIZ, DIÂMETRO DE 31 CM, PERFURADA EM ROCHA (EXCLUSIVE MOBILIZAÇÃO E DESMOBILIZAÇÃO). AF_03/2020","M",0]
["Estacas Raiz",102646,"ESTACA RAIZ, DIÂMETRO DE 31 CM, SEM PRESENÇA DE ROCHA (EXCLUSIVE MOBILIZAÇÃO E DESMOBILIZAÇÃO). AF_03/2020","M",0]
["Estacas Raiz",102651,"ESTACA RAIZ, DIÂMETRO DE 40 CM, PERFURADA EM ROCHA (EXCLUSIVE MOBILIZAÇÃO E DESMOBILIZAÇÃO). AF_03/2020","M",0]
["Estacas Raiz",102647,"ESTACA RAIZ, DIÂMETRO DE 40 CM, SEM PRESENÇA DE ROCHA (EXCLUSIVE MOBILIZAÇÃO E DESMOBILIZAÇÃO). AF_03/2020","M",0]
["Estacas Raiz",102652,"ESTACA RAIZ, DIÂMETRO DE 45 CM, PERFURADA EM ROCHA (EXCLUSIVE MOBILIZAÇÃO E DESMOBILIZAÇÃO). AF_03/2020","M",0]
["Estacas Raiz",102648,"ESTACA RAIZ, DIÂMETRO DE 45 CM, SEM PRESENÇA DE ROCHA (EXCLUSIVE MOBILIZAÇÃO E DESMOBILIZAÇÃO). AF_03/2020","M",0]
["Estacas em Hélice Contínua",100651,"ESTACA HÉLICE CONTÍNUA, DIÂMETRO DE 30 CM, INCLUSO CONCRETO FCK=30MPA E ARMADURA MÍNIMA (EXCLUSIVE BOMBEAMENTO, MOBILIZAÇÃO E DESMOBILIZAÇÃO). AF_12/2019","M",137.63999999999999,2.0999999999999999E-3]
["Estacas em Hélice Contínua",100652,"ESTACA HÉLICE CONTÍNUA, DIÂMETRO DE 50 CM, INCLUSO CONCRETO FCK=30MPA E ARMADURA MÍNIMA (EXCLUSIVE BOMBEAMENTO, MOBILIZAÇÃO E DESMOBILIZAÇÃO). AF_12/2019","M",257.72000000000003,2.8E-3]
["Estacas em Hélice Contínua",100653,"ESTACA HÉLICE CONTÍNUA, DIÂMETRO DE 70 CM, INCLUSO CONCRETO FCK=30MPA E ARMADURA MÍNIMA (EXCLUSIVE BOMBEAMENTO, MOBILIZAÇÃO E DESMOBILIZAÇÃO). AF_12/2019","M",423.96,3.0000000000000001E-3]
["Estacas em Hélice Contínua",100654,"ESTACA HÉLICE CONTÍNUA, DIÂMETRO DE 80 CM, INCLUSO CONCRETO FCK=30MPA E ARMADURA MÍNIMA (EXCLUSIVE BOMBEAMENTO, MOBILIZAÇÃO E DESMOBILIZAÇÃO). AF_12/2019","M",567.22,2.8E-3]
["Estacas em Hélice Contínua",100655,"ESTACA HÉLICE CONTÍNUA, DIÂMETRO DE 90 CM, INCLUSO CONCRETO FCK=30MPA E ARMADURA MÍNIMA (EXCLUSIVE BOMBEAMENTO, MOBILIZAÇÃO E DESMOBILIZAÇÃO). AF_12/2019","M",656.23,2.8999999999999998E-3]
["Estrutura e Trama para Cobertura",100364,"FABRICAÇÃO E INSTALAÇÃO DE MEIA TESOURA DE MADEIRA NÃO APARELHADA, COM VÃO DE 10 M, PARA TELHA CERÂMICA OU DE CONCRETO, INCLUSO IÇAMENTO. AF_07/2019","UN",3364.21,1.7399999999999999E-2]
["Estrutura e Trama para Cobertura",100374,"FABRICAÇÃO E INSTALAÇÃO DE MEIA TESOURA DE MADEIRA NÃO APARELHADA, COM VÃO DE 10 M, PARA TELHA ONDULADA DE FIBROCIMENTO, ALUMÍNIO, PLÁSTICA OU TERMOACÚSTICA, INCLUSO IÇAMENTO. AF_07/2019","UN",3136.05,1.8599999999999998E-2]
["Estrutura e Trama para Cobertura",100365,"FABRICAÇÃO E INSTALAÇÃO DE MEIA TESOURA DE MADEIRA NÃO APARELHADA, COM VÃO DE 11 M, PARA TELHA CERÂMICA OU DE CONCRETO, INCLUSO IÇAMENTO. AF_07/2019","UN",3869.18,1.5100000000000001E-2]
["Estrutura e Trama para Cobertura",100375,"FABRICAÇÃO E INSTALAÇÃO DE MEIA TESOURA DE MADEIRA NÃO APARELHADA, COM VÃO DE 11 M, PARA TELHA ONDULADA DE FIBROCIMENTO, ALUMÍNIO, PLÁSTICA OU TERMOACÚSTICA, INCLUSO IÇAMENTO. AF_07/2019","UN",3528.65,1.66E-2]
["Estrutura e Trama para Cobertura",100366,"FABRICAÇÃO E INSTALAÇÃO DE MEIA TESOURA DE MADEIRA NÃO APARELHADA, COM VÃO DE 12 M, PARA TELHA CERÂMICA OU DE CONCRETO, INCLUSO IÇAMENTO. AF_07/2019","UN",4131,1.41E-2]
["Estrutura e Trama para Cobertura",100376,"FABRICAÇÃO E INSTALAÇÃO DE MEIA TESOURA DE MADEIRA NÃO APARELHADA, COM VÃO DE 12 M, PARA TELHA ONDULADA DE FIBROCIMENTO, ALUMÍNIO, PLÁSTICA OU TERMOACÚSTICA, INCLUSO IÇAMENTO. AF_07/2019","UN",3453.28,1.6899999999999998E-2]
["Estrutura e Trama para Cobertura",100357,"FABRICAÇÃO E INSTALAÇÃO DE MEIA TESOURA DE MADEIRA NÃO APARELHADA, COM VÃO DE 3 M, PARA TELHA CERÂMICA OU DE CONCRETO, INCLUSO IÇAMENTO. AF_07/2019","UN",1139.8499999999999,5.1200000000000002E-2]
["Estrutura e Trama para Cobertura",100367,"FABRICAÇÃO E INSTALAÇÃO DE MEIA TESOURA DE MADEIRA NÃO APARELHADA, COM VÃO DE 3 M, PARA TELHA ONDULADA DE FIBROCIMENTO, ALUMÍNIO, PLÁSTICA OU TERMOACÚSTICA, INCLUSO IÇAMENTO. AF_07/2019","UN",1109.08,5.2699999999999997E-2]
["Estrutura e Trama para Cobertura",100358,"FABRICAÇÃO E INSTALAÇÃO DE MEIA TESOURA DE MADEIRA NÃO APARELHADA, COM VÃO DE 4 M, PARA TELHA CERÂMICA OU DE CONCRETO, INCLUSO IÇAMENTO. AF_07/2019","UN",1552.26,3.7600000000000001E-2]
["Estrutura e Trama para Cobertura",100368,"FABRICAÇÃO E INSTALAÇÃO DE MEIA TESOURA DE MADEIRA NÃO APARELHADA, COM VÃO DE 4 M, PARA TELHA ONDULADA DE FIBROCIMENTO, ALUMÍNIO, PLÁSTICA OU TERMOACÚSTICA, INCLUSO IÇAMENTO. AF_07/2019","UN",1514.29,3.8600000000000002E-2]
["Estrutura e Trama para Cobertura",100359,"FABRICAÇÃO E INSTALAÇÃO DE MEIA TESOURA DE MADEIRA NÃO APARELHADA, COM VÃO DE 5 M, PARA TELHA CERÂMICA OU DE CONCRETO, INCLUSO IÇAMENTO. AF_07/2019","UN",1631.86,3.5799999999999998E-2]
["Estrutura e Trama para Cobertura",100369,"FABRICAÇÃO E INSTALAÇÃO DE MEIA TESOURA DE MADEIRA NÃO APARELHADA, COM VÃO DE 5 M, PARA TELHA ONDULADA DE FIBROCIMENTO, ALUMÍNIO, PLÁSTICA OU TERMOACÚSTICA, INCLUSO IÇAMENTO. AF_07/2019","UN",1593.9,3.6600000000000001E-2]
["Estrutura e Trama para Cobertura",100360,"FABRICAÇÃO E INSTALAÇÃO DE MEIA TESOURA DE MADEIRA NÃO APARELHADA, COM VÃO DE 6 M, PARA TELHA CERÂMICA OU DE CONCRETO, INCLUSO IÇAMENTO. AF_07/2019","UN",1811.43,3.2199999999999999E-2]
["Estrutura e Trama para Cobertura",100370,"FABRICAÇÃO E INSTALAÇÃO DE MEIA TESOURA DE MADEIRA NÃO APARELHADA, COM VÃO DE 6 M, PARA TELHA ONDULADA DE FIBROCIMENTO, ALUMÍNIO, PLÁSTICA OU TERMOACÚSTICA, INCLUSO IÇAMENTO. AF_07/2019","UN",1891.06,3.09E-2]
["Estrutura e Trama para Cobertura",100361,"FABRICAÇÃO E INSTALAÇÃO DE MEIA TESOURA DE MADEIRA NÃO APARELHADA, COM VÃO DE 7 M, PARA TELHA CERÂMICA OU DE CONCRETO, INCLUSO IÇAMENTO. AF_07/2019","UN",2257.9699999999998,2.5899999999999999E-2]
["Estrutura e Trama para Cobertura",100371,"FABRICAÇÃO E INSTALAÇÃO DE MEIA TESOURA DE MADEIRA NÃO APARELHADA, COM VÃO DE 7 M, PARA TELHA ONDULADA DE FIBROCIMENTO, ALUMÍNIO, PLÁSTICA OU TERMOACÚSTICA, INCLUSO IÇAMENTO. AF_07/2019","UN",2156.73,2.7099999999999999E-2]
["Estrutura e Trama para Cobertura",100362,"FABRICAÇÃO E INSTALAÇÃO DE MEIA TESOURA DE MADEIRA NÃO APARELHADA, COM VÃO DE 8 M, PARA TELHA CERÂMICA OU DE CONCRETO, INCLUSO IÇAMENTO. AF_07/2019","UN",3001.3,1.95E-2]
["Estrutura e Trama para Cobertura",100372,"FABRICAÇÃO E INSTALAÇÃO DE MEIA TESOURA DE MADEIRA NÃO APARELHADA, COM VÃO DE 8 M, PARA TELHA ONDULADA DE FIBROCIMENTO, ALUMÍNIO, PLÁSTICA OU TERMOACÚSTICA, INCLUSO IÇAMENTO. AF_07/2019","UN",2827.85,2.07E-2]
["Estrutura e Trama para Cobertura",100363,"FABRICAÇÃO E INSTALAÇÃO DE MEIA TESOURA DE MADEIRA NÃO APARELHADA, COM VÃO DE 9 M, PARA TELHA CERÂMICA OU DE CONCRETO, INCLUSO IÇAMENTO. AF_07/2019","UN",3097.96,1.89E-2]
["Estrutura e Trama para Cobertura",100373,"FABRICAÇÃO E INSTALAÇÃO DE MEIA TESOURA DE MADEIRA NÃO APARELHADA, COM VÃO DE 9 M, PARA TELHA ONDULADA DE FIBROCIMENTO, ALUMÍNIO, PLÁSTICA OU TERMOACÚSTICA, INCLUSO IÇAMENTO. AF_07/2019","UN",2924.36,0.02]
["Estrutura e Trama para Cobertura",100381,"FABRICAÇÃO E INSTALAÇÃO DE PONTALETES DE MADEIRA NÃO APARELHADA PARA TELHADOS COM ATÉ 2 ÁGUAS E COM TELHA CERÂMICA OU DE CONCRETO EM EDIFÍCIO INSTITUCIONAL TÉRREO, INCLUSO TRANSPORTE VERTICAL. AF_07/2019","M2",61.02,0]
["Estrutura e Trama para Cobertura",100380,"FABRICAÇÃO E INSTALAÇÃO DE PONTALETES DE MADEIRA NÃO APARELHADA PARA TELHADOS COM ATÉ 2 ÁGUAS E COM TELHA CERÂMICA OU DE CONCRETO EM EDIFÍCIO RESIDENCIAL DE MÚLTIPLOS PAVIMENTOS, INCLUSO TRANSPORTE VERTICAL. AF_07/2019","M2",54.24,7.4000000000000003E-3]
["Estrutura e Trama para Cobertura",100379,"FABRICAÇÃO E INSTALAÇÃO DE PONTALETES DE MADEIRA NÃO APARELHADA PARA TELHADOS COM ATÉ 2 ÁGUAS E COM TELHA CERÂMICA OU DE CONCRETO EM EDIFÍCIO RESIDENCIAL TÉRREO, INCLUSO TRANSPORTE VERTICAL. AF_07/2019","M2",40.79,0]
["Estrutura e Trama para Cobertura",100384,"FABRICAÇÃO E INSTALAÇÃO DE PONTALETES DE MADEIRA NÃO APARELHADA PARA TELHADOS COM ATÉ 2 ÁGUAS E COM TELHA ONDULADA DE FIBROCIMENTO, ALUMÍNIO OU PLÁSTICA EM EDIFÍCIO INSTITUCIONAL TÉRREO, INCLUSO TRANSPORTE VERTICAL. AF_07/2019","M2",28.94,0]
["Estrutura e Trama para Cobertura",100383,"FABRICAÇÃO E INSTALAÇÃO DE PONTALETES DE MADEIRA NÃO APARELHADA PARA TELHADOS COM ATÉ 2 ÁGUAS E COM TELHA ONDULADA DE FIBROCIMENTO, ALUMÍNIO OU PLÁSTICA EM EDIFÍCIO RESIDENCIAL DE MÚLTIPLOS PAVIMENTOS, INCLUSO TRANSPORTE VERTICAL. AF_07/2019","M2",27.46,1.2E-2]
["Estrutura e Trama para Cobertura",100382,"FABRICAÇÃO E INSTALAÇÃO DE PONTALETES DE MADEIRA NÃO APARELHADA PARA TELHADOS COM ATÉ 2 ÁGUAS E COM TELHA ONDULADA DE FIBROCIMENTO, ALUMÍNIO OU PLÁSTICA EM EDIFÍCIO RESIDENCIAL TÉRREO, INCLUSO TRANSPORTE VERTICAL. AF_07/2019","M2",25.32,0]
["Estrutura e Trama para Cobertura",100387,"FABRICAÇÃO E INSTALAÇÃO DE PONTALETES DE MADEIRA NÃO APARELHADA PARA TELHADOS COM MAIS QUE 2 ÁGUAS E COM TELHA CERÂMICA OU DE CONCRETO EM EDIFÍCIO INSTITUCIONAL TÉRREO, INCLUSO TRANSPORTE VERTICAL. AF_07/2019","M2",57.83,0]
["Estrutura e Trama para Cobertura",100386,"FABRICAÇÃO E INSTALAÇÃO DE PONTALETES DE MADEIRA NÃO APARELHADA PARA TELHADOS COM MAIS QUE 2 ÁGUAS E COM TELHA CERÂMICA OU DE CONCRETO EM EDIFÍCIO RESIDENCIAL DE MÚLTIPLOS PAVIMENTOS. AF_07/2019","M2",47.05,0.01]
["Estrutura e Trama para Cobertura",100385,"FABRICAÇÃO E INSTALAÇÃO DE PONTALETES DE MADEIRA NÃO APARELHADA PARA TELHADOS COM MAIS QUE 2 ÁGUAS E COM TELHA CERÂMICA OU DE CONCRETO EM EDIFÍCIO RESIDENCIAL TÉRREO, INCLUSO TRANSPORTE VERTICAL. AF_07/2019","M2",36.47,0]
["Estrutura e Trama para Cobertura",100377,"FABRICAÇÃO E INSTALAÇÃO DE TESOURA (INTEIRA OU MEIA) EM AÇO, VÃOS MAIORES OU IGUAIS A 3,0 M E MENORES OU IGUAL A 6,0 M, INCLUSO IÇAMENTO. AF_07/2019","KG",11.6,0.78449999999999998]
["Estrutura e Trama para Cobertura",100378,"FABRICAÇÃO E INSTALAÇÃO DE TESOURA (INTEIRA OU MEIA) EM AÇO, VÃOS MAIORES QUE 6,0 M E MENORES QUE 12,0 M, INCLUSO IÇAMENTO. AF_07/2019","KG",10.62,0.81359999999999999]
["Estrutura e Trama para Cobertura",92596,"FABRICAÇÃO E INSTALAÇÃO DE TESOURA INTEIRA EM AÇO, VÃO DE 10 M, PARA TELHA CERÂMICA OU DE CONCRETO, INCLUSO IÇAMENTO. AF_07/2019","UN",1865.23,0.78990000000000005]
["Estrutura e Trama para Cobertura",92616,"FABRICAÇÃO E INSTALAÇÃO DE TESOURA INTEIRA EM AÇO, VÃO DE 10 M, PARA TELHA ONDULADA DE FIBROCIMENTO, METÁLICA, PLÁSTICA OU TERMOACÚSTICA, INCLUSO IÇAMENTO. AF_07/2019","UN",1777.17,0.77949999999999997]
["Estrutura e Trama para Cobertura",92598,"FABRICAÇÃO E INSTALAÇÃO DE TESOURA INTEIRA EM AÇO, VÃO DE 11 M, PARA TELHA CERÂMICA OU DE CONCRETO, INCLUSO IÇAMENTO. AF_07/2019","UN",1981.28,0.80220000000000002]
["Estrutura e Trama para Cobertura",92618,"FABRICAÇÃO E INSTALAÇÃO DE TESOURA INTEIRA EM AÇO, VÃO DE 11 M, PARA TELHA ONDULADA DE FIBROCIMENTO, METÁLICA, PLÁSTICA OU TERMOACÚSTICA, INCLUSO IÇAMENTO. AF_07/2019","UN",1893.22,0.79300000000000004]
["Estrutura e Trama para Cobertura",92600,"FABRICAÇÃO E INSTALAÇÃO DE TESOURA INTEIRA EM AÇO, VÃO DE 12 M, PARA TELHA CERÂMICA OU DE CONCRETO, INCLUSO IÇAMENTO. AF_07/2019","UN",2126.69,0.81569999999999998]
["Estrutura e Trama para Cobertura",92620,"FABRICAÇÃO E INSTALAÇÃO DE TESOURA INTEIRA EM AÇO, VÃO DE 12 M, PARA TELHA ONDULADA DE FIBROCIMENTO, METÁLICA, PLÁSTICA OU TERMOACÚSTICA, INCLUSO IÇAMENTO. AF_07/2019","UN",2009.27,0.80500000000000005]
["Estrutura e Trama para Cobertura",92582,"FABRICAÇÃO E INSTALAÇÃO DE TESOURA INTEIRA EM AÇO, VÃO DE 3 M, PARA TELHA CERÂMICA OU DE CONCRETO, INCLUSO IÇAMENTO. AF_07/2019","UN",703.03,0.72440000000000004]
["Estrutura e Trama para Cobertura",92602,"FABRICAÇÃO E INSTALAÇÃO DE TESOURA INTEIRA EM AÇO, VÃO DE 3 M, PARA TELHA ONDULADA DE FIBROCIMENTO, METÁLICA, PLÁSTICA OU TERMOACÚSTICA, INCLUSO IÇAMENTO. AF_07/2019","UN",703.03,0.72440000000000004]
["Estrutura e Trama para Cobertura",92584,"FABRICAÇÃO E INSTALAÇÃO DE TESOURA INTEIRA EM AÇO, VÃO DE 4 M, PARA TELHA CERÂMICA OU DE CONCRETO, INCLUSO IÇAMENTO. AF_07/2019","UN",819.09,0.76339999999999997]
["Estrutura e Trama para Cobertura",92604,"FABRICAÇÃO E INSTALAÇÃO DE TESOURA INTEIRA EM AÇO, VÃO DE 4 M, PARA TELHA ONDULADA DE FIBROCIMENTO, METÁLICA, PLÁSTICA OU TERMOACÚSTICA, INCLUSO IÇAMENTO. AF_07/2019","UN",789.73,0.75470000000000004]
["Estrutura e Trama para Cobertura",92586,"FABRICAÇÃO E INSTALAÇÃO DE TESOURA INTEIRA EM AÇO, VÃO DE 5 M, PARA TELHA CERÂMICA OU DE CONCRETO, INCLUSO IÇAMENTO. AF_07/2019","UN",935.14,0.79279999999999995]
["Estrutura e Trama para Cobertura",92606,"FABRICAÇÃO E INSTALAÇÃO DE TESOURA INTEIRA EM AÇO, VÃO DE 5 M, PARA TELHA ONDULADA DE FIBROCIMENTO, METÁLICA, PLÁSTICA OU TERMOACÚSTICA, INCLUSO IÇAMENTO. AF_07/2019","UN",905.79,0.78610000000000002]
["Estrutura e Trama para Cobertura",92588,"FABRICAÇÃO E INSTALAÇÃO DE TESOURA INTEIRA EM AÇO, VÃO DE 6 M, PARA TELHA CERÂMICA OU DE CONCRETO, INCLUSO IÇAMENTO. AF_07/2019","UN",1175.81,0.77910000000000001]
["Estrutura e Trama para Cobertura",92608,"FABRICAÇÃO E INSTALAÇÃO DE TESOURA INTEIRA EM AÇO, VÃO DE 6 M, PARA TELHA ONDULADA DE FIBROCIMENTO, METÁLICA, PLÁSTICA OU TERMOACÚSTICA, INCLUSO IÇAMENTO. AF_07/2019","UN",1117.0999999999999,0.76749999999999996]
["Estrutura e Trama para Cobertura",92590,"FABRICAÇÃO E INSTALAÇÃO DE TESOURA INTEIRA EM AÇO, VÃO DE 7 M, PARA TELHA CERÂMICA OU DE CONCRETO, INCLUSO IÇAMENTO. AF_07/2019","UN",1291.8599999999999,0.79900000000000004]
["Estrutura e Trama para Cobertura",92610,"FABRICAÇÃO E INSTALAÇÃO DE TESOURA INTEIRA EM AÇO, VÃO DE 7 M, PARA TELHA ONDULADA DE FIBROCIMENTO, METÁLICA, PLÁSTICA OU TERMOACÚSTICA, INCLUSO IÇAMENTO. AF_07/2019","UN",1233.1600000000001,0.78939999999999999]
["Estrutura e Trama para Cobertura",92592,"FABRICAÇÃO E INSTALAÇÃO DE TESOURA INTEIRA EM AÇO, VÃO DE 8 M, PARA TELHA CERÂMICA OU DE CONCRETO, INCLUSO IÇAMENTO. AF_07/2019","UN",1449.32,0.7923]
["Estrutura e Trama para Cobertura",92612,"FABRICAÇÃO E INSTALAÇÃO DE TESOURA INTEIRA EM AÇO, VÃO DE 8 M, PARA TELHA ONDULADA DE FIBROCIMENTO, METÁLICA, PLÁSTICA OU TERMOACÚSTICA, INCLUSO IÇAMENTO, INCLUSO IÇAMENTO. AF_07/2019","UN",1390.61,0.78349999999999997]
["Estrutura e Trama para Cobertura",92594,"FABRICAÇÃO E INSTALAÇÃO DE TESOURA INTEIRA EM AÇO, VÃO DE 9 M, PARA TELHA CERÂMICA OU DE CONCRETO, INCLUSO IÇAMENTO. AF_07/2019","UN",1677.63,0.80610000000000004]
["Estrutura e Trama para Cobertura",92614,"FABRICAÇÃO E INSTALAÇÃO DE TESOURA INTEIRA EM AÇO, VÃO DE 9 M, PARA TELHA ONDULADA DE FIBROCIMENTO, METÁLICA, PLÁSTICA OU TERMOACÚSTICA, INCLUSO IÇAMENTO. AF_07/2019","UN",1560.22,0.79149999999999998]
["Estrutura e Trama para Cobertura",92552,"FABRICAÇÃO E INSTALAÇÃO DE TESOURA INTEIRA EM MADEIRA NÃO APARELHADA, VÃO DE 10 M, PARA TELHA CERÂMICA OU DE CONCRETO, INCLUSO IÇAMENTO. AF_07/2019","UN",2783.15,2.1000000000000001E-2]
["Estrutura e Trama para Cobertura",92562,"FABRICAÇÃO E INSTALAÇÃO DE TESOURA INTEIRA EM MADEIRA NÃO APARELHADA, VÃO DE 10 M, PARA TELHA ONDULADA DE FIBROCIMENTO, METÁLICA, PLÁSTICA OU TERMOACÚSTICA, INCLUSO IÇAMENTO. AF_07/2019","UN",2718.23,2.1499999999999998E-2]
["Estrutura e Trama para Cobertura",92553,"FABRICAÇÃO E INSTALAÇÃO DE TESOURA INTEIRA EM MADEIRA NÃO APARELHADA, VÃO DE 11 M, PARA TELHA CERÂMICA OU DE CONCRETO, INCLUSO IÇAMENTO. AF_07/2019","UN",3199.15,1.83E-2]
["Estrutura e Trama para Cobertura",92563,"FABRICAÇÃO E INSTALAÇÃO DE TESOURA INTEIRA EM MADEIRA NÃO APARELHADA, VÃO DE 11 M, PARA TELHA ONDULADA DE FIBROCIMENTO, METÁLICA, PLÁSTICA OU TERMOACÚSTICA, INCLUSO IÇAMENTO. AF_07/2019","UN",3123.23,1.8700000000000001E-2]
["Estrutura e Trama para Cobertura",92554,"FABRICAÇÃO E INSTALAÇÃO DE TESOURA INTEIRA EM MADEIRA NÃO APARELHADA, VÃO DE 12 M, PARA TELHA CERÂMICA OU DE CONCRETO, INCLUSO IÇAMENTO. AF_07/2019","UN",3313.98,1.7600000000000001E-2]
["Estrutura e Trama para Cobertura",92564,"FABRICAÇÃO E INSTALAÇÃO DE TESOURA INTEIRA EM MADEIRA NÃO APARELHADA, VÃO DE 12 M, PARA TELHA ONDULADA DE FIBROCIMENTO, METÁLICA, PLÁSTICA OU TERMOACÚSTICA, INCLUSO IÇAMENTO. AF_07/2019","UN",3220.99,1.8100000000000002E-2]
["Estrutura e Trama para Cobertura",92545,"FABRICAÇÃO E INSTALAÇÃO DE TESOURA INTEIRA EM MADEIRA NÃO APARELHADA, VÃO DE 3 M, PARA TELHA CERÂMICA OU DE CONCRETO, INCLUSO IÇAMENTO. AF_07/2019","UN",1096.05,5.33E-2]
["Estrutura e Trama para Cobertura",92555,"FABRICAÇÃO E INSTALAÇÃO DE TESOURA INTEIRA EM MADEIRA NÃO APARELHADA, VÃO DE 3 M, PARA TELHA ONDULADA DE FIBROCIMENTO, METÁLICA, PLÁSTICA OU TERMOACÚSTICA, INCLUSO IÇAMENTO. AF_07/2019","UN",1080.67,5.3999999999999999E-2]
["Estrutura e Trama para Cobertura",92546,"FABRICAÇÃO E INSTALAÇÃO DE TESOURA INTEIRA EM MADEIRA NÃO APARELHADA, VÃO DE 4 M, PARA TELHA CERÂMICA OU DE CONCRETO, INCLUSO IÇAMENTO. AF_07/2019","UN",1351.75,4.3200000000000002E-2]
["Estrutura e Trama para Cobertura",92556,"FABRICAÇÃO E INSTALAÇÃO DE TESOURA INTEIRA EM MADEIRA NÃO APARELHADA, VÃO DE 4 M, PARA TELHA ONDULADA DE FIBROCIMENTO, METÁLICA, PLÁSTICA OU TERMOACÚSTICA, INCLUSO IÇAMENTO. AF_07/2019","UN",1324.8,4.41E-2]
["Estrutura e Trama para Cobertura",92547,"FABRICAÇÃO E INSTALAÇÃO DE TESOURA INTEIRA EM MADEIRA NÃO APARELHADA, VÃO DE 5 M, PARA TELHA CERÂMICA OU DE CONCRETO, INCLUSO IÇAMENTO. AF_07/2019","UN",1429.44,4.0899999999999999E-2]
["Estrutura e Trama para Cobertura",92557,"FABRICAÇÃO E INSTALAÇÃO DE TESOURA INTEIRA EM MADEIRA NÃO APARELHADA, VÃO DE 5 M, PARA TELHA ONDULADA DE FIBROCIMENTO, METÁLICA, PLÁSTICA OU TERMOACÚSTICA, INCLUSO IÇAMENTO. AF_07/2019","UN",1402.48,4.1599999999999998E-2]
["Estrutura e Trama para Cobertura",92548,"FABRICAÇÃO E INSTALAÇÃO DE TESOURA INTEIRA EM MADEIRA NÃO APARELHADA, VÃO DE 6 M, PARA TELHA CERÂMICA OU DE CONCRETO, INCLUSO IÇAMENTO. AF_07/2019","UN",1592.77,3.6700000000000003E-2]
["Estrutura e Trama para Cobertura",92558,"FABRICAÇÃO E INSTALAÇÃO DE TESOURA INTEIRA EM MADEIRA NÃO APARELHADA, VÃO DE 6 M, PARA TELHA ONDULADA DE FIBROCIMENTO, METÁLICA, PLÁSTICA OU TERMOACÚSTICA, INCLUSO IÇAMENTO. AF_07/2019","UN",1577.38,3.6999999999999998E-2]
["Estrutura e Trama para Cobertura",92549,"FABRICAÇÃO E INSTALAÇÃO DE TESOURA INTEIRA EM MADEIRA NÃO APARELHADA, VÃO DE 7 M, PARA TELHA CERÂMICA OU DE CONCRETO, INCLUSO IÇAMENTO. AF_07/2019","UN",1999.43,2.92E-2]
["Estrutura e Trama para Cobertura",92559,"FABRICAÇÃO E INSTALAÇÃO DE TESOURA INTEIRA EM MADEIRA NÃO APARELHADA, VÃO DE 7 M, PARA TELHA ONDULADA DE FIBROCIMENTO, METÁLICA, PLÁSTICA OU TERMOACÚSTICA, INCLUSO IÇAMENTO. AF_07/2019","UN",1970.78,2.9600000000000001E-2]
["Estrutura e Trama para Cobertura",92550,"FABRICAÇÃO E INSTALAÇÃO DE TESOURA INTEIRA EM MADEIRA NÃO APARELHADA, VÃO DE 8 M, PARA TELHA CERÂMICA OU DE CONCRETO, INCLUSO IÇAMENTO. AF_07/2019","UN",2457.9,2.3800000000000002E-2]
["Estrutura e Trama para Cobertura",92560,"FABRICAÇÃO E INSTALAÇÃO DE TESOURA INTEIRA EM MADEIRA NÃO APARELHADA, VÃO DE 8 M, PARA TELHA ONDULADA DE FIBROCIMENTO, METÁLICA, PLÁSTICA OU TERMOACÚSTICA, INCLUSO IÇAMENTO. AF_07/2019","UN",2418.88,2.41E-2]
["Estrutura e Trama para Cobertura",92551,"FABRICAÇÃO E INSTALAÇÃO DE TESOURA INTEIRA EM MADEIRA NÃO APARELHADA, VÃO DE 9 M, PARA TELHA CERÂMICA OU DE CONCRETO, INCLUSO IÇAMENTO. AF_07/2019","UN",2558,2.2800000000000001E-2]
["Estrutura e Trama para Cobertura",92561,"FABRICAÇÃO E INSTALAÇÃO DE TESOURA INTEIRA EM MADEIRA NÃO APARELHADA, VÃO DE 9 M, PARA TELHA ONDULADA DE FIBROCIMENTO, METÁLICA, PLÁSTICA OU TERMOACÚSTICA, INCLUSO IÇAMENTO. AF_07/2019","UN",2520.0300000000002,2.3199999999999998E-2]
["Estrutura e Trama para Cobertura",92262,"INSTALAÇÃO DE TESOURA (INTEIRA OU MEIA), BIAPOIADA, EM MADEIRA NÃO APARELHADA, PARA VÃOS MAIORES OU IGUAIS A 10,0 M E MENORES QUE 12,0 M, INCLUSO IÇAMENTO. AF_07/2019","UN",753.09,7.7499999999999999E-2]
["Estrutura e Trama para Cobertura",92259,"INSTALAÇÃO DE TESOURA (INTEIRA OU MEIA), BIAPOIADA, EM MADEIRA NÃO APARELHADA, PARA VÃOS MAIORES OU IGUAIS A 3,0 M E MENORES QUE 6,0 M, INCLUSO IÇAMENTO. AF_07/2019","UN",505.04,0.11559999999999999]
["Estrutura e Trama para Cobertura",92260,"INSTALAÇÃO DE TESOURA (INTEIRA OU MEIA), BIAPOIADA, EM MADEIRA NÃO APARELHADA, PARA VÃOS MAIORES OU IGUAIS A 6,0 M E MENORES QUE 8,0 M, INCLUSO IÇAMENTO. AF_07/2019","UN",575.29999999999995,0.10150000000000001]
["Estrutura e Trama para Cobertura",92261,"INSTALAÇÃO DE TESOURA (INTEIRA OU MEIA), BIAPOIADA, EM MADEIRA NÃO APARELHADA, PARA VÃOS MAIORES OU IGUAIS A 8,0 M E MENORES QUE 10,0 M, INCLUSO IÇAMENTO. AF_07/2019","UN",643.41999999999996,9.0800000000000006E-2]
["Estrutura e Trama para Cobertura",92258,"INSTALAÇÃO DE TESOURA (INTEIRA OU MEIA), EM AÇO, PARA VÃOS MAIORES OU IGUAIS A 10,0 M E MENORES QUE 12,0 M, INCLUSO IÇAMENTO. AF_07/2019","UN",355.08,0.16450000000000001]
["Estrutura e Trama para Cobertura",92255,"INSTALAÇÃO DE TESOURA (INTEIRA OU MEIA), EM AÇO, PARA VÃOS MAIORES OU IGUAIS A 3,0 M E MENORES QUE 6,0 M, INCLUSO IÇAMENTO. AF_07/2019","UN",205.39,0.2843]
["Estrutura e Trama para Cobertura",92256,"INSTALAÇÃO DE TESOURA (INTEIRA OU MEIA), EM AÇO, PARA VÃOS MAIORES OU IGUAIS A 6,0 M E MENORES QUE 8,0 M, INCLUSO IÇAMENTO. AF_07/2019","UN",247.1,0.23630000000000001]
["Estrutura e Trama para Cobertura",92257,"INSTALAÇÃO DE TESOURA (INTEIRA OU MEIA), EM AÇO, PARA VÃOS MAIORES OU IGUAIS A 8,0 M E MENORES QUE 10,0 M, INCLUSO IÇAMENTO. AF_07/2019","UN",288.5,0.2024]
["Estrutura e Trama para Cobertura",100393,"RETIRADA E RECOLOCAÇÃO DE CAIBRO EM TELHADOS DE ATÉ 2 ÁGUAS COM TELHA CERÂMICA CAPA-CANAL, INCLUSO TRANSPORTE VERTICAL. AF_07/2019","M2",21.66,0]
["Estrutura e Trama para Cobertura",100389,"RETIRADA E RECOLOCAÇÃO DE CAIBRO EM TELHADOS DE ATÉ 2 ÁGUAS COM TELHA CERÂMICA OU DE CONCRETO DE ENCAIXE, INCLUSO TRANSPORTE VERTICAL. AF_07/2019","M2",18.77,0]
["Estrutura e Trama para Cobertura",100395,"RETIRADA E RECOLOCAÇÃO DE CAIBRO EM TELHADOS DE MAIS DE 2 ÁGUAS COM TELHA CERÂMICA CAPA-CANAL, INCLUSO TRANSPORTE VERTICAL. AF_07/2019","M2",25.83,0]
["Estrutura e Trama para Cobertura",100391,"RETIRADA E RECOLOCAÇÃO DE CAIBRO EM TELHADOS DE MAIS DE 2 ÁGUAS COM TELHA CERÂMICA OU DE CONCRETO DE ENCAIXE, INCLUSO TRANSPORTE VERTICAL. AF_07/2019","M2",21.64,0]
["Estrutura e Trama para Cobertura",100392,"RETIRADA E RECOLOCAÇÃO DE RIPA EM TELHADOS DE ATÉ 2 ÁGUAS COM TELHA CERÂMICA CAPA-CANAL, INCLUSO TRANSPORTE VERTICAL. AF_07/2019","M2",16.57,0]
["Estrutura e Trama para Cobertura",100388,"RETIRADA E RECOLOCAÇÃO DE RIPA EM TELHADOS DE ATÉ 2 ÁGUAS COM TELHA CERÂMICA OU DE CONCRETO DE ENCAIXE, INCLUSO TRANSPORTE VERTICAL. AF_07/2019","M2",21.06,0]
["Estrutura e Trama para Cobertura",100394,"RETIRADA E RECOLOCAÇÃO DE RIPA EM TELHADOS DE MAIS DE 2 ÁGUAS COM TELHA CERÂMICA CAPA-CANAL, INCLUSO TRANSPORTE VERTICAL. AF_07/2019","M2",19.82,0]
["Estrutura e Trama para Cobertura",100390,"RETIRADA E RECOLOCAÇÃO DE RIPA EM TELHADOS DE MAIS DE 2 ÁGUAS COM TELHA CERÂMICA OU DE CONCRETO DE ENCAIXE, INCLUSO TRANSPORTE VERTICAL. AF_07/2019","M2",25.21,0]
["Estrutura e Trama para Cobertura",92575,"TRAMA DE AÇO COMPOSTA POR RIPAS E CAIBROS PARA TELHADOS DE ATÉ 2 ÁGUAS PARA TELHA CERÂMICA CAPA-CANAL, INCLUSO TRANSPORTE VERTICAL. AF_07/2019","M2",63.86,0.83240000000000003]
["Estrutura e Trama para Cobertura",92569,"TRAMA DE AÇO COMPOSTA POR RIPAS E CAIBROS PARA TELHADOS DE ATÉ 2 ÁGUAS PARA TELHA DE ENCAIXE DE CERÂMICA OU DE CONCRETO, INCLUSO TRANSPORTE VERTICAL. AF_07/2019","M2",69.64,0.84489999999999998]
["Estrutura e Trama para Cobertura",92578,"TRAMA DE AÇO COMPOSTA POR RIPAS E CAIBROS PARA TELHADOS DE MAIS DE 2 ÁGUAS PARA TELHA CERÂMICA CAPA-CANAL, INCLUSO TRANSPORTE VERTICAL. AF_07/2019","M2",68.63,0.78439999999999999]
["Estrutura e Trama para Cobertura",92572,"TRAMA DE AÇO COMPOSTA POR RIPAS E CAIBROS PARA TELHADOS DE MAIS DE 2 ÁGUAS PARA TELHA DE ENCAIXE DE CERÂMICA OU DE CONCRETO, INCLUSO TRANSPORTE VERTICAL. AF_07/2019","M2",79.77,0.80710000000000004]
["Estrutura e Trama para Cobertura",92576,"TRAMA DE AÇO COMPOSTA POR RIPAS PARA TELHADOS DE ATÉ 2 ÁGUAS PARA TELHA CERÂMICA CAPA-CANAL, INCLUSO TRANSPORTE VERTICAL. AF_07/2019","M2",35.270000000000003,0.86699999999999999]
["Estrutura e Trama para Cobertura",92570,"TRAMA DE AÇO COMPOSTA POR RIPAS PARA TELHADOS DE ATÉ 2 ÁGUAS PARA TELHA DE ENCAIXE DE CERÂMICA OU DE CONCRETO, INCLUSO TRANSPORTE VERTICAL. AF_07/2019","M2",44.4,0.88109999999999999]
["Estrutura e Trama para Cobertura",92579,"TRAMA DE AÇO COMPOSTA POR RIPAS PARA TELHADOS DE MAIS DE 2 ÁGUAS PARA TELHA CERÂMICA CAPA-CANAL, INCLUSO TRANSPORTE VERTICAL. AF_07/2019","M2",38.04,0.80840000000000001]
["Estrutura e Trama para Cobertura",92573,"TRAMA DE AÇO COMPOSTA POR RIPAS PARA TELHADOS DE MAIS DE 2 ÁGUAS PARA TELHA DE ENCAIXE DE CERÂMICA OU DE CONCRETO, INCLUSO TRANSPORTE VERTICAL, INCLUSO TRANSPORTE VERTICAL. AF_07/2019","M2",47.87,0.82220000000000004]
["Estrutura e Trama para Cobertura",92574,"TRAMA DE AÇO COMPOSTA POR RIPAS, CAIBROS E TERÇAS PARA TELHADOS DE ATÉ 2 ÁGUAS PARA TELHA CERÂMICA CAPA-CANAL, INCLUSO TRANSPORTE VERTICAL. AF_07/2019","M2",126.6,0.80320000000000003]
["Estrutura e Trama para Cobertura",92568,"TRAMA DE AÇO COMPOSTA POR RIPAS, CAIBROS E TERÇAS PARA TELHADOS DE ATÉ 2 ÁGUAS PARA TELHA DE ENCAIXE DE CERÂMICA OU DE CONCRETO, INCLUSO TRANSPORTE VERTICAL. AF_07/2019","M2",124.51,0.80889999999999995]
["Estrutura e Trama para Cobertura",92577,"TRAMA DE AÇO COMPOSTA POR RIPAS, CAIBROS E TERÇAS PARA TELHADOS DE MAIS DE 2 ÁGUAS PARA TELHA CERÂMICA CAPA-CANAL, INCLUSO TRANSPORTE VERTICAL. AF_07/2019","M2",135.16999999999999,0.76280000000000003]
["Estrutura e Trama para Cobertura",92571,"TRAMA DE AÇO COMPOSTA POR RIPAS, CAIBROS E TERÇAS PARA TELHADOS DE MAIS DE 2 ÁGUAS PARA TELHA DE ENCAIXE DE CERÂMICA OU DE CONCRETO, INCLUSO TRANSPORTE VERTICAL. AF_07/2019","M2",132.66,0.76619999999999999]
["Estrutura e Trama para Cobertura",92581,"TRAMA DE AÇO COMPOSTA POR TERÇAS PARA TELHADOS DE ATÉ 2 ÁGUAS PARA TELHA ESTRUTURAL DE FIBROCIMENTO, INCLUSO TRANSPORTE VERTICAL. AF_07/2019","M2",49.18,0.81499999999999995]
["Estrutura e Trama para Cobertura",104314,"TRAMA DE AÇO COMPOSTA POR TERÇAS PARA TELHADOS DE ATÉ 2 ÁGUAS PARA TELHA ONDULADA DE FIBROCIMENTO, METÁLICA, PLÁSTICA OU TERMOACÚSTICA, INCLUSO TRANSPORTE VERTICAL (EM KG). AF_07/2019","KG",10.88,0.79600000000000004]
["Estrutura e Trama para Cobertura",92580,"TRAMA DE AÇO COMPOSTA POR TERÇAS PARA TELHADOS DE ATÉ 2 ÁGUAS PARA TELHA ONDULADA DE FIBROCIMENTO, METÁLICA, PLÁSTICA OU TERMOACÚSTICA, INCLUSO TRANSPORTE VERTICAL. AF_07/2019","M2",47.23,0.7944]
["Estrutura e Trama para Cobertura",92541,"TRAMA DE MADEIRA COMPOSTA POR RIPAS, CAIBROS E TERÇAS PARA TELHADOS DE ATÉ 2 ÁGUAS PARA TELHA CERÂMICA CAPA-CANAL, INCLUSO TRANSPORTE VERTICAL. AF_07/2019","M2",90.4,0]
["Estrutura e Trama para Cobertura",92539,"TRAMA DE MADEIRA COMPOSTA POR RIPAS, CAIBROS E TERÇAS PARA TELHADOS DE ATÉ 2 ÁGUAS PARA TELHA DE ENCAIXE DE CERÂMICA OU DE CONCRETO, INCLUSO TRANSPORTE VERTICAL. AF_07/2019","M2",83.75,0]
["Estrutura e Trama para Cobertura",92542,"TRAMA DE MADEIRA COMPOSTA POR RIPAS, CAIBROS E TERÇAS PARA TELHADOS DE MAIS QUE 2 ÁGUAS PARA TELHA CERÂMICA CAPA-CANAL, INCLUSO TRANSPORTE VERTICAL. AF_07/2019","M2",110.02,0]
["Estrutura e Trama para Cobertura",92540,"TRAMA DE MADEIRA COMPOSTA POR RIPAS, CAIBROS E TERÇAS PARA TELHADOS DE MAIS QUE 2 ÁGUAS PARA TELHA DE ENCAIXE DE CERÂMICA OU DE CONCRETO, INCLUSO TRANSPORTE VERTICAL. AF_07/2019","M2",94.27,0]
["Estrutura e Trama para Cobertura",92544,"TRAMA DE MADEIRA COMPOSTA POR TERÇAS PARA TELHADOS DE ATÉ 2 ÁGUAS PARA TELHA ESTRUTURAL DE FIBROCIMENTO, INCLUSO TRANSPORTE VERTICAL. AF_07/2019","M2",20.190000000000001,0]
["Estrutura e Trama para Cobertura",92543,"TRAMA DE MADEIRA COMPOSTA POR TERÇAS PARA TELHADOS DE ATÉ 2 ÁGUAS PARA TELHA ONDULADA DE FIBROCIMENTO, METÁLICA, PLÁSTICA OU TERMOACÚSTICA, INCLUSO TRANSPORTE VERTICAL. AF_07/2019","M2",25.33,0]
["Estruturas Pré-Fabricadas e Pré-Moldadas",97725,"FORNECIMENTO E MONTAGEM DE ESCADAS PRÉ-FABRICADAS, INCLUSO IÇAMENTO COM GUINDASTE. AF_03/2024","M3",0]
["Estruturas Pré-Fabricadas e Pré-Moldadas",97721,"FORNECIMENTO E MONTAGEM DE LAJES ALVEOLARES PRÉ-FABRICADAS, INCLUSO IÇAMENTO COM GUINDASTE. AF_03/2024","M3",0]
["Estruturas Pré-Fabricadas e Pré-Moldadas",97722,"FORNECIMENTO E MONTAGEM DE LAJES DUPLO T (PI) PRÉ-FABRICADAS, INCLUSO IÇAMENTO COM GUINDASTE. AF_03/2024","M3",0]
["Estruturas Pré-Fabricadas e Pré-Moldadas",97724,"FORNECIMENTO E MONTAGEM DE PAINÉIS ESTRUTURAIS PRÉ-FABRICADOS, INCLUSO IÇAMENTO COM GUINDASTE. AF_03/2024","M3",0]
["Estruturas Pré-Fabricadas e Pré-Moldadas",97719,"FORNECIMENTO E MONTAGEM DE PILARES PRÉ-FABRICADOS, INCLUSO IÇAMENTO COM GUINDASTE. AF_03/2024","M3",0]
["Estruturas Pré-Fabricadas e Pré-Moldadas",97723,"FORNECIMENTO E MONTAGEM DE PRÉ-LAJE TRELIÇADA PRÉ-FABRICADAS, INCLUSO IÇAMENTO COM GUINDASTE. AF_03/2024","M3",0]
["Estruturas Pré-Fabricadas e Pré-Moldadas",104946,"FORNECIMENTO E MONTAGEM DE TERÇAS PRÉ-FABRICADAS, INCLUSO IÇAMENTO COM GUINDASTE. AF_03/2024","M3",0]
["Estruturas Pré-Fabricadas e Pré-Moldadas",104944,"FORNECIMENTO E MONTAGEM DE TESOURAS PRÉ-FABRICADAS, INCLUSO IÇAMENTO COM GUINDASTE. AF_03/2024","M3",0]
["Estruturas Pré-Fabricadas e Pré-Moldadas",104945,"FORNECIMENTO E MONTAGEM DE VIGAS CALHA PRÉ-FABRICADAS, INCLUSO IÇAMENTO COM GUINDASTE. AF_03/2024","M3",0]
["Estruturas Pré-Fabricadas e Pré-Moldadas",97720,"FORNECIMENTO E MONTAGEM DE VIGAS PRÉ-FABRICADAS, INCLUSO IÇAMENTO COM GUINDASTE. AF_03/2024","M3",0]
["Estruturas Pré-Fabricadas e Pré-Moldadas",97740,"PEÇA CIRCULAR PRÉ-MOLDADA, VOLUME DE CONCRETO ACIMA DE 100 LITROS, TAXA DE AÇO APROXIMADA DE 30KG/M³. AF_03/2024","M3",2031.47,6.2199999999999998E-2]
["Estruturas Pré-Fabricadas e Pré-Moldadas",97738,"PEÇA CIRCULAR PRÉ-MOLDADA, VOLUME DE CONCRETO DE 10 A 30 LITROS, TAXA DE FIBRA DE POLIPROPILENO APROXIMADA DE 6 KG/M³. AF_03/2024_PS","M3",3962.09,3.8999999999999998E-3]
["Estruturas Pré-Fabricadas e Pré-Moldadas",97739,"PEÇA CIRCULAR PRÉ-MOLDADA, VOLUME DE CONCRETO DE 30 A 100 LITROS, TAXA DE AÇO APROXIMADA DE 30KG/M³. AF_03/2024","M3",2905.18,8.3999999999999995E-3]
["Estruturas Pré-Fabricadas e Pré-Moldadas",97736,"PEÇA RETANGULAR PRÉ-MOLDADA, VOLUME DE CONCRETO ACIMA DE 100 LITROS, TAXA DE AÇO APROXIMADA DE 30KG/M³. AF_03/2024","M3",1509.69,6.4899999999999999E-2]
["Estruturas Pré-Fabricadas e Pré-Moldadas",97734,"PEÇA RETANGULAR PRÉ-MOLDADA, VOLUME DE CONCRETO DE 10 A 30 LITROS, TAXA DE AÇO APROXIMADA DE 30KG/M³. AF_03/2024","M3",3092.76,1.0500000000000001E-2]
["Estruturas Pré-Fabricadas e Pré-Moldadas",97735,"PEÇA RETANGULAR PRÉ-MOLDADA, VOLUME DE CONCRETO DE 30 A 100 LITROS, TAXA DE AÇO APROXIMADA DE 30KG/M³. AF_03/2024","M3",2522.19,1.14E-2]
["Estruturas Pré-Fabricadas e Pré-Moldadas",97737,"PEÇA RETANGULAR PRÉ-MOLDADA, VOLUME DE CONCRETO DE 30 A 70 LITROS, TAXA DE AÇO APROXIMADA DE 70KG/M³. AF_03/2024","M3",3295.49,8.8000000000000005E-3]
["Estruturas Pré-Fabricadas e Pré-Moldadas",97733,"PEÇA RETANGULAR PRÉ-MOLDADA, VOLUME DE CONCRETO DE ATÉ 10 LITROS, TAXA DE AÇO APROXIMADA DE 30KG/M³. AF_03/2024","M3",3510.54,1.1900000000000001E-2]
["Estruturas de Contenção - Estacas, Paredes Diafragma e Mureta Guia",98616,"CONTENÇÃO EM CORTINA COM ESTACAS ESPAÇADAS COM 30 CM DE DIÂMETRO E PROFUNDIDADE ATÉ 20 METROS. AF_02/2025","M2",258.16000000000003,8.8999999999999999E-3]
["Estruturas de Contenção - Estacas, Paredes Diafragma e Mureta Guia",98619,"CONTENÇÃO EM CORTINA COM ESTACAS ESPAÇADAS COM 40 CM DE DIÂMETRO E PROFUNDIDADE ATÉ 20 METROS. AF_02/2025","M2",278.99,7.9000000000000008E-3]
["Estruturas de Contenção - Estacas, Paredes Diafragma e Mureta Guia",98622,"CONTENÇÃO EM CORTINA COM ESTACAS ESPAÇADAS COM 50 CM DE DIÂMETRO E PROFUNDIDADE ATÉ 20 METROS. AF_02/2025","M2",437.79,8.6E-3]
["Estruturas de Contenção - Estacas, Paredes Diafragma e Mureta Guia",98625,"CONTENÇÃO EM CORTINA COM ESTACAS ESPAÇADAS COM 60 CM DE DIÂMETRO E PROFUNDIDADE ATÉ 20 METROS. AF_02/2025","M2",456.91,6.3E-3]
["Estruturas de Contenção - Estacas, Paredes Diafragma e Mureta Guia",105918,"CONTENÇÃO EM CORTINA COM ESTACAS SECANTES COM 40 CM DE DIÂMETRO E PROFUNDIDADE ATÉ 20 METROS. AF_02/2025","M2",0]
["Estruturas de Contenção - Estacas, Paredes Diafragma e Mureta Guia",98631,"CONTENÇÃO EM CORTINA COM ESTACAS SECANTES COM 50 CM DE DIÂMETRO E PROFUNDIDADE ATÉ 20 METROS. AF_02/2025","M2",0]
["Estruturas de Contenção - Estacas, Paredes Diafragma e Mureta Guia",98637,"CONTENÇÃO EM PAREDE DIAFRAGMA COM 30 CM DE ESPESSURA E PROFUNDIDADE ATÉ 25 METROS. AF_02/2025","M3",0]
["Estruturas de Contenção - Estacas, Paredes Diafragma e Mureta Guia",98641,"CONTENÇÃO EM PAREDE DIAFRAGMA COM 40 CM DE ESPESSURA E PROFUNDIDADE ATÉ 25 METROS. AF_02/2025","M3",0]
["Estruturas de Contenção - Estacas, Paredes Diafragma e Mureta Guia",98645,"CONTENÇÃO EM PAREDE DIAFRAGMA COM 50 CM DE ESPESSURA E PROFUNDIDADE ATÉ 25 METROS. AF_02/2025","M3",0]
["Estruturas de Contenção - Estacas, Paredes Diafragma e Mureta Guia",98649,"CONTENÇÃO EM PAREDE DIAFRAGMA COM 60 CM DE ESPESSURA E PROFUNDIDADE ATÉ 25 METROS. AF_02/2025","M3",0]
["Estruturas de Contenção - Estacas, Paredes Diafragma e Mureta Guia",98653,"CONTENÇÃO EM PAREDE DIAFRAGMA COM 80 CM DE ESPESSURA E PROFUNDIDADE ATÉ 25 METROS. AF_02/2025","M3",0]
["Estruturas de Contenção - Estacas, Paredes Diafragma e Mureta Guia",98657,"EXECUÇÃO DE MURETA GUIA PARA CONTENÇÃO/FUNDAÇÃO, PARA LAMELAS ATÉ 0,80 M DE LARGURA. AF_02/2025","M",707.91,4.4900000000000002E-2]
["Estruturas de Contenção - Perfis Pranchados, Cortinas e Muros de Arrimo",100344,"ARMAÇÃO DE CORTINA DE CONTENÇÃO EM CONCRETO ARMADO, COM AÇO CA-50 DE 10 MM - MONTAGEM. AF_11/2024","KG",12.67,8.6999999999999994E-3]
["Estruturas de Contenção - Perfis Pranchados, Cortinas e Muros de Arrimo",100345,"ARMAÇÃO DE CORTINA DE CONTENÇÃO EM CONCRETO ARMADO, COM AÇO CA-50 DE 12,5 MM - MONTAGEM. AF_11/2024","KG",9.85,8.0999999999999996E-3]
["Estruturas de Contenção - Perfis Pranchados, Cortinas e Muros de Arrimo",100346,"ARMAÇÃO DE CORTINA DE CONTENÇÃO EM CONCRETO ARMADO, COM AÇO CA-50 DE 16 MM - MONTAGEM. AF_11/2024","KG",9.4,4.3E-3]
["Estruturas de Contenção - Perfis Pranchados, Cortinas e Muros de Arrimo",100347,"ARMAÇÃO DE CORTINA DE CONTENÇÃO EM CONCRETO ARMADO, COM AÇO CA-50 DE 20 MM - MONTAGEM. AF_11/2024","KG",10.57,1.9E-3]
["Estruturas de Contenção - Perfis Pranchados, Cortinas e Muros de Arrimo",100348,"ARMAÇÃO DE CORTINA DE CONTENÇÃO EM CONCRETO ARMADO, COM AÇO CA-50 DE 25 MM - MONTAGEM. AF_11/2024","KG",10.39,1E-3]
["Estruturas de Contenção - Perfis Pranchados, Cortinas e Muros de Arrimo",100342,"ARMAÇÃO DE CORTINA DE CONTENÇÃO EM CONCRETO ARMADO, COM AÇO CA-50 DE 6,3 MM - MONTAGEM. AF_11/2024","KG",17.489999999999998,1.2E-2]
["Estruturas de Contenção - Perfis Pranchados, Cortinas e Muros de Arrimo",100343,"ARMAÇÃO DE CORTINA DE CONTENÇÃO EM CONCRETO ARMADO, COM AÇO CA-50 DE 8 MM - MONTAGEM. AF_11/2024","KG",15.43,1.04E-2]
["Estruturas de Contenção - Perfis Pranchados, Cortinas e Muros de Arrimo",100349,"CONCRETAGEM DE CORTINA DE CONTENÇÃO, ATRAVÉS DE BOMBA - LANÇAMENTO, ADENSAMENTO E ACABAMENTO. AF_11/2024","M3",614.46,2.9999999999999997E-4]
["Estruturas de Contenção - Perfis Pranchados, Cortinas e Muros de Arrimo",100336,"CONTENÇÃO EM PERFIL PRANCHADO COM PAINEL TRELIÇADO DUPLA FACE DE CONCRETO PRÉ-FABRICADO, PERFIS ESPAÇADOS A 1,5 M PARA 1 SUBSOLO. AF_11/2024","M2",0]
["Estruturas de Contenção - Perfis Pranchados, Cortinas e Muros de Arrimo",100337,"CONTENÇÃO EM PERFIL PRANCHADO COM PAINEL TRELIÇADO DUPLA FACE DE CONCRETO PRÉ-FABRICADO, PERFIS ESPAÇADOS A 1,5 M PARA 2 OU MAIS SUBSOLOS. AF_11/2024","M2",0]
["Estruturas de Contenção - Perfis Pranchados, Cortinas e Muros de Arrimo",100339,"CONTENÇÃO EM PERFIL PRANCHADO COM PAINEL TRELIÇADO DUPLA FACE DE CONCRETO PRÉ-FABRICADO, PERFIS ESPAÇADOS A 2 M PARA 1 SUBSOLO. AF_11/2024","M2",0]
["Estruturas de Contenção - Perfis Pranchados, Cortinas e Muros de Arrimo",100340,"CONTENÇÃO EM PERFIL PRANCHADO COM PAINEL TRELIÇADO DUPLA FACE DE CONCRETO PRÉ-FABRICADO, PERFIS ESPAÇADOS A 2 M PARA 2 OU MAIS SUBSOLOS. AF_11/2024","M2",0]
["Estruturas de Contenção - Perfis Pranchados, Cortinas e Muros de Arrimo",105805,"CONTENÇÃO EM PERFIL PRANCHADO COM PRANCHÃO DE MADEIRA, PERFIS ESPAÇADOS A 1,5 M PARA 1 SUBSOLO. AF_11/2024","M2",0]
["Estruturas de Contenção - Perfis Pranchados, Cortinas e Muros de Arrimo",105806,"CONTENÇÃO EM PERFIL PRANCHADO COM PRANCHÃO DE MADEIRA, PERFIS ESPAÇADOS A 1,5 M PARA 2 OU MAIS SUBSOLOS. AF_11/2024","M2",0]
["Estruturas de Contenção - Perfis Pranchados, Cortinas e Muros de Arrimo",105807,"CONTENÇÃO EM PERFIL PRANCHADO COM PRANCHÃO DE MADEIRA, PERFIS ESPAÇADOS A 2 M PARA 1 SUBSOLO. AF_11/2024","M2",0]
["Estruturas de Contenção - Perfis Pranchados, Cortinas e Muros de Arrimo",105808,"CONTENÇÃO EM PERFIL PRANCHADO COM PRANCHÃO DE MADEIRA, PERFIS ESPAÇADOS A 2 M PARA 2 OU MAIS SUBSOLOS. AF_11/2024","M2",0]
["Estruturas de Contenção - Perfis Pranchados, Cortinas e Muros de Arrimo",100341,"FABRICAÇÃO, MONTAGEM E DESMONTAGEM DE FÔRMA PARA CORTINA DE CONTENÇÃO, EM CHAPA DE MADEIRA COMPENSADA PLASTIFICADA, E = 18 MM, 10 UTILIZAÇÕES. AF_11/2024","M2",41.71,0]
["Estruturas de Contenção - Perfis Pranchados, Cortinas e Muros de Arrimo",100351,"MURO DE ARRIMO COM BLOCOS DE CONCRETO ESTRUTURAL E PILARES INTERMEDIÁRIOS, COM ALTURA MAIOR QUE 1,6 M E MENOR OU IGUAL A 2,8 M (EXCETO FUNDAÇÃO). AF_11/2024","M2",0]
["Estruturas de Contenção - Perfis Pranchados, Cortinas e Muros de Arrimo",100353,"MURO DE ARRIMO COM BLOCOS DE CONCRETO ESTRUTURAL E PILARES INTERMEDIÁRIOS, COM ALTURA MAIOR QUE 2,8 M E MENOR OU IGUAL A 4,0 M (EXCETO FUNDAÇÃO). AF_11/2024","M2",0]
["Estruturas de Contenção - Perfis Pranchados, Cortinas e Muros de Arrimo",100350,"MURO DE ARRIMO COM BLOCOS DE CONCRETO ESTRUTURAL, ATÉ 1,6 M DE ALTURA (EXCETO FUNDAÇÃO). AF_11/2024","M2",0]
["Estruturas de Madeira",105043,"PILAR DE MADEIRA ROLIÇA, EUCALIPTO OU EQUIVALENTE DA REGIÃO, FIXADO COM PORTA PILAR METÁLICO, DIÂMETRO DE 12 A 15 CM, APOIO ARTICULADO, COMPRIMENTO DE 3 M. AF_03/2024","M",0]
["Estruturas de Madeira",105047,"PILAR DE MADEIRA ROLIÇA, EUCALIPTO OU EQUIVALENTE DA REGIÃO, FIXADO COM PORTA PILAR METÁLICO, DIÂMETRO DE 12 A 15 CM, APOIO ARTICULADO, COMPRIMENTO DE 6 M. AF_03/2024","M",0]
["Estruturas de Madeira",105044,"PILAR DE MADEIRA ROLIÇA, EUCALIPTO OU EQUIVALENTE DA REGIÃO, FIXADO COM PORTA PILAR METÁLICO, DIÂMETRO DE 12 A 15 CM, APOIO ENGASTADO, COMPRIMENTO DE 3 M. AF_03/2024","M",0]
["Estruturas de Madeira",105094,"PILAR DE MADEIRA ROLIÇA, EUCALIPTO OU EQUIVALENTE DA REGIÃO, FIXADO COM PORTA PILAR METÁLICO, DIÂMETRO DE 12 A 15 CM, APOIO ENGASTADO, COMPRIMENTO DE 6 M. AF_03/2024","M",0]
["Estruturas de Madeira",105096,"PILAR DE MADEIRA ROLIÇA, EUCALIPTO OU EQUIVALENTE DA REGIÃO, FIXADO COM PORTA PILAR METÁLICO, DIÂMETRO DE 16 A 20 CM, APOIO ARTICULADO, COMPRIMENTO DE 3 M. AF_03/2024","M",0]
["Estruturas de Madeira",105048,"PILAR DE MADEIRA ROLIÇA, EUCALIPTO OU EQUIVALENTE DA REGIÃO, FIXADO COM PORTA PILAR METÁLICO, DIÂMETRO DE 16 A 20 CM, APOIO ARTICULADO, COMPRIMENTO DE 6 M. AF_03/2024","M",0]
["Estruturas de Madeira",105097,"PILAR DE MADEIRA ROLIÇA, EUCALIPTO OU EQUIVALENTE DA REGIÃO, FIXADO COM PORTA PILAR METÁLICO, DIÂMETRO DE 16 A 20 CM, APOIO ENGASTADO, COMPRIMENTO DE 3 M. AF_03/2024","M",0]
["Estruturas de Madeira",105049,"PILAR DE MADEIRA ROLIÇA, EUCALIPTO OU EQUIVALENTE DA REGIÃO, FIXADO COM PORTA PILAR METÁLICO, DIÂMETRO DE 16 A 20 CM, APOIO ENGASTADO, COMPRIMENTO DE 6 M. AF_03/2024","M",0]
["Estruturas de Madeira",105051,"PILAR DE MADEIRA ROLIÇA, EUCALIPTO OU EQUIVALENTE DA REGIÃO, FIXADO COM PORTA PILAR METÁLICO, DIÂMETRO DE 21 A 29 CM, APOIO ARTICULADO, COMPRIMENTO DE 3 M. AF_03/2024","M",0]
["Estruturas de Madeira",105054,"PILAR DE MADEIRA ROLIÇA, EUCALIPTO OU EQUIVALENTE DA REGIÃO, FIXADO COM PORTA PILAR METÁLICO, DIÂMETRO DE 21 A 29 CM, APOIO ARTICULADO, COMPRIMENTO DE 6 M. AF_03/2024","M",0]
["Estruturas de Madeira",105052,"PILAR DE MADEIRA ROLIÇA, EUCALIPTO OU EQUIVALENTE DA REGIÃO, FIXADO COM PORTA PILAR METÁLICO, DIÂMETRO DE 21 A 29 CM, APOIO ENGASTADO, COMPRIMENTO DE 3 M. AF_03/2024","M",0]
["Estruturas de Madeira",105055,"PILAR DE MADEIRA ROLIÇA, EUCALIPTO OU EQUIVALENTE DA REGIÃO, FIXADO COM PORTA PILAR METÁLICO, DIÂMETRO DE 21 A 29 CM, APOIO ENGASTADO, COMPRIMENTO DE 6 M. AF_03/2024","M",0]
["Estruturas de Madeira",105065,"PILAR DE MADEIRA ROLIÇA, EUCALIPTO OU EQUIVALENTE DA REGIÃO, FIXADO COM PORTA PILAR METÁLICO, DIÂMETRO DE 30 A 34 CM, APOIO ARTICULADO, COMPRIMENTO DE 3 M. AF_03/2024","M",0]
["Estruturas de Madeira",105059,"PILAR DE MADEIRA ROLIÇA, EUCALIPTO OU EQUIVALENTE DA REGIÃO, FIXADO COM PORTA PILAR METÁLICO, DIÂMETRO DE 30 A 34 CM, APOIO ARTICULADO, COMPRIMENTO DE 6 M. AF_03/2024","M",0]
["Estruturas de Madeira",105057,"PILAR DE MADEIRA ROLIÇA, EUCALIPTO OU EQUIVALENTE DA REGIÃO, FIXADO COM PORTA PILAR METÁLICO, DIÂMETRO DE 30 A 34 CM, APOIO ENGASTADO, COMPRIMENTO DE 3 M. AF_03/2024","M",0]
["Estruturas de Madeira",105060,"PILAR DE MADEIRA ROLIÇA, EUCALIPTO OU EQUIVALENTE DA REGIÃO, FIXADO COM PORTA PILAR METÁLICO, DIÂMETRO DE 30 A 34 CM, APOIO ENGASTADO, COMPRIMENTO DE 6 M. AF_03/2024","M",0]
["Estruturas de Madeira",105042,"PILAR DE MADEIRA ROLIÇA, EUCALIPTO OU EQUIVALENTE DA REGIÃO, FIXADO COM VERGALHÃO, DIÂMETRO DE 12 A 15 CM, APOIO ARTICULADO, COMPRIMENTO DE 3 M. AF_03/2024","M",77.599999999999994,0]
["Estruturas de Madeira",105046,"PILAR DE MADEIRA ROLIÇA, EUCALIPTO OU EQUIVALENTE DA REGIÃO, FIXADO COM VERGALHÃO, DIÂMETRO DE 12 A 15 CM, APOIO ARTICULADO, COMPRIMENTO DE 6 M. AF_03/2024","M",66.77,0]
["Estruturas de Madeira",105095,"PILAR DE MADEIRA ROLIÇA, EUCALIPTO OU EQUIVALENTE DA REGIÃO, FIXADO COM VERGALHÃO, DIÂMETRO DE 16 A 20 CM, APOIO ARTICULADO, COMPRIMENTO DE 3 M. AF_03/2024","M",119.19,0]
["Estruturas de Madeira",105098,"PILAR DE MADEIRA ROLIÇA, EUCALIPTO OU EQUIVALENTE DA REGIÃO, FIXADO COM VERGALHÃO, DIÂMETRO DE 16 A 20 CM, APOIO ARTICULADO, COMPRIMENTO DE 6 M. AF_03/2024","M",108.37,0]
["Estruturas de Madeira",105050,"PILAR DE MADEIRA ROLIÇA, EUCALIPTO OU EQUIVALENTE DA REGIÃO, FIXADO COM VERGALHÃO, DIÂMETRO DE 21 A 29 CM, APOIO ARTICULADO, COMPRIMENTO DE 3 M. AF_03/2024","M",255.24,0]
["Estruturas de Madeira",105053,"PILAR DE MADEIRA ROLIÇA, EUCALIPTO OU EQUIVALENTE DA REGIÃO, FIXADO COM VERGALHÃO, DIÂMETRO DE 21 A 29 CM, APOIO ARTICULADO, COMPRIMENTO DE 6 M. AF_03/2024","M",244.54,0]
["Estruturas de Madeira",105056,"PILAR DE MADEIRA ROLIÇA, EUCALIPTO OU EQUIVALENTE DA REGIÃO, FIXADO COM VERGALHÃO, DIÂMETRO DE 30 A 34 CM, APOIO ARTICULADO, COMPRIMENTO DE 3 M. AF_03/2024","M",355.26,0]
["Estruturas de Madeira",105058,"PILAR DE MADEIRA ROLIÇA, EUCALIPTO OU EQUIVALENTE DA REGIÃO, FIXADO COM VERGALHÃO, DIÂMETRO DE 30 A 34 CM, APOIO ARTICULADO, COMPRIMENTO DE 6 M. AF_03/2024","M",345.31,0]
["Estruturas de Madeira",105062,"PILAR DE MADEIRA SERRADA, MAÇARANDUBA OU EQUIVALENTE DA REGIÃO, NÃO APARELHADO, FIXADO COM PORTA PILAR METÁLICO, SEÇÃO QUADRADA 10 X 10 CM, APOIO ARTICULADO, COMPRIMENTO DE 3 M. AF_03/2024","M",0]
["Estruturas de Madeira",105066,"PILAR DE MADEIRA SERRADA, MAÇARANDUBA OU EQUIVALENTE DA REGIÃO, NÃO APARELHADO, FIXADO COM PORTA PILAR METÁLICO, SEÇÃO QUADRADA 10 X 10 CM, APOIO ARTICULADO, COMPRIMENTO DE 6 M. AF_03/2024","M",0]
["Estruturas de Madeira",105063,"PILAR DE MADEIRA SERRADA, MAÇARANDUBA OU EQUIVALENTE DA REGIÃO, NÃO APARELHADO, FIXADO COM PORTA PILAR METÁLICO, SEÇÃO QUADRADA 10 X 10 CM, APOIO ENGASTADO, COMPRIMENTO DE 3 M. AF_03/2024","M",0]
["Estruturas de Madeira",105067,"PILAR DE MADEIRA SERRADA, MAÇARANDUBA OU EQUIVALENTE DA REGIÃO, NÃO APARELHADO, FIXADO COM PORTA PILAR METÁLICO, SEÇÃO QUADRADA 10 X 10 CM, APOIO ENGASTADO, COMPRIMENTO DE 6 M. AF_03/2024","M",0]
["Estruturas de Madeira",105069,"PILAR DE MADEIRA SERRADA, MAÇARANDUBA OU EQUIVALENTE DA REGIÃO, NÃO APARELHADO, FIXADO COM PORTA PILAR METÁLICO, SEÇÃO QUADRADA 15 X 15 CM, APOIO ARTICULADO, COMPRIMENTO DE 3 M. AF_03/2024","M",0]
["Estruturas de Madeira",105072,"PILAR DE MADEIRA SERRADA, MAÇARANDUBA OU EQUIVALENTE DA REGIÃO, NÃO APARELHADO, FIXADO COM PORTA PILAR METÁLICO, SEÇÃO QUADRADA 15 X 15 CM, APOIO ARTICULADO, COMPRIMENTO DE 6 M. AF_03/2024","M",0]
["Estruturas de Madeira",105070,"PILAR DE MADEIRA SERRADA, MAÇARANDUBA OU EQUIVALENTE DA REGIÃO, NÃO APARELHADO, FIXADO COM PORTA PILAR METÁLICO, SEÇÃO QUADRADA 15 X 15 CM, APOIO ENGASTADO, COMPRIMENTO DE 3 M. AF_03/2024","M",0]
["Estruturas de Madeira",105073,"PILAR DE MADEIRA SERRADA, MAÇARANDUBA OU EQUIVALENTE DA REGIÃO, NÃO APARELHADO, FIXADO COM PORTA PILAR METÁLICO, SEÇÃO QUADRADA 15 X 15 CM, APOIO ENGASTADO, COMPRIMENTO DE 6 M. AF_03/2024","M",0]
["Estruturas de Madeira",105075,"PILAR DE MADEIRA SERRADA, MAÇARANDUBA OU EQUIVALENTE DA REGIÃO, NÃO APARELHADO, FIXADO COM PORTA PILAR METÁLICO, SEÇÃO QUADRADA 20 X 20 CM, APOIO ARTICULADO, COMPRIMENTO DE 3 M. AF_03/2024","M",0]
["Estruturas de Madeira",105078,"PILAR DE MADEIRA SERRADA, MAÇARANDUBA OU EQUIVALENTE DA REGIÃO, NÃO APARELHADO, FIXADO COM PORTA PILAR METÁLICO, SEÇÃO QUADRADA 20 X 20 CM, APOIO ARTICULADO, COMPRIMENTO DE 6 M. AF_03/2024","M",0]
["Estruturas de Madeira",105076,"PILAR DE MADEIRA SERRADA, MAÇARANDUBA OU EQUIVALENTE DA REGIÃO, NÃO APARELHADO, FIXADO COM PORTA PILAR METÁLICO, SEÇÃO QUADRADA 20 X 20 CM, APOIO ENGASTADO, COMPRIMENTO DE 3 M. AF_03/2024","M",0]
["Estruturas de Madeira",105079,"PILAR DE MADEIRA SERRADA, MAÇARANDUBA OU EQUIVALENTE DA REGIÃO, NÃO APARELHADO, FIXADO COM PORTA PILAR METÁLICO, SEÇÃO QUADRADA 20 X 20 CM, APOIO ENGASTADO, COMPRIMENTO DE 6 M. AF_03/2024","M",0]
["Estruturas de Madeira",105061,"PILAR DE MADEIRA SERRADA, MAÇARANDUBA OU EQUIVALENTE DA REGIÃO, NÃO APARELHADO, FIXADO COM VERGALHÃO, SEÇÃO QUADRADA 10 X 10 CM, APOIO ARTICULADO, COMPRIMENTO DE 3 M. AF_03/2024","M",103.35,0]
["Estruturas de Madeira",105064,"PILAR DE MADEIRA SERRADA, MAÇARANDUBA OU EQUIVALENTE DA REGIÃO, NÃO APARELHADO, FIXADO COM VERGALHÃO, SEÇÃO QUADRADA 10 X 10 CM, APOIO ARTICULADO, COMPRIMENTO DE 6 M. AF_03/2024","M",89.5,0]
["Estruturas de Madeira",105068,"PILAR DE MADEIRA SERRADA, MAÇARANDUBA OU EQUIVALENTE DA REGIÃO, NÃO APARELHADO, FIXADO COM VERGALHÃO, SEÇÃO QUADRADA 15 X 15 CM, APOIO ARTICULADO, COMPRIMENTO DE 3 M. AF_03/2024","M",171.32,0]
["Estruturas de Madeira",105071,"PILAR DE MADEIRA SERRADA, MAÇARANDUBA OU EQUIVALENTE DA REGIÃO, NÃO APARELHADO, FIXADO COM VERGALHÃO, SEÇÃO QUADRADA 15 X 15 CM, APOIO ARTICULADO, COMPRIMENTO DE 6 M. AF_03/2024","M",157.47999999999999,0]
["Estruturas de Madeira",105074,"PILAR DE MADEIRA SERRADA, MAÇARANDUBA OU EQUIVALENTE DA REGIÃO, NÃO APARELHADO, FIXADO COM VERGALHÃO, SEÇÃO QUADRADA 20 X 20 CM, APOIO ARTICULADO, COMPRIMENTO DE 3 M. AF_03/2024","M",266.44,0]
["Estruturas de Madeira",105077,"PILAR DE MADEIRA SERRADA, MAÇARANDUBA OU EQUIVALENTE DA REGIÃO, NÃO APARELHADO, FIXADO COM VERGALHÃO, SEÇÃO QUADRADA 20 X 20 CM, APOIO ARTICULADO, COMPRIMENTO DE 6 M. AF_03/2024","M",252.68,0]
["Estruturas de Madeira",105090,"PISO DE MADEIRA, SOBRE VIGOTAS DE MADEIRA SEÇÃO 7,5 X 15 CM. AF_03/2024","M2",551.12,0.83160000000000001]
["Estruturas de Madeira",105099,"VIGA DE MADEIRA ROLIÇA, EUCALIPTO OU EQUIVALENTE DA REGIÃO, DIÂMETRO DE 12 A 15 CM. AF_03/2024","M",98.47,0]
["Estruturas de Madeira",105100,"VIGA DE MADEIRA ROLIÇA, EUCALIPTO OU EQUIVALENTE DA REGIÃO, DIÂMETRO DE 16 A 20 CM. AF_03/2024","M",142.97,0]
["Estruturas de Madeira",105101,"VIGA DE MADEIRA ROLIÇA, EUCALIPTO OU EQUIVALENTE DA REGIÃO, DIÂMETRO DE 21 A 29 CM. AF_03/2024","M",285.12,0]
["Estruturas de Madeira",105102,"VIGA DE MADEIRA ROLIÇA, EUCALIPTO OU EQUIVALENTE DA REGIÃO, DIÂMETRO DE 30 A 34 CM. AF_03/2024","M",393.05,0]
["Estruturas de Madeira",105080,"VIGA DE MADEIRA SERRADA, MAÇARANDUBA OU EQUIVALENTE DA REGIÃO, APARELHADA, SEÇÃO RETANGULAR 6 X 12 CM. AF_03/2024","M",74.44,0]
["Estruturas de Madeira",105081,"VIGA DE MADEIRA SERRADA, MAÇARANDUBA OU EQUIVALENTE DA REGIÃO, APARELHADA, SEÇÃO RETANGULAR 6 X 16 CM. AF_03/2024","M",85.17,0]
["Estruturas de Madeira",105091,"VIGA DE MADEIRA SERRADA, MAÇARANDUBA OU EQUIVALENTE DA REGIÃO, APARELHADA, SEÇÃO RETANGULAR 7,5 X 23 CM. AF_03/2024","M",144.02000000000001,0]
["Estruturas de Madeira",105089,"VIGA DE MADEIRA SERRADA, MAÇARANDUBA OU EQUIVALENTE DA REGIÃO, APARELHADA, SEÇÃO RETANGULAR 8 X 30 CM. AF_03/2024","M",180.1,0]
["Estruturas de Madeira",105082,"VIGA DE MADEIRA SERRADA, MAÇARANDUBA OU EQUIVALENTE DA REGIÃO, NÃO APARELHADA, SEÇÃO RETANGULAR 6 X 12 CM. AF_03/2024","M",77.33,0]
["Estruturas de Madeira",105083,"VIGA DE MADEIRA SERRADA, MAÇARANDUBA OU EQUIVALENTE DA REGIÃO, NÃO APARELHADA, SEÇÃO RETANGULAR 6 X 16 CM. AF_03/2024","M",86.49,0]
["Estruturas de Madeira",105084,"VIGA DE MADEIRA SERRADA, MAÇARANDUBA OU EQUIVALENTE DA REGIÃO, NÃO APARELHADA, SEÇÃO RETANGULAR 6 X 20 CM. AF_03/2024","M",105.95,0]
["Estruturas de Madeira",105086,"VIGA DE MADEIRA SERRADA, MAÇARANDUBA OU EQUIVALENTE DA REGIÃO, NÃO APARELHADA, SEÇÃO RETANGULAR 6 X 25 CM. AF_03/2024","M",98.85,0]
["Estruturas de Madeira",105087,"VIGA DE MADEIRA SERRADA, MAÇARANDUBA OU EQUIVALENTE DA REGIÃO, NÃO APARELHADA, SEÇÃO RETANGULAR 6 X 30 CM. AF_03/2024","M",110.27,0]
["Estruturas de Madeira",105088,"VIGA DE MADEIRA SERRADA, MAÇARANDUBA OU EQUIVALENTE DA REGIÃO, NÃO APARELHADA, SEÇÃO RETANGULAR 6 X 40 CM. AF_03/2024","M",194.66,0]
["Estruturas de Madeira",105092,"VIGA DE MADEIRA SERRADA, MAÇARANDUBA OU EQUIVALENTE DA REGIÃO, NÃO APARELHADA, SEÇÃO RETANGULAR 7,5 X 23 CM. AF_03/2024","M",156.15,0]
["Estruturas de Madeira",105085,"VIGA DE MADEIRA SERRADA, MAÇARANDUBA OU EQUIVALENTE DA REGIÃO, NÃO APARELHADA, SEÇÃO RETANGULAR 8 X 16 CM. AF_03/2024","M",110.47,0]
["Estruturas de Madeira",105093,"VIGA DE MADEIRA SERRADA, MAÇARANDUBA OU EQUIVALENTE DA REGIÃO, NÃO APARELHADA, SEÇÃO RETANGULAR 8 X 30 CM. AF_03/2024","M",158.26,0]
["Estruturas de Madeira",105041,"VIGA DE MADEIRA SERRADA, PINUS OU EQUIVALENTE DA REGIÃO, SEÇÃO RETANGULAR 7,5 X 10 CM. AF_03/2024","M",66.27,0]
["Estruturas de Madeira",105045,"VIGA DE MADEIRA SERRADA, PINUS OU EQUIVALENTE DA REGIÃO, SEÇÃO RETANGULAR 7,5 X 15 CM. AF_03/2024","M",75.86,0]
["Execução de Grampo para Solo Grampeado",93961,"EXECUÇÃO DE GRAMPO PARA SOLO GRAMPEADO COM COMPRIMENTO MAIOR QUE 10 M, DIÂMETRO DE 10 CM, PERFURAÇÃO COM EQUIPAMENTO MANUAL E ARMADURA COM DIÂMETRO DE 20 MM. AF_07/2024","M",258.86,2.7799999999999998E-2]
["Execução de Grampo para Solo Grampeado",93971,"EXECUÇÃO DE GRAMPO PARA SOLO GRAMPEADO COM COMPRIMENTO MAIOR QUE 10 M, DIÂMETRO DE 7 CM, PERFURAÇÃO COM EQUIPAMENTO MANUAL E ARMADURA COM DIÂMETRO DE 20 MM. AF_07/2024","M",216.15,3.1099999999999999E-2]
["Execução de Grampo para Solo Grampeado",93959,"EXECUÇÃO DE GRAMPO PARA SOLO GRAMPEADO COM COMPRIMENTO MAIOR QUE 6 M E MENOR OU IGUAL A 10 M, DIÂMETRO DE 10 CM, PERFURAÇÃO COM EQUIPAMENTO MANUAL E ARMADURA COM DIÂMETRO DE 20 MM. AF_07/2024","M",287.69,2.7099999999999999E-2]
["Execução de Grampo para Solo Grampeado",93969,"EXECUÇÃO DE GRAMPO PARA SOLO GRAMPEADO COM COMPRIMENTO MAIOR QUE 6 M E MENOR OU IGUAL A 10 M, DIÂMETRO DE 7 CM, PERFURAÇÃO COM EQUIPAMENTO MANUAL E ARMADURA COM DIÂMETRO DE 20 MM. AF_07/2024","M",239.38,2.98E-2]
["Execução de Grampo para Solo Grampeado",93957,"EXECUÇÃO DE GRAMPO PARA SOLO GRAMPEADO COM COMPRIMENTO MENOR OU IGUAL A 6 M, DIÂMETRO DE 10 CM, PERFURAÇÃO COM EQUIPAMENTO MANUAL E ARMADURA COM DIÂMETRO DE 20 MM. AF_07/2024","M",356.21,2.5100000000000001E-2]
["Execução de Grampo para Solo Grampeado",93967,"EXECUÇÃO DE GRAMPO PARA SOLO GRAMPEADO COM COMPRIMENTO MENOR OU IGUAL A 6 M, DIÂMETRO DE 7 CM, PERFURAÇÃO COM EQUIPAMENTO MANUAL E ARMADURA COM DIÂMETRO DE 20 MM. AF_07/2024","M",296.5,2.63E-2]
["Execução de Tirantes",104878,"EXECUÇÃO DE LONGARINA, PARA TIRANTES PERMANENTES, COM PERFIL METÁLICO, INCLUINDO CUNHA E SOLIDARIZAÇÃO. AF_11/2023","UN",2313.21,0.93310000000000004]
["Execução de Tirantes",104877,"EXECUÇÃO DE LONGARINA, PARA TIRANTES PROVISÓRIOS, COM PERFIL METÁLICO, INCLUINDO CUNHA E SOLIDARIZAÇÃO. AF_11/2023","UN",610.80999999999995,0.74660000000000004]
["Execução de Tirantes",104841,"EXECUÇÃO DE PERFURAÇÃO PARA TIRANTE, COMPRIMENTO MAIOR OU IGUAL A 14 M E MENOR QUE 22 M, COM DIÂMETRO DE FURO DE 100 MM EXECUTADO COM HASTE E TUBOS DE REVESTIMENTO UTILIZANDO PERFURATRIZ SOBRE ESTEIRA. AF_11/2023","M",87.53,1.5100000000000001E-2]
["Execução de Tirantes",104849,"EXECUÇÃO DE PERFURAÇÃO PARA TIRANTE, COMPRIMENTO MAIOR OU IGUAL A 14 M E MENOR QUE 22 M, COM DIÂMETRO DE FURO DE 100 MM EXECUTADO COM HASTE UTILIZANDO PERFURATRIZ MANUAL SOBRE BASE DE MONTAGEM. AF_11/2023","M",60.83,2.47E-2]
["Execução de Tirantes",104887,"EXECUÇÃO DE PERFURAÇÃO PARA TIRANTE, COMPRIMENTO MAIOR OU IGUAL A 14 M E MENOR QUE 22 M, COM DIÂMETRO DE FURO DE 100 MM EXECUTADO COM HASTE UTILIZANDO PERFURATRIZ SOBRE ESTEIRA. AF_11/2023","M",46.84,1.09E-2]
["Execução de Tirantes",104844,"EXECUÇÃO DE PERFURAÇÃO PARA TIRANTE, COMPRIMENTO MAIOR OU IGUAL A 14 M E MENOR QUE 22 M, COM DIÂMETRO DE FURO DE 150 MM EXECUTADO COM HASTE E TUBOS DE REVESTIMENTO UTILIZANDO PERFURATRIZ SOBRE ESTEIRA. AF_11/2023","M",96.53,1.54E-2]
["Execução de Tirantes",104852,"EXECUÇÃO DE PERFURAÇÃO PARA TIRANTE, COMPRIMENTO MAIOR OU IGUAL A 14 M E MENOR QUE 22 M, COM DIÂMETRO DE FURO DE 150 MM EXECUTADO COM HASTE UTILIZANDO PERFURATRIZ MANUAL SOBRE BASE DE MONTAGEM. AF_11/2023","M",66.92,2.5899999999999999E-2]
["Execução de Tirantes",104846,"EXECUÇÃO DE PERFURAÇÃO PARA TIRANTE, COMPRIMENTO MAIOR OU IGUAL A 14 M E MENOR QUE 22 M, COM DIÂMETRO DE FURO DE 200 MM EXECUTADO COM HASTE E TUBOS DE REVESTIMENTO UTILIZANDO PERFURATRIZ SOBRE ESTEIRA. AF_11/2023","M",109.91,1.6199999999999999E-2]
["Execução de Tirantes",104854,"EXECUÇÃO DE PERFURAÇÃO PARA TIRANTE, COMPRIMENTO MAIOR OU IGUAL A 14 M E MENOR QUE 22 M, COM DIÂMETRO DE FURO DE 200 MM EXECUTADO COM HASTE UTILIZANDO PERFURATRIZ MANUAL SOBRE BASE DE MONTAGEM. AF_11/2023","M",75.97,2.7099999999999999E-2]
["Execução de Tirantes",104890,"EXECUÇÃO DE PERFURAÇÃO PARA TIRANTE, COMPRIMENTO MAIOR OU IGUAL A 14 M E MENOR QUE 22 M, COM DIÂMETRO DE FURO DE 200 MM EXECUTADO COM HASTE UTILIZANDO PERFURATRIZ SOBRE ESTEIRA. AF_11/2023","M",53.61,1.21E-2]
["Execução de Tirantes",104842,"EXECUÇÃO DE PERFURAÇÃO PARA TIRANTE, COMPRIMENTO MAIOR OU IGUAL A 22 M E MENOR QUE 30 M, COM DIÂMETRO DE FURO DE 100 MM EXECUTADO COM HASTE E TUBOS DE REVESTIMENTO UTILIZANDO PERFURATRIZ SOBRE ESTEIRA. AF_11/2023","M",74.89,1.43E-2]
["Execução de Tirantes",104850,"EXECUÇÃO DE PERFURAÇÃO PARA TIRANTE, COMPRIMENTO MAIOR OU IGUAL A 22 M E MENOR QUE 30 M, COM DIÂMETRO DE FURO DE 100 MM EXECUTADO COM HASTE UTILIZANDO PERFURATRIZ MANUAL SOBRE BASE DE MONTAGEM. AF_11/2023","M",54.2,2.3099999999999999E-2]
["Execução de Tirantes",104888,"EXECUÇÃO DE PERFURAÇÃO PARA TIRANTE, COMPRIMENTO MAIOR OU IGUAL A 22 M E MENOR QUE 30 M, COM DIÂMETRO DE FURO DE 100 MM EXECUTADO COM HASTE UTILIZANDO PERFURATRIZ SOBRE ESTEIRA. AF_11/2023","M",42.6,9.9000000000000008E-3]
["Execução de Tirantes",104879,"EXECUÇÃO DE PERFURAÇÃO PARA TIRANTE, COMPRIMENTO MAIOR OU IGUAL A 22 M E MENOR QUE 30 M, COM DIÂMETRO DE FURO DE 150 MM EXECUTADO COM HASTE E TUBOS DE REVESTIMENTO UTILIZANDO PERFURATRIZ SOBRE ESTEIRA. AF_11/2023","M",82.4,1.4800000000000001E-2]
["Execução de Tirantes",104853,"EXECUÇÃO DE PERFURAÇÃO PARA TIRANTE, COMPRIMENTO MAIOR OU IGUAL A 22 M E MENOR QUE 30 M, COM DIÂMETRO DE FURO DE 150 MM EXECUTADO COM HASTE UTILIZANDO PERFURATRIZ MANUAL SOBRE BASE DE MONTAGEM. AF_11/2023","M",59.32,2.4299999999999999E-2]
["Execução de Tirantes",104847,"EXECUÇÃO DE PERFURAÇÃO PARA TIRANTE, COMPRIMENTO MAIOR OU IGUAL A 22 M E MENOR QUE 30 M, COM DIÂMETRO DE FURO DE 200 MM EXECUTADO COM HASTE E TUBOS DE REVESTIMENTO UTILIZANDO PERFURATRIZ SOBRE ESTEIRA. AF_11/2023","M",93.57,1.55E-2]
["Execução de Tirantes",104855,"EXECUÇÃO DE PERFURAÇÃO PARA TIRANTE, COMPRIMENTO MAIOR OU IGUAL A 22 M E MENOR QUE 30 M, COM DIÂMETRO DE FURO DE 200 MM EXECUTADO COM HASTE UTILIZANDO PERFURATRIZ MANUAL SOBRE BASE DE MONTAGEM. AF_11/2023","M",66.86,2.5899999999999999E-2]
["Execução de Tirantes",104891,"EXECUÇÃO DE PERFURAÇÃO PARA TIRANTE, COMPRIMENTO MAIOR OU IGUAL A 22 M E MENOR QUE 30 M, COM DIÂMETRO DE FURO DE 200 MM EXECUTADO COM HASTE UTILIZANDO PERFURATRIZ SOBRE ESTEIRA. AF_11/2023","M",48.29,1.12E-2]
["Execução de Tirantes",104892,"EXECUÇÃO DE PERFURAÇÃO PARA TIRANTE, COMPRIMENTO MAIOR OU IGUAL A 6 M E MENOR QUE 14 M, COM DIÂMETRO DE FURO DE 100 MM EXECUTADO COM HASTE E TUBOS DE REVESTIMENTO UTILIZANDO PERFURATRIZ SOBRE ESTEIRA. AF_11/2023","M",108.6,1.6E-2]
["Execução de Tirantes",104848,"EXECUÇÃO DE PERFURAÇÃO PARA TIRANTE, COMPRIMENTO MAIOR OU IGUAL A 6 M E MENOR QUE 14 M, COM DIÂMETRO DE FURO DE 100 MM EXECUTADO COM HASTE UTILIZANDO PERFURATRIZ MANUAL SOBRE BASE DE MONTAGEM. AF_11/2023","M",70.66,2.6499999999999999E-2]
["Execução de Tirantes",104886,"EXECUÇÃO DE PERFURAÇÃO PARA TIRANTE, COMPRIMENTO MAIOR OU IGUAL A 6 M E MENOR QUE 14 M, COM DIÂMETRO DE FURO DE 100 MM EXECUTADO COM HASTE UTILIZANDO PERFURATRIZ SOBRE ESTEIRA. AF_11/2023","M",53.14,1.2E-2]
["Execução de Tirantes",104843,"EXECUÇÃO DE PERFURAÇÃO PARA TIRANTE, COMPRIMENTO MAIOR OU IGUAL A 6 M E MENOR QUE 14 M, COM DIÂMETRO DE FURO DE 150 MM EXECUTADO COM HASTE E TUBOS DE REVESTIMENTO UTILIZANDO PERFURATRIZ SOBRE ESTEIRA. AF_11/2023","M",119.83,1.6400000000000001E-2]
["Execução de Tirantes",104851,"EXECUÇÃO DE PERFURAÇÃO PARA TIRANTE, COMPRIMENTO MAIOR OU IGUAL A 6 M E MENOR QUE 14 M, COM DIÂMETRO DE FURO DE 150 MM EXECUTADO COM HASTE UTILIZANDO PERFURATRIZ MANUAL SOBRE BASE DE MONTAGEM. AF_11/2023","M",78.260000000000005,2.75E-2]
["Execução de Tirantes",104845,"EXECUÇÃO DE PERFURAÇÃO PARA TIRANTE, COMPRIMENTO MAIOR OU IGUAL A 6 M E MENOR QUE 14 M, COM DIÂMETRO DE FURO DE 200 MM EXECUTADO COM HASTE E TUBOS DE REVESTIMENTO UTILIZANDO PERFURATRIZ SOBRE ESTEIRA. AF_11/2023","M",136.49,1.6899999999999998E-2]
["Execução de Tirantes",104880,"EXECUÇÃO DE PERFURAÇÃO PARA TIRANTE, COMPRIMENTO MAIOR OU IGUAL A 6 M E MENOR QUE 14 M, COM DIÂMETRO DE FURO DE 200 MM EXECUTADO COM HASTE UTILIZANDO PERFURATRIZ MANUAL SOBRE BASE DE MONTAGEM. AF_11/2023","M",89.56,2.87E-2]
["Execução de Tirantes",104889,"EXECUÇÃO DE PERFURAÇÃO PARA TIRANTE, COMPRIMENTO MAIOR OU IGUAL A 6 M E MENOR QUE 14 M, COM DIÂMETRO DE FURO DE 200 MM EXECUTADO COM HASTE UTILIZANDO PERFURATRIZ SOBRE ESTEIRA. AF_11/2023","M",61.55,1.32E-2]
["Execução de Tirantes",95108,"EXECUÇÃO DE PROTEÇÃO DA CABEÇA DO TIRANTE COM USO DE FÔRMAS METÁLICAS, 50 UTILIZAÇÕES, E CONCRETO FCK =15 MPA. AF_11/2023","UN",39.450000000000003,2.3800000000000002E-2]
["Execução de Tirantes",104857,"INJEÇÃO DE CALDA DE CIMENTO PARA CHUMBAMENTO DE TIRANTE COM 8 CORDOALHAS DE 12,7 MM, COMPRIMENTO MAIOR OU IGUAL A 22 M E MENOR QUE 30 M, DIÂMETRO DE 100 MM, INCLUSIVE PRODUÇÃO. AF_11/2023","M",0]
["Execução de Tirantes",104859,"INJEÇÃO DE CALDA DE CIMENTO PARA CHUMBAMENTO DE TIRANTE COM 8 CORDOALHAS DE 12,7 MM, COMPRIMENTO MAIOR OU IGUAL A 22 M E MENOR QUE 30 M, DIÂMETRO DE 150 MM, INCLUSIVE PRODUÇÃO. AF_11/2023","M",0]
["Execução de Tirantes",104861,"INJEÇÃO DE CALDA DE CIMENTO PARA CHUMBAMENTO DE TIRANTE COM 8 CORDOALHAS DE 12,7 MM, COMPRIMENTO MAIOR OU IGUAL A 22 M E MENOR QUE 30 M, DIÂMETRO DE 200 MM, INCLUSIVE PRODUÇÃO. AF_11/2023","M",0]
["Execução de Tirantes",104856,"INJEÇÃO DE CALDA DE CIMENTO PARA CHUMBAMENTO DE TIRANTE MONOBARRA COM ARMADURA DE 36 MM, COMPRIMENTO MAIOR OU IGUAL A 22 M E MENOR QUE 30 M, DIÂMETRO DE 100 MM, INCLUSIVE PRODUÇÃO. AF_11/2023","M",0]
["Execução de Tirantes",104858,"INJEÇÃO DE CALDA DE CIMENTO PARA CHUMBAMENTO DE TIRANTE MONOBARRA COM ARMADURA DE 36 MM, COMPRIMENTO MAIOR OU IGUAL A 22 M E MENOR QUE 30 M, DIÂMETRO DE 150 MM, INCLUSIVE PRODUÇÃO. AF_11/2023","M",0]
["Execução de Tirantes",104860,"INJEÇÃO DE CALDA DE CIMENTO PARA CHUMBAMENTO DE TIRANTE MONOBARRA COM ARMADURA DE 36 MM, COMPRIMENTO MAIOR OU IGUAL A 22 M E MENOR QUE 30 M, DIÂMETRO DE 200 MM, INCLUSIVE PRODUÇÃO. AF_11/2023","M",0]
["Execução de Tirantes",104871,"INSTALAÇÃO DE TIRANTE COM 4 CORDOALHAS DE 12,7 MM, COMPRIMENTO MAIOR OU IGUAL A 14 M E MENOR QUE 22 M, INCLUSIVE MONTAGEM, INSTALAÇÃO E PROTENSÃO. AF_11/2023","M",0]
["Execução de Tirantes",104883,"INSTALAÇÃO DE TIRANTE COM 4 CORDOALHAS DE 12,7 MM, COMPRIMENTO MAIOR OU IGUAL A 22 M E MENOR QUE 30 M, INCLUSIVE MONTAGEM, INSTALAÇÃO E PROTENSÃO. AF_11/2023","M",0]
["Execução de Tirantes",104865,"INSTALAÇÃO DE TIRANTE COM 4 CORDOALHAS DE 12,7 MM, COMPRIMENTO MAIOR OU IGUAL A 6 M E MENOR QUE 14 M, INCLUSIVE MONTAGEM, INSTALAÇÃO E PROTENSÃO. AF_11/2023","M",0]
["Execução de Tirantes",104872,"INSTALAÇÃO DE TIRANTE COM 6 CORDOALHAS DE 12,7 MM, COMPRIMENTO MAIOR OU IGUAL A 14 M E MENOR QUE 22 M, INCLUSIVE MONTAGEM, INSTALAÇÃO E PROTENSÃO. AF_11/2023","M",0]
["Execução de Tirantes",104884,"INSTALAÇÃO DE TIRANTE COM 6 CORDOALHAS DE 12,7 MM, COMPRIMENTO MAIOR OU IGUAL A 22 M E MENOR QUE 30 M, INCLUSIVE MONTAGEM, INSTALAÇÃO E PROTENSÃO. AF_11/2023","M",0]
["Execução de Tirantes",104866,"INSTALAÇÃO DE TIRANTE COM 6 CORDOALHAS DE 12,7 MM, COMPRIMENTO MAIOR OU IGUAL A 6 M E MENOR QUE 14 M, INCLUSIVE MONTAGEM, INSTALAÇÃO E PROTENSÃO. AF_11/2023","M",0]
["Execução de Tirantes",104873,"INSTALAÇÃO DE TIRANTE COM 8 CORDOALHAS DE 12,7 MM, COMPRIMENTO MAIOR OU IGUAL A 14 M E MENOR QUE 22 M, INCLUSIVE MONTAGEM, INSTALAÇÃO E PROTENSÃO. AF_11/2023","M",0]
["Execução de Tirantes",104885,"INSTALAÇÃO DE TIRANTE COM 8 CORDOALHAS DE 12,7 MM, COMPRIMENTO MAIOR OU IGUAL A 22 M E MENOR QUE 30 M, INCLUSIVE MONTAGEM, INSTALAÇÃO E PROTENSÃO. AF_11/2023","M",0]
["Execução de Tirantes",104867,"INSTALAÇÃO DE TIRANTE COM 8 CORDOALHAS DE 12,7 MM, COMPRIMENTO MAIOR OU IGUAL A 6 M E MENOR QUE 14 M, INCLUSIVE MONTAGEM, INSTALAÇÃO E PROTENSÃO. AF_11/2023","M",0]
["Execução de Tirantes",104868,"INSTALAÇÃO DE TIRANTE MONOBARRA COM ARMADURA DE 25 MM, COMPRIMENTO MAIOR OU IGUAL A 14 M E MENOR QUE 22 M, INCLUSIVE MONTAGEM, INSTALAÇÃO E PROTENSÃO. AF_11/2023","M",0]
["Execução de Tirantes",104874,"INSTALAÇÃO DE TIRANTE MONOBARRA COM ARMADURA DE 25 MM, COMPRIMENTO MAIOR OU IGUAL A 22 M E MENOR QUE 30 M, INCLUSIVE MONTAGEM, INSTALAÇÃO E PROTENSÃO. AF_11/2023","M",0]
["Execução de Tirantes",104862,"INSTALAÇÃO DE TIRANTE MONOBARRA COM ARMADURA DE 25 MM, COMPRIMENTO MAIOR OU IGUAL A 6 M E MENOR QUE 14 M, INCLUSIVE MONTAGEM, INSTALAÇÃO E PROTENSÃO. AF_11/2023","M",0]
["Execução de Tirantes",104869,"INSTALAÇÃO DE TIRANTE MONOBARRA COM ARMADURA DE 32 MM, COMPRIMENTO MAIOR OU IGUAL A 14 M E MENOR QUE 22 M, INCLUSIVE MONTAGEM, INSTALAÇÃO E PROTENSÃO. AF_11/2023","M",0]
["Execução de Tirantes",104881,"INSTALAÇÃO DE TIRANTE MONOBARRA COM ARMADURA DE 32 MM, COMPRIMENTO MAIOR OU IGUAL A 22 M E MENOR QUE 30 M, INCLUSIVE MONTAGEM, INSTALAÇÃO E PROTENSÃO. AF_11/2023","M",0]
["Execução de Tirantes",104863,"INSTALAÇÃO DE TIRANTE MONOBARRA COM ARMADURA DE 32 MM, COMPRIMENTO MAIOR OU IGUAL A 6 M E MENOR QUE 14 M, INCLUSIVE MONTAGEM, INSTALAÇÃO E PROTENSÃO. AF_11/2023","M",0]
["Execução de Tirantes",104870,"INSTALAÇÃO DE TIRANTE MONOBARRA COM ARMADURA DE 36 MM, COMPRIMENTO MAIOR OU IGUAL A 14 M E MENOR QUE 22 M, INCLUSIVE MONTAGEM, INSTALAÇÃO E PROTENSÃO. AF_11/2023","M",0]
["Execução de Tirantes",104882,"INSTALAÇÃO DE TIRANTE MONOBARRA COM ARMADURA DE 36 MM, COMPRIMENTO MAIOR OU IGUAL A 22 M E MENOR QUE 30 M, INCLUSIVE MONTAGEM, INSTALAÇÃO E PROTENSÃO. AF_11/2023","M",0]
["Execução de Tirantes",104864,"INSTALAÇÃO DE TIRANTE MONOBARRA COM ARMADURA DE 36 MM, COMPRIMENTO MAIOR OU IGUAL A 6 M E MENOR QUE 14 M, INCLUSIVE MONTAGEM, INSTALAÇÃO E PROTENSÃO. AF_11/2023","M",0]
["Execução de Tirantes",104876,"PERFURAÇÃO DE CORTINA PRÉ-MOLDADA COM MARTELETE ROMPEDOR. AF_11/2023","UN",24.11,4.8099999999999997E-2]
["Execução de Tirantes",104875,"PERFURAÇÃO DE PAREDE DIAFRAGMA COM COROA DIAMANTADA DE DIÂMETRO DE 102 MM. AF_11/2023","M",124.4,0]
["Fachadas com Placas Cerâmicas e Granito - Insertadas",105942,"REQUADRO DE VÃOS COM PLACAS DE PORCELANATO ASSENTADAS COM ARGAMASSA COLANTE. AF_03/2025","M",0]
["Fachadas com Placas Cerâmicas e Granito - Insertadas",105943,"REQUADRO DE VÃOS PLACAS DE GRANITO FIXADAS COM INSERTE METÁLICO. AF_03/2025","M",0]
["Fachadas com Placas Cerâmicas e Granito - Insertadas",105941,"REVESTIMENTO NÃO ADERIDO DE PAREDES EXTERNAS COM PLACAS DE GRANITO DE ÁREA MAIOR QUE 10000 CM2, FIXADAS COM INSERTE METÁLICO. AF_03/2025","M2",0]
["Fachadas com Placas Cerâmicas e Granito - Insertadas",105940,"REVESTIMENTO NÃO ADERIDO DE PAREDES EXTERNAS COM PLACAS DE GRANITO DE ÁREA MAIOR QUE 3025 CM2 E MENOR OU IGUAL A 10000 CM2, FIXADAS COM INSERTE METÁLICO. AF_03/2025","M2",0]
["Fachadas com Placas Cerâmicas e Granito - Insertadas",105938,"REVESTIMENTO NÃO ADERIDO DE PAREDES EXTERNAS COM PLACAS DE PORCELANATO DE ÁREA MAIOR DO QUE 2500 CM2 E MENOR OU IGUAL A 6400 CM2, FIXADAS COM INSERTE METÁLICO. AF_03/2025","M2",0]
["Fachadas com Placas Cerâmicas e Granito - Insertadas",105939,"REVESTIMENTO NÃO ADERIDO DE PAREDES EXTERNAS COM PLACAS DE PORCELANATO DE ÁREA MAIOR QUE 6400 CM2 E MENOR QUE 10000 CM2, FIXADAS COM INSERTE METÁLICO. AF_03/2025","M2",0]
["Forros",96120,"ACABAMENTOS PARA FORRO (MOLDURA DE GESSO). AF_08/2023","M",3.02,0]
["Forros",96123,"ACABAMENTOS PARA FORRO (MOLDURA EM DRYWALL, COM LARGURA DE 15 CM). AF_08/2023_PS","M",28.78,0]
["Forros",96122,"ACABAMENTOS PARA FORRO (RODA-FORRO EM MADEIRA PINUS). AF_08/2023","M",47.23,0.1018]
["Forros",96121,"ACABAMENTOS PARA FORRO (RODA-FORRO EM PERFIL METÁLICO E PLÁSTICO). AF_08/2023","M",11.9,0]
["Forros",99054,"ACABAMENTOS PARA FORRO (SANCA DE GESSO, MONTADA NA OBRA). AF_08/2023_PS","M2",61.51,0]
["Forros",96110,"FORRO EM DRYWALL PARA AMBIENTES RESIDENCIAIS, INCLUSIVE ESTRUTURA UNIDIRECIONAL DE FIXAÇÃO. AF_08/2023_PS","M2",70.98,0]
["Forros",96114,"FORRO EM DRYWALL, PARA AMBIENTES COMERCIAIS, INCLUSIVE ESTRUTURA BIRECIONAL DE FIXAÇÃO. AF_08/2023_PS","M2",71.989999999999995,0]
["Forros",104757,"FORRO EM FIBRA MINERAL, PARA AMBIENTES COMERCIAIS, INCLUSIVE ESTRUTURA DE FIXAÇÃO. AF_08/2023","M2",0]
["Forros",104756,"FORRO EM MADEIRA PINUS, PARA AMBIENTES RESIDENCIAIS E COMERCIAIS, INCLUSIVE ESTRUTURA BIDIRECIONAL DE FIXAÇÃO. AF_08/2023","M2",199.03,0.16420000000000001]
["Forros",96112,"FORRO EM MADEIRA PINUS, PARA AMBIENTES RESIDENCIAIS, INCLUSIVE ESTRUTURA UNIDIRECIONAL DE FIXAÇÃO. AF_08/2023","M2",147.12,0.22209999999999999]
["Forros",96113,"FORRO EM PLACAS DE GESSO, PARA AMBIENTES COMERCIAIS. AF_08/2023_PS","M2",48.01,0]
["Forros",96109,"FORRO EM PLACAS DE GESSO, PARA AMBIENTES RESIDENCIAIS. AF_08/2023_PS","M2",53.48,0]
["Forros",96116,"FORRO EM RÉGUAS DE PVC, FRISADO, PARA AMBIENTES COMERCIAIS, INCLUSIVE ESTRUTURA BIDIRECIONAL DE FIXAÇÃO. AF_08/2023_PS","M2",63.36,0]
["Forros",96111,"FORRO EM RÉGUAS DE PVC, FRISADO, PARA AMBIENTES RESIDENCIAIS, INCLUSIVE ESTRUTURA UNIDIRECIONAL DE FIXAÇÃO. AF_08/2023_PS","M2",60.26,0]
["Forros",96486,"FORRO EM RÉGUAS DE PVC, LISO, PARA AMBIENTES COMERCIAIS, INCLUSIVE ESTRUTURA BIDIRECIONAL DE FIXAÇÃO. AF_08/2023_PS","M2",73.069999999999993,0]
["Forros",96485,"FORRO EM RÉGUAS DE PVC, LISO, PARA AMBIENTES RESIDENCIAIS, INCLUSIVE ESTRUTURA UNIDIRECIONAL DE FIXAÇÃO. AF_08/2023_PS","M2",69.97,0]
["Forros",97557,"FORRO METÁLICO, PARA AMBIENTES COMERCIAIS, INCLUSIVE ESTRUTURA DE FIXAÇÃO. AF_08/2023","M2",0]
["Fossas e Sumidouros",101807,"CAIXA ENTERRADA DISTRIBUIDORA DE VAZÃO (SUMIDOUROS MÚLTIPLOS), RETANGULAR, EM ALVENARIA COM BLOCOS DE CONCRETO, DIMENSÕES INTERNAS: 0,60 X 0,60 X H=0,50 M. AF_12/2020","UN",521.21,6.4000000000000003E-3]
["Fossas e Sumidouros",101806,"CAIXA ENTERRADA DISTRIBUIDORA DE VAZÃO (SUMIDOUROS MÚLTIPLOS), RETANGULAR, EM ALVENARIA COM TIJOLOS MACIÇOS, DIMENSÕES INTERNAS: 0,60 X 0,60 X H=0,50 M. AF_12/2020","UN",548.19000000000005,6.0000000000000001E-3]
["Fossas e Sumidouros",101808,"CAIXA ENTERRADA DISTRIBUIDORA DE VAZÃO (SUMIDOUROS MÚLTIPLOS), RETANGULAR, EM CONCRETO PRÉ-MOLDADO, DIMENSÕES INTERNAS: 0,60 X 0,60 X H=0,50 M. AF_12/2020","UN",466.83,1.6400000000000001E-2]
["Fossas e Sumidouros",98058,"FILTRO ANAERÓBIO CIRCULAR, EM CONCRETO PRÉ-MOLDADO, DIÂMETRO INTERNO = 1,10 M, ALTURA INTERNA = 1,50 M, VOLUME ÚTIL: 1140,4 L (PARA 5 CONTRIBUINTES). AF_12/2020","UN",1548.88,3.9399999999999998E-2]
["Fossas e Sumidouros",98059,"FILTRO ANAERÓBIO CIRCULAR, EM CONCRETO PRÉ-MOLDADO, DIÂMETRO INTERNO = 1,88 M, ALTURA INTERNA = 1,50 M, VOLUME ÚTIL: 3331,1 L (PARA 19 CONTRIBUINTES). AF_12/2020","UN",3307.18,4.7699999999999999E-2]
["Fossas e Sumidouros",98060,"FILTRO ANAERÓBIO CIRCULAR, EM CONCRETO PRÉ-MOLDADO, DIÂMETRO INTERNO = 2,38 M, ALTURA INTERNA = 1,50 M, VOLUME ÚTIL: 5338,6 L (PARA 34 CONTRIBUINTES). AF_12/2020","UN",4646.3599999999997,4.99E-2]
["Fossas e Sumidouros",98061,"FILTRO ANAERÓBIO CIRCULAR, EM CONCRETO PRÉ-MOLDADO, DIÂMETRO INTERNO = 2,88 M, ALTURA INTERNA = 1,50 M, VOLUME ÚTIL: 7817,3 L (PARA 75 CONTRIBUINTES). AF_12/2020","UN",6487.41,4.9700000000000001E-2]
["Fossas e Sumidouros",98088,"FILTRO ANAERÓBIO RETANGULAR, EM ALVENARIA COM BLOCOS DE CONCRETO, DIMENSÕES INTERNAS: 0,8 X 1,2 X H=1,67 M, VOLUME ÚTIL: 1152 L (PARA 5 CONTRIBUINTES). AF_12/2020","UN",3256.06,1.1299999999999999E-2]
["Fossas e Sumidouros",98089,"FILTRO ANAERÓBIO RETANGULAR, EM ALVENARIA COM BLOCOS DE CONCRETO, DIMENSÕES INTERNAS: 1,2 X 1,8 X H=1,67 M, VOLUME ÚTIL: 2592 L (PARA 13 CONTRIBUINTES). AF_12/2020","UN",5150.62,1.49E-2]
["Fossas e Sumidouros",98090,"FILTRO ANAERÓBIO RETANGULAR, EM ALVENARIA COM BLOCOS DE CONCRETO, DIMENSÕES INTERNAS: 1,4 X 3,0 X H=1,67 M, VOLUME ÚTIL: 5040 L (PARA 32 CONTRIBUINTES). AF_12/2020","UN",8094.96,1.8200000000000001E-2]
["Fossas e Sumidouros",98091,"FILTRO ANAERÓBIO RETANGULAR, EM ALVENARIA COM BLOCOS DE CONCRETO, DIMENSÕES INTERNAS: 1,4 X 4,2 X H=1,67 M, VOLUME ÚTIL: 7056 L (PARA 67 CONTRIBUINTES). AF_12/2020","UN",10576.19,1.9599999999999999E-2]
["Fossas e Sumidouros",98092,"FILTRO ANAERÓBIO RETANGULAR, EM ALVENARIA COM BLOCOS DE CONCRETO, DIMENSÕES INTERNAS: 1,6 X 4,6 X H=1,67 M, VOLUME ÚTIL: 8832 L (PARA 84 CONTRIBUINTES). AF_12/2020","UN",12286.54,2.0799999999999999E-2]
["Fossas e Sumidouros",98093,"FILTRO ANAERÓBIO RETANGULAR, EM ALVENARIA COM BLOCOS DE CONCRETO, DIMENSÕES INTERNAS: 1,6 X 5,6 X H=1,67 M, VOLUME ÚTIL: 10752 L (PARA 103 CONTRIBUINTES). AF_12/2020","UN",14504.61,2.1499999999999998E-2]
["Fossas e Sumidouros",98072,"FILTRO ANAERÓBIO RETANGULAR, EM ALVENARIA COM TIJOLOS CERÂMICOS MACIÇOS, DIMENSÕES INTERNAS: 0,8 X 1,2 X H=1,67 M, VOLUME ÚTIL: 1152 L (PARA 5 CONTRIBUINTES). AF_12/2020","UN",3792.34,1.35E-2]
["Fossas e Sumidouros",98073,"FILTRO ANAERÓBIO RETANGULAR, EM ALVENARIA COM TIJOLOS CERÂMICOS MACIÇOS, DIMENSÕES INTERNAS: 1,2 X 1,8 X H=1,67 M, VOLUME ÚTIL: 2592 L (PARA 13 CONTRIBUINTES). AF_12/2020","UN",5985.57,1.6299999999999999E-2]
["Fossas e Sumidouros",98074,"FILTRO ANAERÓBIO RETANGULAR, EM ALVENARIA COM TIJOLOS CERÂMICOS MACIÇOS, DIMENSÕES INTERNAS: 1,4 X 3,0 X H=1,67 M, VOLUME ÚTIL: 5040 L (PARA 32 CONTRIBUINTES). AF_12/2020","UN",9364.5,1.9599999999999999E-2]
["Fossas e Sumidouros",98075,"FILTRO ANAERÓBIO RETANGULAR, EM ALVENARIA COM TIJOLOS CERÂMICOS MACIÇOS, DIMENSÕES INTERNAS: 1,4 X 4,2 X H=1,67 M, VOLUME ÚTIL: 7056 L (PARA 67 CONTRIBUINTES). AF_12/2020","UN",12212.54,2.0899999999999998E-2]
["Fossas e Sumidouros",98076,"FILTRO ANAERÓBIO RETANGULAR, EM ALVENARIA COM TIJOLOS CERÂMICOS MACIÇOS, DIMENSÕES INTERNAS: 1,6 X 4,6 X H=1,67 M, VOLUME ÚTIL: 8832 L (PARA 84 CONTRIBUINTES). AF_12/2020","UN",14119.28,2.2200000000000001E-2]
["Fossas e Sumidouros",98077,"FILTRO ANAERÓBIO RETANGULAR, EM ALVENARIA COM TIJOLOS CERÂMICOS MACIÇOS, DIMENSÕES INTERNAS: 1,6 X 5,6 X H=1,67 M, VOLUME ÚTIL: 10752 L (PARA 103 CONTRIBUINTES). AF_12/2020","UN",16647.41,2.29E-2]
["Fossas e Sumidouros",98062,"SUMIDOURO CIRCULAR, EM CONCRETO PRÉ-MOLDADO, DIÂMETRO INTERNO = 1,88 M, ALTURA INTERNA = 2,00 M, ÁREA DE INFILTRAÇÃO: 13,1 M² (PARA 5 CONTRIBUINTES). AF_12/2020","UN",2589.38,3.5000000000000003E-2]
["Fossas e Sumidouros",98063,"SUMIDOURO CIRCULAR, EM CONCRETO PRÉ-MOLDADO, DIÂMETRO INTERNO = 2,38 M, ALTURA INTERNA = 2,50 M, ÁREA DE INFILTRAÇÃO: 21,3 M² (PARA 8 CONTRIBUINTES). AF_12/2020","UN",3954.03,3.49E-2]
["Fossas e Sumidouros",98064,"SUMIDOURO CIRCULAR, EM CONCRETO PRÉ-MOLDADO, DIÂMETRO INTERNO = 2,38 M, ALTURA INTERNA = 3,0 M, ÁREA DE INFILTRAÇÃO: 25 M² (PARA 10 CONTRIBUINTES). AF_12/2020","UN",4552.79,3.4000000000000002E-2]
["Fossas e Sumidouros",98065,"SUMIDOURO CIRCULAR, EM CONCRETO PRÉ-MOLDADO, DIÂMETRO INTERNO = 2,88 M, ALTURA INTERNA = 3,0 M, ÁREA DE INFILTRAÇÃO: 31,4 M² (PARA 12 CONTRIBUINTES). AF_12/2020","UN",6320.5,3.09E-2]
["Fossas e Sumidouros",98094,"SUMIDOURO RETANGULAR, EM ALVENARIA COM BLOCOS DE CONCRETO, DIMENSÕES INTERNAS: 0,8 X 1,4 X H=3,0 M, ÁREA DE INFILTRAÇÃO: 13,2 M² (PARA 5 CONTRIBUINTES). AF_12/2020","UN",2715.07,8.5000000000000006E-3]
["Fossas e Sumidouros",98099,"SUMIDOURO RETANGULAR, EM ALVENARIA COM BLOCOS DE CONCRETO, DIMENSÕES INTERNAS: 1,0 X 3,0 X H=3,0 M, ÁREA DE INFILTRAÇÃO: 25 M² (PARA 10 CONTRIBUINTES). AF_12/2020","UN",4636.96,1.18E-2]
["Fossas e Sumidouros",98100,"SUMIDOURO RETANGULAR, EM ALVENARIA COM BLOCOS DE CONCRETO, DIMENSÕES INTERNAS: 1,6 X 3,4 X H=3,0 M, ÁREA DE INFILTRAÇÃO: 32,9 M² (PARA 13 CONTRIBUINTES). . AF_12/2020","UN",6075.85,1.5100000000000001E-2]
["Fossas e Sumidouros",98101,"SUMIDOURO RETANGULAR, EM ALVENARIA COM BLOCOS DE CONCRETO, DIMENSÕES INTERNAS: 1,6 X 5,8 X H=3,0 M, ÁREA DE INFILTRAÇÃO: 50 M² (PARA 20 CONTRIBUINTES). . AF_12/2020","UN",8981.4,1.7100000000000001E-2]
["Fossas e Sumidouros",98078,"SUMIDOURO RETANGULAR, EM ALVENARIA COM TIJOLOS CERÂMICOS MACIÇOS, DIMENSÕES INTERNAS: 0,8 X 1,4 X H=3,0 M, ÁREA DE INFILTRAÇÃO: 13,2 M² (PARA 5 CONTRIBUINTES). AF_12/2020","UN",3951.42,5.7999999999999996E-3]
["Fossas e Sumidouros",98079,"SUMIDOURO RETANGULAR, EM ALVENARIA COM TIJOLOS CERÂMICOS MACIÇOS, DIMENSÕES INTERNAS: 1,0 X 3,0 X H=3,0 M, ÁREA DE INFILTRAÇÃO: 25 M² (PARA 10 CONTRIBUINTES). AF_12/2020","UN",6952.61,7.9000000000000008E-3]
["Fossas e Sumidouros",98080,"SUMIDOURO RETANGULAR, EM ALVENARIA COM TIJOLOS CERÂMICOS MACIÇOS, DIMENSÕES INTERNAS: 1,6 X 3,4 X H=3,0 M, ÁREA DE INFILTRAÇÃO: 32,9 M² (PARA 13 CONTRIBUINTES). AF_12/2020","UN",8991.19,1.0200000000000001E-2]
["Fossas e Sumidouros",98081,"SUMIDOURO RETANGULAR, EM ALVENARIA COM TIJOLOS CERÂMICOS MACIÇOS, DIMENSÕES INTERNAS: 1,6 X 5,8 X H=3,0 M, ÁREA DE INFILTRAÇÃO: 50 M² (PARA 20 CONTRIBUINTES). AF_12/2020","UN",13359.61,1.15E-2]
["Fossas e Sumidouros",98052,"TANQUE SÉPTICO CIRCULAR, EM CONCRETO PRÉ-MOLDADO, DIÂMETRO INTERNO = 1,10 M, ALTURA INTERNA = 2,50 M, VOLUME ÚTIL: 2138,2 L (PARA 5 CONTRIBUINTES). AF_12/2020","UN",1753.54,3.0700000000000002E-2]
["Fossas e Sumidouros",98053,"TANQUE SÉPTICO CIRCULAR, EM CONCRETO PRÉ-MOLDADO, DIÂMETRO INTERNO = 1,40 M, ALTURA INTERNA = 2,50 M, VOLUME ÚTIL: 3463,6 L (PARA 13 CONTRIBUINTES). AF_12/2020","UN",2412.44,2.5000000000000001E-2]
["Fossas e Sumidouros",98054,"TANQUE SÉPTICO CIRCULAR, EM CONCRETO PRÉ-MOLDADO, DIÂMETRO INTERNO = 1,88 M, ALTURA INTERNA = 2,50 M, VOLUME ÚTIL: 6245,8 L (PARA 32 CONTRIBUINTES). AF_12/2020","UN",3869.61,2.7099999999999999E-2]
["Fossas e Sumidouros",98055,"TANQUE SÉPTICO CIRCULAR, EM CONCRETO PRÉ-MOLDADO, DIÂMETRO INTERNO = 2,38 M, ALTURA INTERNA = 2,50 M, VOLUME ÚTIL: 10009,8 L (PARA 69 CONTRIBUINTES). AF_12/2020","UN",5270.06,2.63E-2]
["Fossas e Sumidouros",98056,"TANQUE SÉPTICO CIRCULAR, EM CONCRETO PRÉ-MOLDADO, DIÂMETRO INTERNO = 2,38 M, ALTURA INTERNA = 3,0 M, VOLUME ÚTIL: 12234,2 L (PARA 86 CONTRIBUINTES). AF_12/2020","UN",6131.13,2.53E-2]
["Fossas e Sumidouros",98057,"TANQUE SÉPTICO CIRCULAR, EM CONCRETO PRÉ-MOLDADO, DIÂMETRO INTERNO = 2,88 M, ALTURA INTERNA = 2,50 M, VOLUME ÚTIL: 14657,4 L (PARA 105 CONTRIBUINTES). AF_12/2020","UN",7315.94,2.4299999999999999E-2]
["Fossas e Sumidouros",98082,"TANQUE SÉPTICO RETANGULAR, EM ALVENARIA COM BLOCOS DE CONCRETO, DIMENSÕES INTERNAS: 1,0 X 2,0 X H=1,4 M, VOLUME ÚTIL: 2000 L (PARA 5 CONTRIBUINTES). AF_12/2020","UN",3766.99,8.9999999999999993E-3]
["Fossas e Sumidouros",98083,"TANQUE SÉPTICO RETANGULAR, EM ALVENARIA COM BLOCOS DE CONCRETO, DIMENSÕES INTERNAS: 1,2 X 2,4 X H=1,6 M, VOLUME ÚTIL: 3456 L (PARA 13 CONTRIBUINTES). AF_12/2020","UN",4966.63,8.8999999999999999E-3]
["Fossas e Sumidouros",98084,"TANQUE SÉPTICO RETANGULAR, EM ALVENARIA COM BLOCOS DE CONCRETO, DIMENSÕES INTERNAS: 1,4 X 3,2 X H=1,8 M, VOLUME ÚTIL: 6272 L (PARA 32 CONTRIBUINTES). AF_12/2020","UN",6962.68,8.9999999999999993E-3]
["Fossas e Sumidouros",98085,"TANQUE SÉPTICO RETANGULAR, EM ALVENARIA COM BLOCOS DE CONCRETO, DIMENSÕES INTERNAS: 1,6 X 4,4 X H=1,8 M, VOLUME ÚTIL: 9856 L (PARA 68 CONTRIBUINTES). AF_12/2020","UN",9442.83,9.7999999999999997E-3]
["Fossas e Sumidouros",98087,"TANQUE SÉPTICO RETANGULAR, EM ALVENARIA COM BLOCOS DE CONCRETO, DIMENSÕES INTERNAS: 1,6 X 4,6 X H=2,4 M, VOLUME ÚTIL: 14720 L (PARA 105 CONTRIBUINTES). AF_12/2020","UN",11365.94,8.5000000000000006E-3]
["Fossas e Sumidouros",98086,"TANQUE SÉPTICO RETANGULAR, EM ALVENARIA COM BLOCOS DE CONCRETO, DIMENSÕES INTERNAS: 1,6 X 4,8 X H=2,0 M, VOLUME ÚTIL: 12288 L (PARA 86 CONTRIBUINTES). AF_12/2020","UN",10655.67,9.2999999999999992E-3]
["Fossas e Sumidouros",98066,"TANQUE SÉPTICO RETANGULAR, EM ALVENARIA COM TIJOLOS CERÂMICOS MACIÇOS, DIMENSÕES INTERNAS: 1,0 X 2,0 X H=1,4 M, VOLUME ÚTIL: 2000 L (PARA 5 CONTRIBUINTES). AF_12/2020","UN",4478.87,7.4999999999999997E-3]
["Fossas e Sumidouros",98067,"TANQUE SÉPTICO RETANGULAR, EM ALVENARIA COM TIJOLOS CERÂMICOS MACIÇOS, DIMENSÕES INTERNAS: 1,2 X 2,4 X H=1,6 M, VOLUME ÚTIL: 3456 L (PARA 13 CONTRIBUINTES). AF_12/2020","UN",5961.68,7.4000000000000003E-3]
["Fossas e Sumidouros",98068,"TANQUE SÉPTICO RETANGULAR, EM ALVENARIA COM TIJOLOS CERÂMICOS MACIÇOS, DIMENSÕES INTERNAS: 1,4 X 3,2 X H=1,8 M, VOLUME ÚTIL: 6272 L (PARA 32 CONTRIBUINTES). AF_12/2020","UN",8418.93,7.4999999999999997E-3]
["Fossas e Sumidouros",98069,"TANQUE SÉPTICO RETANGULAR, EM ALVENARIA COM TIJOLOS CERÂMICOS MACIÇOS, DIMENSÕES INTERNAS: 1,6 X 4,4 X H=1,8 M, VOLUME ÚTIL: 9856 L (PARA 68 CONTRIBUINTES). AF_12/2020","UN",11361.33,8.0999999999999996E-3]
["Fossas e Sumidouros",98071,"TANQUE SÉPTICO RETANGULAR, EM ALVENARIA COM TIJOLOS CERÂMICOS MACIÇOS, DIMENSÕES INTERNAS: 1,6 X 4,6 X H=2,4 M, VOLUME ÚTIL: 14720 L (PARA 105 CONTRIBUINTES). AF_12/2020","UN",14040.06,6.8999999999999999E-3]
["Fossas e Sumidouros",98070,"TANQUE SÉPTICO RETANGULAR, EM ALVENARIA COM TIJOLOS CERÂMICOS MACIÇOS, DIMENSÕES INTERNAS: 1,6 X 4,8 X H=2,0 M, VOLUME ÚTIL: 12288 L (PARA 86 CONTRIBUINTES). AF_12/2020","UN",12943.7,7.7000000000000002E-3]
["Fundações Rasas (Blocos, Sapatas, Vigas Baldrame)",104915,"ARMAÇÃO DE BLOCO E SAPATA UTILIZANDO AÇO CA-50 DE 25 MM - MONTAGEM. AF_01/2024","KG",10.25,1E-3]
["Fundações Rasas (Blocos, Sapatas, Vigas Baldrame)",96546,"ARMAÇÃO DE BLOCO UTILIZANDO AÇO CA-50 DE 10 MM - MONTAGEM. AF_01/2024","KG",14.44,6.8999999999999999E-3]
["Fundações Rasas (Blocos, Sapatas, Vigas Baldrame)",96544,"ARMAÇÃO DE BLOCO UTILIZANDO AÇO CA-50 DE 6,3 MM - MONTAGEM. AF_01/2024","KG",18.55,9.7000000000000003E-3]
["Fundações Rasas (Blocos, Sapatas, Vigas Baldrame)",96545,"ARMAÇÃO DE BLOCO UTILIZANDO AÇO CA-50 DE 8 MM - MONTAGEM. AF_01/2024","KG",16.59,7.7999999999999996E-3]
["Fundações Rasas (Blocos, Sapatas, Vigas Baldrame)",96543,"ARMAÇÃO DE BLOCO UTILIZANDO AÇO CA-60 DE 5 MM - MONTAGEM. AF_01/2024","KG",20.79,1.2E-2]
["Fundações Rasas (Blocos, Sapatas, Vigas Baldrame)",104922,"ARMAÇÃO DE BLOCO, SAPATA ISOLADA E SAPATA CORRIDA UTILIZANDO AÇO CA-50 DE 20 MM - MONTAGEM. AF_01/2024","KG",11.33,3.5000000000000001E-3]
["Fundações Rasas (Blocos, Sapatas, Vigas Baldrame)",104920,"ARMAÇÃO DE BLOCO, SAPATA ISOLADA, VIGA BALDRAME E SAPATA CORRIDA UTILIZANDO AÇO CA-50 DE 12,5 MM - MONTAGEM. AF_01/2024","KG",11.03,5.4000000000000003E-3]
["Fundações Rasas (Blocos, Sapatas, Vigas Baldrame)",104921,"ARMAÇÃO DE BLOCO, SAPATA ISOLADA, VIGA BALDRAME E SAPATA CORRIDA UTILIZANDO AÇO CA-50 DE 16 MM - MONTAGEM. AF_01/2024","KG",10.34,4.7999999999999996E-3]
["Fundações Rasas (Blocos, Sapatas, Vigas Baldrame)",104919,"ARMAÇÃO DE SAPATA ISOLADA, VIGA BALDRAME E SAPATA CORRIDA UTILIZANDO AÇO CA-50 DE 10 MM - MONTAGEM. AF_01/2024","KG",13.06,6.1000000000000004E-3]
["Fundações Rasas (Blocos, Sapatas, Vigas Baldrame)",104917,"ARMAÇÃO DE SAPATA ISOLADA, VIGA BALDRAME E SAPATA CORRIDA UTILIZANDO AÇO CA-50 DE 6,3 MM - MONTAGEM. AF_01/2024","KG",15.97,8.8000000000000005E-3]
["Fundações Rasas (Blocos, Sapatas, Vigas Baldrame)",104918,"ARMAÇÃO DE SAPATA ISOLADA, VIGA BALDRAME E SAPATA CORRIDA UTILIZANDO AÇO CA-50 DE 8 MM - MONTAGEM. AF_01/2024","KG",14.7,7.4999999999999997E-3]
["Fundações Rasas (Blocos, Sapatas, Vigas Baldrame)",104916,"ARMAÇÃO DE SAPATA ISOLADA, VIGA BALDRAME E SAPATA CORRIDA UTILIZANDO AÇO CA-60 DE 5 MM - MONTAGEM. AF_01/2024","KG",17.350000000000001,1.04E-2]
["Fundações Rasas (Blocos, Sapatas, Vigas Baldrame)",96557,"CONCRETAGEM DE BLOCO DE COROAMENTO OU VIGA BALDRAME, FCK 30 MPA, COM USO DE BOMBA - LANÇAMENTO, ADENSAMENTO E ACABAMENTO. AF_01/2024","M3",671.79,2.0000000000000001E-4]
["Fundações Rasas (Blocos, Sapatas, Vigas Baldrame)",96555,"CONCRETAGEM DE BLOCO DE COROAMENTO OU VIGA BALDRAME, FCK 30 MPA, COM USO DE JERICA - LANÇAMENTO, ADENSAMENTO E ACABAMENTO. AF_01/2024","M3",735.39,1.1999999999999999E-3]
["Fundações Rasas (Blocos, Sapatas, Vigas Baldrame)",104924,"CONCRETAGEM DE SAPATA CORRIDA, FCK 30 MPA, COM USO DE BOMBA - LANÇAMENTO, ADENSAMENTO E ACABAMENTO. AF_01/2024","M3",694.68,2.0000000000000001E-4]
["Fundações Rasas (Blocos, Sapatas, Vigas Baldrame)",104923,"CONCRETAGEM DE SAPATA CORRIDA, FCK 30 MPA, COM USO DE JERICA - LANÇAMENTO, ADENSAMENTO E ACABAMENTO. AF_01/2024","M3",794.11,1.5E-3]
["Fundações Rasas (Blocos, Sapatas, Vigas Baldrame)",96558,"CONCRETAGEM DE SAPATA, FCK 30 MPA, COM USO DE BOMBA - LANÇAMENTO, ADENSAMENTO E ACABAMENTO. AF_01/2024","M3",704.47,2.9999999999999997E-4]
["Fundações Rasas (Blocos, Sapatas, Vigas Baldrame)",96556,"CONCRETAGEM DE SAPATA, FCK 30 MPA, COM USO DE JERICA - LANÇAMENTO, ADENSAMENTO E ACABAMENTO. AF_01/2024","M3",898.95,1.6999999999999999E-3]
["Fundações Rasas (Blocos, Sapatas, Vigas Baldrame)",96523,"ESCAVAÇÃO MANUAL PARA BLOCO DE COROAMENTO OU SAPATA (INCLUINDO ESCAVAÇÃO PARA COLOCAÇÃO DE FÔRMAS). AF_01/2024","M3",104.1,0]
["Fundações Rasas (Blocos, Sapatas, Vigas Baldrame)",96522,"ESCAVAÇÃO MANUAL PARA BLOCO DE COROAMENTO OU SAPATA (SEM ESCAVAÇÃO PARA COLOCAÇÃO DE FÔRMAS). AF_01/2024","M3",157.16,0]
["Fundações Rasas (Blocos, Sapatas, Vigas Baldrame)",96527,"ESCAVAÇÃO MANUAL PARA VIGA BALDRAME OU SAPATA CORRIDA (INCLUINDO ESCAVAÇÃO PARA COLOCAÇÃO DE FÔRMAS). AF_01/2024","M3",114.6,0]
["Fundações Rasas (Blocos, Sapatas, Vigas Baldrame)",96526,"ESCAVAÇÃO MANUAL PARA VIGA BALDRAME OU SAPATA CORRIDA (SEM ESCAVAÇÃO PARA COLOCAÇÃO DE FÔRMAS). AF_01/2024","M3",224.55,0]
["Fundações Rasas (Blocos, Sapatas, Vigas Baldrame)",96521,"ESCAVAÇÃO MECANIZADA PARA BLOCO DE COROAMENTO OU SAPATA COM RETROESCAVADEIRA (INCLUINDO ESCAVAÇÃO PARA COLOCAÇÃO DE FÔRMAS). AF_01/2024","M3",40.57,0.38850000000000001]
["Fundações Rasas (Blocos, Sapatas, Vigas Baldrame)",96520,"ESCAVAÇÃO MECANIZADA PARA BLOCO DE COROAMENTO OU SAPATA COM RETROESCAVADEIRA (SEM ESCAVAÇÃO PARA COLOCAÇÃO DE FÔRMAS). AF_01/2024","M3",93.76,0.2208]
["Fundações Rasas (Blocos, Sapatas, Vigas Baldrame)",96525,"ESCAVAÇÃO MECANIZADA PARA VIGA BALDRAME OU SAPATA CORRIDA COM MINI-ESCAVADEIRA (INCLUINDO ESCAVAÇÃO PARA COLOCAÇÃO DE FÔRMAS). AF_01/2024","M3",54.5,0.53490000000000004]
["Fundações Rasas (Blocos, Sapatas, Vigas Baldrame)",96524,"ESCAVAÇÃO MECANIZADA PARA VIGA BALDRAME OU SAPATA CORRIDA COM MINI-ESCAVADEIRA (SEM ESCAVAÇÃO PARA COLOCAÇÃO DE FÔRMAS). AF_01/2024","M3",158.81,0.24340000000000001]
["Fundações Rasas (Blocos, Sapatas, Vigas Baldrame)",96537,"FABRICAÇÃO, MONTAGEM E DESMONTAGEM DE FÔRMA PARA BLOCO DE COROAMENTO, EM CHAPA DE MADEIRA COMPENSADA RESINADA, E=17 MM, 2 UTILIZAÇÕES. AF_01/2024","M2",195.44,0]
["Fundações Rasas (Blocos, Sapatas, Vigas Baldrame)",96540,"FABRICAÇÃO, MONTAGEM E DESMONTAGEM DE FÔRMA PARA BLOCO DE COROAMENTO, EM CHAPA DE MADEIRA COMPENSADA RESINADA, E=17 MM, 4 UTILIZAÇÕES. AF_01/2024","M2",137.51,0]
["Fundações Rasas (Blocos, Sapatas, Vigas Baldrame)",96528,"FABRICAÇÃO, MONTAGEM E DESMONTAGEM DE FÔRMA PARA BLOCO DE COROAMENTO, EM MADEIRA SERRADA, E=25 MM, 1 UTILIZAÇÃO. AF_01/2024","M2",185.2,0]
["Fundações Rasas (Blocos, Sapatas, Vigas Baldrame)",96531,"FABRICAÇÃO, MONTAGEM E DESMONTAGEM DE FÔRMA PARA BLOCO DE COROAMENTO, EM MADEIRA SERRADA, E=25 MM, 2 UTILIZAÇÕES. AF_01/2024","M2",120.77,0]
["Fundações Rasas (Blocos, Sapatas, Vigas Baldrame)",96534,"FABRICAÇÃO, MONTAGEM E DESMONTAGEM DE FÔRMA PARA BLOCO DE COROAMENTO, EM MADEIRA SERRADA, E=25 MM, 4 UTILIZAÇÕES. AF_01/2024","M2",87.21,0]
["Fundações Rasas (Blocos, Sapatas, Vigas Baldrame)",104928,"FABRICAÇÃO, MONTAGEM E DESMONTAGEM DE FÔRMA PARA SAPATA CORRIDA, EM CHAPA DE MADEIRA COMPENSADA RESINADA, E=17 MM, 2 UTILIZAÇÕES. AF_01/2024","M2",153.91,0]
["Fundações Rasas (Blocos, Sapatas, Vigas Baldrame)",104929,"FABRICAÇÃO, MONTAGEM E DESMONTAGEM DE FÔRMA PARA SAPATA CORRIDA, EM CHAPA DE MADEIRA COMPENSADA RESINADA, E=17 MM, 4 UTILIZAÇÕES. AF_01/2024","M2",94.03,0]
["Fundações Rasas (Blocos, Sapatas, Vigas Baldrame)",104925,"FABRICAÇÃO, MONTAGEM E DESMONTAGEM DE FÔRMA PARA SAPATA CORRIDA, EM MADEIRA SERRADA, E=25 MM, 1 UTILIZAÇÃO. AF_01/2024","M2",189.43,0]
["Fundações Rasas (Blocos, Sapatas, Vigas Baldrame)",104926,"FABRICAÇÃO, MONTAGEM E DESMONTAGEM DE FÔRMA PARA SAPATA CORRIDA, EM MADEIRA SERRADA, E=25 MM, 2 UTILIZAÇÕES. AF_01/2024","M2",118.62,0]
["Fundações Rasas (Blocos, Sapatas, Vigas Baldrame)",104927,"FABRICAÇÃO, MONTAGEM E DESMONTAGEM DE FÔRMA PARA SAPATA CORRIDA, EM MADEIRA SERRADA, E=25 MM, 4 UTILIZAÇÕES. AF_01/2024","M2",81.81,0]
["Fundações Rasas (Blocos, Sapatas, Vigas Baldrame)",96538,"FABRICAÇÃO, MONTAGEM E DESMONTAGEM DE FÔRMA PARA SAPATA, EM CHAPA DE MADEIRA COMPENSADA RESINADA, E=17 MM, 2 UTILIZAÇÕES. AF_01/2024","M2",255.7,0]
["Fundações Rasas (Blocos, Sapatas, Vigas Baldrame)",96541,"FABRICAÇÃO, MONTAGEM E DESMONTAGEM DE FÔRMA PARA SAPATA, EM CHAPA DE MADEIRA COMPENSADA RESINADA, E=17 MM, 4 UTILIZAÇÕES. AF_01/2024","M2",188.12,0]
["Fundações Rasas (Blocos, Sapatas, Vigas Baldrame)",96529,"FABRICAÇÃO, MONTAGEM E DESMONTAGEM DE FÔRMA PARA SAPATA, EM MADEIRA SERRADA, E=25 MM, 1 UTILIZAÇÃO. AF_01/2024","M2",289.64,0]
["Fundações Rasas (Blocos, Sapatas, Vigas Baldrame)",96532,"FABRICAÇÃO, MONTAGEM E DESMONTAGEM DE FÔRMA PARA SAPATA, EM MADEIRA SERRADA, E=25 MM, 2 UTILIZAÇÕES. AF_01/2024","M2",193.4,0]
["Fundações Rasas (Blocos, Sapatas, Vigas Baldrame)",96535,"FABRICAÇÃO, MONTAGEM E DESMONTAGEM DE FÔRMA PARA SAPATA, EM MADEIRA SERRADA, E=25 MM, 4 UTILIZAÇÕES. AF_01/2024","M2",143.34,0]
["Fundações Rasas (Blocos, Sapatas, Vigas Baldrame)",96539,"FABRICAÇÃO, MONTAGEM E DESMONTAGEM DE FÔRMA PARA VIGA BALDRAME, EM CHAPA DE MADEIRA COMPENSADA RESINADA, E=17 MM, 2 UTILIZAÇÕES. AF_01/2024","M2",134.16999999999999,0]
["Fundações Rasas (Blocos, Sapatas, Vigas Baldrame)",96542,"FABRICAÇÃO, MONTAGEM E DESMONTAGEM DE FÔRMA PARA VIGA BALDRAME, EM CHAPA DE MADEIRA COMPENSADA RESINADA, E=17 MM, 4 UTILIZAÇÕES. AF_01/2024","M2",100.08,0]
["Fundações Rasas (Blocos, Sapatas, Vigas Baldrame)",96530,"FABRICAÇÃO, MONTAGEM E DESMONTAGEM DE FÔRMA PARA VIGA BALDRAME, EM MADEIRA SERRADA, E=25 MM, 1 UTILIZAÇÃO. AF_01/2024","M2",168.65,0]
["Fundações Rasas (Blocos, Sapatas, Vigas Baldrame)",96533,"FABRICAÇÃO, MONTAGEM E DESMONTAGEM DE FÔRMA PARA VIGA BALDRAME, EM MADEIRA SERRADA, E=25 MM, 2 UTILIZAÇÕES. AF_01/2024","M2",107.52,0]
["Fundações Rasas (Blocos, Sapatas, Vigas Baldrame)",96536,"FABRICAÇÃO, MONTAGEM E DESMONTAGEM DE FÔRMA PARA VIGA BALDRAME, EM MADEIRA SERRADA, E=25 MM, 4 UTILIZAÇÕES. AF_01/2024","M2",75.709999999999994,0]
["Fôrmas Curvas para Paredes de Reservatórios de Concreto",105518,"MONTAGEM E DESMONTAGEM DE FÔRMA PARA ESTRUTURA CIRCULAR, COM INSTALAÇÃO EXCLUSIVAMENTE NA FACE INTERNA DA ESTRUTURA, COM AUXÍLIO DE GUINDASTE. AF_07/2024","M2",0]
["Fôrmas Curvas para Paredes de Reservatórios de Concreto",105517,"MONTAGEM E DESMONTAGEM DE FÔRMA PARA ESTRUTURA CIRCULAR, COM INSTALAÇÃO EXCLUSIVAMENTE NA FACE INTERNA DA ESTRUTURA, SEM AUXÍLIO DE GUINDASTE. AF_07/2024","M2",0]
["Fôrmas Curvas para Paredes de Reservatórios de Concreto",105520,"MONTAGEM E DESMONTAGEM DE FÔRMA PARA ESTRUTURA CIRCULAR, COM INSTALAÇÃO NA FACE INTERNA E EXTERNA DA EXTRUTURA, COM AUXÍLIO DE GUINDASTE. AF_07/2024","M2",0]
["Fôrmas Curvas para Paredes de Reservatórios de Concreto",105519,"MONTAGEM E DESMONTAGEM DE FÔRMA PARA ESTRUTURA CIRCULAR, COM INSTALAÇÃO NA FACE INTERNA E EXTERNA DA EXTRUTURA, SEM AUXÍLIO DE GUINDASTE. AF_07/2024","M2",0]
["Fôrmas para Estruturas de Concreto Armado",101793,"ESCORAMENTO DE FÔRMAS DE LAJE EM MADEIRA NÃO APARELHADA, PÉ-DIREITO DUPLO, INCLUSO TRAVAMENTO, 4 UTILIZAÇÕES. AF_09/2020","M3",30.33,0]
["Fôrmas para Estruturas de Concreto Armado",101792,"ESCORAMENTO DE FÔRMAS DE LAJE EM MADEIRA NÃO APARELHADA, PÉ-DIREITO SIMPLES, INCLUSO TRAVAMENTO, 4 UTILIZAÇÕES. AF_09/2020","M3",19.190000000000001,0]
["Fôrmas para Estruturas de Concreto Armado",92272,"FABRICAÇÃO DE ESCORAS DE VIGA DO TIPO GARFO, EM MADEIRA. AF_09/2020","M",40.909999999999997,0]
["Fôrmas para Estruturas de Concreto Armado",101791,"FABRICAÇÃO DE ESCORAS DO TIPO PONTALETE, EM MADEIRA, PARA PÉ-DIREITO DUPLO. AF_09/2020","M",32.99,0]
["Fôrmas para Estruturas de Concreto Armado",92273,"FABRICAÇÃO DE ESCORAS DO TIPO PONTALETE, EM MADEIRA, PARA PÉ-DIREITO SIMPLES. AF_09/2020","M",18.489999999999998,0]
["Fôrmas para Estruturas de Concreto Armado",92268,"FABRICAÇÃO DE FÔRMA PARA LAJES, EM CHAPA DE MADEIRA COMPENSADA PLASTIFICADA, E = 18 MM. AF_09/2020","M2",75.739999999999995,0]
["Fôrmas para Estruturas de Concreto Armado",92267,"FABRICAÇÃO DE FÔRMA PARA LAJES, EM CHAPA DE MADEIRA COMPENSADA RESINADA, E = 17 MM. AF_09/2020","M2",45.11,0]
["Fôrmas para Estruturas de Concreto Armado",92271,"FABRICAÇÃO DE FÔRMA PARA LAJES, EM MADEIRA SERRADA, E=25 MM. AF_09/2020","M2",116.17,0]
["Fôrmas para Estruturas de Concreto Armado",92264,"FABRICAÇÃO DE FÔRMA PARA PILARES E ESTRUTURAS SIMILARES, EM CHAPA DE MADEIRA COMPENSADA PLASTIFICADA, E = 18 MM. AF_09/2020","M2",206.87,0]
["Fôrmas para Estruturas de Concreto Armado",92263,"FABRICAÇÃO DE FÔRMA PARA PILARES E ESTRUTURAS SIMILARES, EM CHAPA DE MADEIRA COMPENSADA RESINADA, E = 17 MM. AF_09/2020","M2",167.9,0]
["Fôrmas para Estruturas de Concreto Armado",92269,"FABRICAÇÃO DE FÔRMA PARA PILARES E ESTRUTURAS SIMILARES, EM MADEIRA SERRADA, E=25 MM. AF_09/2020","M2",161.27000000000001,0]
["Fôrmas para Estruturas de Concreto Armado",92270,"FABRICAÇÃO DE FÔRMA PARA VIGAS, COM MADEIRA SERRADA, E = 25 MM. AF_09/2020","M2",186.4,0]
["Fôrmas para Estruturas de Concreto Armado",92266,"FABRICAÇÃO DE FÔRMA PARA VIGAS, EM CHAPA DE MADEIRA COMPENSADA PLASTIFICADA, E = 18 MM. AF_09/2020","M2",151.22,0]
["Fôrmas para Estruturas de Concreto Armado",92265,"FABRICAÇÃO DE FÔRMA PARA VIGAS, EM CHAPA DE MADEIRA COMPENSADA RESINADA, E = 17 MM. AF_09/2020","M2",117.8,0]
["Fôrmas para Estruturas de Concreto Armado",92524,"MONTAGEM E DESMONTAGEM DE FÔRMA DE LAJE MACIÇA, PÉ-DIREITO DUPLO, EM CHAPA DE MADEIRA COMPENSADA PLASTIFICADA, 10 UTILIZAÇÕES. AF_09/2020","M2",79.81,6.2899999999999998E-2]
["Fôrmas para Estruturas de Concreto Armado",92528,"MONTAGEM E DESMONTAGEM DE FÔRMA DE LAJE MACIÇA, PÉ-DIREITO DUPLO, EM CHAPA DE MADEIRA COMPENSADA PLASTIFICADA, 12 UTILIZAÇÕES. AF_09/2020","M2",76.510000000000005,6.5600000000000006E-2]
["Fôrmas para Estruturas de Concreto Armado",92532,"MONTAGEM E DESMONTAGEM DE FÔRMA DE LAJE MACIÇA, PÉ-DIREITO DUPLO, EM CHAPA DE MADEIRA COMPENSADA PLASTIFICADA, 14 UTILIZAÇÕES. AF_09/2020","M2",73.64,6.8199999999999997E-2]
["Fôrmas para Estruturas de Concreto Armado",92536,"MONTAGEM E DESMONTAGEM DE FÔRMA DE LAJE MACIÇA, PÉ-DIREITO DUPLO, EM CHAPA DE MADEIRA COMPENSADA PLASTIFICADA, 18 UTILIZAÇÕES. AF_09/2020","M2",68.14,7.3700000000000002E-2]
["Fôrmas para Estruturas de Concreto Armado",92508,"MONTAGEM E DESMONTAGEM DE FÔRMA DE LAJE MACIÇA, PÉ-DIREITO DUPLO, EM CHAPA DE MADEIRA COMPENSADA RESINADA, 2 UTILIZAÇÕES. AF_09/2020","M2",106.46,4.7199999999999999E-2]
["Fôrmas para Estruturas de Concreto Armado",92512,"MONTAGEM E DESMONTAGEM DE FÔRMA DE LAJE MACIÇA, PÉ-DIREITO DUPLO, EM CHAPA DE MADEIRA COMPENSADA RESINADA, 4 UTILIZAÇÕES. AF_09/2020","M2",92.79,5.4100000000000002E-2]
["Fôrmas para Estruturas de Concreto Armado",92515,"MONTAGEM E DESMONTAGEM DE FÔRMA DE LAJE MACIÇA, PÉ-DIREITO DUPLO, EM CHAPA DE MADEIRA COMPENSADA RESINADA, 6 UTILIZAÇÕES. AF_09/2020","M2",85.64,5.8599999999999999E-2]
["Fôrmas para Estruturas de Concreto Armado",92520,"MONTAGEM E DESMONTAGEM DE FÔRMA DE LAJE MACIÇA, PÉ-DIREITO DUPLO, EM CHAPA DE MADEIRA COMPENSADA RESINADA, 8 UTILIZAÇÕES. AF_09/2020","M2",80.760000000000005,6.2199999999999998E-2]
["Fôrmas para Estruturas de Concreto Armado",92526,"MONTAGEM E DESMONTAGEM DE FÔRMA DE LAJE MACIÇA, PÉ-DIREITO SIMPLES, EM CHAPA DE MADEIRA COMPENSADA PLASTIFICADA, 10 UTILIZAÇÕES. AF_09/2020","M2",42.24,0.1188]
["Fôrmas para Estruturas de Concreto Armado",92530,"MONTAGEM E DESMONTAGEM DE FÔRMA DE LAJE MACIÇA, PÉ-DIREITO SIMPLES, EM CHAPA DE MADEIRA COMPENSADA PLASTIFICADA, 12 UTILIZAÇÕES. AF_09/2020","M2",39.89,0.1258]
["Fôrmas para Estruturas de Concreto Armado",92534,"MONTAGEM E DESMONTAGEM DE FÔRMA DE LAJE MACIÇA, PÉ-DIREITO SIMPLES, EM CHAPA DE MADEIRA COMPENSADA PLASTIFICADA, 14 UTILIZAÇÕES. AF_09/2020","M2",37.869999999999997,0.1326]
["Fôrmas para Estruturas de Concreto Armado",92538,"MONTAGEM E DESMONTAGEM DE FÔRMA DE LAJE MACIÇA, PÉ-DIREITO SIMPLES, EM CHAPA DE MADEIRA COMPENSADA PLASTIFICADA, 18 UTILIZAÇÕES. AF_09/2020","M2",33.9,0.14810000000000001]
["Fôrmas para Estruturas de Concreto Armado",103760,"MONTAGEM E DESMONTAGEM DE FÔRMA DE LAJE MACIÇA, PÉ-DIREITO SIMPLES, EM CHAPA DE MADEIRA COMPENSADA RESINADA E CIMBRAMENTO DE MADEIRA, 2 UTILIZAÇÕES. AF_03/2022","M2",120.22,0]
["Fôrmas para Estruturas de Concreto Armado",103761,"MONTAGEM E DESMONTAGEM DE FÔRMA DE LAJE MACIÇA, PÉ-DIREITO SIMPLES, EM CHAPA DE MADEIRA COMPENSADA RESINADA E CIMBRAMENTO DE MADEIRA, 4 UTILIZAÇÕES. AF_03/2022","M2",82.75,0]
["Fôrmas para Estruturas de Concreto Armado",103762,"MONTAGEM E DESMONTAGEM DE FÔRMA DE LAJE MACIÇA, PÉ-DIREITO SIMPLES, EM CHAPA DE MADEIRA COMPENSADA RESINADA E CIMBRAMENTO DE MADEIRA, 6 UTILIZAÇÕES. AF_03/2022","M2",71.260000000000005,0]
["Fôrmas para Estruturas de Concreto Armado",103763,"MONTAGEM E DESMONTAGEM DE FÔRMA DE LAJE MACIÇA, PÉ-DIREITO SIMPLES, EM CHAPA DE MADEIRA COMPENSADA RESINADA E CIMBRAMENTO DE MADEIRA, 8 UTILIZAÇÕES. AF_03/2022","M2",63.14,0]
["Fôrmas para Estruturas de Concreto Armado",92510,"MONTAGEM E DESMONTAGEM DE FÔRMA DE LAJE MACIÇA, PÉ-DIREITO SIMPLES, EM CHAPA DE MADEIRA COMPENSADA RESINADA, 2 UTILIZAÇÕES. AF_09/2020","M2",64.3,7.8100000000000003E-2]
["Fôrmas para Estruturas de Concreto Armado",92514,"MONTAGEM E DESMONTAGEM DE FÔRMA DE LAJE MACIÇA, PÉ-DIREITO SIMPLES, EM CHAPA DE MADEIRA COMPENSADA RESINADA, 4 UTILIZAÇÕES. AF_09/2020","M2",51.88,9.6799999999999997E-2]
["Fôrmas para Estruturas de Concreto Armado",92518,"MONTAGEM E DESMONTAGEM DE FÔRMA DE LAJE MACIÇA, PÉ-DIREITO SIMPLES, EM CHAPA DE MADEIRA COMPENSADA RESINADA, 6 UTILIZAÇÕES. AF_09/2020","M2",45.94,0.10929999999999999]
["Fôrmas para Estruturas de Concreto Armado",92522,"MONTAGEM E DESMONTAGEM DE FÔRMA DE LAJE MACIÇA, PÉ-DIREITO SIMPLES, EM CHAPA DE MADEIRA COMPENSADA RESINADA, 8 UTILIZAÇÕES. AF_09/2020","M2",42.16,0.1191]
["Fôrmas para Estruturas de Concreto Armado",92482,"MONTAGEM E DESMONTAGEM DE FÔRMA DE LAJE MACIÇA, PÉ-DIREITO SIMPLES, EM MADEIRA SERRADA, 1 UTILIZAÇÃO. AF_09/2020","M2",359.03,0]
["Fôrmas para Estruturas de Concreto Armado",92484,"MONTAGEM E DESMONTAGEM DE FÔRMA DE LAJE MACIÇA, PÉ-DIREITO SIMPLES, EM MADEIRA SERRADA, 2 UTILIZAÇÕES. AF_09/2020","M2",248.48,0]
["Fôrmas para Estruturas de Concreto Armado",92486,"MONTAGEM E DESMONTAGEM DE FÔRMA DE LAJE MACIÇA, PÉ-DIREITO SIMPLES, EM MADEIRA SERRADA, 4 UTILIZAÇÕES. AF_09/2020","M2",177.8,0]
["Fôrmas para Estruturas de Concreto Armado",92492,"MONTAGEM E DESMONTAGEM DE FÔRMA DE LAJE NERVURADA COM CUBETA E ASSOALHO, PÉ-DIREITO DUPLO, EM CHAPA DE MADEIRA COMPENSADA RESINADA, 10 UTILIZAÇÕES. AF_09/2020","M2",108.93,4.6100000000000002E-2]
["Fôrmas para Estruturas de Concreto Armado",92496,"MONTAGEM E DESMONTAGEM DE FÔRMA DE LAJE NERVURADA COM CUBETA E ASSOALHO, PÉ-DIREITO DUPLO, EM CHAPA DE MADEIRA COMPENSADA RESINADA, 12 UTILIZAÇÕES. AF_09/2020","M2",104.19,4.82E-2]
["Fôrmas para Estruturas de Concreto Armado",92500,"MONTAGEM E DESMONTAGEM DE FÔRMA DE LAJE NERVURADA COM CUBETA E ASSOALHO, PÉ-DIREITO DUPLO, EM CHAPA DE MADEIRA COMPENSADA RESINADA, 14 UTILIZAÇÕES. AF_09/2020","M2",100.27,5.0099999999999999E-2]
["Fôrmas para Estruturas de Concreto Armado",92504,"MONTAGEM E DESMONTAGEM DE FÔRMA DE LAJE NERVURADA COM CUBETA E ASSOALHO, PÉ-DIREITO DUPLO, EM CHAPA DE MADEIRA COMPENSADA RESINADA, 18 UTILIZAÇÕES. AF_09/2020","M2",93.19,5.3900000000000003E-2]
["Fôrmas para Estruturas de Concreto Armado",92488,"MONTAGEM E DESMONTAGEM DE FÔRMA DE LAJE NERVURADA COM CUBETA E ASSOALHO, PÉ-DIREITO DUPLO, EM CHAPA DE MADEIRA COMPENSADA RESINADA, 8 UTILIZAÇÕES. AF_09/2020","M2",114.55,4.3799999999999999E-2]
["Fôrmas para Estruturas de Concreto Armado",92494,"MONTAGEM E DESMONTAGEM DE FÔRMA DE LAJE NERVURADA COM CUBETA E ASSOALHO, PÉ-DIREITO SIMPLES, EM CHAPA DE MADEIRA COMPENSADA RESINADA, 10 UTILIZAÇÕES. AF_09/2020","M2",69.98,7.17E-2]
["Fôrmas para Estruturas de Concreto Armado",92498,"MONTAGEM E DESMONTAGEM DE FÔRMA DE LAJE NERVURADA COM CUBETA E ASSOALHO, PÉ-DIREITO SIMPLES, EM CHAPA DE MADEIRA COMPENSADA RESINADA, 12 UTILIZAÇÕES. AF_09/2020","M2",66.239999999999995,7.5800000000000006E-2]
["Fôrmas para Estruturas de Concreto Armado",92502,"MONTAGEM E DESMONTAGEM DE FÔRMA DE LAJE NERVURADA COM CUBETA E ASSOALHO, PÉ-DIREITO SIMPLES, EM CHAPA DE MADEIRA COMPENSADA RESINADA, 14 UTILIZAÇÕES. AF_09/2020","M2",63.3,7.9299999999999995E-2]
["Fôrmas para Estruturas de Concreto Armado",92506,"MONTAGEM E DESMONTAGEM DE FÔRMA DE LAJE NERVURADA COM CUBETA E ASSOALHO, PÉ-DIREITO SIMPLES, EM CHAPA DE MADEIRA COMPENSADA RESINADA, 18 UTILIZAÇÕES. AF_09/2020","M2",57.92,8.6699999999999999E-2]
["Fôrmas para Estruturas de Concreto Armado",92490,"MONTAGEM E DESMONTAGEM DE FÔRMA DE LAJE NERVURADA COM CUBETA E ASSOALHO, PÉ-DIREITO SIMPLES, EM CHAPA DE MADEIRA COMPENSADA RESINADA, 8 UTILIZAÇÕES. AF_09/2020","M2",74.42,6.7500000000000004E-2]
["Fôrmas para Estruturas de Concreto Armado",92433,"MONTAGEM E DESMONTAGEM DE FÔRMA DE PILARES RETANGULARES E ESTRUTURAS SIMILARES, PÉ-DIREITO DUPLO, EM CHAPA DE MADEIRA COMPENSADA PLASTIFICADA, 10 UTILIZAÇÕES. AF_09/2020","M2",78.540000000000006,0]
["Fôrmas para Estruturas de Concreto Armado",92437,"MONTAGEM E DESMONTAGEM DE FÔRMA DE PILARES RETANGULARES E ESTRUTURAS SIMILARES, PÉ-DIREITO DUPLO, EM CHAPA DE MADEIRA COMPENSADA PLASTIFICADA, 12 UTILIZAÇÕES. AF_09/2020","M2",75,0]
["Fôrmas para Estruturas de Concreto Armado",92441,"MONTAGEM E DESMONTAGEM DE FÔRMA DE PILARES RETANGULARES E ESTRUTURAS SIMILARES, PÉ-DIREITO DUPLO, EM CHAPA DE MADEIRA COMPENSADA PLASTIFICADA, 14 UTILIZAÇÕES. AF_09/2020","M2",72.45,0]
["Fôrmas para Estruturas de Concreto Armado",92445,"MONTAGEM E DESMONTAGEM DE FÔRMA DE PILARES RETANGULARES E ESTRUTURAS SIMILARES, PÉ-DIREITO DUPLO, EM CHAPA DE MADEIRA COMPENSADA PLASTIFICADA, 18 UTILIZAÇÕES. AF_09/2020","M2",67.290000000000006,0]
["Fôrmas para Estruturas de Concreto Armado",92417,"MONTAGEM E DESMONTAGEM DE FÔRMA DE PILARES RETANGULARES E ESTRUTURAS SIMILARES, PÉ-DIREITO DUPLO, EM CHAPA DE MADEIRA COMPENSADA RESINADA, 2 UTILIZAÇÕES. AF_09/2020","M2",170.98,0]
["Fôrmas para Estruturas de Concreto Armado",92421,"MONTAGEM E DESMONTAGEM DE FÔRMA DE PILARES RETANGULARES E ESTRUTURAS SIMILARES, PÉ-DIREITO DUPLO, EM CHAPA DE MADEIRA COMPENSADA RESINADA, 4 UTILIZAÇÕES. AF_09/2020","M2",112.44,0]
["Fôrmas para Estruturas de Concreto Armado",92425,"MONTAGEM E DESMONTAGEM DE FÔRMA DE PILARES RETANGULARES E ESTRUTURAS SIMILARES, PÉ-DIREITO DUPLO, EM CHAPA DE MADEIRA COMPENSADA RESINADA, 6 UTILIZAÇÕES. AF_09/2020","M2",93.51,0]
["Fôrmas para Estruturas de Concreto Armado",92429,"MONTAGEM E DESMONTAGEM DE FÔRMA DE PILARES RETANGULARES E ESTRUTURAS SIMILARES, PÉ-DIREITO DUPLO, EM CHAPA DE MADEIRA COMPENSADA RESINADA, 8 UTILIZAÇÕES. AF_09/2020","M2",83.97,0]
["Fôrmas para Estruturas de Concreto Armado",92431,"MONTAGEM E DESMONTAGEM DE FÔRMA DE PILARES RETANGULARES E ESTRUTURAS SIMILARES, PÉ-DIREITO SIMPLES, EM CHAPA DE MADEIRA COMPENSADA PLASTIFICADA, 10 UTILIZAÇÕES. AF_09/2020","M2",64.05,0]
["Fôrmas para Estruturas de Concreto Armado",92435,"MONTAGEM E DESMONTAGEM DE FÔRMA DE PILARES RETANGULARES E ESTRUTURAS SIMILARES, PÉ-DIREITO SIMPLES, EM CHAPA DE MADEIRA COMPENSADA PLASTIFICADA, 12 UTILIZAÇÕES. AF_09/2020","M2",60.99,0]
["Fôrmas para Estruturas de Concreto Armado",92439,"MONTAGEM E DESMONTAGEM DE FÔRMA DE PILARES RETANGULARES E ESTRUTURAS SIMILARES, PÉ-DIREITO SIMPLES, EM CHAPA DE MADEIRA COMPENSADA PLASTIFICADA, 14 UTILIZAÇÕES. AF_09/2020","M2",58.79,0]
["Fôrmas para Estruturas de Concreto Armado",92443,"MONTAGEM E DESMONTAGEM DE FÔRMA DE PILARES RETANGULARES E ESTRUTURAS SIMILARES, PÉ-DIREITO SIMPLES, EM CHAPA DE MADEIRA COMPENSADA PLASTIFICADA, 18 UTILIZAÇÕES. AF_09/2020","M2",54.11,0]
["Fôrmas para Estruturas de Concreto Armado",92415,"MONTAGEM E DESMONTAGEM DE FÔRMA DE PILARES RETANGULARES E ESTRUTURAS SIMILARES, PÉ-DIREITO SIMPLES, EM CHAPA DE MADEIRA COMPENSADA RESINADA, 2 UTILIZAÇÕES. AF_09/2020","M2",146.27000000000001,0]
["Fôrmas para Estruturas de Concreto Armado",92419,"MONTAGEM E DESMONTAGEM DE FÔRMA DE PILARES RETANGULARES E ESTRUTURAS SIMILARES, PÉ-DIREITO SIMPLES, EM CHAPA DE MADEIRA COMPENSADA RESINADA, 4 UTILIZAÇÕES. AF_09/2020","M2",93.49,0]
["Fôrmas para Estruturas de Concreto Armado",92423,"MONTAGEM E DESMONTAGEM DE FÔRMA DE PILARES RETANGULARES E ESTRUTURAS SIMILARES, PÉ-DIREITO SIMPLES, EM CHAPA DE MADEIRA COMPENSADA RESINADA, 6 UTILIZAÇÕES. AF_09/2020","M2",77.03,0]
["Fôrmas para Estruturas de Concreto Armado",92427,"MONTAGEM E DESMONTAGEM DE FÔRMA DE PILARES RETANGULARES E ESTRUTURAS SIMILARES, PÉ-DIREITO SIMPLES, EM CHAPA DE MADEIRA COMPENSADA RESINADA, 8 UTILIZAÇÕES. AF_09/2020","M2",68.69,0]
["Fôrmas para Estruturas de Concreto Armado",92409,"MONTAGEM E DESMONTAGEM DE FÔRMA DE PILARES RETANGULARES E ESTRUTURAS SIMILARES, PÉ-DIREITO SIMPLES, EM MADEIRA SERRADA, 1 UTILIZAÇÃO. AF_09/2020","M2",267.83999999999997,0]
["Fôrmas para Estruturas de Concreto Armado",92411,"MONTAGEM E DESMONTAGEM DE FÔRMA DE PILARES RETANGULARES E ESTRUTURAS SIMILARES, PÉ-DIREITO SIMPLES, EM MADEIRA SERRADA, 2 UTILIZAÇÕES. AF_09/2020","M2",176.76,0]
["Fôrmas para Estruturas de Concreto Armado",92413,"MONTAGEM E DESMONTAGEM DE FÔRMA DE PILARES RETANGULARES E ESTRUTURAS SIMILARES, PÉ-DIREITO SIMPLES, EM MADEIRA SERRADA, 4 UTILIZAÇÕES. AF_09/2020","M2",114.7,0]
["Fôrmas para Estruturas de Concreto Armado",92465,"MONTAGEM E DESMONTAGEM DE FÔRMA DE VIGA, ESCORAMENTO COM GARFO DE MADEIRA, PÉ-DIREITO DUPLO, EM CHAPA DE MADEIRA PLASTIFICADA, 10 UTILIZAÇÕES. AF_09/2020","M2",161.88999999999999,0]
["Fôrmas para Estruturas de Concreto Armado",92469,"MONTAGEM E DESMONTAGEM DE FÔRMA DE VIGA, ESCORAMENTO COM GARFO DE MADEIRA, PÉ-DIREITO DUPLO, EM CHAPA DE MADEIRA PLASTIFICADA, 12 UTILIZAÇÕES. AF_09/2020","M2",147.44999999999999,0]
["Fôrmas para Estruturas de Concreto Armado",92473,"MONTAGEM E DESMONTAGEM DE FÔRMA DE VIGA, ESCORAMENTO COM GARFO DE MADEIRA, PÉ-DIREITO DUPLO, EM CHAPA DE MADEIRA PLASTIFICADA, 14 UTILIZAÇÕES. AF_09/2020","M2",135.75,0]
["Fôrmas para Estruturas de Concreto Armado",92477,"MONTAGEM E DESMONTAGEM DE FÔRMA DE VIGA, ESCORAMENTO COM GARFO DE MADEIRA, PÉ-DIREITO DUPLO, EM CHAPA DE MADEIRA PLASTIFICADA, 18 UTILIZAÇÕES. AF_09/2020","M2",110.73,0]
["Fôrmas para Estruturas de Concreto Armado",92449,"MONTAGEM E DESMONTAGEM DE FÔRMA DE VIGA, ESCORAMENTO COM GARFO DE MADEIRA, PÉ-DIREITO DUPLO, EM CHAPA DE MADEIRA RESINADA, 2 UTILIZAÇÕES. AF_09/2020","M2",294.02,0]
["Fôrmas para Estruturas de Concreto Armado",92453,"MONTAGEM E DESMONTAGEM DE FÔRMA DE VIGA, ESCORAMENTO COM GARFO DE MADEIRA, PÉ-DIREITO DUPLO, EM CHAPA DE MADEIRA RESINADA, 4 UTILIZAÇÕES. AF_09/2020","M2",253.27,0]
["Fôrmas para Estruturas de Concreto Armado",92457,"MONTAGEM E DESMONTAGEM DE FÔRMA DE VIGA, ESCORAMENTO COM GARFO DE MADEIRA, PÉ-DIREITO DUPLO, EM CHAPA DE MADEIRA RESINADA, 6 UTILIZAÇÕES. AF_09/2020","M2",220.97,0]
["Fôrmas para Estruturas de Concreto Armado",92461,"MONTAGEM E DESMONTAGEM DE FÔRMA DE VIGA, ESCORAMENTO COM GARFO DE MADEIRA, PÉ-DIREITO DUPLO, EM CHAPA DE MADEIRA RESINADA, 8 UTILIZAÇÕES. AF_09/2020","M2",204.52,0]
["Fôrmas para Estruturas de Concreto Armado",92467,"MONTAGEM E DESMONTAGEM DE FÔRMA DE VIGA, ESCORAMENTO COM GARFO DE MADEIRA, PÉ-DIREITO SIMPLES, EM CHAPA DE MADEIRA PLASTIFICADA, 10 UTILIZAÇÕES. AF_09/2020","M2",102.92,0]
["Fôrmas para Estruturas de Concreto Armado",92471,"MONTAGEM E DESMONTAGEM DE FÔRMA DE VIGA, ESCORAMENTO COM GARFO DE MADEIRA, PÉ-DIREITO SIMPLES, EM CHAPA DE MADEIRA PLASTIFICADA, 12 UTILIZAÇÕES. AF_09/2020","M2",93.87,0]
["Fôrmas para Estruturas de Concreto Armado",92475,"MONTAGEM E DESMONTAGEM DE FÔRMA DE VIGA, ESCORAMENTO COM GARFO DE MADEIRA, PÉ-DIREITO SIMPLES, EM CHAPA DE MADEIRA PLASTIFICADA, 14 UTILIZAÇÕES. AF_09/2020","M2",86.52,0]
["Fôrmas para Estruturas de Concreto Armado",92479,"MONTAGEM E DESMONTAGEM DE FÔRMA DE VIGA, ESCORAMENTO COM GARFO DE MADEIRA, PÉ-DIREITO SIMPLES, EM CHAPA DE MADEIRA PLASTIFICADA, 18 UTILIZAÇÕES. AF_09/2020","M2",70.81,0]
["Fôrmas para Estruturas de Concreto Armado",92451,"MONTAGEM E DESMONTAGEM DE FÔRMA DE VIGA, ESCORAMENTO COM GARFO DE MADEIRA, PÉ-DIREITO SIMPLES, EM CHAPA DE MADEIRA RESINADA, 2 UTILIZAÇÕES. AF_09/2020","M2",196.87,0]
["Fôrmas para Estruturas de Concreto Armado",92455,"MONTAGEM E DESMONTAGEM DE FÔRMA DE VIGA, ESCORAMENTO COM GARFO DE MADEIRA, PÉ-DIREITO SIMPLES, EM CHAPA DE MADEIRA RESINADA, 4 UTILIZAÇÕES. AF_09/2020","M2",162.44999999999999,0]
["Fôrmas para Estruturas de Concreto Armado",92459,"MONTAGEM E DESMONTAGEM DE FÔRMA DE VIGA, ESCORAMENTO COM GARFO DE MADEIRA, PÉ-DIREITO SIMPLES, EM CHAPA DE MADEIRA RESINADA, 6 UTILIZAÇÕES. AF_09/2020","M2",138.72999999999999,0]
["Fôrmas para Estruturas de Concreto Armado",92463,"MONTAGEM E DESMONTAGEM DE FÔRMA DE VIGA, ESCORAMENTO COM GARFO DE MADEIRA, PÉ-DIREITO SIMPLES, EM CHAPA DE MADEIRA RESINADA, 8 UTILIZAÇÕES. AF_09/2020","M2",126.25,0]
["Fôrmas para Estruturas de Concreto Armado",92446,"MONTAGEM E DESMONTAGEM DE FÔRMA DE VIGA, ESCORAMENTO COM PONTALETE DE MADEIRA, PÉ-DIREITO SIMPLES, EM MADEIRA SERRADA, 1 UTILIZAÇÃO. AF_09/2020","M2",325.73,0]
["Fôrmas para Estruturas de Concreto Armado",92447,"MONTAGEM E DESMONTAGEM DE FÔRMA DE VIGA, ESCORAMENTO COM PONTALETE DE MADEIRA, PÉ-DIREITO SIMPLES, EM MADEIRA SERRADA, 2 UTILIZAÇÕES. AF_09/2020","M2",226.76,0]
["Fôrmas para Estruturas de Concreto Armado",92448,"MONTAGEM E DESMONTAGEM DE FÔRMA DE VIGA, ESCORAMENTO COM PONTALETE DE MADEIRA, PÉ-DIREITO SIMPLES, EM MADEIRA SERRADA, 4 UTILIZAÇÕES. AF_09/2020","M2",178.31,0]
["Fôrmas para Estruturas de Concreto Armado",92466,"MONTAGEM E DESMONTAGEM DE FÔRMA DE VIGA, ESCORAMENTO METÁLICO, PÉ-DIREITO DUPLO, EM CHAPA DE MADEIRA PLASTIFICADA, 10 UTILIZAÇÕES. AF_09/2020","M2",265.54000000000002,0]
["Fôrmas para Estruturas de Concreto Armado",92470,"MONTAGEM E DESMONTAGEM DE FÔRMA DE VIGA, ESCORAMENTO METÁLICO, PÉ-DIREITO DUPLO, EM CHAPA DE MADEIRA PLASTIFICADA, 12 UTILIZAÇÕES. AF_09/2020","M2",258.55,0]
["Fôrmas para Estruturas de Concreto Armado",92474,"MONTAGEM E DESMONTAGEM DE FÔRMA DE VIGA, ESCORAMENTO METÁLICO, PÉ-DIREITO DUPLO, EM CHAPA DE MADEIRA PLASTIFICADA, 14 UTILIZAÇÕES. AF_09/2020","M2",252.5,0]
["Fôrmas para Estruturas de Concreto Armado",92478,"MONTAGEM E DESMONTAGEM DE FÔRMA DE VIGA, ESCORAMENTO METÁLICO, PÉ-DIREITO DUPLO, EM CHAPA DE MADEIRA PLASTIFICADA, 18 UTILIZAÇÕES. AF_09/2020","M2",240.64,0]
["Fôrmas para Estruturas de Concreto Armado",92450,"MONTAGEM E DESMONTAGEM DE FÔRMA DE VIGA, ESCORAMENTO METÁLICO, PÉ-DIREITO DUPLO, EM CHAPA DE MADEIRA RESINADA, 2 UTILIZAÇÕES. AF_09/2020","M2",335.99,0]
["Fôrmas para Estruturas de Concreto Armado",92454,"MONTAGEM E DESMONTAGEM DE FÔRMA DE VIGA, ESCORAMENTO METÁLICO, PÉ-DIREITO DUPLO, EM CHAPA DE MADEIRA RESINADA, 4 UTILIZAÇÕES. AF_09/2020","M2",304.99,0]
["Fôrmas para Estruturas de Concreto Armado",92458,"MONTAGEM E DESMONTAGEM DE FÔRMA DE VIGA, ESCORAMENTO METÁLICO, PÉ-DIREITO DUPLO, EM CHAPA DE MADEIRA RESINADA, 6 UTILIZAÇÕES. AF_09/2020","M2",285.58999999999997,0]
["Fôrmas para Estruturas de Concreto Armado",92462,"MONTAGEM E DESMONTAGEM DE FÔRMA DE VIGA, ESCORAMENTO METÁLICO, PÉ-DIREITO DUPLO, EM CHAPA DE MADEIRA RESINADA, 8 UTILIZAÇÕES. AF_09/2020","M2",273.20999999999998,0]
["Fôrmas para Estruturas de Concreto Armado",92468,"MONTAGEM E DESMONTAGEM DE FÔRMA DE VIGA, ESCORAMENTO METÁLICO, PÉ-DIREITO SIMPLES, EM CHAPA DE MADEIRA PLASTIFICADA, 10 UTILIZAÇÕES. AF_09/2020","M2",121.95,0]
["Fôrmas para Estruturas de Concreto Armado",92472,"MONTAGEM E DESMONTAGEM DE FÔRMA DE VIGA, ESCORAMENTO METÁLICO, PÉ-DIREITO SIMPLES, EM CHAPA DE MADEIRA PLASTIFICADA, 12 UTILIZAÇÕES. AF_09/2020","M2",115.82,0]
["Fôrmas para Estruturas de Concreto Armado",92476,"MONTAGEM E DESMONTAGEM DE FÔRMA DE VIGA, ESCORAMENTO METÁLICO, PÉ-DIREITO SIMPLES, EM CHAPA DE MADEIRA PLASTIFICADA, 14 UTILIZAÇÕES. AF_09/2020","M2",110.6,0]
["Fôrmas para Estruturas de Concreto Armado",92480,"MONTAGEM E DESMONTAGEM DE FÔRMA DE VIGA, ESCORAMENTO METÁLICO, PÉ-DIREITO SIMPLES, EM CHAPA DE MADEIRA PLASTIFICADA, 18 UTILIZAÇÕES. AF_09/2020","M2",100.21,0]
["Fôrmas para Estruturas de Concreto Armado",92452,"MONTAGEM E DESMONTAGEM DE FÔRMA DE VIGA, ESCORAMENTO METÁLICO, PÉ-DIREITO SIMPLES, EM CHAPA DE MADEIRA RESINADA, 2 UTILIZAÇÕES. AF_09/2020","M2",192.54,0]
["Fôrmas para Estruturas de Concreto Armado",92456,"MONTAGEM E DESMONTAGEM DE FÔRMA DE VIGA, ESCORAMENTO METÁLICO, PÉ-DIREITO SIMPLES, EM CHAPA DE MADEIRA RESINADA, 4 UTILIZAÇÕES. AF_09/2020","M2",160.82,0]
["Fôrmas para Estruturas de Concreto Armado",92460,"MONTAGEM E DESMONTAGEM DE FÔRMA DE VIGA, ESCORAMENTO METÁLICO, PÉ-DIREITO SIMPLES, EM CHAPA DE MADEIRA RESINADA, 6 UTILIZAÇÕES. AF_09/2020","M2",135.30000000000001,0]
["Fôrmas para Estruturas de Concreto Armado",92464,"MONTAGEM E DESMONTAGEM DE FÔRMA DE VIGA, ESCORAMENTO METÁLICO, PÉ-DIREITO SIMPLES, EM CHAPA DE MADEIRA RESINADA, 8 UTILIZAÇÕES. AF_09/2020","M2",129.38,0]
["Fôrmas para Pilares Circulares",105403,"FABRICAÇÃO DE FÔRMA PARA PILARES CIRCULARES, EM CHAPA DE MADEIRA COMPENSADA RESINADA, PÉ-DIREITO DUPLO. AF_05/2024","M2",190.62,0]
["Fôrmas para Pilares Circulares",96252,"FABRICAÇÃO DE FÔRMA PARA PILARES CIRCULARES, EM CHAPA DE MADEIRA COMPENSADA RESINADA, PÉ-DIREITO SIMPLES. AF_05/2024","M2",159.88,0]
["Fôrmas para Pilares Circulares",96254,"MONTAGEM E DESMONTAGEM DE FÔRMA DE PILARES CIRCULARES, COM ÁREA MÉDIA DAS SEÇÕES MAIOR QUE 0,28 M², EM PAPELÃO. AF_05/2024","M",0]
["Fôrmas para Pilares Circulares",96253,"MONTAGEM E DESMONTAGEM DE FÔRMA DE PILARES CIRCULARES, COM ÁREA MÉDIA DAS SEÇÕES MENOR OU IGUAL A 0,28 M², EM PAPELÃO. AF_05/2024","M",0]
["Fôrmas para Pilares Circulares",105406,"MONTAGEM E DESMONTAGEM DE FÔRMA DE PILARES CIRCULARES, PÉ-DIREITO DUPLO, EM MADEIRA, 2 UTILIZAÇÕES. AF_05/2024","M2",204.88,0]
["Fôrmas para Pilares Circulares",96264,"MONTAGEM E DESMONTAGEM DE FÔRMA DE PILARES CIRCULARES, PÉ-DIREITO DUPLO, METÁLICA. AF_05/2024","M2",0]
["Fôrmas para Pilares Circulares",105405,"MONTAGEM E DESMONTAGEM DE FÔRMA DE PILARES CIRCULARES, PÉ-DIREITO DUPLO, PLÁSTICA. AF_05/2024","M2",0]
["Fôrmas para Pilares Circulares",96258,"MONTAGEM E DESMONTAGEM DE FÔRMA DE PILARES CIRCULARES, PÉ-DIREITO SIMPLES, EM MADEIRA, 2 UTILIZAÇÕES. AF_05/2024","M2",149.06,0]
["Fôrmas para Pilares Circulares",96262,"MONTAGEM E DESMONTAGEM DE FÔRMA DE PILARES CIRCULARES, PÉ-DIREITO SIMPLES, METÁLICA. AF_05/2024","M2",0]
["Fôrmas para Pilares Circulares",105404,"MONTAGEM E DESMONTAGEM DE FÔRMA DE PILARES CIRCULARES, PÉ-DIREITO SIMPLES, PLÁSTICA. AF_05/2024","M2",0]
["Gabiões - Execução de Muro e Proteção Superficial",92751,"MURO DE GABIÃO, ENCHIMENTO COM PEDRA DE MÃO TIPO RACHÃO, COM SOLO REFORÇADO, PARA MUROS COM ALTURA MAIOR QUE 12 M E MENOR OU IGUAL A 20 M - FORNECIMENTO E EXECUÇÃO. AF_03/2024","M3",1642.66,0]
["Gabiões - Execução de Muro e Proteção Superficial",92752,"MURO DE GABIÃO, ENCHIMENTO COM PEDRA DE MÃO TIPO RACHÃO, COM SOLO REFORÇADO, PARA MUROS COM ALTURA MAIOR QUE 20 M E MENOR OU IGUAL A 28 M - FORNECIMENTO E EXECUÇÃO. AF_03/2024","M3",1938.67,0]
["Gabiões - Execução de Muro e Proteção Superficial",92750,"MURO DE GABIÃO, ENCHIMENTO COM PEDRA DE MÃO TIPO RACHÃO, COM SOLO REFORÇADO, PARA MUROS COM ALTURA MAIOR QUE 4 M E MENOR OU IGUAL A 12 M - FORNECIMENTO E EXECUÇÃO. AF_03/2024","M3",1344.1,0]
["Gabiões - Execução de Muro e Proteção Superficial",92749,"MURO DE GABIÃO, ENCHIMENTO COM PEDRA DE MÃO TIPO RACHÃO, COM SOLO REFORÇADO, PARA MUROS COM ALTURA MENOR OU IGUAL A 4 M - FORNECIMENTO E EXECUÇÃO. AF_03/2024","M3",832.98,0]
["Gabiões - Execução de Muro e Proteção Superficial",92745,"MURO DE GABIÃO, ENCHIMENTO COM PEDRA DE MÃO TIPO RACHÃO, DE GRAVIDADE, COM GAIOLAS DE COMPRIMENTO IGUAL A 2 M, PARA MUROS COM ALTURA MAIOR QUE 4 M E MENOR OU IGUAL A 6 M - FORNECIMENTO E EXECUÇÃO. AF_03/2024","M3",721.5,0]
["Gabiões - Execução de Muro e Proteção Superficial",92747,"MURO DE GABIÃO, ENCHIMENTO COM PEDRA DE MÃO TIPO RACHÃO, DE GRAVIDADE, COM GAIOLAS DE COMPRIMENTO IGUAL A 2 M, PARA MUROS COM ALTURA MAIOR QUE 6 M E MENOR OU IGUAL A 10 M - FORNECIMENTO E EXECUÇÃO. AF_03/2024","M3",796.16,0]
["Gabiões - Execução de Muro e Proteção Superficial",92743,"MURO DE GABIÃO, ENCHIMENTO COM PEDRA DE MÃO TIPO RACHÃO, DE GRAVIDADE, COM GAIOLAS DE COMPRIMENTO IGUAL A 2 M, PARA MUROS COM ALTURA MENOR OU IGUAL A 4 M - FORNECIMENTO E EXECUÇÃO. AF_03/2024","M3",603.59,0]
["Gabiões - Execução de Muro e Proteção Superficial",92746,"MURO DE GABIÃO, ENCHIMENTO COM PEDRA DE MÃO TIPO RACHÃO, DE GRAVIDADE, COM GAIOLAS DE COMPRIMENTO IGUAL A 5 M, PARA MUROS COM ALTURA MAIOR QUE 4 M E MENOR OU IGUAL A 6 M - FORNECIMENTO E EXECUÇÃO. AF_03/2024","M3",639.71,0]
["Gabiões - Execução de Muro e Proteção Superficial",92748,"MURO DE GABIÃO, ENCHIMENTO COM PEDRA DE MÃO TIPO RACHÃO, DE GRAVIDADE, COM GAIOLAS DE COMPRIMENTO IGUAL A 5 M, PARA MUROS COM ALTURA MAIOR QUE 6 M E MENOR OU IGUAL A 10 M- FORNECIMENTO E EXECUÇÃO. AF_03/2024","M3",700.11,0]
["Gabiões - Execução de Muro e Proteção Superficial",92744,"MURO DE GABIÃO, ENCHIMENTO COM PEDRA DE MÃO TIPO RACHÃO, DE GRAVIDADE, COM GAIOLAS DE COMPRIMENTO IGUAL A 5 M, PARA MUROS COM ALTURA MENOR OU IGUAL A 4 M - FORNECIMENTO E EXECUÇÃO. AF_03/2024","M3",540.36,0]
["Gabiões - Execução de Muro e Proteção Superficial",92754,"MURO DE GABIÃO, ENCHIMENTO COM RESÍDUO DE CONSTRUÇÃO E DEMOLIÇÃO, DE GRAVIDADE, COM GAIOLA TRAPEZOIDAL DE COMPRIMENTO IGUAL A 2 M, PARA MUROS COM ALTURA MAIOR QUE 2 M E MENOR OU IGUAL A 4 M - FORNECIMENTO E EXECUÇÃO. AF_03/2024","M3",550.51,0.14169999999999999]
["Gabiões - Execução de Muro e Proteção Superficial",92753,"MURO DE GABIÃO, ENCHIMENTO COM RESÍDUO DE CONSTRUÇÃO E DEMOLIÇÃO, DE GRAVIDADE, COM GAIOLA TRAPEZOIDAL DE COMPRIMENTO IGUAL A 2 M, PARA MUROS COM ALTURA MENOR OU IGUAL A 2 M - FORNECIMENTO E EXECUÇÃO. AF_03/2024","M3",558.6,0.1396]
["Gabiões - Execução de Muro e Proteção Superficial",92755,"PROTEÇÃO SUPERFICIAL DE CANAL EM GABIÃO TIPO COLCHÃO, ALTURA DE 17 CENTÍMETROS, ENCHIMENTO COM PEDRA DE MÃO TIPO RACHÃO - FORNECIMENTO E EXECUÇÃO. AF_03/2024","M2",216.02,0]
["Gabiões - Execução de Muro e Proteção Superficial",92756,"PROTEÇÃO SUPERFICIAL DE CANAL EM GABIÃO TIPO COLCHÃO, ALTURA DE 23 CENTÍMETROS, ENCHIMENTO COM PEDRA DE MÃO TIPO RACHÃO - FORNECIMENTO E EXECUÇÃO. AF_03/2024","M2",249.77,0]
["Gabiões - Execução de Muro e Proteção Superficial",92757,"PROTEÇÃO SUPERFICIAL DE CANAL EM GABIÃO TIPO COLCHÃO, ALTURA DE 30 CENTÍMETROS, ENCHIMENTO COM PEDRA DE MÃO TIPO RACHÃO - FORNECIMENTO E EXECUÇÃO. AF_03/2024","M2",290.04000000000002,0]
["Gabiões - Execução de Muro e Proteção Superficial",92758,"PROTEÇÃO SUPERFICIAL DE CANAL EM GABIÃO TIPO SACO, DIÂMETRO DE 65 CENTÍMETROS, ENCHIMENTO MANUAL COM PEDRA DE MÃO TIPO RACHÃO - FORNECIMENTO E EXECUÇÃO. AF_03/2024","M3",578.91,0]
["Galerias com Aduelas de Concreto",104500,"ADUELA/ GALERIA ABERTA PRE-MOLDADA DE CONCRETO ARMADO, SECAO QUADRANGULAR INTERNA DE 1,50 X 1,50 M (L X A), MISULA DE 20 X 20 CM, C = 1,00 M, ESPESSURA MIN = 15 CM, TB-45 E FCK DO CONCRETO = 30 MPA FORNECIMENTO E ASSENTAMENTO. AF_01/2023","M",0]
["Galerias com Aduelas de Concreto",104503,"ADUELA/ GALERIA ABERTA PRE-MOLDADA DE CONCRETO ARMADO, SECAO QUADRANGULAR INTERNA DE 2,00 X 2,00 M (L X A), MISULA DE 20 X 20 CM, C = 1,00 M, ESPESSURA MIN = 15 CM, TB-45 E FCK DO CONCRETO = 30 MPA FORNECIMENTO E ASSENTAMENTO. AF_01/2023","M",0]
["Galerias com Aduelas de Concreto",104504,"ADUELA/ GALERIA ABERTA PRE-MOLDADA DE CONCRETO ARMADO, SECAO QUADRANGULAR INTERNA DE 2,00 X 2,00 M (L X A), MISULA DE 20 X 20 CM, C = 1,00 M, ESPESSURA MIN = 20 CM, TB-45 E FCK DO CONCRETO = 30 MPA FORNECIMENTO E ASSENTAMENTO. AF_01/2023","M",0]
["Galerias com Aduelas de Concreto",104507,"ADUELA/ GALERIA ABERTA PRE-MOLDADA DE CONCRETO ARMADO, SECAO QUADRANGULAR INTERNA DE 2,50 X 2,50 M (L X A), MISULA DE 20 X 20 CM, C = 1,00 M, ESPESSURA MIN = 15 CM, TB-45 E FCK DO CONCRETO = 30 MPA FORNECIMENTO E ASSENTAMENTO. AF_01/2023","M",0]
["Galerias com Aduelas de Concreto",104508,"ADUELA/ GALERIA ABERTA PRE-MOLDADA DE CONCRETO ARMADO, SECAO QUADRANGULAR INTERNA DE 2,50 X 2,50 M (L X A), MISULA DE 20 X 20 CM, C = 1,00 M, ESPESSURA MIN = 20 CM, TB-45 E FCK DO CONCRETO = 30 MPA FORNECIMENTO E ASSENTAMENTO. AF_01/2023","M",0]
["Galerias com Aduelas de Concreto",104509,"ADUELA/ GALERIA ABERTA PRE-MOLDADA DE CONCRETO ARMADO, SECAO QUADRANGULAR INTERNA DE 2,50 X 2,50 M (L X A), MISULA DE 20 X 20 CM, C = 1,00 M, ESPESSURA MIN = 25 CM, TB-45 E FCK DO CONCRETO = 30 MPA FORNECIMENTO E ASSENTAMENTO. AF_01/2023","M",0]
["Galerias com Aduelas de Concreto",104512,"ADUELA/ GALERIA ABERTA PRE-MOLDADA DE CONCRETO ARMADO, SECAO QUADRANGULAR INTERNA DE 3,00 X 3,00 M (L X A), MISULA DE 20 X 20 CM, C = 1,00 M, ESPESSURA MIN = 20 CM, TB-45 E FCK DO CONCRETO = 30 MPA FORNECIMENTO E ASSENTAMENTO. AF_01/2023","M",0]
["Galerias com Aduelas de Concreto",104513,"ADUELA/ GALERIA ABERTA PRE-MOLDADA DE CONCRETO ARMADO, SECAO QUADRANGULAR INTERNA DE 3,00 X 3,00 M (L X A), MISULA DE 20 X 20 CM, C = 1,00 M, ESPESSURA MIN = 25 CM, TB-45 E FCK DO CONCRETO = 30 MPA FORNECIMENTO E ASSENTAMENTO. AF_01/2023","M",0]
["Galerias com Aduelas de Concreto",104514,"ADUELA/ GALERIA ABERTA PRE-MOLDADA DE CONCRETO ARMADO, SECAO QUADRANGULAR INTERNA DE 3,00 X 3,00 M (L X A), MISULA DE 20 X 20 CM, C = 1,00 M, ESPESSURA MIN = 35 CM, TB-45 E FCK DO CONCRETO = 30 MPA FORNECIMENTO E ASSENTAMENTO. AF_01/2023","M",0]
["Galerias com Aduelas de Concreto",104501,"ADUELA/ GALERIA ABERTA PRE-MOLDADA DE CONCRETO ARMADO, SECAO RETANGULAR INTERNA DE 2,00 X 1,50 M (L X A), MISULA DE 20 X 20 CM, C = 1,00 M, ESPESSURA MIN = 20 CM, TB-45 E FCK DO CONCRETO = 30 MPA FORNECIMENTO E ASSENTAMENTO. AF_01/2023","M",0]
["Galerias com Aduelas de Concreto",104502,"ADUELA/ GALERIA ABERTA PRE-MOLDADA DE CONCRETO ARMADO, SECAO RETANGULAR INTERNA DE 2,50 X 1,50 M (L X A), MISULA DE 20 X 20 CM, C = 1,00 M, ESPESSURA MIN = 15 CM, TB-45 E FCK DO CONCRETO = 30 MPA FORNECIMENTO E ASSENTAMENTO. AF_01/2023","M",0]
["Galerias com Aduelas de Concreto",104505,"ADUELA/ GALERIA ABERTA PRE-MOLDADA DE CONCRETO ARMADO, SECAO RETANGULAR INTERNA DE 2,50 X 2,00 M (L X A), MISULA DE 20 X 20 CM, C = 1,00 M, ESPESSURA MIN = 15 CM, TB-45 E FCK DO CONCRETO = 30 MPA FORNECIMENTO E ASSENTAMENTO. AF_01/2023","M",0]
["Galerias com Aduelas de Concreto",104506,"ADUELA/ GALERIA ABERTA PRE-MOLDADA DE CONCRETO ARMADO, SECAO RETANGULAR INTERNA DE 2,50 X 2,00 M (L X A), MISULA DE 20 X 20 CM, C = 1,00 M, ESPESSURA MIN = 20 CM, TB-45 E FCK DO CONCRETO = 30 MPA FORNECIMENTO E ASSENTAMENTO. AF_01/2023","M",0]
["Galerias com Aduelas de Concreto",104510,"ADUELA/ GALERIA ABERTA PRE-MOLDADA DE CONCRETO ARMADO, SECAO RETANGULAR INTERNA DE 3,00 X 2,00 M (L X A), MISULA DE 20 X 20 CM, C = 1,00 M, ESPESSURA MIN = 15 CM, TB-45 E FCK DO CONCRETO = 30 MPA FORNECIMENTO E ASSENTAMENTO. AF_01/2023","M",0]
["Galerias com Aduelas de Concreto",104511,"ADUELA/ GALERIA ABERTA PRE-MOLDADA DE CONCRETO ARMADO, SECAO RETANGULAR INTERNA DE 3,00 X 2,00 M (L X A), MISULA DE 20 X 20 CM, C = 1,00 M, ESPESSURA MIN = 20 CM, TB-45 E FCK DO CONCRETO = 30 MPA FORNECIMENTO E ASSENTAMENTO. AF_01/2023","M",0]
["Galerias com Aduelas de Concreto",104491,"ADUELA/ GALERIA FECHADA PRE-MOLDADA DE CONCRETO ARMADO, SECAO QUADRANGULAR INTERNA DE 1,50 X 1,50 M (L X A), MISULA DE 20 X 20 CM, C = 1,00 M, ESPESSURA MIN = 15 CM, TB-45 E FCK DO CONCRETO = 30 MPA FORNECIMENTO E ASSENTAMENTO. AF_01/2023","M",3253.73,2.5999999999999999E-3]
["Galerias com Aduelas de Concreto",104492,"ADUELA/ GALERIA FECHADA PRE-MOLDADA DE CONCRETO ARMADO, SECAO QUADRANGULAR INTERNA DE 2,00 X 2,00 M (L X A), MISULA DE 20 X 20 CM, C = 1,00 M, ESPESSURA MIN = 15 CM, TB-45 E FCK DO CONCRETO = 30 MPA FORNECIMENTO E ASSENTAMENTO. AF_01/2023","M",4067.16,2.0999999999999999E-3]
["Galerias com Aduelas de Concreto",104493,"ADUELA/ GALERIA FECHADA PRE-MOLDADA DE CONCRETO ARMADO, SECAO QUADRANGULAR INTERNA DE 2,00 X 2,00 M (L X A), MISULA DE 20 X 20 CM, C = 1,00 M, ESPESSURA MIN = 20 CM, TB-45 E FCK DO CONCRETO = 30 MPA FORNECIMENTO E ASSENTAMENTO. AF_01/2023","M",0]
["Galerias com Aduelas de Concreto",104494,"ADUELA/ GALERIA FECHADA PRE-MOLDADA DE CONCRETO ARMADO, SECAO QUADRANGULAR INTERNA DE 2,50 X 2,50 M (L X A), MISULA DE 20 X 20 CM, C = 1,00 M, ESPESSURA MIN = 15 CM, TB-45 E FCK DO CONCRETO = 30 MPA FORNECIMENTO E ASSENTAMENTO. AF_01/2023","M",5489.96,2.2000000000000001E-3]
["Galerias com Aduelas de Concreto",104495,"ADUELA/ GALERIA FECHADA PRE-MOLDADA DE CONCRETO ARMADO, SECAO QUADRANGULAR INTERNA DE 2,50 X 2,50 M (L X A), MISULA DE 20 X 20 CM, C = 1,00 M, ESPESSURA MIN = 20 CM, TB-45 E FCK DO CONCRETO = 30 MPA FORNECIMENTO E ASSENTAMENTO. AF_01/2023","M",0]
["Galerias com Aduelas de Concreto",104496,"ADUELA/ GALERIA FECHADA PRE-MOLDADA DE CONCRETO ARMADO, SECAO QUADRANGULAR INTERNA DE 2,50 X 2,50 M (L X A), MISULA DE 20 X 20 CM, C = 1,00 M, ESPESSURA MIN = 25 CM, TB-45 E FCK DO CONCRETO = 30 MPA FORNECIMENTO E ASSENTAMENTO. AF_01/2023","M",0]
["Galerias com Aduelas de Concreto",104497,"ADUELA/ GALERIA FECHADA PRE-MOLDADA DE CONCRETO ARMADO, SECAO QUADRANGULAR INTERNA DE 3,00 X 3,00 M (L X A), MISULA DE 20 X 20 CM, C = 1,00 M, ESPESSURA MIN = 20 CM, TB-45 E FCK DO CONCRETO = 30 MPA FORNECIMENTO E ASSENTAMENTO. AF_01/2023","M",6601.95,2.06E-2]
["Galerias com Aduelas de Concreto",104498,"ADUELA/ GALERIA FECHADA PRE-MOLDADA DE CONCRETO ARMADO, SECAO QUADRANGULAR INTERNA DE 3,00 X 3,00 M (L X A), MISULA DE 20 X 20 CM, C = 1,00 M, ESPESSURA MIN = 25 CM, TB-45 E FCK DO CONCRETO = 30 MPA FORNECIMENTO E ASSENTAMENTO. AF_01/2023","M",0]
["Galerias com Aduelas de Concreto",104499,"ADUELA/ GALERIA FECHADA PRE-MOLDADA DE CONCRETO ARMADO, SECAO QUADRANGULAR INTERNA DE 3,00 X 3,00 M (L X A), MISULA DE 20 X 20 CM, C = 1,00 M, ESPESSURA MIN = 35 CM, TB-45 E FCK DO CONCRETO = 30 MPA FORNECIMENTO E ASSENTAMENTO. AF_01/2023","M",0]
["Galerias com Aduelas de Concreto",104515,"APLICAÇÃO DE MANTA GEOTÊXTIL NAS JUNTAS RÍGIDAS DE ADUELAS PRÉ-MOLDADAS DE CONCRETO ARMADO. AF_01/2023","M2",26.55,0]
["Gesso",87430,"APLICAÇÃO DE GESSO PROJETADO COM EQUIPAMENTO DE PROJEÇÃO EM PAREDES, DESEMPENADO (SEM TALISCAS), ESPESSURA DE 0,5CM. AF_03/2023","M2",19.170000000000002,0]
["Gesso",87433,"APLICAÇÃO DE GESSO PROJETADO COM EQUIPAMENTO DE PROJEÇÃO EM PAREDES, DESEMPENADO (SEM TALISCAS), ESPESSURA DE 1,0CM. AF_03/2023","M2",27.33,0]
["Gesso",87436,"APLICAÇÃO DE GESSO PROJETADO COM EQUIPAMENTO DE PROJEÇÃO EM PAREDES, SARRAFEADO (COM TALISCAS), ESPESSURA DE 1,0CM. AF_03/2023","M2",31.38,0]
["Gesso",87439,"APLICAÇÃO DE GESSO PROJETADO COM EQUIPAMENTO DE PROJEÇÃO EM PAREDES, SARRAFEADO (COM TALISCAS), ESPESSURA DE 1,5CM. AF_03/2023","M2",38.270000000000003,0]
["Gesso",104633,"APLICAÇÃO MANUAL DE GESSO DESEMPENADO (SEM TALISCAS) EM PAREDES COM PÉ DIREITO DUPLO, ESPESSURA DE 0,5CM. AF_03/2023","M2",27.09,0]
["Gesso",104634,"APLICAÇÃO MANUAL DE GESSO DESEMPENADO (SEM TALISCAS) EM PAREDES COM PÉ DIREITO DUPLO, ESPESSURA DE 1,0CM. AF_03/2023","M2",39.590000000000003,0]
["Gesso",87418,"APLICAÇÃO MANUAL DE GESSO DESEMPENADO (SEM TALISCAS) EM PAREDES, ESPESSURA DE 0,5CM. AF_03/2023","M2",19.329999999999998,0]
["Gesso",87421,"APLICAÇÃO MANUAL DE GESSO DESEMPENADO (SEM TALISCAS) EM PAREDES, ESPESSURA DE 1,0CM. AF_03/2023","M2",29.25,0]
["Gesso",104628,"APLICAÇÃO MANUAL DE GESSO DESEMPENADO (SEM TALISCAS) EM TETO DE AMBIENTES COM PAREDES EM PÉ DIREITO DUPLO E ÁREA ENTRE 5M² E 10M², ESPESSURA DE 0,5CM. AF_03/2023","M2",30.9,0]
["Gesso",104631,"APLICAÇÃO MANUAL DE GESSO DESEMPENADO (SEM TALISCAS) EM TETO DE AMBIENTES COM PAREDES EM PÉ DIREITO DUPLO E ÁREA ENTRE 5M² E 10M², ESPESSURA DE 1,0CM. AF_03/2023","M2",41.64,0]
["Gesso",104627,"APLICAÇÃO MANUAL DE GESSO DESEMPENADO (SEM TALISCAS) EM TETO DE AMBIENTES COM PAREDES EM PÉ DIREITO DUPLO E ÁREA MAIOR QUE 10M², ESPESSURA DE 0,5CM. AF_03/2023","M2",19.309999999999999,0]
["Gesso",104630,"APLICAÇÃO MANUAL DE GESSO DESEMPENADO (SEM TALISCAS) EM TETO DE AMBIENTES COM PAREDES EM PÉ DIREITO DUPLO E ÁREA MAIOR QUE 10M², ESPESSURA DE 1,0CM. AF_03/2023","M2",30.05,0]
["Gesso",104629,"APLICAÇÃO MANUAL DE GESSO DESEMPENADO (SEM TALISCAS) EM TETO DE AMBIENTES COM PAREDES EM PÉ DIREITO DUPLO E ÁREA MENOR QUE 5M², ESPESSURA DE 0,5CM. AF_03/2023","M2",37.549999999999997,0]
["Gesso",104632,"APLICAÇÃO MANUAL DE GESSO DESEMPENADO (SEM TALISCAS) EM TETO DE AMBIENTES COM PAREDES EM PÉ DIREITO DUPLO E ÁREA MENOR QUE 5M², ESPESSURA DE 1,0CM. AF_03/2023","M2",48.29,0]
["Gesso",87412,"APLICAÇÃO MANUAL DE GESSO DESEMPENADO (SEM TALISCAS) EM TETO DE AMBIENTES DE ÁREA ENTRE 5M² E 10M², ESPESSURA DE 0,5CM. AF_03/2023","M2",25.43,0]
["Gesso",87415,"APLICAÇÃO MANUAL DE GESSO DESEMPENADO (SEM TALISCAS) EM TETO DE AMBIENTES DE ÁREA ENTRE 5M² E 10M², ESPESSURA DE 1,0CM. AF_03/2023","M2",34.94,0]
["Gesso",87411,"APLICAÇÃO MANUAL DE GESSO DESEMPENADO (SEM TALISCAS) EM TETO DE AMBIENTES DE ÁREA MAIOR QUE 10M², ESPESSURA DE 0,5CM. AF_03/2023","M2",16.5,0]
["Gesso",87414,"APLICAÇÃO MANUAL DE GESSO DESEMPENADO (SEM TALISCAS) EM TETO DE AMBIENTES DE ÁREA MAIOR QUE 10M², ESPESSURA DE 1,0CM. AF_03/2023","M2",26.01,0]
["Gesso",87413,"APLICAÇÃO MANUAL DE GESSO DESEMPENADO (SEM TALISCAS) EM TETO DE AMBIENTES DE ÁREA MENOR QUE 5M², ESPESSURA DE 0,5CM. AF_03/2023","M2",30.56,0]
["Gesso",87416,"APLICAÇÃO MANUAL DE GESSO DESEMPENADO (SEM TALISCAS) EM TETO DE AMBIENTES DE ÁREA MENOR QUE 5M², ESPESSURA DE 1,0CM. AF_03/2023","M2",40.07,0]
["Gesso",104635,"APLICAÇÃO MANUAL DE GESSO SARRAFEADO (COM TALISCAS) EM PAREDES COM PÉ DIREITO DUPLO, ESPESSURA DE 1,0CM. AF_03/2023","M2",55.72,0]
["Gesso",104636,"APLICAÇÃO MANUAL DE GESSO SARRAFEADO (COM TALISCAS) EM PAREDES COM PÉ DIREITO DUPLO, ESPESSURA DE 1,5CM. AF_03/2023","M2",64.41,0]
["Gesso",87424,"APLICAÇÃO MANUAL DE GESSO SARRAFEADO (COM TALISCAS) EM PAREDES, ESPESSURA DE 1,0CM. AF_03/2023","M2",39.229999999999997,0]
["Gesso",87427,"APLICAÇÃO MANUAL DE GESSO SARRAFEADO (COM TALISCAS) EM PAREDES, ESPESSURA DE 1,5CM. AF_03/2023","M2",46.13,0]
["Graute e Armação",89998,"ARMAÇÃO DE CINTA DE ALVENARIA ESTRUTURAL; DIÂMETRO DE 10,0 MM. AF_09/2021","KG",10.45,0]
["Graute e Armação",102920,"ARMAÇÃO DE CINTA DE ALVENARIA ESTRUTURAL; DIÂMETRO DE 12,5 MM. AF_09/2021","KG",8.5399999999999991,0]
["Graute e Armação",102923,"ARMAÇÃO DE CINTA DE ALVENARIA ESTRUTURAL; DIÂMETRO DE 16,0 MM. AF_09/2021","KG",7.97,0]
["Graute e Armação",90000,"ARMAÇÃO DE VERGA E CONTRAVERGA DE ALVENARIA ESTRUTURAL; DIÂMETRO DE 10,0 MM. AF_09/2021","KG",13.5,0]
["Graute e Armação",103088,"ARMAÇÃO DE VERGA E CONTRAVERGA DE ALVENARIA ESTRUTURAL; DIÂMETRO DE 12,5 MM. AF_09/2021","KG",10.49,0]
["Graute e Armação",102922,"ARMAÇÃO DE VERGA E CONTRAVERGA DE ALVENARIA ESTRUTURAL; DIÂMETRO DE 16,0 MM. AF_09/2021","KG",9.17,0]
["Graute e Armação",89999,"ARMAÇÃO DE VERGA E CONTRAVERGA DE ALVENARIA ESTRUTURAL; DIÂMETRO DE 8,0 MM. AF_09/2021","KG",16.98,0]
["Graute e Armação",89996,"ARMAÇÃO VERTICAL DE ALVENARIA ESTRUTURAL; DIÂMETRO DE 10,0 MM. AF_09/2021","KG",11.04,0]
["Graute e Armação",89997,"ARMAÇÃO VERTICAL DE ALVENARIA ESTRUTURAL; DIÂMETRO DE 12,5 MM. AF_09/2021","KG",8.91,0]
["Graute e Armação",102921,"ARMAÇÃO VERTICAL DE ALVENARIA ESTRUTURAL; DIÂMETRO DE 16,0 MM. AF_09/2021","KG",8.2100000000000009,0]
["Graute e Armação",90278,"GRAUTE FGK=15 MPA; TRAÇO 1:0,04:2,2:2,5 (EM MASSA SECA DE CIMENTO/CAL/AREIA GROSSA/BRITA 0) - PREPARO MECÂNICO COM BETONEIRA 400 L. AF_09/2021","M3",525.80999999999995,0]
["Graute e Armação",90282,"GRAUTE FGK=15 MPA; TRAÇO 1:2,2:2,5:0,3 (EM MASSA SECA DE CIMENTO/ AREIA GROSSA/ BRITA 0/ ADITIVO) - PREPARO MECÂNICO COM BETONEIRA 400 L. AF_09/2021","M3",506.24,0]
["Graute e Armação",90279,"GRAUTE FGK=20 MPA; TRAÇO 1:0,04:1,8:2,1 (EM MASSA SECA DE CIMENTO/ CAL/ AREIA GROSSA/ BRITA 0) - PREPARO MECÂNICO COM BETONEIRA 400 L. AF_09/2021","M3",576.41999999999996,0]
["Graute e Armação",90283,"GRAUTE FGK=20 MPA; TRAÇO 1:1,8:2,1:0,4 (EM MASSA SECA DE CIMENTO/ AREIA GROSSA/ BRITA 0/ ADITIVO) - PREPARO MECÂNICO COM BETONEIRA 400 L. AF_09/2021","M3",555.42999999999995,0]
["Graute e Armação",90280,"GRAUTE FGK=25 MPA; TRAÇO 1:0,02:1,3:1,6 (EM MASSA SECA DE CIMENTO/ CAL/ AREIA GROSSA/ BRITA 0) - PREPARO MECÂNICO COM BETONEIRA 400 L. AF_09/2021","M3",628.85,0]
["Graute e Armação",90284,"GRAUTE FGK=25 MPA; TRAÇO 1:1,3:1,6:0,4 (EM MASSA SECA DE CIMENTO/ AREIA GROSSA/ BRITA 0/ ADITIVO) - PREPARO MECÂNICO COM BETONEIRA 400 L. AF_09/2021","M3",613.94000000000005,0]
["Graute e Armação",90281,"GRAUTE FGK=30 MPA; TRAÇO 1:0,02:0,9:1,2 (EM MASSA SECA DE CIMENTO/ CAL/ AREIA GROSSA/ BRITA 0) - PREPARO MECÂNICO COM BETONEIRA 400 L. AF_09/2021","M3",721.94,0]
["Graute e Armação",90285,"GRAUTE FGK=30 MPA; TRAÇO 1:0,9:1,2:0,6 (EM MASSA SECA DE CIMENTO/ AREIA GROSSA/ BRITA 0/ ADITIVO) - PREPARO MECÂNICO COM BETONEIRA 400 L. AF_09/2021","M3",710.8,0]
["Graute e Armação",89994,"GRAUTEAMENTO DE CINTA INTERMEDIÁRIA OU DE CONTRAVERGA EM ALVENARIA ESTRUTURAL. AF_09/2021","M3",915.9,0]
["Graute e Armação",89995,"GRAUTEAMENTO DE CINTA SUPERIOR OU DE VERGA EM ALVENARIA ESTRUTURAL. AF_09/2021","M3",1033.79,0]
["Graute e Armação",89993,"GRAUTEAMENTO VERTICAL EM ALVENARIA ESTRUTURAL. AF_09/2021","M3",1074.29,0]
["Guarda-Corpo, Corrimão e Grade para Esquadrias",99860,"CORRIMÃO DUPLO, DIÂMETRO EXTERNO = 1 1/2\", EM ALUMÍNIO. AF_04/2019","M",0]
["Guarda-Corpo, Corrimão e Grade para Esquadrias",99858,"CORRIMÃO DUPLO, DIÂMETRO EXTERNO = 1 1/2\", EM AÇO GALVANIZADO. AF_04/2019","M",0]
["Guarda-Corpo, Corrimão e Grade para Esquadrias",99859,"CORRIMÃO DUPLO, DIÂMETRO EXTERNO = 1 1/2\", EM AÇO INOX. AF_04/2019","M",0]
["Guarda-Corpo, Corrimão e Grade para Esquadrias",99857,"CORRIMÃO SIMPLES, DIÂMETRO EXTERNO = 1 1/2\", EM ALUMÍNIO. AF_04/2019_PS","M",94.52,0.21629999999999999]
["Guarda-Corpo, Corrimão e Grade para Esquadrias",99855,"CORRIMÃO SIMPLES, DIÂMETRO EXTERNO = 1 1/2\", EM AÇO GALVANIZADO. AF_04/2019_PS","M",103.27,0]
["Guarda-Corpo, Corrimão e Grade para Esquadrias",99856,"CORRIMÃO SIMPLES, DIÂMETRO EXTERNO = 1 1/2\", EM AÇO INOX. AF_04/2019","M",0]
["Guarda-Corpo, Corrimão e Grade para Esquadrias",99862,"GRADIL EM ALUMÍNIO FIXADO EM VÃOS DE JANELAS, FORMADO POR TUBOS DE 3/4\". AF_04/2019","M2",636.37,0.28949999999999998]
["Guarda-Corpo, Corrimão e Grade para Esquadrias",99861,"GRADIL EM FERRO FIXADO EM VÃOS DE JANELAS, FORMADO POR BARRAS CHATAS DE 25X4,8 MM. AF_04/2019","M2",629.29999999999995,9.6100000000000005E-2]
["Guarda-Corpo, Corrimão e Grade para Esquadrias",99839,"GUARDA-CORPO DE AÇO GALVANIZADO DE 1,10M DE ALTURA, MONTANTES TUBULARES DE 1.1/2 ESPAÇADOS DE 1,20M, TRAVESSA SUPERIOR DE 2, GRADIL FORMADO POR BARRAS CHATAS EM FERRO DE 32X4,8MM, FIXADO COM CHUMBADOR MECÂNICO. AF_04/2019_PS","M",493.01,0]
["Guarda-Corpo, Corrimão e Grade para Esquadrias",99849,"GUARDA-CORPO DE AÇO GALVANIZADO DE 1,10M DE ALTURA,DUPLO CORRIMÃO, MONTANTES TUBULARES DE 1.1/2\" ESPAÇADOS 1,20M, TRAVESSA SUPERIOR DE 2\", GRADIL DE BARRAS CHATAS DE 32X4,8MM, FIXADO COM CHUMBADOR MECÂNICO. AF_04/2019","M",0]
["Guarda-Corpo, Corrimão e Grade para Esquadrias",99853,"GUARDA-CORPO DE AÇO GALVANIZADO DE 1,10M, DUPLO CORRIMÃO, MONTANTES TUBULARES DE 1.1/2\" ESPAÇADOS DE 1,20M, TRAVESSA SUPERIOR DE 2\", GRADIL DE BARRAS CHATAS DE 32X4,8MM, FIXADO COM ADESIVO ESTRUTURAL EPOXI. AF_04/2019","M",0]
["Guarda-Corpo, Corrimão e Grade para Esquadrias",99847,"GUARDA-CORPO DE AÇO GALVANIZADO DE 1,10M, DUPLO CORRIMÃO, MONTANTES TUBULARES DE 1.1/4\" ESPAÇADOS 1,20M, TRAVESSA SUPERIOR DE 1.1/2\", GRADIL DE TUBOS HORIZONTAIS DE 1\" E VERTICAIS DE 3/4\", FIXADO COM CHUMBADOR MECÂNICO. AF_04/2019","M",0]
["Guarda-Corpo, Corrimão e Grade para Esquadrias",99851,"GUARDA-CORPO DE AÇO GALVANIZADO DE 1,10M, DUPLO CORRIMÃO, MONTANTES TUBULARES DE 1.1/4\" ESPAÇADOS DE 1,20M, TRAVESSA SUPERIOR DE 1.1/2\", GRADIL EM TUBOS HORIZONTAIS DE 1\" E VERTICAIS DE 3/4\", FIXADO COM ADESIVO ESTRUTURAL EPOXI. AF_04/2019","M",0]
["Guarda-Corpo, Corrimão e Grade para Esquadrias",99850,"GUARDA-CORPO DE AÇO GALVANIZADO DE 1,10M, DUPLO CORRIMÃO, MONTANTES TUBULARES DE 100X50MM ESPAÇADOS 1,20M, TRAVESSA SUPERIOR DE 3\", GRADIL EM CANTONEIRA 51X51X4,8 MM E BARRAS CHATAS NA VERTICAL DE 32X4,8 MM, FIXADO COM CHUMBADOR MECÂNICO. AF_04/2019","M",0]
["Guarda-Corpo, Corrimão e Grade para Esquadrias",99854,"GUARDA-CORPO DE AÇO GALVANIZADO DE 1,10M, DUPLO CORRIMÃO, MONTANTES TUBULARES DE 100X50MM ESPAÇADOS DE 1,20M, TRAVESSA SUPERIOR DE 3?, GRADIL EM CANTONEIRA 51X51X4,8 MM E BARRAS CHATAS NA VERTICAL DE 32X4,8 MM, FIXADO COM ADESIVO EPOXI. AF_04/2019","M",0]
["Guarda-Corpo, Corrimão e Grade para Esquadrias",99848,"GUARDA-CORPO DE AÇO GALVANIZADO DE 1,10M, DUPLO CORRIMÃO, MONTANTES TUBULARES DE 30X30 MM ESPAÇADOS DE 1,20M, TRAVESSA SUPERIOR DE 1.1/2\", GRADIL DE TUBOS HORIZONTAIS DE 25X25MM E VERTICAIS DE 20X20MM, FIXADO COM CHUMBADOR MECÂNICO. AF_04/2019","M",0]
["Guarda-Corpo, Corrimão e Grade para Esquadrias",99852,"GUARDA-CORPO DE AÇO GALVANIZADO DE 1,10M, DUPLO CORRIMÃO, MONTANTES TUBULARES DE 30X30 MM ESPAÇADOS DE 1,20M, TRAVESSA SUPERIOR DE 1.1/2\", GRADIL EM TUBOS HORIZONTAIS DE 25X25MM E VERTICAIS DE 20X20MM, FIXADO COM ADESIVO ESTRUTURAL EPOXI. AF_04/2019","M",0]
["Guarda-Corpo, Corrimão e Grade para Esquadrias",99844,"GUARDA-CORPO DE AÇO GALVANIZADO DE 1,10M, MONTANTES TUBULARES DE 1.1/2\" ESPAÇADOS 1,20M, TRAVESSA SUPERIOR DE 2\", GRADIL FORMADO POR BARRAS CHATAS DE 32X4,8MM, FIXADO COM ADESIVO ESTRUTURAL EPOXI. AF_04/2019","M",0]
["Guarda-Corpo, Corrimão e Grade para Esquadrias",99842,"GUARDA-CORPO DE AÇO GALVANIZADO DE 1,10M, MONTANTES TUBULARES DE 1.1/4\" ESPAÇADOS 1,20M, TRAVESSA SUPERIOR DE 1.1/2\", GRADIL FORMADO POR TUBOS HORIZONTAIS DE 1\" E VERTICAIS DE 3/4\", FIXADO COM ADESIVO ESTRUTURAL EPOXI. AF_04/2019","M",0]
["Guarda-Corpo, Corrimão e Grade para Esquadrias",99837,"GUARDA-CORPO DE AÇO GALVANIZADO DE 1,10M, MONTANTES TUBULARES DE 1.1/4\" ESPAÇADOS DE 1,20M, TRAVESSA SUPERIOR DE 1.1/2\", GRADIL FORMADO POR TUBOS HORIZONTAIS DE 1\" E VERTICAIS DE 3/4\", FIXADO COM CHUMBADOR MECÂNICO. AF_04/2019_PS","M",574.16999999999996,0]
["Guarda-Corpo, Corrimão e Grade para Esquadrias",99840,"GUARDA-CORPO DE AÇO GALVANIZADO DE 1,10M, MONTANTES TUBULARES DE 100X50MM ESPAÇADOS 1,20M, TRAVESSA SUPERIOR DE 3\", GRADIL COM CANTONEIRA 51X51X4,8 MM E BARRAS CHATAS NA VERTICAL DE 32X4,8 MM, FIXADO COM CHUMBADOR MECÂNICO. AF_04/2019","M",0]
["Guarda-Corpo, Corrimão e Grade para Esquadrias",99845,"GUARDA-CORPO DE AÇO GALVANIZADO DE 1,10M, MONTANTES TUBULARES DE 100X50MM ESPAÇADOS DE 1,20M, TRAVESSA SUPERIOR DE 3\", GRADIL EM CANTONEIRA 51X51X4,8 MM E BARRAS CHATAS NA VERTICAL DE 32X4,8 MM, FIXADO COM ADESIVO ESTRUTURAL EPOXI. AF_04/2019","M",0]
["Guarda-Corpo, Corrimão e Grade para Esquadrias",99843,"GUARDA-CORPO DE AÇO GALVANIZADO DE 1,10M, MONTANTES TUBULARES DE 30X30 MM ESPAÇADOS 1,20M, TRAVESSA SUPERIOR DE 1.1/2\", GRADIL DE TUBOS HORIZONTAIS DE 25X25MM E VERTICAIS DE 20X20MM, FIXADO COM ADESIVO ESTRUTURAL EPOXI. AF_04/2019","M",0]
["Guarda-Corpo, Corrimão e Grade para Esquadrias",99838,"GUARDA-CORPO DE AÇO GALVANIZADO DE 1,10M, MONTANTES TUBULARES DE 30X30 MM ESPAÇADOS 1,20M, TRAVESSA SUPERIOR DE 1.1/2\", GRADIL FORMADO POR TUBOS HORIZONTAIS DE 25X25MM E VERTICAIS DE 20X20MM, FIXADO COM CHUMBADOR MECÂNICO. AF_04/2019","M",0]
["Guarda-Corpo, Corrimão e Grade para Esquadrias",99846,"GUARDA-CORPO PANORÂMICO COM PERFIS DE ALUMÍNIO E VIDRO LAMINADO 8 MM, FIXADO COM ADESIVO ESTRUTURAL EPOXI. AF_04/2019","M",0]
["Guarda-Corpo, Corrimão e Grade para Esquadrias",99841,"GUARDA-CORPO PANORÂMICO COM PERFIS DE ALUMÍNIO E VIDRO LAMINADO 8 MM, FIXADO COM CHUMBADOR MECÂNICO. AF_04/2019_PS","M",1083.97,0.17249999999999999]
["Guias e sarjetas",94276,"ASSENTAMENTO DE GUIA (MEIO-FIO) EM TRECHO CURVO, CONFECCIONADA EM CONCRETO PRÉ-FABRICADO, DIMENSÕES 100X15X13X20 CM (COMPRIMENTO X BASE INFERIOR X BASE SUPERIOR X ALTURA). AF_01/2024","M",52.86,0]
["Guias e sarjetas",94274,"ASSENTAMENTO DE GUIA (MEIO-FIO) EM TRECHO CURVO, CONFECCIONADA EM CONCRETO PRÉ-FABRICADO, DIMENSÕES 100X15X13X30 CM (COMPRIMENTO X BASE INFERIOR X BASE SUPERIOR X ALTURA). AF_01/2024","M",57.88,0]
["Guias e sarjetas",94280,"ASSENTAMENTO DE GUIA (MEIO-FIO) EM TRECHO CURVO, CONFECCIONADA EM CONCRETO PRÉ-FABRICADO, DIMENSÕES 39X6,5X6,5X19 CM (COMPRIMENTO X BASE INFERIOR X BASE SUPERIOR X ALTURA), PARA DELIMITAÇÃO DE JARDINS, PRAÇAS OU PASSEIOS. AF_01/2024","M",56.15,0]
["Guias e sarjetas",94278,"ASSENTAMENTO DE GUIA (MEIO-FIO) EM TRECHO CURVO, CONFECCIONADA EM CONCRETO PRÉ-FABRICADO, DIMENSÕES 80X08X08X25 CM (COMPRIMENTO X BASE INFERIOR X BASE SUPERIOR X ALTURA). AF_01/2024","M",46.85,0]
["Guias e sarjetas",94275,"ASSENTAMENTO DE GUIA (MEIO-FIO) EM TRECHO RETO, CONFECCIONADA EM CONCRETO PRÉ-FABRICADO, DIMENSÕES 100X15X13X20 CM (COMPRIMENTO X BASE INFERIOR X BASE SUPERIOR X ALTURA). AF_01/2024","M",49.82,0]
["Guias e sarjetas",94273,"ASSENTAMENTO DE GUIA (MEIO-FIO) EM TRECHO RETO, CONFECCIONADA EM CONCRETO PRÉ-FABRICADO, DIMENSÕES 100X15X13X30 CM (COMPRIMENTO X BASE INFERIOR X BASE SUPERIOR X ALTURA). AF_01/2024","M",54.84,0]
["Guias e sarjetas",94279,"ASSENTAMENTO DE GUIA (MEIO-FIO) EM TRECHO RETO, CONFECCIONADA EM CONCRETO PRÉ-FABRICADO, DIMENSÕES 39X6,5X6,5X19 CM (COMPRIMENTO X BASE INFERIOR X BASE SUPERIOR X ALTURA), PARA DELIMITAÇÃO DE JARDINS, PRAÇAS OU PASSEIOS. AF_01/2024","M",53.11,0]
["Guias e sarjetas",94277,"ASSENTAMENTO DE GUIA (MEIO-FIO) EM TRECHO RETO, CONFECCIONADA EM CONCRETO PRÉ-FABRICADO, DIMENSÕES 80X08X08X25 CM (COMPRIMENTO X BASE INFERIOR X BASE SUPERIOR X ALTURA). AF_01/2024","M",43.82,0]
["Guias e sarjetas",104930,"ASSENTAMENTO DE GUIA (MEIO-FIO), TIPO PAVER (FINCADINHA) EM TRECHO RETO, EM CONCRETO PRÉ-FABRICADO, DIMENSÕES 45X08X608X19 CM (COMPRIMENTO X BASE INFERIOR X BASE SUPERIOR X ALTURA), PARA DELIMITAÇÃO DE JARDINS, PRAÇAS OU PASSEIOS. AF_01/2024","M",0]
["Guias e sarjetas",104931,"ASSENTAMENTO DE GUIA (MEIO-FIO), TIPO PAVER, FINCADINHA, EM TRECHO CURVO, EM CONCRETO PRÉ-FABRICADO, DIMENSÕES 45X08X08X19 CM (COMPRIMENTO X BASE INFERIOR X BASE SUPERIOR X ALTURA), PARA DELIMITAÇÃO DE JARDINS, PRAÇAS OU PASSEIOS. AF_01/2024","M",0]
["Guias e sarjetas",94294,"EXECUÇÃO DE ESCORAS DE CONCRETO PARA CONTENÇÃO DE GUIAS PRÉ-FABRICADAS. AF_01/2024","M",8.2799999999999994,0]
["Guias e sarjetas",94288,"EXECUÇÃO DE SARJETA DE CONCRETO USINADO, MOLDADA IN LOCO EM TRECHO CURVO, 30 CM BASE X 10 CM ALTURA. AF_01/2024","M",40.520000000000003,0]
["Guias e sarjetas",94282,"EXECUÇÃO DE SARJETA DE CONCRETO USINADO, MOLDADA IN LOCO EM TRECHO CURVO, 30 CM BASE X 15 CM ALTURA. AF_01/2024","M",51.7,0]
["Guias e sarjetas",94290,"EXECUÇÃO DE SARJETA DE CONCRETO USINADO, MOLDADA IN LOCO EM TRECHO CURVO, 45 CM BASE X 10 CM ALTURA. AF_01/2024","M",50.11,0]
["Guias e sarjetas",94284,"EXECUÇÃO DE SARJETA DE CONCRETO USINADO, MOLDADA IN LOCO EM TRECHO CURVO, 45 CM BASE X 15 CM ALTURA. AF_01/2024","M",66.849999999999994,0]
["Guias e sarjetas",94292,"EXECUÇÃO DE SARJETA DE CONCRETO USINADO, MOLDADA IN LOCO EM TRECHO CURVO, 60 CM BASE X 10 CM ALTURA. AF_01/2024","M",60.22,0]
["Guias e sarjetas",94286,"EXECUÇÃO DE SARJETA DE CONCRETO USINADO, MOLDADA IN LOCO EM TRECHO CURVO, 60 CM BASE X 15 CM ALTURA. AF_01/2024","M",84.47,0]
["Guias e sarjetas",94287,"EXECUÇÃO DE SARJETA DE CONCRETO USINADO, MOLDADA IN LOCO EM TRECHO RETO, 30 CM BASE X 10 CM ALTURA. AF_01/2024","M",33.39,0]
["Guias e sarjetas",94281,"EXECUÇÃO DE SARJETA DE CONCRETO USINADO, MOLDADA IN LOCO EM TRECHO RETO, 30 CM BASE X 15 CM ALTURA. AF_01/2024","M",43.66,0]
["Guias e sarjetas",94289,"EXECUÇÃO DE SARJETA DE CONCRETO USINADO, MOLDADA IN LOCO EM TRECHO RETO, 45 CM BASE X 10 CM ALTURA. AF_01/2024","M",42.97,0]
["Guias e sarjetas",94283,"EXECUÇÃO DE SARJETA DE CONCRETO USINADO, MOLDADA IN LOCO EM TRECHO RETO, 45 CM BASE X 15 CM ALTURA. AF_01/2024","M",58.81,0]
["Guias e sarjetas",94291,"EXECUÇÃO DE SARJETA DE CONCRETO USINADO, MOLDADA IN LOCO EM TRECHO RETO, 60 CM BASE X 10 CM ALTURA. AF_01/2024","M",53.08,0]
["Guias e sarjetas",94285,"EXECUÇÃO DE SARJETA DE CONCRETO USINADO, MOLDADA IN LOCO EM TRECHO RETO, 60 CM BASE X 15 CM ALTURA. AF_01/2024","M",76.44,0]
["Guias e sarjetas",94293,"EXECUÇÃO DE SARJETÃO DE CONCRETO USINADO, MOLDADA IN LOCO EM TRECHO RETO, 100 CM BASE X 20 CM ALTURA. AF_01/2024","M",171.75,0]
["Guias e sarjetas",94264,"GUIA (MEIO-FIO) CONCRETO, MOLDADA IN LOCO EM TRECHO CURVO COM EXTRUSORA, 13 CM BASE X 22 CM ALTURA. AF_01/2024","M",40.04,2.0199999999999999E-2]
["Guias e sarjetas",94266,"GUIA (MEIO-FIO) CONCRETO, MOLDADA IN LOCO EM TRECHO CURVO COM EXTRUSORA, 15 CM BASE X 30 CM ALTURA. AF_01/2024","M",52.61,1.7500000000000002E-2]
["Guias e sarjetas",94263,"GUIA (MEIO-FIO) CONCRETO, MOLDADA IN LOCO EM TRECHO RETO COM EXTRUSORA, 13 CM BASE X 22 CM ALTURA. AF_01/2024","M",35.049999999999997,1.4800000000000001E-2]
["Guias e sarjetas",94265,"GUIA (MEIO-FIO) CONCRETO, MOLDADA IN LOCO EM TRECHO RETO COM EXTRUSORA, 15 CM BASE X 30 CM ALTURA. AF_01/2024","M",46.89,1.2800000000000001E-2]
["Guias e sarjetas",94268,"GUIA (MEIO-FIO) E SARJETA CONJUGADOS DE CONCRETO, MOLDADA IN LOCO EM TRECHO CURVO COM EXTRUSORA, 45 CM BASE (15 CM BASE DA GUIA + 30 CM BASE DA SARJETA) X 22 CM ALTURA. AF_01/2024","M",62.57,1.6299999999999999E-2]
["Guias e sarjetas",94270,"GUIA (MEIO-FIO) E SARJETA CONJUGADOS DE CONCRETO, MOLDADA IN LOCO EM TRECHO CURVO COM EXTRUSORA, 60 CM BASE (15 CM BASE DA GUIA + 45 CM BASE DA SARJETA) X 26 CM ALTURA. AF_01/2024","M",88.89,1.6E-2]
["Guias e sarjetas",94272,"GUIA (MEIO-FIO) E SARJETA CONJUGADOS DE CONCRETO, MOLDADA IN LOCO EM TRECHO CURVO COM EXTRUSORA, 65 CM BASE (15 CM BASE DA GUIA + 50 CM BASE DA SARJETA) X 26 CM ALTURA. AF_01/2024","M",109.42,1.7399999999999999E-2]
["Guias e sarjetas",94267,"GUIA (MEIO-FIO) E SARJETA CONJUGADOS DE CONCRETO, MOLDADA IN LOCO EM TRECHO RETO COM EXTRUSORA, 45 CM BASE (15 CM BASE DA GUIA + 30 CM BASE DA SARJETA) X 22 CM ALTURA. AF_01/2024","M",56.29,1.1900000000000001E-2]
["Guias e sarjetas",94269,"GUIA (MEIO-FIO) E SARJETA CONJUGADOS DE CONCRETO, MOLDADA IN LOCO EM TRECHO RETO COM EXTRUSORA, 60 CM BASE (15 CM BASE DA GUIA + 45 CM BASE DA SARJETA) X 26 CM ALTURA. AF_01/2024","M",80.150000000000006,1.1599999999999999E-2]
["Guias e sarjetas",94271,"GUIA (MEIO-FIO) E SARJETA CONJUGADOS DE CONCRETO, MOLDADA IN LOCO EM TRECHO RETO COM EXTRUSORA, 65 CM BASE (15 CM BASE DA GUIA + 50 CM BASE DA SARJETA) X 26 CM ALTURA. AF_01/2024","M",97.75,1.2800000000000001E-2]
["Iluminação Predial e Monitoramento",105555,"BLOCO AUTÔNOMO DE ILUMINAÇÃO DE EMERGÊNCIA COM DOIS REFLETORES - FORNECIMENTO E INSTALAÇÃO. AF_09/2024","UN",0]
["Iluminação Predial e Monitoramento",97603,"CÂMERA DE MONITORAMENTO COM ATÉ 25 METROS DE ALCANCE TIPO BULLET - FORNECIMENTO E INSTALAÇÃO. AF_09/2024","UN",0]
["Iluminação Predial e Monitoramento",97602,"CÂMERA DE MONITORAMENTO COM ATÉ 25 METROS DE ALCANCE TIPO DOME - FORNECIMENTO E INSTALAÇÃO. AF_09/2024","UN",0]
["Iluminação Predial e Monitoramento",97604,"CÂMERA DE MONITORAMENTO COM MAIS DE 25 METROS DE ALCANCE TIPO BULLET - FORNECIMENTO E INSTALAÇÃO. AF_09/2024","UN",0]
["Iluminação Predial e Monitoramento",105553,"CÂMERA IP BULLET - FORNECIMENTO E INSTALAÇÃO. AF_09/2024","UN",0]
["Iluminação Predial e Monitoramento",105552,"CÂMERA IP DOME RESOLUCAO 1MP - FORNECIMENTO E INSTALAÇÃO. AF_09/2024","UN",0]
["Iluminação Predial e Monitoramento",105550,"CÂMERA IP SPEED DOME - FORNECIMENTO E INSTALAÇÃO. AF_09/2024","UN",0]
["Iluminação Predial e Monitoramento",105551,"CÂMERA IP WIFI - FORNECIMENTO E INSTALAÇÃO. AF_09/2024","UN",0]
["Iluminação Predial e Monitoramento",105549,"DRIVER SLIM PARA FITA LED - FORNECIMENTO E INSTALAÇÃO. AF_09/2024","UN",0]
["Iluminação Predial e Monitoramento",105547,"FITA LED - FORNECIMENTO E INSTALAÇÃO. AF_09/2024","M",0]
["Iluminação Predial e Monitoramento",97605,"LUMINÁRIA ARANDELA TIPO MEIA LUA, DE SOBREPOR, COM 1 LÂMPADA LED DE 6 W, SEM REATOR - FORNECIMENTO E INSTALAÇÃO. AF_09/2024","UN",85.9,0.75980000000000003]
["Iluminação Predial e Monitoramento",97607,"LUMINÁRIA ARANDELA TIPO TARTARUGA, DE SOBREPOR, COM 1 LÂMPADA LED DE 6 W, SEM REATOR - FORNECIMENTO E INSTALAÇÃO. AF_09/2024","UN",108.81,0.74250000000000005]
["Iluminação Predial e Monitoramento",97599,"LUMINÁRIA DE EMERGÊNCIA, COM 30 LÂMPADAS LED DE 2 W, SEM REATOR - FORNECIMENTO E INSTALAÇÃO. AF_09/2024","UN",24.06,0]
["Iluminação Predial e Monitoramento",105542,"LUMINÁRIA LED DE EMBUTIR - QUADRADA 60X60CM, INCLUSO DRIVER - FORNECIMENTO E INSTALAÇÃO. AF_09/2024","UN",0]
["Iluminação Predial e Monitoramento",105543,"LUMINÁRIA LED DE SOBREPOR - QUADRADA *60X60*CM, INCLUSO DRIVER - FORNECIMENTO E INSTALAÇÃO. AF_09/2024","UN",0]
["Iluminação Predial e Monitoramento",105544,"LUMINÁRIA LED DE SOBREPOR HERMÉTICA - *60X15CM*, INCLUSO DRIVER - FORNECIMENTO E INSTALAÇÃO. AF_09/2024","UN",0]
["Iluminação Predial e Monitoramento",100913,"LUMINÁRIA TIPO CALHA, DE EMBUTIR, COM 1 LÂMPADA TUBULAR LED DE 18 W, SEM REATOR - FORNECIMENTO E INSTALAÇÃO. AF_09/2024","UN",0]
["Iluminação Predial e Monitoramento",100916,"LUMINÁRIA TIPO CALHA, DE EMBUTIR, COM 2 LÂMPADAS TUBULARES LED DE 18 W, SEM REATOR - FORNECIMENTO E INSTALAÇÃO. AF_09/2024","UN",0]
["Iluminação Predial e Monitoramento",100918,"LUMINÁRIA TIPO CALHA, DE EMBUTIR, COM 2 LÂMPADAS TUBULARES LED DE 9 W, SEM REATOR - FORNECIMENTO E INSTALAÇÃO. AF_09/2024","UN",0]
["Iluminação Predial e Monitoramento",100914,"LUMINÁRIA TIPO CALHA, DE EMBUTIR, PARA 1 LÂMPADA TUBULAR LED DE 36 W, SEM LÂMPADA E SEM REATOR - FORNECIMENTO E INSTALAÇÃO. AF_09/2024","UN",0]
["Iluminação Predial e Monitoramento",100917,"LUMINÁRIA TIPO CALHA, DE EMBUTIR, PARA 2 LÂMPADAS TUBULARES LED DE 36 W, SEM LÂMPADA E SEM REATOR - FORNECIMENTO E INSTALAÇÃO. AF_09/2024","UN",0]
["Iluminação Predial e Monitoramento",100907,"LUMINÁRIA TIPO CALHA, DE SOBREPOR, COM 1 LÂMPADA TUBULAR LED DE 18 W, SEM REATOR - FORNECIMENTO E INSTALAÇÃO. AF_09/2024","UN",0]
["Iluminação Predial e Monitoramento",102467,"LUMINÁRIA TIPO CALHA, DE SOBREPOR, COM 1 LÂMPADA TUBULAR LED DE 9 W SEM REATOR - FORNECIMENTO E INSTALAÇÃO. AF_09/2024","UN",0]
["Iluminação Predial e Monitoramento",100910,"LUMINÁRIA TIPO CALHA, DE SOBREPOR, COM 2 LÂMPADAS TUBULARES LED DE 18 W, SEM REATOR - FORNECIMENTO E INSTALAÇÃO. AF_09/2024","UN",0]
["Iluminação Predial e Monitoramento",105541,"LUMINÁRIA TIPO CALHA, DE SOBREPOR, COM 2 LÂMPADAS TUBULARES LED DE 9 W SEM REATOR - FORNECIMENTO E INSTALAÇÃO. AF_09/2024","UN",0]
["Iluminação Predial e Monitoramento",100908,"LUMINÁRIA TIPO CALHA, DE SOBREPOR, PARA 1 LÂMPADA TUBULAR LED DE 36 W, SEM LÂMPADA E SEM REATOR - FORNECIMENTO E INSTALAÇÃO. AF_09/2024","UN",0]
["Iluminação Predial e Monitoramento",100911,"LUMINÁRIA TIPO CALHA, DE SOBREPOR, PARA 2 LÂMPADAS TUBULARES LED DE 36 W, SEM LÂMPADA E SEM REATOR - FORNECIMENTO E INSTALAÇÃO. AF_09/2024","UN",0]
["Iluminação Predial e Monitoramento",103782,"LUMINÁRIA TIPO PLAFON CIRCULAR, DE SOBREPOR, COM LED DE 12/13 W - FORNECIMENTO E INSTALAÇÃO. AF_09/2024","UN",34.299999999999997,0]
["Iluminação Predial e Monitoramento",103786,"LUMINÁRIA TIPO PLAFON QUADRADA, DE EMBUTIR, COM LED DE 12 W - FORNECIMENTO E INSTALAÇÃO. AF_09/2024","UN",0]
["Iluminação Predial e Monitoramento",103787,"LUMINÁRIA TIPO PLAFON QUADRADA, DE EMBUTIR, COM LED DE 18 W - FORNECIMENTO E INSTALAÇÃO. AF_09/2024","UN",0]
["Iluminação Predial e Monitoramento",103788,"LUMINÁRIA TIPO PLAFON QUADRADA, DE EMBUTIR, COM LED DE 24 W - FORNECIMENTO E INSTALAÇÃO. AF_09/2024","UN",0]
["Iluminação Predial e Monitoramento",103783,"LUMINÁRIA TIPO PLAFON QUADRADA, DE SOBREPOR, COM LED DE 12 W - FORNECIMENTO E INSTALAÇÃO. AF_09/2024","UN",0]
["Iluminação Predial e Monitoramento",103784,"LUMINÁRIA TIPO PLAFON QUADRADA, DE SOBREPOR, COM LED DE 18 W - FORNECIMENTO E INSTALAÇÃO. AF_09/2024","UN",0]
["Iluminação Predial e Monitoramento",103785,"LUMINÁRIA TIPO PLAFON QUADRADA, DE SOBREPOR, COM LED DE 24 W - FORNECIMENTO E INSTALAÇÃO. AF_09/2024","UN",0]
["Iluminação Predial e Monitoramento",105546,"LUMINÁRIA TIPO SPOT, DE EMBUTIR, COM 1 LÂMPADA LED PAR20 - FORNECIMENTO E INSTALAÇÃO. AF_09/2024","UN",0]
["Iluminação Predial e Monitoramento",105545,"LUMINÁRIA TIPO SPOT, DE SOBREPOR, COM 1 LÂMPADA LED PAR20 - FORNECIMENTO E INSTALAÇÃO. AF_09/2024","UN",0]
["Iluminação Predial e Monitoramento",97610,"LÂMPADA COMPACTA DE LED 10 W, BASE E27 - FORNECIMENTO E INSTALAÇÃO. AF_09/2024","UN",16.95,0]
["Iluminação Predial e Monitoramento",97609,"LÂMPADA COMPACTA DE LED 6 W, BASE E27 - FORNECIMENTO E INSTALAÇÃO. AF_09/2024","UN",16.04,0]
["Iluminação Predial e Monitoramento",105554,"LÂMPADA TUBULAR LED 9/10W SEM SOQUETE - FORNECIMENTO E INSTALAÇÃO. AF_09/2024","UN",18.350000000000001,0]
["Iluminação Predial e Monitoramento",100903,"LÂMPADA TUBULAR LED DE 18/20 W, COM SOQUETE, BASE G13 - FORNECIMENTO E INSTALAÇÃO. AF_09/2024_PS","UN",36.19,0]
["Iluminação Predial e Monitoramento",100902,"LÂMPADA TUBULAR LED DE 9/10 W, COM SOQUETE, BASE G13 - FORNECIMENTO E INSTALAÇÃO. AF_09/2024_PS","UN",32.18,0]
["Iluminação Predial e Monitoramento",105548,"PERFIL COM FITA LED - FORNECIMENTO E INSTALAÇÃO. AF_09/2024","M",0]
["Iluminação Predial e Monitoramento",97595,"SENSOR DE PRESENÇA COM FOTOCÉLULA, FIXAÇÃO EM PAREDE - FORNECIMENTO E INSTALAÇÃO. AF_09/2024","UN",102.33,0.76549999999999996]
["Iluminação Predial e Monitoramento",97597,"SENSOR DE PRESENÇA COM FOTOCÉLULA, FIXAÇÃO EM TETO - FORNECIMENTO E INSTALAÇÃO. AF_09/2024","UN",72.13,0.75590000000000002]
["Iluminação Predial e Monitoramento",97596,"SENSOR DE PRESENÇA SEM FOTOCÉLULA, FIXAÇÃO EM PAREDE - FORNECIMENTO E INSTALAÇÃO. AF_09/2024","UN",72.44,0.66869999999999996]
["Iluminação Predial e Monitoramento",97598,"SENSOR DE PRESENÇA SEM FOTOCÉLULA, FIXAÇÃO EM TETO - FORNECIMENTO E INSTALAÇÃO. AF_09/2024","UN",68.31,0.74219999999999997]
["Impermeabilização, Proteção Mecânica e Tratamento de Junta",98549,"IMPERMEABILIZAÇÃO COM MANTA ASFÁLTICA COLADA COM ASFALTO DERRETIDO, DUAS CAMADAS, E = 3MM E E=4MM. AF_09/2023","M2",0]
["Impermeabilização, Proteção Mecânica e Tratamento de Junta",98562,"IMPERMEABILIZAÇÃO DE SUPERFÍCIE COM ARGAMASSA DE CIMENTO E AREIA, COM ADITIVO IMPERMEABILIZANTE, E = 1,5CM. AF_09/2023","M2",51.77,0]
["Impermeabilização, Proteção Mecânica e Tratamento de Junta",98555,"IMPERMEABILIZAÇÃO DE SUPERFÍCIE COM ARGAMASSA POLIMÉRICA / MEMBRANA ACRÍLICA, 3 DEMÃOS. AF_09/2023","M2",33.299999999999997,0]
["Impermeabilização, Proteção Mecânica e Tratamento de Junta",98556,"IMPERMEABILIZAÇÃO DE SUPERFÍCIE COM ARGAMASSA POLIMÉRICA / MEMBRANA ACRÍLICA, 4 DEMÃOS, REFORÇADA COM VÉU DE POLIÉSTER (MAV). AF_09/2023","M2",61.31,0]
["Impermeabilização, Proteção Mecânica e Tratamento de Junta",98557,"IMPERMEABILIZAÇÃO DE SUPERFÍCIE COM EMULSÃO ASFÁLTICA, 2 DEMÃOS. AF_09/2023","M2",46.47,0]
["Impermeabilização, Proteção Mecânica e Tratamento de Junta",98548,"IMPERMEABILIZAÇÃO DE SUPERFÍCIE COM MANTA ASFÁLTICA COLADA COM ASFALTO DERRETIDO, UMA CAMADA, E=4MM. AF_09/2023","M2",0]
["Impermeabilização, Proteção Mecânica e Tratamento de Junta",98547,"IMPERMEABILIZAÇÃO DE SUPERFÍCIE COM MANTA ASFÁLTICA, DUAS CAMADAS, INCLUSIVE APLICAÇÃO DE PRIMER ASFÁLTICO, E=3MM E E=4MM. AF_09/2023","M2",218.96,0]
["Impermeabilização, Proteção Mecânica e Tratamento de Junta",98546,"IMPERMEABILIZAÇÃO DE SUPERFÍCIE COM MANTA ASFÁLTICA, UMA CAMADA, INCLUSIVE APLICAÇÃO DE PRIMER ASFÁLTICO, E=4MM. AF_09/2023","M2",130.86000000000001,0]
["Impermeabilização, Proteção Mecânica e Tratamento de Junta",98552,"IMPERMEABILIZAÇÃO DE SUPERFÍCIE COM MEMBRANA A BASE DE POLIURÉIA, 2 DEMÃOS. AF_09/2023","M2",0]
["Impermeabilização, Proteção Mecânica e Tratamento de Junta",98553,"IMPERMEABILIZAÇÃO DE SUPERFÍCIE COM MEMBRANA À BASE DE POLIURETANO, 2 DEMÃOS. AF_09/2023","M2",186.89,0]
["Impermeabilização, Proteção Mecânica e Tratamento de Junta",98554,"IMPERMEABILIZAÇÃO DE SUPERFÍCIE COM MEMBRANA À BASE DE RESINA ACRÍLICA, 3 DEMÃOS. AF_09/2023","M2",49.16,0]
["Impermeabilização, Proteção Mecânica e Tratamento de Junta",98565,"PROTEÇÃO MECÂNICA DE SUPERFICIE HORIZONTAL COM ARGAMASSA DE CIMENTO E AREIA, TRAÇO 1:3, E=3CM. AF_09/2023","M2",56.36,0]
["Impermeabilização, Proteção Mecânica e Tratamento de Junta",98567,"PROTEÇÃO MECÂNICA DE SUPERFICIE HORIZONTAL COM ARGAMASSA DE CIMENTO E AREIA, TRAÇO 1:3, E=4CM. AF_09/2023","M2",72.319999999999993,0]
["Impermeabilização, Proteção Mecânica e Tratamento de Junta",98569,"PROTEÇÃO MECÂNICA DE SUPERFICIE HORIZONTAL COM ARGAMASSA DE CIMENTO E AREIA, TRAÇO 1:3, E=5CM. AF_09/2023","M2",89.15,0]
["Impermeabilização, Proteção Mecânica e Tratamento de Junta",98571,"PROTEÇÃO MECÂNICA DE SUPERFICIE HORIZONTAL COM CONCRETO 15 MPA, E=4CM. AF_09/2023","M2",45.27,0]
["Impermeabilização, Proteção Mecânica e Tratamento de Junta",98572,"PROTEÇÃO MECÂNICA DE SUPERFICIE HORIZONTAL COM CONCRETO 15 MPA, E=5CM. AF_09/2023","M2",55.54,0]
["Impermeabilização, Proteção Mecânica e Tratamento de Junta",98563,"PROTEÇÃO MECÂNICA DE SUPERFÍCIE HORIZONTAL COM ARGAMASSA DE CIMENTO E AREIA, TRAÇO 1:3, E=2CM. AF_09/2023","M2",39.520000000000003,0]
["Impermeabilização, Proteção Mecânica e Tratamento de Junta",98564,"PROTEÇÃO MECÂNICA DE SUPERFÍCIE VERTICAL COM ARGAMASSA DE CIMENTO E AREIA, TRAÇO 1:3, E=2CM. AF_09/2023","M2",57.23,0]
["Impermeabilização, Proteção Mecânica e Tratamento de Junta",98566,"PROTEÇÃO MECÂNICA DE SUPERFÍCIE VERTICAL COM ARGAMASSA DE CIMENTO E AREIA, TRAÇO 1:3, E=3CM. AF_09/2023","M2",74.069999999999993,0]
["Impermeabilização, Proteção Mecânica e Tratamento de Junta",98568,"PROTEÇÃO MECÂNICA DE SUPERFÍCIE VERTICAL COM ARGAMASSA DE CIMENTO E AREIA, TRAÇO 1:3, E=4CM. AF_09/2023","M2",90.04,0]
["Impermeabilização, Proteção Mecânica e Tratamento de Junta",98570,"PROTEÇÃO MECÂNICA DE SUPERFÍCIE VERTICAL COM ARGAMASSA DE CIMENTO E AREIA, TRAÇO 1:3, E=5CM. AF_09/2023","M2",106.87,0]
["Impermeabilização, Proteção Mecânica e Tratamento de Junta",98573,"PROTEÇÃO MECÂNICA DE SUPERFÍCIE VERTICAL COM CONCRETO 15 MPA, E=5CM. AF_09/2023","M2",72.64,0]
["Impermeabilização, Proteção Mecânica e Tratamento de Junta",98576,"TRATAMENTO DE JUNTA DE DILATAÇÃO COM MANTA ASFÁLTICA ADERIDA COM MAÇARICO. AF_09/2023","M",25.1,0]
["Impermeabilização, Proteção Mecânica e Tratamento de Junta",98575,"TRATAMENTO DE JUNTA DE DILATAÇÃO, COM TARUGO DE POLIETILENO E SELANTE PU, INCLUSO PREENCHIMENTO COM ESPUMA EXPANSIVA PU. AF_09/2023","M",73.790000000000006,0]
["Impermeabilização, Proteção Mecânica e Tratamento de Junta",98577,"TRATAMENTO DE JUNTA SERRADA, COM TARUGO DE POLIETILENO E SELANTE À BASE DE SILICONE. AF_09/2023","M",50.33,0]
["Impermeabilização, Proteção Mecânica e Tratamento de Junta",98558,"TRATAMENTO DE RALO OU PONTO EMERGENTE COM ARGAMASSA POLIMÉRICA / MEMBRANA ACRÍLICA REFORÇADO COM TELA DE POLIÉSTER (MAV). AF_09/2023","UN",10.1,0]
["Impermeabilização, Proteção Mecânica e Tratamento de Junta",98550,"TRATAMENTO DE RALO OU PONTO EMERGENTE COM MANTA ASFÁLTICA COLADA COM ASFÁLTO DERRETIDO, E=4MM. AF_09/2023","M2",0]
["Impermeabilização, Proteção Mecânica e Tratamento de Junta",98551,"TRATAMENTO DE RODAPÉ COM MANTA ASFÁLTICA COLADA COM ASFALTO DERRETIDO, E=4MM. AF_09/2023","M",0]
["Impermeabilização, Proteção Mecânica e Tratamento de Junta",98559,"TRATAMENTO DE RODAPÉ COM TELA DE POLIÉSTER. AF_09/2023","M",5.26,0]
["Instalações Elétricas - Eletrodutos Embutidos, Cabos, Caixas, Tomadas e Interruptores",91925,"CABO DE COBRE FLEXÍVEL ISOLADO, 1,5 MM², ANTI-CHAMA 0,6/1,0 KV, PARA CIRCUITOS TERMINAIS - FORNECIMENTO E INSTALAÇÃO. AF_03/2023","M",3.81,0]
["Instalações Elétricas - Eletrodutos Embutidos, Cabos, Caixas, Tomadas e Interruptores",91924,"CABO DE COBRE FLEXÍVEL ISOLADO, 1,5 MM², ANTI-CHAMA 450/750 V, PARA CIRCUITOS TERMINAIS - FORNECIMENTO E INSTALAÇÃO. AF_03/2023","M",3.17,0]
["Instalações Elétricas - Eletrodutos Embutidos, Cabos, Caixas, Tomadas e Interruptores",91933,"CABO DE COBRE FLEXÍVEL ISOLADO, 10 MM², ANTI-CHAMA 0,6/1,0 KV, PARA CIRCUITOS TERMINAIS - FORNECIMENTO E INSTALAÇÃO. AF_03/2023","M",16.98,0]
["Instalações Elétricas - Eletrodutos Embutidos, Cabos, Caixas, Tomadas e Interruptores",91932,"CABO DE COBRE FLEXÍVEL ISOLADO, 10 MM², ANTI-CHAMA 450/750 V, PARA CIRCUITOS TERMINAIS - FORNECIMENTO E INSTALAÇÃO. AF_03/2023","M",17.600000000000001,0]
["Instalações Elétricas - Eletrodutos Embutidos, Cabos, Caixas, Tomadas e Interruptores",91935,"CABO DE COBRE FLEXÍVEL ISOLADO, 16 MM², ANTI-CHAMA 0,6/1,0 KV, PARA CIRCUITOS TERMINAIS - FORNECIMENTO E INSTALAÇÃO. AF_03/2023","M",26.64,0]
["Instalações Elétricas - Eletrodutos Embutidos, Cabos, Caixas, Tomadas e Interruptores",91934,"CABO DE COBRE FLEXÍVEL ISOLADO, 16 MM², ANTI-CHAMA 450/750 V, PARA CIRCUITOS TERMINAIS - FORNECIMENTO E INSTALAÇÃO. AF_03/2023","M",25.44,0]
["Instalações Elétricas - Eletrodutos Embutidos, Cabos, Caixas, Tomadas e Interruptores",91927,"CABO DE COBRE FLEXÍVEL ISOLADO, 2,5 MM², ANTI-CHAMA 0,6/1,0 KV, PARA CIRCUITOS TERMINAIS - FORNECIMENTO E INSTALAÇÃO. AF_03/2023","M",5.13,0]
["Instalações Elétricas - Eletrodutos Embutidos, Cabos, Caixas, Tomadas e Interruptores",91926,"CABO DE COBRE FLEXÍVEL ISOLADO, 2,5 MM², ANTI-CHAMA 450/750 V, PARA CIRCUITOS TERMINAIS - FORNECIMENTO E INSTALAÇÃO. AF_03/2023","M",4.59,0]
["Instalações Elétricas - Eletrodutos Embutidos, Cabos, Caixas, Tomadas e Interruptores",91929,"CABO DE COBRE FLEXÍVEL ISOLADO, 4 MM², ANTI-CHAMA 0,6/1,0 KV, PARA CIRCUITOS TERMINAIS - FORNECIMENTO E INSTALAÇÃO. AF_03/2023","M",7.54,0]
["Instalações Elétricas - Eletrodutos Embutidos, Cabos, Caixas, Tomadas e Interruptores",91928,"CABO DE COBRE FLEXÍVEL ISOLADO, 4 MM², ANTI-CHAMA 450/750 V, PARA CIRCUITOS TERMINAIS - FORNECIMENTO E INSTALAÇÃO. AF_03/2023","M",7.06,0]
["Instalações Elétricas - Eletrodutos Embutidos, Cabos, Caixas, Tomadas e Interruptores",91931,"CABO DE COBRE FLEXÍVEL ISOLADO, 6 MM², ANTI-CHAMA 0,6/1,0 KV, PARA CIRCUITOS TERMINAIS - FORNECIMENTO E INSTALAÇÃO. AF_03/2023","M",10.64,0]
["Instalações Elétricas - Eletrodutos Embutidos, Cabos, Caixas, Tomadas e Interruptores",91930,"CABO DE COBRE FLEXÍVEL ISOLADO, 6 MM², ANTI-CHAMA 450/750 V, PARA CIRCUITOS TERMINAIS - FORNECIMENTO E INSTALAÇÃO. AF_03/2023","M",9.8699999999999992,0]
["Instalações Elétricas - Eletrodutos Embutidos, Cabos, Caixas, Tomadas e Interruptores",104620,"CAIXA ELÉTRICA 4\"X2\" AUTOTRAVANTE PARA FURO CIRCULAR ALTA (2,00 M DO PISO), PVC, INSTALADA EM PAREDE - FORNECIMENTO E INSTALAÇÃO. AF_03/2023","UN",0]
["Instalações Elétricas - Eletrodutos Embutidos, Cabos, Caixas, Tomadas e Interruptores",104624,"CAIXA ELÉTRICA 4\"X2\" AUTOTRAVANTE PARA FURO CIRCULAR BAIXA (0,30 M DO PISO), PVC, INSTALADA EM PAREDE - FORNECIMENTO E INSTALAÇÃO. AF_03/2023","UN",0]
["Instalações Elétricas - Eletrodutos Embutidos, Cabos, Caixas, Tomadas e Interruptores",104622,"CAIXA ELÉTRICA 4\"X2\" AUTOTRAVANTE PARA FURO CIRCULAR MÉDIA (1,30 M DO PISO), PVC, INSTALADA EM PAREDE - FORNECIMENTO E INSTALAÇÃO. AF_03/2023","UN",0]
["Instalações Elétricas - Eletrodutos Embutidos, Cabos, Caixas, Tomadas e Interruptores",104621,"CAIXA ELÉTRICA 4\"X4\" AUTOTRAVANTE PARA FURO CIRCULAR ALTA (2,00 M DO PISO), PVC, INSTALADA EM PAREDE - FORNECIMENTO E INSTALAÇÃO. AF_03/2023","UN",0]
["Instalações Elétricas - Eletrodutos Embutidos, Cabos, Caixas, Tomadas e Interruptores",104625,"CAIXA ELÉTRICA 4\"X4\" AUTOTRAVANTE PARA FURO CIRCULAR BAIXA (0,30 M DO PISO), PVC, INSTALADA EM PAREDE - FORNECIMENTO E INSTALAÇÃO. AF_03/2023","UN",0]
["Instalações Elétricas - Eletrodutos Embutidos, Cabos, Caixas, Tomadas e Interruptores",104623,"CAIXA ELÉTRICA 4\"X4\" AUTOTRAVANTE PARA FURO CIRCULAR MÉDIA (1,30 M DO PISO), PVC, INSTALADA EM PAREDE - FORNECIMENTO E INSTALAÇÃO. AF_03/2023","UN",0]
["Instalações Elétricas - Eletrodutos Embutidos, Cabos, Caixas, Tomadas e Interruptores",91937,"CAIXA OCTOGONAL 3\" X 3\", PVC, INSTALADA EM LAJE - FORNECIMENTO E INSTALAÇÃO. AF_03/2023","UN",18.63,0]
["Instalações Elétricas - Eletrodutos Embutidos, Cabos, Caixas, Tomadas e Interruptores",92865,"CAIXA OCTOGONAL 4\" X 4\", METÁLICA, INSTALADA EM LAJE - FORNECIMENTO E INSTALAÇÃO. AF_03/2023","UN",15.25,0]
["Instalações Elétricas - Eletrodutos Embutidos, Cabos, Caixas, Tomadas e Interruptores",91936,"CAIXA OCTOGONAL 4\" X 4\", PVC, INSTALADA EM LAJE - FORNECIMENTO E INSTALAÇÃO. AF_03/2023","UN",21.41,0]
["Instalações Elétricas - Eletrodutos Embutidos, Cabos, Caixas, Tomadas e Interruptores",92867,"CAIXA RETANGULAR 4\" X 2\" ALTA (2,00 M DO PISO), METÁLICA, INSTALADA EM PAREDE - FORNECIMENTO E INSTALAÇÃO. AF_03/2023","UN",32.65,0]
["Instalações Elétricas - Eletrodutos Embutidos, Cabos, Caixas, Tomadas e Interruptores",91939,"CAIXA RETANGULAR 4\" X 2\" ALTA (2,00 M DO PISO), PVC, INSTALADA EM PAREDE - FORNECIMENTO E INSTALAÇÃO. AF_03/2023","UN",34.79,0]
["Instalações Elétricas - Eletrodutos Embutidos, Cabos, Caixas, Tomadas e Interruptores",92869,"CAIXA RETANGULAR 4\" X 2\" BAIXA (0,30 M DO PISO), METÁLICA, INSTALADA EM PAREDE - FORNECIMENTO E INSTALAÇÃO. AF_03/2023","UN",11.11,0]
["Instalações Elétricas - Eletrodutos Embutidos, Cabos, Caixas, Tomadas e Interruptores",91941,"CAIXA RETANGULAR 4\" X 2\" BAIXA (0,30 M DO PISO), PVC, INSTALADA EM PAREDE - FORNECIMENTO E INSTALAÇÃO. AF_03/2023","UN",13.25,0]
["Instalações Elétricas - Eletrodutos Embutidos, Cabos, Caixas, Tomadas e Interruptores",92868,"CAIXA RETANGULAR 4\" X 2\" MÉDIA (1,30 M DO PISO), METÁLICA, INSTALADA EM PAREDE - FORNECIMENTO E INSTALAÇÃO. AF_03/2023","UN",18.190000000000001,0]
["Instalações Elétricas - Eletrodutos Embutidos, Cabos, Caixas, Tomadas e Interruptores",91940,"CAIXA RETANGULAR 4\" X 2\" MÉDIA (1,30 M DO PISO), PVC, INSTALADA EM PAREDE - FORNECIMENTO E INSTALAÇÃO. AF_03/2023","UN",20.329999999999998,0]
["Instalações Elétricas - Eletrodutos Embutidos, Cabos, Caixas, Tomadas e Interruptores",92870,"CAIXA RETANGULAR 4\" X 4\" ALTA (2,00 M DO PISO), METÁLICA, INSTALADA EM PAREDE - FORNECIMENTO E INSTALAÇÃO. AF_03/2023","UN",35.42,0]
["Instalações Elétricas - Eletrodutos Embutidos, Cabos, Caixas, Tomadas e Interruptores",91942,"CAIXA RETANGULAR 4\" X 4\" ALTA (2,00 M DO PISO), PVC, INSTALADA EM PAREDE - FORNECIMENTO E INSTALAÇÃO. AF_03/2023","UN",39.49,0]
["Instalações Elétricas - Eletrodutos Embutidos, Cabos, Caixas, Tomadas e Interruptores",92872,"CAIXA RETANGULAR 4\" X 4\" BAIXA (0,30 M DO PISO), METÁLICA, INSTALADA EM PAREDE - FORNECIMENTO E INSTALAÇÃO. AF_03/2023","UN",13.12,0]
["Instalações Elétricas - Eletrodutos Embutidos, Cabos, Caixas, Tomadas e Interruptores",91944,"CAIXA RETANGULAR 4\" X 4\" BAIXA (0,30 M DO PISO), PVC, INSTALADA EM PAREDE - FORNECIMENTO E INSTALAÇÃO. AF_03/2023","UN",17.190000000000001,0]
["Instalações Elétricas - Eletrodutos Embutidos, Cabos, Caixas, Tomadas e Interruptores",92871,"CAIXA RETANGULAR 4\" X 4\" MÉDIA (1,30 M DO PISO), METÁLICA, INSTALADA EM PAREDE - FORNECIMENTO E INSTALAÇÃO. AF_03/2023","UN",20.48,0]
["Instalações Elétricas - Eletrodutos Embutidos, Cabos, Caixas, Tomadas e Interruptores",91943,"CAIXA RETANGULAR 4\" X 4\" MÉDIA (1,30 M DO PISO), PVC, INSTALADA EM PAREDE - FORNECIMENTO E INSTALAÇÃO. AF_03/2023","UN",24.55,0]
["Instalações Elétricas - Eletrodutos Embutidos, Cabos, Caixas, Tomadas e Interruptores",92866,"CAIXA SEXTAVADA 3\" X 3\", METÁLICA, INSTALADA EM LAJE - FORNECIMENTO E INSTALAÇÃO. AF_03/2023","UN",13.69,0]
["Instalações Elétricas - Eletrodutos Embutidos, Cabos, Caixas, Tomadas e Interruptores",91987,"CAMPAINHA CIGARRA (1 MÓDULO), 10A/250V, INCLUINDO SUPORTE E PLACA - FORNECIMENTO E INSTALAÇÃO. AF_03/2023","UN",49.36,0]
["Instalações Elétricas - Eletrodutos Embutidos, Cabos, Caixas, Tomadas e Interruptores",91986,"CAMPAINHA CIGARRA (1 MÓDULO), 10A/250V, SEM SUPORTE E SEM PLACA - FORNECIMENTO E INSTALAÇÃO. AF_03/2023","UN",37.950000000000003,0]
["Instalações Elétricas - Eletrodutos Embutidos, Cabos, Caixas, Tomadas e Interruptores",97559,"CURVA 135 GRAUS PARA ELETRODUTO, PVC, ROSCÁVEL, DN 25 MM (3/4\"), PARA CIRCUITOS TERMINAIS, INSTALADA EM FORRO - FORNECIMENTO E INSTALAÇÃO. AF_03/2023","UN",15.2,0]
["Instalações Elétricas - Eletrodutos Embutidos, Cabos, Caixas, Tomadas e Interruptores",97562,"CURVA 135 GRAUS PARA ELETRODUTO, PVC, ROSCÁVEL, DN 25 MM (3/4\"), PARA CIRCUITOS TERMINAIS, INSTALADA EM LAJE - FORNECIMENTO E INSTALAÇÃO. AF_03/2023","UN",12.75,0]
["Instalações Elétricas - Eletrodutos Embutidos, Cabos, Caixas, Tomadas e Interruptores",97564,"CURVA 135 GRAUS PARA ELETRODUTO, PVC, ROSCÁVEL, DN 25 MM (3/4\"), PARA CIRCUITOS TERMINAIS, INSTALADA EM PAREDE - FORNECIMENTO E INSTALAÇÃO. AF_03/2023","UN",20.18,0]
["Instalações Elétricas - Eletrodutos Embutidos, Cabos, Caixas, Tomadas e Interruptores",91889,"CURVA 180 GRAUS PARA ELETRODUTO, PVC, ROSCÁVEL, DN 20 MM (1/2\"), PARA CIRCUITOS TERMINAIS, INSTALADA EM FORRO - FORNECIMENTO E INSTALAÇÃO. AF_03/2023","UN",13.71,0]
["Instalações Elétricas - Eletrodutos Embutidos, Cabos, Caixas, Tomadas e Interruptores",91901,"CURVA 180 GRAUS PARA ELETRODUTO, PVC, ROSCÁVEL, DN 20 MM (1/2\"), PARA CIRCUITOS TERMINAIS, INSTALADA EM LAJE - FORNECIMENTO E INSTALAÇÃO. AF_03/2023","UN",11.26,0]
["Instalações Elétricas - Eletrodutos Embutidos, Cabos, Caixas, Tomadas e Interruptores",91913,"CURVA 180 GRAUS PARA ELETRODUTO, PVC, ROSCÁVEL, DN 20 MM (1/2\"), PARA CIRCUITOS TERMINAIS, INSTALADA EM PAREDE - FORNECIMENTO E INSTALAÇÃO. AF_03/2023","UN",18.73,0]
["Instalações Elétricas - Eletrodutos Embutidos, Cabos, Caixas, Tomadas e Interruptores",91892,"CURVA 180 GRAUS PARA ELETRODUTO, PVC, ROSCÁVEL, DN 25 MM (3/4\"), PARA CIRCUITOS TERMINAIS, INSTALADA EM FORRO - FORNECIMENTO E INSTALAÇÃO. AF_03/2023","UN",18.420000000000002,0]
["Instalações Elétricas - Eletrodutos Embutidos, Cabos, Caixas, Tomadas e Interruptores",91904,"CURVA 180 GRAUS PARA ELETRODUTO, PVC, ROSCÁVEL, DN 25 MM (3/4\"), PARA CIRCUITOS TERMINAIS, INSTALADA EM LAJE - FORNECIMENTO E INSTALAÇÃO. AF_03/2023","UN",15.97,0]
["Instalações Elétricas - Eletrodutos Embutidos, Cabos, Caixas, Tomadas e Interruptores",91916,"CURVA 180 GRAUS PARA ELETRODUTO, PVC, ROSCÁVEL, DN 25 MM (3/4\"), PARA CIRCUITOS TERMINAIS, INSTALADA EM PAREDE - FORNECIMENTO E INSTALAÇÃO. AF_03/2023","UN",23.4,0]
["Instalações Elétricas - Eletrodutos Embutidos, Cabos, Caixas, Tomadas e Interruptores",91895,"CURVA 180 GRAUS PARA ELETRODUTO, PVC, ROSCÁVEL, DN 32 MM (1\"), PARA CIRCUITOS TERMINAIS, INSTALADA EM FORRO - FORNECIMENTO E INSTALAÇÃO. AF_03/2023","UN",22.45,0]
["Instalações Elétricas - Eletrodutos Embutidos, Cabos, Caixas, Tomadas e Interruptores",91907,"CURVA 180 GRAUS PARA ELETRODUTO, PVC, ROSCÁVEL, DN 32 MM (1\"), PARA CIRCUITOS TERMINAIS, INSTALADA EM LAJE - FORNECIMENTO E INSTALAÇÃO. AF_03/2023","UN",20,0]
["Instalações Elétricas - Eletrodutos Embutidos, Cabos, Caixas, Tomadas e Interruptores",91919,"CURVA 180 GRAUS PARA ELETRODUTO, PVC, ROSCÁVEL, DN 32 MM (1\"), PARA CIRCUITOS TERMINAIS, INSTALADA EM PAREDE - FORNECIMENTO E INSTALAÇÃO. AF_03/2023","UN",27.36,0]
["Instalações Elétricas - Eletrodutos Embutidos, Cabos, Caixas, Tomadas e Interruptores",91898,"CURVA 180 GRAUS PARA ELETRODUTO, PVC, ROSCÁVEL, DN 40 MM (1 1/4\"), PARA CIRCUITOS TERMINAIS, INSTALADA EM FORRO - FORNECIMENTO E INSTALAÇÃO. AF_03/2023","UN",25.57,0]
["Instalações Elétricas - Eletrodutos Embutidos, Cabos, Caixas, Tomadas e Interruptores",91910,"CURVA 180 GRAUS PARA ELETRODUTO, PVC, ROSCÁVEL, DN 40 MM (1 1/4\"), PARA CIRCUITOS TERMINAIS, INSTALADA EM LAJE - FORNECIMENTO E INSTALAÇÃO. AF_03/2023","UN",23.17,0]
["Instalações Elétricas - Eletrodutos Embutidos, Cabos, Caixas, Tomadas e Interruptores",91922,"CURVA 180 GRAUS PARA ELETRODUTO, PVC, ROSCÁVEL, DN 40 MM (1 1/4\"), PARA CIRCUITOS TERMINAIS, INSTALADA EM PAREDE - FORNECIMENTO E INSTALAÇÃO. AF_03/2023","UN",30.42,0]
["Instalações Elétricas - Eletrodutos Embutidos, Cabos, Caixas, Tomadas e Interruptores",91887,"CURVA 90 GRAUS PARA ELETRODUTO, PVC, ROSCÁVEL, DN 20 MM (1/2\"), PARA CIRCUITOS TERMINAIS, INSTALADA EM FORRO - FORNECIMENTO E INSTALAÇÃO. AF_03/2023","UN",14.14,0]
["Instalações Elétricas - Eletrodutos Embutidos, Cabos, Caixas, Tomadas e Interruptores",91899,"CURVA 90 GRAUS PARA ELETRODUTO, PVC, ROSCÁVEL, DN 20 MM (1/2\"), PARA CIRCUITOS TERMINAIS, INSTALADA EM LAJE - FORNECIMENTO E INSTALAÇÃO. AF_03/2023","UN",11.69,0]
["Instalações Elétricas - Eletrodutos Embutidos, Cabos, Caixas, Tomadas e Interruptores",91911,"CURVA 90 GRAUS PARA ELETRODUTO, PVC, ROSCÁVEL, DN 20 MM (1/2\"), PARA CIRCUITOS TERMINAIS, INSTALADA EM PAREDE - FORNECIMENTO E INSTALAÇÃO. AF_03/2023","UN",19.16,0]
["Instalações Elétricas - Eletrodutos Embutidos, Cabos, Caixas, Tomadas e Interruptores",91890,"CURVA 90 GRAUS PARA ELETRODUTO, PVC, ROSCÁVEL, DN 25 MM (3/4\"), PARA CIRCUITOS TERMINAIS, INSTALADA EM FORRO - FORNECIMENTO E INSTALAÇÃO. AF_03/2023","UN",15.52,0]
["Instalações Elétricas - Eletrodutos Embutidos, Cabos, Caixas, Tomadas e Interruptores",91902,"CURVA 90 GRAUS PARA ELETRODUTO, PVC, ROSCÁVEL, DN 25 MM (3/4\"), PARA CIRCUITOS TERMINAIS, INSTALADA EM LAJE - FORNECIMENTO E INSTALAÇÃO. AF_03/2023","UN",13.07,0]
["Instalações Elétricas - Eletrodutos Embutidos, Cabos, Caixas, Tomadas e Interruptores",91914,"CURVA 90 GRAUS PARA ELETRODUTO, PVC, ROSCÁVEL, DN 25 MM (3/4\"), PARA CIRCUITOS TERMINAIS, INSTALADA EM PAREDE - FORNECIMENTO E INSTALAÇÃO. AF_03/2023","UN",20.5,0]
["Instalações Elétricas - Eletrodutos Embutidos, Cabos, Caixas, Tomadas e Interruptores",91893,"CURVA 90 GRAUS PARA ELETRODUTO, PVC, ROSCÁVEL, DN 32 MM (1\"), PARA CIRCUITOS TERMINAIS, INSTALADA EM FORRO - FORNECIMENTO E INSTALAÇÃO. AF_03/2023","UN",19.510000000000002,0]
["Instalações Elétricas - Eletrodutos Embutidos, Cabos, Caixas, Tomadas e Interruptores",91905,"CURVA 90 GRAUS PARA ELETRODUTO, PVC, ROSCÁVEL, DN 32 MM (1\"), PARA CIRCUITOS TERMINAIS, INSTALADA EM LAJE - FORNECIMENTO E INSTALAÇÃO. AF_03/2023","UN",17.059999999999999,0]
["Instalações Elétricas - Eletrodutos Embutidos, Cabos, Caixas, Tomadas e Interruptores",91917,"CURVA 90 GRAUS PARA ELETRODUTO, PVC, ROSCÁVEL, DN 32 MM (1\"), PARA CIRCUITOS TERMINAIS, INSTALADA EM PAREDE - FORNECIMENTO E INSTALAÇÃO. AF_03/2023","UN",24.42,0]
["Instalações Elétricas - Eletrodutos Embutidos, Cabos, Caixas, Tomadas e Interruptores",91896,"CURVA 90 GRAUS PARA ELETRODUTO, PVC, ROSCÁVEL, DN 40 MM (1 1/4\"), PARA CIRCUITOS TERMINAIS, INSTALADA EM FORRO - FORNECIMENTO E INSTALAÇÃO. AF_03/2023","UN",22.42,0]
["Instalações Elétricas - Eletrodutos Embutidos, Cabos, Caixas, Tomadas e Interruptores",91908,"CURVA 90 GRAUS PARA ELETRODUTO, PVC, ROSCÁVEL, DN 40 MM (1 1/4\"), PARA CIRCUITOS TERMINAIS, INSTALADA EM LAJE - FORNECIMENTO E INSTALAÇÃO. AF_03/2023","UN",20.02,0]
["Instalações Elétricas - Eletrodutos Embutidos, Cabos, Caixas, Tomadas e Interruptores",91920,"CURVA 90 GRAUS PARA ELETRODUTO, PVC, ROSCÁVEL, DN 40 MM (1 1/4\"), PARA CIRCUITOS TERMINAIS, INSTALADA EM PAREDE - FORNECIMENTO E INSTALAÇÃO. AF_03/2023","UN",27.27,0]
["Instalações Elétricas - Eletrodutos Embutidos, Cabos, Caixas, Tomadas e Interruptores",91983,"DIMMER ROTATIVO (1 MÓDULO), 220V/600W, INCLUINDO SUPORTE E PLACA - FORNECIMENTO E INSTALAÇÃO. AF_03/2023","UN",98.42,0]
["Instalações Elétricas - Eletrodutos Embutidos, Cabos, Caixas, Tomadas e Interruptores",91982,"DIMMER ROTATIVO (1 MÓDULO), 220V/600W, SEM SUPORTE E SEM PLACA - FORNECIMENTO E INSTALAÇÃO. AF_03/2023","UN",87.01,0]
["Instalações Elétricas - Eletrodutos Embutidos, Cabos, Caixas, Tomadas e Interruptores",91833,"ELETRODUTO FLEXÍVEL CORRUGADO REFORÇADO, PVC, DN 20 MM (1/2\"), PARA CIRCUITOS TERMINAIS, INSTALADO EM FORRO - FORNECIMENTO E INSTALAÇÃO. AF_03/2023","M",19.89,0]
["Instalações Elétricas - Eletrodutos Embutidos, Cabos, Caixas, Tomadas e Interruptores",91843,"ELETRODUTO FLEXÍVEL CORRUGADO REFORÇADO, PVC, DN 20 MM (1/2\"), PARA CIRCUITOS TERMINAIS, INSTALADO EM LAJE - FORNECIMENTO E INSTALAÇÃO. AF_03/2023","M",7.2,0]
["Instalações Elétricas - Eletrodutos Embutidos, Cabos, Caixas, Tomadas e Interruptores",91853,"ELETRODUTO FLEXÍVEL CORRUGADO REFORÇADO, PVC, DN 20 MM (1/2\"), PARA CIRCUITOS TERMINAIS, INSTALADO EM PAREDE - FORNECIMENTO E INSTALAÇÃO. AF_03/2023","M",10.4,0]
["Instalações Elétricas - Eletrodutos Embutidos, Cabos, Caixas, Tomadas e Interruptores",91835,"ELETRODUTO FLEXÍVEL CORRUGADO REFORÇADO, PVC, DN 25 MM (3/4\"), PARA CIRCUITOS TERMINAIS, INSTALADO EM FORRO - FORNECIMENTO E INSTALAÇÃO. AF_03/2023","M",21.84,0]
["Instalações Elétricas - Eletrodutos Embutidos, Cabos, Caixas, Tomadas e Interruptores",91845,"ELETRODUTO FLEXÍVEL CORRUGADO REFORÇADO, PVC, DN 25 MM (3/4\"), PARA CIRCUITOS TERMINAIS, INSTALADO EM LAJE - FORNECIMENTO E INSTALAÇÃO. AF_03/2023","M",9.1,0]
["Instalações Elétricas - Eletrodutos Embutidos, Cabos, Caixas, Tomadas e Interruptores",91855,"ELETRODUTO FLEXÍVEL CORRUGADO REFORÇADO, PVC, DN 25 MM (3/4\"), PARA CIRCUITOS TERMINAIS, INSTALADO EM PAREDE - FORNECIMENTO E INSTALAÇÃO. AF_03/2023","M",12.2,0]
["Instalações Elétricas - Eletrodutos Embutidos, Cabos, Caixas, Tomadas e Interruptores",91837,"ELETRODUTO FLEXÍVEL CORRUGADO REFORÇADO, PVC, DN 32 MM (1\"), PARA CIRCUITOS TERMINAIS, INSTALADO EM FORRO - FORNECIMENTO E INSTALAÇÃO. AF_03/2023","M",27.36,0]
["Instalações Elétricas - Eletrodutos Embutidos, Cabos, Caixas, Tomadas e Interruptores",91847,"ELETRODUTO FLEXÍVEL CORRUGADO REFORÇADO, PVC, DN 32 MM (1\"), PARA CIRCUITOS TERMINAIS, INSTALADO EM LAJE - FORNECIMENTO E INSTALAÇÃO. AF_03/2023","M",14.68,0]
["Instalações Elétricas - Eletrodutos Embutidos, Cabos, Caixas, Tomadas e Interruptores",91857,"ELETRODUTO FLEXÍVEL CORRUGADO REFORÇADO, PVC, DN 32 MM (1\"), PARA CIRCUITOS TERMINAIS, INSTALADO EM PAREDE - FORNECIMENTO E INSTALAÇÃO. AF_03/2023","M",17.420000000000002,0]
["Instalações Elétricas - Eletrodutos Embutidos, Cabos, Caixas, Tomadas e Interruptores",91838,"ELETRODUTO FLEXÍVEL CORRUGADO, PEAD, DN 32 MM (1\"), PARA CIRCUITOS TERMINAIS, INSTALADO EM FORRO - FORNECIMENTO E INSTALAÇÃO. AF_03/2023","M",0]
["Instalações Elétricas - Eletrodutos Embutidos, Cabos, Caixas, Tomadas e Interruptores",91848,"ELETRODUTO FLEXÍVEL CORRUGADO, PEAD, DN 32 MM (1\"), PARA CIRCUITOS TERMINAIS, INSTALADO EM LAJE - FORNECIMENTO E INSTALAÇÃO. AF_03/2023","M",0]
["Instalações Elétricas - Eletrodutos Embutidos, Cabos, Caixas, Tomadas e Interruptores",91858,"ELETRODUTO FLEXÍVEL CORRUGADO, PEAD, DN 32 MM (1\"), PARA CIRCUITOS TERMINAIS, INSTALADO EM PAREDE - FORNECIMENTO E INSTALAÇÃO. AF_03/2023","M",0]
["Instalações Elétricas - Eletrodutos Embutidos, Cabos, Caixas, Tomadas e Interruptores",91840,"ELETRODUTO FLEXÍVEL CORRUGADO, PEAD, DN 40 MM (1 1/4\"), PARA CIRCUITOS TERMINAIS, INSTALADO EM FORRO - FORNECIMENTO E INSTALAÇÃO. AF_03/2023","M",22.63,0.1825]
["Instalações Elétricas - Eletrodutos Embutidos, Cabos, Caixas, Tomadas e Interruptores",91850,"ELETRODUTO FLEXÍVEL CORRUGADO, PEAD, DN 40 MM (1 1/4\"), PARA CIRCUITOS TERMINAIS, INSTALADO EM LAJE - FORNECIMENTO E INSTALAÇÃO. AF_03/2023","M",9.89,0.41760000000000003]
["Instalações Elétricas - Eletrodutos Embutidos, Cabos, Caixas, Tomadas e Interruptores",91860,"ELETRODUTO FLEXÍVEL CORRUGADO, PEAD, DN 40 MM (1 1/4\"), PARA CIRCUITOS TERMINAIS, INSTALADO EM PAREDE - FORNECIMENTO E INSTALAÇÃO. AF_03/2023","M",13.06,0.29249999999999998]
["Instalações Elétricas - Eletrodutos Embutidos, Cabos, Caixas, Tomadas e Interruptores",91831,"ELETRODUTO FLEXÍVEL CORRUGADO, PVC, DN 20 MM (1/2\"), PARA CIRCUITOS TERMINAIS, INSTALADO EM FORRO - FORNECIMENTO E INSTALAÇÃO. AF_03/2023","M",19.2,0]
["Instalações Elétricas - Eletrodutos Embutidos, Cabos, Caixas, Tomadas e Interruptores",91852,"ELETRODUTO FLEXÍVEL CORRUGADO, PVC, DN 20 MM (1/2\"), PARA CIRCUITOS TERMINAIS, INSTALADO EM PAREDE - FORNECIMENTO E INSTALAÇÃO. AF_03/2023","M",9.76,0]
["Instalações Elétricas - Eletrodutos Embutidos, Cabos, Caixas, Tomadas e Interruptores",91834,"ELETRODUTO FLEXÍVEL CORRUGADO, PVC, DN 25 MM (3/4\"), PARA CIRCUITOS TERMINAIS, INSTALADO EM FORRO - FORNECIMENTO E INSTALAÇÃO. AF_03/2023","M",20.079999999999998,0]
["Instalações Elétricas - Eletrodutos Embutidos, Cabos, Caixas, Tomadas e Interruptores",91854,"ELETRODUTO FLEXÍVEL CORRUGADO, PVC, DN 25 MM (3/4\"), PARA CIRCUITOS TERMINAIS, INSTALADO EM PAREDE - FORNECIMENTO E INSTALAÇÃO. AF_03/2023","M",10.58,0]
["Instalações Elétricas - Eletrodutos Embutidos, Cabos, Caixas, Tomadas e Interruptores",91836,"ELETRODUTO FLEXÍVEL CORRUGADO, PVC, DN 32 MM (1\"), PARA CIRCUITOS TERMINAIS, INSTALADO EM FORRO - FORNECIMENTO E INSTALAÇÃO. AF_03/2023","M",23.25,0]
["Instalações Elétricas - Eletrodutos Embutidos, Cabos, Caixas, Tomadas e Interruptores",91856,"ELETRODUTO FLEXÍVEL CORRUGADO, PVC, DN 32 MM (1\"), PARA CIRCUITOS TERMINAIS, INSTALADO EM PAREDE - FORNECIMENTO E INSTALAÇÃO. AF_03/2023","M",13.61,0]
["Instalações Elétricas - Eletrodutos Embutidos, Cabos, Caixas, Tomadas e Interruptores",91839,"ELETRODUTO FLEXÍVEL LISO, PEAD, DN 32 MM (1\"), PARA CIRCUITOS TERMINAIS, INSTALADO EM FORRO - FORNECIMENTO E INSTALAÇÃO. AF_03/2023","M",20.22,0.13450000000000001]
["Instalações Elétricas - Eletrodutos Embutidos, Cabos, Caixas, Tomadas e Interruptores",91849,"ELETRODUTO FLEXÍVEL LISO, PEAD, DN 32 MM (1\"), PARA CIRCUITOS TERMINAIS, INSTALADO EM LAJE - FORNECIMENTO E INSTALAÇÃO. AF_03/2023","M",7.54,0.36070000000000002]
["Instalações Elétricas - Eletrodutos Embutidos, Cabos, Caixas, Tomadas e Interruptores",91859,"ELETRODUTO FLEXÍVEL LISO, PEAD, DN 32 MM (1\"), PARA CIRCUITOS TERMINAIS, INSTALADO EM PAREDE - FORNECIMENTO E INSTALAÇÃO. AF_03/2023","M",10.82,0.2329]
["Instalações Elétricas - Eletrodutos Embutidos, Cabos, Caixas, Tomadas e Interruptores",91841,"ELETRODUTO FLEXÍVEL LISO, PEAD, DN 40 MM (1 1/4\"), PARA CIRCUITOS TERMINAIS, INSTALADO EM FORRO - FORNECIMENTO E INSTALAÇÃO. AF_03/2023","M",22,0.15909999999999999]
["Instalações Elétricas - Eletrodutos Embutidos, Cabos, Caixas, Tomadas e Interruptores",91851,"ELETRODUTO FLEXÍVEL LISO, PEAD, DN 40 MM (1 1/4\"), PARA CIRCUITOS TERMINAIS, INSTALADO EM LAJE - FORNECIMENTO E INSTALAÇÃO. AF_03/2023","M",9.26,0.378]
["Instalações Elétricas - Eletrodutos Embutidos, Cabos, Caixas, Tomadas e Interruptores",91861,"ELETRODUTO FLEXÍVEL LISO, PEAD, DN 40 MM (1 1/4\"), PARA CIRCUITOS TERMINAIS, INSTALADO EM PAREDE - FORNECIMENTO E INSTALAÇÃO. AF_03/2023","M",12.48,0.2596]
["Instalações Elétricas - Eletrodutos Embutidos, Cabos, Caixas, Tomadas e Interruptores",91862,"ELETRODUTO RÍGIDO ROSCÁVEL, PVC, DN 20 MM (1/2\"), PARA CIRCUITOS TERMINAIS, INSTALADO EM FORRO - FORNECIMENTO E INSTALAÇÃO. AF_03/2023","M",10.59,0]
["Instalações Elétricas - Eletrodutos Embutidos, Cabos, Caixas, Tomadas e Interruptores",91866,"ELETRODUTO RÍGIDO ROSCÁVEL, PVC, DN 20 MM (1/2\"), PARA CIRCUITOS TERMINAIS, INSTALADO EM LAJE - FORNECIMENTO E INSTALAÇÃO. AF_03/2023","M",9.2100000000000009,0]
["Instalações Elétricas - Eletrodutos Embutidos, Cabos, Caixas, Tomadas e Interruptores",91870,"ELETRODUTO RÍGIDO ROSCÁVEL, PVC, DN 20 MM (1/2\"), PARA CIRCUITOS TERMINAIS, INSTALADO EM PAREDE - FORNECIMENTO E INSTALAÇÃO. AF_03/2023","M",13.82,0]
["Instalações Elétricas - Eletrodutos Embutidos, Cabos, Caixas, Tomadas e Interruptores",91863,"ELETRODUTO RÍGIDO ROSCÁVEL, PVC, DN 25 MM (3/4\"), PARA CIRCUITOS TERMINAIS, INSTALADO EM FORRO - FORNECIMENTO E INSTALAÇÃO. AF_03/2023","M",12.52,0]
["Instalações Elétricas - Eletrodutos Embutidos, Cabos, Caixas, Tomadas e Interruptores",91867,"ELETRODUTO RÍGIDO ROSCÁVEL, PVC, DN 25 MM (3/4\"), PARA CIRCUITOS TERMINAIS, INSTALADO EM LAJE - FORNECIMENTO E INSTALAÇÃO. AF_03/2023","M",11.16,0]
["Instalações Elétricas - Eletrodutos Embutidos, Cabos, Caixas, Tomadas e Interruptores",91871,"ELETRODUTO RÍGIDO ROSCÁVEL, PVC, DN 25 MM (3/4\"), PARA CIRCUITOS TERMINAIS, INSTALADO EM PAREDE - FORNECIMENTO E INSTALAÇÃO. AF_03/2023","M",15.76,0]
["Instalações Elétricas - Eletrodutos Embutidos, Cabos, Caixas, Tomadas e Interruptores",91864,"ELETRODUTO RÍGIDO ROSCÁVEL, PVC, DN 32 MM (1\"), PARA CIRCUITOS TERMINAIS, INSTALADO EM FORRO - FORNECIMENTO E INSTALAÇÃO. AF_03/2023","M",16.98,0]
["Instalações Elétricas - Eletrodutos Embutidos, Cabos, Caixas, Tomadas e Interruptores",91868,"ELETRODUTO RÍGIDO ROSCÁVEL, PVC, DN 32 MM (1\"), PARA CIRCUITOS TERMINAIS, INSTALADO EM LAJE - FORNECIMENTO E INSTALAÇÃO. AF_03/2023","M",15.62,0]
["Instalações Elétricas - Eletrodutos Embutidos, Cabos, Caixas, Tomadas e Interruptores",91872,"ELETRODUTO RÍGIDO ROSCÁVEL, PVC, DN 32 MM (1\"), PARA CIRCUITOS TERMINAIS, INSTALADO EM PAREDE - FORNECIMENTO E INSTALAÇÃO. AF_03/2023","M",20.21,0]
["Instalações Elétricas - Eletrodutos Embutidos, Cabos, Caixas, Tomadas e Interruptores",91865,"ELETRODUTO RÍGIDO ROSCÁVEL, PVC, DN 40 MM (1 1/4\"), PARA CIRCUITOS TERMINAIS, INSTALADO EM FORRO - FORNECIMENTO E INSTALAÇÃO. AF_03/2023","M",21.32,0]
["Instalações Elétricas - Eletrodutos Embutidos, Cabos, Caixas, Tomadas e Interruptores",91869,"ELETRODUTO RÍGIDO ROSCÁVEL, PVC, DN 40 MM (1 1/4\"), PARA CIRCUITOS TERMINAIS, INSTALADO EM LAJE - FORNECIMENTO E INSTALAÇÃO. AF_03/2023","M",19.91,0]
["Instalações Elétricas - Eletrodutos Embutidos, Cabos, Caixas, Tomadas e Interruptores",91873,"ELETRODUTO RÍGIDO ROSCÁVEL, PVC, DN 40 MM (1 1/4\"), PARA CIRCUITOS TERMINAIS, INSTALADO EM PAREDE - FORNECIMENTO E INSTALAÇÃO. AF_03/2023","M",24.51,0]
["Instalações Elétricas - Eletrodutos Embutidos, Cabos, Caixas, Tomadas e Interruptores",91981,"INTERRUPTOR BIPOLAR (1 MÓDULO), 10A/250V, INCLUINDO SUPORTE E PLACA - FORNECIMENTO E INSTALAÇÃO. AF_03/2023","UN",51.06,0]
["Instalações Elétricas - Eletrodutos Embutidos, Cabos, Caixas, Tomadas e Interruptores",91980,"INTERRUPTOR BIPOLAR (1 MÓDULO), 10A/250V, SEM SUPORTE E SEM PLACA - FORNECIMENTO E INSTALAÇÃO. AF_03/2023","UN",39.65,0]
["Instalações Elétricas - Eletrodutos Embutidos, Cabos, Caixas, Tomadas e Interruptores",91979,"INTERRUPTOR INTERMEDIÁRIO (1 MÓDULO), 10A/250V, INCLUINDO SUPORTE E PLACA - FORNECIMENTO E INSTALAÇÃO. AF_03/2023","UN",52.23,0]
["Instalações Elétricas - Eletrodutos Embutidos, Cabos, Caixas, Tomadas e Interruptores",91978,"INTERRUPTOR INTERMEDIÁRIO (1 MÓDULO), 10A/250V, SEM SUPORTE E SEM PLACA - FORNECIMENTO E INSTALAÇÃO. AF_03/2023","UN",40.82,0]
["Instalações Elétricas - Eletrodutos Embutidos, Cabos, Caixas, Tomadas e Interruptores",92029,"INTERRUPTOR PARALELO (1 MÓDULO) COM 1 TOMADA DE EMBUTIR 2P+T 10 A, INCLUINDO SUPORTE E PLACA - FORNECIMENTO E INSTALAÇÃO. AF_03/2023","UN",59.54,0]
["Instalações Elétricas - Eletrodutos Embutidos, Cabos, Caixas, Tomadas e Interruptores",92028,"INTERRUPTOR PARALELO (1 MÓDULO) COM 1 TOMADA DE EMBUTIR 2P+T 10 A, SEM SUPORTE E SEM PLACA - FORNECIMENTO E INSTALAÇÃO. AF_03/2023","UN",48.13,0]
["Instalações Elétricas - Eletrodutos Embutidos, Cabos, Caixas, Tomadas e Interruptores",92031,"INTERRUPTOR PARALELO (1 MÓDULO) COM 2 TOMADAS DE EMBUTIR 2P+T 10 A, INCLUINDO SUPORTE E PLACA - FORNECIMENTO E INSTALAÇÃO. AF_03/2023","UN",81.27,0]
["Instalações Elétricas - Eletrodutos Embutidos, Cabos, Caixas, Tomadas e Interruptores",92030,"INTERRUPTOR PARALELO (1 MÓDULO) COM 2 TOMADAS DE EMBUTIR 2P+T 10 A, SEM SUPORTE E SEM PLACA - FORNECIMENTO E INSTALAÇÃO. AF_03/2023","UN",69.86,0]
["Instalações Elétricas - Eletrodutos Embutidos, Cabos, Caixas, Tomadas e Interruptores",91955,"INTERRUPTOR PARALELO (1 MÓDULO), 10A/250V, INCLUINDO SUPORTE E PLACA - FORNECIMENTO E INSTALAÇÃO. AF_03/2023","UN",37.75,0]
["Instalações Elétricas - Eletrodutos Embutidos, Cabos, Caixas, Tomadas e Interruptores",91954,"INTERRUPTOR PARALELO (1 MÓDULO), 10A/250V, SEM SUPORTE E SEM PLACA - FORNECIMENTO E INSTALAÇÃO. AF_03/2023","UN",26.34,0]
["Instalações Elétricas - Eletrodutos Embutidos, Cabos, Caixas, Tomadas e Interruptores",92033,"INTERRUPTOR PARALELO (2 MÓDULOS) COM 1 TOMADA DE EMBUTIR 2P+T 10 A, INCLUINDO SUPORTE E PLACA - FORNECIMENTO E INSTALAÇÃO. AF_03/2023","UN",82.37,0]
["Instalações Elétricas - Eletrodutos Embutidos, Cabos, Caixas, Tomadas e Interruptores",92032,"INTERRUPTOR PARALELO (2 MÓDULOS) COM 1 TOMADA DE EMBUTIR 2P+T 10 A, SEM SUPORTE E SEM PLACA - FORNECIMENTO E INSTALAÇÃO. AF_03/2023","UN",70.959999999999994,0]
["Instalações Elétricas - Eletrodutos Embutidos, Cabos, Caixas, Tomadas e Interruptores",91961,"INTERRUPTOR PARALELO (2 MÓDULOS), 10A/250V, INCLUINDO SUPORTE E PLACA - FORNECIMENTO E INSTALAÇÃO. AF_03/2023","UN",60.64,0]
["Instalações Elétricas - Eletrodutos Embutidos, Cabos, Caixas, Tomadas e Interruptores",91960,"INTERRUPTOR PARALELO (2 MÓDULOS), 10A/250V, SEM SUPORTE E SEM PLACA - FORNECIMENTO E INSTALAÇÃO. AF_03/2023","UN",49.23,0]
["Instalações Elétricas - Eletrodutos Embutidos, Cabos, Caixas, Tomadas e Interruptores",91969,"INTERRUPTOR PARALELO (3 MÓDULOS), 10A/250V, INCLUINDO SUPORTE E PLACA - FORNECIMENTO E INSTALAÇÃO. AF_03/2023","UN",83.47,0]
["Instalações Elétricas - Eletrodutos Embutidos, Cabos, Caixas, Tomadas e Interruptores",91968,"INTERRUPTOR PARALELO (3 MÓDULOS), 10A/250V, SEM SUPORTE E SEM PLACA - FORNECIMENTO E INSTALAÇÃO. AF_03/2023","UN",72.06,0]
["Instalações Elétricas - Eletrodutos Embutidos, Cabos, Caixas, Tomadas e Interruptores",91985,"INTERRUPTOR PULSADOR CAMPAINHA (1 MÓDULO), 10A/250V, INCLUINDO SUPORTE E PLACA - FORNECIMENTO E INSTALAÇÃO. AF_03/2023","UN",29.91,0]
["Instalações Elétricas - Eletrodutos Embutidos, Cabos, Caixas, Tomadas e Interruptores",91984,"INTERRUPTOR PULSADOR CAMPAINHA (1 MÓDULO), 10A/250V, SEM SUPORTE E SEM PLACA - FORNECIMENTO E INSTALAÇÃO. AF_03/2023","UN",18.5,0]
["Instalações Elétricas - Eletrodutos Embutidos, Cabos, Caixas, Tomadas e Interruptores",91989,"INTERRUPTOR PULSADOR MINUTERIA (1 MÓDULO), 10A/250V, INCLUINDO SUPORTE E PLACA - FORNECIMENTO E INSTALAÇÃO. AF_03/2023","UN",33.83,0]
["Instalações Elétricas - Eletrodutos Embutidos, Cabos, Caixas, Tomadas e Interruptores",91988,"INTERRUPTOR PULSADOR MINUTERIA (1 MÓDULO), 10A/250V, SEM SUPORTE E SEM PLACA - FORNECIMENTO E INSTALAÇÃO. AF_03/2023","UN",22.42,0]
["Instalações Elétricas - Eletrodutos Embutidos, Cabos, Caixas, Tomadas e Interruptores",92023,"INTERRUPTOR SIMPLES (1 MÓDULO) COM 1 TOMADA DE EMBUTIR 2P+T 10 A, INCLUINDO SUPORTE E PLACA - FORNECIMENTO E INSTALAÇÃO. AF_03/2023","UN",52.72,0]
["Instalações Elétricas - Eletrodutos Embutidos, Cabos, Caixas, Tomadas e Interruptores",92022,"INTERRUPTOR SIMPLES (1 MÓDULO) COM 1 TOMADA DE EMBUTIR 2P+T 10 A, SEM SUPORTE E SEM PLACA - FORNECIMENTO E INSTALAÇÃO. AF_03/2023","UN",41.31,0]
["Instalações Elétricas - Eletrodutos Embutidos, Cabos, Caixas, Tomadas e Interruptores",92025,"INTERRUPTOR SIMPLES (1 MÓDULO) COM 2 TOMADAS DE EMBUTIR 2P+T 10 A, INCLUINDO SUPORTE E PLACA - FORNECIMENTO E INSTALAÇÃO. AF_03/2023","UN",74.510000000000005,0]
["Instalações Elétricas - Eletrodutos Embutidos, Cabos, Caixas, Tomadas e Interruptores",92024,"INTERRUPTOR SIMPLES (1 MÓDULO) COM 2 TOMADAS DE EMBUTIR 2P+T 10 A, SEM SUPORTE E SEM PLACA - FORNECIMENTO E INSTALAÇÃO. AF_03/2023","UN",63.1,0]
["Instalações Elétricas - Eletrodutos Embutidos, Cabos, Caixas, Tomadas e Interruptores",91957,"INTERRUPTOR SIMPLES (1 MÓDULO) COM INTERRUPTOR PARALELO (1 MÓDULO), 10A/250V, INCLUINDO SUPORTE E PLACA - FORNECIMENTO E INSTALAÇÃO. AF_03/2023","UN",53.82,0]
["Instalações Elétricas - Eletrodutos Embutidos, Cabos, Caixas, Tomadas e Interruptores",91956,"INTERRUPTOR SIMPLES (1 MÓDULO) COM INTERRUPTOR PARALELO (1 MÓDULO), 10A/250V, SEM SUPORTE E SEM PLACA - FORNECIMENTO E INSTALAÇÃO. AF_03/2023","UN",42.41,0]
["Instalações Elétricas - Eletrodutos Embutidos, Cabos, Caixas, Tomadas e Interruptores",91963,"INTERRUPTOR SIMPLES (1 MÓDULO) COM INTERRUPTOR PARALELO (2 MÓDULOS), 10A/250V, INCLUINDO SUPORTE E PLACA - FORNECIMENTO E INSTALAÇÃO. AF_03/2023","UN",76.709999999999994,0]
["Instalações Elétricas - Eletrodutos Embutidos, Cabos, Caixas, Tomadas e Interruptores",91962,"INTERRUPTOR SIMPLES (1 MÓDULO) COM INTERRUPTOR PARALELO (2 MÓDULOS), 10A/250V, SEM SUPORTE E SEM PLACA - FORNECIMENTO E INSTALAÇÃO. AF_03/2023","UN",65.3,0]
["Instalações Elétricas - Eletrodutos Embutidos, Cabos, Caixas, Tomadas e Interruptores",91953,"INTERRUPTOR SIMPLES (1 MÓDULO), 10A/250V, INCLUINDO SUPORTE E PLACA - FORNECIMENTO E INSTALAÇÃO. AF_03/2023","UN",30.99,0]
["Instalações Elétricas - Eletrodutos Embutidos, Cabos, Caixas, Tomadas e Interruptores",91952,"INTERRUPTOR SIMPLES (1 MÓDULO), 10A/250V, SEM SUPORTE E SEM PLACA - FORNECIMENTO E INSTALAÇÃO. AF_03/2023","UN",19.579999999999998,0]
["Instalações Elétricas - Eletrodutos Embutidos, Cabos, Caixas, Tomadas e Interruptores",92035,"INTERRUPTOR SIMPLES (1 MÓDULO), INTERRUPTOR PARALELO (1 MÓDULO) E 1 TOMADA DE EMBUTIR 2P+T 10 A, INCLUINDO SUPORTE E PLACA - FORNECIMENTO E INSTALAÇÃO. AF_03/2023","UN",75.61,0]
["Instalações Elétricas - Eletrodutos Embutidos, Cabos, Caixas, Tomadas e Interruptores",92034,"INTERRUPTOR SIMPLES (1 MÓDULO), INTERRUPTOR PARALELO (1 MÓDULO) E 1 TOMADA DE EMBUTIR 2P+T 10 A, SEM SUPORTE E SEM PLACA - FORNECIMENTO E INSTALAÇÃO. AF_03/2023","UN",64.2,0]
["Instalações Elétricas - Eletrodutos Embutidos, Cabos, Caixas, Tomadas e Interruptores",92027,"INTERRUPTOR SIMPLES (2 MÓDULOS) COM 1 TOMADA DE EMBUTIR 2P+T 10 A, INCLUINDO SUPORTE E PLACA - FORNECIMENTO E INSTALAÇÃO. AF_03/2023","UN",68.849999999999994,0]
["Instalações Elétricas - Eletrodutos Embutidos, Cabos, Caixas, Tomadas e Interruptores",92026,"INTERRUPTOR SIMPLES (2 MÓDULOS) COM 1 TOMADA DE EMBUTIR 2P+T 10 A, SEM SUPORTE E SEM PLACA - FORNECIMENTO E INSTALAÇÃO. AF_03/2023","UN",57.44,0]
["Instalações Elétricas - Eletrodutos Embutidos, Cabos, Caixas, Tomadas e Interruptores",91965,"INTERRUPTOR SIMPLES (2 MÓDULOS) COM INTERRUPTOR PARALELO (1 MÓDULO), 10A/250V, INCLUINDO SUPORTE E PLACA - FORNECIMENTO E INSTALAÇÃO. AF_03/2023","UN",69.95,0]
["Instalações Elétricas - Eletrodutos Embutidos, Cabos, Caixas, Tomadas e Interruptores",91964,"INTERRUPTOR SIMPLES (2 MÓDULOS) COM INTERRUPTOR PARALELO (1 MÓDULO), 10A/250V, SEM SUPORTE E SEM PLACA - FORNECIMENTO E INSTALAÇÃO. AF_03/2023","UN",58.54,0]
["Instalações Elétricas - Eletrodutos Embutidos, Cabos, Caixas, Tomadas e Interruptores",91973,"INTERRUPTOR SIMPLES (2 MÓDULOS) COM INTERRUPTOR PARALELO (2 MÓDULOS), 10A/250V, INCLUINDO SUPORTE E PLACA - FORNECIMENTO E INSTALAÇÃO. AF_03/2023","UN",98.36,0]
["Instalações Elétricas - Eletrodutos Embutidos, Cabos, Caixas, Tomadas e Interruptores",91972,"INTERRUPTOR SIMPLES (2 MÓDULOS) COM INTERRUPTOR PARALELO (2 MÓDULOS), 10A/250V, SEM SUPORTE E SEM PLACA - FORNECIMENTO E INSTALAÇÃO. AF_03/2023","UN",81.89,0]
["Instalações Elétricas - Eletrodutos Embutidos, Cabos, Caixas, Tomadas e Interruptores",91959,"INTERRUPTOR SIMPLES (2 MÓDULOS), 10A/250V, INCLUINDO SUPORTE E PLACA - FORNECIMENTO E INSTALAÇÃO. AF_03/2023","UN",47.12,0]
["Instalações Elétricas - Eletrodutos Embutidos, Cabos, Caixas, Tomadas e Interruptores",91958,"INTERRUPTOR SIMPLES (2 MÓDULOS), 10A/250V, SEM SUPORTE E SEM PLACA - FORNECIMENTO E INSTALAÇÃO. AF_03/2023","UN",35.71,0]
["Instalações Elétricas - Eletrodutos Embutidos, Cabos, Caixas, Tomadas e Interruptores",91971,"INTERRUPTOR SIMPLES (3 MÓDULOS) COM INTERRUPTOR PARALELO (1 MÓDULO), 10A/250V, INCLUINDO SUPORTE E PLACA - FORNECIMENTO E INSTALAÇÃO. AF_03/2023","UN",91.53,0]
["Instalações Elétricas - Eletrodutos Embutidos, Cabos, Caixas, Tomadas e Interruptores",91970,"INTERRUPTOR SIMPLES (3 MÓDULOS) COM INTERRUPTOR PARALELO (1 MÓDULO), 10A/250V, SEM SUPORTE E SEM PLACA - FORNECIMENTO E INSTALAÇÃO. AF_03/2023","UN",75.06,0]
["Instalações Elétricas - Eletrodutos Embutidos, Cabos, Caixas, Tomadas e Interruptores",91967,"INTERRUPTOR SIMPLES (3 MÓDULOS), 10A/250V, INCLUINDO SUPORTE E PLACA - FORNECIMENTO E INSTALAÇÃO. AF_03/2023","UN",63.25,0]
["Instalações Elétricas - Eletrodutos Embutidos, Cabos, Caixas, Tomadas e Interruptores",91966,"INTERRUPTOR SIMPLES (3 MÓDULOS), 10A/250V, SEM SUPORTE E SEM PLACA - FORNECIMENTO E INSTALAÇÃO. AF_03/2023","UN",51.84,0]
["Instalações Elétricas - Eletrodutos Embutidos, Cabos, Caixas, Tomadas e Interruptores",91975,"INTERRUPTOR SIMPLES (4 MÓDULOS), 10A/250V, INCLUINDO SUPORTE E PLACA - FORNECIMENTO E INSTALAÇÃO. AF_03/2023","UN",84.77,0]
["Instalações Elétricas - Eletrodutos Embutidos, Cabos, Caixas, Tomadas e Interruptores",91974,"INTERRUPTOR SIMPLES (4 MÓDULOS), 10A/250V, SEM SUPORTE E SEM PLACA - FORNECIMENTO E INSTALAÇÃO. AF_03/2023","UN",68.3,0]
["Instalações Elétricas - Eletrodutos Embutidos, Cabos, Caixas, Tomadas e Interruptores",91977,"INTERRUPTOR SIMPLES (6 MÓDULOS), 10A/250V, INCLUINDO SUPORTE E PLACA - FORNECIMENTO E INSTALAÇÃO. AF_03/2023","UN",117.1,0]
["Instalações Elétricas - Eletrodutos Embutidos, Cabos, Caixas, Tomadas e Interruptores",91976,"INTERRUPTOR SIMPLES (6 MÓDULOS), 10A/250V, SEM SUPORTE E SEM PLACA - FORNECIMENTO E INSTALAÇÃO. AF_03/2023","UN",100.63,0]
["Instalações Elétricas - Eletrodutos Embutidos, Cabos, Caixas, Tomadas e Interruptores",91874,"LUVA PARA ELETRODUTO, PVC, ROSCÁVEL, DN 20 MM (1/2\"), PARA CIRCUITOS TERMINAIS, INSTALADA EM FORRO - FORNECIMENTO E INSTALAÇÃO. AF_03/2023","UN",7.92,0]
["Instalações Elétricas - Eletrodutos Embutidos, Cabos, Caixas, Tomadas e Interruptores",91878,"LUVA PARA ELETRODUTO, PVC, ROSCÁVEL, DN 20 MM (1/2\"), PARA CIRCUITOS TERMINAIS, INSTALADA EM LAJE - FORNECIMENTO E INSTALAÇÃO. AF_03/2023","UN",6.31,0]
["Instalações Elétricas - Eletrodutos Embutidos, Cabos, Caixas, Tomadas e Interruptores",91882,"LUVA PARA ELETRODUTO, PVC, ROSCÁVEL, DN 20 MM (1/2\"), PARA CIRCUITOS TERMINAIS, INSTALADA EM PAREDE - FORNECIMENTO E INSTALAÇÃO. AF_03/2023","UN",11.28,0]
["Instalações Elétricas - Eletrodutos Embutidos, Cabos, Caixas, Tomadas e Interruptores",91875,"LUVA PARA ELETRODUTO, PVC, ROSCÁVEL, DN 25 MM (3/4\"), PARA CIRCUITOS TERMINAIS, INSTALADA EM FORRO - FORNECIMENTO E INSTALAÇÃO. AF_03/2023","UN",9.39,0]
["Instalações Elétricas - Eletrodutos Embutidos, Cabos, Caixas, Tomadas e Interruptores",91879,"LUVA PARA ELETRODUTO, PVC, ROSCÁVEL, DN 25 MM (3/4\"), PARA CIRCUITOS TERMINAIS, INSTALADA EM LAJE - FORNECIMENTO E INSTALAÇÃO. AF_03/2023","UN",7.77,0]
["Instalações Elétricas - Eletrodutos Embutidos, Cabos, Caixas, Tomadas e Interruptores",91884,"LUVA PARA ELETRODUTO, PVC, ROSCÁVEL, DN 25 MM (3/4\"), PARA CIRCUITOS TERMINAIS, INSTALADA EM PAREDE - FORNECIMENTO E INSTALAÇÃO. AF_03/2023","UN",12.73,0]
["Instalações Elétricas - Eletrodutos Embutidos, Cabos, Caixas, Tomadas e Interruptores",91876,"LUVA PARA ELETRODUTO, PVC, ROSCÁVEL, DN 32 MM (1\"), PARA CIRCUITOS TERMINAIS, INSTALADA EM FORRO - FORNECIMENTO E INSTALAÇÃO. AF_03/2023","UN",11.36,0]
["Instalações Elétricas - Eletrodutos Embutidos, Cabos, Caixas, Tomadas e Interruptores",91880,"LUVA PARA ELETRODUTO, PVC, ROSCÁVEL, DN 32 MM (1\"), PARA CIRCUITOS TERMINAIS, INSTALADA EM LAJE - FORNECIMENTO E INSTALAÇÃO. AF_03/2023","UN",9.75,0]
["Instalações Elétricas - Eletrodutos Embutidos, Cabos, Caixas, Tomadas e Interruptores",91885,"LUVA PARA ELETRODUTO, PVC, ROSCÁVEL, DN 32 MM (1\"), PARA CIRCUITOS TERMINAIS, INSTALADA EM PAREDE - FORNECIMENTO E INSTALAÇÃO. AF_03/2023","UN",14.66,0]
["Instalações Elétricas - Eletrodutos Embutidos, Cabos, Caixas, Tomadas e Interruptores",91877,"LUVA PARA ELETRODUTO, PVC, ROSCÁVEL, DN 40 MM (1 1/4\"), PARA CIRCUITOS TERMINAIS, INSTALADA EM FORRO - FORNECIMENTO E INSTALAÇÃO. AF_03/2023","UN",14.17,0]
["Instalações Elétricas - Eletrodutos Embutidos, Cabos, Caixas, Tomadas e Interruptores",91881,"LUVA PARA ELETRODUTO, PVC, ROSCÁVEL, DN 40 MM (1 1/4\"), PARA CIRCUITOS TERMINAIS, INSTALADA EM LAJE - FORNECIMENTO E INSTALAÇÃO. AF_03/2023","UN",12.55,0]
["Instalações Elétricas - Eletrodutos Embutidos, Cabos, Caixas, Tomadas e Interruptores",91886,"LUVA PARA ELETRODUTO, PVC, ROSCÁVEL, DN 40 MM (1 1/4\"), PARA CIRCUITOS TERMINAIS, INSTALADA EM PAREDE - FORNECIMENTO E INSTALAÇÃO. AF_03/2023","UN",17.399999999999999,0]
["Instalações Elétricas - Eletrodutos Embutidos, Cabos, Caixas, Tomadas e Interruptores",91945,"SUPORTE PARAFUSADO COM PLACA DE ENCAIXE 4\" X 2\" ALTO (2,00 M DO PISO) PARA PONTO ELÉTRICO - FORNECIMENTO E INSTALAÇÃO. AF_03/2023","UN",14.7,0]
["Instalações Elétricas - Eletrodutos Embutidos, Cabos, Caixas, Tomadas e Interruptores",91947,"SUPORTE PARAFUSADO COM PLACA DE ENCAIXE 4\" X 2\" BAIXO (0,30 M DO PISO) PARA PONTO ELÉTRICO - FORNECIMENTO E INSTALAÇÃO. AF_03/2023","UN",9.35,0]
["Instalações Elétricas - Eletrodutos Embutidos, Cabos, Caixas, Tomadas e Interruptores",91946,"SUPORTE PARAFUSADO COM PLACA DE ENCAIXE 4\" X 2\" MÉDIO (1,30 M DO PISO) PARA PONTO ELÉTRICO - FORNECIMENTO E INSTALAÇÃO. AF_03/2023","UN",11.41,0]
["Instalações Elétricas - Eletrodutos Embutidos, Cabos, Caixas, Tomadas e Interruptores",91949,"SUPORTE PARAFUSADO COM PLACA DE ENCAIXE 4\" X 4\" ALTO (2,00 M DO PISO) PARA PONTO ELÉTRICO - FORNECIMENTO E INSTALAÇÃO. AF_03/2023","UN",20.49,0]
["Instalações Elétricas - Eletrodutos Embutidos, Cabos, Caixas, Tomadas e Interruptores",91951,"SUPORTE PARAFUSADO COM PLACA DE ENCAIXE 4\" X 4\" BAIXO (0,30 M DO PISO) PARA PONTO ELÉTRICO - FORNECIMENTO E INSTALAÇÃO. AF_03/2023","UN",14.08,0]
["Instalações Elétricas - Eletrodutos Embutidos, Cabos, Caixas, Tomadas e Interruptores",91950,"SUPORTE PARAFUSADO COM PLACA DE ENCAIXE 4\" X 4\" MÉDIO (1,30 M DO PISO) PARA PONTO ELÉTRICO - FORNECIMENTO E INSTALAÇÃO. AF_03/2023","UN",16.47,0]
["Instalações Elétricas - Eletrodutos Embutidos, Cabos, Caixas, Tomadas e Interruptores",91992,"TOMADA ALTA DE EMBUTIR (1 MÓDULO), 2P+T 10 A, INCLUINDO SUPORTE E PLACA - FORNECIMENTO E INSTALAÇÃO. AF_03/2023","UN",47.47,0]
["Instalações Elétricas - Eletrodutos Embutidos, Cabos, Caixas, Tomadas e Interruptores",91990,"TOMADA ALTA DE EMBUTIR (1 MÓDULO), 2P+T 10 A, SEM SUPORTE E SEM PLACA - FORNECIMENTO E INSTALAÇÃO. AF_03/2023","UN",36.06,0]
["Instalações Elétricas - Eletrodutos Embutidos, Cabos, Caixas, Tomadas e Interruptores",91993,"TOMADA ALTA DE EMBUTIR (1 MÓDULO), 2P+T 20 A, INCLUINDO SUPORTE E PLACA - FORNECIMENTO E INSTALAÇÃO. AF_03/2023","UN",49.59,0]
["Instalações Elétricas - Eletrodutos Embutidos, Cabos, Caixas, Tomadas e Interruptores",91991,"TOMADA ALTA DE EMBUTIR (1 MÓDULO), 2P+T 20 A, SEM SUPORTE E SEM PLACA - FORNECIMENTO E INSTALAÇÃO. AF_03/2023","UN",38.18,0]
["Instalações Elétricas - Eletrodutos Embutidos, Cabos, Caixas, Tomadas e Interruptores",92000,"TOMADA BAIXA DE EMBUTIR (1 MÓDULO), 2P+T 10 A, INCLUINDO SUPORTE E PLACA - FORNECIMENTO E INSTALAÇÃO. AF_03/2023","UN",32.46,0]
["Instalações Elétricas - Eletrodutos Embutidos, Cabos, Caixas, Tomadas e Interruptores",91998,"TOMADA BAIXA DE EMBUTIR (1 MÓDULO), 2P+T 10 A, SEM SUPORTE E SEM PLACA - FORNECIMENTO E INSTALAÇÃO. AF_03/2023","UN",21.05,0]
["Instalações Elétricas - Eletrodutos Embutidos, Cabos, Caixas, Tomadas e Interruptores",92001,"TOMADA BAIXA DE EMBUTIR (1 MÓDULO), 2P+T 20 A, INCLUINDO SUPORTE E PLACA - FORNECIMENTO E INSTALAÇÃO. AF_03/2023","UN",34.58,0]
["Instalações Elétricas - Eletrodutos Embutidos, Cabos, Caixas, Tomadas e Interruptores",91999,"TOMADA BAIXA DE EMBUTIR (1 MÓDULO), 2P+T 20 A, SEM SUPORTE E SEM PLACA - FORNECIMENTO E INSTALAÇÃO. AF_03/2023","UN",23.17,0]
["Instalações Elétricas - Eletrodutos Embutidos, Cabos, Caixas, Tomadas e Interruptores",92008,"TOMADA BAIXA DE EMBUTIR (2 MÓDULOS), 2P+T 10 A, INCLUINDO SUPORTE E PLACA - FORNECIMENTO E INSTALAÇÃO. AF_03/2023","UN",50.02,0]
["Instalações Elétricas - Eletrodutos Embutidos, Cabos, Caixas, Tomadas e Interruptores",92006,"TOMADA BAIXA DE EMBUTIR (2 MÓDULOS), 2P+T 10 A, SEM SUPORTE E SEM PLACA - FORNECIMENTO E INSTALAÇÃO. AF_03/2023","UN",38.61,0]
["Instalações Elétricas - Eletrodutos Embutidos, Cabos, Caixas, Tomadas e Interruptores",92009,"TOMADA BAIXA DE EMBUTIR (2 MÓDULOS), 2P+T 20 A, INCLUINDO SUPORTE E PLACA - FORNECIMENTO E INSTALAÇÃO. AF_03/2023","UN",54.26,0]
["Instalações Elétricas - Eletrodutos Embutidos, Cabos, Caixas, Tomadas e Interruptores",92007,"TOMADA BAIXA DE EMBUTIR (2 MÓDULOS), 2P+T 20 A, SEM SUPORTE E SEM PLACA - FORNECIMENTO E INSTALAÇÃO. AF_03/2023","UN",42.85,0]
["Instalações Elétricas - Eletrodutos Embutidos, Cabos, Caixas, Tomadas e Interruptores",92016,"TOMADA BAIXA DE EMBUTIR (3 MÓDULOS), 2P+T 10 A, INCLUINDO SUPORTE E PLACA - FORNECIMENTO E INSTALAÇÃO. AF_03/2023","UN",67.569999999999993,0]
["Instalações Elétricas - Eletrodutos Embutidos, Cabos, Caixas, Tomadas e Interruptores",92014,"TOMADA BAIXA DE EMBUTIR (3 MÓDULOS), 2P+T 10 A, SEM SUPORTE E SEM PLACA - FORNECIMENTO E INSTALAÇÃO. AF_03/2023","UN",56.16,0]
["Instalações Elétricas - Eletrodutos Embutidos, Cabos, Caixas, Tomadas e Interruptores",92017,"TOMADA BAIXA DE EMBUTIR (3 MÓDULOS), 2P+T 20 A, INCLUINDO SUPORTE E PLACA - FORNECIMENTO E INSTALAÇÃO. AF_03/2023","UN",73.930000000000007,0]
["Instalações Elétricas - Eletrodutos Embutidos, Cabos, Caixas, Tomadas e Interruptores",92015,"TOMADA BAIXA DE EMBUTIR (3 MÓDULOS), 2P+T 20 A, SEM SUPORTE E SEM PLACA - FORNECIMENTO E INSTALAÇÃO. AF_03/2023","UN",62.52,0]
["Instalações Elétricas - Eletrodutos Embutidos, Cabos, Caixas, Tomadas e Interruptores",92019,"TOMADA BAIXA DE EMBUTIR (4 MÓDULOS), 2P+T 10 A, INCLUINDO SUPORTE E PLACA - FORNECIMENTO E INSTALAÇÃO. AF_03/2023","UN",90.79,0]
["Instalações Elétricas - Eletrodutos Embutidos, Cabos, Caixas, Tomadas e Interruptores",92018,"TOMADA BAIXA DE EMBUTIR (4 MÓDULOS), 2P+T 10 A, SEM SUPORTE E SEM PLACA - FORNECIMENTO E INSTALAÇÃO. AF_03/2023","UN",74.319999999999993,0]
["Instalações Elétricas - Eletrodutos Embutidos, Cabos, Caixas, Tomadas e Interruptores",92021,"TOMADA BAIXA DE EMBUTIR (6 MÓDULOS), 2P+T 10 A, INCLUINDO SUPORTE E PLACA - FORNECIMENTO E INSTALAÇÃO. AF_03/2023","UN",126.18,0]
["Instalações Elétricas - Eletrodutos Embutidos, Cabos, Caixas, Tomadas e Interruptores",92020,"TOMADA BAIXA DE EMBUTIR (6 MÓDULOS), 2P+T 10 A, SEM SUPORTE E SEM PLACA - FORNECIMENTO E INSTALAÇÃO. AF_03/2023","UN",109.71,0]
["Instalações Elétricas - Eletrodutos Embutidos, Cabos, Caixas, Tomadas e Interruptores",91996,"TOMADA MÉDIA DE EMBUTIR (1 MÓDULO), 2P+T 10 A, INCLUINDO SUPORTE E PLACA - FORNECIMENTO E INSTALAÇÃO. AF_03/2023","UN",36.65,0]
["Instalações Elétricas - Eletrodutos Embutidos, Cabos, Caixas, Tomadas e Interruptores",91994,"TOMADA MÉDIA DE EMBUTIR (1 MÓDULO), 2P+T 10 A, SEM SUPORTE E SEM PLACA - FORNECIMENTO E INSTALAÇÃO. AF_03/2023","UN",25.24,0]
["Instalações Elétricas - Eletrodutos Embutidos, Cabos, Caixas, Tomadas e Interruptores",91997,"TOMADA MÉDIA DE EMBUTIR (1 MÓDULO), 2P+T 20 A, INCLUINDO SUPORTE E PLACA - FORNECIMENTO E INSTALAÇÃO. AF_03/2023","UN",38.770000000000003,0]
["Instalações Elétricas - Eletrodutos Embutidos, Cabos, Caixas, Tomadas e Interruptores",91995,"TOMADA MÉDIA DE EMBUTIR (1 MÓDULO), 2P+T 20 A, SEM SUPORTE E SEM PLACA - FORNECIMENTO E INSTALAÇÃO. AF_03/2023","UN",27.36,0]
["Instalações Elétricas - Eletrodutos Embutidos, Cabos, Caixas, Tomadas e Interruptores",92004,"TOMADA MÉDIA DE EMBUTIR (2 MÓDULOS), 2P+T 10 A, INCLUINDO SUPORTE E PLACA - FORNECIMENTO E INSTALAÇÃO. AF_03/2023","UN",58.44,0]
["Instalações Elétricas - Eletrodutos Embutidos, Cabos, Caixas, Tomadas e Interruptores",92002,"TOMADA MÉDIA DE EMBUTIR (2 MÓDULOS), 2P+T 10 A, SEM SUPORTE E SEM PLACA - FORNECIMENTO E INSTALAÇÃO. AF_03/2023","UN",47.03,0]
["Instalações Elétricas - Eletrodutos Embutidos, Cabos, Caixas, Tomadas e Interruptores",92005,"TOMADA MÉDIA DE EMBUTIR (2 MÓDULOS), 2P+T 20 A, INCLUINDO SUPORTE E PLACA - FORNECIMENTO E INSTALAÇÃO. AF_03/2023","UN",62.68,0]
["Instalações Elétricas - Eletrodutos Embutidos, Cabos, Caixas, Tomadas e Interruptores",92003,"TOMADA MÉDIA DE EMBUTIR (2 MÓDULOS), 2P+T 20 A, SEM SUPORTE E SEM PLACA - FORNECIMENTO E INSTALAÇÃO. AF_03/2023","UN",51.27,0]
["Instalações Elétricas - Eletrodutos Embutidos, Cabos, Caixas, Tomadas e Interruptores",92012,"TOMADA MÉDIA DE EMBUTIR (3 MÓDULOS), 2P+T 10 A, INCLUINDO SUPORTE E PLACA - FORNECIMENTO E INSTALAÇÃO. AF_03/2023","UN",80.17,0]
["Instalações Elétricas - Eletrodutos Embutidos, Cabos, Caixas, Tomadas e Interruptores",92010,"TOMADA MÉDIA DE EMBUTIR (3 MÓDULOS), 2P+T 10 A, SEM SUPORTE E SEM PLACA - FORNECIMENTO E INSTALAÇÃO. AF_03/2023","UN",68.760000000000005,0]
["Instalações Elétricas - Eletrodutos Embutidos, Cabos, Caixas, Tomadas e Interruptores",92013,"TOMADA MÉDIA DE EMBUTIR (3 MÓDULOS), 2P+T 20 A, INCLUINDO SUPORTE E PLACA - FORNECIMENTO E INSTALAÇÃO. AF_03/2023","UN",86.53,0]
["Instalações Elétricas - Eletrodutos Embutidos, Cabos, Caixas, Tomadas e Interruptores",92011,"TOMADA MÉDIA DE EMBUTIR (3 MÓDULOS), 2P+T 20 A, SEM SUPORTE E SEM PLACA - FORNECIMENTO E INSTALAÇÃO. AF_03/2023","UN",75.12,0]
["Instalações Elétricas - Eletrodutos, Conexões e Conduletes Aparentes",95777,"CONDULETE DE ALUMÍNIO, TIPO B, PARA ELETRODUTO DE AÇO GALVANIZADO DN 20 MM (3/4''), APARENTE - FORNECIMENTO E INSTALAÇÃO. AF_10/2022","UN",27.63,0]
["Instalações Elétricas - Eletrodutos, Conexões e Conduletes Aparentes",95780,"CONDULETE DE ALUMÍNIO, TIPO B, PARA ELETRODUTO DE AÇO GALVANIZADO DN 25 MM (1''), APARENTE - FORNECIMENTO E INSTALAÇÃO. AF_10/2022","UN",33,0]
["Instalações Elétricas - Eletrodutos, Conexões e Conduletes Aparentes",95783,"CONDULETE DE ALUMÍNIO, TIPO B, PARA ELETRODUTO DE AÇO GALVANIZADO DN 32 MM (1 1/4''), APARENTE - FORNECIMENTO E INSTALAÇÃO. AF_10/2022","UN",0]
["Instalações Elétricas - Eletrodutos, Conexões e Conduletes Aparentes",95778,"CONDULETE DE ALUMÍNIO, TIPO C, PARA ELETRODUTO DE AÇO GALVANIZADO DN 20 MM (3/4''), APARENTE - FORNECIMENTO E INSTALAÇÃO. AF_10/2022","UN",30.86,0]
["Instalações Elétricas - Eletrodutos, Conexões e Conduletes Aparentes",95781,"CONDULETE DE ALUMÍNIO, TIPO C, PARA ELETRODUTO DE AÇO GALVANIZADO DN 25 MM (1''), APARENTE - FORNECIMENTO E INSTALAÇÃO. AF_10/2022","UN",37.4,0]
["Instalações Elétricas - Eletrodutos, Conexões e Conduletes Aparentes",95784,"CONDULETE DE ALUMÍNIO, TIPO C, PARA ELETRODUTO DE AÇO GALVANIZADO DN 32 MM (1 1/4''), APARENTE - FORNECIMENTO E INSTALAÇÃO. AF_10/2022","UN",0]
["Instalações Elétricas - Eletrodutos, Conexões e Conduletes Aparentes",95782,"CONDULETE DE ALUMÍNIO, TIPO E, ELETRODUTO DE AÇO GALVANIZADO DN 25 MM (1''), APARENTE - FORNECIMENTO E INSTALAÇÃO. AF_10/2022","UN",35.29,0]
["Instalações Elétricas - Eletrodutos, Conexões e Conduletes Aparentes",95779,"CONDULETE DE ALUMÍNIO, TIPO E, PARA ELETRODUTO DE AÇO GALVANIZADO DN 20 MM (3/4''), APARENTE - FORNECIMENTO E INSTALAÇÃO. AF_10/2022","UN",25.63,0]
["Instalações Elétricas - Eletrodutos, Conexões e Conduletes Aparentes",95785,"CONDULETE DE ALUMÍNIO, TIPO E, PARA ELETRODUTO DE AÇO GALVANIZADO DN 32 MM (1 1/4''), APARENTE - FORNECIMENTO E INSTALAÇÃO. AF_10/2022","UN",41.83,0]
["Instalações Elétricas - Eletrodutos, Conexões e Conduletes Aparentes",95792,"CONDULETE DE ALUMÍNIO, TIPO LB, PARA ELETRODUTO DE AÇO GALVANIZADO DN 20 MM (3/4''), APARENTE - FORNECIMENTO E INSTALAÇÃO. AF_10/2022","UN",0]
["Instalações Elétricas - Eletrodutos, Conexões e Conduletes Aparentes",95793,"CONDULETE DE ALUMÍNIO, TIPO LB, PARA ELETRODUTO DE AÇO GALVANIZADO DN 25 MM (1''), APARENTE - FORNECIMENTO E INSTALAÇÃO. AF_10/2022","UN",0]
["Instalações Elétricas - Eletrodutos, Conexões e Conduletes Aparentes",95794,"CONDULETE DE ALUMÍNIO, TIPO LB, PARA ELETRODUTO DE AÇO GALVANIZADO DN 32 MM (1 1/4''), APARENTE - FORNECIMENTO E INSTALAÇÃO. AF_10/2022","UN",0]
["Instalações Elétricas - Eletrodutos, Conexões e Conduletes Aparentes",95786,"CONDULETE DE ALUMÍNIO, TIPO LL, PARA ELETRODUTO DE AÇO GALVANIZADO DN 20 MM (3/4''), APARENTE - FORNECIMENTO E INSTALAÇÃO. AF_10/2022","UN",0]
["Instalações Elétricas - Eletrodutos, Conexões e Conduletes Aparentes",95788,"CONDULETE DE ALUMÍNIO, TIPO LL, PARA ELETRODUTO DE AÇO GALVANIZADO DN 25 MM (1''), APARENTE - FORNECIMENTO E INSTALAÇÃO. AF_10/2022","UN",0]
["Instalações Elétricas - Eletrodutos, Conexões e Conduletes Aparentes",95790,"CONDULETE DE ALUMÍNIO, TIPO LL, PARA ELETRODUTO DE AÇO GALVANIZADO DN 32 MM (1 1/4''), APARENTE - FORNECIMENTO E INSTALAÇÃO. AF_10/2022","UN",0]
["Instalações Elétricas - Eletrodutos, Conexões e Conduletes Aparentes",95787,"CONDULETE DE ALUMÍNIO, TIPO LR, PARA ELETRODUTO DE AÇO GALVANIZADO DN 20 MM (3/4''), APARENTE - FORNECIMENTO E INSTALAÇÃO. AF_10/2022","UN",30.79,0]
["Instalações Elétricas - Eletrodutos, Conexões e Conduletes Aparentes",95789,"CONDULETE DE ALUMÍNIO, TIPO LR, PARA ELETRODUTO DE AÇO GALVANIZADO DN 25 MM (1''), APARENTE - FORNECIMENTO E INSTALAÇÃO. AF_10/2022","UN",42.15,0]
["Instalações Elétricas - Eletrodutos, Conexões e Conduletes Aparentes",95791,"CONDULETE DE ALUMÍNIO, TIPO LR, PARA ELETRODUTO DE AÇO GALVANIZADO DN 32 MM (1 1/4''), APARENTE - FORNECIMENTO E INSTALAÇÃO. AF_10/2022","UN",58.8,0]
["Instalações Elétricas - Eletrodutos, Conexões e Conduletes Aparentes",95795,"CONDULETE DE ALUMÍNIO, TIPO T, PARA ELETRODUTO DE AÇO GALVANIZADO DN 20 MM (3/4''), APARENTE - FORNECIMENTO E INSTALAÇÃO. AF_10/2022","UN",35.1,0]
["Instalações Elétricas - Eletrodutos, Conexões e Conduletes Aparentes",95796,"CONDULETE DE ALUMÍNIO, TIPO T, PARA ELETRODUTO DE AÇO GALVANIZADO DN 25 MM (1''), APARENTE - FORNECIMENTO E INSTALAÇÃO. AF_10/2022","UN",49.5,0]
["Instalações Elétricas - Eletrodutos, Conexões e Conduletes Aparentes",95797,"CONDULETE DE ALUMÍNIO, TIPO T, PARA ELETRODUTO DE AÇO GALVANIZADO DN 32 MM (1 1/4''), APARENTE - FORNECIMENTO E INSTALAÇÃO. AF_10/2022","UN",68.599999999999994,0]
["Instalações Elétricas - Eletrodutos, Conexões e Conduletes Aparentes",95798,"CONDULETE DE ALUMÍNIO, TIPO TB, PARA ELETRODUTO DE AÇO GALVANIZADO DN 20 MM (3/4''), APARENTE - FORNECIMENTO E INSTALAÇÃO. AF_10/2022","UN",0]
["Instalações Elétricas - Eletrodutos, Conexões e Conduletes Aparentes",95799,"CONDULETE DE ALUMÍNIO, TIPO TB, PARA ELETRODUTO DE AÇO GALVANIZADO DN 25 MM (1''), APARENTE - FORNECIMENTO E INSTALAÇÃO. AF_10/2022","UN",0]
["Instalações Elétricas - Eletrodutos, Conexões e Conduletes Aparentes",95800,"CONDULETE DE ALUMÍNIO, TIPO TB, PARA ELETRODUTO DE AÇO GALVANIZADO DN 32 MM (1 1/4''), APARENTE - FORNECIMENTO E INSTALAÇÃO. AF_10/2022","UN",0]
["Instalações Elétricas - Eletrodutos, Conexões e Conduletes Aparentes",95801,"CONDULETE DE ALUMÍNIO, TIPO X, PARA ELETRODUTO DE AÇO GALVANIZADO DN 20 MM (3/4''), APARENTE - FORNECIMENTO E INSTALAÇÃO. AF_10/2022","UN",42.12,0]
["Instalações Elétricas - Eletrodutos, Conexões e Conduletes Aparentes",95802,"CONDULETE DE ALUMÍNIO, TIPO X, PARA ELETRODUTO DE AÇO GALVANIZADO DN 25 MM (1''), APARENTE - FORNECIMENTO E INSTALAÇÃO. AF_10/2022","UN",52.27,0]
["Instalações Elétricas - Eletrodutos, Conexões e Conduletes Aparentes",95803,"CONDULETE DE ALUMÍNIO, TIPO X, PARA ELETRODUTO DE AÇO GALVANIZADO DN 32 MM (1 1/4''), APARENTE - FORNECIMENTO E INSTALAÇÃO. AF_10/2022","UN",76.31,0]
["Instalações Elétricas - Eletrodutos, Conexões e Conduletes Aparentes",95804,"CONDULETE DE PVC, TIPO B, PARA ELETRODUTO DE PVC SOLDÁVEL DN 20 MM (1/2''), APARENTE - FORNECIMENTO E INSTALAÇÃO. AF_10/2022","UN",27.33,0]
["Instalações Elétricas - Eletrodutos, Conexões e Conduletes Aparentes",95805,"CONDULETE DE PVC, TIPO B, PARA ELETRODUTO DE PVC SOLDÁVEL DN 25 MM (3/4''), APARENTE - FORNECIMENTO E INSTALAÇÃO. AF_10/2022","UN",28.71,0]
["Instalações Elétricas - Eletrodutos, Conexões e Conduletes Aparentes",95806,"CONDULETE DE PVC, TIPO B, PARA ELETRODUTO DE PVC SOLDÁVEL DN 32 MM (1''), APARENTE - FORNECIMENTO E INSTALAÇÃO. AF_10/2022","UN",31.34,0]
["Instalações Elétricas - Eletrodutos, Conexões e Conduletes Aparentes",104401,"CONDULETE DE PVC, TIPO C, PARA ELETRODUTO DE PVC SOLDÁVEL DN 20 MM (1/2''), APARENTE - FORNECIMENTO E INSTALAÇÃO. AF_10/2022","UN",30.33,0]
["Instalações Elétricas - Eletrodutos, Conexões e Conduletes Aparentes",104402,"CONDULETE DE PVC, TIPO C, PARA ELETRODUTO DE PVC SOLDÁVEL DN 25 MM (3/4''), APARENTE - FORNECIMENTO E INSTALAÇÃO. AF_10/2022","UN",31.32,0]
["Instalações Elétricas - Eletrodutos, Conexões e Conduletes Aparentes",104403,"CONDULETE DE PVC, TIPO C, PARA ELETRODUTO DE PVC SOLDÁVEL DN 32 MM (1''), APARENTE - FORNECIMENTO E INSTALAÇÃO. AF_10/2022","UN",38.9,0]
["Instalações Elétricas - Eletrodutos, Conexões e Conduletes Aparentes",104395,"CONDULETE DE PVC, TIPO E, PARA ELETRODUTO DE PVC SOLDÁVEL DN 20 MM (1/2''), APARENTE - FORNECIMENTO E INSTALAÇÃO. AF_10/2022","UN",26.65,0]
["Instalações Elétricas - Eletrodutos, Conexões e Conduletes Aparentes",104396,"CONDULETE DE PVC, TIPO E, PARA ELETRODUTO DE PVC SOLDÁVEL DN 25 MM (3/4''), APARENTE - FORNECIMENTO E INSTALAÇÃO. AF_10/2022","UN",26.91,0]
["Instalações Elétricas - Eletrodutos, Conexões e Conduletes Aparentes",104397,"CONDULETE DE PVC, TIPO E, PARA ELETRODUTO DE PVC SOLDÁVEL DN 32 MM (1''), APARENTE - FORNECIMENTO E INSTALAÇÃO. AF_10/2022","UN",32.200000000000003,0]
["Instalações Elétricas - Eletrodutos, Conexões e Conduletes Aparentes",95810,"CONDULETE DE PVC, TIPO LB, PARA ELETRODUTO DE PVC SOLDÁVEL DN 20 MM (1/2''), APARENTE - FORNECIMENTO E INSTALAÇÃO. AF_10/2022","UN",20.76,0]
["Instalações Elétricas - Eletrodutos, Conexões e Conduletes Aparentes",95811,"CONDULETE DE PVC, TIPO LB, PARA ELETRODUTO DE PVC SOLDÁVEL DN 25 MM (3/4''), APARENTE - FORNECIMENTO E INSTALAÇÃO. AF_10/2022","UN",24.93,0]
["Instalações Elétricas - Eletrodutos, Conexões e Conduletes Aparentes",95812,"CONDULETE DE PVC, TIPO LB, PARA ELETRODUTO DE PVC SOLDÁVEL DN 32 MM (1''), APARENTE - FORNECIMENTO E INSTALAÇÃO. AF_10/2022","UN",33.43,0]
["Instalações Elétricas - Eletrodutos, Conexões e Conduletes Aparentes",95807,"CONDULETE DE PVC, TIPO LL, PARA ELETRODUTO DE PVC SOLDÁVEL DN 20 MM (1/2''), APARENTE - FORNECIMENTO E INSTALAÇÃO. AF_10/2022","UN",31.88,0]
["Instalações Elétricas - Eletrodutos, Conexões e Conduletes Aparentes",95808,"CONDULETE DE PVC, TIPO LL, PARA ELETRODUTO DE PVC SOLDÁVEL DN 25 MM (3/4''), APARENTE - FORNECIMENTO E INSTALAÇÃO. AF_10/2022","UN",36.04,0]
["Instalações Elétricas - Eletrodutos, Conexões e Conduletes Aparentes",95809,"CONDULETE DE PVC, TIPO LL, PARA ELETRODUTO DE PVC SOLDÁVEL DN 32 MM (1''), APARENTE - FORNECIMENTO E INSTALAÇÃO. AF_10/2022","UN",44.54,0]
["Instalações Elétricas - Eletrodutos, Conexões e Conduletes Aparentes",104398,"CONDULETE DE PVC, TIPO LR, PARA ELETRODUTO DE PVC SOLDÁVEL DN 20 MM (1/2''), APARENTE - FORNECIMENTO E INSTALAÇÃO. AF_10/2022","UN",31.86,0]
["Instalações Elétricas - Eletrodutos, Conexões e Conduletes Aparentes",104399,"CONDULETE DE PVC, TIPO LR, PARA ELETRODUTO DE PVC SOLDÁVEL DN 25 MM (3/4''), APARENTE - FORNECIMENTO E INSTALAÇÃO. AF_10/2022","UN",34.229999999999997,0]
["Instalações Elétricas - Eletrodutos, Conexões e Conduletes Aparentes",104400,"CONDULETE DE PVC, TIPO LR, PARA ELETRODUTO DE PVC SOLDÁVEL DN 32 MM (1''), APARENTE - FORNECIMENTO E INSTALAÇÃO. AF_10/2022","UN",43.76,0]
["Instalações Elétricas - Eletrodutos, Conexões e Conduletes Aparentes",104404,"CONDULETE DE PVC, TIPO T, PARA ELETRODUTO DE PVC SOLDÁVEL DN 25 MM (3/4''), APARENTE - FORNECIMENTO E INSTALAÇÃO. AF_10/2022","UN",40.06,0]
["Instalações Elétricas - Eletrodutos, Conexões e Conduletes Aparentes",104405,"CONDULETE DE PVC, TIPO T, PARA ELETRODUTO DE PVC SOLDÁVEL DN 32 MM (1''), APARENTE - FORNECIMENTO E INSTALAÇÃO. AF_10/2022","UN",54.1,0]
["Instalações Elétricas - Eletrodutos, Conexões e Conduletes Aparentes",95813,"CONDULETE DE PVC, TIPO TB, PARA ELETRODUTO DE PVC SOLDÁVEL DN 20 MM (1/2''), APARENTE - FORNECIMENTO E INSTALAÇÃO. AF_10/2022","UN",23.96,0]
["Instalações Elétricas - Eletrodutos, Conexões e Conduletes Aparentes",95814,"CONDULETE DE PVC, TIPO TB, PARA ELETRODUTO DE PVC SOLDÁVEL DN 25 MM (3/4''), APARENTE - FORNECIMENTO E INSTALAÇÃO. AF_10/2022","UN",29.52,0]
["Instalações Elétricas - Eletrodutos, Conexões e Conduletes Aparentes",95815,"CONDULETE DE PVC, TIPO TB, PARA ELETRODUTO DE PVC SOLDÁVEL DN 32 MM (1''), APARENTE - FORNECIMENTO E INSTALAÇÃO. AF_10/2022","UN",42.99,0]
["Instalações Elétricas - Eletrodutos, Conexões e Conduletes Aparentes",95816,"CONDULETE DE PVC, TIPO X, PARA ELETRODUTO DE PVC SOLDÁVEL DN 20 MM (1/2''), APARENTE - FORNECIMENTO E INSTALAÇÃO. AF_10/2022","UN",38.630000000000003,0]
["Instalações Elétricas - Eletrodutos, Conexões e Conduletes Aparentes",95817,"CONDULETE DE PVC, TIPO X, PARA ELETRODUTO DE PVC SOLDÁVEL DN 25 MM (3/4\"), APARENTE - FORNECIMENTO E INSTALAÇÃO. AF_10/2022","UN",44.92,0]
["Instalações Elétricas - Eletrodutos, Conexões e Conduletes Aparentes",95818,"CONDULETE DE PVC, TIPO X, PARA ELETRODUTO DE PVC SOLDÁVEL DN 32 MM (1''), APARENTE - FORNECIMENTO E INSTALAÇÃO. AF_10/2022","UN",62.34,0]
["Instalações Elétricas - Eletrodutos, Conexões e Conduletes Aparentes",104391,"CURVA 135 GRAUS PARA ELETRODUTO, AÇO GALVANIZADO, DN 20 MM (3/4''), APARENTE - FORNECIMENTO E INSTALAÇÃO. AF_10/2022","UN",0]
["Instalações Elétricas - Eletrodutos, Conexões e Conduletes Aparentes",104392,"CURVA 135 GRAUS PARA ELETRODUTO, AÇO GALVANIZADO, DN 25 MM (1''), APARENTE - FORNECIMENTO E INSTALAÇÃO. AF_10/2022","UN",0]
["Instalações Elétricas - Eletrodutos, Conexões e Conduletes Aparentes",104393,"CURVA 135 GRAUS PARA ELETRODUTO, AÇO GALVANIZADO, DN 32 MM (1 1/4''), APARENTE - FORNECIMENTO E INSTALAÇÃO. AF_10/2022","UN",0]
["Instalações Elétricas - Eletrodutos, Conexões e Conduletes Aparentes",104394,"CURVA 135 GRAUS PARA ELETRODUTO, AÇO GALVANIZADO, DN 40 MM (1 1/2''), APARENTE - FORNECIMENTO E INSTALAÇÃO. AF_10/2022","UN",0]
["Instalações Elétricas - Eletrodutos, Conexões e Conduletes Aparentes",95761,"CURVA 45 GRAUS PARA ELETRODUTO, AÇO GALVANIZADO, DN 20 MM (3/4''), APARENTE - FORNECIMENTO E INSTALAÇÃO. AF_10/2022","UN",0]
["Instalações Elétricas - Eletrodutos, Conexões e Conduletes Aparentes",95763,"CURVA 45 GRAUS PARA ELETRODUTO, AÇO GALVANIZADO, DN 25 MM (1''), APARENTE - FORNECIMENTO E INSTALAÇÃO. AF_10/2022","UN",0]
["Instalações Elétricas - Eletrodutos, Conexões e Conduletes Aparentes",95765,"CURVA 45 GRAUS PARA ELETRODUTO, AÇO GALVANIZADO, DN 32 MM (1 1/4''), APARENTE - FORNECIMENTO E INSTALAÇÃO. AF_10/2022","UN",0]
["Instalações Elétricas - Eletrodutos, Conexões e Conduletes Aparentes",95767,"CURVA 45 GRAUS PARA ELETRODUTO, AÇO GALVANIZADO, DN 40 MM (1 1/2''), APARENTE - FORNECIMENTO E INSTALAÇÃO. AF_10/2022","UN",0]
["Instalações Elétricas - Eletrodutos, Conexões e Conduletes Aparentes",95762,"CURVA 90 GRAUS PARA ELETRODUTO, AÇO GALVANIZADO, DN 20 MM (3/4''), APARENTE - FORNECIMENTO E INSTALAÇÃO. AF_10/2022","UN",0]
["Instalações Elétricas - Eletrodutos, Conexões e Conduletes Aparentes",95764,"CURVA 90 GRAUS PARA ELETRODUTO, AÇO GALVANIZADO, DN 25 MM (1\"), APARENTE - FORNECIMENTO E INSTALAÇÃO. AF_10/2022","UN",0]
["Instalações Elétricas - Eletrodutos, Conexões e Conduletes Aparentes",95766,"CURVA 90 GRAUS PARA ELETRODUTO, AÇO GALVANIZADO, DN 32 MM (1 1/4''), APARENTE - FORNECIMENTO E INSTALAÇÃO. AF_10/2022","UN",0]
["Instalações Elétricas - Eletrodutos, Conexões e Conduletes Aparentes",95768,"CURVA 90 GRAUS PARA ELETRODUTO, AÇO GALVANIZADO, DN 40 MM (1 1/2''), APARENTE - FORNECIMENTO E INSTALAÇÃO. AF_10/2022","UN",0]
["Instalações Elétricas - Eletrodutos, Conexões e Conduletes Aparentes",95739,"CURVA 90 GRAUS PARA ELETRODUTO, PVC, SOLDÁVEL, DN 20 MM (1/2''), APARENTE - FORNECIMENTO E INSTALAÇÃO. AF_10/2022","UN",0]
["Instalações Elétricas - Eletrodutos, Conexões e Conduletes Aparentes",95740,"CURVA 90 GRAUS PARA ELETRODUTO, PVC, SOLDÁVEL, DN 25 MM (3/4''), APARENTE - FORNECIMENTO E INSTALAÇÃO. AF_10/2022","UN",0]
["Instalações Elétricas - Eletrodutos, Conexões e Conduletes Aparentes",95741,"CURVA 90 GRAUS PARA ELETRODUTO, PVC, SOLDÁVEL, DN 32 MM (1''), APARENTE - FORNECIMENTO E INSTALAÇÃO. AF_10/2022","UN",0]
["Instalações Elétricas - Eletrodutos, Conexões e Conduletes Aparentes",104409,"ELETRODUTO RIGIDO, EM ACO ZINCADO OU GALVANIZADO, TIPO PESADO, DN=1 1/2\", APARENTE - FORNECIMENTO E INSTALAÇÃO. AF_10/2022","M",0]
["Instalações Elétricas - Eletrodutos, Conexões e Conduletes Aparentes",104408,"ELETRODUTO RIGIDO, EM ACO ZINCADO OU GALVANIZADO, TIPO PESADO, DN=1 1/4\", APARENTE- FORNECIMENTO E INSTALAÇÃO. AF_10/2022","M",0]
["Instalações Elétricas - Eletrodutos, Conexões e Conduletes Aparentes",104407,"ELETRODUTO RIGIDO, EM ACO ZINCADO OU GALVANIZADO, TIPO PESADO, DN=1\", APARENTE - FORNECIMENTO E INSTALAÇÃO. AF_10/2022","M",0]
["Instalações Elétricas - Eletrodutos, Conexões e Conduletes Aparentes",104406,"ELETRODUTO RIGIDO, EM ACO ZINCADO OU GALVANIZADO, TIPO PESADO, DN=3/4\", APARENTE - FORNECIMENTO E INSTALAÇÃO. AF_10/2022","M",0]
["Instalações Elétricas - Eletrodutos, Conexões e Conduletes Aparentes",95726,"ELETRODUTO RÍGIDO SOLDÁVEL, PVC, DN 20 MM (1/2\"), APARENTE - FORNECIMENTO E INSTALAÇÃO. AF_10/2022","M",18.059999999999999,0]
["Instalações Elétricas - Eletrodutos, Conexões e Conduletes Aparentes",95727,"ELETRODUTO RÍGIDO SOLDÁVEL, PVC, DN 25 MM (3/4\"), APARENTE - FORNECIMENTO E INSTALAÇÃO. AF_10/2022","M",22.02,0]
["Instalações Elétricas - Eletrodutos, Conexões e Conduletes Aparentes",95728,"ELETRODUTO RÍGIDO SOLDÁVEL, PVC, DN 32 MM (1\"), APARENTE - FORNECIMENTO E INSTALAÇÃO. AF_10/2022","M",28.48,0]
["Instalações Elétricas - Eletrodutos, Conexões e Conduletes Aparentes",104452,"LUVA DE EMENDA PARA ELETRODUTO, AÇO GALVANIZADO, DN 20 MM (3/4''), APARENTE - FORNECIMENTO E INSTALAÇÃO. AF_10/2022","UN",0]
["Instalações Elétricas - Eletrodutos, Conexões e Conduletes Aparentes",104448,"LUVA DE EMENDA PARA ELETRODUTO, AÇO GALVANIZADO, DN 25 MM (1''), APARENTE - FORNECIMENTO E INSTALAÇÃO. AF_10/2022","UN",0]
["Instalações Elétricas - Eletrodutos, Conexões e Conduletes Aparentes",104449,"LUVA DE EMENDA PARA ELETRODUTO, AÇO GALVANIZADO, DN 32 MM (1 1/4''), APARENTE - FORNECIMENTO E INSTALAÇÃO. AF_10/2022","UN",0]
["Instalações Elétricas - Eletrodutos, Conexões e Conduletes Aparentes",104450,"LUVA DE EMENDA PARA ELETRODUTO, AÇO GALVANIZADO, DN 40 MM (1 1/2''), APARENTE - FORNECIMENTO E INSTALAÇÃO. AF_10/2022","UN",0]
["Instalações Elétricas - Eletrodutos, Conexões e Conduletes Aparentes",104445,"LUVA PARA ELETRODUTO, PVC, SOLDÁVEL, DN 20 MM (1/2''), APARENTE - FORNECIMENTO E INSTALAÇÃO. AF_10/2022","UN",0]
["Instalações Elétricas - Eletrodutos, Conexões e Conduletes Aparentes",104446,"LUVA PARA ELETRODUTO, PVC, SOLDÁVEL, DN 25 MM (3/4''), APARENTE - FORNECIMENTO E INSTALAÇÃO. AF_10/2022","UN",0]
["Instalações Elétricas - Eletrodutos, Conexões e Conduletes Aparentes",104447,"LUVA PARA ELETRODUTO, PVC, SOLDÁVEL, DN 32 MM (1''), APARENTE - FORNECIMENTO E INSTALAÇÃO. AF_10/2022","UN",0]
["Instalações Elétricas - Quadros, Cabos, Disjuntores, Contatores e Barramentos Blindados",92980,"CABO DE COBRE FLEXÍVEL ISOLADO, 10 MM², ANTI-CHAMA 0,6/1,0 KV, PARA DISTRIBUIÇÃO - FORNECIMENTO E INSTALAÇÃO. AF_10/2020","M",11.04,0]
["Instalações Elétricas - Quadros, Cabos, Disjuntores, Contatores e Barramentos Blindados",92979,"CABO DE COBRE FLEXÍVEL ISOLADO, 10 MM², ANTI-CHAMA 450/750 V, PARA DISTRIBUIÇÃO - FORNECIMENTO E INSTALAÇÃO. AF_10/2020","M",11.55,0]
["Instalações Elétricas - Quadros, Cabos, Disjuntores, Contatores e Barramentos Blindados",92982,"CABO DE COBRE FLEXÍVEL ISOLADO, 16 MM², ANTI-CHAMA 0,6/1,0 KV, PARA DISTRIBUIÇÃO - FORNECIMENTO E INSTALAÇÃO. AF_10/2020","M",17.489999999999998,0]
["Instalações Elétricas - Quadros, Cabos, Disjuntores, Contatores e Barramentos Blindados",92981,"CABO DE COBRE FLEXÍVEL ISOLADO, 16 MM², ANTI-CHAMA 450/750 V, PARA DISTRIBUIÇÃO - FORNECIMENTO E INSTALAÇÃO. AF_10/2020","M",16.510000000000002,0]
["Instalações Elétricas - Quadros, Cabos, Disjuntores, Contatores e Barramentos Blindados",101885,"CABO DE COBRE ISOLADO, 10 MM², ANTI-CHAMA 0,6/1 KV, INSTALADO EM ELETROCALHA OU PERFILADO - FORNECIMENTO E INSTALAÇÃO. AF_10/2020","M",10.75,0]
["Instalações Elétricas - Quadros, Cabos, Disjuntores, Contatores e Barramentos Blindados",101884,"CABO DE COBRE ISOLADO, 10 MM², ANTI-CHAMA 450/750 V, INSTALADO EM ELETROCALHA OU PERFILADO - FORNECIMENTO E INSTALAÇÃO. AF_10/2020","M",11.26,0]
["Instalações Elétricas - Quadros, Cabos, Disjuntores, Contatores e Barramentos Blindados",101887,"CABO DE COBRE ISOLADO, 16 MM², ANTI-CHAMA 0,6/1 KV, INSTALADO EM ELETROCALHA OU PERFILADO - FORNECIMENTO E INSTALAÇÃO. AF_10/2020","M",17.16,0]
["Instalações Elétricas - Quadros, Cabos, Disjuntores, Contatores e Barramentos Blindados",101886,"CABO DE COBRE ISOLADO, 16 MM², ANTI-CHAMA 450/750 V, INSTALADO EM ELETROCALHA OU PERFILADO - FORNECIMENTO E INSTALAÇÃO. AF_10/2020","M",16.18,0]
["Instalações Elétricas - Quadros, Cabos, Disjuntores, Contatores e Barramentos Blindados",101889,"CABO DE COBRE ISOLADO, 25 MM², ANTI-CHAMA 0,6/1 KV, INSTALADO EM ELETROCALHA OU PERFILADO - FORNECIMENTO E INSTALAÇÃO. AF_10/2020","M",26.62,0]
["Instalações Elétricas - Quadros, Cabos, Disjuntores, Contatores e Barramentos Blindados",101888,"CABO DE COBRE ISOLADO, 25 MM², ANTI-CHAMA 450/750 V, INSTALADO EM ELETROCALHA OU PERFILADO - FORNECIMENTO E INSTALAÇÃO. AF_10/2020","M",25.33,0]
["Instalações Elétricas - Quadros, Cabos, Disjuntores, Contatores e Barramentos Blindados",101938,"CAIXA DE PROTEÇÃO PARA MEDIDOR MONOFÁSICO DE EMBUTIR - FORNECIMENTO E INSTALAÇÃO. AF_10/2020","UN",144.06,0]
["Instalações Elétricas - Quadros, Cabos, Disjuntores, Contatores e Barramentos Blindados",101904,"CONTATOR TRIPOLAR I NOMIMAL 95A - FORNECIMENTO E INSTALAÇÃO. AF_10/2020","UN",1628.06,0.96740000000000004]
["Instalações Elétricas - Quadros, Cabos, Disjuntores, Contatores e Barramentos Blindados",101901,"CONTATOR TRIPOLAR I NOMINAL 12A - FORNECIMENTO E INSTALAÇÃO. AF_10/2020","UN",171.67,0.93379999999999996]
["Instalações Elétricas - Quadros, Cabos, Disjuntores, Contatores e Barramentos Blindados",101902,"CONTATOR TRIPOLAR I NOMINAL 22A - FORNECIMENTO E INSTALAÇÃO. AF_10/2020","UN",212.08,0.92679999999999996]
["Instalações Elétricas - Quadros, Cabos, Disjuntores, Contatores e Barramentos Blindados",101903,"CONTATOR TRIPOLAR I NOMINAL 38A - FORNECIMENTO E INSTALAÇÃO. AF_10/2020","UN",442.4,0.93589999999999995]
["Instalações Elétricas - Quadros, Cabos, Disjuntores, Contatores e Barramentos Blindados",97400,"COTOVELO HORIZONTAL PARA BARRAMENTO BLINDADO, 1000A - FORNECIMENTO E INSTALAÇÃO. AF_10/2020","UN",0]
["Instalações Elétricas - Quadros, Cabos, Disjuntores, Contatores e Barramentos Blindados",97401,"COTOVELO HORIZONTAL PARA BARRAMENTO BLINDADO, 1250A - FORNECIMENTO E INSTALAÇÃO. AF_10/2020","UN",0]
["Instalações Elétricas - Quadros, Cabos, Disjuntores, Contatores e Barramentos Blindados",97403,"COTOVELO HORIZONTAL PARA BARRAMENTO BLINDADO, 1600A - FORNECIMENTO E INSTALAÇÃO. AF_10/2020","UN",0]
["Instalações Elétricas - Quadros, Cabos, Disjuntores, Contatores e Barramentos Blindados",97404,"COTOVELO HORIZONTAL PARA BARRAMENTO BLINDADO, 2000A - FORNECIMENTO E INSTALAÇÃO. AF_10/2020","UN",0]
["Instalações Elétricas - Quadros, Cabos, Disjuntores, Contatores e Barramentos Blindados",97406,"COTOVELO HORIZONTAL PARA BARRAMENTO BLINDADO, 2500A - FORNECIMENTO E INSTALAÇÃO. AF_10/2020","UN",0]
["Instalações Elétricas - Quadros, Cabos, Disjuntores, Contatores e Barramentos Blindados",97393,"COTOVELO HORIZONTAL PARA BARRAMENTO BLINDADO, 250A - FORNECIMENTO E INSTALAÇÃO. AF_10/2020","UN",0]
["Instalações Elétricas - Quadros, Cabos, Disjuntores, Contatores e Barramentos Blindados",97407,"COTOVELO HORIZONTAL PARA BARRAMENTO BLINDADO, 3000A - FORNECIMENTO E INSTALAÇÃO. AF_10/2020","UN",0]
["Instalações Elétricas - Quadros, Cabos, Disjuntores, Contatores e Barramentos Blindados",97408,"COTOVELO HORIZONTAL PARA BARRAMENTO BLINDADO, 3500A. - FORNECIMENTO E INSTALAÇÃO. AF_10/2020","UN",0]
["Instalações Elétricas - Quadros, Cabos, Disjuntores, Contatores e Barramentos Blindados",97394,"COTOVELO HORIZONTAL PARA BARRAMENTO BLINDADO, 350A - FORNECIMENTO E INSTALAÇÃO. AF_10/2020","UN",0]
["Instalações Elétricas - Quadros, Cabos, Disjuntores, Contatores e Barramentos Blindados",97395,"COTOVELO HORIZONTAL PARA BARRAMENTO BLINDADO, 450A - FORNECIMENTO E INSTALAÇÃO. AF_10/2020","UN",0]
["Instalações Elétricas - Quadros, Cabos, Disjuntores, Contatores e Barramentos Blindados",97398,"COTOVELO HORIZONTAL PARA BARRAMENTO BLINDADO, 550A - FORNECIMENTO E INSTALAÇÃO. AF_10/2020","UN",0]
["Instalações Elétricas - Quadros, Cabos, Disjuntores, Contatores e Barramentos Blindados",97399,"COTOVELO HORIZONTAL PARA BARRAMENTO BLINDADO, 630A - FORNECIMENTO E INSTALAÇÃO. AF_10/2020","UN",0]
["Instalações Elétricas - Quadros, Cabos, Disjuntores, Contatores e Barramentos Blindados",97414,"COTOVELO VERTICAL PARA BARRAMENTO BLINDADO, 1000A - FORNECIMENTO E INSTALAÇÃO. AF_10/2020","UN",0]
["Instalações Elétricas - Quadros, Cabos, Disjuntores, Contatores e Barramentos Blindados",97415,"COTOVELO VERTICAL PARA BARRAMENTO BLINDADO, 1250A - FORNECIMENTO E INSTALAÇÃO. AF_10/2020","UN",0]
["Instalações Elétricas - Quadros, Cabos, Disjuntores, Contatores e Barramentos Blindados",97416,"COTOVELO VERTICAL PARA BARRAMENTO BLINDADO, 1600A - FORNECIMENTO E INSTALAÇÃO. AF_10/2020","UN",0]
["Instalações Elétricas - Quadros, Cabos, Disjuntores, Contatores e Barramentos Blindados",97417,"COTOVELO VERTICAL PARA BARRAMENTO BLINDADO, 2000A - FORNECIMENTO E INSTALAÇÃO. AF_10/2020","UN",0]
["Instalações Elétricas - Quadros, Cabos, Disjuntores, Contatores e Barramentos Blindados",97418,"COTOVELO VERTICAL PARA BARRAMENTO BLINDADO, 2500A - FORNECIMENTO E INSTALAÇÃO. AF_10/2020","UN",0]
["Instalações Elétricas - Quadros, Cabos, Disjuntores, Contatores e Barramentos Blindados",97409,"COTOVELO VERTICAL PARA BARRAMENTO BLINDADO, 250A - FORNECIMENTO E INSTALAÇÃO. AF_10/2020","UN",0]
["Instalações Elétricas - Quadros, Cabos, Disjuntores, Contatores e Barramentos Blindados",97419,"COTOVELO VERTICAL PARA BARRAMENTO BLINDADO, 3000A - FORNECIMENTO E INSTALAÇÃO. AF_10/2020","UN",0]
["Instalações Elétricas - Quadros, Cabos, Disjuntores, Contatores e Barramentos Blindados",97420,"COTOVELO VERTICAL PARA BARRAMENTO BLINDADO, 3500A - FORNECIMENTO E INSTALAÇÃO. AF_10/2020","UN",0]
["Instalações Elétricas - Quadros, Cabos, Disjuntores, Contatores e Barramentos Blindados",97410,"COTOVELO VERTICAL PARA BARRAMENTO BLINDADO, 350A - FORNECIMENTO E INSTALAÇÃO. AF_10/2020","UN",0]
["Instalações Elétricas - Quadros, Cabos, Disjuntores, Contatores e Barramentos Blindados",97411,"COTOVELO VERTICAL PARA BARRAMENTO BLINDADO, 450A - FORNECIMENTO E INSTALAÇÃO. AF_10/2020","UN",0]
["Instalações Elétricas - Quadros, Cabos, Disjuntores, Contatores e Barramentos Blindados",97412,"COTOVELO VERTICAL PARA BARRAMENTO BLINDADO, 550A - FORNECIMENTO E INSTALAÇÃO. AF_10/2020","UN",0]
["Instalações Elétricas - Quadros, Cabos, Disjuntores, Contatores e Barramentos Blindados",97413,"COTOVELO VERTICAL PARA BARRAMENTO BLINDADO, 630A - FORNECIMENTO E INSTALAÇÃO. AF_10/2020","UN",0]
["Instalações Elétricas - Quadros, Cabos, Disjuntores, Contatores e Barramentos Blindados",101900,"DISJUNTOR BAIXA TENSÃO TRIPOLAR A SECO 800A/600V - FORNECIMENTO E INSTALAÇÃO. AF_10/2020","UN",5262.63,0]
["Instalações Elétricas - Quadros, Cabos, Disjuntores, Contatores e Barramentos Blindados",93660,"DISJUNTOR BIPOLAR TIPO DIN, CORRENTE NOMINAL DE 10A - FORNECIMENTO E INSTALAÇÃO. AF_10/2020","UN",65.94,0]
["Instalações Elétricas - Quadros, Cabos, Disjuntores, Contatores e Barramentos Blindados",93661,"DISJUNTOR BIPOLAR TIPO DIN, CORRENTE NOMINAL DE 16A - FORNECIMENTO E INSTALAÇÃO. AF_10/2020","UN",67.33,0]
["Instalações Elétricas - Quadros, Cabos, Disjuntores, Contatores e Barramentos Blindados",93662,"DISJUNTOR BIPOLAR TIPO DIN, CORRENTE NOMINAL DE 20A - FORNECIMENTO E INSTALAÇÃO. AF_10/2020","UN",70.09,0]
["Instalações Elétricas - Quadros, Cabos, Disjuntores, Contatores e Barramentos Blindados",93663,"DISJUNTOR BIPOLAR TIPO DIN, CORRENTE NOMINAL DE 25A - FORNECIMENTO E INSTALAÇÃO. AF_10/2020","UN",70.09,0]
["Instalações Elétricas - Quadros, Cabos, Disjuntores, Contatores e Barramentos Blindados",93664,"DISJUNTOR BIPOLAR TIPO DIN, CORRENTE NOMINAL DE 32A - FORNECIMENTO E INSTALAÇÃO. AF_10/2020","UN",73.45,0]
["Instalações Elétricas - Quadros, Cabos, Disjuntores, Contatores e Barramentos Blindados",93665,"DISJUNTOR BIPOLAR TIPO DIN, CORRENTE NOMINAL DE 40A - FORNECIMENTO E INSTALAÇÃO. AF_10/2020","UN",77.72,0]
["Instalações Elétricas - Quadros, Cabos, Disjuntores, Contatores e Barramentos Blindados",93666,"DISJUNTOR BIPOLAR TIPO DIN, CORRENTE NOMINAL DE 50A - FORNECIMENTO E INSTALAÇÃO. AF_10/2020","UN",84.47,0]
["Instalações Elétricas - Quadros, Cabos, Disjuntores, Contatores e Barramentos Blindados",93674,"DISJUNTOR BIPOLAR TIPO DR, CORRENTE NOMINAL DE 25A - FORNECIMENTO E INSTALAÇÃO. AF_10/2020","UN",0]
["Instalações Elétricas - Quadros, Cabos, Disjuntores, Contatores e Barramentos Blindados",93675,"DISJUNTOR BIPOLAR TIPO DR, CORRENTE NOMINAL DE 40A - FORNECIMENTO E INSTALAÇÃO. AF_10/2020","UN",0]
["Instalações Elétricas - Quadros, Cabos, Disjuntores, Contatores e Barramentos Blindados",101892,"DISJUNTOR BIPOLAR TIPO NEMA, CORRENTE NOMINAL DE 10 ATÉ 50A - FORNECIMENTO E INSTALAÇÃO. AF_10/2020","UN",82.99,0]
["Instalações Elétricas - Quadros, Cabos, Disjuntores, Contatores e Barramentos Blindados",93653,"DISJUNTOR MONOPOLAR TIPO DIN, CORRENTE NOMINAL DE 10A - FORNECIMENTO E INSTALAÇÃO. AF_10/2020","UN",13.51,0]
["Instalações Elétricas - Quadros, Cabos, Disjuntores, Contatores e Barramentos Blindados",93654,"DISJUNTOR MONOPOLAR TIPO DIN, CORRENTE NOMINAL DE 16A - FORNECIMENTO E INSTALAÇÃO. AF_10/2020","UN",14.2,0]
["Instalações Elétricas - Quadros, Cabos, Disjuntores, Contatores e Barramentos Blindados",93655,"DISJUNTOR MONOPOLAR TIPO DIN, CORRENTE NOMINAL DE 20A - FORNECIMENTO E INSTALAÇÃO. AF_10/2020","UN",15.59,0]
["Instalações Elétricas - Quadros, Cabos, Disjuntores, Contatores e Barramentos Blindados",93656,"DISJUNTOR MONOPOLAR TIPO DIN, CORRENTE NOMINAL DE 25A - FORNECIMENTO E INSTALAÇÃO. AF_10/2020","UN",15.59,0]
["Instalações Elétricas - Quadros, Cabos, Disjuntores, Contatores e Barramentos Blindados",93657,"DISJUNTOR MONOPOLAR TIPO DIN, CORRENTE NOMINAL DE 32A - FORNECIMENTO E INSTALAÇÃO. AF_10/2020","UN",17.260000000000002,0]
["Instalações Elétricas - Quadros, Cabos, Disjuntores, Contatores e Barramentos Blindados",93658,"DISJUNTOR MONOPOLAR TIPO DIN, CORRENTE NOMINAL DE 40A - FORNECIMENTO E INSTALAÇÃO. AF_10/2020","UN",24.89,0]
["Instalações Elétricas - Quadros, Cabos, Disjuntores, Contatores e Barramentos Blindados",93659,"DISJUNTOR MONOPOLAR TIPO DIN, CORRENTE NOMINAL DE 50A - FORNECIMENTO E INSTALAÇÃO. AF_10/2020","UN",28.27,0]
["Instalações Elétricas - Quadros, Cabos, Disjuntores, Contatores e Barramentos Blindados",101890,"DISJUNTOR MONOPOLAR TIPO NEMA, CORRENTE NOMINAL DE 10 ATÉ 30A - FORNECIMENTO E INSTALAÇÃO. AF_10/2020","UN",18.670000000000002,0]
["Instalações Elétricas - Quadros, Cabos, Disjuntores, Contatores e Barramentos Blindados",101891,"DISJUNTOR MONOPOLAR TIPO NEMA, CORRENTE NOMINAL DE 35 ATÉ 50A - FORNECIMENTO E INSTALAÇÃO. AF_10/2020","UN",32.08,0]
["Instalações Elétricas - Quadros, Cabos, Disjuntores, Contatores e Barramentos Blindados",101895,"DISJUNTOR TERMOMAGNÉTICO TRIPOLAR, CORRENTE NOMINAL DE 125A - FORNECIMENTO E INSTALAÇÃO. AF_10/2020","UN",491.54,0]
["Instalações Elétricas - Quadros, Cabos, Disjuntores, Contatores e Barramentos Blindados",101896,"DISJUNTOR TERMOMAGNÉTICO TRIPOLAR, CORRENTE NOMINAL DE 200A - FORNECIMENTO E INSTALAÇÃO. AF_10/2020","UN",737.84,0]
["Instalações Elétricas - Quadros, Cabos, Disjuntores, Contatores e Barramentos Blindados",101897,"DISJUNTOR TERMOMAGNÉTICO TRIPOLAR, CORRENTE NOMINAL DE 250A - FORNECIMENTO E INSTALAÇÃO. AF_10/2020","UN",1178.24,0]
["Instalações Elétricas - Quadros, Cabos, Disjuntores, Contatores e Barramentos Blindados",101898,"DISJUNTOR TERMOMAGNÉTICO TRIPOLAR, CORRENTE NOMINAL DE 400A - FORNECIMENTO E INSTALAÇÃO. AF_10/2020","UN",1576.01,0]
["Instalações Elétricas - Quadros, Cabos, Disjuntores, Contatores e Barramentos Blindados",101899,"DISJUNTOR TERMOMAGNÉTICO TRIPOLAR, CORRENTE NOMINAL DE 600A - FORNECIMENTO E INSTALAÇÃO. AF_10/2020","UN",2522.16,0]
["Instalações Elétricas - Quadros, Cabos, Disjuntores, Contatores e Barramentos Blindados",93676,"DISJUNTOR TETRAPOLAR TIPO DR, CORRENTE NOMINAL DE 25A - FORNECIMENTO E INSTALAÇÃO. AF_10/2020","UN",0]
["Instalações Elétricas - Quadros, Cabos, Disjuntores, Contatores e Barramentos Blindados",97711,"DISJUNTOR TETRAPOLAR TIPO DR, CORRENTE NOMINAL DE 40A - FORNECIMENTO E INSTALAÇÃO. AF_10/2020","UN",0]
["Instalações Elétricas - Quadros, Cabos, Disjuntores, Contatores e Barramentos Blindados",93667,"DISJUNTOR TRIPOLAR TIPO DIN, CORRENTE NOMINAL DE 10A - FORNECIMENTO E INSTALAÇÃO. AF_10/2020","UN",82.5,0]
["Instalações Elétricas - Quadros, Cabos, Disjuntores, Contatores e Barramentos Blindados",93668,"DISJUNTOR TRIPOLAR TIPO DIN, CORRENTE NOMINAL DE 16A - FORNECIMENTO E INSTALAÇÃO. AF_10/2020","UN",84.57,0]
["Instalações Elétricas - Quadros, Cabos, Disjuntores, Contatores e Barramentos Blindados",93669,"DISJUNTOR TRIPOLAR TIPO DIN, CORRENTE NOMINAL DE 20A - FORNECIMENTO E INSTALAÇÃO. AF_10/2020","UN",88.72,0]
["Instalações Elétricas - Quadros, Cabos, Disjuntores, Contatores e Barramentos Blindados",93670,"DISJUNTOR TRIPOLAR TIPO DIN, CORRENTE NOMINAL DE 25A - FORNECIMENTO E INSTALAÇÃO. AF_10/2020","UN",88.72,0]
["Instalações Elétricas - Quadros, Cabos, Disjuntores, Contatores e Barramentos Blindados",93671,"DISJUNTOR TRIPOLAR TIPO DIN, CORRENTE NOMINAL DE 32A - FORNECIMENTO E INSTALAÇÃO. AF_10/2020","UN",93.74,0]
["Instalações Elétricas - Quadros, Cabos, Disjuntores, Contatores e Barramentos Blindados",93672,"DISJUNTOR TRIPOLAR TIPO DIN, CORRENTE NOMINAL DE 40A - FORNECIMENTO E INSTALAÇÃO. AF_10/2020","UN",101.54,0]
["Instalações Elétricas - Quadros, Cabos, Disjuntores, Contatores e Barramentos Blindados",93673,"DISJUNTOR TRIPOLAR TIPO DIN, CORRENTE NOMINAL DE 50A - FORNECIMENTO E INSTALAÇÃO. AF_10/2020","UN",111.66,0]
["Instalações Elétricas - Quadros, Cabos, Disjuntores, Contatores e Barramentos Blindados",101893,"DISJUNTOR TRIPOLAR TIPO NEMA, CORRENTE NOMINAL DE 10 ATÉ 50A - FORNECIMENTO E INSTALAÇÃO. AF_10/2020","UN",106.14,0]
["Instalações Elétricas - Quadros, Cabos, Disjuntores, Contatores e Barramentos Blindados",101894,"DISJUNTOR TRIPOLAR TIPO NEMA, CORRENTE NOMINAL DE 60 ATÉ 100A - FORNECIMENTO E INSTALAÇÃO. AF_10/2020","UN",180.75,0]
["Instalações Elétricas - Quadros, Cabos, Disjuntores, Contatores e Barramentos Blindados",97421,"GABARITO PARA BARRAMENTO BLINDADO - FORNECIMENTO E INSTALAÇÃO. AF_10/2020","UN",0]
["Instalações Elétricas - Quadros, Cabos, Disjuntores, Contatores e Barramentos Blindados",97373,"PEÇA RETA DE BARRAMENTO BLINDADO, 1000A - FORNECIMENTO E INSTALAÇÃO. AF_10/2020","M",0]
["Instalações Elétricas - Quadros, Cabos, Disjuntores, Contatores e Barramentos Blindados",97374,"PEÇA RETA DE BARRAMENTO BLINDADO, 1250A - FORNECIMENTO E INSTALAÇÃO. AF_10/2020","M",0]
["Instalações Elétricas - Quadros, Cabos, Disjuntores, Contatores e Barramentos Blindados",97375,"PEÇA RETA DE BARRAMENTO BLINDADO, 1600A - FORNECIMENTO E INSTALAÇÃO. AF_10/2020","M",0]
["Instalações Elétricas - Quadros, Cabos, Disjuntores, Contatores e Barramentos Blindados",97376,"PEÇA RETA DE BARRAMENTO BLINDADO, 2000A - FORNECIMENTO E INSTALAÇÃO. AF_10/2020","M",0]
["Instalações Elétricas - Quadros, Cabos, Disjuntores, Contatores e Barramentos Blindados",97377,"PEÇA RETA DE BARRAMENTO BLINDADO, 2500A - FORNECIMENTO E INSTALAÇÃO. AF_10/2020","M",0]
["Instalações Elétricas - Quadros, Cabos, Disjuntores, Contatores e Barramentos Blindados",97368,"PEÇA RETA DE BARRAMENTO BLINDADO, 250A - FORNECIMENTO E INSTALAÇÃO. AF_10/2020","M",0]
["Instalações Elétricas - Quadros, Cabos, Disjuntores, Contatores e Barramentos Blindados",97369,"PEÇA RETA DE BARRAMENTO BLINDADO, 350A - FORNECIMENTO E INSTALAÇÃO. AF_10/2020","M",0]
["Instalações Elétricas - Quadros, Cabos, Disjuntores, Contatores e Barramentos Blindados",97370,"PEÇA RETA DE BARRAMENTO BLINDADO, 450A - FORNECIMENTO E INSTALAÇÃO. AF_10/2020","M",0]
["Instalações Elétricas - Quadros, Cabos, Disjuntores, Contatores e Barramentos Blindados",97371,"PEÇA RETA DE BARRAMENTO BLINDADO, 550A - FORNECIMENTO E INSTALAÇÃO. AF_10/2020","M",0]
["Instalações Elétricas - Quadros, Cabos, Disjuntores, Contatores e Barramentos Blindados",97372,"PEÇA RETA DE BARRAMENTO BLINDADO, 630A - FORNECIMENTO E INSTALAÇÃO. AF_10/2020","M",0]
["Instalações Elétricas - Quadros, Cabos, Disjuntores, Contatores e Barramentos Blindados",101875,"QUADRO DE DISTRIBUIÇÃO DE ENERGIA EM CHAPA DE AÇO GALVANIZADO, DE EMBUTIR, COM BARRAMENTO TRIFÁSICO, PARA 12 DISJUNTORES DIN 100A - FORNECIMENTO E INSTALAÇÃO. AF_10/2020","UN",345.49,0]
["Instalações Elétricas - Quadros, Cabos, Disjuntores, Contatores e Barramentos Blindados",101883,"QUADRO DE DISTRIBUIÇÃO DE ENERGIA EM CHAPA DE AÇO GALVANIZADO, DE EMBUTIR, COM BARRAMENTO TRIFÁSICO, PARA 18 DISJUNTORES DIN 100A - FORNECIMENTO E INSTALAÇÃO. AF_10/2020","UN",473.87,0]
["Instalações Elétricas - Quadros, Cabos, Disjuntores, Contatores e Barramentos Blindados",101879,"QUADRO DE DISTRIBUIÇÃO DE ENERGIA EM CHAPA DE AÇO GALVANIZADO, DE EMBUTIR, COM BARRAMENTO TRIFÁSICO, PARA 24 DISJUNTORES DIN 100A - FORNECIMENTO E INSTALAÇÃO. AF_10/2020","UN",496.79,0]
["Instalações Elétricas - Quadros, Cabos, Disjuntores, Contatores e Barramentos Blindados",101880,"QUADRO DE DISTRIBUIÇÃO DE ENERGIA EM CHAPA DE AÇO GALVANIZADO, DE EMBUTIR, COM BARRAMENTO TRIFÁSICO, PARA 30 DISJUNTORES DIN 150A - FORNECIMENTO E INSTALAÇÃO. AF_10/2020","UN",573.08000000000004,0]
["Instalações Elétricas - Quadros, Cabos, Disjuntores, Contatores e Barramentos Blindados",101882,"QUADRO DE DISTRIBUIÇÃO DE ENERGIA EM CHAPA DE AÇO GALVANIZADO, DE EMBUTIR, COM BARRAMENTO TRIFÁSICO, PARA 30 DISJUNTORES DIN 225A - FORNECIMENTO E INSTALAÇÃO. AF_10/2020","UN",1153.47,0]
["Instalações Elétricas - Quadros, Cabos, Disjuntores, Contatores e Barramentos Blindados",101881,"QUADRO DE DISTRIBUIÇÃO DE ENERGIA EM CHAPA DE AÇO GALVANIZADO, DE EMBUTIR, COM BARRAMENTO TRIFÁSICO, PARA 40 DISJUNTORES DIN 100A - FORNECIMENTO E INSTALAÇÃO. AF_10/2020","UN",817.08,0]
["Instalações Elétricas - Quadros, Cabos, Disjuntores, Contatores e Barramentos Blindados",101878,"QUADRO DE DISTRIBUIÇÃO DE ENERGIA EM CHAPA DE AÇO GALVANIZADO, DE SOBREPOR, COM BARRAMENTO TRIFÁSICO, PARA 18 DISJUNTORES DIN 100A - FORNECIMENTO E INSTALAÇÃO. AF_10/2020","UN",485.87,0]
["Instalações Elétricas - Quadros, Cabos, Disjuntores, Contatores e Barramentos Blindados",101877,"QUADRO DE DISTRIBUIÇÃO DE ENERGIA EM PVC, DE EMBUTIR, SEM BARRAMENTO, PARA 3 DISJUNTORES - FORNECIMENTO E INSTALAÇÃO. AF_10/2020","UN",73.06,0]
["Instalações Elétricas - Quadros, Cabos, Disjuntores, Contatores e Barramentos Blindados",101876,"QUADRO DE DISTRIBUIÇÃO DE ENERGIA EM PVC, DE EMBUTIR, SEM BARRAMENTO, PARA 6 DISJUNTORES - FORNECIMENTO E INSTALAÇÃO. AF_10/2020","UN",107.15,0]
["Instalações Elétricas - Quadros, Cabos, Disjuntores, Contatores e Barramentos Blindados",101873,"QUADRO DE DISTRIBUIÇÃO DE LUZ EM PVC PARA 12 DISJUNTORES - FORNECIMENTO E INSTALAÇÃO. AF_10/2020","UN",0]
["Instalações Elétricas - Quadros, Cabos, Disjuntores, Contatores e Barramentos Blindados",101874,"QUADRO DE DISTRIBUIÇÃO DE LUZ EM PVC PARA 24 DISJUNTORES - FORNECIMENTO E INSTALAÇÃO. AF_10/2020","UN",0]
["Instalações Elétricas - Quadros, Cabos, Disjuntores, Contatores e Barramentos Blindados",101871,"QUADRO DE DISTRIBUIÇÃO DE LUZ EM PVC PARA 4 DISJUNTORES - FORNECIMENTO E INSTALAÇÃO. AF_10/2020","UN",0]
["Instalações Elétricas - Quadros, Cabos, Disjuntores, Contatores e Barramentos Blindados",101872,"QUADRO DE DISTRIBUIÇÃO DE LUZ EM PVC PARA 8 DISJUNTORES - FORNECIMENTO E INSTALAÇÃO. AF_10/2020","UN",0]
["Instalações Elétricas - Quadros, Cabos, Disjuntores, Contatores e Barramentos Blindados",97360,"QUADRO DE MEDIÇÃO GERAL DE ENERGIA COM 12 MEDIDORES - FORNECIMENTO E INSTALAÇÃO. AF_10/2020","UN",9509.86,0]
["Instalações Elétricas - Quadros, Cabos, Disjuntores, Contatores e Barramentos Blindados",97361,"QUADRO DE MEDIÇÃO GERAL DE ENERGIA COM 16 MEDIDORES - FORNECIMENTO E INSTALAÇÃO. AF_10/2020","UN",12679.84,0]
["Instalações Elétricas - Quadros, Cabos, Disjuntores, Contatores e Barramentos Blindados",97359,"QUADRO DE MEDIÇÃO GERAL DE ENERGIA COM 8 MEDIDORES - FORNECIMENTO E INSTALAÇÃO. AF_10/2020","UN",4923.96,0]
["Instalações Elétricas - Quadros, Cabos, Disjuntores, Contatores e Barramentos Blindados",101946,"QUADRO DE MEDIÇÃO GERAL DE ENERGIA PARA 1 MEDIDOR DE SOBREPOR - FORNECIMENTO E INSTALAÇÃO. AF_10/2020","UN",201.3,0]
["Instalações Elétricas - Quadros, Cabos, Disjuntores, Contatores e Barramentos Blindados",97362,"QUADRO DE MEDIÇÃO GERAL DE ENERGIA PARA BARRAMENTO BLINDADO COM 4 MEDIDORES - FORNECIMENTO E INSTALAÇÃO. AF_10/2020","UN",1573.03,0]
["Instalações Elétricas - Rede de Distribuição",101553,"ALÇA PREFORMADA DE DISTRIBUIÇÃO, EM AÇO GALVANIZADO, AWG 1 - FORNECIMENTO E INSTALAÇÃO. AF_07/2020","UN",14.76,0.64910000000000001]
["Instalações Elétricas - Rede de Distribuição",101554,"ALÇA PREFORMADA DE DISTRIBUIÇÃO, EM AÇO GALVANIZADO, AWG 2 - FORNECIMENTO E INSTALAÇÃO. AF_07/2020","UN",10.96,0.52739999999999998]
["Instalações Elétricas - Rede de Distribuição",101555,"ALÇA PREFORMADA DE DISTRIBUIÇÃO, EM AÇO GALVANIZADO, AWG 4 - FORNECIMENTO E INSTALAÇÃO. AF_07/2020","UN",7.5,0.30930000000000002]
["Instalações Elétricas - Rede de Distribuição",101556,"ALÇA PREFORMADA DE DISTRIBUIÇÃO, EM AÇO GALVANIZADO, AWG 6 - FORNECIMENTO E INSTALAÇÃO. AF_07/2020","UN",6.95,0.25469999999999998]
["Instalações Elétricas - Rede de Distribuição",101537,"APARELHO SINALIZADOR DE SAÍDA DE GARAGEM, COM CÉLULA FOTOELÉTRICA - FORNECIMENTO E INSTALAÇÃO. AF_07/2020","UN",120.33,0]
["Instalações Elétricas - Rede de Distribuição",101538,"ARMAÇÃO SECUNDÁRIA, COM 1 ESTRIBO E 1 ISOLADOR - FORNECIMENTO E INSTALAÇÃO. AF_07/2020","UN",42.87,0.67459999999999998]
["Instalações Elétricas - Rede de Distribuição",101542,"ARMAÇÃO SECUNDÁRIA, COM 1 ESTRIBO, SEM ISOLADOR - FORNECIMENTO E INSTALAÇÃO. AF_07/2020","UN",32.979999999999997,0.63919999999999999]
["Instalações Elétricas - Rede de Distribuição",101539,"ARMAÇÃO SECUNDÁRIA, COM 2 ESTRIBOS E 2 ISOLADORES - FORNECIMENTO E INSTALAÇÃO. AF_07/2020","UN",72.37,0.61419999999999997]
["Instalações Elétricas - Rede de Distribuição",101543,"ARMAÇÃO SECUNDÁRIA, COM 2 ESTRIBOS, SEM ISOLADOR - FORNECIMENTO E INSTALAÇÃO. AF_07/2020","UN",59.5,0.59970000000000001]
["Instalações Elétricas - Rede de Distribuição",101540,"ARMAÇÃO SECUNDÁRIA, COM 3 ESTRIBOS E 3 ISOLADORES - FORNECIMENTO E INSTALAÇÃO. AF_07/2020","UN",120.47,0.65229999999999999]
["Instalações Elétricas - Rede de Distribuição",101544,"ARMAÇÃO SECUNDÁRIA, COM 3 ESTRIBOS, SEM ISOLADOR - FORNECIMENTO E INSTALAÇÃO. AF_07/2020","UN",94.43,0.62139999999999995]
["Instalações Elétricas - Rede de Distribuição",101541,"ARMAÇÃO SECUNDÁRIA, COM 4 ESTRIBOS E 4 ISOLADORES - FORNECIMENTO E INSTALAÇÃO. AF_07/2020","UN",157.47999999999999,0.64539999999999997]
["Instalações Elétricas - Rede de Distribuição",101545,"ARMAÇÃO SECUNDÁRIA, COM 4 ESTRIBOS, SEM ISOLADOR - FORNECIMENTO E INSTALAÇÃO. AF_07/2020","UN",135.66,0.64859999999999995]
["Instalações Elétricas - Rede de Distribuição",101560,"CABO DE COBRE FLEXÍVEL ISOLADO, 10 MM², 0,6/1,0 KV, PARA REDE AÉREA DE DISTRIBUIÇÃO DE ENERGIA ELÉTRICA DE BAIXA TENSÃO - FORNECIMENTO E INSTALAÇÃO. AF_07/2020","M",10.69,0]
["Instalações Elétricas - Rede de Distribuição",101568,"CABO DE COBRE FLEXÍVEL ISOLADO, 120 MM², 0,6/1,0 KV, PARA REDE AÉREA DE DISTRIBUIÇÃO DE ENERGIA ELÉTRICA DE BAIXA TENSÃO - FORNECIMENTO E INSTALAÇÃO. AF_07/2020","M",130.31,0]
["Instalações Elétricas - Rede de Distribuição",101561,"CABO DE COBRE FLEXÍVEL ISOLADO, 16 MM², 0,6/1,0 KV, PARA REDE AÉREA DE DISTRIBUIÇÃO DE ENERGIA ELÉTRICA DE BAIXA TENSÃO - FORNECIMENTO E INSTALAÇÃO. AF_07/2020","M",17,0]
["Instalações Elétricas - Rede de Distribuição",101562,"CABO DE COBRE FLEXÍVEL ISOLADO, 25 MM², 0,6/1,0 KV, PARA REDE AÉREA DE DISTRIBUIÇÃO DE ENERGIA ELÉTRICA DE BAIXA TENSÃO - FORNECIMENTO E INSTALAÇÃO. AF_07/2020","M",26.31,0]
["Instalações Elétricas - Rede de Distribuição",101563,"CABO DE COBRE FLEXÍVEL ISOLADO, 35 MM², 0,6/1,0 KV, PARA REDE AÉREA DE DISTRIBUIÇÃO DE ENERGIA ELÉTRICA DE BAIXA TENSÃO - FORNECIMENTO E INSTALAÇÃO. AF_07/2020","M",37.159999999999997,0]
["Instalações Elétricas - Rede de Distribuição",101564,"CABO DE COBRE FLEXÍVEL ISOLADO, 50 MM², 0,6/1,0 KV, PARA REDE AÉREA DE DISTRIBUIÇÃO DE ENERGIA ELÉTRICA DE BAIXA TENSÃO - FORNECIMENTO E INSTALAÇÃO. AF_07/2020","M",54.91,0]
["Instalações Elétricas - Rede de Distribuição",101565,"CABO DE COBRE FLEXÍVEL ISOLADO, 70 MM², 0,6/1,0 KV, PARA REDE AÉREA DE DISTRIBUIÇÃO DE ENERGIA ELÉTRICA DE BAIXA TENSÃO - FORNECIMENTO E INSTALAÇÃO. AF_07/2020","M",76.78,0]
["Instalações Elétricas - Rede de Distribuição",101567,"CABO DE COBRE FLEXÍVEL ISOLADO, 95 MM², 0,6/1,0 KV, PARA REDE AÉREA DE DISTRIBUIÇÃO DE ENERGIA ELÉTRICA DE BAIXA TENSÃO - FORNECIMENTO E INSTALAÇÃO. AF_07/2020","M",99.66,0]
["Instalações Elétricas - Rede de Distribuição",101551,"CONECTOR CUNHA, PARA REDES AÉREAS DE DISTRIBUIÇÃO DE ENERGIA ELÉTRICA DE BAIXA TENSÃO - FORNECIMENTO E INSTALAÇÃO. AF_07/2020","UN",0]
["Instalações Elétricas - Rede de Distribuição",101552,"CONECTOR H, PARA REDES AÉREAS DE DISTRIBUIÇÃO DE ENERGIA ELÉTRICA DE BAIXA TENSÃO - FORNECIMENTO E INSTALAÇÃO. AF_07/2020","UN",0]
["Instalações Elétricas - Rede de Distribuição",101550,"CONECTOR PERFURANTE, PARA REDES AÉREAS DE DISTRIBUIÇÃO DE ENERGIA ELÉTRICA DE BAIXA TENSÃO - FORNECIMENTO E INSTALAÇÃO. AF_07/2020","UN",0]
["Instalações Elétricas - Rede de Distribuição",101501,"ENTRADA DE ENERGIA ELÉTRICA, AÉREA, BIFÁSICA, COM CAIXA DE EMBUTIR, CABO DE 10 MM2 E DISJUNTOR DIN 50A (NÃO INCLUSO O POSTE DE CONCRETO). AF_07/2020_PS","UN",1944.84,2.1700000000000001E-2]
["Instalações Elétricas - Rede de Distribuição",101502,"ENTRADA DE ENERGIA ELÉTRICA, AÉREA, BIFÁSICA, COM CAIXA DE EMBUTIR, CABO DE 16 MM2 E DISJUNTOR DIN 50A (NÃO INCLUSO O POSTE DE CONCRETO). AF_07/2020_PS","UN",2105.6799999999998,2.01E-2]
["Instalações Elétricas - Rede de Distribuição",101503,"ENTRADA DE ENERGIA ELÉTRICA, AÉREA, BIFÁSICA, COM CAIXA DE EMBUTIR, CABO DE 25 MM2 E DISJUNTOR DIN 50A (NÃO INCLUSO O POSTE DE CONCRETO). AF_07/2020_PS","UN",2145.4699999999998,1.9699999999999999E-2]
["Instalações Elétricas - Rede de Distribuição",101504,"ENTRADA DE ENERGIA ELÉTRICA, AÉREA, BIFÁSICA, COM CAIXA DE EMBUTIR, CABO DE 35 MM2 E DISJUNTOR DIN 50A (NÃO INCLUSO O POSTE DE CONCRETO). AF_07/2020_PS","UN",2364.62,1.7899999999999999E-2]
["Instalações Elétricas - Rede de Distribuição",101497,"ENTRADA DE ENERGIA ELÉTRICA, AÉREA, BIFÁSICA, COM CAIXA DE SOBREPOR, CABO DE 10 MM2 E DISJUNTOR DIN 50A (NÃO INCLUSO O POSTE DE CONCRETO). AF_07/2020_PS","UN",1952.37,2.1700000000000001E-2]
["Instalações Elétricas - Rede de Distribuição",101498,"ENTRADA DE ENERGIA ELÉTRICA, AÉREA, BIFÁSICA, COM CAIXA DE SOBREPOR, CABO DE 16 MM2 E DISJUNTOR DIN 50A (NÃO INCLUSO O POSTE DE CONCRETO). AF_07/2020_PS","UN",2113.21,0.02]
["Instalações Elétricas - Rede de Distribuição",101499,"ENTRADA DE ENERGIA ELÉTRICA, AÉREA, BIFÁSICA, COM CAIXA DE SOBREPOR, CABO DE 25 MM2 E DISJUNTOR DIN 50A (NÃO INCLUSO O POSTE DE CONCRETO). AF_07/2020_PS","UN",2153,1.9599999999999999E-2]
["Instalações Elétricas - Rede de Distribuição",101500,"ENTRADA DE ENERGIA ELÉTRICA, AÉREA, BIFÁSICA, COM CAIXA DE SOBREPOR, CABO DE 35 MM2 E DISJUNTOR DIN 50A (NÃO INCLUSO O POSTE DE CONCRETO). AF_07/2020_PS","UN",2372.15,1.78E-2]
["Instalações Elétricas - Rede de Distribuição",101493,"ENTRADA DE ENERGIA ELÉTRICA, AÉREA, MONOFÁSICA, COM CAIXA DE EMBUTIR, CABO DE 10 MM2 E DISJUNTOR DIN 50A (NÃO INCLUSO O POSTE DE CONCRETO). AF_07/2020_PS","UN",1625.76,2.5999999999999999E-2]
["Instalações Elétricas - Rede de Distribuição",101494,"ENTRADA DE ENERGIA ELÉTRICA, AÉREA, MONOFÁSICA, COM CAIXA DE EMBUTIR, CABO DE 16 MM2 E DISJUNTOR DIN 50A (NÃO INCLUSO O POSTE DE CONCRETO). AF_07/2020_PS","UN",1732.02,2.4400000000000002E-2]
["Instalações Elétricas - Rede de Distribuição",101495,"ENTRADA DE ENERGIA ELÉTRICA, AÉREA, MONOFÁSICA, COM CAIXA DE EMBUTIR, CABO DE 25 MM2 E DISJUNTOR DIN 50A (NÃO INCLUSO O POSTE DE CONCRETO). AF_07/2020_PS","UN",1758.31,2.4E-2]
["Instalações Elétricas - Rede de Distribuição",101496,"ENTRADA DE ENERGIA ELÉTRICA, AÉREA, MONOFÁSICA, COM CAIXA DE EMBUTIR, CABO DE 35 MM2 E DISJUNTOR DIN 50A (NÃO INCLUSO O POSTE DE CONCRETO). AF_07/2020_PS","UN",1914.85,2.2100000000000002E-2]
["Instalações Elétricas - Rede de Distribuição",101489,"ENTRADA DE ENERGIA ELÉTRICA, AÉREA, MONOFÁSICA, COM CAIXA DE SOBREPOR, CABO DE 10 MM2 E DISJUNTOR DIN 50A (NÃO INCLUSO O POSTE DE CONCRETO). AF_07/2020_PS","UN",1642.42,2.5700000000000001E-2]
["Instalações Elétricas - Rede de Distribuição",101490,"ENTRADA DE ENERGIA ELÉTRICA, AÉREA, MONOFÁSICA, COM CAIXA DE SOBREPOR, CABO DE 16 MM2 E DISJUNTOR DIN 50A (NÃO INCLUSO O POSTE DE CONCRETO). AF_07/2020_PS","UN",1748.68,2.4199999999999999E-2]
["Instalações Elétricas - Rede de Distribuição",101491,"ENTRADA DE ENERGIA ELÉTRICA, AÉREA, MONOFÁSICA, COM CAIXA DE SOBREPOR, CABO DE 25 MM2 E DISJUNTOR DIN 50A (NÃO INCLUSO O POSTE DE CONCRETO). AF_07/2020_PS","UN",1774.97,2.3800000000000002E-2]
["Instalações Elétricas - Rede de Distribuição",101492,"ENTRADA DE ENERGIA ELÉTRICA, AÉREA, MONOFÁSICA, COM CAIXA DE SOBREPOR, CABO DE 35 MM2 E DISJUNTOR DIN 50A (NÃO INCLUSO O POSTE DE CONCRETO). AF_07/2020_PS","UN",1931.51,2.1899999999999999E-2]
["Instalações Elétricas - Rede de Distribuição",101509,"ENTRADA DE ENERGIA ELÉTRICA, AÉREA, TRIFÁSICA, COM CAIXA DE EMBUTIR, CABO DE 10 MM2 E DISJUNTOR DIN 50A (NÃO INCLUSO O POSTE DE CONCRETO). AF_07/2020","UN",2027,2.0899999999999998E-2]
["Instalações Elétricas - Rede de Distribuição",101510,"ENTRADA DE ENERGIA ELÉTRICA, AÉREA, TRIFÁSICA, COM CAIXA DE EMBUTIR, CABO DE 16 MM2 E DISJUNTOR DIN 50A (NÃO INCLUSO O POSTE DE CONCRETO). AF_07/2020","UN",2241.4499999999998,1.89E-2]
["Instalações Elétricas - Rede de Distribuição",101511,"ENTRADA DE ENERGIA ELÉTRICA, AÉREA, TRIFÁSICA, COM CAIXA DE EMBUTIR, CABO DE 25 MM2 E DISJUNTOR DIN 50A (NÃO INCLUSO O POSTE DE CONCRETO). AF_07/2020","UN",2294.5100000000002,1.84E-2]
["Instalações Elétricas - Rede de Distribuição",101512,"ENTRADA DE ENERGIA ELÉTRICA, AÉREA, TRIFÁSICA, COM CAIXA DE EMBUTIR, CABO DE 35 MM2 E DISJUNTOR DIN 50A (NÃO INCLUSO O POSTE DE CONCRETO). AF_07/2020","UN",2575.15,1.6400000000000001E-2]
["Instalações Elétricas - Rede de Distribuição",101505,"ENTRADA DE ENERGIA ELÉTRICA, AÉREA, TRIFÁSICA, COM CAIXA DE SOBREPOR, CABO DE 10 MM2 E DISJUNTOR DIN 50A (NÃO INCLUSO O POSTE DE CONCRETO). AF_07/2020_PS","UN",2073.8000000000002,2.0400000000000001E-2]
["Instalações Elétricas - Rede de Distribuição",101506,"ENTRADA DE ENERGIA ELÉTRICA, AÉREA, TRIFÁSICA, COM CAIXA DE SOBREPOR, CABO DE 16 MM2 E DISJUNTOR DIN 50A (NÃO INCLUSO O POSTE DE CONCRETO). AF_07/2020_PS","UN",2288.25,1.8499999999999999E-2]
["Instalações Elétricas - Rede de Distribuição",101507,"ENTRADA DE ENERGIA ELÉTRICA, AÉREA, TRIFÁSICA, COM CAIXA DE SOBREPOR, CABO DE 25 MM2 E DISJUNTOR DIN 50A (NÃO INCLUSO O POSTE DE CONCRETO). AF_07/2020_PS","UN",2341.31,1.8100000000000002E-2]
["Instalações Elétricas - Rede de Distribuição",101508,"ENTRADA DE ENERGIA ELÉTRICA, AÉREA, TRIFÁSICA, COM CAIXA DE SOBREPOR, CABO DE 35 MM2 E DISJUNTOR DIN 50A (NÃO INCLUSO O POSTE DE CONCRETO). AF_07/2020_PS","UN",2621.95,1.61E-2]
["Instalações Elétricas - Rede de Distribuição",101525,"ENTRADA DE ENERGIA ELÉTRICA, SUBTERRÂNEA, BIFÁSICA, COM CAIXA DE EMBUTIR, CABO DE 10 MM2 E DISJUNTOR DIN 50A (NÃO INCLUSA MURETA DE ALVENARIA). AF_07/2020_PS","UN",1190,3.61E-2]
["Instalações Elétricas - Rede de Distribuição",101526,"ENTRADA DE ENERGIA ELÉTRICA, SUBTERRÂNEA, BIFÁSICA, COM CAIXA DE EMBUTIR, CABO DE 16 MM2 E DISJUNTOR DIN 50A (NÃO INCLUSA MURETA DE ALVENARIA). AF_07/2020_PS","UN",1381.27,3.1099999999999999E-2]
["Instalações Elétricas - Rede de Distribuição",101527,"ENTRADA DE ENERGIA ELÉTRICA, SUBTERRÂNEA, BIFÁSICA, COM CAIXA DE EMBUTIR, CABO DE 25 MM2 E DISJUNTOR DIN 50A (NÃO INCLUSA MURETA DE ALVENARIA). AF_07/2020_PS","UN",1428.59,3.0099999999999998E-2]
["Instalações Elétricas - Rede de Distribuição",101528,"ENTRADA DE ENERGIA ELÉTRICA, SUBTERRÂNEA, BIFÁSICA, COM CAIXA DE EMBUTIR, CABO DE 35 MM2 E DISJUNTOR DIN 50A (NÃO INCLUSA MURETA DE ALVENARIA). AF_07/2020_PS","UN",1647.97,2.6100000000000002E-2]
["Instalações Elétricas - Rede de Distribuição",101521,"ENTRADA DE ENERGIA ELÉTRICA, SUBTERRÂNEA, BIFÁSICA, COM CAIXA DE SOBREPOR, CABO DE 10 MM2 E DISJUNTOR DIN 50A (NÃO INCLUSA MURETA DE ALVENARIA). AF_07/2020_PS","UN",1197.53,3.5900000000000001E-2]
["Instalações Elétricas - Rede de Distribuição",101522,"ENTRADA DE ENERGIA ELÉTRICA, SUBTERRÂNEA, BIFÁSICA, COM CAIXA DE SOBREPOR, CABO DE 16 MM2 E DISJUNTOR DIN 50A (NÃO INCLUSA MURETA DE ALVENARIA). AF_07/2020_PS","UN",1388.8,3.09E-2]
["Instalações Elétricas - Rede de Distribuição",101523,"ENTRADA DE ENERGIA ELÉTRICA, SUBTERRÂNEA, BIFÁSICA, COM CAIXA DE SOBREPOR, CABO DE 25 MM2 E DISJUNTOR DIN 50A (NÃO INCLUSA MURETA DE ALVENARIA). AF_07/2020_PS","UN",1436.12,2.9899999999999999E-2]
["Instalações Elétricas - Rede de Distribuição",101524,"ENTRADA DE ENERGIA ELÉTRICA, SUBTERRÂNEA, BIFÁSICA, COM CAIXA DE SOBREPOR, CABO DE 35 MM2 E DISJUNTOR DIN 50A (NÃO INCLUSA MURETA DE ALVENARIA). AF_07/2020_PS","UN",1655.5,2.5899999999999999E-2]
["Instalações Elétricas - Rede de Distribuição",101517,"ENTRADA DE ENERGIA ELÉTRICA, SUBTERRÂNEA, MONOFÁSICA, COM CAIXA DE EMBUTIR, CABO DE 10 MM2 E DISJUNTOR DIN 50A (NÃO INCLUSA MURETA DE ALVENARIA). AF_07/2020_PS","UN",854.78,5.0299999999999997E-2]
["Instalações Elétricas - Rede de Distribuição",101518,"ENTRADA DE ENERGIA ELÉTRICA, SUBTERRÂNEA, MONOFÁSICA, COM CAIXA DE EMBUTIR, CABO DE 16 MM2 E DISJUNTOR DIN 50A (NÃO INCLUSA MURETA DE ALVENARIA). AF_07/2020_PS","UN",982.29,4.3700000000000003E-2]
["Instalações Elétricas - Rede de Distribuição",101519,"ENTRADA DE ENERGIA ELÉTRICA, SUBTERRÂNEA, MONOFÁSICA, COM CAIXA DE EMBUTIR, CABO DE 25 MM2 E DISJUNTOR DIN 50A (NÃO INCLUSA MURETA DE ALVENARIA). AF_07/2020_PS","UN",1013.84,4.24E-2]
["Instalações Elétricas - Rede de Distribuição",101520,"ENTRADA DE ENERGIA ELÉTRICA, SUBTERRÂNEA, MONOFÁSICA, COM CAIXA DE EMBUTIR, CABO DE 35 MM2 E DISJUNTOR DIN 50A (NÃO INCLUSA MURETA DE ALVENARIA). AF_07/2020_PS","UN",1160.0999999999999,3.6999999999999998E-2]
["Instalações Elétricas - Rede de Distribuição",101513,"ENTRADA DE ENERGIA ELÉTRICA, SUBTERRÂNEA, MONOFÁSICA, COM CAIXA DE SOBREPOR, CABO DE 10 MM2 E DISJUNTOR DIN 50A (NÃO INCLUSA MURETA DE ALVENARIA). AF_07/2020_PS","UN",871.44,4.9299999999999997E-2]
["Instalações Elétricas - Rede de Distribuição",101514,"ENTRADA DE ENERGIA ELÉTRICA, SUBTERRÂNEA, MONOFÁSICA, COM CAIXA DE SOBREPOR, CABO DE 16 MM2 E DISJUNTOR DIN 50A (NÃO INCLUSA MURETA DE ALVENARIA). AF_07/2020_PS","UN",998.95,4.2999999999999997E-2]
["Instalações Elétricas - Rede de Distribuição",101515,"ENTRADA DE ENERGIA ELÉTRICA, SUBTERRÂNEA, MONOFÁSICA, COM CAIXA DE SOBREPOR, CABO DE 25 MM2 E DISJUNTOR DIN 50A (NÃO INCLUSA MURETA DE ALVENARIA). AF_07/2020_PS","UN",1030.5,4.1700000000000001E-2]
["Instalações Elétricas - Rede de Distribuição",101516,"ENTRADA DE ENERGIA ELÉTRICA, SUBTERRÂNEA, MONOFÁSICA, COM CAIXA DE SOBREPOR, CABO DE 35 MM2 E DISJUNTOR DIN 50A (NÃO INCLUSA MURETA DE ALVENARIA). AF_07/2020_PS","UN",1176.76,3.6499999999999998E-2]
["Instalações Elétricas - Rede de Distribuição",101533,"ENTRADA DE ENERGIA ELÉTRICA, SUBTERRÂNEA, TRIFÁSICA, COM CAIXA DE EMBUTIR, CABO DE 10 MM2 E DISJUNTOR DIN 50A (NÃO INCLUSA MURETA DE ALVENARIA). AF_07/2020","UN",1289.99,3.3300000000000003E-2]
["Instalações Elétricas - Rede de Distribuição",101534,"ENTRADA DE ENERGIA ELÉTRICA, SUBTERRÂNEA, TRIFÁSICA, COM CAIXA DE EMBUTIR, CABO DE 16 MM2 E DISJUNTOR DIN 50A (NÃO INCLUSA MURETA DE ALVENARIA). AF_07/2020","UN",1545.01,2.7799999999999998E-2]
["Instalações Elétricas - Rede de Distribuição",101535,"ENTRADA DE ENERGIA ELÉTRICA, SUBTERRÂNEA, TRIFÁSICA, COM CAIXA DE EMBUTIR, CABO DE 25 MM2 E DISJUNTOR DIN 50A (NÃO INCLUSA MURETA DE ALVENARIA). AF_07/2020","UN",1608.11,2.6700000000000002E-2]
["Instalações Elétricas - Rede de Distribuição",101536,"ENTRADA DE ENERGIA ELÉTRICA, SUBTERRÂNEA, TRIFÁSICA, COM CAIXA DE EMBUTIR, CABO DE 35 MM2 E DISJUNTOR DIN 50A (NÃO INCLUSA MURETA DE ALVENARIA). AF_07/2020","UN",1900.62,2.2599999999999999E-2]
["Instalações Elétricas - Rede de Distribuição",101529,"ENTRADA DE ENERGIA ELÉTRICA, SUBTERRÂNEA, TRIFÁSICA, COM CAIXA DE SOBREPOR, CABO DE 10 MM2 E DISJUNTOR DIN 50A (NÃO INCLUSA MURETA DE ALVENARIA). AF_07/2020_PS","UN",1336.79,3.2099999999999997E-2]
["Instalações Elétricas - Rede de Distribuição",101530,"ENTRADA DE ENERGIA ELÉTRICA, SUBTERRÂNEA, TRIFÁSICA, COM CAIXA DE SOBREPOR, CABO DE 16 MM2 E DISJUNTOR DIN 50A (NÃO INCLUSA MURETA DE ALVENARIA). AF_07/2020_PS","UN",1591.81,2.7E-2]
["Instalações Elétricas - Rede de Distribuição",101531,"ENTRADA DE ENERGIA ELÉTRICA, SUBTERRÂNEA, TRIFÁSICA, COM CAIXA DE SOBREPOR, CABO DE 25 MM2 E DISJUNTOR DIN 50A (NÃO INCLUSA MURETA DE ALVENARIA). AF_07/2020_PS","UN",1654.91,2.5999999999999999E-2]
["Instalações Elétricas - Rede de Distribuição",101532,"ENTRADA DE ENERGIA ELÉTRICA, SUBTERRÂNEA, TRIFÁSICA, COM CAIXA DE SOBREPOR, CABO DE 35 MM2 E DISJUNTOR DIN 50A (NÃO INCLUSA MURETA DE ALVENARIA). AF_07/2020_PS","UN",1947.42,2.2100000000000002E-2]
["Instalações Elétricas - Rede de Distribuição",101549,"GRAMPO PARALELO METÁLICO, PARA REDES AÉREAS DE DISTRIBUIÇÃO DE ENERGIA ELÉTRICA DE BAIXA TENSÃO - FORNECIMENTO E INSTALAÇÃO. AF_07/2020","UN",25.13,0]
["Instalações Elétricas - Rede de Distribuição",101547,"ISOLADOR, TIPO DISCO, PARA TENSÃO 15 KV - FORNECIMENTO E INSTALAÇÃO. AF_07/2020","UN",88.84,0.97699999999999998]
["Instalações Elétricas - Rede de Distribuição",101546,"ISOLADOR, TIPO PINO, PARA TENSÃO 15 KV - FORNECIMENTO E INSTALAÇÃO. AF_07/2020","UN",28.61,0.92869999999999997]
["Instalações Elétricas - Rede de Distribuição",101548,"ISOLADOR, TIPO ROLDANA, PARA BAIXA TENSÃO - FORNECIMENTO E INSTALAÇÃO. AF_07/2020","UN",7.36,0.7228]
["Instalações Hidráulicas - Reservação e Bombas de Recalque",94764,"ADAPTADOR COM FLANGE E ANEL DE VEDAÇÃO, CPVC, ROSCÁVEL, DN 15 MM, INSTALADO EM RESERVAÇÃO PREDIAL DE ÁGUA - FORNECIMENTO E INSTALAÇÃO. AF_04/2024","UN",36.700000000000003,0]
["Instalações Hidráulicas - Reservação e Bombas de Recalque",94765,"ADAPTADOR COM FLANGE E ANEL DE VEDAÇÃO, CPVC, ROSCÁVEL, DN 22 MM, INSTALADO EM RESERVAÇÃO PREDIAL DE ÁGUA - FORNECIMENTO E INSTALAÇÃO. AF_04/2024","UN",40.42,0]
["Instalações Hidráulicas - Reservação e Bombas de Recalque",94766,"ADAPTADOR COM FLANGE E ANEL DE VEDAÇÃO, CPVC, ROSCÁVEL, DN 28 MM, INSTALADO EM RESERVAÇÃO PREDIAL DE ÁGUA - FORNECIMENTO E INSTALAÇÃO. AF_04/2024","UN",45.15,0]
["Instalações Hidráulicas - Reservação e Bombas de Recalque",94767,"ADAPTADOR COM FLANGE E ANEL DE VEDAÇÃO, CPVC, ROSCÁVEL, DN 35 MM, INSTALADO EM RESERVAÇÃO PREDIAL DE ÁGUA - FORNECIMENTO E INSTALAÇÃO. AF_04/2024","UN",66.89,0]
["Instalações Hidráulicas - Reservação e Bombas de Recalque",94768,"ADAPTADOR COM FLANGE E ANEL DE VEDAÇÃO, CPVC, ROSCÁVEL, DN 42 MM, INSTALADO EM RESERVAÇÃO PREDIAL DE ÁGUA - FORNECIMENTO E INSTALAÇÃO. AF_04/2024","UN",75.75,0]
["Instalações Hidráulicas - Reservação e Bombas de Recalque",94769,"ADAPTADOR COM FLANGE E ANEL DE VEDAÇÃO, CPVC, ROSCÁVEL, DN 54 MM, INSTALADO EM RESERVAÇÃO PREDIAL DE ÁGUA - FORNECIMENTO E INSTALAÇÃO. AF_04/2024","UN",101.1,0]
["Instalações Hidráulicas - Reservação e Bombas de Recalque",94783,"ADAPTADOR COM FLANGE E ANEL DE VEDAÇÃO, PVC, SOLDÁVEL, DN 20 MM X 1/2\", INSTALADO EM RESERVAÇÃO PREDIAL DE ÁGUA - FORNECIMENTO E INSTALAÇÃO. AF_04/2024","UN",18.54,0]
["Instalações Hidráulicas - Reservação e Bombas de Recalque",94703,"ADAPTADOR COM FLANGE E ANEL DE VEDAÇÃO, PVC, SOLDÁVEL, DN 25 MM X 3/4\", INSTALADO EM RESERVAÇÃO PREDIAL DE ÁGUA - FORNECIMENTO E INSTALAÇÃO. AF_04/2024","UN",19.8,0]
["Instalações Hidráulicas - Reservação e Bombas de Recalque",94704,"ADAPTADOR COM FLANGE E ANEL DE VEDAÇÃO, PVC, SOLDÁVEL, DN 32 MM X 1\", INSTALADO EM RESERVAÇÃO PREDIAL DE ÁGUA - FORNECIMENTO E INSTALAÇÃO. AF_04/2024","UN",26.32,0]
["Instalações Hidráulicas - Reservação e Bombas de Recalque",94705,"ADAPTADOR COM FLANGE E ANEL DE VEDAÇÃO, PVC, SOLDÁVEL, DN 40 MM X 1 1/4\", INSTALADO EM RESERVAÇÃO PREDIAL DE ÁGUA - FORNECIMENTO E INSTALAÇÃO. AF_04/2024","UN",35.82,0]
["Instalações Hidráulicas - Reservação e Bombas de Recalque",94706,"ADAPTADOR COM FLANGE E ANEL DE VEDAÇÃO, PVC, SOLDÁVEL, DN 50 MM X 1 1/2\", INSTALADO EM RESERVAÇÃO PREDIAL DE ÁGUA - FORNECIMENTO E INSTALAÇÃO. AF_04/2024","UN",35.049999999999997,0]
["Instalações Hidráulicas - Reservação e Bombas de Recalque",94707,"ADAPTADOR COM FLANGE E ANEL DE VEDAÇÃO, PVC, SOLDÁVEL, DN 60 MM X 2\", INSTALADO EM RESERVAÇÃO PREDIAL DE ÁGUA - FORNECIMENTO E INSTALAÇÃO. AF_04/2024","UN",55.1,0]
["Instalações Hidráulicas - Reservação e Bombas de Recalque",94715,"ADAPTADOR COM FLANGES LIVRES, PVC, SOLDÁVEL, DN 110 MM X 4\", INSTALADO EM RESERVAÇÃO PREDIAL DE ÁGUA - FORNECIMENTO E INSTALAÇÃO. AF_04/2024","UN",283.93,0]
["Instalações Hidráulicas - Reservação e Bombas de Recalque",94713,"ADAPTADOR COM FLANGES LIVRES, PVC, SOLDÁVEL, DN 75 MM X 2 1/2\", INSTALADO EM RESERVAÇÃO PREDIAL DE ÁGUA - FORNECIMENTO E INSTALAÇÃO. AF_04/2024","UN",227.65,0]
["Instalações Hidráulicas - Reservação e Bombas de Recalque",94714,"ADAPTADOR COM FLANGES LIVRES, PVC, SOLDÁVEL, DN 85 MM X 3\", INSTALADO EM RESERVAÇÃO PREDIAL DE ÁGUA - FORNECIMENTO E INSTALAÇÃO. AF_04/2024","UN",319.19,0]
["Instalações Hidráulicas - Reservação e Bombas de Recalque",94670,"ADAPTADOR CURTO COM BOLSA E ROSCA PARA REGISTRO, PVC, SOLDÁVEL, DN 110 MM X 4\", INSTALADO EM RESERVAÇÃO PREDIAL DE ÁGUA - FORNECIMENTO E INSTALAÇÃO. AF_04/2024","UN",67.53,0]
["Instalações Hidráulicas - Reservação e Bombas de Recalque",94656,"ADAPTADOR CURTO COM BOLSA E ROSCA PARA REGISTRO, PVC, SOLDÁVEL, DN 25 MM X 3/4\", INSTALADO EM RESERVAÇÃO PREDIAL DE ÁGUA - FORNECIMENTO E INSTALAÇÃO. AF_04/2024","UN",3.5,0]
["Instalações Hidráulicas - Reservação e Bombas de Recalque",94658,"ADAPTADOR CURTO COM BOLSA E ROSCA PARA REGISTRO, PVC, SOLDÁVEL, DN 32 MM X 1\", INSTALADO EM RESERVAÇÃO PREDIAL DE ÁGUA - FORNECIMENTO E INSTALAÇÃO. AF_04/2024","UN",5.21,0]
["Instalações Hidráulicas - Reservação e Bombas de Recalque",94660,"ADAPTADOR CURTO COM BOLSA E ROSCA PARA REGISTRO, PVC, SOLDÁVEL, DN 40 MM X 1 1/4\", INSTALADO EM RESERVAÇÃO PREDIAL DE ÁGUA - FORNECIMENTO E INSTALAÇÃO. AF_04/2024","UN",8.24,0]
["Instalações Hidráulicas - Reservação e Bombas de Recalque",94662,"ADAPTADOR CURTO COM BOLSA E ROSCA PARA REGISTRO, PVC, SOLDÁVEL, DN 50 MM X 1 1/2\", INSTALADO EM RESERVAÇÃO PREDIAL DE ÁGUA - FORNECIMENTO E INSTALAÇÃO. AF_04/2024","UN",10.86,0]
["Instalações Hidráulicas - Reservação e Bombas de Recalque",94664,"ADAPTADOR CURTO COM BOLSA E ROSCA PARA REGISTRO, PVC, SOLDÁVEL, DN 60 MM X 2\", INSTALADO EM RESERVAÇÃO PREDIAL DE ÁGUA - FORNECIMENTO E INSTALAÇÃO. AF_04/2024","UN",19.68,0]
["Instalações Hidráulicas - Reservação e Bombas de Recalque",94666,"ADAPTADOR CURTO COM BOLSA E ROSCA PARA REGISTRO, PVC, SOLDÁVEL, DN 75 MM X 2 1/2\", INSTALADO EM RESERVAÇÃO PREDIAL DE ÁGUA - FORNECIMENTO E INSTALAÇÃO. AF_04/2024","UN",31.95,0]
["Instalações Hidráulicas - Reservação e Bombas de Recalque",94668,"ADAPTADOR CURTO COM BOLSA E ROSCA PARA REGISTRO, PVC, SOLDÁVEL, DN 85 MM X 3\", INSTALADO EM RESERVAÇÃO PREDIAL DE ÁGUA - FORNECIMENTO E INSTALAÇÃO. AF_04/2024","UN",42.44,0]
["Instalações Hidráulicas - Reservação e Bombas de Recalque",105215,"BUCHA DE REDUÇÃO CPVC, SOLDÁVEL, DN 28 X 22 MM, INSTALADO EM RESERVAÇÃO PREDIAL DE ÁGUA - FORNECIMENTO E INSTALAÇÃO. AF_04/2024","UN",9.31,0]
["Instalações Hidráulicas - Reservação e Bombas de Recalque",105216,"BUCHA DE REDUÇÃO CPVC, SOLDÁVEL, DN 35 X 28 MM, INSTALADO EM RESERVAÇÃO PREDIAL DE ÁGUA - FORNECIMENTO E INSTALAÇÃO. AF_04/2024","UN",34.83,0]
["Instalações Hidráulicas - Reservação e Bombas de Recalque",105217,"BUCHA DE REDUÇÃO CPVC, SOLDÁVEL, DN 42 X 22 MM, INSTALADO EM RESERVAÇÃO PREDIAL DE ÁGUA - FORNECIMENTO E INSTALAÇÃO. AF_04/2024","UN",39.24,0]
["Instalações Hidráulicas - Reservação e Bombas de Recalque",105214,"BUCHA DE REDUÇÃO CPVC, SOLDÁVEL, DN 54 X 28 MM, INSTALADO EM RESERVAÇÃO PREDIAL DE ÁGUA - FORNECIMENTO E INSTALAÇÃO. AF_04/2024","UN",41.06,0]
["Instalações Hidráulicas - Reservação e Bombas de Recalque",105218,"BUCHA DE REDUÇÃO CPVC, SOLDÁVEL, DN 54 X 35 MM, INSTALADO EM RESERVAÇÃO PREDIAL DE ÁGUA - FORNECIMENTO E INSTALAÇÃO. AF_04/2024","UN",68.06,0]
["Instalações Hidráulicas - Reservação e Bombas de Recalque",105213,"BUCHA DE REDUÇÃO EM COBRE, PONTA X BOLSA, 66 X 54 MM, INSTALADO EM RESERVAÇÃO PREDIAL DE ÁGUA - FORNECIMENTO E INSTALAÇÃO. AF_04/2024","UN",193.49,0.88370000000000004]
["Instalações Hidráulicas - Reservação e Bombas de Recalque",105233,"BUCHA DE REDUÇÃO PVC, SOLDÁVEL, LONGA, DN 40 X 25 MM, INSTALADO EM RESERVAÇÃO PREDIAL DE ÁGUA - FORNECIMENTO E INSTALAÇÃO. AF_04/2024","UN",7.85,0]
["Instalações Hidráulicas - Reservação e Bombas de Recalque",105234,"BUCHA DE REDUÇÃO PVC, SOLDÁVEL, LONGA, DN 50 X 25 MM, INSTALADO EM RESERVAÇÃO PREDIAL DE ÁGUA - FORNECIMENTO E INSTALAÇÃO. AF_04/2024","UN",9.6,0]
["Instalações Hidráulicas - Reservação e Bombas de Recalque",105228,"BUCHA DE REDUÇÃO PVC, SOLDÁVEL, LONGA, DN 50 X 32 MM, INSTALADO EM RESERVAÇÃO PREDIAL DE ÁGUA - FORNECIMENTO E INSTALAÇÃO. AF_04/2024","UN",11.55,0]
["Instalações Hidráulicas - Reservação e Bombas de Recalque",105138,"BUCHA DE REDUÇÃO PVC, SOLDÁVEL, LONGA, DN 60 X 25 MM, INSTALADO EM RESERVAÇÃO PREDIAL DE ÁGUA - FORNECIMENTO E INSTALAÇÃO. AF_04/2024","UN",16.739999999999998,0]
["Instalações Hidráulicas - Reservação e Bombas de Recalque",105139,"BUCHA DE REDUÇÃO PVC, SOLDÁVEL, LONGA, DN 60 X 32 MM, INSTALADO EM RESERVAÇÃO PREDIAL DE ÁGUA - FORNECIMENTO E INSTALAÇÃO. AF_04/2024","UN",19.690000000000001,0]
["Instalações Hidráulicas - Reservação e Bombas de Recalque",105140,"BUCHA DE REDUÇÃO PVC, SOLDÁVEL, LONGA, DN 60 X 50 MM, INSTALADO EM RESERVAÇÃO PREDIAL DE ÁGUA - FORNECIMENTO E INSTALAÇÃO. AF_04/2024","UN",25.29,0]
["Instalações Hidráulicas - Reservação e Bombas de Recalque",105141,"BUCHA DE REDUÇÃO PVC, SOLDÁVEL, LONGA, DN 75 X 50 MM, INSTALADO EM RESERVAÇÃO PREDIAL DE ÁGUA - FORNECIMENTO E INSTALAÇÃO. AF_04/2024","UN",30.13,0]
["Instalações Hidráulicas - Reservação e Bombas de Recalque",105172,"BUCHA DE REDUÇÃO, EM FERRO GALVANIZADO, CONEXÃO ROSQUEADA, DN 80 MM X 50 MM (3\" X 2\"), INSTALADO EM RESERVAÇÃO PREDIAL DE ÁGUA - FORNECIMENTO E INSTALAÇÃO. AF_04/2024","UN",89.39,0.76829999999999998]
["Instalações Hidráulicas - Reservação e Bombas de Recalque",105169,"BUCHA DE REDUÇÃO, EM FERRO GALVANIZADO, CONEXÃO ROSQUEADA, DN 80 MM X 65 MM (3\" X 2 1/2\"), INSTALADO EM RESERVAÇÃO PREDIAL DE ÁGUA - FORNECIMENTO E INSTALAÇÃO. AF_04/2024","UN",89.29,0.75149999999999995]
["Instalações Hidráulicas - Reservação e Bombas de Recalque",105230,"BUCHA DE REDUÇÃO, PPR, DN 25 X 20 MM, INSTALADO EM RESERVAÇÃO PREDIAL DE ÁGUA - FORNECIMENTO E INSTALAÇÃO. AF_04/2024","UN",8.09,0.52900000000000003]
["Instalações Hidráulicas - Reservação e Bombas de Recalque",105231,"BUCHA DE REDUÇÃO, PPR, DN 32 X 25 MM, INSTALADO EM RESERVAÇÃO PREDIAL DE ÁGUA - FORNECIMENTO E INSTALAÇÃO. AF_04/2024","UN",9.5,0.54630000000000001]
["Instalações Hidráulicas - Reservação e Bombas de Recalque",105232,"BUCHA DE REDUÇÃO, PPR, DN 40 X 25 MM, INSTALADO EM RESERVAÇÃO PREDIAL DE ÁGUA - FORNECIMENTO E INSTALAÇÃO. AF_04/2024","UN",18.27,0.73950000000000005]
["Instalações Hidráulicas - Reservação e Bombas de Recalque",105229,"BUCHA DE REDUÇÃO, PPR, DN 50 X 25 MM, INSTALADO EM RESERVAÇÃO PREDIAL DE ÁGUA - FORNECIMENTO E INSTALAÇÃO. AF_04/2024","UN",29.05,0.81140000000000001]
["Instalações Hidráulicas - Reservação e Bombas de Recalque",105146,"BUCHA DE REDUÇÃO, PPR, DN 50 X 32 MM, INSTALADO EM RESERVAÇÃO PREDIAL DE ÁGUA - FORNECIMENTO E INSTALAÇÃO. AF_04/2024","UN",23.41,0.75219999999999998]
["Instalações Hidráulicas - Reservação e Bombas de Recalque",94613,"CONECTOR EM BRONZE/LATÃO, DN 104 MM X 4\", SEM ANEL DE SOLDA, BOLSA X ROSCA, INSTALADO EM RESERVAÇÃO PREDIAL DE ÁGUA - FORNECIMENTO E INSTALAÇÃO. AF_04/2024","UN",0]
["Instalações Hidráulicas - Reservação e Bombas de Recalque",94607,"CONECTOR EM BRONZE/LATÃO, DN 54 MM X 2\", SEM ANEL DE SOLDA, BOLSA X ROSCA, INSTALADO EM RESERVAÇÃO PREDIAL DE ÁGUA - FORNECIMENTO E INSTALAÇÃO. AF_04/2024","UN",0]
["Instalações Hidráulicas - Reservação e Bombas de Recalque",94609,"CONECTOR EM BRONZE/LATÃO, DN 66 MM X 2 1/2\", SEM ANEL DE SOLDA, BOLSA X ROSCA, INSTALADO EM RESERVAÇÃO PREDIAL DE ÁGUA - FORNECIMENTO E INSTALAÇÃO. AF_04/2024","UN",0]
["Instalações Hidráulicas - Reservação e Bombas de Recalque",94611,"CONECTOR EM BRONZE/LATÃO, DN 79 MM X 3\", SEM ANEL DE SOLDA, BOLSA X ROSCA, INSTALADO EM RESERVAÇÃO PREDIAL DE ÁGUA - FORNECIMENTO E INSTALAÇÃO. AF_04/2024","UN",0]
["Instalações Hidráulicas - Reservação e Bombas de Recalque",96738,"CONECTOR MACHO, PPR, 25 MM X 1/2'', INSTALADO EM RESERVAÇÃO PREDIAL DE ÁGUA - FORNECIMENTO E INSTALAÇÃO. AF_04/2024","UN",24.32,0.83509999999999995]
["Instalações Hidráulicas - Reservação e Bombas de Recalque",96740,"CONECTOR MACHO, PPR, 32 MM X 3/4'', INSTALADO EM RESERVAÇÃO PREDIAL DE ÁGUA - FORNECIMENTO E INSTALAÇÃO. AF_04/2024","UN",33.71,0.86180000000000001]
["Instalações Hidráulicas - Reservação e Bombas de Recalque",94738,"CONECTOR, CPVC, SOLDÁVEL, DN 114 MM X 4\", INSTALADO EM RESERVAÇÃO PREDIAL DE ÁGUA - FORNECIMENTO E INSTALAÇÃO. AF_04/2024","UN",1621.69,0]
["Instalações Hidráulicas - Reservação e Bombas de Recalque",94724,"CONECTOR, CPVC, SOLDÁVEL, DN 22 MM X 3/4\", INSTALADO EM RESERVAÇÃO PREDIAL DE ÁGUA - FORNECIMENTO E INSTALAÇÃO. AF_04/2024","UN",25.7,0]
["Instalações Hidráulicas - Reservação e Bombas de Recalque",94726,"CONECTOR, CPVC, SOLDÁVEL, DN 28 MM X 1\", INSTALADO EM RESERVAÇÃO PREDIAL DE ÁGUA - FORNECIMENTO E INSTALAÇÃO. AF_04/2024","UN",33.119999999999997,0]
["Instalações Hidráulicas - Reservação e Bombas de Recalque",94728,"CONECTOR, CPVC, SOLDÁVEL, DN 35 MM X 1 1/4\", INSTALADO EM RESERVAÇÃO PREDIAL DE ÁGUA - FORNECIMENTO E INSTALAÇÃO. AF_04/2024","UN",51.67,0]
["Instalações Hidráulicas - Reservação e Bombas de Recalque",94730,"CONECTOR, CPVC, SOLDÁVEL, DN 42 MM X 1 1/2\", INSTALADO EM RESERVAÇÃO PREDIAL DE ÁGUA - FORNECIMENTO E INSTALAÇÃO. AF_04/2024","UN",63.38,0]
["Instalações Hidráulicas - Reservação e Bombas de Recalque",94732,"CONECTOR, CPVC, SOLDÁVEL, DN 54 MM X 2\", INSTALADO EM RESERVAÇÃO PREDIAL DE ÁGUA - FORNECIMENTO E INSTALAÇÃO. AF_04/2024","UN",101.63,0]
["Instalações Hidráulicas - Reservação e Bombas de Recalque",94734,"CONECTOR, CPVC, SOLDÁVEL, DN 73 MM X 2 1/2\", INSTALADO EM RESERVAÇÃO PREDIAL DE ÁGUA - FORNECIMENTO E INSTALAÇÃO. AF_04/2024","UN",370.47,0]
["Instalações Hidráulicas - Reservação e Bombas de Recalque",94736,"CONECTOR, CPVC, SOLDÁVEL, DN 89 MM X 3\", INSTALADO EM RESERVAÇÃO PREDIAL DE ÁGUA - FORNECIMENTO E INSTALAÇÃO. AF_04/2024","UN",538.61,0]
["Instalações Hidráulicas - Reservação e Bombas de Recalque",94483,"CONJUNTO HIDRÁULICO EM AÇO ROSCÁVEL PARA INSTALAÇÃO DE BOMBA, DN SUCÇÃO 32 MM (1 1/4\") E DN RECALQUE 25 MM (1\"), PARA EDIFICAÇÃO COM 4 PAVIMENTOS - FORNECIMENTO E INSTALAÇÃO. AF_04/2024","UN",1357.42,0.2492]
["Instalações Hidráulicas - Reservação e Bombas de Recalque",94482,"CONJUNTO HIDRÁULICO EM AÇO ROSCÁVEL PARA INSTALAÇÃO DE BOMBA, DN SUCÇÃO 40 MM (1 1/2\") E DN RECALQUE 32 MM (1 1/4\"), PARA EDIFICAÇÃO COM 8 PAVIMENTOS - FORNECIMENTO E INSTALAÇÃO. AF_04/2024","UN",1625.59,0.2782]
["Instalações Hidráulicas - Reservação e Bombas de Recalque",94481,"CONJUNTO HIDRÁULICO EM AÇO ROSCÁVEL PARA INSTALAÇÃO DE BOMBA, DN SUCÇÃO 50 MM (2\") E DN RECALQUE 40 MM (1 1/2\"), PARA EDIFICAÇÃO COM 12 PAVIMENTOS - FORNECIMENTO E INSTALAÇÃO. AF_04/2024","UN",2079.69,0.31630000000000003]
["Instalações Hidráulicas - Reservação e Bombas de Recalque",94480,"CONJUNTO HIDRÁULICO EM AÇO ROSCÁVEL PARA INSTALAÇÃO DE BOMBA, DN SUCÇÃO 65 MM (2½\") E DN RECALQUE 50 MM (2\"), PARA EDIFICAÇÃO COM 18 PAVIMENTOS - FORNECIMENTO E INSTALAÇÃO. AF_04/2024","UN",2971.01,0.3473]
["Instalações Hidráulicas - Reservação e Bombas de Recalque",94472,"COTOVELO 45 GRAUS, EM FERRO GALVANIZADO, CONEXÃO ROSQUEADA, DN 50 MM (2\"), INSTALADO EM RESERVAÇÃO PREDIAL DE ÁGUA - FORNECIMENTO E INSTALAÇÃO. AF_04/2024","UN",80.17,0.6784]
["Instalações Hidráulicas - Reservação e Bombas de Recalque",94474,"COTOVELO 45 GRAUS, EM FERRO GALVANIZADO, CONEXÃO ROSQUEADA, DN 65 MM (2 1/2\"), INSTALADO EM RESERVAÇÃO PREDIAL DE ÁGUA - FORNECIMENTO E INSTALAÇÃO. AF_04/2024","UN",135.32,0.77700000000000002]
["Instalações Hidráulicas - Reservação e Bombas de Recalque",94476,"COTOVELO 45 GRAUS, EM FERRO GALVANIZADO, CONEXÃO ROSQUEADA, DN 80 MM (3\"), INSTALADO EM RESERVAÇÃO PREDIAL DE ÁGUA - FORNECIMENTO E INSTALAÇÃO. AF_04/2024","UN",189.33,0.81189999999999996]
["Instalações Hidráulicas - Reservação e Bombas de Recalque",94471,"COTOVELO 90 GRAUS, EM FERRO GALVANIZADO, CONEXÃO ROSQUEADA, DN 50 MM (2\"), INSTALADO EM RESERVAÇÃO PREDIAL DE ÁGUA - FORNECIMENTO E INSTALAÇÃO. AF_04/2024","UN",77.790000000000006,0.66859999999999997]
["Instalações Hidráulicas - Reservação e Bombas de Recalque",94473,"COTOVELO 90 GRAUS, EM FERRO GALVANIZADO, CONEXÃO ROSQUEADA, DN 65 MM (2 1/2\"), INSTALADO EM RESERVAÇÃO PREDIAL DE ÁGUA - FORNECIMENTO E INSTALAÇÃO. AF_04/2024","UN",124.83,0.75819999999999999]
["Instalações Hidráulicas - Reservação e Bombas de Recalque",94475,"COTOVELO 90 GRAUS, EM FERRO GALVANIZADO, CONEXÃO ROSQUEADA, DN 80 MM (3\"), INSTALADO EM RESERVAÇÃO PREDIAL DE ÁGUA - FORNECIMENTO E INSTALAÇÃO. AF_04/2024","UN",169.13,0.78939999999999999]
["Instalações Hidráulicas - Reservação e Bombas de Recalque",105194,"COTOVELO 90 GRAUS, EM FERRO GALVANIZADO, MACHO/FÊMEA, CONEXÃO ROSQUEADA, DN 50 MM (2\"), INSTALADO EM RESERVAÇÃO PREDIAL DE ÁGUA - FORNECIMENTO E INSTALAÇÃO. AF_04/2024","UN",86.71,0.70269999999999999]
["Instalações Hidráulicas - Reservação e Bombas de Recalque",105195,"COTOVELO 90 GRAUS, EM FERRO GALVANIZADO, MACHO/FÊMEA, CONEXÃO ROSQUEADA, DN 80 MM (3\"), INSTALADO EM RESERVAÇÃO PREDIAL DE ÁGUA - FORNECIMENTO E INSTALAÇÃO. AF_04/2024","UN",223.37,0.84050000000000002]
["Instalações Hidráulicas - Reservação e Bombas de Recalque",105178,"COTOVELO DE REDUÇÃO, 90 GRAUS, EM FERRO GALVANIZADO, CONEXÃO ROSQUEADA, DN 65 MM X 50 MM (2 1/2\" X 2\"), INSTALADO EM RESERVAÇÃO PREDIAL DE ÁGUA - FORNECIMENTO E INSTALAÇÃO. AF_04/2024","UN",140.32,0.80059999999999998]
["Instalações Hidráulicas - Reservação e Bombas de Recalque",94620,"COTOVELO EM COBRE, DN 104 MM, 90 GRAUS, SEM ANEL DE SOLDA, INSTALADO EM RESERVAÇÃO PREDIAL DE ÁGUA - FORNECIMENTO E INSTALAÇÃO. AF_04/2024","UN",893.07,0.95650000000000002]
["Instalações Hidráulicas - Reservação e Bombas de Recalque",94614,"COTOVELO EM COBRE, DN 54 MM, 90 GRAUS, SEM ANEL DE SOLDA, INSTALADO EM RESERVAÇÃO PREDIAL DE ÁGUA - FORNECIMENTO E INSTALAÇÃO. AF_04/2024","UN",142.47,0.76870000000000005]
["Instalações Hidráulicas - Reservação e Bombas de Recalque",94616,"COTOVELO EM COBRE, DN 66 MM, 90 GRAUS, SEM ANEL DE SOLDA, INSTALADO EM RESERVAÇÃO PREDIAL DE ÁGUA - FORNECIMENTO E INSTALAÇÃO. AF_04/2024","UN",398.42,0.91369999999999996]
["Instalações Hidráulicas - Reservação e Bombas de Recalque",94618,"COTOVELO EM COBRE, DN 79 MM, 90 GRAUS, SEM ANEL DE SOLDA, INSTALADO EM RESERVAÇÃO PREDIAL DE ÁGUA - FORNECIMENTO E INSTALAÇÃO. AF_04/2024","UN",387.29,0.9073]
["Instalações Hidráulicas - Reservação e Bombas de Recalque",105193,"COTOVELO, 90 GRAUS, EM FERRO GALVANIZADO, MACHO/FÊMEA, CONEXÃO ROSQUEADA, DN 65 MM (2 1/2\"), INSTALADO EM RESERVAÇÃO PREDIAL DE ÁGUA - FORNECIMENTO E INSTALAÇÃO. AF_04/2024","UN",153.62,0.80349999999999999]
["Instalações Hidráulicas - Reservação e Bombas de Recalque",105197,"CURVA 45 GRAUS, EM FERRO GALVANIZADO, FÊMEA, CONEXÃO ROSQUEADA, DN 50 MM (2\"), INSTALADO EM RESERVAÇÃO PREDIAL DE ÁGUA - FORNECIMENTO E INSTALAÇÃO. AF_04/2024","UN",164.27,0.84309999999999996]
["Instalações Hidráulicas - Reservação e Bombas de Recalque",105196,"CURVA 45 GRAUS, EM FERRO GALVANIZADO, FÊMEA, CONEXÃO ROSQUEADA, DN 65 MM (2 1/2\"), INSTALADO EM RESERVAÇÃO PREDIAL DE ÁGUA - FORNECIMENTO E INSTALAÇÃO. AF_04/2024","UN",238.82,0.87360000000000004]
["Instalações Hidráulicas - Reservação e Bombas de Recalque",105198,"CURVA 45 GRAUS, EM FERRO GALVANIZADO, FÊMEA, CONEXÃO ROSQUEADA, DN 80 MM (3\"), INSTALADO EM RESERVAÇÃO PREDIAL DE ÁGUA - FORNECIMENTO E INSTALAÇÃO. AF_04/2024","UN",339.05,0.89490000000000003]
["Instalações Hidráulicas - Reservação e Bombas de Recalque",105200,"CURVA 45 GRAUS, EM FERRO GALVANIZADO, MACHO/FÊMEA, CONEXÃO ROSQUEADA, DN 50 MM (2\"), INSTALADO EM RESERVAÇÃO PREDIAL DE ÁGUA - FORNECIMENTO E INSTALAÇÃO. AF_04/2024","UN",129.37,0.80069999999999997]
["Instalações Hidráulicas - Reservação e Bombas de Recalque",105199,"CURVA 45 GRAUS, EM FERRO GALVANIZADO, MACHO/FÊMEA, CONEXÃO ROSQUEADA, DN 65 MM (2 1/2\"), INSTALADO EM RESERVAÇÃO PREDIAL DE ÁGUA - FORNECIMENTO E INSTALAÇÃO. AF_04/2024","UN",216.94,0.8609]
["Instalações Hidráulicas - Reservação e Bombas de Recalque",105201,"CURVA 45 GRAUS, EM FERRO GALVANIZADO, MACHO/FÊMEA, CONEXÃO ROSQUEADA, DN 80 MM (3\"), INSTALADO EM RESERVAÇÃO PREDIAL DE ÁGUA - FORNECIMENTO E INSTALAÇÃO. AF_04/2024","UN",297.11,0.88009999999999999]
["Instalações Hidráulicas - Reservação e Bombas de Recalque",94755,"CURVA 90 GRAUS, CPVC, SOLDÁVEL, DN 114 MM, INSTALADO EM RESERVAÇÃO PREDIAL DE ÁGUA - FORNECIMENTO E INSTALAÇÃO. AF_04/2024","UN",0]
["Instalações Hidráulicas - Reservação e Bombas de Recalque",94741,"CURVA 90 GRAUS, CPVC, SOLDÁVEL, DN 22 MM, INSTALADO EM RESERVAÇÃO PREDIAL DE ÁGUA - FORNECIMENTO E INSTALAÇÃO. AF_04/2024","UN",12.7,0]
["Instalações Hidráulicas - Reservação e Bombas de Recalque",94743,"CURVA 90 GRAUS, CPVC, SOLDÁVEL, DN 28 MM, INSTALADO EM RESERVAÇÃO PREDIAL DE ÁGUA - FORNECIMENTO E INSTALAÇÃO. AF_04/2024","UN",20.71,0]
["Instalações Hidráulicas - Reservação e Bombas de Recalque",94745,"CURVA 90 GRAUS, CPVC, SOLDÁVEL, DN 35 MM, INSTALADO EM RESERVAÇÃO PREDIAL DE ÁGUA - FORNECIMENTO E INSTALAÇÃO. AF_04/2024","UN",0]
["Instalações Hidráulicas - Reservação e Bombas de Recalque",94747,"CURVA 90 GRAUS, CPVC, SOLDÁVEL, DN 42 MM, INSTALADO EM RESERVAÇÃO PREDIAL DE ÁGUA - FORNECIMENTO E INSTALAÇÃO. AF_04/2024","UN",0]
["Instalações Hidráulicas - Reservação e Bombas de Recalque",94749,"CURVA 90 GRAUS, CPVC, SOLDÁVEL, DN 54 MM, INSTALADO EM RESERVAÇÃO PREDIAL DE ÁGUA - FORNECIMENTO E INSTALAÇÃO. AF_04/2024","UN",0]
["Instalações Hidráulicas - Reservação e Bombas de Recalque",94751,"CURVA 90 GRAUS, CPVC, SOLDÁVEL, DN 73 MM, INSTALADO EM RESERVAÇÃO PREDIAL DE ÁGUA - FORNECIMENTO E INSTALAÇÃO. AF_04/2024","UN",0]
["Instalações Hidráulicas - Reservação e Bombas de Recalque",94753,"CURVA 90 GRAUS, CPVC, SOLDÁVEL, DN 89 MM, INSTALADO EM RESERVAÇÃO PREDIAL DE ÁGUA - FORNECIMENTO E INSTALAÇÃO. AF_04/2024","UN",0]
["Instalações Hidráulicas - Reservação e Bombas de Recalque",105209,"CURVA 90 GRAUS, EM FERRO GALVANIZADO, CONEXÃO ROSQUEADA, DN 50 MM (2\"), INSTALADO EM RESERVAÇÃO PREDIAL DE ÁGUA - FORNECIMENTO E INSTALAÇÃO. AF_04/2024","UN",159.05000000000001,0.83789999999999998]
["Instalações Hidráulicas - Reservação e Bombas de Recalque",105208,"CURVA 90 GRAUS, EM FERRO GALVANIZADO, CONEXÃO ROSQUEADA, DN 65 MM (2 1/2\"), INSTALADO EM RESERVAÇÃO PREDIAL DE ÁGUA - FORNECIMENTO E INSTALAÇÃO. AF_04/2024","UN",328.01,0.90800000000000003]
["Instalações Hidráulicas - Reservação e Bombas de Recalque",105210,"CURVA 90 GRAUS, EM FERRO GALVANIZADO, CONEXÃO ROSQUEADA, DN 80 MM (3\"), INSTALADO EM RESERVAÇÃO PREDIAL DE ÁGUA - FORNECIMENTO E INSTALAÇÃO. AF_04/2024","UN",423.52,0.91590000000000005]
["Instalações Hidráulicas - Reservação e Bombas de Recalque",105203,"CURVA 90 GRAUS, EM FERRO GALVANIZADO, FÊMEA, CONEXÃO ROSQUEADA, DN 50 MM (2\"), INSTALADO EM RESERVAÇÃO PREDIAL DE ÁGUA - FORNECIMENTO E INSTALAÇÃO. AF_04/2024","UN",163.55000000000001,0.84240000000000004]
["Instalações Hidráulicas - Reservação e Bombas de Recalque",105202,"CURVA 90 GRAUS, EM FERRO GALVANIZADO, FÊMEA, CONEXÃO ROSQUEADA, DN 65 MM (2 1/2\"), INSTALADO EM RESERVAÇÃO PREDIAL DE ÁGUA - FORNECIMENTO E INSTALAÇÃO. AF_04/2024","UN",269.26,0.88790000000000002]
["Instalações Hidráulicas - Reservação e Bombas de Recalque",105204,"CURVA 90 GRAUS, EM FERRO GALVANIZADO, FÊMEA, CONEXÃO ROSQUEADA, DN 80 (3\"), INSTALADO EM RESERVAÇÃO PREDIAL DE ÁGUA - FORNECIMENTO E INSTALAÇÃO. AF_04/2024","UN",358.34,0.90059999999999996]
["Instalações Hidráulicas - Reservação e Bombas de Recalque",105206,"CURVA 90 GRAUS, EM FERRO GALVANIZADO, MACHO/FÊMEA, CONEXÃO ROSQUEADA, DN 50 MM (2\"), INSTALADO EM RESERVAÇÃO PREDIAL DE ÁGUA - FORNECIMENTO E INSTALAÇÃO. AF_04/2024","UN",155.80000000000001,0.83450000000000002]
["Instalações Hidráulicas - Reservação e Bombas de Recalque",105205,"CURVA 90 GRAUS, EM FERRO GALVANIZADO, MACHO/FÊMEA, CONEXÃO ROSQUEADA, DN 65 MM (2 1/2\"), INSTALADO EM RESERVAÇÃO PREDIAL DE ÁGUA - FORNECIMENTO E INSTALAÇÃO. AF_04/2024","UN",248.62,0.87860000000000005]
["Instalações Hidráulicas - Reservação e Bombas de Recalque",105207,"CURVA 90 GRAUS, EM FERRO GALVANIZADO, MACHO/FÊMEA, CONEXÃO ROSQUEADA, DN 80 MM (3\"), INSTALADO EM RESERVAÇÃO PREDIAL DE ÁGUA - FORNECIMENTO E INSTALAÇÃO. AF_04/2024","UN",348.02,0.89759999999999995]
["Instalações Hidráulicas - Reservação e Bombas de Recalque",94687,"CURVA 90 GRAUS, PVC, SOLDÁVEL, DN 110 MM, INSTALADO EM RESERVAÇÃO PREDIAL DE ÁGUA - FORNECIMENTO E INSTALAÇÃO. AF_04/2024","UN",220.07,0]
["Instalações Hidráulicas - Reservação e Bombas de Recalque",94673,"CURVA 90 GRAUS, PVC, SOLDÁVEL, DN 25 MM, INSTALADO EM RESERVAÇÃO PREDIAL DE ÁGUA - FORNECIMENTO E INSTALAÇÃO. AF_04/2024","UN",7.08,0]
["Instalações Hidráulicas - Reservação e Bombas de Recalque",94675,"CURVA 90 GRAUS, PVC, SOLDÁVEL, DN 32 MM, INSTALADO EM RESERVAÇÃO PREDIAL DE ÁGUA - FORNECIMENTO E INSTALAÇÃO. AF_04/2024","UN",11.81,0]
["Instalações Hidráulicas - Reservação e Bombas de Recalque",94677,"CURVA 90 GRAUS, PVC, SOLDÁVEL, DN 40 MM, INSTALADO EM RESERVAÇÃO PREDIAL DE ÁGUA - FORNECIMENTO E INSTALAÇÃO. AF_04/2024","UN",19.04,0]
["Instalações Hidráulicas - Reservação e Bombas de Recalque",94679,"CURVA 90 GRAUS, PVC, SOLDÁVEL, DN 50 MM, INSTALADO EM RESERVAÇÃO PREDIAL DE ÁGUA - FORNECIMENTO E INSTALAÇÃO. AF_04/2024","UN",23.07,0]
["Instalações Hidráulicas - Reservação e Bombas de Recalque",94681,"CURVA 90 GRAUS, PVC, SOLDÁVEL, DN 60 MM, INSTALADO EM RESERVAÇÃO PREDIAL DE ÁGUA - FORNECIMENTO E INSTALAÇÃO. AF_04/2024","UN",47.31,0]
["Instalações Hidráulicas - Reservação e Bombas de Recalque",94683,"CURVA 90 GRAUS, PVC, SOLDÁVEL, DN 75 MM, INSTALADO EM RESERVAÇÃO PREDIAL DE ÁGUA - FORNECIMENTO E INSTALAÇÃO. AF_04/2024","UN",71.88,0]
["Instalações Hidráulicas - Reservação e Bombas de Recalque",94685,"CURVA 90 GRAUS, PVC, SOLDÁVEL, DN 85 MM, INSTALADO EM RESERVAÇÃO PREDIAL DE ÁGUA - FORNECIMENTO E INSTALAÇÃO. AF_04/2024","UN",91.51,0]
["Instalações Hidráulicas - Reservação e Bombas de Recalque",94621,"CURVA EM COBRE, DN 104 MM, 45 GRAUS, SEM ANEL DE SOLDA, BOLSA X BOLSA, INSTALADO EM RESERVAÇÃO PREDIAL DE ÁGUA - FORNECIMENTO E INSTALAÇÃO. AF_04/2024","UN",0]
["Instalações Hidráulicas - Reservação e Bombas de Recalque",94615,"CURVA EM COBRE, DN 54 MM, 45 GRAUS, SEM ANEL DE SOLDA, BOLSA X BOLSA, INSTALADO EM RESERVAÇÃO PREDIAL DE ÁGUA - FORNECIMENTO E INSTALAÇÃO. AF_04/2024","UN",161.69,0.79620000000000002]
["Instalações Hidráulicas - Reservação e Bombas de Recalque",94617,"CURVA EM COBRE, DN 66 MM, 45 GRAUS, SEM ANEL DE SOLDA, BOLSA X BOLSA, INSTALADO EM RESERVAÇÃO PREDIAL DE ÁGUA - FORNECIMENTO E INSTALAÇÃO. AF_04/2024","UN",331.59,0.89629999999999999]
["Instalações Hidráulicas - Reservação e Bombas de Recalque",94619,"CURVA EM COBRE, DN 79 MM, 45 GRAUS, SEM ANEL DE SOLDA, BOLSA X BOLSA, INSTALADO EM RESERVAÇÃO PREDIAL DE ÁGUA - FORNECIMENTO E INSTALAÇÃO. AF_04/2024","UN",0]
["Instalações Hidráulicas - Reservação e Bombas de Recalque",105147,"CURVA PPR 90 GRAUS, DN 20 MM, INSTALADO EM RESERVAÇÃO PREDIAL DE ÁGUA - FORNECIMENTO E INSTALAÇÃO. AF_04/2024","UN",16.23,0.66420000000000001]
["Instalações Hidráulicas - Reservação e Bombas de Recalque",105148,"CURVA PPR 90 GRAUS, DN 25 MM, INSTALADO EM RESERVAÇÃO PREDIAL DE ÁGUA - FORNECIMENTO E INSTALAÇÃO. AF_04/2024","UN",23.34,0.74339999999999995]
["Instalações Hidráulicas - Reservação e Bombas de Recalque",105154,"CURVA PVC 45 GRAUS, SOLDÁVEL, DN 25 MM, INSTALADO EM RESERVAÇÃO PREDIAL DE ÁGUA - FORNECIMENTO E INSTALAÇÃO. AF_04/2024","UN",6.55,0]
["Instalações Hidráulicas - Reservação e Bombas de Recalque",105155,"CURVA PVC 45 GRAUS, SOLDÁVEL, DN 32 MM, INSTALADO EM RESERVAÇÃO PREDIAL DE ÁGUA - FORNECIMENTO E INSTALAÇÃO. AF_04/2024","UN",9.85,0]
["Instalações Hidráulicas - Reservação e Bombas de Recalque",105156,"CURVA PVC 45 GRAUS, SOLDÁVEL, DN 40 MM, INSTALADO EM RESERVAÇÃO PREDIAL DE ÁGUA - FORNECIMENTO E INSTALAÇÃO. AF_04/2024","UN",12.54,0]
["Instalações Hidráulicas - Reservação e Bombas de Recalque",105157,"CURVA PVC 45 GRAUS, SOLDÁVEL, DN 50 MM, INSTALADO EM RESERVAÇÃO PREDIAL DE ÁGUA - FORNECIMENTO E INSTALAÇÃO. AF_04/2024","UN",19.350000000000001,0]
["Instalações Hidráulicas - Reservação e Bombas de Recalque",105158,"CURVA PVC 45 GRAUS, SOLDÁVEL, DN 60 MM, INSTALADO EM RESERVAÇÃO PREDIAL DE ÁGUA - FORNECIMENTO E INSTALAÇÃO. AF_04/2024","UN",28.48,0]
["Instalações Hidráulicas - Reservação e Bombas de Recalque",105159,"CURVA PVC 45 GRAUS, SOLDÁVEL, DN 75 MM, INSTALADO EM RESERVAÇÃO PREDIAL DE ÁGUA - FORNECIMENTO E INSTALAÇÃO. AF_04/2024","UN",50.8,0]
["Instalações Hidráulicas - Reservação e Bombas de Recalque",105160,"CURVA PVC 45 GRAUS, SOLDÁVEL, DN 85 MM, INSTALADO EM RESERVAÇÃO PREDIAL DE ÁGUA - FORNECIMENTO E INSTALAÇÃO. AF_04/2024","UN",62.67,0]
["Instalações Hidráulicas - Reservação e Bombas de Recalque",94634,"FLANGE CURTA EM COBRE, DN 104 MM X 4\", INSTALADO EM RESERVAÇÃO PREDIAL DE ÁGUA - FORNECIMENTO E INSTALAÇÃO. AF_04/2024","UN",0]
["Instalações Hidráulicas - Reservação e Bombas de Recalque",94631,"FLANGE CURTA EM COBRE, DN 54 MM X 2\", INSTALADO EM RESERVAÇÃO PREDIAL DE ÁGUA - FORNECIMENTO E INSTALAÇÃO. AF_04/2024","UN",0]
["Instalações Hidráulicas - Reservação e Bombas de Recalque",94632,"FLANGE CURTA EM COBRE, DN 66 MM X 2 1/2\", INSTALADO EM RESERVAÇÃO PREDIAL DE ÁGUA - FORNECIMENTO E INSTALAÇÃO. AF_04/2024","UN",0]
["Instalações Hidráulicas - Reservação e Bombas de Recalque",94633,"FLANGE CURTA EM COBRE, DN 79 MM X 3\", INSTALADO EM RESERVAÇÃO PREDIAL DE ÁGUA - FORNECIMENTO E INSTALAÇÃO. AF_04/2024","UN",0]
["Instalações Hidráulicas - Reservação e Bombas de Recalque",94672,"JOELHO 90 GRAUS COM BUCHA DE LATÃO, PVC, SOLDÁVEL, DN 25 MM X 3/4\", INSTALADO EM RESERVAÇÃO PREDIAL DE ÁGUA - FORNECIMENTO E INSTALAÇÃO. AF_04/2024","UN",6.04,0]
["Instalações Hidráulicas - Reservação e Bombas de Recalque",94754,"JOELHO 90 GRAUS, CPVC, SOLDÁVEL, DN 114 MM, INSTALADO EM RESERVAÇÃO PREDIAL DE ÁGUA - FORNECIMENTO E INSTALAÇÃO. AF_04/2024","UN",283.33999999999997,0]
["Instalações Hidráulicas - Reservação e Bombas de Recalque",94740,"JOELHO 90 GRAUS, CPVC, SOLDÁVEL, DN 22 MM, INSTALADO EM RESERVAÇÃO PREDIAL DE ÁGUA - FORNECIMENTO E INSTALAÇÃO. AF_04/2024","UN",9.8000000000000007,0]
["Instalações Hidráulicas - Reservação e Bombas de Recalque",94742,"JOELHO 90 GRAUS, CPVC, SOLDÁVEL, DN 28 MM, INSTALADO EM RESERVAÇÃO PREDIAL DE ÁGUA - FORNECIMENTO E INSTALAÇÃO. AF_04/2024","UN",16.34,0]
["Instalações Hidráulicas - Reservação e Bombas de Recalque",94744,"JOELHO 90 GRAUS, CPVC, SOLDÁVEL, DN 35 MM, INSTALADO EM RESERVAÇÃO PREDIAL DE ÁGUA - FORNECIMENTO E INSTALAÇÃO. AF_04/2024","UN",25.78,0]
["Instalações Hidráulicas - Reservação e Bombas de Recalque",94746,"JOELHO 90 GRAUS, CPVC, SOLDÁVEL, DN 42 MM, INSTALADO EM RESERVAÇÃO PREDIAL DE ÁGUA - FORNECIMENTO E INSTALAÇÃO. AF_04/2024","UN",37.04,0]
["Instalações Hidráulicas - Reservação e Bombas de Recalque",94748,"JOELHO 90 GRAUS, CPVC, SOLDÁVEL, DN 54 MM, INSTALADO EM RESERVAÇÃO PREDIAL DE ÁGUA - FORNECIMENTO E INSTALAÇÃO. AF_04/2024","UN",81.41,0]
["Instalações Hidráulicas - Reservação e Bombas de Recalque",94750,"JOELHO 90 GRAUS, CPVC, SOLDÁVEL, DN 73 MM, INSTALADO EM RESERVAÇÃO PREDIAL DE ÁGUA - FORNECIMENTO E INSTALAÇÃO. AF_04/2024","UN",164.53,0]
["Instalações Hidráulicas - Reservação e Bombas de Recalque",94752,"JOELHO 90 GRAUS, CPVC, SOLDÁVEL, DN 89 MM, INSTALADO EM RESERVAÇÃO PREDIAL DE ÁGUA - FORNECIMENTO E INSTALAÇÃO. AF_04/2024","UN",197.77,0]
["Instalações Hidráulicas - Reservação e Bombas de Recalque",96755,"JOELHO 90 GRAUS, PPR, DN 110 MM, INSTALADO EM RESERVAÇÃO PREDIAL DE ÁGUA - FORNECIMENTO E INSTALAÇÃO. AF_04/2024","UN",351.43,0.90459999999999996]
["Instalações Hidráulicas - Reservação e Bombas de Recalque",96747,"JOELHO 90 GRAUS, PPR, DN 20 MM, INSTALADO EM RESERVAÇÃO PREDIAL DE ÁGUA - FORNECIMENTO E INSTALAÇÃO. AF_04/2024","UN",7.43,0.26650000000000001]
["Instalações Hidráulicas - Reservação e Bombas de Recalque",96748,"JOELHO 90 GRAUS, PPR, DN 25 MM, INSTALADO EM RESERVAÇÃO PREDIAL DE ÁGUA - FORNECIMENTO E INSTALAÇÃO. AF_04/2024","UN",8.65,0.3075]
["Instalações Hidráulicas - Reservação e Bombas de Recalque",96749,"JOELHO 90 GRAUS, PPR, DN 32 MM, INSTALADO EM RESERVAÇÃO PREDIAL DE ÁGUA - FORNECIMENTO E INSTALAÇÃO. AF_04/2024","UN",11,0.36909999999999998]
["Instalações Hidráulicas - Reservação e Bombas de Recalque",96750,"JOELHO 90 GRAUS, PPR, DN 40 MM, INSTALADO EM RESERVAÇÃO PREDIAL DE ÁGUA - FORNECIMENTO E INSTALAÇÃO. AF_04/2024","UN",17.45,0.52380000000000004]
["Instalações Hidráulicas - Reservação e Bombas de Recalque",96751,"JOELHO 90 GRAUS, PPR, DN 50 MM, INSTALADO EM RESERVAÇÃO PREDIAL DE ÁGUA - FORNECIMENTO E INSTALAÇÃO. AF_04/2024","UN",25.63,0.59150000000000003]
["Instalações Hidráulicas - Reservação e Bombas de Recalque",96752,"JOELHO 90 GRAUS, PPR, DN 63 MM, INSTALADO EM RESERVAÇÃO PREDIAL DE ÁGUA - FORNECIMENTO E INSTALAÇÃO. AF_04/2024","UN",38.56,0.63770000000000004]
["Instalações Hidráulicas - Reservação e Bombas de Recalque",96753,"JOELHO 90 GRAUS, PPR, DN 75 MM, INSTALADO EM RESERVAÇÃO PREDIAL DE ÁGUA - FORNECIMENTO E INSTALAÇÃO. AF_04/2024","UN",89.32,0.79849999999999999]
["Instalações Hidráulicas - Reservação e Bombas de Recalque",96754,"JOELHO 90 GRAUS, PPR, DN 90 MM, INSTALADO EM RESERVAÇÃO PREDIAL DE ÁGUA - FORNECIMENTO E INSTALAÇÃO. AF_04/2024","UN",114.55,0.79110000000000003]
["Instalações Hidráulicas - Reservação e Bombas de Recalque",94686,"JOELHO 90 GRAUS, PVC, SOLDÁVEL, DN 110 MM INSTALADO EM RESERVAÇÃO PREDIAL DE ÁGUA - FORNECIMENTO E INSTALAÇÃO. AF_04/2024","UN",242.95,0]
["Instalações Hidráulicas - Reservação e Bombas de Recalque",94674,"JOELHO 90 GRAUS, PVC, SOLDÁVEL, DN 32 MM INSTALADO EM RESERVAÇÃO PREDIAL DE ÁGUA - FORNECIMENTO E INSTALAÇÃO. AF_04/2024","UN",7.84,0]
["Instalações Hidráulicas - Reservação e Bombas de Recalque",94676,"JOELHO 90 GRAUS, PVC, SOLDÁVEL, DN 40 MM INSTALADO EM RESERVAÇÃO PREDIAL DE ÁGUA - FORNECIMENTO E INSTALAÇÃO. AF_04/2024","UN",13.01,0]
["Instalações Hidráulicas - Reservação e Bombas de Recalque",94678,"JOELHO 90 GRAUS, PVC, SOLDÁVEL, DN 50 MM INSTALADO EM RESERVAÇÃO PREDIAL DE ÁGUA - FORNECIMENTO E INSTALAÇÃO. AF_04/2024","UN",15.14,0]
["Instalações Hidráulicas - Reservação e Bombas de Recalque",94680,"JOELHO 90 GRAUS, PVC, SOLDÁVEL, DN 60 MM INSTALADO EM RESERVAÇÃO PREDIAL DE ÁGUA - FORNECIMENTO E INSTALAÇÃO. AF_04/2024","UN",42.25,0]
["Instalações Hidráulicas - Reservação e Bombas de Recalque",94682,"JOELHO 90 GRAUS, PVC, SOLDÁVEL, DN 75 MM INSTALADO EM RESERVAÇÃO PREDIAL DE ÁGUA - FORNECIMENTO E INSTALAÇÃO. AF_04/2024","UN",104.39,0]
["Instalações Hidráulicas - Reservação e Bombas de Recalque",94684,"JOELHO 90 GRAUS, PVC, SOLDÁVEL, DN 85 MM INSTALADO EM RESERVAÇÃO PREDIAL DE ÁGUA - FORNECIMENTO E INSTALAÇÃO. AF_04/2024","UN",125.98,0]
["Instalações Hidráulicas - Reservação e Bombas de Recalque",105219,"JOELHO CPVC, SOLDÁVEL, 45 GRAUS, DN 22 MM, INSTALADO EM RESERVAÇÃO PREDIAL DE ÁGUA - FORNECIMENTO E INSTALAÇÃO. AF_04/2024","UN",11.41,0]
["Instalações Hidráulicas - Reservação e Bombas de Recalque",105220,"JOELHO CPVC, SOLDÁVEL, 45 GRAUS, DN 28 MM, INSTALADO EM RESERVAÇÃO PREDIAL DE ÁGUA - FORNECIMENTO E INSTALAÇÃO. AF_04/2024","UN",15.67,0]
["Instalações Hidráulicas - Reservação e Bombas de Recalque",105221,"JOELHO CPVC, SOLDÁVEL, 45 GRAUS, DN 35 MM, INSTALADO EM RESERVAÇÃO PREDIAL DE ÁGUA - FORNECIMENTO E INSTALAÇÃO. AF_04/2024","UN",24.13,0]
["Instalações Hidráulicas - Reservação e Bombas de Recalque",105166,"JOELHO CPVC, SOLDÁVEL, 45 GRAUS, DN 42 MM, INSTALADO EM RESERVAÇÃO PREDIAL DE ÁGUA - FORNECIMENTO E INSTALAÇÃO. AF_04/2024","UN",36.630000000000003,0]
["Instalações Hidráulicas - Reservação e Bombas de Recalque",105222,"JOELHO CPVC, SOLDÁVEL, 45 GRAUS, DN 54 MM, INSTALADO EM RESERVAÇÃO PREDIAL DE ÁGUA - FORNECIMENTO E INSTALAÇÃO. AF_04/2024","UN",69.349999999999994,0]
["Instalações Hidráulicas - Reservação e Bombas de Recalque",105223,"JOELHO CPVC, SOLDÁVEL, 45 GRAUS, DN 73 MM, INSTALADO EM RESERVAÇÃO PREDIAL DE ÁGUA - FORNECIMENTO E INSTALAÇÃO. AF_04/2024","UN",159.08000000000001,0]
["Instalações Hidráulicas - Reservação e Bombas de Recalque",105224,"JOELHO CPVC, SOLDÁVEL, 45 GRAUS, DN 89 MM, INSTALADO EM RESERVAÇÃO PREDIAL DE ÁGUA - FORNECIMENTO E INSTALAÇÃO. AF_04/2024","UN",231.7,0]
["Instalações Hidráulicas - Reservação e Bombas de Recalque",105149,"JOELHO PPR 45 GRAUS, SOLDÁVEL, DN 20 MM, INSTALADO EM RESERVAÇÃO PREDIAL DE ÁGUA - FORNECIMENTO E INSTALAÇÃO. AF_04/2024","UN",7.68,0.29039999999999999]
["Instalações Hidráulicas - Reservação e Bombas de Recalque",105150,"JOELHO PPR 45 GRAUS, SOLDÁVEL, DN 25 MM, INSTALADO EM RESERVAÇÃO PREDIAL DE ÁGUA - FORNECIMENTO E INSTALAÇÃO. AF_04/2024","UN",9.07,0.33960000000000001]
["Instalações Hidráulicas - Reservação e Bombas de Recalque",105151,"JOELHO PPR 45 GRAUS, SOLDÁVEL, DN 40 MM, INSTALADO EM RESERVAÇÃO PREDIAL DE ÁGUA - FORNECIMENTO E INSTALAÇÃO. AF_04/2024","UN",23.11,0.64039999999999997]
["Instalações Hidráulicas - Reservação e Bombas de Recalque",105152,"JOELHO PPR 45 GRAUS, SOLDÁVEL, DN 50 MM, INSTALADO EM RESERVAÇÃO PREDIAL DE ÁGUA - FORNECIMENTO E INSTALAÇÃO. AF_04/2024","UN",34.58,0.69720000000000004]
["Instalações Hidráulicas - Reservação e Bombas de Recalque",105153,"JOELHO PPR 45 GRAUS, SOLDÁVEL, DN 63 MM, INSTALADO EM RESERVAÇÃO PREDIAL DE ÁGUA - FORNECIMENTO E INSTALAÇÃO. AF_04/2024","UN",54.54,0.74390000000000001]
["Instalações Hidráulicas - Reservação e Bombas de Recalque",105161,"JOELHO PPR 45 GRAUS, SOLDÁVEL, DN 75 MM, INSTALADO EM RESERVAÇÃO PREDIAL DE ÁGUA - FORNECIMENTO E INSTALAÇÃO. AF_04/2024","UN",99.06,0.81830000000000003]
["Instalações Hidráulicas - Reservação e Bombas de Recalque",105162,"JOELHO PPR 45 GRAUS, SOLDÁVEL, DN 90 MM, INSTALADO EM RESERVAÇÃO PREDIAL DE ÁGUA - FORNECIMENTO E INSTALAÇÃO. AF_04/2024","UN",169.8,0.85909999999999997]
["Instalações Hidráulicas - Reservação e Bombas de Recalque",105163,"JOELHO PPR, 45 GRAUS, SOLDÁVEL, DN 32 MM, INSTALADO EM RESERVAÇÃO PREDIAL DE ÁGUA - FORNECIMENTO E INSTALAÇÃO. AF_04/2024","UN",14.48,0.52070000000000005]
["Instalações Hidráulicas - Reservação e Bombas de Recalque",105170,"JOELHO PVC, SOLDÁVEL, 45 GRAUS, DN 25 MM, INSTALADO EM RESERVAÇÃO PREDIAL DE ÁGUA - FORNECIMENTO E INSTALAÇÃO. AF_04/2024","UN",5.62,0]
["Instalações Hidráulicas - Reservação e Bombas de Recalque",105179,"JOELHO PVC, SOLDÁVEL, 45 GRAUS, DN 32 MM, INSTALADO EM RESERVAÇÃO PREDIAL DE ÁGUA - FORNECIMENTO E INSTALAÇÃO. AF_04/2024","UN",9.5299999999999994,0]
["Instalações Hidráulicas - Reservação e Bombas de Recalque",105180,"JOELHO PVC, SOLDÁVEL, 45 GRAUS, DN 40 MM, INSTALADO EM RESERVAÇÃO PREDIAL DE ÁGUA - FORNECIMENTO E INSTALAÇÃO. AF_04/2024","UN",13.07,0]
["Instalações Hidráulicas - Reservação e Bombas de Recalque",105181,"JOELHO PVC, SOLDÁVEL, 45 GRAUS, DN 50 MM, INSTALADO EM RESERVAÇÃO PREDIAL DE ÁGUA - FORNECIMENTO E INSTALAÇÃO. AF_04/2024","UN",17.59,0]
["Instalações Hidráulicas - Reservação e Bombas de Recalque",105182,"JOELHO PVC, SOLDÁVEL, 45 GRAUS, DN 60 MM, INSTALADO EM RESERVAÇÃO PREDIAL DE ÁGUA - FORNECIMENTO E INSTALAÇÃO. AF_04/2024","UN",40.53,0]
["Instalações Hidráulicas - Reservação e Bombas de Recalque",105183,"JOELHO PVC, SOLDÁVEL, 45 GRAUS, DN 75 MM, INSTALADO EM RESERVAÇÃO PREDIAL DE ÁGUA - FORNECIMENTO E INSTALAÇÃO. AF_04/2024","UN",84.55,0]
["Instalações Hidráulicas - Reservação e Bombas de Recalque",105184,"JOELHO PVC, SOLDÁVEL, 45 GRAUS, DN 85 MM, INSTALADO EM RESERVAÇÃO PREDIAL DE ÁGUA - FORNECIMENTO E INSTALAÇÃO. AF_04/2024","UN",104.72,0]
["Instalações Hidráulicas - Reservação e Bombas de Recalque",94612,"LUVA DE COBRE, DN 104 MM, SEM ANEL DE SOLDA, INSTALADO EM RESERVAÇÃO PREDIAL DE ÁGUA - FORNECIMENTO E INSTALAÇÃO. AF_04/2024","UN",433.81,0.94010000000000005]
["Instalações Hidráulicas - Reservação e Bombas de Recalque",105142,"LUVA DE REDUÇÃO SOLDÁVEL, PVC, DN 32 MM X 25 MM, INSTALADO EM RESERVAÇÃO PREDIAL DE ÁGUA - FORNECIMENTO E INSTALAÇÃO. AF_04/2024","UN",6.68,0]
["Instalações Hidráulicas - Reservação e Bombas de Recalque",105143,"LUVA DE REDUÇÃO SOLDÁVEL, PVC, DN 40 MM X 32 MM, INSTALADO EM RESERVAÇÃO PREDIAL DE ÁGUA - FORNECIMENTO E INSTALAÇÃO. AF_04/2024","UN",9.9700000000000006,0]
["Instalações Hidráulicas - Reservação e Bombas de Recalque",105144,"LUVA DE REDUÇÃO SOLDÁVEL, PVC, DN 60 MM X 50 MM, INSTALADO EM RESERVAÇÃO PREDIAL DE ÁGUA - FORNECIMENTO E INSTALAÇÃO. AF_04/2024","UN",21.08,0]
["Instalações Hidráulicas - Reservação e Bombas de Recalque",105173,"LUVA DE REDUÇÃO, EM FERRO GALVANIZADO, CONEXÃO ROSQUEADA, DN 65 MM X 50 MM (2 1/2\" X 2\"), INSTALADO EM RESERVAÇÃO PREDIAL DE ÁGUA - FORNECIMENTO E INSTALAÇÃO. AF_04/2024","UN",90.2,0.79069999999999996]
["Instalações Hidráulicas - Reservação e Bombas de Recalque",105175,"LUVA DE REDUÇÃO, EM FERRO GALVANIZADO, CONEXÃO ROSQUEADA, DN 80 MM X 50 MM (3\" X 2\"), INSTALADO EM RESERVAÇÃO PREDIAL DE ÁGUA - FORNECIMENTO E INSTALAÇÃO. AF_04/2024","UN",129.37,0.83989999999999998]
["Instalações Hidráulicas - Reservação e Bombas de Recalque",105174,"LUVA DE REDUÇÃO, EM FERRO GALVANIZADO, CONEXÃO ROSQUEADA, DN 80 MM X 65 MM (3\" X 2 1/2\"), INSTALADO EM RESERVAÇÃO PREDIAL DE ÁGUA - FORNECIMENTO E INSTALAÇÃO. AF_04/2024","UN",130.85,0.83040000000000003]
["Instalações Hidráulicas - Reservação e Bombas de Recalque",105145,"LUVA DE REDUÇÃO, SOLDÁVEL, PVC, DN 50 X 25 MM, INSTALADO EM RESERVAÇÃO PREDIAL DE ÁGUA - FORNECIMENTO E INSTALAÇÃO. AF_04/2024","UN",11.55,0]
["Instalações Hidráulicas - Reservação e Bombas de Recalque",94606,"LUVA EM COBRE, DN 54 MM, SEM ANEL DE SOLDA, INSTALADO EM RESERVAÇÃO PREDIAL DE ÁGUA - FORNECIMENTO E INSTALAÇÃO. AF_04/2024","UN",83.52,0.73619999999999997]
["Instalações Hidráulicas - Reservação e Bombas de Recalque",94608,"LUVA EM COBRE, DN 66 MM, SEM ANEL DE SOLDA, INSTALADO EM RESERVAÇÃO PREDIAL DE ÁGUA - FORNECIMENTO E INSTALAÇÃO. AF_04/2024","UN",208.82,0.89]
["Instalações Hidráulicas - Reservação e Bombas de Recalque",94610,"LUVA EM COBRE, DN 79 MM, SEM ANEL DE SOLDA, INSTALADO EM RESERVAÇÃO PREDIAL DE ÁGUA - FORNECIMENTO E INSTALAÇÃO. AF_04/2024","UN",305.31,0.9214]
["Instalações Hidráulicas - Reservação e Bombas de Recalque",94657,"LUVA PVC, SOLDÁVEL, DN 25 MM, INSTALADO EM RESERVAÇÃO PREDIAL DE ÁGUA - FORNECIMENTO E INSTALAÇÃO. AF_04/2024","UN",3.92,0]
["Instalações Hidráulicas - Reservação e Bombas de Recalque",94659,"LUVA PVC, SOLDÁVEL, DN 32 MM, INSTALADO EM RESERVAÇÃO PREDIAL DE ÁGUA - FORNECIMENTO E INSTALAÇÃO. AF_04/2024","UN",6.07,0]
["Instalações Hidráulicas - Reservação e Bombas de Recalque",94739,"LUVA, CPVC, SOLDÁVEL, DN 114 MM, INSTALADO EM RESERVAÇÃO PREDIAL DE ÁGUA - FORNECIMENTO E INSTALAÇÃO. AF_04/2024","UN",231.04,0]
["Instalações Hidráulicas - Reservação e Bombas de Recalque",94725,"LUVA, CPVC, SOLDÁVEL, DN 22 MM, INSTALADO EM RESERVAÇÃO PREDIAL DE ÁGUA - FORNECIMENTO E INSTALAÇÃO. AF_04/2024","UN",6.93,0]
["Instalações Hidráulicas - Reservação e Bombas de Recalque",94727,"LUVA, CPVC, SOLDÁVEL, DN 28 MM, INSTALADO EM RESERVAÇÃO PREDIAL DE ÁGUA - FORNECIMENTO E INSTALAÇÃO. AF_04/2024","UN",11.27,0]
["Instalações Hidráulicas - Reservação e Bombas de Recalque",94729,"LUVA, CPVC, SOLDÁVEL, DN 35 MM, INSTALADO EM RESERVAÇÃO PREDIAL DE ÁGUA - FORNECIMENTO E INSTALAÇÃO. AF_04/2024","UN",19.489999999999998,0]
["Instalações Hidráulicas - Reservação e Bombas de Recalque",94731,"LUVA, CPVC, SOLDÁVEL, DN 42 MM, INSTALADO EM RESERVAÇÃO PREDIAL DE ÁGUA - FORNECIMENTO E INSTALAÇÃO. AF_04/2024","UN",25.85,0]
["Instalações Hidráulicas - Reservação e Bombas de Recalque",94733,"LUVA, CPVC, SOLDÁVEL, DN 54 MM, INSTALADO EM RESERVAÇÃO PREDIAL DE ÁGUA - FORNECIMENTO E INSTALAÇÃO. AF_04/2024","UN",45.37,0]
["Instalações Hidráulicas - Reservação e Bombas de Recalque",94863,"LUVA, CPVC, SOLDÁVEL, DN 73 MM, INSTALADO EM RESERVAÇÃO PREDIAL DE ÁGUA - FORNECIMENTO E INSTALAÇÃO. AF_04/2024","UN",157.62,0]
["Instalações Hidráulicas - Reservação e Bombas de Recalque",94737,"LUVA, CPVC, SOLDÁVEL, DN 89 MM, INSTALADO EM RESERVAÇÃO PREDIAL DE ÁGUA - FORNECIMENTO E INSTALAÇÃO. AF_04/2024","UN",187.91,0]
["Instalações Hidráulicas - Reservação e Bombas de Recalque",94465,"LUVA, EM FERRO GALVANIZADO, CONEXÃO ROSQUEADA, DN 50 MM (2\"), INSTALADO EM RESERVAÇÃO PREDIAL DE ÁGUA - FORNECIMENTO E INSTALAÇÃO. AF_04/2024","UN",53.99,0.67810000000000004]
["Instalações Hidráulicas - Reservação e Bombas de Recalque",94467,"LUVA, EM FERRO GALVANIZADO, CONEXÃO ROSQUEADA, DN 65 MM (2 1/2\"), INSTALADO EM RESERVAÇÃO PREDIAL DE ÁGUA - FORNECIMENTO E INSTALAÇÃO. AF_04/2024","UN",87.15,0.76639999999999997]
["Instalações Hidráulicas - Reservação e Bombas de Recalque",94469,"LUVA, EM FERRO GALVANIZADO, CONEXÃO ROSQUEADA, DN 80 MM (3\"), INSTALADO EM RESERVAÇÃO PREDIAL DE ÁGUA - FORNECIMENTO E INSTALAÇÃO. AF_04/2024","UN",124.8,0.80740000000000001]
["Instalações Hidráulicas - Reservação e Bombas de Recalque",96746,"LUVA, PPR, DN 110 MM, CLASSE PN 25, INSTALADO EM RESERVAÇÃO PREDIAL DE ÁGUA - FORNECIMENTO E INSTALAÇÃO. AF_04/2024","UN",115.4,0.80640000000000001]
["Instalações Hidráulicas - Reservação e Bombas de Recalque",96736,"LUVA, PPR, DN 20 MM, INSTALADO EM RESERVAÇÃO PREDIAL DE ÁGUA - FORNECIMENTO E INSTALAÇÃO. AF_04/2024","UN",6.12,0.40849999999999997]
["Instalações Hidráulicas - Reservação e Bombas de Recalque",96737,"LUVA, PPR, DN 25 MM, INSTALADO EM RESERVAÇÃO PREDIAL DE ÁGUA - FORNECIMENTO E INSTALAÇÃO. AF_04/2024","UN",6.26,0.36420000000000002]
["Instalações Hidráulicas - Reservação e Bombas de Recalque",96739,"LUVA, PPR, DN 32 MM, CLASSE PN 25, INSTALADO EM RESERVAÇÃO PREDIAL DE ÁGUA - FORNECIMENTO E INSTALAÇÃO. AF_04/2024","UN",8.7100000000000009,0.46960000000000002]
["Instalações Hidráulicas - Reservação e Bombas de Recalque",96741,"LUVA, PPR, DN 40 MM, CLASSE PN 25, INSTALADO EM RESERVAÇÃO PREDIAL DE ÁGUA - FORNECIMENTO E INSTALAÇÃO. AF_04/2024","UN",17.16,0.67769999999999997]
["Instalações Hidráulicas - Reservação e Bombas de Recalque",96742,"LUVA, PPR, DN 50 MM, CLASSE PN 25, INSTALADO EM RESERVAÇÃO PREDIAL DE ÁGUA - FORNECIMENTO E INSTALAÇÃO. AF_04/2024","UN",21.08,0.6694]
["Instalações Hidráulicas - Reservação e Bombas de Recalque",96743,"LUVA, PPR, DN 63 MM, CLASSE PN 25, INSTALADO EM RESERVAÇÃO PREDIAL DE ÁGUA - FORNECIMENTO E INSTALAÇÃO. AF_04/2024","UN",32.99,0.71809999999999996]
["Instalações Hidráulicas - Reservação e Bombas de Recalque",96744,"LUVA, PPR, DN 75 MM, CLASSE PN 25, INSTALADO EM RESERVAÇÃO PREDIAL DE ÁGUA - FORNECIMENTO E INSTALAÇÃO. AF_04/2024","UN",55.92,0.78559999999999997]
["Instalações Hidráulicas - Reservação e Bombas de Recalque",96745,"LUVA, PPR, DN 90 MM, CLASSE PN 25, INSTALADO EM RESERVAÇÃO PREDIAL DE ÁGUA - FORNECIMENTO E INSTALAÇÃO. AF_04/2024","UN",87.85,0.81840000000000002]
["Instalações Hidráulicas - Reservação e Bombas de Recalque",94671,"LUVA, PVC, SOLDÁVEL, DN 110 MM, INSTALADO EM RESERVAÇÃO PREDIAL DE ÁGUA - FORNECIMENTO E INSTALAÇÃO. AF_04/2024","UN",102.56,0]
["Instalações Hidráulicas - Reservação e Bombas de Recalque",94661,"LUVA, PVC, SOLDÁVEL, DN 40 MM, INSTALADO EM RESERVAÇÃO PREDIAL DE ÁGUA - FORNECIMENTO E INSTALAÇÃO. AF_04/2024","UN",9.6,0]
["Instalações Hidráulicas - Reservação e Bombas de Recalque",94663,"LUVA, PVC, SOLDÁVEL, DN 50 MM, INSTALADO EM RESERVAÇÃO PREDIAL DE ÁGUA - FORNECIMENTO E INSTALAÇÃO. AF_04/2024","UN",12,0]
["Instalações Hidráulicas - Reservação e Bombas de Recalque",94665,"LUVA, PVC, SOLDÁVEL, DN 60 MM, INSTALADO EM RESERVAÇÃO PREDIAL DE ÁGUA - FORNECIMENTO E INSTALAÇÃO. AF_04/2024","UN",23.5,0]
["Instalações Hidráulicas - Reservação e Bombas de Recalque",94667,"LUVA, PVC, SOLDÁVEL, DN 75 MM, INSTALADO EM RESERVAÇÃO PREDIAL DE ÁGUA - FORNECIMENTO E INSTALAÇÃO. AF_04/2024","UN",34.590000000000003,0]
["Instalações Hidráulicas - Reservação e Bombas de Recalque",94669,"LUVA, PVC, SOLDÁVEL, DN 85 MM, INSTALADO EM RESERVAÇÃO PREDIAL DE ÁGUA - FORNECIMENTO E INSTALAÇÃO. AF_04/2024","UN",62.43,0]
["Instalações Hidráulicas - Reservação e Bombas de Recalque",105177,"NIPLE DE REDUÇÃO, EM FERRO GALVANIZADO, CONEXÃO ROSQUEADA, DN 80 MM X 50 MM (3\" X 2\"), INSTALADO EM RESERVAÇÃO PREDIAL DE ÁGUA - FORNECIMENTO E INSTALAÇÃO. AF_04/2024","UN",146,0.85819999999999996]
["Instalações Hidráulicas - Reservação e Bombas de Recalque",105176,"NIPLE DE REDUÇÃO, EM FERRO GALVANIZADO, CONEXÃO ROSQUEADA, DN 80 MM X 65 MM (3\" X 2 1/2\"), INSTALADO EM RESERVAÇÃO PREDIAL DE ÁGUA - FORNECIMENTO E INSTALAÇÃO. AF_04/2024","UN",164.05,0.86470000000000002]
["Instalações Hidráulicas - Reservação e Bombas de Recalque",94466,"NIPLE, EM FERRO GALVANIZADO, CONEXÃO ROSQUEADA, DN 50 MM (2\"), INSTALADO EM RESERVAÇÃO PREDIAL DE ÁGUA - FORNECIMENTO E INSTALAÇÃO. AF_04/2024","UN",54.02,0.67830000000000001]
["Instalações Hidráulicas - Reservação e Bombas de Recalque",94468,"NIPLE, EM FERRO GALVANIZADO, CONEXÃO ROSQUEADA, DN 65 MM (2 1/2\"), INSTALADO EM RESERVAÇÃO PREDIAL DE ÁGUA - FORNECIMENTO E INSTALAÇÃO. AF_04/2024","UN",76.44,0.73360000000000003]
["Instalações Hidráulicas - Reservação e Bombas de Recalque",94470,"NIPLE, EM FERRO GALVANIZADO, CONEXÃO ROSQUEADA, DN 80 MM (3\"), INSTALADO EM RESERVAÇÃO PREDIAL DE ÁGUA - FORNECIMENTO E INSTALAÇÃO. AF_04/2024","UN",115.27,0.79139999999999999]
["Instalações Hidráulicas - Reservação e Bombas de Recalque",105225,"TE DE REDUÇÃO, CPVC, DN 28 X 22 MM, INSTALADO EM RESERVAÇÃO PREDIAL DE ÁGUA - FORNECIMENTO E INSTALAÇÃO. AF_04/2024","UN",16.98,0]
["Instalações Hidráulicas - Reservação e Bombas de Recalque",105226,"TE DE REDUÇÃO, CPVC, DN 35 X 28 MM, INSTALADO EM RESERVAÇÃO PREDIAL DE ÁGUA - FORNECIMENTO E INSTALAÇÃO. AF_04/2024","UN",39.700000000000003,0]
["Instalações Hidráulicas - Reservação e Bombas de Recalque",105227,"TE DE REDUÇÃO, CPVC, DN 42 X 35 MM, INSTALADO EM RESERVAÇÃO PREDIAL DE ÁGUA - FORNECIMENTO E INSTALAÇÃO. AF_04/2024","UN",56.83,0]
["Instalações Hidráulicas - Reservação e Bombas de Recalque",105212,"TE DE REDUÇÃO, EM FERRO GALVANIZADO, CONEXÃO ROSQUEADA, DN 80 MM X 50 MM (3\" X 2\"), INSTALADO EM RESERVAÇÃO PREDIAL DE ÁGUA - FORNECIMENTO E INSTALAÇÃO. AF_04/2024","UN",247.4,0.82509999999999994]
["Instalações Hidráulicas - Reservação e Bombas de Recalque",105211,"TE DE REDUÇÃO, EM FERRO GALVANIZADO, CONEXÃO ROSQUEADA, DN 80 MM X 65 MM (3\" X 2 1/2\"), INSTALADO EM RESERVAÇÃO PREDIAL DE ÁGUA - FORNECIMENTO E INSTALAÇÃO. AF_04/2024","UN",249.37,0.81859999999999999]
["Instalações Hidráulicas - Reservação e Bombas de Recalque",105189,"TE DE REDUÇÃO, PVC, SOLDÁVEL, 90 GRAUS, DN 50 MM X 25 MM, INSTALADO EM RESERVAÇÃO PREDIAL DE ÁGUA - FORNECIMENTO E INSTALAÇÃO. AF_04/2024","UN",21.3,0]
["Instalações Hidráulicas - Reservação e Bombas de Recalque",105190,"TE DE REDUÇÃO, PVC, SOLDÁVEL, 90 GRAUS, DN 50 MM X 32 MM, INSTALADO EM RESERVAÇÃO PREDIAL DE ÁGUA - FORNECIMENTO E INSTALAÇÃO. AF_04/2024","UN",26.47,0]
["Instalações Hidráulicas - Reservação e Bombas de Recalque",94625,"TE EM COBRE, DN 104 MM, SEM ANEL DE SOLDA, INSTALADO EM RESERVAÇÃO PREDIAL DE ÁGUA - FORNECIMENTO E INSTALAÇÃO. AF_04/2024","UN",1555.34,0.96660000000000001]
["Instalações Hidráulicas - Reservação e Bombas de Recalque",94622,"TE EM COBRE, DN 54 MM, SEM ANEL DE SOLDA, INSTALADO EM RESERVAÇÃO PREDIAL DE ÁGUA - FORNECIMENTO E INSTALAÇÃO. AF_04/2024","UN",207.75,0.7883]
["Instalações Hidráulicas - Reservação e Bombas de Recalque",94623,"TE EM COBRE, DN 66 MM, SEM ANEL DE SOLDA, INSTALADO EM RESERVAÇÃO PREDIAL DE ÁGUA - FORNECIMENTO E INSTALAÇÃO. AF_04/2024","UN",493.5,0.90700000000000003]
["Instalações Hidráulicas - Reservação e Bombas de Recalque",94624,"TE EM COBRE, DN 79 MM, SEM ANEL DE SOLDA, INSTALADO EM RESERVAÇÃO PREDIAL DE ÁGUA - FORNECIMENTO E INSTALAÇÃO. AF_04/2024","UN",742.96,0.9355]
["Instalações Hidráulicas - Reservação e Bombas de Recalque",94763,"TE, CPVC, SOLDÁVEL, DN 114 MM, INSTALADO EM RESERVAÇÃO PREDIAL DE ÁGUA - FORNECIMENTO E INSTALAÇÃO. AF_04/2024","UN",353.06,0]
["Instalações Hidráulicas - Reservação e Bombas de Recalque",94756,"TE, CPVC, SOLDÁVEL, DN 22 MM, INSTALADO EM RESERVAÇÃO PREDIAL DE ÁGUA - FORNECIMENTO E INSTALAÇÃO. AF_04/2024","UN",12.62,0]
["Instalações Hidráulicas - Reservação e Bombas de Recalque",94757,"TE, CPVC, SOLDÁVEL, DN 28 MM, INSTALADO EM RESERVAÇÃO PREDIAL DE ÁGUA - FORNECIMENTO E INSTALAÇÃO. AF_04/2024","UN",19.87,0]
["Instalações Hidráulicas - Reservação e Bombas de Recalque",94758,"TE, CPVC, SOLDÁVEL, DN 35 MM, INSTALADO EM RESERVAÇÃO PREDIAL DE ÁGUA - FORNECIMENTO E INSTALAÇÃO. AF_04/2024","UN",50.43,0]
["Instalações Hidráulicas - Reservação e Bombas de Recalque",94759,"TE, CPVC, SOLDÁVEL, DN 42 MM, INSTALADO EM RESERVAÇÃO PREDIAL DE ÁGUA - FORNECIMENTO E INSTALAÇÃO. AF_04/2024","UN",64.22,0]
["Instalações Hidráulicas - Reservação e Bombas de Recalque",94760,"TE, CPVC, SOLDÁVEL, DN 54 MM, INSTALADO EM RESERVAÇÃO PREDIAL DE ÁGUA - FORNECIMENTO E INSTALAÇÃO. AF_04/2024","UN",102.34,0]
["Instalações Hidráulicas - Reservação e Bombas de Recalque",94761,"TE, CPVC, SOLDÁVEL, DN 73 MM, INSTALADO EM RESERVAÇÃO PREDIAL DE ÁGUA - FORNECIMENTO E INSTALAÇÃO. AF_04/2024","UN",221.34,0]
["Instalações Hidráulicas - Reservação e Bombas de Recalque",94762,"TE, CPVC, SOLDÁVEL, DN 89 MM, INSTALADO EM RESERVAÇÃO PREDIAL DE ÁGUA - FORNECIMENTO E INSTALAÇÃO. AF_04/2024","UN",268.55,0]
["Instalações Hidráulicas - Reservação e Bombas de Recalque",94462,"TUBO DE AÇO GALVANIZADO COM COSTURA, CLASSE MÉDIA, DN 50 MM (2\"), CONEXÃO ROSQUEADA, INSTALADO EM RESERVAÇÃO PREDIAL DE ÁGUA - FORNECIMENTO E INSTALAÇÃO. AF_04/2024","M",89.08,0]
["Instalações Hidráulicas - Reservação e Bombas de Recalque",94463,"TUBO DE AÇO GALVANIZADO COM COSTURA, CLASSE MÉDIA, DN 65 MM (2 1/2\"), CONEXÃO ROSQUEADA, INSTALADO EM RESERVAÇÃO PREDIAL DE ÁGUA - FORNECIMENTO E INSTALAÇÃO. AF_04/2024","M",109.11,0]
["Instalações Hidráulicas - Reservação e Bombas de Recalque",94464,"TUBO DE AÇO GALVANIZADO COM COSTURA, CLASSE MÉDIA, DN 80 MM (3\"), CONEXÃO ROSQUEADA, INSTALADO EM RESERVAÇÃO PREDIAL DE ÁGUA - FORNECIMENTO E INSTALAÇÃO. AF_04/2024","M",142.9,0]
["Instalações Hidráulicas - Reservação e Bombas de Recalque",94605,"TUBO EM COBRE RÍGIDO, DN 104 MM, CLASSE E, SEM ISOLAMENTO, INSTALADO EM RESERVAÇÃO PREDIAL DE ÁGUA - FORNECIMENTO E INSTALAÇÃO. AF_04/2024","M",660.58,0.9526]
["Instalações Hidráulicas - Reservação e Bombas de Recalque",94602,"TUBO EM COBRE RÍGIDO, DN 54 MM, CLASSE E, SEM ISOLAMENTO, INSTALADO EM RESERVAÇÃO PREDIAL DE ÁGUA - FORNECIMENTO E INSTALAÇÃO. AF_04/2024","M",233.74,0.88649999999999995]
["Instalações Hidráulicas - Reservação e Bombas de Recalque",94603,"TUBO EM COBRE RÍGIDO, DN 66 MM, CLASSE E, SEM ISOLAMENTO, INSTALADO EM RESERVAÇÃO PREDIAL DE ÁGUA - FORNECIMENTO E INSTALAÇÃO. AF_04/2024","M",319.60000000000002,0.91339999999999999]
["Instalações Hidráulicas - Reservação e Bombas de Recalque",94604,"TUBO EM COBRE RÍGIDO, DN 79 MM, CLASSE E, SEM ISOLAMENTO, INSTALADO EM RESERVAÇÃO PREDIAL DE ÁGUA - FORNECIMENTO E INSTALAÇÃO. AF_04/2024","M",455.67,0.9365]
["Instalações Hidráulicas - Reservação e Bombas de Recalque",94723,"TUBO, CPVC, SOLDÁVEL, DN 114 MM, INSTALADO EM RESERVAÇÃO PREDIAL DE ÁGUA - FORNECIMENTO E INSTALAÇÃO. AF_04/2024","M",453.15,0]
["Instalações Hidráulicas - Reservação e Bombas de Recalque",94716,"TUBO, CPVC, SOLDÁVEL, DN 22 MM, INSTALADO EM RESERVAÇÃO PREDIAL DE ÁGUA - FORNECIMENTO E INSTALAÇÃO. AF_04/2024","M",22.27,0]
["Instalações Hidráulicas - Reservação e Bombas de Recalque",94717,"TUBO, CPVC, SOLDÁVEL, DN 28 MM, INSTALADO EM RESERVAÇÃO PREDIAL DE ÁGUA - FORNECIMENTO E INSTALAÇÃO. AF_04/2024","M",37.33,0]
["Instalações Hidráulicas - Reservação e Bombas de Recalque",94718,"TUBO, CPVC, SOLDÁVEL, DN 35 MM, INSTALADO EM RESERVAÇÃO PREDIAL DE ÁGUA - FORNECIMENTO E INSTALAÇÃO. AF_04/2024","M",48.74,0]
["Instalações Hidráulicas - Reservação e Bombas de Recalque",94719,"TUBO, CPVC, SOLDÁVEL, DN 42 MM, INSTALADO EM RESERVAÇÃO PREDIAL DE ÁGUA - FORNECIMENTO E INSTALAÇÃO. AF_04/2024","M",65.05,0]
["Instalações Hidráulicas - Reservação e Bombas de Recalque",94720,"TUBO, CPVC, SOLDÁVEL, DN 54 MM, INSTALADO EM RESERVAÇÃO PREDIAL DE ÁGUA - FORNECIMENTO E INSTALAÇÃO. AF_04/2024","M",95.26,0]
["Instalações Hidráulicas - Reservação e Bombas de Recalque",94721,"TUBO, CPVC, SOLDÁVEL, DN 73 MM, INSTALADO EM RESERVAÇÃO PREDIAL DE ÁGUA - FORNECIMENTO E INSTALAÇÃO. AF_04/2024","M",154.41,0]
["Instalações Hidráulicas - Reservação e Bombas de Recalque",94722,"TUBO, CPVC, SOLDÁVEL, DN 89 MM, INSTALADO EM RESERVAÇÃO PREDIAL DE ÁGUA - FORNECIMENTO E INSTALAÇÃO. AF_04/2024","M",240.79,0]
["Instalações Hidráulicas - Reservação e Bombas de Recalque",96726,"TUBO, PPR, DN 110 MM, CLASSE PN 12, INSTALADO EM RESERVAÇÃO PREDIAL DE ÁGUA - FORNECIMENTO E INSTALAÇÃO. AF_04/2024","M",171.16,0.84240000000000004]
["Instalações Hidráulicas - Reservação e Bombas de Recalque",96735,"TUBO, PPR, DN 110 MM, CLASSE PN 25, INSTALADO EM RESERVAÇÃO PREDIAL DE ÁGUA - FORNECIMENTO E INSTALAÇÃO. AF_04/2024","M",324.5,0.89780000000000004]
["Instalações Hidráulicas - Reservação e Bombas de Recalque",96718,"TUBO, PPR, DN 20 MM, CLASSE PN 20, INSTALADO EM RESERVAÇÃO PREDIAL DE ÁGUA - FORNECIMENTO E INSTALAÇÃO. AF_04/2024","M",15.25,0.71209999999999996]
["Instalações Hidráulicas - Reservação e Bombas de Recalque",96727,"TUBO, PPR, DN 20 MM, CLASSE PN 25, INSTALADO EM RESERVAÇÃO PREDIAL DE ÁGUA - FORNECIMENTO E INSTALAÇÃO. AF_04/2024","M",17.329999999999998,0.68899999999999995]
["Instalações Hidráulicas - Reservação e Bombas de Recalque",96719,"TUBO, PPR, DN 25 MM, CLASSE PN 20, INSTALADO EM RESERVAÇÃO PREDIAL DE ÁGUA - FORNECIMENTO E INSTALAÇÃO. AF_04/2024","M",19.559999999999999,0.75360000000000005]
["Instalações Hidráulicas - Reservação e Bombas de Recalque",96728,"TUBO, PPR, DN 25 MM, CLASSE PN 25, INSTALADO EM RESERVAÇÃO PREDIAL DE ÁGUA - FORNECIMENTO E INSTALAÇÃO. AF_04/2024","M",22.45,0.7359]
["Instalações Hidráulicas - Reservação e Bombas de Recalque",96720,"TUBO, PPR, DN 32 MM, CLASSE PN 12, INSTALADO EM RESERVAÇÃO PREDIAL DE ÁGUA - FORNECIMENTO E INSTALAÇÃO. AF_04/2024","M",17.670000000000002,0.68420000000000003]
["Instalações Hidráulicas - Reservação e Bombas de Recalque",96729,"TUBO, PPR, DN 32 MM, CLASSE PN 25, INSTALADO EM RESERVAÇÃO PREDIAL DE ÁGUA - FORNECIMENTO E INSTALAÇÃO. AF_04/2024","M",28.98,0.76290000000000002]
["Instalações Hidráulicas - Reservação e Bombas de Recalque",96721,"TUBO, PPR, DN 40 MM, CLASSE PN 12, INSTALADO EM RESERVAÇÃO PREDIAL DE ÁGUA - FORNECIMENTO E INSTALAÇÃO. AF_04/2024","M",23,0.7087]
["Instalações Hidráulicas - Reservação e Bombas de Recalque",96730,"TUBO, PPR, DN 40 MM, CLASSE PN 25, INSTALADO EM RESERVAÇÃO PREDIAL DE ÁGUA - FORNECIMENTO E INSTALAÇÃO. AF_04/2024","M",40.119999999999997,0.79510000000000003]
["Instalações Hidráulicas - Reservação e Bombas de Recalque",96722,"TUBO, PPR, DN 50 MM, CLASSE PN 12, INSTALADO EM RESERVAÇÃO PREDIAL DE ÁGUA - FORNECIMENTO E INSTALAÇÃO. AF_04/2024","M",35.380000000000003,0.76200000000000001]
["Instalações Hidráulicas - Reservação e Bombas de Recalque",96731,"TUBO, PPR, DN 50 MM, CLASSE PN 25, INSTALADO EM RESERVAÇÃO PREDIAL DE ÁGUA - FORNECIMENTO E INSTALAÇÃO. AF_04/2024","M",60.75,0.82979999999999998]
["Instalações Hidráulicas - Reservação e Bombas de Recalque",96723,"TUBO, PPR, DN 63 MM, CLASSE PN 12, INSTALADO EM RESERVAÇÃO PREDIAL DE ÁGUA - FORNECIMENTO E INSTALAÇÃO. AF_04/2024","M",55,0.79579999999999995]
["Instalações Hidráulicas - Reservação e Bombas de Recalque",96732,"TUBO, PPR, DN 63 MM, CLASSE PN 25, INSTALADO EM RESERVAÇÃO PREDIAL DE ÁGUA - FORNECIMENTO E INSTALAÇÃO. AF_04/2024","M",102.52,0.86519999999999997]
["Instalações Hidráulicas - Reservação e Bombas de Recalque",96724,"TUBO, PPR, DN 75 MM, CLASSE PN 12, INSTALADO EM RESERVAÇÃO PREDIAL DE ÁGUA - FORNECIMENTO E INSTALAÇÃO. AF_04/2024","M",70.62,0.79500000000000004]
["Instalações Hidráulicas - Reservação e Bombas de Recalque",96733,"TUBO, PPR, DN 75 MM, CLASSE PN 25, INSTALADO EM RESERVAÇÃO PREDIAL DE ÁGUA - FORNECIMENTO E INSTALAÇÃO. AF_04/2024","M",139.76,0.87250000000000005]
["Instalações Hidráulicas - Reservação e Bombas de Recalque",96725,"TUBO, PPR, DN 90 MM, CLASSE PN 12, INSTALADO EM RESERVAÇÃO PREDIAL DE ÁGUA - FORNECIMENTO E INSTALAÇÃO. AF_04/2024","M",115.78,0.83360000000000001]
["Instalações Hidráulicas - Reservação e Bombas de Recalque",96734,"TUBO, PPR, DN 90 MM, CLASSE PN 25, INSTALADO EM RESERVAÇÃO PREDIAL DE ÁGUA - FORNECIMENTO E INSTALAÇÃO. AF_04/2024","M",233.33,0.89849999999999997]
["Instalações Hidráulicas - Reservação e Bombas de Recalque",94655,"TUBO, PVC, SOLDÁVEL, DE 110MM, INSTALADO EM RESERVAÇÃO PREDIAL DE ÁGUA - FORNECIMENTO E INSTALAÇÃO. AF_04/2024","M",119.04,0]
["Instalações Hidráulicas - Reservação e Bombas de Recalque",94648,"TUBO, PVC, SOLDÁVEL, DE 25MM, INSTALADO EM RESERVAÇÃO PREDIAL DE ÁGUA - FORNECIMENTO E INSTALAÇÃO. AF_04/2024","M",6.76,0]
["Instalações Hidráulicas - Reservação e Bombas de Recalque",94649,"TUBO, PVC, SOLDÁVEL, DE 32MM, INSTALADO EM RESERVAÇÃO PREDIAL DE ÁGUA - FORNECIMENTO E INSTALAÇÃO. AF_04/2024","M",12.51,0]
["Instalações Hidráulicas - Reservação e Bombas de Recalque",94650,"TUBO, PVC, SOLDÁVEL, DE 40MM, INSTALADO EM RESERVAÇÃO PREDIAL DE ÁGUA - FORNECIMENTO E INSTALAÇÃO. AF_04/2024","M",18.88,0]
["Instalações Hidráulicas - Reservação e Bombas de Recalque",94651,"TUBO, PVC, SOLDÁVEL, DE 50MM, INSTALADO EM RESERVAÇÃO PREDIAL DE ÁGUA - FORNECIMENTO E INSTALAÇÃO. AF_04/2024","M",22,0]
["Instalações Hidráulicas - Reservação e Bombas de Recalque",94652,"TUBO, PVC, SOLDÁVEL, DE 60MM, INSTALADO EM RESERVAÇÃO PREDIAL DE ÁGUA - FORNECIMENTO E INSTALAÇÃO. AF_04/2024","M",34.39,0]
["Instalações Hidráulicas - Reservação e Bombas de Recalque",94653,"TUBO, PVC, SOLDÁVEL, DE 75MM, INSTALADO EM RESERVAÇÃO PREDIAL DE ÁGUA - FORNECIMENTO E INSTALAÇÃO. AF_04/2024","M",55.5,0]
["Instalações Hidráulicas - Reservação e Bombas de Recalque",94654,"TUBO, PVC, SOLDÁVEL, DE 85MM, INSTALADO EM RESERVAÇÃO PREDIAL DE ÁGUA - FORNECIMENTO E INSTALAÇÃO. AF_04/2024","M",75.56,0]
["Instalações Hidráulicas - Reservação e Bombas de Recalque",94689,"TÊ COM BUCHA DE LATÃO NA BOLSA CENTRAL, PVC, SOLDÁVEL, DN 25 MM X 3/4\", INSTALADO EM RESERVAÇÃO PREDIAL DE ÁGUA - FORNECIMENTO E INSTALAÇÃO. AF_04/2024","UN",9.3800000000000008,0]
["Instalações Hidráulicas - Reservação e Bombas de Recalque",94702,"TÊ DE REDUÇÃO, PVC, SOLDÁVEL, DN 110 MM X 60 MM, INSTALADO EM RESERVAÇÃO PREDIAL DE ÁGUA - FORNECIMENTO E INSTALAÇÃO. AF_04/2024","UN",182.46,0]
["Instalações Hidráulicas - Reservação e Bombas de Recalque",94691,"TÊ DE REDUÇÃO, PVC, SOLDÁVEL, DN 32 MM X 25 MM, INSTALADO EM RESERVAÇÃO PREDIAL DE ÁGUA - FORNECIMENTO E INSTALAÇÃO. AF_04/2024","UN",13.41,0]
["Instalações Hidráulicas - Reservação e Bombas de Recalque",94693,"TÊ DE REDUÇÃO, PVC, SOLDÁVEL, DN 40 MM X 32 MM, INSTALADO EM RESERVAÇÃO PREDIAL DE ÁGUA - FORNECIMENTO E INSTALAÇÃO. AF_04/2024","UN",17.55,0]
["Instalações Hidráulicas - Reservação e Bombas de Recalque",94695,"TÊ DE REDUÇÃO, PVC, SOLDÁVEL, DN 50 MM X 40 MM, INSTALADO EM RESERVAÇÃO PREDIAL DE ÁGUA - FORNECIMENTO E INSTALAÇÃO. AF_04/2024","UN",30.49,0]
["Instalações Hidráulicas - Reservação e Bombas de Recalque",94698,"TÊ DE REDUÇÃO, PVC, SOLDÁVEL, DN 75 MM X 50 MM, INSTALADO EM RESERVAÇÃO PREDIAL DE ÁGUA - FORNECIMENTO E INSTALAÇÃO. AF_04/2024","UN",65.319999999999993,0]
["Instalações Hidráulicas - Reservação e Bombas de Recalque",94700,"TÊ DE REDUÇÃO, PVC, SOLDÁVEL, DN 85 MM X 60 MM, INSTALADO EM RESERVAÇÃO PREDIAL DE ÁGUA - FORNECIMENTO E INSTALAÇÃO. AF_04/2024","UN",126.64,0]
["Instalações Hidráulicas - Reservação e Bombas de Recalque",94477,"TÊ, EM FERRO GALVANIZADO, CONEXÃO ROSQUEADA, DN 50 MM (2\"), INSTALADO EM RESERVAÇÃO PREDIAL DE ÁGUA - FORNECIMENTO E INSTALAÇÃO. AF_04/2024","UN",103.62,0.6673]
["Instalações Hidráulicas - Reservação e Bombas de Recalque",94478,"TÊ, EM FERRO GALVANIZADO, CONEXÃO ROSQUEADA, DN 65 MM (2 1/2\"), INSTALADO EM RESERVAÇÃO PREDIAL DE ÁGUA - FORNECIMENTO E INSTALAÇÃO. AF_04/2024","UN",171.67,0.76480000000000004]
["Instalações Hidráulicas - Reservação e Bombas de Recalque",94479,"TÊ, EM FERRO GALVANIZADO, CONEXÃO ROSQUEADA, DN 80 MM (3\"), INSTALADO EM RESERVAÇÃO PREDIAL DE ÁGUA - FORNECIMENTO E INSTALAÇÃO. AF_04/2024","UN",223.49,0.78690000000000004]
["Instalações Hidráulicas - Reservação e Bombas de Recalque",96764,"TÊ, PPR, DN 110 MM, INSTALADO EM RESERVAÇÃO PREDIAL DE ÁGUA - FORNECIMENTO E INSTALAÇÃO. AF_04/2024","UN",319.49,0.86009999999999998]
["Instalações Hidráulicas - Reservação e Bombas de Recalque",105164,"TÊ, PPR, DN 20 MM, INSTALADO EM RESERVAÇÃO PREDIAL DE ÁGUA - FORNECIMENTO E INSTALAÇÃO. AF_04/2024","UN",11.06,0.3427]
["Instalações Hidráulicas - Reservação e Bombas de Recalque",105165,"TÊ, PPR, DN 25 MM, INSTALADO EM RESERVAÇÃO PREDIAL DE ÁGUA - FORNECIMENTO E INSTALAÇÃO. AF_04/2024","UN",11.26,0.28949999999999998]
["Instalações Hidráulicas - Reservação e Bombas de Recalque",96758,"TÊ, PPR, DN 32 MM, INSTALADO EM RESERVAÇÃO PREDIAL DE ÁGUA - FORNECIMENTO E INSTALAÇÃO. AF_04/2024","UN",17.38,0.4672]
["Instalações Hidráulicas - Reservação e Bombas de Recalque",96759,"TÊ, PPR, DN 40 MM, INSTALADO EM RESERVAÇÃO PREDIAL DE ÁGUA - FORNECIMENTO E INSTALAÇÃO. AF_04/2024","UN",25.9,0.57179999999999997]
["Instalações Hidráulicas - Reservação e Bombas de Recalque",96760,"TÊ, PPR, DN 50 MM, INSTALADO EM RESERVAÇÃO PREDIAL DE ÁGUA - FORNECIMENTO E INSTALAÇÃO. AF_04/2024","UN",42.47,0.67149999999999999]
["Instalações Hidráulicas - Reservação e Bombas de Recalque",96761,"TÊ, PPR, DN 63 MM, INSTALADO EM RESERVAÇÃO PREDIAL DE ÁGUA - FORNECIMENTO E INSTALAÇÃO. AF_04/2024","UN",63.46,0.70660000000000001]
["Instalações Hidráulicas - Reservação e Bombas de Recalque",96762,"TÊ, PPR, DN 75 MM, INSTALADO EM RESERVAÇÃO PREDIAL DE ÁGUA - FORNECIMENTO E INSTALAÇÃO. AF_04/2024","UN",120.19,0.80030000000000001]
["Instalações Hidráulicas - Reservação e Bombas de Recalque",96763,"TÊ, PPR, DN 90 MM, INSTALADO EM RESERVAÇÃO PREDIAL DE ÁGUA - FORNECIMENTO E INSTALAÇÃO. AF_04/2024","UN",160.99,0.80179999999999996]
["Instalações Hidráulicas - Reservação e Bombas de Recalque",94701,"TÊ, PVC, SOLDÁVEL, DN 110 MM INSTALADO EM RESERVAÇÃO PREDIAL DE ÁGUA - FORNECIMENTO E INSTALAÇÃO. AF_04/2024","UN",219.02,0]
["Instalações Hidráulicas - Reservação e Bombas de Recalque",94688,"TÊ, PVC, SOLDÁVEL, DN 25 MM INSTALADO EM RESERVAÇÃO PREDIAL DE ÁGUA - FORNECIMENTO E INSTALAÇÃO. AF_04/2024","UN",6.86,0]
["Instalações Hidráulicas - Reservação e Bombas de Recalque",94690,"TÊ, PVC, SOLDÁVEL, DN 32 MM INSTALADO EM RESERVAÇÃO PREDIAL DE ÁGUA - FORNECIMENTO E INSTALAÇÃO. AF_04/2024","UN",11.23,0]
["Instalações Hidráulicas - Reservação e Bombas de Recalque",94692,"TÊ, PVC, SOLDÁVEL, DN 40 MM INSTALADO EM RESERVAÇÃO PREDIAL DE ÁGUA - FORNECIMENTO E INSTALAÇÃO. AF_04/2024","UN",18.989999999999998,0]
["Instalações Hidráulicas - Reservação e Bombas de Recalque",94694,"TÊ, PVC, SOLDÁVEL, DN 50 MM INSTALADO EM RESERVAÇÃO PREDIAL DE ÁGUA - FORNECIMENTO E INSTALAÇÃO. AF_04/2024","UN",23.59,0]
["Instalações Hidráulicas - Reservação e Bombas de Recalque",94696,"TÊ, PVC, SOLDÁVEL, DN 60 MM INSTALADO EM RESERVAÇÃO PREDIAL DE ÁGUA - FORNECIMENTO E INSTALAÇÃO. AF_04/2024","UN",49.4,0]
["Instalações Hidráulicas - Reservação e Bombas de Recalque",94697,"TÊ, PVC, SOLDÁVEL, DN 75 MM INSTALADO EM RESERVAÇÃO PREDIAL DE ÁGUA - FORNECIMENTO E INSTALAÇÃO. AF_04/2024","UN",84.57,0]
["Instalações Hidráulicas - Reservação e Bombas de Recalque",94699,"TÊ, PVC, SOLDÁVEL, DN 85 MM INSTALADO EM RESERVAÇÃO PREDIAL DE ÁGUA - FORNECIMENTO E INSTALAÇÃO. AF_04/2024","UN",111.99,0]
["Instalações Hidráulicas - Reservação e Bombas de Recalque",105167,"UNIÃO FLANGE, PPR, COM PARAFUSOS, DN 40 MM, INSTALADO EM RESERVAÇÃO PREDIAL DE ÁGUA - FORNECIMENTO E INSTALAÇÃO. AF_04/2024","UN",223.34,0.67530000000000001]
["Instalações Hidráulicas - Reservação e Bombas de Recalque",105168,"UNIÃO FLANGE, PPR, COM PARAFUSOS, DN 50 MM, INSTALADO EM RESERVAÇÃO PREDIAL DE ÁGUA - FORNECIMENTO E INSTALAÇÃO. AF_04/2024","UN",0]
["Instalações Hidráulicas - Reservação e Bombas de Recalque",105171,"UNIÃO FLANGE, PPR, COM PARAFUSOS, DN 63 MM, INSTALADO EM RESERVAÇÃO PREDIAL DE ÁGUA - FORNECIMENTO E INSTALAÇÃO. AF_04/2024","UN",0]
["Instalações Hidráulicas - Reservação e Bombas de Recalque",105191,"UNIÃO FLANGE, PPR, COM PARAFUSOS, DN 75 MM, INSTALADO EM RESERVAÇÃO PREDIAL DE ÁGUA - FORNECIMENTO E INSTALAÇÃO. AF_04/2024","UN",0]
["Instalações Hidráulicas - Reservação e Bombas de Recalque",105192,"UNIÃO FLANGE, PPR, COM PARAFUSOS, DN 90 MM, INSTALADO EM RESERVAÇÃO PREDIAL DE ÁGUA - FORNECIMENTO E INSTALAÇÃO. AF_04/2024","UN",0]
["Instalações Hidráulicas em PEX",96809,"CONEXÃO FIXA, ROSCA FÊMEA, METÁLICA, PARA INSTALAÇÕES EM PEX ÁGUA, DN 16 MM X 1/2\", COM ANEL DESLIZANTE. FORNECIMENTO E INSTALAÇÃO. AF_02/2023","UN",19.18,0.51619999999999999]
["Instalações Hidráulicas em PEX",96812,"CONEXÃO FIXA, ROSCA FÊMEA, METÁLICA, PARA INSTALAÇÕES EM PEX ÁGUA, DN 20 MM X 1/2\", COM ANEL DESLIZANTE. FORNECIMENTO E INSTALAÇÃO. AF_02/2023","UN",19.989999999999998,0.50380000000000003]
["Instalações Hidráulicas em PEX",96813,"CONEXÃO FIXA, ROSCA FÊMEA, METÁLICA, PARA INSTALAÇÕES EM PEX ÁGUA, DN 20 MM X 3/4\", COM ANEL DESLIZANTE. FORNECIMENTO E INSTALAÇÃO. AF_02/2023","UN",22.8,0.51749999999999996]
["Instalações Hidráulicas em PEX",96817,"CONEXÃO FIXA, ROSCA FÊMEA, METÁLICA, PARA INSTALAÇÕES EM PEX ÁGUA, DN 25 MM X 1\", COM ANEL DESLIZANTE - FORNECIMENTO E INSTALAÇÃO. AF_02/2023","UN",34.46,0.61839999999999995]
["Instalações Hidráulicas em PEX",96816,"CONEXÃO FIXA, ROSCA FÊMEA, METÁLICA, PARA INSTALAÇÕES EM PEX ÁGUA, DN 25 MM X 3/4\", COM ANEL DESLIZANTE - FORNECIMENTO E INSTALAÇÃO. AF_02/2023","UN",25.77,0.54210000000000003]
["Instalações Hidráulicas em PEX",96821,"CONEXÃO FIXA, ROSCA FÊMEA, METÁLICA, PARA INSTALAÇÕES EM PEX ÁGUA, DN 32 MM X 1\", COM ANEL DESLIZANTE - FORNECIMENTO E INSTALAÇÃO. AF_02/2023","UN",38.369999999999997,0.62780000000000002]
["Instalações Hidráulicas em PEX",96824,"CONEXÃO FIXA, ROSCA FÊMEA, PARA INSTALAÇÕES EM PEX ÁGUA, DN 16MM X 1/2\", CONEXÃO POR CRIMPAGEM - FORNECIMENTO E INSTALAÇÃO. AF_02/2023","UN",17.989999999999998,0.54249999999999998]
["Instalações Hidráulicas em PEX",96827,"CONEXÃO FIXA, ROSCA FÊMEA, PARA INSTALAÇÕES EM PEX ÁGUA, DN 20MM X 1/2\", CONEXÃO POR CRIMPAGEM - FORNECIMENTO E INSTALAÇÃO. AF_02/2023","UN",19.62,0.55759999999999998]
["Instalações Hidráulicas em PEX",96828,"CONEXÃO FIXA, ROSCA FÊMEA, PARA INSTALAÇÕES EM PEX ÁGUA, DN 20MM X 3/4\", CONEXÃO POR CRIMPAGEM - FORNECIMENTO E INSTALAÇÃO. AF_02/2023","UN",24.22,0.59660000000000002]
["Instalações Hidráulicas em PEX",96832,"CONEXÃO FIXA, ROSCA FÊMEA, PARA INSTALAÇÕES EM PEX ÁGUA, DN 25MM X 3/4\", CONEXÃO POR CRIMPAGEM - FORNECIMENTO E INSTALAÇÃO. AF_02/2023","UN",30.51,0.66139999999999999]
["Instalações Hidráulicas em PEX",104525,"CONEXÃO FIXA, ROSCA MACHO, PARA INSTALAÇÕES EM PEX ÁGUA, DN 16 MM X 1/2\", COM ANEL DESLIZANTE - FORNECIMENTO E INSTALAÇÃO. AF_02/2023","UN",0]
["Instalações Hidráulicas em PEX",104563,"CONEXÃO FIXA, ROSCA MACHO, PARA INSTALAÇÕES EM PEX ÁGUA, DN 16 MM X 3/4\", COM ANEL DESLIZANTE - FORNECIMENTO E INSTALAÇÃO. AF_02/2023","UN",0]
["Instalações Hidráulicas em PEX",104531,"CONEXÃO FIXA, ROSCA MACHO, PARA INSTALAÇÕES EM PEX ÁGUA, DN 20 MM X 1/2\", COM ANEL DESLIZANTE - FORNECIMENTO E INSTALAÇÃO. AF_02/2023","UN",0]
["Instalações Hidráulicas em PEX",104527,"CONEXÃO FIXA, ROSCA MACHO, PARA INSTALAÇÕES EM PEX ÁGUA, DN 20 MM X 3/4\", COM ANEL DESLIZANTE - FORNECIMENTO E INSTALAÇÃO. AF_02/2023","UN",0]
["Instalações Hidráulicas em PEX",104529,"CONEXÃO FIXA, ROSCA MACHO, PARA INSTALAÇÕES EM PEX ÁGUA, DN 25 MM X 1\", COM ANEL DESLIZANTE - FORNECIMENTO E INSTALAÇÃO. AF_02/2023","UN",0]
["Instalações Hidráulicas em PEX",104564,"CONEXÃO FIXA, ROSCA MACHO, PARA INSTALAÇÕES EM PEX ÁGUA, DN 25 MM X 1/2\", COM ANEL DESLIZANTE - FORNECIMENTO E INSTALAÇÃO. AF_02/2023","UN",0]
["Instalações Hidráulicas em PEX",104533,"CONEXÃO FIXA, ROSCA MACHO, PARA INSTALAÇÕES EM PEX ÁGUA, DN 25 MM X 3/4\", COM ANEL DESLIZANTE - FORNECIMENTO E INSTALAÇÃO. AF_02/2023","UN",0]
["Instalações Hidráulicas em PEX",104535,"CONEXÃO FIXA, ROSCA MACHO, PARA INSTALAÇÕES EM PEX ÁGUA, DN 32 MM X 1\", COM ANEL DESLIZANTE - FORNECIMENTO E INSTALAÇÃO. AF_02/2023","UN",0]
["Instalações Hidráulicas em PEX",96810,"CONEXÃO MÓVEL, ROSCA FÊMEA, METÁLICA, PARA INSTALAÇÕES EM PEX ÁGUA, DN 16 MM X 3/4\", COM ANEL DESLIZANTE. FORNECIMENTO E INSTALAÇÃO. AF_02/2023","UN",20.82,0.50239999999999996]
["Instalações Hidráulicas em PEX",104524,"CONEXÃO MÓVEL, ROSCA FÊMEA, PARA INSTALAÇÕES EM PEX ÁGUA, DN 16 MM X 1/2\", COM ANEL DESLIZANTE - FORNECIMENTO E INSTALAÇÃO. AF_02/2023","UN",0]
["Instalações Hidráulicas em PEX",104530,"CONEXÃO MÓVEL, ROSCA FÊMEA, PARA INSTALAÇÕES EM PEX ÁGUA, DN 20 MM X 1/2\", COM ANEL DESLIZANTE - FORNECIMENTO E INSTALAÇÃO. AF_02/2023","UN",0]
["Instalações Hidráulicas em PEX",104526,"CONEXÃO MÓVEL, ROSCA FÊMEA, PARA INSTALAÇÕES EM PEX ÁGUA, DN 20 MM X 3/4\", COM ANEL DESLIZANTE - FORNECIMENTO E INSTALAÇÃO. AF_02/2023","UN",0]
["Instalações Hidráulicas em PEX",104528,"CONEXÃO MÓVEL, ROSCA FÊMEA, PARA INSTALAÇÕES EM PEX ÁGUA, DN 25 MM X 1\", COM ANEL DESLIZANTE - FORNECIMENTO E INSTALAÇÃO. AF_02/2023","UN",0]
["Instalações Hidráulicas em PEX",104532,"CONEXÃO MÓVEL, ROSCA FÊMEA, PARA INSTALAÇÕES EM PEX ÁGUA, DN 25 MM X 3/4\", COM ANEL DESLIZANTE - FORNECIMENTO E INSTALAÇÃO. AF_02/2023","UN",0]
["Instalações Hidráulicas em PEX",104534,"CONEXÃO MÓVEL, ROSCA FÊMEA, PARA INSTALAÇÕES EM PEX ÁGUA, DN 32 MM X 1\", COM ANEL DESLIZANTE - FORNECIMENTO E INSTALAÇÃO. AF_02/2023","UN",0]
["Instalações Hidráulicas em PEX",96873,"DISTRIBUIDOR 2 SAÍDAS, METÁLICO, PARA INSTALAÇÕES EM PEX ÁGUA, ENTRADA DE 1\" X 2 SAÍDAS DE 1/2\", CONEXÃO POR ANEL DESLIZANTE - FORNECIMENTO E INSTALAÇÃO. AF_02/2023","UN",65.069999999999993,0.66539999999999999]
["Instalações Hidráulicas em PEX",96872,"DISTRIBUIDOR 2 SAÍDAS, METÁLICO, PARA INSTALAÇÕES EM PEX ÁGUA, ENTRADA DE 3/4\" X 2 SAÍDAS DE 1/2\", CONEXÃO POR ANEL DESLIZANTE - FORNECIMENTO E INSTALAÇÃO. AF_02/2023","UN",48.77,0.60340000000000005]
["Instalações Hidráulicas em PEX",96876,"DISTRIBUIDOR 2 SAÍDAS, PARA INSTALAÇÕES EM PEX ÁGUA, ENTRADA DE 32 MM X 2 SAÍDAS DE 16 MM, CONEXÃO POR CRIMPAGEM FORNECIMENTO E INSTALAÇÃO. AF_02/2023","UN",181.62,0.87280000000000002]
["Instalações Hidráulicas em PEX",96878,"DISTRIBUIDOR 2 SAÍDAS, PARA INSTALAÇÕES EM PEX ÁGUA, ENTRADA DE 32 MM X 2 SAÍDAS DE 25 MM, CONEXÃO POR CRIMPAGEM - FORNECIMENTO E INSTALAÇÃO. AF_02/2023","UN",203.98,0.87690000000000001]
["Instalações Hidráulicas em PEX",96875,"DISTRIBUIDOR 3 SAÍDAS, METÁLICO, PARA INSTALAÇÕES EM PEX ÁGUA, ENTRADA DE 1\" X 3 SAÍDAS DE 1/2\", CONEXÃO POR ANEL DESLIZANTE - FORNECIMENTO E INSTALAÇÃO. AF_02/2023","UN",77.98,0.67649999999999999]
["Instalações Hidráulicas em PEX",96874,"DISTRIBUIDOR 3 SAÍDAS, METÁLICO, PARA INSTALAÇÕES EM PEX ÁGUA, ENTRADA DE 3/4\" X 3 SAÍDAS DE 1/2\", CONEXÃO POR ANEL DESLIZANTE - FORNECIMENTO E INSTALAÇÃO. AF_02/2023","UN",59.33,0.61550000000000005]
["Instalações Hidráulicas em PEX",96879,"DISTRIBUIDOR 3 SAÍDAS, PARA INSTALAÇÕES EM PEX ÁGUA, ENTRADA DE 32 MM X 3 SAÍDAS DE 16 MM, CONEXÃO POR CRIMPAGEM - FORNECIMENTO E INSTALAÇÃO. AF_02/2023","UN",197.61,0.87090000000000001]
["Instalações Hidráulicas em PEX",96881,"DISTRIBUIDOR 3 SAÍDAS, PARA INSTALAÇÕES EM PEX ÁGUA, ENTRADA DE 32 MM X 3 SAÍDAS DE 25 MM, CONEXÃO POR CRIMPAGEM - FORNECIMENTO E INSTALAÇÃO. AF_02/2023","UN",234.49,0.87829999999999997]
["Instalações Hidráulicas em PEX",96837,"JOELHO 90 GRAUS, METÁLICO, PARA INSTALAÇÕES EM PEX ÁGUA, DN 16 MM, CONEXÃO POR ANEL DESLIZANTE - FORNECIMENTO E INSTALAÇÃO. AF_02/2023","UN",21.39,0.51470000000000005]
["Instalações Hidráulicas em PEX",96840,"JOELHO 90 GRAUS, METÁLICO, PARA INSTALAÇÕES EM PEX ÁGUA, DN 20 MM, CONEXÃO POR ANEL DESLIZANTE - FORNECIMENTO E INSTALAÇÃO. AF_02/2023","UN",25.82,0.52359999999999995]
["Instalações Hidráulicas em PEX",96845,"JOELHO 90 GRAUS, METÁLICO, PARA INSTALAÇÕES EM PEX ÁGUA, DN 25 MM, CONEXÃO POR ANEL DESLIZANTE - FORNECIMENTO E INSTALAÇÃO. AF_02/2023","UN",40.76,0.63939999999999997]
["Instalações Hidráulicas em PEX",96848,"JOELHO 90 GRAUS, METÁLICO, PARA INSTALAÇÕES EM PEX ÁGUA, DN 32 MM, CONEXÃO POR ANEL DESLIZANTE - FORNECIMENTO E INSTALAÇÃO. AF_02/2023","UN",54.12,0.6663]
["Instalações Hidráulicas em PEX",96849,"JOELHO 90 GRAUS, PARA INSTALAÇÕES EM PEX ÁGUA, DN 16 MM, CONEXÃO POR CRIMPAGEM - FORNECIMENTO E INSTALAÇÃO. AF_02/2023","UN",17.07,0.57589999999999997]
["Instalações Hidráulicas em PEX",96852,"JOELHO 90 GRAUS, PARA INSTALAÇÕES EM PEX ÁGUA, DN 20 MM, CONEXÃO POR CRIMPAGEM - FORNECIMENTO E INSTALAÇÃO. AF_02/2023","UN",21.74,0.60529999999999995]
["Instalações Hidráulicas em PEX",96855,"JOELHO 90 GRAUS, PARA INSTALAÇÕES EM PEX ÁGUA, DN 25 MM, CONEXÃO POR CRIMPAGEM - FORNECIMENTO E INSTALAÇÃO. AF_02/2023","UN",34.18,0.70009999999999994]
["Instalações Hidráulicas em PEX",96838,"JOELHO 90 GRAUS, ROSCA FÊMEA TERMINAL, METÁLICO, PARA INSTALAÇÕES EM PEX ÁGUA, DN 16MM X 1/2\", CONEXÃO POR ANEL DESLIZANTE - FORNECIMENTO E INSTALAÇÃO. AF_02/2023","UN",25.69,0.45850000000000002]
["Instalações Hidráulicas em PEX",96841,"JOELHO 90 GRAUS, ROSCA FÊMEA TERMINAL, METÁLICO, PARA INSTALAÇÕES EM PEX ÁGUA, DN 20 MM X 1/2\", CONEXÃO POR ANEL DESLIZANTE - FORNECIMENTO E INSTALAÇÃO. AF_02/2023","UN",28.54,0.47899999999999998]
["Instalações Hidráulicas em PEX",96842,"JOELHO 90 GRAUS, ROSCA FÊMEA TERMINAL, METÁLICO, PARA INSTALAÇÕES EM PEX ÁGUA, DN 20 MM X 3/4\", CONEXÃO POR ANEL DESLIZANTE - FORNECIMENTO E INSTALAÇÃO. AF_02/2023","UN",32.71,0.49590000000000001]
["Instalações Hidráulicas em PEX",96846,"JOELHO 90 GRAUS, ROSCA FÊMEA TERMINAL, METÁLICO, PARA INSTALAÇÕES EM PEX ÁGUA, DN 25 MM X 3/4\", CONEXÃO POR ANEL DESLIZANTE - FORNECIMENTO E INSTALAÇÃO. AF_02/2023","UN",38.18,0.53639999999999999]
["Instalações Hidráulicas em PEX",96850,"JOELHO 90 GRAUS, ROSCA FÊMEA TERMINAL, PARA INSTALAÇÕES EM PEX ÁGUA, DN 16MM X 1/2\", CONEXÃO POR CRIMPAGEM - FORNECIMENTO E INSTALAÇÃO. AF_02/2023","UN",23.98,0.48499999999999999]
["Instalações Hidráulicas em PEX",96853,"JOELHO 90 GRAUS, ROSCA FÊMEA TERMINAL, PARA INSTALAÇÕES EM PEX ÁGUA, DN 20MM X 1/2\", CONEXÃO POR CRIMPAGEM - FORNECIMENTO E INSTALAÇÃO. AF_02/2023","UN",25.78,0.495]
["Instalações Hidráulicas em PEX",96854,"JOELHO 90 GRAUS, ROSCA FÊMEA TERMINAL, PARA INSTALAÇÕES EM PEX ÁGUA, DN 20MM X 3/4\", CONEXÃO POR CRIMPAGEM - FORNECIMENTO E INSTALAÇÃO. AF_02/2023","UN",31.79,0.53949999999999998]
["Instalações Hidráulicas em PEX",104571,"JOELHO 90 GRAUS, ROSCA FÊMEA TERMINAL, PARA INSTALAÇÕES EM PEX ÁGUA, DN 25 MM X 3/4\", FIXAÇÃO DAS CONEXÕES POR CRIMPAGEM - FORNECIMENTO E INSTALAÇÃO. AF_02/2023","UN",0]
["Instalações Hidráulicas em PEX",96856,"JOELHO 90 GRAUS, ROSCA FÊMEA TERMINAL, PARA INSTALAÇÕES EM PEX ÁGUA, DN 25MM X 1/2\", CONEXÃO POR CRIMPAGEM - FORNECIMENTO E INSTALAÇÃO. AF_02/2023","UN",36.520000000000003,0.62080000000000002]
["Instalações Hidráulicas em PEX",104566,"JOELHO 90 GRAUS, ROSCA MACHO TERMINAL, PARA INSTALAÇÕES EM PEX ÁGUA, DN 16 MM X 1/2\", COM ANEL DESLIZANTE - FORNECIMENTO E INSTALAÇÃO. AF_02/2023","UN",0]
["Instalações Hidráulicas em PEX",104536,"JOELHO 90 GRAUS, ROSCA MACHO TERMINAL, PARA INSTALAÇÕES EM PEX ÁGUA, DN 20 MM X 1/2\", FIXAÇÃO DAS CONEXÕES POR CRIMPAGEM - FORNECIMENTO E INSTALAÇÃO. AF_02/2023","UN",0]
["Instalações Hidráulicas em PEX",104537,"JOELHO 90 GRAUS, ROSCA MACHO TERMINAL, PARA INSTALAÇÕES EM PEX ÁGUA, DN 20 MM X 3/4\", FIXAÇÃO DAS CONEXÕES POR CRIMPAGEM - FORNECIMENTO E INSTALAÇÃO. AF_02/2023","UN",0]
["Instalações Hidráulicas em PEX",104572,"JOELHO 90 GRAUS, ROSCA MACHO TERMINAL, PARA INSTALAÇÕES EM PEX ÁGUA, DN 25 MM X 1\", COM ANEL DESLIZANTE - FORNECIMENTO E INSTALAÇÃO. AF_02/2023","UN",0]
["Instalações Hidráulicas em PEX",104568,"JOELHO 90 GRAUS, ROSCA MACHO TERMINAL, PARA INSTALAÇÕES EM PEX ÁGUA, DN 25 MM X 1/2\", COM ANEL DESLIZANTE - FORNECIMENTO E INSTALAÇÃO. AF_02/2023","UN",0]
["Instalações Hidráulicas em PEX",104538,"JOELHO 90 GRAUS, ROSCA MACHO TERMINAL, PARA INSTALAÇÕES EM PEX ÁGUA, DN 25 MM X 3/4\", FIXAÇÃO DAS CONEXÕES POR CRIMPAGEM - FORNECIMENTO E INSTALAÇÃO. AF_02/2023","UN",0]
["Instalações Hidráulicas em PEX",104570,"JOELHO 90 GRAUS, ROSCA MACHO TERMINAL, PARA INSTALAÇÕES EM PEX ÁGUA, DN 32 MM X 1\", COM ANEL DESLIZANTE - FORNECIMENTO E INSTALAÇÃO. AF_02/2023","UN",0]
["Instalações Hidráulicas em PEX",104565,"JOELHO ROSCA FÊMEA MÓVEL, PARA INSTALAÇÕES EM PEX ÁGUA, DN 16 MM X 1/2\", COM ANEL DESLIZANTE - FORNECIMENTO E INSTALAÇÃO. AF_02/2023","UN",0]
["Instalações Hidráulicas em PEX",104567,"JOELHO ROSCA FÊMEA MÓVEL, PARA INSTALAÇÕES EM PEX ÁGUA, DN 20 MM X 1/2\", COM ANEL DESLIZANTE - FORNECIMENTO E INSTALAÇÃO. AF_02/2023","UN",0]
["Instalações Hidráulicas em PEX",104569,"JOELHO ROSCA FÊMEA MÓVEL, PARA INSTALAÇÕES EM PEX ÁGUA, DN 25 MM X 3/4\", COM ANEL DESLIZANTE - FORNECIMENTO E INSTALAÇÃO. AF_02/2023","UN",0]
["Instalações Hidráulicas em PEX",96843,"JOELHO ROSCA FÊMEA, COM BASE FIXA, METÁLICO, PARA INSTALAÇÕES EM PEX ÁGUA, DN 20MM X 1/2\", CONEXÃO POR ANEL DESLIZANTE - FORNECIMENTO E INSTALAÇÃO. AF_02/2023","UN",29.74,0.5]
["Instalações Hidráulicas em PEX",96847,"JOELHO ROSCA FÊMEA, COM BASE FIXA, METÁLICO, PARA INSTALAÇÕES EM PEX ÁGUA, DN 25MM X 3/4\", CONEXÃO POR ANEL DESLIZANTE - FORNECIMENTO E INSTALAÇÃO. AF_02/2023","UN",37.65,0.52990000000000004]
["Instalações Hidráulicas em PEX",96844,"JOELHO ROSCA FÊMEA, MÓVEL, METÁLICO, PARA INSTALAÇÕES EM PEX ÁGUA, DN 20MM X 3/4\", CONEXÃO POR ANEL DESLIZANTE - FORNECIMENTO E INSTALAÇÃO. AF_02/2023","UN",34.26,0.51870000000000005]
["Instalações Hidráulicas em PEX",96839,"JOELHO, ROSCA FÊMEA, COM BASE FIXA, METÁLICO, PARA INSTALAÇÕES EM PEX ÁGUA, DN 16MM X 1/2\", CONEXÃO POR ANEL DESLIZANTE - FORNECIMENTO E INSTALAÇÃO. AF_02/2023","UN",26.58,0.47670000000000001]
["Instalações Hidráulicas em PEX",104574,"JOELHO, ROSCA FÊMEA, COM BASE FIXA, PARA INSTALAÇÕES EM PEX ÁGUA, DN 16 MM X 3/4\", FIXAÇÃO DAS CONEXÕES POR CRIMPAGEM - FORNECIMENTO E INSTALAÇÃO. AF_02/2023","UN",0]
["Instalações Hidráulicas em PEX",104575,"JOELHO, ROSCA FÊMEA, COM BASE FIXA, PARA INSTALAÇÕES EM PEX ÁGUA, DN 20 MM X 3/4\", FIXAÇÃO DAS CONEXÕES POR CRIMPAGEM - FORNECIMENTO E INSTALAÇÃO. AF_02/2023","UN",0]
["Instalações Hidráulicas em PEX",104573,"JOELHO, ROSCA FÊMEA, COM BASE FIXA, PARA INSTALAÇÕES EM PEX ÁGUA, DN 25 MM X 1/2\", FIXAÇÃO DAS CONEXÕES POR CRIMPAGEM - FORNECIMENTO E INSTALAÇÃO. AF_02/2023","UN",0]
["Instalações Hidráulicas em PEX",96805,"KIT CHASSI PEX, PRÉ-FABRICADO, PARA CHUVEIRO, INCLUSO QUADRO METÁLICO, TUBOS, REGISTROS DE PRESSÃO E CONEXÕES POR ANEL DESLIZANTE - FORNECIMENTO E INS